{"text_format":"1","workbook":"xlsx","n_sheets":14,"sheets":["M.CÁLCULO","ORÇ_ONE","CRONOGRAMA","CATEGORIAS","COMP_BDI","DADOS","RESUMO CURVA ABC","CURVA ABC","EMOP_CONJ_03.2026","SCO_SERV_CONJ_052025","SINAPI_SERV_CONJ_052025","SICRO_02022","INS_SBC_112021","Est. Transporte"],"not_rendered":{"charts":0,"images":2,"macros":1,"external_links":0,"defined_names":2102,"comments":1,"pivot_tables":0},"unopened":[],"bounds":{"document_bytes":16777216,"sheet_cells":100000,"rows_first":2000,"rows_last":500,"rows_between":2000,"halvings":0,"cell_chars":16384,"cell_head_chars":4096},"cells_cut":0,"cells_raw":0,"read":"whole","date_system":"1900"}

{"sheet":"M.CÁLCULO","index":0,"n_rows":171,"n_cols":20,"rows_kept":171,"cut":false,"hidden":false,"merged":[[39,4,39,14],[46,4,46,14],[9,4,9,14],[15,4,15,14],[27,4,27,14],[33,4,33,14],[21,4,21,14],[19,5,19,9],[25,5,25,9],[31,5,31,9],[44,5,44,13],[0,18,4,18],[5,11,5,13],[5,14,5,15],[7,4,7,14],[0,0,0,16],[53,4,53,14],[58,5,58,13],[60,4,60,14],[65,5,65,13],[51,5,51,13],[67,4,67,14],[72,5,72,13],[74,4,74,14],[79,5,79,13],[88,4,88,14],[81,4,81,14],[86,5,86,13],[167,4,167,14],[116,4,116,14],[124,4,124,14],[132,4,132,14],[140,4,140,14],[146,4,146,14],[151,4,151,14],[156,4,156,14],[161,4,161,14],[138,1,138,5],[119,0,119,2],[122,1,122,5],[127,0,127,2],[130,1,130,5],[135,0,135,2],[91,0,91,2],[94,1,94,5],[102,1,102,5],[99,0,99,2],[111,4,111,14],[104,4,104,14],[109,5,109,13],[96,4,96,14]]}
["MEMÓRIA DE CÁLCULO",null,null,null,null,null,null,null,null,null,null,null,null,null,null,null,null,null,"NÃO MEXER NESTE DADO"]
[]
["OBRA:","CONTRATAÇÃO DE EMPRESA ESPECIALIZADA PARA ELABORAÇÃO DE PROJETOS DE INFRAESTRUTURA"]
["LOCAL:","SAQUAREMA - RJ"]
[null,null,null,null,null,null,null,null,null,null,null,"PRAZO:",12,"MESES"]
[null,null,null,null,null,null,null,null,null,null,null,"TIPO DE CONTIBUIÇÃO PREVIDENCIÁRIA:",null,null,{"$f":"IFERROR(IF(#REF!=\"-\",M.CÁLCULO!$S$6,#REF!),M.CÁLCULO!$S$6)","v":"NÃO DESONERADO"},null,null,null,"NÃO DESONERADO","DESONERADO"]
[null,null,null,null,null,null,null,null,null,null,"Io:","EMOP - MARÇO/2026"]
["ITEM","ORIGEM","CÓDIGO","CÓDIGO","DESCRIÇÃO",null,null,null,null,null,null,null,null,null,null,"QUANT.","UNIDADE"]
["1.0",null,null,{"$f":"MID(C9,1,2)","v":""},"PROJETOS",null,null,null,null,null,null,null,null,null,null,null,null,{"$f":"A9","v":"1.0"}]
["1.1","EMOP","01.016.0082-0",{"$f":"IF($T$6=\"DESONERADO\",IF($B10=\"\",\"\",IF($C10=\"\",\"\",IF($B10=\"EMOP\",VLOOKUP($C10,EMOP_CONJ_03.2026!$A:$I,6,FALSE),IF($B10=\"SINAPI\",$C10,IF($B10=\"SCO\",VLOOKUP($C10,SCO_SERV_CONJ_052025!$A:$F,6,FALSE),IF($B10=\"SBC\",$C10,IF($B10=\"COMPOSIÇÃO\",CONCATENATE($C10,\"-D\"),IF($B10=\"COTAÇÃO\",$C10)))))))),FALSE)","v":"01.016.0082-A"},{"$f":"IF($O$6=\"DESONERADO\",IF($D10=\"\",\"\",IF($B10=\"EMOP\",VLOOKUP($D10,EMOP_CONJ_03.2026!$F:$I,2,0),IF($B10=\"SCO\",VLOOKUP($D10,SCO_SERV_CONJ_052025!$F:$I,2,0),IF($B10=\"SINAPI\",VLOOKUP($D10,SINAPI_SERV_CONJ_052025!$I:$M,2,0),IF($B10=\"COMPOSIÇÃO\",VLOOKUP($D10,#REF!,3,FALSE),IF($B10=\"COTAÇÃO\",VLOOKUP($D10,#REF!,2,0),IF($B10=\"SBC\",VLOOKUP($D10,#REF!,2,0),IF($B10=\"SICRO\",VLOOKUP($D10,SICRO_02022!$F:$I,2,0),FALSE)))))))),IF($O$6=\"NÃO DESONERADO\",IF($C10=\"\",\"\",IF($B10=\"EMOP\",VLOOKUP($C10,EMOP_CONJ_03.2026!$A:$D,2,0),IF($B10=\"SCO\",VLOOKUP($C10,SCO_SERV_CONJ_052025!$A:$D,2,0),IF($B10=\"SINAPI\",VLOOKUP($C10,SINAPI_SERV_CONJ_052025!$I:$L,2,0),IF($B10=\"COMPOSIÇÃO\",VLOOKUP($C10,#REF!,3,0),IF($B10=\"COTAÇÃO\",VLOOKUP($C10,#REF!,2,0),IF($B10=\"SBC\",VLOOKUP($C10,#REF!,2,0),IF($B10=\"SICRO\",VLOOKUP($C10,SICRO_02022!$A:$D,2,0),FALSE))))))))))","v":"LEVANTAMENTO PLANIALTIMETRICO CADASTRAL DE AREA URBANA OU SUBURBANA,DESTINADA A REGULARIZACAO FUNDIARIA,PROJETOS VIARIOSE DE INFRAESTRUTURA,URBANIZAZAO E ASSEMELHADOS,UTILIZANDO POLIGONAL III PAC,DESENHO NA ESCALA DE 1:250 A 1:100 EM AREASMEDIANAMENTE OCUPADAS(ATE 50% DAS QUADRAS),EM AREAS ACIMA DE10000M2"},null,null,null,null,null,null,null,null,null,null,{"$f":"J14","v":840000},{"$f":"IF($O$6=\"DESONERADO\",IF($D10=\"\",\"\",IF($B10=\"EMOP\",VLOOKUP($D10,EMOP_CONJ_03.2026!$F:$I,3,0),IF($B10=\"SCO\",VLOOKUP($D10,SCO_SERV_CONJ_052025!$F:$I,3,0),IF($B10=\"SINAPI\",VLOOKUP($D10,SINAPI_SERV_CONJ_052025!$I:$M,3,0),IF($B10=\"COMPOSIÇÃO\",VLOOKUP($D10,#REF!,7,0),IF($B10=\"COTAÇÃO\",VLOOKUP($D10,#REF!,5,0),IF($B10=\"SBC\",VLOOKUP($D10,#REF!,3,0),FALSE))))))),IF($O$6=\"NÃO DESONERADO\",IF($C10=\"\",\"\",IF($B10=\"EMOP\",VLOOKUP($C10,EMOP_CONJ_03.2026!$A:$D,3,0),IF($B10=\"SCO\",VLOOKUP($C10,SCO_SERV_CONJ_052025!$A:$D,3,0),IF($B10=\"SINAPI\",VLOOKUP($C10,SINAPI_SERV_CONJ_052025!$I:$L,3,0),IF($B10=\"COMPOSIÇÃO\",VLOOKUP($C10,#REF!,7,0),IF($B10=\"COTAÇÃO\",VLOOKUP($C10,#REF!,5,0),IF($B10=\"SBC\",VLOOKUP($C10,#REF!,3,0),IF($B10=\"SICRO\",VLOOKUP($C10,SICRO_02022!$A:$D,3,0),FALSE))))))))))","v":"M2"},null,70000,"Mudar aqui"]
[]
[null,null,null,null,null,"Levantamento Topográfico"]
[null,null,null,null,null,"Extensão (m)",null,"Largura (m)",null,"Total (m²)"]
[null,null,null,null,null,{"$f":"S10","v":70000},"x",12,"=",{"$f":"TRUNC(F14*H14,2)","v":840000}]
[]
["1.2","EMOP","01.050.0157-0",{"$f":"IF($T$6=\"DESONERADO\",IF($B16=\"\",\"\",IF($C16=\"\",\"\",IF($B16=\"EMOP\",VLOOKUP($C16,EMOP_CONJ_03.2026!$A:$I,6,FALSE),IF($B16=\"SINAPI\",$C16,IF($B16=\"SCO\",VLOOKUP($C16,SCO_SERV_CONJ_052025!$A:$F,6,FALSE),IF($B16=\"SBC\",$C16,IF($B16=\"COMPOSIÇÃO\",CONCATENATE($C16,\"-D\"),IF($B16=\"COTAÇÃO\",$C16)))))))),FALSE)","v":"01.050.0157-A"},{"$f":"IF($O$6=\"DESONERADO\",IF($D16=\"\",\"\",IF($B16=\"EMOP\",VLOOKUP($D16,EMOP_CONJ_03.2026!$F:$I,2,0),IF($B16=\"SCO\",VLOOKUP($D16,SCO_SERV_CONJ_052025!$F:$I,2,0),IF($B16=\"SINAPI\",VLOOKUP($D16,SINAPI_SERV_CONJ_052025!$I:$M,2,0),IF($B16=\"COMPOSIÇÃO\",VLOOKUP($D16,#REF!,3,FALSE),IF($B16=\"COTAÇÃO\",VLOOKUP($D16,#REF!,2,0),IF($B16=\"SBC\",VLOOKUP($D16,#REF!,2,0),IF($B16=\"SICRO\",VLOOKUP($D16,SICRO_02022!$F:$I,2,0),FALSE)))))))),IF($O$6=\"NÃO DESONERADO\",IF($C16=\"\",\"\",IF($B16=\"EMOP\",VLOOKUP($C16,EMOP_CONJ_03.2026!$A:$D,2,0),IF($B16=\"SCO\",VLOOKUP($C16,SCO_SERV_CONJ_052025!$A:$D,2,0),IF($B16=\"SINAPI\",VLOOKUP($C16,SINAPI_SERV_CONJ_052025!$I:$L,2,0),IF($B16=\"COMPOSIÇÃO\",VLOOKUP($C16,#REF!,3,0),IF($B16=\"COTAÇÃO\",VLOOKUP($C16,#REF!,2,0),IF($B16=\"SBC\",VLOOKUP($C16,#REF!,2,0),IF($B16=\"SICRO\",VLOOKUP($C16,SICRO_02022!$A:$D,2,0),FALSE))))))))))","v":"PROJETO EXECUTIVO DE SISTEMA DE DRENAGEM ACIMA DE 20.000M2,APRESENTADO NOS PADROES DA CONTRATANTE"},null,null,null,null,null,null,null,null,null,null,{"$f":"J19","v":3500000},{"$f":"IF($O$6=\"DESONERADO\",IF($D16=\"\",\"\",IF($B16=\"EMOP\",VLOOKUP($D16,EMOP_CONJ_03.2026!$F:$I,3,0),IF($B16=\"SCO\",VLOOKUP($D16,SCO_SERV_CONJ_052025!$F:$I,3,0),IF($B16=\"SINAPI\",VLOOKUP($D16,SINAPI_SERV_CONJ_052025!$I:$M,3,0),IF($B16=\"COMPOSIÇÃO\",VLOOKUP($D16,#REF!,7,0),IF($B16=\"COTAÇÃO\",VLOOKUP($D16,#REF!,5,0),IF($B16=\"SBC\",VLOOKUP($D16,#REF!,3,0),FALSE))))))),IF($O$6=\"NÃO DESONERADO\",IF($C16=\"\",\"\",IF($B16=\"EMOP\",VLOOKUP($C16,EMOP_CONJ_03.2026!$A:$D,3,0),IF($B16=\"SCO\",VLOOKUP($C16,SCO_SERV_CONJ_052025!$A:$D,3,0),IF($B16=\"SINAPI\",VLOOKUP($C16,SINAPI_SERV_CONJ_052025!$I:$L,3,0),IF($B16=\"COMPOSIÇÃO\",VLOOKUP($C16,#REF!,7,0),IF($B16=\"COTAÇÃO\",VLOOKUP($C16,#REF!,5,0),IF($B16=\"SBC\",VLOOKUP($C16,#REF!,3,0),IF($B16=\"SICRO\",VLOOKUP($C16,SICRO_02022!$A:$D,3,0),FALSE))))))))))","v":"M2"}]
[]
[null,null,null,null,null,"Extensão (m)",null,"Largura (m)",null,"Total (m²)"]
[null,null,null,null,null,{"$f":"F14","v":70000},"x",50,"=",{"$f":"TRUNC(F19*H19,2)","v":3500000}]
[null,null,null,null,null,"Obs: Largura da bacia hidrográfica= 50m."]
[]
["1.3","EMOP","01.050.0165-0",{"$f":"IF($T$6=\"DESONERADO\",IF($B22=\"\",\"\",IF($C22=\"\",\"\",IF($B22=\"EMOP\",VLOOKUP($C22,EMOP_CONJ_03.2026!$A:$I,6,FALSE),IF($B22=\"SINAPI\",$C22,IF($B22=\"SCO\",VLOOKUP($C22,SCO_SERV_CONJ_052025!$A:$F,6,FALSE),IF($B22=\"SBC\",$C22,IF($B22=\"COMPOSIÇÃO\",CONCATENATE($C22,\"-D\"),IF($B22=\"COTAÇÃO\",$C22)))))))),FALSE)","v":"01.050.0165-A"},{"$f":"IF($O$6=\"DESONERADO\",IF($D22=\"\",\"\",IF($B22=\"EMOP\",VLOOKUP($D22,EMOP_CONJ_03.2026!$F:$I,2,0),IF($B22=\"SCO\",VLOOKUP($D22,SCO_SERV_CONJ_052025!$F:$I,2,0),IF($B22=\"SINAPI\",VLOOKUP($D22,SINAPI_SERV_CONJ_052025!$I:$M,2,0),IF($B22=\"COMPOSIÇÃO\",VLOOKUP($D22,#REF!,3,FALSE),IF($B22=\"COTAÇÃO\",VLOOKUP($D22,#REF!,2,0),IF($B22=\"SBC\",VLOOKUP($D22,#REF!,2,0),IF($B22=\"SICRO\",VLOOKUP($D22,SICRO_02022!$F:$I,2,0),FALSE)))))))),IF($O$6=\"NÃO DESONERADO\",IF($C22=\"\",\"\",IF($B22=\"EMOP\",VLOOKUP($C22,EMOP_CONJ_03.2026!$A:$D,2,0),IF($B22=\"SCO\",VLOOKUP($C22,SCO_SERV_CONJ_052025!$A:$D,2,0),IF($B22=\"SINAPI\",VLOOKUP($C22,SINAPI_SERV_CONJ_052025!$I:$L,2,0),IF($B22=\"COMPOSIÇÃO\",VLOOKUP($C22,#REF!,3,0),IF($B22=\"COTAÇÃO\",VLOOKUP($C22,#REF!,2,0),IF($B22=\"SBC\",VLOOKUP($C22,#REF!,2,0),IF($B22=\"SICRO\",VLOOKUP($C22,SICRO_02022!$A:$D,2,0),FALSE))))))))))","v":"PROJETO EXECUTIVO PARA URBANIZACAO/REURBANIZACAO (GEOMETRICO,CORTES E DETALHES) PARA TRATAMENTO PAISAGISTICO DE AREAS PUBLICAS,APRESENTADO NOS PADROES DA CONTRATANTE,INCLUSIVE AS OPERACOES PERTINENTES E A COORDENACAO DOS PROJETOS COMPLEMENTARES"},null,null,null,null,null,null,null,null,null,null,{"$f":"L25","v":70},{"$f":"IF($O$6=\"DESONERADO\",IF($D22=\"\",\"\",IF($B22=\"EMOP\",VLOOKUP($D22,EMOP_CONJ_03.2026!$F:$I,3,0),IF($B22=\"SCO\",VLOOKUP($D22,SCO_SERV_CONJ_052025!$F:$I,3,0),IF($B22=\"SINAPI\",VLOOKUP($D22,SINAPI_SERV_CONJ_052025!$I:$M,3,0),IF($B22=\"COMPOSIÇÃO\",VLOOKUP($D22,#REF!,7,0),IF($B22=\"COTAÇÃO\",VLOOKUP($D22,#REF!,5,0),IF($B22=\"SBC\",VLOOKUP($D22,#REF!,3,0),FALSE))))))),IF($O$6=\"NÃO DESONERADO\",IF($C22=\"\",\"\",IF($B22=\"EMOP\",VLOOKUP($C22,EMOP_CONJ_03.2026!$A:$D,3,0),IF($B22=\"SCO\",VLOOKUP($C22,SCO_SERV_CONJ_052025!$A:$D,3,0),IF($B22=\"SINAPI\",VLOOKUP($C22,SINAPI_SERV_CONJ_052025!$I:$L,3,0),IF($B22=\"COMPOSIÇÃO\",VLOOKUP($C22,#REF!,7,0),IF($B22=\"COTAÇÃO\",VLOOKUP($C22,#REF!,5,0),IF($B22=\"SBC\",VLOOKUP($C22,#REF!,3,0),IF($B22=\"SICRO\",VLOOKUP($C22,SICRO_02022!$A:$D,3,0),FALSE))))))))))","v":"HA"}]
[]
[null,null,null,null,null,"Extensão (m)",null,"Largura (m)",null,"Fator (ha)",null,"Total (ha)"]
[null,null,null,null,null,{"$f":"F14","v":70000},"x",10,"/",10000,"=",{"$f":"TRUNC((F25*H25)/J25,2)","v":70}]
[null,null,null,null,null,"Obs: Largura média de muro a muro= 10m."]
[]
["1.4","EMOP","01.050.0300-0",{"$f":"IF($T$6=\"DESONERADO\",IF($B28=\"\",\"\",IF($C28=\"\",\"\",IF($B28=\"EMOP\",VLOOKUP($C28,EMOP_CONJ_03.2026!$A:$I,6,FALSE),IF($B28=\"SINAPI\",$C28,IF($B28=\"SCO\",VLOOKUP($C28,SCO_SERV_CONJ_052025!$A:$F,6,FALSE),IF($B28=\"SBC\",$C28,IF($B28=\"COMPOSIÇÃO\",CONCATENATE($C28,\"-D\"),IF($B28=\"COTAÇÃO\",$C28)))))))),FALSE)","v":"01.050.0300-A"},{"$f":"IF($O$6=\"DESONERADO\",IF($D28=\"\",\"\",IF($B28=\"EMOP\",VLOOKUP($D28,EMOP_CONJ_03.2026!$F:$I,2,0),IF($B28=\"SCO\",VLOOKUP($D28,SCO_SERV_CONJ_052025!$F:$I,2,0),IF($B28=\"SINAPI\",VLOOKUP($D28,SINAPI_SERV_CONJ_052025!$I:$M,2,0),IF($B28=\"COMPOSIÇÃO\",VLOOKUP($D28,#REF!,3,FALSE),IF($B28=\"COTAÇÃO\",VLOOKUP($D28,#REF!,2,0),IF($B28=\"SBC\",VLOOKUP($D28,#REF!,2,0),IF($B28=\"SICRO\",VLOOKUP($D28,SICRO_02022!$F:$I,2,0),FALSE)))))))),IF($O$6=\"NÃO DESONERADO\",IF($C28=\"\",\"\",IF($B28=\"EMOP\",VLOOKUP($C28,EMOP_CONJ_03.2026!$A:$D,2,0),IF($B28=\"SCO\",VLOOKUP($C28,SCO_SERV_CONJ_052025!$A:$D,2,0),IF($B28=\"SINAPI\",VLOOKUP($C28,SINAPI_SERV_CONJ_052025!$I:$L,2,0),IF($B28=\"COMPOSIÇÃO\",VLOOKUP($C28,#REF!,3,0),IF($B28=\"COTAÇÃO\",VLOOKUP($C28,#REF!,2,0),IF($B28=\"SBC\",VLOOKUP($C28,#REF!,2,0),IF($B28=\"SICRO\",VLOOKUP($C28,SICRO_02022!$A:$D,2,0),FALSE))))))))))","v":"RELATORIO FINAL DE OBRAS OU SERVICOS DE ENGENHARIA,REGISTROFOTOGRAFICO DOS SERVICOS,ACOMPANHADO DE LEGENDAS E INDICACAODA LOCALIZACAO,INFORMACOES CONTRATUAIS,PLANILHA ORCAMENTARIA E DESCRICAO DO ESCOPO DOS SERVICOS REALIZADOS,CONF.RECOMENDACOES E ESPECIFICACOES DO ORGAO CONTRATANTE.O ITEM DEVERA SER MEDIDO PELO NUMERO PRANCHAS ORIGINAIS COMPOE RELATORIO"},null,null,null,null,null,null,null,null,null,null,{"$f":"J31","v":630},{"$f":"IF($O$6=\"DESONERADO\",IF($D28=\"\",\"\",IF($B28=\"EMOP\",VLOOKUP($D28,EMOP_CONJ_03.2026!$F:$I,3,0),IF($B28=\"SCO\",VLOOKUP($D28,SCO_SERV_CONJ_052025!$F:$I,3,0),IF($B28=\"SINAPI\",VLOOKUP($D28,SINAPI_SERV_CONJ_052025!$I:$M,3,0),IF($B28=\"COMPOSIÇÃO\",VLOOKUP($D28,#REF!,7,0),IF($B28=\"COTAÇÃO\",VLOOKUP($D28,#REF!,5,0),IF($B28=\"SBC\",VLOOKUP($D28,#REF!,3,0),FALSE))))))),IF($O$6=\"NÃO DESONERADO\",IF($C28=\"\",\"\",IF($B28=\"EMOP\",VLOOKUP($C28,EMOP_CONJ_03.2026!$A:$D,3,0),IF($B28=\"SCO\",VLOOKUP($C28,SCO_SERV_CONJ_052025!$A:$D,3,0),IF($B28=\"SINAPI\",VLOOKUP($C28,SINAPI_SERV_CONJ_052025!$I:$L,3,0),IF($B28=\"COMPOSIÇÃO\",VLOOKUP($C28,#REF!,7,0),IF($B28=\"COTAÇÃO\",VLOOKUP($C28,#REF!,5,0),IF($B28=\"SBC\",VLOOKUP($C28,#REF!,3,0),IF($B28=\"SICRO\",VLOOKUP($C28,SICRO_02022!$A:$D,3,0),FALSE))))))))))","v":"UN"}]
[]
[null,null,null,null,null,"Extensão (Km)",null,"Pranchas (Un)",null,"Total (un)"]
[null,null,null,null,null,{"$f":"F14/1000","v":70},"x",9,"=",{"$f":"TRUNC(F31*H31,2)","v":630}]
[null,null,null,null,null,"Obs: Número de pranchas por Km de projeto= 9 unid."]
[]
["1.5","EMOP","01.050.0724-0",{"$f":"IF($T$6=\"DESONERADO\",IF($B34=\"\",\"\",IF($C34=\"\",\"\",IF($B34=\"EMOP\",VLOOKUP($C34,EMOP_CONJ_03.2026!$A:$I,6,FALSE),IF($B34=\"SINAPI\",$C34,IF($B34=\"SCO\",VLOOKUP($C34,SCO_SERV_CONJ_052025!$A:$F,6,FALSE),IF($B34=\"SBC\",$C34,IF($B34=\"COMPOSIÇÃO\",CONCATENATE($C34,\"-D\"),IF($B34=\"COTAÇÃO\",$C34)))))))),FALSE)","v":"01.050.0724-A"},{"$f":"IF($O$6=\"DESONERADO\",IF($D34=\"\",\"\",IF($B34=\"EMOP\",VLOOKUP($D34,EMOP_CONJ_03.2026!$F:$I,2,0),IF($B34=\"SCO\",VLOOKUP($D34,SCO_SERV_CONJ_052025!$F:$I,2,0),IF($B34=\"SINAPI\",VLOOKUP($D34,SINAPI_SERV_CONJ_052025!$I:$M,2,0),IF($B34=\"COMPOSIÇÃO\",VLOOKUP($D34,#REF!,3,FALSE),IF($B34=\"COTAÇÃO\",VLOOKUP($D34,#REF!,2,0),IF($B34=\"SBC\",VLOOKUP($D34,#REF!,2,0),IF($B34=\"SICRO\",VLOOKUP($D34,SICRO_02022!$F:$I,2,0),FALSE)))))))),IF($O$6=\"NÃO DESONERADO\",IF($C34=\"\",\"\",IF($B34=\"EMOP\",VLOOKUP($C34,EMOP_CONJ_03.2026!$A:$D,2,0),IF($B34=\"SCO\",VLOOKUP($C34,SCO_SERV_CONJ_052025!$A:$D,2,0),IF($B34=\"SINAPI\",VLOOKUP($C34,SINAPI_SERV_CONJ_052025!$I:$L,2,0),IF($B34=\"COMPOSIÇÃO\",VLOOKUP($C34,#REF!,3,0),IF($B34=\"COTAÇÃO\",VLOOKUP($C34,#REF!,2,0),IF($B34=\"SBC\",VLOOKUP($C34,#REF!,2,0),IF($B34=\"SICRO\",VLOOKUP($C34,SICRO_02022!$A:$D,2,0),FALSE))))))))))","v":"MAO-DE-OBRA DE CONSULTOR,PARA SERVICOS DE CONSULTORIA DE ENGENHARIA E ARQUITETURA,INCLUSIVE ENCARGOS SOCIAIS"},null,null,null,null,null,null,null,null,null,null,{"$f":"L37","v":12},{"$f":"IF($O$6=\"DESONERADO\",IF($D34=\"\",\"\",IF($B34=\"EMOP\",VLOOKUP($D34,EMOP_CONJ_03.2026!$F:$I,3,0),IF($B34=\"SCO\",VLOOKUP($D34,SCO_SERV_CONJ_052025!$F:$I,3,0),IF($B34=\"SINAPI\",VLOOKUP($D34,SINAPI_SERV_CONJ_052025!$I:$M,3,0),IF($B34=\"COMPOSIÇÃO\",VLOOKUP($D34,#REF!,7,0),IF($B34=\"COTAÇÃO\",VLOOKUP($D34,#REF!,5,0),IF($B34=\"SBC\",VLOOKUP($D34,#REF!,3,0),FALSE))))))),IF($O$6=\"NÃO DESONERADO\",IF($C34=\"\",\"\",IF($B34=\"EMOP\",VLOOKUP($C34,EMOP_CONJ_03.2026!$A:$D,3,0),IF($B34=\"SCO\",VLOOKUP($C34,SCO_SERV_CONJ_052025!$A:$D,3,0),IF($B34=\"SINAPI\",VLOOKUP($C34,SINAPI_SERV_CONJ_052025!$I:$L,3,0),IF($B34=\"COMPOSIÇÃO\",VLOOKUP($C34,#REF!,7,0),IF($B34=\"COTAÇÃO\",VLOOKUP($C34,#REF!,5,0),IF($B34=\"SBC\",VLOOKUP($C34,#REF!,3,0),IF($B34=\"SICRO\",VLOOKUP($C34,SICRO_02022!$A:$D,3,0),FALSE))))))))))","v":"MES"}]
[]
[null,null,null,null,null,"Quantidade (un)",null,"Meses",null,"Dedicação mensal (%)",null,"Total (mês)"]
[null,null,null,null,null,1,"x",12,"x",1,"=",{"$f":"TRUNC(F37*H37*J37,2)","v":12}]
[]
["2.0",null,null,{"$f":"MID(C39,1,2)","v":""},"CONTROLE TECNOLÓGICO",null,null,null,null,null,null,null,null,null,null,null,null,"2.0"]
["2.1","EMOP","01.001.0040-0",{"$f":"IF($T$6=\"DESONERADO\",IF($B40=\"\",\"\",IF($C40=\"\",\"\",IF($B40=\"EMOP\",VLOOKUP($C40,EMOP_CONJ_03.2026!$A:$I,6,FALSE),IF($B40=\"SINAPI\",$C40,IF($B40=\"SCO\",VLOOKUP($C40,SCO_SERV_CONJ_052025!$A:$F,6,FALSE),IF($B40=\"SBC\",$C40,IF($B40=\"COMPOSIÇÃO\",CONCATENATE($C40,\"-D\"),IF($B40=\"COTAÇÃO\",$C40)))))))),FALSE)","v":"01.001.0040-A"},{"$f":"IF($O$6=\"DESONERADO\",IF($D40=\"\",\"\",IF($B40=\"EMOP\",VLOOKUP($D40,EMOP_CONJ_03.2026!$F:$I,2,0),IF($B40=\"SCO\",VLOOKUP($D40,SCO_SERV_CONJ_052025!$F:$I,2,0),IF($B40=\"SINAPI\",VLOOKUP($D40,SINAPI_SERV_CONJ_052025!$I:$M,2,0),IF($B40=\"COMPOSIÇÃO\",VLOOKUP($D40,#REF!,3,FALSE),IF($B40=\"COTAÇÃO\",VLOOKUP($D40,#REF!,2,0),IF($B40=\"SBC\",VLOOKUP($D40,#REF!,2,0),IF($B40=\"SICRO\",VLOOKUP($D40,SICRO_02022!$F:$I,2,0),FALSE)))))))),IF($O$6=\"NÃO DESONERADO\",IF($C40=\"\",\"\",IF($B40=\"EMOP\",VLOOKUP($C40,EMOP_CONJ_03.2026!$A:$D,2,0),IF($B40=\"SCO\",VLOOKUP($C40,SCO_SERV_CONJ_052025!$A:$D,2,0),IF($B40=\"SINAPI\",VLOOKUP($C40,SINAPI_SERV_CONJ_052025!$I:$L,2,0),IF($B40=\"COMPOSIÇÃO\",VLOOKUP($C40,#REF!,3,0),IF($B40=\"COTAÇÃO\",VLOOKUP($C40,#REF!,2,0),IF($B40=\"SBC\",VLOOKUP($C40,#REF!,2,0),IF($B40=\"SICRO\",VLOOKUP($C40,SICRO_02022!$A:$D,2,0),FALSE))))))))))","v":"SONDAGEM MANUAL,COM TRADO CAVADEIRA,POR METRO LINEAR OU FRACAO"},null,null,null,null,null,null,null,null,null,null,{"$f":"N43","v":466},{"$f":"IF($O$6=\"DESONERADO\",IF($D40=\"\",\"\",IF($B40=\"EMOP\",VLOOKUP($D40,EMOP_CONJ_03.2026!$F:$I,3,0),IF($B40=\"SCO\",VLOOKUP($D40,SCO_SERV_CONJ_052025!$F:$I,3,0),IF($B40=\"SINAPI\",VLOOKUP($D40,SINAPI_SERV_CONJ_052025!$I:$M,3,0),IF($B40=\"COMPOSIÇÃO\",VLOOKUP($D40,#REF!,7,0),IF($B40=\"COTAÇÃO\",VLOOKUP($D40,#REF!,5,0),IF($B40=\"SBC\",VLOOKUP($D40,#REF!,3,0),FALSE))))))),IF($O$6=\"NÃO DESONERADO\",IF($C40=\"\",\"\",IF($B40=\"EMOP\",VLOOKUP($C40,EMOP_CONJ_03.2026!$A:$D,3,0),IF($B40=\"SCO\",VLOOKUP($C40,SCO_SERV_CONJ_052025!$A:$D,3,0),IF($B40=\"SINAPI\",VLOOKUP($C40,SINAPI_SERV_CONJ_052025!$I:$L,3,0),IF($B40=\"COMPOSIÇÃO\",VLOOKUP($C40,#REF!,7,0),IF($B40=\"COTAÇÃO\",VLOOKUP($C40,#REF!,5,0),IF($B40=\"SBC\",VLOOKUP($C40,#REF!,3,0),IF($B40=\"SICRO\",VLOOKUP($C40,SICRO_02022!$A:$D,3,0),FALSE))))))))))","v":"M"}]
[]
[null,null,null,null,null,"Extensão (m)",null,"Espaçamento (m)",null,"Furos (un)",null,"Profundidade (m)",null,"Total (m)"]
[null,null,null,null,null,{"$f":"F14","v":70000},"/",150,"=",{"$f":"TRUNC(F43/H43,0)","v":466},"x",1,"=",{"$f":"TRUNC(J43*L43,2)","v":466}]
[]
[null,null,null,null,null,"Obs: 1 furo de sondagem com 1 metro de profundidade a cada 150m."]
[]
["2.2","EMOP","01.001.0042-0",{"$f":"IF($T$6=\"DESONERADO\",IF($B47=\"\",\"\",IF($C47=\"\",\"\",IF($B47=\"EMOP\",VLOOKUP($C47,EMOP_CONJ_03.2026!$A:$I,6,FALSE),IF($B47=\"SINAPI\",$C47,IF($B47=\"SCO\",VLOOKUP($C47,SCO_SERV_CONJ_052025!$A:$F,6,FALSE),IF($B47=\"SBC\",$C47,IF($B47=\"COMPOSIÇÃO\",CONCATENATE($C47,\"-D\"),IF($B47=\"COTAÇÃO\",$C47)))))))),FALSE)","v":"01.001.0042-A"},{"$f":"IF($O$6=\"DESONERADO\",IF($D47=\"\",\"\",IF($B47=\"EMOP\",VLOOKUP($D47,EMOP_CONJ_03.2026!$F:$I,2,0),IF($B47=\"SCO\",VLOOKUP($D47,SCO_SERV_CONJ_052025!$F:$I,2,0),IF($B47=\"SINAPI\",VLOOKUP($D47,SINAPI_SERV_CONJ_052025!$I:$M,2,0),IF($B47=\"COMPOSIÇÃO\",VLOOKUP($D47,#REF!,3,FALSE),IF($B47=\"COTAÇÃO\",VLOOKUP($D47,#REF!,2,0),IF($B47=\"SBC\",VLOOKUP($D47,#REF!,2,0),IF($B47=\"SICRO\",VLOOKUP($D47,SICRO_02022!$F:$I,2,0),FALSE)))))))),IF($O$6=\"NÃO DESONERADO\",IF($C47=\"\",\"\",IF($B47=\"EMOP\",VLOOKUP($C47,EMOP_CONJ_03.2026!$A:$D,2,0),IF($B47=\"SCO\",VLOOKUP($C47,SCO_SERV_CONJ_052025!$A:$D,2,0),IF($B47=\"SINAPI\",VLOOKUP($C47,SINAPI_SERV_CONJ_052025!$I:$L,2,0),IF($B47=\"COMPOSIÇÃO\",VLOOKUP($C47,#REF!,3,0),IF($B47=\"COTAÇÃO\",VLOOKUP($C47,#REF!,2,0),IF($B47=\"SBC\",VLOOKUP($C47,#REF!,2,0),IF($B47=\"SICRO\",VLOOKUP($C47,SICRO_02022!$A:$D,2,0),FALSE))))))))))","v":"SONDAGEM MANUAL,COM PA E PICARETA,POR METRO LINEAR OU FRACAO"},null,null,null,null,null,null,null,null,null,null,{"$f":"N50","v":233},{"$f":"IF($O$6=\"DESONERADO\",IF($D47=\"\",\"\",IF($B47=\"EMOP\",VLOOKUP($D47,EMOP_CONJ_03.2026!$F:$I,3,0),IF($B47=\"SCO\",VLOOKUP($D47,SCO_SERV_CONJ_052025!$F:$I,3,0),IF($B47=\"SINAPI\",VLOOKUP($D47,SINAPI_SERV_CONJ_052025!$I:$M,3,0),IF($B47=\"COMPOSIÇÃO\",VLOOKUP($D47,#REF!,7,0),IF($B47=\"COTAÇÃO\",VLOOKUP($D47,#REF!,5,0),IF($B47=\"SBC\",VLOOKUP($D47,#REF!,3,0),FALSE))))))),IF($O$6=\"NÃO DESONERADO\",IF($C47=\"\",\"\",IF($B47=\"EMOP\",VLOOKUP($C47,EMOP_CONJ_03.2026!$A:$D,3,0),IF($B47=\"SCO\",VLOOKUP($C47,SCO_SERV_CONJ_052025!$A:$D,3,0),IF($B47=\"SINAPI\",VLOOKUP($C47,SINAPI_SERV_CONJ_052025!$I:$L,3,0),IF($B47=\"COMPOSIÇÃO\",VLOOKUP($C47,#REF!,7,0),IF($B47=\"COTAÇÃO\",VLOOKUP($C47,#REF!,5,0),IF($B47=\"SBC\",VLOOKUP($C47,#REF!,3,0),IF($B47=\"SICRO\",VLOOKUP($C47,SICRO_02022!$A:$D,3,0),FALSE))))))))))","v":"M"}]
[]
[null,null,null,null,null,"Extensão (m)",null,"Espaçamento (m)",null,"Furos (un)",null,"Profundidade (m)",null,"Total (m)"]
[null,null,null,null,null,{"$f":"F14","v":70000},"/",150,"=",{"$f":"TRUNC(F50/H50,0)","v":466},"x",0.5,"=",{"$f":"TRUNC(J50*L50,2)","v":233}]
[]
[null,null,null,null,null,"Obs: 1 furo de sondagem com 0,50 metro de profundidade a cada 150m."]
[]
["2.3","EMOP","01.001.0060-0",{"$f":"IF($T$6=\"DESONERADO\",IF($B54=\"\",\"\",IF($C54=\"\",\"\",IF($B54=\"EMOP\",VLOOKUP($C54,EMOP_CONJ_03.2026!$A:$I,6,FALSE),IF($B54=\"SINAPI\",$C54,IF($B54=\"SCO\",VLOOKUP($C54,SCO_SERV_CONJ_052025!$A:$F,6,FALSE),IF($B54=\"SBC\",$C54,IF($B54=\"COMPOSIÇÃO\",CONCATENATE($C54,\"-D\"),IF($B54=\"COTAÇÃO\",$C54)))))))),FALSE)","v":"01.001.0060-A"},{"$f":"IF($O$6=\"DESONERADO\",IF($D54=\"\",\"\",IF($B54=\"EMOP\",VLOOKUP($D54,EMOP_CONJ_03.2026!$F:$I,2,0),IF($B54=\"SCO\",VLOOKUP($D54,SCO_SERV_CONJ_052025!$F:$I,2,0),IF($B54=\"SINAPI\",VLOOKUP($D54,SINAPI_SERV_CONJ_052025!$I:$M,2,0),IF($B54=\"COMPOSIÇÃO\",VLOOKUP($D54,#REF!,3,FALSE),IF($B54=\"COTAÇÃO\",VLOOKUP($D54,#REF!,2,0),IF($B54=\"SBC\",VLOOKUP($D54,#REF!,2,0),IF($B54=\"SICRO\",VLOOKUP($D54,SICRO_02022!$F:$I,2,0),FALSE)))))))),IF($O$6=\"NÃO DESONERADO\",IF($C54=\"\",\"\",IF($B54=\"EMOP\",VLOOKUP($C54,EMOP_CONJ_03.2026!$A:$D,2,0),IF($B54=\"SCO\",VLOOKUP($C54,SCO_SERV_CONJ_052025!$A:$D,2,0),IF($B54=\"SINAPI\",VLOOKUP($C54,SINAPI_SERV_CONJ_052025!$I:$L,2,0),IF($B54=\"COMPOSIÇÃO\",VLOOKUP($C54,#REF!,3,0),IF($B54=\"COTAÇÃO\",VLOOKUP($C54,#REF!,2,0),IF($B54=\"SBC\",VLOOKUP($C54,#REF!,2,0),IF($B54=\"SICRO\",VLOOKUP($C54,SICRO_02022!$A:$D,2,0),FALSE))))))))))","v":"AMOSTRA DE SOLO - PREPARACAO PARA ENSAIOS DE COMPACTACAO E ENSAIOS DE CARACTERIZACAO"},null,null,null,null,null,null,null,null,null,null,{"$f":"J57","v":155},{"$f":"IF($O$6=\"DESONERADO\",IF($D54=\"\",\"\",IF($B54=\"EMOP\",VLOOKUP($D54,EMOP_CONJ_03.2026!$F:$I,3,0),IF($B54=\"SCO\",VLOOKUP($D54,SCO_SERV_CONJ_052025!$F:$I,3,0),IF($B54=\"SINAPI\",VLOOKUP($D54,SINAPI_SERV_CONJ_052025!$I:$M,3,0),IF($B54=\"COMPOSIÇÃO\",VLOOKUP($D54,#REF!,7,0),IF($B54=\"COTAÇÃO\",VLOOKUP($D54,#REF!,5,0),IF($B54=\"SBC\",VLOOKUP($D54,#REF!,3,0),FALSE))))))),IF($O$6=\"NÃO DESONERADO\",IF($C54=\"\",\"\",IF($B54=\"EMOP\",VLOOKUP($C54,EMOP_CONJ_03.2026!$A:$D,3,0),IF($B54=\"SCO\",VLOOKUP($C54,SCO_SERV_CONJ_052025!$A:$D,3,0),IF($B54=\"SINAPI\",VLOOKUP($C54,SINAPI_SERV_CONJ_052025!$I:$L,3,0),IF($B54=\"COMPOSIÇÃO\",VLOOKUP($C54,#REF!,7,0),IF($B54=\"COTAÇÃO\",VLOOKUP($C54,#REF!,5,0),IF($B54=\"SBC\",VLOOKUP($C54,#REF!,3,0),IF($B54=\"SICRO\",VLOOKUP($C54,SICRO_02022!$A:$D,3,0),FALSE))))))))))","v":"UN"}]
[]
[null,null,null,null,null,"Extensão (m)",null,"Espaçamento (m)",null,"Total (un)"]
[null,null,null,null,null,{"$f":"F14","v":70000},"/",450,"=",{"$f":"TRUNC(F57/H57,0)","v":155}]
[]
[null,null,null,null,null,"Obs: 1 amostra a cada 150m."]
[]
["2.4","EMOP","01.001.0001-0",{"$f":"IF($T$6=\"DESONERADO\",IF($B61=\"\",\"\",IF($C61=\"\",\"\",IF($B61=\"EMOP\",VLOOKUP($C61,EMOP_CONJ_03.2026!$A:$I,6,FALSE),IF($B61=\"SINAPI\",$C61,IF($B61=\"SCO\",VLOOKUP($C61,SCO_SERV_CONJ_052025!$A:$F,6,FALSE),IF($B61=\"SBC\",$C61,IF($B61=\"COMPOSIÇÃO\",CONCATENATE($C61,\"-D\"),IF($B61=\"COTAÇÃO\",$C61)))))))),FALSE)","v":"01.001.0001-A"},{"$f":"IF($O$6=\"DESONERADO\",IF($D61=\"\",\"\",IF($B61=\"EMOP\",VLOOKUP($D61,EMOP_CONJ_03.2026!$F:$I,2,0),IF($B61=\"SCO\",VLOOKUP($D61,SCO_SERV_CONJ_052025!$F:$I,2,0),IF($B61=\"SINAPI\",VLOOKUP($D61,SINAPI_SERV_CONJ_052025!$I:$M,2,0),IF($B61=\"COMPOSIÇÃO\",VLOOKUP($D61,#REF!,3,FALSE),IF($B61=\"COTAÇÃO\",VLOOKUP($D61,#REF!,2,0),IF($B61=\"SBC\",VLOOKUP($D61,#REF!,2,0),IF($B61=\"SICRO\",VLOOKUP($D61,SICRO_02022!$F:$I,2,0),FALSE)))))))),IF($O$6=\"NÃO DESONERADO\",IF($C61=\"\",\"\",IF($B61=\"EMOP\",VLOOKUP($C61,EMOP_CONJ_03.2026!$A:$D,2,0),IF($B61=\"SCO\",VLOOKUP($C61,SCO_SERV_CONJ_052025!$A:$D,2,0),IF($B61=\"SINAPI\",VLOOKUP($C61,SINAPI_SERV_CONJ_052025!$I:$L,2,0),IF($B61=\"COMPOSIÇÃO\",VLOOKUP($C61,#REF!,3,0),IF($B61=\"COTAÇÃO\",VLOOKUP($C61,#REF!,2,0),IF($B61=\"SBC\",VLOOKUP($C61,#REF!,2,0),IF($B61=\"SICRO\",VLOOKUP($C61,SICRO_02022!$A:$D,2,0),FALSE))))))))))","v":"LIMITE DE PLASTICIDADE"},null,null,null,null,null,null,null,null,null,null,{"$f":"J64","v":155},{"$f":"IF($O$6=\"DESONERADO\",IF($D61=\"\",\"\",IF($B61=\"EMOP\",VLOOKUP($D61,EMOP_CONJ_03.2026!$F:$I,3,0),IF($B61=\"SCO\",VLOOKUP($D61,SCO_SERV_CONJ_052025!$F:$I,3,0),IF($B61=\"SINAPI\",VLOOKUP($D61,SINAPI_SERV_CONJ_052025!$I:$M,3,0),IF($B61=\"COMPOSIÇÃO\",VLOOKUP($D61,#REF!,7,0),IF($B61=\"COTAÇÃO\",VLOOKUP($D61,#REF!,5,0),IF($B61=\"SBC\",VLOOKUP($D61,#REF!,3,0),FALSE))))))),IF($O$6=\"NÃO DESONERADO\",IF($C61=\"\",\"\",IF($B61=\"EMOP\",VLOOKUP($C61,EMOP_CONJ_03.2026!$A:$D,3,0),IF($B61=\"SCO\",VLOOKUP($C61,SCO_SERV_CONJ_052025!$A:$D,3,0),IF($B61=\"SINAPI\",VLOOKUP($C61,SINAPI_SERV_CONJ_052025!$I:$L,3,0),IF($B61=\"COMPOSIÇÃO\",VLOOKUP($C61,#REF!,7,0),IF($B61=\"COTAÇÃO\",VLOOKUP($C61,#REF!,5,0),IF($B61=\"SBC\",VLOOKUP($C61,#REF!,3,0),IF($B61=\"SICRO\",VLOOKUP($C61,SICRO_02022!$A:$D,3,0),FALSE))))))))))","v":"UN"}]
[]
[null,null,null,null,null,"Extensão (m)",null,"Espaçamento (m)",null,"Total (un)"]
[null,null,null,null,null,{"$f":"F14","v":70000},"/",450,"=",{"$f":"TRUNC(F64/H64,0)","v":155}]
[]
[null,null,null,null,null,"Obs: 1 amostra a cada 150m."]
[]
["2.5","EMOP","01.001.0002-0",{"$f":"IF($T$6=\"DESONERADO\",IF($B68=\"\",\"\",IF($C68=\"\",\"\",IF($B68=\"EMOP\",VLOOKUP($C68,EMOP_CONJ_03.2026!$A:$I,6,FALSE),IF($B68=\"SINAPI\",$C68,IF($B68=\"SCO\",VLOOKUP($C68,SCO_SERV_CONJ_052025!$A:$F,6,FALSE),IF($B68=\"SBC\",$C68,IF($B68=\"COMPOSIÇÃO\",CONCATENATE($C68,\"-D\"),IF($B68=\"COTAÇÃO\",$C68)))))))),FALSE)","v":"01.001.0002-A"},{"$f":"IF($O$6=\"DESONERADO\",IF($D68=\"\",\"\",IF($B68=\"EMOP\",VLOOKUP($D68,EMOP_CONJ_03.2026!$F:$I,2,0),IF($B68=\"SCO\",VLOOKUP($D68,SCO_SERV_CONJ_052025!$F:$I,2,0),IF($B68=\"SINAPI\",VLOOKUP($D68,SINAPI_SERV_CONJ_052025!$I:$M,2,0),IF($B68=\"COMPOSIÇÃO\",VLOOKUP($D68,#REF!,3,FALSE),IF($B68=\"COTAÇÃO\",VLOOKUP($D68,#REF!,2,0),IF($B68=\"SBC\",VLOOKUP($D68,#REF!,2,0),IF($B68=\"SICRO\",VLOOKUP($D68,SICRO_02022!$F:$I,2,0),FALSE)))))))),IF($O$6=\"NÃO DESONERADO\",IF($C68=\"\",\"\",IF($B68=\"EMOP\",VLOOKUP($C68,EMOP_CONJ_03.2026!$A:$D,2,0),IF($B68=\"SCO\",VLOOKUP($C68,SCO_SERV_CONJ_052025!$A:$D,2,0),IF($B68=\"SINAPI\",VLOOKUP($C68,SINAPI_SERV_CONJ_052025!$I:$L,2,0),IF($B68=\"COMPOSIÇÃO\",VLOOKUP($C68,#REF!,3,0),IF($B68=\"COTAÇÃO\",VLOOKUP($C68,#REF!,2,0),IF($B68=\"SBC\",VLOOKUP($C68,#REF!,2,0),IF($B68=\"SICRO\",VLOOKUP($C68,SICRO_02022!$A:$D,2,0),FALSE))))))))))","v":"LIMITE DE LIQUIDEZ"},null,null,null,null,null,null,null,null,null,null,{"$f":"J71","v":155},{"$f":"IF($O$6=\"DESONERADO\",IF($D68=\"\",\"\",IF($B68=\"EMOP\",VLOOKUP($D68,EMOP_CONJ_03.2026!$F:$I,3,0),IF($B68=\"SCO\",VLOOKUP($D68,SCO_SERV_CONJ_052025!$F:$I,3,0),IF($B68=\"SINAPI\",VLOOKUP($D68,SINAPI_SERV_CONJ_052025!$I:$M,3,0),IF($B68=\"COMPOSIÇÃO\",VLOOKUP($D68,#REF!,7,0),IF($B68=\"COTAÇÃO\",VLOOKUP($D68,#REF!,5,0),IF($B68=\"SBC\",VLOOKUP($D68,#REF!,3,0),FALSE))))))),IF($O$6=\"NÃO DESONERADO\",IF($C68=\"\",\"\",IF($B68=\"EMOP\",VLOOKUP($C68,EMOP_CONJ_03.2026!$A:$D,3,0),IF($B68=\"SCO\",VLOOKUP($C68,SCO_SERV_CONJ_052025!$A:$D,3,0),IF($B68=\"SINAPI\",VLOOKUP($C68,SINAPI_SERV_CONJ_052025!$I:$L,3,0),IF($B68=\"COMPOSIÇÃO\",VLOOKUP($C68,#REF!,7,0),IF($B68=\"COTAÇÃO\",VLOOKUP($C68,#REF!,5,0),IF($B68=\"SBC\",VLOOKUP($C68,#REF!,3,0),IF($B68=\"SICRO\",VLOOKUP($C68,SICRO_02022!$A:$D,3,0),FALSE))))))))))","v":"UN"}]
[]
[null,null,null,null,null,"Extensão (m)",null,"Espaçamento (m)",null,"Total (un)"]
[null,null,null,null,null,{"$f":"F14","v":70000},"/",450,"=",{"$f":"TRUNC(F71/H71,0)","v":155}]
[]
[null,null,null,null,null,"Obs: 1 amostra a cada 150m."]
[]
["2.6","EMOP","01.001.0004-0",{"$f":"IF($T$6=\"DESONERADO\",IF($B75=\"\",\"\",IF($C75=\"\",\"\",IF($B75=\"EMOP\",VLOOKUP($C75,EMOP_CONJ_03.2026!$A:$I,6,FALSE),IF($B75=\"SINAPI\",$C75,IF($B75=\"SCO\",VLOOKUP($C75,SCO_SERV_CONJ_052025!$A:$F,6,FALSE),IF($B75=\"SBC\",$C75,IF($B75=\"COMPOSIÇÃO\",CONCATENATE($C75,\"-D\"),IF($B75=\"COTAÇÃO\",$C75)))))))),FALSE)","v":"01.001.0004-A"},{"$f":"IF($O$6=\"DESONERADO\",IF($D75=\"\",\"\",IF($B75=\"EMOP\",VLOOKUP($D75,EMOP_CONJ_03.2026!$F:$I,2,0),IF($B75=\"SCO\",VLOOKUP($D75,SCO_SERV_CONJ_052025!$F:$I,2,0),IF($B75=\"SINAPI\",VLOOKUP($D75,SINAPI_SERV_CONJ_052025!$I:$M,2,0),IF($B75=\"COMPOSIÇÃO\",VLOOKUP($D75,#REF!,3,FALSE),IF($B75=\"COTAÇÃO\",VLOOKUP($D75,#REF!,2,0),IF($B75=\"SBC\",VLOOKUP($D75,#REF!,2,0),IF($B75=\"SICRO\",VLOOKUP($D75,SICRO_02022!$F:$I,2,0),FALSE)))))))),IF($O$6=\"NÃO DESONERADO\",IF($C75=\"\",\"\",IF($B75=\"EMOP\",VLOOKUP($C75,EMOP_CONJ_03.2026!$A:$D,2,0),IF($B75=\"SCO\",VLOOKUP($C75,SCO_SERV_CONJ_052025!$A:$D,2,0),IF($B75=\"SINAPI\",VLOOKUP($C75,SINAPI_SERV_CONJ_052025!$I:$L,2,0),IF($B75=\"COMPOSIÇÃO\",VLOOKUP($C75,#REF!,3,0),IF($B75=\"COTAÇÃO\",VLOOKUP($C75,#REF!,2,0),IF($B75=\"SBC\",VLOOKUP($C75,#REF!,2,0),IF($B75=\"SICRO\",VLOOKUP($C75,SICRO_02022!$A:$D,2,0),FALSE))))))))))","v":"ANALISE GRANULOMETRICA SEM SEDIMENTACAO (PENEIRAMENTO)"},null,null,null,null,null,null,null,null,null,null,{"$f":"J78","v":155},{"$f":"IF($O$6=\"DESONERADO\",IF($D75=\"\",\"\",IF($B75=\"EMOP\",VLOOKUP($D75,EMOP_CONJ_03.2026!$F:$I,3,0),IF($B75=\"SCO\",VLOOKUP($D75,SCO_SERV_CONJ_052025!$F:$I,3,0),IF($B75=\"SINAPI\",VLOOKUP($D75,SINAPI_SERV_CONJ_052025!$I:$M,3,0),IF($B75=\"COMPOSIÇÃO\",VLOOKUP($D75,#REF!,7,0),IF($B75=\"COTAÇÃO\",VLOOKUP($D75,#REF!,5,0),IF($B75=\"SBC\",VLOOKUP($D75,#REF!,3,0),FALSE))))))),IF($O$6=\"NÃO DESONERADO\",IF($C75=\"\",\"\",IF($B75=\"EMOP\",VLOOKUP($C75,EMOP_CONJ_03.2026!$A:$D,3,0),IF($B75=\"SCO\",VLOOKUP($C75,SCO_SERV_CONJ_052025!$A:$D,3,0),IF($B75=\"SINAPI\",VLOOKUP($C75,SINAPI_SERV_CONJ_052025!$I:$L,3,0),IF($B75=\"COMPOSIÇÃO\",VLOOKUP($C75,#REF!,7,0),IF($B75=\"COTAÇÃO\",VLOOKUP($C75,#REF!,5,0),IF($B75=\"SBC\",VLOOKUP($C75,#REF!,3,0),IF($B75=\"SICRO\",VLOOKUP($C75,SICRO_02022!$A:$D,3,0),FALSE))))))))))","v":"UN"}]
[]
[null,null,null,null,null,"Extensão (m)",null,"Espaçamento (m)",null,"Total (un)"]
[null,null,null,null,null,{"$f":"F14","v":70000},"/",450,"=",{"$f":"TRUNC(F78/H78,0)","v":155}]
[]
[null,null,null,null,null,"Obs: 1 amostra a cada 150m."]
[]
["2.7","EMOP","01.001.0020-0",{"$f":"IF($T$6=\"DESONERADO\",IF($B82=\"\",\"\",IF($C82=\"\",\"\",IF($B82=\"EMOP\",VLOOKUP($C82,EMOP_CONJ_03.2026!$A:$I,6,FALSE),IF($B82=\"SINAPI\",$C82,IF($B82=\"SCO\",VLOOKUP($C82,SCO_SERV_CONJ_052025!$A:$F,6,FALSE),IF($B82=\"SBC\",$C82,IF($B82=\"COMPOSIÇÃO\",CONCATENATE($C82,\"-D\"),IF($B82=\"COTAÇÃO\",$C82)))))))),FALSE)","v":"01.001.0020-A"},{"$f":"IF($O$6=\"DESONERADO\",IF($D82=\"\",\"\",IF($B82=\"EMOP\",VLOOKUP($D82,EMOP_CONJ_03.2026!$F:$I,2,0),IF($B82=\"SCO\",VLOOKUP($D82,SCO_SERV_CONJ_052025!$F:$I,2,0),IF($B82=\"SINAPI\",VLOOKUP($D82,SINAPI_SERV_CONJ_052025!$I:$M,2,0),IF($B82=\"COMPOSIÇÃO\",VLOOKUP($D82,#REF!,3,FALSE),IF($B82=\"COTAÇÃO\",VLOOKUP($D82,#REF!,2,0),IF($B82=\"SBC\",VLOOKUP($D82,#REF!,2,0),IF($B82=\"SICRO\",VLOOKUP($D82,SICRO_02022!$F:$I,2,0),FALSE)))))))),IF($O$6=\"NÃO DESONERADO\",IF($C82=\"\",\"\",IF($B82=\"EMOP\",VLOOKUP($C82,EMOP_CONJ_03.2026!$A:$D,2,0),IF($B82=\"SCO\",VLOOKUP($C82,SCO_SERV_CONJ_052025!$A:$D,2,0),IF($B82=\"SINAPI\",VLOOKUP($C82,SINAPI_SERV_CONJ_052025!$I:$L,2,0),IF($B82=\"COMPOSIÇÃO\",VLOOKUP($C82,#REF!,3,0),IF($B82=\"COTAÇÃO\",VLOOKUP($C82,#REF!,2,0),IF($B82=\"SBC\",VLOOKUP($C82,#REF!,2,0),IF($B82=\"SICRO\",VLOOKUP($C82,SICRO_02022!$A:$D,2,0),FALSE))))))))))","v":"INDICE SUPORTE CALIFORNIA,POR 5 PONTOS,COMPACTACAO COM ENERGIA PROCTOR NORMAL"},null,null,null,null,null,null,null,null,null,null,{"$f":"J85","v":155},{"$f":"IF($O$6=\"DESONERADO\",IF($D82=\"\",\"\",IF($B82=\"EMOP\",VLOOKUP($D82,EMOP_CONJ_03.2026!$F:$I,3,0),IF($B82=\"SCO\",VLOOKUP($D82,SCO_SERV_CONJ_052025!$F:$I,3,0),IF($B82=\"SINAPI\",VLOOKUP($D82,SINAPI_SERV_CONJ_052025!$I:$M,3,0),IF($B82=\"COMPOSIÇÃO\",VLOOKUP($D82,#REF!,7,0),IF($B82=\"COTAÇÃO\",VLOOKUP($D82,#REF!,5,0),IF($B82=\"SBC\",VLOOKUP($D82,#REF!,3,0),FALSE))))))),IF($O$6=\"NÃO DESONERADO\",IF($C82=\"\",\"\",IF($B82=\"EMOP\",VLOOKUP($C82,EMOP_CONJ_03.2026!$A:$D,3,0),IF($B82=\"SCO\",VLOOKUP($C82,SCO_SERV_CONJ_052025!$A:$D,3,0),IF($B82=\"SINAPI\",VLOOKUP($C82,SINAPI_SERV_CONJ_052025!$I:$L,3,0),IF($B82=\"COMPOSIÇÃO\",VLOOKUP($C82,#REF!,7,0),IF($B82=\"COTAÇÃO\",VLOOKUP($C82,#REF!,5,0),IF($B82=\"SBC\",VLOOKUP($C82,#REF!,3,0),IF($B82=\"SICRO\",VLOOKUP($C82,SICRO_02022!$A:$D,3,0),FALSE))))))))))","v":"UN"}]
[]
[null,null,null,null,null,"Extensão (m)",null,"Espaçamento (m)",null,"Total (un)"]
[null,null,null,null,null,{"$f":"F14","v":70000},"/",450,"=",{"$f":"TRUNC(F85/H85,0)","v":155}]
[]
[null,null,null,null,null,"Obs: 1 amostra a cada 150m."]
[]
["2.8","EMOP","01.001.0200-0",{"$f":"IF($T$6=\"DESONERADO\",IF($B89=\"\",\"\",IF($C89=\"\",\"\",IF($B89=\"EMOP\",VLOOKUP($C89,EMOP_CONJ_03.2026!$A:$I,6,FALSE),IF($B89=\"SINAPI\",$C89,IF($B89=\"SCO\",VLOOKUP($C89,SCO_SERV_CONJ_052025!$A:$F,6,FALSE),IF($B89=\"SBC\",$C89,IF($B89=\"COMPOSIÇÃO\",CONCATENATE($C89,\"-D\"),IF($B89=\"COTAÇÃO\",$C89)))))))),FALSE)","v":"01.001.0200-A"},{"$f":"IF($O$6=\"DESONERADO\",IF($D89=\"\",\"\",IF($B89=\"EMOP\",VLOOKUP($D89,EMOP_CONJ_03.2026!$F:$I,2,0),IF($B89=\"SCO\",VLOOKUP($D89,SCO_SERV_CONJ_052025!$F:$I,2,0),IF($B89=\"SINAPI\",VLOOKUP($D89,SINAPI_SERV_CONJ_052025!$I:$M,2,0),IF($B89=\"COMPOSIÇÃO\",VLOOKUP($D89,#REF!,3,FALSE),IF($B89=\"COTAÇÃO\",VLOOKUP($D89,#REF!,2,0),IF($B89=\"SBC\",VLOOKUP($D89,#REF!,2,0),IF($B89=\"SICRO\",VLOOKUP($D89,SICRO_02022!$F:$I,2,0),FALSE)))))))),IF($O$6=\"NÃO DESONERADO\",IF($C89=\"\",\"\",IF($B89=\"EMOP\",VLOOKUP($C89,EMOP_CONJ_03.2026!$A:$D,2,0),IF($B89=\"SCO\",VLOOKUP($C89,SCO_SERV_CONJ_052025!$A:$D,2,0),IF($B89=\"SINAPI\",VLOOKUP($C89,SINAPI_SERV_CONJ_052025!$I:$L,2,0),IF($B89=\"COMPOSIÇÃO\",VLOOKUP($C89,#REF!,3,0),IF($B89=\"COTAÇÃO\",VLOOKUP($C89,#REF!,2,0),IF($B89=\"SBC\",VLOOKUP($C89,#REF!,2,0),IF($B89=\"SICRO\",VLOOKUP($C89,SICRO_02022!$A:$D,2,0),FALSE))))))))))","v":"DENSIDADE APARENTE"},null,null,null,null,null,null,null,null,null,null,{"$f":"N95","v":194},{"$f":"IF($O$6=\"DESONERADO\",IF($D89=\"\",\"\",IF($B89=\"EMOP\",VLOOKUP($D89,EMOP_CONJ_03.2026!$F:$I,3,0),IF($B89=\"SCO\",VLOOKUP($D89,SCO_SERV_CONJ_052025!$F:$I,3,0),IF($B89=\"SINAPI\",VLOOKUP($D89,SINAPI_SERV_CONJ_052025!$I:$M,3,0),IF($B89=\"COMPOSIÇÃO\",VLOOKUP($D89,#REF!,7,0),IF($B89=\"COTAÇÃO\",VLOOKUP($D89,#REF!,5,0),IF($B89=\"SBC\",VLOOKUP($D89,#REF!,3,0),FALSE))))))),IF($O$6=\"NÃO DESONERADO\",IF($C89=\"\",\"\",IF($B89=\"EMOP\",VLOOKUP($C89,EMOP_CONJ_03.2026!$A:$D,3,0),IF($B89=\"SCO\",VLOOKUP($C89,SCO_SERV_CONJ_052025!$A:$D,3,0),IF($B89=\"SINAPI\",VLOOKUP($C89,SINAPI_SERV_CONJ_052025!$I:$L,3,0),IF($B89=\"COMPOSIÇÃO\",VLOOKUP($C89,#REF!,7,0),IF($B89=\"COTAÇÃO\",VLOOKUP($C89,#REF!,5,0),IF($B89=\"SBC\",VLOOKUP($C89,#REF!,3,0),IF($B89=\"SICRO\",VLOOKUP($C89,SICRO_02022!$A:$D,3,0),FALSE))))))))))","v":"UN"}]
[]
[null,null,null,null,null,"Extensão (m)",null,"Largura (m)",null,"Espessura (m)",null,"(t/m³)",null,"Peso (t)"]
["Estimativa de pavimento em cbuq",null,null,null,"=",{"$f":"S92","v":120000},"x",5.4,"x",0.05,"x",2.4,null,{"$f":"TRUNC(F92*H92*J92*L92,2)","v":77760},null,null,null,null,120000,"Mudar aqui"]
[]
[null,null,null,null,null,null,null,null,null,null,null,null,null,"Quantidade (un)"]
[null,"2 Ensaios para cada 800 t/dia de produção na usina",null,null,null,null,"=",{"$f":"N92","v":77760},"/",800,"x",2,"=",{"$f":"TRUNC((H95/J95)*L95,0)","v":194}]
[]
["2.9","EMOP","01.001.0201-0",{"$f":"IF($T$6=\"DESONERADO\",IF($B97=\"\",\"\",IF($C97=\"\",\"\",IF($B97=\"EMOP\",VLOOKUP($C97,EMOP_CONJ_03.2026!$A:$I,6,FALSE),IF($B97=\"SINAPI\",$C97,IF($B97=\"SCO\",VLOOKUP($C97,SCO_SERV_CONJ_052025!$A:$F,6,FALSE),IF($B97=\"SBC\",$C97,IF($B97=\"COMPOSIÇÃO\",CONCATENATE($C97,\"-D\"),IF($B97=\"COTAÇÃO\",$C97)))))))),FALSE)","v":"01.001.0201-A"},{"$f":"IF($O$6=\"DESONERADO\",IF($D97=\"\",\"\",IF($B97=\"EMOP\",VLOOKUP($D97,EMOP_CONJ_03.2026!$F:$I,2,0),IF($B97=\"SCO\",VLOOKUP($D97,SCO_SERV_CONJ_052025!$F:$I,2,0),IF($B97=\"SINAPI\",VLOOKUP($D97,SINAPI_SERV_CONJ_052025!$I:$M,2,0),IF($B97=\"COMPOSIÇÃO\",VLOOKUP($D97,#REF!,3,FALSE),IF($B97=\"COTAÇÃO\",VLOOKUP($D97,#REF!,2,0),IF($B97=\"SBC\",VLOOKUP($D97,#REF!,2,0),IF($B97=\"SICRO\",VLOOKUP($D97,SICRO_02022!$F:$I,2,0),FALSE)))))))),IF($O$6=\"NÃO DESONERADO\",IF($C97=\"\",\"\",IF($B97=\"EMOP\",VLOOKUP($C97,EMOP_CONJ_03.2026!$A:$D,2,0),IF($B97=\"SCO\",VLOOKUP($C97,SCO_SERV_CONJ_052025!$A:$D,2,0),IF($B97=\"SINAPI\",VLOOKUP($C97,SINAPI_SERV_CONJ_052025!$I:$L,2,0),IF($B97=\"COMPOSIÇÃO\",VLOOKUP($C97,#REF!,3,0),IF($B97=\"COTAÇÃO\",VLOOKUP($C97,#REF!,2,0),IF($B97=\"SBC\",VLOOKUP($C97,#REF!,2,0),IF($B97=\"SICRO\",VLOOKUP($C97,SICRO_02022!$A:$D,2,0),FALSE))))))))))","v":"PERCENTAGEM DE VAZIOS RICE"},null,null,null,null,null,null,null,null,null,null,{"$f":"N103","v":194},{"$f":"IF($O$6=\"DESONERADO\",IF($D97=\"\",\"\",IF($B97=\"EMOP\",VLOOKUP($D97,EMOP_CONJ_03.2026!$F:$I,3,0),IF($B97=\"SCO\",VLOOKUP($D97,SCO_SERV_CONJ_052025!$F:$I,3,0),IF($B97=\"SINAPI\",VLOOKUP($D97,SINAPI_SERV_CONJ_052025!$I:$M,3,0),IF($B97=\"COMPOSIÇÃO\",VLOOKUP($D97,#REF!,7,0),IF($B97=\"COTAÇÃO\",VLOOKUP($D97,#REF!,5,0),IF($B97=\"SBC\",VLOOKUP($D97,#REF!,3,0),FALSE))))))),IF($O$6=\"NÃO DESONERADO\",IF($C97=\"\",\"\",IF($B97=\"EMOP\",VLOOKUP($C97,EMOP_CONJ_03.2026!$A:$D,3,0),IF($B97=\"SCO\",VLOOKUP($C97,SCO_SERV_CONJ_052025!$A:$D,3,0),IF($B97=\"SINAPI\",VLOOKUP($C97,SINAPI_SERV_CONJ_052025!$I:$L,3,0),IF($B97=\"COMPOSIÇÃO\",VLOOKUP($C97,#REF!,7,0),IF($B97=\"COTAÇÃO\",VLOOKUP($C97,#REF!,5,0),IF($B97=\"SBC\",VLOOKUP($C97,#REF!,3,0),IF($B97=\"SICRO\",VLOOKUP($C97,SICRO_02022!$A:$D,3,0),FALSE))))))))))","v":"UN"}]
[]
[null,null,null,null,null,"Extensão (m)",null,"Largura (m)",null,"Espessura (m)",null,"(t/m³)",null,"Peso (t)"]
["Estimativa de pavimento em cbuq",null,null,null,"=",{"$f":"F92","v":120000},"x",5.4,"x",0.05,"x",2.4,null,{"$f":"TRUNC(F100*H100*J100*L100,2)","v":77760}]
[]
[null,null,null,null,null,null,null,null,null,null,null,null,null,"Quantidade (un)"]
[null,"2 Ensaios para cada 800 t/dia de produção na usina",null,null,null,null,"=",{"$f":"N100","v":77760},"/",800,"x",2,"=",{"$f":"TRUNC((H103/J103)*L103,0)","v":194}]
[]
["2.10","EMOP","01.001.0303-0",{"$f":"IF($T$6=\"DESONERADO\",IF($B105=\"\",\"\",IF($C105=\"\",\"\",IF($B105=\"EMOP\",VLOOKUP($C105,EMOP_CONJ_03.2026!$A:$I,6,FALSE),IF($B105=\"SINAPI\",$C105,IF($B105=\"SCO\",VLOOKUP($C105,SCO_SERV_CONJ_052025!$A:$F,6,FALSE),IF($B105=\"SBC\",$C105,IF($B105=\"COMPOSIÇÃO\",CONCATENATE($C105,\"-D\"),IF($B105=\"COTAÇÃO\",$C105)))))))),FALSE)","v":"01.001.0303-A"},{"$f":"IF($O$6=\"DESONERADO\",IF($D105=\"\",\"\",IF($B105=\"EMOP\",VLOOKUP($D105,EMOP_CONJ_03.2026!$F:$I,2,0),IF($B105=\"SCO\",VLOOKUP($D105,SCO_SERV_CONJ_052025!$F:$I,2,0),IF($B105=\"SINAPI\",VLOOKUP($D105,SINAPI_SERV_CONJ_052025!$I:$M,2,0),IF($B105=\"COMPOSIÇÃO\",VLOOKUP($D105,#REF!,3,FALSE),IF($B105=\"COTAÇÃO\",VLOOKUP($D105,#REF!,2,0),IF($B105=\"SBC\",VLOOKUP($D105,#REF!,2,0),IF($B105=\"SICRO\",VLOOKUP($D105,SICRO_02022!$F:$I,2,0),FALSE)))))))),IF($O$6=\"NÃO DESONERADO\",IF($C105=\"\",\"\",IF($B105=\"EMOP\",VLOOKUP($C105,EMOP_CONJ_03.2026!$A:$D,2,0),IF($B105=\"SCO\",VLOOKUP($C105,SCO_SERV_CONJ_052025!$A:$D,2,0),IF($B105=\"SINAPI\",VLOOKUP($C105,SINAPI_SERV_CONJ_052025!$I:$L,2,0),IF($B105=\"COMPOSIÇÃO\",VLOOKUP($C105,#REF!,3,0),IF($B105=\"COTAÇÃO\",VLOOKUP($C105,#REF!,2,0),IF($B105=\"SBC\",VLOOKUP($C105,#REF!,2,0),IF($B105=\"SICRO\",VLOOKUP($C105,SICRO_02022!$A:$D,2,0),FALSE))))))))))","v":"EXTRACAO COM O AUXILIO DE SONDA ROTATIVA,DE CORPOS DE PROVACOM 15CM DE DIAMETRO,EM PAVIMENTOS COM REVESTIMENTO BETUMINOSO,COM ATE 10CM DE ESPESSURA,POR CORPO DE PROVA"},null,null,null,null,null,null,null,null,null,null,{"$f":"J108","v":1200},{"$f":"IF($O$6=\"DESONERADO\",IF($D105=\"\",\"\",IF($B105=\"EMOP\",VLOOKUP($D105,EMOP_CONJ_03.2026!$F:$I,3,0),IF($B105=\"SCO\",VLOOKUP($D105,SCO_SERV_CONJ_052025!$F:$I,3,0),IF($B105=\"SINAPI\",VLOOKUP($D105,SINAPI_SERV_CONJ_052025!$I:$M,3,0),IF($B105=\"COMPOSIÇÃO\",VLOOKUP($D105,#REF!,7,0),IF($B105=\"COTAÇÃO\",VLOOKUP($D105,#REF!,5,0),IF($B105=\"SBC\",VLOOKUP($D105,#REF!,3,0),FALSE))))))),IF($O$6=\"NÃO DESONERADO\",IF($C105=\"\",\"\",IF($B105=\"EMOP\",VLOOKUP($C105,EMOP_CONJ_03.2026!$A:$D,3,0),IF($B105=\"SCO\",VLOOKUP($C105,SCO_SERV_CONJ_052025!$A:$D,3,0),IF($B105=\"SINAPI\",VLOOKUP($C105,SINAPI_SERV_CONJ_052025!$I:$L,3,0),IF($B105=\"COMPOSIÇÃO\",VLOOKUP($C105,#REF!,7,0),IF($B105=\"COTAÇÃO\",VLOOKUP($C105,#REF!,5,0),IF($B105=\"SBC\",VLOOKUP($C105,#REF!,3,0),IF($B105=\"SICRO\",VLOOKUP($C105,SICRO_02022!$A:$D,3,0),FALSE))))))))))","v":"UN"}]
[]
[null,null,null,null,null,"Extensão (m)",null,"Espaçamento (m)",null,"Total (un)"]
[null,null,null,null,null,{"$f":"F92","v":120000},"/",100,"=",{"$f":"TRUNC(F108/H108,0)","v":1200}]
[]
[null,null,null,null,null,"Obs: 1 corpo de prova a cada 100m."]
[]
["2.11","EMOP","01.001.0205-0",{"$f":"IF($T$6=\"DESONERADO\",IF($B112=\"\",\"\",IF($C112=\"\",\"\",IF($B112=\"EMOP\",VLOOKUP($C112,EMOP_CONJ_03.2026!$A:$I,6,FALSE),IF($B112=\"SINAPI\",$C112,IF($B112=\"SCO\",VLOOKUP($C112,SCO_SERV_CONJ_052025!$A:$F,6,FALSE),IF($B112=\"SBC\",$C112,IF($B112=\"COMPOSIÇÃO\",CONCATENATE($C112,\"-D\"),IF($B112=\"COTAÇÃO\",$C112)))))))),FALSE)","v":"01.001.0205-A"},{"$f":"IF($O$6=\"DESONERADO\",IF($D112=\"\",\"\",IF($B112=\"EMOP\",VLOOKUP($D112,EMOP_CONJ_03.2026!$F:$I,2,0),IF($B112=\"SCO\",VLOOKUP($D112,SCO_SERV_CONJ_052025!$F:$I,2,0),IF($B112=\"SINAPI\",VLOOKUP($D112,SINAPI_SERV_CONJ_052025!$I:$M,2,0),IF($B112=\"COMPOSIÇÃO\",VLOOKUP($D112,#REF!,3,FALSE),IF($B112=\"COTAÇÃO\",VLOOKUP($D112,#REF!,2,0),IF($B112=\"SBC\",VLOOKUP($D112,#REF!,2,0),IF($B112=\"SICRO\",VLOOKUP($D112,SICRO_02022!$F:$I,2,0),FALSE)))))))),IF($O$6=\"NÃO DESONERADO\",IF($C112=\"\",\"\",IF($B112=\"EMOP\",VLOOKUP($C112,EMOP_CONJ_03.2026!$A:$D,2,0),IF($B112=\"SCO\",VLOOKUP($C112,SCO_SERV_CONJ_052025!$A:$D,2,0),IF($B112=\"SINAPI\",VLOOKUP($C112,SINAPI_SERV_CONJ_052025!$I:$L,2,0),IF($B112=\"COMPOSIÇÃO\",VLOOKUP($C112,#REF!,3,0),IF($B112=\"COTAÇÃO\",VLOOKUP($C112,#REF!,2,0),IF($B112=\"SBC\",VLOOKUP($C112,#REF!,2,0),IF($B112=\"SICRO\",VLOOKUP($C112,SICRO_02022!$A:$D,2,0),FALSE))))))))))","v":"DETERMINACAO,COM AUXILIO DE SONDA ROTATIVA,DA DENSIDADE DE MISTURA COMPACTADA,POR CORPO DE PROVA"},null,null,null,null,null,null,null,null,null,null,{"$f":"J115","v":1200},{"$f":"IF($O$6=\"DESONERADO\",IF($D112=\"\",\"\",IF($B112=\"EMOP\",VLOOKUP($D112,EMOP_CONJ_03.2026!$F:$I,3,0),IF($B112=\"SCO\",VLOOKUP($D112,SCO_SERV_CONJ_052025!$F:$I,3,0),IF($B112=\"SINAPI\",VLOOKUP($D112,SINAPI_SERV_CONJ_052025!$I:$M,3,0),IF($B112=\"COMPOSIÇÃO\",VLOOKUP($D112,#REF!,7,0),IF($B112=\"COTAÇÃO\",VLOOKUP($D112,#REF!,5,0),IF($B112=\"SBC\",VLOOKUP($D112,#REF!,3,0),FALSE))))))),IF($O$6=\"NÃO DESONERADO\",IF($C112=\"\",\"\",IF($B112=\"EMOP\",VLOOKUP($C112,EMOP_CONJ_03.2026!$A:$D,3,0),IF($B112=\"SCO\",VLOOKUP($C112,SCO_SERV_CONJ_052025!$A:$D,3,0),IF($B112=\"SINAPI\",VLOOKUP($C112,SINAPI_SERV_CONJ_052025!$I:$L,3,0),IF($B112=\"COMPOSIÇÃO\",VLOOKUP($C112,#REF!,7,0),IF($B112=\"COTAÇÃO\",VLOOKUP($C112,#REF!,5,0),IF($B112=\"SBC\",VLOOKUP($C112,#REF!,3,0),IF($B112=\"SICRO\",VLOOKUP($C112,SICRO_02022!$A:$D,3,0),FALSE))))))))))","v":"UN"}]
[]
[null,null,null,null,null,"Extensão (m)",null,"Espaçamento (m)",null,"Total (un)"]
[null,null,null,null,null,{"$f":"F92","v":120000},"/",100,"=",{"$f":"TRUNC(F115/H115,0)","v":1200}]
[]
["2.12","EMOP","01.001.0198-0",{"$f":"IF($T$6=\"DESONERADO\",IF($B117=\"\",\"\",IF($C117=\"\",\"\",IF($B117=\"EMOP\",VLOOKUP($C117,EMOP_CONJ_03.2026!$A:$I,6,FALSE),IF($B117=\"SINAPI\",$C117,IF($B117=\"SCO\",VLOOKUP($C117,SCO_SERV_CONJ_052025!$A:$F,6,FALSE),IF($B117=\"SBC\",$C117,IF($B117=\"COMPOSIÇÃO\",CONCATENATE($C117,\"-D\"),IF($B117=\"COTAÇÃO\",$C117)))))))),FALSE)","v":"01.001.0198-A"},{"$f":"IF($O$6=\"DESONERADO\",IF($D117=\"\",\"\",IF($B117=\"EMOP\",VLOOKUP($D117,EMOP_CONJ_03.2026!$F:$I,2,0),IF($B117=\"SCO\",VLOOKUP($D117,SCO_SERV_CONJ_052025!$F:$I,2,0),IF($B117=\"SINAPI\",VLOOKUP($D117,SINAPI_SERV_CONJ_052025!$I:$M,2,0),IF($B117=\"COMPOSIÇÃO\",VLOOKUP($D117,#REF!,3,FALSE),IF($B117=\"COTAÇÃO\",VLOOKUP($D117,#REF!,2,0),IF($B117=\"SBC\",VLOOKUP($D117,#REF!,2,0),IF($B117=\"SICRO\",VLOOKUP($D117,SICRO_02022!$F:$I,2,0),FALSE)))))))),IF($O$6=\"NÃO DESONERADO\",IF($C117=\"\",\"\",IF($B117=\"EMOP\",VLOOKUP($C117,EMOP_CONJ_03.2026!$A:$D,2,0),IF($B117=\"SCO\",VLOOKUP($C117,SCO_SERV_CONJ_052025!$A:$D,2,0),IF($B117=\"SINAPI\",VLOOKUP($C117,SINAPI_SERV_CONJ_052025!$I:$L,2,0),IF($B117=\"COMPOSIÇÃO\",VLOOKUP($C117,#REF!,3,0),IF($B117=\"COTAÇÃO\",VLOOKUP($C117,#REF!,2,0),IF($B117=\"SBC\",VLOOKUP($C117,#REF!,2,0),IF($B117=\"SICRO\",VLOOKUP($C117,SICRO_02022!$A:$D,2,0),FALSE))))))))))","v":"DETERMINACAO DO TEOR DE BETUME"},null,null,null,null,null,null,null,null,null,null,{"$f":"N123","v":194},{"$f":"IF($O$6=\"DESONERADO\",IF($D117=\"\",\"\",IF($B117=\"EMOP\",VLOOKUP($D117,EMOP_CONJ_03.2026!$F:$I,3,0),IF($B117=\"SCO\",VLOOKUP($D117,SCO_SERV_CONJ_052025!$F:$I,3,0),IF($B117=\"SINAPI\",VLOOKUP($D117,SINAPI_SERV_CONJ_052025!$I:$M,3,0),IF($B117=\"COMPOSIÇÃO\",VLOOKUP($D117,#REF!,7,0),IF($B117=\"COTAÇÃO\",VLOOKUP($D117,#REF!,5,0),IF($B117=\"SBC\",VLOOKUP($D117,#REF!,3,0),FALSE))))))),IF($O$6=\"NÃO DESONERADO\",IF($C117=\"\",\"\",IF($B117=\"EMOP\",VLOOKUP($C117,EMOP_CONJ_03.2026!$A:$D,3,0),IF($B117=\"SCO\",VLOOKUP($C117,SCO_SERV_CONJ_052025!$A:$D,3,0),IF($B117=\"SINAPI\",VLOOKUP($C117,SINAPI_SERV_CONJ_052025!$I:$L,3,0),IF($B117=\"COMPOSIÇÃO\",VLOOKUP($C117,#REF!,7,0),IF($B117=\"COTAÇÃO\",VLOOKUP($C117,#REF!,5,0),IF($B117=\"SBC\",VLOOKUP($C117,#REF!,3,0),IF($B117=\"SICRO\",VLOOKUP($C117,SICRO_02022!$A:$D,3,0),FALSE))))))))))","v":"UN"}]
[]
[null,null,null,null,null,"Extensão (m)",null,"Largura (m)",null,"Espessura (m)",null,"(t/m³)",null,"Peso (t)"]
["Estimativa de pavimento em cbuq",null,null,null,"=",{"$f":"F92","v":120000},"x",5.4,"x",0.05,"x",2.4,null,{"$f":"TRUNC(F120*H120*J120*L120,2)","v":77760}]
[]
[null,null,null,null,null,null,null,null,null,null,null,null,null,"Quantidade (un)"]
[null,"2 Ensaios para cada 800 t/dia de produção na usina",null,null,null,null,"=",{"$f":"N120","v":77760},"/",800,"x",2,"=",{"$f":"TRUNC((H123/J123)*L123,0)","v":194}]
[]
["2.13","EMOP","01.001.0208-0",{"$f":"IF($T$6=\"DESONERADO\",IF($B125=\"\",\"\",IF($C125=\"\",\"\",IF($B125=\"EMOP\",VLOOKUP($C125,EMOP_CONJ_03.2026!$A:$I,6,FALSE),IF($B125=\"SINAPI\",$C125,IF($B125=\"SCO\",VLOOKUP($C125,SCO_SERV_CONJ_052025!$A:$F,6,FALSE),IF($B125=\"SBC\",$C125,IF($B125=\"COMPOSIÇÃO\",CONCATENATE($C125,\"-D\"),IF($B125=\"COTAÇÃO\",$C125)))))))),FALSE)","v":"01.001.0208-A"},{"$f":"IF($O$6=\"DESONERADO\",IF($D125=\"\",\"\",IF($B125=\"EMOP\",VLOOKUP($D125,EMOP_CONJ_03.2026!$F:$I,2,0),IF($B125=\"SCO\",VLOOKUP($D125,SCO_SERV_CONJ_052025!$F:$I,2,0),IF($B125=\"SINAPI\",VLOOKUP($D125,SINAPI_SERV_CONJ_052025!$I:$M,2,0),IF($B125=\"COMPOSIÇÃO\",VLOOKUP($D125,#REF!,3,FALSE),IF($B125=\"COTAÇÃO\",VLOOKUP($D125,#REF!,2,0),IF($B125=\"SBC\",VLOOKUP($D125,#REF!,2,0),IF($B125=\"SICRO\",VLOOKUP($D125,SICRO_02022!$F:$I,2,0),FALSE)))))))),IF($O$6=\"NÃO DESONERADO\",IF($C125=\"\",\"\",IF($B125=\"EMOP\",VLOOKUP($C125,EMOP_CONJ_03.2026!$A:$D,2,0),IF($B125=\"SCO\",VLOOKUP($C125,SCO_SERV_CONJ_052025!$A:$D,2,0),IF($B125=\"SINAPI\",VLOOKUP($C125,SINAPI_SERV_CONJ_052025!$I:$L,2,0),IF($B125=\"COMPOSIÇÃO\",VLOOKUP($C125,#REF!,3,0),IF($B125=\"COTAÇÃO\",VLOOKUP($C125,#REF!,2,0),IF($B125=\"SBC\",VLOOKUP($C125,#REF!,2,0),IF($B125=\"SICRO\",VLOOKUP($C125,SICRO_02022!$A:$D,2,0),FALSE))))))))))","v":"DETERMINACAO DA RESISTENCIA A TRACAO POR COMPRESSAO DIAMETRAL DE MISTURAS BETUMINOSAS"},null,null,null,null,null,null,null,null,null,null,{"$f":"N131","v":194},{"$f":"IF($O$6=\"DESONERADO\",IF($D125=\"\",\"\",IF($B125=\"EMOP\",VLOOKUP($D125,EMOP_CONJ_03.2026!$F:$I,3,0),IF($B125=\"SCO\",VLOOKUP($D125,SCO_SERV_CONJ_052025!$F:$I,3,0),IF($B125=\"SINAPI\",VLOOKUP($D125,SINAPI_SERV_CONJ_052025!$I:$M,3,0),IF($B125=\"COMPOSIÇÃO\",VLOOKUP($D125,#REF!,7,0),IF($B125=\"COTAÇÃO\",VLOOKUP($D125,#REF!,5,0),IF($B125=\"SBC\",VLOOKUP($D125,#REF!,3,0),FALSE))))))),IF($O$6=\"NÃO DESONERADO\",IF($C125=\"\",\"\",IF($B125=\"EMOP\",VLOOKUP($C125,EMOP_CONJ_03.2026!$A:$D,3,0),IF($B125=\"SCO\",VLOOKUP($C125,SCO_SERV_CONJ_052025!$A:$D,3,0),IF($B125=\"SINAPI\",VLOOKUP($C125,SINAPI_SERV_CONJ_052025!$I:$L,3,0),IF($B125=\"COMPOSIÇÃO\",VLOOKUP($C125,#REF!,7,0),IF($B125=\"COTAÇÃO\",VLOOKUP($C125,#REF!,5,0),IF($B125=\"SBC\",VLOOKUP($C125,#REF!,3,0),IF($B125=\"SICRO\",VLOOKUP($C125,SICRO_02022!$A:$D,3,0),FALSE))))))))))","v":"UN"}]
[]
[null,null,null,null,null,"Extensão (m)",null,"Largura (m)",null,"Espessura (m)",null,"(t/m³)",null,"Peso (t)"]
["Estimativa de pavimento em cbuq",null,null,null,"=",{"$f":"F92","v":120000},"x",5.4,"x",0.05,"x",2.4,null,{"$f":"TRUNC(F128*H128*J128*L128,2)","v":77760}]
[]
[null,null,null,null,null,null,null,null,null,null,null,null,null,"Quantidade (un)"]
[null,"2 Ensaios para cada 800 t/dia de produção na usina",null,null,null,null,"=",{"$f":"N128","v":77760},"/",800,"x",2,"=",{"$f":"TRUNC((H131/J131)*L131,0)","v":194}]
[]
["2.14","EMOP","01.001.0204-0",{"$f":"IF($T$6=\"DESONERADO\",IF($B133=\"\",\"\",IF($C133=\"\",\"\",IF($B133=\"EMOP\",VLOOKUP($C133,EMOP_CONJ_03.2026!$A:$I,6,FALSE),IF($B133=\"SINAPI\",$C133,IF($B133=\"SCO\",VLOOKUP($C133,SCO_SERV_CONJ_052025!$A:$F,6,FALSE),IF($B133=\"SBC\",$C133,IF($B133=\"COMPOSIÇÃO\",CONCATENATE($C133,\"-D\"),IF($B133=\"COTAÇÃO\",$C133)))))))),FALSE)","v":"01.001.0204-A"},{"$f":"IF($O$6=\"DESONERADO\",IF($D133=\"\",\"\",IF($B133=\"EMOP\",VLOOKUP($D133,EMOP_CONJ_03.2026!$F:$I,2,0),IF($B133=\"SCO\",VLOOKUP($D133,SCO_SERV_CONJ_052025!$F:$I,2,0),IF($B133=\"SINAPI\",VLOOKUP($D133,SINAPI_SERV_CONJ_052025!$I:$M,2,0),IF($B133=\"COMPOSIÇÃO\",VLOOKUP($D133,#REF!,3,FALSE),IF($B133=\"COTAÇÃO\",VLOOKUP($D133,#REF!,2,0),IF($B133=\"SBC\",VLOOKUP($D133,#REF!,2,0),IF($B133=\"SICRO\",VLOOKUP($D133,SICRO_02022!$F:$I,2,0),FALSE)))))))),IF($O$6=\"NÃO DESONERADO\",IF($C133=\"\",\"\",IF($B133=\"EMOP\",VLOOKUP($C133,EMOP_CONJ_03.2026!$A:$D,2,0),IF($B133=\"SCO\",VLOOKUP($C133,SCO_SERV_CONJ_052025!$A:$D,2,0),IF($B133=\"SINAPI\",VLOOKUP($C133,SINAPI_SERV_CONJ_052025!$I:$L,2,0),IF($B133=\"COMPOSIÇÃO\",VLOOKUP($C133,#REF!,3,0),IF($B133=\"COTAÇÃO\",VLOOKUP($C133,#REF!,2,0),IF($B133=\"SBC\",VLOOKUP($C133,#REF!,2,0),IF($B133=\"SICRO\",VLOOKUP($C133,SICRO_02022!$A:$D,2,0),FALSE))))))))))","v":"AMOSTRA GRANULOMETRICA APOS EXTRACAO DO LIGANTE"},null,null,null,null,null,null,null,null,null,null,{"$f":"N139","v":194},{"$f":"IF($O$6=\"DESONERADO\",IF($D133=\"\",\"\",IF($B133=\"EMOP\",VLOOKUP($D133,EMOP_CONJ_03.2026!$F:$I,3,0),IF($B133=\"SCO\",VLOOKUP($D133,SCO_SERV_CONJ_052025!$F:$I,3,0),IF($B133=\"SINAPI\",VLOOKUP($D133,SINAPI_SERV_CONJ_052025!$I:$M,3,0),IF($B133=\"COMPOSIÇÃO\",VLOOKUP($D133,#REF!,7,0),IF($B133=\"COTAÇÃO\",VLOOKUP($D133,#REF!,5,0),IF($B133=\"SBC\",VLOOKUP($D133,#REF!,3,0),FALSE))))))),IF($O$6=\"NÃO DESONERADO\",IF($C133=\"\",\"\",IF($B133=\"EMOP\",VLOOKUP($C133,EMOP_CONJ_03.2026!$A:$D,3,0),IF($B133=\"SCO\",VLOOKUP($C133,SCO_SERV_CONJ_052025!$A:$D,3,0),IF($B133=\"SINAPI\",VLOOKUP($C133,SINAPI_SERV_CONJ_052025!$I:$L,3,0),IF($B133=\"COMPOSIÇÃO\",VLOOKUP($C133,#REF!,7,0),IF($B133=\"COTAÇÃO\",VLOOKUP($C133,#REF!,5,0),IF($B133=\"SBC\",VLOOKUP($C133,#REF!,3,0),IF($B133=\"SICRO\",VLOOKUP($C133,SICRO_02022!$A:$D,3,0),FALSE))))))))))","v":"UN"}]
[]
[null,null,null,null,null,"Extensão (m)",null,"Largura (m)",null,"Espessura (m)",null,"(t/m³)",null,"Peso (t)"]
["Estimativa de pavimento em cbuq",null,null,null,"=",{"$f":"F92","v":120000},"x",5.4,"x",0.05,"x",2.4,null,{"$f":"TRUNC(F136*H136*J136*L136,2)","v":77760}]
[]
[null,null,null,null,null,null,null,null,null,null,null,null,null,"Quantidade (un)"]
[null,"2 Ensaios para cada 800 t/dia de produção na usina",null,null,null,null,"=",{"$f":"N136","v":77760},"/",800,"x",2,"=",{"$f":"TRUNC((H139/J139)*L139,0)","v":194}]
[]
["2.15","EMOP","01.008.0050-0",{"$f":"IF($T$6=\"DESONERADO\",IF($B141=\"\",\"\",IF($C141=\"\",\"\",IF($B141=\"EMOP\",VLOOKUP($C141,EMOP_CONJ_03.2026!$A:$I,6,FALSE),IF($B141=\"SINAPI\",$C141,IF($B141=\"SCO\",VLOOKUP($C141,SCO_SERV_CONJ_052025!$A:$F,6,FALSE),IF($B141=\"SBC\",$C141,IF($B141=\"COMPOSIÇÃO\",CONCATENATE($C141,\"-D\"),IF($B141=\"COTAÇÃO\",$C141)))))))),FALSE)","v":"01.008.0050-A"},{"$f":"IF($O$6=\"DESONERADO\",IF($D141=\"\",\"\",IF($B141=\"EMOP\",VLOOKUP($D141,EMOP_CONJ_03.2026!$F:$I,2,0),IF($B141=\"SCO\",VLOOKUP($D141,SCO_SERV_CONJ_052025!$F:$I,2,0),IF($B141=\"SINAPI\",VLOOKUP($D141,SINAPI_SERV_CONJ_052025!$I:$M,2,0),IF($B141=\"COMPOSIÇÃO\",VLOOKUP($D141,#REF!,3,FALSE),IF($B141=\"COTAÇÃO\",VLOOKUP($D141,#REF!,2,0),IF($B141=\"SBC\",VLOOKUP($D141,#REF!,2,0),IF($B141=\"SICRO\",VLOOKUP($D141,SICRO_02022!$F:$I,2,0),FALSE)))))))),IF($O$6=\"NÃO DESONERADO\",IF($C141=\"\",\"\",IF($B141=\"EMOP\",VLOOKUP($C141,EMOP_CONJ_03.2026!$A:$D,2,0),IF($B141=\"SCO\",VLOOKUP($C141,SCO_SERV_CONJ_052025!$A:$D,2,0),IF($B141=\"SINAPI\",VLOOKUP($C141,SINAPI_SERV_CONJ_052025!$I:$L,2,0),IF($B141=\"COMPOSIÇÃO\",VLOOKUP($C141,#REF!,3,0),IF($B141=\"COTAÇÃO\",VLOOKUP($C141,#REF!,2,0),IF($B141=\"SBC\",VLOOKUP($C141,#REF!,2,0),IF($B141=\"SICRO\",VLOOKUP($C141,SICRO_02022!$A:$D,2,0),FALSE))))))))))","v":"MOBILIZACAO E DESMOBILIZACAO DE EQUIPAMENTO E EQUIPE DE SONDAGEM E PERFURACAO A PERCUSSAO,COM TRANSPORTE ATE 50KM"},null,null,null,null,null,null,null,null,null,null,{"$f":"J144","v":12},{"$f":"IF($O$6=\"DESONERADO\",IF($D141=\"\",\"\",IF($B141=\"EMOP\",VLOOKUP($D141,EMOP_CONJ_03.2026!$F:$I,3,0),IF($B141=\"SCO\",VLOOKUP($D141,SCO_SERV_CONJ_052025!$F:$I,3,0),IF($B141=\"SINAPI\",VLOOKUP($D141,SINAPI_SERV_CONJ_052025!$I:$M,3,0),IF($B141=\"COMPOSIÇÃO\",VLOOKUP($D141,#REF!,7,0),IF($B141=\"COTAÇÃO\",VLOOKUP($D141,#REF!,5,0),IF($B141=\"SBC\",VLOOKUP($D141,#REF!,3,0),FALSE))))))),IF($O$6=\"NÃO DESONERADO\",IF($C141=\"\",\"\",IF($B141=\"EMOP\",VLOOKUP($C141,EMOP_CONJ_03.2026!$A:$D,3,0),IF($B141=\"SCO\",VLOOKUP($C141,SCO_SERV_CONJ_052025!$A:$D,3,0),IF($B141=\"SINAPI\",VLOOKUP($C141,SINAPI_SERV_CONJ_052025!$I:$L,3,0),IF($B141=\"COMPOSIÇÃO\",VLOOKUP($C141,#REF!,7,0),IF($B141=\"COTAÇÃO\",VLOOKUP($C141,#REF!,5,0),IF($B141=\"SBC\",VLOOKUP($C141,#REF!,3,0),IF($B141=\"SICRO\",VLOOKUP($C141,SICRO_02022!$A:$D,3,0),FALSE))))))))))","v":"UN"}]
[]
[null,null,null,null,null,"Quantidade (un)",null,"Meses",null,"Total (un)"]
[null,null,null,null,null,1,"x",12,"=",{"$f":"TRUNC(F144*H144,2)","v":12}]
[]
["3.0",null,null,{"$f":"MID(C146,1,2)","v":""},"APOIO TÉCNICO",null,null,null,null,null,null,null,null,null,null,null,null,{"$f":"A146","v":"3.0"}]
["3.1","EMOP","05.105.0147-0",{"$f":"IF($T$6=\"DESONERADO\",IF($B147=\"\",\"\",IF($C147=\"\",\"\",IF($B147=\"EMOP\",VLOOKUP($C147,EMOP_CONJ_03.2026!$A:$I,6,FALSE),IF($B147=\"SINAPI\",$C147,IF($B147=\"SCO\",VLOOKUP($C147,SCO_SERV_CONJ_052025!$A:$F,6,FALSE),IF($B147=\"SBC\",$C147,IF($B147=\"COMPOSIÇÃO\",CONCATENATE($C147,\"-D\"),IF($B147=\"COTAÇÃO\",$C147)))))))),FALSE)","v":"05.105.0147-A"},{"$f":"IF($O$6=\"DESONERADO\",IF($D147=\"\",\"\",IF($B147=\"EMOP\",VLOOKUP($D147,EMOP_CONJ_03.2026!$F:$I,2,0),IF($B147=\"SCO\",VLOOKUP($D147,SCO_SERV_CONJ_052025!$F:$I,2,0),IF($B147=\"SINAPI\",VLOOKUP($D147,SINAPI_SERV_CONJ_052025!$I:$M,2,0),IF($B147=\"COMPOSIÇÃO\",VLOOKUP($D147,#REF!,3,FALSE),IF($B147=\"COTAÇÃO\",VLOOKUP($D147,#REF!,2,0),IF($B147=\"SBC\",VLOOKUP($D147,#REF!,2,0),IF($B147=\"SICRO\",VLOOKUP($D147,SICRO_02022!$F:$I,2,0),FALSE)))))))),IF($O$6=\"NÃO DESONERADO\",IF($C147=\"\",\"\",IF($B147=\"EMOP\",VLOOKUP($C147,EMOP_CONJ_03.2026!$A:$D,2,0),IF($B147=\"SCO\",VLOOKUP($C147,SCO_SERV_CONJ_052025!$A:$D,2,0),IF($B147=\"SINAPI\",VLOOKUP($C147,SINAPI_SERV_CONJ_052025!$I:$L,2,0),IF($B147=\"COMPOSIÇÃO\",VLOOKUP($C147,#REF!,3,0),IF($B147=\"COTAÇÃO\",VLOOKUP($C147,#REF!,2,0),IF($B147=\"SBC\",VLOOKUP($C147,#REF!,2,0),IF($B147=\"SICRO\",VLOOKUP($C147,SICRO_02022!$A:$D,2,0),FALSE))))))))))","v":"MAO-DE-OBRA PARA LABORATORISTA \"A\",INCLUSIVE ENCARGOS SOCIAIS"},null,null,null,null,null,null,null,null,null,null,{"$f":"L150","v":24},{"$f":"IF($O$6=\"DESONERADO\",IF($D147=\"\",\"\",IF($B147=\"EMOP\",VLOOKUP($D147,EMOP_CONJ_03.2026!$F:$I,3,0),IF($B147=\"SCO\",VLOOKUP($D147,SCO_SERV_CONJ_052025!$F:$I,3,0),IF($B147=\"SINAPI\",VLOOKUP($D147,SINAPI_SERV_CONJ_052025!$I:$M,3,0),IF($B147=\"COMPOSIÇÃO\",VLOOKUP($D147,#REF!,7,0),IF($B147=\"COTAÇÃO\",VLOOKUP($D147,#REF!,5,0),IF($B147=\"SBC\",VLOOKUP($D147,#REF!,3,0),FALSE))))))),IF($O$6=\"NÃO DESONERADO\",IF($C147=\"\",\"\",IF($B147=\"EMOP\",VLOOKUP($C147,EMOP_CONJ_03.2026!$A:$D,3,0),IF($B147=\"SCO\",VLOOKUP($C147,SCO_SERV_CONJ_052025!$A:$D,3,0),IF($B147=\"SINAPI\",VLOOKUP($C147,SINAPI_SERV_CONJ_052025!$I:$L,3,0),IF($B147=\"COMPOSIÇÃO\",VLOOKUP($C147,#REF!,7,0),IF($B147=\"COTAÇÃO\",VLOOKUP($C147,#REF!,5,0),IF($B147=\"SBC\",VLOOKUP($C147,#REF!,3,0),IF($B147=\"SICRO\",VLOOKUP($C147,SICRO_02022!$A:$D,3,0),FALSE))))))))))","v":"MES"}]
[]
[null,null,null,null,null,"Quantidade (un)",null,"Meses",null,"Dedicação mensal (%)",null,"Total (mês)"]
[null,null,null,null,null,2,"x",12,"x",1,"=",{"$f":"TRUNC(F150*H150*J150,2)","v":24}]
[]
["3.2","EMOP","05.105.0125-0",{"$f":"IF($T$6=\"DESONERADO\",IF($B152=\"\",\"\",IF($C152=\"\",\"\",IF($B152=\"EMOP\",VLOOKUP($C152,EMOP_CONJ_03.2026!$A:$I,6,FALSE),IF($B152=\"SINAPI\",$C152,IF($B152=\"SCO\",VLOOKUP($C152,SCO_SERV_CONJ_052025!$A:$F,6,FALSE),IF($B152=\"SBC\",$C152,IF($B152=\"COMPOSIÇÃO\",CONCATENATE($C152,\"-D\"),IF($B152=\"COTAÇÃO\",$C152)))))))),FALSE)","v":"05.105.0125-A"},{"$f":"IF($O$6=\"DESONERADO\",IF($D152=\"\",\"\",IF($B152=\"EMOP\",VLOOKUP($D152,EMOP_CONJ_03.2026!$F:$I,2,0),IF($B152=\"SCO\",VLOOKUP($D152,SCO_SERV_CONJ_052025!$F:$I,2,0),IF($B152=\"SINAPI\",VLOOKUP($D152,SINAPI_SERV_CONJ_052025!$I:$M,2,0),IF($B152=\"COMPOSIÇÃO\",VLOOKUP($D152,#REF!,3,FALSE),IF($B152=\"COTAÇÃO\",VLOOKUP($D152,#REF!,2,0),IF($B152=\"SBC\",VLOOKUP($D152,#REF!,2,0),IF($B152=\"SICRO\",VLOOKUP($D152,SICRO_02022!$F:$I,2,0),FALSE)))))))),IF($O$6=\"NÃO DESONERADO\",IF($C152=\"\",\"\",IF($B152=\"EMOP\",VLOOKUP($C152,EMOP_CONJ_03.2026!$A:$D,2,0),IF($B152=\"SCO\",VLOOKUP($C152,SCO_SERV_CONJ_052025!$A:$D,2,0),IF($B152=\"SINAPI\",VLOOKUP($C152,SINAPI_SERV_CONJ_052025!$I:$L,2,0),IF($B152=\"COMPOSIÇÃO\",VLOOKUP($C152,#REF!,3,0),IF($B152=\"COTAÇÃO\",VLOOKUP($C152,#REF!,2,0),IF($B152=\"SBC\",VLOOKUP($C152,#REF!,2,0),IF($B152=\"SICRO\",VLOOKUP($C152,SICRO_02022!$A:$D,2,0),FALSE))))))))))","v":"MAO-DE-OBRA DE AUXILIAR TECNICO,INCLUSIVE ENCARGOS SOCIAIS"},null,null,null,null,null,null,null,null,null,null,{"$f":"L155","v":24},{"$f":"IF($O$6=\"DESONERADO\",IF($D152=\"\",\"\",IF($B152=\"EMOP\",VLOOKUP($D152,EMOP_CONJ_03.2026!$F:$I,3,0),IF($B152=\"SCO\",VLOOKUP($D152,SCO_SERV_CONJ_052025!$F:$I,3,0),IF($B152=\"SINAPI\",VLOOKUP($D152,SINAPI_SERV_CONJ_052025!$I:$M,3,0),IF($B152=\"COMPOSIÇÃO\",VLOOKUP($D152,#REF!,7,0),IF($B152=\"COTAÇÃO\",VLOOKUP($D152,#REF!,5,0),IF($B152=\"SBC\",VLOOKUP($D152,#REF!,3,0),FALSE))))))),IF($O$6=\"NÃO DESONERADO\",IF($C152=\"\",\"\",IF($B152=\"EMOP\",VLOOKUP($C152,EMOP_CONJ_03.2026!$A:$D,3,0),IF($B152=\"SCO\",VLOOKUP($C152,SCO_SERV_CONJ_052025!$A:$D,3,0),IF($B152=\"SINAPI\",VLOOKUP($C152,SINAPI_SERV_CONJ_052025!$I:$L,3,0),IF($B152=\"COMPOSIÇÃO\",VLOOKUP($C152,#REF!,7,0),IF($B152=\"COTAÇÃO\",VLOOKUP($C152,#REF!,5,0),IF($B152=\"SBC\",VLOOKUP($C152,#REF!,3,0),IF($B152=\"SICRO\",VLOOKUP($C152,SICRO_02022!$A:$D,3,0),FALSE))))))))))","v":"MES"}]
[]
[null,null,null,null,null,"Quantidade (un)",null,"Meses",null,"Dedicação mensal (%)",null,"Total (mês)"]
[null,null,null,null,null,2,"x",12,"x",1,"=",{"$f":"TRUNC(F155*H155*J155,2)","v":24}]
[]
["3.3","EMOP","05.105.0131-0",{"$f":"IF($T$6=\"DESONERADO\",IF($B157=\"\",\"\",IF($C157=\"\",\"\",IF($B157=\"EMOP\",VLOOKUP($C157,EMOP_CONJ_03.2026!$A:$I,6,FALSE),IF($B157=\"SINAPI\",$C157,IF($B157=\"SCO\",VLOOKUP($C157,SCO_SERV_CONJ_052025!$A:$F,6,FALSE),IF($B157=\"SBC\",$C157,IF($B157=\"COMPOSIÇÃO\",CONCATENATE($C157,\"-D\"),IF($B157=\"COTAÇÃO\",$C157)))))))),FALSE)","v":"05.105.0131-A"},{"$f":"IF($O$6=\"DESONERADO\",IF($D157=\"\",\"\",IF($B157=\"EMOP\",VLOOKUP($D157,EMOP_CONJ_03.2026!$F:$I,2,0),IF($B157=\"SCO\",VLOOKUP($D157,SCO_SERV_CONJ_052025!$F:$I,2,0),IF($B157=\"SINAPI\",VLOOKUP($D157,SINAPI_SERV_CONJ_052025!$I:$M,2,0),IF($B157=\"COMPOSIÇÃO\",VLOOKUP($D157,#REF!,3,FALSE),IF($B157=\"COTAÇÃO\",VLOOKUP($D157,#REF!,2,0),IF($B157=\"SBC\",VLOOKUP($D157,#REF!,2,0),IF($B157=\"SICRO\",VLOOKUP($D157,SICRO_02022!$F:$I,2,0),FALSE)))))))),IF($O$6=\"NÃO DESONERADO\",IF($C157=\"\",\"\",IF($B157=\"EMOP\",VLOOKUP($C157,EMOP_CONJ_03.2026!$A:$D,2,0),IF($B157=\"SCO\",VLOOKUP($C157,SCO_SERV_CONJ_052025!$A:$D,2,0),IF($B157=\"SINAPI\",VLOOKUP($C157,SINAPI_SERV_CONJ_052025!$I:$L,2,0),IF($B157=\"COMPOSIÇÃO\",VLOOKUP($C157,#REF!,3,0),IF($B157=\"COTAÇÃO\",VLOOKUP($C157,#REF!,2,0),IF($B157=\"SBC\",VLOOKUP($C157,#REF!,2,0),IF($B157=\"SICRO\",VLOOKUP($C157,SICRO_02022!$A:$D,2,0),FALSE))))))))))","v":"MAO-DE-OBRA DE ENGENHEIRO OU ARQUITETO SENIOR,INCLUSIVE ENCARGOS SOCIAIS"},null,null,null,null,null,null,null,null,null,null,{"$f":"L160","v":12},{"$f":"IF($O$6=\"DESONERADO\",IF($D157=\"\",\"\",IF($B157=\"EMOP\",VLOOKUP($D157,EMOP_CONJ_03.2026!$F:$I,3,0),IF($B157=\"SCO\",VLOOKUP($D157,SCO_SERV_CONJ_052025!$F:$I,3,0),IF($B157=\"SINAPI\",VLOOKUP($D157,SINAPI_SERV_CONJ_052025!$I:$M,3,0),IF($B157=\"COMPOSIÇÃO\",VLOOKUP($D157,#REF!,7,0),IF($B157=\"COTAÇÃO\",VLOOKUP($D157,#REF!,5,0),IF($B157=\"SBC\",VLOOKUP($D157,#REF!,3,0),FALSE))))))),IF($O$6=\"NÃO DESONERADO\",IF($C157=\"\",\"\",IF($B157=\"EMOP\",VLOOKUP($C157,EMOP_CONJ_03.2026!$A:$D,3,0),IF($B157=\"SCO\",VLOOKUP($C157,SCO_SERV_CONJ_052025!$A:$D,3,0),IF($B157=\"SINAPI\",VLOOKUP($C157,SINAPI_SERV_CONJ_052025!$I:$L,3,0),IF($B157=\"COMPOSIÇÃO\",VLOOKUP($C157,#REF!,7,0),IF($B157=\"COTAÇÃO\",VLOOKUP($C157,#REF!,5,0),IF($B157=\"SBC\",VLOOKUP($C157,#REF!,3,0),IF($B157=\"SICRO\",VLOOKUP($C157,SICRO_02022!$A:$D,3,0),FALSE))))))))))","v":"MES"}]
[]
[null,null,null,null,null,"Quantidade (un)",null,"Meses",null,"Dedicação mensal (%)",null,"Total (mês)"]
[null,null,null,null,null,1,"x",12,"x",1,"=",{"$f":"TRUNC(F160*H160*J160,2)","v":12}]
[]
["3.4","EMOP","19.004.0402-0",{"$f":"IF($T$6=\"DESONERADO\",IF($B162=\"\",\"\",IF($C162=\"\",\"\",IF($B162=\"EMOP\",VLOOKUP($C162,EMOP_CONJ_03.2026!$A:$I,6,FALSE),IF($B162=\"SINAPI\",$C162,IF($B162=\"SCO\",VLOOKUP($C162,SCO_SERV_CONJ_052025!$A:$F,6,FALSE),IF($B162=\"SBC\",$C162,IF($B162=\"COMPOSIÇÃO\",CONCATENATE($C162,\"-D\"),IF($B162=\"COTAÇÃO\",$C162)))))))),FALSE)","v":"19.004.0402-A"},{"$f":"IF($O$6=\"DESONERADO\",IF($D162=\"\",\"\",IF($B162=\"EMOP\",VLOOKUP($D162,EMOP_CONJ_03.2026!$F:$I,2,0),IF($B162=\"SCO\",VLOOKUP($D162,SCO_SERV_CONJ_052025!$F:$I,2,0),IF($B162=\"SINAPI\",VLOOKUP($D162,SINAPI_SERV_CONJ_052025!$I:$M,2,0),IF($B162=\"COMPOSIÇÃO\",VLOOKUP($D162,#REF!,3,FALSE),IF($B162=\"COTAÇÃO\",VLOOKUP($D162,#REF!,2,0),IF($B162=\"SBC\",VLOOKUP($D162,#REF!,2,0),IF($B162=\"SICRO\",VLOOKUP($D162,SICRO_02022!$F:$I,2,0),FALSE)))))))),IF($O$6=\"NÃO DESONERADO\",IF($C162=\"\",\"\",IF($B162=\"EMOP\",VLOOKUP($C162,EMOP_CONJ_03.2026!$A:$D,2,0),IF($B162=\"SCO\",VLOOKUP($C162,SCO_SERV_CONJ_052025!$A:$D,2,0),IF($B162=\"SINAPI\",VLOOKUP($C162,SINAPI_SERV_CONJ_052025!$I:$L,2,0),IF($B162=\"COMPOSIÇÃO\",VLOOKUP($C162,#REF!,3,0),IF($B162=\"COTAÇÃO\",VLOOKUP($C162,#REF!,2,0),IF($B162=\"SBC\",VLOOKUP($C162,#REF!,2,0),IF($B162=\"SICRO\",VLOOKUP($C162,SICRO_02022!$A:$D,2,0),FALSE))))))))))","v":"CAMIONETE TIPO PICK-UP,COM CABINE SIMPLES E CACAMBA,TIPO LEVE,MOTOR BICOMBUSTIVEL (GASOLINA E ALCOOL) DE 1,6 LITROS,INCLUSIVE MOTORISTA E COMBUSTIVEL"},null,null,null,null,null,null,null,null,null,null,{"$f":"J165","v":24},{"$f":"IF($O$6=\"DESONERADO\",IF($D162=\"\",\"\",IF($B162=\"EMOP\",VLOOKUP($D162,EMOP_CONJ_03.2026!$F:$I,3,0),IF($B162=\"SCO\",VLOOKUP($D162,SCO_SERV_CONJ_052025!$F:$I,3,0),IF($B162=\"SINAPI\",VLOOKUP($D162,SINAPI_SERV_CONJ_052025!$I:$M,3,0),IF($B162=\"COMPOSIÇÃO\",VLOOKUP($D162,#REF!,7,0),IF($B162=\"COTAÇÃO\",VLOOKUP($D162,#REF!,5,0),IF($B162=\"SBC\",VLOOKUP($D162,#REF!,3,0),FALSE))))))),IF($O$6=\"NÃO DESONERADO\",IF($C162=\"\",\"\",IF($B162=\"EMOP\",VLOOKUP($C162,EMOP_CONJ_03.2026!$A:$D,3,0),IF($B162=\"SCO\",VLOOKUP($C162,SCO_SERV_CONJ_052025!$A:$D,3,0),IF($B162=\"SINAPI\",VLOOKUP($C162,SINAPI_SERV_CONJ_052025!$I:$L,3,0),IF($B162=\"COMPOSIÇÃO\",VLOOKUP($C162,#REF!,7,0),IF($B162=\"COTAÇÃO\",VLOOKUP($C162,#REF!,5,0),IF($B162=\"SBC\",VLOOKUP($C162,#REF!,3,0),IF($B162=\"SICRO\",VLOOKUP($C162,SICRO_02022!$A:$D,3,0),FALSE))))))))))","v":"MES"}]
[]
[null,null,null,null,null,"Quantidade (un)",null,"Meses",null,"Total (mês)"]
[null,null,null,null,null,2,"x",12,"=",{"$f":"TRUNC(F165*H165,2)","v":24}]
[]
["4.0",null,null,{"$f":"MID(C167,1,2)","v":""},"ADMINISTRAÇÃO LOCAL",null,null,null,null,null,null,null,null,null,null,null,null,{"$f":"A167","v":"4.0"}]
["4.1","EMOP","05.100.0900-0",{"$f":"IF($T$6=\"DESONERADO\",IF($B168=\"\",\"\",IF($C168=\"\",\"\",IF($B168=\"EMOP\",VLOOKUP($C168,EMOP_CONJ_03.2026!$A:$I,6,FALSE),IF($B168=\"SINAPI\",$C168,IF($B168=\"SCO\",VLOOKUP($C168,SCO_SERV_CONJ_052025!$A:$F,6,FALSE),IF($B168=\"SBC\",$C168,IF($B168=\"COMPOSIÇÃO\",CONCATENATE($C168,\"-D\"),IF($B168=\"COTAÇÃO\",$C168)))))))),FALSE)","v":"05.100.0900-A"},{"$f":"IF($O$6=\"DESONERADO\",IF($D168=\"\",\"\",IF($B168=\"EMOP\",VLOOKUP($D168,EMOP_CONJ_03.2026!$F:$I,2,0),IF($B168=\"SCO\",VLOOKUP($D168,SCO_SERV_CONJ_052025!$F:$I,2,0),IF($B168=\"SINAPI\",VLOOKUP($D168,SINAPI_SERV_CONJ_052025!$I:$M,2,0),IF($B168=\"COMPOSIÇÃO\",VLOOKUP($D168,#REF!,3,FALSE),IF($B168=\"COTAÇÃO\",VLOOKUP($D168,#REF!,2,0),IF($B168=\"SBC\",VLOOKUP($D168,#REF!,2,0),IF($B168=\"SICRO\",VLOOKUP($D168,SICRO_02022!$F:$I,2,0),FALSE)))))))),IF($O$6=\"NÃO DESONERADO\",IF($C168=\"\",\"\",IF($B168=\"EMOP\",VLOOKUP($C168,EMOP_CONJ_03.2026!$A:$D,2,0),IF($B168=\"SCO\",VLOOKUP($C168,SCO_SERV_CONJ_052025!$A:$D,2,0),IF($B168=\"SINAPI\",VLOOKUP($C168,SINAPI_SERV_CONJ_052025!$I:$L,2,0),IF($B168=\"COMPOSIÇÃO\",VLOOKUP($C168,#REF!,3,0),IF($B168=\"COTAÇÃO\",VLOOKUP($C168,#REF!,2,0),IF($B168=\"SBC\",VLOOKUP($C168,#REF!,2,0),IF($B168=\"SICRO\",VLOOKUP($C168,SICRO_02022!$A:$D,2,0),FALSE))))))))))","v":"UNIDADE REF.P/COMPL.ADM LOCAL,CONSID:CONSUMO AGUA,TEL.ENERGIA ELETR.MAT.LIMPEZA ESCRITORIO,COMPUTADORES LICENCA OBRA,MOVEIS UTENSILIOS,AR COND.BEBEDOURO,ART,RRT,FOTOGRAFIAS,UNIFORMES,DARIAS,EXAMES ADMISSIONAIS,PERIODICOS E DEMISSIONAIS,CURSOS CAPACITACAO/TREINAMENTO ITENS COMPLEMENTEM DESP.NECESS.EXCL.DESP.C/CAFE MANHA,REFEICAO,CESTA BASICA E VALE TRANSPORTE"},null,null,null,null,null,null,null,null,null,null,null,{"$f":"IF($O$6=\"DESONERADO\",IF($D168=\"\",\"\",IF($B168=\"EMOP\",VLOOKUP($D168,EMOP_CONJ_03.2026!$F:$I,3,0),IF($B168=\"SCO\",VLOOKUP($D168,SCO_SERV_CONJ_052025!$F:$I,3,0),IF($B168=\"SINAPI\",VLOOKUP($D168,SINAPI_SERV_CONJ_052025!$I:$M,3,0),IF($B168=\"COMPOSIÇÃO\",VLOOKUP($D168,#REF!,7,0),IF($B168=\"COTAÇÃO\",VLOOKUP($D168,#REF!,5,0),IF($B168=\"SBC\",VLOOKUP($D168,#REF!,3,0),FALSE))))))),IF($O$6=\"NÃO DESONERADO\",IF($C168=\"\",\"\",IF($B168=\"EMOP\",VLOOKUP($C168,EMOP_CONJ_03.2026!$A:$D,3,0),IF($B168=\"SCO\",VLOOKUP($C168,SCO_SERV_CONJ_052025!$A:$D,3,0),IF($B168=\"SINAPI\",VLOOKUP($C168,SINAPI_SERV_CONJ_052025!$I:$L,3,0),IF($B168=\"COMPOSIÇÃO\",VLOOKUP($C168,#REF!,7,0),IF($B168=\"COTAÇÃO\",VLOOKUP($C168,#REF!,5,0),IF($B168=\"SBC\",VLOOKUP($C168,#REF!,3,0),IF($B168=\"SICRO\",VLOOKUP($C168,SICRO_02022!$A:$D,3,0),FALSE))))))))))","v":"UR"}]
[]
[null,null,"Aplicação",null,null,"Valor Serviços (R$)",null,"(%)",null,"Valor a ser medido (R$)",null,"Valor do item (R$)",null,"Total (UR)"]
[null,null,"Adm Local",null,"=",{"$f":"TRUNC(ORÇ_ONE!K13+ORÇ_ONE!K19+ORÇ_ONE!K35,5)","v":18915368.719999999},"x",0.04,"=",{"$f":"TRUNC(F171*H171,5)","v":756614.74879999994},"/",{"$f":"TRUNC(VLOOKUP(C168,EMOP_CONJ_03.2026!$A:$D,4,0)*(1+ORÇ_ONE!$K$8),2)","v":45.01},"=",{"$f":"TRUNC(J171/L171,5)","v":16809.92554}]

{"sheet":"ORÇ_ONE","index":1,"n_rows":42,"n_cols":15,"rows_kept":42,"cut":false,"hidden":false,"merged":[[41,1,41,6],[9,7,9,8],[9,9,9,10],[10,9,11,9],[10,10,11,10],[3,3,3,10],[0,1,0,10],[9,1,11,1],[9,6,11,6],[10,8,11,8],[10,7,11,7],[9,2,11,2],[9,3,11,3],[9,4,11,4],[9,5,11,5],[5,1,5,3],[5,4,5,5],[2,1,2,2],[3,1,3,2],[4,1,4,2],[2,3,2,10]]}
[null,"PLANILHA ORÇAMENTÁRIA"]
[null,"                                                                                                                                                                                                                               "]
[null,"OBRA:",null,{"$f":"M.CÁLCULO!B3","v":"CONTRATAÇÃO DE EMPRESA ESPECIALIZADA PARA ELABORAÇÃO DE PROJETOS DE INFRAESTRUTURA"}]
[null,"LOCAL:",null,{"$f":"M.CÁLCULO!B4","v":"SAQUAREMA - RJ"}]
[null,"PRAZO:",null,{"$f":"M.CÁLCULO!M5","v":12}]
[null," CONTRIBUIÇÃO PREVIDENCIÁRIA:",null,null,"NÃO DESONERADO"]
[null,"IO:",{"$f":"M.CÁLCULO!L7","v":"EMOP - MARÇO/2026"}]
[null,null,null,null,null,null,null,null,null,"BDI:",{"$f":"COMP_BDI!C43","v":0.2215}]
[]
[null,"ITEM","ORIGEM","CÓDIGOS","DESCRIÇÃO","UNID.","QUANT.","SEM BDI",null,"COM BDI"]
[null,null,null,null,null,null,null,"PÇ. UNIT. S/ BDI","TOTAL S/ BDI","PÇ. UNIT. C/ BDI","TOTAL C/ BDI"]
[]
["SUBTOTAL","1.0",null,null,{"$f":"M.CÁLCULO!E9","v":"PROJETOS"},null,null,null,{"$f":"SUMIF($A:$A,$B13,$I:$I)","v":12850969.82},null,{"$f":"SUMIF($A:$A,$B13,$K:$K)","v":15697134.07}]
[{"$f":"$B$13","v":"1.0"},"1.1",{"$f":"VLOOKUP(B14,M.CÁLCULO!$A:$P,2,0)","v":"EMOP"},{"$f":"IF($E$6=\"NÃO DESONERADO\",VLOOKUP($B14,M.CÁLCULO!$A:$Q,3,FALSE),IF($E$6=\"DESONERADO\",VLOOKUP($B14,M.CÁLCULO!$A:$Q,4,FALSE),FALSE))","v":"01.016.0082-0"},{"$f":"IF($E$6=\"DESONERADO\",IF($D14=\"\",\"\",IF($C14=\"EMOP\",VLOOKUP($D14,EMOP_CONJ_03.2026!$F:$I,2,0),IF($C14=\"SCO\",VLOOKUP($D14,SCO_SERV_CONJ_052025!$F:$I,2,0),IF($C14=\"SINAPI\",VLOOKUP($D14,SINAPI_SERV_CONJ_052025!$I:$M,2,0),IF($C14=\"COMPOSIÇÃO\",VLOOKUP($D14,#REF!,4,0),IF($C14=\"COTAÇÃO\",VLOOKUP($D14,#REF!,2,0),IF($C14=\"SBC\",VLOOKUP($D14,#REF!,2,0),IF($C14=\"SICRO\",VLOOKUP($D14,SICRO_02022!$F:$I,2,0),FALSE)))))))),IF($E$6=\"NÃO DESONERADO\",IF($D14=\"\",\"\",IF($C14=\"EMOP\",VLOOKUP($D14,EMOP_CONJ_03.2026!$A:$D,2,0),IF($C14=\"SCO\",VLOOKUP($D14,SCO_SERV_CONJ_052025!$A:$D,2,0),IF($C14=\"SINAPI\",VLOOKUP($D14,SINAPI_SERV_CONJ_052025!$I:$L,2,0),IF($C14=\"COMPOSIÇÃO\",VLOOKUP($D14,#REF!,3,0),IF($C14=\"COTAÇÃO\",VLOOKUP($D14,#REF!,2,0),IF($C14=\"SBC\",VLOOKUP($D14,#REF!,2,0),IF($C14=\"SICRO\",VLOOKUP($D14,SICRO_02022!$A:$D,2,0),FALSE))))))))))","v":"LEVANTAMENTO PLANIALTIMETRICO CADASTRAL DE AREA URBANA OU SUBURBANA,DESTINADA A REGULARIZACAO FUNDIARIA,PROJETOS VIARIOSE DE INFRAESTRUTURA,URBANIZAZAO E ASSEMELHADOS,UTILIZANDO POLIGONAL III PAC,DESENHO NA ESCALA DE 1:250 A 1:100 EM AREASMEDIANAMENTE OCUPADAS(ATE 50% DAS QUADRAS),EM AREAS ACIMA DE10000M2"},{"$f":"IF($E$6=\"DESONERADO\",IF($D14=\"\",\"\",IF($C14=\"EMOP\",VLOOKUP($D14,EMOP_CONJ_03.2026!$F:$I,3,0),IF($C14=\"SCO\",VLOOKUP($D14,SCO_SERV_CONJ_052025!$F:$I,3,0),IF($C14=\"SINAPI\",VLOOKUP($D14,SINAPI_SERV_CONJ_052025!$I:$M,3,0),IF($C14=\"COMPOSIÇÃO\",VLOOKUP($D14,#REF!,7,0),IF($C14=\"COTAÇÃO\",VLOOKUP($D14,#REF!,5,0),IF($C14=\"SBC\",VLOOKUP($D14,#REF!,3,0),IF($C14=\"SICRO\",VLOOKUP($D14,SICRO_02022!$F:$I,3,0),FALSE)))))))),IF($E$6=\"NÃO DESONERADO\",IF($D14=\"\",\"\",IF($C14=\"EMOP\",VLOOKUP($D14,EMOP_CONJ_03.2026!$A:$D,3,0),IF($C14=\"SCO\",VLOOKUP($D14,SCO_SERV_CONJ_052025!$A:$D,3,0),IF($C14=\"SINAPI\",VLOOKUP($D14,SINAPI_SERV_CONJ_052025!$I:$L,3,0),IF($C14=\"COMPOSIÇÃO\",VLOOKUP($D14,#REF!,7,0),IF($C14=\"COTAÇÃO\",VLOOKUP($D14,#REF!,5,0),IF($C14=\"SBC\",VLOOKUP($D14,#REF!,3,0),FALSOSE($C14=\"SICRO\",VLOOKUP($D14,SICRO_02022!$A:$D,3,0),FALSE))))))))))","v":"M2"},{"$f":"VLOOKUP($B14,M.CÁLCULO!$A:$Q,16,0)","v":840000},{"$f":"IF($E$6=\"DESONERADO\",IF($D14=\"\",\"\",IF($C14=\"EMOP\",VLOOKUP($D14,EMOP_CONJ_03.2026!$F:$I,4,0),IF($C14=\"SCO\",VLOOKUP($D14,SCO_SERV_CONJ_052025!$F:$I,4,0),IF($C14=\"SINAPI\",VLOOKUP($D14,SINAPI_SERV_CONJ_052025!$I:$M,5,0),IF($C14=\"COMPOSIÇÃO\",VLOOKUP($D14,#REF!,9,0),IF($C14=\"COTAÇÃO\",VLOOKUP($D14,#REF!,8,0),IF($C14=\"SBC\",VLOOKUP($D14,#REF!,4,0),IF($C14=\"SICRO\",VLOOKUP($D14,SICRO_02022!$F:$I,4,0),FALSE)))))))),IF($E$6=\"NÃO DESONERADO\",IF($D14=\"\",\"\",IF($C14=\"EMOP\",VLOOKUP($D14,EMOP_CONJ_03.2026!$A:$D,4,0),IF($C14=\"SCO\",VLOOKUP($D14,SCO_SERV_CONJ_052025!$A:$D,4,0),IF($C14=\"SINAPI\",VLOOKUP($D14,SINAPI_SERV_CONJ_052025!$I:$L,4,0),IF($C14=\"COMPOSIÇÃO\",VLOOKUP($D14,#REF!,9,0),IF($C14=\"COTAÇÃO\",VLOOKUP($D14,#REF!,8,0),IF($C14=\"SBC\",VLOOKUP($D14,#REF!,4,0),IF($C14=\"SICRO\",VLOOKUP($D14,SICRO_02022!$A:$D,4,0),FALSE))))))))))","v":2.0499999999999998},{"$f":"TRUNC(G14*H14,2)","v":1722000},{"$f":"TRUNC(H14*(1+$K$8),4)","v":2.504},{"$f":"TRUNC(G14*J14,2)","v":2103360}]
[{"$f":"$B$13","v":"1.0"},"1.2",{"$f":"VLOOKUP(B15,M.CÁLCULO!$A:$P,2,0)","v":"EMOP"},{"$f":"IF($E$6=\"NÃO DESONERADO\",VLOOKUP($B15,M.CÁLCULO!$A:$Q,3,FALSE),IF($E$6=\"DESONERADO\",VLOOKUP($B15,M.CÁLCULO!$A:$Q,4,FALSE),FALSE))","v":"01.050.0157-0"},{"$f":"IF($E$6=\"DESONERADO\",IF($D15=\"\",\"\",IF($C15=\"EMOP\",VLOOKUP($D15,EMOP_CONJ_03.2026!$F:$I,2,0),IF($C15=\"SCO\",VLOOKUP($D15,SCO_SERV_CONJ_052025!$F:$I,2,0),IF($C15=\"SINAPI\",VLOOKUP($D15,SINAPI_SERV_CONJ_052025!$I:$M,2,0),IF($C15=\"COMPOSIÇÃO\",VLOOKUP($D15,#REF!,4,0),IF($C15=\"COTAÇÃO\",VLOOKUP($D15,#REF!,2,0),IF($C15=\"SBC\",VLOOKUP($D15,#REF!,2,0),IF($C15=\"SICRO\",VLOOKUP($D15,SICRO_02022!$F:$I,2,0),FALSE)))))))),IF($E$6=\"NÃO DESONERADO\",IF($D15=\"\",\"\",IF($C15=\"EMOP\",VLOOKUP($D15,EMOP_CONJ_03.2026!$A:$D,2,0),IF($C15=\"SCO\",VLOOKUP($D15,SCO_SERV_CONJ_052025!$A:$D,2,0),IF($C15=\"SINAPI\",VLOOKUP($D15,SINAPI_SERV_CONJ_052025!$I:$L,2,0),IF($C15=\"COMPOSIÇÃO\",VLOOKUP($D15,#REF!,3,0),IF($C15=\"COTAÇÃO\",VLOOKUP($D15,#REF!,2,0),IF($C15=\"SBC\",VLOOKUP($D15,#REF!,2,0),IF($C15=\"SICRO\",VLOOKUP($D15,SICRO_02022!$A:$D,2,0),FALSE))))))))))","v":"PROJETO EXECUTIVO DE SISTEMA DE DRENAGEM ACIMA DE 20.000M2,APRESENTADO NOS PADROES DA CONTRATANTE"},{"$f":"IF($E$6=\"DESONERADO\",IF($D15=\"\",\"\",IF($C15=\"EMOP\",VLOOKUP($D15,EMOP_CONJ_03.2026!$F:$I,3,0),IF($C15=\"SCO\",VLOOKUP($D15,SCO_SERV_CONJ_052025!$F:$I,3,0),IF($C15=\"SINAPI\",VLOOKUP($D15,SINAPI_SERV_CONJ_052025!$I:$M,3,0),IF($C15=\"COMPOSIÇÃO\",VLOOKUP($D15,#REF!,7,0),IF($C15=\"COTAÇÃO\",VLOOKUP($D15,#REF!,5,0),IF($C15=\"SBC\",VLOOKUP($D15,#REF!,3,0),IF($C15=\"SICRO\",VLOOKUP($D15,SICRO_02022!$F:$I,3,0),FALSE)))))))),IF($E$6=\"NÃO DESONERADO\",IF($D15=\"\",\"\",IF($C15=\"EMOP\",VLOOKUP($D15,EMOP_CONJ_03.2026!$A:$D,3,0),IF($C15=\"SCO\",VLOOKUP($D15,SCO_SERV_CONJ_052025!$A:$D,3,0),IF($C15=\"SINAPI\",VLOOKUP($D15,SINAPI_SERV_CONJ_052025!$I:$L,3,0),IF($C15=\"COMPOSIÇÃO\",VLOOKUP($D15,#REF!,7,0),IF($C15=\"COTAÇÃO\",VLOOKUP($D15,#REF!,5,0),IF($C15=\"SBC\",VLOOKUP($D15,#REF!,3,0),FALSOSE($C15=\"SICRO\",VLOOKUP($D15,SICRO_02022!$A:$D,3,0),FALSE))))))))))","v":"M2"},{"$f":"VLOOKUP($B15,M.CÁLCULO!$A:$Q,16,0)","v":3500000},{"$f":"IF($E$6=\"DESONERADO\",IF($D15=\"\",\"\",IF($C15=\"EMOP\",VLOOKUP($D15,EMOP_CONJ_03.2026!$F:$I,4,0),IF($C15=\"SCO\",VLOOKUP($D15,SCO_SERV_CONJ_052025!$F:$I,4,0),IF($C15=\"SINAPI\",VLOOKUP($D15,SINAPI_SERV_CONJ_052025!$I:$M,5,0),IF($C15=\"COMPOSIÇÃO\",VLOOKUP($D15,#REF!,9,0),IF($C15=\"COTAÇÃO\",VLOOKUP($D15,#REF!,8,0),IF($C15=\"SBC\",VLOOKUP($D15,#REF!,4,0),IF($C15=\"SICRO\",VLOOKUP($D15,SICRO_02022!$F:$I,4,0),FALSE)))))))),IF($E$6=\"NÃO DESONERADO\",IF($D15=\"\",\"\",IF($C15=\"EMOP\",VLOOKUP($D15,EMOP_CONJ_03.2026!$A:$D,4,0),IF($C15=\"SCO\",VLOOKUP($D15,SCO_SERV_CONJ_052025!$A:$D,4,0),IF($C15=\"SINAPI\",VLOOKUP($D15,SINAPI_SERV_CONJ_052025!$I:$L,4,0),IF($C15=\"COMPOSIÇÃO\",VLOOKUP($D15,#REF!,9,0),IF($C15=\"COTAÇÃO\",VLOOKUP($D15,#REF!,8,0),IF($C15=\"SBC\",VLOOKUP($D15,#REF!,4,0),IF($C15=\"SICRO\",VLOOKUP($D15,SICRO_02022!$A:$D,4,0),FALSE))))))))))","v":1.05},3675000,{"$f":"TRUNC(H15*(1+$K$8),4)","v":1.2825},4488750]
[{"$f":"$B$13","v":"1.0"},"1.3",{"$f":"VLOOKUP(B16,M.CÁLCULO!$A:$P,2,0)","v":"EMOP"},{"$f":"IF($E$6=\"NÃO DESONERADO\",VLOOKUP($B16,M.CÁLCULO!$A:$Q,3,FALSE),IF($E$6=\"DESONERADO\",VLOOKUP($B16,M.CÁLCULO!$A:$Q,4,FALSE),FALSE))","v":"01.050.0165-0"},{"$f":"IF($E$6=\"DESONERADO\",IF($D16=\"\",\"\",IF($C16=\"EMOP\",VLOOKUP($D16,EMOP_CONJ_03.2026!$F:$I,2,0),IF($C16=\"SCO\",VLOOKUP($D16,SCO_SERV_CONJ_052025!$F:$I,2,0),IF($C16=\"SINAPI\",VLOOKUP($D16,SINAPI_SERV_CONJ_052025!$I:$M,2,0),IF($C16=\"COMPOSIÇÃO\",VLOOKUP($D16,#REF!,4,0),IF($C16=\"COTAÇÃO\",VLOOKUP($D16,#REF!,2,0),IF($C16=\"SBC\",VLOOKUP($D16,#REF!,2,0),IF($C16=\"SICRO\",VLOOKUP($D16,SICRO_02022!$F:$I,2,0),FALSE)))))))),IF($E$6=\"NÃO DESONERADO\",IF($D16=\"\",\"\",IF($C16=\"EMOP\",VLOOKUP($D16,EMOP_CONJ_03.2026!$A:$D,2,0),IF($C16=\"SCO\",VLOOKUP($D16,SCO_SERV_CONJ_052025!$A:$D,2,0),IF($C16=\"SINAPI\",VLOOKUP($D16,SINAPI_SERV_CONJ_052025!$I:$L,2,0),IF($C16=\"COMPOSIÇÃO\",VLOOKUP($D16,#REF!,3,0),IF($C16=\"COTAÇÃO\",VLOOKUP($D16,#REF!,2,0),IF($C16=\"SBC\",VLOOKUP($D16,#REF!,2,0),IF($C16=\"SICRO\",VLOOKUP($D16,SICRO_02022!$A:$D,2,0),FALSE))))))))))","v":"PROJETO EXECUTIVO PARA URBANIZACAO/REURBANIZACAO (GEOMETRICO,CORTES E DETALHES) PARA TRATAMENTO PAISAGISTICO DE AREAS PUBLICAS,APRESENTADO NOS PADROES DA CONTRATANTE,INCLUSIVE AS OPERACOES PERTINENTES E A COORDENACAO DOS PROJETOS COMPLEMENTARES"},{"$f":"IF($E$6=\"DESONERADO\",IF($D16=\"\",\"\",IF($C16=\"EMOP\",VLOOKUP($D16,EMOP_CONJ_03.2026!$F:$I,3,0),IF($C16=\"SCO\",VLOOKUP($D16,SCO_SERV_CONJ_052025!$F:$I,3,0),IF($C16=\"SINAPI\",VLOOKUP($D16,SINAPI_SERV_CONJ_052025!$I:$M,3,0),IF($C16=\"COMPOSIÇÃO\",VLOOKUP($D16,#REF!,7,0),IF($C16=\"COTAÇÃO\",VLOOKUP($D16,#REF!,5,0),IF($C16=\"SBC\",VLOOKUP($D16,#REF!,3,0),IF($C16=\"SICRO\",VLOOKUP($D16,SICRO_02022!$F:$I,3,0),FALSE)))))))),IF($E$6=\"NÃO DESONERADO\",IF($D16=\"\",\"\",IF($C16=\"EMOP\",VLOOKUP($D16,EMOP_CONJ_03.2026!$A:$D,3,0),IF($C16=\"SCO\",VLOOKUP($D16,SCO_SERV_CONJ_052025!$A:$D,3,0),IF($C16=\"SINAPI\",VLOOKUP($D16,SINAPI_SERV_CONJ_052025!$I:$L,3,0),IF($C16=\"COMPOSIÇÃO\",VLOOKUP($D16,#REF!,7,0),IF($C16=\"COTAÇÃO\",VLOOKUP($D16,#REF!,5,0),IF($C16=\"SBC\",VLOOKUP($D16,#REF!,3,0),FALSOSE($C16=\"SICRO\",VLOOKUP($D16,SICRO_02022!$A:$D,3,0),FALSE))))))))))","v":"HA"},{"$f":"VLOOKUP($B16,M.CÁLCULO!$A:$Q,16,0)","v":70},{"$f":"IF($E$6=\"DESONERADO\",IF($D16=\"\",\"\",IF($C16=\"EMOP\",VLOOKUP($D16,EMOP_CONJ_03.2026!$F:$I,4,0),IF($C16=\"SCO\",VLOOKUP($D16,SCO_SERV_CONJ_052025!$F:$I,4,0),IF($C16=\"SINAPI\",VLOOKUP($D16,SINAPI_SERV_CONJ_052025!$I:$M,5,0),IF($C16=\"COMPOSIÇÃO\",VLOOKUP($D16,#REF!,9,0),IF($C16=\"COTAÇÃO\",VLOOKUP($D16,#REF!,8,0),IF($C16=\"SBC\",VLOOKUP($D16,#REF!,4,0),IF($C16=\"SICRO\",VLOOKUP($D16,SICRO_02022!$F:$I,4,0),FALSE)))))))),IF($E$6=\"NÃO DESONERADO\",IF($D16=\"\",\"\",IF($C16=\"EMOP\",VLOOKUP($D16,EMOP_CONJ_03.2026!$A:$D,4,0),IF($C16=\"SCO\",VLOOKUP($D16,SCO_SERV_CONJ_052025!$A:$D,4,0),IF($C16=\"SINAPI\",VLOOKUP($D16,SINAPI_SERV_CONJ_052025!$I:$L,4,0),IF($C16=\"COMPOSIÇÃO\",VLOOKUP($D16,#REF!,9,0),IF($C16=\"COTAÇÃO\",VLOOKUP($D16,#REF!,8,0),IF($C16=\"SBC\",VLOOKUP($D16,#REF!,4,0),IF($C16=\"SICRO\",VLOOKUP($D16,SICRO_02022!$A:$D,4,0),FALSE))))))))))","v":74203.22},5194225.4000000004,90639.233200000002,6344746.3200000003]
[{"$f":"$B$13","v":"1.0"},"1.4",{"$f":"VLOOKUP(B17,M.CÁLCULO!$A:$P,2,0)","v":"EMOP"},{"$f":"IF($E$6=\"NÃO DESONERADO\",VLOOKUP($B17,M.CÁLCULO!$A:$Q,3,FALSE),IF($E$6=\"DESONERADO\",VLOOKUP($B17,M.CÁLCULO!$A:$Q,4,FALSE),FALSE))","v":"01.050.0300-0"},{"$f":"IF($E$6=\"DESONERADO\",IF($D17=\"\",\"\",IF($C17=\"EMOP\",VLOOKUP($D17,EMOP_CONJ_03.2026!$F:$I,2,0),IF($C17=\"SCO\",VLOOKUP($D17,SCO_SERV_CONJ_052025!$F:$I,2,0),IF($C17=\"SINAPI\",VLOOKUP($D17,SINAPI_SERV_CONJ_052025!$I:$M,2,0),IF($C17=\"COMPOSIÇÃO\",VLOOKUP($D17,#REF!,4,0),IF($C17=\"COTAÇÃO\",VLOOKUP($D17,#REF!,2,0),IF($C17=\"SBC\",VLOOKUP($D17,#REF!,2,0),IF($C17=\"SICRO\",VLOOKUP($D17,SICRO_02022!$F:$I,2,0),FALSE)))))))),IF($E$6=\"NÃO DESONERADO\",IF($D17=\"\",\"\",IF($C17=\"EMOP\",VLOOKUP($D17,EMOP_CONJ_03.2026!$A:$D,2,0),IF($C17=\"SCO\",VLOOKUP($D17,SCO_SERV_CONJ_052025!$A:$D,2,0),IF($C17=\"SINAPI\",VLOOKUP($D17,SINAPI_SERV_CONJ_052025!$I:$L,2,0),IF($C17=\"COMPOSIÇÃO\",VLOOKUP($D17,#REF!,3,0),IF($C17=\"COTAÇÃO\",VLOOKUP($D17,#REF!,2,0),IF($C17=\"SBC\",VLOOKUP($D17,#REF!,2,0),IF($C17=\"SICRO\",VLOOKUP($D17,SICRO_02022!$A:$D,2,0),FALSE))))))))))","v":"RELATORIO FINAL DE OBRAS OU SERVICOS DE ENGENHARIA,REGISTROFOTOGRAFICO DOS SERVICOS,ACOMPANHADO DE LEGENDAS E INDICACAODA LOCALIZACAO,INFORMACOES CONTRATUAIS,PLANILHA ORCAMENTARIA E DESCRICAO DO ESCOPO DOS SERVICOS REALIZADOS,CONF.RECOMENDACOES E ESPECIFICACOES DO ORGAO CONTRATANTE.O ITEM DEVERA SER MEDIDO PELO NUMERO PRANCHAS ORIGINAIS COMPOE RELATORIO"},{"$f":"IF($E$6=\"DESONERADO\",IF($D17=\"\",\"\",IF($C17=\"EMOP\",VLOOKUP($D17,EMOP_CONJ_03.2026!$F:$I,3,0),IF($C17=\"SCO\",VLOOKUP($D17,SCO_SERV_CONJ_052025!$F:$I,3,0),IF($C17=\"SINAPI\",VLOOKUP($D17,SINAPI_SERV_CONJ_052025!$I:$M,3,0),IF($C17=\"COMPOSIÇÃO\",VLOOKUP($D17,#REF!,7,0),IF($C17=\"COTAÇÃO\",VLOOKUP($D17,#REF!,5,0),IF($C17=\"SBC\",VLOOKUP($D17,#REF!,3,0),IF($C17=\"SICRO\",VLOOKUP($D17,SICRO_02022!$F:$I,3,0),FALSE)))))))),IF($E$6=\"NÃO DESONERADO\",IF($D17=\"\",\"\",IF($C17=\"EMOP\",VLOOKUP($D17,EMOP_CONJ_03.2026!$A:$D,3,0),IF($C17=\"SCO\",VLOOKUP($D17,SCO_SERV_CONJ_052025!$A:$D,3,0),IF($C17=\"SINAPI\",VLOOKUP($D17,SINAPI_SERV_CONJ_052025!$I:$L,3,0),IF($C17=\"COMPOSIÇÃO\",VLOOKUP($D17,#REF!,7,0),IF($C17=\"COTAÇÃO\",VLOOKUP($D17,#REF!,5,0),IF($C17=\"SBC\",VLOOKUP($D17,#REF!,3,0),FALSOSE($C17=\"SICRO\",VLOOKUP($D17,SICRO_02022!$A:$D,3,0),FALSE))))))))))","v":"UN"},{"$f":"VLOOKUP($B17,M.CÁLCULO!$A:$Q,16,0)","v":630},{"$f":"IF($E$6=\"DESONERADO\",IF($D17=\"\",\"\",IF($C17=\"EMOP\",VLOOKUP($D17,EMOP_CONJ_03.2026!$F:$I,4,0),IF($C17=\"SCO\",VLOOKUP($D17,SCO_SERV_CONJ_052025!$F:$I,4,0),IF($C17=\"SINAPI\",VLOOKUP($D17,SINAPI_SERV_CONJ_052025!$I:$M,5,0),IF($C17=\"COMPOSIÇÃO\",VLOOKUP($D17,#REF!,9,0),IF($C17=\"COTAÇÃO\",VLOOKUP($D17,#REF!,8,0),IF($C17=\"SBC\",VLOOKUP($D17,#REF!,4,0),IF($C17=\"SICRO\",VLOOKUP($D17,SICRO_02022!$F:$I,4,0),FALSE)))))))),IF($E$6=\"NÃO DESONERADO\",IF($D17=\"\",\"\",IF($C17=\"EMOP\",VLOOKUP($D17,EMOP_CONJ_03.2026!$A:$D,4,0),IF($C17=\"SCO\",VLOOKUP($D17,SCO_SERV_CONJ_052025!$A:$D,4,0),IF($C17=\"SINAPI\",VLOOKUP($D17,SINAPI_SERV_CONJ_052025!$I:$L,4,0),IF($C17=\"COMPOSIÇÃO\",VLOOKUP($D17,#REF!,9,0),IF($C17=\"COTAÇÃO\",VLOOKUP($D17,#REF!,8,0),IF($C17=\"SBC\",VLOOKUP($D17,#REF!,4,0),IF($C17=\"SICRO\",VLOOKUP($D17,SICRO_02022!$A:$D,4,0),FALSE))))))))))","v":2207.19},1390529.7,2696.0825,1698531.97]
[{"$f":"$B$13","v":"1.0"},"1.5",{"$f":"VLOOKUP(B18,M.CÁLCULO!$A:$P,2,0)","v":"EMOP"},{"$f":"IF($E$6=\"NÃO DESONERADO\",VLOOKUP($B18,M.CÁLCULO!$A:$Q,3,FALSE),IF($E$6=\"DESONERADO\",VLOOKUP($B18,M.CÁLCULO!$A:$Q,4,FALSE),FALSE))","v":"01.050.0724-0"},{"$f":"IF($E$6=\"DESONERADO\",IF($D18=\"\",\"\",IF($C18=\"EMOP\",VLOOKUP($D18,EMOP_CONJ_03.2026!$F:$I,2,0),IF($C18=\"SCO\",VLOOKUP($D18,SCO_SERV_CONJ_052025!$F:$I,2,0),IF($C18=\"SINAPI\",VLOOKUP($D18,SINAPI_SERV_CONJ_052025!$I:$M,2,0),IF($C18=\"COMPOSIÇÃO\",VLOOKUP($D18,#REF!,4,0),IF($C18=\"COTAÇÃO\",VLOOKUP($D18,#REF!,2,0),IF($C18=\"SBC\",VLOOKUP($D18,#REF!,2,0),IF($C18=\"SICRO\",VLOOKUP($D18,SICRO_02022!$F:$I,2,0),FALSE)))))))),IF($E$6=\"NÃO DESONERADO\",IF($D18=\"\",\"\",IF($C18=\"EMOP\",VLOOKUP($D18,EMOP_CONJ_03.2026!$A:$D,2,0),IF($C18=\"SCO\",VLOOKUP($D18,SCO_SERV_CONJ_052025!$A:$D,2,0),IF($C18=\"SINAPI\",VLOOKUP($D18,SINAPI_SERV_CONJ_052025!$I:$L,2,0),IF($C18=\"COMPOSIÇÃO\",VLOOKUP($D18,#REF!,3,0),IF($C18=\"COTAÇÃO\",VLOOKUP($D18,#REF!,2,0),IF($C18=\"SBC\",VLOOKUP($D18,#REF!,2,0),IF($C18=\"SICRO\",VLOOKUP($D18,SICRO_02022!$A:$D,2,0),FALSE))))))))))","v":"MAO-DE-OBRA DE CONSULTOR,PARA SERVICOS DE CONSULTORIA DE ENGENHARIA E ARQUITETURA,INCLUSIVE ENCARGOS SOCIAIS"},{"$f":"IF($E$6=\"DESONERADO\",IF($D18=\"\",\"\",IF($C18=\"EMOP\",VLOOKUP($D18,EMOP_CONJ_03.2026!$F:$I,3,0),IF($C18=\"SCO\",VLOOKUP($D18,SCO_SERV_CONJ_052025!$F:$I,3,0),IF($C18=\"SINAPI\",VLOOKUP($D18,SINAPI_SERV_CONJ_052025!$I:$M,3,0),IF($C18=\"COMPOSIÇÃO\",VLOOKUP($D18,#REF!,7,0),IF($C18=\"COTAÇÃO\",VLOOKUP($D18,#REF!,5,0),IF($C18=\"SBC\",VLOOKUP($D18,#REF!,3,0),IF($C18=\"SICRO\",VLOOKUP($D18,SICRO_02022!$F:$I,3,0),FALSE)))))))),IF($E$6=\"NÃO DESONERADO\",IF($D18=\"\",\"\",IF($C18=\"EMOP\",VLOOKUP($D18,EMOP_CONJ_03.2026!$A:$D,3,0),IF($C18=\"SCO\",VLOOKUP($D18,SCO_SERV_CONJ_052025!$A:$D,3,0),IF($C18=\"SINAPI\",VLOOKUP($D18,SINAPI_SERV_CONJ_052025!$I:$L,3,0),IF($C18=\"COMPOSIÇÃO\",VLOOKUP($D18,#REF!,7,0),IF($C18=\"COTAÇÃO\",VLOOKUP($D18,#REF!,5,0),IF($C18=\"SBC\",VLOOKUP($D18,#REF!,3,0),FALSOSE($C18=\"SICRO\",VLOOKUP($D18,SICRO_02022!$A:$D,3,0),FALSE))))))))))","v":"MES"},{"$f":"VLOOKUP($B18,M.CÁLCULO!$A:$Q,16,0)","v":12},{"$f":"IF($E$6=\"DESONERADO\",IF($D18=\"\",\"\",IF($C18=\"EMOP\",VLOOKUP($D18,EMOP_CONJ_03.2026!$F:$I,4,0),IF($C18=\"SCO\",VLOOKUP($D18,SCO_SERV_CONJ_052025!$F:$I,4,0),IF($C18=\"SINAPI\",VLOOKUP($D18,SINAPI_SERV_CONJ_052025!$I:$M,5,0),IF($C18=\"COMPOSIÇÃO\",VLOOKUP($D18,#REF!,9,0),IF($C18=\"COTAÇÃO\",VLOOKUP($D18,#REF!,8,0),IF($C18=\"SBC\",VLOOKUP($D18,#REF!,4,0),IF($C18=\"SICRO\",VLOOKUP($D18,SICRO_02022!$F:$I,4,0),FALSE)))))))),IF($E$6=\"NÃO DESONERADO\",IF($D18=\"\",\"\",IF($C18=\"EMOP\",VLOOKUP($D18,EMOP_CONJ_03.2026!$A:$D,4,0),IF($C18=\"SCO\",VLOOKUP($D18,SCO_SERV_CONJ_052025!$A:$D,4,0),IF($C18=\"SINAPI\",VLOOKUP($D18,SINAPI_SERV_CONJ_052025!$I:$L,4,0),IF($C18=\"COMPOSIÇÃO\",VLOOKUP($D18,#REF!,9,0),IF($C18=\"COTAÇÃO\",VLOOKUP($D18,#REF!,8,0),IF($C18=\"SBC\",VLOOKUP($D18,#REF!,4,0),IF($C18=\"SICRO\",VLOOKUP($D18,SICRO_02022!$A:$D,4,0),FALSE))))))))))","v":72434.559999999998},869214.71999999997,88478.815000000002,1061745.78]
["SUBTOTAL","2.0",null,null,{"$f":"M.CÁLCULO!E39","v":"CONTROLE TECNOLÓGICO"},null,null,null,{"$f":"SUMIF($A:$A,$B19,$I:$I)","v":1487197.4099999997},null,{"$f":"SUMIF($A:$A,$B19,$K:$K)","v":1816611.3699999999}]
["2.0","2.1",{"$f":"VLOOKUP(B20,M.CÁLCULO!$A:$P,2,0)","v":"EMOP"},{"$f":"IF($E$6=\"NÃO DESONERADO\",VLOOKUP($B20,M.CÁLCULO!$A:$Q,3,FALSE),IF($E$6=\"DESONERADO\",VLOOKUP($B20,M.CÁLCULO!$A:$Q,4,FALSE),FALSE))","v":"01.001.0040-0"},{"$f":"IF($E$6=\"DESONERADO\",IF($D20=\"\",\"\",IF($C20=\"EMOP\",VLOOKUP($D20,EMOP_CONJ_03.2026!$F:$I,2,0),IF($C20=\"SCO\",VLOOKUP($D20,SCO_SERV_CONJ_052025!$F:$I,2,0),IF($C20=\"SINAPI\",VLOOKUP($D20,SINAPI_SERV_CONJ_052025!$I:$M,2,0),IF($C20=\"COMPOSIÇÃO\",VLOOKUP($D20,#REF!,4,0),IF($C20=\"COTAÇÃO\",VLOOKUP($D20,#REF!,2,0),IF($C20=\"SBC\",VLOOKUP($D20,#REF!,2,0),IF($C20=\"SICRO\",VLOOKUP($D20,SICRO_02022!$F:$I,2,0),FALSE)))))))),IF($E$6=\"NÃO DESONERADO\",IF($D20=\"\",\"\",IF($C20=\"EMOP\",VLOOKUP($D20,EMOP_CONJ_03.2026!$A:$D,2,0),IF($C20=\"SCO\",VLOOKUP($D20,SCO_SERV_CONJ_052025!$A:$D,2,0),IF($C20=\"SINAPI\",VLOOKUP($D20,SINAPI_SERV_CONJ_052025!$I:$L,2,0),IF($C20=\"COMPOSIÇÃO\",VLOOKUP($D20,#REF!,3,0),IF($C20=\"COTAÇÃO\",VLOOKUP($D20,#REF!,2,0),IF($C20=\"SBC\",VLOOKUP($D20,#REF!,2,0),IF($C20=\"SICRO\",VLOOKUP($D20,SICRO_02022!$A:$D,2,0),FALSE))))))))))","v":"SONDAGEM MANUAL,COM TRADO CAVADEIRA,POR METRO LINEAR OU FRACAO"},{"$f":"IF($E$6=\"DESONERADO\",IF($D20=\"\",\"\",IF($C20=\"EMOP\",VLOOKUP($D20,EMOP_CONJ_03.2026!$F:$I,3,0),IF($C20=\"SCO\",VLOOKUP($D20,SCO_SERV_CONJ_052025!$F:$I,3,0),IF($C20=\"SINAPI\",VLOOKUP($D20,SINAPI_SERV_CONJ_052025!$I:$M,3,0),IF($C20=\"COMPOSIÇÃO\",VLOOKUP($D20,#REF!,7,0),IF($C20=\"COTAÇÃO\",VLOOKUP($D20,#REF!,5,0),IF($C20=\"SBC\",VLOOKUP($D20,#REF!,3,0),IF($C20=\"SICRO\",VLOOKUP($D20,SICRO_02022!$F:$I,3,0),FALSE)))))))),IF($E$6=\"NÃO DESONERADO\",IF($D20=\"\",\"\",IF($C20=\"EMOP\",VLOOKUP($D20,EMOP_CONJ_03.2026!$A:$D,3,0),IF($C20=\"SCO\",VLOOKUP($D20,SCO_SERV_CONJ_052025!$A:$D,3,0),IF($C20=\"SINAPI\",VLOOKUP($D20,SINAPI_SERV_CONJ_052025!$I:$L,3,0),IF($C20=\"COMPOSIÇÃO\",VLOOKUP($D20,#REF!,7,0),IF($C20=\"COTAÇÃO\",VLOOKUP($D20,#REF!,5,0),IF($C20=\"SBC\",VLOOKUP($D20,#REF!,3,0),FALSOSE($C20=\"SICRO\",VLOOKUP($D20,SICRO_02022!$A:$D,3,0),FALSE))))))))))","v":"M"},{"$f":"VLOOKUP($B20,M.CÁLCULO!$A:$Q,16,0)","v":466},{"$f":"IF($E$6=\"DESONERADO\",IF($D20=\"\",\"\",IF($C20=\"EMOP\",VLOOKUP($D20,EMOP_CONJ_03.2026!$F:$I,4,0),IF($C20=\"SCO\",VLOOKUP($D20,SCO_SERV_CONJ_052025!$F:$I,4,0),IF($C20=\"SINAPI\",VLOOKUP($D20,SINAPI_SERV_CONJ_052025!$I:$M,5,0),IF($C20=\"COMPOSIÇÃO\",VLOOKUP($D20,#REF!,9,0),IF($C20=\"COTAÇÃO\",VLOOKUP($D20,#REF!,8,0),IF($C20=\"SBC\",VLOOKUP($D20,#REF!,4,0),IF($C20=\"SICRO\",VLOOKUP($D20,SICRO_02022!$F:$I,4,0),FALSE)))))))),IF($E$6=\"NÃO DESONERADO\",IF($D20=\"\",\"\",IF($C20=\"EMOP\",VLOOKUP($D20,EMOP_CONJ_03.2026!$A:$D,4,0),IF($C20=\"SCO\",VLOOKUP($D20,SCO_SERV_CONJ_052025!$A:$D,4,0),IF($C20=\"SINAPI\",VLOOKUP($D20,SINAPI_SERV_CONJ_052025!$I:$L,4,0),IF($C20=\"COMPOSIÇÃO\",VLOOKUP($D20,#REF!,9,0),IF($C20=\"COTAÇÃO\",VLOOKUP($D20,#REF!,8,0),IF($C20=\"SBC\",VLOOKUP($D20,#REF!,4,0),IF($C20=\"SICRO\",VLOOKUP($D20,SICRO_02022!$A:$D,4,0),FALSE))))))))))","v":219.25},102170.5,{"$f":"TRUNC(H20*(1+$K$8),4)","v":267.81380000000001},124801.23]
["2.0","2.2",{"$f":"VLOOKUP(B21,M.CÁLCULO!$A:$P,2,0)","v":"EMOP"},{"$f":"IF($E$6=\"NÃO DESONERADO\",VLOOKUP($B21,M.CÁLCULO!$A:$Q,3,FALSE),IF($E$6=\"DESONERADO\",VLOOKUP($B21,M.CÁLCULO!$A:$Q,4,FALSE),FALSE))","v":"01.001.0042-0"},{"$f":"IF($E$6=\"DESONERADO\",IF($D21=\"\",\"\",IF($C21=\"EMOP\",VLOOKUP($D21,EMOP_CONJ_03.2026!$F:$I,2,0),IF($C21=\"SCO\",VLOOKUP($D21,SCO_SERV_CONJ_052025!$F:$I,2,0),IF($C21=\"SINAPI\",VLOOKUP($D21,SINAPI_SERV_CONJ_052025!$I:$M,2,0),IF($C21=\"COMPOSIÇÃO\",VLOOKUP($D21,#REF!,4,0),IF($C21=\"COTAÇÃO\",VLOOKUP($D21,#REF!,2,0),IF($C21=\"SBC\",VLOOKUP($D21,#REF!,2,0),IF($C21=\"SICRO\",VLOOKUP($D21,SICRO_02022!$F:$I,2,0),FALSE)))))))),IF($E$6=\"NÃO DESONERADO\",IF($D21=\"\",\"\",IF($C21=\"EMOP\",VLOOKUP($D21,EMOP_CONJ_03.2026!$A:$D,2,0),IF($C21=\"SCO\",VLOOKUP($D21,SCO_SERV_CONJ_052025!$A:$D,2,0),IF($C21=\"SINAPI\",VLOOKUP($D21,SINAPI_SERV_CONJ_052025!$I:$L,2,0),IF($C21=\"COMPOSIÇÃO\",VLOOKUP($D21,#REF!,3,0),IF($C21=\"COTAÇÃO\",VLOOKUP($D21,#REF!,2,0),IF($C21=\"SBC\",VLOOKUP($D21,#REF!,2,0),IF($C21=\"SICRO\",VLOOKUP($D21,SICRO_02022!$A:$D,2,0),FALSE))))))))))","v":"SONDAGEM MANUAL,COM PA E PICARETA,POR METRO LINEAR OU FRACAO"},{"$f":"IF($E$6=\"DESONERADO\",IF($D21=\"\",\"\",IF($C21=\"EMOP\",VLOOKUP($D21,EMOP_CONJ_03.2026!$F:$I,3,0),IF($C21=\"SCO\",VLOOKUP($D21,SCO_SERV_CONJ_052025!$F:$I,3,0),IF($C21=\"SINAPI\",VLOOKUP($D21,SINAPI_SERV_CONJ_052025!$I:$M,3,0),IF($C21=\"COMPOSIÇÃO\",VLOOKUP($D21,#REF!,7,0),IF($C21=\"COTAÇÃO\",VLOOKUP($D21,#REF!,5,0),IF($C21=\"SBC\",VLOOKUP($D21,#REF!,3,0),IF($C21=\"SICRO\",VLOOKUP($D21,SICRO_02022!$F:$I,3,0),FALSE)))))))),IF($E$6=\"NÃO DESONERADO\",IF($D21=\"\",\"\",IF($C21=\"EMOP\",VLOOKUP($D21,EMOP_CONJ_03.2026!$A:$D,3,0),IF($C21=\"SCO\",VLOOKUP($D21,SCO_SERV_CONJ_052025!$A:$D,3,0),IF($C21=\"SINAPI\",VLOOKUP($D21,SINAPI_SERV_CONJ_052025!$I:$L,3,0),IF($C21=\"COMPOSIÇÃO\",VLOOKUP($D21,#REF!,7,0),IF($C21=\"COTAÇÃO\",VLOOKUP($D21,#REF!,5,0),IF($C21=\"SBC\",VLOOKUP($D21,#REF!,3,0),FALSOSE($C21=\"SICRO\",VLOOKUP($D21,SICRO_02022!$A:$D,3,0),FALSE))))))))))","v":"M"},{"$f":"VLOOKUP($B21,M.CÁLCULO!$A:$Q,16,0)","v":233},{"$f":"IF($E$6=\"DESONERADO\",IF($D21=\"\",\"\",IF($C21=\"EMOP\",VLOOKUP($D21,EMOP_CONJ_03.2026!$F:$I,4,0),IF($C21=\"SCO\",VLOOKUP($D21,SCO_SERV_CONJ_052025!$F:$I,4,0),IF($C21=\"SINAPI\",VLOOKUP($D21,SINAPI_SERV_CONJ_052025!$I:$M,5,0),IF($C21=\"COMPOSIÇÃO\",VLOOKUP($D21,#REF!,9,0),IF($C21=\"COTAÇÃO\",VLOOKUP($D21,#REF!,8,0),IF($C21=\"SBC\",VLOOKUP($D21,#REF!,4,0),IF($C21=\"SICRO\",VLOOKUP($D21,SICRO_02022!$F:$I,4,0),FALSE)))))))),IF($E$6=\"NÃO DESONERADO\",IF($D21=\"\",\"\",IF($C21=\"EMOP\",VLOOKUP($D21,EMOP_CONJ_03.2026!$A:$D,4,0),IF($C21=\"SCO\",VLOOKUP($D21,SCO_SERV_CONJ_052025!$A:$D,4,0),IF($C21=\"SINAPI\",VLOOKUP($D21,SINAPI_SERV_CONJ_052025!$I:$L,4,0),IF($C21=\"COMPOSIÇÃO\",VLOOKUP($D21,#REF!,9,0),IF($C21=\"COTAÇÃO\",VLOOKUP($D21,#REF!,8,0),IF($C21=\"SBC\",VLOOKUP($D21,#REF!,4,0),IF($C21=\"SICRO\",VLOOKUP($D21,SICRO_02022!$A:$D,4,0),FALSE))))))))))","v":228.03},53130.99,278.53859999999997,64899.49]
["2.0","2.3",{"$f":"VLOOKUP(B22,M.CÁLCULO!$A:$P,2,0)","v":"EMOP"},{"$f":"IF($E$6=\"NÃO DESONERADO\",VLOOKUP($B22,M.CÁLCULO!$A:$Q,3,FALSE),IF($E$6=\"DESONERADO\",VLOOKUP($B22,M.CÁLCULO!$A:$Q,4,FALSE),FALSE))","v":"01.001.0060-0"},{"$f":"IF($E$6=\"DESONERADO\",IF($D22=\"\",\"\",IF($C22=\"EMOP\",VLOOKUP($D22,EMOP_CONJ_03.2026!$F:$I,2,0),IF($C22=\"SCO\",VLOOKUP($D22,SCO_SERV_CONJ_052025!$F:$I,2,0),IF($C22=\"SINAPI\",VLOOKUP($D22,SINAPI_SERV_CONJ_052025!$I:$M,2,0),IF($C22=\"COMPOSIÇÃO\",VLOOKUP($D22,#REF!,4,0),IF($C22=\"COTAÇÃO\",VLOOKUP($D22,#REF!,2,0),IF($C22=\"SBC\",VLOOKUP($D22,#REF!,2,0),IF($C22=\"SICRO\",VLOOKUP($D22,SICRO_02022!$F:$I,2,0),FALSE)))))))),IF($E$6=\"NÃO DESONERADO\",IF($D22=\"\",\"\",IF($C22=\"EMOP\",VLOOKUP($D22,EMOP_CONJ_03.2026!$A:$D,2,0),IF($C22=\"SCO\",VLOOKUP($D22,SCO_SERV_CONJ_052025!$A:$D,2,0),IF($C22=\"SINAPI\",VLOOKUP($D22,SINAPI_SERV_CONJ_052025!$I:$L,2,0),IF($C22=\"COMPOSIÇÃO\",VLOOKUP($D22,#REF!,3,0),IF($C22=\"COTAÇÃO\",VLOOKUP($D22,#REF!,2,0),IF($C22=\"SBC\",VLOOKUP($D22,#REF!,2,0),IF($C22=\"SICRO\",VLOOKUP($D22,SICRO_02022!$A:$D,2,0),FALSE))))))))))","v":"AMOSTRA DE SOLO - PREPARACAO PARA ENSAIOS DE COMPACTACAO E ENSAIOS DE CARACTERIZACAO"},{"$f":"IF($E$6=\"DESONERADO\",IF($D22=\"\",\"\",IF($C22=\"EMOP\",VLOOKUP($D22,EMOP_CONJ_03.2026!$F:$I,3,0),IF($C22=\"SCO\",VLOOKUP($D22,SCO_SERV_CONJ_052025!$F:$I,3,0),IF($C22=\"SINAPI\",VLOOKUP($D22,SINAPI_SERV_CONJ_052025!$I:$M,3,0),IF($C22=\"COMPOSIÇÃO\",VLOOKUP($D22,#REF!,7,0),IF($C22=\"COTAÇÃO\",VLOOKUP($D22,#REF!,5,0),IF($C22=\"SBC\",VLOOKUP($D22,#REF!,3,0),IF($C22=\"SICRO\",VLOOKUP($D22,SICRO_02022!$F:$I,3,0),FALSE)))))))),IF($E$6=\"NÃO DESONERADO\",IF($D22=\"\",\"\",IF($C22=\"EMOP\",VLOOKUP($D22,EMOP_CONJ_03.2026!$A:$D,3,0),IF($C22=\"SCO\",VLOOKUP($D22,SCO_SERV_CONJ_052025!$A:$D,3,0),IF($C22=\"SINAPI\",VLOOKUP($D22,SINAPI_SERV_CONJ_052025!$I:$L,3,0),IF($C22=\"COMPOSIÇÃO\",VLOOKUP($D22,#REF!,7,0),IF($C22=\"COTAÇÃO\",VLOOKUP($D22,#REF!,5,0),IF($C22=\"SBC\",VLOOKUP($D22,#REF!,3,0),FALSOSE($C22=\"SICRO\",VLOOKUP($D22,SICRO_02022!$A:$D,3,0),FALSE))))))))))","v":"UN"},{"$f":"VLOOKUP($B22,M.CÁLCULO!$A:$Q,16,0)","v":155},{"$f":"IF($E$6=\"DESONERADO\",IF($D22=\"\",\"\",IF($C22=\"EMOP\",VLOOKUP($D22,EMOP_CONJ_03.2026!$F:$I,4,0),IF($C22=\"SCO\",VLOOKUP($D22,SCO_SERV_CONJ_052025!$F:$I,4,0),IF($C22=\"SINAPI\",VLOOKUP($D22,SINAPI_SERV_CONJ_052025!$I:$M,5,0),IF($C22=\"COMPOSIÇÃO\",VLOOKUP($D22,#REF!,9,0),IF($C22=\"COTAÇÃO\",VLOOKUP($D22,#REF!,8,0),IF($C22=\"SBC\",VLOOKUP($D22,#REF!,4,0),IF($C22=\"SICRO\",VLOOKUP($D22,SICRO_02022!$F:$I,4,0),FALSE)))))))),IF($E$6=\"NÃO DESONERADO\",IF($D22=\"\",\"\",IF($C22=\"EMOP\",VLOOKUP($D22,EMOP_CONJ_03.2026!$A:$D,4,0),IF($C22=\"SCO\",VLOOKUP($D22,SCO_SERV_CONJ_052025!$A:$D,4,0),IF($C22=\"SINAPI\",VLOOKUP($D22,SINAPI_SERV_CONJ_052025!$I:$L,4,0),IF($C22=\"COMPOSIÇÃO\",VLOOKUP($D22,#REF!,9,0),IF($C22=\"COTAÇÃO\",VLOOKUP($D22,#REF!,8,0),IF($C22=\"SBC\",VLOOKUP($D22,#REF!,4,0),IF($C22=\"SICRO\",VLOOKUP($D22,SICRO_02022!$A:$D,4,0),FALSE))))))))))","v":619.08000000000004},{"$f":"TRUNC(G22*H22,2)","v":95957.4},756.20619999999997,{"$f":"TRUNC(G22*J22,2)","v":117211.96}]
["2.0","2.4",{"$f":"VLOOKUP(B23,M.CÁLCULO!$A:$P,2,0)","v":"EMOP"},{"$f":"IF($E$6=\"NÃO DESONERADO\",VLOOKUP($B23,M.CÁLCULO!$A:$Q,3,FALSE),IF($E$6=\"DESONERADO\",VLOOKUP($B23,M.CÁLCULO!$A:$Q,4,FALSE),FALSE))","v":"01.001.0001-0"},{"$f":"IF($E$6=\"DESONERADO\",IF($D23=\"\",\"\",IF($C23=\"EMOP\",VLOOKUP($D23,EMOP_CONJ_03.2026!$F:$I,2,0),IF($C23=\"SCO\",VLOOKUP($D23,SCO_SERV_CONJ_052025!$F:$I,2,0),IF($C23=\"SINAPI\",VLOOKUP($D23,SINAPI_SERV_CONJ_052025!$I:$M,2,0),IF($C23=\"COMPOSIÇÃO\",VLOOKUP($D23,#REF!,4,0),IF($C23=\"COTAÇÃO\",VLOOKUP($D23,#REF!,2,0),IF($C23=\"SBC\",VLOOKUP($D23,#REF!,2,0),IF($C23=\"SICRO\",VLOOKUP($D23,SICRO_02022!$F:$I,2,0),FALSE)))))))),IF($E$6=\"NÃO DESONERADO\",IF($D23=\"\",\"\",IF($C23=\"EMOP\",VLOOKUP($D23,EMOP_CONJ_03.2026!$A:$D,2,0),IF($C23=\"SCO\",VLOOKUP($D23,SCO_SERV_CONJ_052025!$A:$D,2,0),IF($C23=\"SINAPI\",VLOOKUP($D23,SINAPI_SERV_CONJ_052025!$I:$L,2,0),IF($C23=\"COMPOSIÇÃO\",VLOOKUP($D23,#REF!,3,0),IF($C23=\"COTAÇÃO\",VLOOKUP($D23,#REF!,2,0),IF($C23=\"SBC\",VLOOKUP($D23,#REF!,2,0),IF($C23=\"SICRO\",VLOOKUP($D23,SICRO_02022!$A:$D,2,0),FALSE))))))))))","v":"LIMITE DE PLASTICIDADE"},{"$f":"IF($E$6=\"DESONERADO\",IF($D23=\"\",\"\",IF($C23=\"EMOP\",VLOOKUP($D23,EMOP_CONJ_03.2026!$F:$I,3,0),IF($C23=\"SCO\",VLOOKUP($D23,SCO_SERV_CONJ_052025!$F:$I,3,0),IF($C23=\"SINAPI\",VLOOKUP($D23,SINAPI_SERV_CONJ_052025!$I:$M,3,0),IF($C23=\"COMPOSIÇÃO\",VLOOKUP($D23,#REF!,7,0),IF($C23=\"COTAÇÃO\",VLOOKUP($D23,#REF!,5,0),IF($C23=\"SBC\",VLOOKUP($D23,#REF!,3,0),IF($C23=\"SICRO\",VLOOKUP($D23,SICRO_02022!$F:$I,3,0),FALSE)))))))),IF($E$6=\"NÃO DESONERADO\",IF($D23=\"\",\"\",IF($C23=\"EMOP\",VLOOKUP($D23,EMOP_CONJ_03.2026!$A:$D,3,0),IF($C23=\"SCO\",VLOOKUP($D23,SCO_SERV_CONJ_052025!$A:$D,3,0),IF($C23=\"SINAPI\",VLOOKUP($D23,SINAPI_SERV_CONJ_052025!$I:$L,3,0),IF($C23=\"COMPOSIÇÃO\",VLOOKUP($D23,#REF!,7,0),IF($C23=\"COTAÇÃO\",VLOOKUP($D23,#REF!,5,0),IF($C23=\"SBC\",VLOOKUP($D23,#REF!,3,0),FALSOSE($C23=\"SICRO\",VLOOKUP($D23,SICRO_02022!$A:$D,3,0),FALSE))))))))))","v":"UN"},{"$f":"VLOOKUP($B23,M.CÁLCULO!$A:$Q,16,0)","v":155},{"$f":"IF($E$6=\"DESONERADO\",IF($D23=\"\",\"\",IF($C23=\"EMOP\",VLOOKUP($D23,EMOP_CONJ_03.2026!$F:$I,4,0),IF($C23=\"SCO\",VLOOKUP($D23,SCO_SERV_CONJ_052025!$F:$I,4,0),IF($C23=\"SINAPI\",VLOOKUP($D23,SINAPI_SERV_CONJ_052025!$I:$M,5,0),IF($C23=\"COMPOSIÇÃO\",VLOOKUP($D23,#REF!,9,0),IF($C23=\"COTAÇÃO\",VLOOKUP($D23,#REF!,8,0),IF($C23=\"SBC\",VLOOKUP($D23,#REF!,4,0),IF($C23=\"SICRO\",VLOOKUP($D23,SICRO_02022!$F:$I,4,0),FALSE)))))))),IF($E$6=\"NÃO DESONERADO\",IF($D23=\"\",\"\",IF($C23=\"EMOP\",VLOOKUP($D23,EMOP_CONJ_03.2026!$A:$D,4,0),IF($C23=\"SCO\",VLOOKUP($D23,SCO_SERV_CONJ_052025!$A:$D,4,0),IF($C23=\"SINAPI\",VLOOKUP($D23,SINAPI_SERV_CONJ_052025!$I:$L,4,0),IF($C23=\"COMPOSIÇÃO\",VLOOKUP($D23,#REF!,9,0),IF($C23=\"COTAÇÃO\",VLOOKUP($D23,#REF!,8,0),IF($C23=\"SBC\",VLOOKUP($D23,#REF!,4,0),IF($C23=\"SICRO\",VLOOKUP($D23,SICRO_02022!$A:$D,4,0),FALSE))))))))))","v":205.08},{"$f":"TRUNC(G23*H23,2)","v":31787.4},250.5052,{"$f":"TRUNC(G23*J23,2)","v":38828.300000000003}]
["2.0","2.5",{"$f":"VLOOKUP(B24,M.CÁLCULO!$A:$P,2,0)","v":"EMOP"},{"$f":"IF($E$6=\"NÃO DESONERADO\",VLOOKUP($B24,M.CÁLCULO!$A:$Q,3,FALSE),IF($E$6=\"DESONERADO\",VLOOKUP($B24,M.CÁLCULO!$A:$Q,4,FALSE),FALSE))","v":"01.001.0002-0"},{"$f":"IF($E$6=\"DESONERADO\",IF($D24=\"\",\"\",IF($C24=\"EMOP\",VLOOKUP($D24,EMOP_CONJ_03.2026!$F:$I,2,0),IF($C24=\"SCO\",VLOOKUP($D24,SCO_SERV_CONJ_052025!$F:$I,2,0),IF($C24=\"SINAPI\",VLOOKUP($D24,SINAPI_SERV_CONJ_052025!$I:$M,2,0),IF($C24=\"COMPOSIÇÃO\",VLOOKUP($D24,#REF!,4,0),IF($C24=\"COTAÇÃO\",VLOOKUP($D24,#REF!,2,0),IF($C24=\"SBC\",VLOOKUP($D24,#REF!,2,0),IF($C24=\"SICRO\",VLOOKUP($D24,SICRO_02022!$F:$I,2,0),FALSE)))))))),IF($E$6=\"NÃO DESONERADO\",IF($D24=\"\",\"\",IF($C24=\"EMOP\",VLOOKUP($D24,EMOP_CONJ_03.2026!$A:$D,2,0),IF($C24=\"SCO\",VLOOKUP($D24,SCO_SERV_CONJ_052025!$A:$D,2,0),IF($C24=\"SINAPI\",VLOOKUP($D24,SINAPI_SERV_CONJ_052025!$I:$L,2,0),IF($C24=\"COMPOSIÇÃO\",VLOOKUP($D24,#REF!,3,0),IF($C24=\"COTAÇÃO\",VLOOKUP($D24,#REF!,2,0),IF($C24=\"SBC\",VLOOKUP($D24,#REF!,2,0),IF($C24=\"SICRO\",VLOOKUP($D24,SICRO_02022!$A:$D,2,0),FALSE))))))))))","v":"LIMITE DE LIQUIDEZ"},{"$f":"IF($E$6=\"DESONERADO\",IF($D24=\"\",\"\",IF($C24=\"EMOP\",VLOOKUP($D24,EMOP_CONJ_03.2026!$F:$I,3,0),IF($C24=\"SCO\",VLOOKUP($D24,SCO_SERV_CONJ_052025!$F:$I,3,0),IF($C24=\"SINAPI\",VLOOKUP($D24,SINAPI_SERV_CONJ_052025!$I:$M,3,0),IF($C24=\"COMPOSIÇÃO\",VLOOKUP($D24,#REF!,7,0),IF($C24=\"COTAÇÃO\",VLOOKUP($D24,#REF!,5,0),IF($C24=\"SBC\",VLOOKUP($D24,#REF!,3,0),IF($C24=\"SICRO\",VLOOKUP($D24,SICRO_02022!$F:$I,3,0),FALSE)))))))),IF($E$6=\"NÃO DESONERADO\",IF($D24=\"\",\"\",IF($C24=\"EMOP\",VLOOKUP($D24,EMOP_CONJ_03.2026!$A:$D,3,0),IF($C24=\"SCO\",VLOOKUP($D24,SCO_SERV_CONJ_052025!$A:$D,3,0),IF($C24=\"SINAPI\",VLOOKUP($D24,SINAPI_SERV_CONJ_052025!$I:$L,3,0),IF($C24=\"COMPOSIÇÃO\",VLOOKUP($D24,#REF!,7,0),IF($C24=\"COTAÇÃO\",VLOOKUP($D24,#REF!,5,0),IF($C24=\"SBC\",VLOOKUP($D24,#REF!,3,0),FALSOSE($C24=\"SICRO\",VLOOKUP($D24,SICRO_02022!$A:$D,3,0),FALSE))))))))))","v":"UN"},{"$f":"VLOOKUP($B24,M.CÁLCULO!$A:$Q,16,0)","v":155},{"$f":"IF($E$6=\"DESONERADO\",IF($D24=\"\",\"\",IF($C24=\"EMOP\",VLOOKUP($D24,EMOP_CONJ_03.2026!$F:$I,4,0),IF($C24=\"SCO\",VLOOKUP($D24,SCO_SERV_CONJ_052025!$F:$I,4,0),IF($C24=\"SINAPI\",VLOOKUP($D24,SINAPI_SERV_CONJ_052025!$I:$M,5,0),IF($C24=\"COMPOSIÇÃO\",VLOOKUP($D24,#REF!,9,0),IF($C24=\"COTAÇÃO\",VLOOKUP($D24,#REF!,8,0),IF($C24=\"SBC\",VLOOKUP($D24,#REF!,4,0),IF($C24=\"SICRO\",VLOOKUP($D24,SICRO_02022!$F:$I,4,0),FALSE)))))))),IF($E$6=\"NÃO DESONERADO\",IF($D24=\"\",\"\",IF($C24=\"EMOP\",VLOOKUP($D24,EMOP_CONJ_03.2026!$A:$D,4,0),IF($C24=\"SCO\",VLOOKUP($D24,SCO_SERV_CONJ_052025!$A:$D,4,0),IF($C24=\"SINAPI\",VLOOKUP($D24,SINAPI_SERV_CONJ_052025!$I:$L,4,0),IF($C24=\"COMPOSIÇÃO\",VLOOKUP($D24,#REF!,9,0),IF($C24=\"COTAÇÃO\",VLOOKUP($D24,#REF!,8,0),IF($C24=\"SBC\",VLOOKUP($D24,#REF!,4,0),IF($C24=\"SICRO\",VLOOKUP($D24,SICRO_02022!$A:$D,4,0),FALSE))))))))))","v":205.08},31787.4,250.5052,38828.300000000003]
["2.0","2.6",{"$f":"VLOOKUP(B25,M.CÁLCULO!$A:$P,2,0)","v":"EMOP"},{"$f":"IF($E$6=\"NÃO DESONERADO\",VLOOKUP($B25,M.CÁLCULO!$A:$Q,3,FALSE),IF($E$6=\"DESONERADO\",VLOOKUP($B25,M.CÁLCULO!$A:$Q,4,FALSE),FALSE))","v":"01.001.0004-0"},{"$f":"IF($E$6=\"DESONERADO\",IF($D25=\"\",\"\",IF($C25=\"EMOP\",VLOOKUP($D25,EMOP_CONJ_03.2026!$F:$I,2,0),IF($C25=\"SCO\",VLOOKUP($D25,SCO_SERV_CONJ_052025!$F:$I,2,0),IF($C25=\"SINAPI\",VLOOKUP($D25,SINAPI_SERV_CONJ_052025!$I:$M,2,0),IF($C25=\"COMPOSIÇÃO\",VLOOKUP($D25,#REF!,4,0),IF($C25=\"COTAÇÃO\",VLOOKUP($D25,#REF!,2,0),IF($C25=\"SBC\",VLOOKUP($D25,#REF!,2,0),IF($C25=\"SICRO\",VLOOKUP($D25,SICRO_02022!$F:$I,2,0),FALSE)))))))),IF($E$6=\"NÃO DESONERADO\",IF($D25=\"\",\"\",IF($C25=\"EMOP\",VLOOKUP($D25,EMOP_CONJ_03.2026!$A:$D,2,0),IF($C25=\"SCO\",VLOOKUP($D25,SCO_SERV_CONJ_052025!$A:$D,2,0),IF($C25=\"SINAPI\",VLOOKUP($D25,SINAPI_SERV_CONJ_052025!$I:$L,2,0),IF($C25=\"COMPOSIÇÃO\",VLOOKUP($D25,#REF!,3,0),IF($C25=\"COTAÇÃO\",VLOOKUP($D25,#REF!,2,0),IF($C25=\"SBC\",VLOOKUP($D25,#REF!,2,0),IF($C25=\"SICRO\",VLOOKUP($D25,SICRO_02022!$A:$D,2,0),FALSE))))))))))","v":"ANALISE GRANULOMETRICA SEM SEDIMENTACAO (PENEIRAMENTO)"},{"$f":"IF($E$6=\"DESONERADO\",IF($D25=\"\",\"\",IF($C25=\"EMOP\",VLOOKUP($D25,EMOP_CONJ_03.2026!$F:$I,3,0),IF($C25=\"SCO\",VLOOKUP($D25,SCO_SERV_CONJ_052025!$F:$I,3,0),IF($C25=\"SINAPI\",VLOOKUP($D25,SINAPI_SERV_CONJ_052025!$I:$M,3,0),IF($C25=\"COMPOSIÇÃO\",VLOOKUP($D25,#REF!,7,0),IF($C25=\"COTAÇÃO\",VLOOKUP($D25,#REF!,5,0),IF($C25=\"SBC\",VLOOKUP($D25,#REF!,3,0),IF($C25=\"SICRO\",VLOOKUP($D25,SICRO_02022!$F:$I,3,0),FALSE)))))))),IF($E$6=\"NÃO DESONERADO\",IF($D25=\"\",\"\",IF($C25=\"EMOP\",VLOOKUP($D25,EMOP_CONJ_03.2026!$A:$D,3,0),IF($C25=\"SCO\",VLOOKUP($D25,SCO_SERV_CONJ_052025!$A:$D,3,0),IF($C25=\"SINAPI\",VLOOKUP($D25,SINAPI_SERV_CONJ_052025!$I:$L,3,0),IF($C25=\"COMPOSIÇÃO\",VLOOKUP($D25,#REF!,7,0),IF($C25=\"COTAÇÃO\",VLOOKUP($D25,#REF!,5,0),IF($C25=\"SBC\",VLOOKUP($D25,#REF!,3,0),FALSOSE($C25=\"SICRO\",VLOOKUP($D25,SICRO_02022!$A:$D,3,0),FALSE))))))))))","v":"UN"},{"$f":"VLOOKUP($B25,M.CÁLCULO!$A:$Q,16,0)","v":155},{"$f":"IF($E$6=\"DESONERADO\",IF($D25=\"\",\"\",IF($C25=\"EMOP\",VLOOKUP($D25,EMOP_CONJ_03.2026!$F:$I,4,0),IF($C25=\"SCO\",VLOOKUP($D25,SCO_SERV_CONJ_052025!$F:$I,4,0),IF($C25=\"SINAPI\",VLOOKUP($D25,SINAPI_SERV_CONJ_052025!$I:$M,5,0),IF($C25=\"COMPOSIÇÃO\",VLOOKUP($D25,#REF!,9,0),IF($C25=\"COTAÇÃO\",VLOOKUP($D25,#REF!,8,0),IF($C25=\"SBC\",VLOOKUP($D25,#REF!,4,0),IF($C25=\"SICRO\",VLOOKUP($D25,SICRO_02022!$F:$I,4,0),FALSE)))))))),IF($E$6=\"NÃO DESONERADO\",IF($D25=\"\",\"\",IF($C25=\"EMOP\",VLOOKUP($D25,EMOP_CONJ_03.2026!$A:$D,4,0),IF($C25=\"SCO\",VLOOKUP($D25,SCO_SERV_CONJ_052025!$A:$D,4,0),IF($C25=\"SINAPI\",VLOOKUP($D25,SINAPI_SERV_CONJ_052025!$I:$L,4,0),IF($C25=\"COMPOSIÇÃO\",VLOOKUP($D25,#REF!,9,0),IF($C25=\"COTAÇÃO\",VLOOKUP($D25,#REF!,8,0),IF($C25=\"SBC\",VLOOKUP($D25,#REF!,4,0),IF($C25=\"SICRO\",VLOOKUP($D25,SICRO_02022!$A:$D,4,0),FALSE))))))))))","v":231.27},35846.85,282.49630000000002,43786.92]
["2.0","2.7",{"$f":"VLOOKUP(B26,M.CÁLCULO!$A:$P,2,0)","v":"EMOP"},{"$f":"IF($E$6=\"NÃO DESONERADO\",VLOOKUP($B26,M.CÁLCULO!$A:$Q,3,FALSE),IF($E$6=\"DESONERADO\",VLOOKUP($B26,M.CÁLCULO!$A:$Q,4,FALSE),FALSE))","v":"01.001.0020-0"},{"$f":"IF($E$6=\"DESONERADO\",IF($D26=\"\",\"\",IF($C26=\"EMOP\",VLOOKUP($D26,EMOP_CONJ_03.2026!$F:$I,2,0),IF($C26=\"SCO\",VLOOKUP($D26,SCO_SERV_CONJ_052025!$F:$I,2,0),IF($C26=\"SINAPI\",VLOOKUP($D26,SINAPI_SERV_CONJ_052025!$I:$M,2,0),IF($C26=\"COMPOSIÇÃO\",VLOOKUP($D26,#REF!,4,0),IF($C26=\"COTAÇÃO\",VLOOKUP($D26,#REF!,2,0),IF($C26=\"SBC\",VLOOKUP($D26,#REF!,2,0),IF($C26=\"SICRO\",VLOOKUP($D26,SICRO_02022!$F:$I,2,0),FALSE)))))))),IF($E$6=\"NÃO DESONERADO\",IF($D26=\"\",\"\",IF($C26=\"EMOP\",VLOOKUP($D26,EMOP_CONJ_03.2026!$A:$D,2,0),IF($C26=\"SCO\",VLOOKUP($D26,SCO_SERV_CONJ_052025!$A:$D,2,0),IF($C26=\"SINAPI\",VLOOKUP($D26,SINAPI_SERV_CONJ_052025!$I:$L,2,0),IF($C26=\"COMPOSIÇÃO\",VLOOKUP($D26,#REF!,3,0),IF($C26=\"COTAÇÃO\",VLOOKUP($D26,#REF!,2,0),IF($C26=\"SBC\",VLOOKUP($D26,#REF!,2,0),IF($C26=\"SICRO\",VLOOKUP($D26,SICRO_02022!$A:$D,2,0),FALSE))))))))))","v":"INDICE SUPORTE CALIFORNIA,POR 5 PONTOS,COMPACTACAO COM ENERGIA PROCTOR NORMAL"},{"$f":"IF($E$6=\"DESONERADO\",IF($D26=\"\",\"\",IF($C26=\"EMOP\",VLOOKUP($D26,EMOP_CONJ_03.2026!$F:$I,3,0),IF($C26=\"SCO\",VLOOKUP($D26,SCO_SERV_CONJ_052025!$F:$I,3,0),IF($C26=\"SINAPI\",VLOOKUP($D26,SINAPI_SERV_CONJ_052025!$I:$M,3,0),IF($C26=\"COMPOSIÇÃO\",VLOOKUP($D26,#REF!,7,0),IF($C26=\"COTAÇÃO\",VLOOKUP($D26,#REF!,5,0),IF($C26=\"SBC\",VLOOKUP($D26,#REF!,3,0),IF($C26=\"SICRO\",VLOOKUP($D26,SICRO_02022!$F:$I,3,0),FALSE)))))))),IF($E$6=\"NÃO DESONERADO\",IF($D26=\"\",\"\",IF($C26=\"EMOP\",VLOOKUP($D26,EMOP_CONJ_03.2026!$A:$D,3,0),IF($C26=\"SCO\",VLOOKUP($D26,SCO_SERV_CONJ_052025!$A:$D,3,0),IF($C26=\"SINAPI\",VLOOKUP($D26,SINAPI_SERV_CONJ_052025!$I:$L,3,0),IF($C26=\"COMPOSIÇÃO\",VLOOKUP($D26,#REF!,7,0),IF($C26=\"COTAÇÃO\",VLOOKUP($D26,#REF!,5,0),IF($C26=\"SBC\",VLOOKUP($D26,#REF!,3,0),FALSOSE($C26=\"SICRO\",VLOOKUP($D26,SICRO_02022!$A:$D,3,0),FALSE))))))))))","v":"UN"},{"$f":"VLOOKUP($B26,M.CÁLCULO!$A:$Q,16,0)","v":155},{"$f":"IF($E$6=\"DESONERADO\",IF($D26=\"\",\"\",IF($C26=\"EMOP\",VLOOKUP($D26,EMOP_CONJ_03.2026!$F:$I,4,0),IF($C26=\"SCO\",VLOOKUP($D26,SCO_SERV_CONJ_052025!$F:$I,4,0),IF($C26=\"SINAPI\",VLOOKUP($D26,SINAPI_SERV_CONJ_052025!$I:$M,5,0),IF($C26=\"COMPOSIÇÃO\",VLOOKUP($D26,#REF!,9,0),IF($C26=\"COTAÇÃO\",VLOOKUP($D26,#REF!,8,0),IF($C26=\"SBC\",VLOOKUP($D26,#REF!,4,0),IF($C26=\"SICRO\",VLOOKUP($D26,SICRO_02022!$F:$I,4,0),FALSE)))))))),IF($E$6=\"NÃO DESONERADO\",IF($D26=\"\",\"\",IF($C26=\"EMOP\",VLOOKUP($D26,EMOP_CONJ_03.2026!$A:$D,4,0),IF($C26=\"SCO\",VLOOKUP($D26,SCO_SERV_CONJ_052025!$A:$D,4,0),IF($C26=\"SINAPI\",VLOOKUP($D26,SINAPI_SERV_CONJ_052025!$I:$L,4,0),IF($C26=\"COMPOSIÇÃO\",VLOOKUP($D26,#REF!,9,0),IF($C26=\"COTAÇÃO\",VLOOKUP($D26,#REF!,8,0),IF($C26=\"SBC\",VLOOKUP($D26,#REF!,4,0),IF($C26=\"SICRO\",VLOOKUP($D26,SICRO_02022!$A:$D,4,0),FALSE))))))))))","v":3274.53},{"$f":"TRUNC(G26*H26,2)","v":507552.15},{"$f":"TRUNC(H26*(1+$K$8),4)","v":3999.8382999999999},{"$f":"TRUNC(G26*J26,2)","v":619974.93000000005}]
["2.0","2.8",{"$f":"VLOOKUP(B27,M.CÁLCULO!$A:$P,2,0)","v":"EMOP"},{"$f":"IF($E$6=\"NÃO DESONERADO\",VLOOKUP($B27,M.CÁLCULO!$A:$Q,3,FALSE),IF($E$6=\"DESONERADO\",VLOOKUP($B27,M.CÁLCULO!$A:$Q,4,FALSE),FALSE))","v":"01.001.0200-0"},{"$f":"IF($E$6=\"DESONERADO\",IF($D27=\"\",\"\",IF($C27=\"EMOP\",VLOOKUP($D27,EMOP_CONJ_03.2026!$F:$I,2,0),IF($C27=\"SCO\",VLOOKUP($D27,SCO_SERV_CONJ_052025!$F:$I,2,0),IF($C27=\"SINAPI\",VLOOKUP($D27,SINAPI_SERV_CONJ_052025!$I:$M,2,0),IF($C27=\"COMPOSIÇÃO\",VLOOKUP($D27,#REF!,4,0),IF($C27=\"COTAÇÃO\",VLOOKUP($D27,#REF!,2,0),IF($C27=\"SBC\",VLOOKUP($D27,#REF!,2,0),IF($C27=\"SICRO\",VLOOKUP($D27,SICRO_02022!$F:$I,2,0),FALSE)))))))),IF($E$6=\"NÃO DESONERADO\",IF($D27=\"\",\"\",IF($C27=\"EMOP\",VLOOKUP($D27,EMOP_CONJ_03.2026!$A:$D,2,0),IF($C27=\"SCO\",VLOOKUP($D27,SCO_SERV_CONJ_052025!$A:$D,2,0),IF($C27=\"SINAPI\",VLOOKUP($D27,SINAPI_SERV_CONJ_052025!$I:$L,2,0),IF($C27=\"COMPOSIÇÃO\",VLOOKUP($D27,#REF!,3,0),IF($C27=\"COTAÇÃO\",VLOOKUP($D27,#REF!,2,0),IF($C27=\"SBC\",VLOOKUP($D27,#REF!,2,0),IF($C27=\"SICRO\",VLOOKUP($D27,SICRO_02022!$A:$D,2,0),FALSE))))))))))","v":"DENSIDADE APARENTE"},{"$f":"IF($E$6=\"DESONERADO\",IF($D27=\"\",\"\",IF($C27=\"EMOP\",VLOOKUP($D27,EMOP_CONJ_03.2026!$F:$I,3,0),IF($C27=\"SCO\",VLOOKUP($D27,SCO_SERV_CONJ_052025!$F:$I,3,0),IF($C27=\"SINAPI\",VLOOKUP($D27,SINAPI_SERV_CONJ_052025!$I:$M,3,0),IF($C27=\"COMPOSIÇÃO\",VLOOKUP($D27,#REF!,7,0),IF($C27=\"COTAÇÃO\",VLOOKUP($D27,#REF!,5,0),IF($C27=\"SBC\",VLOOKUP($D27,#REF!,3,0),IF($C27=\"SICRO\",VLOOKUP($D27,SICRO_02022!$F:$I,3,0),FALSE)))))))),IF($E$6=\"NÃO DESONERADO\",IF($D27=\"\",\"\",IF($C27=\"EMOP\",VLOOKUP($D27,EMOP_CONJ_03.2026!$A:$D,3,0),IF($C27=\"SCO\",VLOOKUP($D27,SCO_SERV_CONJ_052025!$A:$D,3,0),IF($C27=\"SINAPI\",VLOOKUP($D27,SINAPI_SERV_CONJ_052025!$I:$L,3,0),IF($C27=\"COMPOSIÇÃO\",VLOOKUP($D27,#REF!,7,0),IF($C27=\"COTAÇÃO\",VLOOKUP($D27,#REF!,5,0),IF($C27=\"SBC\",VLOOKUP($D27,#REF!,3,0),FALSOSE($C27=\"SICRO\",VLOOKUP($D27,SICRO_02022!$A:$D,3,0),FALSE))))))))))","v":"UN"},{"$f":"VLOOKUP($B27,M.CÁLCULO!$A:$Q,16,0)","v":194},{"$f":"IF($E$6=\"DESONERADO\",IF($D27=\"\",\"\",IF($C27=\"EMOP\",VLOOKUP($D27,EMOP_CONJ_03.2026!$F:$I,4,0),IF($C27=\"SCO\",VLOOKUP($D27,SCO_SERV_CONJ_052025!$F:$I,4,0),IF($C27=\"SINAPI\",VLOOKUP($D27,SINAPI_SERV_CONJ_052025!$I:$M,5,0),IF($C27=\"COMPOSIÇÃO\",VLOOKUP($D27,#REF!,9,0),IF($C27=\"COTAÇÃO\",VLOOKUP($D27,#REF!,8,0),IF($C27=\"SBC\",VLOOKUP($D27,#REF!,4,0),IF($C27=\"SICRO\",VLOOKUP($D27,SICRO_02022!$F:$I,4,0),FALSE)))))))),IF($E$6=\"NÃO DESONERADO\",IF($D27=\"\",\"\",IF($C27=\"EMOP\",VLOOKUP($D27,EMOP_CONJ_03.2026!$A:$D,4,0),IF($C27=\"SCO\",VLOOKUP($D27,SCO_SERV_CONJ_052025!$A:$D,4,0),IF($C27=\"SINAPI\",VLOOKUP($D27,SINAPI_SERV_CONJ_052025!$I:$L,4,0),IF($C27=\"COMPOSIÇÃO\",VLOOKUP($D27,#REF!,9,0),IF($C27=\"COTAÇÃO\",VLOOKUP($D27,#REF!,8,0),IF($C27=\"SBC\",VLOOKUP($D27,#REF!,4,0),IF($C27=\"SICRO\",VLOOKUP($D27,SICRO_02022!$A:$D,4,0),FALSE))))))))))","v":192.07},37261.58,234.61349999999999,45515.01]
["2.0","2.9",{"$f":"VLOOKUP(B28,M.CÁLCULO!$A:$P,2,0)","v":"EMOP"},{"$f":"IF($E$6=\"NÃO DESONERADO\",VLOOKUP($B28,M.CÁLCULO!$A:$Q,3,FALSE),IF($E$6=\"DESONERADO\",VLOOKUP($B28,M.CÁLCULO!$A:$Q,4,FALSE),FALSE))","v":"01.001.0201-0"},{"$f":"IF($E$6=\"DESONERADO\",IF($D28=\"\",\"\",IF($C28=\"EMOP\",VLOOKUP($D28,EMOP_CONJ_03.2026!$F:$I,2,0),IF($C28=\"SCO\",VLOOKUP($D28,SCO_SERV_CONJ_052025!$F:$I,2,0),IF($C28=\"SINAPI\",VLOOKUP($D28,SINAPI_SERV_CONJ_052025!$I:$M,2,0),IF($C28=\"COMPOSIÇÃO\",VLOOKUP($D28,#REF!,4,0),IF($C28=\"COTAÇÃO\",VLOOKUP($D28,#REF!,2,0),IF($C28=\"SBC\",VLOOKUP($D28,#REF!,2,0),IF($C28=\"SICRO\",VLOOKUP($D28,SICRO_02022!$F:$I,2,0),FALSE)))))))),IF($E$6=\"NÃO DESONERADO\",IF($D28=\"\",\"\",IF($C28=\"EMOP\",VLOOKUP($D28,EMOP_CONJ_03.2026!$A:$D,2,0),IF($C28=\"SCO\",VLOOKUP($D28,SCO_SERV_CONJ_052025!$A:$D,2,0),IF($C28=\"SINAPI\",VLOOKUP($D28,SINAPI_SERV_CONJ_052025!$I:$L,2,0),IF($C28=\"COMPOSIÇÃO\",VLOOKUP($D28,#REF!,3,0),IF($C28=\"COTAÇÃO\",VLOOKUP($D28,#REF!,2,0),IF($C28=\"SBC\",VLOOKUP($D28,#REF!,2,0),IF($C28=\"SICRO\",VLOOKUP($D28,SICRO_02022!$A:$D,2,0),FALSE))))))))))","v":"PERCENTAGEM DE VAZIOS RICE"},{"$f":"IF($E$6=\"DESONERADO\",IF($D28=\"\",\"\",IF($C28=\"EMOP\",VLOOKUP($D28,EMOP_CONJ_03.2026!$F:$I,3,0),IF($C28=\"SCO\",VLOOKUP($D28,SCO_SERV_CONJ_052025!$F:$I,3,0),IF($C28=\"SINAPI\",VLOOKUP($D28,SINAPI_SERV_CONJ_052025!$I:$M,3,0),IF($C28=\"COMPOSIÇÃO\",VLOOKUP($D28,#REF!,7,0),IF($C28=\"COTAÇÃO\",VLOOKUP($D28,#REF!,5,0),IF($C28=\"SBC\",VLOOKUP($D28,#REF!,3,0),IF($C28=\"SICRO\",VLOOKUP($D28,SICRO_02022!$F:$I,3,0),FALSE)))))))),IF($E$6=\"NÃO DESONERADO\",IF($D28=\"\",\"\",IF($C28=\"EMOP\",VLOOKUP($D28,EMOP_CONJ_03.2026!$A:$D,3,0),IF($C28=\"SCO\",VLOOKUP($D28,SCO_SERV_CONJ_052025!$A:$D,3,0),IF($C28=\"SINAPI\",VLOOKUP($D28,SINAPI_SERV_CONJ_052025!$I:$L,3,0),IF($C28=\"COMPOSIÇÃO\",VLOOKUP($D28,#REF!,7,0),IF($C28=\"COTAÇÃO\",VLOOKUP($D28,#REF!,5,0),IF($C28=\"SBC\",VLOOKUP($D28,#REF!,3,0),FALSOSE($C28=\"SICRO\",VLOOKUP($D28,SICRO_02022!$A:$D,3,0),FALSE))))))))))","v":"UN"},{"$f":"VLOOKUP($B28,M.CÁLCULO!$A:$Q,16,0)","v":194},{"$f":"IF($E$6=\"DESONERADO\",IF($D28=\"\",\"\",IF($C28=\"EMOP\",VLOOKUP($D28,EMOP_CONJ_03.2026!$F:$I,4,0),IF($C28=\"SCO\",VLOOKUP($D28,SCO_SERV_CONJ_052025!$F:$I,4,0),IF($C28=\"SINAPI\",VLOOKUP($D28,SINAPI_SERV_CONJ_052025!$I:$M,5,0),IF($C28=\"COMPOSIÇÃO\",VLOOKUP($D28,#REF!,9,0),IF($C28=\"COTAÇÃO\",VLOOKUP($D28,#REF!,8,0),IF($C28=\"SBC\",VLOOKUP($D28,#REF!,4,0),IF($C28=\"SICRO\",VLOOKUP($D28,SICRO_02022!$F:$I,4,0),FALSE)))))))),IF($E$6=\"NÃO DESONERADO\",IF($D28=\"\",\"\",IF($C28=\"EMOP\",VLOOKUP($D28,EMOP_CONJ_03.2026!$A:$D,4,0),IF($C28=\"SCO\",VLOOKUP($D28,SCO_SERV_CONJ_052025!$A:$D,4,0),IF($C28=\"SINAPI\",VLOOKUP($D28,SINAPI_SERV_CONJ_052025!$I:$L,4,0),IF($C28=\"COMPOSIÇÃO\",VLOOKUP($D28,#REF!,9,0),IF($C28=\"COTAÇÃO\",VLOOKUP($D28,#REF!,8,0),IF($C28=\"SBC\",VLOOKUP($D28,#REF!,4,0),IF($C28=\"SICRO\",VLOOKUP($D28,SICRO_02022!$A:$D,4,0),FALSE))))))))))","v":324.29000000000002},62912.26,396.12020000000001,76847.31]
["2.0","2.10",{"$f":"VLOOKUP(B29,M.CÁLCULO!$A:$P,2,0)","v":"EMOP"},{"$f":"IF($E$6=\"NÃO DESONERADO\",VLOOKUP($B29,M.CÁLCULO!$A:$Q,3,FALSE),IF($E$6=\"DESONERADO\",VLOOKUP($B29,M.CÁLCULO!$A:$Q,4,FALSE),FALSE))","v":"01.001.0303-0"},{"$f":"IF($E$6=\"DESONERADO\",IF($D29=\"\",\"\",IF($C29=\"EMOP\",VLOOKUP($D29,EMOP_CONJ_03.2026!$F:$I,2,0),IF($C29=\"SCO\",VLOOKUP($D29,SCO_SERV_CONJ_052025!$F:$I,2,0),IF($C29=\"SINAPI\",VLOOKUP($D29,SINAPI_SERV_CONJ_052025!$I:$M,2,0),IF($C29=\"COMPOSIÇÃO\",VLOOKUP($D29,#REF!,4,0),IF($C29=\"COTAÇÃO\",VLOOKUP($D29,#REF!,2,0),IF($C29=\"SBC\",VLOOKUP($D29,#REF!,2,0),IF($C29=\"SICRO\",VLOOKUP($D29,SICRO_02022!$F:$I,2,0),FALSE)))))))),IF($E$6=\"NÃO DESONERADO\",IF($D29=\"\",\"\",IF($C29=\"EMOP\",VLOOKUP($D29,EMOP_CONJ_03.2026!$A:$D,2,0),IF($C29=\"SCO\",VLOOKUP($D29,SCO_SERV_CONJ_052025!$A:$D,2,0),IF($C29=\"SINAPI\",VLOOKUP($D29,SINAPI_SERV_CONJ_052025!$I:$L,2,0),IF($C29=\"COMPOSIÇÃO\",VLOOKUP($D29,#REF!,3,0),IF($C29=\"COTAÇÃO\",VLOOKUP($D29,#REF!,2,0),IF($C29=\"SBC\",VLOOKUP($D29,#REF!,2,0),IF($C29=\"SICRO\",VLOOKUP($D29,SICRO_02022!$A:$D,2,0),FALSE))))))))))","v":"EXTRACAO COM O AUXILIO DE SONDA ROTATIVA,DE CORPOS DE PROVACOM 15CM DE DIAMETRO,EM PAVIMENTOS COM REVESTIMENTO BETUMINOSO,COM ATE 10CM DE ESPESSURA,POR CORPO DE PROVA"},{"$f":"IF($E$6=\"DESONERADO\",IF($D29=\"\",\"\",IF($C29=\"EMOP\",VLOOKUP($D29,EMOP_CONJ_03.2026!$F:$I,3,0),IF($C29=\"SCO\",VLOOKUP($D29,SCO_SERV_CONJ_052025!$F:$I,3,0),IF($C29=\"SINAPI\",VLOOKUP($D29,SINAPI_SERV_CONJ_052025!$I:$M,3,0),IF($C29=\"COMPOSIÇÃO\",VLOOKUP($D29,#REF!,7,0),IF($C29=\"COTAÇÃO\",VLOOKUP($D29,#REF!,5,0),IF($C29=\"SBC\",VLOOKUP($D29,#REF!,3,0),IF($C29=\"SICRO\",VLOOKUP($D29,SICRO_02022!$F:$I,3,0),FALSE)))))))),IF($E$6=\"NÃO DESONERADO\",IF($D29=\"\",\"\",IF($C29=\"EMOP\",VLOOKUP($D29,EMOP_CONJ_03.2026!$A:$D,3,0),IF($C29=\"SCO\",VLOOKUP($D29,SCO_SERV_CONJ_052025!$A:$D,3,0),IF($C29=\"SINAPI\",VLOOKUP($D29,SINAPI_SERV_CONJ_052025!$I:$L,3,0),IF($C29=\"COMPOSIÇÃO\",VLOOKUP($D29,#REF!,7,0),IF($C29=\"COTAÇÃO\",VLOOKUP($D29,#REF!,5,0),IF($C29=\"SBC\",VLOOKUP($D29,#REF!,3,0),FALSOSE($C29=\"SICRO\",VLOOKUP($D29,SICRO_02022!$A:$D,3,0),FALSE))))))))))","v":"UN"},{"$f":"VLOOKUP($B29,M.CÁLCULO!$A:$Q,16,0)","v":1200},{"$f":"IF($E$6=\"DESONERADO\",IF($D29=\"\",\"\",IF($C29=\"EMOP\",VLOOKUP($D29,EMOP_CONJ_03.2026!$F:$I,4,0),IF($C29=\"SCO\",VLOOKUP($D29,SCO_SERV_CONJ_052025!$F:$I,4,0),IF($C29=\"SINAPI\",VLOOKUP($D29,SINAPI_SERV_CONJ_052025!$I:$M,5,0),IF($C29=\"COMPOSIÇÃO\",VLOOKUP($D29,#REF!,9,0),IF($C29=\"COTAÇÃO\",VLOOKUP($D29,#REF!,8,0),IF($C29=\"SBC\",VLOOKUP($D29,#REF!,4,0),IF($C29=\"SICRO\",VLOOKUP($D29,SICRO_02022!$F:$I,4,0),FALSE)))))))),IF($E$6=\"NÃO DESONERADO\",IF($D29=\"\",\"\",IF($C29=\"EMOP\",VLOOKUP($D29,EMOP_CONJ_03.2026!$A:$D,4,0),IF($C29=\"SCO\",VLOOKUP($D29,SCO_SERV_CONJ_052025!$A:$D,4,0),IF($C29=\"SINAPI\",VLOOKUP($D29,SINAPI_SERV_CONJ_052025!$I:$L,4,0),IF($C29=\"COMPOSIÇÃO\",VLOOKUP($D29,#REF!,9,0),IF($C29=\"COTAÇÃO\",VLOOKUP($D29,#REF!,8,0),IF($C29=\"SBC\",VLOOKUP($D29,#REF!,4,0),IF($C29=\"SICRO\",VLOOKUP($D29,SICRO_02022!$A:$D,4,0),FALSE))))))))))","v":142.69},171228,174.29580000000001,209154.96]
["2.0","2.11",{"$f":"VLOOKUP(B30,M.CÁLCULO!$A:$P,2,0)","v":"EMOP"},{"$f":"IF($E$6=\"NÃO DESONERADO\",VLOOKUP($B30,M.CÁLCULO!$A:$Q,3,FALSE),IF($E$6=\"DESONERADO\",VLOOKUP($B30,M.CÁLCULO!$A:$Q,4,FALSE),FALSE))","v":"01.001.0205-0"},{"$f":"IF($E$6=\"DESONERADO\",IF($D30=\"\",\"\",IF($C30=\"EMOP\",VLOOKUP($D30,EMOP_CONJ_03.2026!$F:$I,2,0),IF($C30=\"SCO\",VLOOKUP($D30,SCO_SERV_CONJ_052025!$F:$I,2,0),IF($C30=\"SINAPI\",VLOOKUP($D30,SINAPI_SERV_CONJ_052025!$I:$M,2,0),IF($C30=\"COMPOSIÇÃO\",VLOOKUP($D30,#REF!,4,0),IF($C30=\"COTAÇÃO\",VLOOKUP($D30,#REF!,2,0),IF($C30=\"SBC\",VLOOKUP($D30,#REF!,2,0),IF($C30=\"SICRO\",VLOOKUP($D30,SICRO_02022!$F:$I,2,0),FALSE)))))))),IF($E$6=\"NÃO DESONERADO\",IF($D30=\"\",\"\",IF($C30=\"EMOP\",VLOOKUP($D30,EMOP_CONJ_03.2026!$A:$D,2,0),IF($C30=\"SCO\",VLOOKUP($D30,SCO_SERV_CONJ_052025!$A:$D,2,0),IF($C30=\"SINAPI\",VLOOKUP($D30,SINAPI_SERV_CONJ_052025!$I:$L,2,0),IF($C30=\"COMPOSIÇÃO\",VLOOKUP($D30,#REF!,3,0),IF($C30=\"COTAÇÃO\",VLOOKUP($D30,#REF!,2,0),IF($C30=\"SBC\",VLOOKUP($D30,#REF!,2,0),IF($C30=\"SICRO\",VLOOKUP($D30,SICRO_02022!$A:$D,2,0),FALSE))))))))))","v":"DETERMINACAO,COM AUXILIO DE SONDA ROTATIVA,DA DENSIDADE DE MISTURA COMPACTADA,POR CORPO DE PROVA"},{"$f":"IF($E$6=\"DESONERADO\",IF($D30=\"\",\"\",IF($C30=\"EMOP\",VLOOKUP($D30,EMOP_CONJ_03.2026!$F:$I,3,0),IF($C30=\"SCO\",VLOOKUP($D30,SCO_SERV_CONJ_052025!$F:$I,3,0),IF($C30=\"SINAPI\",VLOOKUP($D30,SINAPI_SERV_CONJ_052025!$I:$M,3,0),IF($C30=\"COMPOSIÇÃO\",VLOOKUP($D30,#REF!,7,0),IF($C30=\"COTAÇÃO\",VLOOKUP($D30,#REF!,5,0),IF($C30=\"SBC\",VLOOKUP($D30,#REF!,3,0),IF($C30=\"SICRO\",VLOOKUP($D30,SICRO_02022!$F:$I,3,0),FALSE)))))))),IF($E$6=\"NÃO DESONERADO\",IF($D30=\"\",\"\",IF($C30=\"EMOP\",VLOOKUP($D30,EMOP_CONJ_03.2026!$A:$D,3,0),IF($C30=\"SCO\",VLOOKUP($D30,SCO_SERV_CONJ_052025!$A:$D,3,0),IF($C30=\"SINAPI\",VLOOKUP($D30,SINAPI_SERV_CONJ_052025!$I:$L,3,0),IF($C30=\"COMPOSIÇÃO\",VLOOKUP($D30,#REF!,7,0),IF($C30=\"COTAÇÃO\",VLOOKUP($D30,#REF!,5,0),IF($C30=\"SBC\",VLOOKUP($D30,#REF!,3,0),FALSOSE($C30=\"SICRO\",VLOOKUP($D30,SICRO_02022!$A:$D,3,0),FALSE))))))))))","v":"UN"},{"$f":"VLOOKUP($B30,M.CÁLCULO!$A:$Q,16,0)","v":1200},{"$f":"IF($E$6=\"DESONERADO\",IF($D30=\"\",\"\",IF($C30=\"EMOP\",VLOOKUP($D30,EMOP_CONJ_03.2026!$F:$I,4,0),IF($C30=\"SCO\",VLOOKUP($D30,SCO_SERV_CONJ_052025!$F:$I,4,0),IF($C30=\"SINAPI\",VLOOKUP($D30,SINAPI_SERV_CONJ_052025!$I:$M,5,0),IF($C30=\"COMPOSIÇÃO\",VLOOKUP($D30,#REF!,9,0),IF($C30=\"COTAÇÃO\",VLOOKUP($D30,#REF!,8,0),IF($C30=\"SBC\",VLOOKUP($D30,#REF!,4,0),IF($C30=\"SICRO\",VLOOKUP($D30,SICRO_02022!$F:$I,4,0),FALSE)))))))),IF($E$6=\"NÃO DESONERADO\",IF($D30=\"\",\"\",IF($C30=\"EMOP\",VLOOKUP($D30,EMOP_CONJ_03.2026!$A:$D,4,0),IF($C30=\"SCO\",VLOOKUP($D30,SCO_SERV_CONJ_052025!$A:$D,4,0),IF($C30=\"SINAPI\",VLOOKUP($D30,SINAPI_SERV_CONJ_052025!$I:$L,4,0),IF($C30=\"COMPOSIÇÃO\",VLOOKUP($D30,#REF!,9,0),IF($C30=\"COTAÇÃO\",VLOOKUP($D30,#REF!,8,0),IF($C30=\"SBC\",VLOOKUP($D30,#REF!,4,0),IF($C30=\"SICRO\",VLOOKUP($D30,SICRO_02022!$A:$D,4,0),FALSE))))))))))","v":58.03},69636,70.883600000000001,85060.32]
["2.0","2.12",{"$f":"VLOOKUP(B31,M.CÁLCULO!$A:$P,2,0)","v":"EMOP"},{"$f":"IF($E$6=\"NÃO DESONERADO\",VLOOKUP($B31,M.CÁLCULO!$A:$Q,3,FALSE),IF($E$6=\"DESONERADO\",VLOOKUP($B31,M.CÁLCULO!$A:$Q,4,FALSE),FALSE))","v":"01.001.0198-0"},{"$f":"IF($E$6=\"DESONERADO\",IF($D31=\"\",\"\",IF($C31=\"EMOP\",VLOOKUP($D31,EMOP_CONJ_03.2026!$F:$I,2,0),IF($C31=\"SCO\",VLOOKUP($D31,SCO_SERV_CONJ_052025!$F:$I,2,0),IF($C31=\"SINAPI\",VLOOKUP($D31,SINAPI_SERV_CONJ_052025!$I:$M,2,0),IF($C31=\"COMPOSIÇÃO\",VLOOKUP($D31,#REF!,4,0),IF($C31=\"COTAÇÃO\",VLOOKUP($D31,#REF!,2,0),IF($C31=\"SBC\",VLOOKUP($D31,#REF!,2,0),IF($C31=\"SICRO\",VLOOKUP($D31,SICRO_02022!$F:$I,2,0),FALSE)))))))),IF($E$6=\"NÃO DESONERADO\",IF($D31=\"\",\"\",IF($C31=\"EMOP\",VLOOKUP($D31,EMOP_CONJ_03.2026!$A:$D,2,0),IF($C31=\"SCO\",VLOOKUP($D31,SCO_SERV_CONJ_052025!$A:$D,2,0),IF($C31=\"SINAPI\",VLOOKUP($D31,SINAPI_SERV_CONJ_052025!$I:$L,2,0),IF($C31=\"COMPOSIÇÃO\",VLOOKUP($D31,#REF!,3,0),IF($C31=\"COTAÇÃO\",VLOOKUP($D31,#REF!,2,0),IF($C31=\"SBC\",VLOOKUP($D31,#REF!,2,0),IF($C31=\"SICRO\",VLOOKUP($D31,SICRO_02022!$A:$D,2,0),FALSE))))))))))","v":"DETERMINACAO DO TEOR DE BETUME"},{"$f":"IF($E$6=\"DESONERADO\",IF($D31=\"\",\"\",IF($C31=\"EMOP\",VLOOKUP($D31,EMOP_CONJ_03.2026!$F:$I,3,0),IF($C31=\"SCO\",VLOOKUP($D31,SCO_SERV_CONJ_052025!$F:$I,3,0),IF($C31=\"SINAPI\",VLOOKUP($D31,SINAPI_SERV_CONJ_052025!$I:$M,3,0),IF($C31=\"COMPOSIÇÃO\",VLOOKUP($D31,#REF!,7,0),IF($C31=\"COTAÇÃO\",VLOOKUP($D31,#REF!,5,0),IF($C31=\"SBC\",VLOOKUP($D31,#REF!,3,0),IF($C31=\"SICRO\",VLOOKUP($D31,SICRO_02022!$F:$I,3,0),FALSE)))))))),IF($E$6=\"NÃO DESONERADO\",IF($D31=\"\",\"\",IF($C31=\"EMOP\",VLOOKUP($D31,EMOP_CONJ_03.2026!$A:$D,3,0),IF($C31=\"SCO\",VLOOKUP($D31,SCO_SERV_CONJ_052025!$A:$D,3,0),IF($C31=\"SINAPI\",VLOOKUP($D31,SINAPI_SERV_CONJ_052025!$I:$L,3,0),IF($C31=\"COMPOSIÇÃO\",VLOOKUP($D31,#REF!,7,0),IF($C31=\"COTAÇÃO\",VLOOKUP($D31,#REF!,5,0),IF($C31=\"SBC\",VLOOKUP($D31,#REF!,3,0),FALSOSE($C31=\"SICRO\",VLOOKUP($D31,SICRO_02022!$A:$D,3,0),FALSE))))))))))","v":"UN"},{"$f":"VLOOKUP($B31,M.CÁLCULO!$A:$Q,16,0)","v":194},{"$f":"IF($E$6=\"DESONERADO\",IF($D31=\"\",\"\",IF($C31=\"EMOP\",VLOOKUP($D31,EMOP_CONJ_03.2026!$F:$I,4,0),IF($C31=\"SCO\",VLOOKUP($D31,SCO_SERV_CONJ_052025!$F:$I,4,0),IF($C31=\"SINAPI\",VLOOKUP($D31,SINAPI_SERV_CONJ_052025!$I:$M,5,0),IF($C31=\"COMPOSIÇÃO\",VLOOKUP($D31,#REF!,9,0),IF($C31=\"COTAÇÃO\",VLOOKUP($D31,#REF!,8,0),IF($C31=\"SBC\",VLOOKUP($D31,#REF!,4,0),IF($C31=\"SICRO\",VLOOKUP($D31,SICRO_02022!$F:$I,4,0),FALSE)))))))),IF($E$6=\"NÃO DESONERADO\",IF($D31=\"\",\"\",IF($C31=\"EMOP\",VLOOKUP($D31,EMOP_CONJ_03.2026!$A:$D,4,0),IF($C31=\"SCO\",VLOOKUP($D31,SCO_SERV_CONJ_052025!$A:$D,4,0),IF($C31=\"SINAPI\",VLOOKUP($D31,SINAPI_SERV_CONJ_052025!$I:$L,4,0),IF($C31=\"COMPOSIÇÃO\",VLOOKUP($D31,#REF!,9,0),IF($C31=\"COTAÇÃO\",VLOOKUP($D31,#REF!,8,0),IF($C31=\"SBC\",VLOOKUP($D31,#REF!,4,0),IF($C31=\"SICRO\",VLOOKUP($D31,SICRO_02022!$A:$D,4,0),FALSE))))))))))","v":536.84},104146.96,655.75,127215.5]
["2.0","2.13",{"$f":"VLOOKUP(B32,M.CÁLCULO!$A:$P,2,0)","v":"EMOP"},{"$f":"IF($E$6=\"NÃO DESONERADO\",VLOOKUP($B32,M.CÁLCULO!$A:$Q,3,FALSE),IF($E$6=\"DESONERADO\",VLOOKUP($B32,M.CÁLCULO!$A:$Q,4,FALSE),FALSE))","v":"01.001.0208-0"},{"$f":"IF($E$6=\"DESONERADO\",IF($D32=\"\",\"\",IF($C32=\"EMOP\",VLOOKUP($D32,EMOP_CONJ_03.2026!$F:$I,2,0),IF($C32=\"SCO\",VLOOKUP($D32,SCO_SERV_CONJ_052025!$F:$I,2,0),IF($C32=\"SINAPI\",VLOOKUP($D32,SINAPI_SERV_CONJ_052025!$I:$M,2,0),IF($C32=\"COMPOSIÇÃO\",VLOOKUP($D32,#REF!,4,0),IF($C32=\"COTAÇÃO\",VLOOKUP($D32,#REF!,2,0),IF($C32=\"SBC\",VLOOKUP($D32,#REF!,2,0),IF($C32=\"SICRO\",VLOOKUP($D32,SICRO_02022!$F:$I,2,0),FALSE)))))))),IF($E$6=\"NÃO DESONERADO\",IF($D32=\"\",\"\",IF($C32=\"EMOP\",VLOOKUP($D32,EMOP_CONJ_03.2026!$A:$D,2,0),IF($C32=\"SCO\",VLOOKUP($D32,SCO_SERV_CONJ_052025!$A:$D,2,0),IF($C32=\"SINAPI\",VLOOKUP($D32,SINAPI_SERV_CONJ_052025!$I:$L,2,0),IF($C32=\"COMPOSIÇÃO\",VLOOKUP($D32,#REF!,3,0),IF($C32=\"COTAÇÃO\",VLOOKUP($D32,#REF!,2,0),IF($C32=\"SBC\",VLOOKUP($D32,#REF!,2,0),IF($C32=\"SICRO\",VLOOKUP($D32,SICRO_02022!$A:$D,2,0),FALSE))))))))))","v":"DETERMINACAO DA RESISTENCIA A TRACAO POR COMPRESSAO DIAMETRAL DE MISTURAS BETUMINOSAS"},{"$f":"IF($E$6=\"DESONERADO\",IF($D32=\"\",\"\",IF($C32=\"EMOP\",VLOOKUP($D32,EMOP_CONJ_03.2026!$F:$I,3,0),IF($C32=\"SCO\",VLOOKUP($D32,SCO_SERV_CONJ_052025!$F:$I,3,0),IF($C32=\"SINAPI\",VLOOKUP($D32,SINAPI_SERV_CONJ_052025!$I:$M,3,0),IF($C32=\"COMPOSIÇÃO\",VLOOKUP($D32,#REF!,7,0),IF($C32=\"COTAÇÃO\",VLOOKUP($D32,#REF!,5,0),IF($C32=\"SBC\",VLOOKUP($D32,#REF!,3,0),IF($C32=\"SICRO\",VLOOKUP($D32,SICRO_02022!$F:$I,3,0),FALSE)))))))),IF($E$6=\"NÃO DESONERADO\",IF($D32=\"\",\"\",IF($C32=\"EMOP\",VLOOKUP($D32,EMOP_CONJ_03.2026!$A:$D,3,0),IF($C32=\"SCO\",VLOOKUP($D32,SCO_SERV_CONJ_052025!$A:$D,3,0),IF($C32=\"SINAPI\",VLOOKUP($D32,SINAPI_SERV_CONJ_052025!$I:$L,3,0),IF($C32=\"COMPOSIÇÃO\",VLOOKUP($D32,#REF!,7,0),IF($C32=\"COTAÇÃO\",VLOOKUP($D32,#REF!,5,0),IF($C32=\"SBC\",VLOOKUP($D32,#REF!,3,0),FALSOSE($C32=\"SICRO\",VLOOKUP($D32,SICRO_02022!$A:$D,3,0),FALSE))))))))))","v":"UN"},{"$f":"VLOOKUP($B32,M.CÁLCULO!$A:$Q,16,0)","v":194},{"$f":"IF($E$6=\"DESONERADO\",IF($D32=\"\",\"\",IF($C32=\"EMOP\",VLOOKUP($D32,EMOP_CONJ_03.2026!$F:$I,4,0),IF($C32=\"SCO\",VLOOKUP($D32,SCO_SERV_CONJ_052025!$F:$I,4,0),IF($C32=\"SINAPI\",VLOOKUP($D32,SINAPI_SERV_CONJ_052025!$I:$M,5,0),IF($C32=\"COMPOSIÇÃO\",VLOOKUP($D32,#REF!,9,0),IF($C32=\"COTAÇÃO\",VLOOKUP($D32,#REF!,8,0),IF($C32=\"SBC\",VLOOKUP($D32,#REF!,4,0),IF($C32=\"SICRO\",VLOOKUP($D32,SICRO_02022!$F:$I,4,0),FALSE)))))))),IF($E$6=\"NÃO DESONERADO\",IF($D32=\"\",\"\",IF($C32=\"EMOP\",VLOOKUP($D32,EMOP_CONJ_03.2026!$A:$D,4,0),IF($C32=\"SCO\",VLOOKUP($D32,SCO_SERV_CONJ_052025!$A:$D,4,0),IF($C32=\"SINAPI\",VLOOKUP($D32,SINAPI_SERV_CONJ_052025!$I:$L,4,0),IF($C32=\"COMPOSIÇÃO\",VLOOKUP($D32,#REF!,9,0),IF($C32=\"COTAÇÃO\",VLOOKUP($D32,#REF!,8,0),IF($C32=\"SBC\",VLOOKUP($D32,#REF!,4,0),IF($C32=\"SICRO\",VLOOKUP($D32,SICRO_02022!$A:$D,4,0),FALSE))))))))))","v":202.75},39333.5,247.6591,48045.86]
["2.0","2.14",{"$f":"VLOOKUP(B33,M.CÁLCULO!$A:$P,2,0)","v":"EMOP"},{"$f":"IF($E$6=\"NÃO DESONERADO\",VLOOKUP($B33,M.CÁLCULO!$A:$Q,3,FALSE),IF($E$6=\"DESONERADO\",VLOOKUP($B33,M.CÁLCULO!$A:$Q,4,FALSE),FALSE))","v":"01.001.0204-0"},{"$f":"IF($E$6=\"DESONERADO\",IF($D33=\"\",\"\",IF($C33=\"EMOP\",VLOOKUP($D33,EMOP_CONJ_03.2026!$F:$I,2,0),IF($C33=\"SCO\",VLOOKUP($D33,SCO_SERV_CONJ_052025!$F:$I,2,0),IF($C33=\"SINAPI\",VLOOKUP($D33,SINAPI_SERV_CONJ_052025!$I:$M,2,0),IF($C33=\"COMPOSIÇÃO\",VLOOKUP($D33,#REF!,4,0),IF($C33=\"COTAÇÃO\",VLOOKUP($D33,#REF!,2,0),IF($C33=\"SBC\",VLOOKUP($D33,#REF!,2,0),IF($C33=\"SICRO\",VLOOKUP($D33,SICRO_02022!$F:$I,2,0),FALSE)))))))),IF($E$6=\"NÃO DESONERADO\",IF($D33=\"\",\"\",IF($C33=\"EMOP\",VLOOKUP($D33,EMOP_CONJ_03.2026!$A:$D,2,0),IF($C33=\"SCO\",VLOOKUP($D33,SCO_SERV_CONJ_052025!$A:$D,2,0),IF($C33=\"SINAPI\",VLOOKUP($D33,SINAPI_SERV_CONJ_052025!$I:$L,2,0),IF($C33=\"COMPOSIÇÃO\",VLOOKUP($D33,#REF!,3,0),IF($C33=\"COTAÇÃO\",VLOOKUP($D33,#REF!,2,0),IF($C33=\"SBC\",VLOOKUP($D33,#REF!,2,0),IF($C33=\"SICRO\",VLOOKUP($D33,SICRO_02022!$A:$D,2,0),FALSE))))))))))","v":"AMOSTRA GRANULOMETRICA APOS EXTRACAO DO LIGANTE"},{"$f":"IF($E$6=\"DESONERADO\",IF($D33=\"\",\"\",IF($C33=\"EMOP\",VLOOKUP($D33,EMOP_CONJ_03.2026!$F:$I,3,0),IF($C33=\"SCO\",VLOOKUP($D33,SCO_SERV_CONJ_052025!$F:$I,3,0),IF($C33=\"SINAPI\",VLOOKUP($D33,SINAPI_SERV_CONJ_052025!$I:$M,3,0),IF($C33=\"COMPOSIÇÃO\",VLOOKUP($D33,#REF!,7,0),IF($C33=\"COTAÇÃO\",VLOOKUP($D33,#REF!,5,0),IF($C33=\"SBC\",VLOOKUP($D33,#REF!,3,0),IF($C33=\"SICRO\",VLOOKUP($D33,SICRO_02022!$F:$I,3,0),FALSE)))))))),IF($E$6=\"NÃO DESONERADO\",IF($D33=\"\",\"\",IF($C33=\"EMOP\",VLOOKUP($D33,EMOP_CONJ_03.2026!$A:$D,3,0),IF($C33=\"SCO\",VLOOKUP($D33,SCO_SERV_CONJ_052025!$A:$D,3,0),IF($C33=\"SINAPI\",VLOOKUP($D33,SINAPI_SERV_CONJ_052025!$I:$L,3,0),IF($C33=\"COMPOSIÇÃO\",VLOOKUP($D33,#REF!,7,0),IF($C33=\"COTAÇÃO\",VLOOKUP($D33,#REF!,5,0),IF($C33=\"SBC\",VLOOKUP($D33,#REF!,3,0),FALSOSE($C33=\"SICRO\",VLOOKUP($D33,SICRO_02022!$A:$D,3,0),FALSE))))))))))","v":"UN"},{"$f":"VLOOKUP($B33,M.CÁLCULO!$A:$Q,16,0)","v":194},{"$f":"IF($E$6=\"DESONERADO\",IF($D33=\"\",\"\",IF($C33=\"EMOP\",VLOOKUP($D33,EMOP_CONJ_03.2026!$F:$I,4,0),IF($C33=\"SCO\",VLOOKUP($D33,SCO_SERV_CONJ_052025!$F:$I,4,0),IF($C33=\"SINAPI\",VLOOKUP($D33,SINAPI_SERV_CONJ_052025!$I:$M,5,0),IF($C33=\"COMPOSIÇÃO\",VLOOKUP($D33,#REF!,9,0),IF($C33=\"COTAÇÃO\",VLOOKUP($D33,#REF!,8,0),IF($C33=\"SBC\",VLOOKUP($D33,#REF!,4,0),IF($C33=\"SICRO\",VLOOKUP($D33,SICRO_02022!$F:$I,4,0),FALSE)))))))),IF($E$6=\"NÃO DESONERADO\",IF($D33=\"\",\"\",IF($C33=\"EMOP\",VLOOKUP($D33,EMOP_CONJ_03.2026!$A:$D,4,0),IF($C33=\"SCO\",VLOOKUP($D33,SCO_SERV_CONJ_052025!$A:$D,4,0),IF($C33=\"SINAPI\",VLOOKUP($D33,SINAPI_SERV_CONJ_052025!$I:$L,4,0),IF($C33=\"COMPOSIÇÃO\",VLOOKUP($D33,#REF!,9,0),IF($C33=\"COTAÇÃO\",VLOOKUP($D33,#REF!,8,0),IF($C33=\"SBC\",VLOOKUP($D33,#REF!,4,0),IF($C33=\"SICRO\",VLOOKUP($D33,SICRO_02022!$A:$D,4,0),FALSE))))))))))","v":203.17},39414.980000000003,248.1721,48145.38]
["2.0","2.15",{"$f":"VLOOKUP(B34,M.CÁLCULO!$A:$P,2,0)","v":"EMOP"},{"$f":"IF($E$6=\"NÃO DESONERADO\",VLOOKUP($B34,M.CÁLCULO!$A:$Q,3,FALSE),IF($E$6=\"DESONERADO\",VLOOKUP($B34,M.CÁLCULO!$A:$Q,4,FALSE),FALSE))","v":"01.008.0050-0"},{"$f":"IF($E$6=\"DESONERADO\",IF($D34=\"\",\"\",IF($C34=\"EMOP\",VLOOKUP($D34,EMOP_CONJ_03.2026!$F:$I,2,0),IF($C34=\"SCO\",VLOOKUP($D34,SCO_SERV_CONJ_052025!$F:$I,2,0),IF($C34=\"SINAPI\",VLOOKUP($D34,SINAPI_SERV_CONJ_052025!$I:$M,2,0),IF($C34=\"COMPOSIÇÃO\",VLOOKUP($D34,#REF!,4,0),IF($C34=\"COTAÇÃO\",VLOOKUP($D34,#REF!,2,0),IF($C34=\"SBC\",VLOOKUP($D34,#REF!,2,0),IF($C34=\"SICRO\",VLOOKUP($D34,SICRO_02022!$F:$I,2,0),FALSE)))))))),IF($E$6=\"NÃO DESONERADO\",IF($D34=\"\",\"\",IF($C34=\"EMOP\",VLOOKUP($D34,EMOP_CONJ_03.2026!$A:$D,2,0),IF($C34=\"SCO\",VLOOKUP($D34,SCO_SERV_CONJ_052025!$A:$D,2,0),IF($C34=\"SINAPI\",VLOOKUP($D34,SINAPI_SERV_CONJ_052025!$I:$L,2,0),IF($C34=\"COMPOSIÇÃO\",VLOOKUP($D34,#REF!,3,0),IF($C34=\"COTAÇÃO\",VLOOKUP($D34,#REF!,2,0),IF($C34=\"SBC\",VLOOKUP($D34,#REF!,2,0),IF($C34=\"SICRO\",VLOOKUP($D34,SICRO_02022!$A:$D,2,0),FALSE))))))))))","v":"MOBILIZACAO E DESMOBILIZACAO DE EQUIPAMENTO E EQUIPE DE SONDAGEM E PERFURACAO A PERCUSSAO,COM TRANSPORTE ATE 50KM"},{"$f":"IF($E$6=\"DESONERADO\",IF($D34=\"\",\"\",IF($C34=\"EMOP\",VLOOKUP($D34,EMOP_CONJ_03.2026!$F:$I,3,0),IF($C34=\"SCO\",VLOOKUP($D34,SCO_SERV_CONJ_052025!$F:$I,3,0),IF($C34=\"SINAPI\",VLOOKUP($D34,SINAPI_SERV_CONJ_052025!$I:$M,3,0),IF($C34=\"COMPOSIÇÃO\",VLOOKUP($D34,#REF!,7,0),IF($C34=\"COTAÇÃO\",VLOOKUP($D34,#REF!,5,0),IF($C34=\"SBC\",VLOOKUP($D34,#REF!,3,0),IF($C34=\"SICRO\",VLOOKUP($D34,SICRO_02022!$F:$I,3,0),FALSE)))))))),IF($E$6=\"NÃO DESONERADO\",IF($D34=\"\",\"\",IF($C34=\"EMOP\",VLOOKUP($D34,EMOP_CONJ_03.2026!$A:$D,3,0),IF($C34=\"SCO\",VLOOKUP($D34,SCO_SERV_CONJ_052025!$A:$D,3,0),IF($C34=\"SINAPI\",VLOOKUP($D34,SINAPI_SERV_CONJ_052025!$I:$L,3,0),IF($C34=\"COMPOSIÇÃO\",VLOOKUP($D34,#REF!,7,0),IF($C34=\"COTAÇÃO\",VLOOKUP($D34,#REF!,5,0),IF($C34=\"SBC\",VLOOKUP($D34,#REF!,3,0),FALSOSE($C34=\"SICRO\",VLOOKUP($D34,SICRO_02022!$A:$D,3,0),FALSE))))))))))","v":"UN"},{"$f":"VLOOKUP($B34,M.CÁLCULO!$A:$Q,16,0)","v":12},{"$f":"IF($E$6=\"DESONERADO\",IF($D34=\"\",\"\",IF($C34=\"EMOP\",VLOOKUP($D34,EMOP_CONJ_03.2026!$F:$I,4,0),IF($C34=\"SCO\",VLOOKUP($D34,SCO_SERV_CONJ_052025!$F:$I,4,0),IF($C34=\"SINAPI\",VLOOKUP($D34,SINAPI_SERV_CONJ_052025!$I:$M,5,0),IF($C34=\"COMPOSIÇÃO\",VLOOKUP($D34,#REF!,9,0),IF($C34=\"COTAÇÃO\",VLOOKUP($D34,#REF!,8,0),IF($C34=\"SBC\",VLOOKUP($D34,#REF!,4,0),IF($C34=\"SICRO\",VLOOKUP($D34,SICRO_02022!$F:$I,4,0),FALSE)))))))),IF($E$6=\"NÃO DESONERADO\",IF($D34=\"\",\"\",IF($C34=\"EMOP\",VLOOKUP($D34,EMOP_CONJ_03.2026!$A:$D,4,0),IF($C34=\"SCO\",VLOOKUP($D34,SCO_SERV_CONJ_052025!$A:$D,4,0),IF($C34=\"SINAPI\",VLOOKUP($D34,SINAPI_SERV_CONJ_052025!$I:$L,4,0),IF($C34=\"COMPOSIÇÃO\",VLOOKUP($D34,#REF!,9,0),IF($C34=\"COTAÇÃO\",VLOOKUP($D34,#REF!,8,0),IF($C34=\"SBC\",VLOOKUP($D34,#REF!,4,0),IF($C34=\"SICRO\",VLOOKUP($D34,SICRO_02022!$A:$D,4,0),FALSE))))))))))","v":8752.6200000000008},105031.44,10691.3253,128295.9]
["SUBTOTAL","3.0",null,null,{"$f":"M.CÁLCULO!E146","v":"APOIO TÉCNICO"},null,null,null,{"$f":"SUMIF($A:$A,$B35,$I:$I)","v":1147461.1200000001},null,{"$f":"SUMIF($A:$A,$B35,$K:$K)","v":1401623.28}]
["3.0","3.1",{"$f":"VLOOKUP(B36,M.CÁLCULO!$A:$P,2,0)","v":"EMOP"},{"$f":"IF($E$6=\"NÃO DESONERADO\",VLOOKUP($B36,M.CÁLCULO!$A:$Q,3,FALSE),IF($E$6=\"DESONERADO\",VLOOKUP($B36,M.CÁLCULO!$A:$Q,4,FALSE),FALSE))","v":"05.105.0147-0"},{"$f":"IF($E$6=\"DESONERADO\",IF($D36=\"\",\"\",IF($C36=\"EMOP\",VLOOKUP($D36,EMOP_CONJ_03.2026!$F:$I,2,0),IF($C36=\"SCO\",VLOOKUP($D36,SCO_SERV_CONJ_052025!$F:$I,2,0),IF($C36=\"SINAPI\",VLOOKUP($D36,SINAPI_SERV_CONJ_052025!$I:$M,2,0),IF($C36=\"COMPOSIÇÃO\",VLOOKUP($D36,#REF!,4,0),IF($C36=\"COTAÇÃO\",VLOOKUP($D36,#REF!,2,0),IF($C36=\"SBC\",VLOOKUP($D36,#REF!,2,0),IF($C36=\"SICRO\",VLOOKUP($D36,SICRO_02022!$F:$I,2,0),FALSE)))))))),IF($E$6=\"NÃO DESONERADO\",IF($D36=\"\",\"\",IF($C36=\"EMOP\",VLOOKUP($D36,EMOP_CONJ_03.2026!$A:$D,2,0),IF($C36=\"SCO\",VLOOKUP($D36,SCO_SERV_CONJ_052025!$A:$D,2,0),IF($C36=\"SINAPI\",VLOOKUP($D36,SINAPI_SERV_CONJ_052025!$I:$L,2,0),IF($C36=\"COMPOSIÇÃO\",VLOOKUP($D36,#REF!,3,0),IF($C36=\"COTAÇÃO\",VLOOKUP($D36,#REF!,2,0),IF($C36=\"SBC\",VLOOKUP($D36,#REF!,2,0),IF($C36=\"SICRO\",VLOOKUP($D36,SICRO_02022!$A:$D,2,0),FALSE))))))))))","v":"MAO-DE-OBRA PARA LABORATORISTA \"A\",INCLUSIVE ENCARGOS SOCIAIS"},{"$f":"IF($E$6=\"DESONERADO\",IF($D36=\"\",\"\",IF($C36=\"EMOP\",VLOOKUP($D36,EMOP_CONJ_03.2026!$F:$I,3,0),IF($C36=\"SCO\",VLOOKUP($D36,SCO_SERV_CONJ_052025!$F:$I,3,0),IF($C36=\"SINAPI\",VLOOKUP($D36,SINAPI_SERV_CONJ_052025!$I:$M,3,0),IF($C36=\"COMPOSIÇÃO\",VLOOKUP($D36,#REF!,7,0),IF($C36=\"COTAÇÃO\",VLOOKUP($D36,#REF!,5,0),IF($C36=\"SBC\",VLOOKUP($D36,#REF!,3,0),IF($C36=\"SICRO\",VLOOKUP($D36,SICRO_02022!$F:$I,3,0),FALSE)))))))),IF($E$6=\"NÃO DESONERADO\",IF($D36=\"\",\"\",IF($C36=\"EMOP\",VLOOKUP($D36,EMOP_CONJ_03.2026!$A:$D,3,0),IF($C36=\"SCO\",VLOOKUP($D36,SCO_SERV_CONJ_052025!$A:$D,3,0),IF($C36=\"SINAPI\",VLOOKUP($D36,SINAPI_SERV_CONJ_052025!$I:$L,3,0),IF($C36=\"COMPOSIÇÃO\",VLOOKUP($D36,#REF!,7,0),IF($C36=\"COTAÇÃO\",VLOOKUP($D36,#REF!,5,0),IF($C36=\"SBC\",VLOOKUP($D36,#REF!,3,0),FALSOSE($C36=\"SICRO\",VLOOKUP($D36,SICRO_02022!$A:$D,3,0),FALSE))))))))))","v":"MES"},{"$f":"VLOOKUP($B36,M.CÁLCULO!$A:$Q,16,0)","v":24},{"$f":"IF($E$6=\"DESONERADO\",IF($D36=\"\",\"\",IF($C36=\"EMOP\",VLOOKUP($D36,EMOP_CONJ_03.2026!$F:$I,4,0),IF($C36=\"SCO\",VLOOKUP($D36,SCO_SERV_CONJ_052025!$F:$I,4,0),IF($C36=\"SINAPI\",VLOOKUP($D36,SINAPI_SERV_CONJ_052025!$I:$M,5,0),IF($C36=\"COMPOSIÇÃO\",VLOOKUP($D36,#REF!,9,0),IF($C36=\"COTAÇÃO\",VLOOKUP($D36,#REF!,8,0),IF($C36=\"SBC\",VLOOKUP($D36,#REF!,4,0),IF($C36=\"SICRO\",VLOOKUP($D36,SICRO_02022!$F:$I,4,0),FALSE)))))))),IF($E$6=\"NÃO DESONERADO\",IF($D36=\"\",\"\",IF($C36=\"EMOP\",VLOOKUP($D36,EMOP_CONJ_03.2026!$A:$D,4,0),IF($C36=\"SCO\",VLOOKUP($D36,SCO_SERV_CONJ_052025!$A:$D,4,0),IF($C36=\"SINAPI\",VLOOKUP($D36,SINAPI_SERV_CONJ_052025!$I:$L,4,0),IF($C36=\"COMPOSIÇÃO\",VLOOKUP($D36,#REF!,9,0),IF($C36=\"COTAÇÃO\",VLOOKUP($D36,#REF!,8,0),IF($C36=\"SBC\",VLOOKUP($D36,#REF!,4,0),IF($C36=\"SICRO\",VLOOKUP($D36,SICRO_02022!$A:$D,4,0),FALSE))))))))))","v":7164.96},{"$f":"TRUNC(G36*H36,5)","v":171959.04000000001},{"$f":"TRUNC(H36*(1+$K$8),2)","v":8751.99},{"$f":"TRUNC(G36*J36,5)","v":210047.76}]
["3.0","3.2",{"$f":"VLOOKUP(B37,M.CÁLCULO!$A:$P,2,0)","v":"EMOP"},{"$f":"IF($E$6=\"NÃO DESONERADO\",VLOOKUP($B37,M.CÁLCULO!$A:$Q,3,FALSE),IF($E$6=\"DESONERADO\",VLOOKUP($B37,M.CÁLCULO!$A:$Q,4,FALSE),FALSE))","v":"05.105.0125-0"},{"$f":"IF($E$6=\"DESONERADO\",IF($D37=\"\",\"\",IF($C37=\"EMOP\",VLOOKUP($D37,EMOP_CONJ_03.2026!$F:$I,2,0),IF($C37=\"SCO\",VLOOKUP($D37,SCO_SERV_CONJ_052025!$F:$I,2,0),IF($C37=\"SINAPI\",VLOOKUP($D37,SINAPI_SERV_CONJ_052025!$I:$M,2,0),IF($C37=\"COMPOSIÇÃO\",VLOOKUP($D37,#REF!,4,0),IF($C37=\"COTAÇÃO\",VLOOKUP($D37,#REF!,2,0),IF($C37=\"SBC\",VLOOKUP($D37,#REF!,2,0),IF($C37=\"SICRO\",VLOOKUP($D37,SICRO_02022!$F:$I,2,0),FALSE)))))))),IF($E$6=\"NÃO DESONERADO\",IF($D37=\"\",\"\",IF($C37=\"EMOP\",VLOOKUP($D37,EMOP_CONJ_03.2026!$A:$D,2,0),IF($C37=\"SCO\",VLOOKUP($D37,SCO_SERV_CONJ_052025!$A:$D,2,0),IF($C37=\"SINAPI\",VLOOKUP($D37,SINAPI_SERV_CONJ_052025!$I:$L,2,0),IF($C37=\"COMPOSIÇÃO\",VLOOKUP($D37,#REF!,3,0),IF($C37=\"COTAÇÃO\",VLOOKUP($D37,#REF!,2,0),IF($C37=\"SBC\",VLOOKUP($D37,#REF!,2,0),IF($C37=\"SICRO\",VLOOKUP($D37,SICRO_02022!$A:$D,2,0),FALSE))))))))))","v":"MAO-DE-OBRA DE AUXILIAR TECNICO,INCLUSIVE ENCARGOS SOCIAIS"},{"$f":"IF($E$6=\"DESONERADO\",IF($D37=\"\",\"\",IF($C37=\"EMOP\",VLOOKUP($D37,EMOP_CONJ_03.2026!$F:$I,3,0),IF($C37=\"SCO\",VLOOKUP($D37,SCO_SERV_CONJ_052025!$F:$I,3,0),IF($C37=\"SINAPI\",VLOOKUP($D37,SINAPI_SERV_CONJ_052025!$I:$M,3,0),IF($C37=\"COMPOSIÇÃO\",VLOOKUP($D37,#REF!,7,0),IF($C37=\"COTAÇÃO\",VLOOKUP($D37,#REF!,5,0),IF($C37=\"SBC\",VLOOKUP($D37,#REF!,3,0),IF($C37=\"SICRO\",VLOOKUP($D37,SICRO_02022!$F:$I,3,0),FALSE)))))))),IF($E$6=\"NÃO DESONERADO\",IF($D37=\"\",\"\",IF($C37=\"EMOP\",VLOOKUP($D37,EMOP_CONJ_03.2026!$A:$D,3,0),IF($C37=\"SCO\",VLOOKUP($D37,SCO_SERV_CONJ_052025!$A:$D,3,0),IF($C37=\"SINAPI\",VLOOKUP($D37,SINAPI_SERV_CONJ_052025!$I:$L,3,0),IF($C37=\"COMPOSIÇÃO\",VLOOKUP($D37,#REF!,7,0),IF($C37=\"COTAÇÃO\",VLOOKUP($D37,#REF!,5,0),IF($C37=\"SBC\",VLOOKUP($D37,#REF!,3,0),FALSOSE($C37=\"SICRO\",VLOOKUP($D37,SICRO_02022!$A:$D,3,0),FALSE))))))))))","v":"MES"},{"$f":"VLOOKUP($B37,M.CÁLCULO!$A:$Q,16,0)","v":24},{"$f":"IF($E$6=\"DESONERADO\",IF($D37=\"\",\"\",IF($C37=\"EMOP\",VLOOKUP($D37,EMOP_CONJ_03.2026!$F:$I,4,0),IF($C37=\"SCO\",VLOOKUP($D37,SCO_SERV_CONJ_052025!$F:$I,4,0),IF($C37=\"SINAPI\",VLOOKUP($D37,SINAPI_SERV_CONJ_052025!$I:$M,5,0),IF($C37=\"COMPOSIÇÃO\",VLOOKUP($D37,#REF!,9,0),IF($C37=\"COTAÇÃO\",VLOOKUP($D37,#REF!,8,0),IF($C37=\"SBC\",VLOOKUP($D37,#REF!,4,0),IF($C37=\"SICRO\",VLOOKUP($D37,SICRO_02022!$F:$I,4,0),FALSE)))))))),IF($E$6=\"NÃO DESONERADO\",IF($D37=\"\",\"\",IF($C37=\"EMOP\",VLOOKUP($D37,EMOP_CONJ_03.2026!$A:$D,4,0),IF($C37=\"SCO\",VLOOKUP($D37,SCO_SERV_CONJ_052025!$A:$D,4,0),IF($C37=\"SINAPI\",VLOOKUP($D37,SINAPI_SERV_CONJ_052025!$I:$L,4,0),IF($C37=\"COMPOSIÇÃO\",VLOOKUP($D37,#REF!,9,0),IF($C37=\"COTAÇÃO\",VLOOKUP($D37,#REF!,8,0),IF($C37=\"SBC\",VLOOKUP($D37,#REF!,4,0),IF($C37=\"SICRO\",VLOOKUP($D37,SICRO_02022!$A:$D,4,0),FALSE))))))))))","v":3949.44},{"$f":"TRUNC(G37*H37,5)","v":94786.559999999998},{"$f":"TRUNC(H37*(1+$K$8),2)","v":4824.24},{"$f":"TRUNC(G37*J37,5)","v":115781.75999999999}]
["3.0","3.3",{"$f":"VLOOKUP(B38,M.CÁLCULO!$A:$P,2,0)","v":"EMOP"},{"$f":"IF($E$6=\"NÃO DESONERADO\",VLOOKUP($B38,M.CÁLCULO!$A:$Q,3,FALSE),IF($E$6=\"DESONERADO\",VLOOKUP($B38,M.CÁLCULO!$A:$Q,4,FALSE),FALSE))","v":"05.105.0131-0"},{"$f":"IF($E$6=\"DESONERADO\",IF($D38=\"\",\"\",IF($C38=\"EMOP\",VLOOKUP($D38,EMOP_CONJ_03.2026!$F:$I,2,0),IF($C38=\"SCO\",VLOOKUP($D38,SCO_SERV_CONJ_052025!$F:$I,2,0),IF($C38=\"SINAPI\",VLOOKUP($D38,SINAPI_SERV_CONJ_052025!$I:$M,2,0),IF($C38=\"COMPOSIÇÃO\",VLOOKUP($D38,#REF!,4,0),IF($C38=\"COTAÇÃO\",VLOOKUP($D38,#REF!,2,0),IF($C38=\"SBC\",VLOOKUP($D38,#REF!,2,0),IF($C38=\"SICRO\",VLOOKUP($D38,SICRO_02022!$F:$I,2,0),FALSE)))))))),IF($E$6=\"NÃO DESONERADO\",IF($D38=\"\",\"\",IF($C38=\"EMOP\",VLOOKUP($D38,EMOP_CONJ_03.2026!$A:$D,2,0),IF($C38=\"SCO\",VLOOKUP($D38,SCO_SERV_CONJ_052025!$A:$D,2,0),IF($C38=\"SINAPI\",VLOOKUP($D38,SINAPI_SERV_CONJ_052025!$I:$L,2,0),IF($C38=\"COMPOSIÇÃO\",VLOOKUP($D38,#REF!,3,0),IF($C38=\"COTAÇÃO\",VLOOKUP($D38,#REF!,2,0),IF($C38=\"SBC\",VLOOKUP($D38,#REF!,2,0),IF($C38=\"SICRO\",VLOOKUP($D38,SICRO_02022!$A:$D,2,0),FALSE))))))))))","v":"MAO-DE-OBRA DE ENGENHEIRO OU ARQUITETO SENIOR,INCLUSIVE ENCARGOS SOCIAIS"},{"$f":"IF($E$6=\"DESONERADO\",IF($D38=\"\",\"\",IF($C38=\"EMOP\",VLOOKUP($D38,EMOP_CONJ_03.2026!$F:$I,3,0),IF($C38=\"SCO\",VLOOKUP($D38,SCO_SERV_CONJ_052025!$F:$I,3,0),IF($C38=\"SINAPI\",VLOOKUP($D38,SINAPI_SERV_CONJ_052025!$I:$M,3,0),IF($C38=\"COMPOSIÇÃO\",VLOOKUP($D38,#REF!,7,0),IF($C38=\"COTAÇÃO\",VLOOKUP($D38,#REF!,5,0),IF($C38=\"SBC\",VLOOKUP($D38,#REF!,3,0),IF($C38=\"SICRO\",VLOOKUP($D38,SICRO_02022!$F:$I,3,0),FALSE)))))))),IF($E$6=\"NÃO DESONERADO\",IF($D38=\"\",\"\",IF($C38=\"EMOP\",VLOOKUP($D38,EMOP_CONJ_03.2026!$A:$D,3,0),IF($C38=\"SCO\",VLOOKUP($D38,SCO_SERV_CONJ_052025!$A:$D,3,0),IF($C38=\"SINAPI\",VLOOKUP($D38,SINAPI_SERV_CONJ_052025!$I:$L,3,0),IF($C38=\"COMPOSIÇÃO\",VLOOKUP($D38,#REF!,7,0),IF($C38=\"COTAÇÃO\",VLOOKUP($D38,#REF!,5,0),IF($C38=\"SBC\",VLOOKUP($D38,#REF!,3,0),FALSOSE($C38=\"SICRO\",VLOOKUP($D38,SICRO_02022!$A:$D,3,0),FALSE))))))))))","v":"MES"},{"$f":"VLOOKUP($B38,M.CÁLCULO!$A:$Q,16,0)","v":12},{"$f":"IF($E$6=\"DESONERADO\",IF($D38=\"\",\"\",IF($C38=\"EMOP\",VLOOKUP($D38,EMOP_CONJ_03.2026!$F:$I,4,0),IF($C38=\"SCO\",VLOOKUP($D38,SCO_SERV_CONJ_052025!$F:$I,4,0),IF($C38=\"SINAPI\",VLOOKUP($D38,SINAPI_SERV_CONJ_052025!$I:$M,5,0),IF($C38=\"COMPOSIÇÃO\",VLOOKUP($D38,#REF!,9,0),IF($C38=\"COTAÇÃO\",VLOOKUP($D38,#REF!,8,0),IF($C38=\"SBC\",VLOOKUP($D38,#REF!,4,0),IF($C38=\"SICRO\",VLOOKUP($D38,SICRO_02022!$F:$I,4,0),FALSE)))))))),IF($E$6=\"NÃO DESONERADO\",IF($D38=\"\",\"\",IF($C38=\"EMOP\",VLOOKUP($D38,EMOP_CONJ_03.2026!$A:$D,4,0),IF($C38=\"SCO\",VLOOKUP($D38,SCO_SERV_CONJ_052025!$A:$D,4,0),IF($C38=\"SINAPI\",VLOOKUP($D38,SINAPI_SERV_CONJ_052025!$I:$L,4,0),IF($C38=\"COMPOSIÇÃO\",VLOOKUP($D38,#REF!,9,0),IF($C38=\"COTAÇÃO\",VLOOKUP($D38,#REF!,8,0),IF($C38=\"SBC\",VLOOKUP($D38,#REF!,4,0),IF($C38=\"SICRO\",VLOOKUP($D38,SICRO_02022!$A:$D,4,0),FALSE))))))))))","v":48700.959999999999},584411.52,59488.22,713858.64]
["3.0","3.4",{"$f":"VLOOKUP(B39,M.CÁLCULO!$A:$P,2,0)","v":"EMOP"},{"$f":"IF($E$6=\"NÃO DESONERADO\",VLOOKUP($B39,M.CÁLCULO!$A:$Q,3,FALSE),IF($E$6=\"DESONERADO\",VLOOKUP($B39,M.CÁLCULO!$A:$Q,4,FALSE),FALSE))","v":"19.004.0402-0"},{"$f":"IF($E$6=\"DESONERADO\",IF($D39=\"\",\"\",IF($C39=\"EMOP\",VLOOKUP($D39,EMOP_CONJ_03.2026!$F:$I,2,0),IF($C39=\"SCO\",VLOOKUP($D39,SCO_SERV_CONJ_052025!$F:$I,2,0),IF($C39=\"SINAPI\",VLOOKUP($D39,SINAPI_SERV_CONJ_052025!$I:$M,2,0),IF($C39=\"COMPOSIÇÃO\",VLOOKUP($D39,#REF!,4,0),IF($C39=\"COTAÇÃO\",VLOOKUP($D39,#REF!,2,0),IF($C39=\"SBC\",VLOOKUP($D39,#REF!,2,0),IF($C39=\"SICRO\",VLOOKUP($D39,SICRO_02022!$F:$I,2,0),FALSE)))))))),IF($E$6=\"NÃO DESONERADO\",IF($D39=\"\",\"\",IF($C39=\"EMOP\",VLOOKUP($D39,EMOP_CONJ_03.2026!$A:$D,2,0),IF($C39=\"SCO\",VLOOKUP($D39,SCO_SERV_CONJ_052025!$A:$D,2,0),IF($C39=\"SINAPI\",VLOOKUP($D39,SINAPI_SERV_CONJ_052025!$I:$L,2,0),IF($C39=\"COMPOSIÇÃO\",VLOOKUP($D39,#REF!,3,0),IF($C39=\"COTAÇÃO\",VLOOKUP($D39,#REF!,2,0),IF($C39=\"SBC\",VLOOKUP($D39,#REF!,2,0),IF($C39=\"SICRO\",VLOOKUP($D39,SICRO_02022!$A:$D,2,0),FALSE))))))))))","v":"CAMIONETE TIPO PICK-UP,COM CABINE SIMPLES E CACAMBA,TIPO LEVE,MOTOR BICOMBUSTIVEL (GASOLINA E ALCOOL) DE 1,6 LITROS,INCLUSIVE MOTORISTA E COMBUSTIVEL"},{"$f":"IF($E$6=\"DESONERADO\",IF($D39=\"\",\"\",IF($C39=\"EMOP\",VLOOKUP($D39,EMOP_CONJ_03.2026!$F:$I,3,0),IF($C39=\"SCO\",VLOOKUP($D39,SCO_SERV_CONJ_052025!$F:$I,3,0),IF($C39=\"SINAPI\",VLOOKUP($D39,SINAPI_SERV_CONJ_052025!$I:$M,3,0),IF($C39=\"COMPOSIÇÃO\",VLOOKUP($D39,#REF!,7,0),IF($C39=\"COTAÇÃO\",VLOOKUP($D39,#REF!,5,0),IF($C39=\"SBC\",VLOOKUP($D39,#REF!,3,0),IF($C39=\"SICRO\",VLOOKUP($D39,SICRO_02022!$F:$I,3,0),FALSE)))))))),IF($E$6=\"NÃO DESONERADO\",IF($D39=\"\",\"\",IF($C39=\"EMOP\",VLOOKUP($D39,EMOP_CONJ_03.2026!$A:$D,3,0),IF($C39=\"SCO\",VLOOKUP($D39,SCO_SERV_CONJ_052025!$A:$D,3,0),IF($C39=\"SINAPI\",VLOOKUP($D39,SINAPI_SERV_CONJ_052025!$I:$L,3,0),IF($C39=\"COMPOSIÇÃO\",VLOOKUP($D39,#REF!,7,0),IF($C39=\"COTAÇÃO\",VLOOKUP($D39,#REF!,5,0),IF($C39=\"SBC\",VLOOKUP($D39,#REF!,3,0),FALSOSE($C39=\"SICRO\",VLOOKUP($D39,SICRO_02022!$A:$D,3,0),FALSE))))))))))","v":"MES"},{"$f":"VLOOKUP($B39,M.CÁLCULO!$A:$Q,16,0)","v":24},{"$f":"IF($E$6=\"DESONERADO\",IF($D39=\"\",\"\",IF($C39=\"EMOP\",VLOOKUP($D39,EMOP_CONJ_03.2026!$F:$I,4,0),IF($C39=\"SCO\",VLOOKUP($D39,SCO_SERV_CONJ_052025!$F:$I,4,0),IF($C39=\"SINAPI\",VLOOKUP($D39,SINAPI_SERV_CONJ_052025!$I:$M,5,0),IF($C39=\"COMPOSIÇÃO\",VLOOKUP($D39,#REF!,9,0),IF($C39=\"COTAÇÃO\",VLOOKUP($D39,#REF!,8,0),IF($C39=\"SBC\",VLOOKUP($D39,#REF!,4,0),IF($C39=\"SICRO\",VLOOKUP($D39,SICRO_02022!$F:$I,4,0),FALSE)))))))),IF($E$6=\"NÃO DESONERADO\",IF($D39=\"\",\"\",IF($C39=\"EMOP\",VLOOKUP($D39,EMOP_CONJ_03.2026!$A:$D,4,0),IF($C39=\"SCO\",VLOOKUP($D39,SCO_SERV_CONJ_052025!$A:$D,4,0),IF($C39=\"SINAPI\",VLOOKUP($D39,SINAPI_SERV_CONJ_052025!$I:$L,4,0),IF($C39=\"COMPOSIÇÃO\",VLOOKUP($D39,#REF!,9,0),IF($C39=\"COTAÇÃO\",VLOOKUP($D39,#REF!,8,0),IF($C39=\"SBC\",VLOOKUP($D39,#REF!,4,0),IF($C39=\"SICRO\",VLOOKUP($D39,SICRO_02022!$A:$D,4,0),FALSE))))))))))","v":12346},296304,15080.63,361935.12]
["SUBTOTAL","4.0",null,null,{"$f":"M.CÁLCULO!E167","v":"ADMINISTRAÇÃO LOCAL"},null,null,null,{"$f":"SUMIF($A:$A,$B40,$I:$I)","v":619445.75613999995},null,{"$f":"SUMIF($A:$A,$B40,$K:$K)","v":756614.74855000002},null,null,null,{"$f":"K40/(K35+K19+K13)","v":3.999999998678324E-2}]
["4.0","4.1",{"$f":"VLOOKUP(B41,M.CÁLCULO!$A:$P,2,0)","v":"EMOP"},{"$f":"IF($E$6=\"NÃO DESONERADO\",VLOOKUP($B41,M.CÁLCULO!$A:$Q,3,FALSE),IF($E$6=\"DESONERADO\",VLOOKUP($B41,M.CÁLCULO!$A:$Q,4,FALSE),FALSE))","v":"05.100.0900-0"},{"$f":"IF($E$6=\"DESONERADO\",IF($D41=\"\",\"\",IF($C41=\"EMOP\",VLOOKUP($D41,EMOP_CONJ_03.2026!$F:$I,2,0),IF($C41=\"SCO\",VLOOKUP($D41,SCO_SERV_CONJ_052025!$F:$I,2,0),IF($C41=\"SINAPI\",VLOOKUP($D41,SINAPI_SERV_CONJ_052025!$I:$M,2,0),IF($C41=\"COMPOSIÇÃO\",VLOOKUP($D41,#REF!,4,0),IF($C41=\"COTAÇÃO\",VLOOKUP($D41,#REF!,2,0),IF($C41=\"SBC\",VLOOKUP($D41,#REF!,2,0),IF($C41=\"SICRO\",VLOOKUP($D41,SICRO_02022!$F:$I,2,0),FALSE)))))))),IF($E$6=\"NÃO DESONERADO\",IF($D41=\"\",\"\",IF($C41=\"EMOP\",VLOOKUP($D41,EMOP_CONJ_03.2026!$A:$D,2,0),IF($C41=\"SCO\",VLOOKUP($D41,SCO_SERV_CONJ_052025!$A:$D,2,0),IF($C41=\"SINAPI\",VLOOKUP($D41,SINAPI_SERV_CONJ_052025!$I:$L,2,0),IF($C41=\"COMPOSIÇÃO\",VLOOKUP($D41,#REF!,3,0),IF($C41=\"COTAÇÃO\",VLOOKUP($D41,#REF!,2,0),IF($C41=\"SBC\",VLOOKUP($D41,#REF!,2,0),IF($C41=\"SICRO\",VLOOKUP($D41,SICRO_02022!$A:$D,2,0),FALSE))))))))))","v":"UNIDADE REF.P/COMPL.ADM LOCAL,CONSID:CONSUMO AGUA,TEL.ENERGIA ELETR.MAT.LIMPEZA ESCRITORIO,COMPUTADORES LICENCA OBRA,MOVEIS UTENSILIOS,AR COND.BEBEDOURO,ART,RRT,FOTOGRAFIAS,UNIFORMES,DARIAS,EXAMES ADMISSIONAIS,PERIODICOS E DEMISSIONAIS,CURSOS CAPACITACAO/TREINAMENTO ITENS COMPLEMENTEM DESP.NECESS.EXCL.DESP.C/CAFE MANHA,REFEICAO,CESTA BASICA E VALE TRANSPORTE"},{"$f":"IF($E$6=\"DESONERADO\",IF($D41=\"\",\"\",IF($C41=\"EMOP\",VLOOKUP($D41,EMOP_CONJ_03.2026!$F:$I,3,0),IF($C41=\"SCO\",VLOOKUP($D41,SCO_SERV_CONJ_052025!$F:$I,3,0),IF($C41=\"SINAPI\",VLOOKUP($D41,SINAPI_SERV_CONJ_052025!$I:$M,3,0),IF($C41=\"COMPOSIÇÃO\",VLOOKUP($D41,#REF!,7,0),IF($C41=\"COTAÇÃO\",VLOOKUP($D41,#REF!,5,0),IF($C41=\"SBC\",VLOOKUP($D41,#REF!,3,0),IF($C41=\"SICRO\",VLOOKUP($D41,SICRO_02022!$F:$I,3,0),FALSE)))))))),IF($E$6=\"NÃO DESONERADO\",IF($D41=\"\",\"\",IF($C41=\"EMOP\",VLOOKUP($D41,EMOP_CONJ_03.2026!$A:$D,3,0),IF($C41=\"SCO\",VLOOKUP($D41,SCO_SERV_CONJ_052025!$A:$D,3,0),IF($C41=\"SINAPI\",VLOOKUP($D41,SINAPI_SERV_CONJ_052025!$I:$L,3,0),IF($C41=\"COMPOSIÇÃO\",VLOOKUP($D41,#REF!,7,0),IF($C41=\"COTAÇÃO\",VLOOKUP($D41,#REF!,5,0),IF($C41=\"SBC\",VLOOKUP($D41,#REF!,3,0),FALSOSE($C41=\"SICRO\",VLOOKUP($D41,SICRO_02022!$A:$D,3,0),FALSE))))))))))","v":"UR"},{"$f":"M.CÁLCULO!N171","v":16809.92554},{"$f":"IF($E$6=\"DESONERADO\",IF($D41=\"\",\"\",IF($C41=\"EMOP\",VLOOKUP($D41,EMOP_CONJ_03.2026!$F:$I,4,0),IF($C41=\"SCO\",VLOOKUP($D41,SCO_SERV_CONJ_052025!$F:$I,4,0),IF($C41=\"SINAPI\",VLOOKUP($D41,SINAPI_SERV_CONJ_052025!$I:$M,5,0),IF($C41=\"COMPOSIÇÃO\",VLOOKUP($D41,#REF!,9,0),IF($C41=\"COTAÇÃO\",VLOOKUP($D41,#REF!,8,0),IF($C41=\"SBC\",VLOOKUP($D41,#REF!,4,0),IF($C41=\"SICRO\",VLOOKUP($D41,SICRO_02022!$F:$I,4,0),FALSE)))))))),IF($E$6=\"NÃO DESONERADO\",IF($D41=\"\",\"\",IF($C41=\"EMOP\",VLOOKUP($D41,EMOP_CONJ_03.2026!$A:$D,4,0),IF($C41=\"SCO\",VLOOKUP($D41,SCO_SERV_CONJ_052025!$A:$D,4,0),IF($C41=\"SINAPI\",VLOOKUP($D41,SINAPI_SERV_CONJ_052025!$I:$L,4,0),IF($C41=\"COMPOSIÇÃO\",VLOOKUP($D41,#REF!,9,0),IF($C41=\"COTAÇÃO\",VLOOKUP($D41,#REF!,8,0),IF($C41=\"SBC\",VLOOKUP($D41,#REF!,4,0),IF($C41=\"SICRO\",VLOOKUP($D41,SICRO_02022!$A:$D,4,0),FALSE))))))))))","v":36.85},{"$f":"TRUNC(G41*H41,5)","v":619445.75613999995},{"$f":"TRUNC(H41*(1+$K$8),2)","v":45.01},{"$f":"TRUNC(G41*J41,5)","v":756614.74855000002}]
[null,"------------------------------- TOTAL DO ORÇAMENTO (C/ ADM E ENCARGOS COMPLEMENTARES) -------------------------------------",null,null,null,null,null,"SEM BDI",{"$f":"I35+I19+I13+I40","v":16105074.106139999},"COM BDI",{"$f":"K35+K19+K13+K40","v":19671983.46855}]

{"sheet":"CRONOGRAMA","index":2,"n_rows":61,"n_cols":20,"rows_kept":61,"cut":false,"hidden":false,"merged":[[58,12,59,12],[58,13,59,13],[48,9,48,10],[48,12,48,13],[50,3,51,3],[50,4,51,4],[52,3,53,3],[52,4,53,4],[102,10,103,10],[102,12,103,12],[102,13,103,13],[80,12,80,13],[56,3,57,3],[56,4,57,4],[58,7,59,7],[58,9,59,9],[58,10,59,10],[102,3,103,3],[102,4,103,4],[102,6,103,6],[102,7,103,7],[102,9,103,9],[80,9,80,10],[67,3,68,3],[67,4,68,4],[54,3,55,3],[54,4,55,4],[58,6,59,6],[80,3,80,4],[80,6,80,7],[6,1,7,1],[6,2,7,2],[6,3,7,3],[6,4,7,4],[16,3,18,3],[16,4,18,4],[8,1,9,1],[8,2,9,2],[10,1,11,1],[12,1,13,1],[14,1,15,1],[14,2,15,2],[14,3,15,3],[14,4,15,4],[16,1,18,2],[44,6,45,6],[44,7,45,7],[38,3,39,3],[38,4,39,4],[40,3,41,3],[40,4,41,4],[26,4,27,4],[48,4,49,4],[48,6,48,7],[26,3,27,3],[30,6,31,6],[30,7,31,7],[28,3,29,3],[28,4,29,4],[42,3,43,3],[42,4,43,4],[34,9,34,10],[34,6,34,7],[20,9,20,10],[1,2,1,4],[2,2,2,4],[8,3,9,3],[34,4,35,4],[36,3,37,3],[36,4,37,4],[22,4,23,4],[8,4,9,4],[10,4,11,4],[12,4,13,4],[10,2,11,2],[10,3,11,3],[12,2,13,2],[12,3,13,3],[20,4,21,4],[24,4,25,4],[20,6,20,7],[22,3,23,3],[24,3,25,3],[30,9,31,9],[6,12,6,13],[16,17,16,18],[6,16,6,17],[6,19,6,20],[6,6,6,7],[6,9,6,10],[16,6,17,6],[16,20,17,20],[44,12,45,12],[44,13,45,13],[44,9,45,9],[16,7,17,7],[16,9,17,9],[16,10,17,10],[16,12,17,12],[16,13,17,13],[44,10,45,10],[21,16,21,17],[21,19,21,20],[30,10,31,10],[30,12,31,12],[30,13,31,13],[20,12,20,13],[34,12,34,13]]}
[null,"PRAZO:",{"$f":"M.CÁLCULO!M5","v":12}]
[null,"OBRA:",{"$f":"M.CÁLCULO!B3","v":"CONTRATAÇÃO DE EMPRESA ESPECIALIZADA PARA ELABORAÇÃO DE PROJETOS DE INFRAESTRUTURA"}]
[null,"LOCAL:",{"$f":"M.CÁLCULO!B4","v":"SAQUAREMA - RJ"}]
[]
[null,"CRONOGRAMA FÍSICO-FINANCEIRO"]
[]
[null,"ITEM","DESCRIÇÃO","TOTAL ","%",null,"MÊS 1",null,null,"MÊS 2",null,null,"MÊS 3",null,null,null,{"$f":"SUM(D9:D16)-D17","v":0},null,null,"ZERO CORRETO"]
[null,null,null,null,null,null,"Período","Acumulado",null,"Período","Acumulado",null,"Período","Acumulado"]
[null,"1.0",{"$f":"ORÇ_ONE!E13","v":"PROJETOS"},{"$f":"ORÇ_ONE!K13","v":15697134.07},{"$f":"ROUND(D9/$D$17,5)","v":0.79793999999999998},null,{"$f":"1/12","v":8.3333333333333329E-2},{"$f":"G9","v":8.3333333333333329E-2},null,{"$f":"1/12","v":8.3333333333333329E-2},{"$f":"J9+H9","v":0.16666666666666666},null,{"$f":"1/12","v":8.3333333333333329E-2},{"$f":"M9+K9","v":0.25},null,null,{"$f":"G10+J10+M10+G24+J24+M24+G38+J38+M38+G52+J52+M52","v":15697134.069959996}]
[null,null,null,null,null,null,{"$f":"ROUND($G$9*$D$9,5)","v":1308094.5058299999},1308094.5058299999,null,{"$f":"ROUND($G$9*$D$9,5)","v":1308094.5058299999},2616189.0116599998,null,{"$f":"ROUND($G$9*$D$9,5)","v":1308094.5058299999},3924283.5174899995]
[null,"2.0",{"$f":"ORÇ_ONE!E19","v":"CONTROLE TECNOLÓGICO"},{"$f":"ORÇ_ONE!K19","v":1816611.3699999999},{"$f":"ROUND(D11/$D$17,5)","v":9.2350000000000002E-2},null,{"$f":"1/12","v":8.3333333333333329E-2},{"$f":"G11","v":8.3333333333333329E-2},null,{"$f":"1/12","v":8.3333333333333329E-2},{"$f":"J11+H11","v":0.16666666666666666},null,{"$f":"1/12","v":8.3333333333333329E-2},{"$f":"M11+K11","v":0.25},null,null,{"$f":"G12+J12+M12+G26+J26+M26+G40+J40+M40+G54+J54+M54","v":1816611.3699600005}]
[null,null,null,null,null,null,{"$f":"ROUND($G$11*$D$11,5)","v":151384.28083},151384.28083,null,{"$f":"ROUND($G$11*$D$11,5)","v":151384.28083},302768.56166000001,null,{"$f":"ROUND($G$11*$D$11,5)","v":151384.28083},{"$f":"M12+K12","v":454152.84249000001}]
[null,"3.0",{"$f":"ORÇ_ONE!E35","v":"APOIO TÉCNICO"},{"$f":"ORÇ_ONE!K35","v":1401623.28},{"$f":"ROUND(D13/$D$17,5)","v":7.1249999999999994E-2},null,{"$f":"1/12","v":8.3333333333333329E-2},{"$f":"G13","v":8.3333333333333329E-2},null,{"$f":"1/12","v":8.3333333333333329E-2},{"$f":"J13+H13","v":0.16666666666666666},null,{"$f":"1/12","v":8.3333333333333329E-2},{"$f":"M13+K13","v":0.25},null,null,{"$f":"G14+J14+M14+G28+J28+M28+G42+J42+M42+G56+J56+M56","v":1401623.2799999996}]
[null,null,null,null,null,null,{"$f":"ROUND($G$13*$D$13,5)","v":116801.94},116801.94,null,{"$f":"ROUND($G$13*$D$13,5)","v":116801.94},233603.88,null,{"$f":"ROUND($G$13*$D$13,5)","v":116801.94},350405.82]
[null,"4.0",{"$f":"ORÇ_ONE!E40","v":"ADMINISTRAÇÃO LOCAL"},{"$f":"ORÇ_ONE!K40","v":756614.74855000002},{"$f":"ROUND(D15/$D$17,5)","v":3.8460000000000001E-2},null,{"$f":"1/12","v":8.3333333333333329E-2},{"$f":"G15","v":8.3333333333333329E-2},null,{"$f":"1/12","v":8.3333333333333329E-2},{"$f":"J15+H15","v":0.16666666666666666},null,{"$f":"1/12","v":8.3333333333333329E-2},{"$f":"M15+K15","v":0.25},null,null,{"$f":"G16+J16+M16+G30+J30+M30+G44+J44+M44+G58+J58+M58","v":756614.74859999993}]
[null,null,null,null,null,null,{"$f":"ROUND($G$15*$D$15,5)","v":63051.229050000002},63051.229050000002,null,{"$f":"ROUND($G$15*$D$15,5)","v":63051.229050000002},126102.4581,null,{"$f":"ROUND($G$15*$D$15,5)","v":63051.229050000002},189153.68715000001]
[null,"TOTAL DO ORÇAMENTO",null,{"$f":"SUM(D9:D16)","v":19671983.468550004},{"$f":"SUM(E9:E16)","v":1},null,{"$f":"G19/$D$17","v":8.3333333333206222E-2},{"$f":"G17","v":8.3333333333206222E-2},null,{"$f":"J19/$D$17","v":8.3333333333206222E-2},{"$f":"H17+J17","v":0.16666666666641244},null,{"$f":"M19/$D$17","v":8.3333333333206222E-2},{"$f":"K17+M17","v":0.24999999999961867},null,null,{"$f":"SUM(Q9:Q15)","v":19671983.468519997},{"$f":"D17-Q17","v":3.0007213354110718E-5},null,"ZERO CORRETO"]
[]
[null,null,null,null,null,null,{"$f":"G10+G12+G14+G16","v":1639331.9557099999},{"$f":"G19","v":1639331.9557099999},null,{"$f":"J10+J12+J14+J16","v":1639331.9557099999},{"$f":"J19+H19","v":3278663.9114199998},null,{"$f":"M10+M12+M14+M16","v":1639331.9557099999},{"$f":"K19+M19","v":4917995.8671300001}]
[]
[null,null,null,null,"ITEM",null,"MÊS 4",null,null,"MÊS 5",null,null,"MÊS 6"]
[null,null,null,null,null,null,"Período","Acumulado",null,"Período","Acumulado",null,"Período","Acumulado"]
[null,null,null,{"$f":"C9","v":"PROJETOS"},"1.0",null,{"$f":"1/12","v":8.3333333333333329E-2},{"$f":"G23+N9","v":0.33333333333333331},null,{"$f":"1/12","v":8.3333333333333329E-2},{"$f":"J23+H23","v":0.41666666666666663},null,{"$f":"1/12","v":8.3333333333333329E-2},{"$f":"M23+K23","v":0.49999999999999994}]
[null,null,null,null,null,null,{"$f":"ROUND($G$9*$D$9,5)","v":1308094.5058299999},5232378.0233199997,null,{"$f":"ROUND($G$9*$D$9,5)","v":1308094.5058299999},6540472.5291499998,null,{"$f":"ROUND($G$9*$D$9,5)","v":1308094.5058299999},7848567.03498]
[null,null,null,{"$f":"C11","v":"CONTROLE TECNOLÓGICO"},"2.0",null,{"$f":"1/12","v":8.3333333333333329E-2},0.33333333333333331,null,{"$f":"1/12","v":8.3333333333333329E-2},0.41666666666666663,null,{"$f":"1/12","v":8.3333333333333329E-2},0.49999999999999994]
[null,null,null,null,null,null,{"$f":"ROUND($G$11*$D$11,5)","v":151384.28083},605537.12332000001,null,{"$f":"ROUND($G$11*$D$11,5)","v":151384.28083},756921.40415000007,null,{"$f":"ROUND($G$11*$D$11,5)","v":151384.28083},908305.68498000014]
[null,null,null,{"$f":"C13","v":"APOIO TÉCNICO"},"3.0",null,{"$f":"1/12","v":8.3333333333333329E-2},0.33333333333333331,null,{"$f":"1/12","v":8.3333333333333329E-2},0.41666666666666663,null,{"$f":"1/12","v":8.3333333333333329E-2},0.49999999999999994]
[null,null,null,null,null,null,{"$f":"ROUND($G$13*$D$13,5)","v":116801.94},467207.76,null,{"$f":"ROUND($G$13*$D$13,5)","v":116801.94},584009.69999999995,null,{"$f":"ROUND($G$13*$D$13,5)","v":116801.94},700811.6399999999]
[null,null,null,{"$f":"C15","v":"ADMINISTRAÇÃO LOCAL"},"4.0",null,{"$f":"1/12","v":8.3333333333333329E-2},0.33333333333333331,null,{"$f":"1/12","v":8.3333333333333329E-2},{"$f":"J29+H29","v":0.41666666666666663},null,{"$f":"1/12","v":8.3333333333333329E-2},{"$f":"M29+K29","v":0.49999999999999994}]
[null,null,null,null,null,null,{"$f":"ROUND($G$15*$D$15,5)","v":63051.229050000002},252204.91620000001,null,{"$f":"ROUND($G$15*$D$15,5)","v":63051.229050000002},315256.14525,null,{"$f":"ROUND($G$15*$D$15,5)","v":63051.229050000002},378307.37430000002]
[null,null,null,null,null,null,{"$f":"G33/$D$17","v":8.3333333333206222E-2},0.33333333333282489,null,{"$f":"J33/$D$17","v":8.3333333333206222E-2},{"$f":"H31+J31","v":0.41666666666603114},null,{"$f":"M33/$D$17","v":8.3333333333206222E-2},{"$f":"K31+M31","v":0.49999999999923739}]
[]
[null,null,null,null,null,null,{"$f":"G24+G26+G28+G30","v":1639331.9557099999},{"$f":"G33+N19","v":6557327.8228399996},null,{"$f":"J24+J26+J28+J30","v":1639331.9557099999},{"$f":"J33+H33","v":8196659.778549999},null,{"$f":"M24+M26+M28+M30","v":1639331.9557099999},{"$f":"M33+K33","v":9835991.7342599984}]
[]
[null,null,null,null,"ITEM",null,"MÊS 7",null,null,"MÊS 8",null,null,"MÊS 9"]
[null,null,null,null,null,null,"Período","Acumulado",null,"Período","Acumulado",null,"Período","Acumulado"]
[null,null,null,{"$f":"D23","v":"PROJETOS"},"1.0",null,{"$f":"1/12","v":8.3333333333333329E-2},{"$f":"G37+N23","v":0.58333333333333326},null,{"$f":"1/12","v":8.3333333333333329E-2},{"$f":"J37+H37","v":0.66666666666666663},null,{"$f":"1/12","v":8.3333333333333329E-2},{"$f":"M37+K37","v":0.75}]
[null,null,null,null,null,null,{"$f":"ROUND($G$9*$D$9,5)","v":1308094.5058299999},9156661.5408100002,null,{"$f":"ROUND($G$9*$D$9,5)","v":1308094.5058299999},10464756.046639999,null,{"$f":"ROUND($G$9*$D$9,5)","v":1308094.5058299999},11772850.552469999]
[null,null,null,{"$f":"D25","v":"CONTROLE TECNOLÓGICO"},"2.0",null,{"$f":"1/12","v":8.3333333333333329E-2},0.58333333333333326,null,{"$f":"1/12","v":8.3333333333333329E-2},0.66666666666666663,null,{"$f":"1/12","v":8.3333333333333329E-2},0.75]
[null,null,null,null,null,null,{"$f":"ROUND($G$11*$D$11,5)","v":151384.28083},1059689.9658100002,null,{"$f":"ROUND($G$11*$D$11,5)","v":151384.28083},1211074.2466400003,null,{"$f":"ROUND($G$11*$D$11,5)","v":151384.28083},1362458.5274700003]
[null,null,null,{"$f":"D27","v":"APOIO TÉCNICO"},"3.0",null,{"$f":"1/12","v":8.3333333333333329E-2},0.58333333333333326,null,{"$f":"1/12","v":8.3333333333333329E-2},0.66666666666666663,null,{"$f":"1/12","v":8.3333333333333329E-2},0.75]
[null,null,null,null,null,null,{"$f":"ROUND($G$13*$D$13,5)","v":116801.94},817613.57999999984,null,{"$f":"ROUND($G$13*$D$13,5)","v":116801.94},934415.51999999979,null,{"$f":"ROUND($G$13*$D$13,5)","v":116801.94},1051217.4599999997]
[null,null,null,{"$f":"D29","v":"ADMINISTRAÇÃO LOCAL"},"4.0",null,{"$f":"1/12","v":8.3333333333333329E-2},0.58333333333333326,null,{"$f":"1/12","v":8.3333333333333329E-2},{"$f":"J43+H43","v":0.66666666666666663},null,{"$f":"1/12","v":8.3333333333333329E-2},{"$f":"M43+K43","v":0.75}]
[null,null,null,null,null,null,{"$f":"ROUND($G$15*$D$15,5)","v":63051.229050000002},441358.60335000005,null,{"$f":"ROUND($G$15*$D$15,5)","v":63051.229050000002},504409.83240000007,null,{"$f":"ROUND($G$15*$D$15,5)","v":63051.229050000002},567461.06145000004]
[null,null,null,null,null,null,{"$f":"G47/$D$17","v":8.3333333333206222E-2},{"$f":"N31+G45","v":0.58333333333244364},null,{"$f":"J47/$D$17","v":8.3333333333206222E-2},{"$f":"H45+J45","v":0.66666666666564989},null,{"$f":"M47/$D$17","v":8.3333333333206222E-2},{"$f":"K45+M45","v":0.74999999999885614}]
[]
[null,null,null,null,null,null,{"$f":"G38+G40+G42+G44","v":1639331.9557099999},{"$f":"N33+G47","v":11475323.689969998},null,{"$f":"J38+J40+J42+J44","v":1639331.9557099999},{"$f":"H47+J47","v":13114655.645679997},null,{"$f":"M38+M40+M42+M44","v":1639331.9557099999},{"$f":"K47+M47","v":14753987.601389997}]
[]
[null,null,null,null,"ITEM",null,"MÊS 10",null,null,"MÊS 11",null,null,"MÊS 12"]
[null,null,null,null,null,null,"Período","Acumulado",null,"Período","Acumulado",null,"Período","Acumulado"]
[null,null,null,{"$f":"D37","v":"PROJETOS"},"1.0",null,{"$f":"1/12","v":8.3333333333333329E-2},{"$f":"G51+N37","v":0.83333333333333337},null,{"$f":"1/12","v":8.3333333333333329E-2},{"$f":"J51+H51","v":0.91666666666666674},null,{"$f":"1/12","v":8.3333333333333329E-2},{"$f":"M51+K51","v":1}]
[null,null,null,null,null,null,{"$f":"ROUND($G$9*$D$9,5)","v":1308094.5058299999},13080945.058299998,null,{"$f":"ROUND($G$9*$D$9,5)","v":1308094.5058299999},14389039.564129997,null,{"$f":"ROUND($G$9*$D$9,5)","v":1308094.5058299999},15697134.069959996]
[null,null,null,{"$f":"D39","v":"CONTROLE TECNOLÓGICO"},"2.0",null,{"$f":"1/12","v":8.3333333333333329E-2},0.83333333333333337,null,{"$f":"1/12","v":8.3333333333333329E-2},0.91666666666666674,null,{"$f":"1/12","v":8.3333333333333329E-2},1]
[null,null,null,null,null,null,{"$f":"ROUND($G$11*$D$11,5)","v":151384.28083},1513842.8083000004,null,{"$f":"ROUND($G$11*$D$11,5)","v":151384.28083},1665227.0891300004,null,{"$f":"ROUND($G$11*$D$11,5)","v":151384.28083},1816611.3699600005]
[null,null,null,{"$f":"D41","v":"APOIO TÉCNICO"},"3.0",null,{"$f":"1/12","v":8.3333333333333329E-2},0.83333333333333337,null,{"$f":"1/12","v":8.3333333333333329E-2},0.91666666666666674,null,{"$f":"1/12","v":8.3333333333333329E-2},1]
[null,null,null,null,null,null,{"$f":"ROUND($G$13*$D$13,5)","v":116801.94},1168019.3999999997,null,{"$f":"ROUND($G$13*$D$13,5)","v":116801.94},1284821.3399999996,null,{"$f":"ROUND($G$13*$D$13,5)","v":116801.94},1401623.2799999996]
[null,null,null,{"$f":"D43","v":"ADMINISTRAÇÃO LOCAL"},"4.0",null,{"$f":"1/12","v":8.3333333333333329E-2},0.83333333333333337,null,{"$f":"1/12","v":8.3333333333333329E-2},{"$f":"J57+H57","v":0.91666666666666674},null,{"$f":"1/12","v":8.3333333333333329E-2},{"$f":"M57+K57","v":1}]
[null,null,null,null,null,null,{"$f":"ROUND($G$15*$D$15,5)","v":63051.229050000002},630512.2905,null,{"$f":"ROUND($G$15*$D$15,5)","v":63051.229050000002},693563.51954999997,null,{"$f":"ROUND($G$15*$D$15,5)","v":63051.229050000002},756614.74859999993]
[null,null,null,null,null,null,{"$f":"G61/$D$17","v":8.3333333333206222E-2},{"$f":"N45+G59","v":0.83333333333206239},null,{"$f":"J61/$D$17","v":8.3333333333206222E-2},{"$f":"H59+J59","v":0.91666666666526864},null,{"$f":"M61/$D$17","v":8.3333333333206222E-2},{"$f":"K59+M59","v":0.99999999999847489}]
[]
[null,null,null,null,null,null,{"$f":"G52+G54+G56+G58","v":1639331.9557099999},{"$f":"N47+G61","v":16393319.557099996},null,{"$f":"J52+J54+J56+J58","v":1639331.9557099999},{"$f":"H61+J61","v":18032651.512809996},null,{"$f":"M52+M54+M56+M58","v":1639331.9557099999},{"$f":"K61+M61","v":19671983.468519997}]

{"sheet":"CATEGORIAS","index":3,"n_rows":26,"n_cols":3,"rows_kept":26,"cut":false,"hidden":true,"merged":[[1,1,2,2]]}
[]
[null,"PESQUISA NO CATÁLOGO EMOP"]
[]
[null,"01","SERVIÇOS DE ESCRITÓRIO, LABORATÓRIO E CAMPO"]
[null,"02","CANTEIRO DE OBRA"]
[null,"03","MOVIMENTO DE TERRA"]
[null,"04","TRANSPORTES"]
[null,"05","SERVIÇOS COMPLEMENTARES"]
[null,"06","GALERIAS, DRENOS E CONEXOS"]
[null,"07","ARGAMASSAS, INJEÇÕES E CONSOLIDAÇÕES"]
[null,"08","BASES E PAVIMENTOS"]
[null,"09","SERVIÇOS DE PARQUES E JARDINS"]
[null,"10","FUNDAÇÕES"]
[null,"11","ESTRUTURAS"]
[null,"12","ALVENARIAS E DIVISÓRIAS"]
[null,"13","REVESTIMENTO DE PAREDES, TETOS E PISOS"]
[null,"14","ESQUADRIAS DE PVC, FERRO, ALUMÍNIO OU MADEIRA, VIDRAÇAS E FERRAGENS"]
[null,"15","INSTALAÇÕES ELÉTRICAS, HIDRÁULICAS, SANITÁRIAS E MECÂNICAS"]
[null,"16","COBERTURAS, ISOLAMENTOS E IMPERMEABILIZAÇÕES"]
[null,"17","PINTURAS"]
[null,"18","APARELHOS HIDRÁULICOS, SANITÁRIOS, ELÉTRICOS, MECÂNICOS E ESPORTIVOS"]
[null,"19","ALUGUEL DE EQUIPAMENTOS"]
[null,"20","CUSTOS RODOVIÁRIOS"]
[null,21,"ILUMINAÇÃO PÚBLICA"]
[null,"22","REFLORESTAMENTO E EXPLORAÇÃO FLORESTAL"]
[null,"ADM","ADMINISTRAÇÃO LOCAL"]

{"sheet":"COMP_BDI","index":4,"n_rows":45,"n_cols":15,"rows_kept":45,"cut":false,"hidden":false,"merged":[[40,0,40,2],[40,4,40,6],[41,0,41,2],[43,4,44,6],[14,4,14,6],[19,4,19,6],[24,4,24,6],[0,0,0,2],[1,0,1,2],[2,0,2,2],[3,1,3,2],[4,1,4,2]]}
["COMPOSIÇÃO DA TAXA DE BENEFÍCIOS E DESPESAS INDIRETAS",null,null,null,null,null,null,null,null,null,null,null,null,null,"DESONERADO"]
[null,null,null,null,"     <--- PREENCHER AQUI",null,null,null,null,null,null,null,null,null,"NÃO DESONERADO"]
["NÃO DESONERADO (CUSTO ADMINISTRATIVO MENOR)"]
["OBRA:",{"$f":"M.CÁLCULO!B3","v":"CONTRATAÇÃO DE EMPRESA ESPECIALIZADA PARA ELABORAÇÃO DE PROJETOS DE INFRAESTRUTURA"},null,null,null,null,null,null,null,null,null,null,null,null,"CONSTRUÇÃO DE EDIFICAÇÕES OU SIMILARES"]
["LOCAL:",{"$f":"M.CÁLCULO!B4","v":"SAQUAREMA - RJ"},null,null,null,null,null,null,null,null,null,null,null,null,"CONSTRUÇÃO DE RODOVIAS E FERROVIAS"]
["Grupo A","Despesas indiretas ",null,null,"1º","2º","3º",null,null,null,null,null,null,null,"CONSTRUÇÃO E MANUTENÇÃO DE ESTAÇÕES E REDES DE DISTRIBUIÇÃO DE ENERGIA ELÉTRICA"]
[null,null,null,null,null,null,null,null,null,null,null,null,null,null,"OBRAS PORTUÁRIAS, MARÍTIMAS E FLUVIAIS"]
["AC","Administração Central",4.49,null,1.5,3.45,4.49,null,null,null,null,null,null,null,"CUSTO ADMINISTRATIVO MENOR"]
[null,null,null,null,null,null,null,null,null,null,null,null,null,null,"SERVIÇOS"]
["SG","Seguro + Garantia",0.82,null,0.3,0.48,0.82]
[]
["R","Risco",0.89,null,0.56000000000000005,0.85,0.89]
[]
[null,"Total do grupo A",{"$f":"SUM(C7:C13)","v":6.2}]
[null,null,null,null,"ACÓRDÃO TCU Nº 2622/2013"]
["Grupo B","Bonificação",null,null,"1º","2º","3º"]
[]
["DF","Despesas Financeiras",1.1000000000000001,null,0.85,0.85,1.1100000000000001]
[null,"Total do grupo B",{"$f":"SUM(C17:C18)","v":1.1000000000000001}]
[null,null,null,null,"ACÓRDÃO TCU Nº 2622/2013"]
["Grupo C","Bonificação",null,null,"1º","2º","3º"]
[null,null,null,null,3.5,5.1100000000000003,6.22]
["L","Lucro",6.21]
[null,"Total do grupo C",{"$f":"SUM(C22:C23)","v":6.21}]
[null,null,null,null,"ACÓRDÃO TCU Nº 2622/2013"]
["Grupo D","Impostos",null,null,"1º","2º","3º"]
[]
["C.1","PIS",0.65,null,0.65,0.65,0.65]
[]
["C.2","COFINS",3,null,3,3,3]
[]
["C.3","ISSQN",{"$f":"(C38*C39)","v":3}]
[]
["C.4","INSS",0]
[]
[null,"Total do grupo D",{"$f":"SUM(C28:C35)","v":6.65}]
[]
["ISS","Alíquota do ISS utilizada pelo município de Saquarema",5]
["%","Estimativa de percentual da base de cálculo para o ISS, baseada na legislação tributária municipal",0.6]
[]
["Fórmula para o cálculo do B.D.I. ( benefícios e despesas indiretas )",null,null,null,"ACÓRDÃO TCU Nº 2622/2013"]
[null,null,null,null,"1º","2º","3º"]
["BDI","  = (((1+AC+S+R+G)*(1+DF)*(1+L))/(1-I))-1",{"$f":"IF(C36=\"ERRO\",\"ERRO\",TRUNC((((1+C14/100)*(1+C19/100)*(1+C24/100))/(1-C36/100))-1,4))","v":0.2215},null,11.1,14.02,16.8]
[null,null,null,null,"OBSERVAÇÃO OS VALORES SE REFEREM AO NÃO DESONERADO"]
["Saquarema, __________ de __________________ de 20__."]

{"sheet":"DADOS","index":5,"n_rows":50,"n_cols":10,"rows_kept":50,"cut":false,"hidden":true,"merged":[[0,6,0,9]]}
[]
[null,null,"TERMOS PARA CONCATENAR",null,"TIPO DE BDI","TIPO DE OBRA","ITEM","1º QUARTIL","2º QUARTIL","3º QUARTIL"]
["CONTRIBUIÇÃO PREVIDÊNCIÁRIA",null,null,null,"SERVIÇOS","CONSTRUÇÃO DE EDIFICAÇÕES OU SIMILARES","AC",3,4,5]
["DESONERADO",null,"COMP-SAQ/",null,"SERVIÇOS","CONSTRUÇÃO DE EDIFICAÇÕES OU SIMILARES","SG",0.8,0.8,1]
["NÃO DESONERADO",null,null,null,"SERVIÇOS","CONSTRUÇÃO DE EDIFICAÇÕES OU SIMILARES","R",0.97,1.27,1.27]
[null,null,null,null,"SERVIÇOS","CONSTRUÇÃO DE EDIFICAÇÕES OU SIMILARES","DF",0.59,1.23,1.39]
[null,null,null,null,"SERVIÇOS","CONSTRUÇÃO DE EDIFICAÇÕES OU SIMILARES","L",6.16,7.4,8.9600000000000009]
["ACÓRDÃO TCU 2622",null,null,null,"SERVIÇOS","CONSTRUÇÃO DE RODOVIAS E FERROVIAS","AC",3.8,4.01,5.5]
["CONSTRUÇÃO DE EDIFICAÇÕES OU SIMILARES",null,null,null,"SERVIÇOS","CONSTRUÇÃO DE RODOVIAS E FERROVIAS","SG",0.32,0.4,0.74]
["CONSTRUÇÃO DE RODOVIAS E FERROVIAS",null,null,null,"SERVIÇOS","CONSTRUÇÃO DE RODOVIAS E FERROVIAS","R",0.5,0.56000000000000005,0.97]
["CONSTRUÇÃO DE REDES DE ABASTECIMENTO DE ÁGUA, ESGOTO E CONSTRUÇÕES CORRELATAS",null,null,null,"SERVIÇOS","CONSTRUÇÃO DE RODOVIAS E FERROVIAS","DF",1.02,1.1100000000000001,1.21]
["CONSTRUÇÃO E MANUTENÇÃO DE ESTAÇÕES E REDES DE DISTRIBUIÇÃO DE ENERGIA ELÉTRICA",null,null,null,"SERVIÇOS","CONSTRUÇÃO DE RODOVIAS E FERROVIAS","L",6.64,7.3,8.69]
["OBRAS PORTUÁRIAS, MARÍTIMAS E FLUVIAIS",null,null,null,"SERVIÇOS","CONSTRUÇÃO DE REDES DE ABASTECIMENTO DE ÁGUA, ESGOTO E CONSTRUÇÕES CORRELATAS","AC",3.43,4.93,6.71]
["CUSTO ADMINISTRATIVO MENOR",null,null,null,"SERVIÇOS","CONSTRUÇÃO DE REDES DE ABASTECIMENTO DE ÁGUA, ESGOTO E CONSTRUÇÕES CORRELATAS","SG",0.28000000000000003,0.49,0.75]
["SERVIÇOS",null,null,null,"SERVIÇOS","CONSTRUÇÃO DE REDES DE ABASTECIMENTO DE ÁGUA, ESGOTO E CONSTRUÇÕES CORRELATAS","R",1,1.39,1.74]
[null,null,null,null,"SERVIÇOS","CONSTRUÇÃO DE REDES DE ABASTECIMENTO DE ÁGUA, ESGOTO E CONSTRUÇÕES CORRELATAS","DF",0.94,0.99,1.17]
[null,null,null,null,"SERVIÇOS","CONSTRUÇÃO DE REDES DE ABASTECIMENTO DE ÁGUA, ESGOTO E CONSTRUÇÕES CORRELATAS","L",6.74,8.0399999999999991,9.4]
["TIPO",null,null,null,"SERVIÇOS","CONSTRUÇÃO E MANUTENÇÃO DE ESTAÇÕES E REDES DE DISTRIBUIÇÃO DE ENERGIA ELÉTRICA","AC",5.29,5.92,7.93]
["COMPOSIÇÃO",null,null,null,"SERVIÇOS","CONSTRUÇÃO E MANUTENÇÃO DE ESTAÇÕES E REDES DE DISTRIBUIÇÃO DE ENERGIA ELÉTRICA","SG",0.25,0.51,0.56000000000000005]
["INSUMO",null,null,null,"SERVIÇOS","CONSTRUÇÃO E MANUTENÇÃO DE ESTAÇÕES E REDES DE DISTRIBUIÇÃO DE ENERGIA ELÉTRICA","R",1,1.48,1.97]
["COTAÇÃO",null,null,null,"SERVIÇOS","CONSTRUÇÃO E MANUTENÇÃO DE ESTAÇÕES E REDES DE DISTRIBUIÇÃO DE ENERGIA ELÉTRICA","DF",1.01,1.07,1.1100000000000001]
["INSUMO",null,null,null,"SERVIÇOS","CONSTRUÇÃO E MANUTENÇÃO DE ESTAÇÕES E REDES DE DISTRIBUIÇÃO DE ENERGIA ELÉTRICA","L",8,8.31,9.51]
[null,null,null,null,"SERVIÇOS","OBRAS PORTUÁRIAS, MARÍTIMAS E FLUVIAIS","AC",4,5.52,7.85]
[null,null,null,null,"SERVIÇOS","OBRAS PORTUÁRIAS, MARÍTIMAS E FLUVIAIS","SG",0.81,1.22,1.99]
["TABELAS",null,"TABELA MEM",null,"SERVIÇOS","OBRAS PORTUÁRIAS, MARÍTIMAS E FLUVIAIS","R",1.46,2.3199999999999998,3.16]
["COMPOSIÇÃO MONTADA",null,"COMPOSIÇÃO",null,"SERVIÇOS","OBRAS PORTUÁRIAS, MARÍTIMAS E FLUVIAIS","DF",0.94,1.02,1.33]
["COTAÇÃO",null,"COTAÇÃO",null,"SERVIÇOS","OBRAS PORTUÁRIAS, MARÍTIMAS E FLUVIAIS","L",7.14,8.4,10.43]
["EMOP",null,"EMOP",null,"CUSTO ADMINISTRATIVO MENOR","CUSTO ADMINISTRATIVO MENOR","AC",1.5,3.45,4.49]
["SBC",null,"SBC",null,"CUSTO ADMINISTRATIVO MENOR","CUSTO ADMINISTRATIVO MENOR","SG",0.3,0.48,0.82]
["SCO",null,"SCO",null,"CUSTO ADMINISTRATIVO MENOR","CUSTO ADMINISTRATIVO MENOR","R",0.56000000000000005,0.85,0.89]
["SINAPI",null,"SINAPI",null,"CUSTO ADMINISTRATIVO MENOR","CUSTO ADMINISTRATIVO MENOR","DF",0.85,0.85,1.1100000000000001]
["SICRO",null,"SICRO",null,"CUSTO ADMINISTRATIVO MENOR","CUSTO ADMINISTRATIVO MENOR","L",3.5,5.1100000000000003,6.22]
[null,null,null,null,"BDI","CONSTRUÇÃO DE EDIFICAÇÕES OU SIMILARES",null,20.34,22.12,25]
["STATUS DE MODIFICAÇÃO DO INSUMO OU SERVIÇOS NAS COMPOSIÇÕES DE CUSTOS UNITÁRIOS",null,null,null,"BDI","CONSTRUÇÃO DE RODOVIAS E FERROVIAS",null,19.600000000000001,20.97,24.23]
["MODIFICADO",null,null,null,"BDI","CONSTRUÇÃO DE REDES DE ABASTECIMENTO DE ÁGUA, ESGOTO E CONSTRUÇÕES CORRELATAS",null,20.76,24.18,26.44]
["SUPRIMIDO",null,null,null,"BDI","CONSTRUÇÃO E MANUTENÇÃO DE ESTAÇÕES E REDES DE DISTRIBUIÇÃO DE ENERGIA ELÉTRICA",null,24,25.84,27.86]
["ACRESCIDO",null,null,null,"BDI","OBRAS PORTUÁRIAS, MARÍTIMAS E FLUVIAIS",null,22.8,27.48,30.95]
["EVIDENCIADO",null,null,null,"CUSTO ADMINISTRATIVO MENOR","CUSTO ADMINISTRATIVO MENOR",null,11.1,14.02,16.8]
["NÃO ALTERADO"]
[]
[]
["VERIFICAÇÃO DE PREÇO"]
["COTAÇÃO REVISAR"]
["COTAÇÃO OK"]
["TABELA"]
[]
[]
["VALIDAÇÃO DE IMPRESSÃO"]
["SIM"]
["NÃO"]

{"sheet":"RESUMO CURVA ABC","index":6,"n_rows":29,"n_cols":5,"rows_kept":29,"cut":false,"hidden":false,"merged":[[0,2,0,3]]}
[null,null,"TIPO DE CONTRIBUIÇÃO PREVIDÊNCIÁRIA:",null,{"$f":"M.CÁLCULO!O6","v":"NÃO DESONERADO"}]
[null,null,"RESUMO - CURVA ABC"]
["ITEM","CÓDIGO","DESCRIÇÃO","UNIDADE","TOTAL COM BDI"]
["1.1",{"$f":"IF($E$1=\"NÃO DESONERADO\",VLOOKUP($A4,ORÇ_ONE!$B:$K,3,FALSE),VLOOKUP($A4,#REF!,3,FALSE))","v":"01.016.0082-0"},{"$f":"IF($E$1=\"NÃO DESONERADO\",VLOOKUP($A4,ORÇ_ONE!$B:$K,4,FALSE),VLOOKUP($A4,#REF!,4,FALSE))","v":"LEVANTAMENTO PLANIALTIMETRICO CADASTRAL DE AREA URBANA OU SUBURBANA,DESTINADA A REGULARIZACAO FUNDIARIA,PROJETOS VIARIOSE DE INFRAESTRUTURA,URBANIZAZAO E ASSEMELHADOS,UTILIZANDO POLIGONAL III PAC,DESENHO NA ESCALA DE 1:250 A 1:100 EM AREASMEDIANAMENTE OCUPADAS(ATE 50% DAS QUADRAS),EM AREAS ACIMA DE10000M2"},{"$f":"IF($E$1=\"NÃO DESONERADO\",VLOOKUP($A4,ORÇ_ONE!$B:$K,5,FALSE),VLOOKUP($A4,#REF!,5,FALSE))","v":"M2"},{"$f":"IF($E$1=\"NÃO DESONERADO\",VLOOKUP($A4,ORÇ_ONE!$B:$K,10,FALSE),VLOOKUP($A4,#REF!,10,FALSE))","v":2103360}]
["1.2",{"$f":"IF($E$1=\"NÃO DESONERADO\",VLOOKUP($A5,ORÇ_ONE!$B:$K,3,FALSE),VLOOKUP($A5,#REF!,3,FALSE))","v":"01.050.0157-0"},{"$f":"IF($E$1=\"NÃO DESONERADO\",VLOOKUP($A5,ORÇ_ONE!$B:$K,4,FALSE),VLOOKUP($A5,#REF!,4,FALSE))","v":"PROJETO EXECUTIVO DE SISTEMA DE DRENAGEM ACIMA DE 20.000M2,APRESENTADO NOS PADROES DA CONTRATANTE"},{"$f":"IF($E$1=\"NÃO DESONERADO\",VLOOKUP($A5,ORÇ_ONE!$B:$K,5,FALSE),VLOOKUP($A5,#REF!,5,FALSE))","v":"M2"},{"$f":"IF($E$1=\"NÃO DESONERADO\",VLOOKUP($A5,ORÇ_ONE!$B:$K,10,FALSE),VLOOKUP($A5,#REF!,10,FALSE))","v":4488750}]
["1.3",{"$f":"IF($E$1=\"NÃO DESONERADO\",VLOOKUP($A6,ORÇ_ONE!$B:$K,3,FALSE),VLOOKUP($A6,#REF!,3,FALSE))","v":"01.050.0165-0"},{"$f":"IF($E$1=\"NÃO DESONERADO\",VLOOKUP($A6,ORÇ_ONE!$B:$K,4,FALSE),VLOOKUP($A6,#REF!,4,FALSE))","v":"PROJETO EXECUTIVO PARA URBANIZACAO/REURBANIZACAO (GEOMETRICO,CORTES E DETALHES) PARA TRATAMENTO PAISAGISTICO DE AREAS PUBLICAS,APRESENTADO NOS PADROES DA CONTRATANTE,INCLUSIVE AS OPERACOES PERTINENTES E A COORDENACAO DOS PROJETOS COMPLEMENTARES"},{"$f":"IF($E$1=\"NÃO DESONERADO\",VLOOKUP($A6,ORÇ_ONE!$B:$K,5,FALSE),VLOOKUP($A6,#REF!,5,FALSE))","v":"HA"},{"$f":"IF($E$1=\"NÃO DESONERADO\",VLOOKUP($A6,ORÇ_ONE!$B:$K,10,FALSE),VLOOKUP($A6,#REF!,10,FALSE))","v":6344746.3200000003}]
["1.4",{"$f":"IF($E$1=\"NÃO DESONERADO\",VLOOKUP($A7,ORÇ_ONE!$B:$K,3,FALSE),VLOOKUP($A7,#REF!,3,FALSE))","v":"01.050.0300-0"},{"$f":"IF($E$1=\"NÃO DESONERADO\",VLOOKUP($A7,ORÇ_ONE!$B:$K,4,FALSE),VLOOKUP($A7,#REF!,4,FALSE))","v":"RELATORIO FINAL DE OBRAS OU SERVICOS DE ENGENHARIA,REGISTROFOTOGRAFICO DOS SERVICOS,ACOMPANHADO DE LEGENDAS E INDICACAODA LOCALIZACAO,INFORMACOES CONTRATUAIS,PLANILHA ORCAMENTARIA E DESCRICAO DO ESCOPO DOS SERVICOS REALIZADOS,CONF.RECOMENDACOES E ESPECIFICACOES DO ORGAO CONTRATANTE.O ITEM DEVERA SER MEDIDO PELO NUMERO PRANCHAS ORIGINAIS COMPOE RELATORIO"},{"$f":"IF($E$1=\"NÃO DESONERADO\",VLOOKUP($A7,ORÇ_ONE!$B:$K,5,FALSE),VLOOKUP($A7,#REF!,5,FALSE))","v":"UN"},{"$f":"IF($E$1=\"NÃO DESONERADO\",VLOOKUP($A7,ORÇ_ONE!$B:$K,10,FALSE),VLOOKUP($A7,#REF!,10,FALSE))","v":1698531.97}]
["1.5",{"$f":"IF($E$1=\"NÃO DESONERADO\",VLOOKUP($A8,ORÇ_ONE!$B:$K,3,FALSE),VLOOKUP($A8,#REF!,3,FALSE))","v":"01.050.0724-0"},{"$f":"IF($E$1=\"NÃO DESONERADO\",VLOOKUP($A8,ORÇ_ONE!$B:$K,4,FALSE),VLOOKUP($A8,#REF!,4,FALSE))","v":"MAO-DE-OBRA DE CONSULTOR,PARA SERVICOS DE CONSULTORIA DE ENGENHARIA E ARQUITETURA,INCLUSIVE ENCARGOS SOCIAIS"},{"$f":"IF($E$1=\"NÃO DESONERADO\",VLOOKUP($A8,ORÇ_ONE!$B:$K,5,FALSE),VLOOKUP($A8,#REF!,5,FALSE))","v":"MES"},{"$f":"IF($E$1=\"NÃO DESONERADO\",VLOOKUP($A8,ORÇ_ONE!$B:$K,10,FALSE),VLOOKUP($A8,#REF!,10,FALSE))","v":1061745.78}]
["2.1",{"$f":"IF($E$1=\"NÃO DESONERADO\",VLOOKUP($A9,ORÇ_ONE!$B:$K,3,FALSE),VLOOKUP($A9,#REF!,3,FALSE))","v":"01.001.0040-0"},{"$f":"IF($E$1=\"NÃO DESONERADO\",VLOOKUP($A9,ORÇ_ONE!$B:$K,4,FALSE),VLOOKUP($A9,#REF!,4,FALSE))","v":"SONDAGEM MANUAL,COM TRADO CAVADEIRA,POR METRO LINEAR OU FRACAO"},{"$f":"IF($E$1=\"NÃO DESONERADO\",VLOOKUP($A9,ORÇ_ONE!$B:$K,5,FALSE),VLOOKUP($A9,#REF!,5,FALSE))","v":"M"},{"$f":"IF($E$1=\"NÃO DESONERADO\",VLOOKUP($A9,ORÇ_ONE!$B:$K,10,FALSE),VLOOKUP($A9,#REF!,10,FALSE))","v":124801.23}]
["2.2",{"$f":"IF($E$1=\"NÃO DESONERADO\",VLOOKUP($A10,ORÇ_ONE!$B:$K,3,FALSE),VLOOKUP($A10,#REF!,3,FALSE))","v":"01.001.0042-0"},{"$f":"IF($E$1=\"NÃO DESONERADO\",VLOOKUP($A10,ORÇ_ONE!$B:$K,4,FALSE),VLOOKUP($A10,#REF!,4,FALSE))","v":"SONDAGEM MANUAL,COM PA E PICARETA,POR METRO LINEAR OU FRACAO"},{"$f":"IF($E$1=\"NÃO DESONERADO\",VLOOKUP($A10,ORÇ_ONE!$B:$K,5,FALSE),VLOOKUP($A10,#REF!,5,FALSE))","v":"M"},{"$f":"IF($E$1=\"NÃO DESONERADO\",VLOOKUP($A10,ORÇ_ONE!$B:$K,10,FALSE),VLOOKUP($A10,#REF!,10,FALSE))","v":64899.49}]
["2.3",{"$f":"IF($E$1=\"NÃO DESONERADO\",VLOOKUP($A11,ORÇ_ONE!$B:$K,3,FALSE),VLOOKUP($A11,#REF!,3,FALSE))","v":"01.001.0060-0"},{"$f":"IF($E$1=\"NÃO DESONERADO\",VLOOKUP($A11,ORÇ_ONE!$B:$K,4,FALSE),VLOOKUP($A11,#REF!,4,FALSE))","v":"AMOSTRA DE SOLO - PREPARACAO PARA ENSAIOS DE COMPACTACAO E ENSAIOS DE CARACTERIZACAO"},{"$f":"IF($E$1=\"NÃO DESONERADO\",VLOOKUP($A11,ORÇ_ONE!$B:$K,5,FALSE),VLOOKUP($A11,#REF!,5,FALSE))","v":"UN"},{"$f":"IF($E$1=\"NÃO DESONERADO\",VLOOKUP($A11,ORÇ_ONE!$B:$K,10,FALSE),VLOOKUP($A11,#REF!,10,FALSE))","v":117211.96}]
["2.4",{"$f":"IF($E$1=\"NÃO DESONERADO\",VLOOKUP($A12,ORÇ_ONE!$B:$K,3,FALSE),VLOOKUP($A12,#REF!,3,FALSE))","v":"01.001.0001-0"},{"$f":"IF($E$1=\"NÃO DESONERADO\",VLOOKUP($A12,ORÇ_ONE!$B:$K,4,FALSE),VLOOKUP($A12,#REF!,4,FALSE))","v":"LIMITE DE PLASTICIDADE"},{"$f":"IF($E$1=\"NÃO DESONERADO\",VLOOKUP($A12,ORÇ_ONE!$B:$K,5,FALSE),VLOOKUP($A12,#REF!,5,FALSE))","v":"UN"},{"$f":"IF($E$1=\"NÃO DESONERADO\",VLOOKUP($A12,ORÇ_ONE!$B:$K,10,FALSE),VLOOKUP($A12,#REF!,10,FALSE))","v":38828.300000000003}]
["2.5",{"$f":"IF($E$1=\"NÃO DESONERADO\",VLOOKUP($A13,ORÇ_ONE!$B:$K,3,FALSE),VLOOKUP($A13,#REF!,3,FALSE))","v":"01.001.0002-0"},{"$f":"IF($E$1=\"NÃO DESONERADO\",VLOOKUP($A13,ORÇ_ONE!$B:$K,4,FALSE),VLOOKUP($A13,#REF!,4,FALSE))","v":"LIMITE DE LIQUIDEZ"},{"$f":"IF($E$1=\"NÃO DESONERADO\",VLOOKUP($A13,ORÇ_ONE!$B:$K,5,FALSE),VLOOKUP($A13,#REF!,5,FALSE))","v":"UN"},{"$f":"IF($E$1=\"NÃO DESONERADO\",VLOOKUP($A13,ORÇ_ONE!$B:$K,10,FALSE),VLOOKUP($A13,#REF!,10,FALSE))","v":38828.300000000003}]
["2.6",{"$f":"IF($E$1=\"NÃO DESONERADO\",VLOOKUP($A14,ORÇ_ONE!$B:$K,3,FALSE),VLOOKUP($A14,#REF!,3,FALSE))","v":"01.001.0004-0"},{"$f":"IF($E$1=\"NÃO DESONERADO\",VLOOKUP($A14,ORÇ_ONE!$B:$K,4,FALSE),VLOOKUP($A14,#REF!,4,FALSE))","v":"ANALISE GRANULOMETRICA SEM SEDIMENTACAO (PENEIRAMENTO)"},{"$f":"IF($E$1=\"NÃO DESONERADO\",VLOOKUP($A14,ORÇ_ONE!$B:$K,5,FALSE),VLOOKUP($A14,#REF!,5,FALSE))","v":"UN"},{"$f":"IF($E$1=\"NÃO DESONERADO\",VLOOKUP($A14,ORÇ_ONE!$B:$K,10,FALSE),VLOOKUP($A14,#REF!,10,FALSE))","v":43786.92}]
["2.7",{"$f":"IF($E$1=\"NÃO DESONERADO\",VLOOKUP($A15,ORÇ_ONE!$B:$K,3,FALSE),VLOOKUP($A15,#REF!,3,FALSE))","v":"01.001.0020-0"},{"$f":"IF($E$1=\"NÃO DESONERADO\",VLOOKUP($A15,ORÇ_ONE!$B:$K,4,FALSE),VLOOKUP($A15,#REF!,4,FALSE))","v":"INDICE SUPORTE CALIFORNIA,POR 5 PONTOS,COMPACTACAO COM ENERGIA PROCTOR NORMAL"},{"$f":"IF($E$1=\"NÃO DESONERADO\",VLOOKUP($A15,ORÇ_ONE!$B:$K,5,FALSE),VLOOKUP($A15,#REF!,5,FALSE))","v":"UN"},{"$f":"IF($E$1=\"NÃO DESONERADO\",VLOOKUP($A15,ORÇ_ONE!$B:$K,10,FALSE),VLOOKUP($A15,#REF!,10,FALSE))","v":619974.93000000005}]
["2.8",{"$f":"IF($E$1=\"NÃO DESONERADO\",VLOOKUP($A16,ORÇ_ONE!$B:$K,3,FALSE),VLOOKUP($A16,#REF!,3,FALSE))","v":"01.001.0200-0"},{"$f":"IF($E$1=\"NÃO DESONERADO\",VLOOKUP($A16,ORÇ_ONE!$B:$K,4,FALSE),VLOOKUP($A16,#REF!,4,FALSE))","v":"DENSIDADE APARENTE"},{"$f":"IF($E$1=\"NÃO DESONERADO\",VLOOKUP($A16,ORÇ_ONE!$B:$K,5,FALSE),VLOOKUP($A16,#REF!,5,FALSE))","v":"UN"},{"$f":"IF($E$1=\"NÃO DESONERADO\",VLOOKUP($A16,ORÇ_ONE!$B:$K,10,FALSE),VLOOKUP($A16,#REF!,10,FALSE))","v":45515.01}]
["2.9",{"$f":"IF($E$1=\"NÃO DESONERADO\",VLOOKUP($A17,ORÇ_ONE!$B:$K,3,FALSE),VLOOKUP($A17,#REF!,3,FALSE))","v":"01.001.0201-0"},{"$f":"IF($E$1=\"NÃO DESONERADO\",VLOOKUP($A17,ORÇ_ONE!$B:$K,4,FALSE),VLOOKUP($A17,#REF!,4,FALSE))","v":"PERCENTAGEM DE VAZIOS RICE"},{"$f":"IF($E$1=\"NÃO DESONERADO\",VLOOKUP($A17,ORÇ_ONE!$B:$K,5,FALSE),VLOOKUP($A17,#REF!,5,FALSE))","v":"UN"},{"$f":"IF($E$1=\"NÃO DESONERADO\",VLOOKUP($A17,ORÇ_ONE!$B:$K,10,FALSE),VLOOKUP($A17,#REF!,10,FALSE))","v":76847.31}]
["2.10",{"$f":"IF($E$1=\"NÃO DESONERADO\",VLOOKUP($A18,ORÇ_ONE!$B:$K,3,FALSE),VLOOKUP($A18,#REF!,3,FALSE))","v":"01.001.0303-0"},{"$f":"IF($E$1=\"NÃO DESONERADO\",VLOOKUP($A18,ORÇ_ONE!$B:$K,4,FALSE),VLOOKUP($A18,#REF!,4,FALSE))","v":"EXTRACAO COM O AUXILIO DE SONDA ROTATIVA,DE CORPOS DE PROVACOM 15CM DE DIAMETRO,EM PAVIMENTOS COM REVESTIMENTO BETUMINOSO,COM ATE 10CM DE ESPESSURA,POR CORPO DE PROVA"},{"$f":"IF($E$1=\"NÃO DESONERADO\",VLOOKUP($A18,ORÇ_ONE!$B:$K,5,FALSE),VLOOKUP($A18,#REF!,5,FALSE))","v":"UN"},{"$f":"IF($E$1=\"NÃO DESONERADO\",VLOOKUP($A18,ORÇ_ONE!$B:$K,10,FALSE),VLOOKUP($A18,#REF!,10,FALSE))","v":209154.96}]
["2.11",{"$f":"IF($E$1=\"NÃO DESONERADO\",VLOOKUP($A19,ORÇ_ONE!$B:$K,3,FALSE),VLOOKUP($A19,#REF!,3,FALSE))","v":"01.001.0205-0"},{"$f":"IF($E$1=\"NÃO DESONERADO\",VLOOKUP($A19,ORÇ_ONE!$B:$K,4,FALSE),VLOOKUP($A19,#REF!,4,FALSE))","v":"DETERMINACAO,COM AUXILIO DE SONDA ROTATIVA,DA DENSIDADE DE MISTURA COMPACTADA,POR CORPO DE PROVA"},{"$f":"IF($E$1=\"NÃO DESONERADO\",VLOOKUP($A19,ORÇ_ONE!$B:$K,5,FALSE),VLOOKUP($A19,#REF!,5,FALSE))","v":"UN"},{"$f":"IF($E$1=\"NÃO DESONERADO\",VLOOKUP($A19,ORÇ_ONE!$B:$K,10,FALSE),VLOOKUP($A19,#REF!,10,FALSE))","v":85060.32}]
["2.12",{"$f":"IF($E$1=\"NÃO DESONERADO\",VLOOKUP($A20,ORÇ_ONE!$B:$K,3,FALSE),VLOOKUP($A20,#REF!,3,FALSE))","v":"01.001.0198-0"},{"$f":"IF($E$1=\"NÃO DESONERADO\",VLOOKUP($A20,ORÇ_ONE!$B:$K,4,FALSE),VLOOKUP($A20,#REF!,4,FALSE))","v":"DETERMINACAO DO TEOR DE BETUME"},{"$f":"IF($E$1=\"NÃO DESONERADO\",VLOOKUP($A20,ORÇ_ONE!$B:$K,5,FALSE),VLOOKUP($A20,#REF!,5,FALSE))","v":"UN"},{"$f":"IF($E$1=\"NÃO DESONERADO\",VLOOKUP($A20,ORÇ_ONE!$B:$K,10,FALSE),VLOOKUP($A20,#REF!,10,FALSE))","v":127215.5}]
["2.13",{"$f":"IF($E$1=\"NÃO DESONERADO\",VLOOKUP($A21,ORÇ_ONE!$B:$K,3,FALSE),VLOOKUP($A21,#REF!,3,FALSE))","v":"01.001.0208-0"},{"$f":"IF($E$1=\"NÃO DESONERADO\",VLOOKUP($A21,ORÇ_ONE!$B:$K,4,FALSE),VLOOKUP($A21,#REF!,4,FALSE))","v":"DETERMINACAO DA RESISTENCIA A TRACAO POR COMPRESSAO DIAMETRAL DE MISTURAS BETUMINOSAS"},{"$f":"IF($E$1=\"NÃO DESONERADO\",VLOOKUP($A21,ORÇ_ONE!$B:$K,5,FALSE),VLOOKUP($A21,#REF!,5,FALSE))","v":"UN"},{"$f":"IF($E$1=\"NÃO DESONERADO\",VLOOKUP($A21,ORÇ_ONE!$B:$K,10,FALSE),VLOOKUP($A21,#REF!,10,FALSE))","v":48045.86}]
["2.14",{"$f":"IF($E$1=\"NÃO DESONERADO\",VLOOKUP($A22,ORÇ_ONE!$B:$K,3,FALSE),VLOOKUP($A22,#REF!,3,FALSE))","v":"01.001.0204-0"},{"$f":"IF($E$1=\"NÃO DESONERADO\",VLOOKUP($A22,ORÇ_ONE!$B:$K,4,FALSE),VLOOKUP($A22,#REF!,4,FALSE))","v":"AMOSTRA GRANULOMETRICA APOS EXTRACAO DO LIGANTE"},{"$f":"IF($E$1=\"NÃO DESONERADO\",VLOOKUP($A22,ORÇ_ONE!$B:$K,5,FALSE),VLOOKUP($A22,#REF!,5,FALSE))","v":"UN"},{"$f":"IF($E$1=\"NÃO DESONERADO\",VLOOKUP($A22,ORÇ_ONE!$B:$K,10,FALSE),VLOOKUP($A22,#REF!,10,FALSE))","v":48145.38}]
["2.15",{"$f":"IF($E$1=\"NÃO DESONERADO\",VLOOKUP($A23,ORÇ_ONE!$B:$K,3,FALSE),VLOOKUP($A23,#REF!,3,FALSE))","v":"01.008.0050-0"},{"$f":"IF($E$1=\"NÃO DESONERADO\",VLOOKUP($A23,ORÇ_ONE!$B:$K,4,FALSE),VLOOKUP($A23,#REF!,4,FALSE))","v":"MOBILIZACAO E DESMOBILIZACAO DE EQUIPAMENTO E EQUIPE DE SONDAGEM E PERFURACAO A PERCUSSAO,COM TRANSPORTE ATE 50KM"},{"$f":"IF($E$1=\"NÃO DESONERADO\",VLOOKUP($A23,ORÇ_ONE!$B:$K,5,FALSE),VLOOKUP($A23,#REF!,5,FALSE))","v":"UN"},{"$f":"IF($E$1=\"NÃO DESONERADO\",VLOOKUP($A23,ORÇ_ONE!$B:$K,10,FALSE),VLOOKUP($A23,#REF!,10,FALSE))","v":128295.9}]
["3.1",{"$f":"IF($E$1=\"NÃO DESONERADO\",VLOOKUP($A24,ORÇ_ONE!$B:$K,3,FALSE),VLOOKUP($A24,#REF!,3,FALSE))","v":"05.105.0147-0"},{"$f":"IF($E$1=\"NÃO DESONERADO\",VLOOKUP($A24,ORÇ_ONE!$B:$K,4,FALSE),VLOOKUP($A24,#REF!,4,FALSE))","v":"MAO-DE-OBRA PARA LABORATORISTA \"A\",INCLUSIVE ENCARGOS SOCIAIS"},{"$f":"IF($E$1=\"NÃO DESONERADO\",VLOOKUP($A24,ORÇ_ONE!$B:$K,5,FALSE),VLOOKUP($A24,#REF!,5,FALSE))","v":"MES"},{"$f":"IF($E$1=\"NÃO DESONERADO\",VLOOKUP($A24,ORÇ_ONE!$B:$K,10,FALSE),VLOOKUP($A24,#REF!,10,FALSE))","v":210047.76}]
["3.2",{"$f":"IF($E$1=\"NÃO DESONERADO\",VLOOKUP($A25,ORÇ_ONE!$B:$K,3,FALSE),VLOOKUP($A25,#REF!,3,FALSE))","v":"05.105.0125-0"},{"$f":"IF($E$1=\"NÃO DESONERADO\",VLOOKUP($A25,ORÇ_ONE!$B:$K,4,FALSE),VLOOKUP($A25,#REF!,4,FALSE))","v":"MAO-DE-OBRA DE AUXILIAR TECNICO,INCLUSIVE ENCARGOS SOCIAIS"},{"$f":"IF($E$1=\"NÃO DESONERADO\",VLOOKUP($A25,ORÇ_ONE!$B:$K,5,FALSE),VLOOKUP($A25,#REF!,5,FALSE))","v":"MES"},{"$f":"IF($E$1=\"NÃO DESONERADO\",VLOOKUP($A25,ORÇ_ONE!$B:$K,10,FALSE),VLOOKUP($A25,#REF!,10,FALSE))","v":115781.75999999999}]
["3.3",{"$f":"IF($E$1=\"NÃO DESONERADO\",VLOOKUP($A26,ORÇ_ONE!$B:$K,3,FALSE),VLOOKUP($A26,#REF!,3,FALSE))","v":"05.105.0131-0"},{"$f":"IF($E$1=\"NÃO DESONERADO\",VLOOKUP($A26,ORÇ_ONE!$B:$K,4,FALSE),VLOOKUP($A26,#REF!,4,FALSE))","v":"MAO-DE-OBRA DE ENGENHEIRO OU ARQUITETO SENIOR,INCLUSIVE ENCARGOS SOCIAIS"},{"$f":"IF($E$1=\"NÃO DESONERADO\",VLOOKUP($A26,ORÇ_ONE!$B:$K,5,FALSE),VLOOKUP($A26,#REF!,5,FALSE))","v":"MES"},{"$f":"IF($E$1=\"NÃO DESONERADO\",VLOOKUP($A26,ORÇ_ONE!$B:$K,10,FALSE),VLOOKUP($A26,#REF!,10,FALSE))","v":713858.64}]
["3.4",{"$f":"IF($E$1=\"NÃO DESONERADO\",VLOOKUP($A27,ORÇ_ONE!$B:$K,3,FALSE),VLOOKUP($A27,#REF!,3,FALSE))","v":"19.004.0402-0"},{"$f":"IF($E$1=\"NÃO DESONERADO\",VLOOKUP($A27,ORÇ_ONE!$B:$K,4,FALSE),VLOOKUP($A27,#REF!,4,FALSE))","v":"CAMIONETE TIPO PICK-UP,COM CABINE SIMPLES E CACAMBA,TIPO LEVE,MOTOR BICOMBUSTIVEL (GASOLINA E ALCOOL) DE 1,6 LITROS,INCLUSIVE MOTORISTA E COMBUSTIVEL"},{"$f":"IF($E$1=\"NÃO DESONERADO\",VLOOKUP($A27,ORÇ_ONE!$B:$K,5,FALSE),VLOOKUP($A27,#REF!,5,FALSE))","v":"MES"},{"$f":"IF($E$1=\"NÃO DESONERADO\",VLOOKUP($A27,ORÇ_ONE!$B:$K,10,FALSE),VLOOKUP($A27,#REF!,10,FALSE))","v":361935.12}]
["4.1",{"$f":"IF($E$1=\"NÃO DESONERADO\",VLOOKUP($A28,ORÇ_ONE!$B:$K,3,FALSE),VLOOKUP($A28,#REF!,3,FALSE))","v":"05.100.0900-0"},{"$f":"IF($E$1=\"NÃO DESONERADO\",VLOOKUP($A28,ORÇ_ONE!$B:$K,4,FALSE),VLOOKUP($A28,#REF!,4,FALSE))","v":"UNIDADE REF.P/COMPL.ADM LOCAL,CONSID:CONSUMO AGUA,TEL.ENERGIA ELETR.MAT.LIMPEZA ESCRITORIO,COMPUTADORES LICENCA OBRA,MOVEIS UTENSILIOS,AR COND.BEBEDOURO,ART,RRT,FOTOGRAFIAS,UNIFORMES,DARIAS,EXAMES ADMISSIONAIS,PERIODICOS E DEMISSIONAIS,CURSOS CAPACITACAO/TREINAMENTO ITENS COMPLEMENTEM DESP.NECESS.EXCL.DESP.C/CAFE MANHA,REFEICAO,CESTA BASICA E VALE TRANSPORTE"},{"$f":"IF($E$1=\"NÃO DESONERADO\",VLOOKUP($A28,ORÇ_ONE!$B:$K,5,FALSE),VLOOKUP($A28,#REF!,5,FALSE))","v":"UR"},{"$f":"IF($E$1=\"NÃO DESONERADO\",VLOOKUP($A28,ORÇ_ONE!$B:$K,10,FALSE),VLOOKUP($A28,#REF!,10,FALSE))","v":756614.74855000002}]
[null,null,null,null,{"$f":"SUM(E4:E28)","v":19671983.468550008}]

{"sheet":"CURVA ABC","index":7,"n_rows":28,"n_cols":8,"rows_kept":28,"cut":false,"hidden":false,"merged":[[0,0,0,7]]}
["CURVA ABC"]
["ORDEM","CÓDIGO ","DESCRIÇÃO","UNIDADE","TOTAL C/BDI","PARTICIPAÇÃO","PARTICIPAÇÃO ACUMULADA","CLASSIFICAÇÃO ABC"]
[1,"01.050.0165-0","PROJETO EXECUTIVO PARA URBANIZACAO/REURBANIZACAO (GEOMETRICO,CORTES E DETALHES) PARA TRATAMENTO PAISAGISTICO DE AREAS PUBLICAS,APRESENTADO NOS PADROES DA CONTRATANTE,INCLUSIVE AS OPERACOES PERTINENTES E A COORDENACAO DOS PROJETOS COMPLEMENTARES","HA",6344746.3200000003,0.32252702581534154,0.32252702581534154,"A"]
[2,"01.050.0157-0","PROJETO EXECUTIVO DE SISTEMA DE DRENAGEM ACIMA DE 20.000M2,APRESENTADO NOS PADROES DA CONTRATANTE","M2",4488750,0.22817983794955166,0.5507068637648932,"A"]
[3,"01.016.0082-0","LEVANTAMENTO PLANIALTIMETRICO CADASTRAL DE AREA URBANA OU SUBURBANA,DESTINADA A REGULARIZACAO FUNDIARIA,PROJETOS VIARIOSE DE INFRAESTRUTURA,URBANIZAZAO E ASSEMELHADOS,UTILIZANDO POLIGONAL III PAC,DESENHO NA ESCALA DE 1:250 A 1:100 EM AREASMEDIANAMENTE OCUPADAS(ATE 50% DAS QUADRAS),EM AREAS ACIMA DE10000M2","M2",2103360,0.10692160266211506,0.65762846642700823,"A"]
[4,"01.050.0300-0","RELATORIO FINAL DE OBRAS OU SERVICOS DE ENGENHARIA,REGISTROFOTOGRAFICO DOS SERVICOS,ACOMPANHADO DE LEGENDAS E INDICACAODA LOCALIZACAO,INFORMACOES CONTRATUAIS,PLANILHA ORCAMENTARIA E DESCRICAO DO ESCOPO DOS SERVICOS REALIZADOS,CONF.RECOMENDACOES E ESPECIFICACOES DO ORGAO CONTRATANTE.O ITEM DEVERA SER MEDIDO PELO NUMERO PRANCHAS ORIGINAIS COMPOE RELATORIO","UN",1698531.97,8.6342689984234527E-2,0.74397115641124278,"A"]
[5,"01.050.0724-0","MAO-DE-OBRA DE CONSULTOR,PARA SERVICOS DE CONSULTORIA DE ENGENHARIA E ARQUITETURA,INCLUSIVE ENCARGOS SOCIAIS","MES",1061745.78,5.39724823222546E-2,0.79794363873349738,"A"]
[6,"05.100.0900-0","UNIDADE REF.P/COMPL.ADM LOCAL,CONSID:CONSUMO AGUA,TEL.ENERGIA ELETR.MAT.LIMPEZA ESCRITORIO,COMPUTADORES LICENCA OBRA,MOVEIS UTENSILIOS,AR COND.BEBEDOURO,ART,RRT,FOTOGRAFIAS,UNIFORMES,DARIAS,EXAMES ADMISSIONAIS,PERIODICOS E DEMISSIONAIS,CURSOS CAPACITACAO/TREINAMENTO ITENS COMPLEMENTEM DESP.NECESS.EXCL.DESP.C/CAFE MANHA,REFEICAO,CESTA BASICA E VALE TRANSPORTE","UR",756614.74855000002,3.8461538449318801E-2,0.83640517718281615,"B"]
[7,"05.105.0131-0","MAO-DE-OBRA DE ENGENHEIRO OU ARQUITETO SENIOR,INCLUSIVE ENCARGOS SOCIAIS","MES",713858.64,3.6288086615224133E-2,0.87269326379804024,"B"]
[8,"01.001.0020-0","INDICE SUPORTE CALIFORNIA,POR 5 PONTOS,COMPACTACAO COM ENERGIA PROCTOR NORMAL","UN",619974.93000000005,3.151562886331042E-2,0.90420889266135063,"B"]
[9,"19.004.0402-0","CAMIONETE TIPO PICK-UP,COM CABINE SIMPLES E CACAMBA,TIPO LEVE,MOTOR BICOMBUSTIVEL (GASOLINA E ALCOOL) DE 1,6 LITROS,INCLUSIVE MOTORISTA E COMBUSTIVEL","MES",361935.12,1.8398506717872801E-2,0.92260739937922343,"B"]
[10,"05.105.0147-0","MAO-DE-OBRA PARA LABORATORISTA \"A\",INCLUSIVE ENCARGOS SOCIAIS","MES",210047.76,1.067750795621639E-2,0.93328490733543978,"B"]
[11,"01.001.0303-0","EXTRACAO COM O AUXILIO DE SONDA ROTATIVA,DE CORPOS DE PROVACOM 15CM DE DIAMETRO,EM PAVIMENTOS COM REVESTIMENTO BETUMINOSO,COM ATE 10CM DE ESPESSURA,POR CORPO DE PROVA","UN",209154.96,1.0632123615515446E-2,0.94391703095095525,"B"]
[12,"01.008.0050-0","MOBILIZACAO E DESMOBILIZACAO DE EQUIPAMENTO E EQUIPE DE SONDAGEM E PERFURACAO A PERCUSSAO,COM TRANSPORTE ATE 50KM","UN",128295.9,6.5217572089316363E-3,0.95043878815988692,"C"]
[13,"01.001.0198-0","DETERMINACAO DO TEOR DE BETUME","UN",127215.5,6.4668364633074221E-3,0.95690562462319428,"C"]
[14,"01.001.0040-0","SONDAGEM MANUAL,COM TRADO CAVADEIRA,POR METRO LINEAR OU FRACAO","M",124801.23,6.3441101503324366E-3,0.96324973477352671,"C"]
[15,"01.001.0060-0","AMOSTRA DE SOLO - PREPARACAO PARA ENSAIOS DE COMPACTACAO E ENSAIOS DE CARACTERIZACAO","UN",117211.96,5.9583193625283946E-3,0.96920805413605515,"C"]
[16,"05.105.0125-0","MAO-DE-OBRA DE AUXILIAR TECNICO,INCLUSIVE ENCARGOS SOCIAIS","MES",115781.75999999999,5.8856169834171834E-3,0.97509367111947232,"C"]
[17,"01.001.0205-0","DETERMINACAO,COM AUXILIO DE SONDA ROTATIVA,DA DENSIDADE DE MISTURA COMPACTADA,POR CORPO DE PROVA","UN",85060.32,4.3239320598244526E-3,0.97941760317929671,"C"]
[18,"01.001.0201-0","PERCENTAGEM DE VAZIOS RICE","UN",76847.31,3.9064342506619793E-3,0.98332403742995866,"C"]
[19,"01.001.0042-0","SONDAGEM MANUAL,COM PA E PICARETA,POR METRO LINEAR OU FRACAO","M",64899.49,3.2990821745939401E-3,0.98662311960455262,"C"]
[20,"01.001.0204-0","AMOSTRA GRANULOMETRICA APOS EXTRACAO DO LIGANTE","UN",48145.38,2.4474085227334081E-3,0.98907052812728602,"C"]
[21,"01.001.0208-0","DETERMINACAO DA RESISTENCIA A TRACAO POR COMPRESSAO DIAMETRAL DE MISTURAS BETUMINOSAS","UN",48045.86,2.4423495514222992E-3,0.99151287767870833,"C"]
[22,"01.001.0200-0","DENSIDADE APARENTE","UN",45515.01,2.3136970439592811E-3,0.99382657472266756,"C"]
[23,"01.001.0004-0","ANALISE GRANULOMETRICA SEM SEDIMENTACAO (PENEIRAMENTO)","UN",43786.92,2.2258518095037553E-3,0.9960524265321713,"C"]
[24,"01.001.0002-0","LIMITE DE LIQUIDEZ","UN",38828.300000000003,1.9737867339140245E-3,0.99802621326608532,"C"]
[25,"01.001.0001-0","LIMITE DE PLASTICIDADE","UN",38828.300000000003,1.9737867339140245E-3,0.99999999999999933,"C"]
[null,null,null,"TOTAL DO ORÇAMENTO COM BDI E ADM LOCAL:",{"$f":"SUM(E3:E27)","v":19671983.468550004}]

{"sheet":"EMOP_CONJ_03.2026","index":8,"n_rows":11147,"n_cols":9,"rows_kept":4500,"cut":true,"hidden":false,"merged":[[0,0,0,3],[0,5,0,8]],"bounds":{"rows_first":2000,"rows_last":500,"rows_between":2000,"halvings":0}}
["NÃO DESONERADO - EMOP ",null,null,null,null,"DESONERADO - EMOP "]
["CÓDIGO","DESCRIÇÃO","UNID","PREÇOS 03/2026",null,"CÓDIGO","DESCRIÇÃO","UNID","PREÇOS 03/2026"]
["01.001.0001-0","LIMITE DE PLASTICIDADE","UN",205.08,null,"01.001.0001-A","LIMITE DE PLASTICIDADE","UN",196.18]
["01.001.0002-0","LIMITE DE LIQUIDEZ","UN",205.08,null,"01.001.0002-A","LIMITE DE LIQUIDEZ","UN",196.18]
["01.001.0003-0","LIMITE DE CONTRACAO","UN",119.72,null,"01.001.0003-A","LIMITE DE CONTRACAO","UN",114.52]
["01.001.0004-0","ANALISE GRANULOMETRICA SEM SEDIMENTACAO (PENEIRAMENTO)","UN",231.27,null,"01.001.0004-A","ANALISE GRANULOMETRICA SEM SEDIMENTACAO (PENEIRAMENTO)","UN",221.23]
["01.001.0005-0","ANALISE GRANULOMETRICA COM SEDIMENTACAO","UN",536.84,null,"01.001.0005-A","ANALISE GRANULOMETRICA COM SEDIMENTACAO","UN",513.54999999999995]
["01.001.0006-0","MASSA ESPECIFICA REAL","UN",283.2,null,"01.001.0006-A","MASSA ESPECIFICA REAL","UN",270.91000000000003]
["01.001.0007-0","MASSA ESPECIFICA APARENTE \"IN SITU\"","UN",114.01,null,"01.001.0007-A","MASSA ESPECIFICA APARENTE \"IN SITU\"","UN",109.06]
["01.001.0008-0","UMIDADE NATURAL EM ESTUFA","UN",106.66,null,"01.001.0008-A","UMIDADE NATURAL EM ESTUFA","UN",102.03]
["01.001.0009-0","EQUIVALENTE DE AREIA","UN",253.77,null,"01.001.0009-A","EQUIVALENTE DE AREIA","UN",242.76]
["01.001.0010-0","UMIDADE PELO METODO EXPEDITO \"SPEEDY\"","UN",71.709999999999994,null,"01.001.0010-A","UMIDADE PELO METODO EXPEDITO \"SPEEDY\"","UN",68.599999999999994]
["01.001.0011-0","COMPACTACAO: ENERGIA PROCTOR NORMAL","UN",447.49,null,"01.001.0011-A","COMPACTACAO: ENERGIA PROCTOR NORMAL","UN",428.07]
["01.001.0012-0","COMPACTACAO: ENERGIA AASHTO INTERMEDIARIA","UN",536.84,null,"01.001.0012-A","COMPACTACAO: ENERGIA AASHTO INTERMEDIARIA","UN",513.54999999999995]
["01.001.0013-0","COMPACTACAO: ENERGIA AASHTO MODIFICADA","UN",864,null,"01.001.0013-A","COMPACTACAO: ENERGIA AASHTO MODIFICADA","UN",826.5]
["01.001.0014-0","INDICE SUPORTE CALIFORNIA,POR 1 PONTO,COMPACTACAO COM ENERGIA PROCTOR NORMAL","UN",986.26,null,"01.001.0014-A","INDICE SUPORTE CALIFORNIA,POR 1 PONTO,COMPACTACAO COM ENERGIA PROCTOR NORMAL","UN",943.46]
["01.001.0015-0","INDICE SUPORTE CALIFORNIA,POR 1 PONTO,COMPACTACAO COM ENERGIA AASHTO INTERMEDIARIA","UN",1291.9000000000001,null,"01.001.0015-A","INDICE SUPORTE CALIFORNIA,POR 1 PONTO,COMPACTACAO COM ENERGIA AASHTO INTERMEDIARIA","UN",1235.8399999999999]
["01.001.0016-0","INDICE SUPORTE CALIFORNIA,POR 1 PONTO,COMPACTACAO COM ENERGIA AASHTO MODIFICADA","UN",1291.9000000000001,null,"01.001.0016-A","INDICE SUPORTE CALIFORNIA,POR 1 PONTO,COMPACTACAO COM ENERGIA AASHTO MODIFICADA","UN",1235.8399999999999]
["01.001.0017-0","INDICE SUPORTE CALIFORNIA,POR 3 PONTOS,COMPACTACAO COM ENERGIA PROCTOR NORMAL","UN",2067.3000000000002,null,"01.001.0017-A","INDICE SUPORTE CALIFORNIA,POR 3 PONTOS,COMPACTACAO COM ENERGIA PROCTOR NORMAL","UN",1977.59]
["01.001.0018-0","INDICE SUPORTE CALIFORNIA,POR 3 PONTOS,COMPACTACAO COM ENERGIA AASHTO INTERMEDIARIA","UN",2239.75,null,"01.001.0018-A","INDICE SUPORTE CALIFORNIA,POR 3 PONTOS,COMPACTACAO COM ENERGIA AASHTO INTERMEDIARIA","UN",2142.56]
["01.001.0019-0","INDICE SUPORTE CALIFORNIA,POR 3 PONTOS,COMPACTACAO COM ENERGIA AASHTO MODIFICADA","UN",2412.21,null,"01.001.0019-A","INDICE SUPORTE CALIFORNIA,POR 3 PONTOS,COMPACTACAO COM ENERGIA AASHTO MODIFICADA","UN",2307.54]
["01.001.0020-0","INDICE SUPORTE CALIFORNIA,POR 5 PONTOS,COMPACTACAO COM ENERGIA PROCTOR NORMAL","UN",3274.53,null,"01.001.0020-A","INDICE SUPORTE CALIFORNIA,POR 5 PONTOS,COMPACTACAO COM ENERGIA PROCTOR NORMAL","UN",3132.44]
["01.001.0021-0","INDICE SUPORTE CALIFORNIA,POR 5 PONTOS,COMPACTACAO COM ENERGIA AASHTO INTERMEDIARIA","UN",3617.22,null,"01.001.0021-A","INDICE SUPORTE CALIFORNIA,POR 5 PONTOS,COMPACTACAO COM ENERGIA AASHTO INTERMEDIARIA","UN",3460.25]
["01.001.0022-0","INDICE SUPORTE CALIFORNIA,POR 5 PONTOS,COMPACTACAO COM ENERGIA AASHTO MODIFICADA","UN",3789.68,null,"01.001.0022-A","INDICE SUPORTE CALIFORNIA,POR 5 PONTOS,COMPACTACAO COM ENERGIA AASHTO MODIFICADA","UN",3625.23]
["01.001.0023-0","PERMEABILIDADE EM AMOSTRA NATURAL","UN",1247.3699999999999,null,"01.001.0023-A","PERMEABILIDADE EM AMOSTRA NATURAL","UN",1193.24]
["01.001.0024-0","PERMEABILIDADE EM AMOSTRA MOLDADA ARGILOSA","UN",1247.3699999999999,null,"01.001.0024-A","PERMEABILIDADE EM AMOSTRA MOLDADA ARGILOSA","UN",1193.24]
["01.001.0025-0","PERMEABILIDADE EM AMOSTRA DE AREIA","UN",1207.3499999999999,null,"01.001.0025-A","PERMEABILIDADE EM AMOSTRA DE AREIA","UN",1154.95]
["01.001.0026-0","COMPRESSAO SIMPLES EM AMOSTRA NATURAL,POR CORPO DE PROVA","UN",804.9,null,"01.001.0026-A","COMPRESSAO SIMPLES EM AMOSTRA NATURAL,POR CORPO DE PROVA","UN",769.97]
["01.001.0027-0","COMPRESSAO SIMPLES EM AMOSTRA MOLDADA,POR CORPO DE PROVA","UN",804.9,null,"01.001.0027-A","COMPRESSAO SIMPLES EM AMOSTRA MOLDADA,POR CORPO DE PROVA","UN",769.97]
["01.001.0028-0","ADENSAMENTO EM AMOSTRA NATURAL","UN",2539.46,null,"01.001.0028-A","ADENSAMENTO EM AMOSTRA NATURAL","UN",2429.2600000000002]
["01.001.0029-0","ADENSAMENTO EM AMOSTRA MOLDADA","UN",2539.46,null,"01.001.0029-A","ADENSAMENTO EM AMOSTRA MOLDADA","UN",2429.2600000000002]
["01.001.0030-0","ADENSAMENTO:PAR DE ENSAIOS PARA DETERMINACAO DO FATOR DE CORRECAO DE COEFICIENTE DE RECALQUE","UN",2941.91,null,"01.001.0030-A","ADENSAMENTO:PAR DE ENSAIOS PARA DETERMINACAO DO FATOR DE CORRECAO DE COEFICIENTE DE RECALQUE","UN",2814.25]
["01.001.0032-0","CISALHAMENTO LENTO OU RAPIDO,POR CORPO DE PROVA","UN",558.73,null,"01.001.0032-A","CISALHAMENTO LENTO OU RAPIDO,POR CORPO DE PROVA","UN",534.48]
["01.001.0034-0","TRIAXIAL DRENADO,EM AMOSTRAS NATURAL OU MOLDADA,POR CORPO DEPROVA","UN",1632.68,null,"01.001.0034-A","TRIAXIAL DRENADO,EM AMOSTRAS NATURAL OU MOLDADA,POR CORPO DEPROVA","UN",1561.83]
["01.001.0036-0","TRIAXIAL NAO DRENADO,EM AMOSTRAS NATURAL OU MOLDADA,POR CORPO DE PROVA","UN",1004.54,null,"01.001.0036-A","TRIAXIAL NAO DRENADO,EM AMOSTRAS NATURAL OU MOLDADA,POR CORPO DE PROVA","UN",960.95]
["01.001.0037-0","TRIAXIAL NAO DRENADO,PRE-ADENSADO,EM AMOSTRAS NATURAL OU MOLDADA,POR CORPO DE PROVA","UN",1229.22,null,"01.001.0037-A","TRIAXIAL NAO DRENADO,PRE-ADENSADO,EM AMOSTRAS NATURAL OU MOLDADA,POR CORPO DE PROVA","UN",1175.8800000000001]
["01.001.0039-0","DURABILIDADE POR MOLHAGEM E SECAGEM,EM SOLO-CIMENTO,POR ENSAIO","UN",1577.3,null,"01.001.0039-A","DURABILIDADE POR MOLHAGEM E SECAGEM,EM SOLO-CIMENTO,POR ENSAIO","UN",1508.85]
["01.001.0040-0","SONDAGEM MANUAL,COM TRADO CAVADEIRA,POR METRO LINEAR OU FRACAO","M",219.25,null,"01.001.0040-A","SONDAGEM MANUAL,COM TRADO CAVADEIRA,POR METRO LINEAR OU FRACAO","M",209.01]
["01.001.0042-0","SONDAGEM MANUAL,COM PA E PICARETA,POR METRO LINEAR OU FRACAO","M",228.03,null,"01.001.0042-A","SONDAGEM MANUAL,COM PA E PICARETA,POR METRO LINEAR OU FRACAO","M",217.19]
["01.001.0043-0","SONDAGEM DE RECONHECIMENTO A TRADO MANUAL DE 4\".PARA TRADO DE 6\",ACRESCENTAR 50% AO VALOR DESTE ITEM","M",111.88,null,"01.001.0043-A","SONDAGEM DE RECONHECIMENTO A TRADO MANUAL DE 4\".PARA TRADO DE 6\",ACRESCENTAR 50% AO VALOR DESTE ITEM","M",104.37]
["01.001.0044-0","SONDAGEM EXPEDITA,DE SIMPLES RECONHECIMENTO A PERCUSSAO,EXCLUSIVAMENTE POR LAVAGEM,DIAMETRO DE 2\",INCLUSIVE DESLOCAMENTOE INSTALACAO","M",88.76,null,"01.001.0044-A","SONDAGEM EXPEDITA,DE SIMPLES RECONHECIMENTO A PERCUSSAO,EXCLUSIVAMENTE POR LAVAGEM,DIAMETRO DE 2\",INCLUSIVE DESLOCAMENTOE INSTALACAO","M",82.81]
["01.001.0046-0","FRACIONAMENTO QUIMICO (METODO ROSTLER)","UN",228.82,null,"01.001.0046-A","FRACIONAMENTO QUIMICO (METODO ROSTLER)","UN",218.89]
["01.001.0047-0","ENSAIO DE PALHETA(\"VANE TEST\")REALIZADO NO CAMPO,EXCLUSIVE PERFURACAO","UN",216.6,null,"01.001.0047-A","ENSAIO DE PALHETA(\"VANE TEST\")REALIZADO NO CAMPO,EXCLUSIVE PERFURACAO","UN",202.12]
["01.001.0048-0","ENSAIO DE PALHETA(\"VANE TEST\"),REALIZADO EM LABORATORIO","UN",145.86000000000001,null,"01.001.0048-A","ENSAIO DE PALHETA(\"VANE TEST\"),REALIZADO EM LABORATORIO","UN",136.13]
["01.001.0049-0","CLASSIFICACAO MACROSCOPICA DE AMOSTRAS DE SONDAGEM ROTATIVA","M",401.55,null,"01.001.0049-A","CLASSIFICACAO MACROSCOPICA DE AMOSTRAS DE SONDAGEM ROTATIVA","M",384.13]
["01.001.0050-0","CLASSIFICACAO MACROSCOPICA DE AMOSTRAS DE SONDAGEM ROTATIVA,COM LAMINA DE ROCHA","M",3743.68,null,"01.001.0050-A","CLASSIFICACAO MACROSCOPICA DE AMOSTRAS DE SONDAGEM ROTATIVA,COM LAMINA DE ROCHA","M",3581.22]
["01.001.0051-0","BRITAGEM EM LABORATORIO,DE BLOCOS DE ROCHA,MATACOES OU TESTEMUNHOS DE SONDAGEM ROTATIVA,POR AMOSTRA REPRESENTATIVA","UN",374.83,null,"01.001.0051-A","BRITAGEM EM LABORATORIO,DE BLOCOS DE ROCHA,MATACOES OU TESTEMUNHOS DE SONDAGEM ROTATIVA,POR AMOSTRA REPRESENTATIVA","UN",358.57]
["01.001.0052-0","MINI-CBR E EXPANSAO DE SOLO COMPACTADO EM EQUIPAMENTO MINIATURA","UN",123.81,null,"01.001.0052-A","MINI-CBR E EXPANSAO DE SOLO COMPACTADO EM EQUIPAMENTO MINIATURA","UN",118.44]
["01.001.0053-0","MINI-MCV - SOLO COMPACTADO EM EQUIPAMENTO MINIATURA","UN",123.81,null,"01.001.0053-A","MINI-MCV - SOLO COMPACTADO EM EQUIPAMENTO MINIATURA","UN",118.44]
["01.001.0054-0","DETERMINACAO DA PERDA DE MASSA POR IMERSAO DE SOLOS COMPACTADOS EM EQUIPAMENTO MINIATURA","UN",123.81,null,"01.001.0054-A","DETERMINACAO DA PERDA DE MASSA POR IMERSAO DE SOLOS COMPACTADOS EM EQUIPAMENTO MINIATURA","UN",118.44]
["01.001.0055-0","EXTRACAO DE AMOSTRA INDEFORMADA EM BLOCOS DE 30X30X30CM,INCLUSIVE EMBALAGEM DE MADEIRA,EXCLUSIVE TRANSPORTE","UN",970.08,null,"01.001.0055-A","EXTRACAO DE AMOSTRA INDEFORMADA EM BLOCOS DE 30X30X30CM,INCLUSIVE EMBALAGEM DE MADEIRA,EXCLUSIVE TRANSPORTE","UN",927.98]
["01.001.0056-0","CLASSIFICACAO DE SOLOS TROPICAIS PARA FINALIDADES RODOVIARIAS,UTILIZANDO CORPOS DE PROVA COMPACTADOS EM EQUIPAMENTO MINIATURA","UN",124.67,null,"01.001.0056-A","CLASSIFICACAO DE SOLOS TROPICAIS PARA FINALIDADES RODOVIARIAS,UTILIZANDO CORPOS DE PROVA COMPACTADOS EM EQUIPAMENTO MINIATURA","UN",119.26]
["01.001.0057-0","EXTRACAO DE AMOSTRA INDEFORMADA EM ANEL BISELADO,EXCLUSIVE TRANSPORTE","UN",535.49,null,"01.001.0057-A","EXTRACAO DE AMOSTRA INDEFORMADA EM ANEL BISELADO,EXCLUSIVE TRANSPORTE","UN",512.25]
["01.001.0059-0","EXTRACAO DE AMOSTRA TIPO \"SHELBY\" DURANTE SERVICO DE SONDAGEM DO SOLO,EXCLUSIVE TRANSPORTE","UN",224.18,null,"01.001.0059-A","EXTRACAO DE AMOSTRA TIPO \"SHELBY\" DURANTE SERVICO DE SONDAGEM DO SOLO,EXCLUSIVE TRANSPORTE","UN",214.22]
["01.001.0060-0","AMOSTRA DE SOLO - PREPARACAO PARA ENSAIOS DE COMPACTACAO E ENSAIOS DE CARACTERIZACAO","UN",619.08000000000004,null,"01.001.0060-A","AMOSTRA DE SOLO - PREPARACAO PARA ENSAIOS DE COMPACTACAO E ENSAIOS DE CARACTERIZACAO","UN",592.21]
["01.001.0061-0","GRAOS DE SOLOS QUE PASSAM NA PENEIRA DE MALHA 4,8MM - DETERMINACAO DA MASSA ESPECIFICA","UN",124.67,null,"01.001.0061-A","GRAOS DE SOLOS QUE PASSAM NA PENEIRA DE MALHA 4,8MM - DETERMINACAO DA MASSA ESPECIFICA","UN",119.26]
["01.001.0062-0","ADENSAMENTO UNIDIMENSIONAL","UN",124.67,null,"01.001.0062-A","ADENSAMENTO UNIDIMENSIONAL","UN",119.26]
["01.001.0063-0","METODO RIEDEL-WEBER(AGREGADO GRAUDO)","UN",124.67,null,"01.001.0063-A","METODO RIEDEL-WEBER(AGREGADO GRAUDO)","UN",119.26]
["01.001.0064-0","COMPACTACAO DE SOLO EM EQUIPAMENTO MINIATURA","UN",124.67,null,"01.001.0064-A","COMPACTACAO DE SOLO EM EQUIPAMENTO MINIATURA","UN",119.26]
["01.001.0065-0","ENSAIO DE PERDA D'AGUA DURANTE A SONDAGEM ROTATIVA EM ROCHA,CONSTANDO DE 3 ESTAGIOS DE PRESSAO","UN",228.78,null,"01.001.0065-A","ENSAIO DE PERDA D'AGUA DURANTE A SONDAGEM ROTATIVA EM ROCHA,CONSTANDO DE 3 ESTAGIOS DE PRESSAO","UN",213.54]
["01.001.0066-0","ENSAIO DE PERDA D'AGUA DURANTE A SONDAGEM ROTATIVA EM ROCHA,CONSTANDO DE 5 ESTAGIOS DE PRESSAO","UN",317.64,null,"01.001.0066-A","ENSAIO DE PERDA D'AGUA DURANTE A SONDAGEM ROTATIVA EM ROCHA,CONSTANDO DE 5 ESTAGIOS DE PRESSAO","UN",296.48]
["01.001.0068-0","ENSAIO DE PENETRACAO TIPO \"DEEP SOUNDING\"","M",662.96,null,"01.001.0068-A","ENSAIO DE PENETRACAO TIPO \"DEEP SOUNDING\"","M",633.49]
["01.001.0069-0","ENSAIO DE INFILTRACAO EM SOLO","UN",533.75,null,"01.001.0069-A","ENSAIO DE INFILTRACAO EM SOLO","UN",510.98]
["01.001.0071-0","ENSAIO DE CARACTERIZACAO GEOTECNICA DE SOLOS,COM UTILIZACAODE DILATOMETRO,EXCLUSIVE PERFURACAO","UN",660.58,null,"01.001.0071-A","ENSAIO DE CARACTERIZACAO GEOTECNICA DE SOLOS,COM UTILIZACAODE DILATOMETRO,EXCLUSIVE PERFURACAO","UN",631.91]
["01.001.0073-0","ENSAIO DE PENETRACAO TIPO SPT","UN",158.53,null,"01.001.0073-A","ENSAIO DE PENETRACAO TIPO SPT","UN",151.47999999999999]
["01.001.0075-1","PERFURACAO MANUAL DE SOLO,A TRADO ATE 6\"","M",16.45,null,"01.001.0075-B","PERFURACAO MANUAL DE SOLO,A TRADO ATE 6\"","M",15.34]
["01.001.0076-0","PERFURACAO MANUAL DE SOLO,A TRADO ATE 8\"","M",20.84,null,"01.001.0076-A","PERFURACAO MANUAL DE SOLO,A TRADO ATE 8\"","M",19.440000000000001]
["01.001.0077-0","PERFURACAO MANUAL DE SOLO,A TRADO ATE 10\"","M",25.22,null,"01.001.0077-A","PERFURACAO MANUAL DE SOLO,A TRADO ATE 10\"","M",23.53]
["01.001.0078-0","PERFURACAO MANUAL DE SOLO,A TRADO ACIMA DE 10\"","M",30.71,null,"01.001.0078-A","PERFURACAO MANUAL DE SOLO,A TRADO ACIMA DE 10\"","M",28.65]
["01.001.0081-0","ANALISE GRANULOMETRICA EM AGREGADO MIUDO","UN",205.03,null,"01.001.0081-A","ANALISE GRANULOMETRICA EM AGREGADO MIUDO","UN",196.13]
["01.001.0082-0","ANALISE GRANULOMETRICA EM AGREGADO GRAUDO","UN",162.19,null,"01.001.0082-A","ANALISE GRANULOMETRICA EM AGREGADO GRAUDO","UN",155.15]
["01.001.0083-0","AVALIACAO DAS IMPUREZAS ORGANICAS DAS AREIAS","UN",205.03,null,"01.001.0083-A","AVALIACAO DAS IMPUREZAS ORGANICAS DAS AREIAS","UN",196.13]
["01.001.0084-0","QUALIDADE DA AREIA COM ANALISE GRANULOMETRICA E INDICE DE MATERIA ORGANICA","UN",4500.9399999999996,null,"01.001.0084-A","QUALIDADE DA AREIA COM ANALISE GRANULOMETRICA E INDICE DE MATERIA ORGANICA","UN",4305.63]
["01.001.0085-0","TEOR DE ARGILA EM TORROES(AGREGADO MIUDO)","UN",205.03,null,"01.001.0085-A","TEOR DE ARGILA EM TORROES(AGREGADO MIUDO)","UN",196.13]
["01.001.0086-0","TEOR DE ARGILA EM TORROES(AGREGADO GRAUDO)","UN",205.03,null,"01.001.0086-A","TEOR DE ARGILA EM TORROES(AGREGADO GRAUDO)","UN",196.13]
["01.001.0087-0","TEOR DE MATERIAIS PULVERULENTOS(AGREGADO MIUDO)","UN",162.36000000000001,null,"01.001.0087-A","TEOR DE MATERIAIS PULVERULENTOS(AGREGADO MIUDO)","UN",155.32]
["01.001.0088-0","TEOR DE MATERIAIS PULVERULENTOS(AGREGADO GRAUDO)","UN",222.17,null,"01.001.0088-A","TEOR DE MATERIAIS PULVERULENTOS(AGREGADO GRAUDO)","UN",212.52]
["01.001.0089-0","DENSIDADE REAL(AGREGADO MIUDO)","UN",59.8,null,"01.001.0089-A","DENSIDADE REAL(AGREGADO MIUDO)","UN",57.2]
["01.001.0090-0","DENSIDADE REAL(AGREGADO GRAUDO)","UN",119.63,null,"01.001.0090-A","DENSIDADE REAL(AGREGADO GRAUDO)","UN",114.44]
["01.001.0091-0","DENSIDADE APARENTE(AGREGADO MIUDO)","UN",59.8,null,"01.001.0091-A","DENSIDADE APARENTE(AGREGADO MIUDO)","UN",57.2]
["01.001.0092-0","DENSIDADE APARENTE(AGREGADO GRAUDO)","UN",119.63,null,"01.001.0092-A","DENSIDADE APARENTE(AGREGADO GRAUDO)","UN",114.44]
["01.001.0093-0","DESGASTE A ABRASAO \"LOS ANGELES\"","UN",864,null,"01.001.0093-A","DESGASTE A ABRASAO \"LOS ANGELES\"","UN",826.5]
["01.001.0094-0","ESMAGAMENTO","UN",788.05,null,"01.001.0094-A","ESMAGAMENTO","UN",753.85]
["01.001.0095-0","RESISTENCIA AO IMPACTO \"TRETON\"","UN",788.05,null,"01.001.0095-A","RESISTENCIA AO IMPACTO \"TRETON\"","UN",753.85]
["01.001.0096-0","INDICE DE FORMA(CUBICIDADE)","UN",559.26,null,"01.001.0096-A","INDICE DE FORMA(CUBICIDADE)","UN",534.99]
["01.001.0097-0","QUALIDADE DE AGREGADO PELO USO DE SOLUCAO DE SULFATO DE SODIO OU MAGNESIO,EM AGREGADO MIUDO","UN",1291.9000000000001,null,"01.001.0097-A","QUALIDADE DE AGREGADO PELO USO DE SOLUCAO DE SULFATO DE SODIO OU MAGNESIO,EM AGREGADO MIUDO","UN",1235.8399999999999]
["01.001.0098-0","QUALIDADE DE AGREGADO PELO USO DE SOLUCAO DE SULFATO DE SODIO OU MAGNESIO,EM AGREGADO GRAUDO","UN",1789.37,null,"01.001.0098-A","QUALIDADE DE AGREGADO PELO USO DE SOLUCAO DE SULFATO DE SODIO OU MAGNESIO,EM AGREGADO GRAUDO","UN",1711.72]
["01.001.0121-0","REMATE OU CAPEAMENTO DE CORPO DE PROVA CILINDRICO,DE 15X30CMPOR TOPO","UN",17,null,"01.001.0121-A","REMATE OU CAPEAMENTO DE CORPO DE PROVA CILINDRICO,DE 15X30CMPOR TOPO","UN",16.260000000000002]
["01.001.0123-0","RESISTENCIA A COMPRESSAO DE CORPO DE PROVA CILINDRICO DE 15X30CM,POR CORPO DE PROVA","UN",51.42,null,"01.001.0123-A","RESISTENCIA A COMPRESSAO DE CORPO DE PROVA CILINDRICO DE 15X30CM,POR CORPO DE PROVA","UN",49.18]
["01.001.0124-0","RESISTENCIA A COMPRESSAO SIMPLES DE CORPO DE PROVA DE ARGAMASSA DE CONCRETO,COM 5X10CM,POR CORPO DE PROVA","UN",132.63999999999999,null,"01.001.0124-A","RESISTENCIA A COMPRESSAO SIMPLES DE CORPO DE PROVA DE ARGAMASSA DE CONCRETO,COM 5X10CM,POR CORPO DE PROVA","UN",126.89]
["01.001.0125-0","RESISTENCIA A TRACAO,NA FLEXAO,EM CORPO DE PROVA PRISMATICO,COM ESFORCO ATE 5T","UN",234.69,null,"01.001.0125-A","RESISTENCIA A TRACAO,NA FLEXAO,EM CORPO DE PROVA PRISMATICO,COM ESFORCO ATE 5T","UN",224.51]
["01.001.0126-0","RESISTENCIA A TRACAO,NA FLEXAO,EM CORPO DE PROVA PRISMATICO,COM ESFORCO DE 5 ATE 30T","UN",234.69,null,"01.001.0126-A","RESISTENCIA A TRACAO,NA FLEXAO,EM CORPO DE PROVA PRISMATICO,COM ESFORCO DE 5 ATE 30T","UN",224.51]
["01.001.0127-0","RESISTENCIA A TRACAO,NA FLEXAO,EM CORPO DE PROVA PRISMATICO,COM ESFORCO DE 30 ATE 200T","UN",234.69,null,"01.001.0127-A","RESISTENCIA A TRACAO,NA FLEXAO,EM CORPO DE PROVA PRISMATICO,COM ESFORCO DE 30 ATE 200T","UN",224.51]
["01.001.0128-0","RESISTENCIA A COMPRESSAO SIMPLES DE CORPO DE PROVA,COM AUXILIO DE ESCLEROMETRO,POR CORPO DE PROVA","UN",71.42,null,"01.001.0128-A","RESISTENCIA A COMPRESSAO SIMPLES DE CORPO DE PROVA,COM AUXILIO DE ESCLEROMETRO,POR CORPO DE PROVA","UN",68.319999999999993]
["01.001.0129-0","\"SLUMP TEST\"","UN",34.28,null,"01.001.0129-A","\"SLUMP TEST\"","UN",32.79]
["01.001.0130-0","DOSAGEM COM ESTUDO GRANULOMETRICO DOS AGREGADOS,DETERMINACAODE UM TRACO A PARTIR DOS GRAFICOS OBTIDOS DE MISTURAS EXPERIMENTAIS E COM RUPTURA DE CORPO DE PROVA,DE 15X30CM,AOS 3,7E 28 DIAS DE IDADE,UTILIZANDO COMO MATERIAIS CIMENTO,UM AGREGADO GRAUDO E UM AGREGADO MIUDO","UN",18666.96,null,"01.001.0130-A","DOSAGEM COM ESTUDO GRANULOMETRICO DOS AGREGADOS,DETERMINACAODE UM TRACO A PARTIR DOS GRAFICOS OBTIDOS DE MISTURAS EXPERIMENTAIS E COM RUPTURA DE CORPO DE PROVA,DE 15X30CM,AOS 3,7E 28 DIAS DE IDADE,UTILIZANDO COMO MATERIAIS CIMENTO,UM AGREGADO GRAUDO E UM AGREGADO MIUDO","UN",17856.919999999998]
["01.001.0131-0","DOSAGEM COM ESTUDO GRANULOMETRICO DOS AGREGADOS,DETERMINACAODE UM TRACO A PARTIR DOS GRAFICOS OBTIDOS DE MISTURAS EXPERIMENTAIS E COM RUPTURA DE CORPO DE PROVA,DE 15X30CM,AOS 3,7E 28 DIAS DE IDADE,PARA CADA AGREGADO MIUDO ADICIONAL AO ITEM 01.001.0130","UN",6222.31,null,"01.001.0131-A","DOSAGEM COM ESTUDO GRANULOMETRICO DOS AGREGADOS,DETERMINACAODE UM TRACO A PARTIR DOS GRAFICOS OBTIDOS DE MISTURAS EXPERIMENTAIS E COM RUPTURA DE CORPO DE PROVA,DE 15X30CM,AOS 3,7E 28 DIAS DE IDADE,PARA CADA AGREGADO MIUDO ADICIONAL AO ITEM 01.001.0130","UN",5952.3]
["01.001.0132-0","DOSAGEM COM ESTUDO GRANULOMETRICO DOS AGREGADOS,DETERMINACAODE UM TRACO A PARTIR DOS GRAFICOS OBTIDOS DE MISTURAS EXPERIMENTAIS E COM RUPTURA DE CORPO DE PROVA,DE 15X30CM,AOS 3,7E 28 DIAS DE IDADE,PARA CADA AGREGADO GRAUDO ADICIONAL AO ITEM 01.001.0130","UN",6222.31,null,"01.001.0132-A","DOSAGEM COM ESTUDO GRANULOMETRICO DOS AGREGADOS,DETERMINACAODE UM TRACO A PARTIR DOS GRAFICOS OBTIDOS DE MISTURAS EXPERIMENTAIS E COM RUPTURA DE CORPO DE PROVA,DE 15X30CM,AOS 3,7E 28 DIAS DE IDADE,PARA CADA AGREGADO GRAUDO ADICIONAL AO ITEM 01.001.0130","UN",5952.3]
["01.001.0133-0","DETERMINACAO DE OUTROS TRACOS A PARTIR DOS MESMOS GRAFICOS,MENCIONADOS NO ITEM 01.001.0130,POR TRACO","UN",18666.96,null,"01.001.0133-A","DETERMINACAO DE OUTROS TRACOS A PARTIR DOS MESMOS GRAFICOS,MENCIONADOS NO ITEM 01.001.0130,POR TRACO","UN",17856.919999999998]
["01.001.0134-0","DOSAGEM COM ESTUDO GRANULOMETRICO DOS AGREGADOS,POR TRACO ADICIONAL AO ITEM 01.001.0130,A PARTIR DOS GRAFICOS OBTIDOS DEMISTURAS EXPERIMENTAIS E COM RUPTURA DE CORPO DE PROVA,DE 15X30CM,AOS 3,7 E 28 DIAS DE IDADE,UTILIZANDO AGREGADOS DA MESMA QUALIDADE,POREM EM PROPORCOES DIFERENTES DE CIMENTO,UM AGREGADO MIUDO E UM AGREGADO GRAUDO","UN",18666.96,null,"01.001.0134-A","DOSAGEM COM ESTUDO GRANULOMETRICO DOS AGREGADOS,POR TRACO ADICIONAL AO ITEM 01.001.0130,A PARTIR DOS GRAFICOS OBTIDOS DEMISTURAS EXPERIMENTAIS E COM RUPTURA DE CORPO DE PROVA,DE 15X30CM,AOS 3,7 E 28 DIAS DE IDADE,UTILIZANDO AGREGADOS DA MESMA QUALIDADE,POREM EM PROPORCOES DIFERENTES DE CIMENTO,UM AGREGADO MIUDO E UM AGREGADO GRAUDO","UN",17856.919999999998]
["01.001.0135-0","DOSAGEM COM ESTUDO GRANULOMETRICO DOS AGREGADOS,POR TRACO ADICIONAL AO ITEM 01.001.0130,A PARTIR DOS GRAFICOS OBTIDOS DEMISTURAS EXPERIMENTAIS E COM RUPTURA DO CORPO DE PROVA,DE 15X30CM,AOS 3,7 E 28 DIAS DE IDADE,UTILIZANDO AGREGADOS DA MESMA QUALIDADE,POREM EM PROPORCOES DIFERENTES DE CIMENTO,MAISDE UM AGREGADO MIUDO E MAIS DE UM AGREGADO GRAUDO","UN",18666.96,null,"01.001.0135-A","DOSAGEM COM ESTUDO GRANULOMETRICO DOS AGREGADOS,POR TRACO ADICIONAL AO ITEM 01.001.0130,A PARTIR DOS GRAFICOS OBTIDOS DEMISTURAS EXPERIMENTAIS E COM RUPTURA DO CORPO DE PROVA,DE 15X30CM,AOS 3,7 E 28 DIAS DE IDADE,UTILIZANDO AGREGADOS DA MESMA QUALIDADE,POREM EM PROPORCOES DIFERENTES DE CIMENTO,MAISDE UM AGREGADO MIUDO E MAIS DE UM AGREGADO GRAUDO","UN",17856.919999999998]
["01.001.0136-0","DOSAGEM COM ESTUDO GRANULOMETRICO DOS AGREGADOS,DETERMINACAODE MAIS TRACOS A PARTIR DOS GRAFICOS OBTIDOS DE MISTURAS EXPERIMENTAIS E COM RUPTURA DE CORPO DE PROVA,DE 15X30CM,AOS 3,7 E 28 DIAS DE IDADE,UTILIZANDO AGREGADOS DA MESMA QUALIDADE,POREM EM PROPORCOES DIFERENTES DE CIMENTO,MAIS DE UM AGREGADO MIUDO E MAIS DE UM AGREGADO GRAUDO","UN",18666.96,null,"01.001.0136-A","DOSAGEM COM ESTUDO GRANULOMETRICO DOS AGREGADOS,DETERMINACAODE MAIS TRACOS A PARTIR DOS GRAFICOS OBTIDOS DE MISTURAS EXPERIMENTAIS E COM RUPTURA DE CORPO DE PROVA,DE 15X30CM,AOS 3,7 E 28 DIAS DE IDADE,UTILIZANDO AGREGADOS DA MESMA QUALIDADE,POREM EM PROPORCOES DIFERENTES DE CIMENTO,MAIS DE UM AGREGADO MIUDO E MAIS DE UM AGREGADO GRAUDO","UN",17856.919999999998]
["01.001.0137-0","TRACADO DAS CURVAS QUE CORRELACIONAM A RESISTENCIA A COMPRESSAO AO FATOR AGUA-CIMENTO,COM MOLDAGEM DE 24 CORPOS-DE-PROVACILINDRICOS DE CONCRETO,DE 15X30CM,COM TRACOS 1:5,1:6,1:7,1:8 E DETERMINACAO DAS TENSOES DE RUPTURA A COMPRESSAO AOS 3,7 E 28 DIAS DE IDADE(AMOSTRAS 6 SACOS DE CIMENTO)","UN",122183.81,null,"01.001.0137-A","TRACADO DAS CURVAS QUE CORRELACIONAM A RESISTENCIA A COMPRESSAO AO FATOR AGUA-CIMENTO,COM MOLDAGEM DE 24 CORPOS-DE-PROVACILINDRICOS DE CONCRETO,DE 15X30CM,COM TRACOS 1:5,1:6,1:7,1:8 E DETERMINACAO DAS TENSOES DE RUPTURA A COMPRESSAO AOS 3,7 E 28 DIAS DE IDADE(AMOSTRAS 6 SACOS DE CIMENTO)","UN",116881.69]
["01.001.0138-0","RECONSTITUICAO DE TRACOS DE CONCRETO,POR TRACO","UN",44752.23,null,"01.001.0138-A","RECONSTITUICAO DE TRACOS DE CONCRETO,POR TRACO","UN",42810.23]
["01.001.0139-0","AVALIACAO DA ESPESSURA DE CARBONATACAO,POR PONTO,EM ESTRUTURAS DE CONCRETO ARMADO OU PROTENDIDO,ATRAVES DE ASPERSAO DE SOLUCAO DE FENOLFTALEINA,INCLUSIVE COLETA DA AMOSTRA","UN",485.15,null,"01.001.0139-A","AVALIACAO DA ESPESSURA DE CARBONATACAO,POR PONTO,EM ESTRUTURAS DE CONCRETO ARMADO OU PROTENDIDO,ATRAVES DE ASPERSAO DE SOLUCAO DE FENOLFTALEINA,INCLUSIVE COLETA DA AMOSTRA","UN",458.13]
["01.001.0140-0","DETERMINACAO DO TEOR DE CLORETOS,POR AMOSTRA,EM ESTRUTURAS DE CONCRETO ARMADO OU PROTENDIDO,CONFORME NORMA DA ACI-318/31-BR36,INCLUSIVE COLETA DA AMOSTRA","UN",484.42,null,"01.001.0140-A","DETERMINACAO DO TEOR DE CLORETOS,POR AMOSTRA,EM ESTRUTURAS DE CONCRETO ARMADO OU PROTENDIDO,CONFORME NORMA DA ACI-318/31-BR36,INCLUSIVE COLETA DA AMOSTRA","UN",455.91]
["01.001.0141-0","DETERMINACAO DO TEOR DE SULFATOS,POR AMOSTRA,EM ESTRUTURAS DE CONCRETO ARMADO OU PROTENDIDO,CONFORME BOLETIM N°25 DO IPT,INCLUSIVE COLETA DA AMOSTRA","UN",484.42,null,"01.001.0141-A","DETERMINACAO DO TEOR DE SULFATOS,POR AMOSTRA,EM ESTRUTURAS DE CONCRETO ARMADO OU PROTENDIDO,CONFORME BOLETIM N°25 DO IPT,INCLUSIVE COLETA DA AMOSTRA","UN",455.91]
["01.001.0143-0","ENSAIO DE RESISTENCIA A TRACAO SIMPLES,POR COMPRESSAO DIAMETRAL DE CORPOS DE PROVA CILINDRICOS DE 15X30CM,EXCLUSIVE CORPO DE PROVA","UN",2084.84,null,"01.001.0143-A","ENSAIO DE RESISTENCIA A TRACAO SIMPLES,POR COMPRESSAO DIAMETRAL DE CORPOS DE PROVA CILINDRICOS DE 15X30CM,EXCLUSIVE CORPO DE PROVA","UN",1994.37]
["01.001.0144-0","RESISTENCIA A COMPRESSAO E TRACAO,MODULO DE ELASTICIDADE DINAMICA,EXCLUSIVE CORPO DE PROVA","UN",3495.02,null,"01.001.0144-A","RESISTENCIA A COMPRESSAO E TRACAO,MODULO DE ELASTICIDADE DINAMICA,EXCLUSIVE CORPO DE PROVA","UN",3343.36]
["01.001.0145-0","DETERMINACAO DO AR INCORPORADO EM CONCRETO,EXCLUSIVE CORPO DE PROVA","UN",3495.02,null,"01.001.0145-A","DETERMINACAO DO AR INCORPORADO EM CONCRETO,EXCLUSIVE CORPO DE PROVA","UN",3343.36]
["01.001.0147-0","MOLDAGEM E COLETA DE CORPO DE PROVA DE CONCRETO,EXECUTADO POR FIRMA ESPECIALIZADA,INCLUSIVE TRANSPORTE ATE 50KM","UN",77.34,null,"01.001.0147-A","MOLDAGEM E COLETA DE CORPO DE PROVA DE CONCRETO,EXECUTADO POR FIRMA ESPECIALIZADA,INCLUSIVE TRANSPORTE ATE 50KM","UN",75.03]
["01.001.0148-0","MOLDAGEM E COLETA DE CORPO DE PROVA DE CONCRETO,EXECUTADO POR FIRMA ESPECIALIZADA,INCLUSIVE TRANSPORTE PARA UMA DISTANCIA DE 51 A 100KM","UN",124.69,null,"01.001.0148-A","MOLDAGEM E COLETA DE CORPO DE PROVA DE CONCRETO,EXECUTADO POR FIRMA ESPECIALIZADA,INCLUSIVE TRANSPORTE PARA UMA DISTANCIA DE 51 A 100KM","UN",121.69]
["01.001.0149-0","MOLDAGEM E COLETA DE CORPO DE PROVA DE CONCRETO,EXECUTADO POR FIRMA ESPECIALIZADA,INCLUSIVE TRANSPORTE PARA UMA DISTANCIA DE 101 A 250KM","UN",268.43,null,"01.001.0149-A","MOLDAGEM E COLETA DE CORPO DE PROVA DE CONCRETO,EXECUTADO POR FIRMA ESPECIALIZADA,INCLUSIVE TRANSPORTE PARA UMA DISTANCIA DE 101 A 250KM","UN",263.33]
["01.001.0150-1","CONTROLE TECNOLOGICO DE OBRAS EM CONCRETO ARMADO CONSIDERANDO APENAS O CONTROLE DE CONCRETO E CONSTANDO DE COLETA,MOLDAGEM E CAPEAMENTO DE CORPOS DE PROVA,TRANSPORTE ATE 50KM,ENSAIOS DE RESISTENCIA A COMPRESSAO AOS 3, 7 E 28 DIAS E \"SLUMP TEST\",MEDIDO POR M3 DE CONCRETO COLOCADO NAS FORMAS","M3",26.42,null,"01.001.0150-B","CONTROLE TECNOLOGICO DE OBRAS EM CONCRETO ARMADO CONSIDERANDO APENAS O CONTROLE DE CONCRETO E CONSTANDO DE COLETA,MOLDAGEM E CAPEAMENTO DE CORPOS DE PROVA,TRANSPORTE ATE 50KM,ENSAIOS DE RESISTENCIA A COMPRESSAO AOS 3, 7 E 28 DIAS E \"SLUMP TEST\",MEDIDO POR M3 DE CONCRETO COLOCADO NAS FORMAS","M3",25.4]
["01.001.0151-0","CONTROLE TECNOLOGICO DE OBRAS EM CONCRETO ARMADO CONSIDERANDO APENAS O CONTROLE DO CONCRETO E CONSTANDO DE COLETA,MOLDAGEM E CAPEAMENTO DE CORPOS DE PROVA,TRANSPORTE ATE 100KM,ENSAIOS DE RESISTENCIA A COMPRESSAO AOS 3, 7 E 28 DIAS E \"SLUMPTEST\",MEDIDO POR M3 DE CONCRETO COLOCADO NAS FORMAS","M3",33.81,null,"01.001.0151-A","CONTROLE TECNOLOGICO DE OBRAS EM CONCRETO ARMADO CONSIDERANDO APENAS O CONTROLE DO CONCRETO E CONSTANDO DE COLETA,MOLDAGEM E CAPEAMENTO DE CORPOS DE PROVA,TRANSPORTE ATE 100KM,ENSAIOS DE RESISTENCIA A COMPRESSAO AOS 3, 7 E 28 DIAS E \"SLUMPTEST\",MEDIDO POR M3 DE CONCRETO COLOCADO NAS FORMAS","M3",32.630000000000003]
["01.001.0152-0","CONTROLE TECNOLOGICO DE OBRAS EM CONCRETO ARMADO CONSIDERANDO APENAS O CONTROLE DO CONCRETO E CONSTANDO DE COLETA,MOLDAGEM E CAPEAMENTO DE CORPOS DE PROVA,TRANSPORTE ATE 250KM,ENSAIOS DE RESISTENCIA A COMPRESSAO AOS 3, 7 E 28 DIAS E \"SLUMPTEST\",MEDIDO POR M3 DE CONCRETO COLOCADO NAS FORMAS","M3",51.06,null,"01.001.0152-A","CONTROLE TECNOLOGICO DE OBRAS EM CONCRETO ARMADO CONSIDERANDO APENAS O CONTROLE DO CONCRETO E CONSTANDO DE COLETA,MOLDAGEM E CAPEAMENTO DE CORPOS DE PROVA,TRANSPORTE ATE 250KM,ENSAIOS DE RESISTENCIA A COMPRESSAO AOS 3, 7 E 28 DIAS E \"SLUMPTEST\",MEDIDO POR M3 DE CONCRETO COLOCADO NAS FORMAS","M3",49.63]
["01.001.0160-0","PENETRACAO A 25°C,100G E 5S","UN",231.27,null,"01.001.0160-A","PENETRACAO A 25°C,100G E 5S","UN",221.23]
["01.001.0161-0","PONTO DE FULGOR CLEVELAND","UN",170.9,null,"01.001.0161-A","PONTO DE FULGOR CLEVELAND","UN",163.47999999999999]
["01.001.0162-0","DUCTIBILIDADE A 25°C","UN",231.27,null,"01.001.0162-A","DUCTIBILIDADE A 25°C","UN",221.23]
["01.001.0163-0","VISCOSIDADE SSF,A CADA TEMPERATURA PARA EMULSAO","UN",250.62,null,"01.001.0163-A","VISCOSIDADE SSF,A CADA TEMPERATURA PARA EMULSAO","UN",239.74]
["01.001.0164-0","VISCOSIDADE SSF,A CADA TEMPERATURA PARA ASFALTO DILUIDO","UN",250.62,null,"01.001.0164-A","VISCOSIDADE SSF,A CADA TEMPERATURA PARA ASFALTO DILUIDO","UN",239.74]
["01.001.0165-0","VISCOSIDADE CINEMATICA,A CADA TEMPERATURA","UN",492.69,null,"01.001.0165-A","VISCOSIDADE CINEMATICA,A CADA TEMPERATURA","UN",471.31]
["01.001.0166-0","VISCOSIDADE DINAMICA,A CADA TEMPERATURA","UN",411.27,null,"01.001.0166-A","VISCOSIDADE DINAMICA,A CADA TEMPERATURA","UN",393.43]
["01.001.0167-0","TEOR DE BETUME (SOLUBILIDADE)","UN",347.01,null,"01.001.0167-A","TEOR DE BETUME (SOLUBILIDADE)","UN",331.96]
["01.001.0168-0","INDICE DE SUSCETIBILIDADE TERMICA","UN",377.01,null,"01.001.0168-A","INDICE DE SUSCETIBILIDADE TERMICA","UN",360.65]
["01.001.0169-0","EFEITO DO CALOR E DO AR,POR PERCENTAGEM DA PENETRACAO ORIGINAL","UN",657.63,null,"01.001.0169-A","EFEITO DO CALOR E DO AR,POR PERCENTAGEM DA PENETRACAO ORIGINAL","UN",629.09]
["01.001.0170-0","EFEITO DO CALOR E DO AR,POR PERCENTAGEM DA VARIACAO EM PESO","UN",327.73,null,"01.001.0170-A","EFEITO DO CALOR E DO AR,POR PERCENTAGEM DA VARIACAO EM PESO","UN",313.51]
["01.001.0171-0","PONTO DE AMOLECIMENTO","UN",231.34,null,"01.001.0171-A","PONTO DE AMOLECIMENTO","UN",221.3]
["01.001.0172-0","DENSIDADE A 25°C","UN",214.2,null,"01.001.0172-A","DENSIDADE A 25°C","UN",204.9]
["01.001.0173-0","DETERMINACAO DA CURVA VISCOSIDADE X TEMPERATURA","UN",839.71,null,"01.001.0173-A","DETERMINACAO DA CURVA VISCOSIDADE X TEMPERATURA","UN",803.27]
["01.001.0174-0","PONTO DE FULGOR TAG","UN",205.03,null,"01.001.0174-A","PONTO DE FULGOR TAG","UN",196.13]
["01.001.0175-0","DESTILACAO DE ASFALTOS DILUIDOS","UN",307.63,null,"01.001.0175-A","DESTILACAO DE ASFALTOS DILUIDOS","UN",294.27999999999997]
["01.001.0176-0","DETERMINACAO DE AGUA POR DESTILACAO","UN",307.63,null,"01.001.0176-A","DETERMINACAO DE AGUA POR DESTILACAO","UN",294.27999999999997]
["01.001.0177-0","ENSAIOS DO RESIDUO DA DESTILACAO","UN",244.94,null,"01.001.0177-A","ENSAIOS DO RESIDUO DA DESTILACAO","UN",234.32]
["01.001.0178-0","VISCOSIDADE ESPECIFICA ENGLER","UN",266.61,null,"01.001.0178-A","VISCOSIDADE ESPECIFICA ENGLER","UN",255.04]
["01.001.0179-0","FLUTUACAO","UN",298.51,null,"01.001.0179-A","FLUTUACAO","UN",285.55]
["01.001.0180-0","DESTILACAO DO ALCATRAO","UN",307.63,null,"01.001.0180-A","DESTILACAO DO ALCATRAO","UN",294.27999999999997]
["01.001.0181-0","INDICE DE SULFONACAO","UN",307.63,null,"01.001.0181-A","INDICE DE SULFONACAO","UN",294.27999999999997]
["01.001.0182-0","BETUME TOTAL","UN",347.01,null,"01.001.0182-A","BETUME TOTAL","UN",331.96]
["01.001.0183-0","SEDIMENTACAO A 5 DIAS","UN",559.09,null,"01.001.0183-A","SEDIMENTACAO A 5 DIAS","UN",534.83000000000004]
["01.001.0184-0","PENEIRACAO","UN",246.11,null,"01.001.0184-A","PENEIRACAO","UN",235.43]
["01.001.0185-0","RESISTENCIA A AGUA","UN",2321.35,null,"01.001.0185-A","RESISTENCIA A AGUA","UN",2220.62]
["01.001.0186-0","MISTURA COM CIMENTO OU COM FILLER SILICICO","UN",512.73,null,"01.001.0186-A","MISTURA COM CIMENTO OU COM FILLER SILICICO","UN",490.48]
["01.001.0187-0","CARGA DAS PARTICULAS","UN",298.51,null,"01.001.0187-A","CARGA DAS PARTICULAS","UN",285.55]
["01.001.0188-0","DESEMULSIBILIDADE","UN",205.03,null,"01.001.0188-A","DESEMULSIBILIDADE","UN",196.13]
["01.001.0189-0","DESTILACAO DE EMULSOES ASFALTICAS E OLEO DESTILADO","UN",292.99,null,"01.001.0189-A","DESTILACAO DE EMULSOES ASFALTICAS E OLEO DESTILADO","UN",280.27]
["01.001.0190-0","RESISTENCIA AO CALOR","UN",455.77,null,"01.001.0190-A","RESISTENCIA AO CALOR","UN",435.99]
["01.001.0191-0","ENSAIO RRL PARA AGREGADO GRAUDO","UN",455.77,null,"01.001.0191-A","ENSAIO RRL PARA AGREGADO GRAUDO","UN",435.99]
["01.001.0192-0","DETERMINACAO DE PERCENTAGEM DE AGENTES ATIVOS","UN",455.77,null,"01.001.0192-A","DETERMINACAO DE PERCENTAGEM DE AGENTES ATIVOS","UN",435.99]
["01.001.0193-0","ENSAIO LCPC","UN",341.82,null,"01.001.0193-A","ENSAIO LCPC","UN",326.99]
["01.001.0194-0","MATERIAL DE ENCHIMENTO (AMOSTRA GRANULOMETRICA)","UN",306,null,"01.001.0194-A","MATERIAL DE ENCHIMENTO (AMOSTRA GRANULOMETRICA)","UN",292.72000000000003]
["01.001.0195-0","DETERMINACAO DE PERCENTAGEM DE CARBONATO DE CALCIO","UN",569.70000000000005,null,"01.001.0195-A","DETERMINACAO DE PERCENTAGEM DE CARBONATO DE CALCIO","UN",544.98]
["01.001.0196-0","MASSA ESPECIFICA REAL DO CORRETIVO DE ADESIVIDADE","UN",227.87,null,"01.001.0196-A","MASSA ESPECIFICA REAL DO CORRETIVO DE ADESIVIDADE","UN",217.98]
["01.001.0197-0","MASSA ESPECIFICA APARENTE DO CORRETIVO DE ADESIVIDADE","UN",136.72,null,"01.001.0197-A","MASSA ESPECIFICA APARENTE DO CORRETIVO DE ADESIVIDADE","UN",130.79]
["01.001.0198-0","DETERMINACAO DO TEOR DE BETUME","UN",536.84,null,"01.001.0198-A","DETERMINACAO DO TEOR DE BETUME","UN",513.54999999999995]
["01.001.0199-0","DETERMINACAO DA ESTABILIDADE E FLUENCIA MARSHALL","UN",1291.9000000000001,null,"01.001.0199-A","DETERMINACAO DA ESTABILIDADE E FLUENCIA MARSHALL","UN",1235.8399999999999]
["01.001.0200-0","DENSIDADE APARENTE","UN",192.07,null,"01.001.0200-A","DENSIDADE APARENTE","UN",183.73]
["01.001.0201-0","PERCENTAGEM DE VAZIOS RICE","UN",324.29000000000002,null,"01.001.0201-A","PERCENTAGEM DE VAZIOS RICE","UN",310.20999999999998]
["01.001.0202-0","DOSAGEM MARSHALL","UN",2321.35,null,"01.001.0202-A","DOSAGEM MARSHALL","UN",2220.62]
["01.001.0203-0","RECUPERACAO DO LIGANTE (ALSON)","UN",407,null,"01.001.0203-A","RECUPERACAO DO LIGANTE (ALSON)","UN",389.34]
["01.001.0204-0","AMOSTRA GRANULOMETRICA APOS EXTRACAO DO LIGANTE","UN",203.17,null,"01.001.0204-A","AMOSTRA GRANULOMETRICA APOS EXTRACAO DO LIGANTE","UN",194.36]
["01.001.0205-0","DETERMINACAO,COM AUXILIO DE SONDA ROTATIVA,DA DENSIDADE DE MISTURA COMPACTADA,POR CORPO DE PROVA","UN",58.03,null,"01.001.0205-A","DETERMINACAO,COM AUXILIO DE SONDA ROTATIVA,DA DENSIDADE DE MISTURA COMPACTADA,POR CORPO DE PROVA","UN",55.51]
["01.001.0206-0","CONTROLE DE COMPACTACAO,POR PONTO(METODO DO ANEL)","UN",69.650000000000006,null,"01.001.0206-A","CONTROLE DE COMPACTACAO,POR PONTO(METODO DO ANEL)","UN",66.63]
["01.001.0208-0","DETERMINACAO DA RESISTENCIA A TRACAO POR COMPRESSAO DIAMETRAL DE MISTURAS BETUMINOSAS","UN",202.75,null,"01.001.0208-A","DETERMINACAO DA RESISTENCIA A TRACAO POR COMPRESSAO DIAMETRAL DE MISTURAS BETUMINOSAS","UN",193.95]
["01.001.0209-0","DETERMINACAO DO MODULO DE RESISTENCIA DE MISTURAS BETUMINOSAS","UN",202.75,null,"01.001.0209-A","DETERMINACAO DO MODULO DE RESISTENCIA DE MISTURAS BETUMINOSAS","UN",193.95]
["01.001.0210-0","DETERMINACAO DE MASSA ESPECIFICA APARENTE \"IN SITU\" COM EMPREGO DO FRASCO DE AREIA","UN",123.81,null,"01.001.0210-A","DETERMINACAO DE MASSA ESPECIFICA APARENTE \"IN SITU\" COM EMPREGO DO FRASCO DE AREIA","UN",118.44]
["01.001.0220-0","ENSAIO NORMAL COMPLETO","UN",4466.3900000000003,null,"01.001.0220-A","ENSAIO NORMAL COMPLETO","UN",4272.57]
["01.001.0221-0","ENSAIO DE PEGA","UN",231.27,null,"01.001.0221-A","ENSAIO DE PEGA","UN",221.23]
["01.001.0222-0","ENSAIO DE EXPANSIBILIDADE(LE CHATELIER)","UN",231.27,null,"01.001.0222-A","ENSAIO DE EXPANSIBILIDADE(LE CHATELIER)","UN",221.23]
["01.001.0223-0","ENSAIO DE EXPANSIBILIDADE EM AUTO-CLAVE","UN",536.84,null,"01.001.0223-A","ENSAIO DE EXPANSIBILIDADE EM AUTO-CLAVE","UN",513.54999999999995]
["01.001.0224-0","ENSAIO DE FINURA: RESIDUO NA PENEIRA Nº 200","UN",205.03,null,"01.001.0224-A","ENSAIO DE FINURA: RESIDUO NA PENEIRA Nº 200","UN",196.13]
["01.001.0225-0","ENSAIO DE FINURA: SUPERFICIE ESPECIFICA BLAINE","UN",536.84,null,"01.001.0225-A","ENSAIO DE FINURA: SUPERFICIE ESPECIFICA BLAINE","UN",513.54999999999995]
["01.001.0226-0","RESISTENCIA A COMPRESSAO AOS 3,7 E 28 DIAS DE IDADE","UN",1291.9000000000001,null,"01.001.0226-A","RESISTENCIA A COMPRESSAO AOS 3,7 E 28 DIAS DE IDADE","UN",1235.8399999999999]
["01.001.0227-0","RESISTENCIA A COMPRESSAO,PARA CADA IDADE COMPLEMENTAR","UN",864,null,"01.001.0227-A","RESISTENCIA A COMPRESSAO,PARA CADA IDADE COMPLEMENTAR","UN",826.5]
["01.001.0228-0","MASSA ESPECIFICA REAL DO CIMENTO PORTLAND","UN",231.27,null,"01.001.0228-A","MASSA ESPECIFICA REAL DO CIMENTO PORTLAND","UN",221.23]
["01.001.0229-0","CALOR DE HIDRATACAO AOS 7 E 28 DIAS DE IDADE","UN",1257.3399999999999,null,"01.001.0229-A","CALOR DE HIDRATACAO AOS 7 E 28 DIAS DE IDADE","UN",1202.78]
["01.001.0230-0","PERDA AO FOGO(PORTLAND COMUM)","UN",193.63,null,"01.001.0230-A","PERDA AO FOGO(PORTLAND COMUM)","UN",185.22]
["01.001.0231-0","PERDA AO FOGO(POZOLANICO)","UN",193.63,null,"01.001.0231-A","PERDA AO FOGO(POZOLANICO)","UN",185.22]
["01.001.0232-0","RESIDUO INSOLUVEL","UN",193.63,null,"01.001.0232-A","RESIDUO INSOLUVEL","UN",185.22]
["01.001.0233-0","QUANTIDADE DE ANIDRIDO SULFURICO","UN",193.63,null,"01.001.0233-A","QUANTIDADE DE ANIDRIDO SULFURICO","UN",185.22]
["01.001.0234-0","QUANTIDADE DE SILICA","UN",193.63,null,"01.001.0234-A","QUANTIDADE DE SILICA","UN",185.22]
["01.001.0235-0","QUANTIDADE DE OXIDO DE FERRO","UN",193.63,null,"01.001.0235-A","QUANTIDADE DE OXIDO DE FERRO","UN",185.22]
["01.001.0236-0","QUANTIDADE DE OXIDO DE ALUMINIO","UN",193.63,null,"01.001.0236-A","QUANTIDADE DE OXIDO DE ALUMINIO","UN",185.22]
["01.001.0237-0","QUANTIDADE DE OXIDO DE CALCIO","UN",193.63,null,"01.001.0237-A","QUANTIDADE DE OXIDO DE CALCIO","UN",185.22]
["01.001.0238-0","QUANTIDADE DE OXIDO DE MAGNESIO","UN",193.63,null,"01.001.0238-A","QUANTIDADE DE OXIDO DE MAGNESIO","UN",185.22]
["01.001.0239-0","QUANTIDADE DE ANIDRIDO SILICICO","UN",193.63,null,"01.001.0239-A","QUANTIDADE DE ANIDRIDO SILICICO","UN",185.22]
["01.001.0240-0","QUANTIDADE DE OXIDO DE POTASSIO","UN",193.63,null,"01.001.0240-A","QUANTIDADE DE OXIDO DE POTASSIO","UN",185.22]
["01.001.0241-0","QUANTIDADE DE OXIDO DE SODIO","UN",193.63,null,"01.001.0241-A","QUANTIDADE DE OXIDO DE SODIO","UN",185.22]
["01.001.0242-0","QUANTIDADE DE CALCIO","UN",193.63,null,"01.001.0242-A","QUANTIDADE DE CALCIO","UN",185.22]
["01.001.0243-0","QUANTIDADE DE OXIDO DE MANGANES","UN",193.63,null,"01.001.0243-A","QUANTIDADE DE OXIDO DE MANGANES","UN",185.22]
["01.001.0244-0","QUANTIDADE DE SULFATO","UN",193.63,null,"01.001.0244-A","QUANTIDADE DE SULFATO","UN",185.22]
["01.001.0245-0","DETERMINACAO DOS COMPOSTOS PRINCIPAIS PRESENTES NO CIMENTO PORTLAND","UN",193.63,null,"01.001.0245-A","DETERMINACAO DOS COMPOSTOS PRINCIPAIS PRESENTES NO CIMENTO PORTLAND","UN",185.22]
["01.001.0246-0","ENSAIO QUIMICO COMPLETO DE CIMENTO","UN",4048.68,null,"01.001.0246-A","ENSAIO QUIMICO COMPLETO DE CIMENTO","UN",3872.99]
["01.001.0247-0","CONTROLE TECNOLOGICO DE OBRAS,CONSIDERANDO APENAS O CONTROLEDAS ARMADURAS,CONSTANDO DE COLETA DE CORPOS DE PROVA,TRANSPORTE ATE 50KM,ENSAIO DE DOBRAMENTO E DE TRACAO SIMPLES,MEDIDO POR TONELADA DE ACO GEOMETRICAMENTE NECESSARIO","T",189.5,null,"01.001.0247-A","CONTROLE TECNOLOGICO DE OBRAS,CONSIDERANDO APENAS O CONTROLEDAS ARMADURAS,CONSTANDO DE COLETA DE CORPOS DE PROVA,TRANSPORTE ATE 50KM,ENSAIO DE DOBRAMENTO E DE TRACAO SIMPLES,MEDIDO POR TONELADA DE ACO GEOMETRICAMENTE NECESSARIO","T",181.28]
["01.001.0248-0","CONTROLE TECNOLOGICO DE OBRAS,CONSIDERANDO APENAS O CONTROLEDAS ARMADURAS,CONSTANDO DE COLETA DE CORPOS DE PROVA,TRANSPORTE ATE 100KM,ENSAIO DE DOBRAMENTO E DE TRACAO SIMPLES,MEDIDO POR TONELADA DE ACO GEOMETRICAMENTE NECESSARIO","T",196.79,null,"01.001.0248-A","CONTROLE TECNOLOGICO DE OBRAS,CONSIDERANDO APENAS O CONTROLEDAS ARMADURAS,CONSTANDO DE COLETA DE CORPOS DE PROVA,TRANSPORTE ATE 100KM,ENSAIO DE DOBRAMENTO E DE TRACAO SIMPLES,MEDIDO POR TONELADA DE ACO GEOMETRICAMENTE NECESSARIO","T",188.25]
["01.001.0249-0","CONTROLE TECNOLOGICO DE OBRAS,CONSIDERANDO APENAS O CONTROLEDAS ARMADURAS,CONSTANDO DE COLETA DE CORPOS DE PROVA,TRANSPORTE ATE 250KM,ENSAIO DE DOBRAMENTO E DE TRACAO SIMPLES,MEDIDO POR TONELADA DE ACO GEOMETRICAMENTE NECESSARIO","T",218.66,null,"01.001.0249-A","CONTROLE TECNOLOGICO DE OBRAS,CONSIDERANDO APENAS O CONTROLEDAS ARMADURAS,CONSTANDO DE COLETA DE CORPOS DE PROVA,TRANSPORTE ATE 250KM,ENSAIO DE DOBRAMENTO E DE TRACAO SIMPLES,MEDIDO POR TONELADA DE ACO GEOMETRICAMENTE NECESSARIO","T",209.17]
["01.001.0250-0","DOBRAMENTO SIMPLES,EM UMA OPERACAO","UN",115.66,null,"01.001.0250-A","DOBRAMENTO SIMPLES,EM UMA OPERACAO","UN",110.64]
["01.001.0251-0","DOBRAMENTO SIMPLES, EM DUAS OPERACOES (FLEXAO E COMPRESSAO)","UN",132.80000000000001,null,"01.001.0251-A","DOBRAMENTO SIMPLES, EM DUAS OPERACOES (FLEXAO E COMPRESSAO)","UN",127.03]
["01.001.0252-0","TRACAO SIMPLES,COM ESFORCO ATE 5T","UN",192.79,null,"01.001.0252-A","TRACAO SIMPLES,COM ESFORCO ATE 5T","UN",184.42]
["01.001.0253-0","TRACAO SIMPLES,COM ESFORCO DE 5 ATE 30T","UN",231.34,null,"01.001.0253-A","TRACAO SIMPLES,COM ESFORCO DE 5 ATE 30T","UN",221.3]
["01.001.0254-0","TRACAO SIMPLES,COM ESFORCO DE 30 ATE 100T","UN",277.61,null,"01.001.0254-A","TRACAO SIMPLES,COM ESFORCO DE 30 ATE 100T","UN",265.57]
["01.001.0255-0","TRACAO COM DETERMINACAO DE ALONGAMENTO SOB CARGA","UN",333.13,null,"01.001.0255-A","TRACAO COM DETERMINACAO DE ALONGAMENTO SOB CARGA","UN",318.67]
["01.001.0256-0","MODULO DE ELASTICIDADE","UN",576.25,null,"01.001.0256-A","MODULO DE ELASTICIDADE","UN",551.24]
["01.001.0257-0","FLEXAO POR IMPACTO,COM TRACADO DO DIAGRAMA TENSAO X DEFORMACAO ESPECIFICA,NA TEMPERATURA AMBIENTE","UN",126.04,null,"01.001.0257-A","FLEXAO POR IMPACTO,COM TRACADO DO DIAGRAMA TENSAO X DEFORMACAO ESPECIFICA,NA TEMPERATURA AMBIENTE","UN",120.57]
["01.001.0258-0","TRACAO COM MEDIDAS DE DEFORMACAO(0,2%),INCLUSIVE TRACADO DEGRAFICOS SENDO O ESFORCO ATE 5T","UN",378.16,null,"01.001.0258-A","TRACAO COM MEDIDAS DE DEFORMACAO(0,2%),INCLUSIVE TRACADO DEGRAFICOS SENDO O ESFORCO ATE 5T","UN",361.75]
["01.001.0259-0","TRACAO COM MEDIDAS DE DEFORMACAO(0,2%),INCLUSIVE TRACADO DEGRAFICOS,SENDO O ESFORCO DE 5 ATE 30T","UN",453.78,null,"01.001.0259-A","TRACAO COM MEDIDAS DE DEFORMACAO(0,2%),INCLUSIVE TRACADO DEGRAFICOS,SENDO O ESFORCO DE 5 ATE 30T","UN",434.09]
["01.001.0260-0","TRACAO COM MEDIDAS DE DEFORMACAO(0,2%),INCLUSIVE TRACADO DEGRAFICOS SENDO O ESFORCO DE 30 ATE 200T","UN",544.54,null,"01.001.0260-A","TRACAO COM MEDIDAS DE DEFORMACAO(0,2%),INCLUSIVE TRACADO DEGRAFICOS SENDO O ESFORCO DE 30 ATE 200T","UN",520.91]
["01.001.0261-0","COMPRESSAO DIAMETRAL","UN",231.08,null,"01.001.0261-A","COMPRESSAO DIAMETRAL","UN",221.05]
["01.001.0262-0","PERMEABILIDADE","UN",174.07,null,"01.001.0262-A","PERMEABILIDADE","UN",166.52]
["01.001.0263-0","ABSORCAO","UN",174.07,null,"01.001.0263-A","ABSORCAO","UN",166.52]
["01.001.0264-0","DIMENSAO","UN",69.02,null,"01.001.0264-A","DIMENSAO","UN",66.02]
["01.001.0265-0","COMPRESSAO DIAMETRAL EM TUBOS OU CALHAS DE CONCRETO SIMPLES,DIAMETRO ATE 0,30M","UN",4846.2299999999996,null,"01.001.0265-A","COMPRESSAO DIAMETRAL EM TUBOS OU CALHAS DE CONCRETO SIMPLES,DIAMETRO ATE 0,30M","UN",4635.93]
["01.001.0266-0","COMPRESSAO DIAMETRAL EM TUBOS OU CALHAS DE CONCRETO SIMPLES,DIAMETRO ACIMA DE 0,30M","UN",6057.78,null,"01.001.0266-A","COMPRESSAO DIAMETRAL EM TUBOS OU CALHAS DE CONCRETO SIMPLES,DIAMETRO ACIMA DE 0,30M","UN",5794.91]
["01.001.0267-0","COMPRESSAO DIAMETRAL EM TUBOS OU CALHAS DE CONCRETO ARMADO,DIAMETRO DE 0,30 A 0,60M","UN",6057.78,null,"01.001.0267-A","COMPRESSAO DIAMETRAL EM TUBOS OU CALHAS DE CONCRETO ARMADO,DIAMETRO DE 0,30 A 0,60M","UN",5794.91]
["01.001.0268-0","COMPRESSAO DIAMETRAL EM TUBOS OU CALHAS DE CONCRETO ARMADO,DIAMETRO DE 0,60 A 1,20M","UN",9086.69,null,"01.001.0268-A","COMPRESSAO DIAMETRAL EM TUBOS OU CALHAS DE CONCRETO ARMADO,DIAMETRO DE 0,60 A 1,20M","UN",8692.3700000000008]
["01.001.0269-0","COMPRESSAO DIAMETRAL EM TUBOS OU CALHAS DE CONCRETO ARMADO,DIAMETRO DE 1,20 A 2,00M","UN",7504.94,null,"01.001.0269-A","COMPRESSAO DIAMETRAL EM TUBOS OU CALHAS DE CONCRETO ARMADO,DIAMETRO DE 1,20 A 2,00M","UN",7179.27]
["01.001.0270-0","ABSORCAO","UN",2321.35,null,"01.001.0270-A","ABSORCAO","UN",2220.62]
["01.001.0271-0","PERMEABILIDADE","UN",2321.35,null,"01.001.0271-A","PERMEABILIDADE","UN",2220.62]
["01.001.0272-0","RESISTENCIA A COMPRESSAO EM UNIDADES MACICAS","UN",205.01,null,"01.001.0272-A","RESISTENCIA A COMPRESSAO EM UNIDADES MACICAS","UN",196.11]
["01.001.0273-0","RESISTENCIA A COMPRESSAO EM UNIDADES FURADAS","UN",205.01,null,"01.001.0273-A","RESISTENCIA A COMPRESSAO EM UNIDADES FURADAS","UN",196.11]
["01.001.0274-0","INDICE DE VICAT DE CAL HIDRAULICA","UN",346.47,null,"01.001.0274-A","INDICE DE VICAT DE CAL HIDRAULICA","UN",331.43]
["01.001.0275-0","ENSAIO QUIMICO COMPLETO DE CAL","UN",2321.35,null,"01.001.0275-A","ENSAIO QUIMICO COMPLETO DE CAL","UN",2220.62]
["01.001.0278-0","FINURA","UN",231.27,null,"01.001.0278-A","FINURA","UN",221.23]
["01.001.0279-0","ESTABILIDADE","UN",2321.35,null,"01.001.0279-A","ESTABILIDADE","UN",2220.62]
["01.001.0280-0","VERIFICACAO DA QUALIDADE PARA POSSIBILIDADE DE EMPREGO EM PREPARO DE CONCRETO","UN",2321.35,null,"01.001.0280-A","VERIFICACAO DA QUALIDADE PARA POSSIBILIDADE DE EMPREGO EM PREPARO DE CONCRETO","UN",2220.62]
["01.001.0281-0","ENSAIO COMPARATIVO DE RESISTENCIA A COMPRESSAO DE CORPOS DEPROVA DE ARGAMASSA","UN",2321.35,null,"01.001.0281-A","ENSAIO COMPARATIVO DE RESISTENCIA A COMPRESSAO DE CORPOS DEPROVA DE ARGAMASSA","UN",2220.62]
["01.001.0290-0","DETERMINACAO DAS CONSTANTES ELASTICAS DOS MATERIAIS DE CONSTRUCAO(PROCESSO MECANICO OU ELETRONICO)","UN",338.58,null,"01.001.0290-A","DETERMINACAO DAS CONSTANTES ELASTICAS DOS MATERIAIS DE CONSTRUCAO(PROCESSO MECANICO OU ELETRONICO)","UN",323.89]
["01.001.0298-0","ENSAIO COMPLETO","UN",2321.35,null,"01.001.0298-A","ENSAIO COMPLETO","UN",2220.62]
["01.001.0300-0","DETERMINACAO DA TAXA DE LIGANTE","UN",408.63,null,"01.001.0300-A","DETERMINACAO DA TAXA DE LIGANTE","UN",390.9]
["01.001.0301-0","DETERMINACAO DA TAXA DE AGREGADO","UN",408.63,null,"01.001.0301-A","DETERMINACAO DA TAXA DE AGREGADO","UN",390.9]
["01.001.0302-0","DETERMINACAO DA DEFORMACAO DE PAVIMENTOS COM O AUXILIO DA VIGA BENKELMANN,POR PONTO","UN",142.69,null,"01.001.0302-A","DETERMINACAO DA DEFORMACAO DE PAVIMENTOS COM O AUXILIO DA VIGA BENKELMANN,POR PONTO","UN",136.49]
["01.001.0303-0","EXTRACAO COM O AUXILIO DE SONDA ROTATIVA,DE CORPOS DE PROVACOM 15CM DE DIAMETRO,EM PAVIMENTOS COM REVESTIMENTO BETUMINOSO,COM ATE 10CM DE ESPESSURA,POR CORPO DE PROVA","UN",142.69,null,"01.001.0303-A","EXTRACAO COM O AUXILIO DE SONDA ROTATIVA,DE CORPOS DE PROVACOM 15CM DE DIAMETRO,EM PAVIMENTOS COM REVESTIMENTO BETUMINOSO,COM ATE 10CM DE ESPESSURA,POR CORPO DE PROVA","UN",136.49]
["01.001.0304-0","EXTRACAO,COM O AUXILIO DE SONDA ROTATIVA,DE CORPOS DE PROVACOM 15CM DE DIAMETRO,EM PAVIMENTOS COM REVESTIMENTO BETUMINOSO,COM MAIS DE 10CM DE ESPESSURA,POR CORPO DE PROVA","UN",212.98,null,"01.001.0304-A","EXTRACAO,COM O AUXILIO DE SONDA ROTATIVA,DE CORPOS DE PROVACOM 15CM DE DIAMETRO,EM PAVIMENTOS COM REVESTIMENTO BETUMINOSO,COM MAIS DE 10CM DE ESPESSURA,POR CORPO DE PROVA","UN",203.74]
["01.001.0305-0","EXTRACAO COM O AUXILIO DE SONDA ROTATIVA,DE CORPOS DE PROVACOM 15CM DE DIAMETRO,EM PAVIMENTOS COM PLACAS DE CONCRETO,COM ATE 15CM DE ESPESSURA,POR CORPO DE PROVA","UN",934.03,null,"01.001.0305-A","EXTRACAO COM O AUXILIO DE SONDA ROTATIVA,DE CORPOS DE PROVACOM 15CM DE DIAMETRO,EM PAVIMENTOS COM PLACAS DE CONCRETO,COM ATE 15CM DE ESPESSURA,POR CORPO DE PROVA","UN",893.5]
["01.001.0306-0","EXTRACAO COM O AUXILIO DE SONDA ROTATIVA,DE CORPOS DE PROVACOM 15CM DE DIAMETRO,EM PAVIMENTOS COM PLACAS DE CONCRETO,COM ESPESSURA ENTRE 15 E 20CM,POR CORPO DE PROVA","UN",980.74,null,"01.001.0306-A","EXTRACAO COM O AUXILIO DE SONDA ROTATIVA,DE CORPOS DE PROVACOM 15CM DE DIAMETRO,EM PAVIMENTOS COM PLACAS DE CONCRETO,COM ESPESSURA ENTRE 15 E 20CM,POR CORPO DE PROVA","UN",938.18]
["01.001.0307-0","EXTRACAO COM O AUXILIO DE SONDA ROTATIVA,DE CORPOS DE PROVACOM 15CM DE DIAMETRO,EM PAVIMENTOS COM PLACAS DE CONCRETO,COM MAIS DE 20CM DE ESPESSURA,POR CORPO DE PROVA","UN",1167.55,null,"01.001.0307-A","EXTRACAO COM O AUXILIO DE SONDA ROTATIVA,DE CORPOS DE PROVACOM 15CM DE DIAMETRO,EM PAVIMENTOS COM PLACAS DE CONCRETO,COM MAIS DE 20CM DE ESPESSURA,POR CORPO DE PROVA","UN",1116.8800000000001]
["01.001.0400-0","ENSAIOS PARA RECUPERACAO DE CORROSAO EM ARMADURAS,CONSTANDODE ENSAIO DO POTENCIAL ELETRICO DA ARMADURA EM RELACAO AO ELEMENTO ESTRUTURAL QUE A CERCA","UN",172.93,null,"01.001.0400-A","ENSAIOS PARA RECUPERACAO DE CORROSAO EM ARMADURAS,CONSTANDODE ENSAIO DO POTENCIAL ELETRICO DA ARMADURA EM RELACAO AO ELEMENTO ESTRUTURAL QUE A CERCA","UN",170.56]
["01.001.0405-0","ENSAIOS PARA RECUPERACAO DE ARMADURAS,CONSTANDO DE APLICACAODE LAPIS COLORIMETRICO PARA TESTES DE PH E AVALIACAO DA FRENTE DE CARBONATACAO","UN",14.42,null,"01.001.0405-A","ENSAIOS PARA RECUPERACAO DE ARMADURAS,CONSTANDO DE APLICACAODE LAPIS COLORIMETRICO PARA TESTES DE PH E AVALIACAO DA FRENTE DE CARBONATACAO","UN",13.5]
["01.001.0410-0","ENSAIOS PARA RECUPERACAO DE CORROSAO EM ARMADURAS,CONSTANDODE CRAVACAO POR AMOSTRAGEM,EM DIVERSAS LAJES E VIGAS,DE PINOS LISOS PARA ESTIMATIVA DA TENSAO DE COMPRESSAO DO CONCRETO","UN",35.51,null,"01.001.0410-A","ENSAIOS PARA RECUPERACAO DE CORROSAO EM ARMADURAS,CONSTANDODE CRAVACAO POR AMOSTRAGEM,EM DIVERSAS LAJES E VIGAS,DE PINOS LISOS PARA ESTIMATIVA DA TENSAO DE COMPRESSAO DO CONCRETO","UN",33.14]
["01.001.0450-0","MARCO DE REFERENCIA TOPOGRAFICO DO TIPO RNP (REFERENCIA DE NIVEL PROFUNDO-BENCHMARK),COM CAIXA DE PROTECAO DA CABECA DARNP,CONFORME A NORMA TECNICA PETROBRAS N-47","M",369.22,null,"01.001.0450-A","MARCO DE REFERENCIA TOPOGRAFICO DO TIPO RNP (REFERENCIA DE NIVEL PROFUNDO-BENCHMARK),COM CAIXA DE PROTECAO DA CABECA DARNP,CONFORME A NORMA TECNICA PETROBRAS N-47","M",359.15]
["01.001.0460-0","PINO DE REFERENCIA PARA LEITURA DE CONTROLE DE RECALQUE ATRAVES DE BENCHMARK","UN",43.19,null,"01.001.0460-A","PINO DE REFERENCIA PARA LEITURA DE CONTROLE DE RECALQUE ATRAVES DE BENCHMARK","UN",42.09]
["01.002.0001-0","SONDAGEM ROTATIVA COM COROA DE WIDIA,EM SOLO,DIAMETRO AX,VERTICAL,INCLUSIVE DESLOCAMENTO DENTRO DO CANTEIRO E INSTALACAODA SONDA EM CADA FURO","M",151.19,null,"01.002.0001-A","SONDAGEM ROTATIVA COM COROA DE WIDIA,EM SOLO,DIAMETRO AX,VERTICAL,INCLUSIVE DESLOCAMENTO DENTRO DO CANTEIRO E INSTALACAODA SONDA EM CADA FURO","M",144.01]
["01.002.0002-0","SONDAGEM ROTATIVA COM COROA DE WIDIA,EM SOLO,DIAMETRO AX,HORIZONTAL,INCLUSIVE DESLOCAMENTO DENTRO DO CANTEIRO E INSTALACAO DA SONDA EM CADA FURO","M",198.87,null,"01.002.0002-A","SONDAGEM ROTATIVA COM COROA DE WIDIA,EM SOLO,DIAMETRO AX,HORIZONTAL,INCLUSIVE DESLOCAMENTO DENTRO DO CANTEIRO E INSTALACAO DA SONDA EM CADA FURO","M",189.43]
["01.002.0003-0","SONDAGEM ROTATIVA COM COROA DE WIDIA,EM SOLO,DIAMETRO BX,VERTICAL,INCLUSIVE DESLOCAMENTO DENTRO DO CANTEIRO E INSTALACAODA SONDA EM CADA FURO","M",163.51,null,"01.002.0003-A","SONDAGEM ROTATIVA COM COROA DE WIDIA,EM SOLO,DIAMETRO BX,VERTICAL,INCLUSIVE DESLOCAMENTO DENTRO DO CANTEIRO E INSTALACAODA SONDA EM CADA FURO","M",155.75]
["01.002.0004-0","SONDAGEM ROTATIVA COM COROA DE WIDIA,EM SOLO,DIAMETRO BX,HORIZONTAL,INCLUSIVE DESLOCAMENTO DENTRO DO CANTEIRO E INSTALACAO DA SONDA EM CADA FURO","M",220.75,null,"01.002.0004-A","SONDAGEM ROTATIVA COM COROA DE WIDIA,EM SOLO,DIAMETRO BX,HORIZONTAL,INCLUSIVE DESLOCAMENTO DENTRO DO CANTEIRO E INSTALACAO DA SONDA EM CADA FURO","M",210.28]
["01.002.0005-0","SONDAGEM ROTATIVA COM COROA DE WIDIA,EM SOLO,DIAMETRO NX,VERTICAL,INCLUSIVE DESLOCAMENTO DENTRO DO CANTEIRO E INSTALACAODA SONDA EM CADA FURO","M",176.58,null,"01.002.0005-A","SONDAGEM ROTATIVA COM COROA DE WIDIA,EM SOLO,DIAMETRO NX,VERTICAL,INCLUSIVE DESLOCAMENTO DENTRO DO CANTEIRO E INSTALACAODA SONDA EM CADA FURO","M",168.2]
["01.002.0006-0","SONDAGEM ROTATIVA COM COROA DE WIDIA,EM SOLO,DIAMETRO NX,HORIZONTAL,INCLUSIVE DESLOCAMENTO DENTRO DO CANTEIRO E INSTALACAO DA SONDA EM CADA FURO","M",245.28,null,"01.002.0006-A","SONDAGEM ROTATIVA COM COROA DE WIDIA,EM SOLO,DIAMETRO NX,HORIZONTAL,INCLUSIVE DESLOCAMENTO DENTRO DO CANTEIRO E INSTALACAO DA SONDA EM CADA FURO","M",233.64]
["01.002.0007-0","SONDAGEM ROTATIVA COM COROA DE WIDIA,EM SOLO,DIAMETRO H,VERTICAL,INCLUSIVE DESLOCAMENTO DENTRO DO CANTEIRO E INSTALACAODA SONDA EM CADA FURO","M",204.37,null,"01.002.0007-A","SONDAGEM ROTATIVA COM COROA DE WIDIA,EM SOLO,DIAMETRO H,VERTICAL,INCLUSIVE DESLOCAMENTO DENTRO DO CANTEIRO E INSTALACAODA SONDA EM CADA FURO","M",194.67]
["01.002.0008-0","SONDAGEM ROTATIVA COM COROA DE WIDIA,EM SOLO,DIAMETRO H,HORIZONTAL,INCLUSIVE DESLOCAMENTO DENTRO DO CANTEIRO E INSTALACAO DA SONDA EM CADA FURO","M",286.13,null,"01.002.0008-A","SONDAGEM ROTATIVA COM COROA DE WIDIA,EM SOLO,DIAMETRO H,HORIZONTAL,INCLUSIVE DESLOCAMENTO DENTRO DO CANTEIRO E INSTALACAO DA SONDA EM CADA FURO","M",272.55]
["01.002.0009-0","SONDAGEM ROTATIVA COM COROA DE WIDIA,EM ALTERACAO DE ROCHA,DIAMETRO AX,VERTICAL,INCLUSIVE DESLOCAMENTO DENTRO DO CANTEIRO E INSTALACAO DA SONDA EM CADA FURO","M",203.47,null,"01.002.0009-A","SONDAGEM ROTATIVA COM COROA DE WIDIA,EM ALTERACAO DE ROCHA,DIAMETRO AX,VERTICAL,INCLUSIVE DESLOCAMENTO DENTRO DO CANTEIRO E INSTALACAO DA SONDA EM CADA FURO","M",193.79]
["01.002.0010-0","SONDAGEM ROTATIVA COM COROA DE WIDIA,EM ALTERACAO DE ROCHA,DIAMETRO BX,VERTICAL,INCLUSIVE DESLOCAMENTO DENTRO DO CANTEIRO E INSTALACAO DA SONDA EM CADA FURO","M",221.15,null,"01.002.0010-A","SONDAGEM ROTATIVA COM COROA DE WIDIA,EM ALTERACAO DE ROCHA,DIAMETRO BX,VERTICAL,INCLUSIVE DESLOCAMENTO DENTRO DO CANTEIRO E INSTALACAO DA SONDA EM CADA FURO","M",210.63]
["01.002.0011-0","SONDAGEM ROTATIVA COM COROA DE WIDIA,EM ALTERACAO DE ROCHA,DIAMETRO NX,VERTICAL,INCLUSIVE DESLOCAMENTO DENTRO DO CANTEIRO E INSTALACAO DA SONDA EM CADA FURO","M",238.83,null,"01.002.0011-A","SONDAGEM ROTATIVA COM COROA DE WIDIA,EM ALTERACAO DE ROCHA,DIAMETRO NX,VERTICAL,INCLUSIVE DESLOCAMENTO DENTRO DO CANTEIRO E INSTALACAO DA SONDA EM CADA FURO","M",227.47]
["01.002.0012-0","SONDAGEM ROTATIVA COM COROA DE WIDIA,EM ALTERACAO DE ROCHA,DIAMETRO H,VERTICAL,INCLUSIVE DESLOCAMENTO DENTRO DO CANTEIRO E INSTALACAO DA SONDA EM CADA FURO","M",288.26,null,"01.002.0012-A","SONDAGEM ROTATIVA COM COROA DE WIDIA,EM ALTERACAO DE ROCHA,DIAMETRO H,VERTICAL,INCLUSIVE DESLOCAMENTO DENTRO DO CANTEIRO E INSTALACAO DA SONDA EM CADA FURO","M",274.55]
["01.002.0013-0","SONDAGEM ROTATIVA COM COROA DE WIDIA,EM ROCHA SA,DIAMETRO AX,VERTICAL,INCLUSIVE DESLOCAMENTO DENTRO DO CANTEIRO E INSTALACAO DA SONDA EM CADA FURO","M",317.42,null,"01.002.0013-A","SONDAGEM ROTATIVA COM COROA DE WIDIA,EM ROCHA SA,DIAMETRO AX,VERTICAL,INCLUSIVE DESLOCAMENTO DENTRO DO CANTEIRO E INSTALACAO DA SONDA EM CADA FURO","M",303.42]
["01.002.0014-0","SONDAGEM ROTATIVA COM COROA DE WIDIA,EM ROCHA SA,DIAMETRO BX,VERTICAL,INCLUSIVE DESLOCAMNETO DENTRO DO CANTEIRO E INSTALACAO DA SONDA EM CADA FURO","M",352.69,null,"01.002.0014-A","SONDAGEM ROTATIVA COM COROA DE WIDIA,EM ROCHA SA,DIAMETRO BX,VERTICAL,INCLUSIVE DESLOCAMNETO DENTRO DO CANTEIRO E INSTALACAO DA SONDA EM CADA FURO","M",337.13]
["01.002.0015-0","SONDAGEM ROTATIVA COM COROA DE WIDIA,EM ROCHA SA,DIAMETRO NX,VERTICAL,INCLUSIVE DESLOCAMENTO DENTRO DO CANTEIRO E INSTALACAO DA SONDA EM CADA FURO","M",379.14,null,"01.002.0015-A","SONDAGEM ROTATIVA COM COROA DE WIDIA,EM ROCHA SA,DIAMETRO NX,VERTICAL,INCLUSIVE DESLOCAMENTO DENTRO DO CANTEIRO E INSTALACAO DA SONDA EM CADA FURO","M",362.42]
["01.002.0016-0","SONDAGEM ROTATIVA COM COROA DE WIDIA,EM ROCHA SA,DIAMETRO H,VERTICAL,INCLUSIVE DESLOCAMENTO DENTRO DO CANTEIRO E INSTALACAO DA SONDA EM CADA FURO","M",529.07000000000005,null,"01.002.0016-A","SONDAGEM ROTATIVA COM COROA DE WIDIA,EM ROCHA SA,DIAMETRO H,VERTICAL,INCLUSIVE DESLOCAMENTO DENTRO DO CANTEIRO E INSTALACAO DA SONDA EM CADA FURO","M",505.73]
["01.002.0021-0","PERFURACAO ROTATIVA COM COROA DE WIDIA,EM SOLO,DIAMETRO AX,VERTICAL,INCLUSIVE DESLOCAMENTO DENTRO DO CANTEIRO E INSTALACAO DO EQUIPAMENTO EM EM CADA FURO","M",116.28,null,"01.002.0021-A","PERFURACAO ROTATIVA COM COROA DE WIDIA,EM SOLO,DIAMETRO AX,VERTICAL,INCLUSIVE DESLOCAMENTO DENTRO DO CANTEIRO E INSTALACAO DO EQUIPAMENTO EM EM CADA FURO","M",110.76]
["01.002.0022-0","PERFURACAO ROTATIVA COM COROA DE WIDIA,EM SOLO,DIAMETRO AX,HORIZONTAL,INCLUSIVE DESLOCAMENTO DENTRO DO CANTEIRO E INSTALACAO DO EQUIPAMENTO EM CADA FURO","M",163.53,null,"01.002.0022-A","PERFURACAO ROTATIVA COM COROA DE WIDIA,EM SOLO,DIAMETRO AX,HORIZONTAL,INCLUSIVE DESLOCAMENTO DENTRO DO CANTEIRO E INSTALACAO DO EQUIPAMENTO EM CADA FURO","M",155.77000000000001]
["01.002.0023-0","PERFURACAO ROTATIVA COM COROA DE WIDIA,EM SOLO,DIAMETRO BX,VERTICAL,INCLUSIVE DESLOCAMENTO DENTRO DO CANTEIRO E INSTALACAO DO EQUIPAMENTO EM CADA FURO","M",125.77,null,"01.002.0023-A","PERFURACAO ROTATIVA COM COROA DE WIDIA,EM SOLO,DIAMETRO BX,VERTICAL,INCLUSIVE DESLOCAMENTO DENTRO DO CANTEIRO E INSTALACAO DO EQUIPAMENTO EM CADA FURO","M",119.81]
["01.002.0024-0","PERFURACAO ROTATIVA COM COROA DE WIDIA,EM SOLO,DIAMETRO BX,HORIZONTAL,INCLUSIVE DESLOCAMENTO DENTRO DO CANTEIRO E INSTALACAO DO EQUIPAMENTO EM CADA FURO","M",181.53,null,"01.002.0024-A","PERFURACAO ROTATIVA COM COROA DE WIDIA,EM SOLO,DIAMETRO BX,HORIZONTAL,INCLUSIVE DESLOCAMENTO DENTRO DO CANTEIRO E INSTALACAO DO EQUIPAMENTO EM CADA FURO","M",172.91]
["01.002.0025-0","PERFURACAO ROTATIVA COM COROA DE WIDIA,EM SOLO,DIAMETRO NX,VERTICAL,INCLUSIVE DESLOCAMENTO DENTRO DO CANTEIRO E INSTALACAO DO EQUIPAMENTO EM CADA FURO","M",135.83000000000001,null,"01.002.0025-A","PERFURACAO ROTATIVA COM COROA DE WIDIA,EM SOLO,DIAMETRO NX,VERTICAL,INCLUSIVE DESLOCAMENTO DENTRO DO CANTEIRO E INSTALACAO DO EQUIPAMENTO EM CADA FURO","M",129.38999999999999]
["01.002.0026-0","PERFURACAO ROTATIVA COM COROA DE WIDIA,EM SOLO,DIAMETRO NX,HORIZONTAL,INCLUSIVE DESLOCAMENTO DENTRO DO CANTEIRO E INSTALACAO DO EQUIPAMENTO EM CADA FURO","M",186.89,null,"01.002.0026-A","PERFURACAO ROTATIVA COM COROA DE WIDIA,EM SOLO,DIAMETRO NX,HORIZONTAL,INCLUSIVE DESLOCAMENTO DENTRO DO CANTEIRO E INSTALACAO DO EQUIPAMENTO EM CADA FURO","M",178.02]
["01.002.0027-0","PERFURACAO ROTATIVA COM COROA DE WIDIA,EM SOLO,DIAMETRO H,VERTICAL,INCLUSIVE DESLOCAMENTO DENTRO DO CANTEIRO E INSTALACAO DO EQUIPAMENTO EM CADA FURO","M",157.22,null,"01.002.0027-A","PERFURACAO ROTATIVA COM COROA DE WIDIA,EM SOLO,DIAMETRO H,VERTICAL,INCLUSIVE DESLOCAMENTO DENTRO DO CANTEIRO E INSTALACAO DO EQUIPAMENTO EM CADA FURO","M",149.75]
["01.002.0028-0","PERFURACAO ROTATIVA COM COROA DE WIDIA,EM SOLO,DIAMETRO H,HORIZONTAL,INCLUSIVE DESLOCAMENTO DENTRO DO CANTEIRO E INSTALACAO DO EQUIPAMENTO EM CADA FURO","M",220.11,null,"01.002.0028-A","PERFURACAO ROTATIVA COM COROA DE WIDIA,EM SOLO,DIAMETRO H,HORIZONTAL,INCLUSIVE DESLOCAMENTO DENTRO DO CANTEIRO E INSTALACAO DO EQUIPAMENTO EM CADA FURO","M",209.67]
["01.002.0039-0","PERFURACAO ROTATIVA COM COROA DE WIDIA,EM SOLO,DIAMETRO 5\",VERTICAL,INCLUSIVE DESLOCAMENTO DENTRO DO CANTEIRO E INSTALACAO DO EQUIPAMENTO EM CADA FURO","M",188.67,null,"01.002.0039-A","PERFURACAO ROTATIVA COM COROA DE WIDIA,EM SOLO,DIAMETRO 5\",VERTICAL,INCLUSIVE DESLOCAMENTO DENTRO DO CANTEIRO E INSTALACAO DO EQUIPAMENTO EM CADA FURO","M",179.72]
["01.002.0041-0","PERFURACAO ROTATIVA COM COROA DE WIDIA,EM SOLO,DIAMETRO 6\",VERTICAL,INCLUSIVE DESLOCAMENTO DENTRO DO CANTEIRO E INSTALACAO DO EQUIPAMENTO EM CADA FURO","M",213.8,null,"01.002.0041-A","PERFURACAO ROTATIVA COM COROA DE WIDIA,EM SOLO,DIAMETRO 6\",VERTICAL,INCLUSIVE DESLOCAMENTO DENTRO DO CANTEIRO E INSTALACAO DO EQUIPAMENTO EM CADA FURO","M",203.66]
["01.002.0042-0","PERFURACAO ROTATIVA COM COROA DE WIDIA,EM SOLO,DIAMETRO 8\",VERTICAL,INCLUSIVE DESLOCAMENTO DENTRO DO CANTEIRO E INSTALACAO DO EQUIPAMENTO EM CADA FURO","M",251.54,null,"01.002.0042-A","PERFURACAO ROTATIVA COM COROA DE WIDIA,EM SOLO,DIAMETRO 8\",VERTICAL,INCLUSIVE DESLOCAMENTO DENTRO DO CANTEIRO E INSTALACAO DO EQUIPAMENTO EM CADA FURO","M",239.6]
["01.002.0043-0","PERFURACAO ROTATIVA COM COROA DE WIDIA,EM SOLO,DIAMETRO 10\",VERTICAL,INCLUSIVE DESLOCAMENTO DENTRO DO CANTEIRO E INSTALACAO DO EQUIPAMENTO EM CADA FURO","M",314.44,null,"01.002.0043-A","PERFURACAO ROTATIVA COM COROA DE WIDIA,EM SOLO,DIAMETRO 10\",VERTICAL,INCLUSIVE DESLOCAMENTO DENTRO DO CANTEIRO E INSTALACAO DO EQUIPAMENTO EM CADA FURO","M",299.51]
["01.002.0044-0","PERFURACAO ROTATIVA COM COROA DE WIDIA,EM SOLO,DIAMETRO 12\",VERTICAL,INCLUSIVE DESLOCAMENTO DENTRO DO CANTEIRO E INSTALACAO DO EQUIPAMENTO EM CADA FURO","M",377.33,null,"01.002.0044-A","PERFURACAO ROTATIVA COM COROA DE WIDIA,EM SOLO,DIAMETRO 12\",VERTICAL,INCLUSIVE DESLOCAMENTO DENTRO DO CANTEIRO E INSTALACAO DO EQUIPAMENTO EM CADA FURO","M",359.43]
["01.002.0045-0","PERFURACAO ROTATIVA COM COROA DE WIDIA,EM SOLO,DIAMETRO 14\",VERTICAL,INCLUSIVE DESLOCAMENTO DENTRO DO CANTEIRO E INSTALACAO DO EQUIPAMENTO EM CADA FURO","M",440.23,null,"01.002.0045-A","PERFURACAO ROTATIVA COM COROA DE WIDIA,EM SOLO,DIAMETRO 14\",VERTICAL,INCLUSIVE DESLOCAMENTO DENTRO DO CANTEIRO E INSTALACAO DO EQUIPAMENTO EM CADA FURO","M",419.34]
["01.002.0046-0","PERFURACAO ROTATIVA COM COROA DE WIDIA,EM SOLO,DIAMETRO 16\",VERTICAL,INCLUSIVE DESLOCAMENTO DENTRO DO CANTEIRO E INSTALACAO DO EQUIPAMENTO EM CADA FURO","M",503.13,null,"01.002.0046-A","PERFURACAO ROTATIVA COM COROA DE WIDIA,EM SOLO,DIAMETRO 16\",VERTICAL,INCLUSIVE DESLOCAMENTO DENTRO DO CANTEIRO E INSTALACAO DO EQUIPAMENTO EM CADA FURO","M",479.25]
["01.002.0060-0","PERFURACAO ROTATIVA COM COROA DE WIDIA,EM ALTERACAO DE ROCHA,DIAMETRO AX,VERTICAL,INCLUSIVE DESLOCAMENTO DENTRO DO CANTEIRO E INSTALACAO DO EQUIPAMENTO EM CADA FURO","M",156.5,null,"01.002.0060-A","PERFURACAO ROTATIVA COM COROA DE WIDIA,EM ALTERACAO DE ROCHA,DIAMETRO AX,VERTICAL,INCLUSIVE DESLOCAMENTO DENTRO DO CANTEIRO E INSTALACAO DO EQUIPAMENTO EM CADA FURO","M",149.05000000000001]
["01.002.0061-0","PERFURACAO ROTATIVA COM COROA DE WIDIA,EM ALTERACAO DE ROCHA,DIAMETRO BX,VERTICAL,INCLUSIVE DESLOCAMENTO DENTRO DO CANTEIRO E INSTALACAO DO EQUIPAMENTO EM CADA FURO","M",170.13,null,"01.002.0061-A","PERFURACAO ROTATIVA COM COROA DE WIDIA,EM ALTERACAO DE ROCHA,DIAMETRO BX,VERTICAL,INCLUSIVE DESLOCAMENTO DENTRO DO CANTEIRO E INSTALACAO DO EQUIPAMENTO EM CADA FURO","M",162.04]
["01.002.0062-0","PERFURACAO ROTATIVA COM COROA DE WIDIA,EM ALTERACAO DE ROCHA,DIAMETRO NX,VERTICAL,INCLUSIVE DESLOCAMENTO DENTRO DO CANTEIRO E INSTALACAO DO EQUIPAMENTO EM CADA FURO","M",183.74,null,"01.002.0062-A","PERFURACAO ROTATIVA COM COROA DE WIDIA,EM ALTERACAO DE ROCHA,DIAMETRO NX,VERTICAL,INCLUSIVE DESLOCAMENTO DENTRO DO CANTEIRO E INSTALACAO DO EQUIPAMENTO EM CADA FURO","M",175]
["01.002.0063-0","PERFURACAO ROTATIVA COM COROA DE WIDIA,EM ALTERACAO EM ROCHA,DIAMETRO H,VERTICAL,INCLUSIVE DESLOCAMENTO DENTRO DO CANTEIRO E INSTALACAO DO EQUIPAMENTO EM CADA FURO","M",221.76,null,"01.002.0063-A","PERFURACAO ROTATIVA COM COROA DE WIDIA,EM ALTERACAO EM ROCHA,DIAMETRO H,VERTICAL,INCLUSIVE DESLOCAMENTO DENTRO DO CANTEIRO E INSTALACAO DO EQUIPAMENTO EM CADA FURO","M",211.21]
["01.002.0064-0","PERFURACAO ROTATIVA COM COROA DE WIDIA,EM ALTERACAO DE ROCHA,DIAMETRO 5\",VERTICAL,INCLUSIVE DESLOCAMENTO DENTRO DO CANTEIRO E INSTALACAO DO EQUIPAMENTO EM CADA FURO","M",270.52,null,"01.002.0064-A","PERFURACAO ROTATIVA COM COROA DE WIDIA,EM ALTERACAO DE ROCHA,DIAMETRO 5\",VERTICAL,INCLUSIVE DESLOCAMENTO DENTRO DO CANTEIRO E INSTALACAO DO EQUIPAMENTO EM CADA FURO","M",257.64999999999998]
["01.002.0065-0","PERFURACAO ROTATIVA COM COROA DE WIDIA,EM ALTERACAO DE ROCHA,DIAMETRO 6\",VERTICAL,INCLUSIVE DESLOCAMENTO DENTRO DO CANTEIRO E INSTALACAO DO EQUIPAMENTO EM CADA FURO","M",299.36,null,"01.002.0065-A","PERFURACAO ROTATIVA COM COROA DE WIDIA,EM ALTERACAO DE ROCHA,DIAMETRO 6\",VERTICAL,INCLUSIVE DESLOCAMENTO DENTRO DO CANTEIRO E INSTALACAO DO EQUIPAMENTO EM CADA FURO","M",285.12]
["01.002.0066-0","PERFURACAO ROTATIVA COM COROA DE WIDIA,EM ALTERACAO DE ROCHA,DIAMETRO 8\",VERTICAL,INCLUSIVE DESLOCAMENTO DENTRO DO CANTEIRO E INSTALACAO DO EQUIPAMENTO EM CADA FURO","M",365.9,null,"01.002.0066-A","PERFURACAO ROTATIVA COM COROA DE WIDIA,EM ALTERACAO DE ROCHA,DIAMETRO 8\",VERTICAL,INCLUSIVE DESLOCAMENTO DENTRO DO CANTEIRO E INSTALACAO DO EQUIPAMENTO EM CADA FURO","M",348.49]
["01.002.0067-0","PERFURACAO ROTATIVA COM COROA DE WIDIA,EM ALTERACAO DE ROCHA,DIAMETRO 10\",VERTICAL,INCLUSIVE DESLOCAMENTO DENTRO DO CANTEIRO E INSTALACAO DO EQUIPAMENTO EM CADA FURO","M",421.32,null,"01.002.0067-A","PERFURACAO ROTATIVA COM COROA DE WIDIA,EM ALTERACAO DE ROCHA,DIAMETRO 10\",VERTICAL,INCLUSIVE DESLOCAMENTO DENTRO DO CANTEIRO E INSTALACAO DO EQUIPAMENTO EM CADA FURO","M",401.28]
["01.002.0068-0","PERFURACAO ROTATIVA COM COROA DE WIDIA,EM ALTERACAO DE ROCHA,DIAMETRO 12\",VERTICAL,INCLUSIVE DESLOCAMENTO DENTRO DO CANTEIRO E INSTALACAO DO EQUIPAMENTO EM CADA FURO","M",505.61,null,"01.002.0068-A","PERFURACAO ROTATIVA COM COROA DE WIDIA,EM ALTERACAO DE ROCHA,DIAMETRO 12\",VERTICAL,INCLUSIVE DESLOCAMENTO DENTRO DO CANTEIRO E INSTALACAO DO EQUIPAMENTO EM CADA FURO","M",481.55]
["01.002.0069-0","PERFURACAO ROTATIVA COM COROA DE WIDIA,EM ALTERACAO DE ROCHA,DIAMETRO 14\",VERTICAL,INCLUSIVE DESLOCAMENTO DENTRO DO CANTEIRO E INSTALACAO DO EQUIPAMENTO EM CADA FURO","M",589.84,null,"01.002.0069-A","PERFURACAO ROTATIVA COM COROA DE WIDIA,EM ALTERACAO DE ROCHA,DIAMETRO 14\",VERTICAL,INCLUSIVE DESLOCAMENTO DENTRO DO CANTEIRO E INSTALACAO DO EQUIPAMENTO EM CADA FURO","M",561.78]
["01.002.0070-0","PERFURACAO ROTATIVA COM COROA DE WIDIA,EM ALTERACAO DE ROCHA,DIAMETRO 16\",VERTICAL,INCLUSIVE DESLOCAMENTO DENTRO DO CANTEIRO E INSTALACAO DO EQUIPAMENTO EM CADA FURO","M",674.13,null,"01.002.0070-A","PERFURACAO ROTATIVA COM COROA DE WIDIA,EM ALTERACAO DE ROCHA,DIAMETRO 16\",VERTICAL,INCLUSIVE DESLOCAMENTO DENTRO DO CANTEIRO E INSTALACAO DO EQUIPAMENTO EM CADA FURO","M",642.04999999999995]
["01.002.0075-0","PERFURACAO ROTATIVA COM COROA DE WIDIA,EM ROCHA SA,DIAMETROAX,VERTICAL,INCLUSIVE DESLOCAMENTO DENTRO DO CANTEIRO E INSTALACAO DO EQUIPAMENTO EM CADA FURO","M",243.65,null,"01.002.0075-A","PERFURACAO ROTATIVA COM COROA DE WIDIA,EM ROCHA SA,DIAMETROAX,VERTICAL,INCLUSIVE DESLOCAMENTO DENTRO DO CANTEIRO E INSTALACAO DO EQUIPAMENTO EM CADA FURO","M",232.98]
["01.002.0076-0","PERFURACAO ROTATIVA COM COROA DE WIDIA,EM ROCHA SA,DIAMETROBX,VERTICAL,INCLUSIVE DESLOCAMENTO DENTRO DO CANTEIRO E INSTALACAO DO EQUIPAMENTO EM CADA FURO","M",271.27999999999997,null,"01.002.0076-A","PERFURACAO ROTATIVA COM COROA DE WIDIA,EM ROCHA SA,DIAMETROBX,VERTICAL,INCLUSIVE DESLOCAMENTO DENTRO DO CANTEIRO E INSTALACAO DO EQUIPAMENTO EM CADA FURO","M",259.31]
["01.002.0077-0","PERFURACAO ROTATIVA COM COROA DE WIDIA,EM ROCHA SA,DIAMETRONX,VERTICAL,INCLUSIVE DESLOCAMENTO DENTRO DO CANTEIRO E INSTALACAO DO EQUIPAMENTO EM CADA FURO","M",291.64999999999998,null,"01.002.0077-A","PERFURACAO ROTATIVA COM COROA DE WIDIA,EM ROCHA SA,DIAMETRONX,VERTICAL,INCLUSIVE DESLOCAMENTO DENTRO DO CANTEIRO E INSTALACAO DO EQUIPAMENTO EM CADA FURO","M",278.77999999999997]
["01.002.0078-0","PERFURACAO ROTATIVA COM COROA DE WIDIA,EM ROCHA SA,DIAMETROH,VERTICAL,INCLUSIVE DESLOCAMENTO DENTRO DO CANTEIRO E INSTALACAO DO EQUIPAMENTO EM CADA FURO","M",406.95,null,"01.002.0078-A","PERFURACAO ROTATIVA COM COROA DE WIDIA,EM ROCHA SA,DIAMETROH,VERTICAL,INCLUSIVE DESLOCAMENTO DENTRO DO CANTEIRO E INSTALACAO DO EQUIPAMENTO EM CADA FURO","M",389]
["01.002.0079-0","PERFURACAO ROTATIVA COM COROA DE WIDIA,EM ROCHA SA,DIAMETRO5\",VERTICAL,INCLUSIVE DESLOCAMENTO DENTRO DO CANTEIRO E INSTALACAO DO EQUIPAMENTO EM CADA FURO","M",492.66,null,"01.002.0079-A","PERFURACAO ROTATIVA COM COROA DE WIDIA,EM ROCHA SA,DIAMETRO5\",VERTICAL,INCLUSIVE DESLOCAMENTO DENTRO DO CANTEIRO E INSTALACAO DO EQUIPAMENTO EM CADA FURO","M",470.93]
["01.002.0080-0","PERFURACAO ROTATIVA COM COROA DE WIDIA,EM ROCHA SA,DIAMETRO6\",VERTICAL,INCLUSIVE DESLOCAMENTO DENTRO DO CANTEIRO E INSTALACAO DO EQUIPAMENTO EM CADA FURO","M",591.20000000000005,null,"01.002.0080-A","PERFURACAO ROTATIVA COM COROA DE WIDIA,EM ROCHA SA,DIAMETRO6\",VERTICAL,INCLUSIVE DESLOCAMENTO DENTRO DO CANTEIRO E INSTALACAO DO EQUIPAMENTO EM CADA FURO","M",565.12]
["01.002.0081-0","PERFURACAO ROTATIVA COM COROA DE WIDIA,EM ROCHA SA,DIAMETRO8\",VERTICAL,INCLUSIVE DESLOCAMENTO DENTRO DO CANTEIRO E INSTALACAO DO EQUIPAMENTO EM CADA FURO","M",788.28,null,"01.002.0081-A","PERFURACAO ROTATIVA COM COROA DE WIDIA,EM ROCHA SA,DIAMETRO8\",VERTICAL,INCLUSIVE DESLOCAMENTO DENTRO DO CANTEIRO E INSTALACAO DO EQUIPAMENTO EM CADA FURO","M",753.51]
["01.002.0082-0","PERFURACAO ROTATIVA COM COROA DE WIDIA,EM ROCHA SA,DIAMETRO10\",VERTICAL,INCLUSIVE DESLOCAMENTO DENTRO DO CANTEIRO E INSTALACAO DO EQUIPAMENTO EM CADA FURO","M",985.36,null,"01.002.0082-A","PERFURACAO ROTATIVA COM COROA DE WIDIA,EM ROCHA SA,DIAMETRO10\",VERTICAL,INCLUSIVE DESLOCAMENTO DENTRO DO CANTEIRO E INSTALACAO DO EQUIPAMENTO EM CADA FURO","M",941.9]
["01.002.0083-0","PERFURACAO ROTATIVA COM COROA DE WIDIA,EM ROCHA SA,DIAMETRO12\",VERTICAL,INCLUSIVE DESLOCAMENTO DENTRO DO CANTEIRO E INSTALACAO DO EQUIPAMENTO EM CADA FURO","M",1182.45,null,"01.002.0083-A","PERFURACAO ROTATIVA COM COROA DE WIDIA,EM ROCHA SA,DIAMETRO12\",VERTICAL,INCLUSIVE DESLOCAMENTO DENTRO DO CANTEIRO E INSTALACAO DO EQUIPAMENTO EM CADA FURO","M",1130.29]
["01.002.0084-0","PERFURACAO ROTATIVA COM COROA DE WIDIA,EM ROCHA SA,DIAMETRO14\",VERTICAL,INCLUSIVE DESLOCAMENTO DENTRO DO CANTEIRO E INSTALACAO DO EQUIPAMENTO EM CADA FURO","M",1379.53,null,"01.002.0084-A","PERFURACAO ROTATIVA COM COROA DE WIDIA,EM ROCHA SA,DIAMETRO14\",VERTICAL,INCLUSIVE DESLOCAMENTO DENTRO DO CANTEIRO E INSTALACAO DO EQUIPAMENTO EM CADA FURO","M",1318.68]
["01.002.0085-0","PERFURACAO ROTATIVA COM COROA DE WIDIA,EM ROCHA SA,DIAMETRO16\",VERTICAL,INCLUSIVE DESLOCAMENTO DENTRO DO CANTEIRO E INSTALACAO DO EQUIPAMENTO EM CADA FURO","M",1576.61,null,"01.002.0085-A","PERFURACAO ROTATIVA COM COROA DE WIDIA,EM ROCHA SA,DIAMETRO16\",VERTICAL,INCLUSIVE DESLOCAMENTO DENTRO DO CANTEIRO E INSTALACAO DO EQUIPAMENTO EM CADA FURO","M",1507.07]
["01.003.0001-0","SONDAGEM A PERCUSSAO,EM TERRENO COMUM,COM ENSAIO DE PENETRACAO,DIAMETRO 3\",INCLUSIVE DESLOCAMENTO DENTRO DO CANTEIRO E INSTALACAO DA SONDA EM CADA FURO","M",152.61000000000001,null,"01.003.0001-A","SONDAGEM A PERCUSSAO,EM TERRENO COMUM,COM ENSAIO DE PENETRACAO,DIAMETRO 3\",INCLUSIVE DESLOCAMENTO DENTRO DO CANTEIRO E INSTALACAO DA SONDA EM CADA FURO","M",142.79]
["01.003.0002-0","SONDAGEM A PERCUSSAO,EM TERRENO COMUM,COM ENSAIO DE PENETRACAO,DIAMETRO 4.1/2\",INCLUSIVE DESLOCAMENTO DENTRO DO CANTEIROE INSTALACAO DA SONDA EM CADA FURO","M",176.65,null,"01.003.0002-A","SONDAGEM A PERCUSSAO,EM TERRENO COMUM,COM ENSAIO DE PENETRACAO,DIAMETRO 4.1/2\",INCLUSIVE DESLOCAMENTO DENTRO DO CANTEIROE INSTALACAO DA SONDA EM CADA FURO","M",165.28]
["01.003.0003-0","SONDAGEM A PERCUSSAO,EM TERRENO COMUM,COM ENSAIO DE PENETRACAO,DIAMETRO 6\",INCLUSIVE DESLOCAMENTO DENTRO DO CANTEIRO E INSTALACAO DA SONDA EM CADA FURO","M",239.95,null,"01.003.0003-A","SONDAGEM A PERCUSSAO,EM TERRENO COMUM,COM ENSAIO DE PENETRACAO,DIAMETRO 6\",INCLUSIVE DESLOCAMENTO DENTRO DO CANTEIRO E INSTALACAO DA SONDA EM CADA FURO","M",224.51]
["01.003.0005-0","SONDAGEM A PERCUSSAO,EM TERRENO COMUM,COM ENSAIO DE PENETRACAO,DIAMETRO 8\",INCLUSIVE DESLOCAMENTO DENTRO DO CANTEIRO E INSTALACAO DA SONDA EM CADA FURO","M",319.87,null,"01.003.0005-A","SONDAGEM A PERCUSSAO,EM TERRENO COMUM,COM ENSAIO DE PENETRACAO,DIAMETRO 8\",INCLUSIVE DESLOCAMENTO DENTRO DO CANTEIRO E INSTALACAO DA SONDA EM CADA FURO","M",299.27999999999997]
["01.003.0006-0","SONDAGEM A PERCUSSAO,EM TERRENO COMUM,COM ENSAIO DE PENETRACAO,DIAMETRO 10\",INCLUSIVE DESLOCAMENTO DENTRO DO CANTEIRO EINSTALACAO DA SONDA EM CADA FURO","M",386.43,null,"01.003.0006-A","SONDAGEM A PERCUSSAO,EM TERRENO COMUM,COM ENSAIO DE PENETRACAO,DIAMETRO 10\",INCLUSIVE DESLOCAMENTO DENTRO DO CANTEIRO EINSTALACAO DA SONDA EM CADA FURO","M",361.56]
["01.003.0011-0","SONDAGEM A PERCUSSAO,SOB LAMINA D'AGUA DE RIOS E LAGOAS,COMENSAIO DE PENETRACAO,DIAMETRO 3\",INCLUSIVE DESLOCAMENTO DENTRO DO CANTEIRO E INSTALACAO DA SONDA EM CADA FURO (VIDE ITENS DE MOBILIZACAO E DESMOBILIZACAO NA FAMILIA 01.008)","M",1264.72,null,"01.003.0011-A","SONDAGEM A PERCUSSAO,SOB LAMINA D'AGUA DE RIOS E LAGOAS,COMENSAIO DE PENETRACAO,DIAMETRO 3\",INCLUSIVE DESLOCAMENTO DENTRO DO CANTEIRO E INSTALACAO DA SONDA EM CADA FURO (VIDE ITENS DE MOBILIZACAO E DESMOBILIZACAO NA FAMILIA 01.008)","M",1249.49]
["01.003.0012-0","SONDAGEM A PERCUSSAO,SOB LAMINA D'AGUA DE RIOS E LAGOAS,COMENSAIO DE PENETRACAO,DIAMETRO 4.1/2\",INCLUSIVE DESLOCAMENTODENTRO DO CANTEIRO E INSTALACAO DA SONDA EM CADA FURO (VIDEITENS DE MOBILIZACAO E DESMOBILIZACAO NA FAMILIA 01.008)","M",1464.01,null,"01.003.0012-A","SONDAGEM A PERCUSSAO,SOB LAMINA D'AGUA DE RIOS E LAGOAS,COMENSAIO DE PENETRACAO,DIAMETRO 4.1/2\",INCLUSIVE DESLOCAMENTODENTRO DO CANTEIRO E INSTALACAO DA SONDA EM CADA FURO (VIDEITENS DE MOBILIZACAO E DESMOBILIZACAO NA FAMILIA 01.008)","M",1446.39]
["01.003.0013-0","SONDAGEM A PERCUSSAO,SOB LAMINA D'AGUA DE RIOS E LAGOAS,COMENSAIO DE PENETRACAO,DIAMETRO 6\",INCLUSIVE DESLOCAMENTO DENTRO DO CANTEIRO E INSTALACAO DA SONDA EM CADA FURO (VIDE ITENS DE MOBILIZACAO E DESMOBILIZACAO NA FAMILIA 01.008)","M",1988.53,null,"01.003.0013-A","SONDAGEM A PERCUSSAO,SOB LAMINA D'AGUA DE RIOS E LAGOAS,COMENSAIO DE PENETRACAO,DIAMETRO 6\",INCLUSIVE DESLOCAMENTO DENTRO DO CANTEIRO E INSTALACAO DA SONDA EM CADA FURO (VIDE ITENS DE MOBILIZACAO E DESMOBILIZACAO NA FAMILIA 01.008)","M",1964.6]
["01.003.0021-0","PERFURACAO A PERCUSSAO,EM TERRENO COMUM,DIAMETRO 3\",INCLUSIVE DESLOCAMENTO DENTRO DO CANTEIRO E INSTALACAO DO EQUIPAMENTO EM CADA FURO","M",117.38,null,"01.003.0021-A","PERFURACAO A PERCUSSAO,EM TERRENO COMUM,DIAMETRO 3\",INCLUSIVE DESLOCAMENTO DENTRO DO CANTEIRO E INSTALACAO DO EQUIPAMENTO EM CADA FURO","M",109.82]
["01.003.0022-0","PERFURACAO A PERCUSSAO,EM TERRENO COMUM,DIAMETRO 4.1/2\",INCLUSIVE DESLOCAMENTO DENTRO DO CANTEIRO E INSTALACAO DO EQUIPAMENTO EM CADA FURO","M",135.91999999999999,null,"01.003.0022-A","PERFURACAO A PERCUSSAO,EM TERRENO COMUM,DIAMETRO 4.1/2\",INCLUSIVE DESLOCAMENTO DENTRO DO CANTEIRO E INSTALACAO DO EQUIPAMENTO EM CADA FURO","M",127.17]
["01.003.0023-0","PERFURACAO A PERCUSSAO,EM TERRENO COMUM,DIAMETRO 6\",INCLUSIVE DESLOCAMENTO DENTRO DO CANTEIRO E INSTALACAO DO EQUIPAMENTO EM CADA FURO","M",184.59,null,"01.003.0023-A","PERFURACAO A PERCUSSAO,EM TERRENO COMUM,DIAMETRO 6\",INCLUSIVE DESLOCAMENTO DENTRO DO CANTEIRO E INSTALACAO DO EQUIPAMENTO EM CADA FURO","M",172.71]
["01.003.0029-0","PERFURACAO A PERCUSSAO,EM TERRENO COMUM,DIAMETRO 8\",INCLUSIVE DESLOCAMENTO DENTRO DO CANTEIRO E INSTALACAO DO EQUIPAMENTO EM CADA FURO","M",246.12,null,"01.003.0029-A","PERFURACAO A PERCUSSAO,EM TERRENO COMUM,DIAMETRO 8\",INCLUSIVE DESLOCAMENTO DENTRO DO CANTEIRO E INSTALACAO DO EQUIPAMENTO EM CADA FURO","M",230.28]
["01.003.0030-0","PERFURACAO A PERCUSSAO,EM TERRENO COMUM,DIAMETRO 10\",INCLUSIVE DESLOCAMENTO DENTRO DO CANTEIRO E INSTALACAO DO EQUIPAMENTO EM CADA FURO","M",297.27999999999997,null,"01.003.0030-A","PERFURACAO A PERCUSSAO,EM TERRENO COMUM,DIAMETRO 10\",INCLUSIVE DESLOCAMENTO DENTRO DO CANTEIRO E INSTALACAO DO EQUIPAMENTO EM CADA FURO","M",278.14]
["01.003.0032-0","PERFURACAO A PERCUSSAO,EM ROCHA ALTERADA,DIAMETRO 3\",INCLUSIVE DESLOCAMENTO DENTRO DO CANTEIRO E INSTALACAO DO EQUIPAMENTO EM CADA FURO","M",158.46,null,"01.003.0032-A","PERFURACAO A PERCUSSAO,EM ROCHA ALTERADA,DIAMETRO 3\",INCLUSIVE DESLOCAMENTO DENTRO DO CANTEIRO E INSTALACAO DO EQUIPAMENTO EM CADA FURO","M",148.26]
["01.003.0034-0","PERFURACAO A PERCUSSAO,EM ROCHA ALTERADA,DIAMETRO 4.1/2\",INCLUSIVE DESLOCAMENTO DENTRO DO CANTEIRO E INSTALACAO DO EQUIPAMENTO EM CADA FURO","M",183.48,null,"01.003.0034-A","PERFURACAO A PERCUSSAO,EM ROCHA ALTERADA,DIAMETRO 4.1/2\",INCLUSIVE DESLOCAMENTO DENTRO DO CANTEIRO E INSTALACAO DO EQUIPAMENTO EM CADA FURO","M",171.67]
["01.003.0036-0","PERFURACAO A PERCUSSAO,EM ROCHA ALTERADA,DIAMETRO 6\",INCLUSIVE DESLOCAMENTO DENTRO DO CANTEIRO E INSTALACAO DO EQUIPAMENTO EM CADA FURO","M",249.18,null,"01.003.0036-A","PERFURACAO A PERCUSSAO,EM ROCHA ALTERADA,DIAMETRO 6\",INCLUSIVE DESLOCAMENTO DENTRO DO CANTEIRO E INSTALACAO DO EQUIPAMENTO EM CADA FURO","M",233.14]
["01.003.0038-0","PERFURACAO A PERCUSSAO,EM ROCHA ALTERADA,DIAMETRO 8\",INCLUSIVE DESLOCAMENTO DENTRO DO CANTEIRO E INSTALACAO DO EQUIPAMENTO EM CADA FURO","M",332.25,null,"01.003.0038-A","PERFURACAO A PERCUSSAO,EM ROCHA ALTERADA,DIAMETRO 8\",INCLUSIVE DESLOCAMENTO DENTRO DO CANTEIRO E INSTALACAO DO EQUIPAMENTO EM CADA FURO","M",310.87]
["01.003.0040-0","PERFURACAO A PERCUSSAO,EM ROCHA ALTERADA,DIAMETRO 10\",INCLUSIVE DESLOCAMENTO DENTRO DO CANTEIRO E INSTALACAO DO EQUIPAMENTO EM CADA FURO","M",401.32,null,"01.003.0040-A","PERFURACAO A PERCUSSAO,EM ROCHA ALTERADA,DIAMETRO 10\",INCLUSIVE DESLOCAMENTO DENTRO DO CANTEIRO E INSTALACAO DO EQUIPAMENTO EM CADA FURO","M",375.48]
["01.003.0050-0","PERFURACAO COM \"WAGON DRILL\" DIAMETRO ATE 2.1/2\",EM GRANITOOU GNAISSE,INCLUSIVE AR COMPRIMIDO","M",220.09,null,"01.003.0050-A","PERFURACAO COM \"WAGON DRILL\" DIAMETRO ATE 2.1/2\",EM GRANITOOU GNAISSE,INCLUSIVE AR COMPRIMIDO","M",213.04]
["01.003.0052-0","PERFURACAO COM \"WAGON DRILL\" PESADO,DIAMETRO ATE 4.1/2\",EM GRANITO OU GNAISSE,INCLUSIVE AR COMPRIMIDO","M",259.24,null,"01.003.0052-A","PERFURACAO COM \"WAGON DRILL\" PESADO,DIAMETRO ATE 4.1/2\",EM GRANITO OU GNAISSE,INCLUSIVE AR COMPRIMIDO","M",254.85]
["01.003.0054-0","PERFURACAO COM EQUIPAMENTO DE AR COMPRIMIDO,DIAMETRO ATE 1.1/4\",EM GRANITO OU GNAISSE,ADMITINDO UMA PRODUCAO MEDIA BRUTAEM TORNO DE 2,00M/H","M",65.83,null,"01.003.0054-A","PERFURACAO COM EQUIPAMENTO DE AR COMPRIMIDO,DIAMETRO ATE 1.1/4\",EM GRANITO OU GNAISSE,ADMITINDO UMA PRODUCAO MEDIA BRUTAEM TORNO DE 2,00M/H","M",64.81]
["01.003.0056-0","PERFURACAO COM EQUIPAMENTO DE AR COMPRIMIDO,DIAMETRO ATE 1.1/4\",EM GRANITO OU GNAISSE,ADMITINDO UMA PRODUCAO MEDIA BRUTAEM TORNO DE 0,50M/H","M",260.47000000000003,null,"01.003.0056-A","PERFURACAO COM EQUIPAMENTO DE AR COMPRIMIDO,DIAMETRO ATE 1.1/4\",EM GRANITO OU GNAISSE,ADMITINDO UMA PRODUCAO MEDIA BRUTAEM TORNO DE 0,50M/H","M",256.41000000000003]
["01.004.0001-0","SONDAGEM ROTATIVA COM COROA DE DIAMANTE,EM ALTERACAO DE ROCHA,DIAMETRO EX(35MM),INCLUSIVE DESLOCAMENTO DENTRO DO CANTEIRO E INSTALACAO DA SONDA EM CADA FURO","M",472.07,null,"01.004.0001-A","SONDAGEM ROTATIVA COM COROA DE DIAMANTE,EM ALTERACAO DE ROCHA,DIAMETRO EX(35MM),INCLUSIVE DESLOCAMENTO DENTRO DO CANTEIRO E INSTALACAO DA SONDA EM CADA FURO","M",449.41]
["01.004.0002-0","SONDAGEM ROTATIVA COM COROA DE DIAMANTE,EM ALTERACAO DE ROCHA,DIAMETRO AWG(45MM),INCLUSIVE DESLOCAMENTO DENTRO DO CANTEIRO E INSTALACAO DA SONDA EM CADA FURO","M",525.39,null,"01.004.0002-A","SONDAGEM ROTATIVA COM COROA DE DIAMANTE,EM ALTERACAO DE ROCHA,DIAMETRO AWG(45MM),INCLUSIVE DESLOCAMENTO DENTRO DO CANTEIRO E INSTALACAO DA SONDA EM CADA FURO","M",500.65]
["01.004.0003-0","SONDAGEM ROTATIVA COM COROA DE DIAMANTE,EM ALTERACAO DE ROCHA,DIAMETRO BWG(60MM),INCLUSIVE DESLOCAMENTO DENTRO DO CANTEIRO E INSTALACAO DA SONDA EM CADA FURO","M",585.79999999999995,null,"01.004.0003-A","SONDAGEM ROTATIVA COM COROA DE DIAMANTE,EM ALTERACAO DE ROCHA,DIAMETRO BWG(60MM),INCLUSIVE DESLOCAMENTO DENTRO DO CANTEIRO E INSTALACAO DA SONDA EM CADA FURO","M",558.42999999999995]
["01.004.0004-0","SONDAGEM ROTATIVA COM COROA DE DIAMANTE,EM ALTERACAO DE ROCHA,DIAMETRO NWG(75MM),INCLUSIVE DESLOCAMENTO DENTRO DO CANTEIRO E INSTALACAO DA SONDA EM CADA FURO","M",648.85,null,"01.004.0004-A","SONDAGEM ROTATIVA COM COROA DE DIAMANTE,EM ALTERACAO DE ROCHA,DIAMETRO NWG(75MM),INCLUSIVE DESLOCAMENTO DENTRO DO CANTEIRO E INSTALACAO DA SONDA EM CADA FURO","M",619.02]
["01.004.0005-0","SONDAGEM ROTATIVA COM COROA DE DIAMANTE,EM ALTERACAO DE ROCHA,DIAMETRO HWG(100MM),INCLUSIVE DESLOCAMENTO DENTRO DO CANTEIRO E INSTALACAO DA SONDA EM CADA FURO","M",801.18,null,"01.004.0005-A","SONDAGEM ROTATIVA COM COROA DE DIAMANTE,EM ALTERACAO DE ROCHA,DIAMETRO HWG(100MM),INCLUSIVE DESLOCAMENTO DENTRO DO CANTEIRO E INSTALACAO DA SONDA EM CADA FURO","M",765.77]
["01.004.0011-0","SONDAGEM ROTATIVA COM COROA DE DIAMANTE,EM ALTERACAO DE ROCHA,DIAMETRO DE SW,INCLUSIVE DESLOCAMENTO DENTRO DO CANTEIRO EINSTALACAO DE SONDA EM CADA FURO","M",1119.99,null,"01.004.0011-A","SONDAGEM ROTATIVA COM COROA DE DIAMANTE,EM ALTERACAO DE ROCHA,DIAMETRO DE SW,INCLUSIVE DESLOCAMENTO DENTRO DO CANTEIRO EINSTALACAO DE SONDA EM CADA FURO","M",1078.28]
["01.004.0012-0","SONDAGEM ROTATIVA COM COROA DE DIAMANTE,EM ROCHA SA,DIAMETROEX(35MM),INCLUSIVE DESLOCAMENTO DENTRO DO CANTEIRO E INSTALACAO DA SONDA EM CADA FURO","M",751.99,null,"01.004.0012-A","SONDAGEM ROTATIVA COM COROA DE DIAMANTE,EM ROCHA SA,DIAMETROEX(35MM),INCLUSIVE DESLOCAMENTO DENTRO DO CANTEIRO E INSTALACAO DA SONDA EM CADA FURO","M",715.33]
["01.004.0013-0","SONDAGEM ROTATIVA COM COROA DE DIAMANTE,EM ROCHA SA,DIAMETROAWG(45MM),INCLUSIVE DESLOCAMENTO DENTRO DO CANTEIRO E INSTALACAO DA SONDA EM CADA FURO","M",836.01,null,"01.004.0013-A","SONDAGEM ROTATIVA COM COROA DE DIAMANTE,EM ROCHA SA,DIAMETROAWG(45MM),INCLUSIVE DESLOCAMENTO DENTRO DO CANTEIRO E INSTALACAO DA SONDA EM CADA FURO","M",795.91]
["01.004.0014-0","SONDAGEM ROTATIVA COM COROA DE DIAMANTE,EM ROCHA SA,DIAMETROBWG(60MM),INCLUSIVE DESLOCAMENTO DENTRO DO CANTEIRO E INSTALACAO DA SONDA EM CADA FURO","M",976.8,null,"01.004.0014-A","SONDAGEM ROTATIVA COM COROA DE DIAMANTE,EM ROCHA SA,DIAMETROBWG(60MM),INCLUSIVE DESLOCAMENTO DENTRO DO CANTEIRO E INSTALACAO DA SONDA EM CADA FURO","M",930.13]
["01.004.0015-0","SONDAGEM ROTATIVA COM COROA DE DIAMANTE,EM ROCHA SA,DIAMETRONWG(75MM),INCLUSIVE DESLOCAMENTO DENTRO DO CANTEIRO E INSTALACAO DA SONDA EM CADA FURO","M",1083.3900000000001,null,"01.004.0015-A","SONDAGEM ROTATIVA COM COROA DE DIAMANTE,EM ROCHA SA,DIAMETRONWG(75MM),INCLUSIVE DESLOCAMENTO DENTRO DO CANTEIRO E INSTALACAO DA SONDA EM CADA FURO","M",1032.1300000000001]
["01.004.0016-0","SONDAGEM ROTATIVA COM COROA DE DIAMANTE,EM ROCHA SA,DIAMETROHWG(100MM),INCLUSIVE DESLOCAMENTO DENTRO DO CANTEIRO E INSTALACAO DA SONDA EM CADA FURO","M",1481.27,null,"01.004.0016-A","SONDAGEM ROTATIVA COM COROA DE DIAMANTE,EM ROCHA SA,DIAMETROHWG(100MM),INCLUSIVE DESLOCAMENTO DENTRO DO CANTEIRO E INSTALACAO DA SONDA EM CADA FURO","M",1412.34]
["01.004.0017-0","SONDAGEM ROTATIVA COM COROA DE DIAMANTE,ROCHA SA,DIAMETRO DESW, INCLUSIVE DESLOCAMENTO DENTRO DO CANTEIRO E INSTALACAODA SONDA EM CADA FURO","M",2158.04,null,"01.004.0017-A","SONDAGEM ROTATIVA COM COROA DE DIAMANTE,ROCHA SA,DIAMETRO DESW, INCLUSIVE DESLOCAMENTO DENTRO DO CANTEIRO E INSTALACAODA SONDA EM CADA FURO","M",2067.77]
["01.004.0021-0","PERFURACAO ROTATIVA COM COROA DE DIAMANTE,EM ALTERACAO DE ROCHA,DIAMETRO EX(35MM),INCLUSIVE DESLOCAMENTO DENTRO DO CANTEIRO E INSTALACAO DO EQUIPAMENTO EM CADA FURO","M",356.33,null,"01.004.0021-A","PERFURACAO ROTATIVA COM COROA DE DIAMANTE,EM ALTERACAO DE ROCHA,DIAMETRO EX(35MM),INCLUSIVE DESLOCAMENTO DENTRO DO CANTEIRO E INSTALACAO DO EQUIPAMENTO EM CADA FURO","M",339.72]
["01.004.0022-0","PERFURACAO ROTATIVA COM COROA DE DIAMANTE,EM ALTERACAO DE ROCHA,DIAMETRO AWG(45MM),INCLUSIVE DESLOCAMENTO DENTRO DO CANTEIRO E INSTALACAO DO EQUIPAMENTO EM CADA FURO","M",395.36,null,"01.004.0022-A","PERFURACAO ROTATIVA COM COROA DE DIAMANTE,EM ALTERACAO DE ROCHA,DIAMETRO AWG(45MM),INCLUSIVE DESLOCAMENTO DENTRO DO CANTEIRO E INSTALACAO DO EQUIPAMENTO EM CADA FURO","M",377.34]
["01.004.0023-0","PERFURACAO ROTATIVA COM COROA DE DIAMANTE,EM ALTERACAO DE ROCHA,DIAMETRO BWG(60MM),INCLUSIVE DESLOCAMENTO DENTRO DO CANTEIRO E INSTALACAO DO EQUIPAMENTO EM CADA FURO","M",438.94,null,"01.004.0023-A","PERFURACAO ROTATIVA COM COROA DE DIAMANTE,EM ALTERACAO DE ROCHA,DIAMETRO BWG(60MM),INCLUSIVE DESLOCAMENTO DENTRO DO CANTEIRO E INSTALACAO DO EQUIPAMENTO EM CADA FURO","M",419.11]
["01.004.0024-0","PERFURACAO ROTATIVA COM COROA DE DIAMANTE,EM ALTERACAO DE ROCHA,DIAMETRO NWG(75MM),INCLUSIVE DESLOCAMENTO DENTRO DO CANTEIRO E INSTALACAO DO EQUIPAMENTO EM CADA FURO","M",483.82,null,"01.004.0024-A","PERFURACAO ROTATIVA COM COROA DE DIAMANTE,EM ALTERACAO DE ROCHA,DIAMETRO NWG(75MM),INCLUSIVE DESLOCAMENTO DENTRO DO CANTEIRO E INSTALACAO DO EQUIPAMENTO EM CADA FURO","M",462.37]
["01.004.0025-0","PERFURACAO ROTATIVA COM COROA DE DIAMANTE,EM ALTERACAO DE ROCHA,DIAMETRO HWG(100MM),INCLUSIVE DESLOCAMENTO DENTRO DO CANTEIRO E INSTALACAO DO EQUIPAMENTO EM CADA FURO","M",602.32000000000005,null,"01.004.0025-A","PERFURACAO ROTATIVA COM COROA DE DIAMANTE,EM ALTERACAO DE ROCHA,DIAMETRO HWG(100MM),INCLUSIVE DESLOCAMENTO DENTRO DO CANTEIRO E INSTALACAO DO EQUIPAMENTO EM CADA FURO","M",576.79]
["01.004.0031-0","PERFURACAO ROTATIVA COM COROA DE DIAMANTE,EM ALTERACAO DE ROCHA DIAMETRO SW,INCLUSIVE DESLOCAMENTO DENTRO DO CANTEIRO EINSTALACAO DO EQUIPAMENTO EM CADA FURO","M",871.02,null,"01.004.0031-A","PERFURACAO ROTATIVA COM COROA DE DIAMANTE,EM ALTERACAO DE ROCHA DIAMETRO SW,INCLUSIVE DESLOCAMENTO DENTRO DO CANTEIRO EINSTALACAO DO EQUIPAMENTO EM CADA FURO","M",840.64]
["01.004.0035-0","PERFURACAO ROTATIVA COM COROA DE DIAMANTE,EM ROCHA SA,DIAMETRO EX(35MM),INCLUSIVE DESLOCAMENTO DENTRO DO CANTEIRO E INSTALACAO DO EQUIPAMENTO EM CADA FURO","M",585.11,null,"01.004.0035-A","PERFURACAO ROTATIVA COM COROA DE DIAMANTE,EM ROCHA SA,DIAMETRO EX(35MM),INCLUSIVE DESLOCAMENTO DENTRO DO CANTEIRO E INSTALACAO DO EQUIPAMENTO EM CADA FURO","M",557.15]
["01.004.0037-0","PERFURACAO ROTATIVA COM COROA DE DIAMANTE,EM ROCHA SA,DIAMETRO AWG(45MM),INCLUSIVE DESLOCAMENTO DENTRO DO CANTEIRO E INSTALACAO DO EQUIPAMENTO EM CADA FURO","M",652.59,null,"01.004.0037-A","PERFURACAO ROTATIVA COM COROA DE DIAMANTE,EM ROCHA SA,DIAMETRO AWG(45MM),INCLUSIVE DESLOCAMENTO DENTRO DO CANTEIRO E INSTALACAO DO EQUIPAMENTO EM CADA FURO","M",621.97]
["01.004.0039-0","PERFURACAO ROTATIVA COM COROA DE DIAMANTE,EM ROCHA SA,DIAMETRO BWG(60MM),INCLUSIVE DESLOCAMENTO DENTRO DO CANTEIRO E INSTALACAO DO EQUIPAMENTO EM CADA FURO","M",722.74,null,"01.004.0039-A","PERFURACAO ROTATIVA COM COROA DE DIAMANTE,EM ROCHA SA,DIAMETRO BWG(60MM),INCLUSIVE DESLOCAMENTO DENTRO DO CANTEIRO E INSTALACAO DO EQUIPAMENTO EM CADA FURO","M",688.98]
["01.004.0041-0","PERFURACAO ROTATIVA COM COROA DE DIAMANTE,EM ROCHA SA,DIAMETRO NWG(75MM),INCLUSIVE DESLOCAMENTO DENTRO DO CANTEIRO E INSTALACAO DO EQUIPAMENTO EM CADA FURO","M",810.51,null,"01.004.0041-A","PERFURACAO ROTATIVA COM COROA DE DIAMANTE,EM ROCHA SA,DIAMETRO NWG(75MM),INCLUSIVE DESLOCAMENTO DENTRO DO CANTEIRO E INSTALACAO DO EQUIPAMENTO EM CADA FURO","M",773.11]
["01.004.0043-0","PERFURACAO ROTATIVA COM COROA DE DIAMANTE,EM ROCHA SA,DIAMETRO HWG(100MM),INCLUSIVE DESLOCAMENTO DENTRO DO CANTEIRO E INSTALACAO DO EQUIPAMENTO EM CADA FURO","M",1119.83,null,"01.004.0043-A","PERFURACAO ROTATIVA COM COROA DE DIAMANTE,EM ROCHA SA,DIAMETRO HWG(100MM),INCLUSIVE DESLOCAMENTO DENTRO DO CANTEIRO E INSTALACAO DO EQUIPAMENTO EM CADA FURO","M",1069.06]
["01.004.0045-0","PERFURACAO ROTATIVA COM COROA DE DIAMANTE,EM ROCHA SA,DIAMETRO SW,INCLUSIVE DESLOCAMENTO DENTRO DO CANTEIRO E INSTALACAODO EQUIPAMENTO EM CADA FURO","M",1711.34,null,"01.004.0045-A","PERFURACAO ROTATIVA COM COROA DE DIAMANTE,EM ROCHA SA,DIAMETRO SW,INCLUSIVE DESLOCAMENTO DENTRO DO CANTEIRO E INSTALACAODO EQUIPAMENTO EM CADA FURO","M",1642.42]
["01.004.0070-0","PERFURACAO ROTATIVA COM COROA DE DIAMANTE EM CONCRETO,COM DIAMETRO DE 45MM(2\"),INCLUSIVE DESLOCAMENTO DENTRO DO CANTEIROE INSTALACAO DO EQUIPAMENTO EM CADA FURO","M",471.04,null,"01.004.0070-A","PERFURACAO ROTATIVA COM COROA DE DIAMANTE EM CONCRETO,COM DIAMETRO DE 45MM(2\"),INCLUSIVE DESLOCAMENTO DENTRO DO CANTEIROE INSTALACAO DO EQUIPAMENTO EM CADA FURO","M",445.72]
["01.004.0073-0","PERFURACAO ROTATIVA COM COROA DE DIAMANTE EM CONCRETO,COM DIAMETRO DE 75MM(3\"),INCLUSIVE DESLOCAMENTO DENTRO DO CANTEIROE INSTALACAO DO EQUIPAMENTO EM CADA FURO","M",530.34,null,"01.004.0073-A","PERFURACAO ROTATIVA COM COROA DE DIAMANTE EM CONCRETO,COM DIAMETRO DE 75MM(3\"),INCLUSIVE DESLOCAMENTO DENTRO DO CANTEIROE INSTALACAO DO EQUIPAMENTO EM CADA FURO","M",502.29]
["01.004.0075-0","PERFURACAO ROTATIVA COM COROA DE DIAMANTE EM CONCRETO,COM DIAMETRO DE 100MM(4\"),INCLUSIVE DESLOCAMENTO DENTRO DO CANTEIRO E INSTALACAO DO EQUIPAMENTO EM CADA FURO","M",807.96,null,"01.004.0075-A","PERFURACAO ROTATIVA COM COROA DE DIAMANTE EM CONCRETO,COM DIAMETRO DE 100MM(4\"),INCLUSIVE DESLOCAMENTO DENTRO DO CANTEIRO E INSTALACAO DO EQUIPAMENTO EM CADA FURO","M",764.81]
["01.004.0079-0","PERFURACAO ROTATIVA COM COROA DE DIAMANTE EM CONCRETO,COM DIAMETRO DE 150MM(6\"),INCLUSIVE DESLOCAMENTO DENTRO DO CANTEIRO E INSTALACAO DO EQUIPAMENTO EM CADA FURO","M",1234.56,null,"01.004.0079-A","PERFURACAO ROTATIVA COM COROA DE DIAMANTE EM CONCRETO,COM DIAMETRO DE 150MM(6\"),INCLUSIVE DESLOCAMENTO DENTRO DO CANTEIRO E INSTALACAO DO EQUIPAMENTO EM CADA FURO","M",1168.54]
["01.004.0100-0","EXECUCAO DE SONDAGEM ELETRICA VERTICAL(SEV),INCLUSIVE O PROCESSAMENTO E INTERPRETACAO DOS PERFIS,BEM COMO A APRESENTACAODOS RESULTADOS EM PAPEL E EM MEIO DIGITAL","UN",1568.78,null,"01.004.0100-A","EXECUCAO DE SONDAGEM ELETRICA VERTICAL(SEV),INCLUSIVE O PROCESSAMENTO E INTERPRETACAO DOS PERFIS,BEM COMO A APRESENTACAODOS RESULTADOS EM PAPEL E EM MEIO DIGITAL","UN",1469.38]
["01.004.0105-0","EXECUCAO DE LINHA DE PROSPECCAO GEOFISICA PELO METODO DE CAMINHAMENTO ELETRICO,INCLUSIVE O PROCESSAMENTO E INTERPRETACAODAS SECOES BEM COMO A APRESENTACAO DOS RESULTADOS(SECOES ORIGINAIS E INTERPRETADAS),EM PAPEL E EM MEIO DIGITAL","M",9.74,null,"01.004.0105-A","EXECUCAO DE LINHA DE PROSPECCAO GEOFISICA PELO METODO DE CAMINHAMENTO ELETRICO,INCLUSIVE O PROCESSAMENTO E INTERPRETACAODAS SECOES BEM COMO A APRESENTACAO DOS RESULTADOS(SECOES ORIGINAIS E INTERPRETADAS),EM PAPEL E EM MEIO DIGITAL","M",9.1199999999999992]
["01.004.0110-0","EXECUCAO DE LINHA DE PROSPECCAO SISMICA PELO METODO DE REFLEXAO,UTILIZANDO MARTELO OU EXPLOSIVO COMO FONTE GERADORA DO PULSO SISMICO,INCLUSIVE A APRESENTACAO DO RELATORIO COM OS DADOS,EM PAPEL E EM MEIO DIGITAL,EXCLUSIVE O PROCESSAMENTO E INTERPRETACAO DOS DADOS","M",8.34,null,"01.004.0110-A","EXECUCAO DE LINHA DE PROSPECCAO SISMICA PELO METODO DE REFLEXAO,UTILIZANDO MARTELO OU EXPLOSIVO COMO FONTE GERADORA DO PULSO SISMICO,INCLUSIVE A APRESENTACAO DO RELATORIO COM OS DADOS,EM PAPEL E EM MEIO DIGITAL,EXCLUSIVE O PROCESSAMENTO E INTERPRETACAO DOS DADOS","M",7.96]
["01.004.0115-0","EXECUCAO DE LINHA DE PROSPECCAO SISMICA PELO METODO DE REFRACAO,UTILIZANDO MARTELO OU EXPLOSIVO COMO FONTE GERADORA DO PULSO SISMICO,INCLUSIVE A APRESENTACAO DO RELATORIO COM OS DADOS,EM PAPEL E EM MEIO DIGITAL,EXCLUSIVE O PROCESSAMENTO E INTERPRETACAO DOS DADOS","M",7.39,null,"01.004.0115-A","EXECUCAO DE LINHA DE PROSPECCAO SISMICA PELO METODO DE REFRACAO,UTILIZANDO MARTELO OU EXPLOSIVO COMO FONTE GERADORA DO PULSO SISMICO,INCLUSIVE A APRESENTACAO DO RELATORIO COM OS DADOS,EM PAPEL E EM MEIO DIGITAL,EXCLUSIVE O PROCESSAMENTO E INTERPRETACAO DOS DADOS","M",7.07]
["01.004.0120-0","EXECUCAO DE LINHA DE PROSPECCAO POR RADAR DE PENETRACAO NO SOLO(GPR),INCLUSIVE A APRESENTACAO DO RELATORIO COM AS SECOESPROCESSADAS,EM PAPEL E EM MEIO DIGITAL,EXCLUSIVE O PROCESSAMENTO E INTERPRETACAO DOS DADOS","M",2.2200000000000002,null,"01.004.0120-A","EXECUCAO DE LINHA DE PROSPECCAO POR RADAR DE PENETRACAO NO SOLO(GPR),INCLUSIVE A APRESENTACAO DO RELATORIO COM AS SECOESPROCESSADAS,EM PAPEL E EM MEIO DIGITAL,EXCLUSIVE O PROCESSAMENTO E INTERPRETACAO DOS DADOS","M",2.12]
["01.004.0125-0","INTERPRETACAO DE DADOS DE RADAR DE PENETRACAO NO SOLO(GPR),INCLUSIVE A ANALISE DE SECOES MIGRADAS E NAO MIGRADAS E APRESENTACAO DO RELATORIO COM AS SECOES INTERPRETADAS,EM PAPEL EEM MEIO DIGITAL","M",13.01,null,"01.004.0125-A","INTERPRETACAO DE DADOS DE RADAR DE PENETRACAO NO SOLO(GPR),INCLUSIVE A ANALISE DE SECOES MIGRADAS E NAO MIGRADAS E APRESENTACAO DO RELATORIO COM AS SECOES INTERPRETADAS,EM PAPEL EEM MEIO DIGITAL","M",12.14]
["01.004.0130-0","PROCESSAMENTO DE DADOS DE RADAR DE PENETRACAO NO SOLO(GPR),INCLUSIVE CORRECAO TOPOGRAFICA,FILTROS,GANHOS E MIGRACAO,ATRAVES DE SOFTWARES PARA ESSE FIM,E A APRESENTACAO DO RELATORIOCOM AS SECOES PROCESSADAS,EM PAPEL E EM MEIO DIGITAL","M",9.6,null,"01.004.0130-A","PROCESSAMENTO DE DADOS DE RADAR DE PENETRACAO NO SOLO(GPR),INCLUSIVE CORRECAO TOPOGRAFICA,FILTROS,GANHOS E MIGRACAO,ATRAVES DE SOFTWARES PARA ESSE FIM,E A APRESENTACAO DO RELATORIOCOM AS SECOES PROCESSADAS,EM PAPEL E EM MEIO DIGITAL","M",8.9600000000000009]
["01.004.0135-0","INTERPRETACAO DE LINHA SISMICA DE REFLEXAO,INCLUSIVE A ANALISE DE SECOES MIGRADAS E NAO MIGRADAS E A APRESENTACAO DO RELATORIO COM AS SECOES INTERPRETADAS,EM PAPEL E EM MEIO DIGITAL","M",11.73,null,"01.004.0135-A","INTERPRETACAO DE LINHA SISMICA DE REFLEXAO,INCLUSIVE A ANALISE DE SECOES MIGRADAS E NAO MIGRADAS E A APRESENTACAO DO RELATORIO COM AS SECOES INTERPRETADAS,EM PAPEL E EM MEIO DIGITAL","M",10.95]
["01.004.0140-0","PROCESSAMENTO DE LINHA SISMICA DE REFRACAO,INCLUSIVE CORRECAO TOPOGRAFICA,FILTROS,GANHOS,ANALISES DE VELOCIDADE E MIGRACAO,ATRAVES DE SOFTWARES ESPECIFICOS PARA ESTE FIM,E A APRESENTACAO DO RELATORIO COM AS SECOES PROCESSADAS EM PAPEL E EMMEIO DIGITAL","M",9.3800000000000008,null,"01.004.0140-A","PROCESSAMENTO DE LINHA SISMICA DE REFRACAO,INCLUSIVE CORRECAO TOPOGRAFICA,FILTROS,GANHOS,ANALISES DE VELOCIDADE E MIGRACAO,ATRAVES DE SOFTWARES ESPECIFICOS PARA ESTE FIM,E A APRESENTACAO DO RELATORIO COM AS SECOES PROCESSADAS EM PAPEL E EMMEIO DIGITAL","M",8.76]
["01.004.0145-0","PROCESSAMENTO E INTERPRETACAO DE LINHA SISMICA DE REFRACAO,INCLUSIVE A APRESENTACAO DE RELATORIO COM AS SECOES PROCESSADAS E INTERPRETADAS,EM PAPEL E EM MEIO DIGITAL","M",13.87,null,"01.004.0145-A","PROCESSAMENTO E INTERPRETACAO DE LINHA SISMICA DE REFRACAO,INCLUSIVE A APRESENTACAO DE RELATORIO COM AS SECOES PROCESSADAS E INTERPRETADAS,EM PAPEL E EM MEIO DIGITAL","M",12.94]
["01.005.0001-0","PREPARO MANUAL DE TERRENO,COMPREENDENDO ACERTO,RASPAGEM EVENTUALMENTE ATE 0.30M DE PROFUNDIDADE E AFASTAMENTO LATERAL DOMATERIAL EXCEDENTE,EXCLUSIVE COMPACTACAO","M2",10.96,null,"01.005.0001-A","PREPARO MANUAL DE TERRENO,COMPREENDENDO ACERTO,RASPAGEM EVENTUALMENTE ATE 0.30M DE PROFUNDIDADE E AFASTAMENTO LATERAL DOMATERIAL EXCEDENTE,EXCLUSIVE COMPACTACAO","M2",10.23]
["01.005.0003-0","PREPARO MANUAL DE TERRENO,COMPREENDENDO ACERTO,RASPAGEM EVENTUALMENTE ATE 0.30M DE PROFUNDIDADE E AFASTAMENTO LATERAL DOMATERIAL EXCEDENTE,INCLUSIVE COMPACTACAO MECANICA","M2",16.63,null,"01.005.0003-A","PREPARO MANUAL DE TERRENO,COMPREENDENDO ACERTO,RASPAGEM EVENTUALMENTE ATE 0.30M DE PROFUNDIDADE E AFASTAMENTO LATERAL DOMATERIAL EXCEDENTE,INCLUSIVE COMPACTACAO MECANICA","M2",15.85]
["01.005.0004-0","PREPARO MANUAL DE TERRENO,COMPREENDENDO ACERTO,RASPAGEM EVENTUAL ATE 0.30M DE PROFUNDIDADE E AFASTAMENTO LATERAL DO MATERIAL EXCEDENTE,INCLUSIVE COMPACTACAO MANUAL","M2",21.93,null,"01.005.0004-A","PREPARO MANUAL DE TERRENO,COMPREENDENDO ACERTO,RASPAGEM EVENTUAL ATE 0.30M DE PROFUNDIDADE E AFASTAMENTO LATERAL DO MATERIAL EXCEDENTE,INCLUSIVE COMPACTACAO MANUAL","M2",20.46]
["01.005.0005-0","ROCADO EM VEGETACAO ESPESSA,COM EMPILHAMENTO LATERAL E QUEIMA DOS RESIDUOS","M2",1.31,null,"01.005.0005-A","ROCADO EM VEGETACAO ESPESSA,COM EMPILHAMENTO LATERAL E QUEIMA DOS RESIDUOS","M2",1.22]
["01.005.0006-0","ROCADO EM VEGETACAO RALA,COM EMPILHAMENTO LATERAL E QUEIMA DOS RESIDUOS","M2",0.37,null,"01.005.0006-A","ROCADO EM VEGETACAO RALA,COM EMPILHAMENTO LATERAL E QUEIMA DOS RESIDUOS","M2",0.34]
["01.005.0007-0","ROCADO A FOICE E MACHADO EM MATA DE PEQUENO PORTE E QUEIMA DOS RESIDUOS SEM DESTOCAMENTO OU REMOCAO","M2",2.63,null,"01.005.0007-A","ROCADO A FOICE E MACHADO EM MATA DE PEQUENO PORTE E QUEIMA DOS RESIDUOS SEM DESTOCAMENTO OU REMOCAO","M2",2.4500000000000002]
["01.005.0008-0","DESTOCAMENTO DE ARVORES DE PORTE MEDIO E RAIZES PROFUNDAS,SEM REMOCAO E AUXILIO MECANICO","UN",272.04000000000002,null,"01.005.0008-A","DESTOCAMENTO DE ARVORES DE PORTE MEDIO E RAIZES PROFUNDAS,SEM REMOCAO E AUXILIO MECANICO","UN",253.77]
["01.005.0009-0","ABERTURA DE PICADA,EM ENCOSTA,EM TERRENO DE VEGETACAO DENSA","M",3.15,null,"01.005.0009-A","ABERTURA DE PICADA,EM ENCOSTA,EM TERRENO DE VEGETACAO DENSA","M",2.94]
["01.005.0013-0","ABERTURA DE PICADAS EM TERRENO COM VEGETACAO QUE POSSIBILITEO USO APENAS DE FACAO E FOICE","KM",2852.07,null,"01.005.0013-A","ABERTURA DE PICADAS EM TERRENO COM VEGETACAO QUE POSSIBILITEO USO APENAS DE FACAO E FOICE","KM",2660.59]
["01.005.0014-0","ABERTURA DE PICADAS EM TERRENO QUE EXIJA ALEM DO USO DE FACAO E FOICE,TAMBEM MACHADO E MOTOSSERRA","KM",2742.37,null,"01.005.0014-A","ABERTURA DE PICADAS EM TERRENO QUE EXIJA ALEM DO USO DE FACAO E FOICE,TAMBEM MACHADO E MOTOSSERRA","KM",2558.2600000000002]
["01.005.0020-0","SUAVIZACAO E RECONFORMACAO MANUAL DE TALUDES,COM PEQUENO DESMATAMENTO E ALTURA MEDIA DE 0,50M","M3",55.94,null,"01.005.0020-A","SUAVIZACAO E RECONFORMACAO MANUAL DE TALUDES,COM PEQUENO DESMATAMENTO E ALTURA MEDIA DE 0,50M","M3",52.18]
["01.005.0021-0","SUAVIZACAO E RECONFORMACAO MANUAL DE TALUDES,COM PEQUENO DESMATAMENTO E ALTURA MEDIA DE 1,00M","M3",81.17,null,"01.005.0021-A","SUAVIZACAO E RECONFORMACAO MANUAL DE TALUDES,COM PEQUENO DESMATAMENTO E ALTURA MEDIA DE 1,00M","M3",75.72]
["01.005.0022-0","SUAVIZACAO E RECONFORMACAO MANUAL DE TALUDES,COM PEQUENO DESMATAMENTO E ALTURA MEDIA DE 1,50M","M3",109.69,null,"01.005.0022-A","SUAVIZACAO E RECONFORMACAO MANUAL DE TALUDES,COM PEQUENO DESMATAMENTO E ALTURA MEDIA DE 1,50M","M3",102.33]
["01.006.0001-0","DESTOCAMENTO MECANICO DE TOCOS DE ATE 0,30M DE DIAMETRO","UN",60.98,null,"01.006.0001-A","DESTOCAMENTO MECANICO DE TOCOS DE ATE 0,30M DE DIAMETRO","UN",60.69]
["01.006.0002-0","DESTOCAMENTO MECANICO DE TOCOS DE 0,30 A 0,50M DE DIAMETRO","UN",109.08,null,"01.006.0002-A","DESTOCAMENTO MECANICO DE TOCOS DE 0,30 A 0,50M DE DIAMETRO","UN",108.57]
["01.006.0003-0","DESTOCAMENTO MECANICO DE TOCOS MAIORES QUE O,50M DE DIAMETRO","UN",182.63,null,"01.006.0003-A","DESTOCAMENTO MECANICO DE TOCOS MAIORES QUE O,50M DE DIAMETRO","UN",181.77]
["01.006.0004-0","DESMATAMENTO E LIMPEZA DE TERRENOS COM TRATOR DE ESTEIRAS COM POTENCIA EM TORNO DE 200CV","M2",0.54,null,"01.006.0004-A","DESMATAMENTO E LIMPEZA DE TERRENOS COM TRATOR DE ESTEIRAS COM POTENCIA EM TORNO DE 200CV","M2",0.53]
["01.006.0010-0","REGULARIZACAO DE TERRENO COM TRATOR EM TORNO DE 80CV,COMPREENDENDO ACERTO,RASPAGEM EVENTUALMENTE ATE 0,30M DE PROFUNDIDADE E AFASTAMENTO LATERAL DO MATERIAL EXCEDENTE","M2",1.92,null,"01.006.0010-A","REGULARIZACAO DE TERRENO COM TRATOR EM TORNO DE 80CV,COMPREENDENDO ACERTO,RASPAGEM EVENTUALMENTE ATE 0,30M DE PROFUNDIDADE E AFASTAMENTO LATERAL DO MATERIAL EXCEDENTE","M2",1.9]
["01.007.0010-0","MONTAGEM E DESMONTAGEM DE UM CONJUNTO DE BOMBAS PARA ATE 70,00M DE COLETORES (INCLUSIVE ESTES)","UN",6140.87,null,"01.007.0010-A","MONTAGEM E DESMONTAGEM DE UM CONJUNTO DE BOMBAS PARA ATE 70,00M DE COLETORES (INCLUSIVE ESTES)","UN",5967.23]
["01.007.0020-0","CRAVACAO E RETIRADA DE UMA PONTEIRA FILTRANTE","UN",401.39,null,"01.007.0020-A","CRAVACAO E RETIRADA DE UMA PONTEIRA FILTRANTE","UN",374.56]
["01.007.0025-0","OPERACAO E MANUTENCAO DO SISTEMA,EXCLUSIVE ENERGIA ELETRICA,PELO TEMPO CORRIDO DE EMPREGO NA OBRA","DIA",530.24,null,"01.007.0025-A","OPERACAO E MANUTENCAO DO SISTEMA,EXCLUSIVE ENERGIA ELETRICA,PELO TEMPO CORRIDO DE EMPREGO NA OBRA","DIA",494.8]
["01.007.0030-0","ENERGIA CONSUMIDA PELO SISTEMA,MEDIDA PELA POTENCIA INSTALADA E PELO TEMPO DE FUNCIONAMENTO","CV X H",0.09,null,"01.007.0030-A","ENERGIA CONSUMIDA PELO SISTEMA,MEDIDA PELA POTENCIA INSTALADA E PELO TEMPO DE FUNCIONAMENTO","CV X H",0.09]
["01.008.0050-0","MOBILIZACAO E DESMOBILIZACAO DE EQUIPAMENTO E EQUIPE DE SONDAGEM E PERFURACAO A PERCUSSAO,COM TRANSPORTE ATE 50KM","UN",8752.6200000000008,null,"01.008.0050-A","MOBILIZACAO E DESMOBILIZACAO DE EQUIPAMENTO E EQUIPE DE SONDAGEM E PERFURACAO A PERCUSSAO,COM TRANSPORTE ATE 50KM","UN",8279.0400000000009]
["01.008.0100-0","MOBILIZACAO E DESMOBILIZACAO DE EQUIPAMENTO E EQUIPE DE SONDAGEM E PERFURACAO A PERCUSSAO,COM TRANSPORTE DE 51 A 100KM","UN",9018.39,null,"01.008.0100-A","MOBILIZACAO E DESMOBILIZACAO DE EQUIPAMENTO E EQUIPE DE SONDAGEM E PERFURACAO A PERCUSSAO,COM TRANSPORTE DE 51 A 100KM","UN",8542.35]
["01.008.0200-0","MOBILIZACAO E DESMOBILIZACAO DE EQUIPAMENTO E EQUIPE DE SONDAGEM E PERFURACAO A PERCUSSAO,COM TRANSPORTE DE 101 A 200KM","UN",9549.9500000000007,null,"01.008.0200-A","MOBILIZACAO E DESMOBILIZACAO DE EQUIPAMENTO E EQUIPE DE SONDAGEM E PERFURACAO A PERCUSSAO,COM TRANSPORTE DE 101 A 200KM","UN",9068.98]
["01.009.0050-0","MOBILIZACAO E DESMOBILIZACAO DE EQUIPAMENTO E EQUIPE DE SONDAGEM E PERFURACAO ROTATIVA,COM TRANSPORTE ATE 50KM","UN",14279.58,null,"01.009.0050-A","MOBILIZACAO E DESMOBILIZACAO DE EQUIPAMENTO E EQUIPE DE SONDAGEM E PERFURACAO ROTATIVA,COM TRANSPORTE ATE 50KM","UN",13479.81]
["01.009.0100-0","MOBILIZACAO E DESMOBILIZACAO DE EQUIPAMENTO E EQUIPE DE SONDAGEM E PERFURACAO ROTATIVA,COM TRANSPORTE DE 51 A 100KM","UN",14545.36,null,"01.009.0100-A","MOBILIZACAO E DESMOBILIZACAO DE EQUIPAMENTO E EQUIPE DE SONDAGEM E PERFURACAO ROTATIVA,COM TRANSPORTE DE 51 A 100KM","UN",13743.13]
["01.009.0200-0","MOBILIZACAO E DESMOBILIZACAO DE EQUIPAMENTO E EQUIPE DE SONDAGEM E PERFURACAO ROTATIVA,COM TRANSPORTE DE 101 A 200KM","UN",15076.91,null,"01.009.0200-A","MOBILIZACAO E DESMOBILIZACAO DE EQUIPAMENTO E EQUIPE DE SONDAGEM E PERFURACAO ROTATIVA,COM TRANSPORTE DE 101 A 200KM","UN",14269.76]
["01.016.0001-0","LEVANTAMENTO TOPOGRAFICO,PLANIALTIMETRICO E CADASTRAL,DE TERRENO DE OROGRAFIA ACIDENTADA,VEGETACAO DENSA E EDIFICACAO DENSA (ESCALA 1:500)","HA",22986.95,null,"01.016.0001-A","LEVANTAMENTO TOPOGRAFICO,PLANIALTIMETRICO E CADASTRAL,DE TERRENO DE OROGRAFIA ACIDENTADA,VEGETACAO DENSA E EDIFICACAO DENSA (ESCALA 1:500)","HA",21762.66]
["01.016.0002-0","LEVANTAMENTO TOPOGRAFICO,PLANIALTIMETRICO E CADASTRAL,DE TERRENO DE OROGRAFIA ACIDENTADA,VEGETACAO DENSA E EDIFICACAO MEDIA","HA",17585.650000000001,null,"01.016.0002-A","LEVANTAMENTO TOPOGRAFICO,PLANIALTIMETRICO E CADASTRAL,DE TERRENO DE OROGRAFIA ACIDENTADA,VEGETACAO DENSA E EDIFICACAO MEDIA","HA",16649.04]
["01.016.0003-0","LEVANTAMENTO TOPOGRAFICO,PLANIALTIMETRICO E CADASTRAL,DE TERRENO DE OROGRAFIA ACIDENTADA,VEGETACAO DENSA E EDIFICACAO LEVE","HA",14947.8,null,"01.016.0003-A","LEVANTAMENTO TOPOGRAFICO,PLANIALTIMETRICO E CADASTRAL,DE TERRENO DE OROGRAFIA ACIDENTADA,VEGETACAO DENSA E EDIFICACAO LEVE","HA",14151.68]
["01.016.0004-0","LEVANTAMENTO TOPOGRAFICO,PLANIALTIMETRICO E CADASTRAL,DE TERRENO DE OROGRAFIA ACIDENTADA,VEGETACAO RALA E EDIFICACAO DENSA","HA",13817.29,null,"01.016.0004-A","LEVANTAMENTO TOPOGRAFICO,PLANIALTIMETRICO E CADASTRAL,DE TERRENO DE OROGRAFIA ACIDENTADA,VEGETACAO RALA E EDIFICACAO DENSA","HA",13081.38]
["01.016.0005-0","LEVANTAMENTO TOPOGRAFICO,PLANIALTIMETRICO E CADASTRAL,DE TERRENO DE OROGRAFIA ACIDENTADA,VEGETACAO RALA E EDIFICACAO MEDIA","HA",10551.38,null,"01.016.0005-A","LEVANTAMENTO TOPOGRAFICO,PLANIALTIMETRICO E CADASTRAL,DE TERRENO DE OROGRAFIA ACIDENTADA,VEGETACAO RALA E EDIFICACAO MEDIA","HA",9989.41]
["01.016.0006-0","LEVANTAMENTO TOPOGRAFICO,PLANIALTIMETRICO E CADASTRAL,DE TERRENO DE OROGRAFIA ACIDENTADA,VEGETACAO RALA E EDIFICACAO LEVE","HA",8981.25,null,"01.016.0006-A","LEVANTAMENTO TOPOGRAFICO,PLANIALTIMETRICO E CADASTRAL,DE TERRENO DE OROGRAFIA ACIDENTADA,VEGETACAO RALA E EDIFICACAO LEVE","HA",8502.91]
["01.016.0007-0","LEVANTAMENTO TOPOGRAFICO,PLANIALTIMETRICO E CADASTRAL,DE TERRENO DE OROGRAFIA NAO ACIDENTADA,VEGETACAO DENSA E EDIFICACAO DENSA","HA",16078.31,null,"01.016.0007-A","LEVANTAMENTO TOPOGRAFICO,PLANIALTIMETRICO E CADASTRAL,DE TERRENO DE OROGRAFIA NAO ACIDENTADA,VEGETACAO DENSA E EDIFICACAO DENSA","HA",15221.98]
["01.016.0008-0","LEVANTAMENTO TOPOGRAFICO,PLANIALTIMETRICO E CADASTRAL,DE TERRENO OROGRAFIA NAO ACIDENTADA,VEGETACAO DENSA E EDIFICACAO MEDIA","HA",12309.95,null,"01.016.0008-A","LEVANTAMENTO TOPOGRAFICO,PLANIALTIMETRICO E CADASTRAL,DE TERRENO OROGRAFIA NAO ACIDENTADA,VEGETACAO DENSA E EDIFICACAO MEDIA","HA",11654.33]
["01.016.0009-0","LEVANTAMENTO TOPOGRAFICO,PLANIALTIMETRICO E CADASTRAL,DE TERRENO DE OROGRAFIA NAO ACIDENTADA,VEGETACAO DENSA E EDIFICACAO LEVE","HA",10488.59,null,"01.016.0009-A","LEVANTAMENTO TOPOGRAFICO,PLANIALTIMETRICO E CADASTRAL,DE TERRENO DE OROGRAFIA NAO ACIDENTADA,VEGETACAO DENSA E EDIFICACAO LEVE","HA",9929.9699999999993]
["01.016.0010-0","LEVANTAMENTO TOPOGRAFICO,PLANIALTIMETRICO E CADASTRAL,DE TERRENO DE OROGRAFIA NAO ACIDENTADA,VEGETACAO RALA E EDIFICACAODENSA","HA",9672.11,null,"01.016.0010-A","LEVANTAMENTO TOPOGRAFICO,PLANIALTIMETRICO E CADASTRAL,DE TERRENO DE OROGRAFIA NAO ACIDENTADA,VEGETACAO RALA E EDIFICACAODENSA","HA",9156.9699999999993]
["01.016.0011-0","LEVANTAMENTO TOPOGRAFICO,PLANIALTIMETRICO E CADASTRAL,DE TERRENO DE OROGRAFIA NAO ACIDENTADA,VEGETACAO RALA E EDIFICACAOMEDIA","HA",7411.09,null,"01.016.0011-A","LEVANTAMENTO TOPOGRAFICO,PLANIALTIMETRICO E CADASTRAL,DE TERRENO DE OROGRAFIA NAO ACIDENTADA,VEGETACAO RALA E EDIFICACAOMEDIA","HA",7016.38]
["01.016.0012-0","LEVANTAMENTO TOPOGRAFICO,PLANIALTIMETRICO E CADASTRAL,DE TERRENO DE OROGRAFIA NAO ACIDENTADA,VEGETACAO RALA E EDIFICACAOLEVE","HA",6280.59,null,"01.016.0012-A","LEVANTAMENTO TOPOGRAFICO,PLANIALTIMETRICO E CADASTRAL,DE TERRENO DE OROGRAFIA NAO ACIDENTADA,VEGETACAO RALA E EDIFICACAOLEVE","HA",5946.08]
["01.016.0020-0","DETERMINACAO DE NORTE VERDADEIRO(N.V.)POR OBSERVACAO DIRETADE ALTURA DE SOL,PELO PROCESSO DAS DISTANCIAS ZENITAIS ABSOLUTAS","UN",523.24,null,"01.016.0020-A","DETERMINACAO DE NORTE VERDADEIRO(N.V.)POR OBSERVACAO DIRETADE ALTURA DE SOL,PELO PROCESSO DAS DISTANCIAS ZENITAIS ABSOLUTAS","UN",488.67]
["01.016.0021-0","IMPLANTACAO DE MARCO DE R.N.,EM CONCRETO COM TARUGO METALICO,E DETERMINACAO DE SUA COTA POR TRANSPORTE DE COTA,DE R.N.JAESTABELECIDO.O CUSTO INCLUI ESTE TRANSPORTE ATE A DISTANCIADE 150,00M.ALEM DESTE CUSTO,PAGAR O NIVELAMENTO PELOS CODIGOS 01.016.0050 A 01.016.0052","UN",281.12,null,"01.016.0021-A","IMPLANTACAO DE MARCO DE R.N.,EM CONCRETO COM TARUGO METALICO,E DETERMINACAO DE SUA COTA POR TRANSPORTE DE COTA,DE R.N.JAESTABELECIDO.O CUSTO INCLUI ESTE TRANSPORTE ATE A DISTANCIADE 150,00M.ALEM DESTE CUSTO,PAGAR O NIVELAMENTO PELOS CODIGOS 01.016.0050 A 01.016.0052","UN",263.42]
["01.016.0030-0","LANCAMENTO DE LINHA POLIGONAL BASICA,COM PRECISAO DE FECHAMENTO RELATIVA A 1ª ORDEM,USANDO DISTANCIOMETRO ELETRONICO EMTERRENO DE OROGRAFIA ACIDENTADA E VEGETACAO DENSA,PARA POLIGONAIS DE 2ª ORDEM TOMAR 85% DO CUSTO","KM",3090.34,null,"01.016.0030-A","LANCAMENTO DE LINHA POLIGONAL BASICA,COM PRECISAO DE FECHAMENTO RELATIVA A 1ª ORDEM,USANDO DISTANCIOMETRO ELETRONICO EMTERRENO DE OROGRAFIA ACIDENTADA E VEGETACAO DENSA,PARA POLIGONAIS DE 2ª ORDEM TOMAR 85% DO CUSTO","KM",2890.82]
["01.016.0031-0","LANCAMENTO DE LINHA POLIGONAL BASICA,COM PRECISAO DE FECHAMENTO RELATIVA A 1ª ORDEM,USANDO DISTANCIOMETRO ELETRONICO EMTERRENO DE OROGRAFIA ACIDENTADA E VEGETACAO RALA,PARA POLIGONAIS DE 2ª ORDEM TOMAR 85% DO CUSTO","KM",1856.8,null,"01.016.0031-A","LANCAMENTO DE LINHA POLIGONAL BASICA,COM PRECISAO DE FECHAMENTO RELATIVA A 1ª ORDEM,USANDO DISTANCIOMETRO ELETRONICO EMTERRENO DE OROGRAFIA ACIDENTADA E VEGETACAO RALA,PARA POLIGONAIS DE 2ª ORDEM TOMAR 85% DO CUSTO","KM",1736.92]
["01.016.0032-0","LANCAMENTO DE LINHA POLIGONAL BASICA,COM PRECISAO DE FECHAMENTO RELATIVA A 1ª ORDEM,USANDO DISTANCIOMETRO ELETRONICO EMTERRENO DE OROGRAFIA NAO ACIDENTADA E VEGETACAO DENSA,PARAPOLIGONAIS DE 2ª ORDEM TOMAR 85% DO CUSTO","KM",2168.4299999999998,null,"01.016.0032-A","LANCAMENTO DE LINHA POLIGONAL BASICA,COM PRECISAO DE FECHAMENTO RELATIVA A 1ª ORDEM,USANDO DISTANCIOMETRO ELETRONICO EMTERRENO DE OROGRAFIA NAO ACIDENTADA E VEGETACAO DENSA,PARAPOLIGONAIS DE 2ª ORDEM TOMAR 85% DO CUSTO","KM",2028.43]
["01.016.0033-0","LANCAMENTO DE LINHA POLIGONAL BASICA,COM PRECISAO DE FECHAMENTO RELATIVA A 1ª ORDEM,USANDO DISTANCIOMETRO ELETRONICO EMTERRENO DE OROGRAFIA NAO ACIDENTADA E VEGETACAO RALA,PARAPOLIGONAIS DE 2ª ORDEM TOMAR 85% DO CUSTO","KM",1298.46,null,"01.016.0033-A","LANCAMENTO DE LINHA POLIGONAL BASICA,COM PRECISAO DE FECHAMENTO RELATIVA A 1ª ORDEM,USANDO DISTANCIOMETRO ELETRONICO EMTERRENO DE OROGRAFIA NAO ACIDENTADA E VEGETACAO RALA,PARAPOLIGONAIS DE 2ª ORDEM TOMAR 85% DO CUSTO","KM",1214.6300000000001]
["01.016.0034-0","LANCAMENTO DE LINHA POLIGONAL,COM PRECISAO DE FECHAMENTO RELATIVO A 3ª ORDEM,EM TERRENO DE OROGRAFIA ACIDENTADA E VEGETACAO DENSA","KM",2472.27,null,"01.016.0034-A","LANCAMENTO DE LINHA POLIGONAL,COM PRECISAO DE FECHAMENTO RELATIVO A 3ª ORDEM,EM TERRENO DE OROGRAFIA ACIDENTADA E VEGETACAO DENSA","KM",2312.66]
["01.016.0035-0","LANCAMENTO DE LINHA POLIGONAL,COM PRECISAO DE FECHAMENTO RELATIVO A 3ª ORDEM,EM TERRENO DE OROGRAFIA ACIDENTADA E VEGETACAO RALA","KM",1485.44,null,"01.016.0035-A","LANCAMENTO DE LINHA POLIGONAL,COM PRECISAO DE FECHAMENTO RELATIVO A 3ª ORDEM,EM TERRENO DE OROGRAFIA ACIDENTADA E VEGETACAO RALA","KM",1389.54]
["01.016.0036-0","LANCAMENTO DE LINHA POLIGONAL,COM PRECISAO DE FECHAMENTO RELATIVO A 3ª ORDEM,EM TERRENO DE OROGRAFIA NAO ACIDENTADA E VEGETACAO DENSA","KM",1734.74,null,"01.016.0036-A","LANCAMENTO DE LINHA POLIGONAL,COM PRECISAO DE FECHAMENTO RELATIVO A 3ª ORDEM,EM TERRENO DE OROGRAFIA NAO ACIDENTADA E VEGETACAO DENSA","KM",1622.74]
["01.016.0037-0","LANCAMENTO DE LINHA POLIGONAL,COM PRECISAO DE FECHAMENTO RELATIVO A 3ª ORDEM,EM TERRENO DE OROGRAFIA NAO ACIDENTADA E VEGETACAO RALA","KM",1038.77,null,"01.016.0037-A","LANCAMENTO DE LINHA POLIGONAL,COM PRECISAO DE FECHAMENTO RELATIVO A 3ª ORDEM,EM TERRENO DE OROGRAFIA NAO ACIDENTADA E VEGETACAO RALA","KM",971.7]
["01.016.0050-0","NIVELAMENTO E CONTRANIVELAMENTO DE LINHA TOPOGRAFICA,EM TERRENO DE OROGRAFIA ACIDENTADA.O CUSTO INCLUI O DESENHO EM ESCALA 1:2000(H) OU 1:1000(H) E 1:200(V) OU 1:100(V)","KM",2102.44,null,"01.016.0050-A","NIVELAMENTO E CONTRANIVELAMENTO DE LINHA TOPOGRAFICA,EM TERRENO DE OROGRAFIA ACIDENTADA.O CUSTO INCLUI O DESENHO EM ESCALA 1:2000(H) OU 1:1000(H) E 1:200(V) OU 1:100(V)","KM",1962.42]
["01.016.0051-0","NIVELAMENTO E CONTRANIVELAMENTO DE LINHA TOPOGRAFICA,EM TERRENO DE OROGRAFIA ONDULADA.O CUSTO INCLUI O DESENHO EM ESCALA1:2000(H) OU 1:1000(H) E 1:200(V) OU 1:100(V)","KM",1471.71,null,"01.016.0051-A","NIVELAMENTO E CONTRANIVELAMENTO DE LINHA TOPOGRAFICA,EM TERRENO DE OROGRAFIA ONDULADA.O CUSTO INCLUI O DESENHO EM ESCALA1:2000(H) OU 1:1000(H) E 1:200(V) OU 1:100(V)","KM",1373.69]
["01.016.0052-0","NIVELAMENTO E CONTRANIVELAMENTO DE LINHA TOPOGRAFICA,EM TERRENO DE OROGRAFIA NAO ACIDENTADA OU EM ESTRADA IMPLANTADA.O CUSTO INCLUI O DESENHO EM ESCALA 1:2000(H) OU 1:1000(H) E 1:200(V) OU 1:100(V)","KM",1051.22,null,"01.016.0052-A","NIVELAMENTO E CONTRANIVELAMENTO DE LINHA TOPOGRAFICA,EM TERRENO DE OROGRAFIA NAO ACIDENTADA OU EM ESTRADA IMPLANTADA.O CUSTO INCLUI O DESENHO EM ESCALA 1:2000(H) OU 1:1000(H) E 1:200(V) OU 1:100(V)","KM",981.21]
["01.016.0060-0","LEVANTAMENTO DE SECAO TRANSVERSAL EM TERRENO DE OROGRAFIA ACIDENTADA E VEGETACAO DENSA.O EQUIPAMENTO CONSIDERADO E O TEODOLITO,USANDO-SE A ESTADIMETRIA.MEDIDO POR METRO LINEAR DE SECAO.O CUSTO INCLUI DESENHO NA ESCALA 1:200","M",3.87,null,"01.016.0060-A","LEVANTAMENTO DE SECAO TRANSVERSAL EM TERRENO DE OROGRAFIA ACIDENTADA E VEGETACAO DENSA.O EQUIPAMENTO CONSIDERADO E O TEODOLITO,USANDO-SE A ESTADIMETRIA.MEDIDO POR METRO LINEAR DE SECAO.O CUSTO INCLUI DESENHO NA ESCALA 1:200","M",3.61]
["01.016.0061-0","LEVANTAMENTO DE SECAO TRANSVERSAL EM TERRENO DE OROGRAFIA ACIDENTADA E VEGETACAO RALA.O EQUIPAMENTO CONSIDERADO E O TEODOLITO,USANDO-SE A ESTADIMETRIA.MEDIDO POR METRO LINEAR DE SECAO.O CUSTO INCLUI DESENHO NA ESCALA 1:200","M",2.7,null,"01.016.0061-A","LEVANTAMENTO DE SECAO TRANSVERSAL EM TERRENO DE OROGRAFIA ACIDENTADA E VEGETACAO RALA.O EQUIPAMENTO CONSIDERADO E O TEODOLITO,USANDO-SE A ESTADIMETRIA.MEDIDO POR METRO LINEAR DE SECAO.O CUSTO INCLUI DESENHO NA ESCALA 1:200","M",2.52]
["01.016.0062-0","LEVANTAMENTO DE SECAO TRANSVERSAL EM TERRENO DE OROGRAFIA NAO ACIDENTADA E VEGETACAO DENSA.O EQUIPAMENTO CONSIDERADO E ONIVEL.O CUSTO INCLUI DESENHO DE SECAO NA ESCALA 1:200.MEDIDO POR METRO LINEAR DE SECAO","M",3.4,null,"01.016.0062-A","LEVANTAMENTO DE SECAO TRANSVERSAL EM TERRENO DE OROGRAFIA NAO ACIDENTADA E VEGETACAO DENSA.O EQUIPAMENTO CONSIDERADO E ONIVEL.O CUSTO INCLUI DESENHO DE SECAO NA ESCALA 1:200.MEDIDO POR METRO LINEAR DE SECAO","M",3.17]
["01.016.0063-0","LEVANTAMENTO DE SECAO TRANSVERSAL EM TERRENO DE OROGRAFIA NAO ACIDENTADA E VEGETACAO RALA.O EQUIPAMENTO CONSIDERADO E ONIVEL.O CUSTO INCLUI DESENHO DE SECAO NA ESCALA 1:200.MEDIDOPOR METRO LINEAR DE SECAO","M",2.04,null,"01.016.0063-A","LEVANTAMENTO DE SECAO TRANSVERSAL EM TERRENO DE OROGRAFIA NAO ACIDENTADA E VEGETACAO RALA.O EQUIPAMENTO CONSIDERADO E ONIVEL.O CUSTO INCLUI DESENHO DE SECAO NA ESCALA 1:200.MEDIDOPOR METRO LINEAR DE SECAO","M",1.91]
["01.016.0064-0","LEVANTAMENTO TOPOGRAFICO PLANIALTIMETRICO E CADASTRAL,EM AREAS DE FAVELAS,EM TERRENOS DE OROGRAFIA NAO ACIDENTADA.ESTAOINCLUIDOS NOS SERVICOS O LEVANTAMENTO DE SOLEIRAS E TESTADASDAS EDIFICACOES","M2",4.21,null,"01.016.0064-A","LEVANTAMENTO TOPOGRAFICO PLANIALTIMETRICO E CADASTRAL,EM AREAS DE FAVELAS,EM TERRENOS DE OROGRAFIA NAO ACIDENTADA.ESTAOINCLUIDOS NOS SERVICOS O LEVANTAMENTO DE SOLEIRAS E TESTADASDAS EDIFICACOES","M2",3.97]
["01.016.0067-0","LEVANTAMENTO TOPOGRAFICO PLANIALTIMETRICO E CADASTRAL EXECUTADO EM AREAS DE FAVELAS,EM TERRENOS DE OROGRAFIA ACIDENTADA.ESTAO INCLUIDOS NOS SERVICOS O LEVANTAMENTO DE SOLEIRAS E TESTADAS DAS EDIFICACOES","M2",6.68,null,"01.016.0067-A","LEVANTAMENTO TOPOGRAFICO PLANIALTIMETRICO E CADASTRAL EXECUTADO EM AREAS DE FAVELAS,EM TERRENOS DE OROGRAFIA ACIDENTADA.ESTAO INCLUIDOS NOS SERVICOS O LEVANTAMENTO DE SOLEIRAS E TESTADAS DAS EDIFICACOES","M2",6.31]
["01.016.0070-0","MOBILIZACAO E DESMOBILIZACAO DE EQUIPE E EQUIPAMENTO DE TOPOGRAFIA COM DESLOCAMENTO SUPERIOR A 20KM,MEDIDO POR KM EXCEDENTE,A PARTIR DA CIDADE DO RIO DE JANEIRO (KM 0 DA AV.BRASIL)","KM",9.06,null,"01.016.0070-A","MOBILIZACAO E DESMOBILIZACAO DE EQUIPE E EQUIPAMENTO DE TOPOGRAFIA COM DESLOCAMENTO SUPERIOR A 20KM,MEDIDO POR KM EXCEDENTE,A PARTIR DA CIDADE DO RIO DE JANEIRO (KM 0 DA AV.BRASIL)","KM",8.61]
["01.016.0080-0","LEVANTAMENTO PLANIALTIMETRICO CADASTRAL DE AREA URBANA OU SUBURBANA,DESTINADA A REGULARIZACAO FUNDIARIA,PROJETOS VIARIOSE DE INFRAESTRUTURA,URBANIZACAO E ASSEMELHADOS,UTILIZANDO POLIGONAL III PAC,DESENHO NA ESCALA DE 1:250 A 1:100 EM AREASMEDIANAMENTE OCUPADAS(ATE 50% DAS QUADRAS)ATE 3000M2","UN",9209.14,null,"01.016.0080-A","LEVANTAMENTO PLANIALTIMETRICO CADASTRAL DE AREA URBANA OU SUBURBANA,DESTINADA A REGULARIZACAO FUNDIARIA,PROJETOS VIARIOSE DE INFRAESTRUTURA,URBANIZACAO E ASSEMELHADOS,UTILIZANDO POLIGONAL III PAC,DESENHO NA ESCALA DE 1:250 A 1:100 EM AREASMEDIANAMENTE OCUPADAS(ATE 50% DAS QUADRAS)ATE 3000M2","UN",8718.77]
["01.016.0081-0","LEVANTAMENTO PLANIALTIMETRICO CADASTRAL DE AREA URBANA OU SUBURBANA,DESTINADA A REGULARIZACAO FUNDIARIA,PROJETOS VIARIOSE DE INFRAESTRUTURA,URBANIZACAO E ASSEMELHADOS,UTILIZANDO POLIGONAL III PAC,DESENHO NA ESCALA DE 1:250 A 1:100 EM AREASMEDIANAMENTE OCUPADAS(ATE 50% DAS QUADRAS)EM AREAS DE 3001 ATE 10000M2","M2",2.97,null,"01.016.0081-A","LEVANTAMENTO PLANIALTIMETRICO CADASTRAL DE AREA URBANA OU SUBURBANA,DESTINADA A REGULARIZACAO FUNDIARIA,PROJETOS VIARIOSE DE INFRAESTRUTURA,URBANIZACAO E ASSEMELHADOS,UTILIZANDO POLIGONAL III PAC,DESENHO NA ESCALA DE 1:250 A 1:100 EM AREASMEDIANAMENTE OCUPADAS(ATE 50% DAS QUADRAS)EM AREAS DE 3001 ATE 10000M2","M2",2.81]
["01.016.0082-0","LEVANTAMENTO PLANIALTIMETRICO CADASTRAL DE AREA URBANA OU SUBURBANA,DESTINADA A REGULARIZACAO FUNDIARIA,PROJETOS VIARIOSE DE INFRAESTRUTURA,URBANIZAZAO E ASSEMELHADOS,UTILIZANDO POLIGONAL III PAC,DESENHO NA ESCALA DE 1:250 A 1:100 EM AREASMEDIANAMENTE OCUPADAS(ATE 50% DAS QUADRAS),EM AREAS ACIMA DE10000M2","M2",2.0499999999999998,null,"01.016.0082-A","LEVANTAMENTO PLANIALTIMETRICO CADASTRAL DE AREA URBANA OU SUBURBANA,DESTINADA A REGULARIZACAO FUNDIARIA,PROJETOS VIARIOSE DE INFRAESTRUTURA,URBANIZAZAO E ASSEMELHADOS,UTILIZANDO POLIGONAL III PAC,DESENHO NA ESCALA DE 1:250 A 1:100 EM AREASMEDIANAMENTE OCUPADAS(ATE 50% DAS QUADRAS),EM AREAS ACIMA DE10000M2","M2",1.94]
["01.016.0083-0","LEVANTAMENTO PLANIALTIMETRICO CADASTRAL DE AREA URBANA OU SUBURBANA,DESTINADA A REGULARIZACAO FUNDIARIA,PROJETOS VIARIOSE DE INFRAESTRUTURA,URBANIZACAO E ASSEMELHADOS,UTILIZANDO POLIGONAL III PAC,DESENHO NA ESCALA DE 1:250 A 1:100,EM AREASDENSAMENTE OCUPADAS(ACIMA DE 50% DE QUADRAS)ATE 2000M2","UN",8281.56,null,"01.016.0083-A","LEVANTAMENTO PLANIALTIMETRICO CADASTRAL DE AREA URBANA OU SUBURBANA,DESTINADA A REGULARIZACAO FUNDIARIA,PROJETOS VIARIOSE DE INFRAESTRUTURA,URBANIZACAO E ASSEMELHADOS,UTILIZANDO POLIGONAL III PAC,DESENHO NA ESCALA DE 1:250 A 1:100,EM AREASDENSAMENTE OCUPADAS(ACIMA DE 50% DE QUADRAS)ATE 2000M2","UN",7841.12]
["01.016.0084-0","LEVANTAMENTO PLANIALTIMETRICO CADASTRAL DE AREA URBANA OU SUBURBANA,DESTINADA A REGULARIZACAO FUNDIARIA,PROJETOS VIARIOSE DE INFRAESTRUTURA,URBANIZACAO E ASSEMELHADOS,UTILIZANDO POLIGONAL III PAC,DESENHO NA ESCALA DE 1:250 A 1:100,EM AREASDENSAMENTE OCUPADAS(ACIMA DE 50% DE QUADRAS),EM AREAS DE 2001 ATE 10000M2","M2",4.05,null,"01.016.0084-A","LEVANTAMENTO PLANIALTIMETRICO CADASTRAL DE AREA URBANA OU SUBURBANA,DESTINADA A REGULARIZACAO FUNDIARIA,PROJETOS VIARIOSE DE INFRAESTRUTURA,URBANIZACAO E ASSEMELHADOS,UTILIZANDO POLIGONAL III PAC,DESENHO NA ESCALA DE 1:250 A 1:100,EM AREASDENSAMENTE OCUPADAS(ACIMA DE 50% DE QUADRAS),EM AREAS DE 2001 ATE 10000M2","M2",3.84]
["01.016.0085-0","LEVANTAMENTO PLANIALTIMETRICO CADASTRAL DE AREA URBANA OU SUBURBANA,DESTINADA A REGULARIZACAO FUNDIARIA,PROJETOS VIARIOSE DE INFRAESTRUTURA,URBANIZACAO E ASSEMELHADOS,UTILIZANDO POLIGONAL III PAC,DESENHO NA ESCALA DE 1:250 A 1:100,EM AREASDENSAMENTE OCUPADAS(ACIMA DE 50% DE QUADRAS),EM AREAS ACIMADE 10000M2","M2",3.31,null,"01.016.0085-A","LEVANTAMENTO PLANIALTIMETRICO CADASTRAL DE AREA URBANA OU SUBURBANA,DESTINADA A REGULARIZACAO FUNDIARIA,PROJETOS VIARIOSE DE INFRAESTRUTURA,URBANIZACAO E ASSEMELHADOS,UTILIZANDO POLIGONAL III PAC,DESENHO NA ESCALA DE 1:250 A 1:100,EM AREASDENSAMENTE OCUPADAS(ACIMA DE 50% DE QUADRAS),EM AREAS ACIMADE 10000M2","M2",3.13]
["01.016.0086-0","LEVANTAMENTO PLANIALTIMETRICO CADASTRAL DE AREA RURAL,DESTINADO A PROJETOS VIARIOS,DE SANEAMENTO,DUTOS,LINHAS DE TRANSMISSAO,ETC,EXECUTADOS COM POLIGONAL CLASSE II PAC,COMPREENDENDO CALCULOS E DESENHOS NA ESCALA DE 1:2000 ATE 1:500 EM AREASATE 1HA","HA",9209.14,null,"01.016.0086-A","LEVANTAMENTO PLANIALTIMETRICO CADASTRAL DE AREA RURAL,DESTINADO A PROJETOS VIARIOS,DE SANEAMENTO,DUTOS,LINHAS DE TRANSMISSAO,ETC,EXECUTADOS COM POLIGONAL CLASSE II PAC,COMPREENDENDO CALCULOS E DESENHOS NA ESCALA DE 1:2000 ATE 1:500 EM AREASATE 1HA","HA",8718.77]
["01.016.0087-0","LEVANTAMENTO PLANIALTIMETRICO CADASTRAL DE AREA RURAL,DESTINADO A PROJETOS VIARIOS,DE SANEAMENTO,DUTOS,LINHAS DE TRANSMISSAO,ETC,EXECUTADOS COM POLIGONAL CLASSE II PAC,COMPREENDENDO CALCULOS E DESENHOS NA ESCALA DE 1:2000 ATE 1:500 EM AREASACIMA DE 1HA","HA",7670.32,null,"01.016.0087-A","LEVANTAMENTO PLANIALTIMETRICO CADASTRAL DE AREA RURAL,DESTINADO A PROJETOS VIARIOS,DE SANEAMENTO,DUTOS,LINHAS DE TRANSMISSAO,ETC,EXECUTADOS COM POLIGONAL CLASSE II PAC,COMPREENDENDO CALCULOS E DESENHOS NA ESCALA DE 1:2000 ATE 1:500 EM AREASACIMA DE 1HA","HA",7261.89]
["01.016.0090-0","LEVANTAMENTO TOPOGRAFICO POR BATIMETRIA,SERVICOS DE CAMPO EESCRITORIO,COM SECOES DE LEVANTAMENTO EQUIDISTANTE DE ATE 20METROS,INCLUSIVE TRANSPORTE DO PESSOAL,COM AREA DE ATE 10 HA (ESCALA 1:500)","HA",5676.69,null,"01.016.0090-A","LEVANTAMENTO TOPOGRAFICO POR BATIMETRIA,SERVICOS DE CAMPO EESCRITORIO,COM SECOES DE LEVANTAMENTO EQUIDISTANTE DE ATE 20METROS,INCLUSIVE TRANSPORTE DO PESSOAL,COM AREA DE ATE 10 HA (ESCALA 1:500)","HA",5416.28]
["01.016.0092-0","LEVANTAMENTO FOTOGRAFICO DE ASPECTO DE AREA URBANA,COM IMPRESSAO COLORIDA","UN",2.31,null,"01.016.0092-A","LEVANTAMENTO FOTOGRAFICO DE ASPECTO DE AREA URBANA,COM IMPRESSAO COLORIDA","UN",2.15]
["01.016.0100-0","LEVANTAMENTO TOPOGRAFICO,PLANIALTIMETRICO CADASTRAL DE AREASDE LOGRADOUROS PUBLICOS,COMPREENDENDO NIVELAMENTO DO EIXO DE LOGRADOUROS,COM COTAS DE TAMPOES DE POCOS DE VISITA,COTASDE SOLEIRAS DE EDIFICACOES E/OU TERRENOS,LEVANTAMENTO DE POSTEACAO,ARVORES,ETC","M2",2.08,null,"01.016.0100-A","LEVANTAMENTO TOPOGRAFICO,PLANIALTIMETRICO CADASTRAL DE AREASDE LOGRADOUROS PUBLICOS,COMPREENDENDO NIVELAMENTO DO EIXO DE LOGRADOUROS,COM COTAS DE TAMPOES DE POCOS DE VISITA,COTASDE SOLEIRAS DE EDIFICACOES E/OU TERRENOS,LEVANTAMENTO DE POSTEACAO,ARVORES,ETC","M2",1.98]
["01.016.0150-0","IMPLANTACAO DE POLIGONAL PELO PERIMETRO DE AREA DE ENCOSTA ASER LEVANTADA,LOCADA EM RELACAO A MARCOS TOPOGRAFICOS(EXCLUINDO ESTES),TERRENO DE VEGETACAO LEVE","M",12.83,null,"01.016.0150-A","IMPLANTACAO DE POLIGONAL PELO PERIMETRO DE AREA DE ENCOSTA ASER LEVANTADA,LOCADA EM RELACAO A MARCOS TOPOGRAFICOS(EXCLUINDO ESTES),TERRENO DE VEGETACAO LEVE","M",12.09]
["01.016.0152-0","IMPLANTACAO DE POLIGONAL PELO PERIMETRO DE AREA DE ENCOSTA ASER LEVANTADA,LOCADA EM RELACAO A MARCOS TOPOGRAFICOS(EXCLUINDO ESTES),TERRENO DE VEGETACAO DENSA","M",17.399999999999999,null,"01.016.0152-A","IMPLANTACAO DE POLIGONAL PELO PERIMETRO DE AREA DE ENCOSTA ASER LEVANTADA,LOCADA EM RELACAO A MARCOS TOPOGRAFICOS(EXCLUINDO ESTES),TERRENO DE VEGETACAO DENSA","M",16.41]
["01.016.0155-0","MARCOS TOPOGRAFICOS DE CONCRETO COM PINO DE REFERENCIA,EM ENCOSTA.FORNECIMENTO E COLOCACAO","UN",91.99,null,"01.016.0155-A","MARCOS TOPOGRAFICOS DE CONCRETO COM PINO DE REFERENCIA,EM ENCOSTA.FORNECIMENTO E COLOCACAO","UN",86.88]
["01.016.0160-0","EXECUCAO DE PERFIS TOPOGRAFICOS,EM ENCOSTAS COM LEVANTAMENTODE DETALHES,TERRENO DE VEGETACAO LEVE,INCLUINDO SERVICOS DECAMPO,DE ESCRITORIO E APRESENTACAO DE DESENHOS","M",23.01,null,"01.016.0160-A","EXECUCAO DE PERFIS TOPOGRAFICOS,EM ENCOSTAS COM LEVANTAMENTODE DETALHES,TERRENO DE VEGETACAO LEVE,INCLUINDO SERVICOS DECAMPO,DE ESCRITORIO E APRESENTACAO DE DESENHOS","M",21.73]
["01.016.0165-0","EXECUCAO DE PERFIS TOPOGRAFICOS,EM ENCOSTAS COM LEVANTAMENTODE DETALHES,TERRENO DE VEGETACAO DENSA,INCLUINDO SERVICOS DE CAMPO,DE ESCRITORIO E APRESENTACAO DE DESENHOS","M",31.06,null,"01.016.0165-A","EXECUCAO DE PERFIS TOPOGRAFICOS,EM ENCOSTAS COM LEVANTAMENTODE DETALHES,TERRENO DE VEGETACAO DENSA,INCLUINDO SERVICOS DE CAMPO,DE ESCRITORIO E APRESENTACAO DE DESENHOS","M",29.34]
["01.016.0190-0","LEVANTAMENTO TOPOGRAFICO PLANIALTIMETRICO, EM AREAS DE RECUPERACAO DE LOGRADOUROS PUBLICOS","M2",0.35,null,"01.016.0190-A","LEVANTAMENTO TOPOGRAFICO PLANIALTIMETRICO, EM AREAS DE RECUPERACAO DE LOGRADOUROS PUBLICOS","M2",0.34]
["01.016.0200-0","LEVANTAMENTO TOPOGRAFICO PLANIALTIMETRICO E CADASTRAL,COM CURVAS DE NIVEL A CADA 1,00M,CONSIDERANDO TERRENO DE OROGRAFIAACIDENTADA,VEGETACAO DENSA E EDIFICACAO LEVE.CUSTO PARA AREA ATE 5000M2 (ESCALA 1:250/500)","UN",10708.4,null,"01.016.0200-A","LEVANTAMENTO TOPOGRAFICO PLANIALTIMETRICO E CADASTRAL,COM CURVAS DE NIVEL A CADA 1,00M,CONSIDERANDO TERRENO DE OROGRAFIAACIDENTADA,VEGETACAO DENSA E EDIFICACAO LEVE.CUSTO PARA AREA ATE 5000M2 (ESCALA 1:250/500)","UN",10138.07]
["01.016.0201-0","LEVANTAMENTO TOPOGRAFICO PLANIALTIMETRICO E CADASTRAL,COM CURVAS DE NIVEL A CADA 1,00M,CONSIDERANDO TERRENO DE OROGRAFIAACIDENTADA,VEGETACAO DENSA E EDIFICACAO MEDIA.CUSTO PARA AREA ATE 5000M2 (ESCALA 1:250/500)","UN",11607.47,null,"01.016.0201-A","LEVANTAMENTO TOPOGRAFICO PLANIALTIMETRICO E CADASTRAL,COM CURVAS DE NIVEL A CADA 1,00M,CONSIDERANDO TERRENO DE OROGRAFIAACIDENTADA,VEGETACAO DENSA E EDIFICACAO MEDIA.CUSTO PARA AREA ATE 5000M2 (ESCALA 1:250/500)","UN",10989.24]
["01.016.0202-0","LEVANTAMENTO TOPOGRAFICO PLANIALTIMETRICO E CADASTRAL,COM CURVAS DE NIVEL A CADA 1,00M,CONSIDERANDO TERRENO DE OROGRAFIAACIDENTADA,VEGETACAO DENSA E EDIFICACAO DENSA.CUSTO PARA AREA ATE 5000M2 (ESCALA 1:250/500)","UN",12875.21,null,"01.016.0202-A","LEVANTAMENTO TOPOGRAFICO PLANIALTIMETRICO E CADASTRAL,COM CURVAS DE NIVEL A CADA 1,00M,CONSIDERANDO TERRENO DE OROGRAFIAACIDENTADA,VEGETACAO DENSA E EDIFICACAO DENSA.CUSTO PARA AREA ATE 5000M2 (ESCALA 1:250/500)","UN",12189.48]
["01.016.0203-0","LEVANTAMENTO TOPOGRAFICO PLANIALTIMETRICO E CADASTRAL,COM CURVAS DE NIVEL A CADA 1,00M,CONSIDERANDO TERRENO DE OROGRAFIAACIDENTADA,VEGETACAO RALA E EDIFICACAO LEVE.CUSTO PARA AREAATE 5000M2 (ESCALA 1:250/500)","UN",8566.7199999999993,null,"01.016.0203-A","LEVANTAMENTO TOPOGRAFICO PLANIALTIMETRICO E CADASTRAL,COM CURVAS DE NIVEL A CADA 1,00M,CONSIDERANDO TERRENO DE OROGRAFIAACIDENTADA,VEGETACAO RALA E EDIFICACAO LEVE.CUSTO PARA AREAATE 5000M2 (ESCALA 1:250/500)","UN",8110.45]
["01.016.0204-0","LEVANTAMENTO TOPOGRAFICO PLANIALTIMETRICO E CADASTRAL,COM CURVAS DE NIVEL A CADA 1,00M,CONSIDERANDO TERRENO DE OROGRAFIAACIDENTADA,VEGETACAO RALA E EDIFICACAO MEDIA.CUSTO PARA AREA ATE 5000M2 (ESCALA 1:250/500)","UN",9286.2999999999993,null,"01.016.0204-A","LEVANTAMENTO TOPOGRAFICO PLANIALTIMETRICO E CADASTRAL,COM CURVAS DE NIVEL A CADA 1,00M,CONSIDERANDO TERRENO DE OROGRAFIAACIDENTADA,VEGETACAO RALA E EDIFICACAO MEDIA.CUSTO PARA AREA ATE 5000M2 (ESCALA 1:250/500)","UN",8791.7099999999991]
["01.016.0205-0","LEVANTAMENTO TOPOGRAFICO PLANIALTIMETRICO E CADASTRAL,COM CURVAS DE NIVEL A CADA 1,00M,CONSIDERANDO TERRENO DE OROGRAFIAACIDENTADA,VEGETACAO RALA E EDIFICACAO DENSA.CUSTO PARA AREA ATE 5000M2 (ESCALA 1:250/500)","UN",10708.4,null,"01.016.0205-A","LEVANTAMENTO TOPOGRAFICO PLANIALTIMETRICO E CADASTRAL,COM CURVAS DE NIVEL A CADA 1,00M,CONSIDERANDO TERRENO DE OROGRAFIAACIDENTADA,VEGETACAO RALA E EDIFICACAO DENSA.CUSTO PARA AREA ATE 5000M2 (ESCALA 1:250/500)","UN",10138.07]
["01.016.0206-0","LEVANTAMENTO TOPOGRAFICO PLANIALTIMETRICO E CADASTRAL,COM CURVAS DE NIVEL A CADA 1,00M,CONSIDERANDO TERRENO DE OROGRAFIANAO ACIDENTADA,VEGETACAO DENSA E EDIFICACAO LEVE.CUSTO PARAAREA ATE 5000M2 (ESCALA 1:250/500)","UN",8566.7199999999993,null,"01.016.0206-A","LEVANTAMENTO TOPOGRAFICO PLANIALTIMETRICO E CADASTRAL,COM CURVAS DE NIVEL A CADA 1,00M,CONSIDERANDO TERRENO DE OROGRAFIANAO ACIDENTADA,VEGETACAO DENSA E EDIFICACAO LEVE.CUSTO PARAAREA ATE 5000M2 (ESCALA 1:250/500)","UN",8110.45]
["01.016.0207-0","LEVANTAMENTO TOPOGRAFICO PLANIALTIMETRICO E CADASTRAL,COM CURVAS DE NIVEL A CADA 1,00M,CONSIDERANDO TERRENO DE OROGRAFIANAO ACIDENTADA,VEGETACAO DENSA E EDIFICACAO MEDIA.CUSTO PARAAREA ATE 5000M2 (ESCALA 1:250/500)","UN",9286.2999999999993,null,"01.016.0207-A","LEVANTAMENTO TOPOGRAFICO PLANIALTIMETRICO E CADASTRAL,COM CURVAS DE NIVEL A CADA 1,00M,CONSIDERANDO TERRENO DE OROGRAFIANAO ACIDENTADA,VEGETACAO DENSA E EDIFICACAO MEDIA.CUSTO PARAAREA ATE 5000M2 (ESCALA 1:250/500)","UN",8791.7099999999991]
["01.016.0208-0","LEVANTAMENTO TOPOGRAFICO PLANIALTIMETRICO E CADASTRAL,COM CURVAS DE NIVEL A CADA 1,00M,CONSIDERANDO TERRENO DE OROGRAFIANAO ACIDENTADA,VEGETACAO DENSA E EDIFICACAO DENSA.CUSTO PARA AREA ATE 5000M2 (ESCALA 1:250/500)","UN",10708.4,null,"01.016.0208-A","LEVANTAMENTO TOPOGRAFICO PLANIALTIMETRICO E CADASTRAL,COM CURVAS DE NIVEL A CADA 1,00M,CONSIDERANDO TERRENO DE OROGRAFIANAO ACIDENTADA,VEGETACAO DENSA E EDIFICACAO DENSA.CUSTO PARA AREA ATE 5000M2 (ESCALA 1:250/500)","UN",10138.07]
["01.016.0209-0","LEVANTAMENTO TOPOGRAFICO PLANIALTIMETRICO E CADASTRAL,COM CURVAS DE NIVEL A CADA 1,00M,CONSIDERANDO TERRENO DE OROGRAFIANAO ACIDENTADA,VEGETACAO RALA E EDIFICACAO LEVE.CUSTO PARAAREA ATE 5000M2 (ESCALA 1:250/500)","UN",6423.8,null,"01.016.0209-A","LEVANTAMENTO TOPOGRAFICO PLANIALTIMETRICO E CADASTRAL,COM CURVAS DE NIVEL A CADA 1,00M,CONSIDERANDO TERRENO DE OROGRAFIANAO ACIDENTADA,VEGETACAO RALA E EDIFICACAO LEVE.CUSTO PARAAREA ATE 5000M2 (ESCALA 1:250/500)","UN",6081.67]
["01.016.0210-0","LEVANTAMENTO TOPOGRAFICO PLANIALTIMETRICO E CADASTRAL,COM CURVAS DE NIVEL A CADA 1,00M,CONSIDERANDO TERRENO DE OROGRAFIANAO ACIDENTADA,VEGETACAO RALA E EDIFICACAO MEDIA.CUSTO PARAAREA ATE 5000M2 (ESCALA 1:250/500)","UN",6963.37,null,"01.016.0210-A","LEVANTAMENTO TOPOGRAFICO PLANIALTIMETRICO E CADASTRAL,COM CURVAS DE NIVEL A CADA 1,00M,CONSIDERANDO TERRENO DE OROGRAFIANAO ACIDENTADA,VEGETACAO RALA E EDIFICACAO MEDIA.CUSTO PARAAREA ATE 5000M2 (ESCALA 1:250/500)","UN",6592.5]
["01.016.0211-0","LEVANTAMENTO TOPOGRAFICO PLANIALTIMETRICO E CADASTRAL,COM CURVAS DE NIVEL A CADA 1,00M,CONSIDERANDO TERRENO DE OROGRAFIANAO ACIDENTADA,VEGETACAO RALA E EDIFICACAO DENSA.CUSTO PARAAREA ATE 5000M2 (ESCALA 1:250/500)","UN",8566.7199999999993,null,"01.016.0211-A","LEVANTAMENTO TOPOGRAFICO PLANIALTIMETRICO E CADASTRAL,COM CURVAS DE NIVEL A CADA 1,00M,CONSIDERANDO TERRENO DE OROGRAFIANAO ACIDENTADA,VEGETACAO RALA E EDIFICACAO DENSA.CUSTO PARAAREA ATE 5000M2 (ESCALA 1:250/500)","UN",8110.45]
["01.016.0220-0","LEVANTAMENTO TOPOGRAFICO PLANIALTIMETRICO E CADASTRAL,COM CURVAS DE NIVEL A CADA 1,00M,CONSIDERANDO TERRENO DE OROGRAFIAACIDENTADA,VEGETACAO DENSA E EDIFICACAO LEVE.CUSTO PARA AREA DE 5000 A 10000M2 (ESCALA 1:200/500)","UN",12875.21,null,"01.016.0220-A","LEVANTAMENTO TOPOGRAFICO PLANIALTIMETRICO E CADASTRAL,COM CURVAS DE NIVEL A CADA 1,00M,CONSIDERANDO TERRENO DE OROGRAFIAACIDENTADA,VEGETACAO DENSA E EDIFICACAO LEVE.CUSTO PARA AREA DE 5000 A 10000M2 (ESCALA 1:200/500)","UN",12189.48]
["01.016.0221-0","LEVANTAMENTO TOPOGRAFICO PLANIALTIMETRICO E CADASTRAL,COM CURVAS DE NIVEL A CADA 1,00M,CONSIDERANDO TERRENO DE OROGRAFIAACIDENTADA,VEGETACAO DENSA E EDIFICACAO MEDIA.CUSTO PARA AREA DE 5000 A 10000M2 (ESCALA 1:250/500)","UN",13905.22,null,"01.016.0221-A","LEVANTAMENTO TOPOGRAFICO PLANIALTIMETRICO E CADASTRAL,COM CURVAS DE NIVEL A CADA 1,00M,CONSIDERANDO TERRENO DE OROGRAFIAACIDENTADA,VEGETACAO DENSA E EDIFICACAO MEDIA.CUSTO PARA AREA DE 5000 A 10000M2 (ESCALA 1:250/500)","UN",13164.63]
["01.016.0222-0","LEVANTAMENTO TOPOGRAFICO PLANIALTIMETRICO E CADASTRAL,COM CURVAS DE NIVEL A CADA 1,00M,CONSIDERANDO TERRENO DE OROGRAFIAACIDENTADA,VEGETACAO DENSA E EDIFICACAO DENSA.CUSTO PARA AREA DE 5000 A 10000M2 (ESCALA 1:250/500)","UN",15010.61,null,"01.016.0222-A","LEVANTAMENTO TOPOGRAFICO PLANIALTIMETRICO E CADASTRAL,COM CURVAS DE NIVEL A CADA 1,00M,CONSIDERANDO TERRENO DE OROGRAFIAACIDENTADA,VEGETACAO DENSA E EDIFICACAO DENSA.CUSTO PARA AREA DE 5000 A 10000M2 (ESCALA 1:250/500)","UN",14211.14]
["01.016.0223-0","LEVANTAMENTO TOPOGRAFICO PLANIALTIMETRICO E CADASTRAL,COM CURVAS DE NIVEL A CADA 1,00M,CONSIDERANDO TERRENO DE OROGRAFIAACIDENTADA,VEGETACAO RALA E EDIFICACAO LEVE.CUSTO PARA AREADE 5000 A 10000M2 (ESCALA 1:250/500)","UN",10708.4,null,"01.016.0223-A","LEVANTAMENTO TOPOGRAFICO PLANIALTIMETRICO E CADASTRAL,COM CURVAS DE NIVEL A CADA 1,00M,CONSIDERANDO TERRENO DE OROGRAFIAACIDENTADA,VEGETACAO RALA E EDIFICACAO LEVE.CUSTO PARA AREADE 5000 A 10000M2 (ESCALA 1:250/500)","UN",10138.07]
["01.016.0224-0","LEVANTAMENTO TOPOGRAFICO PLANIALTIMETRICO E CADASTRAL,COM CURVAS DE NIVEL A CADA 1,00M,CONSIDERANDO TERRENO DE OROGRAFIAACIDENTADA,VEGETACAO RALA E EDIFICACAO MEDIA.CUSTO PARA AREA DE 5000 A 10000M2 (ESCALA 1:250/500)","UN",11607.47,null,"01.016.0224-A","LEVANTAMENTO TOPOGRAFICO PLANIALTIMETRICO E CADASTRAL,COM CURVAS DE NIVEL A CADA 1,00M,CONSIDERANDO TERRENO DE OROGRAFIAACIDENTADA,VEGETACAO RALA E EDIFICACAO MEDIA.CUSTO PARA AREA DE 5000 A 10000M2 (ESCALA 1:250/500)","UN",10989.24]
["01.016.0225-0","LEVANTAMENTO TOPOGRAFICO PLANIALTIMETRICO E CADASTRAL,COM CURVAS DE NIVEL A CADA 1,00M,CONSIDERANDO TERRENO DE OROGRAFIAACIDENTADA,VEGETACAO RALA E EDIFICACAO DENSA.CUSTO PARA AREA DE 5000 A 10000M2 (ESCALA 1:250/500)","UN",12875.21,null,"01.016.0225-A","LEVANTAMENTO TOPOGRAFICO PLANIALTIMETRICO E CADASTRAL,COM CURVAS DE NIVEL A CADA 1,00M,CONSIDERANDO TERRENO DE OROGRAFIAACIDENTADA,VEGETACAO RALA E EDIFICACAO DENSA.CUSTO PARA AREA DE 5000 A 10000M2 (ESCALA 1:250/500)","UN",12189.48]
["01.016.0226-0","LEVANTAMENTO TOPOGRAFICO PLANIALTIMETRICO E CADASTRAL,COM CURVAS DE NIVEL A CADA 1,00M,CONSIDERANDO TERRENO DE OROGRAFIANAO ACIDENTADA,VEGETACAO DENSA E EDIFICACAO LEVE.CUSTO PARAAREA DE 5000 A 10000M2 (ESCALA 1:250/500)","UN",10708.4,null,"01.016.0226-A","LEVANTAMENTO TOPOGRAFICO PLANIALTIMETRICO E CADASTRAL,COM CURVAS DE NIVEL A CADA 1,00M,CONSIDERANDO TERRENO DE OROGRAFIANAO ACIDENTADA,VEGETACAO DENSA E EDIFICACAO LEVE.CUSTO PARAAREA DE 5000 A 10000M2 (ESCALA 1:250/500)","UN",10138.07]
["01.016.0227-0","LEVANTAMENTO TOPOGRAFICO PLANIALTIMETRICO E CADASTRAL,COM CURVAS DE NIVEL A CADA 1,00M,CONSIDERANDO TERRENO DE OROGRAFIANAO ACIDENTADA,VEGETACAO DENSA E EDIFICACAO MEDIA.CUSTO PARA AREA DE 5000 A 10000M2 (ESCALA 1:250/500)","UN",11607.47,null,"01.016.0227-A","LEVANTAMENTO TOPOGRAFICO PLANIALTIMETRICO E CADASTRAL,COM CURVAS DE NIVEL A CADA 1,00M,CONSIDERANDO TERRENO DE OROGRAFIANAO ACIDENTADA,VEGETACAO DENSA E EDIFICACAO MEDIA.CUSTO PARA AREA DE 5000 A 10000M2 (ESCALA 1:250/500)","UN",10989.24]
["01.016.0228-0","LEVANTAMENTO TOPOGRAFICO PLANIALTIMETRICO E CADASTRAL,COM CURVAS DE NIVEL A CADA 1,00M,CONSIDERANDO TERRENO DE OROGRAFIANAO ACIDENTADA,VEGETACAO DENSA E EDIFICACAO DENSA.CUSTO PARA AREA DE 5000 A 10000M2 (ESCALA 1:250/500)","UN",12875.21,null,"01.016.0228-A","LEVANTAMENTO TOPOGRAFICO PLANIALTIMETRICO E CADASTRAL,COM CURVAS DE NIVEL A CADA 1,00M,CONSIDERANDO TERRENO DE OROGRAFIANAO ACIDENTADA,VEGETACAO DENSA E EDIFICACAO DENSA.CUSTO PARA AREA DE 5000 A 10000M2 (ESCALA 1:250/500)","UN",12189.48]
["01.016.0229-0","LEVANTAMENTO TOPOGRAFICO PLANIALTIMETRICO E CADASTRAL,COM CURVAS DE NIVEL A CADA 1,00M,CONSIDERANDO TERRENO DE OROGRAFIANAO ACIDENTADA,VEGETACAO RALA E EDIFICACAO LEVE.CUSTO PARAAREA DE 5000 A 10000M2 (ESCALA 1:250/500)","UN",8566.7199999999993,null,"01.016.0229-A","LEVANTAMENTO TOPOGRAFICO PLANIALTIMETRICO E CADASTRAL,COM CURVAS DE NIVEL A CADA 1,00M,CONSIDERANDO TERRENO DE OROGRAFIANAO ACIDENTADA,VEGETACAO RALA E EDIFICACAO LEVE.CUSTO PARAAREA DE 5000 A 10000M2 (ESCALA 1:250/500)","UN",8110.45]
["01.016.0230-0","LEVANTAMENTO TOPOGRAFICO PLANIALTIMETRICO E CADASTRAL,COM CURVAS DE NIVEL A CADA 1,00M,CONSIDERANDO TERRENO DE OROGRAFIANAO ACIDENTADA,VEGETACAO RALA E EDIFICACAO MEDIA.CUSTO PARAAREA DE 5000 A 10000M2 (ESCALA 1:250/500)","UN",9286.2999999999993,null,"01.016.0230-A","LEVANTAMENTO TOPOGRAFICO PLANIALTIMETRICO E CADASTRAL,COM CURVAS DE NIVEL A CADA 1,00M,CONSIDERANDO TERRENO DE OROGRAFIANAO ACIDENTADA,VEGETACAO RALA E EDIFICACAO MEDIA.CUSTO PARAAREA DE 5000 A 10000M2 (ESCALA 1:250/500)","UN",8791.7099999999991]
["01.016.0231-0","LEVANTAMENTO TOPOGRAFICO PLANIALTIMETRICO E CADASTRAL,COM CURVAS DE NIVEL A CADA 1,00M,CONSIDERANDO TERRENO DE OROGRAFIANAO ACIDENTADA,VEGETACAO RALA E EDIFICACAO DENSA.CUSTO PARAAREA DE 5000 A 10000M2 (ESCALA 1:250/500)","UN",10708.4,null,"01.016.0231-A","LEVANTAMENTO TOPOGRAFICO PLANIALTIMETRICO E CADASTRAL,COM CURVAS DE NIVEL A CADA 1,00M,CONSIDERANDO TERRENO DE OROGRAFIANAO ACIDENTADA,VEGETACAO RALA E EDIFICACAO DENSA.CUSTO PARAAREA DE 5000 A 10000M2 (ESCALA 1:250/500)","UN",10138.07]
["01.016.0240-0","LEVANTAMENTO TOPOGRAFICO PLANIALTIMETRICO E CADASTRAL,COM CURVAS DE NIVEL A CADA 1,00M,CONSIDERANDO TERRENO DE OROGRAFIAACIDENTADA,VEGETACAO DENSA E EDIFICACAO LEVE.CUSTO PARA AREA DE 10000 A 20000M2 (ESCALA 1:250/500)","UN",15010.61,null,"01.016.0240-A","LEVANTAMENTO TOPOGRAFICO PLANIALTIMETRICO E CADASTRAL,COM CURVAS DE NIVEL A CADA 1,00M,CONSIDERANDO TERRENO DE OROGRAFIAACIDENTADA,VEGETACAO DENSA E EDIFICACAO LEVE.CUSTO PARA AREA DE 10000 A 20000M2 (ESCALA 1:250/500)","UN",14211.14]
["01.016.0241-0","LEVANTAMENTO TOPOGRAFICO PLANIALTIMETRICO E CADASTRAL,COM CURVAS DE NIVEL A CADA 1,00M,CONSIDERANDO TERRENO DE OROGRAFIAACIDENTADA,VEGETACAO DENSA E EDIFICACAO MEDIA.CUSTO PARA AREA DE 10000 A 20000M2 (ESCALA 1:250/500)","UN",16211.43,null,"01.016.0241-A","LEVANTAMENTO TOPOGRAFICO PLANIALTIMETRICO E CADASTRAL,COM CURVAS DE NIVEL A CADA 1,00M,CONSIDERANDO TERRENO DE OROGRAFIAACIDENTADA,VEGETACAO DENSA E EDIFICACAO MEDIA.CUSTO PARA AREA DE 10000 A 20000M2 (ESCALA 1:250/500)","UN",15348.01]
["01.016.0242-0","LEVANTAMENTO TOPOGRAFICO PLANIALTIMETRICO E CADASTRAL,COM CURVAS DE NIVEL A CADA 1,00M,CONSIDERANDO TERRENO DE OROGRAFIAACIDENTADA,VEGETACAO DENSA E EDIFICACAO DENSA.CUSTO PARA AREA DE 10000 A 20000M2 (ESCALA 1:250/500)","UN",17508.310000000001,null,"01.016.0242-A","LEVANTAMENTO TOPOGRAFICO PLANIALTIMETRICO E CADASTRAL,COM CURVAS DE NIVEL A CADA 1,00M,CONSIDERANDO TERRENO DE OROGRAFIAACIDENTADA,VEGETACAO DENSA E EDIFICACAO DENSA.CUSTO PARA AREA DE 10000 A 20000M2 (ESCALA 1:250/500)","UN",16575.82]
["01.016.0243-0","LEVANTAMENTO TOPOGRAFICO PLANIALTIMETRICO E CADASTRAL,COM CURVAS DE NIVEL A CADA 1,00M,CONSIDERANDO TERRENO DE OROGRAFIAACIDENTADA,VEGETACAO RALA E EDIFICACAO LEVE.CUSTO PARA AREADE 10000 A 20000M2 (ESCALA 1:250/500)","UN",12875.21,null,"01.016.0243-A","LEVANTAMENTO TOPOGRAFICO PLANIALTIMETRICO E CADASTRAL,COM CURVAS DE NIVEL A CADA 1,00M,CONSIDERANDO TERRENO DE OROGRAFIAACIDENTADA,VEGETACAO RALA E EDIFICACAO LEVE.CUSTO PARA AREADE 10000 A 20000M2 (ESCALA 1:250/500)","UN",12189.48]
["01.016.0244-0","LEVANTAMENTO TOPOGRAFICO PLANIALTIMETRICO E CADASTRAL,COM CURVAS DE NIVEL A CADA 1,00M,CONSIDERANDO TERRENO DE OROGRAFIAACIDENTADA,VEGETACAO RALA E EDIFICACAO MEDIA.CUSTO PARA AREA DE 10000 A 20000M2 (ESCALA 1:250/500)","UN",13905.22,null,"01.016.0244-A","LEVANTAMENTO TOPOGRAFICO PLANIALTIMETRICO E CADASTRAL,COM CURVAS DE NIVEL A CADA 1,00M,CONSIDERANDO TERRENO DE OROGRAFIAACIDENTADA,VEGETACAO RALA E EDIFICACAO MEDIA.CUSTO PARA AREA DE 10000 A 20000M2 (ESCALA 1:250/500)","UN",13164.63]
["01.016.0245-0","LEVANTAMENTO TOPOGRAFICO PLANIALTIMETRICO E CADASTRAL,COM CURVAS DE NIVEL A CADA 1,00M,CONSIDERANDO TERRENO DE OROGRAFIAACIDENTADA,VEGETACAO RALA E EDIFICACAO DENSA.CUSTO PARA AREA DE 10000 A 20000M2 (ESCALA 1:250/500)","UN",15010.61,null,"01.016.0245-A","LEVANTAMENTO TOPOGRAFICO PLANIALTIMETRICO E CADASTRAL,COM CURVAS DE NIVEL A CADA 1,00M,CONSIDERANDO TERRENO DE OROGRAFIAACIDENTADA,VEGETACAO RALA E EDIFICACAO DENSA.CUSTO PARA AREA DE 10000 A 20000M2 (ESCALA 1:250/500)","UN",14211.14]
["01.016.0246-0","LEVANTAMENTO TOPOGRAFICO PLANIALTIMETRICO E CADASTRAL,COM CURVAS DE NIVEL A CADA 1,00M,CONSIDERANDO TERRENO DE OROGRAFIANAO ACIDENTADA,VEGETACAO DENSA E EDIFICACAO LEVE.CUSTO PARAAREA DE 10000 ATE 20000M2 (ESCALA 1:250/500)","UN",12875.21,null,"01.016.0246-A","LEVANTAMENTO TOPOGRAFICO PLANIALTIMETRICO E CADASTRAL,COM CURVAS DE NIVEL A CADA 1,00M,CONSIDERANDO TERRENO DE OROGRAFIANAO ACIDENTADA,VEGETACAO DENSA E EDIFICACAO LEVE.CUSTO PARAAREA DE 10000 ATE 20000M2 (ESCALA 1:250/500)","UN",12189.48]
["01.016.0247-0","LEVANTAMENTO TOPOGRAFICO PLANIALTIMETRICO E CADASTRAL,COM CURVAS DE NIVEL A CADA 1,00M,CONSIDERANDO TERRENO DE OROGRAFIANAO ACIDENTADA,VEGETACAO DENSA E EDIFICACAO MEDIA.CUSTO PARA AREA DE 10000 A 20000M2 (ESCALA 1:250/500)","UN",13905.22,null,"01.016.0247-A","LEVANTAMENTO TOPOGRAFICO PLANIALTIMETRICO E CADASTRAL,COM CURVAS DE NIVEL A CADA 1,00M,CONSIDERANDO TERRENO DE OROGRAFIANAO ACIDENTADA,VEGETACAO DENSA E EDIFICACAO MEDIA.CUSTO PARA AREA DE 10000 A 20000M2 (ESCALA 1:250/500)","UN",13164.63]
["01.016.0248-0","LEVANTAMENTO TOPOGRAFICO PLANIALTIMETRICO E CADASTRAL,COM CURVAS DE NIVEL A CADA 1,00M,CONSIDERANDO TERRENO DE OROGRAFIANAO ACIDENTADA,VEGETACAO DENSA E EDIFICACAO DENSA.CUSTO PARA AREA DE 10000 A 20000M2 (ESCALA 1:250/500)","UN",15010.61,null,"01.016.0248-A","LEVANTAMENTO TOPOGRAFICO PLANIALTIMETRICO E CADASTRAL,COM CURVAS DE NIVEL A CADA 1,00M,CONSIDERANDO TERRENO DE OROGRAFIANAO ACIDENTADA,VEGETACAO DENSA E EDIFICACAO DENSA.CUSTO PARA AREA DE 10000 A 20000M2 (ESCALA 1:250/500)","UN",14211.14]
["01.016.0249-0","LEVANTAMENTO TOPOGRAFICO PLANIALTIMETRICO E CADASTRAL,COM CURVAS DE NIVEL A CADA 1,00M,CONSIDERANDO TERRENO DE OROGRAFIANAO ACIDENTADA,VEGETACAO RALA E EDIFICACAO LEVE.CUSTO PARAAREA DE 10000 A 20.000M2 (ESCALA 1:250/500)","UN",10708.4,null,"01.016.0249-A","LEVANTAMENTO TOPOGRAFICO PLANIALTIMETRICO E CADASTRAL,COM CURVAS DE NIVEL A CADA 1,00M,CONSIDERANDO TERRENO DE OROGRAFIANAO ACIDENTADA,VEGETACAO RALA E EDIFICACAO LEVE.CUSTO PARAAREA DE 10000 A 20.000M2 (ESCALA 1:250/500)","UN",10138.07]
["01.016.0250-0","LEVANTAMENTO TOPOGRAFICO PLANIALTIMETRICO E CADASTRAL,COM CURVAS DE NIVEL A CADA 1,00M,CONSIDERANDO TERRENO DE OROGRAFIANAO ACIDENTADA,VEGETACAO RALA E EDIFICACAO MEDIA.CUSTO PARAAREA DE 10000 A 20000M2 (ESCALA 1:250/500)","UN",11607.47,null,"01.016.0250-A","LEVANTAMENTO TOPOGRAFICO PLANIALTIMETRICO E CADASTRAL,COM CURVAS DE NIVEL A CADA 1,00M,CONSIDERANDO TERRENO DE OROGRAFIANAO ACIDENTADA,VEGETACAO RALA E EDIFICACAO MEDIA.CUSTO PARAAREA DE 10000 A 20000M2 (ESCALA 1:250/500)","UN",10989.24]
["01.016.0251-0","LEVANTAMENTO TOPOGRAFICO PLANIALTIMETRICO E CADASTRAL,COM CURVAS DE NIVEL A CADA 1,00M,CONSIDERANDO TERRENO DE OROGRAFIANAO ACIDENTADA,VEGETACAO RALA E EDIFICACAO DENSA.CUSTO PARAAREA DE 10000 A 20000M2 (ESCALA 1:250/500)","UN",12875.21,null,"01.016.0251-A","LEVANTAMENTO TOPOGRAFICO PLANIALTIMETRICO E CADASTRAL,COM CURVAS DE NIVEL A CADA 1,00M,CONSIDERANDO TERRENO DE OROGRAFIANAO ACIDENTADA,VEGETACAO RALA E EDIFICACAO DENSA.CUSTO PARAAREA DE 10000 A 20000M2 (ESCALA 1:250/500)","UN",12189.48]
["01.017.0001-0","LOCACAO DE PROJETO DE ESTRADAS,EXECUTADAS DE ACORDO COM A INSTRUCAO IT-28/80 DO DER-RJ,INCLUSIVE NIVELAMENTO E SECOES TRANSVERSAIS E DELIMITACAO DAS LINHAS DEMARCADORAS DE FAIXA DEDOMINIO,EM TERRENO DE OROGRAFIA ACIDENTADA E VEGETACAO DENSA","KM",38198.21,null,"01.017.0001-A","LOCACAO DE PROJETO DE ESTRADAS,EXECUTADAS DE ACORDO COM A INSTRUCAO IT-28/80 DO DER-RJ,INCLUSIVE NIVELAMENTO E SECOES TRANSVERSAIS E DELIMITACAO DAS LINHAS DEMARCADORAS DE FAIXA DEDOMINIO,EM TERRENO DE OROGRAFIA ACIDENTADA E VEGETACAO DENSA","KM",36140.019999999997]
["01.017.0002-0","LOCACAO DE PROJETO DE ESTRADAS,EXECUTADAS DE ACORDO COM A INSTRUCAO IT-28/80 DO DER-RJ,INCLUSIVE NIVELAMENTO E SECOES TRANSVERSAIS E DELIMITACAO DAS LINHAS DEMARCADORAS DE FAIXA DEDOMINIO,EM TERRENO DE OROGRAFIA ACIDENTADA E VEGETACAO LEVE","KM",21050.3,null,"01.017.0002-A","LOCACAO DE PROJETO DE ESTRADAS,EXECUTADAS DE ACORDO COM A INSTRUCAO IT-28/80 DO DER-RJ,INCLUSIVE NIVELAMENTO E SECOES TRANSVERSAIS E DELIMITACAO DAS LINHAS DEMARCADORAS DE FAIXA DEDOMINIO,EM TERRENO DE OROGRAFIA ACIDENTADA E VEGETACAO LEVE","KM",19941.509999999998]
["01.017.0003-0","LOCACAO DE PROJETO DE ESTRADAS,EXECUTADAS DE ACORDO COM A INSTRUCAO IT-28/80 DO DER-RJ,INCLUSIVE NIVELAMENTO E SECOES TRANSVERSAIS E DELIMITACAO DAS LINHAS DEMARCADORAS DE FAIXA DEDOMINIO,EM TERRENO DE OROGRAFIA NAO ACIDENTADA E VEGETACAODENSA","KM",26854.02,null,"01.017.0003-A","LOCACAO DE PROJETO DE ESTRADAS,EXECUTADAS DE ACORDO COM A INSTRUCAO IT-28/80 DO DER-RJ,INCLUSIVE NIVELAMENTO E SECOES TRANSVERSAIS E DELIMITACAO DAS LINHAS DEMARCADORAS DE FAIXA DEDOMINIO,EM TERRENO DE OROGRAFIA NAO ACIDENTADA E VEGETACAODENSA","KM",25428.97]
["01.017.0004-0","LOCACAO DE PROJETO DE ESTRADAS,EXECUTADAS DE ACORDO COM A INSTRUCAO IT-28/80 DO DER-RJ,INCLUSIVE NIVELAMENTO E SECOES TRANSVERSAIS E DELIMITACAO DAS LINHAS DEMARCADORAS DE FAIXA DEDOMINIO,EM TERRENO DE OROGRAFIA NAO ACIDENTADA E VEGETACAOLEVE","KM",15482.74,null,"01.017.0004-A","LOCACAO DE PROJETO DE ESTRADAS,EXECUTADAS DE ACORDO COM A INSTRUCAO IT-28/80 DO DER-RJ,INCLUSIVE NIVELAMENTO E SECOES TRANSVERSAIS E DELIMITACAO DAS LINHAS DEMARCADORAS DE FAIXA DEDOMINIO,EM TERRENO DE OROGRAFIA NAO ACIDENTADA E VEGETACAOLEVE","KM",14695.23]
["01.017.0005-0","RELOCACAO DE PROJETO DE ESTRADA EXISTENTE EXECUTADA DE ACORDO COM A INSTRUCAO IT-28/80 DO DER-RJ,INCLUSIVE NIVELAMENTO ESECOES TRANSVERSAIS PARA TRAFEGO COM VOLUME MEDIO DIARIO MENOR QUE 500 VEICULOS/DIA","KM",17163.12,null,"01.017.0005-A","RELOCACAO DE PROJETO DE ESTRADA EXISTENTE EXECUTADA DE ACORDO COM A INSTRUCAO IT-28/80 DO DER-RJ,INCLUSIVE NIVELAMENTO ESECOES TRANSVERSAIS PARA TRAFEGO COM VOLUME MEDIO DIARIO MENOR QUE 500 VEICULOS/DIA","KM",16337.81]
["01.017.0010-0","SERVICOS TOPOGRAFICOS PARA RESTAURACAO DE RODOVIAS,DE ACORDOCOM A INSTRUCAO IT-55/83 DO DER-RJ,COMPREENDENDO RELOCACAO,NIVELAMENTO,SECOES TRANSVERSAIS,IMPLANTACAO DE MARCOS,CADASTRO DE OBRAS DE ARTE CORRENTE,ELEMENTOS DE DRENAGEM,CONDICOESDE SUPERFICIE DA PISTA E INTERSECOES,PARA VOLUME MEDIO DIARIO ATE 1000 VEICULOS/DIA","KM",15256.11,null,"01.017.0010-A","SERVICOS TOPOGRAFICOS PARA RESTAURACAO DE RODOVIAS,DE ACORDOCOM A INSTRUCAO IT-55/83 DO DER-RJ,COMPREENDENDO RELOCACAO,NIVELAMENTO,SECOES TRANSVERSAIS,IMPLANTACAO DE MARCOS,CADASTRO DE OBRAS DE ARTE CORRENTE,ELEMENTOS DE DRENAGEM,CONDICOESDE SUPERFICIE DA PISTA E INTERSECOES,PARA VOLUME MEDIO DIARIO ATE 1000 VEICULOS/DIA","KM",14522.49]
["01.018.0001-0","MARCACAO DE OBRA SEM INSTRUMENTO TOPOGRAFICO,CONSIDERADA A PROJECAO HORIZONTAL DA AREA ENVOLVENTE","M2",4.05,null,"01.018.0001-A","MARCACAO DE OBRA SEM INSTRUMENTO TOPOGRAFICO,CONSIDERADA A PROJECAO HORIZONTAL DA AREA ENVOLVENTE","M2",3.87]
["01.018.0002-0","LOCACAO DE OBRA COM APARELHO TOPOGRAFICO SOBRE CERCA DE MARCACAO,INCLUSIVE CONSTRUCAO DESTA E SUA PRE-LOCACAO E O FORNECIMENTO DO MATERIAL E TENDO POR MEDICAO O PERIMETRO A CONSTRUIR","M",27.7,null,"01.018.0002-A","LOCACAO DE OBRA COM APARELHO TOPOGRAFICO SOBRE CERCA DE MARCACAO,INCLUSIVE CONSTRUCAO DESTA E SUA PRE-LOCACAO E O FORNECIMENTO DO MATERIAL E TENDO POR MEDICAO O PERIMETRO A CONSTRUIR","M",26.48]
["01.019.0010-0","LEVANTAMENTO CADASTRAL GEOMETRICO DE IMOVEIS COM AREA ATE 1500M2","M2",7.42,null,"01.019.0010-A","LEVANTAMENTO CADASTRAL GEOMETRICO DE IMOVEIS COM AREA ATE 1500M2","M2",6.95]
["01.019.0012-0","LEVANTAMENTO CADASTRAL GEOMETRICO DE IMOVEIS COM AREA ENTRE1501 E 3000M2. ESTE ITEM DEVE SER UTILIZADO COMO COMPLEMENTODO ANTERIOR","M2",2.37,null,"01.019.0012-A","LEVANTAMENTO CADASTRAL GEOMETRICO DE IMOVEIS COM AREA ENTRE1501 E 3000M2. ESTE ITEM DEVE SER UTILIZADO COMO COMPLEMENTODO ANTERIOR","M2",2.23]
["01.019.0015-0","LEVANTAMENTO CADASTRAL GEOMETRICO DE IMOVEIS COM AREA ACIMADE 3000M2. ESTE ITEM DEVE SER UTILIZADO COMO COMPLEMENTO DOSANTERIORES","M2",0.97,null,"01.019.0015-A","LEVANTAMENTO CADASTRAL GEOMETRICO DE IMOVEIS COM AREA ACIMADE 3000M2. ESTE ITEM DEVE SER UTILIZADO COMO COMPLEMENTO DOSANTERIORES","M2",0.91]
["01.019.0040-0","LEVANTAMENTO CADASTRAL DAS PROFUNDIDADES DOS TUBOS E GALERIAS QUE CONCORREM EM UM POCO DE VISITA,PROFUNDIDADES ESTAS,MEDIDAS A REGUA E REFERENCIADAS A COTA DA TAMPA DO POCO-POCO ENCONTRADO EM CONDICOES DE LIMPEZA QUE PERMITAM A LEITURA IMEDIATA","UN",8.19,null,"01.019.0040-A","LEVANTAMENTO CADASTRAL DAS PROFUNDIDADES DOS TUBOS E GALERIAS QUE CONCORREM EM UM POCO DE VISITA,PROFUNDIDADES ESTAS,MEDIDAS A REGUA E REFERENCIADAS A COTA DA TAMPA DO POCO-POCO ENCONTRADO EM CONDICOES DE LIMPEZA QUE PERMITAM A LEITURA IMEDIATA","UN",7.64]
["01.019.0045-0","LEVANTAMENTO CADASTRAL DAS PROFUNDIDADES DOS TUBOS E GALERIAS QUE CONCORREM EM UM POCO DE VISITA,PROFUNDIDADES ESTAS,MEDIDAS A REGUA E REFERENCIADAS A COTA DA TAMPA DO POCO-POCO ENCONTRADO INUNDADO TENDO QUE SER ESGOTADO ANTES QUE SE POSSAFAZER A LEITURA","UN",95.83,null,"01.019.0045-A","LEVANTAMENTO CADASTRAL DAS PROFUNDIDADES DOS TUBOS E GALERIAS QUE CONCORREM EM UM POCO DE VISITA,PROFUNDIDADES ESTAS,MEDIDAS A REGUA E REFERENCIADAS A COTA DA TAMPA DO POCO-POCO ENCONTRADO INUNDADO TENDO QUE SER ESGOTADO ANTES QUE SE POSSAFAZER A LEITURA","UN",94.02]
["01.019.0050-0","LEVANTAMENTO CADASTRAL DAS PROFUNDIDADES DOS TUBOS E GALERIAS QUE CONCORREM EM UM POCO DE VISITA,PROFUNDIDADES ESTAS,MEDIDAS A REGUA E REFERENCIADAS A COTA DA TAMPA DO POCO-POCO ENCONTRADO ASSOREADO TENDO QUE SER LIMPO ANTES QUE SE POSSA FAZER A LEITURA","UN",84.1,null,"01.019.0050-A","LEVANTAMENTO CADASTRAL DAS PROFUNDIDADES DOS TUBOS E GALERIAS QUE CONCORREM EM UM POCO DE VISITA,PROFUNDIDADES ESTAS,MEDIDAS A REGUA E REFERENCIADAS A COTA DA TAMPA DO POCO-POCO ENCONTRADO ASSOREADO TENDO QUE SER LIMPO ANTES QUE SE POSSA FAZER A LEITURA","UN",82.29]
["01.019.0055-0","LEVANTAMENTO CADASTRAL DAS PROFUNDIDADES DOS TUBOS E GALERIAS QUE CONCORREM EM UM POCO DE VISITA,PROFUNDIDADES ESTAS,MEDIDAS A REGUA E REFERENCIADAS A COTA DA TAMPA DO POCO-POCO EMMEIO A UMA VIA PUBLICA COM TRAFEGO,ENCONTRADO EM CONDICOESDE LIMPEZA QUE PERMITAM A LEITURA IMEDIATA","UN",193.4,null,"01.019.0055-A","LEVANTAMENTO CADASTRAL DAS PROFUNDIDADES DOS TUBOS E GALERIAS QUE CONCORREM EM UM POCO DE VISITA,PROFUNDIDADES ESTAS,MEDIDAS A REGUA E REFERENCIADAS A COTA DA TAMPA DO POCO-POCO EMMEIO A UMA VIA PUBLICA COM TRAFEGO,ENCONTRADO EM CONDICOESDE LIMPEZA QUE PERMITAM A LEITURA IMEDIATA","UN",188.2]
["01.019.0060-0","LEVANTAMENTO CADASTRAL DAS PROFUNDIDADES DOS TUBOS E GALERIAS QUE CONCORREM EM UM POCO DE VISITA,PROFUNDIDADES ESTAS MEDIDAS A REGUA E REFERENCIADAS A COTA DA TAMPA DO POCO-POCO EMMEIO A UMA VIA PUBLICA COM TRAFEGO,ENCONTRADO INUNDADO TENDO QUE SER ESGOTADO ANTES QUE SE POSSA FAZER A LEITURA","UN",281.05,null,"01.019.0060-A","LEVANTAMENTO CADASTRAL DAS PROFUNDIDADES DOS TUBOS E GALERIAS QUE CONCORREM EM UM POCO DE VISITA,PROFUNDIDADES ESTAS MEDIDAS A REGUA E REFERENCIADAS A COTA DA TAMPA DO POCO-POCO EMMEIO A UMA VIA PUBLICA COM TRAFEGO,ENCONTRADO INUNDADO TENDO QUE SER ESGOTADO ANTES QUE SE POSSA FAZER A LEITURA","UN",274.58]
["01.019.0065-0","LEVANTAMENTO CADASTRAL DAS PROFUNDIDADES DOS TUBOS E GALERIAS QUE CONCORREM EM UM POCO DE VISITA,PROFUNDIDADES ESTAS,MEDIDAS A REGUA E REFERENCIADAS A COTA DA TAMPA DO POCO-POCO EMMEIO A UMA VIA PUBLICA COM TRAFEGO,ENCONTRADO ASSOREADO TENDO QUE SER LIMPO ANTES QUE SE POSSA FAZER A LEITURA","UN",269.32,null,"01.019.0065-A","LEVANTAMENTO CADASTRAL DAS PROFUNDIDADES DOS TUBOS E GALERIAS QUE CONCORREM EM UM POCO DE VISITA,PROFUNDIDADES ESTAS,MEDIDAS A REGUA E REFERENCIADAS A COTA DA TAMPA DO POCO-POCO EMMEIO A UMA VIA PUBLICA COM TRAFEGO,ENCONTRADO ASSOREADO TENDO QUE SER LIMPO ANTES QUE SE POSSA FAZER A LEITURA","UN",262.85000000000002]
["01.019.0070-0","LEVANTAMENTO CADASTRAL DAS PROFUNDIDADES DOS TUBOS E GALERIAS QUE CONCORREM EM UM POCO DE VISITA,PROFUNDIDADES ESTAS,MEDIDAS A REGUA E REFERENCIADAS A COTA DA TAMPA DO POCO-POCO EMMEIO A UMA VIA PUBLICA COM TRAFEGO,COBERTO POR CAMADA ASFALTICA,ENCONTRADO EM CONDICOES DE LIMPEZA QUE PERMITAM A LEITURA IMEDIATA","UN",215.84,null,"01.019.0070-A","LEVANTAMENTO CADASTRAL DAS PROFUNDIDADES DOS TUBOS E GALERIAS QUE CONCORREM EM UM POCO DE VISITA,PROFUNDIDADES ESTAS,MEDIDAS A REGUA E REFERENCIADAS A COTA DA TAMPA DO POCO-POCO EMMEIO A UMA VIA PUBLICA COM TRAFEGO,COBERTO POR CAMADA ASFALTICA,ENCONTRADO EM CONDICOES DE LIMPEZA QUE PERMITAM A LEITURA IMEDIATA","UN",210.03]
["01.019.0075-0","LEVANTAMENTO CADASTRAL DAS PROFUNDIDADES DOS TUBOS E GALERIAS QUE CONCORREM EM UM POCO DE VISITA,PROFUNDIDADES ESTAS MEDIDAS A REGUA E REFERENCIADAS A COTA DA TAMPA DO POCO-POCO EMMEIO A UMA VIA PUBLICA COM TRAFEGO,COBERTO POR CAMADA ASFALTICA,ENCONTRADO INUNDADO TENDO QUE SER ESGOTADO ANTES QUE SEPOSSA FAZER A LEITURA","UN",303.49,null,"01.019.0075-A","LEVANTAMENTO CADASTRAL DAS PROFUNDIDADES DOS TUBOS E GALERIAS QUE CONCORREM EM UM POCO DE VISITA,PROFUNDIDADES ESTAS MEDIDAS A REGUA E REFERENCIADAS A COTA DA TAMPA DO POCO-POCO EMMEIO A UMA VIA PUBLICA COM TRAFEGO,COBERTO POR CAMADA ASFALTICA,ENCONTRADO INUNDADO TENDO QUE SER ESGOTADO ANTES QUE SEPOSSA FAZER A LEITURA","UN",296.41000000000003]
["01.019.0080-0","LEVANTAMENTO CADASTRAL DAS PROFUNDIDADES DOS TUBOS E GALERIAS QUE CONCORREM EM UM POCO DE VISITA,PROFUNDIDADES ESTAS,MEDIDAS A REGUA E REFERENCIADAS A COTA DA TAMPA DO POCO-POCO EMMEIO A UMA VIA PUBLICA COM TRAFEGO,COBERTO POR CAMADA ASFALTICA,ENCONTRADO ASSOREADO TENDO QUE SER LIMPO ANTES QUE SE POSSA FAZER A LEITURA","UN",291.76,null,"01.019.0080-A","LEVANTAMENTO CADASTRAL DAS PROFUNDIDADES DOS TUBOS E GALERIAS QUE CONCORREM EM UM POCO DE VISITA,PROFUNDIDADES ESTAS,MEDIDAS A REGUA E REFERENCIADAS A COTA DA TAMPA DO POCO-POCO EMMEIO A UMA VIA PUBLICA COM TRAFEGO,COBERTO POR CAMADA ASFALTICA,ENCONTRADO ASSOREADO TENDO QUE SER LIMPO ANTES QUE SE POSSA FAZER A LEITURA","UN",284.68]
["01.050.0010-0","PROJETO BASICO DE ARQUITETURA PARA PREDIOS HOSPITALARES ATE1.000M2,APRESENTADO NOS PADROES DA CONTRATANTE,INCLUSIVE ASLEGALIZACOES PERTINENTES,COORDENACAO E COMPATIBILIZACAO COMOS PROJETOS COMPLEMENTARES","M2",101.21,null,"01.050.0010-A","PROJETO BASICO DE ARQUITETURA PARA PREDIOS HOSPITALARES ATE1.000M2,APRESENTADO NOS PADROES DA CONTRATANTE,INCLUSIVE ASLEGALIZACOES PERTINENTES,COORDENACAO E COMPATIBILIZACAO COMOS PROJETOS COMPLEMENTARES","M2",94.46]
["01.050.0011-0","PROJETO BASICO DE ARQUITETURA PARA PREDIOS HOSPITALARES DE 1.001 ATE 4.000M2,APRESENTADO NOS PADROES DA CONTRATANTE,INCLUSIVE AS LEGALIZACOES PERTINENTES,COORDENACAO E COMPATIBILIZACAO COM OS PROJETOS COMPLEMENTARES","M2",92.44,null,"01.050.0011-A","PROJETO BASICO DE ARQUITETURA PARA PREDIOS HOSPITALARES DE 1.001 ATE 4.000M2,APRESENTADO NOS PADROES DA CONTRATANTE,INCLUSIVE AS LEGALIZACOES PERTINENTES,COORDENACAO E COMPATIBILIZACAO COM OS PROJETOS COMPLEMENTARES","M2",86.27]
["01.050.0012-0","PROJETO BASICO DE ARQUITETURA PARA PREDIOS HOSPITALARES ACIMA DE 4.000M2,APRESENTADO NOS PADROES DA CONTRATANTE,INCLUSIVE AS LEGALIZACOES PERTINENTES,COORDENACAO E COMPATIBILIZACAOCOM OS PROJETOS COMPLEMENTARES","M2",87.22,null,"01.050.0012-A","PROJETO BASICO DE ARQUITETURA PARA PREDIOS HOSPITALARES ACIMA DE 4.000M2,APRESENTADO NOS PADROES DA CONTRATANTE,INCLUSIVE AS LEGALIZACOES PERTINENTES,COORDENACAO E COMPATIBILIZACAOCOM OS PROJETOS COMPLEMENTARES","M2",81.400000000000006]
["01.050.0013-0","PROJETO EXECUTIVO ESTRUTURAL PARA PREDIOS HOSPITALARES ATE 1000M2,INCLUSIVE PROJETO BASICO,APRESENTADO NOS PADROES DA CONTRATANTE,CONSTANDO DE PLANTAS DE FORMA,ARMACAO E DETALHES","M2",110.35,null,"01.050.0013-A","PROJETO EXECUTIVO ESTRUTURAL PARA PREDIOS HOSPITALARES ATE 1000M2,INCLUSIVE PROJETO BASICO,APRESENTADO NOS PADROES DA CONTRATANTE,CONSTANDO DE PLANTAS DE FORMA,ARMACAO E DETALHES","M2",102.98]
["01.050.0014-0","PROJETO EXECUTIVO ESTRUTURAL PARA PREDIOS HOSPITALARES DE 1001 ATE 4000M2,INCLUSIVE PROJETO BASICO,APRESENTADO NOS PADROES DA CONTRATANTE,CONSTANDO DE PLANTAS DE FORMA,ARMACAO E DETALHES","M2",96.89,null,"01.050.0014-A","PROJETO EXECUTIVO ESTRUTURAL PARA PREDIOS HOSPITALARES DE 1001 ATE 4000M2,INCLUSIVE PROJETO BASICO,APRESENTADO NOS PADROES DA CONTRATANTE,CONSTANDO DE PLANTAS DE FORMA,ARMACAO E DETALHES","M2",90.42]
["01.050.0015-0","PROJETO EXECUTIVO ESTRUTURAL PARA PREDIOS HOSPITALARES ACIMADE 4000M2,INCLUSIVE PROJETO BASICO,APRESENTADO NOS PADROES DA CONTRATANTE,CONSTANDO DE PLANTAS DE FORMA,ARMACAO E DETALHES","M2",83.34,null,"01.050.0015-A","PROJETO EXECUTIVO ESTRUTURAL PARA PREDIOS HOSPITALARES ACIMADE 4000M2,INCLUSIVE PROJETO BASICO,APRESENTADO NOS PADROES DA CONTRATANTE,CONSTANDO DE PLANTAS DE FORMA,ARMACAO E DETALHES","M2",77.77]
["01.050.0016-0","PROJETO EXECUTIVO DE ARQUITETURA PARA PREDIOS HOSPITALARES ATE 1000M2,INCLUSIVE PROJETO BASICO,APRESENTADO NOS PADROES DA CONTRATANTE,INCLUSIVE AS LEGALIZACOES PERTINENTES,COORDENACAO E COMPATIBILIZACAO COM OS PROJETOS COMPLEMENTARES","M2",253.14,null,"01.050.0016-A","PROJETO EXECUTIVO DE ARQUITETURA PARA PREDIOS HOSPITALARES ATE 1000M2,INCLUSIVE PROJETO BASICO,APRESENTADO NOS PADROES DA CONTRATANTE,INCLUSIVE AS LEGALIZACOES PERTINENTES,COORDENACAO E COMPATIBILIZACAO COM OS PROJETOS COMPLEMENTARES","M2",236.24]
["01.050.0017-0","PROJETO EXECUTIVO DE ARQUITETURA PARA PREDIOS HOSPITALARES DE 1001 ATE 4000M2,INCLUSIVE PROJETO BASICO,APRESENTADO NOS PADROES DA CONTRATANTE,INCLUSIVE AS LEGALIZACOES PERTINENTES,COORDENACAO E COMPATIBILIZACAO COM OS PROJETOS COMPLEMENTARES","M2",231.27,null,"01.050.0017-A","PROJETO EXECUTIVO DE ARQUITETURA PARA PREDIOS HOSPITALARES DE 1001 ATE 4000M2,INCLUSIVE PROJETO BASICO,APRESENTADO NOS PADROES DA CONTRATANTE,INCLUSIVE AS LEGALIZACOES PERTINENTES,COORDENACAO E COMPATIBILIZACAO COM OS PROJETOS COMPLEMENTARES","M2",215.84]
["01.050.0018-0","PROJETO EXECUTIVO DE ARQUITETURA PARA PREDIOS HOSPITALARES ACIMA DE 4.000M2,INCLUSIVE PROJETO BASICO,APRESENTADO NOS PADROES DA CONTRATANTE,INCLUSIVE AS LEGALIZACOES PERTINENTES,COORDENACAO E COMPATIBILIZACAO COM OS PROJETOS COMPLEMENTARES","M2",218.08,null,"01.050.0018-A","PROJETO EXECUTIVO DE ARQUITETURA PARA PREDIOS HOSPITALARES ACIMA DE 4.000M2,INCLUSIVE PROJETO BASICO,APRESENTADO NOS PADROES DA CONTRATANTE,INCLUSIVE AS LEGALIZACOES PERTINENTES,COORDENACAO E COMPATIBILIZACAO COM OS PROJETOS COMPLEMENTARES","M2",203.52]
["01.050.0019-0","PROJETO BASICO DE ARQUITETURA PARA PREDIOS CULTURAIS ATE 500M2,APRESENTADO NOS PADROES DA CONTRATANTE,INCLUSIVE AS LEGALIZACOES PERTINENTES,COORDENACAO E COMPATIBILIZACAO COM OS PROJETOS COMPLEMENTARES","M2",79.75,null,"01.050.0019-A","PROJETO BASICO DE ARQUITETURA PARA PREDIOS CULTURAIS ATE 500M2,APRESENTADO NOS PADROES DA CONTRATANTE,INCLUSIVE AS LEGALIZACOES PERTINENTES,COORDENACAO E COMPATIBILIZACAO COM OS PROJETOS COMPLEMENTARES","M2",74.42]
["01.050.0020-0","PROJETO BASICO DE ARQUITETURA PARA PREDIOS CULTURAIS DE 501ATE 3.000M2,APRESENTADO NOS PADROES DA CONTRATANTE,INCLUSIVEAS LEGALIZACOES PERTINENTES,COORDENACAO E COMPATIBILIZACAOCOM OS PROJETOS COMPLEMENTARES","M2",70.94,null,"01.050.0020-A","PROJETO BASICO DE ARQUITETURA PARA PREDIOS CULTURAIS DE 501ATE 3.000M2,APRESENTADO NOS PADROES DA CONTRATANTE,INCLUSIVEAS LEGALIZACOES PERTINENTES,COORDENACAO E COMPATIBILIZACAOCOM OS PROJETOS COMPLEMENTARES","M2",66.2]
["01.050.0021-0","PROJETO BASICO DE ARQUITETURA PARA PREDIOS CULTURAIS ACIMA DE 3.000M2,APRESENTADO NOS PADROES DA CONTRATANTE,INCLUSIVE AS LEGALIZACOES PERTINENTES,COORDENACAO E COMPATIBILIZACAO COM OS PROJETOS COMPLEMENTARES","M2",56.15,null,"01.050.0021-A","PROJETO BASICO DE ARQUITETURA PARA PREDIOS CULTURAIS ACIMA DE 3.000M2,APRESENTADO NOS PADROES DA CONTRATANTE,INCLUSIVE AS LEGALIZACOES PERTINENTES,COORDENACAO E COMPATIBILIZACAO COM OS PROJETOS COMPLEMENTARES","M2",52.4]
["01.050.0022-0","PROJETO EXECUTIVO DE ARQUITETURA PARA PREDIOS CULTURAIS ATE500M2,INCLUSIVE PROJETO BASICO,APRESENTADO NOS PADROES DA CONTRATANTE,INCLUSIVE AS LEGALIZACOES PERTINENTES,COORDENACAOE COMPATIBILIZACAO COM OS PROJETOS COMPLEMENTARES","M2",199.44,null,"01.050.0022-A","PROJETO EXECUTIVO DE ARQUITETURA PARA PREDIOS CULTURAIS ATE500M2,INCLUSIVE PROJETO BASICO,APRESENTADO NOS PADROES DA CONTRATANTE,INCLUSIVE AS LEGALIZACOES PERTINENTES,COORDENACAOE COMPATIBILIZACAO COM OS PROJETOS COMPLEMENTARES","M2",186.13]
["01.050.0023-0","PROJETO EXECUTIVO DE ARQUITETURA PARA PREDIOS CULTURAIS DE 501 ATE 3.000M2,INCLUSIVE PROJETO BASICO,APRESENTADO NOS PADROES DA CONTRATANTE,INCLUSIVE AS LEGALIZACOES PERTINENTES,COORDENACAO E COMPATIBILIZACAO COM OS PROJETOS COMPLEMENTARES","M2",177.41,null,"01.050.0023-A","PROJETO EXECUTIVO DE ARQUITETURA PARA PREDIOS CULTURAIS DE 501 ATE 3.000M2,INCLUSIVE PROJETO BASICO,APRESENTADO NOS PADROES DA CONTRATANTE,INCLUSIVE AS LEGALIZACOES PERTINENTES,COORDENACAO E COMPATIBILIZACAO COM OS PROJETOS COMPLEMENTARES","M2",165.57]
["01.050.0024-0","PROJETO EXECUTIVO DE ARQUITETURA PARA PREDIOS CULTURAIS ACIMA DE 3.000M2,INCLUSIVE PROJETO BASICO,APRESENTADO NOS PADROES DA CONTRATANTE,INCLUSIVE AS LEGALIZACOES PERTINENTES,COORDENACAO E COMPATIBILIZACAO COM OS PROJETOS COMPLEMENTARES","M2",140.49,null,"01.050.0024-A","PROJETO EXECUTIVO DE ARQUITETURA PARA PREDIOS CULTURAIS ACIMA DE 3.000M2,INCLUSIVE PROJETO BASICO,APRESENTADO NOS PADROES DA CONTRATANTE,INCLUSIVE AS LEGALIZACOES PERTINENTES,COORDENACAO E COMPATIBILIZACAO COM OS PROJETOS COMPLEMENTARES","M2",131.11000000000001]
["01.050.0025-0","PROJETO EXECUTIVO ESTRUTURAL PARA PREDIOS CULTURAIS ATE 500M2,INCLUSIVE PROJETO BASICO,APRESENTADO NOS PADROES DA CONTRATANTE,CONSTANDO DE PLANTAS DE FORMA,ARMACAO E DETALHES","M2",110.38,null,"01.050.0025-A","PROJETO EXECUTIVO ESTRUTURAL PARA PREDIOS CULTURAIS ATE 500M2,INCLUSIVE PROJETO BASICO,APRESENTADO NOS PADROES DA CONTRATANTE,CONSTANDO DE PLANTAS DE FORMA,ARMACAO E DETALHES","M2",103.02]
["01.050.0026-0","PROJETO EXECUTIVO ESTRUTURAL PARA PREDIOS CULTURAIS DE 501 ATE 3000M2,INCLUSIVE PROJETO BASICO,APRESENTADO NOS PADROES DA CONTRATANTE,CONSTANDO DE PLANTAS DE FORMA,ARMACAO E DETALHES","M2",96.93,null,"01.050.0026-A","PROJETO EXECUTIVO ESTRUTURAL PARA PREDIOS CULTURAIS DE 501 ATE 3000M2,INCLUSIVE PROJETO BASICO,APRESENTADO NOS PADROES DA CONTRATANTE,CONSTANDO DE PLANTAS DE FORMA,ARMACAO E DETALHES","M2",90.46]
["01.050.0027-0","PROJETO EXECUTIVO ESTRUTURAL PARA PREDIOS CULTURAIS ACIMA DE3000M2,INCLUSIVE PROJETO BASICO,APRESENTADO NOS PADROES DACONTRATANTE,CONSTANDO DE PLANTAS DE FORMA,ARMACAO E DETALHES","M2",86.96,null,"01.050.0027-A","PROJETO EXECUTIVO ESTRUTURAL PARA PREDIOS CULTURAIS ACIMA DE3000M2,INCLUSIVE PROJETO BASICO,APRESENTADO NOS PADROES DACONTRATANTE,CONSTANDO DE PLANTAS DE FORMA,ARMACAO E DETALHES","M2",81.150000000000006]
["01.050.0028-0","PROJETO BASICO DE ARQUITETURA PARA PREDIOS ESCOLARES E/OU ADMINISTRATIVOS ATE 500M2,APRESENTADO NOS PADROES DA CONTRATANTE,INCLUSIVE AS LEGALIZACOES PERTINENTES,COORDENACAO E COMPATIBILIZACAO COM OS PROJETOS COMPLEMENTARES","M2",57.58,null,"01.050.0028-A","PROJETO BASICO DE ARQUITETURA PARA PREDIOS ESCOLARES E/OU ADMINISTRATIVOS ATE 500M2,APRESENTADO NOS PADROES DA CONTRATANTE,INCLUSIVE AS LEGALIZACOES PERTINENTES,COORDENACAO E COMPATIBILIZACAO COM OS PROJETOS COMPLEMENTARES","M2",53.74]
["01.050.0029-0","PROJETO BASICO DE ARQUITETURA PARA PREDIOS ESCOLARES E/OU ADMINISTRATIVOS DE 501 ATE 3.000M2,APRESENTADO NOS PADROES DACONTRATANTE,INCLUSIVE AS LEGALIZACOES PERTINENTES,COORDENACAO E COMPATIBILIZACAO COM OS PROJETOS COMPLEMENTARES","M2",41.8,null,"01.050.0029-A","PROJETO BASICO DE ARQUITETURA PARA PREDIOS ESCOLARES E/OU ADMINISTRATIVOS DE 501 ATE 3.000M2,APRESENTADO NOS PADROES DACONTRATANTE,INCLUSIVE AS LEGALIZACOES PERTINENTES,COORDENACAO E COMPATIBILIZACAO COM OS PROJETOS COMPLEMENTARES","M2",39.01]
["01.050.0030-0","PROJETO BASICO DE ARQUITETURA PARA PREDIOS ESCOLARES E/OU ADMINISTRATIVOS ACIMA DE 3.000M2,APRESENTADO NOS PADROES DA CONTRATANTE,INCLUSIVE AS LEGALIZACOES PERTINENTES,COORDENACAOE COMPATIBILIZACAO COM OS PROJETOS COMPLEMENTARES","M2",33.56,null,"01.050.0030-A","PROJETO BASICO DE ARQUITETURA PARA PREDIOS ESCOLARES E/OU ADMINISTRATIVOS ACIMA DE 3.000M2,APRESENTADO NOS PADROES DA CONTRATANTE,INCLUSIVE AS LEGALIZACOES PERTINENTES,COORDENACAOE COMPATIBILIZACAO COM OS PROJETOS COMPLEMENTARES","M2",31.32]
["01.050.0031-0","PROJETO EXECUTIVO DE ARQUITETURA PARA PREDIOS ESCOLARES E/OUADMINISTRATIVOS ATE 500M2,INCLUSIVE PROJETO BASICO,APRESENTADO NOS PADROES DA CONTRATANTE,INCLUSIVE AS LEGALIZACOES PERTINENTES,COORDENACAO E COMPATIBILIZACAO COM OS PROJETOS COMPLEMENTARES","M2",143.97999999999999,null,"01.050.0031-A","PROJETO EXECUTIVO DE ARQUITETURA PARA PREDIOS ESCOLARES E/OUADMINISTRATIVOS ATE 500M2,INCLUSIVE PROJETO BASICO,APRESENTADO NOS PADROES DA CONTRATANTE,INCLUSIVE AS LEGALIZACOES PERTINENTES,COORDENACAO E COMPATIBILIZACAO COM OS PROJETOS COMPLEMENTARES","M2",134.37]
["01.050.0032-0","PROJETO EXECUTIVO DE ARQUITETURA PARA PREDIOS ESCOLARES E/OUADMINISTRATIVOS DE 501 ATE 3.000M2,INCLUSIVE PROJETO BASICO,APRESENTADO NOS PADROES DA CONTRATANTE,INCLUSIVE AS LEGALIZACOES PERTINENTES,COORDENACAO E COMPATIBILIZACAO COM OS PROJETOS COMPLEMENTARES","M2",104.54,null,"01.050.0032-A","PROJETO EXECUTIVO DE ARQUITETURA PARA PREDIOS ESCOLARES E/OUADMINISTRATIVOS DE 501 ATE 3.000M2,INCLUSIVE PROJETO BASICO,APRESENTADO NOS PADROES DA CONTRATANTE,INCLUSIVE AS LEGALIZACOES PERTINENTES,COORDENACAO E COMPATIBILIZACAO COM OS PROJETOS COMPLEMENTARES","M2",97.56]
["01.050.0033-0","PROJETO EXECUTIVO DE ARQUITETURA PARA PREDIOS ESCOLARES E/OUADMINISTRATIVOS ACIMA DE 3.000M2,INCLUSIVE PROJETO BASICO,APRESENTADO NOS PADROES DA CONTRATANTE,INCLUSIVE AS LEGALIZACOES PERTINENTES,COORDENACAO E COMPATIBILIZACAO COM OS PROJETOS COMPLEMENTARES","M2",84,null,"01.050.0033-A","PROJETO EXECUTIVO DE ARQUITETURA PARA PREDIOS ESCOLARES E/OUADMINISTRATIVOS ACIMA DE 3.000M2,INCLUSIVE PROJETO BASICO,APRESENTADO NOS PADROES DA CONTRATANTE,INCLUSIVE AS LEGALIZACOES PERTINENTES,COORDENACAO E COMPATIBILIZACAO COM OS PROJETOS COMPLEMENTARES","M2",78.39]
["01.050.0034-0","PROJETO EXECUTIVO ESTRUTURAL PARA PREDIOS ESCOLARES E ADMINISTRATIVOS ATE 500M2,INCLUSIVE PROJETO BASICO,APRESENTADO NOSPADROES DA CONTRATANTE,CONSTANDO DE PLANTAS DE FORMA,ARMACAO E DETALHES","M2",96.63,null,"01.050.0034-A","PROJETO EXECUTIVO ESTRUTURAL PARA PREDIOS ESCOLARES E ADMINISTRATIVOS ATE 500M2,INCLUSIVE PROJETO BASICO,APRESENTADO NOSPADROES DA CONTRATANTE,CONSTANDO DE PLANTAS DE FORMA,ARMACAO E DETALHES","M2",90.18]
["01.050.0035-0","PROJETO EXECUTIVO ESTRUTURAL PARA PREDIOS ESCOLARES E ADMINISTRATIVOS DE 501 ATE 3.000M2,INCLUSIVE PROJETO BASICO,APRESENTADO NOS PADROES DA CONTRATANTE,CONSTANDO DE PLANTAS DE FORMA,ARMACAO E DETALHES","M2",85.5,null,"01.050.0035-A","PROJETO EXECUTIVO ESTRUTURAL PARA PREDIOS ESCOLARES E ADMINISTRATIVOS DE 501 ATE 3.000M2,INCLUSIVE PROJETO BASICO,APRESENTADO NOS PADROES DA CONTRATANTE,CONSTANDO DE PLANTAS DE FORMA,ARMACAO E DETALHES","M2",79.790000000000006]
["01.050.0036-0","PROJETO EXECUTIVO ESTRUTURAL PARA PREDIOS ESCOLARES E ADMINISTRATIVOS ACIMA DE 3.000M2,INCLUSIVE PROJETO BASICO,APRESENTADO NOS PADROES DA CONTRATANTE,CONSTANDO DE PLANTAS DE FORMA,ARMACAO E DETALHES","M2",71.94,null,"01.050.0036-A","PROJETO EXECUTIVO ESTRUTURAL PARA PREDIOS ESCOLARES E ADMINISTRATIVOS ACIMA DE 3.000M2,INCLUSIVE PROJETO BASICO,APRESENTADO NOS PADROES DA CONTRATANTE,CONSTANDO DE PLANTAS DE FORMA,ARMACAO E DETALHES","M2",67.14]
["01.050.0037-0","PROJETO BASICO DE ARQUITETURA PARA LOTEAMENTOS COM 3 UNIDADES UNIFAMILIARES OU BIFAMILIARES PARA AREAS ATE 12.000M2,APRESENTADO NOS PADROES DA CONTRATANTE, INCLUSIVE AS LEGALIZACOES PERTINENTES,COORDENACAO E COMPATIBILIZACAO COM OS PROJETOSCOMPLEMENTARES","M2",15.88,null,"01.050.0037-A","PROJETO BASICO DE ARQUITETURA PARA LOTEAMENTOS COM 3 UNIDADES UNIFAMILIARES OU BIFAMILIARES PARA AREAS ATE 12.000M2,APRESENTADO NOS PADROES DA CONTRATANTE, INCLUSIVE AS LEGALIZACOES PERTINENTES,COORDENACAO E COMPATIBILIZACAO COM OS PROJETOSCOMPLEMENTARES","M2",14.82]
["01.050.0038-0","PROJETO BASICO DE ARQUITETURA PARA LOTEAMENTOS COM 3 UNIDADES UNIFAMILIARES OU BIFAMILIARES PARA AREAS DE 12.001 ATE 36.000M2,APRESENTADO NOS PADROES DA CONTRATANTE,INCLUSIVE AS LEGALIZACOES PERTINENTES,COORDENACAO E COMPATIBILIZACAO COM OSPROJETOS COMPLEMENTARES","M2",10.96,null,"01.050.0038-A","PROJETO BASICO DE ARQUITETURA PARA LOTEAMENTOS COM 3 UNIDADES UNIFAMILIARES OU BIFAMILIARES PARA AREAS DE 12.001 ATE 36.000M2,APRESENTADO NOS PADROES DA CONTRATANTE,INCLUSIVE AS LEGALIZACOES PERTINENTES,COORDENACAO E COMPATIBILIZACAO COM OSPROJETOS COMPLEMENTARES","M2",10.23]
["01.050.0039-0","PROJETO BASICO DE ARQUITETURA PARA LOTEAMENTOS COM 3 UNIDADES UNIFAMILIARES OU BIFAMILIARES PARA AREAS ACIMA DE 36.000M2,APRESENTADO NOS PADROES DA CONTRATANTE,INCLUSIVE AS LEGALIZACOES PERTINENTES,COORDENACAO E COMPATIBILIZACAO COM OS PROJETOS COMPLEMENTARES","M2",10.99,null,"01.050.0039-A","PROJETO BASICO DE ARQUITETURA PARA LOTEAMENTOS COM 3 UNIDADES UNIFAMILIARES OU BIFAMILIARES PARA AREAS ACIMA DE 36.000M2,APRESENTADO NOS PADROES DA CONTRATANTE,INCLUSIVE AS LEGALIZACOES PERTINENTES,COORDENACAO E COMPATIBILIZACAO COM OS PROJETOS COMPLEMENTARES","M2",10.26]
["01.050.0040-0","PROJETO EXECUTIVO DE ARQUITETURA PARA LOTEAMENTOS COM 3 UNIDADES UNIFAMILIARES OU BIFAMILIARES TIPO PARA AREAS ATE 12.000M2,INCLUSIVE PROJETO BASICO,APRESENTADO NOS PADROES DA CONTRATANTE,INCLUSIVE AS LEGALIZACOES PERTINENTES,COORDENACAO ECOMPATIBILIZACAO COM OS PROJETOS COMPLEMENTARES","M2",39.770000000000003,null,"01.050.0040-A","PROJETO EXECUTIVO DE ARQUITETURA PARA LOTEAMENTOS COM 3 UNIDADES UNIFAMILIARES OU BIFAMILIARES TIPO PARA AREAS ATE 12.000M2,INCLUSIVE PROJETO BASICO,APRESENTADO NOS PADROES DA CONTRATANTE,INCLUSIVE AS LEGALIZACOES PERTINENTES,COORDENACAO ECOMPATIBILIZACAO COM OS PROJETOS COMPLEMENTARES","M2",37.119999999999997]
["01.050.0041-0","PROJETO EXECUTIVO DE ARQUITETURA PARA LOTEAMENTOS COM 3 UNIDADES UNIFAMILIARES OU BIFAMILIARES TIPO PARA AREAS DE 12.001ATE 36.000M2,INCLUSIVE PROJETO BASICO,APRESENTADO NOS PADROES DA CONTRATANTE,INCLUSIVE AS LEGALIZACOES PERTINENTES,COORDENACAO E COMPATIBILIZACAO COM OS PROJETOS COMPLEMENTARES","M2",27.51,null,"01.050.0041-A","PROJETO EXECUTIVO DE ARQUITETURA PARA LOTEAMENTOS COM 3 UNIDADES UNIFAMILIARES OU BIFAMILIARES TIPO PARA AREAS DE 12.001ATE 36.000M2,INCLUSIVE PROJETO BASICO,APRESENTADO NOS PADROES DA CONTRATANTE,INCLUSIVE AS LEGALIZACOES PERTINENTES,COORDENACAO E COMPATIBILIZACAO COM OS PROJETOS COMPLEMENTARES","M2",25.67]
["01.050.0042-0","PROJETO EXECUTIVO DE ARQUITETURA PARA LOTEAMENTOS COM 3 UNIDADES UNIFAMILIARES OU BIFAMILIARES TIPO PARA AREAS ACIMA DE36.000M2,INCLUSIVE PROJETO BASICO,APRESENTADO NOS PADROES DACONTRATANTE,INCLUSIVE AS LEGALIZACOES PERTINENTES,COORDENACAO E COMPATIBILIZACAO COM OS PROJETOS COMPLEMENTARES","M2",27.51,null,"01.050.0042-A","PROJETO EXECUTIVO DE ARQUITETURA PARA LOTEAMENTOS COM 3 UNIDADES UNIFAMILIARES OU BIFAMILIARES TIPO PARA AREAS ACIMA DE36.000M2,INCLUSIVE PROJETO BASICO,APRESENTADO NOS PADROES DACONTRATANTE,INCLUSIVE AS LEGALIZACOES PERTINENTES,COORDENACAO E COMPATIBILIZACAO COM OS PROJETOS COMPLEMENTARES","M2",25.67]
["01.050.0043-0","PROJETO BASICO DE ARQUITETURA PARA HABITACAO/EDIFICIOS ATE 6.000M2,APRESENTADO NOS PADROES DA CONTRATANTE,INCLUSIVE AS LEGALIZACOES PERTINENTES,COORDENACAO E COMPATIBILIZACAO COM OS PROJETOS COMPLEMENTARES","M2",53.93,null,"01.050.0043-A","PROJETO BASICO DE ARQUITETURA PARA HABITACAO/EDIFICIOS ATE 6.000M2,APRESENTADO NOS PADROES DA CONTRATANTE,INCLUSIVE AS LEGALIZACOES PERTINENTES,COORDENACAO E COMPATIBILIZACAO COM OS PROJETOS COMPLEMENTARES","M2",50.33]
["01.050.0044-0","PROJETO BASICO DE ARQUITETURA PARA HABITACAO/EDIFICIOS DE 6.001 ATE 12.000M2,APRESENTADO NOS PADROES DA CONTRATANTE,INCLUSIVE AS LEGALIZACOES PERTINENTES,COORDENACAO E CCOMPATIBILIZACAO COM OS PROJETOS COMPLEMENTARES","M2",37.380000000000003,null,"01.050.0044-A","PROJETO BASICO DE ARQUITETURA PARA HABITACAO/EDIFICIOS DE 6.001 ATE 12.000M2,APRESENTADO NOS PADROES DA CONTRATANTE,INCLUSIVE AS LEGALIZACOES PERTINENTES,COORDENACAO E CCOMPATIBILIZACAO COM OS PROJETOS COMPLEMENTARES","M2",34.880000000000003]
["01.050.0045-0","PROJETO BASICO DE ARQUITETURA PARA HABITACAO/EDIFICIOS ACIMADE 12.000M2,APRESENTADO NOS PADROES DA CONTRATANTE,INCLUSIVE AS LEGALIZACOES PERTINENTES,COORDENACAO E COMPATIBILIZACAOCOM OS PROJETOS COMPLEMENTARES","M2",29.9,null,"01.050.0045-A","PROJETO BASICO DE ARQUITETURA PARA HABITACAO/EDIFICIOS ACIMADE 12.000M2,APRESENTADO NOS PADROES DA CONTRATANTE,INCLUSIVE AS LEGALIZACOES PERTINENTES,COORDENACAO E COMPATIBILIZACAOCOM OS PROJETOS COMPLEMENTARES","M2",27.91]
["01.050.0046-0","PROJETO EXECUTIVO DE ARQUITETURA PARA HABITACAO/EDIFICIOS ATE 6.000M2,INCLUSIVE PROJETO BASICO,APRESENTADO NOS PADROES DA CONTRATANTE,INCLUSIVE AS LEGALIZACOES PERTINENTES,COORDENACAO E COMPATIBILIZACAO COM OS PROJETOS COMPLEMENTARES","M2",134.94,null,"01.050.0046-A","PROJETO EXECUTIVO DE ARQUITETURA PARA HABITACAO/EDIFICIOS ATE 6.000M2,INCLUSIVE PROJETO BASICO,APRESENTADO NOS PADROES DA CONTRATANTE,INCLUSIVE AS LEGALIZACOES PERTINENTES,COORDENACAO E COMPATIBILIZACAO COM OS PROJETOS COMPLEMENTARES","M2",125.93]
["01.050.0047-0","PROJETO EXECUTIVO DE ARQUITETURA PARA HABITACAO/EDIFICIOS DE6.001 ATE 12.000M2,INCLUSIVE PROJETO BASICO,APRESENTADO NOSPADROES DA CONTRATANTE,INCLUSIVE AS LEGALIZACOES PERTINENTES,COORDENACAO E COMPATIBILIZACAO COM OS PROJETOS COMPLEMENTARES","M2",93.5,null,"01.050.0047-A","PROJETO EXECUTIVO DE ARQUITETURA PARA HABITACAO/EDIFICIOS DE6.001 ATE 12.000M2,INCLUSIVE PROJETO BASICO,APRESENTADO NOSPADROES DA CONTRATANTE,INCLUSIVE AS LEGALIZACOES PERTINENTES,COORDENACAO E COMPATIBILIZACAO COM OS PROJETOS COMPLEMENTARES","M2",87.26]
["01.050.0048-0","PROJETO EXECUTIVO DE ARQUITETURA PARA HABITACAO/EDIFICIOS ACIMA DE 12.000M2,INCLUSIVE PROJETO BASICO,APRESENTADO NOS PADROES DA CONTRATANTE,INCLUSIVE AS LEGALIZACOES PERTINENTES,COORDENACAO E COMPATIBLIZACAO COM OS PROJETOS COMPLEMENTARES","M2",74.8,null,"01.050.0048-A","PROJETO EXECUTIVO DE ARQUITETURA PARA HABITACAO/EDIFICIOS ACIMA DE 12.000M2,INCLUSIVE PROJETO BASICO,APRESENTADO NOS PADROES DA CONTRATANTE,INCLUSIVE AS LEGALIZACOES PERTINENTES,COORDENACAO E COMPATIBLIZACAO COM OS PROJETOS COMPLEMENTARES","M2",69.8]
["01.050.0049-0","PROJETO EXECUTIVO DE INSTALACAO DE INCENDIO E SPDA PARA PREDIOS ESCOLARES E/OU ADMINISTRATIVOS ATE 500M2,INCLUSIVE PROJETO BASICO,APRESENTADO NOS PADROES DA CONTRATANTE,INCLUSIVE AS LEGALIZACOES PERTINENTES","M2",10.46,null,"01.050.0049-A","PROJETO EXECUTIVO DE INSTALACAO DE INCENDIO E SPDA PARA PREDIOS ESCOLARES E/OU ADMINISTRATIVOS ATE 500M2,INCLUSIVE PROJETO BASICO,APRESENTADO NOS PADROES DA CONTRATANTE,INCLUSIVE AS LEGALIZACOES PERTINENTES","M2",9.76]
["01.050.0050-0","PROJETO EXECUTIVO DE INSTALACAO DE INCENDIO E SPDA PARA PREDIOS ESCOLARES E/OU ADMINISTRATIVOS DE 501 ATE 3.000M2,INCLUSIVE PROJETO BASICO,APRESENTADO NOS PADROES DA CONTRATANTE,INCLUSIVE AS LEGALIZACOES PERTINENTES","M2",5.74,null,"01.050.0050-A","PROJETO EXECUTIVO DE INSTALACAO DE INCENDIO E SPDA PARA PREDIOS ESCOLARES E/OU ADMINISTRATIVOS DE 501 ATE 3.000M2,INCLUSIVE PROJETO BASICO,APRESENTADO NOS PADROES DA CONTRATANTE,INCLUSIVE AS LEGALIZACOES PERTINENTES","M2",5.36]
["01.050.0051-0","PROJETO EXECUTIVO DE INSTALACAO DE INCENDIO E SPDA PARA PREDIOS ESCOLARES E/OU ADMINISTRATIVOS ACIMA DE 3.000M2,INCLUSIVE PROJETO BASICO,APRESENTADO NOS PADROES DA CONTRATANTE,INCLUSIVE AS LEGALILIZACOES PERTINENTES","M2",2.89,null,"01.050.0051-A","PROJETO EXECUTIVO DE INSTALACAO DE INCENDIO E SPDA PARA PREDIOS ESCOLARES E/OU ADMINISTRATIVOS ACIMA DE 3.000M2,INCLUSIVE PROJETO BASICO,APRESENTADO NOS PADROES DA CONTRATANTE,INCLUSIVE AS LEGALILIZACOES PERTINENTES","M2",2.69]
["01.050.0052-0","PROJETO EXECUTIVO DE INSTALACAO DE INCENDIO E SPDA PARA PREDIOS CULTURAIS ATE 500M2,INCLUSIVE PROJETO BASICO,APRESENTADONOS PADROES DA CONTRATANTE,INCLUSIVE AS LEGALIZACOES PERTINENTES","M2",26.25,null,"01.050.0052-A","PROJETO EXECUTIVO DE INSTALACAO DE INCENDIO E SPDA PARA PREDIOS CULTURAIS ATE 500M2,INCLUSIVE PROJETO BASICO,APRESENTADONOS PADROES DA CONTRATANTE,INCLUSIVE AS LEGALIZACOES PERTINENTES","M2",24.49]
["01.050.0053-0","PROJETO EXECUTIVO DE INSTALACAO DE INCENDIO E SPDA PARA PREDIOS CULTURAIS ACIMA DE 500M2,INCLUSIVE PROJETO BASICO,APRESENTADO NOS PADROES DA CONTRATANTE,INCLUSIVE AS LEGALIZACOES PERTINENTES","M2",17.54,null,"01.050.0053-A","PROJETO EXECUTIVO DE INSTALACAO DE INCENDIO E SPDA PARA PREDIOS CULTURAIS ACIMA DE 500M2,INCLUSIVE PROJETO BASICO,APRESENTADO NOS PADROES DA CONTRATANTE,INCLUSIVE AS LEGALIZACOES PERTINENTES","M2",16.37]
["01.050.0054-0","PROJETO EXECUTIVO DE INSTALACAO DE INCENDIO E SPDA PARA PREDIOS HOSPITALARES,INCLUSIVE PROJETO BASICO,APRESENTADO NOS PADROES DA CONTRATANTE,INCLUSIVE AS LEGALIZACOES PERTINENTES","M2",21,null,"01.050.0054-A","PROJETO EXECUTIVO DE INSTALACAO DE INCENDIO E SPDA PARA PREDIOS HOSPITALARES,INCLUSIVE PROJETO BASICO,APRESENTADO NOS PADROES DA CONTRATANTE,INCLUSIVE AS LEGALIZACOES PERTINENTES","M2",19.59]
["01.050.0055-0","PROJETO EXECUTIVO DE INSTALACAO DE INCENDIO E SPDA PARA HABITACOES/EDIFICIOS ATE 500M2,INCLUSIVE PROJETO BASICO,APRESENTADO NOS PADROES DA CONTRATANTE,INCLUSIVE AS LEGALIZACOES PERTINENTES","M2",12.85,null,"01.050.0055-A","PROJETO EXECUTIVO DE INSTALACAO DE INCENDIO E SPDA PARA HABITACOES/EDIFICIOS ATE 500M2,INCLUSIVE PROJETO BASICO,APRESENTADO NOS PADROES DA CONTRATANTE,INCLUSIVE AS LEGALIZACOES PERTINENTES","M2",12]
["01.050.0056-0","PROJETO EXECUTIVO DE INSTALACAO DE INCENDIO E SPDA PARA HABITACOES/EDIFICIOS DE 501 ATE 3.000M2,INCLUSIVE PROJETO BASICO,APRESENTADO NOS PADROES DA CONTRATANTE,INCLUSIVE AS LEGALIZACOES PERTINENTES","M2",6.14,null,"01.050.0056-A","PROJETO EXECUTIVO DE INSTALACAO DE INCENDIO E SPDA PARA HABITACOES/EDIFICIOS DE 501 ATE 3.000M2,INCLUSIVE PROJETO BASICO,APRESENTADO NOS PADROES DA CONTRATANTE,INCLUSIVE AS LEGALIZACOES PERTINENTES","M2",5.73]
["01.050.0057-0","PROJETO EXECUTIVO DE INSTALACAO DE INCENDIO E SPDA PARA HABITACOES/EDIFICIOS ACIMA DE 3000M2,INCLUSIVE PROJETO BASICO,APRESENTADO NOS PADROES DA CONTRATANTE,INCLUSIVE AS LEGALIZACOES PERTINENTES","M2",3.19,null,"01.050.0057-A","PROJETO EXECUTIVO DE INSTALACAO DE INCENDIO E SPDA PARA HABITACOES/EDIFICIOS ACIMA DE 3000M2,INCLUSIVE PROJETO BASICO,APRESENTADO NOS PADROES DA CONTRATANTE,INCLUSIVE AS LEGALIZACOES PERTINENTES","M2",2.97]
["01.050.0058-0","PROJETO EXECUTIVO DE INSTALACAO DE INCENDIO E SPDA PARA HABITACAO/LOTEAMENTO ATE 36.000M2,INCLUSIVE PROJETO BASICO,APRESENTADO NOS PADROES DA CONTRATANTE,INCLUSIVE AS LEGALIZACOESPERTINENTES","M2",3.42,null,"01.050.0058-A","PROJETO EXECUTIVO DE INSTALACAO DE INCENDIO E SPDA PARA HABITACAO/LOTEAMENTO ATE 36.000M2,INCLUSIVE PROJETO BASICO,APRESENTADO NOS PADROES DA CONTRATANTE,INCLUSIVE AS LEGALIZACOESPERTINENTES","M2",3.19]
["01.050.0059-0","PROJETO EXECUTIVO DE INSTALACAO DE INCENDIO E SPDA PARA HABITACAO/LOTEAMENTO ACIMA DE 36.000M2,INCLUSIVE PROJETO BASICO,APRESENTADO NOS PADROES DA CONTRATANTE,INCLUSIVE AS LEGALIZACOES PERTINENTES","M2",1.69,null,"01.050.0059-A","PROJETO EXECUTIVO DE INSTALACAO DE INCENDIO E SPDA PARA HABITACAO/LOTEAMENTO ACIMA DE 36.000M2,INCLUSIVE PROJETO BASICO,APRESENTADO NOS PADROES DA CONTRATANTE,INCLUSIVE AS LEGALIZACOES PERTINENTES","M2",1.58]
["01.050.0060-0","PROJETO EXECUTIVO DE INSTALACAO DE GAS PARA PREDIOS ESCOLARES E/OU ADMINISTRATIVOS ATE 500M2,INCLUSIVE PROJETO BASICO,APRESENTADO NOS PADROES DA CONTRATANTE,INCLUSIVE AS LEGALIZACOES PERTINENTES","M2",5.74,null,"01.050.0060-A","PROJETO EXECUTIVO DE INSTALACAO DE GAS PARA PREDIOS ESCOLARES E/OU ADMINISTRATIVOS ATE 500M2,INCLUSIVE PROJETO BASICO,APRESENTADO NOS PADROES DA CONTRATANTE,INCLUSIVE AS LEGALIZACOES PERTINENTES","M2",5.36]
["01.050.0061-0","PROJETO EXECUTIVO DE INSTALACAO DE GAS PARA PREDIOS ESCOLARES E/OU ADMINISTRATIVOS ACIMA DE 500M2,INCLUSIVE PROJETO BASICO,APRESENTADO NOS PADROES DA CONTRATANTE,INCLUSIVE AS LEGALIZACOES PERTINENTES","M2",2.89,null,"01.050.0061-A","PROJETO EXECUTIVO DE INSTALACAO DE GAS PARA PREDIOS ESCOLARES E/OU ADMINISTRATIVOS ACIMA DE 500M2,INCLUSIVE PROJETO BASICO,APRESENTADO NOS PADROES DA CONTRATANTE,INCLUSIVE AS LEGALIZACOES PERTINENTES","M2",2.69]
["01.050.0062-0","PROJETO EXECUTIVO DE INSTALACAO DE GAS PARA PREDIOS CULTURAIS,INCLUSIVE PROJETO BASICO,APRESENTADO NOS PADROES DA CONTRATANTE,INCLUSIVE AS LEGALIZACOES PERTINENTES","M2",9.6999999999999993,null,"01.050.0062-A","PROJETO EXECUTIVO DE INSTALACAO DE GAS PARA PREDIOS CULTURAIS,INCLUSIVE PROJETO BASICO,APRESENTADO NOS PADROES DA CONTRATANTE,INCLUSIVE AS LEGALIZACOES PERTINENTES","M2",9.0500000000000007]
["01.050.0063-0","PROJETO EXECUTIVO DE INSTALACAO DE GAS PARA PREDIOS HOSPITALARES ATE 4.000M2,INCLUSIVE PROJETO BASICO,APRESENTADO NOS PADROES DA CONTRATANTE,INCLUSIVE AS LEGALIZACOES PERTINENTES","M2",11.36,null,"01.050.0063-A","PROJETO EXECUTIVO DE INSTALACAO DE GAS PARA PREDIOS HOSPITALARES ATE 4.000M2,INCLUSIVE PROJETO BASICO,APRESENTADO NOS PADROES DA CONTRATANTE,INCLUSIVE AS LEGALIZACOES PERTINENTES","M2",10.6]
["01.050.0064-0","PROJETO EXECUTIVO DE INSTALACAO DE GAS PARA PREDIOS HOSPITALARES ACIMA DE 4.000M2,INCLUSIVE PROJETO BASICO,APRESENTADO NOS PADROES DA CONTRATANTE,INCLUSIVE AS LEGALIZACOES PERTINENTES","M2",5.64,null,"01.050.0064-A","PROJETO EXECUTIVO DE INSTALACAO DE GAS PARA PREDIOS HOSPITALARES ACIMA DE 4.000M2,INCLUSIVE PROJETO BASICO,APRESENTADO NOS PADROES DA CONTRATANTE,INCLUSIVE AS LEGALIZACOES PERTINENTES","M2",5.27]
["01.050.0065-0","PROJETO EXECUTIVO DE INSTALACAO DE GAS PARA HABITACOES/EDIFICIOS ATE 500M2,INCLUSIVE PROJETO BASICO,APRESENTADO NOS PADROES DA CONTRATANTE,INCLUSIVE AS LEGALIZACOES PERTINENTES","M2",6.14,null,"01.050.0065-A","PROJETO EXECUTIVO DE INSTALACAO DE GAS PARA HABITACOES/EDIFICIOS ATE 500M2,INCLUSIVE PROJETO BASICO,APRESENTADO NOS PADROES DA CONTRATANTE,INCLUSIVE AS LEGALIZACOES PERTINENTES","M2",5.73]
["01.050.0066-0","PROJETO EXECUTIVO DE INSTALACAO DE GAS PARA HABITACOES/EDIFICIOS ACIMA DE 500M2,INCLUSIVE PROJETO BASICO,APRESENTADO NOSPADROES DA CONTRATANTE,INCLUSIVE AS LEGALIZACOES PERTINENTES","M2",3.19,null,"01.050.0066-A","PROJETO EXECUTIVO DE INSTALACAO DE GAS PARA HABITACOES/EDIFICIOS ACIMA DE 500M2,INCLUSIVE PROJETO BASICO,APRESENTADO NOSPADROES DA CONTRATANTE,INCLUSIVE AS LEGALIZACOES PERTINENTES","M2",2.97]
["01.050.0067-0","PROJETO EXECUTIVO DE INSTALACAO DE GAS PARA HABITACAO/LOTEAMENTO ATE 12.000M2,INCLUSIVE PROJETO BASICO,APRESENTADO NOS PADROES DA CONTRATANTE,INCLUSIVE AS LEGALIZACOES PERTINENTES","M2",3.42,null,"01.050.0067-A","PROJETO EXECUTIVO DE INSTALACAO DE GAS PARA HABITACAO/LOTEAMENTO ATE 12.000M2,INCLUSIVE PROJETO BASICO,APRESENTADO NOS PADROES DA CONTRATANTE,INCLUSIVE AS LEGALIZACOES PERTINENTES","M2",3.19]
["01.050.0068-0","PROJETO EXECUTIVO DE INSTALACAO DE GAS PARA HABITACAO/LOTEAMENTO ACIMA DE 12.000M2,INCLUSIVE PROJETO BASICO,APRESENTADONOS PADROES DA CONTRATANTE,INCLUSIVE AS LEGALIZACOES PERTINENTES","M2",1.69,null,"01.050.0068-A","PROJETO EXECUTIVO DE INSTALACAO DE GAS PARA HABITACAO/LOTEAMENTO ACIMA DE 12.000M2,INCLUSIVE PROJETO BASICO,APRESENTADONOS PADROES DA CONTRATANTE,INCLUSIVE AS LEGALIZACOES PERTINENTES","M2",1.58]
["01.050.0078-0","PROJETO EXECUTIVO DE INSTALACAO DE TELEMATICA PARA PREDIOS ESCOLARES E/OU ADMINISTRATIVOS ATE 500M2,INCLUSIVE PROJETO BASICO,APRESENTADO NOS PADROES DA CONTRATANTE,INCLUSIVE AS LEGALIZACOES PERTINENTES","M2",5.74,null,"01.050.0078-A","PROJETO EXECUTIVO DE INSTALACAO DE TELEMATICA PARA PREDIOS ESCOLARES E/OU ADMINISTRATIVOS ATE 500M2,INCLUSIVE PROJETO BASICO,APRESENTADO NOS PADROES DA CONTRATANTE,INCLUSIVE AS LEGALIZACOES PERTINENTES","M2",5.36]
["01.050.0079-0","PROJETO EXECUTIVO DE INSTALACAO DE TELEMATICA PARA PREDIOS ESCOLARES E/OU ADMINISTRATIVOS ACIMA DE 500M2,INCLUSIVE PROJETO BASICO,APRESENTADO NOS PADROES DA CONTRATANTE,INCLUSIVE AS LEGALIZACOES PERTINENTES","M2",5.18,null,"01.050.0079-A","PROJETO EXECUTIVO DE INSTALACAO DE TELEMATICA PARA PREDIOS ESCOLARES E/OU ADMINISTRATIVOS ACIMA DE 500M2,INCLUSIVE PROJETO BASICO,APRESENTADO NOS PADROES DA CONTRATANTE,INCLUSIVE AS LEGALIZACOES PERTINENTES","M2",4.83]
["01.050.0080-0","PROJETO EXECUTIVO DE INSTALACAO DE TELEMATICA PARA PREDIOS CULTURAIS ATE 500M2,INCLUSIVE PROJETO BASICO,APRESENTADO NOSPADROES DA CONTRATANTE,INCLUSIVE AS LEGALIZACOES PERTINENTES","M2",14.68,null,"01.050.0080-A","PROJETO EXECUTIVO DE INSTALACAO DE TELEMATICA PARA PREDIOS CULTURAIS ATE 500M2,INCLUSIVE PROJETO BASICO,APRESENTADO NOSPADROES DA CONTRATANTE,INCLUSIVE AS LEGALIZACOES PERTINENTES","M2",13.7]
["01.050.0081-0","PROJETO EXECUTIVO DE INSTALACAO DE TELEMATICA PARA PREDIOS CULTURAIS ACIMA DE 500M2,INCLUSIVE PROJETO BASICO,APRESENTADONOS PADROES DA CONTRATANTE,INCLUSIVE AS LEGALIZACOES PERTINENTES","M2",13.19,null,"01.050.0081-A","PROJETO EXECUTIVO DE INSTALACAO DE TELEMATICA PARA PREDIOS CULTURAIS ACIMA DE 500M2,INCLUSIVE PROJETO BASICO,APRESENTADONOS PADROES DA CONTRATANTE,INCLUSIVE AS LEGALIZACOES PERTINENTES","M2",12.31]
["01.050.0082-0","PROJETO EXECUTIVO DE INSTALACAO DE TELEMATICA PARA PREDIOS HOSPITALARES,INCLUSIVE PROJETO BASICO,APRESENTADO NOS PADROESDA CONTRATANTE,INCLUSIVE AS LEGALIZACOES PERTINENTES","M2",14.68,null,"01.050.0082-A","PROJETO EXECUTIVO DE INSTALACAO DE TELEMATICA PARA PREDIOS HOSPITALARES,INCLUSIVE PROJETO BASICO,APRESENTADO NOS PADROESDA CONTRATANTE,INCLUSIVE AS LEGALIZACOES PERTINENTES","M2",13.7]
["01.050.0083-0","PROJETO EXECUTIVO DE INSTALACAO DE TELEMATICA PARA HABITACOES/EDIFICIOS ATE 500M2,INCLUSIVE PROJETO BASICO,APRESENTADO NOS PADROES DA CONTRATANTE,INCLUSIVE AS LEGALIZACOES PERTINENTES","M2",6.11,null,"01.050.0083-A","PROJETO EXECUTIVO DE INSTALACAO DE TELEMATICA PARA HABITACOES/EDIFICIOS ATE 500M2,INCLUSIVE PROJETO BASICO,APRESENTADO NOS PADROES DA CONTRATANTE,INCLUSIVE AS LEGALIZACOES PERTINENTES","M2",5.7]
["01.050.0084-0","PROJETO EXECUTIVO DE INSTALACAO DE TELEMATICA PARA HABITACOES/EDIFICIOS DE 501 ATE 3.000M2,INCLUSIVE PROJETO BASICO,APRESENTADO NOS PADROES DA CONTRATANTE,INCLUSIVE AS LEGALIZACOESPERTINENTES","M2",5.54,null,"01.050.0084-A","PROJETO EXECUTIVO DE INSTALACAO DE TELEMATICA PARA HABITACOES/EDIFICIOS DE 501 ATE 3.000M2,INCLUSIVE PROJETO BASICO,APRESENTADO NOS PADROES DA CONTRATANTE,INCLUSIVE AS LEGALIZACOESPERTINENTES","M2",5.17]
["01.050.0085-0","PROJETO EXECUTIVO DE INSTALACAO DE TELEMATICA PARA HABITACAO/LOTEAMENTO ATE 12.000M2,INCLUSIVE PROJETO BASICO,APRESENTADO NOS PADROES DA CONTRATANTE,INCLUSIVE AS LEGALIZACOES PERTINENTES","M2",3.42,null,"01.050.0085-A","PROJETO EXECUTIVO DE INSTALACAO DE TELEMATICA PARA HABITACAO/LOTEAMENTO ATE 12.000M2,INCLUSIVE PROJETO BASICO,APRESENTADO NOS PADROES DA CONTRATANTE,INCLUSIVE AS LEGALIZACOES PERTINENTES","M2",3.19]
["01.050.0086-0","PROJETO EXECUTIVO DE INSTALACAO DE TELEMATICA PARA HABITACAO/LOTEAMENTO ACIMA DE 12.000M2,INCLUSIVE PROJETO BASICO,APRESENTADO NOS PADROES DA CONTRATANTE,INCLUSIVE AS LEGALIZACOESPERTINENTES","M2",1.69,null,"01.050.0086-A","PROJETO EXECUTIVO DE INSTALACAO DE TELEMATICA PARA HABITACAO/LOTEAMENTO ACIMA DE 12.000M2,INCLUSIVE PROJETO BASICO,APRESENTADO NOS PADROES DA CONTRATANTE,INCLUSIVE AS LEGALIZACOESPERTINENTES","M2",1.58]
["01.050.0087-0","PROJETO EXECUTIVO DE INSTALACAO DE ESGOTO SANITARIO E AGUASPLUVIAIS PARA PREDIOS ESCOLARES E/OU ADMINISTRATIVOS ATE 500M2,INCLUSIVE PROJETO BASICO,APRESENTADO NOS PADROES DA CONTRATANTE,INCLUSIVE AS LEGALIZACOES PERTINENTES","M2",10.46,null,"01.050.0087-A","PROJETO EXECUTIVO DE INSTALACAO DE ESGOTO SANITARIO E AGUASPLUVIAIS PARA PREDIOS ESCOLARES E/OU ADMINISTRATIVOS ATE 500M2,INCLUSIVE PROJETO BASICO,APRESENTADO NOS PADROES DA CONTRATANTE,INCLUSIVE AS LEGALIZACOES PERTINENTES","M2",9.76]
["01.050.0088-0","PROJETO EXECUTIVO DE INSTALACAO DE ESGOTO SANITARIO E AGUASPLUVIAIS PARA PREDIOS ESCOLARES E/OU ADMINISTRATIVOS DE 501ATE 3.000M2,INCLUSIVE PROJETO BASICO,APRESENTADO NOS PADROESDA CONTRATANTE,INCLUSIVE AS LEGALIZACOES PERTINENTES","M2",9.6999999999999993,null,"01.050.0088-A","PROJETO EXECUTIVO DE INSTALACAO DE ESGOTO SANITARIO E AGUASPLUVIAIS PARA PREDIOS ESCOLARES E/OU ADMINISTRATIVOS DE 501ATE 3.000M2,INCLUSIVE PROJETO BASICO,APRESENTADO NOS PADROESDA CONTRATANTE,INCLUSIVE AS LEGALIZACOES PERTINENTES","M2",9.0500000000000007]
["01.050.0089-0","PROJETO EXECUTIVO DE INSTALACAO DE ESGOTO SANITARIO E AGUASPLUVIAIS PARA PREDIOS ESCOLARES E/OU ADMINISTRATIVOS ACIMA DE 3.000M2,INCLUSIVE PROJETO BASICO,APRESENTADO NOS PADROES DA CONTRATANTE,INCLUSIVE AS LEGALIZACOES PERTINENTES","M2",5.74,null,"01.050.0089-A","PROJETO EXECUTIVO DE INSTALACAO DE ESGOTO SANITARIO E AGUASPLUVIAIS PARA PREDIOS ESCOLARES E/OU ADMINISTRATIVOS ACIMA DE 3.000M2,INCLUSIVE PROJETO BASICO,APRESENTADO NOS PADROES DA CONTRATANTE,INCLUSIVE AS LEGALIZACOES PERTINENTES","M2",5.36]
["01.050.0090-0","PROJETO EXECUTIVO DE INSTALACAO DE ESGOTO SANITARIO E AGUASPLUVIAIS PARA PREDIOS CULTURAIS,INCLUSIVE PROJETO BASICO,APRESENTADO NOS PADROES DA CONTRATANTE,INCLUSIVE AS LEGALIZACOES PERTINENTES","M2",9.6999999999999993,null,"01.050.0090-A","PROJETO EXECUTIVO DE INSTALACAO DE ESGOTO SANITARIO E AGUASPLUVIAIS PARA PREDIOS CULTURAIS,INCLUSIVE PROJETO BASICO,APRESENTADO NOS PADROES DA CONTRATANTE,INCLUSIVE AS LEGALIZACOES PERTINENTES","M2",9.0500000000000007]
["01.050.0091-0","PROJETO EXECUTIVO DE INSTALACAO DE ESGOTO SANITARIO E AGUASPLUVIAIS PARA PREDIOS HOSPITALARES ATE 4.000M2,INCLUSIVE PROJETO BASICO,APRESENTADO NOS PADROES DA CONTRATANTE,INCLUSIVEAS LEGALIZACOES PERTINENTES","M2",31.43,null,"01.050.0091-A","PROJETO EXECUTIVO DE INSTALACAO DE ESGOTO SANITARIO E AGUASPLUVIAIS PARA PREDIOS HOSPITALARES ATE 4.000M2,INCLUSIVE PROJETO BASICO,APRESENTADO NOS PADROES DA CONTRATANTE,INCLUSIVEAS LEGALIZACOES PERTINENTES","M2",29.33]
["01.050.0092-0","PROJETO EXECUTIVO DE INSTALACAO DE ESGOTO SANITARIO E AGUASPLUVIAIS PARA PREDIOS HOSPITALARES ACIMA DE 4.000M2,INCLUSIVE PROJETO BASICO,APRESENTADO NOS PADROES DA CONTRATANTE,INCLUSIVE AS LEGALIZACOES PERTINENTES","M2",26.25,null,"01.050.0092-A","PROJETO EXECUTIVO DE INSTALACAO DE ESGOTO SANITARIO E AGUASPLUVIAIS PARA PREDIOS HOSPITALARES ACIMA DE 4.000M2,INCLUSIVE PROJETO BASICO,APRESENTADO NOS PADROES DA CONTRATANTE,INCLUSIVE AS LEGALIZACOES PERTINENTES","M2",24.49]
["01.050.0093-0","PROJETO EXECUTIVO DE INSTALACAO DE ESGOTO SANITARIO E AGUASPLUVIAIS PARA URBANIZACAO ATE 15.000M2,INCLUSIVE PROJETO BASICO,APRESENTADO NOS PADROES DA CONTRATANTE,INCLUSIVE AS LEGALIZACOES PERTINENTES","M2",1.72,null,"01.050.0093-A","PROJETO EXECUTIVO DE INSTALACAO DE ESGOTO SANITARIO E AGUASPLUVIAIS PARA URBANIZACAO ATE 15.000M2,INCLUSIVE PROJETO BASICO,APRESENTADO NOS PADROES DA CONTRATANTE,INCLUSIVE AS LEGALIZACOES PERTINENTES","M2",1.61]
["01.050.0094-0","PROJETO EXECUTIVO DE INSTALACAO DE ESGOTO SANITARIO E AGUASPLUVIAIS PARA URBANIZACAO ACIMA DE 15.000M2,INCLUSIVE PROJETO BASICO,APRESENTADO NOS PADROES DA CONTRATANTE,INCLUSIVE ASLEGALIZACOES PERTINENTES","M2",1.0900000000000001,null,"01.050.0094-A","PROJETO EXECUTIVO DE INSTALACAO DE ESGOTO SANITARIO E AGUASPLUVIAIS PARA URBANIZACAO ACIMA DE 15.000M2,INCLUSIVE PROJETO BASICO,APRESENTADO NOS PADROES DA CONTRATANTE,INCLUSIVE ASLEGALIZACOES PERTINENTES","M2",1.02]
["01.050.0095-0","PROJETO EXECUTIVO DE INSTALACAO DE ESGOTO SANITARIO E AGUASPLUVIAIS PARA HABITACAO/LOTEAMENTO ATE 12.000M2,INCLUSIVE PROJETO BASICO,APRESENTADO NOS PADROES DA CONTRATANTE,INCLUSIVE AS LEGALIZACOES PERTINENTES","M2",9.5299999999999994,null,"01.050.0095-A","PROJETO EXECUTIVO DE INSTALACAO DE ESGOTO SANITARIO E AGUASPLUVIAIS PARA HABITACAO/LOTEAMENTO ATE 12.000M2,INCLUSIVE PROJETO BASICO,APRESENTADO NOS PADROES DA CONTRATANTE,INCLUSIVE AS LEGALIZACOES PERTINENTES","M2",8.9]
["01.050.0096-0","PROJETO EXECUTIVO DE INSTALACAO DE ESGOTO SANITARIO E AGUASPLUVIAIS PARA HABITACAO/LOTEAMENTO DE 12.001 ATE 36.000M2,INCLUSIVE PROJETO BASICO,APRESENTADO NOS PADROES DA CONTRATANTE,INCLUSIVE AS LEGALIZACOES PERTINENTES","M2",6.91,null,"01.050.0096-A","PROJETO EXECUTIVO DE INSTALACAO DE ESGOTO SANITARIO E AGUASPLUVIAIS PARA HABITACAO/LOTEAMENTO DE 12.001 ATE 36.000M2,INCLUSIVE PROJETO BASICO,APRESENTADO NOS PADROES DA CONTRATANTE,INCLUSIVE AS LEGALIZACOES PERTINENTES","M2",6.45]
["01.050.0097-0","PROJETO EXECUTIVO DE INSTALACAO DE ESGOTO SANITARIO E AGUASPLUVIAIS PARA HABITACAO/LOTEAMENTO ACIMA DE 36.000M2,INCLUSIVE PROJETO BASICO,APRESENTADO NOS PADROES DA CONTRATANTE,INCLUSIVE AS LEGALIZACOES PERTINENTES","M2",3.42,null,"01.050.0097-A","PROJETO EXECUTIVO DE INSTALACAO DE ESGOTO SANITARIO E AGUASPLUVIAIS PARA HABITACAO/LOTEAMENTO ACIMA DE 36.000M2,INCLUSIVE PROJETO BASICO,APRESENTADO NOS PADROES DA CONTRATANTE,INCLUSIVE AS LEGALIZACOES PERTINENTES","M2",3.19]
["01.050.0098-0","PROJETO EXECUTIVO DE INSTALACAO HIDRAULICA PARA PREDIOS ESCOLARES E/OU ADMINISTRATIVOS ATE 500M2,INCLUSIVE PROJETO BASICO,APRESENTADO NOS PADROES DA CONTRATANTE,INCLUSIVE AS LEGALIZACOES PERTINENTES","M2",17.54,null,"01.050.0098-A","PROJETO EXECUTIVO DE INSTALACAO HIDRAULICA PARA PREDIOS ESCOLARES E/OU ADMINISTRATIVOS ATE 500M2,INCLUSIVE PROJETO BASICO,APRESENTADO NOS PADROES DA CONTRATANTE,INCLUSIVE AS LEGALIZACOES PERTINENTES","M2",16.37]
["01.050.0099-0","PROJETO EXECUTIVO DE INSTALACAO HIDRAULICA PARA PREDIOS ESCOLARES E/OU ADMINISTRATIVOS DE 501 A 3.000M2,INCLUSIVE PROJETO BASICO,APRESENTADO NOS PADROES DA CONTRATANTE,INCLUSIVE ASLEGALIZACOES PERTINENTES","M2",10.46,null,"01.050.0099-A","PROJETO EXECUTIVO DE INSTALACAO HIDRAULICA PARA PREDIOS ESCOLARES E/OU ADMINISTRATIVOS DE 501 A 3.000M2,INCLUSIVE PROJETO BASICO,APRESENTADO NOS PADROES DA CONTRATANTE,INCLUSIVE ASLEGALIZACOES PERTINENTES","M2",9.76]
["01.050.0100-0","PROJETO EXECUTIVO DE INSTALACAO HIDRAULICA PARA PREDIOS ESCOLARES E/OU ADMINISTRATIVOS ACIMA DE 3.000M2,INCLUSIVE PROJETO BASICO,APRESENTADO NOS PADROES DA CONTRATANTE,INCLUSIVE ASLEGALIZACOES PERTINENTES","M2",9.6999999999999993,null,"01.050.0100-A","PROJETO EXECUTIVO DE INSTALACAO HIDRAULICA PARA PREDIOS ESCOLARES E/OU ADMINISTRATIVOS ACIMA DE 3.000M2,INCLUSIVE PROJETO BASICO,APRESENTADO NOS PADROES DA CONTRATANTE,INCLUSIVE ASLEGALIZACOES PERTINENTES","M2",9.0500000000000007]
["01.050.0101-0","PROJETO EXECUTIVO DE INSTALACAO HIDRAULICA PARA PREDIOS CULTURAIS,INCLUSIVE PROJETO BASICO,APRESENTADO NOS PADROES DA CONTRATANTE,INCLUSIVE AS LEGALIZACOES PERTINENTES","M2",17.54,null,"01.050.0101-A","PROJETO EXECUTIVO DE INSTALACAO HIDRAULICA PARA PREDIOS CULTURAIS,INCLUSIVE PROJETO BASICO,APRESENTADO NOS PADROES DA CONTRATANTE,INCLUSIVE AS LEGALIZACOES PERTINENTES","M2",16.37]
["01.050.0102-0","PROJETO EXECUTIVO DE INSTALACAO HIDRAULICA PARA PREDIOS HOSPITALARES ATE 4.000M2,INCLUSIVE PROJETO BASICO,APRESENTADO NOS PADROES DA CONTRATANTE,INCLUSIVE AS LEGALIZACOES PERTINENTES","M2",31.43,null,"01.050.0102-A","PROJETO EXECUTIVO DE INSTALACAO HIDRAULICA PARA PREDIOS HOSPITALARES ATE 4.000M2,INCLUSIVE PROJETO BASICO,APRESENTADO NOS PADROES DA CONTRATANTE,INCLUSIVE AS LEGALIZACOES PERTINENTES","M2",29.33]
["01.050.0103-0","PROJETO EXECUTIVO DE INSTALACAO HIDRAULICA PARA PREDIOS HOSPITALARES ACIMA DE 4.000M2,INCLUSIVE PROJETO BASICO,APRESENTADO NOS PADROES DA CONTRATANTE,INCLUSIVE AS LEGALIZACOES PERTINENTES","M2",26.25,null,"01.050.0103-A","PROJETO EXECUTIVO DE INSTALACAO HIDRAULICA PARA PREDIOS HOSPITALARES ACIMA DE 4.000M2,INCLUSIVE PROJETO BASICO,APRESENTADO NOS PADROES DA CONTRATANTE,INCLUSIVE AS LEGALIZACOES PERTINENTES","M2",24.49]
["01.050.0104-0","PROJETO EXECUTIVO DE INSTALACAO HIDRAULICA PARA HABITACOES/EDIFICIOS ATE 500M2,INCLUSIVE PROJETO BASICO,APRESENTADO NOSPADROES DA CONTRATANTE,INCLUSIVE AS LEGALIZACOES PERTINENTES","M2",19.14,null,"01.050.0104-A","PROJETO EXECUTIVO DE INSTALACAO HIDRAULICA PARA HABITACOES/EDIFICIOS ATE 500M2,INCLUSIVE PROJETO BASICO,APRESENTADO NOSPADROES DA CONTRATANTE,INCLUSIVE AS LEGALIZACOES PERTINENTES","M2",17.86]
["01.050.0105-0","PROJETO EXECUTIVO DE INSTALACAO HIDRAULICA PARA HABITACOES/EDIFICIOS DE 501 ATE 3.000M2,INCLUSVE PROJETO BASICO,APRESENTADO NOS PADROES DA CONTRATANTE,INCLUSIVE AS LEGALIZACOES PERTINENTES","M2",12.85,null,"01.050.0105-A","PROJETO EXECUTIVO DE INSTALACAO HIDRAULICA PARA HABITACOES/EDIFICIOS DE 501 ATE 3.000M2,INCLUSVE PROJETO BASICO,APRESENTADO NOS PADROES DA CONTRATANTE,INCLUSIVE AS LEGALIZACOES PERTINENTES","M2",12]
["01.050.0106-0","PROJETO EXECUTIVO DE INSTALACAO HIDRAULICA PARA HABITACOES/EDIFICIOS ACIMA DE 3.000M2,INCLUSIVE PROJETO BASICO,APRESENTADO NOS PADROES DA CONTRATANTE,INCLUSIVE AS LEGALIZACOES PERTINENTES","M2",9.6999999999999993,null,"01.050.0106-A","PROJETO EXECUTIVO DE INSTALACAO HIDRAULICA PARA HABITACOES/EDIFICIOS ACIMA DE 3.000M2,INCLUSIVE PROJETO BASICO,APRESENTADO NOS PADROES DA CONTRATANTE,INCLUSIVE AS LEGALIZACOES PERTINENTES","M2",9.0500000000000007]
["01.050.0107-0","PROJETO EXECUTIVO DE INSTALACAO HIDRAULICA PARA URBANIZACAOATE 15.000M2,INCLUSIVE PROJETO BASICO,APRESENTADO NOS PADROES DA CONTRATANTE,INCLUSIVE AS LEGALIZACOES PERTINENTES","M2",1.69,null,"01.050.0107-A","PROJETO EXECUTIVO DE INSTALACAO HIDRAULICA PARA URBANIZACAOATE 15.000M2,INCLUSIVE PROJETO BASICO,APRESENTADO NOS PADROES DA CONTRATANTE,INCLUSIVE AS LEGALIZACOES PERTINENTES","M2",1.58]
["01.050.0108-0","PROJETO EXECUTIVO DE INSTALACAO HIDRAULICA PARA URBANIZACAOACIMA DE 15.000M2,INCLUSIVE PROJETO BASICO,APRESENTADO NOS PADROES DA CONTRATANTE,INCLUSIVE AS LEGALIZACOES PERTINENTES","M2",1.0900000000000001,null,"01.050.0108-A","PROJETO EXECUTIVO DE INSTALACAO HIDRAULICA PARA URBANIZACAOACIMA DE 15.000M2,INCLUSIVE PROJETO BASICO,APRESENTADO NOS PADROES DA CONTRATANTE,INCLUSIVE AS LEGALIZACOES PERTINENTES","M2",1.02]
["01.050.0109-0","PROJETO EXECUTIVO DE INSTALACAO HIDRAULICA PARA HABITACAO/LOTEAMENTO ATE 12.000M2,INCLUSIVE PROJETO BASICO,APRESENTADO NOS PADROES DA CONTRATANTE,INCLUSIVE AS LEGALIZACOES PERTINENTES","M2",10.46,null,"01.050.0109-A","PROJETO EXECUTIVO DE INSTALACAO HIDRAULICA PARA HABITACAO/LOTEAMENTO ATE 12.000M2,INCLUSIVE PROJETO BASICO,APRESENTADO NOS PADROES DA CONTRATANTE,INCLUSIVE AS LEGALIZACOES PERTINENTES","M2",9.76]
["01.050.0110-0","PROJETO EXECUTIVO DE INSTALACAO HIDRAULICA PARA HABITACAO/LOTEAMENTO DE 12.001 ATE 36.000M2,INCLUSIVE PROJETO BASICO,APRESENTADO NOS PADROES DA CONTRATANTE,INCLUSIVE AS LEGALIZACOES PERTINENTES","M2",6.91,null,"01.050.0110-A","PROJETO EXECUTIVO DE INSTALACAO HIDRAULICA PARA HABITACAO/LOTEAMENTO DE 12.001 ATE 36.000M2,INCLUSIVE PROJETO BASICO,APRESENTADO NOS PADROES DA CONTRATANTE,INCLUSIVE AS LEGALIZACOES PERTINENTES","M2",6.45]
["01.050.0111-0","PROJETO EXECUTIVO DE INSTALACAO HIDRAULICA PARA HABITACAO/LOTEAMENTO ACIMA DE 36.000M2,INCLUSIVE PROJETO BASICO,APRESENTADO NOS PADROES DA CONTRATANTE,INCLUSIVE AS LEGALIZACOES PERTINENTES","M2",5.25,null,"01.050.0111-A","PROJETO EXECUTIVO DE INSTALACAO HIDRAULICA PARA HABITACAO/LOTEAMENTO ACIMA DE 36.000M2,INCLUSIVE PROJETO BASICO,APRESENTADO NOS PADROES DA CONTRATANTE,INCLUSIVE AS LEGALIZACOES PERTINENTES","M2",4.8899999999999997]
["01.050.0112-0","PROJETO EXECUTIVO DE INSTALACAO HIDRAULICA DE MONTAGEM INTERNA DE CHAFARIZES,APRESENTADO NOS PADROES DA CONTRATANTE","UN",1927.35,null,"01.050.0112-A","PROJETO EXECUTIVO DE INSTALACAO HIDRAULICA DE MONTAGEM INTERNA DE CHAFARIZES,APRESENTADO NOS PADROES DA CONTRATANTE","UN",1798.7]
["01.050.0113-0","PROJETO EXECUTIVO DE INSTALACAO ELETRICA PARA PREDIOS ESCOLARES E/OU ADMINISTRATIVOS ATE 500M2,INCLUSIVE PROJETO BASICO,APRESENTADO NOS PADROES DA CONTRATANTE,INCLUSIVE AS LEGALIZACOES PERTINENTES","M2",21,null,"01.050.0113-A","PROJETO EXECUTIVO DE INSTALACAO ELETRICA PARA PREDIOS ESCOLARES E/OU ADMINISTRATIVOS ATE 500M2,INCLUSIVE PROJETO BASICO,APRESENTADO NOS PADROES DA CONTRATANTE,INCLUSIVE AS LEGALIZACOES PERTINENTES","M2",19.59]
["01.050.0114-0","PROJETO EXECUTIVO DE INSTALACAO ELETRICA PARA PREDIOS ESCOLARES E/OU ADMINISTRATIVOS DE 501 ATE 3.000M2,INCLUSIVE PROJETO BASICO,APRESENTADO NOS PADROES DA CONTRATANTE,INCLUSIVE ASLEGALIZACOES PERTINENTES","M2",17.54,null,"01.050.0114-A","PROJETO EXECUTIVO DE INSTALACAO ELETRICA PARA PREDIOS ESCOLARES E/OU ADMINISTRATIVOS DE 501 ATE 3.000M2,INCLUSIVE PROJETO BASICO,APRESENTADO NOS PADROES DA CONTRATANTE,INCLUSIVE ASLEGALIZACOES PERTINENTES","M2",16.37]
["01.050.0115-0","PROJETO EXECUTIVO DE INSTALACAO ELETRICA PARA PREDIOS ESCOLARES E/OU ADMINISTRATIVOS ACIMA DE 3.000M2,INCLUSIVE PROJETOBASICO,APRESENTADO NOS PADROES DA CONTRATANTE,INCLUSIVE AS LEGALIZACOES PERTINENTES","M2",10.46,null,"01.050.0115-A","PROJETO EXECUTIVO DE INSTALACAO ELETRICA PARA PREDIOS ESCOLARES E/OU ADMINISTRATIVOS ACIMA DE 3.000M2,INCLUSIVE PROJETOBASICO,APRESENTADO NOS PADROES DA CONTRATANTE,INCLUSIVE AS LEGALIZACOES PERTINENTES","M2",9.76]
["01.050.0116-0","PROJETO EXECUTIVO DE INSTALACAO ELETRICA PARA PREDIOS CULTURAIS ATE 3.000M2,INCLUSIVE PROJETO BASICO,APRESENTADO NOS PADROES DA CONTRATANTE,INCLUSIVE AS LEGALIZACOES PERTINENTES","M2",35.119999999999997,null,"01.050.0116-A","PROJETO EXECUTIVO DE INSTALACAO ELETRICA PARA PREDIOS CULTURAIS ATE 3.000M2,INCLUSIVE PROJETO BASICO,APRESENTADO NOS PADROES DA CONTRATANTE,INCLUSIVE AS LEGALIZACOES PERTINENTES","M2",32.770000000000003]
["01.050.0117-0","PROJETO EXECUTIVO DE INSTALACAO ELETRICA PARA PREDIOS CULTURAIS ACIMA DE 3.000M2,INCLUSIVE PROJETO BASICO,APRESENTADO NOS PADROES DA CONTRATANTE,INCLUSIVE AS LEGALIZACOES PERTINENTES","M2",26.25,null,"01.050.0117-A","PROJETO EXECUTIVO DE INSTALACAO ELETRICA PARA PREDIOS CULTURAIS ACIMA DE 3.000M2,INCLUSIVE PROJETO BASICO,APRESENTADO NOS PADROES DA CONTRATANTE,INCLUSIVE AS LEGALIZACOES PERTINENTES","M2",24.49]
["01.050.0118-0","PROJETO EXECUTIVO DE INSTALACAO ELETRICA PARA PREDIOS HOSPITALARES,INCLUSIVE PROJETO BASICO,APRESENTADO NOS PADROES DA CONTRATANTE,INCLUSIVE AS LEGALIZACOES PERTINENTES","M2",42,null,"01.050.0118-A","PROJETO EXECUTIVO DE INSTALACAO ELETRICA PARA PREDIOS HOSPITALARES,INCLUSIVE PROJETO BASICO,APRESENTADO NOS PADROES DA CONTRATANTE,INCLUSIVE AS LEGALIZACOES PERTINENTES","M2",39.19]
["01.050.0119-0","PROJETO EXECUTIVO DE INSTALACAO ELETRICA PARA HABITACOES/EDIFICIOS ATE 500M2,INCLUSIVE PROJETO BASICO,APRESENTADO NOS PADROES DA CONTRATANTE,INCLUSIVE AS LEGALIZACOES PERTINENTES","M2",25.58,null,"01.050.0119-A","PROJETO EXECUTIVO DE INSTALACAO ELETRICA PARA HABITACOES/EDIFICIOS ATE 500M2,INCLUSIVE PROJETO BASICO,APRESENTADO NOS PADROES DA CONTRATANTE,INCLUSIVE AS LEGALIZACOES PERTINENTES","M2",23.87]
["01.050.0120-0","PROJETO EXECUTIVO DE INSTALACAO ELETRICA PARA HABITACOES/EDIFICIOS DE 501 ATE 3.000M2,INCLUSIVE PROJETO BASICO,APRESENTADO NOS PADROES DA CONTRATANTE,INCLUSIVE AS LEGALIZACOES PERTINENTES","M2",19.14,null,"01.050.0120-A","PROJETO EXECUTIVO DE INSTALACAO ELETRICA PARA HABITACOES/EDIFICIOS DE 501 ATE 3.000M2,INCLUSIVE PROJETO BASICO,APRESENTADO NOS PADROES DA CONTRATANTE,INCLUSIVE AS LEGALIZACOES PERTINENTES","M2",17.86]
["01.050.0121-0","PROJETO EXECUTIVO DE INSTALACAO ELETRICA PARA HABITACOES/EDIFICIOS ACIMA DE 3.000M2,INCLUSIVE PROJETO BASICO,APRESENTADONOS PADROES DA CONTRATANTE,INCLUSIVE AS LEGALIZACOES PERTINENTES","M2",12.85,null,"01.050.0121-A","PROJETO EXECUTIVO DE INSTALACAO ELETRICA PARA HABITACOES/EDIFICIOS ACIMA DE 3.000M2,INCLUSIVE PROJETO BASICO,APRESENTADONOS PADROES DA CONTRATANTE,INCLUSIVE AS LEGALIZACOES PERTINENTES","M2",12]
["01.050.0122-0","PROJETO EXECUTIVO DE INSTALACAO ELETRICA PARA URBANIZACAO ATE 15.000M2,INCLUSIVE PROJETO BASICO,APRESENTADO NOS PADROESDA CONTRATANTE,INCLUSIVE AS LEGALIZACOES PERTINENTES","M2",2.29,null,"01.050.0122-A","PROJETO EXECUTIVO DE INSTALACAO ELETRICA PARA URBANIZACAO ATE 15.000M2,INCLUSIVE PROJETO BASICO,APRESENTADO NOS PADROESDA CONTRATANTE,INCLUSIVE AS LEGALIZACOES PERTINENTES","M2",2.13]
["01.050.0123-0","PROJETO EXECUTIVO DE INSTALACAO ELETRICA PARA URBANIZACAO ACIMA DE 15.000M2,INCLUSIVE PROJETO BASICO,APRESENTADO NOS PADROES DA CONTRATANTE,INCLUSIVE AS LEGALIZACOES PERTINENTES","M2",1.69,null,"01.050.0123-A","PROJETO EXECUTIVO DE INSTALACAO ELETRICA PARA URBANIZACAO ACIMA DE 15.000M2,INCLUSIVE PROJETO BASICO,APRESENTADO NOS PADROES DA CONTRATANTE,INCLUSIVE AS LEGALIZACOES PERTINENTES","M2",1.58]
["01.050.0124-0","PROJETO EXECUTIVO DE INSTALACAO ELETRICA PARA HABITACAO/LOTEAMENTO ATE 12.000M2,INCLUSIVE PROJETO BASICO,APRESENTADO NOSPADROES DA CONTRATANTE,INCLUSIVE AS LEGALIZACOES PERTINENTES","M2",10.46,null,"01.050.0124-A","PROJETO EXECUTIVO DE INSTALACAO ELETRICA PARA HABITACAO/LOTEAMENTO ATE 12.000M2,INCLUSIVE PROJETO BASICO,APRESENTADO NOSPADROES DA CONTRATANTE,INCLUSIVE AS LEGALIZACOES PERTINENTES","M2",9.76]
["01.050.0125-0","PROJETO EXECUTIVO DE INSTALACAO ELETRICA PARA HABITACAO/LOTEAMENTO DE 12.001 ATE 36.000M2,INCLUSIVE PROJETO BASICO,APRESENTADO NOS PADROES DA CONTRATANTE,INCLUSIVE AS LEGALIZACOESPERTINENTES","M2",6.91,null,"01.050.0125-A","PROJETO EXECUTIVO DE INSTALACAO ELETRICA PARA HABITACAO/LOTEAMENTO DE 12.001 ATE 36.000M2,INCLUSIVE PROJETO BASICO,APRESENTADO NOS PADROES DA CONTRATANTE,INCLUSIVE AS LEGALIZACOESPERTINENTES","M2",6.45]
["01.050.0126-0","PROJETO EXECUTIVO DE INSTALACAO ELETRICA PARA HABITACAO/LOTEAMENTO ACIMA DE 36.000M2,INCLUSIVE PROJETO BASICO,APRESENTADO NOS PADROES DA CONTRATANTE,INCLUSIVE AS LEGALIZACOES PERTINENTES","M2",5.25,null,"01.050.0126-A","PROJETO EXECUTIVO DE INSTALACAO ELETRICA PARA HABITACAO/LOTEAMENTO ACIMA DE 36.000M2,INCLUSIVE PROJETO BASICO,APRESENTADO NOS PADROES DA CONTRATANTE,INCLUSIVE AS LEGALIZACOES PERTINENTES","M2",4.8899999999999997]
["01.050.0127-0","PROJETO EXECUTIVO DE INSTALACAO ELETRICA DO QUADRO DOS COMANDOS DE MOTORES PARA CHAFARIZES,APRESENTADO NOS PADROES DA CONTRATANTE","UN",1927.32,null,"01.050.0127-A","PROJETO EXECUTIVO DE INSTALACAO ELETRICA DO QUADRO DOS COMANDOS DE MOTORES PARA CHAFARIZES,APRESENTADO NOS PADROES DA CONTRATANTE","UN",1798.67]
["01.050.0128-0","PROJETO EXECUTIVO DE SISTEMA DE AR CONDICIONADO,INCLUSIVE PROJETO BASICO,APRESENTADO NOS PADROES DA CONTRATANTE,EM PREDIOS COM AREA DE ATE 500M2","M2",16.079999999999998,null,"01.050.0128-A","PROJETO EXECUTIVO DE SISTEMA DE AR CONDICIONADO,INCLUSIVE PROJETO BASICO,APRESENTADO NOS PADROES DA CONTRATANTE,EM PREDIOS COM AREA DE ATE 500M2","M2",15]
["01.050.0129-0","PROJETO EXECUTIVO DE SISTEMA DE AR CONDICIONADO,INCLUSIVE PROJETO BASICO,APRESENTADO NOS PADROES DA CONTRATANTE,EM PREDIOS COM AREA DE 501 ATE 3000M2","M2",13.39,null,"01.050.0129-A","PROJETO EXECUTIVO DE SISTEMA DE AR CONDICIONADO,INCLUSIVE PROJETO BASICO,APRESENTADO NOS PADROES DA CONTRATANTE,EM PREDIOS COM AREA DE 501 ATE 3000M2","M2",12.49]
["01.050.0130-0","PROJETO EXECUTIVO DE SISTEMA DE AR CONDICIONADO,INCLUSIVE PROJETO BASICO,APRESENTADO NOS PADROES DA CONTRATANTE,EM PREDIOS COM AREA ACIMA DE 3000M2","M2",8.0399999999999991,null,"01.050.0130-A","PROJETO EXECUTIVO DE SISTEMA DE AR CONDICIONADO,INCLUSIVE PROJETO BASICO,APRESENTADO NOS PADROES DA CONTRATANTE,EM PREDIOS COM AREA ACIMA DE 3000M2","M2",7.5]
["01.050.0137-0","PROJETO EXECUTIVO DE ARQUITETURA PARA CONSTRUCAO DE GALPAO (GEOMETRICO,CORTES,DETALHAMENTO E PERSPECTIVA) ATE 500M2,APRESENTADO NOS PADROES DA CONTRATANTE","M2",64.290000000000006,null,"01.050.0137-A","PROJETO EXECUTIVO DE ARQUITETURA PARA CONSTRUCAO DE GALPAO (GEOMETRICO,CORTES,DETALHAMENTO E PERSPECTIVA) ATE 500M2,APRESENTADO NOS PADROES DA CONTRATANTE","M2",60]
["01.050.0138-0","PROJETO EXECUTIVO DE ARQUITETURA PARA AREA DESTINADA A ABRIGAR SUBESTACAO,ATE 2750KVA,INCLUSIVE DETALHAMENTO DA SERRALHERIA E DOS CUBICULOS,APRESENTADO NOS PADROES DA CONTRATANTE","UN",13723.81,null,"01.050.0138-A","PROJETO EXECUTIVO DE ARQUITETURA PARA AREA DESTINADA A ABRIGAR SUBESTACAO,ATE 2750KVA,INCLUSIVE DETALHAMENTO DA SERRALHERIA E DOS CUBICULOS,APRESENTADO NOS PADROES DA CONTRATANTE","UN",12807.72]
["01.050.0139-0","DESENHO EM PERSPECTIVA NO TAMANHO DE (70X50)CM, COLORIDO, PARA PROJETO DE TRATAMENTO PAISAGISTICO EM AREA PUBLICAS,APRESENTADO NOS PADROES DA CONTRATANTE","UN",1860.84,null,"01.050.0139-A","DESENHO EM PERSPECTIVA NO TAMANHO DE (70X50)CM, COLORIDO, PARA PROJETO DE TRATAMENTO PAISAGISTICO EM AREA PUBLICAS,APRESENTADO NOS PADROES DA CONTRATANTE","UN",1736.67]
["01.050.0140-0","PROJETO EXECUTIVO DE ARQUITETURA PARA IMPLANTACAO DE VIVEIROS DE MUDAS DE ARVORES E HORTAS (GEOMETRICO,CORTES,DETALHAMENTO E PERSPECTIVAS) ATE 20.000M2,APRESENTADO NOS PADROES DA CONTRATANTE","M2",4.05,null,"01.050.0140-A","PROJETO EXECUTIVO DE ARQUITETURA PARA IMPLANTACAO DE VIVEIROS DE MUDAS DE ARVORES E HORTAS (GEOMETRICO,CORTES,DETALHAMENTO E PERSPECTIVAS) ATE 20.000M2,APRESENTADO NOS PADROES DA CONTRATANTE","M2",3.78]
["01.050.0141-0","PROJETO EXECUTIVO DE INSTALACAO ELETRICA PARA CHAFARIZES,APRESENTADO NOS PADROES DA CONTRATANTE,INCLUSIVE AS LEGALIZACOES PERTINENTES","UN",963.66,null,"01.050.0141-A","PROJETO EXECUTIVO DE INSTALACAO ELETRICA PARA CHAFARIZES,APRESENTADO NOS PADROES DA CONTRATANTE,INCLUSIVE AS LEGALIZACOES PERTINENTES","UN",899.33]
["01.050.0142-0","PROJETO EXECUTIVO DE INSTALACAO HIDROSSANITARIA PARA CHAFARIZES,APRESENTADO NOS PADROES DA CONTRATANTE,INCLUSIVE AS LEGALIZACOES PERTINENTES","UN",963.66,null,"01.050.0142-A","PROJETO EXECUTIVO DE INSTALACAO HIDROSSANITARIA PARA CHAFARIZES,APRESENTADO NOS PADROES DA CONTRATANTE,INCLUSIVE AS LEGALIZACOES PERTINENTES","UN",899.33]
["01.050.0143-0","PROJETO EXECUTIVO DE SISTEMA DE DRENAGEM E IRRIGACAO PARA IMPLANTACAO DE VIVEIROS DE MUDAS DE ARVORES E HORTAS,ATE 20.000M2,APRESENTADO NOS PADROES DA CONTRATANTE","M2",2.3199999999999998,null,"01.050.0143-A","PROJETO EXECUTIVO DE SISTEMA DE DRENAGEM E IRRIGACAO PARA IMPLANTACAO DE VIVEIROS DE MUDAS DE ARVORES E HORTAS,ATE 20.000M2,APRESENTADO NOS PADROES DA CONTRATANTE","M2",2.17]
["01.050.0150-0","PROJETO EXECUTIVO DE INSTALACAO DE SEGURANCA (CFTV E SONORIZACAO),ATE 500M2,INCLUSIVE PROJETO BASICO,APRESENTADO NOS PADROES DA CONTRATANTE,INCLUSIVE AS LEGALIZACOES PERTINENTES","M2",7.01,null,"01.050.0150-A","PROJETO EXECUTIVO DE INSTALACAO DE SEGURANCA (CFTV E SONORIZACAO),ATE 500M2,INCLUSIVE PROJETO BASICO,APRESENTADO NOS PADROES DA CONTRATANTE,INCLUSIVE AS LEGALIZACOES PERTINENTES","M2",6.54]
["01.050.0151-0","PROJETO EXECUTIVO DE INSTALACAO DE SEGURANCA (CFTV E SONORIZACAO),DE 501 ATE 3000M2,INCLUSIVE PROJETO BASICO,APRESENTADONOS PADROES DA CONTRATANTE,INCLUSIVE AS LEGALIZACOES PERTINENTES","M2",4.8099999999999996,null,"01.050.0151-A","PROJETO EXECUTIVO DE INSTALACAO DE SEGURANCA (CFTV E SONORIZACAO),DE 501 ATE 3000M2,INCLUSIVE PROJETO BASICO,APRESENTADONOS PADROES DA CONTRATANTE,INCLUSIVE AS LEGALIZACOES PERTINENTES","M2",4.49]
["01.050.0152-0","PROJETO EXECUTIVO DE INSTALACAO DE SEGURANCA (CFTV E SONORIZACAO),ACIMA DE 3000M2,INCLUSIVE PROJETO BASICO,APRESENTADO NOS PADROES DA CONTRATANTE,INCLUSIVE AS LEGALIZACOES PERTINENTES","M2",2.89,null,"01.050.0152-A","PROJETO EXECUTIVO DE INSTALACAO DE SEGURANCA (CFTV E SONORIZACAO),ACIMA DE 3000M2,INCLUSIVE PROJETO BASICO,APRESENTADO NOS PADROES DA CONTRATANTE,INCLUSIVE AS LEGALIZACOES PERTINENTES","M2",2.69]
["01.050.0153-0","ELABORACAO MICRO E MESODRENAGEM (VAZAO ATE 10M3/SEG) CONFORMIDADE C/AS NORMAS ESTABELECIDAS PELA RIO-AGUAS (PORTARIA O/SUB-RIO-AGUAS \"N\" Nº 004/2010).SERVICOS MEDIDOS KM PROJETO EFETIVAMENTE CONCLUIDO,OS QUAIS APOS APROVACOES SERAO ENTREGUES A FISCALIZACAO.APRESENTADO NOS PADROES DA CONTRATANTE.","KM",29127.67,null,"01.050.0153-A","ELABORACAO MICRO E MESODRENAGEM (VAZAO ATE 10M3/SEG) CONFORMIDADE C/AS NORMAS ESTABELECIDAS PELA RIO-AGUAS (PORTARIA O/SUB-RIO-AGUAS \"N\" Nº 004/2010).SERVICOS MEDIDOS KM PROJETO EFETIVAMENTE CONCLUIDO,OS QUAIS APOS APROVACOES SERAO ENTREGUES A FISCALIZACAO.APRESENTADO NOS PADROES DA CONTRATANTE.","KM",27184.44]
["01.050.0154-0","ELABORACAO MACRODRENAGEM (VAZAO A PARTIR DE 10M3/SEG) CONFORMIDADE C/AS NORMAS ESTABELECIDAS PELA RIO-AGUAS (PORTARIA O/SUB-RIO-AGUAS \"N\" Nº 004/2010).SERVICOS MEDIDOS KM PROJETO EFETIVAMENTE CONCLUIDO,OS QUAIS APOS APROVACAO SERAO ENTREGUES A FISCALIZACAO.APRESENTADO NOS PADROES DA CONTRATANTE","KM",39541.730000000003,null,"01.050.0154-A","ELABORACAO MACRODRENAGEM (VAZAO A PARTIR DE 10M3/SEG) CONFORMIDADE C/AS NORMAS ESTABELECIDAS PELA RIO-AGUAS (PORTARIA O/SUB-RIO-AGUAS \"N\" Nº 004/2010).SERVICOS MEDIDOS KM PROJETO EFETIVAMENTE CONCLUIDO,OS QUAIS APOS APROVACAO SERAO ENTREGUES A FISCALIZACAO.APRESENTADO NOS PADROES DA CONTRATANTE","KM",36903.57]
["01.050.0156-0","PROJETO EXECUTIVO DE SISTEMA DE DRENAGEM ATE 20.000M2,APRESENTADO NOS PADROES DA CONTRATANTE","M2",1.53,null,"01.050.0156-A","PROJETO EXECUTIVO DE SISTEMA DE DRENAGEM ATE 20.000M2,APRESENTADO NOS PADROES DA CONTRATANTE","M2",1.42]
["01.050.0157-0","PROJETO EXECUTIVO DE SISTEMA DE DRENAGEM ACIMA DE 20.000M2,APRESENTADO NOS PADROES DA CONTRATANTE","M2",1.05,null,"01.050.0157-A","PROJETO EXECUTIVO DE SISTEMA DE DRENAGEM ACIMA DE 20.000M2,APRESENTADO NOS PADROES DA CONTRATANTE","M2",0.98]
["01.050.0160-0","PROJETO BASICO PARA URBANIZACAO/REURBANIZACAO DE AREAS,VISANDO A ORGANIZACAO ESPACIAL E DAS ATIVIDADES,CONTEMPLANDO:SISTEMA VIARIO,PASSEIOS,PRACAS,ARBORIZACAO,ILUMINACAO COM CRITERIOS LUMINOTECNICOS,DISTRIBUICAO E INTEGRACAO DO MOBILIARIO URBANO E EQUIPAMENTOS URBANOS,APRESENTADO NOS PADROES DA CONTRATANTE","HA",96605.98,null,"01.050.0160-A","PROJETO BASICO PARA URBANIZACAO/REURBANIZACAO DE AREAS,VISANDO A ORGANIZACAO ESPACIAL E DAS ATIVIDADES,CONTEMPLANDO:SISTEMA VIARIO,PASSEIOS,PRACAS,ARBORIZACAO,ILUMINACAO COM CRITERIOS LUMINOTECNICOS,DISTRIBUICAO E INTEGRACAO DO MOBILIARIO URBANO E EQUIPAMENTOS URBANOS,APRESENTADO NOS PADROES DA CONTRATANTE","HA",90159.8]
["01.050.0162-0","PROJETO EXECUTIVO PARA URBANIZACAO/REURBANIZACAO DE AREAS,VISANDO A ORGANIZACAO ESPACIAL E DAS ATIVIDADES,CONTEMPLANDO:SISTEMA VIARIO,PASSEIOS,PRACAS,ARBORIZACAO,ILUMINACAO COM CRITERIOS LUMINOTECNICOS,DISTRIBUICAO E INTEGRACAO DO MOBILIARIO URBANO E EQUIPAMENTOS URBANOS,APRESENTADO NOS PADROES DA CONTRATANTE","HA",155634.17000000001,null,"01.050.0162-A","PROJETO EXECUTIVO PARA URBANIZACAO/REURBANIZACAO DE AREAS,VISANDO A ORGANIZACAO ESPACIAL E DAS ATIVIDADES,CONTEMPLANDO:SISTEMA VIARIO,PASSEIOS,PRACAS,ARBORIZACAO,ILUMINACAO COM CRITERIOS LUMINOTECNICOS,DISTRIBUICAO E INTEGRACAO DO MOBILIARIO URBANO E EQUIPAMENTOS URBANOS,APRESENTADO NOS PADROES DA CONTRATANTE","HA",145249.24]
["01.050.0165-0","PROJETO EXECUTIVO PARA URBANIZACAO/REURBANIZACAO (GEOMETRICO,CORTES E DETALHES) PARA TRATAMENTO PAISAGISTICO DE AREAS PUBLICAS,APRESENTADO NOS PADROES DA CONTRATANTE,INCLUSIVE AS OPERACOES PERTINENTES E A COORDENACAO DOS PROJETOS COMPLEMENTARES","HA",74203.22,null,"01.050.0165-A","PROJETO EXECUTIVO PARA URBANIZACAO/REURBANIZACAO (GEOMETRICO,CORTES E DETALHES) PARA TRATAMENTO PAISAGISTICO DE AREAS PUBLICAS,APRESENTADO NOS PADROES DA CONTRATANTE,INCLUSIVE AS OPERACOES PERTINENTES E A COORDENACAO DOS PROJETOS COMPLEMENTARES","HA",69251.850000000006]
["01.050.0168-0","PROJETO DE VIA SIMPLES DE VEICULOS EM FAVELA,COM 1 FAIXA DEROLAMENTO,COM LARGURA MAXIMA DE 3M,APRESENTADO NOS PADROES DACONTRATANTE","KM",11533.15,null,"01.050.0168-A","PROJETO DE VIA SIMPLES DE VEICULOS EM FAVELA,COM 1 FAIXA DEROLAMENTO,COM LARGURA MAXIMA DE 3M,APRESENTADO NOS PADROES DACONTRATANTE","KM",10763.91]
["01.050.0170-0","PROJETO PARA PASSARELA SOBRE LOGRADOURO PUBLICO,COM RAMPAS E/OU ESCADAS,APRESENTADO NOS PADROES DA CONTRATANTE","M2",191.41,null,"01.050.0170-A","PROJETO PARA PASSARELA SOBRE LOGRADOURO PUBLICO,COM RAMPAS E/OU ESCADAS,APRESENTADO NOS PADROES DA CONTRATANTE","M2",178.64]
["01.050.0175-0","PROJETO EXECUTIVO PARA TRATAMENTO PAISAGISTICO COM ESPECIFICACAO VEGETAL LEGENDADA E QUANTIFICADA,EM AREAS PUBLICAS,CONSIDERANDO A AREA EFETIVA DE PLANTIO,APRESENTADO NOS PADROES DA CONTRATANTE","HA",34877.360000000001,null,"01.050.0175-A","PROJETO EXECUTIVO PARA TRATAMENTO PAISAGISTICO COM ESPECIFICACAO VEGETAL LEGENDADA E QUANTIFICADA,EM AREAS PUBLICAS,CONSIDERANDO A AREA EFETIVA DE PLANTIO,APRESENTADO NOS PADROES DA CONTRATANTE","HA",32550.240000000002]
["01.050.0180-0","PROJETO EXECUTIVO DE VIA ESPECIAL PARA VEICULOS E PEDESTRES,EM AVENIDAS CANAL,COM CALCADAS EM AMBOS OS LADOS,COM LARGURAMAXIMA DE 40M,APRESENTADO NOS PADROES DA CONTRATANTE","HA",7049.67,null,"01.050.0180-A","PROJETO EXECUTIVO DE VIA ESPECIAL PARA VEICULOS E PEDESTRES,EM AVENIDAS CANAL,COM CALCADAS EM AMBOS OS LADOS,COM LARGURAMAXIMA DE 40M,APRESENTADO NOS PADROES DA CONTRATANTE","HA",6579.27]
["01.050.0185-0","PROJETO EXECUTIVO DE VIA ESPECIAL PARA VEICULOS E PEDESTRESEM RUAS E AVENIDAS URBANAS,COM CALCADAS EM AMBOS OS LADOS,CANTEIRO CENTRAL E SEPARADORES DE PISTAS LATERAIS EM AMBOS OSSENTIDOS E COM LARGURA MAXIMA DE 46M,APRESENTADO NOS PADROESDA CONTRATANTE","HA",13806.93,null,"01.050.0185-A","PROJETO EXECUTIVO DE VIA ESPECIAL PARA VEICULOS E PEDESTRESEM RUAS E AVENIDAS URBANAS,COM CALCADAS EM AMBOS OS LADOS,CANTEIRO CENTRAL E SEPARADORES DE PISTAS LATERAIS EM AMBOS OSSENTIDOS E COM LARGURA MAXIMA DE 46M,APRESENTADO NOS PADROESDA CONTRATANTE","HA",12885.79]
["01.050.0190-0","PROJETO EXECUTIVO DE VIA PARA VEICULOS E PEDESTRES EM RUAS EAVENIDAS URBANAS,COM CALCADAS EM AMBOS OS LADOS E 2 FAIXAS DE ROLAMENTO COM LARGURA MAXIMA DE 13M,APRESENTADO NOS PADROES DA CONTRATANTE","HA",12778.56,null,"01.050.0190-A","PROJETO EXECUTIVO DE VIA PARA VEICULOS E PEDESTRES EM RUAS EAVENIDAS URBANAS,COM CALCADAS EM AMBOS OS LADOS E 2 FAIXAS DE ROLAMENTO COM LARGURA MAXIMA DE 13M,APRESENTADO NOS PADROES DA CONTRATANTE","HA",11926.03]
["01.050.0195-0","PROJETO EXECUTIVO DE VIA PARA VEICULOS E PEDESTRES EM RUAS EAVENIDAS URBANAS,COM CALCADAS EM AMBOS OS LADOS E 3 FAIXAS DE ROLAMENTO COM LARGURA MAXIMA DE 16M,APRESENTADO NOS PADROES DA CONTRATANTE","HA",11725.37,null,"01.050.0195-A","PROJETO EXECUTIVO DE VIA PARA VEICULOS E PEDESTRES EM RUAS EAVENIDAS URBANAS,COM CALCADAS EM AMBOS OS LADOS E 3 FAIXAS DE ROLAMENTO COM LARGURA MAXIMA DE 16M,APRESENTADO NOS PADROES DA CONTRATANTE","HA",10943.1]
["01.050.0200-0","PROJETO EXECUTIVO DE VIA ESPECIAL PARA VEICULOS E PEDESTRESEM RUAS E AVENIDAS URBANAS,COM CALCADAS EM AMBOS OS LADOS,CANTEIRO CENTRAL,COM 3 FAIXAS DE ROLAMENTO NAS PISTAS CENTRAISE SEPARADORES DE PISTAS LATERAIS EM AMBOS OS SENTIDOS E COMLARGURA MAXIMA DE 53M,APRESENTADO NOS PADROES DA CONTRATANTE","HA",13317.74,null,"01.050.0200-A","PROJETO EXECUTIVO DE VIA ESPECIAL PARA VEICULOS E PEDESTRESEM RUAS E AVENIDAS URBANAS,COM CALCADAS EM AMBOS OS LADOS,CANTEIRO CENTRAL,COM 3 FAIXAS DE ROLAMENTO NAS PISTAS CENTRAISE SEPARADORES DE PISTAS LATERAIS EM AMBOS OS SENTIDOS E COMLARGURA MAXIMA DE 53M,APRESENTADO NOS PADROES DA CONTRATANTE","HA",12429.09]
["01.050.0205-0","PROJETO EXECUTIVO DE VIA PARA VEICULOS E PEDESTRES EM RUAS EAVENIDAS URBANAS,COM CALCADAS EM AMBOS OS LADOS E 4 FAIXASDEROLAMENTO COM LARGURA MAXIMA DE 25M,APRESENTADO NOS PADROESDA CONTRATANTE","HA",8301.2099999999991,null,"01.050.0205-A","PROJETO EXECUTIVO DE VIA PARA VEICULOS E PEDESTRES EM RUAS EAVENIDAS URBANAS,COM CALCADAS EM AMBOS OS LADOS E 4 FAIXASDEROLAMENTO COM LARGURA MAXIMA DE 25M,APRESENTADO NOS PADROESDA CONTRATANTE","HA",7747.39]
["01.050.0210-0","PROJETO EXECUTIVO DE VIA ESPECIAL PARA VEICULOS E PEDESTRESEM RUAS E AVENIDAS URBANAS,COM CALCADAS EM AMBOS OS LADOS,CANTEIRO CENTRAL E PISTAS COM 4 FAIXAS DE ROLAMENTO EM CADA SENTIDO,COM LARGURA MAXIMA DE 40M,APRESENTADO NOS PADROES DA CONTRATANTE","HA",13204.52,null,"01.050.0210-A","PROJETO EXECUTIVO DE VIA ESPECIAL PARA VEICULOS E PEDESTRESEM RUAS E AVENIDAS URBANAS,COM CALCADAS EM AMBOS OS LADOS,CANTEIRO CENTRAL E PISTAS COM 4 FAIXAS DE ROLAMENTO EM CADA SENTIDO,COM LARGURA MAXIMA DE 40M,APRESENTADO NOS PADROES DA CONTRATANTE","HA",12323.43]
["01.050.0215-0","PROJETO EXECUTIVO DE VIA SIMPLES DE CICLOVIA,COM 1 FAIXA DEROLAMENTO,COM LARGURA MAXIMA DE 1,30M,APRESENTADO NOS PADROES DA CONTRATANTE","HA",11550.29,null,"01.050.0215-A","PROJETO EXECUTIVO DE VIA SIMPLES DE CICLOVIA,COM 1 FAIXA DEROLAMENTO,COM LARGURA MAXIMA DE 1,30M,APRESENTADO NOS PADROES DA CONTRATANTE","HA",10779.51]
["01.050.0220-0","PROJETO EXECUTIVO DE VIA DUPLA DE CICLOVIA,COM 2 FAIXAS DE ROLAMENTO,COM LARGURA MAXIMA DE 3M,APRESENTADO NOS PADROES DACONTRATANTE","HA",17243.080000000002,null,"01.050.0220-A","PROJETO EXECUTIVO DE VIA DUPLA DE CICLOVIA,COM 2 FAIXAS DE ROLAMENTO,COM LARGURA MAXIMA DE 3M,APRESENTADO NOS PADROES DACONTRATANTE","HA",16092.43]
["01.050.0222-0","PROJETO EXECUTIVO DE SISTEMA CENTRAL DE GASES MEDICINAIS (OXIGENIO,AR COMPRIMIDO E VACUO),INCLUSIVE PROJETO BASICO,APRESENTADO NOS PADROES DA CONTRATANTE,COM AREA ATE 1000M2","M2",1.22,null,"01.050.0222-A","PROJETO EXECUTIVO DE SISTEMA CENTRAL DE GASES MEDICINAIS (OXIGENIO,AR COMPRIMIDO E VACUO),INCLUSIVE PROJETO BASICO,APRESENTADO NOS PADROES DA CONTRATANTE,COM AREA ATE 1000M2","M2",1.1399999999999999]
["01.050.0223-0","PROJETO EXECUTIVO DE SISTEMA CENTRAL DE GASES MEDICINAIS (OXIGENIO,AR COMPRIMIDO E VACUO),INCLUSIVE PROJETO BASICO,APRESENTADO NOS PADROES DA CONTRATANTE,COM AREA DE 1001 ATE 4000M2","M2",0.93,null,"01.050.0223-A","PROJETO EXECUTIVO DE SISTEMA CENTRAL DE GASES MEDICINAIS (OXIGENIO,AR COMPRIMIDO E VACUO),INCLUSIVE PROJETO BASICO,APRESENTADO NOS PADROES DA CONTRATANTE,COM AREA DE 1001 ATE 4000M2","M2",0.86]
["01.050.0224-0","PROJETO EXECUTIVO DE SISTEMA CENTRAL DE GASES MEDICINAIS (OXIGENIO,AR COMPRIMIDO E VACUO),INCLUSIVE PROJETO BASICO,APRESENTADO NOS PADROES DA CONTRATANTE,COM AREA ACIMA DE 4000M2","M2",0.59,null,"01.050.0224-A","PROJETO EXECUTIVO DE SISTEMA CENTRAL DE GASES MEDICINAIS (OXIGENIO,AR COMPRIMIDO E VACUO),INCLUSIVE PROJETO BASICO,APRESENTADO NOS PADROES DA CONTRATANTE,COM AREA ACIMA DE 4000M2","M2",0.55000000000000004]
["01.050.0225-0","PROJETO EXECUTIVO PARA SISTEMA DE EXAUSTAO MECANICA DE COZINHA,INCLUSIVE PROJETO BASICO,APRESENTADO NOS PADROES DA CONTRATANTE COM AREA ATE 50M2","UN",2057.81,null,"01.050.0225-A","PROJETO EXECUTIVO PARA SISTEMA DE EXAUSTAO MECANICA DE COZINHA,INCLUSIVE PROJETO BASICO,APRESENTADO NOS PADROES DA CONTRATANTE COM AREA ATE 50M2","UN",1920.5]
["01.050.0226-0","PROJETO EXECUTIVO PARA SISTEMA DE EXAUSTAO MECANICA DE COZINHA,INCLUSIVE PROJETO BASICO,APRESENTADO NOS PADROES DA CONTRATANTE,COM AREA DE 51 ATE 100M2","UN",2572.27,null,"01.050.0226-A","PROJETO EXECUTIVO PARA SISTEMA DE EXAUSTAO MECANICA DE COZINHA,INCLUSIVE PROJETO BASICO,APRESENTADO NOS PADROES DA CONTRATANTE,COM AREA DE 51 ATE 100M2","UN",2400.62]
["01.050.0227-0","PROJETO EXECUTIVO PARA SISTEMA DE EXAUSTAO MECANICA DE COZINHA,INCLUSIVE PROJETO BASICO,APRESENTADO NOS PADROES DA CONTRATANTE,COM AREA ACIMA DE 100M2","UN",3858.39,null,"01.050.0227-A","PROJETO EXECUTIVO PARA SISTEMA DE EXAUSTAO MECANICA DE COZINHA,INCLUSIVE PROJETO BASICO,APRESENTADO NOS PADROES DA CONTRATANTE,COM AREA ACIMA DE 100M2","UN",3600.93]
["01.050.0230-0","PROJETO ESTRUTURAL FINAL DE ENGENHARIA DE OBRAS-DE-ARTE ESPECIAIS (PONTES,VIADUTOS E PASSARELAS) EM CONCRETO ARMADO E/OUPROTENDIDO OU ESTRUTURA DE ACO,COM AREA DE PROJECAO HORIZONTAL INFERIOR A 500M2,APRESENTADO NOS PADROES DA CONTRATANTE","M2",188.23,null,"01.050.0230-A","PROJETO ESTRUTURAL FINAL DE ENGENHARIA DE OBRAS-DE-ARTE ESPECIAIS (PONTES,VIADUTOS E PASSARELAS) EM CONCRETO ARMADO E/OUPROTENDIDO OU ESTRUTURA DE ACO,COM AREA DE PROJECAO HORIZONTAL INFERIOR A 500M2,APRESENTADO NOS PADROES DA CONTRATANTE","M2",175.66]
["01.050.0232-0","PROJETO ESTRUTURAL FINAL DE ENGENHARIA DE OBRAS-DE-ARTE ESPECIAIS (PONTES,VIADUTOS E PASSARELAS) EM CONCRETO ARMADO E/OUPROTENDIDO OU ESTRUTURA DE ACO,COM AREA DE PROJECAO HORIZONTAL DE 501 ATE 5.000M2,APRESENTADO NOS PADROES DA CONTRATANTE","M2",172.37,null,"01.050.0232-A","PROJETO ESTRUTURAL FINAL DE ENGENHARIA DE OBRAS-DE-ARTE ESPECIAIS (PONTES,VIADUTOS E PASSARELAS) EM CONCRETO ARMADO E/OUPROTENDIDO OU ESTRUTURA DE ACO,COM AREA DE PROJECAO HORIZONTAL DE 501 ATE 5.000M2,APRESENTADO NOS PADROES DA CONTRATANTE","M2",160.86000000000001]
["01.050.0235-0","PROJETO ESTRUTURAL FINAL DE ENGENHARIA DE OBRAS-DE-ARTE ESPECIAIS (PONTES,VIADUTOS E PASSARELAS) EM CONCRETO ARMADO E/OUPROTENDIDO OU ESTRUTURA DE ACO,COM AREA DE PROJECAO HORIZONTAL DE 5.001 ATE 7.000M2,APRESENTADO NOS PADROES DA CONTRATANTE","M2",164.69,null,"01.050.0235-A","PROJETO ESTRUTURAL FINAL DE ENGENHARIA DE OBRAS-DE-ARTE ESPECIAIS (PONTES,VIADUTOS E PASSARELAS) EM CONCRETO ARMADO E/OUPROTENDIDO OU ESTRUTURA DE ACO,COM AREA DE PROJECAO HORIZONTAL DE 5.001 ATE 7.000M2,APRESENTADO NOS PADROES DA CONTRATANTE","M2",153.69999999999999]
["01.050.0245-0","PROJETO EXECUTIVO DE PROGRAMACAO VISUAL PARA PREDIOS ESCOLARES E/OU ADMINISTRATIVOS ATE 500M2,APRESENTADO NOS PADROES DACONTRATANTE","M2",10.5,null,"01.050.0245-A","PROJETO EXECUTIVO DE PROGRAMACAO VISUAL PARA PREDIOS ESCOLARES E/OU ADMINISTRATIVOS ATE 500M2,APRESENTADO NOS PADROES DACONTRATANTE","M2",9.7899999999999991]
["01.050.0250-0","PROJETO EXECUTIVO DE PROGRAMACAO VISUAL PARA PREDIOS ESCOLARES E/OU ADMINISTRATIVOS,DE 501 ATE 3000M2,APRESENTADO NOS PADROES DA CONTRATANTE","M2",8.77,null,"01.050.0250-A","PROJETO EXECUTIVO DE PROGRAMACAO VISUAL PARA PREDIOS ESCOLARES E/OU ADMINISTRATIVOS,DE 501 ATE 3000M2,APRESENTADO NOS PADROES DA CONTRATANTE","M2",8.18]
["01.050.0300-0","RELATORIO FINAL DE OBRAS OU SERVICOS DE ENGENHARIA,REGISTROFOTOGRAFICO DOS SERVICOS,ACOMPANHADO DE LEGENDAS E INDICACAODA LOCALIZACAO,INFORMACOES CONTRATUAIS,PLANILHA ORCAMENTARIA E DESCRICAO DO ESCOPO DOS SERVICOS REALIZADOS,CONF.RECOMENDACOES E ESPECIFICACOES DO ORGAO CONTRATANTE.O ITEM DEVERA SER MEDIDO PELO NUMERO PRANCHAS ORIGINAIS COMPOE RELATORIO","UN",2207.19,null,"01.050.0300-A","RELATORIO FINAL DE OBRAS OU SERVICOS DE ENGENHARIA,REGISTROFOTOGRAFICO DOS SERVICOS,ACOMPANHADO DE LEGENDAS E INDICACAODA LOCALIZACAO,INFORMACOES CONTRATUAIS,PLANILHA ORCAMENTARIA E DESCRICAO DO ESCOPO DOS SERVICOS REALIZADOS,CONF.RECOMENDACOES E ESPECIFICACOES DO ORGAO CONTRATANTE.O ITEM DEVERA SER MEDIDO PELO NUMERO PRANCHAS ORIGINAIS COMPOE RELATORIO","UN",2059.9899999999998]
["01.050.0315-0","SERVICOS DE ELABORACAO DE VISTORIAS,LAUDOS TECNICOS,ANTEPROJETOS DE INTERVENCOES LOCALIZADAS,QUANTITATIVOS E RELATORIO FOTOGRAFICO PARA EXECUCAO DE RECUPERACAO ESTRUTURAL DE OBRAS-DE-ARTE ESPECIAIS,COM AREAS DE PROJECAO HORIZONTAL ATE 1000M2,APRESENTADO NOS PADROES DA CONTRATANTE","M2",31.57,null,"01.050.0315-A","SERVICOS DE ELABORACAO DE VISTORIAS,LAUDOS TECNICOS,ANTEPROJETOS DE INTERVENCOES LOCALIZADAS,QUANTITATIVOS E RELATORIO FOTOGRAFICO PARA EXECUCAO DE RECUPERACAO ESTRUTURAL DE OBRAS-DE-ARTE ESPECIAIS,COM AREAS DE PROJECAO HORIZONTAL ATE 1000M2,APRESENTADO NOS PADROES DA CONTRATANTE","M2",29.56]
["01.050.0320-0","SERVICOS DE ELABORACAO DE VISTORIAS,LAUDOS TECNICOS,ANTEPROJETOS DE INTERVENCOES LOCALIZADAS,QUANTITATIVOS E RELATORIO FOTOGRAFICO PARA EXECUCAO DE RECUPERACAO ESTRUTURAL DE OBRAS-DE-ARTE ESPECIAIS,COM AREAS DE PROJECAO HORIZONTAL ENTRE 1000M2 E 2000M2.PARA OS PRIMEIROS 1000M2 CONSIDERAR O ITEM PERTINENTE,APRESENTADO NOS PADROES DA CONTRATANTE","M2",21.05,null,"01.050.0320-A","SERVICOS DE ELABORACAO DE VISTORIAS,LAUDOS TECNICOS,ANTEPROJETOS DE INTERVENCOES LOCALIZADAS,QUANTITATIVOS E RELATORIO FOTOGRAFICO PARA EXECUCAO DE RECUPERACAO ESTRUTURAL DE OBRAS-DE-ARTE ESPECIAIS,COM AREAS DE PROJECAO HORIZONTAL ENTRE 1000M2 E 2000M2.PARA OS PRIMEIROS 1000M2 CONSIDERAR O ITEM PERTINENTE,APRESENTADO NOS PADROES DA CONTRATANTE","M2",19.690000000000001]
["01.050.0322-0","SERVICOS DE ELABORACAO DE VISTORIAS,LAUDOS TECNICOS,ANTEPROJETOS DE INTERVENCOES LOCALIZADAS,QUANTITATIVOS E RELATORIO FOTOGRAFICO PARA EXECUCAO DE RECUPERACAO ESTRUTURAL DE OBRAS-DE-ARTE ESPECIAIS,COM AREAS DE PROJECAO HORIZONTAL ENTRE 2000M2 E 5000M2.PARA OS PRIMEIROS 2000M2 CONSIDERAR OS ITENS PERTINENTES,APRESENTADO NOS PADROES DA CONTRATANTE","M2",16.579999999999998,null,"01.050.0322-A","SERVICOS DE ELABORACAO DE VISTORIAS,LAUDOS TECNICOS,ANTEPROJETOS DE INTERVENCOES LOCALIZADAS,QUANTITATIVOS E RELATORIO FOTOGRAFICO PARA EXECUCAO DE RECUPERACAO ESTRUTURAL DE OBRAS-DE-ARTE ESPECIAIS,COM AREAS DE PROJECAO HORIZONTAL ENTRE 2000M2 E 5000M2.PARA OS PRIMEIROS 2000M2 CONSIDERAR OS ITENS PERTINENTES,APRESENTADO NOS PADROES DA CONTRATANTE","M2",15.52]
["01.050.0324-0","SERVICOS DE ELABORACAO DE VISTORIAS,LAUDOS TECNICOS,ANTEPROJETOS DE INTERVENCOES LOCALIZADAS,QUANTITATIVOS E RELATORIO FOTOGRAFICO PARA EXECUCAO DE RECUPERACAO ESTRUTURAL DE OBRAS-DE-ARTE ESPECIAIS,COM AREAS DE PROJECAO HORIZONTAL ACIMA DE5000M2.PARA OS PRIMEIROS 5000M2 CONSIDERAR OS ITENS PERTINENTES,APRESENTADO NOS PADROES DA CONTRATANTE","M2",14.16,null,"01.050.0324-A","SERVICOS DE ELABORACAO DE VISTORIAS,LAUDOS TECNICOS,ANTEPROJETOS DE INTERVENCOES LOCALIZADAS,QUANTITATIVOS E RELATORIO FOTOGRAFICO PARA EXECUCAO DE RECUPERACAO ESTRUTURAL DE OBRAS-DE-ARTE ESPECIAIS,COM AREAS DE PROJECAO HORIZONTAL ACIMA DE5000M2.PARA OS PRIMEIROS 5000M2 CONSIDERAR OS ITENS PERTINENTES,APRESENTADO NOS PADROES DA CONTRATANTE","M2",13.25]
["01.050.0325-0","SERVICOS DE ELABORACAO DE VISTORIAS,LAUDOS TECNICOS,ANTEPROJETOS DE INTERVENCOES LOCALIZADAS,QUANTITATIVOS E RELATORIO FOTOGRAFICO PARA EXECUCAO DE RECUPERACAO ESTRUTURAL DE PREDIOS PUBLICOS,COM AREAS DE PROJECAO HORIZONTAL ATE 1000M2,APRESENTADO NOS PADROES DA CONTRATANTE","M2",13.03,null,"01.050.0325-A","SERVICOS DE ELABORACAO DE VISTORIAS,LAUDOS TECNICOS,ANTEPROJETOS DE INTERVENCOES LOCALIZADAS,QUANTITATIVOS E RELATORIO FOTOGRAFICO PARA EXECUCAO DE RECUPERACAO ESTRUTURAL DE PREDIOS PUBLICOS,COM AREAS DE PROJECAO HORIZONTAL ATE 1000M2,APRESENTADO NOS PADROES DA CONTRATANTE","M2",12.25]
["01.050.0326-0","SERVICOS DE ELABORACAO DE VISTORIAS,LAUDOS TECNICOS,ANTEPROJETOS DE INTERVENCOES LOCALIZADAS,QUANTITATIVOS E RELATORIO FOTOGRAFICO PARA EXECUCAO DE RECUPERACAO ESTRUTURAL DE PREDIOS PUBLICOS,COM AREAS DE PROJECAO HORIZONTAL ENTRE 1000M2 E 2000M2.PARA OS PRIMEIROS 1000M2 CONSIDERAR O ITEM PERTINENTE,APRESENTADO NOS PADROES DA CONTRATANTE","M2",8.6199999999999992,null,"01.050.0326-A","SERVICOS DE ELABORACAO DE VISTORIAS,LAUDOS TECNICOS,ANTEPROJETOS DE INTERVENCOES LOCALIZADAS,QUANTITATIVOS E RELATORIO FOTOGRAFICO PARA EXECUCAO DE RECUPERACAO ESTRUTURAL DE PREDIOS PUBLICOS,COM AREAS DE PROJECAO HORIZONTAL ENTRE 1000M2 E 2000M2.PARA OS PRIMEIROS 1000M2 CONSIDERAR O ITEM PERTINENTE,APRESENTADO NOS PADROES DA CONTRATANTE","M2",8.09]
["01.050.0327-0","SERVICOS DE ELABORACAO DE VISTORIAS,LAUDOS TECNICOS,ANTEPROJETOS DE INTERVENCOES LOCALIZADAS,QUANTITATIVOS E RELATORIO FOTOGRAFICO PARA EXECUCAO DE RECUPERACAO ESTRUTURAL DE PREDIOS PUBLICOS,COM AREAS DE PROJECAO HORIZONTAL ENTRE 2000M2 E 5000M2.PARA OS PRIMEIROS 2000M2 CONSIDERAR OS ITENS PERTINENTES,APRESENTADO NOS PADROES DA CONTRATANTE","M2",6.82,null,"01.050.0327-A","SERVICOS DE ELABORACAO DE VISTORIAS,LAUDOS TECNICOS,ANTEPROJETOS DE INTERVENCOES LOCALIZADAS,QUANTITATIVOS E RELATORIO FOTOGRAFICO PARA EXECUCAO DE RECUPERACAO ESTRUTURAL DE PREDIOS PUBLICOS,COM AREAS DE PROJECAO HORIZONTAL ENTRE 2000M2 E 5000M2.PARA OS PRIMEIROS 2000M2 CONSIDERAR OS ITENS PERTINENTES,APRESENTADO NOS PADROES DA CONTRATANTE","M2",6.41]
["01.050.0328-0","SERVICOS DE ELABORACAO DE VISTORIAS,LAUDOS TECNICOS,ANTEPROJETOS DE INTERVENCOES LOCALIZADAS,QUANTITATIVOS E RELATORIO FOTOGRAFICO PARA EXECUCAO DE RECUPERACAO ESTRUTURAL DE PREDIOS PUBLICOS,COM AREAS DE PROJECAO HORIZONTAL ACIMA DE 5000M2.PARA OS PRIMEIROS 5000M2 CONSIDERAR OS ITENS PERTINENTES,APRESENTADO NOS PADROES DA CONTRATANTE","M2",5.35,null,"01.050.0328-A","SERVICOS DE ELABORACAO DE VISTORIAS,LAUDOS TECNICOS,ANTEPROJETOS DE INTERVENCOES LOCALIZADAS,QUANTITATIVOS E RELATORIO FOTOGRAFICO PARA EXECUCAO DE RECUPERACAO ESTRUTURAL DE PREDIOS PUBLICOS,COM AREAS DE PROJECAO HORIZONTAL ACIMA DE 5000M2.PARA OS PRIMEIROS 5000M2 CONSIDERAR OS ITENS PERTINENTES,APRESENTADO NOS PADROES DA CONTRATANTE","M2",5.03]
["01.050.0350-0","PROJETO EXECUTIVO DE ARQUITETURA,CONSIDERANDO O PROJETO BASICO EXISTENTE,PARA PREDIOS HOSPITALARES ATE 1000M2,APRESENTADO NOS PADROES DA CONTRATANTE,INCLUSIVE AS LEGALIZACOES PERTINENTES,COORDENACAO E COMPATIBILIZACAO COM OS PROJETOS COMPLEMENTARES","M2",151.85,null,"01.050.0350-A","PROJETO EXECUTIVO DE ARQUITETURA,CONSIDERANDO O PROJETO BASICO EXISTENTE,PARA PREDIOS HOSPITALARES ATE 1000M2,APRESENTADO NOS PADROES DA CONTRATANTE,INCLUSIVE AS LEGALIZACOES PERTINENTES,COORDENACAO E COMPATIBILIZACAO COM OS PROJETOS COMPLEMENTARES","M2",141.72]
["01.050.0351-0","PROJETO EXECUTIVO DE ARQUITETURA,CONSIDERANDO O PROJETO BASICO EXISTENTE,PARA PREDIOS HOSPITALARES DE 1001 ATE 4000M2,APRESENTADO NOS PADROES DA CONTRATANTE,INCLUSIVE AS LEGALIZACOES PERTINENTES,COORDENACAO E COMPATIBILIZACAO COM OS PROJETOS COMPLEMENTARES","M2",138.72999999999999,null,"01.050.0351-A","PROJETO EXECUTIVO DE ARQUITETURA,CONSIDERANDO O PROJETO BASICO EXISTENTE,PARA PREDIOS HOSPITALARES DE 1001 ATE 4000M2,APRESENTADO NOS PADROES DA CONTRATANTE,INCLUSIVE AS LEGALIZACOES PERTINENTES,COORDENACAO E COMPATIBILIZACAO COM OS PROJETOS COMPLEMENTARES","M2",129.47]
["01.050.0352-0","PROJETO EXECUTIVO DE ARQUITETURA,CONSIDERANDO O PROJETO BASICO EXISTENTE,PARA PREDIOS HOSPITALARES ACIMA DE 4000M2,APRESENTADO NOS PADROES DA CONTRATANTE,INCLUSIVE AS LEGALIZACOESPERTINENTES,COORDENACAO E COMPATIBILIZACAO COM OS PROJETOS COMPLEMENTARES","M2",130.82,null,"01.050.0352-A","PROJETO EXECUTIVO DE ARQUITETURA,CONSIDERANDO O PROJETO BASICO EXISTENTE,PARA PREDIOS HOSPITALARES ACIMA DE 4000M2,APRESENTADO NOS PADROES DA CONTRATANTE,INCLUSIVE AS LEGALIZACOESPERTINENTES,COORDENACAO E COMPATIBILIZACAO COM OS PROJETOS COMPLEMENTARES","M2",122.09]
["01.050.0353-0","PROJETO EXECUTIVO DE ARQUITETURA,CONSIDERANDO O PROJETO BASICO EXISTENTE,PARA PREDIOS CULTURAIS ATE 500M2,APRESENTADO NOS PADROES DA CONTRATANTE,INCLUSIVE AS LEGALIZACOES PERTINENTES,COORDENACAO E COMPATIBILIZACAO COM OS PROJETOS COMPLEMENTARES","M2",119.62,null,"01.050.0353-A","PROJETO EXECUTIVO DE ARQUITETURA,CONSIDERANDO O PROJETO BASICO EXISTENTE,PARA PREDIOS CULTURAIS ATE 500M2,APRESENTADO NOS PADROES DA CONTRATANTE,INCLUSIVE AS LEGALIZACOES PERTINENTES,COORDENACAO E COMPATIBILIZACAO COM OS PROJETOS COMPLEMENTARES","M2",111.64]
["01.050.0354-0","PROJETO EXECUTIVO DE ARQUITETURA,CONSIDERANDO O PROJETO BASICO EXISTENTE,PARA PREDIOS CULTURAIS DE 501 ATE 3000M2,APRESENTADO NOS PADROES DA CONTRATANTE,INCLUSIVE AS LEGALIZACOES PERTINENTES,COORDENACAO E COMPATIBILIZACAO COM OS PROJETOS COMPLEMENTARES","M2",106.43,null,"01.050.0354-A","PROJETO EXECUTIVO DE ARQUITETURA,CONSIDERANDO O PROJETO BASICO EXISTENTE,PARA PREDIOS CULTURAIS DE 501 ATE 3000M2,APRESENTADO NOS PADROES DA CONTRATANTE,INCLUSIVE AS LEGALIZACOES PERTINENTES,COORDENACAO E COMPATIBILIZACAO COM OS PROJETOS COMPLEMENTARES","M2",99.33]
["01.050.0355-0","PROJETO EXECUTIVO DE ARQUITETURA,CONSIDERANDO O PROJETO BASICO EXISTENTE,PARA PREDIOS CULTURAIS ACIMA DE 3000M2,APRESENTADO NOS PADROES DA CONTRATANTE,INCLUSIVE AS LEGALIZACOES PERTINENTES,COORDENACAO E COMPATIBILIZACAO COM OS PROJETOS COMPLEMENTARES","M2",84.27,null,"01.050.0355-A","PROJETO EXECUTIVO DE ARQUITETURA,CONSIDERANDO O PROJETO BASICO EXISTENTE,PARA PREDIOS CULTURAIS ACIMA DE 3000M2,APRESENTADO NOS PADROES DA CONTRATANTE,INCLUSIVE AS LEGALIZACOES PERTINENTES,COORDENACAO E COMPATIBILIZACAO COM OS PROJETOS COMPLEMENTARES","M2",78.64]
["01.050.0356-0","PROJETO EXECUTIVO DE ARQUITETURA,CONSIDERANDO O PROJETO BASICO EXISTENTE,PARA PREDIOS ESCOLARES E/OU ADMINISTRATIVOS ATE500M2,APRESENTADO NOS PADROES DA CONTRATANTE,INCLUSIVE AS LEGALIZACOES PERTINENTES,COORDENACAO E COMPATIBILIZACAO COM OS PROJETOS COMPLEMENTARES","M2",86.39,null,"01.050.0356-A","PROJETO EXECUTIVO DE ARQUITETURA,CONSIDERANDO O PROJETO BASICO EXISTENTE,PARA PREDIOS ESCOLARES E/OU ADMINISTRATIVOS ATE500M2,APRESENTADO NOS PADROES DA CONTRATANTE,INCLUSIVE AS LEGALIZACOES PERTINENTES,COORDENACAO E COMPATIBILIZACAO COM OS PROJETOS COMPLEMENTARES","M2",80.63]
["01.050.0357-0","PROJETO EXECUTIVO DE ARQUITETURA,CONSIDERANDO O PROJETO BASICO EXISTENTE,PARA PREDIOS ESCOLARES E/OU ADMINISTRATIVOS DE501 ATE 3000M2,APRESENTADO NOS PADROES DA CONTRATANTE,INCLUSIVE AS LEGALIZACOES PERTINENTES,COORDENACAO E COMPATIBILIZACAO COM OS PROJETOS COMPLEMENTARES","M2",62.73,null,"01.050.0357-A","PROJETO EXECUTIVO DE ARQUITETURA,CONSIDERANDO O PROJETO BASICO EXISTENTE,PARA PREDIOS ESCOLARES E/OU ADMINISTRATIVOS DE501 ATE 3000M2,APRESENTADO NOS PADROES DA CONTRATANTE,INCLUSIVE AS LEGALIZACOES PERTINENTES,COORDENACAO E COMPATIBILIZACAO COM OS PROJETOS COMPLEMENTARES","M2",58.54]
["01.050.0358-0","PROJETO EXECUTIVO DE ARQUITETURA,CONSIDERANDO O PROJETO BASICO EXISTENTE,PARA PREDIOS ESCOLARES E/OU ADMINISTRATIVOS ACIMA DE 3000M2,APRESENTADO NOS PADROES DA CONTRATANTE,INCLUSIVE AS LEGALIZACOES PERTINENTES,COORDENACAO E COMPATIBILIZACAOCOM OS PROJETOS COMPLEMENTARES","M2",50.4,null,"01.050.0358-A","PROJETO EXECUTIVO DE ARQUITETURA,CONSIDERANDO O PROJETO BASICO EXISTENTE,PARA PREDIOS ESCOLARES E/OU ADMINISTRATIVOS ACIMA DE 3000M2,APRESENTADO NOS PADROES DA CONTRATANTE,INCLUSIVE AS LEGALIZACOES PERTINENTES,COORDENACAO E COMPATIBILIZACAOCOM OS PROJETOS COMPLEMENTARES","M2",47.04]
["01.050.0359-0","PROJETO EXECUTIVO DE ARQUITETURA PARA LOTEAMENTOS COM 3 UNIDADES UNIFAMILIARES OU BIFAMILIARES TIPO PARA AREAS ATE 12000M2,CONSIDERANDO O PROJETO BASICO EXISTENTE,APRESENTADO NOS PADROES DA CONTRATANTE,INCLUSIVE AS LEGALIZACOES PERTINENTES,,COORDENACAO E COMPATIBILIZACAO COM OS PROJETOS COMPLEMENTARES","M2",23.85,null,"01.050.0359-A","PROJETO EXECUTIVO DE ARQUITETURA PARA LOTEAMENTOS COM 3 UNIDADES UNIFAMILIARES OU BIFAMILIARES TIPO PARA AREAS ATE 12000M2,CONSIDERANDO O PROJETO BASICO EXISTENTE,APRESENTADO NOS PADROES DA CONTRATANTE,INCLUSIVE AS LEGALIZACOES PERTINENTES,,COORDENACAO E COMPATIBILIZACAO COM OS PROJETOS COMPLEMENTARES","M2",22.26]
["01.050.0360-0","PROJETO EXECUTIVO DE ARQUITETURA PARA LOTEAMENTOS COM 3 UNIDADES UNIFAMILIARES OU BIFAMILIARES TIPO PARA AREAS DE 12001ATE 36000M2,CONSIDERANDO O PROJETO BASICO EXISTENTE,APRESENTADO NOS PADROES DA CONTRATANTE,INCLUSIVE AS LEGALIZACOES PERTINENTES,COORDENACAO E COMPATIBILIZACAO COM OS PROJETOS COMPLEMENTARES","M2",16.48,null,"01.050.0360-A","PROJETO EXECUTIVO DE ARQUITETURA PARA LOTEAMENTOS COM 3 UNIDADES UNIFAMILIARES OU BIFAMILIARES TIPO PARA AREAS DE 12001ATE 36000M2,CONSIDERANDO O PROJETO BASICO EXISTENTE,APRESENTADO NOS PADROES DA CONTRATANTE,INCLUSIVE AS LEGALIZACOES PERTINENTES,COORDENACAO E COMPATIBILIZACAO COM OS PROJETOS COMPLEMENTARES","M2",15.38]
["01.050.0361-0","PROJETO EXECUTIVO DE ARQUITETURA PARA LOTEAMENTOS COM 3 UNIDADES UNIFAMILIARES OU BIFAMILIARES TIPO PARA AREAS ACIMA DE3600M2,CONSIDERANDO O PROJETO BASICO EXISTENTE,APRESENTADO NOS PADROES DA CONTRATANTE,INCLUSIVE AS LEGALIZACOES PERTINENTES,COORDENACAO E COMPATIBILIZACAO COM OS PROJETOS COMPLEMENTARES","M2",16.48,null,"01.050.0361-A","PROJETO EXECUTIVO DE ARQUITETURA PARA LOTEAMENTOS COM 3 UNIDADES UNIFAMILIARES OU BIFAMILIARES TIPO PARA AREAS ACIMA DE3600M2,CONSIDERANDO O PROJETO BASICO EXISTENTE,APRESENTADO NOS PADROES DA CONTRATANTE,INCLUSIVE AS LEGALIZACOES PERTINENTES,COORDENACAO E COMPATIBILIZACAO COM OS PROJETOS COMPLEMENTARES","M2",15.38]
["01.050.0362-0","PROJETO EXECUTIVO DE ARQUITETURA,CONSIDERANDO O PROJETO BASICO EXISTENTE,PARA HABITACAO/EDIFICIOS ATE 6000M2,APRESENTADONOS PADROES DA CONTRATANTE,INCLUSIVE AS LEGALIZACOES PERTINENTES,COORDENACAO E COMPATIBILIZACAO COM OS PROJETOS COMPLEMENTARES","M2",80.91,null,"01.050.0362-A","PROJETO EXECUTIVO DE ARQUITETURA,CONSIDERANDO O PROJETO BASICO EXISTENTE,PARA HABITACAO/EDIFICIOS ATE 6000M2,APRESENTADONOS PADROES DA CONTRATANTE,INCLUSIVE AS LEGALIZACOES PERTINENTES,COORDENACAO E COMPATIBILIZACAO COM OS PROJETOS COMPLEMENTARES","M2",75.510000000000005]
["01.050.0363-0","PROJETO EXECUTIVO DE ARQUITETURA,CONSIDERANDO O PROJETO BASICO EXISTENTE,PARA HABITACAO/EDIFICIOS DE 6001 ATE 12000M2,APRESENTADO NOS PADROES DA CONTRATANTE,INCLUSIVE AS LEGALIZACOES PERTINENTES,COORDENACAO E COMPATIBILIZACAO COM OS PROJETOS COMPLEMENTARES","M2",56.09,null,"01.050.0363-A","PROJETO EXECUTIVO DE ARQUITETURA,CONSIDERANDO O PROJETO BASICO EXISTENTE,PARA HABITACAO/EDIFICIOS DE 6001 ATE 12000M2,APRESENTADO NOS PADROES DA CONTRATANTE,INCLUSIVE AS LEGALIZACOES PERTINENTES,COORDENACAO E COMPATIBILIZACAO COM OS PROJETOS COMPLEMENTARES","M2",52.34]
["01.050.0364-0","PROJETO EXECUTIVO DE ARQUITETURA,CONSIDERANDO O PROJETO BASICO EXISTENTE,PARA HABITACAO/EDIFICIOS ACIMA DE 12000M2,APRESENTADO NOS PADROES DA CONTRATANTE,INCLUSIVE AS LEGALIZACOESPERTINENTES,COORDENACAO E COMPATIBILIZACAO COM OS PROJETOS COMPLEMENTARES","M2",44.82,null,"01.050.0364-A","PROJETO EXECUTIVO DE ARQUITETURA,CONSIDERANDO O PROJETO BASICO EXISTENTE,PARA HABITACAO/EDIFICIOS ACIMA DE 12000M2,APRESENTADO NOS PADROES DA CONTRATANTE,INCLUSIVE AS LEGALIZACOESPERTINENTES,COORDENACAO E COMPATIBILIZACAO COM OS PROJETOS COMPLEMENTARES","M2",41.83]
["01.050.0365-0","PROJETO BASICO DE INSTALACAO DE INCENDIO E SPDA PARA PREDIOSESCOLARES E/OU ADMINISTRATIVOS ATE 500M2,APRESENTADO NOS PADROES DA CONTRATANTE,INCLUSIVE AS LEGALIZACOES PERTINENTES","M2",5.25,null,"01.050.0365-A","PROJETO BASICO DE INSTALACAO DE INCENDIO E SPDA PARA PREDIOSESCOLARES E/OU ADMINISTRATIVOS ATE 500M2,APRESENTADO NOS PADROES DA CONTRATANTE,INCLUSIVE AS LEGALIZACOES PERTINENTES","M2",4.8899999999999997]
["01.050.0366-0","PROJETO BASICO DE INSTALACAO DE INCENDIO E SPDA PARA PREDIOSESCOLARES E/OU ADMINISTRATIVOS DE 501 ATE 3000M2,APRESENTADO NOS PADROES DA CONTRATANTE,INCLUSIVE AS LEGALIZACOES PERTINENTES","M2",2.89,null,"01.050.0366-A","PROJETO BASICO DE INSTALACAO DE INCENDIO E SPDA PARA PREDIOSESCOLARES E/OU ADMINISTRATIVOS DE 501 ATE 3000M2,APRESENTADO NOS PADROES DA CONTRATANTE,INCLUSIVE AS LEGALIZACOES PERTINENTES","M2",2.69]
["01.050.0367-0","PROJETO BASICO DE INSTALACAO DE INCENDIO E SPDA PARA PREDIOSESCOLARES E/OU ADMINISTRATIVOS ACIMA DE 3000M2,APRESENTADONOS PADROES DA CONTRATANTE,INCLUSIVE AS LEGALIZACOES PERTINENTES","M2",1.42,null,"01.050.0367-A","PROJETO BASICO DE INSTALACAO DE INCENDIO E SPDA PARA PREDIOSESCOLARES E/OU ADMINISTRATIVOS ACIMA DE 3000M2,APRESENTADONOS PADROES DA CONTRATANTE,INCLUSIVE AS LEGALIZACOES PERTINENTES","M2",1.33]
["01.050.0368-0","PROJETO BASICO DE INSTALACAO DE INCENDIO E SPDA PARA PREDIOSCULTURAIS ATE 500M2,APRESENTADO NOS PADROES DA CONTRATANTE,INCLUSIVE AS LEGALIZACOES PERTINENTES","M2",13.15,null,"01.050.0368-A","PROJETO BASICO DE INSTALACAO DE INCENDIO E SPDA PARA PREDIOSCULTURAIS ATE 500M2,APRESENTADO NOS PADROES DA CONTRATANTE,INCLUSIVE AS LEGALIZACOES PERTINENTES","M2",12.28]
["01.050.0369-0","PROJETO BASICO DE INSTALACAO DE INCENDIO E SPDA PARA PREDIOSCULTURAIS ACIMA DE 500M2,APRESENTADO NOS PADROES DA CONTRATANTE,INCLUSIVE AS LEGALIZACOES PERTINENTES","M2",8.8000000000000007,null,"01.050.0369-A","PROJETO BASICO DE INSTALACAO DE INCENDIO E SPDA PARA PREDIOSCULTURAIS ACIMA DE 500M2,APRESENTADO NOS PADROES DA CONTRATANTE,INCLUSIVE AS LEGALIZACOES PERTINENTES","M2",8.2100000000000009]
["01.050.0370-0","PROJETO BASICO DE INSTALACAO DE INCENDIO E SPDA PARA PREDIOSHOSPITALARES,APRESENTADO NOS PADROES DA CONTRATANTE,INCLUSIVE AS LEGALIZACOES PERTINENTES","M2",10.5,null,"01.050.0370-A","PROJETO BASICO DE INSTALACAO DE INCENDIO E SPDA PARA PREDIOSHOSPITALARES,APRESENTADO NOS PADROES DA CONTRATANTE,INCLUSIVE AS LEGALIZACOES PERTINENTES","M2",9.7899999999999991]
["01.050.0371-0","PROJETO BASICO DE INSTALACAO DE INCENDIO E SPDA PARA HABITACOES/EDIFICIOS ATE 500M2,APRESENTADO NOS PADROES DA CONTRATANTE,INCLUSIVE AS LEGALIZACOES PERTINENTES","M2",6.44,null,"01.050.0371-A","PROJETO BASICO DE INSTALACAO DE INCENDIO E SPDA PARA HABITACOES/EDIFICIOS ATE 500M2,APRESENTADO NOS PADROES DA CONTRATANTE,INCLUSIVE AS LEGALIZACOES PERTINENTES","M2",6.01]
["01.050.0372-0","PROJETO BASICO DE INSTALACAO DE INCENDIO E SPDA PARA HABITACOES/EDIFICIOS DE 501 ATE 3000M2,APRESENTADO NOS PADROES DA CONTRATANTE,INCLUSIVE AS LEGALIZACOES PERTINENTES","M2",3.05,null,"01.050.0372-A","PROJETO BASICO DE INSTALACAO DE INCENDIO E SPDA PARA HABITACOES/EDIFICIOS DE 501 ATE 3000M2,APRESENTADO NOS PADROES DA CONTRATANTE,INCLUSIVE AS LEGALIZACOES PERTINENTES","M2",2.85]
["01.050.0373-0","PROJETO BASICO DE INSTALACAO DE INCENDIO E SPDA PARA HABITACOES/EDIFICIOS ACIMA DE 3000M2,APRESENTADO NOS PADROES DA CONTRATANTE,INCLUSIVE AS LEGALIZACOES PERTINENTES","M2",1.59,null,"01.050.0373-A","PROJETO BASICO DE INSTALACAO DE INCENDIO E SPDA PARA HABITACOES/EDIFICIOS ACIMA DE 3000M2,APRESENTADO NOS PADROES DA CONTRATANTE,INCLUSIVE AS LEGALIZACOES PERTINENTES","M2",1.48]
["01.050.0374-0","PROJETO BASICO DE INSTALACAO DE INCENDIO E SPDA PARA HABITACAO/LOTEAMENTO ATE 36000M2,APRESENTADO NOS PADROES DA CONTRATANTE,INCLUSIVE AS LEGALIZACOES PERTINENTES","M2",1.72,null,"01.050.0374-A","PROJETO BASICO DE INSTALACAO DE INCENDIO E SPDA PARA HABITACAO/LOTEAMENTO ATE 36000M2,APRESENTADO NOS PADROES DA CONTRATANTE,INCLUSIVE AS LEGALIZACOES PERTINENTES","M2",1.61]
["01.050.0375-0","PROJETO BASICO DE INSTALACAO DE INCENDIO E SPDA PARA HABITACAO/LOTEAMENTO ACIMA DE 36000M2,APRESENTADO NOS PADROES DA CONTRATANTE,INCLUSIVE AS LEGALIZACOES PERTINENTES","M2",0.86,null,"01.050.0375-A","PROJETO BASICO DE INSTALACAO DE INCENDIO E SPDA PARA HABITACAO/LOTEAMENTO ACIMA DE 36000M2,APRESENTADO NOS PADROES DA CONTRATANTE,INCLUSIVE AS LEGALIZACOES PERTINENTES","M2",0.8]
["01.050.0376-0","PROJETO EXECUTIVO DE INSTALACAO DE INCENDIO E SPDA,CONSIDERANDO PROJETO BASICO EXISTENTE,PARA PREDIOS ESCOLARES E/OU ADMINISTRATIVOS ATE 500M2,APRESENTADO NOS PADROES DA CONTRATANTE,INCLUSIVE AS LEGALIZACOES PERTINENTES","M2",5.25,null,"01.050.0376-A","PROJETO EXECUTIVO DE INSTALACAO DE INCENDIO E SPDA,CONSIDERANDO PROJETO BASICO EXISTENTE,PARA PREDIOS ESCOLARES E/OU ADMINISTRATIVOS ATE 500M2,APRESENTADO NOS PADROES DA CONTRATANTE,INCLUSIVE AS LEGALIZACOES PERTINENTES","M2",4.8899999999999997]
["01.050.0377-0","PROJETO EXECUTIVO DE INSTALACAO DE INCENDIO E SPDA,CONSIDERANDO PROJETO BASICO EXISTENTE,PARA PREDIOS ESCOLARES E/OU ADMINISTRATIVOS DE 501 ATE 3000M2,APRESENTADO NOS PADROES DA CONTRATANTE,INCLUSIVE AS LEGALIZACOES PERTINENTES","M2",2.89,null,"01.050.0377-A","PROJETO EXECUTIVO DE INSTALACAO DE INCENDIO E SPDA,CONSIDERANDO PROJETO BASICO EXISTENTE,PARA PREDIOS ESCOLARES E/OU ADMINISTRATIVOS DE 501 ATE 3000M2,APRESENTADO NOS PADROES DA CONTRATANTE,INCLUSIVE AS LEGALIZACOES PERTINENTES","M2",2.69]
["01.050.0378-0","PROJETO EXECUTIVO DE INSTALACAO DE INCENDIO E SPDA,CONSIDERANDO PROJETO BASICO EXISTENTE,PARA PREDIOS ESCOLARES E/OU ADMINISTRATIVOS ACIMA DE 3000M2,APRESENTADO NOS PADROES DA CONTRATANTE,INCLUSIVE AS LEGALIZACOES PERTINENTES","M2",1.42,null,"01.050.0378-A","PROJETO EXECUTIVO DE INSTALACAO DE INCENDIO E SPDA,CONSIDERANDO PROJETO BASICO EXISTENTE,PARA PREDIOS ESCOLARES E/OU ADMINISTRATIVOS ACIMA DE 3000M2,APRESENTADO NOS PADROES DA CONTRATANTE,INCLUSIVE AS LEGALIZACOES PERTINENTES","M2",1.33]
["01.050.0379-0","PROJETO EXECUTIVO DE INSTALACAO DE INCENDIO E SPDA,CONSIDERANDO PROJETO BASICO EXISTENTE,PARA PREDIOS CULTURAIS ATE 500M2,APRESENTADO NOS PADROES DA CONTRATANTE,INCLUSIVE AS LEGALIZACOES PERTINENTES","M2",13.15,null,"01.050.0379-A","PROJETO EXECUTIVO DE INSTALACAO DE INCENDIO E SPDA,CONSIDERANDO PROJETO BASICO EXISTENTE,PARA PREDIOS CULTURAIS ATE 500M2,APRESENTADO NOS PADROES DA CONTRATANTE,INCLUSIVE AS LEGALIZACOES PERTINENTES","M2",12.28]
["01.050.0380-0","PROJETO EXECUTIVO DE INSTALACAO DE INCENDIO E SPDA,CONSIDERANDO PROJETO BASICO EXISTENTE,PARA PREDIOS CULTURAIS ACIMA DE500M2,APRESENTADO NOS PADROES DA CONTRATANTE,INCLUSIVE AS LEGALIZACOES PERTINENTES","M2",8.8000000000000007,null,"01.050.0380-A","PROJETO EXECUTIVO DE INSTALACAO DE INCENDIO E SPDA,CONSIDERANDO PROJETO BASICO EXISTENTE,PARA PREDIOS CULTURAIS ACIMA DE500M2,APRESENTADO NOS PADROES DA CONTRATANTE,INCLUSIVE AS LEGALIZACOES PERTINENTES","M2",8.2100000000000009]
["01.050.0381-0","PROJETO EXECUTIVO DE INSTALACAO DE INCENDIO E SPDA,CONSIDERANDO PROJETO BASICO EXISTENTE,PARA PREDIOS HOSPITALARES,APRESENTADO NOS PADROES DA CONTRATANTE,INCLUSIVE AS LEGALIZACOESPERTINENTES","M2",10.5,null,"01.050.0381-A","PROJETO EXECUTIVO DE INSTALACAO DE INCENDIO E SPDA,CONSIDERANDO PROJETO BASICO EXISTENTE,PARA PREDIOS HOSPITALARES,APRESENTADO NOS PADROES DA CONTRATANTE,INCLUSIVE AS LEGALIZACOESPERTINENTES","M2",9.7899999999999991]
["01.050.0382-0","PROJETO EXECUTIVO DE INSTALACAO DE INCENDIO E SPDA,CONSIDERANDO PROJETO BASICO EXISTENTE,PARA HABITACOES/EDIFICIOS ATE 500M2,APRESENTADO NOS PADROES DA CONTRATANTE,INCLUSIVE AS LEGALIZACOES PERTINENTES","M2",6.44,null,"01.050.0382-A","PROJETO EXECUTIVO DE INSTALACAO DE INCENDIO E SPDA,CONSIDERANDO PROJETO BASICO EXISTENTE,PARA HABITACOES/EDIFICIOS ATE 500M2,APRESENTADO NOS PADROES DA CONTRATANTE,INCLUSIVE AS LEGALIZACOES PERTINENTES","M2",6.01]
["01.050.0383-0","PROJETO EXECUTIVO DE INSTALACAO DE INCENDIO E SPDA,CONSIDERANDO PROJETO BASICO EXISTENTE,PARA HABITACOES/EDIFICIOS DE 501 ATE 3000M2,APRESENTADO NOS PADROES DA CONTRATANTE,INCLUSIVE AS LEGALIZACOES PERTINENTES","M2",3.05,null,"01.050.0383-A","PROJETO EXECUTIVO DE INSTALACAO DE INCENDIO E SPDA,CONSIDERANDO PROJETO BASICO EXISTENTE,PARA HABITACOES/EDIFICIOS DE 501 ATE 3000M2,APRESENTADO NOS PADROES DA CONTRATANTE,INCLUSIVE AS LEGALIZACOES PERTINENTES","M2",2.85]
["01.050.0384-0","PROJETO EXECUTIVO DE INSTALACAO DE INCENDIO E SPDA,CONSIDERANDO PROJETO BASICO EXISTENTE,PARA HABITACOES/EDIFICIOS ACIMADE 3000M2,APRESENTADO NOS PADROES DA CONTRATANTE,INCLUSIVE AS LEGALIZACOES PERTINENTES","M2",1.59,null,"01.050.0384-A","PROJETO EXECUTIVO DE INSTALACAO DE INCENDIO E SPDA,CONSIDERANDO PROJETO BASICO EXISTENTE,PARA HABITACOES/EDIFICIOS ACIMADE 3000M2,APRESENTADO NOS PADROES DA CONTRATANTE,INCLUSIVE AS LEGALIZACOES PERTINENTES","M2",1.48]
["01.050.0385-0","PROJETO EXECUTIVO DE INSTALACAO DE INCENDIO E SPDA,CONSIDERANDO PROJETO BASICO EXISTENTE,PARA HABITACAO/LOTEAMENTO ATE 36000M2,APRESENTADO NOS PADROES DA CONTRATANTE,INCLUSIVE AS LEGALIZACOES PERTINENTES","M2",1.72,null,"01.050.0385-A","PROJETO EXECUTIVO DE INSTALACAO DE INCENDIO E SPDA,CONSIDERANDO PROJETO BASICO EXISTENTE,PARA HABITACAO/LOTEAMENTO ATE 36000M2,APRESENTADO NOS PADROES DA CONTRATANTE,INCLUSIVE AS LEGALIZACOES PERTINENTES","M2",1.61]
["01.050.0386-0","PROJETO EXECUTIVO DE INSTALACAO DE INCENDIO E SPDA,CONSIDERANDO PROJETO BASICO EXISTENTE,PARA HABITACAO/LOTEAMENTO ACIMADE 36000M2,APRESENTADO NOS PADROES DA CONTRATANTE,INCLUSIVEAS LEGALIZACOES PERTINENTES","M2",0.86,null,"01.050.0386-A","PROJETO EXECUTIVO DE INSTALACAO DE INCENDIO E SPDA,CONSIDERANDO PROJETO BASICO EXISTENTE,PARA HABITACAO/LOTEAMENTO ACIMADE 36000M2,APRESENTADO NOS PADROES DA CONTRATANTE,INCLUSIVEAS LEGALIZACOES PERTINENTES","M2",0.8]
["01.050.0387-0","PROJETO BASICO DE INSTALACAO DE GAS PARA PREDIOS ESCOLARES E/OU ADMINISTRATIVOS ATE 500M2,APRESENTADO NOS PADROES DA CONTRATANTE,INCLUSIVE AS LEGALIZACOES PERTINENTES","M2",2.89,null,"01.050.0387-A","PROJETO BASICO DE INSTALACAO DE GAS PARA PREDIOS ESCOLARES E/OU ADMINISTRATIVOS ATE 500M2,APRESENTADO NOS PADROES DA CONTRATANTE,INCLUSIVE AS LEGALIZACOES PERTINENTES","M2",2.69]
["01.050.0388-0","PROJETO BASICO DE INSTALACAO DE GAS PARA PREDIOS ESCOLARES E/OU ADMINISTRATIVOS ACIMA DE 500M2,APRESENTADO NOS PADROES DA CONTRATANTE,INCLUSIVE AS LEGALIZACOES PERTINENTES","M2",1.42,null,"01.050.0388-A","PROJETO BASICO DE INSTALACAO DE GAS PARA PREDIOS ESCOLARES E/OU ADMINISTRATIVOS ACIMA DE 500M2,APRESENTADO NOS PADROES DA CONTRATANTE,INCLUSIVE AS LEGALIZACOES PERTINENTES","M2",1.33]
["01.050.0389-0","PROJETO BASICO DE INSTALACAO DE GAS PARA PREDIOS CULTURAIS,APRESENTADO NOS PADROES DA CONTRATANTE,INCLUSIVE AS LEGALIZACOES PERTINENTES","M2",4.8499999999999996,null,"01.050.0389-A","PROJETO BASICO DE INSTALACAO DE GAS PARA PREDIOS CULTURAIS,APRESENTADO NOS PADROES DA CONTRATANTE,INCLUSIVE AS LEGALIZACOES PERTINENTES","M2",4.5199999999999996]
["01.050.0390-0","PROJETO BASICO DE INSTALACAO DE GAS PARA PREDIOS HOSPITALARES ATE 4000M2,APRESENTADO NOS PADROES DA CONTRATANTE,INCLUSIVE AS LEGALIZACOES PERTINENTES","M2",10.5,null,"01.050.0390-A","PROJETO BASICO DE INSTALACAO DE GAS PARA PREDIOS HOSPITALARES ATE 4000M2,APRESENTADO NOS PADROES DA CONTRATANTE,INCLUSIVE AS LEGALIZACOES PERTINENTES","M2",9.7899999999999991]
["01.050.0391-0","PROJETO BASICO DE INSTALACAO DE GAS PARA PREDIOS HOSPITALARES ACIMA DE 4000M2,APRESENTADO NOS PADROES DA CONTRATANTE,INCLUSIVE AS LEGALIZACOES PERTINENTES","M2",5.25,null,"01.050.0391-A","PROJETO BASICO DE INSTALACAO DE GAS PARA PREDIOS HOSPITALARES ACIMA DE 4000M2,APRESENTADO NOS PADROES DA CONTRATANTE,INCLUSIVE AS LEGALIZACOES PERTINENTES","M2",4.8899999999999997]
["01.050.0392-0","PROJETO BASICO DE INSTALACAO DE GAS PARA HABITACOES/EDIFICIOS ATE 500M2,APRESENTADO NOS PADROES DA CONTRATANTE,INCLUSIVEAS LEGALIZACOESPERTINENTES","M2",3.05,null,"01.050.0392-A","PROJETO BASICO DE INSTALACAO DE GAS PARA HABITACOES/EDIFICIOS ATE 500M2,APRESENTADO NOS PADROES DA CONTRATANTE,INCLUSIVEAS LEGALIZACOESPERTINENTES","M2",2.85]
["01.050.0393-0","PROJETO BASICO DE INSTALACAO DE GAS PARA HABITACOES/EDIFICIOS ACIMA DE 500M2,APRESENTADO NOS PADROES DA CONTRATANTE,INCLUSIVE AS LEGALIZACOES PERTINENTES","M2",1.59,null,"01.050.0393-A","PROJETO BASICO DE INSTALACAO DE GAS PARA HABITACOES/EDIFICIOS ACIMA DE 500M2,APRESENTADO NOS PADROES DA CONTRATANTE,INCLUSIVE AS LEGALIZACOES PERTINENTES","M2",1.48]
["01.050.0394-0","PROJETO BASICO DE INSTALACAO DE GAS PARA HABITACAO/LOTEAMENTO ACIMA DE 12000M2,APRESENTADO NOS PADROES DA CONTRATANTE,INCLUSIVE AS LEGALIZACOES PERTINENTES","M2",1.72,null,"01.050.0394-A","PROJETO BASICO DE INSTALACAO DE GAS PARA HABITACAO/LOTEAMENTO ACIMA DE 12000M2,APRESENTADO NOS PADROES DA CONTRATANTE,INCLUSIVE AS LEGALIZACOES PERTINENTES","M2",1.61]
["01.050.0395-0","PROJETO BASICO DE INSTALACAO DE GAS PARA HABITACAO/LOTEAMENTO ACIMA DE 12000M2,APRESENTADO NOS PADROES DA CONTRATANTE,INCLUSIVE AS LEGALIZACOES PERTINENTES","M2",0.86,null,"01.050.0395-A","PROJETO BASICO DE INSTALACAO DE GAS PARA HABITACAO/LOTEAMENTO ACIMA DE 12000M2,APRESENTADO NOS PADROES DA CONTRATANTE,INCLUSIVE AS LEGALIZACOES PERTINENTES","M2",0.8]
["01.050.0396-0","PROJETO EXECUTIVO DE INSTALACAO DE GAS,CONSIDERANDO O PROJETO BASICO EXISTENTE,PARA PREDIOS ESCOLARES E/OU ADMINISTRATIVOS ATE 500M2,APRESENTADO NOS PADROES DA CONTRATANTE,INCLUSIVE AS LEGALIZACOES PERTINENTES","M2",2.89,null,"01.050.0396-A","PROJETO EXECUTIVO DE INSTALACAO DE GAS,CONSIDERANDO O PROJETO BASICO EXISTENTE,PARA PREDIOS ESCOLARES E/OU ADMINISTRATIVOS ATE 500M2,APRESENTADO NOS PADROES DA CONTRATANTE,INCLUSIVE AS LEGALIZACOES PERTINENTES","M2",2.69]
["01.050.0397-0","PROJETO EXECUTIVO DE INSTALACAO DE GAS,CONSIDERANDO O PROJETO BASICO EXISTENTE,PARA PREDIOS ESCOLARES E/OU ADMINISTRATIVOS ACIMA DE 500M2,APRESENTADO NOS PADROES DA CONTRATANTE,INCLUSIVE AS LEGALIZACOES PERTINENTES","M2",1.42,null,"01.050.0397-A","PROJETO EXECUTIVO DE INSTALACAO DE GAS,CONSIDERANDO O PROJETO BASICO EXISTENTE,PARA PREDIOS ESCOLARES E/OU ADMINISTRATIVOS ACIMA DE 500M2,APRESENTADO NOS PADROES DA CONTRATANTE,INCLUSIVE AS LEGALIZACOES PERTINENTES","M2",1.33]
["01.050.0398-0","PROJETO EXECUTIVO DE INSTALACAO DE GAS,CONSIDERANDO O PROJETO BASICO EXISTENTE,PARA PREDIOS CULTURAIS,APRESENTADO NOS PADROES DA CONTRATANTE,INCLUSIVE AS LEGALIZACOES PERTINENTES","M2",4.8499999999999996,null,"01.050.0398-A","PROJETO EXECUTIVO DE INSTALACAO DE GAS,CONSIDERANDO O PROJETO BASICO EXISTENTE,PARA PREDIOS CULTURAIS,APRESENTADO NOS PADROES DA CONTRATANTE,INCLUSIVE AS LEGALIZACOES PERTINENTES","M2",4.5199999999999996]
["01.050.0399-0","PROJETO EXECUTIVO DE INSTALACAO DE GAS,CONSIDERANDO O PROJETO BASICO EXISTENTE,PARA PREDIOS HOSPITALARES ATE 4000M2,APRESENTADO NOS PADROES DA CONTRATANTE,INCLUSIVE AS LEGALIZACOESPERTINENTES","M2",10.5,null,"01.050.0399-A","PROJETO EXECUTIVO DE INSTALACAO DE GAS,CONSIDERANDO O PROJETO BASICO EXISTENTE,PARA PREDIOS HOSPITALARES ATE 4000M2,APRESENTADO NOS PADROES DA CONTRATANTE,INCLUSIVE AS LEGALIZACOESPERTINENTES","M2",9.7899999999999991]
["01.050.0400-0","PROJETO EXECUTIVO DE INSTALACAO DE GAS,CONSIDERANDO O PROJETO BASICO EXISTENTE,PARA PREDIOS HOSPITALARES ACIMA DE 4000M2,APRESENTADO NOS PADROES DA CONTRATANTE,INCLUSIVE AS LEGALIZACOES PERTINENTES","M2",5.25,null,"01.050.0400-A","PROJETO EXECUTIVO DE INSTALACAO DE GAS,CONSIDERANDO O PROJETO BASICO EXISTENTE,PARA PREDIOS HOSPITALARES ACIMA DE 4000M2,APRESENTADO NOS PADROES DA CONTRATANTE,INCLUSIVE AS LEGALIZACOES PERTINENTES","M2",4.8899999999999997]
["01.050.0401-0","PROJETO EXECUTIVO DE INSTALACAO DE GAS,CONSIDERANDO O PROJETO BASICO EXISTENTE,PARA HABITACOES/EDIFICIOS ATE 500M2,APRESENTADO NOS PADROES DA CONTRATANTE,INCLUSIVE AS LEGALIZACOESPERTINENTES","M2",3.05,null,"01.050.0401-A","PROJETO EXECUTIVO DE INSTALACAO DE GAS,CONSIDERANDO O PROJETO BASICO EXISTENTE,PARA HABITACOES/EDIFICIOS ATE 500M2,APRESENTADO NOS PADROES DA CONTRATANTE,INCLUSIVE AS LEGALIZACOESPERTINENTES","M2",2.85]
["01.050.0402-0","PROJETO EXECUTIVO DE INSTALACAO DE GAS,CONSIDERANDO O PROJETO BASICO EXISTENTE,PARA HABITACOES/EDIFICIOS ACIMA DE 500M2,APRESENTADO NOS PADROES DA CONTRATANTE,INCLUSIVE AS LEGALIZACOES PERTINENTES","M2",1.59,null,"01.050.0402-A","PROJETO EXECUTIVO DE INSTALACAO DE GAS,CONSIDERANDO O PROJETO BASICO EXISTENTE,PARA HABITACOES/EDIFICIOS ACIMA DE 500M2,APRESENTADO NOS PADROES DA CONTRATANTE,INCLUSIVE AS LEGALIZACOES PERTINENTES","M2",1.48]
["01.050.0403-0","PROJETO EXECUTIVO DE INSTALACAO DE GAS,CONSIDERANDO O PROJETO BASICO EXISTENTE,PARA HABITACAO/LOTEAMENTO ATE 12000M2,APRESENTADO NOS PADROES DA CONTRATANTE,INCLUSIVE AS LEGALIZACOES PERTINENTES","M2",1.72,null,"01.050.0403-A","PROJETO EXECUTIVO DE INSTALACAO DE GAS,CONSIDERANDO O PROJETO BASICO EXISTENTE,PARA HABITACAO/LOTEAMENTO ATE 12000M2,APRESENTADO NOS PADROES DA CONTRATANTE,INCLUSIVE AS LEGALIZACOES PERTINENTES","M2",1.61]
["01.050.0404-0","PROJETO EXECUTIVO DE INSTALACAO DE GAS,CONSIDERANDO O PROJETO BASICO EXISTENTE,PARA HABITACAO/LOTEAMENTO ACIMA DE 12000M2,APRESENTADO NOS PADROES DA CONTRATANTE,INCLUSIVE AS LEGALIZACOES PERTINENTES","M2",0.86,null,"01.050.0404-A","PROJETO EXECUTIVO DE INSTALACAO DE GAS,CONSIDERANDO O PROJETO BASICO EXISTENTE,PARA HABITACAO/LOTEAMENTO ACIMA DE 12000M2,APRESENTADO NOS PADROES DA CONTRATANTE,INCLUSIVE AS LEGALIZACOES PERTINENTES","M2",0.8]
["01.050.0423-0","PROJETO BASICO DE INSTALACAO DE TELEMATICA PARA PREDIOS ESCOLARES E/OU ADMINISTRATIVOS ATE 500M2,APRESENTADO NOS PADROESDA CONTRATANTE,INCLUSIVE AS LEGALIZACOES PERTINENTES","M2",2.89,null,"01.050.0423-A","PROJETO BASICO DE INSTALACAO DE TELEMATICA PARA PREDIOS ESCOLARES E/OU ADMINISTRATIVOS ATE 500M2,APRESENTADO NOS PADROESDA CONTRATANTE,INCLUSIVE AS LEGALIZACOES PERTINENTES","M2",2.69]
["01.050.0424-0","PROJETO BASICO DE INSTALACAO DE TELEMATICA PARA PREDIOS ESCOLARES E/OU ADMINISTRATIVOS ACIMA DE 500M2,APRESENTADO NOS PADROES DA CONTRATANTE,INCLUSIVE AS LEGALIZACOES PERTINENTES","M2",2.59,null,"01.050.0424-A","PROJETO BASICO DE INSTALACAO DE TELEMATICA PARA PREDIOS ESCOLARES E/OU ADMINISTRATIVOS ACIMA DE 500M2,APRESENTADO NOS PADROES DA CONTRATANTE,INCLUSIVE AS LEGALIZACOES PERTINENTES","M2",2.41]
["01.050.0425-0","PROJETO BASICO DE INSTALACAO DE TELEMATICA PARA PREDIOS CULTURAIS ATE 500M2,APRESENTADO NOS PADROES DA CONTRATANTE,INCLUSIVE AS LEGALIZACOES PERTINENTES","M2",7.34,null,"01.050.0425-A","PROJETO BASICO DE INSTALACAO DE TELEMATICA PARA PREDIOS CULTURAIS ATE 500M2,APRESENTADO NOS PADROES DA CONTRATANTE,INCLUSIVE AS LEGALIZACOES PERTINENTES","M2",6.85]
["01.050.0426-0","PROJETO BASICO DE INSTALACAO DE TELEMATICA PARA PREDIOS CULTURAIS ACIMA DE 500M2,APRESENTADO NOS PADROES DA CONTRATANTE,INCLUSIVE AS LEGALIZACOES PERTINENTES","M2",6.61,null,"01.050.0426-A","PROJETO BASICO DE INSTALACAO DE TELEMATICA PARA PREDIOS CULTURAIS ACIMA DE 500M2,APRESENTADO NOS PADROES DA CONTRATANTE,INCLUSIVE AS LEGALIZACOES PERTINENTES","M2",6.17]
["01.050.0427-0","PROJETO BASICO DE INSTALACAO DE TELEMATICA PARA PREDIOS HOSPITALARES,APRESENTADO NOS PADROES DA CONTRATANTE,INCLUSIVE ASLEGALIZACOES PERTINENTES","M2",7.34,null,"01.050.0427-A","PROJETO BASICO DE INSTALACAO DE TELEMATICA PARA PREDIOS HOSPITALARES,APRESENTADO NOS PADROES DA CONTRATANTE,INCLUSIVE ASLEGALIZACOES PERTINENTES","M2",6.85]
["01.050.0428-0","PROJETO BASICO DE INSTALACAO DE TELEMATICA PARA HABITACOES/EDIFICIOS ATE 500M2,APRESENTADO NOS PADROES DA CONTRATANTE,INCLUSIVE AS LEGALIZACOES PERTINENTES","M2",3.05,null,"01.050.0428-A","PROJETO BASICO DE INSTALACAO DE TELEMATICA PARA HABITACOES/EDIFICIOS ATE 500M2,APRESENTADO NOS PADROES DA CONTRATANTE,INCLUSIVE AS LEGALIZACOES PERTINENTES","M2",2.85]
["01.050.0429-0","PROJETO BASICO DE INSTALACAO DE TELEMATICA PARA HABITACOES/EDIFICIOS DE 501 ATE 3000M2,APRESENTADO NOS PADROES DA CONTRATANTE,INCLUSIVEAS LEGALIZACOES PERTINENTES","M2",2.75,null,"01.050.0429-A","PROJETO BASICO DE INSTALACAO DE TELEMATICA PARA HABITACOES/EDIFICIOS DE 501 ATE 3000M2,APRESENTADO NOS PADROES DA CONTRATANTE,INCLUSIVEAS LEGALIZACOES PERTINENTES","M2",2.57]
["01.050.0430-0","PROJETO BASICO DE INSTALACAO DE TELEMATICA PARA HABITACAO/LOTEAMENTO ATE 12000M2,APRESENTADO NOS PADROES DA CONTRATANTE,INCLUSIVE AS LEGALIZACOES PERTINENTES","M2",1.72,null,"01.050.0430-A","PROJETO BASICO DE INSTALACAO DE TELEMATICA PARA HABITACAO/LOTEAMENTO ATE 12000M2,APRESENTADO NOS PADROES DA CONTRATANTE,INCLUSIVE AS LEGALIZACOES PERTINENTES","M2",1.61]
["01.050.0431-0","PROJETO BASICO DE INSTALACAO DE TELEMATICA PARA HABITACAO/LOTEAMENTO ACIMA DE 12000M2,APRESENTADO NOS PADROES DA CONTRATANTE,INCLUSIVE AS LEGALIZACOES PERTINENTES","M2",0.86,null,"01.050.0431-A","PROJETO BASICO DE INSTALACAO DE TELEMATICA PARA HABITACAO/LOTEAMENTO ACIMA DE 12000M2,APRESENTADO NOS PADROES DA CONTRATANTE,INCLUSIVE AS LEGALIZACOES PERTINENTES","M2",0.8]
["01.050.0432-0","PROJETO EXECUTIVO DE INSTALACAO DE TELEMATICA,CONSIDERANDO OPROJETO BASICO EXISTENTE,PARA PREDIOS ESCOLARES E/OU ADMINISTRATIVOS ATE 500M2,APRESENTADO NOS PADROES DA CONTRATANTE,INCLUSIVE AS LEGALIZACOES PERTINENTES","M2",2.89,null,"01.050.0432-A","PROJETO EXECUTIVO DE INSTALACAO DE TELEMATICA,CONSIDERANDO OPROJETO BASICO EXISTENTE,PARA PREDIOS ESCOLARES E/OU ADMINISTRATIVOS ATE 500M2,APRESENTADO NOS PADROES DA CONTRATANTE,INCLUSIVE AS LEGALIZACOES PERTINENTES","M2",2.69]
["01.050.0433-0","PROJETO EXECUTIVO DE INSTALACAO DE TELEMATICA,CONSIDERANDO OPROJETO BASICO EXISTENTE,PARA PREDIOS ESCOLARES E/OU ADMINISTRATIVOS ACIMA DE 500M2,APRESENTADO NOS PADROES DA CONTRATANTE,INCLUSIVE AS LEGALIZACOES PERTINENTES","M2",2.59,null,"01.050.0433-A","PROJETO EXECUTIVO DE INSTALACAO DE TELEMATICA,CONSIDERANDO OPROJETO BASICO EXISTENTE,PARA PREDIOS ESCOLARES E/OU ADMINISTRATIVOS ACIMA DE 500M2,APRESENTADO NOS PADROES DA CONTRATANTE,INCLUSIVE AS LEGALIZACOES PERTINENTES","M2",2.41]
["01.050.0434-0","PROJETO EXECUTIVO DE INSTALACAO DE TELEMATICA,CONSIDERANDO OPROJETO BASICO EXISTENTE,PARA PREDIOS CULTURAIS ATE 500M2,APRESENTADO NOS PADROES DA CONTRATANTE,INCLUSIVE AS LEGALIZACOES PERTINENTES","M2",7.34,null,"01.050.0434-A","PROJETO EXECUTIVO DE INSTALACAO DE TELEMATICA,CONSIDERANDO OPROJETO BASICO EXISTENTE,PARA PREDIOS CULTURAIS ATE 500M2,APRESENTADO NOS PADROES DA CONTRATANTE,INCLUSIVE AS LEGALIZACOES PERTINENTES","M2",6.85]
["01.050.0435-0","PROJETO EXECUTIVO DE INSTALACAO DE TELEMATICA,CONSIDERANDO OPROJETO BASICO EXISTENTE,PARA PREDIOS CULTURAIS ACIMA DE 500M2,APRESENTADO NOS PADROES DA CONTRATANTE,INCLUSIVE AS LEGALIZACOES PERTINENTES","M2",6.61,null,"01.050.0435-A","PROJETO EXECUTIVO DE INSTALACAO DE TELEMATICA,CONSIDERANDO OPROJETO BASICO EXISTENTE,PARA PREDIOS CULTURAIS ACIMA DE 500M2,APRESENTADO NOS PADROES DA CONTRATANTE,INCLUSIVE AS LEGALIZACOES PERTINENTES","M2",6.17]
["01.050.0436-0","PROJETO EXECUTIVO DE INSTALACAO DE TELEMATICA,CONSIDERANDO OPROJETO BASICO EXISTENTE,PARA PREDIOS HOSPITALARES,APRESENTADO NOS PADROES DA CONTRATANTE,INCLUSIVE AS LEGALIZACOES PERTINENTES","M2",7.34,null,"01.050.0436-A","PROJETO EXECUTIVO DE INSTALACAO DE TELEMATICA,CONSIDERANDO OPROJETO BASICO EXISTENTE,PARA PREDIOS HOSPITALARES,APRESENTADO NOS PADROES DA CONTRATANTE,INCLUSIVE AS LEGALIZACOES PERTINENTES","M2",6.85]
["01.050.0437-0","PROJETO EXECUTIVO DE INSTALACAO DE TELEMATICA,CONSIDERANDO OPROJETO BASICO EXISTENTE,PARA HABITACOES/EDIFICIOS ATE 500M2,APRESENTADO NOS PADROES DA CONTRATANTE,INCLUSIVE AS LEGALIZACOES PERTINENTES","M2",3.05,null,"01.050.0437-A","PROJETO EXECUTIVO DE INSTALACAO DE TELEMATICA,CONSIDERANDO OPROJETO BASICO EXISTENTE,PARA HABITACOES/EDIFICIOS ATE 500M2,APRESENTADO NOS PADROES DA CONTRATANTE,INCLUSIVE AS LEGALIZACOES PERTINENTES","M2",2.85]
["01.050.0438-0","PROJETO EXECUTIVO DE INSTALACAO DE TELEMATICA,CONSIDERANDO OPROJETO BASICO EXISTENTE,PARA HABITACOES/EDIFICIOS DE 501 ATE 3000M2,APRESENTADO NOS PADROES DA CONTRATANTE,INCLUSIVE AS LEGALIZACOES PERTINENTES","M2",2.75,null,"01.050.0438-A","PROJETO EXECUTIVO DE INSTALACAO DE TELEMATICA,CONSIDERANDO OPROJETO BASICO EXISTENTE,PARA HABITACOES/EDIFICIOS DE 501 ATE 3000M2,APRESENTADO NOS PADROES DA CONTRATANTE,INCLUSIVE AS LEGALIZACOES PERTINENTES","M2",2.57]
["01.050.0439-0","PROJETO EXECUTIVO DE INSTALACAO DE TELEMATICA,CONSIDERANDO OPROJETO BASICO EXISTENTE,PARA HABITACAO/LOTEAMENTO ATE 12000M2,APRESENTADO NOS PADROES DA CONTRATANTE,INCLUSIVE AS LEGALIZACOES PERTINENTES","M2",1.72,null,"01.050.0439-A","PROJETO EXECUTIVO DE INSTALACAO DE TELEMATICA,CONSIDERANDO OPROJETO BASICO EXISTENTE,PARA HABITACAO/LOTEAMENTO ATE 12000M2,APRESENTADO NOS PADROES DA CONTRATANTE,INCLUSIVE AS LEGALIZACOES PERTINENTES","M2",1.61]
["01.050.0440-0","PROJETO EXECUTIVO DE INSTALACAO DE TELEMATICA,CONSIDERANDO OPROJETO BASICO EXISTENTE,PARA HABITACAO/LOTEAMENTO ACIMA DE12000M2,APRESENTADO NOS PADROES DA CONTRATANTE,INCLUSIVE ASLEGALIZACOES PERTINENTES","M2",0.86,null,"01.050.0440-A","PROJETO EXECUTIVO DE INSTALACAO DE TELEMATICA,CONSIDERANDO OPROJETO BASICO EXISTENTE,PARA HABITACAO/LOTEAMENTO ACIMA DE12000M2,APRESENTADO NOS PADROES DA CONTRATANTE,INCLUSIVE ASLEGALIZACOES PERTINENTES","M2",0.8]
["01.050.0441-0","PROJETO BASICO DE INSTALACAO DE ESGOTO SANITARIO E AGUAS PLUVIAIS PARA PREDIOS ESCOLARES E/OU ADMINISTRATIVOS ATE 500M2,APRESENTADO NOS PADROES DA CONTRATANTE,INCLUSIVE AS LEGALIZACOES PERTINENTES","M2",5.25,null,"01.050.0441-A","PROJETO BASICO DE INSTALACAO DE ESGOTO SANITARIO E AGUAS PLUVIAIS PARA PREDIOS ESCOLARES E/OU ADMINISTRATIVOS ATE 500M2,APRESENTADO NOS PADROES DA CONTRATANTE,INCLUSIVE AS LEGALIZACOES PERTINENTES","M2",4.8899999999999997]
["01.050.0442-0","PROJETO BASICO DE INSTALACAO DE ESGOTO SANITARIO E AGUAS PLUVIAIS PARA PREDIOS ESCOLARES E/OU ADMINISTRATIVOS DE 501 ATE3000M2,APRESENTADO NOS PADROES DA CONTRATANTE,INCLUSIVE ASLEGALIZACOES PERTINENTES","M2",4.8499999999999996,null,"01.050.0442-A","PROJETO BASICO DE INSTALACAO DE ESGOTO SANITARIO E AGUAS PLUVIAIS PARA PREDIOS ESCOLARES E/OU ADMINISTRATIVOS DE 501 ATE3000M2,APRESENTADO NOS PADROES DA CONTRATANTE,INCLUSIVE ASLEGALIZACOES PERTINENTES","M2",4.5199999999999996]
["01.050.0443-0","PROJETO BASICO DE INSTALACAO DE ESGOTO SANITARIO E AGUAS PLUVIAIS PARA PREDIOS ESCOLARES E/OU ADMINISTRATIVOS ACIMA DE 3000M2,APRESENTADO NOS PADROES DA CONTRATANTE,INCLUSIVE AS LEGALIZACOES PERTINENTES","M2",2.89,null,"01.050.0443-A","PROJETO BASICO DE INSTALACAO DE ESGOTO SANITARIO E AGUAS PLUVIAIS PARA PREDIOS ESCOLARES E/OU ADMINISTRATIVOS ACIMA DE 3000M2,APRESENTADO NOS PADROES DA CONTRATANTE,INCLUSIVE AS LEGALIZACOES PERTINENTES","M2",2.69]
["01.050.0444-0","PROJETO BASICO DE INSTALACAO DE ESGOTO SANITARIO E AGUAS PLUVIAIS PARA PREDIOS CULTURAIS,APRESENTADO NOS PADROES DA CONTRATANTE,INCLUSIVE AS LEGALIZACOES PERTINENTES","M2",4.8499999999999996,null,"01.050.0444-A","PROJETO BASICO DE INSTALACAO DE ESGOTO SANITARIO E AGUAS PLUVIAIS PARA PREDIOS CULTURAIS,APRESENTADO NOS PADROES DA CONTRATANTE,INCLUSIVE AS LEGALIZACOES PERTINENTES","M2",4.5199999999999996]
["01.050.0445-0","PROJETO BASICO DE INSTALACAO DE ESGOTO SANITARIO E AGUAS PLUVIAIS PARA PREDIOS HOSPITALARES ATE 4000M2,APRESENTADO NOS PADROES DA CONTRATANTE,INCLUSIVE AS LEGALIZACOES PERTINENTES","M2",15.75,null,"01.050.0445-A","PROJETO BASICO DE INSTALACAO DE ESGOTO SANITARIO E AGUAS PLUVIAIS PARA PREDIOS HOSPITALARES ATE 4000M2,APRESENTADO NOS PADROES DA CONTRATANTE,INCLUSIVE AS LEGALIZACOES PERTINENTES","M2",14.69]
["01.050.0446-0","PROJETO BASICO DE INSTALACAO DE ESGOTO SANITARIO E AGUAS PLUVIAIS PARA PREDIOS HOSPITALARES ACIMA DE 4000M2,APRESENTADONOS PADROES DA CONTRATANTE,INCLUSIVE AS LEGALIZACOES PERTINENTES","M2",13.12,null,"01.050.0446-A","PROJETO BASICO DE INSTALACAO DE ESGOTO SANITARIO E AGUAS PLUVIAIS PARA PREDIOS HOSPITALARES ACIMA DE 4000M2,APRESENTADONOS PADROES DA CONTRATANTE,INCLUSIVE AS LEGALIZACOES PERTINENTES","M2",12.24]
["01.050.0447-0","PROJETO BASICO DE INSTALACAO DE ESGOTO SANITARIO E AGUAS PLUVIAIS PARA URBANIZACAO ATE 15000M2,APRESENTADO NOS PADROES DA CONTRATANTE,INCLUSIVE AS LEGALIZACOES PERTINENTES","M2",0.86,null,"01.050.0447-A","PROJETO BASICO DE INSTALACAO DE ESGOTO SANITARIO E AGUAS PLUVIAIS PARA URBANIZACAO ATE 15000M2,APRESENTADO NOS PADROES DA CONTRATANTE,INCLUSIVE AS LEGALIZACOES PERTINENTES","M2",0.8]
["01.050.0448-0","PROJETO BASICO DE INSTALACAO DE ESGOTO SANITARIO E AGUAS PLUVIAIS PARA URBANIZACAO ACIMA DE 15000M2,APRESENTADO NOS PADROES DA CONTRATANTE,INCLUSIVE AS LEGALIZACOES PERTINENTES","M2",0.56000000000000005,null,"01.050.0448-A","PROJETO BASICO DE INSTALACAO DE ESGOTO SANITARIO E AGUAS PLUVIAIS PARA URBANIZACAO ACIMA DE 15000M2,APRESENTADO NOS PADROES DA CONTRATANTE,INCLUSIVE AS LEGALIZACOES PERTINENTES","M2",0.52]
["01.050.0449-0","PROJETO BASICO DE INSTALACAO DE ESGOTO SANITARIO E AGUAS PLUVIAIS PARA HABITACAO/LOTEAMENTO ATE 12000M2,APRESENTADO NOSPADROES DA CONTRATANTE,INCLUSIVE AS LEGALIZACOES PERTINENTES","M2",4.78,null,"01.050.0449-A","PROJETO BASICO DE INSTALACAO DE ESGOTO SANITARIO E AGUAS PLUVIAIS PARA HABITACAO/LOTEAMENTO ATE 12000M2,APRESENTADO NOSPADROES DA CONTRATANTE,INCLUSIVE AS LEGALIZACOES PERTINENTES","M2",4.46]
["01.050.0450-0","PROJETO BASICO DE INSTALACAO DE ESGOTO SANITARIO E AGUAS PLUVIAIS PARA HABITACAO/LOTEAMENTO DE 12001 ATE 36000M2,APRESENTADO NOS PADROES DA CONTRATANTE,INCLUSIVE AS LEGALIZACOES PERTINENTES","M2",3.45,null,"01.050.0450-A","PROJETO BASICO DE INSTALACAO DE ESGOTO SANITARIO E AGUAS PLUVIAIS PARA HABITACAO/LOTEAMENTO DE 12001 ATE 36000M2,APRESENTADO NOS PADROES DA CONTRATANTE,INCLUSIVE AS LEGALIZACOES PERTINENTES","M2",3.22]
["01.050.0451-0","PROJETO BASICO DE INSTALACAO DE ESGOTO SANITARIO E AGUAS PLUVIAIS PARA HABITACAO/LOTEAMENTO ACIMA DE 36000M2,APRESENTADONOS PADROES DA CONTRATANTE,INCLUSIVE AS LEGALIZACOES PERTINENTES","M2",1.72,null,"01.050.0451-A","PROJETO BASICO DE INSTALACAO DE ESGOTO SANITARIO E AGUAS PLUVIAIS PARA HABITACAO/LOTEAMENTO ACIMA DE 36000M2,APRESENTADONOS PADROES DA CONTRATANTE,INCLUSIVE AS LEGALIZACOES PERTINENTES","M2",1.61]
["01.050.0452-0","PROJETO EXECUTIVO DE INSTALACAO DE ESGOTO SANITARIO E AGUASPLUVIAIS,CONSIDERANDO O PROJETO BASICO EXISTENTE,PARA PREDIOS ESCOLARES E/OU ADMINISTRATIVOS ATE 500M2,APRESENTADO NOS PADROES DA CONTRATANTE,INCLUSIVE AS LEGALIZACOES PERTINENTES","M2",5.25,null,"01.050.0452-A","PROJETO EXECUTIVO DE INSTALACAO DE ESGOTO SANITARIO E AGUASPLUVIAIS,CONSIDERANDO O PROJETO BASICO EXISTENTE,PARA PREDIOS ESCOLARES E/OU ADMINISTRATIVOS ATE 500M2,APRESENTADO NOS PADROES DA CONTRATANTE,INCLUSIVE AS LEGALIZACOES PERTINENTES","M2",4.8899999999999997]
["01.050.0453-0","PROJETO EXECUTIVO DE INSTALACAO DE ESGOTO SANITARIO E AGUASPLUVIAIS,CONSIDERANDO O PROJETO BASICO EXISTENTE,PARA PREDIOS ESCOLARES E/OU ADMINISTRATIVOS DE 501 ATE 3000M2,APRESENTADO NOS PADROES DA CONTRATANTE,INCLUSIVE AS LEGALIZACOES PERTINENTES","M2",4.8499999999999996,null,"01.050.0453-A","PROJETO EXECUTIVO DE INSTALACAO DE ESGOTO SANITARIO E AGUASPLUVIAIS,CONSIDERANDO O PROJETO BASICO EXISTENTE,PARA PREDIOS ESCOLARES E/OU ADMINISTRATIVOS DE 501 ATE 3000M2,APRESENTADO NOS PADROES DA CONTRATANTE,INCLUSIVE AS LEGALIZACOES PERTINENTES","M2",4.5199999999999996]
["01.050.0454-0","PROJETO EXECUTIVO DE INSTALACAO DE ESGOTO SANITARIO E AGUASPLUVIAIS,CONSIDERANDO O PROJETO BASICO EXISTENTE,PARA PREDIOS ESCOLARES E/OU ADMINISTRATIVOS ACIMA DE 3000M2,APRESENTADONOS PADROES DA CONTRATANTE,INCLUSIVE AS LEGALIZACOES PERTINENTES","M2",2.89,null,"01.050.0454-A","PROJETO EXECUTIVO DE INSTALACAO DE ESGOTO SANITARIO E AGUASPLUVIAIS,CONSIDERANDO O PROJETO BASICO EXISTENTE,PARA PREDIOS ESCOLARES E/OU ADMINISTRATIVOS ACIMA DE 3000M2,APRESENTADONOS PADROES DA CONTRATANTE,INCLUSIVE AS LEGALIZACOES PERTINENTES","M2",2.69]
["01.050.0455-0","PROJETO EXECUTIVO DE INSTALACAO DE ESGOTO SANITARIO E AGUASPLUVIAIS,CONSIDERANDO O PROJETO BASICO EXISTENTE,PARA PREDIOS CULTURAIS,APRESENTADO NOS PADROES DA CONTRATANTE,INCLUSIVEAS LEGALIZACOES PERTINENTES","M2",4.8499999999999996,null,"01.050.0455-A","PROJETO EXECUTIVO DE INSTALACAO DE ESGOTO SANITARIO E AGUASPLUVIAIS,CONSIDERANDO O PROJETO BASICO EXISTENTE,PARA PREDIOS CULTURAIS,APRESENTADO NOS PADROES DA CONTRATANTE,INCLUSIVEAS LEGALIZACOES PERTINENTES","M2",4.5199999999999996]
["01.050.0456-0","PROJETO EXECUTIVO DE INSTALACAO DE ESGOTO SANITARIO E AGUASPLUVIAIS,CONSIDERANDO O PROJETO BASICO EXISTENTE,PARA PREDIOS HOSPITALARES ATE 4000M2,APRESENTADO NOS PADROES DA CONTRATANTE,INCLUSIVE AS LEGALIZACOES PERTINENTES","M2",15.75,null,"01.050.0456-A","PROJETO EXECUTIVO DE INSTALACAO DE ESGOTO SANITARIO E AGUASPLUVIAIS,CONSIDERANDO O PROJETO BASICO EXISTENTE,PARA PREDIOS HOSPITALARES ATE 4000M2,APRESENTADO NOS PADROES DA CONTRATANTE,INCLUSIVE AS LEGALIZACOES PERTINENTES","M2",14.69]
["01.050.0457-0","PROJETO EXECUTIVO DE INSTALACAO DE ESGOTO SANITARIO E AGUASPLUVIAIS,CONSIDERANDO O PROJETO BASICO EXISTENTE,PARA PREDIOS HOSPITALARES ACIMA DE 4000M2,APRESENTADO NOS PADROES DA CONTRATANTE,INCLUSIVE AS LEGALIZACOES PERTINENTES","M2",13.12,null,"01.050.0457-A","PROJETO EXECUTIVO DE INSTALACAO DE ESGOTO SANITARIO E AGUASPLUVIAIS,CONSIDERANDO O PROJETO BASICO EXISTENTE,PARA PREDIOS HOSPITALARES ACIMA DE 4000M2,APRESENTADO NOS PADROES DA CONTRATANTE,INCLUSIVE AS LEGALIZACOES PERTINENTES","M2",12.24]
["01.050.0458-0","PROJETO EXECUTIVO DE INSTALACAO DE ESGOTO SANITARIO E AGUASPLUVIAIS,CONSIDERANDO O PROJETO BASICO EXISTENTE,PARA URBANIZACAO ATE 15000M2,APRESENTADO NOS PADROES DA CONTRATANTE,INCLUSIVE AS LEGALIZACOES PERTINENTES","M2",0.86,null,"01.050.0458-A","PROJETO EXECUTIVO DE INSTALACAO DE ESGOTO SANITARIO E AGUASPLUVIAIS,CONSIDERANDO O PROJETO BASICO EXISTENTE,PARA URBANIZACAO ATE 15000M2,APRESENTADO NOS PADROES DA CONTRATANTE,INCLUSIVE AS LEGALIZACOES PERTINENTES","M2",0.8]
["01.050.0459-0","PROJETO EXECUTIVO DE INSTALACAO DE ESGOTO SANITARIO E AGUASPLUVIAIS,CONSIDERANDO O PROJETO BASICO EXISTENTE,PARA URBANIZACAO ACIMA DE 15000M2,APRESENTADO NOS PADROES DA CONTRATANTE,INCLUSIVE AS LEGALIZACOES PERTINENTES","M2",0.56000000000000005,null,"01.050.0459-A","PROJETO EXECUTIVO DE INSTALACAO DE ESGOTO SANITARIO E AGUASPLUVIAIS,CONSIDERANDO O PROJETO BASICO EXISTENTE,PARA URBANIZACAO ACIMA DE 15000M2,APRESENTADO NOS PADROES DA CONTRATANTE,INCLUSIVE AS LEGALIZACOES PERTINENTES","M2",0.52]
["01.050.0460-0","PROJETO EXECUTIVO DE INSTALACAO DE ESGOTO SANITARIO E AGUASPLUVIAIS,CONSIDERANDO O PROJETO BASICO EXISTENTE,PARA HABITACAO/LOTEAMENTO ATE 12000M2,APRESENTADO NOS PADROES DA CONTRATANTE,INCLUSIVE AS LEGALIZACOES PERTINENTES","M2",4.78,null,"01.050.0460-A","PROJETO EXECUTIVO DE INSTALACAO DE ESGOTO SANITARIO E AGUASPLUVIAIS,CONSIDERANDO O PROJETO BASICO EXISTENTE,PARA HABITACAO/LOTEAMENTO ATE 12000M2,APRESENTADO NOS PADROES DA CONTRATANTE,INCLUSIVE AS LEGALIZACOES PERTINENTES","M2",4.46]
["01.050.0461-0","PROJETO EXECUTIVO DE INSTALACAO DE ESGOTO SANITARIO E AGUASPLUVIAIS,CONSIDERANDO O PROJETO BASICO EXISTENTE,PARA HABITACAO/LOTEAMENTO DE 12001 ATE 36000M2,APRESENTADO NOS PADROESDA CONTRATANTE,INCLUSIVE AS LEGALIZACOES PERTINENTES","M2",3.45,null,"01.050.0461-A","PROJETO EXECUTIVO DE INSTALACAO DE ESGOTO SANITARIO E AGUASPLUVIAIS,CONSIDERANDO O PROJETO BASICO EXISTENTE,PARA HABITACAO/LOTEAMENTO DE 12001 ATE 36000M2,APRESENTADO NOS PADROESDA CONTRATANTE,INCLUSIVE AS LEGALIZACOES PERTINENTES","M2",3.22]
["01.050.0462-0","PROJETO EXECUTIVO DE INSTALACAO DE ESGOTO SANITARIO E AGUASPLUVIAIS,CONSIDERANDO O PROJETO BASICO EXISTENTE,PARA HABITACAO/LOTEAMENTO ACIMA DE 36000M2,APRESENTADO NOS PADROES DA CONTRATANTE,INCLUSIVE AS LEGALIZACOES PERTINENTES","M2",1.72,null,"01.050.0462-A","PROJETO EXECUTIVO DE INSTALACAO DE ESGOTO SANITARIO E AGUASPLUVIAIS,CONSIDERANDO O PROJETO BASICO EXISTENTE,PARA HABITACAO/LOTEAMENTO ACIMA DE 36000M2,APRESENTADO NOS PADROES DA CONTRATANTE,INCLUSIVE AS LEGALIZACOES PERTINENTES","M2",1.61]
["01.050.0463-0","PROJETO BASICO DE INSTALACAO HIDRAULICA PARA PREDIOS ESCOLARES E/OU ADMINISTRATIVOS ATE 500M2,APRESENTADO NOS PADROES DACONTRATANTE,INCLUSIVE AS LEGALIZACOES PERTINENTES","M2",8.8000000000000007,null,"01.050.0463-A","PROJETO BASICO DE INSTALACAO HIDRAULICA PARA PREDIOS ESCOLARES E/OU ADMINISTRATIVOS ATE 500M2,APRESENTADO NOS PADROES DACONTRATANTE,INCLUSIVE AS LEGALIZACOES PERTINENTES","M2",8.2100000000000009]
["01.050.0464-0","PROJETO BASICO DE INSTALACAO HIDRAULICA PARA PREDIOS ESCOLARES E/OU ADMINISTRATIVOS DE 501 ATE 3000M2,APRESENTADO NOS PADROES DA CONTRATANTE,INCLUSIVE AS LEGALIZACOES PERTINENTES","M2",5.25,null,"01.050.0464-A","PROJETO BASICO DE INSTALACAO HIDRAULICA PARA PREDIOS ESCOLARES E/OU ADMINISTRATIVOS DE 501 ATE 3000M2,APRESENTADO NOS PADROES DA CONTRATANTE,INCLUSIVE AS LEGALIZACOES PERTINENTES","M2",4.8899999999999997]
["01.050.0465-0","PROJETO BASICO DE INSTALACAO HIDRAULICA PARA PREDIOS ESCOLARES E/OU ADMINISTRATIVOS ACIMA DE 3000M2,APRESENTADO NOS PADROES DA CONTRATANTE,INCLUSIVE AS LEGALIZACOES PERTINENTES","M2",4.8499999999999996,null,"01.050.0465-A","PROJETO BASICO DE INSTALACAO HIDRAULICA PARA PREDIOS ESCOLARES E/OU ADMINISTRATIVOS ACIMA DE 3000M2,APRESENTADO NOS PADROES DA CONTRATANTE,INCLUSIVE AS LEGALIZACOES PERTINENTES","M2",4.5199999999999996]
["01.050.0466-0","PROJETO BASICO DE INSTALACAO HIDRAULICA PARA PREDIOS CULTURAIS,APRESENTADO NOS PADROES DA CONTRATANTE,INCLUSIVE AS LEGALIZACOES PERTINENTES","M2",8.8000000000000007,null,"01.050.0466-A","PROJETO BASICO DE INSTALACAO HIDRAULICA PARA PREDIOS CULTURAIS,APRESENTADO NOS PADROES DA CONTRATANTE,INCLUSIVE AS LEGALIZACOES PERTINENTES","M2",8.2100000000000009]
["01.050.0467-0","PROJETO BASICO DE INSTALACAO HIDRAULICA PARA PREDIOS HOSPITALARES ATE 4000M2,APRESENTADO NOS PADROES DA CONTRATANTE,INCLUSIVE AS LEGALIZACOES PERTINENTES","M2",15.75,null,"01.050.0467-A","PROJETO BASICO DE INSTALACAO HIDRAULICA PARA PREDIOS HOSPITALARES ATE 4000M2,APRESENTADO NOS PADROES DA CONTRATANTE,INCLUSIVE AS LEGALIZACOES PERTINENTES","M2",14.69]
["01.050.0468-0","PROJETO BASICO DE INSTALACAO HIDRAULICA PARA PREDIOS HOSPITALARES ACIMA DE 4000M2,APRESENTADO NOS PADROES DA CONTRATANTE,INCLUSIVE AS LEGALIZACOES PERTINENTES","M2",13.12,null,"01.050.0468-A","PROJETO BASICO DE INSTALACAO HIDRAULICA PARA PREDIOS HOSPITALARES ACIMA DE 4000M2,APRESENTADO NOS PADROES DA CONTRATANTE,INCLUSIVE AS LEGALIZACOES PERTINENTES","M2",12.24]
["01.050.0469-0","PROJETO BASICO DE INSTALACAO HIDRAULICA PARA HABITACOES/EDIFICIOS ATE 500M2,APRESENTADO NOS PADROES DA CONTRATANTE,INCLUSIVE AS LEGALIZACOES PERTINENTES","M2",9.6,null,"01.050.0469-A","PROJETO BASICO DE INSTALACAO HIDRAULICA PARA HABITACOES/EDIFICIOS ATE 500M2,APRESENTADO NOS PADROES DA CONTRATANTE,INCLUSIVE AS LEGALIZACOES PERTINENTES","M2",8.9600000000000009]
["01.050.0470-0","PROJETO BASICO DE INSTALACAO HIDRAULICA PARA HABITACOES/EDIFICIOS DE 501 ATE 3000M2,APRESENTADO NOS PADROES DA CONTRATANTE,INCLUSIVE AS LEGALIZACOES PERTINENTES","M2",6.44,null,"01.050.0470-A","PROJETO BASICO DE INSTALACAO HIDRAULICA PARA HABITACOES/EDIFICIOS DE 501 ATE 3000M2,APRESENTADO NOS PADROES DA CONTRATANTE,INCLUSIVE AS LEGALIZACOES PERTINENTES","M2",6.01]
["01.050.0471-0","PROJETO BASICO DE INSTALACAO HIDRAULICA PARA HABITACOES/EDIFICIOS ACIMA DE 3000M2,APRESENTADO NOS PADROES DA CONTRATANTE,INCLUSIVE AS LEGALIZACOES PERTINENTES","M2",4.88,null,"01.050.0471-A","PROJETO BASICO DE INSTALACAO HIDRAULICA PARA HABITACOES/EDIFICIOS ACIMA DE 3000M2,APRESENTADO NOS PADROES DA CONTRATANTE,INCLUSIVE AS LEGALIZACOES PERTINENTES","M2",4.55]
["01.050.0472-0","PROJETO BASICO DE INSTALACAO HIDRAULICA PARA URBANIZACAO ATE15000M2,APRESENTADO NOS PADROES DA CONTRATANTE,INCLUSIVE ASLEGALIZACOES PERTINENTES","M2",0.86,null,"01.050.0472-A","PROJETO BASICO DE INSTALACAO HIDRAULICA PARA URBANIZACAO ATE15000M2,APRESENTADO NOS PADROES DA CONTRATANTE,INCLUSIVE ASLEGALIZACOES PERTINENTES","M2",0.8]
["01.050.0473-0","PROJETO BASICO DE INSTALACAO HIDRAULICA PARA URBANIZACAO ACIMA DE 15000M2,APRESENTADO NOS PADROES DA CONTRATANTE,INCLUSIVE AS LEGALIZACOES PERTINENTES","M2",0.56000000000000005,null,"01.050.0473-A","PROJETO BASICO DE INSTALACAO HIDRAULICA PARA URBANIZACAO ACIMA DE 15000M2,APRESENTADO NOS PADROES DA CONTRATANTE,INCLUSIVE AS LEGALIZACOES PERTINENTES","M2",0.52]
["01.050.0474-0","PROJETO BASICO DE INSTALACAO HIDRAULICA PARA HABITACAO/LOTEAMENTO ATE 12000M2,APRESENTADO NOS PADROES DA CONTRATANTE,INCLUSIVE AS LEGALIZACOES PERTINENTES","M2",5.25,null,"01.050.0474-A","PROJETO BASICO DE INSTALACAO HIDRAULICA PARA HABITACAO/LOTEAMENTO ATE 12000M2,APRESENTADO NOS PADROES DA CONTRATANTE,INCLUSIVE AS LEGALIZACOES PERTINENTES","M2",4.8899999999999997]
["01.050.0475-0","PROJETO BASICO DE INSTALACAO HIDRAULICA PARA HABITACAO/LOTEAMENTO DE 12001 ATE 36000M2,APRESENTADO NOS PADROES DA CONTRATANTE,INCLUSIVE AS LEGALIZACOES PERTINENTES","M2",3.45,null,"01.050.0475-A","PROJETO BASICO DE INSTALACAO HIDRAULICA PARA HABITACAO/LOTEAMENTO DE 12001 ATE 36000M2,APRESENTADO NOS PADROES DA CONTRATANTE,INCLUSIVE AS LEGALIZACOES PERTINENTES","M2",3.22]
["01.050.0476-0","PROJETO BASICO DE INSTALACAO HIDRAULICA PARA HABITACAO/LOTEAMENTO ACIMA DE 36000M2,APRESENTADO NOS PADROES DA CONTRATANTE,INCLUSIVE AS LEGALIZACOES PERTINENTES","M2",2.62,null,"01.050.0476-A","PROJETO BASICO DE INSTALACAO HIDRAULICA PARA HABITACAO/LOTEAMENTO ACIMA DE 36000M2,APRESENTADO NOS PADROES DA CONTRATANTE,INCLUSIVE AS LEGALIZACOES PERTINENTES","M2",2.44]
["01.050.0478-0","PROJETO EXECUTIVO DE INSTALACAO HIDRAULICA,CONSIDERANDO O PROJETO BASICO EXISTENTE,PARA PREDIOS ESCOLARES E/OU ADMINISTRATIVOS ATE 500M2,APRESENTADO NOS PADROES DA CONTRATANTE,INCLUSIVE AS LEGALIZACOES PERTINENTES","M2",8.8000000000000007,null,"01.050.0478-A","PROJETO EXECUTIVO DE INSTALACAO HIDRAULICA,CONSIDERANDO O PROJETO BASICO EXISTENTE,PARA PREDIOS ESCOLARES E/OU ADMINISTRATIVOS ATE 500M2,APRESENTADO NOS PADROES DA CONTRATANTE,INCLUSIVE AS LEGALIZACOES PERTINENTES","M2",8.2100000000000009]
["01.050.0479-0","PROJETO EXECUTIVO DE INSTALACAO HIDRAULICA,CONSIDERANDO O PROJETO BASICO EXISTENTE,PARA PREDIOS ESCOLARES E/OU ADMINISTRATIVOS DE 501 ATE 3000M2,APRESENTADO NOS PADROES DA CONTRATANTE,INCLUSIVE ASLEGALIZACOES PERTINENTES","M2",5.25,null,"01.050.0479-A","PROJETO EXECUTIVO DE INSTALACAO HIDRAULICA,CONSIDERANDO O PROJETO BASICO EXISTENTE,PARA PREDIOS ESCOLARES E/OU ADMINISTRATIVOS DE 501 ATE 3000M2,APRESENTADO NOS PADROES DA CONTRATANTE,INCLUSIVE ASLEGALIZACOES PERTINENTES","M2",4.8899999999999997]
["01.050.0480-0","PROJETO EXECUTIVO DE INSTALACAO HIDRAULICA,CONSIDERANDO O PROJETO BASICO EXISTENTE,PARA PREDIOS ESCOLARES E/OU ADMINISTRATIVOS ACIMA DE 3000M2,APRESENTADO NOS PADROES DA CONTRATANTE,INCLUSIVE AS LEGALIZACOES PERTINENTES","M2",4.8499999999999996,null,"01.050.0480-A","PROJETO EXECUTIVO DE INSTALACAO HIDRAULICA,CONSIDERANDO O PROJETO BASICO EXISTENTE,PARA PREDIOS ESCOLARES E/OU ADMINISTRATIVOS ACIMA DE 3000M2,APRESENTADO NOS PADROES DA CONTRATANTE,INCLUSIVE AS LEGALIZACOES PERTINENTES","M2",4.5199999999999996]
["01.050.0481-0","PROJETO EXECUTIVO DE INSTALACAO HIDRAULICA,CONSIDERANDO O PROJETO BASICO EXISTENTE,PARA PREDIOS CULTURAIS,APRESENTADO NOS PADROES DA CONTRATANTE,INCLUSIVE AS LEGALIZACOES PERTINENTES","M2",8.8000000000000007,null,"01.050.0481-A","PROJETO EXECUTIVO DE INSTALACAO HIDRAULICA,CONSIDERANDO O PROJETO BASICO EXISTENTE,PARA PREDIOS CULTURAIS,APRESENTADO NOS PADROES DA CONTRATANTE,INCLUSIVE AS LEGALIZACOES PERTINENTES","M2",8.2100000000000009]
["01.050.0482-0","PROJETO EXECUTIVO DE INSTALACAO HIDRAULICA,CONSIDERANDO O PROJETO BASICO EXISTENTE,PARA PREDIOS HOSPITALARES ATE 4000M2,APRESENTADO NOS PADROES DA CONTRATANTE,INCLUSIVE AS LEGALIZACOES PERTINENTES","M2",15.75,null,"01.050.0482-A","PROJETO EXECUTIVO DE INSTALACAO HIDRAULICA,CONSIDERANDO O PROJETO BASICO EXISTENTE,PARA PREDIOS HOSPITALARES ATE 4000M2,APRESENTADO NOS PADROES DA CONTRATANTE,INCLUSIVE AS LEGALIZACOES PERTINENTES","M2",14.69]
["01.050.0483-0","PROJETO EXECUTIVO DE INSTALACAO HIDRAULICA,CONSIDERANDO O PROJETO BASICO EXISTENTE,PARA PREDIOS HOSPITALARES ACIMA DE 4000M2,APRESENTADO NOS PADROES DA CONTRATANTE,INCLUSIVE AS LEGALIZACOES PERTINENTES","M2",13.12,null,"01.050.0483-A","PROJETO EXECUTIVO DE INSTALACAO HIDRAULICA,CONSIDERANDO O PROJETO BASICO EXISTENTE,PARA PREDIOS HOSPITALARES ACIMA DE 4000M2,APRESENTADO NOS PADROES DA CONTRATANTE,INCLUSIVE AS LEGALIZACOES PERTINENTES","M2",12.24]
["01.050.0484-0","PROJETO EXECUTIVO DE INSTALACAO HIDRAULICA,CONSIDERANDO O PROJETO BASICO EXISTENTE,PARA HABITACOES/EDIFICIOS ATE 500M2,APRESENTADO NOS PADROES DA CONTRATANTE,INCLUSIVE AS LEGALIZACOES PERTINENTES","M2",9.6,null,"01.050.0484-A","PROJETO EXECUTIVO DE INSTALACAO HIDRAULICA,CONSIDERANDO O PROJETO BASICO EXISTENTE,PARA HABITACOES/EDIFICIOS ATE 500M2,APRESENTADO NOS PADROES DA CONTRATANTE,INCLUSIVE AS LEGALIZACOES PERTINENTES","M2",8.9600000000000009]
["01.050.0485-0","PROJETO EXECUTIVO DE INSTALACAO HIDRAULICA,CONSIDERANDO O PROJETO BASICO EXISTENTE,PARA HABITACOES/EDIFICIOS DE 501 ATE3000M2,APRESENTADO NOS PADROES DA CONTRATANTE,INCLUSIVE AS LEGALIZACOES PERTINENTES","M2",6.44,null,"01.050.0485-A","PROJETO EXECUTIVO DE INSTALACAO HIDRAULICA,CONSIDERANDO O PROJETO BASICO EXISTENTE,PARA HABITACOES/EDIFICIOS DE 501 ATE3000M2,APRESENTADO NOS PADROES DA CONTRATANTE,INCLUSIVE AS LEGALIZACOES PERTINENTES","M2",6.01]
["01.050.0486-0","PROJETO EXECUTIVO DE INSTALACAO HIDRAULICA,CONSIDERANDO O PROJETO BASICO EXISTENTE,PARA HABITACOES/EDIFICIOS ACIMA DE 3000M2,APRESENTADO NOS PADROES DA CONTRATANTE,INCLUSIVE AS LEGALIZACOES PERTINENTES","M2",4.88,null,"01.050.0486-A","PROJETO EXECUTIVO DE INSTALACAO HIDRAULICA,CONSIDERANDO O PROJETO BASICO EXISTENTE,PARA HABITACOES/EDIFICIOS ACIMA DE 3000M2,APRESENTADO NOS PADROES DA CONTRATANTE,INCLUSIVE AS LEGALIZACOES PERTINENTES","M2",4.55]
["01.050.0487-0","PROJETO EXECUTIVO DE INSTALACAO HIDRAULICA,CONSIDERANDO O PROJETO BASICO EXISTENTE,PARA URBANIZACAO ATE 15000M2,APRESENTADO NOS PADROES DA CONTRATANTE,INCLUSIVE AS LEGALIZACOES PERTINENTES","M2",0.86,null,"01.050.0487-A","PROJETO EXECUTIVO DE INSTALACAO HIDRAULICA,CONSIDERANDO O PROJETO BASICO EXISTENTE,PARA URBANIZACAO ATE 15000M2,APRESENTADO NOS PADROES DA CONTRATANTE,INCLUSIVE AS LEGALIZACOES PERTINENTES","M2",0.8]
["01.050.0488-0","PROJETO EXECUTIVO DE INSTALACAO HIDRAULICA,CONSIDERANDO O PROJETO BASICO EXISTENTE,PARA URBANIZACAO ACIMA DE 15000M2,APRESENTADO NOS PADROES DA CONTRATANTE,INCLUSIVE AS LEGALIZACOES PERTINENTES","M2",0.56000000000000005,null,"01.050.0488-A","PROJETO EXECUTIVO DE INSTALACAO HIDRAULICA,CONSIDERANDO O PROJETO BASICO EXISTENTE,PARA URBANIZACAO ACIMA DE 15000M2,APRESENTADO NOS PADROES DA CONTRATANTE,INCLUSIVE AS LEGALIZACOES PERTINENTES","M2",0.52]
["01.050.0489-0","PROJETO EXECUTIVO DE INSTALACAO HIDRAULICA,CONSIDERANDO O PROJETO BASICO EXISTENTE,PARA HABITACAO/LOTEAMENTO ATE 12000M,APRESENTADO NOS PADROES DA CONTRATANTE,INCLUSIVE AS LEGALIZACOES PERTINENTES","M2",5.25,null,"01.050.0489-A","PROJETO EXECUTIVO DE INSTALACAO HIDRAULICA,CONSIDERANDO O PROJETO BASICO EXISTENTE,PARA HABITACAO/LOTEAMENTO ATE 12000M,APRESENTADO NOS PADROES DA CONTRATANTE,INCLUSIVE AS LEGALIZACOES PERTINENTES","M2",4.8899999999999997]
["01.050.0490-0","PROJETO EXECUTIVO DE INSTALACAO HIDRAULICA,CONSIDERANDO O PROJETO BASICO EXISTENTE,PARA HABITACAO/LOTEAMENTO DE 12001 ATE 36000M2,APRESENTADO NOS PADROES DA CONTRATANTE,INCLUSIVE AS LEGALIZACOES PERTINENTES","M2",3.45,null,"01.050.0490-A","PROJETO EXECUTIVO DE INSTALACAO HIDRAULICA,CONSIDERANDO O PROJETO BASICO EXISTENTE,PARA HABITACAO/LOTEAMENTO DE 12001 ATE 36000M2,APRESENTADO NOS PADROES DA CONTRATANTE,INCLUSIVE AS LEGALIZACOES PERTINENTES","M2",3.22]
["01.050.0491-0","PROJETO EXECUTIVO DE INSTALACAO HIDRAULICA,CONSIDERANDO O PROJETO BASICO EXISTENTE,PARA HABITACAO/LOTEAMENTO ACIMA DE 36000M2,APRESENTADO NOS PADROES DA CONTRATANTE,INCLUSIVE AS LEGALIZACOES PERTINENTES","M2",2.62,null,"01.050.0491-A","PROJETO EXECUTIVO DE INSTALACAO HIDRAULICA,CONSIDERANDO O PROJETO BASICO EXISTENTE,PARA HABITACAO/LOTEAMENTO ACIMA DE 36000M2,APRESENTADO NOS PADROES DA CONTRATANTE,INCLUSIVE AS LEGALIZACOES PERTINENTES","M2",2.44]
["01.050.0493-0","PROJETO BASICO DE INSTALACAO ELETRICA PARA PREDIOS ESCOLARESE/OU ADMINISTRATIVOS ATE 500M2,APRESENTADO NOS PADROES DA CONTRATANTE,INCLUSIVE AS LEGALIZACOES PERTINENTES","M2",10.5,null,"01.050.0493-A","PROJETO BASICO DE INSTALACAO ELETRICA PARA PREDIOS ESCOLARESE/OU ADMINISTRATIVOS ATE 500M2,APRESENTADO NOS PADROES DA CONTRATANTE,INCLUSIVE AS LEGALIZACOES PERTINENTES","M2",9.7899999999999991]
["01.050.0494-0","PROJETO BASICO DE INSTALACAO ELETRICA PARA PREDIOS ESCOLARESE/OU ADMINISTRATIVOS DE 501 ATE 3000M2,APRESENTADO NOS PADROES DA CONTRATANTE,INCLUSIVE AS LEGALIZACOES PERTINENTES","M2",8.8000000000000007,null,"01.050.0494-A","PROJETO BASICO DE INSTALACAO ELETRICA PARA PREDIOS ESCOLARESE/OU ADMINISTRATIVOS DE 501 ATE 3000M2,APRESENTADO NOS PADROES DA CONTRATANTE,INCLUSIVE AS LEGALIZACOES PERTINENTES","M2",8.2100000000000009]
["01.050.0495-0","PROJETO BASICO DE INSTALACAO ELETRICA PARA PREDIOS ESCOLARESE/OU ADMINISTRATIVOS ACIMA DE 3000M2,APRESENTADO NOS PADROESDA CONTRATANTE,INCLUSIVE AS LEGALIZACOES PERTINENTES","M2",5.25,null,"01.050.0495-A","PROJETO BASICO DE INSTALACAO ELETRICA PARA PREDIOS ESCOLARESE/OU ADMINISTRATIVOS ACIMA DE 3000M2,APRESENTADO NOS PADROESDA CONTRATANTE,INCLUSIVE AS LEGALIZACOES PERTINENTES","M2",4.8899999999999997]
["01.050.0496-0","PROJETO BASICO DE INSTALACAO ELETRICA PARA PREDIOS CULTURAISATE 3000M2,APRESENTADO NOS PADROES DA CONTRATANTE,INCLUSIVEAS LEGALIZACOES PERTINENTES","M2",17.54,null,"01.050.0496-A","PROJETO BASICO DE INSTALACAO ELETRICA PARA PREDIOS CULTURAISATE 3000M2,APRESENTADO NOS PADROES DA CONTRATANTE,INCLUSIVEAS LEGALIZACOES PERTINENTES","M2",16.37]
["01.050.0497-0","PROJETO BASICO DE INSTALACAO ELETRICA PARA PREDIOS CULTURAISACIMA DE 3000M2,APRESENTADO NOS PADROES DA CONTRATANTE,INCLUSIVE AS LEGALIZACOES PERTINENTES","M2",13.12,null,"01.050.0497-A","PROJETO BASICO DE INSTALACAO ELETRICA PARA PREDIOS CULTURAISACIMA DE 3000M2,APRESENTADO NOS PADROES DA CONTRATANTE,INCLUSIVE AS LEGALIZACOES PERTINENTES","M2",12.24]
["01.050.0498-0","PROJETO BASICO DE INSTALACAO ELETRICA PARA PREDIOS HOSPITALARES,APRESENTADO NOS PADROES DA CONTRATANTE,INCLUSIVE AS LEGALIZACOES PERTINENTES","M2",21,null,"01.050.0498-A","PROJETO BASICO DE INSTALACAO ELETRICA PARA PREDIOS HOSPITALARES,APRESENTADO NOS PADROES DA CONTRATANTE,INCLUSIVE AS LEGALIZACOES PERTINENTES","M2",19.59]
["01.050.0499-0","PROJETO BASICO DE INSTALACAO ELETRICA PARA HABITACOES/EDIFICIOS ATE 500M2,APRESENTADO NOS PADROES DA CONTRATANTE,INCLUSIVE AS LEGALIZACOES PERTINENTES","M2",12.79,null,"01.050.0499-A","PROJETO BASICO DE INSTALACAO ELETRICA PARA HABITACOES/EDIFICIOS ATE 500M2,APRESENTADO NOS PADROES DA CONTRATANTE,INCLUSIVE AS LEGALIZACOES PERTINENTES","M2",11.93]
["01.050.0500-0","PROJETO BASICO DE INSTALACAO ELETRICA PARA HABITACOES/EDIFICIOS DE 501 ATE 3000M2,APRESENTADO NOS PADROES DA CONTRATANTE,INCLUSIVE AS LEGALIZACOES PERTINENTES","M2",9.6,null,"01.050.0500-A","PROJETO BASICO DE INSTALACAO ELETRICA PARA HABITACOES/EDIFICIOS DE 501 ATE 3000M2,APRESENTADO NOS PADROES DA CONTRATANTE,INCLUSIVE AS LEGALIZACOES PERTINENTES","M2",8.9600000000000009]
["01.050.0501-0","PROJETO BASICO DE INSTALACAO ELETRICA PARA HABITACOES/EDIFICIOS ACIMA DE 3000M2,APRESENTADO NOS PADROES DA CONTRATANTE,INCLUSIVE AS LEGALIZACOES PERTINENTES","M2",6.44,null,"01.050.0501-A","PROJETO BASICO DE INSTALACAO ELETRICA PARA HABITACOES/EDIFICIOS ACIMA DE 3000M2,APRESENTADO NOS PADROES DA CONTRATANTE,INCLUSIVE AS LEGALIZACOES PERTINENTES","M2",6.01]
["01.050.0502-0","PROJETO BASICO DE INSTALACAO ELETRICA PARA URBANIZACAO ATE 15000M2,APRESENTADO NOS PADROES DA CONTRATANTE,INCLUSIVE AS LEGALIZACOES PERTINENTES","M2",1.1599999999999999,null,"01.050.0502-A","PROJETO BASICO DE INSTALACAO ELETRICA PARA URBANIZACAO ATE 15000M2,APRESENTADO NOS PADROES DA CONTRATANTE,INCLUSIVE AS LEGALIZACOES PERTINENTES","M2",1.08]
["01.050.0503-0","PROJETO BASICO DE INSTALACAO ELETRICA PARA URBANIZACAO ACIMADE 15000M2,APRESENTADO NOS PADROES DA CONTRATANTE,INCLUSIVEAS LEGALIZACOES PERTINENTES","M2",0.86,null,"01.050.0503-A","PROJETO BASICO DE INSTALACAO ELETRICA PARA URBANIZACAO ACIMADE 15000M2,APRESENTADO NOS PADROES DA CONTRATANTE,INCLUSIVEAS LEGALIZACOES PERTINENTES","M2",0.8]
["01.050.0504-0","PROJETO BASICO DE INSTALACAO ELETRICA PARA HABITACAO/LOTEAMENTO ATE 12000M2,APRESENTADO NOS PADROES DA CONTRATANTE,INCLUSIVE AS LEGALIZACOES PERTINENTES","M2",5.25,null,"01.050.0504-A","PROJETO BASICO DE INSTALACAO ELETRICA PARA HABITACAO/LOTEAMENTO ATE 12000M2,APRESENTADO NOS PADROES DA CONTRATANTE,INCLUSIVE AS LEGALIZACOES PERTINENTES","M2",4.8899999999999997]
["01.050.0505-0","PROJETO BASICO DE INSTALACAO ELETRICA PARA HABITACAO/LOTEAMENTO DE 12001 ATE 36000M2,APRESENTADO NOS PADROES DA CONTRATANTE,INCLUSIVE AS LEGALIZACOES PERTINENTES","M2",3.45,null,"01.050.0505-A","PROJETO BASICO DE INSTALACAO ELETRICA PARA HABITACAO/LOTEAMENTO DE 12001 ATE 36000M2,APRESENTADO NOS PADROES DA CONTRATANTE,INCLUSIVE AS LEGALIZACOES PERTINENTES","M2",3.22]
["01.050.0506-0","PROJETO BASICO DE INSTALACAO ELETRICA PARA HABITACAO/LOTEAMENTO ACIMA DE 36000M2,APRESENTADO NOS PADROES DA CONTRATANTE,INCLUSIVE AS LEGALIZACOES PERTINENTES","M2",2.62,null,"01.050.0506-A","PROJETO BASICO DE INSTALACAO ELETRICA PARA HABITACAO/LOTEAMENTO ACIMA DE 36000M2,APRESENTADO NOS PADROES DA CONTRATANTE,INCLUSIVE AS LEGALIZACOES PERTINENTES","M2",2.44]
["01.050.0508-0","PROJETO BASICO DE SISTEMA DE AR CONDICIONADO,APRESENTADO NOSPADROES DA CONTRATANTE,PARA PREDIOS COM AREA ATE 500M2","M2",8.0399999999999991,null,"01.050.0508-A","PROJETO BASICO DE SISTEMA DE AR CONDICIONADO,APRESENTADO NOSPADROES DA CONTRATANTE,PARA PREDIOS COM AREA ATE 500M2","M2",7.5]
["01.050.0509-0","PROJETO BASICO DE SISTEMA DE AR CONDICIONADO,APRESENTADO NOSPADROES DA CONTRATANTE,PARA PREDIOS COM AREA DE 501 ATE 3000M2","M2",6.67,null,"01.050.0509-A","PROJETO BASICO DE SISTEMA DE AR CONDICIONADO,APRESENTADO NOSPADROES DA CONTRATANTE,PARA PREDIOS COM AREA DE 501 ATE 3000M2","M2",6.23]
["01.050.0510-0","PROJETO BASICO DE SISTEMA DE AR CONDICIONADO,APRESENTADO NOSPADROES DA CONTRATANTE,PARA PREDIOS COM AREA ACIMA DE 3000M2","M2",4.05,null,"01.050.0510-A","PROJETO BASICO DE SISTEMA DE AR CONDICIONADO,APRESENTADO NOSPADROES DA CONTRATANTE,PARA PREDIOS COM AREA ACIMA DE 3000M2","M2",3.78]
["01.050.0515-0","PROJETO EXECUTIVO DE INSTALACAO ELETRICA,CONSIDERANDO O PROJETO BASICO EXISTENTE,PARA PREDIOS ESCOLARES E/OU ADMINISTRATIVOS ATE 500M2,APRESENTADO NOS PADROES DA CONTRATANTE,INCLUSIVE AS LEGALIZACOES PERTINENTES","M2",10.5,null,"01.050.0515-A","PROJETO EXECUTIVO DE INSTALACAO ELETRICA,CONSIDERANDO O PROJETO BASICO EXISTENTE,PARA PREDIOS ESCOLARES E/OU ADMINISTRATIVOS ATE 500M2,APRESENTADO NOS PADROES DA CONTRATANTE,INCLUSIVE AS LEGALIZACOES PERTINENTES","M2",9.7899999999999991]
["01.050.0516-0","PROJETO EXECUTIVO DE INSTALACAO ELETRICA,CONSIDERANDO O PROJETO BASICO EXISTENTE,PARA PREDIOS ESCOLARES E/OU ADMINISTRATIVOS DE 501 ATE 3000M2,APRESENTADO NOS PADROES DA CONTRATANTE,INCLUSIVE AS LEGALIZACOES PERTINENTES","M2",8.8000000000000007,null,"01.050.0516-A","PROJETO EXECUTIVO DE INSTALACAO ELETRICA,CONSIDERANDO O PROJETO BASICO EXISTENTE,PARA PREDIOS ESCOLARES E/OU ADMINISTRATIVOS DE 501 ATE 3000M2,APRESENTADO NOS PADROES DA CONTRATANTE,INCLUSIVE AS LEGALIZACOES PERTINENTES","M2",8.2100000000000009]
["01.050.0517-0","PROJETO EXECUTIVO DE INSTALACAO ELETRICA,CONSIDERANDO O PROJETO BASICO EXISTENTE,PARA PREDIOS ESCOLARES E/OU ADMINISTRATIVOS ACIMA DE 3000M2,APRESENTADO NOS PADROES DA CONTRATANTE,INCLUSIVE AS LEGALIZACOES PERTINENTES","M2",5.25,null,"01.050.0517-A","PROJETO EXECUTIVO DE INSTALACAO ELETRICA,CONSIDERANDO O PROJETO BASICO EXISTENTE,PARA PREDIOS ESCOLARES E/OU ADMINISTRATIVOS ACIMA DE 3000M2,APRESENTADO NOS PADROES DA CONTRATANTE,INCLUSIVE AS LEGALIZACOES PERTINENTES","M2",4.8899999999999997]
["01.050.0518-0","PROJETO EXECUTIVO DE INSTALACAO ELETRICA,CONSIDERANDO O PROJETO BASICO EXISTENTE,PARA PREDIOS CULTURAIS ATE 3000M2,APRESENTADO NOS PADROES DA CONTRATANTE,INCLUSIVE AS LEGALIZACOESPERTINENTES","M2",17.54,null,"01.050.0518-A","PROJETO EXECUTIVO DE INSTALACAO ELETRICA,CONSIDERANDO O PROJETO BASICO EXISTENTE,PARA PREDIOS CULTURAIS ATE 3000M2,APRESENTADO NOS PADROES DA CONTRATANTE,INCLUSIVE AS LEGALIZACOESPERTINENTES","M2",16.37]
["01.050.0519-0","PROJETO EXECUTIVO DE INSTALACAO ELETRICA,CONSIDERANDO O PROJETO BASICO EXISTENTE,PARA PREDIOS CULTURAIS ACIMA DE 3000M2,APRESENTADO NOS PADROES DA CONTRATANTE,INCLUSIVE AS LEGALIZACOES PERTINENTES","M2",13.12,null,"01.050.0519-A","PROJETO EXECUTIVO DE INSTALACAO ELETRICA,CONSIDERANDO O PROJETO BASICO EXISTENTE,PARA PREDIOS CULTURAIS ACIMA DE 3000M2,APRESENTADO NOS PADROES DA CONTRATANTE,INCLUSIVE AS LEGALIZACOES PERTINENTES","M2",12.24]
["01.050.0520-0","PROJETO EXECUTIVO DE INSTALACAO ELETRICA,CONSIDERANDO O PROJETO BASICO EXISTENTE,PARA PREDIOS HOSPITALARES,APRESENTADO NOS PADROES DA CONTRATANTE,INCLUSIVE AS LEGALIZACOES PERTINENTES","M2",21,null,"01.050.0520-A","PROJETO EXECUTIVO DE INSTALACAO ELETRICA,CONSIDERANDO O PROJETO BASICO EXISTENTE,PARA PREDIOS HOSPITALARES,APRESENTADO NOS PADROES DA CONTRATANTE,INCLUSIVE AS LEGALIZACOES PERTINENTES","M2",19.59]
["01.050.0521-0","PROJETO EXECUTIVO DE INSTALACAO ELETRICA,CONSIDERANDO O PROJETO BASICO EXISTENTE,PARA HABITACOES/EDIFICIOS ATE 500M2,APRESENTADO NOS PADROES DA CONTRATANTE,INCLUSIVE AS LEGALIZACOES PERTINENTES","M2",12.79,null,"01.050.0521-A","PROJETO EXECUTIVO DE INSTALACAO ELETRICA,CONSIDERANDO O PROJETO BASICO EXISTENTE,PARA HABITACOES/EDIFICIOS ATE 500M2,APRESENTADO NOS PADROES DA CONTRATANTE,INCLUSIVE AS LEGALIZACOES PERTINENTES","M2",11.93]
["01.050.0522-0","PROJETO EXECUTIVO DE INSTALACAO ELETRICA,CONSIDERANDO O PROJETO BASICO EXISTENTE,PARA HABITACOES/EDIFICIOS DE 501 ATE 3000M2,APRESENTADO NOS PADROES DA CONTRATANTE,INCLUSIVE AS LEGALIZACOES PERTINENTES","M2",9.6,null,"01.050.0522-A","PROJETO EXECUTIVO DE INSTALACAO ELETRICA,CONSIDERANDO O PROJETO BASICO EXISTENTE,PARA HABITACOES/EDIFICIOS DE 501 ATE 3000M2,APRESENTADO NOS PADROES DA CONTRATANTE,INCLUSIVE AS LEGALIZACOES PERTINENTES","M2",8.9600000000000009]
["01.050.0523-0","PROJETO EXECUTIVO DE INSTALACAO ELETRICA,CONSIDERANDO O PROJETO BASICO EXISTENTE,PARA HABITACOES/EDIFICIOS ACIMA DE 3000M2,APRESENTADO NOS PADROES DA CONTRATANTE,INCLUSIVE AS LEGALIZACOES PERTINENTES","M2",6.44,null,"01.050.0523-A","PROJETO EXECUTIVO DE INSTALACAO ELETRICA,CONSIDERANDO O PROJETO BASICO EXISTENTE,PARA HABITACOES/EDIFICIOS ACIMA DE 3000M2,APRESENTADO NOS PADROES DA CONTRATANTE,INCLUSIVE AS LEGALIZACOES PERTINENTES","M2",6.01]
["01.050.0524-0","PROJETO EXECUTIVO DE INSTALACAO ELETRICA,CONSIDERANDO O PROJETO BASICO EXISTENTE,PARA URBANIZACAO ATE 15000M2,APRESENTADO NOS PADROES DA CONTRATANTE,INCLUSIVE AS LEGALIZACOES PERTINENTES","M2",1.1599999999999999,null,"01.050.0524-A","PROJETO EXECUTIVO DE INSTALACAO ELETRICA,CONSIDERANDO O PROJETO BASICO EXISTENTE,PARA URBANIZACAO ATE 15000M2,APRESENTADO NOS PADROES DA CONTRATANTE,INCLUSIVE AS LEGALIZACOES PERTINENTES","M2",1.08]
["01.050.0525-0","PROJETO EXECUTIVO DE INSTALACAO ELETRICA,CONSIDERANDO O PROJETO BASICO EXISTENTE,PARA URBANIZACAO ACIMA DE 15000M2,APRESENTADO NOS PADROES DA CONTRATANTE,INCLUSIVE AS LEGALIZACOESPERTINENTES","M2",0.86,null,"01.050.0525-A","PROJETO EXECUTIVO DE INSTALACAO ELETRICA,CONSIDERANDO O PROJETO BASICO EXISTENTE,PARA URBANIZACAO ACIMA DE 15000M2,APRESENTADO NOS PADROES DA CONTRATANTE,INCLUSIVE AS LEGALIZACOESPERTINENTES","M2",0.8]
["01.050.0526-0","PROJETO EXECUTIVO DE INSTALACAO ELETRICA,CONSIDERANDO O PROJETO BASICO EXISTENTE,PARA HABITACAO/LOTEAMENTO ATE 12000M2,APRESENTADO NOS PADROES DA CONTRATANTE,INCLUSIVE AS LEGALIZACOES PERTINENTES","M2",5.25,null,"01.050.0526-A","PROJETO EXECUTIVO DE INSTALACAO ELETRICA,CONSIDERANDO O PROJETO BASICO EXISTENTE,PARA HABITACAO/LOTEAMENTO ATE 12000M2,APRESENTADO NOS PADROES DA CONTRATANTE,INCLUSIVE AS LEGALIZACOES PERTINENTES","M2",4.8899999999999997]
["01.050.0527-0","PROJETO EXECUTIVO DE INSTALACAO ELETRICA,CONSIDERANDO O PROJETO BASICO EXISTENTE,PARA HABITACAO/LOTEAMENTO DE 12001 ATE36000M2,APRESENTADO NOS PADROES DA CONTRATANTE,INCLUSIVE AS LEGALIZACOES PERTINENTES","M2",3.45,null,"01.050.0527-A","PROJETO EXECUTIVO DE INSTALACAO ELETRICA,CONSIDERANDO O PROJETO BASICO EXISTENTE,PARA HABITACAO/LOTEAMENTO DE 12001 ATE36000M2,APRESENTADO NOS PADROES DA CONTRATANTE,INCLUSIVE AS LEGALIZACOES PERTINENTES","M2",3.22]
["01.050.0528-0","PROJETO EXECUTIVO DE INSTALACAO ELETRICA,CONSIDERANDO O PROJETO BASICO EXISTENTE,PARA HABITACAO/LOTEAMENTO ACIMA DE 36000M2,APRESENTADO NOS PADROES DA CONTRATANTE,INCLUSIVE AS LEGALIZACOES PERTINENTES","M2",2.62,null,"01.050.0528-A","PROJETO EXECUTIVO DE INSTALACAO ELETRICA,CONSIDERANDO O PROJETO BASICO EXISTENTE,PARA HABITACAO/LOTEAMENTO ACIMA DE 36000M2,APRESENTADO NOS PADROES DA CONTRATANTE,INCLUSIVE AS LEGALIZACOES PERTINENTES","M2",2.44]
["01.050.0530-0","PROJETO EXECUTIVO DE SISTEMA DE AR CONDICIONADO,CONSIDERANDOO PROJETO BASICO EXISTENTE,APRESENTADO NOS PADROES DA CONTRATANTE,PARA PREDIOS COM AREA ATE 500M2","M2",8.0399999999999991,null,"01.050.0530-A","PROJETO EXECUTIVO DE SISTEMA DE AR CONDICIONADO,CONSIDERANDOO PROJETO BASICO EXISTENTE,APRESENTADO NOS PADROES DA CONTRATANTE,PARA PREDIOS COM AREA ATE 500M2","M2",7.5]
["01.050.0531-0","PROJETO EXECUTIVO DE SISTEMA DE AR CONDICIONADO,CONSIDERANDOO PROJETO BASICO EXISTENTE,APRESENTADO NOS PADROES DA CONTRATANTE,PARA PREDIOS COM AREA DE 501 ATE 3000M2","M2",6.67,null,"01.050.0531-A","PROJETO EXECUTIVO DE SISTEMA DE AR CONDICIONADO,CONSIDERANDOO PROJETO BASICO EXISTENTE,APRESENTADO NOS PADROES DA CONTRATANTE,PARA PREDIOS COM AREA DE 501 ATE 3000M2","M2",6.23]
["01.050.0532-0","PROJETO EXECUTIVO DE SISTEMA DE AR CONDICIONADO,CONSIDERANDOO PROJETO BASICO EXISTENTE,APRESENTADO NOS PADROES DA CONTRATANTE,PARA PREDIOS COM AREA ACIMA DE 3000M2","M2",4.05,null,"01.050.0532-A","PROJETO EXECUTIVO DE SISTEMA DE AR CONDICIONADO,CONSIDERANDOO PROJETO BASICO EXISTENTE,APRESENTADO NOS PADROES DA CONTRATANTE,PARA PREDIOS COM AREA ACIMA DE 3000M2","M2",3.78]
["01.050.0537-0","PROJETO ESTRUTURAL BASICO PARA PREDIOS HOSPITALARES ATE 1000M2,APRESENTADO NOS PADROES DA CONTRATANTE","M2",55.19,null,"01.050.0537-A","PROJETO ESTRUTURAL BASICO PARA PREDIOS HOSPITALARES ATE 1000M2,APRESENTADO NOS PADROES DA CONTRATANTE","M2",51.51]
["01.050.0538-0","PROJETO ESTRUTURAL BASICO PARA PREDIOS HOSPITALARES DE 1001ATE 4000M2,APRESENTADO NOS PADROES DA CONTRATANTE","M2",48.44,null,"01.050.0538-A","PROJETO ESTRUTURAL BASICO PARA PREDIOS HOSPITALARES DE 1001ATE 4000M2,APRESENTADO NOS PADROES DA CONTRATANTE","M2",45.21]
["01.050.0539-0","PROJETO ESTRUTURAL BASICO PARA PREDIOS HOSPITALARES ACIMA DE4000M2,APRESENTADO NOS PADROES DA CONTRATANTE NOS PADROES DA CONSTRATANTE","M2",41.7,null,"01.050.0539-A","PROJETO ESTRUTURAL BASICO PARA PREDIOS HOSPITALARES ACIMA DE4000M2,APRESENTADO NOS PADROES DA CONTRATANTE NOS PADROES DA CONSTRATANTE","M2",38.909999999999997]
["01.050.0540-0","PROJETO EXECUTIVO ESTRUTURAL PARA PREDIOS HOSPITALARES ATE 1000M2,CONSIDERANDO O PROJETO BASICO EXISTENTE,APRESENTADO NOS PADROES DA CONTRATANTE,CONSTANDO DE PLANTAS DE FORMA,ARMACAO E DETALHES","M2",55.19,null,"01.050.0540-A","PROJETO EXECUTIVO ESTRUTURAL PARA PREDIOS HOSPITALARES ATE 1000M2,CONSIDERANDO O PROJETO BASICO EXISTENTE,APRESENTADO NOS PADROES DA CONTRATANTE,CONSTANDO DE PLANTAS DE FORMA,ARMACAO E DETALHES","M2",51.51]
["01.050.0541-0","PROJETO EXECUTIVO ESTRUTURAL PARA PREDIOS HOSPITALARES DE 1001 ATE 4000M2,CONSIDERANDO O PROJETO BASICO EXISTENTE,APRESENTADO NOS PADROES DA CONTRATANTE,CONSTANDO DE PLANTAS DE FORMA,ARMACAO E DETALHES","M2",48.44,null,"01.050.0541-A","PROJETO EXECUTIVO ESTRUTURAL PARA PREDIOS HOSPITALARES DE 1001 ATE 4000M2,CONSIDERANDO O PROJETO BASICO EXISTENTE,APRESENTADO NOS PADROES DA CONTRATANTE,CONSTANDO DE PLANTAS DE FORMA,ARMACAO E DETALHES","M2",45.21]
["01.050.0542-0","PROJETO EXECUTIVO ESTRUTURAL PARA PREDIOS HOSPITALARES ACIMADE 4000M2,CONSIDERANDO O PROJETO BASICO EXISTENTE,APRESENTADO NOS PADROES DA CONTRATANTE,CONSTANDO DE PLANTAS DE FORMA,ARMACAO E DETALHES","M2",41.7,null,"01.050.0542-A","PROJETO EXECUTIVO ESTRUTURAL PARA PREDIOS HOSPITALARES ACIMADE 4000M2,CONSIDERANDO O PROJETO BASICO EXISTENTE,APRESENTADO NOS PADROES DA CONTRATANTE,CONSTANDO DE PLANTAS DE FORMA,ARMACAO E DETALHES","M2",38.909999999999997]
["01.050.0543-0","PROJETO ESTRUTURAL BASICO PARA PREDIOS CULTURAIS ATE 500M2,APRESENTADO NOS PADROES DA CONTRATANTE","M2",55.19,null,"01.050.0543-A","PROJETO ESTRUTURAL BASICO PARA PREDIOS CULTURAIS ATE 500M2,APRESENTADO NOS PADROES DA CONTRATANTE","M2",51.51]
["01.050.0544-0","PROJETO ESTRUTURAL BASICO PARA PREDIOS CULTURAIS DE 501 ATE3000M2,APRESENTADO NOS PADROES DA CONTRATANTE","M2",48.48,null,"01.050.0544-A","PROJETO ESTRUTURAL BASICO PARA PREDIOS CULTURAIS DE 501 ATE3000M2,APRESENTADO NOS PADROES DA CONTRATANTE","M2",45.24]
["01.050.0545-0","PROJETO ESTRUTURAL BASICO PARA PREDIOS CULTURAIS ACIMA DE 3000M2,APRESENTADO NOS PADROES DA CONTRATANTE","M2",43.49,null,"01.050.0545-A","PROJETO ESTRUTURAL BASICO PARA PREDIOS CULTURAIS ACIMA DE 3000M2,APRESENTADO NOS PADROES DA CONTRATANTE","M2",40.590000000000003]
["01.050.0546-0","PROJETO EXECUTIVO ESTRUTURAL PARA PREDIOS CULTURAIS ATE 500M2,CONSIDERANDO O PROJETO BASICO EXISTENTE,APRESENTADO NOS PADROES DA CONTRATANTE,CONSTANDO DE PLANTAS DE FORMA,ARMACAO EDETALHES","M2",82.77,null,"01.050.0546-A","PROJETO EXECUTIVO ESTRUTURAL PARA PREDIOS CULTURAIS ATE 500M2,CONSIDERANDO O PROJETO BASICO EXISTENTE,APRESENTADO NOS PADROES DA CONTRATANTE,CONSTANDO DE PLANTAS DE FORMA,ARMACAO EDETALHES","M2",77.239999999999995]
["01.050.0547-0","PROJETO EXECUTIVO ESTRUTURAL PARA PREDIOS CULTURAIS DE 501 ATE 3000M2,CONSIDERANDO O PROJETO BASICO EXISTENTE,APRESENTADO NOS PADROES DA CONTRATANTE,CONSTANDO DE PLANTAS DE FORMA,ARMACAO E DETALHES","M2",48.48,null,"01.050.0547-A","PROJETO EXECUTIVO ESTRUTURAL PARA PREDIOS CULTURAIS DE 501 ATE 3000M2,CONSIDERANDO O PROJETO BASICO EXISTENTE,APRESENTADO NOS PADROES DA CONTRATANTE,CONSTANDO DE PLANTAS DE FORMA,ARMACAO E DETALHES","M2",45.24]
["01.050.0548-0","PROJETO EXECUTIVO ESTRUTURAL PARA PREDIOS CULTURAIS ACIMA DE3000M2,CONSIDERANDO O PROJETO BASICO EXISTENTE,APRESENTADONOS PADROES DA CONTRATANTE,CONSTANDO DE PLANTAS DE FORMA,ARMACAO E DETALHES","M2",43.49,null,"01.050.0548-A","PROJETO EXECUTIVO ESTRUTURAL PARA PREDIOS CULTURAIS ACIMA DE3000M2,CONSIDERANDO O PROJETO BASICO EXISTENTE,APRESENTADONOS PADROES DA CONTRATANTE,CONSTANDO DE PLANTAS DE FORMA,ARMACAO E DETALHES","M2",40.590000000000003]
["01.050.0549-0","PROJETO ESTRUTURAL BASICO PARA PREDIOS ESCOLARES E/OU ADMINISTRATIVOS ATE 500M2,APRESENTADO NOS PADROES DA CONTRATANTE","M2",48.34,null,"01.050.0549-A","PROJETO ESTRUTURAL BASICO PARA PREDIOS ESCOLARES E/OU ADMINISTRATIVOS ATE 500M2,APRESENTADO NOS PADROES DA CONTRATANTE","M2",45.12]
["01.050.0550-0","PROJETO ESTRUTURAL BASICO PARA PREDIOS ESCOLARES E/OU ADMINISTRATIVOS DE 501 ATE 3000M2,APRESENTADO NOS PADROES DA CONTRATANTE","M2",42.76,null,"01.050.0550-A","PROJETO ESTRUTURAL BASICO PARA PREDIOS ESCOLARES E/OU ADMINISTRATIVOS DE 501 ATE 3000M2,APRESENTADO NOS PADROES DA CONTRATANTE","M2",39.909999999999997]
["01.050.0551-0","PROJETO ESTRUTURAL BASICO PARA PREDIOS ESCOLARES E/OU ADMINISTRATIVOS ACIMA DE 3000M2,APRESENTADO NOS PADROES DA CONTRATANTE","M2",35.979999999999997,null,"01.050.0551-A","PROJETO ESTRUTURAL BASICO PARA PREDIOS ESCOLARES E/OU ADMINISTRATIVOS ACIMA DE 3000M2,APRESENTADO NOS PADROES DA CONTRATANTE","M2",33.58]
["01.050.0552-0","PROJETO EXECUTIVO ESTRUTURAL PARA PREDIOS ESCOLARES E/OU ADMINISTRATIVOS ATE 500M2,CONSIDERANDO O PROJETO BASICO EXISTENTE,APRESENTADO NOS PADROES DA CONTRATANTE,CONSTANDO DE PLANTAS DE FORMA,ARMACAO E DETALHES","M2",48.34,null,"01.050.0552-A","PROJETO EXECUTIVO ESTRUTURAL PARA PREDIOS ESCOLARES E/OU ADMINISTRATIVOS ATE 500M2,CONSIDERANDO O PROJETO BASICO EXISTENTE,APRESENTADO NOS PADROES DA CONTRATANTE,CONSTANDO DE PLANTAS DE FORMA,ARMACAO E DETALHES","M2",45.12]
["01.050.0553-0","PROJETO EXECUTIVO ESTRUTURAL PARA PREDIOS ESCOLARES E/OU ADMINISTRATIVOS DE 501 ATE 3000M2,CONSIDERANDO O PROJETO BASICOEXISTENTE,APRESENTADO NOS PADROES DA CONTRATANTE,CONSTANDODE PLANTAS DE FORMA,ARMACAO E DETALHES","M2",42.76,null,"01.050.0553-A","PROJETO EXECUTIVO ESTRUTURAL PARA PREDIOS ESCOLARES E/OU ADMINISTRATIVOS DE 501 ATE 3000M2,CONSIDERANDO O PROJETO BASICOEXISTENTE,APRESENTADO NOS PADROES DA CONTRATANTE,CONSTANDODE PLANTAS DE FORMA,ARMACAO E DETALHES","M2",39.909999999999997]
["01.050.0554-0","PROJETO EXECUTIVO ESTRUTURAL PARA PREDIOS ESCOLARES E/OU ADMINISTRATIVOS ACIMA DE 3000M2,CONSIDERANDO O PROJETO BASICO EXISTENTE,APRESENTADO NOS PADROES DA CONTRATANTE,CONSTANDO DEPLANTAS DE FORMA,ARMACAO E DETALHES","M2",35.979999999999997,null,"01.050.0554-A","PROJETO EXECUTIVO ESTRUTURAL PARA PREDIOS ESCOLARES E/OU ADMINISTRATIVOS ACIMA DE 3000M2,CONSIDERANDO O PROJETO BASICO EXISTENTE,APRESENTADO NOS PADROES DA CONTRATANTE,CONSTANDO DEPLANTAS DE FORMA,ARMACAO E DETALHES","M2",33.58]
["01.050.0560-0","PROJETO BASICO DE INSTALACAO DE SEGURANCA (CFTV E SONORIZACAO),ATE 500M2,APRESENTADO NOS PADROES DA CONTRATANTE,INCLUSIVE AS LEGALIZACOES PERTINENTES","M2",3.48,null,"01.050.0560-A","PROJETO BASICO DE INSTALACAO DE SEGURANCA (CFTV E SONORIZACAO),ATE 500M2,APRESENTADO NOS PADROES DA CONTRATANTE,INCLUSIVE AS LEGALIZACOES PERTINENTES","M2",3.25]
["01.050.0561-0","PROJETO BASICO DE INSTALACAO DE SEGURANCA (CFTV E SONORIZACAO),DE 501 ATE 3000M2,APRESENTADO NOS PADROES DA CONTRATANTE,INCLUSIVE AS LEGALIZACOES PERTINENTES","M2",2.42,null,"01.050.0561-A","PROJETO BASICO DE INSTALACAO DE SEGURANCA (CFTV E SONORIZACAO),DE 501 ATE 3000M2,APRESENTADO NOS PADROES DA CONTRATANTE,INCLUSIVE AS LEGALIZACOES PERTINENTES","M2",2.2599999999999998]
["01.050.0562-0","PROJETO BASICO DE INSTALACAO DE SEGURANCA (CFTV E SONORIZACAO),ACIMA DE 3000M2,APRESENTADO NOS PADROES DA CONTRATANTE,INCLUSIVE AS LEGALIZACOES PERTINENTES","M2",1.42,null,"01.050.0562-A","PROJETO BASICO DE INSTALACAO DE SEGURANCA (CFTV E SONORIZACAO),ACIMA DE 3000M2,APRESENTADO NOS PADROES DA CONTRATANTE,INCLUSIVE AS LEGALIZACOES PERTINENTES","M2",1.33]
["01.050.0563-0","PROJETO EXECUTIVO DE INSTALACAO DE SEGURANCA(CFTV E SONORIZACAO),CONSIDERANDO PROJETO BASICO EXISTENTE,ATE 500M2,APRESENTADO NOS PADROES DA CONTRATANTE,INCLUSIVE AS LEGALIZACOES PERTINENTES","M2",3.48,null,"01.050.0563-A","PROJETO EXECUTIVO DE INSTALACAO DE SEGURANCA(CFTV E SONORIZACAO),CONSIDERANDO PROJETO BASICO EXISTENTE,ATE 500M2,APRESENTADO NOS PADROES DA CONTRATANTE,INCLUSIVE AS LEGALIZACOES PERTINENTES","M2",3.25]
["01.050.0564-0","PROJETO EXECUTIVO DE INSTALACAO DE SEGURANCA(CFTV E SONORIZACAO),CONSIDERANDO PROJETO BASICO EXISTENTE,DE 501 ATE 3000M2,APRESENTADO NOS PADROES DA CONTRATANTE,INCLUSIVE AS LEGALIZACOES PERTINENTES","M2",2.42,null,"01.050.0564-A","PROJETO EXECUTIVO DE INSTALACAO DE SEGURANCA(CFTV E SONORIZACAO),CONSIDERANDO PROJETO BASICO EXISTENTE,DE 501 ATE 3000M2,APRESENTADO NOS PADROES DA CONTRATANTE,INCLUSIVE AS LEGALIZACOES PERTINENTES","M2",2.2599999999999998]
["01.050.0565-0","PROJETO EXECUTIVO DE INSTALACAO DE SEGURANCA(CFTV E SONORIZACAO),CONSIDERANDO PROJETO BASICO EXISTENTE,ACIMA DE 3000M2,APRESENTADO NOS PADROES DA CONTRATANTE,INCLUSIVE AS LEGALIZACOES PERTINENTES","M2",1.42,null,"01.050.0565-A","PROJETO EXECUTIVO DE INSTALACAO DE SEGURANCA(CFTV E SONORIZACAO),CONSIDERANDO PROJETO BASICO EXISTENTE,ACIMA DE 3000M2,APRESENTADO NOS PADROES DA CONTRATANTE,INCLUSIVE AS LEGALIZACOES PERTINENTES","M2",1.33]
["01.050.0570-0","PROJETO BASICO DE SISTEMA CENTRAL DE GASES MEDICINAIS (OXIGENIO,AR COMPRIMIDO E VACUO),APRESENTADO NOS PADROES DA CONTRATANTE,COM AREA ATE 1000M2","M2",1.1200000000000001,null,"01.050.0570-A","PROJETO BASICO DE SISTEMA CENTRAL DE GASES MEDICINAIS (OXIGENIO,AR COMPRIMIDO E VACUO),APRESENTADO NOS PADROES DA CONTRATANTE,COM AREA ATE 1000M2","M2",1.05]
["01.050.0571-0","PROJETO BASICO DE SISTEMA CENTRAL DE GASES MEDICINAIS (OXIGENIO,AR COMPRIMIDO E VACUO),APRESENTADO NOS PADROES DA CONTRATANTE,COM AREA DE 1001 ATE 4000M2","M2",0.83,null,"01.050.0571-A","PROJETO BASICO DE SISTEMA CENTRAL DE GASES MEDICINAIS (OXIGENIO,AR COMPRIMIDO E VACUO),APRESENTADO NOS PADROES DA CONTRATANTE,COM AREA DE 1001 ATE 4000M2","M2",0.77]
["01.050.0572-0","PROJETO BASICO DE SISTEMA CENTRAL DE GASES MEDICINAIS (OXIGENIO,AR COMPRIMIDO E VACUO),APRESENTADO NOS PADROES DA CONTRATANTE,COM AREA ACIMA DE 4000M2","M2",0.53,null,"01.050.0572-A","PROJETO BASICO DE SISTEMA CENTRAL DE GASES MEDICINAIS (OXIGENIO,AR COMPRIMIDO E VACUO),APRESENTADO NOS PADROES DA CONTRATANTE,COM AREA ACIMA DE 4000M2","M2",0.49]
["01.050.0575-0","PROJETO EXECUTIVO DE SISTEMA CENTRAL DE GASES MEDICINAIS (OXIGENIO,AR COMPRIMIDO E VACUO),CONSIDERANDO O PROJETO BASICOEXISTENTE,APRESENTADO NOS PADROES DA CONTRATANTE,COM AREA ATE 1000M2","M2",1.1200000000000001,null,"01.050.0575-A","PROJETO EXECUTIVO DE SISTEMA CENTRAL DE GASES MEDICINAIS (OXIGENIO,AR COMPRIMIDO E VACUO),CONSIDERANDO O PROJETO BASICOEXISTENTE,APRESENTADO NOS PADROES DA CONTRATANTE,COM AREA ATE 1000M2","M2",1.05]
["01.050.0576-0","PROJETO EXECUTIVO DE SISTEMA CENTRAL DE GASES MEDICINAIS (OXIGENIO,AR COMPRIMIDO E VACUO),CONSIDERANDO O PROJETO BASICOEXISTENTE,APRESENTADO NOS PADROES DA CONTRATANTE,COM AREA DE1001 ATE 4000M2","M2",0.83,null,"01.050.0576-A","PROJETO EXECUTIVO DE SISTEMA CENTRAL DE GASES MEDICINAIS (OXIGENIO,AR COMPRIMIDO E VACUO),CONSIDERANDO O PROJETO BASICOEXISTENTE,APRESENTADO NOS PADROES DA CONTRATANTE,COM AREA DE1001 ATE 4000M2","M2",0.77]
["01.050.0577-0","PROJETO EXECUTIVO DE SISTEMA CENTRAL DE GASES MEDICINAIS (OXIGENIO,AR COMPRIMIDO E VACUO),CONSIDERANDO O PROJETO BASICOEXISTENTE,APRESENTADO NOS PADROES DA CONTRATANTE,COM AREA ACIMA DE 4000M2","M2",0.53,null,"01.050.0577-A","PROJETO EXECUTIVO DE SISTEMA CENTRAL DE GASES MEDICINAIS (OXIGENIO,AR COMPRIMIDO E VACUO),CONSIDERANDO O PROJETO BASICOEXISTENTE,APRESENTADO NOS PADROES DA CONTRATANTE,COM AREA ACIMA DE 4000M2","M2",0.49]
["01.050.0580-0","PROJETO BASICO PARA SISTEMA DE EXAUSTAO MECANICA DE COZINHA,APRESENTADO NOS PADROES DA CONTRATANTE,COM AREA ATE 50M2","UN",1543.36,null,"01.050.0580-A","PROJETO BASICO PARA SISTEMA DE EXAUSTAO MECANICA DE COZINHA,APRESENTADO NOS PADROES DA CONTRATANTE,COM AREA ATE 50M2","UN",1440.37]
["01.050.0581-0","PROJETO BASICO PARA SISTEMA DE EXAUSTAO MECANICA DE COZINHA,APRESENTADO NOS PADROES DA CONTRATANTE,COM AREA DE 51 ATE 100M2","UN",2057.81,null,"01.050.0581-A","PROJETO BASICO PARA SISTEMA DE EXAUSTAO MECANICA DE COZINHA,APRESENTADO NOS PADROES DA CONTRATANTE,COM AREA DE 51 ATE 100M2","UN",1920.5]
["01.050.0582-0","PROJETO BASICO PARA SISTEMA DE EXAUSTAO MECANICA DE COZINHA,APRESENTADO NOS PADROES DA CONTRATANTE,COM AREA ACIMA DE 100M2","UN",2572.27,null,"01.050.0582-A","PROJETO BASICO PARA SISTEMA DE EXAUSTAO MECANICA DE COZINHA,APRESENTADO NOS PADROES DA CONTRATANTE,COM AREA ACIMA DE 100M2","UN",2400.62]
["01.050.0586-0","PROJETO EXECUTIVO PARA SISTEMA DE EXAUSTAO MECANICA DE COZINHA,CONSIDERANDO O PROJETO BASICO EXISTENTE,APRESENTADO NOS PADROES DA CONTRATANTE,COM AREA ATE 50M2","UN",1543.36,null,"01.050.0586-A","PROJETO EXECUTIVO PARA SISTEMA DE EXAUSTAO MECANICA DE COZINHA,CONSIDERANDO O PROJETO BASICO EXISTENTE,APRESENTADO NOS PADROES DA CONTRATANTE,COM AREA ATE 50M2","UN",1440.37]
["01.050.0587-0","PROJETO EXECUTIVO PARA SISTEMA DE EXAUSTAO MECANICA DE COZINHA,CONSIDERANDO O PROJETO BASICO EXISTENTE,APRESENTADO NOS PADROES DA CONTRATANTE,COM AREA DE 51 ATE 100M2","UN",2057.81,null,"01.050.0587-A","PROJETO EXECUTIVO PARA SISTEMA DE EXAUSTAO MECANICA DE COZINHA,CONSIDERANDO O PROJETO BASICO EXISTENTE,APRESENTADO NOS PADROES DA CONTRATANTE,COM AREA DE 51 ATE 100M2","UN",1920.5]
["01.050.0588-0","PROJETO EXECUTIVO PARA SISTEMA DE EXAUSTAO MECANICA DE COZINHA,CONSIDERANDO O PROJETO BASICO EXISTENTE,APRESENTADO NOS PADROES DA CONTRATANTE,COM AREA ACIMA DE 100M2","UN",2572.27,null,"01.050.0588-A","PROJETO EXECUTIVO PARA SISTEMA DE EXAUSTAO MECANICA DE COZINHA,CONSIDERANDO O PROJETO BASICO EXISTENTE,APRESENTADO NOS PADROES DA CONTRATANTE,COM AREA ACIMA DE 100M2","UN",2400.62]
["01.050.0700-0","MAO-DE-OBRA DE BIOLOGO JUNIOR,PARA SERVICOS DE CONSULTORIA DE ENGENHARIA E ARQUITETURA,INCLUSIVE ENCARGOS SOCIAIS","MES",17839.36,null,"01.050.0700-A","MAO-DE-OBRA DE BIOLOGO JUNIOR,PARA SERVICOS DE CONSULTORIA DE ENGENHARIA E ARQUITETURA,INCLUSIVE ENCARGOS SOCIAIS","MES",16649.599999999999]
["01.050.0701-0","MAO-DE-OBRA DE BIOLOGO PLENO,PARA SERVICOS DE CONSULTORIA DEENGENHARIA E ARQUITETURA,INCLUSIVE ENCARGOS SOCIAIS","MES",26290.880000000001,null,"01.050.0701-A","MAO-DE-OBRA DE BIOLOGO PLENO,PARA SERVICOS DE CONSULTORIA DEENGENHARIA E ARQUITETURA,INCLUSIVE ENCARGOS SOCIAIS","MES",24536.16]
["01.050.0702-0","MAO-DE-OBRA DE BIOLOGO SENIOR,PARA SERVICOS DE CONSULTORIA DE ENGENHARIA E ARQUITETURA,INCLUSIVE ENCARGOS SOCIAIS","MES",37558.400000000001,null,"01.050.0702-A","MAO-DE-OBRA DE BIOLOGO SENIOR,PARA SERVICOS DE CONSULTORIA DE ENGENHARIA E ARQUITETURA,INCLUSIVE ENCARGOS SOCIAIS","MES",35052.160000000003]
["01.050.0703-0","MAO-DE-OBRA DE AGRONOMO JUNIOR,PARA SERVICOS DE CONSULTORIADE ENGENHARIA E ARQUITETURA,INCLUSIVE ENCARGOS SOCIAIS","MES",25486.560000000001,null,"01.050.0703-A","MAO-DE-OBRA DE AGRONOMO JUNIOR,PARA SERVICOS DE CONSULTORIADE ENGENHARIA E ARQUITETURA,INCLUSIVE ENCARGOS SOCIAIS","MES",23784.639999999999]
["01.050.0704-0","MAO-DE-OBRA DE AGRONOMO PLENO,PARA SERVICOS DE CONSULTORIA DE ENGENHARIA E ARQUITETURA,INCLUSIVE ENCARGOS SOCIAIS","MES",37558.400000000001,null,"01.050.0704-A","MAO-DE-OBRA DE AGRONOMO PLENO,PARA SERVICOS DE CONSULTORIA DE ENGENHARIA E ARQUITETURA,INCLUSIVE ENCARGOS SOCIAIS","MES",35052.160000000003]
["01.050.0705-0","MAO-DE-OBRA DE AGRONOMO SENIOR,PARA SERVICOS DE CONSULTORIADE ENGENHARIA E ARQUITETURA,INCLUSIVE ENCARGOS SOCIAIS","MES",53655.360000000001,null,"01.050.0705-A","MAO-DE-OBRA DE AGRONOMO SENIOR,PARA SERVICOS DE CONSULTORIADE ENGENHARIA E ARQUITETURA,INCLUSIVE ENCARGOS SOCIAIS","MES",50073.760000000002]
["01.050.0706-0","MAO-DE-OBRA DE GEOLOGO JUNIOR,PARA SERVICOS DE CONSULTORIA DE ENGENHARIA E ARQUITETURA,INCLUSIVE ENCARGOS SOCIAIS","MES",17839.36,null,"01.050.0706-A","MAO-DE-OBRA DE GEOLOGO JUNIOR,PARA SERVICOS DE CONSULTORIA DE ENGENHARIA E ARQUITETURA,INCLUSIVE ENCARGOS SOCIAIS","MES",16649.599999999999]
["01.050.0707-0","MAO-DE-OBRA DE GEOLOGO PLENO,PARA SERVICOS DE CONSULTORIA DEENGENHARIA E ARQUITETURA,INCLUSIVE ENCARGOS SOCIAIS","MES",26290.880000000001,null,"01.050.0707-A","MAO-DE-OBRA DE GEOLOGO PLENO,PARA SERVICOS DE CONSULTORIA DEENGENHARIA E ARQUITETURA,INCLUSIVE ENCARGOS SOCIAIS","MES",24536.16]
["01.050.0708-0","MAO-DE-OBRA DE GEOLOGO SENIOR,PARA SERVICOS DE CONSULTORIA DE ENGENHARIA E ARQUITETURA,INCLUSIVE ENCARGOS SOCIAIS","MES",37558.400000000001,null,"01.050.0708-A","MAO-DE-OBRA DE GEOLOGO SENIOR,PARA SERVICOS DE CONSULTORIA DE ENGENHARIA E ARQUITETURA,INCLUSIVE ENCARGOS SOCIAIS","MES",35052.160000000003]
["01.050.0710-0","MAO-DE-OBRA DE TECNICO ESPECIALIZADO,PARA SERVICOS DE CONSULTORIA DE ENGENHARIA E ARQUITETURA,INCLUSIVE ENCARGOS SOCIAIS","MES",11978.56,null,"01.050.0710-A","MAO-DE-OBRA DE TECNICO ESPECIALIZADO,PARA SERVICOS DE CONSULTORIA DE ENGENHARIA E ARQUITETURA,INCLUSIVE ENCARGOS SOCIAIS","MES",11179.52]
["01.050.0711-0","MAO-DE-OBRA DE AUXILIAR TECNICO,PARA SERVICOS DE CONSULTORIADE ENGENHARIA E ARQUITETURA,INCLUSIVE ENCARGOS SOCIAIS","MES",5607.36,null,"01.050.0711-A","MAO-DE-OBRA DE AUXILIAR TECNICO,PARA SERVICOS DE CONSULTORIADE ENGENHARIA E ARQUITETURA,INCLUSIVE ENCARGOS SOCIAIS","MES",5232.4799999999996]
["01.050.0712-0","MAO-DE-OBRA DE SECRETARIA,PARA SERVICOS DE CONSULTORIA DE ENGENHARIA E ARQUITETURA,INCLUSIVE ENCARGOS SOCIAIS","MES",8664.48,null,"01.050.0712-A","MAO-DE-OBRA DE SECRETARIA,PARA SERVICOS DE CONSULTORIA DE ENGENHARIA E ARQUITETURA,INCLUSIVE ENCARGOS SOCIAIS","MES",8087.2]
["01.050.0713-0","MAO-DE-OBRA DE ARQUITETO OU ENGENHEIRO COORDENADOR,PARA SERVICOS DE CONSULTORIA DE ENGENHARIA E ARQUITETURA,INCLUSIVE ENCARGOS SOCIAIS","MES",61702.080000000002,null,"01.050.0713-A","MAO-DE-OBRA DE ARQUITETO OU ENGENHEIRO COORDENADOR,PARA SERVICOS DE CONSULTORIA DE ENGENHARIA E ARQUITETURA,INCLUSIVE ENCARGOS SOCIAIS","MES",57585.440000000002]
["01.050.0714-0","MAO-DE-OBRA DE ARQUITETO OU ENGENHEIRO JUNIOR,PARA SERVICOSDE CONSULTORIA DE ENGENHARIA E ARQUITETURA,INCLUSIVE ENCARGOS SOCIAIS","MES",25486.560000000001,null,"01.050.0714-A","MAO-DE-OBRA DE ARQUITETO OU ENGENHEIRO JUNIOR,PARA SERVICOSDE CONSULTORIA DE ENGENHARIA E ARQUITETURA,INCLUSIVE ENCARGOS SOCIAIS","MES",23784.639999999999]
["01.050.0715-0","MAO-DE-OBRA DE ARQUITETO OU ENGENHEIRO PLENO,PARA SERVICOS DE CONSULTORIA DE ENGENHARIA E ARQUITETURA,INCLUSIVE ENCARGOSSOCIAIS","MES",37558.400000000001,null,"01.050.0715-A","MAO-DE-OBRA DE ARQUITETO OU ENGENHEIRO PLENO,PARA SERVICOS DE CONSULTORIA DE ENGENHARIA E ARQUITETURA,INCLUSIVE ENCARGOSSOCIAIS","MES",35052.160000000003]
["01.050.0716-0","MAO-DE-OBRA DE ARQUITETO OU ENGENHEIRO SENIOR,PARA SERVICOSDE CONSULTORIA DE ENGENHARIA E ARQUITETURA,INCLUSIVE ENCARGOS SOCIAIS","MES",53655.360000000001,null,"01.050.0716-A","MAO-DE-OBRA DE ARQUITETO OU ENGENHEIRO SENIOR,PARA SERVICOSDE CONSULTORIA DE ENGENHARIA E ARQUITETURA,INCLUSIVE ENCARGOS SOCIAIS","MES",50073.760000000002]
["01.050.0717-0","MAO-DE-OBRA DE DESENHISTA CADISTA JUNIOR,PARA SERVICOS DE CONSULTORIA DE ENGENHARIA E ARQUITETURA,INCLUSIVE ENCARGOS SOCIAIS","MES",6957.28,null,"01.050.0717-A","MAO-DE-OBRA DE DESENHISTA CADISTA JUNIOR,PARA SERVICOS DE CONSULTORIA DE ENGENHARIA E ARQUITETURA,INCLUSIVE ENCARGOS SOCIAIS","MES",6492.64]
["01.050.0718-0","MAO-DE-OBRA DE DESENHISTA CADISTA PLENO,PARA SERVICOS DE CONSULTORIA DE ENGENHARIA E ARQUITETURA,INCLUSIVE ENCARGOS SOCIAIS","MES",7951.68,null,"01.050.0718-A","MAO-DE-OBRA DE DESENHISTA CADISTA PLENO,PARA SERVICOS DE CONSULTORIA DE ENGENHARIA E ARQUITETURA,INCLUSIVE ENCARGOS SOCIAIS","MES",7421.92]
["01.050.0719-0","MAO-DE-OBRA DE DESENHISTA CADISTA SENIOR,PARA SERVICOS DE CONSULTORIA DE ENGENHARIA E ARQUITETURA,INCLUSIVE ENCARGOS SOCIAIS","MES",9938.7199999999993,null,"01.050.0719-A","MAO-DE-OBRA DE DESENHISTA CADISTA SENIOR,PARA SERVICOS DE CONSULTORIA DE ENGENHARIA E ARQUITETURA,INCLUSIVE ENCARGOS SOCIAIS","MES",9276.9599999999991]
["01.050.0720-0","MAO-DE-OBRA DE PROJETISTA CADISTA JUNIOR,PARA SERVICOS DE CONSULTORIA DE ENGENHARIA E ARQUITETURA,INCLUSIVE ENCARGOS SOCIAIS","MES",11596.64,null,"01.050.0720-A","MAO-DE-OBRA DE PROJETISTA CADISTA JUNIOR,PARA SERVICOS DE CONSULTORIA DE ENGENHARIA E ARQUITETURA,INCLUSIVE ENCARGOS SOCIAIS","MES",10822.24]
["01.050.0721-0","MAO-DE-OBRA DE PROJETISTA CADISTA PLENO,PARA SERVICOS DE CONSULTORIA DE ENGENHARIA E ARQUITETURA,INCLUSIVE ENCARGOS SOCIAIS","MES",13252.8,null,"01.050.0721-A","MAO-DE-OBRA DE PROJETISTA CADISTA PLENO,PARA SERVICOS DE CONSULTORIA DE ENGENHARIA E ARQUITETURA,INCLUSIVE ENCARGOS SOCIAIS","MES",12369.28]
["01.050.0722-0","MAO-DE-OBRA DE PROJETISTA CADISTA SENIOR,PARA SERVICOS DE CONSULTORIA DE ENGENHARIA E ARQUITETURA,INCLUSIVE ENCARGOS SOCIAIS","MES",16565.12,null,"01.050.0722-A","MAO-DE-OBRA DE PROJETISTA CADISTA SENIOR,PARA SERVICOS DE CONSULTORIA DE ENGENHARIA E ARQUITETURA,INCLUSIVE ENCARGOS SOCIAIS","MES",15459.84]
["01.050.0723-0","MAO-DE-OBRA DE CONSULTOR,PARA SERVICOS DE CONSULTORIA DE ENGENHARIA E ARQUITETURA,EXCLUSIVE ENCARGOS SOCIAIS","MES",40986,null,"01.050.0723-A","MAO-DE-OBRA DE CONSULTOR,PARA SERVICOS DE CONSULTORIA DE ENGENHARIA E ARQUITETURA,EXCLUSIVE ENCARGOS SOCIAIS","MES",40986]
["01.050.0724-0","MAO-DE-OBRA DE CONSULTOR,PARA SERVICOS DE CONSULTORIA DE ENGENHARIA E ARQUITETURA,INCLUSIVE ENCARGOS SOCIAIS","MES",72434.559999999998,null,"01.050.0724-A","MAO-DE-OBRA DE CONSULTOR,PARA SERVICOS DE CONSULTORIA DE ENGENHARIA E ARQUITETURA,INCLUSIVE ENCARGOS SOCIAIS","MES",67599.839999999997]
["01.050.0726-0","MAO-DE-OBRA DE PROGRAMADOR DE INFORMATICA JUNIOR,PARA SERVICOS DE CONSULTORIA DE ENGENHARIA E ARQUITETURA,INCLUSIVE ENCARGOS SOCIAIS","MES",10449.120000000001,null,"01.050.0726-A","MAO-DE-OBRA DE PROGRAMADOR DE INFORMATICA JUNIOR,PARA SERVICOS DE CONSULTORIA DE ENGENHARIA E ARQUITETURA,INCLUSIVE ENCARGOS SOCIAIS","MES",9752.16]
["01.050.0727-0","MAO-DE-OBRA DE PROGRAMADOR DE INFORMATICA PLENO,PARA SERVICOS DE CONSULTORIA DE ENGENHARIA E ARQUITETURA,INCLUSIVE ENCARGOS SOCIAIS","MES",11978.56,null,"01.050.0727-A","MAO-DE-OBRA DE PROGRAMADOR DE INFORMATICA PLENO,PARA SERVICOS DE CONSULTORIA DE ENGENHARIA E ARQUITETURA,INCLUSIVE ENCARGOS SOCIAIS","MES",11179.52]
["01.050.0728-0","MAO-DE-OBRA DE PROGRAMADOR DE INFORMATICA SENIOR,PARA SERVICOS DE CONSULTORIA DE ENGENHARIA E ARQUITETURA,INCLUSIVE ENCARGOS SOCIAIS","MES",15037.44,null,"01.050.0728-A","MAO-DE-OBRA DE PROGRAMADOR DE INFORMATICA SENIOR,PARA SERVICOS DE CONSULTORIA DE ENGENHARIA E ARQUITETURA,INCLUSIVE ENCARGOS SOCIAIS","MES",14034.24]
["01.050.0729-0","MAO-DE-OBRA DE ANALISTA DE SISTEMA JUNIOR,PARA SERVICOS DE CONSULTORIA DE ENGENHARIA E ARQUITETURA,INCLUSIVE ENCARGOS SOCIAIS","MES",14271.84,null,"01.050.0729-A","MAO-DE-OBRA DE ANALISTA DE SISTEMA JUNIOR,PARA SERVICOS DE CONSULTORIA DE ENGENHARIA E ARQUITETURA,INCLUSIVE ENCARGOS SOCIAIS","MES",13319.68]
["01.050.0730-0","MAO-DE-OBRA DE ANALISTA DE SISTEMA PLENO,PARA SERVICOS DE CONSULTORIA DE ENGENHARIA E ARQUITETURA,INCLUSIVE ENCARGOS SOCIAIS","MES",16311.68,null,"01.050.0730-A","MAO-DE-OBRA DE ANALISTA DE SISTEMA PLENO,PARA SERVICOS DE CONSULTORIA DE ENGENHARIA E ARQUITETURA,INCLUSIVE ENCARGOS SOCIAIS","MES",15222.24]
["01.050.0731-0","MAO-DE-OBRA DE ANALISTA DE SISTEMA SENIOR,PARA SERVICOS DE CONSULTORIA DE ENGENHARIA E ARQUITETURA,INCLUSIVE ENCARGOS SOCIAIS","MES",20389.599999999999,null,"01.050.0731-A","MAO-DE-OBRA DE ANALISTA DE SISTEMA SENIOR,PARA SERVICOS DE CONSULTORIA DE ENGENHARIA E ARQUITETURA,INCLUSIVE ENCARGOS SOCIAIS","MES",19029.12]
["01.050.0732-0","MAO-DE-OBRA DE DIGITADOR,PARA SERVICOS DE CONSULTORIA DE ENGENHARIA E ARQUITETURA,INCLUSIVE ENCARGOS SOCIAIS","MES",4748.4799999999996,null,"01.050.0732-A","MAO-DE-OBRA DE DIGITADOR,PARA SERVICOS DE CONSULTORIA DE ENGENHARIA E ARQUITETURA,INCLUSIVE ENCARGOS SOCIAIS","MES",4431.68]
["01.050.0735-0","MAO-DE-OBRA DE ADVOGADO,PARA SERVICOS DE CONSULTORIA DE ENGENHARIA E ARQUITETURA,EXCLUSIVE ENCARGOS SOCIAIS","MES",12258.4,null,"01.050.0735-A","MAO-DE-OBRA DE ADVOGADO,PARA SERVICOS DE CONSULTORIA DE ENGENHARIA E ARQUITETURA,EXCLUSIVE ENCARGOS SOCIAIS","MES",12258.4]
["01.050.0736-0","MAO-DE-OBRA DE ADVOGADO,PARA SERVICOS DE CONSULTORIA DE ENGENHARIA E ARQUITETURA,INCLUSIVE ENCARGOS SOCIAIS","MES",21663.84,null,"01.050.0736-A","MAO-DE-OBRA DE ADVOGADO,PARA SERVICOS DE CONSULTORIA DE ENGENHARIA E ARQUITETURA,INCLUSIVE ENCARGOS SOCIAIS","MES",20217.12]
["01.050.0740-0","MAO-DE-OBRA DE ENGENHEIRO SANITARISTA,PARA SERVICOS DE CONSULTORIA DE ENGENHARIA E ARQUITETURA,EXCLUSIVE ENCARGOS SOCIAIS","MES",21252,null,"01.050.0740-A","MAO-DE-OBRA DE ENGENHEIRO SANITARISTA,PARA SERVICOS DE CONSULTORIA DE ENGENHARIA E ARQUITETURA,EXCLUSIVE ENCARGOS SOCIAIS","MES",21252]
["01.050.0741-0","MAO-DE-OBRA DE ENGENHEIRO SANITARISTA,PARA SERVICOS DE CONSULTORIA DE ENGENHARIA E ARQUITETURA,INCLUSIVE ENCARGOS SOCIAIS","MES",37558.400000000001,null,"01.050.0741-A","MAO-DE-OBRA DE ENGENHEIRO SANITARISTA,PARA SERVICOS DE CONSULTORIA DE ENGENHARIA E ARQUITETURA,INCLUSIVE ENCARGOS SOCIAIS","MES",35052.160000000003]
["01.050.0750-0","MAO-DE-OBRA DE ANALISTA AMBIENTAL,PARA SERVICOS DE CONSULTORIA DE ENGENHARIA E ARQUITETURA,EXCLUSIVE ENCARGOS SOCIAIS","MES",12980,null,"01.050.0750-A","MAO-DE-OBRA DE ANALISTA AMBIENTAL,PARA SERVICOS DE CONSULTORIA DE ENGENHARIA E ARQUITETURA,EXCLUSIVE ENCARGOS SOCIAIS","MES",12980]
["01.050.0751-0","MAO-DE-OBRA DE ANALISTA AMBIENTAL,PARA SERVICOS DE CONSULTORIA DE ENGENHARIA E ARQUITETURA,INCLUSIVE ENCARGOS SOCIAIS","MES",22938.080000000002,null,"01.050.0751-A","MAO-DE-OBRA DE ANALISTA AMBIENTAL,PARA SERVICOS DE CONSULTORIA DE ENGENHARIA E ARQUITETURA,INCLUSIVE ENCARGOS SOCIAIS","MES",21406.880000000001]
["01.050.0800-0","PROJETO DE AS BUILT DE ARQUITETURA PARA PREDIOS HOSPITALARESATE 1000M2,APRESENTADO NOS PADROES DA CONTRATANTE,INCLUSIVECOORDENACAO E COMPATIBILIZACAO COM OS PROJETOS COMPLEMENTARES.","M2",25.31,null,"01.050.0800-A","PROJETO DE AS BUILT DE ARQUITETURA PARA PREDIOS HOSPITALARESATE 1000M2,APRESENTADO NOS PADROES DA CONTRATANTE,INCLUSIVECOORDENACAO E COMPATIBILIZACAO COM OS PROJETOS COMPLEMENTARES.","M2",23.62]
["01.050.0801-0","PROJETO DE AS BUILT DE ARQUITETURA PARA PREDIOS HOSPITALARESDE 1001 ATE 4000M2,APRESENTADO NOS PADROES DA CONTRATANTE,INCLUSIVE COORDENACAO E COMPATIBILIZACAO COM OS PROJETOS COMPLEMENTARES.","M2",23.12,null,"01.050.0801-A","PROJETO DE AS BUILT DE ARQUITETURA PARA PREDIOS HOSPITALARESDE 1001 ATE 4000M2,APRESENTADO NOS PADROES DA CONTRATANTE,INCLUSIVE COORDENACAO E COMPATIBILIZACAO COM OS PROJETOS COMPLEMENTARES.","M2",21.57]
["01.050.0802-0","PROJETO DE AS BUILT DE ARQUITETURA PARA PREDIOS HOSPITALARESACIMA DE 4000M2,APRESENTADO NOS PADROES DA CONTRATANTE,INCLUSIVE COORDENACAO E COMPATIBILIZACAO COM OS PROJETOS COMPLEMENTARES","M2",21.81,null,"01.050.0802-A","PROJETO DE AS BUILT DE ARQUITETURA PARA PREDIOS HOSPITALARESACIMA DE 4000M2,APRESENTADO NOS PADROES DA CONTRATANTE,INCLUSIVE COORDENACAO E COMPATIBILIZACAO COM OS PROJETOS COMPLEMENTARES","M2",20.350000000000001]
["01.050.0805-0","PROJETO DE AS BUILT DE ARQUITETURA PARA PREDIOS CULTURAIS ATE 500M2,APRESENTADO NOS PADROES DA CONTRATANTE,INCLUSIVE COORDENACAO E COMPATIBILIZACAO COM OS PROJETOS COMPLEMENTARES","M2",19.95,null,"01.050.0805-A","PROJETO DE AS BUILT DE ARQUITETURA PARA PREDIOS CULTURAIS ATE 500M2,APRESENTADO NOS PADROES DA CONTRATANTE,INCLUSIVE COORDENACAO E COMPATIBILIZACAO COM OS PROJETOS COMPLEMENTARES","M2",18.61]
["01.050.0806-0","PROJETO AS BUILT DE ARQUITETURA PARA PREDIOS CULTURAIS DE 501 ATE 3000M2,APRESENTADO NOS PADROES DA CONTRATANTE,INCLUSIVE COORDENACAO E COMPATIBILIZACAO COM OS PROJETOS COMPLEMENTARES","M2",17.739999999999998,null,"01.050.0806-A","PROJETO AS BUILT DE ARQUITETURA PARA PREDIOS CULTURAIS DE 501 ATE 3000M2,APRESENTADO NOS PADROES DA CONTRATANTE,INCLUSIVE COORDENACAO E COMPATIBILIZACAO COM OS PROJETOS COMPLEMENTARES","M2",16.55]
["01.050.0807-0","PROJETO DE AS BUILT DE ARQUITETURA PARA PREDIOS CULTURAIS ACIMA DE 3000M2,APRESENTADO NOS PADROES DA CONTRATANTE,INCLUSIVE COORDENACAO E COMPATIBILIZACAO COM OS PROJETOS COMPLEMENTARES","M2",14.04,null,"01.050.0807-A","PROJETO DE AS BUILT DE ARQUITETURA PARA PREDIOS CULTURAIS ACIMA DE 3000M2,APRESENTADO NOS PADROES DA CONTRATANTE,INCLUSIVE COORDENACAO E COMPATIBILIZACAO COM OS PROJETOS COMPLEMENTARES","M2",13.1]
["01.050.0810-0","PROJETO DE AS BUILT DE ARQUITETURA PARA PREDIOS ESCOLARES E/OU ADMINISTRATIVOS ATE 500M2,APRESENTADO NOS PADROES DA CONTRATANTE,INCLUSIVE COORDENACAO E COMPATIBILIZACAO COM OS PROJETOS COMPLEMENTARES","M2",14.39,null,"01.050.0810-A","PROJETO DE AS BUILT DE ARQUITETURA PARA PREDIOS ESCOLARES E/OU ADMINISTRATIVOS ATE 500M2,APRESENTADO NOS PADROES DA CONTRATANTE,INCLUSIVE COORDENACAO E COMPATIBILIZACAO COM OS PROJETOS COMPLEMENTARES","M2",13.43]
["01.050.0811-0","PROJETO DE AS BUILT DE ARQUITETURA PARA PREDIOS ESCOLARES E/OU ADMINISTRATIVOS DE 501 ATE 3000M2,APRESENTADO NOS PADROESDA CONTRATANTE,INCLUSIVE COORDENACAO E COMPATIBILIZACAO COMOS PROJETOS COMPLEMENTARES","M2",10.44,null,"01.050.0811-A","PROJETO DE AS BUILT DE ARQUITETURA PARA PREDIOS ESCOLARES E/OU ADMINISTRATIVOS DE 501 ATE 3000M2,APRESENTADO NOS PADROESDA CONTRATANTE,INCLUSIVE COORDENACAO E COMPATIBILIZACAO COMOS PROJETOS COMPLEMENTARES","M2",9.75]
["01.050.0812-0","PROJETO DE AS BUILT DE ARQUITETURA PARA PREDIOS ESCOLARES E/OU ADMINISTRATIVOS ACIMA DE 3000M2,APRESENTADO NOS PADROES DA CONTRATANTE,INCLUSIVE COORDENACAO E COMPATIBILIZACAO COM OS PROJETOS COMPLEMENTARES","M2",8.39,null,"01.050.0812-A","PROJETO DE AS BUILT DE ARQUITETURA PARA PREDIOS ESCOLARES E/OU ADMINISTRATIVOS ACIMA DE 3000M2,APRESENTADO NOS PADROES DA CONTRATANTE,INCLUSIVE COORDENACAO E COMPATIBILIZACAO COM OS PROJETOS COMPLEMENTARES","M2",7.83]
["01.050.0815-0","PROJETO DE AS BUILT DE ARQUITETURA PARA LOTEAMENTOS COM 3 UNIDADES UNIFAMILIARES OU BIFAMILIARES PARA AREAS ATE 12000M2,APRESENTADO NOS PADROES DA CONTRATANTE,INCLUSIVE COORDENACAOE COMPATIBILIZACAO COM OS PROJETOS COMPLEMENTARES","M2",3.97,null,"01.050.0815-A","PROJETO DE AS BUILT DE ARQUITETURA PARA LOTEAMENTOS COM 3 UNIDADES UNIFAMILIARES OU BIFAMILIARES PARA AREAS ATE 12000M2,APRESENTADO NOS PADROES DA CONTRATANTE,INCLUSIVE COORDENACAOE COMPATIBILIZACAO COM OS PROJETOS COMPLEMENTARES","M2",3.71]
["01.050.0816-0","PROJETO DE AS BUILT DE ARQUITETURA PARA LOTEAMENTO COM 3 UNIDADES UNIFAMILIARES OU BIFAMILIARES PARA AREAS DE 12001 ATE36000M2,APRESENTADO NOS PADROES DA CONTRATANTE,INCLUSIVE COORDENACAO E COMPATIBILIZACAO COM OS PROJETOS COMPLEMENTARES","M2",2.74,null,"01.050.0816-A","PROJETO DE AS BUILT DE ARQUITETURA PARA LOTEAMENTO COM 3 UNIDADES UNIFAMILIARES OU BIFAMILIARES PARA AREAS DE 12001 ATE36000M2,APRESENTADO NOS PADROES DA CONTRATANTE,INCLUSIVE COORDENACAO E COMPATIBILIZACAO COM OS PROJETOS COMPLEMENTARES","M2",2.56]
["01.050.0817-0","PROJETO DE AS BUILT DE ARQUITETURA PARA LOTEAMENTOS COM 3 UNIDADES UNIFAMILIARES OU BIFAMILIARES PARA AREAS ACIMA DE 36000M2,APRESENTADO NOS PADROES DA CONTRATANTE,INCLUSIVE COORDENACAO E COMPATIBILIZACAO COM OS PROJETOS COMPLEMENTARES","M2",2.74,null,"01.050.0817-A","PROJETO DE AS BUILT DE ARQUITETURA PARA LOTEAMENTOS COM 3 UNIDADES UNIFAMILIARES OU BIFAMILIARES PARA AREAS ACIMA DE 36000M2,APRESENTADO NOS PADROES DA CONTRATANTE,INCLUSIVE COORDENACAO E COMPATIBILIZACAO COM OS PROJETOS COMPLEMENTARES","M2",2.56]
["01.050.0820-0","PROJETO DE AS BUILT DE ARQUITETURA PARA HABITACAO/EDIFICIOSATE 6000M2,APRESENTADO NOS PADROES DA CONTRATANTE,INCLUSIVECOORDENACAO E COMPATIBILIZACAO COM OS PROJETOS COMPLEMENTARES","M2",13.49,null,"01.050.0820-A","PROJETO DE AS BUILT DE ARQUITETURA PARA HABITACAO/EDIFICIOSATE 6000M2,APRESENTADO NOS PADROES DA CONTRATANTE,INCLUSIVECOORDENACAO E COMPATIBILIZACAO COM OS PROJETOS COMPLEMENTARES","M2",12.59]
["01.050.0821-0","PROJETO DE AS BUILT DE ARQUITETURA PARA HABITACAO/EDIFICIOSDE 6001 ATE 12000M2,APRESENTADO NOS PADROES DA CONTRATANTE,INCLUSIVE COORDENACAO E COMPATIBILIZACAO COM OS PROJETOS COMPLEMENTARES","M2",9.34,null,"01.050.0821-A","PROJETO DE AS BUILT DE ARQUITETURA PARA HABITACAO/EDIFICIOSDE 6001 ATE 12000M2,APRESENTADO NOS PADROES DA CONTRATANTE,INCLUSIVE COORDENACAO E COMPATIBILIZACAO COM OS PROJETOS COMPLEMENTARES","M2",8.7200000000000006]
["01.050.0822-0","PROJETO DE AS BUILT DE ARQUITETURA PARA HABITACAO/EDIFICIOSACIMA DE 12000M2,APRESENTADO NOS PADROES DA CONTRATANTE,INCLUSIVE COORDENACAO E COMPATIBILIZACAO COM OS PROJETOS COMPLEMENTARES","M2",7.48,null,"01.050.0822-A","PROJETO DE AS BUILT DE ARQUITETURA PARA HABITACAO/EDIFICIOSACIMA DE 12000M2,APRESENTADO NOS PADROES DA CONTRATANTE,INCLUSIVE COORDENACAO E COMPATIBILIZACAO COM OS PROJETOS COMPLEMENTARES","M2",6.98]
["01.050.0825-0","PROJETO DE AS BUILT DE ESTRUTURA,PARA PREDIOS HOSPITALARESATE 1000M2,CONSTANDO DE PLANTAS DE FORMA,ARMACAO E DETALHES,APRESENTADO NOS PADROES DA CONTRATANTE","M2",11.03,null,"01.050.0825-A","PROJETO DE AS BUILT DE ESTRUTURA,PARA PREDIOS HOSPITALARESATE 1000M2,CONSTANDO DE PLANTAS DE FORMA,ARMACAO E DETALHES,APRESENTADO NOS PADROES DA CONTRATANTE","M2",10.29]
["01.050.0826-0","PROJETO DE AS BUILT DE ESTRUTURA,PARA PREDIOS HOSPITALARESDE 1001 ATE 4000M2,CONSTANDO DE PLANTAS DE FORMA,ARMACAO E DETALHES,APRESENTADO NOS PADROES DA CONTRATANTE","M2",9.69,null,"01.050.0826-A","PROJETO DE AS BUILT DE ESTRUTURA,PARA PREDIOS HOSPITALARESDE 1001 ATE 4000M2,CONSTANDO DE PLANTAS DE FORMA,ARMACAO E DETALHES,APRESENTADO NOS PADROES DA CONTRATANTE","M2",9.0399999999999991]
["01.050.0827-0","PROJETO DE AS BUILT DE ESTRUTURA,PARA PREDIOS HOSPITALARESACIMA DE 4000M2,CONSTANDO DE PLANTAS DE FORMA,ARMACAO E DETALHES,APRESENTADO NOS PADROES DA CONTRATANTE.","M2",8.33,null,"01.050.0827-A","PROJETO DE AS BUILT DE ESTRUTURA,PARA PREDIOS HOSPITALARESACIMA DE 4000M2,CONSTANDO DE PLANTAS DE FORMA,ARMACAO E DETALHES,APRESENTADO NOS PADROES DA CONTRATANTE.","M2",7.77]
["01.050.0830-0","PROJETO DE AS BUILT DE ESTRUTURA PARA PREDIOS CULTURAIS ATE500M2,CONSTANDO DE PLANTAS DE FORMA,ARMACAO E DETALHES,APRESENTADO NOS PADROES DA CONTRATANTE","M2",11.03,null,"01.050.0830-A","PROJETO DE AS BUILT DE ESTRUTURA PARA PREDIOS CULTURAIS ATE500M2,CONSTANDO DE PLANTAS DE FORMA,ARMACAO E DETALHES,APRESENTADO NOS PADROES DA CONTRATANTE","M2",10.29]
["01.050.0831-0","PROJETO DE AS BUILT DE ESTRUTURA PARA PREDIOS CULTURAIS DE501 ATE 3000M2, CONSTANDO DE PLANTAS DE FORMA,ARMACAO E DETALHES,APRESENTADO NOS PADROES DA CONTRATANTE","M2",9.69,null,"01.050.0831-A","PROJETO DE AS BUILT DE ESTRUTURA PARA PREDIOS CULTURAIS DE501 ATE 3000M2, CONSTANDO DE PLANTAS DE FORMA,ARMACAO E DETALHES,APRESENTADO NOS PADROES DA CONTRATANTE","M2",9.0399999999999991]
["01.050.0832-0","PROJETO DE AS BUILT DE ESTRUTURA PARA PREDIOS CULTURAIS ACIMA DE 3000M2,CONSTANDO DE PLANTAS DE FORMA,ARMACAO E DETALHES,APRESENTADO NOS PADROES DA CONTRATANTE","M2",8.69,null,"01.050.0832-A","PROJETO DE AS BUILT DE ESTRUTURA PARA PREDIOS CULTURAIS ACIMA DE 3000M2,CONSTANDO DE PLANTAS DE FORMA,ARMACAO E DETALHES,APRESENTADO NOS PADROES DA CONTRATANTE","M2",8.11]
["01.050.0835-0","PROJETO DE AS BUILT DE ESTRUTURA PARA PREDIOS ESCOLARES E/OUADMINISTRATIVOS ATE 500M2,CONSTANDO DE PLANTAS DE FORMA,ARMACAO E DETALHES,APRESENTADO NOS PADROES DA CONTRATANTE","M2",9.65,null,"01.050.0835-A","PROJETO DE AS BUILT DE ESTRUTURA PARA PREDIOS ESCOLARES E/OUADMINISTRATIVOS ATE 500M2,CONSTANDO DE PLANTAS DE FORMA,ARMACAO E DETALHES,APRESENTADO NOS PADROES DA CONTRATANTE","M2",9.01]
["01.050.0836-0","PROJETO DE AS BUILT DE ESTRUTURA PARA PREDIOS ESCOLARES E/OUADMINISTRATIVOS DE 501 ATE 3000M2,CONSTANDO DE PLANTAS DEFORMA,ARMACAO E DETALHES,APRESENTADO NOS PADROES DA CONTRATANTE","M2",8.5500000000000007,null,"01.050.0836-A","PROJETO DE AS BUILT DE ESTRUTURA PARA PREDIOS ESCOLARES E/OUADMINISTRATIVOS DE 501 ATE 3000M2,CONSTANDO DE PLANTAS DEFORMA,ARMACAO E DETALHES,APRESENTADO NOS PADROES DA CONTRATANTE","M2",7.98]
["01.050.0837-0","PROJETO DE AS BUILT DE ESTRUTURA PARA PREDIOS ESCOLARES E/OUADMINISTRATIVOS ACIMA DE 3000M2,CONSTANDO DE PLANTAS DE FORMA,ARMACAO E DETALHES,APRESENTADO NOS PADROES DA CONTRATANTE","M2",7.19,null,"01.050.0837-A","PROJETO DE AS BUILT DE ESTRUTURA PARA PREDIOS ESCOLARES E/OUADMINISTRATIVOS ACIMA DE 3000M2,CONSTANDO DE PLANTAS DE FORMA,ARMACAO E DETALHES,APRESENTADO NOS PADROES DA CONTRATANTE","M2",6.71]
["01.050.0840-0","PROJETO DE AS BUILT DE INSTALACAO DE INCENDIO E SPDA PARA PREDIOS ESCOLARES E/OU ADMINISTRATIVOS ATE 500M2,APRESENTADONOS PADROES DA CONTRATANTE","M2",1.04,null,"01.050.0840-A","PROJETO DE AS BUILT DE INSTALACAO DE INCENDIO E SPDA PARA PREDIOS ESCOLARES E/OU ADMINISTRATIVOS ATE 500M2,APRESENTADONOS PADROES DA CONTRATANTE","M2",0.97]
["01.050.0841-0","PROJETO DE AS BUILT DE INSTALACAO DE INCENDIO E SPDA PARA PREDIOS ESCOLARES E/OU ADMINISTRATIVOS DE 501 ATE 3000M2,APRESENTADO NOS PADROES DA CONTRATANTE","M2",0.56000000000000005,null,"01.050.0841-A","PROJETO DE AS BUILT DE INSTALACAO DE INCENDIO E SPDA PARA PREDIOS ESCOLARES E/OU ADMINISTRATIVOS DE 501 ATE 3000M2,APRESENTADO NOS PADROES DA CONTRATANTE","M2",0.53]
["01.050.0842-0","PROJETO DE AS BUILT DE INSTALACAO DE INCENDIO E SPDA PARA PREDIOS ESCOLARES E/OU ADMINISTRATIVOS ACIMA DE 3000M2,APRESENTADO NOS PADROES DA CONTRATANTE","M2",0.28000000000000003,null,"01.050.0842-A","PROJETO DE AS BUILT DE INSTALACAO DE INCENDIO E SPDA PARA PREDIOS ESCOLARES E/OU ADMINISTRATIVOS ACIMA DE 3000M2,APRESENTADO NOS PADROES DA CONTRATANTE","M2",0.26]
["01.050.0845-0","PROJETO DE AS BUILT DE INSTALACAO DE INCENDIO E SPDA PARA PREDIOS CULTURAIS ATE 500M2,APRESENTADO NOS PADROES DA CONTRATANTE","M2",2.62,null,"01.050.0845-A","PROJETO DE AS BUILT DE INSTALACAO DE INCENDIO E SPDA PARA PREDIOS CULTURAIS ATE 500M2,APRESENTADO NOS PADROES DA CONTRATANTE","M2",2.44]
["01.050.0846-0","PROJETO DE AS BUILT DE INSTALACAO DE INCENDIO E SPDA PARA PREDIOS CULTURAIS ACIMA DE 500M2,APRESENTADO NOS PADROES DA CONTRATANTE","M2",1.75,null,"01.050.0846-A","PROJETO DE AS BUILT DE INSTALACAO DE INCENDIO E SPDA PARA PREDIOS CULTURAIS ACIMA DE 500M2,APRESENTADO NOS PADROES DA CONTRATANTE","M2",1.63]
["01.050.0847-0","PROJETO DE AS BUILT DE INSTALACAO DE INCENDIO E SPDA PARA PREDIOS HOSPITALARES,APRESENTADO NOS PADROES DA CONTRATANTE","M2",2.09,null,"01.050.0847-A","PROJETO DE AS BUILT DE INSTALACAO DE INCENDIO E SPDA PARA PREDIOS HOSPITALARES,APRESENTADO NOS PADROES DA CONTRATANTE","M2",1.95]
["01.050.0850-0","PROJETO DE AS BUILT DE INSTALACAO DE INCENDIO E SPDA PARA HABITACOES/EDIFICIOS ATE 500M2,APRESENTADO NOS PADROES DA CONTRATANTE","M2",1.27,null,"01.050.0850-A","PROJETO DE AS BUILT DE INSTALACAO DE INCENDIO E SPDA PARA HABITACOES/EDIFICIOS ATE 500M2,APRESENTADO NOS PADROES DA CONTRATANTE","M2",1.19]
["01.050.0851-0","PROJETO DE AS BUILT DE INSTALACAO DE INCENDIO E SPDA PARA HABITACOES/EDIFICIOS DE 501 ATE 3000M2,APRESENTADO NOS PADROESDA CONTRATANTE","M2",0.61,null,"01.050.0851-A","PROJETO DE AS BUILT DE INSTALACAO DE INCENDIO E SPDA PARA HABITACOES/EDIFICIOS DE 501 ATE 3000M2,APRESENTADO NOS PADROESDA CONTRATANTE","M2",0.56999999999999995]
["01.050.0852-0","PROJETO DE AS BUILT DE INSTALACAO DE INCENDIO E SPDA PARA HABITACOES/EDIFICIOS ACIMA DE 3000M2,APRESENTADO NOS PADROES DA CONTRATANTE","M2",0.31,null,"01.050.0852-A","PROJETO DE AS BUILT DE INSTALACAO DE INCENDIO E SPDA PARA HABITACOES/EDIFICIOS ACIMA DE 3000M2,APRESENTADO NOS PADROES DA CONTRATANTE","M2",0.28999999999999998]
["01.050.0855-0","PROJETO DE AS BUILT DE INSTALACAO DE INCENDIO E SPDA PARA HABITACAO/LOTEAMENTO ATE 36000M2,APRESENTADO NOS PADROES DA CONTRATANTE","M2",0.34,null,"01.050.0855-A","PROJETO DE AS BUILT DE INSTALACAO DE INCENDIO E SPDA PARA HABITACAO/LOTEAMENTO ATE 36000M2,APRESENTADO NOS PADROES DA CONTRATANTE","M2",0.32]
["01.050.0856-0","PROJETO DE AS BUILT DE INSTALACAO DE INCENDIO E SPDA PARA HABITACAO/LOTEAMENTO ACIMA DE 36000M2,APRESENTADO NOS PADROESDA CONTRATANTE","M2",0.17,null,"01.050.0856-A","PROJETO DE AS BUILT DE INSTALACAO DE INCENDIO E SPDA PARA HABITACAO/LOTEAMENTO ACIMA DE 36000M2,APRESENTADO NOS PADROESDA CONTRATANTE","M2",0.16]
["01.050.0860-0","PROJETO DE AS BUILT DE INSTALACAO DE GAS PARA PREDIOS ESCOLARES E/OU ADMINISTRATIVOS ATE 500M2,APRESENTADO NOS PADROESDA CONTRATANTE","M2",0.56000000000000005,null,"01.050.0860-A","PROJETO DE AS BUILT DE INSTALACAO DE GAS PARA PREDIOS ESCOLARES E/OU ADMINISTRATIVOS ATE 500M2,APRESENTADO NOS PADROESDA CONTRATANTE","M2",0.53]
["01.050.0861-0","PROJETO DE AS BUILT DE INSTALACAO DE GAS PARA PREDIOS ESCOLARES E/OU ADMINISTRATIVOS ACIMA DE 500M2,APRESENTADO NOS PADROES DA CONTRATANTE","M2",0.28000000000000003,null,"01.050.0861-A","PROJETO DE AS BUILT DE INSTALACAO DE GAS PARA PREDIOS ESCOLARES E/OU ADMINISTRATIVOS ACIMA DE 500M2,APRESENTADO NOS PADROES DA CONTRATANTE","M2",0.26]
["01.050.0865-0","PROJETO DE AS BUILT DE INSTALACAO DE GAS PARA PREDIOS CULTURAIS,APRESENTADO NOS PADROES DA CONTRATANTE","M2",0.96,null,"01.050.0865-A","PROJETO DE AS BUILT DE INSTALACAO DE GAS PARA PREDIOS CULTURAIS,APRESENTADO NOS PADROES DA CONTRATANTE","M2",0.89]
["01.050.0870-0","PROJETO DE AS BUILT DE INSTALACAO DE GAS PARA PREDIOS HOSPITALARES ATE 4000M2,APRESENTADO NOS PADROES DA CONTRATANTE","M2",1.1299999999999999,null,"01.050.0870-A","PROJETO DE AS BUILT DE INSTALACAO DE GAS PARA PREDIOS HOSPITALARES ATE 4000M2,APRESENTADO NOS PADROES DA CONTRATANTE","M2",1.06]
["01.050.0871-0","PROJETO DE AS BUILT DE INSTALACAO DE GAS PARA PREDIOS HOSPITALARES ACIMA DE 4000M2,APRESENTADO NOS PADROES DA CONTRATANTE","M2",0.56000000000000005,null,"01.050.0871-A","PROJETO DE AS BUILT DE INSTALACAO DE GAS PARA PREDIOS HOSPITALARES ACIMA DE 4000M2,APRESENTADO NOS PADROES DA CONTRATANTE","M2",0.53]
["01.050.0875-0","PROJETO DE AS BUILT DE INSTALACAO DE GAS PARA HABITACOES/EDIFICIOS ATE 500M2,APRESENTADO NOS PADROES DA CONTRATANTE","M2",0.61,null,"01.050.0875-A","PROJETO DE AS BUILT DE INSTALACAO DE GAS PARA HABITACOES/EDIFICIOS ATE 500M2,APRESENTADO NOS PADROES DA CONTRATANTE","M2",0.56999999999999995]
["01.050.0876-0","PROJETO DE AS BUILT DE INSTALACAO DE GAS PARA HABITACOES/EDIFICIOS ACIMA DE 500M2,APRESENTADO NOS PADROES DA CONTRATANTE","M2",0.31,null,"01.050.0876-A","PROJETO DE AS BUILT DE INSTALACAO DE GAS PARA HABITACOES/EDIFICIOS ACIMA DE 500M2,APRESENTADO NOS PADROES DA CONTRATANTE","M2",0.28999999999999998]
["01.050.0880-0","PROJETO DE AS BUILT DE INSTALACAO DE GAS PARA HABITACAO/LOTEAMENTO ATE 12000M2,APRESENTADO NOS PADROES DA CONTRATANTE","M2",0.34,null,"01.050.0880-A","PROJETO DE AS BUILT DE INSTALACAO DE GAS PARA HABITACAO/LOTEAMENTO ATE 12000M2,APRESENTADO NOS PADROES DA CONTRATANTE","M2",0.32]
["01.050.0881-0","PROJETO DE AS BUILT DE INSTALACAO DE GAS PARA HABITACAO/LOTEAMENTO ACIMA DE 12000M2,APRESENTADO NOS PADROES DA CONTRATANTE","M2",0.17,null,"01.050.0881-A","PROJETO DE AS BUILT DE INSTALACAO DE GAS PARA HABITACAO/LOTEAMENTO ACIMA DE 12000M2,APRESENTADO NOS PADROES DA CONTRATANTE","M2",0.16]
["01.050.0885-0","PROJETO DE AS BUILT DE INSTALACAO DE TELEMATICA PARA PREDIOSESCOLARES E/OU ADMINISTRATIVOS ATE 500M2,APRESENTADO NOS PADROES DA CONTRATANTE","M2",0.56000000000000005,null,"01.050.0885-A","PROJETO DE AS BUILT DE INSTALACAO DE TELEMATICA PARA PREDIOSESCOLARES E/OU ADMINISTRATIVOS ATE 500M2,APRESENTADO NOS PADROES DA CONTRATANTE","M2",0.53]
["01.050.0886-0","PROJETO DE AS BUILT DE INSTALACAO DE TELEMATICA PARA PREDIOSESCOLARES E/OU ADMINISTRATIVOS ACIMA DE 500M2,APRESENTADONOS PADROES DA CONTRATANTE","M2",0.52,null,"01.050.0886-A","PROJETO DE AS BUILT DE INSTALACAO DE TELEMATICA PARA PREDIOSESCOLARES E/OU ADMINISTRATIVOS ACIMA DE 500M2,APRESENTADONOS PADROES DA CONTRATANTE","M2",0.48]
["01.050.0890-0","PROJETO DE AS BUILT DE INSTALACAO DE TELEMATICA PARA PREDIOSCULTURAIS ATE 500M2,APRESNTADO NOS PADROES DA CONTRATANTE","M2",1.46,null,"01.050.0890-A","PROJETO DE AS BUILT DE INSTALACAO DE TELEMATICA PARA PREDIOSCULTURAIS ATE 500M2,APRESNTADO NOS PADROES DA CONTRATANTE","M2",1.36]
["01.050.0891-0","PROJETO DE AS BUILT DE INSTALACAO DE TELEMATICA PARA PREDIOSCULTURAIS ACIMA DE 500M2,APRESENTADO NOS PADROES DA CONTRATANTE","M2",1.32,null,"01.050.0891-A","PROJETO DE AS BUILT DE INSTALACAO DE TELEMATICA PARA PREDIOSCULTURAIS ACIMA DE 500M2,APRESENTADO NOS PADROES DA CONTRATANTE","M2",1.23]
["01.050.0895-0","PROJETO DE AS BUILT DE INSTALACAO DE TELEMATICA PARA PREDIOSHOSPITALARES,APRESENTADO NOS PADROES DA CONTRATANTE","M2",1.46,null,"01.050.0895-A","PROJETO DE AS BUILT DE INSTALACAO DE TELEMATICA PARA PREDIOSHOSPITALARES,APRESENTADO NOS PADROES DA CONTRATANTE","M2",1.36]
["01.050.0900-0","PROJETO DE AS BUILT DE INSTALACAO DE TELEMATICA PARA HABITACOES/EDIFICIOS ATE 500M2,APRESENTADO NOS PADROES DA CONTRATANTE","M2",0.61,null,"01.050.0900-A","PROJETO DE AS BUILT DE INSTALACAO DE TELEMATICA PARA HABITACOES/EDIFICIOS ATE 500M2,APRESENTADO NOS PADROES DA CONTRATANTE","M2",0.56999999999999995]
["01.050.0901-0","PROJETO DE AS BUILT DE INSTALACAO DE TELEMATICA PARA HABITACOES/EDIFICIOS DE 501 ATE 3000M2,APRESENTADO NOS PADROES DA CONTRATANTE","M2",0.55000000000000004,null,"01.050.0901-A","PROJETO DE AS BUILT DE INSTALACAO DE TELEMATICA PARA HABITACOES/EDIFICIOS DE 501 ATE 3000M2,APRESENTADO NOS PADROES DA CONTRATANTE","M2",0.51]
["01.050.0905-0","PROJETO DE AS BUILT DE INSTALACAO DE TELEMATICA PARA HABITACAO/LOTEAMENTO ATE 12000M2,APRESENTADO NOS PADROES DA CONTRATANTE","M2",0.34,null,"01.050.0905-A","PROJETO DE AS BUILT DE INSTALACAO DE TELEMATICA PARA HABITACAO/LOTEAMENTO ATE 12000M2,APRESENTADO NOS PADROES DA CONTRATANTE","M2",0.32]
["01.050.0906-0","PROJETO DE AS BUILT DE INSTALACAO DE TELEMATICA PARA HABITACAO/LOTEAMENTO ACIMA DE 12000M2,APRESENTADO NOS PADROES DA CONTRATANTE","M2",0.17,null,"01.050.0906-A","PROJETO DE AS BUILT DE INSTALACAO DE TELEMATICA PARA HABITACAO/LOTEAMENTO ACIMA DE 12000M2,APRESENTADO NOS PADROES DA CONTRATANTE","M2",0.16]
["01.050.0910-0","PROJETO DE AS BUILT DE INSTALACAO DE ESGOTO SANITARIO E AGUAS PLUVIAIS PARA PREDIOS ESCOLARES E/OU ADMINISTRATIVOS ATE500M2,APRESENTADO NOS PADROES DA CONTRATANTE","M2",1.04,null,"01.050.0910-A","PROJETO DE AS BUILT DE INSTALACAO DE ESGOTO SANITARIO E AGUAS PLUVIAIS PARA PREDIOS ESCOLARES E/OU ADMINISTRATIVOS ATE500M2,APRESENTADO NOS PADROES DA CONTRATANTE","M2",0.97]
["01.050.0911-0","PROJETO DE AS BUILT DE INSTALACAO DE ESGOTO SANITARIO E AGUAS PLUVIAIS PARA PREDIOS ESCOLARES E/OU ADMINISTRATIVOS DE501 ATE 3000M2,APRESENTADO NOS PADROES DA CONTRATANTE","M2",0.96,null,"01.050.0911-A","PROJETO DE AS BUILT DE INSTALACAO DE ESGOTO SANITARIO E AGUAS PLUVIAIS PARA PREDIOS ESCOLARES E/OU ADMINISTRATIVOS DE501 ATE 3000M2,APRESENTADO NOS PADROES DA CONTRATANTE","M2",0.89]
["01.050.0912-0","PROJETO DE AS BUILT DE INSTALACAO DE ESGOTO SANITARIO E AGUAS PLUVIAIS PARA PREDIOS ESCOLARES E/OU ADMINISTRATIVOS ACIMADE 3000M2,APRESENTADO NOS PADROES DA CONTRATANTE","M2",0.56000000000000005,null,"01.050.0912-A","PROJETO DE AS BUILT DE INSTALACAO DE ESGOTO SANITARIO E AGUAS PLUVIAIS PARA PREDIOS ESCOLARES E/OU ADMINISTRATIVOS ACIMADE 3000M2,APRESENTADO NOS PADROES DA CONTRATANTE","M2",0.53]
["01.050.0915-0","PROJETO DE AS BUILT DE INSTALACAO DE ESGOTO SANITARIO E AGUAS PLUVIAIS PARA PREDIOS CULTURAIS,APRESENTADO NOS PADROES DACONTRATANTE","M2",0.96,null,"01.050.0915-A","PROJETO DE AS BUILT DE INSTALACAO DE ESGOTO SANITARIO E AGUAS PLUVIAIS PARA PREDIOS CULTURAIS,APRESENTADO NOS PADROES DACONTRATANTE","M2",0.89]
["01.050.0920-0","PROJETO DE AS BUILT DE INSTALACAO DE ESGOTO SANITARIO E AGUAS PLUVIAIS PARA PREDIOS HOSPITALARES ATE 4000M2,APRESENTADONOS PADROES DA CONTRATANTE","M2",3.14,null,"01.050.0920-A","PROJETO DE AS BUILT DE INSTALACAO DE ESGOTO SANITARIO E AGUAS PLUVIAIS PARA PREDIOS HOSPITALARES ATE 4000M2,APRESENTADONOS PADROES DA CONTRATANTE","M2",2.93]
["01.050.0921-0","PROJETO DE AS BUILT DE INSTALACAO DE ESGOTO SANITARIO E AGUAS PLUVIAIS PARA PREDIOS HOSPITALARES ACIMA DE 4000M2,APRESENTADO NOS PADROES DA CONTRATANTE","M2",2.62,null,"01.050.0921-A","PROJETO DE AS BUILT DE INSTALACAO DE ESGOTO SANITARIO E AGUAS PLUVIAIS PARA PREDIOS HOSPITALARES ACIMA DE 4000M2,APRESENTADO NOS PADROES DA CONTRATANTE","M2",2.44]
["01.050.0925-0","PROJETO DE AS BUILT DE INSTALACAO DE ESGOTO SANITARIO E AGUAS PLUVIAIS PARA HABITACAO/LOTEAMENTO ATE 12000M2,APRESENTADONOS PADROES DA CONTRATANTE","M2",0.94,null,"01.050.0925-A","PROJETO DE AS BUILT DE INSTALACAO DE ESGOTO SANITARIO E AGUAS PLUVIAIS PARA HABITACAO/LOTEAMENTO ATE 12000M2,APRESENTADONOS PADROES DA CONTRATANTE","M2",0.88]
["01.050.0926-0","PROJETO DE AS BUILT DE INSTALACAO DE ESGOTO SANITARIO E AGUAS PLUVIAIS PARA HABITACAO/LOTEAMENTO DE 12001 ATE 36000M2,APRESENTADO NOS PADROES DA CONTRATANTE","M2",0.69,null,"01.050.0926-A","PROJETO DE AS BUILT DE INSTALACAO DE ESGOTO SANITARIO E AGUAS PLUVIAIS PARA HABITACAO/LOTEAMENTO DE 12001 ATE 36000M2,APRESENTADO NOS PADROES DA CONTRATANTE","M2",0.64]
["01.050.0927-0","PROJETO DE AS BUILT DE INSTALACAO DE ESGOTO SANITARIO E AGUAS PLUVIAIS PARA HABITACAO/LOTEAMENTO ACIMA DE 36000M2,APRESENTADO NOS PADROES DA CONTRATANTE","M2",0.34,null,"01.050.0927-A","PROJETO DE AS BUILT DE INSTALACAO DE ESGOTO SANITARIO E AGUAS PLUVIAIS PARA HABITACAO/LOTEAMENTO ACIMA DE 36000M2,APRESENTADO NOS PADROES DA CONTRATANTE","M2",0.32]
["01.050.0930-0","PROJETO DE AS BUILT DE INSTALACAO HIDRAULICA PARA PREDIOS ESCOLARES E/OU ADMINISTRATIVOS ATE 500M2,APRESENTADO NOS PADROES DA CONTRATANTE","M2",1.75,null,"01.050.0930-A","PROJETO DE AS BUILT DE INSTALACAO HIDRAULICA PARA PREDIOS ESCOLARES E/OU ADMINISTRATIVOS ATE 500M2,APRESENTADO NOS PADROES DA CONTRATANTE","M2",1.63]
["01.050.0931-0","PROJETO DE AS BUILT DE INSTALACAO HIDRAULICA PARA PREDIOS ESCOLARES E/OU ADMINISTRATIVOS DE 501 A 3000M2,APRESENTADO NOSPADROES DA CONTRATANTE","M2",1.04,null,"01.050.0931-A","PROJETO DE AS BUILT DE INSTALACAO HIDRAULICA PARA PREDIOS ESCOLARES E/OU ADMINISTRATIVOS DE 501 A 3000M2,APRESENTADO NOSPADROES DA CONTRATANTE","M2",0.97]
["01.050.0932-0","PROJETO DE AS BUILT DE INSTALACAO HIDRAULICA PARA PREDIOS ESCOLARES E/OU ADMINISTRATIVOS ACIMA DE 3000M2,APRESENTADO NOSPADROES DA CONTRATANTE","M2",0.96,null,"01.050.0932-A","PROJETO DE AS BUILT DE INSTALACAO HIDRAULICA PARA PREDIOS ESCOLARES E/OU ADMINISTRATIVOS ACIMA DE 3000M2,APRESENTADO NOSPADROES DA CONTRATANTE","M2",0.89]
["01.050.0935-0","PROJETO DE AS BUILT DE INSTALACAO HIDRAULICA PARA PREDIOS CULTURAIS,APRESENTADO NOS PADROES DA CONTRATANTE","M2",1.75,null,"01.050.0935-A","PROJETO DE AS BUILT DE INSTALACAO HIDRAULICA PARA PREDIOS CULTURAIS,APRESENTADO NOS PADROES DA CONTRATANTE","M2",1.63]
["01.050.0940-0","PROJETO DE AS BUILT DE INSTALACAO HIDRAULICA PARA PREDIOS HOSPITALARES ATE 4000M2,APRESENTADO NOS PADROES DA CONTRATANTE","M2",3.14,null,"01.050.0940-A","PROJETO DE AS BUILT DE INSTALACAO HIDRAULICA PARA PREDIOS HOSPITALARES ATE 4000M2,APRESENTADO NOS PADROES DA CONTRATANTE","M2",2.93]
["01.050.0941-0","PROJETO DE AS BUILT DE INSTALACAO HIDRAULICA PARA PREDIOS HOSPITALARES ACIMA DE 4000M2,APRESENTADO NOS PADROES DA CONTRATANTE","M2",2.62,null,"01.050.0941-A","PROJETO DE AS BUILT DE INSTALACAO HIDRAULICA PARA PREDIOS HOSPITALARES ACIMA DE 4000M2,APRESENTADO NOS PADROES DA CONTRATANTE","M2",2.44]
["01.050.0945-0","PROJETO DE AS BUILT DE INSTALACAO HIDRAULICA PARA HABITACOES/EDIFICIOS ATE 500M2,APRESENTADO NOS PADROES DA CONTRATANTE","M2",1.9,null,"01.050.0945-A","PROJETO DE AS BUILT DE INSTALACAO HIDRAULICA PARA HABITACOES/EDIFICIOS ATE 500M2,APRESENTADO NOS PADROES DA CONTRATANTE","M2",1.78]
["01.050.0946-0","PROJETO DE AS BUILT DE INSTALACAO HIDRAULICA PARA HABITACOES/EDIFICIOS DE 501 ATE 3000M2,APRESENTADO NOS PADROES DA CONTRATANTE","M2",1.27,null,"01.050.0946-A","PROJETO DE AS BUILT DE INSTALACAO HIDRAULICA PARA HABITACOES/EDIFICIOS DE 501 ATE 3000M2,APRESENTADO NOS PADROES DA CONTRATANTE","M2",1.19]
["01.050.0947-0","PROJETO DE AS BUILT DE INSTALACAO HIDRAULICA PARA HABITACOES/EDIFICIOS ACIMA DE 3000M2,APRESENTADO NOS PADROES DA CONTRATANTE","M2",0.96,null,"01.050.0947-A","PROJETO DE AS BUILT DE INSTALACAO HIDRAULICA PARA HABITACOES/EDIFICIOS ACIMA DE 3000M2,APRESENTADO NOS PADROES DA CONTRATANTE","M2",0.89]
["01.050.0950-0","PROJETO DE AS BUILT DE INSTALACAO HIDRAULICA PARA HABITACAO/LOTEAMENTO ATE 12000M2,APRESENTADO NOS PADROES DA CONTRATANTE","M2",1.04,null,"01.050.0950-A","PROJETO DE AS BUILT DE INSTALACAO HIDRAULICA PARA HABITACAO/LOTEAMENTO ATE 12000M2,APRESENTADO NOS PADROES DA CONTRATANTE","M2",0.97]
["01.050.0951-0","PROJETO DE AS BUILT DE INSTALACAO HIDRAULICA PARA HABITACAO/LOTEAMENTO DE 12001 ATE 36000M2,APRESENTADO NOS PADROES DACONTRATANTE","M2",0.69,null,"01.050.0951-A","PROJETO DE AS BUILT DE INSTALACAO HIDRAULICA PARA HABITACAO/LOTEAMENTO DE 12001 ATE 36000M2,APRESENTADO NOS PADROES DACONTRATANTE","M2",0.64]
["01.050.0952-0","PROJETO DE AS BUILT DE INSTALACAO HIDRAULICA PARA HABITACAO/LOTEAMENTO ACIMA DE 36000M2,APRESENTADO NOS PADROES DA CONTRATANTE","M2",0.52,null,"01.050.0952-A","PROJETO DE AS BUILT DE INSTALACAO HIDRAULICA PARA HABITACAO/LOTEAMENTO ACIMA DE 36000M2,APRESENTADO NOS PADROES DA CONTRATANTE","M2",0.48]
["01.050.0955-0","PROJETO DE AS BUILT DE INSTALACAO ELETRICA PARA PREDIOS ESCOLARES E/OU ADMINISTRATIVOS ATE 500M2,APRESENTADO NOS PADROESDA CONTRATANTE","M2",2.09,null,"01.050.0955-A","PROJETO DE AS BUILT DE INSTALACAO ELETRICA PARA PREDIOS ESCOLARES E/OU ADMINISTRATIVOS ATE 500M2,APRESENTADO NOS PADROESDA CONTRATANTE","M2",1.95]
["01.050.0956-0","PROJETO DE AS BUILT DE INSTALACAO ELETRICA PARA PREDIOS ESCOLARES E/OU ADMINISTRATIVOS DE 501 ATE 3000M2,APRESENTADO NOSPADROES DA CONTRATANTE","M2",1.75,null,"01.050.0956-A","PROJETO DE AS BUILT DE INSTALACAO ELETRICA PARA PREDIOS ESCOLARES E/OU ADMINISTRATIVOS DE 501 ATE 3000M2,APRESENTADO NOSPADROES DA CONTRATANTE","M2",1.63]
["01.050.0957-0","PROJETO DE AS BUILT DE INSTALACAO ELETRICA PARA PREDIOS ESCOLARES E/OU ADMINISTRATIVOS ACIMA DE 3000M2,APRESENTADO NOSPADROES DA CONTRATANTE","M2",1.04,null,"01.050.0957-A","PROJETO DE AS BUILT DE INSTALACAO ELETRICA PARA PREDIOS ESCOLARES E/OU ADMINISTRATIVOS ACIMA DE 3000M2,APRESENTADO NOSPADROES DA CONTRATANTE","M2",0.97]
["01.050.0960-0","PROJETO DE AS BUILT DE INSTALACAO ELETRICA PARA PREDIOS CULTURAIS ATE 3000M2,APRESENTADO NOS PADROES DA CONTRATANTE","M2",3.51,null,"01.050.0960-A","PROJETO DE AS BUILT DE INSTALACAO ELETRICA PARA PREDIOS CULTURAIS ATE 3000M2,APRESENTADO NOS PADROES DA CONTRATANTE","M2",3.28]
["01.050.0961-0","PROJETO DE AS BUILT DE INSTALACAO ELETRICA PARA PREDIOS CULTURAIS ACIMA DE 3000M2,APRESENTADO NOS PADROES DA CONTRATANTE","M2",2.62,null,"01.050.0961-A","PROJETO DE AS BUILT DE INSTALACAO ELETRICA PARA PREDIOS CULTURAIS ACIMA DE 3000M2,APRESENTADO NOS PADROES DA CONTRATANTE","M2",2.44]
["01.050.0962-0","PROJETO DE AS BUILT DE INSTALACAO ELETRICA PARA PREDIOS HOSPITALARES,APRESENTADO NOS PADROES DA CONTRATANTE","M2",4.1900000000000004,null,"01.050.0962-A","PROJETO DE AS BUILT DE INSTALACAO ELETRICA PARA PREDIOS HOSPITALARES,APRESENTADO NOS PADROES DA CONTRATANTE","M2",3.91]
["01.050.0965-0","PROJETO DE AS BUILT DE INSTALACAO ELETRICA PARA HABITACOES/EDIFICIOS ATE 500M2,APRESENTADO NOS PADROES DA CONTRATANTE","M2",2.5499999999999998,null,"01.050.0965-A","PROJETO DE AS BUILT DE INSTALACAO ELETRICA PARA HABITACOES/EDIFICIOS ATE 500M2,APRESENTADO NOS PADROES DA CONTRATANTE","M2",2.38]
["01.050.0966-0","PROJETO DE AS BUILT DE INSTALACAO ELETRICA PARA HABITACOES/EDIFICIOS DE 501 ATE 3000M2,APRESENTADO NOS PADROES DA CONTRATANTE","M2",1.9,null,"01.050.0966-A","PROJETO DE AS BUILT DE INSTALACAO ELETRICA PARA HABITACOES/EDIFICIOS DE 501 ATE 3000M2,APRESENTADO NOS PADROES DA CONTRATANTE","M2",1.78]
["01.050.0967-0","PROJETO DE AS BUILT DE INSTALACAO ELETRICA PARA HABITACOES/EDIFICIOS ACIMA DE 3000M2,APRESENTADO NOS PADROES DA CONTRATANTE","M2",1.27,null,"01.050.0967-A","PROJETO DE AS BUILT DE INSTALACAO ELETRICA PARA HABITACOES/EDIFICIOS ACIMA DE 3000M2,APRESENTADO NOS PADROES DA CONTRATANTE","M2",1.19]
["01.050.0970-0","PROJETO DE AS BUILT DE INSTALACAO ELETRICA PARA HABITACAO/LOTEAMENTO ATE 12000M2,APRESENTADO NOS PADROES DA CONTRATANTE","M2",1.04,null,"01.050.0970-A","PROJETO DE AS BUILT DE INSTALACAO ELETRICA PARA HABITACAO/LOTEAMENTO ATE 12000M2,APRESENTADO NOS PADROES DA CONTRATANTE","M2",0.97]
["01.050.0971-0","PROJETO DE AS BUILT DE INSTALACAO ELETRICA PARA HABITACAO/LOTEAMENTO DE 12001 ATE 36000M2,APRESENTADO NOS PADROES DA CONTRATANTE","M2",0.69,null,"01.050.0971-A","PROJETO DE AS BUILT DE INSTALACAO ELETRICA PARA HABITACAO/LOTEAMENTO DE 12001 ATE 36000M2,APRESENTADO NOS PADROES DA CONTRATANTE","M2",0.64]
["01.050.0972-0","PROJETO DE AS BUILT DE INSTALACAO ELETRICA PARA HABITACAO/LOTEAMENTO ACIMA DE 36000M2,APRESENTADO NOS PADROES DA CONTRATANTE","M2",0.52,null,"01.050.0972-A","PROJETO DE AS BUILT DE INSTALACAO ELETRICA PARA HABITACAO/LOTEAMENTO ACIMA DE 36000M2,APRESENTADO NOS PADROES DA CONTRATANTE","M2",0.48]
["01.050.0975-0","PROJETO DE AS BUILT DE SISTEMA DE AR CONDICIONADO,EM PREDIOSCOM AREA ATE 500M2,APRESENTADO NOS PADROES DA CONTRATANTE","M2",1.6,null,"01.050.0975-A","PROJETO DE AS BUILT DE SISTEMA DE AR CONDICIONADO,EM PREDIOSCOM AREA ATE 500M2,APRESENTADO NOS PADROES DA CONTRATANTE","M2",1.5]
["01.050.0976-0","PROJETO DE AS BUILT DE SISTEMA DE AR CONDICIONADO,EM PREDIOSCOM AREA DE 501 ATE 3000M2,APRESENTADO NOS PADROES DA CONTRATANTE","M2",1.34,null,"01.050.0976-A","PROJETO DE AS BUILT DE SISTEMA DE AR CONDICIONADO,EM PREDIOSCOM AREA DE 501 ATE 3000M2,APRESENTADO NOS PADROES DA CONTRATANTE","M2",1.25]
["01.050.0977-0","PROJETO DE AS BUILT DE SISTEMA DE AR CONDICIONADO,EM PREDIOSACIMA DE 3000M2,APRESENTADO NOS PADROES DA CONTRATANTE","M2",0.8,null,"01.050.0977-A","PROJETO DE AS BUILT DE SISTEMA DE AR CONDICIONADO,EM PREDIOSACIMA DE 3000M2,APRESENTADO NOS PADROES DA CONTRATANTE","M2",0.75]
["01.050.0980-0","PROJETO DE AS BUILT DE INSTALACAO DE SEGURANCA (CFTV E SONORIZACAO) ATE 500M2,APRESENTADO NOS PADROES DA CONTRATANTE","M2",0.69,null,"01.050.0980-A","PROJETO DE AS BUILT DE INSTALACAO DE SEGURANCA (CFTV E SONORIZACAO) ATE 500M2,APRESENTADO NOS PADROES DA CONTRATANTE","M2",0.64]
["01.050.0981-0","PROJETO DE AS BUILT DE INSTALACAO DE SEGURANCA (CFTV E SONORIZACAO) DE 501 ATE 3000M2,APRESENTADO NOS PADROES DA CONTRATANTE","M2",0.48,null,"01.050.0981-A","PROJETO DE AS BUILT DE INSTALACAO DE SEGURANCA (CFTV E SONORIZACAO) DE 501 ATE 3000M2,APRESENTADO NOS PADROES DA CONTRATANTE","M2",0.45]
["01.050.0982-0","PROJETO DE AS BUILT DE INSTALACAO DE SEGURANCA (CFTV E SONORIZACAO) ACIMA DE 3000M2,APRESENTADO NOS PADROES DA CONTRATANTE","M2",0.28000000000000003,null,"01.050.0982-A","PROJETO DE AS BUILT DE INSTALACAO DE SEGURANCA (CFTV E SONORIZACAO) ACIMA DE 3000M2,APRESENTADO NOS PADROES DA CONTRATANTE","M2",0.26]
["01.050.0985-0","PROJETO DE AS BUILT DE SISTEMA CENTRAL DE GASES MEDICINAIS(OXIGENIO,AR COMPRIMIDO E VACUO),COM AREA ATE 1000M2,APRESENTADO NOS PADROES DA CONTRATANTE","M2",0.12,null,"01.050.0985-A","PROJETO DE AS BUILT DE SISTEMA CENTRAL DE GASES MEDICINAIS(OXIGENIO,AR COMPRIMIDO E VACUO),COM AREA ATE 1000M2,APRESENTADO NOS PADROES DA CONTRATANTE","M2",0.11]
["01.050.0986-0","PROJETO DE AS BUILT DE SISTEMA CENTRAL DE GASES MEDICINAIS(OXIGENIO, AR COMPRIMIDO E VACUO),COM AREA DE 1001 ATE 4000M2,APRESENTADO NOS PADROES DA CONTRATANTE","M2",0.09,null,"01.050.0986-A","PROJETO DE AS BUILT DE SISTEMA CENTRAL DE GASES MEDICINAIS(OXIGENIO, AR COMPRIMIDO E VACUO),COM AREA DE 1001 ATE 4000M2,APRESENTADO NOS PADROES DA CONTRATANTE","M2",0.08]
["01.050.0987-0","PROJETO DE AS BUILT DE SISTEMA CENTRAL DE GASES MEDICINAIS(OXIGENIO,AR COMPRIMIDO E VACUO),COM AREA ACIMA DE 4000M2,APRESENTADO NOS PADROES DA CONTRATANTE","M2",0.06,null,"01.050.0987-A","PROJETO DE AS BUILT DE SISTEMA CENTRAL DE GASES MEDICINAIS(OXIGENIO,AR COMPRIMIDO E VACUO),COM AREA ACIMA DE 4000M2,APRESENTADO NOS PADROES DA CONTRATANTE","M2",0.05]
["01.050.1000-0","PROJETO DE AS BUILT PARA SISTEMA DE EXAUSTAO MECANICA DE COZINHA,COM AREA ATE 50M2,APRESENTADO NOS PADROES DA CONTRATANTE","UN",205.79,null,"01.050.1000-A","PROJETO DE AS BUILT PARA SISTEMA DE EXAUSTAO MECANICA DE COZINHA,COM AREA ATE 50M2,APRESENTADO NOS PADROES DA CONTRATANTE","UN",192.05]
["01.050.1001-0","PROJETO DE AS BUILT PARA SISTEMA DE EXAUSTAO MECANICA DE COZINHA,COM AREA DE 51 ATE 100M2,APRESENTADO NOS PADROES DA CONTRATANTE","UN",257.23,null,"01.050.1001-A","PROJETO DE AS BUILT PARA SISTEMA DE EXAUSTAO MECANICA DE COZINHA,COM AREA DE 51 ATE 100M2,APRESENTADO NOS PADROES DA CONTRATANTE","UN",240.05]
["01.050.1002-0","PROJETO DE AS BUILT PARA SISTEMA DE EXAUSTAO MECANICA DE COZINHA,COM AREA ACIMA DE 100M2,APRESENTADO NOS PADROES DA CONTRATANTE","UN",385.86,null,"01.050.1002-A","PROJETO DE AS BUILT PARA SISTEMA DE EXAUSTAO MECANICA DE COZINHA,COM AREA ACIMA DE 100M2,APRESENTADO NOS PADROES DA CONTRATANTE","UN",360.09]
["01.050.9999-0","FAMILIA 01.050PROJETOS E CONSULTORIA",null,6925,null,"01.050.9999-A","FAMILIA 01.050PROJETOS E CONSULTORIA",null,6844]
["02.001.0001-0","TAPUME DE VEDACAO OU PROTECAO,EXECUTADO C/CHAPAS DE MADEIRACOMPENSADA,RESINADA,LISA,DE COLAGEM FENOLICA,A PROVA D`AGUA,COM 2,20X1,10M E 6MM DE ESPESSURA,PREGADAS EM PECAS DE MADEIRA DE 3ª DE 3\"X3\" HORIZONTAIS E VERTICAIS A CADA 1,22M,EXCLUSIVE PINTURA","M2",77.25,null,"02.001.0001-A","TAPUME DE VEDACAO OU PROTECAO,EXECUTADO C/CHAPAS DE MADEIRACOMPENSADA,RESINADA,LISA,DE COLAGEM FENOLICA,A PROVA D`AGUA,COM 2,20X1,10M E 6MM DE ESPESSURA,PREGADAS EM PECAS DE MADEIRA DE 3ª DE 3\"X3\" HORIZONTAIS E VERTICAIS A CADA 1,22M,EXCLUSIVE PINTURA","M2",74.34]
["02.001.0002-0","TAPUME DE VEDACAO OU PROTECAO,EXECUTADO C/CHAPAS DE MADEIRACOMPENSADA,RESINADA,LISA,DE COLAGEM FENOLICA,A PROVA D`AGUA,COM 2,20X1,10M E 6MM DE ESPESSURA,PREGADAS EM PECAS DE MADEIRA DE 3ª DE 3\"X3\" HORIZONTAIS E VERTICAIS A CADA 1,22M,EXCLUSIVE PINTURA,COM UTILIZACAO 2 VEZES","M2",60.4,null,"02.001.0002-A","TAPUME DE VEDACAO OU PROTECAO,EXECUTADO C/CHAPAS DE MADEIRACOMPENSADA,RESINADA,LISA,DE COLAGEM FENOLICA,A PROVA D`AGUA,COM 2,20X1,10M E 6MM DE ESPESSURA,PREGADAS EM PECAS DE MADEIRA DE 3ª DE 3\"X3\" HORIZONTAIS E VERTICAIS A CADA 1,22M,EXCLUSIVE PINTURA,COM UTILIZACAO 2 VEZES","M2",57.48]
["02.001.0003-0","TAPUME DE VEDACAO OU PROTECAO,EXECUTADO COM CHAPAS DE MADEIRA COMPENSADA,RESINADA,LISA,DE COLAGEM FENOLICA,A PROVA D'AGUA,COM 2,20X1,10M E 10MM DE ESPESSURA,PREGADAS EM PECAS DE MADEIRA DE 3ª DE 3\"X3\" HORIZONTAIS E VERTICAIS A CADA 1,22M,EXCLUSIVE PINTURA,COM REAPROVEITAMENTO 10 VEZES DE TODAS AS PECAS DE MADEIRA","M2",48.65,null,"02.001.0003-A","TAPUME DE VEDACAO OU PROTECAO,EXECUTADO COM CHAPAS DE MADEIRA COMPENSADA,RESINADA,LISA,DE COLAGEM FENOLICA,A PROVA D'AGUA,COM 2,20X1,10M E 10MM DE ESPESSURA,PREGADAS EM PECAS DE MADEIRA DE 3ª DE 3\"X3\" HORIZONTAIS E VERTICAIS A CADA 1,22M,EXCLUSIVE PINTURA,COM REAPROVEITAMENTO 10 VEZES DE TODAS AS PECAS DE MADEIRA","M2",45.73]
["02.002.0005-0","TAPUME DE VEDACAO OU PROTECAO,EXECUTADO COM TELHAS TRAPEZOIDAIS DE ACO GALVANIZADO,ESPESSURA DE 0,5MM,ESTAS COM 4 VEZESDE UTILIZACAO,INCLUSIVE ENGRADAMENTO DE MADEIRA,UTILIZADO 2VEZES E PINTURA ESMALTE SINTETICO NA FACE EXTERNA","M2",42.19,null,"02.002.0005-A","TAPUME DE VEDACAO OU PROTECAO,EXECUTADO COM TELHAS TRAPEZOIDAIS DE ACO GALVANIZADO,ESPESSURA DE 0,5MM,ESTAS COM 4 VEZESDE UTILIZACAO,INCLUSIVE ENGRADAMENTO DE MADEIRA,UTILIZADO 2VEZES E PINTURA ESMALTE SINTETICO NA FACE EXTERNA","M2",41.05]
["02.002.0006-0","TAPUME DE VEDACAO OU PROTECAO EXECUTADO COM TELHAS TRAPEZOIDAIS DE ACO GALVANIZADO,ESPESSURA DE 0,5MM,ESTAS COM 4 VEZESDE UTILIZACAO,INCLUSIVE ENGRADAMENTO DE MADEIRA,UTILIZADO 2VEZES E PINTURA ESMALTE SINTETICO NAS FACES INTERNA E EXTERNA","M2",53.4,null,"02.002.0006-A","TAPUME DE VEDACAO OU PROTECAO EXECUTADO COM TELHAS TRAPEZOIDAIS DE ACO GALVANIZADO,ESPESSURA DE 0,5MM,ESTAS COM 4 VEZESDE UTILIZACAO,INCLUSIVE ENGRADAMENTO DE MADEIRA,UTILIZADO 2VEZES E PINTURA ESMALTE SINTETICO NAS FACES INTERNA E EXTERNA","M2",51.86]
["02.002.0007-0","TAPUME DE VEDACAO OU PROTECAO EXECUTADO COM TELHAS TRAPEZOIDAIS DE ACO GALVANIZADO,ESPESSURA DE 0,5MM,ESTAS COM 4 VEZESDE UTILIZACAO,INCLUSIVE ENGRADAMENTO DE MADEIRA,UTILIZADO 2VEZES,EXCLUSIVE PINTURA","M2",30.97,null,"02.002.0007-A","TAPUME DE VEDACAO OU PROTECAO EXECUTADO COM TELHAS TRAPEZOIDAIS DE ACO GALVANIZADO,ESPESSURA DE 0,5MM,ESTAS COM 4 VEZESDE UTILIZACAO,INCLUSIVE ENGRADAMENTO DE MADEIRA,UTILIZADO 2VEZES,EXCLUSIVE PINTURA","M2",30.24]
["02.002.0010-0","TAPUME DE VEDACAO OU PROTECAO,EXECUTADO COM TELHAS TRAPEZOIDAIS DE ACO GALVANIZADO,ESPESSURA DE 0,5MM,ESTAS COM 2 VEZESDE UTILIZACAO,INCLUSIVE ENGRADAMENTO DE MADEIRA,UTILIZADO 2VEZES E PINTURA ESMALTE SINTETICO NA FACE EXTERNA","M2",55.97,null,"02.002.0010-A","TAPUME DE VEDACAO OU PROTECAO,EXECUTADO COM TELHAS TRAPEZOIDAIS DE ACO GALVANIZADO,ESPESSURA DE 0,5MM,ESTAS COM 2 VEZESDE UTILIZACAO,INCLUSIVE ENGRADAMENTO DE MADEIRA,UTILIZADO 2VEZES E PINTURA ESMALTE SINTETICO NA FACE EXTERNA","M2",54.83]
["02.002.0011-0","TAPUME DE VEDACAO OU PROTECAO,EXECUTADO COM TELHAS TRAPEZOIDAIS DE ACO GALVANIZADO,ESPESSURA DE 0,5MM,ESTAS COM 2 VEZESDE UTILIZACAO,INCLUSIVE ENGRADAMENTO DE MADEIRA,UTILIZADO 2VEZES E PINTURA ESMALTE SINTETICO NAS FACES INTERNA E EXTERNA","M2",67.180000000000007,null,"02.002.0011-A","TAPUME DE VEDACAO OU PROTECAO,EXECUTADO COM TELHAS TRAPEZOIDAIS DE ACO GALVANIZADO,ESPESSURA DE 0,5MM,ESTAS COM 2 VEZESDE UTILIZACAO,INCLUSIVE ENGRADAMENTO DE MADEIRA,UTILIZADO 2VEZES E PINTURA ESMALTE SINTETICO NAS FACES INTERNA E EXTERNA","M2",65.64]
["02.002.0012-0","TAPUME DE VEDACAO OU PROTECAO,EXECUTADO COM TELHAS TRAPEZOIDAIS DE ACO GALVANIZADO,ESPESSURA DE 0,5MM,ESTAS COM 2 VEZESDE UTILIZACAO,INCLUSIVE ENGRADAMENTO DE MADEIRA,UTILIZADO 2VEZES,EXCLUSIVE PINTURA","M2",44.75,null,"02.002.0012-A","TAPUME DE VEDACAO OU PROTECAO,EXECUTADO COM TELHAS TRAPEZOIDAIS DE ACO GALVANIZADO,ESPESSURA DE 0,5MM,ESTAS COM 2 VEZESDE UTILIZACAO,INCLUSIVE ENGRADAMENTO DE MADEIRA,UTILIZADO 2VEZES,EXCLUSIVE PINTURA","M2",44.02]
["02.003.0001-1","TAPUME DE VEDACAO OU PROTECAO,EXECUTADO COM TABUAS DE MADEIRA DE 3ª DE 1\"X9\" E 1\"X12\" PREGADAS EM PECAS DE MADEIRA DE 3ªDE 3\"X3\" VERTICAIS A CADA 1,50M,EXCLUSIVE PINTURA","M2",124.35,null,"02.003.0001-B","TAPUME DE VEDACAO OU PROTECAO,EXECUTADO COM TABUAS DE MADEIRA DE 3ª DE 1\"X9\" E 1\"X12\" PREGADAS EM PECAS DE MADEIRA DE 3ªDE 3\"X3\" VERTICAIS A CADA 1,50M,EXCLUSIVE PINTURA","M2",120.33]
["02.004.0001-0","BARRACAO DE OBRA,COM PAREDES E PISO DE TABUAS DE MADEIRA DE3ª,COBERTURA DE TELHAS DE FIBROCIMENTO DE 6MM,E INSTALACOES,EXCLUSIVE PINTURA,SENDO REAPROVEITADO 2 VEZES","M2",570.23,null,"02.004.0001-A","BARRACAO DE OBRA,COM PAREDES E PISO DE TABUAS DE MADEIRA DE3ª,COBERTURA DE TELHAS DE FIBROCIMENTO DE 6MM,E INSTALACOES,EXCLUSIVE PINTURA,SENDO REAPROVEITADO 2 VEZES","M2",540.03]
["02.004.0002-1","BARRACAO OBRA C/PAREDES CHAPAS MADEIRA COMPENSADA,PLASTIF.,LISA,COLAGEM FENOLICA,PROVA D`AGUA, COM 10MM ESP.PISO E ESTRUTURA MADEIRA 3ª,COBERTURA TELHAS ONDULADAS 6MM FIBROCIMENTO,EXCL.PINT.E LIGACOES PROVISORIAS,INCL.INST.,APARELHOS,ESQUADRIAS E FERRAG.,PROJ.Nº2005/EMOP,ESCRITORIO,SANITARIOS,DEPOSITOS E TORRE C/CAIXA D`AGUA 500L,REAPROVEITADO 5 VEZES","M2",599.01,null,"02.004.0002-B","BARRACAO OBRA C/PAREDES CHAPAS MADEIRA COMPENSADA,PLASTIF.,LISA,COLAGEM FENOLICA,PROVA D`AGUA, COM 10MM ESP.PISO E ESTRUTURA MADEIRA 3ª,COBERTURA TELHAS ONDULADAS 6MM FIBROCIMENTO,EXCL.PINT.E LIGACOES PROVISORIAS,INCL.INST.,APARELHOS,ESQUADRIAS E FERRAG.,PROJ.Nº2005/EMOP,ESCRITORIO,SANITARIOS,DEPOSITOS E TORRE C/CAIXA D`AGUA 500L,REAPROVEITADO 5 VEZES","M2",568.83000000000004]
["02.004.0003-0","BARRACAO OBRA C/PAREDES CHAPAS MADEIRA COMPENSADA,PLASTIF.,LISA,COLAGEM FENOLICA,PROVA D'AGUA, COM 10MM ESP.PISO E ESTRUTURA MADEIRA 3ª,COBERTURA TELHAS ONDULADAS 6MM FIBROCIMENTO,EXCL.PINT.E LIGACOES PROVISORIAS,INCL.INST.,APARELHOS,ESQUADRIAS E FERRAG.,PROJ.Nº2006/EMOP,ESCRITORIO,SANITARIOS,DEPOSITOS E TORRE C/CAIXA D`AGUA 500L,REAPROVEITADO 5 VEZES","M2",573.96,null,"02.004.0003-A","BARRACAO OBRA C/PAREDES CHAPAS MADEIRA COMPENSADA,PLASTIF.,LISA,COLAGEM FENOLICA,PROVA D'AGUA, COM 10MM ESP.PISO E ESTRUTURA MADEIRA 3ª,COBERTURA TELHAS ONDULADAS 6MM FIBROCIMENTO,EXCL.PINT.E LIGACOES PROVISORIAS,INCL.INST.,APARELHOS,ESQUADRIAS E FERRAG.,PROJ.Nº2006/EMOP,ESCRITORIO,SANITARIOS,DEPOSITOS E TORRE C/CAIXA D`AGUA 500L,REAPROVEITADO 5 VEZES","M2",543.73]
["02.004.0004-0","BARRACAO OBRA C/PAREDES CHAPAS MADEIRA COMPENSADA,PLASTIF.,LISA,COLAGEM FENOLICA,PROVA D`AGUA, COM 10MM ESP.PISO E ESTRUTURA MADEIRA 3ª,COBERTURA TELHAS ONDULADAS 6MM,FIBROCIMENTO,EXCL.PINT.E LIGACOES PROVISORIAS,INCL.INST.,APARELHOS, ESQUADRIAS E FERRAG.,PROJ.Nº2007/EMOP,ESCRITORIO,SANITARIOS,DEPOSITOS E TORRE C/CAIXA D`AGUA 500L,REAPROVEITADO 5 VEZES","M2",496.92,null,"02.004.0004-A","BARRACAO OBRA C/PAREDES CHAPAS MADEIRA COMPENSADA,PLASTIF.,LISA,COLAGEM FENOLICA,PROVA D`AGUA, COM 10MM ESP.PISO E ESTRUTURA MADEIRA 3ª,COBERTURA TELHAS ONDULADAS 6MM,FIBROCIMENTO,EXCL.PINT.E LIGACOES PROVISORIAS,INCL.INST.,APARELHOS, ESQUADRIAS E FERRAG.,PROJ.Nº2007/EMOP,ESCRITORIO,SANITARIOS,DEPOSITOS E TORRE C/CAIXA D`AGUA 500L,REAPROVEITADO 5 VEZES","M2",471.86]
["02.004.0005-0","BARRACAO DE OBRA COM DIVISAO INTERNA PARA ESCRITORIO E DEPOSITO DE MATERIAIS,PISO DE TABUAS DE MADEIRA DE 3ª SOBRE ESTAQUEAMENTO DE PECAS DE MADEIRA DE 3ª,3\"X3\",PAREDES DE TABUAS DE MADEIRA DE 3ª E COBERTURA DE TELHAS DE FIBROCIMENTO DE 6MM,INCLUSIVE INSTALACAO ELETRICA,EXCLUSIVE PINTURA,SENDO REAPROVEITADO 2 VEZES","M2",573.45000000000005,null,"02.004.0005-A","BARRACAO DE OBRA COM DIVISAO INTERNA PARA ESCRITORIO E DEPOSITO DE MATERIAIS,PISO DE TABUAS DE MADEIRA DE 3ª SOBRE ESTAQUEAMENTO DE PECAS DE MADEIRA DE 3ª,3\"X3\",PAREDES DE TABUAS DE MADEIRA DE 3ª E COBERTURA DE TELHAS DE FIBROCIMENTO DE 6MM,INCLUSIVE INSTALACAO ELETRICA,EXCLUSIVE PINTURA,SENDO REAPROVEITADO 2 VEZES","M2",548.85]
["02.004.0006-0","BARRACAO OBRA C/DIVISAO INTERNA P/ESCRITORIO E ALOJAMENTO,PISO TABUAS MAD.3ª,2,50M ACIMA DO SOLO SOBRE ESTAQUEAMENTO PECAS MAD.3ª,3\"X4.1/2\",PAREDES CHAPAS MAD.COMPENSADA,PROVA D'AGUA,10MM ESP.COBERTURA TELHAS ONDULADAS 6MM FIBROCIMENTO,EXCLPINT.E LIGACOES PROVISORIAS,REAPROVEITADO 5 VEZES.ESPACO ENTRE SOLO E PISO BARRACAO DIVIDIDO 3 DEPOSITOS DE MAT.INERTE","M2",475.69,null,"02.004.0006-A","BARRACAO OBRA C/DIVISAO INTERNA P/ESCRITORIO E ALOJAMENTO,PISO TABUAS MAD.3ª,2,50M ACIMA DO SOLO SOBRE ESTAQUEAMENTO PECAS MAD.3ª,3\"X4.1/2\",PAREDES CHAPAS MAD.COMPENSADA,PROVA D'AGUA,10MM ESP.COBERTURA TELHAS ONDULADAS 6MM FIBROCIMENTO,EXCLPINT.E LIGACOES PROVISORIAS,REAPROVEITADO 5 VEZES.ESPACO ENTRE SOLO E PISO BARRACAO DIVIDIDO 3 DEPOSITOS DE MAT.INERTE","M2",450.61]
["02.004.0007-0","BARRACAO OBRA C/PAREDES CHAPAS MAD.COMP.PLASTIF.LISA,COLAGEMFENOLICA,PROVA D'AGUA,2,44X1,22M,9MM ESP.PISO/ESTRUT.MAD.3ª,COBERT.TELHAS ONDULADAS 6MM FIBROCIMENTO,EXCL.PINT.E LIG.PROVIS.INCL.INST.APARELHOS,ESQUADRIAS E FERRAG.PROJ.2005,ESCRIT.SANITARIOS,DEPOSITOS E TORRE C/CAIXA D'AGUA 1000L,REAPROVEITADO 5 VEZES,C/ALOJAMENTO CONF.PROJ.2008,ACIMA SOLO 2,50M","M2",619.65,null,"02.004.0007-A","BARRACAO OBRA C/PAREDES CHAPAS MAD.COMP.PLASTIF.LISA,COLAGEMFENOLICA,PROVA D'AGUA,2,44X1,22M,9MM ESP.PISO/ESTRUT.MAD.3ª,COBERT.TELHAS ONDULADAS 6MM FIBROCIMENTO,EXCL.PINT.E LIG.PROVIS.INCL.INST.APARELHOS,ESQUADRIAS E FERRAG.PROJ.2005,ESCRIT.SANITARIOS,DEPOSITOS E TORRE C/CAIXA D'AGUA 1000L,REAPROVEITADO 5 VEZES,C/ALOJAMENTO CONF.PROJ.2008,ACIMA SOLO 2,50M","M2",587.36]
["02.004.0010-0","BARRACAO DE OBRA EM CHAPA DE MADEIRA COMPENSADA DE 6MM DE ESPESSURA,RESINADA,SIMPLES,REAPROVEITAMENTO DE 2 VEZES,PISO EMCIMENTADO,COBERTURA COM TELHAS DE FIBROCIMENTO SEM AMIANTO,ESPESSURA 6MM,INCLUSIVE INSTALACOES","M2",599.07000000000005,null,"02.004.0010-A","BARRACAO DE OBRA EM CHAPA DE MADEIRA COMPENSADA DE 6MM DE ESPESSURA,RESINADA,SIMPLES,REAPROVEITAMENTO DE 2 VEZES,PISO EMCIMENTADO,COBERTURA COM TELHAS DE FIBROCIMENTO SEM AMIANTO,ESPESSURA 6MM,INCLUSIVE INSTALACOES","M2",563.91]
["02.004.0012-0","SANITARIO COM VASO E CHUVEIRO PARA PESSOAL DE OBRA,COM 2,00M2 EXECUTADO COM TABUAS DE MADEIRA DE 3ª,E TELHAS ONDULADAS DE 6MM DE FIBROCIMENTO,INCLUSIVE INSTALACOES,APARELHOS,ESQUADRIAS E FERRAGENS CONSIDERANDO REAPROVEITAMENTO DAS INSTALACOES E APARELHOS 2 VEZES","UN",3022.66,null,"02.004.0012-A","SANITARIO COM VASO E CHUVEIRO PARA PESSOAL DE OBRA,COM 2,00M2 EXECUTADO COM TABUAS DE MADEIRA DE 3ª,E TELHAS ONDULADAS DE 6MM DE FIBROCIMENTO,INCLUSIVE INSTALACOES,APARELHOS,ESQUADRIAS E FERRAGENS CONSIDERANDO REAPROVEITAMENTO DAS INSTALACOES E APARELHOS 2 VEZES","UN",2921.72]
["02.004.0013-0","SANITARIO COM VASO E CHUVEIRO PARA PESSOAL DE OBRA,COLETIVODE 2 UNIDADES E 4,00M2 EXECUTADO COM TABUAS DE MADEIRA DE 3ª,E TELHAS ONDULADAS DE 6MM DE FIBROCIMENTO,INCLUSIVE INSTALACOES,APARELHOS,ESQUADRIAS E FERRAGENS CONSIDERANDO REAPROVEITAMENTO DAS INSTALACOES E APARELHOS 2 VEZES","UN",5372.1,null,"02.004.0013-A","SANITARIO COM VASO E CHUVEIRO PARA PESSOAL DE OBRA,COLETIVODE 2 UNIDADES E 4,00M2 EXECUTADO COM TABUAS DE MADEIRA DE 3ª,E TELHAS ONDULADAS DE 6MM DE FIBROCIMENTO,INCLUSIVE INSTALACOES,APARELHOS,ESQUADRIAS E FERRAGENS CONSIDERANDO REAPROVEITAMENTO DAS INSTALACOES E APARELHOS 2 VEZES","UN",5186.2700000000004]
["02.006.0010-0","ALUGUEL DE CONTAINER (MODULO METALICO ICAVEL) P/ESCRITORIO,MEDINDO APROX.2,30M LARGURA,6,00M COMPRIMENTO E 2,50M ALTURA,COMPOSTO CHAPAS ACO C/NERVURAS TRAPEZOIDAIS,ISOLAMENTO TERMO-ACUSTICO FORRO,CHASSIS REFORCADO E PISO EM COMPENSADO NAVAL,INCLUINDO INSTALACOES ELETRICAS,EXCLUSIVE TRANSPORTE (VIDEITEM 04.005.0300),CARGA E DESCARGA (VIDE ITEM 04.013.0015)","UNXMES",885.1,null,"02.006.0010-A","ALUGUEL DE CONTAINER (MODULO METALICO ICAVEL) P/ESCRITORIO,MEDINDO APROX.2,30M LARGURA,6,00M COMPRIMENTO E 2,50M ALTURA,COMPOSTO CHAPAS ACO C/NERVURAS TRAPEZOIDAIS,ISOLAMENTO TERMO-ACUSTICO FORRO,CHASSIS REFORCADO E PISO EM COMPENSADO NAVAL,INCLUINDO INSTALACOES ELETRICAS,EXCLUSIVE TRANSPORTE (VIDEITEM 04.005.0300),CARGA E DESCARGA (VIDE ITEM 04.013.0015)","UNXMES",885.1]
["02.006.0015-0","ALUGUEL CONTAINER (MODULO METALICO ICAVEL),P/ESCRITORIO C/WC,MED.APROX.2,30M LARG.6,00M COMPR.E 2,50M ALT.CHAPAS ACO C/NERVURAS TRAPEZOIDAIS,ISOLAMENTO TERMO-ACUSTICO FORRO,CHASSISREFORCADO E PISO COMPENSADO NAVAL,INCLUINDO INST.ELETR.HIDROSSANITARIAS,SUPRIDO ACESSORIOS,1 BACIA SANITARIA E 1 LAVATORIO,EXCL.TRANSP.(04.005.0300),CARGA E DESCARGA (04.013.0015)","UNXMES",1250,null,"02.006.0015-A","ALUGUEL CONTAINER (MODULO METALICO ICAVEL),P/ESCRITORIO C/WC,MED.APROX.2,30M LARG.6,00M COMPR.E 2,50M ALT.CHAPAS ACO C/NERVURAS TRAPEZOIDAIS,ISOLAMENTO TERMO-ACUSTICO FORRO,CHASSISREFORCADO E PISO COMPENSADO NAVAL,INCLUINDO INST.ELETR.HIDROSSANITARIAS,SUPRIDO ACESSORIOS,1 BACIA SANITARIA E 1 LAVATORIO,EXCL.TRANSP.(04.005.0300),CARGA E DESCARGA (04.013.0015)","UNXMES",1250]
["02.006.0030-0","ALUGUEL CONTAINER(MODULO METALICO ICAVEL),SANITARIO-VESTIARIO,MED.APROX.2,30M LARG.6,00M COMPR.2,50M ALT.CHAPAS ACO NERVURAS TRAPEZOIDAIS,ISOLAMENTO TERMO-ACUSTICO FORRO,CHASSIS REFORCADO PISO COMPENSADO NAVAL,INCL.INST.ELETR.HIDROSSANITARIAS,SUPRIDO ACESS.7 BACIAS SANITARIAS,2 LAVATORIOS E 2 MICTORIOS,EXCL.TRANSP.(04.005.0300),CARGA E DESCARGA(04.013.0015)","UNXMES",1850,null,"02.006.0030-A","ALUGUEL CONTAINER(MODULO METALICO ICAVEL),SANITARIO-VESTIARIO,MED.APROX.2,30M LARG.6,00M COMPR.2,50M ALT.CHAPAS ACO NERVURAS TRAPEZOIDAIS,ISOLAMENTO TERMO-ACUSTICO FORRO,CHASSIS REFORCADO PISO COMPENSADO NAVAL,INCL.INST.ELETR.HIDROSSANITARIAS,SUPRIDO ACESS.7 BACIAS SANITARIAS,2 LAVATORIOS E 2 MICTORIOS,EXCL.TRANSP.(04.005.0300),CARGA E DESCARGA(04.013.0015)","UNXMES",1850]
["02.006.0035-0","ALUGUEL CONTAINER,P/SANITARIO-VESTIARIO,MED.APROX.2,30M LARGURA,6,00M COMPR.E 2,50M ALT.CHAPAS ACO NERVURAS TRAPEZOIDAIS,ISOLAMENTO TERMO-ACUSTICO FORRO,CHASSIS REFORCADO E PISO COMPENSADO NAVAL,INCL.INST.ELETR.HIDROSSANITARIAS,SUPRIDO ACESSORIOS,3 BACIAS SANITARIAS,2 LAVATORIOS,1 MICTORIO E 4 CHUVEIROS,EXCL.TRANSP.(04.005.0300),CARGA E DESCARGA(04.013.0015)","UNXMES",1837,null,"02.006.0035-A","ALUGUEL CONTAINER,P/SANITARIO-VESTIARIO,MED.APROX.2,30M LARGURA,6,00M COMPR.E 2,50M ALT.CHAPAS ACO NERVURAS TRAPEZOIDAIS,ISOLAMENTO TERMO-ACUSTICO FORRO,CHASSIS REFORCADO E PISO COMPENSADO NAVAL,INCL.INST.ELETR.HIDROSSANITARIAS,SUPRIDO ACESSORIOS,3 BACIAS SANITARIAS,2 LAVATORIOS,1 MICTORIO E 4 CHUVEIROS,EXCL.TRANSP.(04.005.0300),CARGA E DESCARGA(04.013.0015)","UNXMES",1837]
["02.006.0050-0","ALUGUEL DE BANHEIRO QUIMICO,PORTATIL,MEDINDO 2,31M ALTURA X1,56M LARGURA E 1,16M PROFUNDIDADE,INCLUSIVE INSTALACAO E RETIRADA DO EQUIPAMENTO,FORNECIMENTO DE QUIMICA DESODORIZANTE,BACTERICIDA E BACTERIOSTATICA,PAPEL HIGIENICO E VEICULO PROPRIO COM UNIDADE MOVEL DE SUCCAO PARA LIMPEZA","UNXMES",1350,null,"02.006.0050-A","ALUGUEL DE BANHEIRO QUIMICO,PORTATIL,MEDINDO 2,31M ALTURA X1,56M LARGURA E 1,16M PROFUNDIDADE,INCLUSIVE INSTALACAO E RETIRADA DO EQUIPAMENTO,FORNECIMENTO DE QUIMICA DESODORIZANTE,BACTERICIDA E BACTERIOSTATICA,PAPEL HIGIENICO E VEICULO PROPRIO COM UNIDADE MOVEL DE SUCCAO PARA LIMPEZA","UNXMES",1350]
["02.010.0001-0","GALPAO ABERTO PARA OFICINAS E DEPOSITOS DE CANTEIRO DE OBRAS,ESTRUTURADO EM MADEIRA,COBERTURA DE TELHAS DE CIMENTO SEM AMIANTO ONDULADAS,DE 6MM DE ESPESSURA,PISO CIMENTADO E PREPARO DO TERRENO","M2",378.99,null,"02.010.0001-A","GALPAO ABERTO PARA OFICINAS E DEPOSITOS DE CANTEIRO DE OBRAS,ESTRUTURADO EM MADEIRA,COBERTURA DE TELHAS DE CIMENTO SEM AMIANTO ONDULADAS,DE 6MM DE ESPESSURA,PISO CIMENTADO E PREPARO DO TERRENO","M2",359.2]
["02.010.0002-0","GALPAO ABERTO PARA OFICINAS E DEPOSITOS DE CANTEIRO DE OBRAS,ESTRUTURADO EM MADEIRA,COBERTURA DE TELHAS DE CIMENTO SEM AMIANTO ONDULADAS,DE 6MM DE ESPESSURA,PISO CIMENTADO E PREPARO DO TERRENO,SENDO A MADEIRA E A COBERTURA EMPREGADAS 3 VEZES","M2",329.04,null,"02.010.0002-A","GALPAO ABERTO PARA OFICINAS E DEPOSITOS DE CANTEIRO DE OBRAS,ESTRUTURADO EM MADEIRA,COBERTURA DE TELHAS DE CIMENTO SEM AMIANTO ONDULADAS,DE 6MM DE ESPESSURA,PISO CIMENTADO E PREPARO DO TERRENO,SENDO A MADEIRA E A COBERTURA EMPREGADAS 3 VEZES","M2",309.25]
["02.011.0001-0","CERCA PROTETORA DE BORDA DE VALA,CONSTRUIDA COM MONTANTES DE3\"X3\" DE MADEIRA DE 3ª,C/1,50M DE COMPRIMENTO,FICANDO 0,50MENTERRADO, COM INTERVALO DE 2,00M E 2 TABUAS DE MADEIRA DE1\"X12\",HORIZONTAIS,COM 40CM DE SEPARACAO,COM APROVEITAMENTODE UMA VEZ DA MADEIRA","M",41.1,null,"02.011.0001-A","CERCA PROTETORA DE BORDA DE VALA,CONSTRUIDA COM MONTANTES DE3\"X3\" DE MADEIRA DE 3ª,C/1,50M DE COMPRIMENTO,FICANDO 0,50MENTERRADO, COM INTERVALO DE 2,00M E 2 TABUAS DE MADEIRA DE1\"X12\",HORIZONTAIS,COM 40CM DE SEPARACAO,COM APROVEITAMENTODE UMA VEZ DA MADEIRA","M",40.33]
["02.011.0002-0","CERCA PROTETORA DE BORDA DE VALA,CONSTRUIDA COM MONTANTES DE3\"X3\" DE MADEIRA DE 3ª,COM 1,50M DE COMPRIMENTO,FICANDO 0,50M ENTERRADO,COM INTERVALO DE 2,00M E 2 TABUAS DE MADEIRA DE1\"X12\",HORIZONTAIS,COM 40CM DE SEPARACAO,COM APROVEITAMENTODE 3 VEZES DA MADEIRA","M",21.35,null,"02.011.0002-A","CERCA PROTETORA DE BORDA DE VALA,CONSTRUIDA COM MONTANTES DE3\"X3\" DE MADEIRA DE 3ª,COM 1,50M DE COMPRIMENTO,FICANDO 0,50M ENTERRADO,COM INTERVALO DE 2,00M E 2 TABUAS DE MADEIRA DE1\"X12\",HORIZONTAIS,COM 40CM DE SEPARACAO,COM APROVEITAMENTODE 3 VEZES DA MADEIRA","M",20.58]
["02.011.0003-0","RETIRADA E RECOLOCACAO DA CERCA PROTETORA DE BORDA DE VALA,SEGUNDO DESCRICAO DO ITEM 02.011.0001,EXCETO MATERIAIS","M",17.38,null,"02.011.0003-A","RETIRADA E RECOLOCACAO DA CERCA PROTETORA DE BORDA DE VALA,SEGUNDO DESCRICAO DO ITEM 02.011.0001,EXCETO MATERIAIS","M",16.22]
["02.011.0010-0","CERCA PROTETORA DE BORDA DE VALA OU OBRA,COM TELA PLASTICA NA COR LARANJA OU AMARELA,CONSIDERANDO 2 VEZES DE UTILIZACAO,INCLUSIVE APOIOS,FORNECIMENTO,COLOCACAO E RETIRADA","M2",0.87,null,"02.011.0010-A","CERCA PROTETORA DE BORDA DE VALA OU OBRA,COM TELA PLASTICA NA COR LARANJA OU AMARELA,CONSIDERANDO 2 VEZES DE UTILIZACAO,INCLUSIVE APOIOS,FORNECIMENTO,COLOCACAO E RETIRADA","M2",0.87]
["02.011.0014-0","CERCA PROTETORA DE BORDA DE VALA OU OBRA,COM TELA PLASTICA NA COR LARANJA OU AMARELA,CONSIDERANDO 1 VEZ DE UTILIZACAO,INCLUSIVE APOIOS,FORNECIMENTO,COLOCACAO E RETIRADA","M2",1.75,null,"02.011.0014-A","CERCA PROTETORA DE BORDA DE VALA OU OBRA,COM TELA PLASTICA NA COR LARANJA OU AMARELA,CONSIDERANDO 1 VEZ DE UTILIZACAO,INCLUSIVE APOIOS,FORNECIMENTO,COLOCACAO E RETIRADA","M2",1.75]
["02.015.0001-0","INSTALACAO E LIGACAO PROVISORIA PARA ABASTECIMENTO DE AGUA EESGOTAMENTO SANITARIO EM CANTEIRO DE OBRAS,INCLUSIVE ESCAVACAO,EXCLUSIVE REPOSICAO DA PAVIMENTACAO DO LOGRADOURO PUBLICO","UN",5035.78,null,"02.015.0001-A","INSTALACAO E LIGACAO PROVISORIA PARA ABASTECIMENTO DE AGUA EESGOTAMENTO SANITARIO EM CANTEIRO DE OBRAS,INCLUSIVE ESCAVACAO,EXCLUSIVE REPOSICAO DA PAVIMENTACAO DO LOGRADOURO PUBLICO","UN",4948.49]
["02.016.0001-0","INSTALACAO E LIGACAO PROVISORIA DE ALIMENTACAO DE ENERGIA ELETRICA,EM BAIXA TENSAO,PARA CANTEIRO DE OBRAS,M3-CHAVE 100A,CARGA 3KW,20CV,EXCLUSIVE O FORNECIMENTO DO MEDIDOR","UN",2647.3,null,"02.016.0001-A","INSTALACAO E LIGACAO PROVISORIA DE ALIMENTACAO DE ENERGIA ELETRICA,EM BAIXA TENSAO,PARA CANTEIRO DE OBRAS,M3-CHAVE 100A,CARGA 3KW,20CV,EXCLUSIVE O FORNECIMENTO DO MEDIDOR","UN",2563.25]
["02.016.0003-0","ENTRADA DE SERVICO AEREA,EM MEDIA TENSAO(15KV),PARA 30KVA,INCLUSIVE MEDICAO,POSTE E TODOS OS MATERIAIS ELETRICOS NECESSARIOS,EXCLUSIVE ALUGUEL DO TRANSFORMADOR (VIDE FAMILIA 05.014)","UN",16652.490000000002,null,"02.016.0003-A","ENTRADA DE SERVICO AEREA,EM MEDIA TENSAO(15KV),PARA 30KVA,INCLUSIVE MEDICAO,POSTE E TODOS OS MATERIAIS ELETRICOS NECESSARIOS,EXCLUSIVE ALUGUEL DO TRANSFORMADOR (VIDE FAMILIA 05.014)","UN",16292.71]
["02.016.0004-0","ENTRADA DE SERVICO AEREA,EM MEDIA TENSAO(15KV),PARA 45KVA,INCLUSIVE MEDICAO,POSTE E TODOS OS MATERIAIS ELETRICOS NECESSARIOS,EXCLUSIVE ALUGUEL DO TRANSFORMADOR (VIDE FAMILIA 05.014)","UN",20660.849999999999,null,"02.016.0004-A","ENTRADA DE SERVICO AEREA,EM MEDIA TENSAO(15KV),PARA 45KVA,INCLUSIVE MEDICAO,POSTE E TODOS OS MATERIAIS ELETRICOS NECESSARIOS,EXCLUSIVE ALUGUEL DO TRANSFORMADOR (VIDE FAMILIA 05.014)","UN",20301.07]
["02.016.0006-0","ENTRADA DE SERVICO AEREA,EM MEDIA TENSAO(15KV),PARA 75KVA,INCLUSIVE MEDICAO,POSTE E TODOS OS MATERIAIS ELETRICOS NECESSARIOS,EXCLUSIVE ALUGUEL DO TRANSFORMADOR (VIDE FAMILIA 05.014)","UN",23680.97,null,"02.016.0006-A","ENTRADA DE SERVICO AEREA,EM MEDIA TENSAO(15KV),PARA 75KVA,INCLUSIVE MEDICAO,POSTE E TODOS OS MATERIAIS ELETRICOS NECESSARIOS,EXCLUSIVE ALUGUEL DO TRANSFORMADOR (VIDE FAMILIA 05.014)","UN",23321.19]
["02.016.0008-0","ENTRADA DE SERVICO AEREA,EM MEDIA TENSAO(15KV),PARA 112,5KVA,INCLUSIVE MEDICAO,POSTE E TODOS OS MATERIAIS ELETRICOS NECESSARIOS,EXCLUSIVE ALUGUEL DO TRANSFORMADOR (VIDE FAMILIA 05.014)","UN",25399.02,null,"02.016.0008-A","ENTRADA DE SERVICO AEREA,EM MEDIA TENSAO(15KV),PARA 112,5KVA,INCLUSIVE MEDICAO,POSTE E TODOS OS MATERIAIS ELETRICOS NECESSARIOS,EXCLUSIVE ALUGUEL DO TRANSFORMADOR (VIDE FAMILIA 05.014)","UN",25035.55]
["02.016.0010-0","ENTRADA DE SERVICO AEREA,EM MEDIA TENSAO(15KV),PARA 150KVA,INCLUSIVE MEDICAO,POSTE E TODOS OS MATERIAIS ELETRICOS NECESSARIOS,EXCLUSIVE ALUGUEL DO TRANSFORMADOR (VIDE FAMILIA 05.014)","UN",26962.41,null,"02.016.0010-A","ENTRADA DE SERVICO AEREA,EM MEDIA TENSAO(15KV),PARA 150KVA,INCLUSIVE MEDICAO,POSTE E TODOS OS MATERIAIS ELETRICOS NECESSARIOS,EXCLUSIVE ALUGUEL DO TRANSFORMADOR (VIDE FAMILIA 05.014)","UN",26598.94]
["02.020.0001-0","PLACA DE IDENTIFICACAO DE OBRA PUBLICA,INCLUSIVE PINTURA E SUPORTES DE MADEIRA.FORNECIMENTO E COLOCACAO","M2",564.24,null,"02.020.0001-A","PLACA DE IDENTIFICACAO DE OBRA PUBLICA,INCLUSIVE PINTURA E SUPORTES DE MADEIRA.FORNECIMENTO E COLOCACAO","M2",546.86]
["02.020.0002-0","PLACA DE IDENTIFICACAO DE OBRA PUBLICA,TIPO BANNER/PLOTTER,CONSTITUIDA POR LONA E IMPRESSAO DIGITAL,INCLUSIVE SUPORTES DE MADEIRA.FORNECIMENTO E COLOCACAO","M2",280.45,null,"02.020.0002-A","PLACA DE IDENTIFICACAO DE OBRA PUBLICA,TIPO BANNER/PLOTTER,CONSTITUIDA POR LONA E IMPRESSAO DIGITAL,INCLUSIVE SUPORTES DE MADEIRA.FORNECIMENTO E COLOCACAO","M2",273.16000000000003]
["02.020.0003-0","PLACA DE IDENTIFICACAO DE OBRA PUBLICA,TIPO BANNER/PLOTTER,CONSTITUIDA POR LONA E IMPRESSAO DIGITAL,EXCLUSIVE SUPORTE DEMADEIRA.FORNECIMENTO E COLOCACAO","M2",146.87,null,"02.020.0003-A","PLACA DE IDENTIFICACAO DE OBRA PUBLICA,TIPO BANNER/PLOTTER,CONSTITUIDA POR LONA E IMPRESSAO DIGITAL,EXCLUSIVE SUPORTE DEMADEIRA.FORNECIMENTO E COLOCACAO","M2",143.93]
["02.020.0005-0","BARRAGEM DE BLOQUEIO DE OBRA NA VIA PUBLICA,DE ACORDO COM ARESOLUCAO DA PREFEITURA-RJ,COMPREENDENDO FORNECIMENTO,COLOCACAO E PINTURA DOS SUPORTES DE MADEIRA COM REAPROVEITAMENTO DO CONJUNTO 40 (QUARENTA) VEZES","M",4.32,null,"02.020.0005-A","BARRAGEM DE BLOQUEIO DE OBRA NA VIA PUBLICA,DE ACORDO COM ARESOLUCAO DA PREFEITURA-RJ,COMPREENDENDO FORNECIMENTO,COLOCACAO E PINTURA DOS SUPORTES DE MADEIRA COM REAPROVEITAMENTO DO CONJUNTO 40 (QUARENTA) VEZES","M",4.12]
["02.020.0009-0","SEMAFORO PARA SINALIZACAO DE BLOQUEIO DE OBRA NA VIA PUBLICA,DE ACORDO COM A RESOLUCAO DA PREFEITURA-RJ,COMPREENDENDO FORNECIMENTO E COLOCACAO DE TODOS OS MATERIAIS NECESSARIOS,INCLUSIVE MATERIAIS ELETRICOS,CONSIDERANDO 40 VEZES O REAPROVEITAMENTO DA MADEIRA","UN",132.55000000000001,null,"02.020.0009-A","SEMAFORO PARA SINALIZACAO DE BLOQUEIO DE OBRA NA VIA PUBLICA,DE ACORDO COM A RESOLUCAO DA PREFEITURA-RJ,COMPREENDENDO FORNECIMENTO E COLOCACAO DE TODOS OS MATERIAIS NECESSARIOS,INCLUSIVE MATERIAIS ELETRICOS,CONSIDERANDO 40 VEZES O REAPROVEITAMENTO DA MADEIRA","UN",128.21]
["02.025.0010-0","GABARITO SIMPLES DE PASSAGEM,PROVISORIO PARA VIA PUBLICA MEDINDO 10,00M DE VAO E 4,50M DE ALTURA(VIGA EM \"I\" 8\" E COLUNAS EM \"I\" 10\" ESTAIADAS COM VERGALHAO DE 1/4\")ASSENTES EM BASE DE CONCRETO CICLOPICO,SENDO O MATERIAL UTILIZADO 1 VEZ,INCLUSIVE DEMOLICAO POSTERIOR DO PAVIMENTO E REMOCAO DA ESTRUTURA","UN",27491.29,null,"02.025.0010-A","GABARITO SIMPLES DE PASSAGEM,PROVISORIO PARA VIA PUBLICA MEDINDO 10,00M DE VAO E 4,50M DE ALTURA(VIGA EM \"I\" 8\" E COLUNAS EM \"I\" 10\" ESTAIADAS COM VERGALHAO DE 1/4\")ASSENTES EM BASE DE CONCRETO CICLOPICO,SENDO O MATERIAL UTILIZADO 1 VEZ,INCLUSIVE DEMOLICAO POSTERIOR DO PAVIMENTO E REMOCAO DA ESTRUTURA","UN",26100.75]
["02.025.0012-0","GABARITO SIMPLES DE PASSAGEM,PROVISORIO PARA VIA PUBLICA MEDINDO 10,00M DE VAO E 4,50M DE ALTURA(VIGA EM \"I\" 8\" E COLUNAS EM \"I\" 10\" ESTAIADAS COM VERGALHAO DE 1/4\")ASSENTES EM BASE DE CONCRETO CICLOPICO,SENDO O MATERIAL UTILIZADO 2 VEZES,INCLUSIVE DEMOLICAO POSTERIOR DO PAVIMENTO E REMOCAO DA ESTRUTURA","UN",24395.19,null,"02.025.0012-A","GABARITO SIMPLES DE PASSAGEM,PROVISORIO PARA VIA PUBLICA MEDINDO 10,00M DE VAO E 4,50M DE ALTURA(VIGA EM \"I\" 8\" E COLUNAS EM \"I\" 10\" ESTAIADAS COM VERGALHAO DE 1/4\")ASSENTES EM BASE DE CONCRETO CICLOPICO,SENDO O MATERIAL UTILIZADO 2 VEZES,INCLUSIVE DEMOLICAO POSTERIOR DO PAVIMENTO E REMOCAO DA ESTRUTURA","UN",23004.639999999999]
["02.025.0015-0","GABARITO SIMPLES DE PASSAGEM,PROVISORIO PARA VIA PUBLICA MEDINDO 10,00M DE VAO E 4,50M DE ALTURA(VIGA EM \"I\" 8\" E COLUNAS EM \"I\" 10\" ESTAIADAS COM VERGALHAO DE 1/4\")ASSENTES EM BASE DE CONCRETO CICLOPICO,SENDO O MATERIAL UTILIZADO 4 VEZES,INCLUSIVE DEMOLICAO POSTERIOR DO PAVIMENTO E REMOCAO DA ESTRUTURA","UN",14990.34,null,"02.025.0015-A","GABARITO SIMPLES DE PASSAGEM,PROVISORIO PARA VIA PUBLICA MEDINDO 10,00M DE VAO E 4,50M DE ALTURA(VIGA EM \"I\" 8\" E COLUNAS EM \"I\" 10\" ESTAIADAS COM VERGALHAO DE 1/4\")ASSENTES EM BASE DE CONCRETO CICLOPICO,SENDO O MATERIAL UTILIZADO 4 VEZES,INCLUSIVE DEMOLICAO POSTERIOR DO PAVIMENTO E REMOCAO DA ESTRUTURA","UN",14121.91]
["02.025.0020-0","GABARITO DUPLO DE PASSAGEM,PROVISORIO PARA VIA PUBLICA MEDINDO 19,00M DE VAO E 4,50M DE ALTURA(VIGA EM \"I\" 8\" E 3 COLUNAS EM \"I\" 8\" ESTAIADAS COM VERGALHAO DE 1/4\")ASSENTES EM BASEDE CONCRETO CICLOPICO,SENDO O MATERIAL UTILIZADO 1 VEZ,INCLUSIVE DEMOLICAO POSTERIOR DO PAVIMENTO E REMOCAO DA ESTRUTURA","UN",54035.44,null,"02.025.0020-A","GABARITO DUPLO DE PASSAGEM,PROVISORIO PARA VIA PUBLICA MEDINDO 19,00M DE VAO E 4,50M DE ALTURA(VIGA EM \"I\" 8\" E 3 COLUNAS EM \"I\" 8\" ESTAIADAS COM VERGALHAO DE 1/4\")ASSENTES EM BASEDE CONCRETO CICLOPICO,SENDO O MATERIAL UTILIZADO 1 VEZ,INCLUSIVE DEMOLICAO POSTERIOR DO PAVIMENTO E REMOCAO DA ESTRUTURA","UN",51164.959999999999]
["02.025.0025-0","GABARITO DUPLO DE PASSAGEM,PROVISORIO PARA VIA PUBLICA,MEDINDO 19,00M DE VAO E 4,50M DE ALTURA(VIGA EM \"I\" 8\" E 3 COLUNAS EM \"I\" 8\" ESTAIADAS COM VERGALHAO DE 1/4\")ASSENTES EM BASEDE CONCRETO CICLOPICO,SENDO O MATERIAL UTILIZADO 2 VEZES,INCLUSIVE DEMOLICAO POSTERIOR DO PAVIMENTO E REMOCAO DA ESTRUTURA","UN",40263.39,null,"02.025.0025-A","GABARITO DUPLO DE PASSAGEM,PROVISORIO PARA VIA PUBLICA,MEDINDO 19,00M DE VAO E 4,50M DE ALTURA(VIGA EM \"I\" 8\" E 3 COLUNAS EM \"I\" 8\" ESTAIADAS COM VERGALHAO DE 1/4\")ASSENTES EM BASEDE CONCRETO CICLOPICO,SENDO O MATERIAL UTILIZADO 2 VEZES,INCLUSIVE DEMOLICAO POSTERIOR DO PAVIMENTO E REMOCAO DA ESTRUTURA","UN",37964.44]
["02.025.0030-0","GABARITO DUPLO DE PASSAGEM,PROVISORIO PARA VIA PUBLICA MEDINDO 19,00M DE VAO E 4,50M DE ALTURA(VIGA EM \"I\" 8\" E 3 COLUNAS EM \"I\" 8\" ESTAIADAS COM VERGALHAO DE 1/4\")ASSENTES EM BASEDE CONCRETO CICLOPICO,SENDO O MATERIAL UTILIZADO 4 VEZES,INCLUSIVE DEMOLICAO POSTERIOR DO PAVIMENTO E REMOCAO DA ESTRUTURA","UN",33353.550000000003,null,"02.025.0030-A","GABARITO DUPLO DE PASSAGEM,PROVISORIO PARA VIA PUBLICA MEDINDO 19,00M DE VAO E 4,50M DE ALTURA(VIGA EM \"I\" 8\" E 3 COLUNAS EM \"I\" 8\" ESTAIADAS COM VERGALHAO DE 1/4\")ASSENTES EM BASEDE CONCRETO CICLOPICO,SENDO O MATERIAL UTILIZADO 4 VEZES,INCLUSIVE DEMOLICAO POSTERIOR DO PAVIMENTO E REMOCAO DA ESTRUTURA","UN",31341.84]
["02.030.0005-0","PLACA DE SINALIZACAO PREVENTIVA PARA OBRA NA VIA PUBLICA,DEACORDO COM A RESOLUCAO DA PREFEITURA-RJ, COMPREENDENDO FORNECIMENTO E PINTURA DA PLACA E DOS SUPORTES DE MADEIRA.FORNECIMENTO E COLOCACAO","UN",111.79,null,"02.030.0005-A","PLACA DE SINALIZACAO PREVENTIVA PARA OBRA NA VIA PUBLICA,DEACORDO COM A RESOLUCAO DA PREFEITURA-RJ, COMPREENDENDO FORNECIMENTO E PINTURA DA PLACA E DOS SUPORTES DE MADEIRA.FORNECIMENTO E COLOCACAO","UN",106.86]
["02.030.0010-0","BALIZADOR VAGALUME (ALUGUEL),EQUIPADO COM PISCA ALERTA E PAINEIS DE FITA REFLETIVA PADRAO ENGENHARIA COM ALTURA DE 1,32M,DE ACORDO COM O MANUAL DA CET-RIO,INCLUSIVE MANUTENCAO,PRIMEIRA COLOCACAO E RETIRADA DA OBRA","UNXMES",64.040000000000006,null,"02.030.0010-A","BALIZADOR VAGALUME (ALUGUEL),EQUIPADO COM PISCA ALERTA E PAINEIS DE FITA REFLETIVA PADRAO ENGENHARIA COM ALTURA DE 1,32M,DE ACORDO COM O MANUAL DA CET-RIO,INCLUSIVE MANUTENCAO,PRIMEIRA COLOCACAO E RETIRADA DA OBRA","UNXMES",64.040000000000006]
["02.030.0020-0","CAVALETE MINICADE (ALUGUEL),EQUIPADO COM PAINEIS REFLETIVOSDE ALTA INTENSIDADE E UM PISCA ALERTA COM CELULA FOTO-ELETRICA,ALIMENTADA POR 2 BATERIAS DE 6V (DISPENSA O USO DE GERADOR)","UNXMES",30.09,null,"02.030.0020-A","CAVALETE MINICADE (ALUGUEL),EQUIPADO COM PAINEIS REFLETIVOSDE ALTA INTENSIDADE E UM PISCA ALERTA COM CELULA FOTO-ELETRICA,ALIMENTADA POR 2 BATERIAS DE 6V (DISPENSA O USO DE GERADOR)","UNXMES",30.09]
["02.030.0025-0","CAVALETE PLASTICO UNIVERSAL DE POLIETILENO DE ALTO IMPACTO (ALUGUEL),NA COR BRANCA,COM PAINEIS DE FITA REFLETIVA NAS DIMENSOES (1,15X0,61)M,PERMITINDO ADAPTACAO DE ATE 2 PISCAS ALERTAS E PLACAS DE SINALIZACOES DIVERSAS,DE ACORDO COM O MANUALDA CET-RIO,COM MAIS ACESSORIOS,INCLUINDO 1 PISCA ALERTA,PRIMEIRA COLOCACAO E RETIRADA NO FINAL DA OBRA","UNXMES",137.6,null,"02.030.0025-A","CAVALETE PLASTICO UNIVERSAL DE POLIETILENO DE ALTO IMPACTO (ALUGUEL),NA COR BRANCA,COM PAINEIS DE FITA REFLETIVA NAS DIMENSOES (1,15X0,61)M,PERMITINDO ADAPTACAO DE ATE 2 PISCAS ALERTAS E PLACAS DE SINALIZACOES DIVERSAS,DE ACORDO COM O MANUALDA CET-RIO,COM MAIS ACESSORIOS,INCLUINDO 1 PISCA ALERTA,PRIMEIRA COLOCACAO E RETIRADA NO FINAL DA OBRA","UNXMES",137.6]
["02.030.0035-0","SINALIZADOR ELETRONICO (ALUGUEL) A LED BIDIRECIONAL (PISCA ALERTA) PARA ADAPTACAO EM CONES, CAVALETES E BARREIRAS","UNXMES",45.88,null,"02.030.0035-A","SINALIZADOR ELETRONICO (ALUGUEL) A LED BIDIRECIONAL (PISCA ALERTA) PARA ADAPTACAO EM CONES, CAVALETES E BARREIRAS","UNXMES",45.88]
["02.030.0040-0","PLACAS DE SINALIZACAO DE OBRAS (ALUGUEL),REFLETIVAS,REVESTIDAS COM PELICULA REFLETIVA GRAU TECNICO","M2XMES",11.12,null,"02.030.0040-A","PLACAS DE SINALIZACAO DE OBRAS (ALUGUEL),REFLETIVAS,REVESTIDAS COM PELICULA REFLETIVA GRAU TECNICO","M2XMES",11.12]
["02.030.0060-0","DEMARCACAO DE PAVIMENTO POR PINTURA EM FAIXAS ALTERNADAS,PARA DESVIO DO TRAFEGO EM OBRAS NA VIA PUBLICA,DE ACORDO COM ARESOLUCAO DA PREFEITURA-RJ,MEDIDO POR UNIDADE DE SUPERFICIEDEMARCADA","M2",12.29,null,"02.030.0060-A","DEMARCACAO DE PAVIMENTO POR PINTURA EM FAIXAS ALTERNADAS,PARA DESVIO DO TRAFEGO EM OBRAS NA VIA PUBLICA,DE ACORDO COM ARESOLUCAO DA PREFEITURA-RJ,MEDIDO POR UNIDADE DE SUPERFICIEDEMARCADA","M2",11.59]
["02.050.0001-0","REPINTURA DE PLACA DE IDENTIFICACAO DE OBRAS PUBLICAS","M2",117.45,null,"02.050.0001-A","REPINTURA DE PLACA DE IDENTIFICACAO DE OBRAS PUBLICAS","M2",110.44]
["03.001.0001-1","ESCAVACAO MANUAL DE VALA/CAVA EM MATERIAL DE 1ª CATEGORIA (A(AREIA,ARGILA OU PICARRA),ATE 1,50M DE PROFUNDIDADE,EXCLUSIVE ESCORAMENTO E ESGOTAMENTO","M3",74.59,null,"03.001.0001-B","ESCAVACAO MANUAL DE VALA/CAVA EM MATERIAL DE 1ª CATEGORIA (A(AREIA,ARGILA OU PICARRA),ATE 1,50M DE PROFUNDIDADE,EXCLUSIVE ESCORAMENTO E ESGOTAMENTO","M3",69.58]
["03.001.0002-1","ESCAVACAO MANUAL DE VALA/CAVA EM MATERIAL DE 1ª CATEGORIA (AREIA,ARGILA OU PICARRA),ENTRE 1,50 E 3,00M DE PROFUNDIDADE,EXCLUSIVE ESCORAMENTO E ESGOTAMENTO","M3",94.33,null,"03.001.0002-B","ESCAVACAO MANUAL DE VALA/CAVA EM MATERIAL DE 1ª CATEGORIA (AREIA,ARGILA OU PICARRA),ENTRE 1,50 E 3,00M DE PROFUNDIDADE,EXCLUSIVE ESCORAMENTO E ESGOTAMENTO","M3",88]
["03.001.0003-1","ESCAVACAO MANUAL DE VALA/CAVA EM MATERIAL DE 1ª CATEGORIA (AREIA,ARGILA OU PICARRA),ENTRE 3,00 E 4,50M DE PROFUNDIDADE,EXCLUSIVE ESCORAMENTO E ESGOTAMENTO","M3",127.24,null,"03.001.0003-B","ESCAVACAO MANUAL DE VALA/CAVA EM MATERIAL DE 1ª CATEGORIA (AREIA,ARGILA OU PICARRA),ENTRE 3,00 E 4,50M DE PROFUNDIDADE,EXCLUSIVE ESCORAMENTO E ESGOTAMENTO","M3",118.7]
["03.001.0004-1","ESCAVACAO MANUAL DE VALA/CAVA EM MATERIAL DE 1ª CATEGORIA (AREIA,ARGILA OU PICARRA),ENTRE 4,50 E 6,00M DE PROFUNDIDADE,EXCLUSIVE ESCORAMENTO E ESGOTAMENTO","M3",171.12,null,"03.001.0004-B","ESCAVACAO MANUAL DE VALA/CAVA EM MATERIAL DE 1ª CATEGORIA (AREIA,ARGILA OU PICARRA),ENTRE 4,50 E 6,00M DE PROFUNDIDADE,EXCLUSIVE ESCORAMENTO E ESGOTAMENTO","M3",159.63]
["03.001.0009-1","ESCAVACAO MANUAL DE VALA/CAVA EM MATERIAL DE 1ª CATEGORIA (AREIA,ARGILA OU PICARRA),ENTRE 6,00 E 7,50M DE PROFUNDIDADE,EXCLUSIVE ESCORAMENTO E ESGOTAMENTO","M3",212.8,null,"03.001.0009-B","ESCAVACAO MANUAL DE VALA/CAVA EM MATERIAL DE 1ª CATEGORIA (AREIA,ARGILA OU PICARRA),ENTRE 6,00 E 7,50M DE PROFUNDIDADE,EXCLUSIVE ESCORAMENTO E ESGOTAMENTO","M3",198.52]
["03.001.0010-0","ESCAVACAO MANUAL DE VALA/CAVA A FRIO EM MATERIAL DE 2ªCATEGORIA(MOLEDO OU ROCHA DECOMPOSTA),ATE 1,50M DE PROFUNDIDADE,EXCLUSIVE ESCORAMENTO E ESGOTAMENTO","M3",164.54,null,"03.001.0010-A","ESCAVACAO MANUAL DE VALA/CAVA A FRIO EM MATERIAL DE 2ªCATEGORIA(MOLEDO OU ROCHA DECOMPOSTA),ATE 1,50M DE PROFUNDIDADE,EXCLUSIVE ESCORAMENTO E ESGOTAMENTO","M3",153.49]
["03.001.0011-0","ESCAVACAO MANUAL DE VALA/CAVA A FRIO EM MATERIAL DE 2ªCATEGORIA(MOLEDO OU ROCHA DECOMPOSTA),ENTRE 1,50 E 3,00M DE PROFUNDIDADE,EXCLUSIVE ESCORAMENTO E ESGOTAMENTO","M3",208.42,null,"03.001.0011-A","ESCAVACAO MANUAL DE VALA/CAVA A FRIO EM MATERIAL DE 2ªCATEGORIA(MOLEDO OU ROCHA DECOMPOSTA),ENTRE 1,50 E 3,00M DE PROFUNDIDADE,EXCLUSIVE ESCORAMENTO E ESGOTAMENTO","M3",194.42]
["03.001.0012-0","ESCAVACAO MANUAL DE VALA/CAVA A FRIO EM MATERIAL DE 2ªCATEGORIA(MOLEDO OU ROCHA DECOMPOSTA),ENTRE 3,00 E 4,50M DE PROFUNDIDADE,EXCLUSIVE ESCORAMENTO E ESGOTAMENTO","M3",241.32,null,"03.001.0012-A","ESCAVACAO MANUAL DE VALA/CAVA A FRIO EM MATERIAL DE 2ªCATEGORIA(MOLEDO OU ROCHA DECOMPOSTA),ENTRE 3,00 E 4,50M DE PROFUNDIDADE,EXCLUSIVE ESCORAMENTO E ESGOTAMENTO","M3",225.12]
["03.001.0021-0","ESCAVACAO MANUAL DE VALA/CAVA A FRIO EM MATERIAL DE 2ªCATEGORIA(MOLEDO OU ROCHA DECOMPOSTA),ENTRE 4,50 E 6,00M DE PROFUNDIDADE,EXCLUSIVE ESCORAMENTO E ESGOTAMENTO","M3",285.2,null,"03.001.0021-A","ESCAVACAO MANUAL DE VALA/CAVA A FRIO EM MATERIAL DE 2ªCATEGORIA(MOLEDO OU ROCHA DECOMPOSTA),ENTRE 4,50 E 6,00M DE PROFUNDIDADE,EXCLUSIVE ESCORAMENTO E ESGOTAMENTO","M3",266.05]
["03.001.0022-0","ESCAVACAO MANUAL DE VALA/CAVA A FRIO EM MATERIAL DE 2ªCATEGORIA(MOLEDO OU ROCHA DECOMPOSTA),ENTRE 6,00 E 7,50M DE PROFUNDIDADE,EXCLUSIVE ESCORAMENTO E ESGOTAMENTO","M3",329.08,null,"03.001.0022-A","ESCAVACAO MANUAL DE VALA/CAVA A FRIO EM MATERIAL DE 2ªCATEGORIA(MOLEDO OU ROCHA DECOMPOSTA),ENTRE 6,00 E 7,50M DE PROFUNDIDADE,EXCLUSIVE ESCORAMENTO E ESGOTAMENTO","M3",306.99]
["03.001.0041-0","ESCAVACAO MANUAL DE VALA/CAVA EM PEDRA SOLTA DO TAMANHO MEDIO DE PEDRA DE MAO OU ARGILA RIJA,ATE 1,50M DE PROFUNDIDADE,EXCLUSIVE ESCORAMENTO E ESGOTAMENTO","M3",105.3,null,"03.001.0041-A","ESCAVACAO MANUAL DE VALA/CAVA EM PEDRA SOLTA DO TAMANHO MEDIO DE PEDRA DE MAO OU ARGILA RIJA,ATE 1,50M DE PROFUNDIDADE,EXCLUSIVE ESCORAMENTO E ESGOTAMENTO","M3",98.23]
["03.001.0042-0","ESCAVACAO MANUAL DE VALA/CAVA EM PEDRA SOLTA DO TAMANHO MEDIO DE PEDRA DE MAO OU ARGILA RIJA,ENTRE 1,50 E 3,00M DE PROFUNDIDADE,EXCLUSIVE ESCORAMENTO E ESGOTAMENTO","M3",122.85,null,"03.001.0042-A","ESCAVACAO MANUAL DE VALA/CAVA EM PEDRA SOLTA DO TAMANHO MEDIO DE PEDRA DE MAO OU ARGILA RIJA,ENTRE 1,50 E 3,00M DE PROFUNDIDADE,EXCLUSIVE ESCORAMENTO E ESGOTAMENTO","M3",114.61]
["03.001.0043-0","ESCAVACAO MANUAL DE VALA/CAVA EM PEDRA SOLTA DO TAMANHO MEDIO DE PEDRA DE MAO OU ARGILA RIJA,ENTRE 3,00 E 4,50M DE PROFUNDIDADE,EXCLUSIVE ESCORAMENTO E ESGOTAMENTO","M3",197.45,null,"03.001.0043-A","ESCAVACAO MANUAL DE VALA/CAVA EM PEDRA SOLTA DO TAMANHO MEDIO DE PEDRA DE MAO OU ARGILA RIJA,ENTRE 3,00 E 4,50M DE PROFUNDIDADE,EXCLUSIVE ESCORAMENTO E ESGOTAMENTO","M3",184.19]
["03.001.0044-0","ESCAVACAO MANUAL DE VALA/CAVA EM PEDRA SOLTA DO TAMANHO MEDIO DE PEDRA DE MAO OU ARGILA RIJA,ENTRE 4,50 E 6,00M DE PROFUNDIDADE,EXCLUSIVE ESCORAMENTO E ESGOTAMENTO","M3",241.32,null,"03.001.0044-A","ESCAVACAO MANUAL DE VALA/CAVA EM PEDRA SOLTA DO TAMANHO MEDIO DE PEDRA DE MAO OU ARGILA RIJA,ENTRE 4,50 E 6,00M DE PROFUNDIDADE,EXCLUSIVE ESCORAMENTO E ESGOTAMENTO","M3",225.12]
["03.001.0045-0","ESCAVACAO MANUAL DE VALA/CAVA EM PEDRA SOLTA DO TAMANHO MEDIO DE PEDRA DE MAO OU ARGILA RIJA,ENTRE 6,00 E 7,50M DE PROFUNDIDADE,EXCLUSIVE ESCORAMENTO E ESGOTAMENTO","M3",285.2,null,"03.001.0045-A","ESCAVACAO MANUAL DE VALA/CAVA EM PEDRA SOLTA DO TAMANHO MEDIO DE PEDRA DE MAO OU ARGILA RIJA,ENTRE 6,00 E 7,50M DE PROFUNDIDADE,EXCLUSIVE ESCORAMENTO E ESGOTAMENTO","M3",266.05]
["03.001.0047-0","ESCAVACAO MANUAL DE VALA/CAVA EM LODO,ATE 1,50M DE PROFUNDIDADE,EXCLUSIVE ESCORAMENTO E ESGOTAMENTO","M3",120.66,null,"03.001.0047-A","ESCAVACAO MANUAL DE VALA/CAVA EM LODO,ATE 1,50M DE PROFUNDIDADE,EXCLUSIVE ESCORAMENTO E ESGOTAMENTO","M3",112.56]
["03.001.0048-0","ESCAVACAO MANUAL DE VALA/CAVA EM LODO,ENTRE 1,50 E 3,00M DEPROFUNDIDADE,EXCLUSIVE ESCORAMENTO E ESGOTAMENTO","M3",219.39,null,"03.001.0048-A","ESCAVACAO MANUAL DE VALA/CAVA EM LODO,ENTRE 1,50 E 3,00M DEPROFUNDIDADE,EXCLUSIVE ESCORAMENTO E ESGOTAMENTO","M3",204.66]
["03.001.0049-0","ESCAVACAO MANUAL DE VALA/CAVA EM LODO,ENTRE 3,00 E 4,50M DEPROFUNDIDADE,EXCLUSIVE ESCORAMENTO E ESGOTAMENTO","M3",329.08,null,"03.001.0049-A","ESCAVACAO MANUAL DE VALA/CAVA EM LODO,ENTRE 3,00 E 4,50M DEPROFUNDIDADE,EXCLUSIVE ESCORAMENTO E ESGOTAMENTO","M3",306.99]
["03.001.0050-0","ESCAVACAO MANUAL DE VALA/CAVA EM LODO, ENTRE 4,50 E 6,00M DEPROFUNDIDADE,EXCLUSIVE ESCORAMENTO E ESGOTAMENTO","M3",394.9,null,"03.001.0050-A","ESCAVACAO MANUAL DE VALA/CAVA EM LODO, ENTRE 4,50 E 6,00M DEPROFUNDIDADE,EXCLUSIVE ESCORAMENTO E ESGOTAMENTO","M3",368.38]
["03.001.0051-0","ESCAVACAO MANUAL DE VALA/CAVA EM LODO,ENTRE 6,00 E 7,50M DEPROFUNDIDADE,EXCLUSIVE ESCORAMENTO E ESGOTAMENTO","M3",460.71,null,"03.001.0051-A","ESCAVACAO MANUAL DE VALA/CAVA EM LODO,ENTRE 6,00 E 7,50M DEPROFUNDIDADE,EXCLUSIVE ESCORAMENTO E ESGOTAMENTO","M3",429.78]
["03.001.0061-0","MARROAMENTO DE MATERIAL DE 3ªCATEGORIA(ROCHA VIVA),COM VOLUME MAXIMO DE 0,064M3,PARA REDUCAO A PEDRA DE MAO,REFERINDO-SEO PRECO AO MATERIAL SOLTO,DEPOIS DE MARROADO","M3",59.38,null,"03.001.0061-A","MARROAMENTO DE MATERIAL DE 3ªCATEGORIA(ROCHA VIVA),COM VOLUME MAXIMO DE 0,064M3,PARA REDUCAO A PEDRA DE MAO,REFERINDO-SEO PRECO AO MATERIAL SOLTO,DEPOIS DE MARROADO","M3",55.4]
["03.001.0065-1","DESMONTE MANUAL DE BLOCO DE MATERIAL DE 3ªCATEGORIA(ROCHA VIVA),COM VOLUME ATE 1,00M3,INCLUSIVE REDUCAO A PEDRA DE MAO.PARA VOLUMES ACIMA DE 1,00M3 VER CATALOGO DE REFERENCIA","M3",158.29,null,"03.001.0065-B","DESMONTE MANUAL DE BLOCO DE MATERIAL DE 3ªCATEGORIA(ROCHA VIVA),COM VOLUME ATE 1,00M3,INCLUSIVE REDUCAO A PEDRA DE MAO.PARA VOLUMES ACIMA DE 1,00M3 VER CATALOGO DE REFERENCIA","M3",147.69]
["03.001.0070-1","DESMONTE MANUAL EM MATERIAL DE 2ªCATEGORIA(MOLEDO OU ROCHA DECOMPOSTA).VALEM A FORMULA E AS OBSERVACOES DO ITEM 03.001.0065","M3",142.46,null,"03.001.0070-B","DESMONTE MANUAL EM MATERIAL DE 2ªCATEGORIA(MOLEDO OU ROCHA DECOMPOSTA).VALEM A FORMULA E AS OBSERVACOES DO ITEM 03.001.0065","M3",132.91999999999999]
["03.001.0071-1","MARROAMENTO DE MATERIAL DE 2ªCATEGORIA(ROCHA DECOMPOSTA),COMVOLUME MAXIMO DE 0,064M3,PARA REDUCAO A PEDRA DE MAO,REFERINDO-SE O PRECO AO MATERIAL SOLTO,DEPOIS DE MARROADO","M3",53.44,null,"03.001.0071-B","MARROAMENTO DE MATERIAL DE 2ªCATEGORIA(ROCHA DECOMPOSTA),COMVOLUME MAXIMO DE 0,064M3,PARA REDUCAO A PEDRA DE MAO,REFERINDO-SE O PRECO AO MATERIAL SOLTO,DEPOIS DE MARROADO","M3",49.86]
["03.001.0080-1","ESCAVACAO MANUAL EM MATERIAL DE 1ªCATEGORIA,A CEU ABERTO,ATE0,50M DE PROFUNDIDADE COM REMOCAO ATE 1 DAM","M3",52.65,null,"03.001.0080-B","ESCAVACAO MANUAL EM MATERIAL DE 1ªCATEGORIA,A CEU ABERTO,ATE0,50M DE PROFUNDIDADE COM REMOCAO ATE 1 DAM","M3",49.11]
["03.001.0085-1","ESCAVACAO MANUAL EM MATERIAL DE 1ªCATEGORIA,A CEU ABERTO,PARA PROFUNDIDADES MAIORES QUE 0,50M COM REMOCAO ATE 1 DAM","M3",71.3,null,"03.001.0085-B","ESCAVACAO MANUAL EM MATERIAL DE 1ªCATEGORIA,A CEU ABERTO,PARA PROFUNDIDADES MAIORES QUE 0,50M COM REMOCAO ATE 1 DAM","M3",66.510000000000005]
["03.001.0090-0","ESCAVACAO EM TUNEL DE PEQUENAS DIMENSOES,EM MATERIAL DE 1ªCATEGORIA(AREIA,ARGILA OU PICARRA),INTEIRAMENTE SECO,EM SERVICO SEMI-MECANIZADO,EXCLUSIVE ESCORAMENTO","M3",229.2,null,"03.001.0090-A","ESCAVACAO EM TUNEL DE PEQUENAS DIMENSOES,EM MATERIAL DE 1ªCATEGORIA(AREIA,ARGILA OU PICARRA),INTEIRAMENTE SECO,EM SERVICO SEMI-MECANIZADO,EXCLUSIVE ESCORAMENTO","M3",214.25]
["03.001.0095-0","ESCAVACAO E REATERRO DE VALA,EM MATERIAL DE 1ªCATEGORIA,PARALIGACAO PREDIAL DE ESGOTO SANITARIO","M",53.96,null,"03.001.0095-A","ESCAVACAO E REATERRO DE VALA,EM MATERIAL DE 1ªCATEGORIA,PARALIGACAO PREDIAL DE ESGOTO SANITARIO","M",50.34]
["03.001.0096-0","ESCAVACAO E REATERRO DE VALA,EM MATERIAL DE 2ªCATEGORIA,PARALIGACAO PREDIAL DE ESGOTO SANITARIO","M",115.17,null,"03.001.0096-A","ESCAVACAO E REATERRO DE VALA,EM MATERIAL DE 2ªCATEGORIA,PARALIGACAO PREDIAL DE ESGOTO SANITARIO","M",107.44]
["03.001.0098-0","ESCAVACAO E REATERRO DE VALA,EM MATERIAL DE 1ªCATEGORIA,PARALIGACAO DE AGUA POTAVEL","M",10.96,null,"03.001.0098-A","ESCAVACAO E REATERRO DE VALA,EM MATERIAL DE 1ªCATEGORIA,PARALIGACAO DE AGUA POTAVEL","M",10.23]
["03.001.0099-0","ESCAVACAO E REATERRO DE VALA,EM MATERIAL DE 2ª CATEGORIA,PARA LIGACAO DE AGUA POTAVEL","M",23.03,null,"03.001.0099-A","ESCAVACAO E REATERRO DE VALA,EM MATERIAL DE 2ª CATEGORIA,PARA LIGACAO DE AGUA POTAVEL","M",21.48]
["03.001.0100-0","ESCAVACAO MANUAL DE VALA/CAVA EM MATERIAL DE 1ªCATEGORIA ATE1,50M DE PROFUNDIDADE,EM BECOS DE ATE 2,00M DE LARGURA COMIMPOSSIBILIDADE DE ENTRADA DE CAMINHAO OU EQUIPAMENTO MOTORIZADO PARA RETIRADA DO MATERIAL,EM FAVELAS,EXCLUSIVE ESCORAMENTO E ESGOTAMENTO","M3",92.14,null,"03.001.0100-A","ESCAVACAO MANUAL DE VALA/CAVA EM MATERIAL DE 1ªCATEGORIA ATE1,50M DE PROFUNDIDADE,EM BECOS DE ATE 2,00M DE LARGURA COMIMPOSSIBILIDADE DE ENTRADA DE CAMINHAO OU EQUIPAMENTO MOTORIZADO PARA RETIRADA DO MATERIAL,EM FAVELAS,EXCLUSIVE ESCORAMENTO E ESGOTAMENTO","M3",85.95]
["03.001.0101-0","ESCAVACAO MANUAL DE VALA/CAVA EM MATERIAL DE 1ªCATEGORIA ENTRE 1,50 E 3,00M DE PROFUNDIDADE,EM BECOS DE ATE 2,00M DE LARGURA COM IMPOSSIBILIDADE DE ENTRADA DE CAMINHAO OU EQUIPAMENTO MOTORIZADO PARA RETIRADA DO MATERIAL,EM FAVELAS,EXCLUSIVEESCORAMENTO E ESGOTAMENTO","M3",118.47,null,"03.001.0101-A","ESCAVACAO MANUAL DE VALA/CAVA EM MATERIAL DE 1ªCATEGORIA ENTRE 1,50 E 3,00M DE PROFUNDIDADE,EM BECOS DE ATE 2,00M DE LARGURA COM IMPOSSIBILIDADE DE ENTRADA DE CAMINHAO OU EQUIPAMENTO MOTORIZADO PARA RETIRADA DO MATERIAL,EM FAVELAS,EXCLUSIVEESCORAMENTO E ESGOTAMENTO","M3",110.51]
["03.001.0102-0","ESCAVACAO MANUAL DE VALA/CAVA EM MATERIAL DE 1ªCATEGORIA ENTRE 3,00 E 4,50M DE PROFUNDIDADE,EM BECOS DE ATE 2,00M DE LARGURA COM IMPOSSIBILIDADE DE ENTRADA DE CAMINHAO OU EQUIPAMENTO MOTORIZADO PARA RETIRADA DO MATERIAL,EM FAVELAS,EXCLUSIVEESCORAMENTO E ESGOTAMENTO","M3",157.96,null,"03.001.0102-A","ESCAVACAO MANUAL DE VALA/CAVA EM MATERIAL DE 1ªCATEGORIA ENTRE 3,00 E 4,50M DE PROFUNDIDADE,EM BECOS DE ATE 2,00M DE LARGURA COM IMPOSSIBILIDADE DE ENTRADA DE CAMINHAO OU EQUIPAMENTO MOTORIZADO PARA RETIRADA DO MATERIAL,EM FAVELAS,EXCLUSIVEESCORAMENTO E ESGOTAMENTO","M3",147.35]
["03.001.0110-0","ESCAVACAO MANUAL DE VALA/CAVA EM LODO OU LAMA ATE 1,50M DE PROFUNDIDADE,EM BECOS DE ATE 2,00M DE LARGURA,EM FAVELAS,EXCLUSIVE ESCORAMENTO E ESGOTAMENTO","M3",138.87,null,"03.001.0110-A","ESCAVACAO MANUAL DE VALA/CAVA EM LODO OU LAMA ATE 1,50M DE PROFUNDIDADE,EM BECOS DE ATE 2,00M DE LARGURA,EM FAVELAS,EXCLUSIVE ESCORAMENTO E ESGOTAMENTO","M3",129.55000000000001]
["03.001.0111-0","ESCAVACAO MANUAL DE VALA/CAVA EM LODO OU LAMA COM PROFUNDIDADE ENTRE 1,50 E 3,00M,EM BECOS DE ATE 2,00M DE LARGURA,EM FAVELAS,EXCLUSIVE ESCORAMENTO E ESGOTAMENTO","M3",252.29,null,"03.001.0111-A","ESCAVACAO MANUAL DE VALA/CAVA EM LODO OU LAMA COM PROFUNDIDADE ENTRE 1,50 E 3,00M,EM BECOS DE ATE 2,00M DE LARGURA,EM FAVELAS,EXCLUSIVE ESCORAMENTO E ESGOTAMENTO","M3",235.36]
["03.002.0001-1","ESCAVACAO MANUAL DE VALA EM MATERIAL DE 1ªCATEGORIA,COM ESCORAMENTO E ESGOTAMENTO MANUAL","M3",265.97000000000003,null,"03.002.0001-B","ESCAVACAO MANUAL DE VALA EM MATERIAL DE 1ªCATEGORIA,COM ESCORAMENTO E ESGOTAMENTO MANUAL","M3",256.39]
["03.004.0001-1","ESCAVACAO DE VALA/CAVA A FOGO EM MATERIAL DE 2ª CATEGORIA(MOLEDO OU ROCHA DECOMPOSTA),ATE 1,50M DE PROFUNDIDADE,FURACAOA BARRA MINA,INCLUSIVE EMPILHAMENTO DO MATERIAL PARA REMOCAO","M3",269.04000000000002,null,"03.004.0001-B","ESCAVACAO DE VALA/CAVA A FOGO EM MATERIAL DE 2ª CATEGORIA(MOLEDO OU ROCHA DECOMPOSTA),ATE 1,50M DE PROFUNDIDADE,FURACAOA BARRA MINA,INCLUSIVE EMPILHAMENTO DO MATERIAL PARA REMOCAO","M3",251.03]
["03.004.0002-0","ESCAVACAO DE VALA/CAVA A FOGO EM MATERIAL DE 2ªCATEGORIA(MOLEDO OU ROCHA DECOMPOSTA),ENTRE 1,50 E 3,00M DE PROFUNDIDADE,FURACAO A BARRA MINA,INCLUSIVE EMPILHAMENTO DO MATERIAL PARAREMOCAO","M3",277.27999999999997,null,"03.004.0002-A","ESCAVACAO DE VALA/CAVA A FOGO EM MATERIAL DE 2ªCATEGORIA(MOLEDO OU ROCHA DECOMPOSTA),ENTRE 1,50 E 3,00M DE PROFUNDIDADE,FURACAO A BARRA MINA,INCLUSIVE EMPILHAMENTO DO MATERIAL PARAREMOCAO","M3",258.70999999999998]
["03.004.0003-0","ESCAVACAO DE VALA/CAVA A FOGO EM MATERIAL DE 2ªCATEGORIA(MOLEDO OU ROCHA DECOMPOSTA),ENTRE 3,00 E 4,50M DE PROFUNDIDADE,FURACAO A BARRA MINA,INCLUSIVE EMPILHAMENTO DO MATERIAL PARAREMOCAO","M3",287.70999999999998,null,"03.004.0003-A","ESCAVACAO DE VALA/CAVA A FOGO EM MATERIAL DE 2ªCATEGORIA(MOLEDO OU ROCHA DECOMPOSTA),ENTRE 3,00 E 4,50M DE PROFUNDIDADE,FURACAO A BARRA MINA,INCLUSIVE EMPILHAMENTO DO MATERIAL PARAREMOCAO","M3",268.44]
["03.004.0012-0","ESCAVACAO DE VALA/CAVA A FOGO EM MATERIAL DE 2ªCATEGORIA(MOLEDO OU ROCHA DECOMPOSTA),ENTRE 4,50 E 6,00M DE PROFUNDIDADE,FURACAO A BARRA MINA,INCLUSIVE EMPILHAMENTO DO MATERIAL PARAREMOCAO","M3",295.95,null,"03.004.0012-A","ESCAVACAO DE VALA/CAVA A FOGO EM MATERIAL DE 2ªCATEGORIA(MOLEDO OU ROCHA DECOMPOSTA),ENTRE 4,50 E 6,00M DE PROFUNDIDADE,FURACAO A BARRA MINA,INCLUSIVE EMPILHAMENTO DO MATERIAL PARAREMOCAO","M3",276.13]
["03.004.0013-0","ESCAVACAO DE VALA/CAVA A FOGO EM MATERIAL DE 2ªCATEGORIA(MOLEDO OU ROCHA DECOMPOSTA),ENTRE 6,00 E 7,50M DE PROFUNDIDADE,FURACAO A BARRA MINA,INCLUSIVE EMPILHAMENTO DO MATERIAL PARAREMOCAO","M3",309.67,null,"03.004.0013-A","ESCAVACAO DE VALA/CAVA A FOGO EM MATERIAL DE 2ªCATEGORIA(MOLEDO OU ROCHA DECOMPOSTA),ENTRE 6,00 E 7,50M DE PROFUNDIDADE,FURACAO A BARRA MINA,INCLUSIVE EMPILHAMENTO DO MATERIAL PARAREMOCAO","M3",288.94]
["03.004.0020-1","ESCAVACAO DE VALA/CAVA A FOGO EM MATERIAL DE 3ªCATEGORIA(ROCHA VIVA),ATE 1,50M DE PROFUNDIDADE,FURACAO A BARRA MINA,INCLUSIVE EMPILHAMENTO DO MATERIAL PARA REMOCAO","M3",466.71,null,"03.004.0020-B","ESCAVACAO DE VALA/CAVA A FOGO EM MATERIAL DE 3ªCATEGORIA(ROCHA VIVA),ATE 1,50M DE PROFUNDIDADE,FURACAO A BARRA MINA,INCLUSIVE EMPILHAMENTO DO MATERIAL PARA REMOCAO","M3",435.46]
["03.004.0021-0","ESCAVACAO DE VALA/CAVA A FOGO EM MATERIAL DE 3ªCATEGORIA(ROCHA VIVA),ENTRE 1,50 E 3,00M DE PROFUNDIDADE,FURACAO A BARRAMINA,INCLUSIVE EMPILHAMENTO DO MATERIAL PARA A REMOCAO","M3",480.99,null,"03.004.0021-A","ESCAVACAO DE VALA/CAVA A FOGO EM MATERIAL DE 3ªCATEGORIA(ROCHA VIVA),ENTRE 1,50 E 3,00M DE PROFUNDIDADE,FURACAO A BARRAMINA,INCLUSIVE EMPILHAMENTO DO MATERIAL PARA A REMOCAO","M3",448.78]
["03.004.0022-0","ESCAVACAO DE VALA/CAVA A FOGO EM MATERIAL DE 3ªCATEGORIA(ROCHA VIVA),ENTRE 3,00 E 4,50M DE PROFUNDIDADE,FURACAO A BARRAMINA,INCLUSIVE EMPILHAMENTO DO MATERIAL PARA REMOCAO","M3",499.66,null,"03.004.0022-A","ESCAVACAO DE VALA/CAVA A FOGO EM MATERIAL DE 3ªCATEGORIA(ROCHA VIVA),ENTRE 3,00 E 4,50M DE PROFUNDIDADE,FURACAO A BARRAMINA,INCLUSIVE EMPILHAMENTO DO MATERIAL PARA REMOCAO","M3",466.19]
["03.004.0023-0","ESCAVACAO DE VALA/CAVA A FOGO EM MATERIAL DE 3ªCATEGORIA(ROCHA VIVA),ENTRE 4,50 E 6,00M DE PROFUNDIDADE,FURACAO A BARRAMINA,INCLUSIVE EMPILHAMENTO DO MATERIAL PARA REMOCAO","M3",513.38,null,"03.004.0023-A","ESCAVACAO DE VALA/CAVA A FOGO EM MATERIAL DE 3ªCATEGORIA(ROCHA VIVA),ENTRE 4,50 E 6,00M DE PROFUNDIDADE,FURACAO A BARRAMINA,INCLUSIVE EMPILHAMENTO DO MATERIAL PARA REMOCAO","M3",479]
["03.004.0024-0","ESCAVACAO DE VALA/CAVA A FOGO EM MATERIAL DE 3ªCATEGORIA(ROCHA VIVA),ENTRE 6,00 E 7,50M DE PROFUNDIDADE,FURACAO A BARRAMINA,INCLUSIVE EMPILHAMENTO DO MATERIAL PARA REMOCAO","M3",536.99,null,"03.004.0024-A","ESCAVACAO DE VALA/CAVA A FOGO EM MATERIAL DE 3ªCATEGORIA(ROCHA VIVA),ENTRE 6,00 E 7,50M DE PROFUNDIDADE,FURACAO A BARRAMINA,INCLUSIVE EMPILHAMENTO DO MATERIAL PARA REMOCAO","M3",501.03]
["03.004.0025-0","ESCAVACAO A FOGO EM MATERIAL DE 2ªCATEGORIA(MOLEDO OU ROCHADECOMPOSTA),A CEU ABERTO,FURACAO A BARRA MINA","M3",153.74,null,"03.004.0025-A","ESCAVACAO A FOGO EM MATERIAL DE 2ªCATEGORIA(MOLEDO OU ROCHADECOMPOSTA),A CEU ABERTO,FURACAO A BARRA MINA","M3",143.44]
["03.004.0028-0","ESCAVACAO A FOGO EM MATERIAL DE 3ªCATEGORIA(ROCHA VIVA),A CEU ABERTO,FURACAO A BARRA MINA","M3",326.7,null,"03.004.0028-A","ESCAVACAO A FOGO EM MATERIAL DE 3ªCATEGORIA(ROCHA VIVA),A CEU ABERTO,FURACAO A BARRA MINA","M3",304.82]
["03.004.0030-0","DESMONTE A FOGO DE BLOCOS DE MATERIAL DE 3ªCATEGORIA(ROCHA VIVA),COM VOLUME DE 1,00 A 20,00M3,SENDO OS FUROS ABERTOS A BROCA E MARRETA,INCLUSIVE REDUCAO MANUAL A PEDRA DE MAO","M3",351.51,null,"03.004.0030-A","DESMONTE A FOGO DE BLOCOS DE MATERIAL DE 3ªCATEGORIA(ROCHA VIVA),COM VOLUME DE 1,00 A 20,00M3,SENDO OS FUROS ABERTOS A BROCA E MARRETA,INCLUSIVE REDUCAO MANUAL A PEDRA DE MAO","M3",328]
["03.004.0031-0","DESMONTE A FOGO DE BLOCOS DE MATERIAL DE 2ªCATEGORIA(ROCHA MEDIANAMENTE DECOMPOSTA),COM VOLUME DE 1,00 A 20,00M3,SENDO OS FUROS ABERTOS A BROCA E MARRETA,INCLUSIVE REDUCAO MANUAL APEDRA DE MAO","M3",303.45,null,"03.004.0031-A","DESMONTE A FOGO DE BLOCOS DE MATERIAL DE 2ªCATEGORIA(ROCHA MEDIANAMENTE DECOMPOSTA),COM VOLUME DE 1,00 A 20,00M3,SENDO OS FUROS ABERTOS A BROCA E MARRETA,INCLUSIVE REDUCAO MANUAL APEDRA DE MAO","M3",283.16000000000003]
["03.005.0011-0","ESCAVACAO DE ROCHA COM UTILIZACAO DE FOGO CUIDADOSO(SMOOTH BLASTING),A CEU ABERTO,EM AREA URBANA,SENDO A PERFURACAO A ARCOMPRIMIDO,INCLUSIVE EMPILHAMENTO DO MATERIAL PARA REMOCAO","M3",255.36,null,"03.005.0011-A","ESCAVACAO DE ROCHA COM UTILIZACAO DE FOGO CUIDADOSO(SMOOTH BLASTING),A CEU ABERTO,EM AREA URBANA,SENDO A PERFURACAO A ARCOMPRIMIDO,INCLUSIVE EMPILHAMENTO DO MATERIAL PARA REMOCAO","M3",245.32]
["03.005.0013-0","ESCAVACAO DE ROCHA COM UTILIZACAO DE FOGO CUIDADOSO(SMOOTH BLASTING),A CEU ABERTO,EM AREA URBANA,SENDO A PERFURACAO A ARCOMPRIMIDO,INCLUSIVE EMPILHAMENTO DO MATERIAL PARA REMOCAOE TRANSPORTE A 50,00M COM TRATOR","M3",291.77999999999997,null,"03.005.0013-A","ESCAVACAO DE ROCHA COM UTILIZACAO DE FOGO CUIDADOSO(SMOOTH BLASTING),A CEU ABERTO,EM AREA URBANA,SENDO A PERFURACAO A ARCOMPRIMIDO,INCLUSIVE EMPILHAMENTO DO MATERIAL PARA REMOCAOE TRANSPORTE A 50,00M COM TRATOR","M3",281.51]
["03.005.0020-1","ESCAVACAO A FOGO EM MATERIAL DE 2ªCATEGORIA(MOLEDO OU ROCHADECOMPOSTA)EM TALUDES,VALA/CAVA,ATE 1,50M DE PROFUNDIDADE,SENDO A PERFURACAO A AR COMPRIMIDO,INCLUSIVE EMPILHAMENTO DO MATERIAL PARA REMOCAO","M3",171.42,null,"03.005.0020-B","ESCAVACAO A FOGO EM MATERIAL DE 2ªCATEGORIA(MOLEDO OU ROCHADECOMPOSTA)EM TALUDES,VALA/CAVA,ATE 1,50M DE PROFUNDIDADE,SENDO A PERFURACAO A AR COMPRIMIDO,INCLUSIVE EMPILHAMENTO DO MATERIAL PARA REMOCAO","M3",164.82]
["03.005.0021-0","ESCAVACAO A FOGO EM MATERIAL DE 2ªCATEGORIA(MOLEDO OU ROCHADECOMPOSTA)EM TALUDES,VALA/CAVA,ENTRE 1,50 E 3,00M DE PROFUNDIDADE,SENDO A PERFURACAO A AR COMPRIMIDO,INCLUSIVE EMPILHAMENTO DO MATERIAL PARA REMOCAO","M3",176.61,null,"03.005.0021-A","ESCAVACAO A FOGO EM MATERIAL DE 2ªCATEGORIA(MOLEDO OU ROCHADECOMPOSTA)EM TALUDES,VALA/CAVA,ENTRE 1,50 E 3,00M DE PROFUNDIDADE,SENDO A PERFURACAO A AR COMPRIMIDO,INCLUSIVE EMPILHAMENTO DO MATERIAL PARA REMOCAO","M3",169.82]
["03.005.0022-0","ESCAVACAO A FOGO EM MATERIAL DE 2ªCATEGORIA(MOLEDO OU ROCHADECOMPOSTA)EM TALUDES,VALA/CAVA,ENTRE 3,00 E 4,50M DE PROFUNDIDADE,SENDO A PERFURACAO A AR COMPRIMIDO,INCLUSIVE EMPILHAMENTO DO MATERIAL PARA REMOCAO","M3",183.37,null,"03.005.0022-A","ESCAVACAO A FOGO EM MATERIAL DE 2ªCATEGORIA(MOLEDO OU ROCHADECOMPOSTA)EM TALUDES,VALA/CAVA,ENTRE 3,00 E 4,50M DE PROFUNDIDADE,SENDO A PERFURACAO A AR COMPRIMIDO,INCLUSIVE EMPILHAMENTO DO MATERIAL PARA REMOCAO","M3",176.31]
["03.005.0023-0","ESCAVACAO A FOGO EM MATERIAL DE 2ªCATEGORIA(MOLEDO OU ROCHADECOMPOSTA)EM TALUDES,VALA/CAVA,ENTRE 4,50 E 6,00M DE PROFUNDIDADE,SENDO A PERFURACAO A AR COMPRIMIDO,INCLUSIVE EMPILHAMENTO DO MATERIAL PARA REMOCAO","M3",188.52,null,"03.005.0023-A","ESCAVACAO A FOGO EM MATERIAL DE 2ªCATEGORIA(MOLEDO OU ROCHADECOMPOSTA)EM TALUDES,VALA/CAVA,ENTRE 4,50 E 6,00M DE PROFUNDIDADE,SENDO A PERFURACAO A AR COMPRIMIDO,INCLUSIVE EMPILHAMENTO DO MATERIAL PARA REMOCAO","M3",181.27]
["03.005.0024-0","ESCAVACAO A FOGO EM MATERIAL DE 2ªCATEGORIA(MOLEDO OU ROCHADECOMPOSTA)EM TALUDES,VALA/CAVA,ENTRE 6,00 E 7,50M DE PROFUNDIDADE,SENDO A PERFURACAO A AR COMPRIMIDO,INCLUSIVE EMPILHAMENTO DO MATERIAL PARA REMOCAO","M3",197.17,null,"03.005.0024-A","ESCAVACAO A FOGO EM MATERIAL DE 2ªCATEGORIA(MOLEDO OU ROCHADECOMPOSTA)EM TALUDES,VALA/CAVA,ENTRE 6,00 E 7,50M DE PROFUNDIDADE,SENDO A PERFURACAO A AR COMPRIMIDO,INCLUSIVE EMPILHAMENTO DO MATERIAL PARA REMOCAO","M3",189.59]
["03.005.0025-0","ESCAVACAO A FOGO EM MATERIAL DE 3ªCATEGORIA(ROCHA VIVA),A CEU ABERTO,SENDO A PERFURACAO A AR COMPRIMIDO,INCLUSIVE TRANSPORTE A 50,00M,COM TRATOR COM LAMINA","M3",112.54,null,"03.005.0025-A","ESCAVACAO A FOGO EM MATERIAL DE 3ªCATEGORIA(ROCHA VIVA),A CEU ABERTO,SENDO A PERFURACAO A AR COMPRIMIDO,INCLUSIVE TRANSPORTE A 50,00M,COM TRATOR COM LAMINA","M3",111.22]
["03.005.0026-0","ESCAVACAO A FOGO EM MATERIAL DE 3ªCATEGORIA(ROCHA VIVA),A CEU ABERTO,SENDO A PERFURACAO A AR COMPRIMIDO,INCLUSIVE TRANSPORTE A 100,00M,COM TRATOR COM LAMINA","M3",156.69999999999999,null,"03.005.0026-A","ESCAVACAO A FOGO EM MATERIAL DE 3ªCATEGORIA(ROCHA VIVA),A CEU ABERTO,SENDO A PERFURACAO A AR COMPRIMIDO,INCLUSIVE TRANSPORTE A 100,00M,COM TRATOR COM LAMINA","M3",155.29]
["03.005.0030-1","ESCAVACAO A FOGO EM MATERIAL DE 3ªCATEGORIA(ROCHA VIVA)EM TALUDES,VALA/CAVA,ATE 1,50M DE PROFUNDIDADE,SENDO A PERFURACAOA AR COMPRIMIDO,INCLUSIVE EMPILHAMENDO DO MATERIAL PARA REMOCAO","M3",200.7,null,"03.005.0030-B","ESCAVACAO A FOGO EM MATERIAL DE 3ªCATEGORIA(ROCHA VIVA)EM TALUDES,VALA/CAVA,ATE 1,50M DE PROFUNDIDADE,SENDO A PERFURACAOA AR COMPRIMIDO,INCLUSIVE EMPILHAMENDO DO MATERIAL PARA REMOCAO","M3",193.28]
["03.005.0031-0","ESCAVACAO A FOGO EM MATERIAL DE 3ªCATEGORIA(ROCHA VIVA)EM TALUDES,VALA/CAVA,ENTRE 1,50 E 3,00M DE PROFUNDIDADE,SENDO A PERFURACAO A AR COMPRIMIDO,INCLUSIVE EMPILHAMENTO DO MATERIALPARA REMOCAO","M3",206.76,null,"03.005.0031-A","ESCAVACAO A FOGO EM MATERIAL DE 3ªCATEGORIA(ROCHA VIVA)EM TALUDES,VALA/CAVA,ENTRE 1,50 E 3,00M DE PROFUNDIDADE,SENDO A PERFURACAO A AR COMPRIMIDO,INCLUSIVE EMPILHAMENTO DO MATERIALPARA REMOCAO","M3",199.12]
["03.005.0032-0","ESCAVACAO A FOGO EM MATERIAL DE 3ªCATEGORIA(ROCHA VIVA)EM TALUDES,VALA/CAVA,ENTRE 3,00 E 4,50M DE PROFUNDIDADE,SENDO A PERFURACAO A AR COMPRIMIDO,INCLUSIVE EMPILHAMENTO DO MATERIALPARA REMOCAO","M3",214.78,null,"03.005.0032-A","ESCAVACAO A FOGO EM MATERIAL DE 3ªCATEGORIA(ROCHA VIVA)EM TALUDES,VALA/CAVA,ENTRE 3,00 E 4,50M DE PROFUNDIDADE,SENDO A PERFURACAO A AR COMPRIMIDO,INCLUSIVE EMPILHAMENTO DO MATERIALPARA REMOCAO","M3",206.85]
["03.005.0033-0","ESCAVACAO A FOGO EM MATERIAL DE 3ªCATEGORIA(ROCHA VIVA)EM TALUDES,VALA/CAVA,ENTRE 4,50 E 6,00M DE PROFUNDIDADE,SENDO A PERFURACAO A AR COMPRIMIDO,INCLUSIVE EMPILHAMENTO DO MATERIALPARA REMOCAO","M3",220.84,null,"03.005.0033-A","ESCAVACAO A FOGO EM MATERIAL DE 3ªCATEGORIA(ROCHA VIVA)EM TALUDES,VALA/CAVA,ENTRE 4,50 E 6,00M DE PROFUNDIDADE,SENDO A PERFURACAO A AR COMPRIMIDO,INCLUSIVE EMPILHAMENTO DO MATERIALPARA REMOCAO","M3",212.68]
["03.005.0034-0","ESCAVACAO A FOGO EM MATERIAL DE 3ªCATEGORIA(ROCHA VIVA)EM TALUDES,VALA/CAVA,ENTRE 6,00 E 7,50M DE PROFUNDIDADE,SENDO A PERFURACAO A AR COMPRIMIDO,INCLUSIVE EMPILHAMENTO DO MATERIALPARA REMOCAO","M3",230.84,null,"03.005.0034-A","ESCAVACAO A FOGO EM MATERIAL DE 3ªCATEGORIA(ROCHA VIVA)EM TALUDES,VALA/CAVA,ENTRE 6,00 E 7,50M DE PROFUNDIDADE,SENDO A PERFURACAO A AR COMPRIMIDO,INCLUSIVE EMPILHAMENTO DO MATERIALPARA REMOCAO","M3",222.31]
["03.005.0038-1","ESCAVACAO A FOGO EM MATERIAL DE 3ªCATEGORIA(ROCHA VIVA),A CEU ABERTO,SENDO A PERFURACAO A AR COMPRIMIDO,INCLUSIVE CARGACOM CARREGADOR FRONTAL DE PNEUS DE 3,10M3 E TRATOR DE LAMINACOM POTENCIA EM TORNO DE 200CV,COM LAMINA","M3",111.04,null,"03.005.0038-B","ESCAVACAO A FOGO EM MATERIAL DE 3ªCATEGORIA(ROCHA VIVA),A CEU ABERTO,SENDO A PERFURACAO A AR COMPRIMIDO,INCLUSIVE CARGACOM CARREGADOR FRONTAL DE PNEUS DE 3,10M3 E TRATOR DE LAMINACOM POTENCIA EM TORNO DE 200CV,COM LAMINA","M3",109.63]
["03.005.0039-0","ESCAVACAO A FOGO EM MATERIAL DE 2ªCATEGORIA(MOLEDO OU ROCHADECOMPOSTA),A CEU ABERTO,SENDO A PERFURACAO A AR COMPRIMIDO,INCLUSIVE CARGA COM CARREGADOR FRONTAL DE PNEUS DE 3,10M3 ETRATOR DE LAMINA COM POTENCIA EM TORNO DE 200CV,COM LAMINA","M3",82.63,null,"03.005.0039-A","ESCAVACAO A FOGO EM MATERIAL DE 2ªCATEGORIA(MOLEDO OU ROCHADECOMPOSTA),A CEU ABERTO,SENDO A PERFURACAO A AR COMPRIMIDO,INCLUSIVE CARGA COM CARREGADOR FRONTAL DE PNEUS DE 3,10M3 ETRATOR DE LAMINA COM POTENCIA EM TORNO DE 200CV,COM LAMINA","M3",81.37]
["03.005.0040-0","DESMONTE A FOGO DE BLOCO DE MATERIAL DE 3ªCATEGORIA(ROCHA VIVA),COM VOLUME DE 1,00 A 50,00M3,SENDO A PERFURACAO A AR COMPRIMIDO,INCLUSIVE REDUCAO MANUAL A PEDRA DE MAO","M3",153.76,null,"03.005.0040-A","DESMONTE A FOGO DE BLOCO DE MATERIAL DE 3ªCATEGORIA(ROCHA VIVA),COM VOLUME DE 1,00 A 50,00M3,SENDO A PERFURACAO A AR COMPRIMIDO,INCLUSIVE REDUCAO MANUAL A PEDRA DE MAO","M3",144.56]
["03.005.0041-0","DESMONTE A FOGO DE BLOCO DE MATERIAL DE 2ªCATEGORIA,COM VOLUME DE 1,00 A 50,00M3,SENDO A PERFURACAO A AR COMPRIMIDO,INCLUSIVE REDUCAO MANUAL A PEDRA DE MAO","M3",122.02,null,"03.005.0041-A","DESMONTE A FOGO DE BLOCO DE MATERIAL DE 2ªCATEGORIA,COM VOLUME DE 1,00 A 50,00M3,SENDO A PERFURACAO A AR COMPRIMIDO,INCLUSIVE REDUCAO MANUAL A PEDRA DE MAO","M3",115.22]
["03.005.0045-0","DESMONTE A FOGO DE BLOCO DE MATERIAL DE 2ªCATEGORIA,COM VOLUME DE 1,00 A 50,00M3,SENDO A AR COMPRIMIDO TANTO A PERFURACAO COMO A REDUCAO A PEDRA DE MAO,ESTA ULTIMA AINDA COM O AUXILIO DE CUNHA E PALMETA","M3",207.08,null,"03.005.0045-A","DESMONTE A FOGO DE BLOCO DE MATERIAL DE 2ªCATEGORIA,COM VOLUME DE 1,00 A 50,00M3,SENDO A AR COMPRIMIDO TANTO A PERFURACAO COMO A REDUCAO A PEDRA DE MAO,ESTA ULTIMA AINDA COM O AUXILIO DE CUNHA E PALMETA","M3",198.53]
["03.005.0046-0","DESMONTE A FOGO DE BLOCO DE MATERIAL DE 3ª CATEGORIA,COM VOLUME DE 1,00 A 50,00M3,SENDO A PERFURACAO A AR COMPRIMIDO E AREDUCAO A PEDRA DE MAO A ROMPEDOR,ESTA ULTIMA AINDA COM O AUXILIO DE CUNHA E PALMETA","M3",386.9,null,"03.005.0046-A","DESMONTE A FOGO DE BLOCO DE MATERIAL DE 3ª CATEGORIA,COM VOLUME DE 1,00 A 50,00M3,SENDO A PERFURACAO A AR COMPRIMIDO E AREDUCAO A PEDRA DE MAO A ROMPEDOR,ESTA ULTIMA AINDA COM O AUXILIO DE CUNHA E PALMETA","M3",373.26]
["03.008.0010-1","ESCAVACAO EM MATERIAL DE 2ªCATEGORIA(MOLEDO OU ROCHA MUITO DECOMPOSTA),COM EQUIPAMENTO A AR COMPRIMIDO,SEM UTILIZACAO DEEXPLOSIVOS,EM TALUDES,VALA/CAVA,ATE 1,50M DE PROFUNDIDADE,INCLUSIVE EMPILHAMENTO DO MATERIAL PARA REMOCAO","M3",235.38,null,"03.008.0010-B","ESCAVACAO EM MATERIAL DE 2ªCATEGORIA(MOLEDO OU ROCHA MUITO DECOMPOSTA),COM EQUIPAMENTO A AR COMPRIMIDO,SEM UTILIZACAO DEEXPLOSIVOS,EM TALUDES,VALA/CAVA,ATE 1,50M DE PROFUNDIDADE,INCLUSIVE EMPILHAMENTO DO MATERIAL PARA REMOCAO","M3",225.92]
["03.008.0011-0","ESCAVACAO EM MATERIAL DE 2ªCATEGORIA(MOLEDO OU ROCHA MUITO DECOMPOSTA),COM EQUIPAMENTO A AR COMPRIMIDO,SEM UTILIZACAO DEEXPLOSIVOS,EM TALUDES,VALA/CAVA,ENTRE 1,50 E 3,00M DE PROFUNDIDADE,INCLUSIVE EMPILHAMENTO DO MATERIAL PARA REMOCAO","M3",242.42,null,"03.008.0011-A","ESCAVACAO EM MATERIAL DE 2ªCATEGORIA(MOLEDO OU ROCHA MUITO DECOMPOSTA),COM EQUIPAMENTO A AR COMPRIMIDO,SEM UTILIZACAO DEEXPLOSIVOS,EM TALUDES,VALA/CAVA,ENTRE 1,50 E 3,00M DE PROFUNDIDADE,INCLUSIVE EMPILHAMENTO DO MATERIAL PARA REMOCAO","M3",232.68]
["03.008.0012-0","ESCAVACAO EM MATERIAL DE 2ªCATEGORIA(MOLEDO OU ROCHA MUITO DECOMPOSTA),COM EQUIPAMENTO A AR COMPRIMIDO,SEM UTILIZACAO DEEXPLOSIVOS,EM TALUDES,VALA/CAVA,ENTRE 3,00 E 4,50M DE PROFUNDIDADE,INCLUSIVE EMPILHAMENTO DO MATERIAL PARA REMOCAO","M3",252.6,null,"03.008.0012-A","ESCAVACAO EM MATERIAL DE 2ªCATEGORIA(MOLEDO OU ROCHA MUITO DECOMPOSTA),COM EQUIPAMENTO A AR COMPRIMIDO,SEM UTILIZACAO DEEXPLOSIVOS,EM TALUDES,VALA/CAVA,ENTRE 3,00 E 4,50M DE PROFUNDIDADE,INCLUSIVE EMPILHAMENTO DO MATERIAL PARA REMOCAO","M3",242.46]
["03.008.0013-0","ESCAVACAO EM MATERIAL DE 2ªCATEGORIA(MOLEDO OU ROCHA MUITO DECOMPOSTA),COM EQUIPAMENTO A AR COMPRIMIDO,SEM UTILIZACAO DEEXPLOSIVOS,EM TALUDES,VALA/CAVA,ENTRE 4,50 E 6,00M DE PROFUNDIDADE,INCLUSIVE EMPILHAMENTO DO MATERIAL PARA REMOCAO","M3",259.14,null,"03.008.0013-A","ESCAVACAO EM MATERIAL DE 2ªCATEGORIA(MOLEDO OU ROCHA MUITO DECOMPOSTA),COM EQUIPAMENTO A AR COMPRIMIDO,SEM UTILIZACAO DEEXPLOSIVOS,EM TALUDES,VALA/CAVA,ENTRE 4,50 E 6,00M DE PROFUNDIDADE,INCLUSIVE EMPILHAMENTO DO MATERIAL PARA REMOCAO","M3",248.74]
["03.008.0014-0","ESCAVACAO EM MATERIAL DE 2ªCATEGORIA(MOLEDO OU ROCHA MUITO DECOMPOSTA),COM EQUIPAMENTO A AR COMPRIMIDO,SEM UTILIZACAO DEEXPLOSIVOS,EM TALUDES,VALA/CAVA,ENTRE 6,00 E 7,50M DE PROFUNDIDADE,INCLUSIVE EMPILHAMENTO DO MATERIAL PARA REMOCAO","M3",270.32,null,"03.008.0014-A","ESCAVACAO EM MATERIAL DE 2ªCATEGORIA(MOLEDO OU ROCHA MUITO DECOMPOSTA),COM EQUIPAMENTO A AR COMPRIMIDO,SEM UTILIZACAO DEEXPLOSIVOS,EM TALUDES,VALA/CAVA,ENTRE 6,00 E 7,50M DE PROFUNDIDADE,INCLUSIVE EMPILHAMENTO DO MATERIAL PARA REMOCAO","M3",259.45]
["03.008.0020-1","ESCAVACAO EM MATERIAL DE 2ªCATEGORIA(MOLEDO OU ROCHA DECOMPOSTA),COM EQUIPAMENTO A AR COMPRIMIDO,SEM UTILIZACAO DE EXPLOSIVOS,EM TALUDES,VALA/CAVA,ATE 1,50M DE PROFUNDIDADE,INCLUSIVE EMPILHAMENTO DO MATERIAL PARA REMOCAO","M3",717.21,null,"03.008.0020-B","ESCAVACAO EM MATERIAL DE 2ªCATEGORIA(MOLEDO OU ROCHA DECOMPOSTA),COM EQUIPAMENTO A AR COMPRIMIDO,SEM UTILIZACAO DE EXPLOSIVOS,EM TALUDES,VALA/CAVA,ATE 1,50M DE PROFUNDIDADE,INCLUSIVE EMPILHAMENTO DO MATERIAL PARA REMOCAO","M3",690.11]
["03.008.0021-0","ESCAVACAO EM MATERIAL DE 2ªCATEGORIA(MOLEDO OU ROCHA DECOMPOSTA),COM EQUIPAMENTO A AR COMPRIMIDO,SEM UTILIZACAO DE EXPLOSIVOS,EM TALUDES,VALA/CAVA,ENTRE 1,50 E 3,00M DE PROFUNDIDADE,INCLUSIVE EMPILHAMENTO DO MATERIAL PARA REMOCAO","M3",738.99,null,"03.008.0021-A","ESCAVACAO EM MATERIAL DE 2ªCATEGORIA(MOLEDO OU ROCHA DECOMPOSTA),COM EQUIPAMENTO A AR COMPRIMIDO,SEM UTILIZACAO DE EXPLOSIVOS,EM TALUDES,VALA/CAVA,ENTRE 1,50 E 3,00M DE PROFUNDIDADE,INCLUSIVE EMPILHAMENTO DO MATERIAL PARA REMOCAO","M3",711.08]
["03.008.0022-0","ESCAVACAO EM MATERIAL DE 2ªCATEGORIA(MOLEDO OU ROCHA DECOMPOSTA),COM EQUIPAMENTO A AR COMPRIMIDO,SEM UTILIZACAO DE EXPLOSIVOS,EM TALUDES,VALA/CAVA,ENTRE 3,00 E 4,50M DE PROFUNDIDADE,INCLUSIVE EMPILHAMENTO DO MATERIAL PARA REMOCAO","M3",767.68,null,"03.008.0022-A","ESCAVACAO EM MATERIAL DE 2ªCATEGORIA(MOLEDO OU ROCHA DECOMPOSTA),COM EQUIPAMENTO A AR COMPRIMIDO,SEM UTILIZACAO DE EXPLOSIVOS,EM TALUDES,VALA/CAVA,ENTRE 3,00 E 4,50M DE PROFUNDIDADE,INCLUSIVE EMPILHAMENTO DO MATERIAL PARA REMOCAO","M3",738.68]
["03.008.0023-0","ESCAVACAO EM MATERIAL DE 2ªCATEGORIA(MOLEDO OU ROCHA DECOMPOSTA),COM EQUIPAMENTO A AR COMPRIMIDO,SEM UTILIZACAO DE EXPLOSIVOS,EM TALUDES,VALA/CAVA,ENTRE 4,50 E 6,00M DE PROFUNDIDADE,INCLUSIVE EMPILHAMENTO DO MATERIAL PARA REMOCAO","M3",789.97,null,"03.008.0023-A","ESCAVACAO EM MATERIAL DE 2ªCATEGORIA(MOLEDO OU ROCHA DECOMPOSTA),COM EQUIPAMENTO A AR COMPRIMIDO,SEM UTILIZACAO DE EXPLOSIVOS,EM TALUDES,VALA/CAVA,ENTRE 4,50 E 6,00M DE PROFUNDIDADE,INCLUSIVE EMPILHAMENTO DO MATERIAL PARA REMOCAO","M3",760.14]
["03.008.0024-0","ESCAVACAO EM MATERIAL DE 2ªCATEGORIA(MOLEDO OU ROCHA DECOMPOSTA),COM EQUIPAMENTO A AR COMPRIMIDO,SEM UTILIZACAO DE EXPLOSIVOS,EM TALUDES,VALA/CAVA,ENTRE 6,00 E 7,50M DE PROFUNDIDADE,INCLUSIVE EMPILHAMENTO DO MATERIAL PARA REMOCAO","M3",825.06,null,"03.008.0024-A","ESCAVACAO EM MATERIAL DE 2ªCATEGORIA(MOLEDO OU ROCHA DECOMPOSTA),COM EQUIPAMENTO A AR COMPRIMIDO,SEM UTILIZACAO DE EXPLOSIVOS,EM TALUDES,VALA/CAVA,ENTRE 6,00 E 7,50M DE PROFUNDIDADE,INCLUSIVE EMPILHAMENTO DO MATERIAL PARA REMOCAO","M3",793.89]
["03.008.0050-1","ESCAVACAO EM MATERIAL DE 3ªCATEGORIA(ROCHA SA FRATURADA),COMEQUIPAMENTO A AR COMPRIMIDO E ENCUNHAMENTO GENERALIZADO,SEMUTILIZACAO DE EXPLOSIVOS,EM TALUDES,VALA/CAVA,ATE 1,50M DEPROFUNDIDADE,INCLUSIVE EMPILHAMENTO DO MATERIAL PARA REMOCAO","M3",871.59,null,"03.008.0050-B","ESCAVACAO EM MATERIAL DE 3ªCATEGORIA(ROCHA SA FRATURADA),COMEQUIPAMENTO A AR COMPRIMIDO E ENCUNHAMENTO GENERALIZADO,SEMUTILIZACAO DE EXPLOSIVOS,EM TALUDES,VALA/CAVA,ATE 1,50M DEPROFUNDIDADE,INCLUSIVE EMPILHAMENTO DO MATERIAL PARA REMOCAO","M3",839.52]
["03.008.0051-0","ESCAVACAO EM MATERIAL DE 3ªCATEGORIA(ROCHA SA FRATURADA),COMEQUIPAMENTO A AR COMPRIMIDO E ENCUNHAMENTO GENERALIZADO,SEMUTILIZACAO DE EXPLOSIVOS,EM TALUDES,VALA/CAVA,ENTRE 1,50 E3,00M DE PROFUNDIDADE,INCLUSIVE EMPILHAMENTO DO MATERIAL PARA REMOCAO","M3",898.67,null,"03.008.0051-A","ESCAVACAO EM MATERIAL DE 3ªCATEGORIA(ROCHA SA FRATURADA),COMEQUIPAMENTO A AR COMPRIMIDO E ENCUNHAMENTO GENERALIZADO,SEMUTILIZACAO DE EXPLOSIVOS,EM TALUDES,VALA/CAVA,ENTRE 1,50 E3,00M DE PROFUNDIDADE,INCLUSIVE EMPILHAMENTO DO MATERIAL PARA REMOCAO","M3",865.61]
["03.008.0052-0","ESCAVACAO EM MATERIAL DE 3ªCATEGORIA(ROCHA SA FRATURADA),COMEQUIPAMENTO A AR COMPRIMIDO E ENCUNHAMENTO GENERALIZADO,SEMUTILIZACAO DE EXPLOSIVOS,EM TALUDES,VALA/CAVA,ENTRE 3,00 E4,50M DE PROFUNDIDADE,INCLUSIVE EMPILHAMENTO DO MATERIAL PARA REMOCAO","M3",932.02,null,"03.008.0052-A","ESCAVACAO EM MATERIAL DE 3ªCATEGORIA(ROCHA SA FRATURADA),COMEQUIPAMENTO A AR COMPRIMIDO E ENCUNHAMENTO GENERALIZADO,SEMUTILIZACAO DE EXPLOSIVOS,EM TALUDES,VALA/CAVA,ENTRE 3,00 E4,50M DE PROFUNDIDADE,INCLUSIVE EMPILHAMENTO DO MATERIAL PARA REMOCAO","M3",897.72]
["03.008.0053-0","ESCAVACAO EM MATERIAL DE 3ªCATEGORIA(ROCHA SA FRATURADA),COMEQUIPAMENTO A AR COMPRIMIDO E ENCUNHAMENTO GENERALIZADO,SEMUTILIZACAO DE EXPLOSIVOS,EM TALUDES,VALA/CAVA,ENTRE 4,50 E6,00M DE PROFUNDIDADE,INCLUSIVE EMPILHAMENTO DO MATERIAL PARA REMOCAO","M3",959.09,null,"03.008.0053-A","ESCAVACAO EM MATERIAL DE 3ªCATEGORIA(ROCHA SA FRATURADA),COMEQUIPAMENTO A AR COMPRIMIDO E ENCUNHAMENTO GENERALIZADO,SEMUTILIZACAO DE EXPLOSIVOS,EM TALUDES,VALA/CAVA,ENTRE 4,50 E6,00M DE PROFUNDIDADE,INCLUSIVE EMPILHAMENTO DO MATERIAL PARA REMOCAO","M3",923.8]
["03.008.0054-0","ESCAVACAO EM MATERIAL DE 3ªCATEGORIA(ROCHA SA FRATURADA),COMEQUIPAMENTO A AR COMPRIMIDO E ENCUNHAMENTO GENERALIZADO,SEMUTILIZACAO DE EXPLOSIVOS,EM TALUDES,VALA/CAVA,ENTRE 6,00 E7,50M DE PROFUNDIDADE,INCLUSIVE EMPILHAMENTO DO MATERIAL PARA REMOCAO","M3",1002.92,null,"03.008.0054-A","ESCAVACAO EM MATERIAL DE 3ªCATEGORIA(ROCHA SA FRATURADA),COMEQUIPAMENTO A AR COMPRIMIDO E ENCUNHAMENTO GENERALIZADO,SEMUTILIZACAO DE EXPLOSIVOS,EM TALUDES,VALA/CAVA,ENTRE 6,00 E7,50M DE PROFUNDIDADE,INCLUSIVE EMPILHAMENTO DO MATERIAL PARA REMOCAO","M3",966]
["03.008.0060-1","ESCAVACAO EM MATERIAL DE 3ªCATEGORIA(ROCHA VIVA),COM EQUIPAMENTO A AR COMPRIMIDO E SERRACAO COM BROCAS,SEGUIDA DE ENCUNHAMENTO,SEM UTILIZACAO DE EXPLOSIVOS,EM TALUDES,VALA/CAVA,ATE1,50M DE PROFUNDIDADE,INCLUSIVE EMPILHAMENTO DO MATERIAL PARA REMOCAO","M3",1968.33,null,"03.008.0060-B","ESCAVACAO EM MATERIAL DE 3ªCATEGORIA(ROCHA VIVA),COM EQUIPAMENTO A AR COMPRIMIDO E SERRACAO COM BROCAS,SEGUIDA DE ENCUNHAMENTO,SEM UTILIZACAO DE EXPLOSIVOS,EM TALUDES,VALA/CAVA,ATE1,50M DE PROFUNDIDADE,INCLUSIVE EMPILHAMENTO DO MATERIAL PARA REMOCAO","M3",1898.62]
["03.008.0061-0","ESCAVACAO EM MATERIAL DE 3ªCATEGORIA(ROCHA VIVA),COM EQUIPAMENTO A AR COMPRIMIDO E SERRACAO COM BROCAS,SEGUIDA DE ENCUNHAMENTO,SEM UTILIZACAO DE EXPLOSIVOS,EM TALUDES,VALA/CAVA,ENTRE 1,50 E 3,00M DE PROFUNDIDADE,INCLUSIVE EMPILHAMENTO DO MATERIAL PARA REMOCAO","M3",2072.7800000000002,null,"03.008.0061-A","ESCAVACAO EM MATERIAL DE 3ªCATEGORIA(ROCHA VIVA),COM EQUIPAMENTO A AR COMPRIMIDO E SERRACAO COM BROCAS,SEGUIDA DE ENCUNHAMENTO,SEM UTILIZACAO DE EXPLOSIVOS,EM TALUDES,VALA/CAVA,ENTRE 1,50 E 3,00M DE PROFUNDIDADE,INCLUSIVE EMPILHAMENTO DO MATERIAL PARA REMOCAO","M3",2000.96]
["03.008.0062-0","ESCAVACAO EM MATERIAL DE 3ªCATEGORIA(ROCHA VIVA),COM EQUIPAMENTO A AR COMPRIMIDO E SERRACAO COM BROCAS,SEGUIDA DE ENCUNHAMENTO,SEM UTILIZACAO DE EXPLOSIVOS,EM TALUDES,VALA/CAVA,ENTRE 3,00 E 4,50M DE PROFUNDIDADE,INCLUSIVE EMPILHAMENTO DO MATERIAL PARA REMOCAO","M3",2155.42,null,"03.008.0062-A","ESCAVACAO EM MATERIAL DE 3ªCATEGORIA(ROCHA VIVA),COM EQUIPAMENTO A AR COMPRIMIDO E SERRACAO COM BROCAS,SEGUIDA DE ENCUNHAMENTO,SEM UTILIZACAO DE EXPLOSIVOS,EM TALUDES,VALA/CAVA,ENTRE 3,00 E 4,50M DE PROFUNDIDADE,INCLUSIVE EMPILHAMENTO DO MATERIAL PARA REMOCAO","M3",2080.81]
["03.008.0063-0","ESCAVACAO EM MATERIAL DE 3ªCATEGORIA(ROCHA VIVA),COM EQUIPAMENTO A AR COMPRIMIDO E SERRACAO COM BROCAS,SEGUIDA DE ENCUNHAMENTO,SEM UTILIZACAO DE EXPLOSIVOS,EM TALUDES,VALA/CAVA,ENTRE 4,50 E 6,00M DE PROFUNDIDADE,INCLUSIVE EMPILHAMENTO DO MATERIAL PARA REMOCAO","M3",2218.79,null,"03.008.0063-A","ESCAVACAO EM MATERIAL DE 3ªCATEGORIA(ROCHA VIVA),COM EQUIPAMENTO A AR COMPRIMIDO E SERRACAO COM BROCAS,SEGUIDA DE ENCUNHAMENTO,SEM UTILIZACAO DE EXPLOSIVOS,EM TALUDES,VALA/CAVA,ENTRE 4,50 E 6,00M DE PROFUNDIDADE,INCLUSIVE EMPILHAMENTO DO MATERIAL PARA REMOCAO","M3",2142.11]
["03.008.0064-0","ESCAVACAO EM MATERIAL DE 3ªCATEGORIA(ROCHA VIVA),COM EQUIPAMENTO A AR COMPRIMIDO E SERRACAO COM BROCAS,SEGUIDA DE ENCUNHAMENTO,SEM UTILIZACAO DE EXPLOSIVOS,EM TALUDES,VALA/CAVA,ENTRE 6,00 E 7,50M DE PROFUNDIDADE,INCLUSIVE EMPILHAMENTO DO MATERIAL PARA REMOCAO","M3",2320.6799999999998,null,"03.008.0064-A","ESCAVACAO EM MATERIAL DE 3ªCATEGORIA(ROCHA VIVA),COM EQUIPAMENTO A AR COMPRIMIDO E SERRACAO COM BROCAS,SEGUIDA DE ENCUNHAMENTO,SEM UTILIZACAO DE EXPLOSIVOS,EM TALUDES,VALA/CAVA,ENTRE 6,00 E 7,50M DE PROFUNDIDADE,INCLUSIVE EMPILHAMENTO DO MATERIAL PARA REMOCAO","M3",2240.5]
["03.008.0080-1","ESCAVACAO EM MATERIAL DE 3ªCATEGORIA(ROCHA SA FRATURADA),COMEQUIPAMENTO A AR COMPRIMIDO,A CEU ABERTO,SEM UTILIZACAO DEEXPLOSIVOS,INCLUSIVE EMPILHAMENTO DO MATERIAL PARA REMOCAO","M3",522.95000000000005,null,"03.008.0080-B","ESCAVACAO EM MATERIAL DE 3ªCATEGORIA(ROCHA SA FRATURADA),COMEQUIPAMENTO A AR COMPRIMIDO,A CEU ABERTO,SEM UTILIZACAO DEEXPLOSIVOS,INCLUSIVE EMPILHAMENTO DO MATERIAL PARA REMOCAO","M3",503.71]
["03.008.0085-0","ESCAVACAO EM MATERIAL DE 3ªCATEGORIA(ROCHA VIVA),COM EQUIPAMENTO A AR COMPRIMIDO,A CEU ABERTO,SEM UTILIZACAO DE EXPLOSIVOS,INCLUSIVE EMPILHAMENTO DO MATERIAL PARA REMOCAO","M3",1446.08,null,"03.008.0085-A","ESCAVACAO EM MATERIAL DE 3ªCATEGORIA(ROCHA VIVA),COM EQUIPAMENTO A AR COMPRIMIDO,A CEU ABERTO,SEM UTILIZACAO DE EXPLOSIVOS,INCLUSIVE EMPILHAMENTO DO MATERIAL PARA REMOCAO","M3",1397.28]
["03.008.0090-1","ESCAVACAO EM MATERIAL DE 2ªCATEGORIA(MOLEDO OU ROCHA MUITO DECOMPOSTA),COM EQUIPAMENTO A AR COMPRIMIDO,A CEU ABERTO,SEMUTILIZACAO DE EXPLOSIVOS,INCLUSIVE EMPILHAMENTO DO MATERIALPARA REMOCAO","M3",141.41999999999999,null,"03.008.0090-B","ESCAVACAO EM MATERIAL DE 2ªCATEGORIA(MOLEDO OU ROCHA MUITO DECOMPOSTA),COM EQUIPAMENTO A AR COMPRIMIDO,A CEU ABERTO,SEMUTILIZACAO DE EXPLOSIVOS,INCLUSIVE EMPILHAMENTO DO MATERIALPARA REMOCAO","M3",135.74]
["03.008.0095-0","ESCAVACAO EM MATERIAL DE 2ªCATEGORIA(MOLEDO OU ROCHA DECOMPOSTA),COM EQUIPAMENTO A AR COMPRIMIDO,A CEU ABERTO,SEM UTILIZACAO DE EXPLOSIVOS,INCLUSIVE EMPILHAMENTO DO MATERIAL PARA REMOCAO","M3",465.97,null,"03.008.0095-A","ESCAVACAO EM MATERIAL DE 2ªCATEGORIA(MOLEDO OU ROCHA DECOMPOSTA),COM EQUIPAMENTO A AR COMPRIMIDO,A CEU ABERTO,SEM UTILIZACAO DE EXPLOSIVOS,INCLUSIVE EMPILHAMENTO DO MATERIAL PARA REMOCAO","M3",448.36]
["03.008.0120-1","DESMONTE DE BLOCO DE MATERIAL DE 3ªCATEGORIA(ROCHA VIVA),COMEQUIPAMENTO A AR COMPRIMIDO,COM VOLUME ATE 1,00M3,SEM UTILIZACAO DE EXPLOSIVOS,INCLUSIVE REDUCAO A PEDRA DE MAO COM O MESMO EQUIPAMENTO","M3",647,null,"03.008.0120-B","DESMONTE DE BLOCO DE MATERIAL DE 3ªCATEGORIA(ROCHA VIVA),COMEQUIPAMENTO A AR COMPRIMIDO,COM VOLUME ATE 1,00M3,SEM UTILIZACAO DE EXPLOSIVOS,INCLUSIVE REDUCAO A PEDRA DE MAO COM O MESMO EQUIPAMENTO","M3",624.41999999999996]
["03.008.0125-1","DESMONTE DE BLOCO DE MATERIAL DE 2ªCATEGORIA,SEM UTILIZACAODE EXPLOSIVOS,COM ROMPEDOR A AR COMPRIMIDO","M3",230.84,null,"03.008.0125-B","DESMONTE DE BLOCO DE MATERIAL DE 2ªCATEGORIA,SEM UTILIZACAODE EXPLOSIVOS,COM ROMPEDOR A AR COMPRIMIDO","M3",221.13]
["03.008.0150-1","SERRACAO CONTINUA EM MATERIAL DE 3ªCATEGORIA(ROCHA VIVA),COMA FINALIDADE DE IMPEDIR PROPAGACAO DE VIBRACOES DECORRENTESDE ESCAVACAO A FOGO","M2",998.17,null,"03.008.0150-B","SERRACAO CONTINUA EM MATERIAL DE 3ªCATEGORIA(ROCHA VIVA),COMA FINALIDADE DE IMPEDIR PROPAGACAO DE VIBRACOES DECORRENTESDE ESCAVACAO A FOGO","M2",967.96]
["03.009.0002-1","COMPACTACAO DE ATERRO,EM CAMADAS DE 15CM,COM MACO","M3",61.42,null,"03.009.0002-B","COMPACTACAO DE ATERRO,EM CAMADAS DE 15CM,COM MACO","M3",57.3]
["03.009.0003-0","COMPACTACAO DE ATERRO,EM CAMADAS DE 20CM,COM MACO","M3",54.84,null,"03.009.0003-A","COMPACTACAO DE ATERRO,EM CAMADAS DE 20CM,COM MACO","M3",51.16]
["03.009.0004-0","ATERRO COM MATERIAL DE 1ªCATEGORIA,COMPACTADO MANUALMENTE EMCAMADAS DE 20CM,ATE UMA ALTURA MAXIMA DE 80CM,PARA SUPORTEDE CAMADA DE CONCRETO,INCLUSIVE DOIS TIROS DE PA,ESPALHAMENTO E REGA,EXCLUSIVE FORNECIMENTO DA TERRA","M3",98.72,null,"03.009.0004-A","ATERRO COM MATERIAL DE 1ªCATEGORIA,COMPACTADO MANUALMENTE EMCAMADAS DE 20CM,ATE UMA ALTURA MAXIMA DE 80CM,PARA SUPORTEDE CAMADA DE CONCRETO,INCLUSIVE DOIS TIROS DE PA,ESPALHAMENTO E REGA,EXCLUSIVE FORNECIMENTO DA TERRA","M3",92.09]
["03.009.0005-0","ATERRO COM MATERIAL DE 1ª CATEGORIA,COMPACTADO MANUALMENTE EM CAMADAS DE 20CM DE MATERIAL APILOADO,PROVENIENTE DE JAZIDADISTANTE ATE 1KM,INCLUSIVE ESCAVACAO,CARGA,TRANSPORTE EM CAMINHAO BASCULANTE,DESCARGA,ESPALHAMENTO E IRRIGACAO MANUAIS","M3",179.91,null,"03.009.0005-A","ATERRO COM MATERIAL DE 1ª CATEGORIA,COMPACTADO MANUALMENTE EM CAMADAS DE 20CM DE MATERIAL APILOADO,PROVENIENTE DE JAZIDADISTANTE ATE 1KM,INCLUSIVE ESCAVACAO,CARGA,TRANSPORTE EM CAMINHAO BASCULANTE,DESCARGA,ESPALHAMENTO E IRRIGACAO MANUAIS","M3",169.31]
["03.009.0006-0","ATERRO COM MATERIAL DE 1ª CATEGORIA,COMPACTADO MANUALMENTE EM CAMADAS DE 20CM DE MATERIAL APILOADO,PROVENIENTE DE JAZIDADISTANTE ATE 2KM,INCLUSIVE ESCAVACAO,CARGA,TRANSPORTE EM CAMINHAO BASCULANTE,DESCARGA,ESPALHAMENTO E IRRIGACAO MANUAIS","M3",185.4,null,"03.009.0006-A","ATERRO COM MATERIAL DE 1ª CATEGORIA,COMPACTADO MANUALMENTE EM CAMADAS DE 20CM DE MATERIAL APILOADO,PROVENIENTE DE JAZIDADISTANTE ATE 2KM,INCLUSIVE ESCAVACAO,CARGA,TRANSPORTE EM CAMINHAO BASCULANTE,DESCARGA,ESPALHAMENTO E IRRIGACAO MANUAIS","M3",174.47]
["03.009.0007-0","ATERRO COM MATERIAL DE 1ª CATEGORIA,COMPACTADO MANUALMENTE EM CAMADAS DE 20CM DE MATERIAL APILOADO,PROVENIENTE DE JAZIDADISTANTE ATE 3KM,INCLUSIVE ESCAVACAO,CARGA,TRANSPORTE EM CAMINHAO BASCULANTE,DESCARGA,ESPALHAMENTO E IRRIGACAO MANUAIS","M3",190.67,null,"03.009.0007-A","ATERRO COM MATERIAL DE 1ª CATEGORIA,COMPACTADO MANUALMENTE EM CAMADAS DE 20CM DE MATERIAL APILOADO,PROVENIENTE DE JAZIDADISTANTE ATE 3KM,INCLUSIVE ESCAVACAO,CARGA,TRANSPORTE EM CAMINHAO BASCULANTE,DESCARGA,ESPALHAMENTO E IRRIGACAO MANUAIS","M3",179.43]
["03.009.0008-0","ATERRO COM MATERIAL DE 1ª CATEGORIA,COMPACTADO MANUALMENTE EM CAMADAS DE 20CM DE MATERIAL APILOADO,PROVENIENTE DE JAZIDADISTANTE ATE 4KM,INCLUSIVE ESCAVACAO,CARGA,TRANSPORTE EM CAMINHAO BASCULANTE,DESCARGA,ESPALHAMENTO E IRRIGACAO MANUAIS","M3",196.23,null,"03.009.0008-A","ATERRO COM MATERIAL DE 1ª CATEGORIA,COMPACTADO MANUALMENTE EM CAMADAS DE 20CM DE MATERIAL APILOADO,PROVENIENTE DE JAZIDADISTANTE ATE 4KM,INCLUSIVE ESCAVACAO,CARGA,TRANSPORTE EM CAMINHAO BASCULANTE,DESCARGA,ESPALHAMENTO E IRRIGACAO MANUAIS","M3",184.66]
["03.009.0009-0","ATERRO COM MATERIAL DE 1ª CATEGORIA,COMPACTADO MANUALMENTE EM CAMADAS DE 20CM DE MATERIAL APILOADO,PROVENIENTE DE JAZIDADISTANTE ATE 5KM,INCLUSIVE ESCAVACAO,CARGA,TRANSPORTE EM CAMINHAO BASCULANTE,DESCARGA,ESPALHAMENTO E IRRIGACAO MANUAIS","M3",199.7,null,"03.009.0009-A","ATERRO COM MATERIAL DE 1ª CATEGORIA,COMPACTADO MANUALMENTE EM CAMADAS DE 20CM DE MATERIAL APILOADO,PROVENIENTE DE JAZIDADISTANTE ATE 5KM,INCLUSIVE ESCAVACAO,CARGA,TRANSPORTE EM CAMINHAO BASCULANTE,DESCARGA,ESPALHAMENTO E IRRIGACAO MANUAIS","M3",187.92]
["03.009.0015-0","ATERRO COM MATERIAL DE 1ª CATEGORIA,COMPACTADO MANUALMENTE EM CAMADAS DE 20CM DE MATERIAL APILOADO,PROVENIENTE DE JAZIDADISTANTE ATE 10KM,INCLUSIVE ESCAVACAO,CARGA,TRANSPORTE EM CAMINHAO BASCULANTE,DESCARGA,ESPALHAMENTO E IRRIGACAO MANUAIS","M3",220.72,null,"03.009.0015-A","ATERRO COM MATERIAL DE 1ª CATEGORIA,COMPACTADO MANUALMENTE EM CAMADAS DE 20CM DE MATERIAL APILOADO,PROVENIENTE DE JAZIDADISTANTE ATE 10KM,INCLUSIVE ESCAVACAO,CARGA,TRANSPORTE EM CAMINHAO BASCULANTE,DESCARGA,ESPALHAMENTO E IRRIGACAO MANUAIS","M3",207.67]
["03.009.0020-0","ATERRO COM MATERIAL DE 1ª CATEGORIA,COMPACTADO MANUALMENTE EM CAMADAS DE 20CM DE MATERIAL APILOADO,PROVENIENTE DE JAZIDADISTANTE ATE 15KM,INCLUSIVE ESCAVACAO,CARGA,TRANSPORTE EM CAMINHAO BASCULANTE,DESCARGA,ESPALHAMENTO E IRRIGACAO MANUAIS","M3",235.58,null,"03.009.0020-A","ATERRO COM MATERIAL DE 1ª CATEGORIA,COMPACTADO MANUALMENTE EM CAMADAS DE 20CM DE MATERIAL APILOADO,PROVENIENTE DE JAZIDADISTANTE ATE 15KM,INCLUSIVE ESCAVACAO,CARGA,TRANSPORTE EM CAMINHAO BASCULANTE,DESCARGA,ESPALHAMENTO E IRRIGACAO MANUAIS","M3",221.72]
["03.009.0025-0","ATERRO COM MATERIAL DE 1ª CATEGORIA,COMPACTADO MANUALMENTE EM CAMADAS DE 20CM DE MATERIAL APILOADO,PROVENIENTE DE JAZIDADISTANTE ATE 20KM,INCLUSIVE ESCAVACAO,CARGA,TRANSPORTE EM CAMINHAO BASCULANTE,DESCARGA,ESPALHAMENTO E IRRIGACAO MANUAIS","M3",249.36,null,"03.009.0025-A","ATERRO COM MATERIAL DE 1ª CATEGORIA,COMPACTADO MANUALMENTE EM CAMADAS DE 20CM DE MATERIAL APILOADO,PROVENIENTE DE JAZIDADISTANTE ATE 20KM,INCLUSIVE ESCAVACAO,CARGA,TRANSPORTE EM CAMINHAO BASCULANTE,DESCARGA,ESPALHAMENTO E IRRIGACAO MANUAIS","M3",234.69]
["03.009.0030-0","ATERRO COM MATERIAL DE 1ª CATEGORIA,COMPACTADO MANUALMENTE EM CAMADAS DE 20CM DE MATERIAL APILOADO,PROVENIENTE DE JAZIDADISTANTE ATE 25KM,INCLUSIVE ESCAVACAO,CARGA,TRANSPORTE EM CAMINHAO BASCULANTE,DESCARGA,ESPALHAMENTO E IRRIGACAO MANUAIS","M3",262.64999999999998,null,"03.009.0030-A","ATERRO COM MATERIAL DE 1ª CATEGORIA,COMPACTADO MANUALMENTE EM CAMADAS DE 20CM DE MATERIAL APILOADO,PROVENIENTE DE JAZIDADISTANTE ATE 25KM,INCLUSIVE ESCAVACAO,CARGA,TRANSPORTE EM CAMINHAO BASCULANTE,DESCARGA,ESPALHAMENTO E IRRIGACAO MANUAIS","M3",247.19]
["03.009.0035-0","ATERRO COM MATERIAL DE 1ª CATEGORIA,COMPACTADO MANUALMENTE EM CAMADAS DE 20CM DE MATERIAL APILOADO,PROVENIENTE DE JAZIDADISTANTE ATE 30KM,INCLUSIVE ESCAVACAO,CARGA,TRANSPORTE EM CAMINHAO BASCULANTE,DESCARGA,ESPALHAMENTO E IRRIGACAO MANUAIS","M3",283.04000000000002,null,"03.009.0035-A","ATERRO COM MATERIAL DE 1ª CATEGORIA,COMPACTADO MANUALMENTE EM CAMADAS DE 20CM DE MATERIAL APILOADO,PROVENIENTE DE JAZIDADISTANTE ATE 30KM,INCLUSIVE ESCAVACAO,CARGA,TRANSPORTE EM CAMINHAO BASCULANTE,DESCARGA,ESPALHAMENTO E IRRIGACAO MANUAIS","M3",266.38]
["03.009.0080-0","COMPACTACAO DE MATERIAL DE 1ªCATEGORIA,INCLUSIVE DESCARGA DECAMINHAO BASCULANTE,MOVIMENTACAO A 1 TIRO DE PA,ESPALHAMENTO E SOCAMENTO MANUAL EM CAMADAS DE 30CM DE MATERIAL APILOADO","M3",57.94,null,"03.009.0080-A","COMPACTACAO DE MATERIAL DE 1ªCATEGORIA,INCLUSIVE DESCARGA DECAMINHAO BASCULANTE,MOVIMENTACAO A 1 TIRO DE PA,ESPALHAMENTO E SOCAMENTO MANUAL EM CAMADAS DE 30CM DE MATERIAL APILOADO","M3",54.24]
["03.010.0015-0","ATERRO COM MATERIAL DE 1ªCATEGORIA,ESPALHADO POR TRATOR COMPOTENCIA EM TORNO DE 80CV COM LAMINA,EM CAMADAS DE 20CM DE MATERIAL ADENSADO,REGADO POR CAMINHAO TANQUE E COMPACTADO A 90% COM ROLO PE DE CARNEIRO CONVENCIONAL,DE 2(DOIS) CILINDROS,REBOCADO POR TRATOR DE PNEUS,INTERVINDO 2(DOIS) SERVENTES,EXCLUSIVE O FORNECIMENTO DA TERRA","M3",12.59,null,"03.010.0015-A","ATERRO COM MATERIAL DE 1ªCATEGORIA,ESPALHADO POR TRATOR COMPOTENCIA EM TORNO DE 80CV COM LAMINA,EM CAMADAS DE 20CM DE MATERIAL ADENSADO,REGADO POR CAMINHAO TANQUE E COMPACTADO A 90% COM ROLO PE DE CARNEIRO CONVENCIONAL,DE 2(DOIS) CILINDROS,REBOCADO POR TRATOR DE PNEUS,INTERVINDO 2(DOIS) SERVENTES,EXCLUSIVE O FORNECIMENTO DA TERRA","M3",12.4]
["03.010.0016-0","ATERRO COM MATERIAL DE 1ªCATEGORIA,ESPALHADO POR TRATOR COMPOTENCIA EM TORNO DE 140CV COM LAMINA,EM CAMADAS DE 20CM DEMATERIAL ADENSADO,REGADO POR CAMINHAO TANQUE E COMPACTADO A90% COM ROLO PE DE CARNEIRO CONVENCIONAL,DE 2(DOIS)CILINDROS,REBOCADO POR TRATOR DE PNEUS,INTERVINDO 2(DOIS)SERVENTES,EXCLUSIVE O FORNECIMENTO DA TERRA","M3",5.69,null,"03.010.0016-A","ATERRO COM MATERIAL DE 1ªCATEGORIA,ESPALHADO POR TRATOR COMPOTENCIA EM TORNO DE 140CV COM LAMINA,EM CAMADAS DE 20CM DEMATERIAL ADENSADO,REGADO POR CAMINHAO TANQUE E COMPACTADO A90% COM ROLO PE DE CARNEIRO CONVENCIONAL,DE 2(DOIS)CILINDROS,REBOCADO POR TRATOR DE PNEUS,INTERVINDO 2(DOIS)SERVENTES,EXCLUSIVE O FORNECIMENTO DA TERRA","M3",5.61]
["03.010.0017-0","ATERRO COM MATERIAL DE 1ªCATEGORIA,ESPALHADO POR TRATOR COMPOTENCIA EM TORNO DE 335CV COM LAMINA,EM CAMADAS DE 20CM DEMATERIAL ADENSADO,REGADO POR CAMINHAO TANQUE E COMPACTADO A90% COM ROLO PE DE CARNEIRO CONVENCIONAL,DE 2(DOIS)CILINDROS,REBOCADO POR TRATOR DE PNEUS,INTERVINDO 2(DOIS)SERVENTES,EXCLUSIVE O FORNECIMENTO DA TERRA","M3",4.4400000000000004,null,"03.010.0017-A","ATERRO COM MATERIAL DE 1ªCATEGORIA,ESPALHADO POR TRATOR COMPOTENCIA EM TORNO DE 335CV COM LAMINA,EM CAMADAS DE 20CM DEMATERIAL ADENSADO,REGADO POR CAMINHAO TANQUE E COMPACTADO A90% COM ROLO PE DE CARNEIRO CONVENCIONAL,DE 2(DOIS)CILINDROS,REBOCADO POR TRATOR DE PNEUS,INTERVINDO 2(DOIS)SERVENTES,EXCLUSIVE O FORNECIMENTO DA TERRA","M3",4.41]
["03.010.0018-0","ATERRO COM MATERIAL DE 1ªCATEGORIA,ESPALHADO POR RETRO ESCAVADEIRA,EM CAMADAS DE 20CM DE MATERIAL ADENSADO,REGADO POR CAMINHAO TANQUE E COMPACTADO A 90% COM ROLO PE DE CARNEIRO CONVENCIONAL,DE 2(DOIS) CILINDROS,REBOCADO POR TRATOR DE PNEUS,INTERVINDO 2(DOIS) SERVENTES,EXCLUSIVE O FORNECIMENTO DA TERRA","M3",9.7200000000000006,null,"03.010.0018-A","ATERRO COM MATERIAL DE 1ªCATEGORIA,ESPALHADO POR RETRO ESCAVADEIRA,EM CAMADAS DE 20CM DE MATERIAL ADENSADO,REGADO POR CAMINHAO TANQUE E COMPACTADO A 90% COM ROLO PE DE CARNEIRO CONVENCIONAL,DE 2(DOIS) CILINDROS,REBOCADO POR TRATOR DE PNEUS,INTERVINDO 2(DOIS) SERVENTES,EXCLUSIVE O FORNECIMENTO DA TERRA","M3",9.5]
["03.010.0019-0","ATERRO COM MATERIAL DE 1ªCATEGORIA,ESPALHADO POR RETRO ESCAVADEIRA,EM CAMADAS DE 20CM DE MATERIAL ADENSADO,REGADO POR CAMINHAO TANQUE E COMPACTADO A 90% COM SOQUETE VIBRATORIO,INTERVINDO 2(DOIS) SERVENTES,EXCLUSIVE O FORNECIMENTO DA TERRA","M3",8.9,null,"03.010.0019-A","ATERRO COM MATERIAL DE 1ªCATEGORIA,ESPALHADO POR RETRO ESCAVADEIRA,EM CAMADAS DE 20CM DE MATERIAL ADENSADO,REGADO POR CAMINHAO TANQUE E COMPACTADO A 90% COM SOQUETE VIBRATORIO,INTERVINDO 2(DOIS) SERVENTES,EXCLUSIVE O FORNECIMENTO DA TERRA","M3",8.67]
["03.010.0020-0","MATERIAL DE 1ª CATEGORIA PARA ATERROS,COMPREENDENDO:ESCAVACAO,CARGA,TRANSPORTE A 1KM EM CAMINHAO BASCULANTE E DESCARGA,CONSIDERANDO O VOLUME NECESSARIO A EXECUCAO DE 1,00M3 DE MATERIAL COMPACTADO","M3",20.350000000000001,null,"03.010.0020-A","MATERIAL DE 1ª CATEGORIA PARA ATERROS,COMPREENDENDO:ESCAVACAO,CARGA,TRANSPORTE A 1KM EM CAMINHAO BASCULANTE E DESCARGA,CONSIDERANDO O VOLUME NECESSARIO A EXECUCAO DE 1,00M3 DE MATERIAL COMPACTADO","M3",20.16]
["03.010.0021-0","MATERIAL DE 1ª CATEGORIA PARA ATERROS,COMPREENDENDO:ESCAVACAO,CARGA,TRANSPORTE A 2KM EM CAMINHAO BASCULANTE E DESCARGA,CONSIDERANDO O VOLUME NECESSARIO A EXECUCAO DE 1,00M3 DE MATERIAL COMPACTADO","M3",22.99,null,"03.010.0021-A","MATERIAL DE 1ª CATEGORIA PARA ATERROS,COMPREENDENDO:ESCAVACAO,CARGA,TRANSPORTE A 2KM EM CAMINHAO BASCULANTE E DESCARGA,CONSIDERANDO O VOLUME NECESSARIO A EXECUCAO DE 1,00M3 DE MATERIAL COMPACTADO","M3",22.78]
["03.010.0022-0","MATERIAL DE 1ª CATEGORIA PARA ATERROS,COMPREENDENDO:ESCAVACAO,CARGA,TRANSPORTE A 3KM EM CAMINHAO BASCULANTE E DESCARGA,CONSIDERANDO O VOLUME NECESSARIO A EXECUCAO DE 1,00M3 DE MATERIAL COMPACTADO","M3",24.75,null,"03.010.0022-A","MATERIAL DE 1ª CATEGORIA PARA ATERROS,COMPREENDENDO:ESCAVACAO,CARGA,TRANSPORTE A 3KM EM CAMINHAO BASCULANTE E DESCARGA,CONSIDERANDO O VOLUME NECESSARIO A EXECUCAO DE 1,00M3 DE MATERIAL COMPACTADO","M3",24.53]
["03.010.0023-0","MATERIAL DE 1ª CATEGORIA PARA ATERROS,COMPREENDENDO:ESCAVACAO,CARGA,TRANSPORTE A 4KM EM CAMINHAO BASCULANTE E DESCARGA,CONSIDERANDO O VOLUME NECESSARIO A EXECUCAO DE 1,00M3 DE MATERIAL COMPACTADO","M3",28.27,null,"03.010.0023-A","MATERIAL DE 1ª CATEGORIA PARA ATERROS,COMPREENDENDO:ESCAVACAO,CARGA,TRANSPORTE A 4KM EM CAMINHAO BASCULANTE E DESCARGA,CONSIDERANDO O VOLUME NECESSARIO A EXECUCAO DE 1,00M3 DE MATERIAL COMPACTADO","M3",28.03]
["03.010.0024-0","MATERIAL DE 1ª CATEGORIA PARA ATERROS,COMPREENDENDO:ESCAVACAO,CARGA,TRANSPORTE A 5KM EM CAMINHAO BASCULANTE E DESCARGA,CONSIDERANDO O VOLUME NECESSARIO A EXECUCAO DE 1,00M3 DE MATERIAL COMPACTADO","M3",32.08,null,"03.010.0024-A","MATERIAL DE 1ª CATEGORIA PARA ATERROS,COMPREENDENDO:ESCAVACAO,CARGA,TRANSPORTE A 5KM EM CAMINHAO BASCULANTE E DESCARGA,CONSIDERANDO O VOLUME NECESSARIO A EXECUCAO DE 1,00M3 DE MATERIAL COMPACTADO","M3",31.81]
["03.010.0030-0","MATERIAL DE 1ª CATEGORIA PARA ATERROS,COMPREENDENDO:ESCAVACAO,CARGA,TRANSPORTE A 10KM EM CAMINHAO BASCULANTE E DESCARGA,CONSIDERANDO O VOLUME NECESSARIO A EXECUCAO DE 1,00M3 DE MATERIAL COMPACTADO","M3",43.8,null,"03.010.0030-A","MATERIAL DE 1ª CATEGORIA PARA ATERROS,COMPREENDENDO:ESCAVACAO,CARGA,TRANSPORTE A 10KM EM CAMINHAO BASCULANTE E DESCARGA,CONSIDERANDO O VOLUME NECESSARIO A EXECUCAO DE 1,00M3 DE MATERIAL COMPACTADO","M3",43.46]
["03.010.0035-0","MATERIAL DE 1ª CATEGORIA PARA ATERROS,COMPREENDENDO:ESCAVACAO,CARGA,TRANSPORTE A 15KM EM CAMINHAO BASCULANTE E DESCARGA,CONSIDERANDO O VOLUME NECESSARIO A EXECUCAO DE 1,00M3 DE MATERIAL COMPACTADO","M3",58.46,null,"03.010.0035-A","MATERIAL DE 1ª CATEGORIA PARA ATERROS,COMPREENDENDO:ESCAVACAO,CARGA,TRANSPORTE A 15KM EM CAMINHAO BASCULANTE E DESCARGA,CONSIDERANDO O VOLUME NECESSARIO A EXECUCAO DE 1,00M3 DE MATERIAL COMPACTADO","M3",58.02]
["03.010.0040-0","MATERIAL DE 1ª CATEGORIA PARA ATERROS,COMPREENDENDO:ESCAVACAO,CARGA,TRANSPORTE A 20KM EM CAMINHAO BASCULANTE E DESCARGA,CONSIDERANDO O VOLUME NECESSARIO A EXECUCAO DE 1,00M3 DE MATERIAL COMPACTADO","M3",73.12,null,"03.010.0040-A","MATERIAL DE 1ª CATEGORIA PARA ATERROS,COMPREENDENDO:ESCAVACAO,CARGA,TRANSPORTE A 20KM EM CAMINHAO BASCULANTE E DESCARGA,CONSIDERANDO O VOLUME NECESSARIO A EXECUCAO DE 1,00M3 DE MATERIAL COMPACTADO","M3",72.58]
["03.010.0045-0","MATERIAL DE 1ª CATEGORIA PARA ATERROS,COMPREENDENDO:ESCAVACAO,CARGA,TRANSPORTE A 25KM EM CAMINHAO BASCULANTE E DESCARGA,CONSIDERANDO O VOLUME NECESSARIO A EXECUCAO DE 1,00M3 DE MATERIAL COMPACTADO","M3",87.77,null,"03.010.0045-A","MATERIAL DE 1ª CATEGORIA PARA ATERROS,COMPREENDENDO:ESCAVACAO,CARGA,TRANSPORTE A 25KM EM CAMINHAO BASCULANTE E DESCARGA,CONSIDERANDO O VOLUME NECESSARIO A EXECUCAO DE 1,00M3 DE MATERIAL COMPACTADO","M3",87.13]
["03.010.0049-0","MATERIAL DE 1ª CATEGORIA PARA ATERROS,COMPREENDENDO:ESCAVACAO,CARGA,TRANSPORTE A 30KM EM CAMINHAO BASCULANTE E DESCARGA,CONSIDERANDO O VOLUME NECESSARIO A EXECUCAO DE 1,00M3 DE MATERIAL COMPACTADO","M3",102.43,null,"03.010.0049-A","MATERIAL DE 1ª CATEGORIA PARA ATERROS,COMPREENDENDO:ESCAVACAO,CARGA,TRANSPORTE A 30KM EM CAMINHAO BASCULANTE E DESCARGA,CONSIDERANDO O VOLUME NECESSARIO A EXECUCAO DE 1,00M3 DE MATERIAL COMPACTADO","M3",101.69]
["03.010.0100-0","COMPACTACAO DE ATERRO,EM CAMADAS DE 30CM,UTILIZANDO COMPACTADOR PNEUMATICO(SAPO),INCLUSIVE COMPRESSOR","M3",39.25,null,"03.010.0100-A","COMPACTACAO DE ATERRO,EM CAMADAS DE 30CM,UTILIZANDO COMPACTADOR PNEUMATICO(SAPO),INCLUSIVE COMPRESSOR","M3",38.119999999999997]
["03.010.0101-0","COMPACTACAO DE ATERRO,EM CAMADAS DE 20CM,UTILIZANDO COMPACTADOR PNEUMATICO(SAPO),INCLUSIVE COMPRESSOR","M3",50.14,null,"03.010.0101-A","COMPACTACAO DE ATERRO,EM CAMADAS DE 20CM,UTILIZANDO COMPACTADOR PNEUMATICO(SAPO),INCLUSIVE COMPRESSOR","M3",48.66]
["03.010.0105-0","ATERRO COMPACTADO A 95%,PARA CONSTRUCAO DE BARRAGENS OU DIQUES,EXECUTADOS EM CAMADAS DE 20CM DE MATERIAL SOLTO DE BOA QUALIDADE,INCLUSIVE ESPALHAMENTO E IRRIGACAO,EM TERRENO DE BOARESISTENCIA,EXCLUSIVE FORNECIMENTO DA TERRA","M3",27.76,null,"03.010.0105-A","ATERRO COMPACTADO A 95%,PARA CONSTRUCAO DE BARRAGENS OU DIQUES,EXECUTADOS EM CAMADAS DE 20CM DE MATERIAL SOLTO DE BOA QUALIDADE,INCLUSIVE ESPALHAMENTO E IRRIGACAO,EM TERRENO DE BOARESISTENCIA,EXCLUSIVE FORNECIMENTO DA TERRA","M3",27.4]
["03.010.0106-0","ATERRO COMPACTADO A 95%,PARA CONSTRUCAO DE BARRAGENS OU DIQUES,EXECUTADOS EM CAMADAS DE 20CM DE MATERIAL SOLTO DE BOA QUALIDADE,INCLUSIVE ESPALHAMENTO E IRRIGACAO,EM TERRENO DE BAIXA RESISTENCIA(ARGILA MOLE),EXCLUSIVE FORNECIMENTO DA TERRA","M3",34.72,null,"03.010.0106-A","ATERRO COMPACTADO A 95%,PARA CONSTRUCAO DE BARRAGENS OU DIQUES,EXECUTADOS EM CAMADAS DE 20CM DE MATERIAL SOLTO DE BOA QUALIDADE,INCLUSIVE ESPALHAMENTO E IRRIGACAO,EM TERRENO DE BAIXA RESISTENCIA(ARGILA MOLE),EXCLUSIVE FORNECIMENTO DA TERRA","M3",34.159999999999997]
["03.011.0015-1","REATERRO DE VALA/CAVA COM MATERIAL DE BOA QUALIDADE,UTILIZANDO VIBRO COMPACTADOR PORTATIL,EXCLUSIVE MATERIAL","M3",28.95,null,"03.011.0015-B","REATERRO DE VALA/CAVA COM MATERIAL DE BOA QUALIDADE,UTILIZANDO VIBRO COMPACTADOR PORTATIL,EXCLUSIVE MATERIAL","M3",27.08]
["03.012.0010-0","REATERRO DE VALA/CAVA COM TRATOR COM POTENCIA EM TORNO DE 200CV,EXCLUSIVE COMPACTACAO E MATERIAL","M3",4.42,null,"03.012.0010-A","REATERRO DE VALA/CAVA COM TRATOR COM POTENCIA EM TORNO DE 200CV,EXCLUSIVE COMPACTACAO E MATERIAL","M3",4.3899999999999997]
["03.013.0001-1","REATERRO DE VALA/CAVA COMPACTADA A MACO,EM CAMADAS DE 30CM DE ESPESSURA MAXIMA,COM MATERIAL DE BOA QUALIDADE,EXCLUSIVEESTE","M3",46.07,null,"03.013.0001-B","REATERRO DE VALA/CAVA COMPACTADA A MACO,EM CAMADAS DE 30CM DE ESPESSURA MAXIMA,COM MATERIAL DE BOA QUALIDADE,EXCLUSIVEESTE","M3",42.97]
["03.013.0002-0","REATERRO DE VALA/CAVA COMPACTADA A MACO,EM CAMADAS DE 20CM DE ESPESSURA MAXIMA,COM MATERIAL DE BOA QUALIDADE,EXCLUSIVEESTE","M3",54.84,null,"03.013.0002-A","REATERRO DE VALA/CAVA COMPACTADA A MACO,EM CAMADAS DE 20CM DE ESPESSURA MAXIMA,COM MATERIAL DE BOA QUALIDADE,EXCLUSIVEESTE","M3",51.16]
["03.013.0005-0","REATERRO DE VALA/CAVA COMPACTADA A MACO,EM CAMADAS DE 20CM DE ESPESSURA MAXIMA,EM BECOS DE ATE 2,50M DE LARGURA,EM FAVELAS,EXCLUSIVE MATERIAL","M3",65.81,null,"03.013.0005-A","REATERRO DE VALA/CAVA COMPACTADA A MACO,EM CAMADAS DE 20CM DE ESPESSURA MAXIMA,EM BECOS DE ATE 2,50M DE LARGURA,EM FAVELAS,EXCLUSIVE MATERIAL","M3",61.39]
["03.013.0006-0","REATERRO DE VALA/CAVA COMPACTADA A MACO,EM CAMADAS DE 30CM DE ESPESSURA MAXIMA,EM BECOS DE ATE 2,50M DE LARGURA,EM FAVELAS,EXCLUSIVE MATERIAL","M3",55.28,null,"03.013.0006-A","REATERRO DE VALA/CAVA COMPACTADA A MACO,EM CAMADAS DE 30CM DE ESPESSURA MAXIMA,EM BECOS DE ATE 2,50M DE LARGURA,EM FAVELAS,EXCLUSIVE MATERIAL","M3",51.57]
["03.014.0005-0","REATERRO DE VALA/CAVA,ESPALHAMENTO COM RETRO-ESCAVADEIRA E COMPACTACAO VIBRATORIA,EXCLUSIVE MATERIAL","M3",16.100000000000001,null,"03.014.0005-A","REATERRO DE VALA/CAVA,ESPALHAMENTO COM RETRO-ESCAVADEIRA E COMPACTACAO VIBRATORIA,EXCLUSIVE MATERIAL","M3",15.19]
["03.014.0010-0","REATERRO DE VALA/CAVA UTILIZANDO CARREGADOR FRONTAL DE RODAS170CV,ESPALHAMENTO COM TRATOR DE ESTEIRAS 80CV E COMPACTADOR VIBRATORIO (PE-DE-CARNEIRO),EXCLUSIVE MATERIAL","M3",15.43,null,"03.014.0010-A","REATERRO DE VALA/CAVA UTILIZANDO CARREGADOR FRONTAL DE RODAS170CV,ESPALHAMENTO COM TRATOR DE ESTEIRAS 80CV E COMPACTADOR VIBRATORIO (PE-DE-CARNEIRO),EXCLUSIVE MATERIAL","M3",15.22]
["03.015.0010-0","REATERRO DE VALA/CAVA COM PO-DE-PEDRA,INCLUSIVE FORNECIMENTODO MATERIAL E COMPACTACAO MANUAL","M3",237.35,null,"03.015.0010-A","REATERRO DE VALA/CAVA COM PO-DE-PEDRA,INCLUSIVE FORNECIMENTODO MATERIAL E COMPACTACAO MANUAL","M3",233.67]
["03.015.0012-0","REATERRO DE VALA/CAVA COM PO-DE-PEDRA,INCLUSIVE FORNECIMENTODO MATERIAL E COMPACTACAO MANUAL,EM BECOS DE ATE 2,50M DE LARGURA,EM FAVELAS","M3",250.95,null,"03.015.0012-A","REATERRO DE VALA/CAVA COM PO-DE-PEDRA,INCLUSIVE FORNECIMENTODO MATERIAL E COMPACTACAO MANUAL,EM BECOS DE ATE 2,50M DE LARGURA,EM FAVELAS","M3",246.36]
["03.015.0014-0","REATERRO DE VALA/CAVA COM AREIA,INCLUSIVE FORNECIMENTO DO MATERIAL E COMPACTACAO MANUAL","M3",240.44,null,"03.015.0014-A","REATERRO DE VALA/CAVA COM AREIA,INCLUSIVE FORNECIMENTO DO MATERIAL E COMPACTACAO MANUAL","M3",236.76]
["03.015.0016-0","REATERRO DE VALA/CAVA COM AREIA,INCLUSIVE FORNECIMENTO DO MATERIAL E COMPACTACAO MANUAL,EM BECOS DE ATE 2,50M DE LARGURA,EM FAVELAS","M3",249.22,null,"03.015.0016-A","REATERRO DE VALA/CAVA COM AREIA,INCLUSIVE FORNECIMENTO DO MATERIAL E COMPACTACAO MANUAL,EM BECOS DE ATE 2,50M DE LARGURA,EM FAVELAS","M3",244.95]
["03.015.0025-0","REATERRO DE VALA/CAVA COM BRITA 1,INCLUSIVE FORNECIMENTO DOMATERIAL E COMPACTACAO MANUAL","M3",234.93,null,"03.015.0025-A","REATERRO DE VALA/CAVA COM BRITA 1,INCLUSIVE FORNECIMENTO DOMATERIAL E COMPACTACAO MANUAL","M3",231.25]
["03.015.0026-0","REATERRO DE VALA/CAVA COM BRITA 1,INCLUSIVE FORNECIMENTO DOMATERIAL E COMPACTACAO MANUAL,EM BECOS DE ATE 2,50M DE LARGURA,EM FAVELAS","M3",243.71,null,"03.015.0026-A","REATERRO DE VALA/CAVA COM BRITA 1,INCLUSIVE FORNECIMENTO DOMATERIAL E COMPACTACAO MANUAL,EM BECOS DE ATE 2,50M DE LARGURA,EM FAVELAS","M3",239.44]
["03.016.0005-1","ESCAVACAO MECANICA DE VALA NAO ESCORADA EM MATERIAL DE 1ªCATEGORIA COM PEDRAS,INSTALACOES PREDIAIS OU OUTROS REDUTORES DE PRODUTIVIDADE OU CAVAS DE FUNDACAO,ATE 1,50M DE PROFUNDIDADE,UTILIZANDO RETRO-ESCAVADEIRA,EXCLUSIVE ESGOTAMENTO","M3",28.27,null,"03.016.0005-B","ESCAVACAO MECANICA DE VALA NAO ESCORADA EM MATERIAL DE 1ªCATEGORIA COM PEDRAS,INSTALACOES PREDIAIS OU OUTROS REDUTORES DE PRODUTIVIDADE OU CAVAS DE FUNDACAO,ATE 1,50M DE PROFUNDIDADE,UTILIZANDO RETRO-ESCAVADEIRA,EXCLUSIVE ESGOTAMENTO","M3",27.76]
["03.016.0010-1","ESCAVACAO MECANICA DE VALA NAO ESCORADA EM MATERIAL DE 1ªCATEGORIA COM PEDRAS,INSTALACOES PREDIAIS OU OUTROS REDUTORES DE PRODUTIVIDADE OU CAVAS DE FUNDACAO,ENTRE 1,50 E 3,00M DE PROFUNDIDADE,UTILIZANDO RETRO-ESCAVADEIRA,EXCLUSIVE ESGOTAMENTO","M3",34.4,null,"03.016.0010-B","ESCAVACAO MECANICA DE VALA NAO ESCORADA EM MATERIAL DE 1ªCATEGORIA COM PEDRAS,INSTALACOES PREDIAIS OU OUTROS REDUTORES DE PRODUTIVIDADE OU CAVAS DE FUNDACAO,ENTRE 1,50 E 3,00M DE PROFUNDIDADE,UTILIZANDO RETRO-ESCAVADEIRA,EXCLUSIVE ESGOTAMENTO","M3",33.78]
["03.016.0015-1","ESCAVACAO MECANICA DE VALA NAO ESCORADA,EM MATERIAL DE 1ªCATEGORIA,ATE 1,50M DE PROFUNDIDADE,UTILIZANDO RETRO-ESCAVADEIRA,EXCLUSIVE ESGOTAMENTO","M3",11.17,null,"03.016.0015-B","ESCAVACAO MECANICA DE VALA NAO ESCORADA,EM MATERIAL DE 1ªCATEGORIA,ATE 1,50M DE PROFUNDIDADE,UTILIZANDO RETRO-ESCAVADEIRA,EXCLUSIVE ESGOTAMENTO","M3",10.97]
["03.016.0018-1","ESCAVACAO MECANICA DE VALA NAO ESCORADA,EM MATERIAL DE 1ªCATEGORIA,ENTRE 1,50 E 3,00M DE PROFUNDIDADE,UTILIZANDO RETRO-ESCAVADEIRA,EXCLUSIVE ESGOTAMENTO","M3",13.53,null,"03.016.0018-B","ESCAVACAO MECANICA DE VALA NAO ESCORADA,EM MATERIAL DE 1ªCATEGORIA,ENTRE 1,50 E 3,00M DE PROFUNDIDADE,UTILIZANDO RETRO-ESCAVADEIRA,EXCLUSIVE ESGOTAMENTO","M3",13.29]
["03.016.0020-1","ESCAVACAO MECANICA DE VALA ESCORADA,EM MATERIAL DE 1ªCATEGORIA COM PEDRAS,INSTALACOES PREDIAIS OU OUTROS REDUTORES DE PRODUTIVIDADE,OU CAVAS DE FUNDACAO,ATE 1,50M DE PROFUNDIDADE,UTILIZANDO RETRO-ESCAVADEIRA,EXCLUSIVE ESGOTAMENTO E ESCORAMENTO","M3",34.659999999999997,null,"03.016.0020-B","ESCAVACAO MECANICA DE VALA ESCORADA,EM MATERIAL DE 1ªCATEGORIA COM PEDRAS,INSTALACOES PREDIAIS OU OUTROS REDUTORES DE PRODUTIVIDADE,OU CAVAS DE FUNDACAO,ATE 1,50M DE PROFUNDIDADE,UTILIZANDO RETRO-ESCAVADEIRA,EXCLUSIVE ESGOTAMENTO E ESCORAMENTO","M3",34.049999999999997]
["03.016.0025-1","ESCAVACAO MECANICA DE VALA ESCORADA,EM MATERIAL DE 1ªCATEGORIA COM PEDRAS,INSTALACOES PREDIAIS OU OUTROS REDUTORES DE PRODUTIVIDADE,OU CAVAS DE FUNDACAO,ENTRE 1,50 E 3,00M DE PROFUNDIDADE,UTILIZANDO RETRO-ESCAVADEIRA,EXCLUSIVE ESGOTAMENTO EESCORAMENTO","M3",44.43,null,"03.016.0025-B","ESCAVACAO MECANICA DE VALA ESCORADA,EM MATERIAL DE 1ªCATEGORIA COM PEDRAS,INSTALACOES PREDIAIS OU OUTROS REDUTORES DE PRODUTIVIDADE,OU CAVAS DE FUNDACAO,ENTRE 1,50 E 3,00M DE PROFUNDIDADE,UTILIZANDO RETRO-ESCAVADEIRA,EXCLUSIVE ESGOTAMENTO EESCORAMENTO","M3",43.63]
["03.016.0050-1","ESCAVACAO MECANICA DE VALA ESCORADA,EM MATERIAL DE 1ªCATEGORIA,ATE 1,50M DE PROFUNDIDADE,UTILIZANDO RETRO-ESCAVADEIRA,EXCLUSIVE ESGOTAMENTO E ESCORAMENTO","M3",13.02,null,"03.016.0050-B","ESCAVACAO MECANICA DE VALA ESCORADA,EM MATERIAL DE 1ªCATEGORIA,ATE 1,50M DE PROFUNDIDADE,UTILIZANDO RETRO-ESCAVADEIRA,EXCLUSIVE ESGOTAMENTO E ESCORAMENTO","M3",12.78]
["03.016.0055-1","ESCAVACAO MECANICA DE VALA ESCORADA,EM MATERIAL DE 1ªCATEGORIA,ENTRE 1,50 E 3,00M DE PROFUNDIDADE,UTILIZANDO RETRO-ESCAVADEIRA,EXCLUSIVE ESGOTAMENTO E ESCORAMENTO","M3",16.600000000000001,null,"03.016.0055-B","ESCAVACAO MECANICA DE VALA ESCORADA,EM MATERIAL DE 1ªCATEGORIA,ENTRE 1,50 E 3,00M DE PROFUNDIDADE,UTILIZANDO RETRO-ESCAVADEIRA,EXCLUSIVE ESGOTAMENTO E ESCORAMENTO","M3",16.3]
["03.020.0030-1","ESCAVACAO MECANICA DE VALA NAO ESCORADA,EM MATERIAL DE 1ªCATEGORIA COM PEDRAS,INSTALACOES PREDIAIS OU OUTROS REDUTORES DE PRODUTIVIDADE,OU CAVAS DE FUNDACAO,ATE 1,50M DE PROFUNDIDADE,UTILIZANDO ESCAVADEIRA HIDRAULICA DE 0,78M3,EXCLUSIVE ESGOTAMENTO","M3",20.66,null,"03.020.0030-B","ESCAVACAO MECANICA DE VALA NAO ESCORADA,EM MATERIAL DE 1ªCATEGORIA COM PEDRAS,INSTALACOES PREDIAIS OU OUTROS REDUTORES DE PRODUTIVIDADE,OU CAVAS DE FUNDACAO,ATE 1,50M DE PROFUNDIDADE,UTILIZANDO ESCAVADEIRA HIDRAULICA DE 0,78M3,EXCLUSIVE ESGOTAMENTO","M3",20.41]
["03.020.0035-1","ESCAVACAO MECANICA DE VALA NAO ESCORADA,EM MATERIAL DE 1ªCATEGORIA COM PEDRAS,INSTALACOES PREDIAIS OU OUTROS REDUTORES DE PRODUTIVIDADE,OU CAVAS DE FUNDACAO,ENTRE 1,50 E 3,00M DE PROFUNDIDADE,UTILIZANDO ESCAVADEIRA HIDRAULICA DE 0,78M3,EXCLUSIVE ESGOTAMENTO","M3",23.73,null,"03.020.0035-B","ESCAVACAO MECANICA DE VALA NAO ESCORADA,EM MATERIAL DE 1ªCATEGORIA COM PEDRAS,INSTALACOES PREDIAIS OU OUTROS REDUTORES DE PRODUTIVIDADE,OU CAVAS DE FUNDACAO,ENTRE 1,50 E 3,00M DE PROFUNDIDADE,UTILIZANDO ESCAVADEIRA HIDRAULICA DE 0,78M3,EXCLUSIVE ESGOTAMENTO","M3",23.44]
["03.020.0040-1","ESCAVACAO MECANICA DE VALA NAO ESCORADA,EM MATERIAL DE 1ªCATEGORIA COM PEDRAS,INSTALACOES PREDIAIS OU OUTROS REDUTORES DE PRODUTIVIDADE,OU CAVAS DE FUNDACAO,ENTRE 3,00 E 4,50M DE PROFUNDIDADE,UTILIZANDO ESCAVADEIRA HIDRAULICA DE 0,78M3,EXCLUSIVE ESGOTAMENTO","M3",27.06,null,"03.020.0040-B","ESCAVACAO MECANICA DE VALA NAO ESCORADA,EM MATERIAL DE 1ªCATEGORIA COM PEDRAS,INSTALACOES PREDIAIS OU OUTROS REDUTORES DE PRODUTIVIDADE,OU CAVAS DE FUNDACAO,ENTRE 3,00 E 4,50M DE PROFUNDIDADE,UTILIZANDO ESCAVADEIRA HIDRAULICA DE 0,78M3,EXCLUSIVE ESGOTAMENTO","M3",26.69]
["03.020.0045-1","ESCAVACAO MECANICA DE VALA NAO ESCORADA,EM MATERIAL DE 1ªCATEGORIA COM PEDRAS,INSTALACOES PREDIAIS,OU OUTROS REDUTORES DE PRODUTIVIDADE,OU CAVAS DE FUNDACAO,ENTRE 4,50 E 6,00M DE PROFUNDIDADE,UTILIZANDO ESCAVADEIRA HIDRAULICA DE 0,78M3,EXCLUSIVE ESGOTAMENTO","M3",33.770000000000003,null,"03.020.0045-B","ESCAVACAO MECANICA DE VALA NAO ESCORADA,EM MATERIAL DE 1ªCATEGORIA COM PEDRAS,INSTALACOES PREDIAIS,OU OUTROS REDUTORES DE PRODUTIVIDADE,OU CAVAS DE FUNDACAO,ENTRE 4,50 E 6,00M DE PROFUNDIDADE,UTILIZANDO ESCAVADEIRA HIDRAULICA DE 0,78M3,EXCLUSIVE ESGOTAMENTO","M3",33.32]
["03.020.0050-1","ESCAVACAO MECANICA DE VALA NAO ESCORADA,EM MATERIAL DE 1ªCATEGORIA,ATE 1,50M DE PROFUNDIDADE,UTILIZANDO ESCAVADEIRA HIDRAULICA DE 0,78M3,EXCLUSIVE ESGOTAMENTO","M3",8.02,null,"03.020.0050-B","ESCAVACAO MECANICA DE VALA NAO ESCORADA,EM MATERIAL DE 1ªCATEGORIA,ATE 1,50M DE PROFUNDIDADE,UTILIZANDO ESCAVADEIRA HIDRAULICA DE 0,78M3,EXCLUSIVE ESGOTAMENTO","M3",7.92]
["03.020.0052-1","ESCAVACAO MECANICA DE VALA NAO ESCORADA,EM MATERIAL DE 1ªCATEGORIA,ENTRE 1,50 E 3,00M DE PROFUNDIDADE,UTILIZANDO ESCAVADEIRA HIDRAULICA DE 0,78M3,EXCLUSIVE ESGOTAMENTO","M3",9.09,null,"03.020.0052-B","ESCAVACAO MECANICA DE VALA NAO ESCORADA,EM MATERIAL DE 1ªCATEGORIA,ENTRE 1,50 E 3,00M DE PROFUNDIDADE,UTILIZANDO ESCAVADEIRA HIDRAULICA DE 0,78M3,EXCLUSIVE ESGOTAMENTO","M3",8.98]
["03.020.0055-1","ESCAVACAO MECANICA DE VALA NAO ESCORADA,EM MATERIAL DE 1ªCATEGORIA,ENTRE 3,00 E 4,50M DE PROFUNDIDADE,UTILIZANDO ESCAVADEIRA HIDRAULICA DE 0,78M3,EXCLUSIVE ESGOTAMENTO","M3",11.41,null,"03.020.0055-B","ESCAVACAO MECANICA DE VALA NAO ESCORADA,EM MATERIAL DE 1ªCATEGORIA,ENTRE 3,00 E 4,50M DE PROFUNDIDADE,UTILIZANDO ESCAVADEIRA HIDRAULICA DE 0,78M3,EXCLUSIVE ESGOTAMENTO","M3",11.27]
["03.020.0057-1","ESCAVACAO MECANICA DE VALA NAO ESCORADA,EM MATERIAL DE 1ªCATEGORIA,ENTRE 4,50 E 6,00M DE PROFUNDIDADE,UTILIZANDO ESCAVADEIRA HIDRAULICA DE 0,78M3,EXCLUSIVE ESGOTAMENTO","M3",13.95,null,"03.020.0057-B","ESCAVACAO MECANICA DE VALA NAO ESCORADA,EM MATERIAL DE 1ªCATEGORIA,ENTRE 4,50 E 6,00M DE PROFUNDIDADE,UTILIZANDO ESCAVADEIRA HIDRAULICA DE 0,78M3,EXCLUSIVE ESGOTAMENTO","M3",13.78]
["03.020.0060-1","ESCAVACAO MECANICA DE VALA ESCORADA,EM MATERIAL DE 1ªCATEGORIA COM PEDRAS,INSTALACOES PREDIAIS OU OUTROS REDUTORES DE PRODUTIVIDADE,OU CAVAS DE FUNDACAO,ATE 1,50M DE PROFUNDIDADE,UTILIZANDO ESCAVADEIRA HIDRAULICA DE 0,78M3,EXCLUSIVE ESGOTAMENTO E ESCORAMENTO","M3",26.04,null,"03.020.0060-B","ESCAVACAO MECANICA DE VALA ESCORADA,EM MATERIAL DE 1ªCATEGORIA COM PEDRAS,INSTALACOES PREDIAIS OU OUTROS REDUTORES DE PRODUTIVIDADE,OU CAVAS DE FUNDACAO,ATE 1,50M DE PROFUNDIDADE,UTILIZANDO ESCAVADEIRA HIDRAULICA DE 0,78M3,EXCLUSIVE ESGOTAMENTO E ESCORAMENTO","M3",25.63]
["03.020.0065-1","ESCAVACAO MECANICA DE VALA ESCORADA,EM MATERIAL DE 1ªCATEGORIA COM PEDRAS,INSTALACOES PREDIAIS OU OUTROS REDUTORES DE PRODUTIVIDADE,OU CAVAS DE FUNDACAO,ENTRE 1,50 E 3,00M DE PROFUNDIDADE,UTILIZANDO ESCAVADEIRA HIDRAULICA DE 0,78M3,EXCLUSIVE ESGOTAMENTO E ESCORAMENTO","M3",29.94,null,"03.020.0065-B","ESCAVACAO MECANICA DE VALA ESCORADA,EM MATERIAL DE 1ªCATEGORIA COM PEDRAS,INSTALACOES PREDIAIS OU OUTROS REDUTORES DE PRODUTIVIDADE,OU CAVAS DE FUNDACAO,ENTRE 1,50 E 3,00M DE PROFUNDIDADE,UTILIZANDO ESCAVADEIRA HIDRAULICA DE 0,78M3,EXCLUSIVE ESGOTAMENTO E ESCORAMENTO","M3",29.46]
["03.020.0070-1","ESCAVACAO MECANICA DE VALA ESCORADA,EM MATERIAL DE 1ªCATEGORIA COM PEDRAS,INSTALACOES PREDIAIS OU OUTROS REDUTORES DE PRODUTIVIDADE,OU CAVAS DE FUNDACAO,ENTRE 3,00 E 4,50M DE PROFUNDIDADE,UTILIZANDO ESCAVADEIRA HIDRAULICA DE 0,78M3,EXCLUSIVE ESGOTAMENTO E ESCORAMENTO","M3",41.23,null,"03.020.0070-B","ESCAVACAO MECANICA DE VALA ESCORADA,EM MATERIAL DE 1ªCATEGORIA COM PEDRAS,INSTALACOES PREDIAIS OU OUTROS REDUTORES DE PRODUTIVIDADE,OU CAVAS DE FUNDACAO,ENTRE 3,00 E 4,50M DE PROFUNDIDADE,UTILIZANDO ESCAVADEIRA HIDRAULICA DE 0,78M3,EXCLUSIVE ESGOTAMENTO E ESCORAMENTO","M3",40.57]
["03.020.0075-1","ESCAVACAO MECANICA DE VALA ESCORADA,EM MATERIAL DE 1ªCATEGORIA COM PEDRAS,INSTALACOES PREDIAIS OU OUTROS REDUTORES DE PRODUTIVIDADE,OU CAVAS DE FUNDACAO,ENTRE 4,50 E 6,00M DE PROFUNDIDADE,UTILIZANDO ESCAVADEIRA HIDRAULICA DE 0,78M3,EXCLUSIVE ESGOTAMENTO E ESCORAMENTO","M3",63.58,null,"03.020.0075-B","ESCAVACAO MECANICA DE VALA ESCORADA,EM MATERIAL DE 1ªCATEGORIA COM PEDRAS,INSTALACOES PREDIAIS OU OUTROS REDUTORES DE PRODUTIVIDADE,OU CAVAS DE FUNDACAO,ENTRE 4,50 E 6,00M DE PROFUNDIDADE,UTILIZANDO ESCAVADEIRA HIDRAULICA DE 0,78M3,EXCLUSIVE ESGOTAMENTO E ESCORAMENTO","M3",62.57]
["03.020.0080-1","ESCAVACAO MECANICA DE VALA ESCORADA,EM MATERIAL DE 1ªCATEGORIA,ATE 1,50M DE PROFUNDIDADE,UTILIZANDO ESCAVADEIRA HIDRAULICA DE 0,78M3,EXCLUSIVE ESGOTAMENTO E ESCORAMENTO","M3",9.91,null,"03.020.0080-B","ESCAVACAO MECANICA DE VALA ESCORADA,EM MATERIAL DE 1ªCATEGORIA,ATE 1,50M DE PROFUNDIDADE,UTILIZANDO ESCAVADEIRA HIDRAULICA DE 0,78M3,EXCLUSIVE ESGOTAMENTO E ESCORAMENTO","M3",9.75]
["03.020.0085-1","ESCAVACAO MECANICA DE VALA ESCORADA,EM MATERIAL DE 1ªCATEGORIA,ENTRE 1,50 E 3,00M DE PROFUNDIDADE,UTILIZANDO ESCAVADEIRAHIDRAULICA DE 0,78M3,EXCLUSIVE ESGOTAMENTO E ESCORAMENTO","M3",11.33,null,"03.020.0085-B","ESCAVACAO MECANICA DE VALA ESCORADA,EM MATERIAL DE 1ªCATEGORIA,ENTRE 1,50 E 3,00M DE PROFUNDIDADE,UTILIZANDO ESCAVADEIRAHIDRAULICA DE 0,78M3,EXCLUSIVE ESGOTAMENTO E ESCORAMENTO","M3",11.15]
["03.020.0090-1","ESCAVACAO MECANICA DE VALA ESCORADA,EM MATERIAL DE 1ªCATEGORIA,ENTRE 3,00 E 4,50M DE PROFUNDIDADE,UTILIZANDO ESCAVADEIRAHIDRAULICA DE 0,78M3,EXCLUSIVE ESGOTAMENTO E ESCORAMENTO","M3",16.71,null,"03.020.0090-B","ESCAVACAO MECANICA DE VALA ESCORADA,EM MATERIAL DE 1ªCATEGORIA,ENTRE 3,00 E 4,50M DE PROFUNDIDADE,UTILIZANDO ESCAVADEIRAHIDRAULICA DE 0,78M3,EXCLUSIVE ESGOTAMENTO E ESCORAMENTO","M3",16.45]
["03.020.0100-1","ESCAVACAO MECANICA DE VALA ESCORADA,EM MATERIAL DE 1ªCATEGORIA,ENTRE 4,50 E 6,00M DE PROFUNDIDADE,UTILIZANDO ESCAVADEIRAHIDRAULICA DE 0,78M3,EXCLUSIVE ESGOTAMENTO E ESCORAMENTO","M3",24.39,null,"03.020.0100-B","ESCAVACAO MECANICA DE VALA ESCORADA,EM MATERIAL DE 1ªCATEGORIA,ENTRE 4,50 E 6,00M DE PROFUNDIDADE,UTILIZANDO ESCAVADEIRAHIDRAULICA DE 0,78M3,EXCLUSIVE ESGOTAMENTO E ESCORAMENTO","M3",24]
["03.020.0200-0","ESCAVACAO MECANICA,PARA ACERTO DE TALUDES,EM MATERIAL DE 1ªCATEGORIA,UTILIZANDO ESCAVADEIRA HIDRAULICA DE 0,78M3","M3",7.82,null,"03.020.0200-A","ESCAVACAO MECANICA,PARA ACERTO DE TALUDES,EM MATERIAL DE 1ªCATEGORIA,UTILIZANDO ESCAVADEIRA HIDRAULICA DE 0,78M3","M3",7.66]
["03.021.0005-1","ESCAVACAO MECANICA,A CEU ABERTO,EM MATERIAL DE 1ªCATEGORIA,UTILIZANDO ESCAVADEIRA HIDRAULICA DE 0,78M3","M3",5.1100000000000003,null,"03.021.0005-B","ESCAVACAO MECANICA,A CEU ABERTO,EM MATERIAL DE 1ªCATEGORIA,UTILIZANDO ESCAVADEIRA HIDRAULICA DE 0,78M3","M3",5.04]
["03.022.0010-0","ESCAVACAO MECANICA DE VALA,EM MATERIAL DE 2ªCATEGORIA(MOLEDOOU ROCHA MUITO DECOMPOSTA),UTILIZANDO ESCAVADEIRA HIDRAULICA DE 0,78M3,EXCLUSIVE ESCORAMENTO E ESGOTAMENTO,SEM USO DE COMPRESSOR","M3",6.58,null,"03.022.0010-A","ESCAVACAO MECANICA DE VALA,EM MATERIAL DE 2ªCATEGORIA(MOLEDOOU ROCHA MUITO DECOMPOSTA),UTILIZANDO ESCAVADEIRA HIDRAULICA DE 0,78M3,EXCLUSIVE ESCORAMENTO E ESGOTAMENTO,SEM USO DE COMPRESSOR","M3",6.45]
["03.023.0010-1","ESCAVACAO E CARGA MECANICA DE VALA EM RODOVIAS,UTILIZANDO VALETADEIRA DE 135HP,INCLUSIVE CAMINHAO","M3",291.37,null,"03.023.0010-B","ESCAVACAO E CARGA MECANICA DE VALA EM RODOVIAS,UTILIZANDO VALETADEIRA DE 135HP,INCLUSIVE CAMINHAO","M3",288.86]
["03.025.0005-0","ESCAVACAO MECANICA,COM TRATOR DE LAMINA COM POTENCIA EM TORNO DE 200CV,EM MATERIAL DE 1ªCATEGORIA,COM TRANSPORTE ENTRE 50,00 E 100,00M","M3",12.05,null,"03.025.0005-A","ESCAVACAO MECANICA,COM TRATOR DE LAMINA COM POTENCIA EM TORNO DE 200CV,EM MATERIAL DE 1ªCATEGORIA,COM TRANSPORTE ENTRE 50,00 E 100,00M","M3",11.92]
["03.025.0010-0","ESCAVACAO MECANICA,COM TRATOR DE LAMINA COM POTENCIA EM TORNO DE 200CV,EM MATERIAL DE 1ªCATEGORIA,COM TRANSPORTE A 50,00M","M3",10.58,null,"03.025.0010-A","ESCAVACAO MECANICA,COM TRATOR DE LAMINA COM POTENCIA EM TORNO DE 200CV,EM MATERIAL DE 1ªCATEGORIA,COM TRANSPORTE A 50,00M","M3",10.52]
["03.025.0015-1","ESCAVACAO MECANICA,COM TRATOR DE LAMINA COM POTENCIA EM TORNO DE 200CV,EM MATERIAL DE 1ªCATEGORIA,COM TRANSPORTE A 15,00M","M3",3.85,null,"03.025.0015-B","ESCAVACAO MECANICA,COM TRATOR DE LAMINA COM POTENCIA EM TORNO DE 200CV,EM MATERIAL DE 1ªCATEGORIA,COM TRANSPORTE A 15,00M","M3",3.82]
["03.025.0020-0","ESCAVACAO MECANICA,COM TRATOR COM POTENCIA EM TORNO DE 80CV,EM MATERIAL DE 1ªCATEGORIA,COM TRANSPORTE A 20,00M","M3",6.41,null,"03.025.0020-A","ESCAVACAO MECANICA,COM TRATOR COM POTENCIA EM TORNO DE 80CV,EM MATERIAL DE 1ªCATEGORIA,COM TRANSPORTE A 20,00M","M3",6.34]
["03.025.0025-0","ESCAVACAO MECANICA,COM TRATOR DE LAMINA COM POTENCIA EM TORNO DE 200CV,EM MATERIAL DE 2ªCATEGORIA,SEM USO PREVIO DE ESCARIFICADOR,COM TRANSPORTE ATE 50,00M","M3",9.6,null,"03.025.0025-A","ESCAVACAO MECANICA,COM TRATOR DE LAMINA COM POTENCIA EM TORNO DE 200CV,EM MATERIAL DE 2ªCATEGORIA,SEM USO PREVIO DE ESCARIFICADOR,COM TRANSPORTE ATE 50,00M","M3",9.5]
["03.025.0027-0","ESCAVACAO MECANICA,COM TRATOR DE LAMINA COM POTENCIA EM TORNO DE 200CV,EM MATERIAL DE 2ªCATEGORIA,SEM USO PREVIO DE ESCARIFICADOR,COM TRANSPORTE ENTRE 50,00 E 100,00M","M3",14.29,null,"03.025.0027-A","ESCAVACAO MECANICA,COM TRATOR DE LAMINA COM POTENCIA EM TORNO DE 200CV,EM MATERIAL DE 2ªCATEGORIA,SEM USO PREVIO DE ESCARIFICADOR,COM TRANSPORTE ENTRE 50,00 E 100,00M","M3",14.14]
["03.025.0030-0","REMOCAO ATE 20,00M,DE MATERIAL DE 2ª OU 3ªCATEGORIA,APOS ESCAVACAO,MEDIDO NO CORTE,COM TRATOR COM POTENCIA EM TORNO DE 200CV,CONSIDERANDO-SE ESTE TRABALHANDO A METADE DE SUA PRODUCAO NORMAL","M3",16.920000000000002,null,"03.025.0030-A","REMOCAO ATE 20,00M,DE MATERIAL DE 2ª OU 3ªCATEGORIA,APOS ESCAVACAO,MEDIDO NO CORTE,COM TRATOR COM POTENCIA EM TORNO DE 200CV,CONSIDERANDO-SE ESTE TRABALHANDO A METADE DE SUA PRODUCAO NORMAL","M3",16.809999999999999]
["03.025.0031-0","REMOCAO ATE 20,00M,DE MATERIAL DE 2ª OU 3ªCATEGORIA,APOS ESCAVACAO,MEDIDO NO CORTE,COM TRATOR COM POTENCIA EM TORNO DE 80CV,CONSIDERANDO-SE ESTE TRABALHANDO A METADE DE SUA PRODUCAO NORMAL","M3",17.13,null,"03.025.0031-A","REMOCAO ATE 20,00M,DE MATERIAL DE 2ª OU 3ªCATEGORIA,APOS ESCAVACAO,MEDIDO NO CORTE,COM TRATOR COM POTENCIA EM TORNO DE 80CV,CONSIDERANDO-SE ESTE TRABALHANDO A METADE DE SUA PRODUCAO NORMAL","M3",16.940000000000001]
["03.025.0033-0","ESPALHAMENTO DE MATERIAL DE 1ª CATEGORIA E ATERROS,COM TRATOR DE LAMINA COM POTENCIA EM TORNO DE 80CV.MEDIDO PELO VOLUMESOLTO","M3",4.16,null,"03.025.0033-A","ESPALHAMENTO DE MATERIAL DE 1ª CATEGORIA E ATERROS,COM TRATOR DE LAMINA COM POTENCIA EM TORNO DE 80CV.MEDIDO PELO VOLUMESOLTO","M3",4.1100000000000003]
["03.025.0035-0","ESPALHAMENTO DE MATERIAL DE 1ª CATEGORIA E ATERROS,COM TRATOR DE LAMINA COM POTENCIA EM TORNO DE 140CV.MEDIDO PELO VOLUME SOLTO","M3",2.75,null,"03.025.0035-A","ESPALHAMENTO DE MATERIAL DE 1ª CATEGORIA E ATERROS,COM TRATOR DE LAMINA COM POTENCIA EM TORNO DE 140CV.MEDIDO PELO VOLUME SOLTO","M3",2.73]
["03.025.0036-0","ESPALHAMENTO DE MATERIAL DE 1ª CATEGORIA E ATERROS,COM TRATOR DE LAMINA COM POTENCIA EM TORNO DE 200CV.MEDIDO PELO VOLUME SOLTO","M3",2.64,null,"03.025.0036-A","ESPALHAMENTO DE MATERIAL DE 1ª CATEGORIA E ATERROS,COM TRATOR DE LAMINA COM POTENCIA EM TORNO DE 200CV.MEDIDO PELO VOLUME SOLTO","M3",2.63]
["03.025.0037-0","ESPALHAMENTO DE ESCORIA COM TRATOR DE LAMINA COM POTENCIA EMTORNO DE 140CV.MEDIDO PELO VOLUME SOLTO","M3",3.22,null,"03.025.0037-A","ESPALHAMENTO DE ESCORIA COM TRATOR DE LAMINA COM POTENCIA EMTORNO DE 140CV.MEDIDO PELO VOLUME SOLTO","M3",3.19]
["03.025.0038-0","ESPALHAMENTO DE BRITA COM TRATOR DE LAMINA COM POTENCIA EM TORNO DE 140CV.MEDIDO PELO VOLUME SOLTO","M3",2.96,null,"03.025.0038-A","ESPALHAMENTO DE BRITA COM TRATOR DE LAMINA COM POTENCIA EM TORNO DE 140CV.MEDIDO PELO VOLUME SOLTO","M3",2.93]
["03.025.0039-0","ESCARIFICACAO DE SOLO COM TRATOR COM POTENCIA EM TORNO DE 335CV","M3",6.42,null,"03.025.0039-A","ESCARIFICACAO DE SOLO COM TRATOR COM POTENCIA EM TORNO DE 335CV","M3",6.4]
["03.025.0040-0","ESCAVACAO MECANICA,COM TRATOR DE LAMINA COM POTENCIA EM TORNO DE 80CV,EM MATERIAL DE 1ªCATEGORIA,NOS SERVICOS DE TERRACEAMENTO DE TALUDES EM CORTES,SEJA PARA ALARGAMENTO OU PARA PREPARO DO LEITO DE VALETAS DE DRENAGEM,TENDO CADA PATAMAR 4,00M DE LARGURA","M3",5.54,null,"03.025.0040-A","ESCAVACAO MECANICA,COM TRATOR DE LAMINA COM POTENCIA EM TORNO DE 80CV,EM MATERIAL DE 1ªCATEGORIA,NOS SERVICOS DE TERRACEAMENTO DE TALUDES EM CORTES,SEJA PARA ALARGAMENTO OU PARA PREPARO DO LEITO DE VALETAS DE DRENAGEM,TENDO CADA PATAMAR 4,00M DE LARGURA","M3",5.45]
["03.026.0010-0","ESCAVACAO MECANICA,EM MATERIAL DE 1ªCATEGORIA,UTILIZANDO TRATOR DE LAMINA COM POTENCIA EM TORNO DE 335CV,INCLUSIVE CARGACOM CARREGADOR FRONTAL DE PNEUS DE 3,10M3","M3",8.7799999999999994,null,"03.026.0010-A","ESCAVACAO MECANICA,EM MATERIAL DE 1ªCATEGORIA,UTILIZANDO TRATOR DE LAMINA COM POTENCIA EM TORNO DE 335CV,INCLUSIVE CARGACOM CARREGADOR FRONTAL DE PNEUS DE 3,10M3","M3",8.74]
["03.026.0015-0","ESCAVACAO MECANICA,EM MATERIAL DE 1ªCATEGORIA,UTILIZANDO TRATOR DE LAMINA COM POTENCIA EM TORNO DE 200CV,INCLUSIVE CARGACOM CARREGADOR FRONTAL DE PNEUS DE 3,10M3","M3",8.86,null,"03.026.0015-A","ESCAVACAO MECANICA,EM MATERIAL DE 1ªCATEGORIA,UTILIZANDO TRATOR DE LAMINA COM POTENCIA EM TORNO DE 200CV,INCLUSIVE CARGACOM CARREGADOR FRONTAL DE PNEUS DE 3,10M3","M3",8.7899999999999991]
["03.026.0020-0","ESCAVACAO MECANICA,EM MATERIAL DE 2ªCATEGORIA,UTILIZANDO TRATOR DE LAMINA E ESCARIFICADOR COM POTENCIA EM TORNO DE 335CV,INCLUSIVE CARGA COM CARREGADOR FRONTAL DE PNEUS DE 3,10M3","M3",16.78,null,"03.026.0020-A","ESCAVACAO MECANICA,EM MATERIAL DE 2ªCATEGORIA,UTILIZANDO TRATOR DE LAMINA E ESCARIFICADOR COM POTENCIA EM TORNO DE 335CV,INCLUSIVE CARGA COM CARREGADOR FRONTAL DE PNEUS DE 3,10M3","M3",16.7]
["03.030.0150-0","ESCAVACAO MECANICA,A CEU ABERTO,DE MATERIAL DE 1ªCATEGORIA,UTILIZANDO ESCAVADEIRA,SOBRE ESTEIRAS,VERSAO CLAM-SHELL,COM CACAMBA DE 0,38M3(1/2JD3)","M3",5.48,null,"03.030.0150-A","ESCAVACAO MECANICA,A CEU ABERTO,DE MATERIAL DE 1ªCATEGORIA,UTILIZANDO ESCAVADEIRA,SOBRE ESTEIRAS,VERSAO CLAM-SHELL,COM CACAMBA DE 0,38M3(1/2JD3)","M3",5.38]
["03.030.0155-0","ESCAVACAO MECANICA,A CEU ABERTO,DE MATERIAL DE 1ªCATEGORIA,UTILIZANDO ESCAVADEIRA,SOBRE ESTEIRAS,VERSAO CLAM-SHELL,COM CACAMBA DE 0,76M3(1JD3)","M3",5.03,null,"03.030.0155-A","ESCAVACAO MECANICA,A CEU ABERTO,DE MATERIAL DE 1ªCATEGORIA,UTILIZANDO ESCAVADEIRA,SOBRE ESTEIRAS,VERSAO CLAM-SHELL,COM CACAMBA DE 0,76M3(1JD3)","M3",4.96]
["03.030.0159-0","ESCAVACAO MECANICA,A CEU ABERTO,DE MATERIAL DE 1ªCATEGORIA,UTILIZANDO ESCAVADEIRA,SOBRE ESTEIRAS,VERSAO CLAM-SHELL,COM CACAMBA E 0,96M3(1.1/4JD3)","M3",3.23,null,"03.030.0159-A","ESCAVACAO MECANICA,A CEU ABERTO,DE MATERIAL DE 1ªCATEGORIA,UTILIZANDO ESCAVADEIRA,SOBRE ESTEIRAS,VERSAO CLAM-SHELL,COM CACAMBA E 0,96M3(1.1/4JD3)","M3",3.18]
["03.036.0200-0","ESCAVACAO EM LEITO DE RIO OU CANAL(DRAGAGEM)DE MATERIAL MOLE,ATE 4,50M DE PROFUNDIDADE,MEDIDA A PARTIR DO PLANO DE ESTACIONAMENTO DA MAQUINA,UTILIZANDO ESCAVADEIRA SOBRE ESTEIRAS,VERSAO DRAG-LINE,COM CACAMBA DE 0,57M3(3/4JD3)","M3",12.23,null,"03.036.0200-A","ESCAVACAO EM LEITO DE RIO OU CANAL(DRAGAGEM)DE MATERIAL MOLE,ATE 4,50M DE PROFUNDIDADE,MEDIDA A PARTIR DO PLANO DE ESTACIONAMENTO DA MAQUINA,UTILIZANDO ESCAVADEIRA SOBRE ESTEIRAS,VERSAO DRAG-LINE,COM CACAMBA DE 0,57M3(3/4JD3)","M3",12.01]
["03.036.0205-0","ESCAVACAO EM LEITO DE RIO OU CANAL(DRAGAGEM)DE MATERIAL MOLE,ENTRE 4,50 E 9,00M DE PROFUNDIDADE,MEDIDA A PARTIR DO PLANODE ESTACIONAMENTO DA MAQUINA,UTILIZANDO ESCAVADEIRA SOBRE ESTEIRAS,VERSAO DRAG-LINE,COM CACAMBA DE 0,57M3(3/4JD3)","M3",17.45,null,"03.036.0205-A","ESCAVACAO EM LEITO DE RIO OU CANAL(DRAGAGEM)DE MATERIAL MOLE,ENTRE 4,50 E 9,00M DE PROFUNDIDADE,MEDIDA A PARTIR DO PLANODE ESTACIONAMENTO DA MAQUINA,UTILIZANDO ESCAVADEIRA SOBRE ESTEIRAS,VERSAO DRAG-LINE,COM CACAMBA DE 0,57M3(3/4JD3)","M3",17.13]
["03.036.0210-0","ESCAVACAO EM LEITO DE RIO OU CANAL(DRAGAGEM)DE MATERIAL MOLE,ATE 4,50M DE PROFUNDIDADE,MEDIDA A PARTIR DO PLANO DE ESTACIONAMENTO DA MAQUINA,UTILIZANDO ESCAVADEIRA SOBRE ESTEIRAS,VERSAO CLAM-SHELL,COM CACAMBA DE 0.57M3(3/4JD3)","M3",18.09,null,"03.036.0210-A","ESCAVACAO EM LEITO DE RIO OU CANAL(DRAGAGEM)DE MATERIAL MOLE,ATE 4,50M DE PROFUNDIDADE,MEDIDA A PARTIR DO PLANO DE ESTACIONAMENTO DA MAQUINA,UTILIZANDO ESCAVADEIRA SOBRE ESTEIRAS,VERSAO CLAM-SHELL,COM CACAMBA DE 0.57M3(3/4JD3)","M3",17.760000000000002]
["03.036.0215-0","ESCAVACAO EM LEITO DE RIO OU CANAL(DRAGAGEM)DE MATERIAL MOLE,ENTRE 4,50 E 9,00M DE PROFUNDIDADE,MEDIDA A PARTIR DO PLANODE ESTACIONAMENTO DA MAQUINA,UTILIZANDO ESCAVADEIRA SOBRE ESTEIRAS,VERSAO CLAM-SHELL,COM CACAMBA DE 0.57M3(3/4JD3)","M3",25.22,null,"03.036.0215-A","ESCAVACAO EM LEITO DE RIO OU CANAL(DRAGAGEM)DE MATERIAL MOLE,ENTRE 4,50 E 9,00M DE PROFUNDIDADE,MEDIDA A PARTIR DO PLANODE ESTACIONAMENTO DA MAQUINA,UTILIZANDO ESCAVADEIRA SOBRE ESTEIRAS,VERSAO CLAM-SHELL,COM CACAMBA DE 0.57M3(3/4JD3)","M3",24.75]
["03.040.0001-0","ESCAVACAO,CARGA E TRANSPORTE DE MATERIAL DE 1ªCATEGORIA,UTILIZANDO MOTO-ESCAVO-TRANSPORTADOR,TRATOR(PUSHER) E MOTONIVELADORA,ADMITINDO UMA DISTANCIA MEDIA DE TRANSPORTE DE 100,00M","M3",7.53,null,"03.040.0001-A","ESCAVACAO,CARGA E TRANSPORTE DE MATERIAL DE 1ªCATEGORIA,UTILIZANDO MOTO-ESCAVO-TRANSPORTADOR,TRATOR(PUSHER) E MOTONIVELADORA,ADMITINDO UMA DISTANCIA MEDIA DE TRANSPORTE DE 100,00M","M3",7.5]
["03.040.0002-0","ESCAVACAO,CARGA E TRANSPORTE DE MATERIAL DE 1ªCATEGORIA,UTILIZANDO MOTO-ESCAVO-TRANSPORTADOR,TRATOR(PUSHER) E MOTONIVELADORA,ADMITINDO UMA DISTANCIA MEDIA DE TRANSPORTE DE 150,00M","M3",8.8000000000000007,null,"03.040.0002-A","ESCAVACAO,CARGA E TRANSPORTE DE MATERIAL DE 1ªCATEGORIA,UTILIZANDO MOTO-ESCAVO-TRANSPORTADOR,TRATOR(PUSHER) E MOTONIVELADORA,ADMITINDO UMA DISTANCIA MEDIA DE TRANSPORTE DE 150,00M","M3",8.75]
["03.040.0003-0","ESCAVACAO,CARGA E TRANSPORTE DE MATERIAL DE 1ªCATEGORIA,UTILIZANDO MOTO-ESCAVO-TRANSPORTADOR,TRATOR(PUSHER) E MOTONIVELADORA,ADMITINDO UMA DISTANCIA MEDIA DE TRANSPORTE DE 200,00M","M3",10.06,null,"03.040.0003-A","ESCAVACAO,CARGA E TRANSPORTE DE MATERIAL DE 1ªCATEGORIA,UTILIZANDO MOTO-ESCAVO-TRANSPORTADOR,TRATOR(PUSHER) E MOTONIVELADORA,ADMITINDO UMA DISTANCIA MEDIA DE TRANSPORTE DE 200,00M","M3",10.01]
["03.040.0004-0","ESCAVACAO,CARGA E TRANSPORTE DE MATERIAL DE 1ªCATEGORIA,UTILIZANDO MOTO-ESCAVO-TRANSPORTADOR,TRATOR(PUSHER) E MOTONIVELADORA,ADMITINDO UMA DISTANCIA MEDIA DE TRANSPORTE DE 250,00M","M3",11.31,null,"03.040.0004-A","ESCAVACAO,CARGA E TRANSPORTE DE MATERIAL DE 1ªCATEGORIA,UTILIZANDO MOTO-ESCAVO-TRANSPORTADOR,TRATOR(PUSHER) E MOTONIVELADORA,ADMITINDO UMA DISTANCIA MEDIA DE TRANSPORTE DE 250,00M","M3",11.25]
["03.040.0005-0","ESCAVACAO,CARGA E TRANSPORTE DE MATERIAL DE 1ªCATEGORIA,UTILIZANDO MOTO-ESCAVO-TRANSPORTADOR,TRATOR(PUSHER) E MOTONIVELADORA,ADMITINDO UMA DISTANCIA MEDIA DE TRANSPORTE DE 300,00M","M3",12.59,null,"03.040.0005-A","ESCAVACAO,CARGA E TRANSPORTE DE MATERIAL DE 1ªCATEGORIA,UTILIZANDO MOTO-ESCAVO-TRANSPORTADOR,TRATOR(PUSHER) E MOTONIVELADORA,ADMITINDO UMA DISTANCIA MEDIA DE TRANSPORTE DE 300,00M","M3",12.53]
["03.040.0006-0","ESCAVACAO,CARGA E TRANSPORTE DE MATERIAL DE 1ªCATEGORIA,UTILIZANDO MOTO-ESCAVO-TRANSPORTADOR,TRATOR(PUSHER) E MOTONIVELADORA,ADMITINDO UMA DISTANCIA MEDIA DE TRANSPORTE DE 350,00M","M3",13.84,null,"03.040.0006-A","ESCAVACAO,CARGA E TRANSPORTE DE MATERIAL DE 1ªCATEGORIA,UTILIZANDO MOTO-ESCAVO-TRANSPORTADOR,TRATOR(PUSHER) E MOTONIVELADORA,ADMITINDO UMA DISTANCIA MEDIA DE TRANSPORTE DE 350,00M","M3",13.76]
["03.040.0007-0","ESCAVACAO,CARGA E TRANSPORTE DE MATERIAL DE 1ªCATEGORIA,UTILIZANDO MOTO-ESCAVO-TRANSPORTADOR,TRATOR(PUSHER) E MOTONIVELADORA,ADMITINDO UMA DISTANCIA MEDIA DE TRANSPORTE DE 400,00M","M3",15.13,null,"03.040.0007-A","ESCAVACAO,CARGA E TRANSPORTE DE MATERIAL DE 1ªCATEGORIA,UTILIZANDO MOTO-ESCAVO-TRANSPORTADOR,TRATOR(PUSHER) E MOTONIVELADORA,ADMITINDO UMA DISTANCIA MEDIA DE TRANSPORTE DE 400,00M","M3",15.05]
["03.040.0008-0","ESCAVACAO,CARGA E TRANSPORTE DE MATERIAL DE 1ªCATEGORIA,UTILIZANDO MOTO-ESCAVO-TRANSPORTADOR,TRATOR(PUSHER) E MOTONIVELADORA,ADMITINDO UMA DISTANCIA MEDIA DE TRANSPORTE DE 450,00M","M3",16.3,null,"03.040.0008-A","ESCAVACAO,CARGA E TRANSPORTE DE MATERIAL DE 1ªCATEGORIA,UTILIZANDO MOTO-ESCAVO-TRANSPORTADOR,TRATOR(PUSHER) E MOTONIVELADORA,ADMITINDO UMA DISTANCIA MEDIA DE TRANSPORTE DE 450,00M","M3",16.22]
["03.040.0009-0","ESCAVACAO,CARGA E TRANSPORTE DE MATERIAL DE 1ªCATEGORIA,UTILIZANDO MOTO-ESCAVO-TRANSPORTADOR,TRATOR(PUSHER) E MOTONIVELADORA,ADMITINDO UMA DISTANCIA MEDIA DE TRANSPORTE DE 500,00M","M3",17.670000000000002,null,"03.040.0009-A","ESCAVACAO,CARGA E TRANSPORTE DE MATERIAL DE 1ªCATEGORIA,UTILIZANDO MOTO-ESCAVO-TRANSPORTADOR,TRATOR(PUSHER) E MOTONIVELADORA,ADMITINDO UMA DISTANCIA MEDIA DE TRANSPORTE DE 500,00M","M3",17.579999999999998]
["03.040.0010-0","ESCAVACAO,CARGA E TRANSPORTE DE MATERIAL DE 1ªCATEGORIA,UTILIZANDO MOTO-ESCAVO-TRANSPORTADOR,TRATOR(PUSHER) E MOTONIVELADORA,ADMITINDO UMA DISTANCIA MEDIA DE TRANSPORTE DE 550,00M","M3",18.95,null,"03.040.0010-A","ESCAVACAO,CARGA E TRANSPORTE DE MATERIAL DE 1ªCATEGORIA,UTILIZANDO MOTO-ESCAVO-TRANSPORTADOR,TRATOR(PUSHER) E MOTONIVELADORA,ADMITINDO UMA DISTANCIA MEDIA DE TRANSPORTE DE 550,00M","M3",18.850000000000001]
["03.040.0011-0","ESCAVACAO,CARGA E TRANSPORTE DE MATERIAL DE 1ªCATEGORIA,UTILIZANDO MOTO-ESCAVO-TRANSPORTADOR,TRATOR(PUSHER) E MOTONIVELADORA,ADMITINDO UMA DISTANCIA MEDIA DE TRANSPORTE DE 600,00M","M3",20.22,null,"03.040.0011-A","ESCAVACAO,CARGA E TRANSPORTE DE MATERIAL DE 1ªCATEGORIA,UTILIZANDO MOTO-ESCAVO-TRANSPORTADOR,TRATOR(PUSHER) E MOTONIVELADORA,ADMITINDO UMA DISTANCIA MEDIA DE TRANSPORTE DE 600,00M","M3",20.12]
["03.040.0012-0","ESCAVACAO,CARGA E TRANSPORTE DE MATERIAL DE 1ªCATEGORIA,UTILIZANDO MOTO-ESCAVO-TRANSPORTADOR,TRATOR(PUSHER) E MOTONIVELADORA,ADMITINDO UMA DISTANCIA MEDIA DE TRANSPORTE DE 650,00M","M3",21.46,null,"03.040.0012-A","ESCAVACAO,CARGA E TRANSPORTE DE MATERIAL DE 1ªCATEGORIA,UTILIZANDO MOTO-ESCAVO-TRANSPORTADOR,TRATOR(PUSHER) E MOTONIVELADORA,ADMITINDO UMA DISTANCIA MEDIA DE TRANSPORTE DE 650,00M","M3",21.35]
["03.040.0013-0","ESCAVACAO,CARGA E TRANSPORTE DE MATERIAL DE 1ªCATEGORIA,UTILIZANDO MOTO-ESCAVO-TRANSPORTADOR,TRATOR(PUSHER) E MOTONIVELADORA,ADMITINDO UMA DISTANCIA MEDIA DE TRANSPORTE DE 700,00M","M3",22.61,null,"03.040.0013-A","ESCAVACAO,CARGA E TRANSPORTE DE MATERIAL DE 1ªCATEGORIA,UTILIZANDO MOTO-ESCAVO-TRANSPORTADOR,TRATOR(PUSHER) E MOTONIVELADORA,ADMITINDO UMA DISTANCIA MEDIA DE TRANSPORTE DE 700,00M","M3",22.49]
["03.040.0014-0","ESCAVACAO,CARGA E TRANSPORTE DE MATERIAL DE 1ªCATEGORIA,UTILIZANDO MOTO-ESCAVO-TRANSPORTADOR,TRATOR(PUSHER) E MOTONIVELADORA,ADMITINDO UMA DISTANCIA MEDIA DE TRANSPORTE DE 750,OOM","M3",23.89,null,"03.040.0014-A","ESCAVACAO,CARGA E TRANSPORTE DE MATERIAL DE 1ªCATEGORIA,UTILIZANDO MOTO-ESCAVO-TRANSPORTADOR,TRATOR(PUSHER) E MOTONIVELADORA,ADMITINDO UMA DISTANCIA MEDIA DE TRANSPORTE DE 750,OOM","M3",23.77]
["03.040.0015-0","ESCAVACAO,CARGA E TRANSPORTE DE MATERIAL DE 1ªCATEGORIA,UTILIZANDO MOTO-ESCAVO-TRANSPORTADOR,TRATOR(PUSHER) E MOTONIVELADORA,ADMITINDO UMA DISTANCIA MEDIA DE TRANSPORTE DE 800,00M","M3",25.34,null,"03.040.0015-A","ESCAVACAO,CARGA E TRANSPORTE DE MATERIAL DE 1ªCATEGORIA,UTILIZANDO MOTO-ESCAVO-TRANSPORTADOR,TRATOR(PUSHER) E MOTONIVELADORA,ADMITINDO UMA DISTANCIA MEDIA DE TRANSPORTE DE 800,00M","M3",25.21]
["03.040.0016-0","ESCAVACAO,CARGA E TRANSPORTE DE MATERIAL DE 1ªCATEGORIA,UTILIZANDO MOTO-ESCAVO-TRANSPORTADOR,TRATOR(PUSHER) E MOTONIVELADORA,ADMITINDO UMA DISTANCIA MEDIA DE TRANSPORTE DE 850,00M","M3",26.62,null,"03.040.0016-A","ESCAVACAO,CARGA E TRANSPORTE DE MATERIAL DE 1ªCATEGORIA,UTILIZANDO MOTO-ESCAVO-TRANSPORTADOR,TRATOR(PUSHER) E MOTONIVELADORA,ADMITINDO UMA DISTANCIA MEDIA DE TRANSPORTE DE 850,00M","M3",26.49]
["03.040.0017-0","ESCAVACAO,CARGA E TRANSPORTE DE MATERIAL DE 1ªCATEGORIA,UTILIZANDO MOTO-ESCAVO-TRANSPORTADOR,TRATOR(PUSHER) E MOTONIVELADORA,ADMITINDO UMA DISTANCIA MEDIA DE TRANSPORTE DE 900,00M","M3",27.68,null,"03.040.0017-A","ESCAVACAO,CARGA E TRANSPORTE DE MATERIAL DE 1ªCATEGORIA,UTILIZANDO MOTO-ESCAVO-TRANSPORTADOR,TRATOR(PUSHER) E MOTONIVELADORA,ADMITINDO UMA DISTANCIA MEDIA DE TRANSPORTE DE 900,00M","M3",27.53]
["03.040.0018-0","ESCAVACAO,CARGA E TRANSPORTE DE MATERIAL DE 1ªCATEGORIA,UTILIZANDO MOTO-ESCAVO-TRANSPORTADOR,TRATOR(PUSHER) E MOTONIVELADORA,ADMITINDO UMA DISTANCIA MEDIA DE TRANSPORTE DE 950,00M","M3",28.81,null,"03.040.0018-A","ESCAVACAO,CARGA E TRANSPORTE DE MATERIAL DE 1ªCATEGORIA,UTILIZANDO MOTO-ESCAVO-TRANSPORTADOR,TRATOR(PUSHER) E MOTONIVELADORA,ADMITINDO UMA DISTANCIA MEDIA DE TRANSPORTE DE 950,00M","M3",28.66]
["03.040.0019-0","ESCAVACAO,CARGA E TRANSPORTE DE MATERIAL DE 1ªCATEGORIA,UTILIZANDO MOTO-ESCAVO-TRANSPORTADOR,TRATOR(PUSHER) E MOTONIVELADORA,ADMITINDO UMA DISTANCIA MEDIA DE TRANSPORTE DE 1000,00M","M3",30.48,null,"03.040.0019-A","ESCAVACAO,CARGA E TRANSPORTE DE MATERIAL DE 1ªCATEGORIA,UTILIZANDO MOTO-ESCAVO-TRANSPORTADOR,TRATOR(PUSHER) E MOTONIVELADORA,ADMITINDO UMA DISTANCIA MEDIA DE TRANSPORTE DE 1000,00M","M3",30.33]
["03.040.0020-0","ESCAVACAO,CARGA E TRANSPORTE DE MATERIAL DE 1ªCATEGORIA,UTILIZANDO MOTO-ESCAVO-TRANSPORTADOR,TRATOR(PUSHER) E MOTONIVELADORA,ADMITINDO UMA DISTANCIA MEDIA DE TRANSPORTE DE 1050,00M","M3",31.39,null,"03.040.0020-A","ESCAVACAO,CARGA E TRANSPORTE DE MATERIAL DE 1ªCATEGORIA,UTILIZANDO MOTO-ESCAVO-TRANSPORTADOR,TRATOR(PUSHER) E MOTONIVELADORA,ADMITINDO UMA DISTANCIA MEDIA DE TRANSPORTE DE 1050,00M","M3",31.23]
["03.040.0021-0","ESCAVACAO,CARGA E TRANSPORTE DE MATERIAL DE 1ªCATEGORIA,UTILIZANDO MOTO-ESCAVO-TRANSPORTADOR,TRATOR(PUSHER) E MOTONIVELADORA,ADMITINDO UMA DISTANCIA MEDIA DE TRANSPORTE DE 1100,00M","M3",32.869999999999997,null,"03.040.0021-A","ESCAVACAO,CARGA E TRANSPORTE DE MATERIAL DE 1ªCATEGORIA,UTILIZANDO MOTO-ESCAVO-TRANSPORTADOR,TRATOR(PUSHER) E MOTONIVELADORA,ADMITINDO UMA DISTANCIA MEDIA DE TRANSPORTE DE 1100,00M","M3",32.700000000000003]
["03.040.0022-0","ESCAVACAO,CARGA E TRANSPORTE DE MATERIAL DE 1ªCATEGORIA,UTILIZANDO MOTO-ESCAVO-TRANSPORTADOR,TRATOR(PUSHER) E MOTONIVELADORA,ADMITINDO UMA DISTANCIA MEDIA DE TRANSPORTE DE 1150,00M","M3",33.93,null,"03.040.0022-A","ESCAVACAO,CARGA E TRANSPORTE DE MATERIAL DE 1ªCATEGORIA,UTILIZANDO MOTO-ESCAVO-TRANSPORTADOR,TRATOR(PUSHER) E MOTONIVELADORA,ADMITINDO UMA DISTANCIA MEDIA DE TRANSPORTE DE 1150,00M","M3",33.75]
["03.040.0023-0","ESCAVACAO,CARGA E TRANSPORTE DE MATERIAL DE 1ªCATEGORIA,UTILIZANDO MOTO-ESCAVO-TRANSPORTADOR,TRATOR(PUSHER) E MOTONIVELADORA,ADMITINDO UMA DISTANCIA MEDIA DE TRANSPORTE DE 1200,00M","M3",35.65,null,"03.040.0023-A","ESCAVACAO,CARGA E TRANSPORTE DE MATERIAL DE 1ªCATEGORIA,UTILIZANDO MOTO-ESCAVO-TRANSPORTADOR,TRATOR(PUSHER) E MOTONIVELADORA,ADMITINDO UMA DISTANCIA MEDIA DE TRANSPORTE DE 1200,00M","M3",35.47]
["03.040.0024-0","ESCAVACAO,CARGA E TRANSPORTE DE MATERIAL DE 2ªCATEGORIA,UTILIZANDO MOTO-ESCAVO-TRANSPORTADOR,TRATOR(PUSHER),MOTONIVELADORA E TRATOR COM ESCARIFICADOR,ADMITINDO UMA DISTANCIA MEDIADE TRANSPORTE DE 100,00M","M3",15.7,null,"03.040.0024-A","ESCAVACAO,CARGA E TRANSPORTE DE MATERIAL DE 2ªCATEGORIA,UTILIZANDO MOTO-ESCAVO-TRANSPORTADOR,TRATOR(PUSHER),MOTONIVELADORA E TRATOR COM ESCARIFICADOR,ADMITINDO UMA DISTANCIA MEDIADE TRANSPORTE DE 100,00M","M3",15.64]
["03.040.0025-0","ESCAVACAO,CARGA E TRANSPORTE DE MATERIAL DE 2ªCATEGORIA,UTILIZANDO MOTO-ESCAVO-TRANSPORTADOR,TRATOR(PUSHER),MOTONIVELADORA E TRATOR COM ESCARIFICADOR,ADMITINDO UMA DISTANCIA MEDIADE TRANSPORTE DE 150,00M","M3",18.11,null,"03.040.0025-A","ESCAVACAO,CARGA E TRANSPORTE DE MATERIAL DE 2ªCATEGORIA,UTILIZANDO MOTO-ESCAVO-TRANSPORTADOR,TRATOR(PUSHER),MOTONIVELADORA E TRATOR COM ESCARIFICADOR,ADMITINDO UMA DISTANCIA MEDIADE TRANSPORTE DE 150,00M","M3",18.04]
["03.040.0026-0","ESCAVACAO,CARGA E TRANSPORTE DE MATERIAL DE 2ªCATEGORIA,UTILIZANDO MOTO-ESCAVO-TRANSPORTADOR,TRATOR(PUSHER),MOTONIVELADORA E TRATOR COM ESCARIFICADOR,ADMITINDO UMA DISTANCIA MEDIADE TRANSPORTE DE 200,00M","M3",20.61,null,"03.040.0026-A","ESCAVACAO,CARGA E TRANSPORTE DE MATERIAL DE 2ªCATEGORIA,UTILIZANDO MOTO-ESCAVO-TRANSPORTADOR,TRATOR(PUSHER),MOTONIVELADORA E TRATOR COM ESCARIFICADOR,ADMITINDO UMA DISTANCIA MEDIADE TRANSPORTE DE 200,00M","M3",20.54]
["03.040.0027-0","ESCAVACAO,CARGA E TRANSPORTE DE MATERIAL DE 2ªCATEGORIA,UTILIZANDO MOTO-ESCAVO-TRANSPORTADOR,TRATOR(PUSHER),MOTONIVELADORA E TRATOR COM ESCARIFICADOR,ADMITINDO UMA DISTANCIA MEDIADE TRANSPORTE DE 250,00M","M3",22.97,null,"03.040.0027-A","ESCAVACAO,CARGA E TRANSPORTE DE MATERIAL DE 2ªCATEGORIA,UTILIZANDO MOTO-ESCAVO-TRANSPORTADOR,TRATOR(PUSHER),MOTONIVELADORA E TRATOR COM ESCARIFICADOR,ADMITINDO UMA DISTANCIA MEDIADE TRANSPORTE DE 250,00M","M3",22.88]
["03.040.0028-0","ESCAVACAO,CARGA E TRANSPORTE DE MATERIAL DE 2ªCATEGORIA,UTILIZANDO MOTO-ESCAVO-TRANSPORTADOR,TRATOR(PUSHER),MOTONIVELADORA E TRATOR COM ESCARIFICADOR,ADMITINDO UMA DISTANCIA MEDIADE TRANSPORTE DE 300,00M","M3",25.54,null,"03.040.0028-A","ESCAVACAO,CARGA E TRANSPORTE DE MATERIAL DE 2ªCATEGORIA,UTILIZANDO MOTO-ESCAVO-TRANSPORTADOR,TRATOR(PUSHER),MOTONIVELADORA E TRATOR COM ESCARIFICADOR,ADMITINDO UMA DISTANCIA MEDIADE TRANSPORTE DE 300,00M","M3",25.44]
["03.040.0029-0","ESCAVACAO,CARGA E TRANSPORTE DE MATERIAL DE 2ªCATEGORIA,UTILIZANDO MOTO-ESCAVO-TRANSPORTADOR,TRATOR(PUSHER),MOTONIVELADORA E TRATOR COM ESCARIFICADOR,ADMITINDO UMA DISTANCIA MEDIADE TRANSPORTE DE 350,00M","M3",27.82,null,"03.040.0029-A","ESCAVACAO,CARGA E TRANSPORTE DE MATERIAL DE 2ªCATEGORIA,UTILIZANDO MOTO-ESCAVO-TRANSPORTADOR,TRATOR(PUSHER),MOTONIVELADORA E TRATOR COM ESCARIFICADOR,ADMITINDO UMA DISTANCIA MEDIADE TRANSPORTE DE 350,00M","M3",27.72]
["03.040.0030-0","ESCAVACAO,CARGA E TRANSPORTE DE MATERIAL DE 2ªCATEGORIA,UTILIZANDO MOTO-ESCAVO-TRANSPORTADOR,TRATOR(PUSHER),MOTONIVELADORA E TARTOR COM ESCARIFICADOR,ADMITINDO UMA DISTANCIA MEDIADE TRANSPORTE DE 400,00M","M3",30.28,null,"03.040.0030-A","ESCAVACAO,CARGA E TRANSPORTE DE MATERIAL DE 2ªCATEGORIA,UTILIZANDO MOTO-ESCAVO-TRANSPORTADOR,TRATOR(PUSHER),MOTONIVELADORA E TARTOR COM ESCARIFICADOR,ADMITINDO UMA DISTANCIA MEDIADE TRANSPORTE DE 400,00M","M3",30.17]
["03.040.0031-0","ESCAVACAO,CARGA E TRANSPORTE DE MATERIAL DE 2ªCATEGORIA,UTILIZANDO MOTO-ESCAVO-TRANSPORTADOR,TRATOR(PUSHER),MOTONIVELADORA E TRATOR COM ESCARIFICADOR,ADMITINDO UMA DISTANCIA MEDIADE TRANSPORTE DE 450,00M","M3",32.9,null,"03.040.0031-A","ESCAVACAO,CARGA E TRANSPORTE DE MATERIAL DE 2ªCATEGORIA,UTILIZANDO MOTO-ESCAVO-TRANSPORTADOR,TRATOR(PUSHER),MOTONIVELADORA E TRATOR COM ESCARIFICADOR,ADMITINDO UMA DISTANCIA MEDIADE TRANSPORTE DE 450,00M","M3",32.78]
["03.040.0032-0","ESCAVACAO,CARGA E TRANSPORTE DE MATERIAL DE 2ªCATEGORIA,UTILIZANDO MOTO-ESCAVO-TRANSPORTADOR,TRATOR(PUSHER),MOTONIVELADORA E TRATOR COM ESCARIFICADOR,ADMITINDO UMA DISTANCIA MEDIADE TRANSPORTE DE 500,00M","M3",35.28,null,"03.040.0032-A","ESCAVACAO,CARGA E TRANSPORTE DE MATERIAL DE 2ªCATEGORIA,UTILIZANDO MOTO-ESCAVO-TRANSPORTADOR,TRATOR(PUSHER),MOTONIVELADORA E TRATOR COM ESCARIFICADOR,ADMITINDO UMA DISTANCIA MEDIADE TRANSPORTE DE 500,00M","M3",35.14]
["03.040.0033-0","ESCAVACAO,CARGA E TRANSPORTE DE MATERIAL DE 2ªCATEGORIA,UTILIZANDO MOTO-ESCAVO-TRANSPORTADOR,TRATOR(PUSHER),MOTONIVELADORA E TRATOR COM ESCARIFICADOR,ADMITINDO UMA DISTANCIA MEDIADE TRANSPORTE DE 550,00M","M3",37.61,null,"03.040.0033-A","ESCAVACAO,CARGA E TRANSPORTE DE MATERIAL DE 2ªCATEGORIA,UTILIZANDO MOTO-ESCAVO-TRANSPORTADOR,TRATOR(PUSHER),MOTONIVELADORA E TRATOR COM ESCARIFICADOR,ADMITINDO UMA DISTANCIA MEDIADE TRANSPORTE DE 550,00M","M3",37.47]
["03.040.0034-0","ESCAVACAO,CARGA E TRANSPORTE DE MATERIAL DE 2ªCATEGORIA,UTILIZANDO MOTO-ESCAVO-TRAMSPORTADOR,TRATOR(PUSHER),MOTONIVELADORA E TRATOR COM ESCARIFICADOR,ADMITINDO UMA DISTANCIA MEDIADE TRANSPORTE DE 600,00M","M3",40.26,null,"03.040.0034-A","ESCAVACAO,CARGA E TRANSPORTE DE MATERIAL DE 2ªCATEGORIA,UTILIZANDO MOTO-ESCAVO-TRAMSPORTADOR,TRATOR(PUSHER),MOTONIVELADORA E TRATOR COM ESCARIFICADOR,ADMITINDO UMA DISTANCIA MEDIADE TRANSPORTE DE 600,00M","M3",40.11]
["03.040.0035-0","ESCAVACAO,CARGA E TRANSPORTE DE MATERIAL DE 2ªCATEGORIA,UTILIZANDO MOTO-ESCAVO-TRANSPORTADOR,TRATOR(PUSHER),MOTONIVELADORA E TRATOR COM ESCARIFICADOR,ADMITINDO UMA DISTANCIA MEDIADE TRANSPORTE DE 650,00M","M3",42.78,null,"03.040.0035-A","ESCAVACAO,CARGA E TRANSPORTE DE MATERIAL DE 2ªCATEGORIA,UTILIZANDO MOTO-ESCAVO-TRANSPORTADOR,TRATOR(PUSHER),MOTONIVELADORA E TRATOR COM ESCARIFICADOR,ADMITINDO UMA DISTANCIA MEDIADE TRANSPORTE DE 650,00M","M3",42.62]
["03.040.0036-0","ESCAVACAO,CARGA E TRANSPORTE DE MATERIAL DE 2ªCATEGORIA,UTILIZANDO MOTO-ESCAVO-TRANSPORTADOR,TRATOR(PUSHER),MOTONIVELADORA E TRATOR COM ESCARIFICADOR,ADMITINDO UMA DISTANCIA MEDIADE TRANSPORTE DE 700,00M","M3",45.03,null,"03.040.0036-A","ESCAVACAO,CARGA E TRANSPORTE DE MATERIAL DE 2ªCATEGORIA,UTILIZANDO MOTO-ESCAVO-TRANSPORTADOR,TRATOR(PUSHER),MOTONIVELADORA E TRATOR COM ESCARIFICADOR,ADMITINDO UMA DISTANCIA MEDIADE TRANSPORTE DE 700,00M","M3",44.86]
["03.040.0037-0","ESCAVACAO,CARGA E TRANSPORTE DE MATERIAL DE 2ªCATEGORIA,UTILIZANDO MOTO-ESCAVO-TRANSPORTADOR,TRATOR(PUSHER),MOTONIVELADORA E TRATOR COM ESCARIFICADOR,ADMITINDO UMA DISTANCIA MEDIADE TRANSPORTE DE 750,00M","M3",47.53,null,"03.040.0037-A","ESCAVACAO,CARGA E TRANSPORTE DE MATERIAL DE 2ªCATEGORIA,UTILIZANDO MOTO-ESCAVO-TRANSPORTADOR,TRATOR(PUSHER),MOTONIVELADORA E TRATOR COM ESCARIFICADOR,ADMITINDO UMA DISTANCIA MEDIADE TRANSPORTE DE 750,00M","M3",47.35]
["03.040.0038-0","ESCAVACAO,CARGA E TRANSPORTE DE MATERIAL DE 2ªCATEGORIA,UTILIZANDO MOTO-ESCAVO-TRANSPORTADOR,TRATOR(PUSHER),MOTONIVELADORA E TRATOR COM ESCARIFICADOR,ADMITINDO UMA DISTANCIA MEDIADE TRANSPORTE DE 800,00M","M3",50.33,null,"03.040.0038-A","ESCAVACAO,CARGA E TRANSPORTE DE MATERIAL DE 2ªCATEGORIA,UTILIZANDO MOTO-ESCAVO-TRANSPORTADOR,TRATOR(PUSHER),MOTONIVELADORA E TRATOR COM ESCARIFICADOR,ADMITINDO UMA DISTANCIA MEDIADE TRANSPORTE DE 800,00M","M3",50.14]
["03.040.0039-0","ESCAVACAO,CARGA E TRANSPORTE DE MATERIAL DE 2ªCATEGORIA,UTILIZANDO MOTO-ESCAVO-TRANSPORTADOR,TRATOR(PUSHER),MOTONIVELADORA E TRATOR COM ESCARIFICADOR,ADMITINDO UMA DISTANCIA MEDIADE TRANSPORTE DE 850,00M","M3",52.65,null,"03.040.0039-A","ESCAVACAO,CARGA E TRANSPORTE DE MATERIAL DE 2ªCATEGORIA,UTILIZANDO MOTO-ESCAVO-TRANSPORTADOR,TRATOR(PUSHER),MOTONIVELADORA E TRATOR COM ESCARIFICADOR,ADMITINDO UMA DISTANCIA MEDIADE TRANSPORTE DE 850,00M","M3",52.45]
["03.040.0040-0","ESCAVACAO,CARGA E TRANSPORTE DE MATERIAL DE 2ªCATEGORIA,UTILIZANDO MOTO-ESCAVO-TRANSPORTADOR,TRATOR(PUSHER),MOTONIVELADORA E TRATOR COM ESCARIFICADOR,ADMITINDO UMA DISTANCIA MEDIADE TRANSPORTE DE 900,00M","M3",55.21,null,"03.040.0040-A","ESCAVACAO,CARGA E TRANSPORTE DE MATERIAL DE 2ªCATEGORIA,UTILIZANDO MOTO-ESCAVO-TRANSPORTADOR,TRATOR(PUSHER),MOTONIVELADORA E TRATOR COM ESCARIFICADOR,ADMITINDO UMA DISTANCIA MEDIADE TRANSPORTE DE 900,00M","M3",54.99]
["03.040.0041-0","ESCAVACAO,CARGA E TRANSPORTE DE MATERIAL DE 2ªCATEGORIA,UTILIZANDO MOTO-ESCAVO-TRANSPORTADOR,TRATOR(PUSHER),MOTONIVELADORA E TRATOR COM ESCARIFICADOR,ADMITINDO UMA DISTANCIA MEDIADE TRANSPORTE DE 950,00M","M3",57.05,null,"03.040.0041-A","ESCAVACAO,CARGA E TRANSPORTE DE MATERIAL DE 2ªCATEGORIA,UTILIZANDO MOTO-ESCAVO-TRANSPORTADOR,TRATOR(PUSHER),MOTONIVELADORA E TRATOR COM ESCARIFICADOR,ADMITINDO UMA DISTANCIA MEDIADE TRANSPORTE DE 950,00M","M3",56.83]
["03.040.0042-0","ESCAVACAO,CARGA E TRANSPORTE DE MATERIAL DE 2ªCATEGORIA,UTILIZANDO MOTO-ESCAVO-TRANSPORTADOR,TRATOR(PUSHER),MOTONIVELADORA E TRATOR COM ESCARIFICADOR,ADMITINDO UMA DISTANCIA MEDIADE TRANSPORTE DE 1000,00M","M3",60.04,null,"03.040.0042-A","ESCAVACAO,CARGA E TRANSPORTE DE MATERIAL DE 2ªCATEGORIA,UTILIZANDO MOTO-ESCAVO-TRANSPORTADOR,TRATOR(PUSHER),MOTONIVELADORA E TRATOR COM ESCARIFICADOR,ADMITINDO UMA DISTANCIA MEDIADE TRANSPORTE DE 1000,00M","M3",59.81]
["03.040.0043-0","ESCAVACAO,CARGA E TRANSPORTE DE MATERIAL DE 2ªCATEGORIA,UTILIZANDO MOTO-ESCAVO-TRANSPORTADOR,TRATOR(PUSHER),MOTONIVELADORA E TRATOR COM ESCARIFICADOR,ADMITINDO UMA DISTANCIA MEDIADE TRANSPORTE DE 1050,00M","M3",62.23,null,"03.040.0043-A","ESCAVACAO,CARGA E TRANSPORTE DE MATERIAL DE 2ªCATEGORIA,UTILIZANDO MOTO-ESCAVO-TRANSPORTADOR,TRATOR(PUSHER),MOTONIVELADORA E TRATOR COM ESCARIFICADOR,ADMITINDO UMA DISTANCIA MEDIADE TRANSPORTE DE 1050,00M","M3",61.99]
["03.040.0044-0","ESCAVACAO,CARGA E TRANSPORTE DE MATERIAL DE 2ªCATEGORIA,UTILIZANDO MOTO-ESCAVO-TRANSPORTADOR,TRATOR(PUSHER),MOTONIVELADORA E TRATOR COM ESCARIFICADOR,ADMITINDO UMA DISTANCIA MEDIADE TRANSPORTE DE 1100,00M","M3",64.58,null,"03.040.0044-A","ESCAVACAO,CARGA E TRANSPORTE DE MATERIAL DE 2ªCATEGORIA,UTILIZANDO MOTO-ESCAVO-TRANSPORTADOR,TRATOR(PUSHER),MOTONIVELADORA E TRATOR COM ESCARIFICADOR,ADMITINDO UMA DISTANCIA MEDIADE TRANSPORTE DE 1100,00M","M3",64.33]
["03.040.0045-0","ESCAVACAO,CARGA E TRANSPORTE DE MATERIAL DE 2ªCATEGORIA,UTILIZANDO MOTO-ESCAVO-TRANSPORTADOR,TRATOR(PUSHER),MOTONIVELADORA E TRATOR COM ESCARIFICADOR,ADMITINDO UMA DISTANCIA MEDIADE TRANSPORTE DE 1150,00M","M3",67.11,null,"03.040.0045-A","ESCAVACAO,CARGA E TRANSPORTE DE MATERIAL DE 2ªCATEGORIA,UTILIZANDO MOTO-ESCAVO-TRANSPORTADOR,TRATOR(PUSHER),MOTONIVELADORA E TRATOR COM ESCARIFICADOR,ADMITINDO UMA DISTANCIA MEDIADE TRANSPORTE DE 1150,00M","M3",66.849999999999994]
["03.040.0046-0","ESCAVACAO,CARGA E TRANSPORTE DE MATERIAL DE 2ªCATEGORIA,UTILIZANDO MOTO-ESCAVO-TRANSPORTADOR,TRATOR(PUSHER),MOTONIVELADORA E TRATOR COM ESCARIFICADOR,ADMITINDO UMA DISTANCIA MEDIADE TRANSPORTE DE 1200,00M","M3",69.849999999999994,null,"03.040.0046-A","ESCAVACAO,CARGA E TRANSPORTE DE MATERIAL DE 2ªCATEGORIA,UTILIZANDO MOTO-ESCAVO-TRANSPORTADOR,TRATOR(PUSHER),MOTONIVELADORA E TRATOR COM ESCARIFICADOR,ADMITINDO UMA DISTANCIA MEDIADE TRANSPORTE DE 1200,00M","M3",69.59]
["04.005.0003-0","TRANSPORTE DE CARGA DE QUALQUER NATUREZA,EXCLUSIVE AS DESPESAS DE CARGA E DESCARGA,TANTO DE ESPERA DO CAMINHAO COMO DO SERVENTE OU EQUIPAMENTO AUXILIAR,A VELOCIDADE MEDIA DE 50KM/H,EM CAMINHAO DE CARROCERIA FIXA A OLEO DIESEL,COM CAPACIDADEUTIL DE 7,5T","T X KM",1.1200000000000001,null,"04.005.0003-A","TRANSPORTE DE CARGA DE QUALQUER NATUREZA,EXCLUSIVE AS DESPESAS DE CARGA E DESCARGA,TANTO DE ESPERA DO CAMINHAO COMO DO SERVENTE OU EQUIPAMENTO AUXILIAR,A VELOCIDADE MEDIA DE 50KM/H,EM CAMINHAO DE CARROCERIA FIXA A OLEO DIESEL,COM CAPACIDADEUTIL DE 7,5T","T X KM",1.1100000000000001]
["04.005.0004-0","TRANSPORTE DE CARGA DE QUALQUER NATUREZA,EXCLUSIVE AS DESPESAS DE CARGA E DESCARGA,TANTO DE ESPERA DO CAMINHAO COMO DO SERVENTE OU EQUIPAMENTO AUXILIAR,A VELOCIDADE MEDIA DE 40KM/H,EM CAMINHAO DE CARROCERIA FIXA A OLEO DIESEL,COM CAPACIDADEUTIL DE 7,5T","T X KM",1.42,null,"04.005.0004-A","TRANSPORTE DE CARGA DE QUALQUER NATUREZA,EXCLUSIVE AS DESPESAS DE CARGA E DESCARGA,TANTO DE ESPERA DO CAMINHAO COMO DO SERVENTE OU EQUIPAMENTO AUXILIAR,A VELOCIDADE MEDIA DE 40KM/H,EM CAMINHAO DE CARROCERIA FIXA A OLEO DIESEL,COM CAPACIDADEUTIL DE 7,5T","T X KM",1.41]
["04.005.0005-0","TRANSPORTE DE CARGA DE QUALQUER NATUREZA,EXCLUSIVE AS DESPESAS DE CARGA E DESCARGA,TANTO DE ESPERA DO CAMINHAO COMO DO SERVENTE OU EQUIPAMENTO AUXILIAR,A VELOCIDADE MEDIA DE 35KM/H,EM CAMINHAO DE CARROCERIA FIXA A OLEO DIESEL,COM CAPACIDADEUTIL DE 7,5T","T X KM",1.61,null,"04.005.0005-A","TRANSPORTE DE CARGA DE QUALQUER NATUREZA,EXCLUSIVE AS DESPESAS DE CARGA E DESCARGA,TANTO DE ESPERA DO CAMINHAO COMO DO SERVENTE OU EQUIPAMENTO AUXILIAR,A VELOCIDADE MEDIA DE 35KM/H,EM CAMINHAO DE CARROCERIA FIXA A OLEO DIESEL,COM CAPACIDADEUTIL DE 7,5T","T X KM",1.6]
["04.005.0006-1","TRANSPORTE DE CARGA DE QUALQUER NATUREZA,EXCLUSIVE AS DESPESAS DE CARGA E DESCARGA,TANTO DE ESPERA DO CAMINHAO COMO DO SERVENTE OU EQUIPAMENTO AUXILIAR,A VELOCIDADE MEDIA DE 30KM/H,EM CAMINHAO DE CARROCERIA FIXA A OLEO DIESEL,COM CAPACIDADEUTIL DE 7,5T","T X KM",1.89,null,"04.005.0006-B","TRANSPORTE DE CARGA DE QUALQUER NATUREZA,EXCLUSIVE AS DESPESAS DE CARGA E DESCARGA,TANTO DE ESPERA DO CAMINHAO COMO DO SERVENTE OU EQUIPAMENTO AUXILIAR,A VELOCIDADE MEDIA DE 30KM/H,EM CAMINHAO DE CARROCERIA FIXA A OLEO DIESEL,COM CAPACIDADEUTIL DE 7,5T","T X KM",1.87]
["04.005.0007-0","TRANSPORTE DE CARGA DE QUALQUER NATUREZA,EXCLUSIVE AS DESPESAS DE CARGA E DESCARGA,TANTO DE ESPERA DO CAMINHAO COMO DO SERVENTE OU EQUIPAMENTO AUXILIAR,A VELOCIDADE MEDIA DE 25KM/H,EM CAMINHAO DE CARROCEIRA FIXA A OLEO DIESEL,COM CAPACIDADEUTIL DE 7,5T","T X KM",2.27,null,"04.005.0007-A","TRANSPORTE DE CARGA DE QUALQUER NATUREZA,EXCLUSIVE AS DESPESAS DE CARGA E DESCARGA,TANTO DE ESPERA DO CAMINHAO COMO DO SERVENTE OU EQUIPAMENTO AUXILIAR,A VELOCIDADE MEDIA DE 25KM/H,EM CAMINHAO DE CARROCEIRA FIXA A OLEO DIESEL,COM CAPACIDADEUTIL DE 7,5T","T X KM",2.25]
["04.005.0011-0","TRANSPORTE DE CARGA DE QUALQUER NATUREZA,EXCLUSIVE AS DESPESAS DE CARGA E DESCARGA,TANTO DE ESPERA DO CAMINHAO COMO DO SERVENTE OU EQUIPAMENTO AUXILIAR,A VELOCIDADE MEDIA DE 20KM/H,EM CAMINHAO DE CARROCERIA FIXA A OLEO DIESEL,COM CAPACIDADEUTIL DE 7,5T","T X KM",2.82,null,"04.005.0011-A","TRANSPORTE DE CARGA DE QUALQUER NATUREZA,EXCLUSIVE AS DESPESAS DE CARGA E DESCARGA,TANTO DE ESPERA DO CAMINHAO COMO DO SERVENTE OU EQUIPAMENTO AUXILIAR,A VELOCIDADE MEDIA DE 20KM/H,EM CAMINHAO DE CARROCERIA FIXA A OLEO DIESEL,COM CAPACIDADEUTIL DE 7,5T","T X KM",2.8]
["04.005.0012-1","TRANSPORTE DE CARGA DE QUALQUER NATUREZA,EXCLUSIVE AS DESPESAS DE CARGA E DESCARGA,TANTO DE ESPERA DO CAMINHAO COMO DO SERVENTE OU EQUIPAMENTO AUXILIAR,A VELOCIDADE MEDIA DE 15KM/H,EM CAMINHAO DE CARROCERIA FIXA A OLEO DIESEL,COM CAPACIDADEUTIL DE 7,5T","T X KM",3.78,null,"04.005.0012-B","TRANSPORTE DE CARGA DE QUALQUER NATUREZA,EXCLUSIVE AS DESPESAS DE CARGA E DESCARGA,TANTO DE ESPERA DO CAMINHAO COMO DO SERVENTE OU EQUIPAMENTO AUXILIAR,A VELOCIDADE MEDIA DE 15KM/H,EM CAMINHAO DE CARROCERIA FIXA A OLEO DIESEL,COM CAPACIDADEUTIL DE 7,5T","T X KM",3.74]
["04.005.0013-0","TRANSPORTE DE CARGA DE QUALQUER NATUREZA,EXCLUSIVE AS DESPESAS DE CARGA E DESCARGA,TANTO DE ESPERA DO CAMINHAO COMO DO SERVENTE OU EQUIPAMENTO AUXILIAR,A VELOCIDADE MEDIA DE 10KM/H,EM CAMINHAO DE CARROCERIA FIXA A OLEO DIESEL,COM CAPACIDADEUTIL DE 7,5T","T X KM",5.67,null,"04.005.0013-A","TRANSPORTE DE CARGA DE QUALQUER NATUREZA,EXCLUSIVE AS DESPESAS DE CARGA E DESCARGA,TANTO DE ESPERA DO CAMINHAO COMO DO SERVENTE OU EQUIPAMENTO AUXILIAR,A VELOCIDADE MEDIA DE 10KM/H,EM CAMINHAO DE CARROCERIA FIXA A OLEO DIESEL,COM CAPACIDADEUTIL DE 7,5T","T X KM",5.62]
["04.005.0014-0","TRANSPORTE DE CARGA DE QUALQUER NATUREZA,EXCLUSIVE AS DESPESAS DE CARGA E DESCARGA,TANTO DE ESPERA DO CAMINHAO COMO DO SERVENTE OU EQUIPAMENTO AUXILIAR,A VELOCIDADE MEDIA DE 5KM/H,EM CAMINHAO DE CARROCERIA FIXA A OLEO DIESEL,COM CAPACIDADEUTIL DE 7,5T","T X KM",11.33,null,"04.005.0014-A","TRANSPORTE DE CARGA DE QUALQUER NATUREZA,EXCLUSIVE AS DESPESAS DE CARGA E DESCARGA,TANTO DE ESPERA DO CAMINHAO COMO DO SERVENTE OU EQUIPAMENTO AUXILIAR,A VELOCIDADE MEDIA DE 5KM/H,EM CAMINHAO DE CARROCERIA FIXA A OLEO DIESEL,COM CAPACIDADEUTIL DE 7,5T","T X KM",11.22]
["04.005.0015-0","TRANSPORTE DE CARGA DE QUALQUER NATUREZA,EXCLUSIVE AS DESPESAS DE CARGA E DESCARGA,TANTO DE ESPERA DO CAMINHAO COMO DO SERVENTE OU EQUIPAMENTO AUXILIAR,A VELOCIDADE MEDIA DE 50KM/H,EM CAMINHAO TRUCADO DE CARROCERIA FIXA A OLEO DIESEL,COM CAPACIDADE UTIL DE 12T","T X KM",0.83,null,"04.005.0015-A","TRANSPORTE DE CARGA DE QUALQUER NATUREZA,EXCLUSIVE AS DESPESAS DE CARGA E DESCARGA,TANTO DE ESPERA DO CAMINHAO COMO DO SERVENTE OU EQUIPAMENTO AUXILIAR,A VELOCIDADE MEDIA DE 50KM/H,EM CAMINHAO TRUCADO DE CARROCERIA FIXA A OLEO DIESEL,COM CAPACIDADE UTIL DE 12T","T X KM",0.82]
["04.005.0016-0","TRANSPORTE DE CARGA DE QUALQUER NATUREZA,EXCLUSIVE AS DESPESAS DE CARGA E DESCARGA,TANTO DE ESPERA DO CAMINHAO COMO DO SERVENTE OU EQUIPAMENTO AUXILIAR,A VELOCIDADE MEDIA DE 40KM/H,EM CAMINHAO TRUCADO DE CARROCERIA FIXA A OLEO DIESEL,COM CAPACIDADE UTIL DE 12T","T X KM",1.05,null,"04.005.0016-A","TRANSPORTE DE CARGA DE QUALQUER NATUREZA,EXCLUSIVE AS DESPESAS DE CARGA E DESCARGA,TANTO DE ESPERA DO CAMINHAO COMO DO SERVENTE OU EQUIPAMENTO AUXILIAR,A VELOCIDADE MEDIA DE 40KM/H,EM CAMINHAO TRUCADO DE CARROCERIA FIXA A OLEO DIESEL,COM CAPACIDADE UTIL DE 12T","T X KM",1.04]
["04.005.0017-0","TRANSPORTE DE CARGA DE QUALQUER NATUREZA,EXCLUSIVE AS DESPESAS DE CARGA E DESCARGA,TANTO DE ESPERA DO CAMINHAO COMO DO SERVENTE OU EQUIPAMENTO AUXILIAR,A VELOCIDADE MEDIA DE 35KM/H,EM CAMINHAO TRUCADO DE CARROCERIA FIXA A OLEO DIESEL,COM CAPACIDADE UTIL DE 12T","T X KM",1.2,null,"04.005.0017-A","TRANSPORTE DE CARGA DE QUALQUER NATUREZA,EXCLUSIVE AS DESPESAS DE CARGA E DESCARGA,TANTO DE ESPERA DO CAMINHAO COMO DO SERVENTE OU EQUIPAMENTO AUXILIAR,A VELOCIDADE MEDIA DE 35KM/H,EM CAMINHAO TRUCADO DE CARROCERIA FIXA A OLEO DIESEL,COM CAPACIDADE UTIL DE 12T","T X KM",1.19]
["04.005.0018-0","TRANSPORTE DE CARGA DE QUALQUER NATUREZA,EXCLUSIVE AS DESPESAS DE CARGA E DESCARGA,TANTO DE ESPERA DO CAMINHAO COMO DO SERVENTE OU EQUIPAMENTO AUXILIAR,A VELOCIDADE MEDIA DE 30KM/H,EM CAMINHAO TRUCADO DE CARROCERIA FIXA A OLEO DIESEL,COM CAPACIDADE UTIL DE 12T","T X KM",1.4,null,"04.005.0018-A","TRANSPORTE DE CARGA DE QUALQUER NATUREZA,EXCLUSIVE AS DESPESAS DE CARGA E DESCARGA,TANTO DE ESPERA DO CAMINHAO COMO DO SERVENTE OU EQUIPAMENTO AUXILIAR,A VELOCIDADE MEDIA DE 30KM/H,EM CAMINHAO TRUCADO DE CARROCERIA FIXA A OLEO DIESEL,COM CAPACIDADE UTIL DE 12T","T X KM",1.39]
["04.005.0019-0","TRANSPORTE DE CARGA DE QUALQUER NATUREZA,EXCLUSIVE AS DESPESAS DE CARGA E DESCARGA,TANTO DE ESPERA DO CAMINHAO COMO DO SERVENTE OU EQUIPAMENTO AUXILIAR,A VELOCIDADE MEDIA DE 25KM/H,EM CAMINHAO TRUCADO DE CARROCERIA FIXA A OLEO DIESEL,COM CAPACIDADE UTIL DE 12T","T X KM",1.68,null,"04.005.0019-A","TRANSPORTE DE CARGA DE QUALQUER NATUREZA,EXCLUSIVE AS DESPESAS DE CARGA E DESCARGA,TANTO DE ESPERA DO CAMINHAO COMO DO SERVENTE OU EQUIPAMENTO AUXILIAR,A VELOCIDADE MEDIA DE 25KM/H,EM CAMINHAO TRUCADO DE CARROCERIA FIXA A OLEO DIESEL,COM CAPACIDADE UTIL DE 12T","T X KM",1.67]
["04.005.0020-0","TRANSPORTE DE CARGA DE QUALQUER NATUREZA,EXCLUSIVE AS DESPESAS DE CARGA E DESCARGA,TANTO DE ESPERA DO CAMINHAO COMO DO SERVENTE OU EQUIPAMENTO AUXILIAR,A VELOCIDADE MEDIA DE 20KM/H,EM CAMINHAO TRUCADO DE CARROCERIA FIXA A OLEO DIESEL,COM CAPACIDADE UTIL DE 12T","T X KM",2.08,null,"04.005.0020-A","TRANSPORTE DE CARGA DE QUALQUER NATUREZA,EXCLUSIVE AS DESPESAS DE CARGA E DESCARGA,TANTO DE ESPERA DO CAMINHAO COMO DO SERVENTE OU EQUIPAMENTO AUXILIAR,A VELOCIDADE MEDIA DE 20KM/H,EM CAMINHAO TRUCADO DE CARROCERIA FIXA A OLEO DIESEL,COM CAPACIDADE UTIL DE 12T","T X KM",2.0699999999999998]
["04.005.0021-0","TRANSPORTE DE CARGA DE QUALQUER NATUREZA,EXCLUSIVE AS DESPESAS DE CARGA E DESCARGA,TANTO DE ESPERA DO CAMINHAO COMO DO SERVENTE OU EQUIPAMENTO AUXILIAR,A VELOCIDADE MEDIA DE 15KM/H,EM CAMINHAO TRUCADO DE CARROCERIA FIXA A OLEO DIESEL,COM CAPACIDADE UTIL DE 12T","T X KM",2.79,null,"04.005.0021-A","TRANSPORTE DE CARGA DE QUALQUER NATUREZA,EXCLUSIVE AS DESPESAS DE CARGA E DESCARGA,TANTO DE ESPERA DO CAMINHAO COMO DO SERVENTE OU EQUIPAMENTO AUXILIAR,A VELOCIDADE MEDIA DE 15KM/H,EM CAMINHAO TRUCADO DE CARROCERIA FIXA A OLEO DIESEL,COM CAPACIDADE UTIL DE 12T","T X KM",2.77]
["04.005.0022-0","TRANSPORTE DE CARGA DE QUALQUER NATUREZA,EXCLUSIVE AS DESPESAS DE CARGA E DESCARGA,TANTO DE ESPERA DO CAMINHAO COMO DO SERVENTE OU EQUIPAMENTO AUXILIAR,A VELOCIDADE MEDIA DE 10KM/H,EM CAMINHAO TRUCADO DE CARROCERIA FIXA A OLEO DIESEL,COM CAPACIDADE UTIL DE 12T","T X KM",4.2,null,"04.005.0022-A","TRANSPORTE DE CARGA DE QUALQUER NATUREZA,EXCLUSIVE AS DESPESAS DE CARGA E DESCARGA,TANTO DE ESPERA DO CAMINHAO COMO DO SERVENTE OU EQUIPAMENTO AUXILIAR,A VELOCIDADE MEDIA DE 10KM/H,EM CAMINHAO TRUCADO DE CARROCERIA FIXA A OLEO DIESEL,COM CAPACIDADE UTIL DE 12T","T X KM",4.16]
["04.005.0023-0","TRANSPORTE DE CARGA DE QUALQUER NATUREZA,EXCLUSIVE AS DESPESAS DE CARGA E DESCARGA,TANTO DE ESPERA DO CAMINHAO COMO DO SERVENTE OU EQUIPAMENTO AUXILIAR,A VELOCIDADE MEDIA DE 5KM/H,EM CAMINHAO TRUCADO DE CARROCERIA FIXA A OLEO DIESEL,COM CAPACIDADE UTIL DE 12T","T X KM",8.3699999999999992,null,"04.005.0023-A","TRANSPORTE DE CARGA DE QUALQUER NATUREZA,EXCLUSIVE AS DESPESAS DE CARGA E DESCARGA,TANTO DE ESPERA DO CAMINHAO COMO DO SERVENTE OU EQUIPAMENTO AUXILIAR,A VELOCIDADE MEDIA DE 5KM/H,EM CAMINHAO TRUCADO DE CARROCERIA FIXA A OLEO DIESEL,COM CAPACIDADE UTIL DE 12T","T X KM",8.31]
["04.005.0100-0","TRANSPORTE DE CARGA DE QUALQUER NATUREZA,EXCLUSIVE AS DESPESAS DE CARGA E DESCARGA,TANTO DE ESPERA DO CAMINHAO COMO DO SERVENTE OU EQUIPAMENTO AUXILIAR,A VELOCIDADE MEDIA DE 50KM/H,EM CAMINHAO DE CARROCERIA FIXA A OLEO DIESEL,COM CAPACIDADEUTIL DE 7,5T,CONSIDERANDO O CAMINHAO EQUIPADO COM GUINDAUTODE 3,5T","T X KM",1.43,null,"04.005.0100-A","TRANSPORTE DE CARGA DE QUALQUER NATUREZA,EXCLUSIVE AS DESPESAS DE CARGA E DESCARGA,TANTO DE ESPERA DO CAMINHAO COMO DO SERVENTE OU EQUIPAMENTO AUXILIAR,A VELOCIDADE MEDIA DE 50KM/H,EM CAMINHAO DE CARROCERIA FIXA A OLEO DIESEL,COM CAPACIDADEUTIL DE 7,5T,CONSIDERANDO O CAMINHAO EQUIPADO COM GUINDAUTODE 3,5T","T X KM",1.4]
["04.005.0101-0","TRANSPORTE DE CARGA DE QUALQUER NATUREZA,EXCLUSIVE AS DESPESAS DE CARGA E DESCARGA,TANTO DE ESPERA DO CAMINHAO COMO DO SERVENTE OU EQUIPAMENTO AUXILIAR,A VELOCIDADE MEDIA DE 40KM/H,EM CAMINHAO DE CARROCERIA FIXA A OLEO DIESEL,COM CAPACIDADEUTIL DE 7,5T,CONSIDERANDO O CAMINHAO EQUIPADO COM GUINDAUTODE 3,5T","T X KM",1.81,null,"04.005.0101-A","TRANSPORTE DE CARGA DE QUALQUER NATUREZA,EXCLUSIVE AS DESPESAS DE CARGA E DESCARGA,TANTO DE ESPERA DO CAMINHAO COMO DO SERVENTE OU EQUIPAMENTO AUXILIAR,A VELOCIDADE MEDIA DE 40KM/H,EM CAMINHAO DE CARROCERIA FIXA A OLEO DIESEL,COM CAPACIDADEUTIL DE 7,5T,CONSIDERANDO O CAMINHAO EQUIPADO COM GUINDAUTODE 3,5T","T X KM",1.78]
["04.005.0102-0","TRANSPORTE DE CARGA DE QUALQUER NATUREZA,EXCLUSIVE AS DESPESAS DE CARGA E DESCARGA,TANTO DE ESPERA DO CAMINHAO COMO DO SERVENTE OU EQUIPAMENTO AUXILIAR,A VELOCIDADE MEDIA DE 35KM/H,EM CAMINHAO DE CARROCERIA FIXA A OLEO DIESEL,COM CAPACIDADEUTIL DE 7,5T,CONSIDERANDO O CAMINHAO EQUIPADO COM GUINDAUTODE 3,5T","T X KM",2.0499999999999998,null,"04.005.0102-A","TRANSPORTE DE CARGA DE QUALQUER NATUREZA,EXCLUSIVE AS DESPESAS DE CARGA E DESCARGA,TANTO DE ESPERA DO CAMINHAO COMO DO SERVENTE OU EQUIPAMENTO AUXILIAR,A VELOCIDADE MEDIA DE 35KM/H,EM CAMINHAO DE CARROCERIA FIXA A OLEO DIESEL,COM CAPACIDADEUTIL DE 7,5T,CONSIDERANDO O CAMINHAO EQUIPADO COM GUINDAUTODE 3,5T","T X KM",2.0099999999999998]
["04.005.0103-0","TRANSPORTE DE CARGA DE QUALQUER NATUREZA,EXCLUSIVE AS DESPESAS DE CARGA E DESCARGA,TANTO DE ESPERA DO CAMINHAO COMO DO SERVENTE OU EQUIPAMENTO AUXILIAR,A VELOCIDADE MEDIA DE 30KM/H,EM CAMINHAO DE CARROCERIA FIXA A OLEO DIESEL,COM CAPACIDADEUTIL DE 7,5T,CONSIDERANDO O CAMINHAO EQUIPADO COM GUINDAUTODE 3,5T","T X KM",2.4,null,"04.005.0103-A","TRANSPORTE DE CARGA DE QUALQUER NATUREZA,EXCLUSIVE AS DESPESAS DE CARGA E DESCARGA,TANTO DE ESPERA DO CAMINHAO COMO DO SERVENTE OU EQUIPAMENTO AUXILIAR,A VELOCIDADE MEDIA DE 30KM/H,EM CAMINHAO DE CARROCERIA FIXA A OLEO DIESEL,COM CAPACIDADEUTIL DE 7,5T,CONSIDERANDO O CAMINHAO EQUIPADO COM GUINDAUTODE 3,5T","T X KM",2.36]
["04.005.0104-0","TRANSPORTE DE CARGA DE QUALQUER NATUREZA,EXCLUSIVE AS DESPESAS DE CARGA E DESCARGA,TANTO DE ESPERA DO CAMINHAO COMO DO SERVENTE OU EQUIPAMENTO AUXILIAR,A VELOCIDADE MEDIA DE 25KM/H,EM CAMINHAO DE CARROCERIA FIXA A OLEO DIESEL,COM CAPACIDADEUTIL DE 7,5T,CONSIDERANDO O CAMINHAO EQUIPADO COM GUINDAUTODE 3,5T","T X KM",2.89,null,"04.005.0104-A","TRANSPORTE DE CARGA DE QUALQUER NATUREZA,EXCLUSIVE AS DESPESAS DE CARGA E DESCARGA,TANTO DE ESPERA DO CAMINHAO COMO DO SERVENTE OU EQUIPAMENTO AUXILIAR,A VELOCIDADE MEDIA DE 25KM/H,EM CAMINHAO DE CARROCERIA FIXA A OLEO DIESEL,COM CAPACIDADEUTIL DE 7,5T,CONSIDERANDO O CAMINHAO EQUIPADO COM GUINDAUTODE 3,5T","T X KM",2.84]
["04.005.0105-0","TRANSPORTE DE CARGA DE QUALQUER NATUREZA,EXCLUSIVE AS DESPESAS DE CARGA E DESCARGA,TANTO DE ESPERA DO CAMINHAO COMO DO SERVENTE OU EQUIPAMENTO AUXILIAR,A VELOCIDADE MEDIA DE 20KM/H,EM CAMINHAO DE CARROCERIA FIXA A OLEO DIESEL,COM CAPACIDADEUTIL DE 7,5T,CONSIDERANDO O CAMINHAO EQUIPADO COM GUINDAUTODE 3,5T","T X KM",3.59,null,"04.005.0105-A","TRANSPORTE DE CARGA DE QUALQUER NATUREZA,EXCLUSIVE AS DESPESAS DE CARGA E DESCARGA,TANTO DE ESPERA DO CAMINHAO COMO DO SERVENTE OU EQUIPAMENTO AUXILIAR,A VELOCIDADE MEDIA DE 20KM/H,EM CAMINHAO DE CARROCERIA FIXA A OLEO DIESEL,COM CAPACIDADEUTIL DE 7,5T,CONSIDERANDO O CAMINHAO EQUIPADO COM GUINDAUTODE 3,5T","T X KM",3.53]
["04.005.0106-0","TRANSPORTE DE CARGA DE QUALQUER NATUREZA,EXCLUSIVE AS DESPESAS DE CARGA E DESCARGA,TANTO DE ESPERA DO CAMINHAO COMO DO SERVENTE OU EQUIPAMENTO AUXILIAR,A VELOCIDADE MEDIA DE 15KM/H,EM CAMINHAO DE CARROCERIA FIXA A OLEO DIESEL,COM CAPACIDADEUTIL DE 7,5T,CONSIDERANDO O CAMINHAO EQUIPADO COM GUINDAUTODE 3,5T","T X KM",4.8099999999999996,null,"04.005.0106-A","TRANSPORTE DE CARGA DE QUALQUER NATUREZA,EXCLUSIVE AS DESPESAS DE CARGA E DESCARGA,TANTO DE ESPERA DO CAMINHAO COMO DO SERVENTE OU EQUIPAMENTO AUXILIAR,A VELOCIDADE MEDIA DE 15KM/H,EM CAMINHAO DE CARROCERIA FIXA A OLEO DIESEL,COM CAPACIDADEUTIL DE 7,5T,CONSIDERANDO O CAMINHAO EQUIPADO COM GUINDAUTODE 3,5T","T X KM",4.7300000000000004]
["04.005.0107-0","TRANSPORTE DE CARGA DE QUALQUER NATUREZA,EXCLUSIVE AS DESPESAS DE CARGA E DESCARGA,TANTO DE ESPERA DO CAMINHAO COMO DO SERVENTE OU EQUIPAMENTO AUXILIAR,A VELOCIDADE MEDIA DE 10KM/H,EM CAMINHAO DE CARROCERIA FIXA A OLEO DIESEL,COM CAPACIDADEUTIL DE 7,5T,CONSIDERANDO O CAMINHAO EQUIPADO COM GUINDAUTODE 3,5T","T X KM",7.3,null,"04.005.0107-A","TRANSPORTE DE CARGA DE QUALQUER NATUREZA,EXCLUSIVE AS DESPESAS DE CARGA E DESCARGA,TANTO DE ESPERA DO CAMINHAO COMO DO SERVENTE OU EQUIPAMENTO AUXILIAR,A VELOCIDADE MEDIA DE 10KM/H,EM CAMINHAO DE CARROCERIA FIXA A OLEO DIESEL,COM CAPACIDADEUTIL DE 7,5T,CONSIDERANDO O CAMINHAO EQUIPADO COM GUINDAUTODE 3,5T","T X KM",7.17]
["04.005.0108-0","TRANSPORTE DE CARGA DE QUALQUER NATUREZA,EXCLUSIVE AS DESPESAS DE CARGA E DESCARGA,TANTO DE ESPERA DO CAMINHAO COMO DO SERVENTE OU EQUIPAMENTO AUXILIAR,A VELOCIDADE MEDIA DE 5KM/H,EM CAMINHAO DE CARROCERIA FIXA A OLEO DIESEL,COM CAPACIDADEUTIL DE 7,5T,CONSIDERANDO O CAMINHAO EQUIPADO COM GUINDAUTODE 3,5T","T X KM",14.47,null,"04.005.0108-A","TRANSPORTE DE CARGA DE QUALQUER NATUREZA,EXCLUSIVE AS DESPESAS DE CARGA E DESCARGA,TANTO DE ESPERA DO CAMINHAO COMO DO SERVENTE OU EQUIPAMENTO AUXILIAR,A VELOCIDADE MEDIA DE 5KM/H,EM CAMINHAO DE CARROCERIA FIXA A OLEO DIESEL,COM CAPACIDADEUTIL DE 7,5T,CONSIDERANDO O CAMINHAO EQUIPADO COM GUINDAUTODE 3,5T","T X KM",14.21]
["04.005.0120-0","TRANSPORTE DE CARGA DE QUALQUER NATUREZA,EXCLUSIVE AS DESPESAS DE CARGA E DESCARGA,TANTO DE ESPERA DO CAMINHAO COMO DO SERVENTE OU EQUIPAMENTO AUXILIAR,A VELOCIDADE MEDIA DE 50KM/H,EM CAMINHAO BASCULANTE A OLEO DIESEL,COM CAPACIDADE UTIL DE8T","T X KM",1.1299999999999999,null,"04.005.0120-A","TRANSPORTE DE CARGA DE QUALQUER NATUREZA,EXCLUSIVE AS DESPESAS DE CARGA E DESCARGA,TANTO DE ESPERA DO CAMINHAO COMO DO SERVENTE OU EQUIPAMENTO AUXILIAR,A VELOCIDADE MEDIA DE 50KM/H,EM CAMINHAO BASCULANTE A OLEO DIESEL,COM CAPACIDADE UTIL DE8T","T X KM",1.1200000000000001]
["04.005.0121-0","TRANSPORTE DE CARGA DE QUALQUER NATUREZA,EXCLUSIVE AS DESPESAS DE CARGA E DESCARGA,TANTO DE ESPERA DO CAMINHAO COMO DO SERVENTE OU EQUIPAMENTO AUXILIAR,A VELOCIDADE MEDIA DE 40KM/H,EM CAMINHAO BASCULANTE A OLEO DIESEL,COM CAPACIDADE UTIL DE8T","T X KM",1.42,null,"04.005.0121-A","TRANSPORTE DE CARGA DE QUALQUER NATUREZA,EXCLUSIVE AS DESPESAS DE CARGA E DESCARGA,TANTO DE ESPERA DO CAMINHAO COMO DO SERVENTE OU EQUIPAMENTO AUXILIAR,A VELOCIDADE MEDIA DE 40KM/H,EM CAMINHAO BASCULANTE A OLEO DIESEL,COM CAPACIDADE UTIL DE8T","T X KM",1.41]
["04.005.0122-0","TRANSPORTE DE CARGA DE QUALQUER NATUREZA,EXCLUSIVE AS DESPESAS DE CARGA E DESCARGA,TANTO DE ESPERA DO CAMINHAO COMO DO SERVENTE OU EQUIPAMENTO AUXILIAR,A VELOCIDADE MEDIA DE 35KM/H,EM CAMINHAO BASCULANTE A OLEO DIESEL,COM CAPACIDADE UTIL DE8T","T X KM",1.6,null,"04.005.0122-A","TRANSPORTE DE CARGA DE QUALQUER NATUREZA,EXCLUSIVE AS DESPESAS DE CARGA E DESCARGA,TANTO DE ESPERA DO CAMINHAO COMO DO SERVENTE OU EQUIPAMENTO AUXILIAR,A VELOCIDADE MEDIA DE 35KM/H,EM CAMINHAO BASCULANTE A OLEO DIESEL,COM CAPACIDADE UTIL DE8T","T X KM",1.59]
["04.005.0123-1","TRANSPORTE DE CARGA DE QUALQUER NATUREZA,EXCLUSIVE AS DESPESAS DE CARGA E DESCARGA,TANTO DE ESPERA DO CAMINHAO COMO DO SERVENTE OU EQUIPAMENTO AUXILIAR,A VELOCIDADE MEDIA DE 30KM/H,EM CAMINHAO BASCULANTE A OLEO DIESEL,COM CAPACIDADE UTIL DE8T","T X KM",1.87,null,"04.005.0123-B","TRANSPORTE DE CARGA DE QUALQUER NATUREZA,EXCLUSIVE AS DESPESAS DE CARGA E DESCARGA,TANTO DE ESPERA DO CAMINHAO COMO DO SERVENTE OU EQUIPAMENTO AUXILIAR,A VELOCIDADE MEDIA DE 30KM/H,EM CAMINHAO BASCULANTE A OLEO DIESEL,COM CAPACIDADE UTIL DE8T","T X KM",1.86]
["04.005.0124-0","TRANSPORTE DE CARGA DE QUALQUER NATUREZA,EXCLUSIVE AS DESPESAS DE CARGA E DESCARGA,TANTO DE ESPERA DO CAMINHAO COMO DO SERVENTE OU EQUIPAMENTO AUXILIAR,A VELOCIDADE MEDIA DE 25KM/H,EM CAMINHAO BASCULANTE A OLEO DIESEL,COM CAPACIDADE UTIL DE8T","T X KM",2.2599999999999998,null,"04.005.0124-A","TRANSPORTE DE CARGA DE QUALQUER NATUREZA,EXCLUSIVE AS DESPESAS DE CARGA E DESCARGA,TANTO DE ESPERA DO CAMINHAO COMO DO SERVENTE OU EQUIPAMENTO AUXILIAR,A VELOCIDADE MEDIA DE 25KM/H,EM CAMINHAO BASCULANTE A OLEO DIESEL,COM CAPACIDADE UTIL DE8T","T X KM",2.2400000000000002]
["04.005.0125-0","TRANSPORTE DE CARGA DE QUALQUER NATUREZA,EXCLUSIVE AS DESPESAS DE CARGA E DESCARGA,TANTO DE ESPERA DO CAMINHAO COMO DO SERVENTE OU EQUIPAMENTO AUXILIAR,A VELOCIDADE MEDIA DE 20KM/H,EM CAMINHAO BASCULANTE A OLEO DIESEL,COM CAPACIDADE UTIL DE8T","T X KM",2.83,null,"04.005.0125-A","TRANSPORTE DE CARGA DE QUALQUER NATUREZA,EXCLUSIVE AS DESPESAS DE CARGA E DESCARGA,TANTO DE ESPERA DO CAMINHAO COMO DO SERVENTE OU EQUIPAMENTO AUXILIAR,A VELOCIDADE MEDIA DE 20KM/H,EM CAMINHAO BASCULANTE A OLEO DIESEL,COM CAPACIDADE UTIL DE8T","T X KM",2.8]
["04.005.0126-0","TRANSPORTE DE CARGA DE QUALQUER NATUREZA,EXCLUSIVE AS DESPESAS DE CARGA E DESCARGA,TANTO DE ESPERA DO CAMINHAO COMO DO SERVENTE OU EQUIPAMENTO AUXILIAR,A VELOCIDADE MEDIA DE 15KM/H,EM CAMINHAO BASCULANTE A OLEO DIESEL,COM CAPACIDADE UTIL DE8T","T X KM",3.78,null,"04.005.0126-A","TRANSPORTE DE CARGA DE QUALQUER NATUREZA,EXCLUSIVE AS DESPESAS DE CARGA E DESCARGA,TANTO DE ESPERA DO CAMINHAO COMO DO SERVENTE OU EQUIPAMENTO AUXILIAR,A VELOCIDADE MEDIA DE 15KM/H,EM CAMINHAO BASCULANTE A OLEO DIESEL,COM CAPACIDADE UTIL DE8T","T X KM",3.74]
["04.005.0127-0","TRANSPORTE DE CARGA DE QUALQUER NATUREZA,EXCLUSIVE AS DESPESAS DE CARGA E DESCARGA,TANTO DE ESPERA DO CAMINHAO COMO DO SERVENTE OU EQUIPAMENTO AUXILIAR,A VELOCIDADE MEDIA DE 10KM/H,EM CAMINHAO BASCULANTE A OLEO DIESEL,COM CAPACIDADE UTIL DE8T","T X KM",5.66,null,"04.005.0127-A","TRANSPORTE DE CARGA DE QUALQUER NATUREZA,EXCLUSIVE AS DESPESAS DE CARGA E DESCARGA,TANTO DE ESPERA DO CAMINHAO COMO DO SERVENTE OU EQUIPAMENTO AUXILIAR,A VELOCIDADE MEDIA DE 10KM/H,EM CAMINHAO BASCULANTE A OLEO DIESEL,COM CAPACIDADE UTIL DE8T","T X KM",5.61]
["04.005.0128-0","TRANSPORTE DE CARGA DE QUALQUER NATUREZA,EXCLUSIVE AS DESPESAS DE CARGA E DESCARGA,TANTO DE ESPERA DO CAMINHAO COMO DO SERVENTE OU EQUIPAMENTO AUXILIAR,A VELOCIDADE MEDIA DE 5KM/H,EM CAMINHAO BASCULANTE A OLEO DIESEL,COM CAPACIDADE UTIL DE8T","T X KM",11.32,null,"04.005.0128-A","TRANSPORTE DE CARGA DE QUALQUER NATUREZA,EXCLUSIVE AS DESPESAS DE CARGA E DESCARGA,TANTO DE ESPERA DO CAMINHAO COMO DO SERVENTE OU EQUIPAMENTO AUXILIAR,A VELOCIDADE MEDIA DE 5KM/H,EM CAMINHAO BASCULANTE A OLEO DIESEL,COM CAPACIDADE UTIL DE8T","T X KM",11.22]
["04.005.0140-0","TRANSPORTE DE CARGA DE QUALQUER NATUREZA,EXCLUSIVE AS DESPESAS DE CARGA E DESCARGA,TANTO DE ESPERA DO CAMINHAO COMO DO SERVENTE OU EQUIPAMENTO AUXILIAR,A VELOCIDADE MEDIA DE 50KM/H,EM CAMINHAO BASCULANTE A OLEO DIESEL,COM CAPACIDADE UTIL DE12T","T X KM",0.96,null,"04.005.0140-A","TRANSPORTE DE CARGA DE QUALQUER NATUREZA,EXCLUSIVE AS DESPESAS DE CARGA E DESCARGA,TANTO DE ESPERA DO CAMINHAO COMO DO SERVENTE OU EQUIPAMENTO AUXILIAR,A VELOCIDADE MEDIA DE 50KM/H,EM CAMINHAO BASCULANTE A OLEO DIESEL,COM CAPACIDADE UTIL DE12T","T X KM",0.96]
["04.005.0141-0","TRANSPORTE DE CARGA DE QUALQUER NATUREZA,EXCLUSIVE AS DESPESAS DE CARGA E DESCARGA,TANTO DE ESPERA DO CAMINHAO COMO DO SERVENTE OU EQUIPAMENTO AUXILIAR,A VELOCIDADE MEDIA DE 40KM/H,EM CAMINHAO BASCULANTE A OLEO DIESEL,COM CAPACIDADE UTIL DE12T","T X KM",1.23,null,"04.005.0141-A","TRANSPORTE DE CARGA DE QUALQUER NATUREZA,EXCLUSIVE AS DESPESAS DE CARGA E DESCARGA,TANTO DE ESPERA DO CAMINHAO COMO DO SERVENTE OU EQUIPAMENTO AUXILIAR,A VELOCIDADE MEDIA DE 40KM/H,EM CAMINHAO BASCULANTE A OLEO DIESEL,COM CAPACIDADE UTIL DE12T","T X KM",1.22]
["04.005.0142-0","TRANSPORTE DE CARGA DE QUALQUER NATUREZA,EXCLUSIVE AS DESPESAS DE CARGA E DESCARGA,TANTO DE ESPERA DO CAMINHAO COMO DO SERVENTE OU EQUIPAMENTO AUXILIAR,A VELOCIDADE MEDIA DE 35KM/H,EM CAMINHAO BASCULANTE A OLEO DIESEL,COM CAPACIDADE UTIL DE12T","T X KM",1.4,null,"04.005.0142-A","TRANSPORTE DE CARGA DE QUALQUER NATUREZA,EXCLUSIVE AS DESPESAS DE CARGA E DESCARGA,TANTO DE ESPERA DO CAMINHAO COMO DO SERVENTE OU EQUIPAMENTO AUXILIAR,A VELOCIDADE MEDIA DE 35KM/H,EM CAMINHAO BASCULANTE A OLEO DIESEL,COM CAPACIDADE UTIL DE12T","T X KM",1.39]
["04.005.0143-1","TRANSPORTE DE CARGA DE QUALQUER NATUREZA,EXCLUSIVE AS DESPESAS DE CARGA E DESCARGA,TANTO DE ESPERA DO CAMINHAO COMO DO SERVENTE OU EQUIPAMENTO AUXILIAR,A VELOCIDADE MEDIA DE 30KM/H,EM CAMINHAO BASCULANTE A OLEO DIESEL,COM CAPACIDADE UTIL DE12T","T X KM",1.64,null,"04.005.0143-B","TRANSPORTE DE CARGA DE QUALQUER NATUREZA,EXCLUSIVE AS DESPESAS DE CARGA E DESCARGA,TANTO DE ESPERA DO CAMINHAO COMO DO SERVENTE OU EQUIPAMENTO AUXILIAR,A VELOCIDADE MEDIA DE 30KM/H,EM CAMINHAO BASCULANTE A OLEO DIESEL,COM CAPACIDADE UTIL DE12T","T X KM",1.63]
["04.005.0144-0","TRANSPORTE DE CARGA DE QUALQUER NATUREZA,EXCLUSIVE AS DESPESAS DE CARGA E DESCARGA,TANTO DE ESPERA DO CAMINHAO COMO DO SERVENTE OU EQUIPAMENTO AUXILIAR,A VELOCIDADE MEDIA DE 25KM/H,EM CAMINHAO BASCULANTE A OLEO DIESEL,COM CAPACIDADE UTIL DE12T","T X KM",1.96,null,"04.005.0144-A","TRANSPORTE DE CARGA DE QUALQUER NATUREZA,EXCLUSIVE AS DESPESAS DE CARGA E DESCARGA,TANTO DE ESPERA DO CAMINHAO COMO DO SERVENTE OU EQUIPAMENTO AUXILIAR,A VELOCIDADE MEDIA DE 25KM/H,EM CAMINHAO BASCULANTE A OLEO DIESEL,COM CAPACIDADE UTIL DE12T","T X KM",1.95]
["04.005.0145-0","TRANSPORTE DE CARGA DE QUALQUER NATUREZA,EXCLUSIVE AS DESPESAS DE CARGA E DESCARGA,TANTO DE ESPERA DO CAMINHAO COMO DO SERVENTE OU EQUIPAMENTO AUXILIAR,A VELOCIDADE MEDIA DE 20KM/H,EM CAMINHAO BASCULANTE A OLEO DIESEL,COM CAPACIDADE UTIL DE12T","T X KM",2.4300000000000002,null,"04.005.0145-A","TRANSPORTE DE CARGA DE QUALQUER NATUREZA,EXCLUSIVE AS DESPESAS DE CARGA E DESCARGA,TANTO DE ESPERA DO CAMINHAO COMO DO SERVENTE OU EQUIPAMENTO AUXILIAR,A VELOCIDADE MEDIA DE 20KM/H,EM CAMINHAO BASCULANTE A OLEO DIESEL,COM CAPACIDADE UTIL DE12T","T X KM",2.41]
["04.005.0146-0","TRANSPORTE DE CARGA DE QUALQUER NATUREZA,EXCLUSIVE AS DESPESAS DE CARGA E DESCARGA,TANTO DE ESPERA DO CAMINHAO COMO DO SERVENTE OU EQUIPAMENTO AUXILIAR,A VELOCIDADE MEDIA DE 15KM/H,EM CAMINHAO BASCULANTE A OLEO DIESEL,COM CAPACIDADE UTIL DE12T","T X KM",3.25,null,"04.005.0146-A","TRANSPORTE DE CARGA DE QUALQUER NATUREZA,EXCLUSIVE AS DESPESAS DE CARGA E DESCARGA,TANTO DE ESPERA DO CAMINHAO COMO DO SERVENTE OU EQUIPAMENTO AUXILIAR,A VELOCIDADE MEDIA DE 15KM/H,EM CAMINHAO BASCULANTE A OLEO DIESEL,COM CAPACIDADE UTIL DE12T","T X KM",3.23]
["04.005.0147-0","TRANSPORTE DE CARGA DE QUALQUER NATUREZA,EXCLUSIVE AS DESPESAS DE CARGA E DESCARGA,TANTO DE ESPERA DO CAMINHAO COMO DO SERVENTE OU EQUIPAMENTO AUXILIAR,A VELOCIDADE MEDIA DE 10KM/H,EM CAMINHAO BASCULANTE A OLEO DIESEL,COM CAPACIDADE UTIL DE12T","T X KM",4.9800000000000004,null,"04.005.0147-A","TRANSPORTE DE CARGA DE QUALQUER NATUREZA,EXCLUSIVE AS DESPESAS DE CARGA E DESCARGA,TANTO DE ESPERA DO CAMINHAO COMO DO SERVENTE OU EQUIPAMENTO AUXILIAR,A VELOCIDADE MEDIA DE 10KM/H,EM CAMINHAO BASCULANTE A OLEO DIESEL,COM CAPACIDADE UTIL DE12T","T X KM",4.9400000000000004]
["04.005.0148-0","TRANSPORTE DE CARGA DE QUALQUER NATUREZA,EXCLUSIVE AS DESPESAS DE CARGA E DESCARGA,TANTO DE ESPERA DO CAMINHAO COMO DO SERVENTE OU EQUIPAMENTO AUXILIAR,A VELOCIDADE MEDIA DE 5KM/H,EM CAMINHAO BASCULANTE A OLEO DIESEL,COM CAPACIDADE UTIL DE12T","T X KM",9.76,null,"04.005.0148-A","TRANSPORTE DE CARGA DE QUALQUER NATUREZA,EXCLUSIVE AS DESPESAS DE CARGA E DESCARGA,TANTO DE ESPERA DO CAMINHAO COMO DO SERVENTE OU EQUIPAMENTO AUXILIAR,A VELOCIDADE MEDIA DE 5KM/H,EM CAMINHAO BASCULANTE A OLEO DIESEL,COM CAPACIDADE UTIL DE12T","T X KM",9.69]
["04.005.0160-0","TRANSPORTE DE CARGA DE QUALQUER NATUREZA,EXCLUSIVE AS DESPESAS DE CARGA E DESCARGA,TANTO DE ESPERA DO CAMINHAO COMO DO SERVENTE OU EQUIPAMENTO AUXILIAR,A VELOCIDADE MEDIA DE 50KM/H,EM CAMINHAO BASCULANTE A OLEO DIESEL,COM CAPACIDADE UTIL DE17T","T X KM",0.67,null,"04.005.0160-A","TRANSPORTE DE CARGA DE QUALQUER NATUREZA,EXCLUSIVE AS DESPESAS DE CARGA E DESCARGA,TANTO DE ESPERA DO CAMINHAO COMO DO SERVENTE OU EQUIPAMENTO AUXILIAR,A VELOCIDADE MEDIA DE 50KM/H,EM CAMINHAO BASCULANTE A OLEO DIESEL,COM CAPACIDADE UTIL DE17T","T X KM",0.66]
["04.005.0161-0","TRANSPORTE DE CARGA DE QUALQUER NATUREZA,EXCLUSIVE AS DESPESAS DE CARGA E DESCARGA,TANTO DE ESPERA DO CAMINHAO COMO DO SERVENTE OU EQUIPAMENTO AUXILIAR,A VELOCIDADE MEDIA DE 40KM/H,EM CAMINHAO BASCULANTE A OLEO DIESEL,COM CAPACIDADE UTIL DE17T","T X KM",0.81,null,"04.005.0161-A","TRANSPORTE DE CARGA DE QUALQUER NATUREZA,EXCLUSIVE AS DESPESAS DE CARGA E DESCARGA,TANTO DE ESPERA DO CAMINHAO COMO DO SERVENTE OU EQUIPAMENTO AUXILIAR,A VELOCIDADE MEDIA DE 40KM/H,EM CAMINHAO BASCULANTE A OLEO DIESEL,COM CAPACIDADE UTIL DE17T","T X KM",0.8]
["04.005.0162-0","TRANSPORTE DE CARGA DE QUALQUER NATUREZA,EXCLUSIVE AS DESPESAS DE CARGA E DESCARGA,TANTO DE ESPERA DO CAMINHAO COMO DO SERVENTE OU EQUIPAMENTO AUXILIAR,A VELOCIDADE MEDIA DE 35KM/H,EM CAMINHAO BASCULANTE A OLEO DIESEL,COM CAPACIDADE UTIL DE17T","T X KM",0.95,null,"04.005.0162-A","TRANSPORTE DE CARGA DE QUALQUER NATUREZA,EXCLUSIVE AS DESPESAS DE CARGA E DESCARGA,TANTO DE ESPERA DO CAMINHAO COMO DO SERVENTE OU EQUIPAMENTO AUXILIAR,A VELOCIDADE MEDIA DE 35KM/H,EM CAMINHAO BASCULANTE A OLEO DIESEL,COM CAPACIDADE UTIL DE17T","T X KM",0.94]
["04.005.0163-0","TRANSPORTE DE CARGA DE QUALQUER NATUREZA,EXCLUSIVE AS DESPESAS DE CARGA E DESCARGA,TANTO DE ESPERA DO CAMINHAO COMO DO SERVENTE OU EQUIPAMENTO AUXILIAR,A VELOCIDADE MEDIA DE 30KM/H,EM CAMINHAO BASCULANTE A OLEO DIESEL,COM CAPACIDADE UTIL DE17T","T X KM",1.0900000000000001,null,"04.005.0163-A","TRANSPORTE DE CARGA DE QUALQUER NATUREZA,EXCLUSIVE AS DESPESAS DE CARGA E DESCARGA,TANTO DE ESPERA DO CAMINHAO COMO DO SERVENTE OU EQUIPAMENTO AUXILIAR,A VELOCIDADE MEDIA DE 30KM/H,EM CAMINHAO BASCULANTE A OLEO DIESEL,COM CAPACIDADE UTIL DE17T","T X KM",1.08]
["04.005.0164-0","TRANSPORTE DE CARGA DE QUALQUER NATUREZA,EXCLUSIVE AS DESPESAS DE CARGA E DESCARGA,TANTO DE ESPERA DO CAMINHAO COMO DO SERVENTE OU EQUIPAMENTO AUXILIAR,A VELOCIDADE MEDIA DE 25KM/H,EM CAMINHAO BASCULANTE A OLEO DIESEL,COM CAPACIDADE UTIL DE17T","T X KM",1.31,null,"04.005.0164-A","TRANSPORTE DE CARGA DE QUALQUER NATUREZA,EXCLUSIVE AS DESPESAS DE CARGA E DESCARGA,TANTO DE ESPERA DO CAMINHAO COMO DO SERVENTE OU EQUIPAMENTO AUXILIAR,A VELOCIDADE MEDIA DE 25KM/H,EM CAMINHAO BASCULANTE A OLEO DIESEL,COM CAPACIDADE UTIL DE17T","T X KM",1.31]
["04.005.0165-0","TRANSPORTE DE CARGA DE QUALQUER NATUREZA,EXCLUSIVE AS DESPESAS DE CARGA E DESCARGA,TANTO DE ESPERA DO CAMINHAO COMO DO SERVENTE OU EQUIPAMENTO AUXILIAR,A VELOCIDADE MEDIA DE 20KM/H,EM CAMINHAO BASCULANTE A OLEO DIESEL,COM CAPACIDADE UTIL DE17T","T X KM",1.65,null,"04.005.0165-A","TRANSPORTE DE CARGA DE QUALQUER NATUREZA,EXCLUSIVE AS DESPESAS DE CARGA E DESCARGA,TANTO DE ESPERA DO CAMINHAO COMO DO SERVENTE OU EQUIPAMENTO AUXILIAR,A VELOCIDADE MEDIA DE 20KM/H,EM CAMINHAO BASCULANTE A OLEO DIESEL,COM CAPACIDADE UTIL DE17T","T X KM",1.64]
["04.005.0166-0","TRANSPORTE DE CARGA DE QUALQUER NATUREZA,EXCLUSIVE AS DESPESAS DE CARGA E DESCARGA,TANTO DE ESPERA DO CAMINHAO COMO DO SERVENTE OU EQUIPAMENTO AUXILIAR,A VELOCIDADE MEDIA DE 15KM/H,EM CAMINHAO BASCULANTE A OLEO DIESEL,COM CAPACIDADE UTIL DE17T","T X KM",2.19,null,"04.005.0166-A","TRANSPORTE DE CARGA DE QUALQUER NATUREZA,EXCLUSIVE AS DESPESAS DE CARGA E DESCARGA,TANTO DE ESPERA DO CAMINHAO COMO DO SERVENTE OU EQUIPAMENTO AUXILIAR,A VELOCIDADE MEDIA DE 15KM/H,EM CAMINHAO BASCULANTE A OLEO DIESEL,COM CAPACIDADE UTIL DE17T","T X KM",2.17]
["04.005.0167-0","TRANSPORTE DE CARGA DE QUALQUER NATUREZA,EXCLUSIVE AS DESPESAS DE CARGA E DESCARGA,TANTO DE ESPERA DO CAMINHAO COMO DO SERVENTE OU EQUIPAMENTO AUXILIAR,A VELOCIDADE MEDIA DE 10KM/H,EM CAMINHAO BASCULANTE A OLEO DIESEL,COM CAPACIDADE UTIL DE17T","T X KM",3.31,null,"04.005.0167-A","TRANSPORTE DE CARGA DE QUALQUER NATUREZA,EXCLUSIVE AS DESPESAS DE CARGA E DESCARGA,TANTO DE ESPERA DO CAMINHAO COMO DO SERVENTE OU EQUIPAMENTO AUXILIAR,A VELOCIDADE MEDIA DE 10KM/H,EM CAMINHAO BASCULANTE A OLEO DIESEL,COM CAPACIDADE UTIL DE17T","T X KM",3.29]
["04.005.0168-0","TRANSPORTE DE CARGA DE QUALQUER NATUREZA,EXCLUSIVE AS DESPESAS DE CARGA E DESCARGA,TANTO DE ESPERA DO CAMINHAO COMO DO SERVENTE OU EQUIPAMENTO AUXILIAR,A VELOCIDADE MEDIA DE 5KM/H,EM CAMINHAO BASCULANTE A OLEO DIESEL,COM CAPACIDADE UTIL DE17T","T X KM",6.59,null,"04.005.0168-A","TRANSPORTE DE CARGA DE QUALQUER NATUREZA,EXCLUSIVE AS DESPESAS DE CARGA E DESCARGA,TANTO DE ESPERA DO CAMINHAO COMO DO SERVENTE OU EQUIPAMENTO AUXILIAR,A VELOCIDADE MEDIA DE 5KM/H,EM CAMINHAO BASCULANTE A OLEO DIESEL,COM CAPACIDADE UTIL DE17T","T X KM",6.55]
["04.005.0170-0","TRANSPORTE DE CARGA DE QUALQUER NATUREZA,EXCLUSIVE AS DESPESAS DE CARGA E DESCARGA,TANTO DE ESPERA DA CARRETA COMO DO SERVENTE OU EQUIPAMENTO AUXILIAR,A VELOCIDADE MEDIA DE 50KM/H,EM CARRETA,COM CAPACIDADE UTIL DE 30T","T X KM",0.49,null,"04.005.0170-A","TRANSPORTE DE CARGA DE QUALQUER NATUREZA,EXCLUSIVE AS DESPESAS DE CARGA E DESCARGA,TANTO DE ESPERA DA CARRETA COMO DO SERVENTE OU EQUIPAMENTO AUXILIAR,A VELOCIDADE MEDIA DE 50KM/H,EM CARRETA,COM CAPACIDADE UTIL DE 30T","T X KM",0.49]
["04.005.0171-0","TRANSPORTE DE CARGA DE QUALQUER NATUREZA,EXCLUSIVE AS DESPESAS DE CARGA E DESCARGA,TANTO DE ESPERA DA CARRETA COMO DO SERVENTE OU EQUIPAMENTO AUXILIAR,A VELOCIDADE MEDIA DE 40KM/H,EM CARRETA,COM CAPACIDADE UTIL DE 30T","T X KM",0.64,null,"04.005.0171-A","TRANSPORTE DE CARGA DE QUALQUER NATUREZA,EXCLUSIVE AS DESPESAS DE CARGA E DESCARGA,TANTO DE ESPERA DA CARRETA COMO DO SERVENTE OU EQUIPAMENTO AUXILIAR,A VELOCIDADE MEDIA DE 40KM/H,EM CARRETA,COM CAPACIDADE UTIL DE 30T","T X KM",0.64]
["04.005.0172-0","TRANSPORTE DE CARGA DE QUALQUER NATUREZA,EXCLUSIVE AS DESPESAS DE CARGA E DESCARGA,TANTO DE ESPERA DA CARRETA COMO DO SERVENTE OU EQUIPAMENTO AUXILIAR,A VELOCIDADE MEDIA DE 30KM/H,EM CARRETA,COM CAPACIDADE UTIL DE 30T","T X KM",0.83,null,"04.005.0172-A","TRANSPORTE DE CARGA DE QUALQUER NATUREZA,EXCLUSIVE AS DESPESAS DE CARGA E DESCARGA,TANTO DE ESPERA DA CARRETA COMO DO SERVENTE OU EQUIPAMENTO AUXILIAR,A VELOCIDADE MEDIA DE 30KM/H,EM CARRETA,COM CAPACIDADE UTIL DE 30T","T X KM",0.83]
["04.005.0180-0","TRANSPORTE DE CARGA DE QUALQUER NATUREZA,EXCLUSIVE AS DESPESAS DE CARGA E DESCARGA TANTO DE ESPERA DO SERVENTE E MANOBRADO EQUIPAMENTO AUXILIAR,A VELOCIDADE MEDIA DE 5KM/H,EM DUMPER DE 18HP A OLEO DIESEL COM CAPACIDADE UTIL DE 2,3T OU 1000L","T X KM",12.9,null,"04.005.0180-A","TRANSPORTE DE CARGA DE QUALQUER NATUREZA,EXCLUSIVE AS DESPESAS DE CARGA E DESCARGA TANTO DE ESPERA DO SERVENTE E MANOBRADO EQUIPAMENTO AUXILIAR,A VELOCIDADE MEDIA DE 5KM/H,EM DUMPER DE 18HP A OLEO DIESEL COM CAPACIDADE UTIL DE 2,3T OU 1000L","T X KM",12.49]
["04.005.0300-0","TRANSPORTE DE CONTAINER,SEGUNDO DESCRICAO DA FAMILIA 02.006,EXCLUSIVE CARGA E DESCARGA(VIDE ITEM 04.013.0015)","UNXKM",36.89,null,"04.005.0300-A","TRANSPORTE DE CONTAINER,SEGUNDO DESCRICAO DA FAMILIA 02.006,EXCLUSIVE CARGA E DESCARGA(VIDE ITEM 04.013.0015)","UNXKM",36.31]
["04.005.0350-1","TRANSPORTE DE EQUIPAMENTOS PESADOS EM CARRETAS,EXCLUSIVE A CARGA E DESCARGA(VIDE ITEM 04.014.0091) E O CUSTO HORARIO DOSEQUIPAMENTOS TRANSPORTADOS","T X KM",2.62,null,"04.005.0350-B","TRANSPORTE DE EQUIPAMENTOS PESADOS EM CARRETAS,EXCLUSIVE A CARGA E DESCARGA(VIDE ITEM 04.014.0091) E O CUSTO HORARIO DOSEQUIPAMENTOS TRANSPORTADOS","T X KM",2.61]
["04.005.0495-0","TRANSPORTE DE TUBO RIBLOC COM DIAMETRO DE 400MM,EM CAMINHAO,DISTANCIA ATE 3KM,INCLUSIVE CARGA E DESCARGA","UN",22.01,null,"04.005.0495-A","TRANSPORTE DE TUBO RIBLOC COM DIAMETRO DE 400MM,EM CAMINHAO,DISTANCIA ATE 3KM,INCLUSIVE CARGA E DESCARGA","UN",21.42]
["04.005.0501-0","TRANSPORTE DE TUBO RIBLOC COM DIAMETRO DE 500MM,EM CAMINHAO,DISTANCIA ATE 3KM,INCLUSIVE CARGA E DESCARGA","UN",23.13,null,"04.005.0501-A","TRANSPORTE DE TUBO RIBLOC COM DIAMETRO DE 500MM,EM CAMINHAO,DISTANCIA ATE 3KM,INCLUSIVE CARGA E DESCARGA","UN",22.51]
["04.005.0502-0","TRANSPORTE DE TUBO RIBLOC COM DIAMETRO DE 600MM,EM CAMINHAO,DISTANCIA ATE 3KM,INCLUSIVE CARGA E DESCARGA","UN",24.28,null,"04.005.0502-A","TRANSPORTE DE TUBO RIBLOC COM DIAMETRO DE 600MM,EM CAMINHAO,DISTANCIA ATE 3KM,INCLUSIVE CARGA E DESCARGA","UN",23.63]
["04.005.0503-0","TRANSPORTE DE TUBO RIBLOC COM DIAMETRO DE 700MM,EM CAMINHAO,DISTANCIA ATE 3KM,INCLUSIVE CARGA E DESCARGA","UN",25.5,null,"04.005.0503-A","TRANSPORTE DE TUBO RIBLOC COM DIAMETRO DE 700MM,EM CAMINHAO,DISTANCIA ATE 3KM,INCLUSIVE CARGA E DESCARGA","UN",24.82]
["04.005.0504-0","TRANSPORTE DE TUBO RIBLOC COM DIAMETRO DE 800MM,EM CAMINHAO,DISTANCIA ATE 3KM,INCLUSIVE CARGA E DESCARGA","UN",26.72,null,"04.005.0504-A","TRANSPORTE DE TUBO RIBLOC COM DIAMETRO DE 800MM,EM CAMINHAO,DISTANCIA ATE 3KM,INCLUSIVE CARGA E DESCARGA","UN",26]
["04.005.0505-0","TRANSPORTE DE TUBO RIBLOC COM DIAMETRO DE 900MM,EM CAMINHAO,DISTANCIA ATE 3KM,INCLUSIVE CARGA E DESCARGA","UN",28.08,null,"04.005.0505-A","TRANSPORTE DE TUBO RIBLOC COM DIAMETRO DE 900MM,EM CAMINHAO,DISTANCIA ATE 3KM,INCLUSIVE CARGA E DESCARGA","UN",27.33]
["04.005.0506-0","TRANSPORTE DE TUBO RIBLOC COM DIAMETRO DE 1000MM,EM CAMINHAO,DISTANCIA ATE 3KM,INCLUSIVE CARGA E DESCARGA","UN",29.53,null,"04.005.0506-A","TRANSPORTE DE TUBO RIBLOC COM DIAMETRO DE 1000MM,EM CAMINHAO,DISTANCIA ATE 3KM,INCLUSIVE CARGA E DESCARGA","UN",28.74]
["04.005.0507-0","TRANSPORTE DE TUBO RIBLOC COM DIAMETRO DE 1100MM,EM CAMINHAO,DISTANCIA ATE 3KM,INCLUSIVE CARGA E DESCARGA","UN",30.98,null,"04.005.0507-A","TRANSPORTE DE TUBO RIBLOC COM DIAMETRO DE 1100MM,EM CAMINHAO,DISTANCIA ATE 3KM,INCLUSIVE CARGA E DESCARGA","UN",30.15]
["04.005.0508-0","TRANSPORTE DE TUBO RIBLOC COM DIAMETRO DE 1200MM,EM CAMINHAO,DISTANCIA ATE 3KM,INCLUSIVE CARGA E DESCARGA","UN",32.47,null,"04.005.0508-A","TRANSPORTE DE TUBO RIBLOC COM DIAMETRO DE 1200MM,EM CAMINHAO,DISTANCIA ATE 3KM,INCLUSIVE CARGA E DESCARGA","UN",31.6]
["04.006.0008-1","CARGA MANUAL E DESCARGA MECANICA DE MATERIAL A GRANEL(AGREGADOS,PEDRA-DE-MAO,PARALELOS,TERRA E ESCOMBROS),COMPREENDENDOOS TEMPOS PARA CARGA,DESCARGA E MANOBRAS DO CAMINHAO BASCULANTE A OLEO DIESEL,COM CAPACIDADE UTIL DE 8T,EMPREGANDO 2 SERVENTES NA CARGA","T",45.01,null,"04.006.0008-B","CARGA MANUAL E DESCARGA MECANICA DE MATERIAL A GRANEL(AGREGADOS,PEDRA-DE-MAO,PARALELOS,TERRA E ESCOMBROS),COMPREENDENDOOS TEMPOS PARA CARGA,DESCARGA E MANOBRAS DO CAMINHAO BASCULANTE A OLEO DIESEL,COM CAPACIDADE UTIL DE 8T,EMPREGANDO 2 SERVENTES NA CARGA","T",43.16]
["04.006.0009-0","CARGA MANUAL E DESCARGA MECANICA DE MATERIAL A GRANEL(AGREGADOS,PEDRA-DE-MAO,PARALELOS,TERRA E ESCOMBROS),COMPREENDENDOOS TEMPOS PARA CARGA,DESCARGA E MANOBRAS DO CAMINHAO BASCULANTE A OLEO DIESEL,COM CAPACIDADE UTIL DE 8T,EMPREGANDO 4 SERVENTES NA CARGA","T",31.33,null,"04.006.0009-A","CARGA MANUAL E DESCARGA MECANICA DE MATERIAL A GRANEL(AGREGADOS,PEDRA-DE-MAO,PARALELOS,TERRA E ESCOMBROS),COMPREENDENDOOS TEMPOS PARA CARGA,DESCARGA E MANOBRAS DO CAMINHAO BASCULANTE A OLEO DIESEL,COM CAPACIDADE UTIL DE 8T,EMPREGANDO 4 SERVENTES NA CARGA","T",29.85]
["04.006.0010-0","CARGA MANUAL E DESCARGA MECANICA DE MATERIAL A GRANEL(AGREGADOS,PEDRA-DE-MAO,PARALELOS,TERRA E ESCOMBROS),COMPREENDENDOOS TEMPOS PARA CARGA,DESCARGA E MANOBRAS DO CAMINHAO BASCULANTE A OLEO DIESEL,COM CAPACIDADE UTIL DE 12T,EMPREGANDO 4 SERVENTES NA CARGA","T",33.22,null,"04.006.0010-A","CARGA MANUAL E DESCARGA MECANICA DE MATERIAL A GRANEL(AGREGADOS,PEDRA-DE-MAO,PARALELOS,TERRA E ESCOMBROS),COMPREENDENDOOS TEMPOS PARA CARGA,DESCARGA E MANOBRAS DO CAMINHAO BASCULANTE A OLEO DIESEL,COM CAPACIDADE UTIL DE 12T,EMPREGANDO 4 SERVENTES NA CARGA","T",31.74]
["04.006.0012-0","CARGA MANUAL E DESCARGA MECANICA DE MATERIAL A GRANEL(AGREGADOS,PEDRA-DE-MAO,PARALELOS,TERRA,ESCOMBROS,ETC),COMPREENDENDO OS TEMPOS PARA CARGA,DESCARGA E MANOBRAS DE CAMINHAO BASCULANTE A OLEO DIESEL,DE 8T E DO EQUIPAMENTO DUMPER DE 18HP E1000L,EMPREGANDO 2(DOIS) SERVENTES NA CARGA","T",61.11,null,"04.006.0012-A","CARGA MANUAL E DESCARGA MECANICA DE MATERIAL A GRANEL(AGREGADOS,PEDRA-DE-MAO,PARALELOS,TERRA,ESCOMBROS,ETC),COMPREENDENDO OS TEMPOS PARA CARGA,DESCARGA E MANOBRAS DE CAMINHAO BASCULANTE A OLEO DIESEL,DE 8T E DO EQUIPAMENTO DUMPER DE 18HP E1000L,EMPREGANDO 2(DOIS) SERVENTES NA CARGA","T",58.51]
["04.006.0013-1","CARGA E DESCARGA MANUAL DE PECAS DE PESO REDUZIDO:TIJOLOS,TELHAS,CIMENTO E AGREGADOS EM SACOS,EM CAMINHAO DE CARROCERIAFIXA A OLEO DIESEL,COM CAPACIDADE UTIL DE 7,5T,INCLUSIVE O TEMPO DE CARGA,DESCARGA E MANOBRA","T",65.67,null,"04.006.0013-B","CARGA E DESCARGA MANUAL DE PECAS DE PESO REDUZIDO:TIJOLOS,TELHAS,CIMENTO E AGREGADOS EM SACOS,EM CAMINHAO DE CARROCERIAFIXA A OLEO DIESEL,COM CAPACIDADE UTIL DE 7,5T,INCLUSIVE O TEMPO DE CARGA,DESCARGA E MANOBRA","T",62.4]
["04.006.0014-1","CARGA E DESCARGA MANUAL DE MATERIAL QUE EXIJA O CONCURSO DEMAIS DE UM SERVENTE PARA CADA PECA:VERGALHOES,VIGAS DE MADEIRA,CAIXAS E MEIOS-FIOS,EM CAMINHAO DE CARROCERIA FIXA A OLEODIESEL,COM CAPACIDADE UTIL DE 7,5T,INCLUSIVE O TEMPO DE CARGA,DESCARGA E MANOBRA","T",117.88,null,"04.006.0014-B","CARGA E DESCARGA MANUAL DE MATERIAL QUE EXIJA O CONCURSO DEMAIS DE UM SERVENTE PARA CADA PECA:VERGALHOES,VIGAS DE MADEIRA,CAIXAS E MEIOS-FIOS,EM CAMINHAO DE CARROCERIA FIXA A OLEODIESEL,COM CAPACIDADE UTIL DE 7,5T,INCLUSIVE O TEMPO DE CARGA,DESCARGA E MANOBRA","T",111.98]
["04.006.0020-0","CARGA E DESCARGA MANUAL DE POSTE DE CONCRETO OU ACO,EM CAMINHAO DE CARROCERIA FIXA A OLEO DIESEL,COM CAPACIDADE UTIL DE7,5T,INCLUSIVE O TEMPO DE CARGA,DESCARGA E MANOBRA","T",288.74,null,"04.006.0020-A","CARGA E DESCARGA MANUAL DE POSTE DE CONCRETO OU ACO,EM CAMINHAO DE CARROCERIA FIXA A OLEO DIESEL,COM CAPACIDADE UTIL DE7,5T,INCLUSIVE O TEMPO DE CARGA,DESCARGA E MANOBRA","T",274.13]
["04.007.0015-0","CARGA E DESCARGA MECANICA DE TUBOS DE CONCRETO COM 20CM DE DIAMETRO,EM CAMINHAO DE CARROCERIA FIXA A OLEO DIESEL,COM CAPACIDADE UTIL DE 7,5T,INCLUSIVE O TEMPO DE CARGA,DESCARGA E MANOBRA DO CAMINHAO E DO EQUIPAMENTO AUXILIAR,COM CAPACIDADEUTIL DE 4T","T",97.22,null,"04.007.0015-A","CARGA E DESCARGA MECANICA DE TUBOS DE CONCRETO COM 20CM DE DIAMETRO,EM CAMINHAO DE CARROCERIA FIXA A OLEO DIESEL,COM CAPACIDADE UTIL DE 7,5T,INCLUSIVE O TEMPO DE CARGA,DESCARGA E MANOBRA DO CAMINHAO E DO EQUIPAMENTO AUXILIAR,COM CAPACIDADEUTIL DE 4T","T",95.33]
["04.007.0016-0","CARGA E DESCARGA MECANICA DE TUBOS DE CONCRETO COM 40CM DE DIAMETRO,EM CAMINHAO DE CARROCERIA FIXA A OLEO DIESEL,COM CAPACIDADE UTIL DE 7,5T,INCLUSIVE O TEMPO DE CARGA,DESCARGA E MANOBRA DO CAMINHAO E DO EQUIPAMENTO AUXILIAR,COM CAPACIDADEUTIL DE 4T","T",107.27,null,"04.007.0016-A","CARGA E DESCARGA MECANICA DE TUBOS DE CONCRETO COM 40CM DE DIAMETRO,EM CAMINHAO DE CARROCERIA FIXA A OLEO DIESEL,COM CAPACIDADE UTIL DE 7,5T,INCLUSIVE O TEMPO DE CARGA,DESCARGA E MANOBRA DO CAMINHAO E DO EQUIPAMENTO AUXILIAR,COM CAPACIDADEUTIL DE 4T","T",105.17]
["04.007.0017-0","CARGA E DESCARGA MECANICA DE TUBOS DE CONCRETO COM 60CM DE DIAMETRO,EM CAMINHAO DE CARROCERIA FIXA A OLEO DIESEL,COM CAPACIDADE UTIL DE 7,5T,INCLUSIVE O TEMPO DE CARGA,DESCARGA E MANOBRA DO CAMINHAO E DO EQUIPAMENTO AUXILIAR,COM CAPACIDADEUTIL DE 4T","T",121.9,null,"04.007.0017-A","CARGA E DESCARGA MECANICA DE TUBOS DE CONCRETO COM 60CM DE DIAMETRO,EM CAMINHAO DE CARROCERIA FIXA A OLEO DIESEL,COM CAPACIDADE UTIL DE 7,5T,INCLUSIVE O TEMPO DE CARGA,DESCARGA E MANOBRA DO CAMINHAO E DO EQUIPAMENTO AUXILIAR,COM CAPACIDADEUTIL DE 4T","T",119.51]
["04.007.0018-0","CARGA E DESCARGA MECANICA DE TUBOS DE CONCRETO COM 80CM DE DIAMETRO,EM CAMINHAO DE CARROCERIA FIXA A OLEO DIESEL,COM CAPACIDADE UTIL DE 7,5T,INCLUSIVE O TEMPO DE CARGA,DESCARGA E MANOBRA DO CAMINHAO E DO EQUIPAMENTO AUXILIAR,COM CAPACIDADEUTIL DE 4T","T",141.4,null,"04.007.0018-A","CARGA E DESCARGA MECANICA DE TUBOS DE CONCRETO COM 80CM DE DIAMETRO,EM CAMINHAO DE CARROCERIA FIXA A OLEO DIESEL,COM CAPACIDADE UTIL DE 7,5T,INCLUSIVE O TEMPO DE CARGA,DESCARGA E MANOBRA DO CAMINHAO E DO EQUIPAMENTO AUXILIAR,COM CAPACIDADEUTIL DE 4T","T",138.63]
["04.007.0019-0","CARGA E DESCARGA MECANICA DE TUBOS DE CONCRETO COM 100CM DEDIAMETRO,EM CAMINHAO DE CARROCERIA FIXA A OLEO DIESEL,COM CAPACIDADE UTIL DE 7,5T,INCLUSIVE O TEMPO DE CARGA,DESCARGA EMANOBRA DO CAMINHAO E DO EQUIPAMENTO AUXILIAR,COM CAPACIDADEUTIL DE 4T","T",160.91,null,"04.007.0019-A","CARGA E DESCARGA MECANICA DE TUBOS DE CONCRETO COM 100CM DEDIAMETRO,EM CAMINHAO DE CARROCERIA FIXA A OLEO DIESEL,COM CAPACIDADE UTIL DE 7,5T,INCLUSIVE O TEMPO DE CARGA,DESCARGA EMANOBRA DO CAMINHAO E DO EQUIPAMENTO AUXILIAR,COM CAPACIDADEUTIL DE 4T","T",157.75]
["04.007.0050-0","CARGA E DESCARGA MECANICA DE POSTES DE CONCRETO OU ACO,EM CAMINHAO DE CARROCERIA FIXA A OLEO DIESEL,COM CAPACIDADE UTILDE 7,5T,INCLUSIVE O TEMPO DE CARGA,DESCARGA E MANOBRA DO CAMINHAO E DO EQUIPAMENTO AUXILIAR","T",135.46,null,"04.007.0050-A","CARGA E DESCARGA MECANICA DE POSTES DE CONCRETO OU ACO,EM CAMINHAO DE CARROCERIA FIXA A OLEO DIESEL,COM CAPACIDADE UTILDE 7,5T,INCLUSIVE O TEMPO DE CARGA,DESCARGA E MANOBRA DO CAMINHAO E DO EQUIPAMENTO AUXILIAR","T",129.68]
["04.008.0020-0","CARGA E DESCARGA MANUAL DE TUBOS DE FERRO FUNDIDO NOS DIAMETROS DE 5 A 15CM,EM CAMINHAO DE CARROCERIA FIXA A OLEO DIESEL,COM CAPACIDADE UTIL DE 7,5T,INCLUSIVE O TEMPO DE CARGA,DESCARGA E MANOBRA","T",234.92,null,"04.008.0020-A","CARGA E DESCARGA MANUAL DE TUBOS DE FERRO FUNDIDO NOS DIAMETROS DE 5 A 15CM,EM CAMINHAO DE CARROCERIA FIXA A OLEO DIESEL,COM CAPACIDADE UTIL DE 7,5T,INCLUSIVE O TEMPO DE CARGA,DESCARGA E MANOBRA","T",223.12]
["04.008.0021-0","CARGA E DESCARGA MANUAL DE TUBOS DE FERRO FUNDIDO NOS DIAMETROS DE 20, 25 E 30CM,EM CAMINHAO DE CARROCERIA FIXA A OLEO DIESEL,COM CAPACIDADE UTIL DE 7,5T,INCLUSIVE O TEMPO DE CARGA,DESCARGA E MANOBRA","T",234.32,null,"04.008.0021-A","CARGA E DESCARGA MANUAL DE TUBOS DE FERRO FUNDIDO NOS DIAMETROS DE 20, 25 E 30CM,EM CAMINHAO DE CARROCERIA FIXA A OLEO DIESEL,COM CAPACIDADE UTIL DE 7,5T,INCLUSIVE O TEMPO DE CARGA,DESCARGA E MANOBRA","T",221.7]
["04.009.0022-0","CARGA E DESCARGA MECANICA DE TUBOS DE FERRO FUNDIDO,COM O DIAMETRO DE 40CM,INCLUSIVE O TEMPO DE CARGA E DESCARGA E MANOBRA DO CAMINHAO DE CARROCERIA FIXA A OLEO DIESEL,COM CAPACIDADE UTIL DE 7,5T,INCLUSIVE OS MESMOS TEMPOS DE GUINDAUTO,DE 4T","T",96.14,null,"04.009.0022-A","CARGA E DESCARGA MECANICA DE TUBOS DE FERRO FUNDIDO,COM O DIAMETRO DE 40CM,INCLUSIVE O TEMPO DE CARGA E DESCARGA E MANOBRA DO CAMINHAO DE CARROCERIA FIXA A OLEO DIESEL,COM CAPACIDADE UTIL DE 7,5T,INCLUSIVE OS MESMOS TEMPOS DE GUINDAUTO,DE 4T","T",91.94]
["04.009.0023-0","CARGA E DESCARGA MECANICA DE TUBOS DE FERRO FUNDIDO,COM O DIAMETRO DE 60 A 80CM,INCLUSIVE O TEMPO DE CARGA E DESCARGA EMANOBRA DO CAMINHAO DE CARROCERIA FIXA A OLEO DIESEL,COM CAPACIDADE UTIL DE 7,5T,INCLUSIVE OS MESMOS TEMPOS DE GUINDAUTO,DE 4T","T",124.98,null,"04.009.0023-A","CARGA E DESCARGA MECANICA DE TUBOS DE FERRO FUNDIDO,COM O DIAMETRO DE 60 A 80CM,INCLUSIVE O TEMPO DE CARGA E DESCARGA EMANOBRA DO CAMINHAO DE CARROCERIA FIXA A OLEO DIESEL,COM CAPACIDADE UTIL DE 7,5T,INCLUSIVE OS MESMOS TEMPOS DE GUINDAUTO,DE 4T","T",119.52]
["04.010.0045-0","CARGA E DESCARGA MECANICA DE AGREGADOS,TERRA,ESCOMBROS,MATERIAL A GRANEL,UTILIZANDO CAMINHAO BASCULANTE A OLEO DIESEL,COM CAPACIDADE UTIL DE 8T,CONSIDERANDO O TEMPO PARA CARGA,DESCARGA E MANOBRA,EXCLUSIVE DESPESAS COM A PA-CARREGADEIRA EMPREGADA NA CARGA,COM A CAPACIDADE DE 1,50M3","T",1.71,null,"04.010.0045-A","CARGA E DESCARGA MECANICA DE AGREGADOS,TERRA,ESCOMBROS,MATERIAL A GRANEL,UTILIZANDO CAMINHAO BASCULANTE A OLEO DIESEL,COM CAPACIDADE UTIL DE 8T,CONSIDERANDO O TEMPO PARA CARGA,DESCARGA E MANOBRA,EXCLUSIVE DESPESAS COM A PA-CARREGADEIRA EMPREGADA NA CARGA,COM A CAPACIDADE DE 1,50M3","T",1.69]
["04.010.0046-0","CARGA E DESCARGA MECANICA DE AGREGADOS,TERRA,ESCOMBROS,MATERIAL A GRANEL,UTILIZANDO CAMINHAO BASCULANTE A OLEO DIESEL,COM CAPACIDADE UTIL DE 12T,CONSIDERANDO O TEMPO PARA CARGA,DESCARGA E MANOBRA,EXCLUSIVE DESPESAS COM A PA-CARREGADEIRA EMPREGADA NA CARGA,COM A CAPACIDADE DE 1,50M3","T",1.55,null,"04.010.0046-A","CARGA E DESCARGA MECANICA DE AGREGADOS,TERRA,ESCOMBROS,MATERIAL A GRANEL,UTILIZANDO CAMINHAO BASCULANTE A OLEO DIESEL,COM CAPACIDADE UTIL DE 12T,CONSIDERANDO O TEMPO PARA CARGA,DESCARGA E MANOBRA,EXCLUSIVE DESPESAS COM A PA-CARREGADEIRA EMPREGADA NA CARGA,COM A CAPACIDADE DE 1,50M3","T",1.53]
["04.010.0047-0","CARGA E DESCARGA MECANICA DE AGREGADOS,TERRA,ESCOMBROS,MATERIAL A GRANEL,UTILIZANDO CAMINHAO BASCULANTE A OLEO DIESEL,COM CAPACIDADE UTIL DE 17T,CONSIDERANDO O TEMPO PARA CARGA,DESCARGA E MANOBRA,EXCLUSIVE DESPESAS COM A PA-CARREGADEIRA EMPREGADA NA CARGA,COM A CAPACIDADE DE 1,50M3","T",1.41,null,"04.010.0047-A","CARGA E DESCARGA MECANICA DE AGREGADOS,TERRA,ESCOMBROS,MATERIAL A GRANEL,UTILIZANDO CAMINHAO BASCULANTE A OLEO DIESEL,COM CAPACIDADE UTIL DE 17T,CONSIDERANDO O TEMPO PARA CARGA,DESCARGA E MANOBRA,EXCLUSIVE DESPESAS COM A PA-CARREGADEIRA EMPREGADA NA CARGA,COM A CAPACIDADE DE 1,50M3","T",1.39]
["04.011.0051-1","CARGA E DESCARGA MECANICA,COM PA-CARREGADEIRA,COM 1,30M3 DECAPACIDADE,UTILIZANDO CAMINHAO BASCULANTE A OLEO DIESEL,COMCAPACIDADE UTIL DE 8T,CONSIDERADOS PARA O CAMINHAO OS TEMPOSDE ESPERA,MANOBRA,CARGA E DESCARGA E PARA A CARREGADEIRA OSTEMPOS DE ESPERA E OPERACAO PARA CARGAS DE 50T POR DIA DE 8H","T",14.74,null,"04.011.0051-B","CARGA E DESCARGA MECANICA,COM PA-CARREGADEIRA,COM 1,30M3 DECAPACIDADE,UTILIZANDO CAMINHAO BASCULANTE A OLEO DIESEL,COMCAPACIDADE UTIL DE 8T,CONSIDERADOS PARA O CAMINHAO OS TEMPOSDE ESPERA,MANOBRA,CARGA E DESCARGA E PARA A CARREGADEIRA OSTEMPOS DE ESPERA E OPERACAO PARA CARGAS DE 50T POR DIA DE 8H","T",14.48]
["04.011.0052-1","CARGA E DESCARGA MECANICA,COM PA-CARREGADEIRA,COM 1,30M3 DECAPACIDADE,UTILIZANDO CAMINHAO BASCULANTE A OLEO DIESEL,COMCAPACIDADE UTIL DE 8T,CONSIDERADOS PARA O CAMINHAO OS TEMPOSDE ESPERA,MANOBRA,CARGA E DESCARGA E PARA A CARREGADEIRA OSTEMPOS DE ESPERA E OPERACAO PARA CARGAS DE 100T POR DIA DE8H","T",10.64,null,"04.011.0052-B","CARGA E DESCARGA MECANICA,COM PA-CARREGADEIRA,COM 1,30M3 DECAPACIDADE,UTILIZANDO CAMINHAO BASCULANTE A OLEO DIESEL,COMCAPACIDADE UTIL DE 8T,CONSIDERADOS PARA O CAMINHAO OS TEMPOSDE ESPERA,MANOBRA,CARGA E DESCARGA E PARA A CARREGADEIRA OSTEMPOS DE ESPERA E OPERACAO PARA CARGAS DE 100T POR DIA DE8H","T",10.48]
["04.011.0053-1","CARGA E DESCARGA MECANICA,COM PA-CARREGADEIRA,COM 1,30M3 DECAPACIDADE,UTILIZANDO CAMINHAO BASCULANTE A OLEO DIESEL,COMCAPACIDADE UTIL DE 8T,CONSIDERADOS PARA O CAMINHAO OS TEMPOSDE ESPERA,MANOBRA,CARGA E DESCARGA E PARA A CARREGADEIRA OSTEMPOS DE ESPERA E OPERACAO PARA CARGAS DE 150T POR DIA DE8H","T",9.4600000000000009,null,"04.011.0053-B","CARGA E DESCARGA MECANICA,COM PA-CARREGADEIRA,COM 1,30M3 DECAPACIDADE,UTILIZANDO CAMINHAO BASCULANTE A OLEO DIESEL,COMCAPACIDADE UTIL DE 8T,CONSIDERADOS PARA O CAMINHAO OS TEMPOSDE ESPERA,MANOBRA,CARGA E DESCARGA E PARA A CARREGADEIRA OSTEMPOS DE ESPERA E OPERACAO PARA CARGAS DE 150T POR DIA DE8H","T",9.33]
["04.011.0054-1","CARGA E DESCARGA MECANICA,COM PA-CARREGADEIRA,COM 1,30M3 DECAPACIDADE,UTILIZANDO CAMINHAO BASCULANTE A OLEO DIESEL,COMCAPACIDADE UTIL DE 8T,CONSIDERADOS PARA O CAMINHAO OS TEMPOSDE ESPERA,MANOBRA,CARGA E DESCARGA E PARA A CARREGADEIRA OSTEMPOS DE ESPERA E OPERACAO PARA CARGAS DE 200T POR DIA DE8H","T",8.82,null,"04.011.0054-B","CARGA E DESCARGA MECANICA,COM PA-CARREGADEIRA,COM 1,30M3 DECAPACIDADE,UTILIZANDO CAMINHAO BASCULANTE A OLEO DIESEL,COMCAPACIDADE UTIL DE 8T,CONSIDERADOS PARA O CAMINHAO OS TEMPOSDE ESPERA,MANOBRA,CARGA E DESCARGA E PARA A CARREGADEIRA OSTEMPOS DE ESPERA E OPERACAO PARA CARGAS DE 200T POR DIA DE8H","T",8.7100000000000009]
["04.011.0055-1","CARGA E DESCARGA MECANICA,COM PA-CARREGADEIRA,COM 1,30M3 DECAPACIDADE,UTILIZANDO CAMINHAO BASCULANTE A OLEO DIESEL,COMCAPACIDADE UTIL DE 8T,CONSIDERADOS PARA O CAMINHAO OS TEMPOSDE ESPERA,MANOBRA,CARGA E DESCARGA E PARA A CARREGADEIRA OSTEMPOS DE ESPERA E OPERACAO PARA CARGAS DE 250T POR DIA DE8H","T",8.5500000000000007,null,"04.011.0055-B","CARGA E DESCARGA MECANICA,COM PA-CARREGADEIRA,COM 1,30M3 DECAPACIDADE,UTILIZANDO CAMINHAO BASCULANTE A OLEO DIESEL,COMCAPACIDADE UTIL DE 8T,CONSIDERADOS PARA O CAMINHAO OS TEMPOSDE ESPERA,MANOBRA,CARGA E DESCARGA E PARA A CARREGADEIRA OSTEMPOS DE ESPERA E OPERACAO PARA CARGAS DE 250T POR DIA DE8H","T",8.44]
["04.011.0056-1","CARGA E DESCARGA MECANICA,COM PA-CARREGADEIRA,COM 1,30M3 DECAPACIDADE,UTILIZANDO CAMINHAO BASCULANTE A OLEO DIESEL,COMCAPACIDADE UTIL DE 8T,CONSIDERADOS PARA O CAMINHAO OS TEMPOSDE ESPERA,MANOBRA,CARGA E DESCARGA E PARA A CARREGADEIRA OSTEMPOS DE ESPERA E OPERACAO PARA CARGAS DE 500T POR DIA DE8H","T",5.86,null,"04.011.0056-B","CARGA E DESCARGA MECANICA,COM PA-CARREGADEIRA,COM 1,30M3 DECAPACIDADE,UTILIZANDO CAMINHAO BASCULANTE A OLEO DIESEL,COMCAPACIDADE UTIL DE 8T,CONSIDERADOS PARA O CAMINHAO OS TEMPOSDE ESPERA,MANOBRA,CARGA E DESCARGA E PARA A CARREGADEIRA OSTEMPOS DE ESPERA E OPERACAO PARA CARGAS DE 500T POR DIA DE8H","T",5.78]
["04.011.0057-1","CARGA E DESCARGA MECANICA,COM PA CARREGADEIRA,COM 3,10M3 DECAPACIDADE,UTILIZANDO CAMINHAO BASCULANTE A OLEO DIESEL,COMCAPACIDADE UTIL DE 8T,CONSIDERADOS PARA O CAMINHAO OS TEMPOSDE ESPERA,MANOBRA,CARGA E DESCARGA E PARA A CARREGADEIRA OSTEMPOS DE ESPERA E OPERACAO PARA CARGAS DE 750T POR DIA DE8H","T",6.28,null,"04.011.0057-B","CARGA E DESCARGA MECANICA,COM PA CARREGADEIRA,COM 3,10M3 DECAPACIDADE,UTILIZANDO CAMINHAO BASCULANTE A OLEO DIESEL,COMCAPACIDADE UTIL DE 8T,CONSIDERADOS PARA O CAMINHAO OS TEMPOSDE ESPERA,MANOBRA,CARGA E DESCARGA E PARA A CARREGADEIRA OSTEMPOS DE ESPERA E OPERACAO PARA CARGAS DE 750T POR DIA DE8H","T",6.23]
["04.011.0058-1","CARGA E DESCARGA MECANICA,COM PA CARREGADEIRA,COM 3,10M3 DECAPACIDADE,UTILIZANDO CAMINHAO BASCULANTE A OLEO DIESEL,COMCAPACIDADE UTIL DE 8T,CONSIDERADOS PARA O CAMINHAO OS TEMPOSDE ESPERA,MANOBRA,CARGA E DESCARGA E PARA A CARREGADEIRA OSTEMPOS DE ESPERA E OPERACAO PARA CARGAS DE 1000T POR DIA DE8H","T",5.16,null,"04.011.0058-B","CARGA E DESCARGA MECANICA,COM PA CARREGADEIRA,COM 3,10M3 DECAPACIDADE,UTILIZANDO CAMINHAO BASCULANTE A OLEO DIESEL,COMCAPACIDADE UTIL DE 8T,CONSIDERADOS PARA O CAMINHAO OS TEMPOSDE ESPERA,MANOBRA,CARGA E DESCARGA E PARA A CARREGADEIRA OSTEMPOS DE ESPERA E OPERACAO PARA CARGAS DE 1000T POR DIA DE8H","T",5.12]
["04.012.0071-1","CARGA DE MATERIAL COM PA-CARREGADEIRA DE 1,30M3,EXCLUSIVE DESPESAS COM O CAMINHAO,COMPREENDENDO TEMPO COM ESPERA E OPERACAO PARA CARGAS DE 50T POR DIA DE 8H","T",11.69,null,"04.012.0071-B","CARGA DE MATERIAL COM PA-CARREGADEIRA DE 1,30M3,EXCLUSIVE DESPESAS COM O CAMINHAO,COMPREENDENDO TEMPO COM ESPERA E OPERACAO PARA CARGAS DE 50T POR DIA DE 8H","T",11.49]
["04.012.0072-1","CARGA DE MATERIAL COM PA-CARREGADEIRA DE 1,30M3,EXCLUSIVE DESPESAS COM O CAMINHAO,COMPREENDENDO TEMPO COM ESPERA E OPERACAO PARA CARGAS DE 100T POR DIA DE 8H","T",8.0500000000000007,null,"04.012.0072-B","CARGA DE MATERIAL COM PA-CARREGADEIRA DE 1,30M3,EXCLUSIVE DESPESAS COM O CAMINHAO,COMPREENDENDO TEMPO COM ESPERA E OPERACAO PARA CARGAS DE 100T POR DIA DE 8H","T",7.94]
["04.012.0073-1","CARGA DE MATERIAL COM PA-CARREGADEIRA DE 1,30M3,EXCLUSIVE DESPESAS COM O CAMINHAO,COMPREENDENDO TEMPO COM ESPERA E OPERACAO PARA CARGAS DE 150T POR DIA DE 8H","T",6.86,null,"04.012.0073-B","CARGA DE MATERIAL COM PA-CARREGADEIRA DE 1,30M3,EXCLUSIVE DESPESAS COM O CAMINHAO,COMPREENDENDO TEMPO COM ESPERA E OPERACAO PARA CARGAS DE 150T POR DIA DE 8H","T",6.78]
["04.012.0074-1","CARGA DE MATERIAL COM PA-CARREGADEIRA DE 1,30M3,EXCLUSIVE DESPESAS COM O CAMINHAO,COMPREENDENDO TEMPO COM ESPERA E OPERACAO PARA CARGAS DE 200T POR DIA DE 8H","T",6.23,null,"04.012.0074-B","CARGA DE MATERIAL COM PA-CARREGADEIRA DE 1,30M3,EXCLUSIVE DESPESAS COM O CAMINHAO,COMPREENDENDO TEMPO COM ESPERA E OPERACAO PARA CARGAS DE 200T POR DIA DE 8H","T",6.16]
["04.012.0075-1","CARGA DE MATERIAL COM PA-CARREGADEIRA DE 1,30M3,EXCLUSIVE DESPESAS COM O CAMINHAO,COMPREENDENDO TEMPO COM ESPERA E OPERACAO PARA CARGAS DE 250T POR DIA DE 8H","T",5.95,null,"04.012.0075-B","CARGA DE MATERIAL COM PA-CARREGADEIRA DE 1,30M3,EXCLUSIVE DESPESAS COM O CAMINHAO,COMPREENDENDO TEMPO COM ESPERA E OPERACAO PARA CARGAS DE 250T POR DIA DE 8H","T",5.89]
["04.012.0076-1","CARGA DE MATERIAL COM PA-CARREGADEIRA DE 1,30M3,EXCLUSIVE DESPESAS COM O CAMINHAO,COMPREENDENDO TEMPO COM ESPERA E OPERACAO PARA CARGAS DE 500T POR DIA DE 8H","T",3.77,null,"04.012.0076-B","CARGA DE MATERIAL COM PA-CARREGADEIRA DE 1,30M3,EXCLUSIVE DESPESAS COM O CAMINHAO,COMPREENDENDO TEMPO COM ESPERA E OPERACAO PARA CARGAS DE 500T POR DIA DE 8H","T",3.74]
["04.012.0077-1","CARGA DE MATERIAL COM PA-CARREGADEIRA DE 3,10M3,EXCLUSIVE DESPESAS COM O CAMINHAO,COMPREENDENDO TEMPO COM ESPERA E OPERACAO PARA CARGAS DE 750T POR DIA DE 8H","T",4.42,null,"04.012.0077-B","CARGA DE MATERIAL COM PA-CARREGADEIRA DE 3,10M3,EXCLUSIVE DESPESAS COM O CAMINHAO,COMPREENDENDO TEMPO COM ESPERA E OPERACAO PARA CARGAS DE 750T POR DIA DE 8H","T",4.3899999999999997]
["04.012.0078-1","CARGA DE MATERIAL COM PA-CARREGADEIRA DE 3,10M3,EXCLUSIVE DESPESAS COM O CAMINHAO,COMPREENDENDO TEMPO COM ESPERA E OPERACAO PARA CARGAS DE 1000T POR DIA DE 8H","T",3.53,null,"04.012.0078-B","CARGA DE MATERIAL COM PA-CARREGADEIRA DE 3,10M3,EXCLUSIVE DESPESAS COM O CAMINHAO,COMPREENDENDO TEMPO COM ESPERA E OPERACAO PARA CARGAS DE 1000T POR DIA DE 8H","T",3.51]
["04.013.0015-0","CARGA E DESCARGA DE CONTAINER,SEGUNDO DESCRICAO DA FAMILIA 02.006","UN",97.64,null,"04.013.0015-A","CARGA E DESCARGA DE CONTAINER,SEGUNDO DESCRICAO DA FAMILIA 02.006","UN",94.21]
["04.014.0091-1","CARGA E DESCARGA DE EQUIPAMENTOS PESADOS,EM CARRETAS,EXCLUSIVE O CUSTO HORARIO DO EQUIPAMENTO DURANTE A OPERACAO","T",61.18,null,"04.014.0091-B","CARGA E DESCARGA DE EQUIPAMENTOS PESADOS,EM CARRETAS,EXCLUSIVE O CUSTO HORARIO DO EQUIPAMENTO DURANTE A OPERACAO","T",57.74]
["04.014.0095-0","RETIRADA DE ENTULHO DE OBRA COM CACAMBA DE ACO TIPO CONTAINER COM 5M3 DE CAPACIDADE,INCLUSIVE CARREGAMENTO,TRANSPORTE EDESCARREGAMENTO.CUSTO POR UNIDADE DE CACAMBA E INCLUI A TAXA PARA DESCARGA EM LOCAIS AUTORIZADOS","UN",413.16,null,"04.014.0095-A","RETIRADA DE ENTULHO DE OBRA COM CACAMBA DE ACO TIPO CONTAINER COM 5M3 DE CAPACIDADE,INCLUSIVE CARREGAMENTO,TRANSPORTE EDESCARREGAMENTO.CUSTO POR UNIDADE DE CACAMBA E INCLUI A TAXA PARA DESCARGA EM LOCAIS AUTORIZADOS","UN",412.27]
["04.015.0100-0","CUSTO DE DESPESAS COM VEICULO PROPRIO,CONSIDERANDO 50% DE UTILIZACAO DO MESMO EM SERVICO E MEDIA MENSAL PERCORRIDA ATE1500KM, TENDO EM VISTA DESLOCAMENTO PARA FISCALIZACAO DE OBRAS OU VISTORIAS","KM",1.98,null,"04.015.0100-A","CUSTO DE DESPESAS COM VEICULO PROPRIO,CONSIDERANDO 50% DE UTILIZACAO DO MESMO EM SERVICO E MEDIA MENSAL PERCORRIDA ATE1500KM, TENDO EM VISTA DESLOCAMENTO PARA FISCALIZACAO DE OBRAS OU VISTORIAS","KM",1.98]
["04.015.0101-0","CUSTO DE DESPESAS COM VEICULO PROPRIO,CONSIDERANDO 50% DE UTILIZACAO DO MESMO EM SERVICO E MEDIA MENSAL PERCORRIDA ENTRE1501 E 3000KM RODADOS,TENDO EM VISTA DESLOCAMENTO PARA FISCALIZACAO DE OBRAS OU VISTORIAS.ESTE ITEM DEVE SER UTILIZADOCOMO COMPLEMENTO DO ITEM 04.015.0100","KM",1.37,null,"04.015.0101-A","CUSTO DE DESPESAS COM VEICULO PROPRIO,CONSIDERANDO 50% DE UTILIZACAO DO MESMO EM SERVICO E MEDIA MENSAL PERCORRIDA ENTRE1501 E 3000KM RODADOS,TENDO EM VISTA DESLOCAMENTO PARA FISCALIZACAO DE OBRAS OU VISTORIAS.ESTE ITEM DEVE SER UTILIZADOCOMO COMPLEMENTO DO ITEM 04.015.0100","KM",1.37]
["04.015.0105-0","CUSTO DE DESPESAS COM VEICULO PROPRIO,CONSIDERANDO 75% DE UTILIZACAO DO MESMO EM SERVICO E MEDIA MENSAL PERCORRIDA ATE 1500KM,TENDO EM VISTA DESLOCAMENTOS PARA FISCALIZACAO DE OBRAS OU VISTORIAS","KM",2.2599999999999998,null,"04.015.0105-A","CUSTO DE DESPESAS COM VEICULO PROPRIO,CONSIDERANDO 75% DE UTILIZACAO DO MESMO EM SERVICO E MEDIA MENSAL PERCORRIDA ATE 1500KM,TENDO EM VISTA DESLOCAMENTOS PARA FISCALIZACAO DE OBRAS OU VISTORIAS","KM",2.2599999999999998]
["04.015.0106-0","CUSTO DE DESPESAS COM VEICULO PROPRIO,CONSIDERANDO 75% DE UTILIZACAO DO MESMO EM SERVICO E MEDIA MENSAL PERCORRIDA ENTRE1501 E 3000KM RODADOS,TENDO EM VISTA DESLOCAMENTOS PARA FISCALIZACAO DE OBRAS OU VISTORIAS.ESTE ITEM DEVE SER UTILIZADOCOMO COMPLEMENTO DO ITEM 04.015.0105","KM",1.51,null,"04.015.0106-A","CUSTO DE DESPESAS COM VEICULO PROPRIO,CONSIDERANDO 75% DE UTILIZACAO DO MESMO EM SERVICO E MEDIA MENSAL PERCORRIDA ENTRE1501 E 3000KM RODADOS,TENDO EM VISTA DESLOCAMENTOS PARA FISCALIZACAO DE OBRAS OU VISTORIAS.ESTE ITEM DEVE SER UTILIZADOCOMO COMPLEMENTO DO ITEM 04.015.0105","KM",1.51]
["04.015.0110-0","CUSTO DE DESPESAS COM VEICULO PROPRIO,CONSIDERANDO 100% DE UTILIZACAO DO MESMO EM SERVICO E MEDIA MENSAL PERCORRIDA ATE1500KM,TENDO EM VISTA DESLOCAMENTOS PARA FISCALIZACAO DE OBRAS OU VISTORIAS","KM",2.57,null,"04.015.0110-A","CUSTO DE DESPESAS COM VEICULO PROPRIO,CONSIDERANDO 100% DE UTILIZACAO DO MESMO EM SERVICO E MEDIA MENSAL PERCORRIDA ATE1500KM,TENDO EM VISTA DESLOCAMENTOS PARA FISCALIZACAO DE OBRAS OU VISTORIAS","KM",2.57]
["04.015.0111-0","CUSTO DE DESPESAS COM VEICULO PROPRIO,CONSIDERANDO 100% DE UTILIZACAO DO MESMO EM SERVICO E MEDIA MENSAL PERCORRIDA ENTRE 1501 E 3000KM RODADOS,TENDO EM VISTA DESLOCAMENTOS PARA FISCALIZACAO DE OBRAS OU VISTORIAS.ESTE ITEM DEVE SER UTILIZADO COMO COMPLEMENTO DO ITEM 04.015.0110","KM",1.66,null,"04.015.0111-A","CUSTO DE DESPESAS COM VEICULO PROPRIO,CONSIDERANDO 100% DE UTILIZACAO DO MESMO EM SERVICO E MEDIA MENSAL PERCORRIDA ENTRE 1501 E 3000KM RODADOS,TENDO EM VISTA DESLOCAMENTOS PARA FISCALIZACAO DE OBRAS OU VISTORIAS.ESTE ITEM DEVE SER UTILIZADO COMO COMPLEMENTO DO ITEM 04.015.0110","KM",1.66]
["04.018.0010-0","RECEBIMENTO DE CARGA DE CAMINHAO BASCULANTE EM SERVICOS DE DESCARGA MECANICA","T",0.7,null,"04.018.0010-A","RECEBIMENTO DE CARGA DE CAMINHAO BASCULANTE EM SERVICOS DE DESCARGA MECANICA","T",0.68]
["04.018.0012-0","RECEBIMENTO DE CARGA DE CARRETA DE 30T,INCLUSIVE UTILIZACAODE GUINDASTE NA DESCARGA","T",49.73,null,"04.018.0012-A","RECEBIMENTO DE CARGA DE CARRETA DE 30T,INCLUSIVE UTILIZACAODE GUINDASTE NA DESCARGA","T",48.51]
["04.018.0015-0","RECEBIMENTO DE CARGA,DESCARGA E MANOBRA DE CAMINHAO BASCULANTE DE 10M3 OU 15T","T",1.58,null,"04.018.0015-A","RECEBIMENTO DE CARGA,DESCARGA E MANOBRA DE CAMINHAO BASCULANTE DE 10M3 OU 15T","T",1.55]
["04.018.0020-1","RECEBIMENTO DE CARGA,DESCARGA E MANOBRA DE CAMINHAO BASCULANTE DE 8,00M3 OU 12T","T",1.05,null,"04.018.0020-B","RECEBIMENTO DE CARGA,DESCARGA E MANOBRA DE CAMINHAO BASCULANTE DE 8,00M3 OU 12T","T",1.03]
["04.018.0025-0","RECEBIMENTO DE CARGA,DESCARGA E MANOBRA DE CAMINHAO BASCULANTE DE 5,00M3 OU 7,5T","T",0.63,null,"04.018.0025-A","RECEBIMENTO DE CARGA,DESCARGA E MANOBRA DE CAMINHAO BASCULANTE DE 5,00M3 OU 7,5T","T",0.62]
["04.018.0030-0","RECEBIMENTO DE CARGA,DESCARGA E MANOBRA DE CAMINHAO DE CARROCERIA FIXA,DE 8,00M3 OU 12T","T",0.91,null,"04.018.0030-A","RECEBIMENTO DE CARGA,DESCARGA E MANOBRA DE CAMINHAO DE CARROCERIA FIXA,DE 8,00M3 OU 12T","T",0.89]
["04.020.0122-0","TRANSPORTE DE ANDAIME TUBULAR,CONSIDERANDO-SE A AREA DE PROJECAO VERTICAL DO ANDAIME,EXCLUSIVE CARGA,DESCARGA E TEMPO DEESPERA DO CAMINHAO(VIDE ITEM 04.021.0010)","M2XKM",0.21,null,"04.020.0122-A","TRANSPORTE DE ANDAIME TUBULAR,CONSIDERANDO-SE A AREA DE PROJECAO VERTICAL DO ANDAIME,EXCLUSIVE CARGA,DESCARGA E TEMPO DEESPERA DO CAMINHAO(VIDE ITEM 04.021.0010)","M2XKM",0.21]
["04.020.0126-0","TRANSPORTE DE ANDAIME SUSPENSO,EXCLUSIVE CARGA,DESCARGA E TEMPO DE ESPERA DO CAMINHAO (VIDE ITEM 04.021.0015)","UNXKM",1.08,null,"04.020.0126-A","TRANSPORTE DE ANDAIME SUSPENSO,EXCLUSIVE CARGA,DESCARGA E TEMPO DE ESPERA DO CAMINHAO (VIDE ITEM 04.021.0015)","UNXKM",1.07]
["04.020.0136-0","TRANSPORTE DE ELEVADOR DE OBRAS,CONSTITUIDO POR CACAMBA,FUNIL E SILO OU ELEVADOR DE CABINE ABERTA COM PLATAFORMA,AMBOS COM GUINCHO E CABO ATE 16,00M DE ALTURA,EXCLUSIVE CARGA,DESCARGA E TEMPO DE ESPERA DO CAMINHAO(VIDE ITEM 04.021.0025)","UNXKM",5.31,null,"04.020.0136-A","TRANSPORTE DE ELEVADOR DE OBRAS,CONSTITUIDO POR CACAMBA,FUNIL E SILO OU ELEVADOR DE CABINE ABERTA COM PLATAFORMA,AMBOS COM GUINCHO E CABO ATE 16,00M DE ALTURA,EXCLUSIVE CARGA,DESCARGA E TEMPO DE ESPERA DO CAMINHAO(VIDE ITEM 04.021.0025)","UNXKM",5.26]
["04.021.0010-0","CARGA E DESCARGA MANUAL DE ANDAIME TUBULAR,INCLUSIVE TEMPO DE ESPERA DO CAMINHAO,CONSIDERANDO-SE A AREA DE PROJECAO VERTICAL","M2",1.07,null,"04.021.0010-A","CARGA E DESCARGA MANUAL DE ANDAIME TUBULAR,INCLUSIVE TEMPO DE ESPERA DO CAMINHAO,CONSIDERANDO-SE A AREA DE PROJECAO VERTICAL","M2",1.03]
["04.021.0015-0","CARGA E DESCARGA MANUAL DE ANDAIME SUSPENSO,INCLUSIVE TEMPODE ESPERA DO CAMINHAO","UN",20.71,null,"04.021.0015-A","CARGA E DESCARGA MANUAL DE ANDAIME SUSPENSO,INCLUSIVE TEMPODE ESPERA DO CAMINHAO","UN",19.850000000000001]
["04.021.0025-0","CARGA E DESCARGA MANUAL DE ELEVADOR DE OBRAS,INCLUSIVE TEMPODE ESPERA DO CAMINHAO REFERENTE AO ITEM 04.020.0136","UN",205.72,null,"04.021.0025-A","CARGA E DESCARGA MANUAL DE ELEVADOR DE OBRAS,INCLUSIVE TEMPODE ESPERA DO CAMINHAO REFERENTE AO ITEM 04.020.0136","UN",197.87]
["04.025.0200-0","TRANSPORTE ATE 25KM,MONTAGEM E DESMONTAGEM DE BATE-ESTACAS COM MARTELO PESANDO ATE 1,5T,COM OU SEM TORRE,INCLUSIVE HORASIMPRODUTIVAS DA EQUIPE E DO EQUIPAMENTO NA IDA,VOLTA,NA MONTAGEM E NA DESMONTAGEM.PARA DISTANCIA ALEM DE 25KM ACRESCENTAR 0,6% PARA CADA KM ADICIONAL","UN",20793.169999999998,null,"04.025.0200-A","TRANSPORTE ATE 25KM,MONTAGEM E DESMONTAGEM DE BATE-ESTACAS COM MARTELO PESANDO ATE 1,5T,COM OU SEM TORRE,INCLUSIVE HORASIMPRODUTIVAS DA EQUIPE E DO EQUIPAMENTO NA IDA,VOLTA,NA MONTAGEM E NA DESMONTAGEM.PARA DISTANCIA ALEM DE 25KM ACRESCENTAR 0,6% PARA CADA KM ADICIONAL","UN",20273.03]
["04.025.0205-0","TRANSPORTE ATE 25KM,MONTAGEM E DESMONTAGEM DE BATE-ESTACAS COM MARTELO PESANDO ATE 2,5T,COM TORRE,INCLUSIVE HORAS IMPRODUTIVAS DA EQUIPE E DO EQUIPAMENTO NA IDA,VOLTA,NA MONTAGEM ENA DESMONTAGEM.PARA DISTANCIA ALEM DE 25KM,ACRESCENTAR 0,5%PARA CADA KM ADICIONAL","UN",30858.639999999999,null,"04.025.0205-A","TRANSPORTE ATE 25KM,MONTAGEM E DESMONTAGEM DE BATE-ESTACAS COM MARTELO PESANDO ATE 2,5T,COM TORRE,INCLUSIVE HORAS IMPRODUTIVAS DA EQUIPE E DO EQUIPAMENTO NA IDA,VOLTA,NA MONTAGEM ENA DESMONTAGEM.PARA DISTANCIA ALEM DE 25KM,ACRESCENTAR 0,5%PARA CADA KM ADICIONAL","UN",30096.92]
["04.025.0210-0","TRANSPORTE ATE 25KM,MONTAGEM E DESMONTAGEM DE BATE-ESTACAS TIPO \"FRANKI\"(MAQUINA XVII) COM TORRE,COM OU SEM TUBULACAO NECESSARIA PARA EXECUCAO DE ESTACAS \"IN SITU\",INCLUSIVE HORASIMPRODUTIVAS DA EQUIPE E DO EQUIPAMENTO DA IDA,VOLTA,NA MONTAGEM E NA DESMONTAGEM.PARA DISTANCIA ALEM DE 25KM,ACRESCENTAR 0,5% PARA CADA KM ADICIONAL","UN",38923.82,null,"04.025.0210-A","TRANSPORTE ATE 25KM,MONTAGEM E DESMONTAGEM DE BATE-ESTACAS TIPO \"FRANKI\"(MAQUINA XVII) COM TORRE,COM OU SEM TUBULACAO NECESSARIA PARA EXECUCAO DE ESTACAS \"IN SITU\",INCLUSIVE HORASIMPRODUTIVAS DA EQUIPE E DO EQUIPAMENTO DA IDA,VOLTA,NA MONTAGEM E NA DESMONTAGEM.PARA DISTANCIA ALEM DE 25KM,ACRESCENTAR 0,5% PARA CADA KM ADICIONAL","UN",37906.080000000002]
["04.025.0215-0","TRANSPORTE ATE 25KM,MONTAGEM E DESMONTAGEM DE BATE-ESTACAS TIPO \"FRANKI\"(MAQUINA XIII) COM TORRE,COM OU SEM TUBULACAO NECESSARIA PARA EXECUCAO DE ESTACAS \"IN SITU\",INCLUSIVE HORASIMPRODUTIVAS DA EQUIPE E DO EQUIPAMENTO NA IDA,VOLTA,NA MONTAGEM E NA DESMONTAGEM.PARA DISTANCIA ALEM DE 25KM,ACRESCENTAR 0,5% PARA CADA KM ADICIONAL","UN",47606.67,null,"04.025.0215-A","TRANSPORTE ATE 25KM,MONTAGEM E DESMONTAGEM DE BATE-ESTACAS TIPO \"FRANKI\"(MAQUINA XIII) COM TORRE,COM OU SEM TUBULACAO NECESSARIA PARA EXECUCAO DE ESTACAS \"IN SITU\",INCLUSIVE HORASIMPRODUTIVAS DA EQUIPE E DO EQUIPAMENTO NA IDA,VOLTA,NA MONTAGEM E NA DESMONTAGEM.PARA DISTANCIA ALEM DE 25KM,ACRESCENTAR 0,5% PARA CADA KM ADICIONAL","UN",46152.83]
["05.001.0001-0","DEMOLICAO MANUAL DE CONCRETO SIMPLES COM EMPILHAMENTO LATERAL DENTRO DO CANTEIRO DE SERVICO","M3",299.69,null,"05.001.0001-A","DEMOLICAO MANUAL DE CONCRETO SIMPLES COM EMPILHAMENTO LATERAL DENTRO DO CANTEIRO DE SERVICO","M3",279.58]
["05.001.0002-1","DEMOLICAO MANUAL DE CONCRETO ARMADO COMPREENDENDO PILARES,VIGAS E LAJES,EM ESTRUTURA APRESENTANDO POSICAO ESPECIAL,INCLUSIVE EMPILHAMENTO LATERAL DENTRO DO CANTEIRO DE SERVICO","M3",414.94,null,"05.001.0002-B","DEMOLICAO MANUAL DE CONCRETO ARMADO COMPREENDENDO PILARES,VIGAS E LAJES,EM ESTRUTURA APRESENTANDO POSICAO ESPECIAL,INCLUSIVE EMPILHAMENTO LATERAL DENTRO DO CANTEIRO DE SERVICO","M3",387.1]
["05.001.0005-0","DEMOLICAO MANUAL DE ALVENARIA DE PEDRA ARGAMASSADA,INCLUSIVEEMPILHAMENTO LATERAL DENTRO DO CANTEIRO DE SERVICO","M3",174.05,null,"05.001.0005-A","DEMOLICAO MANUAL DE ALVENARIA DE PEDRA ARGAMASSADA,INCLUSIVEEMPILHAMENTO LATERAL DENTRO DO CANTEIRO DE SERVICO","M3",162.37]
["05.001.0006-0","DEMOLICAO MANUAL DE ALVENARIA DE PEDRA SECA,INCLUSIVE EMPILHAMENTO DENTRO DO CANTEIRO DE SERVICO","M3",87.75,null,"05.001.0006-A","DEMOLICAO MANUAL DE ALVENARIA DE PEDRA SECA,INCLUSIVE EMPILHAMENTO DENTRO DO CANTEIRO DE SERVICO","M3",81.86]
["05.001.0007-0","DEMOLICAO DE REVESTIMENTO EM ARGAMASSA DE CAL E AREIA OU CIMENTO E SAIBRO","M2",10.96,null,"05.001.0007-A","DEMOLICAO DE REVESTIMENTO EM ARGAMASSA DE CAL E AREIA OU CIMENTO E SAIBRO","M2",10.23]
["05.001.0008-0","DEMOLICAO DE REVESTIMENTO EM ARGAMASSA DE CIMENTO E AREIA EMPAREDE","M2",32.9,null,"05.001.0008-A","DEMOLICAO DE REVESTIMENTO EM ARGAMASSA DE CIMENTO E AREIA EMPAREDE","M2",30.69]
["05.001.0009-0","DEMOLICAO DE REVESTIMENTO EM AZULEJOS,CERAMICAS OU MARMORE EM PAREDE,EXCLUSIVE A CAMADA DE ASSENTAMENTO","M2",26.32,null,"05.001.0009-A","DEMOLICAO DE REVESTIMENTO EM AZULEJOS,CERAMICAS OU MARMORE EM PAREDE,EXCLUSIVE A CAMADA DE ASSENTAMENTO","M2",24.55]
["05.001.0010-0","DEMOLICAO DE FILME (PELICULA) DE IMPERMEABILIZACAO E RESPECTIVA TELA DE POLIESTER.VIDE ITEM 05.001.0162","M2",20.58,null,"05.001.0010-A","DEMOLICAO DE FILME (PELICULA) DE IMPERMEABILIZACAO E RESPECTIVA TELA DE POLIESTER.VIDE ITEM 05.001.0162","M2",19.2]
["05.001.0011-0","DEMOLICAO DE REVESTIMENTO DE PASTILHA,A PONTEIRO,COM RESPECTIVA CAMADA DE ARGAMASSA DE ASSENTAMENTO,INCLUSIVE EMPILHAMENTO LATERAL DENTRO DO CANTEIRO DE SERVICO","M2",14.61,null,"05.001.0011-A","DEMOLICAO DE REVESTIMENTO DE PASTILHA,A PONTEIRO,COM RESPECTIVA CAMADA DE ARGAMASSA DE ASSENTAMENTO,INCLUSIVE EMPILHAMENTO LATERAL DENTRO DO CANTEIRO DE SERVICO","M2",13.63]
["05.001.0012-0","DEMOLICAO DE REVESTIMENTO DE ARGAMASSA DE CIMENTO E AREIA EIMPERMEABILIZANTE EM RESERVATORIOS OU OUTRA SUPERFICIE DE CONCRETO,INCLUSIVE LIMPEZA COM ESCOVA DE ACO,EXCLUSIVE JATO DEAREIA,AGUA OU AR.VIDE ITEM 05.004.0011","M2",59.23,null,"05.001.0012-A","DEMOLICAO DE REVESTIMENTO DE ARGAMASSA DE CIMENTO E AREIA EIMPERMEABILIZANTE EM RESERVATORIOS OU OUTRA SUPERFICIE DE CONCRETO,INCLUSIVE LIMPEZA COM ESCOVA DE ACO,EXCLUSIVE JATO DEAREIA,AGUA OU AR.VIDE ITEM 05.004.0011","M2",55.25]
["05.001.0013-0","DEMOLICAO A PONTEIRO DE ARREMATE DE PATIO CIMENTADO PARA REEXECUCAO DO MESMO,EXCLUSIVE ESTA REEXECUCAO","M2",29.83,null,"05.001.0013-A","DEMOLICAO A PONTEIRO DE ARREMATE DE PATIO CIMENTADO PARA REEXECUCAO DO MESMO,EXCLUSIVE ESTA REEXECUCAO","M2",27.83]
["05.001.0014-0","DEMOLICAO DE ARGAMASSA DE ASSENTAMENTO DE AZULEJO,CERAMICA OU MARMORE EM PAREDE,INCLUSIVE EMPILHAMENTO LATERAL DENTRO DOCANTEIRO DE SERVICO","M2",10.96,null,"05.001.0014-A","DEMOLICAO DE ARGAMASSA DE ASSENTAMENTO DE AZULEJO,CERAMICA OU MARMORE EM PAREDE,INCLUSIVE EMPILHAMENTO LATERAL DENTRO DOCANTEIRO DE SERVICO","M2",10.23]
["05.001.0015-0","DEMOLICAO DE PISO DE LADRILHO COM RESPECTIVA CAMADA DE ARGAMASSA DE ASSENTAMENTO,INCLUSIVE EMPILHAMENTO LATERAL DENTRO DO CANTEIRO DE SERVICO","M2",21.42,null,"05.001.0015-A","DEMOLICAO DE PISO DE LADRILHO COM RESPECTIVA CAMADA DE ARGAMASSA DE ASSENTAMENTO,INCLUSIVE EMPILHAMENTO LATERAL DENTRO DO CANTEIRO DE SERVICO","M2",19.989999999999998]
["05.001.0016-0","DEMOLICAO MANUAL DE PISO CIMENTADO,EXCLUSIVE A BASE DE CONCRETO,INCLUSIVE EMPILHAMENTO LATERAL DENTRO DO CANTEIRO DE SERVICO","M2",15.35,null,"05.001.0016-A","DEMOLICAO MANUAL DE PISO CIMENTADO,EXCLUSIVE A BASE DE CONCRETO,INCLUSIVE EMPILHAMENTO LATERAL DENTRO DO CANTEIRO DE SERVICO","M2",14.32]
["05.001.0017-0","DEMOLICAO MANUAL DE PAVIMENTACAO DE CONCRETO ASFALTICO DE 5CM DE ESPESSURA","M2",28.52,null,"05.001.0017-A","DEMOLICAO MANUAL DE PAVIMENTACAO DE CONCRETO ASFALTICO DE 5CM DE ESPESSURA","M2",26.6]
["05.001.0018-0","DEMOLICAO MANUAL DE PISO CIMENTADO E DA RESPECTIVA BASE DE CONCRETO,OU PASSEIO DE CONCRETO,INCLUSIVE EMPILHAMENTO LATERAL DENTRO DO CANTEIRO DE SERVICO","M2",29.83,null,"05.001.0018-A","DEMOLICAO MANUAL DE PISO CIMENTADO E DA RESPECTIVA BASE DE CONCRETO,OU PASSEIO DE CONCRETO,INCLUSIVE EMPILHAMENTO LATERAL DENTRO DO CANTEIRO DE SERVICO","M2",27.83]
["05.001.0019-0","DEMOLICAO MANUAL DE PAVIMENTACAO DE MACADAME BETUMINOSO,INCLUSIVE EMPILHAMENTO LATERAL DENTRO DO CANTEIRO DE SERVICO","M3",81.17,null,"05.001.0019-A","DEMOLICAO MANUAL DE PAVIMENTACAO DE MACADAME BETUMINOSO,INCLUSIVE EMPILHAMENTO LATERAL DENTRO DO CANTEIRO DE SERVICO","M3",75.72]
["05.001.0020-0","DEMOLICAO DE PISO DE MARMORE,SOLEIRAS,PEITORIS E ESCADAS COMRESPECTIVA CAMADA DE ARGAMASSA DE ASSENTAMENTO,INCLUSIVE EMPILHAMENTO LATERAL DENTRO DO CANTEIRO DE SERVICO","M2",13.39,null,"05.001.0020-A","DEMOLICAO DE PISO DE MARMORE,SOLEIRAS,PEITORIS E ESCADAS COMRESPECTIVA CAMADA DE ARGAMASSA DE ASSENTAMENTO,INCLUSIVE EMPILHAMENTO LATERAL DENTRO DO CANTEIRO DE SERVICO","M2",12.49]
["05.001.0021-0","DEMOLICAO A PONTEIRO,DE BASE SUPORTE,CONTRAPISO,CAMADA REGULARIZADORA OU DE ASSENTAMENTO DE TACOS,CERAMICAS E AZULEJOS,COM ESPESSURA ATE 4CM","M2",32.9,null,"05.001.0021-A","DEMOLICAO A PONTEIRO,DE BASE SUPORTE,CONTRAPISO,CAMADA REGULARIZADORA OU DE ASSENTAMENTO DE TACOS,CERAMICAS E AZULEJOS,COM ESPESSURA ATE 4CM","M2",30.69]
["05.001.0022-0","DEMOLICAO DE ESTRUTURA DE CONCRETO CELULAR(LAJES,VIGAS,ETC)","M3",32.9,null,"05.001.0022-A","DEMOLICAO DE ESTRUTURA DE CONCRETO CELULAR(LAJES,VIGAS,ETC)","M3",30.69]
["05.001.0023-0","DEMOLICAO MANUAL DE ALVENARIA DE TIJOLOS FURADOS,INCLUSIVE EMPILHAMENTO LATERAL DENTRO DO CANTEIRO DE SERVICO","M3",112.38,null,"05.001.0023-A","DEMOLICAO MANUAL DE ALVENARIA DE TIJOLOS FURADOS,INCLUSIVE EMPILHAMENTO LATERAL DENTRO DO CANTEIRO DE SERVICO","M3",104.84]
["05.001.0024-0","DEMOLICAO MANUAL DE ALVENARIA DE TIJOLOS MACICOS,INCLUSIVE EMPILHAMENTO LATERAL DENTRO DO CANTEIRO DE SERVICO","M3",137.35,null,"05.001.0024-A","DEMOLICAO MANUAL DE ALVENARIA DE TIJOLOS MACICOS,INCLUSIVE EMPILHAMENTO LATERAL DENTRO DO CANTEIRO DE SERVICO","M3",128.13999999999999]
["05.001.0025-0","DEMOLICAO MANUAL DE ALVENARIA DE BLOCOS DE CONCRETO,INCLUSIVE EMPILHAMENTO LATERAL DENTRO DO CANTEIRO DE SERVICO","M3",218.48,null,"05.001.0025-A","DEMOLICAO MANUAL DE ALVENARIA DE BLOCOS DE CONCRETO,INCLUSIVE EMPILHAMENTO LATERAL DENTRO DO CANTEIRO DE SERVICO","M3",203.84]
["05.001.0027-0","DEMOLICAO MANUAL DE LAJE PRE-FABRICADA COMPOSTA DE TIJOLOSCERAMICOS,VIGOTAS,ARMACAO E CAMADA DE CAPEAMENTO,INCLUSIVEEMPILHAMENTO LATERAL DENTRO DO CANTEIRO DE SERVICO","M3",510.3,null,"05.001.0027-A","DEMOLICAO MANUAL DE LAJE PRE-FABRICADA COMPOSTA DE TIJOLOSCERAMICOS,VIGOTAS,ARMACAO E CAMADA DE CAPEAMENTO,INCLUSIVEEMPILHAMENTO LATERAL DENTRO DO CANTEIRO DE SERVICO","M3",476.12]
["05.001.0031-0","DEMOLICAO DE PISO DE ALTA RESISTENCIA,EXCLUSIVE CAMADA DE ASSENTAMENTO(CONTRAPISO)","M2",32.9,null,"05.001.0031-A","DEMOLICAO DE PISO DE ALTA RESISTENCIA,EXCLUSIVE CAMADA DE ASSENTAMENTO(CONTRAPISO)","M2",30.69]
["05.001.0033-0","DEMOLICAO MANUAL DE CONCRETO ARMADO ESTANDO AS PECAS EM POSICAO ESPECIAL SOBRE O TERRENO OU PLANO HORIZONTAL DE TRABALHO","M3",415.69,null,"05.001.0033-A","DEMOLICAO MANUAL DE CONCRETO ARMADO ESTANDO AS PECAS EM POSICAO ESPECIAL SOBRE O TERRENO OU PLANO HORIZONTAL DE TRABALHO","M3",387.84]
["05.001.0035-0","DEMOLICAO DE RODAPE DE ALTA RESISTENCIA","M",9.65,null,"05.001.0035-A","DEMOLICAO DE RODAPE DE ALTA RESISTENCIA","M",9]
["05.001.0039-0","DEMOLICAO DE DIVISORIAS DE PLACAS DE MARMORITE OU CONCRETO","M2",17.55,null,"05.001.0039-A","DEMOLICAO DE DIVISORIAS DE PLACAS DE MARMORITE OU CONCRETO","M2",16.37]
["05.001.0040-0","REMOCAO DE COBERTURA EM TELHAS DE ALUMINIO,EXCLUSIVE SUPORTE,ESTRUTURA OU MADEIRAMENTO,MEDIDA PELA AREA REAL DE COBERTURA","M2",10.45,null,"05.001.0040-A","REMOCAO DE COBERTURA EM TELHAS DE ALUMINIO,EXCLUSIVE SUPORTE,ESTRUTURA OU MADEIRAMENTO,MEDIDA PELA AREA REAL DE COBERTURA","M2",9.75]
["05.001.0041-0","REMOCAO DE COBERTURA EM TELHAS DE FIBROCIMENTO CONVENCIONAL,ONDULADA,INCLUSIVE MADEIRAMENTO,MEDIDO O CONJUNTO PELA AREAREAL DE COBERTURA","M2",19.079999999999998,null,"05.001.0041-A","REMOCAO DE COBERTURA EM TELHAS DE FIBROCIMENTO CONVENCIONAL,ONDULADA,INCLUSIVE MADEIRAMENTO,MEDIDO O CONJUNTO PELA AREAREAL DE COBERTURA","M2",17.8]
["05.001.0042-0","REMOCAO DE COBERTURA DE TELHAS DE FIBROCIMENTO CONVENCIONAL,ONDULADA,EXCLUSIVE MADEIRAMENTO,MEDIDA PELA AREA REAL DA COBERTURA","M2",13.38,null,"05.001.0042-A","REMOCAO DE COBERTURA DE TELHAS DE FIBROCIMENTO CONVENCIONAL,ONDULADA,EXCLUSIVE MADEIRAMENTO,MEDIDA PELA AREA REAL DA COBERTURA","M2",12.49]
["05.001.0043-0","REMOCAO DE COBERTURA EM TELHAS COLONIAIS,MEDIDA PELA AREA REAL DE COBERTURA,EXCLUSIVE MADEIRAMENTO","M2",23.01,null,"05.001.0043-A","REMOCAO DE COBERTURA EM TELHAS COLONIAIS,MEDIDA PELA AREA REAL DE COBERTURA,EXCLUSIVE MADEIRAMENTO","M2",21.46]
["05.001.0044-0","REMOCAO DE COBERTURA EM TELHAS FRANCESAS,MEDIDA PELA AREA REAL DE COBERTURA,EXCLUSIVE MADEIRAMENTO","M2",17.809999999999999,null,"05.001.0044-A","REMOCAO DE COBERTURA EM TELHAS FRANCESAS,MEDIDA PELA AREA REAL DE COBERTURA,EXCLUSIVE MADEIRAMENTO","M2",16.62]
["05.001.0045-0","REMOCAO DE COBERTURA EM TELHAS DE FIBROCIMENTO,TIPO CALHA,COM 90CM DE LARGURA,INCLUSIVE MADEIRAMENTO,MEDIDO O CONJUNTO PELA AREA REAL DE COBERTURA","M2",15.81,null,"05.001.0045-A","REMOCAO DE COBERTURA EM TELHAS DE FIBROCIMENTO,TIPO CALHA,COM 90CM DE LARGURA,INCLUSIVE MADEIRAMENTO,MEDIDO O CONJUNTO PELA AREA REAL DE COBERTURA","M2",14.75]
["05.001.0046-0","REMOCAO DE COBERTURA EM TELHAS DE FIBROCIMENTO,TIPO CALHA COM 90CM DE LARGURA,OU METALICA,MEDIDA PELA AREA REAL DE COBERTURA,EXCLUSIVE MADEIRAMENTO","M2",11.08,null,"05.001.0046-A","REMOCAO DE COBERTURA EM TELHAS DE FIBROCIMENTO,TIPO CALHA COM 90CM DE LARGURA,OU METALICA,MEDIDA PELA AREA REAL DE COBERTURA,EXCLUSIVE MADEIRAMENTO","M2",10.33]
["05.001.0047-0","REMOCAO DE COBERTURA EM TELHAS DE FIBROCIMENTO TIPO CALHA,COM 43 OU 49CM DE LARGURA,INCLUSIVE MADEIRAMENTO,MEDIDO PELA AREA REAL DE COBERTURA","M2",17.09,null,"05.001.0047-A","REMOCAO DE COBERTURA EM TELHAS DE FIBROCIMENTO TIPO CALHA,COM 43 OU 49CM DE LARGURA,INCLUSIVE MADEIRAMENTO,MEDIDO PELA AREA REAL DE COBERTURA","M2",15.95]
["05.001.0048-0","REMOCAO DE COBERTURA EM TELHAS DE FIBROCIMENTO,TIPO CALHA,COM 43 OU 49CM DE LARGURA,EXCLUSIVE MADEIRAMENTO,MEDIDO PELA AREA REAL DA COBERTURA","M2",14.4,null,"05.001.0048-A","REMOCAO DE COBERTURA EM TELHAS DE FIBROCIMENTO,TIPO CALHA,COM 43 OU 49CM DE LARGURA,EXCLUSIVE MADEIRAMENTO,MEDIDO PELA AREA REAL DA COBERTURA","M2",13.43]
["05.001.0049-0","REMOCAO DE MADEIRAMENTO DE TELHADO EM TELHA CERAMICA","M2",39.21,null,"05.001.0049-A","REMOCAO DE MADEIRAMENTO DE TELHADO EM TELHA CERAMICA","M2",36.590000000000003]
["05.001.0050-0","REMOCAO DE COBERTURA EM TELHAS COLONIAIS,INCLUSIVE MADEIRAMENTO,MEDIDO O CONJUNTO PELA AREA REAL DE COBERTURA","M2",44.53,null,"05.001.0050-A","REMOCAO DE COBERTURA EM TELHAS COLONIAIS,INCLUSIVE MADEIRAMENTO,MEDIDO O CONJUNTO PELA AREA REAL DE COBERTURA","M2",41.55]
["05.001.0051-0","REMOCAO DE COBERTURA EM TELHAS DE ARDOSIA,INCLUSIVE MADEIRAMENTO,MEDIDO O CONJUNTO PELA AREA REAL DE COBERTURA","M2",89.07,null,"05.001.0051-A","REMOCAO DE COBERTURA EM TELHAS DE ARDOSIA,INCLUSIVE MADEIRAMENTO,MEDIDO O CONJUNTO PELA AREA REAL DE COBERTURA","M2",83.1]
["05.001.0052-0","REMOCAO DE COBERTURA EM TELHAS FRANCESAS,INCLUSIVE MADEIRAMENTO,MEDIDO O CONJUNTO PELA AREA REAL DE COBERTURA","M2",40.82,null,"05.001.0052-A","REMOCAO DE COBERTURA EM TELHAS FRANCESAS,INCLUSIVE MADEIRAMENTO,MEDIDO O CONJUNTO PELA AREA REAL DE COBERTURA","M2",38.090000000000003]
["05.001.0055-0","REMOCAO DE FORRO DE ESTUQUE,GESSO,PLACAS PRENSADAS E SEMELHANTES","M2",15.35,null,"05.001.0055-A","REMOCAO DE FORRO DE ESTUQUE,GESSO,PLACAS PRENSADAS E SEMELHANTES","M2",14.32]
["05.001.0056-0","REMOCAO MANUAL CUIDADOSA DA CAMADA DE CAPEAMENTO DE CONCRETOARMADO,VISANDO EXPOSICAO DA ARMADURA,USANDO CINZEL,PONTEIROE ESCOVA DE ACO","M3",4322.54,null,"05.001.0056-A","REMOCAO MANUAL CUIDADOSA DA CAMADA DE CAPEAMENTO DE CONCRETOARMADO,VISANDO EXPOSICAO DA ARMADURA,USANDO CINZEL,PONTEIROE ESCOVA DE ACO","M3",4033.07]
["05.001.0057-0","REMOCAO MANUAL CUIDADOSA DA CAMADA DE CAPEAMENTO DE CONCRETOARMADO,VISANDO EXPOSICAO DA ARMADURA,USANDO CINZEL,PONTEIROE ESCOVA DE ACO,PARA ESPESSURA DE 3CM","M2",129.68,null,"05.001.0057-A","REMOCAO MANUAL CUIDADOSA DA CAMADA DE CAPEAMENTO DE CONCRETOARMADO,VISANDO EXPOSICAO DA ARMADURA,USANDO CINZEL,PONTEIROE ESCOVA DE ACO,PARA ESPESSURA DE 3CM","M2",121]
["05.001.0058-0","REMOCAO MANUAL CUIDADOSA DA CAMADA DE CAPEAMENTO DE CONCRETOARMADO,VISANDO EXPOSICAO DA ARMADURA,USANDO CINZEL,PONTEIROE ESCOVA DE ACO,PARA ESPESSURA DE 5CM","M2",216.49,null,"05.001.0058-A","REMOCAO MANUAL CUIDADOSA DA CAMADA DE CAPEAMENTO DE CONCRETOARMADO,VISANDO EXPOSICAO DA ARMADURA,USANDO CINZEL,PONTEIROE ESCOVA DE ACO,PARA ESPESSURA DE 5CM","M2",201.99]
["05.001.0059-0","REMOCAO MANUAL DE PISO DE PEDRA PORTUGUESA,INCLUSIVE BASE DEASSENTAMENTO","M2",23.03,null,"05.001.0059-A","REMOCAO MANUAL DE PISO DE PEDRA PORTUGUESA,INCLUSIVE BASE DEASSENTAMENTO","M2",21.48]
["05.001.0060-0","REMOCACO MANUAL DE PASSEIO DE PEDRA PORTUGUESA","M2",12.06,null,"05.001.0060-A","REMOCACO MANUAL DE PASSEIO DE PEDRA PORTUGUESA","M2",11.25]
["05.001.0061-0","REMOCAO MANUAL DE PAVIMENTACAO DE LAJOES DE GRANITO EM PASSEIO","M2",26.32,null,"05.001.0061-A","REMOCAO MANUAL DE PAVIMENTACAO DE LAJOES DE GRANITO EM PASSEIO","M2",24.55]
["05.001.0062-0","REMOCAO DE PLAQUEAMENTO DE CONCRETO","M2",7.67,null,"05.001.0062-A","REMOCAO DE PLAQUEAMENTO DE CONCRETO","M2",7.16]
["05.001.0063-0","REMOCAO CUIDADOSA DE CAMADA DE PROTECAO DE IMPERMEABILIZACAO","M2",27.42,null,"05.001.0063-A","REMOCAO CUIDADOSA DE CAMADA DE PROTECAO DE IMPERMEABILIZACAO","M2",25.58]
["05.001.0064-0","REMOCAO DE CAMADA DE ISOLAMENTO TERMICO DE TERRACO OU DE ENCHIMENTO EM BANHEIROS,ETC","M2",46.07,null,"05.001.0064-A","REMOCAO DE CAMADA DE ISOLAMENTO TERMICO DE TERRACO OU DE ENCHIMENTO EM BANHEIROS,ETC","M2",42.97]
["05.001.0065-0","REMOCAO DE FORRO OU LAMBRI DE FRISOS DE MADEIRA OU PVC,PLACAS DE AGLOMERADO PRENSADO OU SEMELHANTES,INCLUSIVE O ENGRADAMAMENTO","M2",9.8699999999999992,null,"05.001.0065-A","REMOCAO DE FORRO OU LAMBRI DE FRISOS DE MADEIRA OU PVC,PLACAS DE AGLOMERADO PRENSADO OU SEMELHANTES,INCLUSIVE O ENGRADAMAMENTO","M2",9.1999999999999993]
["05.001.0066-0","REMOCAO MANUAL DE MATERIAL ROCHOSO,EM BLOCOS DE 15KG,A 1,50MDE ALTURA,REFERINDO-SE O CUSTO AO MATERIAL SOLTO","M3",29.61,null,"05.001.0066-A","REMOCAO MANUAL DE MATERIAL ROCHOSO,EM BLOCOS DE 15KG,A 1,50MDE ALTURA,REFERINDO-SE O CUSTO AO MATERIAL SOLTO","M3",27.62]
["05.001.0067-0","REMOCAO MANUAL DE MATERIAL ROCHOSO,EM BLOCOS ATE 15KG,A 2,50M DE DISTANCIA,REFERINDO-SE O CUSTO AO MATERIAL SOLTO","M3",21.93,null,"05.001.0067-A","REMOCAO MANUAL DE MATERIAL ROCHOSO,EM BLOCOS ATE 15KG,A 2,50M DE DISTANCIA,REFERINDO-SE O CUSTO AO MATERIAL SOLTO","M3",20.46]
["05.001.0068-0","REMOCAO,A PA,DE CASCALHO E PO DE MATERIAL ROCHOSO,A 1,50M DEALTURA","M3",43.87,null,"05.001.0068-A","REMOCAO,A PA,DE CASCALHO E PO DE MATERIAL ROCHOSO,A 1,50M DEALTURA","M3",40.93]
["05.001.0069-0","REMOCAO,A PA,DE CASCALHO E PO DE MATERIAL ROCHOSO,A 2,50M DEDISTANCIA","M3",19.739999999999998,null,"05.001.0069-A","REMOCAO,A PA,DE CASCALHO E PO DE MATERIAL ROCHOSO,A 2,50M DEDISTANCIA","M3",18.41]
["05.001.0070-0","REMOCAO DE PAVIMENTACAO DE LAJOTAS DE CONCRETO,ALTAMENTE VIBRADO,INTERTRAVADO,PRE-FABRICADO","M2",7.67,null,"05.001.0070-A","REMOCAO DE PAVIMENTACAO DE LAJOTAS DE CONCRETO,ALTAMENTE VIBRADO,INTERTRAVADO,PRE-FABRICADO","M2",7.16]
["05.001.0071-0","REMOCAO CUIDADOSA DE PEITORIS,SOLEIRAS OU CHAPINS","M",75.88,null,"05.001.0071-A","REMOCAO CUIDADOSA DE PEITORIS,SOLEIRAS OU CHAPINS","M",70.81]
["05.001.0072-0","REMOCAO DE CALHAS E CONDUTORES","M",4.38,null,"05.001.0072-A","REMOCAO DE CALHAS E CONDUTORES","M",4.09]
["05.001.0073-0","REMOCAO DE PLACAS DE PISO VINILICO OU DE BORRACHA SINTETICA","M2",7.67,null,"05.001.0073-A","REMOCAO DE PLACAS DE PISO VINILICO OU DE BORRACHA SINTETICA","M2",7.16]
["05.001.0074-0","REMOCAO DE FORRO OU LAMBRI DE FRISOS DE MADEIRA OU PVC,PLACAS DE AGLOMERADO PRENSADO OU SEMELHANTES,EXCLUSIVE O ENGRADAMENTO","M2",6.58,null,"05.001.0074-A","REMOCAO DE FORRO OU LAMBRI DE FRISOS DE MADEIRA OU PVC,PLACAS DE AGLOMERADO PRENSADO OU SEMELHANTES,EXCLUSIVE O ENGRADAMENTO","M2",6.13]
["05.001.0075-0","REMOCAO DE PISO DE TACOS,INCLUSIVE CAMADA DE ARGAMASSA DE ASSENTAMENTO","M2",15.35,null,"05.001.0075-A","REMOCAO DE PISO DE TACOS,INCLUSIVE CAMADA DE ARGAMASSA DE ASSENTAMENTO","M2",14.32]
["05.001.0076-0","REMOCAO DE DIVISORIAS DE MADEIRA,PRE-MOLDADAS,PRENSADAS OU SEMELHANTES","M2",10.96,null,"05.001.0076-A","REMOCAO DE DIVISORIAS DE MADEIRA,PRE-MOLDADAS,PRENSADAS OU SEMELHANTES","M2",10.23]
["05.001.0077-0","REMOCAO DE ESCADA DE MADEIRA","M",74.23,null,"05.001.0077-A","REMOCAO DE ESCADA DE MADEIRA","M",69.25]
["05.001.0078-0","REMOCAO DE RODAPES DE MADEIRA,CERAMICA OU SEMELHANTE","M",2.74,null,"05.001.0078-A","REMOCAO DE RODAPES DE MADEIRA,CERAMICA OU SEMELHANTE","M",2.5499999999999998]
["05.001.0079-0","REMOCAO DE FRISOS DE ASSOALHO,EXCLUSIVE BARROTES OU GRAZEPES","M2",8.2200000000000006,null,"05.001.0079-A","REMOCAO DE FRISOS DE ASSOALHO,EXCLUSIVE BARROTES OU GRAZEPES","M2",7.67]
["05.001.0080-0","REMOCAO DE CARPETE OU TAPETE COLADO NO PISO,INCLUSIVE LIMPEZA DE RESIDUO DE COLA COM PALHA DE ACO","M2",17.55,null,"05.001.0080-A","REMOCAO DE CARPETE OU TAPETE COLADO NO PISO,INCLUSIVE LIMPEZA DE RESIDUO DE COLA COM PALHA DE ACO","M2",16.37]
["05.001.0081-0","REMOCAO DE RIPAS,SEM APROVEITAMENTO DE MATERIAL RETIRADO","M",1.53,null,"05.001.0081-A","REMOCAO DE RIPAS,SEM APROVEITAMENTO DE MATERIAL RETIRADO","M",1.43]
["05.001.0082-0","REMOCAO DE PISO DE ARDOSIA,PEDRA SAO TOME,COM A RESPECTIVA CAMADA DE ASSENTAMENTO","M2",15.35,null,"05.001.0082-A","REMOCAO DE PISO DE ARDOSIA,PEDRA SAO TOME,COM A RESPECTIVA CAMADA DE ASSENTAMENTO","M2",14.32]
["05.001.0083-0","REMOCAO DE PLACAS DE MURO PRE-MOLDADO,COM APROVEITAMENTO DOMATERIAL","M2",10.96,null,"05.001.0083-A","REMOCAO DE PLACAS DE MURO PRE-MOLDADO,COM APROVEITAMENTO DOMATERIAL","M2",10.23]
["05.001.0084-0","REMOCAO DE PISO DE MARMORE OU GRANITO","M2",12.06,null,"05.001.0084-A","REMOCAO DE PISO DE MARMORE OU GRANITO","M2",11.25]
["05.001.0085-0","REMOCAO A PA,DE CASCALHO OU LAMA A 1,50M DE ALTURA EM LOGRADOURO(BECO) DE ATE 2,00M,EM FAVELAS","M3",50.45,null,"05.001.0085-A","REMOCAO A PA,DE CASCALHO OU LAMA A 1,50M DE ALTURA EM LOGRADOURO(BECO) DE ATE 2,00M,EM FAVELAS","M3",47.07]
["05.001.0086-0","REMOCAO DE TERRA OU ENTULHO,A PA,ATE A DISTANCIA HORIZONTALDE 5,00M","M3",32.9,null,"05.001.0086-A","REMOCAO DE TERRA OU ENTULHO,A PA,ATE A DISTANCIA HORIZONTALDE 5,00M","M3",30.69]
["05.001.0087-0","REMOCAO DE PAPEL DE PAREDE,INCLUSIVE LIMPEZA DO EXCESSO DE COLA NA PAREDE","M2",4.38,null,"05.001.0087-A","REMOCAO DE PAPEL DE PAREDE,INCLUSIVE LIMPEZA DO EXCESSO DE COLA NA PAREDE","M2",4.09]
["05.001.0088-0","REMOCAO DE PISO ELEVADO EM PLACAS","M2",12.06,null,"05.001.0088-A","REMOCAO DE PISO ELEVADO EM PLACAS","M2",11.25]
["05.001.0089-0","REMOCAO DE REVESTIMENTO LAMINADO MELAMINICO EM PAREDES,INCLUSIVE RETIRADA DA COLA","M2",12.06,null,"05.001.0089-A","REMOCAO DE REVESTIMENTO LAMINADO MELAMINICO EM PAREDES,INCLUSIVE RETIRADA DA COLA","M2",11.25]
["05.001.0090-0","REMOCAO DE REVESTIMENTO LAMINADO MELAMINICO EM PISOS,INCLUSIVE RETIRADA DA COLA","M2",9.8699999999999992,null,"05.001.0090-A","REMOCAO DE REVESTIMENTO LAMINADO MELAMINICO EM PISOS,INCLUSIVE RETIRADA DA COLA","M2",9.1999999999999993]
["05.001.0095-0","REMOCAO DE JUNTA DE DILATACAO E VEDACAO","M",2.19,null,"05.001.0095-A","REMOCAO DE JUNTA DE DILATACAO E VEDACAO","M",2.04]
["05.001.0097-0","REMOCAO CUIDADOSA DE DIVISORIAS DE MADEIRA PRE-MOLDADAS,PRENSADAS OU SEMELHANTES","M2",32.76,null,"05.001.0097-A","REMOCAO CUIDADOSA DE DIVISORIAS DE MADEIRA PRE-MOLDADAS,PRENSADAS OU SEMELHANTES","M2",30.57]
["05.001.0098-0","REMOCAO CUIDADOSA E REMONTAGEM DE DIVISORIAS DE MADEIRA PRE-MOLDADAS,PRENSADAS OU SEMELHANTES","M2",53.55,null,"05.001.0098-A","REMOCAO CUIDADOSA E REMONTAGEM DE DIVISORIAS DE MADEIRA PRE-MOLDADAS,PRENSADAS OU SEMELHANTES","M2",49.98]
["05.001.0100-0","REMOCAO CUIDADOSA DE DIVISORIA DE GRANITO","M2",46.22,null,"05.001.0100-A","REMOCAO CUIDADOSA DE DIVISORIA DE GRANITO","M2",43.12]
["05.001.0101-0","REMOCAO CUIDADOSA  DE DIVISORIA EM PLACA CIMENTICIA","M2",41.66,null,"05.001.0101-A","REMOCAO CUIDADOSA  DE DIVISORIA EM PLACA CIMENTICIA","M2",38.869999999999997]
["05.001.0105-0","REMOCAO CUIDADOSA DE DIVISORIA DE MARMORE","M2",47.73,null,"05.001.0105-A","REMOCAO CUIDADOSA DE DIVISORIA DE MARMORE","M2",44.54]
["05.001.0106-0","REMOCAO DE REVESTIMENTO DE LENCOL DE CHUMBO EM PAREDES","M2",51.88,null,"05.001.0106-A","REMOCAO DE REVESTIMENTO DE LENCOL DE CHUMBO EM PAREDES","M2",48.41]
["05.001.0123-0","REMOCAO DE LEITO FILTRANTE","M3",27.64,null,"05.001.0123-A","REMOCAO DE LEITO FILTRANTE","M3",25.78]
["05.001.0124-0","REMOCAO DE TUBULACAO DE ACO,EXCLUSIVE ESCAVACAO E REATERRO","KG",0.37,null,"05.001.0124-A","REMOCAO DE TUBULACAO DE ACO,EXCLUSIVE ESCAVACAO E REATERRO","KG",0.35]
["05.001.0125-0","REMOCAO DE TUBULACAO DE FERRO FUNDIDO COM D.N DE 50 A 300MM,EXCLUSIVE ESCAVACAO E REATERRO","M",55.95,null,"05.001.0125-A","REMOCAO DE TUBULACAO DE FERRO FUNDIDO COM D.N DE 50 A 300MM,EXCLUSIVE ESCAVACAO E REATERRO","M",52.2]
["05.001.0126-0","REMOCAO DE TUBULACAO DE FERRO FUNDIDO COM D.N DE 400 A 600MM,EXCLUSIVE ESCAVACAO E REATERRO","M",112.43,null,"05.001.0126-A","REMOCAO DE TUBULACAO DE FERRO FUNDIDO COM D.N DE 400 A 600MM,EXCLUSIVE ESCAVACAO E REATERRO","M",104.9]
["05.001.0127-0","REMOCAO DE TUBULACAO DE FERRO FUNDIDO COM D.N DE 700 A 1200MM,EXCLUSIVE ESCAVACAO E REATERRO","M",274.52999999999997,null,"05.001.0127-A","REMOCAO DE TUBULACAO DE FERRO FUNDIDO COM D.N DE 700 A 1200MM,EXCLUSIVE ESCAVACAO E REATERRO","M",256.14999999999998]
["05.001.0128-0","REMOCAO DE TUBO DE CONCRETO COM D.N ACIMA DE 1500MM","M",132.16999999999999,null,"05.001.0128-A","REMOCAO DE TUBO DE CONCRETO COM D.N ACIMA DE 1500MM","M",123.86]
["05.001.0130-0","REMOCAO DE VIDRO ATE 0,30X0,30M COM LIMPEZA LOCAL","M2",15.68,null,"05.001.0130-A","REMOCAO DE VIDRO ATE 0,30X0,30M COM LIMPEZA LOCAL","M2",14.63]
["05.001.0131-0","REMOCAO DE VIDRO ACIMA DE 0,30X0,30M,COM LIMPEZA LOCAL","M2",13.07,null,"05.001.0131-A","REMOCAO DE VIDRO ACIMA DE 0,30X0,30M,COM LIMPEZA LOCAL","M2",12.19]
["05.001.0132-0","REMOCAO DE CERCA DE ARAME FARPADO E MOIROES,EXCLUSIVE TRANSPORTE","M",3.29,null,"05.001.0132-A","REMOCAO DE CERCA DE ARAME FARPADO E MOIROES,EXCLUSIVE TRANSPORTE","M",3.06]
["05.001.0133-0","ARRANCAMENTO DE BARROTEAMENTO DE DIMENSOES ATE 3\"X9\" OU DE GRAZEPES CHUMBADOS EM PISOS OU PAREDES,SEM APROVEITAMENTO DOMATERIAL RETIRADO","M2",38.22,null,"05.001.0133-A","ARRANCAMENTO DE BARROTEAMENTO DE DIMENSOES ATE 3\"X9\" OU DE GRAZEPES CHUMBADOS EM PISOS OU PAREDES,SEM APROVEITAMENTO DOMATERIAL RETIRADO","M2",35.67]
["05.001.0134-0","ARRANCAMENTO DE PORTAS,JANELAS E CAIXILHOS DE AR CONDICIONADO OU OUTROS","UN",31.04,null,"05.001.0134-A","ARRANCAMENTO DE PORTAS,JANELAS E CAIXILHOS DE AR CONDICIONADO OU OUTROS","UN",28.96]
["05.001.0135-0","ARRANCAMENTO DE TUBOS DE CONCRETO E MANILHAS CERAMICAS,COM DIAMETRO DE 0,70 A 1,50M,INCLUSIVE EMPILHAMENTO LATERAL DENTRO DO CANTEIRO DE SERVICO","M",32.9,null,"05.001.0135-A","ARRANCAMENTO DE TUBOS DE CONCRETO E MANILHAS CERAMICAS,COM DIAMETRO DE 0,70 A 1,50M,INCLUSIVE EMPILHAMENTO LATERAL DENTRO DO CANTEIRO DE SERVICO","M",30.69]
["05.001.0136-0","ARRANCAMENTO DE TUBOS DE CONCRETO E MANILHAS CERAMICAS,COM DIAMETRO DE 0,10 A 0,30M,INCLUSIVE EMPILHAMENTO LATERAL DENTRO DO CANTEIRO DE SERVICO","M",14.26,null,"05.001.0136-A","ARRANCAMENTO DE TUBOS DE CONCRETO E MANILHAS CERAMICAS,COM DIAMETRO DE 0,10 A 0,30M,INCLUSIVE EMPILHAMENTO LATERAL DENTRO DO CANTEIRO DE SERVICO","M",13.3]
["05.001.0137-0","ARRANCAMENTO DE TUBOS DE CONCRETO E MANILHAS CERAMICAS,COM DIAMETRO DE 0,40 A 0,60M,INCLUSIVE EMPILHAMENTO LATERAL DENTRO DO CANTEIRO DE SERVICO","M",19.739999999999998,null,"05.001.0137-A","ARRANCAMENTO DE TUBOS DE CONCRETO E MANILHAS CERAMICAS,COM DIAMETRO DE 0,40 A 0,60M,INCLUSIVE EMPILHAMENTO LATERAL DENTRO DO CANTEIRO DE SERVICO","M",18.41]
["05.001.0138-0","ARRANCAMENTO DE TUBULACAO DE FERRO GALVANIZADO,SEM ESCAVACAOOU RASGO EM ALVENARIA","M",7.58,null,"05.001.0138-A","ARRANCAMENTO DE TUBULACAO DE FERRO GALVANIZADO,SEM ESCAVACAOOU RASGO EM ALVENARIA","M",7.08]
["05.001.0141-0","ARRANCAMENTO DE TENTOS OU TRAVESSOES,DE GRANITO OU CONCRETO,INCLUSIVE EMPILHAMENTO LATERAL DENTRO DO CANTEIRO DE SERVICO","M",28.52,null,"05.001.0141-A","ARRANCAMENTO DE TENTOS OU TRAVESSOES,DE GRANITO OU CONCRETO,INCLUSIVE EMPILHAMENTO LATERAL DENTRO DO CANTEIRO DE SERVICO","M",26.6]
["05.001.0142-0","ARRANCAMENTO DE MEIOS-FIOS,DE GRANITO OU CONCRETO,RETOS OU CURVOS,INCLUSIVE EMPILHAMENTO LATERAL DENTRO DO CANTEIRO DE SERVICO","M",24.13,null,"05.001.0142-A","ARRANCAMENTO DE MEIOS-FIOS,DE GRANITO OU CONCRETO,RETOS OU CURVOS,INCLUSIVE EMPILHAMENTO LATERAL DENTRO DO CANTEIRO DE SERVICO","M",22.51]
["05.001.0143-0","ARRANCAMENTO DE PARALELEPIPEDOS,INCLUSIVE EMPILHAMENTO LATERAL DENTRO DO CANTEIRO DE SERVICO","M2",10.96,null,"05.001.0143-A","ARRANCAMENTO DE PARALELEPIPEDOS,INCLUSIVE EMPILHAMENTO LATERAL DENTRO DO CANTEIRO DE SERVICO","M2",10.23]
["05.001.0144-0","ARRANCAMENTO DE APARELHOS DE ILUMINACAO, INCLUSIVE LAMPADAS","UN",7.58,null,"05.001.0144-A","ARRANCAMENTO DE APARELHOS DE ILUMINACAO, INCLUSIVE LAMPADAS","UN",7.08]
["05.001.0145-0","ARRANCAMENTO DE APARELHOS SANITARIOS","UN",26.14,null,"05.001.0145-A","ARRANCAMENTO DE APARELHOS SANITARIOS","UN",24.39]
["05.001.0146-0","ARRANCAMENTO DE BANCADA DE PIA/LAVATORIO OU BANCA SECA DE ATE 1,00M DE ALTURA E ATE 0,80M DE LARGURA","M",52.29,null,"05.001.0146-A","ARRANCAMENTO DE BANCADA DE PIA/LAVATORIO OU BANCA SECA DE ATE 1,00M DE ALTURA E ATE 0,80M DE LARGURA","M",48.79]
["05.001.0147-0","ARRANCAMENTO DE GRADES,GRADIS,ALAMBRADOS,CERCAS E PORTOES","M2",21.93,null,"05.001.0147-A","ARRANCAMENTO DE GRADES,GRADIS,ALAMBRADOS,CERCAS E PORTOES","M2",20.46]
["05.001.0148-0","ARRANCAMENTO DE CALHA QUEBRADA EM ENCOSTA","UN",7.23,null,"05.001.0148-A","ARRANCAMENTO DE CALHA QUEBRADA EM ENCOSTA","UN",6.75]
["05.001.0149-0","ARRANCAMENTO DE CERCAS DE MOIROES E ARAME FARPADO","M",8.77,null,"05.001.0149-A","ARRANCAMENTO DE CERCAS DE MOIROES E ARAME FARPADO","M",8.18]
["05.001.0155-0","RETIRADA DE TRANSFORMADOR DO LOCAL EM QUE SE ENCONTRA INSTALADO,INCLUSIVE DESLIGAMENTOS ELETRICOS,EXCLUSIVE EQUIPAMENTOPARA CARGA E DESCARGA EM CAMINHAO E TRANSPORTE","UN",445.39,null,"05.001.0155-A","RETIRADA DE TRANSFORMADOR DO LOCAL EM QUE SE ENCONTRA INSTALADO,INCLUSIVE DESLIGAMENTOS ELETRICOS,EXCLUSIVE EQUIPAMENTOPARA CARGA E DESCARGA EM CAMINHAO E TRANSPORTE","UN",415.54]
["05.001.0158-0","RETIRADA DE GERADOR DO LOCAL EM QUE SE ENCONTRA INSTALADO,EXCLUSIVE EQUIPAMENTO PARA CARGA E DESCARGA EM CAMINHAO E TRANSPORTE","UN",219.39,null,"05.001.0158-A","RETIRADA DE GERADOR DO LOCAL EM QUE SE ENCONTRA INSTALADO,EXCLUSIVE EQUIPAMENTO PARA CARGA E DESCARGA EM CAMINHAO E TRANSPORTE","UN",204.66]
["05.001.0160-0","PERCUSSAO COM BATIDAS LEVES,SEM RETIRADA DO MATERIAL SOLTO","M2",2.91,null,"05.001.0160-A","PERCUSSAO COM BATIDAS LEVES,SEM RETIRADA DO MATERIAL SOLTO","M2",2.72]
["05.001.0162-0","RETIRADA DE IMPERMEABILIZACAO FLEXIVEL,INCLUSIVE EMPILHAMENTO LATERAL DENTRO DO CANTEIRO DE SERVICO,EXCLUSIVE CAMADA DEPROTECAO","M2",87.75,null,"05.001.0162-A","RETIRADA DE IMPERMEABILIZACAO FLEXIVEL,INCLUSIVE EMPILHAMENTO LATERAL DENTRO DO CANTEIRO DE SERVICO,EXCLUSIVE CAMADA DEPROTECAO","M2",81.86]
["05.001.0163-0","RETIRADA CUIDADOSA DE AZULEJOS OU LADRILHOS CERAMICOS E RESPECTIVA ARGAMASSA DE ASSENTAMENTO,SEM REAPROVEITAMENTO DO MATERIAL RETIRADO","M2",81.91,null,"05.001.0163-A","RETIRADA CUIDADOSA DE AZULEJOS OU LADRILHOS CERAMICOS E RESPECTIVA ARGAMASSA DE ASSENTAMENTO,SEM REAPROVEITAMENTO DO MATERIAL RETIRADO","M2",76.44]
["05.001.0164-0","RETIRADA CUIDADOSA DE REVESTIMENTO DE ARGAMASSA(INTERNO OU EXTERNO)","M2",44.44,null,"05.001.0164-A","RETIRADA CUIDADOSA DE REVESTIMENTO DE ARGAMASSA(INTERNO OU EXTERNO)","M2",41.47]
["05.001.0168-0","RECOLOCACAO DE CALHA EM ENCOSTA","UN",7.89,null,"05.001.0168-A","RECOLOCACAO DE CALHA EM ENCOSTA","UN",7.36]
["05.001.0169-0","RECOLOCACAO DE TACOS SOLTOS USANDO PICHE,PEDRISCO E ARGAMASSA DE CIMENTO E SAIBRO,NO TRACO 1:6,COM REMOCAO DA BASE EXISTENTE","M2",137.76,null,"05.001.0169-A","RECOLOCACAO DE TACOS SOLTOS USANDO PICHE,PEDRISCO E ARGAMASSA DE CIMENTO E SAIBRO,NO TRACO 1:6,COM REMOCAO DA BASE EXISTENTE","M2",130.62]
["05.001.0170-0","TRANSPORTE HORIZONTAL DE MATERIAL DE 1ªCATEGORIA OU ENTULHO,EM CARRINHOS,A 10,00M DE DISTANCIA,INCLUSIVE CARGA A PA","M3",25.22,null,"05.001.0170-A","TRANSPORTE HORIZONTAL DE MATERIAL DE 1ªCATEGORIA OU ENTULHO,EM CARRINHOS,A 10,00M DE DISTANCIA,INCLUSIVE CARGA A PA","M3",23.53]
["05.001.0171-0","TRANSPORTE HORIZONTAL DE MATERIAL DE 1ªCATEGORIA OU ENTULHO,EM CARRINHOS,A 20,00M DE DISTANCIA,INCLUSIVE CARGA A PA","M3",30.71,null,"05.001.0171-A","TRANSPORTE HORIZONTAL DE MATERIAL DE 1ªCATEGORIA OU ENTULHO,EM CARRINHOS,A 20,00M DE DISTANCIA,INCLUSIVE CARGA A PA","M3",28.65]
["05.001.0172-0","TRANSPORTE HORIZONTAL DE MATERIAL DE 1ªCATEGORIA OU ENTULHO,EM CARRINHOS,A 30,00M DE DISTANCIA,INCLUSIVE CARGA A PA","M3",36.19,null,"05.001.0172-A","TRANSPORTE HORIZONTAL DE MATERIAL DE 1ªCATEGORIA OU ENTULHO,EM CARRINHOS,A 30,00M DE DISTANCIA,INCLUSIVE CARGA A PA","M3",33.76]
["05.001.0173-0","TRANSPORTE HORIZONTAL DE MATERIAL DE 1ªCATEGORIA OU ENTULHO,EM CARRINHOS,A 60,00M DE DISTANCIA,INCLUSIVE CARGA A PA","M3",51.55,null,"05.001.0173-A","TRANSPORTE HORIZONTAL DE MATERIAL DE 1ªCATEGORIA OU ENTULHO,EM CARRINHOS,A 60,00M DE DISTANCIA,INCLUSIVE CARGA A PA","M3",48.09]
["05.001.0177-0","TRANSPORTE HORIZONTAL DE MATERIAL DE 1ªCATEGORIA OU ENTULHO,EM CARRINHOS,A 100,00M DE DISTANCIA,INCLUSIVE CARGA A PA","M3",63.62,null,"05.001.0177-A","TRANSPORTE HORIZONTAL DE MATERIAL DE 1ªCATEGORIA OU ENTULHO,EM CARRINHOS,A 100,00M DE DISTANCIA,INCLUSIVE CARGA A PA","M3",59.35]
["05.001.0178-0","TRANSPORTE HORIZONTAL DE MATERIAL DE 1ªCATEGORIA OU ENTULHO,EM CARRINHOS,A 150,00M DE DISTANCIA,INCLUSIVE CARGA A PA","M3",81.17,null,"05.001.0178-A","TRANSPORTE HORIZONTAL DE MATERIAL DE 1ªCATEGORIA OU ENTULHO,EM CARRINHOS,A 150,00M DE DISTANCIA,INCLUSIVE CARGA A PA","M3",75.72]
["05.001.0179-0","TRANSPORTE HORIZONTAL DE MATERIAL DE 1ªCATEGORIA OU ENTULHO,EM CARRINHOS,A 200,00M DE DISTANCIA,INCLUSIVE CARGA A PA","M3",106.4,null,"05.001.0179-A","TRANSPORTE HORIZONTAL DE MATERIAL DE 1ªCATEGORIA OU ENTULHO,EM CARRINHOS,A 200,00M DE DISTANCIA,INCLUSIVE CARGA A PA","M3",99.26]
["05.001.0182-0","TRANSPORTE DE MATERIAIS DE QUALQUER NATUREZA,ESCADA ACIMA,SERVICO INTEIRAMENTE MANUAL,EM OBRAS PREDIAIS,INCLUSIVE CARGAE DESCARGA","TXM",1.2,null,"05.001.0182-A","TRANSPORTE DE MATERIAIS DE QUALQUER NATUREZA,ESCADA ACIMA,SERVICO INTEIRAMENTE MANUAL,EM OBRAS PREDIAIS,INCLUSIVE CARGAE DESCARGA","TXM",1.1200000000000001]
["05.001.0183-0","TRANSPORTE DE MATERIAIS DE QUALQUER NATUREZA,ESCADA ABAIXO,SERVICO INTEIRAMENTE MANUAL,EM OBRAS PREDIAIS,INCLUSIVE CARGAE DESCARGA","TXM",0.87,null,"05.001.0183-A","TRANSPORTE DE MATERIAIS DE QUALQUER NATUREZA,ESCADA ABAIXO,SERVICO INTEIRAMENTE MANUAL,EM OBRAS PREDIAIS,INCLUSIVE CARGAE DESCARGA","TXM",0.81]
["05.001.0185-0","TRANSPORTE DE MATERIAIS ENCOSTA ACIMA,SERVICO INTEIRAMENTE MANUAL,INCLUSIVE CARGA E DESCARGA","TXM",1.97,null,"05.001.0185-A","TRANSPORTE DE MATERIAIS ENCOSTA ACIMA,SERVICO INTEIRAMENTE MANUAL,INCLUSIVE CARGA E DESCARGA","TXM",1.84]
["05.001.0186-0","TRANSPORTE DE MATERIAIS ENCOSTA ABAIXO,SERVICO INTEIRAMENTEMANUAL,INCLUSIVE CARGA E DESCARGA","TXM",1.31,null,"05.001.0186-A","TRANSPORTE DE MATERIAIS ENCOSTA ABAIXO,SERVICO INTEIRAMENTEMANUAL,INCLUSIVE CARGA E DESCARGA","TXM",1.22]
["05.001.0187-0","TRANSPORTE HORIZONTAL DE ENTULHO OU LAMA EM CARRINHO,INCLUSIVE CARGA A PA,EM FAVELAS","M3",30.27,null,"05.001.0187-A","TRANSPORTE HORIZONTAL DE ENTULHO OU LAMA EM CARRINHO,INCLUSIVE CARGA A PA,EM FAVELAS","M3",28.24]
["05.001.0188-0","TRANSPORTE DE MATERIAIS ENCOSTA ACIMA,EM CARRINHOS,INCLUSIVECARGA E DESCARGA","TXM",0.32,null,"05.001.0188-A","TRANSPORTE DE MATERIAIS ENCOSTA ACIMA,EM CARRINHOS,INCLUSIVECARGA E DESCARGA","TXM",0.3]
["05.001.0189-0","TRANSPORTE DE MATERIAIS ENCOSTA ABAIXO,EM CARRINHOS,INCLUSIVE CARGA E DESCARGA","TXM",0.21,null,"05.001.0189-A","TRANSPORTE DE MATERIAIS ENCOSTA ABAIXO,EM CARRINHOS,INCLUSIVE CARGA E DESCARGA","TXM",0.2]
["05.001.0195-0","TRANSPORTE DE MATERIAIS DE GRANDE VOLUME E BAIXO PESO ESPECIFICO,SERVICO INTEIRAMENTE MANUAL,ENCOSTA ACIMA,INCLUSIVE CARGA E DESCARGA","M3XM",32.9,null,"05.001.0195-A","TRANSPORTE DE MATERIAIS DE GRANDE VOLUME E BAIXO PESO ESPECIFICO,SERVICO INTEIRAMENTE MANUAL,ENCOSTA ACIMA,INCLUSIVE CARGA E DESCARGA","M3XM",30.69]
["05.001.0196-0","TRANSPORTE DE MATERIAIS DE GRANDE VOLUME E BAIXO PESO ESPECIFICO,SERVICO INTEIRAMENTE MANUAL,ENCOSTA ABAIXO,INCLUSIVE CARGA E DESCARGA","M3XM",25.22,null,"05.001.0196-A","TRANSPORTE DE MATERIAIS DE GRANDE VOLUME E BAIXO PESO ESPECIFICO,SERVICO INTEIRAMENTE MANUAL,ENCOSTA ABAIXO,INCLUSIVE CARGA E DESCARGA","M3XM",23.53]
["05.001.0205-0","TRANSPORTE MANUAL DE CALHA ATE O LOCAL DE ASSENTAMENTO,ENCOSTA ACIMA,INCLUSIVE CARGA E DESCARGA","UNXM",1.46,null,"05.001.0205-A","TRANSPORTE MANUAL DE CALHA ATE O LOCAL DE ASSENTAMENTO,ENCOSTA ACIMA,INCLUSIVE CARGA E DESCARGA","UNXM",1.37]
["05.001.0206-0","TRANSPORTE MANUAL DE CALHA ATE O LOCAL DE ASSENTAMENTO,ENCOSTA ABAIXO,INCLUSIVE CARGA E DESCARGA","UNXM",1.0900000000000001,null,"05.001.0206-A","TRANSPORTE MANUAL DE CALHA ATE O LOCAL DE ASSENTAMENTO,ENCOSTA ABAIXO,INCLUSIVE CARGA E DESCARGA","UNXM",1.02]
["05.001.0250-0","TRANSPORTE MANUAL DE MATERIAIS DIVERSOS EM MANGUEZAL,INCLUSIVE CARGA E DESCARGA EM CESTO TIPO COMLURB(MUDA E LIXO)","TXM",43.87,null,"05.001.0250-A","TRANSPORTE MANUAL DE MATERIAIS DIVERSOS EM MANGUEZAL,INCLUSIVE CARGA E DESCARGA EM CESTO TIPO COMLURB(MUDA E LIXO)","TXM",40.93]
["05.001.0300-0","CALHA FECHADA,DE TABUAS DE MADEIRA DE 3ª,COM A SECAO DE 0,45X0,45M,PARA DESCIDA DE ESCOMBROS,COM COLOCACAO","M",208.61,null,"05.001.0300-A","CALHA FECHADA,DE TABUAS DE MADEIRA DE 3ª,COM A SECAO DE 0,45X0,45M,PARA DESCIDA DE ESCOMBROS,COM COLOCACAO","M",202.92]
["05.001.0301-0","CALHA FECHADA,DE TABUAS DE MADEIRA DE 3ª,COM A SECAO 0,35X0,35M,PARA DESCIDA DE ESCOMBROS,COM COLOCACAO","M",173.06,null,"05.001.0301-A","CALHA FECHADA,DE TABUAS DE MADEIRA DE 3ª,COM A SECAO 0,35X0,35M,PARA DESCIDA DE ESCOMBROS,COM COLOCACAO","M",168.12]
["05.001.0305-0","DESCIDA DE ESCOMBROS POR CALHAS FECHADAS,DE TABUAS DE PINHODE 3ª","M3",131.63,null,"05.001.0305-A","DESCIDA DE ESCOMBROS POR CALHAS FECHADAS,DE TABUAS DE PINHODE 3ª","M3",122.79]
["05.001.0310-0","ENSACAMENTO E TRANSPORTE DE ESCOMBROS EM SACOS PLASTICOS,DESDE UM PAVIMENTO ELEVADO ATE O TERREO,UTILIZANDO ELEVADOR","M3",53.82,null,"05.001.0310-A","ENSACAMENTO E TRANSPORTE DE ESCOMBROS EM SACOS PLASTICOS,DESDE UM PAVIMENTO ELEVADO ATE O TERREO,UTILIZANDO ELEVADOR","M3",50.2]
["05.001.0315-0","ENSACAMENTO E TRANSPORTE DE ESCOMBROS EM SACOS PLASTICOS,DESDE UM PAVIMENTO ELEVADO ATE O TERREO,UTILIZANDO A ESCADA DOPREDIO","M3",86.73,null,"05.001.0315-A","ENSACAMENTO E TRANSPORTE DE ESCOMBROS EM SACOS PLASTICOS,DESDE UM PAVIMENTO ELEVADO ATE O TERREO,UTILIZANDO A ESCADA DOPREDIO","M3",80.900000000000006]
["05.001.0320-0","RETIRADA DE LAMA,ESCOMBROS OU DETRITOS DO INTERIOR DE RESERVATORIOS OU CAIXAS ENTERRADAS,UTILIZANDO PROCESSOS DE SUSPENSAO MANUAL,MEDIDO POR VOLUME DE MATERIAL RETIRADO","M3",219.39,null,"05.001.0320-A","RETIRADA DE LAMA,ESCOMBROS OU DETRITOS DO INTERIOR DE RESERVATORIOS OU CAIXAS ENTERRADAS,UTILIZANDO PROCESSOS DE SUSPENSAO MANUAL,MEDIDO POR VOLUME DE MATERIAL RETIRADO","M3",204.66]
["05.001.0325-0","DESOBSTRUCAO DE DRENOS DE MUROS DE CONTENCAO,BUZINOTES DE COBERTURAS E SIMILARES","UN",3.29,null,"05.001.0325-A","DESOBSTRUCAO DE DRENOS DE MUROS DE CONTENCAO,BUZINOTES DE COBERTURAS E SIMILARES","UN",3.06]
["05.001.0350-0","LIMPEZA DE VIDROS,FEITA NOS DOIS LADOS,CONTADO UM LADO","M2",15.5,null,"05.001.0350-A","LIMPEZA DE VIDROS,FEITA NOS DOIS LADOS,CONTADO UM LADO","M2",14.46]
["05.001.0360-0","LIMPEZA DE PISOS CIMENTADOS","M2",7.66,null,"05.001.0360-A","LIMPEZA DE PISOS CIMENTADOS","M2",7.15]
["05.001.0365-0","LIMPEZA DE PISOS CERAMICO,MARMORE OU GRANITO (SEM POLIMENTO)","M2",10.220000000000001,null,"05.001.0365-A","LIMPEZA DE PISOS CERAMICO,MARMORE OU GRANITO (SEM POLIMENTO)","M2",9.5299999999999994]
["05.001.0366-0","LIMPEZA DE PISOS DE BORRACHA","M2",7.15,null,"05.001.0366-A","LIMPEZA DE PISOS DE BORRACHA","M2",6.67]
["05.001.0370-0","LIMPEZA DE APARELHOS SANITARIOS,INCLUSIVE METAIS","UN",14.31,null,"05.001.0370-A","LIMPEZA DE APARELHOS SANITARIOS,INCLUSIVE METAIS","UN",13.35]
["05.001.0375-0","LIMPEZA DE METAIS,EXCLUSIVE APARELHOS SANITARIOS","UN",4.29,null,"05.001.0375-A","LIMPEZA DE METAIS,EXCLUSIVE APARELHOS SANITARIOS","UN",4]
["05.001.0380-0","LIMPEZA DE PEITORIS","M",6.39,null,"05.001.0380-A","LIMPEZA DE PEITORIS","M",5.96]
["05.001.0385-0","LIMPEZA DE PAREDES REVESTIDAS DE CERAMICAS OU AZULEJOS","M2",8.94,null,"05.001.0385-A","LIMPEZA DE PAREDES REVESTIDAS DE CERAMICAS OU AZULEJOS","M2",8.34]
["05.001.0386-0","LIMPEZA DE PISOS VINILICOS","M2",7.66,null,"05.001.0386-A","LIMPEZA DE PISOS VINILICOS","M2",7.15]
["05.001.0387-0","LIMPEZA DE PISOS DE PEDRA","M2",7.66,null,"05.001.0387-A","LIMPEZA DE PISOS DE PEDRA","M2",7.15]
["05.001.0388-0","LAVAGEM DE TAPETES EXECUTADA NO LOCAL","M2",17.38,null,"05.001.0388-A","LAVAGEM DE TAPETES EXECUTADA NO LOCAL","M2",16.21]
["05.001.0389-0","LIMPEZA EM PAREDE REVESTIDA COM PASTILHAS,INCLUSIVE O USO DEESCADA ATE 2 PAVIMENTOS,EXCLUSIVE ANDAIMES","M2",15.33,null,"05.001.0389-A","LIMPEZA EM PAREDE REVESTIDA COM PASTILHAS,INCLUSIVE O USO DEESCADA ATE 2 PAVIMENTOS,EXCLUSIVE ANDAIMES","M2",14.3]
["05.001.0391-0","LIMPEZA EM PAREDE REVESTIDA COM MARMORE OU GRANITO(POLIMENTO),INCLUSIVE O USO DE ESCADA ATE 2 PAVIMENTOS,EXCLUSIVE ANDAIMES","M2",14.31,null,"05.001.0391-A","LIMPEZA EM PAREDE REVESTIDA COM MARMORE OU GRANITO(POLIMENTO),INCLUSIVE O USO DE ESCADA ATE 2 PAVIMENTOS,EXCLUSIVE ANDAIMES","M2",13.35]
["05.001.0392-0","LIMPEZA EM PAREDE REVESTIDA COM PEDRAS(LAVAGEM COM SOLUCAO ACIDA),INCLUSIVE O USO DE ESCADA ATE 2 PAVIMENTOS,EXCLUSIVE ANDAIMES","M2",10.220000000000001,null,"05.001.0392-A","LIMPEZA EM PAREDE REVESTIDA COM PEDRAS(LAVAGEM COM SOLUCAO ACIDA),INCLUSIVE O USO DE ESCADA ATE 2 PAVIMENTOS,EXCLUSIVE ANDAIMES","M2",9.5299999999999994]
["05.001.0393-0","LIMPEZA EM PAREDE REVESTIDA COM CHAPAS LAMINADAS,INCLUSIVE OUSO DE ESCADA ATE 2 PAVIMENTOS,EXCLUSIVE ANDAIMES","M2",7.15,null,"05.001.0393-A","LIMPEZA EM PAREDE REVESTIDA COM CHAPAS LAMINADAS,INCLUSIVE OUSO DE ESCADA ATE 2 PAVIMENTOS,EXCLUSIVE ANDAIMES","M2",6.67]
["05.001.0400-0","LIMPEZA DE CALHA EM ENCOSTA","M",2.41,null,"05.001.0400-A","LIMPEZA DE CALHA EM ENCOSTA","M",2.25]
["05.001.0402-0","LIMPEZA DE TELHA CERAMICA,CONSTANDO DE LAVAGEM COM AGUA PURAE ESCOVACAO COM ESCOVA DE ACO","M2",31.81,null,"05.001.0402-A","LIMPEZA DE TELHA CERAMICA,CONSTANDO DE LAVAGEM COM AGUA PURAE ESCOVACAO COM ESCOVA DE ACO","M2",29.67]
["05.001.0405-0","LIMPEZA DE CAIXA DE AREIA,EM ENCOSTA,ATE 1,50M DE PROFUNDIDADE","M3",87.75,null,"05.001.0405-A","LIMPEZA DE CAIXA DE AREIA,EM ENCOSTA,ATE 1,50M DE PROFUNDIDADE","M3",81.86]
["05.001.0410-0","LIMPEZA DE PAINEIS DE ALUMINIO","M2",8.94,null,"05.001.0410-A","LIMPEZA DE PAINEIS DE ALUMINIO","M2",8.34]
["05.001.0415-0","LIMPEZA DE PAINEIS DE ACO ESCOVADO","M2",9.7100000000000009,null,"05.001.0415-A","LIMPEZA DE PAINEIS DE ACO ESCOVADO","M2",9.06]
["05.001.0450-0","LIMPEZA DE CAIXA D'AGUA OU CISTERNA,COM CAPACIDADE ATE 1000L,INCLUSIVE DESINFECCAO,CONFORME APROVACAO PELA COMISSAO ESTADUAL DE CONTROLE AMBIENTAL-CECA,COM BASE NA LEI Nº 1.893/91E NO DECRETO Nº 20.356/93,MN-353 MANUAL DE LIMPEZA E DESINFECCAO DE RESERVATORIOS DE AGUA","UN",401.32,null,"05.001.0450-A","LIMPEZA DE CAIXA D'AGUA OU CISTERNA,COM CAPACIDADE ATE 1000L,INCLUSIVE DESINFECCAO,CONFORME APROVACAO PELA COMISSAO ESTADUAL DE CONTROLE AMBIENTAL-CECA,COM BASE NA LEI Nº 1.893/91E NO DECRETO Nº 20.356/93,MN-353 MANUAL DE LIMPEZA E DESINFECCAO DE RESERVATORIOS DE AGUA","UN",374.68]
["05.001.0455-0","LIMPEZA DE CAIXA D'AGUA OU CISTERNA,COM CAPACIDADE DE 1001 A2000L,INCLUSIVE DESINFECCAO,CONFORME APROVACAO PELA COMISSAO ESTADUAL DE CONTROLE AMBIENTAL-CECA,COM BASE NA LEI Nº 1.893/91 E NO DECRETO Nº20.356/93,MN-353 MANUAL DE LIMPEZA E DESINFECCAO DE RESERVATORIOS DE AGUA","UN",601.98,null,"05.001.0455-A","LIMPEZA DE CAIXA D'AGUA OU CISTERNA,COM CAPACIDADE DE 1001 A2000L,INCLUSIVE DESINFECCAO,CONFORME APROVACAO PELA COMISSAO ESTADUAL DE CONTROLE AMBIENTAL-CECA,COM BASE NA LEI Nº 1.893/91 E NO DECRETO Nº20.356/93,MN-353 MANUAL DE LIMPEZA E DESINFECCAO DE RESERVATORIOS DE AGUA","UN",562.02]
["05.001.0460-0","LIMPEZA DE CAIXA D'AGUA OU CISTERNA,COM CAPACIDADE DE 2001 A20000L,INCLUSIVE DESINFECCAO,CONFORME APROVACAO PELA COMISSAO ESTADUAL DE CONTROLE AMBIENTAL-CECA,COM BASE NA LEI Nº 1.893/91 E NO DECRETO Nº 20.356/93,MN-353 MANUAL DE LIMPEZA EDESINFECCAO DE RESERVATORIOS DE AGUA","UN",874.63,null,"05.001.0460-A","LIMPEZA DE CAIXA D'AGUA OU CISTERNA,COM CAPACIDADE DE 2001 A20000L,INCLUSIVE DESINFECCAO,CONFORME APROVACAO PELA COMISSAO ESTADUAL DE CONTROLE AMBIENTAL-CECA,COM BASE NA LEI Nº 1.893/91 E NO DECRETO Nº 20.356/93,MN-353 MANUAL DE LIMPEZA EDESINFECCAO DE RESERVATORIOS DE AGUA","UN",816.57]
["05.001.0465-0","LIMPEZA DE CAIXA D'AGUA OU CISTERNA,COM CAPACIDADE DE 20001A 60000L,INCLUSIVE DESINFECCAO,CONFORME APROVACAO PELA COMISSAO ESTADUAL DE CONTROLE AMBIENTAL-CECA,COM BASE NA LEI Nº 1.893/91 E NO DECRETO Nº20.356/93,MN-353 MANUAL DE LIMPEZA EDESINFECCAO DE RESERVATORIOS DE AGUA","UN",1203.97,null,"05.001.0465-A","LIMPEZA DE CAIXA D'AGUA OU CISTERNA,COM CAPACIDADE DE 20001A 60000L,INCLUSIVE DESINFECCAO,CONFORME APROVACAO PELA COMISSAO ESTADUAL DE CONTROLE AMBIENTAL-CECA,COM BASE NA LEI Nº 1.893/91 E NO DECRETO Nº20.356/93,MN-353 MANUAL DE LIMPEZA EDESINFECCAO DE RESERVATORIOS DE AGUA","UN",1124.05]
["05.001.0600-0","APICOAMENTO DE MEIOS-FIOS,UTILIZANDO PONTEIRO,CONSIDERANDO ESPELHO DE 15CM,FACE E ARESTA","M",30.35,null,"05.001.0600-A","APICOAMENTO DE MEIOS-FIOS,UTILIZANDO PONTEIRO,CONSIDERANDO ESPELHO DE 15CM,FACE E ARESTA","M",28.32]
["05.001.0601-0","APICOAMENTO DE CONCRETO OU PISO CIMENTADO","M2",75.3,null,"05.001.0601-A","APICOAMENTO DE CONCRETO OU PISO CIMENTADO","M2",70.27]
["05.001.0602-0","APICOAMENTO PARA EXECUCAO DE CONCRETO APARENTE EM SUPERFICIES HORIZONTAIS SUPERIORES (TETOS)","M2",376.53,null,"05.001.0602-A","APICOAMENTO PARA EXECUCAO DE CONCRETO APARENTE EM SUPERFICIES HORIZONTAIS SUPERIORES (TETOS)","M2",351.35]
["05.001.0603-0","APICOAMENTO PARA EXECUCAO DE CONCRETO APARENTE EM SUPERFICIES VERTICAIS","M2",125.51,null,"05.001.0603-A","APICOAMENTO PARA EXECUCAO DE CONCRETO APARENTE EM SUPERFICIES VERTICAIS","M2",117.11]
["05.001.0605-0","APICOAMENTO DE CONCRETO,EM SUPERFICIES VERTICIAS,INCLUSIVE CORRECAO DE FALHAS","M2",125.51,null,"05.001.0605-A","APICOAMENTO DE CONCRETO,EM SUPERFICIES VERTICIAS,INCLUSIVE CORRECAO DE FALHAS","M2",117.11]
["05.001.0606-0","APICOAMENTO DE CONCRETO,EM SUPERFICIES HORIZONTAIS (TETO),INCLUSIVE CORRECAO DE FALHAS","M2",251.02,null,"05.001.0606-A","APICOAMENTO DE CONCRETO,EM SUPERFICIES HORIZONTAIS (TETO),INCLUSIVE CORRECAO DE FALHAS","M2",234.23]
["05.001.0607-0","FURACAO EM CONCRETO COM FURADEIRA MANUAL E BROCA DE WIDIA DEDIAMETRO ATE 1/2\"","M",14.31,null,"05.001.0607-A","FURACAO EM CONCRETO COM FURADEIRA MANUAL E BROCA DE WIDIA DEDIAMETRO ATE 1/2\"","M",13.47]
["05.001.0608-0","FURACAO EM CONCRETO COM FURADEIRA MANUAL E BROCA DE WIDIA DEDIAMETRO DE 5/8\"","M",14.88,null,"05.001.0608-A","FURACAO EM CONCRETO COM FURADEIRA MANUAL E BROCA DE WIDIA DEDIAMETRO DE 5/8\"","M",14]
["05.001.0609-0","FURACAO EM CONCRETO COM FURADEIRA MANUAL E BROCA DE WIDIA DEDIAMETRO DE 3/4\"","M",15.82,null,"05.001.0609-A","FURACAO EM CONCRETO COM FURADEIRA MANUAL E BROCA DE WIDIA DEDIAMETRO DE 3/4\"","M",14.87]
["05.001.0612-0","FURACAO EM CONCRETO COM FURADEIRA MANUAL E BROCA DE WIDIA DEDIAMETRO DE 1\"","M",21.39,null,"05.001.0612-A","FURACAO EM CONCRETO COM FURADEIRA MANUAL E BROCA DE WIDIA DEDIAMETRO DE 1\"","M",20.2]
["05.001.0613-0","FURACAO EM CONCRETO COM FURADEIRA MANUAL E BROCA DE WIDIA DEDIAMETRO DE 1.1/2\"","M",48.16,null,"05.001.0613-A","FURACAO EM CONCRETO COM FURADEIRA MANUAL E BROCA DE WIDIA DEDIAMETRO DE 1.1/2\"","M",45.78]
["05.001.0615-0","FURACAO DE CONCRETO,A PONTEIRO,TENDO O FURO 5X5X7CM","un",43.87,null,"05.001.0615-A","FURACAO DE CONCRETO,A PONTEIRO,TENDO O FURO 5X5X7CM","un",40.93]
["05.001.0616-0","FURACAO DE CONCRETO,A PONTEIRO,TENDO O FURO 10X10X15CM","UN",98.72,null,"05.001.0616-A","FURACAO DE CONCRETO,A PONTEIRO,TENDO O FURO 10X10X15CM","UN",92.09]
["05.001.0618-0","TIRO COM PISTOLA PARA FIXACAO DE PINO DE 1/4\" EM CONCRETO ARMADO,INCLUSIVE O PINO E 0,50M DE FITA PERFURADA.FORNECIMENTOE COLOCACAO","UN",2.25,null,"05.001.0618-A","TIRO COM PISTOLA PARA FIXACAO DE PINO DE 1/4\" EM CONCRETO ARMADO,INCLUSIVE O PINO E 0,50M DE FITA PERFURADA.FORNECIMENTOE COLOCACAO","UN",2.2200000000000002]
["05.001.0620-0","CORTE EM ALVENARIA DE TIJOLO,PARA COLOCACAO DE CAIXA DE 0,25X0,25X0,12M,INCLUSIVE ARREMATES DE RECOMPOSICAO","UN",15.17,null,"05.001.0620-A","CORTE EM ALVENARIA DE TIJOLO,PARA COLOCACAO DE CAIXA DE 0,25X0,25X0,12M,INCLUSIVE ARREMATES DE RECOMPOSICAO","UN",14.16]
["05.001.0621-0","CORTE EM ALVENARIA DE TIJOLO,PARA COLOCACAO DE CAIXA DE 0,35X0,45X0,15M,INCLUSIVE ARREMATES DE RECOMPOSICAO","UN",30.35,null,"05.001.0621-A","CORTE EM ALVENARIA DE TIJOLO,PARA COLOCACAO DE CAIXA DE 0,35X0,45X0,15M,INCLUSIVE ARREMATES DE RECOMPOSICAO","UN",28.32]
["05.001.0622-0","CORTE EM ALVENARIA DE TIJOLO,PARA COLOCACAO DE CAIXA DE 0,50X1,00X0,15M,INCLUSIVE ARREMATES DE RECOMPOSICAO","UN",60.7,null,"05.001.0622-A","CORTE EM ALVENARIA DE TIJOLO,PARA COLOCACAO DE CAIXA DE 0,50X1,00X0,15M,INCLUSIVE ARREMATES DE RECOMPOSICAO","UN",56.65]
["05.001.0623-0","CORTE EM ALVENARIA DE TIJOLO,PARA COLOCACAO DE CAIXA DE 1,00X1,00X0,15M,INCLUSIVE ARREMATES DE RECOMPOSICAO","UN",136.59,null,"05.001.0623-A","CORTE EM ALVENARIA DE TIJOLO,PARA COLOCACAO DE CAIXA DE 1,00X1,00X0,15M,INCLUSIVE ARREMATES DE RECOMPOSICAO","UN",127.46]
["05.001.0680-0","CORTE EM TETO DE GESSO COM MAQUITA","M",10.62,null,"05.001.0680-A","CORTE EM TETO DE GESSO COM MAQUITA","M",9.91]
["05.001.0690-0","CORTE EM PISOS DE MARMORE,MARMORITE OU CERAMICA COM MAQUITA","M",18.21,null,"05.001.0690-A","CORTE EM PISOS DE MARMORE,MARMORITE OU CERAMICA COM MAQUITA","M",16.989999999999998]
["05.001.0700-0","ARRUMACAO DE MATERIAL ROCHOSO,EM BLOCOS ATE 15KG,EM PILHAS REGULARES,REFERINDO-SE O CUSTO AO MATERIAL SOLTO","M3",29.61,null,"05.001.0700-A","ARRUMACAO DE MATERIAL ROCHOSO,EM BLOCOS ATE 15KG,EM PILHAS REGULARES,REFERINDO-SE O CUSTO AO MATERIAL SOLTO","M3",27.62]
["05.001.0750-0","LIMPEZA DE SUPERFICIE DE CONCRETO E DA ARMADURA,COM ESCOVA DE ACO,APOS RETIRADA DO CAPEAMENTO,EXCLUSIVE ESTE","M2",32.9,null,"05.001.0750-A","LIMPEZA DE SUPERFICIE DE CONCRETO E DA ARMADURA,COM ESCOVA DE ACO,APOS RETIRADA DO CAPEAMENTO,EXCLUSIVE ESTE","M2",30.69]
["05.001.0755-0","LIXAMENTO DE CONCRETO APARENTE,ANTIGO,SERVICO MANUAL","M2",8.31,null,"05.001.0755-A","LIXAMENTO DE CONCRETO APARENTE,ANTIGO,SERVICO MANUAL","M2",7.75]
["05.001.0758-0","LIMPEZA DE SUPERFICIE DE CONCRETO APARENTE LISO(ANTIGO),COMAGUA PURA E ESCOVACAO COM ESCOVA DE ACO,UTILIZANDO MANGUEIRADE 1/2\",EXCLUSIVE ANDAIMES","M2",3.11,null,"05.001.0758-A","LIMPEZA DE SUPERFICIE DE CONCRETO APARENTE LISO(ANTIGO),COMAGUA PURA E ESCOVACAO COM ESCOVA DE ACO,UTILIZANDO MANGUEIRADE 1/2\",EXCLUSIVE ANDAIMES","M2",2.9]
["05.001.0800-0","POLIMENTO MANUAL DE PEITORIL DE MARMORITE","M",73.67,null,"05.001.0800-A","POLIMENTO MANUAL DE PEITORIL DE MARMORITE","M",68.75]
["05.001.0802-0","POLIMENTO MANUAL DE PEITORIL DE MARMORE","M",75.510000000000005,null,"05.001.0802-A","POLIMENTO MANUAL DE PEITORIL DE MARMORE","M",70.459999999999994]
["05.001.0805-0","POLIMENTO MANUAL DE PISO E ESPELHO,EM ESCADA DE MARMORITE","M",86.56,null,"05.001.0805-A","POLIMENTO MANUAL DE PISO E ESPELHO,EM ESCADA DE MARMORITE","M",80.78]
["05.001.0810-0","POLIMENTO MANUAL DE RODAPE DE MARMORITE","M",90.25,null,"05.001.0810-A","POLIMENTO MANUAL DE RODAPE DE MARMORITE","M",84.21]
["05.001.0815-0","POLIMENTO MANUAL DE RODAPE EM MATERIAL DE ALTA RESISTENCIA","M",112.35,null,"05.001.0815-A","POLIMENTO MANUAL DE RODAPE EM MATERIAL DE ALTA RESISTENCIA","M",104.84]
["05.001.0820-0","LIMPEZA E POLIMENTO DE PISO DE ALTA RESISTENCIA,ANTIGO,USANDO ESTUQUE COM ADESIVO,CIMENTO BRANCO E CORANTE,SENDO 2 POLIMENTOS MECANICOS","M2",45.52,null,"05.001.0820-A","LIMPEZA E POLIMENTO DE PISO DE ALTA RESISTENCIA,ANTIGO,USANDO ESTUQUE COM ADESIVO,CIMENTO BRANCO E CORANTE,SENDO 2 POLIMENTOS MECANICOS","M2",43.36]
["05.001.0825-0","LIMPEZA E POLIMENTO DE PISO DE MARMORITE,ANTIGO,USANDO ESTUQUE COM ADESIVO,CIMENTO BRANCO E CORANTE,SENDO 2 POLIMENTOS MECANICOS","M2",47.94,null,"05.001.0825-A","LIMPEZA E POLIMENTO DE PISO DE MARMORITE,ANTIGO,USANDO ESTUQUE COM ADESIVO,CIMENTO BRANCO E CORANTE,SENDO 2 POLIMENTOS MECANICOS","M2",45.79]
["05.001.0840-0","LIMPEZA E POLIMENTO DE PISO DE MARMORE,ANTIGO,USANDO ESTUQUECOM ADESIVO,CIMENTO BRANCO E CORANTE,SENDO 2 POLIMENTOS MECANICOS","M2",44.88,null,"05.001.0840-A","LIMPEZA E POLIMENTO DE PISO DE MARMORE,ANTIGO,USANDO ESTUQUECOM ADESIVO,CIMENTO BRANCO E CORANTE,SENDO 2 POLIMENTOS MECANICOS","M2",42.72]
["05.001.0845-0","LIMPEZA E POLIMENTO DE PISO DE GRANITO,ANTIGO,USANDO ESTUQUECOM ADESIVO,CIMENTO BRANCO E CORANTE,SENDO 2 POLIMENTOS MECANICOS","M2",47.94,null,"05.001.0845-A","LIMPEZA E POLIMENTO DE PISO DE GRANITO,ANTIGO,USANDO ESTUQUECOM ADESIVO,CIMENTO BRANCO E CORANTE,SENDO 2 POLIMENTOS MECANICOS","M2",45.79]
["05.001.0850-0","POLIMENTO MECANICO EM PISO CIMENTADO ANTIGO,APOS REPAROS DOREVESTIMENTO COM ESTUQUE DE CIMENTO E ADESIVO,INCLUSIVE ESTES MATERIAIS","M2",15.65,null,"05.001.0850-A","POLIMENTO MECANICO EM PISO CIMENTADO ANTIGO,APOS REPAROS DOREVESTIMENTO COM ESTUQUE DE CIMENTO E ADESIVO,INCLUSIVE ESTES MATERIAIS","M2",15.1]
["05.001.0876-0","RASPAGEM COM ESPATULA DE ACO OU ESCOVA DE ACO PARA REMOCAO DE CRAQUELE DE PINTURA","M2",27.4,null,"05.001.0876-A","RASPAGEM COM ESPATULA DE ACO OU ESCOVA DE ACO PARA REMOCAO DE CRAQUELE DE PINTURA","M2",25.57]
["05.001.0900-0","CORTE DE ACO(VERGALHAO),INCLUSIVE REMOCAO DO LOCAL,APOS SERVICOS DE DEMOLICAO DE CONCRETO","KG",1.2,null,"05.001.0900-A","CORTE DE ACO(VERGALHAO),INCLUSIVE REMOCAO DO LOCAL,APOS SERVICOS DE DEMOLICAO DE CONCRETO","KG",1.1200000000000001]
["05.001.0950-0","DESMONTAGEM E REMOCAO MANUAIS DE TUBOS,CONEXOES,REGISTROS,VALVULAS E SIMILARES,COM JUNTAS FLANGEADAS.CUSTO POR JUNTA DEDN ATE 80MM","UN",16.38,null,"05.001.0950-A","DESMONTAGEM E REMOCAO MANUAIS DE TUBOS,CONEXOES,REGISTROS,VALVULAS E SIMILARES,COM JUNTAS FLANGEADAS.CUSTO POR JUNTA DEDN ATE 80MM","UN",15.28]
["05.001.0955-0","DESMONTAGEM E REMOCAO MANUAIS DE TUBOS,CONEXOES,REGISTROS,VALVULAS E SIMILARES,COM JUNTAS FLANGEADAS.CUSTO POR JUNTA DEDN=100 OU 150MM","UN",26.23,null,"05.001.0955-A","DESMONTAGEM E REMOCAO MANUAIS DE TUBOS,CONEXOES,REGISTROS,VALVULAS E SIMILARES,COM JUNTAS FLANGEADAS.CUSTO POR JUNTA DEDN=100 OU 150MM","UN",24.47]
["05.001.0960-0","DESMONTAGEM E REMOCAO MANUAIS DE TUBOS,CONEXOES,REGISTROS,VALVULAS E SIMILARES,COM JUNTAS FLANGEADAS.CUSTO POR JUNTA DEDN=200MM","UN",32.799999999999997,null,"05.001.0960-A","DESMONTAGEM E REMOCAO MANUAIS DE TUBOS,CONEXOES,REGISTROS,VALVULAS E SIMILARES,COM JUNTAS FLANGEADAS.CUSTO POR JUNTA DEDN=200MM","UN",30.61]
["05.002.0001-0","DEMOLICAO,COM EQUIPAMENTO DE AR COMPRIMIDO,DE PISOS OU PAVIMENTOS DE CONCRETO SIMPLES,INCLUSIVE EMPILHAMENTO LATERAL DENTRO DO CANTEIRO DE SERVICO","M3",210.78,null,"05.002.0001-A","DEMOLICAO,COM EQUIPAMENTO DE AR COMPRIMIDO,DE PISOS OU PAVIMENTOS DE CONCRETO SIMPLES,INCLUSIVE EMPILHAMENTO LATERAL DENTRO DO CANTEIRO DE SERVICO","M3",202.63]
["05.002.0002-0","DEMOLICAO,COM EQUIPAMENTO DE AR COMPRIMENTO,DE PISOS OU PAVIMENTOS DE CONCRETO ARMADO,INCLUSIVE EMPILHAMENTO LATERAL DENTRO DO CANTEIRO DE SERVICO","M3",358.33,null,"05.002.0002-A","DEMOLICAO,COM EQUIPAMENTO DE AR COMPRIMENTO,DE PISOS OU PAVIMENTOS DE CONCRETO ARMADO,INCLUSIVE EMPILHAMENTO LATERAL DENTRO DO CANTEIRO DE SERVICO","M3",344.48]
["05.002.0003-1","DEMOLICAO,COM EQUIPAMENTO DE AR COMPRIMIDO,DE MASSAS DE CONCRETO SIMPLES,EXCETO PISOS OU PAVIMENTOS,INCLUSIVE EMPILHAMENTO LATERAL DENTRO DO CANTEIRO DE SERVICO","M3",485.59,null,"05.002.0003-B","DEMOLICAO,COM EQUIPAMENTO DE AR COMPRIMIDO,DE MASSAS DE CONCRETO SIMPLES,EXCETO PISOS OU PAVIMENTOS,INCLUSIVE EMPILHAMENTO LATERAL DENTRO DO CANTEIRO DE SERVICO","M3",467.03]
["05.002.0004-0","DEMOLICAO,COM EQUIPAMENTO DE AR COMPRIMIDO,DE MASSAS DE CONCRETO ARMADO,EXCETO PISOS OU PAVIMENTOS,INCLUSIVE EMPILHAMENTO LATERAL DENTRO DO CANTEIRO DE SERVICO","M3",825.51,null,"05.002.0004-A","DEMOLICAO,COM EQUIPAMENTO DE AR COMPRIMIDO,DE MASSAS DE CONCRETO ARMADO,EXCETO PISOS OU PAVIMENTOS,INCLUSIVE EMPILHAMENTO LATERAL DENTRO DO CANTEIRO DE SERVICO","M3",793.96]
["05.002.0005-1","DEMOLICAO COM EQUIPAMENTO DE AR COMPRIMIDO,DE PAVIMENTACAO DE CONCRETO ASFALTICO,COM 5CM DE ESPESSURA,INCLUSIVE EMPILHAMENTO LATERAL DENTRO DO CANTEIRO DE SERVICO","M2",31.28,null,"05.002.0005-B","DEMOLICAO COM EQUIPAMENTO DE AR COMPRIMIDO,DE PAVIMENTACAO DE CONCRETO ASFALTICO,COM 5CM DE ESPESSURA,INCLUSIVE EMPILHAMENTO LATERAL DENTRO DO CANTEIRO DE SERVICO","M2",30.12]
["05.002.0006-1","DEMOLICAO COM EQUIPAMENTO DE AR COMPRIMIDO,DE PAVIMENTACAO DE CONCRETO ASFALTICO,COM 10CM DE ESPESSURA,INCLUSIVE EMPILHAMENTO LATERAL DENTRO DO CANTEIRO DE SERVICO","M2",45.97,null,"05.002.0006-B","DEMOLICAO COM EQUIPAMENTO DE AR COMPRIMIDO,DE PAVIMENTACAO DE CONCRETO ASFALTICO,COM 10CM DE ESPESSURA,INCLUSIVE EMPILHAMENTO LATERAL DENTRO DO CANTEIRO DE SERVICO","M2",44.23]
["05.002.0007-0","DEMOLICAO COM EQUIPAMENTO DE AR COMPRIMIDO,DE PAVIMENTACAO DE CONCRETO ASFALTICO,COM 5CM DE ESPESSURA,EM FAIXAS DE ATE 1,20M DE LARGURA,INCLUSIVE EMPILHAMENTO LATERAL DENTRO DO CANTEIRO DE SERVICO","M2",36.76,null,"05.002.0007-A","DEMOLICAO COM EQUIPAMENTO DE AR COMPRIMIDO,DE PAVIMENTACAO DE CONCRETO ASFALTICO,COM 5CM DE ESPESSURA,EM FAIXAS DE ATE 1,20M DE LARGURA,INCLUSIVE EMPILHAMENTO LATERAL DENTRO DO CANTEIRO DE SERVICO","M2",35.4]
["05.002.0008-0","DEMOLICAO COM EQUIPAMENTO DE AR COMPRIMIDO,DE PAVIMENTACAO DE CONCRETO ASFALTICO,COM 10CM DE ESPESSURA,EM FAIXAS DE ATE1,20M DE LARGURA,INCLUSIVE EMPILHAMENTO LATERAL DENTRO DO CANTEIRO DE SERVICO","M2",54.01,null,"05.002.0008-A","DEMOLICAO COM EQUIPAMENTO DE AR COMPRIMIDO,DE PAVIMENTACAO DE CONCRETO ASFALTICO,COM 10CM DE ESPESSURA,EM FAIXAS DE ATE1,20M DE LARGURA,INCLUSIVE EMPILHAMENTO LATERAL DENTRO DO CANTEIRO DE SERVICO","M2",51.97]
["05.002.0009-1","DEMOLICAO COM EQUIPAMENTO DE AR COMPRIMIDO,DE PAVIMENTACAO DE CONCRETO SIMPLES,COM 15CM DE ESPESSURA,INCLUSIVE EMPILHAMENTO LATERAL DENTRO DO CANTEIRO DE SERVICO","M2",32.840000000000003,null,"05.002.0009-B","DEMOLICAO COM EQUIPAMENTO DE AR COMPRIMIDO,DE PAVIMENTACAO DE CONCRETO SIMPLES,COM 15CM DE ESPESSURA,INCLUSIVE EMPILHAMENTO LATERAL DENTRO DO CANTEIRO DE SERVICO","M2",31.57]
["05.002.0010-1","DEMOLICAO COM EQUIPAMENTO DE AR COMPRIMIDO,DE PAVIMENTACAO DE CONCRETO SIMPLES,COM 20CM DE ESPESSURA,INCLUSIVE EMPILHAMENTO LATERAL DENTRO DO CANTEIRO DE SERVICO","M2",41.11,null,"05.002.0010-B","DEMOLICAO COM EQUIPAMENTO DE AR COMPRIMIDO,DE PAVIMENTACAO DE CONCRETO SIMPLES,COM 20CM DE ESPESSURA,INCLUSIVE EMPILHAMENTO LATERAL DENTRO DO CANTEIRO DE SERVICO","M2",39.520000000000003]
["05.002.0011-0","DEMOLICAO COM EQUIPAMENTO DE AR COMPRIMIDO,DE PAVIMENTACAO DE CONCRETO SIMPLES,COM 15CM DE ESPESSURA,EM FAIXAS DE ATE 1,20M DE LARGURA,INCLUSIVE EMPILHAMENTO LATERAL DENTRO DO CANTIRO DE SERVICO","M2",57.48,null,"05.002.0011-A","DEMOLICAO COM EQUIPAMENTO DE AR COMPRIMIDO,DE PAVIMENTACAO DE CONCRETO SIMPLES,COM 15CM DE ESPESSURA,EM FAIXAS DE ATE 1,20M DE LARGURA,INCLUSIVE EMPILHAMENTO LATERAL DENTRO DO CANTIRO DE SERVICO","M2",55.26]
["05.002.0012-0","DEMOLICAO COM EQUIPAMENTO DE AR COMPRIMIDO,DE PAVIMENTACAO DE CONCRETO SIMPLES,COM 20CM DE ESPESSURA,EM FAIXAS DE ATE 1,20M DE LARGURA,INCLUSIVE EMPILHAMENTO LATERAL DENTRO DO CANTEIRO DE SERVICO","M2",71.94,null,"05.002.0012-A","DEMOLICAO COM EQUIPAMENTO DE AR COMPRIMIDO,DE PAVIMENTACAO DE CONCRETO SIMPLES,COM 20CM DE ESPESSURA,EM FAIXAS DE ATE 1,20M DE LARGURA,INCLUSIVE EMPILHAMENTO LATERAL DENTRO DO CANTEIRO DE SERVICO","M2",69.16]
["05.002.0013-0","DEMOLICAO COM EQUIPAMENTO DE AR COMPRIMIDO,DE CONCRETO ARMADO,VISANDO A EXPOSICAO OU RETIRADA DE ARMADURA","M3",1105.3399999999999,null,"05.002.0013-A","DEMOLICAO COM EQUIPAMENTO DE AR COMPRIMIDO,DE CONCRETO ARMADO,VISANDO A EXPOSICAO OU RETIRADA DE ARMADURA","M3",1062.06]
["05.002.0014-0","DEMOLICAO COM EQUIPAMENTO DE AR COMPRIMIDO,DE PASSEIO CIMENTADO COM ESPESSURA ATE 10CM,INCLUSIVE EMPILHAMENTO LATERAL DENTRO DO CANTEIRO DE SERVICO","M2",15.47,null,"05.002.0014-A","DEMOLICAO COM EQUIPAMENTO DE AR COMPRIMIDO,DE PASSEIO CIMENTADO COM ESPESSURA ATE 10CM,INCLUSIVE EMPILHAMENTO LATERAL DENTRO DO CANTEIRO DE SERVICO","M2",14.89]
["05.002.0015-0","DEMOLICAO COM EQUIPAMENTO DE AR COMPRIMIDO,DE BASE DE MACADAME CIMENTADO,INCLUSIVE EMPILHAMENTO LATERAL DENTRO DO CANTEIRO DE SERVICO","M3",159.01,null,"05.002.0015-A","DEMOLICAO COM EQUIPAMENTO DE AR COMPRIMIDO,DE BASE DE MACADAME CIMENTADO,INCLUSIVE EMPILHAMENTO LATERAL DENTRO DO CANTEIRO DE SERVICO","M3",152.86000000000001]
["05.002.0016-0","DEMOLICAO COM EQUIPAMENTO DE AR COMPRIMIDO,DE BASE DE MACADAME BETUMINOSO,INCLUSIVE EMPILHAMENTO LATERAL DENTRO DO CANTEIRO DE SERVICO","M3",140.52000000000001,null,"05.002.0016-A","DEMOLICAO COM EQUIPAMENTO DE AR COMPRIMIDO,DE BASE DE MACADAME BETUMINOSO,INCLUSIVE EMPILHAMENTO LATERAL DENTRO DO CANTEIRO DE SERVICO","M3",135.09]
["05.002.0018-0","DEMOLICAO COM EQUIAMENTO DE AR COMPRIMIDO,DE PISO DE ALTA RESISTENCIA MOLDADO NO LOCAL,COM ESPESSURA DE 0,80CM,INCLUSIVEBASE SUPORTE E EMPILHAMENTO LATERAL DENTRO DO CANTEIRO DE SERVICO","M2",16.34,null,"05.002.0018-A","DEMOLICAO COM EQUIAMENTO DE AR COMPRIMIDO,DE PISO DE ALTA RESISTENCIA MOLDADO NO LOCAL,COM ESPESSURA DE 0,80CM,INCLUSIVEBASE SUPORTE E EMPILHAMENTO LATERAL DENTRO DO CANTEIRO DE SERVICO","M2",15.73]
["05.002.0019-0","DEMOLICAO COM EQUIPAMENTO DE AR COMPRIMIDO,DE PISO DE ALTARESISTENCIA PRE-MOLDADO,COM ESPESSURA DE ATE 3CM E RESPECTIVO CONTRAPISO COM ATE 10CM DE ESPESSURA,INCLUSIVE EMPILHAMENTO LATERAL DENTRO DO CANTEIRO DE SERVICO","M2",19.61,null,"05.002.0019-A","DEMOLICAO COM EQUIPAMENTO DE AR COMPRIMIDO,DE PISO DE ALTARESISTENCIA PRE-MOLDADO,COM ESPESSURA DE ATE 3CM E RESPECTIVO CONTRAPISO COM ATE 10CM DE ESPESSURA,INCLUSIVE EMPILHAMENTO LATERAL DENTRO DO CANTEIRO DE SERVICO","M2",18.88]
["05.002.0030-0","DEMOLICAO DE PISOS OU PAVIMENTOS DE CONCRETO SIMPLES,UTILIZANDO QUEDA DE MACO DE 750KG,ADAPTADO A UMA ESCAVADEIRA DE 0,78M3","M3",59.22,null,"05.002.0030-A","DEMOLICAO DE PISOS OU PAVIMENTOS DE CONCRETO SIMPLES,UTILIZANDO QUEDA DE MACO DE 750KG,ADAPTADO A UMA ESCAVADEIRA DE 0,78M3","M3",58.71]
["05.002.0031-0","DEMOLICAO DE PECAS DE CONCRETO ARMADO EM POSICAO ESPECIAL,UTILIZANDO QUEDA DE MACO DE 750KG,ADAPTADO A UMA ESCAVADEIRA DE 0,78M3","M3",51.16,null,"05.002.0031-A","DEMOLICAO DE PECAS DE CONCRETO ARMADO EM POSICAO ESPECIAL,UTILIZANDO QUEDA DE MACO DE 750KG,ADAPTADO A UMA ESCAVADEIRA DE 0,78M3","M3",48.96]
["05.002.0050-0","ARRANCAMENTO COM EQUIPAMENTO DE AR COMPRIMIDO,DE PISO DE PARALELEPIPEDOS REJUNTADOS COM ARGAMASSA DE CIMENTO E AREIA,INCLUSIVE LIMPEZA E EMPILHAMENTO SOBRE O PASSEIO","M2",20.75,null,"05.002.0050-A","ARRANCAMENTO COM EQUIPAMENTO DE AR COMPRIMIDO,DE PISO DE PARALELEPIPEDOS REJUNTADOS COM ARGAMASSA DE CIMENTO E AREIA,INCLUSIVE LIMPEZA E EMPILHAMENTO SOBRE O PASSEIO","M2",19.97]
["05.002.0055-0","ARRANCAMENTO,COM EQUIPAMENTO DE AR COMPRIMIDO,DE TAMPAO DE FERRO FUNDIDO (TAMPA E TELAR)","UN",73.41,null,"05.002.0055-A","ARRANCAMENTO,COM EQUIPAMENTO DE AR COMPRIMIDO,DE TAMPAO DE FERRO FUNDIDO (TAMPA E TELAR)","UN",69.58]
["05.002.0060-0","ARRANCAMENTO,COM EQUIPAMENTO DE AR COMPRIMIDO,E CARGA EM CAMINHAO DE TRILHO DE BONDE","UN",81.790000000000006,null,"05.002.0060-A","ARRANCAMENTO,COM EQUIPAMENTO DE AR COMPRIMIDO,E CARGA EM CAMINHAO DE TRILHO DE BONDE","UN",78.5]
["05.002.0061-0","DEMOLICAO COM EQUIPAMENTO DE AR COMPRIMIDO DE LAJE PRE-FABRICADA COMPOSTA DE TIJOLOS CERAMICOS,VIGOTAS,ARMACAO E CAMADADE CAPEAMENTO,INCLUSIVE EMPILHAMENTO LATERAL DENTRO DO CANTERO DE SERVICO","M3",501.86,null,"05.002.0061-A","DEMOLICAO COM EQUIPAMENTO DE AR COMPRIMIDO DE LAJE PRE-FABRICADA COMPOSTA DE TIJOLOS CERAMICOS,VIGOTAS,ARMACAO E CAMADADE CAPEAMENTO,INCLUSIVE EMPILHAMENTO LATERAL DENTRO DO CANTERO DE SERVICO","M3",483.07]
["05.002.0062-0","DEMOLICAO DE PREDIOS COM ROMPEDOR HIDRAULICO ADAPTADO A ESCAVADEIRA,DE CONCRETO ARMADO,PISOS,ALVENARIA E ESQUADRIAS,INCLUSIVE EMPILHAMENTO DO ENTULHO(CONSIDERANDO DESMONTES MANUALE MECANICO COM O PROPRIO ROMPEDOR),COM PREPARO PARA O TRANSPORTE,EXCLUSIVE CORTE DO ACO(VERGALHAO)EMPILHADO,TRANSP.(BOTAFORA),CARGA E DESCARGA.MEDIDO PELA AREA X ALTURA DO PREDIO","M3",72.150000000000006,null,"05.002.0062-A","DEMOLICAO DE PREDIOS COM ROMPEDOR HIDRAULICO ADAPTADO A ESCAVADEIRA,DE CONCRETO ARMADO,PISOS,ALVENARIA E ESQUADRIAS,INCLUSIVE EMPILHAMENTO DO ENTULHO(CONSIDERANDO DESMONTES MANUALE MECANICO COM O PROPRIO ROMPEDOR),COM PREPARO PARA O TRANSPORTE,EXCLUSIVE CORTE DO ACO(VERGALHAO)EMPILHADO,TRANSP.(BOTAFORA),CARGA E DESCARGA.MEDIDO PELA AREA X ALTURA DO PREDIO","M3",70.59]
["05.002.0063-0","DEMOLICAO DE CONCRETO ARMADO COM ROMPEDOR HIDRAULICO ADAPTADO A ESCAVADEIRA,INCLUSIVE EMPILHAMENTO LATERAL DENTRO DO CANTEIRO DE SERVICO","M3",69.010000000000005,null,"05.002.0063-A","DEMOLICAO DE CONCRETO ARMADO COM ROMPEDOR HIDRAULICO ADAPTADO A ESCAVADEIRA,INCLUSIVE EMPILHAMENTO LATERAL DENTRO DO CANTEIRO DE SERVICO","M3",68.08]
["05.002.0065-0","DEMOLICAO E REMOCAO DE ESTRUTURAS METALICAS TRELICADAS DE VERGALHOES E/OU PERFIS LEVES DE ACO,MEDIDAS PELO PESO REMOVIDO","KG",3.27,null,"05.002.0065-A","DEMOLICAO E REMOCAO DE ESTRUTURAS METALICAS TRELICADAS DE VERGALHOES E/OU PERFIS LEVES DE ACO,MEDIDAS PELO PESO REMOVIDO","KG",3.11]
["05.002.0070-0","DEMOLICAO E REMOCAO COM MACARICO E GUINDASTES,DE ESTRUTURASMETALICAS DE PERFIS PESADOS DE ACO,MEDIDAS PELO PESO REMOVIDO","T",899.46,null,"05.002.0070-A","DEMOLICAO E REMOCAO COM MACARICO E GUINDASTES,DE ESTRUTURASMETALICAS DE PERFIS PESADOS DE ACO,MEDIDAS PELO PESO REMOVIDO","T",888.3]
["05.002.0075-0","DEMOLICAO E REMOCAO COM MACARICO E GUINDASTES,DE ESTRUTURASMETALICAS OU SIMILARES DE CHAPAS DE ACO,MEDIDAS PELO PESO REMOVIDO","T",854.27,null,"05.002.0075-A","DEMOLICAO E REMOCAO COM MACARICO E GUINDASTES,DE ESTRUTURASMETALICAS OU SIMILARES DE CHAPAS DE ACO,MEDIDAS PELO PESO REMOVIDO","T",838]
["05.002.0081-0","DESMONTAGEM E REMOCAO COM AUXILIO DE GUINDASTE,DE TUBOS,CONEXOES,REGISTROS,VALVULAS E SIMILARES COM JUNTAS FLANGEADAS,CUSTO POR JUNTA,COM DN=200MM","UN",92.17,null,"05.002.0081-A","DESMONTAGEM E REMOCAO COM AUXILIO DE GUINDASTE,DE TUBOS,CONEXOES,REGISTROS,VALVULAS E SIMILARES COM JUNTAS FLANGEADAS,CUSTO POR JUNTA,COM DN=200MM","UN",89.82]
["05.002.0082-0","DESMONTAGEM E REMOCAO COM AUXILIO DE GUINDASTE,DE TUBOS,CONEXOES,REGISTROS,VALVULAS E SIMILARES COM JUNTAS FLANGEADAS,CUSTO POR JUNTA,COM DN=250MM","UN",99.36,null,"05.002.0082-A","DESMONTAGEM E REMOCAO COM AUXILIO DE GUINDASTE,DE TUBOS,CONEXOES,REGISTROS,VALVULAS E SIMILARES COM JUNTAS FLANGEADAS,CUSTO POR JUNTA,COM DN=250MM","UN",96.59]
["05.002.0083-0","DESMONTAGEM E REMOCAO COM AUXILIO DE GUINDASTE,DE TUBOS,CONEXOES,REGISTROS,VALVULAS E SIMILARES COM JUNTAS FLANGEADAS CUSTO POR JUNTA,COM DN= 300MM","UN",100.87,null,"05.002.0083-A","DESMONTAGEM E REMOCAO COM AUXILIO DE GUINDASTE,DE TUBOS,CONEXOES,REGISTROS,VALVULAS E SIMILARES COM JUNTAS FLANGEADAS CUSTO POR JUNTA,COM DN= 300MM","UN",98.06]
["05.002.0084-0","DESMONTAGEM E REMOCAO COM AUXILIO DE GUINDASTE,DE TUBOS,CONEXOES,REGISTROS,VALVULAS E SIMILARES COM JUNTAS FLANGEADAS CUSTO POR JUNTA,COM DN=350MM","UN",107.42,null,"05.002.0084-A","DESMONTAGEM E REMOCAO COM AUXILIO DE GUINDASTE,DE TUBOS,CONEXOES,REGISTROS,VALVULAS E SIMILARES COM JUNTAS FLANGEADAS CUSTO POR JUNTA,COM DN=350MM","UN",104.17]
["05.002.0085-0","DESMONTAGEM E REMOCAO COM AUXILIO DE GUINDASTE,DE TUBOS,CONEXOES,REGISTROS,VALVULAS E SIMILARES COM JUNTAS FLANGEADAS CUSTO POR JUNTA,COM DN=400MM","UN",111.91,null,"05.002.0085-A","DESMONTAGEM E REMOCAO COM AUXILIO DE GUINDASTE,DE TUBOS,CONEXOES,REGISTROS,VALVULAS E SIMILARES COM JUNTAS FLANGEADAS CUSTO POR JUNTA,COM DN=400MM","UN",108.43]
["05.002.0086-0","DESMONTAGEM E REMOCAO COM AUXILIO DE GUINDASTE,DE TUBOS,CONEXOES,REGISTROS,VALVULAS E SIMILARES COM JUNTAS FLANGEADAS CUSTO POR JUNTA,COM DN=450MM","UN",115.1,null,"05.002.0086-A","DESMONTAGEM E REMOCAO COM AUXILIO DE GUINDASTE,DE TUBOS,CONEXOES,REGISTROS,VALVULAS E SIMILARES COM JUNTAS FLANGEADAS CUSTO POR JUNTA,COM DN=450MM","UN",111.56]
["05.002.0087-0","DESMONTAGEM E REMOCAO COM AUXILIO DE GUINDASTE,DE TUBOS,CONEXOES,REGISTROS,VALVULAS E SIMILARES COM JUNTAS FLANGEADAS CUSTO POR JUNTA,COM DN=500MM","UN",122.67,null,"05.002.0087-A","DESMONTAGEM E REMOCAO COM AUXILIO DE GUINDASTE,DE TUBOS,CONEXOES,REGISTROS,VALVULAS E SIMILARES COM JUNTAS FLANGEADAS CUSTO POR JUNTA,COM DN=500MM","UN",118.64]
["05.002.0088-0","DESMONTAGEM E REMOCAO COM AUXILIO DE GUINDASTE,DE TUBOS,CONEXOES,REGISTROS,VALVULAS E SIMILARES COM JUNTAS FLANGEADAS CUSTO POR JUNTA,COM DN=600MM","UN",131.86000000000001,null,"05.002.0088-A","DESMONTAGEM E REMOCAO COM AUXILIO DE GUINDASTE,DE TUBOS,CONEXOES,REGISTROS,VALVULAS E SIMILARES COM JUNTAS FLANGEADAS CUSTO POR JUNTA,COM DN=600MM","UN",127.49]
["05.002.0089-0","DESMONTAGEM E REMOCAO COM AUXILIO DE GUINDASTE,DE TUBOS,CONEXOES,REGISTROS,VALVULAS E SIMILARES COM JUNTAS FLANGEADAS CUSTO POR JUNTA,COM DN=700MM","UN",148.5,null,"05.002.0089-A","DESMONTAGEM E REMOCAO COM AUXILIO DE GUINDASTE,DE TUBOS,CONEXOES,REGISTROS,VALVULAS E SIMILARES COM JUNTAS FLANGEADAS CUSTO POR JUNTA,COM DN=700MM","UN",143.44999999999999]
["05.002.0090-0","DESMONTAGEM E REMOCAO COM AUXILIO DE GUINDASTE,DE TUBOS,CONEXOES,REGISTROS,VALVULAS E SIMILARES COM JUNTAS FLANGEADAS CUSTO POR JUNTA,COM DN=800MM","UN",161.38999999999999,null,"05.002.0090-A","DESMONTAGEM E REMOCAO COM AUXILIO DE GUINDASTE,DE TUBOS,CONEXOES,REGISTROS,VALVULAS E SIMILARES COM JUNTAS FLANGEADAS CUSTO POR JUNTA,COM DN=800MM","UN",155.9]
["05.002.0091-0","DESMONTAGEM E REMOCAO COM AUXILIO DE GUINDASTE,DE TUBOS,CONEXOES,REGISTROS,VALVULAS E SIMILARES COM JUNTAS FLANGEADAS CUSTO POR JUNTA,COM DN=900MM","UN",176.43,null,"05.002.0091-A","DESMONTAGEM E REMOCAO COM AUXILIO DE GUINDASTE,DE TUBOS,CONEXOES,REGISTROS,VALVULAS E SIMILARES COM JUNTAS FLANGEADAS CUSTO POR JUNTA,COM DN=900MM","UN",170.26]
["05.002.0092-0","DESMONTAGEM E REMOCAO COM AUXILIO DE GUINDASTE,DE TUBOS,CONEXOES,REGISTROS,VALVULAS E SIMILARES COM JUNTAS FLANGEADAS CUSTO POR JUNTA,COM DN=1000MM","UN",236.12,null,"05.002.0092-A","DESMONTAGEM E REMOCAO COM AUXILIO DE GUINDASTE,DE TUBOS,CONEXOES,REGISTROS,VALVULAS E SIMILARES COM JUNTAS FLANGEADAS CUSTO POR JUNTA,COM DN=1000MM","UN",228.97]
["05.002.0093-0","DESMONTAGEM E REMOCAO COM AUXILIO DE GUINDASTE,DE TUBOS,CONEXOES,REGISTROS,VALVULAS E SIMILARES COM JUNTAS FLANGEADAS CUSTO POR JUNTA,COM DN=1200MM","UN",344.3,null,"05.002.0093-A","DESMONTAGEM E REMOCAO COM AUXILIO DE GUINDASTE,DE TUBOS,CONEXOES,REGISTROS,VALVULAS E SIMILARES COM JUNTAS FLANGEADAS CUSTO POR JUNTA,COM DN=1200MM","UN",334.62]
["05.002.0100-0","LEVANTAMENTO OU REBAIXAMENTO DE TAMPAO DE RUA,CONSIDERANDO DEMOLICAO DE CAMADA DE ASFALTO E CONCRETO,MOVIMENTACAO E CONCRETAGEM,EXCLUSIVE CERCA PROTETORA","UN",342.54,null,"05.002.0100-A","LEVANTAMENTO OU REBAIXAMENTO DE TAMPAO DE RUA,CONSIDERANDO DEMOLICAO DE CAMADA DE ASFALTO E CONCRETO,MOVIMENTACAO E CONCRETAGEM,EXCLUSIVE CERCA PROTETORA","UN",328.67]
["05.002.0101-0","LEVANTAMENTO OU REBAIXAMENTO DE TAMPAO DE RUA,CONSIDERANDO DEMOLICAO DE CAMADA DE ASFALTO E CONCRETO,MOVIMENTACAO E CONCRETAGEM,INCLUSIVE CERCA PROTETORA","UN",351.07,null,"05.002.0101-A","LEVANTAMENTO OU REBAIXAMENTO DE TAMPAO DE RUA,CONSIDERANDO DEMOLICAO DE CAMADA DE ASFALTO E CONCRETO,MOVIMENTACAO E CONCRETAGEM,INCLUSIVE CERCA PROTETORA","UN",337.2]
["05.002.0102-0","LEVANTAMENTO OU REBAIXAMENTO DE TAMPAO EM PATIO,PASSEIO OU JARDIM COM VARIACAO DE MOVIMENTACAO ATE 0,50M,CONSIDERANDO DEMOLICAO DE CAMADA DE CONCRETO E CONCRETAGEM,INCLUSIVE CERCAPROTETORA","UN",508.49,null,"05.002.0102-A","LEVANTAMENTO OU REBAIXAMENTO DE TAMPAO EM PATIO,PASSEIO OU JARDIM COM VARIACAO DE MOVIMENTACAO ATE 0,50M,CONSIDERANDO DEMOLICAO DE CAMADA DE CONCRETO E CONCRETAGEM,INCLUSIVE CERCAPROTETORA","UN",486.26]
["05.002.0105-0","LEVANTAMENTO DE TAMPAO DE RUA,UTILIZANDO CONJUNTO DE ANEIS METALICOS SUPLEMENTARES,EXCLUSIVE CERCA PROTETORA","UN",695.37,null,"05.002.0105-A","LEVANTAMENTO DE TAMPAO DE RUA,UTILIZANDO CONJUNTO DE ANEIS METALICOS SUPLEMENTARES,EXCLUSIVE CERCA PROTETORA","UN",678.11]
["05.002.0106-0","LEVANTAMENTO DE TAMPAO DE RUA,UTILIZANDO CONJUNTO DE ANEISMETALICOS SUPLEMENTARES, INCLUSIVE CERCA PROTETORA","UN",723.54,null,"05.002.0106-A","LEVANTAMENTO DE TAMPAO DE RUA,UTILIZANDO CONJUNTO DE ANEISMETALICOS SUPLEMENTARES, INCLUSIVE CERCA PROTETORA","UN",704.95]
["05.003.0010-1","LIMPEZA MANUAL DE POCO DE VISITA DE ATE 3,00M DE PROFUNDIDADE,EXCLUSIVE TRANSPORTE DO MATERIAL RETIRADO","M3",98.72,null,"05.003.0010-B","LIMPEZA MANUAL DE POCO DE VISITA DE ATE 3,00M DE PROFUNDIDADE,EXCLUSIVE TRANSPORTE DO MATERIAL RETIRADO","M3",92.09]
["05.003.0011-0","LIMPEZA MANUAL DE POCO DE VISITA DE ATE 3,00M DE PROFUNDIDADE,COM TRANSPORTE DO MATERIAL RETIRADO ATE 10KM DE DISTANCIA,INCLUSIVE CARGA MANUAL E DESCARGA MECANICA","M3",195.55,null,"05.003.0011-A","LIMPEZA MANUAL DE POCO DE VISITA DE ATE 3,00M DE PROFUNDIDADE,COM TRANSPORTE DO MATERIAL RETIRADO ATE 10KM DE DISTANCIA,INCLUSIVE CARGA MANUAL E DESCARGA MECANICA","M3",186.46]
["05.003.0015-1","TRANSPORTE DE MATERIAL DEPOSITADO EM POCOS DE VISITA E GALERIAS(AREIA MOLHADA,LODO),COM CARGA MANUAL E DESCARGA MECANICA,ATE 10KM DE DISTANCIA","M3",96.83,null,"05.003.0015-B","TRANSPORTE DE MATERIAL DEPOSITADO EM POCOS DE VISITA E GALERIAS(AREIA MOLHADA,LODO),COM CARGA MANUAL E DESCARGA MECANICA,ATE 10KM DE DISTANCIA","M3",94.37]
["05.003.0016-1","TRANSPORTE DE MATERIAL DEPOSITADO EM POCOS DE VISITA E GALERIAS(AREIA MOLHADA,LODO),COM CARGA MANUAL E DESCARGA MECANICA,ATE 20KM DE DISTANCIA","M3",139.93,null,"05.003.0016-B","TRANSPORTE DE MATERIAL DEPOSITADO EM POCOS DE VISITA E GALERIAS(AREIA MOLHADA,LODO),COM CARGA MANUAL E DESCARGA MECANICA,ATE 20KM DE DISTANCIA","M3",136.62]
["05.003.0017-1","TRANSPORTE DE MATERIAL DEPOSITADO EM POCOS DE VISITA E GALERIAS(AREIA MOLHADA,LODO),COM CARGA MANUAL E DESCARGA MECANICA,ATE 30KM DE DISTANCIA","M3",183.18,null,"05.003.0017-B","TRANSPORTE DE MATERIAL DEPOSITADO EM POCOS DE VISITA E GALERIAS(AREIA MOLHADA,LODO),COM CARGA MANUAL E DESCARGA MECANICA,ATE 30KM DE DISTANCIA","M3",179.08]
["05.003.0020-0","LIMPEZA MANUAL DE GALERIA RETANGULAR,COM TRANSPORTE DE MATERIAL RETIRADO ATE 10KM DE DISTANCIA,INCLUSIVE CARGA MANUAL EDESCARGA MECANICA","M3",228.46,null,"05.003.0020-A","LIMPEZA MANUAL DE GALERIA RETANGULAR,COM TRANSPORTE DE MATERIAL RETIRADO ATE 10KM DE DISTANCIA,INCLUSIVE CARGA MANUAL EDESCARGA MECANICA","M3",217.16]
["05.003.0021-0","LIMPEZA MANUAL DE GALERIA RETANGULAR,COM TRANSPORTE DE MATERIAL RETIRADO ATE 20KM DE DISTANCIA,INCLUSIVE CARGA MANUAL EDESCARGA MECANICA","M3",271.56,null,"05.003.0021-A","LIMPEZA MANUAL DE GALERIA RETANGULAR,COM TRANSPORTE DE MATERIAL RETIRADO ATE 20KM DE DISTANCIA,INCLUSIVE CARGA MANUAL EDESCARGA MECANICA","M3",259.42]
["05.003.0022-0","LIMPEZA MANUAL DE GALERIA RETANGULAR,COM TRANSPORTE DE MATERIAL RETIRADO ATE 30KM DE DISTANCIA,INCLUSIVE CARGA MANUAL EDESCARGA MECANICA","M3",314.81,null,"05.003.0022-A","LIMPEZA MANUAL DE GALERIA RETANGULAR,COM TRANSPORTE DE MATERIAL RETIRADO ATE 30KM DE DISTANCIA,INCLUSIVE CARGA MANUAL EDESCARGA MECANICA","M3",301.88]
["05.003.0090-0","LIMPEZA MANUAL DE RAMAL DE RALO,COM DIAMETRO MENOR QUE 0,40M,COM TRANSPORTE DO MATERIAL RETIRADO ATE 10KM DE DISTANCIA,INCLUSIVE CARGA MANUAL E DESCARGA MECANICA","M3",820.81,null,"05.003.0090-A","LIMPEZA MANUAL DE RAMAL DE RALO,COM DIAMETRO MENOR QUE 0,40M,COM TRANSPORTE DO MATERIAL RETIRADO ATE 10KM DE DISTANCIA,INCLUSIVE CARGA MANUAL E DESCARGA MECANICA","M3",769.75]
["05.003.0091-0","LIMPEZA MANUAL DE RAMAL DE RALO,COM DIAMETRO MENOR QUE 0,40M,COM TRANSPORTE DO MATERIAL RETIRADO ATE 20KM DE DISTANCIA,INCLUSIVE CARGA MANUAL E DESCARGA MECANICA","M3",863.92,null,"05.003.0091-A","LIMPEZA MANUAL DE RAMAL DE RALO,COM DIAMETRO MENOR QUE 0,40M,COM TRANSPORTE DO MATERIAL RETIRADO ATE 20KM DE DISTANCIA,INCLUSIVE CARGA MANUAL E DESCARGA MECANICA","M3",812]
["05.003.0092-0","LIMPEZA MANUAL DE RAMAL DE RALO,COM DIAMETRO MENOR QUE 0,40M,COM TRANSPORTE DO MATERIAL RETIRADO ATE 30KM DE DISTANCIA,INCLUSIVE CARGA MANUAL E DESCARGA MECANICA","M3",907.17,null,"05.003.0092-A","LIMPEZA MANUAL DE RAMAL DE RALO,COM DIAMETRO MENOR QUE 0,40M,COM TRANSPORTE DO MATERIAL RETIRADO ATE 30KM DE DISTANCIA,INCLUSIVE CARGA MANUAL E DESCARGA MECANICA","M3",854.46]
["05.004.0010-0","LIMPEZA DE CONCRETO APARENTE COM JATO D`AGUA,SOLVENTE E ESCOVA DE PIACAVA","M2",9.7799999999999994,null,"05.004.0010-A","LIMPEZA DE CONCRETO APARENTE COM JATO D`AGUA,SOLVENTE E ESCOVA DE PIACAVA","M2",9.59]
["05.004.0025-0","LIMPEZA DE SUPERFICIE METALICA,EM PONTES,VIADUTOS OU ESTRUTURAS SEMELHANTES,UTILIZANDO LIXADEIRA E RASPADEIRA,ADMITINDOUMA PRODUCAO MEDIA DE 280,00M2/MES","M2",48.99,null,"05.004.0025-A","LIMPEZA DE SUPERFICIE METALICA,EM PONTES,VIADUTOS OU ESTRUTURAS SEMELHANTES,UTILIZANDO LIXADEIRA E RASPADEIRA,ADMITINDOUMA PRODUCAO MEDIA DE 280,00M2/MES","M2",45.7]
["05.004.0026-0","LIMPEZA DE SUPERFICIE METALICA,EM PONTES,VIADUTOS OU ESTRUTURAS SEMELHANTES,UTILIZANDO LIXADEIRA E RASPADEIRA,ADMITINDOUMA PRODUCAO MEDIA DE 100,00M2/MES","M2",137.16999999999999,null,"05.004.0026-A","LIMPEZA DE SUPERFICIE METALICA,EM PONTES,VIADUTOS OU ESTRUTURAS SEMELHANTES,UTILIZANDO LIXADEIRA E RASPADEIRA,ADMITINDOUMA PRODUCAO MEDIA DE 100,00M2/MES","M2",127.96]
["05.004.0027-0","LIMPEZA DE SUPERFICIE METALICA,EM PONTES,VIADUTOS OU ESTRUTURAS SEMELHANTES,UTILIZANDO LIXADEIRA E RASPADEIRA,ADMITINDOUMA PRODUCAO MEDIA DE 180,00M2/MES","M2",76.42,null,"05.004.0027-A","LIMPEZA DE SUPERFICIE METALICA,EM PONTES,VIADUTOS OU ESTRUTURAS SEMELHANTES,UTILIZANDO LIXADEIRA E RASPADEIRA,ADMITINDOUMA PRODUCAO MEDIA DE 180,00M2/MES","M2",71.290000000000006]
["05.004.0028-0","LIMPEZA DE SUPERFICIE METALICA,EM PONTES,VIADUTOS OU ESTRUTUTAS SEMELHANTES,UTILIZANDO LIXADEIRA E RASPADEIRA,ADMITINDOUMA PRODUCAO MEDIA DE 350,00M2/MES","M2",39.19,null,"05.004.0028-A","LIMPEZA DE SUPERFICIE METALICA,EM PONTES,VIADUTOS OU ESTRUTUTAS SEMELHANTES,UTILIZANDO LIXADEIRA E RASPADEIRA,ADMITINDOUMA PRODUCAO MEDIA DE 350,00M2/MES","M2",36.56]
["05.004.0030-0","LIMPEZA DE TUNEIS COM JATO D`AGUA,SOLVENTE E ESCOVA DE PIACAVA","M2",29.28,null,"05.004.0030-A","LIMPEZA DE TUNEIS COM JATO D`AGUA,SOLVENTE E ESCOVA DE PIACAVA","M2",28.83]
["05.004.0035-0","DECAPAGEM CUIDADOSA DE ESCULTURAS,PECAS EM ARGAMASSA E/OU FERRO,COM REMOCAO DE SUCESSIVAS CAMADAS DE TINTAS,EXCLUSIVE RETIRADA E TRANSPORTE","M2",1930.04,null,"05.004.0035-A","DECAPAGEM CUIDADOSA DE ESCULTURAS,PECAS EM ARGAMASSA E/OU FERRO,COM REMOCAO DE SUCESSIVAS CAMADAS DE TINTAS,EXCLUSIVE RETIRADA E TRANSPORTE","M2",1808.91]
["05.004.0040-0","LIMPEZA OU PREPARO DE SUPERFICIE DE CONCRETO COM JATO DE AGUA QUENTE COM PRESSAO MINIMA DE 2400LB,SOLVENTE E ESCOVA DE PIACAVA","M2",11.43,null,"05.004.0040-A","LIMPEZA OU PREPARO DE SUPERFICIE DE CONCRETO COM JATO DE AGUA QUENTE COM PRESSAO MINIMA DE 2400LB,SOLVENTE E ESCOVA DE PIACAVA","M2",10.9]
["05.004.0045-0","LIMPEZA OU PREPARO DE SUPERFICIE DE CONCRETO COM JATO DE AGUA PRESSURIZADA OU AR,EM CONDICOES QUE PERMITAM UM RENDIMENTOMEDIO DE 5M2/H","M2",48.78,null,"05.004.0045-A","LIMPEZA OU PREPARO DE SUPERFICIE DE CONCRETO COM JATO DE AGUA PRESSURIZADA OU AR,EM CONDICOES QUE PERMITAM UM RENDIMENTOMEDIO DE 5M2/H","M2",47.28]
["05.004.0050-0","LIMPEZA OU PREPARO DE SUPERFICIE DE CONCRETO COM JATO DE AGUA PRESSURIZADA OU AR,EM CONDICOES QUE PERMITAM UM RENDIMENTOMEDIO DE 15M2/H","M2",37.39,null,"05.004.0050-A","LIMPEZA OU PREPARO DE SUPERFICIE DE CONCRETO COM JATO DE AGUA PRESSURIZADA OU AR,EM CONDICOES QUE PERMITAM UM RENDIMENTOMEDIO DE 15M2/H","M2",35.43]
["05.004.0055-0","LIMPEZA DE SUPERFICIE DE MONUMENTOS HISTORICOS DE ARGAMASSA,FERRO,BRONZE,MARMORE,GRANITO,RESINA,ETC EXCLUSIVE RETIRADA ETRANSPORTE","M2",495.33,null,"05.004.0055-A","LIMPEZA DE SUPERFICIE DE MONUMENTOS HISTORICOS DE ARGAMASSA,FERRO,BRONZE,MARMORE,GRANITO,RESINA,ETC EXCLUSIVE RETIRADA ETRANSPORTE","M2",471.26]
["05.004.0060-0","RESINA PARA PROTECAO DE SUPERFICIE DE MONUMENTOS HISTORICOS.FORNECIMENTO E APLICACAO","M2",124.89,null,"05.004.0060-A","RESINA PARA PROTECAO DE SUPERFICIE DE MONUMENTOS HISTORICOS.FORNECIMENTO E APLICACAO","M2",123.76]
["05.004.0065-0","LIXAMENTO MANUAL PARA LIMPEZA OU PREPARACAO DE ESTRUTURAS METALICAS,UTILIZANDO ESCOVA DE ACO DE 30CM DE CABO,CONSIDERANDO A AREA EFETIVAMENTE LIXADA","M2",5.48,null,"05.004.0065-A","LIXAMENTO MANUAL PARA LIMPEZA OU PREPARACAO DE ESTRUTURAS METALICAS,UTILIZANDO ESCOVA DE ACO DE 30CM DE CABO,CONSIDERANDO A AREA EFETIVAMENTE LIXADA","M2",5.1100000000000003]
["05.004.0070-0","LIXAMENTO MECANICO PARA LIMPEZA OU PREPARACAO DE ESTRUTURASMETALICAS,UTILIZANDO LIXADEIRA ELETRICA,CONSIDERANDO A AREAEFETIVAMENTE LIXADA","M2",4.29,null,"05.004.0070-A","LIXAMENTO MECANICO PARA LIMPEZA OU PREPARACAO DE ESTRUTURASMETALICAS,UTILIZANDO LIXADEIRA ELETRICA,CONSIDERANDO A AREAEFETIVAMENTE LIXADA","M2",4.04]
["05.004.0080-0","LIMPEZA OU PREPARO DE SUPERFICIE DE PISOS E PAREDES DE CONCRETO COM JATO DE MATERIAL ABRASIVO METALICO,SEGUIDO DE AGUA OU AR,CONDICOES QUE NAO PERMITAM O REAPROVEITAMENTO DO MATERIAL ABRASIVO","M2",73.069999999999993,null,"05.004.0080-A","LIMPEZA OU PREPARO DE SUPERFICIE DE PISOS E PAREDES DE CONCRETO COM JATO DE MATERIAL ABRASIVO METALICO,SEGUIDO DE AGUA OU AR,CONDICOES QUE NAO PERMITAM O REAPROVEITAMENTO DO MATERIAL ABRASIVO","M2",72.58]
["05.004.0081-0","LIMPEZA OU PREPARO DE SUPERFICIE DE PISOS E PAREDES DE CONCRETO COM JATO DE MATERIAL ABRASIVO METALICO,SEGUIDO DE AGUA OU AR,EM CONDICOES QUE PERMITAM O REAPROVEITAMENTO DE 50% DEMATERIAL ABRASIVO","M2",46.4,null,"05.004.0081-A","LIMPEZA OU PREPARO DE SUPERFICIE DE PISOS E PAREDES DE CONCRETO COM JATO DE MATERIAL ABRASIVO METALICO,SEGUIDO DE AGUA OU AR,EM CONDICOES QUE PERMITAM O REAPROVEITAMENTO DE 50% DEMATERIAL ABRASIVO","M2",45.91]
["05.004.0083-0","LIMPEZA OU PREPARO DE SUPERFICIE DE PISOS E PAREDES DE FERROOU ACO COM JATO DE MATERIAL ABRASIVO METALICO,SEGUIDO DE AGUA OU AR,EM CONDICOES QUE NAO PERMITAM O REAPROVEITAMENTO DOMATERIAL ABRASIVO","M2",96.27,null,"05.004.0083-A","LIMPEZA OU PREPARO DE SUPERFICIE DE PISOS E PAREDES DE FERROOU ACO COM JATO DE MATERIAL ABRASIVO METALICO,SEGUIDO DE AGUA OU AR,EM CONDICOES QUE NAO PERMITAM O REAPROVEITAMENTO DOMATERIAL ABRASIVO","M2",95.65]
["05.004.0084-0","LIMPEZA OU PREPARO DE SUPERFICIE DE PISOS E PAREDES DE FERROOU ACO COM JATO DE MATERIAL ABRASIVO METALICO,SEGUIDO DE AGUA OU AR,EM CONDICOES QUE PERMITAM O REAPROVEITAMENTO DE 50%DO MATERIAL ABRASIVO","M2",60.71,null,"05.004.0084-A","LIMPEZA OU PREPARO DE SUPERFICIE DE PISOS E PAREDES DE FERROOU ACO COM JATO DE MATERIAL ABRASIVO METALICO,SEGUIDO DE AGUA OU AR,EM CONDICOES QUE PERMITAM O REAPROVEITAMENTO DE 50%DO MATERIAL ABRASIVO","M2",60.09]
["05.004.0085-0","LIMPEZA OU PREPARO DE SUPERFICIE DE TUBOS E PERFIS DE FERROOU ACO COM JATO DE MATERIAL ABRASIVO METALICO,SEGUIDO DE AGUA OU AR,EM CONDICOES QUE NAO PERMITAM O REAPROVEITAMENTO DOMATERIAL ABRASIVO","M2",130.41,null,"05.004.0085-A","LIMPEZA OU PREPARO DE SUPERFICIE DE TUBOS E PERFIS DE FERROOU ACO COM JATO DE MATERIAL ABRASIVO METALICO,SEGUIDO DE AGUA OU AR,EM CONDICOES QUE NAO PERMITAM O REAPROVEITAMENTO DOMATERIAL ABRASIVO","M2",128.96]
["05.004.0086-0","LIMPEZA OU PREPARO DE SUPERFICIE DE TUBOS E PERFIS DE FERROOU ACO COM JATO DE MATERIAL ABRASIVO METALICO,SEGUIDO DE AGUA OU AR,EM CONDICOES QUE PERMITAM O REAPROVEITAMENTO DE 50%DO MATERIAL ABRASIVO","M2",94.85,null,"05.004.0086-A","LIMPEZA OU PREPARO DE SUPERFICIE DE TUBOS E PERFIS DE FERROOU ACO COM JATO DE MATERIAL ABRASIVO METALICO,SEGUIDO DE AGUA OU AR,EM CONDICOES QUE PERMITAM O REAPROVEITAMENTO DE 50%DO MATERIAL ABRASIVO","M2",93.4]
["05.004.0090-0","REMOCAO DE PICHACAO DE MONUMENTOS HISTORICOS DE ARGAMASSA,FERRO,BRONZE,MARMORE,GRANITO,ACO CORTEN,PINTURA AUTOMOTIVA,RESINA,ETC,EXCLUSIVE RETIRADA E TRANSPORTE","M2",473.08,null,"05.004.0090-A","REMOCAO DE PICHACAO DE MONUMENTOS HISTORICOS DE ARGAMASSA,FERRO,BRONZE,MARMORE,GRANITO,ACO CORTEN,PINTURA AUTOMOTIVA,RESINA,ETC,EXCLUSIVE RETIRADA E TRANSPORTE","M2",449.11]
["05.005.0001-1","ANDAIME DE MADEIRA DE 1ª,ATE 7,00M DE ALTURA,EM PECAS DE 3\"X3\",1\"X9\" E 1\"X12\",CONSIDERANDO-SE O APROVEITAMENTO DA MADEIRA 3 VEZES,INCLUSIVE A DESMONTAGEM E MEDIDO PELO VOLUME ABRANGIDO,EXCLUSIVE PLATAFORMA","M3",38.08,null,"05.005.0001-B","ANDAIME DE MADEIRA DE 1ª,ATE 7,00M DE ALTURA,EM PECAS DE 3\"X3\",1\"X9\" E 1\"X12\",CONSIDERANDO-SE O APROVEITAMENTO DA MADEIRA 3 VEZES,INCLUSIVE A DESMONTAGEM E MEDIDO PELO VOLUME ABRANGIDO,EXCLUSIVE PLATAFORMA","M3",36.5]
["05.005.0002-0","ANDAIME DE MADEIRA DE 1ª,ATE 7,00M DE ALTURA,EM PECAS DE 3\"X3\",1\"X9\" E 1\"X12\",CONSIDERANDO-SE O APROVEITAMENTO DA MADEIRA 5 VEZES,INCLUSIVE A DESMONTAGEM E MEDIDO PELO VOLUME ABRANGIDO,EXCLUSIVE PLATAFORMA","M3",32.46,null,"05.005.0002-A","ANDAIME DE MADEIRA DE 1ª,ATE 7,00M DE ALTURA,EM PECAS DE 3\"X3\",1\"X9\" E 1\"X12\",CONSIDERANDO-SE O APROVEITAMENTO DA MADEIRA 5 VEZES,INCLUSIVE A DESMONTAGEM E MEDIDO PELO VOLUME ABRANGIDO,EXCLUSIVE PLATAFORMA","M3",30.89]
["05.005.0003-1","ANDAIME DE MADEIRA DE 1ª,DE 7,00 A 14,00M DE ALTURA,EM PECASDE 3\"X3\",1\"X9\" E 1\"X12\",CONSIDERANDO-SE O APROVEITAMENTO DAMADEIRA 2 VEZES,INCLUSIVE A DESMONTAGEM E MEDIDO PELO VOLUME ABRANGIDO,EXCLUSIVE PLATAFORMA","M3",72.349999999999994,null,"05.005.0003-B","ANDAIME DE MADEIRA DE 1ª,DE 7,00 A 14,00M DE ALTURA,EM PECASDE 3\"X3\",1\"X9\" E 1\"X12\",CONSIDERANDO-SE O APROVEITAMENTO DAMADEIRA 2 VEZES,INCLUSIVE A DESMONTAGEM E MEDIDO PELO VOLUME ABRANGIDO,EXCLUSIVE PLATAFORMA","M3",70.42]
["05.005.0004-0","ANDAIME DE TORAS DE EUCALIPTO,COM APROVEITAMENTO DA MADEIRA20 VEZES,PASSARELA DE MADEIRA DE 1ª,COM APROVEITAMENTO DA MADEIRA 5 VEZES,INCLUSIVE A DESMONTAGEM DO ANDAIME E DA PASSARELA","M3",88.05,null,"05.005.0004-A","ANDAIME DE TORAS DE EUCALIPTO,COM APROVEITAMENTO DA MADEIRA20 VEZES,PASSARELA DE MADEIRA DE 1ª,COM APROVEITAMENTO DA MADEIRA 5 VEZES,INCLUSIVE A DESMONTAGEM DO ANDAIME E DA PASSARELA","M3",84.29]
["05.005.0005-1","ANDAIME DE TABUADO SOBRE CAVALETES,INCLUSIVE ESTES,EM MADEIRA DE 1ª,COM APROVEITAMENTO DA MADEIRA 20 VEZES,INCLUSIVE MOVIMENTACAO","M2",15.57,null,"05.005.0005-B","ANDAIME DE TABUADO SOBRE CAVALETES,INCLUSIVE ESTES,EM MADEIRA DE 1ª,COM APROVEITAMENTO DA MADEIRA 20 VEZES,INCLUSIVE MOVIMENTACAO","M2",15.2]
["05.005.0006-1","ANDAIME DE TABUADO SOBRE CAVALETES,INCLUSIVE ESTES,EM MADEIRA DE 1ª,COM APROVEITAMENTO DA MADEIRA 10 VEZES,INCLUSIVE MOVIMENTACAO","M2",25.54,null,"05.005.0006-B","ANDAIME DE TABUADO SOBRE CAVALETES,INCLUSIVE ESTES,EM MADEIRA DE 1ª,COM APROVEITAMENTO DA MADEIRA 10 VEZES,INCLUSIVE MOVIMENTACAO","M2",25.18]
["05.005.0007-0","ANDAIME DE TABUADO SOBRE CAVALETES,INCLUSIVE ESTES,EM MADEIRA DE 1ª,COM APROVEITAMENTO DA MADEIRA 20 VEZES,INCLUSIVE MOVIMENTACAO PARA PE DIREITO DE 4,00M","M2",20.149999999999999,null,"05.005.0007-A","ANDAIME DE TABUADO SOBRE CAVALETES,INCLUSIVE ESTES,EM MADEIRA DE 1ª,COM APROVEITAMENTO DA MADEIRA 20 VEZES,INCLUSIVE MOVIMENTACAO PARA PE DIREITO DE 4,00M","M2",19.75]
["05.005.0012-1","PLATAFORMA OU PASSARELA DE MADEIRA DE 1ª,CONSIDERANDO-SE APROVEITAMENTO DA  MADEIRA 20 VEZES,EXCLUSIVE ANDAIME OU OUTROSUPORTE E MOVIMENTACAO(VIDE ITEM 05.008.0008)","M2",4.75,null,"05.005.0012-B","PLATAFORMA OU PASSARELA DE MADEIRA DE 1ª,CONSIDERANDO-SE APROVEITAMENTO DA  MADEIRA 20 VEZES,EXCLUSIVE ANDAIME OU OUTROSUPORTE E MOVIMENTACAO(VIDE ITEM 05.008.0008)","M2",4.75]
["05.005.0013-0","PLATAFORMA OU PASSARELA DE MADEIRA DE 1ª,CONSIDERANDO-SE APROVEITAMENTO DA MADEIRA 40 VEZES,EXCLUSIVE ANDAIME OU OUTRO SUPORTE E MOVIMENTACAO(VIDE ITEM 05.008.0008)","M2",2.37,null,"05.005.0013-A","PLATAFORMA OU PASSARELA DE MADEIRA DE 1ª,CONSIDERANDO-SE APROVEITAMENTO DA MADEIRA 40 VEZES,EXCLUSIVE ANDAIME OU OUTRO SUPORTE E MOVIMENTACAO(VIDE ITEM 05.008.0008)","M2",2.37]
["05.005.0014-0","PLATAFORMA OU PASSARELA DE MADEIRA DE 1ª,CONSIDERANDO-SE APROVEITAMENTO DA MADEIRA 60 VEZES,EXCLUSIVE ANDAIME OU OUTRO SUPORTE E MOVIMENTACAO (VIDE ITEM 05.008.0008)","M2",1.57,null,"05.005.0014-A","PLATAFORMA OU PASSARELA DE MADEIRA DE 1ª,CONSIDERANDO-SE APROVEITAMENTO DA MADEIRA 60 VEZES,EXCLUSIVE ANDAIME OU OUTRO SUPORTE E MOVIMENTACAO (VIDE ITEM 05.008.0008)","M2",1.57]
["05.005.0015-0","PLATAFORMA OU PASSARELA DE MADEIRA DE 1ª,CONSIDERANDO-SE APROVEITAMENTO DA MADEIRA 80 VEZES,EXCLUSIVE ANDAIME OU OUTRO SUPORTE E MOVIMENTACAO(VIDE ITEM 05.008.0008)","M2",1.18,null,"05.005.0015-A","PLATAFORMA OU PASSARELA DE MADEIRA DE 1ª,CONSIDERANDO-SE APROVEITAMENTO DA MADEIRA 80 VEZES,EXCLUSIVE ANDAIME OU OUTRO SUPORTE E MOVIMENTACAO(VIDE ITEM 05.008.0008)","M2",1.18]
["05.005.0018-0","ESCADA DE MADEIRA DE 3ª EXECUTADA SOBRE TERRENO COM INCLINACAO MEDIA ATE 45°,COM 0,80M DE LARGURA,CONSIDERANDO 30% DE APROVEITAMENTO DA MADEIRA,EXCLUSIVE ANCORAGEM","M",112.17,null,"05.005.0018-A","ESCADA DE MADEIRA DE 3ª EXECUTADA SOBRE TERRENO COM INCLINACAO MEDIA ATE 45°,COM 0,80M DE LARGURA,CONSIDERANDO 30% DE APROVEITAMENTO DA MADEIRA,EXCLUSIVE ANCORAGEM","M",107.54]
["05.005.0019-0","ESCADA DE MADEIRA DE 3ª EXECUTADA SOBRE TERRENO COM INCLINACAO MEDIA SUPERIOR A 45°,COM 0,80M DE LARGURA,CONSIDERANDO 30% DE APROVEITAMENTO DA MADEIRA,EXCLUSIVE ANCORAGEM","M",181.19,null,"05.005.0019-A","ESCADA DE MADEIRA DE 3ª EXECUTADA SOBRE TERRENO COM INCLINACAO MEDIA SUPERIOR A 45°,COM 0,80M DE LARGURA,CONSIDERANDO 30% DE APROVEITAMENTO DA MADEIRA,EXCLUSIVE ANCORAGEM","M",171.95]
["05.005.0020-0","TORRE PARA GUINCHO,COM PRUMOS DE MADEIRA,PRANCHA DE (1,50X1,60)M,INCLUSIVE FORNECIMENTO DO CABO,MONTAGEM E DESMONTAGEM DA TORRE E DO GUINCHO, EXCLUSIVE FORNECIMENTO DO GUINCHO (VIDE ITEM 19.011.0017)","M",739.26,null,"05.005.0020-A","TORRE PARA GUINCHO,COM PRUMOS DE MADEIRA,PRANCHA DE (1,50X1,60)M,INCLUSIVE FORNECIMENTO DO CABO,MONTAGEM E DESMONTAGEM DA TORRE E DO GUINCHO, EXCLUSIVE FORNECIMENTO DO GUINCHO (VIDE ITEM 19.011.0017)","M",711.25]
["05.005.0025-0","ANDAIME SUSPENSO DE MADEIRA,PENDENTE DA ESTRUTURA POR CABOSDE ACO DE 3/8\",INCLUSIVE PLATAFORMA DE MADEIRA E PERFURACAODA LAJE DE CONCRETO,MONTAGEM E DESMONTAGEM","M2",180.41,null,"05.005.0025-A","ANDAIME SUSPENSO DE MADEIRA,PENDENTE DA ESTRUTURA POR CABOSDE ACO DE 3/8\",INCLUSIVE PLATAFORMA DE MADEIRA E PERFURACAODA LAJE DE CONCRETO,MONTAGEM E DESMONTAGEM","M2",177.5]
["05.005.0030-0","ANDAIME SUSPENSO DE MADEIRA,PENDENTE DA ESTRUTURA POR CABOSDE ACO DE 3/8\",INCLUSIVE PLATAFORMA DE MADEIRA E PERFURACAODA LAJE DE CONCRETO,COM UTILIZACAO DAS TABUAS 2 VEZES,TORASE CABOS 4 VEZES,MONTAGEM E DESMONTAGEM 1 VEZ","M2",98.34,null,"05.005.0030-A","ANDAIME SUSPENSO DE MADEIRA,PENDENTE DA ESTRUTURA POR CABOSDE ACO DE 3/8\",INCLUSIVE PLATAFORMA DE MADEIRA E PERFURACAODA LAJE DE CONCRETO,COM UTILIZACAO DAS TABUAS 2 VEZES,TORASE CABOS 4 VEZES,MONTAGEM E DESMONTAGEM 1 VEZ","M2",95.43]
["05.005.0035-0","ANDAIME SUSPENSO DE MADEIRA,PENDENTE DA ESTRUTURA POR CABOSDE ACO DE 3/8\",INCLUSIVE PLATAFORMA DE MADEIRA E PERFURACAODA LAJE DE CONCRETO,COM UTILIZACAO DAS TABUAS 3 VEZES,TORASE CABOS 6 VEZES,MONTAGEM E DESMONTAGEM 1 VEZ","M2",84.68,null,"05.005.0035-A","ANDAIME SUSPENSO DE MADEIRA,PENDENTE DA ESTRUTURA POR CABOSDE ACO DE 3/8\",INCLUSIVE PLATAFORMA DE MADEIRA E PERFURACAODA LAJE DE CONCRETO,COM UTILIZACAO DAS TABUAS 3 VEZES,TORASE CABOS 6 VEZES,MONTAGEM E DESMONTAGEM 1 VEZ","M2",81.77]
["05.005.0040-0","ANDAIME SUSPENSO DE MADEIRA,PENDENTE DA ESTRUTURA POR CABOSDE ACO DE 3/8\",INCLUSIVE PLATAFORMA DE MADEIRA E PERFURACAODA LAJE DE CONCRETO,COM UTILIZACAO DAS TABUAS 4 VEZES,TORASE CABOS 8 VEZES,MONTAGEM E DESMONTAGEM 1 VEZ","M2",77.91,null,"05.005.0040-A","ANDAIME SUSPENSO DE MADEIRA,PENDENTE DA ESTRUTURA POR CABOSDE ACO DE 3/8\",INCLUSIVE PLATAFORMA DE MADEIRA E PERFURACAODA LAJE DE CONCRETO,COM UTILIZACAO DAS TABUAS 4 VEZES,TORASE CABOS 8 VEZES,MONTAGEM E DESMONTAGEM 1 VEZ","M2",75]
["05.005.0046-0","TELA SOLTA DE POLIPROPILENO PARA PROTECAO DE FACHADAS AMARRADA SOMENTE NOS EXTREMOS.FORNECIMENTO E COLOCACAO","M2",8.02,null,"05.005.0046-A","TELA SOLTA DE POLIPROPILENO PARA PROTECAO DE FACHADAS AMARRADA SOMENTE NOS EXTREMOS.FORNECIMENTO E COLOCACAO","M2",7.73]
["05.005.0048-0","TELA SOLTA DE POLIPROPILENO PARA PROTECAO DE FACHADAS AMARRADA SOMENTE NOS EXTREMOS,UTILIZACAO DE 2 VEZES,INCLUSIVE COSTURA DA TELA SE NECESSARIO.FORNECIMENTO E COLOCACAO","M2",6.8,null,"05.005.0048-A","TELA SOLTA DE POLIPROPILENO PARA PROTECAO DE FACHADAS AMARRADA SOMENTE NOS EXTREMOS,UTILIZACAO DE 2 VEZES,INCLUSIVE COSTURA DA TELA SE NECESSARIO.FORNECIMENTO E COLOCACAO","M2",6.51]
["05.005.0050-0","TELA DE POLIPROPILENO PARA PROTECAO DE FACHADAS,AMARRADA EMANDAIME,EXCLUSIVE ESTE.FORNECIMENTO E COLOCACAO","M2",28.08,null,"05.005.0050-A","TELA DE POLIPROPILENO PARA PROTECAO DE FACHADAS,AMARRADA EMANDAIME,EXCLUSIVE ESTE.FORNECIMENTO E COLOCACAO","M2",26.99]
["05.005.0051-0","TELA DE POLIPROPILENO PARA PROTECAO DE FACHADAS AMARRADA EMANDAIME,EXCLUSIVE ESTE,COM UTILIZACAO DE 2 VEZES,INCLUSIVE COSTURA DA TELA SE NECESSARIO.FORNECIMENTO E COLOCACAO","M2",22.42,null,"05.005.0051-A","TELA DE POLIPROPILENO PARA PROTECAO DE FACHADAS AMARRADA EMANDAIME,EXCLUSIVE ESTE,COM UTILIZACAO DE 2 VEZES,INCLUSIVE COSTURA DA TELA SE NECESSARIO.FORNECIMENTO E COLOCACAO","M2",21.32]
["05.005.0053-0","TELA METALICA FIO Nº12,MALHA 3X3CM,PARA PROTECAO DE FACHADAS,AMARRADA EM ANDAIME,EXCLUSIVE ESTE.FORNECIMENTO E COLOCACAO","M2",193.78,null,"05.005.0053-A","TELA METALICA FIO Nº12,MALHA 3X3CM,PARA PROTECAO DE FACHADAS,AMARRADA EM ANDAIME,EXCLUSIVE ESTE.FORNECIMENTO E COLOCACAO","M2",189.34]
["05.005.0054-0","TELA EM POLIETILENO DE ALTA DENSIDADE,100% VIRGEM,COM MALHADE (5X5)CM,FIO DE 2,5MM,COM RESISTENCIA DE 350KG/M2.FORNECIMENTO E COLOCACAO","M2",17.5,null,"05.005.0054-A","TELA EM POLIETILENO DE ALTA DENSIDADE,100% VIRGEM,COM MALHADE (5X5)CM,FIO DE 2,5MM,COM RESISTENCIA DE 350KG/M2.FORNECIMENTO E COLOCACAO","M2",17.21]
["05.005.0055-0","PLATAFORMA DE PROTECAO A TRANSEUNTES(PARA-LIXO),EM MADEIRA DE 1ª,EM PECAS DE 3\"X6\" E 1\"X12\",COM 2,00M DE LARGURA,COM APROVEITAMENTO DA MADEIRA 2 VEZES,INCLUSIVE A DESMONTAGEM E RETIRADA DA MADEIRA","M",230.76,null,"05.005.0055-A","PLATAFORMA DE PROTECAO A TRANSEUNTES(PARA-LIXO),EM MADEIRA DE 1ª,EM PECAS DE 3\"X6\" E 1\"X12\",COM 2,00M DE LARGURA,COM APROVEITAMENTO DA MADEIRA 2 VEZES,INCLUSIVE A DESMONTAGEM E RETIRADA DA MADEIRA","M",221.47]
["05.005.0060-0","TELA DE POLIPROPILENO PARA PROTECAO DE FACHADAS,CONSIDERANDOAPENAS O FORNECIMENTO DA TELA (VIDE ITENS 05.005.0062 E 05.005.0064 PARA COLOCACAO)","M2",2.4500000000000002,null,"05.005.0060-A","TELA DE POLIPROPILENO PARA PROTECAO DE FACHADAS,CONSIDERANDOAPENAS O FORNECIMENTO DA TELA (VIDE ITENS 05.005.0062 E 05.005.0064 PARA COLOCACAO)","M2",2.4500000000000002]
["05.005.0062-0","TELA DE POLIPROPILENO PARA PROTECAO DE FACHADAS AMARRADA SOMENTE NOS EXTREMOS,EXCLUSIVE TELA (VIDE ITEM 05.005.0060 PARAFORNECIMENTO),INCLUSIVE COSTURA DA TELA SE NECESSARIO.COLOCACAO E RETIRADA.","M2",5.57,null,"05.005.0062-A","TELA DE POLIPROPILENO PARA PROTECAO DE FACHADAS AMARRADA SOMENTE NOS EXTREMOS,EXCLUSIVE TELA (VIDE ITEM 05.005.0060 PARAFORNECIMENTO),INCLUSIVE COSTURA DA TELA SE NECESSARIO.COLOCACAO E RETIRADA.","M2",5.28]
["05.005.0064-0","TELA DE POLIPROPILENO PARA PROTECAO DE FACHADAS AMARRADA EMANDAIME,EXCLUSIVE TELA(VIDE ITEM 05.005.0060 PARA FORNECIMENTO) E ANDAIME,INCLUSIVE COSTURA DA TELA SE NECESSARIO.COLOCACAO E RETIRADA.","M2",21.19,null,"05.005.0064-A","TELA DE POLIPROPILENO PARA PROTECAO DE FACHADAS AMARRADA EMANDAIME,EXCLUSIVE TELA(VIDE ITEM 05.005.0060 PARA FORNECIMENTO) E ANDAIME,INCLUSIVE COSTURA DA TELA SE NECESSARIO.COLOCACAO E RETIRADA.","M2",20.100000000000001]
["05.006.0001-1","LOCACAO DE ANDAIME COM ELEMENTOS TUBULARES SOBRE SAPATAS FIXAS,CONSIDERANDO-SE A AREA DA PROJECAO VERTICAL DO ANDAIME EPAGO PELO TEMPO NECESSARIO A SUA UTILIZACAO,EXCLUSIVE TRANSPORTE DOS ELEMENTOS DO ANDAIME ATE A OBRA,PLATAFORMA OU PASSARELA DE PINHO,MONTAGEM E DESMONTAGEM DOS ANDAIMES","M2XMES",38.9,null,"05.006.0001-B","LOCACAO DE ANDAIME COM ELEMENTOS TUBULARES SOBRE SAPATAS FIXAS,CONSIDERANDO-SE A AREA DA PROJECAO VERTICAL DO ANDAIME EPAGO PELO TEMPO NECESSARIO A SUA UTILIZACAO,EXCLUSIVE TRANSPORTE DOS ELEMENTOS DO ANDAIME ATE A OBRA,PLATAFORMA OU PASSARELA DE PINHO,MONTAGEM E DESMONTAGEM DOS ANDAIMES","M2XMES",38.9]
["05.006.0002-1","LOCACAO DE TORRE-ANDAIME TUBULAR SOBRE RODIZIOS,EXCLUSIVE ALUGUEL DOS RODIZIOS,TRANSPORTE DOS ELEMENTOS DA TORRE,PLATAFORMA OU PASSARELA DE PINHO,MONTAGEM E DESMONTAGEM","MXMES",30.1,null,"05.006.0002-B","LOCACAO DE TORRE-ANDAIME TUBULAR SOBRE RODIZIOS,EXCLUSIVE ALUGUEL DOS RODIZIOS,TRANSPORTE DOS ELEMENTOS DA TORRE,PLATAFORMA OU PASSARELA DE PINHO,MONTAGEM E DESMONTAGEM","MXMES",30.1]
["05.006.0004-0","LOCACAO DE ELEVADOR PARA OBRA,PARA TRANSPORTE VERTICAL DE CARGAS OU PESSOAS,COM TORRE DE 25,00M DE ALTURA,SENDO 16,00M DE EDIFICACAO E 9,00M DE MODULO DE SEGURANCA,SISTEMA CREMALHEIRA 1 CABINE SIMPLES,CAPACIDADE EM TORNO DE 18 PESSOAS,E 1500KG DE CARGA,COM 4 PARADAS,INCLUSIVE OPERADOR","UNXMES",21029.18,null,"05.006.0004-A","LOCACAO DE ELEVADOR PARA OBRA,PARA TRANSPORTE VERTICAL DE CARGAS OU PESSOAS,COM TORRE DE 25,00M DE ALTURA,SENDO 16,00M DE EDIFICACAO E 9,00M DE MODULO DE SEGURANCA,SISTEMA CREMALHEIRA 1 CABINE SIMPLES,CAPACIDADE EM TORNO DE 18 PESSOAS,E 1500KG DE CARGA,COM 4 PARADAS,INCLUSIVE OPERADOR","UNXMES",20628.55]
["05.006.0010-0","LOCACAO DE RODIZIOS DE FERRO,PARA TORRE TUBULAR.CUSTO PARA 4RODIZIOS","UNXMES",155.24,null,"05.006.0010-A","LOCACAO DE RODIZIOS DE FERRO,PARA TORRE TUBULAR.CUSTO PARA 4RODIZIOS","UNXMES",155.24]
["05.006.0015-0","LOCACAO DE RODIZIOS DE BORRACHA,PARA TORRE TUBULAR.CUSTO PARA 4 RODIZIOS","UNXMES",172.92,null,"05.006.0015-A","LOCACAO DE RODIZIOS DE BORRACHA,PARA TORRE TUBULAR.CUSTO PARA 4 RODIZIOS","UNXMES",172.92]
["05.007.0005-0","LOCACAO DE ANDAIME SUSPENSO COM CABO PASSANTE,MANUAL,COM 2,00 A 6,00M DE EXTENSAO,CABOS COM 30M COM PLATAFORMA,TELA PROTETORA E MATERIAL PARA FIXACAO E OPERACAO DO ANDAIME,EXCLUSIVE TRANSPORTE (VIDE ITEM 04.020.0126),MONTAGEM E DESMONTAGEM(VIDE ITEM 05.008.0002) E MOVIMENTACAO VERTICAL (VIDE ITEM 05.008.0006)","UNXMES",613.1,null,"05.007.0005-A","LOCACAO DE ANDAIME SUSPENSO COM CABO PASSANTE,MANUAL,COM 2,00 A 6,00M DE EXTENSAO,CABOS COM 30M COM PLATAFORMA,TELA PROTETORA E MATERIAL PARA FIXACAO E OPERACAO DO ANDAIME,EXCLUSIVE TRANSPORTE (VIDE ITEM 04.020.0126),MONTAGEM E DESMONTAGEM(VIDE ITEM 05.008.0002) E MOVIMENTACAO VERTICAL (VIDE ITEM 05.008.0006)","UNXMES",613.1]
["05.007.0006-0","LOCACAO DE ANDAIME SUSPENSO ELETRICO DE CABO PASSANTE,COM 2A 8 METROS DE EXTENSAO,CABOS COM 30 METROS,COM PLATAFORMA,TELA DE PROTECAO E MATERIAL PARA FIXACAO E OPERACAO DO ANDAIME,CONFORME NR 18 E ABNT NBR 6494,EXCLUSIVE TRANSPORTE (VIDE ITEM 04.020.0126),MONTAGEM E DESMONTAGEM (VIDE ITEM 05.008.0015) E MOVIMENTACAO VERTICAL (VIDE ITEM 05.008.0007)","UNXMES",1813.1,null,"05.007.0006-A","LOCACAO DE ANDAIME SUSPENSO ELETRICO DE CABO PASSANTE,COM 2A 8 METROS DE EXTENSAO,CABOS COM 30 METROS,COM PLATAFORMA,TELA DE PROTECAO E MATERIAL PARA FIXACAO E OPERACAO DO ANDAIME,CONFORME NR 18 E ABNT NBR 6494,EXCLUSIVE TRANSPORTE (VIDE ITEM 04.020.0126),MONTAGEM E DESMONTAGEM (VIDE ITEM 05.008.0015) E MOVIMENTACAO VERTICAL (VIDE ITEM 05.008.0007)","UNXMES",1813.1]
["05.007.0007-0","LOCACAO DE PASSARELA METALICA,PERFURADA,PARA ANDAIME METALICO TUBULAR,INCLUSIVE TRANSPORTE,CARGA E DESCARGA,EXCLUSIVE ANDAIME TUBULAR E MOVIMENTACAO (VIDE ITEM 05.008.0008)","M2XMES",135,null,"05.007.0007-A","LOCACAO DE PASSARELA METALICA,PERFURADA,PARA ANDAIME METALICO TUBULAR,INCLUSIVE TRANSPORTE,CARGA E DESCARGA,EXCLUSIVE ANDAIME TUBULAR E MOVIMENTACAO (VIDE ITEM 05.008.0008)","M2XMES",135]
["05.007.0015-0","LOCACAO DE CADEIRA SUSPENSA (BALANCIM),CONFORME NR 18 E ABNTNBR 14751,INCLUSIVE KIT DE SEGURANCA COMPLETO,EXCLUSIVE MONMONTAGEM E DESMONTAGEM (VIDE ITEM 05.008.0004)","UNXMES",412.06,null,"05.007.0015-A","LOCACAO DE CADEIRA SUSPENSA (BALANCIM),CONFORME NR 18 E ABNTNBR 14751,INCLUSIVE KIT DE SEGURANCA COMPLETO,EXCLUSIVE MONMONTAGEM E DESMONTAGEM (VIDE ITEM 05.008.0004)","UNXMES",412.06]
["05.008.0001-0","MONTAGEM E DESMONTAGEM DE ANDAIME COM ELEMENTOS TUBULARES,CONSIDERANDO-SE A AREA VERTICAL RECOBERTA","M2",8.77,null,"05.008.0001-A","MONTAGEM E DESMONTAGEM DE ANDAIME COM ELEMENTOS TUBULARES,CONSIDERANDO-SE A AREA VERTICAL RECOBERTA","M2",8.18]
["05.008.0002-0","MONTAGEM E DESMONTAGEM DE ANDAIME SUSPENSO MANUAL,CONSIDERANDO-SE EXTENSAO HORIZONTAL DAS FACHADAS E/OU EMPENAS","M",41.75,null,"05.008.0002-A","MONTAGEM E DESMONTAGEM DE ANDAIME SUSPENSO MANUAL,CONSIDERANDO-SE EXTENSAO HORIZONTAL DAS FACHADAS E/OU EMPENAS","M",38.950000000000003]
["05.008.0003-0","MONTAGEM E DESMONTAGEM DE ELEVADOR DE OBRA REFERIDO NOS ITENS 05.006.0003 E 05.006.0004","UN",4036.09,null,"05.008.0003-A","MONTAGEM E DESMONTAGEM DE ELEVADOR DE OBRA REFERIDO NOS ITENS 05.006.0003 E 05.006.0004","UN",3765.8]
["05.008.0004-0","MONTAGEM E DESMONTAGEM DE CADEIRA SUSPENSA (BALANCIM).CUSTOPOR BALANCIM","UN",125.27,null,"05.008.0004-A","MONTAGEM E DESMONTAGEM DE CADEIRA SUSPENSA (BALANCIM).CUSTOPOR BALANCIM","UN",116.87]
["05.008.0006-0","MOVIMENTACAO VERTICAL DE ANDAIME SUSPENSO MANUAL,CONSIDERANDO-SE UMA VEZ A AREA TRABALHADA,EM PROJECAO VERTICAL","M2",3.52,null,"05.008.0006-A","MOVIMENTACAO VERTICAL DE ANDAIME SUSPENSO MANUAL,CONSIDERANDO-SE UMA VEZ A AREA TRABALHADA,EM PROJECAO VERTICAL","M2",3.29]
["05.008.0007-0","MOVIMENTACAO VERTICAL DE ANDAIME SUSPENSO ELETRICO,CONSIDERANDO-SE UMA VEZ A AREA TRABALHADA,EM PROJECAO VERTICAL","M2",1.56,null,"05.008.0007-A","MOVIMENTACAO VERTICAL DE ANDAIME SUSPENSO ELETRICO,CONSIDERANDO-SE UMA VEZ A AREA TRABALHADA,EM PROJECAO VERTICAL","M2",1.46]
["05.008.0008-1","MOVIMENTACAO VERTICAL OU HORIZONTAL DE PLATAFORMA OU PASSARELA","M2",0.72,null,"05.008.0008-B","MOVIMENTACAO VERTICAL OU HORIZONTAL DE PLATAFORMA OU PASSARELA","M2",0.67]
["05.008.0009-0","MOVIMENTACAO HORIZONTAL DE ANDAIME COM ELEMENTOS TUBULARES TIPO TORRE","M",0.21,null,"05.008.0009-A","MOVIMENTACAO HORIZONTAL DE ANDAIME COM ELEMENTOS TUBULARES TIPO TORRE","M",0.2]
["05.008.0010-0","MONTAGEM E DESMONTAGEM DE USINA MISTURADORA DE CONCRETO,TIPOPAREDE,COM SILOS HORIZONTAIS PARA TRES AGREGADOS.","UN",64465.26,null,"05.008.0010-A","MONTAGEM E DESMONTAGEM DE USINA MISTURADORA DE CONCRETO,TIPOPAREDE,COM SILOS HORIZONTAIS PARA TRES AGREGADOS.","UN",61267.73]
["05.008.0012-0","MONTAGEM E DESMONTAGEM DE USINA MISTURADORA DE CONCRETO,TIPOVERTICAL,COM SILOS PARA 45,00M3 DE AGREGADOS E 30T DE CIMENTO","UN",329531.21000000002,null,"05.008.0012-A","MONTAGEM E DESMONTAGEM DE USINA MISTURADORA DE CONCRETO,TIPOVERTICAL,COM SILOS PARA 45,00M3 DE AGREGADOS E 30T DE CIMENTO","UN",314655.24]
["05.008.0013-0","MONTAGEM E DESMONTAGEM DE TELEFERICO DE OBRA,COM VAO DE APROXIMADAMENTE 180,00M,INCLUSIVE O PREPARO DO TERRENO,EXCLUSIVEAS DEMAIS OBRAS NAO LIGADAS A PARTE MECANICA E O TRANSPORTESECUNDARIO ATE O PONTO INICIAL DE OPERACAO","UN",5235.72,null,"05.008.0013-A","MONTAGEM E DESMONTAGEM DE TELEFERICO DE OBRA,COM VAO DE APROXIMADAMENTE 180,00M,INCLUSIVE O PREPARO DO TERRENO,EXCLUSIVEAS DEMAIS OBRAS NAO LIGADAS A PARTE MECANICA E O TRANSPORTESECUNDARIO ATE O PONTO INICIAL DE OPERACAO","UN",4885.1400000000003]
["05.008.0015-0","MONTAGEM E DESMONTAGEM DE ANDAIME SUSPENSO ELETRICO CONSIDERANDO-SE A EXTENSAO HORIZONTAL DAS FACHADAS E/OU EMPENAS","M",72.11,null,"05.008.0015-A","MONTAGEM E DESMONTAGEM DE ANDAIME SUSPENSO ELETRICO CONSIDERANDO-SE A EXTENSAO HORIZONTAL DAS FACHADAS E/OU EMPENAS","M",67.28]
["05.009.0002-0","ENCHIMENTO PARA ELEVACAO DE PISO,COM BLOCO DE CONCRETO CELULAR,COM 10CM DE ALTURA,ASSENTE COM ARGAMASSA DE CIMENTO E AREIA NO TRACO 1:8","M2",93.93,null,"05.009.0002-A","ENCHIMENTO PARA ELEVACAO DE PISO,COM BLOCO DE CONCRETO CELULAR,COM 10CM DE ALTURA,ASSENTE COM ARGAMASSA DE CIMENTO E AREIA NO TRACO 1:8","M2",93.35]
["05.009.0003-0","ENCHIMENTO PARA ELEVACAO DE PISO,COM BLOCO DE CONCRETO CELULAR,COM 15CM DE ALTURA,ASSENTE COM ARGAMASSA DE CIMENTO E AREIA NO TRACO 1:8","M2",139.69999999999999,null,"05.009.0003-A","ENCHIMENTO PARA ELEVACAO DE PISO,COM BLOCO DE CONCRETO CELULAR,COM 15CM DE ALTURA,ASSENTE COM ARGAMASSA DE CIMENTO E AREIA NO TRACO 1:8","M2",138.53]
["05.009.0004-0","ENCHIMENTO PARA ELEVACAO DE PISO,COM BLOCO DE CONCRETO CELULAR,COM 30CM DE ALTURA,ASSENTE COM ARGAMASSA DE CIMENTO E AREIA NO TRACO 1:8","M2",349.32,null,"05.009.0004-A","ENCHIMENTO PARA ELEVACAO DE PISO,COM BLOCO DE CONCRETO CELULAR,COM 30CM DE ALTURA,ASSENTE COM ARGAMASSA DE CIMENTO E AREIA NO TRACO 1:8","M2",347.58]
["05.009.0010-0","ARGILA EXPANDIDA COM GRANULOMETRIA FINA DE 2215,INCLUSIVE TRANSPORTE.FORNECIMENTO","M3",616.97,null,"05.009.0010-A","ARGILA EXPANDIDA COM GRANULOMETRIA FINA DE 2215,INCLUSIVE TRANSPORTE.FORNECIMENTO","M3",616.97]
["05.009.0015-0","ARGILA EXPANDIDA COM GRANULOMETRIA GROSSA DE 3222,INCLUSIVETRANSPORTE.FORNECIMENTO","M3",555.27,null,"05.009.0015-A","ARGILA EXPANDIDA COM GRANULOMETRIA GROSSA DE 3222,INCLUSIVETRANSPORTE.FORNECIMENTO","M3",555.27]
["05.010.0001-0","ESGOTAMENTO NORMAL DE VALAS,MEDIDO POR VOLUME D`AGUA ESGOTADO,UTILIZANDO BOMBA ACIONADA POR MOTOR A GASOLINA,DIAMETRO DESUCCAO E DESCARGA DE 1.1/2\",CONSIDERANDO UMA ALTURA MANOMETRICA ATE 10,00M","M3",0.96,null,"05.010.0001-A","ESGOTAMENTO NORMAL DE VALAS,MEDIDO POR VOLUME D`AGUA ESGOTADO,UTILIZANDO BOMBA ACIONADA POR MOTOR A GASOLINA,DIAMETRO DESUCCAO E DESCARGA DE 1.1/2\",CONSIDERANDO UMA ALTURA MANOMETRICA ATE 10,00M","M3",0.93]
["05.010.0005-0","ESGOTAMENTO DE VALA MEDIDO PELA POTENCIA INSTALADA E PELO TEMPO DE FUNCIONAMENTO","CVxH",7.27,null,"05.010.0005-A","ESGOTAMENTO DE VALA MEDIDO PELA POTENCIA INSTALADA E PELO TEMPO DE FUNCIONAMENTO","CVxH",6.94]
["05.010.0006-0","ESGOTAMENTO DE VALA MEDIDO PELA POTENCIA INSTALADA E PELO TEMPO DE FUNCIONAMENTO,DEVENDO SER USADO COMO SEU COMPLEMENTO,CONSIDERANDO A HORA IMPRODUTIVA DA BOMBA.","CVXH",5.04,null,"05.010.0006-A","ESGOTAMENTO DE VALA MEDIDO PELA POTENCIA INSTALADA E PELO TEMPO DE FUNCIONAMENTO,DEVENDO SER USADO COMO SEU COMPLEMENTO,CONSIDERANDO A HORA IMPRODUTIVA DA BOMBA.","CVXH",4.71]
["05.010.0020-0","ESGOTAMENTO DE AGUA DE SUBSOLO RESULTANTE DE INFILTRACAO OUALAGAMENTO,USANDO MOTOR ELETRICO EM BOMBA DE 3HP,DIAMETRO DESUCCAO DE 1.1/2\".ALTURA MANOMETRICA ATE 10,00M,MEDIDA PELOTEMPO DE FUNCIONAMENTO","H",4.59,null,"05.010.0020-A","ESGOTAMENTO DE AGUA DE SUBSOLO RESULTANTE DE INFILTRACAO OUALAGAMENTO,USANDO MOTOR ELETRICO EM BOMBA DE 3HP,DIAMETRO DESUCCAO DE 1.1/2\".ALTURA MANOMETRICA ATE 10,00M,MEDIDA PELOTEMPO DE FUNCIONAMENTO","H",4.59]
["05.010.0021-0","ESGOTAMENTO DE AGUA DE SUBSOLO RESULTANTE DE INFILTRACAO OUALAGAMENTO,USANDO MOTOR ELETRICO EM BOMBA DE 3HP,DIAMETRO DESUCCAO DE 1.1/2\",DEVENDO SER USADO COMO SEU COMPLEMENTO,CONSIDERANDO A HORA IMPRODUTIVA DA BOMBA.ALTURA MANOMETRICA ATE10,00M,MEDIDA PELO TEMPO DE FUNCIONAMENTO","H",0.26,null,"05.010.0021-A","ESGOTAMENTO DE AGUA DE SUBSOLO RESULTANTE DE INFILTRACAO OUALAGAMENTO,USANDO MOTOR ELETRICO EM BOMBA DE 3HP,DIAMETRO DESUCCAO DE 1.1/2\",DEVENDO SER USADO COMO SEU COMPLEMENTO,CONSIDERANDO A HORA IMPRODUTIVA DA BOMBA.ALTURA MANOMETRICA ATE10,00M,MEDIDA PELO TEMPO DE FUNCIONAMENTO","H",0.26]
["05.011.0001-0","ESCORAMENTO SIMPLES,FECHADO,DE VALA DE POUCA PROFUNDIDADE(ATE 1,00M DE PROFUNDIDADE),INCLUSIVE FORNECIMENTO DOS MATERIAIS(PECAS DE MADEIRA DE 3ª-1.1/2\"X9\" E 3\"X6\")","M2",126.73,null,"05.011.0001-A","ESCORAMENTO SIMPLES,FECHADO,DE VALA DE POUCA PROFUNDIDADE(ATE 1,00M DE PROFUNDIDADE),INCLUSIVE FORNECIMENTO DOS MATERIAIS(PECAS DE MADEIRA DE 3ª-1.1/2\"X9\" E 3\"X6\")","M2",123.52]
["05.011.0002-0","ESCORAMENTO SIMPLES,ABERTO,DE VALA DE POUCA PROFUNDIDADE(ATE1,00M DE PROFUNDIDADE),INCLUSIVE FORNECIMENTO DOS MATERIAIS(PECAS DE MADEIRA DE 3ª-1.1/2\"X9\" E 3\"X6\")","M2",56.31,null,"05.011.0002-A","ESCORAMENTO SIMPLES,ABERTO,DE VALA DE POUCA PROFUNDIDADE(ATE1,00M DE PROFUNDIDADE),INCLUSIVE FORNECIMENTO DOS MATERIAIS(PECAS DE MADEIRA DE 3ª-1.1/2\"X9\" E 3\"X6\")","M2",54.71]
["05.011.0006-0","ESCORAMENTO SIMPLES,FECHADO,DE VALA DE POUCA PROFUNDIDADE(ATE 1,00M DE PROFUNDIDADE),INCLUSIVE FORNECIMENTO DOS MATERIAIS,COM ESGOTAMENTO MANUAL","M2",154.44999999999999,null,"05.011.0006-A","ESCORAMENTO SIMPLES,FECHADO,DE VALA DE POUCA PROFUNDIDADE(ATE 1,00M DE PROFUNDIDADE),INCLUSIVE FORNECIMENTO DOS MATERIAIS,COM ESGOTAMENTO MANUAL","M2",150.13]
["05.012.0001-0","CHAPA DE ACO CARBONO SAE 1006/10 PERFURADA EM FUROS REDONDOSALTERNADOS LONGITUDINALMENTE,DIAMETRO DE 1,80MM,DISTANCIA ENTRE FUROS DE 2,55MM (DE CENTRO),NAS DIMENSOES DE(2000X1000X0,90)MM.FORNECIMENTO","UN",569.07000000000005,null,"05.012.0001-A","CHAPA DE ACO CARBONO SAE 1006/10 PERFURADA EM FUROS REDONDOSALTERNADOS LONGITUDINALMENTE,DIAMETRO DE 1,80MM,DISTANCIA ENTRE FUROS DE 2,55MM (DE CENTRO),NAS DIMENSOES DE(2000X1000X0,90)MM.FORNECIMENTO","UN",569.07000000000005]
["05.012.0005-0","CHAPA DE ACO CARBONO SAE 1006/10,PERFURADA EM FUROS REDONDOSALTERNADOS LONGITUDINALMENTE,DIAMETRO DE 6,35MM,DISTANCIA ENTRE FUROS DE 9,00MM (DE CENTRO),NAS DIMENSOES DE(2000X1000X1,5)MM.FORNECIMENTO","UN",531.89,null,"05.012.0005-A","CHAPA DE ACO CARBONO SAE 1006/10,PERFURADA EM FUROS REDONDOSALTERNADOS LONGITUDINALMENTE,DIAMETRO DE 6,35MM,DISTANCIA ENTRE FUROS DE 9,00MM (DE CENTRO),NAS DIMENSOES DE(2000X1000X1,5)MM.FORNECIMENTO","UN",531.89]
["05.013.0001-0","CHAPA DE ACO CARBONO COMUM DE 3/8\",PARA PASSAGEM DE VEICULOS,SOBRE VALAS EM TRAVESSIAS,COMPREENDENDO COLOCACAO,USO E RETIRADA,MEDIDA PELA AREA DE CHAPA,EM CADA APLICACAO","M2",48.03,null,"05.013.0001-A","CHAPA DE ACO CARBONO COMUM DE 3/8\",PARA PASSAGEM DE VEICULOS,SOBRE VALAS EM TRAVESSIAS,COMPREENDENDO COLOCACAO,USO E RETIRADA,MEDIDA PELA AREA DE CHAPA,EM CADA APLICACAO","M2",45.82]
["05.013.0002-0","CHAPA DE ACO CARBONO COMUM DE 3/8\",PARA PASSAGEM DE VEICULOS,SOBRE VALAS EM TRAVESSIAS,COMPREENDENDO COLOCACAO,USO E RETIRADA,MEDIDA PELA AREA DE CHAPA,EM CADA APLICACAO,INCLUSIVEMOBILIZACAO,TRANSPORTE,CARGA E DESCARGA","M2",94.75,null,"05.013.0002-A","CHAPA DE ACO CARBONO COMUM DE 3/8\",PARA PASSAGEM DE VEICULOS,SOBRE VALAS EM TRAVESSIAS,COMPREENDENDO COLOCACAO,USO E RETIRADA,MEDIDA PELA AREA DE CHAPA,EM CADA APLICACAO,INCLUSIVEMOBILIZACAO,TRANSPORTE,CARGA E DESCARGA","M2",90.66]
["05.013.0003-0","CHAPA DE ACO CARBONO COMUM DE 3/8\",PARA PASSAGEM DE VEICULOS,SOBRE VALAS EM TRAVESSIAS,COMPREENDENDO SOMENTE A COLOCACAOE RETIRADA,MEDIDA PELA AREA DE CHAPA,EM CADA APLICACAO","M2",7.45,null,"05.013.0003-A","CHAPA DE ACO CARBONO COMUM DE 3/8\",PARA PASSAGEM DE VEICULOS,SOBRE VALAS EM TRAVESSIAS,COMPREENDENDO SOMENTE A COLOCACAOE RETIRADA,MEDIDA PELA AREA DE CHAPA,EM CADA APLICACAO","M2",6.95]
["05.014.0001-0","ALUGUEL DE TRANSFORMADOR DE DISTRIBUICAO,TRIFASICO,60HZ,13,8KV-220/127V,30KVA","UNXMES",1122.7,null,"05.014.0001-A","ALUGUEL DE TRANSFORMADOR DE DISTRIBUICAO,TRIFASICO,60HZ,13,8KV-220/127V,30KVA","UNXMES",1122.7]
["05.014.0005-0","ALUGUEL DE TRANSFORMADOR DE DISTRIBUICAO,TRIFASICO,60HZ,13,8KV-220/127V,45KVA","UNXMES",1338.59,null,"05.014.0005-A","ALUGUEL DE TRANSFORMADOR DE DISTRIBUICAO,TRIFASICO,60HZ,13,8KV-220/127V,45KVA","UNXMES",1338.59]
["05.014.0009-0","ALUGUEL DE TRANSFORMADOR DE DISTRIBUICAO,TRIFASICO,60HZ,13,8KV-220/127V,75KVA","UNXMES",1605.75,null,"05.014.0009-A","ALUGUEL DE TRANSFORMADOR DE DISTRIBUICAO,TRIFASICO,60HZ,13,8KV-220/127V,75KVA","UNXMES",1605.75]
["05.014.0015-0","ALUGUEL DE TRANSFORMADOR DE DISTRIBUICAO,TRIFASICO,60HZ,13,8KV-220/127V,112,5KVA","UNXMES",1961.62,null,"05.014.0015-A","ALUGUEL DE TRANSFORMADOR DE DISTRIBUICAO,TRIFASICO,60HZ,13,8KV-220/127V,112,5KVA","UNXMES",1961.62]
["05.014.0020-0","ALUGUEL DE TRANSFORMADOR DE DISTRIBUICAO,TRIFASICO,60HZ,13,8KV-220/127V,150KVA","UNXMES",2667.7,null,"05.014.0020-A","ALUGUEL DE TRANSFORMADOR DE DISTRIBUICAO,TRIFASICO,60HZ,13,8KV-220/127V,150KVA","UNXMES",2667.7]
["05.014.0023-0","ALUGUEL DE TRANSFORMADOR DE DISTRIBUICAO,TRIFASICO,60HZ,13,8KV-220/127KV,225KVA","UNXMES",3296,null,"05.014.0023-A","ALUGUEL DE TRANSFORMADOR DE DISTRIBUICAO,TRIFASICO,60HZ,13,8KV-220/127KV,225KVA","UNXMES",3296]
["05.014.0025-0","ALUGUEL DE TRANSFORMADOR DE DISTRIBUICAO,TRIFASICO,60HZ,13,8KV-220/127V,300KVA","UNXMES",3900,null,"05.014.0025-A","ALUGUEL DE TRANSFORMADOR DE DISTRIBUICAO,TRIFASICO,60HZ,13,8KV-220/127V,300KVA","UNXMES",3900]
["05.015.0030-0","PORTICO EM ACO,PARA SUPORTE DE SINALIZACAO VERTICAL,COMPOSTOPOR 2(DUAS) COLUNAS TUBULARES,1(UMA) VIGA TRELICADA E CHUMBADORES PARA FIXACAO,GALVANIZADO POR IMERSAO A QUENTE,COM ZINCAGEM MINIMA DE 350GR/M2 EM CADA FACE,CONFORME ABNT NBR 6323,SENDO O VAO DE 22,40M.FORNECIMENTO E COLOCACAO","UN",183162.34,null,"05.015.0030-A","PORTICO EM ACO,PARA SUPORTE DE SINALIZACAO VERTICAL,COMPOSTOPOR 2(DUAS) COLUNAS TUBULARES,1(UMA) VIGA TRELICADA E CHUMBADORES PARA FIXACAO,GALVANIZADO POR IMERSAO A QUENTE,COM ZINCAGEM MINIMA DE 350GR/M2 EM CADA FACE,CONFORME ABNT NBR 6323,SENDO O VAO DE 22,40M.FORNECIMENTO E COLOCACAO","UN",182763.4]
["05.015.0031-0","PORTICO EM ACO,PARA SUPORTE DE SINALIZACAO VERTICAL,COMPOSTOPOR 2(DUAS) COLUNAS TUBULARES,1(UMA) VIGA TRELICADA E CHUMBADORES PARA FIXACAO,GALVANIZADO POR IMERSAO A QUENTE,COM ZINCAGEM MINIMA DE 350GR/M2 EM CADA FACE,CONFORME ABNT NBR 6323,SENDO O VAO DE 18,80M.FORNECIMENTO E COLOCACAO","UN",170420.99,null,"05.015.0031-A","PORTICO EM ACO,PARA SUPORTE DE SINALIZACAO VERTICAL,COMPOSTOPOR 2(DUAS) COLUNAS TUBULARES,1(UMA) VIGA TRELICADA E CHUMBADORES PARA FIXACAO,GALVANIZADO POR IMERSAO A QUENTE,COM ZINCAGEM MINIMA DE 350GR/M2 EM CADA FACE,CONFORME ABNT NBR 6323,SENDO O VAO DE 18,80M.FORNECIMENTO E COLOCACAO","UN",170023.77]
["05.015.0032-0","PORTICO EM ACO,PARA SUPORTE DE SINALIZACAO VERTICAL,COMPOSTOPOR 2(DUAS) COLUNAS TUBULARES,1(UMA) VIGA TRELICADA E CHUMBADORES PARA FIXACAO,GALVANIZADO POR IMERSAO A QUENTE,COM ZINCAGEM MINIMA DE 350GR/M2 EM CADA FACE,CONFORME ABNT NBR 6323,SENDO O VAO DE 17,20M.FORNECIMENTO E COLOCACAO","UN",167052.99,null,"05.015.0032-A","PORTICO EM ACO,PARA SUPORTE DE SINALIZACAO VERTICAL,COMPOSTOPOR 2(DUAS) COLUNAS TUBULARES,1(UMA) VIGA TRELICADA E CHUMBADORES PARA FIXACAO,GALVANIZADO POR IMERSAO A QUENTE,COM ZINCAGEM MINIMA DE 350GR/M2 EM CADA FACE,CONFORME ABNT NBR 6323,SENDO O VAO DE 17,20M.FORNECIMENTO E COLOCACAO","UN",166656.51]
["05.015.0033-0","PORTICO EM ACO,PARA SUPORTE DE SINALIZACAO VERTICAL,COMPOSTOPOR 2(DUAS) COLUNAS TUBULARES,1(UMA) VIGA TRELICADA E CHUMBADORES PARA FIXACAO,GALVANIZADO POR IMERSAO A QUENTE,COM ZINCAGEM MINIMA DE 350GR/M2 EM CADA FACE,CONFORME ABNT NBR 6323,SENDO O VAO DE 15,20M.FORNECIMENTO E COLOCACAO","UN",144386.01,null,"05.015.0033-A","PORTICO EM ACO,PARA SUPORTE DE SINALIZACAO VERTICAL,COMPOSTOPOR 2(DUAS) COLUNAS TUBULARES,1(UMA) VIGA TRELICADA E CHUMBADORES PARA FIXACAO,GALVANIZADO POR IMERSAO A QUENTE,COM ZINCAGEM MINIMA DE 350GR/M2 EM CADA FACE,CONFORME ABNT NBR 6323,SENDO O VAO DE 15,20M.FORNECIMENTO E COLOCACAO","UN",143990.44]
["05.015.0034-0","PORTICO EM ACO,PARA SUPORTE DE SINALIZACAO VERTICAL,COMPOSTOPOR 2(DUAS) COLUNAS TUBULARES,1(UMA) VIGA TRELICADA E CHUMBADORES PARA FIXACAO,GALVANIZADO POR IMERSAO A QUENTE,COM ZINCAGEM MINIMA DE 350GR/M2 EM CADA FACE,CONFORME ABNT NBR 6323,SENDO O VAO DE 13,20M.FORNECIMENTO E COLOCACAO","UN",139122.03,null,"05.015.0034-A","PORTICO EM ACO,PARA SUPORTE DE SINALIZACAO VERTICAL,COMPOSTOPOR 2(DUAS) COLUNAS TUBULARES,1(UMA) VIGA TRELICADA E CHUMBADORES PARA FIXACAO,GALVANIZADO POR IMERSAO A QUENTE,COM ZINCAGEM MINIMA DE 350GR/M2 EM CADA FACE,CONFORME ABNT NBR 6323,SENDO O VAO DE 13,20M.FORNECIMENTO E COLOCACAO","UN",138727.37]
["05.015.0040-0","SEMIPORTICO EM ACO,BANDEIRA SIMPLES,PARA SUPORTE DE SINALIZACAO VERTICAL,COMPOSTO POR 1(UMA) COLUNA TUBULAR,1(UMA) VIGATRELICADA EM BALANCO E CHUMBADORES PARA FIXACAO,GALVANIZADOPOR IMERSAO A QUENTE,COM ZINCAGEM MINIMA DE 350GR/M2 EM CADAFACE,CONFORME ABNT NBR 6323,SENDO O BALANCO DE 8,60M.FORNECIMENTO E COLOCACAO","UN",83579.509999999995,null,"05.015.0040-A","SEMIPORTICO EM ACO,BANDEIRA SIMPLES,PARA SUPORTE DE SINALIZACAO VERTICAL,COMPOSTO POR 1(UMA) COLUNA TUBULAR,1(UMA) VIGATRELICADA EM BALANCO E CHUMBADORES PARA FIXACAO,GALVANIZADOPOR IMERSAO A QUENTE,COM ZINCAGEM MINIMA DE 350GR/M2 EM CADAFACE,CONFORME ABNT NBR 6323,SENDO O BALANCO DE 8,60M.FORNECIMENTO E COLOCACAO","UN",83254.75]
["05.015.0041-0","SEMIPORTICO EM ACO,BANDEIRA SIMPLES,PARA SUPORTE DE SINALIZACAO VERTICAL,COMPOSTO POR 1(UMA) COLUNA TUBULAR,1(UMA) VIGATRELICADA EM BALANCO E CHUMBADORES PARA FIXACAO,GALVANIZADOPOR IMERSAO A QUENTE,COM ZINCAGEM MINIMA DE 350GR/M2 EM CADAFACE,CONFORME ABNT NBR 6323,SENDO O BALANCO DE 5,10M.FORNECIMENTO E COLOCACAO","UN",71900.570000000007,null,"05.015.0041-A","SEMIPORTICO EM ACO,BANDEIRA SIMPLES,PARA SUPORTE DE SINALIZACAO VERTICAL,COMPOSTO POR 1(UMA) COLUNA TUBULAR,1(UMA) VIGATRELICADA EM BALANCO E CHUMBADORES PARA FIXACAO,GALVANIZADOPOR IMERSAO A QUENTE,COM ZINCAGEM MINIMA DE 350GR/M2 EM CADAFACE,CONFORME ABNT NBR 6323,SENDO O BALANCO DE 5,10M.FORNECIMENTO E COLOCACAO","UN",71636.91]
["05.015.0045-0","SEMIPORTICO EM ACO,BANDEIRA DUPLA,PARA SUPORTE DE SINALIZACAO VERTICAL,COMPOSTO POR 1(UMA) COLUNA TUBULAR,2(DUAS) VIGASTRELICADAS EM BALANCO E CHUMBADORES PARA FIXACAO,GALVANIZADOPOR IMERSAO A QUENTE,COM ZINCAGEM MINIMA DE 350GR/M2 EM CADA FACE,CONFORME ABNT NBR 6323,SENDO O BALANCO DE 8,60M.FORNECIMENTO E COLOCACAO","UN",127359.51,null,"05.015.0045-A","SEMIPORTICO EM ACO,BANDEIRA DUPLA,PARA SUPORTE DE SINALIZACAO VERTICAL,COMPOSTO POR 1(UMA) COLUNA TUBULAR,2(DUAS) VIGASTRELICADAS EM BALANCO E CHUMBADORES PARA FIXACAO,GALVANIZADOPOR IMERSAO A QUENTE,COM ZINCAGEM MINIMA DE 350GR/M2 EM CADA FACE,CONFORME ABNT NBR 6323,SENDO O BALANCO DE 8,60M.FORNECIMENTO E COLOCACAO","UN",127034.75]
["05.015.0046-0","SEMIPORTICO EM ACO,BANDEIRA DUPLA,PARA SUPORTE DE SINALIZACAA VERTICAL,COMPOSTO POR 1(UMA) COLUNA TUBULAR,2(DUAS) VIGASTRELICADAS EM BALANCO E CHUMBADORES PARA FIXACAO,GALVANIZADOPOR IMERSAO A QUENTE,COM ZINCAGEM MINIMA DE 350GR/M2 EM CADA FACE,CONFORME ABNT NBR 6323,SENDO O BALANCO DE 5,10M.FORNECIMENTO E COLOCACAO","UN",104924.57,null,"05.015.0046-A","SEMIPORTICO EM ACO,BANDEIRA DUPLA,PARA SUPORTE DE SINALIZACAA VERTICAL,COMPOSTO POR 1(UMA) COLUNA TUBULAR,2(DUAS) VIGASTRELICADAS EM BALANCO E CHUMBADORES PARA FIXACAO,GALVANIZADOPOR IMERSAO A QUENTE,COM ZINCAGEM MINIMA DE 350GR/M2 EM CADA FACE,CONFORME ABNT NBR 6323,SENDO O BALANCO DE 5,10M.FORNECIMENTO E COLOCACAO","UN",104660.91]
["05.015.0050-0","PLACA DE SINALIZACAO DE RODOVIAS,EM CHAPA DE ACO Nº16,TRATADA QUIMICAMENTE,INCLUSIVE PINTURA COM METAL PRIMER NAS DUAS FACES E ESMALTE SINTETICO PRETO NO VERSO.APLICACAO DE PELICULAS REFLETIVAS NO GRAU TECNICO E PELICULA PARA LEGENDA FIXADAATRAVES DE CASTANHAS DUPLAS EM POSTE DE CONCRETO ARMADO.FORNECIMENTO E COLOCACAO","M2",475.75,null,"05.015.0050-A","PLACA DE SINALIZACAO DE RODOVIAS,EM CHAPA DE ACO Nº16,TRATADA QUIMICAMENTE,INCLUSIVE PINTURA COM METAL PRIMER NAS DUAS FACES E ESMALTE SINTETICO PRETO NO VERSO.APLICACAO DE PELICULAS REFLETIVAS NO GRAU TECNICO E PELICULA PARA LEGENDA FIXADAATRAVES DE CASTANHAS DUPLAS EM POSTE DE CONCRETO ARMADO.FORNECIMENTO E COLOCACAO","M2",468.84]
["05.015.0055-0","PLACA DE SINALIZACAO DE RODOVIAS,EM CHAPA DE ACO Nº16,TRATADA QUIMICAMENTE,INCLUSIVE PINTURA COM METAL PRIMER NAS DUAS FACES E ESMALTE SINTETICO PRETO NO VERSO.APLICACAO DE PELICULAS REFLETIVAS NO GRAU TECNICO,GRAU ALTA INTENSIDADE E PELICULA PARA LEGENDA FIXADA ATRAVES DE CASTANHAS DUPLAS EM POSTEDE CONCRETO ARMADO.FORNECIMENTO E COLOCACAO","M2",482.8,null,"05.015.0055-A","PLACA DE SINALIZACAO DE RODOVIAS,EM CHAPA DE ACO Nº16,TRATADA QUIMICAMENTE,INCLUSIVE PINTURA COM METAL PRIMER NAS DUAS FACES E ESMALTE SINTETICO PRETO NO VERSO.APLICACAO DE PELICULAS REFLETIVAS NO GRAU TECNICO,GRAU ALTA INTENSIDADE E PELICULA PARA LEGENDA FIXADA ATRAVES DE CASTANHAS DUPLAS EM POSTEDE CONCRETO ARMADO.FORNECIMENTO E COLOCACAO","M2",475.88]
["05.015.0060-0","PLACA DE SINALIZACAO DE RODOVIAS,EM CHAPA DE ACO Nº16,TRATADA QUIMICAMENTE,INCLUSIVE PINTURA COM METAL PRIMER NAS DUAS FACES E ESMALTE SINTETICO PRETO NO VERSO.APLICACAO DE PELICULAS REFLETIVAS NO GRAU TECNICO,GRAU DIAMANTE E PELICULA PARALEGENDA FIXADA ATRAVES DE CASTANHAS DUPLAS EM POSTE DE CONCRETO ARMADO.FORNECIMENTO E COLOCACAO","M2",490.4,null,"05.015.0060-A","PLACA DE SINALIZACAO DE RODOVIAS,EM CHAPA DE ACO Nº16,TRATADA QUIMICAMENTE,INCLUSIVE PINTURA COM METAL PRIMER NAS DUAS FACES E ESMALTE SINTETICO PRETO NO VERSO.APLICACAO DE PELICULAS REFLETIVAS NO GRAU TECNICO,GRAU DIAMANTE E PELICULA PARALEGENDA FIXADA ATRAVES DE CASTANHAS DUPLAS EM POSTE DE CONCRETO ARMADO.FORNECIMENTO E COLOCACAO","M2",483.49]
["05.015.0065-0","PLACA DE SINALIZACAO DE RODOVIAS,EM CHAPA DE ACO Nº16,TRATADA QUIMICAMENTE,INCLUSIVE PINTURA COM METAL PRIMER NAS DUAS FACES E ESMALTE SINTETICO PRETO NO VERSO.APLICACAO DE PELICULAS REFLETIVAS NO GRAU TECNICO E PELICULA PARA LEGENDA FIXADOEM UM OU DOIS POSTES DE MADEIRA.FORNECIMENTO E COLOCACAO","M2",625.82000000000005,null,"05.015.0065-A","PLACA DE SINALIZACAO DE RODOVIAS,EM CHAPA DE ACO Nº16,TRATADA QUIMICAMENTE,INCLUSIVE PINTURA COM METAL PRIMER NAS DUAS FACES E ESMALTE SINTETICO PRETO NO VERSO.APLICACAO DE PELICULAS REFLETIVAS NO GRAU TECNICO E PELICULA PARA LEGENDA FIXADOEM UM OU DOIS POSTES DE MADEIRA.FORNECIMENTO E COLOCACAO","M2",617.14]
["05.015.0070-0","PLACA DE SINALIZACAO DE RODOVIAS,EM CHAPA DE ACO Nº16,TRATADA QUIMICAMENTE,INCLUSIVE PINTURA COM METAL PRIMER NAS DUAS FACES E ESMALTE SINTETICO PRETO NO VERSO.APLICACAO DE PELICULAS REFLETIVAS NO GRAU TECNICO,GRAU ALTA INTENSIDADE E PELICULA PARA LEGENDA FIXADO EM UM OU DOIS POSTES DE MADEIRA DE LEI.FORNECIMENTO E COLOCACAO","M2",632.87,null,"05.015.0070-A","PLACA DE SINALIZACAO DE RODOVIAS,EM CHAPA DE ACO Nº16,TRATADA QUIMICAMENTE,INCLUSIVE PINTURA COM METAL PRIMER NAS DUAS FACES E ESMALTE SINTETICO PRETO NO VERSO.APLICACAO DE PELICULAS REFLETIVAS NO GRAU TECNICO,GRAU ALTA INTENSIDADE E PELICULA PARA LEGENDA FIXADO EM UM OU DOIS POSTES DE MADEIRA DE LEI.FORNECIMENTO E COLOCACAO","M2",624.17999999999995]
["05.015.0075-0","PLACA DE SINALIZACAO DE RODOVIAS,EM CHAPA DE ACO Nº16,TRATADA QUIMICAMENTE,INCLUSIVE PINTURA COM METAL PRIMER NAS DUAS FACES E ESMALTE SINTETICO PRETO NO VERSO.APLICACAO DE PELICULAS RELETIVAS NO GRAU TECNICO,GRAU DIAMANTE E PELICULA PARA LEGENDA FIXADO EM UM OU DOIS POSTES DE MADEIRA DE LEI.FORNECIMENTO E COLOCACAO","M2",640.48,null,"05.015.0075-A","PLACA DE SINALIZACAO DE RODOVIAS,EM CHAPA DE ACO Nº16,TRATADA QUIMICAMENTE,INCLUSIVE PINTURA COM METAL PRIMER NAS DUAS FACES E ESMALTE SINTETICO PRETO NO VERSO.APLICACAO DE PELICULAS RELETIVAS NO GRAU TECNICO,GRAU DIAMANTE E PELICULA PARA LEGENDA FIXADO EM UM OU DOIS POSTES DE MADEIRA DE LEI.FORNECIMENTO E COLOCACAO","M2",631.79]
["05.020.0005-0","SINALIZACAO HORIZONTAL,MECANICA,COM TINTA TERMOPLASTICA A BASE DE RESINAS NATURAIS E/OU SINTETICAS,EM VIAS RODOVIARIAS,APLICADA POR EXTRUSAO,CONFORME ABNT NBR 12935,13132 E NORMA DNIT 100/2018-ES.","M2",84.51,null,"05.020.0005-A","SINALIZACAO HORIZONTAL,MECANICA,COM TINTA TERMOPLASTICA A BASE DE RESINAS NATURAIS E/OU SINTETICAS,EM VIAS RODOVIARIAS,APLICADA POR EXTRUSAO,CONFORME ABNT NBR 12935,13132 E NORMA DNIT 100/2018-ES.","M2",83.85]
["05.020.0007-0","SINALIZACAO HORIZONTAL,MECANICA,COM TINTA TERMOPLASTICA A BASE DE RESINAS NATURAIS E/OU SINTETICAS,EM VIAS URBANAS,APLICADA POR EXTRUSAO,CONFORME ABNT NBR 12935,13132 E NORMA DNIT100/2018-ES.","M2",125.44,null,"05.020.0007-A","SINALIZACAO HORIZONTAL,MECANICA,COM TINTA TERMOPLASTICA A BASE DE RESINAS NATURAIS E/OU SINTETICAS,EM VIAS URBANAS,APLICADA POR EXTRUSAO,CONFORME ABNT NBR 12935,13132 E NORMA DNIT100/2018-ES.","M2",124.12]
["05.020.0010-0","SINALIZACAO HORIZONTAL,MECANICA,COM TINTA TERMOPLASTICA A BASE DE RESINAS NATURAIS E/OU SINTETICAS,EM VIAS RODOVIARIAS,APLICADA COM PISTOLA(SPRAY),CONFORME ABNT NBR 12935,15405 E NORMA DNIT 100/2018-ES.","M2",54.89,null,"05.020.0010-A","SINALIZACAO HORIZONTAL,MECANICA,COM TINTA TERMOPLASTICA A BASE DE RESINAS NATURAIS E/OU SINTETICAS,EM VIAS RODOVIARIAS,APLICADA COM PISTOLA(SPRAY),CONFORME ABNT NBR 12935,15405 E NORMA DNIT 100/2018-ES.","M2",54.23]
["05.020.0012-0","SINALIZACAO HORIZONTAL,MECANICA,COM TINTA TERMOPLASTICA A BASE DE RESINAS NATURAIS E/OU SINTETICAS,EM VIAS URBANAS,APLICADA COM PISTOLA(SPRAY),CONFORME ABNT NBR 12935,15405 E NORMADNIT 100/2018-ES.","M2",81.12,null,"05.020.0012-A","SINALIZACAO HORIZONTAL,MECANICA,COM TINTA TERMOPLASTICA A BASE DE RESINAS NATURAIS E/OU SINTETICAS,EM VIAS URBANAS,APLICADA COM PISTOLA(SPRAY),CONFORME ABNT NBR 12935,15405 E NORMADNIT 100/2018-ES.","M2",79.8]
["05.020.0013-0","SINALIZACAO MANUAL DE FAIXAS E FIGURAS PARA PEDESTRES,COM TINTA TERMOPLASTICA A BASE DE RESINAS NATURAIS E/OU SINTETICAS,EM VIAS RODOVIARIAS,APLICADO POR EXTRUSAO,CONFORME ABNT NBR12935,13132,7396 E NORMA DNIT 100/2018-ES.","M2",122.35,null,"05.020.0013-A","SINALIZACAO MANUAL DE FAIXAS E FIGURAS PARA PEDESTRES,COM TINTA TERMOPLASTICA A BASE DE RESINAS NATURAIS E/OU SINTETICAS,EM VIAS RODOVIARIAS,APLICADO POR EXTRUSAO,CONFORME ABNT NBR12935,13132,7396 E NORMA DNIT 100/2018-ES.","M2",120.7]
["05.020.0014-0","SINALIZACAO MANUAL DE FAIXAS E FIGURAS PARA PEDESTRES,COM TINTA TERMOPLASTICA A BASE DE RESINAS NATURAIS E/OU SINTETICAS,EM VIAS URBANAS,APLICADO POR EXTRUSAO,CONFORME ABNT NBR 12935,13132,7396 E NORMA DNIT 100/2018-ES.","M2",132.33000000000001,null,"05.020.0014-A","SINALIZACAO MANUAL DE FAIXAS E FIGURAS PARA PEDESTRES,COM TINTA TERMOPLASTICA A BASE DE RESINAS NATURAIS E/OU SINTETICAS,EM VIAS URBANAS,APLICADO POR EXTRUSAO,CONFORME ABNT NBR 12935,13132,7396 E NORMA DNIT 100/2018-ES.","M2",130.34]
["05.020.0015-1","SINALIZACAO HORIZONTAL,MECANICA,COM TINTA A BASE DE RESINA ACRILICA,EM VIAS RODOVIARIAS,CONFORME ABNT NBR 12935 E NORMADNIT 100/2018-ES.","M2",23.75,null,"05.020.0015-B","SINALIZACAO HORIZONTAL,MECANICA,COM TINTA A BASE DE RESINA ACRILICA,EM VIAS RODOVIARIAS,CONFORME ABNT NBR 12935 E NORMADNIT 100/2018-ES.","M2",23.65]
["05.020.0020-0","SINALIZACAO HORIZONTAL,MECANICA,COM TINTA A BASE DE RESINA ACRILICA,EM VIAS URBANAS,CONFORME ABNT NBR 12935 E NORMA DNIT100/2018-ES.","M2",34.799999999999997,null,"05.020.0020-A","SINALIZACAO HORIZONTAL,MECANICA,COM TINTA A BASE DE RESINA ACRILICA,EM VIAS URBANAS,CONFORME ABNT NBR 12935 E NORMA DNIT100/2018-ES.","M2",34.4]
["05.020.0025-0","SINALIZACAO MANUAL DE FAIXAS E FIGURAS PARA PEDESTRES,COM TINTA A BASE DE RESINA ACRILICA,EM VIAS RODOVIARIAS,COM UTILIZACAO DE PISTOLA PNEUMATICA(SPRAY),CONFORME ABNT NBR 12935,13132,7396 E NORMA DNIT 100/2018-ES.","M2",52.42,null,"05.020.0025-A","SINALIZACAO MANUAL DE FAIXAS E FIGURAS PARA PEDESTRES,COM TINTA A BASE DE RESINA ACRILICA,EM VIAS RODOVIARIAS,COM UTILIZACAO DE PISTOLA PNEUMATICA(SPRAY),CONFORME ABNT NBR 12935,13132,7396 E NORMA DNIT 100/2018-ES.","M2",51.59]
["05.020.0030-0","SINALIZACAO MANUAL DE FAIXAS E FIGURAS PARA PEDESTRES,COM TINTA A BASE DE RESINA ACRILICA,EM VIAS URBANAS,COM UTILIZACAODE PISTOLA PNEUMATICA(SPRAY),CONFORME NORMAS DO DER-RJ","M2",70.540000000000006,null,"05.020.0030-A","SINALIZACAO MANUAL DE FAIXAS E FIGURAS PARA PEDESTRES,COM TINTA A BASE DE RESINA ACRILICA,EM VIAS URBANAS,COM UTILIZACAODE PISTOLA PNEUMATICA(SPRAY),CONFORME NORMAS DO DER-RJ","M2",69.23]
["05.021.0030-0","SONORIZADOR TIPO CALOTA,DIAMETRO 15CM,CONFECCIONADO EM RESINA DE POLIESTER,COM ELEMENTOS REFLETIVOS E PINO DE FIXACAO.FORNECIMENTO E COLOCACAO","UN",32.200000000000003,null,"05.021.0030-A","SONORIZADOR TIPO CALOTA,DIAMETRO 15CM,CONFECCIONADO EM RESINA DE POLIESTER,COM ELEMENTOS REFLETIVOS E PINO DE FIXACAO.FORNECIMENTO E COLOCACAO","UN",32.04]
["05.021.0050-0","MINI-TACHAO CEGO,FUNDIDO,MEDINDO 220X100X40MM,CONSTITUIDO DEUM CORPO A BASE DE RESINAS DE POLIESTER E FILERIZANTES MINERAIS,COM TELA DE NYLON PARA ABSORCAO DE IMPACTOS E PINO DE ACO PARA MAIOR FIXACAO NO PAVIMENTO.FORNECIMENTO E COLOCACAO","UN",28.11,null,"05.021.0050-A","MINI-TACHAO CEGO,FUNDIDO,MEDINDO 220X100X40MM,CONSTITUIDO DEUM CORPO A BASE DE RESINAS DE POLIESTER E FILERIZANTES MINERAIS,COM TELA DE NYLON PARA ABSORCAO DE IMPACTOS E PINO DE ACO PARA MAIOR FIXACAO NO PAVIMENTO.FORNECIMENTO E COLOCACAO","UN",27.94]
["05.021.0055-0","MINI-TACHAO REFLETIVO,MONODIRECIONAL,MEDINDO 220X100X40MM,SEUS REFLETORES CONTEM 50 ESFERAS DE VIDRO LAPIDADO E ESPELHADO,INCRUSTADOS EM \"ABS\",NAS CORES BRANCA E AMARELA.FORNECIMENTO E COLOCACAO","UN",27.84,null,"05.021.0055-A","MINI-TACHAO REFLETIVO,MONODIRECIONAL,MEDINDO 220X100X40MM,SEUS REFLETORES CONTEM 50 ESFERAS DE VIDRO LAPIDADO E ESPELHADO,INCRUSTADOS EM \"ABS\",NAS CORES BRANCA E AMARELA.FORNECIMENTO E COLOCACAO","UN",27.67]
["05.021.0060-0","MINI-TACHAO REFLETIVO,BIDIRECIONAL,MEDINDO 220X100X40MM,SEUSREFLETORES CONTEM 50 ESFERAS DE VIDRO LAPIDADO E ESPELHADO,INCRUSTADOS EM \"ABS\",NAS CORES BRANCA E AMARELA.FORNECIMENTOE COLOCACAO","UN",29.9,null,"05.021.0060-A","MINI-TACHAO REFLETIVO,BIDIRECIONAL,MEDINDO 220X100X40MM,SEUSREFLETORES CONTEM 50 ESFERAS DE VIDRO LAPIDADO E ESPELHADO,INCRUSTADOS EM \"ABS\",NAS CORES BRANCA E AMARELA.FORNECIMENTOE COLOCACAO","UN",29.73]
["05.021.0065-0","TACHAO CEGO,FUNDIDO,MEDINDO 230X125X45MM,CONSTITUIDO DE UM CORPO A BASE DE RESINAS DE POLIESTER E FILERIZANTES MINERAIS,COM TELA DE NYLON PARA ABSORCAO DE IMPACTOS E PINO DE ACO PARA MAIOR FIXACAO NO PAVIMENTO.FORNECIMENTO E COLOCACAO","UN",38.47,null,"05.021.0065-A","TACHAO CEGO,FUNDIDO,MEDINDO 230X125X45MM,CONSTITUIDO DE UM CORPO A BASE DE RESINAS DE POLIESTER E FILERIZANTES MINERAIS,COM TELA DE NYLON PARA ABSORCAO DE IMPACTOS E PINO DE ACO PARA MAIOR FIXACAO NO PAVIMENTO.FORNECIMENTO E COLOCACAO","UN",38.299999999999997]
["05.021.0070-0","TACHAO MONODIRECIONAL,MEDINDO 230X125X45MM,SEUS REFLETORES CONTEM 50 ESFERAS DE VIDRO LAPIDADO E ESPELHADO,INCRUSTADOS EM \"ABS\",NAS CORES BRANCA E AMARELA.FORNECIMENTO E COLOCACAO","UN",40.43,null,"05.021.0070-A","TACHAO MONODIRECIONAL,MEDINDO 230X125X45MM,SEUS REFLETORES CONTEM 50 ESFERAS DE VIDRO LAPIDADO E ESPELHADO,INCRUSTADOS EM \"ABS\",NAS CORES BRANCA E AMARELA.FORNECIMENTO E COLOCACAO","UN",40.26]
["05.021.0075-0","TACHAO BIDIRECIONAL,MEDINDO 230X125X45MM, SEUS REFLETORES CONTEM 50 ESFERAS DE VIDRO LAPIDADO E ESPELHADO,INCRUSTADOS EM\"ABS\",NAS CORES BRANCA E AMARELA.FORNECIMENTO E COLOCACAO","UN",39.5,null,"05.021.0075-A","TACHAO BIDIRECIONAL,MEDINDO 230X125X45MM, SEUS REFLETORES CONTEM 50 ESFERAS DE VIDRO LAPIDADO E ESPELHADO,INCRUSTADOS EM\"ABS\",NAS CORES BRANCA E AMARELA.FORNECIMENTO E COLOCACAO","UN",39.33]
["05.021.0090-0","TACHA REFLETIVA INJETADA EM \"ABS\",MONODIRECIONAL,MEDINDO 100X100X19,5MM,PINO DE ACO PARA MAIOR FIXACAO NO PAVIMENTO E SEUS REFLETORES PODERAO CONTER:23 OU 24 ESFERAS DE VIDRO LAPIDADO E ESPELHADO,DIVERSAS CORES.FORNECIMENTO E COLOCACAO","UN",15.38,null,"05.021.0090-A","TACHA REFLETIVA INJETADA EM \"ABS\",MONODIRECIONAL,MEDINDO 100X100X19,5MM,PINO DE ACO PARA MAIOR FIXACAO NO PAVIMENTO E SEUS REFLETORES PODERAO CONTER:23 OU 24 ESFERAS DE VIDRO LAPIDADO E ESPELHADO,DIVERSAS CORES.FORNECIMENTO E COLOCACAO","UN",15.21]
["05.021.0095-0","TACHA REFLETIVA INJETADA EM \"ABS\",BIDIRECIONAL,MEDINDO 100X100X19,5MM,PINO DE ACO PARA MAIOR FIXACAO NO PAVIMENTO E SEUSREFLETORES PODERAO CONTER:23 OU 24 ESFERAS DE VIDRO LAPIDADO E ESPELHADO,DIVERSAS CORES.FORNECIMENTO E COLOCACAO","UN",15.38,null,"05.021.0095-A","TACHA REFLETIVA INJETADA EM \"ABS\",BIDIRECIONAL,MEDINDO 100X100X19,5MM,PINO DE ACO PARA MAIOR FIXACAO NO PAVIMENTO E SEUSREFLETORES PODERAO CONTER:23 OU 24 ESFERAS DE VIDRO LAPIDADO E ESPELHADO,DIVERSAS CORES.FORNECIMENTO E COLOCACAO","UN",15.21]
["05.021.0100-0","SEGREGADORES DE FAIXAS DE ONIBUS,MEDINDO 450X155X70MM,CONSTITUIDOS DE RESINAS DE POLIESTER SINTETICO E FILERIZANTES MINERAIS,COM TELA DE NYLON PARA MAIOR ABSORCAO DE IMPACTOS,2 PINOS DE ACO PARA MAIOR FIXACAO NO PAVIMENTO,SENDO SEU TOPO SUPERIOR ARREDONDADO,EVITANDO ASSIM DANOS E RISCOS NOS PNEUS,NAS CORES BRANCA E AMARELA.FORNECIMENTO E COLOCACAO","UN",89.96,null,"05.021.0100-A","SEGREGADORES DE FAIXAS DE ONIBUS,MEDINDO 450X155X70MM,CONSTITUIDOS DE RESINAS DE POLIESTER SINTETICO E FILERIZANTES MINERAIS,COM TELA DE NYLON PARA MAIOR ABSORCAO DE IMPACTOS,2 PINOS DE ACO PARA MAIOR FIXACAO NO PAVIMENTO,SENDO SEU TOPO SUPERIOR ARREDONDADO,EVITANDO ASSIM DANOS E RISCOS NOS PNEUS,NAS CORES BRANCA E AMARELA.FORNECIMENTO E COLOCACAO","UN",89.6]
["05.021.0110-0","SINALIZADOR FOTOLUMINESCENTE AUTOADESIVO PARA ESCADA,APLICADO EM PISOS E ESPELHOS,AMARELO,MEDINDO (7X3)CM,ESPESSURA APROXIMADA DE 1MM,CONFORME ABNT NBR 9050.FORNECIMENTO E COLOCACAO","UN",4.22,null,"05.021.0110-A","SINALIZADOR FOTOLUMINESCENTE AUTOADESIVO PARA ESCADA,APLICADO EM PISOS E ESPELHOS,AMARELO,MEDINDO (7X3)CM,ESPESSURA APROXIMADA DE 1MM,CONFORME ABNT NBR 9050.FORNECIMENTO E COLOCACAO","UN",4.1100000000000003]
["05.021.0112-0","SINALIZADOR FOTOLUMINESCENTE AUTOADESIVO PARA ESCADA,APLICADO EM PISOS E ESPELHOS,AMARELO,MEDINDO (20X3)CM,ESPESSURA APROXIMADA DE 1MM,CONFORME ABNT NBR 9050.FORNECIMENTO E COLOCACAO","UN",7.28,null,"05.021.0112-A","SINALIZADOR FOTOLUMINESCENTE AUTOADESIVO PARA ESCADA,APLICADO EM PISOS E ESPELHOS,AMARELO,MEDINDO (20X3)CM,ESPESSURA APROXIMADA DE 1MM,CONFORME ABNT NBR 9050.FORNECIMENTO E COLOCACAO","UN",7.17]
["05.021.0150-0","FITA ANTIDERRAPANTE AUTOADESIVA NA COR PRETA,PARA AREAS INTERNAS E EXTERNAS,COM LARGURA DE 50MM.FORNECIMENTO E COLOCACAO","M",6.86,null,"05.021.0150-A","FITA ANTIDERRAPANTE AUTOADESIVA NA COR PRETA,PARA AREAS INTERNAS E EXTERNAS,COM LARGURA DE 50MM.FORNECIMENTO E COLOCACAO","M",6.74]
["05.022.0015-0","CORTE MECANICO COM MAQUINA FRESADORA,EM CONCRETO ASFALTICO,EM AREAS COM INTERFERENCIA TIPO TRILHOS OU TAMPOES,COM ESPESSURA ATE 5CM,INCLUSIVE COLETA DO MATERIAL FRESADO EM CAMINHOBASCULANTE,EXCLUSIVE TRANSPORTE PARA FORA DO CANTEIRO DE OBRA (VIDE FAMILIA 04.005).O ITEM INCLUI MAO-DE-OBRA COM HORARIO DIURNO","M2",10.47,null,"05.022.0015-A","CORTE MECANICO COM MAQUINA FRESADORA,EM CONCRETO ASFALTICO,EM AREAS COM INTERFERENCIA TIPO TRILHOS OU TAMPOES,COM ESPESSURA ATE 5CM,INCLUSIVE COLETA DO MATERIAL FRESADO EM CAMINHOBASCULANTE,EXCLUSIVE TRANSPORTE PARA FORA DO CANTEIRO DE OBRA (VIDE FAMILIA 04.005).O ITEM INCLUI MAO-DE-OBRA COM HORARIO DIURNO","M2",10.37]
["05.022.0016-0","CORTE MECANICO COM MAQUINA FRESADORA,EM CONCRETO ASFALTICO,EM AREAS COM INTERFERENCIA TIPO TRILHOS OU TAMPOES,COM ESPESSURA DE ATE 5CM,INCLUSIVE COLETA DO MATERIAL FRESADO EM CAMINHAO BASCULANTE,EXCLUSIVE TRANSPORTE PARA FORA DO CANTEIRO DEOBRA(VIDE FAMILIA 04.005).O ITEM INCLUI MAO-DE-OBRA COM ADICIONAL NOTURNO","M2",10.55,null,"05.022.0016-A","CORTE MECANICO COM MAQUINA FRESADORA,EM CONCRETO ASFALTICO,EM AREAS COM INTERFERENCIA TIPO TRILHOS OU TAMPOES,COM ESPESSURA DE ATE 5CM,INCLUSIVE COLETA DO MATERIAL FRESADO EM CAMINHAO BASCULANTE,EXCLUSIVE TRANSPORTE PARA FORA DO CANTEIRO DEOBRA(VIDE FAMILIA 04.005).O ITEM INCLUI MAO-DE-OBRA COM ADICIONAL NOTURNO","M2",10.45]
["05.022.0018-0","CORTE MECANICO COM MAQUINA FRESADORA,EM CONCRETO ASFALTICO,EM AREAS SEM INTERFERENCIA,COM ESPESSURA DE ATE 5CM,INCLUSIVECOLETA DO MATERIAL FRESADO EM CAMINHAO BASCULANTE,EXCLUSIVETRANSPORTE PARA FORA DO CANTEIRO DE OBRA(VIDE FAMILIA 04.005).O ITEM INCLUI MAO-DE-OBRA COM HORARIO DIURNO","M2",7.95,null,"05.022.0018-A","CORTE MECANICO COM MAQUINA FRESADORA,EM CONCRETO ASFALTICO,EM AREAS SEM INTERFERENCIA,COM ESPESSURA DE ATE 5CM,INCLUSIVECOLETA DO MATERIAL FRESADO EM CAMINHAO BASCULANTE,EXCLUSIVETRANSPORTE PARA FORA DO CANTEIRO DE OBRA(VIDE FAMILIA 04.005).O ITEM INCLUI MAO-DE-OBRA COM HORARIO DIURNO","M2",7.87]
["05.022.0020-0","CORTE MECANICO COM MAQUINA FRESADORA,EM CONCRETO ASFALTICO,EM AREAS SEM INTERFERENCIA,COM ESPESSURA DE ATE 5CM,INCLUSIVECOLETA DO MATERIAL FRESADO EM CAMINHAO BASCULANTE, EXCLUSIVETRANSPORTE PARA FORA DO CANTEIRO DE OBRA. (VIDE FAMILIA 04.005) O ITEM INCLUI MAO DE OBRA COM ADICIONAL NOTURNO","M2",8.01,null,"05.022.0020-A","CORTE MECANICO COM MAQUINA FRESADORA,EM CONCRETO ASFALTICO,EM AREAS SEM INTERFERENCIA,COM ESPESSURA DE ATE 5CM,INCLUSIVECOLETA DO MATERIAL FRESADO EM CAMINHAO BASCULANTE, EXCLUSIVETRANSPORTE PARA FORA DO CANTEIRO DE OBRA. (VIDE FAMILIA 04.005) O ITEM INCLUI MAO DE OBRA COM ADICIONAL NOTURNO","M2",7.93]
["05.022.0030-0","CORTE MECANICO COM MAQUINA FRESADORA,EM CONCRETO ASFALTICO,EM AREAS COM INTERFERENCIA TIPO TRILHOS OU TAMPOES,COM ESPESSURA ATE 10CM,INCLUSIVE COLETA DO MATERIAL FRESADO EM CAMINHAO BASCULANTE,EXCLUSIVE TRANSPORTE PARA FORA DO CANTEIRO DE OBRA(VIDE FAMILIA 04.005).O ITEM INCLUI MAO-DE-OBRA COM HORARIO DIURNO","M2",15.11,null,"05.022.0030-A","CORTE MECANICO COM MAQUINA FRESADORA,EM CONCRETO ASFALTICO,EM AREAS COM INTERFERENCIA TIPO TRILHOS OU TAMPOES,COM ESPESSURA ATE 10CM,INCLUSIVE COLETA DO MATERIAL FRESADO EM CAMINHAO BASCULANTE,EXCLUSIVE TRANSPORTE PARA FORA DO CANTEIRO DE OBRA(VIDE FAMILIA 04.005).O ITEM INCLUI MAO-DE-OBRA COM HORARIO DIURNO","M2",15]
["05.022.0031-0","CORTE MECANICO COM MAQUINA FRESADORA,EM CONCRETO ASFALTICO,EM AREAS COM INTERFERENCIA TIPO TRILHOS OU TAMPOES,COM ESPESSURA DE ATE 10CM,INCLUSIVE COLETA DO MATERIAL FRESADO EM CAMINHAO BASCULANTE,EXCLUSIVE TRANSPORTE PARA FORA DO CANTEIRO DE OBRA(VIDE FAMILIA 04.005).O ITEM INCLUI MAO-DE-OBRA COM ADICIONAL NOTURNO","M2",15.84,null,"05.022.0031-A","CORTE MECANICO COM MAQUINA FRESADORA,EM CONCRETO ASFALTICO,EM AREAS COM INTERFERENCIA TIPO TRILHOS OU TAMPOES,COM ESPESSURA DE ATE 10CM,INCLUSIVE COLETA DO MATERIAL FRESADO EM CAMINHAO BASCULANTE,EXCLUSIVE TRANSPORTE PARA FORA DO CANTEIRO DE OBRA(VIDE FAMILIA 04.005).O ITEM INCLUI MAO-DE-OBRA COM ADICIONAL NOTURNO","M2",15.68]
["05.022.0033-0","CORTE MECANICO COM MAQUINA FRESADORA,EM CONCRETO ASFALTICO,EM AREAS SEM INTERFERENCIA,COM ESPESSURA DE ATE 10CM,INCLUSIVE COLETA DO MATERIAL FRESADO EM CAMINHAO BASCULANTE,EXCLUSIVE TRANSPORTE PARA FORA DO CANTEIRO DE OBRA(VIDE FAMILIA 04.005).O ITEM INCLUI MAO-DE-OBRA COM HORARIO DIURNO","M2",11.92,null,"05.022.0033-A","CORTE MECANICO COM MAQUINA FRESADORA,EM CONCRETO ASFALTICO,EM AREAS SEM INTERFERENCIA,COM ESPESSURA DE ATE 10CM,INCLUSIVE COLETA DO MATERIAL FRESADO EM CAMINHAO BASCULANTE,EXCLUSIVE TRANSPORTE PARA FORA DO CANTEIRO DE OBRA(VIDE FAMILIA 04.005).O ITEM INCLUI MAO-DE-OBRA COM HORARIO DIURNO","M2",11.81]
["05.022.0035-0","CORTE MECANICO COM MAQUINA FRESADORA, EM CONCRETO ASFALTICO,EM AREAS SEM INTERFERENCIA,COM ESPESSURA DE ATE 10CM,INCLUSIVE COLETA DO MATERIAL FRESADO EM CAMINHAO BASCULANTE,EXCLUSIVE TRANSPORTE PARA FORA DO CANTEIRO DE OBRA(VIDE FAMILIA 04.005).O ITEM INCLUI MAO-DE-OBRA COM ADICIONAL NOTURNO","M2",12.02,null,"05.022.0035-A","CORTE MECANICO COM MAQUINA FRESADORA, EM CONCRETO ASFALTICO,EM AREAS SEM INTERFERENCIA,COM ESPESSURA DE ATE 10CM,INCLUSIVE COLETA DO MATERIAL FRESADO EM CAMINHAO BASCULANTE,EXCLUSIVE TRANSPORTE PARA FORA DO CANTEIRO DE OBRA(VIDE FAMILIA 04.005).O ITEM INCLUI MAO-DE-OBRA COM ADICIONAL NOTURNO","M2",11.9]
["05.025.0025-1","SOLDA DE TOPO,DESCENDENTE,EM CHAPA DE ACO CHANFRADA DE 3/16\"DE ESPESSURA,PARA SERVICO DE ASSENTAMENTO DE TUBULACAO OU PECA DE ACO,UTILIZANDO CONVERSOR MOVIDO A OLEO DIESEL","M",135.29,null,"05.025.0025-B","SOLDA DE TOPO,DESCENDENTE,EM CHAPA DE ACO CHANFRADA DE 3/16\"DE ESPESSURA,PARA SERVICO DE ASSENTAMENTO DE TUBULACAO OU PECA DE ACO,UTILIZANDO CONVERSOR MOVIDO A OLEO DIESEL","M",130.46]
["05.025.0026-0","SOLDA DE TOPO,DESCENDENTE,EM CHAPA DE ACO CHANFRADA DE 3/16\"DE ESPESSURA,PARA SERVICO DE ASSENTAMENTO DE TUBULACAO OU PECA DE ACO,UTILIZANDO MAQUINA DE SOLDA ELETROMOTORIZADA","M",128.52000000000001,null,"05.025.0026-A","SOLDA DE TOPO,DESCENDENTE,EM CHAPA DE ACO CHANFRADA DE 3/16\"DE ESPESSURA,PARA SERVICO DE ASSENTAMENTO DE TUBULACAO OU PECA DE ACO,UTILIZANDO MAQUINA DE SOLDA ELETROMOTORIZADA","M",123.93]
["05.025.0027-1","SOLDA DE TOPO,DESCENDENTE,EM CHAPA DE ACO CHANFRADA DE 1/4\"DE ESPESSURA,PARA SERVICO DE ASSENTAMENTO DE TUBULACAO OU PECA DE ACO,UTILIZANDO CONVERSOR MOVIDO A OLEO DIESEL","M",169.11,null,"05.025.0027-B","SOLDA DE TOPO,DESCENDENTE,EM CHAPA DE ACO CHANFRADA DE 1/4\"DE ESPESSURA,PARA SERVICO DE ASSENTAMENTO DE TUBULACAO OU PECA DE ACO,UTILIZANDO CONVERSOR MOVIDO A OLEO DIESEL","M",163.07]
["05.025.0028-0","SOLDA DE TOPO,DESCENDENTE,EM CHAPA DE ACO CHANFRADA DE 1/4\"DE ESPESSURA,PARA SERVICO DE ASSENTAMENTO DE TUBULACAO OU PECA DE ACO,UTILIZANDO MAQUINA DE SOLDA ELETROMOTORIZADA","M",160.66,null,"05.025.0028-A","SOLDA DE TOPO,DESCENDENTE,EM CHAPA DE ACO CHANFRADA DE 1/4\"DE ESPESSURA,PARA SERVICO DE ASSENTAMENTO DE TUBULACAO OU PECA DE ACO,UTILIZANDO MAQUINA DE SOLDA ELETROMOTORIZADA","M",154.91999999999999]
["05.025.0029-1","SOLDA DE TOPO,DESCENDENTE,EM CHAPA DE ACO CHANFRADA DE 5/16\"DE ESPESSURA,PARA SERVICO DE ASSENTAMENTO DE TUBULACAO OU PECA DE ACO,UTILIZANDO CONVERSOR MOVIDO A OLEO DIESEL","M",227.79,null,"05.025.0029-B","SOLDA DE TOPO,DESCENDENTE,EM CHAPA DE ACO CHANFRADA DE 5/16\"DE ESPESSURA,PARA SERVICO DE ASSENTAMENTO DE TUBULACAO OU PECA DE ACO,UTILIZANDO CONVERSOR MOVIDO A OLEO DIESEL","M",219.73]
["05.025.0030-0","SOLDA DE TOPO,DESCENDENTE,EM CHAPA DE ACO CHANFRADA DE 5/16\"DE ESPESSURA,PARA SERVICO DE ASSENTAMENTO DE TUBULACAO OU PECA DE ACO,UTILIZANDO MAQUINA DE SOLDA ELETROMOTORIZADA","M",216.4,null,"05.025.0030-A","SOLDA DE TOPO,DESCENDENTE,EM CHAPA DE ACO CHANFRADA DE 5/16\"DE ESPESSURA,PARA SERVICO DE ASSENTAMENTO DE TUBULACAO OU PECA DE ACO,UTILIZANDO MAQUINA DE SOLDA ELETROMOTORIZADA","M",208.74]
["05.025.0031-1","SOLDA DE TOPO,DESCENDENTE,EM CHAPA DE ACO CHANFRADA DE 3/8\"DE ESPESSURA,PARA SERVICO DE ASSENTAMENTO DE TUBULACAO OU PECA DE ACO,UTILIZANDO CONVERSOR MOVIDO A OLEO DIESEL","M",385.87,null,"05.025.0031-B","SOLDA DE TOPO,DESCENDENTE,EM CHAPA DE ACO CHANFRADA DE 3/8\"DE ESPESSURA,PARA SERVICO DE ASSENTAMENTO DE TUBULACAO OU PECA DE ACO,UTILIZANDO CONVERSOR MOVIDO A OLEO DIESEL","M",371.78]
["05.025.0032-0","SOLDA DE TOPO,DESCENDENTE,EM CHAPA DE ACO CHANFRADA DE 3/8\"DE ESPESSURA,PARA SERVICO DE ASSENTAMENTO DE TUBULACAO OU PECA DE ACO,UTILIZANDO MAQUINA DE SOLDA ELETROMOTORIZADA","M",366.58,null,"05.025.0032-A","SOLDA DE TOPO,DESCENDENTE,EM CHAPA DE ACO CHANFRADA DE 3/8\"DE ESPESSURA,PARA SERVICO DE ASSENTAMENTO DE TUBULACAO OU PECA DE ACO,UTILIZANDO MAQUINA DE SOLDA ELETROMOTORIZADA","M",353.19]
["05.025.0033-1","SOLDA DE TOPO,DESCENDENTE,EM CHAPA DE ACO CHANFRADA DE 1/2\"DE ESPESSURA,PARA SERVICO DE ASSENTAMENTO DE TUBULACAO OU PECA DE ACO,UTILIZANDO CONVERSOR MOVIDO A OLEO DIESEL","M",514.47,null,"05.025.0033-B","SOLDA DE TOPO,DESCENDENTE,EM CHAPA DE ACO CHANFRADA DE 1/2\"DE ESPESSURA,PARA SERVICO DE ASSENTAMENTO DE TUBULACAO OU PECA DE ACO,UTILIZANDO CONVERSOR MOVIDO A OLEO DIESEL","M",495.68]
["05.025.0034-0","SOLDA DE TOPO,DESCENDENTE,EM CHAPA DE ACO CHANFRADA DE 1/2\"DE ESPESSURA,PARA SERVICO DE ASSENTAMENTO DE TUBULACAO OU PECA DE ACO,UTILIZANDO MAQUINA DE SOLDA ELETROMOTORIZADA","M",488.74,null,"05.025.0034-A","SOLDA DE TOPO,DESCENDENTE,EM CHAPA DE ACO CHANFRADA DE 1/2\"DE ESPESSURA,PARA SERVICO DE ASSENTAMENTO DE TUBULACAO OU PECA DE ACO,UTILIZANDO MAQUINA DE SOLDA ELETROMOTORIZADA","M",470.89]
["05.025.0035-1","SOLDA DE TOPO,DESCENDENTE,EM CHAPA DE ACO CHANFRADA DE 5/8\"DE ESPESSURA,PARA SERVICO DE ASSENTAMENTO DE TUBULACAO OU PECA DE ACO,UTILIZANDO CONVERSOR MOVIDO A OLEO DIESEL","M",668.97,null,"05.025.0035-B","SOLDA DE TOPO,DESCENDENTE,EM CHAPA DE ACO CHANFRADA DE 5/8\"DE ESPESSURA,PARA SERVICO DE ASSENTAMENTO DE TUBULACAO OU PECA DE ACO,UTILIZANDO CONVERSOR MOVIDO A OLEO DIESEL","M",644.54]
["05.025.0036-0","SOLDA DE TOPO,DESCENDENTE,EM CHAPA DE ACO CHANFRADA DE 5/8\"DE ESPESSURA,PARA SERVICO DE ASSENTAMENTO DE TUBULACAO OU PECA DE ACO,UTILIZANDO MAQUINA DE SOLDA ELETROMOTORIZADA","M",635.52,null,"05.025.0036-A","SOLDA DE TOPO,DESCENDENTE,EM CHAPA DE ACO CHANFRADA DE 5/8\"DE ESPESSURA,PARA SERVICO DE ASSENTAMENTO DE TUBULACAO OU PECA DE ACO,UTILIZANDO MAQUINA DE SOLDA ELETROMOTORIZADA","M",612.32000000000005]
["05.025.0041-1","SOLDA DE TOPO,DESCENDENTE,EM CHAPA ACO CHANFRADA A 30°,DE 1/4\" DE ESPESSURA,UTILIZANDO CONVERSOR ELETROMOTORIZADO,E ADMITINDO UM TEMPO PRODUTIVO DE 75%","M",45.43,null,"05.025.0041-B","SOLDA DE TOPO,DESCENDENTE,EM CHAPA ACO CHANFRADA A 30°,DE 1/4\" DE ESPESSURA,UTILIZANDO CONVERSOR ELETROMOTORIZADO,E ADMITINDO UM TEMPO PRODUTIVO DE 75%","M",44.18]
["05.025.0042-0","SOLDA DE TOPO,DESCENDENTE,EM CHAPA DE ACO CHANFRADA A 30°,DE1/4\" DE ESPESSURA,UTILIZANDO MAQUINA DE SOLDA A OLEO DIESEL","M",52.24,null,"05.025.0042-A","SOLDA DE TOPO,DESCENDENTE,EM CHAPA DE ACO CHANFRADA A 30°,DE1/4\" DE ESPESSURA,UTILIZANDO MAQUINA DE SOLDA A OLEO DIESEL","M",50.81]
["05.025.0043-1","SOLDA DE TOPO,DESCENDENTE,EM CHAPA DE ACO CHANFRADA A 30°,DE5/16\" DE ESPESSURA,UTILIZANDO CONVERSOR ELETROMOTORIZADO,EADMITINDO UM TEMPO PRODUTIVO DE 75%","M",60.76,null,"05.025.0043-B","SOLDA DE TOPO,DESCENDENTE,EM CHAPA DE ACO CHANFRADA A 30°,DE5/16\" DE ESPESSURA,UTILIZANDO CONVERSOR ELETROMOTORIZADO,EADMITINDO UM TEMPO PRODUTIVO DE 75%","M",59.17]
["05.025.0044-0","SOLDA DE TOPO,DESCENDENTE,EM CHAPA DE ACO CHANFRADA A 30°,DE5/16\" DE ESPESSURA,UTILIZANDO MAQUINA DE SOLDA A OLEO DIESEL","M",69.88,null,"05.025.0044-A","SOLDA DE TOPO,DESCENDENTE,EM CHAPA DE ACO CHANFRADA A 30°,DE5/16\" DE ESPESSURA,UTILIZANDO MAQUINA DE SOLDA A OLEO DIESEL","M",68.040000000000006]
["05.025.0045-1","SOLDA DE TOPO,DESCENDENTE,EM CHAPA DE ACO CHANFRADA A 30°,DE3/8\" DE ESPESSURA,UTILIZANDO CONVERSOR ELETROMOTORIZADO,E ADMITINDO UM TEMPO PRODUTIVO DE 75%","M",97.67,null,"05.025.0045-B","SOLDA DE TOPO,DESCENDENTE,EM CHAPA DE ACO CHANFRADA A 30°,DE3/8\" DE ESPESSURA,UTILIZANDO CONVERSOR ELETROMOTORIZADO,E ADMITINDO UM TEMPO PRODUTIVO DE 75%","M",94.58]
["05.025.0046-0","SOLDA DE TOPO,DESCENDENTE,EM CHAPA DE ACO CHANFRADA A 30°,DE3/8\" DE ESPESSURA,UTILIZANDO MAQUINA DE SOLDA A OLEO DIESEL","M",112.32,null,"05.025.0046-A","SOLDA DE TOPO,DESCENDENTE,EM CHAPA DE ACO CHANFRADA A 30°,DE3/8\" DE ESPESSURA,UTILIZANDO MAQUINA DE SOLDA A OLEO DIESEL","M",108.77]
["05.025.0047-1","SOLDA DE TOPO,DESCENDENTE,EM CHAPA DE ACO CHANFRADA A 30°,DE1/2\" DE ESPESSURA,UTILIZANDO CONVERSOR ELETROMOTORIZADO,E ADMITINDO UM TEMPO PRODUTIVO DE 75%","M",182.59,null,"05.025.0047-B","SOLDA DE TOPO,DESCENDENTE,EM CHAPA DE ACO CHANFRADA A 30°,DE1/2\" DE ESPESSURA,UTILIZANDO CONVERSOR ELETROMOTORIZADO,E ADMITINDO UM TEMPO PRODUTIVO DE 75%","M",176.12]
["05.025.0048-0","SOLDA DE TOPO,DESCENDENTE,EM CHAPA DE ACO CHANFRADA A 30°,DE1/2\" DE ESPESSURA,UTILIZANDO MAQUINA DE SOLDA A OLEO DIESEL","M",209.98,null,"05.025.0048-A","SOLDA DE TOPO,DESCENDENTE,EM CHAPA DE ACO CHANFRADA A 30°,DE1/2\" DE ESPESSURA,UTILIZANDO MAQUINA DE SOLDA A OLEO DIESEL","M",202.54]
["05.025.0049-0","SOLDA DE TOPO EM VERGALHOES DE ACO,COM DIAMETRO DE 1/4\"","UN",9.0299999999999994,null,"05.025.0049-A","SOLDA DE TOPO EM VERGALHOES DE ACO,COM DIAMETRO DE 1/4\"","UN",8.7899999999999991]
["05.025.0050-0","SOLDA DE TOPO EM VERGALHOES DE ACO,COM DIAMETRO DE 3/8\"","UN",9.9499999999999993,null,"05.025.0050-A","SOLDA DE TOPO EM VERGALHOES DE ACO,COM DIAMETRO DE 3/8\"","UN",9.69]
["05.025.0051-0","SOLDA DE TOPO EM VERGALHOES DE ACO,COM DIAMETRO DE 1/2\"","UN",10.81,null,"05.025.0051-A","SOLDA DE TOPO EM VERGALHOES DE ACO,COM DIAMETRO DE 1/2\"","UN",10.53]
["05.025.0052-0","SOLDA DE TOPO EM VERGALHOES DE ACO,COM DIAMETRO DE 5/8\"","UN",12.53,null,"05.025.0052-A","SOLDA DE TOPO EM VERGALHOES DE ACO,COM DIAMETRO DE 5/8\"","UN",12.21]
["05.025.0053-0","SOLDA DE TOPO EM VERGALHOES DE ACO,COM DIAMETRO DE 1\"","UN",15.54,null,"05.025.0053-A","SOLDA DE TOPO EM VERGALHOES DE ACO,COM DIAMETRO DE 1\"","UN",15.17]
["05.026.0001-1","CORTE COM MACARICO MANUAL DE OXIACETILENO,EM CHAPA DE ACO NAESPESSURA DE 1/4\"","M",7.28,null,"05.026.0001-B","CORTE COM MACARICO MANUAL DE OXIACETILENO,EM CHAPA DE ACO NAESPESSURA DE 1/4\"","M",6.99]
["05.026.0002-1","CORTE COM MACARICO MANUAL DE OXIACETILENO,EM CHAPA DE ACO NAESPESSURA DE 5/16\"","M",9.02,null,"05.026.0002-B","CORTE COM MACARICO MANUAL DE OXIACETILENO,EM CHAPA DE ACO NAESPESSURA DE 5/16\"","M",8.67]
["05.026.0003-1","CORTE COM MACARICO MANUAL DE OXIACETILENO,EM CHAPA DE ACO NAESPESSURA DE 3/8\"","M",11.75,null,"05.026.0003-B","CORTE COM MACARICO MANUAL DE OXIACETILENO,EM CHAPA DE ACO NAESPESSURA DE 3/8\"","M",11.31]
["05.026.0004-1","CORTE COM MACARICO MANUAL DE OXIACETILENO,EM CHAPA DE ACO NAESPESSURA DE 1/2\"","M",14.67,null,"05.026.0004-B","CORTE COM MACARICO MANUAL DE OXIACETILENO,EM CHAPA DE ACO NAESPESSURA DE 1/2\"","M",14.14]
["05.027.0001-0","SOLDA DE TOPO,EM TUBOS DE ACO GALVANIZADO NO DIAMETRO DE 1/2\",UTILIZANDO CONVERSOR ELETRICO,INCLUSIVE CORTE E/OU CHANFRODAS EXTREMIDADES","UN",8.7899999999999991,null,"05.027.0001-A","SOLDA DE TOPO,EM TUBOS DE ACO GALVANIZADO NO DIAMETRO DE 1/2\",UTILIZANDO CONVERSOR ELETRICO,INCLUSIVE CORTE E/OU CHANFRODAS EXTREMIDADES","UN",8.31]
["05.027.0003-0","SOLDA DE TOPO,EM TUBOS DE ACO GALVANIZADO NO DIAMETRO DE 3/4\",UTILIZANDO CONVERSOR ELETRICO,INCLUSIVE CORTE E/OU CHANFRODAS EXTREMIDADES","UN",11.4,null,"05.027.0003-A","SOLDA DE TOPO,EM TUBOS DE ACO GALVANIZADO NO DIAMETRO DE 3/4\",UTILIZANDO CONVERSOR ELETRICO,INCLUSIVE CORTE E/OU CHANFRODAS EXTREMIDADES","UN",10.78]
["05.027.0005-0","SOLDA DE TOPO,EM TUBOS DE ACO GALVANIZADO NO DIAMETRO DE 1\",UTILIZANDO CONVERSOR ELETRICO,INCLUSIVE CORTE E/OU CHANFRO DAS EXTREMIDADES","UN",17.690000000000001,null,"05.027.0005-A","SOLDA DE TOPO,EM TUBOS DE ACO GALVANIZADO NO DIAMETRO DE 1\",UTILIZANDO CONVERSOR ELETRICO,INCLUSIVE CORTE E/OU CHANFRO DAS EXTREMIDADES","UN",16.72]
["05.027.0007-0","SOLDA DE TOPO,EM TUBOS DE ACO GALVANIZADO NO DIAMETRO DE 1.1/4\",UTILIZANDO CONVERSOR ELETRICO,INCLUSIVE CORTE E/OU CHANFRO DAS EXTREMIDADES","UN",24.62,null,"05.027.0007-A","SOLDA DE TOPO,EM TUBOS DE ACO GALVANIZADO NO DIAMETRO DE 1.1/4\",UTILIZANDO CONVERSOR ELETRICO,INCLUSIVE CORTE E/OU CHANFRO DAS EXTREMIDADES","UN",23.26]
["05.027.0009-0","SOLDO DO TOPO,EM TUBOS DE ACO GALVANIZADO NO DIAMETRO DE 1.1/2\",UTILIZANDO CONVERSOR ELETRICO,INCLUSIVE CORTE E/OU CHANFRO DAS EXTREMIDADES","UN",28.78,null,"05.027.0009-A","SOLDO DO TOPO,EM TUBOS DE ACO GALVANIZADO NO DIAMETRO DE 1.1/2\",UTILIZANDO CONVERSOR ELETRICO,INCLUSIVE CORTE E/OU CHANFRO DAS EXTREMIDADES","UN",27.23]
["05.027.0011-0","SOLDA DE TOPO,EM TUBOS DE ACO GALVANIZADO NO DIAMETRO DE 2\",UTILIZANDO CONVERSOR ELETRICO,INCLUSIVE CORTE E/OU CHANFRO DAS EXTREMIDADES","UN",37.44,null,"05.027.0011-A","SOLDA DE TOPO,EM TUBOS DE ACO GALVANIZADO NO DIAMETRO DE 2\",UTILIZANDO CONVERSOR ELETRICO,INCLUSIVE CORTE E/OU CHANFRO DAS EXTREMIDADES","UN",35.5]
["05.032.0001-0","ESCORAMENTO DE POSTE DE CONCRETO OU METALICO","UN",558.96,null,"05.032.0001-A","ESCORAMENTO DE POSTE DE CONCRETO OU METALICO","UN",545.70000000000005]
["05.033.0001-0","ENCHIMENTO DE VAO SOBRE ABOBADA DE TUNEL,COM PEDRA-DE-MAO JOGADA,INCLUSIVE FORNECIMENTO DESTA","M3",262.47000000000003,null,"05.033.0001-A","ENCHIMENTO DE VAO SOBRE ABOBADA DE TUNEL,COM PEDRA-DE-MAO JOGADA,INCLUSIVE FORNECIMENTO DESTA","M3",256.58]
["05.033.0002-0","ENCHIMENTO DE VAO SOBRE ABOBADA DE TUNEL,COM PEDRA-DE-MAO ARRUMADA,INCLUSIVE FORNECIMENTO DESTA","M3",306.35000000000002,null,"05.033.0002-A","ENCHIMENTO DE VAO SOBRE ABOBADA DE TUNEL,COM PEDRA-DE-MAO ARRUMADA,INCLUSIVE FORNECIMENTO DESTA","M3",297.51]
["05.033.0003-0","ARRUMACAO DE MATERIAL ROCHOSO,EM BLOCOS DE ATE 15KG,EM PILHAS REGULARES,REFERINDO-SE O CUSTO AO MATERIAL SOLTO,EXCLUSIVEESTE","M3",131.63,null,"05.033.0003-A","ARRUMACAO DE MATERIAL ROCHOSO,EM BLOCOS DE ATE 15KG,EM PILHAS REGULARES,REFERINDO-SE O CUSTO AO MATERIAL SOLTO,EXCLUSIVEESTE","M3",122.79]
["05.035.0001-0","CERCA DE VEDACAO DE TERRENO COM MOUROES DE MADEIRA DE 3\"X3\",COM 2,00M DE ALTURA LIVRE E 0,50M ENTERRADOS,ESPACADOS DE 3,00M,COM 7 FIOS CORRIDOS DE ARAME FARPADO Nº14.FORNECIMENTO ECOLOCACAO","M",42.4,null,"05.035.0001-A","CERCA DE VEDACAO DE TERRENO COM MOUROES DE MADEIRA DE 3\"X3\",COM 2,00M DE ALTURA LIVRE E 0,50M ENTERRADOS,ESPACADOS DE 3,00M,COM 7 FIOS CORRIDOS DE ARAME FARPADO Nº14.FORNECIMENTO ECOLOCACAO","M",41.38]
["05.035.0002-0","CERCA DE VEDACAO DE TERRENO COM MOUROES DE MADEIRA DE LEI DE3\"X3\",COM 1,50M DE ALTURA LIVRE E 0,50M ENTERRADOS,ESPACADOS DE 3,00M,COM 5 FIOS CORRIDOS DE ARAME FARPADO Nº14.FORNECIMENTO E COLOCACAO","M",33.97,null,"05.035.0002-A","CERCA DE VEDACAO DE TERRENO COM MOUROES DE MADEIRA DE LEI DE3\"X3\",COM 1,50M DE ALTURA LIVRE E 0,50M ENTERRADOS,ESPACADOS DE 3,00M,COM 5 FIOS CORRIDOS DE ARAME FARPADO Nº14.FORNECIMENTO E COLOCACAO","M",33.090000000000003]
["05.035.0003-0","CERCA DE VEDACAO ESTRUTURADA EM PECAS DE MADEIRA DE 3\"X3\",FORMANDO QUADROS DE 2,00X2,00M,COM TRAVESSA INFERIOR A 12,5CMDO SOLO,REVESTIDOS COM TELA DE ARAME GALVANIZADO FIO N°12,COM MALHA LOSANGULAR DE (80X80)MM,SENDO O MADEIRAMENTO PINTADOCOM DUAS DEMAOS DE IMUNIZANTE FUNGICIDA A BASE DE OLEO DE CREOSOTO,ANTES DA COLOCACAO.FORNECIMENTO E COLOCACAO","M2",62.37,null,"05.035.0003-A","CERCA DE VEDACAO ESTRUTURADA EM PECAS DE MADEIRA DE 3\"X3\",FORMANDO QUADROS DE 2,00X2,00M,COM TRAVESSA INFERIOR A 12,5CMDO SOLO,REVESTIDOS COM TELA DE ARAME GALVANIZADO FIO N°12,COM MALHA LOSANGULAR DE (80X80)MM,SENDO O MADEIRAMENTO PINTADOCOM DUAS DEMAOS DE IMUNIZANTE FUNGICIDA A BASE DE OLEO DE CREOSOTO,ANTES DA COLOCACAO.FORNECIMENTO E COLOCACAO","M2",60.88]
["05.035.0004-0","CERCA CONSTRUIDA COM MOUROES RETOS DE CONCRETO ARMADO,COMPRIMENTO DE 2,50M,ESPACADOS DE 3,00M,CRAVADOS 0,50M NO SOLO,COM5 FIOS CORRIDOS DE ARAME LISO GALVANIZADO Nº 12.FORNECIMENTO E COLOCACAO","M",42.5,null,"05.035.0004-A","CERCA CONSTRUIDA COM MOUROES RETOS DE CONCRETO ARMADO,COMPRIMENTO DE 2,50M,ESPACADOS DE 3,00M,CRAVADOS 0,50M NO SOLO,COM5 FIOS CORRIDOS DE ARAME LISO GALVANIZADO Nº 12.FORNECIMENTO E COLOCACAO","M",41.23]
["05.035.0005-0","CERCA CONSTRUIDA COM MOUROES RETOS DE CONCRETO ARMADO,COMPRIMENTO DE 2,50M,ESPACADOS DE 3,00M,CRAVADOS 0,50M NO SOLO,COM8 FIOS CORRIDOS DE ARAME FARPADO Nº 14.FORNECIMENTO E COLOCACAO","M",53.73,null,"05.035.0005-A","CERCA CONSTRUIDA COM MOUROES RETOS DE CONCRETO ARMADO,COMPRIMENTO DE 2,50M,ESPACADOS DE 3,00M,CRAVADOS 0,50M NO SOLO,COM8 FIOS CORRIDOS DE ARAME FARPADO Nº 14.FORNECIMENTO E COLOCACAO","M",52.04]
["05.035.0006-0","CERCA CONSTRUIDA COM MOUROES CURVOS DE CONCRETO ARMADO,ALTURA DE 2,90M MAIS 0,44M DE PONTA INCLINADA,ESPACOS DE 3,00M,CRAVADOS 0,50M NO SOLO,COM 11 FIOS CORRIDOS DE ARAME LISO GALVANIZADO Nº 12.FORNECIMENTO E COLOCACAO","M",54.92,null,"05.035.0006-A","CERCA CONSTRUIDA COM MOUROES CURVOS DE CONCRETO ARMADO,ALTURA DE 2,90M MAIS 0,44M DE PONTA INCLINADA,ESPACOS DE 3,00M,CRAVADOS 0,50M NO SOLO,COM 11 FIOS CORRIDOS DE ARAME LISO GALVANIZADO Nº 12.FORNECIMENTO E COLOCACAO","M",52.8]
["05.035.0007-0","CERCA CONSTRUIDA C/MOUROES CONCRETO ARMADO,COM PONTA INCLINADA,ALTURA DE 2,90 MAIS 0,44M DE PONTA INCLINADA,ESPACADOS DE2,00M,CRAVADOS 0,50M NO SOLO,MOUROES ESTICADORES COM ESCORAS A CADA 8 MOUROES E NAS MUDANCAS DE DIRECAO,COM 9 FIADAS DEARAME FARPADO Nº 14,INCLUSIVE ESCAVACAO,REATERRO E FUNDACOES EM CONCRETO SIMPLES FCK=10MPA.FORNECIMENTO E COLOCACAO","M",69.37,null,"05.035.0007-A","CERCA CONSTRUIDA C/MOUROES CONCRETO ARMADO,COM PONTA INCLINADA,ALTURA DE 2,90 MAIS 0,44M DE PONTA INCLINADA,ESPACADOS DE2,00M,CRAVADOS 0,50M NO SOLO,MOUROES ESTICADORES COM ESCORAS A CADA 8 MOUROES E NAS MUDANCAS DE DIRECAO,COM 9 FIADAS DEARAME FARPADO Nº 14,INCLUSIVE ESCAVACAO,REATERRO E FUNDACOES EM CONCRETO SIMPLES FCK=10MPA.FORNECIMENTO E COLOCACAO","M",68.03]
["05.035.0008-0","CERCA CONSTRUIDA COM MOUROES RETOS DE CONCRETO ARMADO,COMPRIMENTO DE 2,50M,ESPACADOS DE 3,00M, CRAVADOS 0,50M NO SOLO,COM 8 FIOS CORRIDOS DE ARAME FARPADO Nº 14,INCLUSIVE MOUROES ESTICADORES COM ESCORAS A CADA 7 MOUROES,ESCAVACAO,REATERRO EFUNDACOES EM CONCRETO SIMPLES FCK 10 MPA.FORNECIMENTO E COLOCACAO","M",45.14,null,"05.035.0008-A","CERCA CONSTRUIDA COM MOUROES RETOS DE CONCRETO ARMADO,COMPRIMENTO DE 2,50M,ESPACADOS DE 3,00M, CRAVADOS 0,50M NO SOLO,COM 8 FIOS CORRIDOS DE ARAME FARPADO Nº 14,INCLUSIVE MOUROES ESTICADORES COM ESCORAS A CADA 7 MOUROES,ESCAVACAO,REATERRO EFUNDACOES EM CONCRETO SIMPLES FCK 10 MPA.FORNECIMENTO E COLOCACAO","M",44.24]
["05.035.0009-0","CERCA CONSTRUIDA C/MOURAO DE PONTA INCLINADA,ALTURA UTIL DE2,50M E 0,70M CRAVADO NO SOLO C/CONCRETO FCK=15MPA,ESPACADOSDE 3,00M,FECHAMENTO C/TELA DE ARAME GALVANIZADO N°10,MALHALOSANGULAR DE (80X80)MM,FIXADA C/ARAME GALVANIZADO N°6 E 3 (TRES) FIOS DE ARAME FARPADO NA PARTE SUPERIOR,INCLUSIVE MURERETA DE CONCRETO CICLOPICO E TODOS OS MATERIAIS.FORN.COLOC.","M",276.88,null,"05.035.0009-A","CERCA CONSTRUIDA C/MOURAO DE PONTA INCLINADA,ALTURA UTIL DE2,50M E 0,70M CRAVADO NO SOLO C/CONCRETO FCK=15MPA,ESPACADOSDE 3,00M,FECHAMENTO C/TELA DE ARAME GALVANIZADO N°10,MALHALOSANGULAR DE (80X80)MM,FIXADA C/ARAME GALVANIZADO N°6 E 3 (TRES) FIOS DE ARAME FARPADO NA PARTE SUPERIOR,INCLUSIVE MURERETA DE CONCRETO CICLOPICO E TODOS OS MATERIAIS.FORN.COLOC.","M",271.70999999999998]
["05.035.0010-0","CERCA DIVISORIA COM MOUROES DE MADEIRA DE 3\"X3\",COM 2,00M DEALTURA LIVRE,0,50M ENTERRADOS,ESPACADOS DE 3,00M,COM 4 FIOSDE ARAME FARPADO.FORNECIMENTO E COLOCACAO","M",36.659999999999997,null,"05.035.0010-A","CERCA DIVISORIA COM MOUROES DE MADEIRA DE 3\"X3\",COM 2,00M DEALTURA LIVRE,0,50M ENTERRADOS,ESPACADOS DE 3,00M,COM 4 FIOSDE ARAME FARPADO.FORNECIMENTO E COLOCACAO","M",35.81]
["05.035.0011-0","CERCA DIVISORIA C/ALTURA UTIL 2,5M,ALT.2,0M TELA DE ARAME GALV.N°12 REVESTIDO PVC,MALHA LOSANGULAR (75X75)MM,PARTE SUP.C/4 FIADAS ARAME FARPADO Nº14,AMBAS PARTES FIXADAS A MOUROESCONCR.ARMADO,COMPR.RETO 2,90M MAIS 0,44M PONTA INCLINADA,ESPACADOS 2,50M,CRAVADOS 0,80M SOLO,MOUROES ESTICADORES C/ESCORAS A CADA 7,5M,INCL.ESC.REAT.FUND.FCK=10MPA.FORN.E COLOC.","M",184.68,null,"05.035.0011-A","CERCA DIVISORIA C/ALTURA UTIL 2,5M,ALT.2,0M TELA DE ARAME GALV.N°12 REVESTIDO PVC,MALHA LOSANGULAR (75X75)MM,PARTE SUP.C/4 FIADAS ARAME FARPADO Nº14,AMBAS PARTES FIXADAS A MOUROESCONCR.ARMADO,COMPR.RETO 2,90M MAIS 0,44M PONTA INCLINADA,ESPACADOS 2,50M,CRAVADOS 0,80M SOLO,MOUROES ESTICADORES C/ESCORAS A CADA 7,5M,INCL.ESC.REAT.FUND.FCK=10MPA.FORN.E COLOC.","M",182.42]
["05.035.0012-0","CERCA CONSTRUIDA C/MOUROES CONCRETO ARMADO,C/PONTA INCLINADA,COMPRIMENTO RETO DE 2,90M MAIS 0,44M DE PONTA INCLINADA,ESPACADOS DE 3,00M,CRAVADOS 0,50M,NO SOLO,MOUROES ESTICADORES COM ESCORAS A CADA 8 MOUROES E NAS MUDANCAS DE DIRECAO,C/9 FIADAS ARAME FARPADO Nº14,INCLUSIVE ESCAVACAO,REATERRO E FUNDACOES EM CONCRETO SIMPLES FCK=10MPA.FORNECIMENTO E COLOCACAO","M",50.37,null,"05.035.0012-A","CERCA CONSTRUIDA C/MOUROES CONCRETO ARMADO,C/PONTA INCLINADA,COMPRIMENTO RETO DE 2,90M MAIS 0,44M DE PONTA INCLINADA,ESPACADOS DE 3,00M,CRAVADOS 0,50M,NO SOLO,MOUROES ESTICADORES COM ESCORAS A CADA 8 MOUROES E NAS MUDANCAS DE DIRECAO,C/9 FIADAS ARAME FARPADO Nº14,INCLUSIVE ESCAVACAO,REATERRO E FUNDACOES EM CONCRETO SIMPLES FCK=10MPA.FORNECIMENTO E COLOCACAO","M",49.42]
["05.035.0013-0","CERCA DE SARRAFOS VERTICAIS DE MADEIRA,(2X4)CM,E 120CM DE ALTURA,PREGADOS SOBRE SARRAFOS HORIZONTAIS DE (5X5)CM,A CADA 8CM,CENTRO A CENTRO,APOIADOS SOBRE MONTANTES DE (7,5X7,5)CM,ESPACADOS DE 2,00M.FORNECIMENTO E COLOCACAO","M2",255.25,null,"05.035.0013-A","CERCA DE SARRAFOS VERTICAIS DE MADEIRA,(2X4)CM,E 120CM DE ALTURA,PREGADOS SOBRE SARRAFOS HORIZONTAIS DE (5X5)CM,A CADA 8CM,CENTRO A CENTRO,APOIADOS SOBRE MONTANTES DE (7,5X7,5)CM,ESPACADOS DE 2,00M.FORNECIMENTO E COLOCACAO","M2",246.13]
["05.035.0015-0","CERCA DE ARAME FARPADO,CONSTITUIDA DE 4 FIOS DE ARAME GALVANIZADO,DE 2MM DE ESPESSURA,EXCLUSIVE ESTICADORES E POSTES.FORNECIMENTO E COLOCACAO","M",14.24,null,"05.035.0015-A","CERCA DE ARAME FARPADO,CONSTITUIDA DE 4 FIOS DE ARAME GALVANIZADO,DE 2MM DE ESPESSURA,EXCLUSIVE ESTICADORES E POSTES.FORNECIMENTO E COLOCACAO","M",13.62]
["05.035.0016-0","CERCA DE ARAME FARPADO,CONSTITUIDA DE 4 FIOS DE ARAME GALVANIZADO,DE 2MM DE ESPESSURA,INCLUSIVE FORNECIMENTO E ASSENTAMENTO DE MOUROES DE CONCRETO ARMADO (CADA 3,00M),FUNDIDOS NO LOCAL E ESTICADORES (CADA 48,00M E NOS DESVIOS).FORNECIMENTOE COLOCACAO","M",34.659999999999997,null,"05.035.0016-A","CERCA DE ARAME FARPADO,CONSTITUIDA DE 4 FIOS DE ARAME GALVANIZADO,DE 2MM DE ESPESSURA,INCLUSIVE FORNECIMENTO E ASSENTAMENTO DE MOUROES DE CONCRETO ARMADO (CADA 3,00M),FUNDIDOS NO LOCAL E ESTICADORES (CADA 48,00M E NOS DESVIOS).FORNECIMENTOE COLOCACAO","M",33.270000000000003]
["05.035.0019-0","CERCA DIVISORIA EM MADEIRA DE REFLORESTAMENTO,TRATADA,MODULODE 12,30M,COM DIAMETRO DE 0,15M,ALTURA VARIAVEL DE 1M A 1,50M LIVRE,1M ENTERRADO,ESPACADOS DE 1,35M COM 5 FIOS CORRIDOSDE ARAME GALVANIZADO Nº12(MODULO)","UN",2699.93,null,"05.035.0019-A","CERCA DIVISORIA EM MADEIRA DE REFLORESTAMENTO,TRATADA,MODULODE 12,30M,COM DIAMETRO DE 0,15M,ALTURA VARIAVEL DE 1M A 1,50M LIVRE,1M ENTERRADO,ESPACADOS DE 1,35M COM 5 FIOS CORRIDOSDE ARAME GALVANIZADO Nº12(MODULO)","UN",2630.44]
["05.035.0020-0","CERCA DE ARAME FARPADO Nº14 COM 4 FIOS FIXADOS EM CANTONEIRAS DE ACO DE 2.1/2\"X2.1/2\",FINCADAS SOBRE MURO EXISTENTE A CADA 2,00M,COM 1,00M DE ALTURA UTIL,INCLUSIVE PINTURA DOS PERFIS E ANDAIME","M",82.11,null,"05.035.0020-A","CERCA DE ARAME FARPADO Nº14 COM 4 FIOS FIXADOS EM CANTONEIRAS DE ACO DE 2.1/2\"X2.1/2\",FINCADAS SOBRE MURO EXISTENTE A CADA 2,00M,COM 1,00M DE ALTURA UTIL,INCLUSIVE PINTURA DOS PERFIS E ANDAIME","M",79.3]
["05.035.0021-0","CERCA DE ARAME FARPADO Nº14 COM 6 FIOS FIXADOS EM CANTONEIRAS DE ACO DE 2.1/2\"X2.1/2\",FINCADAS SOBRE MURO EXISTENTE A CADA 2,00M,COM 1,50M DE ALTURA UTIL,INCLUSIVE PINTURA DOS PERFIS E ANDAIME","M",106.57,null,"05.035.0021-A","CERCA DE ARAME FARPADO Nº14 COM 6 FIOS FIXADOS EM CANTONEIRAS DE ACO DE 2.1/2\"X2.1/2\",FINCADAS SOBRE MURO EXISTENTE A CADA 2,00M,COM 1,50M DE ALTURA UTIL,INCLUSIVE PINTURA DOS PERFIS E ANDAIME","M",103.24]
["05.035.0025-0","ARAME FARPADO COLOCADO,INCLUSIVE ARAME LISO GALVANIZADO PARAAMARRACAO,MEDIDO PELO PESO INCORPORADO DE ARAME FARPADO.FORNECIMENTO E COLOCACAO","KG",43.6,null,"05.035.0025-A","ARAME FARPADO COLOCADO,INCLUSIVE ARAME LISO GALVANIZADO PARAAMARRACAO,MEDIDO PELO PESO INCORPORADO DE ARAME FARPADO.FORNECIMENTO E COLOCACAO","KG",41.67]
["05.038.0001-0","MURO DE CONCRETO PRE-MOLDADO COM 1,80M DE ALTURA,ESPESSURA DE 3 A 4CM,COM MONTANTES ESPACADOS DE 1,50M,INCLUSIVE ESCAVACAO,REATERRO E FUNDACOES EM CONCRETO","M",276.35000000000002,null,"05.038.0001-A","MURO DE CONCRETO PRE-MOLDADO COM 1,80M DE ALTURA,ESPESSURA DE 3 A 4CM,COM MONTANTES ESPACADOS DE 1,50M,INCLUSIVE ESCAVACAO,REATERRO E FUNDACOES EM CONCRETO","M",270.45999999999998]
["05.039.0001-0","BARREIRA DE PROTECAO PERIMETRAL,TIPO OURICO,EM ACO INOXIDAVEL.FORNECIMENTO E COLOCACAO","M",42.24,null,"05.039.0001-A","BARREIRA DE PROTECAO PERIMETRAL,TIPO OURICO,EM ACO INOXIDAVEL.FORNECIMENTO E COLOCACAO","M",40.31]
["05.039.0005-0","BARREIRA DE PROTECAO,TIPO CONCERTINA,COM DIAMETRO DE ESPIRAL450MM,MODELO SIMPLES,LAMINAS DE 30MM COM 54 ESPIRAIS E 22 LAMINAS POR ESPIRAIS,FIO 3MM EM ACO GALVANIZADO.FORNECIMENTOE COLOCACAO","M",45.72,null,"05.039.0005-A","BARREIRA DE PROTECAO,TIPO CONCERTINA,COM DIAMETRO DE ESPIRAL450MM,MODELO SIMPLES,LAMINAS DE 30MM COM 54 ESPIRAIS E 22 LAMINAS POR ESPIRAIS,FIO 3MM EM ACO GALVANIZADO.FORNECIMENTOE COLOCACAO","M",43.54]
["05.039.0010-0","BARREIRA DE PROTECAO,TIPO CONCERTINA,COM DIAMETRO DE ESPIRAL450MM,MODELO DUPLO,LAMINAS DE 30MM COM 54 ESPIRAIS E 22 LAMINAS POR ESPIRAS,FIO DE 3MM EM ACO GALVANIZADO,3 CHIPS POR ESPIRAL.FORNECIMENTO E COLOCACAO","M",62.94,null,"05.039.0010-A","BARREIRA DE PROTECAO,TIPO CONCERTINA,COM DIAMETRO DE ESPIRAL450MM,MODELO DUPLO,LAMINAS DE 30MM COM 54 ESPIRAIS E 22 LAMINAS POR ESPIRAS,FIO DE 3MM EM ACO GALVANIZADO,3 CHIPS POR ESPIRAL.FORNECIMENTO E COLOCACAO","M",60.39]
["05.040.0870-0","RASPAGEM,CALAFETACAO E ENCERAMENTO DE PISO DE TACOS COMUNS OU SOALHO DE MADEIRA,COM UMA DEMAO DE CERA","M2",26.47,null,"05.040.0870-A","RASPAGEM,CALAFETACAO E ENCERAMENTO DE PISO DE TACOS COMUNS OU SOALHO DE MADEIRA,COM UMA DEMAO DE CERA","M2",25.05]
["05.041.0875-0","RASPAGEM,CALAFETACAO E APLICACAO DE TRES DEMAOS DE RESINA LIQUIDA A BASE DE UREIA-FORMOL,EM TACOS OU SOALHO DE MADEIRA","M2",50,null,"05.041.0875-A","RASPAGEM,CALAFETACAO E APLICACAO DE TRES DEMAOS DE RESINA LIQUIDA A BASE DE UREIA-FORMOL,EM TACOS OU SOALHO DE MADEIRA","M2",50]
["05.042.0880-0","ENCERAMENTO DE PISO DE QUALQUER NATUREZA,UMA DEMAO","M2",7.43,null,"05.042.0880-A","ENCERAMENTO DE PISO DE QUALQUER NATUREZA,UMA DEMAO","M2",7.13]
["05.042.0881-0","ENCERAMENTO DE ROPADE DE QUALQUER NATUREZA,UMA DEMAO","M",2.72,null,"05.042.0881-A","ENCERAMENTO DE ROPADE DE QUALQUER NATUREZA,UMA DEMAO","M",2.57]
["05.042.0882-0","ENCERAMENTO DE DEGRAU DE QUALQUER NATUREZA,UMA DEMAO","M",3.49,null,"05.042.0882-A","ENCERAMENTO DE DEGRAU DE QUALQUER NATUREZA,UMA DEMAO","M",3.31]
["05.050.0001-0","PLACA DE INAUGURACAO EM ALUMINIO,MEDINDO (0,40X0,60)M,COM 1MM DE ESPESSURA,COM INSCRICAO EM PLOTTER.FORNECIMENTO E COLOCACAO","UN",995.53,null,"05.050.0001-A","PLACA DE INAUGURACAO EM ALUMINIO,MEDINDO (0,40X0,60)M,COM 1MM DE ESPESSURA,COM INSCRICAO EM PLOTTER.FORNECIMENTO E COLOCACAO","UN",992.48]
["05.050.0003-0","PLACA DE INAUGURACAO EM ALUMINIO FUNDIDO (DURALUMINIO),MEDINDO (0,40X0,60)M,COM 6MM DE ESPESSURA,EM ALTO RELEVO.FORNECIMENTO E COLOCACAO","UN",2109.0300000000002,null,"05.050.0003-A","PLACA DE INAUGURACAO EM ALUMINIO FUNDIDO (DURALUMINIO),MEDINDO (0,40X0,60)M,COM 6MM DE ESPESSURA,EM ALTO RELEVO.FORNECIMENTO E COLOCACAO","UN",2105.98]
["05.050.0008-0","PLACA DE INAUGURACAO EM BRONZE COM AS DIMENSOES DE (0,35X0,50)M.FORNECIMENTO E COLOCACAO","UN",3944.7,null,"05.050.0008-A","PLACA DE INAUGURACAO EM BRONZE COM AS DIMENSOES DE (0,35X0,50)M.FORNECIMENTO E COLOCACAO","UN",3940.65]
["05.051.0010-0","PLACA DE INAUGURACAO EM LATAO COM ESPESSURA MINIMA DE 3MM,GRAVACAO POSITIVA E NEGATIVA,ACABAMENTO NAS BORDAS POR ABRASAO,GRAVADA COM PINTURA NAS LOGOMARCAS PELO SISTEMA DE EXPOSICAO DE LUZ,FIXADAS COM PARAFUSOS COM ACABAMENTO DAS CABECAS EMLATAO,INCLUSIVE CORTINA DE VELUDO PARA DESCERRAMENTO COM FITA DE CETIM.FORNECIMENTO E COLOCACAO","CM2",2.16,null,"05.051.0010-A","PLACA DE INAUGURACAO EM LATAO COM ESPESSURA MINIMA DE 3MM,GRAVACAO POSITIVA E NEGATIVA,ACABAMENTO NAS BORDAS POR ABRASAO,GRAVADA COM PINTURA NAS LOGOMARCAS PELO SISTEMA DE EXPOSICAO DE LUZ,FIXADAS COM PARAFUSOS COM ACABAMENTO DAS CABECAS EMLATAO,INCLUSIVE CORTINA DE VELUDO PARA DESCERRAMENTO COM FITA DE CETIM.FORNECIMENTO E COLOCACAO","CM2",2.16]
["05.054.0001-0","PLACA DE ACRILICO PARA IDENTIFICACAO DE PORTAS,MEDINDO (25X8)CM.FORNECIMENTO E COLOCACAO","UN",50.36,null,"05.054.0001-A","PLACA DE ACRILICO PARA IDENTIFICACAO DE PORTAS,MEDINDO (25X8)CM.FORNECIMENTO E COLOCACAO","UN",49.95]
["05.054.0015-0","PLACA DE ACRILICO,DESENHADA,INDICANDO SANITARIO MASCULINO OUFEMININO,DE (39X19)CM.FORNECIMENTO E COLOCACAO","UN",356.27,null,"05.054.0015-A","PLACA DE ACRILICO,DESENHADA,INDICANDO SANITARIO MASCULINO OUFEMININO,DE (39X19)CM.FORNECIMENTO E COLOCACAO","UN",355.86]
["05.054.0045-0","PLACAS DE IDENTIFICACAO DE MONUMENTOS HISTORICOS EM BRONZE COM AS DIMENSOES DE (35X50)CM,EXCLUSIVE PEDESTAL DE CONCRETO.FORNECIMENTO E COLOCACAO","UN",3904.03,null,"05.054.0045-A","PLACAS DE IDENTIFICACAO DE MONUMENTOS HISTORICOS EM BRONZE COM AS DIMENSOES DE (35X50)CM,EXCLUSIVE PEDESTAL DE CONCRETO.FORNECIMENTO E COLOCACAO","UN",3902.69]
["05.054.0050-0","PLACAS DE IDENTIFICACAO DE MONUMENTOS HISTORICOS EM BRONZE COM AS DIMENSOES DE(35X50)CM,INCLUSIVE PEDESTAL DE CONCRETO.FORNECIMENTO E COLOCACAO","UN",4361.2700000000004,null,"05.054.0050-A","PLACAS DE IDENTIFICACAO DE MONUMENTOS HISTORICOS EM BRONZE COM AS DIMENSOES DE(35X50)CM,INCLUSIVE PEDESTAL DE CONCRETO.FORNECIMENTO E COLOCACAO","UN",4342.07]
["05.054.0055-0","PLACA DE IDENTIFICACAO MONUMENTOS E/OU ARVORES NOTAVEIS(15,5X15)CM,ACO ESCOVADO C/IMPRESSAO EM CORROSAO A ACIDO EM BAIXORELEVO,COR DOS TEXTOS EM PRETO 100% E MARCAS EM CORES,TIPOLOGIA OTTWA OU SIMILAR,FIXACAO SOBRE TUBO DE FERRO GALVANIZADO 1.1/2\" E ALTURA DE 100CM,PINTADO PRETO FOSCO,C/BANDEJA INCLINADA 30º COM A MESMA MEDIDA DA PLACA.FORNECIMENTO E COLOC.","UN",237.65,null,"05.054.0055-A","PLACA DE IDENTIFICACAO MONUMENTOS E/OU ARVORES NOTAVEIS(15,5X15)CM,ACO ESCOVADO C/IMPRESSAO EM CORROSAO A ACIDO EM BAIXORELEVO,COR DOS TEXTOS EM PRETO 100% E MARCAS EM CORES,TIPOLOGIA OTTWA OU SIMILAR,FIXACAO SOBRE TUBO DE FERRO GALVANIZADO 1.1/2\" E ALTURA DE 100CM,PINTADO PRETO FOSCO,C/BANDEJA INCLINADA 30º COM A MESMA MEDIDA DA PLACA.FORNECIMENTO E COLOC.","UN",236.07]
["05.054.0100-0","PLACA FOTOLUMINESCENTE DE SINALIZACAO DE SEGURANCA CONTRA INCENDIO,PARA SAIDA DE EMERGENCIA,EM PVC ANTICHAMA,DIMENSOES APROXIMADAS DE (10X20)CM,CONFORME ABNT NBR 16820.FORNECIMENTOE COLOCACAO","UN",11.85,null,"05.054.0100-A","PLACA FOTOLUMINESCENTE DE SINALIZACAO DE SEGURANCA CONTRA INCENDIO,PARA SAIDA DE EMERGENCIA,EM PVC ANTICHAMA,DIMENSOES APROXIMADAS DE (10X20)CM,CONFORME ABNT NBR 16820.FORNECIMENTOE COLOCACAO","UN",11.44]
["05.054.0102-0","PLACA FOTOLUMINESCENTE DE SINALIZACAO DE SEGURANCA CONTRA INCENDIO,PARA SAIDA DE EMERGENCIA,EM PVC ANTICHAMA,DIMENSOES APROXIMADAS DE (20X40)CM,CONFORME ABNT NBR 16820.FORNECIMENTOE COLOCACAO","UN",29.76,null,"05.054.0102-A","PLACA FOTOLUMINESCENTE DE SINALIZACAO DE SEGURANCA CONTRA INCENDIO,PARA SAIDA DE EMERGENCIA,EM PVC ANTICHAMA,DIMENSOES APROXIMADAS DE (20X40)CM,CONFORME ABNT NBR 16820.FORNECIMENTOE COLOCACAO","UN",29.35]
["05.054.0103-0","PLACA FOTOLUMINESCENTE DE SINALIZACAO DE SEGURANCA CONTRA INCENDIO,PARA INDICACAO DE NUMERO DE PAVIMENTOS,EM PVC ANTICHAMA,DIMENSOES APROXIMADAS DE (10X10)CM,CONFORME ABNT NBR 16820.FORNECIMENTO E COLOCACAO","UN",11.91,null,"05.054.0103-A","PLACA FOTOLUMINESCENTE DE SINALIZACAO DE SEGURANCA CONTRA INCENDIO,PARA INDICACAO DE NUMERO DE PAVIMENTOS,EM PVC ANTICHAMA,DIMENSOES APROXIMADAS DE (10X10)CM,CONFORME ABNT NBR 16820.FORNECIMENTO E COLOCACAO","UN",11.5]
["05.054.0104-0","PLACA FOTOLUMINESCENTE DE SINALIZACAO DE SEGURANCA CONTRA INCENDIO,PARA INDICACAO CONTINUADA DE ROTA DE FUGA,EM PVC ANTICHAMA,DIMENSOES APROXIMADAS DE (7X20)CM,CONFORME ABNT NBR 16820.FORNECIMENTO E COLOCACAO","UN",10.4,null,"05.054.0104-A","PLACA FOTOLUMINESCENTE DE SINALIZACAO DE SEGURANCA CONTRA INCENDIO,PARA INDICACAO CONTINUADA DE ROTA DE FUGA,EM PVC ANTICHAMA,DIMENSOES APROXIMADAS DE (7X20)CM,CONFORME ABNT NBR 16820.FORNECIMENTO E COLOCACAO","UN",9.99]
["05.054.0105-0","PLACA FOTOLUMINESCENTE DE SINALIZACAO DE SEGURANCA CONTRA INCENDIO,PARA EQUIPAMENTOS DE COMBATE A INCENDIO E ALARME,EM PVC ANTICHAMA,DIMENSOES APROXIMADAS DE (15X15)CM,CONFORME ABNT NBR 16820.FORNECIMENTO E COLOCACAO","UN",12.12,null,"05.054.0105-A","PLACA FOTOLUMINESCENTE DE SINALIZACAO DE SEGURANCA CONTRA INCENDIO,PARA EQUIPAMENTOS DE COMBATE A INCENDIO E ALARME,EM PVC ANTICHAMA,DIMENSOES APROXIMADAS DE (15X15)CM,CONFORME ABNT NBR 16820.FORNECIMENTO E COLOCACAO","UN",11.71]
["05.054.0110-0","PLACA FOTOLUMINESCENTE DE SINALIZACAO DE SEGURANCA CONTRA INCENDIO,PARA EQUIPAMENTOS DE COMBATE A INCENDIO E ALARME,EM PVC ANTICHAMA,DIMENSOES APROXIMADAS DE (30X30)CM,CONFORME ABNT NBR 16820.FORNECIMENTO E COLOCACAO","UN",53.35,null,"05.054.0110-A","PLACA FOTOLUMINESCENTE DE SINALIZACAO DE SEGURANCA CONTRA INCENDIO,PARA EQUIPAMENTOS DE COMBATE A INCENDIO E ALARME,EM PVC ANTICHAMA,DIMENSOES APROXIMADAS DE (30X30)CM,CONFORME ABNT NBR 16820.FORNECIMENTO E COLOCACAO","UN",52.94]
["05.054.0115-0","PLACA FOTOLUMINESCENTE DE SINALIZACAO DE SEGURANCA CONTRA INCENDIO,PARA EQUIPAMENTOS DE COMBATE A INCENDIO E ALARME,EM PVC ANTICHAMA,DIMENSOES APROXIMADAS DE (20X15)CM,CONFORME ABNT NBR 16820.FORNECIMENTO E COLOCACAO","UN",12.48,null,"05.054.0115-A","PLACA FOTOLUMINESCENTE DE SINALIZACAO DE SEGURANCA CONTRA INCENDIO,PARA EQUIPAMENTOS DE COMBATE A INCENDIO E ALARME,EM PVC ANTICHAMA,DIMENSOES APROXIMADAS DE (20X15)CM,CONFORME ABNT NBR 16820.FORNECIMENTO E COLOCACAO","UN",12.07]
["05.054.0120-0","PLACA FOTOLUMINESCENTE DE SINALIZACAO DE SEGURANCA CONTRA INCENDIO,DE PROIBICAO,EM PVC ANTICHAMA,FORMA CIRCULAR,DIAMETROAPROXIMADO DE 20CM,CONFORME ABNT NBR 16820.FORNECIMENTO E COLOCACAO","UN",17.09,null,"05.054.0120-A","PLACA FOTOLUMINESCENTE DE SINALIZACAO DE SEGURANCA CONTRA INCENDIO,DE PROIBICAO,EM PVC ANTICHAMA,FORMA CIRCULAR,DIAMETROAPROXIMADO DE 20CM,CONFORME ABNT NBR 16820.FORNECIMENTO E COLOCACAO","UN",16.68]
["05.054.0130-0","PLACA FOTOLUMINESCENTE DE SINALIZACAO DE SEGURANCA CONTRA INCENDIO,DE ALERTA,EM PVC ANTICHAMA,FORMA TRIANGULAR,DIMENSAOAPROXIMADA DA BASE DE 20CM,CONFORME ABNT NBR 16820.FORNECIMENTO E COLOCACAO","UN",13.22,null,"05.054.0130-A","PLACA FOTOLUMINESCENTE DE SINALIZACAO DE SEGURANCA CONTRA INCENDIO,DE ALERTA,EM PVC ANTICHAMA,FORMA TRIANGULAR,DIMENSAOAPROXIMADA DA BASE DE 20CM,CONFORME ABNT NBR 16820.FORNECIMENTO E COLOCACAO","UN",12.81]
["05.055.0010-0","LETRA CAIXA DE ACO INOX POLIDO OU ESCOVADO,COM 20CM DE ALTURA,ESPESSURA DE 2CM,COM PINOS PARA FIXACAO.FORNECIMENTO E COLOCACAO","UN",118.3,null,"05.055.0010-A","LETRA CAIXA DE ACO INOX POLIDO OU ESCOVADO,COM 20CM DE ALTURA,ESPESSURA DE 2CM,COM PINOS PARA FIXACAO.FORNECIMENTO E COLOCACAO","UN",117.07]
["05.055.0022-0","LETRA CAIXA DE ACO INOX POLIDO OU ESCOVADO,COM 30CM DE ALTURA,ESPESSURA DE 3CM,COM PINOS PARA FIXACAO.FORNECIMENTO E COLOCACAO","UN",216.3,null,"05.055.0022-A","LETRA CAIXA DE ACO INOX POLIDO OU ESCOVADO,COM 30CM DE ALTURA,ESPESSURA DE 3CM,COM PINOS PARA FIXACAO.FORNECIMENTO E COLOCACAO","UN",215.07]
["05.055.0024-0","LETRA CAIXA DE ACO INOX POLIDO OU ESCOVADO,COM 40CM DE ALTURA,ESPESSURA DE 4CM,COM PINOS PARA FIXACAO.FORNECIMENTO E COLOCACAO","UN",293.3,null,"05.055.0024-A","LETRA CAIXA DE ACO INOX POLIDO OU ESCOVADO,COM 40CM DE ALTURA,ESPESSURA DE 4CM,COM PINOS PARA FIXACAO.FORNECIMENTO E COLOCACAO","UN",292.07]
["05.055.0026-0","LETRA CAIXA DE LATAO,COM 30CM DE ALTURA,ESPESSURA DE 3CM,COMPINOS PARA FIXACAO.FORNECIMENTO E COLOCACAO","UN",324.20999999999998,null,"05.055.0026-A","LETRA CAIXA DE LATAO,COM 30CM DE ALTURA,ESPESSURA DE 3CM,COMPINOS PARA FIXACAO.FORNECIMENTO E COLOCACAO","UN",322.98]
["05.055.0030-0","LETRA FUNDIDA EM ALUMINIO,COM 10CM DE ALTURA,ESPESSURA DE 5MM,COM PINOS PARA FIXACAO.FORNECIMENTO E COLOCACAO","UN",119.23,null,"05.055.0030-A","LETRA FUNDIDA EM ALUMINIO,COM 10CM DE ALTURA,ESPESSURA DE 5MM,COM PINOS PARA FIXACAO.FORNECIMENTO E COLOCACAO","UN",118]
["05.055.0040-0","LETRA FUNDIDA EM BRONZE,COM 10CM DE ALTURA,ESPESSURA DE 5MM,COM PINOS PARA FIXACAO.FORNECIMENTO E COLOCACAO","UN",148.30000000000001,null,"05.055.0040-A","LETRA FUNDIDA EM BRONZE,COM 10CM DE ALTURA,ESPESSURA DE 5MM,COM PINOS PARA FIXACAO.FORNECIMENTO E COLOCACAO","UN",147.07]
["05.056.0001-0","PLACA DE FERRO ESMALTADO DE 12X18CM COM NUMERACAO PARA IDENTIFICACAO DE IMOVEL EM LOGRADOURO.FORNECIMENTO E COLOCACAO","UN",67.099999999999994,null,"05.056.0001-A","PLACA DE FERRO ESMALTADO DE 12X18CM COM NUMERACAO PARA IDENTIFICACAO DE IMOVEL EM LOGRADOURO.FORNECIMENTO E COLOCACAO","UN",66.400000000000006]
["05.056.0002-0","PLACA DE FERRO ESMALTADO FORMA ELIPTICA,Nº13,PARA IDENTIFICACAO DE MARCADOR,DE LUZ OU GAS OU OUTRO,EM CONJUNTO HABITACIONAL.FORNECIMENTO E COLOCACAO","UN",23.29,null,"05.056.0002-A","PLACA DE FERRO ESMALTADO FORMA ELIPTICA,Nº13,PARA IDENTIFICACAO DE MARCADOR,DE LUZ OU GAS OU OUTRO,EM CONJUNTO HABITACIONAL.FORNECIMENTO E COLOCACAO","UN",22.76]
["05.057.0010-0","PLACA DE IDENTIFICACAO EM ACO INOXIDAVEL,ESCRITA EM BRAILLE,MEDINDO (8X25)CM,CONFORME ABNT NBR 9050.FORNECIMENTO E COLOCACAO","UN",139.93,null,"05.057.0010-A","PLACA DE IDENTIFICACAO EM ACO INOXIDAVEL,ESCRITA EM BRAILLE,MEDINDO (8X25)CM,CONFORME ABNT NBR 9050.FORNECIMENTO E COLOCACAO","UN",138.91999999999999]
["05.057.0015-0","MAPA TATIL EM ACRILICO,COM TEXTOS,SIMBOLOS E BRAILLE EM RELEVO,MEDINDO APROXIMADAMENTE (54X39)CM,PARA SINALIZACAO E LOCALIZACAO DE AMBIENTES,CONFORME ABNT NBR 9050,EXCLUSIVE PEDESTAL.FORNECIMENTO E COLOCACAO","UN",656.82,null,"05.057.0015-A","MAPA TATIL EM ACRILICO,COM TEXTOS,SIMBOLOS E BRAILLE EM RELEVO,MEDINDO APROXIMADAMENTE (54X39)CM,PARA SINALIZACAO E LOCALIZACAO DE AMBIENTES,CONFORME ABNT NBR 9050,EXCLUSIVE PEDESTAL.FORNECIMENTO E COLOCACAO","UN",656.41]
["05.057.0025-0","PLACA DE ALUMINIO OU ACRILICO,ESCRITA EM BRAILLE,MEDINDO (10X3)CM,PARA SINALIZACAO DE CORRIMAO,CONFORME ABNT NBR 9050.FORNECIMENTO E COLOCACAO","UN",23.41,null,"05.057.0025-A","PLACA DE ALUMINIO OU ACRILICO,ESCRITA EM BRAILLE,MEDINDO (10X3)CM,PARA SINALIZACAO DE CORRIMAO,CONFORME ABNT NBR 9050.FORNECIMENTO E COLOCACAO","UN",22.4]
["05.058.0010-0","PLASTICO NA COR PRETA,DESTINADO A PROTECAO DE TELHADOS,MOVEIS E PISOS,COM 0,15MM DE ESPESSURA,REUTILIZADO 5 VEZES,INCLUSIVE RETIRADA.FORNECIMENTO E COLOCACAO","M2",1.58,null,"05.058.0010-A","PLASTICO NA COR PRETA,DESTINADO A PROTECAO DE TELHADOS,MOVEIS E PISOS,COM 0,15MM DE ESPESSURA,REUTILIZADO 5 VEZES,INCLUSIVE RETIRADA.FORNECIMENTO E COLOCACAO","M2",1.49]
["05.058.0020-0","LONA DE POLIETILENO(LONA TERREIRO)COM ESPESSURA DE 0,20MM PARA IMPERMEABILIZACAO DE SOLO,MEDIDA PELA AREA COBERTA,INCLUSIVE PERDAS E TRANSPASSE","M2",1.92,null,"05.058.0020-A","LONA DE POLIETILENO(LONA TERREIRO)COM ESPESSURA DE 0,20MM PARA IMPERMEABILIZACAO DE SOLO,MEDIDA PELA AREA COBERTA,INCLUSIVE PERDAS E TRANSPASSE","M2",1.89]
["05.058.0030-0","PLASTICO BOLHA,LARGURA DE 1,30M.FORNECIMENTO E COLOCACAO","M",2.87,null,"05.058.0030-A","PLASTICO BOLHA,LARGURA DE 1,30M.FORNECIMENTO E COLOCACAO","M",2.73]
["05.058.0100-0","PALLET DE CONTENCAO PARA DOIS TAMBORES DE COMBUSTIVEL,EM POLIETILENO ROTOMOLDADO COM PROTECAO UV,CAPACIDADE APROXIMADA DE 200 LITROS,COMPOSTO DE BACIA E GRELHA.FORNECIMENTO","UN",644.77,null,"05.058.0100-A","PALLET DE CONTENCAO PARA DOIS TAMBORES DE COMBUSTIVEL,EM POLIETILENO ROTOMOLDADO COM PROTECAO UV,CAPACIDADE APROXIMADA DE 200 LITROS,COMPOSTO DE BACIA E GRELHA.FORNECIMENTO","UN",644.77]
["05.075.0005-0","CRAVACAO DE PERFIL \"H\" DE 6\"X6\",1ª ALMA,ATE 4,50M DE COMPRIMENTO,ADMITINDO-SE SUA UTILIZACAO 6 VEZES,PARA EXECUCAO DE PRANCHADA HORIZONTAL,INCLUSIVE FORNECIMENTO.CONSIDERA-SE A CRAVACAO COM BATE-ESTACAS E RETIRADA COM PORTICO MOVEL,TRANSPORTE INTERNO COM TRATOR E LIMPEZA DO PERFIL APOS CADA UTILIZACAO","M",244,null,"05.075.0005-A","CRAVACAO DE PERFIL \"H\" DE 6\"X6\",1ª ALMA,ATE 4,50M DE COMPRIMENTO,ADMITINDO-SE SUA UTILIZACAO 6 VEZES,PARA EXECUCAO DE PRANCHADA HORIZONTAL,INCLUSIVE FORNECIMENTO.CONSIDERA-SE A CRAVACAO COM BATE-ESTACAS E RETIRADA COM PORTICO MOVEL,TRANSPORTE INTERNO COM TRATOR E LIMPEZA DO PERFIL APOS CADA UTILIZACAO","M",237.27]
["05.075.0006-0","CRAVACAO DE PERFIL \"H\" DE 6\"X6\",1ª ALMA,ATE 4,50M DE COMPRIMENTO,ADMITINDO-SE SUA UTILIZACAO 4 VEZES,P/EXEC.DE PRANCHADAHORIZ.,INCL.FORN.CONSIDERA-SE A CRAVACAO C/BATE-ESTACAS E RETIRADA C/PORTICO MOVEL DEPOIS DA REDUCAO DO ATRITO,EMPREGANDO-SE MACACOS,TRANSP.INT.C/TRATOR E LIMPEZA DO PERFIL APOS CADA UTILIZACAO","M",313.24,null,"05.075.0006-A","CRAVACAO DE PERFIL \"H\" DE 6\"X6\",1ª ALMA,ATE 4,50M DE COMPRIMENTO,ADMITINDO-SE SUA UTILIZACAO 4 VEZES,P/EXEC.DE PRANCHADAHORIZ.,INCL.FORN.CONSIDERA-SE A CRAVACAO C/BATE-ESTACAS E RETIRADA C/PORTICO MOVEL DEPOIS DA REDUCAO DO ATRITO,EMPREGANDO-SE MACACOS,TRANSP.INT.C/TRATOR E LIMPEZA DO PERFIL APOS CADA UTILIZACAO","M",304.89]
["05.075.0007-1","CRAVACAO DE PERFIL \"H\" DE 6\"X6\",1ª ALMA,ATE 9,00M DE COMPRIMENTO,ADMITINDO-SE SUA UTILIZACAO 5 VEZES,PARA EXECUCAO DE PRANCHADA HORIZONTAL,INCLUSIVE FORNECIMENTO.CONSIDERA-SE A CRAVACAO COM BATE-ESTACAS E RETIRADA COM ESCAVADEIRA,TRANSPORTEINTERNO COM TRATOR E LIMPEZA DO PERFIL APOS CADA UTILIZACAO","M",197.76,null,"05.075.0007-B","CRAVACAO DE PERFIL \"H\" DE 6\"X6\",1ª ALMA,ATE 9,00M DE COMPRIMENTO,ADMITINDO-SE SUA UTILIZACAO 5 VEZES,PARA EXECUCAO DE PRANCHADA HORIZONTAL,INCLUSIVE FORNECIMENTO.CONSIDERA-SE A CRAVACAO COM BATE-ESTACAS E RETIRADA COM ESCAVADEIRA,TRANSPORTEINTERNO COM TRATOR E LIMPEZA DO PERFIL APOS CADA UTILIZACAO","M",193.38]
["05.075.0008-0","CRAVACAO DE PERFIL \"H\" DE 6\"X6\",1ª ALMA,ATE 9,00M DE COMPRIMENTO,ADMITINDO-SE SUA UTILIZACAO 3 VEZES,PARA EXEC.DE PRANCHADA HORIZ.,INCL.FORN.CONSIDERA-SE A CRAVACAO C/BATE-ESTACASE RETIRADA C/ESCAVADEIRA DEPOIS DA REDUCAO DO ATRITO,EMPREGANDO-SE MACACOS,TRANSP.INT.C/TRATOR E LIMPEZA DO PERFIL APOS CADA UTILIZACAO","M",265.01,null,"05.075.0008-A","CRAVACAO DE PERFIL \"H\" DE 6\"X6\",1ª ALMA,ATE 9,00M DE COMPRIMENTO,ADMITINDO-SE SUA UTILIZACAO 3 VEZES,PARA EXEC.DE PRANCHADA HORIZ.,INCL.FORN.CONSIDERA-SE A CRAVACAO C/BATE-ESTACASE RETIRADA C/ESCAVADEIRA DEPOIS DA REDUCAO DO ATRITO,EMPREGANDO-SE MACACOS,TRANSP.INT.C/TRATOR E LIMPEZA DO PERFIL APOS CADA UTILIZACAO","M",260.22000000000003]
["05.077.0001-0","ESCORAMENTO DE VALAS EM PRANCHADA HORIZONTAL,EMPREGANDO-SE MADEIRA DE 3ª E PERFIL METALICO \"H\" DE 6\"X6\",REUTILIZADOS EM5 VEZES,INCLUSIVE FORNECIMENTO DE TODOS OS MATERIAIS,COLOCACAO E RETIRADA","M2",349.91,null,"05.077.0001-A","ESCORAMENTO DE VALAS EM PRANCHADA HORIZONTAL,EMPREGANDO-SE MADEIRA DE 3ª E PERFIL METALICO \"H\" DE 6\"X6\",REUTILIZADOS EM5 VEZES,INCLUSIVE FORNECIMENTO DE TODOS OS MATERIAIS,COLOCACAO E RETIRADA","M2",338.67]
["05.077.0010-0","ESCORAMENTO MISTO DE PRANCHADA HORIZONTAL ATE 8M DE PROFUNDIDADE COM PRANCHAS DE MADEIRA,ESTACAS E LONGARINAS DE ACO I DE 10\",ESTRONCAS DE DUPLO I DE 8\",COMPREENDENDO FORNECIMENTO,COLOCACAO E RETIRADA DE TODOS OS COMPONENTES COM REAPROVEITAMENTO DESTES","M2",631.58000000000004,null,"05.077.0010-A","ESCORAMENTO MISTO DE PRANCHADA HORIZONTAL ATE 8M DE PROFUNDIDADE COM PRANCHAS DE MADEIRA,ESTACAS E LONGARINAS DE ACO I DE 10\",ESTRONCAS DE DUPLO I DE 8\",COMPREENDENDO FORNECIMENTO,COLOCACAO E RETIRADA DE TODOS OS COMPONENTES COM REAPROVEITAMENTO DESTES","M2",614.36]
["05.080.0020-0","ENSECADEIRA DE ESTACAS-PRANCHAS DE ACO EM CAVAS OU VALAS COMPROFUNDIDADE ATE 4,00M.O CUSTO INCLUI O FORNECIMENTO,EXECUCAO E RETIRADA DE TODOS OS MATERIAIS,CONSIDERANDO A REUTILIZACAO DE 60 VEZES PARA ESTACAS-PRANCHAS E 10 VEZES PARA GUIASE ESTRONCAS DE MADEIRA,EXCL.ESCAVACAO.MEDICAO DO SERVICO SERA PELA SUPERFICIE UTIL COBRINDO PAREDES DAS CAVAS OU VALAS","M2",104.32,null,"05.080.0020-A","ENSECADEIRA DE ESTACAS-PRANCHAS DE ACO EM CAVAS OU VALAS COMPROFUNDIDADE ATE 4,00M.O CUSTO INCLUI O FORNECIMENTO,EXECUCAO E RETIRADA DE TODOS OS MATERIAIS,CONSIDERANDO A REUTILIZACAO DE 60 VEZES PARA ESTACAS-PRANCHAS E 10 VEZES PARA GUIASE ESTRONCAS DE MADEIRA,EXCL.ESCAVACAO.MEDICAO DO SERVICO SERA PELA SUPERFICIE UTIL COBRINDO PAREDES DAS CAVAS OU VALAS","M2",101.47]
["05.080.0025-0","ENSECADEIRA DE ESTACAS-PRANCHAS DE ACO EM CAVAS OU VALAS COMPROFUNDIDADE ATE 4,00M.O CUSTO INCLUI O FORNECIMENTO,EXECUCAO E RETIRADA DE TODOS OS MATERIAIS,CONSIDERANDO A REUTILIZACAO DE 40 VEZES PARA ESTACAS-PRANCHAS E 10 VEZES PARA GUIASE ESTRONCAS DE MADEIRA,EXCL.ESCAVACAO.MEDICAO DO SERVICO SERA PELA SUPERFICIE UTIL COBRINDO PAREDES DAS CAVAS OU VALAS","M2",116.8,null,"05.080.0025-A","ENSECADEIRA DE ESTACAS-PRANCHAS DE ACO EM CAVAS OU VALAS COMPROFUNDIDADE ATE 4,00M.O CUSTO INCLUI O FORNECIMENTO,EXECUCAO E RETIRADA DE TODOS OS MATERIAIS,CONSIDERANDO A REUTILIZACAO DE 40 VEZES PARA ESTACAS-PRANCHAS E 10 VEZES PARA GUIASE ESTRONCAS DE MADEIRA,EXCL.ESCAVACAO.MEDICAO DO SERVICO SERA PELA SUPERFICIE UTIL COBRINDO PAREDES DAS CAVAS OU VALAS","M2",113.95]
["05.080.0030-0","ENSECADEIRA DE ESTACAS-PRANCHAS DE ACO EM CAVAS OU VALAS COMPROFUNDIDADE ATE 4,00M.O CUSTO INCLUI O FORNECIMENTO,EXECUCAO E RETIRADA DE TODOS OS MATERIAIS,CONSIDERANDO A REUTILIZACAO DE 15 VEZES PARA ESTACAS-PRANCHAS E 10 VEZES PARA GUIASE ESTRONCAS DE MADEIRA,EXCL.ESCAVACAO.MEDICAO DO SERVICO SERA PELA SUPERFICIE UTIL COBRINDO PAREDES DAS CAVAS OU VALAS","M2",179.13,null,"05.080.0030-A","ENSECADEIRA DE ESTACAS-PRANCHAS DE ACO EM CAVAS OU VALAS COMPROFUNDIDADE ATE 4,00M.O CUSTO INCLUI O FORNECIMENTO,EXECUCAO E RETIRADA DE TODOS OS MATERIAIS,CONSIDERANDO A REUTILIZACAO DE 15 VEZES PARA ESTACAS-PRANCHAS E 10 VEZES PARA GUIASE ESTRONCAS DE MADEIRA,EXCL.ESCAVACAO.MEDICAO DO SERVICO SERA PELA SUPERFICIE UTIL COBRINDO PAREDES DAS CAVAS OU VALAS","M2",176.28]
["05.080.0040-0","ENSECADEIRA DE ESTACAS-PRANCHAS DE ACO EM CAVAS OU VALAS COMPROFUNDIDADE ATE 5,00M.O CUSTO INCLUI O FORNECIMENTO,EXECUCAO E RETIRADA DE TODOS OS MATERIAIS,CONSIDERANDO A REUTILIZACAO DE 60 VEZES PARA ESTACAS-PRANCHAS E 10 VEZES PARA GUIASE ESTRONCAS DE MADEIRA,EXCL.ESCAVACAO.MEDICAO DO SERVICO SERA PELA SUPERFICIE UTIL COBRINDO PAREDES DAS CAVAS OU VALAS","M2",136.91999999999999,null,"05.080.0040-A","ENSECADEIRA DE ESTACAS-PRANCHAS DE ACO EM CAVAS OU VALAS COMPROFUNDIDADE ATE 5,00M.O CUSTO INCLUI O FORNECIMENTO,EXECUCAO E RETIRADA DE TODOS OS MATERIAIS,CONSIDERANDO A REUTILIZACAO DE 60 VEZES PARA ESTACAS-PRANCHAS E 10 VEZES PARA GUIASE ESTRONCAS DE MADEIRA,EXCL.ESCAVACAO.MEDICAO DO SERVICO SERA PELA SUPERFICIE UTIL COBRINDO PAREDES DAS CAVAS OU VALAS","M2",132.79]
["05.080.0045-0","ENSECADEIRA DE ESTACAS-PRANCHAS DE ACO EM CAVAS OU VALAS COMPROFUNDIDADE ATE 5,00M.O CUSTO INCLUI O FORNECIMENTO,EXECUCAO E RETIRADA DE TODOS OS MATERIAIS,CONSIDERANDO A REUTILIZACAO DE 40 VEZES PARA ESTACAS-PRANCHAS E 10 VEZES PARA GUIASE ESTRONCAS DE MADEIRA,EXCL.ESCAVACAO.MEDICAO DO SERVICO SERA PELA SUPERFICIE UTIL COBRINDO PAREDES DAS CAVAS OU VALAS","M2",149.46,null,"05.080.0045-A","ENSECADEIRA DE ESTACAS-PRANCHAS DE ACO EM CAVAS OU VALAS COMPROFUNDIDADE ATE 5,00M.O CUSTO INCLUI O FORNECIMENTO,EXECUCAO E RETIRADA DE TODOS OS MATERIAIS,CONSIDERANDO A REUTILIZACAO DE 40 VEZES PARA ESTACAS-PRANCHAS E 10 VEZES PARA GUIASE ESTRONCAS DE MADEIRA,EXCL.ESCAVACAO.MEDICAO DO SERVICO SERA PELA SUPERFICIE UTIL COBRINDO PAREDES DAS CAVAS OU VALAS","M2",145.32]
["05.080.0050-0","ENSECADEIRA DE ESTACAS-PRANCHAS DE ACO EM CAVAS OU VALAS COMPROFUNDIDADE ATE 5,00M.O CUSTO INCLUI O FORNECIMENTO,EXECUCAO E RETIRADA DE TODOS OS MATERIAIS,CONSIDERANDO A REUTILIZACAO DE 15 VEZES PARA ESTACAS-PRANCHAS E 10 VEZES PARA GUIASE ESTRONCAS DE MADEIRA,EXCL.ESCAVACAO.MEDICAO DO SERVICO SERA PELA SUPERFICIE UTIL COBRINDO PAREDES DAS CAVAS OU VALAS","M2",212.18,null,"05.080.0050-A","ENSECADEIRA DE ESTACAS-PRANCHAS DE ACO EM CAVAS OU VALAS COMPROFUNDIDADE ATE 5,00M.O CUSTO INCLUI O FORNECIMENTO,EXECUCAO E RETIRADA DE TODOS OS MATERIAIS,CONSIDERANDO A REUTILIZACAO DE 15 VEZES PARA ESTACAS-PRANCHAS E 10 VEZES PARA GUIASE ESTRONCAS DE MADEIRA,EXCL.ESCAVACAO.MEDICAO DO SERVICO SERA PELA SUPERFICIE UTIL COBRINDO PAREDES DAS CAVAS OU VALAS","M2",208.04]
["05.080.0060-0","ENSECADEIRA DE ESTACAS-PRANCHAS DE ACO EM CAVAS OU VALAS COMPROFUNDIDADE ATE 6,00M.O CUSTO INCLUI O FORNECIMENTO,EXECUCAO E RETIRADA DE TODOS OS MATERIAIS,CONSIDERANDO A REUTILIZACAO DE 60 VEZES PARA ESTACAS-PRANCHAS E 10 VEZES PARA GUIASE ESTRONCAS DE MADEIRA,EXCL.ESCAVACAO.MEDICAO DO SERVICO SERA PELA SUPERFICIE UTIL COBRINDO PAREDES DAS CAVAS OU VALAS","M2",160.6,null,"05.080.0060-A","ENSECADEIRA DE ESTACAS-PRANCHAS DE ACO EM CAVAS OU VALAS COMPROFUNDIDADE ATE 6,00M.O CUSTO INCLUI O FORNECIMENTO,EXECUCAO E RETIRADA DE TODOS OS MATERIAIS,CONSIDERANDO A REUTILIZACAO DE 60 VEZES PARA ESTACAS-PRANCHAS E 10 VEZES PARA GUIASE ESTRONCAS DE MADEIRA,EXCL.ESCAVACAO.MEDICAO DO SERVICO SERA PELA SUPERFICIE UTIL COBRINDO PAREDES DAS CAVAS OU VALAS","M2",155.58000000000001]
["05.080.0065-0","ENSECADEIRA DE ESTACAS-PRANCHAS DE ACO EM CAVAS OU VALAS COMPROFUNDIDADE ATE 6,00M.O CUSTO INCLUI O FORNECIMENTO,EXECUCAO E RETIRADA DE TODOS OS MATERIAIS,CONSIDERANDO A REUTILIZACAO DE 40 VEZES PARA ESTACAS-PRANCHAS E 10 VEZES PARA GUIASE ESTRONCAS DE MADEIRA,EXCL.ESCAVACAO.MEDICAO DO SERVICO SERA PELA SUPERFICIE UTIL COBRINDO PAREDES DAS CAVAS OU VALAS","M2",172.95,null,"05.080.0065-A","ENSECADEIRA DE ESTACAS-PRANCHAS DE ACO EM CAVAS OU VALAS COMPROFUNDIDADE ATE 6,00M.O CUSTO INCLUI O FORNECIMENTO,EXECUCAO E RETIRADA DE TODOS OS MATERIAIS,CONSIDERANDO A REUTILIZACAO DE 40 VEZES PARA ESTACAS-PRANCHAS E 10 VEZES PARA GUIASE ESTRONCAS DE MADEIRA,EXCL.ESCAVACAO.MEDICAO DO SERVICO SERA PELA SUPERFICIE UTIL COBRINDO PAREDES DAS CAVAS OU VALAS","M2",167.93]
["05.080.0070-0","ENSECADEIRA DE ESTACAS-PRANCHAS DE ACO EM CAVAS OU VALAS COMPROFUNDIDADE ATE 6,00M.O CUSTO INCLUI O FORNECIMENTO,EXECUCAO E RETIRADA DE TODOS OS MATERIAIS,CONSIDERANDO A REUTILIZACAO DE 15 VEZES PARA ESTACAS-PRANCHAS E 10 VEZES PARA GUIASE ESTRONCAS DE MADEIRA,EXCL.ESCAVACAO.MEDICAO DO SERVICO SERA PELA SUPERFICIE UTIL COBRINDO PAREDES DAS CAVAS OU VALAS","M2",234.65,null,"05.080.0070-A","ENSECADEIRA DE ESTACAS-PRANCHAS DE ACO EM CAVAS OU VALAS COMPROFUNDIDADE ATE 6,00M.O CUSTO INCLUI O FORNECIMENTO,EXECUCAO E RETIRADA DE TODOS OS MATERIAIS,CONSIDERANDO A REUTILIZACAO DE 15 VEZES PARA ESTACAS-PRANCHAS E 10 VEZES PARA GUIASE ESTRONCAS DE MADEIRA,EXCL.ESCAVACAO.MEDICAO DO SERVICO SERA PELA SUPERFICIE UTIL COBRINDO PAREDES DAS CAVAS OU VALAS","M2",229.63]
["05.081.0010-0","ENSECADEIRA DE ESTACAS-PRANCHAS DE ACO EM CAVAS OU VALAS COMPROFUNDIDADE ATE 4,00M.CUSTO INCLUI FORNECIMENTO,EXECUCAO ERETIRADA DE TODOS OS MATERIAIS,CONSIDERANDO A REUTILIZACAODE 60 VEZES PARA ESTACAS-PRANCHAS E 60 VEZES PARA GUIAS E ESTRONCAS DE PERFIL\"I\"DE ACO,EXCL.ESCAVACAO.MEDICAO SERVICO SERA PELA SUPERFICIE UTIL COBRINDO PAREDES DAS CAVAS OU VALAS","M2",117.11,null,"05.081.0010-A","ENSECADEIRA DE ESTACAS-PRANCHAS DE ACO EM CAVAS OU VALAS COMPROFUNDIDADE ATE 4,00M.CUSTO INCLUI FORNECIMENTO,EXECUCAO ERETIRADA DE TODOS OS MATERIAIS,CONSIDERANDO A REUTILIZACAODE 60 VEZES PARA ESTACAS-PRANCHAS E 60 VEZES PARA GUIAS E ESTRONCAS DE PERFIL\"I\"DE ACO,EXCL.ESCAVACAO.MEDICAO SERVICO SERA PELA SUPERFICIE UTIL COBRINDO PAREDES DAS CAVAS OU VALAS","M2",113.91]
["05.081.0012-0","ENSECADEIRA DE ESTACAS-PRANCHAS DE ACO EM CAVAS OU VALAS COMPROFUNDIDADE ATE 4,00M.CUSTO INCLUI FORNECIMENTO,EXECUCAO ERETIRADA DE TODOS OS MATERIAIS,CONSIDERANDO A REUTILIZACAODE 40 VEZES PARA ESTACAS-PRANCHAS E 60 VEZES PARA GUIAS E ESTRONCAS DE PERFIL\"I\"DE ACO,EXCL.ESCAVACAO.MEDICAO SERVICO SERA PELA SUPERFICIE UTIL COBRINDO PAREDES DAS CAVAS OU VALAS","M2",129.58000000000001,null,"05.081.0012-A","ENSECADEIRA DE ESTACAS-PRANCHAS DE ACO EM CAVAS OU VALAS COMPROFUNDIDADE ATE 4,00M.CUSTO INCLUI FORNECIMENTO,EXECUCAO ERETIRADA DE TODOS OS MATERIAIS,CONSIDERANDO A REUTILIZACAODE 40 VEZES PARA ESTACAS-PRANCHAS E 60 VEZES PARA GUIAS E ESTRONCAS DE PERFIL\"I\"DE ACO,EXCL.ESCAVACAO.MEDICAO SERVICO SERA PELA SUPERFICIE UTIL COBRINDO PAREDES DAS CAVAS OU VALAS","M2",126.39]
["05.081.0015-0","ENSECADEIRA DE ESTACAS-PRANCHAS DE ACO EM CAVAS OU VALAS COMPROFUNDIDADE ATE 4,00M.CUSTO INCLUI FORNECIMENTO,EXECUCAO ERETIRADA DE TODOS OS MATERIAIS,CONSIDERANDO A REUTILIZACAODE 15 VEZES PARA ESTACAS-PRANCHAS E 60 VEZES PARA GUIAS E ESTRONCAS DE PERFIL\"I\"DE ACO,EXCL.ESCAVACAO.MEDICAO SERVICO SERA PELA SUPERFICIE UTIL COBRINDO PAREDES DAS CAVAS OU VALAS","M2",191.92,null,"05.081.0015-A","ENSECADEIRA DE ESTACAS-PRANCHAS DE ACO EM CAVAS OU VALAS COMPROFUNDIDADE ATE 4,00M.CUSTO INCLUI FORNECIMENTO,EXECUCAO ERETIRADA DE TODOS OS MATERIAIS,CONSIDERANDO A REUTILIZACAODE 15 VEZES PARA ESTACAS-PRANCHAS E 60 VEZES PARA GUIAS E ESTRONCAS DE PERFIL\"I\"DE ACO,EXCL.ESCAVACAO.MEDICAO SERVICO SERA PELA SUPERFICIE UTIL COBRINDO PAREDES DAS CAVAS OU VALAS","M2",188.72]
["05.081.0017-0","ENSECADEIRA DE ESTACAS-PRANCHAS DE ACO EM CAVAS OU VALAS COMPROFUNDIDADE ATE 5,00M.CUSTO INCLUI FORNECIMENTO,EXECUCAO ERETIRADA DE TODOS OS MATERIAIS,CONSIDERANDO A REUTILIZACAODE 60 VEZES PARA ESTACAS-PRANCHAS E 60 VEZES PARA GUIAS E ESTRONCAS DE PERFIL\"I\"DE ACO,EXCL.ESCAVACAO.MEDICAO SERVICO SERA PELA SUPERFICIE UTIL COBRINDO PAREDES DAS CAVAS OU VALAS","M2",159.55000000000001,null,"05.081.0017-A","ENSECADEIRA DE ESTACAS-PRANCHAS DE ACO EM CAVAS OU VALAS COMPROFUNDIDADE ATE 5,00M.CUSTO INCLUI FORNECIMENTO,EXECUCAO ERETIRADA DE TODOS OS MATERIAIS,CONSIDERANDO A REUTILIZACAODE 60 VEZES PARA ESTACAS-PRANCHAS E 60 VEZES PARA GUIAS E ESTRONCAS DE PERFIL\"I\"DE ACO,EXCL.ESCAVACAO.MEDICAO SERVICO SERA PELA SUPERFICIE UTIL COBRINDO PAREDES DAS CAVAS OU VALAS","M2",154.99]
["05.081.0020-0","ENSECADEIRA DE ESTACAS-PRANCHAS DE ACO EM CAVAS OU VALAS COMPROFUNDIDADE ATE 5,00M.CUSTO INCLUI FORNECIMENTO,EXECUCAO ERETIRADA DE TODOS OS MATERIAIS,CONSIDERANDO A REUTILIZACAODE 40 VEZES PARA ESTACAS-PRANCHAS E 60 VEZES PARA GUIAS E ESTRONCAS DE PERFIL\"I\"DE ACO,EXCL.ESCAVACAO.MEDICAO SERVICO SERA PELA SUPERFICIE UTIL COBRINDO PAREDES DAS CAVAS OU VALAS","M2",172.09,null,"05.081.0020-A","ENSECADEIRA DE ESTACAS-PRANCHAS DE ACO EM CAVAS OU VALAS COMPROFUNDIDADE ATE 5,00M.CUSTO INCLUI FORNECIMENTO,EXECUCAO ERETIRADA DE TODOS OS MATERIAIS,CONSIDERANDO A REUTILIZACAODE 40 VEZES PARA ESTACAS-PRANCHAS E 60 VEZES PARA GUIAS E ESTRONCAS DE PERFIL\"I\"DE ACO,EXCL.ESCAVACAO.MEDICAO SERVICO SERA PELA SUPERFICIE UTIL COBRINDO PAREDES DAS CAVAS OU VALAS","M2",167.52]
["05.081.0022-0","ENSECADEIRA DE ESTACAS-PRANCHAS DE ACO EM CAVAS OU VALAS COMPROFUNDIDADE ATE 5,00M.CUSTO INCLUI FORNECIMENTO,EXECUCAO ERETIRADA DE TODOS OS MATERIAIS,CONSIDERANDO A REUTILIZACAODE 15 VEZES PARA ESTACAS-PRANCHAS E 60 VEZES PARA GUIAS E ESTRONCAS DE PERFIL\"I\"DE ACO,EXCL.ESCAVACAO.MEDICAO SERVICO SERA PELA SUPERFICIE UTIL COBRINDO PAREDES DAS CAVAS OU VALAS","M2",234.81,null,"05.081.0022-A","ENSECADEIRA DE ESTACAS-PRANCHAS DE ACO EM CAVAS OU VALAS COMPROFUNDIDADE ATE 5,00M.CUSTO INCLUI FORNECIMENTO,EXECUCAO ERETIRADA DE TODOS OS MATERIAIS,CONSIDERANDO A REUTILIZACAODE 15 VEZES PARA ESTACAS-PRANCHAS E 60 VEZES PARA GUIAS E ESTRONCAS DE PERFIL\"I\"DE ACO,EXCL.ESCAVACAO.MEDICAO SERVICO SERA PELA SUPERFICIE UTIL COBRINDO PAREDES DAS CAVAS OU VALAS","M2",230.24]
["05.081.0025-0","ENSECADEIRA DE ESTACAS-PRANCHAS DE ACO EM CAVAS OU VALAS COMPROFUNDIDADE ATE 6,00M.CUSTO INCLUI FORNECIMENTO,EXECUCAO ERETIRADA DE TODOS OS MATERIAIS,CONSIDERANDO A REUTILIZACAODE 60 VEZES PARA ESTACAS-PRANCHAS E 60 VEZES PARA GUIAS E ESTRONCAS DE PERFIL\"I\"DE ACO,EXCL.ESCAVACAO.MEDICAO SERVICO SERA PELA SUPERFICIE UTIL COBRINDO PAREDES DAS CAVAS OU VALAS","M2",184.91,null,"05.081.0025-A","ENSECADEIRA DE ESTACAS-PRANCHAS DE ACO EM CAVAS OU VALAS COMPROFUNDIDADE ATE 6,00M.CUSTO INCLUI FORNECIMENTO,EXECUCAO ERETIRADA DE TODOS OS MATERIAIS,CONSIDERANDO A REUTILIZACAODE 60 VEZES PARA ESTACAS-PRANCHAS E 60 VEZES PARA GUIAS E ESTRONCAS DE PERFIL\"I\"DE ACO,EXCL.ESCAVACAO.MEDICAO SERVICO SERA PELA SUPERFICIE UTIL COBRINDO PAREDES DAS CAVAS OU VALAS","M2",179.39]
["05.081.0027-0","ENSECADEIRA DE ESTACAS-PRANCHAS DE ACO EM CAVAS OU VALAS COMPROFUNDIDADE ATE 6,00M.CUSTO INCLUI FORNECIMENTO,EXECUCAO ERETIRADA DE TODOS OS MATERIAIS,CONSIDERANDO A REUTILIZACAODE 40 VEZES PARA ESTACAS-PRANCHAS E 60 VEZES PARA GUIAS E ESTRONCAS DE PERFIL\"I\"DE ACO,EXCL.ESCAVACAO.MEDICAO SERVICO SERA PELA SUPERFICIE UTIL COBRINDO PAREDES DAS CAVAS OU VALAS","M2",197.26,null,"05.081.0027-A","ENSECADEIRA DE ESTACAS-PRANCHAS DE ACO EM CAVAS OU VALAS COMPROFUNDIDADE ATE 6,00M.CUSTO INCLUI FORNECIMENTO,EXECUCAO ERETIRADA DE TODOS OS MATERIAIS,CONSIDERANDO A REUTILIZACAODE 40 VEZES PARA ESTACAS-PRANCHAS E 60 VEZES PARA GUIAS E ESTRONCAS DE PERFIL\"I\"DE ACO,EXCL.ESCAVACAO.MEDICAO SERVICO SERA PELA SUPERFICIE UTIL COBRINDO PAREDES DAS CAVAS OU VALAS","M2",191.74]
["05.081.0029-0","ENSECADEIRA DE ESTACAS-PRANCHAS DE ACO EM CAVAS OU VALAS COMPROFUNDIDADE ATE 6,00M.CUSTO INCLUI FORNECIMENTO,EXECUCAO ERETIRADA DE TODOS OS MATERIAIS,CONSIDERANDO A REUTILIZACAODE 15 VEZES PARA ESTACAS-PRANCHAS E 60 VEZES PARA GUIAS E ESTRONCAS DE PERFIL\"I\"DE ACO,EXCL.ESCAVACAO.MEDICAO SERVICO SERA PELA SUPERFICIE UTIL COBRINDO PAREDES DAS CAVAS OU VALAS","M2",258.95999999999998,null,"05.081.0029-A","ENSECADEIRA DE ESTACAS-PRANCHAS DE ACO EM CAVAS OU VALAS COMPROFUNDIDADE ATE 6,00M.CUSTO INCLUI FORNECIMENTO,EXECUCAO ERETIRADA DE TODOS OS MATERIAIS,CONSIDERANDO A REUTILIZACAODE 15 VEZES PARA ESTACAS-PRANCHAS E 60 VEZES PARA GUIAS E ESTRONCAS DE PERFIL\"I\"DE ACO,EXCL.ESCAVACAO.MEDICAO SERVICO SERA PELA SUPERFICIE UTIL COBRINDO PAREDES DAS CAVAS OU VALAS","M2",253.44]
["05.081.0100-0","ESCORAMENTO PARA VALAS \"TIPO BLINDAGEM\",COM LARGURA DE 1,50MA 2,50M,PROFUNDIDADE DE 1,50M A 3,00M,INCLUSIVE MOVIMENTACAO COM ESCAVADEIRA HIDRAULICA E MAO DE OBRA. A MEDICAO SERA FEITA PELO PRODUTO DAS ALTURAS DAS PAREDES ESCORADAS (2 LADOS) VEZES O COMPRIMENTO DA VALA","M2",28.32,null,"05.081.0100-A","ESCORAMENTO PARA VALAS \"TIPO BLINDAGEM\",COM LARGURA DE 1,50MA 2,50M,PROFUNDIDADE DE 1,50M A 3,00M,INCLUSIVE MOVIMENTACAO COM ESCAVADEIRA HIDRAULICA E MAO DE OBRA. A MEDICAO SERA FEITA PELO PRODUTO DAS ALTURAS DAS PAREDES ESCORADAS (2 LADOS) VEZES O COMPRIMENTO DA VALA","M2",27.58]
["05.081.0105-0","ESCORAMENTO PARA VALAS \"TIPO BLINDAGEM\",COM LARGURA DE 1,50MA 2,50M,PROFUNDIDADE DE 3,01M A 4,50M,INCLUSIVE MOVIMENTACAO COM ESCAVADEIRA HIDRAULICA E MAO DE OBRA. A MEDICAO SERA FEITA PELO PRODUTO DAS ALTURAS DAS PAREDES ESCORADAS (2 LADOS) VEZES O COMPRIMENTO DA VALA","M2",22.68,null,"05.081.0105-A","ESCORAMENTO PARA VALAS \"TIPO BLINDAGEM\",COM LARGURA DE 1,50MA 2,50M,PROFUNDIDADE DE 3,01M A 4,50M,INCLUSIVE MOVIMENTACAO COM ESCAVADEIRA HIDRAULICA E MAO DE OBRA. A MEDICAO SERA FEITA PELO PRODUTO DAS ALTURAS DAS PAREDES ESCORADAS (2 LADOS) VEZES O COMPRIMENTO DA VALA","M2",22.1]
["05.081.0110-0","ESCORAMENTO PARA VALAS \"TIPO BLINDAGEM\",COM LARGURA DE 1,50MA 2,50M,PROFUNDIDADE DE 4,51M A 6,00M,INCLUSIVE MOVIMENTACAO COM ESCAVADEIRA HIDRAULICA E MAO DE OBRA.A MEDICAO SERA FEITA PELO PRODUTO DAS ALTURAS DAS PAREDES ESCORADAS (2 LADOS)VEZES O COMPRIMENTO DA VALA","M2",19.03,null,"05.081.0110-A","ESCORAMENTO PARA VALAS \"TIPO BLINDAGEM\",COM LARGURA DE 1,50MA 2,50M,PROFUNDIDADE DE 4,51M A 6,00M,INCLUSIVE MOVIMENTACAO COM ESCAVADEIRA HIDRAULICA E MAO DE OBRA.A MEDICAO SERA FEITA PELO PRODUTO DAS ALTURAS DAS PAREDES ESCORADAS (2 LADOS)VEZES O COMPRIMENTO DA VALA","M2",18.55]
["05.082.0001-0","RETIRADA E RECOLOCACAO DE ESTACAS PRANCHAS DE ACO.MEDICAO PELA SUPERFICIE UTIL COBRINDO AS PAREDES DAS CAVAS OU VALAS","M2",113.72,null,"05.082.0001-A","RETIRADA E RECOLOCACAO DE ESTACAS PRANCHAS DE ACO.MEDICAO PELA SUPERFICIE UTIL COBRINDO AS PAREDES DAS CAVAS OU VALAS","M2",109.11]
["05.085.0010-1","ENSECADEIRA DE ESTACAS-PRANCHAS PECAS DE MADEIRA 3\"X9\",ENCAIXE,VALAS ATE 3,00M DE LARGURA,MEDIDA APENAS SUPERFICIE UTILCOBRINDO PAREDE DA VALA,ESTA ATE 3,00M DE PROFUNDIDADE,CRAVACAO C/COMPRESSOR E EXTRACAO C/ESCAVADEIRA.FORN.,EXECUCAO E RETIRADA DOS MATERIAIS.ESTACAS USADAS 4 VEZES,GUIAS 3 VEZES EESTRONCAS 2 VEZES","M2",325.45999999999998,null,"05.085.0010-B","ENSECADEIRA DE ESTACAS-PRANCHAS PECAS DE MADEIRA 3\"X9\",ENCAIXE,VALAS ATE 3,00M DE LARGURA,MEDIDA APENAS SUPERFICIE UTILCOBRINDO PAREDE DA VALA,ESTA ATE 3,00M DE PROFUNDIDADE,CRAVACAO C/COMPRESSOR E EXTRACAO C/ESCAVADEIRA.FORN.,EXECUCAO E RETIRADA DOS MATERIAIS.ESTACAS USADAS 4 VEZES,GUIAS 3 VEZES EESTRONCAS 2 VEZES","M2",313.42]
["05.085.0011-0","ENSECADERIA DE ESTACAS-PRANCHAS PECAS DE MADEIRA 3\"X9\",ENCAIXE,VALAS ATE 3,00M DE LARGURA,MEDIDA APENAS SUPERFICIE UTILCOBRINDO PAREDE DA VALA,ESTA ATE 3,00M DE PROFUNDIDADE,CRAVACAO C/COMPRESSOR E EXTRACAO C/ESCAVADEIRA.FORNE.,EXECUCAO ERETIRADA DOS MATERIAIS.ESTACAS USADAS 3 VEZES,GUIAS 3 VEZESE ESTRONCAS 2 VEZES","M2",407.94,null,"05.085.0011-A","ENSECADERIA DE ESTACAS-PRANCHAS PECAS DE MADEIRA 3\"X9\",ENCAIXE,VALAS ATE 3,00M DE LARGURA,MEDIDA APENAS SUPERFICIE UTILCOBRINDO PAREDE DA VALA,ESTA ATE 3,00M DE PROFUNDIDADE,CRAVACAO C/COMPRESSOR E EXTRACAO C/ESCAVADEIRA.FORNE.,EXECUCAO ERETIRADA DOS MATERIAIS.ESTACAS USADAS 3 VEZES,GUIAS 3 VEZESE ESTRONCAS 2 VEZES","M2",393.34]
["05.085.0012-0","ENSECADEIRA DE ESTACAS-PRANCHAS PECAS DE MADEIRA 3\"X9\",ENCAIXE,VALAS ATE 3,00M DE LARGURA,MEDIDA APENAS SUPERFICIE UTILCOBRINDO PAREDE DA VALA,ESTA ATE 4,50M DE PROFUNDIDADE,CRAVACAO C/COMPRESSOR E EXTRACAO C/ESCAVADEIRA.FORN.,EXECUCAO E RETIRADA DOS MATERIAIS.ESTACAS USADAS 4 VEZES,GUIAS 3 VEZES EESTRONCAS 2 VEZES","M2",333.32,null,"05.085.0012-A","ENSECADEIRA DE ESTACAS-PRANCHAS PECAS DE MADEIRA 3\"X9\",ENCAIXE,VALAS ATE 3,00M DE LARGURA,MEDIDA APENAS SUPERFICIE UTILCOBRINDO PAREDE DA VALA,ESTA ATE 4,50M DE PROFUNDIDADE,CRAVACAO C/COMPRESSOR E EXTRACAO C/ESCAVADEIRA.FORN.,EXECUCAO E RETIRADA DOS MATERIAIS.ESTACAS USADAS 4 VEZES,GUIAS 3 VEZES EESTRONCAS 2 VEZES","M2",320.60000000000002]
["05.085.0013-1","ENSECADEIRA DE ESTACAS-PRANCHAS PECAS DE MADEIRA 3\"X9\",ENCAIXE,VALAS ATE 3,00M DE LARGURA,MEDIDA APENAS SUPERFICIE UTILCOBRINDO PAREDE DA VALA,ESTA ATE 4,50M DE PROFUNDIDADE,CRAVACAO C/COMPRESSOR E EXTRACAO C/ESCAVADEIRA.FORN.,EXECUCAO E RETIRADA DOS MATERIAIS.ESTACAS USADAS 3 VEZES,GUIAS 3 VEZES EESTRONCAS 2 VEZES","M2",402.39,null,"05.085.0013-B","ENSECADEIRA DE ESTACAS-PRANCHAS PECAS DE MADEIRA 3\"X9\",ENCAIXE,VALAS ATE 3,00M DE LARGURA,MEDIDA APENAS SUPERFICIE UTILCOBRINDO PAREDE DA VALA,ESTA ATE 4,50M DE PROFUNDIDADE,CRAVACAO C/COMPRESSOR E EXTRACAO C/ESCAVADEIRA.FORN.,EXECUCAO E RETIRADA DOS MATERIAIS.ESTACAS USADAS 3 VEZES,GUIAS 3 VEZES EESTRONCAS 2 VEZES","M2",387.26]
["05.085.0014-0","ENSECADEIRA DE ESTACAS-PRANCHAS PECAS DE MADEIRA 3\"X9\",ENCAIXE,CAIXAS ATE 4,00M VAO,MEDIDA SUPERFICIE UTIL COBRINDO PAREDE CAIXA,ATE 3,00M DE PROFUNDIDADE,CRAVACAO EXECUTADA MANUALMENTE S/FICHA E EXTRACAO C/\"TIRFOR\"OU MACACO.FORN.,EXECUCAOE RETIRADA DOS MATERIAIS.ESTACAS USADAS 4 VEZES,GUIAS 3 VEZES E ESTRONCAS 3 VEZES","M2",207.62,null,"05.085.0014-A","ENSECADEIRA DE ESTACAS-PRANCHAS PECAS DE MADEIRA 3\"X9\",ENCAIXE,CAIXAS ATE 4,00M VAO,MEDIDA SUPERFICIE UTIL COBRINDO PAREDE CAIXA,ATE 3,00M DE PROFUNDIDADE,CRAVACAO EXECUTADA MANUALMENTE S/FICHA E EXTRACAO C/\"TIRFOR\"OU MACACO.FORN.,EXECUCAOE RETIRADA DOS MATERIAIS.ESTACAS USADAS 4 VEZES,GUIAS 3 VEZES E ESTRONCAS 3 VEZES","M2",197.67]
["05.085.0015-0","ENSECADEIRA DE ESTACAS-PRANCHAS PECAS DE MADEIRA 3\"X9\",ENCAIXE,CAIXAS ATE 4,00M VAO,MEDIDA SUPERFICIE UTIL COBRINDO PAREDE CAIXA,ATE 4,50M DE PROFUNDIDADE,CRAVACAO EXECUTADA MANUALMENTE S/FICHA E EXTRACAO C/\"TIRFOR\" OU MACACO.FORN.,EXECUCAOE RETIRADA DOS MATERIAIS.ESTACAS USADAS 4 VEZES,GUIAS 3 VEZES E ESTRONCAS 3 VEZES","M2",209.77,null,"05.085.0015-A","ENSECADEIRA DE ESTACAS-PRANCHAS PECAS DE MADEIRA 3\"X9\",ENCAIXE,CAIXAS ATE 4,00M VAO,MEDIDA SUPERFICIE UTIL COBRINDO PAREDE CAIXA,ATE 4,50M DE PROFUNDIDADE,CRAVACAO EXECUTADA MANUALMENTE S/FICHA E EXTRACAO C/\"TIRFOR\" OU MACACO.FORN.,EXECUCAOE RETIRADA DOS MATERIAIS.ESTACAS USADAS 4 VEZES,GUIAS 3 VEZES E ESTRONCAS 3 VEZES","M2",199.46]
["05.085.0016-1","ENSECADEIRA SIMPLES(ESCORAMENTO FECHADO)ESTACAS-PRANCHAS PECAS MADEIRA 3\"X9\",S/ENCAIXE,VALAS ATE 3,00M LARGURA,MEDIDA SUPERFICIE UTIL COBRINDO PAREDE DA VALA,ATE 3,00M PROFUNDIDADE,CRAVACAO C/COMPRESSOR E EXTRACAO C/ESCAV.FORN.,EXECUCAO E RETIRADA DOS MATERIAIS.ESTACAS USADAS 4 VEZES,GUIAS 3 VEZES EESTRONCAS 2 VEZES","M2",270.88,null,"05.085.0016-B","ENSECADEIRA SIMPLES(ESCORAMENTO FECHADO)ESTACAS-PRANCHAS PECAS MADEIRA 3\"X9\",S/ENCAIXE,VALAS ATE 3,00M LARGURA,MEDIDA SUPERFICIE UTIL COBRINDO PAREDE DA VALA,ATE 3,00M PROFUNDIDADE,CRAVACAO C/COMPRESSOR E EXTRACAO C/ESCAV.FORN.,EXECUCAO E RETIRADA DOS MATERIAIS.ESTACAS USADAS 4 VEZES,GUIAS 3 VEZES EESTRONCAS 2 VEZES","M2",260.77]
["05.085.0017-0","ENSECADEIRA SIMPLES(ESCORAMENTO FECHADO)ESTACAS-PRANCHAS PECAS MADEIRA 3\"X9\",S/ENCAIXE,VALAS ATE 3,00M LARGURA,MEDIDA SUPERFICIE UTIL COBRINDO PAREDE DA VALA,ATE 3,00M PROFUNDIDADE,CRAVACAO C/COMPRESSOR E EXTRACAO C/ESCAV.FORN.,EXECUCAO E RETIRADA DOS MATERIAIS.ESTACAS USADAS 3 VEZES,GUIAS 3 VEZES EE ESTRONCAS 2 VEZES","M2",338.6,null,"05.085.0017-A","ENSECADEIRA SIMPLES(ESCORAMENTO FECHADO)ESTACAS-PRANCHAS PECAS MADEIRA 3\"X9\",S/ENCAIXE,VALAS ATE 3,00M LARGURA,MEDIDA SUPERFICIE UTIL COBRINDO PAREDE DA VALA,ATE 3,00M PROFUNDIDADE,CRAVACAO C/COMPRESSOR E EXTRACAO C/ESCAV.FORN.,EXECUCAO E RETIRADA DOS MATERIAIS.ESTACAS USADAS 3 VEZES,GUIAS 3 VEZES EE ESTRONCAS 2 VEZES","M2",325.95999999999998]
["05.085.0018-0","ENSECADEIRA SIMPLES(ESCORAMENTO FECHADO)ESTACAS-PRANCHAS PECAS MADEIRA 3\"X9\",S/ENCAIXE,VALAS ATE 3,00M LARGURA,MEDIDA SUPERFICIE UTIL COBRINDO PAREDE DA VALA,ATE 4,50M PROFUNDIDADE,CRAVACAO C/COMPRESSOR E EXTRACAO C/ESCAV.FORN.,EXTRACAO E RETIRADA DOS MATERIAIS.ESTACAS USADAS 4 VEZES,GUIAS 3 VEZES EESTRONCAS 2 VEZES","M2",284.42,null,"05.085.0018-A","ENSECADEIRA SIMPLES(ESCORAMENTO FECHADO)ESTACAS-PRANCHAS PECAS MADEIRA 3\"X9\",S/ENCAIXE,VALAS ATE 3,00M LARGURA,MEDIDA SUPERFICIE UTIL COBRINDO PAREDE DA VALA,ATE 4,50M PROFUNDIDADE,CRAVACAO C/COMPRESSOR E EXTRACAO C/ESCAV.FORN.,EXTRACAO E RETIRADA DOS MATERIAIS.ESTACAS USADAS 4 VEZES,GUIAS 3 VEZES EESTRONCAS 2 VEZES","M2",273.8]
["05.085.0019-0","ENSECADEIRA SIMPLES(ESCORAMENTO FECHADO)ESTACAS-PRANCHAS PECAS MADEIRA 3\"X9\",S/ENCAIXE,VALAS ATE 3,00M LARGURA,MEDIDA SUPERFICIE UTIL COBRINDO PAREDE DA VALA,ATE 4,50M PROFUNDIDADE,CRAVACAO C/COMPRESSOR E EXTRACAO C/ESCAV.FORN.,EXECUCAO E RETIRADA DOS MATERIAIS.ESTACAS USADAS 3 VEZES,GUIAS 3 VEZES EESTRONCAS 2 VEZES","M2",365.69,null,"05.085.0019-A","ENSECADEIRA SIMPLES(ESCORAMENTO FECHADO)ESTACAS-PRANCHAS PECAS MADEIRA 3\"X9\",S/ENCAIXE,VALAS ATE 3,00M LARGURA,MEDIDA SUPERFICIE UTIL COBRINDO PAREDE DA VALA,ATE 4,50M PROFUNDIDADE,CRAVACAO C/COMPRESSOR E EXTRACAO C/ESCAV.FORN.,EXECUCAO E RETIRADA DOS MATERIAIS.ESTACAS USADAS 3 VEZES,GUIAS 3 VEZES EESTRONCAS 2 VEZES","M2",352.03]
["05.085.0020-0","ENSECADEIRA SIMPLES(ESCORAMENTO FECHADO)ESTACAS-PRANCHAS PECAS MADEIRA 3\"X9\",S/ENCAIXE,CAIXAS ATE 4,00M VAO,MEDIDA SUPERFICIE UTIL COBRINDO PAREDE CAIXA,ATE 3,00M PROFUND.,CRAVACAOEXEC.MANUALMENTE S/FICHA E EXTRACAO C/\"TIRFOR\"OU MACACO.FORN.,EXECUCAO E RETIRADA DOS MAT.ESTACAS USADAS 4 VEZES,GUIASE ESTRONCAS 3 VEZES","M2",173.81,null,"05.085.0020-A","ENSECADEIRA SIMPLES(ESCORAMENTO FECHADO)ESTACAS-PRANCHAS PECAS MADEIRA 3\"X9\",S/ENCAIXE,CAIXAS ATE 4,00M VAO,MEDIDA SUPERFICIE UTIL COBRINDO PAREDE CAIXA,ATE 3,00M PROFUND.,CRAVACAOEXEC.MANUALMENTE S/FICHA E EXTRACAO C/\"TIRFOR\"OU MACACO.FORN.,EXECUCAO E RETIRADA DOS MAT.ESTACAS USADAS 4 VEZES,GUIASE ESTRONCAS 3 VEZES","M2",165.52]
["05.085.0021-0","ENSECADEIRA SIMPLES(ESCORAMENTO FECHADO)ESTACAS-PRANCHAS PECAS MADEIRA 3\"X9\",S/ENCAIXE,CAIXAS ATE 4,00M VAO,MEDIDA SUPERFICIE UTIL COBRINDO PAREDE CAIXA,ATE 4,50M PROFUND.,CRAVACAOEXEC.MANUALMENTE S/FICHA E EXTRACAO C/\"TIRFOR\"OU MACACO.FORN.,EXECUCAO E RETIRADA DOS MAT.ESTACAS USADAS 4 VEZES,GUIASE ESTRONCAS 3 VEZES","M2",176.08,null,"05.085.0021-A","ENSECADEIRA SIMPLES(ESCORAMENTO FECHADO)ESTACAS-PRANCHAS PECAS MADEIRA 3\"X9\",S/ENCAIXE,CAIXAS ATE 4,00M VAO,MEDIDA SUPERFICIE UTIL COBRINDO PAREDE CAIXA,ATE 4,50M PROFUND.,CRAVACAOEXEC.MANUALMENTE S/FICHA E EXTRACAO C/\"TIRFOR\"OU MACACO.FORN.,EXECUCAO E RETIRADA DOS MAT.ESTACAS USADAS 4 VEZES,GUIASE ESTRONCAS 3 VEZES","M2",167.5]
["05.090.0001-0","ENSECADEIRA SIMPLES(ESCORAMENTO FECHADO)DE ESTACAS-PRANCHASDE MADEIRA DE 3ª DE 3\"X9\",SERRADO,SEM ENCAIXE,EM VALAS ATE 3,00M DE LARGURA E ATE 3,00M DE PROFUNDIDADE,SENDO A CRAVACAOMANUAL E SEM FICHA E A EXTRACAO COM PA CARREGADEIRA.ESTACAS,LONGARINAS E ESTRONCAS USADAS 3 VEZES","M2",210.61,null,"05.090.0001-A","ENSECADEIRA SIMPLES(ESCORAMENTO FECHADO)DE ESTACAS-PRANCHASDE MADEIRA DE 3ª DE 3\"X9\",SERRADO,SEM ENCAIXE,EM VALAS ATE 3,00M DE LARGURA E ATE 3,00M DE PROFUNDIDADE,SENDO A CRAVACAOMANUAL E SEM FICHA E A EXTRACAO COM PA CARREGADEIRA.ESTACAS,LONGARINAS E ESTRONCAS USADAS 3 VEZES","M2",201.47]
["05.090.0002-0","ENSECADEIRA SIMPLES(ESCORAMENTO FECHADO)DE ESTACAS-PRANCHASDE MADEIRA DE 3ª DE 3\"X9\",SERRADO,SEM ENCAIXE,EM VALAS DE ATE 3,00M DE LARGURA E ATE 3,00M DE PROFUNDIDADE,SENDO A CRAVACAO MANUAL E SEM FICHA E A EXTRACAO COM PA CARREGADEIRA.ESTACAS,LONGARINAS E ESTRONCAS USADAS 2 VEZES","M2",242.54,null,"05.090.0002-A","ENSECADEIRA SIMPLES(ESCORAMENTO FECHADO)DE ESTACAS-PRANCHASDE MADEIRA DE 3ª DE 3\"X9\",SERRADO,SEM ENCAIXE,EM VALAS DE ATE 3,00M DE LARGURA E ATE 3,00M DE PROFUNDIDADE,SENDO A CRAVACAO MANUAL E SEM FICHA E A EXTRACAO COM PA CARREGADEIRA.ESTACAS,LONGARINAS E ESTRONCAS USADAS 2 VEZES","M2",233.41]
["05.095.0001-0","PRANCHADA HORIZONTAL EM ESCORAMENTO FECHADO DE MESMA DENOMINACAO,ATE 8,00M DE PROFUNDIDADE,APOIADA EM PERFIS,EXCLUSIVE ESTES.PRANCHAS EM PECAS DE MADEIRA DE 3ª DE 3\"X12\",NO COMPRIMENTO MAXIMO DE 2,50M,CALCADAS COM MADEIRA DE 3ª,APROVEITADAS4,5 VEZES,INCLUSIVE FORNECIMENTO,COLOCACAO,RETIRADA E TRANSPORTE INTERNO COM CAMINHAO BASCULANTE","M2",392.68,null,"05.095.0001-A","PRANCHADA HORIZONTAL EM ESCORAMENTO FECHADO DE MESMA DENOMINACAO,ATE 8,00M DE PROFUNDIDADE,APOIADA EM PERFIS,EXCLUSIVE ESTES.PRANCHAS EM PECAS DE MADEIRA DE 3ª DE 3\"X12\",NO COMPRIMENTO MAXIMO DE 2,50M,CALCADAS COM MADEIRA DE 3ª,APROVEITADAS4,5 VEZES,INCLUSIVE FORNECIMENTO,COLOCACAO,RETIRADA E TRANSPORTE INTERNO COM CAMINHAO BASCULANTE","M2",383.73]
["05.095.0002-1","PRANCHADA HORIZONTAL EM ESCORAMENTO FECHADO DE MESMA DENOMINACAO,ATE 6,00M DE PROFUNDIDADE,APOIADA EM PERFIS,EXCLUSIVE ESTES.PRANCHAS EM PECAS DE MADEIRA DE 3ª DE 3\"X9\",NO COMPRIMENTO MAXIMO DE 2,00M,CALCADAS COM MESMO MATERIAL,APROVEITADAS3 VEZES,INCLUSIVE FORNECIMENTO,COLOCACAO,RETIRADA E TRASNPORTE INTERNO COM CAMINHAO BASCULANTE","M2",163.78,null,"05.095.0002-B","PRANCHADA HORIZONTAL EM ESCORAMENTO FECHADO DE MESMA DENOMINACAO,ATE 6,00M DE PROFUNDIDADE,APOIADA EM PERFIS,EXCLUSIVE ESTES.PRANCHAS EM PECAS DE MADEIRA DE 3ª DE 3\"X9\",NO COMPRIMENTO MAXIMO DE 2,00M,CALCADAS COM MESMO MATERIAL,APROVEITADAS3 VEZES,INCLUSIVE FORNECIMENTO,COLOCACAO,RETIRADA E TRASNPORTE INTERNO COM CAMINHAO BASCULANTE","M2",156.80000000000001]
["05.097.0001-0","BARRAGEM PROVISORIA OU ENSECADEIRA,PARA DESVIOS DE PEQUENOSCURSOS D'AGUA COM SACOS DE AREIA","UN",95.44,null,"05.097.0001-A","BARRAGEM PROVISORIA OU ENSECADEIRA,PARA DESVIOS DE PEQUENOSCURSOS D'AGUA COM SACOS DE AREIA","UN",91.02]
["05.098.0002-0","ESCORAMENTO DE VALA/CAVA ATE 4,00M DE PROFUNDIDADE,COM PRANCHOES EM PECAS DE MADEIRA DE 3ª DE 3\"X9\",CRAVACAO E RETIRADADOS PRANCHOES COM EQUIPAMENTOS.A MEDICAO DO SERVICO E FEITAPELA AREA EFETIVAMENTE EM CONTATO COM OS PRANCHOES.CONSIDERANDO A MADEIRA REUTILIZADA 2 VEZES.FORNECIMENTO E COLOCACAO","M2",84.1,null,"05.098.0002-A","ESCORAMENTO DE VALA/CAVA ATE 4,00M DE PROFUNDIDADE,COM PRANCHOES EM PECAS DE MADEIRA DE 3ª DE 3\"X9\",CRAVACAO E RETIRADADOS PRANCHOES COM EQUIPAMENTOS.A MEDICAO DO SERVICO E FEITAPELA AREA EFETIVAMENTE EM CONTATO COM OS PRANCHOES.CONSIDERANDO A MADEIRA REUTILIZADA 2 VEZES.FORNECIMENTO E COLOCACAO","M2",83.62]
["05.099.0001-1","CONSOLO DE PERFIL DE ACO,COM PESO ATE 10KG,PARA SUPORTES DEGUIA(VIGA,LONGARINA),EM TRABALHOS DE ESCORAMENTO E CONGENERES,SOLDADO EM ESTACA DO MESMO MATERIAL,INCLUSIVE FORNECIMENTO,COLOCACAO E RETIRADA,ADMITINDO-SE SUA UTILIZACAO 10 VEZES","UN",151.47,null,"05.099.0001-B","CONSOLO DE PERFIL DE ACO,COM PESO ATE 10KG,PARA SUPORTES DEGUIA(VIGA,LONGARINA),EM TRABALHOS DE ESCORAMENTO E CONGENERES,SOLDADO EM ESTACA DO MESMO MATERIAL,INCLUSIVE FORNECIMENTO,COLOCACAO E RETIRADA,ADMITINDO-SE SUA UTILIZACAO 10 VEZES","UN",146.11000000000001]
["05.099.0002-1","GUIA(VIGA,LONGARINA) DE PERFIL DE ACO \"I\",DE 6\",1ª ALMA,EM TRABALHOS DE ESCORAMENTO E CONGENERES,SOLDADA SOBRE CONSOLOSE ESTACAS,ESTAS INTERVALADAS DE 1,50 A 2,00M,INCLUSIVE FORNECIMENTO,COLOCACAO,RETIRADA E TRANSPORTE INTERNO COM TRATOR,ADMITINDO-SE SUA UTILIZACAO 7 VEZES","M",90.5,null,"05.099.0002-B","GUIA(VIGA,LONGARINA) DE PERFIL DE ACO \"I\",DE 6\",1ª ALMA,EM TRABALHOS DE ESCORAMENTO E CONGENERES,SOLDADA SOBRE CONSOLOSE ESTACAS,ESTAS INTERVALADAS DE 1,50 A 2,00M,INCLUSIVE FORNECIMENTO,COLOCACAO,RETIRADA E TRANSPORTE INTERNO COM TRATOR,ADMITINDO-SE SUA UTILIZACAO 7 VEZES","M",89.22]
["05.099.0003-0","GUIA (VIGA,LONGARINA) DE PERFIL DE ACO \"I\",DE 10\",1ª ALMA,EMTRABALHOS DE ESCORAMENTO E CONGENERES,SOLDADA SOBRE CONSOLOS E ESTACAS,ESTAS INTERVALADAS DE 2,00 A 2,50M,INCLUSIVE FORNECIMENTO,COLOCACAO,RETIRADA E TRANSPORTE INTERNO COM TRATOR,ADMITINDO-SE SUA UTILIZACAO 7 VEZES","M",113.07,null,"05.099.0003-A","GUIA (VIGA,LONGARINA) DE PERFIL DE ACO \"I\",DE 10\",1ª ALMA,EMTRABALHOS DE ESCORAMENTO E CONGENERES,SOLDADA SOBRE CONSOLOS E ESTACAS,ESTAS INTERVALADAS DE 2,00 A 2,50M,INCLUSIVE FORNECIMENTO,COLOCACAO,RETIRADA E TRANSPORTE INTERNO COM TRATOR,ADMITINDO-SE SUA UTILIZACAO 7 VEZES","M",111.43]
["05.099.0004-1","ESTRONCA(ESCORA)DE PERFIL DE ACO \"I\",DE 6\",1ª ALMA,EM TRABALHOS DE ESCORAMENTO E CONGENERES,TENDO COMPRIMENTO DE 2,50 A3,00M,SOLDADA EM GUIAS,INCLUSIVE FORNECIMENTO,COLOCACAO,RETIRADA E TRANSPORTE INTERNO COM CAMINHAO,ADMITINDO-SE SUA UTILIZACAO 7 VEZES","UN",204.28,null,"05.099.0004-B","ESTRONCA(ESCORA)DE PERFIL DE ACO \"I\",DE 6\",1ª ALMA,EM TRABALHOS DE ESCORAMENTO E CONGENERES,TENDO COMPRIMENTO DE 2,50 A3,00M,SOLDADA EM GUIAS,INCLUSIVE FORNECIMENTO,COLOCACAO,RETIRADA E TRANSPORTE INTERNO COM CAMINHAO,ADMITINDO-SE SUA UTILIZACAO 7 VEZES","UN",199.24]
["05.100.0020-0","CAFE DA MANHA, CONFORME CONVENCAO DO TRABALHO PARA CONSTRUCAO CIVIL E CONDICOES HIGIENICAS E SANITARIAS ADEQUADAS","UN",10,null,"05.100.0020-A","CAFE DA MANHA, CONFORME CONVENCAO DO TRABALHO PARA CONSTRUCAO CIVIL E CONDICOES HIGIENICAS E SANITARIAS ADEQUADAS","UN",10]
["05.100.0022-0","REFEICAO CONFORME CONVENCAO DO TRABALHO PARA CONSTRUCAO CIVIL E CONDICOES HIGIENICAS E SANITARIAS ADEQUADAS","UN",17,null,"05.100.0022-A","REFEICAO CONFORME CONVENCAO DO TRABALHO PARA CONSTRUCAO CIVIL E CONDICOES HIGIENICAS E SANITARIAS ADEQUADAS","UN",17]
["05.100.0024-0","CESTA BASICA E AUXILIO SAUDE COM BENEFICIOS MEDICOS E ODONTOLOGICOS,CONFORME CONVENCAO DO TRABALHO PARA CONSTRUCAO CIVIL","UNXMES",325,null,"05.100.0024-A","CESTA BASICA E AUXILIO SAUDE COM BENEFICIOS MEDICOS E ODONTOLOGICOS,CONFORME CONVENCAO DO TRABALHO PARA CONSTRUCAO CIVIL","UNXMES",325]
["05.100.0026-0","VALE TRANSPORTE, CONSIDERANDO PASSAGEM IDA E VOLTA","UN",8.66,null,"05.100.0026-A","VALE TRANSPORTE, CONSIDERANDO PASSAGEM IDA E VOLTA","UN",8.66]
["05.100.0900-0","UNIDADE REF.P/COMPL.ADM LOCAL,CONSID:CONSUMO AGUA,TEL.ENERGIA ELETR.MAT.LIMPEZA ESCRITORIO,COMPUTADORES LICENCA OBRA,MOVEIS UTENSILIOS,AR COND.BEBEDOURO,ART,RRT,FOTOGRAFIAS,UNIFORMES,DARIAS,EXAMES ADMISSIONAIS,PERIODICOS E DEMISSIONAIS,CURSOS CAPACITACAO/TREINAMENTO ITENS COMPLEMENTEM DESP.NECESS.EXCL.DESP.C/CAFE MANHA,REFEICAO,CESTA BASICA E VALE TRANSPORTE","UR",36.85,null,"05.100.0900-A","UNIDADE REF.P/COMPL.ADM LOCAL,CONSID:CONSUMO AGUA,TEL.ENERGIA ELETR.MAT.LIMPEZA ESCRITORIO,COMPUTADORES LICENCA OBRA,MOVEIS UTENSILIOS,AR COND.BEBEDOURO,ART,RRT,FOTOGRAFIAS,UNIFORMES,DARIAS,EXAMES ADMISSIONAIS,PERIODICOS E DEMISSIONAIS,CURSOS CAPACITACAO/TREINAMENTO ITENS COMPLEMENTEM DESP.NECESS.EXCL.DESP.C/CAFE MANHA,REFEICAO,CESTA BASICA E VALE TRANSPORTE","UR",36.85]
["05.100.9999-0","INDICE GERAL DA CONSTRUCAO CIVIL (PREDIOS PUBLICOS)",null,8375,null,"05.100.9999-A","INDICE GERAL DA CONSTRUCAO CIVIL (PREDIOS PUBLICOS)",null,7850]
["05.103.9999-0","INDICE GERAL PARA FORNECIMENTO DE MATERIAIS DA CONSTRUCAO CIVIL",null,6266,null,"05.103.9999-A","INDICE GERAL PARA FORNECIMENTO DE MATERIAIS DA CONSTRUCAO CIVIL",null,6266]
["05.105.0100-0","MAO-DE-OBRA DE VIGIA,INCLUSIVE ENCARGOS SOCIAIS","MES",3949.44,null,"05.105.0100-A","MAO-DE-OBRA DE VIGIA,INCLUSIVE ENCARGOS SOCIAIS","MES",3687.2]
["05.105.0101-0","MAO-DE-OBRA DE MARCENEIRO,INCLUSIVE ENCARGOS SOCIAIS","MES",7164.96,null,"05.105.0101-A","MAO-DE-OBRA DE MARCENEIRO,INCLUSIVE ENCARGOS SOCIAIS","MES",6688]
["05.105.0102-0","MAO-DE-OBRA DE SERRALHEIRO DE CONSTRUCAO CIVIL,INCLUSIVE ENCARGOS SOCIAIS","MES",5582.72,null,"05.105.0102-A","MAO-DE-OBRA DE SERRALHEIRO DE CONSTRUCAO CIVIL,INCLUSIVE ENCARGOS SOCIAIS","MES",5211.3599999999997]
["05.105.0103-0","MAO-DE-OBRA DE PINTOR,INCLUSIVE ENCARGOS SOCIAIS","MES",5186.72,null,"05.105.0103-A","MAO-DE-OBRA DE PINTOR,INCLUSIVE ENCARGOS SOCIAIS","MES",4840]
["05.105.0104-0","MAO-DE-OBRA DE GESSEIRO,INCLUSIVE ENCARGOS SOCIAIS","MES",5186.72,null,"05.105.0104-A","MAO-DE-OBRA DE GESSEIRO,INCLUSIVE ENCARGOS SOCIAIS","MES",4840]
["05.105.0105-0","MAO-DE-OBRA DE LADRILHEIRO,INCLUSIVE ENCARGOS SOCIAIS","MES",5582.72,null,"05.105.0105-A","MAO-DE-OBRA DE LADRILHEIRO,INCLUSIVE ENCARGOS SOCIAIS","MES",5211.3599999999997]
["05.105.0106-0","MAO-DE-OBRA DE TAQUEIRO,INCLUSIVE ENCARGOS SOCIAIS","MES",5186.72,null,"05.105.0106-A","MAO-DE-OBRA DE TAQUEIRO,INCLUSIVE ENCARGOS SOCIAIS","MES",4840]
["05.105.0107-0","MAO-DE-OBRA DE ESTUCADOR,INCLUSIVE ENCARGOS SOCIAIS","MES",5186.72,null,"05.105.0107-A","MAO-DE-OBRA DE ESTUCADOR,INCLUSIVE ENCARGOS SOCIAIS","MES",4840]
["05.105.0108-0","MAO-DE-OBRA DE PEDREIRO,INCLUSIVE ENCARGOS SOCIAIS","MES",5186.72,null,"05.105.0108-A","MAO-DE-OBRA DE PEDREIRO,INCLUSIVE ENCARGOS SOCIAIS","MES",4840]
["05.105.0109-0","MAO-DE-OBRA DE CARPINTEIRO DE FORMAS,INCLUSIVE ENCARGOS SOCIAIS","MES",5186.72,null,"05.105.0109-A","MAO-DE-OBRA DE CARPINTEIRO DE FORMAS,INCLUSIVE ENCARGOS SOCIAIS","MES",4840]
["05.105.0110-0","MAO-DE-OBRA DE BOMBEIRO HIDRAULICO,INCLUSIVE ENCARGOS SOCIAIS","MES",5186.72,null,"05.105.0110-A","MAO-DE-OBRA DE BOMBEIRO HIDRAULICO,INCLUSIVE ENCARGOS SOCIAIS","MES",4840]
["05.105.0111-0","MAO-DE-OBRA DE CARPINTEIRO DE ESQUADRIAS,INCLUSIVE ENCARGOSSOCIAIS","MES",5582.72,null,"05.105.0111-A","MAO-DE-OBRA DE CARPINTEIRO DE ESQUADRIAS,INCLUSIVE ENCARGOSSOCIAIS","MES",5211.3599999999997]
["05.105.0112-0","MAO-DE-OBRA DE ELETRICISTA,INCLUSIVE ENCARGOS SOCIAIS","MES",5186.72,null,"05.105.0112-A","MAO-DE-OBRA DE ELETRICISTA,INCLUSIVE ENCARGOS SOCIAIS","MES",4840]
["05.105.0113-0","MAO-DE-OBRA DE PINTOR DE LETRAS,INCLUSIVE ENCARGOS SOCIAIS","MES",5186.72,null,"05.105.0113-A","MAO-DE-OBRA DE PINTOR DE LETRAS,INCLUSIVE ENCARGOS SOCIAIS","MES",4840]
["05.105.0114-0","MAO-DE-OBRA DE SERVENTE,INCLUSIVE ENCARGOS SOCIAIS","MES",3748.8,null,"05.105.0114-A","MAO-DE-OBRA DE SERVENTE,INCLUSIVE ENCARGOS SOCIAIS","MES",3497.12]
["05.105.0115-0","MAO-DE-OBRA DE AJUDANTE,INCLUSIVE ENCARGOS SOCIAIS","MES",3748.8,null,"05.105.0115-A","MAO-DE-OBRA DE AJUDANTE,INCLUSIVE ENCARGOS SOCIAIS","MES",3497.12]
["05.105.0116-0","MAO-DE-OBRA DE SOLDADOR,INCLUSIVE ENCARGOS SOCIAIS","MES",5582.72,null,"05.105.0116-A","MAO-DE-OBRA DE SOLDADOR,INCLUSIVE ENCARGOS SOCIAIS","MES",5211.3599999999997]
["05.105.0117-0","MAO-DE-OBRA DE ARMADOR,INCLUSIVE ENCARGOS SOCIAIS","MES",5186.72,null,"05.105.0117-A","MAO-DE-OBRA DE ARMADOR,INCLUSIVE ENCARGOS SOCIAIS","MES",4840]
["05.105.0118-0","MAO-DE-OBRA DE MARTELETEIRO,INCLUSIVE ENCARGOS SOCIAIS","MES",5186.72,null,"05.105.0118-A","MAO-DE-OBRA DE MARTELETEIRO,INCLUSIVE ENCARGOS SOCIAIS","MES",4840]
["05.105.0119-0","MAO-DE-OBRA DE JARDINEIRO,INCLUSIVE ENCARGOS SOCIAIS","MES",5014.24,null,"05.105.0119-A","MAO-DE-OBRA DE JARDINEIRO,INCLUSIVE ENCARGOS SOCIAIS","MES",4679.84]
["05.105.0120-0","MAO-DE-OBRA DE OPERADOR DE MAQUINAS,INCLUSIVE ENCARGOS SOCIAIS","MES",5823.84,null,"05.105.0120-A","MAO-DE-OBRA DE OPERADOR DE MAQUINAS,INCLUSIVE ENCARGOS SOCIAIS","MES",5434.88]
["05.105.0121-0","MAO-DE-OBRA DE APONTADOR,INCLUSIVE ENCARGOS SOCIAIS","MES",6135.36,null,"05.105.0121-A","MAO-DE-OBRA DE APONTADOR,INCLUSIVE ENCARGOS SOCIAIS","MES",5725.28]
["05.105.0122-0","MAO-DE-OBRA DE ALMOXARIFE,INCLUSIVE ENCARGOS SOCIAIS","MES",6135.36,null,"05.105.0122-A","MAO-DE-OBRA DE ALMOXARIFE,INCLUSIVE ENCARGOS SOCIAIS","MES",5725.28]
["05.105.0123-0","MAO-DE-OBRA DE AUXILIAR DE ALMOXARIFE,INCLUSIVE ENCARGOS SOCIAIS","MES",3949.44,null,"05.105.0123-A","MAO-DE-OBRA DE AUXILIAR DE ALMOXARIFE,INCLUSIVE ENCARGOS SOCIAIS","MES",3687.2]
["05.105.0124-0","MAO-DE-OBRA DE ESTAGIARIO,INCLUSIVE ENCARGOS SOCIAIS","MES",1953.6,null,"05.105.0124-A","MAO-DE-OBRA DE ESTAGIARIO,INCLUSIVE ENCARGOS SOCIAIS","MES",1822.8]
["05.105.0125-0","MAO-DE-OBRA DE AUXILIAR TECNICO,INCLUSIVE ENCARGOS SOCIAIS","MES",3949.44,null,"05.105.0125-A","MAO-DE-OBRA DE AUXILIAR TECNICO,INCLUSIVE ENCARGOS SOCIAIS","MES",3687.2]
["05.105.0126-0","MAO-DE-OBRA DE FEITOR (ENCARREGADO DE TURMA),INCLUSIVE ENCARGOS SOCIAIS","MES",7164.96,null,"05.105.0126-A","MAO-DE-OBRA DE FEITOR (ENCARREGADO DE TURMA),INCLUSIVE ENCARGOS SOCIAIS","MES",6688]
["05.105.0127-0","MAO-DE-OBRA DE ENCARREGADO DE OBRA,INCLUSIVE ENCARGOS SOCIAIS","MES",8631.0400000000009,null,"05.105.0127-A","MAO-DE-OBRA DE ENCARREGADO DE OBRA,INCLUSIVE ENCARGOS SOCIAIS","MES",8055.52]
["05.105.0128-0","MAO-DE-OBRA DE MESTRE DE OBRA \"A\",INCLUSIVE ENCARGOS SOCIAIS","MES",11850.08,null,"05.105.0128-A","MAO-DE-OBRA DE MESTRE DE OBRA \"A\",INCLUSIVE ENCARGOS SOCIAIS","MES",11059.84]
["05.105.0129-0","MAO-DE-OBRA DE MESTRE DE OBRA \"B\",INCLUSIVE ENCARGOS SOCIAIS","MES",8631.0400000000009,null,"05.105.0129-A","MAO-DE-OBRA DE MESTRE DE OBRA \"B\",INCLUSIVE ENCARGOS SOCIAIS","MES",8055.52]
["05.105.0131-0","MAO-DE-OBRA DE ENGENHEIRO OU ARQUITETO SENIOR,INCLUSIVE ENCARGOS SOCIAIS","MES",48700.959999999999,null,"05.105.0131-A","MAO-DE-OBRA DE ENGENHEIRO OU ARQUITETO SENIOR,INCLUSIVE ENCARGOS SOCIAIS","MES",45452]
["05.105.0136-0","MAO-DE-OBRA DE SECRETARIA,INCLUSIVE ENCARGOS SOCIAIS","MES",6135.36,null,"05.105.0136-A","MAO-DE-OBRA DE SECRETARIA,INCLUSIVE ENCARGOS SOCIAIS","MES",5725.28]
["05.105.0141-0","MAO-DE-OBRA DE VIDRACEIRO,INCLUSIVE ENCARGOS SOCIAIS","MES",5186.72,null,"05.105.0141-A","MAO-DE-OBRA DE VIDRACEIRO,INCLUSIVE ENCARGOS SOCIAIS","MES",4840]
["05.105.0144-0","MAO-DE-OBRA DE TECNICO DE EDIFICACOES,INCLUSIVE ENCARGOS SOCIAIS","MES",8631.0400000000009,null,"05.105.0144-A","MAO-DE-OBRA DE TECNICO DE EDIFICACOES,INCLUSIVE ENCARGOS SOCIAIS","MES",8055.52]
["05.105.0148-0","MAO-DE-OBRA DE MOTORISTA,INCLUSIVE ENCARGOS SOCIAIS","MES",5186.72,null,"05.105.0148-A","MAO-DE-OBRA DE MOTORISTA,INCLUSIVE ENCARGOS SOCIAIS","MES",4840]
["05.105.0153-0","MAO-DE-OBRA DE MONTADOR ELETROMECANICO,INCLUSIVE ENCARGOS SOCIAIS","MES",5213.12,null,"05.105.0153-A","MAO-DE-OBRA DE MONTADOR ELETROMECANICO,INCLUSIVE ENCARGOS SOCIAIS","MES",4866.3999999999996]
["05.105.0158-0","MAO-DE-OBRA DE MUSEOLOGO RESTAURADOR,INCLUSIVE ENCARGOS SOCIAIS","MES",11850.08,null,"05.105.0158-A","MAO-DE-OBRA DE MUSEOLOGO RESTAURADOR,INCLUSIVE ENCARGOS SOCIAIS","MES",11059.84]
["05.105.0165-0","MAO-DE-OBRA DE ENGENHEIRO DE SEGURANCA DO TRABALHO,INCLUSIVEENCARGOS SOCIAIS","MES",24349.599999999999,null,"05.105.0165-A","MAO-DE-OBRA DE ENGENHEIRO DE SEGURANCA DO TRABALHO,INCLUSIVEENCARGOS SOCIAIS","MES",22725.119999999999]
["05.105.0179-0","MAO-DE-OBRA DE TECNICO DE MEDICAO DE OBRAS,INCLUSIVE ENCARGOS SOCIAIS","MES",8631.0400000000009,null,"05.105.0179-A","MAO-DE-OBRA DE TECNICO DE MEDICAO DE OBRAS,INCLUSIVE ENCARGOS SOCIAIS","MES",8055.52]
["05.105.0195-0","MAO-DE-OBRA DE COPEIRO,INCLUSIVE ENCARGOS SOCIAIS","MES",3748.8,null,"05.105.0195-A","MAO-DE-OBRA DE COPEIRO,INCLUSIVE ENCARGOS SOCIAIS","MES",3497.12]
["05.105.0203-0","SERVICO DE VIGILANCIA COM VIGIA DE OBRA 24H/DIA,PARA 4 POSTOS","MES",74069.05,null,"05.105.0203-A","SERVICO DE VIGILANCIA COM VIGIA DE OBRA 24H/DIA,PARA 4 POSTOS","MES",69150.92]
["05.105.0204-0","SERVICO DE VIGILANCIA COM VIGIA DE OBRA,PARA 1 POSTO,CONSIDERANDO APENAS O CUSTO APOS A JORNADA NORMAL DE TRABALHO.O CUSTO INCLUI VIGILANCIA AOS SABADOS,DOMINGOS E FERIADOS","MES",14349.7,null,"05.105.0204-A","SERVICO DE VIGILANCIA COM VIGIA DE OBRA,PARA 1 POSTO,CONSIDERANDO APENAS O CUSTO APOS A JORNADA NORMAL DE TRABALHO.O CUSTO INCLUI VIGILANCIA AOS SABADOS,DOMINGOS E FERIADOS","MES",13396.89]
["05.105.9999-0","INDICE DE SALARIO DA CONSTRUCAO CIVIL",null,11612,null,"05.105.9999-A","INDICE DE SALARIO DA CONSTRUCAO CIVIL",null,10835]
["05.205.0017-0","SERVICO DE VIGILANCIA ARMADA OU DESARMADA,PARA 3 POSTOS,CONSIDERANDO APENAS O CUSTO APOS A JORNADA NORMAL DE TRABALHO.O CUSTO INCLUI VIGILANCIA AOS SABADOS,DOMINGOS E FERIADOS","MES",50933.78,null,"05.205.0017-A","SERVICO DE VIGILANCIA ARMADA OU DESARMADA,PARA 3 POSTOS,CONSIDERANDO APENAS O CUSTO APOS A JORNADA NORMAL DE TRABALHO.O CUSTO INCLUI VIGILANCIA AOS SABADOS,DOMINGOS E FERIADOS","MES",47538.19]
["06.001.0023-0","ASSENTAMENTO DE TUBOS DE CONCRETO SIMPLES,EXCLUSIVE FORNECIMENTO DESTES,PARA COLETOR DE AGUAS PLUVIAIS,COM DIAMETRO DE 400MM,ATERRO E SOCA ATE A ALTURA DA GERATRIZ SUPERIOR DO TUBO,CONSIDERANDO O MATERIAL DA PROPRIA ESCAVACAO,INCLUSIVE FORNECIMENTO DO MATERIAL PARA REJUNTAMENTO COM ARGAMASSA DE CIMENTO AREIA,NO TRACO 1:4 E ACERTO DE FUNDO DE VALA","M",75.72,null,"06.001.0023-A","ASSENTAMENTO DE TUBOS DE CONCRETO SIMPLES,EXCLUSIVE FORNECIMENTO DESTES,PARA COLETOR DE AGUAS PLUVIAIS,COM DIAMETRO DE 400MM,ATERRO E SOCA ATE A ALTURA DA GERATRIZ SUPERIOR DO TUBO,CONSIDERANDO O MATERIAL DA PROPRIA ESCAVACAO,INCLUSIVE FORNECIMENTO DO MATERIAL PARA REJUNTAMENTO COM ARGAMASSA DE CIMENTO AREIA,NO TRACO 1:4 E ACERTO DE FUNDO DE VALA","M",71.05]
["06.001.0025-0","ASSENTAMENTO DE TUBOS DE CONCRETO SIMPLES,EXCLUSIVE FORNECIMENTO DESTES,PARA COLETOR DE AGUAS PLUVIAIS,COM DIAMETRO DE 600MM,ATERRO E SOCA ATE A ALTURA DA GERATRIZ SUPERIOR DO TUBO,CONSIDERANDO O MATERIAL DA PROPRIA ESCAVACAO,INCLUSIVE FORNECIMENTO DO MATERIAL PARA REJUNTAMENTO COM ARGAMASSA DE CIMENTO E AREIA,NO TRACO 1:4 E ACERTO DE FUNDO DE VALA","M",114.49,null,"06.001.0025-A","ASSENTAMENTO DE TUBOS DE CONCRETO SIMPLES,EXCLUSIVE FORNECIMENTO DESTES,PARA COLETOR DE AGUAS PLUVIAIS,COM DIAMETRO DE 600MM,ATERRO E SOCA ATE A ALTURA DA GERATRIZ SUPERIOR DO TUBO,CONSIDERANDO O MATERIAL DA PROPRIA ESCAVACAO,INCLUSIVE FORNECIMENTO DO MATERIAL PARA REJUNTAMENTO COM ARGAMASSA DE CIMENTO E AREIA,NO TRACO 1:4 E ACERTO DE FUNDO DE VALA","M",107.61]
["06.001.0034-0","ASSENTAMENTO DE TUBOS DE CONCRETO ARMADO,EXCLUSIVE FORN.DESTES,PARA COLETOR DE AGUAS PLUVIAIS,COM DIAMETRO DE 700MM,ATERRO E SOCA ATE A ALTURA DA GERATRIZ SUPERIOR DO TUBO,CONSIDERANDO O MATERIAL DA PROPRIA ESCAVACAO,INCLUSIVE FORNECIMENTODO MATERIAL PARA REJUNTAMENTO COM ARGAMASSA DE CIMENTO E AREIA,NO TRACO 1:4 E ACERTO DE FUNDO DE VALA","M",145.99,null,"06.001.0034-A","ASSENTAMENTO DE TUBOS DE CONCRETO ARMADO,EXCLUSIVE FORN.DESTES,PARA COLETOR DE AGUAS PLUVIAIS,COM DIAMETRO DE 700MM,ATERRO E SOCA ATE A ALTURA DA GERATRIZ SUPERIOR DO TUBO,CONSIDERANDO O MATERIAL DA PROPRIA ESCAVACAO,INCLUSIVE FORNECIMENTODO MATERIAL PARA REJUNTAMENTO COM ARGAMASSA DE CIMENTO E AREIA,NO TRACO 1:4 E ACERTO DE FUNDO DE VALA","M",137.26]
["06.001.0039-0","ASSENTAMENTO DE TUBOS DE CONCRETO ARMADO,EXCLUSIVE FORN.DESTES,PARA COLETOR DE AGUAS PLUVIAIS,COM DIAMETRO DE 1200MM,ATERRO E SOCA ATE A ALTURA DA GERATRIZ SUPERIOR DO TUBO,CONSIDERANDO O MATERIAL DA PROPRIA ESCAVACAO,INCLUSIVE FORNECIMENTODO MATERIAL PARA REJUNTAMENTO COM ARGAMASSA DE CIMENTO E AREIA,NO TRACO 1:4 E ACERTO DE FUNDO DE VALA","M",461.64,null,"06.001.0039-A","ASSENTAMENTO DE TUBOS DE CONCRETO ARMADO,EXCLUSIVE FORN.DESTES,PARA COLETOR DE AGUAS PLUVIAIS,COM DIAMETRO DE 1200MM,ATERRO E SOCA ATE A ALTURA DA GERATRIZ SUPERIOR DO TUBO,CONSIDERANDO O MATERIAL DA PROPRIA ESCAVACAO,INCLUSIVE FORNECIMENTODO MATERIAL PARA REJUNTAMENTO COM ARGAMASSA DE CIMENTO E AREIA,NO TRACO 1:4 E ACERTO DE FUNDO DE VALA","M",444.23]
["06.001.0059-0","ASSENTAMENTO DE TUBOS DE CONCRETO ARMADO COM JUNTAS DE ANELDE BORRACHA,EXCLUSIVE FORNECIMENTO DESTES(TUBOS E JUNTAS),PARA GALERIAS DE ESGOTO SANITARIO,COM O DIAMETRO DE 300MM,ATERRO E SOCA ATE A ALTURA DA GERATRIZ SUPERIOR DO TUBO,CONSIDERANDO O MATERIAL DA PROPRIA ESCAVACAO,INCLUSIVE ACERTO DE FUNDO DE VALA","M",38.58,null,"06.001.0059-A","ASSENTAMENTO DE TUBOS DE CONCRETO ARMADO COM JUNTAS DE ANELDE BORRACHA,EXCLUSIVE FORNECIMENTO DESTES(TUBOS E JUNTAS),PARA GALERIAS DE ESGOTO SANITARIO,COM O DIAMETRO DE 300MM,ATERRO E SOCA ATE A ALTURA DA GERATRIZ SUPERIOR DO TUBO,CONSIDERANDO O MATERIAL DA PROPRIA ESCAVACAO,INCLUSIVE ACERTO DE FUNDO DE VALA","M",36.35]
["06.001.0062-0","ASSENTAMENTO DE TUBOS DE CONCRETO ARMADO COM JUNTAS DE ANELDE BORRACHA,EXCLUSIVE FORNECIMENTO DESTES(TUBOS E JUNTAS),PARA GALERIAS DE ESGOTO SANITARIO,COM DIAMETRO DE 600MM,ATERROE SOCA ATE A ALTURA DA GERATRIZ SUPERIOR DO TUBO,CONSIDERANDO O MATERIAL DA PROPRIA ESCAVACAO,INCLUSIVE ACERTO DE FUNDODE VALA","M",86.8,null,"06.001.0062-A","ASSENTAMENTO DE TUBOS DE CONCRETO ARMADO COM JUNTAS DE ANELDE BORRACHA,EXCLUSIVE FORNECIMENTO DESTES(TUBOS E JUNTAS),PARA GALERIAS DE ESGOTO SANITARIO,COM DIAMETRO DE 600MM,ATERROE SOCA ATE A ALTURA DA GERATRIZ SUPERIOR DO TUBO,CONSIDERANDO O MATERIAL DA PROPRIA ESCAVACAO,INCLUSIVE ACERTO DE FUNDODE VALA","M",81.66]
["06.001.0067-0","ASSENTAMENTO DE TUBOS DE CONCRETO ARMADO COM JUNTAS DE ANELDE BORRACHA,EXCLUSIVE FORNECIMENTO DESTES(TUBOS E JUNTAS),PARA GALERIAS DE ESGOTO SANITARIO,COM DIAMETRO DE 1100MM,ATERRO E SOCA ATE A ALTURA DA GERATRIZ SUPERIOR DO TUBO,CONSIDERANDO O MATERIAL DA PROPRIA ESCAVACAO,INCLUSIVE ACERTO DE FUNDO DE VALA","M",327.63,null,"06.001.0067-A","ASSENTAMENTO DE TUBOS DE CONCRETO ARMADO COM JUNTAS DE ANELDE BORRACHA,EXCLUSIVE FORNECIMENTO DESTES(TUBOS E JUNTAS),PARA GALERIAS DE ESGOTO SANITARIO,COM DIAMETRO DE 1100MM,ATERRO E SOCA ATE A ALTURA DA GERATRIZ SUPERIOR DO TUBO,CONSIDERANDO O MATERIAL DA PROPRIA ESCAVACAO,INCLUSIVE ACERTO DE FUNDO DE VALA","M",317.20999999999998]
["06.001.0082-0","ASSENTAMENTO DE TUBOS DE CIMENTO SEM AMIANTO COM JUNTAS DE ANEL DE BORRACHA,EXCLUSIVE FORNECIMENTO DESTES (TUBOS E JUNTAS),TIPO ESGOTO,COM DIAMETRO DE 150MM,ATERRO E SOCA ATE A ALTURA DA GERATRIZ SUPERIOR DO TUBO,CONSIDERANDO O MATERIAL DAPROPRIA ESCAVACAO,INCLUSIVE ACERTO DE FUNDO DE VALA","M",8.0500000000000007,null,"06.001.0082-A","ASSENTAMENTO DE TUBOS DE CIMENTO SEM AMIANTO COM JUNTAS DE ANEL DE BORRACHA,EXCLUSIVE FORNECIMENTO DESTES (TUBOS E JUNTAS),TIPO ESGOTO,COM DIAMETRO DE 150MM,ATERRO E SOCA ATE A ALTURA DA GERATRIZ SUPERIOR DO TUBO,CONSIDERANDO O MATERIAL DAPROPRIA ESCAVACAO,INCLUSIVE ACERTO DE FUNDO DE VALA","M",7.51]
["06.001.0101-0","ASSENTAMENTO DE TUBOS DE CERAMICA,EXCLUSIVE O FORNECIMENTO DESTES,COM DIAMETRO DE 100MM,ATERRO E SOCA ATE A ALTURA DA GERATRIZ SUPERIOR DO TUBO,CONSIDERANDO O MATERIAL DA PROPRIA ESCAVACAO,INCLUSIVE FORNECIMENTO DO MATERIAL PARA REJUNTAMENTO COM ARGAMASSA DE CIMENTO E AREIA,NO TRACO 1:4 E ACERTO DEFUNDO DE VALA","M",30.36,null,"06.001.0101-A","ASSENTAMENTO DE TUBOS DE CERAMICA,EXCLUSIVE O FORNECIMENTO DESTES,COM DIAMETRO DE 100MM,ATERRO E SOCA ATE A ALTURA DA GERATRIZ SUPERIOR DO TUBO,CONSIDERANDO O MATERIAL DA PROPRIA ESCAVACAO,INCLUSIVE FORNECIMENTO DO MATERIAL PARA REJUNTAMENTO COM ARGAMASSA DE CIMENTO E AREIA,NO TRACO 1:4 E ACERTO DEFUNDO DE VALA","M",28.38]
["06.001.0102-0","ASSENTAMENTO DE TUBOS DE CERAMICA,EXCLUSIVE O FORNECIMENTO DESTES,COM DIAMETRO DE 150MM,ATERRO E SOCA ATE A ALTURA DA GERATRIZ SUPERIOR DO TUBO,CONSIDERANDO O MATERIAL DA PROPRIA ESCAVACAO,INCLUSIVE FORNECIMENTO DO MATERIAL PARA REJUNTAMENTO COM ARGAMASSA DE CIMENTO E AREIA,NO TRACO 1:4 E ACERTO DEFUNDO DE VALA","M",36.35,null,"06.001.0102-A","ASSENTAMENTO DE TUBOS DE CERAMICA,EXCLUSIVE O FORNECIMENTO DESTES,COM DIAMETRO DE 150MM,ATERRO E SOCA ATE A ALTURA DA GERATRIZ SUPERIOR DO TUBO,CONSIDERANDO O MATERIAL DA PROPRIA ESCAVACAO,INCLUSIVE FORNECIMENTO DO MATERIAL PARA REJUNTAMENTO COM ARGAMASSA DE CIMENTO E AREIA,NO TRACO 1:4 E ACERTO DEFUNDO DE VALA","M",33.97]
["06.001.0110-0","ASSENTAMENTO DE TUBOS DE CERAMICA VIDRADA,ATERRO E SOCA ATEA ALTURA DA GERATRIZ SUPERIOR DO TUBO,CONSIDERANDO O MATERIAL DA PROPRIA ESCAVACAO,COM JUNTA ELASTICA,NO DIAMETRO DE 100MM,EXCLUSIVE O TUBO E ANEL DE BORRACHA,INCLUSIVE ACERTO DE FUNDO DE VALA","M",20.09,null,"06.001.0110-A","ASSENTAMENTO DE TUBOS DE CERAMICA VIDRADA,ATERRO E SOCA ATEA ALTURA DA GERATRIZ SUPERIOR DO TUBO,CONSIDERANDO O MATERIAL DA PROPRIA ESCAVACAO,COM JUNTA ELASTICA,NO DIAMETRO DE 100MM,EXCLUSIVE O TUBO E ANEL DE BORRACHA,INCLUSIVE ACERTO DE FUNDO DE VALA","M",18.739999999999998]
["06.001.0153-0","LEVANTAMENTO,LIMPEZA E REASSENTAMENTO DE TUBO DE CERAMICA,COM JUNTA ARGAMASSADA,DIAMETRO DE 200MM","M",75.400000000000006,null,"06.001.0153-A","LEVANTAMENTO,LIMPEZA E REASSENTAMENTO DE TUBO DE CERAMICA,COM JUNTA ARGAMASSADA,DIAMETRO DE 200MM","M",70.42]
["06.001.0165-0","LEVANTAMENTO,LIMPEZA E REASSENTAMENTO DE CURVA CERAMICA,COMJUNTA ARGAMASSADA,DIAMETRO DE 250MM","UN",47.45,null,"06.001.0165-A","LEVANTAMENTO,LIMPEZA E REASSENTAMENTO DE CURVA CERAMICA,COMJUNTA ARGAMASSADA,DIAMETRO DE 250MM","UN",44.32]
["06.001.0171-0","LEVANTAMENTO,LIMPEZA E REASSENTAMENTO DE JUNCAO CERAMICA,COMJUNTA ARGAMASSADA,DIAMETRO DE 100MM","UN",54.07,null,"06.001.0171-A","LEVANTAMENTO,LIMPEZA E REASSENTAMENTO DE JUNCAO CERAMICA,COMJUNTA ARGAMASSADA,DIAMETRO DE 100MM","UN",50.53]
["06.001.0183-0","ASSENTAMENTO DE TUBO FLEXIVEL,EXCLUSIVE FORNECIMENTO DESTE,PARA AGUAS PLUVIAIS,ATERRO E SOCA ATE A ALTURA DA GERATRIZ SUPERIOR DO TUBO,CONSIDERANDO O MATERIAL DA PROPRIA ESCAVACAO,DIAMETRO DE 400MM","M",21.28,null,"06.001.0183-A","ASSENTAMENTO DE TUBO FLEXIVEL,EXCLUSIVE FORNECIMENTO DESTE,PARA AGUAS PLUVIAIS,ATERRO E SOCA ATE A ALTURA DA GERATRIZ SUPERIOR DO TUBO,CONSIDERANDO O MATERIAL DA PROPRIA ESCAVACAO,DIAMETRO DE 400MM","M",19.850000000000001]
["06.001.0189-0","ASSENTAMENTO DE TUBO FLEXIVEL,EXCLUSIVE FORNECIMENTO DESTE,PARA AGUAS PLUVIAIS,ATERRO E SOCA ATE A ALTURA DA GERATRIZ SUPERIOR DO TUBO,CONSIDERANDO O MATERIAL DA PROPRIA ESCAVACAO,DIAMETRO DE 900MM","M",57.15,null,"06.001.0189-A","ASSENTAMENTO DE TUBO FLEXIVEL,EXCLUSIVE FORNECIMENTO DESTE,PARA AGUAS PLUVIAIS,ATERRO E SOCA ATE A ALTURA DA GERATRIZ SUPERIOR DO TUBO,CONSIDERANDO O MATERIAL DA PROPRIA ESCAVACAO,DIAMETRO DE 900MM","M",53.33]
["06.001.0195-0","ASSENTAMENTO DE TUBO FLEXIVEL,EXCLUSIVE FORNECIMENTO DESTE,PARA AGUAS PLUVIAIS,ATERRO E SOCA ATE A ALTURA DA GERATRIZ SUPERIOR DO TUBO,CONSIDERANDO O MATERIAL DA PROPRIA ESCAVACAO,DIAMETRO DE 1500MM","M",135.11000000000001,null,"06.001.0195-A","ASSENTAMENTO DE TUBO FLEXIVEL,EXCLUSIVE FORNECIMENTO DESTE,PARA AGUAS PLUVIAIS,ATERRO E SOCA ATE A ALTURA DA GERATRIZ SUPERIOR DO TUBO,CONSIDERANDO O MATERIAL DA PROPRIA ESCAVACAO,DIAMETRO DE 1500MM","M",126.07]
["06.001.0205-0","ASSENTAMENTO DE TUBO FLEXIVEL,EXCLUSIVE FORNECIMENTO DESTE,PARA AGUAS PLUVIAIS,ATERRO E SOCA ATE A ALTURA DA GERATRIZ SUPERIOR DO TUBO,CONSIDERANDO O MATERIAL DA PROPRIA ESCAVACAO,DIAMETRO DE 2500MM","M",299,null,"06.001.0205-A","ASSENTAMENTO DE TUBO FLEXIVEL,EXCLUSIVE FORNECIMENTO DESTE,PARA AGUAS PLUVIAIS,ATERRO E SOCA ATE A ALTURA DA GERATRIZ SUPERIOR DO TUBO,CONSIDERANDO O MATERIAL DA PROPRIA ESCAVACAO,DIAMETRO DE 2500MM","M",278.99]
["06.001.0245-0","ASSENTAMENTO DE TUBULACAO DE PVC COM JUNTA ELASTICA,PARA COLETOR DE ESGOTOS,COM DIAMETRO NOMINAL DE 250MM,ATERRO E SOCAATE A ALTURA DA GERATRIZ SUPERIOR DO TUBO,CONSIDERANDO O MATERIAL DA PROPRIA ESCAVACAO,EXCLUSIVE TUBO E JUNTA","M",21.44,null,"06.001.0245-A","ASSENTAMENTO DE TUBULACAO DE PVC COM JUNTA ELASTICA,PARA COLETOR DE ESGOTOS,COM DIAMETRO NOMINAL DE 250MM,ATERRO E SOCAATE A ALTURA DA GERATRIZ SUPERIOR DO TUBO,CONSIDERANDO O MATERIAL DA PROPRIA ESCAVACAO,EXCLUSIVE TUBO E JUNTA","M",20]
["06.001.0251-0","ASSENTAMENTO DE TUBULACAO DE PVC RIGIDO,COM JUNTA ELASTICA,COM DIAMETRO NOMINAL DE 75MM,COMPREENDENDO CARGA E DESCARGA,ACERTO DE FUNDO DE VALA,COLOCACAO NA VALA,MONTAGEM E REATERROATE A GERATRIZ SUPERIOR DO TUBO CONSIDERANDO O MATERIAL DAPROPRIA ESCAVACAO E TESTE HIDROSTATICO,EXCLUSIVE TUBO E JUNTA ELASTICA","M",6.13,null,"06.001.0251-A","ASSENTAMENTO DE TUBULACAO DE PVC RIGIDO,COM JUNTA ELASTICA,COM DIAMETRO NOMINAL DE 75MM,COMPREENDENDO CARGA E DESCARGA,ACERTO DE FUNDO DE VALA,COLOCACAO NA VALA,MONTAGEM E REATERROATE A GERATRIZ SUPERIOR DO TUBO CONSIDERANDO O MATERIAL DAPROPRIA ESCAVACAO E TESTE HIDROSTATICO,EXCLUSIVE TUBO E JUNTA ELASTICA","M",5.74]
["06.001.0257-0","ASSENTAMENTO DE TUBULACAO DE PVC RIGIDO,COM JUNTA ELASTICA,COM DIAMETRO NOMINAL DE 300MM,COMPREENDENDO CARGA E DESCARGA,ACERTO DE FUNDO DE VALA,COLOCACAO NA VALA,MONTAGEM E REATERRO ATE A GERATRIZ SUPERIOR DO TUBO CONSIDERANDO O MATERIAL DAPROPRIA ESCAVACAO E TESTE HIDROSTATICO,EXCLUSIVE TUBO E JUNTA ELASTICA","M",27.5,null,"06.001.0257-A","ASSENTAMENTO DE TUBULACAO DE PVC RIGIDO,COM JUNTA ELASTICA,COM DIAMETRO NOMINAL DE 300MM,COMPREENDENDO CARGA E DESCARGA,ACERTO DE FUNDO DE VALA,COLOCACAO NA VALA,MONTAGEM E REATERRO ATE A GERATRIZ SUPERIOR DO TUBO CONSIDERANDO O MATERIAL DAPROPRIA ESCAVACAO E TESTE HIDROSTATICO,EXCLUSIVE TUBO E JUNTA ELASTICA","M",25.77]
["06.001.0259-0","ASSENTAMENTO DE TUBULACAO DE PVC RIGIDO,COM JUNTA ELASTICA,COM DIAMETRO NOMINAL DE 500MM,COMPREENDENDO CARGA E DESCARGA,ACERTO DE FUNDO DE VALA,COLOCACAO NA VALA,MONTAGEM E REATERRO ATE A GERATRIZ SUPERIOR DO TUBO CONSIDERANDO O MATERIAL DAPROPRIA ESCAVACAO E TESTE HIDROSTATICO,EXCLUSIVE TUBO E JUNTA ELASTICA","M",45.53,null,"06.001.0259-A","ASSENTAMENTO DE TUBULACAO DE PVC RIGIDO,COM JUNTA ELASTICA,COM DIAMETRO NOMINAL DE 500MM,COMPREENDENDO CARGA E DESCARGA,ACERTO DE FUNDO DE VALA,COLOCACAO NA VALA,MONTAGEM E REATERRO ATE A GERATRIZ SUPERIOR DO TUBO CONSIDERANDO O MATERIAL DAPROPRIA ESCAVACAO E TESTE HIDROSTATICO,EXCLUSIVE TUBO E JUNTA ELASTICA","M",42.71]
["06.001.0264-0","ASSENTAMENTO DE PECAS E ACESSORIOS DE PVC RIGIDO,COM JUNTA ELASTICA,COM DIAMETRO NOMINAL DE 200MM,EXCLUSIVE PECAS E JUNTAS ELASTICAS.CUSTO POR BOLSA","UN",25.1,null,"06.001.0264-A","ASSENTAMENTO DE PECAS E ACESSORIOS DE PVC RIGIDO,COM JUNTA ELASTICA,COM DIAMETRO NOMINAL DE 200MM,EXCLUSIVE PECAS E JUNTAS ELASTICAS.CUSTO POR BOLSA","UN",23.41]
["06.001.0267-0","ASSENTAMENTO DE PECAS E ACESSORIOS DE PVC RIGIDO,COM JUNTA ELASTICA,COM DIAMETRO NOMINAL DE 350MM,EXCLUSIVE PECAS E JUNTAS ELASTICAS.CUSTO POR BOLSA","UN",37.65,null,"06.001.0267-A","ASSENTAMENTO DE PECAS E ACESSORIOS DE PVC RIGIDO,COM JUNTA ELASTICA,COM DIAMETRO NOMINAL DE 350MM,EXCLUSIVE PECAS E JUNTAS ELASTICAS.CUSTO POR BOLSA","UN",35.119999999999997]
["06.001.0275-0","ASSENTAMENTO DE TUBO DE PVC ROSQUEAVEL,EXCLUSIVE FORNECIMENTO DESTE,INCLUSIVE MONTAGEM DAS CONEXOES E MATERIAIS PARA VEDACAO,DIAMETRO DE 3\"","M",4.4400000000000004,null,"06.001.0275-A","ASSENTAMENTO DE TUBO DE PVC ROSQUEAVEL,EXCLUSIVE FORNECIMENTO DESTE,INCLUSIVE MONTAGEM DAS CONEXOES E MATERIAIS PARA VEDACAO,DIAMETRO DE 3\"","M",4.1399999999999997]
["06.001.0276-0","ASSENTAMENTO DE TUBO DE PVC ROSQUEAVEL,EXCLUSIVE FORNECIMENTO DESTE,INCLUSIVE MONTAGEM DAS CONEXOES E MATERIAIS PARA VEDACAO,DIAMETRO DE 4\"","M",5.69,null,"06.001.0276-A","ASSENTAMENTO DE TUBO DE PVC ROSQUEAVEL,EXCLUSIVE FORNECIMENTO DESTE,INCLUSIVE MONTAGEM DAS CONEXOES E MATERIAIS PARA VEDACAO,DIAMETRO DE 4\"","M",5.31]
["06.001.0307-0","MONTAGEM DE ADUFA DE PAREDE COM FLANGE,DIAMETRO DE 200MM,EXCLUSIVE FORNECIMENTO DE PARAFUSOS DE FIXACAO","UN",72.61,null,"06.001.0307-A","MONTAGEM DE ADUFA DE PAREDE COM FLANGE,DIAMETRO DE 200MM,EXCLUSIVE FORNECIMENTO DE PARAFUSOS DE FIXACAO","UN",68.819999999999993]
["06.001.0313-0","MONTAGEM DE ADUFA DE FUNDO COM FLANGE,DIAMETRO DE 150MM,EXCLUSIVE FORNECIMENTO DOS PARAFUSOS DE FIXACAO","UN",72.61,null,"06.001.0313-A","MONTAGEM DE ADUFA DE FUNDO COM FLANGE,DIAMETRO DE 150MM,EXCLUSIVE FORNECIMENTO DOS PARAFUSOS DE FIXACAO","UN",68.819999999999993]
["06.001.0318-0","MONTAGEM DE 1 MANCAL INTERMEDIARIO E 1 HASTE DE PROLONGAMENTO EM PEDESTAIS DE COMANDO OU MANOBRA","UN",13.17,null,"06.001.0318-A","MONTAGEM DE 1 MANCAL INTERMEDIARIO E 1 HASTE DE PROLONGAMENTO EM PEDESTAIS DE COMANDO OU MANOBRA","UN",12.35]
["06.001.0325-0","ASSENTAMENTO DE TAMPAO DE FºFº,TIPO CIRCULAR,COM DIAMETRO ACIMA DE 0,60M E ATE 1,00M,ASSENTADO COM ARGASSA DE CIMENTO EAREIA,NO TRACO 1:4 EM VOLUME,EXCLUSIVE TAMPAO","UN",295.8,null,"06.001.0325-A","ASSENTAMENTO DE TAMPAO DE FºFº,TIPO CIRCULAR,COM DIAMETRO ACIMA DE 0,60M E ATE 1,00M,ASSENTADO COM ARGASSA DE CIMENTO EAREIA,NO TRACO 1:4 EM VOLUME,EXCLUSIVE TAMPAO","UN",276.27999999999997]
["06.001.0330-0","ASSENTAMENTO DE TAMPAO DE FºFº,DE QUATRO SECOES,COM LARGURAMINIMA DE 2,00M,ASSENTADO COM ARGAMASSA DE CIMENTO E AREIA,NO TRACO 1:4 EM VOLUME,EXCLUSIVE TAMPAO","UN",321.33999999999997,null,"06.001.0330-A","ASSENTAMENTO DE TAMPAO DE FºFº,DE QUATRO SECOES,COM LARGURAMINIMA DE 2,00M,ASSENTADO COM ARGAMASSA DE CIMENTO E AREIA,NO TRACO 1:4 EM VOLUME,EXCLUSIVE TAMPAO","UN",300.25]
["06.001.0501-0","ASSENTAMENTO DE TUBULACAO DE FERRO FUNDIDO,COM JUNTA ELASTICA,PARA SISTEMAS DE ESCOAMENTO FORCADO DE AGUA OU ESGOTO,COMPREENDENDO CARGA E DESCARGA,ACERTO DE FUNDO DE VALA,COLOCACAONA VALA,MONTAGEM E REATERRO ATE A GERATRIZ SUPERIOR DO TUBOCONSIDERANDO O MATERIAL DA PROPRIA ESCAVACAO E TESTE HIDROSTATICO,EXCL.FORN.TUBO E JUNTA ELAST.,C/DIAMETR.DE 75 OU 80MM","M",9.01,null,"06.001.0501-A","ASSENTAMENTO DE TUBULACAO DE FERRO FUNDIDO,COM JUNTA ELASTICA,PARA SISTEMAS DE ESCOAMENTO FORCADO DE AGUA OU ESGOTO,COMPREENDENDO CARGA E DESCARGA,ACERTO DE FUNDO DE VALA,COLOCACAONA VALA,MONTAGEM E REATERRO ATE A GERATRIZ SUPERIOR DO TUBOCONSIDERANDO O MATERIAL DA PROPRIA ESCAVACAO E TESTE HIDROSTATICO,EXCL.FORN.TUBO E JUNTA ELAST.,C/DIAMETR.DE 75 OU 80MM","M",8.4499999999999993]
["06.001.0506-0","ASSENTAMENTO DE TUBULACAO DE FERRO FUNDIDO,COM JUNTA ELASTICA,PARA SISTEMAS DE ESCOAMENTO FORCADO DE AGUA OU ESGOTO,COMPREENDENDO CARGA E DESCARGA,ACERTO DE FUNDO DE VALA,COLOCACAONA VALA,MONTAGEM E REATERRO ATE A GERATRIZ SUPERIOR DO TUBOCONSIDERANDO O MATERIAL DA PROPRIA ESCAVACAO E TESTE HIDROSTATICO,EXCL.FORN.TUBO E JUNTA ELASTICA,COM DIAMETRO DE 300MM","M",46.46,null,"06.001.0506-A","ASSENTAMENTO DE TUBULACAO DE FERRO FUNDIDO,COM JUNTA ELASTICA,PARA SISTEMAS DE ESCOAMENTO FORCADO DE AGUA OU ESGOTO,COMPREENDENDO CARGA E DESCARGA,ACERTO DE FUNDO DE VALA,COLOCACAONA VALA,MONTAGEM E REATERRO ATE A GERATRIZ SUPERIOR DO TUBOCONSIDERANDO O MATERIAL DA PROPRIA ESCAVACAO E TESTE HIDROSTATICO,EXCL.FORN.TUBO E JUNTA ELASTICA,COM DIAMETRO DE 300MM","M",43.84]
["06.001.0508-0","ASSENTAMENTO DE TUBULACAO DE FERRO FUNDIDO,COM JUNTA ELASTICA,PARA SISTEMAS DE ESCOAMENTO FORCADO DE AGUA OU ESGOTO,COMPREENDENDO CARGA E DESCARGA,ACERTO DE FUNDO DE VALA,COLOCACAONA VALA,MONTAGEM E REATERRO ATE A GERATRIZ SUPERIOR DO TUBOCONSIDERANDO O MATERIAL DA PROPRIA ESCAVACAO E TESTE HIDROSTATICO,EXCL.FORN.TUBO E JUNTA ELASTICA,COM DIAMETRO DE 400MM","M",62.88,null,"06.001.0508-A","ASSENTAMENTO DE TUBULACAO DE FERRO FUNDIDO,COM JUNTA ELASTICA,PARA SISTEMAS DE ESCOAMENTO FORCADO DE AGUA OU ESGOTO,COMPREENDENDO CARGA E DESCARGA,ACERTO DE FUNDO DE VALA,COLOCACAONA VALA,MONTAGEM E REATERRO ATE A GERATRIZ SUPERIOR DO TUBOCONSIDERANDO O MATERIAL DA PROPRIA ESCAVACAO E TESTE HIDROSTATICO,EXCL.FORN.TUBO E JUNTA ELASTICA,COM DIAMETRO DE 400MM","M",59.34]
["06.001.0513-0","ASSENTAMENTO DE TUBULACAO DE FERRO FUNDIDO,COM JUNTA ELASTICA,PARA SISTEMAS DE ESCOAMENTO FORCADO DE AGUA OU ESGOTO,COMPREENDENDO CARGA E DESCARGA,ACERTO DE FUNDO DE VALA,COLOCACAONA VALA,MONTAGEM E REATERRO ATE A GERATRIZ SUPERIOR DO TUBOCONSIDERANDO O MATERIAL DA PROPRIA ESCAVACAO E TESTE HIDROSTATICO,EXCL.FORN.TUBO E JUNTA ELASTICA,COM DIAMETRO DE 800MM","M",198.92,null,"06.001.0513-A","ASSENTAMENTO DE TUBULACAO DE FERRO FUNDIDO,COM JUNTA ELASTICA,PARA SISTEMAS DE ESCOAMENTO FORCADO DE AGUA OU ESGOTO,COMPREENDENDO CARGA E DESCARGA,ACERTO DE FUNDO DE VALA,COLOCACAONA VALA,MONTAGEM E REATERRO ATE A GERATRIZ SUPERIOR DO TUBOCONSIDERANDO O MATERIAL DA PROPRIA ESCAVACAO E TESTE HIDROSTATICO,EXCL.FORN.TUBO E JUNTA ELASTICA,COM DIAMETRO DE 800MM","M",191.45]
["06.001.0553-0","ASSENTAMENTO DE TUBULACAO DE FERRO FUNDIDO,COM JUNTA ELASTICA,INSTALACAO AEREA,PARA SISTEMAS DE ESCOAMENTO FORCADO DE AGUA OU ESGOTO,COMPREENDENDO CARGA E DESCARGA,MONTAGEM SOBRE APOIOS EXISTENTES E TESTE HIDROSTATICO,EXCLUSIVE FORNECIMENTODO TUBO E JUNTA ELASTICA,COM DIAMETRO DE 150MM","M",15.04,null,"06.001.0553-A","ASSENTAMENTO DE TUBULACAO DE FERRO FUNDIDO,COM JUNTA ELASTICA,INSTALACAO AEREA,PARA SISTEMAS DE ESCOAMENTO FORCADO DE AGUA OU ESGOTO,COMPREENDENDO CARGA E DESCARGA,MONTAGEM SOBRE APOIOS EXISTENTES E TESTE HIDROSTATICO,EXCLUSIVE FORNECIMENTODO TUBO E JUNTA ELASTICA,COM DIAMETRO DE 150MM","M",14.11]
["06.001.0557-0","ASSENTAMENTO DE TUBULACAO DE FERRO FUNDIDO,COM JUNTA ELASTICA,INSTALACAO AEREA,PARA SISTEMAS DE ESCOAMENTO FORCADO DE AGUA OU ESGOTO,COMPREENDENDO CARGA E DESCARGA,MONTAGEM SOBRE APOIOS EXISTENTES E TESTE HIDROSTATICO,EXCLUSIVE FORNECIMENTODO TUBO E JUNTA ELASTICA,COM DIAMETRO DE 350MM","M",41.42,null,"06.001.0557-A","ASSENTAMENTO DE TUBULACAO DE FERRO FUNDIDO,COM JUNTA ELASTICA,INSTALACAO AEREA,PARA SISTEMAS DE ESCOAMENTO FORCADO DE AGUA OU ESGOTO,COMPREENDENDO CARGA E DESCARGA,MONTAGEM SOBRE APOIOS EXISTENTES E TESTE HIDROSTATICO,EXCLUSIVE FORNECIMENTODO TUBO E JUNTA ELASTICA,COM DIAMETRO DE 350MM","M",39.229999999999997]
["06.001.0558-0","ASSENTAMENTO DE TUBULACAO DE FERRO FUNDIDO,COM JUNTA ELASTICA,INSTALACAO AEREA,PARA SISTEMAS DE ESCOAMENTO FORCADO DE AGUA OU ESGOTO,COMPREENDENDO CARGA E DESCARGA,MONTAGEM SOBRE APOIOS EXISTENTES E TESTE HIDROSTATICO,EXCLUSIVE FORNECIMENTODO TUBO E JUNTA ELASTICA,COM DIAMETRO DE 400MM","M",47.73,null,"06.001.0558-A","ASSENTAMENTO DE TUBULACAO DE FERRO FUNDIDO,COM JUNTA ELASTICA,INSTALACAO AEREA,PARA SISTEMAS DE ESCOAMENTO FORCADO DE AGUA OU ESGOTO,COMPREENDENDO CARGA E DESCARGA,MONTAGEM SOBRE APOIOS EXISTENTES E TESTE HIDROSTATICO,EXCLUSIVE FORNECIMENTODO TUBO E JUNTA ELASTICA,COM DIAMETRO DE 400MM","M",45.21]
["06.001.0562-0","ASSENTAMENTO DE TUBULACAO DE FERRO FUNDIDO,COM JUNTA ELASTICA,INSTALACAO AEREA,PARA SISTEMAS DE ESCOAMENTO FORCADO DE AGUA OU ESGOTO,COMPREENDENDO CARGA E DESCARGA,MONTAGEM SOBRE APOIOS EXISTENTES E TESTE HIDROSTATICO,EXCLUSIVE FORNECIMENTODO TUBO E JUNTA ELASTICA,COM DIAMETRO DE 700MM","M",139.82,null,"06.001.0562-A","ASSENTAMENTO DE TUBULACAO DE FERRO FUNDIDO,COM JUNTA ELASTICA,INSTALACAO AEREA,PARA SISTEMAS DE ESCOAMENTO FORCADO DE AGUA OU ESGOTO,COMPREENDENDO CARGA E DESCARGA,MONTAGEM SOBRE APOIOS EXISTENTES E TESTE HIDROSTATICO,EXCLUSIVE FORNECIMENTODO TUBO E JUNTA ELASTICA,COM DIAMETRO DE 700MM","M",135.33000000000001]
["06.001.0632-0","ASSENTAMENTO DE TUBO DE FºFº,COM JUNTA ELASTICA,PARA SISTEMAS DE ESCOAMENTO LIVRE DE AGUA OU ESGOTOS,COMPREENDENDO CARGAE DESCARGA,ACERTO DE FUNDO DE VALA,COLOCACAO NA VALA,MONTAGEM E REATERRO ATE A GERATRIZ SUPERIOR DO TUBO CONSIDERANDO OMATERIAL DA PROPRIA ESCAVACAO,EXCLUSIVE FORNECIMENTO DO TUBOE JUNTA ELASTICA,COM DIAMETRO DE 200MM","M",31.49,null,"06.001.0632-A","ASSENTAMENTO DE TUBO DE FºFº,COM JUNTA ELASTICA,PARA SISTEMAS DE ESCOAMENTO LIVRE DE AGUA OU ESGOTOS,COMPREENDENDO CARGAE DESCARGA,ACERTO DE FUNDO DE VALA,COLOCACAO NA VALA,MONTAGEM E REATERRO ATE A GERATRIZ SUPERIOR DO TUBO CONSIDERANDO OMATERIAL DA PROPRIA ESCAVACAO,EXCLUSIVE FORNECIMENTO DO TUBOE JUNTA ELASTICA,COM DIAMETRO DE 200MM","M",29.45]
["06.001.0652-0","ASSENTAMENTO DE CONEXOES DE FºFº,COM JUNTA ELASTICA,COM DIAMETRO DE 100MM,EXCLUSIVE CONEXOES E JUNTAS ELASTICAS.CUSTO POR JUNTA","UN",20.91,null,"06.001.0652-A","ASSENTAMENTO DE CONEXOES DE FºFº,COM JUNTA ELASTICA,COM DIAMETRO DE 100MM,EXCLUSIVE CONEXOES E JUNTAS ELASTICAS.CUSTO POR JUNTA","UN",19.510000000000002]
["06.001.0655-0","ASSENTAMENTO DE CONEXOES DE FºFº,COM JUNTA ELASTICA,COM DIAMETRO DE 250MM,EXCLUSIVE CONEXOES E JUNTAS ELASTICAS.CUSTO POR JUNTA","UN",36.6,null,"06.001.0655-A","ASSENTAMENTO DE CONEXOES DE FºFº,COM JUNTA ELASTICA,COM DIAMETRO DE 250MM,EXCLUSIVE CONEXOES E JUNTAS ELASTICAS.CUSTO POR JUNTA","UN",34.15]
["06.001.0659-0","ASSENTAMENTO DE CONEXOES DE FºFº,COM JUNTA ELASTICA,COM DIAMETRO DE 450MM,EXCLUSIVE CONEXOES E JUNTAS ELASTICAS.CUSTO POR JUNTA","UN",57.52,null,"06.001.0659-A","ASSENTAMENTO DE CONEXOES DE FºFº,COM JUNTA ELASTICA,COM DIAMETRO DE 450MM,EXCLUSIVE CONEXOES E JUNTAS ELASTICAS.CUSTO POR JUNTA","UN",53.67]
["06.001.0664-0","ASSENTAMENTO DE CONEXOES DE FERRO FUNDIDO,COM JUNTA ELASTICA,COM DIAMETRO DE 900MM,EXCLUSIVE CONEXOES E JUNTAS ELASTICAS.CUSTO POR JUNTA","UN",83.66,null,"06.001.0664-A","ASSENTAMENTO DE CONEXOES DE FERRO FUNDIDO,COM JUNTA ELASTICA,COM DIAMETRO DE 900MM,EXCLUSIVE CONEXOES E JUNTAS ELASTICAS.CUSTO POR JUNTA","UN",78.06]
["06.001.0672-0","ASSENTAMENTO SEM FORNECIMENTO DE CONEXOES E REGISTROS DE FERRO FUNDIDO,COM JUNTAS MECANICAS OU FLANGEADAS,EXCLUSIVE MATERIAIS DAS JUNTAS,COM DIAMETRO DE 100MM.CUSTO POR JUNTA","UN",50.72,null,"06.001.0672-A","ASSENTAMENTO SEM FORNECIMENTO DE CONEXOES E REGISTROS DE FERRO FUNDIDO,COM JUNTAS MECANICAS OU FLANGEADAS,EXCLUSIVE MATERIAIS DAS JUNTAS,COM DIAMETRO DE 100MM.CUSTO POR JUNTA","UN",47.32]
["06.001.0674-0","ASSENTAMENTO SEM FORNECIMENTO DE CONEXOES E REGISTROS DE FERRO FUNDIDO,COM JUNTAS MECANICAS OU FLANGEADAS,EXCLUSIVE MATERIAIS DAS JUNTAS,COM DIAMETRO DE 200MM.CUSTO POR JUNTA","UN",97.78,null,"06.001.0674-A","ASSENTAMENTO SEM FORNECIMENTO DE CONEXOES E REGISTROS DE FERRO FUNDIDO,COM JUNTAS MECANICAS OU FLANGEADAS,EXCLUSIVE MATERIAIS DAS JUNTAS,COM DIAMETRO DE 200MM.CUSTO POR JUNTA","UN",91.23]
["06.001.0679-0","ASSENTAMENTO SEM FORNECIMENTO DE CONEXOES E REGISTROS DE FERRO FUNDIDO,COM JUNTAS MECANICAS OU FLANGEADAS,EXCLUSIVE MATERIAIS DAS JUNTAS,COM DIAMETRO DE 450MM.CUSTO POR JUNTA","UN",196.09,null,"06.001.0679-A","ASSENTAMENTO SEM FORNECIMENTO DE CONEXOES E REGISTROS DE FERRO FUNDIDO,COM JUNTAS MECANICAS OU FLANGEADAS,EXCLUSIVE MATERIAIS DAS JUNTAS,COM DIAMETRO DE 450MM.CUSTO POR JUNTA","UN",182.96]
["06.001.0686-0","ASSENTAMENTO SEM FORNECIMENTO DE CONEXOES E REGISTROS DE FERRO FUNDIDO,COM JUNTAS MECANICAS OU FLANGEADAS,EXCLUSIVE MATERIAIS DAS JUNTAS,COM DIAMETRO DE 1200MM.CUSTO POR JUNTA","UN",327.87,null,"06.001.0686-A","ASSENTAMENTO SEM FORNECIMENTO DE CONEXOES E REGISTROS DE FERRO FUNDIDO,COM JUNTAS MECANICAS OU FLANGEADAS,EXCLUSIVE MATERIAIS DAS JUNTAS,COM DIAMETRO DE 1200MM.CUSTO POR JUNTA","UN",305.92]
["06.001.0715-0","MONTAGEM SEM FORNECIMENTO DE LUVA TRIPARTIDA DE FERRO DUCTILPARA DN ATE 100MM","UN",24.9,null,"06.001.0715-A","MONTAGEM SEM FORNECIMENTO DE LUVA TRIPARTIDA DE FERRO DUCTILPARA DN ATE 100MM","UN",23.23]
["06.001.0716-0","MONTAGEM SEM FORNECIMENTO DE LUVA TRIPARTIDA DE FERRO DUCTILPARA DN ACIMA DE 100MM ATE 250MM","UN",30.8,null,"06.001.0716-A","MONTAGEM SEM FORNECIMENTO DE LUVA TRIPARTIDA DE FERRO DUCTILPARA DN ACIMA DE 100MM ATE 250MM","UN",28.74]
["06.001.0720-0","MONTAGEM DE JUNTA DE DESMONTAGEM,EXCLUSIVE A PECA,COM DIAMETRO DE 100MM.CUSTO POR PECA","UN",90.9,null,"06.001.0720-A","MONTAGEM DE JUNTA DE DESMONTAGEM,EXCLUSIVE A PECA,COM DIAMETRO DE 100MM.CUSTO POR PECA","UN",86.03]
["06.001.0727-0","MONTAGEM DE JUNTA DE DESMONTAGEM,EXCLUSIVE A PECA,COM DIAMETRO DE 450MM.CUSTO POR PECA","UN",470.81,null,"06.001.0727-A","MONTAGEM DE JUNTA DE DESMONTAGEM,EXCLUSIVE A PECA,COM DIAMETRO DE 450MM.CUSTO POR PECA","UN",458.29]
["06.001.0732-0","MONTAGEM DE JUNTA DE DESMONTAGEM,EXCLUSIVE A PECA,COM DIAMETRO DE 900MM.CUSTO POR PECA","UN",709.43,null,"06.001.0732-A","MONTAGEM DE JUNTA DE DESMONTAGEM,EXCLUSIVE A PECA,COM DIAMETRO DE 900MM.CUSTO POR PECA","UN",686.59]
["06.001.0733-0","MONTAGEM DE JUNTA DE DESMONTAGEM,EXCLUSIVE A PECA,COM DIAMETRO DE 1000MM.CUSTO POR PECA","UN",775.36,null,"06.001.0733-A","MONTAGEM DE JUNTA DE DESMONTAGEM,EXCLUSIVE A PECA,COM DIAMETRO DE 1000MM.CUSTO POR PECA","UN",750.72]
["06.001.0751-0","MONTAGEM DE JUNTA DRESSER SEM ANCORAGENS (HARNESS),EXCLUSIVEA PECA,COM DIAMETRO DE 200MM.CUSTO POR PECA","UN",38.44,null,"06.001.0751-A","MONTAGEM DE JUNTA DRESSER SEM ANCORAGENS (HARNESS),EXCLUSIVEA PECA,COM DIAMETRO DE 200MM.CUSTO POR PECA","UN",35.869999999999997]
["06.001.0757-0","MONTAGEM DE JUNTA DRESSER SEM ANCORAGENS (HARNESS),EXCLUSIVEA PECA,COM DIAMETRO DE 500MM.CUSTO POR PECA","UN",60.98,null,"06.001.0757-A","MONTAGEM DE JUNTA DRESSER SEM ANCORAGENS (HARNESS),EXCLUSIVEA PECA,COM DIAMETRO DE 500MM.CUSTO POR PECA","UN",56.9]
["06.001.0762-0","MONTAGEM DE JUNTA DRESSER SEM ANCORAGENS (HARNESS),EXCLUSIVEA PECA,COM DIAMETRO DE 1000MM.CUSTO POR PECA","UN",247.01,null,"06.001.0762-A","MONTAGEM DE JUNTA DRESSER SEM ANCORAGENS (HARNESS),EXCLUSIVEA PECA,COM DIAMETRO DE 1000MM.CUSTO POR PECA","UN",240.97]
["06.001.0766-0","MONTAGEM DE JUNTA DRESSER SEM ANCORAGENS (HARNESS),EXCLUSIVEA PECA,COM DIAMETRO DE 2000MM.CUSTO POR PECA","UN",286.45,null,"06.001.0766-A","MONTAGEM DE JUNTA DRESSER SEM ANCORAGENS (HARNESS),EXCLUSIVEA PECA,COM DIAMETRO DE 2000MM.CUSTO POR PECA","UN",278.20999999999998]
["06.001.0771-0","ASSENTAMENTO DE TUBOS DE POLIETILENO,COM DE ACIMA DE 40 A 75MM,INCLUSIVE TESTE HIDROSTATICO,EXCLUSIVE SOLDA DAS JUNTAS EFORNECIMENTO DE TUBOS E DE CONEXOES","M",35.06,null,"06.001.0771-A","ASSENTAMENTO DE TUBOS DE POLIETILENO,COM DE ACIMA DE 40 A 75MM,INCLUSIVE TESTE HIDROSTATICO,EXCLUSIVE SOLDA DAS JUNTAS EFORNECIMENTO DE TUBOS E DE CONEXOES","M",33.14]
["06.001.0776-0","ASSENTAMENTO DE TUBOS DE POLIETILENO,COM DE ACIMA DE 280MM A355MM,INCLUSIVE TESTE HIDROSTATICO,EXCLUSIVE SOLDA DAS JUNTAS E FORNECIMENTO DE TUBOS E DE CONEXOES","M",40.29,null,"06.001.0776-A","ASSENTAMENTO DE TUBOS DE POLIETILENO,COM DE ACIMA DE 280MM A355MM,INCLUSIVE TESTE HIDROSTATICO,EXCLUSIVE SOLDA DAS JUNTAS E FORNECIMENTO DE TUBOS E DE CONEXOES","M",38.1]
["06.002.0010-0","TUBO DE CONCRETO ARMADO,CLASSE EA-2,CONFORME ABNT NBR 8890,COM JUNTA ELASTICA,PARA ESGOTO SANITARIO,COM DIAMETRO DE 400MM,INCLUSIVE CARGA E DESCARGA,ACERTO DE FUNDO DE VALA,COLOCACAO,ATERRO E SOCA ATE A ALTURA DA GERATRIZ SUPERIOR DO TUBO,CONSIDERANDO O MATERIAL DA PROPRIA ESCAVACAO E FORNECIMENTO DO ANEL DE BORRACHA.FORNECIMENTO E ASSENTAMENTO","M",390.44,null,"06.002.0010-A","TUBO DE CONCRETO ARMADO,CLASSE EA-2,CONFORME ABNT NBR 8890,COM JUNTA ELASTICA,PARA ESGOTO SANITARIO,COM DIAMETRO DE 400MM,INCLUSIVE CARGA E DESCARGA,ACERTO DE FUNDO DE VALA,COLOCACAO,ATERRO E SOCA ATE A ALTURA DA GERATRIZ SUPERIOR DO TUBO,CONSIDERANDO O MATERIAL DA PROPRIA ESCAVACAO E FORNECIMENTO DO ANEL DE BORRACHA.FORNECIMENTO E ASSENTAMENTO","M",386.23]
["06.002.0011-0","TUBO DE CONCRETO ARMADO,CLASSE EA-2,CONFORME ABNT NBR 8890,COM JUNTA ELASTICA,PARA ESGOTO SANITARIO,COM DIAMETRO DE 500MM,INCLUSIVE CARGA E DESCARGA,ACERTO DE FUNDO DE VALA,COLOCACAO,ATERRO E SOCA ATE A ALTURA DE GERATRIZ SUPERIOR DO TUBO,CONSIDERANDO O MATERIAL DA PROPRIA ESCAVACAO E FORNECIMENTO DO ANEL DE BORRACHA.FORNECIMENTO E ASSENTAMENTO","M",540.1,null,"06.002.0011-A","TUBO DE CONCRETO ARMADO,CLASSE EA-2,CONFORME ABNT NBR 8890,COM JUNTA ELASTICA,PARA ESGOTO SANITARIO,COM DIAMETRO DE 500MM,INCLUSIVE CARGA E DESCARGA,ACERTO DE FUNDO DE VALA,COLOCACAO,ATERRO E SOCA ATE A ALTURA DE GERATRIZ SUPERIOR DO TUBO,CONSIDERANDO O MATERIAL DA PROPRIA ESCAVACAO E FORNECIMENTO DO ANEL DE BORRACHA.FORNECIMENTO E ASSENTAMENTO","M",535.82000000000005]
["06.002.0016-0","TUBO DE CONCRETO ARMADO,CLASSE EA-2,CONFORME ABNT NBR 8890,COM JUNTA ELASTICA,PARA ESGOTO SANITARIO,COM DIAMETRO DE 1000MM,INCLUSIVE CARGA E DESCARGA,ACERTO DE FUNDO DE VALA,COLOCACAO,ATERRO E SOCA ATE A ALTURA DA GERATRIZ SUPERIOR DO TUBO,CONSIDERANDO O MATERIAL DA PROPRIA ESCAVACAO E FORNECIMENTODO ANEL DE BORRACHA.FORNECIMENTO E ASSENTAMENTO","M",1613.04,null,"06.002.0016-A","TUBO DE CONCRETO ARMADO,CLASSE EA-2,CONFORME ABNT NBR 8890,COM JUNTA ELASTICA,PARA ESGOTO SANITARIO,COM DIAMETRO DE 1000MM,INCLUSIVE CARGA E DESCARGA,ACERTO DE FUNDO DE VALA,COLOCACAO,ATERRO E SOCA ATE A ALTURA DA GERATRIZ SUPERIOR DO TUBO,CONSIDERANDO O MATERIAL DA PROPRIA ESCAVACAO E FORNECIMENTODO ANEL DE BORRACHA.FORNECIMENTO E ASSENTAMENTO","M",1603.39]
["06.002.0041-0","TUBO DE CONCRETO ARMADO,CLASSE EA-3,CONFORME ABNT NBR 8890,COM JUNTA ELASTICA,PARA ESGOTO SANITARIO,COM DIAMETRO DE 400MM,INCLUSIVE CARGA E DESCARGA,ACERTO DE FUNDO DE VALA,COLOCACAO,ATERRO E SOCA ATE A ALTURA DA GERATRIZ SUPERIOR DO TUBO,CONSIDERANDO O MATERIAL DA PROPRIA ESCAVACAO E FORNECIMENTO DO ANEL DE BORRACHA.FORNECIMENTO E ASSENTAMENTO","M",406.13,null,"06.002.0041-A","TUBO DE CONCRETO ARMADO,CLASSE EA-3,CONFORME ABNT NBR 8890,COM JUNTA ELASTICA,PARA ESGOTO SANITARIO,COM DIAMETRO DE 400MM,INCLUSIVE CARGA E DESCARGA,ACERTO DE FUNDO DE VALA,COLOCACAO,ATERRO E SOCA ATE A ALTURA DA GERATRIZ SUPERIOR DO TUBO,CONSIDERANDO O MATERIAL DA PROPRIA ESCAVACAO E FORNECIMENTO DO ANEL DE BORRACHA.FORNECIMENTO E ASSENTAMENTO","M",403.01]
["06.002.0050-0","TUBO DE CONCRETO ARMADO,CLASSE EA-3,CONFORME ABNT NBR 8890,COM JUNTA ELASTICA,PARA ESGOTO SANITARIO,COM DIAMETRO DE 1500MM,INCLUSIVE CARGA E DESCARGA,ACERTO DE FUNDO DE VALA,COLOCACAO,ATERRO E SOCA ATE A ALTURA DA GERATRIZ SUPERIOR DO TUBO,CONSIDERANDO O MATERIAL DA PROPRIA ESCAVACAO E FORNECIMENTODO ANEL DE BORRACHA.FORNECIMENTO E ASSENTAMENTO","M",3655.14,null,"06.002.0050-A","TUBO DE CONCRETO ARMADO,CLASSE EA-3,CONFORME ABNT NBR 8890,COM JUNTA ELASTICA,PARA ESGOTO SANITARIO,COM DIAMETRO DE 1500MM,INCLUSIVE CARGA E DESCARGA,ACERTO DE FUNDO DE VALA,COLOCACAO,ATERRO E SOCA ATE A ALTURA DA GERATRIZ SUPERIOR DO TUBO,CONSIDERANDO O MATERIAL DA PROPRIA ESCAVACAO E FORNECIMENTODO ANEL DE BORRACHA.FORNECIMENTO E ASSENTAMENTO","M",3640.32]
["06.002.0061-0","TUBO DE CONCRETO ARMADO,CLASSE EA-4,CONFORME ABNT NBR 8890,COM JUNTA ELASTICA,PARA ESGOTO SANITARIO,COM DIAMETRO DE 400MM,INCLUSIVE CARGA E DESCARGA,ACERTO DE FUNDO DE VALA,COLOCACAO,ATERRO E SOCA ATE A ALTURA DA GERATRIZ SUPERIOR DO TUBO,CONSIDERANDO O MATERIAL DA PROPRIA ESCAVACAO E FORNECIMENTO DO ANEL DE BORRACHA.FORNECIMENTO E ASSENTAMENTO","M",442.18,null,"06.002.0061-A","TUBO DE CONCRETO ARMADO,CLASSE EA-4,CONFORME ABNT NBR 8890,COM JUNTA ELASTICA,PARA ESGOTO SANITARIO,COM DIAMETRO DE 400MM,INCLUSIVE CARGA E DESCARGA,ACERTO DE FUNDO DE VALA,COLOCACAO,ATERRO E SOCA ATE A ALTURA DA GERATRIZ SUPERIOR DO TUBO,CONSIDERANDO O MATERIAL DA PROPRIA ESCAVACAO E FORNECIMENTO DO ANEL DE BORRACHA.FORNECIMENTO E ASSENTAMENTO","M",439.06]
["06.002.0066-0","TUBO DE CONCRETO ARMADO,CLASSE EA-4,CONFORME ABNT NBR 8890,COM JUNTA ELASTICA,PARA ESGOTO SANITARIO,COM DIAMETRO DE 900MM,INCLUSIVE CARGA E DESCARGA,ACERTO DE FUNDO DE VALA,COLOCACAO,ATERRO E SOCA ATE A ALTURA DA GERATRIZ SUPERIOR DO TUBO,CONSIDERANDO O MATERIAL DA PROPRIA ESCAVACAO E FORNECIMENTO DO ANEL DE BORRACHA.FORNECIMENTO E ASSENTAMENTO","M",1513.62,null,"06.002.0066-A","TUBO DE CONCRETO ARMADO,CLASSE EA-4,CONFORME ABNT NBR 8890,COM JUNTA ELASTICA,PARA ESGOTO SANITARIO,COM DIAMETRO DE 900MM,INCLUSIVE CARGA E DESCARGA,ACERTO DE FUNDO DE VALA,COLOCACAO,ATERRO E SOCA ATE A ALTURA DA GERATRIZ SUPERIOR DO TUBO,CONSIDERANDO O MATERIAL DA PROPRIA ESCAVACAO E FORNECIMENTO DO ANEL DE BORRACHA.FORNECIMENTO E ASSENTAMENTO","M",1504.97]
["06.003.0012-0","CALHA DE MEIO-TUBO CIRCULAR DE CONCRETO VIBRADO,DIAMETRO INTERNO DE 500MM,INCLUSIVE ACERTO DE FUNDO DE VALA.FORNECIMENTOE ASSENTAMENTO","M",170.03,null,"06.003.0012-A","CALHA DE MEIO-TUBO CIRCULAR DE CONCRETO VIBRADO,DIAMETRO INTERNO DE 500MM,INCLUSIVE ACERTO DE FUNDO DE VALA.FORNECIMENTOE ASSENTAMENTO","M",164.84]
["06.003.0053-0","TUBO DE CONCRETO SIMPLES,CLASSE PS-1,CONFORME ABNT NBR 8890,PARA COLETOR DE AGUAS PLUVIAIS,COM DIAMETRO DE 300MM,ATERROE SOCA ATE A ALTURA DE GERATRIZ SUPERIOR DO TUBO,CONSIDERANDO O MATERIAL DA PROPRIA ESCAVACAO,INCLUSIVE FORNECIMENTO DOMATERIAL P/REJUNTAMENTO COM ARGAMASSA DE CIMENTO E AREIA,NOTRACO 1:4 E ACERTO DE FUNDO DE VALA.FORNECIMENTO E ASSENT.","M",161.38999999999999,null,"06.003.0053-A","TUBO DE CONCRETO SIMPLES,CLASSE PS-1,CONFORME ABNT NBR 8890,PARA COLETOR DE AGUAS PLUVIAIS,COM DIAMETRO DE 300MM,ATERROE SOCA ATE A ALTURA DE GERATRIZ SUPERIOR DO TUBO,CONSIDERANDO O MATERIAL DA PROPRIA ESCAVACAO,INCLUSIVE FORNECIMENTO DOMATERIAL P/REJUNTAMENTO COM ARGAMASSA DE CIMENTO E AREIA,NOTRACO 1:4 E ACERTO DE FUNDO DE VALA.FORNECIMENTO E ASSENT.","M",157.87]
["06.003.0058-0","TUBO DE CONCRETO SIMPLES,CLASSE PS-1,CONFORME ABNT NBR 8890,PARA COLETOR DE AGUAS PLUVIAIS,COM DIAMETRO DE 600MM,ATERROE SOCA ATE A ALTURA DA GERATRIZ SUPERIOR DO TUBO,CONSIDERANDO O MATERIAL DA PROPRIA ESCAVACAO,INCLUSIVE FORNECIMENTO DOMATERIAL P/REJUNTAMENTO COM ARGAMASSA DE CIMENTO E AREIA,NOTRACO 1:4 E ACERTO DE FUNDO DE VALA.FORNECIMENTO E ASSENT.","M",409.07,null,"06.003.0058-A","TUBO DE CONCRETO SIMPLES,CLASSE PS-1,CONFORME ABNT NBR 8890,PARA COLETOR DE AGUAS PLUVIAIS,COM DIAMETRO DE 600MM,ATERROE SOCA ATE A ALTURA DA GERATRIZ SUPERIOR DO TUBO,CONSIDERANDO O MATERIAL DA PROPRIA ESCAVACAO,INCLUSIVE FORNECIMENTO DOMATERIAL P/REJUNTAMENTO COM ARGAMASSA DE CIMENTO E AREIA,NOTRACO 1:4 E ACERTO DE FUNDO DE VALA.FORNECIMENTO E ASSENT.","M",402.19]
["06.003.0066-0","TUBO DE CONCRETO SIMPLES,CLASSE PS-2,CONFORME ABNT NBR 8890,PARA COLETOR DE AGUAS PLUVIAIS,COM DIAMETRO DE 500MM,ATERROE SOCA ATE A ALTURA DA GERATRIZ SUPERIOR DO TUBO,CONSIDERANDO O MATERIAL DA PROPRIA ESCAVACAO,INCLUSIVE FORNECIMENTO DOMATERIAL P/REJUNTAMENTO COM ARGAMASSA DE CIMENTO E AREIA,NOTRACO 1:4 E ACERTO DE FUNDO DE VALA.FORNECIMENTO E ASSENT.","M",367.04,null,"06.003.0066-A","TUBO DE CONCRETO SIMPLES,CLASSE PS-2,CONFORME ABNT NBR 8890,PARA COLETOR DE AGUAS PLUVIAIS,COM DIAMETRO DE 500MM,ATERROE SOCA ATE A ALTURA DA GERATRIZ SUPERIOR DO TUBO,CONSIDERANDO O MATERIAL DA PROPRIA ESCAVACAO,INCLUSIVE FORNECIMENTO DOMATERIAL P/REJUNTAMENTO COM ARGAMASSA DE CIMENTO E AREIA,NOTRACO 1:4 E ACERTO DE FUNDO DE VALA.FORNECIMENTO E ASSENT.","M",361.19]
["06.004.0066-0","TUBO DE CONCRETO ARMADO,CLASSE PA-1,CONFORME ABNT NBR 8890,PARA GALERIAS DE AGUAS PLUVIAIS,COM DIAMETRO DE 600MM,ATERROE SOCA ATE A ALTURA DA GERATRIZ SUPERIOR DO TUBO,CONSIDERANDO O MATERIAL DA PROPRIA ESCAVACAO,INCLUSIVE FORNECIMENTO DOMATERIAL P/REJUNTAMENTO COM ARGAMASSA DE CIMENTO E AREIA,NOTRACO 1:4 E ACERTO DE FUNDO DE VALA.FORNECIMENTO E ASSENT.","M",404.49,null,"06.004.0066-A","TUBO DE CONCRETO ARMADO,CLASSE PA-1,CONFORME ABNT NBR 8890,PARA GALERIAS DE AGUAS PLUVIAIS,COM DIAMETRO DE 600MM,ATERROE SOCA ATE A ALTURA DA GERATRIZ SUPERIOR DO TUBO,CONSIDERANDO O MATERIAL DA PROPRIA ESCAVACAO,INCLUSIVE FORNECIMENTO DOMATERIAL P/REJUNTAMENTO COM ARGAMASSA DE CIMENTO E AREIA,NOTRACO 1:4 E ACERTO DE FUNDO DE VALA.FORNECIMENTO E ASSENT.","M",397.61]
["06.004.0076-0","TUBO DE CONCRETO ARMADO,CLASSE PA-1,CONFORME ABNT NBR 8890,PARA GALERIAS DE AGUAS PLUVIAIS,COM DIAMETRO DE 1100MM,ATERROE SOCA ATE A ALTURA DA GERATRIZ SUPERIOR DO TUBO,CONSIDERANDO O MATERIAL DA PROPRIA ESCAVACAO,INCLUSIVE FORNECIMENTO DOMATERIAL P/REJUNTAMENTO COM ARGAMASSA DE CIMENTO E AREIA,NOTRACO 1:4 E ACERTO DE FUNDO DE VALA.FORNECIMENTO E ASSENT.","M",1256.04,null,"06.004.0076-A","TUBO DE CONCRETO ARMADO,CLASSE PA-1,CONFORME ABNT NBR 8890,PARA GALERIAS DE AGUAS PLUVIAIS,COM DIAMETRO DE 1100MM,ATERROE SOCA ATE A ALTURA DA GERATRIZ SUPERIOR DO TUBO,CONSIDERANDO O MATERIAL DA PROPRIA ESCAVACAO,INCLUSIVE FORNECIMENTO DOMATERIAL P/REJUNTAMENTO COM ARGAMASSA DE CIMENTO E AREIA,NOTRACO 1:4 E ACERTO DE FUNDO DE VALA.FORNECIMENTO E ASSENT.","M",1240.8399999999999]
["06.004.0080-0","TUBO DE CONCRETO ARMADO,CLASSE PA-1,CONFORME ABNT NBR 8890,PARA GALERIAS DE AGUAS PLUVIAIS,COM DIAMETRO DE 1500MM,ATERROE SOCA ATE A ALTURA DA GERATRIZ SUPERIOR DO TUBO,CONSIDERANDO O MATERIAL DA PROPRIA ESCAVACAO,INCLUSIVE FORNECIMENTO DOMATERIAL P/REJUNTAMENTO COM ARGAMASSA DE CIMENTO E AREIA,NOTRACO 1:4 E ACERTO DE FUNDO DE VALA.FORNECIMENTO E ASSENT.","M",2735.14,null,"06.004.0080-A","TUBO DE CONCRETO ARMADO,CLASSE PA-1,CONFORME ABNT NBR 8890,PARA GALERIAS DE AGUAS PLUVIAIS,COM DIAMETRO DE 1500MM,ATERROE SOCA ATE A ALTURA DA GERATRIZ SUPERIOR DO TUBO,CONSIDERANDO O MATERIAL DA PROPRIA ESCAVACAO,INCLUSIVE FORNECIMENTO DOMATERIAL P/REJUNTAMENTO COM ARGAMASSA DE CIMENTO E AREIA,NOTRACO 1:4 E ACERTO DE FUNDO DE VALA.FORNECIMENTO E ASSENT.","M",2713.56]
["06.004.0096-0","TUBO DE CONCRETO ARMADO,CLASSE PA-2,CONFORME ABNT NBR 8890,PARA GALERIAS DE AGUAS PLUVIAIS,COM DIAMETRO DE 600MM,ATERROE SOCA ATE A ALTURA DE GERATRIZ SUPERIOR DO TUBO,CONSIDERANDO O MATERIAL DA PROPRIA ESCAVACAO,INCLUSIVE FORNECIMENTO DOMATERIAL P/REJUNTAMENTO COM ARGAMASSA DE CIMENTO E AREIA,NOTRACO 1:4 E ACERTO DE FUNDO DE VALA.FORNECIMENTO E ASSENT.","M",536.79,null,"06.004.0096-A","TUBO DE CONCRETO ARMADO,CLASSE PA-2,CONFORME ABNT NBR 8890,PARA GALERIAS DE AGUAS PLUVIAIS,COM DIAMETRO DE 600MM,ATERROE SOCA ATE A ALTURA DE GERATRIZ SUPERIOR DO TUBO,CONSIDERANDO O MATERIAL DA PROPRIA ESCAVACAO,INCLUSIVE FORNECIMENTO DOMATERIAL P/REJUNTAMENTO COM ARGAMASSA DE CIMENTO E AREIA,NOTRACO 1:4 E ACERTO DE FUNDO DE VALA.FORNECIMENTO E ASSENT.","M",529.91]
["06.004.0114-0","TUBO DE CONCRETO ARMADO,CLASSE PA-2,CONFORME ABNT NBR 8890,PARA GALERIAS DE AGUAS PLUVIAIS,COM DIAMETRO DE 2000MM,ATERROE SOCA ATE A ALTURA DA GERATRIZ SUPERIOR DO TUBO,CONSIDERANDO O MATERIAL DA PROPRIA ESCAVACAO,INCLUSIVE FORNECIMENTO DOMATERIAL P/REJUNTAMENTO COM ARGAMASSA DE CIMENTO E AREIA,NOTRACO 1:4 E ACERTO DE FUNDO DE VALA.FORNECIMENTO E ASSENT.","M",5919.37,null,"06.004.0114-A","TUBO DE CONCRETO ARMADO,CLASSE PA-2,CONFORME ABNT NBR 8890,PARA GALERIAS DE AGUAS PLUVIAIS,COM DIAMETRO DE 2000MM,ATERROE SOCA ATE A ALTURA DA GERATRIZ SUPERIOR DO TUBO,CONSIDERANDO O MATERIAL DA PROPRIA ESCAVACAO,INCLUSIVE FORNECIMENTO DOMATERIAL P/REJUNTAMENTO COM ARGAMASSA DE CIMENTO E AREIA,NOTRACO 1:4 E ACERTO DE FUNDO DE VALA.FORNECIMENTO E ASSENT.","M",5890.31]
["06.004.0126-0","TUBO DE CONCRETO ARMADO,CLASSE PA-3,CONFORME ABNT NBR 8890,PARA GALERIAS DE AGUAS PLUVIAIS,COM DIAMETRO DE 600MM,ATERROE SOCA ATE A ALTURA DA GERATRIZ SUPERIOR DO TUBO,CONSIDERANDO O MATERIAL DA PROPRIA ESCAVACAO,INCLUSIVE FORNECIMENTO DOMATERIAL P/REJUNTAMENTO COM ARGAMASSA DE CIMENTO E AREIA,NOTRACO 1:4 E ACERTO DE FUNDO DE VALA.FORNECIMENTO E ASSENT.","M",655.24,null,"06.004.0126-A","TUBO DE CONCRETO ARMADO,CLASSE PA-3,CONFORME ABNT NBR 8890,PARA GALERIAS DE AGUAS PLUVIAIS,COM DIAMETRO DE 600MM,ATERROE SOCA ATE A ALTURA DA GERATRIZ SUPERIOR DO TUBO,CONSIDERANDO O MATERIAL DA PROPRIA ESCAVACAO,INCLUSIVE FORNECIMENTO DOMATERIAL P/REJUNTAMENTO COM ARGAMASSA DE CIMENTO E AREIA,NOTRACO 1:4 E ACERTO DE FUNDO DE VALA.FORNECIMENTO E ASSENT.","M",648.36]
["06.004.0128-0","TUBO DE CONCRETO ARMADO,CLASSE PA-3,CONFORME ABNT NBR 8890,PARA GALERIAS DE AGUAS PLUVIAIS,COM DIAMETRO DE 700MM,ATERROE SOCA ATE A ALTURA DA GERATRIZ SUPERIOR DO TUBO,CONSIDERANDO O MATERIAL DA PROPRIA ESCAVACAO,INCLUSIVE FORNECIMENTO DOMATERIAL P/REJUNTAMENTO COM ARGAMASSA DE CIMENTO E AREIA,NOTRACO 1:4 E ACERTO DE FUNDO DE VALA.FORNECIMENTO E ASSENT.","M",949.85,null,"06.004.0128-A","TUBO DE CONCRETO ARMADO,CLASSE PA-3,CONFORME ABNT NBR 8890,PARA GALERIAS DE AGUAS PLUVIAIS,COM DIAMETRO DE 700MM,ATERROE SOCA ATE A ALTURA DA GERATRIZ SUPERIOR DO TUBO,CONSIDERANDO O MATERIAL DA PROPRIA ESCAVACAO,INCLUSIVE FORNECIMENTO DOMATERIAL P/REJUNTAMENTO COM ARGAMASSA DE CIMENTO E AREIA,NOTRACO 1:4 E ACERTO DE FUNDO DE VALA.FORNECIMENTO E ASSENT.","M",941.89]
["06.004.0150-0","TUBO DE CONCRETO ARMADO,CLASSE PA-4,CONFORME ABNT NBR 8890,PARA GALERIAS DE AGUAS PLUVIAIS,COM DIAMETRO DE 300MM,ATERROE SOCA ATE A ALTURA DA GERATRIZ SUPERIOR DO TUBO,CONSIDERANDO O MATERIAL DA PROPRIA ESCAVACAO,INCLUSIVE FORNECIMENTO DOMATERIAL P/REJUNTAMENTO COM ARGAMASSA DE CIMENTO E AREIA,NOTRACO 1:4 E ACERTO DE FUNDO DE VALA.FORNECIMENTO E ASSENT.","M",355.06,null,"06.004.0150-A","TUBO DE CONCRETO ARMADO,CLASSE PA-4,CONFORME ABNT NBR 8890,PARA GALERIAS DE AGUAS PLUVIAIS,COM DIAMETRO DE 300MM,ATERROE SOCA ATE A ALTURA DA GERATRIZ SUPERIOR DO TUBO,CONSIDERANDO O MATERIAL DA PROPRIA ESCAVACAO,INCLUSIVE FORNECIMENTO DOMATERIAL P/REJUNTAMENTO COM ARGAMASSA DE CIMENTO E AREIA,NOTRACO 1:4 E ACERTO DE FUNDO DE VALA.FORNECIMENTO E ASSENT.","M",351.36]
["06.004.0162-0","TUBO DE CONCRETO ARMADO,CLASSE PA-4,CONFORME ABNT NBR 8890,PARA GALERIAS DE AGUAS PLUVIAIS,COM DIAMETRO DE 900MM,ATERROE SOCA ATE A ALTURA DA GERATRIZ SUPERIOR DO TUBO,CONSIDERANDO O MATERIAL DA PROPRIA ESCAVACAO,INCLUSIVE FORNECIMENTO DOMATERIAL P/REJUNTAMENTO COM ARGAMASSA DE CIMENTO E AREIA,NOTRACO 1:4 E ACERTO DE FUNDO DE VALA.FORNECIMENTO E ASSENT.","M",1557.95,null,"06.004.0162-A","TUBO DE CONCRETO ARMADO,CLASSE PA-4,CONFORME ABNT NBR 8890,PARA GALERIAS DE AGUAS PLUVIAIS,COM DIAMETRO DE 900MM,ATERROE SOCA ATE A ALTURA DA GERATRIZ SUPERIOR DO TUBO,CONSIDERANDO O MATERIAL DA PROPRIA ESCAVACAO,INCLUSIVE FORNECIMENTO DOMATERIAL P/REJUNTAMENTO COM ARGAMASSA DE CIMENTO E AREIA,NOTRACO 1:4 E ACERTO DE FUNDO DE VALA.FORNECIMENTO E ASSENT.","M",1545.57]
["06.004.0253-1","CANAL PRE-FABRICADO,EM CONCRETO PROTENDIDO E/OU ARMADO,COM SECAO EM \"U\",MEDIDO PELA AREA DO PERIMETRO INTERNO DA SECAO VEZES O COMPRIMENTO DO CANAL.FORNECIMENTO E ASSENTAMENTO","M2",493.63,null,"06.004.0253-B","CANAL PRE-FABRICADO,EM CONCRETO PROTENDIDO E/OU ARMADO,COM SECAO EM \"U\",MEDIDO PELA AREA DO PERIMETRO INTERNO DA SECAO VEZES O COMPRIMENTO DO CANAL.FORNECIMENTO E ASSENTAMENTO","M2",479.82]
["06.004.0265-0","ADUELA FECHADA DE CONCRETO ARMADO,PRE-MOLDADA,COM SECAO INTERNA RETANGULAR DE (2,0X2,0)M (LXA),MISULA DE (20X20)CM,COMPRIMENTO DE 1M,ESPESSURA DE PAREDE DE 15CM,CLASSE TB-45 E FCK=30MPA,CONFORME ABNT NBR 15396,EXCLUSIVE TRANSPORTE (VIDE ITEM 04.005.0172) E DESCARGA (VIDE ITEM 04.018.0012).FORNECIMENTO E ASSENTAMENTO","M",3800.3,null,"06.004.0265-A","ADUELA FECHADA DE CONCRETO ARMADO,PRE-MOLDADA,COM SECAO INTERNA RETANGULAR DE (2,0X2,0)M (LXA),MISULA DE (20X20)CM,COMPRIMENTO DE 1M,ESPESSURA DE PAREDE DE 15CM,CLASSE TB-45 E FCK=30MPA,CONFORME ABNT NBR 15396,EXCLUSIVE TRANSPORTE (VIDE ITEM 04.005.0172) E DESCARGA (VIDE ITEM 04.018.0012).FORNECIMENTO E ASSENTAMENTO","M",3730.69]
["06.004.0285-0","ADUELA FECHADA DE CONCRETO ARMADO,PRE-MOLDADA,COM SECAO INTERNA RETANGULAR DE (3,0X3,0)M (LXA),MISULA DE (20X20)CM,COMPRIMENTO DE 1M,ESPESSURA DE PAREDE DE 25CM,CLASSE TB-45 E FCK=30MPA,CONFORME ABNT NBR 15396,EXCLUSIVE TRANSPORTE (VIDE ITEM 04.005.0172) E DESCARGA (VIDE ITEM 04.018.0012).FORNECIMENTO E ASSENTAMENTO","M",7433.38,null,"06.004.0285-A","ADUELA FECHADA DE CONCRETO ARMADO,PRE-MOLDADA,COM SECAO INTERNA RETANGULAR DE (3,0X3,0)M (LXA),MISULA DE (20X20)CM,COMPRIMENTO DE 1M,ESPESSURA DE PAREDE DE 25CM,CLASSE TB-45 E FCK=30MPA,CONFORME ABNT NBR 15396,EXCLUSIVE TRANSPORTE (VIDE ITEM 04.005.0172) E DESCARGA (VIDE ITEM 04.018.0012).FORNECIMENTO E ASSENTAMENTO","M",7310.68]
["06.004.0420-0","GALERIA MULTIMENSIONAL RODOVIARIA DUPLA CONCR.ARMADO E CONCR.ARMADO PROTENDIDO,30MPA,2 FUNDOS 6M,PESO 8,80T,PAREDE C/6,00M,PESO 3,90T E TAMPA C/2,00M,PESO 4,81T,ESTRUTURALMENTE BI-APOIADA C/CARGA APOIO 191T,(TB-450,NBR 7188),C/TABULEIRO 5,22M,ALT.2,62M,VAZAO 15,42M3/S,VELOCIDADE ESCOAMENTO 2,00M/S,EXCL.TRANSPORTE,DESCARGA,ESCAVACAO E REATERRO.FORN.E ASSENT.","M",10098.969999999999,null,"06.004.0420-A","GALERIA MULTIMENSIONAL RODOVIARIA DUPLA CONCR.ARMADO E CONCR.ARMADO PROTENDIDO,30MPA,2 FUNDOS 6M,PESO 8,80T,PAREDE C/6,00M,PESO 3,90T E TAMPA C/2,00M,PESO 4,81T,ESTRUTURALMENTE BI-APOIADA C/CARGA APOIO 191T,(TB-450,NBR 7188),C/TABULEIRO 5,22M,ALT.2,62M,VAZAO 15,42M3/S,VELOCIDADE ESCOAMENTO 2,00M/S,EXCL.TRANSPORTE,DESCARGA,ESCAVACAO E REATERRO.FORN.E ASSENT.","M",9932.64]
["06.004.0445-0","GALERIA MULTIDIMENSIONAL RODOVIARIA TRIPLA EM CONCRETO ARMADO E PROTENDIDO,30MPA,PAREDE C/6,00M,PESO 4,9T E TAMPA C/2,00M,PESO 7,70T,ESTRUTURALMENTE BI-APOIADA C/CARGA POR APOIO 310T,(TB-450,ABNT NBR 7188),TABULEIRO 7,55M,ALT.3,00M,VAZAO 34,92M3/S E VELOCIDADE DE ESCOAMENTO 2,16M/S,EXCLUSIVE TRANSPORTE,DESCARGA,ESCAVACAO E REATERRO.FORNECIMENTO E ASSENT.","M",15463.49,null,"06.004.0445-A","GALERIA MULTIDIMENSIONAL RODOVIARIA TRIPLA EM CONCRETO ARMADO E PROTENDIDO,30MPA,PAREDE C/6,00M,PESO 4,9T E TAMPA C/2,00M,PESO 7,70T,ESTRUTURALMENTE BI-APOIADA C/CARGA POR APOIO 310T,(TB-450,ABNT NBR 7188),TABULEIRO 7,55M,ALT.3,00M,VAZAO 34,92M3/S E VELOCIDADE DE ESCOAMENTO 2,16M/S,EXCLUSIVE TRANSPORTE,DESCARGA,ESCAVACAO E REATERRO.FORNECIMENTO E ASSENT.","M",15202.93]
["06.004.0455-0","GALERIA MULTIDIMENSIONAL RODOVIARIA TRIPLA EM CONCRETO ARMADO E PROTENDIDO,30MPA,PAREDE C/6,00M,PESO 12,00T E TAMPA C/2,00M,PESO 9,60T,ESTRUTURALMENTE BI-APOIADA C/CARGA POR APOIO463T,(TB-450,ABNT NBR 7188),TABULEIRO DE 9,11M,ALT.4,97M,VAZAO DE 92,30M3/S E VELOCIDADE DE ESCOAMENTO 2,75M/S,EXCLUSIVETRANSPORTE,DESCARGA,ESCAVACAO E REATERRO.FORN.E ASSENT.","M",24697.85,null,"06.004.0455-A","GALERIA MULTIDIMENSIONAL RODOVIARIA TRIPLA EM CONCRETO ARMADO E PROTENDIDO,30MPA,PAREDE C/6,00M,PESO 12,00T E TAMPA C/2,00M,PESO 9,60T,ESTRUTURALMENTE BI-APOIADA C/CARGA POR APOIO463T,(TB-450,ABNT NBR 7188),TABULEIRO DE 9,11M,ALT.4,97M,VAZAO DE 92,30M3/S E VELOCIDADE DE ESCOAMENTO 2,75M/S,EXCLUSIVETRANSPORTE,DESCARGA,ESCAVACAO E REATERRO.FORN.E ASSENT.","M",24147.71]
["06.004.0520-0","GALERIA TECNICA PRE-FABRICADA DE CONCRETO ARMADO,DIMENSOESINTERNAS DE (2,50X1,50)M (BXH) RECOBRIMENTO COM 2CM,EXCLUSIVE ESCAVACAO E REATERRO.FORNECIMENTO E ASSENTAMENTO","M",4287.0600000000004,null,"06.004.0520-A","GALERIA TECNICA PRE-FABRICADA DE CONCRETO ARMADO,DIMENSOESINTERNAS DE (2,50X1,50)M (BXH) RECOBRIMENTO COM 2CM,EXCLUSIVE ESCAVACAO E REATERRO.FORNECIMENTO E ASSENTAMENTO","M",4169.16]
["06.005.0035-0","TUBO CERAMICO VIDRADO,CONFORME ESPECIFICACOES DA CEDAE,PARAESGOTO SANITARIO E AGUAS PLUVIAIS,ATERRO E SOCA ATE A ALTURADA GERATRIZ SUPERIOR DO TUBO,CONSIDERANDO O MATERIAL DA PROPRIA ESCAVACAO,COM DIAMETRO DE 150MM,INCLUSIVE FORNECIMENTODO MATERIAL PARA REJUNTAMENTO COM ARGAMASSA DE CIMENTO E AREIA,NO TRACO 1:4.FORNECIMENTO E ASSENTAMENTO","M",87.46,null,"06.005.0035-A","TUBO CERAMICO VIDRADO,CONFORME ESPECIFICACOES DA CEDAE,PARAESGOTO SANITARIO E AGUAS PLUVIAIS,ATERRO E SOCA ATE A ALTURADA GERATRIZ SUPERIOR DO TUBO,CONSIDERANDO O MATERIAL DA PROPRIA ESCAVACAO,COM DIAMETRO DE 150MM,INCLUSIVE FORNECIMENTODO MATERIAL PARA REJUNTAMENTO COM ARGAMASSA DE CIMENTO E AREIA,NO TRACO 1:4.FORNECIMENTO E ASSENTAMENTO","M",85.09]
["06.006.0015-0","CAIXA DE VISITA,EXECUTADA COM CONEXOES CERAMICAS,COM DIAMETRO DE 100MM,INCLUSIVE BASE,CAIXA DE PROTECAO E TAMPA EM CONCRETO,CONFORME PADRAO CEDAE,PROFUNDIDADE ATE 1,00M.FORNECIMENTO E ASSENTAMENTO","UN",250.45,null,"06.006.0015-A","CAIXA DE VISITA,EXECUTADA COM CONEXOES CERAMICAS,COM DIAMETRO DE 100MM,INCLUSIVE BASE,CAIXA DE PROTECAO E TAMPA EM CONCRETO,CONFORME PADRAO CEDAE,PROFUNDIDADE ATE 1,00M.FORNECIMENTO E ASSENTAMENTO","UN",245.78]
["06.006.0016-0","ADICIONAL DE PROFUNDIDADE EXCEDENTE DE 1,00M,PARA CAIXA DE VISITA,EXECUTADA COM CONEXOES CERAMICAS,COM DIAMETRO DE 100MM,CONFORME PADRAO CEDAE.FORNECIMENTO E ASSENTAMENTO","M",53.31,null,"06.006.0016-A","ADICIONAL DE PROFUNDIDADE EXCEDENTE DE 1,00M,PARA CAIXA DE VISITA,EXECUTADA COM CONEXOES CERAMICAS,COM DIAMETRO DE 100MM,CONFORME PADRAO CEDAE.FORNECIMENTO E ASSENTAMENTO","M",52.41]
["06.006.0036-0","ADICIONAL PARA DESNIVEL EXCEDENTE DE 1,00M,PARA TUBO DE QUEDA EM CERAMICA,COM DIAMETRO DE 150MM,PARA POCOS DE VISITA DEESGOTO SANITARIO,CONFORME PADRAO CEDAE.FORNECIMENTO E ASSENTAMENTO","M",201.08,null,"06.006.0036-A","ADICIONAL PARA DESNIVEL EXCEDENTE DE 1,00M,PARA TUBO DE QUEDA EM CERAMICA,COM DIAMETRO DE 150MM,PARA POCOS DE VISITA DEESGOTO SANITARIO,CONFORME PADRAO CEDAE.FORNECIMENTO E ASSENTAMENTO","M",194.65]
["06.006.0051-0","ADICIONAL PARA DESNIVEL EXCEDENTE DE 1,00M,PARA TUBO DE QUEDA EM CERAMICA,COM DIAMETRO DE 250MM,PARA POCOS DE VISITA DEESGOTO SANITARIO,CONFORME PADRAO CEDAE.FORNECIMENTO E ASSENTAMENTO","M",360.32,null,"06.006.0051-A","ADICIONAL PARA DESNIVEL EXCEDENTE DE 1,00M,PARA TUBO DE QUEDA EM CERAMICA,COM DIAMETRO DE 250MM,PARA POCOS DE VISITA DEESGOTO SANITARIO,CONFORME PADRAO CEDAE.FORNECIMENTO E ASSENTAMENTO","M",351.29]
["06.007.0012-0","LEVANTAMENTO,LIMPEZA E REASSENTAMENTO DE TUBO DE FºFº,PONTAE BOLSA,TIPO ESGOTO,INCLUSIVE FORNECIMENTO DO MATERIAL PARAREJUNTAMENTO(JUNTA DE CHUMBO),COM DIAMETRO DE 100MM","M",81.88,null,"06.007.0012-A","LEVANTAMENTO,LIMPEZA E REASSENTAMENTO DE TUBO DE FºFº,PONTAE BOLSA,TIPO ESGOTO,INCLUSIVE FORNECIMENTO DO MATERIAL PARAREJUNTAMENTO(JUNTA DE CHUMBO),COM DIAMETRO DE 100MM","M",77.010000000000005]
["06.007.0013-0","LEVANTAMENTO,LIMPEZA E REASSENTAMENTO DE TUBO DE FºFº,PONTAE BOLSA,TIPO ESGOTO,INCLUSIVE FORNECIMENTO DO MATERIAL PARAREJUNTAMENTO(JUNTA DE CHUMBO),COM DIAMETRO DE 150MM","M",100.86,null,"06.007.0013-A","LEVANTAMENTO,LIMPEZA E REASSENTAMENTO DE TUBO DE FºFº,PONTAE BOLSA,TIPO ESGOTO,INCLUSIVE FORNECIMENTO DO MATERIAL PARAREJUNTAMENTO(JUNTA DE CHUMBO),COM DIAMETRO DE 150MM","M",94.85]
["06.007.0062-0","LEVANTAMENTO,LIMPEZA E REASSENTAMENTO DE CURVA DE FºFº,PONTAE BOLSA,COM QUALQUER DEFLEXAO,INCLUSIVE FORNECIMENTO DO MATERIAL PARA REJUNTAMENTO(JUNTA DE CHUMBO),COM DIAMETRO DE 150MM","UN",152.93,null,"06.007.0062-A","LEVANTAMENTO,LIMPEZA E REASSENTAMENTO DE CURVA DE FºFº,PONTAE BOLSA,COM QUALQUER DEFLEXAO,INCLUSIVE FORNECIMENTO DO MATERIAL PARA REJUNTAMENTO(JUNTA DE CHUMBO),COM DIAMETRO DE 150MM","UN",145.58000000000001]
["06.007.0081-0","LEVANTAMENTO,LIMPEZA E REASSENTAMENTO DE JUNCAO 45° DE FºFº,PONTA E BOLSA,INCLUSIVE FORNECIMENTO DO MATERIAL PARA REJUNTAMENTO(JUNTA DE CHUMBO),COM DIAMETRO DE 100MM","UN",195.09,null,"06.007.0081-A","LEVANTAMENTO,LIMPEZA E REASSENTAMENTO DE JUNCAO 45° DE FºFº,PONTA E BOLSA,INCLUSIVE FORNECIMENTO DO MATERIAL PARA REJUNTAMENTO(JUNTA DE CHUMBO),COM DIAMETRO DE 100MM","UN",185.63]
["06.007.0100-0","LEVANTAMENTO,LIMPEZA E REASSENTAMENTO DE LUVA DE FºFº,TIPO ESGOTO OU STANDARD,INCLUSIVE FORNECIMENTO DO MATERIAL PARA REJUNTAMENTO(JUNTA DE CHUMBO),COM DIAMETRO DE 75MM","UN",149.85,null,"06.007.0100-A","LEVANTAMENTO,LIMPEZA E REASSENTAMENTO DE LUVA DE FºFº,TIPO ESGOTO OU STANDARD,INCLUSIVE FORNECIMENTO DO MATERIAL PARA REJUNTAMENTO(JUNTA DE CHUMBO),COM DIAMETRO DE 75MM","UN",142.5]
["06.007.0121-0","LEVANTAMENTO,LIMPEZA E REASSENTAMENTO DE LUVA DE CORRER,TIPOSTANDARD,INCLUSIVE FORNECIMENTO DO MATERIAL PARA REJUNTAMENTO(JUNTA DE CHUMBO),COM DIAMETRO DE 100MM","UN",265.25,null,"06.007.0121-A","LEVANTAMENTO,LIMPEZA E REASSENTAMENTO DE LUVA DE CORRER,TIPOSTANDARD,INCLUSIVE FORNECIMENTO DO MATERIAL PARA REJUNTAMENTO(JUNTA DE CHUMBO),COM DIAMETRO DE 100MM","UN",252.64]
["06.007.0124-0","LEVANTAMENTO,LIMPEZA E REASSENTAMENTO DE LUVA DE CORRER,TIPOSTANDARD,INCLUSIVE FORNECIMENTO DO MATERIAL PARA REJUNTAMENTO(JUNTA DE CHUMBO),COM DIAMETRO DE 250MM","UN",1011.35,null,"06.007.0124-A","LEVANTAMENTO,LIMPEZA E REASSENTAMENTO DE LUVA DE CORRER,TIPOSTANDARD,INCLUSIVE FORNECIMENTO DO MATERIAL PARA REJUNTAMENTO(JUNTA DE CHUMBO),COM DIAMETRO DE 250MM","UN",971.66]
["06.008.0056-0","TUBO DE FERRO FUNDIDO,CENTRIFUGADO,PONTA/PONTA,P/ESGOTO PREDIAL E DRENAGEM PLUVIAL,CONFORME ABNT 9651,REVESTIDO INTERNAMENTE C/EPOXI BICOMPONENTE COR OCRE,S/HPA E EXTERNAMENTE C/PINTURA BASE ACRILICA ANTICORROSIVA COR VERMELHA,INCL.JUNTA RAPID(ABRACADEIRA ACO INOX.ANEL BORRACHA EPDM E PARAF.ACO GALV.),ATERRO SOCA ATE GERATRIZ SUP.TUBO,DN=125MM.FORN.E ASSENT.","M",427.78,null,"06.008.0056-A","TUBO DE FERRO FUNDIDO,CENTRIFUGADO,PONTA/PONTA,P/ESGOTO PREDIAL E DRENAGEM PLUVIAL,CONFORME ABNT 9651,REVESTIDO INTERNAMENTE C/EPOXI BICOMPONENTE COR OCRE,S/HPA E EXTERNAMENTE C/PINTURA BASE ACRILICA ANTICORROSIVA COR VERMELHA,INCL.JUNTA RAPID(ABRACADEIRA ACO INOX.ANEL BORRACHA EPDM E PARAF.ACO GALV.),ATERRO SOCA ATE GERATRIZ SUP.TUBO,DN=125MM.FORN.E ASSENT.","M",425.88]
["06.008.0070-0","TUBO DE FERRO FUNDIDO,CENTRIFUGADO,PONTA/PONTA,P/ESGOTO PREDIAL E DRENAGEM PLUVIAL,CONFORME ABNT NBR 9651,REVESTIDO INTENAMENTE C/EPOXI BICOMPONENTE COR OCRE,S/HPA E EXTERNAMENTE C/PINTURA BASE ACRILICA ANTICORROSIVA COR VERMELHA,INCL.JUNTARAPID(ABRACAD.ACO INOX.ANEL BORR.EPDM E PARAF.ACO GALV.) EATERRO SOCA ATE GERATRIZ SUP.TUBO,DN=500MM.FORN. E ASSENT.","M",7397.96,null,"06.008.0070-A","TUBO DE FERRO FUNDIDO,CENTRIFUGADO,PONTA/PONTA,P/ESGOTO PREDIAL E DRENAGEM PLUVIAL,CONFORME ABNT NBR 9651,REVESTIDO INTENAMENTE C/EPOXI BICOMPONENTE COR OCRE,S/HPA E EXTERNAMENTE C/PINTURA BASE ACRILICA ANTICORROSIVA COR VERMELHA,INCL.JUNTARAPID(ABRACAD.ACO INOX.ANEL BORR.EPDM E PARAF.ACO GALV.) EATERRO SOCA ATE GERATRIZ SUP.TUBO,DN=500MM.FORN. E ASSENT.","M",7394.13]
["06.008.0072-0","TUBO DE FERRO FUNDIDO,CENTRIFUGADO,PONTA/PONTA,P/ESGOTO PREDIAL E DRENAGEM PLUVIAL,CONFORME ABNT NBR 9651,REVESTIDO INTERNAMENT C/EPOXI BICOMPONENTE COR OCRE,S/HPA E EXTERNAMENTE C/PINTURA BASE ACRILICA ANTICORROSIVA COR VERMELHA,INCL.JUNTARAPID(ABRACAD.ACO INOX.ANEL BORR.EPDM E PARAF.ACO GALV.) EATERRO SOCA ATE GERATRIZ SUP.TUBO,DN=600MM.FORN. E ASSENT.","M",9942.99,null,"06.008.0072-A","TUBO DE FERRO FUNDIDO,CENTRIFUGADO,PONTA/PONTA,P/ESGOTO PREDIAL E DRENAGEM PLUVIAL,CONFORME ABNT NBR 9651,REVESTIDO INTERNAMENT C/EPOXI BICOMPONENTE COR OCRE,S/HPA E EXTERNAMENTE C/PINTURA BASE ACRILICA ANTICORROSIVA COR VERMELHA,INCL.JUNTARAPID(ABRACAD.ACO INOX.ANEL BORR.EPDM E PARAF.ACO GALV.) EATERRO SOCA ATE GERATRIZ SUP.TUBO,DN=600MM.FORN. E ASSENT.","M",9938.81]
["06.009.0035-0","TUBO DE FERRO FUNDIDO,CENTRIFUGADO,DUCTIL,CLASSE 25KG,P/CANALIZACAO DE AGUA,PONTA/BOLSA,CLASS.MIN.=A FE 42012,INCL.JUNTAELAST.,REVEST.INT.C/TERMOPLASTICO DUCTAN COR AZUL MARINHO EEXT.C/ZINALIUM(ZINCO+ALUMINIO)E EPOXI AZUL MARINHO,CONF.ABNT NBR 7675,DN=125MM,INCL.CARGA E DESC.,COLOC.NA VALA,MONT.EREATERR.ATE GERATRIZ SUP.TUBO E TESTE HIDROST.FORN.E ASSENT.","M",612.85,null,"06.009.0035-A","TUBO DE FERRO FUNDIDO,CENTRIFUGADO,DUCTIL,CLASSE 25KG,P/CANALIZACAO DE AGUA,PONTA/BOLSA,CLASS.MIN.=A FE 42012,INCL.JUNTAELAST.,REVEST.INT.C/TERMOPLASTICO DUCTAN COR AZUL MARINHO EEXT.C/ZINALIUM(ZINCO+ALUMINIO)E EPOXI AZUL MARINHO,CONF.ABNT NBR 7675,DN=125MM,INCL.CARGA E DESC.,COLOC.NA VALA,MONT.EREATERR.ATE GERATRIZ SUP.TUBO E TESTE HIDROST.FORN.E ASSENT.","M",612.23]
["06.009.0053-0","TUBO DE FºFº,CENTRIFUGADO,DUCTIL,P/CANALIZACOES SOB PRESSAO,CLASSE K-9,PONTA/BOLSA,REVEST.EXT.C/ZINCO METALICO E PINT.BETUMINOSA E INT.COM ARGAMASSA DE CIMENTO,COM JUNTA ELASTICA,CONFORME ABNT NBR 7675,DIAMETRO DE 150MM,COMPREENDENDO:CARGAE DESCARGA,COLOCACAO NA VALA,MONTAGEM E REATERRO ATE A GERATRIZ SUPERIOR DO TUBO E TESTE HIDROSTATICO.FORNEC.E ASSENT.","M",875.85,null,"06.009.0053-A","TUBO DE FºFº,CENTRIFUGADO,DUCTIL,P/CANALIZACOES SOB PRESSAO,CLASSE K-9,PONTA/BOLSA,REVEST.EXT.C/ZINCO METALICO E PINT.BETUMINOSA E INT.COM ARGAMASSA DE CIMENTO,COM JUNTA ELASTICA,CONFORME ABNT NBR 7675,DIAMETRO DE 150MM,COMPREENDENDO:CARGAE DESCARGA,COLOCACAO NA VALA,MONTAGEM E REATERRO ATE A GERATRIZ SUPERIOR DO TUBO E TESTE HIDROSTATICO.FORNEC.E ASSENT.","M",874.5]
["06.009.0061-0","TUBO DE FºFº,CENTRIFUGADO,DUCTIL,P/CANALIZACOES SOB PRESSAO,CLASSE K-9,PONTA/BOLSA,REVEST.EXT.C/ZINCO METALICO E PINT.BETUMINOSA E INT.COM ARGAMASSA DE CIMENTO,COM JUNTA ELASTICA,CONFORME ABNT NBR 7675,DIAMETRO DE 800MM,COMPREENDENDO:CARGAE DESCARGA,COLOCACAO NA VALA,MONTAGEM E REATERRO ATE A GERAT.SUPERIOR DO TUBO E TESTE HIDROSTATICO.FORNEC.E ASSENT.","M",5916.31,null,"06.009.0061-A","TUBO DE FºFº,CENTRIFUGADO,DUCTIL,P/CANALIZACOES SOB PRESSAO,CLASSE K-9,PONTA/BOLSA,REVEST.EXT.C/ZINCO METALICO E PINT.BETUMINOSA E INT.COM ARGAMASSA DE CIMENTO,COM JUNTA ELASTICA,CONFORME ABNT NBR 7675,DIAMETRO DE 800MM,COMPREENDENDO:CARGAE DESCARGA,COLOCACAO NA VALA,MONTAGEM E REATERRO ATE A GERAT.SUPERIOR DO TUBO E TESTE HIDROSTATICO.FORNEC.E ASSENT.","M",5909]
["06.009.0062-0","TUBO DE FºFº,CENTRIFUGADO,DUCTIL,P/CANALIZACOES SOB PRESSAO,CLASSE K-9,PONTA/BOLSA,REVEST.EXT.C/ZINCO METALICO E PINT.BETUMINOSA E INT.COM ARGAMASSA DE CIMENTO,COM JUNTA ELASTICA,CONFORME ABNT NBR 7675,DIAMETRO DE 900MM,COMPREENDENDO:CARGAE DESCARGA,COLOCACAO NA VALA,MONTAGEM E REATERRO ATE A GERAT.SUPERIOR DO TUBO E TESTE HIDROSTATICO.FORNEC.E ASSENT.","M",6919.05,null,"06.009.0062-A","TUBO DE FºFº,CENTRIFUGADO,DUCTIL,P/CANALIZACOES SOB PRESSAO,CLASSE K-9,PONTA/BOLSA,REVEST.EXT.C/ZINCO METALICO E PINT.BETUMINOSA E INT.COM ARGAMASSA DE CIMENTO,COM JUNTA ELASTICA,CONFORME ABNT NBR 7675,DIAMETRO DE 900MM,COMPREENDENDO:CARGAE DESCARGA,COLOCACAO NA VALA,MONTAGEM E REATERRO ATE A GERAT.SUPERIOR DO TUBO E TESTE HIDROSTATICO.FORNEC.E ASSENT.","M",6910.82]
["06.009.0083-0","TUBO DE FºFº,CENTRIFUGADO,DUCTIL,P/CANALIZACOES SOB PRESSAO,CLASSE K-7,CONFORME ABNT NBR 7675,PONTA/BOLSA,REVEST.EXT.COMZINCO METALICO E PINT.BETUMINOSA E INT.COM ARGAMASSA DE CIMENTO COM JUNTA ELASTICA,DIAM. DE 250MM,COMPREENDENDO:CARGA EDESCARGA,COLOCACAO NA VALA,MONTAGEM E REATERRO ATE A GERATRI.SUPERIOR DO TUBO E TESTE HIDROSTATICO.FORNEC.E ASSENT.","M",1206.29,null,"06.009.0083-A","TUBO DE FºFº,CENTRIFUGADO,DUCTIL,P/CANALIZACOES SOB PRESSAO,CLASSE K-7,CONFORME ABNT NBR 7675,PONTA/BOLSA,REVEST.EXT.COMZINCO METALICO E PINT.BETUMINOSA E INT.COM ARGAMASSA DE CIMENTO COM JUNTA ELASTICA,DIAM. DE 250MM,COMPREENDENDO:CARGA EDESCARGA,COLOCACAO NA VALA,MONTAGEM E REATERRO ATE A GERATRI.SUPERIOR DO TUBO E TESTE HIDROSTATICO.FORNEC.E ASSENT.","M",1203.6300000000001]
["06.009.0089-0","TUBO DE FºFº,CENTRIFUGADO,DUCTIL,P/CANALIZACOES SOB PRESSAO,CLASSE K-7,CONFORME ABNT NBR 7675,PONTA/BOLSA,REVEST.EXT.C/ZINCO METALICO E PINT.BETUMINOSA E INT.COM ARGAMASSA DE CIMENTO,COM JUNTA ELASTICA,DIAMETRO DE 800MM,COMPREENDENDO:CARGAE DESCARGA,COLOCACAO NA VALA,MONTAGEM E REATERRO ATE A GERATRIZ SUPERIOR DO TUBO E TESTE HIDROSTATICO.FORNEC.E ASSENT.","M",5088.75,null,"06.009.0089-A","TUBO DE FºFº,CENTRIFUGADO,DUCTIL,P/CANALIZACOES SOB PRESSAO,CLASSE K-7,CONFORME ABNT NBR 7675,PONTA/BOLSA,REVEST.EXT.C/ZINCO METALICO E PINT.BETUMINOSA E INT.COM ARGAMASSA DE CIMENTO,COM JUNTA ELASTICA,DIAMETRO DE 800MM,COMPREENDENDO:CARGAE DESCARGA,COLOCACAO NA VALA,MONTAGEM E REATERRO ATE A GERATRIZ SUPERIOR DO TUBO E TESTE HIDROSTATICO.FORNEC.E ASSENT.","M",5082.68]
["06.010.0011-0","ADICIONAL PARA DESNIVEL EXCEDENTE DE 1,00M,PARA TUBO DE QUEDA EM PVC,COM DIAMETRO DE 100MM,PARA POCOS DE VISITA DE ESGOTO SANITARIO,CONFORME PADRAO CEDAE","M",160.29,null,"06.010.0011-A","ADICIONAL PARA DESNIVEL EXCEDENTE DE 1,00M,PARA TUBO DE QUEDA EM PVC,COM DIAMETRO DE 100MM,PARA POCOS DE VISITA DE ESGOTO SANITARIO,CONFORME PADRAO CEDAE","M",155.44999999999999]
["06.010.0020-0","TUBO DE QUEDA EM PVC,COM DIAMETRO DE 200MM E DESNIVEL DE ATE1,00M, PARA POCOS DE VISITA DE ESGOTO SANITARIO,CONFORME PADRAO CEDAE.FORNECIMENTO E ASSENTAMENTO","UN",1053.79,null,"06.010.0020-A","TUBO DE QUEDA EM PVC,COM DIAMETRO DE 200MM E DESNIVEL DE ATE1,00M, PARA POCOS DE VISITA DE ESGOTO SANITARIO,CONFORME PADRAO CEDAE.FORNECIMENTO E ASSENTAMENTO","UN",1038.57]
["06.010.0040-0","TUBO DE QUEDA EM PVC,COM DIAMETRO DE 300MM E DESNIVEL DE ATE1,00MM,PARA POCOS DE VISITA DE ESGOTO SANITARIO,CONFORME PADRAO CEDAE. FORNECIMENTO E ASSENTAMENTO","UN",2581.67,null,"06.010.0040-A","TUBO DE QUEDA EM PVC,COM DIAMETRO DE 300MM E DESNIVEL DE ATE1,00MM,PARA POCOS DE VISITA DE ESGOTO SANITARIO,CONFORME PADRAO CEDAE. FORNECIMENTO E ASSENTAMENTO","UN",2571.56]
["06.011.0104-0","ASSENTAMENTO SEM FORNECIMENTO,DE TUBOS ATE 1,00M DE COMPRIMENTO OU CONEXOES DE FºFº OU ACO,COM FLANGES CLASSE PN-10,INCLUSIVE O FORNECIMENTO DOS MATERIAIS PARA JUNTAS(ARRUELAS DE BORRACHA E PARAFUSOS COM PORCAS),CUSTO POR JUNTA,COM DIAMETRODE 150MM","UN",156.27000000000001,null,"06.011.0104-A","ASSENTAMENTO SEM FORNECIMENTO,DE TUBOS ATE 1,00M DE COMPRIMENTO OU CONEXOES DE FºFº OU ACO,COM FLANGES CLASSE PN-10,INCLUSIVE O FORNECIMENTO DOS MATERIAIS PARA JUNTAS(ARRUELAS DE BORRACHA E PARAFUSOS COM PORCAS),CUSTO POR JUNTA,COM DIAMETRODE 150MM","UN",153.79]
["06.011.0110-0","ASSENTAMENTO SEM FORNECIMENTO,DE TUBOS ATE 1,00M DE COMPRIMENTO OU CONEXOES DE FERRO FUNDIDO OU ACO,COM FLANGES CLASSE PN-10,INCLUSIVE O FORNECIMENTO DOS MATERIAS PARA JUNTAS(ARRUELAS DE BORRACHA E PARAFUSOS COM PORCAS),CUSTO POR JUNTA,COMDIAMETRO DE 450MM","UN",625.5,null,"06.011.0110-A","ASSENTAMENTO SEM FORNECIMENTO,DE TUBOS ATE 1,00M DE COMPRIMENTO OU CONEXOES DE FERRO FUNDIDO OU ACO,COM FLANGES CLASSE PN-10,INCLUSIVE O FORNECIMENTO DOS MATERIAS PARA JUNTAS(ARRUELAS DE BORRACHA E PARAFUSOS COM PORCAS),CUSTO POR JUNTA,COMDIAMETRO DE 450MM","UN",620.67999999999995]
["06.011.0111-0","ASSENTAMENTO SEM FORNECIMENTO DE TUBOS ATE 1,00M DE COMPRIMENTO OU CONEXOES DE FºFº OU ACO,COM FLANGES CLASSE PN-10,INCLUSIVE O FORNECIMENTO DOS MATERIAIS PARA JUNTAS(ARRUELAS DE BORRACHA E PARAFUSOS COM PORCAS),CUSTO POR JUNTA,COM DIAMETRODE 500MM","UN",632.51,null,"06.011.0111-A","ASSENTAMENTO SEM FORNECIMENTO DE TUBOS ATE 1,00M DE COMPRIMENTO OU CONEXOES DE FºFº OU ACO,COM FLANGES CLASSE PN-10,INCLUSIVE O FORNECIMENTO DOS MATERIAIS PARA JUNTAS(ARRUELAS DE BORRACHA E PARAFUSOS COM PORCAS),CUSTO POR JUNTA,COM DIAMETRODE 500MM","UN",627.32000000000005]
["06.011.0117-0","ASSENTAMENTO SEM FORNECIMENTO DE TUBOS ATE 1,00M DE COMPRIMENTO OU CONEXOES DE FºFº OU ACO,COM FLANGES CLASSE PN-10,INCLUSIVE O FORNECIMENTO DOS MATERIAIS PARA JUNTAS(ARRUELAS DE BORRACHA E PARAFUSOS COM PORCAS),CUSTO POR JUNTA,COM DIAMETRODE 1000MM","UN",2423.0700000000002,null,"06.011.0117-A","ASSENTAMENTO SEM FORNECIMENTO DE TUBOS ATE 1,00M DE COMPRIMENTO OU CONEXOES DE FºFº OU ACO,COM FLANGES CLASSE PN-10,INCLUSIVE O FORNECIMENTO DOS MATERIAIS PARA JUNTAS(ARRUELAS DE BORRACHA E PARAFUSOS COM PORCAS),CUSTO POR JUNTA,COM DIAMETRODE 1000MM","UN",2414.4299999999998]
["06.011.0132-0","ASSENTAMENTO SEM FORNECIMENTO,DE TUBOS ATE 1,00M DE COMPRIMENTO OU CONEXOES DE FºFº OU ACO,COM FLANGES,CLASSE PN-16,INCLUSIVE O FORNECIMENTO DOS MATERIAIS PARA JUNTAS(ARRUELAS DE BORRACHA E PARAFUSOS COM PORCAS),CUSTO POR JUNTA,COM DIAMETRODE 75MM","UN",71.97,null,"06.011.0132-A","ASSENTAMENTO SEM FORNECIMENTO,DE TUBOS ATE 1,00M DE COMPRIMENTO OU CONEXOES DE FºFº OU ACO,COM FLANGES,CLASSE PN-16,INCLUSIVE O FORNECIMENTO DOS MATERIAIS PARA JUNTAS(ARRUELAS DE BORRACHA E PARAFUSOS COM PORCAS),CUSTO POR JUNTA,COM DIAMETRODE 75MM","UN",70.61]
["06.011.0141-0","ASSENTAMENTO SEM FORNECIMENTO DE TUBOS ATE 1,00M DE COMPRIMENTO OU CONEXOES DE FºFº OU ACO,COM FLANGES CLASSE PN-16,INCLUSIVE O FORNECIMENTO DOS MATERIAIS PARA JUNTAS(ARRUELAS DE BORRACHA E PARAFUSOS COM PORCAS),CUSTO POR JUNTA,COM DIAMETRODE 500MM","UN",1514.1,null,"06.011.0141-A","ASSENTAMENTO SEM FORNECIMENTO DE TUBOS ATE 1,00M DE COMPRIMENTO OU CONEXOES DE FºFº OU ACO,COM FLANGES CLASSE PN-16,INCLUSIVE O FORNECIMENTO DOS MATERIAIS PARA JUNTAS(ARRUELAS DE BORRACHA E PARAFUSOS COM PORCAS),CUSTO POR JUNTA,COM DIAMETRODE 500MM","UN",1508.03]
["06.011.0142-0","ASSENTAMENTO SEM FORNECIMENTO DE TUBOS ATE 1,00M DE COMPRIMENTO OU CONEXOES DE FºFº OU ACO,COM FLANGES CLASSE PN-16,INCLUSIVE O FORNECIMENTO DOS MATERIAIS PARA JUNTAS(ARRUELAS DE BORRACHA E PARAFUSOS COM PORCAS),CUSTO POR JUNTA,COM DIAMETRODE 600MM","UN",1532.23,null,"06.011.0142-A","ASSENTAMENTO SEM FORNECIMENTO DE TUBOS ATE 1,00M DE COMPRIMENTO OU CONEXOES DE FºFº OU ACO,COM FLANGES CLASSE PN-16,INCLUSIVE O FORNECIMENTO DOS MATERIAIS PARA JUNTAS(ARRUELAS DE BORRACHA E PARAFUSOS COM PORCAS),CUSTO POR JUNTA,COM DIAMETRODE 600MM","UN",1525.68]
["06.011.0149-0","ASSENTAMENTO SEM FORNECIMENTO DE TUBOS ATE 1,00M DE COMPRIMENTO OU CONEXOES DE FºFº OU ACO,COM FLANGES CLASSE PN-16,INCLUSIVE O FORNECIMENTO DOS MATERIAIS PARA JUNTAS(ARRUELAS DE BORRACHA E PARAFUSOS COM PORCAS),CUSTO POR JUNTA,COM DIAMETRODE 1200MM","UN",6893.73,null,"06.011.0149-A","ASSENTAMENTO SEM FORNECIMENTO DE TUBOS ATE 1,00M DE COMPRIMENTO OU CONEXOES DE FºFº OU ACO,COM FLANGES CLASSE PN-16,INCLUSIVE O FORNECIMENTO DOS MATERIAIS PARA JUNTAS(ARRUELAS DE BORRACHA E PARAFUSOS COM PORCAS),CUSTO POR JUNTA,COM DIAMETRODE 1200MM","UN",6881.19]
["06.011.0196-0","CUSTO ADICIONAL AOS ITENS 06.011.0101 ATE 06.011.0119,06.011.0131 ATE 06.011.0149,06.011.0411 ATE 06.011.0427),POR METRODE TUBO EXCEDENTE DE 1,00M DE COMPRIMENTO,COM DIAMETRO DE 250MM","M",19.5,null,"06.011.0196-A","CUSTO ADICIONAL AOS ITENS 06.011.0101 ATE 06.011.0119,06.011.0131 ATE 06.011.0149,06.011.0411 ATE 06.011.0427),POR METRODE TUBO EXCEDENTE DE 1,00M DE COMPRIMENTO,COM DIAMETRO DE 250MM","M",19.190000000000001]
["06.011.0201-0","CUSTO ADICIONAL AOS ITENS(06.011.0101 ATE 06.011.0119,06.011.0131 ATE 06.011.0149,06.011.0411 ATE 06.011.0427),POR METRODE TUBO EXCEDENTE DE 1,00M DE COMPRIMENTO,COM DIAMETRO DE 500MM","M",20.98,null,"06.011.0201-A","CUSTO ADICIONAL AOS ITENS(06.011.0101 ATE 06.011.0119,06.011.0131 ATE 06.011.0149,06.011.0411 ATE 06.011.0427),POR METRODE TUBO EXCEDENTE DE 1,00M DE COMPRIMENTO,COM DIAMETRO DE 500MM","M",20.65]
["06.011.0202-0","CUSTO ADICIONAL AOS ITENS(06.011.0101 ATE 06.011.0119,06.011.0131 ATE 06.011.0149,06.011.0411 ATE 06.011.0427),POR METRODE TUBO EXCEDENTE DE 1,00M DE COMPRIMENTO,COM DIAMETRO DE 600MM","M",21.81,null,"06.011.0202-A","CUSTO ADICIONAL AOS ITENS(06.011.0101 ATE 06.011.0119,06.011.0131 ATE 06.011.0149,06.011.0411 ATE 06.011.0427),POR METRODE TUBO EXCEDENTE DE 1,00M DE COMPRIMENTO,COM DIAMETRO DE 600MM","M",21.46]
["06.011.0221-0","MONTAGEM SEM FORNECIMENTO,DE VALVULAS DE GAVETA(REGISTROS),VALVULAS DE RETENCAO,VENTOSAS,HIDRANTES,ETC,COM FLANGES CLASSE PN-10,INCLUSIVE O FORNECIMENTO DOS MATERIAIS PARA AS JUNTAS(ARRUELAS DE BORRACHA E PARAFUSOS COM PORCAS DE ACO CARBONO),CUSTO POR JUNTA FLANGEADA,COM DIAMETRO DE 50MM","UN",71.63,null,"06.011.0221-A","MONTAGEM SEM FORNECIMENTO,DE VALVULAS DE GAVETA(REGISTROS),VALVULAS DE RETENCAO,VENTOSAS,HIDRANTES,ETC,COM FLANGES CLASSE PN-10,INCLUSIVE O FORNECIMENTO DOS MATERIAIS PARA AS JUNTAS(ARRUELAS DE BORRACHA E PARAFUSOS COM PORCAS DE ACO CARBONO),CUSTO POR JUNTA FLANGEADA,COM DIAMETRO DE 50MM","UN",70.290000000000006]
["06.011.0226-0","MONTAGEM SEM FORNECIMENTO,DE VALVULAS DE GAVETA(REGISTROS),VALVULAS DE RETENCAO,VENTOSAS,HIDRANTES,ETC,COM FLANGES,CLASSE PN-10,INCLUSIVE O FORNECIMENTO DOS MATERIAIS PARA AS JUNTAS(ARRUELAS DE BORRACHA E PARAFUSOS COM PORCAS DE ACO CARBONO),CUSTO POR JUNTA FLANGEADA,COM DIAMETRO DE 250MM","UN",298.94,null,"06.011.0226-A","MONTAGEM SEM FORNECIMENTO,DE VALVULAS DE GAVETA(REGISTROS),VALVULAS DE RETENCAO,VENTOSAS,HIDRANTES,ETC,COM FLANGES,CLASSE PN-10,INCLUSIVE O FORNECIMENTO DOS MATERIAIS PARA AS JUNTAS(ARRUELAS DE BORRACHA E PARAFUSOS COM PORCAS DE ACO CARBONO),CUSTO POR JUNTA FLANGEADA,COM DIAMETRO DE 250MM","UN",295.57]
["06.011.0231-0","MONTAGEM SEM FORNECIMENTO,DE VALVULAS DE GAVETA(REGISTROS),VALVULAS DE RETENCAO,VENTOSAS,HIDRANTES,ETC,COM FLANGES,CLASSE PN-10,INCLUSIVE O FORNECIMENTO DOS MATERIAIS PARA AS JUNTAS(ARRUELAS DE BORRACHA E PARAFUSOS COM PORCAS DE ACO CARBONO),CUSTO POR JUNTA FLANGEADA,COM DIAMETRO DE 500MM","UN",643.24,null,"06.011.0231-A","MONTAGEM SEM FORNECIMENTO,DE VALVULAS DE GAVETA(REGISTROS),VALVULAS DE RETENCAO,VENTOSAS,HIDRANTES,ETC,COM FLANGES,CLASSE PN-10,INCLUSIVE O FORNECIMENTO DOS MATERIAIS PARA AS JUNTAS(ARRUELAS DE BORRACHA E PARAFUSOS COM PORCAS DE ACO CARBONO),CUSTO POR JUNTA FLANGEADA,COM DIAMETRO DE 500MM","UN",637.88]
["06.011.0237-0","MONTAGEM SEM FORNECIMENTO,DE VALVULAS DE GAVETA(REGISTROS),VALVULAS DE RETENCAO,VENTOSAS,HIDRANTES,ETC,COM FLANGES,CLASSE PN-10,INCLUSIVE O FORNECIMENTO DOS MATERIAIS PARA AS JUNTAS(ARRUELAS DE BORRACHA E PARAFUSOS COM PORCAS DE ACO CARBONO),CUSTO POR JUNTA FLANGEADA,COM DIAMETRO DE 1000MM","UN",2506.54,null,"06.011.0237-A","MONTAGEM SEM FORNECIMENTO,DE VALVULAS DE GAVETA(REGISTROS),VALVULAS DE RETENCAO,VENTOSAS,HIDRANTES,ETC,COM FLANGES,CLASSE PN-10,INCLUSIVE O FORNECIMENTO DOS MATERIAIS PARA AS JUNTAS(ARRUELAS DE BORRACHA E PARAFUSOS COM PORCAS DE ACO CARBONO),CUSTO POR JUNTA FLANGEADA,COM DIAMETRO DE 1000MM","UN",2496.4299999999998]
["06.011.0251-0","MONTAGEM SEM FORNECIMENTO,DE VALVULAS DE GAVETA(REGISTROS),VALVULAS DE RETENCAO,VENTOSAS,HIDRANTES,ETC,COM FLANGES,CLASSE PN-16,INCLUSIVE O FORNECIMENTO DOS MATERIAIS PARA AS JUNTAS(ARRUELAS DE BORRACHA E PARAFUSOS COM PORCAS DE ACO CARBONO),CUSTO POR JUNTA FLANGEADA,COM DIAMETRO DE 50MM","UN",71.63,null,"06.011.0251-A","MONTAGEM SEM FORNECIMENTO,DE VALVULAS DE GAVETA(REGISTROS),VALVULAS DE RETENCAO,VENTOSAS,HIDRANTES,ETC,COM FLANGES,CLASSE PN-16,INCLUSIVE O FORNECIMENTO DOS MATERIAIS PARA AS JUNTAS(ARRUELAS DE BORRACHA E PARAFUSOS COM PORCAS DE ACO CARBONO),CUSTO POR JUNTA FLANGEADA,COM DIAMETRO DE 50MM","UN",70.290000000000006]
["06.011.0256-0","MONTAGEM SEM FORNECIMENTO,DE VALVULAS DE GAVETA(REGISTROS),VALVULAS DE RETENCAO,VENTOSAS,HIDRANTES,ETC,COM FLANGES,CLASSE PN-16,INCLUSIVE O FORNECIMENTO DOS MATERIAIS PARA AS JUNTAS(ARRUELAS DE BORRACHA E PARAFUSOS COM PORCAS DE ACO CARBONO),CUSTO POR JUNTA FLANGEADA,COM DIAMETRO DE 250MM","UN",400.87,null,"06.011.0256-A","MONTAGEM SEM FORNECIMENTO,DE VALVULAS DE GAVETA(REGISTROS),VALVULAS DE RETENCAO,VENTOSAS,HIDRANTES,ETC,COM FLANGES,CLASSE PN-16,INCLUSIVE O FORNECIMENTO DOS MATERIAIS PARA AS JUNTAS(ARRUELAS DE BORRACHA E PARAFUSOS COM PORCAS DE ACO CARBONO),CUSTO POR JUNTA FLANGEADA,COM DIAMETRO DE 250MM","UN",397.15]
["06.011.0258-0","MONTAGEM SEM FORNECIMENTO,DE VALVULAS DE GAVETA(REGISTRO),VALVULAS DE RETENCAO,VENTOSAS,HIDRANTES,ETC,COM FLANGES CLASSEPN-16,INCLUSIVE O FORNECIMENTO DOS MATERIAIS PARA AS JUNTAS(ARRUELAS DE BORRACHA E PARAFUSOS COM PORCAS DE ACO CARBONO),CUSTO POR JUNTA FLANGEADA,COM DIAMETRO DE 350MM","UN",526.09,null,"06.011.0258-A","MONTAGEM SEM FORNECIMENTO,DE VALVULAS DE GAVETA(REGISTRO),VALVULAS DE RETENCAO,VENTOSAS,HIDRANTES,ETC,COM FLANGES CLASSEPN-16,INCLUSIVE O FORNECIMENTO DOS MATERIAIS PARA AS JUNTAS(ARRUELAS DE BORRACHA E PARAFUSOS COM PORCAS DE ACO CARBONO),CUSTO POR JUNTA FLANGEADA,COM DIAMETRO DE 350MM","UN",521.79]
["06.011.0263-0","MONTAGEM SEM FORNECIMENTO,DE VALVULAS DE GAVETA(REGISTROS),VALVULAS DE RETENCAO,VENTOSAS,HIDRANTES,ETC,COM FLANGES,CLASSE PN-16,INCLUSIVE O FORNECIMENTO DOS MATERIAIS PARA AS JUNTAS(ARRUELAS DE BORRACHA E PARAFUSOS COM PORCAS DE ACO CARBONO),CUSTO POR JUNTA FLANGEADA,COM DIAMETRO DE 700MM","UN",2088.48,null,"06.011.0263-A","MONTAGEM SEM FORNECIMENTO,DE VALVULAS DE GAVETA(REGISTROS),VALVULAS DE RETENCAO,VENTOSAS,HIDRANTES,ETC,COM FLANGES,CLASSE PN-16,INCLUSIVE O FORNECIMENTO DOS MATERIAIS PARA AS JUNTAS(ARRUELAS DE BORRACHA E PARAFUSOS COM PORCAS DE ACO CARBONO),CUSTO POR JUNTA FLANGEADA,COM DIAMETRO DE 700MM","UN",2080.5100000000002]
["06.011.0311-0","MONTAGEM SEM FORNECIMENTO,DE VALVULAS BORBOLETA COM FLANGESCLASSE PN-10,INCLUSIVE O FORNECIMENTO DOS MATERIAIS PARA ASJUNTAS(ARRUELAS DE BORRACHA E PARAFUSOS COM E SEM PORCAS DEACO CARBONO),CUSTO POR JUNTA FLANGEADA,COM DIAMETRO DE 75MM","UN",72.459999999999994,null,"06.011.0311-A","MONTAGEM SEM FORNECIMENTO,DE VALVULAS BORBOLETA COM FLANGESCLASSE PN-10,INCLUSIVE O FORNECIMENTO DOS MATERIAIS PARA ASJUNTAS(ARRUELAS DE BORRACHA E PARAFUSOS COM E SEM PORCAS DEACO CARBONO),CUSTO POR JUNTA FLANGEADA,COM DIAMETRO DE 75MM","UN",71.069999999999993]
["06.011.0315-0","MONTAGEM SEM FORNECIMENTO,DE VALVULAS BORBOLETA COM FLANGESCLASSE PN-10,INCLUSIVE O FORNECIMENTO DOS MATERIAIS PARA ASJUNTAS(ARRUELAS DE BORRACHA E PARAFUSOS COM E SEM PORCAS DEACO CARBONO),CUSTO POR JUNTA FLANGEADA,COM DIAMETRO DE 250MM","UN",298.58,null,"06.011.0315-A","MONTAGEM SEM FORNECIMENTO,DE VALVULAS BORBOLETA COM FLANGESCLASSE PN-10,INCLUSIVE O FORNECIMENTO DOS MATERIAIS PARA ASJUNTAS(ARRUELAS DE BORRACHA E PARAFUSOS COM E SEM PORCAS DEACO CARBONO),CUSTO POR JUNTA FLANGEADA,COM DIAMETRO DE 250MM","UN",295.22000000000003]
["06.011.0322-0","MONTAGEM SEM FORNECIMENTO,DE VALVULAS BORBOLETA COM FLANGESCLASSE PN-10,INCLUSIVE O FORNECIMENTO DOS MATERIAIS PARA ASJUNTAS(ARRUELAS DE BORRACHA E PARAFUSOS COM E SEM PORCAS DEACO CARBONO),CUSTO POR JUNTA FLANGEADA,COM DIAMETRO DE 700MM","UN",931.07,null,"06.011.0322-A","MONTAGEM SEM FORNECIMENTO,DE VALVULAS BORBOLETA COM FLANGESCLASSE PN-10,INCLUSIVE O FORNECIMENTO DOS MATERIAIS PARA ASJUNTAS(ARRUELAS DE BORRACHA E PARAFUSOS COM E SEM PORCAS DEACO CARBONO),CUSTO POR JUNTA FLANGEADA,COM DIAMETRO DE 700MM","UN",924.53]
["06.011.0324-0","MONTAGEM SEM FORNECIMENTO,DE VALVULAS BORBOLETA COM FLANGESCLASSE PN-10,INCLUSIVE O FORNECIMENTO DOS MATERIAIS PARA ASJUNTAS(ARRUELAS DE BORRACHA E PARAFUSOS COM E SEM PORCAS DEACO CARBONO),CUSTO POR JUNTA FLANGEADA,COM DIAMETRO DE 800MM","UN",1824.39,null,"06.011.0324-A","MONTAGEM SEM FORNECIMENTO,DE VALVULAS BORBOLETA COM FLANGESCLASSE PN-10,INCLUSIVE O FORNECIMENTO DOS MATERIAIS PARA ASJUNTAS(ARRUELAS DE BORRACHA E PARAFUSOS COM E SEM PORCAS DEACO CARBONO),CUSTO POR JUNTA FLANGEADA,COM DIAMETRO DE 800MM","UN",1817.19]
["06.011.0343-0","MONTAGEM SEM FORNECIMENTO,DE VALVULAS BORBOLETA,COM FLANGESCLASSE PN-16,INCLUSIVE O FORNECIMENTO DOS MATERIAIS PARA ASJUNTAS(ARRUELAS DE BORRACHA E PARAFUSOS COM E SEM PORCAS DEACO CARBONO),CUSTO POR JUNTA FLANGEADA,COM DIAMETRO DE 150MM","UN",156.41999999999999,null,"06.011.0343-A","MONTAGEM SEM FORNECIMENTO,DE VALVULAS BORBOLETA,COM FLANGESCLASSE PN-16,INCLUSIVE O FORNECIMENTO DOS MATERIAIS PARA ASJUNTAS(ARRUELAS DE BORRACHA E PARAFUSOS COM E SEM PORCAS DEACO CARBONO),CUSTO POR JUNTA FLANGEADA,COM DIAMETRO DE 150MM","UN",153.94]
["06.011.0348-0","MONTAGEM SEM FORNECIMENTO,DE VALVULAS BORBOLETA COM FLANGESCLASSE PN-16,INCLUSIVE O FORNECIMENTO DOS MATERIAIS PARA ASJUNTAS(ARRUELAS DE BORRACHA E PARAFUSOS COM E SEM PORCAS DEACO CARBONO),CUSTO POR JUNTA FLANGEADA,COM DIAMETRO DE 400MM","UN",660.38,null,"06.011.0348-A","MONTAGEM SEM FORNECIMENTO,DE VALVULAS BORBOLETA COM FLANGESCLASSE PN-16,INCLUSIVE O FORNECIMENTO DOS MATERIAIS PARA ASJUNTAS(ARRUELAS DE BORRACHA E PARAFUSOS COM E SEM PORCAS DEACO CARBONO),CUSTO POR JUNTA FLANGEADA,COM DIAMETRO DE 400MM","UN",655.57]
["06.011.0354-0","MONTAGEM SEM FORNECIMENTO,DE VALVULAS BORBOLETA COM FLANGESCLASSE PN-16,INCLUSIVE O FORNECIMENTO DOS MATERIAIS PARA ASJUNTAS(ARRUELAS DE BORRACHA E PARAFUSOS COM E SEM PORCAS DEACO CARBONO),CUSTO POR JUNTA FLANGEADA,COM DIAMETRO DE 800MM","UN",2607.16,null,"06.011.0354-A","MONTAGEM SEM FORNECIMENTO,DE VALVULAS BORBOLETA COM FLANGESCLASSE PN-16,INCLUSIVE O FORNECIMENTO DOS MATERIAIS PARA ASJUNTAS(ARRUELAS DE BORRACHA E PARAFUSOS COM E SEM PORCAS DEACO CARBONO),CUSTO POR JUNTA FLANGEADA,COM DIAMETRO DE 800MM","UN",2598.89]
["06.011.0370-0","MONTAGEM SEM FORNECIMENTO DE VALVULAS BORBOLETA,VALVULAS DERETENCAO OU SIMILARES,TIPO WAFER(MONTAGEM ENTRE FLANGES ADJACENTES),CLASSE PN-10,INCLUSIVE O FORNECIMENTO DOS MATERIAISPARA AS JUNTAS(TIRANTES COM PORCAS E PARAFUSOS DE ACO CARBONO) CUSTO POR ACESSORIO,COM DIAMETRO DE 50 OU 75MM","UN",199.38,null,"06.011.0370-A","MONTAGEM SEM FORNECIMENTO DE VALVULAS BORBOLETA,VALVULAS DERETENCAO OU SIMILARES,TIPO WAFER(MONTAGEM ENTRE FLANGES ADJACENTES),CLASSE PN-10,INCLUSIVE O FORNECIMENTO DOS MATERIAISPARA AS JUNTAS(TIRANTES COM PORCAS E PARAFUSOS DE ACO CARBONO) CUSTO POR ACESSORIO,COM DIAMETRO DE 50 OU 75MM","UN",197.07]
["06.011.0373-0","MONTAGEM SEM FORNECIMENTO DE VALVULAS BORBOLETA,VALVULAS DERETENCAO OU SIMILARES,TIPO WAFER(MONTAGEM ENTRE FLANGES ADJACENTES),CLASSE PN-10,INCLUSIVE O FORNECIMENTO DOS MATERIAISPARA AS JUNTAS(TIRANTES COM PORCAS E PARAFUSOS DE ACO CARBONO) CUSTO POR ACESSORIO,COM DIAMETRO DE 250MM","UN",838.38,null,"06.011.0373-A","MONTAGEM SEM FORNECIMENTO DE VALVULAS BORBOLETA,VALVULAS DERETENCAO OU SIMILARES,TIPO WAFER(MONTAGEM ENTRE FLANGES ADJACENTES),CLASSE PN-10,INCLUSIVE O FORNECIMENTO DOS MATERIAISPARA AS JUNTAS(TIRANTES COM PORCAS E PARAFUSOS DE ACO CARBONO) CUSTO POR ACESSORIO,COM DIAMETRO DE 250MM","UN",833.98]
["06.011.0378-0","MONTAGEM SEM FORNECIMENTO DE VALVULAS BORBOLETA,VALVULAS DERETENCAO OU SIMILARES,TIPO WAFER(MONTAGEM ENTRE FLANGES ADJACENTES),CLASSE PN-10,INCLUSIVE O FORNECIMENTO DOS MATERIAISPARA AS JUNTAS(TIRANTES COM PORCAS E PARAFUSOS DE ACO CARBONO) CUSTO POR ACESSORIO,COM DIAMETRO DE 600MM","UN",6748.51,null,"06.011.0378-A","MONTAGEM SEM FORNECIMENTO DE VALVULAS BORBOLETA,VALVULAS DERETENCAO OU SIMILARES,TIPO WAFER(MONTAGEM ENTRE FLANGES ADJACENTES),CLASSE PN-10,INCLUSIVE O FORNECIMENTO DOS MATERIAISPARA AS JUNTAS(TIRANTES COM PORCAS E PARAFUSOS DE ACO CARBONO) CUSTO POR ACESSORIO,COM DIAMETRO DE 600MM","UN",6740.65]
["06.011.0390-0","MONTAGEM SEM FORNECIMENTO DE VALVULAS BORBOLETA,VALVULAS DERETENCAO OU SIMILARES,TIPO WAFER(MONTAGEM ENTRE FLANGES ADJACENTES),CLASSE PN-16,INCLUSIVE O FORNECIMENTO DOS MATERIAISPARA AS JUNTAS(TIRANTES COM PORCAS E PARAFUSOS DE ACO CARBONO) CUSTO POR ACESSORIO,COM DIAMETRO DE 50 OU 75MM","UN",199.38,null,"06.011.0390-A","MONTAGEM SEM FORNECIMENTO DE VALVULAS BORBOLETA,VALVULAS DERETENCAO OU SIMILARES,TIPO WAFER(MONTAGEM ENTRE FLANGES ADJACENTES),CLASSE PN-16,INCLUSIVE O FORNECIMENTO DOS MATERIAISPARA AS JUNTAS(TIRANTES COM PORCAS E PARAFUSOS DE ACO CARBONO) CUSTO POR ACESSORIO,COM DIAMETRO DE 50 OU 75MM","UN",197.07]
["06.011.0391-0","MONTAGEM SEM FORNECIMENTO DE VALVULAS BORBOLETA,VALVULAS DERETENCAO OU SIMILARES,TIPO WAFER(MONTAGEM ENTRE FLANGES ADJACENTES),CLASSE PN-16,INCLUSIVE O FORNECIMENTO DOS MATERIAISPARA AS JUNTAS(TIRANTES COM PORCAS E PARAFUSOS DE ACO CARBONO) CUSTO POR ACESSORIO,COM DIAMETRO DE 100MM","UN",364.83,null,"06.011.0391-A","MONTAGEM SEM FORNECIMENTO DE VALVULAS BORBOLETA,VALVULAS DERETENCAO OU SIMILARES,TIPO WAFER(MONTAGEM ENTRE FLANGES ADJACENTES),CLASSE PN-16,INCLUSIVE O FORNECIMENTO DOS MATERIAISPARA AS JUNTAS(TIRANTES COM PORCAS E PARAFUSOS DE ACO CARBONO) CUSTO POR ACESSORIO,COM DIAMETRO DE 100MM","UN",362.02]
["06.011.0396-0","MONTAGEM SEM FORNECIMENTO DE VALVULAS BORBOLETA,VALVULAS DERETENCAO OU SIMILARES,TIPO WAFER(MONTAGEM ENTRE FLANGES ADJACENTES),CLASSE PN-16,INCLUSIVE O FORNECIMENTO DOS MATERIAISPARA AS JUNTAS(TIRANTES COM PORCAS E PARAFUSOS DE ACO CARBONO) CUSTO POR ACESSORIO,COM DIAMETRO DE 350MM","UN",2689.63,null,"06.011.0396-A","MONTAGEM SEM FORNECIMENTO DE VALVULAS BORBOLETA,VALVULAS DERETENCAO OU SIMILARES,TIPO WAFER(MONTAGEM ENTRE FLANGES ADJACENTES),CLASSE PN-16,INCLUSIVE O FORNECIMENTO DOS MATERIAISPARA AS JUNTAS(TIRANTES COM PORCAS E PARAFUSOS DE ACO CARBONO) CUSTO POR ACESSORIO,COM DIAMETRO DE 350MM","UN",2683.02]
["06.011.0399-0","MONTAGEM SEM FORNECIMENTO DE VALVULAS BORBOLETA,VALVULAS DERETENCAO OU SIMILARES,TIPO WAFER(MONTAGEM ENTRE FLANGES ADJACENTES),CLASSE PN-16,INCLUSIVE O FORNECIMENTO DOS MATERIAISPARA AS JUNTAS(TIRANTES COM PORCAS E PARAFUSOS DE ACO CARBONO) CUSTO POR ACESSORIO,COM DIAMETRO DE 600MM","UN",9928.48,null,"06.011.0399-A","MONTAGEM SEM FORNECIMENTO DE VALVULAS BORBOLETA,VALVULAS DERETENCAO OU SIMILARES,TIPO WAFER(MONTAGEM ENTRE FLANGES ADJACENTES),CLASSE PN-16,INCLUSIVE O FORNECIMENTO DOS MATERIAISPARA AS JUNTAS(TIRANTES COM PORCAS E PARAFUSOS DE ACO CARBONO) CUSTO POR ACESSORIO,COM DIAMETRO DE 600MM","UN",9919.7999999999993]
["06.011.0413-0","ASSENTAMENTO SEM FORNECIMENTO,DE TUBOS ATE 1,00M DE COMPRIMENTO OU CONEXOES DE FERRO FUNDIDO OU ACO,COM FLANGES CLASSE PN-10,INCLUSIVE O FORNECIMENTO DOS MATERIAIS PARA JUNTAS(ARRUELAS DE BORRACHA E PARAFUSOS COM PORCAS DE ACO INOX 316),CUSTO POR JUNTA,COM DIAMETRO DE 100MM","UN",219.66,null,"06.011.0413-A","ASSENTAMENTO SEM FORNECIMENTO,DE TUBOS ATE 1,00M DE COMPRIMENTO OU CONEXOES DE FERRO FUNDIDO OU ACO,COM FLANGES CLASSE PN-10,INCLUSIVE O FORNECIMENTO DOS MATERIAIS PARA JUNTAS(ARRUELAS DE BORRACHA E PARAFUSOS COM PORCAS DE ACO INOX 316),CUSTO POR JUNTA,COM DIAMETRO DE 100MM","UN",217.81]
["06.011.0414-0","ASSENTAMENTO SEM FORNECIMENTO,DE TUBOS ATE 1,00M DE COMPRIMENTO OU CONEXOES DE FERRO FUNDIDO OU ACO,COM FLANGES CLASSE PN-10,INCLUSIVE O FORNECIMENTO DOS MATERIAIS PARA JUNTAS(ARRUELAS DE BORRACHA E PARAFUSOS COM PORCAS DE ACO INOX 316),CUSTO POR JUNTA,COM DIAMETRO DE 150MM","UN",236.03,null,"06.011.0414-A","ASSENTAMENTO SEM FORNECIMENTO,DE TUBOS ATE 1,00M DE COMPRIMENTO OU CONEXOES DE FERRO FUNDIDO OU ACO,COM FLANGES CLASSE PN-10,INCLUSIVE O FORNECIMENTO DOS MATERIAIS PARA JUNTAS(ARRUELAS DE BORRACHA E PARAFUSOS COM PORCAS DE ACO INOX 316),CUSTO POR JUNTA,COM DIAMETRO DE 150MM","UN",233.55]
["06.011.0420-0","ASSENTAMENTO SEM FORNECIMENTO,DE TUBOS ATE 1,00M DE COMPRIMENTO OU CONEXOES DE FERRO FUNDIDO OU ACO,COM FLANGES CLASSE PN-10,INCLUSIVE O FORNECIMENTO DOS MATERIAIS PARA JUNTAS(ARRUELAS DE BORRACHA E PARAFUSOS COM PORCAS DE ACO INOX 316),CUSTO POR JUNTA,COM DIAMETRO DE 450MM","UN",806.1,null,"06.011.0420-A","ASSENTAMENTO SEM FORNECIMENTO,DE TUBOS ATE 1,00M DE COMPRIMENTO OU CONEXOES DE FERRO FUNDIDO OU ACO,COM FLANGES CLASSE PN-10,INCLUSIVE O FORNECIMENTO DOS MATERIAIS PARA JUNTAS(ARRUELAS DE BORRACHA E PARAFUSOS COM PORCAS DE ACO INOX 316),CUSTO POR JUNTA,COM DIAMETRO DE 450MM","UN",801.16]
["06.011.0425-0","ASSENTAMENTO SEM FORNECIMENTO,DE TUBOS ATE 1,00M DE COMPRIMENTO OU CONEXOES DE FERRO FUNDIDO OU ACO,COM FLANGES CLASSE PN-10,INCLUSIVE O FORNECIMENTO DOS MATERIAIS PARA JUNTAS(ARRUELAS DE BORRACHA E PARAFUSOS COM PORCAS DE ACO INOX 316),CUSTO POR JUNTA,COM DIAMETRO DE 900MM","UN",4619.1899999999996,null,"06.011.0425-A","ASSENTAMENTO SEM FORNECIMENTO,DE TUBOS ATE 1,00M DE COMPRIMENTO OU CONEXOES DE FERRO FUNDIDO OU ACO,COM FLANGES CLASSE PN-10,INCLUSIVE O FORNECIMENTO DOS MATERIAIS PARA JUNTAS(ARRUELAS DE BORRACHA E PARAFUSOS COM PORCAS DE ACO INOX 316),CUSTO POR JUNTA,COM DIAMETRO DE 900MM","UN",4611.21]
["06.011.0433-0","MONTAGEM SEM FORNECIMENTO,DE VALVULAS DE GAVETA(REGISTROS),VALVULAS DE RETENCAO,VENTOSAS,ETC,COM FLANGES CLASSE PN-10,INCLUSIVE O FORNECIMENTO DOS MATERIAIS PARA AS JUNTAS(ARRUELASDE BORRACHA E PARAFUSOS COM PORCAS DE ACO INOX 316),CUSTO POR JUNTA FLANGEADA,COM DIAMETRO DE 100MM","UN",91.35,null,"06.011.0433-A","MONTAGEM SEM FORNECIMENTO,DE VALVULAS DE GAVETA(REGISTROS),VALVULAS DE RETENCAO,VENTOSAS,ETC,COM FLANGES CLASSE PN-10,INCLUSIVE O FORNECIMENTO DOS MATERIAIS PARA AS JUNTAS(ARRUELASDE BORRACHA E PARAFUSOS COM PORCAS DE ACO INOX 316),CUSTO POR JUNTA FLANGEADA,COM DIAMETRO DE 100MM","UN",89.15]
["06.011.0437-0","MONTAGEM SEM FORNECIMENTO,DE VALVULAS DE GAVETA(REGISTROS),VALVULAS DE RETENCAO,VENTOSAS,ETC,COM FLANGES CLASSE PN-10,INCLUSIVE O FORNECIMENTO DOS MATERIAIS PARA AS JUNTAS(ARRUELASDE BORRACHA E PARAFUSOS COM PORCAS DE ACO INOX 316),CUSTO POR JUNTA FLANGEADA,COM DIAMETRO DE 300MM","UN",432.3,null,"06.011.0437-A","MONTAGEM SEM FORNECIMENTO,DE VALVULAS DE GAVETA(REGISTROS),VALVULAS DE RETENCAO,VENTOSAS,ETC,COM FLANGES CLASSE PN-10,INCLUSIVE O FORNECIMENTO DOS MATERIAIS PARA AS JUNTAS(ARRUELASDE BORRACHA E PARAFUSOS COM PORCAS DE ACO INOX 316),CUSTO POR JUNTA FLANGEADA,COM DIAMETRO DE 300MM","UN",428.9]
["06.011.0440-0","MONTAGEM SEM FORNECIMENTO,DE VALVULAS DE GAVETA(REGISTROS),VALVULAS DE RETENCAO,VENTOSAS,ETC,COM FLANGES CLASSE PN-10,INCLUSIVE O FORNECIMENTO DOS MATERIAIS PARA AS JUNTAS(ARRUELASDE BORRACHA E PARAFUSOS COM PORCAS DE ACO INOX 316),CUSTO POR JUNTA FLANGEADA,COM DIAMETRO DE 450MM","UN",812.16,null,"06.011.0440-A","MONTAGEM SEM FORNECIMENTO,DE VALVULAS DE GAVETA(REGISTROS),VALVULAS DE RETENCAO,VENTOSAS,ETC,COM FLANGES CLASSE PN-10,INCLUSIVE O FORNECIMENTO DOS MATERIAIS PARA AS JUNTAS(ARRUELASDE BORRACHA E PARAFUSOS COM PORCAS DE ACO INOX 316),CUSTO POR JUNTA FLANGEADA,COM DIAMETRO DE 450MM","UN",807.13]
["06.011.0446-0","MONTAGEM SEM FORNECIMENTO,DE VALVULAS DE GAVETA(REGISTROS),VALVULAS DE RETENCAO,VENTOSAS,ETC,COM FLANGES CLASSE PN-10,INCLUSIVE O FORNECIMENTO DOS MATERIAIS PARA AS JUNTAS(ARRUELASDE BORRACHA E PARAFUSOS COM PORCAS DE ACO INOX 316),CUSTO POR JUNTA FLANGEADA,COM DIAMETRO DE 900MM","UN",4664.68,null,"06.011.0446-A","MONTAGEM SEM FORNECIMENTO,DE VALVULAS DE GAVETA(REGISTROS),VALVULAS DE RETENCAO,VENTOSAS,ETC,COM FLANGES CLASSE PN-10,INCLUSIVE O FORNECIMENTO DOS MATERIAIS PARA AS JUNTAS(ARRUELASDE BORRACHA E PARAFUSOS COM PORCAS DE ACO INOX 316),CUSTO POR JUNTA FLANGEADA,COM DIAMETRO DE 900MM","UN",4655.97]
["06.012.0004-0","CAIXA DE AREIA DE CONCRETO ARMADO DE 1,20X1,20X2,10M,PARA COLETOR DE AGUAS PLUVIAIS DE 0,70M DE DIAMETRO COM PAREDES DE0,15M DE ESPESSURA,SENDO A BASE EM CONCRETO DOSADO PARA FCK=10MPA E REVESTIDA DE ARGAMASSA DE CIMENTO E AREIA,TRACO 1:4EM VOLUME,DEGRAUS DE FERRO FUNDIDO,INCLUSIVE FORNECIMENTO DETODOS OS MATERIAIS","UN",5114.83,null,"06.012.0004-A","CAIXA DE AREIA DE CONCRETO ARMADO DE 1,20X1,20X2,10M,PARA COLETOR DE AGUAS PLUVIAIS DE 0,70M DE DIAMETRO COM PAREDES DE0,15M DE ESPESSURA,SENDO A BASE EM CONCRETO DOSADO PARA FCK=10MPA E REVESTIDA DE ARGAMASSA DE CIMENTO E AREIA,TRACO 1:4EM VOLUME,DEGRAUS DE FERRO FUNDIDO,INCLUSIVE FORNECIMENTO DETODOS OS MATERIAIS","UN",4963.01]
["06.012.0005-0","CAIXA DE AREIA DE CONCRETO ARMADO DE 1,30X1,30X2,20M,PARA COLETOR DE AGUAS PLUVIAIS DE 0,80M DE DIAMETRO COM PAREDES DE0,15M DE ESPESSURA,SENDO A BASE EM CONCRETO DOSADO PARA FCK=10MPA E REVESTIDA DE ARGAMASSA DE CIMENTO E AREIA,TRACO 1:4EM VOLUME,DEGRAUS DE FERRO FUNDIDO,INCLUSIVE FORNECIMENTO DETODOS OS MATERIAIS","UN",5554.05,null,"06.012.0005-A","CAIXA DE AREIA DE CONCRETO ARMADO DE 1,30X1,30X2,20M,PARA COLETOR DE AGUAS PLUVIAIS DE 0,80M DE DIAMETRO COM PAREDES DE0,15M DE ESPESSURA,SENDO A BASE EM CONCRETO DOSADO PARA FCK=10MPA E REVESTIDA DE ARGAMASSA DE CIMENTO E AREIA,TRACO 1:4EM VOLUME,DEGRAUS DE FERRO FUNDIDO,INCLUSIVE FORNECIMENTO DETODOS OS MATERIAIS","UN",5387.84]
["06.012.0015-0","POCO DE VISITA DE CONCRETO ARMADO DE 1,00X1,00X1,40M,PARA COLETOR DE AGUAS PLUVIAIS DE 0,40 A 0,50M DE DIAMETRO COM PAREDES DE 0,15M DE ESPESSURA E BASE EM CONCRETO DOSADO PARA FCK=10MPA E REVESTIDA COM ARGAMASSA DE CIMENTO E AREIA,TRACO 1:4 EM VOLUME,DEGRAUS DE FERRO FUNDIDO,INCLUSIVE FORNECIMENTODE TODOS OS MATERIAIS","UN",2868.91,null,"06.012.0015-A","POCO DE VISITA DE CONCRETO ARMADO DE 1,00X1,00X1,40M,PARA COLETOR DE AGUAS PLUVIAIS DE 0,40 A 0,50M DE DIAMETRO COM PAREDES DE 0,15M DE ESPESSURA E BASE EM CONCRETO DOSADO PARA FCK=10MPA E REVESTIDA COM ARGAMASSA DE CIMENTO E AREIA,TRACO 1:4 EM VOLUME,DEGRAUS DE FERRO FUNDIDO,INCLUSIVE FORNECIMENTODE TODOS OS MATERIAIS","UN",2782.61]
["06.012.0020-0","POCO DE VISITA DE CONCRETO ARMADO DE 1,50X1,50X1,60M,PARA COLETOR DE AGUAS PLUVIAIS DE 1,00M DE DIAMETRO COM PAREDES DE0,15M DE ESPESSURA E BASE EM CONCRETO DOSADO PARA FCK=10MPAE REVESTIDA COM ARGAMASSA DE CIMENTO E AREIA,TRACO 1:4 EM VOLUME,DEGRAUS DE FERRO FUNDIDO,INCLUSIVE FORNECIMENTO DE TODOS OS MATERIAIS","UN",5204.62,null,"06.012.0020-A","POCO DE VISITA DE CONCRETO ARMADO DE 1,50X1,50X1,60M,PARA COLETOR DE AGUAS PLUVIAIS DE 1,00M DE DIAMETRO COM PAREDES DE0,15M DE ESPESSURA E BASE EM CONCRETO DOSADO PARA FCK=10MPAE REVESTIDA COM ARGAMASSA DE CIMENTO E AREIA,TRACO 1:4 EM VOLUME,DEGRAUS DE FERRO FUNDIDO,INCLUSIVE FORNECIMENTO DE TODOS OS MATERIAIS","UN",5046.59]
["06.012.0022-0","POCO DE VISITA DE CONCRETO ARMADO DE 1,70X1,70X1,80M,PARA COLETOR DE AGUAS PLUVIAIS DE 1,20M DE DIAMETRO COM PAREDES DE0,15M DE ESPESSURA E BASE EM CONCRETO DOSADO PARA FCK=10MPAE REVESTIDA COM ARGAMASSA DE CIMENTO E AREIA,TRACO 1:4 EM VOLUME,DEGRAUS DE FERRO FUNDIDO,INCLUSIVE FORNECIMENTO DE TODOS OS MATERIAIS","UN",6104.26,null,"06.012.0022-A","POCO DE VISITA DE CONCRETO ARMADO DE 1,70X1,70X1,80M,PARA COLETOR DE AGUAS PLUVIAIS DE 1,20M DE DIAMETRO COM PAREDES DE0,15M DE ESPESSURA E BASE EM CONCRETO DOSADO PARA FCK=10MPAE REVESTIDA COM ARGAMASSA DE CIMENTO E AREIA,TRACO 1:4 EM VOLUME,DEGRAUS DE FERRO FUNDIDO,INCLUSIVE FORNECIMENTO DE TODOS OS MATERIAIS","UN",5920.8]
["06.012.0043-0","CAIXA PARA REGISTRO,DE CONCRETO ARMADO DE 1,00X1,10X1,40M,PARA TUBULACAO DE FºFº COM 0,40M DE DIAMETRO,SENDO AS PAREDESDE 0,15M DE ESPESSURA E O CONCRETO DOSADO PARA FCK=10MPA,EXCLUSIVE TAMPAS DE FERRO FUNDIDO","UN",2005.43,null,"06.012.0043-A","CAIXA PARA REGISTRO,DE CONCRETO ARMADO DE 1,00X1,10X1,40M,PARA TUBULACAO DE FºFº COM 0,40M DE DIAMETRO,SENDO AS PAREDESDE 0,15M DE ESPESSURA E O CONCRETO DOSADO PARA FCK=10MPA,EXCLUSIVE TAMPAS DE FERRO FUNDIDO","UN",1940.07]
["06.012.0204-0","POCO DE VISITA DE CONCRETO ARMADO COM MEDIDAS INTERNAS DO POCO E PROFUNDIDADE DE 1,10X1,10X2,40M,E DIAMETRO DA GALERIA DE ATE 0,60M,TENDO O CONCRETO DAS PAREDES,FUNDO E TAMPA 400KGE O DA BASE,CALHA E BANQUETA 300KG DE CIMENTO POR M3,SENDOAS PAREDES,CALHA E A BANQUETA REVESTIDAS COM ARGAMASSA,EXCLUSIVE TAMPAO DE FERRO FUNDIDO","UN",8932.8700000000008,null,"06.012.0204-A","POCO DE VISITA DE CONCRETO ARMADO COM MEDIDAS INTERNAS DO POCO E PROFUNDIDADE DE 1,10X1,10X2,40M,E DIAMETRO DA GALERIA DE ATE 0,60M,TENDO O CONCRETO DAS PAREDES,FUNDO E TAMPA 400KGE O DA BASE,CALHA E BANQUETA 300KG DE CIMENTO POR M3,SENDOAS PAREDES,CALHA E A BANQUETA REVESTIDAS COM ARGAMASSA,EXCLUSIVE TAMPAO DE FERRO FUNDIDO","UN",8542.9599999999991]
["06.012.0209-0","POCO DE VISITA DE CONCRETO ARMADO COM MEDIDAS INTERNAS DO POCO E PROFUNDIDADE DE 1,10X1,10X3,90M,E DIAMETRO DA GALERIA DE ATE 0,60M,TENDO O CONCRETO DAS PAREDES,FUNDO E TAMPA 400KGE O DA BASE,CALHA E A BANQUETA 300KG DE CIMENTO POR M3,SENDO AS PAREDES,CALHA E BANQUETA REVESTIDAS COM ARGAMASSA,EXCLUSIVE TAMPAO DE FERRO FUNDIDO","UN",11654.28,null,"06.012.0209-A","POCO DE VISITA DE CONCRETO ARMADO COM MEDIDAS INTERNAS DO POCO E PROFUNDIDADE DE 1,10X1,10X3,90M,E DIAMETRO DA GALERIA DE ATE 0,60M,TENDO O CONCRETO DAS PAREDES,FUNDO E TAMPA 400KGE O DA BASE,CALHA E A BANQUETA 300KG DE CIMENTO POR M3,SENDO AS PAREDES,CALHA E BANQUETA REVESTIDAS COM ARGAMASSA,EXCLUSIVE TAMPAO DE FERRO FUNDIDO","UN",11183.11]
["06.012.0215-0","POCO DE VISITA DE CONCRETO ARMADO COM MEDIDAS INTERNAS DO POCO E PROFUNDIDADE DE 1,10X1,10X5,70M,E DIAMETRO DA GALERIA DE ATE 0,60M,TENDO O CONCRETO DAS PAREDES,FUNDO E TAMPA 400KGE O DA BASE,CALHA E BANQUETA 300KG DE CIMENTO POR M3,SENDOAS PAREDES,CALHA E A BANQUETA REVESTIDAS COM ARGAMASSA,EXCLUSIVE TAMPAO DE FERRO FUNDIDO","UN",15135.12,null,"06.012.0215-A","POCO DE VISITA DE CONCRETO ARMADO COM MEDIDAS INTERNAS DO POCO E PROFUNDIDADE DE 1,10X1,10X5,70M,E DIAMETRO DA GALERIA DE ATE 0,60M,TENDO O CONCRETO DAS PAREDES,FUNDO E TAMPA 400KGE O DA BASE,CALHA E BANQUETA 300KG DE CIMENTO POR M3,SENDOAS PAREDES,CALHA E A BANQUETA REVESTIDAS COM ARGAMASSA,EXCLUSIVE TAMPAO DE FERRO FUNDIDO","UN",14531.98]
["06.012.0216-0","POCO DE VISITA DE CONCRETO ARMADO COM MEDIDAS INTERNAS DO POCO E PROFUNDIDADE DE 1,10X1,10X6,00M,E DIAMETRO DA GALERIA DE ATE 0,60M,TENDO O CONCRETO DAS PAREDES,FUNDO E TAMPA 400KGE O DA BASE,CALHA E BANQUETA 300KG DE CIMENTO POR M3,SENDOAS PAREDES,CALHA E A BANQUETA REVESTIDAS COM ARGAMASSA,EXCLUSIVE TAMPAO DE FERRO FUNDIDO","UN",15726.25,null,"06.012.0216-A","POCO DE VISITA DE CONCRETO ARMADO COM MEDIDAS INTERNAS DO POCO E PROFUNDIDADE DE 1,10X1,10X6,00M,E DIAMETRO DA GALERIA DE ATE 0,60M,TENDO O CONCRETO DAS PAREDES,FUNDO E TAMPA 400KGE O DA BASE,CALHA E BANQUETA 300KG DE CIMENTO POR M3,SENDOAS PAREDES,CALHA E A BANQUETA REVESTIDAS COM ARGAMASSA,EXCLUSIVE TAMPAO DE FERRO FUNDIDO","UN",15101.21]
["06.012.0223-0","POCO DE VISITA DE CONCRETO ARMADO COM MEDIDAS INTERNAS DO POCO E PROFUNDIDADE DE 1,20X1,20X3,30M,E DIAMETRO DA GALERIA DE 0,70M,TENDO O CONCRETO DAS PAREDES,FUNDO E TAMPA 400KG E ODA BASE,CALHA E BANQUETA 300KG DE CIMENTO POR M3,SENDO AS PAREDES,CALHA E A BANQUETA REVESTIDAS COM ARGAMASSA,EXCLUSIVETAMPAO DE FERRO FUNDIDO","UN",11693.4,null,"06.012.0223-A","POCO DE VISITA DE CONCRETO ARMADO COM MEDIDAS INTERNAS DO POCO E PROFUNDIDADE DE 1,20X1,20X3,30M,E DIAMETRO DA GALERIA DE 0,70M,TENDO O CONCRETO DAS PAREDES,FUNDO E TAMPA 400KG E ODA BASE,CALHA E BANQUETA 300KG DE CIMENTO POR M3,SENDO AS PAREDES,CALHA E A BANQUETA REVESTIDAS COM ARGAMASSA,EXCLUSIVETAMPAO DE FERRO FUNDIDO","UN",11186.95]
["06.012.0227-0","POCO DE VISITA DE CONCRETO ARMADO COM MEDIDAS INTERNAS DO POCO E PROFUNDIDADE DE 1,20X1,20X4,50M,E DIAMETRO DA GALERIA DE 0,70M,TENDO O CONCRETO DAS PAREDES,FUNDO E TAMPA 400KG E ODA BASE,CALHA E BANQUETA 300KG DE CIMENTO POR M3,SENDO AS PAREDES,CALHA E A BANQUETA REVESTIDAS COM ARGAMASSA,EXCLUSIVETAMPAO DE FERRO FUNDIDO","UN",13940,null,"06.012.0227-A","POCO DE VISITA DE CONCRETO ARMADO COM MEDIDAS INTERNAS DO POCO E PROFUNDIDADE DE 1,20X1,20X4,50M,E DIAMETRO DA GALERIA DE 0,70M,TENDO O CONCRETO DAS PAREDES,FUNDO E TAMPA 400KG E ODA BASE,CALHA E BANQUETA 300KG DE CIMENTO POR M3,SENDO AS PAREDES,CALHA E A BANQUETA REVESTIDAS COM ARGAMASSA,EXCLUSIVETAMPAO DE FERRO FUNDIDO","UN",13374.41]
["06.012.0232-0","POCO DE VISITA DE CONCRETO ARMADO COM MEDIDAS INTERNAS DO POCO E PROFUNDIDADE DE 1,20X1,20X6,00M,E DIAMETRO DA GALERIA DE 0,70M,TENDO O CONCRETO DAS PAREDES,FUNDO E TAMPA 400KG E ODA BASE,CALHA E BANQUETA 300KG DE CIMENTO POR M3,SENDO AS PAREDES,CALHA E A BANQUETA REVESTIDAS COM ARGAMASSA,EXCLUSIVETAMPAO DE FERRO FUNDIDO","UN",16752.310000000001,null,"06.012.0232-A","POCO DE VISITA DE CONCRETO ARMADO COM MEDIDAS INTERNAS DO POCO E PROFUNDIDADE DE 1,20X1,20X6,00M,E DIAMETRO DA GALERIA DE 0,70M,TENDO O CONCRETO DAS PAREDES,FUNDO E TAMPA 400KG E ODA BASE,CALHA E BANQUETA 300KG DE CIMENTO POR M3,SENDO AS PAREDES,CALHA E A BANQUETA REVESTIDAS COM ARGAMASSA,EXCLUSIVETAMPAO DE FERRO FUNDIDO","UN",16076.81]
["06.012.0237-0","POCO DE VISITA DE CONCRETO ARMADO COM MEDIDAS INTERNAS DO POCO E PROFUNDIDADE DE 1,30X1,30X2,70M,E DIAMETRO DA GALEIRA DE 0,80M,TENDO O CONCRETO DAS PAREDES,FUNDO E TAMPA 400KG E ODA BASE,CALHA E BANQUETA 300KG DE CIMENTO POR M3,SENDO AS PAREDES,CALHA E A BANQUETA REVESTIDAS COM ARGAMASSA,EXCLUSIVETAMPAO DE FERRO FUNDIDO","UN",11888.39,null,"06.012.0237-A","POCO DE VISITA DE CONCRETO ARMADO COM MEDIDAS INTERNAS DO POCO E PROFUNDIDADE DE 1,30X1,30X2,70M,E DIAMETRO DA GALEIRA DE 0,80M,TENDO O CONCRETO DAS PAREDES,FUNDO E TAMPA 400KG E ODA BASE,CALHA E BANQUETA 300KG DE CIMENTO POR M3,SENDO AS PAREDES,CALHA E A BANQUETA REVESTIDAS COM ARGAMASSA,EXCLUSIVETAMPAO DE FERRO FUNDIDO","UN",11365.24]
["06.012.0239-0","POCO DE VISITA DE CONCRETO ARMADO COM MEDIDAS INTERNAS DO POCO E PROFUNDIDADE DE 1,30X1,30X3,30M,E DIAMETRO DA GALERIA DE 0,80M,TENDO O CONCRETO DAS PAREDES,FUNDO E TAMPA 400KG E ODA BASE,CALHA E BANQUETA 300KG DE CIMENTO POR M3,SENDO AS PAREDES,CALHA E A BANQUETA REVESTIDAS COM ARGAMASSA,EXCLUSIVETAMPAO DE FERRO FUNDIDO","UN",12934.35,null,"06.012.0239-A","POCO DE VISITA DE CONCRETO ARMADO COM MEDIDAS INTERNAS DO POCO E PROFUNDIDADE DE 1,30X1,30X3,30M,E DIAMETRO DA GALERIA DE 0,80M,TENDO O CONCRETO DAS PAREDES,FUNDO E TAMPA 400KG E ODA BASE,CALHA E BANQUETA 300KG DE CIMENTO POR M3,SENDO AS PAREDES,CALHA E A BANQUETA REVESTIDAS COM ARGAMASSA,EXCLUSIVETAMPAO DE FERRO FUNDIDO","UN",12369.26]
["06.012.0244-0","POCO DE VISITA DE CONCRETO ARMADO COM MEDIDAS INTERNAS DO POCO E PROFUNDIDADE DE 1,30X1,30X4,80M,E DIAMETRO DA GALERIA DE 0,80M,TENDO O CONCRETO DAS PAREDES,FUNDO E TAMPA 400KG E ODA BASE,CALHA E BANQUETA 300KG DE CIMENTO POR M3,SENDO AS PAREDES,CALHA E A BANQUETA REVESTIDAS COM ARGAMASSA,EXCLUSIVETAMPAO DE FERRO FUNDIDO","UN",15929.12,null,"06.012.0244-A","POCO DE VISITA DE CONCRETO ARMADO COM MEDIDAS INTERNAS DO POCO E PROFUNDIDADE DE 1,30X1,30X4,80M,E DIAMETRO DA GALERIA DE 0,80M,TENDO O CONCRETO DAS PAREDES,FUNDO E TAMPA 400KG E ODA BASE,CALHA E BANQUETA 300KG DE CIMENTO POR M3,SENDO AS PAREDES,CALHA E A BANQUETA REVESTIDAS COM ARGAMASSA,EXCLUSIVETAMPAO DE FERRO FUNDIDO","UN",15274.25]
["06.012.0246-0","POCO DE VISITA DE CONCRETO ARMADO COM MEDIDAS INTERNAS DO POCO E PROFUNDIDADE DE 1,30X1,30X5,40M,E DIAMETRO DA GALEIRA DE 0,80M,TENDO O CONCRETO DAS PAREDES,FUNDO E TAMPA 400KG E ODA BASE,CALHA E BANQUETA 300KG DE CIMENTO POR M3,SENDO AS PAREDES,CALHA E A BANQUETA REVESTIDAS COM ARGAMASSA,EXCLUSIVETAMPAO DE FERRO FUNDIDO","UN",17115.39,null,"06.012.0246-A","POCO DE VISITA DE CONCRETO ARMADO COM MEDIDAS INTERNAS DO POCO E PROFUNDIDADE DE 1,30X1,30X5,40M,E DIAMETRO DA GALEIRA DE 0,80M,TENDO O CONCRETO DAS PAREDES,FUNDO E TAMPA 400KG E ODA BASE,CALHA E BANQUETA 300KG DE CIMENTO POR M3,SENDO AS PAREDES,CALHA E A BANQUETA REVESTIDAS COM ARGAMASSA,EXCLUSIVETAMPAO DE FERRO FUNDIDO","UN",16416.580000000002]
["06.012.0251-0","POCO DE VISITA DE CONCRETO ARMADO COM MEDIDAS INTERNAS DO POCO E PROFUNDIDADE DE 1,40X1,40X2,40M,E DIAMETRO DA GALERIA DE 0,90M,TENDO O CONCRETO DAS PAREDES,FUNDO E TAMPA 400KG E ODA BASE,CALHA E BANQUETA 300KG DE CIMENTO POR M3,SENDO AS PAREDES,CALHA E A BANQUETA REVESTIDAS COM ARGAMASSA,EXCLUSIVETAMPAO DE FERRO FUNDIDO","UN",11860.8,null,"06.012.0251-A","POCO DE VISITA DE CONCRETO ARMADO COM MEDIDAS INTERNAS DO POCO E PROFUNDIDADE DE 1,40X1,40X2,40M,E DIAMETRO DA GALERIA DE 0,90M,TENDO O CONCRETO DAS PAREDES,FUNDO E TAMPA 400KG E ODA BASE,CALHA E BANQUETA 300KG DE CIMENTO POR M3,SENDO AS PAREDES,CALHA E A BANQUETA REVESTIDAS COM ARGAMASSA,EXCLUSIVETAMPAO DE FERRO FUNDIDO","UN",11340.28]
["06.012.0256-0","POCO DE VISITA DE CONCRETO ARMADO COM MEDIDAS INTERNAS DO POCO E PRODUNDIDADE DE 1,40X1,40X3,90M,E DIAMETRO DA GALERIA DE 0,90M,TENDO O CONCRETO DAS PAREDES,FUNDO E TAMPA 400KG E ODA BASE,CALHA E BANQUETA 300KG DE CIMENTO POR M3,SENDO AS PAREDES,CALHA E A BANQUETA REVESTIDAS COM ARGAMASSA,EXCLUSIVETAMPAO DE FERRO FUNDIDO","UN",15388.29,null,"06.012.0256-A","POCO DE VISITA DE CONCRETO ARMADO COM MEDIDAS INTERNAS DO POCO E PRODUNDIDADE DE 1,40X1,40X3,90M,E DIAMETRO DA GALERIA DE 0,90M,TENDO O CONCRETO DAS PAREDES,FUNDO E TAMPA 400KG E ODA BASE,CALHA E BANQUETA 300KG DE CIMENTO POR M3,SENDO AS PAREDES,CALHA E A BANQUETA REVESTIDAS COM ARGAMASSA,EXCLUSIVETAMPAO DE FERRO FUNDIDO","UN",14748.94]
["06.012.0260-0","POCO DE VISITA DE CONCRETO ARMADO COM MEDIDAS INTERNAS DO POCO E PROFUNDIDADE DE 1,40X1,40X5,10M,E DIAMETRO DA GALERIA DE 0,90M,TENDO O CONCRETO DAS PAREDES,FUNDO E TAMPA 400KG E ODA BASE,CALHA E BANQUETA 300KG DE CIMENTO POR M3,SENDO AS PAREDES,CALHA E A BANQUETA REVESTIDAS COM ARGAMASSA,EXCLUSIVETAMPAO DE FERRO FUNDIDO","UN",17684.509999999998,null,"06.012.0260-A","POCO DE VISITA DE CONCRETO ARMADO COM MEDIDAS INTERNAS DO POCO E PROFUNDIDADE DE 1,40X1,40X5,10M,E DIAMETRO DA GALERIA DE 0,90M,TENDO O CONCRETO DAS PAREDES,FUNDO E TAMPA 400KG E ODA BASE,CALHA E BANQUETA 300KG DE CIMENTO POR M3,SENDO AS PAREDES,CALHA E A BANQUETA REVESTIDAS COM ARGAMASSA,EXCLUSIVETAMPAO DE FERRO FUNDIDO","UN",16957.14]
["06.012.0267-0","POCO DE VISITA DE CONCRETO ARMADO COM MEDIDAS INTERNAS DO POCO E PROFUNDIDADE DE 1,50X1,50X2,70M,E DIAMETRO DA GALERIA DE 1,00M,TENDO O CONCRETO DAS PAREDES,FUNDO E TAMPA 400KG E ODA BASE,CALHA E BANQUETA 300KG DE CIMENTO POR M3,SENDO AS PAREDES,CALHA E A BANQUETA REVESTIDAS COM ARGAMASSA,EXCLUSIVETAMPAO DE FERRO FUNDIDO","UN",14065.42,null,"06.012.0267-A","POCO DE VISITA DE CONCRETO ARMADO COM MEDIDAS INTERNAS DO POCO E PROFUNDIDADE DE 1,50X1,50X2,70M,E DIAMETRO DA GALERIA DE 1,00M,TENDO O CONCRETO DAS PAREDES,FUNDO E TAMPA 400KG E ODA BASE,CALHA E BANQUETA 300KG DE CIMENTO POR M3,SENDO AS PAREDES,CALHA E A BANQUETA REVESTIDAS COM ARGAMASSA,EXCLUSIVETAMPAO DE FERRO FUNDIDO","UN",13444.58]
["06.012.0268-0","POCO DE VISITA DE CONCRETO ARMADO COM MEDIDAS INTERNAS DO POCO E PROFUNDIDADE DE 1,50X1,50X3,00M,E DIAMETRO DA GALERIA DE 1,00M,TENDO O CONCRETO DAS PAREDES,FUNDO E TAMPA 400KG E ODA BASE,CALHA E BANQUETA 300KG DE CIMENTO POR M3,SENDO AS PAREDES,CALHA E A BANQUETA REVESTIDAS COM ARGAMASSA,EXCLUSIVETAMPAO DE FERRO FUNDIDO","UN",15330.29,null,"06.012.0268-A","POCO DE VISITA DE CONCRETO ARMADO COM MEDIDAS INTERNAS DO POCO E PROFUNDIDADE DE 1,50X1,50X3,00M,E DIAMETRO DA GALERIA DE 1,00M,TENDO O CONCRETO DAS PAREDES,FUNDO E TAMPA 400KG E ODA BASE,CALHA E BANQUETA 300KG DE CIMENTO POR M3,SENDO AS PAREDES,CALHA E A BANQUETA REVESTIDAS COM ARGAMASSA,EXCLUSIVETAMPAO DE FERRO FUNDIDO","UN",14656.23]
["06.012.0274-0","POCO DE VISITA DE CONCRETO ARMADO COM MEDIDAS INTERNAS DO POCO E PROFUNDIDADE DE 1,50X1,50X4,80M,E DIAMETRO DA GALERIA DE 1,00M,TENDO O CONCRETO DAS PAREDES,FUNDO E TAMPA 400KG E ODA BASE,CALHA E BANQUETA 300KG DE CIMENTO POR M3,SENDO AS PAREDES,CALHA E A BANQUETA REVESTIDAS COM ARGAMASSA,EXCLUSIVETAMPAO DE FERRO FUNDIDO","UN",18503.16,null,"06.012.0274-A","POCO DE VISITA DE CONCRETO ARMADO COM MEDIDAS INTERNAS DO POCO E PROFUNDIDADE DE 1,50X1,50X4,80M,E DIAMETRO DA GALERIA DE 1,00M,TENDO O CONCRETO DAS PAREDES,FUNDO E TAMPA 400KG E ODA BASE,CALHA E BANQUETA 300KG DE CIMENTO POR M3,SENDO AS PAREDES,CALHA E A BANQUETA REVESTIDAS COM ARGAMASSA,EXCLUSIVETAMPAO DE FERRO FUNDIDO","UN",17733.650000000001]
["06.012.0310-0","POCO DE VISITA DE CONCRETO ARMADO COM MEDIDAS INTERNAS DO POCO E PROFUNDIDADE DE 1,60X1,60X1,80M,E DIAMETRO DA GALERIA DE 1,10M,TENDO O CONCRETO DAS PAREDES,FUNDO E TAMPA 400KG E ODA BASE,CALHA E BANQUETA 300KG DE CIMENTO POR M3,SENDO AS PAREDES,CALHA E A BANQUETA REVESTIDAS COM ARGAMASSA,EXCLUSIVETAMPAO DE FERRO FUNDIDO","UN",13770.62,null,"06.012.0310-A","POCO DE VISITA DE CONCRETO ARMADO COM MEDIDAS INTERNAS DO POCO E PROFUNDIDADE DE 1,60X1,60X1,80M,E DIAMETRO DA GALERIA DE 1,10M,TENDO O CONCRETO DAS PAREDES,FUNDO E TAMPA 400KG E ODA BASE,CALHA E BANQUETA 300KG DE CIMENTO POR M3,SENDO AS PAREDES,CALHA E A BANQUETA REVESTIDAS COM ARGAMASSA,EXCLUSIVETAMPAO DE FERRO FUNDIDO","UN",13129.89]
["06.012.0320-0","POCO DE VISITA DE CONCRETO ARMADO COM MEDIDAS INTERNAS DO POCO E PROFUNDIDADE DE 1,60X1,60X3,30M,E DIAMETRO DA GALERIA DE 1,10M,TENDO O CONCRETO DAS PAREDES,FUNDO E TAMPA 400KG E ODA BASE,CALHA E BANQUETA 300KG DE CIMENTO POR M3,SENDO AS PAREDES,CALHA E A BANQUETA REVESTIDAS COM ARGAMASSA,EXCLUSIVETAMPAO DE FERRO FUNDIDO","UN",17623.259999999998,null,"06.012.0320-A","POCO DE VISITA DE CONCRETO ARMADO COM MEDIDAS INTERNAS DO POCO E PROFUNDIDADE DE 1,60X1,60X3,30M,E DIAMETRO DA GALERIA DE 1,10M,TENDO O CONCRETO DAS PAREDES,FUNDO E TAMPA 400KG E ODA BASE,CALHA E BANQUETA 300KG DE CIMENTO POR M3,SENDO AS PAREDES,CALHA E A BANQUETA REVESTIDAS COM ARGAMASSA,EXCLUSIVETAMPAO DE FERRO FUNDIDO","UN",16854.72]
["06.012.0329-0","POCO DE VISITA DE CONCRETO ARMADO COM MEDIDAS INTERNAS DO POCO E PROFUNDIDADE DE 1,60X1,60X4,50M,E DIAMETRO DA GALERIA DE 1,10M,TENDO O CONCRETO DAS PAREDES,FUNDO E TAMPA 400KG E ODA BASE,CALHA E BANQUETA 300KG DE CIMENTO POR M3,SENDO AS PAREDES,CALHA E A BANQUETA REVESTIDAS COM ARGAMASSA,EXCLUSIVETAMPAO DE FERRO FUNDIDO","UN",19289.63,null,"06.012.0329-A","POCO DE VISITA DE CONCRETO ARMADO COM MEDIDAS INTERNAS DO POCO E PROFUNDIDADE DE 1,60X1,60X4,50M,E DIAMETRO DA GALERIA DE 1,10M,TENDO O CONCRETO DAS PAREDES,FUNDO E TAMPA 400KG E ODA BASE,CALHA E BANQUETA 300KG DE CIMENTO POR M3,SENDO AS PAREDES,CALHA E A BANQUETA REVESTIDAS COM ARGAMASSA,EXCLUSIVETAMPAO DE FERRO FUNDIDO","UN",18473.25]
["06.012.0335-0","POCO DE VISITA DE CONCRETO ARMADO COM MEDIDAS INTERNAS DO POCO E PROFUNDIDADE DE 1,60X1,60X5,40M,E DIAMETRO DA GALERIA DE 1,10M,TENDO O CONCRETO DAS PAREDES,FUNDO E TAMPA 400KG E ODA BASE,CALHA E BANQUETA 300KG DE CIMENTO POR M3,SENDO AS PAREDES,CALHA E A BANQUETA REVESTIDAS COM ARGAMASSA,EXCLUSIVETAMPAO DE FERRO FUNDIDO","UN",21177.919999999998,null,"06.012.0335-A","POCO DE VISITA DE CONCRETO ARMADO COM MEDIDAS INTERNAS DO POCO E PROFUNDIDADE DE 1,60X1,60X5,40M,E DIAMETRO DA GALERIA DE 1,10M,TENDO O CONCRETO DAS PAREDES,FUNDO E TAMPA 400KG E ODA BASE,CALHA E BANQUETA 300KG DE CIMENTO POR M3,SENDO AS PAREDES,CALHA E A BANQUETA REVESTIDAS COM ARGAMASSA,EXCLUSIVETAMPAO DE FERRO FUNDIDO","UN",20295.560000000001]
["06.012.0348-0","POCO DE VISITA DE CONCRETO ARMADO COM MEDIDAS INTERNAS DO POCO E PROFUNDIDADE DE 1,70X1,70X2,40M,E DIAMETRO DA GALERIA DE 1,20M,TENDO O CONCRETO DAS PAREDES,FUNDO E TAMPA 400KG E ODA BASE,CALHA E BANQUETA 300KG DE CIMENTO POR M3,SENDO AS PAREDES,CALHA E A BANQUETA REVESTIDAS COM ARGAMASSA,EXCLUSIVETAMPAO DE FERRO FUNDIDO","UN",15975.69,null,"06.012.0348-A","POCO DE VISITA DE CONCRETO ARMADO COM MEDIDAS INTERNAS DO POCO E PROFUNDIDADE DE 1,70X1,70X2,40M,E DIAMETRO DA GALERIA DE 1,20M,TENDO O CONCRETO DAS PAREDES,FUNDO E TAMPA 400KG E ODA BASE,CALHA E BANQUETA 300KG DE CIMENTO POR M3,SENDO AS PAREDES,CALHA E A BANQUETA REVESTIDAS COM ARGAMASSA,EXCLUSIVETAMPAO DE FERRO FUNDIDO","UN",15216.44]
["06.012.0351-0","POCO DE VISITA DE CONCRETO ARMADO COM MEDIDAS INTERNAS DO POCO E PROFUNDIDADE DE 1,70X1,70X3,00M,E DIAMETRO DA GALERIA DE 1,20M,TENDO O CONCRETO DAS PAREDES,FUNDO E TAMPA 400KG E ODA BASE,CALHA E BANQUETA 300KG DE CIMENTO POR M3,SENDO AS PAREDES,CALHA E A BANQUETA REVESTIDAS COM ARGAMASSA,EXCLUSIVETAMPAO DE FERRO FUNDIDO","UN",17896.68,null,"06.012.0351-A","POCO DE VISITA DE CONCRETO ARMADO COM MEDIDAS INTERNAS DO POCO E PROFUNDIDADE DE 1,70X1,70X3,00M,E DIAMETRO DA GALERIA DE 1,20M,TENDO O CONCRETO DAS PAREDES,FUNDO E TAMPA 400KG E ODA BASE,CALHA E BANQUETA 300KG DE CIMENTO POR M3,SENDO AS PAREDES,CALHA E A BANQUETA REVESTIDAS COM ARGAMASSA,EXCLUSIVETAMPAO DE FERRO FUNDIDO","UN",17111.97]
["06.012.0362-0","POCO DE VISITA DE CONCRETO ARMADO COM MEDIDAS INTERNAS DO POCO E PROFUNDIDADE DE 1,70X1,70X4,50M,E DIAMETRO DA GALERIA DE 1,20M,TENDO O CONCRETO DAS PAREDES,FUNDO E TAMPA 400KG E ODA BASE,CALHA E BANQUETA 300KG DE CIMENTO POR M3,SENDO AS PAREDES,CALHA E A BANQUETA REVESTIDAS COM ARGAMASSA,EXCLUSIVETAMPAO DE FERRO FUNDIDO","UN",20939.46,null,"06.012.0362-A","POCO DE VISITA DE CONCRETO ARMADO COM MEDIDAS INTERNAS DO POCO E PROFUNDIDADE DE 1,70X1,70X4,50M,E DIAMETRO DA GALERIA DE 1,20M,TENDO O CONCRETO DAS PAREDES,FUNDO E TAMPA 400KG E ODA BASE,CALHA E BANQUETA 300KG DE CIMENTO POR M3,SENDO AS PAREDES,CALHA E A BANQUETA REVESTIDAS COM ARGAMASSA,EXCLUSIVETAMPAO DE FERRO FUNDIDO","UN",20054.18]
["06.012.0370-0","POCO DE VISITA DE CONCRETO ARMADO COM MEDIDAS INTERNAS DO POCO E PROFUNDIDADE DE 1,70X1,70X6,00M,E DIAMETRO DA GALERIA DE 1,20M,TENDO O CONCRETO DAS PAREDES,FUNDO E TAMPA 400KG E ODA BASE,CALHA E BANQUETA 300KG DE CIMENTO POR M3,SENDO AS PAREDES,CALHA E A BANQUETA REVESTIDAS COM ARGAMASSA,EXCLUSIVETAMPAO DE FERRO FUNDIDO","UN",23828.41,null,"06.012.0370-A","POCO DE VISITA DE CONCRETO ARMADO COM MEDIDAS INTERNAS DO POCO E PROFUNDIDADE DE 1,70X1,70X6,00M,E DIAMETRO DA GALERIA DE 1,20M,TENDO O CONCRETO DAS PAREDES,FUNDO E TAMPA 400KG E ODA BASE,CALHA E BANQUETA 300KG DE CIMENTO POR M3,SENDO AS PAREDES,CALHA E A BANQUETA REVESTIDAS COM ARGAMASSA,EXCLUSIVETAMPAO DE FERRO FUNDIDO","UN",22833.1]
["06.012.0379-0","POCO DE VISITA DE CONCRETO ARMADO COM MEDIDAS INTERNAS DO POCO E PROFUNDIDADE DE 2,00X2,00X3,30M,E DIAMETRO DA GALERIA DE 1,50M,TENDO O CONCRETO DAS PAREDES,FUNDO E TAMPA 400KG E ODA BASE,CALHA E BANQUETA 300KG DE CIMENTO POR M3,SENDO AS PAREDES,CALHA E A BANQUETA REVESTIDAS COM ARGAMASSA,EXCLUSIVETAMPAO DE FERRO FUNDIDO","UN",28001.53,null,"06.012.0379-A","POCO DE VISITA DE CONCRETO ARMADO COM MEDIDAS INTERNAS DO POCO E PROFUNDIDADE DE 2,00X2,00X3,30M,E DIAMETRO DA GALERIA DE 1,50M,TENDO O CONCRETO DAS PAREDES,FUNDO E TAMPA 400KG E ODA BASE,CALHA E BANQUETA 300KG DE CIMENTO POR M3,SENDO AS PAREDES,CALHA E A BANQUETA REVESTIDAS COM ARGAMASSA,EXCLUSIVETAMPAO DE FERRO FUNDIDO","UN",26762.3]
["06.012.0393-0","POCO DE VISITA DE CONCRETO ARMADO COM MEDIDAS INTERNAS DO POCO E PROFUNDIDADE DE 2,00X2,00X5,40M,E DIAMETRO DA GALERIA DE 1,50M,TENDO O CONCRETO DAS PAREDES,FUNDO E TAMPA 400KG E ODA BASE,CALHA E BANQUETA 300KG DE CIMENTO POR M3,SENDO AS PAREDES,CALHA E A BANQUETA REVESTIDAS COM ARGAMASSA,EXCLUSIVETAMPAO DE FERRO FUNDIDO","UN",32269.279999999999,null,"06.012.0393-A","POCO DE VISITA DE CONCRETO ARMADO COM MEDIDAS INTERNAS DO POCO E PROFUNDIDADE DE 2,00X2,00X5,40M,E DIAMETRO DA GALERIA DE 1,50M,TENDO O CONCRETO DAS PAREDES,FUNDO E TAMPA 400KG E ODA BASE,CALHA E BANQUETA 300KG DE CIMENTO POR M3,SENDO AS PAREDES,CALHA E A BANQUETA REVESTIDAS COM ARGAMASSA,EXCLUSIVETAMPAO DE FERRO FUNDIDO","UN",30863.64]
["06.012.0395-0","POCO DE VISITA DE CONCRETO ARMADO COM MEDIDAS INTERNAS DO POCO E PROFUNDIDADE DE 2,00X2,00X5,70M,E DIAMETRO DA GALERIA DE 1,50M,TENDO O CONCRETO DAS PAREDES,FUNDO E TAMPA 400KG E ODA BASE,CALHA E BANQUETA 300KG DE CIMENTO POR M3,SENDO AS PAREDES,CALHA E A BANQUETA REVESTIDAS COM ARGAMASSA,EXCLUSIVETAMPAO DE FERRO FUNDIDO","UN",33061.43,null,"06.012.0395-A","POCO DE VISITA DE CONCRETO ARMADO COM MEDIDAS INTERNAS DO POCO E PROFUNDIDADE DE 2,00X2,00X5,70M,E DIAMETRO DA GALERIA DE 1,50M,TENDO O CONCRETO DAS PAREDES,FUNDO E TAMPA 400KG E ODA BASE,CALHA E BANQUETA 300KG DE CIMENTO POR M3,SENDO AS PAREDES,CALHA E A BANQUETA REVESTIDAS COM ARGAMASSA,EXCLUSIVETAMPAO DE FERRO FUNDIDO","UN",31620.07]
["06.014.0016-0","POCO DE VISITA EM ALVENARIA DE TIJOLO MACICO(7X10X20CM),EM PAREDES DE UMA VEZ(0,20M),DE 1,60X1,60X1,70M,SENDO AS PAREDESREVESTIDAS INETERNAMENTE COM ARGAMASSA,COM BASE DE CONCRETOSIMPLES E TAMPA DE CONCRETO ARMADO,SENDO O CONCRETO DOSADOPARA UM FCK=10MPA,DEGRAUS DE FERRO FUNDIDO,PARA COLETOR DE AGUAS PLUVIAIS DE 1,10M DE DIAMETRO","UN",5732.35,null,"06.014.0016-A","POCO DE VISITA EM ALVENARIA DE TIJOLO MACICO(7X10X20CM),EM PAREDES DE UMA VEZ(0,20M),DE 1,60X1,60X1,70M,SENDO AS PAREDESREVESTIDAS INETERNAMENTE COM ARGAMASSA,COM BASE DE CONCRETOSIMPLES E TAMPA DE CONCRETO ARMADO,SENDO O CONCRETO DOSADOPARA UM FCK=10MPA,DEGRAUS DE FERRO FUNDIDO,PARA COLETOR DE AGUAS PLUVIAIS DE 1,10M DE DIAMETRO","UN",5578.03]
["06.014.0059-0","CAIXA DE PASSAGEM EM ALVENARIA DE TIJOLO MACICO(7X10X20CM),EM PAREDES DE UMA VEZ(0,20M),DE 1,00X1,00X1,00M,EXCLUSIVE TAMPA,UTILIZANDO ARGAMASSA DE CIMENTO E AREIA,NO TRACO 1:4 EM VOLUME,COM FUNDO EM CONCRETO SIMPLES PROVIDO DE CALHA INTERNA,SENDO AS PAREDES REVESTIDAS INTERNAMENTE COM A MESMA ARGAMASSA","UN",2525.37,null,"06.014.0059-A","CAIXA DE PASSAGEM EM ALVENARIA DE TIJOLO MACICO(7X10X20CM),EM PAREDES DE UMA VEZ(0,20M),DE 1,00X1,00X1,00M,EXCLUSIVE TAMPA,UTILIZANDO ARGAMASSA DE CIMENTO E AREIA,NO TRACO 1:4 EM VOLUME,COM FUNDO EM CONCRETO SIMPLES PROVIDO DE CALHA INTERNA,SENDO AS PAREDES REVESTIDAS INTERNAMENTE COM A MESMA ARGAMASSA","UN",2441.56]
["06.014.0068-0","CAIXA DE PASSAGEM EM ALVENARIA DE TIJOLO MACICO(7X10X20CM),EM PAREDES DE UMA VEZ(0,20M),DE 1,00X1,00X1,00M,UTILIZANDO ARGAMASSA DE CIMENTO E AREIA,NO TRACO 1:4 EM VOLUME,COM FUNDOEM CONCRETO SIMPLES PROVIDO DE CALHA INTERNA,SENDO AS PAREDES REVESTIDAS INTERNAMENTE COM A MESMA ARGAMASSA,INCLUSIVE TAMPA DE CONCRETO ARMADO,15MPA,COM ESPESSURA DE 10CM","UN",2832.23,null,"06.014.0068-A","CAIXA DE PASSAGEM EM ALVENARIA DE TIJOLO MACICO(7X10X20CM),EM PAREDES DE UMA VEZ(0,20M),DE 1,00X1,00X1,00M,UTILIZANDO ARGAMASSA DE CIMENTO E AREIA,NO TRACO 1:4 EM VOLUME,COM FUNDOEM CONCRETO SIMPLES PROVIDO DE CALHA INTERNA,SENDO AS PAREDES REVESTIDAS INTERNAMENTE COM A MESMA ARGAMASSA,INCLUSIVE TAMPA DE CONCRETO ARMADO,15MPA,COM ESPESSURA DE 10CM","UN",2740.89]
["06.014.0100-1","CAIXA DE RALO EM ALVENARIA DE TIJOLO MACICO (7X10X20CM),EM PAREDES DE UMA VEZ (0,20M),DE (0,90X1,20X1,50)M (MEDIDAS EXTERNAS),UTILIZANDO ARGAMASSA DE CIMENTO E AREIA,NO TRACO 1:4 EM VOLUME,SENDO AS PAREDES REVESTIDAS INTERNAMENTE COM A MESMA ARGAMASSA,COM BASE DE CONCRETO SIMPLES FCK=10MPA E GRELHADE FERRO FUNDIDO CLASSE C-250 CONFORME ABNT NBR 10160","UN",2957.41,null,"06.014.0100-B","CAIXA DE RALO EM ALVENARIA DE TIJOLO MACICO (7X10X20CM),EM PAREDES DE UMA VEZ (0,20M),DE (0,90X1,20X1,50)M (MEDIDAS EXTERNAS),UTILIZANDO ARGAMASSA DE CIMENTO E AREIA,NO TRACO 1:4 EM VOLUME,SENDO AS PAREDES REVESTIDAS INTERNAMENTE COM A MESMA ARGAMASSA,COM BASE DE CONCRETO SIMPLES FCK=10MPA E GRELHADE FERRO FUNDIDO CLASSE C-250 CONFORME ABNT NBR 10160","UN",2887.06]
["06.014.0116-0","CAIXA PARA REGISTROS PADRAO CEDAE,DE ALVENARIA DE TIJOLO MACICO(7X10X20CM),EM PAREDES DE 1 VEZ(0,20M),DIMENSOES INTERNASDE 0,60X0,60X0,40M,UTILIZANDO ARGAMASSA DE CIMENTO E AREIA,NO TRACO 1:4 EM VOLUME,SENDO AS PAREDES REVESTIDAS INTERNAMENTE COM A MESMA ARGAMASSA,EXCLUSIVE TAMPA CIRCULAR DE FERROFUNDIDO PARA REGISTROS ACIMA DE 200MM ATE 600MM","UN",466.02,null,"06.014.0116-A","CAIXA PARA REGISTROS PADRAO CEDAE,DE ALVENARIA DE TIJOLO MACICO(7X10X20CM),EM PAREDES DE 1 VEZ(0,20M),DIMENSOES INTERNASDE 0,60X0,60X0,40M,UTILIZANDO ARGAMASSA DE CIMENTO E AREIA,NO TRACO 1:4 EM VOLUME,SENDO AS PAREDES REVESTIDAS INTERNAMENTE COM A MESMA ARGAMASSA,EXCLUSIVE TAMPA CIRCULAR DE FERROFUNDIDO PARA REGISTROS ACIMA DE 200MM ATE 600MM","UN",453.28]
["06.014.0124-0","CAIXA PARA REGISTROS PADRAO CEDAE,DE ALVENARIA DE BLOCOS DECONCRETO(20X20X40CM) PREENCHIDOS COM CONCRETO DE 20MPA,EM PAREDES DE 1 VEZ(0,20M),DIMENSOES INTERNAS DE 0,60X0,60X0,40M,COM TAMPA DE CONCRETO COM 10CM DE ESPESSURA MINIMA,SENDO ASPAREDES INTERNAMENTE REVESTIDAS COM ARGAMASSA,EXCLUSIVE CAIXA QUADRADA DE FERRO FUNDIDO,PARA REGISTROS ATE 200MM","UN",453.23,null,"06.014.0124-A","CAIXA PARA REGISTROS PADRAO CEDAE,DE ALVENARIA DE BLOCOS DECONCRETO(20X20X40CM) PREENCHIDOS COM CONCRETO DE 20MPA,EM PAREDES DE 1 VEZ(0,20M),DIMENSOES INTERNAS DE 0,60X0,60X0,40M,COM TAMPA DE CONCRETO COM 10CM DE ESPESSURA MINIMA,SENDO ASPAREDES INTERNAMENTE REVESTIDAS COM ARGAMASSA,EXCLUSIVE CAIXA QUADRADA DE FERRO FUNDIDO,PARA REGISTROS ATE 200MM","UN",439.2]
["06.015.0010-0","POCO DE VISITA EM ALVENARIA DE BLOCOS DE CONCRETO(20X20X40CM),PAREDES 0,20M DE ESP.C/1,20X1,20X1,40M,P/COLETOR AGUAS PLUVIAIS 0,40 A 0,70M DE DIAM.UTILIZANDO ARG.CIM.AREIA,TRACO 1:4,SENDO PAREDES CHAPISCADAS E REVESTIDAS INTERNAMENTE C/ARG.,ENCHIMENTO BLOCOS E BASE EM CONCRETO SIMPLES,TAMPA DE CONCR.ARMADO,DEGRAUS FERRO FUNDIDO,INCL.FORN.TODOS OS MATERIAIS","UN",2907.16,null,"06.015.0010-A","POCO DE VISITA EM ALVENARIA DE BLOCOS DE CONCRETO(20X20X40CM),PAREDES 0,20M DE ESP.C/1,20X1,20X1,40M,P/COLETOR AGUAS PLUVIAIS 0,40 A 0,70M DE DIAM.UTILIZANDO ARG.CIM.AREIA,TRACO 1:4,SENDO PAREDES CHAPISCADAS E REVESTIDAS INTERNAMENTE C/ARG.,ENCHIMENTO BLOCOS E BASE EM CONCRETO SIMPLES,TAMPA DE CONCR.ARMADO,DEGRAUS FERRO FUNDIDO,INCL.FORN.TODOS OS MATERIAIS","UN",2836.2]
["06.015.0011-0","POCO DE VISITA EM ALVENARIA DE BLOCOS DE CONCRETO(20X20X40CM),EM PAREDES DE 0,20M DE ESP.C/1,30X1,30X1,40M,P/COLETOR DEAGUAS PLUVIAIS DE 0,80M DE DIAM.UTILIZ.ARG.CIM.AREIA,TRACO 1:4,SENDO AS PAREDES REVESTIDAS INTERNAMENTE C/ARG.ENCHIMENTODOS BLOCOS E BASE EM CONCRETO SIMPLES,TAMPA DE CONCRETO ARMADO,DEGRAU DE FERRO FUNDIDO,INCL.FORN.DE TODOS OS MATERIAIS","UN",3040.22,null,"06.015.0011-A","POCO DE VISITA EM ALVENARIA DE BLOCOS DE CONCRETO(20X20X40CM),EM PAREDES DE 0,20M DE ESP.C/1,30X1,30X1,40M,P/COLETOR DEAGUAS PLUVIAIS DE 0,80M DE DIAM.UTILIZ.ARG.CIM.AREIA,TRACO 1:4,SENDO AS PAREDES REVESTIDAS INTERNAMENTE C/ARG.ENCHIMENTODOS BLOCOS E BASE EM CONCRETO SIMPLES,TAMPA DE CONCRETO ARMADO,DEGRAU DE FERRO FUNDIDO,INCL.FORN.DE TODOS OS MATERIAIS","UN",2966.71]
["06.015.0030-0","CAIXA DE RALO ALVENARIA BLOCOS CONCRETO (20X20X40CM),PAREDESDE 0,20M DE ESP.,(0,30X0,90X0,90)M,P/AGUAS PLUVIAIS,SENDO PAREDES CHAPISCADAS E REVESTIDAS INTERNAMENTE C/ARGAMASSA,ENCHIMENTO BLOCOS E BASE EM CONCRETO SIMPLES FCK=10MPA E GRELHADE FERRO FUNDIDO CLASSE C-250 CONFORME ABNT NBR 10160,INCLUSIVE FORNECIMENTO DE TODOS OS MATERIAIS","UN",1170.81,null,"06.015.0030-A","CAIXA DE RALO ALVENARIA BLOCOS CONCRETO (20X20X40CM),PAREDESDE 0,20M DE ESP.,(0,30X0,90X0,90)M,P/AGUAS PLUVIAIS,SENDO PAREDES CHAPISCADAS E REVESTIDAS INTERNAMENTE C/ARGAMASSA,ENCHIMENTO BLOCOS E BASE EM CONCRETO SIMPLES FCK=10MPA E GRELHADE FERRO FUNDIDO CLASSE C-250 CONFORME ABNT NBR 10160,INCLUSIVE FORNECIMENTO DE TODOS OS MATERIAIS","UN",1152.3599999999999]
["06.016.0006-0","TAMPAO COMPLETO DE FERRO FUNDIDO DUCTIL (NODULAR) ARTICULADO,CIRCULAR,DN 600MM,COM TAMPA PARA ACESSO DE MANUTENCAO E SOBRETAMPA PARA MANOBRA,CLASSE B125,CONFORME ABNT NBR 10160,ASSENTADO COM ARGAMASSA DE CIMENTO E AREIA,NO TRACO 1:4 EM VOLUME.FORNECIMENTO E ASSENTAMENTO","UN",481.11,null,"06.016.0006-A","TAMPAO COMPLETO DE FERRO FUNDIDO DUCTIL (NODULAR) ARTICULADO,CIRCULAR,DN 600MM,COM TAMPA PARA ACESSO DE MANUTENCAO E SOBRETAMPA PARA MANOBRA,CLASSE B125,CONFORME ABNT NBR 10160,ASSENTADO COM ARGAMASSA DE CIMENTO E AREIA,NO TRACO 1:4 EM VOLUME.FORNECIMENTO E ASSENTAMENTO","UN",474.08]
["06.016.0009-0","TAMPAO COMPLETO DE FERRO FUNDIDO NODULAR,ARTICULADO,PARA CAIXA DE INSPECAO OU SEMELHANTE,MEDINDO APROXIMADAMENTE (60X50)CM,CLASSE B125,CONFORME ABNT NBR 10160,ASSENTADO COM ARGAMASSA DE CIMENTO E AREIA,NO TRACO 1:4 EM VOLUME.FORNECIMENTO EASSENTAMENTO","UN",308.47000000000003,null,"06.016.0009-A","TAMPAO COMPLETO DE FERRO FUNDIDO NODULAR,ARTICULADO,PARA CAIXA DE INSPECAO OU SEMELHANTE,MEDINDO APROXIMADAMENTE (60X50)CM,CLASSE B125,CONFORME ABNT NBR 10160,ASSENTADO COM ARGAMASSA DE CIMENTO E AREIA,NO TRACO 1:4 EM VOLUME.FORNECIMENTO EASSENTAMENTO","UN",304.95]
["06.016.0030-0","TAMPAO COMPLETO DE FERRO FUNDIDO NODULAR,ARTICULADO,PARA CAIXA TIPO R1,PADRAO TELEBRAS,CLASSE B125,CONFORME ABNT NBR 10160,ASSENTADO COM ARGAMASSA DE CIMENTO E AREIA,NO TRACO 1:4 EM VOLUME.FORNECIMENTO E ASSENTAMENTO","UN",290.95999999999998,null,"06.016.0030-A","TAMPAO COMPLETO DE FERRO FUNDIDO NODULAR,ARTICULADO,PARA CAIXA TIPO R1,PADRAO TELEBRAS,CLASSE B125,CONFORME ABNT NBR 10160,ASSENTADO COM ARGAMASSA DE CIMENTO E AREIA,NO TRACO 1:4 EM VOLUME.FORNECIMENTO E ASSENTAMENTO","UN",285.68]
["06.016.0052-0","GRELHA PARA CANALETA DE FERRO FUNDIDO,COM CAIXILHO,COM (30X100)CM,CONFORME ABNT NBR 10160.FORNECIMENTO E ASSENTAMENTO","M",191.32,null,"06.016.0052-A","GRELHA PARA CANALETA DE FERRO FUNDIDO,COM CAIXILHO,COM (30X100)CM,CONFORME ABNT NBR 10160.FORNECIMENTO E ASSENTAMENTO","M",191.08]
["06.016.0100-0","TAMPAO DE FERRO FUNDIDO NODULAR MISTO (FERRO FUNDIDO E CONCRETO,EXCLUSIVE ESTE),ARTICULADO,TIPO PESADO,DE 0,60M DE DIAMETRO,ASSENTADO COM ARGAMASSA DE CIMENTO E AREIA,NO TRACO 1:4EM VOLUME.FORNECIMENTO E ASSENTAMENTO","UN",622.21,null,"06.016.0100-A","TAMPAO DE FERRO FUNDIDO NODULAR MISTO (FERRO FUNDIDO E CONCRETO,EXCLUSIVE ESTE),ARTICULADO,TIPO PESADO,DE 0,60M DE DIAMETRO,ASSENTADO COM ARGAMASSA DE CIMENTO E AREIA,NO TRACO 1:4EM VOLUME.FORNECIMENTO E ASSENTAMENTO","UN",615.16999999999996]
["06.017.0005-0","POCO DE VISITA,DE ANEIS DE CONCRETO PRE-MOLDADOS,PARA ESGOTOS SANITARIOS,SEGUNDO ESPECIFICACOES DA CEDAE,INCLUSIVE DEGRAUS,EXCLUSIVE TAMPAO DE FERRO FUNDIDO,COM PROFUNDIDADE DE 1,20M","UN",1872.6,null,"06.017.0005-A","POCO DE VISITA,DE ANEIS DE CONCRETO PRE-MOLDADOS,PARA ESGOTOS SANITARIOS,SEGUNDO ESPECIFICACOES DA CEDAE,INCLUSIVE DEGRAUS,EXCLUSIVE TAMPAO DE FERRO FUNDIDO,COM PROFUNDIDADE DE 1,20M","UN",1862.28]
["06.017.0006-0","POCO DE VISITA,DE ANEIS DE CONCRETO PRE-MOLDADOS,PARA ESGOTOS SANITARIOS,SEGUNDO ESPECIFICACOES DA CEDAE,INCLUSIVE DEGRAUS,EXCLUSIVE TAMPAO DE FERRO FUNDIDO,COM PROFUNDIDADE DE 1,40M","UN",2108.71,null,"06.017.0006-A","POCO DE VISITA,DE ANEIS DE CONCRETO PRE-MOLDADOS,PARA ESGOTOS SANITARIOS,SEGUNDO ESPECIFICACOES DA CEDAE,INCLUSIVE DEGRAUS,EXCLUSIVE TAMPAO DE FERRO FUNDIDO,COM PROFUNDIDADE DE 1,40M","UN",2096.9699999999998]
["06.017.0013-0","POCO DE VISITA,DE ANEIS DE CONCRETO PRE-MOLDADOS,PARA ESGOTOS SANITARIOS,SEGUNDO ESPECIFICACOES DA CEDAE,INCLUSIVE DEGRAUS,EXCLUSIVE TAMPAO DE FERRO FUNDIDO,COM PROFUNDIDADE DE 2,90M","UN",3251.07,null,"06.017.0013-A","POCO DE VISITA,DE ANEIS DE CONCRETO PRE-MOLDADOS,PARA ESGOTOS SANITARIOS,SEGUNDO ESPECIFICACOES DA CEDAE,INCLUSIVE DEGRAUS,EXCLUSIVE TAMPAO DE FERRO FUNDIDO,COM PROFUNDIDADE DE 2,90M","UN",3229.91]
["06.017.0017-0","POCO DE VISITA,DE ANEIS DE CONCRETO PRE-MOLDADOS,PARA ESGOTOS SANITARIOS,SEGUNDO ESPECIFICACOES DA CEDAE,INCLUSIVE DEGRAUS,EXCLUSIVE TAMPAO DE FERRO FUNDIDO,COM PROFUNDIDADE DE 4,10M","UN",4414.3100000000004,null,"06.017.0017-A","POCO DE VISITA,DE ANEIS DE CONCRETO PRE-MOLDADOS,PARA ESGOTOS SANITARIOS,SEGUNDO ESPECIFICACOES DA CEDAE,INCLUSIVE DEGRAUS,EXCLUSIVE TAMPAO DE FERRO FUNDIDO,COM PROFUNDIDADE DE 4,10M","UN",4385.58]
["06.017.0022-0","POCO DE VISITA,DE ANEIS DE CONCRETO PRE-MOLDADOS,PARA ESGOTOS SANITARIOS,SEGUNDO ESPECIFICACOES DA CEDAE,INCLUSIVE DEGRAUS,EXCLUSIVE TAMPAO DE FERRO FUNDIDO,COM PROFUNDIDADE DE 5,60M","UN",5873.78,null,"06.017.0022-A","POCO DE VISITA,DE ANEIS DE CONCRETO PRE-MOLDADOS,PARA ESGOTOS SANITARIOS,SEGUNDO ESPECIFICACOES DA CEDAE,INCLUSIVE DEGRAUS,EXCLUSIVE TAMPAO DE FERRO FUNDIDO,COM PROFUNDIDADE DE 5,60M","UN",5835.36]
["06.017.0027-0","POCO DE VISITA,DE ANEIS DE CONCRETO PRE-MOLDADOS,PARA ESGOTOS SANITARIOS,SEGUNDO ESPECIFICACOES DA CEDAE,INCLUSIVE DEGRAUS,EXCLUSIVE TAMPAO DE FERRO FUNDIDO,COM PROFUNDIDADE DE 7,10M","UN",7322.41,null,"06.017.0027-A","POCO DE VISITA,DE ANEIS DE CONCRETO PRE-MOLDADOS,PARA ESGOTOS SANITARIOS,SEGUNDO ESPECIFICACOES DA CEDAE,INCLUSIVE DEGRAUS,EXCLUSIVE TAMPAO DE FERRO FUNDIDO,COM PROFUNDIDADE DE 7,10M","UN",7274.76]
["06.017.0041-0","BASE E FUNDO DE CONCRETO SIMPLES,PARA POCOS DE VISITA,PADRAOCEDAE,DE ANEIS PRE-MOLDADOS COM DIAMETRO DE 1100MM,INCLUSIVE MAO-DE-OBRA E MATERIAL,INCLUSIVE LAJE DE REDUCAO DE CONCRETO ARMADO","UN",874.71,null,"06.017.0041-A","BASE E FUNDO DE CONCRETO SIMPLES,PARA POCOS DE VISITA,PADRAOCEDAE,DE ANEIS PRE-MOLDADOS COM DIAMETRO DE 1100MM,INCLUSIVE MAO-DE-OBRA E MATERIAL,INCLUSIVE LAJE DE REDUCAO DE CONCRETO ARMADO","UN",871.49]
["06.017.0070-0","CORPO DE POCO DE VISITA DE ANEIS PRE-MOLDADOS,COM DIAMETRO DE 1500MM,SEM DEGRAUS,MEDIDA PELA ALTURA UTIL,INCLUSIVE MAO-DE-OBRA E MATERIAL","M",1188.58,null,"06.017.0070-A","CORPO DE POCO DE VISITA DE ANEIS PRE-MOLDADOS,COM DIAMETRO DE 1500MM,SEM DEGRAUS,MEDIDA PELA ALTURA UTIL,INCLUSIVE MAO-DE-OBRA E MATERIAL","M",1172.67]
["06.017.0080-0","CORPO DE POCO DE VISITA DE ANEIS PRE-MOLDADOS,COM DIAMETRO DE 600MM,COM DEGRAUS,MEDIDA PELA ALTURA UTIL,INCLUSIVE MAO-DE-OBRA E MATERIAL","M",673.2,null,"06.017.0080-A","CORPO DE POCO DE VISITA DE ANEIS PRE-MOLDADOS,COM DIAMETRO DE 600MM,COM DEGRAUS,MEDIDA PELA ALTURA UTIL,INCLUSIVE MAO-DE-OBRA E MATERIAL","M",666.92]
["06.018.0002-0","CAIXA DE ANEIS PRE-MOLDADOS DE CONCRETO,TIPO \"D\",PADRAO CEDAE,PARA REGISTROS DE DIAMETRO DE 250 A 600MM","UN",348,null,"06.018.0002-A","CAIXA DE ANEIS PRE-MOLDADOS DE CONCRETO,TIPO \"D\",PADRAO CEDAE,PARA REGISTROS DE DIAMETRO DE 250 A 600MM","UN",344.43]
["06.018.0008-0","PAREDE CILINDRICA DE ANEIS PRE-MOLDADOS DE CONCRETO ARMADO,PARA CAIXAS DE INSPECAO E SIMILARES,DIAMETRO INTERNO DE 2,50M","M",3400.63,null,"06.018.0008-A","PAREDE CILINDRICA DE ANEIS PRE-MOLDADOS DE CONCRETO ARMADO,PARA CAIXAS DE INSPECAO E SIMILARES,DIAMETRO INTERNO DE 2,50M","M",3266.7]
["06.020.0512-0","MONTAGEM E ASSENTAMENTO DE TUBULACAO DE ACO DE 4\",PRETO OU GALVANIZADOS,COM PONTAS LISAS,INCLUSIVE SOLDA DAS JUNTAS,EXCLUSIVE FORNECIMENTO DOS TUBOS","M",49.72,null,"06.020.0512-A","MONTAGEM E ASSENTAMENTO DE TUBULACAO DE ACO DE 4\",PRETO OU GALVANIZADOS,COM PONTAS LISAS,INCLUSIVE SOLDA DAS JUNTAS,EXCLUSIVE FORNECIMENTO DOS TUBOS","M",46.57]
["06.020.0521-0","MONTAGEM E ASSENTAMENTO DE TUBULACAO DE CHAPA DE ACO DE 3/16\" DE ESPESSURA,COM 6,00M DE COMPRIMENTO E 450MM DE DIAMETRO,INCLUSIVE SOLDA E REVESTIMENTO DAS JUNTAS,EXCLUSIVE FORNECIMENTO DOS TUBOS E DOS MATERIAIS DE REVESTIMENTO DAS JUNTAS","M",75.05,null,"06.020.0521-A","MONTAGEM E ASSENTAMENTO DE TUBULACAO DE CHAPA DE ACO DE 3/16\" DE ESPESSURA,COM 6,00M DE COMPRIMENTO E 450MM DE DIAMETRO,INCLUSIVE SOLDA E REVESTIMENTO DAS JUNTAS,EXCLUSIVE FORNECIMENTO DOS TUBOS E DOS MATERIAIS DE REVESTIMENTO DAS JUNTAS","M",72.81]
["06.020.0522-0","MONTAGEM E ASSENTAMENTO DE TUBULACAO DE CHAPA DE ACO DE 3/16\" DE ESPESSURA,COM 6,00M DE COMPRIMENTO E 500MM DE DIAMETRO,INCLUSIVE SOLDA E REVESTIMENTO DAS JUNTAS,EXCLUSIVE FORNECIMENTO DOS TUBOS E DOS MATERIAIS DE REVESTIMENTO DAS JUNTAS","M",80.47,null,"06.020.0522-A","MONTAGEM E ASSENTAMENTO DE TUBULACAO DE CHAPA DE ACO DE 3/16\" DE ESPESSURA,COM 6,00M DE COMPRIMENTO E 500MM DE DIAMETRO,INCLUSIVE SOLDA E REVESTIMENTO DAS JUNTAS,EXCLUSIVE FORNECIMENTO DOS TUBOS E DOS MATERIAIS DE REVESTIMENTO DAS JUNTAS","M",78.06]
["06.020.0531-0","MONTAGEM E ASSENTAMENTO DE TUBULACAO DE CHAPA DE ACO DE 1/4\"DE ESPESSURA,COM 6,00M DE COMPRIMENTO E 450MM DE DIAMETRO,INCLUSIVE SOLDA E REVESTIMENTO DAS JUNTAS,EXCLUSIVE FORNECIMENTO DOS TUBOS E DOS MATERIAIS DE REVESTIMENTO DAS JUNTAS","M",82.7,null,"06.020.0531-A","MONTAGEM E ASSENTAMENTO DE TUBULACAO DE CHAPA DE ACO DE 1/4\"DE ESPESSURA,COM 6,00M DE COMPRIMENTO E 450MM DE DIAMETRO,INCLUSIVE SOLDA E REVESTIMENTO DAS JUNTAS,EXCLUSIVE FORNECIMENTO DOS TUBOS E DOS MATERIAIS DE REVESTIMENTO DAS JUNTAS","M",80.180000000000007]
["06.020.0540-0","MONTAGEM E ASSENTAMENTO DE TUBULACAO DE CHAPA DE ACO DE 1/4\"DE ESPESSURA,COM 6,00M DE COMPRIMENTO E 800MM DE DIAMETRO,INCLUSIVE SOLDA E REVESTIMENTO DAS JUNTAS,EXCLUSIVE FORNECIMENTO DOS TUBOS E DOS MATERIAIS DE REVESTIMENTO DAS JUNTAS","M",200.68,null,"06.020.0540-A","MONTAGEM E ASSENTAMENTO DE TUBULACAO DE CHAPA DE ACO DE 1/4\"DE ESPESSURA,COM 6,00M DE COMPRIMENTO E 800MM DE DIAMETRO,INCLUSIVE SOLDA E REVESTIMENTO DAS JUNTAS,EXCLUSIVE FORNECIMENTO DOS TUBOS E DOS MATERIAIS DE REVESTIMENTO DAS JUNTAS","M",192.08]
["06.020.0549-0","MONTAGEM E ASSENTAMENTO DE TUBULACAO DE CHAPA DE ACO DE 5/16\" DE ESPESSURA,COM 6,00M DE COMPRIMENTO E 500MM DE DIAMETRO,INCLUSIVE SOLDA E REVESTIMENTO DAS JUNTAS,EXCLUSIVE FORNECIMENTO DOS TUBOS E DOS MATERIAIS DE REVESTIMENTO DAS JUNTAS","M",163.09,null,"06.020.0549-A","MONTAGEM E ASSENTAMENTO DE TUBULACAO DE CHAPA DE ACO DE 5/16\" DE ESPESSURA,COM 6,00M DE COMPRIMENTO E 500MM DE DIAMETRO,INCLUSIVE SOLDA E REVESTIMENTO DAS JUNTAS,EXCLUSIVE FORNECIMENTO DOS TUBOS E DOS MATERIAIS DE REVESTIMENTO DAS JUNTAS","M",156.38]
["06.020.0559-0","MONTAGEM E ASSENTAMENTO DE TUBULACAO DE CHAPA DE ACO DE 5/16\" DE ESPESSURA,COM 6,00M DE COMPRIMENTO E 1000MM DE DIAMETRO,INCLUSIVE SOLDA E REVESTIMENTO DAS JUNTAS,EXCLUSIVE FORNECIMENTO DOS TUBOS E DOS MATERIAIS DE REVESTIMENTO DAS JUNTAS","M",272.14999999999998,null,"06.020.0559-A","MONTAGEM E ASSENTAMENTO DE TUBULACAO DE CHAPA DE ACO DE 5/16\" DE ESPESSURA,COM 6,00M DE COMPRIMENTO E 1000MM DE DIAMETRO,INCLUSIVE SOLDA E REVESTIMENTO DAS JUNTAS,EXCLUSIVE FORNECIMENTO DOS TUBOS E DOS MATERIAIS DE REVESTIMENTO DAS JUNTAS","M",260.77]
["06.020.0565-0","MONTAGEM E ASSENTAMENTO DE TUBULACAO DE CHAPA DE ACO DE 3/8\"DE ESPESSURA,COM 6,00M DE COMPRIMENTO E 300MM DE DIAMETRO,INCLUSIVE SOLDA E REVESTIMENTO DAS JUNTAS,EXCLUSIVE FORNECIMENTO DOS TUBOS E DOS MATERIAIS DE REVESTIMENTO DAS JUNTAS","M",132.51,null,"06.020.0565-A","MONTAGEM E ASSENTAMENTO DE TUBULACAO DE CHAPA DE ACO DE 3/8\"DE ESPESSURA,COM 6,00M DE COMPRIMENTO E 300MM DE DIAMETRO,INCLUSIVE SOLDA E REVESTIMENTO DAS JUNTAS,EXCLUSIVE FORNECIMENTO DOS TUBOS E DOS MATERIAIS DE REVESTIMENTO DAS JUNTAS","M",127.32]
["06.020.0570-0","MONTAGEM E ASSENTAMENTO DE TUBULACAO DE CHAPA DE ACO DE 3/8\"DE ESPESSURA,COM 6,00M DE COMPRIMENTO E 600MM DE DIAMETRO,INCLUSIVE SOLDA E REVESTIMENTO DAS JUNTAS,EXCLUSIVE FORNECIMENTO DOS TUBOS E DOS MATERIAIS DE REVESTIMENTO DAS JUNTAS","M",250.99,null,"06.020.0570-A","MONTAGEM E ASSENTAMENTO DE TUBULACAO DE CHAPA DE ACO DE 3/8\"DE ESPESSURA,COM 6,00M DE COMPRIMENTO E 600MM DE DIAMETRO,INCLUSIVE SOLDA E REVESTIMENTO DAS JUNTAS,EXCLUSIVE FORNECIMENTO DOS TUBOS E DOS MATERIAIS DE REVESTIMENTO DAS JUNTAS","M",240.49]
["06.020.0574-0","MONTAGEM E ASSENTAMENTO DE TUBULACAO DE CHAPA DE ACO DE 3/8\"DE ESPESSURA,COM 6,00M DE COMPRIMENTO E 800MM DE DIAMETRO,INCLUSIVE SOLDA E REVESTIMENTO DAS JUNTAS,EXCLUSIVE FORNECIMENTO DOS TUBOS E DOS MATERIAIS DE REVESTIMENTO DAS JUNTAS","M",323.85000000000002,null,"06.020.0574-A","MONTAGEM E ASSENTAMENTO DE TUBULACAO DE CHAPA DE ACO DE 3/8\"DE ESPESSURA,COM 6,00M DE COMPRIMENTO E 800MM DE DIAMETRO,INCLUSIVE SOLDA E REVESTIMENTO DAS JUNTAS,EXCLUSIVE FORNECIMENTO DOS TUBOS E DOS MATERIAIS DE REVESTIMENTO DAS JUNTAS","M",310.43]
["06.020.0584-0","MONTAGEM E ASSENTAMENTO DE TUBULACAO DE CHAPA DE ACO DE 3/8\"DE ESPESSURA,COM 6,00M DE COMPRIMENTO E 1500MM DE DIAMETRO,INCLUSIVE SOLDA E REVESTIMENTO DAS JUNTAS,EXCLUSIVE FORNECIMENTO DOS TUBOS E DOS MATERIAIS DE REVESTIMENTO DAS JUNTAS","M",536.92999999999995,null,"06.020.0584-A","MONTAGEM E ASSENTAMENTO DE TUBULACAO DE CHAPA DE ACO DE 3/8\"DE ESPESSURA,COM 6,00M DE COMPRIMENTO E 1500MM DE DIAMETRO,INCLUSIVE SOLDA E REVESTIMENTO DAS JUNTAS,EXCLUSIVE FORNECIMENTO DOS TUBOS E DOS MATERIAIS DE REVESTIMENTO DAS JUNTAS","M",514.42999999999995]
["06.020.0596-0","MONTAGEM E ASSENTAMENTO DE TUBULACAO DE CHAPA DE ACO DE 1/2\"DE ESPESSURA,COM 6,00M DE COMPRIMENTO E 700MM DE DIAMETRO,INCLUSIVE SOLDA E REVESTIMENTO DAS JUNTAS,EXCLUSIVE FORNECIMENTO DOS TUBOS E DOS MATERIAIS DE REVESTIMENTO DAS JUNTAS","M",345.34,null,"06.020.0596-A","MONTAGEM E ASSENTAMENTO DE TUBULACAO DE CHAPA DE ACO DE 1/2\"DE ESPESSURA,COM 6,00M DE COMPRIMENTO E 700MM DE DIAMETRO,INCLUSIVE SOLDA E REVESTIMENTO DAS JUNTAS,EXCLUSIVE FORNECIMENTO DOS TUBOS E DOS MATERIAIS DE REVESTIMENTO DAS JUNTAS","M",331.18]
["06.020.0606-0","MONTAGEM E ASSENTAMENTO DE TUBULACAO DE CHAPA DE ACO DE 1/2\"DE ESPESSURA,COM 6,00M DE COMPRIMENTO E 1500MM DE DIAMETRO,INCLUSIVE SOLDA E REVESTIMENTO DAS JUNTAS,EXCLUSIVE FORNECIMENTO DOS TUBOS E DOS MATERIAIS DE REVESTIMENTO DAS JUNTAS","M",660.64,null,"06.020.0606-A","MONTAGEM E ASSENTAMENTO DE TUBULACAO DE CHAPA DE ACO DE 1/2\"DE ESPESSURA,COM 6,00M DE COMPRIMENTO E 1500MM DE DIAMETRO,INCLUSIVE SOLDA E REVESTIMENTO DAS JUNTAS,EXCLUSIVE FORNECIMENTO DOS TUBOS E DOS MATERIAIS DE REVESTIMENTO DAS JUNTAS","M",633.33000000000004]
["06.020.0612-0","MONTAGEM E ASSENTAMENTO DE TUBULACAO DE CHAPA DE ACO DE 1/2\"DE ESPESSURA,COM 6,00M DE COMPRIMENTO E 2000MM DE DIAMETRO,INCLUSIVE SOLDA E REVESTIMENTO DAS JUNTAS,EXCLUSIVE FORNECIMENTO DOS TUBOS E DOS MATERIAIS DE REVESTIMENTO DAS JUNTAS","M",858.59,null,"06.020.0612-A","MONTAGEM E ASSENTAMENTO DE TUBULACAO DE CHAPA DE ACO DE 1/2\"DE ESPESSURA,COM 6,00M DE COMPRIMENTO E 2000MM DE DIAMETRO,INCLUSIVE SOLDA E REVESTIMENTO DAS JUNTAS,EXCLUSIVE FORNECIMENTO DOS TUBOS E DOS MATERIAIS DE REVESTIMENTO DAS JUNTAS","M",823.32]
["06.020.0620-0","MONTAGEM E ASSENTAMENTO DE TUBULACAO DE CHAPA DE ACO DE 5/8\"DE ESPESSURA,COM 6,00M DE COMPRIMENTO E 2500MM DE DIAMETRO,INCLUSIVE SOLDA E REVESTIMENTO DAS JUNTAS,EXCLUSIVE FORNECIMENTO DOS TUBOS E DOS MATERIAIS DE REVESTIMENTO DAS JUNTAS","M",1258.55,null,"06.020.0620-A","MONTAGEM E ASSENTAMENTO DE TUBULACAO DE CHAPA DE ACO DE 5/8\"DE ESPESSURA,COM 6,00M DE COMPRIMENTO E 2500MM DE DIAMETRO,INCLUSIVE SOLDA E REVESTIMENTO DAS JUNTAS,EXCLUSIVE FORNECIMENTO DOS TUBOS E DOS MATERIAIS DE REVESTIMENTO DAS JUNTAS","M",1207.8900000000001]
["06.020.0629-0","MONTAGEM E ASSENTAMENTO DE TUBULACAO DE CHAPA DE ACO DE 3/16\" DE ESPESSURA,COM 12,00M DE COMPRIMENTO E 350MM DE DIAMETRO,INCLUSIVE SOLDA E REVESTIMENTO DAS JUNTAS,EXCLUSIVE FORNECIMENTO DOS TUBOS E DOS MATERIAIS DE REVESTIMENTO DAS JUNTAS","M",37.520000000000003,null,"06.020.0629-A","MONTAGEM E ASSENTAMENTO DE TUBULACAO DE CHAPA DE ACO DE 3/16\" DE ESPESSURA,COM 12,00M DE COMPRIMENTO E 350MM DE DIAMETRO,INCLUSIVE SOLDA E REVESTIMENTO DAS JUNTAS,EXCLUSIVE FORNECIMENTO DOS TUBOS E DOS MATERIAIS DE REVESTIMENTO DAS JUNTAS","M",36.44]
["06.020.0638-0","MONTAGEM E ASSENTAMENTO DE TUBULACAO DE CHAPA DE ACO DE 1/4\"DE ESPESSURA,COM 12,00M DE COMPRIMENTO E 250MM DE DIAMETRO,INCLUSIVE SOLDA E REVESTIMENTO DAS JUNTAS,EXCLUSIVE FORNECIMENTO DOS TUBOS E DOS MATERIAIS DE REVESTIMENTO DAS JUNTAS","M",34.82,null,"06.020.0638-A","MONTAGEM E ASSENTAMENTO DE TUBULACAO DE CHAPA DE ACO DE 1/4\"DE ESPESSURA,COM 12,00M DE COMPRIMENTO E 250MM DE DIAMETRO,INCLUSIVE SOLDA E REVESTIMENTO DAS JUNTAS,EXCLUSIVE FORNECIMENTO DOS TUBOS E DOS MATERIAIS DE REVESTIMENTO DAS JUNTAS","M",33.81]
["06.020.0643-0","MONTAGEM E ASSENTAMENTO DE TUBULACAO DE CHAPA DE ACO DE 1/4\"DE ESPESSURA,COM 12,00M DE COMPRIMENTO E 500MM DE DIAMETRO,INCLUSIVE SOLDA E REVESTIMENTO DAS JUNTAS,EXCLUSIVE FORNECIMENTO DOS TUBOS E DOS MATERIAIS DE REVESTIMENTO DAS JUNTAS","M",50.01,null,"06.020.0643-A","MONTAGEM E ASSENTAMENTO DE TUBULACAO DE CHAPA DE ACO DE 1/4\"DE ESPESSURA,COM 12,00M DE COMPRIMENTO E 500MM DE DIAMETRO,INCLUSIVE SOLDA E REVESTIMENTO DAS JUNTAS,EXCLUSIVE FORNECIMENTO DOS TUBOS E DOS MATERIAIS DE REVESTIMENTO DAS JUNTAS","M",48.5]
["06.020.0645-0","MONTAGEM E ASSENTAMENTO DE TUBULACAO DE CHAPA DE ACO DE 1/4\"DE ESPESSURA,COM 12,00M DE COMPRIMENTO E 600MM DE DIAMETRO,INCLUSIVE SOLDA E REVESTIMENTO DAS JUNTAS,EXCLUSIVE FORNECIMENTO DOS TUBOS E DOS MATERIAIS DE REVESTIMENTO DAS JUNTAS","M",54.42,null,"06.020.0645-A","MONTAGEM E ASSENTAMENTO DE TUBULACAO DE CHAPA DE ACO DE 1/4\"DE ESPESSURA,COM 12,00M DE COMPRIMENTO E 600MM DE DIAMETRO,INCLUSIVE SOLDA E REVESTIMENTO DAS JUNTAS,EXCLUSIVE FORNECIMENTO DOS TUBOS E DOS MATERIAIS DE REVESTIMENTO DAS JUNTAS","M",52.76]
["06.020.0661-0","MONTAGEM E ASSENTAMENTO DE TUBULACAO DE CHAPA DE ACO DE 5/16\" DE ESPESSURA,COM 12,00M DE COMPRIMENTO E 600MM DE DIAMETRO,INCLUSIVE SOLDA E REVESTIMENTO DAS JUNTAS,EXCLUSIVE FORNECIMENTO DOS TUBOS E DOS MATERIAIS DE REVESTIMENTO DAS JUNTAS","M",116.65,null,"06.020.0661-A","MONTAGEM E ASSENTAMENTO DE TUBULACAO DE CHAPA DE ACO DE 5/16\" DE ESPESSURA,COM 12,00M DE COMPRIMENTO E 600MM DE DIAMETRO,INCLUSIVE SOLDA E REVESTIMENTO DAS JUNTAS,EXCLUSIVE FORNECIMENTO DOS TUBOS E DOS MATERIAIS DE REVESTIMENTO DAS JUNTAS","M",111.6]
["06.020.0667-0","MONTAGEM E ASSENTAMENTO DE TUBULACAO DE CHAPA DE ACO DE 5/16\" DE ESPESSURA,COM 12,00M DE COMPRIMENTO E 900MM DE DIAMETRO,INCLUSIVE SOLDA E REVESTIMENTO DAS JUNTAS,EXCLUSIVE FORNECIMENTO DOS TUBOS E DOS MATERIAIS DE REVESTIMENTO DAS JUNTAS","M",141.74,null,"06.020.0667-A","MONTAGEM E ASSENTAMENTO DE TUBULACAO DE CHAPA DE ACO DE 5/16\" DE ESPESSURA,COM 12,00M DE COMPRIMENTO E 900MM DE DIAMETRO,INCLUSIVE SOLDA E REVESTIMENTO DAS JUNTAS,EXCLUSIVE FORNECIMENTO DOS TUBOS E DOS MATERIAIS DE REVESTIMENTO DAS JUNTAS","M",135.72]
["06.020.0677-0","MONTAGEM E ASSENTAMENTO DE TUBULACAO DE CHAPA DE ACO DE 3/8\"DE ESPESSURA,COM 12,00M DE COMPRIMENTO E 400MM DE DIAMETRO,INCLUSIVE SOLDA E REVESTIMENTO DAS JUNTAS,EXCLUSIVE FORNECIMENTO DOS TUBOS E DOS MATERIAIS DE REVESTIMENTO DAS JUNTAS","M",87.92,null,"06.020.0677-A","MONTAGEM E ASSENTAMENTO DE TUBULACAO DE CHAPA DE ACO DE 3/8\"DE ESPESSURA,COM 12,00M DE COMPRIMENTO E 400MM DE DIAMETRO,INCLUSIVE SOLDA E REVESTIMENTO DAS JUNTAS,EXCLUSIVE FORNECIMENTO DOS TUBOS E DOS MATERIAIS DE REVESTIMENTO DAS JUNTAS","M",84.48]
["06.020.0678-0","MONTAGEM E ASSENTAMENTO DE TUBULACAO DE CHAPA DE ACO DE 3/8\"DE ESPESSURA,COM 12,00M DE COMPRIMENTO E 450MM DE DIAMETRO,INCLUSIVE SOLDA E REVESTIMENTO DAS JUNTAS,EXCLUSIVE FORNECIMENTO DOS TUBOS E DOS MATERIAIS DE REVESTIMENTO DAS JUNTAS","M",100.14,null,"06.020.0678-A","MONTAGEM E ASSENTAMENTO DE TUBULACAO DE CHAPA DE ACO DE 3/8\"DE ESPESSURA,COM 12,00M DE COMPRIMENTO E 450MM DE DIAMETRO,INCLUSIVE SOLDA E REVESTIMENTO DAS JUNTAS,EXCLUSIVE FORNECIMENTO DOS TUBOS E DOS MATERIAIS DE REVESTIMENTO DAS JUNTAS","M",96.2]
["06.020.0689-0","MONTAGEM E ASSENTAMENTO DE TUBULACAO DE CHAPA DE ACO DE 3/8\"DE ESPESSURA,COM 12,00M DE COMPRIMENTO E 1000MM DE DIAMETRO,INCLUSIVE SOLDA E REVESTIMENTO DAS JUNTAS,EXCLUSIVE FORNECIMENTO DOS TUBOS E DOS MATERIAIS DE REVESTIMENTO DAS JUNTAS","M",220.61,null,"06.020.0689-A","MONTAGEM E ASSENTAMENTO DE TUBULACAO DE CHAPA DE ACO DE 3/8\"DE ESPESSURA,COM 12,00M DE COMPRIMENTO E 1000MM DE DIAMETRO,INCLUSIVE SOLDA E REVESTIMENTO DAS JUNTAS,EXCLUSIVE FORNECIMENTO DOS TUBOS E DOS MATERIAIS DE REVESTIMENTO DAS JUNTAS","M",211.26]
["06.020.0696-0","MONTAGEM E ASSENTAMENTO DE TUBULACAO DE CHAPA DE ACO DE 3/8\"DE ESPESSURA,COM 12,00M DE COMPRIMENTO E 2500MM DE DIAMETRO,INCLUSIVE SOLDA E REVESTIMENTO DAS JUNTAS,EXCLUSIVE FORNECIMENTO DOS TUBOS E DOS MATERIAIS DE REVESTIMENTO DAS JUNTAS","M",485.71,null,"06.020.0696-A","MONTAGEM E ASSENTAMENTO DE TUBULACAO DE CHAPA DE ACO DE 3/8\"DE ESPESSURA,COM 12,00M DE COMPRIMENTO E 2500MM DE DIAMETRO,INCLUSIVE SOLDA E REVESTIMENTO DAS JUNTAS,EXCLUSIVE FORNECIMENTO DOS TUBOS E DOS MATERIAIS DE REVESTIMENTO DAS JUNTAS","M",465.05]
["06.020.0704-0","MONTAGEM E ASSENTAMENTO DE TUBULACAO DE CHAPA DE ACO DE 1/2\"DE ESPESSURA,COM 12,00M DE COMPRIMENTO E 700MM DE DIAMETRO,INCLUSIVE SOLDA E REVESTIMENTO DAS JUNTAS,EXCLUSIVE FORNECIMENTO DOS TUBOS E DOS MATERIAIS DE REVESTIMENTO DAS JUNTAS","M",191.82,null,"06.020.0704-A","MONTAGEM E ASSENTAMENTO DE TUBULACAO DE CHAPA DE ACO DE 1/2\"DE ESPESSURA,COM 12,00M DE COMPRIMENTO E 700MM DE DIAMETRO,INCLUSIVE SOLDA E REVESTIMENTO DAS JUNTAS,EXCLUSIVE FORNECIMENTO DOS TUBOS E DOS MATERIAIS DE REVESTIMENTO DAS JUNTAS","M",183.82]
["06.020.0711-0","MONTAGEM E ASSENTAMENTO DE TUBULACAO DE CHAPA DE ACO DE 1/2\"DE ESPESSURA,COM 12,00M DE COMPRIMENTO E 1200MM DE DIAMETRO,INCLUSIVE SOLDA E REVESTIMENTO DAS JUNTAS,EXCLUSIVE FORNECIMENTO DOS TUBOS E DOS MATERIAIS DE REVESTIMENTO DAS JUNTAS","M",290.77,null,"06.020.0711-A","MONTAGEM E ASSENTAMENTO DE TUBULACAO DE CHAPA DE ACO DE 1/2\"DE ESPESSURA,COM 12,00M DE COMPRIMENTO E 1200MM DE DIAMETRO,INCLUSIVE SOLDA E REVESTIMENTO DAS JUNTAS,EXCLUSIVE FORNECIMENTO DOS TUBOS E DOS MATERIAIS DE REVESTIMENTO DAS JUNTAS","M",278.73]
["06.020.0718-0","MONTAGEM E ASSENTAMENTO DE TUBULACAO DE CHAPA DE ACO DE 1/2\"DE ESPESSURA,COM 12,00M DE COMPRIMENTO E 2500MM DE DIAMETRO,INCLUSIVE SOLDA E REVESTIMENTO DAS JUNTAS,EXCLUSIVE FORNECIMENTO DOS TUBOS E DOS MATERIAIS DE REVESTIMENTO DAS JUNTAS","M",572.28,null,"06.020.0718-A","MONTAGEM E ASSENTAMENTO DE TUBULACAO DE CHAPA DE ACO DE 1/2\"DE ESPESSURA,COM 12,00M DE COMPRIMENTO E 2500MM DE DIAMETRO,INCLUSIVE SOLDA E REVESTIMENTO DAS JUNTAS,EXCLUSIVE FORNECIMENTO DOS TUBOS E DOS MATERIAIS DE REVESTIMENTO DAS JUNTAS","M",548.46]
["06.020.0726-0","MONTAGEM E ASSENTAMENTO DE PECAS DE ACO,POR JUNTA SOLDADA DE3\" DE DIAMETRO,INCLUSIVE SOLDA, EXCLUSIVE FORNECIMENTO DASPECAS","UN",25.55,null,"06.020.0726-A","MONTAGEM E ASSENTAMENTO DE PECAS DE ACO,POR JUNTA SOLDADA DE3\" DE DIAMETRO,INCLUSIVE SOLDA, EXCLUSIVE FORNECIMENTO DASPECAS","UN",23.96]
["06.020.0739-0","MONTAGEM E ASSENTAMENTO DE PECAS DE CHAPA DE ACO DE 3/16\" DEESPESSURA,POR JUNTA SOLDADA,DE 350MM DE DIAMETRO,INCLUSIVESOLDA,EXCLUSIVE FORNECIMENTO DAS PECAS E DOS MATERIAIS DE REVESTIMENTO DAS JUNTAS","UN",375.36,null,"06.020.0739-A","MONTAGEM E ASSENTAMENTO DE PECAS DE CHAPA DE ACO DE 3/16\" DEESPESSURA,POR JUNTA SOLDADA,DE 350MM DE DIAMETRO,INCLUSIVESOLDA,EXCLUSIVE FORNECIMENTO DAS PECAS E DOS MATERIAIS DE REVESTIMENTO DAS JUNTAS","UN",359.83]
["06.020.0740-0","MONTAGEM E ASSENTAMENTO DE PECAS DE CHAPA DE ACO DE 3/16\" DEESPESSURA,POR JUNTA SOLDADA,DE 400MM DE DIAMETRO,INCLUSIVESOLDA,EXCLUSIVE FORNECIMENTO DAS PECAS E DOS MATERIAIS DE REVESTIMENTO DAS JUNTAS","UN",425.4,null,"06.020.0740-A","MONTAGEM E ASSENTAMENTO DE PECAS DE CHAPA DE ACO DE 3/16\" DEESPESSURA,POR JUNTA SOLDADA,DE 400MM DE DIAMETRO,INCLUSIVESOLDA,EXCLUSIVE FORNECIMENTO DAS PECAS E DOS MATERIAIS DE REVESTIMENTO DAS JUNTAS","UN",407.87]
["06.020.0749-0","MONTAGEM E ASSENTAMENTO DE PECAS DE CHAPA DE ACO DE 1/4\" DEESPESSURA,POR JUNTA SOLDADA,DE 350MM DE DIAMETRO,INCLUSIVE SOLDA,EXCLUSIVE FORNECIMENTO DAS PECAS E DOS MATERIAIS DE REVESTIMENTO DAS JUNTAS","UN",451.48,null,"06.020.0749-A","MONTAGEM E ASSENTAMENTO DE PECAS DE CHAPA DE ACO DE 1/4\" DEESPESSURA,POR JUNTA SOLDADA,DE 350MM DE DIAMETRO,INCLUSIVE SOLDA,EXCLUSIVE FORNECIMENTO DAS PECAS E DOS MATERIAIS DE REVESTIMENTO DAS JUNTAS","UN",433.29]
["06.020.0754-0","MONTAGEM E ASSENTAMENTO DE PECAS DE CHAPA DE ACO DE 1/4\" DEESPESSURA,POR JUNTA SOLDADA,DE 600MM DE DIAMETRO,INCLUSIVE SOLDA,EXCLUSIVE FORNECIMENTO DAS PECAS E DOS MATERIAIS DE REVESTIMENTO DAS JUNTAS","UN",748.44,null,"06.020.0754-A","MONTAGEM E ASSENTAMENTO DE PECAS DE CHAPA DE ACO DE 1/4\" DEESPESSURA,POR JUNTA SOLDADA,DE 600MM DE DIAMETRO,INCLUSIVE SOLDA,EXCLUSIVE FORNECIMENTO DAS PECAS E DOS MATERIAIS DE REVESTIMENTO DAS JUNTAS","UN",719.9]
["06.020.0762-0","MONTAGEM E ASSENTAMENTO DE PECAS DE CHAPA DE ACO DE 5/16\" DEESPESSURA,POR JUNTA SOLDADA,DE 400MM DE DIAMETRO,INCLUSIVESOLDA,EXCLUSIVE FORNECIMENTO DAS PECAS E DOS MATERIAIS DE REVESTIMENTO DAS JUNTAS","UN",703.27,null,"06.020.0762-A","MONTAGEM E ASSENTAMENTO DE PECAS DE CHAPA DE ACO DE 5/16\" DEESPESSURA,POR JUNTA SOLDADA,DE 400MM DE DIAMETRO,INCLUSIVESOLDA,EXCLUSIVE FORNECIMENTO DAS PECAS E DOS MATERIAIS DE REVESTIMENTO DAS JUNTAS","UN",674.86]
["06.020.0770-0","MONTAGEM E ASSENTAMENTO DE PECAS DE CHAPA DE ACO DE 5/16\" DEESPESSURA,POR JUNTA SOLDADA,DE 800MM DE DIAMETRO,INCLUSIVESOLDA,EXCLUSIVE FORNECIMENTO DAS PECAS E DOS MATERIAIS DE REVESTIMENTO DAS JUNTAS","UN",1369.84,null,"06.020.0770-A","MONTAGEM E ASSENTAMENTO DE PECAS DE CHAPA DE ACO DE 5/16\" DEESPESSURA,POR JUNTA SOLDADA,DE 800MM DE DIAMETRO,INCLUSIVESOLDA,EXCLUSIVE FORNECIMENTO DAS PECAS E DOS MATERIAIS DE REVESTIMENTO DAS JUNTAS","UN",1317.34]
["06.020.0774-0","MONTAGEM E ASSENTAMENTO DE PECAS DE CHAPA DE ACO DE 5/16\" DEESPESSURA,POR JUNTA SOLDADA,DE 1000MM DE DIAMETRO,INCLUSIVESOLDA,EXCLUSIVE FORNECIMENTO DAS PECAS E DOS MATERIAIS DE REVESTIMENTO DAS JUNTAS","UN",1703.62,null,"06.020.0774-A","MONTAGEM E ASSENTAMENTO DE PECAS DE CHAPA DE ACO DE 5/16\" DEESPESSURA,POR JUNTA SOLDADA,DE 1000MM DE DIAMETRO,INCLUSIVESOLDA,EXCLUSIVE FORNECIMENTO DAS PECAS E DOS MATERIAIS DE REVESTIMENTO DAS JUNTAS","UN",1638.67]
["06.020.0783-0","MONTAGEM E ASSENTAMENTO DE PECAS DE CHAPA DE ACO DE 3/8\" DEESPESSURA,POR JUNTA SOLDADA,DE 450MM DE DIAMETRO,INCLUSIVE SOLDA,EXCLUSIVE FORNECIMENTO DAS PECAS E DOS MATERIAIS DE REVESTIMENTO DAS JUNTAS","UN",1234.02,null,"06.020.0783-A","MONTAGEM E ASSENTAMENTO DE PECAS DE CHAPA DE ACO DE 3/8\" DEESPESSURA,POR JUNTA SOLDADA,DE 450MM DE DIAMETRO,INCLUSIVE SOLDA,EXCLUSIVE FORNECIMENTO DAS PECAS E DOS MATERIAIS DE REVESTIMENTO DAS JUNTAS","UN",1185.5899999999999]
["06.020.0788-0","MONTAGEM E ASSENTAMENTO DE PECAS DE CHAPA DE ACO DE 3/8\" DEESPESSURA,POR JUNTA SOLDADA,DE 700MM DE DIAMETRO,INCLUSIVE SOLDA,EXCLUSIVE FORNECIMENTO DAS PECAS E DOS MATERIAIS DE REVESTIMENTO DAS JUNTAS","UN",1903.42,null,"06.020.0788-A","MONTAGEM E ASSENTAMENTO DE PECAS DE CHAPA DE ACO DE 3/8\" DEESPESSURA,POR JUNTA SOLDADA,DE 700MM DE DIAMETRO,INCLUSIVE SOLDA,EXCLUSIVE FORNECIMENTO DAS PECAS E DOS MATERIAIS DE REVESTIMENTO DAS JUNTAS","UN",1830.46]
["06.020.0795-0","MONTAGEM E ASSENTAMENTO DE PECAS DE CHAPA DE ACO DE 3/8\" DEESPESSURA,POR JUNTA SOLDADA,DE 1200MM DE DIAMETRO,INCLUSIVESOLDA,EXCLUSIVE FORNECIMENTO DAS PECAS E DOS MATERIAIS DE REVESTIMENTO DAS JUNTAS","UN",3230.4,null,"06.020.0795-A","MONTAGEM E ASSENTAMENTO DE PECAS DE CHAPA DE ACO DE 3/8\" DEESPESSURA,POR JUNTA SOLDADA,DE 1200MM DE DIAMETRO,INCLUSIVESOLDA,EXCLUSIVE FORNECIMENTO DAS PECAS E DOS MATERIAIS DE REVESTIMENTO DAS JUNTAS","UN",3108.02]
["06.020.0800-0","MONTAGEM E ASSENTAMENTO DE PECAS DE CHAPA DE ACO DE 1/2\" DEESPESSURA,POR JUNTA SOLDADA,DE 500MM DE DIAMETRO,INCLUSIVE SOLDA,EXCLUSIVE FORNECIMENTO DAS PECAS E DOS MATERIAIS DE REVESTIMENTO DAS JUNTAS","UN",1915.9,null,"06.020.0800-A","MONTAGEM E ASSENTAMENTO DE PECAS DE CHAPA DE ACO DE 1/2\" DEESPESSURA,POR JUNTA SOLDADA,DE 500MM DE DIAMETRO,INCLUSIVE SOLDA,EXCLUSIVE FORNECIMENTO DAS PECAS E DOS MATERIAIS DE REVESTIMENTO DAS JUNTAS","UN",1838.19]
["06.020.0805-0","MONTAGEM E ASSENTAMENTO DE PECAS DE CHAPA DE ACO DE 1/2\" DEESPESSURA,POR JUNTA SOLDADA,DE 1000MM DE DIAMETRO,INCLUSIVESOLDA,EXCLUSIVE FORNECIMENTO DAS PECAS E DOS MATERIAIS DE REVESTIMENTO DAS JUNTAS","UN",3762.66,null,"06.020.0805-A","MONTAGEM E ASSENTAMENTO DE PECAS DE CHAPA DE ACO DE 1/2\" DEESPESSURA,POR JUNTA SOLDADA,DE 1000MM DE DIAMETRO,INCLUSIVESOLDA,EXCLUSIVE FORNECIMENTO DAS PECAS E DOS MATERIAIS DE REVESTIMENTO DAS JUNTAS","UN",3614.95]
["06.020.0811-0","MONTAGEM E ASSENTAMENTO DE PECAS DE CHAPA DE ACO DE 1/2\" DEESPESSURA,POR JUNTA SOLDADA,DE 2500MM DE DIAMETRO,INCLUSIVESOLDA,EXCLUSIVE FORNECIMENTO DAS PECAS E DOS MATERIAIS DE REVESTIMENTO DAS JUNTAS","UN",9142.69,null,"06.020.0811-A","MONTAGEM E ASSENTAMENTO DE PECAS DE CHAPA DE ACO DE 1/2\" DEESPESSURA,POR JUNTA SOLDADA,DE 2500MM DE DIAMETRO,INCLUSIVESOLDA,EXCLUSIVE FORNECIMENTO DAS PECAS E DOS MATERIAIS DE REVESTIMENTO DAS JUNTAS","UN",8789.75]
["06.020.0812-0","MONTAGEM E ASSENTAMENTO DE PECAS DE CHAPA DE ACO DE 5/8\" DEESPESSURA,POR JUNTA SOLDADA,DE 1800MM DE DIAMETRO,INCLUSIVESOLDA,EXCLUSIVE FORNECIMENTO DAS PECAS E DOS MATERIAIS DE REVESTIMENTO DAS JUNTAS","UN",8363.15,null,"06.020.0812-A","MONTAGEM E ASSENTAMENTO DE PECAS DE CHAPA DE ACO DE 5/8\" DEESPESSURA,POR JUNTA SOLDADA,DE 1800MM DE DIAMETRO,INCLUSIVESOLDA,EXCLUSIVE FORNECIMENTO DAS PECAS E DOS MATERIAIS DE REVESTIMENTO DAS JUNTAS","UN",8044.25]
["06.020.0819-0","EXECUCAO DE DEFLEXAO ATE 22°30',NO CAMPO,EM TUBULACAO DE CHAPA DE ACO SOLDADO COM ESPESSURA DE 3/16\" E DIAMETRO DE 400MM,COMPREENDENDO POSICIONAMENTO DO TUBO,REMOCAO DE REVESTIMENTOS,CORTE OBLIQUO,GIRO DE 180°,PREPARO DAS PONTAS,SOLDA E NOVO REVESTIMENTO DA JUNTA IDENTICO AO ORIGINAL","UN",278.25,null,"06.020.0819-A","EXECUCAO DE DEFLEXAO ATE 22°30',NO CAMPO,EM TUBULACAO DE CHAPA DE ACO SOLDADO COM ESPESSURA DE 3/16\" E DIAMETRO DE 400MM,COMPREENDENDO POSICIONAMENTO DO TUBO,REMOCAO DE REVESTIMENTOS,CORTE OBLIQUO,GIRO DE 180°,PREPARO DAS PONTAS,SOLDA E NOVO REVESTIMENTO DA JUNTA IDENTICO AO ORIGINAL","UN",266.85000000000002]
["06.020.0823-0","EXECUCAO DE DEFLEXAO ATE 22°30',NO CAMPO,EM TUBULACAO DE CHAPA DE ACO SOLDADO COM ESPESSURA DE 3/16\" E DIAMETRO DE 700MM,COMPREENDENDO POSICIONAMENTO DO TUBO,REMOCAO DE REVESTIMENTOS,CORTE OBLIQUO,GIRO DE 180°,PREPARO DAS PONTAS,SOLDA E NOVO REVESTIMENTO DA JUNTA IDENTICO AO ORIGINAL","UN",486.81,null,"06.020.0823-A","EXECUCAO DE DEFLEXAO ATE 22°30',NO CAMPO,EM TUBULACAO DE CHAPA DE ACO SOLDADO COM ESPESSURA DE 3/16\" E DIAMETRO DE 700MM,COMPREENDENDO POSICIONAMENTO DO TUBO,REMOCAO DE REVESTIMENTOS,CORTE OBLIQUO,GIRO DE 180°,PREPARO DAS PONTAS,SOLDA E NOVO REVESTIMENTO DA JUNTA IDENTICO AO ORIGINAL","UN",466.86]
["06.020.0828-0","EXECUCAO DE DEFLEXAO ATE 22°30',NO CAMPO,EM TUBULACAO DE CHAPA DE ACO SOLDADO COM ESPESSURA DE 1/4\" E DIAMETRO DE 350MM,COMPREENDENDO POSICIONAMENTO DO TUBO,REMOCAO DE REVESTIMENTOS,CORTE OBLIQUO,GIRO DE 180°,PREPARO DAS PONTAS,SOLDA E NOVOREVESTIMENTO DA JUNTA IDENTICO AO ORIGINAL","UN",282.43,null,"06.020.0828-A","EXECUCAO DE DEFLEXAO ATE 22°30',NO CAMPO,EM TUBULACAO DE CHAPA DE ACO SOLDADO COM ESPESSURA DE 1/4\" E DIAMETRO DE 350MM,COMPREENDENDO POSICIONAMENTO DO TUBO,REMOCAO DE REVESTIMENTOS,CORTE OBLIQUO,GIRO DE 180°,PREPARO DAS PONTAS,SOLDA E NOVOREVESTIMENTO DA JUNTA IDENTICO AO ORIGINAL","UN",271.07]
["06.020.0829-0","EXECUCAO DE DEFLEXAO ATE 22°30',NO CAMPO,EM TUBULACAO DE CHAPA DE ACO SOLDADO COM ESPESSURA DE 1/4\" E DIAMETRO DE 400MM,COMPREENDENDO POSICIONAMENTO DO TUBO,REMOCAO DE REVESTIMENTOS,CORTE OBLIQUO,GIRO DE 180°,PREPARO DAS PONTAS,SOLDA E NOVOREVESTIMENTO DA JUNTA IDENTICO AO ORIGINAL","UN",322.64,null,"06.020.0829-A","EXECUCAO DE DEFLEXAO ATE 22°30',NO CAMPO,EM TUBULACAO DE CHAPA DE ACO SOLDADO COM ESPESSURA DE 1/4\" E DIAMETRO DE 400MM,COMPREENDENDO POSICIONAMENTO DO TUBO,REMOCAO DE REVESTIMENTOS,CORTE OBLIQUO,GIRO DE 180°,PREPARO DAS PONTAS,SOLDA E NOVOREVESTIMENTO DA JUNTA IDENTICO AO ORIGINAL","UN",309.67]
["06.020.0842-0","EXECUCAO DE DEFLEXAO ATE 22°30',NO CAMPO,EM TUBULACAO DE CHAPA DE ACO SOLDADO COM ESPESSURA DE 5/16\" E DIAMETRO DE 400MM,COMPREENDENDO POSICIONAMENTO DO TUBO,REMOCAO DE REVESTIMENTOS,CORTE OBLIQUO,GIRO DE 180°,PREPARO DAS PONTAS,SOLDA E NOVO REVESTIMENTO DA JUNTA IDENTICO AO ORIGINAL","UN",398.27,null,"06.020.0842-A","EXECUCAO DE DEFLEXAO ATE 22°30',NO CAMPO,EM TUBULACAO DE CHAPA DE ACO SOLDADO COM ESPESSURA DE 5/16\" E DIAMETRO DE 400MM,COMPREENDENDO POSICIONAMENTO DO TUBO,REMOCAO DE REVESTIMENTOS,CORTE OBLIQUO,GIRO DE 180°,PREPARO DAS PONTAS,SOLDA E NOVO REVESTIMENTO DA JUNTA IDENTICO AO ORIGINAL","UN",382.71]
["06.020.0846-0","EXECUCAO DE DEFLEXAO ATE 22°30',NO CAMPO,EM TUBULACAO DE CHAPA DE ACO SOLDADO COM ESPESSURA DE 5/16\" E DIAMETRO DE 600MM,COMPREENDENDO POSICIONAMENTO DO TUBO,REMOCAO DE REVESTIMENTOS,CORTE OBLIQUO,GIRO DE 180°,PREPARO DAS PONTAS,SOLDA E NOVO REVESTIMENTO DA JUNTA IDENTICO AO ORIGINAL","UN",597.44000000000005,null,"06.020.0846-A","EXECUCAO DE DEFLEXAO ATE 22°30',NO CAMPO,EM TUBULACAO DE CHAPA DE ACO SOLDADO COM ESPESSURA DE 5/16\" E DIAMETRO DE 600MM,COMPREENDENDO POSICIONAMENTO DO TUBO,REMOCAO DE REVESTIMENTOS,CORTE OBLIQUO,GIRO DE 180°,PREPARO DAS PONTAS,SOLDA E NOVO REVESTIMENTO DA JUNTA IDENTICO AO ORIGINAL","UN",574.1]
["06.020.0854-0","EXECUCAO DE DEFLEXAO ATE 22°30',NO CAMPO,EM TUBULACAO DE CHAPA DE ACO SOLDADO COM ESPESSURA DE 5/16\" E DIAMETRO DE 1200MM,COMPREENDENDO POSICIONAMENTO DO TUBO,REMOCAO DE REVESTIMENTOS,CORTE OBLIQUO,GIRO DE 180°,PREPARO DAS PONTAS,SOLDA E NOVO REVESTIMENTO DA JUNTA IDENTICO AO ORIGINAL","UN",1194.76,null,"06.020.0854-A","EXECUCAO DE DEFLEXAO ATE 22°30',NO CAMPO,EM TUBULACAO DE CHAPA DE ACO SOLDADO COM ESPESSURA DE 5/16\" E DIAMETRO DE 1200MM,COMPREENDENDO POSICIONAMENTO DO TUBO,REMOCAO DE REVESTIMENTOS,CORTE OBLIQUO,GIRO DE 180°,PREPARO DAS PONTAS,SOLDA E NOVO REVESTIMENTO DA JUNTA IDENTICO AO ORIGINAL","UN",1148.08]
["06.020.0857-0","EXECUCAO DE DEFLEXAO ATE 22°30',NO CAMPO,EM TUBULACAO DE CHAPA DE ACO SOLDADO COM ESPESSURA DE 3/8\" E DIAMETRO DE 350MM,COMPREENDENDO POSICIONAMENTO DO TUBO,REMOCAO DE REVESTIMENTOS,CORTE OBLIQUO,GIRO DE 180°,PREPARO DAS PONTAS,SOLDA E NOVOREVESTIMENTO DA JUNTA IDENTICO AO ORIGINAL","UN",524.82000000000005,null,"06.020.0857-A","EXECUCAO DE DEFLEXAO ATE 22°30',NO CAMPO,EM TUBULACAO DE CHAPA DE ACO SOLDADO COM ESPESSURA DE 3/8\" E DIAMETRO DE 350MM,COMPREENDENDO POSICIONAMENTO DO TUBO,REMOCAO DE REVESTIMENTOS,CORTE OBLIQUO,GIRO DE 180°,PREPARO DAS PONTAS,SOLDA E NOVOREVESTIMENTO DA JUNTA IDENTICO AO ORIGINAL","UN",504.5]
["06.020.0864-0","EXECUCAO DE DEFLEXAO ATE 22°30',NO CAMPO,EM TUBULACAO DE CHAPA DE ACO SOLDADO COM ESPESSURA DE 3/8\" E DIAMETRO DE 700MM,COMPREENDENDO POSICIONAMENTO DO TUBO,REMOCAO DE REVESTIMENTOS,CORTE OBLIQUO,GIRO DE 180°,PREPARO DAS PONTAS,SOLDA E NOVOREVESTIMENTO DA JUNTA IDENTICO AO ORIGINAL","UN",1049.08,null,"06.020.0864-A","EXECUCAO DE DEFLEXAO ATE 22°30',NO CAMPO,EM TUBULACAO DE CHAPA DE ACO SOLDADO COM ESPESSURA DE 3/8\" E DIAMETRO DE 700MM,COMPREENDENDO POSICIONAMENTO DO TUBO,REMOCAO DE REVESTIMENTOS,CORTE OBLIQUO,GIRO DE 180°,PREPARO DAS PONTAS,SOLDA E NOVOREVESTIMENTO DA JUNTA IDENTICO AO ORIGINAL","UN",1008.47]
["06.020.0872-0","EXECUCAO DE DEFLEXAO ATE 22°30',NO CAMPO,EM TUBULACAO DE CHAPA DE ACO SOLDADO COM ESPESSURA DE 3/8\" E DIAMETRO DE 1300MM,COMPREENDENDO POSICIONAMENTO DO TUBO,REMOCAO DE REVESTIMENTOS,CORTE OBLIQUO,GIRO DE 180°,PREPARO DAS PONTAS,SOLDA E NOVO REVESTIMENTO DA JUNTA IDENTICO AO ORIGINAL","UN",1948.42,null,"06.020.0872-A","EXECUCAO DE DEFLEXAO ATE 22°30',NO CAMPO,EM TUBULACAO DE CHAPA DE ACO SOLDADO COM ESPESSURA DE 3/8\" E DIAMETRO DE 1300MM,COMPREENDENDO POSICIONAMENTO DO TUBO,REMOCAO DE REVESTIMENTOS,CORTE OBLIQUO,GIRO DE 180°,PREPARO DAS PONTAS,SOLDA E NOVO REVESTIMENTO DA JUNTA IDENTICO AO ORIGINAL","UN",1872.99]
["06.020.0880-0","EXECUCAO DE DEFLEXAO ATE 22°30',NO CAMPO,EM TUBULACAO DE CHAPA DE ACO SOLDADO COM ESPESSURA DE 1/2\" E DIAMETRO DE 500MM,COMPREENDENDO POSICIONAMENTO DO TUBO,REMOCAO DE REVESTIMENTOS,CORTE OBLIQUO,GIRO DE 180°,PREPARO DAS PONTAS,SOLDA E NOVOREVESTIMENTO DA JUNTA IDENTICO AO ORIGINAL","UN",956.09,null,"06.020.0880-A","EXECUCAO DE DEFLEXAO ATE 22°30',NO CAMPO,EM TUBULACAO DE CHAPA DE ACO SOLDADO COM ESPESSURA DE 1/2\" E DIAMETRO DE 500MM,COMPREENDENDO POSICIONAMENTO DO TUBO,REMOCAO DE REVESTIMENTOS,CORTE OBLIQUO,GIRO DE 180°,PREPARO DAS PONTAS,SOLDA E NOVOREVESTIMENTO DA JUNTA IDENTICO AO ORIGINAL","UN",919.57]
["06.020.0886-0","EXECUCAO DE DEFLEXAO ATE 22°30',NO CAMPO,EM TUBULACAO DE CHAPA DE ACO SOLDADO POR ESPESSURA DE 1/2\" E DIAMETRO DE 800MM,COMPREENDENDO POSICIONAMENTO DO TUBO,REMOCAO DE REVESTIMENTOS,CORTE OBLIQUO,GIRO DE 180°,PREPARO DAS PONTAS,SOLDA E NOVOREVESTIMENTO DA JUNTA IDENTICO AO ORIGINAL","UN",1529.4,null,"06.020.0886-A","EXECUCAO DE DEFLEXAO ATE 22°30',NO CAMPO,EM TUBULACAO DE CHAPA DE ACO SOLDADO POR ESPESSURA DE 1/2\" E DIAMETRO DE 800MM,COMPREENDENDO POSICIONAMENTO DO TUBO,REMOCAO DE REVESTIMENTOS,CORTE OBLIQUO,GIRO DE 180°,PREPARO DAS PONTAS,SOLDA E NOVOREVESTIMENTO DA JUNTA IDENTICO AO ORIGINAL","UN",1470.97]
["06.020.0894-0","EXECUCAO DE DEFLEXAO ATE 22°30',NO CAMPO,EM TUBULACAO DE CHAPA DE ACO SOLDADO COM ESPESSURA DE 1/2\" E DIAMETRO DE 1750MM,COMPREENDENDO POSICIONAMENTO DO TUBO,REMOCAO DE REVESTIMENTOS,CORTE OBLIQUO,GIRO DE 180°,PREPARO DAS PONTAS,SOLDA E NOVO REVESTIMENTO DA JUNTA IDENTICO AO ORIGINAL","UN",3346.15,null,"06.020.0894-A","EXECUCAO DE DEFLEXAO ATE 22°30',NO CAMPO,EM TUBULACAO DE CHAPA DE ACO SOLDADO COM ESPESSURA DE 1/2\" E DIAMETRO DE 1750MM,COMPREENDENDO POSICIONAMENTO DO TUBO,REMOCAO DE REVESTIMENTOS,CORTE OBLIQUO,GIRO DE 180°,PREPARO DAS PONTAS,SOLDA E NOVO REVESTIMENTO DA JUNTA IDENTICO AO ORIGINAL","UN",3218.32]
["06.020.0902-0","EXECUCAO DE DEFLEXAO ATE 22°30',NO CAMPO,EM TUBULACAO DE CHAPA DE ACO SOLDADO COM ESPESSURA DE 5/8\" E DIAMETRO DE 2500MM,COMPREENDENDO POSICIONAMENTO DO TUBO,REMOCAO DE REVESTIMENTOS,CORTE OBLIQUO,GIRO DE 180°,PREPARO DAS PONTAS,SOLDA E NOVO REVESTIMENTO DA JUNTA IDENTICO AO ORIGINAL","UN",6016.65,null,"06.020.0902-A","EXECUCAO DE DEFLEXAO ATE 22°30',NO CAMPO,EM TUBULACAO DE CHAPA DE ACO SOLDADO COM ESPESSURA DE 5/8\" E DIAMETRO DE 2500MM,COMPREENDENDO POSICIONAMENTO DO TUBO,REMOCAO DE REVESTIMENTOS,CORTE OBLIQUO,GIRO DE 180°,PREPARO DAS PONTAS,SOLDA E NOVO REVESTIMENTO DA JUNTA IDENTICO AO ORIGINAL","UN",5789.05]
["06.020.0915-0","MONTAGEM DE JUNTA DRESSER COM ANCORAGENS(HARNESS),EXCLUSIVEA PECA,COM DIAMETRO DE 150MM. CUSTO POR PECA","UN",202.25,null,"06.020.0915-A","MONTAGEM DE JUNTA DRESSER COM ANCORAGENS(HARNESS),EXCLUSIVEA PECA,COM DIAMETRO DE 150MM. CUSTO POR PECA","UN",193.28]
["06.020.0916-0","MONTAGEM DE JUNTA DRESSER COM ANCORAGENS(HARNESS),EXCLUSIVEA PECA,COM DIAMETRO DE 200MM. CUSTO POR PECA","UN",252.36,null,"06.020.0916-A","MONTAGEM DE JUNTA DRESSER COM ANCORAGENS(HARNESS),EXCLUSIVEA PECA,COM DIAMETRO DE 200MM. CUSTO POR PECA","UN",241.61]
["06.020.0926-0","MONTAGEM DE JUNTA DRESSER COM ANCORAGENS(HARNESS),EXCLUSIVEA PECA,COM DIAMETRO DE 700MM. CUSTO POR PECA","UN",2085.48,null,"06.020.0926-A","MONTAGEM DE JUNTA DRESSER COM ANCORAGENS(HARNESS),EXCLUSIVEA PECA,COM DIAMETRO DE 700MM. CUSTO POR PECA","UN",2005.28]
["06.020.0932-0","MONTAGEM DE JUNTA DRESSER COM ANCORAGENS(HARNESS),EXCLUSIVEA PECA,COM DIAMETRO DE 1000MM. CUSTO POR PECA","UN",4066.03,null,"06.020.0932-A","MONTAGEM DE JUNTA DRESSER COM ANCORAGENS(HARNESS),EXCLUSIVEA PECA,COM DIAMETRO DE 1000MM. CUSTO POR PECA","UN",3917.5]
["06.020.0938-0","MONTAGEM DE JUNTA DRESSER COM ANCORAGENS(HARNESS),EXCLUSIVEA PECA,COM DIAMETRO DE 2500MM. CUSTO POR PECA","UN",12706.42,null,"06.020.0938-A","MONTAGEM DE JUNTA DRESSER COM ANCORAGENS(HARNESS),EXCLUSIVEA PECA,COM DIAMETRO DE 2500MM. CUSTO POR PECA","UN",12234.85]
["06.021.0010-0","MONTAGEM PREVIA DE VAOS RETOS, PARA TRAVESSIAS AEREAS DE ADUTORAS DE ACO,COM DIAMETRO DE 300MM","M",307.42,null,"06.021.0010-A","MONTAGEM PREVIA DE VAOS RETOS, PARA TRAVESSIAS AEREAS DE ADUTORAS DE ACO,COM DIAMETRO DE 300MM","M",294.24]
["06.021.0016-0","MONTAGEM PREVIA DE VAOS RETOS, PARA TRAVESSIAS AEREAS DE ADUTORAS DE ACO,COM DIAMETRO DE 900MM","M",1059.04,null,"06.021.0016-A","MONTAGEM PREVIA DE VAOS RETOS, PARA TRAVESSIAS AEREAS DE ADUTORAS DE ACO,COM DIAMETRO DE 900MM","M",1014.45]
["06.021.0021-0","MONTAGEM PREVIA DE VAOS RETOS, PARA TRAVESSIAS AEREAS DE ADUTORAS DE ACO,COM DIAMETRO DE 2000MM","M",2317.7600000000002,null,"06.021.0021-A","MONTAGEM PREVIA DE VAOS RETOS, PARA TRAVESSIAS AEREAS DE ADUTORAS DE ACO,COM DIAMETRO DE 2000MM","M",2222.64]
["06.021.0027-0","MONTAGEM PREVIA DE PORTICOS OU ARCOS,PARA TRAVESSIAS AEREASEM TUBOS DE ACO,COM DIAMETRO DE 500MM","M",1200.77,null,"06.021.0027-A","MONTAGEM PREVIA DE PORTICOS OU ARCOS,PARA TRAVESSIAS AEREASEM TUBOS DE ACO,COM DIAMETRO DE 500MM","M",1148.07]
["06.021.0031-0","MONTAGEM PREVIA DE PORTICOS OU ARCOS,PARA TRAVESSIAS AEREASEM TUBOS DE ACO,COM DIAMETRO DE 900MM","M",3120.91,null,"06.021.0031-A","MONTAGEM PREVIA DE PORTICOS OU ARCOS,PARA TRAVESSIAS AEREASEM TUBOS DE ACO,COM DIAMETRO DE 900MM","M",2989.39]
["06.021.0036-0","MONTAGEM PREVIA DE PORTICOS OU ARCOS,PARA TRAVESSIAS AEREASEM TUBOS DE ACO,COM DIAMETRO DE 2000MM","M",7964.7,null,"06.021.0036-A","MONTAGEM PREVIA DE PORTICOS OU ARCOS,PARA TRAVESSIAS AEREASEM TUBOS DE ACO,COM DIAMETRO DE 2000MM","M",7641.89]
["06.061.0110-0","JUNCAO DE 45° OU 90° DE CERAMICA VIDRADA INTERNAMENTE, PARAESGOTO,COM DIAMETRO DE 150MM, INCLUSIVE FORNECIMENTO DO MATERIAL PARA REJUNTAMENTO COM ARGAMASSA DE CIMENTO E AREIA, NOTRACO 1:4.FORNECIMENTO E ASSENTAMENTO","UN",127.14,null,"06.061.0110-A","JUNCAO DE 45° OU 90° DE CERAMICA VIDRADA INTERNAMENTE, PARAESGOTO,COM DIAMETRO DE 150MM, INCLUSIVE FORNECIMENTO DO MATERIAL PARA REJUNTAMENTO COM ARGAMASSA DE CIMENTO E AREIA, NOTRACO 1:4.FORNECIMENTO E ASSENTAMENTO","UN",125.02]
["06.061.0165-0","CURVA CERAMICA DE 45° OU 90°,VIDRADA INTERNAMENTE, PARA ESGOTO,COM DIAMETRO DE 250MM,INCLUSIVE FORNECIMENTO DO MATERIALPARA REJUNTAMENTO COM ARGAMASSA DE CIMENTO E AREIA,NO TRACO1:4.FORNECIMENTO E ASSENTAMENTO","UN",305.19,null,"06.061.0165-A","CURVA CERAMICA DE 45° OU 90°,VIDRADA INTERNAMENTE, PARA ESGOTO,COM DIAMETRO DE 250MM,INCLUSIVE FORNECIMENTO DO MATERIALPARA REJUNTAMENTO COM ARGAMASSA DE CIMENTO E AREIA,NO TRACO1:4.FORNECIMENTO E ASSENTAMENTO","UN",303.07]
["06.061.0170-0","SELIM CERAMICO PARA LIGACAO DE ESGOTOS,DE 150MMX100MM,INCLUSIVE ARGAMASSA DE CIMENTO E AREIA NO TRACO 1:4.FORNECIMENTO EASSENTAMENTO","UN",77.599999999999994,null,"06.061.0170-A","SELIM CERAMICO PARA LIGACAO DE ESGOTOS,DE 150MMX100MM,INCLUSIVE ARGAMASSA DE CIMENTO E AREIA NO TRACO 1:4.FORNECIMENTO EASSENTAMENTO","UN",75.69]
["06.062.0002-0","POCO DE CRAVACAO PARA EXECUCAO DE TRAVESSIAS SUBTERRANEAS(TUNNEL LINE),COM CABECOTE PARA ROCHA,SEM CONTROLE DIRECIONAL,COMPREENDENDO A MOBILIZACAO E DESMOBILIZACAO DOS EQUIPAMENTOS E MATERIAIS NECESSARIOS, MONTAGEM E DESMONTAGEM DE MACACODE CRAVACAO E ESTRUTURAS DE REACAO,EXCLUSIVE ESCAVACAO,REATERRO E ESCORAMENTO DA CAVA","UN",61207.88,null,"06.062.0002-A","POCO DE CRAVACAO PARA EXECUCAO DE TRAVESSIAS SUBTERRANEAS(TUNNEL LINE),COM CABECOTE PARA ROCHA,SEM CONTROLE DIRECIONAL,COMPREENDENDO A MOBILIZACAO E DESMOBILIZACAO DOS EQUIPAMENTOS E MATERIAIS NECESSARIOS, MONTAGEM E DESMONTAGEM DE MACACODE CRAVACAO E ESTRUTURAS DE REACAO,EXCLUSIVE ESCAVACAO,REATERRO E ESCORAMENTO DA CAVA","UN",58754.82]
["06.063.0014-0","TUBO DE CONCRETO ARMADO PARA CRAVACAO COM PONTA,BOLSA E JUNTA ELASTICA,CONFORME ABNT NBR 15.319,DN=600MM.FORNECIMENTO","M",1104.1600000000001,null,"06.063.0014-A","TUBO DE CONCRETO ARMADO PARA CRAVACAO COM PONTA,BOLSA E JUNTA ELASTICA,CONFORME ABNT NBR 15.319,DN=600MM.FORNECIMENTO","M",1104.1600000000001]
["06.063.0019-0","TUBO DE CONCRETO ARMADO PARA CRAVACAO COM PONTA,BOLSA E JUNTA ELASTICA,CONFORME NBR 15.319/06,DN=1200MM.FORNECIMENTO","M",3625.6,null,"06.063.0019-A","TUBO DE CONCRETO ARMADO PARA CRAVACAO COM PONTA,BOLSA E JUNTA ELASTICA,CONFORME NBR 15.319/06,DN=1200MM.FORNECIMENTO","M",3625.6]
["06.063.0021-0","TUBO DE CONCRETO ARMADO PARA CRAVACAO COM PONTA,BOLSA E JUNTA ELASTICA,CONFORME ABNT NBR 15.319,DN=1500MM.FORNECIMENT","M",5134.55,null,"06.063.0021-A","TUBO DE CONCRETO ARMADO PARA CRAVACAO COM PONTA,BOLSA E JUNTA ELASTICA,CONFORME ABNT NBR 15.319,DN=1500MM.FORNECIMENT","M",5134.55]
["06.069.0010-0","DUTO ANELAR FLEXIVEL,NA COR CINZA CONCRETO,SINGELO,DE POLIETILENO DE ALTA DENSIDADE(PEAD),PARA PROTECAO DE CONDUTORES ELETRICOS,COM DIAMETRO NOMINAL DE 2\",SENDO O DIAMETRO INTERNODE 52,0MM,COM FIO GUIA DE ACO E FORNECIDO COM 2 PLUGUES(TAMPOES)NAS EXTREMIDADES,LANCADO DIRETAMENTE NO SOLO,INCLUSIVE CONEXOES E KIT VEDACAO","M",17.98,null,"06.069.0010-A","DUTO ANELAR FLEXIVEL,NA COR CINZA CONCRETO,SINGELO,DE POLIETILENO DE ALTA DENSIDADE(PEAD),PARA PROTECAO DE CONDUTORES ELETRICOS,COM DIAMETRO NOMINAL DE 2\",SENDO O DIAMETRO INTERNODE 52,0MM,COM FIO GUIA DE ACO E FORNECIDO COM 2 PLUGUES(TAMPOES)NAS EXTREMIDADES,LANCADO DIRETAMENTE NO SOLO,INCLUSIVE CONEXOES E KIT VEDACAO","M",17.32]
["06.069.0035-0","DUTO ANELAR FLEXIVEL,NA COR CINZA CONCRETO,LINHA DUPLA,DE POLIETILENO DE ALTA DENSIDADE(PEAD),PARA PROTECAO DE CONDUTORES ELETRICOS,COM DIAMETRO NOMINAL DE 4\",SENDO O DIAMETRO INTERNO DE 95,0MM,COM FIO GUIA DE ACO E FORNECIDO COM 2 PLUGUES(TAMPOES)NAS EXTREMIDADES,LANCADO DIRETAMENTE NO SOLO,INCLUSIVE CONEXOES E KIT VEDACAO","M",48.89,null,"06.069.0035-A","DUTO ANELAR FLEXIVEL,NA COR CINZA CONCRETO,LINHA DUPLA,DE POLIETILENO DE ALTA DENSIDADE(PEAD),PARA PROTECAO DE CONDUTORES ELETRICOS,COM DIAMETRO NOMINAL DE 4\",SENDO O DIAMETRO INTERNO DE 95,0MM,COM FIO GUIA DE ACO E FORNECIDO COM 2 PLUGUES(TAMPOES)NAS EXTREMIDADES,LANCADO DIRETAMENTE NO SOLO,INCLUSIVE CONEXOES E KIT VEDACAO","M",48.03]
["06.069.0050-0","DUTO ANELAR FLEXIVEL,NA COR CINZA CONCRETO,SINGELO,DE POLIETILENO DE ALTA DENSIDADE(PEAD),PARA PROTECAO DE CONDUTORES ELETRICOS,COM DIAMETRO NOMINAL DE 6\",SENDO O DIAMETRO INTERNODE 138,0MM,COM FIO GUIA DE ACO E FORNECIDO COM 2 PLUGUES(TAMPOES)NAS EXTREMIDADES,LANCADO DIRETAMENTE NO SOLO,INCLUSIVECONEXOES E KIT VEDACAO","M",37.11,null,"06.069.0050-A","DUTO ANELAR FLEXIVEL,NA COR CINZA CONCRETO,SINGELO,DE POLIETILENO DE ALTA DENSIDADE(PEAD),PARA PROTECAO DE CONDUTORES ELETRICOS,COM DIAMETRO NOMINAL DE 6\",SENDO O DIAMETRO INTERNODE 138,0MM,COM FIO GUIA DE ACO E FORNECIDO COM 2 PLUGUES(TAMPOES)NAS EXTREMIDADES,LANCADO DIRETAMENTE NO SOLO,INCLUSIVECONEXOES E KIT VEDACAO","M",36.450000000000003]
["06.069.0105-0","DUTO CORRUGADO HELICOIDAL,NA COR PRETA,SINGELO,DE POLIETILENO DE ALTA DENSIDADE(PEAD),P/PROTECAO DE CONDUTORES ELETRICOSEM INSTAL.SUBTERRANEAS,DIAMETRO NOMINAL 1 1/2\",SENDO DIAMETRO INTERNO 43,0MM,FORNECIDO C/2 TAMPOES NAS EXTREMIDADES,FITA DE AVISO\"PERIGO\"C/FIO GUIA DE ACO GALV.REVEST.PVC,CONFORMEABNT NBR 13897 E 13898,LANC.DIR.SOLO,INCL.CONEX. E KIT VED.","M",24.98,null,"06.069.0105-A","DUTO CORRUGADO HELICOIDAL,NA COR PRETA,SINGELO,DE POLIETILENO DE ALTA DENSIDADE(PEAD),P/PROTECAO DE CONDUTORES ELETRICOSEM INSTAL.SUBTERRANEAS,DIAMETRO NOMINAL 1 1/2\",SENDO DIAMETRO INTERNO 43,0MM,FORNECIDO C/2 TAMPOES NAS EXTREMIDADES,FITA DE AVISO\"PERIGO\"C/FIO GUIA DE ACO GALV.REVEST.PVC,CONFORMEABNT NBR 13897 E 13898,LANC.DIR.SOLO,INCL.CONEX. E KIT VED.","M",24.32]
["06.069.0125-0","DUTO CORRUGADO HELICOIDAL,NA COR PRETA,LINHA DUPLA,DE POLIETILENO DE ALTA DENSIDADE(PEAD),P/PROTECAO DE CONDUTORES ELETRICOS EM INSTAL.SUBTERRANEAS,DIAM.NOMINAL 3\",SENDO DIAM.INT.75MM,FORNECIDO C/2 TAMPOES NAS EXTREMIDADES,FITA DE AVISO \"PERIGO\" C/FIO GUIA DE ACO GALV.REVEST.PVC,CONFORME ABNT NBR 13897 E 13898,LANC.DIR.SOLO,INCLUSIVE CONEXOES E KIT VEDACAO","M",67.959999999999994,null,"06.069.0125-A","DUTO CORRUGADO HELICOIDAL,NA COR PRETA,LINHA DUPLA,DE POLIETILENO DE ALTA DENSIDADE(PEAD),P/PROTECAO DE CONDUTORES ELETRICOS EM INSTAL.SUBTERRANEAS,DIAM.NOMINAL 3\",SENDO DIAM.INT.75MM,FORNECIDO C/2 TAMPOES NAS EXTREMIDADES,FITA DE AVISO \"PERIGO\" C/FIO GUIA DE ACO GALV.REVEST.PVC,CONFORME ABNT NBR 13897 E 13898,LANC.DIR.SOLO,INCLUSIVE CONEXOES E KIT VEDACAO","M",67.099999999999994]
["06.069.0150-0","DUTO CORRUGADO HELICOIDAL,NA COR PRETA,SINGELO,DE POLIETILENO DE ALTA DENSIDADE(PEAD),P/PROTECAO DE CONDUTORES ELETRICOSEM INSTAL.SUBTERRANEAS,DIAM.NOMINAL 6\",SENDO DIAM.INT. 155,6MM,FORNECIDO C/2 TAMPOES NAS EXTREMIDADES,FITA DE AVISO \"PERIGO\" C/FIO GUIA DE ACO GALV.REVEST.PVC,CONFORME ABNT NBR 13897 E 13898,LANC.DIR.SOLO,INCLUSIVE CONEXOES E KIT VEDACAO","M",95.24,null,"06.069.0150-A","DUTO CORRUGADO HELICOIDAL,NA COR PRETA,SINGELO,DE POLIETILENO DE ALTA DENSIDADE(PEAD),P/PROTECAO DE CONDUTORES ELETRICOSEM INSTAL.SUBTERRANEAS,DIAM.NOMINAL 6\",SENDO DIAM.INT. 155,6MM,FORNECIDO C/2 TAMPOES NAS EXTREMIDADES,FITA DE AVISO \"PERIGO\" C/FIO GUIA DE ACO GALV.REVEST.PVC,CONFORME ABNT NBR 13897 E 13898,LANC.DIR.SOLO,INCLUSIVE CONEXOES E KIT VEDACAO","M",94.58]
["06.072.0001-0","GABIAO CAIXA DE 1,00M DE ALTURA,MALHA DE ACO HEXAGONAL (8X10)CM,FIO COM DIAMETRO NOMINAL DO ARAME DE 2,7MM,GALVANIZADO EM LIGA ZN/AL TIPO 1 OU 2,CONFORME ABNT NBR 8964 E 10514,INCLUSIVE MANTA GEOTEXTIL E EQUIPAMENTO,EXCLUSIVE PEDRAS.FORNECIMENTO E COLOCACAO","M3",792.37,null,"06.072.0001-A","GABIAO CAIXA DE 1,00M DE ALTURA,MALHA DE ACO HEXAGONAL (8X10)CM,FIO COM DIAMETRO NOMINAL DO ARAME DE 2,7MM,GALVANIZADO EM LIGA ZN/AL TIPO 1 OU 2,CONFORME ABNT NBR 8964 E 10514,INCLUSIVE MANTA GEOTEXTIL E EQUIPAMENTO,EXCLUSIVE PEDRAS.FORNECIMENTO E COLOCACAO","M3",774.71]
["06.075.0012-0","GABIAO CAIXA DE 0,50M DE ALTURA,MALHA DE ACO HEXAGONAL (8X10)CM,FIO COM DIAMETRO NOMINAL DO ARAME DE 2,7MM,GALVANIZADO EM LIGA ZN/AL TIPO 1 OU 2,CONFORME ABNT NBR 8964 E 10514,INCLUSIVE MANTA GEOTEXTIL,EQUIPAMENTO E PEDRAS.FORNECIMENTO E COLOCACAO","M3",1201.1099999999999,null,"06.075.0012-A","GABIAO CAIXA DE 0,50M DE ALTURA,MALHA DE ACO HEXAGONAL (8X10)CM,FIO COM DIAMETRO NOMINAL DO ARAME DE 2,7MM,GALVANIZADO EM LIGA ZN/AL TIPO 1 OU 2,CONFORME ABNT NBR 8964 E 10514,INCLUSIVE MANTA GEOTEXTIL,EQUIPAMENTO E PEDRAS.FORNECIMENTO E COLOCACAO","M3",1182.83]
["06.076.0025-0","GABIAO MANTA COM ESPESSURA DE 0,23M,MALHA DE ACO HEXAGONAL (6X8)CM,FIO COM DIAMETRO NOMINAL DO ARAME DE 2MM,GALVANIZADOEM LIGA ZN/AL REVESTIDO EM PVC OU OUTRO POLIMERO QUE CUMPRAAS FUNCOES DESENVOLVIDAS PELO PVC,TIPO 3 OU 4,CONFORME ABNTNBR8964 E 10514,INCLUSIVE MANTA GEOTEXTIL E EQUIPAMENTO,EXCLUSIVE PEDRAS.FORNECIMENTO E COLOCACAO","M2",331.54,null,"06.076.0025-A","GABIAO MANTA COM ESPESSURA DE 0,23M,MALHA DE ACO HEXAGONAL (6X8)CM,FIO COM DIAMETRO NOMINAL DO ARAME DE 2MM,GALVANIZADOEM LIGA ZN/AL REVESTIDO EM PVC OU OUTRO POLIMERO QUE CUMPRAAS FUNCOES DESENVOLVIDAS PELO PVC,TIPO 3 OU 4,CONFORME ABNTNBR8964 E 10514,INCLUSIVE MANTA GEOTEXTIL E EQUIPAMENTO,EXCLUSIVE PEDRAS.FORNECIMENTO E COLOCACAO","M2",326.94]
["06.082.0010-0","DRENO PROFUNDO EM TUBO PLASTICO PERFURADO,2\" DE DIAMETRO,INCLUSIVE TELA DE NYLON E FORNECIMENTO DOS MATERIAIS,EXCLUSIVEPERFURACAO DO TERRENO","M",32.74,null,"06.082.0010-A","DRENO PROFUNDO EM TUBO PLASTICO PERFURADO,2\" DE DIAMETRO,INCLUSIVE TELA DE NYLON E FORNECIMENTO DOS MATERIAIS,EXCLUSIVEPERFURACAO DO TERRENO","M",31.2]
["06.082.0053-0","DRENO OU BARBACA EM TUBO DE PVC,DIAMETRO DE 3\",INCLUSIVE FORNECIMENTO DO TUBO E MATERIAL DRENANTE","M",24.99,null,"06.082.0053-A","DRENO OU BARBACA EM TUBO DE PVC,DIAMETRO DE 3\",INCLUSIVE FORNECIMENTO DO TUBO E MATERIAL DRENANTE","M",24.25]
["06.082.0055-0","DRENO OU BARBACA EM TUBO DE PVC,DIAMETRO DE 4\",INCLUSIVE FORNECIMENTO DO TUBO E MATERIAL DRENANTE","M",27,null,"06.082.0055-A","DRENO OU BARBACA EM TUBO DE PVC,DIAMETRO DE 4\",INCLUSIVE FORNECIMENTO DO TUBO E MATERIAL DRENANTE","M",26.26]
["06.085.0010-0","DRENO VERTICAL NO PARAMENTO INTERNO DE MUROS DE ARRIMO,EXECUTADO EM PRISMAS DE 0,25 X O,25M DE SECAO,CHEIOS DE BRITA 3,ADMITINDO AS BARBACAS ESPACADAS DE 1,50M VERTICALMENTE E 2,00M HORIZONTALMENTE,MEDINDO-SE O SERVICO PELA AREA DO MURO","M2",15.04,null,"06.085.0010-A","DRENO VERTICAL NO PARAMENTO INTERNO DE MUROS DE ARRIMO,EXECUTADO EM PRISMAS DE 0,25 X O,25M DE SECAO,CHEIOS DE BRITA 3,ADMITINDO AS BARBACAS ESPACADAS DE 1,50M VERTICALMENTE E 2,00M HORIZONTALMENTE,MEDINDO-SE O SERVICO PELA AREA DO MURO","M2",14.3]
["06.085.0045-0","ENROCAMENTO COM PEDRA-DE-MAO ARRUMADA,INCLUSIVE FORNECIMENTODESTA","M3",279.94,null,"06.085.0045-A","ENROCAMENTO COM PEDRA-DE-MAO ARRUMADA,INCLUSIVE FORNECIMENTODESTA","M3",274.05]
["06.085.0065-0","CAMADA DE BRITA N°4 PARA FILTRO BIOLOGICO","M3",217.75,null,"06.085.0065-A","CAMADA DE BRITA N°4 PARA FILTRO BIOLOGICO","M3",214.07]
["06.085.0072-0","CAMADA DE PEDREGULHO PARA FILTROS DE TRATAMENTO DE AGUA COMGRANULOMETRIA DE 3/8\" A 3/4\"","M3",260.01,null,"06.085.0072-A","CAMADA DE PEDREGULHO PARA FILTROS DE TRATAMENTO DE AGUA COMGRANULOMETRIA DE 3/8\" A 3/4\"","M3",254.12]
["06.090.0010-0","PREPARO DE BERCO,EM TERRENO FIRME,PARA TUBULACAO DE 1,20M DEDIAMETRO,APOIADA NUM ARCO DE 90°","M",7.23,null,"06.090.0010-A","PREPARO DE BERCO,EM TERRENO FIRME,PARA TUBULACAO DE 1,20M DEDIAMETRO,APOIADA NUM ARCO DE 90°","M",6.75]
["06.095.0022-0","GEOMEMBRANA EM PEAD,ESPESSURA DE 2,5MM,LISA,SISTEMA IMPERMEABILIZANTE,APLICACAO EM CONTENCAO DE FLUIDOS E RESIDUOS,CONFORME ABNT NBR 16.199,INCLUSIVE SOLDA POR TERMOFUSAO,ABRACADEIRAS,INSERTES,CONEXOES E DEMAIS ACESSORIOS.FORNECIMENTO E COLOCACAO","M2",66.53,null,"06.095.0022-A","GEOMEMBRANA EM PEAD,ESPESSURA DE 2,5MM,LISA,SISTEMA IMPERMEABILIZANTE,APLICACAO EM CONTENCAO DE FLUIDOS E RESIDUOS,CONFORME ABNT NBR 16.199,INCLUSIVE SOLDA POR TERMOFUSAO,ABRACADEIRAS,INSERTES,CONEXOES E DEMAIS ACESSORIOS.FORNECIMENTO E COLOCACAO","M2",65.37]
["06.100.0010-0","MANTA GEOTEXTIL, EM DRENOS SUBTERRANEOS.FORNECIMENTO E COLOCACAO","M2",9.2100000000000009,null,"06.100.0010-A","MANTA GEOTEXTIL, EM DRENOS SUBTERRANEOS.FORNECIMENTO E COLOCACAO","M2",9.1]
["06.100.0020-0","MANTA GEOTEXTIL,EM CAMADA VERTICAL FEITA COM PEDRA BRITADA.FORNECIMENTO E COLOCACAO","M2",14.08,null,"06.100.0020-A","MANTA GEOTEXTIL,EM CAMADA VERTICAL FEITA COM PEDRA BRITADA.FORNECIMENTO E COLOCACAO","M2",13.9]
["06.100.0058-0","MANTA GEOTEXTIL NAO TECIDO DE POLIESTER LARGURA 2,30M COM RESISTENCIA A TRACAO A FAIXA LARGA NA RUPTURA DE 10KN/M E AO PUNCIONAMENTO DE 380N.FORNECIMENTO E COLOCACAO","M2",9.6300000000000008,null,"06.100.0058-A","MANTA GEOTEXTIL NAO TECIDO DE POLIESTER LARGURA 2,30M COM RESISTENCIA A TRACAO A FAIXA LARGA NA RUPTURA DE 10KN/M E AO PUNCIONAMENTO DE 380N.FORNECIMENTO E COLOCACAO","M2",9.42]
["06.100.0080-0","GEOGRELHA TECIDA DE POLIESTER REVESTIDA COM PVC,RESISTENCIALONGITUDINAL A TRACAO DE 40KN/M E RESISTENCIA TRANSVERSAL DE27,4KN/M.FORNECIMENTO E COLOCACAO","M2",31.97,null,"06.100.0080-A","GEOGRELHA TECIDA DE POLIESTER REVESTIDA COM PVC,RESISTENCIALONGITUDINAL A TRACAO DE 40KN/M E RESISTENCIA TRANSVERSAL DE27,4KN/M.FORNECIMENTO E COLOCACAO","M2",31.41]
["06.100.0092-0","GEOGRELHA TECIDA DE POLIESTER REVESTIDA COM PVC,RESISTENCIALONGITUDINAL A TRACAO DE 110KN/M E RESISTENCIA TRANSVERSAL DE 30KN/M.FORNECIMENTO E COLOCACAO","M2",62.49,null,"06.100.0092-A","GEOGRELHA TECIDA DE POLIESTER REVESTIDA COM PVC,RESISTENCIALONGITUDINAL A TRACAO DE 110KN/M E RESISTENCIA TRANSVERSAL DE 30KN/M.FORNECIMENTO E COLOCACAO","M2",61.86]
["06.100.0095-0","GEOGRELHA TECIDA DE POLIESTER REVESTIDA COM PVC,RESISTENCIALONGITUDINAL A TRACAO DE 120KN/M E RESISTENCIA TRANSVERSAL DE 30KN/M.FORNECIMENTO E COLOCACAO","M2",63.15,null,"06.100.0095-A","GEOGRELHA TECIDA DE POLIESTER REVESTIDA COM PVC,RESISTENCIALONGITUDINAL A TRACAO DE 120KN/M E RESISTENCIA TRANSVERSAL DE 30KN/M.FORNECIMENTO E COLOCACAO","M2",62.47]
["06.100.0136-0","GEOGRELHA TECIDA DE PVA (POLI ALCOOL VINILICO) COM MODULO DERIGIDEZ DE 2200KN/M A 5% DE DEFORMACAO. FORNECIMENTO E COLOCACAO","M2",100.56,null,"06.100.0136-A","GEOGRELHA TECIDA DE PVA (POLI ALCOOL VINILICO) COM MODULO DERIGIDEZ DE 2200KN/M A 5% DE DEFORMACAO. FORNECIMENTO E COLOCACAO","M2",99.58]
["06.100.0142-0","GEOGRELHA TECIDA DE PVA (POLI ALCOOL VINILICO) COM MODULO DERIGIDEZ DE 6000KN/M A 5% DE DEFORMACAO. FORNECIMENTO E COLOCACAO","M2",205.56,null,"06.100.0142-A","GEOGRELHA TECIDA DE PVA (POLI ALCOOL VINILICO) COM MODULO DERIGIDEZ DE 6000KN/M A 5% DE DEFORMACAO. FORNECIMENTO E COLOCACAO","M2",204.45]
["06.100.0165-0","GEOCOMPOSTO PARA DRENAGEM,VERTICAL,FORMADO POR GEOMANTA TRIDIMENSIONAL COM 11MM DE ESPESSURA,FABRICADO COM FILAMENTOS DEPOLIPROPILENO TERMOSOLDADA A DOIS GEOTEXTEIS NAO TECIDO DEPOLIESTER E TUBO DRENO PERFURADO.FORNECIMENTO E COLOCACAO","M2",73.959999999999994,null,"06.100.0165-A","GEOCOMPOSTO PARA DRENAGEM,VERTICAL,FORMADO POR GEOMANTA TRIDIMENSIONAL COM 11MM DE ESPESSURA,FABRICADO COM FILAMENTOS DEPOLIPROPILENO TERMOSOLDADA A DOIS GEOTEXTEIS NAO TECIDO DEPOLIESTER E TUBO DRENO PERFURADO.FORNECIMENTO E COLOCACAO","M2",72.19]
["06.100.0170-0","GEOCOMPOSTO PARA DRENAGEM,VERTICAL,FORMADO POR GEOMANTA TRIDIMENSIONAL COM 16MM DE ESPESSURA,FABRICADO COM FILAMENTOS DEPOLIPROPILENO TERMOSOLDADA A DOIS GEOTEXTEIS NAO TECIDO DEPOLIESTER E TUBO DRENO PERFURADO.FORNECIMENTO E COLOCACAO","M2",82.92,null,"06.100.0170-A","GEOCOMPOSTO PARA DRENAGEM,VERTICAL,FORMADO POR GEOMANTA TRIDIMENSIONAL COM 16MM DE ESPESSURA,FABRICADO COM FILAMENTOS DEPOLIPROPILENO TERMOSOLDADA A DOIS GEOTEXTEIS NAO TECIDO DEPOLIESTER E TUBO DRENO PERFURADO.FORNECIMENTO E COLOCACAO","M2",81.150000000000006]
["06.101.0001-0","COLCHAO DRENANTE,COM CAMADA DE 30CM DE PEDRA BRITADA N°3 E FILTRO DE TRANSICAO DE MANTA GEOTEXTIL,INCLUINDO FORNECIMENTOE COLOCACAO DOS MATERIAIS","M2",72.849999999999994,null,"06.101.0001-A","COLCHAO DRENANTE,COM CAMADA DE 30CM DE PEDRA BRITADA N°3 E FILTRO DE TRANSICAO DE MANTA GEOTEXTIL,INCLUINDO FORNECIMENTOE COLOCACAO DOS MATERIAIS","M2",72.63]
["06.103.0025-0","MALHA METALICA PARA ESTRUTURA DE SOLO REFORCADO,HEXAGONAL,DEDUPLA TORCAO,DE ZINCO-ALUMINIO COM DIAMETRO DE 2,70MM,REVESTIDA EM PVC COM DIAMETRO DE 0,40MM,MEDINDO 0,50X1,00X6,00M.FORNECIMENTO","UN",995.66,null,"06.103.0025-A","MALHA METALICA PARA ESTRUTURA DE SOLO REFORCADO,HEXAGONAL,DEDUPLA TORCAO,DE ZINCO-ALUMINIO COM DIAMETRO DE 2,70MM,REVESTIDA EM PVC COM DIAMETRO DE 0,40MM,MEDINDO 0,50X1,00X6,00M.FORNECIMENTO","UN",995.66]
["06.103.0045-0","MALHA METALICA PARA ESTRUTURA DE SOLO REFORCADO,HEXAGONAL,DEDUPLA TORCAO,DE ZINCO-ALUMINIO COM DIAMETRO DE 2,70MM,REVESTIDA EM PVC COM DIAMETRO DE 0,40MM,MEDINDO 0,50X1,00X10,00M.FORNECIMENTO","UN",1396.57,null,"06.103.0045-A","MALHA METALICA PARA ESTRUTURA DE SOLO REFORCADO,HEXAGONAL,DEDUPLA TORCAO,DE ZINCO-ALUMINIO COM DIAMETRO DE 2,70MM,REVESTIDA EM PVC COM DIAMETRO DE 0,40MM,MEDINDO 0,50X1,00X10,00M.FORNECIMENTO","UN",1396.57]
["06.103.0080-0","MALHA METALICA PARA ESTRUTURA DE SOLO REFORCADO,HEXAGONAL,DEDUPLA TORCAO,DE ZINCO-ALUMINIO COM DIAMETRO DE 2,70MM,REVESTIDA EM PVC COM DIAMETRO DE 0,40MM,MEDINDO 1,00X1,00X3,00M.FORNECIMENTO","UN",885.51,null,"06.103.0080-A","MALHA METALICA PARA ESTRUTURA DE SOLO REFORCADO,HEXAGONAL,DEDUPLA TORCAO,DE ZINCO-ALUMINIO COM DIAMETRO DE 2,70MM,REVESTIDA EM PVC COM DIAMETRO DE 0,40MM,MEDINDO 1,00X1,00X3,00M.FORNECIMENTO","UN",885.51]
["06.103.0105-0","MALHA METALICA PARA ESTRUTURA DE SOLO REFORCADO,HEXAGONAL,DEDUPLA TORCAO,DE ZINCO-ALUMINIO COM DIAMETRO DE 2,70MM,REVESTIDA EM PVC COM DIAMETRO DE 0,40MM,MEDINDO 1,00X1,00X8,00M.FORNECIMENTO","UN",1276.4100000000001,null,"06.103.0105-A","MALHA METALICA PARA ESTRUTURA DE SOLO REFORCADO,HEXAGONAL,DEDUPLA TORCAO,DE ZINCO-ALUMINIO COM DIAMETRO DE 2,70MM,REVESTIDA EM PVC COM DIAMETRO DE 0,40MM,MEDINDO 1,00X1,00X8,00M.FORNECIMENTO","UN",1276.4100000000001]
["06.106.0011-0","CRAVACAO HORIZONTAL,A MACACO HIDRAULICO,DE TUBO DE CHAPA DEACO DE 1/2\",DIAMETRO DE 1,00M,EM TRECHOS SOLDADOS,P/EXECUCAODE TUNEL DESTINAD.A RECEBER TUBULAC.SUBTERR.,PARTINDO DO INTERIOR DO POCO DE SERV.,INCL.SERVICOS MANUAIS DE ESCAV.INTERIOR DO TUNEL EM TERRA E REMOCAO DO MATERIAL ESCAVADO ATE O NIVEL DO TERRENO,EXCL.TRANSPORT.,MONT.E DESMONTAGEM DO MACACO","M",2000.69,null,"06.106.0011-A","CRAVACAO HORIZONTAL,A MACACO HIDRAULICO,DE TUBO DE CHAPA DEACO DE 1/2\",DIAMETRO DE 1,00M,EM TRECHOS SOLDADOS,P/EXECUCAODE TUNEL DESTINAD.A RECEBER TUBULAC.SUBTERR.,PARTINDO DO INTERIOR DO POCO DE SERV.,INCL.SERVICOS MANUAIS DE ESCAV.INTERIOR DO TUNEL EM TERRA E REMOCAO DO MATERIAL ESCAVADO ATE O NIVEL DO TERRENO,EXCL.TRANSPORT.,MONT.E DESMONTAGEM DO MACACO","M",1916.09]
["06.108.0007-0","CRAVACAO HORIZONTAL DE TUBO CAMISA DE CONCRETO ARMADO,DIAMETRO DE 1,50M,A PARTIR DE POCO DE CRAVACAO POR MACACO,EXCLUSIVE ESTE,SEM CONTROLE DIRECIONAL,INCLUSIVE SERVICOS MANUAIS DEESCAVACAO DO INTERIOR DO TUNEL EM TERRA E REMOCAO DO MATERIAL ESCAVADO ATE O NIVEL DO TERRENO","M",3566.32,null,"06.108.0007-A","CRAVACAO HORIZONTAL DE TUBO CAMISA DE CONCRETO ARMADO,DIAMETRO DE 1,50M,A PARTIR DE POCO DE CRAVACAO POR MACACO,EXCLUSIVE ESTE,SEM CONTROLE DIRECIONAL,INCLUSIVE SERVICOS MANUAIS DEESCAVACAO DO INTERIOR DO TUNEL EM TERRA E REMOCAO DO MATERIAL ESCAVADO ATE O NIVEL DO TERRENO","M",3434.1]
["06.108.0008-0","CRAVACAO HORIZONTAL DE TUBO CAMISA DE CONCRETO ARMADO,DIAMETRO DE 2,00M,A PARTIR DE POCO DE CRAVACAO POR MACACO,EXCLUSIVE ESTE,SEM CONTROLE DIRECIONAL,INCLUSIVE SERVICOS MANUAIS DEESCAVACAO DO INTERIOR DO TUNEL EM TERRA E REMOCAO DO MATERIAL ESCAVADO ATE O NIVEL DO TERRENO","M",4755.09,null,"06.108.0008-A","CRAVACAO HORIZONTAL DE TUBO CAMISA DE CONCRETO ARMADO,DIAMETRO DE 2,00M,A PARTIR DE POCO DE CRAVACAO POR MACACO,EXCLUSIVE ESTE,SEM CONTROLE DIRECIONAL,INCLUSIVE SERVICOS MANUAIS DEESCAVACAO DO INTERIOR DO TUNEL EM TERRA E REMOCAO DO MATERIAL ESCAVADO ATE O NIVEL DO TERRENO","M",4578.79]
["06.200.0052-0","TUBO DE FERRO FUNDIDO,CENTRIFUGADO,DUCTIL,PARA CANALIZACOESSOB PRESSAO,CLASSE K-9,PONTA/BOLSA,CONFORME ABNT NBR 7675,REVESTIDO EXTERNAMENTE COM ZINCO METALICO E PINTURA BETUMINOSAE INTERNAMENTE COM ARGAMASSA DE CIMENTO,COM JUNTA ELASTICA,BOLSA MODELO JE2GS,DIAMETRO DE 100MM,CONFORME ABNT NBR 13747.FORNECIMENTO","M",718.84,null,"06.200.0052-A","TUBO DE FERRO FUNDIDO,CENTRIFUGADO,DUCTIL,PARA CANALIZACOESSOB PRESSAO,CLASSE K-9,PONTA/BOLSA,CONFORME ABNT NBR 7675,REVESTIDO EXTERNAMENTE COM ZINCO METALICO E PINTURA BETUMINOSAE INTERNAMENTE COM ARGAMASSA DE CIMENTO,COM JUNTA ELASTICA,BOLSA MODELO JE2GS,DIAMETRO DE 100MM,CONFORME ABNT NBR 13747.FORNECIMENTO","M",718.84]
["06.200.0055-0","TUBO DE FERRO FUNDIDO,CENTRIFUGADO,DUCTIL,PARA CANALIZACOESSOB PRESSAO,CLASSE K-9,PONTA/BOLSA,CONFORME ABNT NBR 7675,REVESTIDO EXTERNAMENTE COM ZINCO METALICO E PINTURA BETUMINOSAE INTERNAMENTE COM ARGAMASSA DE CIMENTO,COM JUNTA ELASTICA,BOLSA MODELO JE2GS,DIAMETRO DE 250MM,CONFORME ABNT NBR 13747.FORNECIMENTO","M",1275.44,null,"06.200.0055-A","TUBO DE FERRO FUNDIDO,CENTRIFUGADO,DUCTIL,PARA CANALIZACOESSOB PRESSAO,CLASSE K-9,PONTA/BOLSA,CONFORME ABNT NBR 7675,REVESTIDO EXTERNAMENTE COM ZINCO METALICO E PINTURA BETUMINOSAE INTERNAMENTE COM ARGAMASSA DE CIMENTO,COM JUNTA ELASTICA,BOLSA MODELO JE2GS,DIAMETRO DE 250MM,CONFORME ABNT NBR 13747.FORNECIMENTO","M",1275.44]
["06.200.0060-0","TUBO DE FERRO FUNDIDO,CENTRIFUGADO,DUCTIL,PARA CANALIZACOESSIB PRESSAO,CLASSE K-9,PONTA/BOLSA,CONFORME ABNT NBR 7675,REVESTIDO EXTERNAMENTE COM ZINCO METALICO E PINTURA BETUMINOSAE INTERNAMENTE COM ARGAMASSA DE CIMENTO,COM JUNTA ELASTICA,BOLSA MODELO JE2GS,DIAMETRO DE 500MM,CONFORME ABNT NBR 13747.FORNECIMENTO","M",2644.15,null,"06.200.0060-A","TUBO DE FERRO FUNDIDO,CENTRIFUGADO,DUCTIL,PARA CANALIZACOESSIB PRESSAO,CLASSE K-9,PONTA/BOLSA,CONFORME ABNT NBR 7675,REVESTIDO EXTERNAMENTE COM ZINCO METALICO E PINTURA BETUMINOSAE INTERNAMENTE COM ARGAMASSA DE CIMENTO,COM JUNTA ELASTICA,BOLSA MODELO JE2GS,DIAMETRO DE 500MM,CONFORME ABNT NBR 13747.FORNECIMENTO","M",2644.15]
["06.200.0062-0","TUBO DE FERRO FUNDIDO,CENTRIFUGADO,DUCTIL,PARA CANALIZACOESSOB PRESSAO,CLASSE K-9,PONTA/BOLSA,CONFORME ABNT NBR 7675,REVESTIDO EXTERNAMENTE COM ZINCO METALICO E PINTURA BETUMINOSAE INTERNAMENTE COM ARGAMASSA DE CIMENTO,COM JUNTA ELASTICA,BOLSA MODELO JE2GS,DIAMETRO DE 600MM,CONFORME ABNT NBR 13747.FORNECIMENTO","M",3429.72,null,"06.200.0062-A","TUBO DE FERRO FUNDIDO,CENTRIFUGADO,DUCTIL,PARA CANALIZACOESSOB PRESSAO,CLASSE K-9,PONTA/BOLSA,CONFORME ABNT NBR 7675,REVESTIDO EXTERNAMENTE COM ZINCO METALICO E PINTURA BETUMINOSAE INTERNAMENTE COM ARGAMASSA DE CIMENTO,COM JUNTA ELASTICA,BOLSA MODELO JE2GS,DIAMETRO DE 600MM,CONFORME ABNT NBR 13747.FORNECIMENTO","M",3429.72]
["06.200.0067-0","TUBO DE FERRO FUNDIDO,CENTRIFUGADO,DUCTIL,PARA CANALIZACOESSOB PRESSAO,CLASSE K-9,PONTA/BOLSA,CONFORME ABNT NBR 7675,REVESTIDO EXTERNAMENTE COM ZINCO METALICO E PINTURA BETUMINOSAE INTERNAMENTE COM ARGAMASSA DE CIMENTO,COM JUNTA ELASTICA,BOLSA MODELO JE2GS,DIAMETRO DE 1000MM,CONFORME ABNT NBR 13747.FORNECIMENTO","M",7899.86,null,"06.200.0067-A","TUBO DE FERRO FUNDIDO,CENTRIFUGADO,DUCTIL,PARA CANALIZACOESSOB PRESSAO,CLASSE K-9,PONTA/BOLSA,CONFORME ABNT NBR 7675,REVESTIDO EXTERNAMENTE COM ZINCO METALICO E PINTURA BETUMINOSAE INTERNAMENTE COM ARGAMASSA DE CIMENTO,COM JUNTA ELASTICA,BOLSA MODELO JE2GS,DIAMETRO DE 1000MM,CONFORME ABNT NBR 13747.FORNECIMENTO","M",7899.86]
["06.200.0076-0","TUBO DE FERRO FUNDIDO,CENTRIFUGADO,DUCTIL,PARA CANALIZACOESSOB PRESSAO CLASSE K-7,CONFORME ABNT NBR 7675,PONTA/BOLSA,REVESTIDO EXTERNAMENTE COM ZINCO METALICO E PINTURA BETUMINOSAE INTERNAMENTE COM ARGAMASSA DE CIMENTO,COM JUNTA ELASTICA,BOLSA MODELO JE2GS CONFORME ABNT NBR 13747,DIAMETRO DE 400MM.FORNECIMENTO","M",1870.46,null,"06.200.0076-A","TUBO DE FERRO FUNDIDO,CENTRIFUGADO,DUCTIL,PARA CANALIZACOESSOB PRESSAO CLASSE K-7,CONFORME ABNT NBR 7675,PONTA/BOLSA,REVESTIDO EXTERNAMENTE COM ZINCO METALICO E PINTURA BETUMINOSAE INTERNAMENTE COM ARGAMASSA DE CIMENTO,COM JUNTA ELASTICA,BOLSA MODELO JE2GS CONFORME ABNT NBR 13747,DIAMETRO DE 400MM.FORNECIMENTO","M",1870.46]
["06.200.0083-0","TUBO DE FERRO FUNDIDO,CENTRIFUGADO,DUCTIL,PARA CANALIZACOESSOB PRESSAO CLASSE K-7,CONFORME ABNT NBR 7675,PONTA/BOLSA,REVESTIDO EXTERNAMENTE COM ZINCO METALICO E PINTURA BETUMINOSAE INTERNAMENTE COM ARGAMASSA DE CIMENTO,COM JUNTA ELASTICA,BOLSA MODELO JE2GS CONFORME ABNT NBR 13747,DIAMETRO DE 800MM.FORNECIMENTO","M",4976.37,null,"06.200.0083-A","TUBO DE FERRO FUNDIDO,CENTRIFUGADO,DUCTIL,PARA CANALIZACOESSOB PRESSAO CLASSE K-7,CONFORME ABNT NBR 7675,PONTA/BOLSA,REVESTIDO EXTERNAMENTE COM ZINCO METALICO E PINTURA BETUMINOSAE INTERNAMENTE COM ARGAMASSA DE CIMENTO,COM JUNTA ELASTICA,BOLSA MODELO JE2GS CONFORME ABNT NBR 13747,DIAMETRO DE 800MM.FORNECIMENTO","M",4976.37]
["06.200.0086-0","TUBO DE FERRO FUNDIDO,CENTRIFUGADO,DUCTIL,PARA CANALIZACOESSOB PRESSAO CLASSE K-7,CONFORME ABNT NBR 7675,PONTA/BOLSA,REVESTIDO EXTERNAMENTE COM ZINCO METALICO E PINTURA BETUMINOSAE INTERNAMENTE COM ARGAMASSA DE CIMENTO,COM JUNTA ELASTICA,BOLSA MODELO JE2GS CONFORME ABNT NBR 13747,DIAMETRO DE 1200MM.FORNECIMENTO","M",8992.7900000000009,null,"06.200.0086-A","TUBO DE FERRO FUNDIDO,CENTRIFUGADO,DUCTIL,PARA CANALIZACOESSOB PRESSAO CLASSE K-7,CONFORME ABNT NBR 7675,PONTA/BOLSA,REVESTIDO EXTERNAMENTE COM ZINCO METALICO E PINTURA BETUMINOSAE INTERNAMENTE COM ARGAMASSA DE CIMENTO,COM JUNTA ELASTICA,BOLSA MODELO JE2GS CONFORME ABNT NBR 13747,DIAMETRO DE 1200MM.FORNECIMENTO","M",8992.7900000000009]
["06.200.0094-0","TUBO DE FERRO FUNDIDO CENTRIFUGADO DUCTIL,PARA CANALIZACOESSOB PRESSAO OU GRAVITARIO,CONFORME ABNT NBR 15420,PONTA/BOLSA COM JUNTA ELASTICA,REVESTIDO INTERNAMENTE COM ARGAMASSA DECIMENTO ALUMINOSO APLICACAO ESGOTO,E EXTERNAMENTE COM ZINCOMETALICO,INCLUSIVE ANEL DE BORRACHA NITRILICO,BOLSA MODELOJE2GS CONFORME ABNT NBR 13747,DIAMETRO DE 200MM.FORNECIMENTO","M",1067.23,null,"06.200.0094-A","TUBO DE FERRO FUNDIDO CENTRIFUGADO DUCTIL,PARA CANALIZACOESSOB PRESSAO OU GRAVITARIO,CONFORME ABNT NBR 15420,PONTA/BOLSA COM JUNTA ELASTICA,REVESTIDO INTERNAMENTE COM ARGAMASSA DECIMENTO ALUMINOSO APLICACAO ESGOTO,E EXTERNAMENTE COM ZINCOMETALICO,INCLUSIVE ANEL DE BORRACHA NITRILICO,BOLSA MODELOJE2GS CONFORME ABNT NBR 13747,DIAMETRO DE 200MM.FORNECIMENTO","M",1067.23]
["06.200.0099-0","TUBO DE FERRO FUNDIDO CENTRIFUGADO DUCTIL,PARA CANALIZACOESSOB PRESSAO OU GRAVITARIO,CONFORME ABNT NBR 15420,PONTA/BOLSA COM JUNTA ELASTICA,REVESTIDO INTERNAMENTE COM ARGAMASSA DECIMENTO ALUMINOSO,APLICACAO ESGOTO,E EXTERNAMENTE COM ZINCOMETALICO,INCLUSIVE ANEL DE BORRACHA NITRILICO,BOLSA MODELOJE2GS CONFORME ABNT NBR 13747,DIAMETRO DE 450MM.FORNECIMENTO","M",2502.13,null,"06.200.0099-A","TUBO DE FERRO FUNDIDO CENTRIFUGADO DUCTIL,PARA CANALIZACOESSOB PRESSAO OU GRAVITARIO,CONFORME ABNT NBR 15420,PONTA/BOLSA COM JUNTA ELASTICA,REVESTIDO INTERNAMENTE COM ARGAMASSA DECIMENTO ALUMINOSO,APLICACAO ESGOTO,E EXTERNAMENTE COM ZINCOMETALICO,INCLUSIVE ANEL DE BORRACHA NITRILICO,BOLSA MODELOJE2GS CONFORME ABNT NBR 13747,DIAMETRO DE 450MM.FORNECIMENTO","M",2502.13]
["06.200.0106-0","TUBO DE FERRO FUNDIDO CENTRIFUGADO DUCTIL,PARA CANALIZACOESSOB PRESSAO OU GRAVITARIO,CONFORME ABNT NBR 15420,PONTA/BOLSA COM JUNTA ELASTICA,REVESTIDO INTERNAMENTE COM ARGAMASSA DECIMENTO ALUMINOSO APLICACAO ESGOTO,E EXTERNAMENTE COM ZINCOMETALICO,INCLUSIVE ANEL DE BORRACHA NITRILICO,BOLSA MODELOJE2GS CONFORME ABNT NBR 13747,DIAMETRO DE 900MM.FORNECIMENTO","M",7254.35,null,"06.200.0106-A","TUBO DE FERRO FUNDIDO CENTRIFUGADO DUCTIL,PARA CANALIZACOESSOB PRESSAO OU GRAVITARIO,CONFORME ABNT NBR 15420,PONTA/BOLSA COM JUNTA ELASTICA,REVESTIDO INTERNAMENTE COM ARGAMASSA DECIMENTO ALUMINOSO APLICACAO ESGOTO,E EXTERNAMENTE COM ZINCOMETALICO,INCLUSIVE ANEL DE BORRACHA NITRILICO,BOLSA MODELOJE2GS CONFORME ABNT NBR 13747,DIAMETRO DE 900MM.FORNECIMENTO","M",7254.35]
["06.200.0108-0","TUBO DE FERRO FUNDIDO CENTRIFUGADO DUCTIL,PARA CANALIZACOESSOB PRESSAO OU GRAVITARIO,CONFORME ABNT NBR 15420,PONTA/BOLSA COM JUNTA ELASTICA,REVESTIDO INTERNAMENTE COM ARGAMASSA DECIMENTO ALUMINOSO,APLICACAO ESGOTO,E EXTERNAMENTE COM ZINCOMETALICO,INCLUSIVE ANEL DE BORRACHA NITRILICO,BOLSA MODELOJE2GS CONFORME ABNT NBR 13747,DIAMETRO 1200MM.FORNECIMENTO","M",11905.73,null,"06.200.0108-A","TUBO DE FERRO FUNDIDO CENTRIFUGADO DUCTIL,PARA CANALIZACOESSOB PRESSAO OU GRAVITARIO,CONFORME ABNT NBR 15420,PONTA/BOLSA COM JUNTA ELASTICA,REVESTIDO INTERNAMENTE COM ARGAMASSA DECIMENTO ALUMINOSO,APLICACAO ESGOTO,E EXTERNAMENTE COM ZINCOMETALICO,INCLUSIVE ANEL DE BORRACHA NITRILICO,BOLSA MODELOJE2GS CONFORME ABNT NBR 13747,DIAMETRO 1200MM.FORNECIMENTO","M",11905.73]
["06.201.0055-0","TUBO DE FERRO FUNDIDO DUCTIL COM 2 FLANGES SOLDADOS,CLASSE DE PRESSAO PN-10,ESPESSURA CLASSE K-9,PARA AGUA,CONFORME ABNTNBR 7560 E ABNT NBR 7675,REVESTIDO INTERNAMENTE COM ARGAMASSA DE CIMENTO E EXTERNAMENTE COM ZINCO METALICO E PINTURA BETUMINOSA,EXCLUSIVE ACESSORIOS PARA JUNTA,COM DIAMETRO DE 250MM,COMPRIMENTO ATE 1,0M.FORNECIMENTO","UN",5145.58,null,"06.201.0055-A","TUBO DE FERRO FUNDIDO DUCTIL COM 2 FLANGES SOLDADOS,CLASSE DE PRESSAO PN-10,ESPESSURA CLASSE K-9,PARA AGUA,CONFORME ABNTNBR 7560 E ABNT NBR 7675,REVESTIDO INTERNAMENTE COM ARGAMASSA DE CIMENTO E EXTERNAMENTE COM ZINCO METALICO E PINTURA BETUMINOSA,EXCLUSIVE ACESSORIOS PARA JUNTA,COM DIAMETRO DE 250MM,COMPRIMENTO ATE 1,0M.FORNECIMENTO","UN",5145.58]
["06.201.0062-0","TUBO DE FERRO FUNDIDO DUCTIL COM 2 FLANGES ROSCADOS,CLASSE DE PRESSAO PN-10,ESPESSURA CLASSE K-12,PARA AGUA,CONFORME ABNT NBR 7560 E ABNT NBR 7675,REVESTIDO INTERNAMENTE COM ARGAMASSA DE CIMENTO E EXTERNAMENTE COM ZINCO METALICO E PINTURA BETUMINOSA,EXCLUSIVE ACESSORIOS PARA JUNTA,COM DIAMETRO DE 700MM,COMPRIMENTO ATE 1,0M.FORNECIMENTO","UN",28973.99,null,"06.201.0062-A","TUBO DE FERRO FUNDIDO DUCTIL COM 2 FLANGES ROSCADOS,CLASSE DE PRESSAO PN-10,ESPESSURA CLASSE K-12,PARA AGUA,CONFORME ABNT NBR 7560 E ABNT NBR 7675,REVESTIDO INTERNAMENTE COM ARGAMASSA DE CIMENTO E EXTERNAMENTE COM ZINCO METALICO E PINTURA BETUMINOSA,EXCLUSIVE ACESSORIOS PARA JUNTA,COM DIAMETRO DE 700MM,COMPRIMENTO ATE 1,0M.FORNECIMENTO","UN",28973.99]
["06.201.0066-0","TUBO DE FERRO FUNDIDO DUCTIL COM 2 FLANGES ROSCADOS,CLASSE DE PRESSAO PN-10,ESPESSURA CLASSE K-12,PARA AGUA,CONFORME ABNT NBR 7560 E ABNT NBR 7675,REVESTIDO INTERNAMENTE COM ARGAMASSA DE CIMENTO E EXTERNAMENTE COM ZINCO METALICO E PINTURA BETUMINOSA,EXCLUSIVE ACESSORIOS PARA JUNTA,COM DIAMETRO DE 1200MM,COMPRIMENTO ATE 1,0M.FORNECIMENTO","UN",79522.78,null,"06.201.0066-A","TUBO DE FERRO FUNDIDO DUCTIL COM 2 FLANGES ROSCADOS,CLASSE DE PRESSAO PN-10,ESPESSURA CLASSE K-12,PARA AGUA,CONFORME ABNT NBR 7560 E ABNT NBR 7675,REVESTIDO INTERNAMENTE COM ARGAMASSA DE CIMENTO E EXTERNAMENTE COM ZINCO METALICO E PINTURA BETUMINOSA,EXCLUSIVE ACESSORIOS PARA JUNTA,COM DIAMETRO DE 1200MM,COMPRIMENTO ATE 1,0M.FORNECIMENTO","UN",79522.78]
["06.201.0071-0","TUBO DE FERRO FUNDIDO DUCTIL COM FLANGES SOLDADOS,CLASSE DEPRESSAO PN-16,ESPESSURA CLASSE K-9,PARA AGUA,CONFORME ABNT NBR 7560 E ABNT NBR 7675,REVESTIDO EXTERNAMENTE COM ZINCO METALICO E PINTURA BETUMINOSA E INTERNAMENTE COM ARGAMASSA DE CIMENTO,EXCLUSIVE ACESSORIOS PARA JUNTA,COM DIAMETRO DE 80MM,COMPRIMENTO ATE 1,0M.FORNECIMENTO","UN",2622.52,null,"06.201.0071-A","TUBO DE FERRO FUNDIDO DUCTIL COM FLANGES SOLDADOS,CLASSE DEPRESSAO PN-16,ESPESSURA CLASSE K-9,PARA AGUA,CONFORME ABNT NBR 7560 E ABNT NBR 7675,REVESTIDO EXTERNAMENTE COM ZINCO METALICO E PINTURA BETUMINOSA E INTERNAMENTE COM ARGAMASSA DE CIMENTO,EXCLUSIVE ACESSORIOS PARA JUNTA,COM DIAMETRO DE 80MM,COMPRIMENTO ATE 1,0M.FORNECIMENTO","UN",2622.52]
["06.201.0075-0","TUBO DE FERRO FUNDIDO DUCTIL COM FLANGES SOLDADOS,CLASSE DEPRESSAO PN-16,ESPESSURA CLASSE K-9,PARA AGUA,CONFORME ABNT NBR 7560 E ABNT NBR 7675,REVESTIDO EXTERNAMENTE COM ZINCO METALICO E PINTURA BETUMINOSA E INTERNAMENTE COM ARGAMASSA DE CIMENTO,EXCLUSIVE ACESSORIOS PARA JUNTA,COM DIAMETRO DE 250MM,COMPRIMENTO ATE 1,0M.FORNECIMENTO","UN",5263.88,null,"06.201.0075-A","TUBO DE FERRO FUNDIDO DUCTIL COM FLANGES SOLDADOS,CLASSE DEPRESSAO PN-16,ESPESSURA CLASSE K-9,PARA AGUA,CONFORME ABNT NBR 7560 E ABNT NBR 7675,REVESTIDO EXTERNAMENTE COM ZINCO METALICO E PINTURA BETUMINOSA E INTERNAMENTE COM ARGAMASSA DE CIMENTO,EXCLUSIVE ACESSORIOS PARA JUNTA,COM DIAMETRO DE 250MM,COMPRIMENTO ATE 1,0M.FORNECIMENTO","UN",5263.88]
["06.201.0082-0","TUBO DE FERRO FUNDIDO DUCTIL COM FLANGES ROSCADOS,CLASSE DEPRESSAO PN-16,ESPESSURA CLASSE K-12,PARA AGUA,CONFORME ABNTNBR 7560 E ABNT NBR 7675,REVESTIDO EXTERNAMENTE COM ZINCO METALICO E PINTURA BETUMINOSA E INTERNAMENTE COM ARGAMASSA DECIMENTO,EXCLUSIVE ACESSORIOS PARA JUNTA,COM DIAMETRO DE 700MM,COMPRIMENTO ATE 1,0M.FORNECIMENTO","UN",29757.49,null,"06.201.0082-A","TUBO DE FERRO FUNDIDO DUCTIL COM FLANGES ROSCADOS,CLASSE DEPRESSAO PN-16,ESPESSURA CLASSE K-12,PARA AGUA,CONFORME ABNTNBR 7560 E ABNT NBR 7675,REVESTIDO EXTERNAMENTE COM ZINCO METALICO E PINTURA BETUMINOSA E INTERNAMENTE COM ARGAMASSA DECIMENTO,EXCLUSIVE ACESSORIOS PARA JUNTA,COM DIAMETRO DE 700MM,COMPRIMENTO ATE 1,0M.FORNECIMENTO","UN",29757.49]
["06.201.0095-0","TUBO DE FERRO FUNDIDO DUCTIL COM 2 FLANGES INTEGRAIS FUNDIDOS,ESPESSURA CLASSE K-14,CLASSE DE PRESSAO PN-16,PARA AGUA,CONFORME ABNT NBR 7560 E ABNT NBR 7675,REVESTIDO EXTERNAMENTEE INTERNAMENTE COM PINTURA BETUMINOSA,EXCLUSIVE ACESSORIOS PARA JUNTA,COM DIAMETRO DE 900MM,COMPRIMENTO DE 1,5M.FORNECIMENTO","UN",70875.37,null,"06.201.0095-A","TUBO DE FERRO FUNDIDO DUCTIL COM 2 FLANGES INTEGRAIS FUNDIDOS,ESPESSURA CLASSE K-14,CLASSE DE PRESSAO PN-16,PARA AGUA,CONFORME ABNT NBR 7560 E ABNT NBR 7675,REVESTIDO EXTERNAMENTEE INTERNAMENTE COM PINTURA BETUMINOSA,EXCLUSIVE ACESSORIOS PARA JUNTA,COM DIAMETRO DE 900MM,COMPRIMENTO DE 1,5M.FORNECIMENTO","UN",70875.37]
["06.201.0097-0","TUBO DE FERRO FUNDIDO DUCTIL COM 2 FLANGES INTEGRAIS FUNDIDOS,ESPESSURA CLASSE K-14,CLASSE DE PRESSAO PN-16,PARA AGUA,CONFORME ABNT NBR 7560 E ABNT NBR 7675,REVESTIDO EXTERNAMENTEE INTERNAMENTE COM PINTURA BETUMINOSA,EXCLUSIVE ACESSORIOS PARA JUNTA,COM DIAMETRO DE 1000MM,COMPRIMENTO DE 1,0M.FORNECIMENTO","UN",73673.45,null,"06.201.0097-A","TUBO DE FERRO FUNDIDO DUCTIL COM 2 FLANGES INTEGRAIS FUNDIDOS,ESPESSURA CLASSE K-14,CLASSE DE PRESSAO PN-16,PARA AGUA,CONFORME ABNT NBR 7560 E ABNT NBR 7675,REVESTIDO EXTERNAMENTEE INTERNAMENTE COM PINTURA BETUMINOSA,EXCLUSIVE ACESSORIOS PARA JUNTA,COM DIAMETRO DE 1000MM,COMPRIMENTO DE 1,0M.FORNECIMENTO","UN",73673.45]
["06.201.0102-0","TUBO DE FERRO FUNDIDO DUCTIL COM 2 FLANGES INTEGRAIS FUNDIDOS,ESPESSURA CLASSE K-14,CLASSE DE PRESSAO PN-16,PARA AGUA,CONFORME ABNT NBR 7560 E ABNT NBR 7675,REVESTIDO EXTERNAMENTEE INTERNAMENTE COM PINTURA BETUMINOSA,EXCLUSIVE ACESSORIOS PARA JUNTA,COM DIAMETRO DE 1200MM,COMPRIMENTO DE 2,0M.FORNECIMENTO","UN",156878.20000000001,null,"06.201.0102-A","TUBO DE FERRO FUNDIDO DUCTIL COM 2 FLANGES INTEGRAIS FUNDIDOS,ESPESSURA CLASSE K-14,CLASSE DE PRESSAO PN-16,PARA AGUA,CONFORME ABNT NBR 7560 E ABNT NBR 7675,REVESTIDO EXTERNAMENTEE INTERNAMENTE COM PINTURA BETUMINOSA,EXCLUSIVE ACESSORIOS PARA JUNTA,COM DIAMETRO DE 1200MM,COMPRIMENTO DE 2,0M.FORNECIMENTO","UN",156878.20000000001]
["06.201.0115-0","TUBO DE FERRO FUNDIDO DUCTIL COM PONTA E FLANGE SOLDADOS,ESPESSURA CLASSE K-9,CLASSE DE PRESSAO PN-10,PARA AGUA,CONFORMEABNT NBR 7560 E ABNT NBR 7675,REVESTIDO EXTERNAMENTE COM ZINCO METALICO E INTERNAMENTE COM ARGAMASSA DE CIMENTO,EXCLUSIVE ACESSORIOS PARA JUNTA,COM DIAMETRO DE 250MM,COMPRIMENTO ATE 1,0M.FORNECIMENTO","UN",3618.17,null,"06.201.0115-A","TUBO DE FERRO FUNDIDO DUCTIL COM PONTA E FLANGE SOLDADOS,ESPESSURA CLASSE K-9,CLASSE DE PRESSAO PN-10,PARA AGUA,CONFORMEABNT NBR 7560 E ABNT NBR 7675,REVESTIDO EXTERNAMENTE COM ZINCO METALICO E INTERNAMENTE COM ARGAMASSA DE CIMENTO,EXCLUSIVE ACESSORIOS PARA JUNTA,COM DIAMETRO DE 250MM,COMPRIMENTO ATE 1,0M.FORNECIMENTO","UN",3618.17]
["06.201.0119-0","TUBO DE FERRO FUNDIDO DUCTIL COM PONTA E FLANGE SOLDADOS,ESPESSURA CLASSE K-9,CLASSE DE PRESSAO PN-10,PARA AGUA,CONFORMEABNT NBR 7560 E ABNT NBR 7675,REVESTIDO EXTERNAMENTE COM ZINCO METALICO E INTERNAMENTE COM ARGAMASSA DE CIMENTO,EXCLUSIVE ACESSORIOS PARA JUNTA,COM DIAMETRO DE 450MM,COMPRIMENTO ATE 1,0M.FORNECIMENTO","UN",6820.45,null,"06.201.0119-A","TUBO DE FERRO FUNDIDO DUCTIL COM PONTA E FLANGE SOLDADOS,ESPESSURA CLASSE K-9,CLASSE DE PRESSAO PN-10,PARA AGUA,CONFORMEABNT NBR 7560 E ABNT NBR 7675,REVESTIDO EXTERNAMENTE COM ZINCO METALICO E INTERNAMENTE COM ARGAMASSA DE CIMENTO,EXCLUSIVE ACESSORIOS PARA JUNTA,COM DIAMETRO DE 450MM,COMPRIMENTO ATE 1,0M.FORNECIMENTO","UN",6820.45]
["06.201.0122-0","TUBO DE FERRO FUNDIDO DUCTIL COM PONTA E FLANGE ROSCADOS,ESPESSURA CLASSE K-12,CLASSE DE PRESSAO PN-10,PARA AGUA,CONFORME ABNT NBR 7560 E ABNT NBR 7675,REVESTIDO EXTERNAMENTE COM ZINCO METALICO E INTERNAMENTE COM ARGAMASSA DE CIMENTO,EXCLUSIVE ACESSORIOS PARA JUNTA,COM DIAMETRO DE 700MM,COMPRIMENTOATE 1,0M.FORNECIMENTO","UN",18029.43,null,"06.201.0122-A","TUBO DE FERRO FUNDIDO DUCTIL COM PONTA E FLANGE ROSCADOS,ESPESSURA CLASSE K-12,CLASSE DE PRESSAO PN-10,PARA AGUA,CONFORME ABNT NBR 7560 E ABNT NBR 7675,REVESTIDO EXTERNAMENTE COM ZINCO METALICO E INTERNAMENTE COM ARGAMASSA DE CIMENTO,EXCLUSIVE ACESSORIOS PARA JUNTA,COM DIAMETRO DE 700MM,COMPRIMENTOATE 1,0M.FORNECIMENTO","UN",18029.43]
["06.201.0131-0","TUBO DE FERRO FUNDIDO DUCTIL COM PONTA E FLANGE SOLDADOS,ESPESSURA CLASSE K-9,CLASSE DE PRESSAO PN-16,PARA AGUA,CONFORMEABNT NBR 7560 E ABNT NBR 7675,REVESTIDO EXTERNAMENTE COM ZINCO METALICO E INTERNAMENTE COM ARGAMASSA DE CIMENTO,EXCLUSIVE ACESSORIOS PARA JUNTA,COM DIAMETRO DE 80MM,COMPRIMENTO ATE 1,0M.FORNECIMENTO","UN",1891.29,null,"06.201.0131-A","TUBO DE FERRO FUNDIDO DUCTIL COM PONTA E FLANGE SOLDADOS,ESPESSURA CLASSE K-9,CLASSE DE PRESSAO PN-16,PARA AGUA,CONFORMEABNT NBR 7560 E ABNT NBR 7675,REVESTIDO EXTERNAMENTE COM ZINCO METALICO E INTERNAMENTE COM ARGAMASSA DE CIMENTO,EXCLUSIVE ACESSORIOS PARA JUNTA,COM DIAMETRO DE 80MM,COMPRIMENTO ATE 1,0M.FORNECIMENTO","UN",1891.29]
["06.201.0137-0","TUBO DE FERRO FUNDIDO DUCTIL COM PONTA E FLANGE SOLDADOS,ESPESSURA CLASSE K-9,CLASSE DE PRESSAO PN-16,PARA AGUA,CONFORMEABNT NBR 7560 E ABNT NBR 7675,REVESTIDO EXTERNAMENTE COM ZINCO METALICO E INTERNAMENTE COM ARGAMASSA DE CIMENTO,EXCLUSIVE ACESSORIOS PARA JUNTA,COM DIAMETRO DE 350MM,COMPRIMENTO ATE 1,0M.FORNECIMENTO","UN",5064.55,null,"06.201.0137-A","TUBO DE FERRO FUNDIDO DUCTIL COM PONTA E FLANGE SOLDADOS,ESPESSURA CLASSE K-9,CLASSE DE PRESSAO PN-16,PARA AGUA,CONFORMEABNT NBR 7560 E ABNT NBR 7675,REVESTIDO EXTERNAMENTE COM ZINCO METALICO E INTERNAMENTE COM ARGAMASSA DE CIMENTO,EXCLUSIVE ACESSORIOS PARA JUNTA,COM DIAMETRO DE 350MM,COMPRIMENTO ATE 1,0M.FORNECIMENTO","UN",5064.55]
["06.201.0142-0","TUBO DE FERRO FUNDIDO DUCTIL COM PONTA E FLANGE ROSCADOS,ESPESSURA CLASSE K-12,CLASSE DE PRESSAO PN-16,PARA AGUA,CONFORME ABNT NBR 7560 E ABNT NBR 7675,REVESTIDO EXTERNAMENTE COM ZINCO METALICO E INTERNAMENTE COM ARGAMASSA DE CIMENTO,EXCLUSIVE ACESSORIOS PARA JUNTA,COM DIAMETRO DE 700MM,COMPRIMENTOATE 1,0M.FORNECIMENTO","UN",19356.21,null,"06.201.0142-A","TUBO DE FERRO FUNDIDO DUCTIL COM PONTA E FLANGE ROSCADOS,ESPESSURA CLASSE K-12,CLASSE DE PRESSAO PN-16,PARA AGUA,CONFORME ABNT NBR 7560 E ABNT NBR 7675,REVESTIDO EXTERNAMENTE COM ZINCO METALICO E INTERNAMENTE COM ARGAMASSA DE CIMENTO,EXCLUSIVE ACESSORIOS PARA JUNTA,COM DIAMETRO DE 700MM,COMPRIMENTOATE 1,0M.FORNECIMENTO","UN",19356.21]
["06.201.0161-0","TUBO DE FERRO FUNDIDO DUCTIL COM BOLSA DE JUNTA ELASTICA E FLANGE SOLDADO,ESPESSURA CLASSE K-9,CLASSE DE PRESSAO PN-10,PARA AGUA,CONFORME ABNT NBR 7560 E ABNT NBR 7675,REVESTIDO EXTERNAMENTE COM ZINCO METALICO E PINTURA BETUMINOSA E INTERNAMENTE COM ARGAMASSA DE CIMENTO,EXCLUSIVE ACESSORIOS PARA JUNTA,COM DIAMETRO DE 80MM,COMPRIMENTO ATE 1,0M.FORNECIMENTO","UN",1950.15,null,"06.201.0161-A","TUBO DE FERRO FUNDIDO DUCTIL COM BOLSA DE JUNTA ELASTICA E FLANGE SOLDADO,ESPESSURA CLASSE K-9,CLASSE DE PRESSAO PN-10,PARA AGUA,CONFORME ABNT NBR 7560 E ABNT NBR 7675,REVESTIDO EXTERNAMENTE COM ZINCO METALICO E PINTURA BETUMINOSA E INTERNAMENTE COM ARGAMASSA DE CIMENTO,EXCLUSIVE ACESSORIOS PARA JUNTA,COM DIAMETRO DE 80MM,COMPRIMENTO ATE 1,0M.FORNECIMENTO","UN",1950.15]
["06.201.0165-0","TUBO DE FERRO FUNDIDO DUCTIL COM BOLSA DE JUNTA ELASTICA E FLANGE SOLDADOS,ESPESSURA CLASSE K-9,CLASSE DE PRESSAO PN-10,PARA AGUA,CONFORME ABNT NBR 7560 E ABNT NBR 7675,REVESTIDO EXTERNAMENTE COM ZINCO METALICO E PINTURA BETUMINOSA E INTERNAMENTE COM ARGAMASSA DE CIMENTO,EXCLUSIVE ACESSORIOS PARA JUNTA,COM DIAMETRO DE 250MM,COMPRIMENTO ATE 1,0M.FORNECIMENTO","UN",3812.47,null,"06.201.0165-A","TUBO DE FERRO FUNDIDO DUCTIL COM BOLSA DE JUNTA ELASTICA E FLANGE SOLDADOS,ESPESSURA CLASSE K-9,CLASSE DE PRESSAO PN-10,PARA AGUA,CONFORME ABNT NBR 7560 E ABNT NBR 7675,REVESTIDO EXTERNAMENTE COM ZINCO METALICO E PINTURA BETUMINOSA E INTERNAMENTE COM ARGAMASSA DE CIMENTO,EXCLUSIVE ACESSORIOS PARA JUNTA,COM DIAMETRO DE 250MM,COMPRIMENTO ATE 1,0M.FORNECIMENTO","UN",3812.47]
["06.201.0172-0","TUBO DE FERRO FUNDIDO DUCTIL COM BOLSA DE JUNTA ELASTICA E FLANGE ROSCADOS,ESPESSURA CLASSE K-12,CLASSE DE PRESSAO PN-10,PARA AGUA,CONFORME ABNT NBR 7560 E ABNT NBR 7675,REVESTIDOEXTERNAMENTE COM ZINCO METALICO E PINTURA BETUMINOSA E INTERNAMENTE COM ARGAMASSA DE CIMENTO,EXCLUSIVE ACESSORIOS PARA JUNTA,COM DIAMETRO DE 700MM,COMPRIMENTO ATE 1,0M.FORNECIMENTO","UN",19263.77,null,"06.201.0172-A","TUBO DE FERRO FUNDIDO DUCTIL COM BOLSA DE JUNTA ELASTICA E FLANGE ROSCADOS,ESPESSURA CLASSE K-12,CLASSE DE PRESSAO PN-10,PARA AGUA,CONFORME ABNT NBR 7560 E ABNT NBR 7675,REVESTIDOEXTERNAMENTE COM ZINCO METALICO E PINTURA BETUMINOSA E INTERNAMENTE COM ARGAMASSA DE CIMENTO,EXCLUSIVE ACESSORIOS PARA JUNTA,COM DIAMETRO DE 700MM,COMPRIMENTO ATE 1,0M.FORNECIMENTO","UN",19263.77]
["06.201.0181-0","TUBO DE FERRO FUNDIDO DUCTIL COM BOLSA DE JUNTA ELASTICA E FLANGE SOLDADOS,ESPESSURA CLASSE K-9,CLASSE DE PRESSAO PN-16,PARA AGUA,CONFORME ABNT NBR 7560 E ABNT NBR 7675,REVESTIDO EXTERNAMENTE COM ZINCO METALICO E PINTURA BETUMINOSA E INTERNAMENTE COM ARGAMASSA DE CIMENTO,EXCLUSIVE ACESSORIOS PARA JUNTA,COM DIAMETRO DE 80MM,COMPRIMENTO ATE 1,0M.FORNECIMENTO","UN",1950.15,null,"06.201.0181-A","TUBO DE FERRO FUNDIDO DUCTIL COM BOLSA DE JUNTA ELASTICA E FLANGE SOLDADOS,ESPESSURA CLASSE K-9,CLASSE DE PRESSAO PN-16,PARA AGUA,CONFORME ABNT NBR 7560 E ABNT NBR 7675,REVESTIDO EXTERNAMENTE COM ZINCO METALICO E PINTURA BETUMINOSA E INTERNAMENTE COM ARGAMASSA DE CIMENTO,EXCLUSIVE ACESSORIOS PARA JUNTA,COM DIAMETRO DE 80MM,COMPRIMENTO ATE 1,0M.FORNECIMENTO","UN",1950.15]
["06.201.0183-0","TUBO DE FERRO FUNDIDO DUCTIL COM BOLSA DE JUNTA ELASTICA E FLANGE SOLDADOS,ESPESSURA CLASSE K-9,CLASSE DE PRESSAO PN-16,PARA AGUA,CONFORME ABNT NBR 7560 E ABNT NBR 7675,REVESTIDO EXTERNAMENTE COM ZINCO METALICO E PINTURA BETUMINOSA E INTERNAMENTE COM ARGAMASSA DE CIMENTO,EXCLUSIVE ACESSORIOS PARA JUNTA,COM DIAMETRO DE 150MM,COMPRIMENTO ATE 1,0M.FORNECIMENTO","UN",2618.1,null,"06.201.0183-A","TUBO DE FERRO FUNDIDO DUCTIL COM BOLSA DE JUNTA ELASTICA E FLANGE SOLDADOS,ESPESSURA CLASSE K-9,CLASSE DE PRESSAO PN-16,PARA AGUA,CONFORME ABNT NBR 7560 E ABNT NBR 7675,REVESTIDO EXTERNAMENTE COM ZINCO METALICO E PINTURA BETUMINOSA E INTERNAMENTE COM ARGAMASSA DE CIMENTO,EXCLUSIVE ACESSORIOS PARA JUNTA,COM DIAMETRO DE 150MM,COMPRIMENTO ATE 1,0M.FORNECIMENTO","UN",2618.1]
["06.201.0188-0","TUBO DE FERRO FUNDIDO DUCTIL COM BOLSA DE JUNTA ELASTICA E FLANGE SOLDADOS,ESPESSURA CLASSE K-9,CLASSE DE PRESSAO PN-16,PARA AGUA,CONFORME ABNT NBR 7560 E ABNT NBR 7675,REVESTIDO EXTERNAMENTE COM ZINCO METALICO E PINTURA BETUMINOSA E INTERNAMENTE COM ARGAMASSA DE CIMENTO,EXCLUSIVE ACESSORIOS PARA JUNTA,COM DIAMETRO DE 400MM,COMPRIMENTO ATE 1,0M.FORNECIMENTO","UN",6345.53,null,"06.201.0188-A","TUBO DE FERRO FUNDIDO DUCTIL COM BOLSA DE JUNTA ELASTICA E FLANGE SOLDADOS,ESPESSURA CLASSE K-9,CLASSE DE PRESSAO PN-16,PARA AGUA,CONFORME ABNT NBR 7560 E ABNT NBR 7675,REVESTIDO EXTERNAMENTE COM ZINCO METALICO E PINTURA BETUMINOSA E INTERNAMENTE COM ARGAMASSA DE CIMENTO,EXCLUSIVE ACESSORIOS PARA JUNTA,COM DIAMETRO DE 400MM,COMPRIMENTO ATE 1,0M.FORNECIMENTO","UN",6345.53]
["06.201.0211-0","ADICIONAL DE EXTENSAO EXCEDENTE A 1,0M,POR CADA 0,5M OU FRACAO EM TUBOS COM FLANGES SOLDADOS,CLASSE K-9,PN-10,PARA AGUA,COM DIAMETRO DE 80MM.FORNECIMENTO","M",646.54,null,"06.201.0211-A","ADICIONAL DE EXTENSAO EXCEDENTE A 1,0M,POR CADA 0,5M OU FRACAO EM TUBOS COM FLANGES SOLDADOS,CLASSE K-9,PN-10,PARA AGUA,COM DIAMETRO DE 80MM.FORNECIMENTO","M",646.54]
["06.201.0215-0","ADICIONAL DE EXTENSAO EXCEDENTE A 1,0M,POR CADA 0,5M OU FRACAO EM TUBOS COM FLANGES SOLDADOS,CLASSE K-9,PN-10,PARA AGUA,COM DIAMETRO DE 250MM.FORNECIMENTO","M",1448.24,null,"06.201.0215-A","ADICIONAL DE EXTENSAO EXCEDENTE A 1,0M,POR CADA 0,5M OU FRACAO EM TUBOS COM FLANGES SOLDADOS,CLASSE K-9,PN-10,PARA AGUA,COM DIAMETRO DE 250MM.FORNECIMENTO","M",1448.24]
["06.201.0218-0","ADICIONAL DE EXTENSAO EXCEDENTE A 1,0M,POR CADA 0,5M OU FRACAO EM TUBOS COM FLANGES SOLDADOS,CLASSE K-9,PN-10,PARA AGUA,COM DIAMETRO DE 400MM.FORNECIMENTO","M",2246.62,null,"06.201.0218-A","ADICIONAL DE EXTENSAO EXCEDENTE A 1,0M,POR CADA 0,5M OU FRACAO EM TUBOS COM FLANGES SOLDADOS,CLASSE K-9,PN-10,PARA AGUA,COM DIAMETRO DE 400MM.FORNECIMENTO","M",2246.62]
["06.201.0223-0","ADICIONAL DE EXTENSAO EXCEDENTE A 1,0M,POR CADA 0,5M OU FRACAO EM TUBOS COM FLANGES ROSCADOS,CLASSE K-12,PN-10,PARA AGUA,COM DIAMETRO DE 800MM.FORNECIMENTO","M",6168.85,null,"06.201.0223-A","ADICIONAL DE EXTENSAO EXCEDENTE A 1,0M,POR CADA 0,5M OU FRACAO EM TUBOS COM FLANGES ROSCADOS,CLASSE K-12,PN-10,PARA AGUA,COM DIAMETRO DE 800MM.FORNECIMENTO","M",6168.85]
["06.201.0232-0","ADICIONAL DE EXTENSAO EXCEDENTE A 1,0M,POR CADA 0,5M OU FRACAO EM TUBOS COM FLANGES SOLDADOS,CLASSE K-9,PN-16,PARA AGUA,COM DIAMETRO DE 100MM.FORNECIMENTO","M",683.17,null,"06.201.0232-A","ADICIONAL DE EXTENSAO EXCEDENTE A 1,0M,POR CADA 0,5M OU FRACAO EM TUBOS COM FLANGES SOLDADOS,CLASSE K-9,PN-16,PARA AGUA,COM DIAMETRO DE 100MM.FORNECIMENTO","M",683.17]
["06.201.0237-0","ADICIONAL DE EXTENSAO EXCEDENTE A 1,0M,POR CADA 0,5M OU FRACAO EM TUBOS COM FLANGES SOLDADOS,CLASSE K-9,PN-16,PARA AGUA,COM DIAMETRO DE 350MM.FORNECIMENTO","M",2039.37,null,"06.201.0237-A","ADICIONAL DE EXTENSAO EXCEDENTE A 1,0M,POR CADA 0,5M OU FRACAO EM TUBOS COM FLANGES SOLDADOS,CLASSE K-9,PN-16,PARA AGUA,COM DIAMETRO DE 350MM.FORNECIMENTO","M",2039.37]
["06.201.0239-0","ADICIONAL DE EXTENSAO EXCEDENTE A 1,0M,POR CADA 0,5M OU FRACAO EM TUBOS COM FLANGES SOLDADOS,CLASSE K-9,PN-16,PARA AGUA,COM DIAMETRO DE 450MM.FORNECIMENTO","M",2624.03,null,"06.201.0239-A","ADICIONAL DE EXTENSAO EXCEDENTE A 1,0M,POR CADA 0,5M OU FRACAO EM TUBOS COM FLANGES SOLDADOS,CLASSE K-9,PN-16,PARA AGUA,COM DIAMETRO DE 450MM.FORNECIMENTO","M",2624.03]
["06.201.0244-0","ADICIONAL DE EXTENSAO EXCEDENTE A 1,0M,POR CADA 0,5M OU FRACAO EM TUBOS COM FLANGES INTEGRAL FUNDIDOS,CLASSE K-14,PN-16,PARA AGUA,COM DIAMETRO DE 900MM.FORNECIMENTO","M",47417.13,null,"06.201.0244-A","ADICIONAL DE EXTENSAO EXCEDENTE A 1,0M,POR CADA 0,5M OU FRACAO EM TUBOS COM FLANGES INTEGRAL FUNDIDOS,CLASSE K-14,PN-16,PARA AGUA,COM DIAMETRO DE 900MM.FORNECIMENTO","M",47417.13]
["06.201.0251-0","TUBO DE FERRO FUNDIDO DUCTIL COM 2 FLANGES SOLDADOS,ESPESSURA CLASSE K-9,CLASSE DE PRESSAO PN-10,REVESTIDO INTERNAMENTECOM ARGAMASSA DE CIMENTO ALUMINOSO E EXTERNAMENTE COM ZINCOMETALICO E PINTURA EPOXI NA COR VERMELHO,PARA ESGOTO SANITARIO CONFORME ABNT NBR 15420 E ABNT NBR 7560,EXCL.ACESSORIOS P/JUNTA,C/DIAMETRO DE 80MM,COMPRIMENTO ATE 1,0M.FORNECIMENTO","UN",2662.3,null,"06.201.0251-A","TUBO DE FERRO FUNDIDO DUCTIL COM 2 FLANGES SOLDADOS,ESPESSURA CLASSE K-9,CLASSE DE PRESSAO PN-10,REVESTIDO INTERNAMENTECOM ARGAMASSA DE CIMENTO ALUMINOSO E EXTERNAMENTE COM ZINCOMETALICO E PINTURA EPOXI NA COR VERMELHO,PARA ESGOTO SANITARIO CONFORME ABNT NBR 15420 E ABNT NBR 7560,EXCL.ACESSORIOS P/JUNTA,C/DIAMETRO DE 80MM,COMPRIMENTO ATE 1,0M.FORNECIMENTO","UN",2662.3]
["06.201.0259-0","TUBO DE FERRO FUNDIDO DUCTIL COM 2 FLANGES SOLDADOS,ESPESSURA CLASSE K-9,CLASSE DE PRESSAO PN-10,REVESTIDO INTERNAMENTECOM ARGAMASSA DE CIMENTO ALUMINOSO E EXTERNAMENTE COM ZINCOMETALICO E PINTURA EPOXI NA COR VERMELHA,PARA ESGOTO SANITARIO,CONFORME ABNT NBR 15420 E ABNT NBR 7560,EXCL.ACESSORIOS P/JUNTA,C/DIAMETRO DE 450MM,COMPRIMENTO ATE 1,0M.FORNECIMENTO","UN",10299.58,null,"06.201.0259-A","TUBO DE FERRO FUNDIDO DUCTIL COM 2 FLANGES SOLDADOS,ESPESSURA CLASSE K-9,CLASSE DE PRESSAO PN-10,REVESTIDO INTERNAMENTECOM ARGAMASSA DE CIMENTO ALUMINOSO E EXTERNAMENTE COM ZINCOMETALICO E PINTURA EPOXI NA COR VERMELHA,PARA ESGOTO SANITARIO,CONFORME ABNT NBR 15420 E ABNT NBR 7560,EXCL.ACESSORIOS P/JUNTA,C/DIAMETRO DE 450MM,COMPRIMENTO ATE 1,0M.FORNECIMENTO","UN",10299.58]
["06.201.0260-0","TUBO DE FERRO FUNDIDO DUCTIL COM 2 FLANGES SOLDADOS,ESPESSURA CLASSE K-9,CLASSE DE PRESSAO PN-10,REVESTIDO INTERNAMENTECOM ARGAMASSA DE CIMENTO ALUMINOSO E EXTERNAMENTE COM ZINCOMETALICO E PINTURA EPOXI NA COR VERMELHA,PARA ESGOTO SANITARIO,CONFORME ABNT NBR 15420 E ABNT NBR 7560,EXCL.ACESSORIOS P/JUNTA,C/DIAMETRO DE 500MM,COMPRIMENTO ATE 1,0M.FORNECIMENT","UN",10991.64,null,"06.201.0260-A","TUBO DE FERRO FUNDIDO DUCTIL COM 2 FLANGES SOLDADOS,ESPESSURA CLASSE K-9,CLASSE DE PRESSAO PN-10,REVESTIDO INTERNAMENTECOM ARGAMASSA DE CIMENTO ALUMINOSO E EXTERNAMENTE COM ZINCOMETALICO E PINTURA EPOXI NA COR VERMELHA,PARA ESGOTO SANITARIO,CONFORME ABNT NBR 15420 E ABNT NBR 7560,EXCL.ACESSORIOS P/JUNTA,C/DIAMETRO DE 500MM,COMPRIMENTO ATE 1,0M.FORNECIMENT","UN",10991.64]
["06.201.0265-0","TUBO DE FERRO FUNDIDO DUCTIL COM 2 FLANGES ROSCADOS,ESPESSURA CLASSE K-12,CLASSE DE PRESSAO PN-10,REVESTIDO INTERNAMENTEC/ARGAMASSA DE CIMENTO ALUMINOSO E EXTERNAMENTE C/ZINCO METALICO E PINTURA EPOXI NA COR VERMELHA,P/ESGOTO SANITARIO,CONFORME ABNT NBR 15420 E ABNT NBR 7560,EXCLUSIVE ACESSORIOS P/JUNTA,C/DIAMETRO DE 1000MM,COMPRIMENTO ATE 1,0M.FORNECIMENTO","UN",56182.68,null,"06.201.0265-A","TUBO DE FERRO FUNDIDO DUCTIL COM 2 FLANGES ROSCADOS,ESPESSURA CLASSE K-12,CLASSE DE PRESSAO PN-10,REVESTIDO INTERNAMENTEC/ARGAMASSA DE CIMENTO ALUMINOSO E EXTERNAMENTE C/ZINCO METALICO E PINTURA EPOXI NA COR VERMELHA,P/ESGOTO SANITARIO,CONFORME ABNT NBR 15420 E ABNT NBR 7560,EXCLUSIVE ACESSORIOS P/JUNTA,C/DIAMETRO DE 1000MM,COMPRIMENTO ATE 1,0M.FORNECIMENTO","UN",56182.68]
["06.201.0275-0","TUBO DE FERRO FUNDIDO DUCTIL COM 2 FLANGES SOLDADOS,ESPESSURA CLASSE K-9,CLASSE DE PRESSAO PN-16,REVESTIDO INTERNAMENTEC/ARGAMASSA DE CIMENTO ALUMINOSO E EXTERNAMENTE C/ZINCO METALICO E PINTURA EPOXI NA COR VERMELHA,P/ESGOTO SANITARIO,CONFORME ABNT NBR 15420 E ABNT NBR 7560,EXCLUSIVE ACESSORIOS P/JUNTA,COM DIAMETRO DE 250MM,COMPRIMENTO ATE 1,0M.FORNECIMENTO","UN",5359.36,null,"06.201.0275-A","TUBO DE FERRO FUNDIDO DUCTIL COM 2 FLANGES SOLDADOS,ESPESSURA CLASSE K-9,CLASSE DE PRESSAO PN-16,REVESTIDO INTERNAMENTEC/ARGAMASSA DE CIMENTO ALUMINOSO E EXTERNAMENTE C/ZINCO METALICO E PINTURA EPOXI NA COR VERMELHA,P/ESGOTO SANITARIO,CONFORME ABNT NBR 15420 E ABNT NBR 7560,EXCLUSIVE ACESSORIOS P/JUNTA,COM DIAMETRO DE 250MM,COMPRIMENTO ATE 1,0M.FORNECIMENTO","UN",5359.36]
["06.201.0280-0","TUBO DE FERRO FUNDIDO DUCTIL COM 2 FLANGES SOLDADOS,ESPESSURA CLASSE K-9,CLASSE DE PRESSAO PN-16,REVESTIDO INTERNAMENTEC/ARGAMASSA DE CIMENTO ALUMINOSO E EXTERNAMENTE C/ZINCO METALICO E PINTURA EPOXI NA COR VERMELHA,P/ESGOTO SANITARIO,CONFORME ABNT NBR 15420 E ABNT NBR 7560,EXCLUSIVE ACESSORIOS P/JUNTA,COM DIAMETRO DE 500MM,COMPRIMENTO ATE 1,0M.FORNECIMENTO","UN",12652.94,null,"06.201.0280-A","TUBO DE FERRO FUNDIDO DUCTIL COM 2 FLANGES SOLDADOS,ESPESSURA CLASSE K-9,CLASSE DE PRESSAO PN-16,REVESTIDO INTERNAMENTEC/ARGAMASSA DE CIMENTO ALUMINOSO E EXTERNAMENTE C/ZINCO METALICO E PINTURA EPOXI NA COR VERMELHA,P/ESGOTO SANITARIO,CONFORME ABNT NBR 15420 E ABNT NBR 7560,EXCLUSIVE ACESSORIOS P/JUNTA,COM DIAMETRO DE 500MM,COMPRIMENTO ATE 1,0M.FORNECIMENTO","UN",12652.94]
["06.201.0291-0","TUBO DE FERRO FUNDIDO DUCTIL COM 2 FLANGES INTEGRAIS FUNDIDOS,ESPESSURA CLASSE K-14,CLASSE DE PRESSAO PN-16,REVESTIDO INTERNAMENTE C/ARGAMASSA DE CIMENTO ALUMINOSO E EXTERNAMENTE C/ZINCO METALICO E PINTURA EPOXI NA COR VERMELHA,P/ESGOTO SANITARIO,ABNT NBR 15420 E ABNT NBR 7560,EXCLUSIVE ACESSORIOS P/JUNTA,C/DIAMETRO DE 800MM,COMPRIMENTO DE 1,0M.FORNECIMENTO","UN",41923.620000000003,null,"06.201.0291-A","TUBO DE FERRO FUNDIDO DUCTIL COM 2 FLANGES INTEGRAIS FUNDIDOS,ESPESSURA CLASSE K-14,CLASSE DE PRESSAO PN-16,REVESTIDO INTERNAMENTE C/ARGAMASSA DE CIMENTO ALUMINOSO E EXTERNAMENTE C/ZINCO METALICO E PINTURA EPOXI NA COR VERMELHA,P/ESGOTO SANITARIO,ABNT NBR 15420 E ABNT NBR 7560,EXCLUSIVE ACESSORIOS P/JUNTA,C/DIAMETRO DE 800MM,COMPRIMENTO DE 1,0M.FORNECIMENTO","UN",41923.620000000003]
["06.201.0295-0","TUBO DE FERRO FUNDIDO DUCTIL COM 2 FLANGES INTEGRAIS FUNDIDOS,ESPESSURA CLASSE K-14,CLASSE DE PRESSAO PN-16,REVESTIDO INTERNAMENTE C/ARGAMASSA DE CIMENTO ALUMINOSO E EXTERNAMENTE C/ZINCO METALICO E PINTURA EPOXI NA COR VERMELHA,P/ESGOTO SANITARIO,ABNT NBR 15420 E ABNT NBR 7560,EXCLUSIVE ACESSORIOS P/JUNTA,C/DIAMETRO DE 900MM,COMPRIMENTO DE 1,5M.FORNECIMENTO","UN",59532.65,null,"06.201.0295-A","TUBO DE FERRO FUNDIDO DUCTIL COM 2 FLANGES INTEGRAIS FUNDIDOS,ESPESSURA CLASSE K-14,CLASSE DE PRESSAO PN-16,REVESTIDO INTERNAMENTE C/ARGAMASSA DE CIMENTO ALUMINOSO E EXTERNAMENTE C/ZINCO METALICO E PINTURA EPOXI NA COR VERMELHA,P/ESGOTO SANITARIO,ABNT NBR 15420 E ABNT NBR 7560,EXCLUSIVE ACESSORIOS P/JUNTA,C/DIAMETRO DE 900MM,COMPRIMENTO DE 1,5M.FORNECIMENTO","UN",59532.65]
["06.201.0300-0","TUBO DE FERRO FUNDIDO DUCTIL COM 2 FLANGES INTEGRAIS FUNDIDOS,ESPESSURA CLASSE K-14,CLASSE DE PRESSAO PN-16,REVESTIDO INTERNAMENTE C/ARGAMASSA DE CIMENTO ALUMINOSO E EXTERNAMENTE C/ZINCO METALICO E PINTURA EPOXI NA COR VERMELHA,P/ESGOTO SANITARIO,ABNT NBR 15420 E ABNT NBR 7560,EXCLUSIVE ACESSORIOS P/JUNTA,C/DIAMETRO DE 1200MM,COMPRIMENTO DE 1,0M.FORNECIMENTO","UN",90549.41,null,"06.201.0300-A","TUBO DE FERRO FUNDIDO DUCTIL COM 2 FLANGES INTEGRAIS FUNDIDOS,ESPESSURA CLASSE K-14,CLASSE DE PRESSAO PN-16,REVESTIDO INTERNAMENTE C/ARGAMASSA DE CIMENTO ALUMINOSO E EXTERNAMENTE C/ZINCO METALICO E PINTURA EPOXI NA COR VERMELHA,P/ESGOTO SANITARIO,ABNT NBR 15420 E ABNT NBR 7560,EXCLUSIVE ACESSORIOS P/JUNTA,C/DIAMETRO DE 1200MM,COMPRIMENTO DE 1,0M.FORNECIMENTO","UN",90549.41]
["06.201.0313-0","TUBO DE FERRO FUNDIDO DUCTIL COM PONTA E FLANGE SOLDADOS,ESPESSURA CLASSE K-9,CLASSE DE PRESSAO PN-10,REVESTIDO INTERNAMENTE C/ARGAMASSA DE CIMENTO ALUMINOSO E EXTERNAMENTE C/ZINCOMETALICO E PINTURA EPOXI NA COR VERMELHA,P/ESGOTO SANITARIO,CONFORME ABNT NBR 15420 E ABNT NBR 7560,EXCL.ACESSORIOS P/JUNTA,COM DIAMETRO DE 150MM,COMPRIMENTO ATE 1,0M.FORNECIMENTO","UN",2587.59,null,"06.201.0313-A","TUBO DE FERRO FUNDIDO DUCTIL COM PONTA E FLANGE SOLDADOS,ESPESSURA CLASSE K-9,CLASSE DE PRESSAO PN-10,REVESTIDO INTERNAMENTE C/ARGAMASSA DE CIMENTO ALUMINOSO E EXTERNAMENTE C/ZINCOMETALICO E PINTURA EPOXI NA COR VERMELHA,P/ESGOTO SANITARIO,CONFORME ABNT NBR 15420 E ABNT NBR 7560,EXCL.ACESSORIOS P/JUNTA,COM DIAMETRO DE 150MM,COMPRIMENTO ATE 1,0M.FORNECIMENTO","UN",2587.59]
["06.201.0315-0","TUBO DE FERRO FUNDIDO DUCTIL COM PONTA E FLANGE SOLDADOS,ESPESSURA CLASSE K-9,CLASSE DE PRESSAO PN-10,REVESTIDO INTERNAMENTE C/ARGAMASSA DE CIMENTO ALUMINOSO E EXTERNAMENTE C/ZINCOMETALICO E PINTURA EPOXI NA COR VERMELHA,P/ESGOTO SANITARIO,CONFORME ABNT NBR 15420 E ABNT NBR 7560,EXCL.ACESSORIOS P/JUNTA,COM DIAMETRO DE 250MM,COMPRIMENTO ATE 1,0M.FORNECIMENTO","UN",3713.48,null,"06.201.0315-A","TUBO DE FERRO FUNDIDO DUCTIL COM PONTA E FLANGE SOLDADOS,ESPESSURA CLASSE K-9,CLASSE DE PRESSAO PN-10,REVESTIDO INTERNAMENTE C/ARGAMASSA DE CIMENTO ALUMINOSO E EXTERNAMENTE C/ZINCOMETALICO E PINTURA EPOXI NA COR VERMELHA,P/ESGOTO SANITARIO,CONFORME ABNT NBR 15420 E ABNT NBR 7560,EXCL.ACESSORIOS P/JUNTA,COM DIAMETRO DE 250MM,COMPRIMENTO ATE 1,0M.FORNECIMENTO","UN",3713.48]
["06.201.0320-0","TUBO DE FERRO FUNDIDO DUCTIL COM PONTA E FLANGE SOLDADOS,ESPESSURA CLASSE K-9,CLASSE DE PRESSAO PN-10,REVESTIDO INTERNAMENTE C/ARGAMASSA DE CIMENTO ALUMINOSO E EXTERNAMENTE C/ZINCOMETALICO E PINTURA EPOXI NA COR VERMELHA,P/ESGOTO SANITARIO,CONFORME ABNT NBR 15420 E ABNT NBR 7560,EXCL.ACESSORIOS P/JUNTA,COM DIAMETRO DE 500MM,COMPRIMENTO ATE 1,0M.FORNECIMENTO","UN",7579.3,null,"06.201.0320-A","TUBO DE FERRO FUNDIDO DUCTIL COM PONTA E FLANGE SOLDADOS,ESPESSURA CLASSE K-9,CLASSE DE PRESSAO PN-10,REVESTIDO INTERNAMENTE C/ARGAMASSA DE CIMENTO ALUMINOSO E EXTERNAMENTE C/ZINCOMETALICO E PINTURA EPOXI NA COR VERMELHA,P/ESGOTO SANITARIO,CONFORME ABNT NBR 15420 E ABNT NBR 7560,EXCL.ACESSORIOS P/JUNTA,COM DIAMETRO DE 500MM,COMPRIMENTO ATE 1,0M.FORNECIMENTO","UN",7579.3]
["06.201.0331-0","TUBO DE FERRO FUNDIDO DUCTIL COM PONTA E FLANGE SOLDADOS,ESPESSURA CLASSE K-9,CLASSE DE PRESSAO PN-16,REVESTIDO INTERNAMENTE C/ARGAMASSA DE CIMENTO ALUMINOSO E EXTERNAMENTE C/ZINCOMETALICO E PINTURA EPOXI NA COR VERMELHA,P/ESGOTO SANITARIO,CONFORME ABNT NBR 15420 E ABNT NBR 7560,EXCL.ACESSORIOS P/JUNTA,COM DIAMETRO DE 80MM,COMPRIMENTO ATE 1,0M.FORNECIMENTO","UN",1931,null,"06.201.0331-A","TUBO DE FERRO FUNDIDO DUCTIL COM PONTA E FLANGE SOLDADOS,ESPESSURA CLASSE K-9,CLASSE DE PRESSAO PN-16,REVESTIDO INTERNAMENTE C/ARGAMASSA DE CIMENTO ALUMINOSO E EXTERNAMENTE C/ZINCOMETALICO E PINTURA EPOXI NA COR VERMELHA,P/ESGOTO SANITARIO,CONFORME ABNT NBR 15420 E ABNT NBR 7560,EXCL.ACESSORIOS P/JUNTA,COM DIAMETRO DE 80MM,COMPRIMENTO ATE 1,0M.FORNECIMENTO","UN",1931]
["06.201.0335-0","TUBO DE FERRO FUNDIDO DUCTIL COM PONTA E FLANGE SOLDADOS,ESPESSURA CLASSE K-9,CLASSE DE PRESSAO PN-16,REVESTIDO INTERNAMENTE C/ARGAMASSA DE CIMENTO ALUMINOSO E EXTERNAMENTE C/ZINCOMETALICO E PINTURA EPOXI NA COR VERMELHA,P/ESGOTO SANITARIO,CONFORME ABNT NBR 15420 E ABNT NBR 7560,EXCL.ACESSORIOS P/JUNTA,COM DIAMETRO DE 250MM,COMPRIMENTO ATE 1,0M.FORNECIMENTO","UN",3772.69,null,"06.201.0335-A","TUBO DE FERRO FUNDIDO DUCTIL COM PONTA E FLANGE SOLDADOS,ESPESSURA CLASSE K-9,CLASSE DE PRESSAO PN-16,REVESTIDO INTERNAMENTE C/ARGAMASSA DE CIMENTO ALUMINOSO E EXTERNAMENTE C/ZINCOMETALICO E PINTURA EPOXI NA COR VERMELHA,P/ESGOTO SANITARIO,CONFORME ABNT NBR 15420 E ABNT NBR 7560,EXCL.ACESSORIOS P/JUNTA,COM DIAMETRO DE 250MM,COMPRIMENTO ATE 1,0M.FORNECIMENTO","UN",3772.69]
["06.201.0336-0","TUBO DE FERRO FUNDIDO DUCTIL COM PONTA E FLANGE SOLDADOS,ESPESSURA CLASSE K-9,CLASSE DE PRESSAO PN-16,REVESTIDO INTERNAMENTE C/ARGAMASSA DE CIMENTO ALUMINOSO E EXTERNAMENTE C/ZINCOMETALICO E PINTURA EPOXI NA COR VERMELHA,P/ESGOTO SANITARIO,CONFORME ABNT NBR 15420 E ABNT NBR 7560,EXCL.ACESSORIOS P/JUNTA,COM DIAMETRO DE 300MM,COMPRIMENTO ATE 1,0M.FORNECIMENTO","UN",4505.51,null,"06.201.0336-A","TUBO DE FERRO FUNDIDO DUCTIL COM PONTA E FLANGE SOLDADOS,ESPESSURA CLASSE K-9,CLASSE DE PRESSAO PN-16,REVESTIDO INTERNAMENTE C/ARGAMASSA DE CIMENTO ALUMINOSO E EXTERNAMENTE C/ZINCOMETALICO E PINTURA EPOXI NA COR VERMELHA,P/ESGOTO SANITARIO,CONFORME ABNT NBR 15420 E ABNT NBR 7560,EXCL.ACESSORIOS P/JUNTA,COM DIAMETRO DE 300MM,COMPRIMENTO ATE 1,0M.FORNECIMENTO","UN",4505.51]
["06.201.0340-0","TUBO DE FERRO FUNDIDO DUCTIL COM PONTA E FLANGE SOLDADOS,ESPESSURA CLASSE K-9,CLASSE DE PRESSAO PN-16,REVESTIDO INTERNAMENTE C/ARGAMASSA DE CIMENTO ALUMINOSO E EXTERNAMENTE C/ZINCOMETALICO E PINTURA EPOXI NA COR VERMELHA,P/ESGOTO SANITARIO,CONFORME ABNT NBR 15420 E ABNT NBR 7560,EXCL.ACESSORIOS P/JUNTA,COM DIAMETRO DE 500MM,COMPRIMENTO ATE 1,0M.FORNECIMENTO","UN",8415.3700000000008,null,"06.201.0340-A","TUBO DE FERRO FUNDIDO DUCTIL COM PONTA E FLANGE SOLDADOS,ESPESSURA CLASSE K-9,CLASSE DE PRESSAO PN-16,REVESTIDO INTERNAMENTE C/ARGAMASSA DE CIMENTO ALUMINOSO E EXTERNAMENTE C/ZINCOMETALICO E PINTURA EPOXI NA COR VERMELHA,P/ESGOTO SANITARIO,CONFORME ABNT NBR 15420 E ABNT NBR 7560,EXCL.ACESSORIOS P/JUNTA,COM DIAMETRO DE 500MM,COMPRIMENTO ATE 1,0M.FORNECIMENTO","UN",8415.3700000000008]
["06.201.0365-0","TUBO DE FERRO FUNDIDO DUCTIL COM BOLSA DE JUNTA ELASTICA E FLANGE SOLDADO,ESPESSURA CLASSE K-9,CLASSE DE PRESSAO PN-10,REVESTIDO INTERNAMENTE C/ARGAMASSA DE CIMENTO ALUMINOSO E EXTERNAMENTE C/ZINCO METALICO E PINTURA EPOXI NA COR VERMELHA,ESGOTO SANITARIO,ABNT NBR 15420 E ABNT NBR 7560,EXCL.ACESSORIOS P/JUNTA,C/DIAMETRO DE 250MM,COMPRIMENTO ATE 1,0M.FORN.","UN",3963.73,null,"06.201.0365-A","TUBO DE FERRO FUNDIDO DUCTIL COM BOLSA DE JUNTA ELASTICA E FLANGE SOLDADO,ESPESSURA CLASSE K-9,CLASSE DE PRESSAO PN-10,REVESTIDO INTERNAMENTE C/ARGAMASSA DE CIMENTO ALUMINOSO E EXTERNAMENTE C/ZINCO METALICO E PINTURA EPOXI NA COR VERMELHA,ESGOTO SANITARIO,ABNT NBR 15420 E ABNT NBR 7560,EXCL.ACESSORIOS P/JUNTA,C/DIAMETRO DE 250MM,COMPRIMENTO ATE 1,0M.FORN.","UN",3963.73]
["06.201.0370-0","TUBO DE FERRO FUNDIDO DUCTIL COM BOLSA DE JUNTA ELASTICA E FLANGE SOLDADO,ESPESSURA CLASSE K-9,CLASSE DE PRESSAO PN-10,REVESTIDO INTERNAMENTE C/ARGAMASSA DE CIMENTO ALUMINOSO E EXTERNAMENTE C/ZINCO METALICO E PINTURA EPOXI NA COR VERMELHA,ESGOTO SANITARIO,ABNT NBR 15420 E ABNT NBR 7560,EXCL.ACESSORIOS P/JUNTA,C/DIAMETRO DE 500MM,COMPRIMENTO ATE 1,0M.FORN.","UN",8205.0300000000007,null,"06.201.0370-A","TUBO DE FERRO FUNDIDO DUCTIL COM BOLSA DE JUNTA ELASTICA E FLANGE SOLDADO,ESPESSURA CLASSE K-9,CLASSE DE PRESSAO PN-10,REVESTIDO INTERNAMENTE C/ARGAMASSA DE CIMENTO ALUMINOSO E EXTERNAMENTE C/ZINCO METALICO E PINTURA EPOXI NA COR VERMELHA,ESGOTO SANITARIO,ABNT NBR 15420 E ABNT NBR 7560,EXCL.ACESSORIOS P/JUNTA,C/DIAMETRO DE 500MM,COMPRIMENTO ATE 1,0M.FORN.","UN",8205.0300000000007]
["06.201.0372-0","TUBO DE FERRO FUNDIDO DUCTIL COM BOLSA E FLANGE ROSCADOS,ESPESSURA CLASSE K-12,CLASSE DE PRESSAO PN-10,REVESTIDO INTERNAMENTE COM ARGAMASSA DE CIMENTO ALUMINOSO E EXTERNAMENTE COMZINCO METALICO E PINTURA EPOXI NA COR VERMELHA,PARA ESGOTO SANITARIO,CONFORME ABNT NBR 15420 E ABNT NBR 7560,EXCL.ACESSORIOS P/JUNTA,C/DIAMETRO DE 700MM,COMPRIMENTO ATE 1,0M.FORN.","UN",19734.560000000001,null,"06.201.0372-A","TUBO DE FERRO FUNDIDO DUCTIL COM BOLSA E FLANGE ROSCADOS,ESPESSURA CLASSE K-12,CLASSE DE PRESSAO PN-10,REVESTIDO INTERNAMENTE COM ARGAMASSA DE CIMENTO ALUMINOSO E EXTERNAMENTE COMZINCO METALICO E PINTURA EPOXI NA COR VERMELHA,PARA ESGOTO SANITARIO,CONFORME ABNT NBR 15420 E ABNT NBR 7560,EXCL.ACESSORIOS P/JUNTA,C/DIAMETRO DE 700MM,COMPRIMENTO ATE 1,0M.FORN.","UN",19734.560000000001]
["06.201.0381-0","TUBO DE FERRO FUNDIDO DUCTIL COM BOLSA E FLANGE SOLDADOS,ESPESSURA CLASSE K-9,CLASSE DE PRESSAO PN-16,REVESTIDO INTERNAMENTE COM ARGAMASSA DE CIMENTO ALUMINOSO E EXTERNAMENTE COM ZINCO METALICO E PINTURA EPOXI NA COR VERMELHA,PARA ESGOTO SANITARIO,CONFORME ABNT NBR 15420 E ABNT NBR 7560,EXCL.ACESSORIOS P/JUNTA,C/DIAMETRO DE 80MM,COMPRIMENTO ATE 1,0M.FORN.","UN",1982.81,null,"06.201.0381-A","TUBO DE FERRO FUNDIDO DUCTIL COM BOLSA E FLANGE SOLDADOS,ESPESSURA CLASSE K-9,CLASSE DE PRESSAO PN-16,REVESTIDO INTERNAMENTE COM ARGAMASSA DE CIMENTO ALUMINOSO E EXTERNAMENTE COM ZINCO METALICO E PINTURA EPOXI NA COR VERMELHA,PARA ESGOTO SANITARIO,CONFORME ABNT NBR 15420 E ABNT NBR 7560,EXCL.ACESSORIOS P/JUNTA,C/DIAMETRO DE 80MM,COMPRIMENTO ATE 1,0M.FORN.","UN",1982.81]
["06.201.0386-0","TUBO DE FERRO FUNDIDO DUCTIL COM BOLSA E FLANGE SOLDADOS,ESPESSURA CLASSE K-9,CLASSE DE PRESSAO PN-16,REVESTIDO INTERNAMENTE COM ARGAMASSA DE CIMENTO ALUMINOSO E EXTERNAMENTE COM ZINCO METALICO E PINTURA EPOXI NA COR VERMELHA,PARA ESGOTO SANITARIO,CONFORME ABNT NBR 15420 E ABNT NBR 7560,EXCL.ACESSORIOS P/JUNTA,COM DIAMETRO DE 300MM,COMPRIMENTO ATE 1,0M.FORN.","UN",4787.84,null,"06.201.0386-A","TUBO DE FERRO FUNDIDO DUCTIL COM BOLSA E FLANGE SOLDADOS,ESPESSURA CLASSE K-9,CLASSE DE PRESSAO PN-16,REVESTIDO INTERNAMENTE COM ARGAMASSA DE CIMENTO ALUMINOSO E EXTERNAMENTE COM ZINCO METALICO E PINTURA EPOXI NA COR VERMELHA,PARA ESGOTO SANITARIO,CONFORME ABNT NBR 15420 E ABNT NBR 7560,EXCL.ACESSORIOS P/JUNTA,COM DIAMETRO DE 300MM,COMPRIMENTO ATE 1,0M.FORN.","UN",4787.84]
["06.201.0391-0","TUBO DE FERRO FUNDIDO DUCTIL COM BOLSA E FLANGE SOLDADOS,ESPESSURA CLASSE K-9,CLASSE DE PRESSAO PN-16,REVESTIDO INTERNAMENTE COM ARGAMASSA DE CIMENTO ALUMINOSO E EXTERNAMENTE COM ZINCO METALICO E PINTURA EPOXI NA COR VERMELHA,PARA ESGOTO SANITARIO,CONFORME ABNT NBR 15420 E ABNT NBR 7560,EXCL.ACESSORIOS P/JUNTA,COM DIAMETRO DE 600MM,COMPRIMENTO ATE 1,0M.FORN.","UN",12209.14,null,"06.201.0391-A","TUBO DE FERRO FUNDIDO DUCTIL COM BOLSA E FLANGE SOLDADOS,ESPESSURA CLASSE K-9,CLASSE DE PRESSAO PN-16,REVESTIDO INTERNAMENTE COM ARGAMASSA DE CIMENTO ALUMINOSO E EXTERNAMENTE COM ZINCO METALICO E PINTURA EPOXI NA COR VERMELHA,PARA ESGOTO SANITARIO,CONFORME ABNT NBR 15420 E ABNT NBR 7560,EXCL.ACESSORIOS P/JUNTA,COM DIAMETRO DE 600MM,COMPRIMENTO ATE 1,0M.FORN.","UN",12209.14]
["06.201.0411-0","ADICIONAL DE EXTENSAO EXCEDENTE A 1,0M,POR CADA 0,5M OU FRACAO EM TUBOS COM FLANGES SOLDADOS,CLASSE K-9,PN-10,REVESTIMENTO INTERNO COM CIMENTO ALUMINOSO,PARA ESGOTO SANITARIO,COM DIAMETRO DE 80MM.FORNECIMENTO","M",664.34,null,"06.201.0411-A","ADICIONAL DE EXTENSAO EXCEDENTE A 1,0M,POR CADA 0,5M OU FRACAO EM TUBOS COM FLANGES SOLDADOS,CLASSE K-9,PN-10,REVESTIMENTO INTERNO COM CIMENTO ALUMINOSO,PARA ESGOTO SANITARIO,COM DIAMETRO DE 80MM.FORNECIMENTO","M",664.34]
["06.201.0416-0","ADICIONAL DE EXTENSAO EXCEDENTE A 1,0M,POR CADA 0,5M OU FRACAO EM TUBOS COM FLANGES SOLDADOS,CLASSE K-9,PN-10,REVESTIMENTO INTERNO COM CIMENTO ALUMINOSO,PARA ESGOTO SANITARIO,COM DIAMETRO DE 300MM.FORNECIMENTO","M",1839.51,null,"06.201.0416-A","ADICIONAL DE EXTENSAO EXCEDENTE A 1,0M,POR CADA 0,5M OU FRACAO EM TUBOS COM FLANGES SOLDADOS,CLASSE K-9,PN-10,REVESTIMENTO INTERNO COM CIMENTO ALUMINOSO,PARA ESGOTO SANITARIO,COM DIAMETRO DE 300MM.FORNECIMENTO","M",1839.51]
["06.201.0423-0","ADICIONAL DE EXTENSAO EXCEDENTE A 1,0M,POR CADA 0,5M OU FRACAO EM TUBOS COM FLANGES ROSCADOS,CLASSE K-12,PN-10,REVESTIMENTO INTERNO COM CIMENTO ALUMINOSO,PARA ESGOTO SANITARIO,COMDIAMETRO DE 800MM.FORNECIMENTO","M",6666.8,null,"06.201.0423-A","ADICIONAL DE EXTENSAO EXCEDENTE A 1,0M,POR CADA 0,5M OU FRACAO EM TUBOS COM FLANGES ROSCADOS,CLASSE K-12,PN-10,REVESTIMENTO INTERNO COM CIMENTO ALUMINOSO,PARA ESGOTO SANITARIO,COMDIAMETRO DE 800MM.FORNECIMENTO","M",6666.8]
["06.201.0431-0","ADICIONAL DE EXTENSAO EXCEDENTE A 1,0M,POR CADA 0,5M OU FRACAO EM TUBOS COM FLANGES SOLDADOS,CLASSE K-9,PN-16,REVESTIMENTO INTERNO COM CIMENTO ALUMINOSO,PARA ESGOTO SANITARIO,COM DIAMETRO DE 80MM.FORNECIMENTO","M",664.34,null,"06.201.0431-A","ADICIONAL DE EXTENSAO EXCEDENTE A 1,0M,POR CADA 0,5M OU FRACAO EM TUBOS COM FLANGES SOLDADOS,CLASSE K-9,PN-16,REVESTIMENTO INTERNO COM CIMENTO ALUMINOSO,PARA ESGOTO SANITARIO,COM DIAMETRO DE 80MM.FORNECIMENTO","M",664.34]
["06.201.0432-0","ADICIONAL DE EXTENSAO EXCEDENTE A 1,0M,POR CADA 0,5M OU FRACAO EM TUBOS COM FLANGES SOLDADOS,CLASSE K-9,PN-16,REVESTIMENTO INTERNO COM CIMENTO ALUMINOSO,PARA ESGOTO SANITARIO,COM DIAMETRO DE 100MM.FORNECIMENTO","M",715.82,null,"06.201.0432-A","ADICIONAL DE EXTENSAO EXCEDENTE A 1,0M,POR CADA 0,5M OU FRACAO EM TUBOS COM FLANGES SOLDADOS,CLASSE K-9,PN-16,REVESTIMENTO INTERNO COM CIMENTO ALUMINOSO,PARA ESGOTO SANITARIO,COM DIAMETRO DE 100MM.FORNECIMENTO","M",715.82]
["06.201.0436-0","ADICIONAL DE EXTENSAO EXCEDENTE A 1,0M,POR CADA 0,5M OU FRACAO EM TUBOS COM FLANGES SOLDADOS,CLASSE K-9,PN-16,REVESTIMENTO INTERNO COM CIMENTO ALUMINOSO,PARA ESGOTO SANITARIO,COM DIAMETRO DE 300MM.FORNECIMENTO","M",1839.47,null,"06.201.0436-A","ADICIONAL DE EXTENSAO EXCEDENTE A 1,0M,POR CADA 0,5M OU FRACAO EM TUBOS COM FLANGES SOLDADOS,CLASSE K-9,PN-16,REVESTIMENTO INTERNO COM CIMENTO ALUMINOSO,PARA ESGOTO SANITARIO,COM DIAMETRO DE 300MM.FORNECIMENTO","M",1839.47]
["06.201.0443-0","ADICIONAL DE EXTENSAO EXCEDENTE A 1,0M,POR CADA 0,5M OU FRACAO EM TUBOS COM FLANGES INTEGRAL FUNDIDOS,CLASSE K-14,PN-16,REVESTIMENTO INTERNO COM CIMENTO ALUMINOSO,PARA ESGOTO SANITARIO,COM DIAMETRO DE 800MM.FORNECIMENTO","M",37734.910000000003,null,"06.201.0443-A","ADICIONAL DE EXTENSAO EXCEDENTE A 1,0M,POR CADA 0,5M OU FRACAO EM TUBOS COM FLANGES INTEGRAL FUNDIDOS,CLASSE K-14,PN-16,REVESTIMENTO INTERNO COM CIMENTO ALUMINOSO,PARA ESGOTO SANITARIO,COM DIAMETRO DE 800MM.FORNECIMENTO","M",37734.910000000003]
["06.203.0014-0","TUBO DE POLIETILENO DE ALTA DENSIDADE(PEAD),RESINA PE80/100,CONFORME ABNT NBR 15561,CLASSE PN-4/5,SDR 32,25,DE=200MM.FORNECIMENTO","M",160.04,null,"06.203.0014-A","TUBO DE POLIETILENO DE ALTA DENSIDADE(PEAD),RESINA PE80/100,CONFORME ABNT NBR 15561,CLASSE PN-4/5,SDR 32,25,DE=200MM.FORNECIMENTO","M",160.04]
["06.203.0016-0","TUBO DE POLIETILENO DE ALTA DENSIDADE(PEAD),RESINA PE80/100,CONFORME ABNT NBR 15561,CLASSE PN-4/5,SDR 32,25,DE=250MM.FORNECIMENTO","M",246.76,null,"06.203.0016-A","TUBO DE POLIETILENO DE ALTA DENSIDADE(PEAD),RESINA PE80/100,CONFORME ABNT NBR 15561,CLASSE PN-4/5,SDR 32,25,DE=250MM.FORNECIMENTO","M",246.76]
["06.203.0024-0","TUBO DE POLIETILENO DE ALTA DENSIDADE(PEAD),RESINA PE80/100,CONFORME ABNT NBR 15561,CLASSE PN-4/5,SDR 32,25,DE=630MM.FORNECIMENTO","M",1592.28,null,"06.203.0024-A","TUBO DE POLIETILENO DE ALTA DENSIDADE(PEAD),RESINA PE80/100,CONFORME ABNT NBR 15561,CLASSE PN-4/5,SDR 32,25,DE=630MM.FORNECIMENTO","M",1592.28]
["06.203.0051-0","TUBO DE POLIETILENO DE ALTA DENSIDADE(PEAD),RESINA PE80/100,CONFORME ABNT NBR 15561,CLASSE PN-10/12,5,SDR 13,6,DE=160MM.FORNECIMENTO","M",222.4,null,"06.203.0051-A","TUBO DE POLIETILENO DE ALTA DENSIDADE(PEAD),RESINA PE80/100,CONFORME ABNT NBR 15561,CLASSE PN-10/12,5,SDR 13,6,DE=160MM.FORNECIMENTO","M",222.4]
["06.203.0061-0","TUBO DE POLIETILENO DE ALTA DENSIDADE(PEAD),RESINA PE80/100,CONFORME ABNT NBR 15561,CLASSE PN-10/12,5,SDR 13,6,DE=500MM.FORNECIMENTO","M",2200,null,"06.203.0061-A","TUBO DE POLIETILENO DE ALTA DENSIDADE(PEAD),RESINA PE80/100,CONFORME ABNT NBR 15561,CLASSE PN-10/12,5,SDR 13,6,DE=500MM.FORNECIMENTO","M",2200]
["06.203.0112-0","COLARINHO DE POLIETILENO DE ALTA DENSIDADE(PEAD),RESINA PE80/100,CONFORME ABNT NBR 15561,CLASSE PN-4/5,SDR 32,25,DE=160MM.FORNECIMENTO","UN",151.75,null,"06.203.0112-A","COLARINHO DE POLIETILENO DE ALTA DENSIDADE(PEAD),RESINA PE80/100,CONFORME ABNT NBR 15561,CLASSE PN-4/5,SDR 32,25,DE=160MM.FORNECIMENTO","UN",151.75]
["06.203.0120-0","COLARINHO DE POLIETILENO DE ALTA DENSIDADE(PEAD),RESINA PE80/100,CONFORME ABNT NBR 15561,CLASSE PN-4/5,SDR 32,25,DE=400MM.FORNECIMENTO","UN",820.05,null,"06.203.0120-A","COLARINHO DE POLIETILENO DE ALTA DENSIDADE(PEAD),RESINA PE80/100,CONFORME ABNT NBR 15561,CLASSE PN-4/5,SDR 32,25,DE=400MM.FORNECIMENTO","UN",820.05]
["06.203.0126-0","COLARINHO DE POLIETILENO DE ALTA DENSIDADE(PEAD),RESINA PE80/100,CONFORME ABNT NBR 15561,CLASSE PN-4/5,SDR 32,25,DE=900MM.FORNECIMENTO","UN",10919.31,null,"06.203.0126-A","COLARINHO DE POLIETILENO DE ALTA DENSIDADE(PEAD),RESINA PE80/100,CONFORME ABNT NBR 15561,CLASSE PN-4/5,SDR 32,25,DE=900MM.FORNECIMENTO","UN",10919.31]
["06.203.0146-0","COLARINHO DE POLIETILENO DE ALTA DENSIDADE(PEAD),RESINA PE80/100,CONFORME ABNT NBR 15561,CLASSE PN-10/12,5,SDR 13,6,DE=250MM.FORNECIMENTO","UN",470.31,null,"06.203.0146-A","COLARINHO DE POLIETILENO DE ALTA DENSIDADE(PEAD),RESINA PE80/100,CONFORME ABNT NBR 15561,CLASSE PN-10/12,5,SDR 13,6,DE=250MM.FORNECIMENTO","UN",470.31]
["06.203.0148-0","COLARINHO DE POLIETILENO DE ALTA DENSIDADE(PEAD),RESINA PE80/100,CONFORME ABNT NBR 15561,CLASSE PN-10/12,5,SDR 13,6,DE=315MM.FORNECIMENTO","UN",565.41,null,"06.203.0148-A","COLARINHO DE POLIETILENO DE ALTA DENSIDADE(PEAD),RESINA PE80/100,CONFORME ABNT NBR 15561,CLASSE PN-10/12,5,SDR 13,6,DE=315MM.FORNECIMENTO","UN",565.41]
["06.203.0198-0","LUVA DE ELETROFUSAO DE POLIETILENO DE ALTA DENSIDADE(PEAD),RESINA PE80/100,CONFORME ABNT NBR 15561,CLASSE PN-10/12,5,SDR13,6,DE=110MM.FORNECIMENTO","UN",114.21,null,"06.203.0198-A","LUVA DE ELETROFUSAO DE POLIETILENO DE ALTA DENSIDADE(PEAD),RESINA PE80/100,CONFORME ABNT NBR 15561,CLASSE PN-10/12,5,SDR13,6,DE=110MM.FORNECIMENTO","UN",114.21]
["06.203.0205-0","LUVA DE ELETROFUSAO DE POLIETILENO DE ALTA DENSIDADE(PEAD),RESINA PE80/100,CONFORME ABNT NBR 15561,CLASSE PN-10/12,5,SDR13,6,DE=250MM.FORNECIMENTO","UN",449.44,null,"06.203.0205-A","LUVA DE ELETROFUSAO DE POLIETILENO DE ALTA DENSIDADE(PEAD),RESINA PE80/100,CONFORME ABNT NBR 15561,CLASSE PN-10/12,5,SDR13,6,DE=250MM.FORNECIMENTO","UN",449.44]
["06.250.0017-0","TUBO DE CONCRETO ARMADO,CLASSE EA-2,CONFORME ABNT NBR-8890,JUNTA ELASTICA,PARA ESGOTO SANITARIO,COM DIAMETRO DE 900MM,INCLUSIVE ANEL DE BORRACHA.FORNECIMENTO","M",1128.8800000000001,null,"06.250.0017-A","TUBO DE CONCRETO ARMADO,CLASSE EA-2,CONFORME ABNT NBR-8890,JUNTA ELASTICA,PARA ESGOTO SANITARIO,COM DIAMETRO DE 900MM,INCLUSIVE ANEL DE BORRACHA.FORNECIMENTO","M",1128.8800000000001]
["06.250.0018-0","TUBO DE CONCRETO ARMADO,CLASSE EA-2,CONFORME ABNT NBR-8890,JUNTA ELASTICA,PARA ESGOTO SANITARIO,COM DIAMETRO DE 1000MM,INCLUSIVE ANEL DE BORRACHA.FORNECIMENTO","M",1318.4,null,"06.250.0018-A","TUBO DE CONCRETO ARMADO,CLASSE EA-2,CONFORME ABNT NBR-8890,JUNTA ELASTICA,PARA ESGOTO SANITARIO,COM DIAMETRO DE 1000MM,INCLUSIVE ANEL DE BORRACHA.FORNECIMENTO","M",1318.4]
["06.250.0033-0","TUBO DE CONCRETO ARMADO,CLASSE EA-3,CONFORME ABNT NBR 8890,JUNTA ELASTICA,PARA ESGOTO SANITARIO,COM DIAMETRO DE 600MM,INCLUSIVE ANEL DE BORRACHA.FORNECIMENTO","M",641.69000000000005,null,"06.250.0033-A","TUBO DE CONCRETO ARMADO,CLASSE EA-3,CONFORME ABNT NBR 8890,JUNTA ELASTICA,PARA ESGOTO SANITARIO,COM DIAMETRO DE 600MM,INCLUSIVE ANEL DE BORRACHA.FORNECIMENTO","M",641.69000000000005]
["06.250.0040-0","TUBO DE CONCRETO ARMADO,CLASSE EA-3,CONFORME ABNT NBR 8890,JUNTA ELASTICA,PARA ESGOTO SANITARIO,COM DIAMETRO DE 1500MM,INCLUSIVE ANEL DE BORRACHA.FORNECIMENTO","M",3218.75,null,"06.250.0040-A","TUBO DE CONCRETO ARMADO,CLASSE EA-3,CONFORME ABNT NBR 8890,JUNTA ELASTICA,PARA ESGOTO SANITARIO,COM DIAMETRO DE 1500MM,INCLUSIVE ANEL DE BORRACHA.FORNECIMENTO","M",3218.75]
["06.250.0055-0","TUBO DE CONCRETO ARMADO,CLASSE EA-4,CONFORME ABNT NBR 8890,JUNTA ELASTICA,PARA ESGOTO SANITARIO,COM DIAMETRO DE 800MM,INCLUSIVE ANEL DE BORRACHA.FORNECIMENTO","M",1118.58,null,"06.250.0055-A","TUBO DE CONCRETO ARMADO,CLASSE EA-4,CONFORME ABNT NBR 8890,JUNTA ELASTICA,PARA ESGOTO SANITARIO,COM DIAMETRO DE 800MM,INCLUSIVE ANEL DE BORRACHA.FORNECIMENTO","M",1118.58]
["06.250.0059-0","TUBO DE CONCRETO ARMADO,CLASSE EA-4,CONFORME ABNT NBR 8890,JUNTA ELASTICA,PARA ESGOTO SANITARIO,COM DIAMETRO DE 1200MM,INCLUSIVE ANEL DE BORRACHA.FORNECIMENTO","M",2345.31,null,"06.250.0059-A","TUBO DE CONCRETO ARMADO,CLASSE EA-4,CONFORME ABNT NBR 8890,JUNTA ELASTICA,PARA ESGOTO SANITARIO,COM DIAMETRO DE 1200MM,INCLUSIVE ANEL DE BORRACHA.FORNECIMENTO","M",2345.31]
["06.251.0032-0","TUBO DE CONCRETO ARMADO, CLASSE PA-1,PARA GALERIAS DE AGUASPLUVIAIS,COM DIAMETRO DE  500MM,JUNTA DE ARGAMASSA. FORNECIMENTO","M",285.89,null,"06.251.0032-A","TUBO DE CONCRETO ARMADO, CLASSE PA-1,PARA GALERIAS DE AGUASPLUVIAIS,COM DIAMETRO DE  500MM,JUNTA DE ARGAMASSA. FORNECIMENTO","M",285.89]
["06.251.0037-0","TUBO DE CONCRETO ARMADO, CLASSE PA-1,PARA GALERIAS DE AGUASPLUVIAIS,COM DIAMETRO DE 1000MM,JUNTA DE ARGAMASSA. FORNECIMENTO","M",937.3,null,"06.251.0037-A","TUBO DE CONCRETO ARMADO, CLASSE PA-1,PARA GALERIAS DE AGUASPLUVIAIS,COM DIAMETRO DE 1000MM,JUNTA DE ARGAMASSA. FORNECIMENTO","M",937.3]
["06.251.0042-0","TUBO DE CONCRETO ARMADO, CLASSE PA-2,PARA GALERIAS DE AGUASPLUVIAIS,COM DIAMETRO DE  500MM,JUNTA DE ARGAMASSA. FORNECIMENTO","M",301.39,null,"06.251.0042-A","TUBO DE CONCRETO ARMADO, CLASSE PA-2,PARA GALERIAS DE AGUASPLUVIAIS,COM DIAMETRO DE  500MM,JUNTA DE ARGAMASSA. FORNECIMENTO","M",301.39]
["06.251.0044-0","TUBO DE CONCRETO ARMADO, CLASSE PA-2,PARA GALERIAS DE AGUASPLUVIAIS,COM DIAMETRO DE  700MM,JUNTA DE ARGAMASSA. FORNECIMENTO","M",637.57000000000005,null,"06.251.0044-A","TUBO DE CONCRETO ARMADO, CLASSE PA-2,PARA GALERIAS DE AGUASPLUVIAIS,COM DIAMETRO DE  700MM,JUNTA DE ARGAMASSA. FORNECIMENTO","M",637.57000000000005]
["06.251.0049-0","TUBO DE CONCRETO ARMADO, CLASSE PA-2,PARA GALERIAS DE AGUASPLUVIAIS,COM DIAMETRO DE 1500MM,JUNTA DE ARGAMASSA. FORNECIMENTO","M",2262.5,null,"06.251.0049-A","TUBO DE CONCRETO ARMADO, CLASSE PA-2,PARA GALERIAS DE AGUASPLUVIAIS,COM DIAMETRO DE 1500MM,JUNTA DE ARGAMASSA. FORNECIMENTO","M",2262.5]
["06.251.0057-0","TUBO DE CONCRETO ARMADO, CLASSE PA-3,PARA GALERIAS DE AGUASPLUVIAIS,COM DIAMETRO DE 1000MM,JUNTA DE ARGAMASSA. FORNECIMENTO","M",1312.22,null,"06.251.0057-A","TUBO DE CONCRETO ARMADO, CLASSE PA-3,PARA GALERIAS DE AGUASPLUVIAIS,COM DIAMETRO DE 1000MM,JUNTA DE ARGAMASSA. FORNECIMENTO","M",1312.22]
["06.251.0061-0","TUBO DE CONCRETO ARMADO, CLASSE PA-4,PARA GALERIAS DE AGUASPLUVIAIS,COM DIAMETRO DE 400MM,JUNTA DE ARGAMASSA. FORNECIMENTO","M",331.66,null,"06.251.0061-A","TUBO DE CONCRETO ARMADO, CLASSE PA-4,PARA GALERIAS DE AGUASPLUVIAIS,COM DIAMETRO DE 400MM,JUNTA DE ARGAMASSA. FORNECIMENTO","M",331.66]
["06.251.0062-0","TUBO DE CONCRETO ARMADO, CLASSE PA-4,PARA GALERIAS DE AGUASPLUVIAIS,COM DIAMETRO DE  500MM,JUNTA DE ARGAMASSA. FORNECIMENTO","M",467.62,null,"06.251.0062-A","TUBO DE CONCRETO ARMADO, CLASSE PA-4,PARA GALERIAS DE AGUASPLUVIAIS,COM DIAMETRO DE  500MM,JUNTA DE ARGAMASSA. FORNECIMENTO","M",467.62]
["06.251.0067-0","TUBO DE CONCRETO ARMADO, CLASSE PA-4,PARA GALERIAS DE AGUASPLUVIAIS,COM DIAMETRO DE 1000MM,JUNTA DE ARGAMASSA. FORNECIMENTO","M",1499.68,null,"06.251.0067-A","TUBO DE CONCRETO ARMADO, CLASSE PA-4,PARA GALERIAS DE AGUASPLUVIAIS,COM DIAMETRO DE 1000MM,JUNTA DE ARGAMASSA. FORNECIMENTO","M",1499.68]
["06.270.0020-0","TUBO PVC-PBA,CLASSE 20(EB-183),PARA ADUCAO E DISTRIBUICAO DEAGUAS,COM DIAMETRO NOMINAL DE  50MM,INCLUSIVE ANEL DE BORRACHA. FORNECIMENTO","M",26.66,null,"06.270.0020-A","TUBO PVC-PBA,CLASSE 20(EB-183),PARA ADUCAO E DISTRIBUICAO DEAGUAS,COM DIAMETRO NOMINAL DE  50MM,INCLUSIVE ANEL DE BORRACHA. FORNECIMENTO","M",26.66]
["06.270.0038-0","ADAPTADOR PVC-PBA,CONFORME ABNT NBR 10351,PB,RQ X PBA COM DIAMETRO NOMINAL DE 100MM,INCLUSIVE ANEL DE BORRACHA.FORNECIMENTO","UN",52.17,null,"06.270.0038-A","ADAPTADOR PVC-PBA,CONFORME ABNT NBR 10351,PB,RQ X PBA COM DIAMETRO NOMINAL DE 100MM,INCLUSIVE ANEL DE BORRACHA.FORNECIMENTO","UN",52.17]
["06.270.0047-0","CAP PVC-PBA,CONFORME ABNT NBR 10351,COM DIAMETRO NOMINAL DE75MM,INCLUSIVE ANEL DE BORRACHA.FORNECIMENTO","UN",25.49,null,"06.270.0047-A","CAP PVC-PBA,CONFORME ABNT NBR 10351,COM DIAMETRO NOMINAL DE75MM,INCLUSIVE ANEL DE BORRACHA.FORNECIMENTO","UN",25.49]
["06.270.0053-0","CRUZETA PVC-PBA,CONFORME ABNT NBR 10351,BBBB COM DIAMETROS NOMINAIS DE 75MMX75MM,INCLUSIVE ANEIS DE BORRACHA.FORNECIMENTO","UN",80.98,null,"06.270.0053-A","CRUZETA PVC-PBA,CONFORME ABNT NBR 10351,BBBB COM DIAMETROS NOMINAIS DE 75MMX75MM,INCLUSIVE ANEIS DE BORRACHA.FORNECIMENTO","UN",80.98]
["06.270.0064-0","CURVA PVC-PBA,CONFORME ABNT NBR 10351,DE 45°,PB,COM DIAMETRONOMINAL DE 50MM,INCLUSIVE ANEL DE BORRACHA.FORNECIMENTO","UN",25.63,null,"06.270.0064-A","CURVA PVC-PBA,CONFORME ABNT NBR 10351,DE 45°,PB,COM DIAMETRONOMINAL DE 50MM,INCLUSIVE ANEL DE BORRACHA.FORNECIMENTO","UN",25.63]
["06.270.0069-0","CURVA PVC-PBA,CONFORME ABNT NBR 10351,DE 90°,PB,COM DIAMETRONOMINAL DE 100MM,INCLUSIVE ANEL DE BORRACHA. FORNECIMENTO","UN",96.17,null,"06.270.0069-A","CURVA PVC-PBA,CONFORME ABNT NBR 10351,DE 90°,PB,COM DIAMETRONOMINAL DE 100MM,INCLUSIVE ANEL DE BORRACHA. FORNECIMENTO","UN",96.17]
["06.270.0072-0","EXTREMIDADE PVC-PBA,CONFORME ABNT NBR 10351,BF,COM DIAMETRONOMINAL DE 75MM,INCLUSIVE ANEL DE BORRACHA. FORNECIMENTO","UN",141.35,null,"06.270.0072-A","EXTREMIDADE PVC-PBA,CONFORME ABNT NBR 10351,BF,COM DIAMETRONOMINAL DE 75MM,INCLUSIVE ANEL DE BORRACHA. FORNECIMENTO","UN",141.35]
["06.270.0081-0","LUVA DE CORRER PVC-PBA,CONFORME ABNT NBR 10351,COM DIAMETRONOMINAL DE 50MM,INCLUSIVE ANEIS DE BORRACHA. FORNECIMENTO","UN",10.92,null,"06.270.0081-A","LUVA DE CORRER PVC-PBA,CONFORME ABNT NBR 10351,COM DIAMETRONOMINAL DE 50MM,INCLUSIVE ANEIS DE BORRACHA. FORNECIMENTO","UN",10.92]
["06.270.0088-0","LUVA SIMPLES PVC-PBA,CONFORME ABNT NBR 10351,COM DIAMETRO NOMINAL DE 100MM, INCLUSIVE ANEIS DE BORRACHA. FORNECIMENTO","UN",66.66,null,"06.270.0088-A","LUVA SIMPLES PVC-PBA,CONFORME ABNT NBR 10351,COM DIAMETRO NOMINAL DE 100MM, INCLUSIVE ANEIS DE BORRACHA. FORNECIMENTO","UN",66.66]
["06.270.0103-0","TE PVC-PBA,CONFORME ABNT NBR 10351,BBB,COM DIAMETROS NOMINAIS DE 75MMX75MM, INCLUSIVE ANEIS DE BORRACHA. FORNECIMENTO","UN",66.040000000000006,null,"06.270.0103-A","TE PVC-PBA,CONFORME ABNT NBR 10351,BBB,COM DIAMETROS NOMINAIS DE 75MMX75MM, INCLUSIVE ANEIS DE BORRACHA. FORNECIMENTO","UN",66.040000000000006]
["06.270.0104-0","TE PVC-PBA,CONFORME ABNT NBR 10351,BBB,COM DIAMETROS NOMINAIS DE 100MMX50MM, INCLUSIVE ANEIS DE BORRACHA. FORNECIMENTO","UN",86.82,null,"06.270.0104-A","TE PVC-PBA,CONFORME ABNT NBR 10351,BBB,COM DIAMETROS NOMINAIS DE 100MMX50MM, INCLUSIVE ANEIS DE BORRACHA. FORNECIMENTO","UN",86.82]
["06.271.0010-0","TUBO PVC-DEFOFO,PARA ADUCAO E DISTRIBUICAO DE AGUAS,COM DIAMETRO NOMINAL DE 100MM,INCLUSIVE ANEL DE BORRACHA.FORNECIMENTO","M",62.99,null,"06.271.0010-A","TUBO PVC-DEFOFO,PARA ADUCAO E DISTRIBUICAO DE AGUAS,COM DIAMETRO NOMINAL DE 100MM,INCLUSIVE ANEL DE BORRACHA.FORNECIMENTO","M",62.99]
["06.271.0013-0","TUBO PVC-DEFOFO,PARA ADUCAO E DISTRIBUICAO DE AGUAS,COM DIAMETRO NOMINAL DE 250MM,INCLUSIVE ANEL DE BORRACHA.FORNECIMENTO","M",337.03,null,"06.271.0013-A","TUBO PVC-DEFOFO,PARA ADUCAO E DISTRIBUICAO DE AGUAS,COM DIAMETRO NOMINAL DE 250MM,INCLUSIVE ANEL DE BORRACHA.FORNECIMENTO","M",337.03]
["06.271.0025-0","LUVA DE CORRER PVC-DEFOFO,CONFORME ABNT NBR 10569,COM DIAMETRO NOMINAL DE 300MM,INCLUSIVE ANEIS DE BORRACHA.FORNECIMENTO","UN",614.28,null,"06.271.0025-A","LUVA DE CORRER PVC-DEFOFO,CONFORME ABNT NBR 10569,COM DIAMETRO NOMINAL DE 300MM,INCLUSIVE ANEIS DE BORRACHA.FORNECIMENTO","UN",614.28]
["06.271.0050-0","TUBO DE PVC RIGIDO,ROSQUEAVEL,PARA AGUA FRIA,COM DIAMETRO DE1/2\".FORNECIMENTO","M",8.85,null,"06.271.0050-A","TUBO DE PVC RIGIDO,ROSQUEAVEL,PARA AGUA FRIA,COM DIAMETRO DE1/2\".FORNECIMENTO","M",8.85]
["06.271.0060-0","TUBO DE PVC RIGIDO SOLDAVEL,PARA AGUA FRIA, COM DIAMETRO DE20MM.FORNECIMENTO","M",3.04,null,"06.271.0060-A","TUBO DE PVC RIGIDO SOLDAVEL,PARA AGUA FRIA, COM DIAMETRO DE20MM.FORNECIMENTO","M",3.04]
["06.271.0065-0","TUBO DE PVC RIGIDO SOLDAVEL,PARA AGUA FRIA, COM DIAMETRO DE60MM.FORNECIMENTO","M",20.75,null,"06.271.0065-A","TUBO DE PVC RIGIDO SOLDAVEL,PARA AGUA FRIA, COM DIAMETRO DE60MM.FORNECIMENTO","M",20.75]
["06.272.0003-0","TUBO PVC,CONFORME ABNT NBR-7362,PARA ESGOTO SANITARIO,COM DIAMETRO NOMINAL DE 150MM,INCLUSIVE ANEL DE BORRACHA.FORNECIMENTO","M",49.76,null,"06.272.0003-A","TUBO PVC,CONFORME ABNT NBR-7362,PARA ESGOTO SANITARIO,COM DIAMETRO NOMINAL DE 150MM,INCLUSIVE ANEL DE BORRACHA.FORNECIMENTO","M",49.76]
["06.272.0007-0","TUBO PVC,CONFORME ABNT NBR 7362,PARA ESGOTO SANITARIO,COM DIAMETRO NOMINAL DE 350MM,INCLUSIVE ANEL DE BORRACHA.FORNECIMENTO","M",503.94,null,"06.272.0007-A","TUBO PVC,CONFORME ABNT NBR 7362,PARA ESGOTO SANITARIO,COM DIAMETRO NOMINAL DE 350MM,INCLUSIVE ANEL DE BORRACHA.FORNECIMENTO","M",503.94]
["06.272.0022-0","CURVA DE PVC PARA REDE DE ESGOTO,CONFORME ABNT NBR 10569,DE45º,PB,COM DIAMETRO NOMINAL DE 150MM,INCLUSIVE ANEL DE BORRACHA.FORNECIMENTO","UN",58.35,null,"06.272.0022-A","CURVA DE PVC PARA REDE DE ESGOTO,CONFORME ABNT NBR 10569,DE45º,PB,COM DIAMETRO NOMINAL DE 150MM,INCLUSIVE ANEL DE BORRACHA.FORNECIMENTO","UN",58.35]
["06.272.0032-0","PLUG DE PVC PARA REDE DE ESGOTO,CONFORME ABNT NBR 10569,COMDIAMETRO NOMINAL DE 100MM. FORNECIMENTO","UN",10.199999999999999,null,"06.272.0032-A","PLUG DE PVC PARA REDE DE ESGOTO,CONFORME ABNT NBR 10569,COMDIAMETRO NOMINAL DE 100MM. FORNECIMENTO","UN",10.199999999999999]
["06.273.0002-0","TUBO FLEXIVEL ESTRUTURADO DE PVC,PARA AGUAS PLUVIAIS,INCLUSIVE JUNTAS,COM DIAMETRO DE 400MM. FORNECIMENTO","M",176.65,null,"06.273.0002-A","TUBO FLEXIVEL ESTRUTURADO DE PVC,PARA AGUAS PLUVIAIS,INCLUSIVE JUNTAS,COM DIAMETRO DE 400MM. FORNECIMENTO","M",176.65]
["06.273.0003-0","TUBO FLEXIVEL ESTRUTURADO DE PVC,PARA AGUAS PLUVIAIS,INCLUSIVE JUNTAS,COM DIAMETRO DE 500MM. FORNECIMENTO","M",253.43,null,"06.273.0003-A","TUBO FLEXIVEL ESTRUTURADO DE PVC,PARA AGUAS PLUVIAIS,INCLUSIVE JUNTAS,COM DIAMETRO DE 500MM. FORNECIMENTO","M",253.43]
["06.273.0008-0","TUBO FLEXIVEL ESTRUTURADO DE PVC,PARA AGUAS PLUVIAIS,INCLUSIVE JUNTAS,COM DIAMETRO DE 1000MM. FORNECIMENTO","M",681.04,null,"06.273.0008-A","TUBO FLEXIVEL ESTRUTURADO DE PVC,PARA AGUAS PLUVIAIS,INCLUSIVE JUNTAS,COM DIAMETRO DE 1000MM. FORNECIMENTO","M",681.04]
["06.273.0011-0","TUBO FLEXIVEL ESTRUTURADO DE PVC,PARA AGUAS PLUVIAIS,INCLUSIVE JUNTAS,COM DIAMETRO DE 1500MM. FORNECIMENTO","M",1583.53,null,"06.273.0011-A","TUBO FLEXIVEL ESTRUTURADO DE PVC,PARA AGUAS PLUVIAIS,INCLUSIVE JUNTAS,COM DIAMETRO DE 1500MM. FORNECIMENTO","M",1583.53]
["06.275.0020-0","TE DE PVC-PBA,COM TRES BOLSAS DE JUNTA ELASTICA, DIAMETRO NOMINAL DE 50MM. FORNECIMENTO","UN",25.29,null,"06.275.0020-A","TE DE PVC-PBA,COM TRES BOLSAS DE JUNTA ELASTICA, DIAMETRO NOMINAL DE 50MM. FORNECIMENTO","UN",25.29]
["06.275.0021-0","TE DE PVC-PBA,COM TRES BOLSAS DE JUNTA ELASTICA, DIAMETRO NOMINAL DE 75MM. FORNECIMENTO","UN",66.040000000000006,null,"06.275.0021-A","TE DE PVC-PBA,COM TRES BOLSAS DE JUNTA ELASTICA, DIAMETRO NOMINAL DE 75MM. FORNECIMENTO","UN",66.040000000000006]
["06.300.0004-0","TUBO CERAMICO,PARA JUNTA NAO ELASTICA(EB-5),PARA ESGOTO SANITARIO,COM DIAMETRO DE 250MM. FORNECIMENTO","M",140.83000000000001,null,"06.300.0004-A","TUBO CERAMICO,PARA JUNTA NAO ELASTICA(EB-5),PARA ESGOTO SANITARIO,COM DIAMETRO DE 250MM. FORNECIMENTO","M",140.83000000000001]
["06.400.0005-0","MONTAGEM,SEM FORNECIMENTO,DE CONJUNTO MOTO-BOMBA COM POTENCIA ACIMA DE 100CV,ATE 400CV, COMPREENDENDO TODOS OS SERVICOSDE MANUSEIO,ALINHAMENTO,FIXACAO E LIGACOES,INCLUSIVE FORNECIMENTO DE CHUMBADORES E CONECTORES ELETRICOS","UN",2771.23,null,"06.400.0005-A","MONTAGEM,SEM FORNECIMENTO,DE CONJUNTO MOTO-BOMBA COM POTENCIA ACIMA DE 100CV,ATE 400CV, COMPREENDENDO TODOS OS SERVICOSDE MANUSEIO,ALINHAMENTO,FIXACAO E LIGACOES,INCLUSIVE FORNECIMENTO DE CHUMBADORES E CONECTORES ELETRICOS","UN",2594.0700000000002]
["06.400.0013-0","MONTAGEM,SEM FORNECIMENTO,DE PAINEL DE PARTIDA PARA CONJUNTOACIMA DE 40CV,ATE 100CV,INCLUSIVE FORNECIMENTO DE MATERIAISPARA FIXACAO E LIGACAO","UN",936.52,null,"06.400.0013-A","MONTAGEM,SEM FORNECIMENTO,DE PAINEL DE PARTIDA PARA CONJUNTOACIMA DE 40CV,ATE 100CV,INCLUSIVE FORNECIMENTO DE MATERIAISPARA FIXACAO E LIGACAO","UN",874.1]
["06.400.0020-0","MONTAGEM,SEM FORNECIMENTO,DE CONJUNTO DE RECALQUE DE AGUA,SUBTERRANEO(PADRAO CEDAE),COMPREENDENDO OS SERVICOS DE MANUSEIO,COLOCACAO NA VALA,ALINHAMENTO E LIGACOES DO CONJUNTO HIDRAULICO,INSTALACAO DO PAINEL DE COMANDO EM POSTE E RESPECTIVASLIGACOES","UN",1588.27,null,"06.400.0020-A","MONTAGEM,SEM FORNECIMENTO,DE CONJUNTO DE RECALQUE DE AGUA,SUBTERRANEO(PADRAO CEDAE),COMPREENDENDO OS SERVICOS DE MANUSEIO,COLOCACAO NA VALA,ALINHAMENTO E LIGACOES DO CONJUNTO HIDRAULICO,INSTALACAO DO PAINEL DE COMANDO EM POSTE E RESPECTIVASLIGACOES","UN",1496.08]
["06.502.0020-0","SEIXOS ROLADOS PARA FILTROS DE TRATAMENTO DE AGUA,DE 3/4\" A3/8\" (19,1 A 9,5)MM.FORNECIMENTO","M3",2029.1,null,"06.502.0020-A","SEIXOS ROLADOS PARA FILTROS DE TRATAMENTO DE AGUA,DE 3/4\" A3/8\" (19,1 A 9,5)MM.FORNECIMENTO","M3",2029.1]
["07.001.0020-1","PASTA DE CAL","M3",1017.67,null,"07.001.0020-B","PASTA DE CAL","M3",1004.41]
["07.001.0045-1","ARGAMASSA DE CIMENTO E AREIA NO TRACO 1:2,PREPARO MANUAL","M3",756.46,null,"07.001.0045-B","ARGAMASSA DE CIMENTO E AREIA NO TRACO 1:2,PREPARO MANUAL","M3",740.26]
["07.001.0055-1","ARGAMASSA DE CIMENTO E AREIA NO TRACO 1:4,PREPARO MANUAL","M3",659.21,null,"07.001.0055-B","ARGAMASSA DE CIMENTO E AREIA NO TRACO 1:4,PREPARO MANUAL","M3",643.01]
["07.001.0080-1","ARGAMASSA DE CIMENTO E PO-DE-PEDRA,NO TRACO 1:4,PREPARO MANUAL","M3",637.45000000000005,null,"07.001.0080-B","ARGAMASSA DE CIMENTO E PO-DE-PEDRA,NO TRACO 1:4,PREPARO MANUAL","M3",621.25]
["07.001.0095-1","ARGAMASSA DE CIMENTO BRANCO,CAL E PO-DE-MARMORE,NO TRACO 1:1:3,PREPARO MANUAL","M3",1933.69,null,"07.001.0095-B","ARGAMASSA DE CIMENTO BRANCO,CAL E PO-DE-MARMORE,NO TRACO 1:1:3,PREPARO MANUAL","M3",1917.49]
["07.001.0135-1","ARGAMASSA DE CIMENTO,SAIBRO E AREIA,NO TRACO 1:3:5,PREPAROMANUAL","M3",607.28,null,"07.001.0135-B","ARGAMASSA DE CIMENTO,SAIBRO E AREIA,NO TRACO 1:3:5,PREPAROMANUAL","M3",591.08000000000004]
["07.001.0140-1","ARGAMASSA DE CIMENTO,CAL,SAIBRO E AREIA,NO TRACO 1:2:4:4,PREPARO MANUAL","M3",642.11,null,"07.001.0140-B","ARGAMASSA DE CIMENTO,CAL,SAIBRO E AREIA,NO TRACO 1:2:4:4,PREPARO MANUAL","M3",625.91]
["07.002.0010-1","ARGAMASSA DE CIMENTO E AREIA,NO TRACO 1:1,PREPARO MECANICO","M3",651.22,null,"07.002.0010-B","ARGAMASSA DE CIMENTO E AREIA,NO TRACO 1:1,PREPARO MECANICO","M3",648.28]
["07.002.0040-1","ARGAMASSA DE CIMENTO E AREIA,NO TRACO 1:6,PREPARO MECANICO","M3",478.61,null,"07.002.0040-B","ARGAMASSA DE CIMENTO E AREIA,NO TRACO 1:6,PREPARO MECANICO","M3",471.69]
["07.005.0015-1","ARGAMASSA DE CIMENTO,CAL E AREIA FINA,NO TRACO 1:3:8,PREPAROMECANICO","M3",661.29,null,"07.005.0015-B","ARGAMASSA DE CIMENTO,CAL E AREIA FINA,NO TRACO 1:3:8,PREPAROMECANICO","M3",650.25]
["07.005.0020-1","ARGAMASSA DE CIMENTO BRANCO,CAL E PO-DE-MARMORE,NO TRACO 1:1:3,PREPARO MECANICO","M3",1780.45,null,"07.005.0020-B","ARGAMASSA DE CIMENTO BRANCO,CAL E PO-DE-MARMORE,NO TRACO 1:1:3,PREPARO MECANICO","M3",1775.08]
["07.006.0020-1","ARGAMASSA DE CIMENTO E SAIBRO,NO TRACO 1:6,PREPARO MECANICO","M3",404.12,null,"07.006.0020-B","ARGAMASSA DE CIMENTO E SAIBRO,NO TRACO 1:6,PREPARO MECANICO","M3",397.2]
["07.007.0025-1","ARGAMASSA DE CIMENTO,SAIBRO E AREIA,NO TRACO 1:3:5,PREPAROMECANICO","M3",470.21,null,"07.007.0025-B","ARGAMASSA DE CIMENTO,SAIBRO E AREIA,NO TRACO 1:3:5,PREPAROMECANICO","M3",461.67]
["07.030.0010-1","ENCHIMENTO DE AREIA,INCLUSIVE FORNECIMENTO DESTA,POR MEIO DEBOMBA","M3",241.1,null,"07.030.0010-B","ENCHIMENTO DE AREIA,INCLUSIVE FORNECIMENTO DESTA,POR MEIO DEBOMBA","M3",237.76]
["07.150.0010-1","INJECAO PARA TRATAMENTO DE SOLO DE FUNDACAO COM RESINA EPOXICA OU OUTROS MATERIAIS QUIMICOS,EXCLUSIVE O FORNECIMENTO DOSMESMOS.CUSTO POR KG DE MATERIAL OU MISTURA","KG",70.44,null,"07.150.0010-B","INJECAO PARA TRATAMENTO DE SOLO DE FUNDACAO COM RESINA EPOXICA OU OUTROS MATERIAIS QUIMICOS,EXCLUSIVE O FORNECIMENTO DOSMESMOS.CUSTO POR KG DE MATERIAL OU MISTURA","KG",67.66]
["07.160.0020-1","APLICACAO DE RESINA EPOXICA EM COLAGEM DE PECAS DE CONCRETO,INCLUSIVE PREPARO DO LOCAL E FORNECIMENTO DE MATERIAL.CUSTOPOR KG DE RESINA UTILIZADA","KG",89.51,null,"07.160.0020-B","APLICACAO DE RESINA EPOXICA EM COLAGEM DE PECAS DE CONCRETO,INCLUSIVE PREPARO DO LOCAL E FORNECIMENTO DE MATERIAL.CUSTOPOR KG DE RESINA UTILIZADA","KG",87.99]
["08.001.0004-0","BASE DE BRITA GRADUADA,COM ADICAO DE 3% DE CIMENTO,UTILIZANDO DISTRIBUIDORA DE AGREGADOS,MEDIDA APOS A COMPACTACAO,INCLUSIVE FORNECIMENTO DOS MATERIAS","M3",322.11,null,"08.001.0004-A","BASE DE BRITA GRADUADA,COM ADICAO DE 3% DE CIMENTO,UTILIZANDO DISTRIBUIDORA DE AGREGADOS,MEDIDA APOS A COMPACTACAO,INCLUSIVE FORNECIMENTO DOS MATERIAS","M3",321.73]
["08.001.0008-0","BASE DE BRITA CORRIDA,INCLUSIVE FORNECIMENTO DOS MATERIAIS,MEDIDA APOS A COMPACTACAO","M3",201.33,null,"08.001.0008-A","BASE DE BRITA CORRIDA,INCLUSIVE FORNECIMENTO DOS MATERIAIS,MEDIDA APOS A COMPACTACAO","M3",201.05]
["08.003.0006-0","SUB-BASE ESTABILIZADA EM ARGILA,SEM MISTURA DOS MATERIAIS,COM ADITIVO (ESTABILIZADOR LIQUIDO DE SOLOS),EXCLUSIVE FORNECIMENTO DA ARGILA","M3",80.98,null,"08.003.0006-A","SUB-BASE ESTABILIZADA EM ARGILA,SEM MISTURA DOS MATERIAIS,COM ADITIVO (ESTABILIZADOR LIQUIDO DE SOLOS),EXCLUSIVE FORNECIMENTO DA ARGILA","M3",80.72]
["08.004.0003-0","BASE DE SOLO ESTABILIZADO(SOLO+BRITA),COM OS MATERIAIS MISTURADOS NA USINA.O CUSTO INDENIZA A EXECUCAO NA USINA E NA PISTA,E SE APLICA AO VOLUME MEDIDO APOS A COMPACTACAO,INCLUSIVETRANSPORTE DE AGUA, EXCLUSIVE ESCAVACAO, CARGA E TRANSPORTEDOS SOLOS UTILIZADOS E BRITA","M3",24.21,null,"08.004.0003-A","BASE DE SOLO ESTABILIZADO(SOLO+BRITA),COM OS MATERIAIS MISTURADOS NA USINA.O CUSTO INDENIZA A EXECUCAO NA USINA E NA PISTA,E SE APLICA AO VOLUME MEDIDO APOS A COMPACTACAO,INCLUSIVETRANSPORTE DE AGUA, EXCLUSIVE ESCAVACAO, CARGA E TRANSPORTEDOS SOLOS UTILIZADOS E BRITA","M3",23.8]
["08.005.0003-0","BASE DE MACADAME CIMENTADO DE MISTURA PREVIA(CONCRETO MAGRO),TRACO 1:24,DE ACORDO COM AS \"INSTRUCOES PARA EXECUCAO\",DO DER-RJ,INCLUSIVE TRANSPORTE PARA PISTA","M3",779.47,null,"08.005.0003-A","BASE DE MACADAME CIMENTADO DE MISTURA PREVIA(CONCRETO MAGRO),TRACO 1:24,DE ACORDO COM AS \"INSTRUCOES PARA EXECUCAO\",DO DER-RJ,INCLUSIVE TRANSPORTE PARA PISTA","M3",761.88]
["08.006.0011-0","REJUNTAMENTO DE PAVIMENTACAO DE PARALELEPIPEDOS COM BETUME ECASCALHINHO,COM FORNECIMENTO DE TODOS OS MATERIAIS","M2",34.869999999999997,null,"08.006.0011-A","REJUNTAMENTO DE PAVIMENTACAO DE PARALELEPIPEDOS COM BETUME ECASCALHINHO,COM FORNECIMENTO DE TODOS OS MATERIAIS","M2",34.130000000000003]
["08.006.0015-0","REJUNTAMENTO DE ARTEFATO DE CONCRETO,COM ARGAMASSA DE CIMENTO E AREIA NO TRACO 1:3,COM FORNECIMENTO DE TODOS OS MATERIAIS","M2",31.81,null,"08.006.0015-A","REJUNTAMENTO DE ARTEFATO DE CONCRETO,COM ARGAMASSA DE CIMENTO E AREIA NO TRACO 1:3,COM FORNECIMENTO DE TODOS OS MATERIAIS","M2",30.49]
["08.009.0007-0","PAVIMENTACAO COM PARALELEPIPEDOS (EXCLUSIVE TRANSPORTE DO PARALELEPIPEDO) SOBRE COLCHAO DE PO DE PEDRA E REJUNTAMENTO COM BETUME E CASCALHINHO,INCLUSIVE FORNECIMENTO DE TODOS OS MATERIAIS","M2",148.63999999999999,null,"08.009.0007-A","PAVIMENTACAO COM PARALELEPIPEDOS (EXCLUSIVE TRANSPORTE DO PARALELEPIPEDO) SOBRE COLCHAO DE PO DE PEDRA E REJUNTAMENTO COM BETUME E CASCALHINHO,INCLUSIVE FORNECIMENTO DE TODOS OS MATERIAIS","M2",145.75]
["08.012.0001-0","LEVANTAMENTO E REASSENTAMENTO DE MEIO-FIO","M",73.33,null,"08.012.0001-A","LEVANTAMENTO E REASSENTAMENTO DE MEIO-FIO","M",68.44]
["08.013.0010-0","MEIO-FIO EM GRANITO,COM SECAO DE(20X25)CM,FORMATO DE PARALELOGRAMO COM ANGULO DE 83º,SUPERFICIES SEM POLIMENTO COM CHANFRO DE 1CM NA PARTE SUPERIOR,EM UMA DAS FACES,FORNECIMENTO EASSENTAMENTO COM REJUNTAMENTO DE ARGAMASSA DE CIMENTO E AREIA NO TRACO 1:4","M",435.69,null,"08.013.0010-A","MEIO-FIO EM GRANITO,COM SECAO DE(20X25)CM,FORMATO DE PARALELOGRAMO COM ANGULO DE 83º,SUPERFICIES SEM POLIMENTO COM CHANFRO DE 1CM NA PARTE SUPERIOR,EM UMA DAS FACES,FORNECIMENTO EASSENTAMENTO COM REJUNTAMENTO DE ARGAMASSA DE CIMENTO E AREIA NO TRACO 1:4","M",433.44]
["08.015.0004-0","REVESTIMENTO DO TIPO \"TRATAMENTO SUPERFICIAL BETUMINOSO TRIPLO\",DE ACORDO COM AS \"INSTRUCOES PARA EXECUCAO\",DO DER-RJ,INCLUSIVE TRANSPORTE DENTRO DO CANTEIRO","M2",23.24,null,"08.015.0004-A","REVESTIMENTO DO TIPO \"TRATAMENTO SUPERFICIAL BETUMINOSO TRIPLO\",DE ACORDO COM AS \"INSTRUCOES PARA EXECUCAO\",DO DER-RJ,INCLUSIVE TRANSPORTE DENTRO DO CANTEIRO","M2",23.1]
["08.015.0016-0","CAPA SELANTE COMPREENDENDO APLICACAO DE ASFALTO NA PROPORCAODE 0,7 A 1,5L/M2,DISTRIBUICAO DE AGREGADO(5 A 15KG/M2)E COMPACTACAO COM ROLO LEVE","M2",6.42,null,"08.015.0016-A","CAPA SELANTE COMPREENDENDO APLICACAO DE ASFALTO NA PROPORCAODE 0,7 A 1,5L/M2,DISTRIBUICAO DE AGREGADO(5 A 15KG/M2)E COMPACTACAO COM ROLO LEVE","M2",6.41]
["08.015.0040-0","REVESTIMENTO DE CONCRETO BETUMINOSO USINADO A QUENTE,COM 8CMDE ESPESSURA,EXECUTADO EM 2 CAMADAS,SENDO A INFERIOR DE LIGACAO(\"BINDER\"),COM 4CM DE ESPESSURA E A SUPERIOR DE ROLAMENTO,DE ACORDO COM AS \"INSTRUCOES PARA EXECUCAO\",DO DER-RJ,EXCLUSIVE TRANSPORTE DA USINA PARA A PISTA","M2",92.08,null,"08.015.0040-A","REVESTIMENTO DE CONCRETO BETUMINOSO USINADO A QUENTE,COM 8CMDE ESPESSURA,EXECUTADO EM 2 CAMADAS,SENDO A INFERIOR DE LIGACAO(\"BINDER\"),COM 4CM DE ESPESSURA E A SUPERIOR DE ROLAMENTO,DE ACORDO COM AS \"INSTRUCOES PARA EXECUCAO\",DO DER-RJ,EXCLUSIVE TRANSPORTE DA USINA PARA A PISTA","M2",91.69]
["08.015.0067-0","REVESTIMENTO DE CONCRETO BETUMINOSO USINADO A QUENTE,IMPORTADO DE USINA,EXECUTADO EM UMA CAMADA,DE ACORDO COM AS INSTRUCOES/ESPECIFICACOES DO CONTRATANTE,COMPREENDENDO PREPARO,ESPALHAMENTO E COMPACATACAO MECANICOS E OS MATERIAIS,EXCLUSIVE TRANSPORTE DA USINA PARA PISTA","T",591.1,null,"08.015.0067-A","REVESTIMENTO DE CONCRETO BETUMINOSO USINADO A QUENTE,IMPORTADO DE USINA,EXECUTADO EM UMA CAMADA,DE ACORDO COM AS INSTRUCOES/ESPECIFICACOES DO CONTRATANTE,COMPREENDENDO PREPARO,ESPALHAMENTO E COMPACATACAO MECANICOS E OS MATERIAIS,EXCLUSIVE TRANSPORTE DA USINA PARA PISTA","T",588.37]
["08.015.0068-0","REVESTIMENTO DE CONCRETO BETUMINOSO USINADO A QUENTE,IMPORTADO DE USINA,EXECUTADO EM UMA CAMADA,DE ACORDO COM AS INSTRUCOES/ESPECIFICACOES DO CONTRATANTE,COMPREENDENDO O PREPARO EOS MATERIAIS,EXCLUSIVE ESPALHAMENTO,COMPACTACAO (VIDE FAMILIA 08.037) E O TRANSPORTE DA USINA PARA PISTA","T",561.79,null,"08.015.0068-A","REVESTIMENTO DE CONCRETO BETUMINOSO USINADO A QUENTE,IMPORTADO DE USINA,EXECUTADO EM UMA CAMADA,DE ACORDO COM AS INSTRUCOES/ESPECIFICACOES DO CONTRATANTE,COMPREENDENDO O PREPARO EOS MATERIAIS,EXCLUSIVE ESPALHAMENTO,COMPACTACAO (VIDE FAMILIA 08.037) E O TRANSPORTE DA USINA PARA PISTA","T",559.88]
["08.015.0087-0","EXECUCAO DE MEMBRANA ABSORCAO DE ESFORCOS(SAMI-R),UTILIZANDOLIGANTE DE ASFALTO-BORRACHA,APLICADO A APROXIMADAMENTE 170°C,COM VISCOSIDADE DE 3500 CP E TAXA DE 2,8L/M2,EXCLUSIVE FORNECIMENTO DO LIGANTE","M2",4.97,null,"08.015.0087-A","EXECUCAO DE MEMBRANA ABSORCAO DE ESFORCOS(SAMI-R),UTILIZANDOLIGANTE DE ASFALTO-BORRACHA,APLICADO A APROXIMADAMENTE 170°C,COM VISCOSIDADE DE 3500 CP E TAXA DE 2,8L/M2,EXCLUSIVE FORNECIMENTO DO LIGANTE","M2",4.93]
["08.015.0095-0","REVESTIMENTO DE CONCRETO ASFALTICO,COM POLIMERO,USINADO A QUENTE COM 7CM DE ESPESSURA,EXECUTADO COM VIBROACABADORA COM CONTROLE ELETRONICO E MESA EXTENSIVA DE NO MINIMO 7M","M2",86.73,null,"08.015.0095-A","REVESTIMENTO DE CONCRETO ASFALTICO,COM POLIMERO,USINADO A QUENTE COM 7CM DE ESPESSURA,EXECUTADO COM VIBROACABADORA COM CONTROLE ELETRONICO E MESA EXTENSIVA DE NO MINIMO 7M","M2",86.46]
["08.015.0350-0","MISTURA BETUMINOSA UTILIZANDO BMB,TIPO \"OPEN GRADED\" OU \"GAPGRADED\",CONSIDERANDO APENAS A USINAGEM","T",128.19,null,"08.015.0350-A","MISTURA BETUMINOSA UTILIZANDO BMB,TIPO \"OPEN GRADED\" OU \"GAPGRADED\",CONSIDERANDO APENAS A USINAGEM","T",126.66]
["08.015.0360-0","PRODUCAO DE LIGANTE MODIFICADO DE ASFALTO-BORRACHA(BMB)\"IN SITU\" TIPO \"FIELD BLEND\",COM UTILIZACAO DE BORRACHA RECICLADACOMO POLIMERO,NA PROPORCAO DE 20% DE PO-DE-BORRACHA EM PESO,EM CONFORMIDADE COM ASTM 6114,ASTM D8 E COM A RESOLUCAO 19/2005 DE 11/7/2005 DA ANP","T",4533.1899999999996,null,"08.015.0360-A","PRODUCAO DE LIGANTE MODIFICADO DE ASFALTO-BORRACHA(BMB)\"IN SITU\" TIPO \"FIELD BLEND\",COM UTILIZACAO DE BORRACHA RECICLADACOMO POLIMERO,NA PROPORCAO DE 20% DE PO-DE-BORRACHA EM PESO,EM CONFORMIDADE COM ASTM 6114,ASTM D8 E COM A RESOLUCAO 19/2005 DE 11/7/2005 DA ANP","T",4532.4399999999996]
["08.016.0002-0","AREIA-ASFALTO,A FRIO,DE ACORDO COM AS \"INSTRUCOES PARA EXECUCAO\",DO DER-RJ.O CUSTO INDENIZA AS OPERACOES DE EXECUCAO,FORNECIMENTO E TRANSPORTE DOS MATERIAIS EMPREGADOS,E SE APLICAAO VOLUME EXECUTADO MEDIDO APOS A COMPRESSAO","M3",997.69,null,"08.016.0002-A","AREIA-ASFALTO,A FRIO,DE ACORDO COM AS \"INSTRUCOES PARA EXECUCAO\",DO DER-RJ.O CUSTO INDENIZA AS OPERACOES DE EXECUCAO,FORNECIMENTO E TRANSPORTE DOS MATERIAIS EMPREGADOS,E SE APLICAAO VOLUME EXECUTADO MEDIDO APOS A COMPRESSAO","M3",994.25]
["08.018.0010-0","REVESTIMENTO DE SAIBRO,EXECUTADO MECANICAMENTE,COMPRIMIDO EMCAMADA,COM SAIBRO MELHORADO COM CIMENTO, SENDO A PROPORCAODE 5% EM VOLUME(72KG/M3)INCLUSIVE FORNECIMENTO E TRANSPORTEDOS MATERIAIS,SENDO A CAMADA MEDIDA APOS A COMPACTACAO","M3",175.34,null,"08.018.0010-A","REVESTIMENTO DE SAIBRO,EXECUTADO MECANICAMENTE,COMPRIMIDO EMCAMADA,COM SAIBRO MELHORADO COM CIMENTO, SENDO A PROPORCAODE 5% EM VOLUME(72KG/M3)INCLUSIVE FORNECIMENTO E TRANSPORTEDOS MATERIAIS,SENDO A CAMADA MEDIDA APOS A COMPACTACAO","M3",174.88]
["08.019.0002-0","JUNTA DE RETRACAO EM REVESTIMENTO DE PLACAS DE CONCRETO,EXCLUSIVE BARRA DE LIGACAO(LIGADORES)","M",9.4700000000000006,null,"08.019.0002-A","JUNTA DE RETRACAO EM REVESTIMENTO DE PLACAS DE CONCRETO,EXCLUSIVE BARRA DE LIGACAO(LIGADORES)","M",8.8800000000000008]
["08.019.0010-0","LIMPEZA E PREENCHIMENTO DE JUNTA DE RETRACAO,COM ASFALTO DILUIDO CM-30,EXCLUSIVE CORTE,BARRAS DE LIGACAO E DE TRANSFERENCIA","M",5.85,null,"08.019.0010-A","LIMPEZA E PREENCHIMENTO DE JUNTA DE RETRACAO,COM ASFALTO DILUIDO CM-30,EXCLUSIVE CORTE,BARRAS DE LIGACAO E DE TRANSFERENCIA","M",5.55]
["08.020.0012-0","PAVIMENTACAO INTERTRAVADA DE LAJOTAS DE CONCRETO,PRE-FABRICADAS,COR NATURAL,COM ESPESSURA DE 10CM,RESISTENCIA A COMPRESSAO DE 35MPA,CONFORME ABNT NBR 15953,EXCLUSIVE O PREPARO DO SUBLEITO E BASE","M2",124.92,null,"08.020.0012-A","PAVIMENTACAO INTERTRAVADA DE LAJOTAS DE CONCRETO,PRE-FABRICADAS,COR NATURAL,COM ESPESSURA DE 10CM,RESISTENCIA A COMPRESSAO DE 35MPA,CONFORME ABNT NBR 15953,EXCLUSIVE O PREPARO DO SUBLEITO E BASE","M2",122.89]
["08.020.0030-0","ASSENTAMENTO DE ARTEFATO DE CONCRETO,SOBRE COLCHAO DE PO-DE-PEDRA,AREIA OU MATERIAL EQUIVALENTE,COM FORNECIMENTO DE TODOS OS MATERIAIS,EXCLUSIVE O ARTEFATO DE CONCRETO,INCLUSIVE REJUNTAMENTO","M2",73.7,null,"08.020.0030-A","ASSENTAMENTO DE ARTEFATO DE CONCRETO,SOBRE COLCHAO DE PO-DE-PEDRA,AREIA OU MATERIAL EQUIVALENTE,COM FORNECIMENTO DE TODOS OS MATERIAIS,EXCLUSIVE O ARTEFATO DE CONCRETO,INCLUSIVE REJUNTAMENTO","M2",71.78]
["08.022.0002-0","REGULARIZACAO DE PAVIMENTACAO COM APROVEITAMENTO DO PAVIMENTO EXISTENTE,COM CAMADA DE CONCRETO BETUMINOSO,DE ACORDO COMAS \"INSTRUCOES PARA EXECUCAO\",DO DER-RJ","M3",1132.4100000000001,null,"08.022.0002-A","REGULARIZACAO DE PAVIMENTACAO COM APROVEITAMENTO DO PAVIMENTO EXISTENTE,COM CAMADA DE CONCRETO BETUMINOSO,DE ACORDO COMAS \"INSTRUCOES PARA EXECUCAO\",DO DER-RJ","M3",1126.95]
["08.024.0002-0","ESPALHAMENTO MANUAL DE CONCRETO ASFALTICO EM CAMADAS (SOMENTE MAO DE OBRA),CONSIDERADO NESTE ITEM: A)CONCRETO ASFALTICOJUNTO AO LOCAL DE APLICACAO; B)BASE JA PREPARADA; C)EXCLUIDOO FORNECIMENTO DO CONCRETO","T",55.55,null,"08.024.0002-A","ESPALHAMENTO MANUAL DE CONCRETO ASFALTICO EM CAMADAS (SOMENTE MAO DE OBRA),CONSIDERADO NESTE ITEM: A)CONCRETO ASFALTICOJUNTO AO LOCAL DE APLICACAO; B)BASE JA PREPARADA; C)EXCLUIDOO FORNECIMENTO DO CONCRETO","T",51.83]
["08.027.0036-0","MEIO-FIO CURVO DE CONCRETO SIMPLES FCK=15MPA,MOLDADO NO LOCAL,TIPO DER-RJ,MEDINDO 0,15M NA BASE E COM ALTURA DE 0,45M,REJUNTAMENTO COM ARGAMASSA DE CIMENTO E AREIA,NO TRACO 1:3,5,COM FORNECIMENTO DE TODOS OS MATERIAIS,ESCAVACAO E REATERRO","M",146.54,null,"08.027.0036-A","MEIO-FIO CURVO DE CONCRETO SIMPLES FCK=15MPA,MOLDADO NO LOCAL,TIPO DER-RJ,MEDINDO 0,15M NA BASE E COM ALTURA DE 0,45M,REJUNTAMENTO COM ARGAMASSA DE CIMENTO E AREIA,NO TRACO 1:3,5,COM FORNECIMENTO DE TODOS OS MATERIAIS,ESCAVACAO E REATERRO","M",140.94]
["08.027.0045-0","SARJETA E MEIO FIO CONJUGADO CURVO,DE CONCRETO SIMPLES FCK=15MPA,MOLDADO NO LOCAL,TIPO DER-RJ,MEDINDO 0,65M DE BASE E COM ALTURA DE 0,30M,REJUNTAMENTO DE ARGAMASSA DE CIMENTO E AREIA,NO TRACO 1:3,5,COM FORNECIMENTO DE TODOS OS MATERIAIS","M",182.71,null,"08.027.0045-A","SARJETA E MEIO FIO CONJUGADO CURVO,DE CONCRETO SIMPLES FCK=15MPA,MOLDADO NO LOCAL,TIPO DER-RJ,MEDINDO 0,65M DE BASE E COM ALTURA DE 0,30M,REJUNTAMENTO DE ARGAMASSA DE CIMENTO E AREIA,NO TRACO 1:3,5,COM FORNECIMENTO DE TODOS OS MATERIAIS","M",176.46]
["08.027.0051-0","SARJETA E MEIO-FIO CONJUGADO RETO,DE CONCRETO SIMPLES FCK=15MPA,PRE-MOLDADO,TIPO DER-RJ,MEDINDO 0,65M DE BASE E COM ALTURA DE 0,30M,REJUNTAMENTO DE ARGAMASSA DE CIMENTO E AREIA,NOTRACO 1:3,5,COM FORNECIMENTO DE TODOS OS MATERIAIS","M",160.12,null,"08.027.0051-A","SARJETA E MEIO-FIO CONJUGADO RETO,DE CONCRETO SIMPLES FCK=15MPA,PRE-MOLDADO,TIPO DER-RJ,MEDINDO 0,65M DE BASE E COM ALTURA DE 0,30M,REJUNTAMENTO DE ARGAMASSA DE CIMENTO E AREIA,NOTRACO 1:3,5,COM FORNECIMENTO DE TODOS OS MATERIAIS","M",153.97]
["08.027.0066-0","SARJETA E MEIO-FIO CONJUGADO CURVO,DE CONCRETO SIMPLES FCK=35MPA,PRE-MOLDADO,TIPO DER-RJ,MEDINDO 0,65M DE BASE E COM ALTURA DE 0,30M,REJUNTAMENTO DE ARGAMASSA DE CIMENTO E AREIA,NO TRACO 1:3,5,COM FORNECIMENTO DE TODOS OS MATERIAIS","M",197.91,null,"08.027.0066-A","SARJETA E MEIO-FIO CONJUGADO CURVO,DE CONCRETO SIMPLES FCK=35MPA,PRE-MOLDADO,TIPO DER-RJ,MEDINDO 0,65M DE BASE E COM ALTURA DE 0,30M,REJUNTAMENTO DE ARGAMASSA DE CIMENTO E AREIA,NO TRACO 1:3,5,COM FORNECIMENTO DE TODOS OS MATERIAIS","M",191.14]
["08.027.0079-0","SARJETA E MEIO-FIO CONJUGADO CURVO,DE CONCRETO SIMPLES FCK =15MPA,MOLDADO NO LOCAL,TIPO DER-RJ,MEDINDO 0,45M DE BASE E0,30M DE ALTURA,REJUNTAMENTO COM ARGAMASSA DE CIMENTO E AREIA,NO TRACO 1:3,5,COM FORNECIMENTO DE TODOS OS MATERIAIS","M",143.76,null,"08.027.0079-A","SARJETA E MEIO-FIO CONJUGADO CURVO,DE CONCRETO SIMPLES FCK =15MPA,MOLDADO NO LOCAL,TIPO DER-RJ,MEDINDO 0,45M DE BASE E0,30M DE ALTURA,REJUNTAMENTO COM ARGAMASSA DE CIMENTO E AREIA,NO TRACO 1:3,5,COM FORNECIMENTO DE TODOS OS MATERIAIS","M",138.72]
["08.027.0088-0","SARJETA E MEIO-FIO CONJUGADO CURVO,DE CONCRETO SIMPLES FCK=35MPA,MOLDADO NO LOCAL,TIPO DER-RJ,MEDINDO 0,45M DE BASE E 0,30M DE ALTURA,REJUNTAMENTO COM ARGAMASSA DE CIMENTO E AREIA,NO TRACO 1:3,5,COM FORNECIMENTO DE TODOS OS MATERIAIS","M",151.66,null,"08.027.0088-A","SARJETA E MEIO-FIO CONJUGADO CURVO,DE CONCRETO SIMPLES FCK=35MPA,MOLDADO NO LOCAL,TIPO DER-RJ,MEDINDO 0,45M DE BASE E 0,30M DE ALTURA,REJUNTAMENTO COM ARGAMASSA DE CIMENTO E AREIA,NO TRACO 1:3,5,COM FORNECIMENTO DE TODOS OS MATERIAIS","M",146.62]
["08.027.0102-0","SARJETA E MEIO-FIO CONJUGADO RETO,DE CONCRETO SIMPLES COLORIDO FCK=35MPA,PRE-MOLDADO,TIPO DER-RJ,MEDINDO 0,45M DE BASE E0,30M DE ALTURA,REJUNTAMENTO COM ARGAMASSA DE CIMENTO E AREIA,NO TRACO 1:3,5,COM FORNECIMENTO DE TODOS OS MATERIAIS","M",138.71,null,"08.027.0102-A","SARJETA E MEIO-FIO CONJUGADO RETO,DE CONCRETO SIMPLES COLORIDO FCK=35MPA,PRE-MOLDADO,TIPO DER-RJ,MEDINDO 0,45M DE BASE E0,30M DE ALTURA,REJUNTAMENTO COM ARGAMASSA DE CIMENTO E AREIA,NO TRACO 1:3,5,COM FORNECIMENTO DE TODOS OS MATERIAIS","M",134.16]
["08.028.0010-0","GUIA DE CONCRETO ARMADO,DESTINADO AO ENCUNHAMENTO DE PAVIMENTACAO EM PARALELOS,EM LOGRADOURO COM DECLIVIDADE DO GREIDE MAIOR QUE 18%,DE SECAO(0,15X0,40)M,ASSENTADO TRANSVERSALMENTEAO EIXO DA VIA.FORNECIMENTO E ASSENTAMENTO","M",268.43,null,"08.028.0010-A","GUIA DE CONCRETO ARMADO,DESTINADO AO ENCUNHAMENTO DE PAVIMENTACAO EM PARALELOS,EM LOGRADOURO COM DECLIVIDADE DO GREIDE MAIOR QUE 18%,DE SECAO(0,15X0,40)M,ASSENTADO TRANSVERSALMENTEAO EIXO DA VIA.FORNECIMENTO E ASSENTAMENTO","M",259.42]
["08.034.0002-0","GUARDA-CORPO EM CONCRETO ARMADO,FCK=15MPA,ACO CA-50,FORMADOPOR QUADROS RETANGULARES DE(1,90X0,50)M SUSTENTADOS POR 2 MONTANTES DE 0,85M DE ALTURA,INCLUSIVE FORNECIMENTO DE MATERIAIS E ELEMENTOS DE FIXACAO NA PONTE","M",235.9,null,"08.034.0002-A","GUARDA-CORPO EM CONCRETO ARMADO,FCK=15MPA,ACO CA-50,FORMADOPOR QUADROS RETANGULARES DE(1,90X0,50)M SUSTENTADOS POR 2 MONTANTES DE 0,85M DE ALTURA,INCLUSIVE FORNECIMENTO DE MATERIAIS E ELEMENTOS DE FIXACAO NA PONTE","M",226.72]
["08.034.0025-0","GUARDA-RODAS DE CONCRETO ARMADO,PREPARADO COM BETONEIRA,FORMA TRAPEZOIDAL,TIPO NEW JERSEY,COM 15CM DE TOPO,38CM DE BASEE 90,50CM DE ALTURA,COMPREENDENDO MATERIAIS,LANCAMENTO,COLOCACAO NA FORMA E ADENSAMENTO MECANICO,ENGASTADO EM SOBRELAJE,EXCLUSIVE ESTA,INCLUSIVE ARMADURA DE ENGASTE","M",800.59,null,"08.034.0025-A","GUARDA-RODAS DE CONCRETO ARMADO,PREPARADO COM BETONEIRA,FORMA TRAPEZOIDAL,TIPO NEW JERSEY,COM 15CM DE TOPO,38CM DE BASEE 90,50CM DE ALTURA,COMPREENDENDO MATERIAIS,LANCAMENTO,COLOCACAO NA FORMA E ADENSAMENTO MECANICO,ENGASTADO EM SOBRELAJE,EXCLUSIVE ESTA,INCLUSIVE ARMADURA DE ENGASTE","M",765.34]
["08.037.0070-0","REVESTIMENTO DE CONCRETO BETUMINOSO USINADO A QUENTE,DE ACORDO COM AS INSTRUCOES/ESPECIFICACOES DO CONTRATANTE,CONSIDERANDO SOMENTE O ESPALHAMENTO COM VIBROACABADORA CONVENCIONALE COMPACTACAO MECANICA","T",29.31,null,"08.037.0070-A","REVESTIMENTO DE CONCRETO BETUMINOSO USINADO A QUENTE,DE ACORDO COM AS INSTRUCOES/ESPECIFICACOES DO CONTRATANTE,CONSIDERANDO SOMENTE O ESPALHAMENTO COM VIBROACABADORA CONVENCIONALE COMPACTACAO MECANICA","T",28.48]
["08.040.0005-0","MEIO-FIO E SARJETA CONJUGADOS,DE CONCRETO USINADO 15MPA,MOLDADO \"IN LOCO\",ATRAVES DE MAQUINA ESPECIAL,MEDINDO EM TORNO DE 0,47M DE BASE E 0,30M DE ALTURA,ACABAMENTO COM ARGAMASSA DE CIMENTO E PO-DE-PEDRA,NO TRACO 1:3,COM FORNECIMENTO DOS MATERIAIS,EXCLUSIVE PREPARO DE BASE E TOPOGRAFIA","M",62.54,null,"08.040.0005-A","MEIO-FIO E SARJETA CONJUGADOS,DE CONCRETO USINADO 15MPA,MOLDADO \"IN LOCO\",ATRAVES DE MAQUINA ESPECIAL,MEDINDO EM TORNO DE 0,47M DE BASE E 0,30M DE ALTURA,ACABAMENTO COM ARGAMASSA DE CIMENTO E PO-DE-PEDRA,NO TRACO 1:3,COM FORNECIMENTO DOS MATERIAIS,EXCLUSIVE PREPARO DE BASE E TOPOGRAFIA","M",61.6]
["08.040.0015-0","MEIO-FIO E SARJETA(LINHA D`AGUA),DE CONCRETO USINADO 15MPA,MOLDADO \"IN LOCO\",ATRAVES DE MAQUINA ESPECIAL,MEDINDO EM TORNO DE 0,30M DE BASE E 0,26M DE ALTURA,ACABAMENTO COM ARGAMASSA DE CIMENTO E PO-DE-PEDRA,NO TRACO 1:3,COM FORNECIMENTO DOSMATERIAIS,EXCLUSIVE PREPARO DE BASE E TOPOGRAFIA","M",38.26,null,"08.040.0015-A","MEIO-FIO E SARJETA(LINHA D`AGUA),DE CONCRETO USINADO 15MPA,MOLDADO \"IN LOCO\",ATRAVES DE MAQUINA ESPECIAL,MEDINDO EM TORNO DE 0,30M DE BASE E 0,26M DE ALTURA,ACABAMENTO COM ARGAMASSA DE CIMENTO E PO-DE-PEDRA,NO TRACO 1:3,COM FORNECIMENTO DOSMATERIAIS,EXCLUSIVE PREPARO DE BASE E TOPOGRAFIA","M",37.68]
["08.050.0004-0","PAVIMENTACAO COM BLOCOS VAZADOS DE CONCRETO,MEDINDO(60X45X7,5)CM,ASSENTES EM CAMADAS DE AREIA GROSSA DE 2CM,EXCLUSIVE PREPARO DE TERRENO.FORNECIMENTO E ASSENTAMENTO","M2",156.66999999999999,null,"08.050.0004-A","PAVIMENTACAO COM BLOCOS VAZADOS DE CONCRETO,MEDINDO(60X45X7,5)CM,ASSENTES EM CAMADAS DE AREIA GROSSA DE 2CM,EXCLUSIVE PREPARO DE TERRENO.FORNECIMENTO E ASSENTAMENTO","M2",155.43]
["09.001.0002-0","PLANTIO DE GRAMA EM PLACAS,TIPO SAO CARLOS,BATATAIS,LARGA ESANTO AGOSTINHO,INCLUSIVE COMPRA E ARRANCAMENTO NO LOCAL DEORIGEM,CARGA,TRANSPORTE,DESCARGA E PREPARO DE TERRENO,PARA RECOMPOSICAO DE AREAS GRAMADAS EVENTUALMENTE DANIFICADAS","M2",27.19,null,"09.001.0002-A","PLANTIO DE GRAMA EM PLACAS,TIPO SAO CARLOS,BATATAIS,LARGA ESANTO AGOSTINHO,INCLUSIVE COMPRA E ARRANCAMENTO NO LOCAL DEORIGEM,CARGA,TRANSPORTE,DESCARGA E PREPARO DE TERRENO,PARA RECOMPOSICAO DE AREAS GRAMADAS EVENTUALMENTE DANIFICADAS","M2",26.29]
["09.001.0030-0","RECOMPOSICAO DE AREAS GRAMADAS EVENTUALMENTE DANIFICADAS,INCLUSIVE FORNECIMENTO DA GRAMA E TRANSPORTE,EXCLUSIVE PREPARODO TERRENO E O MATERIAL PARA ESTE","M2",19.649999999999999,null,"09.001.0030-A","RECOMPOSICAO DE AREAS GRAMADAS EVENTUALMENTE DANIFICADAS,INCLUSIVE FORNECIMENTO DA GRAMA E TRANSPORTE,EXCLUSIVE PREPARODO TERRENO E O MATERIAL PARA ESTE","M2",19.149999999999999]
["09.001.0055-0","PLANTIO DE GRAMINEA E LEGUMINOSAS EM SEMENTES,CONSTANDO DE ANALISE DO SOLO,CORRECAO DO PH,PREPARO DE TERRENO (ESCARIFICACAO E VALETAMENTO),ADUBAGEM QUIMICA E ORGANICA,TRATAMENTO PREVENTIVO DO SOLO COM EMPREGO DE INSETICIDA E IRRIGACAO,INCLUSIVE TRANSPORTE E COBERTURA DE PALHA DE CAPIM DESFIBRADA E APLICACAO DE HIDRO-ASFALTO","M2",16.75,null,"09.001.0055-A","PLANTIO DE GRAMINEA E LEGUMINOSAS EM SEMENTES,CONSTANDO DE ANALISE DO SOLO,CORRECAO DO PH,PREPARO DE TERRENO (ESCARIFICACAO E VALETAMENTO),ADUBAGEM QUIMICA E ORGANICA,TRATAMENTO PREVENTIVO DO SOLO COM EMPREGO DE INSETICIDA E IRRIGACAO,INCLUSIVE TRANSPORTE E COBERTURA DE PALHA DE CAPIM DESFIBRADA E APLICACAO DE HIDRO-ASFALTO","M2",16.100000000000001]
["09.001.0075-0","PLANTIO DE PLANTAS DE COBERTURA FLORIDAS,TIPO MOISES,BELA-EMILIA,ETC,EXCLUSIVE FORNECIMENTO","M2",7.37,null,"09.001.0075-A","PLANTIO DE PLANTAS DE COBERTURA FLORIDAS,TIPO MOISES,BELA-EMILIA,ETC,EXCLUSIVE FORNECIMENTO","M2",6.89]
["09.002.0012-0","PLANTIO EM ENCOSTA DE MUDAS COM 50 A 70CM DE ALTURA,EXCLUSIVE FORNECIMENTO","UN",2.86,null,"09.002.0012-A","PLANTIO EM ENCOSTA DE MUDAS COM 50 A 70CM DE ALTURA,EXCLUSIVE FORNECIMENTO","UN",2.67]
["09.002.0015-0","PLANTIO DE PLANTAS DE COBERTURA VEGETAL,CONSIDERANDO 4 MUDAS/M2,EXCLUSIVE FORNECIMENTO DA PLANTA","M2",2.46,null,"09.002.0015-A","PLANTIO DE PLANTAS DE COBERTURA VEGETAL,CONSIDERANDO 4 MUDAS/M2,EXCLUSIVE FORNECIMENTO DA PLANTA","M2",2.2999999999999998]
["09.002.0032-0","PLANTIO DE GRAMA EM MUDAS,EXCLUSIVE O FORNECIMENTO DO MATERIAL","M2",8.9499999999999993,null,"09.002.0032-A","PLANTIO DE GRAMA EM MUDAS,EXCLUSIVE O FORNECIMENTO DO MATERIAL","M2",8.35]
["09.003.0036-0","ESPECIES VEGETAIS COM APROXIMADAMENTE 40CM DE ALTURA,TIPO ARBUSTO AZALEA (RHODODENDRON SIMSII),ARBUSTO BANANA DE MACACO/GUAIMBE (PHILODENDRON BIPINNATIFIDUM) OU SIMILAR.FORNECIMENTO","UN",15,null,"09.003.0036-A","ESPECIES VEGETAIS COM APROXIMADAMENTE 40CM DE ALTURA,TIPO ARBUSTO AZALEA (RHODODENDRON SIMSII),ARBUSTO BANANA DE MACACO/GUAIMBE (PHILODENDRON BIPINNATIFIDUM) OU SIMILAR.FORNECIMENTO","UN",15]
["09.003.0075-0","ESPECIES VEGETAIS COM APROXIMADAMENTE 1,00M DE ALTURA TIPO PALMEIRA FENIX (PHOENIX ROEBELENII) OU SIMILAR.FORNECIMENTO","UN",20,null,"09.003.0075-A","ESPECIES VEGETAIS COM APROXIMADAMENTE 1,00M DE ALTURA TIPO PALMEIRA FENIX (PHOENIX ROEBELENII) OU SIMILAR.FORNECIMENTO","UN",20]
["09.003.0155-0","ESPECIES VEGETAIS COM APROXIMADAMENTE 25CM DE ALTURA,TIPO ARBUSTO ALLAMANDA (ALAMANDA SP) OU SIMILAR,CONSIDERANDO 8 MUDAS POR M2.FORNECIMENTO","M2",90.64,null,"09.003.0155-A","ESPECIES VEGETAIS COM APROXIMADAMENTE 25CM DE ALTURA,TIPO ARBUSTO ALLAMANDA (ALAMANDA SP) OU SIMILAR,CONSIDERANDO 8 MUDAS POR M2.FORNECIMENTO","M2",90.64]
["09.003.0168-0","ESPECIES VEGETAIS COM APROXIMADAMENTE 60CM DE ALTURA,TIPO ARBUSTO HELICONIA PAPAGAIO (HELICONIA PSITTACORUM) OU SIMILAR,CONSIDERANDO 12 MUDAS POR M2.FORNECIMENTO","M2",148.32,null,"09.003.0168-A","ESPECIES VEGETAIS COM APROXIMADAMENTE 60CM DE ALTURA,TIPO ARBUSTO HELICONIA PAPAGAIO (HELICONIA PSITTACORUM) OU SIMILAR,CONSIDERANDO 12 MUDAS POR M2.FORNECIMENTO","M2",148.32]
["09.003.0196-0","ESPECIES VEGETAIS COM APROXIMADAMENTE 30CM DE ALTURA,TIPO FORRACAO LIRIO AMARELO (HEMEROCALLIS FLAVA),MARANTA OU SIMILAR,CONSIDERANDO 25 MUDAS POR M2.FORNECIMENTO","M2",175,null,"09.003.0196-A","ESPECIES VEGETAIS COM APROXIMADAMENTE 30CM DE ALTURA,TIPO FORRACAO LIRIO AMARELO (HEMEROCALLIS FLAVA),MARANTA OU SIMILAR,CONSIDERANDO 25 MUDAS POR M2.FORNECIMENTO","M2",175]
["09.004.0005-0","GUARDA-CORPO P/BRINQUEDOS,EM LANCES DE 4,00M E ALTURA DE 1,00M,COM 3 MONTANTES ESPACADOS DE 2,00M,EXECUTADOS C/TUBOS DEACO GALVANIZADO DE 1.1/2\" DE DIAMETRO,CHUMBADOS BLOCOS DE CONCRETO SIMPLES DE (30X30X40)CM,TELA DE ARAME GALV.Nº8 C/MALHA QUADRANGULAR DE (50X50)MM C/70CM LARGURA,AFASTADA DO PISO30CM,INCL.PINTURA ANTIOXIDANTE DE ACABAMENTO.FORN.E COLOC.","M",737.1,null,"09.004.0005-A","GUARDA-CORPO P/BRINQUEDOS,EM LANCES DE 4,00M E ALTURA DE 1,00M,COM 3 MONTANTES ESPACADOS DE 2,00M,EXECUTADOS C/TUBOS DEACO GALVANIZADO DE 1.1/2\" DE DIAMETRO,CHUMBADOS BLOCOS DE CONCRETO SIMPLES DE (30X30X40)CM,TELA DE ARAME GALV.Nº8 C/MALHA QUADRANGULAR DE (50X50)MM C/70CM LARGURA,AFASTADA DO PISO30CM,INCL.PINTURA ANTIOXIDANTE DE ACABAMENTO.FORN.E COLOC.","M",721.56]
["09.004.0010-0","CERCA PROTETORA PARA JARDIM,DE 33CM DE ALTURA,EM TELA DE CHAPA EXPANDIDA DE 3/16\",DECAPADA,FOSFATIZADA,PINTADA A \"PRIMER\" E ACABAMENTO A COR,CHUMBADA NO SOLO COM HASTES DE FERRO DE1/2\" ESPACADAS DE 1,00M.FORNECIMENTO E COLOCACAO","M",51.6,null,"09.004.0010-A","CERCA PROTETORA PARA JARDIM,DE 33CM DE ALTURA,EM TELA DE CHAPA EXPANDIDA DE 3/16\",DECAPADA,FOSFATIZADA,PINTADA A \"PRIMER\" E ACABAMENTO A COR,CHUMBADA NO SOLO COM HASTES DE FERRO DE1/2\" ESPACADAS DE 1,00M.FORNECIMENTO E COLOCACAO","M",49.97]
["09.004.0019-0","CERCA PROTETORA DE JARDIM,TIPO CAPELINHA,EM MODULOS DE 1,20M.FORNECIMENTO E COLOCACAO","UN",160.04,null,"09.004.0019-A","CERCA PROTETORA DE JARDIM,TIPO CAPELINHA,EM MODULOS DE 1,20M.FORNECIMENTO E COLOCACAO","UN",154.09]
["09.004.0028-0","MOIRAO EM MADEIRA DE REFLORESTAMENTO,PARA SUSTENTACAO DE RETENTORES EM AREA DE MANGUEZAL,COM SECAO DE DIAMETRO DE 15CM,ALTURA LIVRE MEDIA DE 2,00M,ENTERRADO A 1,00M DE PROFUNDIDADE,INCLUINDO ESCAVACAO MANUAL DE COVA.FORNECIMENTO E COLOCACAO","UN",183.09,null,"09.004.0028-A","MOIRAO EM MADEIRA DE REFLORESTAMENTO,PARA SUSTENTACAO DE RETENTORES EM AREA DE MANGUEZAL,COM SECAO DE DIAMETRO DE 15CM,ALTURA LIVRE MEDIA DE 2,00M,ENTERRADO A 1,00M DE PROFUNDIDADE,INCLUINDO ESCAVACAO MANUAL DE COVA.FORNECIMENTO E COLOCACAO","UN",181.76]
["09.005.0002-0","REVOLVIMENTO DE SOLO ATE 10CM DE PROFUNDIDADE","M2",1.79,null,"09.005.0002-A","REVOLVIMENTO DE SOLO ATE 10CM DE PROFUNDIDADE","M2",1.67]
["09.005.0003-0","REVOLVIMENTO DE SOLO ATE 20CM DE PROFUNDIDADE","M2",2.68,null,"09.005.0003-A","REVOLVIMENTO DE SOLO ATE 20CM DE PROFUNDIDADE","M2",2.5]
["09.005.0009-0","RETIRADA DE GRAMA EM PLACAS","M2",4.47,null,"09.005.0009-A","RETIRADA DE GRAMA EM PLACAS","M2",4.17]
["09.005.0022-0","CATACAO DE PAPEIS EM SUPERFICIES ENSAIBRADAS OU EM AREIA(196VEZES POR ANO)","HA",28.64,null,"09.005.0022-A","CATACAO DE PAPEIS EM SUPERFICIES ENSAIBRADAS OU EM AREIA(196VEZES POR ANO)","HA",26.73]
["09.005.0027-0","VARREDURA DE PAPEIS EM SUPERFICIES PAVIMENTADAS COM PEDRA PORTUGUESA(104 VEZES POR ANO)","HA",372.42,null,"09.005.0027-A","VARREDURA DE PAPEIS EM SUPERFICIES PAVIMENTADAS COM PEDRA PORTUGUESA(104 VEZES POR ANO)","HA",348.19]
["09.005.0028-0","CAPINA EM SUPERFICIES ENSAIBRADAS(24 VEZES POR ANO)","HA",2317.58,null,"09.005.0028-A","CAPINA EM SUPERFICIES ENSAIBRADAS(24 VEZES POR ANO)","HA",2170.2600000000002]
["09.005.0036-0","RETIRADA DE MATERIAL PROVENIENTE DE PODA,DE VARREDURA,OU DELIMPEZAS DIVERSAS,A SER FEITA EM CAMINHAO C/NO MINIMO 4,00M3DE CAPACIDADE,COMPREENDENDO CARGA,DESCARGA E TRANSPORTE ATE30KM DE DISTANCIA","M3",43.29,null,"09.005.0036-A","RETIRADA DE MATERIAL PROVENIENTE DE PODA,DE VARREDURA,OU DELIMPEZAS DIVERSAS,A SER FEITA EM CAMINHAO C/NO MINIMO 4,00M3DE CAPACIDADE,COMPREENDENDO CARGA,DESCARGA E TRANSPORTE ATE30KM DE DISTANCIA","M3",42.62]
["09.005.0041-0","IRRIGACAO DE GRAMADO COM CAMINHAO PIPA,INCLUSIVE FORNECIMENTO DE AGUA","DAM2",43.92,null,"09.005.0041-A","IRRIGACAO DE GRAMADO COM CAMINHAO PIPA,INCLUSIVE FORNECIMENTO DE AGUA","DAM2",43.47]
["09.005.0060-0","LIMPEZA,APOS ESVAZIAMENTO,DOS FUNDOS DE LAGOS E CANAIS","M2",2.69,null,"09.005.0060-A","LIMPEZA,APOS ESVAZIAMENTO,DOS FUNDOS DE LAGOS E CANAIS","M2",2.5099999999999998]
["09.005.0115-0","PODA DE ARVORES,LIMPEZA DE GALHOS SECOS E RETIRADA DE PARASITAS","UN",92.13,null,"09.005.0115-A","PODA DE ARVORES,LIMPEZA DE GALHOS SECOS E RETIRADA DE PARASITAS","UN",86.09]
["09.005.0125-0","APARO DE BORDOS EM GRAMADOS(6 VEZES POR ANO)","KM",372.42,null,"09.005.0125-A","APARO DE BORDOS EM GRAMADOS(6 VEZES POR ANO)","KM",348.19]
["09.005.0150-0","CAPINA DE ERVAS,GRAMINEAS,ETC,EM SUPERFICIE ENSAIBRADA","M2",0.21,null,"09.005.0150-A","CAPINA DE ERVAS,GRAMINEAS,ETC,EM SUPERFICIE ENSAIBRADA","M2",0.2]
["09.006.0006-0","CALAGEM DE GRAMADOS(1 VEZ POR ANO)","HA",1145.82,null,"09.006.0006-A","CALAGEM DE GRAMADOS(1 VEZ POR ANO)","HA",1099.71]
["09.006.0010-0","ADUBACAO QUIMICA COM FORMULA COMPLETA(NPK-04-14-08)E ALDRINIZADA,EM GRAMADOS(1 VEZ POR ANO)","HA",3267.57,null,"09.006.0010-A","ADUBACAO QUIMICA COM FORMULA COMPLETA(NPK-04-14-08)E ALDRINIZADA,EM GRAMADOS(1 VEZ POR ANO)","HA",3221.45]
["09.007.0001-0","ARRANCAMENTO E REPLANTIO DE ARVORE ADULTA, COM ATE 3,00M DEALTURA E ATE 15CM DE DIAMETRO, INCLUSIVE ESCAVACAO E REGA DURANTE 15 DIAS,EXCLUSIVE TRANSPORTE","UN",143.21,null,"09.007.0001-A","ARRANCAMENTO E REPLANTIO DE ARVORE ADULTA, COM ATE 3,00M DEALTURA E ATE 15CM DE DIAMETRO, INCLUSIVE ESCAVACAO E REGA DURANTE 15 DIAS,EXCLUSIVE TRANSPORTE","UN",133.65]
["09.007.0030-0","RETIRADA DE PROTETOR DE ARVORE,INCLUSIVE CARGA,DESCARGA E TRANSPORTE","UN",13.42,null,"09.007.0030-A","RETIRADA DE PROTETOR DE ARVORE,INCLUSIVE CARGA,DESCARGA E TRANSPORTE","UN",12.52]
["09.009.0004-0","CAMADA DE PO-DE-PEDRA ESPALHADA MANUALMENTE,MEDIDA APOS A COMPACTACAO","M3",201.59,null,"09.009.0004-A","CAMADA DE PO-DE-PEDRA ESPALHADA MANUALMENTE,MEDIDA APOS A COMPACTACAO","M3",198.6]
["09.009.0010-0","NIVELAMENTO E COMPACTACAO DE AREAS ENSAIBRADAS","HA",7766.57,null,"09.009.0010-A","NIVELAMENTO E COMPACTACAO DE AREAS ENSAIBRADAS","HA",7626.79]
["09.012.0004-0","MESA DE CONCRETO ARMADO,COM 4 BANCOS,CONFORME PROJETO CEHAB,REVESTIDOS COM ARGAMASSA DE CIMENTO E AREIA,NO TRACO 1:4. AMESA MEDINDO 0,80X0,80M,COM 0,80M DE ALTURA MAIS A FUNDACAOE OS BANCOS COM 0,35X0,35M E 0,50M DE ALTURA MAIS A FUNDACAO","UN",1348.83,null,"09.012.0004-A","MESA DE CONCRETO ARMADO,COM 4 BANCOS,CONFORME PROJETO CEHAB,REVESTIDOS COM ARGAMASSA DE CIMENTO E AREIA,NO TRACO 1:4. AMESA MEDINDO 0,80X0,80M,COM 0,80M DE ALTURA MAIS A FUNDACAOE OS BANCOS COM 0,35X0,35M E 0,50M DE ALTURA MAIS A FUNDACAO","UN",1291.95]
["09.013.0002-0","BANCO PARA JARDINS COM 14 REGUAS DE MADEIRA,SECAO DE (5,5X2,5)CM E COMPRIMENTO DE 2,00M,PRESAS COM PARAFUSOS DE PORCA NOS PES DE FERRO FUNDIDO,ESTES COM 14KG,BARRA DE FERRO AO CENTRO DO ASSENTAMENTO,INCLUSIVE ESPIGAO DE FIXACAO,4 BASES DE CONCRETO DE (15X15X30)CM,E PINTURA NA COR A SER INDICADA","UN",2347.9,null,"09.013.0002-A","BANCO PARA JARDINS COM 14 REGUAS DE MADEIRA,SECAO DE (5,5X2,5)CM E COMPRIMENTO DE 2,00M,PRESAS COM PARAFUSOS DE PORCA NOS PES DE FERRO FUNDIDO,ESTES COM 14KG,BARRA DE FERRO AO CENTRO DO ASSENTAMENTO,INCLUSIVE ESPIGAO DE FIXACAO,4 BASES DE CONCRETO DE (15X15X30)CM,E PINTURA NA COR A SER INDICADA","UN",2253.04]
["09.013.0030-0","PRANCHA EM MADEIRA APARELHADA PARA BANCOS DE JARDINS,COM SECAO DE(15X4,5)CM E COMPRIMENTO DE 2,20M,PRESA COM PARAFUSOS EPORCAS NOS PES DE FERRO E PINTURA NA COR A SER INDICADA.FORNECIMENTO E COLOCACAO","UN",211.12,null,"09.013.0030-A","PRANCHA EM MADEIRA APARELHADA PARA BANCOS DE JARDINS,COM SECAO DE(15X4,5)CM E COMPRIMENTO DE 2,20M,PRESA COM PARAFUSOS EPORCAS NOS PES DE FERRO E PINTURA NA COR A SER INDICADA.FORNECIMENTO E COLOCACAO","UN",205.71]
["09.015.0005-0","ALAMBRADO EM TELA DE ARAME GALV.Nº14,MALHA LOSANGULAR (60X60)MM,PRESA A ARMACAO DE TUBOS GALV.,C/ELEMENTOS HORIZ.E VERTICAIS,SENDO ESTES FIXADOS EM BLOCOS DE CONCRETO (30X30X60)CM,FCK=15MPA,ESPACADOS 3,00M, C/ALTURA TOTAL 2,50M,ACIMA DO TERRENO.OS TUBOS HORIZONTAIS SERAO DOIS,AMBOS C/1.1/2\" DE DIAMETRO,ASSIM COMO VERT.,AS EMENDAS SERAO SOLDADAS.FORN.E COLOC.","M2",199.82,null,"09.015.0005-A","ALAMBRADO EM TELA DE ARAME GALV.Nº14,MALHA LOSANGULAR (60X60)MM,PRESA A ARMACAO DE TUBOS GALV.,C/ELEMENTOS HORIZ.E VERTICAIS,SENDO ESTES FIXADOS EM BLOCOS DE CONCRETO (30X30X60)CM,FCK=15MPA,ESPACADOS 3,00M, C/ALTURA TOTAL 2,50M,ACIMA DO TERRENO.OS TUBOS HORIZONTAIS SERAO DOIS,AMBOS C/1.1/2\" DE DIAMETRO,ASSIM COMO VERT.,AS EMENDAS SERAO SOLDADAS.FORN.E COLOC.","M2",193.49]
["09.015.0007-0","ALAMBRADO PARA CAMPO DE ESPORTE DE 3,00X6,00M,COM UM MONTANTE A CADA 3,00M,EM TELA GALV.Nº12 E MALHA LOSANGO DE 5CM,FIXADA EM TUBOS DE FERRO GALVANIZADO DE 2\" E CONTRAVENTAMENTO DE1,75M,EM CADA MODULO,ESTES CHUMBADOS EM BLOCOS DE CONCRETO,INCLUSIVE ESCAVACAO,CONCRETO DOS BLOCOS,REATERRO,TRANSPORTE,CARGA E DESCARGA,EXCLUSIVE PINTURA.FORNECIMENTO E COLOCACAO","M2",265.32,null,"09.015.0007-A","ALAMBRADO PARA CAMPO DE ESPORTE DE 3,00X6,00M,COM UM MONTANTE A CADA 3,00M,EM TELA GALV.Nº12 E MALHA LOSANGO DE 5CM,FIXADA EM TUBOS DE FERRO GALVANIZADO DE 2\" E CONTRAVENTAMENTO DE1,75M,EM CADA MODULO,ESTES CHUMBADOS EM BLOCOS DE CONCRETO,INCLUSIVE ESCAVACAO,CONCRETO DOS BLOCOS,REATERRO,TRANSPORTE,CARGA E DESCARGA,EXCLUSIVE PINTURA.FORNECIMENTO E COLOCACAO","M2",257.33]
["09.015.0025-0","ALAMBRADO DE TELA FORMADA P/BARRAS DE ACO CA-60,CRUZADAS E SOLDADAS ENTRE SI,CONSTITUINDO MALHAS 5X15CM,FIO 3MM,SOLDADAEM POSTES DE TUBO DE FERRO GALVALVANIZADO 1.1/2\",C/ALTURA LIVRE DE 1,60M,FICANDO 0,40M ENTERRADOS EM PRISMAS DE CONCRETO25MPA,C/0,30X0,30X0,50M,ESTANDO OS POSTES ESPACADOS 2,00M,INCLUSIVE FUNDACOES,EXCLUSIVE PINTURA.FORNECIMENTO E COLOC.","M2",167.94,null,"09.015.0025-A","ALAMBRADO DE TELA FORMADA P/BARRAS DE ACO CA-60,CRUZADAS E SOLDADAS ENTRE SI,CONSTITUINDO MALHAS 5X15CM,FIO 3MM,SOLDADAEM POSTES DE TUBO DE FERRO GALVALVANIZADO 1.1/2\",C/ALTURA LIVRE DE 1,60M,FICANDO 0,40M ENTERRADOS EM PRISMAS DE CONCRETO25MPA,C/0,30X0,30X0,50M,ESTANDO OS POSTES ESPACADOS 2,00M,INCLUSIVE FUNDACOES,EXCLUSIVE PINTURA.FORNECIMENTO E COLOC.","M2",161.07]
["09.015.0032-0","ALAMBRADO DE TELA DE ARAME GALVANIZADO FIO Nº12,MALHA LOSANGO DE 7,5CM,COM ALTURA DE 4,00M MAIS 0,30M DE ABA INCLINADA A45º.ESTA ESTRUTURA FORMADA DE TUBOS ACO GALVANIZADO DE 1.1/4\",HORIZONTAIS E VERTICAIS,SENDO OS HORIZONTAIS UM A 0,15M DO CHAO E O OUTRO DISTANTE 2,00M DESTE,OS VERTICAIS A CADA 2,00M,INCL.PORTOES E FERRAGENS,EXCL.PINTURA.FORN. E COLOCACAO","M2",186.91,null,"09.015.0032-A","ALAMBRADO DE TELA DE ARAME GALVANIZADO FIO Nº12,MALHA LOSANGO DE 7,5CM,COM ALTURA DE 4,00M MAIS 0,30M DE ABA INCLINADA A45º.ESTA ESTRUTURA FORMADA DE TUBOS ACO GALVANIZADO DE 1.1/4\",HORIZONTAIS E VERTICAIS,SENDO OS HORIZONTAIS UM A 0,15M DO CHAO E O OUTRO DISTANTE 2,00M DESTE,OS VERTICAIS A CADA 2,00M,INCL.PORTOES E FERRAGENS,EXCL.PINTURA.FORN. E COLOCACAO","M2",180.86]
["09.015.0044-0","ALAMBRADO COM 4,50M ALTURA,TELA DE ARAME GALV.Nº12,MALHA LOSANGULAR (50X50)MM,FIXADA TUBOS FERRO GALVANIZADO (EXTERNA EINTERNAMENTE) C/DIAM.INTERNO DE 2.1/2\" E ESP.DE PAREDE DE 1/8\",MODULOS DE (3,00X1,50)M,CHUMBADOS EM BLOCOS DE CONCRETO,INCLUSIVE REATERRO,CARGA,DESCARGA,TRANSPORTE E PINTURA DOS TUBOS,COM 2 DEMAOS DE ACABAMENTO.FORNECIMENTO E COLOCACAO","M2",292.74,null,"09.015.0044-A","ALAMBRADO COM 4,50M ALTURA,TELA DE ARAME GALV.Nº12,MALHA LOSANGULAR (50X50)MM,FIXADA TUBOS FERRO GALVANIZADO (EXTERNA EINTERNAMENTE) C/DIAM.INTERNO DE 2.1/2\" E ESP.DE PAREDE DE 1/8\",MODULOS DE (3,00X1,50)M,CHUMBADOS EM BLOCOS DE CONCRETO,INCLUSIVE REATERRO,CARGA,DESCARGA,TRANSPORTE E PINTURA DOS TUBOS,COM 2 DEMAOS DE ACABAMENTO.FORNECIMENTO E COLOCACAO","M2",287.24]
["09.015.0056-0","ALAMBRADO C/6M ALTURA,TELA DE ARAME GALVANIZADO N°12,MALHA LOSANGULAR (50X50)MM,FIXADA EM TUBOS DE FERRO GALVANIZADO (EXTERNA E INTERNAMENTE) C/DIAM.INTERNO DE 3\" E ESPESSURA DE PAREDE DE 1/8\",EM MODULOS DE (3,00X1,50)M,CHUMBADOS EM BLOCOSDE CONCRETO,INCL.ESCAVACAO,REATERRO,CARGA,DESCARGA,TRANSPORTE E PINTURA DOS TUBOS,C/2 DEMAOS DE ACABAMENTO.FORN.E COLOC.","M2",321.02999999999997,null,"09.015.0056-A","ALAMBRADO C/6M ALTURA,TELA DE ARAME GALVANIZADO N°12,MALHA LOSANGULAR (50X50)MM,FIXADA EM TUBOS DE FERRO GALVANIZADO (EXTERNA E INTERNAMENTE) C/DIAM.INTERNO DE 3\" E ESPESSURA DE PAREDE DE 1/8\",EM MODULOS DE (3,00X1,50)M,CHUMBADOS EM BLOCOSDE CONCRETO,INCL.ESCAVACAO,REATERRO,CARGA,DESCARGA,TRANSPORTE E PINTURA DOS TUBOS,C/2 DEMAOS DE ACABAMENTO.FORN.E COLOC.","M2",315.75]
["09.015.0064-0","ALAMBRADO TELA DE ARAME GALV.N°14,MALHA LOSANGULAR (60X60)MM,PRESA ARMACAO TUBOS GALV.(EXTERNA E INTERNAMENTE),C/ELEM.HORIZONTAIS E VERT.SENDO ESTES FIX.EM BLOCO DE CONC.(0,30X0,30X0,60)M,FCK=15MPA,ESPACADOS 3M C/ALT.TOTAL 2,50M ACIMA TERRENO.OS TUBOS HORIZ.SERAO 2,AMBOS C/1.1/2\" DIAMETRO E ESPESSURA PAREDE 1/8\",ASSIM COMO VERT.EMENDAS SOLDADAS.FORN.E COLOC.","M2",199.82,null,"09.015.0064-A","ALAMBRADO TELA DE ARAME GALV.N°14,MALHA LOSANGULAR (60X60)MM,PRESA ARMACAO TUBOS GALV.(EXTERNA E INTERNAMENTE),C/ELEM.HORIZONTAIS E VERT.SENDO ESTES FIX.EM BLOCO DE CONC.(0,30X0,30X0,60)M,FCK=15MPA,ESPACADOS 3M C/ALT.TOTAL 2,50M ACIMA TERRENO.OS TUBOS HORIZ.SERAO 2,AMBOS C/1.1/2\" DIAMETRO E ESPESSURA PAREDE 1/8\",ASSIM COMO VERT.EMENDAS SOLDADAS.FORN.E COLOC.","M2",193.49]
["09.015.0080-0","CONTRAVENTAMENTO DE ALAMBRADO COM TUBOS DE FERRO GALVANIZADO(EXTERN.E INTERNAMENTE),COM DIAMETRO INTERNO DE 3\" E ESPESSURA DE PAREDE DE 1/8\".FORNECIMENTO E COLOCACAO","M",160.65,null,"09.015.0080-A","CONTRAVENTAMENTO DE ALAMBRADO COM TUBOS DE FERRO GALVANIZADO(EXTERN.E INTERNAMENTE),COM DIAMETRO INTERNO DE 3\" E ESPESSURA DE PAREDE DE 1/8\".FORNECIMENTO E COLOCACAO","M",158.46]
["09.015.0200-0","TELA DE ARAME GALVANIZADO,REVESTIDO COM PVC,FIO N°12,MALHA LOSANGULAR DE (75X75)MM,FIXADA COM ARAME GALVANIZADO A ARMACAO TUBULAR DE ACO GALVANIZADO (EXCLUSIVE ESTA).FORNECIMENTO ECOLOCACAO","M2",66.430000000000007,null,"09.015.0200-A","TELA DE ARAME GALVANIZADO,REVESTIDO COM PVC,FIO N°12,MALHA LOSANGULAR DE (75X75)MM,FIXADA COM ARAME GALVANIZADO A ARMACAO TUBULAR DE ACO GALVANIZADO (EXCLUSIVE ESTA).FORNECIMENTO ECOLOCACAO","M2",65.23]
["09.015.0310-0","BALANCO MULTIUSO EM TUBO DE FERRO GALV.(EXT.E INTERNAMENTE)DE 2.1/2\",2\"E 1\"E ESP.PAREDE 1/8\",COMP.DE 2 BALANCOS SIMPL.C/ASSENT.MAD.APARELH.,1 ESC.DUPLA,1 BARRA SIMPL.E 1 BALANCOP/CADEIR.RODAS C/RAMPA ACESS.PIVOT.,TRAVA P/CADEIR.E P/BALANCO,PISO MAD.INTERTRAV.REFORC.C/CAPAC.CARGA 200KG,PINT.C/UMADEMAO GALVITE E DUAS DE TINTA ESMALTE SINT.FORNEC./COLOCACAO","UN",10549.48,null,"09.015.0310-A","BALANCO MULTIUSO EM TUBO DE FERRO GALV.(EXT.E INTERNAMENTE)DE 2.1/2\",2\"E 1\"E ESP.PAREDE 1/8\",COMP.DE 2 BALANCOS SIMPL.C/ASSENT.MAD.APARELH.,1 ESC.DUPLA,1 BARRA SIMPL.E 1 BALANCOP/CADEIR.RODAS C/RAMPA ACESS.PIVOT.,TRAVA P/CADEIR.E P/BALANCO,PISO MAD.INTERTRAV.REFORC.C/CAPAC.CARGA 200KG,PINT.C/UMADEMAO GALVITE E DUAS DE TINTA ESMALTE SINT.FORNEC./COLOCACAO","UN",10222.879999999999]
["09.015.0320-0","ESCADA ARVORE EM FORMA DE TRONCO VERTICAL,EM MADEIRA APARELHADA OU EUCALIPTO AUTOCLAVADO,DEGRAUS EM TUBO DE FERRO GALVANIZADO COM ACABAMENTO EM PINTURA AUTOMATIVA OU VERNIZ,CONFORME ABNT NBR 16071.FORNECIMENTO E COLOCACAO","UN",1820.84,null,"09.015.0320-A","ESCADA ARVORE EM FORMA DE TRONCO VERTICAL,EM MADEIRA APARELHADA OU EUCALIPTO AUTOCLAVADO,DEGRAUS EM TUBO DE FERRO GALVANIZADO COM ACABAMENTO EM PINTURA AUTOMATIVA OU VERNIZ,CONFORME ABNT NBR 16071.FORNECIMENTO E COLOCACAO","UN",1808.45]
["09.015.0330-0","GANGORRA DE 5/10ANOS C/2 PRANCHAS,MADEIRA APARELHADA, ESTASFIXADAS EM TUBO DE FERRO GALVANIZADO(EXT.E INTERNAMENTE) DE2\"E 2 1/2\" E ESPESSURA DE PAREDE DE 1/8\",COM PINTURA DE BASEGALVITE E 2 DEMAOS DE ACABAMENTO.FORNECIMENTO E COLOCACAO","UN",2931.62,null,"09.015.0330-A","GANGORRA DE 5/10ANOS C/2 PRANCHAS,MADEIRA APARELHADA, ESTASFIXADAS EM TUBO DE FERRO GALVANIZADO(EXT.E INTERNAMENTE) DE2\"E 2 1/2\" E ESPESSURA DE PAREDE DE 1/8\",COM PINTURA DE BASEGALVITE E 2 DEMAOS DE ACABAMENTO.FORNECIMENTO E COLOCACAO","UN",2822.29]
["09.015.0340-0","PRANCHA REMA-REMA,MADEIRA APARELHADA,COMPLETA COM FERRAGENS,BRACADEIRAS,ROLAMENTOS,ETC., PINTURA E TRANSPORTE COM DESMONTAGEM DA DANIFICADA.FORNECIMENTO E COLOCACAO","UN",916.34,null,"09.015.0340-A","PRANCHA REMA-REMA,MADEIRA APARELHADA,COMPLETA COM FERRAGENS,BRACADEIRAS,ROLAMENTOS,ETC., PINTURA E TRANSPORTE COM DESMONTAGEM DA DANIFICADA.FORNECIMENTO E COLOCACAO","UN",889.68]
["09.026.0010-0","CONTENTOR EM POLIETILENO DE ALTA DENSIDADE,COM QUATRO RODASMACICAS DE BORRACHA,CAPACIDADE PARA 500L.FORNECIMENTO","UN",1016.86,null,"09.026.0010-A","CONTENTOR EM POLIETILENO DE ALTA DENSIDADE,COM QUATRO RODASMACICAS DE BORRACHA,CAPACIDADE PARA 500L.FORNECIMENTO","UN",1016.86]
["09.026.0030-0","VASO PLASTICO REDONDO,NA COR TERRACOTA,CERAMICA OU CINZA,COMDIAMETRO ENTRE 30CM E 40CM E ALTURA ENTRE 30CM E 35CM,INCLUSIVE PRATO.FORNECIMENTO","UN",56.64,null,"09.026.0030-A","VASO PLASTICO REDONDO,NA COR TERRACOTA,CERAMICA OU CINZA,COMDIAMETRO ENTRE 30CM E 40CM E ALTURA ENTRE 30CM E 35CM,INCLUSIVE PRATO.FORNECIMENTO","UN",56.64]
["09.026.0040-0","VASO PLASTICO REDONDO,NA COR TERRACOTA,CERAMICA OU CINZA,COMDIAMETRO ENTRE 41CM E 50CM E ALTURA ENTRE 36CM E 40CM, INCLUSIVE PRATO.FORNECIMENTO","UN",100.84,null,"09.026.0040-A","VASO PLASTICO REDONDO,NA COR TERRACOTA,CERAMICA OU CINZA,COMDIAMETRO ENTRE 41CM E 50CM E ALTURA ENTRE 36CM E 40CM, INCLUSIVE PRATO.FORNECIMENTO","UN",100.84]
["10.002.0003-0","CRAVACAO DE ESTACA DE ACO,PERFIL \"H\" DE 6\"X6\",1ª ALMA,INCLUSIVE FORNECIMENTO E UM CORTE AO MACARICO E PERDAS DO PERFIL,EXCLUSIVE EMENDAS ENTALADAS","M",483.79,null,"10.002.0003-A","CRAVACAO DE ESTACA DE ACO,PERFIL \"H\" DE 6\"X6\",1ª ALMA,INCLUSIVE FORNECIMENTO E UM CORTE AO MACARICO E PERDAS DO PERFIL,EXCLUSIVE EMENDAS ENTALADAS","M",480.85]
["10.002.0030-0","CRAVACAO DE ESTACA,TRILHO TR-32,DUPLO,INCLUSIVE FORNECIMENTO,UM CORTE AO MACARICO E PERDAS,EXCLUSIVE EMENDAS TRANSVERSAIS E DISPOSITIVOS CONTRA A PUNCAO","M",468.6,null,"10.002.0030-A","CRAVACAO DE ESTACA,TRILHO TR-32,DUPLO,INCLUSIVE FORNECIMENTO,UM CORTE AO MACARICO E PERDAS,EXCLUSIVE EMENDAS TRANSVERSAIS E DISPOSITIVOS CONTRA A PUNCAO","M",463]
["10.002.0055-0","CRAVACAO DE ESTACA,TRILHO TR-45,SIMPLES,INCLUSIVE FORNECIMENTO,UM CORTE AO MACARICO E PERDAS,EXCLUSIVE EMENDAS TRANSVERSAIS E DISPOSITIVOS CONTRA A PUNCAO","M",275.67,null,"10.002.0055-A","CRAVACAO DE ESTACA,TRILHO TR-45,SIMPLES,INCLUSIVE FORNECIMENTO,UM CORTE AO MACARICO E PERDAS,EXCLUSIVE EMENDAS TRANSVERSAIS E DISPOSITIVOS CONTRA A PUNCAO","M",272.51]
["10.002.0070-0","CRAVACAO DE ESTACA,TRILHO TR-50,SIMPLES,INCLUSIVE FORNECIMENTO,UM CORTE AO MACARICO E PERDAS,EXCLUSIVE EMENDAS TRANSVERSAIS E DISPOSITIVOS CONTRA A PUNCAO","M",307.89,null,"10.002.0070-A","CRAVACAO DE ESTACA,TRILHO TR-50,SIMPLES,INCLUSIVE FORNECIMENTO,UM CORTE AO MACARICO E PERDAS,EXCLUSIVE EMENDAS TRANSVERSAIS E DISPOSITIVOS CONTRA A PUNCAO","M",304.33]
["10.002.0090-0","CRAVACAO DE ESTACA,TRILHO TR-57,DUPLO,INCLUSIVE FORNECIMENTO,UM CORTE AO MACARICO E PERDAS,EXCLUSIVE EMENDAS TRANSVERSAIS E DISPOSITIVOS CONTRA A PUNCAO","M",748.83,null,"10.002.0090-A","CRAVACAO DE ESTACA,TRILHO TR-57,DUPLO,INCLUSIVE FORNECIMENTO,UM CORTE AO MACARICO E PERDAS,EXCLUSIVE EMENDAS TRANSVERSAIS E DISPOSITIVOS CONTRA A PUNCAO","M",741.52]
["10.003.0011-0","ESTACA RAIZ COM DIAMETRO DE 4\" PARA CARGA DE 15T,INJECAO DEARGAMASSA DE CIMENTO E AREIA,COM RESISTENCIA DE 20MPA,CONFORME ABNT NBR 6122,EXCLUSIVE FORNECIMENTO DOS MATERIAIS (CIMENTO,AREIA E ACO) E PERFURACAO","M",26.47,null,"10.003.0011-A","ESTACA RAIZ COM DIAMETRO DE 4\" PARA CARGA DE 15T,INJECAO DEARGAMASSA DE CIMENTO E AREIA,COM RESISTENCIA DE 20MPA,CONFORME ABNT NBR 6122,EXCLUSIVE FORNECIMENTO DOS MATERIAIS (CIMENTO,AREIA E ACO) E PERFURACAO","M",24.73]
["10.003.0025-0","ESTACA RAIZ COM DIAMETRO DE 6\" PARA CARGA DE 35T,INJECAO DEARGAMASSA DE CIMENTO E AREIA,COM RESISTENCIA DE 20MPA,CONFORME ABNT NBR 6122,INCLUSIVE O FORNECIMENTO DOS MATERIAIS (CIMENTO,AREIA E ACO),EXCLUSIVE PERFURACAO","M",109.41,null,"10.003.0025-A","ESTACA RAIZ COM DIAMETRO DE 6\" PARA CARGA DE 35T,INJECAO DEARGAMASSA DE CIMENTO E AREIA,COM RESISTENCIA DE 20MPA,CONFORME ABNT NBR 6122,INCLUSIVE O FORNECIMENTO DOS MATERIAIS (CIMENTO,AREIA E ACO),EXCLUSIVE PERFURACAO","M",106.34]
["10.003.0040-0","ESTACA RAIZ COM DIAMETRO DE 8\" PARA CARGA DE 80T,INJECAO DEARGAMASSA DE CIMENTO E AREIA,COM RESISTENCIA DE 20MPA,CONFORME ABNT NBR 6122,INCLUSIVE O FORNECIMENTO DOS MATERIAIS (CIMENTO,AREIA E ACO),EXCLUSIVE PERFURACAO","M",224.73,null,"10.003.0040-A","ESTACA RAIZ COM DIAMETRO DE 8\" PARA CARGA DE 80T,INJECAO DEARGAMASSA DE CIMENTO E AREIA,COM RESISTENCIA DE 20MPA,CONFORME ABNT NBR 6122,INCLUSIVE O FORNECIMENTO DOS MATERIAIS (CIMENTO,AREIA E ACO),EXCLUSIVE PERFURACAO","M",218.3]
["10.003.0041-0","ESTACA RAIZ COM DIAMETRO DE 8\" PARA CARGA DE 80T,INJECAO DEARGAMASSA DE CIMENTO E AREIA,COM RESISTENCIA DE 20MPA,CONFORME ABNT NBR 6122,EXCLUSIVE FORNECIMENTO DOS MATERIAIS (CIMENTO,AREIA E ACO) E PERFURACAO","M",53.31,null,"10.003.0041-A","ESTACA RAIZ COM DIAMETRO DE 8\" PARA CARGA DE 80T,INJECAO DEARGAMASSA DE CIMENTO E AREIA,COM RESISTENCIA DE 20MPA,CONFORME ABNT NBR 6122,EXCLUSIVE FORNECIMENTO DOS MATERIAIS (CIMENTO,AREIA E ACO) E PERFURACAO","M",49.87]
["10.003.0082-0","ESTACA DE CONCRETO ARMADO,MOLDADA NO TERRENO,TIPO HELICE CONTINUA,DIAMETRO DE 500MM,CAPACIDADE DE CARGA DE 81T A 130T,INCLUSIVE FORNECIMENTO DOS MATERIAIS,CONSIDERANDO O TRECHO CRAVADO E CONCRETADO","M",614.91,null,"10.003.0082-A","ESTACA DE CONCRETO ARMADO,MOLDADA NO TERRENO,TIPO HELICE CONTINUA,DIAMETRO DE 500MM,CAPACIDADE DE CARGA DE 81T A 130T,INCLUSIVE FORNECIMENTO DOS MATERIAIS,CONSIDERANDO O TRECHO CRAVADO E CONCRETADO","M",606.25]
["10.004.0135-0","ESTACA PRE-FABRICADA DE CONCRETO,MEDIDA A PARTIR DA COTA DEARRASAMENTO,EXCLUSIVE EMENDAS,CRAVACAO E TRANSPORTE DE BATE-ESTACAS,PARA CARGA DE TRABALHO DE COMPRESSAO AXIAL DE ATE 350KN (35TF),CONFORME ABNT NBR 16258.FORNECIMENTO","M",91.47,null,"10.004.0135-A","ESTACA PRE-FABRICADA DE CONCRETO,MEDIDA A PARTIR DA COTA DEARRASAMENTO,EXCLUSIVE EMENDAS,CRAVACAO E TRANSPORTE DE BATE-ESTACAS,PARA CARGA DE TRABALHO DE COMPRESSAO AXIAL DE ATE 350KN (35TF),CONFORME ABNT NBR 16258.FORNECIMENTO","M",91.47]
["10.004.0170-0","ESTACA PRE-FABRICADA DE CONCRETO,MEDIDA A PARTIR DA COTA DEARRASAMENTO,EXCLUSIVE EMENDAS,CRAVACAO E TRANSPORTE DE BATE-ESTACAS,PARA CARGA DE TRABALHO DE COMPRESSAO AXIAL DE ATE 1300KN (130TF),CONFORME ABNT NBR 16258.FORNECIMENTO","M",206.51,null,"10.004.0170-A","ESTACA PRE-FABRICADA DE CONCRETO,MEDIDA A PARTIR DA COTA DEARRASAMENTO,EXCLUSIVE EMENDAS,CRAVACAO E TRANSPORTE DE BATE-ESTACAS,PARA CARGA DE TRABALHO DE COMPRESSAO AXIAL DE ATE 1300KN (130TF),CONFORME ABNT NBR 16258.FORNECIMENTO","M",206.51]
["10.004.0175-0","ESTACA PRE-FABRICADA DE CONCRETO,MEDIDA A PARTIR DA COTA DEARRASAMENTO,EXCLUSIVE EMENDAS,CRAVACAO E TRANSPORTE DE BATE-ESTACAS,PARA CARGA DE TRABALHO DE COMPRESSAO AXIAL DE ATE 1700KN (170TF),CONFORME ABNT NBR 16258.FORNECIMENTO","M",314.14,null,"10.004.0175-A","ESTACA PRE-FABRICADA DE CONCRETO,MEDIDA A PARTIR DA COTA DEARRASAMENTO,EXCLUSIVE EMENDAS,CRAVACAO E TRANSPORTE DE BATE-ESTACAS,PARA CARGA DE TRABALHO DE COMPRESSAO AXIAL DE ATE 1700KN (170TF),CONFORME ABNT NBR 16258.FORNECIMENTO","M",314.14]
["10.004.0185-0","ESTACA PRE-MOLDADA DE CONCRETO ARMADO,CENTRIFUGADA,MEDIDA APARTIR DA COTA DE ARRASAMENTO,EXCLUSIVE EMENDAS,CRAVACAO E TRANSPORTE DE BATE-ESTACAS,D=60CM,PARA CARGA DE TRABALHO DE COMPRESSAO AXIAL DE ATE 2350KN(235TF).FORNECIMENTO","M",654.04999999999995,null,"10.004.0185-A","ESTACA PRE-MOLDADA DE CONCRETO ARMADO,CENTRIFUGADA,MEDIDA APARTIR DA COTA DE ARRASAMENTO,EXCLUSIVE EMENDAS,CRAVACAO E TRANSPORTE DE BATE-ESTACAS,D=60CM,PARA CARGA DE TRABALHO DE COMPRESSAO AXIAL DE ATE 2350KN(235TF).FORNECIMENTO","M",654.04999999999995]
["10.004.0220-0","CRAVACAO DE ESTACA PRE-FABRICADA DE CONCRETO,INCLUSIVE BATE-ESTACAS (VIDE TRANSPORTE NA FAMILIA 04.025),MEDIDA A PARTIRDO NIVEL DE OPERACAO DO BATE-ESTACAS PARA CARGA DE TRABALHODE COMPRESSAO AXIAL DE ATE 750KN (75TF)","M",113.3,null,"10.004.0220-A","CRAVACAO DE ESTACA PRE-FABRICADA DE CONCRETO,INCLUSIVE BATE-ESTACAS (VIDE TRANSPORTE NA FAMILIA 04.025),MEDIDA A PARTIRDO NIVEL DE OPERACAO DO BATE-ESTACAS PARA CARGA DE TRABALHODE COMPRESSAO AXIAL DE ATE 750KN (75TF)","M",113.3]
["10.004.0235-0","CRAVACAO DE ESTACA PRE-FABRICADA DE CONCRETO,INCLUSIVE BATE-ESTACAS (VIDE TRANSPORTE NA FAMILIA 04.025),MEDIDA A PARTIRDO NIVEL DE OPERACAO DO BATE-ESTACAS PARA CARGA DE TRABALHODE COMPRESSAO AXIAL DE ATE 1700KN (170TF)","M",228.66,null,"10.004.0235-A","CRAVACAO DE ESTACA PRE-FABRICADA DE CONCRETO,INCLUSIVE BATE-ESTACAS (VIDE TRANSPORTE NA FAMILIA 04.025),MEDIDA A PARTIRDO NIVEL DE OPERACAO DO BATE-ESTACAS PARA CARGA DE TRABALHODE COMPRESSAO AXIAL DE ATE 1700KN (170TF)","M",228.66]
["10.004.0275-0","EMENDA METALICA EM ESTACA PRE-FABRICADA,PARA CARGA DE TRABALHO DE COMPRESSAO AXIAL DE ATE 600KN(60TF)","UN",151.41,null,"10.004.0275-A","EMENDA METALICA EM ESTACA PRE-FABRICADA,PARA CARGA DE TRABALHO DE COMPRESSAO AXIAL DE ATE 600KN(60TF)","UN",151.41]
["10.005.0002-0","ESTACA DE CONCRETO ARMADO,MOLDADA NO TERRENO,TIPO \"FRANKI STANDARD\",COM DIAMETRO DE 350MM,PROFUNDIDADE ATE 16,00M,CAPACIDADE MEDIA DE CARGA IGUAL A 55T,INCLUSIVE FORNECIMENTO DOS MATERIAIS,CONSIDERANDO O TRECHO CRAVADO E CONCRETADO","M",347.87,null,"10.005.0002-A","ESTACA DE CONCRETO ARMADO,MOLDADA NO TERRENO,TIPO \"FRANKI STANDARD\",COM DIAMETRO DE 350MM,PROFUNDIDADE ATE 16,00M,CAPACIDADE MEDIA DE CARGA IGUAL A 55T,INCLUSIVE FORNECIMENTO DOS MATERIAIS,CONSIDERANDO O TRECHO CRAVADO E CONCRETADO","M",342.94]
["10.005.0022-0","ESTACA DE CONCRETO ARMADO,MOLDADA NO TERRENO,TIPO \"FRANKI STANDARD\",COM DIAMETRO DE 350MM,PROFUNDIDADE ACIMA DE 16,00M EATE 18,00M,CAPACIDADE MEDIA DE CARGA IGUAL A 55T,INCLUSIVEFORNECIMENTO DOS MATERIAIS,CONSIDERANDO O TRECHO CRAVADO E CONCRETADO","M",354.21,null,"10.005.0022-A","ESTACA DE CONCRETO ARMADO,MOLDADA NO TERRENO,TIPO \"FRANKI STANDARD\",COM DIAMETRO DE 350MM,PROFUNDIDADE ACIMA DE 16,00M EATE 18,00M,CAPACIDADE MEDIA DE CARGA IGUAL A 55T,INCLUSIVEFORNECIMENTO DOS MATERIAIS,CONSIDERANDO O TRECHO CRAVADO E CONCRETADO","M",348.87]
["10.005.0031-0","TRECHO CRAVADO,MAS NAO CONCRETADO(SITUADO ACIMA DA COTA DE ARRASAMENTO),DE TUBULACAO NECESSARIA PARA EXECUCAO DE ESTACAMOLDADA NO TERRENO,TIPO \"FRANKI\",COM DIAMETRO DE 400MM","M",198.65,null,"10.005.0031-A","TRECHO CRAVADO,MAS NAO CONCRETADO(SITUADO ACIMA DA COTA DE ARRASAMENTO),DE TUBULACAO NECESSARIA PARA EXECUCAO DE ESTACAMOLDADA NO TERRENO,TIPO \"FRANKI\",COM DIAMETRO DE 400MM","M",196.08]
["10.005.0032-0","TRECHO CRAVADO,MAS NAO CONCRETADO(SITUADO ACIMA DA COTA DE ARRASAMENTO),DE TUBULACAO NECESSARIA PARA EXECUCAO DE ESTACAMOLDADA NO TERRENO,TIPO \"FRANKI\",COM DIAMETRO DE 450MM","M",238.95,null,"10.005.0032-A","TRECHO CRAVADO,MAS NAO CONCRETADO(SITUADO ACIMA DA COTA DE ARRASAMENTO),DE TUBULACAO NECESSARIA PARA EXECUCAO DE ESTACAMOLDADA NO TERRENO,TIPO \"FRANKI\",COM DIAMETRO DE 450MM","M",236.17]
["10.005.0060-0","BULBO DE ALARGAMENTO PARA ESTACA TIPO \"FRANKI\",DIAMETRO DE 600MM(ATE 750L)","UN",697.01,null,"10.005.0060-A","BULBO DE ALARGAMENTO PARA ESTACA TIPO \"FRANKI\",DIAMETRO DE 600MM(ATE 750L)","UN",687.14]
["10.008.0004-1","ESCAVACAO DE FUSTE DE TUBULAO COM CAMISA DE CONCRETO ARMADO,TENDO 1,50M DE DIAMETRO EXTERNO E PLANO DA BASE ENTRE 4,50 E7,50M DE PROFUNDIDADE,A CEU ABERTO EM MATERIAL DE 1ª CATEGORIA,EXCLUSIVE MATERIAL,MAO-DE-OBRA E MATERIAL PARA CONCRETO,FORMAS,ARMACAO,CARGA,TRANSPORTE E DESCARGA DO MATERIAL ESCAVADO E ALARGAMENTO DA BASE","M",479.63,null,"10.008.0004-B","ESCAVACAO DE FUSTE DE TUBULAO COM CAMISA DE CONCRETO ARMADO,TENDO 1,50M DE DIAMETRO EXTERNO E PLANO DA BASE ENTRE 4,50 E7,50M DE PROFUNDIDADE,A CEU ABERTO EM MATERIAL DE 1ª CATEGORIA,EXCLUSIVE MATERIAL,MAO-DE-OBRA E MATERIAL PARA CONCRETO,FORMAS,ARMACAO,CARGA,TRANSPORTE E DESCARGA DO MATERIAL ESCAVADO E ALARGAMENTO DA BASE","M",447.43]
["10.008.0009-1","ESCAVACAO DE FUSTE DE TUBULAO COM CAMISA DE CONCRETO ARMADO,TENDO 2,00M DE DIAMETRO EXTERNO E PLANO DA BASE ATE 4,50M DEPROFUNDIDADE,A CEU ABERTO EM MATERIAL DE 1ª CATEGORIA,EXCLUSIVE MATERIAL,MAO-DE-OBRA E MATERIAL PARA CONCRETO,FORMAS,ARMACAO,CARGA,TRANSPORTE E DESCARGA DO MATERIAL ESCAVADO E ALARGAMENTO DA BASE","M",557.64,null,"10.008.0009-B","ESCAVACAO DE FUSTE DE TUBULAO COM CAMISA DE CONCRETO ARMADO,TENDO 2,00M DE DIAMETRO EXTERNO E PLANO DA BASE ATE 4,50M DEPROFUNDIDADE,A CEU ABERTO EM MATERIAL DE 1ª CATEGORIA,EXCLUSIVE MATERIAL,MAO-DE-OBRA E MATERIAL PARA CONCRETO,FORMAS,ARMACAO,CARGA,TRANSPORTE E DESCARGA DO MATERIAL ESCAVADO E ALARGAMENTO DA BASE","M",520.20000000000005]
["10.008.0023-0","ESCAVACAO DE FUSTE DE TUBULAO COM CAMISA DE CONCRETO ARMADO,TENDO 1,50M DE DIAMETRO EXTERNO E PLANO DA BASE ENTRE 4,50 E7,50M DE PROFUNDIDADE,A CEU ABERTO EM MATERIAL DE 2ª CATEGORIA,EXCLUSIVE MATERIAL,MAO-DE-OBRA E MATERIAL PARA CONCRETO,FORMAS,ARMACAO,CARGA,TRANSPORTE E DESCARGA DO MATERIAL ESCAVADO E ALARGAMENTO DA BASE","M",872.94,null,"10.008.0023-A","ESCAVACAO DE FUSTE DE TUBULAO COM CAMISA DE CONCRETO ARMADO,TENDO 1,50M DE DIAMETRO EXTERNO E PLANO DA BASE ENTRE 4,50 E7,50M DE PROFUNDIDADE,A CEU ABERTO EM MATERIAL DE 2ª CATEGORIA,EXCLUSIVE MATERIAL,MAO-DE-OBRA E MATERIAL PARA CONCRETO,FORMAS,ARMACAO,CARGA,TRANSPORTE E DESCARGA DO MATERIAL ESCAVADO E ALARGAMENTO DA BASE","M",814.33]
["10.008.0025-0","ESCAVACAO DE FUSTE DE TUBULAO COM CAMISA DE CONCRETO ARMADO,TENDO 1,60M DE DIAMETRO EXTERNO E PLANO DA BASE ENTRE 4,50 E7,50M DE PROFUNDIDADE,A CEU ABERTO EM MATERIAL DE 2ª CATEGORIA,EXCLUSIVE MATERIAL,MAO-DE-OBRA E MATERIAL PARA CONCRETO,FORMAS,ARMACAO,CARGA,TRANSPORTE E DESCARGA DO MATERIAL ESCAVADO E ALARGAMENTO DA BASE","M",993.97,null,"10.008.0025-A","ESCAVACAO DE FUSTE DE TUBULAO COM CAMISA DE CONCRETO ARMADO,TENDO 1,60M DE DIAMETRO EXTERNO E PLANO DA BASE ENTRE 4,50 E7,50M DE PROFUNDIDADE,A CEU ABERTO EM MATERIAL DE 2ª CATEGORIA,EXCLUSIVE MATERIAL,MAO-DE-OBRA E MATERIAL PARA CONCRETO,FORMAS,ARMACAO,CARGA,TRANSPORTE E DESCARGA DO MATERIAL ESCAVADO E ALARGAMENTO DA BASE","M",927.23]
["10.008.0040-0","ESCAVACAO DE FUSTE DE TUBULAO COM CAMISA DE CONCRETO ARMADO,TENDO 1,40M DE DIAMETRO EXTERNO E PLANO DA BASE ATE 4,50M DEPROFUNDIDADE,A CEU ABERTO EM MATERIAL DE 3ª CATEGORIA,EXCLUSIVE MATERIAL,MAO-DE-OBRA E MATERIAL PARA CONCRETO,FORMAS,ARMACAO,CARGA,TRANSPORTE E DESCARGA DO MATERIAL ESCAVADO E ALARGAMENTO DA BASE","M",421.42,null,"10.008.0040-A","ESCAVACAO DE FUSTE DE TUBULAO COM CAMISA DE CONCRETO ARMADO,TENDO 1,40M DE DIAMETRO EXTERNO E PLANO DA BASE ATE 4,50M DEPROFUNDIDADE,A CEU ABERTO EM MATERIAL DE 3ª CATEGORIA,EXCLUSIVE MATERIAL,MAO-DE-OBRA E MATERIAL PARA CONCRETO,FORMAS,ARMACAO,CARGA,TRANSPORTE E DESCARGA DO MATERIAL ESCAVADO E ALARGAMENTO DA BASE","M",393.13]
["10.008.0042-0","ESCAVACAO DE FUSTE DE TUBULAO COM CAMISA DE CONCRETO ARMADO,TENDO 1,50M DE DIAMETRO EXTERNO E PLANO DA BASE ATE 4,50M DEPROFUNDIDADE,A CEU ABERTO EM MATERIAL DE 3ª CATEGORIA,EXCLUSIVE MATERIAL,MAO-DE-OBRA E MATERIAL PARA CONCRETO,FORMAS,ARMACAO,CARGA,TRANSPORTE E DESCARGA DO MATERIAL ESCAVADO E ALARGAMENTO DA BASE","M",485.88,null,"10.008.0042-A","ESCAVACAO DE FUSTE DE TUBULAO COM CAMISA DE CONCRETO ARMADO,TENDO 1,50M DE DIAMETRO EXTERNO E PLANO DA BASE ATE 4,50M DEPROFUNDIDADE,A CEU ABERTO EM MATERIAL DE 3ª CATEGORIA,EXCLUSIVE MATERIAL,MAO-DE-OBRA E MATERIAL PARA CONCRETO,FORMAS,ARMACAO,CARGA,TRANSPORTE E DESCARGA DO MATERIAL ESCAVADO E ALARGAMENTO DA BASE","M",453.26]
["10.008.0047-0","ESCAVACAO DE FUSTE DE TUBULAO COM CAMISA DE CONCRETO ARMADO,TENDO 1,80M DE DIAMETRO EXTERNO E PLANO DA BASE ENTRE 4,50 E7,50M DE PROFUNDIDADE,A CEU ABERTO EM MATERIAL DE 3ª CATEGORIA,EXCLUSIVE MATERIAL,MAO-DE-OBRA E MATERIAL PARA CONCRETO,FORMAS,ARMACAO,CARGA,TRANSPORTE E DESCARGA DO MATERIAL ESCAVADO E ALARGAMENTO DA BASE","M",1392.96,null,"10.008.0047-A","ESCAVACAO DE FUSTE DE TUBULAO COM CAMISA DE CONCRETO ARMADO,TENDO 1,80M DE DIAMETRO EXTERNO E PLANO DA BASE ENTRE 4,50 E7,50M DE PROFUNDIDADE,A CEU ABERTO EM MATERIAL DE 3ª CATEGORIA,EXCLUSIVE MATERIAL,MAO-DE-OBRA E MATERIAL PARA CONCRETO,FORMAS,ARMACAO,CARGA,TRANSPORTE E DESCARGA DO MATERIAL ESCAVADO E ALARGAMENTO DA BASE","M",1299.44]
["10.008.0060-0","ESCAVACAO DE BASE ALARGADA DE TUBULAO A CEU ABERTO,EM MATERIAL DE 2ª CATEGORIA,ESTANDO O PLANO INFERIOR DA MESMA ATE 4,50M DA COTA DE ARRASAMENTO,EXCLUSIVE CARGA,TRANSPORTE E DESCARGA DO MATERIAL ESCAVADO","M3",249.5,null,"10.008.0060-A","ESCAVACAO DE BASE ALARGADA DE TUBULAO A CEU ABERTO,EM MATERIAL DE 2ª CATEGORIA,ESTANDO O PLANO INFERIOR DA MESMA ATE 4,50M DA COTA DE ARRASAMENTO,EXCLUSIVE CARGA,TRANSPORTE E DESCARGA DO MATERIAL ESCAVADO","M3",232.75]
["10.010.0002-0","EMENDA DE PERFIL DE ACO \"I\",DE 8\",1ª E 2ª ALMAS,PARA ESTACA,CONSIDERANDO UM CORTE AO MACARICO E SOLDAGEM DE TOPO EM TODOO PERIMETRO E DE 4 TALAS,EM BARRAS CHATAS DE 5/16\" DE ESPESSURA,INCLUSIVE FORNECIMENTO DE TODO O MATERIAL","UN",300.01,null,"10.010.0002-A","EMENDA DE PERFIL DE ACO \"I\",DE 8\",1ª E 2ª ALMAS,PARA ESTACA,CONSIDERANDO UM CORTE AO MACARICO E SOLDAGEM DE TOPO EM TODOO PERIMETRO E DE 4 TALAS,EM BARRAS CHATAS DE 5/16\" DE ESPESSURA,INCLUSIVE FORNECIMENTO DE TODO O MATERIAL","UN",292.77999999999997]
["10.010.0010-0","EMENDA DE PERFIL DE ACO \"I\",DE 10\" DUPLO,1ª E 2ª ALMAS,PARAESTACA,CONSIDERANDO UM CORTE AO MACARICO E 4 TALAS,EM BARRASCHATAS DE 3/8\" DE ESPESSURA,SOLDADAS NOS PERFIS,INCLUSIVE FORNECIMENTO DE TODOS OS MATERIAIS","UN",894.38,null,"10.010.0010-A","EMENDA DE PERFIL DE ACO \"I\",DE 10\" DUPLO,1ª E 2ª ALMAS,PARAESTACA,CONSIDERANDO UM CORTE AO MACARICO E 4 TALAS,EM BARRASCHATAS DE 3/8\" DE ESPESSURA,SOLDADAS NOS PERFIS,INCLUSIVE FORNECIMENTO DE TODOS OS MATERIAIS","UN",868.99]
["10.010.0012-0","EMENDA DE PERFIL DE ACO \"I\",DE 12\" DUPLO,1ª E 2ª ALMAS,PARAESTACA,CONSIDERANDO UM CORTE AO MACARICO E 4 TALAS,EM BARRASCHATAS DE 1/2\" DE ESPESSURA,SOLDADAS NOS PERFIS,INCLUSIVE FORNECIMENTO DE TODOS OS MATERIAIS","UN",1732.74,null,"10.010.0012-A","EMENDA DE PERFIL DE ACO \"I\",DE 12\" DUPLO,1ª E 2ª ALMAS,PARAESTACA,CONSIDERANDO UM CORTE AO MACARICO E 4 TALAS,EM BARRASCHATAS DE 1/2\" DE ESPESSURA,SOLDADAS NOS PERFIS,INCLUSIVE FORNECIMENTO DE TODOS OS MATERIAIS","UN",1678.23]
["10.010.0050-0","EMENDA DE TOPO EM ESTACA DE TRILHO TR-37 SIMPLES,INCLUSIVE TALAS DE CHAPA DE ACO E SOLDAGEM DE TOPO,COM FORNECIMENTO DETODOS OS MATERIAIS","UN",215.75,null,"10.010.0050-A","EMENDA DE TOPO EM ESTACA DE TRILHO TR-37 SIMPLES,INCLUSIVE TALAS DE CHAPA DE ACO E SOLDAGEM DE TOPO,COM FORNECIMENTO DETODOS OS MATERIAIS","UN",209.39]
["10.010.0070-0","EMENDA DE TOPO DE ESTACA DE TRILHO TR-45 DUPLO,INCLUSIVE TALAS DE CHAPA DE ACO E SOLDAGEM DE TOPO,COM FORNECIMENTO DE TODOS OS MATERIAIS","UN",563.34,null,"10.010.0070-A","EMENDA DE TOPO DE ESTACA DE TRILHO TR-45 DUPLO,INCLUSIVE TALAS DE CHAPA DE ACO E SOLDAGEM DE TOPO,COM FORNECIMENTO DE TODOS OS MATERIAIS","UN",545.54]
["10.010.0095-0","EMENDA DE TOPO EM ESTACA DE TRILHO TR-57 SIMPLES,INCLUSIVE TALAS DE CHAPA DE ACO E SOLDAGEM DE TOPO,COM FORNECIMENTO DETODOS OS MATERIAIS","UN",344.01,null,"10.010.0095-A","EMENDA DE TOPO EM ESTACA DE TRILHO TR-57 SIMPLES,INCLUSIVE TALAS DE CHAPA DE ACO E SOLDAGEM DE TOPO,COM FORNECIMENTO DETODOS OS MATERIAIS","UN",332.14]
["10.010.0100-0","EMENDA DE TOPO EM ESTACA DE TRILHO TR-57 DUPLO,INCLUSIVE TALAS DE CHAPA DE ACO E SOLDAGEM DE TOPO,COM FORNECIMENTO DE TODOS OS MATERIAIS","UN",602.66,null,"10.010.0100-A","EMENDA DE TOPO EM ESTACA DE TRILHO TR-57 DUPLO,INCLUSIVE TALAS DE CHAPA DE ACO E SOLDAGEM DE TOPO,COM FORNECIMENTO DE TODOS OS MATERIAIS","UN",582.24]
["10.011.0020-0","PLACA DE ACO CONTRAPUNCAO,NAS DIMENSOES DE PROJETO,SOLDADA SOBRE CABECA DE ESTACA DE ACO DE PERFIL SIMPLES OU DUPLO,MEDIDA PELO PESO INCORPORADO DE CHAPA DE ACO","KG",19.29,null,"10.011.0020-A","PLACA DE ACO CONTRAPUNCAO,NAS DIMENSOES DE PROJETO,SOLDADA SOBRE CABECA DE ESTACA DE ACO DE PERFIL SIMPLES OU DUPLO,MEDIDA PELO PESO INCORPORADO DE CHAPA DE ACO","KG",18.670000000000002]
["10.012.0010-0","ARRASAMENTO DE ESTACA DE CONCRETO PARA CARGA DE TRABALHO DECOMPRESSAO AXIAL DE 950 A 1.300KN","UN",418.88,null,"10.012.0010-A","ARRASAMENTO DE ESTACA DE CONCRETO PARA CARGA DE TRABALHO DECOMPRESSAO AXIAL DE 950 A 1.300KN","UN",390.88]
["10.012.0065-0","ARRASAMENTO DE TUBULAO DE CONCRETO COM DIAMETRO DE 1,45 A 1,60M","UN",1063.74,null,"10.012.0065-A","ARRASAMENTO DE TUBULAO DE CONCRETO COM DIAMETRO DE 1,45 A 1,60M","UN",1042.72]
["10.012.0070-0","ARRASAMENTO DE TUBULAO DE CONCRETO COM DIAMETRO DE 1,65 A 2,00M","UN",1329.67,null,"10.012.0070-A","ARRASAMENTO DE TUBULAO DE CONCRETO COM DIAMETRO DE 1,65 A 2,00M","UN",1303.4100000000001]
["10.012.0110-0","ARRASAMENTO DE ESTACA DE TRILHO TR-25,TR-32,TR-37 OU TR-45,TRIPLO","UN",423.46,null,"10.012.0110-A","ARRASAMENTO DE ESTACA DE TRILHO TR-25,TR-32,TR-37 OU TR-45,TRIPLO","UN",397.49]
["10.012.0155-0","ARRASAMENTO DE ESTACA RAIZ DE 8\" A 10\" DE DIAMETRO","UN",296.39999999999998,null,"10.012.0155-A","ARRASAMENTO DE ESTACA RAIZ DE 8\" A 10\" DE DIAMETRO","UN",277.95999999999998]
["10.014.0001-0","PERFIL SIMPLES \"I\" OU \"H\" ATE 8\",INCLUSIVE PERDAS.FORNECIMENTO","KG",10.29,null,"10.014.0001-A","PERFIL SIMPLES \"I\" OU \"H\" ATE 8\",INCLUSIVE PERDAS.FORNECIMENTO","KG",10.29]
["10.014.0015-0","PERFIL DUPLO \"I\" OU \"H\" SENDO ACIMA DE 8\" ATE 12\",INCLUSIVEEMENDA LONGITUDINAL.O CUSTO JA ESTA MULTIPLICADO POR 2(DOIS).FORNECIMENTO","KG",24.24,null,"10.014.0015-A","PERFIL DUPLO \"I\" OU \"H\" SENDO ACIMA DE 8\" ATE 12\",INCLUSIVEEMENDA LONGITUDINAL.O CUSTO JA ESTA MULTIPLICADO POR 2(DOIS).FORNECIMENTO","KG",24.2]
["10.015.0005-0","TRILHO SEMINOVO DUPLO.NO CUSTO JA FOI CONSIDERADO EMENDA LONGITUDINAL E MULTIPLICADO POR 2(DOIS),INCLUSIVE PERDAS.FORNECIMENTO","KG",12.84,null,"10.015.0005-A","TRILHO SEMINOVO DUPLO.NO CUSTO JA FOI CONSIDERADO EMENDA LONGITUDINAL E MULTIPLICADO POR 2(DOIS),INCLUSIVE PERDAS.FORNECIMENTO","KG",12.71]
["10.017.0008-1","CRAVACAO DE PERFIL DE ACO \"I\" DE 15\" A 20\",INCLUSIVE UM CORTE AO MACARICO,EXCLUSIVE EMENDAS,FORNECIMENTO E PERDAS DO PERFIL","M",186.58,null,"10.017.0008-B","CRAVACAO DE PERFIL DE ACO \"I\" DE 15\" A 20\",INCLUSIVE UM CORTE AO MACARICO,EXCLUSIVE EMENDAS,FORNECIMENTO E PERDAS DO PERFIL","M",182.16]
["10.028.0010-0","ESTACA DE CONCRETO FCK=15MPA,ARMADA,MOLDADA NO TERRENO,COM DIAMETRO DE 200MM,COM CAPACIDADE PARA 20T,INCLUSIVE FORNECIMENTO DOS MATERIAIS E CONCRETAGEM COM ANDENSAMENTO MANUAL,EXCLUSIVE PERFURACAO","M",90.88,null,"10.028.0010-A","ESTACA DE CONCRETO FCK=15MPA,ARMADA,MOLDADA NO TERRENO,COM DIAMETRO DE 200MM,COM CAPACIDADE PARA 20T,INCLUSIVE FORNECIMENTO DOS MATERIAIS E CONCRETAGEM COM ANDENSAMENTO MANUAL,EXCLUSIVE PERFURACAO","M",87.59]
["10.028.0015-0","ESTACA DE CONCRETO FCK=15MPA,ARMADA,MOLDADA NO TERRENO,COM DIAMETRO DE 250MM,COM CAPACIDADE PARA 25T,INCLUSIVE FORNECIMENTO DOS MATERIAIS E CONCRETAGEM COM ADENSAMENTO MANUAL,EXCLUSIVE PERFURACAO","M",117.39,null,"10.028.0015-A","ESTACA DE CONCRETO FCK=15MPA,ARMADA,MOLDADA NO TERRENO,COM DIAMETRO DE 250MM,COM CAPACIDADE PARA 25T,INCLUSIVE FORNECIMENTO DOS MATERIAIS E CONCRETAGEM COM ADENSAMENTO MANUAL,EXCLUSIVE PERFURACAO","M",113.17]
["10.065.0001-0","EXECUCAO DE PAREDE DIAFRAGMA,COM 0,40M DE ESPESSURA,INCLUSIVE ESCAVACAO DA TRINCHEIRA,FORNECIMENTO E PREPARO DA LAMA BENTONITA,CARGA DO MATERIAL ESCAVADO,OPERACAO DE COLOCACAO DA ARMADURA(GAIOLA) E DE CONCRETAGEM,EXCLUSIVE MATERIAIS(CONCRETO E ACO)","M2",1251.27,null,"10.065.0001-A","EXECUCAO DE PAREDE DIAFRAGMA,COM 0,40M DE ESPESSURA,INCLUSIVE ESCAVACAO DA TRINCHEIRA,FORNECIMENTO E PREPARO DA LAMA BENTONITA,CARGA DO MATERIAL ESCAVADO,OPERACAO DE COLOCACAO DA ARMADURA(GAIOLA) E DE CONCRETAGEM,EXCLUSIVE MATERIAIS(CONCRETO E ACO)","M2",1210.07]
["10.065.0004-0","EXECUCAO DE PAREDE DIAFRAGMA,COM 1,00M DE ESPESSURA,INCLUSIVE ESCAVACAO DA TRINCHEIRA,FORNECIMENTO E PREPARO DA LAMA BENTONITA,CARGA DO MATERIAL ESCAVADO,OPERACAO DE COLOCACAO DA ARMADURA(GAIOLA) E DE CONCRETAGEM,EXCLUSIVE MATERIAIS (CONCRETO E ACO)","M2",3375.86,null,"10.065.0004-A","EXECUCAO DE PAREDE DIAFRAGMA,COM 1,00M DE ESPESSURA,INCLUSIVE ESCAVACAO DA TRINCHEIRA,FORNECIMENTO E PREPARO DA LAMA BENTONITA,CARGA DO MATERIAL ESCAVADO,OPERACAO DE COLOCACAO DA ARMADURA(GAIOLA) E DE CONCRETAGEM,EXCLUSIVE MATERIAIS (CONCRETO E ACO)","M2",3264.62]
["11.001.0006-1","CONCRETO DOSADO RACIONALMENTE PARA UMA RESISTENCIA CARACTERISTICA A COMPRESSAO DE 20MPA,COMPREENDENDO APENAS O FORNECIMENTO DOS MATERIAIS,INCLUSIVE 5% DE PERDAS","M3",453.44,null,"11.001.0006-B","CONCRETO DOSADO RACIONALMENTE PARA UMA RESISTENCIA CARACTERISTICA A COMPRESSAO DE 20MPA,COMPREENDENDO APENAS O FORNECIMENTO DOS MATERIAIS,INCLUSIVE 5% DE PERDAS","M3",453.44]
["11.001.0007-1","CONCRETO DOSADO RACIONALMENTE PARA UMA RESISTENCIA CARACTERISTICA A COMPRESSAO DE 25MPA,COMPREENDENDO APENAS O FORNECIMENTO DOS MATERIAIS,INCLUSIVE 5% DE PERDAS","M3",474.27,null,"11.001.0007-B","CONCRETO DOSADO RACIONALMENTE PARA UMA RESISTENCIA CARACTERISTICA A COMPRESSAO DE 25MPA,COMPREENDENDO APENAS O FORNECIMENTO DOS MATERIAIS,INCLUSIVE 5% DE PERDAS","M3",474.27]
["11.001.0019-0","CONCRETO COLORIDO,UTILIZANDO OXIDO DE FERRO VERMELHO SINTETICO,DOSADO PARA UMA RESISTENCIA CARACTERISTICA A COMPRESSAO(FCK)MINIMO DE 15MPA,COMPREENDENDO APENAS O FORNECIMENTO DOS MATERIAIS,INCLUSIVE 5% DE PERDAS","M3",482.17,null,"11.001.0019-A","CONCRETO COLORIDO,UTILIZANDO OXIDO DE FERRO VERMELHO SINTETICO,DOSADO PARA UMA RESISTENCIA CARACTERISTICA A COMPRESSAO(FCK)MINIMO DE 15MPA,COMPREENDENDO APENAS O FORNECIMENTO DOS MATERIAIS,INCLUSIVE 5% DE PERDAS","M3",482.17]
["11.001.0038-1","CONCRETO DE ALTO DESEMPENHO (CAD) DOSADO RACIONALMENTE PARAUMA RESISTENCIA CARACTERISTICA A COMPRESSAO DE 60MPA,COMPREENDENDO APENAS O FORNECIMENTO DOS MATERIAIS,INCLUSIVE 5% DE PERDAS","M3",589.51,null,"11.001.0038-B","CONCRETO DE ALTO DESEMPENHO (CAD) DOSADO RACIONALMENTE PARAUMA RESISTENCIA CARACTERISTICA A COMPRESSAO DE 60MPA,COMPREENDENDO APENAS O FORNECIMENTO DOS MATERIAIS,INCLUSIVE 5% DE PERDAS","M3",589.51]
["11.002.0011-1","PREPARO DE CONCRETO,COMPREENDENDO MISTURA E AMASSAMENTO EM 2(DUAS) BETONEIRAS DE 600L,ADMITINDO-SE UMA PRODUCAO APROXIMADA DE 7,00M3/H,EXCLUINDO O FORNECIMENTO DOS MATERIAIS","M3",67.13,null,"11.002.0011-B","PREPARO DE CONCRETO,COMPREENDENDO MISTURA E AMASSAMENTO EM 2(DUAS) BETONEIRAS DE 600L,ADMITINDO-SE UMA PRODUCAO APROXIMADA DE 7,00M3/H,EXCLUINDO O FORNECIMENTO DOS MATERIAIS","M3",63.74]
["11.002.0015-1","PREPARO DE CONCRETO,EM CONDICOES ESPECIAIS,COMPREENDENDO MISTURA E AMASSAMENTO EM UMA BETONEIRA DE 320L,ADMITINDO-SE UMAPRODUCAO APROXIMADA DE 1,00M3/H,EXCLUINDO O FORNECIMENTO DOS MATERIAIS","M3",143.61000000000001,null,"11.002.0015-B","PREPARO DE CONCRETO,EM CONDICOES ESPECIAIS,COMPREENDENDO MISTURA E AMASSAMENTO EM UMA BETONEIRA DE 320L,ADMITINDO-SE UMAPRODUCAO APROXIMADA DE 1,00M3/H,EXCLUINDO O FORNECIMENTO DOS MATERIAIS","M3",134.77000000000001]
["11.002.0023-1","LANCAMENTO DE CONCRETO EM PECAS ARMADAS,INCLUSIVE TRANSPORTEHORIZONTAL ATE 20,00M EM CARRINHOS,E VERTICAL ATE 10,00M COM TORRE E GUINCHO,COLOCACAO,ADENSAMENTO E ACABAMENTO,CONSIDERANDO UMA PRODUCAO APROXIMADA DE 2,00M3/H","M3",157.47,null,"11.002.0023-B","LANCAMENTO DE CONCRETO EM PECAS ARMADAS,INCLUSIVE TRANSPORTEHORIZONTAL ATE 20,00M EM CARRINHOS,E VERTICAL ATE 10,00M COM TORRE E GUINCHO,COLOCACAO,ADENSAMENTO E ACABAMENTO,CONSIDERANDO UMA PRODUCAO APROXIMADA DE 2,00M3/H","M3",147.52000000000001]
["11.002.0029-1","LANCAMENTO DE CONCRETO EM PECAS SEM ARMADURA,INCLUSIVE TRANSPORTE HORIZONTAL ATE 20,00M EM CARRINHOS,E VERTICAL ATE 10,00M COM TORRE E GUINCHO,COLOCACAO,ADENSAMENTO E ACABAMENTO,CONSIDERANDO UMA PRODUCAO APROXIMADA DE 2,00M3/H","M3",142.16999999999999,null,"11.002.0029-B","LANCAMENTO DE CONCRETO EM PECAS SEM ARMADURA,INCLUSIVE TRANSPORTE HORIZONTAL ATE 20,00M EM CARRINHOS,E VERTICAL ATE 10,00M COM TORRE E GUINCHO,COLOCACAO,ADENSAMENTO E ACABAMENTO,CONSIDERANDO UMA PRODUCAO APROXIMADA DE 2,00M3/H","M3",133.22999999999999]
["11.002.0036-1","LANCAMENTO DE CONCRETO EM PECAS SEM ARMADURA,EM CONDICOES ESPECIAIS,INCLUSIVE O TRANSPORTE HORIZONTAL ATE 20,00M EM CARRINHOS,COLOCACAO,ADENSAMENTO E ACABAMENTO,CONSIDERANDO UMA PRODUCAO APROXIMADA DE 1,50M3/H","M3",100.61,null,"11.002.0036-B","LANCAMENTO DE CONCRETO EM PECAS SEM ARMADURA,EM CONDICOES ESPECIAIS,INCLUSIVE O TRANSPORTE HORIZONTAL ATE 20,00M EM CARRINHOS,COLOCACAO,ADENSAMENTO E ACABAMENTO,CONSIDERANDO UMA PRODUCAO APROXIMADA DE 1,50M3/H","M3",93.91]
["11.002.0037-1","LANCAMENTO DE CONCRETO EM PECAS SEM ARMADURA,EM CONDICOES ESPECIAIS,INCLUSIVE O TRANSPORTE HORIZONTAL ATE 20,00M EM CARRINHOS,COLOCACAO,ADENSAMENTO E ACABAMENTO,CONSIDERANDO UMA PRODUCAO APROXIMADA DE 1,00M3/H","M3",116.13,null,"11.002.0037-B","LANCAMENTO DE CONCRETO EM PECAS SEM ARMADURA,EM CONDICOES ESPECIAIS,INCLUSIVE O TRANSPORTE HORIZONTAL ATE 20,00M EM CARRINHOS,COLOCACAO,ADENSAMENTO E ACABAMENTO,CONSIDERANDO UMA PRODUCAO APROXIMADA DE 1,00M3/H","M3",108.39]
["11.002.0045-0","LANCAMENTO DE CONCRETO EM PECAS ARMADAS,EM CONDICOES ESPECIAIS,INCLUSIVE O TRANSPORTE HORIZONTAL ATE 20,00M EM CARRINHOS,COLOCACAO,ADENSAMENTO E ACABAMENTO,CONSIDERANDO UMA PRODUCAO APROXIMADA DE 1,00M3/H","M3",133.44,null,"11.002.0045-A","LANCAMENTO DE CONCRETO EM PECAS ARMADAS,EM CONDICOES ESPECIAIS,INCLUSIVE O TRANSPORTE HORIZONTAL ATE 20,00M EM CARRINHOS,COLOCACAO,ADENSAMENTO E ACABAMENTO,CONSIDERANDO UMA PRODUCAO APROXIMADA DE 1,00M3/H","M3",124.54]
["11.003.0003-1","CONCRETO DOSADO RACIONALMENTE PARA UMA RESISTENCIA CARACTERISTICA A COMPRESSAO DE 20MPA,INCLUSIVE MATERIAIS,TRANSPORTE,PREPARO COM BETONEIRA,LANCAMENTO E ADENSAMENTO","M3",715.63,null,"11.003.0003-B","CONCRETO DOSADO RACIONALMENTE PARA UMA RESISTENCIA CARACTERISTICA A COMPRESSAO DE 20MPA,INCLUSIVE MATERIAIS,TRANSPORTE,PREPARO COM BETONEIRA,LANCAMENTO E ADENSAMENTO","M3",699.06]
["11.003.0010-0","CONCRETO DOSADO RACIONALMENTE PARA UMA RESISTENCIA CARACTERISTICA A COMPRESSAO DE 15MPA,INCLUSIVE IMPERMEABILIZANTE DE PEGA NORMAL,ADICIONADO A AGUA DE AMASSAMENTO","M3",726.92,null,"11.003.0010-A","CONCRETO DOSADO RACIONALMENTE PARA UMA RESISTENCIA CARACTERISTICA A COMPRESSAO DE 15MPA,INCLUSIVE IMPERMEABILIZANTE DE PEGA NORMAL,ADICIONADO A AGUA DE AMASSAMENTO","M3",710.34]
["11.003.0014-1","CONCRETO CICLOPICO CONFECCIONADO COM CONCRETO DOSADO PARA UMA RESISTENCIA CARACTERISTICA A COMPRESSAO DE 10MPA,TENDO 30%DO VOLUME REAL OCUPADO POR PEDRA-DE-MAO,INCLUSIVE MATERIAIS,TRANSPORTE,PREPARO,LANCAMENTO E ADENSAMENTO","M3",597.54999999999995,null,"11.003.0014-B","CONCRETO CICLOPICO CONFECCIONADO COM CONCRETO DOSADO PARA UMA RESISTENCIA CARACTERISTICA A COMPRESSAO DE 10MPA,TENDO 30%DO VOLUME REAL OCUPADO POR PEDRA-DE-MAO,INCLUSIVE MATERIAIS,TRANSPORTE,PREPARO,LANCAMENTO E ADENSAMENTO","M3",583.25]
["11.003.0056-0","PREENCHIMENTO COM CONCRETO DE 30MPA EM VAZIOS DE ALVENARIA DE BLOCOS DE CONCRETO 10X20X40CM,EM PAREDES DE 10CM,MEDIDO PELA AREA REAL,EXCLUSIVE ARMACAO E A ALVENARIA","M2",69.59,null,"11.003.0056-A","PREENCHIMENTO COM CONCRETO DE 30MPA EM VAZIOS DE ALVENARIA DE BLOCOS DE CONCRETO 10X20X40CM,EM PAREDES DE 10CM,MEDIDO PELA AREA REAL,EXCLUSIVE ARMACAO E A ALVENARIA","M2",66.790000000000006]
["11.003.0070-0","PREENCHIMENTO COM CONCRETO DE 15MPA EM VAZIOS DE ALVENARIA DE BLOCOS DE CONCRETO 20X20X40CM,EM PAREDES DE 20CM,MEDIDO PELA AREA REAL,EXCLUSIVE ARMACAO E A ALVENARIA","M2",88.93,null,"11.003.0070-A","PREENCHIMENTO COM CONCRETO DE 15MPA EM VAZIOS DE ALVENARIA DE BLOCOS DE CONCRETO 20X20X40CM,EM PAREDES DE 20CM,MEDIDO PELA AREA REAL,EXCLUSIVE ARMACAO E A ALVENARIA","M2",86.12]
["11.003.0076-0","PREENCHIMENTO COM CONCRETO DE 30MPA EM VAZIOS DE ALVENARIA DE BLOCOS DE CONCRETO 20X20X40CM,EM PAREDES DE 20CM,MEDIDO PELA AREA REAL,EXCLUSIVE ARMACAO E A ALVENARIA","M2",97.34,null,"11.003.0076-A","PREENCHIMENTO COM CONCRETO DE 30MPA EM VAZIOS DE ALVENARIA DE BLOCOS DE CONCRETO 20X20X40CM,EM PAREDES DE 20CM,MEDIDO PELA AREA REAL,EXCLUSIVE ARMACAO E A ALVENARIA","M2",94.54]
["11.004.0020-1","FORMAS DE MADEIRA DE 3ª PARA MOLDAGEM DE PECAS DE CONCRETO ARMADO COM PARAMENTOS PLANOS,EM LAJES,VIGAS,PAREDES,ETC,SERVINDO A MADEIRA 3 VEZES,INCLUSIVE DESMOLDAGEM,EXCLUSIVE ESCORAMENTO.","M2",80.03,null,"11.004.0020-B","FORMAS DE MADEIRA DE 3ª PARA MOLDAGEM DE PECAS DE CONCRETO ARMADO COM PARAMENTOS PLANOS,EM LAJES,VIGAS,PAREDES,ETC,SERVINDO A MADEIRA 3 VEZES,INCLUSIVE DESMOLDAGEM,EXCLUSIVE ESCORAMENTO.","M2",76.13]
["11.004.0025-1","FORMAS DE MADEIRA DE 3ª,PARA MOLDAGEM DE PECAS DE CONCRETOARMADO COM PARAMENTOS CURVOS,SERVINDO A MADEIRA 2 VEZES,INCLUSIVE DESMOLDAGEM,EXCLUSIVE ESCORAMENTO","M2",133.43,null,"11.004.0025-B","FORMAS DE MADEIRA DE 3ª,PARA MOLDAGEM DE PECAS DE CONCRETOARMADO COM PARAMENTOS CURVOS,SERVINDO A MADEIRA 2 VEZES,INCLUSIVE DESMOLDAGEM,EXCLUSIVE ESCORAMENTO","M2",126.91]
["11.004.0030-1","ESCORAMENTO DE PONTILHOES,PONTES E VIADUTOS,DE CONCRETO ARMADO,COM MADEIRA SERRADA E DE 3ª COM ESCORAS DE MADEIRA DE REFLORESTAMENTO,UTILIZANDO A MADEIRA 2 VEZES,INCLUSIVE DESMONTAGEM,CONSIDERA-SE VOLUME COBERTO,COMPREENDIDO PELA PROJECAO HORIZONTAL DO ESTRADO NO TERRENO,DEDUZIDA A PARTE ESTRUTURALENVOLVIDA","M3",82.75,null,"11.004.0030-B","ESCORAMENTO DE PONTILHOES,PONTES E VIADUTOS,DE CONCRETO ARMADO,COM MADEIRA SERRADA E DE 3ª COM ESCORAS DE MADEIRA DE REFLORESTAMENTO,UTILIZANDO A MADEIRA 2 VEZES,INCLUSIVE DESMONTAGEM,CONSIDERA-SE VOLUME COBERTO,COMPREENDIDO PELA PROJECAO HORIZONTAL DO ESTRADO NO TERRENO,DEDUZIDA A PARTE ESTRUTURALENVOLVIDA","M3",80.400000000000006]
["11.004.0038-1","ESCORAMENTO DE FORMAS DE 4,00 ATE 5,00M DE PE DIREITO,COM MADEIRA DE 3ª,TABUAS EMPREGADAS 3 VEZES,PRUMOS 4 VEZES","M3",27.89,null,"11.004.0038-B","ESCORAMENTO DE FORMAS DE 4,00 ATE 5,00M DE PE DIREITO,COM MADEIRA DE 3ª,TABUAS EMPREGADAS 3 VEZES,PRUMOS 4 VEZES","M3",26.89]
["11.004.0060-0","ESCORAMENTO DE TUNEL ESCAVADO EM TERRA,COM MADEIRA DE REFLORESTAMENTO SERRADA,DE 2\",POR CIMA DAS CAMBOTAS METALICAS,INCLUSIVE O FORNECIMENTO E COLOCACAO DA MADEIRA,SEM APROVEITAMENTO DESTA","M2",226.9,null,"11.004.0060-A","ESCORAMENTO DE TUNEL ESCAVADO EM TERRA,COM MADEIRA DE REFLORESTAMENTO SERRADA,DE 2\",POR CIMA DAS CAMBOTAS METALICAS,INCLUSIVE O FORNECIMENTO E COLOCACAO DA MADEIRA,SEM APROVEITAMENTO DESTA","M2",221.2]
["11.004.0069-1","ESCORAMENTO DE FORMAS DE PARAMENTOS VERTICAIS,PARA ALTURA DE1,50 A 5,00M,COM 30% DE APROVEITAMENTO DA MADEIRA,INCLUSIVERETIRADA","M2",59.89,null,"11.004.0069-B","ESCORAMENTO DE FORMAS DE PARAMENTOS VERTICAIS,PARA ALTURA DE1,50 A 5,00M,COM 30% DE APROVEITAMENTO DA MADEIRA,INCLUSIVERETIRADA","M2",57.44]
["11.004.0080-0","JUNTA DE MADEIRA PARA PONTES,UTILIZANDO SARRAFOS DE 1X7CM","M",5.1100000000000003,null,"11.004.0080-A","JUNTA DE MADEIRA PARA PONTES,UTILIZANDO SARRAFOS DE 1X7CM","M",4.8899999999999997]
["11.005.0005-1","FORMAS DE CHAPAS DE MADEIRA COMPENSADA,DE 20MM DE ESPESSURA,PLASTIFICADAS,SERVINDO 1 VEZ PARA VIADUTOS,INCLUINDO PECAS DE TRANSFERENCIA PARA ESCORAMENTO METALICO,EXCLUSIVE ESTE,INCLUSIVE FORNECIMENTO DE MATERIAIS E DESMOLDAGEM","M2",248.99,null,"11.005.0005-B","FORMAS DE CHAPAS DE MADEIRA COMPENSADA,DE 20MM DE ESPESSURA,PLASTIFICADAS,SERVINDO 1 VEZ PARA VIADUTOS,INCLUINDO PECAS DE TRANSFERENCIA PARA ESCORAMENTO METALICO,EXCLUSIVE ESTE,INCLUSIVE FORNECIMENTO DE MATERIAIS E DESMOLDAGEM","M2",241.07]
["11.005.0006-1","FORMAS DE CHAPAS DE MADEIRA COMPENSADA,DE 20MM DE ESPESSURA,PLASTIFICADAS,SERVINDO A MADEIRA 2 VEZES PARA VIADUTOS,INCLUINDO PECAS DE TRANSFERENCIA PARA ESCORAMENTO METALICO,EXCLUSIVE ESTE,INCLUSIVE FORNECIMENTO DE MATERIAIS E DESMOLDAGEM","M2",193.81,null,"11.005.0006-B","FORMAS DE CHAPAS DE MADEIRA COMPENSADA,DE 20MM DE ESPESSURA,PLASTIFICADAS,SERVINDO A MADEIRA 2 VEZES PARA VIADUTOS,INCLUINDO PECAS DE TRANSFERENCIA PARA ESCORAMENTO METALICO,EXCLUSIVE ESTE,INCLUSIVE FORNECIMENTO DE MATERIAIS E DESMOLDAGEM","M2",185.36]
["11.005.0020-0","FORMAS DE CHAPAS DE MADEIRA COMPENSADA,DE 10MM DE ESPESSURA,TIPO CAIXA PERDIDA,COM 50CM DE LARGURA E 46CM DE ALTURA.FORNECIMENTO E COLOCACAO","M",51.24,null,"11.005.0020-A","FORMAS DE CHAPAS DE MADEIRA COMPENSADA,DE 10MM DE ESPESSURA,TIPO CAIXA PERDIDA,COM 50CM DE LARGURA E 46CM DE ALTURA.FORNECIMENTO E COLOCACAO","M",49.49]
["11.009.0012-0","FIO DE ACO CA-60,REDONDO,COM SALIENCIA OU MOSSA,COEFICIENTEDE CONFORMACAO SUPERFICIAL MINIMO (ADERENCIA)IGUAL A 1,5,DIAMETRO ACIMA DE 5MM,DESTINADO A ARMADURA DE PECAS DE CONCRETOARMADO,10% DE PERDAS DE PONTAS E ARAME 18.FORNECIMENTO","KG",7.63,null,"11.009.0012-A","FIO DE ACO CA-60,REDONDO,COM SALIENCIA OU MOSSA,COEFICIENTEDE CONFORMACAO SUPERFICIAL MINIMO (ADERENCIA)IGUAL A 1,5,DIAMETRO ACIMA DE 5MM,DESTINADO A ARMADURA DE PECAS DE CONCRETOARMADO,10% DE PERDAS DE PONTAS E ARAME 18.FORNECIMENTO","KG",7.63]
["11.009.0052-1","BARRA DE ACO CA-25,REDONDA,SEM SALIENCIA OU MOSSA,COEFICIENTE DE CONFORMACAO SUPERFICIAL MINIMO (ADERENCIA) IGUAL A 1,DIAMETRO DE 8MM,DESTINADA A ARMADURA DE PECAS DE CONCRETO ARMADO,COMPREENDENDO 10% DE PERDAS DE PONTAS E ARAMA 18.FORNECIMENTO,CORTE,DOBRAGEM,MONTAGEM E COLOCACAO DO ACO NAS FORMAS","KG",12.21,null,"11.009.0052-B","BARRA DE ACO CA-25,REDONDA,SEM SALIENCIA OU MOSSA,COEFICIENTE DE CONFORMACAO SUPERFICIAL MINIMO (ADERENCIA) IGUAL A 1,DIAMETRO DE 8MM,DESTINADA A ARMADURA DE PECAS DE CONCRETO ARMADO,COMPREENDENDO 10% DE PERDAS DE PONTAS E ARAMA 18.FORNECIMENTO,CORTE,DOBRAGEM,MONTAGEM E COLOCACAO DO ACO NAS FORMAS","KG",11.86]
["11.009.0060-1","FIO DE ACO CA-60,REDONDO,COM SALIENCIA OU MOSSA,COEFICIENTEDE CONFORMACAO SUPERFICIAL MINIMO (ADERENCIA) IGUAL A 1,5,DIAMETRO ENTRE 4,2 A 5MM,DESTINADO A ARMADURA DE PECAS DE CONCRETO ARMADO,COMPREENDENDO 10% DE PERDAS DE PONTAS E ARAME 18.FORNECIMENTO,CORTE,DOBRAGEM,MONTAGEM E COLOCACAO DO ACO NASFORMAS","KG",13.49,null,"11.009.0060-B","FIO DE ACO CA-60,REDONDO,COM SALIENCIA OU MOSSA,COEFICIENTEDE CONFORMACAO SUPERFICIAL MINIMO (ADERENCIA) IGUAL A 1,5,DIAMETRO ENTRE 4,2 A 5MM,DESTINADO A ARMADURA DE PECAS DE CONCRETO ARMADO,COMPREENDENDO 10% DE PERDAS DE PONTAS E ARAME 18.FORNECIMENTO,CORTE,DOBRAGEM,MONTAGEM E COLOCACAO DO ACO NASFORMAS","KG",13.11]
["11.009.0100-1","BARRA DE ACO CA-25,SEM SALIENCIA OU MOSSA,COEFICIENTE CONFORMACAO SUPERFICIAL MINIMO (ADERENCIA) IGUAL A 1,5,DIAM.6,3MM,DESTINADA A ARMADURA CONCRETO ARMADO,COMPREENDENDO 10% PERDAS PONTAS E ARAME 18.FORN.,CORTE,DOBRAGEM,MONTAGEM E COLOC.ACO NAS FORMAS C/AUXILIO DE EQUIPAMENTOS,INCL.TRANSP.HORIZONTAL E VERTICAL C/EQUIPAMENTOS,P/ESTRUTURA DE PONTES E VIADUTOS","KG",14.17,null,"11.009.0100-B","BARRA DE ACO CA-25,SEM SALIENCIA OU MOSSA,COEFICIENTE CONFORMACAO SUPERFICIAL MINIMO (ADERENCIA) IGUAL A 1,5,DIAM.6,3MM,DESTINADA A ARMADURA CONCRETO ARMADO,COMPREENDENDO 10% PERDAS PONTAS E ARAME 18.FORN.,CORTE,DOBRAGEM,MONTAGEM E COLOC.ACO NAS FORMAS C/AUXILIO DE EQUIPAMENTOS,INCL.TRANSP.HORIZONTAL E VERTICAL C/EQUIPAMENTOS,P/ESTRUTURA DE PONTES E VIADUTOS","KG",13.74]
["11.009.0120-1","BARRA DE ACO CA-50,C/SALIENCIA OU MOSSA,COEFICIENTE CONFORMACAO SUPERFICIAL MINIMO (ADERENCIA) IGUAL A 1,5,DIAM.6,3MM,DESTINADA A ARMADURA DE CONCRETO ARMADO,COMPREEND.10% DE PERDAS DE PONTAS E ARAME 18.FORN.CORTE,DOBRAGEM,MONTAGEM E COLOC.ACO NAS FORMAS C/AUXILIO DE EQUIPAMENTOS,INCL.TRANSPORTE HORIZONTAL E VERTICAL C/EQUIPAMENTOS,P/ESTRUT.PONTES E VIADUTOS","KG",14.3,null,"11.009.0120-B","BARRA DE ACO CA-50,C/SALIENCIA OU MOSSA,COEFICIENTE CONFORMACAO SUPERFICIAL MINIMO (ADERENCIA) IGUAL A 1,5,DIAM.6,3MM,DESTINADA A ARMADURA DE CONCRETO ARMADO,COMPREEND.10% DE PERDAS DE PONTAS E ARAME 18.FORN.CORTE,DOBRAGEM,MONTAGEM E COLOC.ACO NAS FORMAS C/AUXILIO DE EQUIPAMENTOS,INCL.TRANSPORTE HORIZONTAL E VERTICAL C/EQUIPAMENTOS,P/ESTRUT.PONTES E VIADUTOS","KG",13.88]
["11.010.0028-0","CABO DE ACO PARA 2 CORDOALHAS DE 12,7MM,INCLUSIVE BAINHA DEACO GALVANIZADO,COMPREENDENDO APENAS O FORNECIMENTO MEDIDO PELO PESO DO CABO GEOMETRICAMENTE NECESSARIO","KG",18.190000000000001,null,"11.010.0028-A","CABO DE ACO PARA 2 CORDOALHAS DE 12,7MM,INCLUSIVE BAINHA DEACO GALVANIZADO,COMPREENDENDO APENAS O FORNECIMENTO MEDIDO PELO PESO DO CABO GEOMETRICAMENTE NECESSARIO","KG",18.190000000000001]
["11.010.0031-0","CABO DE ACO PARA 5 CORDOALHAS DE 12,7MM,INCLUSIVE BAINHA DEACO GALVANIZADO,COMPREENDENDO APENAS O FORNECIMENTO MEDIDO PELO PESO DO CABO GEOMETRICAMENTE NECESSARIO","KG",15.49,null,"11.010.0031-A","CABO DE ACO PARA 5 CORDOALHAS DE 12,7MM,INCLUSIVE BAINHA DEACO GALVANIZADO,COMPREENDENDO APENAS O FORNECIMENTO MEDIDO PELO PESO DO CABO GEOMETRICAMENTE NECESSARIO","KG",15.49]
["11.010.0036-0","CABO DE ACO PARA 22 CORDOALHAS DE 12,7MM,INCLUSIVE BAINHA DEACO GALVANIZADO,COMPREENDENDO APENAS O FORNECIMENTO MEDIDOPELO PESO DO CABO GEOMETRICAMENTE NECESSARIO","KG",12.12,null,"11.010.0036-A","CABO DE ACO PARA 22 CORDOALHAS DE 12,7MM,INCLUSIVE BAINHA DEACO GALVANIZADO,COMPREENDENDO APENAS O FORNECIMENTO MEDIDOPELO PESO DO CABO GEOMETRICAMENTE NECESSARIO","KG",12.12]
["11.010.0082-0","CABO DE ACO DE 3 CORDOALHAS DE 15,2MM,INCLUSIVE BAINHA DE ACO GALVANIZADO,COMPREENDENDO APENAS O FORNECIMENTO MEDIDO PELO PESO DO CABO GEOMETRICAMENTE NECESSARIO","KG",19.88,null,"11.010.0082-A","CABO DE ACO DE 3 CORDOALHAS DE 15,2MM,INCLUSIVE BAINHA DE ACO GALVANIZADO,COMPREENDENDO APENAS O FORNECIMENTO MEDIDO PELO PESO DO CABO GEOMETRICAMENTE NECESSARIO","KG",19.88]
["11.010.0087-0","CABO DE ACO DE 12 CORDOALHAS DE 15,2MM,INCLUSIVE BAINHA DE ACO GALVANIZADO,COMPREENDENDO APENAS O FORNECIMENTO MEDIDO PELO PESO DO CABO GEOMETRICAMENTE NECESSARIO","KG",15.8,null,"11.010.0087-A","CABO DE ACO DE 12 CORDOALHAS DE 15,2MM,INCLUSIVE BAINHA DE ACO GALVANIZADO,COMPREENDENDO APENAS O FORNECIMENTO MEDIDO PELO PESO DO CABO GEOMETRICAMENTE NECESSARIO","KG",15.8]
["11.010.0088-0","CABO DE ACO DE 19 CORDOALHAS DE 15,2MM,INCLUSIVE BAINHA DE ACO GALVANIZADO,COMPREENDENDO APENAS O FORNECIMENTO MEDIDO PELO PESO DO CABO GEOMETRICAMENTE NECESSARIO","KG",14.74,null,"11.010.0088-A","CABO DE ACO DE 19 CORDOALHAS DE 15,2MM,INCLUSIVE BAINHA DE ACO GALVANIZADO,COMPREENDENDO APENAS O FORNECIMENTO MEDIDO PELO PESO DO CABO GEOMETRICAMENTE NECESSARIO","KG",14.74]
["11.011.0013-0","PREPARO E COLOCACAO DE 4 CORDOALHAS DE 12,7MM,NAS FORMAS,COMPREENDENDO CORTE,MONTAGEM,ENFIACAO NA BAINHA,BEM COMO FORNECIMENTO DE CIMENTO PARA INJECAO","KG",5.03,null,"11.011.0013-A","PREPARO E COLOCACAO DE 4 CORDOALHAS DE 12,7MM,NAS FORMAS,COMPREENDENDO CORTE,MONTAGEM,ENFIACAO NA BAINHA,BEM COMO FORNECIMENTO DE CIMENTO PARA INJECAO","KG",4.82]
["11.011.0016-0","PREPARO E COLOCACAO DE 7 CORDOALHAS DE 12,7MM,NAS FORMAS,COMPREENDENDO CORTE,MONTAGEM,ENFIACAO NA BAINHA,BEM COMO FORNECIMENTO DE CIMENTO PARA INJECAO","KG",5.33,null,"11.011.0016-A","PREPARO E COLOCACAO DE 7 CORDOALHAS DE 12,7MM,NAS FORMAS,COMPREENDENDO CORTE,MONTAGEM,ENFIACAO NA BAINHA,BEM COMO FORNECIMENTO DE CIMENTO PARA INJECAO","KG",5.0999999999999996]
["11.011.0021-0","PREPARO E COLOCACAO DE 31 CORDOALHAS DE 12,7MM,NAS FORMAS,COMPREENDENDO CORTE,MONTAGEM,ENFIACAO NA BAINHA,BEM COMO FORNECIMENTO DE CIMENTO PARA INJECAO","KG",7.04,null,"11.011.0021-A","PREPARO E COLOCACAO DE 31 CORDOALHAS DE 12,7MM,NAS FORMAS,COMPREENDENDO CORTE,MONTAGEM,ENFIACAO NA BAINHA,BEM COMO FORNECIMENTO DE CIMENTO PARA INJECAO","KG",6.7]
["11.011.0022-0","PREPARO E COLOCACAO DE 37 CORDOALHAS DE 12,7MM,NAS FORMAS,COMPREENDENDO CORTE,MONTAGEM,ENFIACAO NA BAINHA,BEM COMO FORNECIMENTO DE CIMENTO PARA INJECAO","KG",7.48,null,"11.011.0022-A","PREPARO E COLOCACAO DE 37 CORDOALHAS DE 12,7MM,NAS FORMAS,COMPREENDENDO CORTE,MONTAGEM,ENFIACAO NA BAINHA,BEM COMO FORNECIMENTO DE CIMENTO PARA INJECAO","KG",7.1]
["11.011.0029-1","CORTE,DOBRAGEM,MONTAGEM E COLOCACAO DE FERRAGENS NAS FORMAS,ACO CA-50,EM BARRAS REDONDAS,COM DIAMETRO IGUAL A 6,3MM","KG",6.27,null,"11.011.0029-B","CORTE,DOBRAGEM,MONTAGEM E COLOCACAO DE FERRAGENS NAS FORMAS,ACO CA-50,EM BARRAS REDONDAS,COM DIAMETRO IGUAL A 6,3MM","KG",5.85]
["11.011.0037-0","CORTE,DOBRAGEM,MONTAGEM E COLOCACAO DE FERRAGENS NAS FORMAS,INCLUSIVE TRANSPORTE HORIZONTAL E VERTICAL COM EQUIPAMENTOS(GUINDASTE E GUINDAUTO),PARA ESTRUTURAS DE PONTES E VIADUTOS,ACO CA-50,DIAMETRO ACIMA DE 12,5MM","KG",5.62,null,"11.011.0037-A","CORTE,DOBRAGEM,MONTAGEM E COLOCACAO DE FERRAGENS NAS FORMAS,INCLUSIVE TRANSPORTE HORIZONTAL E VERTICAL COM EQUIPAMENTOS(GUINDASTE E GUINDAUTO),PARA ESTRUTURAS DE PONTES E VIADUTOS,ACO CA-50,DIAMETRO ACIMA DE 12,5MM","KG",5.29]
["11.012.0016-0","CONE DE ANCORAGEM DE CABO DE ACO DE 2 CORDOALHAS DE 12,7MM,COMPREENDENDO FORNECIMENTO DO CONE,DE LUVA CONE-BAINHA,DE 2,00M DE MOLA CENTRAL E BAINHA,BEM COMO AS OPERACOES DE PROTENSAO E INJECAO DE CIMENTO","UN",705.85,null,"11.012.0016-A","CONE DE ANCORAGEM DE CABO DE ACO DE 2 CORDOALHAS DE 12,7MM,COMPREENDENDO FORNECIMENTO DO CONE,DE LUVA CONE-BAINHA,DE 2,00M DE MOLA CENTRAL E BAINHA,BEM COMO AS OPERACOES DE PROTENSAO E INJECAO DE CIMENTO","UN",697.55]
["11.012.0020-0","CONE DE ANCORAGEM DE CABO DE ACO DE 6 CORDOALHAS DE 12,7MM,COMPREENDENDO FORNECIMENTO DO CONE,DE LUVA CONE-BAINHA,DE 2,00M DE MOLA CENTRAL E BAINHA,BEM COMO AS OPERACOES DE PROTENSAO E INJECAO DE CIMENTO","UN",1072.6199999999999,null,"11.012.0020-A","CONE DE ANCORAGEM DE CABO DE ACO DE 6 CORDOALHAS DE 12,7MM,COMPREENDENDO FORNECIMENTO DO CONE,DE LUVA CONE-BAINHA,DE 2,00M DE MOLA CENTRAL E BAINHA,BEM COMO AS OPERACOES DE PROTENSAO E INJECAO DE CIMENTO","UN",1054.92]
["11.012.0040-0","CONE DE ANCORAGEM DE CABO DE ACO DE 27 CORDOALHAS DE 12,7MM,COMPREENDENDO FORNECIMENTO DO CONE,DE LUVA CONE-BAINHA,DE 2,00M DE MOLA CENTRAL E BAINHA,BEM COMO AS OPERACOES DE PROTENSAO E INJECAO DE CIMENTO","UN",6682.47,null,"11.012.0040-A","CONE DE ANCORAGEM DE CABO DE ACO DE 27 CORDOALHAS DE 12,7MM,COMPREENDENDO FORNECIMENTO DO CONE,DE LUVA CONE-BAINHA,DE 2,00M DE MOLA CENTRAL E BAINHA,BEM COMO AS OPERACOES DE PROTENSAO E INJECAO DE CIMENTO","UN",6653.88]
["11.012.0063-0","CONE DE ANCORAGEM DE CABO DE ACO DE 4 CORDOALHAS DE 15,2MM,COMPREENDENDO FORNECIMENTO DO CONE,DE LUVA CONE-BAINHA,DE 2,00M DE MOLA CENTRAL E BAINHA,BEM COMO AS OPERACOES DE PROTENSAO E INJECAO DE CIMENTO","UN",952.16,null,"11.012.0063-A","CONE DE ANCORAGEM DE CABO DE ACO DE 4 CORDOALHAS DE 15,2MM,COMPREENDENDO FORNECIMENTO DO CONE,DE LUVA CONE-BAINHA,DE 2,00M DE MOLA CENTRAL E BAINHA,BEM COMO AS OPERACOES DE PROTENSAO E INJECAO DE CIMENTO","UN",935.87]
["11.012.0075-0","CONE DE ANCORAGEM DE CABO DE ACO DE 19 CORDOALHAS DE 15,2MM,COMPREENDENDO FORNECIMENTO DO CONE,DE LUVA CONE-BAINHA,DE 2,00M DE MOLA CENTRAL E BAINHA,BEM COMO AS OPERACOES DE PROTENSAO E INJECAO DE CIMENTO","UN",2922.86,null,"11.012.0075-A","CONE DE ANCORAGEM DE CABO DE ACO DE 19 CORDOALHAS DE 15,2MM,COMPREENDENDO FORNECIMENTO DO CONE,DE LUVA CONE-BAINHA,DE 2,00M DE MOLA CENTRAL E BAINHA,BEM COMO AS OPERACOES DE PROTENSAO E INJECAO DE CIMENTO","UN",2898.85]
["11.012.0080-0","CONE DE ANCORAGEM DE CABO DE ACO DE 22 CORDOALHAS DE 15,2MM,COMPREENDENDO FORNECIMENTO DO CONE,DE LUVA CONE-BAINHA,DE 2,00M DE MOLA CENTRAL E BAINHA,BEM COMO AS OPERACOES DE PROTENSAO E INJECAO DE CIMENTO","UN",4414.09,null,"11.012.0080-A","CONE DE ANCORAGEM DE CABO DE ACO DE 22 CORDOALHAS DE 15,2MM,COMPREENDENDO FORNECIMENTO DO CONE,DE LUVA CONE-BAINHA,DE 2,00M DE MOLA CENTRAL E BAINHA,BEM COMO AS OPERACOES DE PROTENSAO E INJECAO DE CIMENTO","UN",4387.46]
["11.013.0015-0","CORTINA DE CONCRETO ARMADO,COM 18 A 20CM DE ESPESSURA,FCK=25MPA,INCLUINDO MATERIAIS PARA 1,00M3 DE CONCRETO(IMPORTADO DEUSINA)ADENSADO E COLOCADO,10,00M2 DE FORMAS DE MADEIRA DE 3ª,SERVINDO 1,4 VEZES,ESCORAMENTO E 80KG DE ACO CA-50","M3",2945.69,null,"11.013.0015-A","CORTINA DE CONCRETO ARMADO,COM 18 A 20CM DE ESPESSURA,FCK=25MPA,INCLUINDO MATERIAIS PARA 1,00M3 DE CONCRETO(IMPORTADO DEUSINA)ADENSADO E COLOCADO,10,00M2 DE FORMAS DE MADEIRA DE 3ª,SERVINDO 1,4 VEZES,ESCORAMENTO E 80KG DE ACO CA-50","M3",2851.24]
["11.013.0060-0","PLACAS DE CONCRETO ARMADO PRE-MOLDADAS,COM FCK=20MPA,ESPESSURA DE 6CM EM PECAS ACIMA DE 90KG E COLOCACAO COM GUINDASTE","M2",292.64,null,"11.013.0060-A","PLACAS DE CONCRETO ARMADO PRE-MOLDADAS,COM FCK=20MPA,ESPESSURA DE 6CM EM PECAS ACIMA DE 90KG E COLOCACAO COM GUINDASTE","M2",284.45999999999998]
["11.013.0065-0","PLACAS DE CONCRETO ARMADO PRE-MOLDADAS,COM FCK=20MPA,ESPESSURA DE 10CM EM PECAS ACIMA DE 90KG,COM FUROS DE 3CM DE DIAMETRO ESPACADOS DE 15CM EM AMBAS AS DIRECOES,COLOCACAO COM GUINDASTE","M2",889.09,null,"11.013.0065-A","PLACAS DE CONCRETO ARMADO PRE-MOLDADAS,COM FCK=20MPA,ESPESSURA DE 10CM EM PECAS ACIMA DE 90KG,COM FUROS DE 3CM DE DIAMETRO ESPACADOS DE 15CM EM AMBAS AS DIRECOES,COLOCACAO COM GUINDASTE","M2",847.32]
["11.013.0066-0","PLACAS DE CONCRETO ARMADO PRE-MOLDADAS,COM FCK=20MPA,ESPESSURA DE 12CM,INCLUSIVE COLOCACAO COM GUINDASTE NO LOCAL DEFINITIVO","M2",369.55,null,"11.013.0066-A","PLACAS DE CONCRETO ARMADO PRE-MOLDADAS,COM FCK=20MPA,ESPESSURA DE 12CM,INCLUSIVE COLOCACAO COM GUINDASTE NO LOCAL DEFINITIVO","M2",358.71]
["11.013.0070-1","CONCRETO ARMADO,FCK=20MPA,INCLUINDO MATERIAIS PARA 1,00M3 DECONCRETO(IMPORTADO DE USINA)ADENSADO E COLOCADO,14,00M2 DEAREA MOLDADA,FORMAS E ESCORAMENTO CONFORME ITENS 11.004.0022E 11.004.0035,60KG DE ACO CA-50,INCLUSIVE MAO-DE-OBRA PARACORTE,DOBRAGEM,MONTAGEM E COLOCACAO NAS FORMAS","M3",3094.72,null,"11.013.0070-B","CONCRETO ARMADO,FCK=20MPA,INCLUINDO MATERIAIS PARA 1,00M3 DECONCRETO(IMPORTADO DE USINA)ADENSADO E COLOCADO,14,00M2 DEAREA MOLDADA,FORMAS E ESCORAMENTO CONFORME ITENS 11.004.0022E 11.004.0035,60KG DE ACO CA-50,INCLUSIVE MAO-DE-OBRA PARACORTE,DOBRAGEM,MONTAGEM E COLOCACAO NAS FORMAS","M3",2997.16]
["11.013.0135-0","CONCRETO ARMADO,FCK=25MPA,INCLUINDO MATERIAIS PARA 1,00M3 DECONCRETO(IMPORTADO DE USINA)ADENSADO E COLOCADO,12,00M2 DEAREA MOLDADA,FORMAS CONFORME O ITEM 11.004.0022,60KG DE ACOCA-50,INCLUSIVE MAO-DE-OBRA PARA CORTE,DOBRAGEM,MONTAGEM ECOLOCACAO NAS FORMAS,EXCLUSIVE ESCORAMENTO","M3",2543.46,null,"11.013.0135-A","CONCRETO ARMADO,FCK=25MPA,INCLUINDO MATERIAIS PARA 1,00M3 DECONCRETO(IMPORTADO DE USINA)ADENSADO E COLOCADO,12,00M2 DEAREA MOLDADA,FORMAS CONFORME O ITEM 11.004.0022,60KG DE ACOCA-50,INCLUSIVE MAO-DE-OBRA PARA CORTE,DOBRAGEM,MONTAGEM ECOLOCACAO NAS FORMAS,EXCLUSIVE ESCORAMENTO","M3",2468.69]
["11.015.0010-0","ADITIVO EM PO HIDROFUGANTE E IMPERMEABILIZANTE,DESENVOLVIDOCOM NANOTECNOLOGIA,PARA ADICAO EM CONCRETOS E ARGAMASSAS","KG",31.7,null,"11.015.0010-A","ADITIVO EM PO HIDROFUGANTE E IMPERMEABILIZANTE,DESENVOLVIDOCOM NANOTECNOLOGIA,PARA ADICAO EM CONCRETOS E ARGAMASSAS","KG",31.7]
["11.015.0020-0","GROUT (ARGAMASSA FLUIDA DE ELEVADA RESISTENCIA) COM PEDRISCO(30% EM PESO),INCLUSIVE PREPARO,LANCAMENTO E FORNECIMENTODOS MATERIAIS","M3",3634.58,null,"11.015.0020-A","GROUT (ARGAMASSA FLUIDA DE ELEVADA RESISTENCIA) COM PEDRISCO(30% EM PESO),INCLUSIVE PREPARO,LANCAMENTO E FORNECIMENTODOS MATERIAIS","M3",3612.29]
["11.016.0002-1","ESTRUTURA METALICA PARA PASSARELAS E PEQUENOS VIADUTOS,EXCLUSIVE PREPARO(CORTE)DAS PECAS,CONFORME PROJETO DO DER-RJ,INCLUSIVE PINTURA.FORNECIMENTO E MONTAGEM","T",26474.6,null,"11.016.0002-B","ESTRUTURA METALICA PARA PASSARELAS E PEQUENOS VIADUTOS,EXCLUSIVE PREPARO(CORTE)DAS PECAS,CONFORME PROJETO DO DER-RJ,INCLUSIVE PINTURA.FORNECIMENTO E MONTAGEM","T",25464.9]
["11.016.0007-0","PILARES E/OU VIGAS EM TRELICAS METALICAS,INCLUSIVE PERDAS EUMA DEMAO PINTURA ANTIOXIDO.FORNECIMENTO E MONTAGEM","KG",20.420000000000002,null,"11.016.0007-A","PILARES E/OU VIGAS EM TRELICAS METALICAS,INCLUSIVE PERDAS EUMA DEMAO PINTURA ANTIOXIDO.FORNECIMENTO E MONTAGEM","KG",20.010000000000002]
["11.016.0045-0","ESTRUTURA METALICA EM ACO ESPECIAL,RESISTENTE A CORROSAO(ACOUSI-SAC),PARA OBRAS PREDIAIS ATE 04 PAVIMENTOS,PILARES,VIGAS PRINCIPAIS E SECUNDARIAS,ESCADAS,PATAMARES E CHAPAS DAS BASES DA FUNDACAO,PINTURA PROTETORA,CONSIDERANDO FORNECIMENTODE TODOS OS MATERIAIS,EXCLUSIVE MONTAGEM E LAJE DE CONCRETO","M2",530.11,null,"11.016.0045-A","ESTRUTURA METALICA EM ACO ESPECIAL,RESISTENTE A CORROSAO(ACOUSI-SAC),PARA OBRAS PREDIAIS ATE 04 PAVIMENTOS,PILARES,VIGAS PRINCIPAIS E SECUNDARIAS,ESCADAS,PATAMARES E CHAPAS DAS BASES DA FUNDACAO,PINTURA PROTETORA,CONSIDERANDO FORNECIMENTODE TODOS OS MATERIAIS,EXCLUSIVE MONTAGEM E LAJE DE CONCRETO","M2",529.82000000000005]
["11.016.0100-0","ESTRUTURA METALICA,COM ACO ASTM A-572,PARA ESTRUTURA DE EDIFICACOES,PILARES,VIGAS PRINCIPAIS E SECUNDARIAS,ESCADAS,PATAMARES E CHAPAS DAS BASES DA FUNDACAO,PERDAS E PINTURA DE TRATAMENTO,INCLUSIVE FORNECIMENTO DE TODOS OS MATERIAIS PARA LIGACOES E FIXACOES E MONTAGEM","KG",36.89,null,"11.016.0100-A","ESTRUTURA METALICA,COM ACO ASTM A-572,PARA ESTRUTURA DE EDIFICACOES,PILARES,VIGAS PRINCIPAIS E SECUNDARIAS,ESCADAS,PATAMARES E CHAPAS DAS BASES DA FUNDACAO,PERDAS E PINTURA DE TRATAMENTO,INCLUSIVE FORNECIMENTO DE TODOS OS MATERIAIS PARA LIGACOES E FIXACOES E MONTAGEM","KG",35.94]
["11.016.0505-1","RECONSTITUICAO DE ESTRUTURAS METALICAS LEVES,MEDIDAS POR KGDE ACO NECESSARIO(CHAPAS,PERFIS,ETC),INCLUSIVE FORNECIMENTODOS MATERIAIS E PINTURA EM TINTA ANTICORROSIVA","KG",19.36,null,"11.016.0505-B","RECONSTITUICAO DE ESTRUTURAS METALICAS LEVES,MEDIDAS POR KGDE ACO NECESSARIO(CHAPAS,PERFIS,ETC),INCLUSIVE FORNECIMENTODOS MATERIAIS E PINTURA EM TINTA ANTICORROSIVA","KG",18.98]
["11.018.0050-0","JUNTA DE DILATACAO E VEDACAO DE PISOS,LAJES,PILARES,FISSURAS,ALVENARIAS,RESERVATORIOS,ETC,PARA MOVIMENTOS DE -10 A +30MM.FORNECIMENTO E COLOCACAO","M",294,null,"11.018.0050-A","JUNTA DE DILATACAO E VEDACAO DE PISOS,LAJES,PILARES,FISSURAS,ALVENARIAS,RESERVATORIOS,ETC,PARA MOVIMENTOS DE -10 A +30MM.FORNECIMENTO E COLOCACAO","M",294]
["11.018.0054-0","JUNTA DE DILATACAO E VEDACAO DE PISOS,LAJES,PILARES,FISSURAS,ALVENARIAS,RESERVATORIOS,ETC,PARA MOVIMENTOS DE -20 A +30MM.FORNECIMENTO E COLOCACAO","M",761.25,null,"11.018.0054-A","JUNTA DE DILATACAO E VEDACAO DE PISOS,LAJES,PILARES,FISSURAS,ALVENARIAS,RESERVATORIOS,ETC,PARA MOVIMENTOS DE -20 A +30MM.FORNECIMENTO E COLOCACAO","M",761.25]
["11.018.0060-0","JUNTA ELASTICA EM PVC TERMOPLASTICO,TIPO 022,PARA JUNTAS SUBMETIDAS A UMA PRESSAO MEDIA E DE POUCA DEFORMACAO.FORNECIMENTO E COLOCACAO","M",165.22,null,"11.018.0060-A","JUNTA ELASTICA EM PVC TERMOPLASTICO,TIPO 022,PARA JUNTAS SUBMETIDAS A UMA PRESSAO MEDIA E DE POUCA DEFORMACAO.FORNECIMENTO E COLOCACAO","M",165.22]
["11.018.0090-0","JUNTA DE DILATACAO E VEDACAO DE ISOPOR,NA ESPESSURA DE 5CM,INCLUSIVE IMPERMEABILIZANTE A FRIO.FORNECIMENTO E COLOCACAO","M2",48.48,null,"11.018.0090-A","JUNTA DE DILATACAO E VEDACAO DE ISOPOR,NA ESPESSURA DE 5CM,INCLUSIVE IMPERMEABILIZANTE A FRIO.FORNECIMENTO E COLOCACAO","M2",46.73]
["11.020.0003-0","TIRANTES PROTENDIDOS DE ACO CA-50,DIAMETRO DE 25MM(7/8\"),COMCOMPRIMENTO TOTAL ATE 9,00M,INCLUSIVE FORNECIMENTO DE MATERIAIS,PROTECAO ANTICORROSIVA,PREPARO,COLOCACAO E PROTENSAO,EXCLUSIVE PERFURACAO E INJECAO","M",109.22,null,"11.020.0003-A","TIRANTES PROTENDIDOS DE ACO CA-50,DIAMETRO DE 25MM(7/8\"),COMCOMPRIMENTO TOTAL ATE 9,00M,INCLUSIVE FORNECIMENTO DE MATERIAIS,PROTECAO ANTICORROSIVA,PREPARO,COLOCACAO E PROTENSAO,EXCLUSIVE PERFURACAO E INJECAO","M",105.15]
["11.020.0015-0","TIRANTES PROTENDIDOS DE ACO CA-50,DIAMETRO DE 32MM(1.1/4\"),COM COMPRIMENTO TOTAL MAIOR QUE 15,00M,INCLUSIVE FORNECIMENTODE MATERIAIS,PROTECAO ANTICORROSIVA,PREPARO,COLOCACAO E PROTENSAO,EXCLUSIVE PERFURACAO E INJECAO","M",120.42,null,"11.020.0015-A","TIRANTES PROTENDIDOS DE ACO CA-50,DIAMETRO DE 32MM(1.1/4\"),COM COMPRIMENTO TOTAL MAIOR QUE 15,00M,INCLUSIVE FORNECIMENTODE MATERIAIS,PROTECAO ANTICORROSIVA,PREPARO,COLOCACAO E PROTENSAO,EXCLUSIVE PERFURACAO E INJECAO","M",116.17]
["11.021.0010-1","FORMA INTERNA EM TUBO DE PVC,DIAMETRO EXTERNO DE 25CM PARA ALIVIO DE PESO PROPRIO DE PECA ESTRUTURAL,INCLUSIVE FORNECIMENTO DOS MATERIAIS","M",34.54,null,"11.021.0010-B","FORMA INTERNA EM TUBO DE PVC,DIAMETRO EXTERNO DE 25CM PARA ALIVIO DE PESO PROPRIO DE PECA ESTRUTURAL,INCLUSIVE FORNECIMENTO DOS MATERIAIS","M",33.81]
["11.023.0038-0","TELA PARA ESTRUTURA DE CONCRETO ARMADO,FORMADA POR FIOS DE ACO-60,CRUZADAS E SOLDADAS ENTRE SI, FORMANDO MALHAS QUADRADAS DE FIOS COM DIAMETRO DE 4,2MM E ESPACAMENTO ENTRE ELES DE10X10CM.FORNECIMENTO","M2",15.73,null,"11.023.0038-A","TELA PARA ESTRUTURA DE CONCRETO ARMADO,FORMADA POR FIOS DE ACO-60,CRUZADAS E SOLDADAS ENTRE SI, FORMANDO MALHAS QUADRADAS DE FIOS COM DIAMETRO DE 4,2MM E ESPACAMENTO ENTRE ELES DE10X10CM.FORNECIMENTO","M2",15.73]
["11.024.0010-1","CONCRETO PROJETADO,ADITIVADO COM 80KG DE ADESIVO ESTRUTURALA BASE DE ESTIRENO BUTADIENO(LATEX),INCLUSIVE EQUIPAMENTO DEAR COMPRIMIDO,CONSUMO DE 355KG/M3 DE CIMENTO,ADITIVOS E PERDAS POR REFLEXAO,SENDO A APLICACAO REALIZADA CONTRA SUPERFICIE VERTICAL OU HORIZONTAL SUPERIOR,E A MEDICAO FEITA PELO CONCRETO APLICADO","M3",2635.64,null,"11.024.0010-B","CONCRETO PROJETADO,ADITIVADO COM 80KG DE ADESIVO ESTRUTURALA BASE DE ESTIRENO BUTADIENO(LATEX),INCLUSIVE EQUIPAMENTO DEAR COMPRIMIDO,CONSUMO DE 355KG/M3 DE CIMENTO,ADITIVOS E PERDAS POR REFLEXAO,SENDO A APLICACAO REALIZADA CONTRA SUPERFICIE VERTICAL OU HORIZONTAL SUPERIOR,E A MEDICAO FEITA PELO CONCRETO APLICADO","M3",2609.85]
["11.025.0002-0","CONCRETO BOMBEADO,FCK=15MPA,COMPREENDENDO O FORNECIMENTO DECONCRETO IMPORTADO DE USINA,COLOCACAO NAS FORMAS,ESPALHAMENTO,ADENSAMENTO MECANICO E ACABAMENTO","M3",702.87,null,"11.025.0002-A","CONCRETO BOMBEADO,FCK=15MPA,COMPREENDENDO O FORNECIMENTO DECONCRETO IMPORTADO DE USINA,COLOCACAO NAS FORMAS,ESPALHAMENTO,ADENSAMENTO MECANICO E ACABAMENTO","M3",696.81]
["11.025.0012-0","CONCRETO BOMBEADO,FCK=30MPA,COMPREENDENDO O FORNECIMENTO DECONCRETO IMPORTADO DE USINA,COLOCACAO NAS FORMAS,ESPALHAMENTO,ADENSAMENTO MECANICO E ACABAMENTO","M3",755.37,null,"11.025.0012-A","CONCRETO BOMBEADO,FCK=30MPA,COMPREENDENDO O FORNECIMENTO DECONCRETO IMPORTADO DE USINA,COLOCACAO NAS FORMAS,ESPALHAMENTO,ADENSAMENTO MECANICO E ACABAMENTO","M3",749.31]
["11.026.0016-0","PROTECAO DE REVESTIMENTO EM ALVENARIA,COM TELA,EXCLUSIVE FORNECIMENTO DA TELA,CHAPISCO E REVESTIMENTO(VIDE FAMILIA 11.023)","M2",15.83,null,"11.026.0016-A","PROTECAO DE REVESTIMENTO EM ALVENARIA,COM TELA,EXCLUSIVE FORNECIMENTO DA TELA,CHAPISCO E REVESTIMENTO(VIDE FAMILIA 11.023)","M2",14.78]
["11.026.0035-0","PROTECAO DE TALUDE COM PLACAS DE CONCRETO PRE-MOLDADAS(40X80X8)CM,FCK=11MPA,JUNTA DE DILATACAO DE 2CM,INCLUSIVE PREPARODO TERRENO","M2",75.84,null,"11.026.0035-A","PROTECAO DE TALUDE COM PLACAS DE CONCRETO PRE-MOLDADAS(40X80X8)CM,FCK=11MPA,JUNTA DE DILATACAO DE 2CM,INCLUSIVE PREPARODO TERRENO","M2",73.989999999999995]
["11.030.0055-0","LAJE PRE-MOLDADA BETA 12,PARA SOBRECARGA DE 3,5KN/M2 E VAO DE 4,10M,CONSIDERANDO VIGOTAS,EPS E ARMADURA NEGATIVA,INCLUSIVE CAPEAMENTO DE 4CM DE ESPESSURA,COM CONCRETO FCK=25MPA E ESCORAMENTO,CONFORME ABNT NBR 14859.FORNECIMENTO E MONTAGEM DO CONJUNTO","M2",179.82,null,"11.030.0055-A","LAJE PRE-MOLDADA BETA 12,PARA SOBRECARGA DE 3,5KN/M2 E VAO DE 4,10M,CONSIDERANDO VIGOTAS,EPS E ARMADURA NEGATIVA,INCLUSIVE CAPEAMENTO DE 4CM DE ESPESSURA,COM CONCRETO FCK=25MPA E ESCORAMENTO,CONFORME ABNT NBR 14859.FORNECIMENTO E MONTAGEM DO CONJUNTO","M2",176.44]
["11.030.0060-0","LAJE PRE-MOLDADA BETA 12,PARA SOBRECARGA DE 3,5KN/M2 E VAO DE 4,10M,CONSIDERANDO VIGOTAS,EPS E ARMADURA NEGATIVA,INCLUSIVE CAPEAMENTO DE 4CM DE ESPESSURA,COM CONCRETO FCK=30MPA E ESCORAMENTO,CONFORME ABNT NBR 14859.FORNECIMENTO E MONTAGEM DO CONJUNTO","M2",181.08,null,"11.030.0060-A","LAJE PRE-MOLDADA BETA 12,PARA SOBRECARGA DE 3,5KN/M2 E VAO DE 4,10M,CONSIDERANDO VIGOTAS,EPS E ARMADURA NEGATIVA,INCLUSIVE CAPEAMENTO DE 4CM DE ESPESSURA,COM CONCRETO FCK=30MPA E ESCORAMENTO,CONFORME ABNT NBR 14859.FORNECIMENTO E MONTAGEM DO CONJUNTO","M2",177.7]
["11.031.0006-0","PRE-LAJE COM PAINEL TRELICADO,MACICA,PARA VAO DE 5,20 A 6,20M,PARA TRAFEGO PESADO,CARGA PERMANENTE DE 7,50KN/M2,EXCLUSIVE CAPEAMENTO E ARMACAO NEGATIVA E POSITIVA ADICIONAL.FORNECIMENTO E ASSENTAMENTO","M2",312.11,null,"11.031.0006-A","PRE-LAJE COM PAINEL TRELICADO,MACICA,PARA VAO DE 5,20 A 6,20M,PARA TRAFEGO PESADO,CARGA PERMANENTE DE 7,50KN/M2,EXCLUSIVE CAPEAMENTO E ARMACAO NEGATIVA E POSITIVA ADICIONAL.FORNECIMENTO E ASSENTAMENTO","M2",309.2]
["11.031.0050-0","PRE-LAJE COM PAINEL TRELICADO,MACICA,PARA VAO DE 4,10 A 5,20M,CAPEAMENTO DE 9CM DE ESPESSURA,FCK=25MPA,SOBRECARGA DE 2,5A 3,5KN/M2,INCLUSIVE ARMACAO NEGATIVA E POSITIVA ADICIONAL.FORNECIMENTO E ASSENTAMENTO","M2",285.92,null,"11.031.0050-A","PRE-LAJE COM PAINEL TRELICADO,MACICA,PARA VAO DE 4,10 A 5,20M,CAPEAMENTO DE 9CM DE ESPESSURA,FCK=25MPA,SOBRECARGA DE 2,5A 3,5KN/M2,INCLUSIVE ARMACAO NEGATIVA E POSITIVA ADICIONAL.FORNECIMENTO E ASSENTAMENTO","M2",283.23]
["11.035.0001-1","FORMA METALICA PARA CONCRETO,INCLUSIVE FORNECIMENTO,CONFECCAO,MONTAGEM E DESMONTAGEM,SEM UTILIZACAO DE GUINDASTE,ADMITINDO 25 VEZES DE UTILIZACAO,EXCLUSIVE ESCORAMENTO","M2",18.690000000000001,null,"11.035.0001-B","FORMA METALICA PARA CONCRETO,INCLUSIVE FORNECIMENTO,CONFECCAO,MONTAGEM E DESMONTAGEM,SEM UTILIZACAO DE GUINDASTE,ADMITINDO 25 VEZES DE UTILIZACAO,EXCLUSIVE ESCORAMENTO","M2",17.8]
["11.035.0005-0","FORMA PERDIDA PARA CONCRETO,EM PERFIL DE ACO ZINCADO E MICROPERFURADO,COM ESPESSURA DE 0,50MM, TIPO \"QUICKJET\",INCLUSIVE ACESSORIOS.FORNECIMENTO E COLOCACAO","M2",81.819999999999993,null,"11.035.0005-A","FORMA PERDIDA PARA CONCRETO,EM PERFIL DE ACO ZINCADO E MICROPERFURADO,COM ESPESSURA DE 0,50MM, TIPO \"QUICKJET\",INCLUSIVE ACESSORIOS.FORNECIMENTO E COLOCACAO","M2",81.099999999999994]
["11.036.0004-1","APARELHO DE APOIO DE NEOPRENE,(250X350X63)MM,FRETADO,COM 6 CHAPAS DE ACO DE 3MM DE ESPESSURA,EXCLUSIVE PREPARO DO BERCODE ASSENTAMENTO.FORNECIMENTO E COLOCACAO","UN",602.12,null,"11.036.0004-B","APARELHO DE APOIO DE NEOPRENE,(250X350X63)MM,FRETADO,COM 6 CHAPAS DE ACO DE 3MM DE ESPESSURA,EXCLUSIVE PREPARO DO BERCODE ASSENTAMENTO.FORNECIMENTO E COLOCACAO","UN",601.73]
["11.040.0105-0","BARREIRA DINAMICA CONTRA QUEDAS DE ROCHAS,COMPOSTA DE ARAMEDE ALTA RESISTENCIA,ENERGIA DE CONTENCAO ATE 3000KJ,COM GALVANIZACAO EM ZINCO ALUMINIO,INCLUSIVE POSTES,PLACAS DE BASE,CABOS DE ACO ESPECIAIS E DEMAIS COMPONENTES DO SISTEMA.FORNECIMENTO E COLOCACAO","M2",10113.59,null,"11.040.0105-A","BARREIRA DINAMICA CONTRA QUEDAS DE ROCHAS,COMPOSTA DE ARAMEDE ALTA RESISTENCIA,ENERGIA DE CONTENCAO ATE 3000KJ,COM GALVANIZACAO EM ZINCO ALUMINIO,INCLUSIVE POSTES,PLACAS DE BASE,CABOS DE ACO ESPECIAIS E DEMAIS COMPONENTES DO SISTEMA.FORNECIMENTO E COLOCACAO","M2",10073.26]
["11.043.0002-0","TIRANTE PARA PROTENSAO,PARA ANCORAGEM EM ROCHA,CONSTITUIDO POR 6 FIOS DE ACO DURO DE 8MM.O CUSTO LEVA EM CONTA APENAS OFORNECIMENTO E A CONFECCAO DO CABO,INCLUSIVE PROTECAO ANTICORROSIVA","M",81.7,null,"11.043.0002-A","TIRANTE PARA PROTENSAO,PARA ANCORAGEM EM ROCHA,CONSTITUIDO POR 6 FIOS DE ACO DURO DE 8MM.O CUSTO LEVA EM CONTA APENAS OFORNECIMENTO E A CONFECCAO DO CABO,INCLUSIVE PROTECAO ANTICORROSIVA","M",79.290000000000006]
["11.043.0005-0","TIRANTE PARA PROTENSAO,PARA ANCORAGEM EM ROCHA,CONSTITUIDO POR 12 FIOS DE ACO DURO DE 8MM.O CUSTO LEVA EM CONTA APENAS OFORNECIMENTO E A CONFECCAO DO CABO,INCLUSIVE PROTECAO ANTICORROSIVA","M",127.35,null,"11.043.0005-A","TIRANTE PARA PROTENSAO,PARA ANCORAGEM EM ROCHA,CONSTITUIDO POR 12 FIOS DE ACO DURO DE 8MM.O CUSTO LEVA EM CONTA APENAS OFORNECIMENTO E A CONFECCAO DO CABO,INCLUSIVE PROTECAO ANTICORROSIVA","M",124.95]
["11.043.0010-0","TIRANTE PARA PROTENSAO,PARA ANCORAGEM EM ROCHA,CONSTITUIDO POR 12 CORDOALHAS DE 12,7MM.O CUSTO LEVA EM CONTA APENAS O FORNECIMENTO E A CONFECCAO DO CABO,INCLUSIVE PROTECAO ANTICORROSIVA","M",170.27,null,"11.043.0010-A","TIRANTE PARA PROTENSAO,PARA ANCORAGEM EM ROCHA,CONSTITUIDO POR 12 CORDOALHAS DE 12,7MM.O CUSTO LEVA EM CONTA APENAS O FORNECIMENTO E A CONFECCAO DO CABO,INCLUSIVE PROTECAO ANTICORROSIVA","M",167.1]
["11.043.0015-0","TIRANTE PROTENDIDO PARA ANCORAGEM EM SOLO,CONSTITUIDO POR 16FIOS DE ACO DURO DE 8MM.O CUSTO INCLUI APENAS O FORNECIMENTO E A CONFECCAO DO CABO PARA O TRECHO LIVRE,INCLUSIVE PROTECAO ANTICORROSIVA","M",175.32,null,"11.043.0015-A","TIRANTE PROTENDIDO PARA ANCORAGEM EM SOLO,CONSTITUIDO POR 16FIOS DE ACO DURO DE 8MM.O CUSTO INCLUI APENAS O FORNECIMENTO E A CONFECCAO DO CABO PARA O TRECHO LIVRE,INCLUSIVE PROTECAO ANTICORROSIVA","M",172.28]
["11.043.0020-0","TIRANTE PROTENDIDO PARA ANCORAGEM EM SOLO,CONSTITUIDO POR 12CORDOALHAS DE 12,7MM.O CUSTO INCLUI APENAS O FORNECIMENTO EA CONFECCAO DO CABO PARA O TRECHO LIVRE,INCLUSIVE PROTECAOANTICORROSIVA","M",185.9,null,"11.043.0020-A","TIRANTE PROTENDIDO PARA ANCORAGEM EM SOLO,CONSTITUIDO POR 12CORDOALHAS DE 12,7MM.O CUSTO INCLUI APENAS O FORNECIMENTO EA CONFECCAO DO CABO PARA O TRECHO LIVRE,INCLUSIVE PROTECAOANTICORROSIVA","M",182.1]
["11.043.0022-0","TIRANTE PROTENDIDO PARA ANCORAGEM EM SOLO,CONSTITUIDO POR 8FIOS DE ACO DURO DE 8MM.O CUSTO INCLUI APENAS O FORNECIMENTOE A CONFECCAO DO CABO PARA TRECHO DE ANCORAGEM","M",191.5,null,"11.043.0022-A","TIRANTE PROTENDIDO PARA ANCORAGEM EM SOLO,CONSTITUIDO POR 8FIOS DE ACO DURO DE 8MM.O CUSTO INCLUI APENAS O FORNECIMENTOE A CONFECCAO DO CABO PARA TRECHO DE ANCORAGEM","M",183.39]
["11.043.0027-0","TIRANTE PROTENDIDO PARA ANCORAGEM EM SOLO,CONSTITUIDO POR 6CORDOALHAS DE 12,7MM.O CUSTO INCLUI APENAS O FORNECIMENTO EA CONFECCAO DO CABO PARA TRECHO DE ANCORAGEM","M",195.85,null,"11.043.0027-A","TIRANTE PROTENDIDO PARA ANCORAGEM EM SOLO,CONSTITUIDO POR 6CORDOALHAS DE 12,7MM.O CUSTO INCLUI APENAS O FORNECIMENTO EA CONFECCAO DO CABO PARA TRECHO DE ANCORAGEM","M",187.48]
["11.044.0009-0","PROTENSAO INCLUSIVE INSTALACAO,CONE E PLACA DE ANCORAGEM DETIRANTE PARA ANCORAGEM EM ROCHA,CONSTITUIDO POR 10 CORDOALHAS DE 12,7MM,EXCLUSIVE PERFURACAO,INJECAO E O TIRANTE","UN",5521.24,null,"11.044.0009-A","PROTENSAO INCLUSIVE INSTALACAO,CONE E PLACA DE ANCORAGEM DETIRANTE PARA ANCORAGEM EM ROCHA,CONSTITUIDO POR 10 CORDOALHAS DE 12,7MM,EXCLUSIVE PERFURACAO,INJECAO E O TIRANTE","UN",5290.77]
["11.044.0060-0","PROTENSAO DE TIRANTES DE 10 E 12 CORDOALHAS DE 12,7MM,EXCLUSIVE FORNECIMENTO DOS MATERIAIS","UN",1893.33,null,"11.044.0060-A","PROTENSAO DE TIRANTES DE 10 E 12 CORDOALHAS DE 12,7MM,EXCLUSIVE FORNECIMENTO DOS MATERIAIS","UN",1797.41]
["11.045.0006-0","PROTENSAO INCLUSIVE INSTALACAO,CONE E PLACA DE ANCORAGEM DETIRANTE PARA ANCORAGEM EM SOLO,CONSTITUIDO POR 4 CORDOALHASDE 12,7MM,EXCLUSIVE PERFURACAO,INJECAO E O TIRANTE","UN",3327.47,null,"11.045.0006-A","PROTENSAO INCLUSIVE INSTALACAO,CONE E PLACA DE ANCORAGEM DETIRANTE PARA ANCORAGEM EM SOLO,CONSTITUIDO POR 4 CORDOALHASDE 12,7MM,EXCLUSIVE PERFURACAO,INJECAO E O TIRANTE","UN",3187.11]
["11.046.0001-0","CONCRETO IMPORTADO DE USINA,DOSADO RACIONALMENTE PARA UMA RESISTENCIA CARACTERISTICA A COMPRESSAO DE 10MPA","M3",490,null,"11.046.0001-A","CONCRETO IMPORTADO DE USINA,DOSADO RACIONALMENTE PARA UMA RESISTENCIA CARACTERISTICA A COMPRESSAO DE 10MPA","M3",490]
["11.046.0015-0","CONCRETO IMPORTADO DE USINA,DOSADO RACIONALMENTE PARA UMA RESISTENCIA CARACTERISTICA A COMPRESSAO DE 40MPA","M3",600,null,"11.046.0015-A","CONCRETO IMPORTADO DE USINA,DOSADO RACIONALMENTE PARA UMA RESISTENCIA CARACTERISTICA A COMPRESSAO DE 40MPA","M3",600]
["11.046.0115-0","CONCRETO DE ALTO DESEMPENHO (CAD) DOSADO RACIONALMENTE PARAUMA RESISTENCIA CARACTERISTICA A COMPRESSAO DE 70MPA,PREPAROEM USINA DOSADORA TIPO VERTICAL E LANCAMENTO COM AUXILIO DEEQUIPAMENTOS, INCLUINDO ADITIVOS","M3",894.13,null,"11.046.0115-A","CONCRETO DE ALTO DESEMPENHO (CAD) DOSADO RACIONALMENTE PARAUMA RESISTENCIA CARACTERISTICA A COMPRESSAO DE 70MPA,PREPAROEM USINA DOSADORA TIPO VERTICAL E LANCAMENTO COM AUXILIO DEEQUIPAMENTOS, INCLUINDO ADITIVOS","M3",879.47]
["11.047.0011-1","PROTENSAO PARCIAL E FINAL DE TIRANTE (EXCLUSIVE ESTE),PARA CARGA DE TRABALHO ATE 34T,DIAMETRO DE 32MM,INCLUSIVE O FORNECIMENTO E INSTALACAO DA PLACA,ANEL DE ANGULO,PORCAS,CONTRAPORCAS,LUVAS,ETC,PINTURA E PROTECAO DA CABECA,EXCLUSIVE PERFURACAO E INJECAO","UN",2500.73,null,"11.047.0011-B","PROTENSAO PARCIAL E FINAL DE TIRANTE (EXCLUSIVE ESTE),PARA CARGA DE TRABALHO ATE 34T,DIAMETRO DE 32MM,INCLUSIVE O FORNECIMENTO E INSTALACAO DA PLACA,ANEL DE ANGULO,PORCAS,CONTRAPORCAS,LUVAS,ETC,PINTURA E PROTECAO DA CABECA,EXCLUSIVE PERFURACAO E INJECAO","UN",2439.2199999999998]
["11.047.0050-0","PROTENSAO DE TIRANTE DE BARRA,DIAMETRO DE 32MM,EXCLUSIVE FORNECIMENTO DE MATERIAIS","UN",585.61,null,"11.047.0050-A","PROTENSAO DE TIRANTE DE BARRA,DIAMETRO DE 32MM,EXCLUSIVE FORNECIMENTO DE MATERIAIS","UN",562.22]
["11.048.0030-1","CONCRETO IMPORTADO DE USINA,DOSADO RACIONALMENTE PARA RESISTENCIA CARACTERISTICA A COMPRESSAO DE 30MPA,INCLUSIVE TRANSPORTE HORIZONTAL ATE 20,00M EM CARRINHOS,ADENSAMENTO E ACABAMENTO","M3",647.12,null,"11.048.0030-B","CONCRETO IMPORTADO DE USINA,DOSADO RACIONALMENTE PARA RESISTENCIA CARACTERISTICA A COMPRESSAO DE 30MPA,INCLUSIVE TRANSPORTE HORIZONTAL ATE 20,00M EM CARRINHOS,ADENSAMENTO E ACABAMENTO","M3",640.66999999999996]
["11.048.0060-0","PLACA DE CONCRETO ARMADO PRE-MOLDADA,COM 10CM DE ESPESSURA,CONFECCIONADA COM CONCRETO PREPARADO EM USINA DOSADORA TIPO VERTICAL,DOSADO PARA FCK=25MPA E 8% DE MICROSSILICA,COMPREENDENDO LANCAMENTO E ADENSAMENTO MECANICO,INCLUSIVE TRANSPORTEE COLOCACAO SOBRE VIGAS,COM GUINDASTE","M2",243.97,null,"11.048.0060-A","PLACA DE CONCRETO ARMADO PRE-MOLDADA,COM 10CM DE ESPESSURA,CONFECCIONADA COM CONCRETO PREPARADO EM USINA DOSADORA TIPO VERTICAL,DOSADO PARA FCK=25MPA E 8% DE MICROSSILICA,COMPREENDENDO LANCAMENTO E ADENSAMENTO MECANICO,INCLUSIVE TRANSPORTEE COLOCACAO SOBRE VIGAS,COM GUINDASTE","M2",239.28]
["11.050.0002-0","ESCORAMENTO TUBULAR(ALUGUEL)COM TUBOS METALICOS,PARA QUALQUER DENSIDADE DE TUBO,PAGO PELO COMPRIMENTO NECESSARIO,NO MESMO TEMPO,DESDE A ENTREGA DO MATERIAL NA OBRA,NA OCASIAO APROPRIADA ATE SUA CARGA,PARA DEVOLUCAO,LOGO QUE DESNECESSARIA","MXMES",7.5,null,"11.050.0002-A","ESCORAMENTO TUBULAR(ALUGUEL)COM TUBOS METALICOS,PARA QUALQUER DENSIDADE DE TUBO,PAGO PELO COMPRIMENTO NECESSARIO,NO MESMO TEMPO,DESDE A ENTREGA DO MATERIAL NA OBRA,NA OCASIAO APROPRIADA ATE SUA CARGA,PARA DEVOLUCAO,LOGO QUE DESNECESSARIA","MXMES",7.5]
["11.060.0160-0","SUPERESTRUTURA DE PONTE OU VIADUTO,PRE-FABRICADA,EM CONCRETOPROTENDIDO,CLASSE 45,PARA UMA FAIXA DE TRAFEGO COM GUARDA-RODAS E 3,20M DE PISTA DE ROLAMENTO,SEM CAPEAMENTO,COM VAO ENTRE 7,50 E 12,50M,COLOCADA","M",22037.75,null,"11.060.0160-A","SUPERESTRUTURA DE PONTE OU VIADUTO,PRE-FABRICADA,EM CONCRETOPROTENDIDO,CLASSE 45,PARA UMA FAIXA DE TRAFEGO COM GUARDA-RODAS E 3,20M DE PISTA DE ROLAMENTO,SEM CAPEAMENTO,COM VAO ENTRE 7,50 E 12,50M,COLOCADA","M",21075.4]
["11.060.0195-0","SUPERESTRUTURA DE PONTE OU VIADUTO,PRE-FABRICADA,EM CONCRETOPROTENDIDO,CLASSE 45,PARA DUAS FAIXAS DE TRAFEGO DE 3,60M,DOIS ACOSTAMENTOS DE 2,50M E BARREIRAS TIPO DER-RJ,COM LARGURA TOTAL DE 13,00M,SEM CAPEAMENTO,COM VAO ENTRE 7,50 E 12,50M,COLOCADA","M",61214.05,null,"11.060.0195-A","SUPERESTRUTURA DE PONTE OU VIADUTO,PRE-FABRICADA,EM CONCRETOPROTENDIDO,CLASSE 45,PARA DUAS FAIXAS DE TRAFEGO DE 3,60M,DOIS ACOSTAMENTOS DE 2,50M E BARREIRAS TIPO DER-RJ,COM LARGURA TOTAL DE 13,00M,SEM CAPEAMENTO,COM VAO ENTRE 7,50 E 12,50M,COLOCADA","M",58768.13]
["11.060.0415-0","ESTRUTURA PRE-FABRICADA EM CONCRETO ARMADO/PROTENDIDO,COM FCK>=30MPA,PARA OBRAS PREDIAIS ATE QUATRO PAVIMENTOS,COM PILARES,VIGAS PRINCIPAIS E SECUNDARIAS,LAJES,PATAMARES E RAMPAS DE ACESSO,CONSIDERANDO A MONTAGEM,EXCLUSIVE A CONFECCAO DAS PECAS(VIDE ITEM 11.060.0410)","M2",211.35,null,"11.060.0415-A","ESTRUTURA PRE-FABRICADA EM CONCRETO ARMADO/PROTENDIDO,COM FCK>=30MPA,PARA OBRAS PREDIAIS ATE QUATRO PAVIMENTOS,COM PILARES,VIGAS PRINCIPAIS E SECUNDARIAS,LAJES,PATAMARES E RAMPAS DE ACESSO,CONSIDERANDO A MONTAGEM,EXCLUSIVE A CONFECCAO DAS PECAS(VIDE ITEM 11.060.0410)","M2",201.9]
["11.061.0001-0","MURO DE ARRIMO CELULAR,DE PECAS PRE-MOLDADAS DE CONCRETO,COMPREENDENDO:CONFECCAO DAS PECAS,MONTAGEM E COMPACTACAO DO SOLO DE ENCHIMENTO.O CUSTO INCLUI TODOS OS MATERIAIS NECESSARIOS,EXCLUSIVE FORMAS","M3",376.52,null,"11.061.0001-A","MURO DE ARRIMO CELULAR,DE PECAS PRE-MOLDADAS DE CONCRETO,COMPREENDENDO:CONFECCAO DAS PECAS,MONTAGEM E COMPACTACAO DO SOLO DE ENCHIMENTO.O CUSTO INCLUI TODOS OS MATERIAIS NECESSARIOS,EXCLUSIVE FORMAS","M3",364.35]
["11.090.0505-0","RECUPERACAO DE ARMADURAS EM ESTRUTURA DE CONCRETO,POR MEIO DE SOLDA A FRIO,INCLUSIVE FORNECIMENTO,CORTE,DOBRAGEM E COLOCACAO","KG",119.86,null,"11.090.0505-A","RECUPERACAO DE ARMADURAS EM ESTRUTURA DE CONCRETO,POR MEIO DE SOLDA A FRIO,INCLUSIVE FORNECIMENTO,CORTE,DOBRAGEM E COLOCACAO","KG",117.4]
["11.090.0610-0","RECOMPOSICAO DE CAPEAMENTO DE CONCRETO E PEQUENAS ESPESSURASEM SERVICOS DE RECUPERACAO ESTRUTURAL,COM ARGAMASSA DE CIMENTO E AREIA NO TRACO 1:3 ADITIVADA COM RESINA ACRILICA NA PROPORCAO 50ML/M3 DE ARGAMASSA E SILICA ATIVA NA PROPORCAO DE5% A 10% DE CIMENTO","M3",2830.19,null,"11.090.0610-A","RECOMPOSICAO DE CAPEAMENTO DE CONCRETO E PEQUENAS ESPESSURASEM SERVICOS DE RECUPERACAO ESTRUTURAL,COM ARGAMASSA DE CIMENTO E AREIA NO TRACO 1:3 ADITIVADA COM RESINA ACRILICA NA PROPORCAO 50ML/M3 DE ARGAMASSA E SILICA ATIVA NA PROPORCAO DE5% A 10% DE CIMENTO","M3",2805.12]
["12.001.0010-0","FUNDACAO DE ALVENARIA DE PEDRA,COM ARGAMASSA DE CIMENTO,SAIBRO E AREIA,NO TRACO 1:2:3,TENDO 0,60 A 0,80M DE LARGURA","M3",657.51,null,"12.001.0010-A","FUNDACAO DE ALVENARIA DE PEDRA,COM ARGAMASSA DE CIMENTO,SAIBRO E AREIA,NO TRACO 1:2:3,TENDO 0,60 A 0,80M DE LARGURA","M3",632.30999999999995]
["12.001.0020-0","ALVENARIA DE PEDRA EM ELEVACAO,DE UMA FACE,FEITA COM BLOCOSDE DIMENSOES APROXIMADAS DE 30X30X30 A 40X40X40CM,ASSENTES COM ARGAMASSA DE CIMENTO,SAIBRO E AREIA,NO TRACO 1:2:3,JUNTASSIMPLES,TENDO ALTURA ATE 1,50M","M3",583.27,null,"12.001.0020-A","ALVENARIA DE PEDRA EM ELEVACAO,DE UMA FACE,FEITA COM BLOCOSDE DIMENSOES APROXIMADAS DE 30X30X30 A 40X40X40CM,ASSENTES COM ARGAMASSA DE CIMENTO,SAIBRO E AREIA,NO TRACO 1:2:3,JUNTASSIMPLES,TENDO ALTURA ATE 1,50M","M3",563.05999999999995]
["12.001.0045-0","JUNTAS EM RELEVO,EM ALVENARIA DE PEDRA,COMO EM 12.001.0020,FEITAS COM ARGAMASSA DE CIMENTO,CAL E AREIA FINA,NO TRACO 1:3:5","M2",208.92,null,"12.001.0045-A","JUNTAS EM RELEVO,EM ALVENARIA DE PEDRA,COMO EM 12.001.0020,FEITAS COM ARGAMASSA DE CIMENTO,CAL E AREIA FINA,NO TRACO 1:3:5","M2",195.36]
["12.001.0100-0","ALVENARIA DE PEDRA EM ELEVACAO,DE DUAS FACES,FEITA COM BLOCOS DE PEDRA DE MAO,ASSENTES COM ARGAMASSA DE CIMENTO,SAIBRO EAREIA,NO TRACO 1:2:3,TENDO ALTURA ATE 1,50M,SENDO A ESPESSURA ATE 0,35M","M3",1165.3599999999999,null,"12.001.0100-A","ALVENARIA DE PEDRA EM ELEVACAO,DE DUAS FACES,FEITA COM BLOCOS DE PEDRA DE MAO,ASSENTES COM ARGAMASSA DE CIMENTO,SAIBRO EAREIA,NO TRACO 1:2:3,TENDO ALTURA ATE 1,50M,SENDO A ESPESSURA ATE 0,35M","M3",1104.9000000000001]
["12.002.0011-0","ALVENARIA DE TIJOLOS MACICOS 7X10X20CM,COM ARGAMASSA DE CIMENTO E SAIBRO,NO TRACO 1:6,ATE 1,50M DE ALTURA","M3",1576.14,null,"12.002.0011-A","ALVENARIA DE TIJOLOS MACICOS 7X10X20CM,COM ARGAMASSA DE CIMENTO E SAIBRO,NO TRACO 1:6,ATE 1,50M DE ALTURA","M3",1535.77]
["12.002.0020-0","ALVENARIA DE TIJOLOS MACICOS 7X10X20CM,COM ARGAMASSA DE CIMENTO E SAIBRO,NO TRACO 1:6,EM PAREDES DE UMA VEZ(0,20M),COM VAOS OU ARESTAS,ATE 3,00M DE ALTURA E MEDIDA PELA AREA REAL","M2",332.32,null,"12.002.0020-A","ALVENARIA DE TIJOLOS MACICOS 7X10X20CM,COM ARGAMASSA DE CIMENTO E SAIBRO,NO TRACO 1:6,EM PAREDES DE UMA VEZ(0,20M),COM VAOS OU ARESTAS,ATE 3,00M DE ALTURA E MEDIDA PELA AREA REAL","M2",323.62]
["12.002.0040-0","ALVENARIA DE TIJOLOS MACICOS 7X10X20CM,COM ARGAMASSA DE CIMENTO E SAIBRO,NO TRACO 1:6,EM PAREDES DE MEIA VEZ(0,10M),COMVAOS OU ARESTAS,ATE 3,00M DE ALTURA E MEDIDA PELA AREA REAL","M2",169.26,null,"12.002.0040-A","ALVENARIA DE TIJOLOS MACICOS 7X10X20CM,COM ARGAMASSA DE CIMENTO E SAIBRO,NO TRACO 1:6,EM PAREDES DE MEIA VEZ(0,10M),COMVAOS OU ARESTAS,ATE 3,00M DE ALTURA E MEDIDA PELA AREA REAL","M2",164.58]
["12.002.0085-0","APERTO DE ALVENARIA SOB VIGAS OU TETOS,EXECUTADA COM TIJOLOSMACICOS DE 7X10X20CM INCLINADOS,ASSENTES COM ARGAMASSA DE CIMENTO E SAIBRO,TRACO 1:6,EM PAREDES DE MEIA VEZ(0,10M)","M",38.89,null,"12.002.0085-A","APERTO DE ALVENARIA SOB VIGAS OU TETOS,EXECUTADA COM TIJOLOSMACICOS DE 7X10X20CM INCLINADOS,ASSENTES COM ARGAMASSA DE CIMENTO E SAIBRO,TRACO 1:6,EM PAREDES DE MEIA VEZ(0,10M)","M",37.67]
["12.003.0060-0","ALVENARIA DE TIJOLOS CERAMICOS FURADOS 10X20X20CM,ASSENTES COM ARGAMASSA DE CIMENTO E SAIBRO,NO TRACO 1:8,EM PAREDES DEUMA VEZ(0,20M),COM VAOS OU ARESTAS,ATE 3,00M DE ALTURA E MEDIDA PELA AREA REAL","M2",165.3,null,"12.003.0060-A","ALVENARIA DE TIJOLOS CERAMICOS FURADOS 10X20X20CM,ASSENTES COM ARGAMASSA DE CIMENTO E SAIBRO,NO TRACO 1:8,EM PAREDES DEUMA VEZ(0,20M),COM VAOS OU ARESTAS,ATE 3,00M DE ALTURA E MEDIDA PELA AREA REAL","M2",158.09]
["12.003.0065-0","ALVENARIA DE TIJOLOS CERAMICOS FURADOS 10X20X20CM,ASSENTES COM ARGAMASSA DE CIMENTO E SAIBRO,NO TRACO 1:8,EM PAREDES DEUMA VEZ(0,20M),DE SUPERFICIE CORRIDA,DE 3,00M A 4,50M DE ALTURA E MEDIDA PELA AREA REAL","M2",205.57,null,"12.003.0065-A","ALVENARIA DE TIJOLOS CERAMICOS FURADOS 10X20X20CM,ASSENTES COM ARGAMASSA DE CIMENTO E SAIBRO,NO TRACO 1:8,EM PAREDES DEUMA VEZ(0,20M),DE SUPERFICIE CORRIDA,DE 3,00M A 4,50M DE ALTURA E MEDIDA PELA AREA REAL","M2",195.5]
["12.003.0080-0","ALVENARIA DE TIJOLOS CERAMICOS FURADOS 10X20X20CM,ASSENTES COM ARGAMASSA DE CIMENTO E SAIBRO,NO TRACO 1:8,EM PAREDES DEMEIA VEZ(0,10M)COM VAOS OU ARESTAS,ATE 3,00M DE ALTURA E MEDIDA PELA AREA REAL","M2",83.32,null,"12.003.0080-A","ALVENARIA DE TIJOLOS CERAMICOS FURADOS 10X20X20CM,ASSENTES COM ARGAMASSA DE CIMENTO E SAIBRO,NO TRACO 1:8,EM PAREDES DEMEIA VEZ(0,10M)COM VAOS OU ARESTAS,ATE 3,00M DE ALTURA E MEDIDA PELA AREA REAL","M2",79.47]
["12.003.0110-0","ALVENARIA DE TIJOLOS CERAMICOS FURADOS 10X20X30CM,COMPLEMENTADA COM 20% DE TIJOLOS DE 10X20X20CM,ASSENTES COM ARGAMASSADE CIMENTO E SAIBRO,NO TRACO 1:8,EM PAREDES DE UMA VEZ(0,20M),COM VAOS OU ARESTAS,DE 3,00M A 4,50M DE ALTURA E MEDIDA PELA AREA REAL","M2",180.6,null,"12.003.0110-A","ALVENARIA DE TIJOLOS CERAMICOS FURADOS 10X20X30CM,COMPLEMENTADA COM 20% DE TIJOLOS DE 10X20X20CM,ASSENTES COM ARGAMASSADE CIMENTO E SAIBRO,NO TRACO 1:8,EM PAREDES DE UMA VEZ(0,20M),COM VAOS OU ARESTAS,DE 3,00M A 4,50M DE ALTURA E MEDIDA PELA AREA REAL","M2",171.92]
["12.003.0150-0","ALVENARIA DE TIJOLOS CERAMICOS FURADOS 10X20X30CM,COMPLEMENTADA COM 6% DE TIJOLOS DE 10X20X20CM,ASSENTES COM ARGAMASSA DE CIMENTO E SAIBRO,NO TRACO 1:8,EM PAREDES DE MEIA VEZ(0,10M) COM VAOS OU ARESTAS,DE 3,00 A 4,50M DE ALTURA E MEDIDA PELA AREA REAL","M2",95.58,null,"12.003.0150-A","ALVENARIA DE TIJOLOS CERAMICOS FURADOS 10X20X30CM,COMPLEMENTADA COM 6% DE TIJOLOS DE 10X20X20CM,ASSENTES COM ARGAMASSA DE CIMENTO E SAIBRO,NO TRACO 1:8,EM PAREDES DE MEIA VEZ(0,10M) COM VAOS OU ARESTAS,DE 3,00 A 4,50M DE ALTURA E MEDIDA PELA AREA REAL","M2",90.83]
["12.003.0155-0","ALVENARIA DE TIJOLOS CERAMICOS FURADOS 10X20X20CM,ASSENTES COM ARGAMASSA DE CIMENTO,CAL HIDRATADA ADITIVADA E AREIA,NO TRACO 1:1:8,EM PAREDES DE UMA VEZ(0,20M),DE SUPERFICIE CORRIDA,ATE 3,00M DE ALTURA E MEDIDA PELA AREA REAL","M2",154.93,null,"12.003.0155-A","ALVENARIA DE TIJOLOS CERAMICOS FURADOS 10X20X20CM,ASSENTES COM ARGAMASSA DE CIMENTO,CAL HIDRATADA ADITIVADA E AREIA,NO TRACO 1:1:8,EM PAREDES DE UMA VEZ(0,20M),DE SUPERFICIE CORRIDA,ATE 3,00M DE ALTURA E MEDIDA PELA AREA REAL","M2",148.93]
["12.003.0180-1","ALVENARIA DE TIJOLOS CERAMICOS FURADOS 10X20X20CM ASSENTES COM ARGAMASSA DE CIMENTO,CAL HIDRATADA ADITIVADA E AREIA,NO TRACO 1:1:8,EM PAREDES DE MEIA VEZ(0,10M),DE SUPERFICIE CORRIDA,ATE 3,00M DE ALTURA E MEDIDA PELA AREA REAL","M2",76.62,null,"12.003.0180-B","ALVENARIA DE TIJOLOS CERAMICOS FURADOS 10X20X20CM ASSENTES COM ARGAMASSA DE CIMENTO,CAL HIDRATADA ADITIVADA E AREIA,NO TRACO 1:1:8,EM PAREDES DE MEIA VEZ(0,10M),DE SUPERFICIE CORRIDA,ATE 3,00M DE ALTURA E MEDIDA PELA AREA REAL","M2",73.41]
["12.003.0210-0","ALVENARIA DE TIJOLOS CERAMICOS FURADOS 10X20X30CM,COMPLEMENTADA COM 20% DE TIJOLOS DE 10X20X20CM,ASSENTES COM ARGAMASSADE CIMENTO,CAL HIDRATADA ADITIVADA E AREIA,NO TRACO 1:1:8,EMPAREDES DE UMA VEZ(0,20M),DE SUPERFICIE CORRIDA,ATE 1,50M DE ALTURA E MEDIDA PELA AREA REAL","M2",119.13,null,"12.003.0210-A","ALVENARIA DE TIJOLOS CERAMICOS FURADOS 10X20X30CM,COMPLEMENTADA COM 20% DE TIJOLOS DE 10X20X20CM,ASSENTES COM ARGAMASSADE CIMENTO,CAL HIDRATADA ADITIVADA E AREIA,NO TRACO 1:1:8,EMPAREDES DE UMA VEZ(0,20M),DE SUPERFICIE CORRIDA,ATE 1,50M DE ALTURA E MEDIDA PELA AREA REAL","M2",114.99]
["12.003.0235-0","ALVENARIA DE TIJOLOS CERAMICOS FURADOS 10X20X30CM,COMPLEMENTADA COM 6% DE TIJOLOS DE 10X20X20CM,ASSENTES COM ARGAMASSA DE CIMENTO,CAL HIDRATADA ADITIVADA E AREIA,NO TRACO 1:1:8,EMPAREDES DE MEIA VEZ(0,10M),DE SUPERFICIE CORRIDA,ATE 1,50M DE ALTURA E MEDIDA PELA AREA REAL","M2",58.8,null,"12.003.0235-A","ALVENARIA DE TIJOLOS CERAMICOS FURADOS 10X20X30CM,COMPLEMENTADA COM 6% DE TIJOLOS DE 10X20X20CM,ASSENTES COM ARGAMASSA DE CIMENTO,CAL HIDRATADA ADITIVADA E AREIA,NO TRACO 1:1:8,EMPAREDES DE MEIA VEZ(0,10M),DE SUPERFICIE CORRIDA,ATE 1,50M DE ALTURA E MEDIDA PELA AREA REAL","M2",56.6]
["12.003.0250-0","ALVENARIA DE TIJOLOS CERAMICOS FURADOS 10X20X30CM,COMPLEMENTADA COM 6% DE TIJOLOS DE 10X20X20CM,ASSENTES COM ARGAMASSA DE CIMENTO,CAL HIDRATADA ADITIVADA E AREIA,NO TRACO 1:1:8,EMPAREDES DE MEIA VEZ(0,10M),COM VAOS OU ARESTAS,DE 3,00 A 4,50M DE ALTURA E MEDIDA PELA AREA REAL","M2",97.39,null,"12.003.0250-A","ALVENARIA DE TIJOLOS CERAMICOS FURADOS 10X20X30CM,COMPLEMENTADA COM 6% DE TIJOLOS DE 10X20X20CM,ASSENTES COM ARGAMASSA DE CIMENTO,CAL HIDRATADA ADITIVADA E AREIA,NO TRACO 1:1:8,EMPAREDES DE MEIA VEZ(0,10M),COM VAOS OU ARESTAS,DE 3,00 A 4,50M DE ALTURA E MEDIDA PELA AREA REAL","M2",92.66]
["12.005.0020-0","ALVENARIA DE BLOCOS DE CONCRETO 10X20X40CM,ASSENTES COM ARGAMASSA DE CIMENTO E AREIA,NO TRACO 1:8,EM PAREDES DE 0,10M DEESPESSURA,DE SUPERFICIE CORRIDA,DE 3,00 A 4,50M DE ALTURA EE MEDIDA PELA AREA REAL","M2",106.01,null,"12.005.0020-A","ALVENARIA DE BLOCOS DE CONCRETO 10X20X40CM,ASSENTES COM ARGAMASSA DE CIMENTO E AREIA,NO TRACO 1:8,EM PAREDES DE 0,10M DEESPESSURA,DE SUPERFICIE CORRIDA,DE 3,00 A 4,50M DE ALTURA EE MEDIDA PELA AREA REAL","M2",101.19]
["12.005.0045-0","ALVENARIA DE BLOCOS DE CONCRETO 15X20X40CM,ASSENTES COM ARGAMASSA DE CIMENTO E AREIA,NO TRACO 1:8,EM PAREDES DE 0,15M DEESPESSURA,COM VAOS OU ARESTAS,DE 3,00M A 4,50M DE ALTURA E MEDIDA PELA AREA REAL","M2",116.9,null,"12.005.0045-A","ALVENARIA DE BLOCOS DE CONCRETO 15X20X40CM,ASSENTES COM ARGAMASSA DE CIMENTO E AREIA,NO TRACO 1:8,EM PAREDES DE 0,15M DEESPESSURA,COM VAOS OU ARESTAS,DE 3,00M A 4,50M DE ALTURA E MEDIDA PELA AREA REAL","M2",112.29]
["12.005.0103-1","ALVENARIA DE BLOCOS DE CONCRETO 10X20X40CM,ASSENTES COM ARGAMASSA DE CIMENTO,CAL HIDRATADA ADITIVADA E AREIA,NO TRACO 1:1:10,EM PAREDES DE 0,10M DE ESPESSURA,COM VAOS OU ARESTAS,ATE 3,00M DE ALTURA E MEDIDA PELA AREA REAL","M2",82.86,null,"12.005.0103-B","ALVENARIA DE BLOCOS DE CONCRETO 10X20X40CM,ASSENTES COM ARGAMASSA DE CIMENTO,CAL HIDRATADA ADITIVADA E AREIA,NO TRACO 1:1:10,EM PAREDES DE 0,10M DE ESPESSURA,COM VAOS OU ARESTAS,ATE 3,00M DE ALTURA E MEDIDA PELA AREA REAL","M2",79.64]
["12.005.0105-0","ALVENARIA DE BLOCOS DE CONCRETO 10X20X40CM,ASSENTES COM ARGAMASSA DE CIMENTO,CAL HIDRATADA ADITIVADA E AREIA,NO TRACO 1:1:10,EM PAREDES DE 0,10M DE ESPESSURA,DE SUPERFICIE CORRIDA,DE 3,00M A 4,50M DE ALTURA E MEDIDA PELA AREA REAL","M2",106.39,null,"12.005.0105-A","ALVENARIA DE BLOCOS DE CONCRETO 10X20X40CM,ASSENTES COM ARGAMASSA DE CIMENTO,CAL HIDRATADA ADITIVADA E AREIA,NO TRACO 1:1:10,EM PAREDES DE 0,10M DE ESPESSURA,DE SUPERFICIE CORRIDA,DE 3,00M A 4,50M DE ALTURA E MEDIDA PELA AREA REAL","M2",101.59]
["12.005.0117-1","ALVENARIA DE BLOCOS DE CONCRETO 15X20X40CM,ASSENTES COM ARGAMASSA DE CIMENTO,CAL HIDRATADA ADITIVADA E AREIA,NO TRACO 1:1:10,EM PAREDES DE 0,15M DE ESPESSURA,COM VAOS OU ARESTAS,DE3,00M A 4,50M DE ALTURA E MEDIDA PELA AREA REAL","M2",117.48,null,"12.005.0117-B","ALVENARIA DE BLOCOS DE CONCRETO 15X20X40CM,ASSENTES COM ARGAMASSA DE CIMENTO,CAL HIDRATADA ADITIVADA E AREIA,NO TRACO 1:1:10,EM PAREDES DE 0,15M DE ESPESSURA,COM VAOS OU ARESTAS,DE3,00M A 4,50M DE ALTURA E MEDIDA PELA AREA REAL","M2",112.89]
["12.005.0124-0","ALVENARIA DE BLOCOS DE CONCRETO 20X20X40CM,ASSENTES COM ARGAMASSA DE CIMENTO,CAL HIDRATADA ADITIVADA E AREIA,NO TRACO 1:1:10,EM PAREDES DE 0,20M DE ESPESSURA,DE SUPERFICIE CORRIDA,DE 3,00M A 4,50M DE ALTURA E MEDIDA PELA AREA REAL","M2",147.21,null,"12.005.0124-A","ALVENARIA DE BLOCOS DE CONCRETO 20X20X40CM,ASSENTES COM ARGAMASSA DE CIMENTO,CAL HIDRATADA ADITIVADA E AREIA,NO TRACO 1:1:10,EM PAREDES DE 0,20M DE ESPESSURA,DE SUPERFICIE CORRIDA,DE 3,00M A 4,50M DE ALTURA E MEDIDA PELA AREA REAL","M2",141.82]
["12.005.0175-0","ALVENARIA DE BLOCOS DE CONCRETO ESTRUTURAL 15X20X40CM,ASSENTES COM ARGAMASSA DE CIMENTO E AREIA,NO TRACO 1:8,EM PAREDESDE 0,15M DE ESPESSURA,COM VAOS OU ARESTAS,DE 3,00M A 4,50M DE ALTURA E MEDIDA PELA AREA REAL","M2",122.29,null,"12.005.0175-A","ALVENARIA DE BLOCOS DE CONCRETO ESTRUTURAL 15X20X40CM,ASSENTES COM ARGAMASSA DE CIMENTO E AREIA,NO TRACO 1:8,EM PAREDESDE 0,15M DE ESPESSURA,COM VAOS OU ARESTAS,DE 3,00M A 4,50M DE ALTURA E MEDIDA PELA AREA REAL","M2",117.68]
["12.005.0185-0","ALVENARIA DE BLOCOS DE CONCRETO ESTRUTURAL 15X20X40CM,ASSENTES COM ARGAMASSA DE CIMENTO,CAL HIDRATADA ADITIVADA E AREIA,NO TRACO 1:1:8,EM PAREDES DE 15CM DE ESPESSURA,DE SUPERFICIECORRIDA ATE 3,00M DE ALTURA E MEDIDA PELA AREA REAL","M2",100.15,null,"12.005.0185-A","ALVENARIA DE BLOCOS DE CONCRETO ESTRUTURAL 15X20X40CM,ASSENTES COM ARGAMASSA DE CIMENTO,CAL HIDRATADA ADITIVADA E AREIA,NO TRACO 1:1:8,EM PAREDES DE 15CM DE ESPESSURA,DE SUPERFICIECORRIDA ATE 3,00M DE ALTURA E MEDIDA PELA AREA REAL","M2",97.14]
["12.007.0015-0","PAREDE DE BLOCOS VAZADOS(COBOGO),DE CIMENTO E AREIA,COM PESODE 4,6KG,29X29X6CM,ASSENTES COMO EM 12.006.0010","M2",268.62,null,"12.007.0015-A","PAREDE DE BLOCOS VAZADOS(COBOGO),DE CIMENTO E AREIA,COM PESODE 4,6KG,29X29X6CM,ASSENTES COMO EM 12.006.0010","M2",265.77]
["12.008.0015-0","PAREDE DE BLOCOS VAZADOS(COBOGO),EM PLACAS DE CONCRETO,MEDINDO APROXIMADAMENTE 50X50X5CM,FUROS QUADRADOS,ASSENTES COMO 12.006.0010","M2",235.74,null,"12.008.0015-A","PAREDE DE BLOCOS VAZADOS(COBOGO),EM PLACAS DE CONCRETO,MEDINDO APROXIMADAMENTE 50X50X5CM,FUROS QUADRADOS,ASSENTES COMO 12.006.0010","M2",228.65]
["12.009.0006-0","PAREDE DE BLOCOS DE VIDRO NACIONAL CANELADO 20X20X10CM,COM ARGAMASSA DE CIMENTO,CAL E AREIA FINA,NO TRACO 1:3:5","M2",578.37,null,"12.009.0006-A","PAREDE DE BLOCOS DE VIDRO NACIONAL CANELADO 20X20X10CM,COM ARGAMASSA DE CIMENTO,CAL E AREIA FINA,NO TRACO 1:3:5","M2",564.32000000000005]
["12.010.0020-0","ALVENARIA DE BLOCOS DE CONCRETO CELULAR,MEDINDO 15X30X60CM,ASSENTES COM ARGAMASSA DE CIMENTO,CAL HIDRATADA E AREIA,NO TRACO 1:2:9,EM PAREDES DE 15CM DE ESPESSURA E MEDIDA PELA AREAREAL","M2",176.93,null,"12.010.0020-A","ALVENARIA DE BLOCOS DE CONCRETO CELULAR,MEDINDO 15X30X60CM,ASSENTES COM ARGAMASSA DE CIMENTO,CAL HIDRATADA E AREIA,NO TRACO 1:2:9,EM PAREDES DE 15CM DE ESPESSURA E MEDIDA PELA AREAREAL","M2",175.69]
["12.013.0010-0","PAREDE DIVISORIA EM MODULOS TIPO FOLHA DE PORTA DE COMPENSADO,FOLHEADO NAS 2 FACES,DE 60,70 OU 80X210CM,ESPESSURA DE 35MM,MONTANTES EM ACO NAVAL,INCLUSIVE PORTAS,EXCLUSIVE FERRAGENS E PINTURA.FORNECIMENTO E COLOCACAO","M2",230.79,null,"12.013.0010-A","PAREDE DIVISORIA EM MODULOS TIPO FOLHA DE PORTA DE COMPENSADO,FOLHEADO NAS 2 FACES,DE 60,70 OU 80X210CM,ESPESSURA DE 35MM,MONTANTES EM ACO NAVAL,INCLUSIVE PORTAS,EXCLUSIVE FERRAGENS E PINTURA.FORNECIMENTO E COLOCACAO","M2",223.5]
["12.016.0006-0","PAREDE DRYWALL C/ESP.73MM,ESTRUT.C/MONT.SIMPL.AUTOPORT.48MM,FIXADOS A GUIAS HORIZ.48MM,AMBOS ACO GALV.ESP.0,5MM,C/DUAS CHAPAS GESSO ACART.STANDARD,C/ADICAO LA MINERAL,ESP.12,5MM,LARG.1200MM,FIX.MONTANT.POR MEIO DE PARAFUSOS,C/TRATAMENTO JUNTAS C/MASSA E FITA P/UNIF.DA SUPERF.DAS CHAPAS DE GESSO ACARTONADO,APLIC.EM AREAS SECAS.FORNECIMENTO E COLOCACAO","M2",108.47,null,"12.016.0006-A","PAREDE DRYWALL C/ESP.73MM,ESTRUT.C/MONT.SIMPL.AUTOPORT.48MM,FIXADOS A GUIAS HORIZ.48MM,AMBOS ACO GALV.ESP.0,5MM,C/DUAS CHAPAS GESSO ACART.STANDARD,C/ADICAO LA MINERAL,ESP.12,5MM,LARG.1200MM,FIX.MONTANT.POR MEIO DE PARAFUSOS,C/TRATAMENTO JUNTAS C/MASSA E FITA P/UNIF.DA SUPERF.DAS CHAPAS DE GESSO ACARTONADO,APLIC.EM AREAS SECAS.FORNECIMENTO E COLOCACAO","M2",106.91]
["12.016.0016-0","PAREDE DRYWALL ESP.140MM,ESTRUT.C/MONTANTES SIMPLES AUTOPORTANTES 90MM,A GUIAS HORIZONTAIS 90MM,AMBOS ACO GALV.C/ESP.0,5MM,C/QUATRO CHAPAS DE GESSO ACARTONADO STANDARD,ESP.12,5MM,LARG.1200MM,FIXADA AOS MONTANTES POR MEIO DE PARAFUSOS C/TRATAMENTO JUNTAS C/MASSA E FITA P/UNIF.DA SUPERF.DAS CHAPAS DEGESSO ACARTONADO.APLIC.EM AREAS SECAS.FORN.E COLOCACAO","M2",132.11000000000001,null,"12.016.0016-A","PAREDE DRYWALL ESP.140MM,ESTRUT.C/MONTANTES SIMPLES AUTOPORTANTES 90MM,A GUIAS HORIZONTAIS 90MM,AMBOS ACO GALV.C/ESP.0,5MM,C/QUATRO CHAPAS DE GESSO ACARTONADO STANDARD,ESP.12,5MM,LARG.1200MM,FIXADA AOS MONTANTES POR MEIO DE PARAFUSOS C/TRATAMENTO JUNTAS C/MASSA E FITA P/UNIF.DA SUPERF.DAS CHAPAS DEGESSO ACARTONADO.APLIC.EM AREAS SECAS.FORN.E COLOCACAO","M2",130.24]
["12.016.0020-0","PAREDE DRYWALL ESP.73MM,ESTRUT.MONTANTES SIMPL.AUTOPORTANTES48MM,ESPACADOS ENTRE SI A CADA 400MM,FIX.A GUIAS HORIZONTAIS 48MM,AMBOS ACO GALV.ESP.0,5MM,C/1 CHAPA GESSO ACARTONADO STANDARD E UMA RU(RESIST.A UMIDADE),ESP.12,5MM,LARG.1200MM,C/TRATAMENTO JUNTAS C/MASSA E FITA P/UNIF.DA SUPERF.DAS CHAPASDE GESSO ACARTONADO.APLICAC.AREA SECA E UMIDA.FORN.COLOC.","M2",95.7,null,"12.016.0020-A","PAREDE DRYWALL ESP.73MM,ESTRUT.MONTANTES SIMPL.AUTOPORTANTES48MM,ESPACADOS ENTRE SI A CADA 400MM,FIX.A GUIAS HORIZONTAIS 48MM,AMBOS ACO GALV.ESP.0,5MM,C/1 CHAPA GESSO ACARTONADO STANDARD E UMA RU(RESIST.A UMIDADE),ESP.12,5MM,LARG.1200MM,C/TRATAMENTO JUNTAS C/MASSA E FITA P/UNIF.DA SUPERF.DAS CHAPASDE GESSO ACARTONADO.APLICAC.AREA SECA E UMIDA.FORN.COLOC.","M2",94.31]
["12.016.0030-0","PAREDE DRYWALL ESP.78MM,ESTRUT.MONTANTES AUTOPORTANTES 48MM,ESPACADOS ENTRE SI A CADA 400MM,GUIAS HORIZONTAIS 48MM,AMBOSACO GALV.ESP.0,5MM,C/UMA CHAPA GESSO ACARTONADO,STANDARD EOUTRA RF(RESISTENTE FOGO),ADICAO LA MINERAL,ESP.15MM,LARG.1200MM,TRATAMENTO JUNTAS C/MASSA E FITA P/UNIF.DA SUPERF.DAS CHAPAS DE GESSO ACARTONADO.APLIC.AREA SECA E UMIDA.FORN.COL.","M2",141.34,null,"12.016.0030-A","PAREDE DRYWALL ESP.78MM,ESTRUT.MONTANTES AUTOPORTANTES 48MM,ESPACADOS ENTRE SI A CADA 400MM,GUIAS HORIZONTAIS 48MM,AMBOSACO GALV.ESP.0,5MM,C/UMA CHAPA GESSO ACARTONADO,STANDARD EOUTRA RF(RESISTENTE FOGO),ADICAO LA MINERAL,ESP.15MM,LARG.1200MM,TRATAMENTO JUNTAS C/MASSA E FITA P/UNIF.DA SUPERF.DAS CHAPAS DE GESSO ACARTONADO.APLIC.AREA SECA E UMIDA.FORN.COL.","M2",139.78]
["12.035.0002-0","PAREDE DIVISORIA PARA SANITARIO EM GRANITO AMARELO ICARAI,COM 2CM DE ESPESSURA,POLIDA NAS DUAS FACES, FIXACAO PISO OU PAREDE,EXCLUSIVE FERRAGENS PARA FIXACAO.FORNECIMENTO E COLOCACAO","M2",704.66,null,"12.035.0002-A","PAREDE DIVISORIA PARA SANITARIO EM GRANITO AMARELO ICARAI,COM 2CM DE ESPESSURA,POLIDA NAS DUAS FACES, FIXACAO PISO OU PAREDE,EXCLUSIVE FERRAGENS PARA FIXACAO.FORNECIMENTO E COLOCACAO","M2",694.71]
["12.035.0020-0","PAREDE DIVISORIA PARA SANITARIO EM GRANITO BRANCO ITAUNAS,COM 2CM DE ESPESSURA,POLIDA NAS DUAS FACES, FIXACAO PISO OU PAREDE,EXCLUSIVE FERRAGENS PARA FIXACAO.FORNECIMENTO E COLOCACAO","M2",1013.66,null,"12.035.0020-A","PAREDE DIVISORIA PARA SANITARIO EM GRANITO BRANCO ITAUNAS,COM 2CM DE ESPESSURA,POLIDA NAS DUAS FACES, FIXACAO PISO OU PAREDE,EXCLUSIVE FERRAGENS PARA FIXACAO.FORNECIMENTO E COLOCACAO","M2",1003.71]
["12.042.0001-0","ALVENARIA AUTOPORTANTE,EM PAINEIS DE EPS,SISTEMA MONOLITE,ACUSTICO E TERMICO,P/CONSTRUCAO DE ATE 3 PAVIMENTOS,SEM VIGA ESEM COLUNA,REVESTIDA C/MALHA FERRO SOLDADA,14CM ACABADA,C/ARGAMASSA PROJETADA CIMENTO,AREIA E ADITIVOS,TRACO 1:4,C/3CMARGAMASSA CADA LADO,SARRAFIADO,ATE 3 METROS,MEDIDA PELA AREAREAL E COM PESO ACABADO DE 130KG/M2.FORNECIMENTO E ASSENT.","M2",193.68,null,"12.042.0001-A","ALVENARIA AUTOPORTANTE,EM PAINEIS DE EPS,SISTEMA MONOLITE,ACUSTICO E TERMICO,P/CONSTRUCAO DE ATE 3 PAVIMENTOS,SEM VIGA ESEM COLUNA,REVESTIDA C/MALHA FERRO SOLDADA,14CM ACABADA,C/ARGAMASSA PROJETADA CIMENTO,AREIA E ADITIVOS,TRACO 1:4,C/3CMARGAMASSA CADA LADO,SARRAFIADO,ATE 3 METROS,MEDIDA PELA AREAREAL E COM PESO ACABADO DE 130KG/M2.FORNECIMENTO E ASSENT.","M2",189.85]
["12.050.0010-0","ALVENARIA ESTRUTURAL DE TIJOLOS CERAMICOS \"L\" 14X19X29CM,APARENTES,ESPESSURA 14CM,COM QUALIDADE E RESISTENCIA A COMPRESSAO CONFORME NORMAS DA ABNT,ASSENTES COM ARGAMASSA DE CIMENTOE AREIA,NO TRACO 1:3,PARA EXECUCAO DE CINTAS PARA APOIO DELAJE PRE-MOLDADA,INCLUSIVE CORTES DOS BLOCOS,CONFORME PROJETO CEHAB","M",28.69,null,"12.050.0010-A","ALVENARIA ESTRUTURAL DE TIJOLOS CERAMICOS \"L\" 14X19X29CM,APARENTES,ESPESSURA 14CM,COM QUALIDADE E RESISTENCIA A COMPRESSAO CONFORME NORMAS DA ABNT,ASSENTES COM ARGAMASSA DE CIMENTOE AREIA,NO TRACO 1:3,PARA EXECUCAO DE CINTAS PARA APOIO DELAJE PRE-MOLDADA,INCLUSIVE CORTES DOS BLOCOS,CONFORME PROJETO CEHAB","M",27.51]
["13.001.0015-0","EMBOCO COM ARGAMASSA DE CIMENTO E AREIA,NO TRACO 1:1,5 COM 1,5CM DE ESPESSURA,INCLUSIVE CHAPISCO DE CIMENTO E AREIA,NO TRACO 1:3","M2",39.200000000000003,null,"13.001.0015-A","EMBOCO COM ARGAMASSA DE CIMENTO E AREIA,NO TRACO 1:1,5 COM 1,5CM DE ESPESSURA,INCLUSIVE CHAPISCO DE CIMENTO E AREIA,NO TRACO 1:3","M2",37.369999999999997]
["13.001.0031-0","EMBOCO COM ARGAMASSA DE CIMENTO E AREIA, NO TRACO 1:3, COM2,5CM DE ESPESSURA,COM CORANTE,APLICADO SOBRE CHAPISCO,EXCLUSIVE ESTE","M2",49.06,null,"13.001.0031-A","EMBOCO COM ARGAMASSA DE CIMENTO E AREIA, NO TRACO 1:3, COM2,5CM DE ESPESSURA,COM CORANTE,APLICADO SOBRE CHAPISCO,EXCLUSIVE ESTE","M2",47.18]
["13.001.0040-0","EMBOCO INTERNO COM ARGAMASSA DE CIMENTO,CAL HIDRATADA ADITIVADA E AREIA,NO TRACO 1:1:8,COM ESPESSURA DE 2CM,INCLUSIVE CHAPISCO DE CIMENTO E AREIA,NO TRACO 1:3","M2",40.69,null,"13.001.0040-A","EMBOCO INTERNO COM ARGAMASSA DE CIMENTO,CAL HIDRATADA ADITIVADA E AREIA,NO TRACO 1:1:8,COM ESPESSURA DE 2CM,INCLUSIVE CHAPISCO DE CIMENTO E AREIA,NO TRACO 1:3","M2",38.78]
["13.001.0060-1","REVESTIMENTO EXTERNO,DE UMA VEZ,COM ARGAMASSA DE CIMENTO E AREOLA PARA EMBOCO,NO TRACO 1:6,COM 3CM DE ESPESSURA,INCLUSIVE CHAPISCO DE CIMENTO E AREIA,NO TRACO 1:3","M2",45.26,null,"13.001.0060-B","REVESTIMENTO EXTERNO,DE UMA VEZ,COM ARGAMASSA DE CIMENTO E AREOLA PARA EMBOCO,NO TRACO 1:6,COM 3CM DE ESPESSURA,INCLUSIVE CHAPISCO DE CIMENTO E AREIA,NO TRACO 1:3","M2",43.24]
["13.001.0107-0","RECOMPOSICAO DE REVESTIMENTO COM ARGAMASSA DE CIMENTO E AREIA,NO TRACO 1:3 COM 1CM DE ESPESSURA,ADITIVADA COM 10% DE MICROSSILICA","M2",18.57,null,"13.001.0107-A","RECOMPOSICAO DE REVESTIMENTO COM ARGAMASSA DE CIMENTO E AREIA,NO TRACO 1:3 COM 1CM DE ESPESSURA,ADITIVADA COM 10% DE MICROSSILICA","M2",17.71]
["13.002.0017-0","EMBOCO INTERNO COM ARGAMASSA DE CIMENTO E SAIBRO,NO TRACO 1:6,COM 2,5CM DE ESPESSURA,INCLUSIVE CHAPISCO DE CIMENTO E AREIA,NO TRACO 1:3","M2",40.89,null,"13.002.0017-A","EMBOCO INTERNO COM ARGAMASSA DE CIMENTO E SAIBRO,NO TRACO 1:6,COM 2,5CM DE ESPESSURA,INCLUSIVE CHAPISCO DE CIMENTO E AREIA,NO TRACO 1:3","M2",38.909999999999997]
["13.003.0003-0","REVESTIMENTO INTERNO(PRONTO)EM MASSA UNICA COM ARGAMASSA DECIMENTO E AREIA TERMOTRATADA, COM ESPESSURA DE 2CM,SOBRE SUPERFICIE CHAPISCADA, EXCLUSIVE CHAPISCO","M2",38.69,null,"13.003.0003-A","REVESTIMENTO INTERNO(PRONTO)EM MASSA UNICA COM ARGAMASSA DECIMENTO E AREIA TERMOTRATADA, COM ESPESSURA DE 2CM,SOBRE SUPERFICIE CHAPISCADA, EXCLUSIVE CHAPISCO","M2",37.28]
["13.004.0015-0","REVESTIMENTO EXTERNO EM 2 MASSAS SOBRE SUPERFICIE CHAPISCADA,EXCLUSIVE CHAPISCO,INCLUSIVE EMBOCO COM ARGAMASSA DE CIMENTO E SAIBRO,NO TRACO 1:2,COM ESPESSURA DE 2CM E REBOCO DE CIMENTO E PO-DE-PEDRA,NO TRACO 1:3,COM ESPESSURA DE 5MM","M2",58.73,null,"13.004.0015-A","REVESTIMENTO EXTERNO EM 2 MASSAS SOBRE SUPERFICIE CHAPISCADA,EXCLUSIVE CHAPISCO,INCLUSIVE EMBOCO COM ARGAMASSA DE CIMENTO E SAIBRO,NO TRACO 1:2,COM ESPESSURA DE 2CM E REBOCO DE CIMENTO E PO-DE-PEDRA,NO TRACO 1:3,COM ESPESSURA DE 5MM","M2",55.81]
["13.006.0010-0","REVESTIMENTO EXTERNO EM 2 MASSAS,SOBRE SUPERFICIE CHAPISCADA,EXCLUSIVE CHAPISCO,INCLUSIVE EMBOCO COM ARGAMASSA DE CIMENTO,SAIBRO E AREIA,NO TRACO 1:3:3,COM ESPESSURA DE 3,5CM E REBOCO DE CIMENTO,CAL HIDRATADA EM PO E AREIA FINA,NO TRACO 1:3:5,COM ESPESSURA DE 5MM","M2",68.91,null,"13.006.0010-A","REVESTIMENTO EXTERNO EM 2 MASSAS,SOBRE SUPERFICIE CHAPISCADA,EXCLUSIVE CHAPISCO,INCLUSIVE EMBOCO COM ARGAMASSA DE CIMENTO,SAIBRO E AREIA,NO TRACO 1:3:3,COM ESPESSURA DE 3,5CM E REBOCO DE CIMENTO,CAL HIDRATADA EM PO E AREIA FINA,NO TRACO 1:3:5,COM ESPESSURA DE 5MM","M2",65.44]
["13.009.0035-0","REBOCO PRONTO PARA PAREDES INTERNAS COMPOSTO DE CAL E AGREGADOS,COM 3MM DE ESPESSURA,APLICADO SOBRE SUPERFICIE","M2",27.38,null,"13.009.0035-A","REBOCO PRONTO PARA PAREDES INTERNAS COMPOSTO DE CAL E AGREGADOS,COM 3MM DE ESPESSURA,APLICADO SOBRE SUPERFICIE","M2",25.98]
["13.009.0040-0","REBOCO PRONTO PARA PAREDES EXTERNAS COMPOSTO DE CAL E AGREGADOS,INCLUSIVE CIMENTO ADICIONADO MANUALMENTE,COM 5MM DE ESPESSURA,APLICADO SOBRE SUPERFICIE","M2",34.520000000000003,null,"13.009.0040-A","REBOCO PRONTO PARA PAREDES EXTERNAS COMPOSTO DE CAL E AGREGADOS,INCLUSIVE CIMENTO ADICIONADO MANUALMENTE,COM 5MM DE ESPESSURA,APLICADO SOBRE SUPERFICIE","M2",32.950000000000003]
["13.010.0020-0","PINGADEIRA DE 4X0,5CM,EXECUTADA EM 2 MASSAS CONFORME ITEM 13.006.0025","M",22.02,null,"13.010.0020-A","PINGADEIRA DE 4X0,5CM,EXECUTADA EM 2 MASSAS CONFORME ITEM 13.006.0025","M",20.56]
["13.010.0049-0","MOLDURA EXTERNA EXECUTADA NO PERIMETRO DAS ESQUADRIAS COM ARGAMASSA DE CIMENTO,SAIBRO MACIO E AREIA FINA,NO TRACO 1:3:3","M3",1173.5999999999999,null,"13.010.0049-A","MOLDURA EXTERNA EXECUTADA NO PERIMETRO DAS ESQUADRIAS COM ARGAMASSA DE CIMENTO,SAIBRO MACIO E AREIA FINA,NO TRACO 1:3:3","M3",1120.75]
["13.022.0040-0","REVESTIMENTO COM PASTILHA DE PORCELANA,COM MEDIDAS EM TORNODE (5X10)CM,PLACAS DE (30X30)CM,CORES ECONOMICAS(BRANCO,BEGE,CINZA,AZUL,VERDE,MARROM E PRETO),ASSENTES COM ARGAMASSA COLANTE,REJUNTAMENTO COM ARGAMASSA INDUSTRIALIZADA,INCLUSIVE CHAPISCO E EMBOCO NO TRACO 1:6","M2",237.05,null,"13.022.0040-A","REVESTIMENTO COM PASTILHA DE PORCELANA,COM MEDIDAS EM TORNODE (5X10)CM,PLACAS DE (30X30)CM,CORES ECONOMICAS(BRANCO,BEGE,CINZA,AZUL,VERDE,MARROM E PRETO),ASSENTES COM ARGAMASSA COLANTE,REJUNTAMENTO COM ARGAMASSA INDUSTRIALIZADA,INCLUSIVE CHAPISCO E EMBOCO NO TRACO 1:6","M2",232.3]
["13.022.0045-0","REVESTIMENTO DE PAREDES COM PASTILHA CERAMICA,COM MEDIDAS EMTORNO DE (7,5X7,5)CM,ASSENTE CONFORME ITEM 13.025.0016","M2",239.5,null,"13.022.0045-A","REVESTIMENTO DE PAREDES COM PASTILHA CERAMICA,COM MEDIDAS EMTORNO DE (7,5X7,5)CM,ASSENTE CONFORME ITEM 13.025.0016","M2",232.55]
["13.024.0011-0","REVESTIMENTO COM PASTILHAS DE VIDRO,DIMENSOES DE 1 X 1CM ATE3 X 3CM,NAS CORES AZUL,VERDE,MARROM ROSADO,CARAMELO,BEGE,CINZA,PRETO,PEROLA,LILAS E BRANCO,EXCLUSIVE CHAPISCO,EMBOCO E REJUNTAMENTO","M2",217.52,null,"13.024.0011-A","REVESTIMENTO COM PASTILHAS DE VIDRO,DIMENSOES DE 1 X 1CM ATE3 X 3CM,NAS CORES AZUL,VERDE,MARROM ROSADO,CARAMELO,BEGE,CINZA,PRETO,PEROLA,LILAS E BRANCO,EXCLUSIVE CHAPISCO,EMBOCO E REJUNTAMENTO","M2",214.6]
["13.024.0021-0","REVESTIMENTO COM PASTILHAS DE VIDRO CRISTAL OU COM RESINA,MEDINDO 5 X 5CM, NAS CORES AZUL E BRANCO,EXCLUSIVE CHAPISCO,EMBOCO E REJUNTAMENTO","M2",480.28,null,"13.024.0021-A","REVESTIMENTO COM PASTILHAS DE VIDRO CRISTAL OU COM RESINA,MEDINDO 5 X 5CM, NAS CORES AZUL E BRANCO,EXCLUSIVE CHAPISCO,EMBOCO E REJUNTAMENTO","M2",477.37]
["13.025.0055-0","ASSENTAMENTO DE AZULEJOS,PASTILHAS OU LADRILHOS,EM PAREDES,EXCLUSIVE ESTES,COM EMBOCO(PRONTO)EM MASSA UNICA DE CIMENTO EAREIA TERMOTRATADA,ARGAMASSA COLANTE E REJUNTAMENTO COM ARGAMASSA INDUSTRIALIZADA,EXCLUSIVE CHAPISCO","M2",88.45,null,"13.025.0055-A","ASSENTAMENTO DE AZULEJOS,PASTILHAS OU LADRILHOS,EM PAREDES,EXCLUSIVE ESTES,COM EMBOCO(PRONTO)EM MASSA UNICA DE CIMENTO EAREIA TERMOTRATADA,ARGAMASSA COLANTE E REJUNTAMENTO COM ARGAMASSA INDUSTRIALIZADA,EXCLUSIVE CHAPISCO","M2",84.81]
["13.025.0061-0","ASSENTAMENTO DE PEITORIL DE MARMORE, GRANITO OU AFINS, EXCLUSIVE ESTES, DE 20 A 30CM DE LARGURA, ASSENTE CONFORME  ITEM13.345.0015","M",58.32,null,"13.025.0061-A","ASSENTAMENTO DE PEITORIL DE MARMORE, GRANITO OU AFINS, EXCLUSIVE ESTES, DE 20 A 30CM DE LARGURA, ASSENTE CONFORME  ITEM13.345.0015","M",54.9]
["13.026.0011-0","REVESTIMENTO DE PAREDES COM AZULEJO BRANCO 15X15CM,QUALIDADEEXTRA,ASSENTES COM NATA DE CIMENTO COMUM,TENDO JUNTAS CORRIDAS COM 2MM,REJUNTADAS COM PASTA DE CIMENTO BRANCO,EXCLUSIVECHAPISCO E EMBOCO","M2",117.28,null,"13.026.0011-A","REVESTIMENTO DE PAREDES COM AZULEJO BRANCO 15X15CM,QUALIDADEEXTRA,ASSENTES COM NATA DE CIMENTO COMUM,TENDO JUNTAS CORRIDAS COM 2MM,REJUNTADAS COM PASTA DE CIMENTO BRANCO,EXCLUSIVECHAPISCO E EMBOCO","M2",113.59]
["13.030.0251-0","REVESTIMENTO DE PAREDES COM LADRILHOS CERAMICOS,COM MEDIDASEM TORNO DE (20X20)CM,ASSENTE CONFORME ITEM 13.025.0058","M2",170.57,null,"13.030.0251-A","REVESTIMENTO DE PAREDES COM LADRILHOS CERAMICOS,COM MEDIDASEM TORNO DE (20X20)CM,ASSENTE CONFORME ITEM 13.025.0058","M2",165.82]
["13.030.0264-0","REVESTIMENTO DE PAREDES COM LADRILHO CERAMICO,COM MEDIDAS EMTORNO DE (24X11,60X0,09)CM,ASSENTES COM ARGAMASSA DE CIMENTO,CAL E AREIA NO TRACO 1:3:5,JUNTAS REENTRANTES DE 1CM DE LARGURA","M2",246.01,null,"13.030.0264-A","REVESTIMENTO DE PAREDES COM LADRILHO CERAMICO,COM MEDIDAS EMTORNO DE (24X11,60X0,09)CM,ASSENTES COM ARGAMASSA DE CIMENTO,CAL E AREIA NO TRACO 1:3:5,JUNTAS REENTRANTES DE 1CM DE LARGURA","M2",241.41]
["13.030.0265-0","REVESTIMENTO DE PAREDES COM LADRILHO CERAMICO,COM MEDIDAS EMTORNO DE (24X11,60X09)CM,EXCLUSIVE ARGAMASSA DE ASSENTAMENTO,JUNTAS REENTRANTES DE 1CM DE LARGURA","M2",226.38,null,"13.030.0265-A","REVESTIMENTO DE PAREDES COM LADRILHO CERAMICO,COM MEDIDAS EMTORNO DE (24X11,60X09)CM,EXCLUSIVE ARGAMASSA DE ASSENTAMENTO,JUNTAS REENTRANTES DE 1CM DE LARGURA","M2",222.19]
["13.030.0292-0","REVESTIMENTO DE PAREDES COM CERAMICA,COM MEDIDAS EM TORNO DE(32X57)CM,EXCLUSIVE CHAPISCO,EMBOCO,NATA DE CIMENTO OU ARGAMASSA COLANTE E REJUNTAMENTO","M2",81.8,null,"13.030.0292-A","REVESTIMENTO DE PAREDES COM CERAMICA,COM MEDIDAS EM TORNO DE(32X57)CM,EXCLUSIVE CHAPISCO,EMBOCO,NATA DE CIMENTO OU ARGAMASSA COLANTE E REJUNTAMENTO","M2",78.150000000000006]
["13.035.0020-0","REVESTIMENTO DE PAREDES OU MUROS,COM PLACAS TRABALHADAS DE GRANITO,RETANGULARES,COM 6CM DE ESPESSURA,ACABAMENTO RUSTICO,CABENDO,APROXIMADAMENTE,8 PLACAS POR M2,ASSENTES COM ARGAMASSA DE CIMENTO,SAIBRO E AREIA, NO TRACO 1:3:3, JUNTAS TOMADASCOM ARGAMASSA DE CIMENTO E AREIA, NO TRACO 1:3 E LAVAGEM GERAL COM AGUA ACIDULADA","M2",653.66,null,"13.035.0020-A","REVESTIMENTO DE PAREDES OU MUROS,COM PLACAS TRABALHADAS DE GRANITO,RETANGULARES,COM 6CM DE ESPESSURA,ACABAMENTO RUSTICO,CABENDO,APROXIMADAMENTE,8 PLACAS POR M2,ASSENTES COM ARGAMASSA DE CIMENTO,SAIBRO E AREIA, NO TRACO 1:3:3, JUNTAS TOMADASCOM ARGAMASSA DE CIMENTO E AREIA, NO TRACO 1:3 E LAVAGEM GERAL COM AGUA ACIDULADA","M2",621.75]
["13.036.0080-0","MOLDURA EXTERNA EXECUTADA NO PERIMETRO DAS ESQUADRIAS COM GRANITO CINZA CORUMBA,2CM DE ESPESSURA,COM 2 POLIMENTOS,ASSENTE COMO EM 13.036.0010","M2",668.34,null,"13.036.0080-A","MOLDURA EXTERNA EXECUTADA NO PERIMETRO DAS ESQUADRIAS COM GRANITO CINZA CORUMBA,2CM DE ESPESSURA,COM 2 POLIMENTOS,ASSENTE COMO EM 13.036.0010","M2",661.01]
["13.036.0081-0","MOLDURA EXTERNA EXECUTADA NO PERIMETRO DAS ESQUADRIAS COM GRANITO CINZA CORUMBA,2CM DE ESPESSURA,COM 2 POLIMENTOS,ASSENTE COMO EM 13.036.0010,EXCLUSIVE ARGAMASSA E REJUNTAMENTO","M2",645.64,null,"13.036.0081-A","MOLDURA EXTERNA EXECUTADA NO PERIMETRO DAS ESQUADRIAS COM GRANITO CINZA CORUMBA,2CM DE ESPESSURA,COM 2 POLIMENTOS,ASSENTE COMO EM 13.036.0010,EXCLUSIVE ARGAMASSA E REJUNTAMENTO","M2",638.63]
["13.045.0052-0","PEITORIL DE MARMORE BRANCO NACIONAL,DE 2X16CM,COM 2 POLIMENTOS,ASSENTE COM ARGAMASSA DE CIMENTO,SAIBRO E AREIA,NO TRACO1:3:3 E NATA DE CIMENTO COMUM,REJUNTADO COM CIMENTO BRANCO","M",85.74,null,"13.045.0052-A","PEITORIL DE MARMORE BRANCO NACIONAL,DE 2X16CM,COM 2 POLIMENTOS,ASSENTE COM ARGAMASSA DE CIMENTO,SAIBRO E AREIA,NO TRACO1:3:3 E NATA DE CIMENTO COMUM,REJUNTADO COM CIMENTO BRANCO","M",84.2]
["13.045.0075-0","REVESTIMENTO VERTICAL EM DIVISORIAS OU BANCADAS(ILHARGA)EM MARMORE BRANCO NACIONAL, 3CM DE ESPESSURA, COM 2 POLIMENTOS,ASSENTES COMO EM 13.045.0065","M2",823.77,null,"13.045.0075-A","REVESTIMENTO VERTICAL EM DIVISORIAS OU BANCADAS(ILHARGA)EM MARMORE BRANCO NACIONAL, 3CM DE ESPESSURA, COM 2 POLIMENTOS,ASSENTES COMO EM 13.045.0065","M2",814.65]
["13.050.0065-0","REVESTIMENTO DE PAREDES COM MARMORE BRANCO NACIONAL, EM  PLACAS DE 2CM DE ESPESSURA, COM 2 POLIMENTOS, ASSENTE COMO EM 13.045.0065","M2",536.32000000000005,null,"13.050.0065-A","REVESTIMENTO DE PAREDES COM MARMORE BRANCO NACIONAL, EM  PLACAS DE 2CM DE ESPESSURA, COM 2 POLIMENTOS, ASSENTE COMO EM 13.045.0065","M2",527.20000000000005]
["13.065.0015-0","REVESTIMENTO DE PAREDES COM GRANITO PRETO EM PLACAS,POLIDO,ESPESSURA DE 3CM,ASSENTES COM 2 GRAMPOS DE LATAO DE 1/8\" PORPLACA E ARGAMASSA DE CIMENTO,SAIBRO E AREIA,NO TRACO 1:3:3 ENATA DE CIMENTO,REJUNTAMENTO COM CIMENTO E CORANTE","M2",1154.58,null,"13.065.0015-A","REVESTIMENTO DE PAREDES COM GRANITO PRETO EM PLACAS,POLIDO,ESPESSURA DE 3CM,ASSENTES COM 2 GRAMPOS DE LATAO DE 1/8\" PORPLACA E ARGAMASSA DE CIMENTO,SAIBRO E AREIA,NO TRACO 1:3:3 ENATA DE CIMENTO,REJUNTAMENTO COM CIMENTO E CORANTE","M2",1144.95]
["13.157.0010-0","REVESTIMENTO DE PAREDES OU TETOS COM TECIDO ISOLANTE ACUSTICO,EM MANTA DE LA DE VIDRO REVESTIDA COM FOLHA DE ALUMINIO","M2",48.01,null,"13.157.0010-A","REVESTIMENTO DE PAREDES OU TETOS COM TECIDO ISOLANTE ACUSTICO,EM MANTA DE LA DE VIDRO REVESTIDA COM FOLHA DE ALUMINIO","M2",46.8]
["13.170.0011-0","REVESTIMENTO DE PAREDE COM LAMBRI DE MADEIRA,FEITO COM REGUAS DE 10CM DE LARGURA,EXCLUSIVE ENTARUGAMENTO.FORNECIMENTO ECOLOCACAO","M2",150.69999999999999,null,"13.170.0011-A","REVESTIMENTO DE PAREDE COM LAMBRI DE MADEIRA,FEITO COM REGUAS DE 10CM DE LARGURA,EXCLUSIVE ENTARUGAMENTO.FORNECIMENTO ECOLOCACAO","M2",147.36000000000001]
["13.175.0010-0","FORRO DE PVC EM REGUAS DE 200MM DE LARGURA, ESPESSURA IGUALOU SUPERIOR A 8MM, ENCAIXADOS ENTRE SI, INCLUSIVE RODAFORRODE PVC PARA ACABAMENTO, ESTRUTURA EM METALON (20X20)MM E PARAFUSOS DE FIXACAO. FORNECIMENTO E COLOCACAO","M2",75,null,"13.175.0010-A","FORRO DE PVC EM REGUAS DE 200MM DE LARGURA, ESPESSURA IGUALOU SUPERIOR A 8MM, ENCAIXADOS ENTRE SI, INCLUSIVE RODAFORRODE PVC PARA ACABAMENTO, ESTRUTURA EM METALON (20X20)MM E PARAFUSOS DE FIXACAO. FORNECIMENTO E COLOCACAO","M2",75]
["13.180.0015-1","FORRO FALSO DE GESSO, COM PLACAS PRE-MOLDADAS, DE 60X60CM,DEENCAIXE, PRESAS COM 4 TIRANTES DE ARAME E REJUNTADAS. FORNECIMENTO E COLOCACAO","M2",60,null,"13.180.0015-B","FORRO FALSO DE GESSO, COM PLACAS PRE-MOLDADAS, DE 60X60CM,DEENCAIXE, PRESAS COM 4 TIRANTES DE ARAME E REJUNTADAS. FORNECIMENTO E COLOCACAO","M2",60]
["13.195.0015-0","FORRO DE TABUAS DE MADEIRA MACHO-FEMEA,COM (10X1)CM,PREGADOEM SARRAFOS DE MADEIRA DE (2X10)CM,ESPACADOS DE 50CM.FORNECIMENTO E COLOCACAO","M2",204.75,null,"13.195.0015-A","FORRO DE TABUAS DE MADEIRA MACHO-FEMEA,COM (10X1)CM,PREGADOEM SARRAFOS DE MADEIRA DE (2X10)CM,ESPACADOS DE 50CM.FORNECIMENTO E COLOCACAO","M2",200.9]
["13.196.0015-0","FORRO REMOVIVEL COMPOSTO DE GESSO ACARTONADO,TIPO STANDARD,CADICAO LA MINERAL,A SER APLICADO SIST.DRYWALL,C/PLACA BORDAQUADRADA 625X625MM,ESP.6,5;9,5 OU 12,5MM,ESTRUTURADO PERFISTIPO TRAVESSA \"T\" ACO GALV.,ALUMINIO OU LIGAS DE ALUMINIO,ESP.MINIMA 0,5MM C/PINTURA ELETROST.OU CONVENCIONAL,SUSPENSAPOR MEIO DE PENDURAIS,FIX.EM ESTRUTURA SUPERIOR.FORN.E COLOC","M2",169.82,null,"13.196.0015-A","FORRO REMOVIVEL COMPOSTO DE GESSO ACARTONADO,TIPO STANDARD,CADICAO LA MINERAL,A SER APLICADO SIST.DRYWALL,C/PLACA BORDAQUADRADA 625X625MM,ESP.6,5;9,5 OU 12,5MM,ESTRUTURADO PERFISTIPO TRAVESSA \"T\" ACO GALV.,ALUMINIO OU LIGAS DE ALUMINIO,ESP.MINIMA 0,5MM C/PINTURA ELETROST.OU CONVENCIONAL,SUSPENSAPOR MEIO DE PENDURAIS,FIX.EM ESTRUTURA SUPERIOR.FORN.E COLOC","M2",167.98]
["13.196.0080-0","FORRO ESTRUTURADO MONOLITICO C/UMA CHAPA DE GESSO ACARTONADO,TIPO STANDARD NO SISTEMA DRYWALL,LARGURA 1200MM,ESP.12,5MM,,C/TRAT.JUNTAS P/UNIFORMIZACAO DA SUPERFICIE,SENDO APARAFUSADA EM ESTRUTURA DE ACO GALVANIZADO,SUSPENSA POR MEIO DE PENDURAIS FIXADOS EM ESTRUTURA SUPERIOR,C/O PERIMETRO EXECUTADOC/CANTONEIRAS ACO GALVANIZADO.FORNECIMENTO E COLOCACAO","M2",53.98,null,"13.196.0080-A","FORRO ESTRUTURADO MONOLITICO C/UMA CHAPA DE GESSO ACARTONADO,TIPO STANDARD NO SISTEMA DRYWALL,LARGURA 1200MM,ESP.12,5MM,,C/TRAT.JUNTAS P/UNIFORMIZACAO DA SUPERFICIE,SENDO APARAFUSADA EM ESTRUTURA DE ACO GALVANIZADO,SUSPENSA POR MEIO DE PENDURAIS FIXADOS EM ESTRUTURA SUPERIOR,C/O PERIMETRO EXECUTADOC/CANTONEIRAS ACO GALVANIZADO.FORNECIMENTO E COLOCACAO","M2",53.06]
["13.196.0085-0","FORRO ESTRUTURADO MONOLITICO C/PLACA GESSO ACARTONADO,TIPO RU(RESISTENTE A UMIDADE),APLICADO SIST.DRYWALL,LARG.1200MM,ESP.12,5MM,C/TRAT.DE JUNTAS P/UNIFORMIZACAO DA SUPERFICIE,SENDO APARAFUSADA EM ESTRUT.ACO GALV.SUSPENSA POR MEIO DE PENDURAIS FIXADOS EM ESTRUTURA SUPERIOR,COM O PERIMETRO EXECUTADOCOM CANTONEIRAS DE ACO GALVANIZADO.FORNECIMENTO E COLOCACAO","M2",64.95,null,"13.196.0085-A","FORRO ESTRUTURADO MONOLITICO C/PLACA GESSO ACARTONADO,TIPO RU(RESISTENTE A UMIDADE),APLICADO SIST.DRYWALL,LARG.1200MM,ESP.12,5MM,C/TRAT.DE JUNTAS P/UNIFORMIZACAO DA SUPERFICIE,SENDO APARAFUSADA EM ESTRUT.ACO GALV.SUSPENSA POR MEIO DE PENDURAIS FIXADOS EM ESTRUTURA SUPERIOR,COM O PERIMETRO EXECUTADOCOM CANTONEIRAS DE ACO GALVANIZADO.FORNECIMENTO E COLOCACAO","M2",64.03]
["13.196.0102-0","FORRO REMOVIVEL COMPOSTO DE FIBRA MINERAL COM PLACA DE BORDAQUADRADA DE 625X1250MM,ESP.APROXIMADA 13,0MM,C/INDICE DE ABSORCAO ACUSTICA,ESTRUTURADO EM PERFIS TIPO \"T\" DE ACO GALVANIZADO,ALUMINIO OU DE LIGAS DE ALUMINIO,ESP.MINIMA DE 0,5MM C/PINTURA ELETROSTATICA,SUSPENSO POR MEIO DE PENDURAIS EM ACOGALVANIZADO,FIXADOS EM ESTRUTURA SUPERIOR.FORN. E COLOCACAO","M2",93.6,null,"13.196.0102-A","FORRO REMOVIVEL COMPOSTO DE FIBRA MINERAL COM PLACA DE BORDAQUADRADA DE 625X1250MM,ESP.APROXIMADA 13,0MM,C/INDICE DE ABSORCAO ACUSTICA,ESTRUTURADO EM PERFIS TIPO \"T\" DE ACO GALVANIZADO,ALUMINIO OU DE LIGAS DE ALUMINIO,ESP.MINIMA DE 0,5MM C/PINTURA ELETROSTATICA,SUSPENSO POR MEIO DE PENDURAIS EM ACOGALVANIZADO,FIXADOS EM ESTRUTURA SUPERIOR.FORN. E COLOCACAO","M2",91.93]
["13.196.0112-0","REVESTIMENTO DRYWALL C/ESP.MINIMA 23MM E MAXIMA 32MM(MASSA+CHAPA DE GESSO),APLICADO A ALVENARIA/ESTRUT.EXISTENTE,C/UMA CHAPA GESSO ACARTONADO,RU(RESISTENTE A UMIDADE),ESP.12,5MM,LARG.1200MM,COLADA SOBRE ALVENARIA/ESTRUTURA EXISTENTE,C/TRATAMENTO DE JUNTAS C/MASSA E FITA P/UNIFORMIZACAO DA SUPERFICIEDAS CHAPAS GESSO ACARTONADO.APLICAC.AREAS SECAS.FORN.COLOC.","M2",51.12,null,"13.196.0112-A","REVESTIMENTO DRYWALL C/ESP.MINIMA 23MM E MAXIMA 32MM(MASSA+CHAPA DE GESSO),APLICADO A ALVENARIA/ESTRUT.EXISTENTE,C/UMA CHAPA GESSO ACARTONADO,RU(RESISTENTE A UMIDADE),ESP.12,5MM,LARG.1200MM,COLADA SOBRE ALVENARIA/ESTRUTURA EXISTENTE,C/TRATAMENTO DE JUNTAS C/MASSA E FITA P/UNIFORMIZACAO DA SUPERFICIEDAS CHAPAS GESSO ACARTONADO.APLICAC.AREAS SECAS.FORN.COLOC.","M2",50.25]
["13.196.0117-0","REVESTIMENTO DRYWALL ESP.31MM(ESTRUT.+CHAPA GESSO),ESTRUT.C/PERFIS TETO 27MM,GUIAS HORIZONTAIS 17MM,AMBOS ACO GALV.ESP.0,5MM,PERFIS TETO ANCORADOS ALVENARIA/ESTRUTURA EXISTENTE PORMEIO PERFIS ACO FORMATO CANTONEIRA,C/UMA CHAPA GESSO ACARTONADO,RU(RESISTENTE A UMIDADE),ADICAO DE LA MINERAL,ESP.12,5MM,LARG.1200MM.APLICACAO EM AREAS SECAS.FORNECIMENTO E COLOC.","M2",99.38,null,"13.196.0117-A","REVESTIMENTO DRYWALL ESP.31MM(ESTRUT.+CHAPA GESSO),ESTRUT.C/PERFIS TETO 27MM,GUIAS HORIZONTAIS 17MM,AMBOS ACO GALV.ESP.0,5MM,PERFIS TETO ANCORADOS ALVENARIA/ESTRUTURA EXISTENTE PORMEIO PERFIS ACO FORMATO CANTONEIRA,C/UMA CHAPA GESSO ACARTONADO,RU(RESISTENTE A UMIDADE),ADICAO DE LA MINERAL,ESP.12,5MM,LARG.1200MM.APLICACAO EM AREAS SECAS.FORNECIMENTO E COLOC.","M2",97.82]
["13.196.0118-0","REVESTIMENTO DRYWALL ESP.31MM(ESTRUT.+CHAPA GESSO),ESTRUT.C/PERFIS TETO 27MM,GUIAS HORIZONTAIS 17MM,AMBOS ACO GALV.ESP.0,5MM,PERFIS TETO ANCORADOS ALVENARIA/ESTRUT.EXISTENTE POR MEIO PERFIS ACO FORMATO CANTONEIRA,C/UMA CHAPA GESSO ACARTONADO,RF(RESISTENTE AO FOGO),ESP.12,5MM,LARG.1200MM,PERFIS TETOPOR MEIO DE PARAFUSOS.APLICACAO EM AREAS SECAS.FORN.E COLOC.","M2",68.97,null,"13.196.0118-A","REVESTIMENTO DRYWALL ESP.31MM(ESTRUT.+CHAPA GESSO),ESTRUT.C/PERFIS TETO 27MM,GUIAS HORIZONTAIS 17MM,AMBOS ACO GALV.ESP.0,5MM,PERFIS TETO ANCORADOS ALVENARIA/ESTRUT.EXISTENTE POR MEIO PERFIS ACO FORMATO CANTONEIRA,C/UMA CHAPA GESSO ACARTONADO,RF(RESISTENTE AO FOGO),ESP.12,5MM,LARG.1200MM,PERFIS TETOPOR MEIO DE PARAFUSOS.APLICACAO EM AREAS SECAS.FORN.E COLOC.","M2",67.58]
["13.196.0124-0","REVESTIMENTO DRYWALL ESP.61MM(ESTRUTURA+CHAPA DE GESSO),ESTRUTURADA C/MONTANTES SIMPLES 48MM,GUIAS HORIZONTAIS 48MM,AMBOS ACO GALV.ESP.0,5MM,SENDO OS MONTANTES ANCORADOS ALVENARIA/ESTRUTURA EXISTENTE POR MEIO DE PERFIS ACO EM FORMATO CANTONEIRA,C/UMA CHAPA GESSO ACARTONADO,RF(RESISTENTE AO FOGO),ESP.12,5MM,LARG.1200MM,APLICACAO EM AREAS SECAS.FORN.E COLOC.","M2",68.44,null,"13.196.0124-A","REVESTIMENTO DRYWALL ESP.61MM(ESTRUTURA+CHAPA DE GESSO),ESTRUTURADA C/MONTANTES SIMPLES 48MM,GUIAS HORIZONTAIS 48MM,AMBOS ACO GALV.ESP.0,5MM,SENDO OS MONTANTES ANCORADOS ALVENARIA/ESTRUTURA EXISTENTE POR MEIO DE PERFIS ACO EM FORMATO CANTONEIRA,C/UMA CHAPA GESSO ACARTONADO,RF(RESISTENTE AO FOGO),ESP.12,5MM,LARG.1200MM,APLICACAO EM AREAS SECAS.FORN.E COLOC.","M2",67.06]
["13.196.0129-0","REVESTIMENTO DRYWALL ESP.83MM(ESTRUTURA+CHAPA GESSO),ESTRUTURADA C/MONTANTES SIMPLES 70MM,GUIAS HORIZONTAIS 70MM,AMBOS ACO GALV.ESP.0,5MM,MONTANTES ANCORADOS NA ALVENARIA/ESTRUTURAEXISTENTE POR MEIO PERFIS ACO EM FORMATO CANTONEIRA,C/UMA CHAPA DE GESSO ACARTONADO,RU(RESISTENTE A UMIDADE),ADICAO LAMINERAL,ESP.12,5MM,LARG.1200MM.EM AREAS SECAS.FORN.COLOC.","M2",101.57,null,"13.196.0129-A","REVESTIMENTO DRYWALL ESP.83MM(ESTRUTURA+CHAPA GESSO),ESTRUTURADA C/MONTANTES SIMPLES 70MM,GUIAS HORIZONTAIS 70MM,AMBOS ACO GALV.ESP.0,5MM,MONTANTES ANCORADOS NA ALVENARIA/ESTRUTURAEXISTENTE POR MEIO PERFIS ACO EM FORMATO CANTONEIRA,C/UMA CHAPA DE GESSO ACARTONADO,RU(RESISTENTE A UMIDADE),ADICAO LAMINERAL,ESP.12,5MM,LARG.1200MM.EM AREAS SECAS.FORN.COLOC.","M2",100.01]
["13.196.0134-0","REVESTIMENTO DRYWALL ESP.103MM(ESTRUTURA+CHAPA GESSO),ESTRUTURADA C/MONTANTES SIMPLES 90MM,GUIAS HORIZONTAIS 90MM,AMBOSACO GALV.ESP.0,5MM,MONTANTES ANCORADOS NA ALVENARIA/ESTRUTURA EXISTENTE POR MEIO DE PERFIS ACO EM FORMATO CANTONEIRA,C/UMA CHAPA DE GESSO ACORTONADO,RU(RESISTENTE A UMIDADE),ESP.12,5MM,LARG.1200MM.APLICACAO EM AREAS SECAS.FORN.E COLOCACAO","M2",75.84,null,"13.196.0134-A","REVESTIMENTO DRYWALL ESP.103MM(ESTRUTURA+CHAPA GESSO),ESTRUTURADA C/MONTANTES SIMPLES 90MM,GUIAS HORIZONTAIS 90MM,AMBOSACO GALV.ESP.0,5MM,MONTANTES ANCORADOS NA ALVENARIA/ESTRUTURA EXISTENTE POR MEIO DE PERFIS ACO EM FORMATO CANTONEIRA,C/UMA CHAPA DE GESSO ACORTONADO,RU(RESISTENTE A UMIDADE),ESP.12,5MM,LARG.1200MM.APLICACAO EM AREAS SECAS.FORN.E COLOCACAO","M2",74.459999999999994]
["13.196.0138-0","REVESTIMENTO DRYWALL C/ESP.61MM(ESTRUTURA+CHAPA DE GESSO)ESTRUTURADA C/MONTANTES SIMPLES AUTOPORTANTES 48MM,FIXADOS A GUIAS HORIZONTAIS DE 48MM,AMBOS DE ACO GALV.C/ESP.0,5MM,C/UMACHAPA DE GESSO ACARTONADO,STANDARD,ESP.12,5MM,LARG.1200MM,BORDA REBAIXADA,FIXADA AOS MONTANTES POR MEIO DE PARAFUSOS.APLICACAO EM AREAS SECAS.FORNECIMENTO E COLOCACAO","M2",50.73,null,"13.196.0138-A","REVESTIMENTO DRYWALL C/ESP.61MM(ESTRUTURA+CHAPA DE GESSO)ESTRUTURADA C/MONTANTES SIMPLES AUTOPORTANTES 48MM,FIXADOS A GUIAS HORIZONTAIS DE 48MM,AMBOS DE ACO GALV.C/ESP.0,5MM,C/UMACHAPA DE GESSO ACARTONADO,STANDARD,ESP.12,5MM,LARG.1200MM,BORDA REBAIXADA,FIXADA AOS MONTANTES POR MEIO DE PARAFUSOS.APLICACAO EM AREAS SECAS.FORNECIMENTO E COLOCACAO","M2",49.81]
["13.196.0141-0","REVESTIMENTO DRYWALL C/ESP.61MM(ESTRUTURA+CHAPA DE GESSO)ESTRUTURADA C/MONTANTES SIMPLES AUTOPORTANTES 48MM,FIXADOS A GUIAS HORIZONTAIS 48MM,AMBOS DE ACO GALV.C/ESP.0,5MM,C/UMA CHAPA DE GESSO ACARTONADO,TIPO RU(RESISTENTE A UMIDADE),C/ADICAO LA MINERAL,ESP.12,5MM,LARG.1200MM,BORDA REBAIXADA,FIXADA AOS MONTANTES POR MEIO DE PARAFUSOS.APLICACAO AREAS SECAS.F/C","M2",90.57,null,"13.196.0141-A","REVESTIMENTO DRYWALL C/ESP.61MM(ESTRUTURA+CHAPA DE GESSO)ESTRUTURADA C/MONTANTES SIMPLES AUTOPORTANTES 48MM,FIXADOS A GUIAS HORIZONTAIS 48MM,AMBOS DE ACO GALV.C/ESP.0,5MM,C/UMA CHAPA DE GESSO ACARTONADO,TIPO RU(RESISTENTE A UMIDADE),C/ADICAO LA MINERAL,ESP.12,5MM,LARG.1200MM,BORDA REBAIXADA,FIXADA AOS MONTANTES POR MEIO DE PARAFUSOS.APLICACAO AREAS SECAS.F/C","M2",89.48]
["13.196.0146-0","REVESTIMENTO DE DRYWALL C/ESP.83MM(ESTRUTURA+CHAPA DE GESSO)ESTRUTURADA C/MONTANTES SIMPLES AUTOPORTANTES 70MM,FIXADOS AGUIAS HORIZONTAIS 70MM,AMBOS DE ACO GALV.C/ESP.0,5MM,C/UMACHAPA DE GESSO ACARTONADO,TIPO RU(RESISTENTE A UMIDADE),ESP.12,5MM,LARG.1200MM,BORDA REBAIXADA,FIXADA AOS MONTANTES PORMEIO DE PARAFUSOS.APLICACAO EM AREAS SECAS.FORN.E COLOCACAO","M2",64.42,null,"13.196.0146-A","REVESTIMENTO DE DRYWALL C/ESP.83MM(ESTRUTURA+CHAPA DE GESSO)ESTRUTURADA C/MONTANTES SIMPLES AUTOPORTANTES 70MM,FIXADOS AGUIAS HORIZONTAIS 70MM,AMBOS DE ACO GALV.C/ESP.0,5MM,C/UMACHAPA DE GESSO ACARTONADO,TIPO RU(RESISTENTE A UMIDADE),ESP.12,5MM,LARG.1200MM,BORDA REBAIXADA,FIXADA AOS MONTANTES PORMEIO DE PARAFUSOS.APLICACAO EM AREAS SECAS.FORN.E COLOCACAO","M2",63.5]
["13.196.0152-0","REVESTIMENTO DE DRYWALL C/ESP.103MM(ESTRUTURA+CHAPA DE GESSO)ESTRUTURADA C/MONTANTES SIMPLES AUTOPORTANTES 90MM,FIXADOSA GUIAS HORIZONTAIS 90MM,AMBOS DE ACO GALV.C/ESP.0,5MM,C/UMACHAPA DE GESSO ACARTONADO,TIPO RU(RESISTENTE A UMIDADE),ESP.12,5MM,LARG.1200MM,BORDA REBAIXADA,FIXADA AOS MONTANTES PORMEIO DE PARAFUSOS.APLICACAO EM AREAS SECAS.FORN.E COLOCACAO","M2",67.56,null,"13.196.0152-A","REVESTIMENTO DE DRYWALL C/ESP.103MM(ESTRUTURA+CHAPA DE GESSO)ESTRUTURADA C/MONTANTES SIMPLES AUTOPORTANTES 90MM,FIXADOSA GUIAS HORIZONTAIS 90MM,AMBOS DE ACO GALV.C/ESP.0,5MM,C/UMACHAPA DE GESSO ACARTONADO,TIPO RU(RESISTENTE A UMIDADE),ESP.12,5MM,LARG.1200MM,BORDA REBAIXADA,FIXADA AOS MONTANTES PORMEIO DE PARAFUSOS.APLICACAO EM AREAS SECAS.FORN.E COLOCACAO","M2",66.64]
["13.196.0153-0","REVESTIMENTO DRYWALL ESP.103MM(ESTRUTURA+CHAPA DE GESSO)ESTRUTURADA C/MONTANTES SIMPLES AUTOPORTANTES 90MM,GUIAS HORIZONTAIS 90MM,AMBOS DE ACO GALV.ESP.0,5MM,C/UMA CHAPA GESSO ACARTONADO,TIPO RU(RESISTENTE A UMIDADE),C/ADICAO DE LA MINERAL,ESP.12,5MM,LARG.1200MM,BORDA REBAIXADA,FIXADA AOS MONTANTESPOR MEIO DE PARAFUSOS.APLICACAO EM AREAS SECAS.FORN.E COLOC.","M2",96.43,null,"13.196.0153-A","REVESTIMENTO DRYWALL ESP.103MM(ESTRUTURA+CHAPA DE GESSO)ESTRUTURADA C/MONTANTES SIMPLES AUTOPORTANTES 90MM,GUIAS HORIZONTAIS 90MM,AMBOS DE ACO GALV.ESP.0,5MM,C/UMA CHAPA GESSO ACARTONADO,TIPO RU(RESISTENTE A UMIDADE),C/ADICAO DE LA MINERAL,ESP.12,5MM,LARG.1200MM,BORDA REBAIXADA,FIXADA AOS MONTANTESPOR MEIO DE PARAFUSOS.APLICACAO EM AREAS SECAS.FORN.E COLOC.","M2",95.34]
["13.196.0158-0","REVESTIMENTO DE DRYWALL C/ESP.73MM(ESTRUTURA+CHAPA DE GESSO)ESTRUTURADA C/MONTANTES SIMPLES AUTOPORTANTES 48MM,FIXADOS AGUIAS HORIZONTAIS 48MM,AMBOS ACO GALV.C/ESP.0,5MM,C/DUAS CHAPAS GESSO ACARTONADO,TIPO RU(RESISTENTE A UMIDADE),E OUTRATIPO ST,ESP.12,5MM,LARG.1200MM,BORDA REBAIXADA,FIX.AOS MONTANTES POR MEIO PARAFUSOS.APLICACAO EM AREAS SECAS.FORN./COLOC","M2",92.34,null,"13.196.0158-A","REVESTIMENTO DE DRYWALL C/ESP.73MM(ESTRUTURA+CHAPA DE GESSO)ESTRUTURADA C/MONTANTES SIMPLES AUTOPORTANTES 48MM,FIXADOS AGUIAS HORIZONTAIS 48MM,AMBOS ACO GALV.C/ESP.0,5MM,C/DUAS CHAPAS GESSO ACARTONADO,TIPO RU(RESISTENTE A UMIDADE),E OUTRATIPO ST,ESP.12,5MM,LARG.1200MM,BORDA REBAIXADA,FIX.AOS MONTANTES POR MEIO PARAFUSOS.APLICACAO EM AREAS SECAS.FORN./COLOC","M2",91.42]
["13.196.0162-0","REVESTIMENTO DRYWALL C/ESP.95MM(ESTRUTURA+CHAPA DE GESSO)ESTRUTURADA C/MONTANTES SIMPLES AUTOPORTANTES 70MM,FIXADOS A GUIAS HORIZONTAIS 70MM,AMBOS DE ACO GALV.C/ESP.0,5MM,C/DUAS CHAPAS DE GESSO ACARTONADO,TIPO ST(STANDARD),ESP.12,5MM,LARGURA 1200MM,BORDA REBAIXADA,FIXADA AOS MONTANTES POR MEIO DE PARAFUSOS.APLICACAO EM AREAS SECAS.FORNECIMENTO E COLOCACAO","M2",73.12,null,"13.196.0162-A","REVESTIMENTO DRYWALL C/ESP.95MM(ESTRUTURA+CHAPA DE GESSO)ESTRUTURADA C/MONTANTES SIMPLES AUTOPORTANTES 70MM,FIXADOS A GUIAS HORIZONTAIS 70MM,AMBOS DE ACO GALV.C/ESP.0,5MM,C/DUAS CHAPAS DE GESSO ACARTONADO,TIPO ST(STANDARD),ESP.12,5MM,LARGURA 1200MM,BORDA REBAIXADA,FIXADA AOS MONTANTES POR MEIO DE PARAFUSOS.APLICACAO EM AREAS SECAS.FORNECIMENTO E COLOCACAO","M2",72.19]
["13.196.0169-0","REVESTIMENTO DRYWALL C/ESP.115MM(ESTRUTURA+CHAPA DE GESSO)ESTRUTURADA C/MONTANTES SIMPLES AUTOPORTANTES 90MM,FIXADOS A GUIAS HORIZONTAIS 90MM,AMBOS DE ACO GALV.C/ESP.0,5MM,C/DUAS CHAPAS DE GESSO ACARTONADO,STANDARD,C/ADICAO DE LA MINERAL,ESP.12,5MM,LARG.1200MM,BORDA REBAIXADA,FIXADA AOS MONTANTES POR MEIO DE PARAFUSOS.APLICACAO EM AREAS SECAS.FORN.E COLOC.","M2",105.12,null,"13.196.0169-A","REVESTIMENTO DRYWALL C/ESP.115MM(ESTRUTURA+CHAPA DE GESSO)ESTRUTURADA C/MONTANTES SIMPLES AUTOPORTANTES 90MM,FIXADOS A GUIAS HORIZONTAIS 90MM,AMBOS DE ACO GALV.C/ESP.0,5MM,C/DUAS CHAPAS DE GESSO ACARTONADO,STANDARD,C/ADICAO DE LA MINERAL,ESP.12,5MM,LARG.1200MM,BORDA REBAIXADA,FIXADA AOS MONTANTES POR MEIO DE PARAFUSOS.APLICACAO EM AREAS SECAS.FORN.E COLOC.","M2",104.03]
["13.196.0170-0","REVESTIMENTO DRYWALL C/ESP.115MM(ESTRUTURA+CHAPA GESSO) ESTRUTURADA C/MONTANTES SIMPLES AUTOPORTANTES 90MM,FIX.A GUIAS HORIZ.90MM,AMBOS ACO GALV.C/ESP.0,5MM,C/DUAS CHAPAS GESSO ACARTONADO,SENDO UMA DO TIPO RU(RESISTENTE A UMIDADE) E OUTRA ST,ESP.12,5MM,LARG.1200MM,BORDA REBAIXADA,FIX.AOS MONTANTES POR MEIO DE PARAFUSOS.APLICACAO EM AREAS SECAS.FORN.E COLOC.","M2",98.2,null,"13.196.0170-A","REVESTIMENTO DRYWALL C/ESP.115MM(ESTRUTURA+CHAPA GESSO) ESTRUTURADA C/MONTANTES SIMPLES AUTOPORTANTES 90MM,FIX.A GUIAS HORIZ.90MM,AMBOS ACO GALV.C/ESP.0,5MM,C/DUAS CHAPAS GESSO ACARTONADO,SENDO UMA DO TIPO RU(RESISTENTE A UMIDADE) E OUTRA ST,ESP.12,5MM,LARG.1200MM,BORDA REBAIXADA,FIX.AOS MONTANTES POR MEIO DE PARAFUSOS.APLICACAO EM AREAS SECAS.FORN.E COLOC.","M2",97.28]
["13.199.0015-0","VENEZIANA VERTICAL(BRISE SOLEIL)DE CHAPA DE ALUMINIO,COM 1,2MM DE ESPESSURA,FIXADO EM CANTONEIRAS DE ACO APARAFUSADAS,EMEDIDA PELA AREA COLOCADA.FORNECIMENTO E COLOCACAO","M2",1225.4000000000001,null,"13.199.0015-A","VENEZIANA VERTICAL(BRISE SOLEIL)DE CHAPA DE ALUMINIO,COM 1,2MM DE ESPESSURA,FIXADO EM CANTONEIRAS DE ACO APARAFUSADAS,EMEDIDA PELA AREA COLOCADA.FORNECIMENTO E COLOCACAO","M2",1219.2]
["13.205.0010-0","PROTETOR DE PAREDE(BATE-MACA), COM 20CM DE LARGURA, VINIL DEALTO IMPACTO,ANTICHAMA E LAVAVEL,ACABAMENTO TEXTURIZADO,REFORCOS EM NEOPRENE E FIXADO COM SUPORTES DE ALUMINIO RESISTENTES.FORNECIMENTO E COLOCACAO","M",196.03,null,"13.205.0010-A","PROTETOR DE PAREDE(BATE-MACA), COM 20CM DE LARGURA, VINIL DEALTO IMPACTO,ANTICHAMA E LAVAVEL,ACABAMENTO TEXTURIZADO,REFORCOS EM NEOPRENE E FIXADO COM SUPORTES DE ALUMINIO RESISTENTES.FORNECIMENTO E COLOCACAO","M",195.45]
["13.301.0080-1","PISO CIMENTADO,COM 1,5CM DE ESPESSURA,COM ARGAMASSA DE CIMENTO E AREIA,NO TRACO 1:3,ALISADO A COLHER, SOBRE BASE EXISTENTE","M2",49.05,null,"13.301.0080-B","PISO CIMENTADO,COM 1,5CM DE ESPESSURA,COM ARGAMASSA DE CIMENTO E AREIA,NO TRACO 1:3,ALISADO A COLHER, SOBRE BASE EXISTENTE","M2",46.23]
["13.301.0085-0","PISO CIMENTADO,COM 1,5CM DE ESPESSURA,COM ARGAMASSA DE CIMENTO E AREIA,NO TRACO 1:3,ALISADO A COLHER,COM JUNTAS BATIDASFORMANDO QUADROS,SOBRE BASE EXISTENTE","M2",65.400000000000006,null,"13.301.0085-A","PISO CIMENTADO,COM 1,5CM DE ESPESSURA,COM ARGAMASSA DE CIMENTO E AREIA,NO TRACO 1:3,ALISADO A COLHER,COM JUNTAS BATIDASFORMANDO QUADROS,SOBRE BASE EXISTENTE","M2",61.48]
["13.301.0093-0","RODAPE DE ARGAMASSA DE CIMENTO E AREIA,NO TRACO 1:3,COM 15CMDE ALTURA E 2CM DE ESPESSURA,SOBRE PAREDE EM OSSO,COM CORANTE","M",31.97,null,"13.301.0093-A","RODAPE DE ARGAMASSA DE CIMENTO E AREIA,NO TRACO 1:3,COM 15CMDE ALTURA E 2CM DE ESPESSURA,SOBRE PAREDE EM OSSO,COM CORANTE","M",30.22]
["13.301.0110-0","RODAPE DE CIMENTADO IMPERMEAVEL COM 10CM DE ALTURA E 3CM DEESPESSURA, EM ARGAMASSA DE CIMENTO E AREIA, NO TRACO 1:3 EIMPERMEABILIZANTE DE PEGA NORMAL  ADICIONADO  A AGUA DA ARGAMASSA NA DOSAGEM DE 1:12,ALISADO A COLHER,SOBRE PAREDE EM OSSO","M",22,null,"13.301.0110-A","RODAPE DE CIMENTADO IMPERMEAVEL COM 10CM DE ALTURA E 3CM DEESPESSURA, EM ARGAMASSA DE CIMENTO E AREIA, NO TRACO 1:3 EIMPERMEABILIZANTE DE PEGA NORMAL  ADICIONADO  A AGUA DA ARGAMASSA NA DOSAGEM DE 1:12,ALISADO A COLHER,SOBRE PAREDE EM OSSO","M",20.63]
["13.301.0125-1","CONTRAPISO,BASE OU CAMADA REGULARIZADORA,EXECUTADA COM ARGAMASSA DE CIMENTO E AREIA,NO TRACO 1:4,NA ESPESSURA DE 3CM","M2",43.94,null,"13.301.0125-B","CONTRAPISO,BASE OU CAMADA REGULARIZADORA,EXECUTADA COM ARGAMASSA DE CIMENTO E AREIA,NO TRACO 1:4,NA ESPESSURA DE 3CM","M2",41.85]
["13.301.0130-1","CONTRAPISO,BASE OU CAMADA REGULARIZADORA,EXECUTADA COM ARGAMASSA DE CIMENTO E AREIA,NO TRACO 1:4,NA ESPESSURA DE 3,5CM","M2",49.08,null,"13.301.0130-B","CONTRAPISO,BASE OU CAMADA REGULARIZADORA,EXECUTADA COM ARGAMASSA DE CIMENTO E AREIA,NO TRACO 1:4,NA ESPESSURA DE 3,5CM","M2",46.79]
["13.301.0140-0","CONTRAPISO,BASE OU CAMADA REGULARIZADORA EXECUTADA,COM ARGAMASSA DE CIMENTO E AREIA,NO TRACO 1:4,NA ESPESSURA DE 8CM","M2",95.38,null,"13.301.0140-A","CONTRAPISO,BASE OU CAMADA REGULARIZADORA EXECUTADA,COM ARGAMASSA DE CIMENTO E AREIA,NO TRACO 1:4,NA ESPESSURA DE 8CM","M2",91.27]
["13.301.0510-0","RECOMPOSICAO DE PISO DE CONCRETO SIMPLES,COM RESISTENCIA DE15MPA,COM 8CM DE ESPESSURA,INCLUSIVE DEMOLICAO COM EQUIPAMENTO DE AR COMPRIMIDO DO PISO","M2",132.32,null,"13.301.0510-A","RECOMPOSICAO DE PISO DE CONCRETO SIMPLES,COM RESISTENCIA DE15MPA,COM 8CM DE ESPESSURA,INCLUSIVE DEMOLICAO COM EQUIPAMENTO DE AR COMPRIMIDO DO PISO","M2",127.5]
["13.330.0023-0","ASSENTAMENTO DE BANCADAS OU ILHARGAS,COM PLACAS DE MARMORE OU GRANITO,EXCLUSIVE ESTAS,EM SUPERFICIE EM OSSO,COM NATA DECIMENTO SOBRE ARGAMASSA DE CIMENTO,AREIA E SAIBRO,NO TRACO 1:2:2,COM ESPESSURA MEDIA DE 3,5CM E REJUNTAMENTO DE CIMENTOBRANCO E CORANTE","M2",137.86000000000001,null,"13.330.0023-A","ASSENTAMENTO DE BANCADAS OU ILHARGAS,COM PLACAS DE MARMORE OU GRANITO,EXCLUSIVE ESTAS,EM SUPERFICIE EM OSSO,COM NATA DECIMENTO SOBRE ARGAMASSA DE CIMENTO,AREIA E SAIBRO,NO TRACO 1:2:2,COM ESPESSURA MEDIA DE 3,5CM E REJUNTAMENTO DE CIMENTOBRANCO E CORANTE","M2",130.63]
["13.330.0024-0","ASSENTAMENTO DE BANCADAS OU ILHARGAS,COM PLACAS DE MARMORE OU GRANITO,EXCLUSIVE ESTAS,EM SUPERFICIE EM OSSO,COM NATA DECIMENTO SOBRE ARGAMASSA DE CIMENTO,CAL HIDRATADA ADITIVADA EAREIA,NO TRACO 1:1:10,COM ESPESSURA DE 3,5CM E REJUNTAMENTOPRONTO","M2",136.35,null,"13.330.0024-A","ASSENTAMENTO DE BANCADAS OU ILHARGAS,COM PLACAS DE MARMORE OU GRANITO,EXCLUSIVE ESTAS,EM SUPERFICIE EM OSSO,COM NATA DECIMENTO SOBRE ARGAMASSA DE CIMENTO,CAL HIDRATADA ADITIVADA EAREIA,NO TRACO 1:1:10,COM ESPESSURA DE 3,5CM E REJUNTAMENTOPRONTO","M2",129.07]
["13.330.0033-0","ASSENTAMENTO DE SOLEIRAS DE MARMORE OU GRANITO,DE 15CM DE LARGURA,EXCLUSIVE ESTES,ASSENTES EM SUPERFICIE EM OSSO,COM ARGAMASSA DE CIMENTO,AREIA E SAIBRO,NO TRACO 1:2:2,SOBRE CHAPISCO DE CIMENTO E AREIA,NO TRACO 1:3 E REJUNTAMENTO DE CIMENTOBRANCO E CORANTE","M",31.44,null,"13.330.0033-A","ASSENTAMENTO DE SOLEIRAS DE MARMORE OU GRANITO,DE 15CM DE LARGURA,EXCLUSIVE ESTES,ASSENTES EM SUPERFICIE EM OSSO,COM ARGAMASSA DE CIMENTO,AREIA E SAIBRO,NO TRACO 1:2:2,SOBRE CHAPISCO DE CIMENTO E AREIA,NO TRACO 1:3 E REJUNTAMENTO DE CIMENTOBRANCO E CORANTE","M",29.65]
["13.330.0060-0","REVESTIMENTO DE PISO,COM LADRILHOS CERAMICOS ESMALTADOS,COMMEDIDAS EM TORNO DE (20X20)CM E 6,5MM DE ESPESSURA,COM RESISTENCIA A ABRASAO P.E.I.-IV,CONFORME ABNT NBR 16928,ASSENTESEM SUPERFICIE EM OSSO,COM NATA SOBRE A ARGAMASSA DE CIMENTO,SAIBRO E AREIA,NO TRACO 1:3:3,REJUNTAMENTO COM CIMENTO BRANCO E CORANTE","M2",151.85,null,"13.330.0060-A","REVESTIMENTO DE PISO,COM LADRILHOS CERAMICOS ESMALTADOS,COMMEDIDAS EM TORNO DE (20X20)CM E 6,5MM DE ESPESSURA,COM RESISTENCIA A ABRASAO P.E.I.-IV,CONFORME ABNT NBR 16928,ASSENTESEM SUPERFICIE EM OSSO,COM NATA SOBRE A ARGAMASSA DE CIMENTO,SAIBRO E AREIA,NO TRACO 1:3:3,REJUNTAMENTO COM CIMENTO BRANCO E CORANTE","M2",146.86000000000001]
["13.330.0076-0","REVESTIMENTO DE PISO COM LADRILHO CERAMICO,ANTIDERRAPANTE,MEDIDAS EM TORNO DE (45X45)CM,RESISTENCIA A ABRASAO P.E.I.-IV,ASSENTES EM SUPERFICIE EM OSSO,COM ARGAMASSA COLANTE E REJUNTAMENTO PRONTO","M2",107.96,null,"13.330.0076-A","REVESTIMENTO DE PISO COM LADRILHO CERAMICO,ANTIDERRAPANTE,MEDIDAS EM TORNO DE (45X45)CM,RESISTENCIA A ABRASAO P.E.I.-IV,ASSENTES EM SUPERFICIE EM OSSO,COM ARGAMASSA COLANTE E REJUNTAMENTO PRONTO","M2",104.29]
["13.330.0100-0","RODAPE COM LADRILHO CERAMICO,COM 7,5 A 10CM DE ALTURA,ASSENTE CONFORME ITEM 13.025.0016","M",44.39,null,"13.330.0100-A","RODAPE COM LADRILHO CERAMICO,COM 7,5 A 10CM DE ALTURA,ASSENTE CONFORME ITEM 13.025.0016","M",41.99]
["13.330.0500-0","RECOMPOSICAO DE PISO DE CERAMICAS,EXCLUSIVE ESTAS,INCLUSIVEMAO-DE-OBRA TOTAL E MATERIAIS DE ASSENTAMENTO E REJUNTAMENTOCOMO EM 13.330.0010","M2",82.04,null,"13.330.0500-A","RECOMPOSICAO DE PISO DE CERAMICAS,EXCLUSIVE ESTAS,INCLUSIVEMAO-DE-OBRA TOTAL E MATERIAIS DE ASSENTAMENTO E REJUNTAMENTOCOMO EM 13.330.0010","M2",77.8]
["13.331.0025-0","REVESTIMENTO DE PISO CERAMICO EM PORCELANATO,ACABAMENTO DA BORDA RETIFICADO,NO FORMATO (120X120)CM,PARA USO EM AREAS COMERCIAIS COM TRAFEGO INTENSO,CONFORME ABNT NBR ISO 13006,ASSENTE EM SUPERFICIE NIVELADA COM ARGAMASSA COLANTE E REJUNTAMENTO PRONTO","M2",216.49,null,"13.331.0025-A","REVESTIMENTO DE PISO CERAMICO EM PORCELANATO,ACABAMENTO DA BORDA RETIFICADO,NO FORMATO (120X120)CM,PARA USO EM AREAS COMERCIAIS COM TRAFEGO INTENSO,CONFORME ABNT NBR ISO 13006,ASSENTE EM SUPERFICIE NIVELADA COM ARGAMASSA COLANTE E REJUNTAMENTO PRONTO","M2",212.47]
["13.331.0051-0","RODAPE DE CERAMICA EM PORCELANATO,COM 7,5 A 10CM DE ALTURA,ASSENTE CONFORME ITEM 13.025.0058.FEITO A PARTIR DE PLACA DEPORCELANATO COM AREA INFERIOR A 1,00M2","M",43.93,null,"13.331.0051-A","RODAPE DE CERAMICA EM PORCELANATO,COM 7,5 A 10CM DE ALTURA,ASSENTE CONFORME ITEM 13.025.0058.FEITO A PARTIR DE PLACA DEPORCELANATO COM AREA INFERIOR A 1,00M2","M",41.64]
["13.331.0052-0","RODAPE DE CERAMICA EM PORCELANATO,COM 7,5 A 10CM DE ALTURA,ASSENTE CONFORME ITEM 13.025.0058.FEITO A PARTIR DE PLACA DEPORCELANATO COM AREA SUPERIOR A 1,00M2","M",52.72,null,"13.331.0052-A","RODAPE DE CERAMICA EM PORCELANATO,COM 7,5 A 10CM DE ALTURA,ASSENTE CONFORME ITEM 13.025.0058.FEITO A PARTIR DE PLACA DEPORCELANATO COM AREA SUPERIOR A 1,00M2","M",50.44]
["13.332.0012-0","REVESTIMENTO DE PISO COM LADRILHO HIDRAULICO,20X20CM,EXCLUSIVE ARGAMASSA E REJUNTAMENTO","M2",151.88999999999999,null,"13.332.0012-A","REVESTIMENTO DE PISO COM LADRILHO HIDRAULICO,20X20CM,EXCLUSIVE ARGAMASSA E REJUNTAMENTO","M2",147.88]
["13.335.0030-0","PISOS DE PLACAS NAO TRABALHADAS DE GRANITO,RETANGULARES,SOBRE TERRENO NIVELADO,COM AS JUNTAS TOMADAS COM ARGAMASSA DE CIMENTO E AREIA,NO TRACO 1:3","M2",270.85000000000002,null,"13.335.0030-A","PISOS DE PLACAS NAO TRABALHADAS DE GRANITO,RETANGULARES,SOBRE TERRENO NIVELADO,COM AS JUNTAS TOMADAS COM ARGAMASSA DE CIMENTO E AREIA,NO TRACO 1:3","M2",263.14999999999998]
["13.345.0016-0","REVESTIMENTO DE PISOS EM MARMORE BRANCO NACIONAL,EM PLACAS,3CM DE ESPESSURA,COM 2 POLIMENTOS,ASSENTE EM SUPERFICIE EM OSSO,COM NATA DE CIMENTO SOBRE ARGAMASSA DE CIMENTO,AREIA E SAIBRO,NO TRACO 1:2:2 E REJUNTAMENTO EM CIMENTO BRANCO","M2",776.76,null,"13.345.0016-A","REVESTIMENTO DE PISOS EM MARMORE BRANCO NACIONAL,EM PLACAS,3CM DE ESPESSURA,COM 2 POLIMENTOS,ASSENTE EM SUPERFICIE EM OSSO,COM NATA DE CIMENTO SOBRE ARGAMASSA DE CIMENTO,AREIA E SAIBRO,NO TRACO 1:2:2 E REJUNTAMENTO EM CIMENTO BRANCO","M2",769.55]
["13.345.0025-0","SOLEIRA DE MARMORE BRANCO NACIONAL,DE 2X13CM,COM 2 POLIMENTOS,ASSENTE COMO EM 13.345.0015","M",73.05,null,"13.345.0025-A","SOLEIRA DE MARMORE BRANCO NACIONAL,DE 2X13CM,COM 2 POLIMENTOS,ASSENTE COMO EM 13.345.0015","M",71.540000000000006]
["13.345.0036-0","SOLEIRA DE MARMORE BRANCO NACIONAL,DE 2X25CM,COM 2 POLIMENTOS,EXCLUSIVE NATA DE CIMENTO,ARGAMASSA E REJUNTAMENTO","M",107.97,null,"13.345.0036-A","SOLEIRA DE MARMORE BRANCO NACIONAL,DE 2X25CM,COM 2 POLIMENTOS,EXCLUSIVE NATA DE CIMENTO,ARGAMASSA E REJUNTAMENTO","M",106.5]
["13.345.0056-0","CHAPIM OU ESPELHO DE MARMORE BRANCO NACIONAL,COM 2X17CM COM1 POLIMENTO, EXCLUSIVE NATA DE CIMENTO,ARGAMASSA,CHAPISCO EREJUNTAMENTO","M",81.52,null,"13.345.0056-A","CHAPIM OU ESPELHO DE MARMORE BRANCO NACIONAL,COM 2X17CM COM1 POLIMENTO, EXCLUSIVE NATA DE CIMENTO,ARGAMASSA,CHAPISCO EREJUNTAMENTO","M",80.05]
["13.348.0035-0","RODAPE DE GRANITO CINZA ANDORINHA,COM 10CM DE ALTURA E 2CM DE ESPESSURA,ASSENTE EM PAREDE EM OSSO,COM ARGAMASSA DE CIMENTO,AREIA E SAIBRO NO TRACO 1:2:2 E NATA DE CIMENTO SOBRE CHAPISCO DE CIMENTO E AREIA,NO TRACO 1:3 (INCLUSIVE ESTE) E REJUNTAMENTO PRONTO","M",93.59,null,"13.348.0035-A","RODAPE DE GRANITO CINZA ANDORINHA,COM 10CM DE ALTURA E 2CM DE ESPESSURA,ASSENTE EM PAREDE EM OSSO,COM ARGAMASSA DE CIMENTO,AREIA E SAIBRO NO TRACO 1:2:2 E NATA DE CIMENTO SOBRE CHAPISCO DE CIMENTO E AREIA,NO TRACO 1:3 (INCLUSIVE ESTE) E REJUNTAMENTO PRONTO","M",91.44]
["13.348.0036-0","RODAPE DE GRANITO CINZA ANDORINHA,COM 10CM DE ALTURA E 2CM DE ESPESSURA,ASSENTE EM PAREDE EM OSSO,EXCLUSIVE NATA DE CIMENTO,CHAPISCO,ARGAMASSA E REJUNTAMENTO","M",79.72,null,"13.348.0036-A","RODAPE DE GRANITO CINZA ANDORINHA,COM 10CM DE ALTURA E 2CM DE ESPESSURA,ASSENTE EM PAREDE EM OSSO,EXCLUSIVE NATA DE CIMENTO,CHAPISCO,ARGAMASSA E REJUNTAMENTO","M",77.64]
["13.348.0051-0","PEITORIL EM GRANITO CINZA ANDORINHA,ESPESSURA DE 2CM,LARGURA15 A 18CM,EXCLUSIVE NATA DE CIMENTO, ARGAMASSA E REJUNTAMENTO","M",113.32,null,"13.348.0051-A","PEITORIL EM GRANITO CINZA ANDORINHA,ESPESSURA DE 2CM,LARGURA15 A 18CM,EXCLUSIVE NATA DE CIMENTO, ARGAMASSA E REJUNTAMENTO","M",111.6]
["13.348.0075-0","SOLEIRA EM GRANITO CINZA ANDORINHA,ESPESSURA DE 2CM,COM 2 POLIMENTOS,LARGURA DE 15CM,ASSENTADO COM ARGAMASSA DE CIMENTO,SAIBRO E AREIA, NO TRACO 1:2:2, E REJUNTAMENTO COM CIMENTOBRANCO E CORANTE","M",99.73,null,"13.348.0075-A","SOLEIRA EM GRANITO CINZA ANDORINHA,ESPESSURA DE 2CM,COM 2 POLIMENTOS,LARGURA DE 15CM,ASSENTADO COM ARGAMASSA DE CIMENTO,SAIBRO E AREIA, NO TRACO 1:2:2, E REJUNTAMENTO COM CIMENTOBRANCO E CORANTE","M",98.22]
["13.365.0011-0","REVESTIMENTO DE PISOS COM GRANITO PRETO EM PLACAS,COM ESPESSURA DE 2CM,COM 2 POLIMENTOS,ASSENTES EM SUPERFICIE EM OSSO,EXCLUSIVE NATA DE CIMENTO,ARGAMASSA E REJUNTAMENTO","M2",754.56,null,"13.365.0011-A","REVESTIMENTO DE PISOS COM GRANITO PRETO EM PLACAS,COM ESPESSURA DE 2CM,COM 2 POLIMENTOS,ASSENTES EM SUPERFICIE EM OSSO,EXCLUSIVE NATA DE CIMENTO,ARGAMASSA E REJUNTAMENTO","M2",747.56]
["13.365.0025-0","SOLEIRA DE GRANITO PRETO DE 2X13CM COM 2 POLIMENTOS,ASSENTECOMO EM 13.365.0010","M",113.13,null,"13.365.0025-A","SOLEIRA DE GRANITO PRETO DE 2X13CM COM 2 POLIMENTOS,ASSENTECOMO EM 13.365.0010","M",111.62]
["13.365.0030-0","SOLEIRA DE GRANITO PRETO DE 2X15CM COM 2 POLIMENTOS,ASSENTECOMO EM 13.365.0010","M",126.35,null,"13.365.0030-A","SOLEIRA DE GRANITO PRETO DE 2X15CM COM 2 POLIMENTOS,ASSENTECOMO EM 13.365.0010","M",124.84]
["13.365.0056-0","CHAPIM OU ESPELHO DE GRANITO PRETO COM 2X17CM,COM 1 POLIMENTO,EXCLUSIVE CHAPISCO,ARGAMASSA,REJUNTAMENTO E NATA DE CIMENTO","M",133.43,null,"13.365.0056-A","CHAPIM OU ESPELHO DE GRANITO PRETO COM 2X17CM,COM 1 POLIMENTO,EXCLUSIVE CHAPISCO,ARGAMASSA,REJUNTAMENTO E NATA DE CIMENTO","M",131.96]
["13.365.0061-0","CAPA DE DEGRAU DE GRANITO PRETO,COM 2X28CM,COM 1 POLIMENTO,EXCLUSIVE NATA DE CIMENTO,ARGAMASSA E REJUNTAMENTO","M",228.64,null,"13.365.0061-A","CAPA DE DEGRAU DE GRANITO PRETO,COM 2X28CM,COM 1 POLIMENTO,EXCLUSIVE NATA DE CIMENTO,ARGAMASSA E REJUNTAMENTO","M",225.76]
["13.365.0083-0","RODAPE DE GRANITO CINZA CORUMBA,COM 10CM DE ALTURA E 2CM DEESPESSURA,ASSENTE EM PAREDE EM OSSO,COM ARGAMASSA DE CIMENTO,AREIA E SAIBRO NO TRACO 1:2:2 E NATA DE CIMENTO,SOBRE CHAPISCO DE CIMENTO E AREIA, NO TRACO 1:3(INCLUSIVE ESTE) E REJUNTAMENTO PRONTO","M",93.59,null,"13.365.0083-A","RODAPE DE GRANITO CINZA CORUMBA,COM 10CM DE ALTURA E 2CM DEESPESSURA,ASSENTE EM PAREDE EM OSSO,COM ARGAMASSA DE CIMENTO,AREIA E SAIBRO NO TRACO 1:2:2 E NATA DE CIMENTO,SOBRE CHAPISCO DE CIMENTO E AREIA, NO TRACO 1:3(INCLUSIVE ESTE) E REJUNTAMENTO PRONTO","M",91.44]
["13.365.0088-0","ESPELHO OU CHAPIM DE GRANITO CINZA CORUMBA,ESPESSURA DE 2CM,LARGURA DE 20CM,POLIDO,ASSENTE EM PAREDE EM OSSO,EXCLUSIVE NATA DE CIMENTO, ARGAMASSA,CHAPISCO E REJUNTAMENTO","M",119.34,null,"13.365.0088-A","ESPELHO OU CHAPIM DE GRANITO CINZA CORUMBA,ESPESSURA DE 2CM,LARGURA DE 20CM,POLIDO,ASSENTE EM PAREDE EM OSSO,EXCLUSIVE NATA DE CIMENTO, ARGAMASSA,CHAPISCO E REJUNTAMENTO","M",117.87]
["13.365.0151-0","PEITORIL EM GRANITO CINZA CORUMBA,2CM DE ESPESSURA,LARGURA DE 15 A 18CM,EXCLUSIVE NATA DE CIMENTO,ARGAMASSA E REJUNTAMENTO","M",113.32,null,"13.365.0151-A","PEITORIL EM GRANITO CINZA CORUMBA,2CM DE ESPESSURA,LARGURA DE 15 A 18CM,EXCLUSIVE NATA DE CIMENTO,ARGAMASSA E REJUNTAMENTO","M",111.6]
["13.365.0180-0","SOLEIRA EM GRANITO CINZA CORUMBA,2CM DE ESPESSURA,COM 2 POLIMENTOS,LARGURA DE 25CM, ASSENTE EM SUPERFICIE EM OSSO,COM NATA DE CIMENTO SOBRE ARGAMASSA DE CIMENTO,SAIBRO E AREIA,NO TRACO 1:2:2 E REJUNTAMENTO COM CIMENTO BRANCO E CORANTE","M",152.26,null,"13.365.0180-A","SOLEIRA EM GRANITO CINZA CORUMBA,2CM DE ESPESSURA,COM 2 POLIMENTOS,LARGURA DE 25CM, ASSENTE EM SUPERFICIE EM OSSO,COM NATA DE CIMENTO SOBRE ARGAMASSA DE CIMENTO,SAIBRO E AREIA,NO TRACO 1:2:2 E REJUNTAMENTO COM CIMENTO BRANCO E CORANTE","M",150.72]
["13.365.0181-0","SOLEIRA EM GRANITO CINZA CORUMBA,2CM DE ESPESSURA,COM 2 POLIMENTOS,LARGURA DE 25CM,ASSENTE EM SUPERFICIE EM OSSO,EXCLUSIVE NATA DE CIMENTO,ARGAMASSA E REJUNTAMENTO","M",143.68,null,"13.365.0181-A","SOLEIRA EM GRANITO CINZA CORUMBA,2CM DE ESPESSURA,COM 2 POLIMENTOS,LARGURA DE 25CM,ASSENTE EM SUPERFICIE EM OSSO,EXCLUSIVE NATA DE CIMENTO,ARGAMASSA E REJUNTAMENTO","M",142.21]
["13.368.0013-0","REVESTIMENTO DE BANCADAS OU ILHARGAS,COM GRANITO VERMELHO BRASILIA,EM PLACA DE 2CM DE ESPESSURA,ACABAMENTO POLIDO,EXCLUSIVE NATA DE CIMENTO E ARGAMASSA","M2",416.05,null,"13.368.0013-A","REVESTIMENTO DE BANCADAS OU ILHARGAS,COM GRANITO VERMELHO BRASILIA,EM PLACA DE 2CM DE ESPESSURA,ACABAMENTO POLIDO,EXCLUSIVE NATA DE CIMENTO E ARGAMASSA","M2",409.05]
["13.370.0040-0","PAVIMENTACAO TIPO PLAQUEAMENTO EXECUTADO COM PLACAS DE 40X80X10CM DE CONCRETO FCK=10MPA,JUNTA DE 2CM, INCLUSIVE PREPARODO TERRENO","M2",94.26,null,"13.370.0040-A","PAVIMENTACAO TIPO PLAQUEAMENTO EXECUTADO COM PLACAS DE 40X80X10CM DE CONCRETO FCK=10MPA,JUNTA DE 2CM, INCLUSIVE PREPARODO TERRENO","M2",90.96]
["13.371.0010-0","PATIO DE CONCRETO IMPORTADO DE USINA,NA ESPESSURA DE 8CM, NOTRACO 1:3:3 EM VOLUME, FORMANDO QUADROS DE 1,00X1,00M, COMSARRAFOS DE MADEIRA INCORPORADOS ,EXCLUSIVE PREPARO DO TERRENO","M2",80.12,null,"13.371.0010-A","PATIO DE CONCRETO IMPORTADO DE USINA,NA ESPESSURA DE 8CM, NOTRACO 1:3:3 EM VOLUME, FORMANDO QUADROS DE 1,00X1,00M, COMSARRAFOS DE MADEIRA INCORPORADOS ,EXCLUSIVE PREPARO DO TERRENO","M2",77.88]
["13.373.0010-0","PATIO DE CONCRETO ARMADO,CAPEADO COM AGREGADO DE ALTA RESISTENCIA,ALISADO MECANICAMENTE,COM ESPESSURA DE 8 A 10CM,SOBRETERRENO ACERTADO E SOBRE LASTRO DE BRITA CORRIDA COMPACTADA,EXCLUSIVE ACERTO DO TERRENO, LASTRO DE BRITA E FORNECIMENTODO CONCRETO E DA ARMACAO, INCLUSIVE JUNTA  PLASTICA  A CADA2,50M,TODA A MAO-DE-OBRA E EQUIPAMENTOS NECESSARIOS","M2",35.1,null,"13.373.0010-A","PATIO DE CONCRETO ARMADO,CAPEADO COM AGREGADO DE ALTA RESISTENCIA,ALISADO MECANICAMENTE,COM ESPESSURA DE 8 A 10CM,SOBRETERRENO ACERTADO E SOBRE LASTRO DE BRITA CORRIDA COMPACTADA,EXCLUSIVE ACERTO DO TERRENO, LASTRO DE BRITA E FORNECIMENTODO CONCRETO E DA ARMACAO, INCLUSIVE JUNTA  PLASTICA  A CADA2,50M,TODA A MAO-DE-OBRA E EQUIPAMENTOS NECESSARIOS","M2",33.26]
["13.373.0025-0","PISO CONCRETO COLORIDO(OXIDO FERRO VERMELHO SINTETICO)ARMADOMONOLITICO,JUNTA FRIA,ALISADO C/REGUA VIBRATORIA,ESP.10CM,SOBRE TERRENO ACERTADO E SOBRE LASTRO BRITA, EXCL.ACERTO TERRENO,INCL.BRITA,LONA TECIDO RESINADO, TELA SOLD.15X15CM #4,2MM(DUPLA),CONCRETO PREP.C/BETONEIRA,RESIST.COMPRESSAO 20MPAC/TRANSP.CONCRETO TODA MAO-DE-OBRA EQUIPAMENTOS NECESSARIOS","M2",162.83000000000001,null,"13.373.0025-A","PISO CONCRETO COLORIDO(OXIDO FERRO VERMELHO SINTETICO)ARMADOMONOLITICO,JUNTA FRIA,ALISADO C/REGUA VIBRATORIA,ESP.10CM,SOBRE TERRENO ACERTADO E SOBRE LASTRO BRITA, EXCL.ACERTO TERRENO,INCL.BRITA,LONA TECIDO RESINADO, TELA SOLD.15X15CM #4,2MM(DUPLA),CONCRETO PREP.C/BETONEIRA,RESIST.COMPRESSAO 20MPAC/TRANSP.CONCRETO TODA MAO-DE-OBRA EQUIPAMENTOS NECESSARIOS","M2",157.61000000000001]
["13.373.0036-0","PISO DE CONCRETO ARMADO MONOLITICO,COM JUNTA FRIA,ALISADO COM REGUA VIBRATORIA,ESPESSURA DE 20CM,SOBRE TERRENO ACERTADOE SOBRE LASTRO DE BRITA,EXCLUSIVE ACERTO DO TERRENO E TELA,INCLUSIVE BRITA E LONA DE TECIDO RESINADO, CONCRETO USINADORESISTENCIA A COMPRESSAO DE 20MPA COM TRANSPORTE DO CONCRETOE TODA A MAO-DE-OBRA E EQUIPAMENTOS NECESSARIOS","M2",173.91,null,"13.373.0036-A","PISO DE CONCRETO ARMADO MONOLITICO,COM JUNTA FRIA,ALISADO COM REGUA VIBRATORIA,ESPESSURA DE 20CM,SOBRE TERRENO ACERTADOE SOBRE LASTRO DE BRITA,EXCLUSIVE ACERTO DO TERRENO E TELA,INCLUSIVE BRITA E LONA DE TECIDO RESINADO, CONCRETO USINADORESISTENCIA A COMPRESSAO DE 20MPA COM TRANSPORTE DO CONCRETOE TODA A MAO-DE-OBRA E EQUIPAMENTOS NECESSARIOS","M2",170.43]
["13.380.0013-0","PISO DE GRANITINA,COMPREENDENDO:A)LASTRO,COM 4CM DE ESPESSURA MEDIA,DE ARGAMASSA DE CIMENTO E AREIA GROSSA,NO TRACO 1:4;B) CAMADA DE GRANITINA,COM 3CM DE ESPESSURA,FEITA COM GRANILHA Nº1 VERMELHA E CIMENTO,SUPERFICIE ESTUCADA APOS A FUNDICAO,SEM POLIMENTO","M2",99.11,null,"13.380.0013-A","PISO DE GRANITINA,COMPREENDENDO:A)LASTRO,COM 4CM DE ESPESSURA MEDIA,DE ARGAMASSA DE CIMENTO E AREIA GROSSA,NO TRACO 1:4;B) CAMADA DE GRANITINA,COM 3CM DE ESPESSURA,FEITA COM GRANILHA Nº1 VERMELHA E CIMENTO,SUPERFICIE ESTUCADA APOS A FUNDICAO,SEM POLIMENTO","M2",95.67]
["13.380.0015-0","RODAPE DE MARMORITE,FUNDIDO NO LOCAL,COM 10CM DE ALTURA,1CMDE ESPESSURA,TERMINANDO EM CANTO RETO JUNTO AO PISO,FEITO COM CIMENTO E GRANILHA Nº1 BRANCA,COM POLIMENTO MANUAL,O MARMORITE E EXECUTADO SOBRE EMBOCO PREVIO NAO INCLUIDO NESTA","M",31.68,null,"13.380.0015-A","RODAPE DE MARMORITE,FUNDIDO NO LOCAL,COM 10CM DE ALTURA,1CMDE ESPESSURA,TERMINANDO EM CANTO RETO JUNTO AO PISO,FEITO COM CIMENTO E GRANILHA Nº1 BRANCA,COM POLIMENTO MANUAL,O MARMORITE E EXECUTADO SOBRE EMBOCO PREVIO NAO INCLUIDO NESTA","M",29.77]
["13.380.0026-0","SOLEIRA,PEITORIL OU CHAPIM DE MARMORITE,PRE-MOLDADO EM OFICINA E ASSENTADO NA OBRA,COM OU SEM REBAIXO,FEITO COM GRANILHANº 1 PRETA E CIMENTO,NA ESPESSURA DE 6MM","M2",226.25,null,"13.380.0026-A","SOLEIRA,PEITORIL OU CHAPIM DE MARMORITE,PRE-MOLDADO EM OFICINA E ASSENTADO NA OBRA,COM OU SEM REBAIXO,FEITO COM GRANILHANº 1 PRETA E CIMENTO,NA ESPESSURA DE 6MM","M2",214.57]
["13.381.0050-0","JUNTA PLASTICA 17X3MM,PARA PISOS CONTINUOS.FORNECIMENTO E COLOCACAO","M",10.5,null,"13.381.0050-A","JUNTA PLASTICA 17X3MM,PARA PISOS CONTINUOS.FORNECIMENTO E COLOCACAO","M",9.9499999999999993]
["13.385.0001-0","PISO DE ALTA RESISTENCIA,MONOLITICO,MOLDADO NO LOCAL,EM ARGAMASSA DE CIMENTO E AGREGADOS MINERAIS,COM ESPESSURA DE 0,8CM,NA COR NATURAL DO CIMENTO E 3 POLIMENTOS MECANICOS.O CUSTOINCLUI BASE SUPORTE EM ARGAMASSA DE CIMENTO E AREIA,NO TRACO1:3 E SERVENTE PARA CONFECCAO,TRANSPORTE DA ARGAMASSA E SERVICOS AFINS E NAO CONSIDERA JUNTAS(VIDE FAMILIA 13.381)","M2",187.3,null,"13.385.0001-A","PISO DE ALTA RESISTENCIA,MONOLITICO,MOLDADO NO LOCAL,EM ARGAMASSA DE CIMENTO E AGREGADOS MINERAIS,COM ESPESSURA DE 0,8CM,NA COR NATURAL DO CIMENTO E 3 POLIMENTOS MECANICOS.O CUSTOINCLUI BASE SUPORTE EM ARGAMASSA DE CIMENTO E AREIA,NO TRACO1:3 E SERVENTE PARA CONFECCAO,TRANSPORTE DA ARGAMASSA E SERVICOS AFINS E NAO CONSIDERA JUNTAS(VIDE FAMILIA 13.381)","M2",187.3]
["13.385.0002-0","PISO DE ALTA RESISTENCIA,MONOLITICO,MOLDADO NO LOCAL,EM ARGAMASSA DE CIMENTO E AGREGADOS MINERAIS,COM ESPESSURA DE 0,8CM,NA COR PRETA E 3 POLIMENTOS MECANICOS.O CUSTO INCLUI A BASESUPORTE EM  ARGAMASSA DE  CIMENTO  E AREIA, NO TRACO 1:3 ESERVENTE PARA CONFECCAO, TRANSPORTE DA ARGAMASSA E SERVICOSAFINS E NAO CONSIDERA JUNTAS(VIDE FAMILIA 13.381)","M2",195.7,null,"13.385.0002-A","PISO DE ALTA RESISTENCIA,MONOLITICO,MOLDADO NO LOCAL,EM ARGAMASSA DE CIMENTO E AGREGADOS MINERAIS,COM ESPESSURA DE 0,8CM,NA COR PRETA E 3 POLIMENTOS MECANICOS.O CUSTO INCLUI A BASESUPORTE EM  ARGAMASSA DE  CIMENTO  E AREIA, NO TRACO 1:3 ESERVENTE PARA CONFECCAO, TRANSPORTE DA ARGAMASSA E SERVICOSAFINS E NAO CONSIDERA JUNTAS(VIDE FAMILIA 13.381)","M2",195.7]
["13.385.0009-0","DEGRAU DE ESCADA DE ALTA RESISTENCIA,COMPOSTA DE CAPA E ESPELHO,EM ARGAMASSA DE CIMENTO E AGREGADOS MINERAIS, NA COR PRETA,INCLUSIVE 3 POLIMENTOS","M",365.59,null,"13.385.0009-A","DEGRAU DE ESCADA DE ALTA RESISTENCIA,COMPOSTA DE CAPA E ESPELHO,EM ARGAMASSA DE CIMENTO E AGREGADOS MINERAIS, NA COR PRETA,INCLUSIVE 3 POLIMENTOS","M",365.59]
["13.385.0056-0","PISO DE ALTA RESISTENCIA,PARA USO EXTERNO,EM PLACAS PRE-MOLDADAS,VIBROPRENSADA A 350T,MEDINDO (40X40X3)CM,CONFECCIONADACOM AGREGADOS MINERAIS (QUARTZO) E CIMENTO BRANCO ESTRUTURALCP60, COLOCADO SOBRE BASE EXISTENTE, EXCLUSIVE FAROFA DE CIMENTO E AREIA 3:1.FORNECIMENTO E COLOCACAO","M2",262.8,null,"13.385.0056-A","PISO DE ALTA RESISTENCIA,PARA USO EXTERNO,EM PLACAS PRE-MOLDADAS,VIBROPRENSADA A 350T,MEDINDO (40X40X3)CM,CONFECCIONADACOM AGREGADOS MINERAIS (QUARTZO) E CIMENTO BRANCO ESTRUTURALCP60, COLOCADO SOBRE BASE EXISTENTE, EXCLUSIVE FAROFA DE CIMENTO E AREIA 3:1.FORNECIMENTO E COLOCACAO","M2",257.55]
["13.390.0028-0","PISO VINILICO EM PLACAS,COM MEDIDAS EM TORNO DE 30X30CM,HOMOGENEO,PADRAO RISCADO,COM 2MM DE ESPESSURA,PARA ALTO TRAFEGO,ASSENTE SOBRE BASE EXISTENTE,CONFORME ABNT NBR 7374.FORNECIMENTO E COLOCACAO","M2",136.54,null,"13.390.0028-A","PISO VINILICO EM PLACAS,COM MEDIDAS EM TORNO DE 30X30CM,HOMOGENEO,PADRAO RISCADO,COM 2MM DE ESPESSURA,PARA ALTO TRAFEGO,ASSENTE SOBRE BASE EXISTENTE,CONFORME ABNT NBR 7374.FORNECIMENTO E COLOCACAO","M2",135.91999999999999]
["13.390.0036-0","PISO VINILICO EM PLACAS,COM BASE COMPACTADA,COM MEDIDAS EM TORNO DE (60X60)CM,HETEROGENEO,PADRAO RISCADO,COM 3MM DE ESPESSURA,CONFORME ABNT NBR 7374.FORNECIMENTO E COLOCACAO","M2",228.81,null,"13.390.0036-A","PISO VINILICO EM PLACAS,COM BASE COMPACTADA,COM MEDIDAS EM TORNO DE (60X60)CM,HETEROGENEO,PADRAO RISCADO,COM 3MM DE ESPESSURA,CONFORME ABNT NBR 7374.FORNECIMENTO E COLOCACAO","M2",228.2]
["13.390.0058-0","RODAPE DE PVC TIPO HOSPITALAR,PLANO OU CURVO,COM 7,5CM DE ALTURA,PARA PISOS VINILICOS.FORNECIMENTO E COLOCACAO","M",46.15,null,"13.390.0058-A","RODAPE DE PVC TIPO HOSPITALAR,PLANO OU CURVO,COM 7,5CM DE ALTURA,PARA PISOS VINILICOS.FORNECIMENTO E COLOCACAO","M",45.6]
["13.395.0010-0","FORRACAO DE PISO COM CARPETE DE FIBRA DE NYLON,PARA ALTO TRAFEGO,COM ESPESSURA DE 6MM,SOBRE BASE EXISTENTE.FORNECIMENTOE COLOCACAO","M2",124.27,null,"13.395.0010-A","FORRACAO DE PISO COM CARPETE DE FIBRA DE NYLON,PARA ALTO TRAFEGO,COM ESPESSURA DE 6MM,SOBRE BASE EXISTENTE.FORNECIMENTOE COLOCACAO","M2",123.92]
["13.395.0026-0","FORRACAO DE PISO COM CARPETE DE FIBRA DE POLIPROPILENO,COM ACABAMENTO RESINADO,PARA TRAFEGO LEVE A MODERADO,COM ESPESSURA DE 5 A 6MM,SOBRE BASE EXISTENTE.FORNECIMENTO E COLOCACAO","M2",78.75,null,"13.395.0026-A","FORRACAO DE PISO COM CARPETE DE FIBRA DE POLIPROPILENO,COM ACABAMENTO RESINADO,PARA TRAFEGO LEVE A MODERADO,COM ESPESSURA DE 5 A 6MM,SOBRE BASE EXISTENTE.FORNECIMENTO E COLOCACAO","M2",78.400000000000006]
["13.398.0018-0","BARROTE DE MADEIRA DE 3\"X4.1/2\",APOIADO EM PILARETE DE (20X20)CM,DE ALVENARIA DE TIJOLOS MACICOS OU OUTRO,EXCLUSIVE OS PILARETES","M",50.92,null,"13.398.0018-A","BARROTE DE MADEIRA DE 3\"X4.1/2\",APOIADO EM PILARETE DE (20X20)CM,DE ALVENARIA DE TIJOLOS MACICOS OU OUTRO,EXCLUSIVE OS PILARETES","M",49.93]
["13.398.0025-0","RODAPE EM MADEIRA DE LEI,COM SECAO DE 7X2CM,PREGADO EM TACOSEMBUTIDOS NA ALVENARIA","M",28.94,null,"13.398.0025-A","RODAPE EM MADEIRA DE LEI,COM SECAO DE 7X2CM,PREGADO EM TACOSEMBUTIDOS NA ALVENARIA","M",28.02]
["13.410.0015-0","PISO DE PEDRA PORTUGUESA,ASSENTADO SOBRE MISTURA DE CIMENTOE SAIBRO,NO TRACO 1:5,EXCLUSIVE ACERTO DO TERRENO.FORNECIMENTO E COLOCACAO","M2",141.5,null,"13.410.0015-A","PISO DE PEDRA PORTUGUESA,ASSENTADO SOBRE MISTURA DE CIMENTOE SAIBRO,NO TRACO 1:5,EXCLUSIVE ACERTO DO TERRENO.FORNECIMENTO E COLOCACAO","M2",139.9]
["13.410.0025-0","PISO DE PEDRA PORTUGUESA,ASSENTADO SOBRE MISTURA DE CIMENTOE SAIBRO,NO TRACO 1:5,INCLUSIVE ACERTO DO TERRENO,EM FAIXA.FORNECIMENTO E COLOCACAO","M2",188.61,null,"13.410.0025-A","PISO DE PEDRA PORTUGUESA,ASSENTADO SOBRE MISTURA DE CIMENTOE SAIBRO,NO TRACO 1:5,INCLUSIVE ACERTO DO TERRENO,EM FAIXA.FORNECIMENTO E COLOCACAO","M2",183.85]
["13.413.0012-0","PISO DE PEDRA SAO TOME,MEDINDO 57X57CM,TIPO FURNAS/LIGHT,ASSENTE COM ARGAMASSA DE CIMENTO,AREIA E SAIBRO,NO TRACO 1:2:2,REJUNTAMENTO COM CIMENTO BRANCO E CORANTE","M2",309.04000000000002,null,"13.413.0012-A","PISO DE PEDRA SAO TOME,MEDINDO 57X57CM,TIPO FURNAS/LIGHT,ASSENTE COM ARGAMASSA DE CIMENTO,AREIA E SAIBRO,NO TRACO 1:2:2,REJUNTAMENTO COM CIMENTO BRANCO E CORANTE","M2",303.89999999999998]
["13.413.0026-0","PISO DE PLACAS DE ARDOSIA COR CINZA MEDINDO 30X30CM,EM TORNODE 1CM DE ESPESSURA,EXCLUSIVE ARGAMASSA","M2",80.42,null,"13.413.0026-A","PISO DE PLACAS DE ARDOSIA COR CINZA MEDINDO 30X30CM,EM TORNODE 1CM DE ESPESSURA,EXCLUSIVE ARGAMASSA","M2",76.92]
["13.413.0035-0","RODAPE DE ARDOSIA COM ALTURA DE 7CM,ASSENTE EM PAREDE EM OSSO COM ARGAMASSA DE CIMENTO,SAIBRO E AREIA,NO TRACO 1:2:2 E CHAPISCO DE CIMENTO E AREIA,NO TRACO 1:3","M",34.840000000000003,null,"13.413.0035-A","RODAPE DE ARDOSIA COM ALTURA DE 7CM,ASSENTE EM PAREDE EM OSSO COM ARGAMASSA DE CIMENTO,SAIBRO E AREIA,NO TRACO 1:2:2 E CHAPISCO DE CIMENTO E AREIA,NO TRACO 1:3","M",33.049999999999997]
["13.416.0010-0","PISO TATIL DE BORRACHA,DIRECIONAL,PARA ACESSIBILIDADE,CONFORME ABNT NBR 16537,MEDINDO (25X25)CM,ESPESSURA DE 5MM,COLADOSOBRE BASE EXISTENTE.FORNECIMENTO E COLOCACAO","M2",124.01,null,"13.416.0010-A","PISO TATIL DE BORRACHA,DIRECIONAL,PARA ACESSIBILIDADE,CONFORME ABNT NBR 16537,MEDINDO (25X25)CM,ESPESSURA DE 5MM,COLADOSOBRE BASE EXISTENTE.FORNECIMENTO E COLOCACAO","M2",122.19]
["13.416.0015-0","PISO TATIL DE BORRACHA,ALERTA,PARA ACESSIBILIDADE,CONFORME ABNT NBR 16537,MEDINDO (25X25)CM,ESPESSURA DE 5MM,COLADO SOBRE BASE EXISTENTE.FORNECIMENTO E COLOCACAO","M2",124.01,null,"13.416.0015-A","PISO TATIL DE BORRACHA,ALERTA,PARA ACESSIBILIDADE,CONFORME ABNT NBR 16537,MEDINDO (25X25)CM,ESPESSURA DE 5MM,COLADO SOBRE BASE EXISTENTE.FORNECIMENTO E COLOCACAO","M2",122.19]
["13.460.0030-0","PISO ELEVADO PLACAS MODULARES,PRE-FABRICADAS CONCRETO C/REFORCO ESTRUTURAL,LIXADO,MONOCOLOR TONS DE CINZA,MED.APROX.(60X60)CM,ESP.ENTRE 3CM E 4CM,P/CIRCULACAO PEDESTRES E PEQUENASCARGAS ROLANTES (CADEIRA DE RODAS E BICICLETA),APOIADO EM PEDESTAIS REGULAVEIS DE POLIPROPILENO OU PVC ALTA RESISTENCIA,SEM LONGARINAS,C/ALTURA APROX.30CM.FORNECIMENTO E COLOCACAO","M2",690,null,"13.460.0030-A","PISO ELEVADO PLACAS MODULARES,PRE-FABRICADAS CONCRETO C/REFORCO ESTRUTURAL,LIXADO,MONOCOLOR TONS DE CINZA,MED.APROX.(60X60)CM,ESP.ENTRE 3CM E 4CM,P/CIRCULACAO PEDESTRES E PEQUENASCARGAS ROLANTES (CADEIRA DE RODAS E BICICLETA),APOIADO EM PEDESTAIS REGULAVEIS DE POLIPROPILENO OU PVC ALTA RESISTENCIA,SEM LONGARINAS,C/ALTURA APROX.30CM.FORNECIMENTO E COLOCACAO","M2",690]
["13.462.0015-0","PISO DE ALERTA EM PLACAS MARMORIZADAS VIBROPRENSADAS,COM ACABAMENTO RUSTICO,NA COR VERMELHA,INCLUSIVE CONTRAPISO COM ESPESSURA DE 3CM.FORNECIMENTO E COLOCACAO","M2",232.26,null,"13.462.0015-A","PISO DE ALERTA EM PLACAS MARMORIZADAS VIBROPRENSADAS,COM ACABAMENTO RUSTICO,NA COR VERMELHA,INCLUSIVE CONTRAPISO COM ESPESSURA DE 3CM.FORNECIMENTO E COLOCACAO","M2",227.63]
["14.001.0001-0","JANELA DE PVC BRANCO,CONFORME ABNT NBR 16851 E 10821,DE CORRER,DUAS FOLHAS MOVEIS,DE (1,20X1,20)M,EXCLUSIVE VIDROS,INCLUSIVE FERRAGENS E ACESSORIOS.FORNECIMENTO E COLOCACAO","UN",2408.3000000000002,null,"14.001.0001-A","JANELA DE PVC BRANCO,CONFORME ABNT NBR 16851 E 10821,DE CORRER,DUAS FOLHAS MOVEIS,DE (1,20X1,20)M,EXCLUSIVE VIDROS,INCLUSIVE FERRAGENS E ACESSORIOS.FORNECIMENTO E COLOCACAO","UN",2405.1999999999998]
["14.001.0030-0","PORTA DE PVC BRANCO,CONFORME ABNT NBR 16851 E 10821,DE ABRIR,UMA FOLHA COM TRAVESSA INTERMEDIARIA,DE (0,80X2,10)M,EXCLUSIVE VIDROS,INCLUSIVE FERRAGENS E ACESSORIOS.FORNECIMENTO E COLOCACAO","UN",3459.37,null,"14.001.0030-A","PORTA DE PVC BRANCO,CONFORME ABNT NBR 16851 E 10821,DE ABRIR,UMA FOLHA COM TRAVESSA INTERMEDIARIA,DE (0,80X2,10)M,EXCLUSIVE VIDROS,INCLUSIVE FERRAGENS E ACESSORIOS.FORNECIMENTO E COLOCACAO","UN",3454.63]
["14.001.0040-0","PORTA DE PVC BRANCO,CONFORME ABNT NBR 16851 E 10821,DE ABRIR,UMA FOLHA COM TRAVESSA INTERMEDIARIA,DE (0,60X2,10)M,EXCLUSIVE VIDROS,INCLUSIVE FERRAGENS E ACESSORIOS.FORNECIMENTO E COLOCACAO","UN",3261.97,null,"14.001.0040-A","PORTA DE PVC BRANCO,CONFORME ABNT NBR 16851 E 10821,DE ABRIR,UMA FOLHA COM TRAVESSA INTERMEDIARIA,DE (0,60X2,10)M,EXCLUSIVE VIDROS,INCLUSIVE FERRAGENS E ACESSORIOS.FORNECIMENTO E COLOCACAO","UN",3257.23]
["14.001.0070-0","PORTA SANFONADA EM PVC,VAO DE (0,60X2,10)M,INCLUSIVE ACESSORIOS (PARAFUSOS,BUCHAS,PUXADOR E TRINCO).FORNECIMENTO E COLOCACAO","UN",152.44,null,"14.001.0070-A","PORTA SANFONADA EM PVC,VAO DE (0,60X2,10)M,INCLUSIVE ACESSORIOS (PARAFUSOS,BUCHAS,PUXADOR E TRINCO).FORNECIMENTO E COLOCACAO","UN",148.79]
["14.001.0076-0","PORTA SANFONADA EM PVC,VAO DE (1,00X2,10)M,INCLUSIVE ACESSORIOS (PARAFUSOS,BUCHAS,PUXADOR E TRINCO).FORNECIMENTO E COLOCACAO","UN",275.17,null,"14.001.0076-A","PORTA SANFONADA EM PVC,VAO DE (1,00X2,10)M,INCLUSIVE ACESSORIOS (PARAFUSOS,BUCHAS,PUXADOR E TRINCO).FORNECIMENTO E COLOCACAO","UN",269.33999999999997]
["14.001.0110-0","VENEZIANA,COM ALETAS DE PVC TRANSLUCIDAS E MONTANTES EM CHAPA DE ACO GALVANIZADO.FORNECIMENTO E COLOCACAO","M2",327.37,null,"14.001.0110-A","VENEZIANA,COM ALETAS DE PVC TRANSLUCIDAS E MONTANTES EM CHAPA DE ACO GALVANIZADO.FORNECIMENTO E COLOCACAO","M2",324.27]
["14.002.0010-0","PORTA DE FERRO DE TAMANHO NORMAL, ATE 1,00M DE LARGURA, CONTORNO EM BARRAS DE 1.1/4\"X5/16\", GUARNICAO EM  CANTONEIRA DE1.1/2\"X1/8\",INFERIORMENTE,ALMOFADA DE CHAPA Nº16,NOS DOIS LADOS COM 60CM DE ALTURA,NA PARTE SUPERIOR,POSTIGO MOVEL PARAVIDRO,GRADE DE BARRAS DE 5/8\",UTILIZANDO DOBRADICAS TIPO GONZO,EXCLUSIVE FECHADURA.FORNECIMENTO E COLOCACAO","M2",1672.66,null,"14.002.0010-A","PORTA DE FERRO DE TAMANHO NORMAL, ATE 1,00M DE LARGURA, CONTORNO EM BARRAS DE 1.1/4\"X5/16\", GUARNICAO EM  CANTONEIRA DE1.1/2\"X1/8\",INFERIORMENTE,ALMOFADA DE CHAPA Nº16,NOS DOIS LADOS COM 60CM DE ALTURA,NA PARTE SUPERIOR,POSTIGO MOVEL PARAVIDRO,GRADE DE BARRAS DE 5/8\",UTILIZANDO DOBRADICAS TIPO GONZO,EXCLUSIVE FECHADURA.FORNECIMENTO E COLOCACAO","M2",1588.8]
["14.002.0030-0","PORTA DE ENROLAR AUTOMATICA,COMPLETA,TIPO MEIA CANA FECHADA,EM ACO GALVANIZADO NATURAL CHAPA N°22.FORNECIMENTO E COLOCACAO","M2",746.79,null,"14.002.0030-A","PORTA DE ENROLAR AUTOMATICA,COMPLETA,TIPO MEIA CANA FECHADA,EM ACO GALVANIZADO NATURAL CHAPA N°22.FORNECIMENTO E COLOCACAO","M2",746.79]
["14.002.0054-0","PORTINHOLA DE FERRO EM BARRA CHATA DE 1.1/4\",MEDINDO 0,40X0,90M.FORNECIMENTO E COLOCACAO","UN",164.28,null,"14.002.0054-A","PORTINHOLA DE FERRO EM BARRA CHATA DE 1.1/4\",MEDINDO 0,40X0,90M.FORNECIMENTO E COLOCACAO","UN",158.81]
["14.002.0055-0","PORTA CORTA-FOGO PARA SAIDA DE EMERGENCIA,MEDINDO (90X210X5CM),CLASSE P-60,EM CHAPA DE ACO,TENDO BATENTE DO MESMO MATERIAL,INCLUSIVE FECHADURA E 3 PARES DE DOBRADICAS COM MOLA,CONFORME ABNT NBR 11742.FORNECIMENTO E COLOCACAO","UN",1354.3,null,"14.002.0055-A","PORTA CORTA-FOGO PARA SAIDA DE EMERGENCIA,MEDINDO (90X210X5CM),CLASSE P-60,EM CHAPA DE ACO,TENDO BATENTE DO MESMO MATERIAL,INCLUSIVE FECHADURA E 3 PARES DE DOBRADICAS COM MOLA,CONFORME ABNT NBR 11742.FORNECIMENTO E COLOCACAO","UN",1345.81]
["14.002.0070-0","PORTAO DE FERRO DE UMA OU DUAS FOLHAS COM ALTURA DE 1,00 A 1,50M E LARGURA DE 1,00 A 3,00M,FORMADO P/BARRAS VERTICAIS DE1.1/4\"X1/4\",ESPACADAS DE 12,5CM,CONTORNO E MARCOS EM BARRASDE 1.1/4\"X3/8\",TENDO AO CENTRO UMA FAIXA DE CHAPA DE FERROGALVANIZADO Nº16,DE 20CM DE ALTURA,COM FECHO PARA COLOCACAODE CADEADO,EXCLUSIVE ESTE.FORNECIMENTO E COLOCACAO","M2",1519.27,null,"14.002.0070-A","PORTAO DE FERRO DE UMA OU DUAS FOLHAS COM ALTURA DE 1,00 A 1,50M E LARGURA DE 1,00 A 3,00M,FORMADO P/BARRAS VERTICAIS DE1.1/4\"X1/4\",ESPACADAS DE 12,5CM,CONTORNO E MARCOS EM BARRASDE 1.1/4\"X3/8\",TENDO AO CENTRO UMA FAIXA DE CHAPA DE FERROGALVANIZADO Nº16,DE 20CM DE ALTURA,COM FECHO PARA COLOCACAODE CADEADO,EXCLUSIVE ESTE.FORNECIMENTO E COLOCACAO","M2",1442.7]
["14.002.0081-0","PORTAO DE FERRO, ATE 1,00M DE LARGURA, EM BARRAS DE 1/2\", ESPACADAS DE 10CM, ENTRE EIXOS, CONTORNO E MARCO EM BARRAS DE1.1/2\"X1/2\", COM UMA FAIXA HORIZONTAL EM CHAPA DE FERRO DE1/8\" ESPESSURA,EXCLUSIVE FECHADURA.FORNECIMENTO E COLOCACAO","M2",1716.18,null,"14.002.0081-A","PORTAO DE FERRO, ATE 1,00M DE LARGURA, EM BARRAS DE 1/2\", ESPACADAS DE 10CM, ENTRE EIXOS, CONTORNO E MARCO EM BARRAS DE1.1/2\"X1/2\", COM UMA FAIXA HORIZONTAL EM CHAPA DE FERRO DE1/8\" ESPESSURA,EXCLUSIVE FECHADURA.FORNECIMENTO E COLOCACAO","M2",1649.09]
["14.002.0088-0","PORTAO DE FERRO,EM 2 FOLHAS,MEDINDO (2,10X1,60)M CADA UMA,EMBARRAS VERTICAIS EM ACO REDONDO DE 1/2\",ESPACADOS DE 15CM,CONTORNO EM BARRA CHATA DE 2\"X5/8\",INCLUSIVE FECHADURA E PINTURA.FORNECIMENTO E COLOCACAO","UN",2034.73,null,"14.002.0088-A","PORTAO DE FERRO,EM 2 FOLHAS,MEDINDO (2,10X1,60)M CADA UMA,EMBARRAS VERTICAIS EM ACO REDONDO DE 1/2\",ESPACADOS DE 15CM,CONTORNO EM BARRA CHATA DE 2\"X5/8\",INCLUSIVE FECHADURA E PINTURA.FORNECIMENTO E COLOCACAO","UN",1969.69]
["14.002.0096-0","PORTAO EM 2 FOLHAS,MEDINDO (3,00X1,20)M,CONSTITUINDO-SE DE DOIS QUADROS COM DOIS TRAVAMENTOS HORIZONTAIS EM TUBO DE FERRO GALVANIZADO DE 4\",FIXADOS EM MONTANTES DO MESMO MATERIAL,EXCLUSIVE FECHADURA E PINTURA.FORNECIMENTO E COLOCACAO","UN",4303.04,null,"14.002.0096-A","PORTAO EM 2 FOLHAS,MEDINDO (3,00X1,20)M,CONSTITUINDO-SE DE DOIS QUADROS COM DOIS TRAVAMENTOS HORIZONTAIS EM TUBO DE FERRO GALVANIZADO DE 4\",FIXADOS EM MONTANTES DO MESMO MATERIAL,EXCLUSIVE FECHADURA E PINTURA.FORNECIMENTO E COLOCACAO","UN",4221]
["14.002.0099-0","PORTAO FERRO,MED.5,87X2,08M,C/2 FLS.FIXAS 1,10X1,98M CADA,FORMADAS QUADRO FERRO GALV.2\",2 VERT.E 4 HORIZ.,7 BARRAS VERT.E 2 INCLINADAS 1\"X1/4\" E 2 FLS.ABRIR 1,61X1,98M CADA,FOMADASQUADRO FERRO GALV.2\",2 VERT.E 4 HORIZ.E 14 BARRAS VERT.E 2INCLINADAS 1\"X1/4\",C/4 MONTANTES FERRO GALV.3\" C/ENCH.CONCR.E CHUMB.CINTA CONCR.EXCL.ESTA,INCL.FECH.E PINT.FORN.COLOC.","UN",6366.34,null,"14.002.0099-A","PORTAO FERRO,MED.5,87X2,08M,C/2 FLS.FIXAS 1,10X1,98M CADA,FORMADAS QUADRO FERRO GALV.2\",2 VERT.E 4 HORIZ.,7 BARRAS VERT.E 2 INCLINADAS 1\"X1/4\" E 2 FLS.ABRIR 1,61X1,98M CADA,FOMADASQUADRO FERRO GALV.2\",2 VERT.E 4 HORIZ.E 14 BARRAS VERT.E 2INCLINADAS 1\"X1/4\",C/4 MONTANTES FERRO GALV.3\" C/ENCH.CONCR.E CHUMB.CINTA CONCR.EXCL.ESTA,INCL.FECH.E PINT.FORN.COLOC.","UN",6325.59]
["14.002.0105-0","BASCULANTE DE FERRO DE 0,50X0,30M EM CANTONEIRA DE 3/4\"X1/8\",COM UMA BASCULA EM CANTONEIRA DE 5/8\"X1/8\",COM ALAVANCA DECOMANDO COM PUNHO CROMADO.FORNECIMENTO E COLOCACAO","UN",657.63,null,"14.002.0105-A","BASCULANTE DE FERRO DE 0,50X0,30M EM CANTONEIRA DE 3/4\"X1/8\",COM UMA BASCULA EM CANTONEIRA DE 5/8\"X1/8\",COM ALAVANCA DECOMANDO COM PUNHO CROMADO.FORNECIMENTO E COLOCACAO","UN",617.52]
["14.002.0110-0","BASCULANTE DE FERRO EM CAIXILHO DE CANTONEIRA DE 7/8\" OU 3/4\", PARA AREA MAIOR QUE 0,50M2 E MENOR QUE 3,75M2,EM UM, DOISOU TRES MODULOS, BASCULAS DE CANTONEIRA DE 3/4\" OU 5/8\",ALAVANCA COM PUNHO CROMADO.FORNECIMENTO E COLOCACAO","M2",695.99,null,"14.002.0110-A","BASCULANTE DE FERRO EM CAIXILHO DE CANTONEIRA DE 7/8\" OU 3/4\", PARA AREA MAIOR QUE 0,50M2 E MENOR QUE 3,75M2,EM UM, DOISOU TRES MODULOS, BASCULAS DE CANTONEIRA DE 3/4\" OU 5/8\",ALAVANCA COM PUNHO CROMADO.FORNECIMENTO E COLOCACAO","M2",663.91]
["14.002.0132-0","GRADE DE FERRO COM MONTANTES DE BARRAS CHATAS DE  2\"X3/8\" ACADA 2,00M E BARRAS CHATAS DE 1.1/2\"X3/8\" A CADA 10CM, INTERCALADAS POR PEQUENAS BARRAS CHATAS DE 1.1/2\"X3/8\" A CADA 5CM,EXCLUSIVE BALDRAME DE CONCRETO.FORNECIMENTO E COLOCACAO","M2",745.77,null,"14.002.0132-A","GRADE DE FERRO COM MONTANTES DE BARRAS CHATAS DE  2\"X3/8\" ACADA 2,00M E BARRAS CHATAS DE 1.1/2\"X3/8\" A CADA 10CM, INTERCALADAS POR PEQUENAS BARRAS CHATAS DE 1.1/2\"X3/8\" A CADA 5CM,EXCLUSIVE BALDRAME DE CONCRETO.FORNECIMENTO E COLOCACAO","M2",720.61]
["14.002.0158-0","GRADE PARA SOLARIO DE PRISAO,EM BARRAS DE ACO 1020 DE D=1\" ACADA 0,075M,SOLDADAS EM PERFIL I DE 4\"X2.5/8\"(ALMA 1CM),PROTEGIDA POR TELA DE ARAME GALVANIZADO,FIO 12,MALHA QUADRANGULAR DE (25X25)MM,TAMBEM SOLDADA SOBRE A GRADE.FORNECIMENTO E COLOCACAO","M2",1887.67,null,"14.002.0158-A","GRADE PARA SOLARIO DE PRISAO,EM BARRAS DE ACO 1020 DE D=1\" ACADA 0,075M,SOLDADAS EM PERFIL I DE 4\"X2.5/8\"(ALMA 1CM),PROTEGIDA POR TELA DE ARAME GALVANIZADO,FIO 12,MALHA QUADRANGULAR DE (25X25)MM,TAMBEM SOLDADA SOBRE A GRADE.FORNECIMENTO E COLOCACAO","M2",1814.74]
["14.002.0182-0","GRADIL EM BARRAS DE ACO COM DIAMETRO DE 3/4\",FORMANDO MODULOS DE 2,00M,COM 1,80M DE ALTURA.INCLUSIVE PINTURA.FORNECIMENTO E COLOCACAO","UN",1362.34,null,"14.002.0182-A","GRADIL EM BARRAS DE ACO COM DIAMETRO DE 3/4\",FORMANDO MODULOS DE 2,00M,COM 1,80M DE ALTURA.INCLUSIVE PINTURA.FORNECIMENTO E COLOCACAO","UN",1314.67]
["14.002.0187-0","GRADIL DE FERRO,ALTURA DE 1,20M,EM BARRAS VERTICAIS QUADRADAS DE 5/8\" E ESPACADAS DE 12,50CM, SOLDADAS EM DUAS BARRAS,SUPERIOR E INFERIOR DE 1.1/2\"X1/4\",MONTANTES A CADA 1,50M EM BARRAS DE 1.1/2\"X3/8\",INCLUSIVE PINTURA.FORNECIMENTO E COLOCACAO","M",634.62,null,"14.002.0187-A","GRADIL DE FERRO,ALTURA DE 1,20M,EM BARRAS VERTICAIS QUADRADAS DE 5/8\" E ESPACADAS DE 12,50CM, SOLDADAS EM DUAS BARRAS,SUPERIOR E INFERIOR DE 1.1/2\"X1/4\",MONTANTES A CADA 1,50M EM BARRAS DE 1.1/2\"X3/8\",INCLUSIVE PINTURA.FORNECIMENTO E COLOCACAO","M",615.75]
["14.002.0192-0","GRADIL DE FERRO EM MODULOS DE 2,24M DE COMPRIMENTO COM ALTURA DE 1,20M, TENDO 14 FERROS REDONDOS DE 1/2\" ESPACADOS 14CMEIXO A EIXO,MONTANTES DUPLOS DE BARRAS CHATAS 1.1/2\"X1/2\" E2 BARRAS HORIZONTAIS DE 1.1/2\"X3/8\" DISTANCIADAS DE 85CM,CHUMBADOS SOBRE MURETA,CORDAO OU BLOCO DE CONCRETO,EXCLUSIVE ESTES,INCLUSIVE PINTURA.FORNECIMENTO E COLOCACAO","UN",1167.72,null,"14.002.0192-A","GRADIL DE FERRO EM MODULOS DE 2,24M DE COMPRIMENTO COM ALTURA DE 1,20M, TENDO 14 FERROS REDONDOS DE 1/2\" ESPACADOS 14CMEIXO A EIXO,MONTANTES DUPLOS DE BARRAS CHATAS 1.1/2\"X1/2\" E2 BARRAS HORIZONTAIS DE 1.1/2\"X3/8\" DISTANCIADAS DE 85CM,CHUMBADOS SOBRE MURETA,CORDAO OU BLOCO DE CONCRETO,EXCLUSIVE ESTES,INCLUSIVE PINTURA.FORNECIMENTO E COLOCACAO","UN",1117.3399999999999]
["14.002.0198-0","GRADIL TUBULAR EM MODULOS DE 3,35M DE LARGURA COM ALTURA DE2,00M,EM TELA DE CHAPA DE METAL EXPANDIDO,MALHA LOSANGULAR DE 150X56MM,EMOLDURADA POR TUBOS DE FERRO GALVANIZADOS DE 1.1/2\",FIXADO EM ESTRUTURAS DE CONCRETO (EXCLUSIVE ESTAS),ATRAVES DE 16 PARAFUSOS GALVANIZADOS.FORNECIMENTO E COLOCACAO","M",485.39,null,"14.002.0198-A","GRADIL TUBULAR EM MODULOS DE 3,35M DE LARGURA COM ALTURA DE2,00M,EM TELA DE CHAPA DE METAL EXPANDIDO,MALHA LOSANGULAR DE 150X56MM,EMOLDURADA POR TUBOS DE FERRO GALVANIZADOS DE 1.1/2\",FIXADO EM ESTRUTURAS DE CONCRETO (EXCLUSIVE ESTAS),ATRAVES DE 16 PARAFUSOS GALVANIZADOS.FORNECIMENTO E COLOCACAO","M",479.92]
["14.002.0203-0","GRADIL METALICO,RESISTENTE A AMBIENTES AGRESSIVOS,EXECUTADOPAINEL ACO GALV.SOLDADO(GRAMATURA MINIMA 40G/M2),MALHA RETANGULAR 200X50MM FIO ACO DIAM.MINIMO 4,3MM,FIXADOS PERMANENTEMENTE MONTANTE ACO GALV.60X40MM(GRAMATURA MINIMA 275G/M2),APARAFUSADOS BASE CONCRETO,EXCL.ESTA,PINT.NAVAL,ESP.MINIMA 300MICRAS(PAINEL E MONTANTE),VERDE/BRANCA.FORN.COLOC.","M2",152.69,null,"14.002.0203-A","GRADIL METALICO,RESISTENTE A AMBIENTES AGRESSIVOS,EXECUTADOPAINEL ACO GALV.SOLDADO(GRAMATURA MINIMA 40G/M2),MALHA RETANGULAR 200X50MM FIO ACO DIAM.MINIMO 4,3MM,FIXADOS PERMANENTEMENTE MONTANTE ACO GALV.60X40MM(GRAMATURA MINIMA 275G/M2),APARAFUSADOS BASE CONCRETO,EXCL.ESTA,PINT.NAVAL,ESP.MINIMA 300MICRAS(PAINEL E MONTANTE),VERDE/BRANCA.FORN.COLOC.","M2",152.35]
["14.002.0210-0","GUARDA-CORPO DE TUBO DE FERRO GALVANIZADO COM DOIS MONTANTESEM TUBO DE 1\",UMA TRAVESSA SUPERIOR EM TUBO DE 2\" E DUAS TRAVESSAS INFERIORES EM TUBO DE 1\",EM MODULOS DE 2,20M DE COMPRIMENTO E 1,00M DE ALTURA,INCLUSIVE PINTURA.FORNECIMENTO E COLOCACAO","UN",527.78,null,"14.002.0210-A","GUARDA-CORPO DE TUBO DE FERRO GALVANIZADO COM DOIS MONTANTESEM TUBO DE 1\",UMA TRAVESSA SUPERIOR EM TUBO DE 2\" E DUAS TRAVESSAS INFERIORES EM TUBO DE 1\",EM MODULOS DE 2,20M DE COMPRIMENTO E 1,00M DE ALTURA,INCLUSIVE PINTURA.FORNECIMENTO E COLOCACAO","UN",520.48]
["14.002.0211-0","GUARDA-CORPO COM 1,00M DE ALTURA,EM TELA DE ARAME GALVANIZADO Nº12,MALHA LOSANGULAR DE (50X50)MM,FIXADA EM TUBOS DE FERRO GALVANIZADO COM DIAMETRO INTERNO DE 2.1/2\" NA HORIZONTAL SUPERIOR E DIAMETRO INTERNO DE 2\" NA HORIZONTAL INFERIOR E NAVERTICAL,INCLUSIVE PINTURA DOS TUBOS.FORNECIMENTO E COLOCACAO","M",353.78,null,"14.002.0211-A","GUARDA-CORPO COM 1,00M DE ALTURA,EM TELA DE ARAME GALVANIZADO Nº12,MALHA LOSANGULAR DE (50X50)MM,FIXADA EM TUBOS DE FERRO GALVANIZADO COM DIAMETRO INTERNO DE 2.1/2\" NA HORIZONTAL SUPERIOR E DIAMETRO INTERNO DE 2\" NA HORIZONTAL INFERIOR E NAVERTICAL,INCLUSIVE PINTURA DOS TUBOS.FORNECIMENTO E COLOCACAO","M",349.45]
["14.002.0218-0","CORRIMAO DUPLO EM TUBO DE ACO GALVANIZADO COM DIAMETRO DE 1.1/4\",BARRA SUPERIOR COM ALTURA DE 92CM E BARRA INFERIOR COMALTURA DE 70CM,FIXADO EM GUARDA-CORPO COM MONTANTES DE ACO GALVANIZADO COM DIAMETRO DE 1.1/4\" E 3 TUBOS DE ACO GALVANIZADO,HORIZONTAIS,COM DIAMETRO DE 1\",CONFORME ABNT NBR 9050 PARA ACESSIBILIDADE.FORNECIMENTO E COLOCACAO","M",488.83,null,"14.002.0218-A","CORRIMAO DUPLO EM TUBO DE ACO GALVANIZADO COM DIAMETRO DE 1.1/4\",BARRA SUPERIOR COM ALTURA DE 92CM E BARRA INFERIOR COMALTURA DE 70CM,FIXADO EM GUARDA-CORPO COM MONTANTES DE ACO GALVANIZADO COM DIAMETRO DE 1.1/4\" E 3 TUBOS DE ACO GALVANIZADO,HORIZONTAIS,COM DIAMETRO DE 1\",CONFORME ABNT NBR 9050 PARA ACESSIBILIDADE.FORNECIMENTO E COLOCACAO","M",476.54]
["14.002.0232-0","QUADRO DE PROTECAO DE VAO EM CANTONEIRA DE ACO COM ABAS IGUAIS DE 5/8\"X1/8\",TELA DE ARAME GALVANIZADO,FIO 12,MALHA QUADRANGULAR DE (25X25)MM E TELA TIPO MOSQUITEIRO EM POLIETILENO.FORNECIMENTO E COLOCACAO","M2",764.44,null,"14.002.0232-A","QUADRO DE PROTECAO DE VAO EM CANTONEIRA DE ACO COM ABAS IGUAIS DE 5/8\"X1/8\",TELA DE ARAME GALVANIZADO,FIO 12,MALHA QUADRANGULAR DE (25X25)MM E TELA TIPO MOSQUITEIRO EM POLIETILENO.FORNECIMENTO E COLOCACAO","M2",720.68]
["14.002.0246-0","PROTECAO DE CANTO DE PAREDE (ARESTA VIVA) COM CANTONEIRA 2X2X1/4\".FORNECIMENTO E COLOCACAO","M",76.5,null,"14.002.0246-A","PROTECAO DE CANTO DE PAREDE (ARESTA VIVA) COM CANTONEIRA 2X2X1/4\".FORNECIMENTO E COLOCACAO","M",74.61]
["14.002.0248-0","PROTECAO DE CANTO DE PAREDE (ARESTA VIVA) COM CANTONEIRA 3/4\"X3/4\"X1/8\".FORNECIMENTO E COLOCACAO","M",37.06,null,"14.002.0248-A","PROTECAO DE CANTO DE PAREDE (ARESTA VIVA) COM CANTONEIRA 3/4\"X3/4\"X1/8\".FORNECIMENTO E COLOCACAO","M",35.17]
["14.002.0283-0","PRATELEIRA EM CHAPA DE ACO PRETA,LISA,N°24,50CM DE LARGURA,PINTURA ELETROSTATICA PRETA,TRATAMENTO ANTIFERRUGEM.FORNECIMENTO E COLOCACAO","M",61.33,null,"14.002.0283-A","PRATELEIRA EM CHAPA DE ACO PRETA,LISA,N°24,50CM DE LARGURA,PINTURA ELETROSTATICA PRETA,TRATAMENTO ANTIFERRUGEM.FORNECIMENTO E COLOCACAO","M",59.5]
["14.002.0375-0","ESTRUTURA DE SUSTENTACAO PARA GAIOLAS,EM MODULO DE 1,80M COM2 BARRAS QUADRADAS DE 1\" EM PARARELO,COM 2 MONTANTES EM TUBO DE FERRO GALVANIZADO DE 3\",SENDO 3,00M LIVRES E 0,50M ENTERRADO.FORNECIMENTO E COLOCACAO","UN",1340.39,null,"14.002.0375-A","ESTRUTURA DE SUSTENTACAO PARA GAIOLAS,EM MODULO DE 1,80M COM2 BARRAS QUADRADAS DE 1\" EM PARARELO,COM 2 MONTANTES EM TUBO DE FERRO GALVANIZADO DE 3\",SENDO 3,00M LIVRES E 0,50M ENTERRADO.FORNECIMENTO E COLOCACAO","UN",1334.92]
["14.002.0380-0","PINHA DE FERRO FUNDIDO COM 35CM DE ALTURA,FIXADA EM MONTANTEDE FERRO,EXCLUSIVE ESTE.FORNECIMENTO E COLOCACAO","UN",93.22,null,"14.002.0380-A","PINHA DE FERRO FUNDIDO COM 35CM DE ALTURA,FIXADA EM MONTANTEDE FERRO,EXCLUSIVE ESTE.FORNECIMENTO E COLOCACAO","UN",92.79]
["14.002.0400-0","PORTA BALCAO DE ABRIR EM ACO LAMINADO A FRIO COM ADICAO DE COBRE,EM 4 FOLHAS,SENDO 2 FOLHAS EXTERNAS EM VENEZIANA E AS 2FOLHAS INTERNAS COM DIVISOES HORIZONTAIS,PINTADA COM TINTAPRIMER,COM LARGURA E ALTURA APROXIMADAS DE (1,20X2,15)M,INCLUSIVE FECHADURA DE CILINDRO,DOBRADICAS,TRINCOS E PUXADORES,EXCLUSIVE VIDRO.FORNECIMENTO E COLOCACAO","UN",2375.19,null,"14.002.0400-A","PORTA BALCAO DE ABRIR EM ACO LAMINADO A FRIO COM ADICAO DE COBRE,EM 4 FOLHAS,SENDO 2 FOLHAS EXTERNAS EM VENEZIANA E AS 2FOLHAS INTERNAS COM DIVISOES HORIZONTAIS,PINTADA COM TINTAPRIMER,COM LARGURA E ALTURA APROXIMADAS DE (1,20X2,15)M,INCLUSIVE FECHADURA DE CILINDRO,DOBRADICAS,TRINCOS E PUXADORES,EXCLUSIVE VIDRO.FORNECIMENTO E COLOCACAO","UN",2367.89]
["14.002.0411-0","PORTA DE CORRER EM ACO LAMINADO A FRIO COM ADICAO DE COBRE,EM DUAS FOLHAS,QUADRICULADA,PINTADA COM TINTA PRIMER,COM LARGURA E ALTURA APROXIMADAS DE (1,60X2,15)M, INCLUSIVE FECHADURA DE CILINDRO E DOBRADICAS.FORNECIMENTO E COLOCACAO","UN",1757.2,null,"14.002.0411-A","PORTA DE CORRER EM ACO LAMINADO A FRIO COM ADICAO DE COBRE,EM DUAS FOLHAS,QUADRICULADA,PINTADA COM TINTA PRIMER,COM LARGURA E ALTURA APROXIMADAS DE (1,60X2,15)M, INCLUSIVE FECHADURA DE CILINDRO E DOBRADICAS.FORNECIMENTO E COLOCACAO","UN",1749.9]
["14.002.0432-0","JANELA BASCULANTE EM ACO LAMINADO A FRIO COM ADICAO DE COBRE,DE 1 SECAO COM 2 BASCULAS,MEDINDO (0,60X0,60)M,PRE-PINTADA,COMPLETA,COM 2 QUADROS FIXOS,SENDO 1 SUPERIOR E 1 INFERIOR,EXCLUSIVE VIDRO.FORNECIMENTO E COLOCACAO","UN",295.38,null,"14.002.0432-A","JANELA BASCULANTE EM ACO LAMINADO A FRIO COM ADICAO DE COBRE,DE 1 SECAO COM 2 BASCULAS,MEDINDO (0,60X0,60)M,PRE-PINTADA,COMPLETA,COM 2 QUADROS FIXOS,SENDO 1 SUPERIOR E 1 INFERIOR,EXCLUSIVE VIDRO.FORNECIMENTO E COLOCACAO","UN",293.47000000000003]
["14.002.0465-0","JANELA DE CORRER EM ACO LAMINADO A FRIO COM ADICAO DE COBRE,MEDINDO APROXIMADAMENTE (1,20X1,50)M,PRE-PINTADA,COMPLETA,SEM DIVISOES,COM 4 FOLHAS,SENDO 2 FOLHAS LATERAIS FIXAS,2 FOLHAS CENTRAIS DE CORRER PARA RECEBEREM VIDROS,EXCLUSIVE VIDRO.FORNECIMENTO E COLOCACAO","UN",837.14,null,"14.002.0465-A","JANELA DE CORRER EM ACO LAMINADO A FRIO COM ADICAO DE COBRE,MEDINDO APROXIMADAMENTE (1,20X1,50)M,PRE-PINTADA,COMPLETA,SEM DIVISOES,COM 4 FOLHAS,SENDO 2 FOLHAS LATERAIS FIXAS,2 FOLHAS CENTRAIS DE CORRER PARA RECEBEREM VIDROS,EXCLUSIVE VIDRO.FORNECIMENTO E COLOCACAO","UN",830.76]
["14.002.0467-0","JANELA DE CORRER EM ACO LAMINADO A FRIO COM ADICAO DE COBRE,MEDINDO APROXIMADAMENTE (1,20X2,00)M,PRE-PINTADA,COMPLETA,SEM DIVISOES,COM 4 FOLHAS,SENDO 2 FOLHAS LATERAIS FIXAS,2 FOLHAS CENTRAIS DE CORRER PARA RECEBEREM VIDROS,EXCLUSIVE VIDRO.FORNECIMENTO E COLOCACAO","UN",912.6,null,"14.002.0467-A","JANELA DE CORRER EM ACO LAMINADO A FRIO COM ADICAO DE COBRE,MEDINDO APROXIMADAMENTE (1,20X2,00)M,PRE-PINTADA,COMPLETA,SEM DIVISOES,COM 4 FOLHAS,SENDO 2 FOLHAS LATERAIS FIXAS,2 FOLHAS CENTRAIS DE CORRER PARA RECEBEREM VIDROS,EXCLUSIVE VIDRO.FORNECIMENTO E COLOCACAO","UN",905.3]
["14.002.0490-0","JANELA EM ACO LAMINADO A FRIO COM ADICAO DE COBRE,MAXIM-AR,MEDINDO (0,60X0,80)M,COM MASSA EXTERNA QUADRICULADA,COM GRADEINTERNA,COM 1 FOLHA,EXCLUSIVE VIDRO.FORNECIMENTO E COLOCACAO","UN",329.41,null,"14.002.0490-A","JANELA EM ACO LAMINADO A FRIO COM ADICAO DE COBRE,MAXIM-AR,MEDINDO (0,60X0,80)M,COM MASSA EXTERNA QUADRICULADA,COM GRADEINTERNA,COM 1 FOLHA,EXCLUSIVE VIDRO.FORNECIMENTO E COLOCACAO","UN",325.98]
["14.002.0498-0","JANELA VENEZIANA EM ACO LAMINADO A FRIO COM ADICAO DE COBRE,COM 6 FOLHAS,MEDINDO (1,20X2,00)M,COM POSTIGO PARA VIDRO INTERNO,EXCLUSIVE VIDRO.FORNECIMENTO E COLOCACAO","UN",1299.18,null,"14.002.0498-A","JANELA VENEZIANA EM ACO LAMINADO A FRIO COM ADICAO DE COBRE,COM 6 FOLHAS,MEDINDO (1,20X2,00)M,COM POSTIGO PARA VIDRO INTERNO,EXCLUSIVE VIDRO.FORNECIMENTO E COLOCACAO","UN",1293.6300000000001]
["14.002.0521-0","PORTA ACUSTICA METALICA COM INDICE DE PROTECAO SONORA APROXIMADAMENTE COM 46DB,PARA ALTA FREQUENCIA,NAS DIMENSOES DE 800X2100MM,INCLUSIVE FECHADURA ESPECIAL COM CHAVE,MOLDURA EM CANTONEIRA DE ACO.FORNECIMENTO E COLOCACAO","UN",9643.73,null,"14.002.0521-A","PORTA ACUSTICA METALICA COM INDICE DE PROTECAO SONORA APROXIMADAMENTE COM 46DB,PARA ALTA FREQUENCIA,NAS DIMENSOES DE 800X2100MM,INCLUSIVE FECHADURA ESPECIAL COM CHAVE,MOLDURA EM CANTONEIRA DE ACO.FORNECIMENTO E COLOCACAO","UN",9632.7900000000009]
["14.002.0526-0","PORTA ACUSTICA METALICA COM INDICE DE PROTECAO SONORA APROXIMADAMENTE COM 46DB,PARA ALTA FREQUENCIA,NAS DIMENSOES DE 1800X2100MM,INCLUSIVE FECHADURA ESPECIAL COM CHAVE,MOLDURA EM CANTONEIRA DE ACO.FORNECIMENTO E COLOCACAO","UN",18321.11,null,"14.002.0526-A","PORTA ACUSTICA METALICA COM INDICE DE PROTECAO SONORA APROXIMADAMENTE COM 46DB,PARA ALTA FREQUENCIA,NAS DIMENSOES DE 1800X2100MM,INCLUSIVE FECHADURA ESPECIAL COM CHAVE,MOLDURA EM CANTONEIRA DE ACO.FORNECIMENTO E COLOCACAO","UN",18310.169999999998]
["14.002.0535-0","PORTA ACUSTICA METALICA COM INDICE DE PROTECAO SONORA APROXIMADAMENTE COM 56DB,PARA ALTA FREQUENCIA,NAS DIMENSOES DE 700X2100MM,INCLUSIVE FECHADURA ESPECIAL COM CHAVE,MOLDURA EM CANTONEIRA DE ACO.FORNECIMENTO E COLOCACAO","UN",8953.11,null,"14.002.0535-A","PORTA ACUSTICA METALICA COM INDICE DE PROTECAO SONORA APROXIMADAMENTE COM 56DB,PARA ALTA FREQUENCIA,NAS DIMENSOES DE 700X2100MM,INCLUSIVE FECHADURA ESPECIAL COM CHAVE,MOLDURA EM CANTONEIRA DE ACO.FORNECIMENTO E COLOCACAO","UN",8942.17]
["14.002.0540-0","PORTA ACUSTICA METALICA COM INDICE DE PROTECAO SONORA APROXIMADAMENTE COM 56DB,PARA ALTA FREQUENCIA,NAS DIMENSOES DE 1600X2100MM,INCLUSIVE FECHADURA ESPECIAL COM CHAVE,MOLDURA EM CANTONEIRA DE ACO.FORNECIMENTO E COLOCACAO","UN",21190.16,null,"14.002.0540-A","PORTA ACUSTICA METALICA COM INDICE DE PROTECAO SONORA APROXIMADAMENTE COM 56DB,PARA ALTA FREQUENCIA,NAS DIMENSOES DE 1600X2100MM,INCLUSIVE FECHADURA ESPECIAL COM CHAVE,MOLDURA EM CANTONEIRA DE ACO.FORNECIMENTO E COLOCACAO","UN",21179.22]
["14.002.0542-0","PORTA ACUSTICA METALICA COM INDICE DE PROTECAO SONORA APROXIMADAMENTE COM 56DB,PARA ALTA FREQUENCIA,NAS DIMENSOES DE 2000X2100MM,INCLUSIVE FECHADURA ESPECIAL COM CHAVE,MOLDURA EM CANTONEIRA DE ACO.FORNECIMENTO E COLOCACAO","UN",21430.92,null,"14.002.0542-A","PORTA ACUSTICA METALICA COM INDICE DE PROTECAO SONORA APROXIMADAMENTE COM 56DB,PARA ALTA FREQUENCIA,NAS DIMENSOES DE 2000X2100MM,INCLUSIVE FECHADURA ESPECIAL COM CHAVE,MOLDURA EM CANTONEIRA DE ACO.FORNECIMENTO E COLOCACAO","UN",21419.98]
["14.003.0025-0","JANELA DE ALUMINIO ANODIZADO AO NATURAL DE CORRER,COM DUAS FOLHAS DE CORRER,EM PERFIS SERIE 28.FORNECIMENTO E COLOCACAO","M2",539.73,null,"14.003.0025-A","JANELA DE ALUMINIO ANODIZADO AO NATURAL DE CORRER,COM DUAS FOLHAS DE CORRER,EM PERFIS SERIE 28.FORNECIMENTO E COLOCACAO","M2",525.14]
["14.003.0051-0","JANELA DE ALUMINIO ANODIZADO EM BRONZE OU PRETO,TIPO PROJETANTE, COM PAINEL PROJETANTE, PROVIDA DE HASTE DE COMANDO, EMPERFIS SERIE 28.FORNECIMENTO E COLOCACAO","M2",840.15,null,"14.003.0051-A","JANELA DE ALUMINIO ANODIZADO EM BRONZE OU PRETO,TIPO PROJETANTE, COM PAINEL PROJETANTE, PROVIDA DE HASTE DE COMANDO, EMPERFIS SERIE 28.FORNECIMENTO E COLOCACAO","M2",823.38]
["14.003.0071-0","JANELA BASCULANTE DE ALUMINIO ANODIZADO EM BRONZE OU PRETO,COM 1 ORDEM E BASCULA INFERIOR FIXA, EM PERFIS SERIE 28. FORNECIMENTO E COLOCACAO","M2",578.91999999999996,null,"14.003.0071-A","JANELA BASCULANTE DE ALUMINIO ANODIZADO EM BRONZE OU PRETO,COM 1 ORDEM E BASCULA INFERIOR FIXA, EM PERFIS SERIE 28. FORNECIMENTO E COLOCACAO","M2",566.34]
["14.003.0145-0","JANELA DE ALUMINIO ANODIZADO AO NATURAL FOSCO,TIPO MAXIM-AR,EM PERFIS SERIE 28,COM 50 CM DE ALTURA,EM 4 MODULOS,CONFORMEPROJETO Nº6008/EMOP.FORNECIMENTO E COLOCACAO","M2",944.01,null,"14.003.0145-A","JANELA DE ALUMINIO ANODIZADO AO NATURAL FOSCO,TIPO MAXIM-AR,EM PERFIS SERIE 28,COM 50 CM DE ALTURA,EM 4 MODULOS,CONFORMEPROJETO Nº6008/EMOP.FORNECIMENTO E COLOCACAO","M2",929.43]
["14.003.0146-0","JANELA DE ALUMINIO ANODIZADO EM BRONZE OU PRETO,TIPO MAXIM-AR,PERFIS SERIE 28,COM 50CM DE ALTURA,EM 4 MODULOS, CONFORMEPROJETO N°6008/EMOP.FORNECIMENTO E COLOCACAO","M2",1085.6099999999999,null,"14.003.0146-A","JANELA DE ALUMINIO ANODIZADO EM BRONZE OU PRETO,TIPO MAXIM-AR,PERFIS SERIE 28,COM 50CM DE ALTURA,EM 4 MODULOS, CONFORMEPROJETO N°6008/EMOP.FORNECIMENTO E COLOCACAO","M2",1068.8399999999999]
["14.003.0156-0","JANELA DE ALUMINIO ANODIZADO FOSCO,TIPO GUILHOTINA EM VENEZIANA,INCLUSIVE BORBOLETAS,EM PERFIS SERIE 25.FORNECIMENTO ECOLOCACAO","M2",922.44,null,"14.003.0156-A","JANELA DE ALUMINIO ANODIZADO FOSCO,TIPO GUILHOTINA EM VENEZIANA,INCLUSIVE BORBOLETAS,EM PERFIS SERIE 25.FORNECIMENTO ECOLOCACAO","M2",907.86]
["14.003.0163-0","CAIXILHO FIXO DE ALUMINIO ANODIZADO AO NATURAL,SERIE 28,PARAVIDRO.FORNECIMENTO E COLOCACAO","M2",433,null,"14.003.0163-A","CAIXILHO FIXO DE ALUMINIO ANODIZADO AO NATURAL,SERIE 28,PARAVIDRO.FORNECIMENTO E COLOCACAO","M2",422.07]
["14.003.0205-0","PORTA DE ALUMINIO ANODIZADO AO NATURAL,EM 2 FOLHAS DE ABRIR,TENDO 1 CONTRAPINAZIO DIVIDINDO A ESQUADRIA EM 2 VAZIOS PARAVIDRO,EM PERFIS SERIE 25,EXCLUSIVE FECHADURA.FORNECIMENTO ECOLOCACAO","M2",1267.1099999999999,null,"14.003.0205-A","PORTA DE ALUMINIO ANODIZADO AO NATURAL,EM 2 FOLHAS DE ABRIR,TENDO 1 CONTRAPINAZIO DIVIDINDO A ESQUADRIA EM 2 VAZIOS PARAVIDRO,EM PERFIS SERIE 25,EXCLUSIVE FECHADURA.FORNECIMENTO ECOLOCACAO","M2",1256.17]
["14.003.0206-0","PORTA DE ALUMINIO ANODIZADO EM BRONZE OU PRETO, EM 2 FOLHASDE ABRIR, TENDO 1 CONTRAPINAZIO  DIVIDINDO A ESQUADRIA EM 2VAZIOS PARA VIDRO,PERFIS SERIE 25,EXCLUSIVE FECHADURA. FORNECIMENTO E COLOCACAO","M2",1457.18,null,"14.003.0206-A","PORTA DE ALUMINIO ANODIZADO EM BRONZE OU PRETO, EM 2 FOLHASDE ABRIR, TENDO 1 CONTRAPINAZIO  DIVIDINDO A ESQUADRIA EM 2VAZIOS PARA VIDRO,PERFIS SERIE 25,EXCLUSIVE FECHADURA. FORNECIMENTO E COLOCACAO","M2",1444.6]
["14.003.0231-0","PORTA ALUMINIO ANODIZADO EM BRONZE OU PRETO,PERFIL SERIE 25,EM LAMBRI HORIZONTAL, EXCLUSIVE FECHADURA. FORNECIMENTO  ECOLOCACAO","M2",1567.51,null,"14.003.0231-A","PORTA ALUMINIO ANODIZADO EM BRONZE OU PRETO,PERFIL SERIE 25,EM LAMBRI HORIZONTAL, EXCLUSIVE FECHADURA. FORNECIMENTO  ECOLOCACAO","M2",1554.93]
["14.003.0243-0","SUPORTE EM ALUMINIO PARA AR CONDICIONADO DE 1 A 2HP,EM CANTONEIRA DE ALUMINIO DE 1/8\"X1.1/4\".FORNECIMENTO E COLOCACAO","UN",892.48,null,"14.003.0243-A","SUPORTE EM ALUMINIO PARA AR CONDICIONADO DE 1 A 2HP,EM CANTONEIRA DE ALUMINIO DE 1/8\"X1.1/4\".FORNECIMENTO E COLOCACAO","UN",851.28]
["14.003.0300-0","GRADE TUBULAR EM ALUMINIO ANODIZADO PRETO,COM TUBOS DE 2\" NAPOSICAO VERTICAL,COM ESPACAMENTO ENTRE  ESTES TUBOS DE APROXIMADAMENTE 10CM E TUBOS DE 3\" NA POSICAO HORIZONTAL PARA FIXACAO DOS TUBOS VERTICAIS.MONTANTES DE SUSTENTACAO VERTICALE TRAVESSAO HORIZONTAL SOBRE  TODA EXTENSAO DA GRADE EM TUBOS DE 4\",EXCLUSIVE FECHADURA.FORNECIMENTO E COLOCACAO","M2",1050.8499999999999,null,"14.003.0300-A","GRADE TUBULAR EM ALUMINIO ANODIZADO PRETO,COM TUBOS DE 2\" NAPOSICAO VERTICAL,COM ESPACAMENTO ENTRE  ESTES TUBOS DE APROXIMADAMENTE 10CM E TUBOS DE 3\" NA POSICAO HORIZONTAL PARA FIXACAO DOS TUBOS VERTICAIS.MONTANTES DE SUSTENTACAO VERTICALE TRAVESSAO HORIZONTAL SOBRE  TODA EXTENSAO DA GRADE EM TUBOS DE 4\",EXCLUSIVE FECHADURA.FORNECIMENTO E COLOCACAO","M2",997.18]
["14.003.0400-0","TELA TIPO MOSQUITEIRO,EM POLIETILENO,COM MOLDURA EM PERFIL DE ALUMINIO ANODIZADO.FORNECIMENTO E COLOCACAO","M2",122.56,null,"14.003.0400-A","TELA TIPO MOSQUITEIRO,EM POLIETILENO,COM MOLDURA EM PERFIL DE ALUMINIO ANODIZADO.FORNECIMENTO E COLOCACAO","M2",119.64]
["14.004.0040-0","VIDRO,FANTASIA,DE 4MM DE ESPESSURA,DO TIPO MARTELADO,ARTICO,OU LIXA.FORNECIMENTO E COLOCACAO","M2",306.77999999999997,null,"14.004.0040-A","VIDRO,FANTASIA,DE 4MM DE ESPESSURA,DO TIPO MARTELADO,ARTICO,OU LIXA.FORNECIMENTO E COLOCACAO","M2",305.2]
["14.004.0050-0","VIDRO LISO,TRANSPARENTE,TIPO FUME,6MM DE ESPESSURA.FORNECIMENTO E COLOCACAO","M2",348.61,null,"14.004.0050-A","VIDRO LISO,TRANSPARENTE,TIPO FUME,6MM DE ESPESSURA.FORNECIMENTO E COLOCACAO","M2",346.51]
["14.004.0073-0","VIDRO LAMINADO,COM ESPESSURA DE 10MM.FORNECIMENTO E COLOCACAO","M2",646.83000000000004,null,"14.004.0073-A","VIDRO LAMINADO,COM ESPESSURA DE 10MM.FORNECIMENTO E COLOCACAO","M2",644.03]
["14.004.0150-0","VIDRO PLUMBIFERO C/ESPESSURA MAXIMA DE 8MM PARA USO EM SALASRADIOLOGICAS A PROVA DE RAIO-X,NAS DIMENSOES DE(0,20X0,30)M.FORNECIMENTO E COLOCACAO.","UN",1096.3499999999999,null,"14.004.0150-A","VIDRO PLUMBIFERO C/ESPESSURA MAXIMA DE 8MM PARA USO EM SALASRADIOLOGICAS A PROVA DE RAIO-X,NAS DIMENSOES DE(0,20X0,30)M.FORNECIMENTO E COLOCACAO.","UN",1092.8499999999999]
["14.005.0010-0","PLACA DE POLICARBONATO EM CRISTAL COMPACTO,COM ESPESSURA DE4MM.FORNECIMENTO E COLOCACAO","M2",216.76,null,"14.005.0010-A","PLACA DE POLICARBONATO EM CRISTAL COMPACTO,COM ESPESSURA DE4MM.FORNECIMENTO E COLOCACAO","M2",215.67]
["14.006.0010-0","PORTA DE MADEIRA,EM COMPENSADO,COM NUCLEO DO TIPO COLMEIA,COM MEDIDAS APROXIMADAS DE (80X210X3,5)CM,FOLHEADA NAS 2 FACES,MARCO DE (13X3)CM E ALIZARES DE (5X2)CM,CONFORME ABNT NBR 15930,EXCLUSIVE FERRAGENS.FORNECIMENTO E COLOCACAO","UN",1338.59,null,"14.006.0010-A","PORTA DE MADEIRA,EM COMPENSADO,COM NUCLEO DO TIPO COLMEIA,COM MEDIDAS APROXIMADAS DE (80X210X3,5)CM,FOLHEADA NAS 2 FACES,MARCO DE (13X3)CM E ALIZARES DE (5X2)CM,CONFORME ABNT NBR 15930,EXCLUSIVE FERRAGENS.FORNECIMENTO E COLOCACAO","UN",1295.95]
["14.006.0019-0","PORTA DE MADEIRA,EM COMPENSADO,COM NUCLEO DO TIPO COLMEIA,COM MEDIDAS APROXIMADAS DE (70X210X3,5)CM,FOLHEADA NAS 2 FACES,CONFORME ABNT NBR 15930,EXCLUSIVE FERRAGENS,MARCO E ALIZARES.FORNECIMENTO E COLOCACAO","UN",885.56,null,"14.006.0019-A","PORTA DE MADEIRA,EM COMPENSADO,COM NUCLEO DO TIPO COLMEIA,COM MEDIDAS APROXIMADAS DE (70X210X3,5)CM,FOLHEADA NAS 2 FACES,CONFORME ABNT NBR 15930,EXCLUSIVE FERRAGENS,MARCO E ALIZARES.FORNECIMENTO E COLOCACAO","UN",854.56]
["14.006.0021-0","PORTA DE MADEIRA,EM COMPENSADO,COM NUCLEO DO TIPO COLMEIA,COM MEDIDAS APROXIMADAS DE (80X210X3,5)CM,FOLHEADA NAS 2 FACES,CONFORME ABNT NBR 15930,EXCLUSIVE FERRAGENS,MARCO E ALIZARES.FORNECIMENTO E COLOCACAO","UN",930.89,null,"14.006.0021-A","PORTA DE MADEIRA,EM COMPENSADO,COM NUCLEO DO TIPO COLMEIA,COM MEDIDAS APROXIMADAS DE (80X210X3,5)CM,FOLHEADA NAS 2 FACES,CONFORME ABNT NBR 15930,EXCLUSIVE FERRAGENS,MARCO E ALIZARES.FORNECIMENTO E COLOCACAO","UN",897.55]
["14.006.0039-0","PORTA DE MADEIRA,ALMOFADADA,COM MEDIDAS APROXIMADAS DE (80X210X3,5)CM,CONFORME ABNT NBR 15930,EXCLUSIVE FERRAGENS,MARCOE ALIZARES.FORNECIMENTO E COLOCACAO","UN",730.73,null,"14.006.0039-A","PORTA DE MADEIRA,ALMOFADADA,COM MEDIDAS APROXIMADAS DE (80X210X3,5)CM,CONFORME ABNT NBR 15930,EXCLUSIVE FERRAGENS,MARCOE ALIZARES.FORNECIMENTO E COLOCACAO","UN",716.14]
["14.006.0048-0","PORTA DE MADEIRA,MACICA,ALMOFADADA,COM MEDIDAS APROXIMADAS DE (60X210X3,5)CM,MARCO DE (7X3)CM,CONFORME ABNT NBR 15930,EXCLUSIVE FERRAGENS.FORNECIMENTO E COLOCACAO","UN",1028.94,null,"14.006.0048-A","PORTA DE MADEIRA,MACICA,ALMOFADADA,COM MEDIDAS APROXIMADAS DE (60X210X3,5)CM,MARCO DE (7X3)CM,CONFORME ABNT NBR 15930,EXCLUSIVE FERRAGENS.FORNECIMENTO E COLOCACAO","UN",1008.17]
["14.006.0062-0","PORTA DE MADEIRA,COM PAINEL DE VENEZIANA,COM MEDIDAS APROXIMADAS DE (70X210X3,5)CM,CONFORME ABNT NBR 15930,EXCLUSIVE FERRAGENS,MARCO E ALIZARES.FORNECIMENTO E COLOCACAO","UN",702.54,null,"14.006.0062-A","PORTA DE MADEIRA,COM PAINEL DE VENEZIANA,COM MEDIDAS APROXIMADAS DE (70X210X3,5)CM,CONFORME ABNT NBR 15930,EXCLUSIVE FERRAGENS,MARCO E ALIZARES.FORNECIMENTO E COLOCACAO","UN",687.95]
["14.006.0064-0","PORTA DE MADEIRA,COM PAINEL DE VENEZIANA,COM MEDIDAS APROXIMADAS DE (60X210X3,5)CM,CONFORME ABNT NBR 15930,EXCLUSIVE FERRAGENS,MARCO E ALIZARES.FORNECIMENTO E COLOCACAO","UN",697.39,null,"14.006.0064-A","PORTA DE MADEIRA,COM PAINEL DE VENEZIANA,COM MEDIDAS APROXIMADAS DE (60X210X3,5)CM,CONFORME ABNT NBR 15930,EXCLUSIVE FERRAGENS,MARCO E ALIZARES.FORNECIMENTO E COLOCACAO","UN",682.8]
["14.006.0087-0","PORTA EM CHAPA DE FIBRA DE MADEIRA PRENSADA (MDP,MDF OU HDF),PADRAO LEVE,NUCLEO DO TIPO COLMEIA,PARA PINTURA, COM MEDIDAS APROXIMADAS DE (60X210X3,5)CM,CONFORME ABNT NBR 15930,EXCLUSIVE FERRAGENS,MARCO E ALIZARES.FORNECIMENTO E COLOCACAO","UN",329.17,null,"14.006.0087-A","PORTA EM CHAPA DE FIBRA DE MADEIRA PRENSADA (MDP,MDF OU HDF),PADRAO LEVE,NUCLEO DO TIPO COLMEIA,PARA PINTURA, COM MEDIDAS APROXIMADAS DE (60X210X3,5)CM,CONFORME ABNT NBR 15930,EXCLUSIVE FERRAGENS,MARCO E ALIZARES.FORNECIMENTO E COLOCACAO","UN",314.58]
["14.006.0092-0","PORTA DE MADEIRA,MACICA,DE FRISOS (MEXICANA),COM MEDIDAS APROXIMADAS DE (70X210X3,5)CM,MARCO DE (13X3)CM E ALIZARES DE (5X2)CM,CONFORME ABNT NBR 15930,EXCLUSIVE FERRAGENS.FORNECIMENTO E COLOCACAO","UN",1586.53,null,"14.006.0092-A","PORTA DE MADEIRA,MACICA,DE FRISOS (MEXICANA),COM MEDIDAS APROXIMADAS DE (70X210X3,5)CM,MARCO DE (13X3)CM E ALIZARES DE (5X2)CM,CONFORME ABNT NBR 15930,EXCLUSIVE FERRAGENS.FORNECIMENTO E COLOCACAO","UN",1562.83]
["14.006.0095-0","PORTA DE MADEIRA,MACICA,DE FRISOS (MEXICANA),COM MEDIDAS APROXIMADAS DE (60X210X3,5)CM,MARCO DE (13X3)CM,CONTRAMARCO DE(11X2)CM E ALIZAR DE (5X2)CM EM UMA FACE,CONFORME PROJETO TIPO N°6063/EMOP,E CONFORME ABNT NBR 15930,EXCLUSIVE FERRAGENS.FORNECIMENTO E COLOCACAO","UN",1904.92,null,"14.006.0095-A","PORTA DE MADEIRA,MACICA,DE FRISOS (MEXICANA),COM MEDIDAS APROXIMADAS DE (60X210X3,5)CM,MARCO DE (13X3)CM,CONTRAMARCO DE(11X2)CM E ALIZAR DE (5X2)CM EM UMA FACE,CONFORME PROJETO TIPO N°6063/EMOP,E CONFORME ABNT NBR 15930,EXCLUSIVE FERRAGENS.FORNECIMENTO E COLOCACAO","UN",1881.18]
["14.006.0103-0","PORTA DE MADEIRA,MACICA,DE FRISOS (MEXICANA),COM MEDIDAS APROXIMADAS DE (80X160X3,5)CM,CONFORME PROJETO TIPO Nº6063/EMOP,E CONFORME ABNT NBR 15930,EXCLUSIVE FERRAGENS,MARCO,CONTRAMARCO E ALIZAR.FORNECIMENTO E COLOCACAO","UN",1186.53,null,"14.006.0103-A","PORTA DE MADEIRA,MACICA,DE FRISOS (MEXICANA),COM MEDIDAS APROXIMADAS DE (80X160X3,5)CM,CONFORME PROJETO TIPO Nº6063/EMOP,E CONFORME ABNT NBR 15930,EXCLUSIVE FERRAGENS,MARCO,CONTRAMARCO E ALIZAR.FORNECIMENTO E COLOCACAO","UN",1171.94]
["14.006.0120-0","PORTA DE MADEIRA,COM PAINEL DE VENEZIANA,COM MEDIDAS APROXIMADAS DE (120X210X3,5)CM,EM 2 FOLHAS,MARCO DE (7X3)CM E ALIZARES (5X2)CM,CONFORME ABNT NBR 15930,EXCLUSIVE FERRAGENS.FORNECIMENTO E COLOCACAO","UN",1871.12,null,"14.006.0120-A","PORTA DE MADEIRA,COM PAINEL DE VENEZIANA,COM MEDIDAS APROXIMADAS DE (120X210X3,5)CM,EM 2 FOLHAS,MARCO DE (7X3)CM E ALIZARES (5X2)CM,CONFORME ABNT NBR 15930,EXCLUSIVE FERRAGENS.FORNECIMENTO E COLOCACAO","UN",1831.92]
["14.006.0144-0","PORTA DE MADEIRA,EM COMPENSADO,COM NUCLEO DO TIPO COLMEIA,COM MEDIDAS APROXIMADAS DE (100X210X3,5)CM, MARCO DE (13X3)CME ALIZARES (5X2)CM,CONFORME ABNT NBR 15930,EXCLUSIVE FERRAGENS.FORNECIMENTO E COLOCACAO","UN",820.59,null,"14.006.0144-A","PORTA DE MADEIRA,EM COMPENSADO,COM NUCLEO DO TIPO COLMEIA,COM MEDIDAS APROXIMADAS DE (100X210X3,5)CM, MARCO DE (13X3)CME ALIZARES (5X2)CM,CONFORME ABNT NBR 15930,EXCLUSIVE FERRAGENS.FORNECIMENTO E COLOCACAO","UN",796.35]
["14.006.0220-0","PORTA DE MADEIRA,EM COMPENSADO,DE CORRER,COM NUCLEO DO TIPOCOLMEIA,COM MEDIDAS APROXIMADAS DE (80X210X3,5)CM,PENDURADAEM ROLDANAS,CORRENDO DENTRO DO TRILHO OCO,GUIADA POR CANALETA EMBUTIDA NO PISO COM MARCO DE (7X3)CM,CONFORME ABNT NBR 15930,EXCLUSIVE FERRAGENS.FORNECIMENTO E COLOCACAO","UN",707.15,null,"14.006.0220-A","PORTA DE MADEIRA,EM COMPENSADO,DE CORRER,COM NUCLEO DO TIPOCOLMEIA,COM MEDIDAS APROXIMADAS DE (80X210X3,5)CM,PENDURADAEM ROLDANAS,CORRENDO DENTRO DO TRILHO OCO,GUIADA POR CANALETA EMBUTIDA NO PISO COM MARCO DE (7X3)CM,CONFORME ABNT NBR 15930,EXCLUSIVE FERRAGENS.FORNECIMENTO E COLOCACAO","UN",682.72]
["14.006.0225-0","PORTA DE MADEIRA,EM COMPENSADO,DE CORRER,COM NUCLEO DO TIPOCOLMEIA,COM MEDIDAS APROXIMADAS DE (160X210X3,5)CM,EM 2 FOLHAS,PENDURADA EM ROLDANAS,CORRENDO DENTRO DO TRILHO OCO,GUIADA POR CANALETA EMBUTIDA NO PISO COM MARCO DE (7X3)CM,CONFORME ABNT NBR 15930,EXCLUSIVE FERRAGENS E MARCO.FORNECIMENTO ECOLOCACAO","UN",696.88,null,"14.006.0225-A","PORTA DE MADEIRA,EM COMPENSADO,DE CORRER,COM NUCLEO DO TIPOCOLMEIA,COM MEDIDAS APROXIMADAS DE (160X210X3,5)CM,EM 2 FOLHAS,PENDURADA EM ROLDANAS,CORRENDO DENTRO DO TRILHO OCO,GUIADA POR CANALETA EMBUTIDA NO PISO COM MARCO DE (7X3)CM,CONFORME ABNT NBR 15930,EXCLUSIVE FERRAGENS E MARCO.FORNECIMENTO ECOLOCACAO","UN",667.71]
["14.006.0238-0","PORTA EM CHAPA DE FIBRA DE MADEIRA PRENSADA (MDP,MDF OU HDF),PADRAO MEDIO,NUCLEO SARRAFEADO,ACABAMENTO PARA PINTURA,COMMEDIDAS APROXIMADAS DE (60X210X3,5)CM,MARCO DE (7X3)CM,CONFORME ABNT NBR 15930,EXCLUSIVE FERRAGENS.FORNECIMENTO E COLOCACAO","UN",801.86,null,"14.006.0238-A","PORTA EM CHAPA DE FIBRA DE MADEIRA PRENSADA (MDP,MDF OU HDF),PADRAO MEDIO,NUCLEO SARRAFEADO,ACABAMENTO PARA PINTURA,COMMEDIDAS APROXIMADAS DE (60X210X3,5)CM,MARCO DE (7X3)CM,CONFORME ABNT NBR 15930,EXCLUSIVE FERRAGENS.FORNECIMENTO E COLOCACAO","UN",781.09]
["14.006.0250-0","PORTINHOLA DE MADEIRA EM COMPENSADO DE 20MM,PARA FECHAMENTODE QUADROS DE LUZ OU ARMARIOS,INCLUSIVE GUARNICAO,EXCLUSIVEFERRAGENS.FORNECIMENTO E COLOCACAO","M2",502.88,null,"14.006.0250-A","PORTINHOLA DE MADEIRA EM COMPENSADO DE 20MM,PARA FECHAMENTODE QUADROS DE LUZ OU ARMARIOS,INCLUSIVE GUARNICAO,EXCLUSIVEFERRAGENS.FORNECIMENTO E COLOCACAO","M2",488.3]
["14.006.0275-0","JANELA DE MADEIRA,GUILHOTINA DE (150X150X3)CM,EM 2 FOLHAS,MARCO DUPLO COM CAIXILHO PARA VIDRO,PRESOS EM BORBOLETAS,EXCLUSIVE FERRAGENS.FORNECIMENTO E COLOCACAO","UN",2644.21,null,"14.006.0275-A","JANELA DE MADEIRA,GUILHOTINA DE (150X150X3)CM,EM 2 FOLHAS,MARCO DUPLO COM CAIXILHO PARA VIDRO,PRESOS EM BORBOLETAS,EXCLUSIVE FERRAGENS.FORNECIMENTO E COLOCACAO","UN",2618.6799999999998]
["14.006.0295-0","JANELA DE MADEIRA,DE CORRER,DE (200X150X3,5)CM,EM 4 FOLHAS,SENDO 2 DE CORRER,PARA VIDRO,COM BANDEIRA EM CAIXILHO DE VIDRO,EXCLUSIVE FERRAGENS.FORNECIMENTO E COLOCACAO","UN",3513.09,null,"14.006.0295-A","JANELA DE MADEIRA,DE CORRER,DE (200X150X3,5)CM,EM 4 FOLHAS,SENDO 2 DE CORRER,PARA VIDRO,COM BANDEIRA EM CAIXILHO DE VIDRO,EXCLUSIVE FERRAGENS.FORNECIMENTO E COLOCACAO","UN",3483.92]
["14.006.0299-0","JANELA DE MADEIRA,DE CORRER,DE 2 FOLHAS,DE (110X140X3)CM,INCLUSIVE GUARNICAO,EXCLUSIVE FERRAGENS.FORNECIMENTO E COLOCACAO","UN",4474.03,null,"14.006.0299-A","JANELA DE MADEIRA,DE CORRER,DE 2 FOLHAS,DE (110X140X3)CM,INCLUSIVE GUARNICAO,EXCLUSIVE FERRAGENS.FORNECIMENTO E COLOCACAO","UN",4455.8]
["14.006.0355-0","GRADE DE RIPAS DE MADEIRA,CRUZADAS,MONTADAS E FIXADAS SOBREPECAS DE (5X5)CM,FORMANDO QUADROS DE (60X60)CM.FORNECIMENTOE COLOCACAO","M2",441.68,null,"14.006.0355-A","GRADE DE RIPAS DE MADEIRA,CRUZADAS,MONTADAS E FIXADAS SOBREPECAS DE (5X5)CM,FORMANDO QUADROS DE (60X60)CM.FORNECIMENTOE COLOCACAO","M2",430.74]
["14.006.0370-0","QUADRO MURAL EM COMPENSADO DE 10MM, INCLUSIVE MOLDURA DO MESMO MATERIAL.FORNECIMENTO E COLOCACAO","M2",588.23,null,"14.006.0370-A","QUADRO MURAL EM COMPENSADO DE 10MM, INCLUSIVE MOLDURA DO MESMO MATERIAL.FORNECIMENTO E COLOCACAO","M2",580.92999999999995]
["14.006.0375-0","PRATELEIRA DE MADEIRA EM COMPENSADO DE 20MM E 40CM DE LARGURA,SOBRE CANTONEIRAS DE FERRO.FORNECIMENTO E COLOCACAO","M",95.03,null,"14.006.0375-A","PRATELEIRA DE MADEIRA EM COMPENSADO DE 20MM E 40CM DE LARGURA,SOBRE CANTONEIRAS DE FERRO.FORNECIMENTO E COLOCACAO","M",91.39]
["14.006.0401-0","FRISO EM MADEIRA,MEDINDO (3X1,5)CM,BOLEADO.FORNECIMENTO E COLOCACAO","M",46.75,null,"14.006.0401-A","FRISO EM MADEIRA,MEDINDO (3X1,5)CM,BOLEADO.FORNECIMENTO E COLOCACAO","M",46.05]
["14.006.0415-0","MOLDURA DE MADEIRA,ENVERNIZADA,DE (10X2,5)CM,PARA QUADRO DEAULA,CONFORME PROJETO N°6015/EMOP.FORNECIMENTO E COLOCACAO","M",63.64,null,"14.006.0415-A","MOLDURA DE MADEIRA,ENVERNIZADA,DE (10X2,5)CM,PARA QUADRO DEAULA,CONFORME PROJETO N°6015/EMOP.FORNECIMENTO E COLOCACAO","M",61.66]
["14.006.0423-0","PORTA DE MADEIRA,MACICA,ALMOFADADA,ESPESSURA DE 3,5CM,CONFORME ABNT NBR 15930,EXCLUSIVE FERRAGENS,MARCO E ALIZAR.FORNECIMENTO E COLOCACAO","M2",338.67,null,"14.006.0423-A","PORTA DE MADEIRA,MACICA,ALMOFADADA,ESPESSURA DE 3,5CM,CONFORME ABNT NBR 15930,EXCLUSIVE FERRAGENS,MARCO E ALIZAR.FORNECIMENTO E COLOCACAO","M2",328.76]
["14.006.0428-0","CAIXILHO FIXO DE VENEZIANA EM MADEIRA,COM 3CM DE ESPESSURA,EXCLUSIVE GUARNICAO.FORNECIMENTO E COLOCACAO","M2",2078.31,null,"14.006.0428-A","CAIXILHO FIXO DE VENEZIANA EM MADEIRA,COM 3CM DE ESPESSURA,EXCLUSIVE GUARNICAO.FORNECIMENTO E COLOCACAO","M2",2074.66]
["14.006.0612-0","PECA DE MADEIRA,SERRADA,DE 3\"X4.1/2\".FORNECIMENTO","M",32.799999999999997,null,"14.006.0612-A","PECA DE MADEIRA,SERRADA,DE 3\"X4.1/2\".FORNECIMENTO","M",32.799999999999997]
["14.006.0636-0","COMPENSADO DE 25MM (CHAPA 2,20X1,60M).FORNECIMENTO","M2",89.83,null,"14.006.0636-A","COMPENSADO DE 25MM (CHAPA 2,20X1,60M).FORNECIMENTO","M2",89.83]
["14.006.0685-0","MADEIRA DE REFLORESTAMENTO,AUTOCLAVADA,EM TORA,ATE 6,00M DECOMPRIMENTO,DIAMETRO DE 15CM.FORNECIMENTO","M",54.45,null,"14.006.0685-A","MADEIRA DE REFLORESTAMENTO,AUTOCLAVADA,EM TORA,ATE 6,00M DECOMPRIMENTO,DIAMETRO DE 15CM.FORNECIMENTO","M",54.45]
["14.006.0688-0","MADEIRA DE REFLORESTAMENTO,AUTOCLAVADA,EM TORA,ATE 6,00M DECOMPRIMENTO,DIAMETRO DE 20CM.FORNECIMENTO","M",78.7,null,"14.006.0688-A","MADEIRA DE REFLORESTAMENTO,AUTOCLAVADA,EM TORA,ATE 6,00M DECOMPRIMENTO,DIAMETRO DE 20CM.FORNECIMENTO","M",78.7]
["14.007.0036-0","FERRAGENS P/PORTA DE MADEIRA,DE 1 FOLHA DE ABRIR,ENTRADA DESERVICO,CONSTANDO DE FORN.S/COLOC.(ESTA INCLUIDA NO FORN.COLOC.DAS ESQUADRIAS),DE:-FECHADURA DE EMBUTIR EM METAL C/ACABAMENTO CROMADO;-MACANETA TIPO BOLA EM METAL C/ACABAMENTO CROMADO;-ESPELHO EM METAL C/ACABAMENTO CROMADO;-3 DOBRADICAS 3\"X2.1/2\" DE FERRO GALVANIZADO,C/PINO E BOLAS DE LATAO","UN",144.66,null,"14.007.0036-A","FERRAGENS P/PORTA DE MADEIRA,DE 1 FOLHA DE ABRIR,ENTRADA DESERVICO,CONSTANDO DE FORN.S/COLOC.(ESTA INCLUIDA NO FORN.COLOC.DAS ESQUADRIAS),DE:-FECHADURA DE EMBUTIR EM METAL C/ACABAMENTO CROMADO;-MACANETA TIPO BOLA EM METAL C/ACABAMENTO CROMADO;-ESPELHO EM METAL C/ACABAMENTO CROMADO;-3 DOBRADICAS 3\"X2.1/2\" DE FERRO GALVANIZADO,C/PINO E BOLAS DE LATAO","UN",144.66]
["14.007.0041-0","FERRAGENS P/PORTAS DE MADEIRA,1 FOLHA DE ABRIR,INTERNAS,SOCIAIS OU SERVICO,CONSTANDO DE FORN.S/COLOC.(ESTA INCLUIDA NO FORN.COLOC.ESQUADRIAS),DE:-FECHADURA TIPO GORGE,TRINCO REVERSIVEL,EM METAL C/ACABAMENTO CROMADO;-ROSETA EM METAL C/ACABAMENTO CROMADO;-MACANETA TIPO ALAVANCA METAL C/ACABAMENTO CROMADO;-3 DOBRADICAS FERRO GALV.3\"X2.1/2\",C/PINO E BOLAS FERRO","UN",100.45,null,"14.007.0041-A","FERRAGENS P/PORTAS DE MADEIRA,1 FOLHA DE ABRIR,INTERNAS,SOCIAIS OU SERVICO,CONSTANDO DE FORN.S/COLOC.(ESTA INCLUIDA NO FORN.COLOC.ESQUADRIAS),DE:-FECHADURA TIPO GORGE,TRINCO REVERSIVEL,EM METAL C/ACABAMENTO CROMADO;-ROSETA EM METAL C/ACABAMENTO CROMADO;-MACANETA TIPO ALAVANCA METAL C/ACABAMENTO CROMADO;-3 DOBRADICAS FERRO GALV.3\"X2.1/2\",C/PINO E BOLAS FERRO","UN",100.45]
["14.007.0061-0","FERRAGENS P/PORTA MADEIRA,1 FOLHA ABRIR,P/BANHEIRO,CONSTANDODE FORN.S/COLOC.DE:-FECHADURA TIPO TRANQUETA,TRINCO REVERSIVEL,EM METAL C/ACABAMENTO CROMADO;-MACANETA TIPO ALAVANCA,EMMETAL C/ACABAMENTO CROMADO;-ROSETA,EM METAL C/ACABAMENTO CROMADO;-TRANQUETA C/TRINCO ACOPLADO,METAL C/ACABAMENTO CROMADO;-3 DOBRADICAS FERRO GALV.3\"X2.1/2\",C/PINO E BOLAS LATAO","UN",117.69,null,"14.007.0061-A","FERRAGENS P/PORTA MADEIRA,1 FOLHA ABRIR,P/BANHEIRO,CONSTANDODE FORN.S/COLOC.DE:-FECHADURA TIPO TRANQUETA,TRINCO REVERSIVEL,EM METAL C/ACABAMENTO CROMADO;-MACANETA TIPO ALAVANCA,EMMETAL C/ACABAMENTO CROMADO;-ROSETA,EM METAL C/ACABAMENTO CROMADO;-TRANQUETA C/TRINCO ACOPLADO,METAL C/ACABAMENTO CROMADO;-3 DOBRADICAS FERRO GALV.3\"X2.1/2\",C/PINO E BOLAS LATAO","UN",117.69]
["14.007.0070-0","FERRAGENS PARA PORTA DE MADEIRA,DE 1 FOLHA,DE ABRIR,PARA SANITARIOS OU CHUVEIROS COLETIVOS,CONSTANDO DE FORNECIMENTO SEMCOLOCACAO(ESTA INCLUIDA NO FORNECIMENTO E COLOCACAO DAS ESQUADRIAS),DE:-FECHO DE SOBREPOR,TIPO \"LIVRE-OCUPADO\",RETANGULAR,EM METAL COM ACABAMENTO CROMADO;-3 DOBRADICAS DE FERRO GALVANIZADO DE 3\"X2.1/2\",COM PINO E BOLAS DE FERRO","UN",86.57,null,"14.007.0070-A","FERRAGENS PARA PORTA DE MADEIRA,DE 1 FOLHA,DE ABRIR,PARA SANITARIOS OU CHUVEIROS COLETIVOS,CONSTANDO DE FORNECIMENTO SEMCOLOCACAO(ESTA INCLUIDA NO FORNECIMENTO E COLOCACAO DAS ESQUADRIAS),DE:-FECHO DE SOBREPOR,TIPO \"LIVRE-OCUPADO\",RETANGULAR,EM METAL COM ACABAMENTO CROMADO;-3 DOBRADICAS DE FERRO GALVANIZADO DE 3\"X2.1/2\",COM PINO E BOLAS DE FERRO","UN",86.57]
["14.007.0095-0","FERRAGENS P/PORTA MADEIRA,CORRER,2 FOLHAS,CONSTANDO FORN.S/COLOC.(ESTA INCLUIDA FORN.COLOC.ESQUADRIAS),DE:-FECHADURA EMBUTIR,BICO DE PAPAGAIO,C/CHAVE BIPARTIDA,METAL C/ACABAMENTO CROMADO;-4,00M DE TRILHO SUPERIOR \"U\",ALUMINIO;-4 ROLDANAS;-4PINOS GUIA,ALUMINIO OU LATAO,S/CANTONEIRA;-4,00M TRILHO INFERIOR \"U\",ALUMINIO;-2 CONCHAS,C/FURO P/CHAVE,LATAO CROMADO","UN",432.6,null,"14.007.0095-A","FERRAGENS P/PORTA MADEIRA,CORRER,2 FOLHAS,CONSTANDO FORN.S/COLOC.(ESTA INCLUIDA FORN.COLOC.ESQUADRIAS),DE:-FECHADURA EMBUTIR,BICO DE PAPAGAIO,C/CHAVE BIPARTIDA,METAL C/ACABAMENTO CROMADO;-4,00M DE TRILHO SUPERIOR \"U\",ALUMINIO;-4 ROLDANAS;-4PINOS GUIA,ALUMINIO OU LATAO,S/CANTONEIRA;-4,00M TRILHO INFERIOR \"U\",ALUMINIO;-2 CONCHAS,C/FURO P/CHAVE,LATAO CROMADO","UN",432.6]
["14.007.0115-0","FERRAGENS PARA PORTA DE MADEIRA DE ARMARIO,CONSTANDO DE FORNECIMENTO SEM COLOCACAO (ESTA INCLUIDA NO FORNECIMENTO E COLOCACAO DAS ESQUADRIAS),DE:-FECHADURA DE EMBUTIR PARA ARMARIO,COM CHAVES TIPO GORGE,EM METAL COM ACABAMENTO CROMADO;-3 DOBRADICAS,DE 2.1/2\"X1.3/8\",EM LATAO,ACABAMENTO CROMADO,COM PINO E BOLAS DE LATAO","UN",83.41,null,"14.007.0115-A","FERRAGENS PARA PORTA DE MADEIRA DE ARMARIO,CONSTANDO DE FORNECIMENTO SEM COLOCACAO (ESTA INCLUIDA NO FORNECIMENTO E COLOCACAO DAS ESQUADRIAS),DE:-FECHADURA DE EMBUTIR PARA ARMARIO,COM CHAVES TIPO GORGE,EM METAL COM ACABAMENTO CROMADO;-3 DOBRADICAS,DE 2.1/2\"X1.3/8\",EM LATAO,ACABAMENTO CROMADO,COM PINO E BOLAS DE LATAO","UN",83.41]
["14.007.0135-0","FERRAGENS PARA JANELA DE MADEIRA,BASCULANTE,CONSTANDO DE FORNECIMENTO SEM COLOCACAO,DE:-2 PARES DE GONZOS DE SOBREPOR,DELATAO,TIPO MACHO-FEMEA;-1 COMANDO PARA BASCULANTE COM PUNHODE LATAO NIQUELADO E HASTE DE FERRO PARA PINTAR","UN",27.17,null,"14.007.0135-A","FERRAGENS PARA JANELA DE MADEIRA,BASCULANTE,CONSTANDO DE FORNECIMENTO SEM COLOCACAO,DE:-2 PARES DE GONZOS DE SOBREPOR,DELATAO,TIPO MACHO-FEMEA;-1 COMANDO PARA BASCULANTE COM PUNHODE LATAO NIQUELADO E HASTE DE FERRO PARA PINTAR","UN",27.17]
["14.007.0150-0","FERRAGENS PARA JANELA DE MADEIRA,DE CORRER,DE 4 FOLHAS,CORRENDO 2, CONSTANDO DE FORNEC.S/COLOC.,DE:-4 RODIZIOS DE LATAOCOM ROLAMENTO(6MM), PARA TRILHOS;-6,00M DE TRILHO ALUMINIO,TAMANHO 3,00MX1/4\"X1/4\";-1 PUXADOR DE PUNHO,TUBULAR,EM LATAOCROMADO","UN",92.38,null,"14.007.0150-A","FERRAGENS PARA JANELA DE MADEIRA,DE CORRER,DE 4 FOLHAS,CORRENDO 2, CONSTANDO DE FORNEC.S/COLOC.,DE:-4 RODIZIOS DE LATAOCOM ROLAMENTO(6MM), PARA TRILHOS;-6,00M DE TRILHO ALUMINIO,TAMANHO 3,00MX1/4\"X1/4\";-1 PUXADOR DE PUNHO,TUBULAR,EM LATAOCROMADO","UN",92.38]
["14.007.0175-0","FERRAGENS PARA PORTAS (CONJUNTO COMPLETO) DE 2 FOLHAS COM BANDEIRA DE VIDRO TEMPERADO DE 10MM, CONSTANDO DE FORNECIMENTOSEM COLOCACAO (ESTA INCLUIDA NO FORNECIMENTO E COLOCACAO DOVIDRO),EXCLUSIVE MOLA HIDRAULICA DE PISO(VIDE ITEM 14.007.0190)","UN",724.34,null,"14.007.0175-A","FERRAGENS PARA PORTAS (CONJUNTO COMPLETO) DE 2 FOLHAS COM BANDEIRA DE VIDRO TEMPERADO DE 10MM, CONSTANDO DE FORNECIMENTOSEM COLOCACAO (ESTA INCLUIDA NO FORNECIMENTO E COLOCACAO DOVIDRO),EXCLUSIVE MOLA HIDRAULICA DE PISO(VIDE ITEM 14.007.0190)","UN",724.34]
["14.007.0252-0","FERRAGENS PARA PORTAS DE MADEIRA DE ENTRADA PRINCIPAL,CONSTANDO DE FORNECIMENTO DAS PECAS,EXCLUSIVE DOBRADICAS:-FECHADURA DE EMBUTIR EM METAL COM ACABAMENTO CROMADO;-ESPELHO EM METAL COM ACABAMENTO CROMADO;-MACANETA TIPO BOLA EM METAL COM ACABAMENTO CROMADO","UN",101.34,null,"14.007.0252-A","FERRAGENS PARA PORTAS DE MADEIRA DE ENTRADA PRINCIPAL,CONSTANDO DE FORNECIMENTO DAS PECAS,EXCLUSIVE DOBRADICAS:-FECHADURA DE EMBUTIR EM METAL COM ACABAMENTO CROMADO;-ESPELHO EM METAL COM ACABAMENTO CROMADO;-MACANETA TIPO BOLA EM METAL COM ACABAMENTO CROMADO","UN",101.34]
["14.007.0266-0","FERRAGENS P/PORTAS DE ABRIR,DE FERRO OU ALUMINIO,CONSTANDO DE FORNECIMENTO DAS PECAS,EXCL.DOBRADICAS:-FECHADURA DE EMBUTIR P/MONTANTES ESTREITOS,EM METAL C/ACABAMENTO CROMADO;-ESPELHO,ACABAMENTO CROMADO OU ROSETA EM METAL C/ACABAMENTO CROMADO;-MACANETA TIPO ALAVANCA,EM METAL COM ACABAMENTO CROMADO","UN",50.45,null,"14.007.0266-A","FERRAGENS P/PORTAS DE ABRIR,DE FERRO OU ALUMINIO,CONSTANDO DE FORNECIMENTO DAS PECAS,EXCL.DOBRADICAS:-FECHADURA DE EMBUTIR P/MONTANTES ESTREITOS,EM METAL C/ACABAMENTO CROMADO;-ESPELHO,ACABAMENTO CROMADO OU ROSETA EM METAL C/ACABAMENTO CROMADO;-MACANETA TIPO ALAVANCA,EM METAL COM ACABAMENTO CROMADO","UN",50.45]
["14.007.0268-0","FECHADURA DE CILINDRO PARA MOVEIS DE MADEIRA,DE SOBREPOR,REVERSIVEL,EM ACO NIQUELADO.FORNECIMENTO","UN",17.489999999999998,null,"14.007.0268-A","FECHADURA DE CILINDRO PARA MOVEIS DE MADEIRA,DE SOBREPOR,REVERSIVEL,EM ACO NIQUELADO.FORNECIMENTO","UN",17.489999999999998]
["14.007.0281-0","DOBRADICA TIPO PIANO,EM LATAO POLIDO,DE 1\"X3,00M.FORNECIMENTO","M",25.83,null,"14.007.0281-A","DOBRADICA TIPO PIANO,EM LATAO POLIDO,DE 1\"X3,00M.FORNECIMENTO","M",25.83]
["14.007.0284-0","DOBRADICA 2.1/2\"X1.3/8\",DE LATAO CROMADO,COM PINO E BOLAS DELATAO.FORNECIMENTO","UN",9.98,null,"14.007.0284-A","DOBRADICA 2.1/2\"X1.3/8\",DE LATAO CROMADO,COM PINO E BOLAS DELATAO.FORNECIMENTO","UN",9.98]
["14.007.0290-0","DOBRADICA 3\"X2.1/2\",DE FERRO GALVANIZADO,COM PINO DE FERRO EBOLAS DE LATAO.FORNECIMENTO","UN",8.1,null,"14.007.0290-A","DOBRADICA 3\"X2.1/2\",DE FERRO GALVANIZADO,COM PINO DE FERRO EBOLAS DE LATAO.FORNECIMENTO","UN",8.1]
["14.007.0294-0","DOBRADICA PARA PORTA \"VAI-E-VEM\",DE 3\",EM LATAO NIQUELADO EPOLIDO.FORNECIMENTO","UN",61.7,null,"14.007.0294-A","DOBRADICA PARA PORTA \"VAI-E-VEM\",DE 3\",EM LATAO NIQUELADO EPOLIDO.FORNECIMENTO","UN",61.7]
["14.007.0306-0","FECHO DE 80MM EM FERRO NIQUELADO,LINGUETA CENTRAL MOVEL.FORNECIMENTO","UN",5.25,null,"14.007.0306-A","FECHO DE 80MM EM FERRO NIQUELADO,LINGUETA CENTRAL MOVEL.FORNECIMENTO","UN",5.25]
["14.007.0314-0","MOLA FECHA-PORTA,AEREA,COM PINHAO E CREMALHEIRA,EM ALUMINIO,COM PINTURA ELETROSTATICA, COM POTENCIA Nº2 PARA PORTAS DEMADEIRA OU ALUMINIO ATE 0,90M.FORNECIMENTO","UN",92.6,null,"14.007.0314-A","MOLA FECHA-PORTA,AEREA,COM PINHAO E CREMALHEIRA,EM ALUMINIO,COM PINTURA ELETROSTATICA, COM POTENCIA Nº2 PARA PORTAS DEMADEIRA OU ALUMINIO ATE 0,90M.FORNECIMENTO","UN",92.6]
["14.007.0318-0","PUXADOR TUBULAR,DE PUNHO,EM LATAO CROMADO.FORNECIMENTO","UN",24.62,null,"14.007.0318-A","PUXADOR TUBULAR,DE PUNHO,EM LATAO CROMADO.FORNECIMENTO","UN",24.62]
["14.007.0326-0","CADEADO DE 30MM ADAPTADO PARA USO DE UMA SO CHAVE.FORNECIMENTO","UN",46.89,null,"14.007.0326-A","CADEADO DE 30MM ADAPTADO PARA USO DE UMA SO CHAVE.FORNECIMENTO","UN",46.89]
["14.007.0336-0","SUPORTE SIMPLES DE CENTRO PARA VIDRO TEMPERADO DE 10MM.FORNECIMENTO","UN",29.57,null,"14.007.0336-A","SUPORTE SIMPLES DE CENTRO PARA VIDRO TEMPERADO DE 10MM.FORNECIMENTO","UN",29.57]
["14.007.0344-0","SUPORTE TIPO \"L\" PARA PORTA DE VIDRO TEMPERADO DE 10MM.FORNECIMENTO","UN",165.55,null,"14.007.0344-A","SUPORTE TIPO \"L\" PARA PORTA DE VIDRO TEMPERADO DE 10MM.FORNECIMENTO","UN",165.55]
["14.007.0365-0","PUXADOR PLASTICO PARA PORTA DE ARMARIO DE MADEIRA,FORMA SEMI-CIRCULAR,COM 64MM DE COMPRIMENTO,ACABAMENTO CROMADO.FORNECIMENTO E COLOCACAO","UN",5.19,null,"14.007.0365-A","PUXADOR PLASTICO PARA PORTA DE ARMARIO DE MADEIRA,FORMA SEMI-CIRCULAR,COM 64MM DE COMPRIMENTO,ACABAMENTO CROMADO.FORNECIMENTO E COLOCACAO","UN",5.01]
["14.007.0390-0","FECHO ESFERA VAI E VEM.FORNECIMENTO","UN",1.38,null,"14.007.0390-A","FECHO ESFERA VAI E VEM.FORNECIMENTO","UN",1.38]
["14.008.0015-0","PORTA DE MADEIRA,EM COMPENSADO,COM NUCLEO DO TIPO COLMEIA,COM MEDIDAS APROXIMADAS DE (70X210X3,5)CM,MARCO DE (7X3)CM,PORTA E MARCO REVESTIDOS DE CHAPA LAMINADA (COMPOSTA DE CELULOSE PRENSADA EM AUTOCLAVE) DE 1MM DE ESPESSURA,CONFORME ABNT NBR 15930,EXCLUSIVE FERRAGENS.FORNECIMENTO E COLOCACAO","UN",1249.53,null,"14.008.0015-A","PORTA DE MADEIRA,EM COMPENSADO,COM NUCLEO DO TIPO COLMEIA,COM MEDIDAS APROXIMADAS DE (70X210X3,5)CM,MARCO DE (7X3)CM,PORTA E MARCO REVESTIDOS DE CHAPA LAMINADA (COMPOSTA DE CELULOSE PRENSADA EM AUTOCLAVE) DE 1MM DE ESPESSURA,CONFORME ABNT NBR 15930,EXCLUSIVE FERRAGENS.FORNECIMENTO E COLOCACAO","UN",1208.53]
["14.008.0050-0","PORTA PARA CENTRO RADIOLOGICO,REVESTIDA DE LENCOL DE CHUMBODE 2MM,COM ACABAMENTO EM PLACA DE FIBRA DE MADEIRA PRENSADA,REVESTIDA DE CHAPA DE LAMINADO MELAMINICO,INCLUSIVE FERRAGENS.FORNECIMENTO E COLOCACAO","M2",4075.43,null,"14.008.0050-A","PORTA PARA CENTRO RADIOLOGICO,REVESTIDA DE LENCOL DE CHUMBODE 2MM,COM ACABAMENTO EM PLACA DE FIBRA DE MADEIRA PRENSADA,REVESTIDA DE CHAPA DE LAMINADO MELAMINICO,INCLUSIVE FERRAGENS.FORNECIMENTO E COLOCACAO","M2",4060.84]
["14.008.0070-0","PRATELEIRA DE MADEIRA EM COMPENSADO COM ESPESSURA DE 2CM E LARGURA DE 40CM,REVESTIMENTO COM CHAPA LAMINADA (COMPOSTA DECELULOSE COM RESINA PRENSADA EM AUTO CLAVE) NAS FACES E ESPESSURA,SOBRE CANTONEIRAS DE CHAPA DE FERRO.FORNECIMENTO E COLOCACAO","M",215.47,null,"14.008.0070-A","PRATELEIRA DE MADEIRA EM COMPENSADO COM ESPESSURA DE 2CM E LARGURA DE 40CM,REVESTIMENTO COM CHAPA LAMINADA (COMPOSTA DECELULOSE COM RESINA PRENSADA EM AUTO CLAVE) NAS FACES E ESPESSURA,SOBRE CANTONEIRAS DE CHAPA DE FERRO.FORNECIMENTO E COLOCACAO","M",206.8]
["14.008.0075-0","PRATELEIRA DE MADEIRA DE LEI EM COMPENSADO COM ESPESSURA DE2CM E LARGURA DE 50CM,REVESTIMENTO COM CHAPA LAMINADA (COMPOSTA DE CELULOSE COM RESINA PRENSADA EM AUTO CLAVE) NAS FACESE ESPESSURA,SOBRE CANTONEIRAS DE CHAPA DE FERRO.FORNECIMENTO E COLOCACAO","M",250.38,null,"14.008.0075-A","PRATELEIRA DE MADEIRA DE LEI EM COMPENSADO COM ESPESSURA DE2CM E LARGURA DE 50CM,REVESTIMENTO COM CHAPA LAMINADA (COMPOSTA DE CELULOSE COM RESINA PRENSADA EM AUTO CLAVE) NAS FACESE ESPESSURA,SOBRE CANTONEIRAS DE CHAPA DE FERRO.FORNECIMENTO E COLOCACAO","M",240.59]
["14.008.0089-0","QUADRO DE AULA EM COMPENSADO DE 10MM DE ESPESSURA,REVESTIDOPOR CHAPA DE LAMINADO MELAMINICO NA COR BRANCA BRILHANTE,COMMOLDURA E PORTA APAGADOR EM PERFIL DE ALUMINIO,CONFORME PROJETO N°6014/EMOP.FORNECIMENTO E COLOCACAO","M2",335.86,null,"14.008.0089-A","QUADRO DE AULA EM COMPENSADO DE 10MM DE ESPESSURA,REVESTIDOPOR CHAPA DE LAMINADO MELAMINICO NA COR BRANCA BRILHANTE,COMMOLDURA E PORTA APAGADOR EM PERFIL DE ALUMINIO,CONFORME PROJETO N°6014/EMOP.FORNECIMENTO E COLOCACAO","M2",320.83]
["14.008.0103-0","PORTA DE MADEIRA,COM MEDIDAS APROXIMADAS DE (90X210X3,5)CM,REVESTIDA NAS DUAS FACES COM CHAPA LAMINADA (COMPOSTA DE CELULOSE PRENSADA EM AUTOCLAVE) DE 0,8MM DE ESPESSURA,PROTECAO DOS TOPOS VERTICAIS EM LAMINADO PET COM ABAS DE 1\",MARCO EM MADEIRA E ALIZAR EM MDF NAVAL REVESTIDOS EM PET,CONFORME ABNTNBR 15930 E RDC N°50/2002 ANVISA,EXCL.FERRAGENS.FORN.COLOC.","UN",2011.38,null,"14.008.0103-A","PORTA DE MADEIRA,COM MEDIDAS APROXIMADAS DE (90X210X3,5)CM,REVESTIDA NAS DUAS FACES COM CHAPA LAMINADA (COMPOSTA DE CELULOSE PRENSADA EM AUTOCLAVE) DE 0,8MM DE ESPESSURA,PROTECAO DOS TOPOS VERTICAIS EM LAMINADO PET COM ABAS DE 1\",MARCO EM MADEIRA E ALIZAR EM MDF NAVAL REVESTIDOS EM PET,CONFORME ABNTNBR 15930 E RDC N°50/2002 ANVISA,EXCL.FERRAGENS.FORN.COLOC.","UN",1947.36]
["14.008.0111-0","PORTA MADEIRA,C/MEDIDAS APROX.(80X210X3,5)CM,C/VISOR VIDRO (20X125)CM E MOLDURA (3X1)CM REVEST.PET,FOLHA PORTA REVEST.NAS DUAS FACES C/CHAPA LAMINADA (COMPOSTA CELULOSE PRENSADA AUTOCLAVE) 0,8MM ESP.PROTECAO TOPOS VERTICAIS LAMINADO PET C/ABAS 1\",MARCO MADEIRA ALIZAR MDF NAVAL REVEST.PET,CONF.ABNT NBR 15930 E RDC N°50/2002 ANVISA,EXCL.FERRAGENS.FORN.COLOC.","UN",2057.86,null,"14.008.0111-A","PORTA MADEIRA,C/MEDIDAS APROX.(80X210X3,5)CM,C/VISOR VIDRO (20X125)CM E MOLDURA (3X1)CM REVEST.PET,FOLHA PORTA REVEST.NAS DUAS FACES C/CHAPA LAMINADA (COMPOSTA CELULOSE PRENSADA AUTOCLAVE) 0,8MM ESP.PROTECAO TOPOS VERTICAIS LAMINADO PET C/ABAS 1\",MARCO MADEIRA ALIZAR MDF NAVAL REVEST.PET,CONF.ABNT NBR 15930 E RDC N°50/2002 ANVISA,EXCL.FERRAGENS.FORN.COLOC.","UN",1990.61]
["14.008.0113-0","PORTA MADEIRA,C/MEDIDAS APROX.(100X210X4)CM,C/VISOR VIDRO (20X125)CM E MOLDURA (3X1)CM REVEST.PET,FOLHA PORTA REVEST.NASDUAS FACES C/CHAPA LAMINADA (COMPOSTA CELULOSE PRENSADA AUTOCLAVE) 0,8MM ESP.PROTECAO TOPOS VERTICAIS LAMINADO PET C/ABAS 1\",MARCO MADEIRA ALIZAR MDF NAVAL REVEST.PET,CONF.ABNT NBR 15930 E RDC N°50/2002 ANVISA,EXCL.FERRAGENS.FORN.COLOC.","UN",2414.7199999999998,null,"14.008.0113-A","PORTA MADEIRA,C/MEDIDAS APROX.(100X210X4)CM,C/VISOR VIDRO (20X125)CM E MOLDURA (3X1)CM REVEST.PET,FOLHA PORTA REVEST.NASDUAS FACES C/CHAPA LAMINADA (COMPOSTA CELULOSE PRENSADA AUTOCLAVE) 0,8MM ESP.PROTECAO TOPOS VERTICAIS LAMINADO PET C/ABAS 1\",MARCO MADEIRA ALIZAR MDF NAVAL REVEST.PET,CONF.ABNT NBR 15930 E RDC N°50/2002 ANVISA,EXCL.FERRAGENS.FORN.COLOC.","UN",2341.98]
["14.008.0122-0","PORTA DE CORRER,DE MADEIRA,C/MEDIDAS APROXIMADAS (100X210X4)CM,REVESTIDA NAS DUAS FACES C/CHAPA LAMINADA (COMPOSTA DE CELULOSE PRENSADA EM AUTOCLAVE) DE 0,8MM DE ESPESSURA,PROTECAODOS TOPOS VERTICAIS EM LAMINADO PET C/ABAS DE 1\",MARCO EM MADEIRA E ALIZAR EM MDF NAVAL REVESTIDOS EM PET,CONFORME ABNTNBR 15930 E RDC N°50/2002 ANVISA,EXCL.FERRAGENS.FORN.COLOC.","UN",2728.31,null,"14.008.0122-A","PORTA DE CORRER,DE MADEIRA,C/MEDIDAS APROXIMADAS (100X210X4)CM,REVESTIDA NAS DUAS FACES C/CHAPA LAMINADA (COMPOSTA DE CELULOSE PRENSADA EM AUTOCLAVE) DE 0,8MM DE ESPESSURA,PROTECAODOS TOPOS VERTICAIS EM LAMINADO PET C/ABAS DE 1\",MARCO EM MADEIRA E ALIZAR EM MDF NAVAL REVESTIDOS EM PET,CONFORME ABNTNBR 15930 E RDC N°50/2002 ANVISA,EXCL.FERRAGENS.FORN.COLOC.","UN",2647.44]
["14.008.0133-0","PORTA CORRER,MADEIRA,C/MED.APROX.(110X210X4)CM,C/VISOR VIDRO(20X125)CM E MOLDURA (3X1)CM REVEST.PET,FOLHA PORTA REVEST.DUAS FACES C/CHAPA LAMINADA (COMPOSTA CELULOSE PRENSADA AUTOCLAVE) 0,8MM ESP.PROTECAO TOPOS VERTICAIS LAMINADO PET C/ABAS 1\",MARCO MADEIRA E ALIZAR MDF NAVAL REVEST.PET,CONF.ABNT NBR 15930 E RDC N°50/2002 ANVISA,EXCL.FERRAGENS.FORN.COLOC.","UN",2999.44,null,"14.008.0133-A","PORTA CORRER,MADEIRA,C/MED.APROX.(110X210X4)CM,C/VISOR VIDRO(20X125)CM E MOLDURA (3X1)CM REVEST.PET,FOLHA PORTA REVEST.DUAS FACES C/CHAPA LAMINADA (COMPOSTA CELULOSE PRENSADA AUTOCLAVE) 0,8MM ESP.PROTECAO TOPOS VERTICAIS LAMINADO PET C/ABAS 1\",MARCO MADEIRA E ALIZAR MDF NAVAL REVEST.PET,CONF.ABNT NBR 15930 E RDC N°50/2002 ANVISA,EXCL.FERRAGENS.FORN.COLOC.","UN",2909.31]
["14.009.0022-0","SUBSTITUICAO DE FECHADURA DE EMBUTIR,COM ALTURA APROXIMADA DE 20CM,EM MADEIRA,EXCLUSIVE O FORNECIMENTO","UN",29.4,null,"14.009.0022-A","SUBSTITUICAO DE FECHADURA DE EMBUTIR,COM ALTURA APROXIMADA DE 20CM,EM MADEIRA,EXCLUSIVE O FORNECIMENTO","UN",27.44]
["14.009.0040-0","COLOCACAO DE UMA DOBRADICA COM AS DIMENSOES DE 3\"X4\" OU 3\"X3.1/2\",EM MADEIRA,EXCLUSIVE O FORNECIMENTO","UN",24.5,null,"14.009.0040-A","COLOCACAO DE UMA DOBRADICA COM AS DIMENSOES DE 3\"X4\" OU 3\"X3.1/2\",EM MADEIRA,EXCLUSIVE O FORNECIMENTO","UN",22.87]
["14.009.0056-0","SUBSTITUICAO DE UMA DOBRADICA COM AS DIMENSOES DE 2\"X2.1/2\"A 1.1/2\"X2\",EM MADEIRA,EXCLUSIVE O FORNECIMENTO","UN",8.16,null,"14.009.0056-A","SUBSTITUICAO DE UMA DOBRADICA COM AS DIMENSOES DE 2\"X2.1/2\"A 1.1/2\"X2\",EM MADEIRA,EXCLUSIVE O FORNECIMENTO","UN",7.62]
["14.009.0095-0","COLOCACAO DE FECHO DE SOBREPOR,DE FIO REDONDO,DE 5 OU 10CM,EM MADEIRA,EXCLUSIVE O FORNECIMENTO","UN",6.53,null,"14.009.0095-A","COLOCACAO DE FECHO DE SOBREPOR,DE FIO REDONDO,DE 5 OU 10CM,EM MADEIRA,EXCLUSIVE O FORNECIMENTO","UN",6.09]
["14.009.0130-0","COLOCACAO DE DOBRADICAS,TIPO \"VAI E VEM\",EM MADEIRA,EXCLUSIVE O FORNECIMENTO","UN",32.67,null,"14.009.0130-A","COLOCACAO DE DOBRADICAS,TIPO \"VAI E VEM\",EM MADEIRA,EXCLUSIVE O FORNECIMENTO","UN",30.49]
["14.010.0010-0","MASTRO METALICO EM TUBO DE FERRO GALVANIZADO DE 3\" COM ALTURA DE 6,00M,EQUIPADO COM ROLDANA COM FIXACAO EM PRISMA DE CONCRETO DE 30X30X50CM.FORNECIMENTO E COLOCACAO","UN",1592.79,null,"14.010.0010-A","MASTRO METALICO EM TUBO DE FERRO GALVANIZADO DE 3\" COM ALTURA DE 6,00M,EQUIPADO COM ROLDANA COM FIXACAO EM PRISMA DE CONCRETO DE 30X30X50CM.FORNECIMENTO E COLOCACAO","UN",1564.78]
["15.001.0026-0","CAIXA DE ALVENARIA EM TIJOLOS MACICOS(7X10X20CM),EM PAREDESDE MEIA VEZ,COM DIMENSOES DE 0,40X0,40X0,40M,ASSENTADA COM ARGAMASSA DE CIMENTO E AREIA,NO TRACO 1:4,REVESTIDA INTERNAMENTE COM A MESMA ARGAMASSA,COM FUNDO DE CONCRETO E TAMPA DE CONCRETO ARMADO","UN",393.8,null,"15.001.0026-A","CAIXA DE ALVENARIA EM TIJOLOS MACICOS(7X10X20CM),EM PAREDESDE MEIA VEZ,COM DIMENSOES DE 0,40X0,40X0,40M,ASSENTADA COM ARGAMASSA DE CIMENTO E AREIA,NO TRACO 1:4,REVESTIDA INTERNAMENTE COM A MESMA ARGAMASSA,COM FUNDO DE CONCRETO E TAMPA DE CONCRETO ARMADO","UN",375.59]
["15.001.0033-0","CAIXA DE ALVENARIA EM TIJOLOS MACICOS(7X10X20CM),EM PAREDESDE MEIA VEZ,COM DIMENSOES DE 0,60X0,60X0,40M,ASSENTADA COM ARGAMASSA DE CIMENTO E AREIA,NO TRACO 1:4,REVESTIDA INTERNAMENTE COM A MESMA ARGAMASSA,COM FUNDO DE CONCRETO,SEM TAMPA","UN",422.31,null,"15.001.0033-A","CAIXA DE ALVENARIA EM TIJOLOS MACICOS(7X10X20CM),EM PAREDESDE MEIA VEZ,COM DIMENSOES DE 0,60X0,60X0,40M,ASSENTADA COM ARGAMASSA DE CIMENTO E AREIA,NO TRACO 1:4,REVESTIDA INTERNAMENTE COM A MESMA ARGAMASSA,COM FUNDO DE CONCRETO,SEM TAMPA","UN",401.58]
["15.001.0055-0","ABRIGO P/4 BOTIJOES GAS DE 13KG,EXCLUSIVE LIGACOES,NAS DIM.(2,00X0,50X1,10)M,ALVENARIA TIJOLOS MACICOS (7X10X20CM),PAREDES DE MEIA VEZ,REVESTIDAS COM ARGAMASSA DE CIMENTO E SAIBRO,NO TRACO 1:6,PISO COM ESPESSURA DE 10CM E COBERTURA COM ESPESSURA DE 6CM,AMBAS EM CONCRETO ARMADO,FCK=15MPA,COM ACABAMENTO DE CIMENTADO,TRACO 1:4,CONFORME PROJETO TIPO Nº2001/EMOP","UN",3270.31,null,"15.001.0055-A","ABRIGO P/4 BOTIJOES GAS DE 13KG,EXCLUSIVE LIGACOES,NAS DIM.(2,00X0,50X1,10)M,ALVENARIA TIJOLOS MACICOS (7X10X20CM),PAREDES DE MEIA VEZ,REVESTIDAS COM ARGAMASSA DE CIMENTO E SAIBRO,NO TRACO 1:6,PISO COM ESPESSURA DE 10CM E COBERTURA COM ESPESSURA DE 6CM,AMBAS EM CONCRETO ARMADO,FCK=15MPA,COM ACABAMENTO DE CIMENTADO,TRACO 1:4,CONFORME PROJETO TIPO Nº2001/EMOP","UN",3209.86]
["15.001.0057-0","ABRIGO P/8 BOTIJOES GAS DE 45KG,EXCLUSIVE LIGACOES,NAS DIM.(2,60X1,05X1,90)M,ALVENARIA TIJOLOS MACICOS (7X10X20CM),PAREDES DE MEIA VEZ,REVESTIDAS COM ARGAMASSA DE CIMENTO E SAIBRO,NO TRACO 1:6,PISO COM ESPESSURA DE 10CM E COBERTURA COM ESPESSURA DE 6CM,AMBAS EM CONCRETO ARMADO,FCK=15MPA,COM ACABAMENTO DE CIMENTADO,TRACO 1:4,CONFORME PROJETO TIPO Nº2639/EMOP","UN",6795.3,null,"15.001.0057-A","ABRIGO P/8 BOTIJOES GAS DE 45KG,EXCLUSIVE LIGACOES,NAS DIM.(2,60X1,05X1,90)M,ALVENARIA TIJOLOS MACICOS (7X10X20CM),PAREDES DE MEIA VEZ,REVESTIDAS COM ARGAMASSA DE CIMENTO E SAIBRO,NO TRACO 1:6,PISO COM ESPESSURA DE 10CM E COBERTURA COM ESPESSURA DE 6CM,AMBAS EM CONCRETO ARMADO,FCK=15MPA,COM ACABAMENTO DE CIMENTADO,TRACO 1:4,CONFORME PROJETO TIPO Nº2639/EMOP","UN",6665.19]
["15.001.0072-0","ABRIGO PARA HIDROMETRO DE 1.1/2\" OU 2\" C/FILTRO INTERNO,NASDIMENSOES (1,10X0,60X0,70)M,ALVENARIA DE TIJOLOS FURADOS DE(10X20X20)CM,PAREDES DE MEIA VEZ,REVESTIDAS C/ARGAMASSA DE CIMENTO E SAIBRO,TRACO 1:6,C/FUNDO DE CONCRETO E TAMPA DE CONCRETO ARMADO,C/PORTA DE (100X60)CM EM GRADE CONFECCIONADA FERRO CHATO 1/2\" C/ESP.1/8\" E CADEADO 30MM,PROJETO Nº2089/EMOP","UN",1151.95,null,"15.001.0072-A","ABRIGO PARA HIDROMETRO DE 1.1/2\" OU 2\" C/FILTRO INTERNO,NASDIMENSOES (1,10X0,60X0,70)M,ALVENARIA DE TIJOLOS FURADOS DE(10X20X20)CM,PAREDES DE MEIA VEZ,REVESTIDAS C/ARGAMASSA DE CIMENTO E SAIBRO,TRACO 1:6,C/FUNDO DE CONCRETO E TAMPA DE CONCRETO ARMADO,C/PORTA DE (100X60)CM EM GRADE CONFECCIONADA FERRO CHATO 1/2\" C/ESP.1/8\" E CADEADO 30MM,PROJETO Nº2089/EMOP","UN",1101.6500000000001]
["15.001.0078-0","HIDROMETRO COM DIAMETRO DE 3/4\".FORNECIMENTO","UN",220.73,null,"15.001.0078-A","HIDROMETRO COM DIAMETRO DE 3/4\".FORNECIMENTO","UN",220.73]
["15.001.0095-0","REPARO EM CAIXA DE PASSAGEM DE ENERGIA ELETRICA,DE ALVENARIADE 40X40CM,COM TROCA DE TAMPA DE CONCRETO COM ESPESSURA DE6CM","UN",113.68,null,"15.001.0095-A","REPARO EM CAIXA DE PASSAGEM DE ENERGIA ELETRICA,DE ALVENARIADE 40X40CM,COM TROCA DE TAMPA DE CONCRETO COM ESPESSURA DE6CM","UN",110.1]
["15.002.0063-0","CAIXA DE GORDURA DUPLA,CILINDRICA,PRE-FABRICADA DE CONCRETO,COM DIAMETRO DE 60CM E PROFUNDIDADE TOTAL DE 90CM,INCLUSIVETAMPA EM CONCRETO,CONFORME ABNT NBR 8160.FORNECIMENTO E COLOCACAO","UN",355.08,null,"15.002.0063-A","CAIXA DE GORDURA DUPLA,CILINDRICA,PRE-FABRICADA DE CONCRETO,COM DIAMETRO DE 60CM E PROFUNDIDADE TOTAL DE 90CM,INCLUSIVETAMPA EM CONCRETO,CONFORME ABNT NBR 8160.FORNECIMENTO E COLOCACAO","UN",348.08]
["15.002.0088-0","CAIXA DE GORDURA ESPECIAL EM ALVENARIA DE TIJOLOS MACICOS(7X10X20CM),EM PAREDES DE UMA VEZ(0,20M),MEDINDO 1,00X1,50X0,90M,INCLUSIVE REVESTIMENTO INTERNO EM ARGAMASSA DE CIMENTO E AREIA,NO TRACO 1:3,COM ESPESSURA DE 1,5CM,EXCLUSIVE TAMPAO DEFERRO FUNDIDO","UN",2677.79,null,"15.002.0088-A","CAIXA DE GORDURA ESPECIAL EM ALVENARIA DE TIJOLOS MACICOS(7X10X20CM),EM PAREDES DE UMA VEZ(0,20M),MEDINDO 1,00X1,50X0,90M,INCLUSIVE REVESTIMENTO INTERNO EM ARGAMASSA DE CIMENTO E AREIA,NO TRACO 1:3,COM ESPESSURA DE 1,5CM,EXCLUSIVE TAMPAO DEFERRO FUNDIDO","UN",2615.98]
["15.002.0125-0","CAIXA ENTERRADA PARA INSTALACOES TELEFONICAS,TIPO R2,MEDINDO1,07X0,52X0,50M,EM BLOCOS DE CONCRETO ESTRUTURAL DE 0,10X0,20X0,40M,ASSENTADOS COM ARGAMASSA DE CIMENTO E AREIA,NO TRACO 1:4 E REVESTIDA INTERNAMENTE COM A MESMA ARGAMASSA,COM TAMPA DE CONCRETO ARMADO COM 5CM DE ESPESSURA E FUNDO DE CONCRETO SIMPLES COM 5CM","UN",482.88,null,"15.002.0125-A","CAIXA ENTERRADA PARA INSTALACOES TELEFONICAS,TIPO R2,MEDINDO1,07X0,52X0,50M,EM BLOCOS DE CONCRETO ESTRUTURAL DE 0,10X0,20X0,40M,ASSENTADOS COM ARGAMASSA DE CIMENTO E AREIA,NO TRACO 1:4 E REVESTIDA INTERNAMENTE COM A MESMA ARGAMASSA,COM TAMPA DE CONCRETO ARMADO COM 5CM DE ESPESSURA E FUNDO DE CONCRETO SIMPLES COM 5CM","UN",467.12]
["15.002.0210-0","CAIXA DE INSPECAO/CAIXA PARA AGUAS PLUVIAIS,DE CONCRETO PRE-MOLDADO,CONSTANDO DE 2 ANEIS SUPERPOSTOS,DE 50MM DE ESPESSURA E 600MM DE DIAMETRO INTERNO,SENDO 1 ANEL INFERIOR(ENTRADAE SAIDA)DE 300MM C/FUNDO OU CIRCULO DE FUNDO,1 DE 75MM DE ALTURA,PERFAZENDO 375MM DE ALTURA TOTAL,EXCLUSIVE TAMPAO DE FERRO FUNDIDO E ESCAVACAO.FORNECIMENTO E COLOCACAO","UN",180.28,null,"15.002.0210-A","CAIXA DE INSPECAO/CAIXA PARA AGUAS PLUVIAIS,DE CONCRETO PRE-MOLDADO,CONSTANDO DE 2 ANEIS SUPERPOSTOS,DE 50MM DE ESPESSURA E 600MM DE DIAMETRO INTERNO,SENDO 1 ANEL INFERIOR(ENTRADAE SAIDA)DE 300MM C/FUNDO OU CIRCULO DE FUNDO,1 DE 75MM DE ALTURA,PERFAZENDO 375MM DE ALTURA TOTAL,EXCLUSIVE TAMPAO DE FERRO FUNDIDO E ESCAVACAO.FORNECIMENTO E COLOCACAO","UN",177.49]
["15.002.0310-0","CAIXA SEPARADORA DE OLEO E CAIXA RECEPTORA LATERAL MEDINDO (0,60X0,60X0,70)M,INTERNAMENTE(CADA UMA),EXECUTADA EM BLOCOSCONCRETO (10X20X40)CM,ASSENTES C/ARGAMASSA CIMENTO E AREIA,TRACO 1:4,REVESTIDAS INTERNAMENTE C/ARGAMASSA CIMENTO E AREIA,TRACO 1:4,C/TAMPAS FERRO FUNDIDO PESADO,EXCL.ESCAVACAO,INCL.CONEXOES,CONFORME PROJETO Nº1788/EMOP.FORN. E ASSENTAMENTO","UN",2383.13,null,"15.002.0310-A","CAIXA SEPARADORA DE OLEO E CAIXA RECEPTORA LATERAL MEDINDO (0,60X0,60X0,70)M,INTERNAMENTE(CADA UMA),EXECUTADA EM BLOCOSCONCRETO (10X20X40)CM,ASSENTES C/ARGAMASSA CIMENTO E AREIA,TRACO 1:4,REVESTIDAS INTERNAMENTE C/ARGAMASSA CIMENTO E AREIA,TRACO 1:4,C/TAMPAS FERRO FUNDIDO PESADO,EXCL.ESCAVACAO,INCL.CONEXOES,CONFORME PROJETO Nº1788/EMOP.FORN. E ASSENTAMENTO","UN",2342.9299999999998]
["15.002.0622-0","FOSSA SEPTICA CILINDRICA,TIPO CAMARA UNICA,DE CONCRETO PRE-MOLDADO,MEDINDO 1200X1500MM.FORNECIMENTO E COLOCACAO","UN",1601.38,null,"15.002.0622-A","FOSSA SEPTICA CILINDRICA,TIPO CAMARA UNICA,DE CONCRETO PRE-MOLDADO,MEDINDO 1200X1500MM.FORNECIMENTO E COLOCACAO","UN",1580.96]
["15.002.0625-0","FOSSA SEPTICA,DE CAMARA UNICA,TIPO CILINDRICA,DE CONCRETO PRE-MOLDADO,MEDINDO 1500X2000MM.FORNECIMENTO E COLOCACAO","UN",6512.19,null,"15.002.0625-A","FOSSA SEPTICA,DE CAMARA UNICA,TIPO CILINDRICA,DE CONCRETO PRE-MOLDADO,MEDINDO 1500X2000MM.FORNECIMENTO E COLOCACAO","UN",6474.8]
["15.002.0641-0","FOSSA SEPTICA,DE CAMARA UNICA,TIPO CILINDRICA,DE CONCRETO PRE-MOLDADO,MEDINDO 2500X2400MM.FORNECIMENTO E COLOCACAO","UN",11792.82,null,"15.002.0641-A","FOSSA SEPTICA,DE CAMARA UNICA,TIPO CILINDRICA,DE CONCRETO PRE-MOLDADO,MEDINDO 2500X2400MM.FORNECIMENTO E COLOCACAO","UN",11716.75]
["15.002.0643-0","FOSSA SEPTICA,DE CAMARA UNICA,TIPO CILINDRICA,DE CONCRETO PRE-MOLDADO,MEDINDO 2500X2800MM.FORNECIMENTO E COLOCACAO","UN",13124.44,null,"15.002.0643-A","FOSSA SEPTICA,DE CAMARA UNICA,TIPO CILINDRICA,DE CONCRETO PRE-MOLDADO,MEDINDO 2500X2800MM.FORNECIMENTO E COLOCACAO","UN",13037.4]
["15.002.0666-0","FILTRO ANAEROBIO,DE ANEIS DE CONCRETO PRE-MOLDADO,MEDINDO 3000X2000MM.FORNECIMENTO E COLOCACAO","UN",14923.8,null,"15.002.0666-A","FILTRO ANAEROBIO,DE ANEIS DE CONCRETO PRE-MOLDADO,MEDINDO 3000X2000MM.FORNECIMENTO E COLOCACAO","UN",14838.06]
["15.002.0673-0","SUMIDOURO CILINDRICO,LIGADO A FOSSA,MEDINDO 1500X2400MM,EM ANEIS DE CONCRETO PRE-MOLDADO,EXCLUSIVE FOSSA E MANILHAS.FORNECIMENTO E COLOCACAO","UN",7706.6,null,"15.002.0673-A","SUMIDOURO CILINDRICO,LIGADO A FOSSA,MEDINDO 1500X2400MM,EM ANEIS DE CONCRETO PRE-MOLDADO,EXCLUSIVE FOSSA E MANILHAS.FORNECIMENTO E COLOCACAO","UN",7662.97]
["15.002.0689-0","SUMIDOURO CILINDRICO,LIGADO A FOSSA,MEDINDO 2500X2800MM,EM ANEIS DE CONCRETO PRE-MOLDADO,EXCLUSIVE FOSSA E MANILHAS.FORNECIMENTO E COLOCACAO","UN",13587.1,null,"15.002.0689-A","SUMIDOURO CILINDRICO,LIGADO A FOSSA,MEDINDO 2500X2800MM,EM ANEIS DE CONCRETO PRE-MOLDADO,EXCLUSIVE FOSSA E MANILHAS.FORNECIMENTO E COLOCACAO","UN",13500.06]
["15.003.0024-0","COLUNA DE FERRO GALVANIZADO NO DIAMETRO DE 1\",EXCLUSIVE PECAS DE DERIVACAO.FORNECIMENTO E COLOCACAO","M",72.36,null,"15.003.0024-A","COLUNA DE FERRO GALVANIZADO NO DIAMETRO DE 1\",EXCLUSIVE PECAS DE DERIVACAO.FORNECIMENTO E COLOCACAO","M",69.92]
["15.003.0028-0","COLUNA DE FERRO GALVANIZADO NO DIAMETRO DE 2.1/2\",EXCLUSIVEPECAS DE DERIVACAO.FORNECIMENTO E COLOCACAO","M",178.98,null,"15.003.0028-A","COLUNA DE FERRO GALVANIZADO NO DIAMETRO DE 2.1/2\",EXCLUSIVEPECAS DE DERIVACAO.FORNECIMENTO E COLOCACAO","M",174.3]
["15.003.0175-0","TAMPA CEGA E CAIXILHO,15 X 15CM,EM ACO INOX,PARA RALO SIFONADO.FORNECIMENTO E COLOCACAO","UN",24.55,null,"15.003.0175-A","TAMPA CEGA E CAIXILHO,15 X 15CM,EM ACO INOX,PARA RALO SIFONADO.FORNECIMENTO E COLOCACAO","UN",24.37]
["15.003.0180-0","RALO DE COBERTURA SEMI-ESFERICO(TIPO ABACAXI),COM 6\".FORNECIMENTO E COLOCACAO","UN",61.72,null,"15.003.0180-A","RALO DE COBERTURA SEMI-ESFERICO(TIPO ABACAXI),COM 6\".FORNECIMENTO E COLOCACAO","UN",59.53]
["15.003.0185-0","GRELHA DE FERRO FUNDIDO PARA AGUAS PLUVIAIS,COM CAIXILHO,DIMENSOES APROXIMADAS DE (15X15)CM,CONFORME ABNT NBR 10160.FORNECIMENTO E COLOCACAO","UN",25.27,null,"15.003.0185-A","GRELHA DE FERRO FUNDIDO PARA AGUAS PLUVIAIS,COM CAIXILHO,DIMENSOES APROXIMADAS DE (15X15)CM,CONFORME ABNT NBR 10160.FORNECIMENTO E COLOCACAO","UN",25.09]
["15.003.0194-0","RALO SECO DE FERRO FUNDIDO PARA BOX,COM SAIDA HORIZONTAL,COMPOSTO DE ENTRADA SUPERIOR DN=100MM E SAIDA HORIZONTAL DN=50MM,CONFORME ABNT NBR 15579,REVESTIDO INTERNA E EXTERNAMENTE COM EPOXI NA COR VERMELHA,APLICADO PELO SISTEMA ELETROSTATICO.FORNECIMENTO E ASSENTAMENTO","UN",203.33,null,"15.003.0194-A","RALO SECO DE FERRO FUNDIDO PARA BOX,COM SAIDA HORIZONTAL,COMPOSTO DE ENTRADA SUPERIOR DN=100MM E SAIDA HORIZONTAL DN=50MM,CONFORME ABNT NBR 15579,REVESTIDO INTERNA E EXTERNAMENTE COM EPOXI NA COR VERMELHA,APLICADO PELO SISTEMA ELETROSTATICO.FORNECIMENTO E ASSENTAMENTO","UN",198.25]
["15.003.0212-0","MANGUEIRA \"SEAL TUBE\" COM CAPA ALMA,DIAMETRO DE 2.1/2\".FORNECIMENTO E COLOCACAO","M",65.459999999999994,null,"15.003.0212-A","MANGUEIRA \"SEAL TUBE\" COM CAPA ALMA,DIAMETRO DE 2.1/2\".FORNECIMENTO E COLOCACAO","M",64.41]
["15.003.0351-0","SUPORTE DUPLO COM 2 CHUMBADORES,PARA FIXACAO DE 2 TUBULACOESNO DIAMETRO INTERNO DE 1/2\" ATE 1\".FORNECIMENTO E COLOCACAO","UN",26.72,null,"15.003.0351-A","SUPORTE DUPLO COM 2 CHUMBADORES,PARA FIXACAO DE 2 TUBULACOESNO DIAMETRO INTERNO DE 1/2\" ATE 1\".FORNECIMENTO E COLOCACAO","UN",25.37]
["15.003.0352-0","SUPORTE COM 2 CHUMBADORES,PARA FIXACAO DE TUBULACOES NO DIAMETRO INTERNO DE 1.1/4\" E 1.1/2\".FORNECIMENTO E COLOCACAO","UN",29.15,null,"15.003.0352-A","SUPORTE COM 2 CHUMBADORES,PARA FIXACAO DE TUBULACOES NO DIAMETRO INTERNO DE 1.1/4\" E 1.1/2\".FORNECIMENTO E COLOCACAO","UN",27.67]
["15.003.0356-1","SUPORTE COM 2 CHUMBADORES,PARA FIXACAO DE TUBULACOES NO DIAMETRO INTERNO DE 2.1/2\" E 3\".FORNECIMENTO E COLOCACAO","UN",58.85,null,"15.003.0356-B","SUPORTE COM 2 CHUMBADORES,PARA FIXACAO DE TUBULACOES NO DIAMETRO INTERNO DE 2.1/2\" E 3\".FORNECIMENTO E COLOCACAO","UN",55.87]
["15.003.0370-0","FIXACAO ATRAVES DE PINO CRAVADO COM PISTOLA E FITA METALICARECARTILHADA,DE TUBULACOES C/DIAMETROS INTERNOS VARIAVEIS DE1/2\" A 4\",COMPONDO-SE DE FITA DE 17MM DE LARGURA E 0,50M DECOMPRIMENTO E CONJUNTO C/CURSOR E SUPORTE \"Y\" EM CAIXA DE 25PECAS(SISTEMA DE SUSPENSAO LEVE,CARGA DE RUPTURA 120KG).UTILIZACAO:INSTALACOES APARENTES DE AGUA,ESGOTO E ELETRICIDADE","UN",15.06,null,"15.003.0370-A","FIXACAO ATRAVES DE PINO CRAVADO COM PISTOLA E FITA METALICARECARTILHADA,DE TUBULACOES C/DIAMETROS INTERNOS VARIAVEIS DE1/2\" A 4\",COMPONDO-SE DE FITA DE 17MM DE LARGURA E 0,50M DECOMPRIMENTO E CONJUNTO C/CURSOR E SUPORTE \"Y\" EM CAIXA DE 25PECAS(SISTEMA DE SUSPENSAO LEVE,CARGA DE RUPTURA 120KG).UTILIZACAO:INSTALACOES APARENTES DE AGUA,ESGOTO E ELETRICIDADE","UN",14.36]
["15.003.0377-0","RETIRADA E REASSENTAMENTO DE TORNEIRA,INCLUSIVE MATERIAIS NECESSARIOS","UN",60.78,null,"15.003.0377-A","RETIRADA E REASSENTAMENTO DE TORNEIRA,INCLUSIVE MATERIAIS NECESSARIOS","UN",56.72]
["15.003.0381-0","ASSENTAMENTO DE CHUVEIRO(EXCLUSIVE FORNECIMENTO DO APARELHOE BRACO),INCLUSIVE MATERIAIS NECESSARIOS","UN",35.520000000000003,null,"15.003.0381-A","ASSENTAMENTO DE CHUVEIRO(EXCLUSIVE FORNECIMENTO DO APARELHOE BRACO),INCLUSIVE MATERIAIS NECESSARIOS","UN",33.49]
["15.003.0393-0","ABRACADEIRA DE FIXACAO,TIPO COPO,ESTAMPADA EM CHAPA DE FERROZINCADA,COMPOSTA DE CANOPLA,PARAFUSOS E ABRACADEIRAS PROPRIAMENTE DITA,NO DIAMETRO 1.1/4\".FORNECIMENTO E COLOCACAO","UN",12.03,null,"15.003.0393-A","ABRACADEIRA DE FIXACAO,TIPO COPO,ESTAMPADA EM CHAPA DE FERROZINCADA,COMPOSTA DE CANOPLA,PARAFUSOS E ABRACADEIRAS PROPRIAMENTE DITA,NO DIAMETRO 1.1/4\".FORNECIMENTO E COLOCACAO","UN",11.5]
["15.003.0398-0","ABRACADEIRA DE FIXACAO,TIPO COPO,ESTAMPADA EM CHAPA DE FERROZINCADA,COMPOSTA DE CANOPLA,PARAFUSOS E ABRACADEIRAS PROPRIAMENTE DITA,NO DIAMETRO 4\".FORNECIMENTO E COLOCACAO","UN",15.27,null,"15.003.0398-A","ABRACADEIRA DE FIXACAO,TIPO COPO,ESTAMPADA EM CHAPA DE FERROZINCADA,COMPOSTA DE CANOPLA,PARAFUSOS E ABRACADEIRAS PROPRIAMENTE DITA,NO DIAMETRO 4\".FORNECIMENTO E COLOCACAO","UN",14.66]
["15.003.0420-0","RETIRADA E REASSENTAMENTO DE TUBO VENTILADOR,DE CIMENTO SEMAMIANTO,COM DIAMETRO DE 3\"","M",32.89,null,"15.003.0420-A","RETIRADA E REASSENTAMENTO DE TUBO VENTILADOR,DE CIMENTO SEMAMIANTO,COM DIAMETRO DE 3\"","M",30.77]
["15.003.0500-0","CHUVEIRO AUTOMATICO SPRINKLER DE RESPOSTA PADRAO,TIPO LATERAL (SIDEWALL) DN 15MM (1/2\"),TEMPERATURA 68ºC (BULBO VERMELHO) E COEFICIENTE DE DESCARGA K80,CONFORME ABNT NBR 16400.FORNECIMENTO E COLOCACAO","UN",36.17,null,"15.003.0500-A","CHUVEIRO AUTOMATICO SPRINKLER DE RESPOSTA PADRAO,TIPO LATERAL (SIDEWALL) DN 15MM (1/2\"),TEMPERATURA 68ºC (BULBO VERMELHO) E COEFICIENTE DE DESCARGA K80,CONFORME ABNT NBR 16400.FORNECIMENTO E COLOCACAO","UN",35.549999999999997]
["15.003.0525-0","TUBO DE FERRO GALVANIZADO COM DIAMETRO DE 3/4\",COM COSTURA,PARA INSTALACOES DIVERSAS ENTERRADAS,INCLUSIVE CONEXOES,EMENDAS E PROTECAO ANTICORROSIVA.FORNECIMENTO E COLOCACAO","M",60.14,null,"15.003.0525-A","TUBO DE FERRO GALVANIZADO COM DIAMETRO DE 3/4\",COM COSTURA,PARA INSTALACOES DIVERSAS ENTERRADAS,INCLUSIVE CONEXOES,EMENDAS E PROTECAO ANTICORROSIVA.FORNECIMENTO E COLOCACAO","M",59.41]
["15.003.0555-0","TUBO DE FERRO GALVANIZADO COM DIAMETRO DE 4\",COM COSTURA,PARA INSTALACOES DIVERSAS ENTERRADAS,INCLUSIVE CONEXOES,EMENDASE PROTECAO ANTICORROSIVA.FORNECIMENTO E COLOCACAO","M",226.41,null,"15.003.0555-A","TUBO DE FERRO GALVANIZADO COM DIAMETRO DE 4\",COM COSTURA,PARA INSTALACOES DIVERSAS ENTERRADAS,INCLUSIVE CONEXOES,EMENDASE PROTECAO ANTICORROSIVA.FORNECIMENTO E COLOCACAO","M",224.59]
["15.003.0650-0","RODAPES METALICOS,CALHA DUPLA,PARA INSTALACOES ELETRICAS,TELEFONICA E DADOS,CONSTRUIDOS EM CHAPA DE ACO PRE GALVANIZADO,INCLUSIVE TODOS OS ACESSORIOS,MONTAGEM,CAIXA PARA 4 TOMADASDE ELETRICIDADE E LOGICA.FORNECIMENTO E COLOCACAO","M",167.38,null,"15.003.0650-A","RODAPES METALICOS,CALHA DUPLA,PARA INSTALACOES ELETRICAS,TELEFONICA E DADOS,CONSTRUIDOS EM CHAPA DE ACO PRE GALVANIZADO,INCLUSIVE TODOS OS ACESSORIOS,MONTAGEM,CAIXA PARA 4 TOMADASDE ELETRICIDADE E LOGICA.FORNECIMENTO E COLOCACAO","M",160.37]
["15.004.0010-0","ALCA PARA BARRILETE DE DISTRIBUICAO,DO TIPO CONCENTRADO,SOBRESERVATORIO DUPLO,INCLUSIVE RAMAIS PARA EXTRAVASOR E LIMPEZA COMPREENDENDO:5,50M DE TUBO DE PVC 50MM,REGISTROS E CONEXOES.FORNECIMENTO E INSTALACAO","UN",832.95,null,"15.004.0010-A","ALCA PARA BARRILETE DE DISTRIBUICAO,DO TIPO CONCENTRADO,SOBRESERVATORIO DUPLO,INCLUSIVE RAMAIS PARA EXTRAVASOR E LIMPEZA COMPREENDENDO:5,50M DE TUBO DE PVC 50MM,REGISTROS E CONEXOES.FORNECIMENTO E INSTALACAO","UN",811.43]
["15.004.0014-0","ALCA PARA BARRILETE DE DISTRIBUICAO,DO TIPO CONCENTRADO,SOBRESERVATORIO DUPLO,INCLUSIVE RAMAIS PARA EXTRAVASOR E LIMPEZA COMPREENDENDO:5,50M DE TUBO DE PVC 110MM,REGISTROS E CONEXOES.FORNECIMENTO E INSTALACAO","UN",4976.76,null,"15.004.0014-A","ALCA PARA BARRILETE DE DISTRIBUICAO,DO TIPO CONCENTRADO,SOBRESERVATORIO DUPLO,INCLUSIVE RAMAIS PARA EXTRAVASOR E LIMPEZA COMPREENDENDO:5,50M DE TUBO DE PVC 110MM,REGISTROS E CONEXOES.FORNECIMENTO E INSTALACAO","UN",4911.74]
["15.004.0045-0","INSTALACAO E ASSENTAMENTO DE CHUVEIRO(EXCLUSIVE FORNECIMENTODO APARELHO E REGISTRO),COMPREENDENDO:5,00M DE TUBO DE PVCDE 25MM,RALO SECO DE PVC 100MM COM GRELHA,2,00M DE TUBO DE PVC DE 40MM E CONEXOES","UN",305.42,null,"15.004.0045-A","INSTALACAO E ASSENTAMENTO DE CHUVEIRO(EXCLUSIVE FORNECIMENTODO APARELHO E REGISTRO),COMPREENDENDO:5,00M DE TUBO DE PVCDE 25MM,RALO SECO DE PVC 100MM COM GRELHA,2,00M DE TUBO DE PVC DE 40MM E CONEXOES","UN",289.66000000000003]
["15.004.0055-0","INSTALACAO E ASSENTAMENTO DE BANHEIRA(EXCLUSIVE FORNECIMENTODO APARELHO),COMPREENDENDO:3,00M DE TUBO PVC DE 25MM,3,00MDE TUBO DE PVC DE 40MM E CONEXOES","UN",391.95,null,"15.004.0055-A","INSTALACAO E ASSENTAMENTO DE BANHEIRA(EXCLUSIVE FORNECIMENTODO APARELHO),COMPREENDENDO:3,00M DE TUBO PVC DE 25MM,3,00MDE TUBO DE PVC DE 40MM E CONEXOES","UN",369.27]
["15.004.0059-0","INSTALACAO E ASSENTAMENTO DE DUCHINHA MANUAL PARA BANHEIRO(EXCLUSIVE FORNECIMENTO DO APARELHO),COMPREENDENDO:3,00M DE TUBO DE PVC DE 25MM E CONEXOES","UN",204.8,null,"15.004.0059-A","INSTALACAO E ASSENTAMENTO DE DUCHINHA MANUAL PARA BANHEIRO(EXCLUSIVE FORNECIMENTO DO APARELHO),COMPREENDENDO:3,00M DE TUBO DE PVC DE 25MM E CONEXOES","UN",192.55]
["15.004.0064-0","INSTALACAO E ASSENTAMENTO DE LAVATORIO DE 2 TORNEIRAS(EXCLUSIVE FORNECIMENTO DO APARELHO),COMPREENDENDO:3,00M DE TUBO DEPVC DE 25MM,2,00M DE TUBO DE PVC DE 40MM E CONEXOES","UN",307.27,null,"15.004.0064-A","INSTALACAO E ASSENTAMENTO DE LAVATORIO DE 2 TORNEIRAS(EXCLUSIVE FORNECIMENTO DO APARELHO),COMPREENDENDO:3,00M DE TUBO DEPVC DE 25MM,2,00M DE TUBO DE PVC DE 40MM E CONEXOES","UN",290.77999999999997]
["15.004.0075-0","INSTALACAO E ASSENTAMENTO DE CAIXA DE DESCARGA ELEVADA (EXCLUSIVE FORNECIMENTO DA CAIXA),COMPREENDENDO:2,00M DE TUBO DEPVC DE 25MM,CONEXOES E MONTAGEM","UN",229.2,null,"15.004.0075-A","INSTALACAO E ASSENTAMENTO DE CAIXA DE DESCARGA ELEVADA (EXCLUSIVE FORNECIMENTO DA CAIXA),COMPREENDENDO:2,00M DE TUBO DEPVC DE 25MM,CONEXOES E MONTAGEM","UN",216.11]
["15.004.0086-0","REPARO EM CAIXA DE DESCARGA ELEVADA.FORNECIMENTO E SUBSTITUICAO","UN",24.76,null,"15.004.0086-A","REPARO EM CAIXA DE DESCARGA ELEVADA.FORNECIMENTO E SUBSTITUICAO","UN",23.75]
["15.004.0103-0","INSTALACAO E ASSENTAMENTO DE BACIA SANITARIA INDIVIDUAL COMCAIXA ACOPLADA (EXCLUSIVE ESTES),PAVIMENTO ELEVADO,COMPREENDO:INSTALACAO HIDRAULICA C/2,00M TUBO DE PVC 25MM,C/CONEXOES,ATE A CAIXA ACOPLADA,LIGACAO DE ESGOTOS COM 3,00M DE TUBO DEPVC DE 100MM AOS TUBOS DE QUEDA E VENTILACAO,INCLUSIVE CONEXOES,EXCLUSIVE OS TUBOS DE QUEDA E VENTILACAO","UN",416.67,null,"15.004.0103-A","INSTALACAO E ASSENTAMENTO DE BACIA SANITARIA INDIVIDUAL COMCAIXA ACOPLADA (EXCLUSIVE ESTES),PAVIMENTO ELEVADO,COMPREENDO:INSTALACAO HIDRAULICA C/2,00M TUBO DE PVC 25MM,C/CONEXOES,ATE A CAIXA ACOPLADA,LIGACAO DE ESGOTOS COM 3,00M DE TUBO DEPVC DE 100MM AOS TUBOS DE QUEDA E VENTILACAO,INCLUSIVE CONEXOES,EXCLUSIVE OS TUBOS DE QUEDA E VENTILACAO","UN",393.99]
["15.004.0125-0","INSTALACAO E ASSENTAMENTO DE UMA BACIA SANITARIA E VALVULA DESCARGA (EXCL.ESTES) EM PAVIMENTO ELEVADO,PARTE DE UM CONJUNTO DOIS OU MAIS VASOS,COMPREENDENDO:INSTALACAO HIDRAULICA C/1,50M TUBO PVC 50MM,C/CONEXOES,ATE VALVULA DESCARGA,LIGACAOESGOTO C/2,00M TUBO PVC 100MM AOS TUBOS DE QUEDA E VENTILACAO,INCLUSIVE CONEXOES,EXCLUSIVE TUBOS QUEDA E VENTILACAO","UN",419.39,null,"15.004.0125-A","INSTALACAO E ASSENTAMENTO DE UMA BACIA SANITARIA E VALVULA DESCARGA (EXCL.ESTES) EM PAVIMENTO ELEVADO,PARTE DE UM CONJUNTO DOIS OU MAIS VASOS,COMPREENDENDO:INSTALACAO HIDRAULICA C/1,50M TUBO PVC 50MM,C/CONEXOES,ATE VALVULA DESCARGA,LIGACAOESGOTO C/2,00M TUBO PVC 100MM AOS TUBOS DE QUEDA E VENTILACAO,INCLUSIVE CONEXOES,EXCLUSIVE TUBOS QUEDA E VENTILACAO","UN",397.41]
["15.004.0150-0","INSTALACAO E ASSENTAMENTO DE UM LAVATORIO OU APARELHO DE INSTALACAO SEMELHANTE,EM BATERIA(EXCLUSIVE FORNECIMENTO DO APARELHO),COMPREENDENDO:1,00M DE TUBO DE PVC DE 32MM E 0,60M DETUBO DE PVC DE 25MM,COM CONEXOES E ESGOTAMENTO EM PVC DE 40MM,ATE O RALO SIFONADO","UN",331.11,null,"15.004.0150-A","INSTALACAO E ASSENTAMENTO DE UM LAVATORIO OU APARELHO DE INSTALACAO SEMELHANTE,EM BATERIA(EXCLUSIVE FORNECIMENTO DO APARELHO),COMPREENDENDO:1,00M DE TUBO DE PVC DE 32MM E 0,60M DETUBO DE PVC DE 25MM,COM CONEXOES E ESGOTAMENTO EM PVC DE 40MM,ATE O RALO SIFONADO","UN",313.88]
["15.004.0175-1","RALO SIFONADO DE PVC(150X185)X75MM RIGIDO EM PAVIMENTO ELEVADO,COM SAIDA DE 75MM SOLDAVEL,GRELHA REDONDA E PORTA-GRELHA,COMPREENDENDO:3,00M DE TUBO DE PVC DE 75MM E SUA LIGACAO AORAMAL DE QUEDA E VENTILACAO.FORNECIMENTO E INSTALACAO","UN",257.58,null,"15.004.0175-B","RALO SIFONADO DE PVC(150X185)X75MM RIGIDO EM PAVIMENTO ELEVADO,COM SAIDA DE 75MM SOLDAVEL,GRELHA REDONDA E PORTA-GRELHA,COMPREENDENDO:3,00M DE TUBO DE PVC DE 75MM E SUA LIGACAO AORAMAL DE QUEDA E VENTILACAO.FORNECIMENTO E INSTALACAO","UN",250.58]
["15.004.0176-0","RALO SIFONADO DE PVC RIGIDO (100X100)X50MM,EM PAVIMENTO ELEVADO,COM TAMPA CEGA,COM 1 ENTRADA DE 40MM E SAIDA DE 50MM,COMPREENDENDO:2,00M DE TUBO DE PVC DE 50MM SOLDAVEL,1,00M DE TUBO DE PVC DE 40MM E SUA LIGACAO AO RAMAL DE QUEDA E VENTILACAO.FORNECIMENTO E INSTALACAO","UN",157.36000000000001,null,"15.004.0176-A","RALO SIFONADO DE PVC RIGIDO (100X100)X50MM,EM PAVIMENTO ELEVADO,COM TAMPA CEGA,COM 1 ENTRADA DE 40MM E SAIDA DE 50MM,COMPREENDENDO:2,00M DE TUBO DE PVC DE 50MM SOLDAVEL,1,00M DE TUBO DE PVC DE 40MM E SUA LIGACAO AO RAMAL DE QUEDA E VENTILACAO.FORNECIMENTO E INSTALACAO","UN",150.35]
["15.004.0202-0","TUBO DE QUEDA EM PVC DE 100MM,INCLUSIVE \"T\" SANITARIO.FORNECIMENTO E ASSENTAMENTO","M",122.46,null,"15.004.0202-A","TUBO DE QUEDA EM PVC DE 100MM,INCLUSIVE \"T\" SANITARIO.FORNECIMENTO E ASSENTAMENTO","M",116.93]
["15.004.0212-0","TUBO PARA VENTILACAO EM PVC DE 75MM,INCLUSIVE CONEXOES.FORNECIMENTO E ASSENTAMENTO","M",30.73,null,"15.004.0212-A","TUBO PARA VENTILACAO EM PVC DE 75MM,INCLUSIVE CONEXOES.FORNECIMENTO E ASSENTAMENTO","M",29.68]
["15.004.0305-0","ADAPTADOR DE PVC RIGIDO SOLDAVEL,COM BOLSA SOLDAVEL E ROSCAMACHO,DIAMETRO NOMINAL DE 50MM.FORNECIMENTO","UN",5.25,null,"15.004.0305-A","ADAPTADOR DE PVC RIGIDO SOLDAVEL,COM BOLSA SOLDAVEL E ROSCAMACHO,DIAMETRO NOMINAL DE 50MM.FORNECIMENTO","UN",5.25]
["15.004.0310-0","CURVA DE 90° DE PVC RIGIDO,SOLDAVEL,DIAMETRO NOMINAL DE 50MME PRESSAO NOMINAL DE 80.FORNECIMENTO","UN",9.39,null,"15.004.0310-A","CURVA DE 90° DE PVC RIGIDO,SOLDAVEL,DIAMETRO NOMINAL DE 50MME PRESSAO NOMINAL DE 80.FORNECIMENTO","UN",9.39]
["15.004.0335-0","ASPERSOR DE IMPACTO,PARA IRRIGACAO,TIPO MINIREGA.FORNECIMENTO","UN",18.12,null,"15.004.0335-A","ASPERSOR DE IMPACTO,PARA IRRIGACAO,TIPO MINIREGA.FORNECIMENTO","UN",18.12]
["15.004.0700-0","ABRACADEIRA DE PVC OU NYLON,PARA AMARRACAO DE CABOS TELEFONICOS,COM UTILIZACAO DE PREGOS OU PARAFUSOS PARA FIXACAO,DIAMETRO DE 16MM.FORNECIMENTO E COLOCACAO","UN",5.34,null,"15.004.0700-A","ABRACADEIRA DE PVC OU NYLON,PARA AMARRACAO DE CABOS TELEFONICOS,COM UTILIZACAO DE PREGOS OU PARAFUSOS PARA FIXACAO,DIAMETRO DE 16MM.FORNECIMENTO E COLOCACAO","UN",5.04]
["15.005.0010-0","INSTALACAO E ASSENTAMENTO DE CHUVEIRO(EXCLUSIVE O FORNECIMENTO DO APARELHO,REGISTRO E ISOLAMENTO),COMPREENDENDO:5,00M DETUBO DE COBRE DE 22MM,SOLDAS E CONEXOES","UN",457.07,null,"15.005.0010-A","INSTALACAO E ASSENTAMENTO DE CHUVEIRO(EXCLUSIVE O FORNECIMENTO DO APARELHO,REGISTRO E ISOLAMENTO),COMPREENDENDO:5,00M DETUBO DE COBRE DE 22MM,SOLDAS E CONEXOES","UN",446.56]
["15.005.0040-1","INSTALACAO E ASSENTAMENTO DE PIA COM 1 CUBA(EXCLUSIVE O FORNECIMENTO DO APARELHO E ISOLAMENTO),COMPREENDENDO:6,00M DE TUBO DE COBRE DE 22MM,SOLDAS E CONEXOES","UN",441.69,null,"15.005.0040-B","INSTALACAO E ASSENTAMENTO DE PIA COM 1 CUBA(EXCLUSIVE O FORNECIMENTO DO APARELHO E ISOLAMENTO),COMPREENDENDO:6,00M DE TUBO DE COBRE DE 22MM,SOLDAS E CONEXOES","UN",432.94]
["15.005.0100-0","COLUNA DE COBRE DE 28MM,EXCLUSIVE PECAS DE DERIVACAO E ISOLAMENTO","M",116.79,null,"15.005.0100-A","COLUNA DE COBRE DE 28MM,EXCLUSIVE PECAS DE DERIVACAO E ISOLAMENTO","M",113.46]
["15.005.0180-0","ASSENTAMENTO DE UNIDADE CONDENSADORA VRF DE 8 A 12 HP,CONFORME ABNT NBR 16401,(VIDE FORNECIMENTO DO APARELHO NA FAMILIA18.030),INCLUSIVE BASE DE CONCRETO ARMADO E ACESSORIOS DE FIXACAO,EXCLUSIVE ALIMENTACAO ELETRICA E INTERLIGACAO DE UNIDADES VRF (VIDE ITENS 15.005.0226 A 15.005.0238)","UN",629.78,null,"15.005.0180-A","ASSENTAMENTO DE UNIDADE CONDENSADORA VRF DE 8 A 12 HP,CONFORME ABNT NBR 16401,(VIDE FORNECIMENTO DO APARELHO NA FAMILIA18.030),INCLUSIVE BASE DE CONCRETO ARMADO E ACESSORIOS DE FIXACAO,EXCLUSIVE ALIMENTACAO ELETRICA E INTERLIGACAO DE UNIDADES VRF (VIDE ITENS 15.005.0226 A 15.005.0238)","UN",606.44000000000005]
["15.005.0215-0","ASSENTAMENTO DE AR-CONDICIONADO SPLIT DE 9000 A 30000 BTU/H,COM 1 CONDENSADOR E 1 EVAPORADOR,CONFORME ABNT NBR 16655,(VIDE FORNECIMENTO DO APARELHO NA FAMILIA 18.030) INCLUSIVE ACESSORIOS DE FIXACAO,EXCLUSIVE ALIMENTACAO ELETRICA E INTERLIGACAO CONDENSADOR/EVAPORADOR (VIDE ITEM 15.005.0240)","UN",348.2,null,"15.005.0215-A","ASSENTAMENTO DE AR-CONDICIONADO SPLIT DE 9000 A 30000 BTU/H,COM 1 CONDENSADOR E 1 EVAPORADOR,CONFORME ABNT NBR 16655,(VIDE FORNECIMENTO DO APARELHO NA FAMILIA 18.030) INCLUSIVE ACESSORIOS DE FIXACAO,EXCLUSIVE ALIMENTACAO ELETRICA E INTERLIGACAO CONDENSADOR/EVAPORADOR (VIDE ITEM 15.005.0240)","UN",334.64]
["15.005.0225-0","ASSENTAMENTO DE AR-CONDICIONADO SPLIT DE 18000 E 24000 BTU/H,COM 1 CONDENSADOR E 2 EVAPORADORES,CONFORME ABNT NBR 16655,(VIDE FORNECIMENTO DO APARELHO NA FAMILIA 18.030)INCLUSIVE ACESSORIOS DE FIXACAO,EXCLUSIVE ALIMENTACAO ELETRICA E INTERLIGACAO CONDENSADOR/EVAPORADOR (VIDE ITEM 15.005.0240)","UN",526.23,null,"15.005.0225-A","ASSENTAMENTO DE AR-CONDICIONADO SPLIT DE 18000 E 24000 BTU/H,COM 1 CONDENSADOR E 2 EVAPORADORES,CONFORME ABNT NBR 16655,(VIDE FORNECIMENTO DO APARELHO NA FAMILIA 18.030)INCLUSIVE ACESSORIOS DE FIXACAO,EXCLUSIVE ALIMENTACAO ELETRICA E INTERLIGACAO CONDENSADOR/EVAPORADOR (VIDE ITEM 15.005.0240)","UN",502.55]
["15.005.0230-0","TUBULACAO EM COBRE PARA INTERLIGACAO DE UNIDADES VRF,COM DIAMETRO DE 3/4\",CONFORME ABNT NBR 16401,INCLUSIVE ISOLAMENTO TERMICO,SUPORTES E FIXACAO,EXCLUSIVE JUNTAS DE DERIVACAO (VIDE ITENS 15.005.0246 A 15.005.0250) E CABO BLINDADO (VIDE ITEM 15.010.0200).FORNECIMENTO E INSTALACAO","M",117.95,null,"15.005.0230-A","TUBULACAO EM COBRE PARA INTERLIGACAO DE UNIDADES VRF,COM DIAMETRO DE 3/4\",CONFORME ABNT NBR 16401,INCLUSIVE ISOLAMENTO TERMICO,SUPORTES E FIXACAO,EXCLUSIVE JUNTAS DE DERIVACAO (VIDE ITENS 15.005.0246 A 15.005.0250) E CABO BLINDADO (VIDE ITEM 15.010.0200).FORNECIMENTO E INSTALACAO","M",116.24]
["15.005.0233-0","TUBULACAO EM COBRE PARA INTERLIGACAO DE UNIDADES VRF,COM DIAMETRO DE 1.1/8,CONFORME ABNT NBR 16401,INCLUSIVE ISOLAMENTOTERMICO,SUPORTES E FIXACAO,EXCLUSIVE JUNTAS DE DERIVACAO (VIDE ITENS 15.005.0246 A 15.005.0250) E CABO BLINDADO (VIDE ITEM 15.010.0200).FORNECIMENTO E INSTALACAO","M",210.86,null,"15.005.0233-A","TUBULACAO EM COBRE PARA INTERLIGACAO DE UNIDADES VRF,COM DIAMETRO DE 1.1/8,CONFORME ABNT NBR 16401,INCLUSIVE ISOLAMENTOTERMICO,SUPORTES E FIXACAO,EXCLUSIVE JUNTAS DE DERIVACAO (VIDE ITENS 15.005.0246 A 15.005.0250) E CABO BLINDADO (VIDE ITEM 15.010.0200).FORNECIMENTO E INSTALACAO","M",209.14]
["15.005.0246-0","JUNTAS DE DERIVACAO EM Y PARA UNIDADES EVAPORADORAS VRF,COMMEDIDAS APROXIMADAS DE ENTRADA 15,9MM E SAIDAS 12,7MM (GAS)E ENTRADA 9,5MM E SAIDAS 6,4MM (LIQUIDO).FORNECIMENTO E INSTALACAO","UN",392.51,null,"15.005.0246-A","JUNTAS DE DERIVACAO EM Y PARA UNIDADES EVAPORADORAS VRF,COMMEDIDAS APROXIMADAS DE ENTRADA 15,9MM E SAIDAS 12,7MM (GAS)E ENTRADA 9,5MM E SAIDAS 6,4MM (LIQUIDO).FORNECIMENTO E INSTALACAO","UN",388.12]
["15.005.0247-0","JUNTAS DE DERIVACAO EM Y PARA UNIDADES EVAPORADORAS VRF,COMMEDIDAS APROXIMADAS DE ENTRADA 25,4MM E SAIDAS 19,1MM (GAS)E ENTRADA 12,7MM E SAIDAS 9,5MM (LIQUIDO).FORNECIMENTO E INSTALACAO","UN",495.35,null,"15.005.0247-A","JUNTAS DE DERIVACAO EM Y PARA UNIDADES EVAPORADORAS VRF,COMMEDIDAS APROXIMADAS DE ENTRADA 25,4MM E SAIDAS 19,1MM (GAS)E ENTRADA 12,7MM E SAIDAS 9,5MM (LIQUIDO).FORNECIMENTO E INSTALACAO","UN",490.24]
["15.005.0270-0","DUTO FLEXIVEL ALUMINIZADO COM ISOLAMENTO TERMICO EM LA DE VIDRO,SECAO CIRCULAR DE 10CM (4\").FORNECIMENTO E COLOCACAO","M",26.51,null,"15.005.0270-A","DUTO FLEXIVEL ALUMINIZADO COM ISOLAMENTO TERMICO EM LA DE VIDRO,SECAO CIRCULAR DE 10CM (4\").FORNECIMENTO E COLOCACAO","M",25.63]
["15.006.0010-0","CAIXA DE INCENDIO INTERNA PADRAO CBERJ,DE ACO,MEDINDO 70X50X25CM,COMPREENDENDO:2 LANCES DE 15,00M DE MANGUEIRA DE FIBRADE POLIESTER PURA,TIPO 2,REVESTIDA INTERNAMENTE COM BORRACHAVULCANIZADA NO DIAMETRO DE 1.1/2\",EMPATADA,COM REGISTRO,ADAPTADOR E ESGUICHO.FORNECIMENTO E COLOCACAO","UN",1349.22,null,"15.006.0010-A","CAIXA DE INCENDIO INTERNA PADRAO CBERJ,DE ACO,MEDINDO 70X50X25CM,COMPREENDENDO:2 LANCES DE 15,00M DE MANGUEIRA DE FIBRADE POLIESTER PURA,TIPO 2,REVESTIDA INTERNAMENTE COM BORRACHAVULCANIZADA NO DIAMETRO DE 1.1/2\",EMPATADA,COM REGISTRO,ADAPTADOR E ESGUICHO.FORNECIMENTO E COLOCACAO","UN",1345.01]
["15.006.0040-0","HIDRANTE SUBTERRANEO COMPLETO,EXCLUSIVE ESTE,CONSIDERANDO PECAS COMPLEMENTARES ATE O INICIO DA TUBULACAO HORIZONTAL E FORNECIMENTO DO MATERIAL DE REJUNTAMENTO.ASSENTAMENTO","UN",1355.56,null,"15.006.0040-A","HIDRANTE SUBTERRANEO COMPLETO,EXCLUSIVE ESTE,CONSIDERANDO PECAS COMPLEMENTARES ATE O INICIO DA TUBULACAO HORIZONTAL E FORNECIMENTO DO MATERIAL DE REJUNTAMENTO.ASSENTAMENTO","UN",1324.6]
["15.007.0206-0","HASTE PARA ATERRAMENTO,DE COBRE DE 3/4\" (19MM),COM 2,40M DECOMPRIMENTO.FORNECIMENTO E COLOCACAO","UN",106.8,null,"15.007.0206-A","HASTE PARA ATERRAMENTO,DE COBRE DE 3/4\" (19MM),COM 2,40M DECOMPRIMENTO.FORNECIMENTO E COLOCACAO","UN",105.92]
["15.007.0214-0","SUPORTE PARA FIXACAO DE CABO PARA PARA-RAIO,COM 20CM DE COMPRIMENTO,COM ISOLADOR.FORNECIMENTO E COLOCACAO","UN",32.18,null,"15.007.0214-A","SUPORTE PARA FIXACAO DE CABO PARA PARA-RAIO,COM 20CM DE COMPRIMENTO,COM ISOLADOR.FORNECIMENTO E COLOCACAO","UN",30.78]
["15.007.0285-0","SECCIONADOR TRIPOLAR,ACIONAMENTO SIMULTANEO,COMANDO POR PUNHO DE MANOBRA,15KV-400A.FORNECIMENTO E COLOCACAO","UN",987,null,"15.007.0285-A","SECCIONADOR TRIPOLAR,ACIONAMENTO SIMULTANEO,COMANDO POR PUNHO DE MANOBRA,15KV-400A.FORNECIMENTO E COLOCACAO","UN",983.5]
["15.007.0340-0","VERGALHAO DE COBRE DE 3/8\".FORNECIMENTO E COLOCACAO","M",136.75,null,"15.007.0340-A","VERGALHAO DE COBRE DE 3/8\".FORNECIMENTO E COLOCACAO","M",135.53]
["15.007.0347-0","ISOLADOR DE SUSPENSAO(DISCO),TIPO CAVILHA CLASSE 15KV.FORNECIMENTO E COLOCACAO","UN",108.47,null,"15.007.0347-A","ISOLADOR DE SUSPENSAO(DISCO),TIPO CAVILHA CLASSE 15KV.FORNECIMENTO E COLOCACAO","UN",106.72]
["15.007.0400-0","QUADRO DE DISTRIBUICAO DE ENERGIA PARA DISJUNTORES TERMO-MAGNETICOS UNIPOLARES,DE SOBREPOR,COM PORTA E BARRAMENTOS DE FASE,NEUTRO E TERRA,PARA INSTALACAO DE ATE 4 DISJUNTORES SEMDISPOSITIVO PARA CHAVE GERAL.FORNECIMENTO E COLOCACAO","UN",129.12,null,"15.007.0400-A","QUADRO DE DISTRIBUICAO DE ENERGIA PARA DISJUNTORES TERMO-MAGNETICOS UNIPOLARES,DE SOBREPOR,COM PORTA E BARRAMENTOS DE FASE,NEUTRO E TERRA,PARA INSTALACAO DE ATE 4 DISJUNTORES SEMDISPOSITIVO PARA CHAVE GERAL.FORNECIMENTO E COLOCACAO","UN",122.82]
["15.007.0435-0","QUADRO DE DISTRIBUICAO DE ENERGIA,150A,PARA DISJUNTORES TERMO-MAGNETICOS UNIPOLARES,DE SOBREPOR,COM PORTA E BARRAMENTOSDE FASE,NEUTRO E TERRA,TRIFASICO,PARA INSTALACAO DE ATE 50 DISJUNTORES COM DISPOSITIVO PARA CHAVE GERAL.FORNECIMENTO E COLOCACAO","UN",1492.94,null,"15.007.0435-A","QUADRO DE DISTRIBUICAO DE ENERGIA,150A,PARA DISJUNTORES TERMO-MAGNETICOS UNIPOLARES,DE SOBREPOR,COM PORTA E BARRAMENTOSDE FASE,NEUTRO E TERRA,TRIFASICO,PARA INSTALACAO DE ATE 50 DISJUNTORES COM DISPOSITIVO PARA CHAVE GERAL.FORNECIMENTO E COLOCACAO","UN",1477.18]
["15.007.0501-0","QUADRO DE DISTRIBUICAO DE ENERGIA PARA DISJUNTORES TERMO-MAGNETICOS UNIPOLARES,DE EMBUTIR,COM PORTA E BARRAMENTOS DE FASE,NEUTRO E TERRA,PARA INSTALACAO DE ATE 12 DISJUNTORES SEM DISPOSITIVO PARA CHAVE GERAL.FORNECIMENTO E COLOCACAO","UN",187.02,null,"15.007.0501-A","QUADRO DE DISTRIBUICAO DE ENERGIA PARA DISJUNTORES TERMO-MAGNETICOS UNIPOLARES,DE EMBUTIR,COM PORTA E BARRAMENTOS DE FASE,NEUTRO E TERRA,PARA INSTALACAO DE ATE 12 DISJUNTORES SEM DISPOSITIVO PARA CHAVE GERAL.FORNECIMENTO E COLOCACAO","UN",178.26]
["15.007.0504-0","QUADRO DE DISTRIBUICAO DE ENERGIA,100A,PARA DISJUNTORES TERMO-MAGNETICOS UNIPOLARES,DE EMBUTIR,COM PORTA E BARRAMENTOS DE FASE,NEUTRO E TERRA,TRIFASICO,PARA INSTALACAO DE ATE 18 DISJUNTORES COM DISPOSITIVO PARA CHAVE GERAL.FORNECIMENTO E COLOCACAO","UN",426.76,null,"15.007.0504-A","QUADRO DE DISTRIBUICAO DE ENERGIA,100A,PARA DISJUNTORES TERMO-MAGNETICOS UNIPOLARES,DE EMBUTIR,COM PORTA E BARRAMENTOS DE FASE,NEUTRO E TERRA,TRIFASICO,PARA INSTALACAO DE ATE 18 DISJUNTORES COM DISPOSITIVO PARA CHAVE GERAL.FORNECIMENTO E COLOCACAO","UN",416.26]
["15.007.0517-0","QUADRO DE DISTRIBUICAO DE ENERGIA,150A,PARA DISJUNTORES TERMO-MAGNETICOS UNIPOLARES,DE EMBUTIR,COM PORTA E BARRAMENTOS DE FASE,NEUTRO E TERRA,TRIFASICO,PARA INSTALACAO DE ATE 50 DISJUNTORES COM DISPOSITIVO PARA CHAVE GERAL.FORNECIMENTO E COLOCACAO","UN",1399.71,null,"15.007.0517-A","QUADRO DE DISTRIBUICAO DE ENERGIA,150A,PARA DISJUNTORES TERMO-MAGNETICOS UNIPOLARES,DE EMBUTIR,COM PORTA E BARRAMENTOS DE FASE,NEUTRO E TERRA,TRIFASICO,PARA INSTALACAO DE ATE 50 DISJUNTORES COM DISPOSITIVO PARA CHAVE GERAL.FORNECIMENTO E COLOCACAO","UN",1376.95]
["15.007.0525-0","DISJUNTOR/INTERRUPTOR DIFERENCIAL RESIDUAL(DDR),CLASSE AC,4POLOS,INSTANTANEO,CORRENTE NOMINAL(IN)40AX415V,SENSIBILIDADE30MA/300MA.FORNECIMENTO E COLOCACAO","UN",134.97,null,"15.007.0525-A","DISJUNTOR/INTERRUPTOR DIFERENCIAL RESIDUAL(DDR),CLASSE AC,4POLOS,INSTANTANEO,CORRENTE NOMINAL(IN)40AX415V,SENSIBILIDADE30MA/300MA.FORNECIMENTO E COLOCACAO","UN",134.4]
["15.007.0530-0","FUSIVEL DIAZED,DE 2A,COM BASE,TAMPA,ANEL E PARAFUSO DE AJUSTE.FORNECIMENTO E INSTALACAO","UN",59.41,null,"15.007.0530-A","FUSIVEL DIAZED,DE 2A,COM BASE,TAMPA,ANEL E PARAFUSO DE AJUSTE.FORNECIMENTO E INSTALACAO","UN",58.71]
["15.007.0532-0","FUSIVEL DIAZED,DE 16A,COM BASE,TAMPA,ANEL E PARAFUSO DE AJUSTE.FORNECIMENTO E INSTALACAO","UN",60.41,null,"15.007.0532-A","FUSIVEL DIAZED,DE 16A,COM BASE,TAMPA,ANEL E PARAFUSO DE AJUSTE.FORNECIMENTO E INSTALACAO","UN",59.71]
["15.007.0550-0","FUSIVEL CARTUCHO,DE 15 A 30A,250V,FIXO.FORNECIMENTO E COLOCACAO","UN",11.31,null,"15.007.0550-A","FUSIVEL CARTUCHO,DE 15 A 30A,250V,FIXO.FORNECIMENTO E COLOCACAO","UN",11]
["15.007.0560-0","FUSIVEL FACA DE 500 A 600A,250V,FIXO.FORNECIMENTO E COLOCACAO","UN",788.19,null,"15.007.0560-A","FUSIVEL FACA DE 500 A 600A,250V,FIXO.FORNECIMENTO E COLOCACAO","UN",787.18]
["15.007.0570-0","DISJUNTOR TERMOMAGNETICO,MONOPOLAR,DE 10 A 32A,3KA,MODELO DIN,TIPO C.FORNECIMENTO E COLOCACAO","UN",13.61,null,"15.007.0570-A","DISJUNTOR TERMOMAGNETICO,MONOPOLAR,DE 10 A 32A,3KA,MODELO DIN,TIPO C.FORNECIMENTO E COLOCACAO","UN",13.17]
["15.007.0575-0","DISJUNTOR TERMOMAGNETICO,BIPOLAR,DE 10 A 32A,3KA,MODELO DIN,TIPO C.FORNECIMENTO E COLOCACAO","UN",34.799999999999997,null,"15.007.0575-A","DISJUNTOR TERMOMAGNETICO,BIPOLAR,DE 10 A 32A,3KA,MODELO DIN,TIPO C.FORNECIMENTO E COLOCACAO","UN",34.31]
["15.007.0578-0","DISJUNTOR TERMOMAGNETICO,BIPOLAR,DE 80 A 100A,3KA,MODELO DIN,TIPO C.FORNECIMENTO E COLOCACAO","UN",97.62,null,"15.007.0578-A","DISJUNTOR TERMOMAGNETICO,BIPOLAR,DE 80 A 100A,3KA,MODELO DIN,TIPO C.FORNECIMENTO E COLOCACAO","UN",97.13]
["15.007.0608-0","DISJUNTOR TERMOMAGNETICO,TRIPOLAR,DE 125 A 160A,50KA,MODELOCAIXA MOLDADA,TIPO C.FORNECIMENTO E COLOCACAO","UN",350.82,null,"15.007.0608-A","DISJUNTOR TERMOMAGNETICO,TRIPOLAR,DE 125 A 160A,50KA,MODELOCAIXA MOLDADA,TIPO C.FORNECIMENTO E COLOCACAO","UN",350.29]
["15.007.0617-0","DISJUNTOR TERMOMAGNETICO,TRIPOLAR,DE 800A,85KA,MODELO CAIXAMOLDADA,TIPO C.FORNECIMENTO E COLOCACAO","UN",2917.59,null,"15.007.0617-A","DISJUNTOR TERMOMAGNETICO,TRIPOLAR,DE 800A,85KA,MODELO CAIXAMOLDADA,TIPO C.FORNECIMENTO E COLOCACAO","UN",2917.06]
["15.007.0640-0","DISPOSITIVO DE PROTECAO CONTRA SURTO (DPS),CLASSE II,1 POLO,TENSAO 175V,CORRENTES APROXIMADAS DE DESCARGA NOMINAL E MAXIMA DE 8KA E 20KA.FORNECIMENTO E COLOCACAO","UN",49.09,null,"15.007.0640-A","DISPOSITIVO DE PROTECAO CONTRA SURTO (DPS),CLASSE II,1 POLO,TENSAO 175V,CORRENTES APROXIMADAS DE DESCARGA NOMINAL E MAXIMA DE 8KA E 20KA.FORNECIMENTO E COLOCACAO","UN",48.65]
["15.007.0647-0","DISPOSITIVO DE PROTECAO CONTRA SURTO (DPS),CLASSE II,1 POLO,TENSAO 275V,CORRENTES APROXIMADAS DE DESCARGA NOMINAL E MAXIMA DE 30KA E 90KA.FORNECIMENTO E COLOCACAO","UN",208.78,null,"15.007.0647-A","DISPOSITIVO DE PROTECAO CONTRA SURTO (DPS),CLASSE II,1 POLO,TENSAO 275V,CORRENTES APROXIMADAS DE DESCARGA NOMINAL E MAXIMA DE 30KA E 90KA.FORNECIMENTO E COLOCACAO","UN",208.34]
["15.007.0684-0","CHAVE BLINDADA,TRIPOLAR,DE 250V,DE 100A.FORNECIMENTO E COLOCACAO","UN",1376.91,null,"15.007.0684-A","CHAVE BLINDADA,TRIPOLAR,DE 250V,DE 100A.FORNECIMENTO E COLOCACAO","UN",1375.51]
["15.007.0710-0","ARMACAO SECUNDARIA OU REX PARA 2 LINHAS,COMPLETA.FORNECIMENTO E COLOCACAO","UN",161.76,null,"15.007.0710-A","ARMACAO SECUNDARIA OU REX PARA 2 LINHAS,COMPLETA.FORNECIMENTO E COLOCACAO","UN",156.51]
["15.007.0711-0","ARMACAO SECUNDARIA OU REX PARA 3 LINHAS,COMPLETA.FORNECIMENTO E COLOCACAO","UN",237.63,null,"15.007.0711-A","ARMACAO SECUNDARIA OU REX PARA 3 LINHAS,COMPLETA.FORNECIMENTO E COLOCACAO","UN",231.33]
["15.008.0025-0","FIO DE COBRE COM ISOLAMENTO TERMOPLASTICO,ANTICHAMA,COMPREENDENDO:PREPARO,CORTE E ENFIACAO EM ELETRODUTOS,NA BITOLA DE 4MM2,450/750V.FORNECIMENTO E COLOCACAO","M",6.64,null,"15.008.0025-A","FIO DE COBRE COM ISOLAMENTO TERMOPLASTICO,ANTICHAMA,COMPREENDENDO:PREPARO,CORTE E ENFIACAO EM ELETRODUTOS,NA BITOLA DE 4MM2,450/750V.FORNECIMENTO E COLOCACAO","M",6.43]
["15.008.0095-0","CABO DE COBRE FLEXIVEL COM ISOLAMENTO TERMOPLASTICO,COMPREENDENDO:PREPARO,CORTE E ENFIACAO EM ELETRODUTOS,NA BITOLA DE 6MM2, 450/750V.FORNECIMENTO E COLOCACAO","M",9.19,null,"15.008.0095-A","CABO DE COBRE FLEXIVEL COM ISOLAMENTO TERMOPLASTICO,COMPREENDENDO:PREPARO,CORTE E ENFIACAO EM ELETRODUTOS,NA BITOLA DE 6MM2, 450/750V.FORNECIMENTO E COLOCACAO","M",8.9499999999999993]
["15.008.0115-0","CABO DE COBRE FLEXIVEL COM ISOLAMENTO TERMOPLASTICO,COMPREENDENDO:PREPARO,CORTE E ENFIACAO EM ELETRODUTOS,NA BITOLA DE 50MM2, 450/750V.FORNECIMENTO E COLOCACAO","M",55.82,null,"15.008.0115-A","CABO DE COBRE FLEXIVEL COM ISOLAMENTO TERMOPLASTICO,COMPREENDENDO:PREPARO,CORTE E ENFIACAO EM ELETRODUTOS,NA BITOLA DE 50MM2, 450/750V.FORNECIMENTO E COLOCACAO","M",55.12]
["15.008.0135-0","CABO DE COBRE FLEXIVEL COM ISOLAMENTO TERMOPLASTICO,COMPREENDENDO:PREPARO,CORTE E ENFIACAO EM ELETRODUTOS,NA BITOLA DE 150MM2, 450/750V.FORNECIMENTO E COLOCACAO","M",160.87,null,"15.008.0135-A","CABO DE COBRE FLEXIVEL COM ISOLAMENTO TERMOPLASTICO,COMPREENDENDO:PREPARO,CORTE E ENFIACAO EM ELETRODUTOS,NA BITOLA DE 150MM2, 450/750V.FORNECIMENTO E COLOCACAO","M",159.47]
["15.008.0150-0","CABO DE COBRE FLEXIVEL COM ISOLAMENTO TERMOPLASTICO,COMPREENDENDO:PREPARO,CORTE E ENFIACAO EM ELETRODUTOS,NA BITOLA DE 300M2, 450/750V.FORNECIMENTO E COLOCACAO","M",273.31,null,"15.008.0150-A","CABO DE COBRE FLEXIVEL COM ISOLAMENTO TERMOPLASTICO,COMPREENDENDO:PREPARO,CORTE E ENFIACAO EM ELETRODUTOS,NA BITOLA DE 300M2, 450/750V.FORNECIMENTO E COLOCACAO","M",271.38]
["15.008.0163-0","CABO DE COBRE COM ISOLACAO SOLIDA EXTRUDADA,COM BAIXA EMISSAO DE FUMACA,BIPOLAR,2X10MM2,ISOLAMENTO 0,6/1KV,COMPREENDENDO:PREPARO,CORTE E ENFIACAO EM ELETRODUTOS.FORNECIMENTO E COLOCACAO","M",24.01,null,"15.008.0163-A","CABO DE COBRE COM ISOLACAO SOLIDA EXTRUDADA,COM BAIXA EMISSAO DE FUMACA,BIPOLAR,2X10MM2,ISOLAMENTO 0,6/1KV,COMPREENDENDO:PREPARO,CORTE E ENFIACAO EM ELETRODUTOS.FORNECIMENTO E COLOCACAO","M",23.76]
["15.008.0175-0","CABO DE COBRE COM ISOLACAO SOLIDA EXTRUDADA,COM BAIXA EMISSAO DE FUMACA,UNIPOLAR,1X4MM2,ISOLAMENTO 0,6/1KV,COMPREENDENDO:PREPARO,CORTE E ENFIACAO EM ELETRODUTOS.FORNECIMENTO E COLOCACAO","M",7.31,null,"15.008.0175-A","CABO DE COBRE COM ISOLACAO SOLIDA EXTRUDADA,COM BAIXA EMISSAO DE FUMACA,UNIPOLAR,1X4MM2,ISOLAMENTO 0,6/1KV,COMPREENDENDO:PREPARO,CORTE E ENFIACAO EM ELETRODUTOS.FORNECIMENTO E COLOCACAO","M",7.1]
["15.008.0177-0","CABO DE COBRE COM ISOLACAO SOLIDA EXTRUDADA,COM BAIXA EMISSAO DE FUMACA,UNIPOLAR,1X6MM2,ISOLAMENTO 0,6/1KV,COMPREENDENDO:PREPARO,CORTE E ENFIACAO EM ELETRODUTOS.FORNECIMENTO E COLOCACAO","M",9.56,null,"15.008.0177-A","CABO DE COBRE COM ISOLACAO SOLIDA EXTRUDADA,COM BAIXA EMISSAO DE FUMACA,UNIPOLAR,1X6MM2,ISOLAMENTO 0,6/1KV,COMPREENDENDO:PREPARO,CORTE E ENFIACAO EM ELETRODUTOS.FORNECIMENTO E COLOCACAO","M",9.32]
["15.008.0187-0","CABO DE COBRE COM ISOLACAO SOLIDA EXTRUDADA,COM BAIXA EMISSAO DE FUMACA,UNIPOLAR,1X50MM2,ISOLAMENTO 0,6/1KV,COMPREENDENDO:PREPARO,CORTE E ENFIACAO EM ELETRODUTOS.FORNECIMENTO E COLOCACAO","M",53.4,null,"15.008.0187-A","CABO DE COBRE COM ISOLACAO SOLIDA EXTRUDADA,COM BAIXA EMISSAO DE FUMACA,UNIPOLAR,1X50MM2,ISOLAMENTO 0,6/1KV,COMPREENDENDO:PREPARO,CORTE E ENFIACAO EM ELETRODUTOS.FORNECIMENTO E COLOCACAO","M",52.7]
["15.008.0193-0","CABO DE COBRE COM ISOLACAO SOLIDA EXTRUDADA,COM BAIXA EMISSAO DE FUMACA,UNIPOLAR,1X120MM2,ISOLAMENTO 0,6/1KV,COMPREENDENDO:PREPARO,CORTE E ENFIACAO EM ELETRODUTOS.FORNECIMENTO E COLOCACAO","M",120.26,null,"15.008.0193-A","CABO DE COBRE COM ISOLACAO SOLIDA EXTRUDADA,COM BAIXA EMISSAO DE FUMACA,UNIPOLAR,1X120MM2,ISOLAMENTO 0,6/1KV,COMPREENDENDO:PREPARO,CORTE E ENFIACAO EM ELETRODUTOS.FORNECIMENTO E COLOCACAO","M",119.03]
["15.008.0220-0","CABO DE COBRE FLEXIVEL COM ISOLAMENTO TERMOPLASTICO,COMPREENDENDO:PREPARO,CORTE E ENFIACAO EM ELETRODUTOS,NA BITOLA DE 10MM2, 0,6/1KV.FORNECIMENTO E COLOCACAO","M",14.95,null,"15.008.0220-A","CABO DE COBRE FLEXIVEL COM ISOLAMENTO TERMOPLASTICO,COMPREENDENDO:PREPARO,CORTE E ENFIACAO EM ELETRODUTOS,NA BITOLA DE 10MM2, 0,6/1KV.FORNECIMENTO E COLOCACAO","M",14.67]
["15.008.0225-0","CABO DE COBRE FLEXIVEL COM ISOLAMENTO TERMOPLASTICO,COMPREENDENDO:PREPARO,CORTE E ENFIACAO EM ELETRODUTOS,NA BITOLA DE 16MM2, 0,6/1KV.FORNECIMENTO E COLOCACAO","M",21.29,null,"15.008.0225-A","CABO DE COBRE FLEXIVEL COM ISOLAMENTO TERMOPLASTICO,COMPREENDENDO:PREPARO,CORTE E ENFIACAO EM ELETRODUTOS,NA BITOLA DE 16MM2, 0,6/1KV.FORNECIMENTO E COLOCACAO","M",20.98]
["15.008.0245-0","CABO DE COBRE FLEXIVEL COM ISOLAMENTO TERMOPLASTICO,COMPREENDENDO:PREPARO,CORTE E ENFIACAO EM ELETRODUTOS,NA BITOLA DE 95MM2, 0,6/1KV.FORNECIMENTO E COLOCACAO","M",111.06,null,"15.008.0245-A","CABO DE COBRE FLEXIVEL COM ISOLAMENTO TERMOPLASTICO,COMPREENDENDO:PREPARO,CORTE E ENFIACAO EM ELETRODUTOS,NA BITOLA DE 95MM2, 0,6/1KV.FORNECIMENTO E COLOCACAO","M",110.01]
["15.008.0300-0","FIO PARALELO DE COBRE,COM ISOLAMENTO TERMOPLASTICO,NA BITOLA2X1,5MM2.FORNECIMENTO E COLOCACAO","M",5.75,null,"15.008.0300-A","FIO PARALELO DE COBRE,COM ISOLAMENTO TERMOPLASTICO,NA BITOLA2X1,5MM2.FORNECIMENTO E COLOCACAO","M",5.58]
["15.008.0391-0","CABO DE COBRE COM ISOLAMENTO TERMOPLASTICO PARA TENSAO DE SERVICO DE 8,7/15KV,COMPREENDENDO:PREPARO,CORTE E ENFIACAO EMELETRODUTO,NA BITOLA DE 25MM2.FORNECIMENTO E COLOCACAO","M",66.73,null,"15.008.0391-A","CABO DE COBRE COM ISOLAMENTO TERMOPLASTICO PARA TENSAO DE SERVICO DE 8,7/15KV,COMPREENDENDO:PREPARO,CORTE E ENFIACAO EMELETRODUTO,NA BITOLA DE 25MM2.FORNECIMENTO E COLOCACAO","M",66.38]
["15.008.0394-0","CABO DE COBRE COM ISOLAMENTO TERMOPLASTICO PARA TENSAO DE SERVICO DE 8,7/15KV,COMPREENDENDO:PREPARO,CORTE E ENFIACAO EMELETRODUTO,NA BITOLA DE 70MM2.FORNECIMENTO E COLOCACAO","M",115.97,null,"15.008.0394-A","CABO DE COBRE COM ISOLAMENTO TERMOPLASTICO PARA TENSAO DE SERVICO DE 8,7/15KV,COMPREENDENDO:PREPARO,CORTE E ENFIACAO EMELETRODUTO,NA BITOLA DE 70MM2.FORNECIMENTO E COLOCACAO","M",115.09]
["15.009.0025-0","EXTENSAO DE REDE ELETRICA DE BAIXA TENSAO,AEREA,COM CABO DECOBRE NU 35MM2,EM TERRENO PLANO,EXCLUSIVE POSTES E TODOS OSSEUS COMPONENTES","M",60.32,null,"15.009.0025-A","EXTENSAO DE REDE ELETRICA DE BAIXA TENSAO,AEREA,COM CABO DECOBRE NU 35MM2,EM TERRENO PLANO,EXCLUSIVE POSTES E TODOS OSSEUS COMPONENTES","M",59.26]
["15.009.0120-0","FIO SOLIDO DE COBRE ELETROLITICO NU,TEMPERA MEIO-DURA,CLASSE1,SECAO CIRCULAR 6MM2,CONFORME ABNT NBR 5111.FORNECIMENTO ECOLOCACAO","M",6.76,null,"15.009.0120-A","FIO SOLIDO DE COBRE ELETROLITICO NU,TEMPERA MEIO-DURA,CLASSE1,SECAO CIRCULAR 6MM2,CONFORME ABNT NBR 5111.FORNECIMENTO ECOLOCACAO","M",6.69]
["15.009.0143-0","CABO SOLIDO DE COBRE ELETROLITICO NU,TEMPERA MOLE,CLASSE 2,SECAO CIRCULAR DE 50MM2.FORNECIMENTO E COLOCACAO","M",51.62,null,"15.009.0143-A","CABO SOLIDO DE COBRE ELETROLITICO NU,TEMPERA MOLE,CLASSE 2,SECAO CIRCULAR DE 50MM2.FORNECIMENTO E COLOCACAO","M",51.27]
["15.009.0155-0","CABO SOLIDO DE COBRE ELETROLITICO NU,TEMPERA MOLE,CLASSE 2,SECAO CIRCULAR DE 95MM2.FORNECIMENTO E COLOCACAO","M",93.02,null,"15.009.0155-A","CABO SOLIDO DE COBRE ELETROLITICO NU,TEMPERA MOLE,CLASSE 2,SECAO CIRCULAR DE 95MM2.FORNECIMENTO E COLOCACAO","M",92.6]
["15.010.0032-0","CABO TELEFONICO TIPO CTP-APL 50(PARA INSTALACOES SUBTERRANEAS ESPECIAIS)PARA 30 PARES.FORNECIMENTO E COLOCACAO","M",31.59,null,"15.010.0032-A","CABO TELEFONICO TIPO CTP-APL 50(PARA INSTALACOES SUBTERRANEAS ESPECIAIS)PARA 30 PARES.FORNECIMENTO E COLOCACAO","M",31.31]
["15.010.0045-0","CABO TELEFONICO TIPO CI(PARA INSTALACOES INTERNAS PRIMARIAS)PARA 100 PARES.FORNECIMENTO E COLOCACAO","M",57.76,null,"15.010.0045-A","CABO TELEFONICO TIPO CI(PARA INSTALACOES INTERNAS PRIMARIAS)PARA 100 PARES.FORNECIMENTO E COLOCACAO","M",57.27]
["15.010.0060-0","CABO TELEFONICO CCE,DIAMETRO DO CONDUTOR 0,50MM,PARA 2 PARES.FORNECIMENTO E COLOCACAO","M",5.21,null,"15.010.0060-A","CABO TELEFONICO CCE,DIAMETRO DO CONDUTOR 0,50MM,PARA 2 PARES.FORNECIMENTO E COLOCACAO","M",5.14]
["15.010.0061-0","CABO TELEFONICO CCE,DIAMETRO DO CONDUTOR 0,50MM,PARA 4 PARES.FORNECIMENTO E COLOCACAO","M",7.08,null,"15.010.0061-A","CABO TELEFONICO CCE,DIAMETRO DO CONDUTOR 0,50MM,PARA 4 PARES.FORNECIMENTO E COLOCACAO","M",6.98]
["15.010.0066-0","CABO TELEFONICO CCE,DIAMETRO DO CONDUTOR 0,65MM,PARA 5 PARES.FORNECIMENTO E COLOCACAO","M",9.49,null,"15.010.0066-A","CABO TELEFONICO CCE,DIAMETRO DO CONDUTOR 0,65MM,PARA 5 PARES.FORNECIMENTO E COLOCACAO","M",9.31]
["15.010.0072-0","CABO TELEFONICO CCI,DIAMETRO DO CONDUTOR 0,50MM,PARA 5 PARES.FORNECIMENTO E COLOCACAO","M",5.45,null,"15.010.0072-A","CABO TELEFONICO CCI,DIAMETRO DO CONDUTOR 0,50MM,PARA 5 PARES.FORNECIMENTO E COLOCACAO","M",5.27]
["15.011.0015-0","ENTRADA ENERGIA INDIVIDUAL,PADRAO ENEL,MEDICAO DIRETA,REDE AEREA,10KVA E 24KVA,TRIFASICA,INCL.CAIXA POLIMERICA P/MEDICAODIRETA POLIFASICA E CAIXA POLIMERICA P/DUSJUNTOR POLIFASICO(ATE 100A) INTERNA,POLICARBONATO TAMPA TRANSPARENTE,CAIXA INSPECAO,HASTE E CONECTOR ATERRAMENTO,MAT.NECES.EXCL.POSTE,DISJUNTOR E CONDUTORES (ENTR.SAIDA,ATERRAMENTO E CONECTORES)","UN",418.49,null,"15.011.0015-A","ENTRADA ENERGIA INDIVIDUAL,PADRAO ENEL,MEDICAO DIRETA,REDE AEREA,10KVA E 24KVA,TRIFASICA,INCL.CAIXA POLIMERICA P/MEDICAODIRETA POLIFASICA E CAIXA POLIMERICA P/DUSJUNTOR POLIFASICO(ATE 100A) INTERNA,POLICARBONATO TAMPA TRANSPARENTE,CAIXA INSPECAO,HASTE E CONECTOR ATERRAMENTO,MAT.NECES.EXCL.POSTE,DISJUNTOR E CONDUTORES (ENTR.SAIDA,ATERRAMENTO E CONECTORES)","UN",410.51]
["15.011.0016-0","ENTRADA ENERGIA INDIVIDUAL,PADRAO ENEL,MEDICAO DIRETA,REDE AEREA,24KVA E 38KVA,TRIFASICA,INCL.CAIXA POLIMERICA P/MEDICAODIRETA POLIFASICA E CAIXA POLIMERICA P/DISJUNTOR POLIFASICO(ATE 100A) INTERNA,POLICARBONATO TAMPA TRANSPARENTE,CAIXA INSPECAO,HASTE E CONECTOR ATERRAMENTO,MAT.NECES.EXCL.POSTE,DISJUNTOR E CONDUTORES (ENTR.SAIDA,ATERRAMENTO E CONECTORES)","UN",551.07000000000005,null,"15.011.0016-A","ENTRADA ENERGIA INDIVIDUAL,PADRAO ENEL,MEDICAO DIRETA,REDE AEREA,24KVA E 38KVA,TRIFASICA,INCL.CAIXA POLIMERICA P/MEDICAODIRETA POLIFASICA E CAIXA POLIMERICA P/DISJUNTOR POLIFASICO(ATE 100A) INTERNA,POLICARBONATO TAMPA TRANSPARENTE,CAIXA INSPECAO,HASTE E CONECTOR ATERRAMENTO,MAT.NECES.EXCL.POSTE,DISJUNTOR E CONDUTORES (ENTR.SAIDA,ATERRAMENTO E CONECTORES)","UN",539.9]
["15.011.0028-0","ENTRADA ENERGIA INDIVIDUAL,PADRAO LIGHT,MEDICAO DIRETA,REDEAEREA,38KVA E 57KVA,INCL.CAIXA POLIMERICA P/MEDICAO DIRETA POLIFASICA(CM200-P) CAIXA DE PROTECAO GERAL(CPG200) INTERNA,POLICARBONATO TAMPA TRANSPARENTE,CAIXA INSPECAO,3 HASTES E CONECTORES ATERRAMENTO,E MAT.NECES.EXCL.POSTE,DISJUNTOR E CONDUTORES (ENTRADA,SAIDA,ATERRAMENTO E RESPECTIVOS CONECTORES)","UN",1341.57,null,"15.011.0028-A","ENTRADA ENERGIA INDIVIDUAL,PADRAO LIGHT,MEDICAO DIRETA,REDEAEREA,38KVA E 57KVA,INCL.CAIXA POLIMERICA P/MEDICAO DIRETA POLIFASICA(CM200-P) CAIXA DE PROTECAO GERAL(CPG200) INTERNA,POLICARBONATO TAMPA TRANSPARENTE,CAIXA INSPECAO,3 HASTES E CONECTORES ATERRAMENTO,E MAT.NECES.EXCL.POSTE,DISJUNTOR E CONDUTORES (ENTRADA,SAIDA,ATERRAMENTO E RESPECTIVOS CONECTORES)","UN",1327.35]
["15.011.0073-0","SUBESTACAO SIMPLIFICADA,PADRAO LIGHT,COM TRANSFORMADOR TRIFASICO DE 225KVA,13,8KV-220/127V,EXCLUSIVE CABINE DE MEDICAO","UN",43814.23,null,"15.011.0073-A","SUBESTACAO SIMPLIFICADA,PADRAO LIGHT,COM TRANSFORMADOR TRIFASICO DE 225KVA,13,8KV-220/127V,EXCLUSIVE CABINE DE MEDICAO","UN",43603.4]
["15.011.0078-0","SUBESTACAO SIMPLIFICADA,PADRAO LIGHT,COM TRANSFORMADOR TRIFASICO DE 225KVA,13,8KV-220/127V,INCLUSIVE CABINE DE MEDICAO","UN",75720.67,null,"15.011.0078-A","SUBESTACAO SIMPLIFICADA,PADRAO LIGHT,COM TRANSFORMADOR TRIFASICO DE 225KVA,13,8KV-220/127V,INCLUSIVE CABINE DE MEDICAO","UN",75371.67]
["15.011.0090-0","ENTRADA DE ENERGIA INDIVIDUAL,PADRAO LIGHT,MEDICAO DIRETA,REDE SUBTERRANEA,24KVA E 38KVA,INCL.CAIXA SECCIONADORA(CS3),CAIXA POLIMERICA P/MEDICAO DIRETA POLIFASICA(CM3),CAIXA POLIMERICA P/DISJUNTOR POLIFASICO(CDJ3),CAIXA INSPECAO,3 HASTES ECONECTORES ATERRAMENTO,MAT.NECESSARIOS,EXCL.DISJUNTOR E CONDUTORES (ENTRADA,SAIDA,ATERRAMENTO E RESPECTIVOS CONECTORES)","UN",1390.54,null,"15.011.0090-A","ENTRADA DE ENERGIA INDIVIDUAL,PADRAO LIGHT,MEDICAO DIRETA,REDE SUBTERRANEA,24KVA E 38KVA,INCL.CAIXA SECCIONADORA(CS3),CAIXA POLIMERICA P/MEDICAO DIRETA POLIFASICA(CM3),CAIXA POLIMERICA P/DISJUNTOR POLIFASICO(CDJ3),CAIXA INSPECAO,3 HASTES ECONECTORES ATERRAMENTO,MAT.NECESSARIOS,EXCL.DISJUNTOR E CONDUTORES (ENTRADA,SAIDA,ATERRAMENTO E RESPECTIVOS CONECTORES)","UN",1378.47]
["15.011.0132-0","SUBESTACAO SIMPLIFICADA PADRAO ENEL,COM TRANSFORMADOR TRIFASICO DE 45KVA,INCLUSIVE MEDICAO,POSTE E TODOS OS MATERIAIS ELETRICOS NECESSARIOS","UN",34577.68,null,"15.011.0132-A","SUBESTACAO SIMPLIFICADA PADRAO ENEL,COM TRANSFORMADOR TRIFASICO DE 45KVA,INCLUSIVE MEDICAO,POSTE E TODOS OS MATERIAIS ELETRICOS NECESSARIOS","UN",34194.85]
["15.011.0152-0","SUBESTACAO SIMPLIFICADA PADRAO ENEL,COM TRANSFORMADOR TRIFASICO DE 45KVA,EXCLUSIVE CABINE DE MEDICAO","UN",25009.41,null,"15.011.0152-A","SUBESTACAO SIMPLIFICADA PADRAO ENEL,COM TRANSFORMADOR TRIFASICO DE 45KVA,EXCLUSIVE CABINE DE MEDICAO","UN",24761.07]
["15.012.0060-0","OLEO ISOLANTE PARA TRANSFORMADOR DE DISTRIBUICAO,CLASSE DE TENSAO ATE 30KV,CONSIDERANDO LIMPEZA INTERNA DO TRANSFORMADORE SUBSTITUICAO DO OLEO,SUPONDO O APARELHO APOIADO EM BASE ATE 2,00M DE ALTURA,INCLUSIVE FORNECIMENTO E TROCA DE OLEO,EXCLUSIVE LAUDO DE TROCA DO OLEO","L",25.42,null,"15.012.0060-A","OLEO ISOLANTE PARA TRANSFORMADOR DE DISTRIBUICAO,CLASSE DE TENSAO ATE 30KV,CONSIDERANDO LIMPEZA INTERNA DO TRANSFORMADORE SUBSTITUICAO DO OLEO,SUPONDO O APARELHO APOIADO EM BASE ATE 2,00M DE ALTURA,INCLUSIVE FORNECIMENTO E TROCA DE OLEO,EXCLUSIVE LAUDO DE TROCA DO OLEO","L",24.74]
["15.014.0005-0","INSTALACAO COM TUBULACAO DE COBRE DE 15MM,PARA USO MEDICINAL,INCLUSIVE ACESSORIOS DE FIXACAO,CONEXOES E LIMPEZA,EXCLUSIVE POSTO DE CONSUMO,PAINEL DE ALARME,VALVULA E CENTRAL DE DISTRIBUICAO (VIDE FAMILIA 18.050)","M",141.32,null,"15.014.0005-A","INSTALACAO COM TUBULACAO DE COBRE DE 15MM,PARA USO MEDICINAL,INCLUSIVE ACESSORIOS DE FIXACAO,CONEXOES E LIMPEZA,EXCLUSIVE POSTO DE CONSUMO,PAINEL DE ALARME,VALVULA E CENTRAL DE DISTRIBUICAO (VIDE FAMILIA 18.050)","M",136.02000000000001]
["15.014.0030-0","INSTALACAO COM TUBULACAO DE COBRE DE 54MM,PARA USO MEDICINAL,INCLUSIVE ACESSORIOS DE FIXACAO,CONEXOES E LIMPEZA,EXCLUSIVE POSTO DE CONSUMO,PAINEL DE ALARME,VALVULA E CENTRAL DE DISTRIBUICAO (VIDE FAMILIA 18.050)","M",423.35,null,"15.014.0030-A","INSTALACAO COM TUBULACAO DE COBRE DE 54MM,PARA USO MEDICINAL,INCLUSIVE ACESSORIOS DE FIXACAO,CONEXOES E LIMPEZA,EXCLUSIVE POSTO DE CONSUMO,PAINEL DE ALARME,VALVULA E CENTRAL DE DISTRIBUICAO (VIDE FAMILIA 18.050)","M",417.34]
["15.014.0155-0","INSTALACAO DE SISTEMA DE AQUECIMENTO SOLAR DE AGUA,DE BAIXAPRESSAO,CONFORME ABNT NBR 15569,PARA 300 E 400L E 2 COLETORES SOLARES,INCLUSIVE COLETOR SOLAR,EXCLUSIVE RESERVATORIO (VER ITENS 18.210.0010 A 0030)","UN",4612.5200000000004,null,"15.014.0155-A","INSTALACAO DE SISTEMA DE AQUECIMENTO SOLAR DE AGUA,DE BAIXAPRESSAO,CONFORME ABNT NBR 15569,PARA 300 E 400L E 2 COLETORES SOLARES,INCLUSIVE COLETOR SOLAR,EXCLUSIVE RESERVATORIO (VER ITENS 18.210.0010 A 0030)","UN",4577.74]
["15.015.0026-0","INSTALACAO DE PONTO DE LUZ,APARENTE,EQUIVALENTE A 2 VARAS DEELETRODUTO DE PVC RIGIDO DE 1/2\",12,00M DE FIO 2,5MM2,CAIXAS,CONEXOES E INTERRUPTOR DE SOBREPOR","UN",287.85000000000002,null,"15.015.0026-A","INSTALACAO DE PONTO DE LUZ,APARENTE,EQUIVALENTE A 2 VARAS DEELETRODUTO DE PVC RIGIDO DE 1/2\",12,00M DE FIO 2,5MM2,CAIXAS,CONEXOES E INTERRUPTOR DE SOBREPOR","UN",273.38]
["15.015.0027-0","INSTALACAO DE PONTO DE LUZ,APARENTE,COM CANALETA PERFURADA,SENDO ESTA LIGADA A ELETROCALHA PRINCIPAL (EXCLUSIVE ESTA),EQUIVALENTE A 1 VARA DE CANALETA E 2 VARAS DE ELETRODUTO DE PVC RIGIDO DE 1/2\",24,00M DE FIO 2,5MM2,CAIXAS,CONEXOES E INTERRUPTOR DE SOBREPOR","UN",374.65,null,"15.015.0027-A","INSTALACAO DE PONTO DE LUZ,APARENTE,COM CANALETA PERFURADA,SENDO ESTA LIGADA A ELETROCALHA PRINCIPAL (EXCLUSIVE ESTA),EQUIVALENTE A 1 VARA DE CANALETA E 2 VARAS DE ELETRODUTO DE PVC RIGIDO DE 1/2\",24,00M DE FIO 2,5MM2,CAIXAS,CONEXOES E INTERRUPTOR DE SOBREPOR","UN",360.19]
["15.015.0042-0","INSTALACAO DE UM CONJUNTO DE 2 PONTOS DE LUZ,APARENTE,COM CANALETA PERFURADA,SENDO ESTA LIGADA A ELETROCALHA PRINCIPAL (EXCLUSIVE ESTA),EQUIVALENTE A 1,5 VARA DE CANALETA E 2 VARASDE ELETRODUTO DE PVC RIGIDO DE 1/2\",45,00M DE FIO 2,5MM2,CAIXAS,CONEXOES E INTERRUPTOR DE SOBREPOR","UN",642.45000000000005,null,"15.015.0042-A","INSTALACAO DE UM CONJUNTO DE 2 PONTOS DE LUZ,APARENTE,COM CANALETA PERFURADA,SENDO ESTA LIGADA A ELETROCALHA PRINCIPAL (EXCLUSIVE ESTA),EQUIVALENTE A 1,5 VARA DE CANALETA E 2 VARASDE ELETRODUTO DE PVC RIGIDO DE 1/2\",45,00M DE FIO 2,5MM2,CAIXAS,CONEXOES E INTERRUPTOR DE SOBREPOR","UN",617.47]
["15.015.0056-0","INSTALACAO DE UM CONJUNTO DE 3 PONTOS DE LUZ,APARENTE,EQUIVALENTE A 6 VARAS DE ELETRODUTO DE PVC RIGIDO DE 1/2\",50,00M DE FIO 2,5MM2,CAIXAS,CONEXOES E INTERRUPTOR DE SOBREPOR","UN",689.36,null,"15.015.0056-A","INSTALACAO DE UM CONJUNTO DE 3 PONTOS DE LUZ,APARENTE,EQUIVALENTE A 6 VARAS DE ELETRODUTO DE PVC RIGIDO DE 1/2\",50,00M DE FIO 2,5MM2,CAIXAS,CONEXOES E INTERRUPTOR DE SOBREPOR","UN",658.99]
["15.015.0070-0","INSTALACAO DE UM CONJUNTO DE 4 PONTOS DE LUZ,EMBUTIDO NA LAJE,EQUIVALENTE A 7 VARAS DE ELETRODUTO DE PVC RIGIDO DE 1/2\",50,00M DE FIO 2,5MM2,CAIXAS,CONEXOES E INTERRUPTOR DE EMBUTIR COM PLACA DE ACABAMENTO","UN",691.85,null,"15.015.0070-A","INSTALACAO DE UM CONJUNTO DE 4 PONTOS DE LUZ,EMBUTIDO NA LAJE,EQUIVALENTE A 7 VARAS DE ELETRODUTO DE PVC RIGIDO DE 1/2\",50,00M DE FIO 2,5MM2,CAIXAS,CONEXOES E INTERRUPTOR DE EMBUTIR COM PLACA DE ACABAMENTO","UN",659.43]
["15.015.0081-0","INSTALACAO DE UM CONJUNTO DE 5 PONTOS DE LUZ,APARENTE,EQUIVALENTE A 8 VARAS DE ELETRODUTO DE PVC RIGIDO DE 3/4\",57,00M DE FIO 2,5MM2,CAIXAS,CONEXOES E INTERRUPTOR DE SOBREPOR","UN",904.1,null,"15.015.0081-A","INSTALACAO DE UM CONJUNTO DE 5 PONTOS DE LUZ,APARENTE,EQUIVALENTE A 8 VARAS DE ELETRODUTO DE PVC RIGIDO DE 3/4\",57,00M DE FIO 2,5MM2,CAIXAS,CONEXOES E INTERRUPTOR DE SOBREPOR","UN",865.4]
["15.015.0086-0","INSTALACAO DE UM CONJUNTO DE 5 PONTOS DE LUZ,APARENTE,EQUIVALENTE A 8 VARAS DE ELETRODUTO DE PVC RIGIDO DE 1/2\",57,00M DE FIO 2,5MM2,CAIXAS,CONEXOES E INTERRUPTOR DE SOBREPOR","UN",840.44,null,"15.015.0086-A","INSTALACAO DE UM CONJUNTO DE 5 PONTOS DE LUZ,APARENTE,EQUIVALENTE A 8 VARAS DE ELETRODUTO DE PVC RIGIDO DE 1/2\",57,00M DE FIO 2,5MM2,CAIXAS,CONEXOES E INTERRUPTOR DE SOBREPOR","UN",804.56]
["15.015.0100-0","INSTALACAO DE UM CONJUNTO DE 6 PONTOS DE LUZ,EMBUTIDO NA LAJE,EQUIVALENTE A 9 VARAS DE ELETRODUTO DE PVC RIGIDO DE 1/2\",66,00M DE FIO 2,5MM2,CAIXAS,CONEXOES E INTERRUPTOR DE EMBUTIR COM PLACA DE ACABAMENTO","UN",898.64,null,"15.015.0100-A","INSTALACAO DE UM CONJUNTO DE 6 PONTOS DE LUZ,EMBUTIDO NA LAJE,EQUIVALENTE A 9 VARAS DE ELETRODUTO DE PVC RIGIDO DE 1/2\",66,00M DE FIO 2,5MM2,CAIXAS,CONEXOES E INTERRUPTOR DE EMBUTIR COM PLACA DE ACABAMENTO","UN",856.45]
["15.015.0107-0","INSTALACAO DE UM CONJUNTO DE 2 PONTOS DE LUZ,EMBUTIDO NA LAJE,EQUIVALENTE A 3 VARAS DE ELETRODUTO DE PVC RIGIDO DE 3/4\",20,00M DE FIO 2,5MM2,CAIXAS,CONEXOES E CONSIDERANDO O CONTROLE DOS PONTOS DIRETO NO Q.D.L","UN",489.32,null,"15.015.0107-A","INSTALACAO DE UM CONJUNTO DE 2 PONTOS DE LUZ,EMBUTIDO NA LAJE,EQUIVALENTE A 3 VARAS DE ELETRODUTO DE PVC RIGIDO DE 3/4\",20,00M DE FIO 2,5MM2,CAIXAS,CONEXOES E CONSIDERANDO O CONTROLE DOS PONTOS DIRETO NO Q.D.L","UN",461.86]
["15.015.0108-0","INSTALACAO DE UM CONJUNTO DE 2 PONTOS DE LUZ,APARENTE,EQUIVALENTE A 3 VARAS DE ELETRODUTO DE PVC RIGIDO DE 3/4\",20,00M DE FIO 2,5MM2,CAIXAS,CONEXOES E CONSIDERANDO O CONTROLE DOS PONTOS DIRETO NO Q.D.L","UN",517.13,null,"15.015.0108-A","INSTALACAO DE UM CONJUNTO DE 2 PONTOS DE LUZ,APARENTE,EQUIVALENTE A 3 VARAS DE ELETRODUTO DE PVC RIGIDO DE 3/4\",20,00M DE FIO 2,5MM2,CAIXAS,CONEXOES E CONSIDERANDO O CONTROLE DOS PONTOS DIRETO NO Q.D.L","UN",489.67]
["15.015.0119-0","INSTALACAO DE UM CONJUNTO DE 3 PONTOS DE LUZ,EMBUTIDO NA LAJE,EQUIVALENTE A 5 VARAS DE ELETRODUTO DE PVC RIGIDO DE 3/4\",30,00M DE FIO 2,5MM2,CAIXAS,CONEXOES E CONSIDERANDO O CONTROLE DOS PONTOS DIRETO NO Q.D.L","UN",585.36,null,"15.015.0119-A","INSTALACAO DE UM CONJUNTO DE 3 PONTOS DE LUZ,EMBUTIDO NA LAJE,EQUIVALENTE A 5 VARAS DE ELETRODUTO DE PVC RIGIDO DE 3/4\",30,00M DE FIO 2,5MM2,CAIXAS,CONEXOES E CONSIDERANDO O CONTROLE DOS PONTOS DIRETO NO Q.D.L","UN",554.39]
["15.015.0123-0","INSTALACAO DE UM CONJUNTO DE 3 PONTOS DE LUZ,EMBUTIDO NA LAJE,EQUIVALENTE A 5 VARAS DE ELETRODUTO DE PVC RIGIDO DE 1/2\",30,00M DE FIO 2,5MM2,CAIXAS,CONEXOES E CONSIDERANDO O CONTROLE DOS PONTOS DIRETO NO Q.D.L","UN",577.5,null,"15.015.0123-A","INSTALACAO DE UM CONJUNTO DE 3 PONTOS DE LUZ,EMBUTIDO NA LAJE,EQUIVALENTE A 5 VARAS DE ELETRODUTO DE PVC RIGIDO DE 1/2\",30,00M DE FIO 2,5MM2,CAIXAS,CONEXOES E CONSIDERANDO O CONTROLE DOS PONTOS DIRETO NO Q.D.L","UN",546.53]
["15.015.0132-0","INSTALACAO DE UM CONJUNTO DE 4 PONTOS DE LUZ,APARENTE,COM CANALETA PERFURADA,SENDO ESTA LIGADA A ELETROCALHA PRINCIPAL (EXCLUSIVE ESTA),EQUIVALENTE A 4,25 VARAS DE CANALETA E 2 VARAS DE ELETRODUTO DE PVC RIGIDO DE 1/2\",52,00M DE FIO 2,5MM2,CAIXAS,CONEXOES E CONSIDERANDO O CONTROLE DOS PONTOS DIRETONO Q.D.L","UN",794.67,null,"15.015.0132-A","INSTALACAO DE UM CONJUNTO DE 4 PONTOS DE LUZ,APARENTE,COM CANALETA PERFURADA,SENDO ESTA LIGADA A ELETROCALHA PRINCIPAL (EXCLUSIVE ESTA),EQUIVALENTE A 4,25 VARAS DE CANALETA E 2 VARAS DE ELETRODUTO DE PVC RIGIDO DE 1/2\",52,00M DE FIO 2,5MM2,CAIXAS,CONEXOES E CONSIDERANDO O CONTROLE DOS PONTOS DIRETONO Q.D.L","UN",769.56]
["15.015.0135-0","INSTALACAO DE UM CONJUNTO DE 5 PONTOS DE LUZ,EMBUTIDO NA LAJE,EQUIVALENTE A 7 VARAS DE ELETRODUTO DE PVC RIGIDO DE 3/4\",45,00M DE FIO 2,5MM2,CAIXAS,CONEXOES E CONSIDERANDO O CONTROLE DOS PONTOS DIRETO NO Q.D.L","UN",643.89,null,"15.015.0135-A","INSTALACAO DE UM CONJUNTO DE 5 PONTOS DE LUZ,EMBUTIDO NA LAJE,EQUIVALENTE A 7 VARAS DE ELETRODUTO DE PVC RIGIDO DE 3/4\",45,00M DE FIO 2,5MM2,CAIXAS,CONEXOES E CONSIDERANDO O CONTROLE DOS PONTOS DIRETO NO Q.D.L","UN",614.4]
["15.015.0142-0","INSTALACAO DE UM CONJUNTO DE 5 PONTOS DE LUZ,APARENTE,COM CANALETA PERFURADA,SENDO ESTA LIGADA A ELETROCALHA PRINCIPAL (EXCLUSIVE ESTA),EQUIVALENTE A 5 VARAS DE CANALETA E 2 VARASDE ELETRODUTO DE PVC RIGIDO DE 1/2\",57,00M DE FIO 2,5MM2,CAIXAS,CONEXOES E CONSIDERANDO O CONTROLE DOS PONTOS DIRETO NOQ.D.L","UN",912.95,null,"15.015.0142-A","INSTALACAO DE UM CONJUNTO DE 5 PONTOS DE LUZ,APARENTE,COM CANALETA PERFURADA,SENDO ESTA LIGADA A ELETROCALHA PRINCIPAL (EXCLUSIVE ESTA),EQUIVALENTE A 5 VARAS DE CANALETA E 2 VARASDE ELETRODUTO DE PVC RIGIDO DE 1/2\",57,00M DE FIO 2,5MM2,CAIXAS,CONEXOES E CONSIDERANDO O CONTROLE DOS PONTOS DIRETO NOQ.D.L","UN",884.17]
["15.015.0157-0","INSTALACAO DE UM CONJUNTO DE 6 PONTOS DE LUZ,APARENTE,COM CANALETA PERFURADA,SENDO ESTA LIGADA A ELETROCALHA PRINCIPAL (EXCLUSIVE ESTA),EQUIVALENTE A 6,75 VARAS DE CANALETA E 2 VARAS DE ELETRODUTO DE PVC RIGIDO DE 1/2\",65,00M DE FIO 2,5MM2,CAIXAS,CONEXOES E CONSIDERANDO O CONTROLE DOS PONTOS DIRETONO Q.D.L","UN",1096.06,null,"15.015.0157-A","INSTALACAO DE UM CONJUNTO DE 6 PONTOS DE LUZ,APARENTE,COM CANALETA PERFURADA,SENDO ESTA LIGADA A ELETROCALHA PRINCIPAL (EXCLUSIVE ESTA),EQUIVALENTE A 6,75 VARAS DE CANALETA E 2 VARAS DE ELETRODUTO DE PVC RIGIDO DE 1/2\",65,00M DE FIO 2,5MM2,CAIXAS,CONEXOES E CONSIDERANDO O CONTROLE DOS PONTOS DIRETONO Q.D.L","UN",1063.07]
["15.015.0173-0","INSTALACAO DE PONTO DE FORCA ATE 4CV,EQUIVALENTE A 2 VARAS DE ELETRODUTO DE PVC RIGIDO DE 3/4\",20,00M DE FIO 4MM2,CAIXASE CONEXOES","UN",617.89,null,"15.015.0173-A","INSTALACAO DE PONTO DE FORCA ATE 4CV,EQUIVALENTE A 2 VARAS DE ELETRODUTO DE PVC RIGIDO DE 3/4\",20,00M DE FIO 4MM2,CAIXASE CONEXOES","UN",582.87]
["15.015.0179-0","INSTALACAO DE PONTO DE FORCA PARA 15CV,EQUIVALENTE A 2 VARASDE ELETRODUTO DE PVC RIGIDO DE 1.1/2\",20,00M DE FIO 10MM2,CAIXAS E CONEXOES","UN",1138.73,null,"15.015.0179-A","INSTALACAO DE PONTO DE FORCA PARA 15CV,EQUIVALENTE A 2 VARASDE ELETRODUTO DE PVC RIGIDO DE 1.1/2\",20,00M DE FIO 10MM2,CAIXAS E CONEXOES","UN",1079.2]
["15.015.0188-0","INSTALACAO DE PONTO PARA ANTENA DE TV OU SISTEMA DE CFTV,COMPREENDENDO: 3 VARAS DE ELETRODUTO DE 3/4\",CONEXOES E CAIXAS,EXCLUSIVE CABOS OU FIOS","UN",305.55,null,"15.015.0188-A","INSTALACAO DE PONTO PARA ANTENA DE TV OU SISTEMA DE CFTV,COMPREENDENDO: 3 VARAS DE ELETRODUTO DE 3/4\",CONEXOES E CAIXAS,EXCLUSIVE CABOS OU FIOS","UN",288.04000000000002]
["15.015.0197-0","INSTALACAO DE PONTO DE TELEFONE E LOGICA,COMPREENDENDO: 2 VARAS DE ELETRODUTO DE 1\",CONEXOES E CAIXAS, EXCLUSIVE CABOS OU FIOS","UN",256.68,null,"15.015.0197-A","INSTALACAO DE PONTO DE TELEFONE E LOGICA,COMPREENDENDO: 2 VARAS DE ELETRODUTO DE 1\",CONEXOES E CAIXAS, EXCLUSIVE CABOS OU FIOS","UN",242.67]
["15.015.0205-0","INSTALACAO DE PONTO DE CAMPAINHA,COMPREENDENDO:2 VARAS DE ELETRODUTO DE 1/2\",18,00M DE FIO 0,75MM2,BOTAO E CIGARRA","UN",270.79000000000002,null,"15.015.0205-A","INSTALACAO DE PONTO DE CAMPAINHA,COMPREENDENDO:2 VARAS DE ELETRODUTO DE 1/2\",18,00M DE FIO 0,75MM2,BOTAO E CIGARRA","UN",256.79000000000002]
["15.015.0215-0","INSTALACAO DE PONTO DE VENTILADOR DE TETO,APARENTE,COM CANALETA PERFURADA,SENDO ESTA LIGADA A ELETROCALHA PRINCIPAL (EXCLUSIVE ESTA),EQUIVALENTE A 1 VARA DE CANALETA E 4 VARAS DE ELETRODUTO DE PVC RIGIDO DE 3/4\",24,00M DE FIO 2,5MM2,CONEXOES,EXCLUSIVE INTERRUPTOR E ESPELHO","UN",434.82,null,"15.015.0215-A","INSTALACAO DE PONTO DE VENTILADOR DE TETO,APARENTE,COM CANALETA PERFURADA,SENDO ESTA LIGADA A ELETROCALHA PRINCIPAL (EXCLUSIVE ESTA),EQUIVALENTE A 1 VARA DE CANALETA E 4 VARAS DE ELETRODUTO DE PVC RIGIDO DE 3/4\",24,00M DE FIO 2,5MM2,CONEXOES,EXCLUSIVE INTERRUPTOR E ESPELHO","UN",418.83]
["15.015.0221-0","INSTALACAO APARENTE DE PONTO PARA 2(DOIS) VENTILADORES DE TETO,EQUIVALENTE A 2,67 VARAS DE ELETRODUTO DE PVC DE 3/4\",25,00M DE FIO 2,5MM2,CONEXOES,EXCLUSIVE INTERRUPTOR E ESPELHO","UN",387.99,null,"15.015.0221-A","INSTALACAO APARENTE DE PONTO PARA 2(DOIS) VENTILADORES DE TETO,EQUIVALENTE A 2,67 VARAS DE ELETRODUTO DE PVC DE 3/4\",25,00M DE FIO 2,5MM2,CONEXOES,EXCLUSIVE INTERRUPTOR E ESPELHO","UN",370.24]
["15.015.0250-0","INSTALACAO DE PONTO DE TOMADA,EMBUTIDO NA PAREDE,EQUIVALENTE6M DE ELETRODUTO DE PVC DE 3/4\",18,00M DE FIO 2,5MM2,CAIXAS,CONEXOES E TOMADA DE EMBUTIR 2P+T,10A,PADRAO BRASILEIRO,COMPLACA DE ACABAMENTO","UN",287.25,null,"15.015.0250-A","INSTALACAO DE PONTO DE TOMADA,EMBUTIDO NA PAREDE,EQUIVALENTE6M DE ELETRODUTO DE PVC DE 3/4\",18,00M DE FIO 2,5MM2,CAIXAS,CONEXOES E TOMADA DE EMBUTIR 2P+T,10A,PADRAO BRASILEIRO,COMPLACA DE ACABAMENTO","UN",272.05]
["15.015.0255-0","INSTALACAO DE PONTO DE TOMADA,EMBUTIDO NA PAREDE,EQUIVALENTEA 6M DE ELETRODUTO DE PVC DE 3/4\",18,00M DE FIO 2,5MM2,CAIXAS,CONEXOES E TOMADA DE EMBUTIR 2P+T,20A,PADRAO BRASILEIRO,COM PLACA DE ACABAMENTO","UN",290.57,null,"15.015.0255-A","INSTALACAO DE PONTO DE TOMADA,EMBUTIDO NA PAREDE,EQUIVALENTEA 6M DE ELETRODUTO DE PVC DE 3/4\",18,00M DE FIO 2,5MM2,CAIXAS,CONEXOES E TOMADA DE EMBUTIR 2P+T,20A,PADRAO BRASILEIRO,COM PLACA DE ACABAMENTO","UN",275.37]
["15.015.0261-0","INSTALACAO DE PONTO DE TOMADA,APARENTE,EQUIVALENTE A 2 VARASDE ELETRODUTO DE PVC RIGIDO DE 1/2\",18,00M DE FIO 2,5MM2,CAIXAS,CONEXOES E TOMADA DE SOBREPOR 2P+T,10A","UN",284.08,null,"15.015.0261-A","INSTALACAO DE PONTO DE TOMADA,APARENTE,EQUIVALENTE A 2 VARASDE ELETRODUTO DE PVC RIGIDO DE 1/2\",18,00M DE FIO 2,5MM2,CAIXAS,CONEXOES E TOMADA DE SOBREPOR 2P+T,10A","UN",270.63]
["15.015.0270-0","INSTALACAO DE UM CONJUNTO DE 2 TOMADAS,EMBUTIDO NA PAREDE,EQUIVALENTE A 9M DE ELETRODUTO DE PVC DE 3/4\",27,00M DE FIO 2,5MM2,CAIXAS,CONEXOES E TOMADAS DE EMBUTIR 2P+T,10A,COM PLACADE ACABAMENTO","UN",367.19,null,"15.015.0270-A","INSTALACAO DE UM CONJUNTO DE 2 TOMADAS,EMBUTIDO NA PAREDE,EQUIVALENTE A 9M DE ELETRODUTO DE PVC DE 3/4\",27,00M DE FIO 2,5MM2,CAIXAS,CONEXOES E TOMADAS DE EMBUTIR 2P+T,10A,COM PLACADE ACABAMENTO","UN",348.49]
["15.015.0277-0","INSTALACAO DE UM CONJUNTO DE 2 TOMADAS,APARENTE,COM CANALETAPERFURADA,SENDO ESTA LIGADA A ELETROCALHA PRINCIPAL(EXCLUSIVE ESTA),EQUIVALENTE A 1,5 VARA DE CANALETA E 5 VARAS DE ELETRODUTO DE PVC RIGIDO DE 3/4\",45,00M DE FIO 2,5MM2,CAIXAS,CONEXOES E TOMADAS DE SOBREPOR 2P+T,10A","UN",596.96,null,"15.015.0277-A","INSTALACAO DE UM CONJUNTO DE 2 TOMADAS,APARENTE,COM CANALETAPERFURADA,SENDO ESTA LIGADA A ELETROCALHA PRINCIPAL(EXCLUSIVE ESTA),EQUIVALENTE A 1,5 VARA DE CANALETA E 5 VARAS DE ELETRODUTO DE PVC RIGIDO DE 3/4\",45,00M DE FIO 2,5MM2,CAIXAS,CONEXOES E TOMADAS DE SOBREPOR 2P+T,10A","UN",576.5]
["15.015.0288-0","INSTALACAO DE UM CONJUNTO DE 2 TOMADAS,APARENTE,COM CANALETAPERFURADA,SENDO ESTA LIGADA A ELETROCALHA PRINCIPAL(EXCLUSIVE ESTA),EQUIVALENTE A 1,5 VARA DE CANALETA E 3 VARAS DE ELEETRODUTO DE PVC RIGIDO DE 1/2\",45,00M DE FIO 2,5MM2,CAIXAS,CONEXOES E TOMADAS DE SOBREPOR 2P+T,20A","UN",537.01,null,"15.015.0288-A","INSTALACAO DE UM CONJUNTO DE 2 TOMADAS,APARENTE,COM CANALETAPERFURADA,SENDO ESTA LIGADA A ELETROCALHA PRINCIPAL(EXCLUSIVE ESTA),EQUIVALENTE A 1,5 VARA DE CANALETA E 3 VARAS DE ELEETRODUTO DE PVC RIGIDO DE 1/2\",45,00M DE FIO 2,5MM2,CAIXAS,CONEXOES E TOMADAS DE SOBREPOR 2P+T,20A","UN",518.29999999999995]
["15.015.0290-0","INSTALACAO DE UM CONJUNTO DE 3 TOMADAS,EMBUTIDO NA PAREDE,EQUIVALENTE A 12M DE ELETRODUTO DE PVC DE 3/4\",37,00M DE FIO 2,5MM2,CAIXAS,CONEXOES E TOMADAS DE EMBUTIR 2P+T,10A,COM PLACA DE ACABAMENTO","UN",467.44,null,"15.015.0290-A","INSTALACAO DE UM CONJUNTO DE 3 TOMADAS,EMBUTIDO NA PAREDE,EQUIVALENTE A 12M DE ELETRODUTO DE PVC DE 3/4\",37,00M DE FIO 2,5MM2,CAIXAS,CONEXOES E TOMADAS DE EMBUTIR 2P+T,10A,COM PLACA DE ACABAMENTO","UN",445.23]
["15.015.0300-0","INSTALACAO DE UM CONJUNTO DE 3 TOMADAS,EMBUTIDO NA PAREDE,EQUIVALENTE A 12M DE ELETRODUTO DE PVC DE 1/2\",37,00M DE FIO 2,5MM2,CAIXAS,CONEXOES E TOMADAS DE EMBUTIR 2P+T,10A,COM PLACA DE ACABAMENTO","UN",437.66,null,"15.015.0300-A","INSTALACAO DE UM CONJUNTO DE 3 TOMADAS,EMBUTIDO NA PAREDE,EQUIVALENTE A 12M DE ELETRODUTO DE PVC DE 1/2\",37,00M DE FIO 2,5MM2,CAIXAS,CONEXOES E TOMADAS DE EMBUTIR 2P+T,10A,COM PLACA DE ACABAMENTO","UN",417.2]
["15.015.0308-0","INSTALACAO DE UM CONJUNTO DE 3 TOMADAS,APARENTE,COM CANALETAPERFURADA,SENDO ESTA LIGADA A ELETROCALHA PRINCIPAL(EXCLUSIVE ESTA),EQUIVALENTE A 2,5 VARAS DE CANALETA E 4 VARAS DE ELETRODUTO DE PVC RIGIDO DE 1/2\",55,00M DE FIO 2,5MM2,CAIXAS,CONEXOES E TOMADAS DE SOBREPOR 2P+T,20A","UN",693.14,null,"15.015.0308-A","INSTALACAO DE UM CONJUNTO DE 3 TOMADAS,APARENTE,COM CANALETAPERFURADA,SENDO ESTA LIGADA A ELETROCALHA PRINCIPAL(EXCLUSIVE ESTA),EQUIVALENTE A 2,5 VARAS DE CANALETA E 4 VARAS DE ELETRODUTO DE PVC RIGIDO DE 1/2\",55,00M DE FIO 2,5MM2,CAIXAS,CONEXOES E TOMADAS DE SOBREPOR 2P+T,20A","UN",670.93]
["15.015.0317-0","INSTALACAO DE UM CONJUNTO DE 4 TOMADAS,APARENTE,COM CANALETAPERFURADA,SENDO ESTA LIGADA A ELETROCALHA PRINCIPAL(EXCLUSIVE ESTA),EQUIVALENTE A 3,5 VARAS DE CANALETA E 7 VARAS DE ELETRODUTO DE PVC RIGIDO DE 3/4\",63,00M DE FIO 2,5MM2,CAIXAS,CONEXOES E TOMADAS DE SOBREPOR 2P+T,10A","UN",918.9,null,"15.015.0317-A","INSTALACAO DE UM CONJUNTO DE 4 TOMADAS,APARENTE,COM CANALETAPERFURADA,SENDO ESTA LIGADA A ELETROCALHA PRINCIPAL(EXCLUSIVE ESTA),EQUIVALENTE A 3,5 VARAS DE CANALETA E 7 VARAS DE ELETRODUTO DE PVC RIGIDO DE 3/4\",63,00M DE FIO 2,5MM2,CAIXAS,CONEXOES E TOMADAS DE SOBREPOR 2P+T,10A","UN",891.44]
["15.015.0325-0","INSTALACAO DE UM CONJUNTO DE 4 TOMADAS,EMBUTIDO NA PAREDE,EQUIVALENTE A 15M DE ELETRODUTO DE PVC DE 1/2\",45,00M DE FIO 2,5MM2,CAIXAS,CONEXOES E TOMADAS DE EMBUTIR 2P+T,20A,COM PLACA DE ACABAMENTO","UN",536.76,null,"15.015.0325-A","INSTALACAO DE UM CONJUNTO DE 4 TOMADAS,EMBUTIDO NA PAREDE,EQUIVALENTE A 15M DE ELETRODUTO DE PVC DE 1/2\",45,00M DE FIO 2,5MM2,CAIXAS,CONEXOES E TOMADAS DE EMBUTIR 2P+T,20A,COM PLACA DE ACABAMENTO","UN",512.79999999999995]
["15.015.0328-0","INSTALACAO DE UM CONJUNTO DE 4 TOMADAS,APARENTE,COM CANALETAPERFURADA,SENDO ESTA LIGADA A ELETROCALHA PRINCIPAL(EXCLUSIVE ESTA),EQUIVALENTE A 3,5 VARAS DE CANALETA E 5 VARAS DE ELETRODUTO DE PVC RIGIDO DE 1/2\",63,00M DE FIO 2,5MM2,CAIXAS,CONEXOES E TOMADAS DE SOBREPOR 2P+T,20A","UN",845.11,null,"15.015.0328-A","INSTALACAO DE UM CONJUNTO DE 4 TOMADAS,APARENTE,COM CANALETAPERFURADA,SENDO ESTA LIGADA A ELETROCALHA PRINCIPAL(EXCLUSIVE ESTA),EQUIVALENTE A 3,5 VARAS DE CANALETA E 5 VARAS DE ELETRODUTO DE PVC RIGIDO DE 1/2\",63,00M DE FIO 2,5MM2,CAIXAS,CONEXOES E TOMADAS DE SOBREPOR 2P+T,20A","UN",819.4]
["15.016.0045-0","INSTALACAO DE UM CONJUNTO DE 3 PONTOS DE LUZ,APARENTE,EQUIVALENTE A 6 VARAS DE ELETRODUTO RIGIDO,DE ACO CARBONO ESMALTADO,DE 3/4\",50,00 DE FIO 2,5MM2,CAIXAS,CONEXOES,LUVAS,CURVA EINTERRUPTOR DE SOBREPOR COM PLACA FOSFORESCENTE","UN",910.01,null,"15.016.0045-A","INSTALACAO DE UM CONJUNTO DE 3 PONTOS DE LUZ,APARENTE,EQUIVALENTE A 6 VARAS DE ELETRODUTO RIGIDO,DE ACO CARBONO ESMALTADO,DE 3/4\",50,00 DE FIO 2,5MM2,CAIXAS,CONEXOES,LUVAS,CURVA EINTERRUPTOR DE SOBREPOR COM PLACA FOSFORESCENTE","UN",870.01]
["15.016.0075-0","INSTALACAO DE UM CONJUNTO DE 5 PONTOS DE LUZ,APARENTE,EQUIVALENTE A 8 VARAS DE ELETRODUTO RIGIDO,DE ACO CARBONO ESMALTADO,DE 3/4\",57,00MM DE FIO 2,5MM2,CAIXAS,CONEXOES,LUVAS,CURVAE INTERRUPTOR DE SOBREPOR COM PLACA FOSFORESCENTE","UN",1149.19,null,"15.016.0075-A","INSTALACAO DE UM CONJUNTO DE 5 PONTOS DE LUZ,APARENTE,EQUIVALENTE A 8 VARAS DE ELETRODUTO RIGIDO,DE ACO CARBONO ESMALTADO,DE 3/4\",57,00MM DE FIO 2,5MM2,CAIXAS,CONEXOES,LUVAS,CURVAE INTERRUPTOR DE SOBREPOR COM PLACA FOSFORESCENTE","UN",1098.5]
["15.016.0119-0","INSTALACAO DE UM CONJUNTO DE 4 PONTOS DE LUZ,APARENTE,EQUIVALENTE A 6 VARAS DE ELETRODUTO RIGIDO,DE ACO CARBONO ESMALTADO,DE 3/4\",40,00M DE FIO 2,5MM2,CAIXAS,CONEXOES,LUVAS E CONSIDERANDO O CONTROLE DOS PONTOS DIRETO NO Q.D.L.","UN",772.05,null,"15.016.0119-A","INSTALACAO DE UM CONJUNTO DE 4 PONTOS DE LUZ,APARENTE,EQUIVALENTE A 6 VARAS DE ELETRODUTO RIGIDO,DE ACO CARBONO ESMALTADO,DE 3/4\",40,00M DE FIO 2,5MM2,CAIXAS,CONEXOES,LUVAS E CONSIDERANDO O CONTROLE DOS PONTOS DIRETO NO Q.D.L.","UN",738.95]
["15.016.0172-0","INSTALACAO DE PONTO DE FORCA ATE 4CV EQUIVALENTE A 2 VARAS DE ELETRODUTO RIGIDO,DE ACO CARBONO ESMALTADO,DE 3/4\",20,00MDE FIO 4MM2,CAIXAS,ABRACADEIRAS E CONEXOES","UN",728.61,null,"15.016.0172-A","INSTALACAO DE PONTO DE FORCA ATE 4CV EQUIVALENTE A 2 VARAS DE ELETRODUTO RIGIDO,DE ACO CARBONO ESMALTADO,DE 3/4\",20,00MDE FIO 4MM2,CAIXAS,ABRACADEIRAS E CONEXOES","UN",690.09]
["15.016.0190-0","INSTALACAO DE PONTO DE TOMADA,EQUIVALENTE A 2 VARAS DE ELETRODUTO RIGIDO,DE ACO CARBONO ESMALTADO,DE 3/4\",12,00M DE FIO2,5MM2,CAIXAS,ABRACADEIRAS,CONEXOES E TOMADA DE SOBREPOR COMPLACA FOSFORESCENTE","UN",376.24,null,"15.016.0190-A","INSTALACAO DE PONTO DE TOMADA,EQUIVALENTE A 2 VARAS DE ELETRODUTO RIGIDO,DE ACO CARBONO ESMALTADO,DE 3/4\",12,00M DE FIO2,5MM2,CAIXAS,ABRACADEIRAS,CONEXOES E TOMADA DE SOBREPOR COMPLACA FOSFORESCENTE","UN",359.01]
["15.017.0170-0","TERMINAL MECANICO DE PRESSAO PARA LIGACAO DE UM CABO A BARRAMENTO,FABRICADO EM BRONZE,COM BITOLAS DE 50 A 70MM2.FORNECIMENTO E COLOCACAO","UN",27.93,null,"15.017.0170-A","TERMINAL MECANICO DE PRESSAO PARA LIGACAO DE UM CABO A BARRAMENTO,FABRICADO EM BRONZE,COM BITOLAS DE 50 A 70MM2.FORNECIMENTO E COLOCACAO","UN",26.74]
["15.017.0175-0","TERMINAL MECANICO DE PRESSAO PARA LIGACAO DE UM CABO A BARRAMENTO,FABRICADO EM BRONZE,COM BITOLA DE 95MM2.FORNECIMENTO ECOLOCACAO","UN",37.590000000000003,null,"15.017.0175-A","TERMINAL MECANICO DE PRESSAO PARA LIGACAO DE UM CABO A BARRAMENTO,FABRICADO EM BRONZE,COM BITOLA DE 95MM2.FORNECIMENTO ECOLOCACAO","UN",36.299999999999997]
["15.017.0205-0","TERMINAL MECANICO DE PRESSAO PARA LIGACAO DE DOIS CABOS A BARRAMENTO,FABRICADO EM BRONZE,COM BITOLAS DE 95MM2.FORNECIMENTO E COLOCACAO","UN",189.21,null,"15.017.0205-A","TERMINAL MECANICO DE PRESSAO PARA LIGACAO DE DOIS CABOS A BARRAMENTO,FABRICADO EM BRONZE,COM BITOLAS DE 95MM2.FORNECIMENTO E COLOCACAO","UN",186.62]
["15.017.0230-0","CONECTOR FABRICADO EM BRONZE PARA ATERRAMENTO,PARA FIXACAO DE UM OU DOIS CONDUTORES A SUPERFICIE PLANA,PARA CABOS COM BITOLAS DE 4 A 35MM2,CONFORME ABNT NBR 5370.FORNECIMENTO E COLOCACAO","UN",30.9,null,"15.017.0230-A","CONECTOR FABRICADO EM BRONZE PARA ATERRAMENTO,PARA FIXACAO DE UM OU DOIS CONDUTORES A SUPERFICIE PLANA,PARA CABOS COM BITOLAS DE 4 A 35MM2,CONFORME ABNT NBR 5370.FORNECIMENTO E COLOCACAO","UN",29.92]
["15.017.0255-0","TERMINAL MECANICO A COMPRESSAO,FABRICADO EM BRONZE,PARA CABODE 6MM2.FORNECIMENTO E COLOCACAO","UN",14.08,null,"15.017.0255-A","TERMINAL MECANICO A COMPRESSAO,FABRICADO EM BRONZE,PARA CABODE 6MM2.FORNECIMENTO E COLOCACAO","UN",13.2]
["15.017.0275-0","TERMINAL MECANICO A COMPRESSAO,FABRICADO EM BRONZE,PARA CABODE 35MM2.FORNECIMENTO E COLOCACAO","UN",19.13,null,"15.017.0275-A","TERMINAL MECANICO A COMPRESSAO,FABRICADO EM BRONZE,PARA CABODE 35MM2.FORNECIMENTO E COLOCACAO","UN",18.04]
["15.017.0290-0","TERMINAL MECANICO A COMPRESSAO,FABRICADO EM BRONZE,PARA CABODE 95MM2.FORNECIMENTO E COLOCACAO","UN",29.19,null,"15.017.0290-A","TERMINAL MECANICO A COMPRESSAO,FABRICADO EM BRONZE,PARA CABODE 95MM2.FORNECIMENTO E COLOCACAO","UN",27.9]
["15.017.0315-0","TERMINAL MECANICO A COMPRESSAO,FABRICADO EM BRONZE,PARA CABODE 300MM2.FORNECIMENTO E COLOCACAO","UN",70.52,null,"15.017.0315-A","TERMINAL MECANICO A COMPRESSAO,FABRICADO EM BRONZE,PARA CABODE 300MM2.FORNECIMENTO E COLOCACAO","UN",68.88]
["15.017.0332-0","CONECTOR MECANICO PARAFUSO FENDIDO(SPLIT-BOLT),CORPO E PORCAFABRICADO EM COBRE,PARA CABO DE 70MM2.FORNECIMENTO E COLOCACAO","UN",39.450000000000003,null,"15.017.0332-A","CONECTOR MECANICO PARAFUSO FENDIDO(SPLIT-BOLT),CORPO E PORCAFABRICADO EM COBRE,PARA CABO DE 70MM2.FORNECIMENTO E COLOCACAO","UN",38.33]
["15.017.0333-0","CONECTOR MECANICO PARAFUSO FENDIDO(SPLIT-BOLT),CORPO E PORCAFABRICADO EM COBRE,PARA CABO DE 95MM2.FORNECIMENTO E COLOCACAO","UN",53.1,null,"15.017.0333-A","CONECTOR MECANICO PARAFUSO FENDIDO(SPLIT-BOLT),CORPO E PORCAFABRICADO EM COBRE,PARA CABO DE 95MM2.FORNECIMENTO E COLOCACAO","UN",51.95]
["15.018.0010-0","CAIXA DE LIGACAO DE ALUMINIO SILICIO,TIPO CONDULETES,NO FORMATO B,DIAMETRO DE 1/2\".FORNECIMENTO E COLOCACAO","UN",19.29,null,"15.018.0010-A","CAIXA DE LIGACAO DE ALUMINIO SILICIO,TIPO CONDULETES,NO FORMATO B,DIAMETRO DE 1/2\".FORNECIMENTO E COLOCACAO","UN",18.88]
["15.018.0025-0","CAIXA DE LIGACAO DE ALUMINIO SILICIO,TIPO CONDULETES,NO FORMATO C,DIAMETRO DE 1/2\".FORNECIMENTO E COLOCACAO","UN",20.350000000000001,null,"15.018.0025-A","CAIXA DE LIGACAO DE ALUMINIO SILICIO,TIPO CONDULETES,NO FORMATO C,DIAMETRO DE 1/2\".FORNECIMENTO E COLOCACAO","UN",19.940000000000001]
["15.018.0070-0","CAIXA DE LIGACAO DE ALUMINIO SILICIO,TIPO CONDULETES,NO FORMATO LB,DIAMETRO DE 1\".FORNECIMENTO E COLOCACAO","UN",29.15,null,"15.018.0070-A","CAIXA DE LIGACAO DE ALUMINIO SILICIO,TIPO CONDULETES,NO FORMATO LB,DIAMETRO DE 1\".FORNECIMENTO E COLOCACAO","UN",28.54]
["15.018.0072-0","CAIXA DE LIGACAO DE ALUMINIO SILICIO,TIPO CONDULETES,NO FORMATO LB,DIAMETRO DE 1.1/2\".FORNECIMENTO E COLOCACAO","UN",63.75,null,"15.018.0072-A","CAIXA DE LIGACAO DE ALUMINIO SILICIO,TIPO CONDULETES,NO FORMATO LB,DIAMETRO DE 1.1/2\".FORNECIMENTO E COLOCACAO","UN",63.04]
["15.018.0095-0","CAIXA DE LIGACAO DE ALUMINIO SILICIO,TIPO CONDULETES,NO FORMATO X,DIAMETRO DE 3/4\".FORNECIMENTO E COLOCACAO","UN",25.7,null,"15.018.0095-A","CAIXA DE LIGACAO DE ALUMINIO SILICIO,TIPO CONDULETES,NO FORMATO X,DIAMETRO DE 3/4\".FORNECIMENTO E COLOCACAO","UN",25.2]
["15.018.0110-0","CAIXA DE LIGACAO DE ALUMINIO SILICIO,TIPO CONDULETES,NO FORMATO T,DIAMETRO DE 3/4\".FORNECIMENTO E COLOCACAO","UN",22.6,null,"15.018.0110-A","CAIXA DE LIGACAO DE ALUMINIO SILICIO,TIPO CONDULETES,NO FORMATO T,DIAMETRO DE 3/4\".FORNECIMENTO E COLOCACAO","UN",22.1]
["15.018.0125-0","CAIXA DE EMBUTIR,EM PVC,3\" X 3\",INCLUSIVE BUCHAS E ARRUELAS.FORNECIMENTO E COLOCACAO","UN",12.96,null,"15.018.0125-A","CAIXA DE EMBUTIR,EM PVC,3\" X 3\",INCLUSIVE BUCHAS E ARRUELAS.FORNECIMENTO E COLOCACAO","UN",12.54]
["15.018.0130-0","CAIXA DE EMBUTIR,EM PVC,4\"X4\",INCLUSIVE BUCHAS E ARRUELAS.FORNECIMENTO E COLOCACAO","UN",12.35,null,"15.018.0130-A","CAIXA DE EMBUTIR,EM PVC,4\"X4\",INCLUSIVE BUCHAS E ARRUELAS.FORNECIMENTO E COLOCACAO","UN",11.93]
["15.018.0160-0","CAIXA DE PASSAGEM Nº6,PARA TELEFONE,CONFORME ESPECIFICACAO DA TELEBRAS,NAS DIMENSOES DE 120X120X13,5CM.FORNECIMENTO E COLOCACAO","UN",855.18,null,"15.018.0160-A","CAIXA DE PASSAGEM Nº6,PARA TELEFONE,CONFORME ESPECIFICACAO DA TELEBRAS,NAS DIMENSOES DE 120X120X13,5CM.FORNECIMENTO E COLOCACAO","UN",853.36]
["15.018.0180-0","INSTALACAO DE PONTO PARA LUMINARIA FLUORESCENTE PENDENTE EMCANALETA(38X38X6000)MM(EXCLUSIVE LUMINARIA)INCLUSIVE TOMADAE 1,00M DE CABO PP 1,50MM2","UN",40.46,null,"15.018.0180-A","INSTALACAO DE PONTO PARA LUMINARIA FLUORESCENTE PENDENTE EMCANALETA(38X38X6000)MM(EXCLUSIVE LUMINARIA)INCLUSIVE TOMADAE 1,00M DE CABO PP 1,50MM2","UN",38.880000000000003]
["15.018.0270-0","CAIXA DE PASSAGEM DE SOBREPOR,EM ACO,COM TAMPA PARAFUSADA,DE30X30CM.FORNECIMENTO E COLOCACAO","UN",90.78,null,"15.018.0270-A","CAIXA DE PASSAGEM DE SOBREPOR,EM ACO,COM TAMPA PARAFUSADA,DE30X30CM.FORNECIMENTO E COLOCACAO","UN",88.92]
["15.018.0310-0","CAIXA DE PASSAGEM DE EMBUTIR,EM ACO,COM TAMPA PARAFUSADA,DE20X20CM.FORNECIMENTO E COLOCACAO","UN",76.099999999999994,null,"15.018.0310-A","CAIXA DE PASSAGEM DE EMBUTIR,EM ACO,COM TAMPA PARAFUSADA,DE20X20CM.FORNECIMENTO E COLOCACAO","UN",72.959999999999994]
["15.018.0320-0","CAIXA DE PASSAGEM DE EMBUTIR,EM ACO,COM TAMPA PARAFUSADA,DE30X30CM.FORNECIMENTO E COLOCACAO","UN",106.06,null,"15.018.0320-A","CAIXA DE PASSAGEM DE EMBUTIR,EM ACO,COM TAMPA PARAFUSADA,DE30X30CM.FORNECIMENTO E COLOCACAO","UN",102.87]
["15.018.0460-0","INTERLIGACAO DE ELETROCALHA PERFURADA DE LARGURA 200MM,ABA 100MM COM PAINEL OU QUADRO DE DISTRIBUICAO DE ENERGIA ELETRICA,EXCLUSIVE PAINEL OU QUADRO E ELETROCALHA.FORNECIMENTO E COLOCACAO","UN",200.14,null,"15.018.0460-A","INTERLIGACAO DE ELETROCALHA PERFURADA DE LARGURA 200MM,ABA 100MM COM PAINEL OU QUADRO DE DISTRIBUICAO DE ENERGIA ELETRICA,EXCLUSIVE PAINEL OU QUADRO E ELETROCALHA.FORNECIMENTO E COLOCACAO","UN",196.63]
["15.018.0466-0","ELETROCALHA PERFURADA,SEM TAMPA,TIPO \"U\",50X50MM,TRATAMENTOSUPERFICIAL PRE-ZINCADO A QUENTE,INCLUSIVE CONEXOES,ACESSORIOS E FIXACAO SUPERIOR.FORNECIMENTO E COLOCACAO","M",78.739999999999995,null,"15.018.0466-A","ELETROCALHA PERFURADA,SEM TAMPA,TIPO \"U\",50X50MM,TRATAMENTOSUPERFICIAL PRE-ZINCADO A QUENTE,INCLUSIVE CONEXOES,ACESSORIOS E FIXACAO SUPERIOR.FORNECIMENTO E COLOCACAO","M",75.239999999999995]
["15.018.0471-0","ELETROCALHA PERFURADA,SEM TAMPA,TIPO \"U\",400X50MM,TRATAMENTOSUPERFICIAL PRE-ZINCADO A QUENTE,INCLUSIVE CONEXOES,ACESSORIOS E FIXACAO SUPERIOR.FORNECIMENTO E COLOCACAO","M",170.34,null,"15.018.0471-A","ELETROCALHA PERFURADA,SEM TAMPA,TIPO \"U\",400X50MM,TRATAMENTOSUPERFICIAL PRE-ZINCADO A QUENTE,INCLUSIVE CONEXOES,ACESSORIOS E FIXACAO SUPERIOR.FORNECIMENTO E COLOCACAO","M",166.83]
["15.018.0476-0","ELETROCALHA PERFURADA,SEM TAMPA,TIPO \"U\",400X75MM,TRATAMENTOSUPERFICIAL PRE-ZINCADO A QUENTE,INCLUSIVE CONEXOES,ACESSORIOS E FIXACAO SUPERIOR.FORNECIMENTO E COLOCACAO","M",167.38,null,"15.018.0476-A","ELETROCALHA PERFURADA,SEM TAMPA,TIPO \"U\",400X75MM,TRATAMENTOSUPERFICIAL PRE-ZINCADO A QUENTE,INCLUSIVE CONEXOES,ACESSORIOS E FIXACAO SUPERIOR.FORNECIMENTO E COLOCACAO","M",163.88]
["15.018.0480-0","ELETROCALHA PERFURADA,SEM TAMPA,TIPO \"U\",300X100MM,TRATAMENTO SUPERFICIAL PRE-ZINCADO A QUENTE,INCLUSIVE CONEXOES,ACESSORIOS E FIXACAO SUPERIOR.FORNECIMENTO E COLOCACAO","M",123.65,null,"15.018.0480-A","ELETROCALHA PERFURADA,SEM TAMPA,TIPO \"U\",300X100MM,TRATAMENTO SUPERFICIAL PRE-ZINCADO A QUENTE,INCLUSIVE CONEXOES,ACESSORIOS E FIXACAO SUPERIOR.FORNECIMENTO E COLOCACAO","M",120.15]
["15.018.0487-0","ELETROCALHA PERFURADA,SEM TAMPA,TIPO \"U\",400X50MM,TRATAMENTOSUPERFICIAL PRE-ZINCADO A QUENTE,EXCLUSIVE CONEXOES,ACESSORIOS E FIXACAO SUPERIOR.FORNECIMENTO E COLOCACAO","M",133.51,null,"15.018.0487-A","ELETROCALHA PERFURADA,SEM TAMPA,TIPO \"U\",400X50MM,TRATAMENTOSUPERFICIAL PRE-ZINCADO A QUENTE,EXCLUSIVE CONEXOES,ACESSORIOS E FIXACAO SUPERIOR.FORNECIMENTO E COLOCACAO","M",130.01]
["15.018.0488-0","ELETROCALHA PERFURADA,SEM TAMPA,TIPO \"U\",100X75MM,TRATAMENTOSUPERFICIAL PRE-ZINCADO A QUENTE,EXCLUSIVE CONEXOES,ACESSORIOS E FIXACAO SUPERIOR.FORNECIMENTO E COLOCACAO","M",82.88,null,"15.018.0488-A","ELETROCALHA PERFURADA,SEM TAMPA,TIPO \"U\",100X75MM,TRATAMENTOSUPERFICIAL PRE-ZINCADO A QUENTE,EXCLUSIVE CONEXOES,ACESSORIOS E FIXACAO SUPERIOR.FORNECIMENTO E COLOCACAO","M",79.38]
["15.018.0495-0","ELETROCALHA PERFURADA,SEM TAMPA,TIPO \"U\",200X100MM,TRATAMENTO SUPERFICIAL PRE-ZINCADO A QUENTE,EXCLUSIVE CONEXOES,ACESSORIOS E FIXACAO SUPERIOR.FORNECIMENTO E COLOCACAO","M",80.040000000000006,null,"15.018.0495-A","ELETROCALHA PERFURADA,SEM TAMPA,TIPO \"U\",200X100MM,TRATAMENTO SUPERFICIAL PRE-ZINCADO A QUENTE,EXCLUSIVE CONEXOES,ACESSORIOS E FIXACAO SUPERIOR.FORNECIMENTO E COLOCACAO","M",76.540000000000006]
["15.018.0499-0","ELETROCALHA PERFURADA,COM TAMPA,TIPO \"U\",100X50MM,TRATAMENTOSUPERFICIAL PRE-ZINCADO A QUENTE,INCLUSIVE CONEXOES,ACESSORIOS E FIXACAO SUPERIOR.FORNECIMENTO E COLOCACAO","M",92.49,null,"15.018.0499-A","ELETROCALHA PERFURADA,COM TAMPA,TIPO \"U\",100X50MM,TRATAMENTOSUPERFICIAL PRE-ZINCADO A QUENTE,INCLUSIVE CONEXOES,ACESSORIOS E FIXACAO SUPERIOR.FORNECIMENTO E COLOCACAO","M",88.99]
["15.018.0504-0","ELETROCALHA PERFURADA,COM TAMPA,TIPO \"U\",100X75MM,TRATAMENTOSUPERFICIAL PRE-ZINCADO A QUENTE,INCLUSIVE CONEXOES,ACESSORIOS E FIXACAO SUPERIOR.FORNECIMENTO E COLOCACAO.","M",114.57,null,"15.018.0504-A","ELETROCALHA PERFURADA,COM TAMPA,TIPO \"U\",100X75MM,TRATAMENTOSUPERFICIAL PRE-ZINCADO A QUENTE,INCLUSIVE CONEXOES,ACESSORIOS E FIXACAO SUPERIOR.FORNECIMENTO E COLOCACAO.","M",111.06]
["15.018.0509-0","ELETROCALHA PERFURADA,COM TAMPA,TIPO \"U\",100X100MM,TRATAMENTO SUPERFICIAL PRE-ZINCADO A QUENTE,INCLUSIVE CONEXOES,ACESSORIOS E FIXACAO SUPERIOR.FORNECIMENTO E COLOCACAO","M",102.63,null,"15.018.0509-A","ELETROCALHA PERFURADA,COM TAMPA,TIPO \"U\",100X100MM,TRATAMENTO SUPERFICIAL PRE-ZINCADO A QUENTE,INCLUSIVE CONEXOES,ACESSORIOS E FIXACAO SUPERIOR.FORNECIMENTO E COLOCACAO","M",99.13]
["15.018.0511-0","ELETROCALHA PERFURADA,COM TAMPA,TIPO \"U\",200X100MM,TRATAMENTO SUPERFICIAL PRE-ZINCADO A QUENTE,INCLUSIVE CONEXOES,ACESSORIOS E FIXACAO SUPERIOR.FORNECIMENTO E COLOCACAO","M",120.82,null,"15.018.0511-A","ELETROCALHA PERFURADA,COM TAMPA,TIPO \"U\",200X100MM,TRATAMENTO SUPERFICIAL PRE-ZINCADO A QUENTE,INCLUSIVE CONEXOES,ACESSORIOS E FIXACAO SUPERIOR.FORNECIMENTO E COLOCACAO","M",117.32]
["15.018.0516-0","ELETROCALHA PERFURADA,COM TAMPA,TIPO \"U\",150X50MM,TRATAMENTOSUPERFICIAL PRE-ZINCADO A QUENTE,EXCLUSIVE CONEXOES,ACESSORIOS E FIXACAO SUPERIOR.FORNECIMENTO E COLOCACAO","M",81.17,null,"15.018.0516-A","ELETROCALHA PERFURADA,COM TAMPA,TIPO \"U\",150X50MM,TRATAMENTOSUPERFICIAL PRE-ZINCADO A QUENTE,EXCLUSIVE CONEXOES,ACESSORIOS E FIXACAO SUPERIOR.FORNECIMENTO E COLOCACAO","M",77.67]
["15.018.0518-0","ELETROCALHA PERFURADA,COM TAMPA,TIPO \"U\",300X50MM,TRATAMENTOSUPERFICIAL PRE-ZINCADO A QUENTE,EXCLUSIVE CONEXOES,ACESSORIOS E FIXACAO SUPERIOR.FORNECIMENTO E COLOCACAO","M",108.7,null,"15.018.0518-A","ELETROCALHA PERFURADA,COM TAMPA,TIPO \"U\",300X50MM,TRATAMENTOSUPERFICIAL PRE-ZINCADO A QUENTE,EXCLUSIVE CONEXOES,ACESSORIOS E FIXACAO SUPERIOR.FORNECIMENTO E COLOCACAO","M",105.2]
["15.018.0523-0","ELETROCALHA PERFURADA,COM TAMPA,TIPO \"U\",300X75MM,TRATAMENTOSUPERFICIAL PRE-ZINCADO A QUENTE,EXCLUSIVE CONEXOES,ACESSORIOS E FIXACAO SUPERIOR.FORNECIMENTO E COLOCACAO","M",130.87,null,"15.018.0523-A","ELETROCALHA PERFURADA,COM TAMPA,TIPO \"U\",300X75MM,TRATAMENTOSUPERFICIAL PRE-ZINCADO A QUENTE,EXCLUSIVE CONEXOES,ACESSORIOS E FIXACAO SUPERIOR.FORNECIMENTO E COLOCACAO","M",127.37]
["15.018.0528-0","ELETROCALHA PERFURADA,COM TAMPA,TIPO \"U\",300X100MM,TRATAMENTO SUPERFICIAL PRE-ZINCADO A QUENTE,EXCLUSIVE CONEXOES,ACESSORIOS E FIXACAO SUPERIOR.FORNECIMENTO E COLOCACAO","M",117.42,null,"15.018.0528-A","ELETROCALHA PERFURADA,COM TAMPA,TIPO \"U\",300X100MM,TRATAMENTO SUPERFICIAL PRE-ZINCADO A QUENTE,EXCLUSIVE CONEXOES,ACESSORIOS E FIXACAO SUPERIOR.FORNECIMENTO E COLOCACAO","M",113.92]
["15.018.0551-0","ELETROCALHA LISA,COM TAMPA,TIPO \"U\",150X50MM,TRATAMENTO SUPERFICIAL PRE-ZINCADO A QUENTE,INCLUSIVE CONEXOES,ACESSORIOS EFIXACAO SUPERIOR.FORNECIMENTO E COLOCACAO","M",102.38,null,"15.018.0551-A","ELETROCALHA LISA,COM TAMPA,TIPO \"U\",150X50MM,TRATAMENTO SUPERFICIAL PRE-ZINCADO A QUENTE,INCLUSIVE CONEXOES,ACESSORIOS EFIXACAO SUPERIOR.FORNECIMENTO E COLOCACAO","M",98.87]
["15.018.0560-0","ELETROCALHA LISA,COM TAMPA,TIPO \"U\",300X75MM,TRATAMENTO SUPERFICIAL PRE-ZINCADO A QUENTE,INCLUSIVE CONEXOES,ACESSORIOS EFIXACAO SUPERIOR.FORNECIMENTO E COLOCACAO","M",162.76,null,"15.018.0560-A","ELETROCALHA LISA,COM TAMPA,TIPO \"U\",300X75MM,TRATAMENTO SUPERFICIAL PRE-ZINCADO A QUENTE,INCLUSIVE CONEXOES,ACESSORIOS EFIXACAO SUPERIOR.FORNECIMENTO E COLOCACAO","M",159.26]
["15.018.0561-0","ELETROCALHA LISA,COM TAMPA,TIPO \"U\",400X75MM,TRATAMENTO SUPERFICIAL PRE-ZINCADO A QUENTE,INCLUSIVE CONEXOES,ACESSORIOS EFIXACAO SUPERIOR.FORNECIMENTO E COLOCACAO","M",224.25,null,"15.018.0561-A","ELETROCALHA LISA,COM TAMPA,TIPO \"U\",400X75MM,TRATAMENTO SUPERFICIAL PRE-ZINCADO A QUENTE,INCLUSIVE CONEXOES,ACESSORIOS EFIXACAO SUPERIOR.FORNECIMENTO E COLOCACAO","M",220.75]
["15.018.0568-0","ELETROCALHA LISA,COM TAMPA,TIPO \"U\",50X50MM,TRATAMENTO SUPERFICIAL PRE-ZINCADO A QUENTE,EXCLUSIVE CONEXOES,ACESSORIOS EFIXACAO SUPERIOR.FORNECIMENTO E COLOCACAO","M",67.569999999999993,null,"15.018.0568-A","ELETROCALHA LISA,COM TAMPA,TIPO \"U\",50X50MM,TRATAMENTO SUPERFICIAL PRE-ZINCADO A QUENTE,EXCLUSIVE CONEXOES,ACESSORIOS EFIXACAO SUPERIOR.FORNECIMENTO E COLOCACAO","M",64.069999999999993]
["15.018.0575-0","ELETROCALHA LISA,COM TAMPA,TIPO \"U\",400X50MM,TRATAMENTO SUPERFICIAL PRE-ZINCADO A QUENTE,EXCLUSIVE CONEXOES,ACESSORIOS EFIXACAO SUPERIOR.FORNECIMENTO E COLOCACAO","M",180.92,null,"15.018.0575-A","ELETROCALHA LISA,COM TAMPA,TIPO \"U\",400X50MM,TRATAMENTO SUPERFICIAL PRE-ZINCADO A QUENTE,EXCLUSIVE CONEXOES,ACESSORIOS EFIXACAO SUPERIOR.FORNECIMENTO E COLOCACAO","M",177.42]
["15.018.0581-0","ELETROCALHA LISA,COM TAMPA,TIPO \"U\",400X75MM,TRATAMENTO SUPERFICIAL PRE-ZINCADO A QUENTE,EXCLUSIVE CONEXOES,ACESSORIOS EFIXACAO SUPERIOR.FORNECIMENTO E COLOCACAO","M",181.37,null,"15.018.0581-A","ELETROCALHA LISA,COM TAMPA,TIPO \"U\",400X75MM,TRATAMENTO SUPERFICIAL PRE-ZINCADO A QUENTE,EXCLUSIVE CONEXOES,ACESSORIOS EFIXACAO SUPERIOR.FORNECIMENTO E COLOCACAO","M",177.87]
["15.018.0586-0","ELETROCALHA LISA,COM TAMPA,TIPO \"U\",300X100MM,TRATAMENTO SUPERFICIAL PRE-ZINCADO A QUENTE,EXCLUSIVE CONEXOES,ACESSORIOSE FIXACAO SUPERIOR.FORNECIMENTO E COLOCACAO","M",117.42,null,"15.018.0586-A","ELETROCALHA LISA,COM TAMPA,TIPO \"U\",300X100MM,TRATAMENTO SUPERFICIAL PRE-ZINCADO A QUENTE,EXCLUSIVE CONEXOES,ACESSORIOSE FIXACAO SUPERIOR.FORNECIMENTO E COLOCACAO","M",113.92]
["15.018.0590-0","CURVA HORIZONTAL,45º,PARA ELETROCALHA PERFURADA OU LISA,100X50MM.FORNECIMENTO E COLOCACAO","UN",34.06,null,"15.018.0590-A","CURVA HORIZONTAL,45º,PARA ELETROCALHA PERFURADA OU LISA,100X50MM.FORNECIMENTO E COLOCACAO","UN",32.31]
["15.018.0596-0","CURVA HORIZONTAL,45º,PARA ELETROCALHA PERFURADA OU LISA,100X75MM.FORNECIMENTO E COLOCACAO","UN",37.26,null,"15.018.0596-A","CURVA HORIZONTAL,45º,PARA ELETROCALHA PERFURADA OU LISA,100X75MM.FORNECIMENTO E COLOCACAO","UN",35.51]
["15.018.0602-0","CURVA HORIZONTAL,45º,PARA ELETROCALHA PERFURADA OU LISA,100X100MM.FORNECIMENTO E COLOCACAO","UN",37.07,null,"15.018.0602-A","CURVA HORIZONTAL,45º,PARA ELETROCALHA PERFURADA OU LISA,100X100MM.FORNECIMENTO E COLOCACAO","UN",35.32]
["15.018.0603-0","CURVA HORIZONTAL,45º,PARA ELETROCALHA PERFURADA OU LISA,150X100MM.FORNECIMENTO E COLOCACAO","UN",49.32,null,"15.018.0603-A","CURVA HORIZONTAL,45º,PARA ELETROCALHA PERFURADA OU LISA,150X100MM.FORNECIMENTO E COLOCACAO","UN",47.57]
["15.018.0611-0","CURVA HORIZONTAL,90º,PARA ELETROCALHA PERFURADA OU LISA,150X50MM.FORNECIMENTO E COLOCACAO","UN",48.95,null,"15.018.0611-A","CURVA HORIZONTAL,90º,PARA ELETROCALHA PERFURADA OU LISA,150X50MM.FORNECIMENTO E COLOCACAO","UN",47.2]
["15.018.0617-0","CURVA HORIZONTAL,90º,PARA ELETROCALHA PERFURADA OU LISA,150X75MM.FORNECIMENTO E COLOCACAO","UN",52.33,null,"15.018.0617-A","CURVA HORIZONTAL,90º,PARA ELETROCALHA PERFURADA OU LISA,150X75MM.FORNECIMENTO E COLOCACAO","UN",50.58]
["15.018.0621-0","CURVA HORIZONTAL,90º,PARA ELETROCALHA PERFURADA OU LISA,400X75MM.FORNECIMENTO E COLOCACAO","UN",112.7,null,"15.018.0621-A","CURVA HORIZONTAL,90º,PARA ELETROCALHA PERFURADA OU LISA,400X75MM.FORNECIMENTO E COLOCACAO","UN",110.95]
["15.018.0626-0","CURVA HORIZONTAL,90º,PARA ELETROCALHA PERFURADA OU LISA,300X100MM.FORNECIMENTO E COLOCACAO","UN",75.09,null,"15.018.0626-A","CURVA HORIZONTAL,90º,PARA ELETROCALHA PERFURADA OU LISA,300X100MM.FORNECIMENTO E COLOCACAO","UN",73.34]
["15.018.0632-0","CURVA VERTICAL,EXTERNA,30º,PARA ELETROCALHA PERFURADA OU LISA,200X50MM.FORNECIMENTO E COLOCACAO","UN",38.270000000000003,null,"15.018.0632-A","CURVA VERTICAL,EXTERNA,30º,PARA ELETROCALHA PERFURADA OU LISA,200X50MM.FORNECIMENTO E COLOCACAO","UN",36.520000000000003]
["15.018.0638-0","CURVA VERTICAL,EXTERNA,30º,PARA ELETROCALHA PERFURADA OU LISA,200X75MM.FORNECIMENTO E COLOCACAO","UN",40.909999999999997,null,"15.018.0638-A","CURVA VERTICAL,EXTERNA,30º,PARA ELETROCALHA PERFURADA OU LISA,200X75MM.FORNECIMENTO E COLOCACAO","UN",39.159999999999997]
["15.018.0646-0","CURVA VERTICAL,EXTERNA,30º,PARA ELETROCALHA PERFURADA OU LISA,300X100MM.FORNECIMENTO E COLOCACAO","UN",47.92,null,"15.018.0646-A","CURVA VERTICAL,EXTERNA,30º,PARA ELETROCALHA PERFURADA OU LISA,300X100MM.FORNECIMENTO E COLOCACAO","UN",46.17]
["15.018.0647-0","CURVA VERTICAL,EXTERNA,30º,PARA ELETROCALHA PERFURADA OU LISA,400X100MM.FORNECIMENTO E COLOCACAO","UN",51.87,null,"15.018.0647-A","CURVA VERTICAL,EXTERNA,30º,PARA ELETROCALHA PERFURADA OU LISA,400X100MM.FORNECIMENTO E COLOCACAO","UN",50.12]
["15.018.0656-0","CURVA VERTICAL,EXTERNA,45º,PARA ELETROCALHA PERFURADA OU LISA,100X75MM.FORNECIMENTO E COLOCACAO","UN",33.6,null,"15.018.0656-A","CURVA VERTICAL,EXTERNA,45º,PARA ELETROCALHA PERFURADA OU LISA,100X75MM.FORNECIMENTO E COLOCACAO","UN",31.85]
["15.018.0661-0","CURVA VERTICAL,EXTERNA,45º,PARA ELETROCALHA PERFURADA OU LISA,400X75MM.FORNECIMENTO E COLOCACAO","UN",49.04,null,"15.018.0661-A","CURVA VERTICAL,EXTERNA,45º,PARA ELETROCALHA PERFURADA OU LISA,400X75MM.FORNECIMENTO E COLOCACAO","UN",47.29]
["15.018.0667-0","CURVA VERTICAL,EXTERNA,45º,PARA ELETROCALHA PERFURADA OU LISA,400X100MM.FORNECIMENTO E COLOCACAO","UN",66.31,null,"15.018.0667-A","CURVA VERTICAL,EXTERNA,45º,PARA ELETROCALHA PERFURADA OU LISA,400X100MM.FORNECIMENTO E COLOCACAO","UN",64.56]
["15.018.0674-0","CURVA VERTICAL,EXTERNA,90º,PARA ELETROCALHA PERFURADA OU LISA,300X50MM.FORNECIMENTO E COLOCACAO","UN",67.650000000000006,null,"15.018.0674-A","CURVA VERTICAL,EXTERNA,90º,PARA ELETROCALHA PERFURADA OU LISA,300X50MM.FORNECIMENTO E COLOCACAO","UN",65.900000000000006]
["15.018.0676-0","CURVA VERTICAL,EXTERNA,90º,PARA ELETROCALHA PERFURADA OU LISA,100X75MM.FORNECIMENTO E COLOCACAO","UN",43.47,null,"15.018.0676-A","CURVA VERTICAL,EXTERNA,90º,PARA ELETROCALHA PERFURADA OU LISA,100X75MM.FORNECIMENTO E COLOCACAO","UN",41.72]
["15.018.0682-0","CURVA VERTICAL,EXTERNA,90º,PARA ELETROCALHA PERFURADA OU LISA,100X100MM.FORNECIMENTO E COLOCACAO","UN",44.95,null,"15.018.0682-A","CURVA VERTICAL,EXTERNA,90º,PARA ELETROCALHA PERFURADA OU LISA,100X100MM.FORNECIMENTO E COLOCACAO","UN",43.2]
["15.018.0686-0","CURVA VERTICAL,EXTERNA,90º,PARA ELETROCALHA PERFURADA OU LISA,300X100MM.FORNECIMENTO E COLOCACAO","UN",59.51,null,"15.018.0686-A","CURVA VERTICAL,EXTERNA,90º,PARA ELETROCALHA PERFURADA OU LISA,300X100MM.FORNECIMENTO E COLOCACAO","UN",57.76]
["15.018.0691-0","CURVA VERTICAL,INTERNA,45º,PARA ELETROCALHA PERFURADA OU LISA,150X50MM.FORNECIMENTO E COLOCACAO","UN",45.2,null,"15.018.0691-A","CURVA VERTICAL,INTERNA,45º,PARA ELETROCALHA PERFURADA OU LISA,150X50MM.FORNECIMENTO E COLOCACAO","UN",43.45]
["15.018.0697-0","CURVA VERTICAL,INTERNA,45º,PARA ELETROCALHA PERFURADA OU LISA,150X75MM.FORNECIMENTO E COLOCACAO","UN",43.43,null,"15.018.0697-A","CURVA VERTICAL,INTERNA,45º,PARA ELETROCALHA PERFURADA OU LISA,150X75MM.FORNECIMENTO E COLOCACAO","UN",41.67]
["15.018.0703-0","CURVA VERTICAL,INTERNA,45º,PARA ELETROCALHA PERFURADA OU LISA,150X100MM.FORNECIMENTO E COLOCACAO","UN",49.32,null,"15.018.0703-A","CURVA VERTICAL,INTERNA,45º,PARA ELETROCALHA PERFURADA OU LISA,150X100MM.FORNECIMENTO E COLOCACAO","UN",47.57]
["15.018.0711-0","CURVA VERTICAL,INTERNA,90º,PARA ELETROCALHA PERFURADA OU LISA,150X50MM.FORNECIMENTO E COLOCACAO","UN",44.25,null,"15.018.0711-A","CURVA VERTICAL,INTERNA,90º,PARA ELETROCALHA PERFURADA OU LISA,150X50MM.FORNECIMENTO E COLOCACAO","UN",42.5]
["15.018.0712-0","CURVA VERTICAL,INTERNA,90º,PARA ELETROCALHA PERFURADA OU LISA,200X50MM.FORNECIMENTO E COLOCACAO","UN",48.58,null,"15.018.0712-A","CURVA VERTICAL,INTERNA,90º,PARA ELETROCALHA PERFURADA OU LISA,200X50MM.FORNECIMENTO E COLOCACAO","UN",46.83]
["15.018.0721-0","CURVA VERTICAL,INTERNA,90º,PARA ELETROCALHA PERFURADA OU LISA,400X75MM.FORNECIMENTO E COLOCACAO","UN",85.92,null,"15.018.0721-A","CURVA VERTICAL,INTERNA,90º,PARA ELETROCALHA PERFURADA OU LISA,400X75MM.FORNECIMENTO E COLOCACAO","UN",84.17]
["15.018.0726-0","CURVA VERTICAL,INTERNA,90º,PARA ELETROCALHA PERFURADA OU LISA,300X100MM.FORNECIMENTO E COLOCACAO","UN",87.38,null,"15.018.0726-A","CURVA VERTICAL,INTERNA,90º,PARA ELETROCALHA PERFURADA OU LISA,300X100MM.FORNECIMENTO E COLOCACAO","UN",85.63]
["15.018.0732-0","CURVA DE INVERSAO,90º,PARA ELETROCALHA PERFURADA OU LISA,200X50MM.FORNECIMENTO E COLOCACAO","UN",53.6,null,"15.018.0732-A","CURVA DE INVERSAO,90º,PARA ELETROCALHA PERFURADA OU LISA,200X50MM.FORNECIMENTO E COLOCACAO","UN",51.85]
["15.018.0738-0","CURVA DE INVERSAO,90º,PARA ELETROCALHA PERFURADA OU LISA,200X75MM.FORNECIMENTO E COLOCACAO","UN",64.98,null,"15.018.0738-A","CURVA DE INVERSAO,90º,PARA ELETROCALHA PERFURADA OU LISA,200X75MM.FORNECIMENTO E COLOCACAO","UN",63.23]
["15.018.0741-0","CURVA DE INVERSAO,90º,PARA ELETROCALHA PERFURADA OU LISA,400X75MM.FORNECIMENTO E COLOCACAO","UN",105.27,null,"15.018.0741-A","CURVA DE INVERSAO,90º,PARA ELETROCALHA PERFURADA OU LISA,400X75MM.FORNECIMENTO E COLOCACAO","UN",103.52]
["15.018.0747-0","CURVA DE INVERSAO,90º,PARA ELETROCALHA PERFURADA OU LISA,400X100MM.FORNECIMENTO E COLOCACAO","UN",101.85,null,"15.018.0747-A","CURVA DE INVERSAO,90º,PARA ELETROCALHA PERFURADA OU LISA,400X100MM.FORNECIMENTO E COLOCACAO","UN",100.1]
["15.018.0750-0","TE HORIZONTAL,90º,PARA ELETROCALHA PERFURADA OU LISA,100X50MM.FORNECIMENTO E COLOCACAO","UN",46.99,null,"15.018.0750-A","TE HORIZONTAL,90º,PARA ELETROCALHA PERFURADA OU LISA,100X50MM.FORNECIMENTO E COLOCACAO","UN",45.24]
["15.018.0756-0","TE HORIZONTAL,90º,PARA ELETROCALHA PERFURADA OU LISA,100X75MM.FORNECIMENTO E COLOCACAO","UN",57.74,null,"15.018.0756-A","TE HORIZONTAL,90º,PARA ELETROCALHA PERFURADA OU LISA,100X75MM.FORNECIMENTO E COLOCACAO","UN",55.98]
["15.018.0762-0","TE HORIZONTAL,90º,PARA ELETROCALHA PERFURADA OU LISA,100X100MM.FORNECIMENTO E COLOCACAO","UN",58.87,null,"15.018.0762-A","TE HORIZONTAL,90º,PARA ELETROCALHA PERFURADA OU LISA,100X100MM.FORNECIMENTO E COLOCACAO","UN",57.12]
["15.018.0767-0","TE HORIZONTAL,90º,PARA ELETROCALHA PERFURADA OU LISA,400X100MM.FORNECIMENTO E COLOCACAO","UN",129.09,null,"15.018.0767-A","TE HORIZONTAL,90º,PARA ELETROCALHA PERFURADA OU LISA,400X100MM.FORNECIMENTO E COLOCACAO","UN",127.34]
["15.018.0776-0","TE VERTICAL DE DERIVACAO OU LATERAL,PARA ELETROCALHA PERFURADA OU LISA,100X75MM.FORNECIMENTO E COLOCACAO","UN",80.14,null,"15.018.0776-A","TE VERTICAL DE DERIVACAO OU LATERAL,PARA ELETROCALHA PERFURADA OU LISA,100X75MM.FORNECIMENTO E COLOCACAO","UN",78.39]
["15.018.0777-0","TE VERTICAL DE DERIVACAO OU LATERAL,PARA ELETROCALHA PERFURADA OU LISA,150X75MM.FORNECIMENTO E COLOCACAO","UN",67.650000000000006,null,"15.018.0777-A","TE VERTICAL DE DERIVACAO OU LATERAL,PARA ELETROCALHA PERFURADA OU LISA,150X75MM.FORNECIMENTO E COLOCACAO","UN",65.900000000000006]
["15.018.0783-0","TE VERTICAL DE DERIVACAO OU LATERAL,PARA ELETROCALHA PERFURADA OU LISA,150X100MM.FORNECIMENTO E COLOCACAO","UN",70.31,null,"15.018.0783-A","TE VERTICAL DE DERIVACAO OU LATERAL,PARA ELETROCALHA PERFURADA OU LISA,150X100MM.FORNECIMENTO E COLOCACAO","UN",68.56]
["15.018.0791-0","CRUZETA HORIZONTAL,90º,PARA ELETROCALHA PERFURADA OU LISA,150X50MM.FORNECIMENTO E COLOCACAO","UN",71.680000000000007,null,"15.018.0791-A","CRUZETA HORIZONTAL,90º,PARA ELETROCALHA PERFURADA OU LISA,150X50MM.FORNECIMENTO E COLOCACAO","UN",69.930000000000007]
["15.018.0797-0","CRUZETA HORIZONTAL,90º,PARA ELETROCALHA PERFURADA OU LISA,150X75MM.FORNECIMENTO E COLOCACAO","UN",81.430000000000007,null,"15.018.0797-A","CRUZETA HORIZONTAL,90º,PARA ELETROCALHA PERFURADA OU LISA,150X75MM.FORNECIMENTO E COLOCACAO","UN",79.680000000000007]
["15.018.0798-0","CRUZETA HORIZONTAL,90º,PARA ELETROCALHA PERFURADA OU LISA,200X75MM.FORNECIMENTO E COLOCACAO","UN",95.31,null,"15.018.0798-A","CRUZETA HORIZONTAL,90º,PARA ELETROCALHA PERFURADA OU LISA,200X75MM.FORNECIMENTO E COLOCACAO","UN",93.56]
["15.018.0808-0","COTOVELO RETO,PARA ELETROCALHA PERFURADA OU LISA,50X50MM.FORNECIMENTO E COLOCACAO","UN",39.409999999999997,null,"15.018.0808-A","COTOVELO RETO,PARA ELETROCALHA PERFURADA OU LISA,50X50MM.FORNECIMENTO E COLOCACAO","UN",37.659999999999997]
["15.018.0812-0","COTOVELO RETO,PARA ELETROCALHA PERFURADA OU LISA,200X50MM.FORNECIMENTO E COLOCACAO","UN",71.92,null,"15.018.0812-A","COTOVELO RETO,PARA ELETROCALHA PERFURADA OU LISA,200X50MM.FORNECIMENTO E COLOCACAO","UN",70.17]
["15.018.0818-0","COTOVELO RETO,PARA ELETROCALHA PERFURADA OU LISA,200X75MM.FORNECIMENTO E COLOCACAO","UN",50.61,null,"15.018.0818-A","COTOVELO RETO,PARA ELETROCALHA PERFURADA OU LISA,200X75MM.FORNECIMENTO E COLOCACAO","UN",48.85]
["15.018.0820-0","COTOVELO RETO,PARA ELETROCALHA PERFURADA OU LISA,300X75MM.FORNECIMENTO E COLOCACAO","UN",66.63,null,"15.018.0820-A","COTOVELO RETO,PARA ELETROCALHA PERFURADA OU LISA,300X75MM.FORNECIMENTO E COLOCACAO","UN",64.88]
["15.018.0827-0","COTOVELO RETO,PARA ELETROCALHA PERFURADA OU LISA,400X100MM.FORNECIMENTO E COLOCACAO","UN",101.85,null,"15.018.0827-A","COTOVELO RETO,PARA ELETROCALHA PERFURADA OU LISA,400X100MM.FORNECIMENTO E COLOCACAO","UN",100.1]
["15.018.0834-0","TE RETO,PARA ELETROCALHA PERFURADA OU LISA,300X50MM.FORNECIMENTO E COLOCACAO","UN",94.12,null,"15.018.0834-A","TE RETO,PARA ELETROCALHA PERFURADA OU LISA,300X50MM.FORNECIMENTO E COLOCACAO","UN",92.37]
["15.018.0837-0","TE RETO,PARA ELETROCALHA PERFURADA OU LISA,150X75MM.FORNECIMENTO E COLOCACAO","UN",53.73,null,"15.018.0837-A","TE RETO,PARA ELETROCALHA PERFURADA OU LISA,150X75MM.FORNECIMENTO E COLOCACAO","UN",51.97]
["15.018.0842-0","TE RETO,PARA ELETROCALHA PERFURADA OU LISA,100X100MM.FORNECIMENTO E COLOCACAO","UN",66.83,null,"15.018.0842-A","TE RETO,PARA ELETROCALHA PERFURADA OU LISA,100X100MM.FORNECIMENTO E COLOCACAO","UN",65.08]
["15.018.0848-0","CRUZETA RETA,PARA ELETROCALHA PERFURADA OU LISA,50X50MM.FORNECIMENTO E COLOCACAO","UN",43.64,null,"15.018.0848-A","CRUZETA RETA,PARA ELETROCALHA PERFURADA OU LISA,50X50MM.FORNECIMENTO E COLOCACAO","UN",41.89]
["15.018.0855-0","CRUZETA RETA,PARA ELETROCALHA PERFURADA OU LISA,400X50MM.FORNECIMENTO E COLOCACAO","UN",132.44999999999999,null,"15.018.0855-A","CRUZETA RETA,PARA ELETROCALHA PERFURADA OU LISA,400X50MM.FORNECIMENTO E COLOCACAO","UN",130.69999999999999]
["15.018.0862-0","CRUZETA RETA,PARA ELETROCALHA PERFURADA OU LISA,100X100MM.FORNECIMENTO E COLOCACAO","UN",55.51,null,"15.018.0862-A","CRUZETA RETA,PARA ELETROCALHA PERFURADA OU LISA,100X100MM.FORNECIMENTO E COLOCACAO","UN",53.76]
["15.018.0863-0","CRUZETA RETA,PARA ELETROCALHA PERFURADA OU LISA,150X100MM.FORNECIMENTO E COLOCACAO","UN",63.48,null,"15.018.0863-A","CRUZETA RETA,PARA ELETROCALHA PERFURADA OU LISA,150X100MM.FORNECIMENTO E COLOCACAO","UN",61.73]
["15.018.0874-0","REDUCAO CONCENTRICA,PARA ELETROCALHA PERFURADA OU LISA,200X100MM.FORNECIMENTO E COLOCACAO","UN",53.76,null,"15.018.0874-A","REDUCAO CONCENTRICA,PARA ELETROCALHA PERFURADA OU LISA,200X100MM.FORNECIMENTO E COLOCACAO","UN",52.01]
["15.018.0882-0","REDUCAO CONCENTRICA,PARA ELETROCALHA PERFURADA OU LISA,300X150MM.FORNECIMENTO E COLOCACAO","UN",68.010000000000005,null,"15.018.0882-A","REDUCAO CONCENTRICA,PARA ELETROCALHA PERFURADA OU LISA,300X150MM.FORNECIMENTO E COLOCACAO","UN",66.260000000000005]
["15.018.0888-0","REDUCAO CONCENTRICA,PARA ELETROCALHA PERFURADA OU LISA,400X150MM.FORNECIMENTO E COLOCACAO","UN",96.54,null,"15.018.0888-A","REDUCAO CONCENTRICA,PARA ELETROCALHA PERFURADA OU LISA,400X150MM.FORNECIMENTO E COLOCACAO","UN",94.79]
["15.018.0889-0","REDUCAO CONCENTRICA,PARA ELETROCALHA PERFURADA OU LISA,400X100MM.FORNECIMENTO E COLOCACAO","UN",129.09,null,"15.018.0889-A","REDUCAO CONCENTRICA,PARA ELETROCALHA PERFURADA OU LISA,400X100MM.FORNECIMENTO E COLOCACAO","UN",127.34]
["15.018.0904-0","TE VERTICAL(SUBIDA),PARA ELETROCALHA PERFURADA OU LISA,300X50MM.FORNECIMENTO E COLOCACAO","UN",107.51,null,"15.018.0904-A","TE VERTICAL(SUBIDA),PARA ELETROCALHA PERFURADA OU LISA,300X50MM.FORNECIMENTO E COLOCACAO","UN",105.76]
["15.018.0910-0","TE VERTICAL(SUBIDA),PARA ELETROCALHA PERFURADA OU LISA,300X75MM.FORNECIMENTO E COLOCACAO","UN",87.12,null,"15.018.0910-A","TE VERTICAL(SUBIDA),PARA ELETROCALHA PERFURADA OU LISA,300X75MM.FORNECIMENTO E COLOCACAO","UN",85.37]
["15.018.0913-0","TE VERTICAL(SUBIDA),PARA ELETROCALHA PERFURADA OU LISA,150X100MM.FORNECIMENTO E COLOCACAO","UN",93.76,null,"15.018.0913-A","TE VERTICAL(SUBIDA),PARA ELETROCALHA PERFURADA OU LISA,150X100MM.FORNECIMENTO E COLOCACAO","UN",92.01]
["15.018.0918-0","TE VERTICAL(DESCIDA),PARA ELETROCALHA PERFURADA OU LISA,50X50MM.FORNECIMENTO E COLOCACAO","UN",56.99,null,"15.018.0918-A","TE VERTICAL(DESCIDA),PARA ELETROCALHA PERFURADA OU LISA,50X50MM.FORNECIMENTO E COLOCACAO","UN",55.24]
["15.018.0925-0","TE VERTICAL(DESCIDA),PARA ELETROCALHA PERFURADA OU LISA,400X50MM.FORNECIMENTO E COLOCACAO","UN",129.04,null,"15.018.0925-A","TE VERTICAL(DESCIDA),PARA ELETROCALHA PERFURADA OU LISA,400X50MM.FORNECIMENTO E COLOCACAO","UN",127.29]
["15.018.0931-0","TE VERTICAL(DESCIDA),PARA ELETROCALHA PERFURADA OU LISA,400X75MM.FORNECIMENTO E COLOCACAO","UN",112.23,null,"15.018.0931-A","TE VERTICAL(DESCIDA),PARA ELETROCALHA PERFURADA OU LISA,400X75MM.FORNECIMENTO E COLOCACAO","UN",110.48]
["15.018.0938-0","TERMINAL DE FECHAMENTO LISO,PARA ELETROCALHA PERFURADA OU LISA,50X50MM.FORNECIMENTO E COLOCACAO","UN",13.49,null,"15.018.0938-A","TERMINAL DE FECHAMENTO LISO,PARA ELETROCALHA PERFURADA OU LISA,50X50MM.FORNECIMENTO E COLOCACAO","UN",12.79]
["15.018.0940-0","TERMINAL DE FECHAMENTO LISO,PARA ELETROCALHA PERFURADA OU LISA,100X50MM.FORNECIMENTO E COLOCACAO","UN",12.25,null,"15.018.0940-A","TERMINAL DE FECHAMENTO LISO,PARA ELETROCALHA PERFURADA OU LISA,100X50MM.FORNECIMENTO E COLOCACAO","UN",11.55]
["15.018.0948-0","TERMINAL DE FECHAMENTO LISO,PARA ELETROCALHA PERFURADA OU LISA,200X75MM.FORNECIMENTO E COLOCACAO","UN",15.47,null,"15.018.0948-A","TERMINAL DE FECHAMENTO LISO,PARA ELETROCALHA PERFURADA OU LISA,200X75MM.FORNECIMENTO E COLOCACAO","UN",14.77]
["15.018.0953-0","TERMINAL DE FECHAMENTO LISO,PARA ELETROCALHA PERFURADA OU LISA,150X100MM.FORNECIMENTO E COLOCACAO","UN",19.87,null,"15.018.0953-A","TERMINAL DE FECHAMENTO LISO,PARA ELETROCALHA PERFURADA OU LISA,150X100MM.FORNECIMENTO E COLOCACAO","UN",19.170000000000002]
["15.018.0960-0","TERMINAL DE FECHAMENTO,PARA ELETROCALHA PERFURADA OU LISA,100X50MM,COM SAIDA PARA TUBO.FORNECIMENTO E COLOCACAO","UN",12.61,null,"15.018.0960-A","TERMINAL DE FECHAMENTO,PARA ELETROCALHA PERFURADA OU LISA,100X50MM,COM SAIDA PARA TUBO.FORNECIMENTO E COLOCACAO","UN",11.9]
["15.018.0966-0","TERMINAL DE FECHAMENTO,PARA ELETROCALHA PERFURADA OU LISA,100X75MM,COM SAIDA PARA TUBO.FORNECIMENTO E COLOCACAO","UN",13.53,null,"15.018.0966-A","TERMINAL DE FECHAMENTO,PARA ELETROCALHA PERFURADA OU LISA,100X75MM,COM SAIDA PARA TUBO.FORNECIMENTO E COLOCACAO","UN",12.83]
["15.018.0968-0","TERMINAL DE FECHAMENTO,PARA ELETROCALHA PERFURADA OU LISA,200X75MM,COM SAIDA PARA TUBO.FORNECIMENTO E COLOCACAO","UN",15.38,null,"15.018.0968-A","TERMINAL DE FECHAMENTO,PARA ELETROCALHA PERFURADA OU LISA,200X75MM,COM SAIDA PARA TUBO.FORNECIMENTO E COLOCACAO","UN",14.68]
["15.018.0974-0","TERMINAL DE FECHAMENTO,PARA ELETROCALHA PERFURADA OU LISA,200X100MM,COM SAIDA PARA TUBO.FORNECIMENTO E COLOCACAO","UN",16.899999999999999,null,"15.018.0974-A","TERMINAL DE FECHAMENTO,PARA ELETROCALHA PERFURADA OU LISA,200X100MM,COM SAIDA PARA TUBO.FORNECIMENTO E COLOCACAO","UN",16.2]
["15.018.0981-0","ACOPLAMENTO EM PAINEL,PARA ELETROCALHA PERFURADA OU LISA,150X50MM.FORNECIMENTO E COLOCACAO","UN",13.78,null,"15.018.0981-A","ACOPLAMENTO EM PAINEL,PARA ELETROCALHA PERFURADA OU LISA,150X50MM.FORNECIMENTO E COLOCACAO","UN",13.08]
["15.018.0984-0","ACOPLAMENTO EM PAINEL,PARA ELETROCALHA PERFURADA OU LISA,300X50MM.FORNECIMENTO E COLOCACAO","UN",19.93,null,"15.018.0984-A","ACOPLAMENTO EM PAINEL,PARA ELETROCALHA PERFURADA OU LISA,300X50MM.FORNECIMENTO E COLOCACAO","UN",19.23]
["15.018.0990-0","ACOPLAMENTO EM PAINEL,PARA ELETROCALHA PERFURADA OU LISA,300X75MM.FORNECIMENTO E COLOCACAO","UN",17.09,null,"15.018.0990-A","ACOPLAMENTO EM PAINEL,PARA ELETROCALHA PERFURADA OU LISA,300X75MM.FORNECIMENTO E COLOCACAO","UN",16.39]
["15.018.0996-0","ACOPLAMENTO EM PAINEL,PARA ELETROCALHA PERFURADA OU LISA,300X100MM.FORNECIMENTO E COLOCACAO","UN",19.11,null,"15.018.0996-A","ACOPLAMENTO EM PAINEL,PARA ELETROCALHA PERFURADA OU LISA,300X100MM.FORNECIMENTO E COLOCACAO","UN",18.41]
["15.018.1001-0","GOTEJADOR PARA ELETROCALHA PERFURADA OU LISA,150X50MM.FORNECIMENTO E COLOCACAO","UN",18.440000000000001,null,"15.018.1001-A","GOTEJADOR PARA ELETROCALHA PERFURADA OU LISA,150X50MM.FORNECIMENTO E COLOCACAO","UN",17.739999999999998]
["15.018.1005-0","GOTEJADOR PARA ELETROCALHA PERFURADA OU LISA,400X50MM.FORNECIMENTO E COLOCACAO","UN",31.29,null,"15.018.1005-A","GOTEJADOR PARA ELETROCALHA PERFURADA OU LISA,400X50MM.FORNECIMENTO E COLOCACAO","UN",30.59]
["15.018.1011-0","GOTEJADOR PARA ELETROCALHA PERFURADA OU LISA,400X75MM.FORNECIMENTO E COLOCACAO","UN",32.67,null,"15.018.1011-A","GOTEJADOR PARA ELETROCALHA PERFURADA OU LISA,400X75MM.FORNECIMENTO E COLOCACAO","UN",31.96]
["15.019.0010-0","TOMADA DE PISO,SIMPLES,EM CORPO DE ALUMINIO FUNDIDO E TAMPAEM LATAO POLIDO,10A/250V.FORNECIMENTO E COLOCACAO","UN",42.73,null,"15.019.0010-A","TOMADA DE PISO,SIMPLES,EM CORPO DE ALUMINIO FUNDIDO E TAMPAEM LATAO POLIDO,10A/250V.FORNECIMENTO E COLOCACAO","UN",41.72]
["15.019.0035-0","INTERRUPTOR THREE-WAY DE EMBUTIR COM TECLA FOSFORESCENTE,INCLUSIVE PLACA.FORNECIMENTO E COLOCACAO","UN",15.3,null,"15.019.0035-A","INTERRUPTOR THREE-WAY DE EMBUTIR COM TECLA FOSFORESCENTE,INCLUSIVE PLACA.FORNECIMENTO E COLOCACAO","UN",14.69]
["15.019.0040-0","INTERRUPTOR COM 1 TECLA SIMPLES E TOMADA 2P+T,10A/250V,PADRAO BRASILEIRO,DE EMBUTIR,COM PLACA DE 4\"X2\".FORNECIMENTO E COLOCACAO","UN",21.72,null,"15.019.0040-A","INTERRUPTOR COM 1 TECLA SIMPLES E TOMADA 2P+T,10A/250V,PADRAO BRASILEIRO,DE EMBUTIR,COM PLACA DE 4\"X2\".FORNECIMENTO E COLOCACAO","UN",20.91]
["15.019.0069-0","TOMADA 4 PINOS,DE EMBUTIR,COMPLETA,PARA TELEFONE.FORNECIMENTO E COLOCACAO","UN",16.36,null,"15.019.0069-A","TOMADA 4 PINOS,DE EMBUTIR,COMPLETA,PARA TELEFONE.FORNECIMENTO E COLOCACAO","UN",15.95]
["15.019.0082-0","TOMADA TIPO RJ11,DE EMBUTIR,COMPLETA,PARA TELEFONE.FORNECIMENTO E COLOCACAO","UN",12.89,null,"15.019.0082-A","TOMADA TIPO RJ11,DE EMBUTIR,COMPLETA,PARA TELEFONE.FORNECIMENTO E COLOCACAO","UN",12.48]
["15.020.0010-0","RECEPTACULO DE LOUCA PARA PENDENTE.FORNECIMENTO E COLOCACAO","UN",6.71,null,"15.020.0010-A","RECEPTACULO DE LOUCA PARA PENDENTE.FORNECIMENTO E COLOCACAO","UN",6.4]
["15.020.0027-0","LAMPADA INCANDESCENTE HALOGENA,DE 50W-12V.FORNECIMENTO E COLOCACAO","UN",7.02,null,"15.020.0027-A","LAMPADA INCANDESCENTE HALOGENA,DE 50W-12V.FORNECIMENTO E COLOCACAO","UN",6.92]
["15.020.0036-0","LAMPADA FLUORESCENTE TUBULAR,DE 16W.FORNECIMENTO E COLOCACAO","UN",30.74,null,"15.020.0036-A","LAMPADA FLUORESCENTE TUBULAR,DE 16W.FORNECIMENTO E COLOCACAO","UN",30.54]
["15.020.0050-0","LAMPADA DE VAPOR DE MERCURIO,DE 250W.FORNECIMENTO E COLOCACAO","UN",43.15,null,"15.020.0050-A","LAMPADA DE VAPOR DE MERCURIO,DE 250W.FORNECIMENTO E COLOCACAO","UN",42.74]
["15.020.0061-0","LAMPADA MISTA,DE 500W.FORNECIMENTO E COLOCACAO","UN",103.84,null,"15.020.0061-A","LAMPADA MISTA,DE 500W.FORNECIMENTO E COLOCACAO","UN",103.53]
["15.020.0075-0","LAMPADA DE VAPOR DE SODIO DE 150W-110/220V.FORNECIMENTO E COLOCACAO","UN",33.380000000000003,null,"15.020.0075-A","LAMPADA DE VAPOR DE SODIO DE 150W-110/220V.FORNECIMENTO E COLOCACAO","UN",32.97]
["15.020.0105-0","LAMPADA DE VAPOR METALICO DE 2000W-220V,BULBO OVOIDE.FORNECIMENTO E COLOCACAO","UN",478.17,null,"15.020.0105-A","LAMPADA DE VAPOR METALICO DE 2000W-220V,BULBO OVOIDE.FORNECIMENTO E COLOCACAO","UN",477.76]
["15.020.0160-0","LAMPADA LED,BULBO,PAR 20,7W,120V,BASE E-27.FORNECIMENTO E COLOCACAO","UN",11.71,null,"15.020.0160-A","LAMPADA LED,BULBO,PAR 20,7W,120V,BASE E-27.FORNECIMENTO E COLOCACAO","UN",11.61]
["15.020.0173-0","LAMPADA LED,TUBULAR,1200MM,T8,18W,FLUXO LUMINOSO EM TORNO DE1850LM","UN",12.86,null,"15.020.0173-A","LAMPADA LED,TUBULAR,1200MM,T8,18W,FLUXO LUMINOSO EM TORNO DE1850LM","UN",12.76]
["15.020.0175-0","LAMPADA LED,TUBULAR,HF 1200MM,T5,26W,FLUXO LUMINOSO EM TORNODE 3900LM","UN",74.900000000000006,null,"15.020.0175-A","LAMPADA LED,TUBULAR,HF 1200MM,T5,26W,FLUXO LUMINOSO EM TORNODE 3900LM","UN",74.8]
["15.028.0003-0","COLOCACAO DE RESERVATORIO DE FIBROCIMENTO,FIBRA DE VIDRO OUSEMELHANTE DE 300L,INCLUSIVE PECAS DE APOIO EM ALVENARIA E MADEIRA SERRADA E FLANGES DE LIGACAO HIDRAULICA,EXCLUSIVE FORNECIMENTO DO RESERVATORIO","UN",716.85,null,"15.028.0003-A","COLOCACAO DE RESERVATORIO DE FIBROCIMENTO,FIBRA DE VIDRO OUSEMELHANTE DE 300L,INCLUSIVE PECAS DE APOIO EM ALVENARIA E MADEIRA SERRADA E FLANGES DE LIGACAO HIDRAULICA,EXCLUSIVE FORNECIMENTO DO RESERVATORIO","UN",677.37]
["15.028.0015-0","COLOCACAO DE RESERVATORIO DE FIBROCIMENTO,FIBRA DE VIDRO OUSEMELHANTE DE 1.500L,INCLUSIVE PECAS DE APOIO EM ALVENARIA EMADEIRA SERRADA,E FLANGES DE LIGACAO HIDRAULICA,EXCLUSIVE FONECIMENTO DO RESERVATORIO","UN",870.57,null,"15.028.0015-A","COLOCACAO DE RESERVATORIO DE FIBROCIMENTO,FIBRA DE VIDRO OUSEMELHANTE DE 1.500L,INCLUSIVE PECAS DE APOIO EM ALVENARIA EMADEIRA SERRADA,E FLANGES DE LIGACAO HIDRAULICA,EXCLUSIVE FONECIMENTO DO RESERVATORIO","UN",824.08]
["15.028.0028-0","COLOCACAO DE RESERVATORIO DE FIBROCIMENTO,FIBRA DE VIDRO OUSEMELHANTE DE 6000L,INCLUSIVE PECAS DE APOIO EM ALVENARIA EMADEIRA SERRADA,E FLANGES DE LIGACAO HIDRAULICA,EXCLUSIVE FORNECIMENTO DO RESERVATORIO","UN",1191.1199999999999,null,"15.028.0028-A","COLOCACAO DE RESERVATORIO DE FIBROCIMENTO,FIBRA DE VIDRO OUSEMELHANTE DE 6000L,INCLUSIVE PECAS DE APOIO EM ALVENARIA EMADEIRA SERRADA,E FLANGES DE LIGACAO HIDRAULICA,EXCLUSIVE FORNECIMENTO DO RESERVATORIO","UN",1126.29]
["15.029.0010-0","REGISTRO DE GAVETA BRUTO,COM DIAMETRO DE 1/2\".FORNECIMENTO ECOLOCACAO","UN",68.89,null,"15.029.0010-A","REGISTRO DE GAVETA BRUTO,COM DIAMETRO DE 1/2\".FORNECIMENTO ECOLOCACAO","UN",66.790000000000006]
["15.029.0016-0","REGISTRO DE GAVETA BRUTO,COM DIAMETRO DE 2.1/2\".FORNECIMENTOE COLOCACAO","UN",422.99,null,"15.029.0016-A","REGISTRO DE GAVETA BRUTO,COM DIAMETRO DE 2.1/2\".FORNECIMENTOE COLOCACAO","UN",420.19]
["15.029.0021-0","REGISTRO DE ESFERA,EM METAL,COM DIAMETRO DE 1\".FORNECIMENTOE COLOCACAO","UN",61.16,null,"15.029.0021-A","REGISTRO DE ESFERA,EM METAL,COM DIAMETRO DE 1\".FORNECIMENTOE COLOCACAO","UN",59.06]
["15.029.0024-0","REGISTRO DE ESFERA,EM METAL,COM DIAMETRO DE 2\".FORNECIMENTOE COLOCACAO","UN",170.5,null,"15.029.0024-A","REGISTRO DE ESFERA,EM METAL,COM DIAMETRO DE 2\".FORNECIMENTOE COLOCACAO","UN",168.05]
["15.029.0052-0","VALVULA DE PE,EM METAL,COM DIAMETRO DE 1.1/2\".FORNECIMENTO ECOLOCACAO","UN",121.09,null,"15.029.0052-A","VALVULA DE PE,EM METAL,COM DIAMETRO DE 1.1/2\".FORNECIMENTO ECOLOCACAO","UN",118.64]
["15.029.0080-0","VALVULA DE RETENCAO VERTICAL,EM METAL,COM DIAMETRO DE 3/4\".FORNECIMENTO E COLOCACAO","UN",82.54,null,"15.029.0080-A","VALVULA DE RETENCAO VERTICAL,EM METAL,COM DIAMETRO DE 3/4\".FORNECIMENTO E COLOCACAO","UN",80.44]
["15.029.0085-0","VALVULA DE RETENCAO VERTICAL,EM METAL,COM DIAMETRO DE 2.1/2\".FORNECIMENTO E COLOCACAO","UN",263.94,null,"15.029.0085-A","VALVULA DE RETENCAO VERTICAL,EM METAL,COM DIAMETRO DE 2.1/2\".FORNECIMENTO E COLOCACAO","UN",261.14]
["15.029.0103-0","VALVULA DE RETENCAO HORIZONTAL,EM METAL,COM DIAMETRO DE 1.1/2\".FORNECIMENTO E COLOCACAO","UN",179.36,null,"15.029.0103-A","VALVULA DE RETENCAO HORIZONTAL,EM METAL,COM DIAMETRO DE 1.1/2\".FORNECIMENTO E COLOCACAO","UN",176.91]
["15.029.0104-0","VALVULA DE RETENCAO HORIZONTAL,EM METAL,COM DIAMETRO DE 2\".FORNECIMENTO E COLOCACAO","UN",325.83999999999997,null,"15.029.0104-A","VALVULA DE RETENCAO HORIZONTAL,EM METAL,COM DIAMETRO DE 2\".FORNECIMENTO E COLOCACAO","UN",323.39]
["15.029.0202-0","VALVULA DE DUAS VIAS COM ATUADOR ON/OFF,220V,DE 3/4\".FORNECIMENTO E COLOCACAO","UN",411.62,null,"15.029.0202-A","VALVULA DE DUAS VIAS COM ATUADOR ON/OFF,220V,DE 3/4\".FORNECIMENTO E COLOCACAO","UN",410.74]
["15.029.0227-0","VALVULA BORBOLETA,TIPO WAFER,COM ATUADOR ELETRICO,DE 4\".FORNECIMENTO E COLOCACAO","UN",7139.97,null,"15.029.0227-A","VALVULA BORBOLETA,TIPO WAFER,COM ATUADOR ELETRICO,DE 4\".FORNECIMENTO E COLOCACAO","UN",7139.15]
["15.029.0246-0","FILTRO Y,CORPO EM METAL,COM TELA REMOVIVEL EM ACO INOX,DE 1.1/2\".FORNECIMENTO E COLOCACAO","UN",193.06,null,"15.029.0246-A","FILTRO Y,CORPO EM METAL,COM TELA REMOVIVEL EM ACO INOX,DE 1.1/2\".FORNECIMENTO E COLOCACAO","UN",190.61]
["15.029.0248-0","FILTRO Y,CORPO EM METAL,COM TELA REMOVIVEL EM ACO INOX,DE 2\".FORNECIMENTO E COLOCACAO","UN",313.49,null,"15.029.0248-A","FILTRO Y,CORPO EM METAL,COM TELA REMOVIVEL EM ACO INOX,DE 2\".FORNECIMENTO E COLOCACAO","UN",311.04000000000002]
["15.030.0036-0","REGISTRO DE ESFERA,EM PVC,SOLDAVEL,COM DIAMETRO DE 40MM.FORNECIMENTO E COLOCACAO","UN",60.45,null,"15.030.0036-A","REGISTRO DE ESFERA,EM PVC,SOLDAVEL,COM DIAMETRO DE 40MM.FORNECIMENTO E COLOCACAO","UN",58]
["15.030.0070-0","VALVULA DE RETENCAO VERTICAL,EM PVC,SOLDAVEL,COM DIAMETRO DE25MM.FORNECIMENTO E COLOCACAO","UN",56.25,null,"15.030.0070-A","VALVULA DE RETENCAO VERTICAL,EM PVC,SOLDAVEL,COM DIAMETRO DE25MM.FORNECIMENTO E COLOCACAO","UN",54.15]
["15.030.0080-0","VALVULA DE RETENCAO HORIZONTAL,EM PVC,SOLDAVEL,COM DIAMETRODE 25MM.FORNECIMENTO E COLOCACAO","UN",56.25,null,"15.030.0080-A","VALVULA DE RETENCAO HORIZONTAL,EM PVC,SOLDAVEL,COM DIAMETRODE 25MM.FORNECIMENTO E COLOCACAO","UN",54.15]
["15.030.0084-0","VALVULA DE RETENCAO HORIZONTAL,EM PVC,SOLDAVEL,COM DIAMETRODE 40MM.FORNECIMENTO E COLOCACAO","UN",115.61,null,"15.030.0084-A","VALVULA DE RETENCAO HORIZONTAL,EM PVC,SOLDAVEL,COM DIAMETRODE 40MM.FORNECIMENTO E COLOCACAO","UN",113.16]
["15.031.0012-0","TUBO DE FERRO GALVANIZADO DE 1\",COM COSTURA,EXCLUSIVE EMENDAS,CONEXOES,ABERTURA E FECHAMENTO DE RASGO.FORNECIMENTO E ASSENTAMENTO","M",42.07,null,"15.031.0012-A","TUBO DE FERRO GALVANIZADO DE 1\",COM COSTURA,EXCLUSIVE EMENDAS,CONEXOES,ABERTURA E FECHAMENTO DE RASGO.FORNECIMENTO E ASSENTAMENTO","M",41.51]
["15.031.0017-0","TUBO DE FERRO GALVANIZADO DE 3\",COM COSTURA,EXCLUSIVE EMENDAS,CONEXOES,ABERTURA E FECHAMENTO DE RASGO.FORNECIMENTO E ASSENTAMENTO","M",121.83,null,"15.031.0017-A","TUBO DE FERRO GALVANIZADO DE 3\",COM COSTURA,EXCLUSIVE EMENDAS,CONEXOES,ABERTURA E FECHAMENTO DE RASGO.FORNECIMENTO E ASSENTAMENTO","M",120.78]
["15.031.0021-0","TUBO DE FERRO GALVANIZADO DE 1\",COM COSTURA,INCLUSIVE EMENDAS E CONEXOES,EXCLUSIVE ABERTURA E FECHAMENTO DE RASGO.FORNECIMENTO E ASSENTAMENTO","M",45.44,null,"15.031.0021-A","TUBO DE FERRO GALVANIZADO DE 1\",COM COSTURA,INCLUSIVE EMENDAS E CONEXOES,EXCLUSIVE ABERTURA E FECHAMENTO DE RASGO.FORNECIMENTO E ASSENTAMENTO","M",44.88]
["15.031.0024-0","TUBO DE FERRO GALVANIZADO DE 2\",COM COSTURA,INCLUSIVE CONEXOES E EMENDAS,EXCLUSIVE ABERTURA E FECHAMENTO DE RASGO.FORNECIMENTO E ASSENTAMENTO","M",85.76,null,"15.031.0024-A","TUBO DE FERRO GALVANIZADO DE 2\",COM COSTURA,INCLUSIVE CONEXOES E EMENDAS,EXCLUSIVE ABERTURA E FECHAMENTO DE RASGO.FORNECIMENTO E ASSENTAMENTO","M",84.88]
["15.031.0032-0","TUBO DE FERRO GALVANIZADO DE 6\",COM COSTURA,INCLUSIVE CONEXOES E EMENDAS,EXCLUSIVE ABERTURA E FECHAMENTO DE RASGO.FORNECIMENTO E ASSENTAMENTO","M",458.14,null,"15.031.0032-A","TUBO DE FERRO GALVANIZADO DE 6\",COM COSTURA,INCLUSIVE CONEXOES E EMENDAS,EXCLUSIVE ABERTURA E FECHAMENTO DE RASGO.FORNECIMENTO E ASSENTAMENTO","M",456.74]
["15.034.0013-0","ELETRODUTO DE FERRO GALVANIZADO,TIPO MEDIO,DIAMETRO DE 1.1/2\",EXCLUSIVE LUVAS,CURVAS,ABERTURA E FECHAMENTO DE RASGO.FORNECIMENTO E ASSENTAMENTO","M",34.06,null,"15.034.0013-A","ELETRODUTO DE FERRO GALVANIZADO,TIPO MEDIO,DIAMETRO DE 1.1/2\",EXCLUSIVE LUVAS,CURVAS,ABERTURA E FECHAMENTO DE RASGO.FORNECIMENTO E ASSENTAMENTO","M",33.32]
["15.034.0020-0","ELETRODUTO DE FERRO GALVANIZADO,TIPO MEDIO,DIAMETRO DE 3/4\",INCLUSIVE CONEXOES E EMENDAS,EXCLUSIVE ABERTURA E FECHAMENTODE RASGO.FORNECIMENTO E ASSENTAMENTO","M",17.899999999999999,null,"15.034.0020-A","ELETRODUTO DE FERRO GALVANIZADO,TIPO MEDIO,DIAMETRO DE 3/4\",INCLUSIVE CONEXOES E EMENDAS,EXCLUSIVE ABERTURA E FECHAMENTODE RASGO.FORNECIMENTO E ASSENTAMENTO","M",17.41]
["15.034.0021-0","ELETRODUTO DE FERRO GALVANIZADO,TIPO MEDIO,DIAMETRO DE 1\",INCLUSIVE CONEXOES E EMENDAS,EXCLUSIVE ABERTURA E FECHAMENTO DE RASGO.FORNECIMENTO E ASSENTAMENTO","M",23.93,null,"15.034.0021-A","ELETRODUTO DE FERRO GALVANIZADO,TIPO MEDIO,DIAMETRO DE 1\",INCLUSIVE CONEXOES E EMENDAS,EXCLUSIVE ABERTURA E FECHAMENTO DE RASGO.FORNECIMENTO E ASSENTAMENTO","M",23.37]
["15.034.0025-0","ELETRODUTO DE FERRO GALVANIZADO,TIPO MEDIO,DIAMETRO DE 2.1/2\",INCLUSIVE CONEXOES E EMENDAS,EXCLUSIVE ABERTURA E FECHAMENTO DE RASGO.FORNECIMENTO E ASSENTAMENTO","M",70.61,null,"15.034.0025-A","ELETRODUTO DE FERRO GALVANIZADO,TIPO MEDIO,DIAMETRO DE 2.1/2\",INCLUSIVE CONEXOES E EMENDAS,EXCLUSIVE ABERTURA E FECHAMENTO DE RASGO.FORNECIMENTO E ASSENTAMENTO","M",69.63]
["15.035.0014-0","ELETRODUTO DE FERRO GALVANIZADO,TIPO PESADO,DIAMETRO DE 1.1/2\",EXCLUSIVE LUVAS,CURVAS,ABERTURA E FECHAMENTO DE RASGO.FORNECIMENTO E ASSENTAMENTO","M",65.69,null,"15.035.0014-A","ELETRODUTO DE FERRO GALVANIZADO,TIPO PESADO,DIAMETRO DE 1.1/2\",EXCLUSIVE LUVAS,CURVAS,ABERTURA E FECHAMENTO DE RASGO.FORNECIMENTO E ASSENTAMENTO","M",64.959999999999994]
["15.035.0021-0","ELETRODUTO DE FERRO GALVANIZADO,TIPO PESADO,DIAMETRO DE 3/4\",INCLUSIVE CONEXOES E EMENDAS,EXCLUSIVE ABERTURA E FECHAMENTO DE RASGO.FORNECIMENTO E ASSENTAMENTO","M",35.61,null,"15.035.0021-A","ELETRODUTO DE FERRO GALVANIZADO,TIPO PESADO,DIAMETRO DE 3/4\",INCLUSIVE CONEXOES E EMENDAS,EXCLUSIVE ABERTURA E FECHAMENTO DE RASGO.FORNECIMENTO E ASSENTAMENTO","M",35.119999999999997]
["15.035.0023-0","ELETRODUTO DE FERRO GALVANIZADO,TIPO PESADO,DIAMETRO DE 1.1/4\",INCLUSIVE CONEXOES E EMENDAS,EXCLUSIVE ABERTURA E FECHAMETO DE RASGO.FORNECIMENTO E ASSENTAMENTO","M",59.72,null,"15.035.0023-A","ELETRODUTO DE FERRO GALVANIZADO,TIPO PESADO,DIAMETRO DE 1.1/4\",INCLUSIVE CONEXOES E EMENDAS,EXCLUSIVE ABERTURA E FECHAMETO DE RASGO.FORNECIMENTO E ASSENTAMENTO","M",59.09]
["15.036.0001-0","TUBO DE CPVC RIGIDO,DIAMETRO DE 15MM,SOLDAVEL,PARA AGUA QUENTE E FRIA,EXCLUSIVE EMENDA,CONEXOES,ABERTURA E FECHAMENTO DERASGO.FORNECIMENTO E ASSENTAMENTO","M",16.690000000000001,null,"15.036.0001-A","TUBO DE CPVC RIGIDO,DIAMETRO DE 15MM,SOLDAVEL,PARA AGUA QUENTE E FRIA,EXCLUSIVE EMENDA,CONEXOES,ABERTURA E FECHAMENTO DERASGO.FORNECIMENTO E ASSENTAMENTO","M",16.2]
["15.036.0012-0","TUBO DE PVC RIGIDO,ROSQUEAVEL,PARA AGUA FRIA,COM DIAMETRO DE1\",EXCLUSIVE EMENDAS,CONEXOES,ABERTURA E FECHAMENTO DE RASGO.FORNECIMENTO E ASSENTAMENTO","M",28.2,null,"15.036.0012-A","TUBO DE PVC RIGIDO,ROSQUEAVEL,PARA AGUA FRIA,COM DIAMETRO DE1\",EXCLUSIVE EMENDAS,CONEXOES,ABERTURA E FECHAMENTO DE RASGO.FORNECIMENTO E ASSENTAMENTO","M",27.71]
["15.036.0016-0","TUBO DE PVC RIGIDO,ROSQUEAVEL,PARA AGUA FRIA,COM DIAMETRO DE3\",EXCLUSIVE EMENDAS,CONEXOES,ABERTURA E FECHAMENTO DE RASGO.FORNECIMENTO E ASSENTAMENTO","M",166.37,null,"15.036.0016-A","TUBO DE PVC RIGIDO,ROSQUEAVEL,PARA AGUA FRIA,COM DIAMETRO DE3\",EXCLUSIVE EMENDAS,CONEXOES,ABERTURA E FECHAMENTO DE RASGO.FORNECIMENTO E ASSENTAMENTO","M",165.32]
["15.036.0020-0","TUBO DE PVC RIGIDO,ROSQUEAVEL,PARA AGUA FRIA,COM DIAMETRO DE1\",INCLUSIVE CONEXOES E EMENDAS,EXCLUSIVE ABERTURA E FECHAMENTO DE RASGO.FORNECIMENTO E ASSENTAMENTO","M",30.29,null,"15.036.0020-A","TUBO DE PVC RIGIDO,ROSQUEAVEL,PARA AGUA FRIA,COM DIAMETRO DE1\",INCLUSIVE CONEXOES E EMENDAS,EXCLUSIVE ABERTURA E FECHAMENTO DE RASGO.FORNECIMENTO E ASSENTAMENTO","M",29.8]
["15.036.0025-0","TUBO DE PVC RIGIDO,ROSQUEAVEL,PARA AGUA FRIA,COM DIAMETRO DE3\",INCLUSIVE CONEXOES E EMENDAS,EXCLUSIVE ABERTURA E FECHAMENTO DE RASGO.FORNECIMENTO E ASSENTAMENTO","M",181.44,null,"15.036.0025-A","TUBO DE PVC RIGIDO,ROSQUEAVEL,PARA AGUA FRIA,COM DIAMETRO DE3\",INCLUSIVE CONEXOES E EMENDAS,EXCLUSIVE ABERTURA E FECHAMENTO DE RASGO.FORNECIMENTO E ASSENTAMENTO","M",180.39]
["15.036.0032-0","TUBO DE PVC RIGIDO DE 60MM,SOLDAVEL,EXCLUSIVE CONEXOES,EMENDAS,ABERTURA E FECHAMENTO DE RASGO.FORNECIMENTO E ASSENTAMENTO","M",36.659999999999997,null,"15.036.0032-A","TUBO DE PVC RIGIDO DE 60MM,SOLDAVEL,EXCLUSIVE CONEXOES,EMENDAS,ABERTURA E FECHAMENTO DE RASGO.FORNECIMENTO E ASSENTAMENTO","M",35.74]
["15.036.0037-0","TUBO DE PVC RIGIDO DE 25MM,SOLDAVEL,INCLUSIVE CONEXOES E EMENDAS,EXCLUSIVE ABERTURA E FECHAMENTO DE RASGO.FORNECIMENTO EASSENTAMENTO","M",12.98,null,"15.036.0037-A","TUBO DE PVC RIGIDO DE 25MM,SOLDAVEL,INCLUSIVE CONEXOES E EMENDAS,EXCLUSIVE ABERTURA E FECHAMENTO DE RASGO.FORNECIMENTO EASSENTAMENTO","M",12.46]
["15.036.0038-0","TUBO DE PVC RIGIDO DE 32MM,SOLDAVEL,INCLUSIVE CONEXOES E EMENDAS,EXCLUSIVE ABERTURA E FECHAMENTO DE RASGO.FORNECIMENTO EASSENTAMENTO","M",17.89,null,"15.036.0038-A","TUBO DE PVC RIGIDO DE 32MM,SOLDAVEL,INCLUSIVE CONEXOES E EMENDAS,EXCLUSIVE ABERTURA E FECHAMENTO DE RASGO.FORNECIMENTO EASSENTAMENTO","M",17.329999999999998]
["15.036.0046-0","TUBO DE PVC RIGIDO DE 50MM,SOLDAVEL,EXCLUSIVE EMENDAS,CONEXOES,ABERTURA E FECHAMENTO DE RASGO.FORNECIMENTO E ASSENTAMENTO","M",22.62,null,"15.036.0046-A","TUBO DE PVC RIGIDO DE 50MM,SOLDAVEL,EXCLUSIVE EMENDAS,CONEXOES,ABERTURA E FECHAMENTO DE RASGO.FORNECIMENTO E ASSENTAMENTO","M",21.85]
["15.036.0049-0","TUBO DE PVC RIGIDO DE 40MM,SOLDAVEL,INCLUSIVE CONEXOES E EMENDAS,EXCLUSIVE ABERTURA E FECHAMENTO DE RASGO.FORNECIMENTO EASSENTAMENTO","M",17.12,null,"15.036.0049-A","TUBO DE PVC RIGIDO DE 40MM,SOLDAVEL,INCLUSIVE CONEXOES E EMENDAS,EXCLUSIVE ABERTURA E FECHAMENTO DE RASGO.FORNECIMENTO EASSENTAMENTO","M",16.489999999999998]
["15.036.0060-0","ELETRODUTO RIGIDO,EM PVC,ROSQUEAVEL,COM DIAMETRO NOMINAL DE20MM (1/2\"),CONFORME ABNT NBR 15465,EXCLUSIVE CONEXOES,ABERTURA E FECHAMENTO DE RASGO.FORNECIMENTO E INSTALACAO","M",7.6,null,"15.036.0060-A","ELETRODUTO RIGIDO,EM PVC,ROSQUEAVEL,COM DIAMETRO NOMINAL DE20MM (1/2\"),CONFORME ABNT NBR 15465,EXCLUSIVE CONEXOES,ABERTURA E FECHAMENTO DE RASGO.FORNECIMENTO E INSTALACAO","M",7.25]
["15.036.0061-0","ELETRODUTO RIGIDO,EM PVC,ROSQUEAVEL,COM DIAMETRO NOMINAL DE25MM (3/4\"),CONFORME ABNT NBR 15465,EXCLUSIVE CONEXOES,ABERTURA E FECHAMENTO DE RASGO.FORNECIMENTO E INSTALACAO","M",9.11,null,"15.036.0061-A","ELETRODUTO RIGIDO,EM PVC,ROSQUEAVEL,COM DIAMETRO NOMINAL DE25MM (3/4\"),CONFORME ABNT NBR 15465,EXCLUSIVE CONEXOES,ABERTURA E FECHAMENTO DE RASGO.FORNECIMENTO E INSTALACAO","M",8.68]
["15.036.0067-0","ELETRODUTO RIGIDO,EM PVC,ROSQUEAVEL,COM DIAMETRO NOMINAL DE85MM (3\"),CONFORME ABNT NBR 15465,EXCLUSIVE CONEXOES,ABERTURA E FECHAMENTO DE RASGO.FORNECIMENTO E INSTALACAO","M",33.78,null,"15.036.0067-A","ELETRODUTO RIGIDO,EM PVC,ROSQUEAVEL,COM DIAMETRO NOMINAL DE85MM (3\"),CONFORME ABNT NBR 15465,EXCLUSIVE CONEXOES,ABERTURA E FECHAMENTO DE RASGO.FORNECIMENTO E INSTALACAO","M",32.729999999999997]
["15.036.0072-0","ELETRODUTO RIGIDO,EM PVC,ROSQUEAVEL,COM DIAMETRO NOMINAL DE40MM (1.1/4\"),CONFORME ABNT NBR 15465,INCLUSIVE CONEXOES,EXCLUSIVE ABERTURA E FECHAMENTO DE RASGO.FORNECIMENTO E INSTALACAO","M",14.59,null,"15.036.0072-A","ELETRODUTO RIGIDO,EM PVC,ROSQUEAVEL,COM DIAMETRO NOMINAL DE40MM (1.1/4\"),CONFORME ABNT NBR 15465,INCLUSIVE CONEXOES,EXCLUSIVE ABERTURA E FECHAMENTO DE RASGO.FORNECIMENTO E INSTALACAO","M",14.03]
["15.036.0077-0","ELETRODUTO RIGIDO,EM PVC,ROSQUEAVEL,COM DIAMETRO NOMINAL DE110MM (4\"),CONFORME ABNT NBR 15465,INCLUSIVE CONEXOES,EXCLUSIVE ABERTURA E FECHAMENTO DE RASGO.FORNECIMENTO E INSTALACAO","M",49.89,null,"15.036.0077-A","ELETRODUTO RIGIDO,EM PVC,ROSQUEAVEL,COM DIAMETRO NOMINAL DE110MM (4\"),CONFORME ABNT NBR 15465,INCLUSIVE CONEXOES,EXCLUSIVE ABERTURA E FECHAMENTO DE RASGO.FORNECIMENTO E INSTALACAO","M",48.67]
["15.036.0081-0","TUBO DE PVC RIGIDO,CONFORME ABNT NBR-5688 DE 75MM,LINHA REFORCADA,SOLDAVEL,EXCLUSIVE EMENDAS,CONEXOES,ABERTURA E FECHAMENTO DE RASGO.FORNECIMENTO E ASSENTAMENTO","M",29.47,null,"15.036.0081-A","TUBO DE PVC RIGIDO,CONFORME ABNT NBR-5688 DE 75MM,LINHA REFORCADA,SOLDAVEL,EXCLUSIVE EMENDAS,CONEXOES,ABERTURA E FECHAMENTO DE RASGO.FORNECIMENTO E ASSENTAMENTO","M",28.94]
["15.036.0088-0","TUBO DE PVC RIGIDO,CONFORME ABNT NBR-5688 DE 100MM,LINHA REFORCADA,SOLDAVEL,INCLUSIVE CONEXOES E EMENDAS,EXCLUSIVE ABERTURA E FECHAMENTO DE RASGO.FORNECIMENTO E ASSENTAMENTO","M",42.61,null,"15.036.0088-A","TUBO DE PVC RIGIDO,CONFORME ABNT NBR-5688 DE 100MM,LINHA REFORCADA,SOLDAVEL,INCLUSIVE CONEXOES E EMENDAS,EXCLUSIVE ABERTURA E FECHAMENTO DE RASGO.FORNECIMENTO E ASSENTAMENTO","M",41.98]
["15.036.0110-0","TUBO DE PVC RIGIDO,CONFORME ABNT NBR-5688,DE 100MM,LINHA REFORCADA,SOLDAVEL,PARA PROTECAO DE CONDUTORES DE SISTEMA DE TELEFONIA,LINHA TRIPLA,ASSENTADOS E COBERTOS COM CAMADA DE CONCRETO,EXCLUSIVE ESCAVACAO E REATERRO.FORNECIMENTO E ASSENTAMENTO","M",161.29,null,"15.036.0110-A","TUBO DE PVC RIGIDO,CONFORME ABNT NBR-5688,DE 100MM,LINHA REFORCADA,SOLDAVEL,PARA PROTECAO DE CONDUTORES DE SISTEMA DE TELEFONIA,LINHA TRIPLA,ASSENTADOS E COBERTOS COM CAMADA DE CONCRETO,EXCLUSIVE ESCAVACAO E REATERRO.FORNECIMENTO E ASSENTAMENTO","M",156.86000000000001]
["15.036.0143-0","ELETRODUTO EM PVC FLEXIVEL,COR AMARELA,DIAMETRO DE 32MM.FORNECIMENTO E COLOCACAO.","M",5.01,null,"15.036.0143-A","ELETRODUTO EM PVC FLEXIVEL,COR AMARELA,DIAMETRO DE 32MM.FORNECIMENTO E COLOCACAO.","M",4.91]
["15.037.0011-0","CONDUITE FLEXIVEL,GALVANIZADO,COM DIAMETRO DE 3/4\",EXCLUSIVEEMENDAS.FORNECIMENTO E ASSENTAMENTO","M",13.14,null,"15.037.0011-A","CONDUITE FLEXIVEL,GALVANIZADO,COM DIAMETRO DE 3/4\",EXCLUSIVEEMENDAS.FORNECIMENTO E ASSENTAMENTO","M",12.93]
["15.037.0016-0","CONDUITE FLEXIVEL,GALVANIZADO,COM DIAMETRO DE 2.1/2\",EXCLUSIVE EMENDAS.FORNECIMENTO E ASSENTAMENTO","M",58.44,null,"15.037.0016-A","CONDUITE FLEXIVEL,GALVANIZADO,COM DIAMETRO DE 2.1/2\",EXCLUSIVE EMENDAS.FORNECIMENTO E ASSENTAMENTO","M",57.99]
["15.038.0006-0","ADAPTADOR ROSQUEAVEL,COM DIAMETRO DE 2\",COM FLANGES E ANEL DE VEDACAO PARA CAIXA D'AGUA.FORNECIMENTO","UN",86.24,null,"15.038.0006-A","ADAPTADOR ROSQUEAVEL,COM DIAMETRO DE 2\",COM FLANGES E ANEL DE VEDACAO PARA CAIXA D'AGUA.FORNECIMENTO","UN",86.24]
["15.038.0013-0","BUCHA DE REDUCAO COM ROSCA,COM DIAMETRO DE 1.1/4\"X3/4\".FORNECIMENTO","UN",7.61,null,"15.038.0013-A","BUCHA DE REDUCAO COM ROSCA,COM DIAMETRO DE 1.1/4\"X3/4\".FORNECIMENTO","UN",7.61]
["15.038.0014-0","BUCHA DE REDUCAO COM ROSCA,COM DIAMETRO DE 1.1/4\"X1\".FORNECIMENTO","UN",10.55,null,"15.038.0014-A","BUCHA DE REDUCAO COM ROSCA,COM DIAMETRO DE 1.1/4\"X1\".FORNECIMENTO","UN",10.55]
["15.038.0018-0","BUCHA DE REDUCAO COM ROSCA,COM DIAMETRO DE 2\"X1\".FORNECIMENTO","UN",20.100000000000001,null,"15.038.0018-A","BUCHA DE REDUCAO COM ROSCA,COM DIAMETRO DE 2\"X1\".FORNECIMENTO","UN",20.100000000000001]
["15.038.0034-0","CAP COM ROSCA,COM DIAMETRO DE 2\".FORNECIMENTO","UN",26.49,null,"15.038.0034-A","CAP COM ROSCA,COM DIAMETRO DE 2\".FORNECIMENTO","UN",26.49]
["15.038.0042-0","CURVA 90º COM ROSCA,COM DIAMETRO DE 1\".FORNECIMENTO","UN",10.07,null,"15.038.0042-A","CURVA 90º COM ROSCA,COM DIAMETRO DE 1\".FORNECIMENTO","UN",10.07]
["15.038.0044-0","CURVA 90º COM ROSCA,COM DIAMETRO DE 1.1/2\".FORNECIMENTO","UN",27.05,null,"15.038.0044-A","CURVA 90º COM ROSCA,COM DIAMETRO DE 1.1/2\".FORNECIMENTO","UN",27.05]
["15.038.0053-0","FLANGE COM SEXTAVADO COM ROSCA E SEM FUROS,COM DIAMETRO DE 1.1/4\".FORNECIMENTO","UN",28.96,null,"15.038.0053-A","FLANGE COM SEXTAVADO COM ROSCA E SEM FUROS,COM DIAMETRO DE 1.1/4\".FORNECIMENTO","UN",28.96]
["15.038.0058-0","FLANGE COM SEXTAVADO COM ROSCA E SEM FUROS,COM DIAMETRO DE 4\".FORNECIMENTO","UN",553.13,null,"15.038.0058-A","FLANGE COM SEXTAVADO COM ROSCA E SEM FUROS,COM DIAMETRO DE 4\".FORNECIMENTO","UN",553.13]
["15.038.0064-0","JOELHO 45º COM ROSCA,COM DIAMETRO DE 1.1/2\".FORNECIMENTO","UN",22.65,null,"15.038.0064-A","JOELHO 45º COM ROSCA,COM DIAMETRO DE 1.1/2\".FORNECIMENTO","UN",22.65]
["15.038.0070-0","JOELHO 90º COM ROSCA,COM DIAMETRO DE 1/2\".FORNECIMENTO","UN",2.62,null,"15.038.0070-A","JOELHO 90º COM ROSCA,COM DIAMETRO DE 1/2\".FORNECIMENTO","UN",2.62]
["15.038.0075-0","JOELHO 90º COM ROSCA,COM DIAMETRO DE 2\".FORNECIMENTO","UN",41.2,null,"15.038.0075-A","JOELHO 90º COM ROSCA,COM DIAMETRO DE 2\".FORNECIMENTO","UN",41.2]
["15.038.0104-0","LUVA COM ROSCA,COM DIAMETRO DE 1.1/2\".FORNECIMENTO","UN",17.96,null,"15.038.0104-A","LUVA COM ROSCA,COM DIAMETRO DE 1.1/2\".FORNECIMENTO","UN",17.96]
["15.038.0108-0","LUVA COM ROSCA,COM DIAMETRO DE 4\".FORNECIMENTO","UN",64.88,null,"15.038.0108-A","LUVA COM ROSCA,COM DIAMETRO DE 4\".FORNECIMENTO","UN",64.88]
["15.038.0115-0","LUVA DE REDUCAO COM ROSCA,COM DIAMETRO DE 3/4\"X1/2\".FORNECIMENTO","UN",3.49,null,"15.038.0115-A","LUVA DE REDUCAO COM ROSCA,COM DIAMETRO DE 3/4\"X1/2\".FORNECIMENTO","UN",3.49]
["15.038.0122-0","LUVA DE CORRER PARA TUBO ROSCAVEL,COM DIAMETRO DE 1.1/2\".FORNECIMENTO","UN",51.42,null,"15.038.0122-A","LUVA DE CORRER PARA TUBO ROSCAVEL,COM DIAMETRO DE 1.1/2\".FORNECIMENTO","UN",51.42]
["15.038.0140-0","PLUG COM ROSCA,COM DIAMETRO DE 1/2\".FORNECIMENTO","UN",0.8,null,"15.038.0140-A","PLUG COM ROSCA,COM DIAMETRO DE 1/2\".FORNECIMENTO","UN",0.8]
["15.038.0145-0","PLUG COM ROSCA,COM DIAMETRO DE 2\".FORNECIMENTO","UN",20.02,null,"15.038.0145-A","PLUG COM ROSCA,COM DIAMETRO DE 2\".FORNECIMENTO","UN",20.02]
["15.038.0151-0","TE 90º COM ROSCA,COM DIAMETRO DE 3/4\".FORNECIMENTO","UN",4.43,null,"15.038.0151-A","TE 90º COM ROSCA,COM DIAMETRO DE 3/4\".FORNECIMENTO","UN",4.43]
["15.038.0160-0","TE DE REDUCAO 90º COM ROSCA,COM DIAMETRO DE 3/4\"X1/2\".FORNECIMENTO","UN",6.2,null,"15.038.0160-A","TE DE REDUCAO 90º COM ROSCA,COM DIAMETRO DE 3/4\"X1/2\".FORNECIMENTO","UN",6.2]
["15.038.0172-0","UNIAO COM ROSCA,COM DIAMETRO DE 1\".FORNECIMENTO","UN",21.62,null,"15.038.0172-A","UNIAO COM ROSCA,COM DIAMETRO DE 1\".FORNECIMENTO","UN",21.62]
["15.038.0176-0","UNIAO COM ROSCA,COM DIAMETRO DE 2.1/2\".FORNECIMENTO","UN",148.47999999999999,null,"15.038.0176-A","UNIAO COM ROSCA,COM DIAMETRO DE 2.1/2\".FORNECIMENTO","UN",148.47999999999999]
["15.038.0186-0","JOELHO 90º COM ROSCA E BUCHA DE LATAO,COM DIAMETRO DE 3/4\".FORNECIMENTO","UN",24.12,null,"15.038.0186-A","JOELHO 90º COM ROSCA E BUCHA DE LATAO,COM DIAMETRO DE 3/4\".FORNECIMENTO","UN",24.12]
["15.038.0203-0","ADAPTADOR SOLDAVEL CURTO COM BOLSA E ROSCA PARA REGISTRO,COMDIAMETRO DE 40MMX1.1/4\".FORNECIMENTO","UN",4.18,null,"15.038.0203-A","ADAPTADOR SOLDAVEL CURTO COM BOLSA E ROSCA PARA REGISTRO,COMDIAMETRO DE 40MMX1.1/4\".FORNECIMENTO","UN",4.18]
["15.038.0209-0","ADAPTADOR SOLDAVEL CURTO COM BOLSA E ROSCA PARA REGISTRO,COMDIAMETRO DE 85MMX3\".FORNECIMENTO","UN",35.96,null,"15.038.0209-A","ADAPTADOR SOLDAVEL CURTO COM BOLSA E ROSCA PARA REGISTRO,COMDIAMETRO DE 85MMX3\".FORNECIMENTO","UN",35.96]
["15.038.0218-0","ADAPTADOR SOLDAVEL COM FLANGES LIVRES PARA CAIXA D'AGUA,COMDIAMETRO DE 50MMX1.1/2\".FORNECIMENTO","UN",28.92,null,"15.038.0218-A","ADAPTADOR SOLDAVEL COM FLANGES LIVRES PARA CAIXA D'AGUA,COMDIAMETRO DE 50MMX1.1/2\".FORNECIMENTO","UN",28.92]
["15.038.0219-0","ADAPTADOR SOLDAVEL COM FLANGES LIVRES PARA CAIXA D'AGUA,COMDIAMETRO DE 60MMX2\".FORNECIMENTO","UN",46.4,null,"15.038.0219-A","ADAPTADOR SOLDAVEL COM FLANGES LIVRES PARA CAIXA D'AGUA,COMDIAMETRO DE 60MMX2\".FORNECIMENTO","UN",46.4]
["15.038.0236-0","ADAPTADOR SOLDAVEL/LONGO COM FLANGES LIVRES PARA CAIXA D'AGUA,COM DIAMETRO DE 85MMX3\".FORNECIMENTO","UN",343.92,null,"15.038.0236-A","ADAPTADOR SOLDAVEL/LONGO COM FLANGES LIVRES PARA CAIXA D'AGUA,COM DIAMETRO DE 85MMX3\".FORNECIMENTO","UN",343.92]
["15.038.0242-0","ADAPTADOR SOLDAVEL COM FLANGES E ANEL DE VEDACAO PARA CAIXAD'AGUA,COM DIAMETRO DE 32MMX1\".FORNECIMENTO","UN",15.98,null,"15.038.0242-A","ADAPTADOR SOLDAVEL COM FLANGES E ANEL DE VEDACAO PARA CAIXAD'AGUA,COM DIAMETRO DE 32MMX1\".FORNECIMENTO","UN",15.98]
["15.038.0254-0","BUCHA DE REDUCAO SOLDAVEL CURTA,COM DIAMETRO DE 60MMX50MM.FORNECIMENTO","UN",7.51,null,"15.038.0254-A","BUCHA DE REDUCAO SOLDAVEL CURTA,COM DIAMETRO DE 60MMX50MM.FORNECIMENTO","UN",7.51]
["15.038.0255-0","BUCHA DE REDUCAO SOLDAVEL CURTA,COM DIAMETRO DE 75MMX60MM.FORNECIMENTO","UN",16.59,null,"15.038.0255-A","BUCHA DE REDUCAO SOLDAVEL CURTA,COM DIAMETRO DE 75MMX60MM.FORNECIMENTO","UN",16.59]
["15.038.0262-0","BUCHA DE REDUCAO SOLDAVEL LONGA,COM DIAMETRO DE 40MMX25MM.FORNECIMENTO","UN",4.33,null,"15.038.0262-A","BUCHA DE REDUCAO SOLDAVEL LONGA,COM DIAMETRO DE 40MMX25MM.FORNECIMENTO","UN",4.33]
["15.038.0268-0","BUCHA DE REDUCAO SOLDAVEL LONGA,COM DIAMETRO DE 60MMX40MM.FORNECIMENTO","UN",7.98,null,"15.038.0268-A","BUCHA DE REDUCAO SOLDAVEL LONGA,COM DIAMETRO DE 60MMX40MM.FORNECIMENTO","UN",7.98]
["15.038.0281-0","CAP SOLDAVEL,COM DIAMETRO DE 25MM.FORNECIMENTO","UN",1.45,null,"15.038.0281-A","CAP SOLDAVEL,COM DIAMETRO DE 25MM.FORNECIMENTO","UN",1.45]
["15.038.0284-0","CAP SOLDAVEL,COM DIAMETRO DE 50MM.FORNECIMENTO","UN",5.14,null,"15.038.0284-A","CAP SOLDAVEL,COM DIAMETRO DE 50MM.FORNECIMENTO","UN",5.14]
["15.038.0288-0","CAP SOLDAVEL,COM DIAMETRO DE 110MM.FORNECIMENTO","UN",80.290000000000006,null,"15.038.0288-A","CAP SOLDAVEL,COM DIAMETRO DE 110MM.FORNECIMENTO","UN",80.290000000000006]
["15.038.0294-0","CURVA 45º SOLDAVEL,COM DIAMETRO DE 50MM.FORNECIMENTO","UN",10.59,null,"15.038.0294-A","CURVA 45º SOLDAVEL,COM DIAMETRO DE 50MM.FORNECIMENTO","UN",10.59]
["15.038.0300-0","CURVA 90º SOLDAVEL,COM DIAMETRO DE 20MM.FORNECIMENTO","UN",2.5,null,"15.038.0300-A","CURVA 90º SOLDAVEL,COM DIAMETRO DE 20MM.FORNECIMENTO","UN",2.5]
["15.038.0302-0","CURVA 90º SOLDAVEL,COM DIAMETRO DE 32MM.FORNECIMENTO","UN",5.24,null,"15.038.0302-A","CURVA 90º SOLDAVEL,COM DIAMETRO DE 32MM.FORNECIMENTO","UN",5.24]
["15.038.0307-0","CURVA 90º SOLDAVEL,COM DIAMETRO DE 85MM.FORNECIMENTO","UN",64.930000000000007,null,"15.038.0307-A","CURVA 90º SOLDAVEL,COM DIAMETRO DE 85MM.FORNECIMENTO","UN",64.930000000000007]
["15.038.0325-0","JOELHO 45º SOLDAVEL,COM DIAMETRO DE 60MM.FORNECIMENTO","UN",26.77,null,"15.038.0325-A","JOELHO 45º SOLDAVEL,COM DIAMETRO DE 60MM.FORNECIMENTO","UN",26.77]
["15.038.0335-0","JOELHO 90º SOLDAVEL,COM DIAMETRO DE 20MM.FORNECIMENTO","UN",0.49,null,"15.038.0335-A","JOELHO 90º SOLDAVEL,COM DIAMETRO DE 20MM.FORNECIMENTO","UN",0.49]
["15.038.0336-0","JOELHO 90º SOLDAVEL,COM DIAMETRO DE 25MM.FORNECIMENTO","UN",0.69,null,"15.038.0336-A","JOELHO 90º SOLDAVEL,COM DIAMETRO DE 25MM.FORNECIMENTO","UN",0.69]
["15.038.0341-0","JOELHO 90º SOLDAVEL,COM DIAMETRO DE 75MM.FORNECIMENTO","UN",44.19,null,"15.038.0341-A","JOELHO 90º SOLDAVEL,COM DIAMETRO DE 75MM.FORNECIMENTO","UN",44.19]
["15.038.0356-0","LUVA SOLDAVEL,COM DIAMETRO DE 25MM.FORNECIMENTO","UN",0.65,null,"15.038.0356-A","LUVA SOLDAVEL,COM DIAMETRO DE 25MM.FORNECIMENTO","UN",0.65]
["15.038.0361-0","LUVA SOLDAVEL,COM DIAMETRO DE 75MM.FORNECIMENTO","UN",16.38,null,"15.038.0361-A","LUVA SOLDAVEL,COM DIAMETRO DE 75MM.FORNECIMENTO","UN",16.38]
["15.038.0365-0","LUVA DE REDUCAO SOLDAVEL,COM DIAMETRO DE 25MMX20MM.FORNECIMENTO","UN",1.55,null,"15.038.0365-A","LUVA DE REDUCAO SOLDAVEL,COM DIAMETRO DE 25MMX20MM.FORNECIMENTO","UN",1.55]
["15.038.0375-0","LUVA DE CORRER PARA TUBO SOLDAVEL,COM DIAMETRO DE 20MM.FORNECIMENTO","UN",9.34,null,"15.038.0375-A","LUVA DE CORRER PARA TUBO SOLDAVEL,COM DIAMETRO DE 20MM.FORNECIMENTO","UN",9.34]
["15.038.0387-0","TE SOLDAVEL 90º,COM DIAMETRO DE 32MM.FORNECIMENTO","UN",3.54,null,"15.038.0387-A","TE SOLDAVEL 90º,COM DIAMETRO DE 32MM.FORNECIMENTO","UN",3.54]
["15.038.0392-0","TE SOLDAVEL 90º,COM DIAMETRO DE 85MM.FORNECIMENTO","UN",91.81,null,"15.038.0392-A","TE SOLDAVEL 90º,COM DIAMETRO DE 85MM.FORNECIMENTO","UN",91.81]
["15.038.0400-0","TE DE REDUCAO 90º SOLDAVEL,COM DIAMETRO DE 25MMX20MM.FORNECIMENTO","UN",4.18,null,"15.038.0400-A","TE DE REDUCAO 90º SOLDAVEL,COM DIAMETRO DE 25MMX20MM.FORNECIMENTO","UN",4.18]
["15.038.0405-0","TE DE REDUCAO 90º SOLDAVEL,COM DIAMETRO DE 50MMX32MM.FORNECIMENTO","UN",15.35,null,"15.038.0405-A","TE DE REDUCAO 90º SOLDAVEL,COM DIAMETRO DE 50MMX32MM.FORNECIMENTO","UN",15.35]
["15.038.0420-0","UNIAO SOLDAVEL,COM DIAMETRO DE 20MM.FORNECIMENTO","UN",7.1,null,"15.038.0420-A","UNIAO SOLDAVEL,COM DIAMETRO DE 20MM.FORNECIMENTO","UN",7.1]
["15.038.0424-0","UNIAO SOLDAVEL,COM DIAMETRO DE 50MM.FORNECIMENTO","UN",27.96,null,"15.038.0424-A","UNIAO SOLDAVEL,COM DIAMETRO DE 50MM.FORNECIMENTO","UN",27.96]
["15.038.0425-0","UNIAO SOLDAVEL,COM DIAMETRO DE 60MM.FORNECIMENTO","UN",76.12,null,"15.038.0425-A","UNIAO SOLDAVEL,COM DIAMETRO DE 60MM.FORNECIMENTO","UN",76.12]
["15.038.0430-0","JOELHO 90º SOLDAVEL E COM ROSCA,COM DIAMETRO DE 20MMX1/2\".FORNECIMENTO","UN",1.91,null,"15.038.0430-A","JOELHO 90º SOLDAVEL E COM ROSCA,COM DIAMETRO DE 20MMX1/2\".FORNECIMENTO","UN",1.91]
["15.038.0438-0","LUVA SOLDAVEL E COM ROSCA,COM DIAMETRO DE 32MMX1\".FORNECIMENTO","UN",5.58,null,"15.038.0438-A","LUVA SOLDAVEL E COM ROSCA,COM DIAMETRO DE 32MMX1\".FORNECIMENTO","UN",5.58]
["15.038.0447-0","TE 90º SOLDAVEL E COM ROSCA NA BOLSA CENTRAL,COM DIAMETRO DE25MMX25MMX3/4\".FORNECIMENTO","UN",3.04,null,"15.038.0447-A","TE 90º SOLDAVEL E COM ROSCA NA BOLSA CENTRAL,COM DIAMETRO DE25MMX25MMX3/4\".FORNECIMENTO","UN",3.04]
["15.038.0455-0","JOELHO 90º SOLDAVEL E COM BUCHA DE LATAO,COM DIAMETRO DE 20MMX1/2\".FORNECIMENTO","UN",5.75,null,"15.038.0455-A","JOELHO 90º SOLDAVEL E COM BUCHA DE LATAO,COM DIAMETRO DE 20MMX1/2\".FORNECIMENTO","UN",5.75]
["15.038.0466-0","LUVA SOLDAVEL E COM BUCHA DE LATAO,COM DIAMETRO DE 25MMX1/2\".FORNECIMENTO","UN",5.35,null,"15.038.0466-A","LUVA SOLDAVEL E COM BUCHA DE LATAO,COM DIAMETRO DE 25MMX1/2\".FORNECIMENTO","UN",5.35]
["15.038.0473-0","TE 90º SOLDAVEL E COM BUCHA DE LATAO NA BOLSA CENTRAL,COM DIAMETRO DE 32MMX32MMX3/4\".FORNECIMENTO","UN",18.88,null,"15.038.0473-A","TE 90º SOLDAVEL E COM BUCHA DE LATAO NA BOLSA CENTRAL,COM DIAMETRO DE 32MMX32MMX3/4\".FORNECIMENTO","UN",18.88]
["15.041.0005-0","TUBO DE COBRE CLASSE E,COM DIAMETRO DE 42MM,EXCLUSIVE CONEXOES,EMENDAS,ABERTURA E FECHAMENTO DE RASGO E ISOLAMENTO.FORNECIMENTO E ASSENTAMENTO","M",147.66999999999999,null,"15.041.0005-A","TUBO DE COBRE CLASSE E,COM DIAMETRO DE 42MM,EXCLUSIVE CONEXOES,EMENDAS,ABERTURA E FECHAMENTO DE RASGO E ISOLAMENTO.FORNECIMENTO E ASSENTAMENTO","M",146.97]
["15.041.0009-0","TUBO DE COBRE CLASSE E,COM DIAMETRO DE 104MM,EXCLUSIVE CONEXOES,EMENDAS,ABERTURA E FECHAMENTO DE RASGO E ISOLAMENTO.FORNECIMENTO E ASSENTAMENTO","M",665.77,null,"15.041.0009-A","TUBO DE COBRE CLASSE E,COM DIAMETRO DE 104MM,EXCLUSIVE CONEXOES,EMENDAS,ABERTURA E FECHAMENTO DE RASGO E ISOLAMENTO.FORNECIMENTO E ASSENTAMENTO","M",664.23]
["15.041.0030-0","TUBO DE COBRE CLASSE I,COM DIAMETRO DE 28MM,EXCLUSIVE CONEXOES,EMENDAS,ABERTURA E FECHAMENTO DE RASGO E ISOLAMENTO.FORNECIMENTO E ASSENTAMENTO","M",115.19,null,"15.041.0030-A","TUBO DE COBRE CLASSE I,COM DIAMETRO DE 28MM,EXCLUSIVE CONEXOES,EMENDAS,ABERTURA E FECHAMENTO DE RASGO E ISOLAMENTO.FORNECIMENTO E ASSENTAMENTO","M",114.61]
["15.045.0013-0","EMENDA EM ELETRODUTO DE FERRO GALVANIZADO,DIAMETRO DE 1.1/4\",COMPREENDENDO:CORTE,ABERTURA DE DUAS ROSCAS POR TARRACHA MANUAL,COLOCACAO DA LUVA,INCLUSIVE ESTA","UN",20.59,null,"15.045.0013-A","EMENDA EM ELETRODUTO DE FERRO GALVANIZADO,DIAMETRO DE 1.1/4\",COMPREENDENDO:CORTE,ABERTURA DE DUAS ROSCAS POR TARRACHA MANUAL,COLOCACAO DA LUVA,INCLUSIVE ESTA","UN",19.510000000000002]
["15.045.0025-0","CORTE E ABERTURA DE DUAS ROSCAS,POR TARRAXA MANUAL,E COLOCACAO DE CONEXOES DE FERRO GALVANIZADO,COM COSTURA,COM DIAMETRODE 1/2\",EXCLUSIVE A PECA","UN",15.68,null,"15.045.0025-A","CORTE E ABERTURA DE DUAS ROSCAS,POR TARRAXA MANUAL,E COLOCACAO DE CONEXOES DE FERRO GALVANIZADO,COM COSTURA,COM DIAMETRODE 1/2\",EXCLUSIVE A PECA","UN",14.63]
["15.045.0026-0","CORTE E ABERTURA DE DUAS ROSCAS,POR TARRAXA MANUAL,E COLOCACAO DE CONEXOES DE FERRO GALVANIZADO,COM COSTURA,COM DIAMETRODE 3/4\",EXCLUSIVE A PECA","UN",18.3,null,"15.045.0026-A","CORTE E ABERTURA DE DUAS ROSCAS,POR TARRAXA MANUAL,E COLOCACAO DE CONEXOES DE FERRO GALVANIZADO,COM COSTURA,COM DIAMETRODE 3/4\",EXCLUSIVE A PECA","UN",17.07]
["15.045.0031-0","CORTE E ABERTURA DE DUAS ROSCAS,POR TARRAXA MANUAL,E COLOCACAO DE CONEXOES DE FERRO GALVANIZADO,COM COSTURA,COM DIAMETRODE 2.1/2\",EXCLUSIVE A PECA","UN",62.75,null,"15.045.0031-A","CORTE E ABERTURA DE DUAS ROSCAS,POR TARRAXA MANUAL,E COLOCACAO DE CONEXOES DE FERRO GALVANIZADO,COM COSTURA,COM DIAMETRODE 2.1/2\",EXCLUSIVE A PECA","UN",58.54]
["15.045.0050-0","CORTE E ABERTURA DE DUAS ROSCAS,POR TARRAXA MANUAL,COLOCACAODE CONEXOES EM TUBULACAO PARA VAPOR(SCH-40 OU SCH-80),NO DIAMETRO DE 1/2\",EXCLUSIVE A PECA","UN",18.3,null,"15.045.0050-A","CORTE E ABERTURA DE DUAS ROSCAS,POR TARRAXA MANUAL,COLOCACAODE CONEXOES EM TUBULACAO PARA VAPOR(SCH-40 OU SCH-80),NO DIAMETRO DE 1/2\",EXCLUSIVE A PECA","UN",17.07]
["15.045.0058-0","CORTE E ABERTURA DE DUAS ROSCAS,POR TARRAXA MANUAL,COLOCACAODE CONEXOES EM TUBULACAO PARA VAPOR(SCH-40 OU SCH-80),NO DIAMETRO DE 4\",EXCLUSIVE A PECA","UN",151.63999999999999,null,"15.045.0058-A","CORTE E ABERTURA DE DUAS ROSCAS,POR TARRAXA MANUAL,COLOCACAODE CONEXOES EM TUBULACAO PARA VAPOR(SCH-40 OU SCH-80),NO DIAMETRO DE 4\",EXCLUSIVE A PECA","UN",141.49]
["15.045.0065-1","CORTE E ABERTURA DE DUAS ROSCAS,POR TARRAXA MANUAL,COLOCACAODE CONEXOES EM TUBOS DE PVC ROSQUEAVEIS,COM DIAMETRO DE 1/2\",EXCLUSIVE A PECA","UN",6.53,null,"15.045.0065-B","CORTE E ABERTURA DE DUAS ROSCAS,POR TARRAXA MANUAL,COLOCACAODE CONEXOES EM TUBOS DE PVC ROSQUEAVEIS,COM DIAMETRO DE 1/2\",EXCLUSIVE A PECA","UN",6.09]
["15.045.0070-1","CORTE E ABERTURA DE DUAS ROSCAS,POR TARRAXA MANUAL,COLOCACAODE CONEXOES EM TUBOS DE PVC ROSQUEAVEIS,COM DIAMETRO DE 2\",EXCLUSIVE A PECA","UN",20.91,null,"15.045.0070-B","CORTE E ABERTURA DE DUAS ROSCAS,POR TARRAXA MANUAL,COLOCACAODE CONEXOES EM TUBOS DE PVC ROSQUEAVEIS,COM DIAMETRO DE 2\",EXCLUSIVE A PECA","UN",19.510000000000002]
["15.045.0077-0","CORTE E ABERTURA DE DUAS ROSCAS,POR TARRAXA MANUAL,COLOCACAODE CONEXOES EM ELETRODUTO DE PVC ROSQUEAVEIS,COM DIAMETRO DE 1\",EXCLUSIVE A PECA","UN",6.79,null,"15.045.0077-A","CORTE E ABERTURA DE DUAS ROSCAS,POR TARRAXA MANUAL,COLOCACAODE CONEXOES EM ELETRODUTO DE PVC ROSQUEAVEIS,COM DIAMETRO DE 1\",EXCLUSIVE A PECA","UN",6.34]
["15.045.0082-0","CORTE E ABERTURA DE DUAS ROSCAS,POR TARRAXA MANUAL,COLOCACAODE CONEXOES EM ELETRODUTO DE PVC ROSQUEAVEIS,COM DIAMETRO DE 3\",EXCLUSIVE A PECA","UN",28.76,null,"15.045.0082-A","CORTE E ABERTURA DE DUAS ROSCAS,POR TARRAXA MANUAL,COLOCACAODE CONEXOES EM ELETRODUTO DE PVC ROSQUEAVEIS,COM DIAMETRO DE 3\",EXCLUSIVE A PECA","UN",26.83]
["15.045.0085-0","CORTE E COLOCACAO DE CONEXOES EM TUBO DE PVC RIGIDO,ESGOTO,SOLDAVEL,COM DIAMETRO DE 50MM,EXCLUSIVE A PECA","UN",2.61,null,"15.045.0085-A","CORTE E COLOCACAO DE CONEXOES EM TUBO DE PVC RIGIDO,ESGOTO,SOLDAVEL,COM DIAMETRO DE 50MM,EXCLUSIVE A PECA","UN",2.4300000000000002]
["15.045.0091-0","CORTE E COLOCACAO DE CONEXOES EM TUBO DE PVC RIGIDO,SOLDAVELPARA AGUA FRIA,COM DIAMETRO DE 25MM,EXCLUSIVE A PECA","UN",10.45,null,"15.045.0091-A","CORTE E COLOCACAO DE CONEXOES EM TUBO DE PVC RIGIDO,SOLDAVELPARA AGUA FRIA,COM DIAMETRO DE 25MM,EXCLUSIVE A PECA","UN",9.75]
["15.045.0096-0","CORTE E COLOCACAO DE CONEXOES EM TUBO DE PVC RIGIDO,SOLDAVELPARA AGUA FRIA,COM DIAMETRO DE 75MM,EXCLUSIVE A PECA","UN",36.6,null,"15.045.0096-A","CORTE E COLOCACAO DE CONEXOES EM TUBO DE PVC RIGIDO,SOLDAVELPARA AGUA FRIA,COM DIAMETRO DE 75MM,EXCLUSIVE A PECA","UN",34.15]
["15.045.0103-0","CORTE E COLOCACAO DE CONEXOES EM TUBO DE COBRE PARA AGUA QUENTE,COM DIAMETRO DE 35MM,EXCLUSIVE A PECA","UN",19.97,null,"15.045.0103-A","CORTE E COLOCACAO DE CONEXOES EM TUBO DE COBRE PARA AGUA QUENTE,COM DIAMETRO DE 35MM,EXCLUSIVE A PECA","UN",18.71]
["15.045.0104-0","CORTE E COLOCACAO DE CONEXOES EM TUBO DE COBRE PARA AGUA QUENTE,COM DIAMETRO DE 42MM,EXCLUSIVE A PECA","UN",27.12,null,"15.045.0104-A","CORTE E COLOCACAO DE CONEXOES EM TUBO DE COBRE PARA AGUA QUENTE,COM DIAMETRO DE 42MM,EXCLUSIVE A PECA","UN",25.43]
["15.045.0110-0","ABERTURA E FECHAMENTO MANUAL DE RASGO EM ALVENARIA,PARA PASSAGEM DE TUBOS E DUTOS,COM DIAMETRO DE 1/2\" A 1\"","M",16.88,null,"15.045.0110-A","ABERTURA E FECHAMENTO MANUAL DE RASGO EM ALVENARIA,PARA PASSAGEM DE TUBOS E DUTOS,COM DIAMETRO DE 1/2\" A 1\"","M",15.78]
["15.045.0116-0","ABERTURA E FECHAMENTO MANUAL DE RASGO EM CONCRETO,PARA PASSAGEM DE TUBOS E DUTOS,COM DIAMETRO DE 1.1/4\" A 2\"","M",131.21,null,"15.045.0116-A","ABERTURA E FECHAMENTO MANUAL DE RASGO EM CONCRETO,PARA PASSAGEM DE TUBOS E DUTOS,COM DIAMETRO DE 1.1/4\" A 2\"","M",122.5]
["15.046.0015-0","SOLDA DE TOPO,EM TUBULACAO PARA VAPOR(SCH-40 OU SCH-80),NO DIAMETRO DE 2\",UTILIZANDO CONVERSOR ELETROMOTORIZADO,INCLUSIVE CORTE OU CHANFRO DAS EXTREMIDADES","UN",82.57,null,"15.046.0015-A","SOLDA DE TOPO,EM TUBULACAO PARA VAPOR(SCH-40 OU SCH-80),NO DIAMETRO DE 2\",UTILIZANDO CONVERSOR ELETROMOTORIZADO,INCLUSIVE CORTE OU CHANFRO DAS EXTREMIDADES","UN",77.42]
["15.046.0016-0","SOLDA DE TOPO,EM TUBULACAO PARA VAPOR(SCH-40 OU SCH-80),NO DIAMETRO DE 2.1/2\",UTILIZANDO CONVERSOR ELETROMOTORIZADO,INCLUSIVE CORTE OU CHANFRO DAS EXTREMIDADES","UN",135.91999999999999,null,"15.046.0016-A","SOLDA DE TOPO,EM TUBULACAO PARA VAPOR(SCH-40 OU SCH-80),NO DIAMETRO DE 2.1/2\",UTILIZANDO CONVERSOR ELETROMOTORIZADO,INCLUSIVE CORTE OU CHANFRO DAS EXTREMIDADES","UN",127.33]
["15.047.0012-0","ISOLAMENTO EM TUBULACAO COM DIAMETRO DE 1\",COMPREENDENDO:CALHA DE ISOLAMENTO DE POLIURETANO EXPANDIDO,COM ESPESSURA DE 1\",CONFORME ABNT NBR 10662,FIXADA COM ARAME GALVANIZADO, CHAPA DE ALUMINIO CORRUGADA COM PAPEL KRAFT COM 0,15MM,FIXADA COM CINTA DE ALUMINIO COM 1/2\"X0,5MM E SELO PARA FIXACAO DA CINTA,EXCLUSIVE A TUBULACAO.FORNECIMENTO E COLOCACAO","M",74.75,null,"15.047.0012-A","ISOLAMENTO EM TUBULACAO COM DIAMETRO DE 1\",COMPREENDENDO:CALHA DE ISOLAMENTO DE POLIURETANO EXPANDIDO,COM ESPESSURA DE 1\",CONFORME ABNT NBR 10662,FIXADA COM ARAME GALVANIZADO, CHAPA DE ALUMINIO CORRUGADA COM PAPEL KRAFT COM 0,15MM,FIXADA COM CINTA DE ALUMINIO COM 1/2\"X0,5MM E SELO PARA FIXACAO DA CINTA,EXCLUSIVE A TUBULACAO.FORNECIMENTO E COLOCACAO","M",74.05]
["15.047.0018-0","ISOLAMENTO EM TUBULACAO COM DIAMETRO DE 4\",COMPREENDENDO:CALHA DE ISOLAMENTO DE POLIURETANO EXPANDIDO,COM ESPESSURA DE 1.1/2\",CONFORME ABNT NBR 10662,FIXADA COM ARAME GALVANIZADO,CHAPA DE ALUMINIO CORRUGADA COM PAPEL KRAFT COM 0,15MM, FIXADA COM CINTA DE ALUMINIO COM 1/2\"X0,5MM E SELO PARA FIXACAO DA CINTA,EXCLUSIVE A TUBULACAO.FORNECIMENTO E COLOCACAO","M",215.88,null,"15.047.0018-A","ISOLAMENTO EM TUBULACAO COM DIAMETRO DE 4\",COMPREENDENDO:CALHA DE ISOLAMENTO DE POLIURETANO EXPANDIDO,COM ESPESSURA DE 1.1/2\",CONFORME ABNT NBR 10662,FIXADA COM ARAME GALVANIZADO,CHAPA DE ALUMINIO CORRUGADA COM PAPEL KRAFT COM 0,15MM, FIXADA COM CINTA DE ALUMINIO COM 1/2\"X0,5MM E SELO PARA FIXACAO DA CINTA,EXCLUSIVE A TUBULACAO.FORNECIMENTO E COLOCACAO","M",214.65]
["15.058.0055-0","ADICIONAL PARA O ITEM 15.058.0050,CONSIDERANDO O CONSUMO MENSAL DE 31,00 ATE 130,00M3","M3XMES",35.22,null,"15.058.0055-A","ADICIONAL PARA O ITEM 15.058.0050,CONSIDERANDO O CONSUMO MENSAL DE 31,00 ATE 130,00M3","M3XMES",35.22]
["15.065.0011-0","LIGACAO PREDIAL DE ESGOTO SANITARIO,SEGUNDO INSTRUCOES DA CEDAE,INCLUSIVE CAIXA DE INSPECAO COM TAMPAO DE FERRO FUNDIDONODULAR,CLASSE D400,CONFORME ABNT NBR 10160,EM LOGRADOURO DOTADO DE COLETOR DUPLO.ESTE CUSTO INCLUI ESCAVACAO E REATERRO","UN",2930.1,null,"15.065.0011-A","LIGACAO PREDIAL DE ESGOTO SANITARIO,SEGUNDO INSTRUCOES DA CEDAE,INCLUSIVE CAIXA DE INSPECAO COM TAMPAO DE FERRO FUNDIDONODULAR,CLASSE D400,CONFORME ABNT NBR 10160,EM LOGRADOURO DOTADO DE COLETOR DUPLO.ESTE CUSTO INCLUI ESCAVACAO E REATERRO","UN",2845.04]
["15.065.0021-0","LIGACAO PREDIAL DE ESGOTO SANITARIO,SEGUNDO INSTRUCOES DA CEDAE,INCLUSIVE CAIXA DE INSPECAO COM TAMPAO DE FERRO FUNDIDONODULAR,CLASSE D400,CONFORME ABNT NBR 10160,EM LOGRADOURO PAVIMENTADO,COM PARALELEPIPEDOS SOBRE COLCHOES DE AREIA OU PODE PEDRA,E DOTADO DE COLETOR UNICO.ESTE CUSTO INCLUI ESCAVACAO E REATERRO","UN",5382.09,null,"15.065.0021-A","LIGACAO PREDIAL DE ESGOTO SANITARIO,SEGUNDO INSTRUCOES DA CEDAE,INCLUSIVE CAIXA DE INSPECAO COM TAMPAO DE FERRO FUNDIDONODULAR,CLASSE D400,CONFORME ABNT NBR 10160,EM LOGRADOURO PAVIMENTADO,COM PARALELEPIPEDOS SOBRE COLCHOES DE AREIA OU PODE PEDRA,E DOTADO DE COLETOR UNICO.ESTE CUSTO INCLUI ESCAVACAO E REATERRO","UN",5188.5600000000004]
["15.066.0003-1","CONJUNTO DE MATERIAIS PARA CAVALETE DE RAMAL PREDIAL DE AGUA,PADRAO NORMAL,TIPO A DE 1\".FORNECIMENTO","UN",327.71,null,"15.066.0003-B","CONJUNTO DE MATERIAIS PARA CAVALETE DE RAMAL PREDIAL DE AGUA,PADRAO NORMAL,TIPO A DE 1\".FORNECIMENTO","UN",327.71]
["15.066.0013-0","CONJUNTO DE MATERIAIS,COMPLETO,PARA LIGACAO DE RAMAL PREDIALDE AGUA,DENOMINADO \"KIT CAVALETE\",EM PVC,DIAMETRO DE 3/4\".FORNECIMENTO","UN",92.61,null,"15.066.0013-A","CONJUNTO DE MATERIAIS,COMPLETO,PARA LIGACAO DE RAMAL PREDIALDE AGUA,DENOMINADO \"KIT CAVALETE\",EM PVC,DIAMETRO DE 3/4\".FORNECIMENTO","UN",92.61]
["15.066.0062-0","CONJUNTO DE MATERIAIS PARA RAMAL PREDIAL DE AGUA DE PVC RQ 1.1/2\",PADRAO NORMAL,LIGADO EM DISTRIBUIDOR DE PVC DN DE 75MMOU 3\",EXCLUSIVE TUBO E CAVALETE.FORNECIMENTO","UN",1173.08,null,"15.066.0062-A","CONJUNTO DE MATERIAIS PARA RAMAL PREDIAL DE AGUA DE PVC RQ 1.1/2\",PADRAO NORMAL,LIGADO EM DISTRIBUIDOR DE PVC DN DE 75MMOU 3\",EXCLUSIVE TUBO E CAVALETE.FORNECIMENTO","UN",1173.08]
["15.066.0067-0","CONJUNTO DE MATERIAIS PARA RAMAL PREDIAL DE AGUA DE PVC RQ 1.1/2\",PADRAO NORMAL,LIGADO EM DISTRIBUIDOR DE PVC DEFOFO DNDE 250MM,EXCLUSIVE TUBO E CAVALETE.FORNECIMENTO","UN",7302.76,null,"15.066.0067-A","CONJUNTO DE MATERIAIS PARA RAMAL PREDIAL DE AGUA DE PVC RQ 1.1/2\",PADRAO NORMAL,LIGADO EM DISTRIBUIDOR DE PVC DEFOFO DNDE 250MM,EXCLUSIVE TUBO E CAVALETE.FORNECIMENTO","UN",7302.76]
["15.066.0076-0","CONJUNTO DE MATERIAIS PARA RAMAL PREDIAL DE AGUA DE PVC RQ 2\",PADRAO NORMAL,LIGADO EM DISTRIBUIDOR DE PVC DEFOFO DN DE 200MM,EXCLUSIVE TUBO E CAVALETE.FORNECIMENTO","UN",5168.1899999999996,null,"15.066.0076-A","CONJUNTO DE MATERIAIS PARA RAMAL PREDIAL DE AGUA DE PVC RQ 2\",PADRAO NORMAL,LIGADO EM DISTRIBUIDOR DE PVC DEFOFO DN DE 200MM,EXCLUSIVE TUBO E CAVALETE.FORNECIMENTO","UN",5168.1899999999996]
["15.067.0010-0","CAVALETE TIPO A,COMPREENDENDO TODOS OS RECURSOS NECESSARIOSCONFORME INSTRUCOES DO EDITAL DA CEDAE,DIAMETRO DE 3/4\".FORNECIMENTO E COLOCACAO","UN",311.7,null,"15.067.0010-A","CAVALETE TIPO A,COMPREENDENDO TODOS OS RECURSOS NECESSARIOSCONFORME INSTRUCOES DO EDITAL DA CEDAE,DIAMETRO DE 3/4\".FORNECIMENTO E COLOCACAO","UN",306.10000000000002]
["15.067.0020-0","CAVALETE TIPO A,COMPREENDENDO TODOS OS RECURSOS NECESSARIOSCONFORME INSTRUCOES DO EDITAL DA CEDAE,DIAMETRO DE 1\".FORNECIMENTO E COLOCACAO","UN",438.22,null,"15.067.0020-A","CAVALETE TIPO A,COMPREENDENDO TODOS OS RECURSOS NECESSARIOSCONFORME INSTRUCOES DO EDITAL DA CEDAE,DIAMETRO DE 1\".FORNECIMENTO E COLOCACAO","UN",431.92]
["15.068.0020-0","PREPARO E ASSENTAMENTO DE CAVALETE PADRAO NORMAL CEDAE COM DIAMETRO DE 1.1/2\",EXCLUSIVE FORNECIMENTO DE TUBOS,PECAS E REGISTROS","UN",143.80000000000001,null,"15.068.0020-A","PREPARO E ASSENTAMENTO DE CAVALETE PADRAO NORMAL CEDAE COM DIAMETRO DE 1.1/2\",EXCLUSIVE FORNECIMENTO DE TUBOS,PECAS E REGISTROS","UN",134.16999999999999]
["15.068.0050-0","ASSENTAMENTO OU TRANSFERENCIA DE RAMAL PREDIAL DE AGUA EM TUBO DE PEAD 20MM OU PVC DE 1/2\",LIGADO EM DISTRIBUIDOR DE PVCA CAVALETE,OU A RAMAL ANTIGO,EXCLUSIVE FORNECIMENTO DOS MATERIAIS,ABERTURA E FECHAMENTO DA VALA","UN",16.73,null,"15.068.0050-A","ASSENTAMENTO OU TRANSFERENCIA DE RAMAL PREDIAL DE AGUA EM TUBO DE PEAD 20MM OU PVC DE 1/2\",LIGADO EM DISTRIBUIDOR DE PVCA CAVALETE,OU A RAMAL ANTIGO,EXCLUSIVE FORNECIMENTO DOS MATERIAIS,ABERTURA E FECHAMENTO DA VALA","UN",15.61]
["15.068.0085-0","ASSENTAMENTO OU TRANSFERENCIA DE RAMAL PREDIAL DE AGUA EM TUBO DE PVC DE 1.1/2\" OU 2\",LIGADO EM DISTRIBUIDOR DE PVC COMDIAMETRO DE 100 A 250MM,EXCLUSIVE FORNECIMENTO DOS MATERIAIS,ABERTURA E FECHAMENTO DE VALA","UN",53.33,null,"15.068.0085-A","ASSENTAMENTO OU TRANSFERENCIA DE RAMAL PREDIAL DE AGUA EM TUBO DE PVC DE 1.1/2\" OU 2\",LIGADO EM DISTRIBUIDOR DE PVC COMDIAMETRO DE 100 A 250MM,EXCLUSIVE FORNECIMENTO DOS MATERIAIS,ABERTURA E FECHAMENTO DE VALA","UN",49.76]
["15.068.0090-0","ASSENTAMENTO OU TRANSFERENCIA DE RAMAL PREDIAL DE AGUA EM TUBO PVC DE 1.1/2\" OU 2\",LIGADO A DISTRIBUIDOR DE FERRO FUNDIDO K-7 OU K-9 COM DIAMETRO ATE 100MM,EXCLUSIVE FORNECIMENTO DOS MATERIAIS,ABERTURA E FECHAMENTO DE VALA","UN",53.33,null,"15.068.0090-A","ASSENTAMENTO OU TRANSFERENCIA DE RAMAL PREDIAL DE AGUA EM TUBO PVC DE 1.1/2\" OU 2\",LIGADO A DISTRIBUIDOR DE FERRO FUNDIDO K-7 OU K-9 COM DIAMETRO ATE 100MM,EXCLUSIVE FORNECIMENTO DOS MATERIAIS,ABERTURA E FECHAMENTO DE VALA","UN",49.76]
["15.070.0011-0","LIGACAO DE AGUAS PLUVIAIS OU DOMICILIARES SERVIDAS A REDE PUBLICA,EM LOGRADOURO SEM PAVIMENTACAO,COM LARGURA MAIOR QUE 14,00M","UN",2963.78,null,"15.070.0011-A","LIGACAO DE AGUAS PLUVIAIS OU DOMICILIARES SERVIDAS A REDE PUBLICA,EM LOGRADOURO SEM PAVIMENTACAO,COM LARGURA MAIOR QUE 14,00M","UN",2859.35]
["15.071.0012-1","LIGACAO DE AGUAS PLUVIAIS OU DOMICILIARES SERVIDAS A REDE PUBLICA,NO CASO DESTA ESTAR LOCALIZADA SOB O PASSEIO","UN",728.14,null,"15.071.0012-B","LIGACAO DE AGUAS PLUVIAIS OU DOMICILIARES SERVIDAS A REDE PUBLICA,NO CASO DESTA ESTAR LOCALIZADA SOB O PASSEIO","UN",708.66]
["15.080.0012-0","LIGACAO DE ESGOTOS,EM MANILHA CERAMICA DE 0,20M DE DIAMETRO,INCLUSIVE ESCAVACAO,REATERRO ATE 1,00M,EXCLUSIVE REMOCAO E REPOSICAO DO PAVIMENTO.CUSTO PARA 10,00M","UN",2550.02,null,"15.080.0012-A","LIGACAO DE ESGOTOS,EM MANILHA CERAMICA DE 0,20M DE DIAMETRO,INCLUSIVE ESCAVACAO,REATERRO ATE 1,00M,EXCLUSIVE REMOCAO E REPOSICAO DO PAVIMENTO.CUSTO PARA 10,00M","UN",2472.63]
["16.001.0056-0","MADEIRAMENTO PARA COBERTURA EM QUATRO OU MAIS AGUAS EM TELHAS CERAMICAS,CONSTITUIDO DE CUMEEIRA,TERCAS,RINCOES E ESPIGOES DE 3\"X4.1/2\",CAIBROS DE 3\"X1.1/2\",RIPAS DE 1,5X4CM,TUDO EMMADEIRA APARELHADA,SEM TESOURA OU PONTALETE,MEDIDO PELA AREA REAL DO MADEIRAMENTO.FORNECIMENTO E COLOCACAO","M2",152.1,null,"16.001.0056-A","MADEIRAMENTO PARA COBERTURA EM QUATRO OU MAIS AGUAS EM TELHAS CERAMICAS,CONSTITUIDO DE CUMEEIRA,TERCAS,RINCOES E ESPIGOES DE 3\"X4.1/2\",CAIBROS DE 3\"X1.1/2\",RIPAS DE 1,5X4CM,TUDO EMMADEIRA APARELHADA,SEM TESOURA OU PONTALETE,MEDIDO PELA AREA REAL DO MADEIRAMENTO.FORNECIMENTO E COLOCACAO","M2",147.06]
["16.001.0065-0","TESOURA COMPLETA EM MADEIRA SERRADA,PARA VAO DE 4,00M.FORNECIMENTO E COLOCACAO","UN",1493.36,null,"16.001.0065-A","TESOURA COMPLETA EM MADEIRA SERRADA,PARA VAO DE 4,00M.FORNECIMENTO E COLOCACAO","UN",1426.99]
["16.001.0070-0","TESOURA COMPLETA EM MADEIRA APARELHADA,PARA VAO DE 6,00M.FORNECIMENTO E COLOCACAO","UN",2623.56,null,"16.001.0070-A","TESOURA COMPLETA EM MADEIRA APARELHADA,PARA VAO DE 6,00M.FORNECIMENTO E COLOCACAO","UN",2517.36]
["16.001.0076-0","TESOURA COMPLETA EM MADEIRA APARELHADA,PARA VAO DE 9,00M.FORNECIMENTO E COLOCACAO","UN",4542.29,null,"16.001.0076-A","TESOURA COMPLETA EM MADEIRA APARELHADA,PARA VAO DE 9,00M.FORNECIMENTO E COLOCACAO","UN",4396.2700000000004]
["16.001.0077-0","TESOURA COMPLETA EM MADEIRA SERRADA,PARA VAO DE 10,00M.FORNECIMENTO E COLOCACAO","UN",4205.46,null,"16.001.0077-A","TESOURA COMPLETA EM MADEIRA SERRADA,PARA VAO DE 10,00M.FORNECIMENTO E COLOCACAO","UN",4072.72]
["16.001.0082-0","TESOURA COMPLETA EM MADEIRA APARELHADA,PARA VAO DE 12,00M.FORNECIMENTO E COLOCACAO","UN",6460.67,null,"16.001.0082-A","TESOURA COMPLETA EM MADEIRA APARELHADA,PARA VAO DE 12,00M.FORNECIMENTO E COLOCACAO","UN",6264.87]
["16.001.0085-0","PONTALETE DE MADEIRA SERRADA,EM PECAS DE 3\"X3\",VERTICAIS E HORIZONTAIS,PARA COBERTURA DE TELHAS CERAMICAS,MEDIDO PELA AREA REAL DA COBERTURA DO TELHADO.FORNECIMENTO E COLOCACAO","M2",51.4,null,"16.001.0085-A","PONTALETE DE MADEIRA SERRADA,EM PECAS DE 3\"X3\",VERTICAIS E HORIZONTAIS,PARA COBERTURA DE TELHAS CERAMICAS,MEDIDO PELA AREA REAL DA COBERTURA DO TELHADO.FORNECIMENTO E COLOCACAO","M2",49.99]
["16.001.0093-0","TERCA DE MADEIRA SERRADA,EM PECAS DE 3\"X9\",PARA COBERTURA DEQUALQUER TIPO.FORNECIMENTO E COLOCACAO","M",97.58,null,"16.001.0093-A","TERCA DE MADEIRA SERRADA,EM PECAS DE 3\"X9\",PARA COBERTURA DEQUALQUER TIPO.FORNECIMENTO E COLOCACAO","M",96.35]
["16.001.0094-0","TERCA DE MADEIRA APARELHADA,EM PECAS DE 3\"X9\",PARA COBERTURADE QUALQUER TIPO.FORNECIMENTO E COLOCACAO","M",117.08,null,"16.001.0094-A","TERCA DE MADEIRA APARELHADA,EM PECAS DE 3\"X9\",PARA COBERTURADE QUALQUER TIPO.FORNECIMENTO E COLOCACAO","M",115.61]
["16.001.0117-0","CAIBRO DE MADEIRA APARELHADA COM 3\"X2\".FORNECIMENTO E COLOCACAO","M",32.880000000000003,null,"16.001.0117-A","CAIBRO DE MADEIRA APARELHADA COM 3\"X2\".FORNECIMENTO E COLOCACAO","M",32.04]
["16.002.0012-0","COBERTURA EM TELHA CERAMICA PORTUGUESA OU ROMANA,EXCLUSIVE CUMEEIRA E MADEIRAMENTO MEDIDA PELA AREA REAL DE COBERTURA.FORNECIMENTO E COLOCACAO","M2",85.19,null,"16.002.0012-A","COBERTURA EM TELHA CERAMICA PORTUGUESA OU ROMANA,EXCLUSIVE CUMEEIRA E MADEIRAMENTO MEDIDA PELA AREA REAL DE COBERTURA.FORNECIMENTO E COLOCACAO","M2",81.349999999999994]
["16.003.0030-0","COBERTURA EM TELHAS DE CONCRETO,EXCLUSIVE CUMEEIRA E MADEIRAMENTO.MEDIDA PELA AREA REAL DA COBERTURA.FORNECIMENTO E COLOCACAO","M2",76.5,null,"16.003.0030-A","COBERTURA EM TELHAS DE CONCRETO,EXCLUSIVE CUMEEIRA E MADEIRAMENTO.MEDIDA PELA AREA REAL DA COBERTURA.FORNECIMENTO E COLOCACAO","M2",74.34]
["16.004.0025-0","COBERTURA EM TELHA TIPO CALHA NORMAL DE CIMENTO,SEM AMIANTO,REFORCADO COM FIOS SINTETICOS (CRFS),COM 44CM DE LARGURA,COMESPESSURA DE 8MM,INCLUSIVE ACESSORIOS DE FIXACAO E VEDACAO,EXCLUSIVE MADEIRAMENTO.FORNECIMENTO E COLOCACAO","M2",179.42,null,"16.004.0025-A","COBERTURA EM TELHA TIPO CALHA NORMAL DE CIMENTO,SEM AMIANTO,REFORCADO COM FIOS SINTETICOS (CRFS),COM 44CM DE LARGURA,COMESPESSURA DE 8MM,INCLUSIVE ACESSORIOS DE FIXACAO E VEDACAO,EXCLUSIVE MADEIRAMENTO.FORNECIMENTO E COLOCACAO","M2",176.43]
["16.004.0040-0","CUMEEIRA NORMAL DE CIMENTO,SEM AMIANTO,REFORCADO COM FIOS SINTETICOS (CRFS),PARA TELHAS ONDULADAS DE 1,10M DE LARGURA EESPESSURA DE 5,6 E 8MM,INCLUSIVE ACESSORIOS DE FIXACAO E VEDACAO.FORNECIMENTO E COLOCACAO","M",75.8,null,"16.004.0040-A","CUMEEIRA NORMAL DE CIMENTO,SEM AMIANTO,REFORCADO COM FIOS SINTETICOS (CRFS),PARA TELHAS ONDULADAS DE 1,10M DE LARGURA EESPESSURA DE 5,6 E 8MM,INCLUSIVE ACESSORIOS DE FIXACAO E VEDACAO.FORNECIMENTO E COLOCACAO","M",75.09]
["16.004.0055-0","CONDUTOR CIRCULAR PARA CALHA DE BEIRAL DE PVC,DN 88,INCLUSIVE CONEXOES.FORNECIMENTO E COLOCACAO","M",96.16,null,"16.004.0055-A","CONDUTOR CIRCULAR PARA CALHA DE BEIRAL DE PVC,DN 88,INCLUSIVE CONEXOES.FORNECIMENTO E COLOCACAO","M",95.49]
["16.005.0008-0","CUMEEIRA DE GALVALUME,COM ESPESSURA APROXIMADA DE 0,5MM,0,30M DE ABA PARA CADA LADO,PARA TELHAS TRAPEZOIDAIS.FORNECIMENTO E COLOCACAO","M",81.28,null,"16.005.0008-A","CUMEEIRA DE GALVALUME,COM ESPESSURA APROXIMADA DE 0,5MM,0,30M DE ABA PARA CADA LADO,PARA TELHAS TRAPEZOIDAIS.FORNECIMENTO E COLOCACAO","M",80.38]
["16.005.0012-0","CUMEEIRA DE GALVALUME,COM ESPESSURA APROXIMADA DE 0,5MM,0,20M DE ABA PARA CADA LADO,PARA TELHAS TRAPEZOIDAIS.FORNECIMENTO E COLOCACAO","M",87.96,null,"16.005.0012-A","CUMEEIRA DE GALVALUME,COM ESPESSURA APROXIMADA DE 0,5MM,0,20M DE ABA PARA CADA LADO,PARA TELHAS TRAPEZOIDAIS.FORNECIMENTO E COLOCACAO","M",87.12]
["16.005.0028-0","RUFO DE GALVALUME COM MEDIDAS APROXIMADAS DE (0,5X300)MM.FORNECIMENTO E COLOCACAO","M",102.78,null,"16.005.0028-A","RUFO DE GALVALUME COM MEDIDAS APROXIMADAS DE (0,5X300)MM.FORNECIMENTO E COLOCACAO","M",98.62]
["16.005.0050-0","RUFO EM GALVALUME,COM ACABAMENTO EM VERNIZ NAS 2 FACES,TRAPEZOIDAL OU ONDULADA,MEDINDO APROXIMADAMENTE (1265X600X0,5)MM.FORNECIMENTO E COLOCACAO","M",158.94999999999999,null,"16.005.0050-A","RUFO EM GALVALUME,COM ACABAMENTO EM VERNIZ NAS 2 FACES,TRAPEZOIDAL OU ONDULADA,MEDINDO APROXIMADAMENTE (1265X600X0,5)MM.FORNECIMENTO E COLOCACAO","M",154.27000000000001]
["16.006.0001-0","COBERTURA EM TELHAS ONDULADAS EM FIBERGLASS,1,10X1,53M,SEM CUMEEIRA,FIXACAO COM PARAFUSOS OU HASTES DE ALUMINIO,5/16\"X250MM,COM ROSCA,EXCLUSIVE MADEIRAMENTO.MEDIDA PELA AREA REAL DE CORBERTURA.FORNECIMENTO E COLOCACAO","M2",197.16,null,"16.006.0001-A","COBERTURA EM TELHAS ONDULADAS EM FIBERGLASS,1,10X1,53M,SEM CUMEEIRA,FIXACAO COM PARAFUSOS OU HASTES DE ALUMINIO,5/16\"X250MM,COM ROSCA,EXCLUSIVE MADEIRAMENTO.MEDIDA PELA AREA REAL DE CORBERTURA.FORNECIMENTO E COLOCACAO","M2",196.29]
["16.007.0011-0","COBERTURA AUTO-PORTANTE EM CHAPAS DE ACO ZINCADO,PRE-PINTADAS COM PRIMER,A BASE EPOXI E TINTA POLIESTER,ESPESSURA ATE 1MM,LARGURA DE 0,90M,VAO LIVRE ATE 8,5M,PESO APROXIMADO DE 10KG/M2,INCLUSIVE FIXACOES E MEDIDA PELA AREA REAL DE COBERTURA.FORNECIMENTO E COLOCACAO","M2",223.93,null,"16.007.0011-A","COBERTURA AUTO-PORTANTE EM CHAPAS DE ACO ZINCADO,PRE-PINTADAS COM PRIMER,A BASE EPOXI E TINTA POLIESTER,ESPESSURA ATE 1MM,LARGURA DE 0,90M,VAO LIVRE ATE 8,5M,PESO APROXIMADO DE 10KG/M2,INCLUSIVE FIXACOES E MEDIDA PELA AREA REAL DE COBERTURA.FORNECIMENTO E COLOCACAO","M2",222.83]
["16.007.0016-0","COBERTURA AUTO-PORTANTE EM CHAPAS DE ACO ZINCADO,COM PINTURA(SISTEMA COIL COATING) BRANCA EXTERIOR E CINZA INTERIORMENTE,ESPESSURA 1,25MM,LARGURA DE 0,90M,VAO ENTRE 13,51 E 20,00M,PESO APROXIMADO DE 13,5KG/M2,INCLUSIVE FIXACOES E MEDIDA PELA AREA REAL DE COBERTURA.FORNECIMENTO E COLOCACAO","M2",493.29,null,"16.007.0016-A","COBERTURA AUTO-PORTANTE EM CHAPAS DE ACO ZINCADO,COM PINTURA(SISTEMA COIL COATING) BRANCA EXTERIOR E CINZA INTERIORMENTE,ESPESSURA 1,25MM,LARGURA DE 0,90M,VAO ENTRE 13,51 E 20,00M,PESO APROXIMADO DE 13,5KG/M2,INCLUSIVE FIXACOES E MEDIDA PELA AREA REAL DE COBERTURA.FORNECIMENTO E COLOCACAO","M2",491.1]
["16.007.0027-0","CALHA EM CHAPA DE ACO GALVANIZADO N°26 COM 50CM DE DESENVOLVIMENTO.FORNECIMENTO E COLOCACAO","M",134.69999999999999,null,"16.007.0027-A","CALHA EM CHAPA DE ACO GALVANIZADO N°26 COM 50CM DE DESENVOLVIMENTO.FORNECIMENTO E COLOCACAO","M",129.24]
["16.009.0001-0","CALHA DE COBRE EM CHAPA DE ESPESSURA DE 0,8MM E DESENVOLVIMENTO DE 0,30M.FORNECIMENTO E COLOCACAO","M",214.96,null,"16.009.0001-A","CALHA DE COBRE EM CHAPA DE ESPESSURA DE 0,8MM E DESENVOLVIMENTO DE 0,30M.FORNECIMENTO E COLOCACAO","M",210.36]
["16.010.0020-0","TELHADO VERDE COM PRE-VEGETACAO,CONSTITUIDO DE: MEMBRANA DEPROTECAO ANTI-RAIZES,PLACAS PARA DRENAGEM CONTROLADA,MEMBRANA PARA RETENCAO DE NUTRIENTES E SUBSTRATO LEVE E NUTRITIVO.FORNECIMENTO,COLOCACAO E IRRIGACAO","M2",1236,null,"16.010.0020-A","TELHADO VERDE COM PRE-VEGETACAO,CONSTITUIDO DE: MEMBRANA DEPROTECAO ANTI-RAIZES,PLACAS PARA DRENAGEM CONTROLADA,MEMBRANA PARA RETENCAO DE NUTRIENTES E SUBSTRATO LEVE E NUTRITIVO.FORNECIMENTO,COLOCACAO E IRRIGACAO","M2",1236]
["16.011.0045-0","COBERTURA TRANSLUCIDA,CRISTAL,BRANCA LEITOSA OU CORES BASICAS,PERFIL TRAPEZOIDAL OU ONDULADA,RESINA POLIESTER REFORCADAC/FIBRA VIDRO,C/ADITIVO ESTABILIZANTE CONTRA DEGRADACAO DOSRAIOS U.V.,ESP.1,3MM,USO ONDE SE REQUER ILUMINACAO NATURAL MAIS VITREA,ECONOMICIDADE E BOA RESISTENCIA,LARG.990MM E 1020MM,COMPR.ATE 6,00M,INCL.ACESSORIOS P/FIXACAO.FORN.E COLOC.","M2",189.3,null,"16.011.0045-A","COBERTURA TRANSLUCIDA,CRISTAL,BRANCA LEITOSA OU CORES BASICAS,PERFIL TRAPEZOIDAL OU ONDULADA,RESINA POLIESTER REFORCADAC/FIBRA VIDRO,C/ADITIVO ESTABILIZANTE CONTRA DEGRADACAO DOSRAIOS U.V.,ESP.1,3MM,USO ONDE SE REQUER ILUMINACAO NATURAL MAIS VITREA,ECONOMICIDADE E BOA RESISTENCIA,LARG.990MM E 1020MM,COMPR.ATE 6,00M,INCL.ACESSORIOS P/FIXACAO.FORN.E COLOC.","M2",188.04]
["16.013.0004-0","RETIRADA E RECOLOCACAO DE TELHA EM FIBROCIMENTO TIPO CALHA,COM 49CM LARGURA,INCLUSIVE CUMEEIRA,EXCLUSIVE FORNECIMENTO DOMATERIAL NOVO,MEDIDAS PELA AREA REAL DE COBERTURA","M2",30.7,null,"16.013.0004-A","RETIRADA E RECOLOCACAO DE TELHA EM FIBROCIMENTO TIPO CALHA,COM 49CM LARGURA,INCLUSIVE CUMEEIRA,EXCLUSIVE FORNECIMENTO DOMATERIAL NOVO,MEDIDAS PELA AREA REAL DE COBERTURA","M2",28.65]
["16.013.0010-0","RETIRADA E RECOLOCACAO DE MADEIRAMENTO TELHAS TIPO CALHA,ONDULADAS,EXCLUSIVE FORNECIMENTO DE MATERIAL NOVO.MEDIDAS PELAAREA REAL DE COBERTURA","M2",28.34,null,"16.013.0010-A","RETIRADA E RECOLOCACAO DE MADEIRAMENTO TELHAS TIPO CALHA,ONDULADAS,EXCLUSIVE FORNECIMENTO DE MATERIAL NOVO.MEDIDAS PELAAREA REAL DE COBERTURA","M2",26.44]
["16.020.0001-0","IMPERMEABILIZACAO C/MANTA A BASE DE ASFALTO MODIFICADO C/POLIMEROS,ACABAMENTO POLIETILENO EM AMBAS AS FACES,TIPO III-B,ESP.4,0MM,APLICACAO C/CHAMA DE MACARICO SOBRE PRIMER ASFALTICO BASE AGUA ISENTO SOLVENTES,INCLUSIVE ESTE,EM SUBSTRATO C/CAIMENTO DE 1%,EXCLUSIVE REGULARIZACAO,CAMADA SEPARADORA E PROTECAO MECANICA,CONFORME ABNT NBR 9952.","M2",95.74,null,"16.020.0001-A","IMPERMEABILIZACAO C/MANTA A BASE DE ASFALTO MODIFICADO C/POLIMEROS,ACABAMENTO POLIETILENO EM AMBAS AS FACES,TIPO III-B,ESP.4,0MM,APLICACAO C/CHAMA DE MACARICO SOBRE PRIMER ASFALTICO BASE AGUA ISENTO SOLVENTES,INCLUSIVE ESTE,EM SUBSTRATO C/CAIMENTO DE 1%,EXCLUSIVE REGULARIZACAO,CAMADA SEPARADORA E PROTECAO MECANICA,CONFORME ABNT NBR 9952.","M2",92.94]
["16.020.0003-0","IMPERMEABILIZACAO C/MANTA A BASE DE ASFALTO MODIFICADO C/POLIMEROS,ACABAMENTO POLIETILENO EM AMBAS AS FACES,TIPO IV-A,ESP.4,0MM,APLICACAO C/CHAMA MACARICO SOBRE PRIMER ASFALTICO BASE AGUA ISENTO SOLVENTES,INCLUSIVE ESTE,EM SUBSTRATO C/CAIMENTO DE 1%,EXCLUSIVE REGULARIZACAO,CAMADA SEPARADORA E PROTECAO MECANICA,CONFORME ABNT NBR 9952.","M2",214.41,null,"16.020.0003-A","IMPERMEABILIZACAO C/MANTA A BASE DE ASFALTO MODIFICADO C/POLIMEROS,ACABAMENTO POLIETILENO EM AMBAS AS FACES,TIPO IV-A,ESP.4,0MM,APLICACAO C/CHAMA MACARICO SOBRE PRIMER ASFALTICO BASE AGUA ISENTO SOLVENTES,INCLUSIVE ESTE,EM SUBSTRATO C/CAIMENTO DE 1%,EXCLUSIVE REGULARIZACAO,CAMADA SEPARADORA E PROTECAO MECANICA,CONFORME ABNT NBR 9952.","M2",211.61]
["16.021.0003-0","IMPERMEABILIZACAO COM MEMBRANA A BASE POLIURETANO VEGETAL,CONFORME ABNT NBR 15487,ISENTO DE SOLVENTES,BAIXO TEOR VOC,BICOMPONENTE,APLICAD A FRIO,2 OU 3 DEMAOS,CONSUMO DE 2KG/M2,COMREFORCO E UMA TELA INDUSTRIAL DE POLIESTER,APLICADA SOBRE A1ª DEMAO,MALHA 2X2MM","M2",240.11,null,"16.021.0003-A","IMPERMEABILIZACAO COM MEMBRANA A BASE POLIURETANO VEGETAL,CONFORME ABNT NBR 15487,ISENTO DE SOLVENTES,BAIXO TEOR VOC,BICOMPONENTE,APLICAD A FRIO,2 OU 3 DEMAOS,CONSUMO DE 2KG/M2,COMREFORCO E UMA TELA INDUSTRIAL DE POLIESTER,APLICADA SOBRE A1ª DEMAO,MALHA 2X2MM","M2",236.95]
["16.022.0002-0","IMPERMEABILIZACAO,NAO ADERIDA AO SUBSTRATO,COM MANTA DE EPDM,CONFORME ABNT NBR 11797,ESPESSURA MINIMA DE 0,8MM,CONSUMO DE 1,10M2/M2,UTILIZANDO ADESIVO PARA EMENDAS,EXCLUSIVE PREPARO DO SUBSTRATO COM CAIMENTO DE 1%,CAMADA SEPARADORA,CAMADA AMORTECEDORA,PROTECAO TERMICA,PROTECAO PRIMARIA E MECANICA","M2",111.09,null,"16.022.0002-A","IMPERMEABILIZACAO,NAO ADERIDA AO SUBSTRATO,COM MANTA DE EPDM,CONFORME ABNT NBR 11797,ESPESSURA MINIMA DE 0,8MM,CONSUMO DE 1,10M2/M2,UTILIZANDO ADESIVO PARA EMENDAS,EXCLUSIVE PREPARO DO SUBSTRATO COM CAIMENTO DE 1%,CAMADA SEPARADORA,CAMADA AMORTECEDORA,PROTECAO TERMICA,PROTECAO PRIMARIA E MECANICA","M2",107.23]
["16.022.0012-0","IMPERMEABILIZACAO COM MANTA ASFALTICA MODIFICADA COM POLIMEROS TIPO II-C EM FORMA DE TIRA DE APROXIMADAMENTE 32CM DE LARGURA POR 10M DE COMPRIMENTO,ESPESSURA DE 3MM,INCLUSIVE PRIMER ASFALTICO BASE AGUA ISENTO DE SOLVENTES,EXCLUSIVE PREPARODO SUBSTRATO,CONFORME ABNT NBR 9952.","M2",112.88,null,"16.022.0012-A","IMPERMEABILIZACAO COM MANTA ASFALTICA MODIFICADA COM POLIMEROS TIPO II-C EM FORMA DE TIRA DE APROXIMADAMENTE 32CM DE LARGURA POR 10M DE COMPRIMENTO,ESPESSURA DE 3MM,INCLUSIVE PRIMER ASFALTICO BASE AGUA ISENTO DE SOLVENTES,EXCLUSIVE PREPARODO SUBSTRATO,CONFORME ABNT NBR 9952.","M2",109.73]
["16.024.0006-0","IMPERMEABILIZACAO DE AREA EXPOSTA S/PROTECAO MECANICA E S/TRNSITO,USANDO MANTA ASFALTICA AUTOPROTEGIDA,C/ACABAMENTO POLIETILENO NA FACE INFERIOR E FILME DE ALUMINIO NA FACE SUPERIOR,TIPO II-B,C/ESP.3MM,APLICADA C/CHAMA DE MACARICO SOBRE PRIMER ASFALTICO,BASE AGUA ISENTO DE SOLVENTES,INCL.ESTE,SUBSTRATO C/CAIMENTO MINIMO DE 1%,EXCL.REGULARIZACAO,ABNT NBR 9952","M2",88.14,null,"16.024.0006-A","IMPERMEABILIZACAO DE AREA EXPOSTA S/PROTECAO MECANICA E S/TRNSITO,USANDO MANTA ASFALTICA AUTOPROTEGIDA,C/ACABAMENTO POLIETILENO NA FACE INFERIOR E FILME DE ALUMINIO NA FACE SUPERIOR,TIPO II-B,C/ESP.3MM,APLICADA C/CHAMA DE MACARICO SOBRE PRIMER ASFALTICO,BASE AGUA ISENTO DE SOLVENTES,INCL.ESTE,SUBSTRATO C/CAIMENTO MINIMO DE 1%,EXCL.REGULARIZACAO,ABNT NBR 9952","M2",84.99]
["16.026.0002-0","IMPERMEABILIZACAO DE RESERVATORIO AGUA POTAVEL,TANQUE/PISCINA EM CONCRETO,ENTERRADOS SUJEITOS A LENCOL FREATICO,SIST.CRISTALIZACAO COMPOSTO 3 PRODUTOS DE BASE MINERAL,PENETRAM EFEITO DE OSMOSE,CONS.POR M2,CIMENTO CRISTALIZANTE QUE ENDURECEEM 2MIN-1KG/M2,CIMENTO CRISTALIZANTE QUE EMDURECE 7MIN-1,6KG/M2,LIQUIDO SELADOR MINERAL,BASE SILICATO-0,7KG/M2","M2",137.93,null,"16.026.0002-A","IMPERMEABILIZACAO DE RESERVATORIO AGUA POTAVEL,TANQUE/PISCINA EM CONCRETO,ENTERRADOS SUJEITOS A LENCOL FREATICO,SIST.CRISTALIZACAO COMPOSTO 3 PRODUTOS DE BASE MINERAL,PENETRAM EFEITO DE OSMOSE,CONS.POR M2,CIMENTO CRISTALIZANTE QUE ENDURECEEM 2MIN-1KG/M2,CIMENTO CRISTALIZANTE QUE EMDURECE 7MIN-1,6KG/M2,LIQUIDO SELADOR MINERAL,BASE SILICATO-0,7KG/M2","M2",133.46]
["16.028.0022-0","IMPERMEABILIZACAO PARA ETE-ESTACAO TRAT.ESGOTO,RESERV.TANQUEAPOIADO OU ENTERRADO,CAIXA GORDURA,SUJEITO LENCOL FREATICO ATE 10 M.C.A PRESSAO NEGATIVA,CONTATO C/ESGOTO,EMPREGANDO 4 DEMAOS DE CIMENTO POLIMERICO,C/RESISTENCIA QUIMICA,CONSUMO 1KG/M2/DEMAO,EXCLUSIVE PREPARO DA SUPERFICIE,COM TRATAMENTO DOCONCRETO,LIXAMENTO E HIDROJATEAMENTO","M2",81.41,null,"16.028.0022-A","IMPERMEABILIZACAO PARA ETE-ESTACAO TRAT.ESGOTO,RESERV.TANQUEAPOIADO OU ENTERRADO,CAIXA GORDURA,SUJEITO LENCOL FREATICO ATE 10 M.C.A PRESSAO NEGATIVA,CONTATO C/ESGOTO,EMPREGANDO 4 DEMAOS DE CIMENTO POLIMERICO,C/RESISTENCIA QUIMICA,CONSUMO 1KG/M2/DEMAO,EXCLUSIVE PREPARO DA SUPERFICIE,COM TRATAMENTO DOCONCRETO,LIXAMENTO E HIDROJATEAMENTO","M2",76.760000000000005]
["16.028.0023-0","IMPERMEABILIZACAO ELASTICA PARA ETE-ESTACAO TRAT.ESGOTO,RESEVATORIO TANQUE ELEVADO OU APOIADO,CONTATO ESGOTO COM MEMBRANA BASE POLIURETANO VEGETAL,ISENTO SOLVENTES,BAIXO TEOR VOC,BI-COMPONENTE,APLICADO A FRIO,2 OU 3 DEMAOS,CONS.2KG/M2,TELAPOLIESTER,SOBRE A 1ª DEMAO,MALHA 2X2MM","M2",255.19,null,"16.028.0023-A","IMPERMEABILIZACAO ELASTICA PARA ETE-ESTACAO TRAT.ESGOTO,RESEVATORIO TANQUE ELEVADO OU APOIADO,CONTATO ESGOTO COM MEMBRANA BASE POLIURETANO VEGETAL,ISENTO SOLVENTES,BAIXO TEOR VOC,BI-COMPONENTE,APLICADO A FRIO,2 OU 3 DEMAOS,CONS.2KG/M2,TELAPOLIESTER,SOBRE A 1ª DEMAO,MALHA 2X2MM","M2",251.07]
["16.030.0009-0","IMPERMEABILIZACAO ASFALTICA (HIDRO-ASFALTO),CONSUMO DE 2KG/M2,EM SUPERFICIES LISAS,DE PEQUENAS DIMENSOES,ESTRUTURANDO COM TELA DE POLIESTER # 2MMX2MM OS BOXES,CANTOS,RALOS E TUBOSEMERGENTES,EXCLUSIVE PREPARO DA SUPERFICIE E PROTECAO MECANICA","M2",53.03,null,"16.030.0009-A","IMPERMEABILIZACAO ASFALTICA (HIDRO-ASFALTO),CONSUMO DE 2KG/M2,EM SUPERFICIES LISAS,DE PEQUENAS DIMENSOES,ESTRUTURANDO COM TELA DE POLIESTER # 2MMX2MM OS BOXES,CANTOS,RALOS E TUBOSEMERGENTES,EXCLUSIVE PREPARO DA SUPERFICIE E PROTECAO MECANICA","M2",52.35]
["16.032.0001-0","IMPERMEABILIZACAO ELASTICA P/PISCINA ELEVADA,APOIADA/ENTERRADA SOBRE ACAO LENCOL FREATICO,C/MEMBRANA BASE POLIURETANO VEGETAL,CONF.ABNT NBR 15487,APLICADA A FRIO,2 OU 3 DEMAOS,CONS.2KG/M2,TELA POLIESTER SOBRE A 1 DEMAO,MALHA 2X2MM,COM TRATAMENTO DO CONCRETO E LIXAMENTO,HIDROJATEAMENTO P/RETIRADA DEREBARBAS E ABERTURA DE POROS,EXCL.PREPARO SUPERFICIE","M2",257.38,null,"16.032.0001-A","IMPERMEABILIZACAO ELASTICA P/PISCINA ELEVADA,APOIADA/ENTERRADA SOBRE ACAO LENCOL FREATICO,C/MEMBRANA BASE POLIURETANO VEGETAL,CONF.ABNT NBR 15487,APLICADA A FRIO,2 OU 3 DEMAOS,CONS.2KG/M2,TELA POLIESTER SOBRE A 1 DEMAO,MALHA 2X2MM,COM TRATAMENTO DO CONCRETO E LIXAMENTO,HIDROJATEAMENTO P/RETIRADA DEREBARBAS E ABERTURA DE POROS,EXCL.PREPARO SUPERFICIE","M2",253.12]
["16.036.0010-0","IMPERMEABILIZACAO/REVESTIMENTO DE LAJES DE COBERTURA EM CONCRETO,METAL OU MADEIRA,COM ELASTOMERO A BASE DE POLIUREIA,ISENTO DE SOLVENTES,MOLDADO NO LOCAL,CURA LENTA,A FRIO,APLICADOCOM EQUIPAMENTO TIPO AIRLESS,ROLO OU PINCEL,COM ATE 1,00MMDE ESPESSURA,SEM PROTECAO MECANICA","M2",219.9,null,"16.036.0010-A","IMPERMEABILIZACAO/REVESTIMENTO DE LAJES DE COBERTURA EM CONCRETO,METAL OU MADEIRA,COM ELASTOMERO A BASE DE POLIUREIA,ISENTO DE SOLVENTES,MOLDADO NO LOCAL,CURA LENTA,A FRIO,APLICADOCOM EQUIPAMENTO TIPO AIRLESS,ROLO OU PINCEL,COM ATE 1,00MMDE ESPESSURA,SEM PROTECAO MECANICA","M2",218.2]
["16.036.0025-0","IMPERMEABILIZACAO/REVESTIMENTO DE PAREDES,COM ELASTOMERO A BASE DE POLIUREIA,ISENTO DE SOLVENTES,MOLDADO NO LOCAL,CURA LENTA,A FRIO,APLICADO COM EQUIPAMENTO TIPO AIRLESS,ROLO OU PINCEL,COM 0,40MM DE ESPESSURA","M2",91.58,null,"16.036.0025-A","IMPERMEABILIZACAO/REVESTIMENTO DE PAREDES,COM ELASTOMERO A BASE DE POLIUREIA,ISENTO DE SOLVENTES,MOLDADO NO LOCAL,CURA LENTA,A FRIO,APLICADO COM EQUIPAMENTO TIPO AIRLESS,ROLO OU PINCEL,COM 0,40MM DE ESPESSURA","M2",90.66]
["16.036.0040-0","IMPERMEABILIZACAO/REVESTIMENTO DE LAJES,TANQUES,PISCINAS,RESERVATORIOS,ARQUIBANCADAS,ESTACIONAMENTOS,COM ELASTOMERO A BASE DE POLIUREIA,ISENTO DE SOLVENTES,MOLDADO NO LOCAL,CURA LENTA,A FRIO,APLICADO COM EQUIPAMENTO TIPO AIRLESS,ROLO OU PINCEL,COM 2,00MM DE ESPESSURA,ANTIDERRAPANTE,SEM PROTECAO MECANICA","M2",429.09,null,"16.036.0040-A","IMPERMEABILIZACAO/REVESTIMENTO DE LAJES,TANQUES,PISCINAS,RESERVATORIOS,ARQUIBANCADAS,ESTACIONAMENTOS,COM ELASTOMERO A BASE DE POLIUREIA,ISENTO DE SOLVENTES,MOLDADO NO LOCAL,CURA LENTA,A FRIO,APLICADO COM EQUIPAMENTO TIPO AIRLESS,ROLO OU PINCEL,COM 2,00MM DE ESPESSURA,ANTIDERRAPANTE,SEM PROTECAO MECANICA","M2",426.84]
["16.036.0062-0","IMPERMEABILIZACAO/REVESTIMENTO DE LAJES,TANQUES,PISCINAS,RESERVATORIOS,ARQUIBANCADAS,ESTACIONAMENTOS,A BASE DE POLIUREIA,ISENTO DE SOLVENTES,MOLDADO NO LOCAL,CURA RAPIDA,A QUENTE,APLICADO COM EQUIPAMENTO BICOMPONENTE TIPO HOT SPRAY,COM 2,50MM DE ESPESSURA,SEM PROTECAO MECANICA","M2",673.86,null,"16.036.0062-A","IMPERMEABILIZACAO/REVESTIMENTO DE LAJES,TANQUES,PISCINAS,RESERVATORIOS,ARQUIBANCADAS,ESTACIONAMENTOS,A BASE DE POLIUREIA,ISENTO DE SOLVENTES,MOLDADO NO LOCAL,CURA RAPIDA,A QUENTE,APLICADO COM EQUIPAMENTO BICOMPONENTE TIPO HOT SPRAY,COM 2,50MM DE ESPESSURA,SEM PROTECAO MECANICA","M2",671.08]
["17.012.0010-0","CAIACAO INTERNA OU EXTERNA SOBRE SUPERFICIE LISA,EM DUAS DEMAOS,ADICIONANDO FIXADOR","M2",11.73,null,"17.012.0010-A","CAIACAO INTERNA OU EXTERNA SOBRE SUPERFICIE LISA,EM DUAS DEMAOS,ADICIONANDO FIXADOR","M2",10.97]
["17.012.0011-0","CAIACAO INTERNA OU EXTERNA SOBRE SUPERFICIE LISA,EM TRES DEMAOS,ADICIONANDO FIXADOR","M2",15.58,null,"17.012.0011-A","CAIACAO INTERNA OU EXTERNA SOBRE SUPERFICIE LISA,EM TRES DEMAOS,ADICIONANDO FIXADOR","M2",14.57]
["17.012.0040-0","PINTURA INTERNA OU EXTERNA COM TINTA IMPERMEAVEL EM CORES PARA APLICACAO SOBRE CONCRETO,TIJOLOS,PEDRAS OU ARGAMASSA DE SUPERFICIE POROSA,EM DUAS DEMAOS,USANDO AGUA COMO DILUENTE","M2",28.69,null,"17.012.0040-A","PINTURA INTERNA OU EXTERNA COM TINTA IMPERMEAVEL EM CORES PARA APLICACAO SOBRE CONCRETO,TIJOLOS,PEDRAS OU ARGAMASSA DE SUPERFICIE POROSA,EM DUAS DEMAOS,USANDO AGUA COMO DILUENTE","M2",27.86]
["17.013.0095-1","PINTURA INTERNA OU EXTERNA SOBRE FERRO,COM TINTA A BASE DE RESINA DE BORRACHA CLORADA,INCLUSIVE LIMPEZA,UMA DEMAO DE TINTA PRIMARIA DA MESMA LINHA E DUAS DEMAOS DE ACABAMENTO","M2",41.44,null,"17.013.0095-B","PINTURA INTERNA OU EXTERNA SOBRE FERRO,COM TINTA A BASE DE RESINA DE BORRACHA CLORADA,INCLUSIVE LIMPEZA,UMA DEMAO DE TINTA PRIMARIA DA MESMA LINHA E DUAS DEMAOS DE ACABAMENTO","M2",40.03]
["17.017.0040-0","PINTURA INTERNA EM SUPERFICIE COM REVESTIMENTO LISO,A OLEO BRILHANTE,INCLUSIVE LIXAMENTO,UMA DEMAO DE SELADOR ACRILICO,UMA DEMAO DE MASSA CORRIDA OU ACRILICA E DUAS DEMAOS DE ACABAMENTO","M2",30.56,null,"17.017.0040-A","PINTURA INTERNA EM SUPERFICIE COM REVESTIMENTO LISO,A OLEO BRILHANTE,INCLUSIVE LIXAMENTO,UMA DEMAO DE SELADOR ACRILICO,UMA DEMAO DE MASSA CORRIDA OU ACRILICA E DUAS DEMAOS DE ACABAMENTO","M2",29.03]
["17.017.0041-0","REPINTURA INTERNA OU EXTERNA NA COR EXISTENTE,SOBRE REVESTIMENTO LISO EM BOM ESTADO,COM TINTA A OLEO BRILHANTE,INCLUSIVELIXAMENTO E DUAS DEMAOS DE ACABAMENTO","M2",15.29,null,"17.017.0041-A","REPINTURA INTERNA OU EXTERNA NA COR EXISTENTE,SOBRE REVESTIMENTO LISO EM BOM ESTADO,COM TINTA A OLEO BRILHANTE,INCLUSIVELIXAMENTO E DUAS DEMAOS DE ACABAMENTO","M2",14.59]
["17.017.0062-0","PINTURA DE QUADRO ESCOLAR SOBRE REVESTIMENTO LISO COM DUAS DEMAOS DE ACABAMENTO FOSCO,SOBRE PAREDE PREPARADA CONFORME OITEM 17.017.0010,EXCLUSIVE ESTE","M2",14.85,null,"17.017.0062-A","PINTURA DE QUADRO ESCOLAR SOBRE REVESTIMENTO LISO COM DUAS DEMAOS DE ACABAMENTO FOSCO,SOBRE PAREDE PREPARADA CONFORME OITEM 17.017.0010,EXCLUSIVE ESTE","M2",14.3]
["17.017.0130-0","REPINTURA INTERNA OU EXTERNA SOBRE MADEIRA COM TINTA A OLEOBRILHANTE OU ACETINADA,SOBRE FUNDO SINTETICO NIVELADOR,INCLUSIVE ESTE,COM LIXAMENTO E DUAS DEMAOS DE ACABAMENTO,NA COR EXISTENTE","M2",22.36,null,"17.017.0130-A","REPINTURA INTERNA OU EXTERNA SOBRE MADEIRA COM TINTA A OLEOBRILHANTE OU ACETINADA,SOBRE FUNDO SINTETICO NIVELADOR,INCLUSIVE ESTE,COM LIXAMENTO E DUAS DEMAOS DE ACABAMENTO,NA COR EXISTENTE","M2",21.46]
["17.017.0161-0","REPINTURA INTERNA OU EXTERNA SOBRE MADEIRA EM BOM ESTADO COMTINTA SINTETICA ALQUIDICA DE USO GERAL,INCLUSIVE LIXAMENTO,LIMPEZA E DUAS DEMAOS DE ACABAMENTO NA COR EXISTENTE","M2",15.97,null,"17.017.0161-A","REPINTURA INTERNA OU EXTERNA SOBRE MADEIRA EM BOM ESTADO COMTINTA SINTETICA ALQUIDICA DE USO GERAL,INCLUSIVE LIXAMENTO,LIMPEZA E DUAS DEMAOS DE ACABAMENTO NA COR EXISTENTE","M2",15.14]
["17.017.0225-0","PINTURA DE RODAPES COM TINTA A OLEO BRILHANTE,SOBRE MADEIRANOVA,UMA DEMAO DE FUNDO SINTETICO NIVELADOR,UMA DEMAO DE MASSA PARA MADEIRA,LIXAMENTO E REMOCAO DO PO E DUAS DEMAOS DE ACABAMENTO","M",23.16,null,"17.017.0225-A","PINTURA DE RODAPES COM TINTA A OLEO BRILHANTE,SOBRE MADEIRANOVA,UMA DEMAO DE FUNDO SINTETICO NIVELADOR,UMA DEMAO DE MASSA PARA MADEIRA,LIXAMENTO E REMOCAO DO PO E DUAS DEMAOS DE ACABAMENTO","M",21.75]
["17.017.0230-0","PINTURA DE RODAPES COM TINTA SINTETICA DE USO GERAL,SOBRE MADEIRA NOVA,UMA DEMAO DE FUNDO SINTETICO NIVELADOR,UMA DEMAODE MASSA PARA MADEIRA,LIXAMENTO E REMOCAO DO PO E DUAS DEMAOS DE ACABAMENTO","M",15.28,null,"17.017.0230-A","PINTURA DE RODAPES COM TINTA SINTETICA DE USO GERAL,SOBRE MADEIRA NOVA,UMA DEMAO DE FUNDO SINTETICO NIVELADOR,UMA DEMAODE MASSA PARA MADEIRA,LIXAMENTO E REMOCAO DO PO E DUAS DEMAOS DE ACABAMENTO","M",14.39]
["17.017.0320-0","PINTURA INTERNA OU EXTERNA SOBRE FERRO,COM ESMALTE SINTETICOALQUIDICO,ALTO BRILHO,BRILHANTE,ACETINADO OU FOSCO APOS LIXAMENTO,LIMPEZA,DESENGORDURAMENTO,UMA DEMAO DE FUNDO ANTICORROSIVONA COR LARANJA DE SECAGEM RAPIDA E DUAS DEMAOS DE ACABAMENTO","M2",23.54,null,"17.017.0320-A","PINTURA INTERNA OU EXTERNA SOBRE FERRO,COM ESMALTE SINTETICOALQUIDICO,ALTO BRILHO,BRILHANTE,ACETINADO OU FOSCO APOS LIXAMENTO,LIMPEZA,DESENGORDURAMENTO,UMA DEMAO DE FUNDO ANTICORROSIVONA COR LARANJA DE SECAGEM RAPIDA E DUAS DEMAOS DE ACABAMENTO","M2",22.49]
["17.017.0365-0","PRIMER CONVERTEDOR DE FERRUGEM EM FUNDO DE PROTECAO,EM DUASDEMAOS.FORNECIMENTO E APLICACAO","M2",17.3,null,"17.017.0365-A","PRIMER CONVERTEDOR DE FERRUGEM EM FUNDO DE PROTECAO,EM DUASDEMAOS.FORNECIMENTO E APLICACAO","M2",16.55]
["17.017.0370-0","PINTURA COM ESMALTE SINTETICO A BASE D'AGUA ALTO BRILHO OU ACETINADO,PARA USO HOSPITALAR,SOBRE MADEIRAS E METAIS,AREAS INTERNAS OU EXTERNAS,INCLUSIVE LIXAMENTO,UMA DEMAO DE SELADORACRILICO,DUAS DEMAOS DE MASSA ACRILICA E DUAS DEMAOS DE ACABAMENTO","M2",54.79,null,"17.017.0370-A","PINTURA COM ESMALTE SINTETICO A BASE D'AGUA ALTO BRILHO OU ACETINADO,PARA USO HOSPITALAR,SOBRE MADEIRAS E METAIS,AREAS INTERNAS OU EXTERNAS,INCLUSIVE LIXAMENTO,UMA DEMAO DE SELADORACRILICO,DUAS DEMAOS DE MASSA ACRILICA E DUAS DEMAOS DE ACABAMENTO","M2",52.17]
["17.018.0041-0","UMA DEMAO ADICIONAL DE PINTURA DE ACABAMENTO NOS SERVICOS DOS ITENS 17.018.0020 E 17.018.0031","M2",7.47,null,"17.018.0041-A","UMA DEMAO ADICIONAL DE PINTURA DE ACABAMENTO NOS SERVICOS DOS ITENS 17.018.0020 E 17.018.0031","M2",7.06]
["17.018.0060-0","PREPARO DE SUPERFICIES NOVAS,COM REVESTIMENTO LISO INTERNO OU EXTERNO,INCLUSIVE LIMPEZA,UMA DEMAO DE SELADOR ACRILICO,DUAS DEMAOS DE MASSA ACRILICA E LIXAMENTOS NECESSARIOS","M2",36.58,null,"17.018.0060-A","PREPARO DE SUPERFICIES NOVAS,COM REVESTIMENTO LISO INTERNO OU EXTERNO,INCLUSIVE LIMPEZA,UMA DEMAO DE SELADOR ACRILICO,DUAS DEMAOS DE MASSA ACRILICA E LIXAMENTOS NECESSARIOS","M2",34.72]
["17.018.0115-0","PINTURA COM TINTA LATEX SEMIBRILHANTE,FOSCA OU ACETINADA,CLASSIFICACAO PREMIUM OU STANDARD (NBR 15079),PARA INTERIOR E EXTERIOR,BRANCA OU COLORIDA,SOBRE TIJOLO,CONCRETO LISO,CIMENTO SEM AMIANTO,E REVESTIMENTO,INCLUSIVE LIXAMENTO,UMA DEMAO DE SELADOR ACRILICO,DUAS DEMAOS DE MASSA ACRILICA E DUAS DEMAOS DE ACABAMENTO","M2",52.93,null,"17.018.0115-A","PINTURA COM TINTA LATEX SEMIBRILHANTE,FOSCA OU ACETINADA,CLASSIFICACAO PREMIUM OU STANDARD (NBR 15079),PARA INTERIOR E EXTERIOR,BRANCA OU COLORIDA,SOBRE TIJOLO,CONCRETO LISO,CIMENTO SEM AMIANTO,E REVESTIMENTO,INCLUSIVE LIXAMENTO,UMA DEMAO DE SELADOR ACRILICO,DUAS DEMAOS DE MASSA ACRILICA E DUAS DEMAOS DE ACABAMENTO","M2",50.3]
["17.018.0116-0","UMA DEMAO ADICIONAL DE PINTURA DE ACABAMENTO NOS SERVICOS DOS ITENS 17.018.0110 OU 17.018.0115","M2",7.53,null,"17.018.0116-A","UMA DEMAO ADICIONAL DE PINTURA DE ACABAMENTO NOS SERVICOS DOS ITENS 17.018.0110 OU 17.018.0115","M2",7.11]
["17.018.0210-0","PINTURA SOBRE TELHAS CERAMICAS,COM IMPERMEABILIZANTE INCOLORA BASE DE SILICONE,INCLUSIVE LIMPEZA E DUAS DEMAOS DE ACABAMENTO","M2",70.27,null,"17.018.0210-A","PINTURA SOBRE TELHAS CERAMICAS,COM IMPERMEABILIZANTE INCOLORA BASE DE SILICONE,INCLUSIVE LIMPEZA E DUAS DEMAOS DE ACABAMENTO","M2",68.47]
["17.018.0254-0","PINTURA COM TINTA LATEX SEMIBRILHANTE OU FOSCA,CLASSIFICACAOPREMIUM OU STANDARD,CONFORME ABNT NBR 15079,PARA INTERIOR OU EXTERIOR,SISTEMA TINTOMETRICO,INCLUSIVE LIXAMENTO,UMA DEMAO DE SELADOR ACRILICO,DUAS DEMAOS DE MASSA ACRILICA E DUAS DEMAOS DE ACABAMENTO","M2",54.17,null,"17.018.0254-A","PINTURA COM TINTA LATEX SEMIBRILHANTE OU FOSCA,CLASSIFICACAOPREMIUM OU STANDARD,CONFORME ABNT NBR 15079,PARA INTERIOR OU EXTERIOR,SISTEMA TINTOMETRICO,INCLUSIVE LIXAMENTO,UMA DEMAO DE SELADOR ACRILICO,DUAS DEMAOS DE MASSA ACRILICA E DUAS DEMAOS DE ACABAMENTO","M2",51.54]
["17.020.0040-0","ENCERAMENTO DE MADEIRA,INCLUSIVE LIXAMENTO,UMA DEMAO DE VERNIZ IMUNIZANTE E IMPERMEABILIZANTE INCOLOR E TRES DEMAOS DE CERA,CADA QUAL SEGUIDA DE ABERTURA DE BRILHO A ESCOVA E FLANELA","M2",93.03,null,"17.020.0040-A","ENCERAMENTO DE MADEIRA,INCLUSIVE LIXAMENTO,UMA DEMAO DE VERNIZ IMUNIZANTE E IMPERMEABILIZANTE INCOLOR E TRES DEMAOS DE CERA,CADA QUAL SEGUIDA DE ABERTURA DE BRILHO A ESCOVA E FLANELA","M2",87.36]
["17.020.0050-0","ENVERNIZAMENTO DE TIJOLOS E CONCRETO,PARA INTERIOR,COM VERNIZ ACRILICO INCOLOR,INCLUSIVE LIXAMENTO E DUAS DEMAOS DE ACABAMENTO","M2",13.59,null,"17.020.0050-A","ENVERNIZAMENTO DE TIJOLOS E CONCRETO,PARA INTERIOR,COM VERNIZ ACRILICO INCOLOR,INCLUSIVE LIXAMENTO E DUAS DEMAOS DE ACABAMENTO","M2",12.9]
["17.025.0005-1","PINTURA COM TINTA ANTIMOFO E BACTERICIDA BASE ACRILICA,SEMIBRILHO,COR BRANCA,PARA AMBIENTES INTERNOS E EXTERNOS PROPENSOS A UMIDADE E VAPORES,EM DUAS DEMAOS,SOBRE SELADOR ACRILICOE DUAS DEMAOS DE MASSA ACRILICA,INCLUSIVE LIMPEZA E LIXAMENTO","M2",51.19,null,"17.025.0005-B","PINTURA COM TINTA ANTIMOFO E BACTERICIDA BASE ACRILICA,SEMIBRILHO,COR BRANCA,PARA AMBIENTES INTERNOS E EXTERNOS PROPENSOS A UMIDADE E VAPORES,EM DUAS DEMAOS,SOBRE SELADOR ACRILICOE DUAS DEMAOS DE MASSA ACRILICA,INCLUSIVE LIMPEZA E LIXAMENTO","M2",48.56]
["17.025.0009-0","PINTURA COM RESINA HIDROFUGANTE EM DUAS DEMAOS,EM PEDRAS NAOPOROSAS (TIPO ARDOSIA OU SEMELHANTE),INCLUSIVE LIMPEZA DA SUPERFICIE","M2",12.49,null,"17.025.0009-A","PINTURA COM RESINA HIDROFUGANTE EM DUAS DEMAOS,EM PEDRAS NAOPOROSAS (TIPO ARDOSIA OU SEMELHANTE),INCLUSIVE LIMPEZA DA SUPERFICIE","M2",11.8]
["17.035.0020-0","REMOCAO DE PINTURA PLASTICA E SEMELHANTES","M2",9.5,null,"17.035.0020-A","REMOCAO DE PINTURA PLASTICA E SEMELHANTES","M2",8.91]
["17.040.0021-0","MARCACAO DE QUADRA DE ESPORTE OU VAGA DE GARAGEM COM TINTA ACRILICA PROPRIA PARA PINTURA DE PISOS,COM UTILIZACAO DE SELADOR E SOLVENTE PROPRIO E FITA CREPE COMO LIMITADOR DE LINHAS,MEDIDA PELA AREA REAL DE PINTURA","M2",80.36,null,"17.040.0021-A","MARCACAO DE QUADRA DE ESPORTE OU VAGA DE GARAGEM COM TINTA ACRILICA PROPRIA PARA PINTURA DE PISOS,COM UTILIZACAO DE SELADOR E SOLVENTE PROPRIO E FITA CREPE COMO LIMITADOR DE LINHAS,MEDIDA PELA AREA REAL DE PINTURA","M2",75.44]
["17.040.0024-0","PINTURA DE PISO CIMENTADO LISO COM TINTA 100% ACRILICA,INCLUSIVE LIXAMENTO,LIMPEZA E TRES DEMAOS DE ACABAMENTO APLICADASA ROLO DE LA,DILUICAO EM AGUA A 20%","M2",18.41,null,"17.040.0024-A","PINTURA DE PISO CIMENTADO LISO COM TINTA 100% ACRILICA,INCLUSIVE LIXAMENTO,LIMPEZA E TRES DEMAOS DE ACABAMENTO APLICADASA ROLO DE LA,DILUICAO EM AGUA A 20%","M2",17.579999999999998]
["18.002.0016-0","LAVATORIO DE LOUCA BRANCA PADRAO MEDIO LUXO,MEDINDO EM TORNODE (55X45)CM,COM COLUNA,INCLUSIVE ACESSORIOS DE FIXACAO.FERRAGENS EM METAL CROMADO:SIFAO DE 1\"X1.1/4\",MISTURADOR DE MESA 1875 OU SIMILAR,COM AREJADOR,VALVULA DE ESCOAMENTO E RABICHO.FORNECIMENTO","UN",831.94,null,"18.002.0016-A","LAVATORIO DE LOUCA BRANCA PADRAO MEDIO LUXO,MEDINDO EM TORNODE (55X45)CM,COM COLUNA,INCLUSIVE ACESSORIOS DE FIXACAO.FERRAGENS EM METAL CROMADO:SIFAO DE 1\"X1.1/4\",MISTURADOR DE MESA 1875 OU SIMILAR,COM AREJADOR,VALVULA DE ESCOAMENTO E RABICHO.FORNECIMENTO","UN",831.94]
["18.002.0020-0","CUBA DE LOUCA BRANCA,DE APOIO,PADRAO POPULAR,MEDINDO EM TORNO DE (40X30)CM.FERRAGENS:SIFAO DE 1\"X1.1/4\" EM PVC,TORNEIRAPARA LAVATORIO DE MESA 1193 OU SIMILAR DE 1/2\",VALVULA DE ESCOAMENTO EM METAL CROMADO E RABICHO EM PVC.FORNECIMENTO","UN",277.58999999999997,null,"18.002.0020-A","CUBA DE LOUCA BRANCA,DE APOIO,PADRAO POPULAR,MEDINDO EM TORNO DE (40X30)CM.FERRAGENS:SIFAO DE 1\"X1.1/4\" EM PVC,TORNEIRAPARA LAVATORIO DE MESA 1193 OU SIMILAR DE 1/2\",VALVULA DE ESCOAMENTO EM METAL CROMADO E RABICHO EM PVC.FORNECIMENTO","UN",277.58999999999997]
["18.002.0026-0","CUBA DE LOUCA BRANCA,DE EMBUTIR,PADRAO MEDIO LUXO,MEDINDO EMTORNO DE (52X39)CM.FERRAGENS EM METAL CROMADO: SIFAO DE 1\"X1.1/4\",TORNEIRA PARA LAVATORIO DE MESA 1193 OU SIMILAR DE 1/2\",VALVULA DE ESCOAMENTO E RABICHO.FORNECIMENTO","UN",292.93,null,"18.002.0026-A","CUBA DE LOUCA BRANCA,DE EMBUTIR,PADRAO MEDIO LUXO,MEDINDO EMTORNO DE (52X39)CM.FERRAGENS EM METAL CROMADO: SIFAO DE 1\"X1.1/4\",TORNEIRA PARA LAVATORIO DE MESA 1193 OU SIMILAR DE 1/2\",VALVULA DE ESCOAMENTO E RABICHO.FORNECIMENTO","UN",292.93]
["18.002.0065-0","BACIA SANITARIA DE LOUCA BRANCA,COM CAIXA ACOPLADA,PADRAO POPULAR,INCLUSIVE ASSENTO PLASTICO PADRAO POPULAR,RABICHO EM PVC,ANEL DE VEDACAO E ACESSORIOS DE FIXACAO.FORNECIMENTO","UN",359.22,null,"18.002.0065-A","BACIA SANITARIA DE LOUCA BRANCA,COM CAIXA ACOPLADA,PADRAO POPULAR,INCLUSIVE ASSENTO PLASTICO PADRAO POPULAR,RABICHO EM PVC,ANEL DE VEDACAO E ACESSORIOS DE FIXACAO.FORNECIMENTO","UN",359.22]
["18.002.0085-0","BACIA SANITARIA DE LOUCA BRANCA,CONVENCIONAL,PADRAO MEDIO LUXO,INCLUSIVE ASSENTO PLASTICO PADRAO MEDIO LUXO,VALVULA DE DESCARGA DE 1.1/2\" COM REGISTRO INTEGRADO,CORPO EM LATAO,ACABAMENTO DA VALVULA EM METAL CROMADO,TUBO DE LIGACAO,ANEL DE VEDACAO E ACESSORIOS DE FIXACAO.FORNECIMENTO","UN",794.73,null,"18.002.0085-A","BACIA SANITARIA DE LOUCA BRANCA,CONVENCIONAL,PADRAO MEDIO LUXO,INCLUSIVE ASSENTO PLASTICO PADRAO MEDIO LUXO,VALVULA DE DESCARGA DE 1.1/2\" COM REGISTRO INTEGRADO,CORPO EM LATAO,ACABAMENTO DA VALVULA EM METAL CROMADO,TUBO DE LIGACAO,ANEL DE VEDACAO E ACESSORIOS DE FIXACAO.FORNECIMENTO","UN",794.73]
["18.003.0009-0","VALVULA DE DESCARGA DE 1.1/4\",REGISTRO INTEGRADO,CORPO EM LATAO E ACABAMENTO COM SISTEMA ANTIVANDALISMO EM METAL CROMADO.FORNECIMENTO","UN",438.54,null,"18.003.0009-A","VALVULA DE DESCARGA DE 1.1/4\",REGISTRO INTEGRADO,CORPO EM LATAO E ACABAMENTO COM SISTEMA ANTIVANDALISMO EM METAL CROMADO.FORNECIMENTO","UN",438.54]
["18.003.0010-0","VALVULA DE DESCARGA DE 1.1/2\",COM REGISTRO INTEGRADO,CORPO EM LATAO E ACABAMENTO COM ACIONAMENTO POR ALAVANCA EM METAL CROMADO,CONFORME ABNT NBR 9050 PARA ACESSIBILIDADE.FORNECIMENTO","UN",643.42999999999995,null,"18.003.0010-A","VALVULA DE DESCARGA DE 1.1/2\",COM REGISTRO INTEGRADO,CORPO EM LATAO E ACABAMENTO COM ACIONAMENTO POR ALAVANCA EM METAL CROMADO,CONFORME ABNT NBR 9050 PARA ACESSIBILIDADE.FORNECIMENTO","UN",643.42999999999995]
["18.004.0005-0","BACIA TURCA SINFONADO REFORCADO EM POLIESTER,COM FIBRA DE VIDRO,PISO ANTIDERRAPANTE,COM MEDIDAS EM TORNO DE 51X71CM,COMMEDIDAS EM TORNO 40MM,E SAIDA DE 4\",NA COR BRANCA.FORNECIMENTO","UN",1646.07,null,"18.004.0005-A","BACIA TURCA SINFONADO REFORCADO EM POLIESTER,COM FIBRA DE VIDRO,PISO ANTIDERRAPANTE,COM MEDIDAS EM TORNO DE 51X71CM,COMMEDIDAS EM TORNO 40MM,E SAIDA DE 4\",NA COR BRANCA.FORNECIMENTO","UN",1646.07]
["18.005.0018-0","ASSENTO SANITARIO PLASTICO,PADRAO POPULAR.FORNECIMENTO E COLOCACAO","UN",23.1,null,"18.005.0018-A","ASSENTO SANITARIO PLASTICO,PADRAO POPULAR.FORNECIMENTO E COLOCACAO","UN",23.06]
["18.006.0008-0","LAVATORIO DE LOUCA BRANCA,PADRAO POPULAR,MEDINDO EM TORNO DE(55X45)CM,INCLUSIVE ACESSORIOS DE FIXACAO.FORNECIMENTO","UN",129.82,null,"18.006.0008-A","LAVATORIO DE LOUCA BRANCA,PADRAO POPULAR,MEDINDO EM TORNO DE(55X45)CM,INCLUSIVE ACESSORIOS DE FIXACAO.FORNECIMENTO","UN",129.82]
["18.006.0015-0","BACIA SANITARIA DE LOUCA BRANCA,CONVENCIONAL,CONFORME ABNT NBR 9050 PARA ACESSIBILIDADE,INCLUSIVE ACESSORIOS DE FIXACAO.FORNECIMENTO","UN",500.47,null,"18.006.0015-A","BACIA SANITARIA DE LOUCA BRANCA,CONVENCIONAL,CONFORME ABNT NBR 9050 PARA ACESSIBILIDADE,INCLUSIVE ACESSORIOS DE FIXACAO.FORNECIMENTO","UN",500.47]
["18.006.0017-0","BACIA SANITARIA DE LOUCA BRANCA,CONVENCIONAL,PADRAO POPULAR,INCLUSIVE ACESSORIOS DE FIXACAO.FORNECIMENTO","UN",182.94,null,"18.006.0017-A","BACIA SANITARIA DE LOUCA BRANCA,CONVENCIONAL,PADRAO POPULAR,INCLUSIVE ACESSORIOS DE FIXACAO.FORNECIMENTO","UN",182.94]
["18.006.0025-0","CUBA DE LOUCA BRANCA,DE EMBUTIR,PADRAO MEDIO LUXO,MEDINDO EMTORNO DE (52X39)CM.FORNECIMENTO","UN",90.7,null,"18.006.0025-A","CUBA DE LOUCA BRANCA,DE EMBUTIR,PADRAO MEDIO LUXO,MEDINDO EMTORNO DE (52X39)CM.FORNECIMENTO","UN",90.7]
["18.006.0029-0","CUBA DE LOUCA BRANCA,DE APOIO,PADRAO POPULAR,MEDINDO EM TORNO DE (40X30)CM.FORNECIMENTO","UN",206.67,null,"18.006.0029-A","CUBA DE LOUCA BRANCA,DE APOIO,PADRAO POPULAR,MEDINDO EM TORNO DE (40X30)CM.FORNECIMENTO","UN",206.67]
["18.006.0040-0","SABONETEIRA,DE SOBREPOR,EM METAL CROMADO.FORNECIMENTO E COLOCACAO","UN",28.4,null,"18.006.0040-A","SABONETEIRA,DE SOBREPOR,EM METAL CROMADO.FORNECIMENTO E COLOCACAO","UN",27.31]
["18.006.0056-0","PORTA TOALHA RETO,EM METAL CROMADO(50CM).FORNECIMENTO E COLOCACAO","UN",92.93,null,"18.006.0056-A","PORTA TOALHA RETO,EM METAL CROMADO(50CM).FORNECIMENTO E COLOCACAO","UN",90.75]
["18.007.0043-0","CHUVEIRO PLASTICO,BRANCO,INCLUSIVE BRACO.FORNECIMENTO","UN",9.99,null,"18.007.0043-A","CHUVEIRO PLASTICO,BRANCO,INCLUSIVE BRACO.FORNECIMENTO","UN",9.99]
["18.007.0075-0","CHUVEIRO ELETRICO,EM METAL CROMADO,EM 110/220V,COM BRACO CROMADO DE 1/2\" E 1 REGISTRO DE PRESSAO 1416 DE 3/4\",COM CANOPLA E VOLANTE EM METAL CROMADO.FORNECIMENTO","UN",300.62,null,"18.007.0075-A","CHUVEIRO ELETRICO,EM METAL CROMADO,EM 110/220V,COM BRACO CROMADO DE 1/2\" E 1 REGISTRO DE PRESSAO 1416 DE 3/4\",COM CANOPLA E VOLANTE EM METAL CROMADO.FORNECIMENTO","UN",300.62]
["18.007.0080-0","CHUVEIRO ELETRICO EM PLASTICO,EM 110/220V,COM BRACO CROMADODE 1/2\" E 1 REGISTRO DE PRESSAO 1416 DE 3/4\",COM CANOPLA E VOLANTE EM METAL CROMADO.FORNECIMENTO","UN",106.17,null,"18.007.0080-A","CHUVEIRO ELETRICO EM PLASTICO,EM 110/220V,COM BRACO CROMADODE 1/2\" E 1 REGISTRO DE PRESSAO 1416 DE 3/4\",COM CANOPLA E VOLANTE EM METAL CROMADO.FORNECIMENTO","UN",106.17]
["18.009.0065-0","TORNEIRA PARA PIA,COM AREJADOR,TUBO MOVEL,TIPO PAREDE,1168 OU SIMILAR,DE 1/2\"X22CM APROXIMADAMENTE,EM METAL CROMADO.FORNECIMENTO","UN",73.56,null,"18.009.0065-A","TORNEIRA PARA PIA,COM AREJADOR,TUBO MOVEL,TIPO PAREDE,1168 OU SIMILAR,DE 1/2\"X22CM APROXIMADAMENTE,EM METAL CROMADO.FORNECIMENTO","UN",73.56]
["18.009.0076-0","TORNEIRA PARA LAVATORIO TIPO BANCA 1193 OU SIMILAR DE 1/2\"X9CM APROXIMADAMENTE,EM METAL CROMADO.FORNECIMENTO","UN",33.979999999999997,null,"18.009.0076-A","TORNEIRA PARA LAVATORIO TIPO BANCA 1193 OU SIMILAR DE 1/2\"X9CM APROXIMADAMENTE,EM METAL CROMADO.FORNECIMENTO","UN",33.979999999999997]
["18.009.0086-0","TORNEIRA PARA FILTRO,1147 OU SIMILAR,DE 1/2\"X13CM APROXIMADAMENTE,EM METAL CROMADO.FORNECIMENTO","UN",43.97,null,"18.009.0086-A","TORNEIRA PARA FILTRO,1147 OU SIMILAR,DE 1/2\"X13CM APROXIMADAMENTE,EM METAL CROMADO.FORNECIMENTO","UN",43.97]
["18.009.0110-0","TORNEIRA ELETRICA DE PVC,110/220V.FORNECIMENTO","UN",91.51,null,"18.009.0110-A","TORNEIRA ELETRICA DE PVC,110/220V.FORNECIMENTO","UN",91.51]
["18.011.0003-0","TORNEIRA DE BOIA EM PLASTICO,PARA CAIXA D'AGUA,DE 1/2\".FORNECIMENTO E COLOCACAO","UN",25.27,null,"18.011.0003-A","TORNEIRA DE BOIA EM PLASTICO,PARA CAIXA D'AGUA,DE 1/2\".FORNECIMENTO E COLOCACAO","UN",24.22]
["18.012.0100-0","TORNEIRA DE BOIA,EM METAL,DE 1.1/2\".FORNECIMENTO E COLOCACAO","UN",208.37,null,"18.012.0100-A","TORNEIRA DE BOIA,EM METAL,DE 1.1/2\".FORNECIMENTO E COLOCACAO","UN",206.27]
["18.013.0110-0","VALVULA DE ESCOAMENTO PARA BANHEIRA,SEM LADRAO,1604 DE 1.1/4\",EM METAL CROMADO.FORNECIMENTO","UN",36.22,null,"18.013.0110-A","VALVULA DE ESCOAMENTO PARA BANHEIRA,SEM LADRAO,1604 DE 1.1/4\",EM METAL CROMADO.FORNECIMENTO","UN",36.22]
["18.013.0111-0","VALVULA DE ESCOAMENTO PARA TANQUE,1605 DE 1.1/4\",EM METAL CROMADO.FORNECIMENTO","UN",30.42,null,"18.013.0111-A","VALVULA DE ESCOAMENTO PARA TANQUE,1605 DE 1.1/4\",EM METAL CROMADO.FORNECIMENTO","UN",30.42]
["18.013.0119-0","SIFAO EM METAL CROMADO,DE 1\"X1.1/2\".FORNECIMENTO","UN",90.54,null,"18.013.0119-A","SIFAO EM METAL CROMADO,DE 1\"X1.1/2\".FORNECIMENTO","UN",90.54]
["18.013.0127-0","SIFAO SANFONADO EM PVC, UNIVERSAL.FORNECIMENTO","UN",5.78,null,"18.013.0127-A","SIFAO SANFONADO EM PVC, UNIVERSAL.FORNECIMENTO","UN",5.78]
["18.013.0133-0","RABICHO/LIGACAO FLEXIVEL EM PLASTICO,COMPRIMENTO DE 40CM,COMSAIDA DE 1/2\".FORNECIMENTO","UN",5.07,null,"18.013.0133-A","RABICHO/LIGACAO FLEXIVEL EM PLASTICO,COMPRIMENTO DE 40CM,COMSAIDA DE 1/2\".FORNECIMENTO","UN",5.07]
["18.013.0144-0","BOLSA DE LIGACAO PARA BACIA SANITARIA.FORNECIMENTO","UN",2.21,null,"18.013.0144-A","BOLSA DE LIGACAO PARA BACIA SANITARIA.FORNECIMENTO","UN",2.21]
["18.013.0158-0","PORTA CACAMBA,LIXEIRA,EM CHAPA DE FERRO ESMALTADA,DE 300X300MM.FORNECIMENTO E COLOCACAO","UN",509.21,null,"18.013.0158-A","PORTA CACAMBA,LIXEIRA,EM CHAPA DE FERRO ESMALTADA,DE 300X300MM.FORNECIMENTO E COLOCACAO","UN",507.46]
["18.015.0040-0","AQUECEDOR A GAS DE ACUMULACAO,CAPACIDADE DE 200L,MODELO VERTICAL,CORPO EM ACO CARBONO.FORNECIMENTO","UN",8182.63,null,"18.015.0040-A","AQUECEDOR A GAS DE ACUMULACAO,CAPACIDADE DE 200L,MODELO VERTICAL,CORPO EM ACO CARBONO.FORNECIMENTO","UN",8182.63]
["18.015.0066-0","AQUECEDOR A GAS DE PASSAGEM,RESIDENCIAL,EM CHAPA ESMALTADA,BRANCO,DE 22L/MIN.FORNECIMENTO","UN",2835.67,null,"18.015.0066-A","AQUECEDOR A GAS DE PASSAGEM,RESIDENCIAL,EM CHAPA ESMALTADA,BRANCO,DE 22L/MIN.FORNECIMENTO","UN",2835.67]
["18.015.0080-0","FOGAO A GAS RESIDENCIAL,BRANCO,COM 4 BOCAS.FORNECIMENTO","UN",496.18,null,"18.015.0080-A","FOGAO A GAS RESIDENCIAL,BRANCO,COM 4 BOCAS.FORNECIMENTO","UN",496.18]
["18.016.0002-0","COIFA DE ACO INOX AISI 304,NAS DIMENSOES (1,80X1,30X0,60)M (COCCAO),COM CALHA COLETORA DE GORDURA EM TODO PERIMETRO COMDRENO PLUGADO,PORTA FILTRO,FILTROS INERCIAIS,SUPORTE DE FIXACAO E BOCAIS FLANGEADOS (FOGAO INDUSTRIAL DE 6 BOCAS).FORNECIMENTO E COLOCACAO","UN",6822.88,null,"18.016.0002-A","COIFA DE ACO INOX AISI 304,NAS DIMENSOES (1,80X1,30X0,60)M (COCCAO),COM CALHA COLETORA DE GORDURA EM TODO PERIMETRO COMDRENO PLUGADO,PORTA FILTRO,FILTROS INERCIAIS,SUPORTE DE FIXACAO E BOCAIS FLANGEADOS (FOGAO INDUSTRIAL DE 6 BOCAS).FORNECIMENTO E COLOCACAO","UN",6814.65]
["18.016.0020-0","PORTA CACAMBA,LIXEIRA,DE ACO INOXIDAVEL,CHAPA 18.304,MEDINDOAPROXIMADAMENTE (300X300)MM.FORNECIMENTO E COLOCACAO","UN",837.78,null,"18.016.0020-A","PORTA CACAMBA,LIXEIRA,DE ACO INOXIDAVEL,CHAPA 18.304,MEDINDOAPROXIMADAMENTE (300X300)MM.FORNECIMENTO E COLOCACAO","UN",836.03]
["18.016.0040-0","CUBA DE ACO INOXIDAVEL,MEDINDO APROXIMADAMENTE (500X400X200)MM,EM CHAPA 20.304,VALVULA DE ESCOAMENTO TIPO AMERICANA 1623,SIFAO 1680 1.1/2\" X 1.1/2\",EXCLUSIVE TORNEIRA.FORNECIMENTOE COLOCACAO","UN",654.75,null,"18.016.0040-A","CUBA DE ACO INOXIDAVEL,MEDINDO APROXIMADAMENTE (500X400X200)MM,EM CHAPA 20.304,VALVULA DE ESCOAMENTO TIPO AMERICANA 1623,SIFAO 1680 1.1/2\" X 1.1/2\",EXCLUSIVE TORNEIRA.FORNECIMENTOE COLOCACAO","UN",652.29999999999995]
["18.016.0055-0","MICTORIO COLETIVO EM ACO INOXIDAVEL AISI 304,MEDINDO APROXIMADAMENTE (1800X290X350)MM,INCLUSIVE KIT DE INSTALACAO COMPREENDENDO: PARAFUSOS,BUCHAS,SIFAO EXTENSIVEL E VALVULA INOX.FORNECIMENTO","UN",1835.42,null,"18.016.0055-A","MICTORIO COLETIVO EM ACO INOXIDAVEL AISI 304,MEDINDO APROXIMADAMENTE (1800X290X350)MM,INCLUSIVE KIT DE INSTALACAO COMPREENDENDO: PARAFUSOS,BUCHAS,SIFAO EXTENSIVEL E VALVULA INOX.FORNECIMENTO","UN",1835.42]
["18.016.0070-0","LAVATORIO INDUSTRIAL EM ACO INOXIDAVEL AISI 304,MEDINDO APROXIMADAMENTE (400X405X280)MM,INCLUSIVE BICA,VALVULA DE ACIONAMENTO E KIT DE INSTALACAO COMPREENDENDO: PARAFUSOS,BUCHAS EVALVULA.FORNECIMENTO E COLOCACAO","UN",2440.11,null,"18.016.0070-A","LAVATORIO INDUSTRIAL EM ACO INOXIDAVEL AISI 304,MEDINDO APROXIMADAMENTE (400X405X280)MM,INCLUSIVE BICA,VALVULA DE ACIONAMENTO E KIT DE INSTALACAO COMPREENDENDO: PARAFUSOS,BUCHAS EVALVULA.FORNECIMENTO E COLOCACAO","UN",2425.4]
["18.016.0107-0","BARRA DE APOIO EM ACO INOXIDAVEL AISI 304,TUBO DE 1.1/4\",INCLUSIVE FIXACAO COM PARAFUSOS INOXIDAVEIS E BUCHAS PLASTICAS,COM 60CM,CONFORME ABNT NBR 9050 PARA ACESSIBILIDADE.FORNECIMENTO E COLOCACAO","UN",144.88999999999999,null,"18.016.0107-A","BARRA DE APOIO EM ACO INOXIDAVEL AISI 304,TUBO DE 1.1/4\",INCLUSIVE FIXACAO COM PARAFUSOS INOXIDAVEIS E BUCHAS PLASTICAS,COM 60CM,CONFORME ABNT NBR 9050 PARA ACESSIBILIDADE.FORNECIMENTO E COLOCACAO","UN",141.38999999999999]
["18.016.0110-0","BARRA DE APOIO EM ACO INOXIDAVEL AISI 304,TUBO DE 1.1/4\",EM\"L\",INCLUSIVE FIXACAO COM PARAFUSOS INOXIDAVEIS E BUCHAS PLASTICAS,MEDINDO (70X70)CM,CONFORME ABNT NBR 9050 PARA ACESSIBILIDADE.FORNECIMENTO E COLOCACAO","UN",245.29,null,"18.016.0110-A","BARRA DE APOIO EM ACO INOXIDAVEL AISI 304,TUBO DE 1.1/4\",EM\"L\",INCLUSIVE FIXACAO COM PARAFUSOS INOXIDAVEIS E BUCHAS PLASTICAS,MEDINDO (70X70)CM,CONFORME ABNT NBR 9050 PARA ACESSIBILIDADE.FORNECIMENTO E COLOCACAO","UN",241.79]
["18.016.0135-0","BARRA DE APOIO LATERAL,PISO PAREDE,EM ACO INOXIDAVEL AISI 304,TUBO DE 1.1/4\",INCLUSIVE FIXACAO COM PARAFUSOS INOXIDAVEISE BUCHAS PLASTICAS,COM (75X80)CM,CONFORME ABNT NBR 9050 PARA ACESSIBILIDADE.FORNECIMENTO E COLOCACAO","UN",326.35000000000002,null,"18.016.0135-A","BARRA DE APOIO LATERAL,PISO PAREDE,EM ACO INOXIDAVEL AISI 304,TUBO DE 1.1/4\",INCLUSIVE FIXACAO COM PARAFUSOS INOXIDAVEISE BUCHAS PLASTICAS,COM (75X80)CM,CONFORME ABNT NBR 9050 PARA ACESSIBILIDADE.FORNECIMENTO E COLOCACAO","UN",322.85000000000002]
["18.016.0215-0","CORRIMAO DUPLO EM TUBO DE ACO INOX COM DIAMETRO DE 1.1/2\",BARRA SUPERIOR COM ALTURA DE 92CM E BARRA INFERIOR COM ALTURADE 70CM,FIXADO EM GUARDA-CORPO COM MONTANTES DE ACO INOX COMDIAMETRO DE 1.1/2\" E 3 TUBOS DE ACO INOX,HORIZONTAIS,COM DIAMETRO DE 1\",CONFORME ABNT NBR 9050 PARA ACESSIBILIDADE.FORNECIMENTO E COLOCACAO","M",904.88,null,"18.016.0215-A","CORRIMAO DUPLO EM TUBO DE ACO INOX COM DIAMETRO DE 1.1/2\",BARRA SUPERIOR COM ALTURA DE 92CM E BARRA INFERIOR COM ALTURADE 70CM,FIXADO EM GUARDA-CORPO COM MONTANTES DE ACO INOX COMDIAMETRO DE 1.1/2\" E 3 TUBOS DE ACO INOX,HORIZONTAIS,COM DIAMETRO DE 1\",CONFORME ABNT NBR 9050 PARA ACESSIBILIDADE.FORNECIMENTO E COLOCACAO","M",868.13]
["18.016.0304-0","GRELHA DE RETORNO,COM REGISTRO,EM ALUMINIO ANODIZADO,MEDINDOEM TORNO DE (500X250)MM.FORNECIMENTO E COLOCACAO","UN",214.66,null,"18.016.0304-A","GRELHA DE RETORNO,COM REGISTRO,EM ALUMINIO ANODIZADO,MEDINDOEM TORNO DE (500X250)MM.FORNECIMENTO E COLOCACAO","UN",213.52]
["18.016.0319-0","GRELHA PARA PORTA,COM MOLDURA DUPLA,EM ALUMINIO ANODIZADO,MEDINDO EM TORNO DE (800X400)MM.FORNECIMENTO E COLOCACAO","UN",686.22,null,"18.016.0319-A","GRELHA PARA PORTA,COM MOLDURA DUPLA,EM ALUMINIO ANODIZADO,MEDINDO EM TORNO DE (800X400)MM.FORNECIMENTO E COLOCACAO","UN",683.88]
["18.016.0330-0","GRELHA DE INSUFLAMENTO DE AR,DE DUPLA DEFLEXAO,EM ALUMINIO ANODIZADO,MEDINDO EM TORNO DE (400X250)MM.FORNECIMENTO E COLOCACAO","UN",169.71,null,"18.016.0330-A","GRELHA DE INSUFLAMENTO DE AR,DE DUPLA DEFLEXAO,EM ALUMINIO ANODIZADO,MEDINDO EM TORNO DE (400X250)MM.FORNECIMENTO E COLOCACAO","UN",168.98]
["18.016.0355-0","TOMADA DE AR EM VENEZIANA,DE ALUMINIO ANODIZADO,COM TELA DENYLON E FILTRO DE FIBRA SINTETICA,MEDINDO EM TORNO DE (385X330)MM.FORNECIMENTO E COLOCACAO","UN",297.39,null,"18.016.0355-A","TOMADA DE AR EM VENEZIANA,DE ALUMINIO ANODIZADO,COM TELA DENYLON E FILTRO DE FIBRA SINTETICA,MEDINDO EM TORNO DE (385X330)MM.FORNECIMENTO E COLOCACAO","UN",296.47000000000003]
["18.017.0020-0","FILTRO PARA USO DOMESTICO COM CARCACA ATOXICA EM POLIPROPILENO COM 1 ELEMENTO FILTRANTE DE CELULOSE E CARVAO ATIVADO,PARA VAZAO ATE 180L/H,CONEXAO DE 1/2\" SEM REGISTRO.FORNECIMENTO","UN",139.05000000000001,null,"18.017.0020-A","FILTRO PARA USO DOMESTICO COM CARCACA ATOXICA EM POLIPROPILENO COM 1 ELEMENTO FILTRANTE DE CELULOSE E CARVAO ATIVADO,PARA VAZAO ATE 180L/H,CONEXAO DE 1/2\" SEM REGISTRO.FORNECIMENTO","UN",139.05000000000001]
["18.018.0010-0","CORTINA DIVISORIA HOSPITALAR,SEM EMENDAS,CONFECCIONADA EM VINIL DE ALTA ESPESSURA,DE APROXIMADAMENTE 0,4MM,ANTICHAMA,ANTIFUNGO,BACTERICIDA E ANTIESTATICO,COM ALTURA DE 1,80M,PINTURA ELETROSTATICA BRANCA,INCLUSIVE ILHOSES,TRILHOS,GANCHOS,RODIZIOS E ACESSORIOS DE FIXACAO.FORNECIMENTO E COLOCACAO","M",300.56,null,"18.018.0010-A","CORTINA DIVISORIA HOSPITALAR,SEM EMENDAS,CONFECCIONADA EM VINIL DE ALTA ESPESSURA,DE APROXIMADAMENTE 0,4MM,ANTICHAMA,ANTIFUNGO,BACTERICIDA E ANTIESTATICO,COM ALTURA DE 1,80M,PINTURA ELETROSTATICA BRANCA,INCLUSIVE ILHOSES,TRILHOS,GANCHOS,RODIZIOS E ACESSORIOS DE FIXACAO.FORNECIMENTO E COLOCACAO","M",300.07]
["18.018.0030-0","PAINEL PARA DIVISORIA BLINDADA (DESTINADA A DELIMITACAO DE AREAS OU SALAS RADIOLOGICAS),COMPOSTO POR PLACAS RIGIDAS EM MATERIAL RESISTENTE,REVESTINDO LENCOIS DE CHUMBO COM 1MM DE ESPESURA,INCLUSIVE ELEMENTOS DE FIXACAO.FORNECIMENTO E COLOCACAO","M2",1831.24,null,"18.018.0030-A","PAINEL PARA DIVISORIA BLINDADA (DESTINADA A DELIMITACAO DE AREAS OU SALAS RADIOLOGICAS),COMPOSTO POR PLACAS RIGIDAS EM MATERIAL RESISTENTE,REVESTINDO LENCOIS DE CHUMBO COM 1MM DE ESPESURA,INCLUSIVE ELEMENTOS DE FIXACAO.FORNECIMENTO E COLOCACAO","M2",1829.85]
["18.018.0050-0","SUPORTE PARA PORTA SORO DE TETO,FIXO,COM 4 GANCHOS.FORNECIMENTO","UN",423.01,null,"18.018.0050-A","SUPORTE PARA PORTA SORO DE TETO,FIXO,COM 4 GANCHOS.FORNECIMENTO","UN",423.01]
["18.018.0100-0","LAVATORIO CIRURGICO EM ACO INOXIDAVEL,MEDINDO APROXIMADAMENTE 1,50M DE COMPRIMENTO,COM DUAS TORNEIRAS AUTOMATICAS PARA SIDA DE AGUA ACIONADAS POR SENSOR,INCLUSIVE KIT DE INSTALACAO.FORNECIMENTO","UN",3285.7,null,"18.018.0100-A","LAVATORIO CIRURGICO EM ACO INOXIDAVEL,MEDINDO APROXIMADAMENTE 1,50M DE COMPRIMENTO,COM DUAS TORNEIRAS AUTOMATICAS PARA SIDA DE AGUA ACIONADAS POR SENSOR,INCLUSIVE KIT DE INSTALACAO.FORNECIMENTO","UN",3285.7]
["18.019.0010-0","CAIXA DE DESCARGA DE PLASTICO EXTERNA.FORNECIMENTO","UN",31.52,null,"18.019.0010-A","CAIXA DE DESCARGA DE PLASTICO EXTERNA.FORNECIMENTO","UN",31.52]
["18.021.0040-0","RESERVATORIO APOIADO PARA ARMAZENAMENTO DE AGUA POTAVEL OU PARA APROVEITAMENTO DE AGUA DA CHUVA AAC,EM FIBRA DE VIDRO OUPOLIETILENO,COM CAPACIDADE EM TORNO DE 1500L,INCLUSIVE TAMPA DE VEDACAO COM ESCOTILHA E FIXADORES,CONFORME ABNT NBR 15527,12217 E 8220.FORNECIMENTO","UN",960.89,null,"18.021.0040-A","RESERVATORIO APOIADO PARA ARMAZENAMENTO DE AGUA POTAVEL OU PARA APROVEITAMENTO DE AGUA DA CHUVA AAC,EM FIBRA DE VIDRO OUPOLIETILENO,COM CAPACIDADE EM TORNO DE 1500L,INCLUSIVE TAMPA DE VEDACAO COM ESCOTILHA E FIXADORES,CONFORME ABNT NBR 15527,12217 E 8220.FORNECIMENTO","UN",960.89]
["18.021.0055-0","RESERVATORIO PRFV POLIESTER REFORCADO FIBRA VIDRO,CAPAC.5000L,DIM.APROX.(DIAM:2,00MXALT:1,80M),AGUA POTAVEL OU APROVEITAMENTO AGUA CHUVA AAC,INCL.TAMPA PRESSAO PARAFUS.,CONF.ABNT NBR 15527,12217 E 8220,FABRIC.P/OPER.SOB-REGIME DE CARGA OSC.CICLICA,TRATAM.CONTRA RAD.UVA E UVB,E REFORCO P/RESIT.A CARGA DE COMPRES.DIRET.NO COSTADO S/NEC.DE CONT.QDO SOTERRA.FORN","UN",4326,null,"18.021.0055-A","RESERVATORIO PRFV POLIESTER REFORCADO FIBRA VIDRO,CAPAC.5000L,DIM.APROX.(DIAM:2,00MXALT:1,80M),AGUA POTAVEL OU APROVEITAMENTO AGUA CHUVA AAC,INCL.TAMPA PRESSAO PARAFUS.,CONF.ABNT NBR 15527,12217 E 8220,FABRIC.P/OPER.SOB-REGIME DE CARGA OSC.CICLICA,TRATAM.CONTRA RAD.UVA E UVB,E REFORCO P/RESIT.A CARGA DE COMPRES.DIRET.NO COSTADO S/NEC.DE CONT.QDO SOTERRA.FORN","UN",4326]
["18.021.0100-0","RESERVATORIO METALICO,CONSTR.CHAPA ACO CARBONO ASTM A-36,C/CAPAC.P/50M3,P/AGUA POTAVEL,ESTILO TACA,COLUNA CHEIA,ACO USI-SAC 41 OU COR-400,INCL.ENCANAMENTO INT.ESCADAS(INT.E EXT.) ENTRADA E SAIDAS,SUPORTE CHAVE ELETRICA,DRENO AUTO LIMPANTE,GUARDA CORPO DE PROTECAO,CORRIMAO SUPERIOR,ESCAVACAO E BASE DE CONCRETO ARMADO C/FCK 25MPA,EXCL.FUNDACOES.FORN.E COLOC.","UN",97034.13,null,"18.021.0100-A","RESERVATORIO METALICO,CONSTR.CHAPA ACO CARBONO ASTM A-36,C/CAPAC.P/50M3,P/AGUA POTAVEL,ESTILO TACA,COLUNA CHEIA,ACO USI-SAC 41 OU COR-400,INCL.ENCANAMENTO INT.ESCADAS(INT.E EXT.) ENTRADA E SAIDAS,SUPORTE CHAVE ELETRICA,DRENO AUTO LIMPANTE,GUARDA CORPO DE PROTECAO,CORRIMAO SUPERIOR,ESCAVACAO E BASE DE CONCRETO ARMADO C/FCK 25MPA,EXCL.FUNDACOES.FORN.E COLOC.","UN",96043.27]
["18.023.0011-0","TANQUE PARA LAVAGEM DE PANELOES,MEDINDO (80X60X50)CM,DE CONCRETO REVESTIDO COM ARGAMASSA DE CIMENTO,SAIBRO E AREIA,NO TRACO 1:3:3,ACABAMENTO DAS BORDAS EM PECAS DE GRANITO E VALVULA DE ESCOAMENTO 1600 EM METAL CROMADO,CONFORME PROJETO N°6019/EMOP,EXCLUSIVE TORNEIRAS E INSTALACAO HIDRAULICA.FORNECIMENTO","UN",1740.02,null,"18.023.0011-A","TANQUE PARA LAVAGEM DE PANELOES,MEDINDO (80X60X50)CM,DE CONCRETO REVESTIDO COM ARGAMASSA DE CIMENTO,SAIBRO E AREIA,NO TRACO 1:3:3,ACABAMENTO DAS BORDAS EM PECAS DE GRANITO E VALVULA DE ESCOAMENTO 1600 EM METAL CROMADO,CONFORME PROJETO N°6019/EMOP,EXCLUSIVE TORNEIRAS E INSTALACAO HIDRAULICA.FORNECIMENTO","UN",1680.6]
["18.023.0013-0","BALCAO PARA PASSAGEM DE ALIMENTOS,EM CONCRETO APARENTE,GUARNICAO DE MADEIRA,CONFORME PROJETO Nº6020/EMOP,EXCLUSIVE PINTURA.FORNECIMENTO E COLOCACAO","M",331.35,null,"18.023.0013-A","BALCAO PARA PASSAGEM DE ALIMENTOS,EM CONCRETO APARENTE,GUARNICAO DE MADEIRA,CONFORME PROJETO Nº6020/EMOP,EXCLUSIVE PINTURA.FORNECIMENTO E COLOCACAO","M",323.33999999999997]
["18.024.0010-0","TANQUE DE ALVENARIA DE TIJOLO E CAIXA DE DECANTACAO,MEDINDORESPECTIVAMENTE 80X65X54CM E 50X45X40CM,REVESTIDO INTERNAMENTE COM ARGAMASSA DE CIMENTO E AREIA,NO TRACO 1:3 E EXTERNAMENTE COM AZULEJO BRANCO 15X15CM,VALVULA DE ESCOAMENTO 1600 EMMETAL CROMADO,CONFORME PROJETO Nº6024/EMOP,EXCLUSIVE TORNEIRA E INSTALACAO HIDRAULICA.FORNECIMENTO","UN",1538.63,null,"18.024.0010-A","TANQUE DE ALVENARIA DE TIJOLO E CAIXA DE DECANTACAO,MEDINDORESPECTIVAMENTE 80X65X54CM E 50X45X40CM,REVESTIDO INTERNAMENTE COM ARGAMASSA DE CIMENTO E AREIA,NO TRACO 1:3 E EXTERNAMENTE COM AZULEJO BRANCO 15X15CM,VALVULA DE ESCOAMENTO 1600 EMMETAL CROMADO,CONFORME PROJETO Nº6024/EMOP,EXCLUSIVE TORNEIRA E INSTALACAO HIDRAULICA.FORNECIMENTO","UN",1482.33]
["18.025.0050-0","CAMARA FRIGORIFICA P/CADAVERES,C/2 LUGARES,TEMPERATURA PROJETO 0 A 3ºC,UNIDADE CONDENSADORA EM TORNO 1.1/4 HP-220V,EVAPORACAO TIPO AR FORCADO,ISOLAMENTO EM POLIURETANO EXPANDIDO,CONSTRUCAO INTERNA E EXTERNA EM ACO INOXIDAVEL AISI 304 LIGA 18.8,TRILHOS TELESCOPICOS.O CUSTO INCLUI 1 MACA,P/CADA PORTA,EM ACO INOXIDAVEL C/CAPACIDADE ATE 200KG.FORN.E INSTALACAO","UN",75300,null,"18.025.0050-A","CAMARA FRIGORIFICA P/CADAVERES,C/2 LUGARES,TEMPERATURA PROJETO 0 A 3ºC,UNIDADE CONDENSADORA EM TORNO 1.1/4 HP-220V,EVAPORACAO TIPO AR FORCADO,ISOLAMENTO EM POLIURETANO EXPANDIDO,CONSTRUCAO INTERNA E EXTERNA EM ACO INOXIDAVEL AISI 304 LIGA 18.8,TRILHOS TELESCOPICOS.O CUSTO INCLUI 1 MACA,P/CADA PORTA,EM ACO INOXIDAVEL C/CAPACIDADE ATE 200KG.FORN.E INSTALACAO","UN",75300]
["18.025.0150-0","MESA DE AUTOPSIA OU NECROPSIA COM LAVATORIO E RECIPIENTE PARA COLETA DE MATERIAIS.FORNECIMENTO","UN",7447.26,null,"18.025.0150-A","MESA DE AUTOPSIA OU NECROPSIA COM LAVATORIO E RECIPIENTE PARA COLETA DE MATERIAIS.FORNECIMENTO","UN",7447.26]
["18.026.0009-0","APARELHO DE AR CONDICIONADO TIPO JANELA DE 27.000BTU/H,FRIO,MECANICO,220V.FORNECIMENTO","UN",5119,null,"18.026.0009-A","APARELHO DE AR CONDICIONADO TIPO JANELA DE 27.000BTU/H,FRIO,MECANICO,220V.FORNECIMENTO","UN",5119]
["18.027.0072-0","LANTERNA DE SEGURANCA,TIPO GIRATORIA,PARA CAMARA ESCURA,COMFILTRO VERMELHO,EM ESTRUTURA DE ACO PINTADO.FORNECIMENTO E COLOCACAO","UN",549.64,null,"18.027.0072-A","LANTERNA DE SEGURANCA,TIPO GIRATORIA,PARA CAMARA ESCURA,COMFILTRO VERMELHO,EM ESTRUTURA DE ACO PINTADO.FORNECIMENTO E COLOCACAO","UN",547.89]
["18.027.0082-0","BALIZADOR TIPO POSTE EM ALUMINIO PINTADO,PARA UMA LAMPADA LED DE 9W,INCLUSIVE ESTA.FORNECIMENTO E COLOCACAO","UN",85.87,null,"18.027.0082-A","BALIZADOR TIPO POSTE EM ALUMINIO PINTADO,PARA UMA LAMPADA LED DE 9W,INCLUSIVE ESTA.FORNECIMENTO E COLOCACAO","UN",84.12]
["18.027.0120-0","LUMINARIA A PROVA DE EXPLOSAO,PARA USO EM LOCAIS QUE TENHAMGASES OU VAPORES INFLAMAVEIS,CONSTRUIDA EM ALUMINIO FUNDIDO,COM GRADE DE PROTECAO ROSQUEADA AO CORPO,COM VIDRO RESISTENTE A CHOQUE TERMICO,PARA LAMPADA LED ATE 30W,MISTA OU VAPOR DE MERCURIO ATE 250W,PARA COLOCACAO EM TETO,EXCLUSIVE LAMPADA.FORNECIMENTO E COLOCACAO","UN",899.73,null,"18.027.0120-A","LUMINARIA A PROVA DE EXPLOSAO,PARA USO EM LOCAIS QUE TENHAMGASES OU VAPORES INFLAMAVEIS,CONSTRUIDA EM ALUMINIO FUNDIDO,COM GRADE DE PROTECAO ROSQUEADA AO CORPO,COM VIDRO RESISTENTE A CHOQUE TERMICO,PARA LAMPADA LED ATE 30W,MISTA OU VAPOR DE MERCURIO ATE 250W,PARA COLOCACAO EM TETO,EXCLUSIVE LAMPADA.FORNECIMENTO E COLOCACAO","UN",897.98]
["18.027.0125-0","LUMINARIA A PROVA DE EXPLOSAO,PARA USO EM LOCAIS QUE TENHAMGASES OU VAPORES INFLAMAVEIS,CONSTRUIDA EM ALUMINIO FUNDIDO,COM GRADE DE PROTECAO ROSQUEADA AO CORPO,COM VIDRO RESISTENTE A CHOQUE TERMICO,PARA LAMPADA LED ATE 30W,MISTA OU VAPOR DE MERCURIO ATE 250W,PARA COLOCACAO EM PAREDE,EXCLUSIVE LAMPADA.FORNECIMENTO E COLOCACAO","UN",1032.18,null,"18.027.0125-A","LUMINARIA A PROVA DE EXPLOSAO,PARA USO EM LOCAIS QUE TENHAMGASES OU VAPORES INFLAMAVEIS,CONSTRUIDA EM ALUMINIO FUNDIDO,COM GRADE DE PROTECAO ROSQUEADA AO CORPO,COM VIDRO RESISTENTE A CHOQUE TERMICO,PARA LAMPADA LED ATE 30W,MISTA OU VAPOR DE MERCURIO ATE 250W,PARA COLOCACAO EM PAREDE,EXCLUSIVE LAMPADA.FORNECIMENTO E COLOCACAO","UN",1030.43]
["18.027.0154-0","LUMINARIA DECORATIVA,PARA ILUMINACAO PUBLICA E ESTACIONAMENTOS,COM QUATRO PETALAS,PARA LAMPADA LED DE 50W,EQUIPADA COM CELULA FOTOELETRICA,INCLUSIVE LAMPADA.FORNECIMENTO E COLOCACAO","UN",721.52,null,"18.027.0154-A","LUMINARIA DECORATIVA,PARA ILUMINACAO PUBLICA E ESTACIONAMENTOS,COM QUATRO PETALAS,PARA LAMPADA LED DE 50W,EQUIPADA COM CELULA FOTOELETRICA,INCLUSIVE LAMPADA.FORNECIMENTO E COLOCACAO","UN",715.69]
["18.027.0304-0","LUMINARIA DE SOBREPOR,FIXADA EM LAJE OU FORRO,TIPO CALHA,CHANFRADA OU PRISMATICA,COMPLETA,EQUIPADA COM REATOR ELETRONICODE ALTO FATOR DE POTENCIA E LAMPADA FLUORESCENTE DE 1X36W.FORNECIMENTO E COLOCACAO","UN",138.18,null,"18.027.0304-A","LUMINARIA DE SOBREPOR,FIXADA EM LAJE OU FORRO,TIPO CALHA,CHANFRADA OU PRISMATICA,COMPLETA,EQUIPADA COM REATOR ELETRONICODE ALTO FATOR DE POTENCIA E LAMPADA FLUORESCENTE DE 1X36W.FORNECIMENTO E COLOCACAO","UN",134.15]
["18.027.0311-0","LUMINARIA DE SOBREPOR,FIXADA EM LAJE OU FORRO,TIPO CALHA,CHANFRADA OU PRISMATICA,COMPLETA,EQUIPADA COM REATOR ELETRONICODE ALTO FATOR DE POTENCIA E LAMPADA FLUORESCENTE DE 2X18W.FORNECIMENTO E COLOCACAO","UN",177.81,null,"18.027.0311-A","LUMINARIA DE SOBREPOR,FIXADA EM LAJE OU FORRO,TIPO CALHA,CHANFRADA OU PRISMATICA,COMPLETA,EQUIPADA COM REATOR ELETRONICODE ALTO FATOR DE POTENCIA E LAMPADA FLUORESCENTE DE 2X18W.FORNECIMENTO E COLOCACAO","UN",173.57]
["18.027.0315-0","LUMINARIA DE SOBREPOR,FIXADA EM LAJE OU FORRO,TIPO CALHA,CHANFRADA OU PRISMATICA,COMPLETA,EQUIPADA COM REATOR ELETRONICODE ALTO FATOR DE POTENCIA E LAMPADA FLUORESCENTE DE 2X40W.FORNECIMENTO E COLOCACAO","UN",164.92,null,"18.027.0315-A","LUMINARIA DE SOBREPOR,FIXADA EM LAJE OU FORRO,TIPO CALHA,CHANFRADA OU PRISMATICA,COMPLETA,EQUIPADA COM REATOR ELETRONICODE ALTO FATOR DE POTENCIA E LAMPADA FLUORESCENTE DE 2X40W.FORNECIMENTO E COLOCACAO","UN",160.68]
["18.027.0324-0","LUMINARIA DE SOBREPOR,FIXADA EM LAJE OU FORRO,TIPO CALHA,CHANFRADA OU PRISMATICA,COMPLETA,EQUIPADA COM REATOR ELETRONICODE ALTO FATOR DE POTENCIA E LAMPADA FLUORESCENTE DE 3X36W.FORNECIMENTO E COLOCACAO","UN",255.71,null,"18.027.0324-A","LUMINARIA DE SOBREPOR,FIXADA EM LAJE OU FORRO,TIPO CALHA,CHANFRADA OU PRISMATICA,COMPLETA,EQUIPADA COM REATOR ELETRONICODE ALTO FATOR DE POTENCIA E LAMPADA FLUORESCENTE DE 3X36W.FORNECIMENTO E COLOCACAO","UN",251.3]
["18.027.0333-0","LUMINARIA DE SOBREPOR,FIXADA EM LAJE OU FORRO,TIPO CALHA,CHANFRADA OU PRISMATICA,COMPLETA,EQUIPADA COM REATOR ELETRONICODE ALTO FATOR DE POTENCIA E LAMPADA FLUORESCENTE DE 4X32W.FORNECIMENTO E COLOCACAO","UN",317.45999999999998,null,"18.027.0333-A","LUMINARIA DE SOBREPOR,FIXADA EM LAJE OU FORRO,TIPO CALHA,CHANFRADA OU PRISMATICA,COMPLETA,EQUIPADA COM REATOR ELETRONICODE ALTO FATOR DE POTENCIA E LAMPADA FLUORESCENTE DE 4X32W.FORNECIMENTO E COLOCACAO","UN",312.83999999999997]
["18.027.0406-0","LUMINARIA FLUORESCENTE TUBULAR DE SOBREPOR,2X16W(INCLUSIVE LAMPADAS),COM VISOR ACRILICO TRANSLUCIDO,CORPO EM CHAPA DE ACO TRATADA E PINTURA ELETROSTATICA BRANCA,REFLETOR EM ALUMINIODE ALTO BRILHO,COM REATOR DE ALTO FATOR DE POTENCIA,BI-VOLT.FORNECIMENTO E COLOCACAO","UN",280.63,null,"18.027.0406-A","LUMINARIA FLUORESCENTE TUBULAR DE SOBREPOR,2X16W(INCLUSIVE LAMPADAS),COM VISOR ACRILICO TRANSLUCIDO,CORPO EM CHAPA DE ACO TRATADA E PINTURA ELETROSTATICA BRANCA,REFLETOR EM ALUMINIODE ALTO BRILHO,COM REATOR DE ALTO FATOR DE POTENCIA,BI-VOLT.FORNECIMENTO E COLOCACAO","UN",276.60000000000002]
["18.027.0408-0","LUMINARIA FLUORESCENTE TUBULAR DE SOBREPOR,2X32W(INCLUSIVE LAMPADAS),COM ALETAS,CORPO EM CHAPA DE ACO TRATADA E PINTURAELETROSTATICA BRANCA,REFLETOR EM ALUMINIO DE ALTO BRILHO,COMREATOR DE ALTO FATOR DE POTENCIA,BI-VOLT.FORNECIMENTO E COLOCACAO","UN",316.02,null,"18.027.0408-A","LUMINARIA FLUORESCENTE TUBULAR DE SOBREPOR,2X32W(INCLUSIVE LAMPADAS),COM ALETAS,CORPO EM CHAPA DE ACO TRATADA E PINTURAELETROSTATICA BRANCA,REFLETOR EM ALUMINIO DE ALTO BRILHO,COMREATOR DE ALTO FATOR DE POTENCIA,BI-VOLT.FORNECIMENTO E COLOCACAO","UN",311.99]
["18.027.0426-0","LUMINARIA FLUORESCENTE TUBULAR DE EMBUTIR,2X32W(INCLUSIVE LAMPADAS),COM VISOR ACRILICO TRANSLUCIDO,CORPO EM CHAPA DE ACOTRATADA E PINTURA ELETROSTATICA BRANCA,REFLETOR EM ALUMINIODE ALTO BRILHO,COM REATOR DE ALTO FATOR DE POTENCIA,BI-VOLT.FORNECIMENTO E COLOCACAO","UN",258.92,null,"18.027.0426-A","LUMINARIA FLUORESCENTE TUBULAR DE EMBUTIR,2X32W(INCLUSIVE LAMPADAS),COM VISOR ACRILICO TRANSLUCIDO,CORPO EM CHAPA DE ACOTRATADA E PINTURA ELETROSTATICA BRANCA,REFLETOR EM ALUMINIODE ALTO BRILHO,COM REATOR DE ALTO FATOR DE POTENCIA,BI-VOLT.FORNECIMENTO E COLOCACAO","UN",255.07]
["18.027.0445-0","ARANDELA EM ALUMINIO E VIDRO,COM BASE PARA FIXACAO,EXCLUSIVELAMPADA.FORNECIMENTO E COLOCACAO","UN",77.03,null,"18.027.0445-A","ARANDELA EM ALUMINIO E VIDRO,COM BASE PARA FIXACAO,EXCLUSIVELAMPADA.FORNECIMENTO E COLOCACAO","UN",75.28]
["18.027.0470-0","LUMINARIA DE SOBREPOR, FIXADA EM LAJE OU FORRO, TIPO CALHA,CHANFRADA OU PRISMATICA, COMPLETA, COM LAMPADA LED TUBULARDE 1 X 9W. FORNECIMENTO E COLOCACAO","UN",97.76,null,"18.027.0470-A","LUMINARIA DE SOBREPOR, FIXADA EM LAJE OU FORRO, TIPO CALHA,CHANFRADA OU PRISMATICA, COMPLETA, COM LAMPADA LED TUBULARDE 1 X 9W. FORNECIMENTO E COLOCACAO","UN",93.73]
["18.027.0472-0","LUMINARIA DE SOBREPOR, FIXADA EM LAJE OU FORRO, TIPO CALHA,CHANFRADA OU PRISMATICA, COMPLETA, COM LAMPADA LED TUBULARDE 1 X 18W. FORNECIMENTO E COLOCACAO","UN",103.4,null,"18.027.0472-A","LUMINARIA DE SOBREPOR, FIXADA EM LAJE OU FORRO, TIPO CALHA,CHANFRADA OU PRISMATICA, COMPLETA, COM LAMPADA LED TUBULARDE 1 X 18W. FORNECIMENTO E COLOCACAO","UN",99.37]
["18.027.0484-0","LUMINARIA DE SOBREPOR, FIXADA EM LAJE OU FORRO, TIPO CALHA,CHANFRADA OU PRISMATICA, COMPLETA, COM LAMPADA LED TUBULARDE 4 X 18W. FORNECIMENTO E COLOCACAO","UN",213.44,null,"18.027.0484-A","LUMINARIA DE SOBREPOR, FIXADA EM LAJE OU FORRO, TIPO CALHA,CHANFRADA OU PRISMATICA, COMPLETA, COM LAMPADA LED TUBULARDE 4 X 18W. FORNECIMENTO E COLOCACAO","UN",208.82]
["18.027.0494-0","LUMINARIA LED TUBULAR DE SOBREPOR, 2X18W (INCLUSIVE LAMPADAS),CORPO EM CHAPA DE ACO TRATADA E PINTURA ELETROSTATICA BRANCA, REFLETOR EM ALUMINIO DE ALTO BRILHO, COM ALETAS, SEM REATOR. FORNECIMENTO E COLOCACAO","UN",264.01,null,"18.027.0494-A","LUMINARIA LED TUBULAR DE SOBREPOR, 2X18W (INCLUSIVE LAMPADAS),CORPO EM CHAPA DE ACO TRATADA E PINTURA ELETROSTATICA BRANCA, REFLETOR EM ALUMINIO DE ALTO BRILHO, COM ALETAS, SEM REATOR. FORNECIMENTO E COLOCACAO","UN",259.98]
["18.027.0512-0","LUMINARIA LED TUBULAR DE EMBUTIR, 2X9W (INCLUSIVE LAMPADAS),CORPO EM CHAPA DE ACO TRATADA E PINTURA ELETROSTATICA BRANCA, REFLETOR EM ALUMINIO DE ALTO BRILHO, COM ALETAS, SEM REATOR. FORNECIMENTO E COLOCACAO","UN",197.33,null,"18.027.0512-A","LUMINARIA LED TUBULAR DE EMBUTIR, 2X9W (INCLUSIVE LAMPADAS),CORPO EM CHAPA DE ACO TRATADA E PINTURA ELETROSTATICA BRANCA, REFLETOR EM ALUMINIO DE ALTO BRILHO, COM ALETAS, SEM REATOR. FORNECIMENTO E COLOCACAO","UN",193.48]
["18.027.0520-0","LUMINARIA LED TUBULAR DE EMBUTIR,2X18W (INCLUSIVE LAMPADAS),CORPO EM CHAPA DE ACO TRATADA E PINTURA ELETROSTATICA BRANCA,REFLETOR EM ALUMINIO DE ALTO BRILHO,COM DIFUSOR ACRILICO,SEM REATOR.FORNECIMENTO E COLOCACAO","UN",206.91,null,"18.027.0520-A","LUMINARIA LED TUBULAR DE EMBUTIR,2X18W (INCLUSIVE LAMPADAS),CORPO EM CHAPA DE ACO TRATADA E PINTURA ELETROSTATICA BRANCA,REFLETOR EM ALUMINIO DE ALTO BRILHO,COM DIFUSOR ACRILICO,SEM REATOR.FORNECIMENTO E COLOCACAO","UN",203.06]
["18.028.0005-0","TRANSFORMADOR DE DISTRIBUICAO DE 45KVA,ABRIGADA,CLASSE 15KV,REFRIGERACAO A OLEO MINERAL,TENSAO PRIMARIA DE 13,8KV,TENSAOSECUNDARIA DE 220/127V-60HZ.FORNECIMENTO E COLOCACAO","UN",13464.38,null,"18.028.0005-A","TRANSFORMADOR DE DISTRIBUICAO DE 45KVA,ABRIGADA,CLASSE 15KV,REFRIGERACAO A OLEO MINERAL,TENSAO PRIMARIA DE 13,8KV,TENSAOSECUNDARIA DE 220/127V-60HZ.FORNECIMENTO E COLOCACAO","UN",13459.13]
["18.028.0030-0","TRANSFORMADOR DE DISTRIBUICAO DE 300KVA,ABRIGADA,CLASSE 15KV,REFRIGERACAO A OLEO MINERAL,TENSAO PRIMARIA DE 13,8KV,TENSAO SECUNDARIA DE 220/127V-60HZ.FORNECIMENTO E COLOCACAO","UN",39209.17,null,"18.028.0030-A","TRANSFORMADOR DE DISTRIBUICAO DE 300KVA,ABRIGADA,CLASSE 15KV,REFRIGERACAO A OLEO MINERAL,TENSAO PRIMARIA DE 13,8KV,TENSAO SECUNDARIA DE 220/127V-60HZ.FORNECIMENTO E COLOCACAO","UN",39195.160000000003]
["18.028.0065-0","TRANSFORMADOR DE DISTRIBUICAO DE 150KVA,TIPO PEDESTAL,CLASSE15KV,REFRIGERACAO A OLEO MINERAL OU SILICONE,LIQUIDO ISOLANTE,TENSAO PRIMARIA DE 13,8KV,TENSAO SECUNDARIA DE 220/127V-60HZ,NBI 95KV,GRAU DE PROTECAO IP 54.FORNECIMENTO E COLOCACAO","UN",63156.87,null,"18.028.0065-A","TRANSFORMADOR DE DISTRIBUICAO DE 150KVA,TIPO PEDESTAL,CLASSE15KV,REFRIGERACAO A OLEO MINERAL OU SILICONE,LIQUIDO ISOLANTE,TENSAO PRIMARIA DE 13,8KV,TENSAO SECUNDARIA DE 220/127V-60HZ,NBI 95KV,GRAU DE PROTECAO IP 54.FORNECIMENTO E COLOCACAO","UN",63146.37]
["18.028.0068-0","TRANSFORMADOR DE DISTRIBUICAO DE 300KVA,TIPO PEDESTAL,CLASSE15KV,REFRIGERACAO A OLEO MINERAL OU SILICONE,LIQUIDO ISOLANTE,TENSAO PRIMARIA DE 13,8KV,TENSAO SECUNDARIA DE 220/127V-60HZ,NBI 95KV,GRAU DE PROTECAO IP 54.FORNECIMENTO E COLOCACAO","UN",87209.17,null,"18.028.0068-A","TRANSFORMADOR DE DISTRIBUICAO DE 300KVA,TIPO PEDESTAL,CLASSE15KV,REFRIGERACAO A OLEO MINERAL OU SILICONE,LIQUIDO ISOLANTE,TENSAO PRIMARIA DE 13,8KV,TENSAO SECUNDARIA DE 220/127V-60HZ,NBI 95KV,GRAU DE PROTECAO IP 54.FORNECIMENTO E COLOCACAO","UN",87195.16]
["18.028.0130-0","TRANSFORMADOR DE DISTRIBUICAO DE 112,5KVA,ABRIGADA,CLASSE 15KV,A SECO,TENSAO PRIMARIA DE 13,8KV,TENSAO SECUNDARIA DE 220/127V-60HZ.FORNECIMENTO E COLOCACAO","UN",42130.73,null,"18.028.0130-A","TRANSFORMADOR DE DISTRIBUICAO DE 112,5KVA,ABRIGADA,CLASSE 15KV,A SECO,TENSAO PRIMARIA DE 13,8KV,TENSAO SECUNDARIA DE 220/127V-60HZ.FORNECIMENTO E COLOCACAO","UN",42121.97]
["18.028.0170-0","TRANSFORMADOR DE DISTRIBUICAO DE 500KVA,ABRIGADA,CLASSE 15KV,A SECO,TENSAO PRIMARIA DE 13,8KV,TENSAO SECUNDARIA DE 220/127V-60HZ.FORNECIMENTO E COLOCACAO","UN",86235.31,null,"18.028.0170-A","TRANSFORMADOR DE DISTRIBUICAO DE 500KVA,ABRIGADA,CLASSE 15KV,A SECO,TENSAO PRIMARIA DE 13,8KV,TENSAO SECUNDARIA DE 220/127V-60HZ.FORNECIMENTO E COLOCACAO","UN",86219.55]
["18.028.0302-0","GRUPO GERADOR ABERTO,PARA ENERGIA DE EMERGENCIA,TRIFASICO,380/220V FREQUENCIA 50/60HZ,COM REGULADOR DE TENSAO E FREQUENCIA AUTOMATICA,QUADRO DE COMANDO AUTOMATICO E TANQUE DE COMBUTIVEL DE APROXIMADAMENTE 184 LITROS COM AUTONOMIA APROXIMADADE 14H,NA POTENCIA DE 75/60KVA (INTERMITENTE/CONTINUA).FORNECIMENTO","UN",106100,null,"18.028.0302-A","GRUPO GERADOR ABERTO,PARA ENERGIA DE EMERGENCIA,TRIFASICO,380/220V FREQUENCIA 50/60HZ,COM REGULADOR DE TENSAO E FREQUENCIA AUTOMATICA,QUADRO DE COMANDO AUTOMATICO E TANQUE DE COMBUTIVEL DE APROXIMADAMENTE 184 LITROS COM AUTONOMIA APROXIMADADE 14H,NA POTENCIA DE 75/60KVA (INTERMITENTE/CONTINUA).FORNECIMENTO","UN",106100]
["18.028.0308-0","GRUPO GERADOR ABERTO,PARA ENERGIA DE EMERGENCIA,TRIFASICO,380/220V FREQUENCIA 50/60HZ,COM REGULADOR DE TENSAO E FREQUENCIA AUTOMATICA,QUADRO DE COMANDO MANUAL E TANQUE DE COMBUSTIVEL DE APROXIMADAMENTE 168 LITROS COM AUTONOMIA APROXIMADA DE11H,NA POTENCIA DE 81/65KVA (INTERMITENTE/CONTINUA).FORNECIMENTO","UN",105772.85,null,"18.028.0308-A","GRUPO GERADOR ABERTO,PARA ENERGIA DE EMERGENCIA,TRIFASICO,380/220V FREQUENCIA 50/60HZ,COM REGULADOR DE TENSAO E FREQUENCIA AUTOMATICA,QUADRO DE COMANDO MANUAL E TANQUE DE COMBUSTIVEL DE APROXIMADAMENTE 168 LITROS COM AUTONOMIA APROXIMADA DE11H,NA POTENCIA DE 81/65KVA (INTERMITENTE/CONTINUA).FORNECIMENTO","UN",105772.85]
["18.028.0311-0","GRUPO GERADOR ABERTO,PARA ENERGIA DE EMERGENCIA,TRIFASICO,220/127V FREQUENCIA 50/60HZ,COM REGULADOR DE TENSAO E FREQUENCIA AUTOMATICA,QUADRO DE COMANDO MANUAL E TANQUE DE COMBUSTIVEL DE APROXIMADAMENTE 206 LITROS COM AUTONOMIA APROXIMADA DE10H,NA POTENCIA DE 115/92KVA (INTERMITENTE/CONTINUA).FORNECIMENTO","UN",112000,null,"18.028.0311-A","GRUPO GERADOR ABERTO,PARA ENERGIA DE EMERGENCIA,TRIFASICO,220/127V FREQUENCIA 50/60HZ,COM REGULADOR DE TENSAO E FREQUENCIA AUTOMATICA,QUADRO DE COMANDO MANUAL E TANQUE DE COMBUSTIVEL DE APROXIMADAMENTE 206 LITROS COM AUTONOMIA APROXIMADA DE10H,NA POTENCIA DE 115/92KVA (INTERMITENTE/CONTINUA).FORNECIMENTO","UN",112000]
["18.028.0317-0","GRUPO GERADOR ABERTO,PARA ENERGIA DE EMERGENCIA,TRIFASICO,380/220V FREQUENCIA 50/60HZ,COM REGULADOR DE TENSAO E FREQUENCIA AUTOMATICA,QUADRO DE COMANDO AUTOMATICO E TANQUE DE COMBUSTIVEL DE APROXIMADAMENTE 307 LITROS COM AUTONOMIA APROXIMADA DE 9H,NA POTENCIA DE 180/144KVA (INTERMITENTE/CONTINUA).FORNECIMENTO","UN",222575.67,null,"18.028.0317-A","GRUPO GERADOR ABERTO,PARA ENERGIA DE EMERGENCIA,TRIFASICO,380/220V FREQUENCIA 50/60HZ,COM REGULADOR DE TENSAO E FREQUENCIA AUTOMATICA,QUADRO DE COMANDO AUTOMATICO E TANQUE DE COMBUSTIVEL DE APROXIMADAMENTE 307 LITROS COM AUTONOMIA APROXIMADA DE 9H,NA POTENCIA DE 180/144KVA (INTERMITENTE/CONTINUA).FORNECIMENTO","UN",222575.67]
["18.028.0323-0","GRUPO GERADOR ABERTO,PARA ENERGIA DE EMERGENCIA,TRIFASICO,380/220V FREQUENCIA 50/60HZ,COM REGULADOR DE TENSAO E FREQUENCIA AUTOMATICA,QUADRO DE COMANDO MANUAL E TANQUE DE COMBUSTIVEL DE APROXIMADAMENTE 310 LITROS COM AUTONOMIA APROXIMADA DE7H,NA POTENCIA DE 260/208KVA (INTERMITENTE/CONTINUA).FORNECIMENTO","UN",317400,null,"18.028.0323-A","GRUPO GERADOR ABERTO,PARA ENERGIA DE EMERGENCIA,TRIFASICO,380/220V FREQUENCIA 50/60HZ,COM REGULADOR DE TENSAO E FREQUENCIA AUTOMATICA,QUADRO DE COMANDO MANUAL E TANQUE DE COMBUSTIVEL DE APROXIMADAMENTE 310 LITROS COM AUTONOMIA APROXIMADA DE7H,NA POTENCIA DE 260/208KVA (INTERMITENTE/CONTINUA).FORNECIMENTO","UN",317400]
["18.028.0326-0","GRUPO GERADOR ABERTO,PARA ENERGIA DE EMERGENCIA,TRIFASICO,220/127V FREQUENCIA 50/60HZ,COM REGULADOR DE TENSAO E FREQUENCIA AUTOMATICA,QUADRO DE COMANDO MANUAL E TANQUE DE COMBUSTIVEL DE APROXIMADAMENTE 443 LITROS COM AUTONOMIA APROXIMADA DE7H,NA POTENCIA DE 360/288KVA (INTERMITENTE/CONTINUA).FORNECIMENTO","UN",311982.84000000003,null,"18.028.0326-A","GRUPO GERADOR ABERTO,PARA ENERGIA DE EMERGENCIA,TRIFASICO,220/127V FREQUENCIA 50/60HZ,COM REGULADOR DE TENSAO E FREQUENCIA AUTOMATICA,QUADRO DE COMANDO MANUAL E TANQUE DE COMBUSTIVEL DE APROXIMADAMENTE 443 LITROS COM AUTONOMIA APROXIMADA DE7H,NA POTENCIA DE 360/288KVA (INTERMITENTE/CONTINUA).FORNECIMENTO","UN",311982.84000000003]
["18.028.0332-0","GRUPO GERADOR ABERTO PARA ENERGIA DE EMERGENCIA,TRIFASICO,380/220V FREQUENCIA 50/60HZ,COM REGULADOR DE TENSAO E FREQUENCIA AUTOMATICA,QUADRO DE COMANDO AUTOMATICO E TANQUE DE COMBUSTIVEL DE APROXIMADAMENTE 463 LITROS COM AUTONOMIA APROXIMADA DE 6H,NA POTENCIA DE 460/370KVA (INTERMITENTE/CONTINUA).FORNECIMENTO","UN",411382,null,"18.028.0332-A","GRUPO GERADOR ABERTO PARA ENERGIA DE EMERGENCIA,TRIFASICO,380/220V FREQUENCIA 50/60HZ,COM REGULADOR DE TENSAO E FREQUENCIA AUTOMATICA,QUADRO DE COMANDO AUTOMATICO E TANQUE DE COMBUSTIVEL DE APROXIMADAMENTE 463 LITROS COM AUTONOMIA APROXIMADA DE 6H,NA POTENCIA DE 460/370KVA (INTERMITENTE/CONTINUA).FORNECIMENTO","UN",411382]
["18.028.0338-0","GRUPO GERADOR ABERTO,PARA ENERGIA DE EMERGENCIA,TRIFASICO,380/220V FREQUENCIA 50/60HZ,COM REGULADOR DE TENSAO E FREQUENCIA AUTOMATICA,QUADRO DE COMANDO MANUAL E TANQUE DE COMBUSTIVEL DE APROXIMADAMENTE 568 LITROS COM AUTONOMIA APROXIMADA DE5H,NA POTENCIA DE 650/520KVA (INTERMITENTE/CONTINUA).FORNECIMENTO","UN",554656.54,null,"18.028.0338-A","GRUPO GERADOR ABERTO,PARA ENERGIA DE EMERGENCIA,TRIFASICO,380/220V FREQUENCIA 50/60HZ,COM REGULADOR DE TENSAO E FREQUENCIA AUTOMATICA,QUADRO DE COMANDO MANUAL E TANQUE DE COMBUSTIVEL DE APROXIMADAMENTE 568 LITROS COM AUTONOMIA APROXIMADA DE5H,NA POTENCIA DE 650/520KVA (INTERMITENTE/CONTINUA).FORNECIMENTO","UN",554656.54]
["18.028.0343-0","GRUPO GERADOR ABERTO,PARA ENERGIA DE EMERGENCIA,TRIFASICO,380/220V FREQUENCIA 50/60HZ,COM REGULADOR DE TENSAO E FREQUENCIA AUTOMATICA,QUADRO DE COMANDO MANUAL E TANQUE DE COMBUSTIVEL DE APROXIMADAMENTE 500 LITROS COM AUTONOMIA APROXIMADA DE4H,NA POTENCIA DE 700/560KVA (INTERMITENTE/CONTINUA).FORNECIMENTO","UN",619646.6,null,"18.028.0343-A","GRUPO GERADOR ABERTO,PARA ENERGIA DE EMERGENCIA,TRIFASICO,380/220V FREQUENCIA 50/60HZ,COM REGULADOR DE TENSAO E FREQUENCIA AUTOMATICA,QUADRO DE COMANDO MANUAL E TANQUE DE COMBUSTIVEL DE APROXIMADAMENTE 500 LITROS COM AUTONOMIA APROXIMADA DE4H,NA POTENCIA DE 700/560KVA (INTERMITENTE/CONTINUA).FORNECIMENTO","UN",619646.6]
["18.028.0347-0","GRUPO GERADOR ABERTO,PARA ENERGIA DE EMERGENCIA,TRIFASICO,380/220V FREQUENCIA 50/60HZ,COM REGULADOR DE TENSAO E FREQUENCIA AUTOMATICA,QUADRO DE COMANDO AUTOMATICO E TANQUE DE COMBUSTIVEL DE APROXIMADAMENTE 500 LITROS COM AUTONOMIA APROXIMADA DE 3H,NA POTENCIA DE 1000/800KVA (INTERMITENTE/CONTINUA).FORNECIMENTO","UN",846500.62,null,"18.028.0347-A","GRUPO GERADOR ABERTO,PARA ENERGIA DE EMERGENCIA,TRIFASICO,380/220V FREQUENCIA 50/60HZ,COM REGULADOR DE TENSAO E FREQUENCIA AUTOMATICA,QUADRO DE COMANDO AUTOMATICO E TANQUE DE COMBUSTIVEL DE APROXIMADAMENTE 500 LITROS COM AUTONOMIA APROXIMADA DE 3H,NA POTENCIA DE 1000/800KVA (INTERMITENTE/CONTINUA).FORNECIMENTO","UN",846500.62]
["18.029.0015-0","BOMBA HIDRAULICA CENTRIFUGA,COM MOTOR ELETRICO,POTENCIA DE 1CV,EXCLUSIVE ACESSORIOS.FORNECIMENTO E COLOCACAO","UN",1298.9100000000001,null,"18.029.0015-A","BOMBA HIDRAULICA CENTRIFUGA,COM MOTOR ELETRICO,POTENCIA DE 1CV,EXCLUSIVE ACESSORIOS.FORNECIMENTO E COLOCACAO","UN",1271.26]
["18.029.0040-0","BOMBA HIDRAULICA CENTRIFUGA,COM MOTOR ELETRICO,POTENCIA DE 10CV,EXCLUSIVE ACESSORIOS.FORNECIMENTO E COLOCACAO","UN",7746.63,null,"18.029.0040-A","BOMBA HIDRAULICA CENTRIFUGA,COM MOTOR ELETRICO,POTENCIA DE 10CV,EXCLUSIVE ACESSORIOS.FORNECIMENTO E COLOCACAO","UN",7703.12]
["18.029.0086-0","BOMBA CENTRIFUGA SUBMERSA,PARA AGUAS SERVIDAS,DE 4CV,220/380V.FORNECIMENTO E COLOCACAO","UN",5984.94,null,"18.029.0086-A","BOMBA CENTRIFUGA SUBMERSA,PARA AGUAS SERVIDAS,DE 4CV,220/380V.FORNECIMENTO E COLOCACAO","UN",5960.88]
["18.029.0105-0","BOMBA CENTRIFUGA SUBMERSA(ROBUSTA)PARA AGUAS FECAIS(ESGOTOSDOMESTICOS)DE 0,5CV,110/220V.FORNECIMENTO E COLOCACAO","UN",4336.57,null,"18.029.0105-A","BOMBA CENTRIFUGA SUBMERSA(ROBUSTA)PARA AGUAS FECAIS(ESGOTOSDOMESTICOS)DE 0,5CV,110/220V.FORNECIMENTO E COLOCACAO","UN",4319.0600000000004]
["18.030.0003-0","CONDICIONADOR DE AR TIPO SPLIT 18000 BTU/H COMPREENDENDO 1 CONDENSADOR E 1 EVAPORADOR(VIDE INSTALACAO,ASSENTAMENTO E INTERLIGACOES FAMILIA 15.005).FORNECIMENTO","UN",2779.97,null,"18.030.0003-A","CONDICIONADOR DE AR TIPO SPLIT 18000 BTU/H COMPREENDENDO 1 CONDENSADOR E 1 EVAPORADOR(VIDE INSTALACAO,ASSENTAMENTO E INTERLIGACOES FAMILIA 15.005).FORNECIMENTO","UN",2779.97]
["18.030.0006-0","CONDICIONADOR DE AR TIPO SPLIT 24000 BTU/H COMPREENDENDO 1 CONDENSADOR E 2 EVAPORADORES(VIDE INSTALACAO,ASSENTAMENTO E INTERLIGACOES FAMILIA 15.005).FORNECIMENTO","UN",10945,null,"18.030.0006-A","CONDICIONADOR DE AR TIPO SPLIT 24000 BTU/H COMPREENDENDO 1 CONDENSADOR E 2 EVAPORADORES(VIDE INSTALACAO,ASSENTAMENTO E INTERLIGACOES FAMILIA 15.005).FORNECIMENTO","UN",10945]
["18.030.0020-0","UNIDADE CONDENSADORA VRF,8HP,QUENTE/FRIO,220/380V (VIDE ASSENTAMENTO E INTERLIGACOES FAMILIA 15.005).FORNECIMENTO","UN",37206.980000000003,null,"18.030.0020-A","UNIDADE CONDENSADORA VRF,8HP,QUENTE/FRIO,220/380V (VIDE ASSENTAMENTO E INTERLIGACOES FAMILIA 15.005).FORNECIMENTO","UN",37206.980000000003]
["18.030.0021-0","UNIDADE CONDENSADORA VRF,10HP,QUENTE/FRIO,220/380V (VIDE ASSENTAMENTO E INTERLIGACOES FAMILIA 15.005).FORNECIMENTO","UN",38702.15,null,"18.030.0021-A","UNIDADE CONDENSADORA VRF,10HP,QUENTE/FRIO,220/380V (VIDE ASSENTAMENTO E INTERLIGACOES FAMILIA 15.005).FORNECIMENTO","UN",38702.15]
["18.030.0027-0","UNIDADE CONDENSADORA VRF,22 HP,QUENTE/FRIO,220/380V (VIDE ASSENTAMENTO E INTERLIGACOES FAMILIA 15.005).FORNECIMENTO","UN",59864.28,null,"18.030.0027-A","UNIDADE CONDENSADORA VRF,22 HP,QUENTE/FRIO,220/380V (VIDE ASSENTAMENTO E INTERLIGACOES FAMILIA 15.005).FORNECIMENTO","UN",59864.28]
["18.030.0041-0","UNIDADE EVAPORADORA VRF,TIPO HI-WALL,24000 BTU/H,220/380V (VIDE ASSENTAMENTO E INTERLIGACOES FAMILIA 15.005).FORNECIMENTO","UN",4418.75,null,"18.030.0041-A","UNIDADE EVAPORADORA VRF,TIPO HI-WALL,24000 BTU/H,220/380V (VIDE ASSENTAMENTO E INTERLIGACOES FAMILIA 15.005).FORNECIMENTO","UN",4418.75]
["18.030.0046-0","UNIDADE EVAPORADORA VRF,TIPO PISO,TETO OU PISO-TETO,24000 BTU/H,220/380V (VIDE ASSENTAMENTO E INTERLIGACOES FAMILIA 15.005),EXCLUSIVE CONTROLE REMOTO (VIDE ITEM 18.030.0070).FORNECIMENTO","UN",4070.74,null,"18.030.0046-A","UNIDADE EVAPORADORA VRF,TIPO PISO,TETO OU PISO-TETO,24000 BTU/H,220/380V (VIDE ASSENTAMENTO E INTERLIGACOES FAMILIA 15.005),EXCLUSIVE CONTROLE REMOTO (VIDE ITEM 18.030.0070).FORNECIMENTO","UN",4070.74]
["18.030.0100-0","CORTINA DE AR COM DUAS VELOCIDADES,PARA VAO DE 1,50M.FORNECIMENTO E COLOCACAO","UN",747.77,null,"18.030.0100-A","CORTINA DE AR COM DUAS VELOCIDADES,PARA VAO DE 1,50M.FORNECIMENTO E COLOCACAO","UN",746.83]
["18.030.0250-0","EQUIPAMENTO FAN-COIL,PARA TRATAMENTO DE AR,EM CONCEITO MODULAR,COM CAPACIDADE DE 6TR.FORNECIMENTO E COLOCACAO","UN",19923.560000000001,null,"18.030.0250-A","EQUIPAMENTO FAN-COIL,PARA TRATAMENTO DE AR,EM CONCEITO MODULAR,COM CAPACIDADE DE 6TR.FORNECIMENTO E COLOCACAO","UN",19675.330000000002]
["18.031.0016-0","FREEZER HORIZONTAL,EM CHAPA DE ACO PINTADO,COM 2 TAMPAS,CAPACIDADE APROXIMADA DE 400L.FORNECIMENTO","UN",3294.86,null,"18.031.0016-A","FREEZER HORIZONTAL,EM CHAPA DE ACO PINTADO,COM 2 TAMPAS,CAPACIDADE APROXIMADA DE 400L.FORNECIMENTO","UN",3294.86]
["18.032.0015-0","EXTINTOR DE INCENDIO PORTATIL,COM CARGA DE DIOXIDO DE CARBONO (CO2),CLASSE BC,DE 6KG,INCLUSIVE SUPORTE DE PAREDE,CONFORME ABNT NBR 12693.FORNECIMENTO E COLOCACAO","UN",666.81,null,"18.032.0015-A","EXTINTOR DE INCENDIO PORTATIL,COM CARGA DE DIOXIDO DE CARBONO (CO2),CLASSE BC,DE 6KG,INCLUSIVE SUPORTE DE PAREDE,CONFORME ABNT NBR 12693.FORNECIMENTO E COLOCACAO","UN",665.06]
["18.032.0020-0","EXTINTOR DE INCENDIO PORTATIL,COM CARGA DE DIOXIDO DE CARBONO (CO2),CLASSE BC,DE 4KG,INCLUSIVE SUPORTE DE PAREDE,CONFORME ABNT NBR 12693.FORNECIMENTO E COLOCACAO","UN",566.4,null,"18.032.0020-A","EXTINTOR DE INCENDIO PORTATIL,COM CARGA DE DIOXIDO DE CARBONO (CO2),CLASSE BC,DE 4KG,INCLUSIVE SUPORTE DE PAREDE,CONFORME ABNT NBR 12693.FORNECIMENTO E COLOCACAO","UN",564.65]
["18.033.0018-0","SISTEMA DE PRESSURIZACAO,COM 02 BOMBAS CENTRIFUGAS DE 5CV/220V,INCLUSIVE TUBULACOES DE SUCCAO,RECALQUE E DISTRIBUICAO COM CONEXOES,PRESSOSTATO,MANOMETRO,TANQUE DE PRESSAO,QUADRO DECOMANDO,EXCLUSIVE CASA DE MAQUINAS (VIDE ITEM 18.024.0050).FORNECIMENTO E INSTALACAO","UN",17020.05,null,"18.033.0018-A","SISTEMA DE PRESSURIZACAO,COM 02 BOMBAS CENTRIFUGAS DE 5CV/220V,INCLUSIVE TUBULACOES DE SUCCAO,RECALQUE E DISTRIBUICAO COM CONEXOES,PRESSOSTATO,MANOMETRO,TANQUE DE PRESSAO,QUADRO DECOMANDO,EXCLUSIVE CASA DE MAQUINAS (VIDE ITEM 18.024.0050).FORNECIMENTO E INSTALACAO","UN",16919.580000000002]
["18.034.0010-0","EXAUSTOR TUBO AXIAL,ACIONAMENTO DIRETO,DIAMETRO DE 300MM,HELICE DE 6 PALETAS,FABRICADA EM CHAPA DE ACO CARBONO.FORNECIMENTO E COLOCACAO","UN",1185.29,null,"18.034.0010-A","EXAUSTOR TUBO AXIAL,ACIONAMENTO DIRETO,DIAMETRO DE 300MM,HELICE DE 6 PALETAS,FABRICADA EM CHAPA DE ACO CARBONO.FORNECIMENTO E COLOCACAO","UN",1181.79]
["18.034.0035-0","EXAUSTOR TUBO AXIAL,ACIONAMENTO DIRETO,DIAMETRO DE 1000MM,HELICE DE 6 PALETAS,FABRICADA EM CHAPA DE ACO CARBONO.FORNECIMENTO E COLOCACAO","UN",14828.03,null,"18.034.0035-A","EXAUSTOR TUBO AXIAL,ACIONAMENTO DIRETO,DIAMETRO DE 1000MM,HELICE DE 6 PALETAS,FABRICADA EM CHAPA DE ACO CARBONO.FORNECIMENTO E COLOCACAO","UN",14822.78]
["18.034.0050-0","MICRO EXAUSTOR,INCLUSIVE VENEZIANAS,ADAPTADOR E TUBO FLEXIVEL,PARA AMBIENTES ATE 7M3.FORNECIMENTO E COLOCACAO","UN",402.49,null,"18.034.0050-A","MICRO EXAUSTOR,INCLUSIVE VENEZIANAS,ADAPTADOR E TUBO FLEXIVEL,PARA AMBIENTES ATE 7M3.FORNECIMENTO E COLOCACAO","UN",398.99]
["18.034.0080-0","EXAUSTOR CENTRIFUGO DE SIMPLES ASPIRACAO,ROTOR \"SIROCCO\" DE3000M3/H, 1/2CV/IV POLOS/3F/220V/60HZ,PRESSAO ESTATICA DE 20MMCA,COM DIAMETRO DE 35CM.FORNECIMENTO E COLOCACAO","UN",4625.49,null,"18.034.0080-A","EXAUSTOR CENTRIFUGO DE SIMPLES ASPIRACAO,ROTOR \"SIROCCO\" DE3000M3/H, 1/2CV/IV POLOS/3F/220V/60HZ,PRESSAO ESTATICA DE 20MMCA,COM DIAMETRO DE 35CM.FORNECIMENTO E COLOCACAO","UN",4621.99]
["18.034.0160-0","FILTRO DE CARVAO ATIVADO,PARA SISTEMA DE EXAUSTAO,NAS DIMENSOES 60X60CM,ATE 2000M3/H.FORNECIMENTO","UN",973.35,null,"18.034.0160-A","FILTRO DE CARVAO ATIVADO,PARA SISTEMA DE EXAUSTAO,NAS DIMENSOES 60X60CM,ATE 2000M3/H.FORNECIMENTO","UN",973.35]
["18.034.0208-0","DAMPER CORTA FOGO MEDINDO (250X250)MM,ACIONAMENTO AUTOMATICO,PELA ACAO DE ELEMENTO FUSIVEL,MODELO DCF COM FUSIVEL DE DISPARO (COM ATESTADO UL) COM ROMPIMENTO EM 72°C OU 141°C,COM CHAVE FIM DE CURSO.FORNECIMENTO E COLOCACAO","UN",711.83,null,"18.034.0208-A","DAMPER CORTA FOGO MEDINDO (250X250)MM,ACIONAMENTO AUTOMATICO,PELA ACAO DE ELEMENTO FUSIVEL,MODELO DCF COM FUSIVEL DE DISPARO (COM ATESTADO UL) COM ROMPIMENTO EM 72°C OU 141°C,COM CHAVE FIM DE CURSO.FORNECIMENTO E COLOCACAO","UN",707.63]
["18.034.0216-0","DAMPER CORTA FOGO MEDINDO (400X200)MM,ACIONAMENTO AUTOMATICO,PELA ACAO DE ELEMENTO FUSIVEL,MODELO DCF COM FUSIVEL DE DISPARO (COM ATESTADO UL) COM ROMPIMENTO EM 72°C OU 141°C,COM CHAVE FIM DE CURSO.FORNECIMENTO E COLOCACAO","UN",846.03,null,"18.034.0216-A","DAMPER CORTA FOGO MEDINDO (400X200)MM,ACIONAMENTO AUTOMATICO,PELA ACAO DE ELEMENTO FUSIVEL,MODELO DCF COM FUSIVEL DE DISPARO (COM ATESTADO UL) COM ROMPIMENTO EM 72°C OU 141°C,COM CHAVE FIM DE CURSO.FORNECIMENTO E COLOCACAO","UN",841.83]
["18.034.0234-0","DAMPER DE REGULAGEM MANUAL,COM LAMINAS OPOSTAS,MEDINDO EM TORNO DE (650X300)MM.FORNECIMENTO E COLOCACAO","UN",312,null,"18.034.0234-A","DAMPER DE REGULAGEM MANUAL,COM LAMINAS OPOSTAS,MEDINDO EM TORNO DE (650X300)MM.FORNECIMENTO E COLOCACAO","UN",310.79000000000002]
["18.034.0264-0","CAIXA DE VENTILACAO COM VENTILADOR CENTRIFUGO,VAZAO EM TORNODE 4600M3/H,PRESSAO APROXIMADA DE 30MMCA.FORNECIMENTO E COLOCACAO","UN",6024.07,null,"18.034.0264-A","CAIXA DE VENTILACAO COM VENTILADOR CENTRIFUGO,VAZAO EM TORNODE 4600M3/H,PRESSAO APROXIMADA DE 30MMCA.FORNECIMENTO E COLOCACAO","UN",6003.06]
["18.037.0110-0","MESA CONTROLADORA PARA CAMERAS PTZ(CONTROL KEYBOARD).FORNECIMENTO","UN",2656.37,null,"18.037.0110-A","MESA CONTROLADORA PARA CAMERAS PTZ(CONTROL KEYBOARD).FORNECIMENTO","UN",2656.37]
["18.037.0130-0","MONITOR LCD 19\",WIDESCREEN.FORNECIMENTO","UN",276.25,null,"18.037.0130-A","MONITOR LCD 19\",WIDESCREEN.FORNECIMENTO","UN",276.25]
["18.037.0180-0","CAMERA PROFISSIONAL(\"DAY-NIGHT\"),EQUIPADA COM LENTE VARIFOCAL.FORNECIMENTO","UN",297.95,null,"18.037.0180-A","CAMERA PROFISSIONAL(\"DAY-NIGHT\"),EQUIPADA COM LENTE VARIFOCAL.FORNECIMENTO","UN",297.95]
["18.038.0045-0","ACIONADOR TIPO \"QUEBRE VIDRO\",INCLUSIVE SENSOR DE ALARME E CHAVE EXTERNA PARA TESTE.FORNECIMENTO E COLOCACAO","UN",84.75,null,"18.038.0045-A","ACIONADOR TIPO \"QUEBRE VIDRO\",INCLUSIVE SENSOR DE ALARME E CHAVE EXTERNA PARA TESTE.FORNECIMENTO E COLOCACAO","UN",83]
["18.040.0015-0","ELEVADOR HIDRAULICO,CAPAC.6 PASSAG.(450KG),VELOC.APROX.36M/MIN,2 PARADAS,PERCURSO TOT.APROX.6,0M,ULTIMA ALT.APROX.3.5M,PORTAS C/ABERTURA CENTRAL E ACAB.ACO ESCOV.,CAIXA DIM.APROX.(1,6X1,6)M,ALT.MEDIA POCO 1,35M.CABINA REVEST.ACO ESCOV.,PISOREBAIX.E CORRIMAO FUNDO E LATERAIS.DE ACORDO COM NORMAS NBR9050:15,NM313:2007 E NM267:2001.FORN.MONT.E INSTALACAO","UN",148000,null,"18.040.0015-A","ELEVADOR HIDRAULICO,CAPAC.6 PASSAG.(450KG),VELOC.APROX.36M/MIN,2 PARADAS,PERCURSO TOT.APROX.6,0M,ULTIMA ALT.APROX.3.5M,PORTAS C/ABERTURA CENTRAL E ACAB.ACO ESCOV.,CAIXA DIM.APROX.(1,6X1,6)M,ALT.MEDIA POCO 1,35M.CABINA REVEST.ACO ESCOV.,PISOREBAIX.E CORRIMAO FUNDO E LATERAIS.DE ACORDO COM NORMAS NBR9050:15,NM313:2007 E NM267:2001.FORN.MONT.E INSTALACAO","UN",148000]
["18.040.0020-0","ELEVADOR HIDRAULICO,CAPAC.8 PASSAG.(600KG),VELOC.APROX.36M/MIN,4 PARADAS,PERCURSO TOT.APROX.12,0M,ULTIMA ALT.APROX.3,5M,PORTAS C/ABERTURA CENTRAL E ACAB.ACO ESCOV.,CAIXA DIM.APROX.(1,8X1,8)M,ALT.MEDIA POCO 1,35M,CABINA REVEST.ACO ESCOV.,PISO REBAIX.E CORRIMAO FUNDO E LATERAIS.DE ACORDO COM NORMAS NBR9050:15,NM313:2007 E NM267:2001.FORN.,MONT.E INSTAL.","UN",185000,null,"18.040.0020-A","ELEVADOR HIDRAULICO,CAPAC.8 PASSAG.(600KG),VELOC.APROX.36M/MIN,4 PARADAS,PERCURSO TOT.APROX.12,0M,ULTIMA ALT.APROX.3,5M,PORTAS C/ABERTURA CENTRAL E ACAB.ACO ESCOV.,CAIXA DIM.APROX.(1,8X1,8)M,ALT.MEDIA POCO 1,35M,CABINA REVEST.ACO ESCOV.,PISO REBAIX.E CORRIMAO FUNDO E LATERAIS.DE ACORDO COM NORMAS NBR9050:15,NM313:2007 E NM267:2001.FORN.,MONT.E INSTAL.","UN",185000]
["18.045.0011-0","POSTE DE CONCRETO,COM SECAO CIRCULAR,COM 5,00M DE COMPRIMENTO E CARGA NOMINAL NO TOPO DE 200KG,INCLUSIVE ESCAVACAO,EXCLUSIVE TRANSPORTE.FORNECIMENTO E COLOCACAO","UN",914.23,null,"18.045.0011-A","POSTE DE CONCRETO,COM SECAO CIRCULAR,COM 5,00M DE COMPRIMENTO E CARGA NOMINAL NO TOPO DE 200KG,INCLUSIVE ESCAVACAO,EXCLUSIVE TRANSPORTE.FORNECIMENTO E COLOCACAO","UN",903.19]
["18.045.0025-0","POSTE DE CONCRETO,COM SECAO CIRCULAR,COM 9,00M DE COMPRIMENTO E CARGA NOMINAL NO TOPO DE 150KG,INCLUSIVE ESCAVACAO,EXCLUSIVE TRANSPORTE.FORNECIMENTO E COLOCACAO","UN",1658.5,null,"18.045.0025-A","POSTE DE CONCRETO,COM SECAO CIRCULAR,COM 9,00M DE COMPRIMENTO E CARGA NOMINAL NO TOPO DE 150KG,INCLUSIVE ESCAVACAO,EXCLUSIVE TRANSPORTE.FORNECIMENTO E COLOCACAO","UN",1643.04]
["18.045.0030-0","POSTE DE CONCRETO,COM SECAO CIRCULAR,COM 11,00M DE COMPRIMENTO E CARGA NOMINAL HORIZONTAL NO TOPO DE 200KG,INCLUSIVE ESCAVACAO,EXCLUSIVE TRANSPORTE.FORNECIMENTO E COLOCACAO","UN",2437.9499999999998,null,"18.045.0030-A","POSTE DE CONCRETO,COM SECAO CIRCULAR,COM 11,00M DE COMPRIMENTO E CARGA NOMINAL HORIZONTAL NO TOPO DE 200KG,INCLUSIVE ESCAVACAO,EXCLUSIVE TRANSPORTE.FORNECIMENTO E COLOCACAO","UN",2420.59]
["18.045.0032-0","POSTE DE CONCRETO,COM SECAO CIRCULAR,COM 11,00M DE COMPRIMENTO E CARGA NOMINAL HORIZONTAL NO TOPO DE 400KG,INCLUSIVE ESCAVACAO,EXCLUSIVE TRANSPORTE.FORNECIMENTO E COLOCACAO","UN",3155.55,null,"18.045.0032-A","POSTE DE CONCRETO,COM SECAO CIRCULAR,COM 11,00M DE COMPRIMENTO E CARGA NOMINAL HORIZONTAL NO TOPO DE 400KG,INCLUSIVE ESCAVACAO,EXCLUSIVE TRANSPORTE.FORNECIMENTO E COLOCACAO","UN",3138.19]
["18.050.0015-0","CENTRAL DE AR COMPRIMIDO MEDICINAL,ISENTO DE OLEO,SISTEMA DUPLEX,COM RESERVATORIO HORIZONTAL OU VERTICAL,VAZAO APROX.60M3/H,02 (DOIS) COMPRESSORES C/POTENCIA MEDIA DE APROX.10HP,CAPACIDADE DO RESERVATORIO DE APROX.500 LITROS,INCLUSIVE FILTROS,SECADORES,PAINEL ELETRICO,CONFORME RDC-50 ANVISA/MINISTERIO DA SAUDE E ABNT NBR 12188.FORNEC.E ASSENT.","UN",155290.09,null,"18.050.0015-A","CENTRAL DE AR COMPRIMIDO MEDICINAL,ISENTO DE OLEO,SISTEMA DUPLEX,COM RESERVATORIO HORIZONTAL OU VERTICAL,VAZAO APROX.60M3/H,02 (DOIS) COMPRESSORES C/POTENCIA MEDIA DE APROX.10HP,CAPACIDADE DO RESERVATORIO DE APROX.500 LITROS,INCLUSIVE FILTROS,SECADORES,PAINEL ELETRICO,CONFORME RDC-50 ANVISA/MINISTERIO DA SAUDE E ABNT NBR 12188.FORNEC.E ASSENT.","UN",155167.79]
["18.050.0055-0","CENTRAL DE VACUO MEDICINAL,ISENTO DE OLEO,SISTEMA DUPLEX,C/RESERVATORIO HORIZONTAL,VAZAO APROX.53M3/H,02 (DUAS) MOTO-BOMBAS VACUO POTENCIA MEDIA APROX.4HP,CAPACIDADE RESERVATORIO APROX.500 LITROS,INCL.FILTROS,SECADORES,PAINEL ELETRICO,CONFORME RDC-50 ANVISA/MINISTERIO DA SAUDE E ABNT NBR 12188 FORNECIMENTO E ASSENTAMENTO","UN",91290.09,null,"18.050.0055-A","CENTRAL DE VACUO MEDICINAL,ISENTO DE OLEO,SISTEMA DUPLEX,C/RESERVATORIO HORIZONTAL,VAZAO APROX.53M3/H,02 (DUAS) MOTO-BOMBAS VACUO POTENCIA MEDIA APROX.4HP,CAPACIDADE RESERVATORIO APROX.500 LITROS,INCL.FILTROS,SECADORES,PAINEL ELETRICO,CONFORME RDC-50 ANVISA/MINISTERIO DA SAUDE E ABNT NBR 12188 FORNECIMENTO E ASSENTAMENTO","UN",91167.79]
["18.050.0100-0","PAINEL DE ALARME MEDICINAL AR COMPRIMIDO,OXIDO NITROSO,DIOXIDO DE CARBONO,OXIGENIO E VACUO.FORNECIMENTO E ASSENTAMENTO.(PARA INSTALACAO VIDE FAMILIA 15.014)","UN",601.20000000000005,null,"18.050.0100-A","PAINEL DE ALARME MEDICINAL AR COMPRIMIDO,OXIDO NITROSO,DIOXIDO DE CARBONO,OXIGENIO E VACUO.FORNECIMENTO E ASSENTAMENTO.(PARA INSTALACAO VIDE FAMILIA 15.014)","UN",600.32000000000005]
["18.050.0135-0","SINALEIRO DE SOBREPOR PORTA DE ENFERMARIA,SALAS CIRURGICAS ECENTROS CIRURGICOS,COM SISTEMA LUMINOSO NAS CORES VERDE E VERMELHO,FIXADO SOBRE CAIXA 4\"X2\" OU 4\"X4\" EMBUTIDA NA PAREDE.FORNECIMENTO E COLOCACAO","UN",222.23,null,"18.050.0135-A","SINALEIRO DE SOBREPOR PORTA DE ENFERMARIA,SALAS CIRURGICAS ECENTROS CIRURGICOS,COM SISTEMA LUMINOSO NAS CORES VERDE E VERMELHO,FIXADO SOBRE CAIXA 4\"X2\" OU 4\"X4\" EMBUTIDA NA PAREDE.FORNECIMENTO E COLOCACAO","UN",220.48]
["18.060.0026-0","SISTEMA INITERRUPTO DE ENERGIA (NO BREAK),COM CAPACIDADE DE7.5KVA,TRIFASICO,60HZ,TENSAO DE ENTRADA DE 220/380V,TENSAO DE SAIDA DE 220/127V,AUTONOMIA DE 10 MINUTOS,INCLUSIVE GABINETES E START UP. FORNECIMENTO E COLOCACAO","UN",49856.14,null,"18.060.0026-A","SISTEMA INITERRUPTO DE ENERGIA (NO BREAK),COM CAPACIDADE DE7.5KVA,TRIFASICO,60HZ,TENSAO DE ENTRADA DE 220/380V,TENSAO DE SAIDA DE 220/127V,AUTONOMIA DE 10 MINUTOS,INCLUSIVE GABINETES E START UP. FORNECIMENTO E COLOCACAO","UN",49854.39]
["18.060.0040-0","SISTEMA ININTERRUPTO DE ENERGIA (NO BREAK),COM CAPACIDADE DE50KVA,TRIFASICO,60HZ,TENSAO DE ENTRADA DE 220/380V,TENSAO DE SAIDA DE 220/127V,AUTONOMIA DE 10 MINUTOS,INCLUSIVE GABINETES E START UP.FORNECIMENTO E COLOCACAO","UN",195523.33,null,"18.060.0040-A","SISTEMA ININTERRUPTO DE ENERGIA (NO BREAK),COM CAPACIDADE DE50KVA,TRIFASICO,60HZ,TENSAO DE ENTRADA DE 220/380V,TENSAO DE SAIDA DE 220/127V,AUTONOMIA DE 10 MINUTOS,INCLUSIVE GABINETES E START UP.FORNECIMENTO E COLOCACAO","UN",195521.58]
["18.060.0048-0","SISTEMA ININTERRUPTO DE ENERGIA (NO BREAK),COM CAPACIDADE DE20KVA,TRIFASICO,60HZ,TENSAO DE ENTRADA DE 220/380V,TENSAO DE SAIDA DE 220/127V,AUTONOMIA DE 30 MINUTOS,INCLUSIVE GABINETES E START UP.FORNECIMENTO E COLOCACAO","UN",99012.06,null,"18.060.0048-A","SISTEMA ININTERRUPTO DE ENERGIA (NO BREAK),COM CAPACIDADE DE20KVA,TRIFASICO,60HZ,TENSAO DE ENTRADA DE 220/380V,TENSAO DE SAIDA DE 220/127V,AUTONOMIA DE 30 MINUTOS,INCLUSIVE GABINETES E START UP.FORNECIMENTO E COLOCACAO","UN",99010.31]
["18.060.0050-0","SISTEMA ININTERRUPTO DE ENERGIA (NO BREAK),COM CAPACIDADE DE25KVA,TRIFASICO,60HZ,TENSAO DE ENTRADA DE 220/380V,TENSAO DE SAIDA DE 220/127V,AUTONOMIA DE 30 MINUTOS,INCLUSIVE GABINETES E START UP.FORNECIMENTO E COLOCACAO","UN",120684.85,null,"18.060.0050-A","SISTEMA ININTERRUPTO DE ENERGIA (NO BREAK),COM CAPACIDADE DE25KVA,TRIFASICO,60HZ,TENSAO DE ENTRADA DE 220/380V,TENSAO DE SAIDA DE 220/127V,AUTONOMIA DE 30 MINUTOS,INCLUSIVE GABINETES E START UP.FORNECIMENTO E COLOCACAO","UN",120683.1]
["18.065.0055-0","AMPERIMETRO SELETOR,PARA QUADROS ELETRICOS COM LINHAS TRIFASICAS,ESCALA 0-200A.FORNECIMENTO","UN",764.64,null,"18.065.0055-A","AMPERIMETRO SELETOR,PARA QUADROS ELETRICOS COM LINHAS TRIFASICAS,ESCALA 0-200A.FORNECIMENTO","UN",764.64]
["18.065.0070-0","AMPERIMETRO SELETOR,PARA QUADROS ELETRICOS COM LINHAS TRIFASICAS,ESCALA 0-1000A.FORNECIMENTO","UN",764.64,null,"18.065.0070-A","AMPERIMETRO SELETOR,PARA QUADROS ELETRICOS COM LINHAS TRIFASICAS,ESCALA 0-1000A.FORNECIMENTO","UN",764.64]
["18.070.0010-0","CONSOLE DE MARMORE BRANCO NACIONAL,EM CANTONEIRA,MEDINDO 30X30X2CM,PARA DEPOSITO DE AGUA POTAVEL.FORNECIMENTO E COLOCACAO","UN",87.94,null,"18.070.0010-A","CONSOLE DE MARMORE BRANCO NACIONAL,EM CANTONEIRA,MEDINDO 30X30X2CM,PARA DEPOSITO DE AGUA POTAVEL.FORNECIMENTO E COLOCACAO","UN",86.19]
["18.070.0044-0","BANCA DE MARMORE BRANCO NACIONAL,COM 3CM DE ESPESSURA,COM ABERTURA PARA 1 CUBA (EXCLUSIVE ESTA),SOBRE APOIOS DE ALVENARIA DE MEIA VEZ E VERGA DE CONCRETO,SEM REVESTIMENTO.FORNECIMENTO E COLOCACAO","M2",920.06,null,"18.070.0044-A","BANCA DE MARMORE BRANCO NACIONAL,COM 3CM DE ESPESSURA,COM ABERTURA PARA 1 CUBA (EXCLUSIVE ESTA),SOBRE APOIOS DE ALVENARIA DE MEIA VEZ E VERGA DE CONCRETO,SEM REVESTIMENTO.FORNECIMENTO E COLOCACAO","M2",911.54]
["18.070.0049-0","BANCA DE MARMORE BRANCO NACIONAL,COM 3CM DE ESPESSURA,COM ABERTURA PARA 6 CUBAS (EXCLUSIVE ESTAS),SOBRE APOIOS DE ALVENARIA DE MEIA VEZ E VERGA DE CONCRETO,SEM REVESTIMENTO.FORNECIMENTO E COLOCACAO","M2",919.95,null,"18.070.0049-A","BANCA DE MARMORE BRANCO NACIONAL,COM 3CM DE ESPESSURA,COM ABERTURA PARA 6 CUBAS (EXCLUSIVE ESTAS),SOBRE APOIOS DE ALVENARIA DE MEIA VEZ E VERGA DE CONCRETO,SEM REVESTIMENTO.FORNECIMENTO E COLOCACAO","M2",911.43]
["18.080.0026-0","BANCA DE GRANITO PRETO,COM 2CM DE ESPESSURA,COM ABERTURA PARA 2 CUBAS (EXCLUSIVE ESTAS),SOBRE APOIOS DE ALVENARIA DE MEIA VEZ E VERGA DE CONCRETO,SEM REVESTIMENTO.FORNECIMENTO E COLOCACAO","M2",1290.82,null,"18.080.0026-A","BANCA DE GRANITO PRETO,COM 2CM DE ESPESSURA,COM ABERTURA PARA 2 CUBAS (EXCLUSIVE ESTAS),SOBRE APOIOS DE ALVENARIA DE MEIA VEZ E VERGA DE CONCRETO,SEM REVESTIMENTO.FORNECIMENTO E COLOCACAO","M2",1282.3]
["18.080.0030-0","BANCA DE GRANITO PRETO,COM 2CM DE ESPESSURA,COM ABERTURA PARA 6 CUBAS (EXCLUSIVE ESTAS),SOBRE APOIOS DE ALVENARIA DE MEIA VEZ E VERGA DE CONCRETO,SEM REVESTIMENTO.FORNECIMENTO E COLOCACAO","M2",1290.8399999999999,null,"18.080.0030-A","BANCA DE GRANITO PRETO,COM 2CM DE ESPESSURA,COM ABERTURA PARA 6 CUBAS (EXCLUSIVE ESTAS),SOBRE APOIOS DE ALVENARIA DE MEIA VEZ E VERGA DE CONCRETO,SEM REVESTIMENTO.FORNECIMENTO E COLOCACAO","M2",1282.32]
["18.081.0020-0","BANCA SECA DE GRANITO CINZA CORUMBA,COM 2CM DE ESPESSURA E 60CM DE LARGURA,SOBRE APOIOS DE ALVENARIA DE MEIA VEZ E VERGADE CONCRETO,SEM REVESTIMENTO.FORNECIMENTO E COLOCACAO","M",400.92,null,"18.081.0020-A","BANCA SECA DE GRANITO CINZA CORUMBA,COM 2CM DE ESPESSURA E 60CM DE LARGURA,SOBRE APOIOS DE ALVENARIA DE MEIA VEZ E VERGADE CONCRETO,SEM REVESTIMENTO.FORNECIMENTO E COLOCACAO","M",395.22]
["18.081.0054-0","BANCA DE GRANITO CINZA CORUMBA,COM 2CM DE ESPESSURA,COM ABERTURA PARA 5 CUBAS (EXCLUSIVE ESTAS),SOBRE APOIOS DE ALVENARIA DE MEIA VEZ E VERGA DE CONCRETO,SEM REVESTIMENTO.FORNECIMENTO E COLOCACAO","M2",920.11,null,"18.081.0054-A","BANCA DE GRANITO CINZA CORUMBA,COM 2CM DE ESPESSURA,COM ABERTURA PARA 5 CUBAS (EXCLUSIVE ESTAS),SOBRE APOIOS DE ALVENARIA DE MEIA VEZ E VERGA DE CONCRETO,SEM REVESTIMENTO.FORNECIMENTO E COLOCACAO","M2",911.59]
["18.082.0051-0","BANCA DE GRANITO CINZA ANDORINHA,COM 2CM DE ESPESSURA,COM ABERTURA PARA 2 CUBAS (EXCLUSIVE ESTAS),SOBRE APOIOS DE ALVENARIA DE MEIA VEZ E VERGA DE CONCRETO,SEM REVESTIMENTO.FORNECIMENTO E COLOCACAO","M2",920.04,null,"18.082.0051-A","BANCA DE GRANITO CINZA ANDORINHA,COM 2CM DE ESPESSURA,COM ABERTURA PARA 2 CUBAS (EXCLUSIVE ESTAS),SOBRE APOIOS DE ALVENARIA DE MEIA VEZ E VERGA DE CONCRETO,SEM REVESTIMENTO.FORNECIMENTO E COLOCACAO","M2",911.52]
["18.082.0100-0","FRONTISPICIO DE GRANITO CINZA ANDORINHA,COM SECAO DE 5X2CM,INCLUSIVE REJUNTAMENTO.FORNECIMENTO E COLOCACAO","M",76.94,null,"18.082.0100-A","FRONTISPICIO DE GRANITO CINZA ANDORINHA,COM SECAO DE 5X2CM,INCLUSIVE REJUNTAMENTO.FORNECIMENTO E COLOCACAO","M",74.81]
["18.082.0105-0","FRONTISPICIO DE GRANITO CINZA ANDORINHA,COM SECAO DE 10X2CM,INCLUSIVE REJUNTAMENTO.FORNECIMENTO E COLOCACAO","M",84.58,null,"18.082.0105-A","FRONTISPICIO DE GRANITO CINZA ANDORINHA,COM SECAO DE 10X2CM,INCLUSIVE REJUNTAMENTO.FORNECIMENTO E COLOCACAO","M",82.4]
["18.084.0100-0","FRONTISPICIO DE GRANITO BRANCO ITAUNAS,COM SECAO DE 5X2CM,INCLUSIVE REJUNTAMENTO.FORNECIMENTO E COLOCACAO","M",111.38,null,"18.084.0100-A","FRONTISPICIO DE GRANITO BRANCO ITAUNAS,COM SECAO DE 5X2CM,INCLUSIVE REJUNTAMENTO.FORNECIMENTO E COLOCACAO","M",109.25]
["18.100.0030-0","BANCA DE MARMORE SINTETICO,MEDINDO 100X50CM,COM CUBA DO MESMO MATERIAL,EXCLUSIVE TORNEIRA,VALVULA E SIFAO.FORNECIMENTO EASSENTAMENTO","UN",202.17,null,"18.100.0030-A","BANCA DE MARMORE SINTETICO,MEDINDO 100X50CM,COM CUBA DO MESMO MATERIAL,EXCLUSIVE TORNEIRA,VALVULA E SIFAO.FORNECIMENTO EASSENTAMENTO","UN",200.42]
["18.200.0003-0","REDE DE VOLEIBOL OFICIAL COM CABO DE ACO.FORNECIMENTO","UN",196.45,null,"18.200.0003-A","REDE DE VOLEIBOL OFICIAL COM CABO DE ACO.FORNECIMENTO","UN",196.45]
["18.200.0004-0","TRAVE DESMONTAVEL PARA FUTEBOL DE SALAO,EM TUBO DE FERRO GALVANIZADO E BUCHAS.FORNECIMENTO","PAR",3496.85,null,"18.200.0004-A","TRAVE DESMONTAVEL PARA FUTEBOL DE SALAO,EM TUBO DE FERRO GALVANIZADO E BUCHAS.FORNECIMENTO","PAR",3496.85]
["18.210.0012-0","RESERVATORIO TERMICO DE BAIXA PRESSAO,PARA SISTEMA DE AQUECIMENTO SOLAR DE AGUA,COM 200L,EXCLUSIVE INSTALACOES (VER ITENS 15.014.0150 A 0170) E COLETOR SOLAR.FORNECIMENTO","UN",1823,null,"18.210.0012-A","RESERVATORIO TERMICO DE BAIXA PRESSAO,PARA SISTEMA DE AQUECIMENTO SOLAR DE AGUA,COM 200L,EXCLUSIVE INSTALACOES (VER ITENS 15.014.0150 A 0170) E COLETOR SOLAR.FORNECIMENTO","UN",1823]
["18.210.0025-0","RESERVATORIO TERMICO DE BAIXA PRESSAO,PARA SISTEMA DE AQUECIMENTO SOLAR DE AGUA,COM 800L,EXCLUSIVE INSTALACOES (VER ITENS 15.014.0150 A 0170) E COLETOR SOLAR.FORNECIMENTO","UN",4234.2299999999996,null,"18.210.0025-A","RESERVATORIO TERMICO DE BAIXA PRESSAO,PARA SISTEMA DE AQUECIMENTO SOLAR DE AGUA,COM 800L,EXCLUSIVE INSTALACOES (VER ITENS 15.014.0150 A 0170) E COLETOR SOLAR.FORNECIMENTO","UN",4234.2299999999996]
["18.250.0047-0","REATOR ELETRONICO DE ALTO FATOR DE POTENCIA(AFP>=0,92)PARA LAMPADA FLUORESCENTE 2X16W,BIVOLT,127/220V.FORNECIMENTO E COLOCACAO","UN",71.17,null,"18.250.0047-A","REATOR ELETRONICO DE ALTO FATOR DE POTENCIA(AFP>=0,92)PARA LAMPADA FLUORESCENTE 2X16W,BIVOLT,127/220V.FORNECIMENTO E COLOCACAO","UN",70.16]
["18.250.0050-0","REATOR ELETRONICO DE ALTO FATOR DE POTENCIA(AFP>=0,92)PARA LAMPADA FLUORESCENTE 1X20W,BIVOLT,127/220V.FORNECIMENTO E COLOCACAO","UN",36.340000000000003,null,"18.250.0050-A","REATOR ELETRONICO DE ALTO FATOR DE POTENCIA(AFP>=0,92)PARA LAMPADA FLUORESCENTE 1X20W,BIVOLT,127/220V.FORNECIMENTO E COLOCACAO","UN",35.33]
["18.250.0054-0","REATOR ELETRONICO DE ALTO FATOR DE POTENCIA(AFP>=0,92)PARA LAMPADA FLUORESCENTE 1X36W,BIVOLT,127/220V.FORNECIMENTO E COLOCACAO","UN",41.52,null,"18.250.0054-A","REATOR ELETRONICO DE ALTO FATOR DE POTENCIA(AFP>=0,92)PARA LAMPADA FLUORESCENTE 1X36W,BIVOLT,127/220V.FORNECIMENTO E COLOCACAO","UN",40.51]
["18.250.0070-0","REATOR PARA LAMPADA DE VAPOR METALICO DE 250W,220V,PARA USOEXTERNO.FORNECIMENTO E COLOCACAO","UN",131.97999999999999,null,"18.250.0070-A","REATOR PARA LAMPADA DE VAPOR METALICO DE 250W,220V,PARA USOEXTERNO.FORNECIMENTO E COLOCACAO","UN",130.97]
["18.260.0046-0","BRACO PARA ILUMINACAO DE RUAS,EM TUBO DE ACO GALVANIZADO COMDIAMETRO DE=60,3MM,PARA FIXACAO EM POSTE OU PAREDE,PROJECAOHORIZONTAL=2530MM,PROJECAO VERTICAL=2180MM.FORNECIMENTO E COLOCACAO","UN",382.16,null,"18.260.0046-A","BRACO PARA ILUMINACAO DE RUAS,EM TUBO DE ACO GALVANIZADO COMDIAMETRO DE=60,3MM,PARA FIXACAO EM POSTE OU PAREDE,PROJECAOHORIZONTAL=2530MM,PROJECAO VERTICAL=2180MM.FORNECIMENTO E COLOCACAO","UN",376.93]
["18.260.0065-0","SUPORTE PARA LAMPADA FLUORESCENTE.FORNECIMENTO E COLOCACAO","UN",5.14,null,"18.260.0065-A","SUPORTE PARA LAMPADA FLUORESCENTE.FORNECIMENTO E COLOCACAO","UN",4.9400000000000004]
["18.270.0025-0","RECARGA PARA EXTINTOR DE INCENDIO,PO QUIMICO,DE 6KG","UN",52.56,null,"18.270.0025-A","RECARGA PARA EXTINTOR DE INCENDIO,PO QUIMICO,DE 6KG","UN",52.56]
["19.001.0038-2","CAMIONETE PICK-UP,COM CABINE SIMPLES E CACAMBA,TIPO LEVE,MOTOR BICOMBUSTIVEL (GASOLINA E ALCOOL) DE 1,6 LITROS,EXCLUSIVEDEPRECIACAO,SEGURO E MOTORISTA","H",57,null,"19.001.0038-C","CAMIONETE PICK-UP,COM CABINE SIMPLES E CACAMBA,TIPO LEVE,MOTOR BICOMBUSTIVEL (GASOLINA E ALCOOL) DE 1,6 LITROS,EXCLUSIVEDEPRECIACAO,SEGURO E MOTORISTA","H",57]
["19.004.0004-2","CAMINHAO COM CARROCERIA FIXA,NO TOCO,CAPACIDADE DE 7,5T,INCLUSIVE MOTORISTA","H",212.62,null,"19.004.0004-C","CAMINHAO COM CARROCERIA FIXA,NO TOCO,CAPACIDADE DE 7,5T,INCLUSIVE MOTORISTA","H",210.65]
["19.004.0004-3","CAMINHAO COM CARROCERIA FIXA,NO TOCO,CAPACIDADE DE 7,5T,INCLUSIVE MOTORISTA","H",84.7,null,"19.004.0004-D","CAMINHAO COM CARROCERIA FIXA,NO TOCO,CAPACIDADE DE 7,5T,INCLUSIVE MOTORISTA","H",82.73]
["19.004.0006-4","CAMINHAO COM CARROCERIA FIXA,TRUCADO,CAPACIDADE DE 12T,INCLUSIVE MOTORISTA","H",73.48,null,"19.004.0006-E","CAMINHAO COM CARROCERIA FIXA,TRUCADO,CAPACIDADE DE 12T,INCLUSIVE MOTORISTA","H",71.510000000000005]
["19.004.0013-2","CAMINHAO BASCULANTE,NO TOCO,CAPACIDADE DE 7,00M3,INCLUSIVE MOTORISTA","H",258.83999999999997,null,"19.004.0013-C","CAMINHAO BASCULANTE,NO TOCO,CAPACIDADE DE 7,00M3,INCLUSIVE MOTORISTA","H",256.87]
["19.004.0014-4","CAMINHAO BASCULANTE,NO TOCO,CAPACIDADE DE 10,00M3,INCLUSIVEMOTORISTA","H",84.54,null,"19.004.0014-E","CAMINHAO BASCULANTE,NO TOCO,CAPACIDADE DE 10,00M3,INCLUSIVEMOTORISTA","H",82.57]
["19.004.0015-3","CAMINHAO BASCULANTE DO TIPO PESADO (FORA DE ESTRADA),CAPACIDADE RASA DE 11,00M3,INCLUSIVE MOTORISTA","H",267.56,null,"19.004.0015-D","CAMINHAO BASCULANTE DO TIPO PESADO (FORA DE ESTRADA),CAPACIDADE RASA DE 11,00M3,INCLUSIVE MOTORISTA","H",265.58999999999997]
["19.004.0018-2","CAMINHAO BASCULANTE TIPO PESADO,TRACADO,6X4,CAPACIDADE DE 18,4T,INCLUSIVE MOTORISTA","H",450.1,null,"19.004.0018-C","CAMINHAO BASCULANTE TIPO PESADO,TRACADO,6X4,CAPACIDADE DE 18,4T,INCLUSIVE MOTORISTA","H",448.13]
["19.004.0020-4","CAMINHAO TANQUE,CAPACIDADE DE 6.000L,INCLUSIVE MOTORISTA","H",69.83,null,"19.004.0020-E","CAMINHAO TANQUE,CAPACIDADE DE 6.000L,INCLUSIVE MOTORISTA","H",67.86]
["19.004.0022-2","CAMINHAO TANQUE,CAPACIDADE DE 15.000L,INCLUSIVE MOTORISTA","H",249.47,null,"19.004.0022-C","CAMINHAO TANQUE,CAPACIDADE DE 15.000L,INCLUSIVE MOTORISTA","H",247.5]
["19.004.0023-2","CAMINHAO TANQUE,CAPACIDADE DE 20.000L,INCLUSIVE MOTORISTA","H",326.48,null,"19.004.0023-C","CAMINHAO TANQUE,CAPACIDADE DE 20.000L,INCLUSIVE MOTORISTA","H",324.51]
["19.004.0024-4","CAMINHAO TANQUE,CAPACIDADE DE 30.000L,INCLUSIVE MOTORISTA","H",107.43,null,"19.004.0024-E","CAMINHAO TANQUE,CAPACIDADE DE 30.000L,INCLUSIVE MOTORISTA","H",105.46]
["19.004.0030-2","CARRETA PARA TRANSPORTE PESADO,CAPACIDADE PARA CARGA UTIL DE60/80T,INCLUSIVE MOTORISTA","H",525.19000000000005,null,"19.004.0030-C","CARRETA PARA TRANSPORTE PESADO,CAPACIDADE PARA CARGA UTIL DE60/80T,INCLUSIVE MOTORISTA","H",523.22]
["19.004.0031-3","CARRETA PARA TRANSPORTE PESADO,CAPACIDADE PARA CARGA UTIL DE30T,INCLUSIVE MOTORISTA","H",136.41999999999999,null,"19.004.0031-D","CARRETA PARA TRANSPORTE PESADO,CAPACIDADE PARA CARGA UTIL DE30T,INCLUSIVE MOTORISTA","H",134.44999999999999]
["19.004.0031-4","CARRETA PARA TRANSPORTE PESADO,CAPACIDADE PARA CARGA UTIL DE30T,INCLUSIVE MOTORISTA","H",103.39,null,"19.004.0031-E","CARRETA PARA TRANSPORTE PESADO,CAPACIDADE PARA CARGA UTIL DE30T,INCLUSIVE MOTORISTA","H",101.42]
["19.004.0037-2","VEICULO DE PASSEIO,5 PASSAGEIROS,4 PORTAS,MOTOR BICOMBUSTIVEL (GASOLINA E ALCOOL)DE 1,6 LITROS,COM AR CONDICIONADO,DIRECAO HIDRAULICA E VIDROS DIANTEIROS ELETRICOS,EXCLUSIVE MOTORISTA","H",67.930000000000007,null,"19.004.0037-C","VEICULO DE PASSEIO,5 PASSAGEIROS,4 PORTAS,MOTOR BICOMBUSTIVEL (GASOLINA E ALCOOL)DE 1,6 LITROS,COM AR CONDICIONADO,DIRECAO HIDRAULICA E VIDROS DIANTEIROS ELETRICOS,EXCLUSIVE MOTORISTA","H",67.930000000000007]
["19.004.0044-3","VEICULO DE PASSEIO,5 PASSAGEIROS,MOTOR BICOMBUSTIVEL (GASOLINA E ALCOOL) DE 1.0 LITRO,INCLUSIVE MOTORISTA","H",41.82,null,"19.004.0044-D","VEICULO DE PASSEIO,5 PASSAGEIROS,MOTOR BICOMBUSTIVEL (GASOLINA E ALCOOL) DE 1.0 LITRO,INCLUSIVE MOTORISTA","H",39.85]
["19.004.0046-2","CAMIONETA TIPO PICK-UP,COM CABINE SIMPLES E CACAMBA,DUAS PORTAS,COM MOTORIZACAO DE 1,2 A 1,6 LITROS BICOMBUSTIVEL (GASOLINA E ALCOOL),INCLUSIVE MOTORISTA","H",99.27,null,"19.004.0046-C","CAMIONETA TIPO PICK-UP,COM CABINE SIMPLES E CACAMBA,DUAS PORTAS,COM MOTORIZACAO DE 1,2 A 1,6 LITROS BICOMBUSTIVEL (GASOLINA E ALCOOL),INCLUSIVE MOTORISTA","H",97.3]
["19.004.0046-4","CAMIONETA TIPO PICK-UP,COM CABINE SIMPLES E CACAMBA,DUAS PORTAS,COM MOTORIZACAO DE 1,2 A 1,6 LITROS BICOMBUSTIVEL (GASOLINA E ALCOOL),INCLUSIVE MOTORISTA","H",41.02,null,"19.004.0046-E","CAMIONETA TIPO PICK-UP,COM CABINE SIMPLES E CACAMBA,DUAS PORTAS,COM MOTORIZACAO DE 1,2 A 1,6 LITROS BICOMBUSTIVEL (GASOLINA E ALCOOL),INCLUSIVE MOTORISTA","H",39.049999999999997]
["19.004.0049-3","CAMIONETA TIPO PICK-UP,COM CABINE DUPLA E CACAMBA,MOTOR DIESEL 2,8 LITROS,DIRECAO HIDRAULICA,TRACAO NAS 4 RODAS,INCLUSIVE MOTORISTA","H",61.14,null,"19.004.0049-D","CAMIONETA TIPO PICK-UP,COM CABINE DUPLA E CACAMBA,MOTOR DIESEL 2,8 LITROS,DIRECAO HIDRAULICA,TRACAO NAS 4 RODAS,INCLUSIVE MOTORISTA","H",59.17]
["19.004.0053-2","MOTOCICLETA,125 CILINDRADAS,EXCLUSIVE MOTORISTA","H",7.06,null,"19.004.0053-C","MOTOCICLETA,125 CILINDRADAS,EXCLUSIVE MOTORISTA","H",7.06]
["19.004.0054-4","GUINDASTE SOBRE RODAS,CAPACIDADE MAXIMA DE 30 A 35T,LANCA TELESCOPICA DE ACIONAMENTO HIDRAULICO EM TORNO DE 8,80M RETRAIDA E 29,00M ESTENDIDA,INCLUSIVE OPERADOR E AUXILIAR","H",286.88,null,"19.004.0054-E","GUINDASTE SOBRE RODAS,CAPACIDADE MAXIMA DE 30 A 35T,LANCA TELESCOPICA DE ACIONAMENTO HIDRAULICO EM TORNO DE 8,80M RETRAIDA E 29,00M ESTENDIDA,INCLUSIVE OPERADOR E AUXILIAR","H",283.24]
["19.004.0055-4","GUINDASTE SOBRE RODAS,MEIA LANCA,CAPACIDADE DE 6T,INCLUSIVEOPERADOR","H",250.27,null,"19.004.0055-E","GUINDASTE SOBRE RODAS,MEIA LANCA,CAPACIDADE DE 6T,INCLUSIVEOPERADOR","H",248.06]
["19.004.0057-3","GUINDASTE TIPO GRUA,COM CAPACIDADE DE CARGA DE 1200KG,VELOCIDADE DE 40M/MIN,TORRE COMPOSTA POR 9 MODULOS DE 3 METROS CADA,TOTALIZANDO 27 METROS,ALCANCE MAXIMO DE 25 METROS COM UMACARGA DE 1000KG,INCLUSIVE BASE DE SUSTENTACAO E OPERADOR","H",106.58,null,"19.004.0057-D","GUINDASTE TIPO GRUA,COM CAPACIDADE DE CARGA DE 1200KG,VELOCIDADE DE 40M/MIN,TORRE COMPOSTA POR 9 MODULOS DE 3 METROS CADA,TOTALIZANDO 27 METROS,ALCANCE MAXIMO DE 25 METROS COM UMACARGA DE 1000KG,INCLUSIVE BASE DE SUSTENTACAO E OPERADOR","H",104.37]
["19.004.0081-2","GUINDAUTO COM CAPACIDADE MAXIMA DE CARGA EM TORNO DE 4T A APROXIMADAMENTE 2,00M E ALCANCE MAXIMO VERTICAL(DO SOLO)A APROXIMADAMENTE 8,00M,ANGULO DE GIRO DE 180º,MONTADO SOBRE CHASSIS DE CAMINHAO,EXCLUSIVE ESTE.SAO CONSIDERADOS DOIS AJUDANTES,EXCLUSIVE OPERADOR QUE E CONSIDERADO O MOTORISTA DO CAMINHAO","H",69.17,null,"19.004.0081-C","GUINDAUTO COM CAPACIDADE MAXIMA DE CARGA EM TORNO DE 4T A APROXIMADAMENTE 2,00M E ALCANCE MAXIMO VERTICAL(DO SOLO)A APROXIMADAMENTE 8,00M,ANGULO DE GIRO DE 180º,MONTADO SOBRE CHASSIS DE CAMINHAO,EXCLUSIVE ESTE.SAO CONSIDERADOS DOIS AJUDANTES,EXCLUSIVE OPERADOR QUE E CONSIDERADO O MOTORISTA DO CAMINHAO","H",66.31]
["19.004.0087-4","GUINDAUTO COM CAPACIDADE MAXIMA DE CARGA EM TORNO DE 15,5T AAPROXIMADAMENTE 2,00M E ALCANCE MAXIMO VERTICAL(DO SOLO)A APROXIMADAMENTE 16,50M,ANGULO DE GIRO DE 180º,MONTADO SOBRE CHASSIS DE CAMINHAO,EXCLUSIVE ESTE.SAO CONSIDERADOS DOIS AJUDANTES,EXCLUSIVE OPERADOR QUE E CONSIDERADO O MOTORISTA DO CAMINHAO","H",69.17,null,"19.004.0087-E","GUINDAUTO COM CAPACIDADE MAXIMA DE CARGA EM TORNO DE 15,5T AAPROXIMADAMENTE 2,00M E ALCANCE MAXIMO VERTICAL(DO SOLO)A APROXIMADAMENTE 16,50M,ANGULO DE GIRO DE 180º,MONTADO SOBRE CHASSIS DE CAMINHAO,EXCLUSIVE ESTE.SAO CONSIDERADOS DOIS AJUDANTES,EXCLUSIVE OPERADOR QUE E CONSIDERADO O MOTORISTA DO CAMINHAO","H",66.31]
["19.004.0090-2","EMPILHADEIRA EQUIPADA COM RODAGEM PNEUMATICA,CAPACIDADE DE 2,5T E CENTRO DE CARGA A 60CM,MOTOR A GASOLINA,INCLUSIVE OPERADOR","H",106.97,null,"19.004.0090-C","EMPILHADEIRA EQUIPADA COM RODAGEM PNEUMATICA,CAPACIDADE DE 2,5T E CENTRO DE CARGA A 60CM,MOTOR A GASOLINA,INCLUSIVE OPERADOR","H",104.76]
["19.004.0092-4","EMPILHADEIRA EQUIPADA COM RODAGEM PNEUMATICA,CAPACIDADE DE 3T E CENTRO DE CARGA A 60CM,MOTOR A GASOLINA,INCLUSIVE OPERADOR","H",53.98,null,"19.004.0092-E","EMPILHADEIRA EQUIPADA COM RODAGEM PNEUMATICA,CAPACIDADE DE 3T E CENTRO DE CARGA A 60CM,MOTOR A GASOLINA,INCLUSIVE OPERADOR","H",51.77]
["19.004.0094-4","EMPILHADEIRA EQUIPADA COM RODAGEM PNEUMATICA,CAPACIDADE DE 4T E CENTRO DE CARGA A 60CM,MOTOR A GASOLINA,INCLUSIVE OPERADOR","H",75.81,null,"19.004.0094-E","EMPILHADEIRA EQUIPADA COM RODAGEM PNEUMATICA,CAPACIDADE DE 4T E CENTRO DE CARGA A 60CM,MOTOR A GASOLINA,INCLUSIVE OPERADOR","H",73.84]
["19.004.0100-4","PLATAFORMA PANTOGRAFICA CAPAC.TRABALHO ATE 10M ALTURA,CAPAC.MAXIMA CARGA DISTRIBUIDA 3000KG,CAPAC.MAXIMA CARGA CONCENTRADA 1500KG,PISO PLATAF.CONSTITUIDO CHAPA XADREZ FERRO,EXTENSORES LATERAIS(S/GUARDA-CORPO),GUARDA-CORPO REMOVIVEL PLATAF.,SAPATAS HIDR.E TESOURAS LARGAS,NIVELAMENTO E MAIOR ESTABILIDADE EQUIPAMENTO,ESCADA SIMPLES ALUMINIO,EXCLUSIVE OPERADOR","H",21.13,null,"19.004.0100-E","PLATAFORMA PANTOGRAFICA CAPAC.TRABALHO ATE 10M ALTURA,CAPAC.MAXIMA CARGA DISTRIBUIDA 3000KG,CAPAC.MAXIMA CARGA CONCENTRADA 1500KG,PISO PLATAF.CONSTITUIDO CHAPA XADREZ FERRO,EXTENSORES LATERAIS(S/GUARDA-CORPO),GUARDA-CORPO REMOVIVEL PLATAF.,SAPATAS HIDR.E TESOURAS LARGAS,NIVELAMENTO E MAIOR ESTABILIDADE EQUIPAMENTO,ESCADA SIMPLES ALUMINIO,EXCLUSIVE OPERADOR","H",21.13]
["19.004.0104-2","PLATAFORMA ELEVATORIA ARTICULADA COM CAPACIDADE DE TRABALHODE ATE 25,77M DE ALTURA,CAPACIDADE MAXIMA DE CARGA EM TORNODE 250KG,BRACO ELEVADOR ARTICULADO PARA ICAMENTO COM CAPACIDADE DE POSICIONAMENTO VERTICAL,HORIZONTAL E DE TRANSPOSICAOCOM SENSORES DE SEGURANCA,ROTACAO DA BASE GIRATORIA EM 360°,MOTOR A DIESEL,INCLUSIVE OPERADOR","H",190.78,null,"19.004.0104-C","PLATAFORMA ELEVATORIA ARTICULADA COM CAPACIDADE DE TRABALHODE ATE 25,77M DE ALTURA,CAPACIDADE MAXIMA DE CARGA EM TORNODE 250KG,BRACO ELEVADOR ARTICULADO PARA ICAMENTO COM CAPACIDADE DE POSICIONAMENTO VERTICAL,HORIZONTAL E DE TRANSPOSICAOCOM SENSORES DE SEGURANCA,ROTACAO DA BASE GIRATORIA EM 360°,MOTOR A DIESEL,INCLUSIVE OPERADOR","H",188.57]
["19.004.0110-4","CAMIONETA TIPO PICK-UP,COM CABINE SIMPLES E CACAMBA,DUAS PORTAS,COM MOTORIZACAO DE 1,2 A 1,6 LITROS BICOMBUSTIVEL (GASOLINA E ALCOOL),EXCLUSIVE MOTORISTA","H",11.55,null,"19.004.0110-E","CAMIONETA TIPO PICK-UP,COM CABINE SIMPLES E CACAMBA,DUAS PORTAS,COM MOTORIZACAO DE 1,2 A 1,6 LITROS BICOMBUSTIVEL (GASOLINA E ALCOOL),EXCLUSIVE MOTORISTA","H",11.55]
["19.004.0125-4","CAMIONETA TIPO PICK-UP,COM CABINE DUPLA E CACAMBA,MOTOR DIESEL 2,8 LITROS,DIRECAO HIDRAULICA,TRACAO NAS 4 RODAS,EXCLUSIVE MOTORISTA","H",22.03,null,"19.004.0125-E","CAMIONETA TIPO PICK-UP,COM CABINE DUPLA E CACAMBA,MOTOR DIESEL 2,8 LITROS,DIRECAO HIDRAULICA,TRACAO NAS 4 RODAS,EXCLUSIVE MOTORISTA","H",22.03]
["19.004.0211-0","VEICULO DE PASSEIO,5 PASSAGEIROS,MOTOR BICOMBUSTIVEL (GASOLINA E ALCOOL) DE 1,6 LITROS,COM AR CONDICIONADO,DIRECAO HIDRAULICA E VIDRO DIANTEIROS ELETRICOS,EXCLUSIVE MOTORISTA E COMBUSTIVEL","MES",3054.82,null,"19.004.0211-A","VEICULO DE PASSEIO,5 PASSAGEIROS,MOTOR BICOMBUSTIVEL (GASOLINA E ALCOOL) DE 1,6 LITROS,COM AR CONDICIONADO,DIRECAO HIDRAULICA E VIDRO DIANTEIROS ELETRICOS,EXCLUSIVE MOTORISTA E COMBUSTIVEL","MES",3054.82]
["19.004.0251-0","VEICULO DE PASSEIO,5 PASSAGEIROS,MOTOR BICOMBUSTIVEL (GASOLINA E ALCOOL) DE 1,0 LITRO,EXCLUSIVE MOTORISTA E COMBUSTIVEL","MES",2105.4699999999998,null,"19.004.0251-A","VEICULO DE PASSEIO,5 PASSAGEIROS,MOTOR BICOMBUSTIVEL (GASOLINA E ALCOOL) DE 1,0 LITRO,EXCLUSIVE MOTORISTA E COMBUSTIVEL","MES",2105.4699999999998]
["19.004.0272-0","MICRO-ONIBUS COM CAPACIDADE MINIMA DE 15 LUGARES,MOTOR DIESEL,INCLUSIVE MOTORISTA E COMBUSTIVEL","MES",17400.310000000001,null,"19.004.0272-A","MICRO-ONIBUS COM CAPACIDADE MINIMA DE 15 LUGARES,MOTOR DIESEL,INCLUSIVE MOTORISTA E COMBUSTIVEL","MES",17053.59]
["19.004.0411-0","CAMIONETA TIPO PICK-UP COM CABINE DUPLA E CACAMBA,MOTOR DIESEL DE 2,8 LITROS,DIRECAO HIDRAULICA,TRACAO NAS 4 RODAS,EXCLUSIVE MOTORISTA E COMBUSTIVEL","MES",6070.7,null,"19.004.0411-A","CAMIONETA TIPO PICK-UP COM CABINE DUPLA E CACAMBA,MOTOR DIESEL DE 2,8 LITROS,DIRECAO HIDRAULICA,TRACAO NAS 4 RODAS,EXCLUSIVE MOTORISTA E COMBUSTIVEL","MES",6070.7]
["19.004.0500-0","MOTOCICLETA,125 CILINDRADAS,EXCLUSIVE MOTORISTA","MES",694.68,null,"19.004.0500-A","MOTOCICLETA,125 CILINDRADAS,EXCLUSIVE MOTORISTA","MES",694.68]
["19.005.0006-2","MAQUINA FRESADORA A FRIO,LARGURA DE FRESAGEM DE 1,00M,INCLUSIVE OPERADOR E AJUDANTE","H",693.38,null,"19.005.0006-C","MAQUINA FRESADORA A FRIO,LARGURA DE FRESAGEM DE 1,00M,INCLUSIVE OPERADOR E AJUDANTE","H",688.61]
["19.005.0007-4","DUMPER,CARGA SOLIDA DE 1.000L,INCLUSIVE OPERADOR","H",42.1,null,"19.005.0007-E","DUMPER,CARGA SOLIDA DE 1.000L,INCLUSIVE OPERADOR","H",40.130000000000003]
["19.005.0011-2","ESCAVADEIRA HIDRAULICA DE ESTEIRA BRACO ALONGADO (MODELO LONG REACH),COM PESO OPERACIONAL EM TORNO DE 23T,MOTOR DIESEL EM TORNO DE 160CV,CACAMBA COM CAPACIDADE APROXIMADA DE 0,55M3,ALTURA DA ESCAVACAO MAXIMA APROXIMADA DE 15M E PROFUNDIDADEDE ESCAVACAO MAXIMA APROXIMADA ED 12M,INCLUSIVE OPERADOR","H",364.86,null,"19.005.0011-C","ESCAVADEIRA HIDRAULICA DE ESTEIRA BRACO ALONGADO (MODELO LONG REACH),COM PESO OPERACIONAL EM TORNO DE 23T,MOTOR DIESEL EM TORNO DE 160CV,CACAMBA COM CAPACIDADE APROXIMADA DE 0,55M3,ALTURA DA ESCAVACAO MAXIMA APROXIMADA DE 15M E PROFUNDIDADEDE ESCAVACAO MAXIMA APROXIMADA ED 12M,INCLUSIVE OPERADOR","H",362.65]
["19.005.0012-3","MOTONIVELADORA COM PESO OPERACIONAL EM TORNO DE 18T, MOTOR DIESEL EM TORNO DE 125CV, INCLUSIVE OPERADOR","H",171.57,null,"19.005.0012-D","MOTONIVELADORA COM PESO OPERACIONAL EM TORNO DE 18T, MOTOR DIESEL EM TORNO DE 125CV, INCLUSIVE OPERADOR","H",169.36]
["19.005.0012-4","MOTONIVELADORA COM PESO OPERACIONAL EM TORNO DE 18T, MOTOR DIESEL EM TORNO DE 125CV, INCLUSIVE OPERADOR","H",137.6,null,"19.005.0012-E","MOTONIVELADORA COM PESO OPERACIONAL EM TORNO DE 18T, MOTOR DIESEL EM TORNO DE 125CV, INCLUSIVE OPERADOR","H",135.38999999999999]
["19.005.0015-2","GRADE DE DISCO,ARMADURA LEVE,COM 20 (VINTE) DISCOS,PESO DE 1300KG,LARGURA DE CORTE DE 2,50M,ACIONAMENTO MECANICO,EXCLUSIVE OPERADOR","H",7.58,null,"19.005.0015-C","GRADE DE DISCO,ARMADURA LEVE,COM 20 (VINTE) DISCOS,PESO DE 1300KG,LARGURA DE CORTE DE 2,50M,ACIONAMENTO MECANICO,EXCLUSIVE OPERADOR","H",7.58]
["19.005.0017-4","TRATOR DE ESTEIRAS COM MOTOR DIESEL EM TORNO DE 80CV,COM LAMINA DE 1290KG,INCLUSIVE OPERADOR","H",136.29,null,"19.005.0017-E","TRATOR DE ESTEIRAS COM MOTOR DIESEL EM TORNO DE 80CV,COM LAMINA DE 1290KG,INCLUSIVE OPERADOR","H",134.08000000000001]
["19.005.0021-3","TRATOR DE ESTEIRAS COM MOTOR DIESEL EM TORNO DE 200CV,COM LAMINA DE 2500KG,INCLUSIVE OPERADOR","H",275.43,null,"19.005.0021-D","TRATOR DE ESTEIRAS COM MOTOR DIESEL EM TORNO DE 200CV,COM LAMINA DE 2500KG,INCLUSIVE OPERADOR","H",273.22000000000003]
["19.005.0023-3","TRATOR DE ESTEIRAS COM MOTOR DIESEL EM TORNO DE 335CV,SEM LAMINA,INCLUSIVE OPERADOR","H",498.82,null,"19.005.0023-D","TRATOR DE ESTEIRAS COM MOTOR DIESEL EM TORNO DE 335CV,SEM LAMINA,INCLUSIVE OPERADOR","H",496.61]
["19.005.0025-4","TRATOR DE ESTEIRAS COM MOTOR DIESEL EM TORNO DE 335CV,COM LAMINA DE 5000KG,INCLUSIVE OPERADOR","H",409.06,null,"19.005.0025-E","TRATOR DE ESTEIRAS COM MOTOR DIESEL EM TORNO DE 335CV,COM LAMINA DE 5000KG,INCLUSIVE OPERADOR","H",406.85]
["19.005.0028-3","RETROESCAVADEIRA, COM PESO OPERACIONAL EM TORNO DE 7T, MOTORDIESEL EM TORNO DE 75CV, CAPACIDADE APROXIMADA DA CACAMBA DE0,76M3, PROFUNDIDADE DE ESCAVACAO MAXIMA DE 4,00M, INCLUSIVEOPERADOR","H",84.68,null,"19.005.0028-D","RETROESCAVADEIRA, COM PESO OPERACIONAL EM TORNO DE 7T, MOTORDIESEL EM TORNO DE 75CV, CAPACIDADE APROXIMADA DA CACAMBA DE0,76M3, PROFUNDIDADE DE ESCAVACAO MAXIMA DE 4,00M, INCLUSIVEOPERADOR","H",82.47]
["19.005.0033-2","PA CARREGADEIRA DE PNEUS COM PESO OPERACIONAL EM TORNO DE 18T, POTENCIA EM TORNO DE 183CV, PA COM CAPACIDADE RASA APROXIMADA DE 3,10M3, INCLUSIVE OPERADOR","H",431.2,null,"19.005.0033-C","PA CARREGADEIRA DE PNEUS COM PESO OPERACIONAL EM TORNO DE 18T, POTENCIA EM TORNO DE 183CV, PA COM CAPACIDADE RASA APROXIMADA DE 3,10M3, INCLUSIVE OPERADOR","H",428.99]
["19.005.0033-4","PA CARREGADEIRA DE PNEUS COM PESO OPERACIONAL EM TORNO DE 18T, POTENCIA EM TORNO DE 183CV, PA COM CAPACIDADE RASA APROXIMADA DE 3,10M3, INCLUSIVE OPERADOR","H",139.04,null,"19.005.0033-E","PA CARREGADEIRA DE PNEUS COM PESO OPERACIONAL EM TORNO DE 18T, POTENCIA EM TORNO DE 183CV, PA COM CAPACIDADE RASA APROXIMADA DE 3,10M3, INCLUSIVE OPERADOR","H",136.83000000000001]
["19.005.0035-4","ROMPEDOR HIDRAULICO ADAPTAVEL A RETRO-ESCAVADEIRA(EXCLUSIVEESTA),COM PESO OPERACIONAL DE 435KG,FREQUENCIA DE IMPACTOS DE 400 A 1000BPM,INCLUSIVE PONTEIRO DE 84MM DE DIAMETRO,EXCLUSIVE OPERADOR","H",13.95,null,"19.005.0035-E","ROMPEDOR HIDRAULICO ADAPTAVEL A RETRO-ESCAVADEIRA(EXCLUSIVEESTA),COM PESO OPERACIONAL DE 435KG,FREQUENCIA DE IMPACTOS DE 400 A 1000BPM,INCLUSIVE PONTEIRO DE 84MM DE DIAMETRO,EXCLUSIVE OPERADOR","H",13.95]
["19.005.0039-2","PERFURATRIZ DE 23,5KG DE PESO(PARA SERVICOS DE FURACAO DE FOGACHO,PERFURACAO EM BANCADAS BAIXAS E SERVICOS SIMILARES),CONSUMO DE AR 56L/S,FREQUENCIA DE IMPACTOS DE 34 IMP/S,COMPRIMENTO DE 64CM,DIAMETRO DO PISTAO DE 65MM,EXCLUSIVE OPERADOR,BROCA E MANGUEIRA","H",10.3,null,"19.005.0039-C","PERFURATRIZ DE 23,5KG DE PESO(PARA SERVICOS DE FURACAO DE FOGACHO,PERFURACAO EM BANCADAS BAIXAS E SERVICOS SIMILARES),CONSUMO DE AR 56L/S,FREQUENCIA DE IMPACTOS DE 34 IMP/S,COMPRIMENTO DE 64CM,DIAMETRO DO PISTAO DE 65MM,EXCLUSIVE OPERADOR,BROCA E MANGUEIRA","H",10.3]
["19.005.0042-2","VALETADEIRA MOTOR DIESEL DE 135HP,INCLUSIVE OPERADOR","H",1084.18,null,"19.005.0042-C","VALETADEIRA MOTOR DIESEL DE 135HP,INCLUSIVE OPERADOR","H",1081.97]
["19.005.0042-3","VALETADEIRA MOTOR DIESEL DE 135HP,INCLUSIVE OPERADOR","H",101.52,null,"19.005.0042-D","VALETADEIRA MOTOR DIESEL DE 135HP,INCLUSIVE OPERADOR","H",99.31]
["19.005.0050-2","GUINCHO CARREGADOR ADAPTAVEL A TRATOR PARA TRANSPORTE DE MADEIRA,EXCLUSIVE OPERADOR","H",1.54,null,"19.005.0050-C","GUINCHO CARREGADOR ADAPTAVEL A TRATOR PARA TRANSPORTE DE MADEIRA,EXCLUSIVE OPERADOR","H",1.54]
["19.006.0003-2","COMPACTADOR VIBRATORIO,COM TAMBOR PE-DE-CARNEIRO,AUTOPROPULSOR,COM MOTOR DIESEL DE 76HP,COM 6 A 7T,LARGURA DE 1,85M,INCLUSIVE OPERADOR","H",182.57,null,"19.006.0003-C","COMPACTADOR VIBRATORIO,COM TAMBOR PE-DE-CARNEIRO,AUTOPROPULSOR,COM MOTOR DIESEL DE 76HP,COM 6 A 7T,LARGURA DE 1,85M,INCLUSIVE OPERADOR","H",180.36]
["19.006.0004-4","ROLO ESTATICO DE 3 RODAS,PARA COMPACTACAO DE ASFALTO COM ESPESSURA DE 25 A 50MM,LARGURA DE COMPACTACAO 2,1M,VELOCIDADE DO ROLO 6KM/H,DENSIDADE 2375KG/M3,CLASSE DE PESO 13T,INCLUSIVE OPERADOR","H",86.22,null,"19.006.0004-E","ROLO ESTATICO DE 3 RODAS,PARA COMPACTACAO DE ASFALTO COM ESPESSURA DE 25 A 50MM,LARGURA DE COMPACTACAO 2,1M,VELOCIDADE DO ROLO 6KM/H,DENSIDADE 2375KG/M3,CLASSE DE PESO 13T,INCLUSIVE OPERADOR","H",84.01]
["19.006.0005-3","ROLO VIBRATORIO LISO,DE 7T,AUTOPROPULSOR,LARGURA TOTAL DE 2,015M,INCLUSIVE OPERADOR","H",84.86,null,"19.006.0005-D","ROLO VIBRATORIO LISO,DE 7T,AUTOPROPULSOR,LARGURA TOTAL DE 2,015M,INCLUSIVE OPERADOR","H",82.65]
["19.006.0007-2","ROLO COMPACTADOR VIBRATORIO,AUTOPROPELIDO PARA REPARO DE PAVIMENTACAO,CAPACIDADE DE 2T,INCLUSIVE OPERADOR","H",90.75,null,"19.006.0007-C","ROLO COMPACTADOR VIBRATORIO,AUTOPROPELIDO PARA REPARO DE PAVIMENTACAO,CAPACIDADE DE 2T,INCLUSIVE OPERADOR","H",88.54]
["19.006.0008-4","ROLO ESTATICO DE 9 RODAS,AUTOPROPELIDO,PARA COMPACTACAO DE ASFALTO,COM ESPESSURA DE 25 A 50MM,LARGURA DE COMPACTACAO 1,76M,CLASSE DE PESO 14T,INCLUSIVE OPERADOR","H",108.23,null,"19.006.0008-E","ROLO ESTATICO DE 9 RODAS,AUTOPROPELIDO,PARA COMPACTACAO DE ASFALTO,COM ESPESSURA DE 25 A 50MM,LARGURA DE COMPACTACAO 1,76M,CLASSE DE PESO 14T,INCLUSIVE OPERADOR","H",106.02]
["19.006.0010-4","USINA PRE-MISTURADORA DE SOLOS PARA ESTABILIZACAO DE BASES,COM CAPACIDADE DE 300 A 600T/H,COMPREENDENDO:ALIMENTADOR-DOSADOR,DOSADOR DUPLO DE CORREIAS,DOSADOR TRIPLO DE MESA VAI E VEM,DOSADOR TRIPLO DE CORREIAS,DOSADOR TRIPLO DE CALHAS VIBRATORIAS,DOSADOR QUADRUPLO,MISTURADOR,COMANDOS E EQUIPAMENTOSCOMPLEMENTARES,INCLUSIVE EQUIPE DE OPERACAO","H",314.81,null,"19.006.0010-E","USINA PRE-MISTURADORA DE SOLOS PARA ESTABILIZACAO DE BASES,COM CAPACIDADE DE 300 A 600T/H,COMPREENDENDO:ALIMENTADOR-DOSADOR,DOSADOR DUPLO DE CORREIAS,DOSADOR TRIPLO DE MESA VAI E VEM,DOSADOR TRIPLO DE CORREIAS,DOSADOR TRIPLO DE CALHAS VIBRATORIAS,DOSADOR QUADRUPLO,MISTURADOR,COMANDOS E EQUIPAMENTOSCOMPLEMENTARES,INCLUSIVE EQUIPE DE OPERACAO","H",306.88]
["19.006.0012-2","USINA PARA MISTURA A FRIO,COM CAPACIDADE PARA 50T/H,COMPREENDENDO:ALIMENTADOR-DOSADOR DE FRIOS,ELEVADOR,SILO-TREMONHA,ALIMENTADOR DE FINOS,MISTURADOR,INSTALACAO DE ARMAZENAGEM E AQUECIMENTO DE ASFALTO E GRUPO GERADOR DE 60/66KVA,INCLUSIVEEQUIPE DE OPERACAO","H",677.1,null,"19.006.0012-C","USINA PARA MISTURA A FRIO,COM CAPACIDADE PARA 50T/H,COMPREENDENDO:ALIMENTADOR-DOSADOR DE FRIOS,ELEVADOR,SILO-TREMONHA,ALIMENTADOR DE FINOS,MISTURADOR,INSTALACAO DE ARMAZENAGEM E AQUECIMENTO DE ASFALTO E GRUPO GERADOR DE 60/66KVA,INCLUSIVEEQUIPE DE OPERACAO","H",664.1]
["19.006.0013-2","SISTEMA DE AQUECIMENTO COM UM TANQUE FIXO DE 30000 LITROS PARA ASFALTO E UM TANQUE DE 20000 LITROS PARA COMBUSTIVEL,COMSISTEMA DE CIRCULACAO DE ASFALTO,INCLUSIVE OPERADOR","H",218.81,null,"19.006.0013-C","SISTEMA DE AQUECIMENTO COM UM TANQUE FIXO DE 30000 LITROS PARA ASFALTO E UM TANQUE DE 20000 LITROS PARA COMBUSTIVEL,COMSISTEMA DE CIRCULACAO DE ASFALTO,INCLUSIVE OPERADOR","H",216.6]
["19.006.0016-2","DISTRIBUIDOR DE BETUME(ASFALTO) SOB PRESSAO,MOTOR A GASOLINA,MONTADO SOBRE CAMINHAO,CAPACIDADE EFETIVA DO TANQUE DE 5000L,INCLUSIVE ESTE COM MOTORISTA","H",421.28,null,"19.006.0016-C","DISTRIBUIDOR DE BETUME(ASFALTO) SOB PRESSAO,MOTOR A GASOLINA,MONTADO SOBRE CAMINHAO,CAPACIDADE EFETIVA DO TANQUE DE 5000L,INCLUSIVE ESTE COM MOTORISTA","H",419.31]
["19.006.0018-2","ESPALHADOR DE AGREGADOS,REBOCAVEL,CAPACIDADE RASA DE 1,30M3,LARGURA MAXIMA DE DISTRIBUICAO DE 3,66M,COMPRIMENTO DE 4,10M,LARGURA DE 1,30M,ALTURA DE 1,00M,4 RODAS COM PNEUMATICOS 6X9(10 LONAS),PESO DE 860KG,DIAMETRO DO ROLO DE 12,7CM(5\"),EXCLUSIVE OPERADOR","H",14.44,null,"19.006.0018-C","ESPALHADOR DE AGREGADOS,REBOCAVEL,CAPACIDADE RASA DE 1,30M3,LARGURA MAXIMA DE DISTRIBUICAO DE 3,66M,COMPRIMENTO DE 4,10M,LARGURA DE 1,30M,ALTURA DE 1,00M,4 RODAS COM PNEUMATICOS 6X9(10 LONAS),PESO DE 860KG,DIAMETRO DO ROLO DE 12,7CM(5\"),EXCLUSIVE OPERADOR","H",14.44]
["19.006.0018-4","ESPALHADOR DE AGREGADOS,REBOCAVEL,CAPACIDADE RASA DE 1,30M3,LARGURA MAXIMA DE DISTRIBUICAO DE 3,66M,COMPRIMENTO DE 4,10M,LARGURA DE 1,30M,ALTURA DE 1,00M,4 RODAS COM PNEUMATICOS 6X9(10 LONAS),PESO DE 860KG,DIAMETRO DO ROLO DE 12,7CM(5\"),EXCLUSIVE OPERADOR","H",8.11,null,"19.006.0018-E","ESPALHADOR DE AGREGADOS,REBOCAVEL,CAPACIDADE RASA DE 1,30M3,LARGURA MAXIMA DE DISTRIBUICAO DE 3,66M,COMPRIMENTO DE 4,10M,LARGURA DE 1,30M,ALTURA DE 1,00M,4 RODAS COM PNEUMATICOS 6X9(10 LONAS),PESO DE 860KG,DIAMETRO DO ROLO DE 12,7CM(5\"),EXCLUSIVE OPERADOR","H",8.11]
["19.006.0021-3","VIBRO ACABADORA DE ASFALTO,SOBRE RODAS,CAPACIDADE DO SILO DEASFALTO DE APROXIMADAMENTE 10,5T,LARGURA APROXIMADA DE 4,55M,COM MOTOR DIESEL DE APROXIMADAMENTE 100CV,COM SISTEMA DENIVELAMENTO ELETRONICO,INCLUSIVE OPERADOR E AUXILIAR","H",205.7,null,"19.006.0021-D","VIBRO ACABADORA DE ASFALTO,SOBRE RODAS,CAPACIDADE DO SILO DEASFALTO DE APROXIMADAMENTE 10,5T,LARGURA APROXIMADA DE 4,55M,COM MOTOR DIESEL DE APROXIMADAMENTE 100CV,COM SISTEMA DENIVELAMENTO ELETRONICO,INCLUSIVE OPERADOR E AUXILIAR","H",202.06]
["19.006.0022-3","MAQUINAS DE JUNTAS(SERRA DE CONCRETO) MOTOR A GASOLINA PARTIDA MANUAL,CHASSIS REFORCADO,GUARDA PROTETORA PARA ACOMODAR SERRAS DE ATE 14\",SERRA PARA CONCRETO ESPECIALMENTE DESENVOLVIDA PARA ABERTURAS DE JUNTA DE DILATACAO COM 3.600RPM,INCLUSIVE OPERADOR","H",35.19,null,"19.006.0022-D","MAQUINAS DE JUNTAS(SERRA DE CONCRETO) MOTOR A GASOLINA PARTIDA MANUAL,CHASSIS REFORCADO,GUARDA PROTETORA PARA ACOMODAR SERRAS DE ATE 14\",SERRA PARA CONCRETO ESPECIALMENTE DESENVOLVIDA PARA ABERTURAS DE JUNTA DE DILATACAO COM 3.600RPM,INCLUSIVE OPERADOR","H",32.979999999999997]
["19.006.0026-3","DISTRIBUIDOR (ESPARGIDOR) DE ASFALTO (BMB),MOTOR DIESEL,POTENCIA DE 92CV E CAPACIDADE APROXIMADA DO TANQUE DE 10000 LITROS,INCLUSIVE OPERADOR","H",281.74,null,"19.006.0026-D","DISTRIBUIDOR (ESPARGIDOR) DE ASFALTO (BMB),MOTOR DIESEL,POTENCIA DE 92CV E CAPACIDADE APROXIMADA DO TANQUE DE 10000 LITROS,INCLUSIVE OPERADOR","H",279.52999999999997]
["19.006.0026-4","DISTRIBUIDOR (ESPARGIDOR) DE ASFALTO (BMB),MOTOR DIESEL,POTENCIA DE 92CV E CAPACIDADE APROXIMADA DE TANQUE DE 10000 LITROS,INCLUSIVE OPERADOR","H",233.02,null,"19.006.0026-E","DISTRIBUIDOR (ESPARGIDOR) DE ASFALTO (BMB),MOTOR DIESEL,POTENCIA DE 92CV E CAPACIDADE APROXIMADA DE TANQUE DE 10000 LITROS,INCLUSIVE OPERADOR","H",230.81]
["19.006.0028-3","RECUPERADOR DE ESTRADAS,INCLUSIVE OPERADOR","H",1270.28,null,"19.006.0028-D","RECUPERADOR DE ESTRADAS,INCLUSIVE OPERADOR","H",1268.07]
["19.006.0030-4","SOQUETE VIBRATORIO DE 78KG,EXCLUSIVE OPERADOR","H",2.17,null,"19.006.0030-E","SOQUETE VIBRATORIO DE 78KG,EXCLUSIVE OPERADOR","H",2.17]
["19.006.0032-4","DISCO ELETRICO,PARA COMPACTAR E DESEMPENAR PISOS DE CONCRETO,EXCLUSIVE OPERADOR","H",1.34,null,"19.006.0032-E","DISCO ELETRICO,PARA COMPACTAR E DESEMPENAR PISOS DE CONCRETO,EXCLUSIVE OPERADOR","H",1.34]
["19.006.0035-2","MAQUINA DE DEMARCACAO DE FAIXAS A FRIO PARA USO RODOVIARIO EURBANO,EXCLUSIVE OPERADOR","H",197.96,null,"19.006.0035-C","MAQUINA DE DEMARCACAO DE FAIXAS A FRIO PARA USO RODOVIARIO EURBANO,EXCLUSIVE OPERADOR","H",197.96]
["19.006.0045-2","EXTRUSORA DE GUIAS E SARJETAS SEM FORMAS,EXCLUSIVE OPERADOR","H",20.36,null,"19.006.0045-C","EXTRUSORA DE GUIAS E SARJETAS SEM FORMAS,EXCLUSIVE OPERADOR","H",20.36]
["19.007.0003-2","BETONEIRA PARA 320L DE MISTURA SECA,DE CARREGAMENTO MECANICOE TAMBOR REVERSIVEL,COM MOTOR ELETRICO,EXCLUSIVE OPERADOR","H",4.87,null,"19.007.0003-C","BETONEIRA PARA 320L DE MISTURA SECA,DE CARREGAMENTO MECANICOE TAMBOR REVERSIVEL,COM MOTOR ELETRICO,EXCLUSIVE OPERADOR","H",4.87]
["19.007.0005-4","BETONEIRA PARA 600L DE MISTURA SECA,DE CARREGAMENTO MECANICOE TAMBOR REVERSIVEL,COM MOTOR ELETRICO,EXCLUSIVE OPERADOR","H",5.85,null,"19.007.0005-E","BETONEIRA PARA 600L DE MISTURA SECA,DE CARREGAMENTO MECANICOE TAMBOR REVERSIVEL,COM MOTOR ELETRICO,EXCLUSIVE OPERADOR","H",5.85]
["19.007.0006-4","BETONEIRA PARA 600L DE MISTURA SECA,DE CARREGAMENTO MECANICOE TAMBOR REVERSIVEL,COM MOTOR DIESEL,EXCLUSIVE OPERADOR","H",6.09,null,"19.007.0006-E","BETONEIRA PARA 600L DE MISTURA SECA,DE CARREGAMENTO MECANICOE TAMBOR REVERSIVEL,COM MOTOR DIESEL,EXCLUSIVE OPERADOR","H",6.09]
["19.007.0008-4","USINA DE CONCRETO FIXA C/DOSADOR,MISTURADOR,CAPACIDADE 4 AGREGADOS,SILO DE CIMENTO 50T,VOLUME DA CAIXA 18M3,SILO AGREGADOS 10M3,BALANCA AGREGADOS CAPACIDADE 4500KG,BALANCA CIMENTOCAPACIDADE 850KG,VOLUME POR CICLO 2M3,PRODUCAO HORA NOMINAL80M3,PRODUCAO HORA REAL 68/72M3,DOSADOR 4 ADITIVOS,MISTURADOR DUPLO EIXO,INCL.MAO-DE-OBRA ALIMENTACAO E OPERACAO CENTRAL","H",305.44,null,"19.007.0008-E","USINA DE CONCRETO FIXA C/DOSADOR,MISTURADOR,CAPACIDADE 4 AGREGADOS,SILO DE CIMENTO 50T,VOLUME DA CAIXA 18M3,SILO AGREGADOS 10M3,BALANCA AGREGADOS CAPACIDADE 4500KG,BALANCA CIMENTOCAPACIDADE 850KG,VOLUME POR CICLO 2M3,PRODUCAO HORA NOMINAL80M3,PRODUCAO HORA REAL 68/72M3,DOSADOR 4 ADITIVOS,MISTURADOR DUPLO EIXO,INCL.MAO-DE-OBRA ALIMENTACAO E OPERACAO CENTRAL","H",289.32]
["19.007.0009-4","USINA DE CONCRETO FIXA C/DOSADOR,MISTURADOR,CAPACIDADE 4 AGREGADOS,SILO DE CIMENTO 100T,VOLUME DA CAIXA 18M3,SILO AGREGADOS 10M3,BALANCA AGREGADOS CAPACIDADE 4500KG, BALANCA CIMENTO CAPACIDADE 850KG,VOLUME CICLO 2M3,PRODUCAO HORA NOMINAL 80M3,PRODUCAO HORA REAL 68/72M3,DOSADOR 4 ADITIVOS,MISTURADORDUPLO EIXO,INCL.MAO-DE-OBRA ALIMENTACAO E OPERACAO CENTRAL","H",342.56,null,"19.007.0009-E","USINA DE CONCRETO FIXA C/DOSADOR,MISTURADOR,CAPACIDADE 4 AGREGADOS,SILO DE CIMENTO 100T,VOLUME DA CAIXA 18M3,SILO AGREGADOS 10M3,BALANCA AGREGADOS CAPACIDADE 4500KG, BALANCA CIMENTO CAPACIDADE 850KG,VOLUME CICLO 2M3,PRODUCAO HORA NOMINAL 80M3,PRODUCAO HORA REAL 68/72M3,DOSADOR 4 ADITIVOS,MISTURADORDUPLO EIXO,INCL.MAO-DE-OBRA ALIMENTACAO E OPERACAO CENTRAL","H",324.23]
["19.007.0012-4","REGUA VIBRATORIA SIMPLES,COM MOTOR A GASOLINA,COM ATE 3,00M,EXCLUSIVE OPERADOR","H",0.96,null,"19.007.0012-E","REGUA VIBRATORIA SIMPLES,COM MOTOR A GASOLINA,COM ATE 3,00M,EXCLUSIVE OPERADOR","H",0.96]
["19.007.0013-2","VIBRADOR DE IMERSAO,TUBO DE 48X480MM,COM MANGOTE DE 5,00M DECOMPRIMENTO,MOTOR ELETRICO,EXCLUSIVE OPERADOR","H",1.71,null,"19.007.0013-C","VIBRADOR DE IMERSAO,TUBO DE 48X480MM,COM MANGOTE DE 5,00M DECOMPRIMENTO,MOTOR ELETRICO,EXCLUSIVE OPERADOR","H",1.71]
["19.007.0017-3","CONJUNTO PARA PROJECAO DE CONCRETO,EXCLUSIVE OPERADOR","H",19.52,null,"19.007.0017-D","CONJUNTO PARA PROJECAO DE CONCRETO,EXCLUSIVE OPERADOR","H",19.52]
["19.008.0012-4","BATE-ESTACAS TIPO MARTELO HIDRAULICO VIBRATORIO,ACOPLADO EMESCAVADEIRA HIDRAULICA (INCLUSIVE ESTA),LARGURA EM TORNO DE70CM,ALTURA E COMPRIMENTO EM TORNO DE 2,00M,CAPACIDADE DO MARTELO EM TORNO DE 1,2T,INCLUSIVE OPERADOR","H",121.53,null,"19.008.0012-E","BATE-ESTACAS TIPO MARTELO HIDRAULICO VIBRATORIO,ACOPLADO EMESCAVADEIRA HIDRAULICA (INCLUSIVE ESTA),LARGURA EM TORNO DE70CM,ALTURA E COMPRIMENTO EM TORNO DE 2,00M,CAPACIDADE DO MARTELO EM TORNO DE 1,2T,INCLUSIVE OPERADOR","H",119.32]
["19.009.0002-4","MOTOBOMBA AUTOESCORVANTE,PARA BOMBEAMENTO DE AGUAS LIMPAS OUSUJAS COM ATE 20MM DE DIAMETRO DOS SOLIDOS EM SUSPENSAO,NAPROPORCAO MAXIMA DE 20% NO VOLUME E LIQUIDOS QUIMICAMENTE NAO AGRESSIVOS,MOTOR A GASOLINA,COM POTENCIA DE 6,5CV,PARTIDAMANUAL,MOTOR 4 TEMPOS,VAZAO MAXIMA DE 60M3/H ATE 92M3/H E ALTURA MANOMETRICA ATE 30MCA,EXCLUSIVE OPERADOR","H",0.2,null,"19.009.0002-E","MOTOBOMBA AUTOESCORVANTE,PARA BOMBEAMENTO DE AGUAS LIMPAS OUSUJAS COM ATE 20MM DE DIAMETRO DOS SOLIDOS EM SUSPENSAO,NAPROPORCAO MAXIMA DE 20% NO VOLUME E LIQUIDOS QUIMICAMENTE NAO AGRESSIVOS,MOTOR A GASOLINA,COM POTENCIA DE 6,5CV,PARTIDAMANUAL,MOTOR 4 TEMPOS,VAZAO MAXIMA DE 60M3/H ATE 92M3/H E ALTURA MANOMETRICA ATE 30MCA,EXCLUSIVE OPERADOR","H",0.2]
["19.009.0010-2","BOMBA CENTRIFUGA SUBMERSIVEL PARA BOMBEAMENTO DE AGUAS SERVIDAS COM SOLIDOS DE ATE 5MM DE DIAMETRO EM SUSPENSAO,COM MOTOR ELETRICO,VAZAO MAXIMA DE 63M3/HORA,ROTOR SEMIABERTO,EXCLUSIVE OPERADOR,MANGUEIRA,CABOS E COMANDOS","H",7.15,null,"19.009.0010-C","BOMBA CENTRIFUGA SUBMERSIVEL PARA BOMBEAMENTO DE AGUAS SERVIDAS COM SOLIDOS DE ATE 5MM DE DIAMETRO EM SUSPENSAO,COM MOTOR ELETRICO,VAZAO MAXIMA DE 63M3/HORA,ROTOR SEMIABERTO,EXCLUSIVE OPERADOR,MANGUEIRA,CABOS E COMANDOS","H",7.15]
["19.010.0015-4","ESCAVADEIRA SOBRE ESTEIRAS,VERSAO CLAM-SHELL,COM CAPACIDADEAPROXIMADA DA CACAMBA DE 0,38M3 (1/2JD3),INCLUSIVE OPERADORE AUXILIAR","H",139.81,null,"19.010.0015-E","ESCAVADEIRA SOBRE ESTEIRAS,VERSAO CLAM-SHELL,COM CAPACIDADEAPROXIMADA DA CACAMBA DE 0,38M3 (1/2JD3),INCLUSIVE OPERADORE AUXILIAR","H",136.16999999999999]
["19.010.0017-3","ESCAVADEIRA SOBRE ESTEIRAS,VERSAO DRAGLINE OU CLAM-SHELL,COMCAPACIDADE APROXIMADA DA CACAMBA DE 0,76M3 (1JD3),INCLUSIVEOPERADOR E AUXILIAR","H",195.91,null,"19.010.0017-D","ESCAVADEIRA SOBRE ESTEIRAS,VERSAO DRAGLINE OU CLAM-SHELL,COMCAPACIDADE APROXIMADA DA CACAMBA DE 0,76M3 (1JD3),INCLUSIVEOPERADOR E AUXILIAR","H",192.27]
["19.010.0020-2","CUSTO HORARIO CORRIDO DE UTILIZACAO DE EQUIPAMENTO DE JATO D'AGUA DE ALTA PRESSAO(SEWER-JET),MANGUEIRA DE 1\" DE DIAMETRO,PRESSAO ATE 2.000 LIBRAS,PARA LIMPEZA DE SISTEMA DE ESGOTAMENTO PLUVIAL OU SANITARIO,INCLUSIVE EQUIPE DE OPERACAO E ABASTECIMENTO D'AGUA","H",379.58,null,"19.010.0020-C","CUSTO HORARIO CORRIDO DE UTILIZACAO DE EQUIPAMENTO DE JATO D'AGUA DE ALTA PRESSAO(SEWER-JET),MANGUEIRA DE 1\" DE DIAMETRO,PRESSAO ATE 2.000 LIBRAS,PARA LIMPEZA DE SISTEMA DE ESGOTAMENTO PLUVIAL OU SANITARIO,INCLUSIVE EQUIPE DE OPERACAO E ABASTECIMENTO D'AGUA","H",373.24]
["19.010.0040-2","CUSTO HORARIO CORRIDO DE UTILIZACAO DE EQUIPAMENTOS HIDROJATO CONJUGADO COM SUCCAO ATRAVES DE VACUO,COMPRESSOR ACIONADOPOR TOMADA DE FORCA TIPO ROTATIVO E COM JOGO DE MANGUEIRAS PARA CAPTACAO DE 6\" E 8\",ESTA ATRAVES DE BRACO ROTATIVO,TANQUE DE ARMAZENAMENTO DE 12.000L,INCLUSIVE EQUIPE DE OPERACAO","H",438.22,null,"19.010.0040-C","CUSTO HORARIO CORRIDO DE UTILIZACAO DE EQUIPAMENTOS HIDROJATO CONJUGADO COM SUCCAO ATRAVES DE VACUO,COMPRESSOR ACIONADOPOR TOMADA DE FORCA TIPO ROTATIVO E COM JOGO DE MANGUEIRAS PARA CAPTACAO DE 6\" E 8\",ESTA ATRAVES DE BRACO ROTATIVO,TANQUE DE ARMAZENAMENTO DE 12.000L,INCLUSIVE EQUIPE DE OPERACAO","H",431.89]
["19.011.0002-3","COMPRESSOR DE AR,PORTATIL E REBOCAVEL,PRESSAO DE TRABALHO DEAPROXIMADAMENTE 102PSI,DESCARGA LIVRE EFETIVA DE APROXIMADAMENTE 200PCM,MOTOR DIESEL,EXCLUSIVE OPERADOR","H",26.11,null,"19.011.0002-D","COMPRESSOR DE AR,PORTATIL E REBOCAVEL,PRESSAO DE TRABALHO DEAPROXIMADAMENTE 102PSI,DESCARGA LIVRE EFETIVA DE APROXIMADAMENTE 200PCM,MOTOR DIESEL,EXCLUSIVE OPERADOR","H",26.11]
["19.011.0004-4","COMPRESSOR DE AR,PORTATIL E REBOCAVEL,PRESSAO DE TRABALHO DEAPROXIMADAMENTE 102PSI,DESCARGA LIVRE EFETIVA DE APROXIMADAMENTE 400PCM,MOTOR DIESEL,EXCLUSIVE OPERADOR","H",26.16,null,"19.011.0004-E","COMPRESSOR DE AR,PORTATIL E REBOCAVEL,PRESSAO DE TRABALHO DEAPROXIMADAMENTE 102PSI,DESCARGA LIVRE EFETIVA DE APROXIMADAMENTE 400PCM,MOTOR DIESEL,EXCLUSIVE OPERADOR","H",26.16]
["19.011.0006-2","GERADOR MONOFASICO,POTENCIA MAXIMA DE 2,5KVA(2500W),VOLTAGEM:110/220V,FREQUENCIA:60HZ,COM MOTOR A GASOLINA,COM TANQUE DEAPROXIMADAMENTE 13L E AUTONOMIA APROXIMADA DE 11H,EXCLUSIVEOPERADOR","H",7.88,null,"19.011.0006-C","GERADOR MONOFASICO,POTENCIA MAXIMA DE 2,5KVA(2500W),VOLTAGEM:110/220V,FREQUENCIA:60HZ,COM MOTOR A GASOLINA,COM TANQUE DEAPROXIMADAMENTE 13L E AUTONOMIA APROXIMADA DE 11H,EXCLUSIVEOPERADOR","H",7.88]
["19.011.0006-3","GERADOR MONOFASICO,POTENCIA MAXIMA DE 2,5KVA(2500W),VOLTAGEM:110/220V,FREQUENCIA:60HZ,COM MOTOR A GASOLINA,COM TANQUE DEAPROXIMADAMENTE 13L E AUTONOMIA APROXIMADA DE 11H,EXCLUSIVEOPERADOR","H",0.88,null,"19.011.0006-D","GERADOR MONOFASICO,POTENCIA MAXIMA DE 2,5KVA(2500W),VOLTAGEM:110/220V,FREQUENCIA:60HZ,COM MOTOR A GASOLINA,COM TANQUE DEAPROXIMADAMENTE 13L E AUTONOMIA APROXIMADA DE 11H,EXCLUSIVEOPERADOR","H",0.88]
["19.011.0009-2","GRUPO GERADOR ABERTO PARA ENERGIA DE EMERGENCIA,TRIFASICO,220/127V FREQUENCIA 50/60HZ,COM REGULADOR DE TENSAO E FREQUENCIA AUTOMATICA,QUADRO DE COMANDO MANUAL E TANQUE DE COMBUSTIVEL DE APROXIMADAMENTE 328L COM AUTONOMIA APROXIMADA DE 12H,COM POTENCIA APROXIMADA DE 145/125KVA (INTERMITENTE/CONTINUA),EXCLUSIVE OPERADOR","H",218.01,null,"19.011.0009-C","GRUPO GERADOR ABERTO PARA ENERGIA DE EMERGENCIA,TRIFASICO,220/127V FREQUENCIA 50/60HZ,COM REGULADOR DE TENSAO E FREQUENCIA AUTOMATICA,QUADRO DE COMANDO MANUAL E TANQUE DE COMBUSTIVEL DE APROXIMADAMENTE 328L COM AUTONOMIA APROXIMADA DE 12H,COM POTENCIA APROXIMADA DE 145/125KVA (INTERMITENTE/CONTINUA),EXCLUSIVE OPERADOR","H",218.01]
["19.011.0010-3","MAQUINA DE SOLDA A ARCO,DE 375A,COM MOTOR ELETRICO,EXCLUSIVEOPERADOR","H",1.94,null,"19.011.0010-D","MAQUINA DE SOLDA A ARCO,DE 375A,COM MOTOR ELETRICO,EXCLUSIVEOPERADOR","H",1.94]
["19.011.0013-4","CONJUNTO MOVEL DE BRITAGEM,DE CIRCUITO FECHADO,CAPACIDADE DE80T/H DE PRODUCAO DE AGREGADOS,PESO PARA TRANSPORTE DE 45T,COMPOSTO DE: TREMONHA E ALIMENTADOR,BRITADOR DE MANDIBULAS PRIMARIO,BRITADOR CONICO SECUNDARIO,PENEIRA VIBRATORIA,TRANSPORTADOR DE CORREIA CENTRIFUGO,CALHA VIBRATORIA,GERADOR E OPERADOR","H",532.17999999999995,null,"19.011.0013-E","CONJUNTO MOVEL DE BRITAGEM,DE CIRCUITO FECHADO,CAPACIDADE DE80T/H DE PRODUCAO DE AGREGADOS,PESO PARA TRANSPORTE DE 45T,COMPOSTO DE: TREMONHA E ALIMENTADOR,BRITADOR DE MANDIBULAS PRIMARIO,BRITADOR CONICO SECUNDARIO,PENEIRA VIBRATORIA,TRANSPORTADOR DE CORREIA CENTRIFUGO,CALHA VIBRATORIA,GERADOR E OPERADOR","H",529.97]
["19.011.0014-2","CILINDRO HIDRAULICO DE 100T,COMANDO A DISTANCIA,MANGUEIRA DEALTA PRESSAO DE BORRACHA REFORCADA DOTADA COM BOMBA DE COMANDO MANUAL DE 8.000 LIBRAS/POLEGADA QUADRADA OU 560KG/CM2,CAPACIDADE DE 12L,TUBO COM COMPRIMENTO PADRAO DE 3,00M,EXCLUSIVE OPERADOR","H",5,null,"19.011.0014-C","CILINDRO HIDRAULICO DE 100T,COMANDO A DISTANCIA,MANGUEIRA DEALTA PRESSAO DE BORRACHA REFORCADA DOTADA COM BOMBA DE COMANDO MANUAL DE 8.000 LIBRAS/POLEGADA QUADRADA OU 560KG/CM2,CAPACIDADE DE 12L,TUBO COM COMPRIMENTO PADRAO DE 3,00M,EXCLUSIVE OPERADOR","H",5]
["19.011.0017-2","TALHA GUINCHO MANUAL COM CAPACIDADE DE ICAMENTO DE 4.000KG EDE TRACAO DE 5.000KG,PESO DA TALHA DE 30KG,COMPOSTA DE CABODE ACO COM CURSO ILIMITADO,ALAVANCAS DE AVANCO E DE MARCHAA RE PROVIDAS DE PINOS DE RETENCAO,COMPRIMENTO DE ALAVANCA TELESCOPICA DE 0,82 A 1,20M,CARRETEL E GANCHOS,EXCLUSIVE OPERADOR","H",0.2,null,"19.011.0017-C","TALHA GUINCHO MANUAL COM CAPACIDADE DE ICAMENTO DE 4.000KG EDE TRACAO DE 5.000KG,PESO DA TALHA DE 30KG,COMPOSTA DE CABODE ACO COM CURSO ILIMITADO,ALAVANCAS DE AVANCO E DE MARCHAA RE PROVIDAS DE PINOS DE RETENCAO,COMPRIMENTO DE ALAVANCA TELESCOPICA DE 0,82 A 1,20M,CARRETEL E GANCHOS,EXCLUSIVE OPERADOR","H",0.2]
["19.011.0019-2","ESTACAO TOTAL,COM PRECISAO ANGULAR DE 1\" A 2\",ALCANCE MINIMODE 500M SEM PRISMA,E ALCANCE MINIMO DE 3000M COM UM PRISMA,GATILHO RAPIDO,DISPLAY DUPLO,TECLADO ALFANUMERICO,MEMORIA INTERNA COM MINIMO DE 17.000 PONTOS,PODENDO SER EXPANDIDO PORCARTAO DE MEMORIA OU PEN DRIVE,TRANSFERENCIA DE DADOS VIAUSB,BATERIA RECARREGAVEL,EXCLUSIVE EQUIPE DE TOPOGRAFIA","H",0.9,null,"19.011.0019-C","ESTACAO TOTAL,COM PRECISAO ANGULAR DE 1\" A 2\",ALCANCE MINIMODE 500M SEM PRISMA,E ALCANCE MINIMO DE 3000M COM UM PRISMA,GATILHO RAPIDO,DISPLAY DUPLO,TECLADO ALFANUMERICO,MEMORIA INTERNA COM MINIMO DE 17.000 PONTOS,PODENDO SER EXPANDIDO PORCARTAO DE MEMORIA OU PEN DRIVE,TRANSFERENCIA DE DADOS VIAUSB,BATERIA RECARREGAVEL,EXCLUSIVE EQUIPE DE TOPOGRAFIA","H",0.9]
["19.011.0025-4","MOTOSSERRA PARA ABATE,DESGALHAMENTO E TORAGEM DE ARVORES,EXCLUSIVE OPERADOR","H",0.13,null,"19.011.0025-E","MOTOSSERRA PARA ABATE,DESGALHAMENTO E TORAGEM DE ARVORES,EXCLUSIVE OPERADOR","H",0.13]
["19.011.0040-3","ROTATIVA PARA EXECUCAO DE POCOS PROFUNDOS,SOBRE CAMINHAO DE12T (INCLUSIVE ESTE) COM TECNICO EM SONDAGEM E 3 SONDADORES,COM AS SEGUINTES ESPECIFICACOES MINIMAS:MOTOR DIESEL DE 162CV,COMPRESSOR DE AR ROTATIVO DE 270HP,DESCARGA LIVRE DE 747PCM E PRESSAO DE 150PSI","H",665.29,null,"19.011.0040-D","ROTATIVA PARA EXECUCAO DE POCOS PROFUNDOS,SOBRE CAMINHAO DE12T (INCLUSIVE ESTE) COM TECNICO EM SONDAGEM E 3 SONDADORES,COM AS SEGUINTES ESPECIFICACOES MINIMAS:MOTOR DIESEL DE 162CV,COMPRESSOR DE AR ROTATIVO DE 270HP,DESCARGA LIVRE DE 747PCM E PRESSAO DE 150PSI","H",656.93]
["19.011.0045-4","RETIFICADOR DE SOLDA,ELETRICO,DE 430A","H",0.31,null,"19.011.0045-E","RETIFICADOR DE SOLDA,ELETRICO,DE 430A","H",0.31]
["19.011.0080-4","MAQUINA DE SOLDA POR TERMOFUSAO PARA GEOMEMBRANAS PEAD COM ESPESSURAS DE 0,5MM A 2,0MM,POTENCIA DE 800W,FREQUENCIA DE 50/60HZ,TENSAO DE 220V,EXCLUSIVE OPERADOR","H",7.72,null,"19.011.0080-E","MAQUINA DE SOLDA POR TERMOFUSAO PARA GEOMEMBRANAS PEAD COM ESPESSURAS DE 0,5MM A 2,0MM,POTENCIA DE 800W,FREQUENCIA DE 50/60HZ,TENSAO DE 220V,EXCLUSIVE OPERADOR","H",7.72]
["20.004.0005-0","REGULARIZACAO E COMPACTACAO DE SUBLEITO,DE ACORDO COM AS \"INSTRUCOES PARA EXECUCAO\" DO DER-RJ,INCLUSIVE EXECUCAO E O TRANSPORTE DE AGUA,MAS SEM TRANSPORTE E ESCAVACAO DE CORRETIVOS.O CUSTO SE APLICA A AREA EFETIVAMENTE REGULARIZADA","M2",1.56,null,"20.004.0005-A","REGULARIZACAO E COMPACTACAO DE SUBLEITO,DE ACORDO COM AS \"INSTRUCOES PARA EXECUCAO\" DO DER-RJ,INCLUSIVE EXECUCAO E O TRANSPORTE DE AGUA,MAS SEM TRANSPORTE E ESCAVACAO DE CORRETIVOS.O CUSTO SE APLICA A AREA EFETIVAMENTE REGULARIZADA","M2",1.53]
["20.004.0006-0","REFORCO DE SUBLEITO,DE ACORDO COM AS \"INSTRUCOES PARA EXECUCAO\" DO DER-RJ,EXCLUSIVE ESCAVACAO,CARGA,TRANSPORTE E FORNECIMENTO DOS MATERIAIS","M3",7.69,null,"20.004.0006-A","REFORCO DE SUBLEITO,DE ACORDO COM AS \"INSTRUCOES PARA EXECUCAO\" DO DER-RJ,EXCLUSIVE ESCAVACAO,CARGA,TRANSPORTE E FORNECIMENTO DOS MATERIAIS","M3",7.56]
["20.004.0013-0","REMOCAO DE MATERIAL SOLTO(1ª CATEGORIA),PROVENIENTE DE DESLIZAMENTO DE BARREIRAS, UTILIZANDO PA CARREGADEIRA DE 3,10M3,EXCLUSIVE DESPESAS COM CAMINHAO","M3",3.41,null,"20.004.0013-A","REMOCAO DE MATERIAL SOLTO(1ª CATEGORIA),PROVENIENTE DE DESLIZAMENTO DE BARREIRAS, UTILIZANDO PA CARREGADEIRA DE 3,10M3,EXCLUSIVE DESPESAS COM CAMINHAO","M3",3.36]
["20.004.0017-0","BASE PARA REMENDO PROFUNDO(BRITA,SOLO X BRITA,SOLO ESTABILIZADO GRANULOMETRICAMENTE,SOLO MELHORADO COM CIMENTO),EXECUTADA MANUALMENTE,MEDIDA PELO VOLUME COMPACTADO,EXCLUSIVE FORNECIMENTO E TRANSPORTE DOS MATERIAIS","M3",391.97,null,"20.004.0017-A","BASE PARA REMENDO PROFUNDO(BRITA,SOLO X BRITA,SOLO ESTABILIZADO GRANULOMETRICAMENTE,SOLO MELHORADO COM CIMENTO),EXECUTADA MANUALMENTE,MEDIDA PELO VOLUME COMPACTADO,EXCLUSIVE FORNECIMENTO E TRANSPORTE DOS MATERIAIS","M3",379.39]
["20.004.0027-0","RECOMPOSICAO DE CBUQ,EXCLUSIVE FORNECIMENTO E TRANSPORTE DOSMATERIAIS","M3",193.6,null,"20.004.0027-A","RECOMPOSICAO DE CBUQ,EXCLUSIVE FORNECIMENTO E TRANSPORTE DOSMATERIAIS","M3",188.89]
["20.004.0028-0","RECOMPOSICAO ESTRUTURAL DE PAVIMENTO (COM REPARO DE BASE)CBUQ COM 5CM DE ESPESSURA","M2",172.73,null,"20.004.0028-A","RECOMPOSICAO ESTRUTURAL DE PAVIMENTO (COM REPARO DE BASE)CBUQ COM 5CM DE ESPESSURA","M2",166.92]
["20.004.0038-0","LIMPEZA DE SUPERFICIES COM MOTONIVELADORA","M2",0.34,null,"20.004.0038-A","LIMPEZA DE SUPERFICIES COM MOTONIVELADORA","M2",0.34]
["20.004.0122-0","LIMPEZA MECANIZADA DE SARJETA E MEIO-FIO,COM UTILIZACAO DE VASSOURA MECANICA","KM",22.68,null,"20.004.0122-A","LIMPEZA MECANIZADA DE SARJETA E MEIO-FIO,COM UTILIZACAO DE VASSOURA MECANICA","KM",22.33]
["20.004.0132-0","DESOBSTRUCAO E LIMPEZA DE PISTA PARA EMBUTIMENTO DE FIACAO","M2",3.44,null,"20.004.0132-A","DESOBSTRUCAO E LIMPEZA DE PISTA PARA EMBUTIMENTO DE FIACAO","M2",3.3]
["20.005.0002-1","BASE ESTABILIZADA,SEM MISTURA DE MATERIAIS,DE ACORDO COM AS\"INSTRUCOES PARA EXECUCAO\" DO DER-RJ,COMPACTADA EM DUAS CAMADAS,COM ENERGIA EQUIVALENTE A AASHTO INTERMEDIARIA,EXCLUSIVEESCAVACAO E TRANSPORTE DOS MATERIAIS,INCLUSIVE TRANSPORTE DE AGUA","M3",17.59,null,"20.005.0002-B","BASE ESTABILIZADA,SEM MISTURA DE MATERIAIS,DE ACORDO COM AS\"INSTRUCOES PARA EXECUCAO\" DO DER-RJ,COMPACTADA EM DUAS CAMADAS,COM ENERGIA EQUIVALENTE A AASHTO INTERMEDIARIA,EXCLUSIVEESCAVACAO E TRANSPORTE DOS MATERIAIS,INCLUSIVE TRANSPORTE DE AGUA","M3",17.170000000000002]
["20.005.0005-0","BASE ESTABILIZADA GRANULOMETRICAMENTE,COM MISTURA DE 2 OU MAIS MATERIAIS,DE ACORDO COM AS \"INSTRUCOES PARA EXECUCAO\" DODER-RJ,COMPACTADA EM DUAS CAMADAS,C/ ENERGIA EQUIVALENTE A AASHTO INTERMEDIARIA,EXCLUSIVE ESCAVACAO E TRANSPORTE DOS MATERIAIS,INCLUINDO TRANSPORTE DE AGUA","M3",21.29,null,"20.005.0005-A","BASE ESTABILIZADA GRANULOMETRICAMENTE,COM MISTURA DE 2 OU MAIS MATERIAIS,DE ACORDO COM AS \"INSTRUCOES PARA EXECUCAO\" DODER-RJ,COMPACTADA EM DUAS CAMADAS,C/ ENERGIA EQUIVALENTE A AASHTO INTERMEDIARIA,EXCLUSIVE ESCAVACAO E TRANSPORTE DOS MATERIAIS,INCLUINDO TRANSPORTE DE AGUA","M3",20.77]
["20.005.0010-0","BASE DE SOLO BETUME COM MISTURA NA PISTA,COMPREENDENDO AS OPERACOES DE EXECUCAO","M3",32.1,null,"20.005.0010-A","BASE DE SOLO BETUME COM MISTURA NA PISTA,COMPREENDENDO AS OPERACOES DE EXECUCAO","M3",31.51]
["20.007.0002-0","BASE DE SOLO ESTABILIZADO COM MISTURA(SOLO+BRITA),COMPREENDENDO A EXECUCAO EXCLUSIVAMENTE NA PISTA,INCLUSIVE TRANSPORTEDE AGUA,EXCLUSIVE ESCAVACAO,CARGA E TRANSPORTE DOS SOLOS UTILIZADOS,FORNECIMENTO E TRANSPORTE DOS MATERIAIS.O CUSTO SE APLICA AO VOLUME MEDIDO APOS COMPACTACAO","M3",16.86,null,"20.007.0002-A","BASE DE SOLO ESTABILIZADO COM MISTURA(SOLO+BRITA),COMPREENDENDO A EXECUCAO EXCLUSIVAMENTE NA PISTA,INCLUSIVE TRANSPORTEDE AGUA,EXCLUSIVE ESCAVACAO,CARGA E TRANSPORTE DOS SOLOS UTILIZADOS,FORNECIMENTO E TRANSPORTE DOS MATERIAIS.O CUSTO SE APLICA AO VOLUME MEDIDO APOS COMPACTACAO","M3",16.5]
["20.008.0001-0","BASE DE BRITA GRADUADA,MEDIDA APOS A COMPACTACAO,EXCLUSIVE OFORNECIMENTO E TRANSPORTE DOS MATERIAIS","M3",17.05,null,"20.008.0001-A","BASE DE BRITA GRADUADA,MEDIDA APOS A COMPACTACAO,EXCLUSIVE OFORNECIMENTO E TRANSPORTE DOS MATERIAIS","M3",16.68]
["20.008.0015-0","SUB-BASE DE BRITA CORRIDA,MEDIDA APOS A COMPACTACAO,EXCLUSIVE FORNECIMENTO E TRANSPORTE DOS MATERIAIS","M3",16.170000000000002,null,"20.008.0015-A","SUB-BASE DE BRITA CORRIDA,MEDIDA APOS A COMPACTACAO,EXCLUSIVE FORNECIMENTO E TRANSPORTE DOS MATERIAIS","M3",15.79]
["20.009.0002-1","PINTURA DE LIGACAO,DE ACORDO COM AS \"INSTRUCOES PARA EXECUCAO\",DO DER-RJ,EXCLUSIVE O FORNECIMENTO E TRANSPORTE DO MATERIAL BETUMINOSO","M2",0.4,null,"20.009.0002-B","PINTURA DE LIGACAO,DE ACORDO COM AS \"INSTRUCOES PARA EXECUCAO\",DO DER-RJ,EXCLUSIVE O FORNECIMENTO E TRANSPORTE DO MATERIAL BETUMINOSO","M2",0.39]
["20.009.0017-0","CAPA SELANTE,EXCLUSIVE O FORNECIMENTO E TRANSPORTE DOS MATERIAIS","M2",1.05,null,"20.009.0017-A","CAPA SELANTE,EXCLUSIVE O FORNECIMENTO E TRANSPORTE DOS MATERIAIS","M2",1.03]
["20.009.0020-0","REVESTIMENTO DO TIPO \"LAMA ASFALTICA FINA\",DE ACORDO COM AS\"INSTRUCOES PARA EXECUCAO\",DO DER-RJ,EXCLUSIVE O FORNECIMENTO E TRANSPORTE DOS MATERIAIS","M2",3.96,null,"20.009.0020-A","REVESTIMENTO DO TIPO \"LAMA ASFALTICA FINA\",DE ACORDO COM AS\"INSTRUCOES PARA EXECUCAO\",DO DER-RJ,EXCLUSIVE O FORNECIMENTO E TRANSPORTE DOS MATERIAIS","M2",3.89]
["20.009.0050-0","REVESTIMENTO DE CONCRETO BETUMINOSO USINADO A QUENTE,DE ACORDO COM A \"INSTRUCAO PARA EXECUCAO\"DO DER-RJ,COMPREENDENDO APENAS O ESPALHAMENTO E COMPACTACAO MANUAIS,UTILIZANDO SOQUETEVIBRATORIO,EXCLUSIVE PREPARO,FORNECIMENTO E TRANSPORTE DOSMATERIAIS","M3",162.94999999999999,null,"20.009.0050-A","REVESTIMENTO DE CONCRETO BETUMINOSO USINADO A QUENTE,DE ACORDO COM A \"INSTRUCAO PARA EXECUCAO\"DO DER-RJ,COMPREENDENDO APENAS O ESPALHAMENTO E COMPACTACAO MANUAIS,UTILIZANDO SOQUETEVIBRATORIO,EXCLUSIVE PREPARO,FORNECIMENTO E TRANSPORTE DOSMATERIAIS","M3",153]
["20.010.0001-0","REVESTIMENTO EM PLACAS DE CONCRETO,DE ACORDO COM AS \"INSTRUCOES PARA EXECUCAO\",DO DER-RJ,PRODUCAO MEDIA DE 25,50M3/H,INCLUSIVE O TRANSPORTE DOS MATERIAIS,MAS SEM O FORNECIMENTO DOSMESMOS","M3",62.82,null,"20.010.0001-A","REVESTIMENTO EM PLACAS DE CONCRETO,DE ACORDO COM AS \"INSTRUCOES PARA EXECUCAO\",DO DER-RJ,PRODUCAO MEDIA DE 25,50M3/H,INCLUSIVE O TRANSPORTE DOS MATERIAIS,MAS SEM O FORNECIMENTO DOSMESMOS","M3",60.26]
["20.012.0001-0","EXECUCAO DE BANQUETA DE SOLO,EM ATERRO,MEDIDO PELO VOLUME DEBANQUETA","M3",19.190000000000001,null,"20.012.0001-A","EXECUCAO DE BANQUETA DE SOLO,EM ATERRO,MEDIDO PELO VOLUME DEBANQUETA","M3",17.899999999999999]
["20.012.0004-0","LIMPEZA MANUAL DE MEIOS-FIOS E SARJETAS","KM",438.78,null,"20.012.0004-A","LIMPEZA MANUAL DE MEIOS-FIOS E SARJETAS","KM",409.32]
["20.012.0009-0","REMOCAO MANUAL DE MATERIAL SOLTO (1ªCATEGORIA),PROVENIENTE DE DESLIZAMENTO DE BARREIRA,EXCLUSIVE TRANSPORTE","M3",23.91,null,"20.012.0009-A","REMOCAO MANUAL DE MATERIAL SOLTO (1ªCATEGORIA),PROVENIENTE DE DESLIZAMENTO DE BARREIRA,EXCLUSIVE TRANSPORTE","M3",22.3]
["20.012.0020-0","RECUPERACAO DE MEIO-FIO COM ARGAMASSA DE CIMENTO E AREIA","M",4.91,null,"20.012.0020-A","RECUPERACAO DE MEIO-FIO COM ARGAMASSA DE CIMENTO E AREIA","M",4.6399999999999997]
["20.012.0050-0","LIMPEZA MANUAL DE SAIDAS DE AGUA","UN",6.58,null,"20.012.0050-A","LIMPEZA MANUAL DE SAIDAS DE AGUA","UN",6.13]
["20.016.0005-0","RECOMPOSICAO TOTAL DE CERCA DE ARAME FARPADO E MOIRAO DE CONCRETO,EXCLUSIVE FORNECIMENTO DOS MATERIAIS","M",10.96,null,"20.016.0005-A","RECOMPOSICAO TOTAL DE CERCA DE ARAME FARPADO E MOIRAO DE CONCRETO,EXCLUSIVE FORNECIMENTO DOS MATERIAIS","M",10.23]
["20.020.0002-0","SARJETA DE CORTE TRIANGULAR,COM COBERTURA VEGETAL,MEDINDO 1,50M DE BASE E 0,30M DE ALTURA,INCLUSIVE ESCAVACAO MECANICA EACERTO MANUAL DO TERRENO","M",59.63,null,"20.020.0002-A","SARJETA DE CORTE TRIANGULAR,COM COBERTURA VEGETAL,MEDINDO 1,50M DE BASE E 0,30M DE ALTURA,INCLUSIVE ESCAVACAO MECANICA EACERTO MANUAL DO TERRENO","M",57.99]
["20.020.0010-0","VALETA DE PROTECAO DE CORTE OU ATERRO(0,40M3/M),INCLUSIVE REVESTIMENTO VEGETAL","M",111.44,null,"20.020.0010-A","VALETA DE PROTECAO DE CORTE OU ATERRO(0,40M3/M),INCLUSIVE REVESTIMENTO VEGETAL","M",105.49]
["20.023.0002-0","SARJETA DE CORTE OU BANQUETAS EM TALUDES ESCALONADOS,FORMA TRIANGULAR,REVESTIDA DE CONCRETO SIMPLES,COM 0,08M DE ESPESSURA,MEDINDO 1,50M NA BASE E 0,30M DE ALTURA,INCLUSIVE ESCAVACAO MECANICA,ACERTO MANUAL DO TERRENO,FORNECIMENTO DOS MATERIAIS E REJUNTAMENTO","M",126.26,null,"20.023.0002-A","SARJETA DE CORTE OU BANQUETAS EM TALUDES ESCALONADOS,FORMA TRIANGULAR,REVESTIDA DE CONCRETO SIMPLES,COM 0,08M DE ESPESSURA,MEDINDO 1,50M NA BASE E 0,30M DE ALTURA,INCLUSIVE ESCAVACAO MECANICA,ACERTO MANUAL DO TERRENO,FORNECIMENTO DOS MATERIAIS E REJUNTAMENTO","M",122.68]
["20.023.0007-0","SARJETA DE CORTE EM SOLO,FORMA TRAPEZOIDAL,EM CONCRETO SIMPLES,COM 0,08M DE ESPESSURA,MEDINDO 1,20M NA BASE MAIOR,0,40MNA BASE MENOR E 0,40M DE ALTURA,INCLUSIVE FORNECIMENTO DOS MATERIAIS E ESCAVACAO","M",211.84,null,"20.023.0007-A","SARJETA DE CORTE EM SOLO,FORMA TRAPEZOIDAL,EM CONCRETO SIMPLES,COM 0,08M DE ESPESSURA,MEDINDO 1,20M NA BASE MAIOR,0,40MNA BASE MENOR E 0,40M DE ALTURA,INCLUSIVE FORNECIMENTO DOS MATERIAIS E ESCAVACAO","M",204.19]
["20.024.0007-0","SARJETA DE CORTE EM SOLO,FORMA RETANGULAR,EM CONCRETO ARMADO,COM 0,10M DE ESPESSURA,MEDINDO 0,60M DE LARGURA E 0,40M DEALTURA,INCLUSIVE FORNECIMENTO DOS MATERIAIS E ESCAVACAO MECANICA","M",443.93,null,"20.024.0007-A","SARJETA DE CORTE EM SOLO,FORMA RETANGULAR,EM CONCRETO ARMADO,COM 0,10M DE ESPESSURA,MEDINDO 0,60M DE LARGURA E 0,40M DEALTURA,INCLUSIVE FORNECIMENTO DOS MATERIAIS E ESCAVACAO MECANICA","M",428.19]
["20.026.0002-0","DESCIDA D'AGUA,RETANGULAR(RAPIDO)EM CONCRETO ARMADO,COM 0,10M DE ESPESSURA,TENDO NA BASE 0,80M E DE ALTURA 0,30M,MEDIDAPELO COMPRIMENTO REAL,INCLUSIVE VIGAS TRANSVERSAIS DE ANCORAGEM NO SOLO A CADA 5,00M,COM FORNECIMENTO DOS MATERIAIS E ESCAVACAO,EXCLUSIVE DISSIPADOR DE ENERGIA","M",460.62,null,"20.026.0002-A","DESCIDA D'AGUA,RETANGULAR(RAPIDO)EM CONCRETO ARMADO,COM 0,10M DE ESPESSURA,TENDO NA BASE 0,80M E DE ALTURA 0,30M,MEDIDAPELO COMPRIMENTO REAL,INCLUSIVE VIGAS TRANSVERSAIS DE ANCORAGEM NO SOLO A CADA 5,00M,COM FORNECIMENTO DOS MATERIAIS E ESCAVACAO,EXCLUSIVE DISSIPADOR DE ENERGIA","M",443.62]
["20.026.0015-0","DESCIDA D'AGUA,EM DEGRAUS,FORMA RETANGULAR EM CONCRETO ARMADO,FUNDO ACOMPANHA A FORMA DOS DEGRAUS,MEDINDO 1,10M DE BASEE 0,50M DE ALTURA,INCLUSIVE VIGAS TRANSVERSAIS DE ANCORAGEMNO SOLO A CADA 5,00M,DEGRAUS C/MEDIDAS COERENTES C/INCLINACAO DO TERRENO,MEDIDA PELO SEU COMPRIMENTO REAL(DA CAIXA COLETORA AO DISSIPADOR DE ENERGIA),FORN.DOS MATERIAIS E ESCAVACAO","M",1125.22,null,"20.026.0015-A","DESCIDA D'AGUA,EM DEGRAUS,FORMA RETANGULAR EM CONCRETO ARMADO,FUNDO ACOMPANHA A FORMA DOS DEGRAUS,MEDINDO 1,10M DE BASEE 0,50M DE ALTURA,INCLUSIVE VIGAS TRANSVERSAIS DE ANCORAGEMNO SOLO A CADA 5,00M,DEGRAUS C/MEDIDAS COERENTES C/INCLINACAO DO TERRENO,MEDIDA PELO SEU COMPRIMENTO REAL(DA CAIXA COLETORA AO DISSIPADOR DE ENERGIA),FORN.DOS MATERIAIS E ESCAVACAO","M",1084.8800000000001]
["20.027.0001-0","SAIDA D'AGUA,DE UM SO LADO,COM 0,70M DE BASE,FORMANDO DE UMLADO UM ANGULO DE 30º COM O MEIO-FIO E DE OUTRO 90º,PARA DESCIDA D'AGUA,DE 0,70X0,30M,INCLUSIVE FORNECIMENTO DOS MATERIAIS","UN",651.84,null,"20.027.0001-A","SAIDA D'AGUA,DE UM SO LADO,COM 0,70M DE BASE,FORMANDO DE UMLADO UM ANGULO DE 30º COM O MEIO-FIO E DE OUTRO 90º,PARA DESCIDA D'AGUA,DE 0,70X0,30M,INCLUSIVE FORNECIMENTO DOS MATERIAIS","UN",626.82000000000005]
["20.028.0001-0","CAIXA COLETORA PRISMATICA RETANGULAR,EM CONCRETO ARMADO DE 0,15M DE ESPESSURA,MEDINDO 1,00X1,30M DE BASE E 1,60M DE ALTURA,TAMPA DE CONCRETO ARMADO VAZADA,INCLUSIVE FORNECIMENTO DOS MATERIAIS E ESCAVACAO MANUAL","UN",6491.72,null,"20.028.0001-A","CAIXA COLETORA PRISMATICA RETANGULAR,EM CONCRETO ARMADO DE 0,15M DE ESPESSURA,MEDINDO 1,00X1,30M DE BASE E 1,60M DE ALTURA,TAMPA DE CONCRETO ARMADO VAZADA,INCLUSIVE FORNECIMENTO DOS MATERIAIS E ESCAVACAO MANUAL","UN",6201.72]
["20.028.0006-0","CAIXA COLETORA PRISMATICA RETANGULAR,EM CONCRETO ARMADO DE 0,15M DE ESPESSURA,MEDINDO 1,00X1,30M DE BASE E 2,60M DE ALTURA,TAMPA DE CONCRETO ARMADO VAZADA,INCLUSIVE FORNECIMENTO DOS MATERIAIS E ESCAVACAO MANUAL","UN",10831.67,null,"20.028.0006-A","CAIXA COLETORA PRISMATICA RETANGULAR,EM CONCRETO ARMADO DE 0,15M DE ESPESSURA,MEDINDO 1,00X1,30M DE BASE E 2,60M DE ALTURA,TAMPA DE CONCRETO ARMADO VAZADA,INCLUSIVE FORNECIMENTO DOS MATERIAIS E ESCAVACAO MANUAL","UN",10304.09]
["20.028.0016-0","DISSIPADOR DE ENERGIA TIPO,EM CONCRETO ARMADO,MEDINDO 2,10X1,15M DE BASE E 0,50M DE ALTURA,INCLUSIVE 10 RESSALTOS DE CONCRETO DE 0,10X0,20X0,15M,COM FORNECIMENTO DOS MATERIAIS E ESCAVACAO","UN",2447.12,null,"20.028.0016-A","DISSIPADOR DE ENERGIA TIPO,EM CONCRETO ARMADO,MEDINDO 2,10X1,15M DE BASE E 0,50M DE ALTURA,INCLUSIVE 10 RESSALTOS DE CONCRETO DE 0,10X0,20X0,15M,COM FORNECIMENTO DOS MATERIAIS E ESCAVACAO","UN",2362.0500000000002]
["20.030.0002-0","DRENO PROFUNDO PARA CORTE EM SOLO,TRAPEZOIDAL,MEDINDO 0,65MNA BASE MENOR,0,75M NA BASE MAIOR E 1,50M DE ALTURA,DIAMETRODO TUBO DE 0,30M,FORNECIMENTO DOS MATERIAIS E EXECUCAO,INCLUSIVE SELO,ENCHIMENTO FILTRANTE,MATERIAL DRENANTE E ESCAVACAO","M",366.24,null,"20.030.0002-A","DRENO PROFUNDO PARA CORTE EM SOLO,TRAPEZOIDAL,MEDINDO 0,65MNA BASE MENOR,0,75M NA BASE MAIOR E 1,50M DE ALTURA,DIAMETRODO TUBO DE 0,30M,FORNECIMENTO DOS MATERIAIS E EXECUCAO,INCLUSIVE SELO,ENCHIMENTO FILTRANTE,MATERIAL DRENANTE E ESCAVACAO","M",358.33]
["20.031.0002-0","DRENO PROFUNDO PARA CORTE EM SOLO,TRAPEZOIDAL,MEDINDO 0,65MNA BASE MENOR,0,75M NA BASE MAIOR E 1,50M DE ALTURA,DIAMETRODO TUBO DE 0,30M,FORNECIMENTO DOS MATERIAIS E EXECUCAO,INCLUSIVE SELO,ENCHIMENTO FILTRANTE,MATERIAL DRENANTE E ESCAVACAO,EXCLUSIVE FORNECIMENTO DO TUBO","M",258.24,null,"20.031.0002-A","DRENO PROFUNDO PARA CORTE EM SOLO,TRAPEZOIDAL,MEDINDO 0,65MNA BASE MENOR,0,75M NA BASE MAIOR E 1,50M DE ALTURA,DIAMETRODO TUBO DE 0,30M,FORNECIMENTO DOS MATERIAIS E EXECUCAO,INCLUSIVE SELO,ENCHIMENTO FILTRANTE,MATERIAL DRENANTE E ESCAVACAO,EXCLUSIVE FORNECIMENTO DO TUBO","M",250.33]
["20.033.0001-0","DRENO PROFUNDO PARA CORTE EM ROCHA,TRAPEZOIDAL,MEDINDO 0,30MNA BASE MENOR,0,40M NA BASE MAIOR E 0,20M DE ALTURA,FORNECIMENTO DOS MATERIAIS E EXECUCAO,INCLUSIVE SELO,ENCHIMENTO FILTRANTE,MATERIAL DRENANTE E ESCAVACAO,EXCLUSIVE FORNECIMENTODO TUBO","M",217.2,null,"20.033.0001-A","DRENO PROFUNDO PARA CORTE EM ROCHA,TRAPEZOIDAL,MEDINDO 0,30MNA BASE MENOR,0,40M NA BASE MAIOR E 0,20M DE ALTURA,FORNECIMENTO DOS MATERIAIS E EXECUCAO,INCLUSIVE SELO,ENCHIMENTO FILTRANTE,MATERIAL DRENANTE E ESCAVACAO,EXCLUSIVE FORNECIMENTODO TUBO","M",210.15]
["20.035.0001-0","DRENO PROFUNDO PARA CORTE EM SOLO,TRAPEZOIDAL,MEDINDO 0,60MNA BASE MENOR,0,70M NA BASE MAIOR E 1,50M DE ALTURA,EXCLUSIVE FORNECIMENTO DO TUBO,COM UTILIZACAO DE MANTA GEOTEXTIL EMDRENO SUBTERRANEO,FORNECIMENTO DOS MATERIAIS E ESCAVACAO,INCLUSIVE SELO,ENCHIMENTO FILTRANTE,MATERIAL DRENANTE E ESCAVACAO","M",293.11,null,"20.035.0001-A","DRENO PROFUNDO PARA CORTE EM SOLO,TRAPEZOIDAL,MEDINDO 0,60MNA BASE MENOR,0,70M NA BASE MAIOR E 1,50M DE ALTURA,EXCLUSIVE FORNECIMENTO DO TUBO,COM UTILIZACAO DE MANTA GEOTEXTIL EMDRENO SUBTERRANEO,FORNECIMENTO DOS MATERIAIS E ESCAVACAO,INCLUSIVE SELO,ENCHIMENTO FILTRANTE,MATERIAL DRENANTE E ESCAVACAO","M",285.68]
["20.035.0002-0","DRENO PROFUNDO PARA CORTE EM SOLO,TRAPEZOIDAL,MEDINDO 0,65MNA BASE MENOR,0,75M NA BASE MAIOR E 1,50M DE ALTURA,EXCLUSIVE FORNECIMENTO DO TUBO,COM UTILIZACAO DE MANTA GEOTEXTIL EMDRENO SUBTERRANEO,FORNECIMENTO DOS MATERIAIS,E EXECUCAO,INCLUSIVE SELO,ENCHIMENTO FILTRANTE,MATERIAL DRENANTE E ESCAVACAO","M",311.58999999999997,null,"20.035.0002-A","DRENO PROFUNDO PARA CORTE EM SOLO,TRAPEZOIDAL,MEDINDO 0,65MNA BASE MENOR,0,75M NA BASE MAIOR E 1,50M DE ALTURA,EXCLUSIVE FORNECIMENTO DO TUBO,COM UTILIZACAO DE MANTA GEOTEXTIL EMDRENO SUBTERRANEO,FORNECIMENTO DOS MATERIAIS,E EXECUCAO,INCLUSIVE SELO,ENCHIMENTO FILTRANTE,MATERIAL DRENANTE E ESCAVACAO","M",303.33999999999997]
["20.037.0001-0","DRENO PROFUNDO PARA CORTE EM ROCHA,TRAPEZOIDAL,MEDINDO 0,30MNA BASE MENOR,0,40M NA BASE MAIOR E 0,20M DE ALTURA,EXCLUSIVE FORNECIMENTO O TUBO,COM UTILIZACAO DE MANTA GEOTEXTIL EMDRENO SUBTERRANEO,FORNECIMENTO DOS MATERIAIS E EXECUCAO,INCLUSIVE SELO,ENCHIMENTO FILTRANTE,MATERIAL DRENANTE E ESCAVACAO","M",243.36,null,"20.037.0001-A","DRENO PROFUNDO PARA CORTE EM ROCHA,TRAPEZOIDAL,MEDINDO 0,30MNA BASE MENOR,0,40M NA BASE MAIOR E 0,20M DE ALTURA,EXCLUSIVE FORNECIMENTO O TUBO,COM UTILIZACAO DE MANTA GEOTEXTIL EMDRENO SUBTERRANEO,FORNECIMENTO DOS MATERIAIS E EXECUCAO,INCLUSIVE SELO,ENCHIMENTO FILTRANTE,MATERIAL DRENANTE E ESCAVACAO","M",236.22]
["20.038.0015-0","DRENO RASO COM PEDRA BRITADA,INCLUSIVE ESCAVACAO E FORNECIMENTO DOS MATERIAIS","M",79.58,null,"20.038.0015-A","DRENO RASO COM PEDRA BRITADA,INCLUSIVE ESCAVACAO E FORNECIMENTO DOS MATERIAIS","M",77.89]
["20.041.0005-0","DEFENSA METALICA,MODELO MALEAVEL SIMPLES,GALVANIZADA,CONSTITUIDA DE GUIA DESLIZANTE,ESPACADOR,CALCO,PLAQUETA,ACESSORIOSDE APERTO E POSTE COM COMPRIMENTO DE 1,80M.FORNECIMENTO","M",619,null,"20.041.0005-A","DEFENSA METALICA,MODELO MALEAVEL SIMPLES,GALVANIZADA,CONSTITUIDA DE GUIA DESLIZANTE,ESPACADOR,CALCO,PLAQUETA,ACESSORIOSDE APERTO E POSTE COM COMPRIMENTO DE 1,80M.FORNECIMENTO","M",619]
["20.041.0008-0","DEFENSA METALICA,MODELO MALEAVEL DUPLA,GALVANIZADA,CONSTITUIDA DE GUIA DESLIZANTE,ESPACADOR,CALCO,PLAQUETA,ACESSORIOS DEAPERTO E POSTE COM COMPRIMENTO DE 1,80M.FORNECIMENTO","M",771,null,"20.041.0008-A","DEFENSA METALICA,MODELO MALEAVEL DUPLA,GALVANIZADA,CONSTITUIDA DE GUIA DESLIZANTE,ESPACADOR,CALCO,PLAQUETA,ACESSORIOS DEAPERTO E POSTE COM COMPRIMENTO DE 1,80M.FORNECIMENTO","M",771]
["20.067.0043-0","BOCA PARA BUEIRO TRIPLO,MULTI-PLATE CIRCULAR,COM 2,30M DE DIAMETRO,EM CONCRETO ARMADO 15MPA,INCLUINDO TODOS OS MATERIAISE ESCAVACAO MANUAL DA LAJE DA BASE,EXCLUSIVE REATERRO","UN",28755.42,null,"20.067.0043-A","BOCA PARA BUEIRO TRIPLO,MULTI-PLATE CIRCULAR,COM 2,30M DE DIAMETRO,EM CONCRETO ARMADO 15MPA,INCLUINDO TODOS OS MATERIAISE ESCAVACAO MANUAL DA LAJE DA BASE,EXCLUSIVE REATERRO","UN",27778.89]
["20.067.0048-0","BOCA PARA BUEIRO DUPLO,MULTI-PLATE CIRCULAR,COM 3,05M DE DIAMETRO,EM CONCRETO ARMADO 15MPA,INCLUINDO TODOS OS MATERIAISE ESCAVACAO MANUAL DA LAJE DA BASE,EXCLUSIVE REATERRO","UN",25066.21,null,"20.067.0048-A","BOCA PARA BUEIRO DUPLO,MULTI-PLATE CIRCULAR,COM 3,05M DE DIAMETRO,EM CONCRETO ARMADO 15MPA,INCLUINDO TODOS OS MATERIAISE ESCAVACAO MANUAL DA LAJE DA BASE,EXCLUSIVE REATERRO","UN",24175.27]
["20.067.0053-0","BOCA PARA BUEIRO SIMPLES,MULTI-PLATE LENTICULAR,COM 2,20M DEVAO E 1,70M DE ALTURA,EM CONCRETO ARMADO 15MPA,INCLUSIVE TODOS OS MATERIAIS E ESCAVACAO MANUAL DA LAJE DA BASE,EXCLUSIVE REATERRO","UN",7925.05,null,"20.067.0053-A","BOCA PARA BUEIRO SIMPLES,MULTI-PLATE LENTICULAR,COM 2,20M DEVAO E 1,70M DE ALTURA,EM CONCRETO ARMADO 15MPA,INCLUSIVE TODOS OS MATERIAIS E ESCAVACAO MANUAL DA LAJE DA BASE,EXCLUSIVE REATERRO","UN",7646.38]
["20.067.0057-0","BOCA PARA BUEIRO DUPLO,MULTI-PLATE LENTICULAR,COM 2,85M DE VAO E 1,85M DE ALTURA,EM CONCRETO ARMADO 15MPA,INCLUSIVE TODOS OS MATERIAIS E ESCAVACAO MANUAL DA LAJE DA BASE,EXCLUSIVEREATERRO","UN",19897.14,null,"20.067.0057-A","BOCA PARA BUEIRO DUPLO,MULTI-PLATE LENTICULAR,COM 2,85M DE VAO E 1,85M DE ALTURA,EM CONCRETO ARMADO 15MPA,INCLUSIVE TODOS OS MATERIAIS E ESCAVACAO MANUAL DA LAJE DA BASE,EXCLUSIVEREATERRO","UN",19209.71]
["20.067.0072-0","BOCA PARA BUEIRO SIMPLES TUBULAR DE CONCRETO,DIAMETRO DE 0,60M EM CONCRETO CICLOPICO,INCLUSIVE FORMA,ESCAVACAO,REATERROE FORNECIMENTO DOS MATERIAIS,EXCLUSIVE ESCAVACAO DE MATERIALDE REATERRO NA JAZIDA E SEU TRANSPORTE AO CANTEIRO","UN",1095.06,null,"20.067.0072-A","BOCA PARA BUEIRO SIMPLES TUBULAR DE CONCRETO,DIAMETRO DE 0,60M EM CONCRETO CICLOPICO,INCLUSIVE FORMA,ESCAVACAO,REATERROE FORNECIMENTO DOS MATERIAIS,EXCLUSIVE ESCAVACAO DE MATERIALDE REATERRO NA JAZIDA E SEU TRANSPORTE AO CANTEIRO","UN",1052.6099999999999]
["20.067.0082-0","BOCA PARA BUEIRO SIMPLES TUBULAR DE CONCRETO,DIAMETRO DE 2,00M EM CONCRETO CICLOPICO,INCLUSIVE FORMA,ESCAVACAO,REATERROE FORNECIMENTO DOS MATERIAIS,EXCLUSIVE ESCAVACAO DE MATERIALDE REATERRO NA JAZIDA E SEU TRANSPORTE AO CANTEIRO","UN",6517.42,null,"20.067.0082-A","BOCA PARA BUEIRO SIMPLES TUBULAR DE CONCRETO,DIAMETRO DE 2,00M EM CONCRETO CICLOPICO,INCLUSIVE FORMA,ESCAVACAO,REATERROE FORNECIMENTO DOS MATERIAIS,EXCLUSIVE ESCAVACAO DE MATERIALDE REATERRO NA JAZIDA E SEU TRANSPORTE AO CANTEIRO","UN",6277.56]
["20.067.0094-0","BOCA PARA BUEIRO DUPLO TUBULAR DE CONCRETO,DIAMETRO DE 1,50MEM CONCRETO CICLOPICO,INCLUSIVE FORMA,ESCAVACAO,REATERRO EFORNECIMENTO DOS MATERIAIS,EXCLUSIVE ESCAVACAO DE MATERIAL DE REATERRO NA JAZIDA E SEU TRANSPORTE AO CANTEIRO","UN",6040.69,null,"20.067.0094-A","BOCA PARA BUEIRO DUPLO TUBULAR DE CONCRETO,DIAMETRO DE 1,50MEM CONCRETO CICLOPICO,INCLUSIVE FORMA,ESCAVACAO,REATERRO EFORNECIMENTO DOS MATERIAIS,EXCLUSIVE ESCAVACAO DE MATERIAL DE REATERRO NA JAZIDA E SEU TRANSPORTE AO CANTEIRO","UN",5821.09]
["20.067.0096-0","BOCA PARA BUEIRO DUPLO TUBULAR DE CONCRETO,DIAMETRO DE 2,00MEM CONCRETO CICLOPICO,INCLUSIVE FORMA,ESCAVACAO,REATERRO EFORNECIMENTO DOS MATERIAIS,EXCLUSIVE ESCAVACAO DE MATERIAL DE REATERRO NA JAZIDA E SEU TRANSPORTE AO CANTEIRO","UN",7928.83,null,"20.067.0096-A","BOCA PARA BUEIRO DUPLO TUBULAR DE CONCRETO,DIAMETRO DE 2,00MEM CONCRETO CICLOPICO,INCLUSIVE FORMA,ESCAVACAO,REATERRO EFORNECIMENTO DOS MATERIAIS,EXCLUSIVE ESCAVACAO DE MATERIAL DE REATERRO NA JAZIDA E SEU TRANSPORTE AO CANTEIRO","UN",7643.23]
["20.067.0106-0","BOCA PARA BUEIRO TRIPLO TUBULAR DE CONCRETO,DIAMETRO DE 1,20M EM CONCRETO CICLOPICO,INCLUSIVE FORMA,ESCAVACAO,REATERRO EFORNECIMENTO DOS MATERIAIS,EXCLUSIVE ESCAVACAO DE MATERIALDE REATERRO NA JAZIDA E SEU TRANSPORTE AO CANTEIRO","UN",6016.27,null,"20.067.0106-A","BOCA PARA BUEIRO TRIPLO TUBULAR DE CONCRETO,DIAMETRO DE 1,20M EM CONCRETO CICLOPICO,INCLUSIVE FORMA,ESCAVACAO,REATERRO EFORNECIMENTO DOS MATERIAIS,EXCLUSIVE ESCAVACAO DE MATERIALDE REATERRO NA JAZIDA E SEU TRANSPORTE AO CANTEIRO","UN",5796.73]
["20.070.0001-0","BUEIRO SIMPLES TUBULAR,DE CONCRETO SIMPLES(PS-1),DIAMETRO DE0,40M,ASSENTE EM BERCO DE CONCRETO CICLOPICO,COM ALTURA DEREATERRO H=0,80M,INCLUSIVE ESCAVACAO,FORNECIMENTO DOS MATERIAIS E REATERRO,EXCLUSIVE ESCAVACAO DE MATERIAL DE REATERRO NA JAZIDA E SEU TRANSPORTE AO CANTEIRO","M",427.35,null,"20.070.0001-A","BUEIRO SIMPLES TUBULAR,DE CONCRETO SIMPLES(PS-1),DIAMETRO DE0,40M,ASSENTE EM BERCO DE CONCRETO CICLOPICO,COM ALTURA DEREATERRO H=0,80M,INCLUSIVE ESCAVACAO,FORNECIMENTO DOS MATERIAIS E REATERRO,EXCLUSIVE ESCAVACAO DE MATERIAL DE REATERRO NA JAZIDA E SEU TRANSPORTE AO CANTEIRO","M",418]
["20.070.0015-0","BUEIRO TRIPLO TUBULAR,DE CONCRETO SIMPLES(PS-1),DIAMETRO DE0,40M,ASSENTE EM BERCO DE CONCRETO CICLOPICO,COM ALTURA DE REATERRO H=0,80M,INCLUSIVE ESCAVACAO,FORNECIMENTO DOS MATERIAIS E REATERRO,EXCLUSIVE ESCAVACAO DE MATERIAL DE REATERRO NAJAZIDA E SEU TRANSPORTE AO CANTEIRO","M",1102.6500000000001,null,"20.070.0015-A","BUEIRO TRIPLO TUBULAR,DE CONCRETO SIMPLES(PS-1),DIAMETRO DE0,40M,ASSENTE EM BERCO DE CONCRETO CICLOPICO,COM ALTURA DE REATERRO H=0,80M,INCLUSIVE ESCAVACAO,FORNECIMENTO DOS MATERIAIS E REATERRO,EXCLUSIVE ESCAVACAO DE MATERIAL DE REATERRO NAJAZIDA E SEU TRANSPORTE AO CANTEIRO","M",1079.3399999999999]
["20.070.0016-0","BUEIRO TRIPLO TUBULAR,DE CONCRETO SIMPLES(PS-1),DIAMETRO DE0,40M,ASSENTE EM BERCO DE CONCRETO CICLOPICO,COM ALTURA DE REATERRO H=1,50M,INCLUSIVE ESCAVACAO,FORNECIMENTO DOS MATERIAIS E REATERRO,EXCLUSIVE ESCAVACAO DE MATERIAL DE REATERRO NAJAZIDA E SEU TRANSPORTE AO CANTEIRO","M",1250.01,null,"20.070.0016-A","BUEIRO TRIPLO TUBULAR,DE CONCRETO SIMPLES(PS-1),DIAMETRO DE0,40M,ASSENTE EM BERCO DE CONCRETO CICLOPICO,COM ALTURA DE REATERRO H=1,50M,INCLUSIVE ESCAVACAO,FORNECIMENTO DOS MATERIAIS E REATERRO,EXCLUSIVE ESCAVACAO DE MATERIAL DE REATERRO NAJAZIDA E SEU TRANSPORTE AO CANTEIRO","M",1224.1400000000001]
["20.070.0024-0","BUEIRO SIMPLES TUBULAR,DE CONCRETO SIMPLES(PS-1),DIAMETRO DE0,60M,ASSENTE EM BERCO DE CONCRETO CICLOPICO,COM ALTURA DEREATERRO H=3,00M,INCLUSIVE ESCAVACAO,FORNECIMENTO DOS MATERIAIS E REATERRO,EXCLUSIVE ESCAVACAO DE MATERIAL DE REATERRO NA JAZIDA E SEU TRANSPORTE AO CANTEIRO","M",1239.69,null,"20.070.0024-A","BUEIRO SIMPLES TUBULAR,DE CONCRETO SIMPLES(PS-1),DIAMETRO DE0,60M,ASSENTE EM BERCO DE CONCRETO CICLOPICO,COM ALTURA DEREATERRO H=3,00M,INCLUSIVE ESCAVACAO,FORNECIMENTO DOS MATERIAIS E REATERRO,EXCLUSIVE ESCAVACAO DE MATERIAL DE REATERRO NA JAZIDA E SEU TRANSPORTE AO CANTEIRO","M",1216.45]
["20.070.0032-0","BUEIRO DUPLO TUBULAR,DE CONCRETO SIMPLES(PS-1),DIAMETRO DE 0,60M,ASSENTE EM BERCO DE CONCRETO CICLOPICO,COM ALTURA DE REATERRO H=4,00M,INCLUSIVE ESCAVACAO,FORNECIMENTO DOS MATERIAIS E REATERRO,EXCLUSIVE ESCAVACAO DE MATERIAL DE REATERRO NAJAZIDA E SEU TRANSPORTE AO CANTEIRO","M",2286.0100000000002,null,"20.070.0032-A","BUEIRO DUPLO TUBULAR,DE CONCRETO SIMPLES(PS-1),DIAMETRO DE 0,60M,ASSENTE EM BERCO DE CONCRETO CICLOPICO,COM ALTURA DE REATERRO H=4,00M,INCLUSIVE ESCAVACAO,FORNECIMENTO DOS MATERIAIS E REATERRO,EXCLUSIVE ESCAVACAO DE MATERIAL DE REATERRO NAJAZIDA E SEU TRANSPORTE AO CANTEIRO","M",2244.6999999999998]
["20.085.0105-0","PASSAGEM DE GADO,CONSTITUIDA DE CHAPAS COM REVESTIMENTO EPOXY,COM ESPESSURA DE 2,70MM,PARAFUSOS,PORCAS E FERRAMENTAS NECESSARIAS,COM DIMENSOES EM TORNO DE 2,20M DE VAO E 2,25M DE ALTURA,RECOBRIMENTO MINIMO DE 0,30M E MAXIMO DE 8,90M,SOB A INFLUENCIA DO TREM-TIPO RODOVIARIO.FORNECIMENTO","M",12036,null,"20.085.0105-A","PASSAGEM DE GADO,CONSTITUIDA DE CHAPAS COM REVESTIMENTO EPOXY,COM ESPESSURA DE 2,70MM,PARAFUSOS,PORCAS E FERRAMENTAS NECESSARIAS,COM DIMENSOES EM TORNO DE 2,20M DE VAO E 2,25M DE ALTURA,RECOBRIMENTO MINIMO DE 0,30M E MAXIMO DE 8,90M,SOB A INFLUENCIA DO TREM-TIPO RODOVIARIO.FORNECIMENTO","M",12036]
["20.085.0110-0","PASSAGEM DE GADO,CONSTITUIDA DE CHAPAS GALVANIZADAS,COM ESPESSURA DE 2,70MM,PARAFUSOS,PORCAS E FERRAMENTAS NECESSARIAS,COM DIMENSOES EM TORNO DE 2,90M DE VAO E 3,10M DE ALTURA,RECOBRIMENTO MINIMO DE 0,60M E MAXIMO DE 11,40M,SOB A INFLUENCIADO TREM-TIPO RODOVIARIO.FORNECIMENTO","M",14806.8,null,"20.085.0110-A","PASSAGEM DE GADO,CONSTITUIDA DE CHAPAS GALVANIZADAS,COM ESPESSURA DE 2,70MM,PARAFUSOS,PORCAS E FERRAMENTAS NECESSARIAS,COM DIMENSOES EM TORNO DE 2,90M DE VAO E 3,10M DE ALTURA,RECOBRIMENTO MINIMO DE 0,60M E MAXIMO DE 11,40M,SOB A INFLUENCIADO TREM-TIPO RODOVIARIO.FORNECIMENTO","M",14806.8]
["20.085.0145-0","PASSAGEM INFERIOR,CONSTITUIDA DE CHAPAS COM REVESTIMENTO EPOXY,COM ESPESSURA DE 2,70MM,PARAFUSOS,PORCAS E FERRAMENTAS NECESSARIAS,COM DIMENSOES EM TORNO DE 4,80M DE VAO E 4,75M DEALTURA,RECOBRIMENTO MINIMO DE 0,90M E MAXIMO DE 8,50M,SOB AINFLUENCIA DO TREM-TIPO RODOVIARIO.FORNECIMENTO","M",23883.200000000001,null,"20.085.0145-A","PASSAGEM INFERIOR,CONSTITUIDA DE CHAPAS COM REVESTIMENTO EPOXY,COM ESPESSURA DE 2,70MM,PARAFUSOS,PORCAS E FERRAMENTAS NECESSARIAS,COM DIMENSOES EM TORNO DE 4,80M DE VAO E 4,75M DEALTURA,RECOBRIMENTO MINIMO DE 0,90M E MAXIMO DE 8,50M,SOB AINFLUENCIA DO TREM-TIPO RODOVIARIO.FORNECIMENTO","M",23883.200000000001]
["20.085.0165-0","PASSAGEM INFERIOR,CONSTITUIDA DE CHAPAS COM REVESTIMENTO EPOXY,COM ESPESSURA DE 4,70MM,PARAFUSOS,PORCAS E FERRAMENTAS NECESSARIAS,COM DIMENSOES EM TORNO DE 5,85M DE VAO E 5,30M DEALTURA,RECOBRIMENTO MINIMO DE 0,90M E MAXIMO DE 8,50M,SOB AINFLUENCIA DO TREM-TIPO RODOVIARIO.FORNECIMENTO","M",43643.6,null,"20.085.0165-A","PASSAGEM INFERIOR,CONSTITUIDA DE CHAPAS COM REVESTIMENTO EPOXY,COM ESPESSURA DE 4,70MM,PARAFUSOS,PORCAS E FERRAMENTAS NECESSARIAS,COM DIMENSOES EM TORNO DE 5,85M DE VAO E 5,30M DEALTURA,RECOBRIMENTO MINIMO DE 0,90M E MAXIMO DE 8,50M,SOB AINFLUENCIA DO TREM-TIPO RODOVIARIO.FORNECIMENTO","M",43643.6]
["20.085.0190-0","BUEIRO SIMPLES CIRCULAR,CONSTITUIDO DE CHAPAS GALVANIZADAS,COM ESPESSURA DE 2,00MM,DIAMETRO DE 1,00M,PARAFUSOS,PORCAS EFERRAMENTAS NECESSARIAS,RECOBRIMENTO MINIMO DE 0,30M E MAXIMO DE 15,00M,SOB A INFLUENCIA DO TREM-TIPO RODOVIARIO.FORNECIMENTO","M",2706.8,null,"20.085.0190-A","BUEIRO SIMPLES CIRCULAR,CONSTITUIDO DE CHAPAS GALVANIZADAS,COM ESPESSURA DE 2,00MM,DIAMETRO DE 1,00M,PARAFUSOS,PORCAS EFERRAMENTAS NECESSARIAS,RECOBRIMENTO MINIMO DE 0,30M E MAXIMO DE 15,00M,SOB A INFLUENCIA DO TREM-TIPO RODOVIARIO.FORNECIMENTO","M",2706.8]
["20.085.0215-0","BUEIRO SIMPLES CIRCULAR,CONSTITUIDO DE CHAPAS COM REVESTIMENTO EPOXY,COM ESPESSURA DE 2MM,DIAMETRO DE 1,50M,PARAFUSOS,PORCAS E FERRAMENTAS NECESSARIAS,RECOBRIMENTO MINIMO DE 0,30ME MAXIMO DE 10,00M,SOB A INFLUENCIA DO TREM-TIPO RODOVIARIO.FORNECIMENTO","M",4099.2,null,"20.085.0215-A","BUEIRO SIMPLES CIRCULAR,CONSTITUIDO DE CHAPAS COM REVESTIMENTO EPOXY,COM ESPESSURA DE 2MM,DIAMETRO DE 1,50M,PARAFUSOS,PORCAS E FERRAMENTAS NECESSARIAS,RECOBRIMENTO MINIMO DE 0,30ME MAXIMO DE 10,00M,SOB A INFLUENCIA DO TREM-TIPO RODOVIARIO.FORNECIMENTO","M",4099.2]
["20.085.0225-0","BUEIRO SIMPLES CIRCULAR,CONSTITUIDO DE CHAPAS COM REVESTIMENTO EPOXY,COM ESPESSURA DE 2MM,DIAMETRO DE 1,80M,PARAFUSOS,PORCAS E FERRAMENTAS NECESSARIAS,RECOBRIMENTO MINIMO DE 0,40ME MAXIMO DE 8,30M,SOB A INFLUENCIA DO TREM-TIPO RODOVIARIO.FORNECIMENTO","M",4995.8999999999996,null,"20.085.0225-A","BUEIRO SIMPLES CIRCULAR,CONSTITUIDO DE CHAPAS COM REVESTIMENTO EPOXY,COM ESPESSURA DE 2MM,DIAMETRO DE 1,80M,PARAFUSOS,PORCAS E FERRAMENTAS NECESSARIAS,RECOBRIMENTO MINIMO DE 0,40ME MAXIMO DE 8,30M,SOB A INFLUENCIA DO TREM-TIPO RODOVIARIO.FORNECIMENTO","M",4995.8999999999996]
["20.085.0250-0","BUEIRO SIMPLES CIRCULAR,CONSTITUIDO DE CHAPAS GALVANIZADAS,COM ESPESSURA DE 2,70MM,DIAMETRO DE 2,40M,PARAFUSOS,PORCAS EFERRAMENTAS NECESSARIAS,RECOBRIMENTO MINIMO DE 0,50M E MAXIMO DE 8,70M,SOB A INFLUENCIA DO TREM-TIPO RODOVIARIO.FORNECIMENTO","M",8696.2999999999993,null,"20.085.0250-A","BUEIRO SIMPLES CIRCULAR,CONSTITUIDO DE CHAPAS GALVANIZADAS,COM ESPESSURA DE 2,70MM,DIAMETRO DE 2,40M,PARAFUSOS,PORCAS EFERRAMENTAS NECESSARIAS,RECOBRIMENTO MINIMO DE 0,50M E MAXIMO DE 8,70M,SOB A INFLUENCIA DO TREM-TIPO RODOVIARIO.FORNECIMENTO","M",8696.2999999999993]
["20.085.0260-0","BUEIRO SIMPLES CIRCULAR,CONSTITUIDO DE CHAPAS GALVANIZADAS,COM ESPESSURA DE 3,40MM,DIAMETRO DE 2,60M,PARAFUSOS,PORCAS EFERRAMENTAS NECESSARIAS,RECOBRIMENTO MINIMO DE 0,50M E MAXIMO DE 10,60M,SOB A INFLUENCIA DO TREM-TIPO RODOVIARIO.FORNECIMENTO","M",9862.4,null,"20.085.0260-A","BUEIRO SIMPLES CIRCULAR,CONSTITUIDO DE CHAPAS GALVANIZADAS,COM ESPESSURA DE 3,40MM,DIAMETRO DE 2,60M,PARAFUSOS,PORCAS EFERRAMENTAS NECESSARIAS,RECOBRIMENTO MINIMO DE 0,50M E MAXIMO DE 10,60M,SOB A INFLUENCIA DO TREM-TIPO RODOVIARIO.FORNECIMENTO","M",9862.4]
["20.085.0285-0","BUEIRO SIMPLES CIRCULAR,CONSTITUIDO DE CHAPAS COM REVESTIMENTO EPOXY,COM ESPESSURA DE 2,70MM,DIAMETRO DE 3,05M,PARAFUSOS,PORCAS E FERRAMENTAS NECESSARIAS,RECOBRIMENTO MINIMO DE 0,45M E MAXIMO DE 13,10M, SOB A INFLUENCIA DO TREM-TIPO RODOVIARIO.FORNECIMENTO","M",14825.7,null,"20.085.0285-A","BUEIRO SIMPLES CIRCULAR,CONSTITUIDO DE CHAPAS COM REVESTIMENTO EPOXY,COM ESPESSURA DE 2,70MM,DIAMETRO DE 3,05M,PARAFUSOS,PORCAS E FERRAMENTAS NECESSARIAS,RECOBRIMENTO MINIMO DE 0,45M E MAXIMO DE 13,10M, SOB A INFLUENCIA DO TREM-TIPO RODOVIARIO.FORNECIMENTO","M",14825.7]
["20.085.0310-0","BUEIRO SIMPLES CIRCULAR,CONSTITUIDO DE CHAPAS GALVANIZADAS,COM ESPESSURA DE 2,70MM,DIAMETRO DE 4,20M,PARAFUSOS,PORCAS EFERRAMENTAS NECESSARIAS,RECOBRIMENTO MINIMO DE 0,60M E MAXIMO DE 9,50M,SOB A INFLUENCIA DO TREM-TIPO RODOVIARIO. FORNECIMENTO","M",19713.599999999999,null,"20.085.0310-A","BUEIRO SIMPLES CIRCULAR,CONSTITUIDO DE CHAPAS GALVANIZADAS,COM ESPESSURA DE 2,70MM,DIAMETRO DE 4,20M,PARAFUSOS,PORCAS EFERRAMENTAS NECESSARIAS,RECOBRIMENTO MINIMO DE 0,60M E MAXIMO DE 9,50M,SOB A INFLUENCIA DO TREM-TIPO RODOVIARIO. FORNECIMENTO","M",19713.599999999999]
["20.085.0330-0","BUEIRO SIMPLES LENTICULAR,CONSTITUIDO DE CHAPAS GALVANIZADAS,COM ESPESSURA DE 2MM,PARAFUSOS,PORCAS E FERRAMENTAS NECESSARIAS,COM DIMENSOES EM TORNO DE 1,00M DE VAO E 0,80M DE ALTURA,RECOBRIMENTO MINIMO DE 0,30M E MAXIMO DE 6,80M,SOB A INFLUENCIA DO TREM-TIPO RODOVIARIO.FORNECIMENTO","M",2671.2,null,"20.085.0330-A","BUEIRO SIMPLES LENTICULAR,CONSTITUIDO DE CHAPAS GALVANIZADAS,COM ESPESSURA DE 2MM,PARAFUSOS,PORCAS E FERRAMENTAS NECESSARIAS,COM DIMENSOES EM TORNO DE 1,00M DE VAO E 0,80M DE ALTURA,RECOBRIMENTO MINIMO DE 0,30M E MAXIMO DE 6,80M,SOB A INFLUENCIA DO TREM-TIPO RODOVIARIO.FORNECIMENTO","M",2671.2]
["20.085.0365-0","BUEIRO SIMPLES LENTICULAR,CONSTITUIDO DE CHAPAS COM REVESTIMENTO EPOXY,COM ESPESSURA DE 2MM,PARAFUSOS,PORCAS E FERRAMENTAS NECESSARIAS,COM DIMENSOES EM TORNO DE 1,85M DE VAO E 1,50M DE ALTURA,RECOBRIMENTO MINIMO DE 0,50M E MAXIMO DE 8,10M,SOB A INFLUENCIA DO TREM-TIPO RODOVIARIO.FORNECIMENTO","M",5062.3999999999996,null,"20.085.0365-A","BUEIRO SIMPLES LENTICULAR,CONSTITUIDO DE CHAPAS COM REVESTIMENTO EPOXY,COM ESPESSURA DE 2MM,PARAFUSOS,PORCAS E FERRAMENTAS NECESSARIAS,COM DIMENSOES EM TORNO DE 1,85M DE VAO E 1,50M DE ALTURA,RECOBRIMENTO MINIMO DE 0,50M E MAXIMO DE 8,10M,SOB A INFLUENCIA DO TREM-TIPO RODOVIARIO.FORNECIMENTO","M",5062.3999999999996]
["20.085.0370-0","BUEIRO SIMPLES LENTICULAR,CONSTITUIDO DE CHAPAS GALVANIZADAS,COM ESPESSURA DE 2MM,PARAFUSOS,PORCAS E FERRAMENTAS NECESSARIAS,COM DIMENSOES EM TORNO DE 2,15M DE VAO E 1,60M DE ALTURA,RECOBRIMENTO MINIMO DE 0,60M E MAXIMO DE 7,00M,SOB A INFLUENCIA DO TREM-TIPO RODOVIARIO.FORNECIMENTO","M",5342.4,null,"20.085.0370-A","BUEIRO SIMPLES LENTICULAR,CONSTITUIDO DE CHAPAS GALVANIZADAS,COM ESPESSURA DE 2MM,PARAFUSOS,PORCAS E FERRAMENTAS NECESSARIAS,COM DIMENSOES EM TORNO DE 2,15M DE VAO E 1,60M DE ALTURA,RECOBRIMENTO MINIMO DE 0,60M E MAXIMO DE 7,00M,SOB A INFLUENCIA DO TREM-TIPO RODOVIARIO.FORNECIMENTO","M",5342.4]
["20.085.0400-0","BUEIRO SIMPLES LENTICULAR,CONTITUIDO DE CHAPAS GALVANIZADAS,COM ESPESSURA DE 2,70MM,PARAFUSOS,PORCAS E FERRAMENTAS NECESSARIAS,COM DIMENSOES EM TORNO DE 3,05M DE VAO E 2,05M DE ALTURA,RECOBRIMENTO MINIMO DE 0,60M E MAXIMO DE 6,80M,SOB A INFLUENCIA DO TREM-TIPO RODOVIRIO.FORNECIMENTO","M",10189.799999999999,null,"20.085.0400-A","BUEIRO SIMPLES LENTICULAR,CONTITUIDO DE CHAPAS GALVANIZADAS,COM ESPESSURA DE 2,70MM,PARAFUSOS,PORCAS E FERRAMENTAS NECESSARIAS,COM DIMENSOES EM TORNO DE 3,05M DE VAO E 2,05M DE ALTURA,RECOBRIMENTO MINIMO DE 0,60M E MAXIMO DE 6,80M,SOB A INFLUENCIA DO TREM-TIPO RODOVIRIO.FORNECIMENTO","M",10189.799999999999]
["20.085.0425-0","BUEIRO SIMPLES LENTICULAR,CONSTITUIDO DE CHAPAS COM REVESTIMENTO EPOXY,COM ESPESSURA DE 3,40MM,PARAFUSOS,PORCAS E FERRAMENTAS NECESSARIAS,COM DIMENSOES EM TORNO DE 4,80M DE VAO E 3,05M DE ALTURA,RECOBRIMENTO MINIMO DE 0,75M E MAXIMO DE 5,80M,SOB A INFLUENCIA DO TREM-TIPO RODOVIARIO.FORNECIMENTO","M",23793,null,"20.085.0425-A","BUEIRO SIMPLES LENTICULAR,CONSTITUIDO DE CHAPAS COM REVESTIMENTO EPOXY,COM ESPESSURA DE 3,40MM,PARAFUSOS,PORCAS E FERRAMENTAS NECESSARIAS,COM DIMENSOES EM TORNO DE 4,80M DE VAO E 3,05M DE ALTURA,RECOBRIMENTO MINIMO DE 0,75M E MAXIMO DE 5,80M,SOB A INFLUENCIA DO TREM-TIPO RODOVIARIO.FORNECIMENTO","M",23793]
["20.085.0450-0","BUEIRO SIMPLES EM ARCO,CONSTITUIDO DE CHAPAS GALVANIZADAS COM 3,40MM DE ESPESSURA,PARAFUSOS,PORCAS E FERRAMENTAS NECESSARIAS,COM DIMENSOES EM TORNO DE 5,92M DE VAO E 2,08M DE ALTURA,RECOBRIMENTO MINIMO DE 0,75M E MAXIMO DE 4,00M,SOB A INFLUENCIA DO TREM-TIPO RODOVIARIO.FORNECIMENTO","M",18228,null,"20.085.0450-A","BUEIRO SIMPLES EM ARCO,CONSTITUIDO DE CHAPAS GALVANIZADAS COM 3,40MM DE ESPESSURA,PARAFUSOS,PORCAS E FERRAMENTAS NECESSARIAS,COM DIMENSOES EM TORNO DE 5,92M DE VAO E 2,08M DE ALTURA,RECOBRIMENTO MINIMO DE 0,75M E MAXIMO DE 4,00M,SOB A INFLUENCIA DO TREM-TIPO RODOVIARIO.FORNECIMENTO","M",18228]
["20.085.0470-0","BUEIRO SIMPLES EM ARCO,CONSTITUIDO DE CHAPAS GALVANIZADAS,COM 3,40MM DE ESPESSURA,PARAFUSOS,PORCAS E FERRAMENTAS NECESSARIAS,COM DIMENSOES EM TORNO DE 6,78M DE VAO E 2,41M DE ALTURA,RECOBRIMENTO MINIMO DE 0,75M E MAXIMO DE 3,50M,SOB A INFLUENCIA DO TREM-TIPO RODOVIARIO.FORNECIMENTO","M",20580,null,"20.085.0470-A","BUEIRO SIMPLES EM ARCO,CONSTITUIDO DE CHAPAS GALVANIZADAS,COM 3,40MM DE ESPESSURA,PARAFUSOS,PORCAS E FERRAMENTAS NECESSARIAS,COM DIMENSOES EM TORNO DE 6,78M DE VAO E 2,41M DE ALTURA,RECOBRIMENTO MINIMO DE 0,75M E MAXIMO DE 3,50M,SOB A INFLUENCIA DO TREM-TIPO RODOVIARIO.FORNECIMENTO","M",20580]
["20.085.0485-0","BUEIRO SIMPLES EM ARCO,CONSTITUIDO DE CHAPAS COM REVESTIMENTO EPOXY,COM 3,40MM DE ESPESSURA,PARAFUSOS,PORCAS E FERRAMENTAS NECESSARIAS,COM DIMENSOES EM TORNO DE 6,96M DE VAO E 4,42M DE ALTURA,RECOBRIMENTO MINIMO DE 0,75M E MAXIMO DE 4,00M,SOB A INFLUENCIA DO TREM-TIPO RODOVIARIO.FORNECIMENTO","M",30444,null,"20.085.0485-A","BUEIRO SIMPLES EM ARCO,CONSTITUIDO DE CHAPAS COM REVESTIMENTO EPOXY,COM 3,40MM DE ESPESSURA,PARAFUSOS,PORCAS E FERRAMENTAS NECESSARIAS,COM DIMENSOES EM TORNO DE 6,96M DE VAO E 4,42M DE ALTURA,RECOBRIMENTO MINIMO DE 0,75M E MAXIMO DE 4,00M,SOB A INFLUENCIA DO TREM-TIPO RODOVIARIO.FORNECIMENTO","M",30444]
["20.085.0510-0","BUEIRO SIMPLES EM ARCO,CONSTITUIDO DE CHAPAS GALVANIZADAS COM 3,40MM DE ESPESSURA,PARAFUSOS,PORCAS E FERRAMENTAS NECESSARIAS,COM DIMENSOES EM TORNO DE 8,79M DE VAO E 2,95M DE ALTURA,RECOBRIMENTO MINIMO DE 0,90M E MAXIMO DE 3,50M,SOB A INFLUENCIA DO TREM-TIPO RODOVIARIO.FORNECIMENTO","M",25333,null,"20.085.0510-A","BUEIRO SIMPLES EM ARCO,CONSTITUIDO DE CHAPAS GALVANIZADAS COM 3,40MM DE ESPESSURA,PARAFUSOS,PORCAS E FERRAMENTAS NECESSARIAS,COM DIMENSOES EM TORNO DE 8,79M DE VAO E 2,95M DE ALTURA,RECOBRIMENTO MINIMO DE 0,90M E MAXIMO DE 3,50M,SOB A INFLUENCIA DO TREM-TIPO RODOVIARIO.FORNECIMENTO","M",25333]
["20.085.0520-0","BUEIRO SIMPLES EM ARCO,CONSTITUIDO DE CHAPAS GALVANIZADAS,COM 3,40MM DE ESPESSURA,PARAFUSOS,PORCAS E FERRAMENTAS NECESSARIAS,COM DIMENSOES EM TORNO DE 8,97M DE VAO E 5,00M DE ALTURA,RECOBRIMENTO MINIMO DE 0,90M E MAXIMO DE 4,00M,SOB A INFLUENCIA DO TREM-TIPO RODOVIARIO.FORNECIMENTO","M",34153,null,"20.085.0520-A","BUEIRO SIMPLES EM ARCO,CONSTITUIDO DE CHAPAS GALVANIZADAS,COM 3,40MM DE ESPESSURA,PARAFUSOS,PORCAS E FERRAMENTAS NECESSARIAS,COM DIMENSOES EM TORNO DE 8,97M DE VAO E 5,00M DE ALTURA,RECOBRIMENTO MINIMO DE 0,90M E MAXIMO DE 4,00M,SOB A INFLUENCIA DO TREM-TIPO RODOVIARIO.FORNECIMENTO","M",34153]
["20.085.0545-0","BUEIRO SIMPLES EM ARCO,CONSTITUIDO DE CHAPAS COM REVESTIMENTO EPOXY,COM 4,70MM DE ESPESSURA,PARAFUSOS,PORCAS E FERRAMENTAS NECESSARIAS,COM DIMENSOES EM TORNO DE 9,86M DE VAO E 6,07M DE ALTURA,RECOBRIMENTO MINIMO DE 0,90M E MAXIMO DE 4,00M,SOB A INFLUENCIA DO TREM-TIPO RODOVIARIO.FORNECIMENTO","M",53813.5,null,"20.085.0545-A","BUEIRO SIMPLES EM ARCO,CONSTITUIDO DE CHAPAS COM REVESTIMENTO EPOXY,COM 4,70MM DE ESPESSURA,PARAFUSOS,PORCAS E FERRAMENTAS NECESSARIAS,COM DIMENSOES EM TORNO DE 9,86M DE VAO E 6,07M DE ALTURA,RECOBRIMENTO MINIMO DE 0,90M E MAXIMO DE 4,00M,SOB A INFLUENCIA DO TREM-TIPO RODOVIARIO.FORNECIMENTO","M",53813.5]
["20.085.0570-0","BUEIRO SIMPLES EM ARCO,CONSTITUIDO DE CHAPAS GALVANIZADAS,COM 6,30MM DE ESPESSURA,PARAFUSOS,PORCAS E FERRAMENTAS NECESSARIAS,COM DIMENSOES EM TORNO DE 11,58M DE VAO E 7,16M DE ALTURA,RECOBRIMENTO MINIMO DE 1,20M E MAXIMO DE 4,50M,SOB A INFLUENCIA DO TREM-TIPO RODOVIARIO.FORNECIMENTO","M",73161.899999999994,null,"20.085.0570-A","BUEIRO SIMPLES EM ARCO,CONSTITUIDO DE CHAPAS GALVANIZADAS,COM 6,30MM DE ESPESSURA,PARAFUSOS,PORCAS E FERRAMENTAS NECESSARIAS,COM DIMENSOES EM TORNO DE 11,58M DE VAO E 7,16M DE ALTURA,RECOBRIMENTO MINIMO DE 1,20M E MAXIMO DE 4,50M,SOB A INFLUENCIA DO TREM-TIPO RODOVIARIO.FORNECIMENTO","M",73161.899999999994]
["20.085.0590-0","TUNNEL LINER,PARA PROCESSO NAO DESTRUTIVO,CIRCULAR,CONSTITUIDO DE CHAPAS GALVANIZADAS,COM ESPESSURA DE 2,70MM, DIAMETRODE 1,20M,PARAFUSOS,PORCAS E FERRAMENTAS NECESSARIAS,RECOBRIMENTO MINIMO DE 1,20M E MAXIMO DE 12,90M,SOB A INFLUENCIA DOTREM-TIPO RODOVIARIO.FORNECIMENTO","M",3928.4,null,"20.085.0590-A","TUNNEL LINER,PARA PROCESSO NAO DESTRUTIVO,CIRCULAR,CONSTITUIDO DE CHAPAS GALVANIZADAS,COM ESPESSURA DE 2,70MM, DIAMETRODE 1,20M,PARAFUSOS,PORCAS E FERRAMENTAS NECESSARIAS,RECOBRIMENTO MINIMO DE 1,20M E MAXIMO DE 12,90M,SOB A INFLUENCIA DOTREM-TIPO RODOVIARIO.FORNECIMENTO","M",3928.4]
["20.085.0625-0","TUNNEL LINER,PARA PROCESSO NAO DESTRUTIVO,CIRCULAR,CONSTITUIDO DE CHAPAS COM REVESTIMENTO EPOXY,COM ESPESSURA DE 2,70MM,DIAMETRO DE 2,40M,PARAFUSOS,PORCAS E FERRAMENTAS NECESSARIAS,RECOBRIMENTO MINIMO DE 1,90M E MAXIMO DE 6,40M,SOB A INFLUENCIA DO TREM-TIPO RODOVIARIO.FORNECIMENTO","M",8320.4,null,"20.085.0625-A","TUNNEL LINER,PARA PROCESSO NAO DESTRUTIVO,CIRCULAR,CONSTITUIDO DE CHAPAS COM REVESTIMENTO EPOXY,COM ESPESSURA DE 2,70MM,DIAMETRO DE 2,40M,PARAFUSOS,PORCAS E FERRAMENTAS NECESSARIAS,RECOBRIMENTO MINIMO DE 1,90M E MAXIMO DE 6,40M,SOB A INFLUENCIA DO TREM-TIPO RODOVIARIO.FORNECIMENTO","M",8320.4]
["20.085.0630-0","TUNNEL LINER,PARA PROCESSO NAO DESTRUTIVO,CIRCULAR,CONSTITUIDO DE CHAPAS GALVANIZADAS,COM ESPESSURA DE 2,70MM, DIAMETRODE 2,80M,PARAFUSOS,PORCAS E FERRAMENTAS NECESSARIAS,RECOBRIMENTO MINIMO DE 2,20M E MAXIMO DE 5,50M, SOB A INFLUENCIA DOTREM-TIPO RODOVIARIO.FORNECIMENTO","M",9144.7999999999993,null,"20.085.0630-A","TUNNEL LINER,PARA PROCESSO NAO DESTRUTIVO,CIRCULAR,CONSTITUIDO DE CHAPAS GALVANIZADAS,COM ESPESSURA DE 2,70MM, DIAMETRODE 2,80M,PARAFUSOS,PORCAS E FERRAMENTAS NECESSARIAS,RECOBRIMENTO MINIMO DE 2,20M E MAXIMO DE 5,50M, SOB A INFLUENCIA DOTREM-TIPO RODOVIARIO.FORNECIMENTO","M",9144.7999999999993]
["20.085.0660-0","TUNNEL LINER,PARA PROCESSO NAO DESTRUTIVO,CIRCULAR,CONSTITUIDO DE CHAPAS GALVANIZADAS,COM ESPESSURA DE 3,40MM, DIAMETRODE 4,00M,PARAFUSOS,PORCAS E FERRAMENTAS NECESSARIAS,RECOBRIMENTO MINIMO DE 2,80M E MAXIMO 4,60M,SOB A INFLUENCIA DO TREM-TIPO RODOVIARIO.FORNECIMENTO","M",15400,null,"20.085.0660-A","TUNNEL LINER,PARA PROCESSO NAO DESTRUTIVO,CIRCULAR,CONSTITUIDO DE CHAPAS GALVANIZADAS,COM ESPESSURA DE 3,40MM, DIAMETRODE 4,00M,PARAFUSOS,PORCAS E FERRAMENTAS NECESSARIAS,RECOBRIMENTO MINIMO DE 2,80M E MAXIMO 4,60M,SOB A INFLUENCIA DO TREM-TIPO RODOVIARIO.FORNECIMENTO","M",15400]
["20.085.0685-0","TUNNEL LINER,PARA PROCESSO NAO DESTRUTIVO,CIRCULAR,CONSTITUIDO DE CHAPAS COM REVESTIMENTO EPOXY,COM ESPESSURA DE 6,30MM,DIAMETRO DE 4,80M,PARAFUSOS,PORCAS E FERRAMENTAS NECESSARIAS,RECOBRIMENTO MINIMO DE 3,20M E MAXIMO DE 5,80M,SOB A INFLUENCIA DO TREM-TIPO RODOVIARIO.FORNECIMENTO","M",30980.799999999999,null,"20.085.0685-A","TUNNEL LINER,PARA PROCESSO NAO DESTRUTIVO,CIRCULAR,CONSTITUIDO DE CHAPAS COM REVESTIMENTO EPOXY,COM ESPESSURA DE 6,30MM,DIAMETRO DE 4,80M,PARAFUSOS,PORCAS E FERRAMENTAS NECESSARIAS,RECOBRIMENTO MINIMO DE 3,20M E MAXIMO DE 5,80M,SOB A INFLUENCIA DO TREM-TIPO RODOVIARIO.FORNECIMENTO","M",30980.799999999999]
["20.086.0140-0","PASSAGEM INFERIOR CONSTITUIDA DE CHAPAS GALVANIZADAS OU REVESTIDAS COM EPOXY,ESPESSURA DE 2,70MM,PARAFUSOS,PORCAS E FERRAMENTAS NECESSARIAS,COM DIMENSOES EM TORNO DE 4,80M DE VAO E4,75M DE ALTURA,RECOBRIMENTO MINIMO DE 0,90M E MAXIMO DE 8,50M,SOB A INFLUENCIA DO TREM-TIPO RODOVIARIO,EXCLUSIVE ANDAIME.ASSENTAMENTO","M",1119.92,null,"20.086.0140-A","PASSAGEM INFERIOR CONSTITUIDA DE CHAPAS GALVANIZADAS OU REVESTIDAS COM EPOXY,ESPESSURA DE 2,70MM,PARAFUSOS,PORCAS E FERRAMENTAS NECESSARIAS,COM DIMENSOES EM TORNO DE 4,80M DE VAO E4,75M DE ALTURA,RECOBRIMENTO MINIMO DE 0,90M E MAXIMO DE 8,50M,SOB A INFLUENCIA DO TREM-TIPO RODOVIARIO,EXCLUSIVE ANDAIME.ASSENTAMENTO","M",1084.21]
["20.086.0180-0","BUEIRO SIMPLES CIRCULAR,CONSTITUIDO DE CHAPAS GALVANIZADAS OU REVESTIDAS COM EPOXY,ESPESSURA DE 2MM,DIAMETRO DE 0,80M,PARAFUSOS,PORCAS E FERRAMENTAS NECESSARIAS,RECOBRIMENTO MINIMODE 0,30M E MAXIMO DE 18,80M,SOB A INFLUENCIA DO TREM-TIPO RODOVIARIO,EXCLUSIVE ANDAIME.ASSENTAMENTO","M",51.93,null,"20.086.0180-A","BUEIRO SIMPLES CIRCULAR,CONSTITUIDO DE CHAPAS GALVANIZADAS OU REVESTIDAS COM EPOXY,ESPESSURA DE 2MM,DIAMETRO DE 0,80M,PARAFUSOS,PORCAS E FERRAMENTAS NECESSARIAS,RECOBRIMENTO MINIMODE 0,30M E MAXIMO DE 18,80M,SOB A INFLUENCIA DO TREM-TIPO RODOVIARIO,EXCLUSIVE ANDAIME.ASSENTAMENTO","M",49.46]
["20.086.0210-0","BUEIRO SIMPLES CIRCULAR,CONSTITUIDO DE CHAPAS GALVANIZADAS OU REVESTIDAS COM EPOXY,ESPESSURA DE 2MM,DIAMETRO DE 1,50M,PARAFUSOS,PORCAS E FERRAMENTAS NECESSARIAS,RECOBRIMENTO MINIMODE 0,30M E MAXIMO DE 10,00M,SOB A INFLUENCIA DO TREM-TIPO RODOVIARIO,EXCLUSIVE ANDAIME.ASSENTAMENTO","M",97.37,null,"20.086.0210-A","BUEIRO SIMPLES CIRCULAR,CONSTITUIDO DE CHAPAS GALVANIZADAS OU REVESTIDAS COM EPOXY,ESPESSURA DE 2MM,DIAMETRO DE 1,50M,PARAFUSOS,PORCAS E FERRAMENTAS NECESSARIAS,RECOBRIMENTO MINIMODE 0,30M E MAXIMO DE 10,00M,SOB A INFLUENCIA DO TREM-TIPO RODOVIARIO,EXCLUSIVE ANDAIME.ASSENTAMENTO","M",92.74]
["20.086.0260-0","BUEIRO SIMPLES CIRCULAR,CONSTITUIDO DE CHAPAS GALVANIZADAS OU REVESTIDAS COM EPOXY,ESPESSURA DE 3,40MM,DIAMETRO DE 2,60M,PARAFUSOS,PORCAS E FERRAMENTAS NECESSARIAS,RECOBRIMENTO MINIMO DE 0,50M E MAXIMO DE 10,60M,SOB A INFLUENCIA DO TREM-TIPO RODOVIARIO,EXCLUSIVE ANDAIME.ASSENTAMENTO","M",183.87,null,"20.086.0260-A","BUEIRO SIMPLES CIRCULAR,CONSTITUIDO DE CHAPAS GALVANIZADAS OU REVESTIDAS COM EPOXY,ESPESSURA DE 3,40MM,DIAMETRO DE 2,60M,PARAFUSOS,PORCAS E FERRAMENTAS NECESSARIAS,RECOBRIMENTO MINIMO DE 0,50M E MAXIMO DE 10,60M,SOB A INFLUENCIA DO TREM-TIPO RODOVIARIO,EXCLUSIVE ANDAIME.ASSENTAMENTO","M",174.58]
["20.086.0310-0","BUEIRO SIMPLES CIRCULAR,CONSTITUIDO DE CHAPAS GALVANIZADAS OU REVESTIDAS COM EPOXY,ESPESSURA DE 2,70MM,DIAMETRO DE 4,20M,PARAFUSOS,PORCAS E FERRAMENTAS NECESSARIAS,RECOBRIMENTO MINIMO DE 0,60M E MAXIMO DE 9,50M,SOB A INFLUENCIA DO TREM-TIPORODOVIARIO,EXCLUSIVE ANDAIME.ASSENTAMENTO","M",979.93,null,"20.086.0310-A","BUEIRO SIMPLES CIRCULAR,CONSTITUIDO DE CHAPAS GALVANIZADAS OU REVESTIDAS COM EPOXY,ESPESSURA DE 2,70MM,DIAMETRO DE 4,20M,PARAFUSOS,PORCAS E FERRAMENTAS NECESSARIAS,RECOBRIMENTO MINIMO DE 0,60M E MAXIMO DE 9,50M,SOB A INFLUENCIA DO TREM-TIPORODOVIARIO,EXCLUSIVE ANDAIME.ASSENTAMENTO","M",948.68]
["20.086.0320-0","BUEIRO SIMPLES CIRCULAR,CONSTITUIDO DE CHAPAS GALVANIZADAS OU REVESTIDAS COM EPOXY,ESPESSURA DE 2,70MM,DIAMETRO DE 4,60M,PARAFUSOS,PORCAS E FERRAMENTAS NECESSARIAS,RECOBRIMENTO MINIMO DE 0,60M E MAXIMO DE 8,70M,SOB A INFLUENCIA DO TREM-TIPORODOVIARIO,EXCLUSIVE ANDAIME.ASSENTAMENTO","M",1119.92,null,"20.086.0320-A","BUEIRO SIMPLES CIRCULAR,CONSTITUIDO DE CHAPAS GALVANIZADAS OU REVESTIDAS COM EPOXY,ESPESSURA DE 2,70MM,DIAMETRO DE 4,60M,PARAFUSOS,PORCAS E FERRAMENTAS NECESSARIAS,RECOBRIMENTO MINIMO DE 0,60M E MAXIMO DE 8,70M,SOB A INFLUENCIA DO TREM-TIPORODOVIARIO,EXCLUSIVE ANDAIME.ASSENTAMENTO","M",1084.21]
["20.086.0380-0","BUEIRO SIMPLES LENTICULAR,CONSTITUIDO DE CHAPAS GALVANIZADASOU REVESTIDAS COM EPOXY,ESPESSURA DE 2MM,PARAFUSOS,PORCAS EFERRAMENTAS NECESSARIAS,COM DIMENSOES EM TORNO DE 2,30M DEVAO E 1,65M DE ALTURA,RECOBRIMENTO MINIMO DE 0,60M E MAXIMODE 6,50M,SOB A INFLUENCIA DO TREM-TIPO RODOVIARIO,EXCLUSIVEANDAIME.ASSENTAMENTO","M",139.1,null,"20.086.0380-A","BUEIRO SIMPLES LENTICULAR,CONSTITUIDO DE CHAPAS GALVANIZADASOU REVESTIDAS COM EPOXY,ESPESSURA DE 2MM,PARAFUSOS,PORCAS EFERRAMENTAS NECESSARIAS,COM DIMENSOES EM TORNO DE 2,30M DEVAO E 1,65M DE ALTURA,RECOBRIMENTO MINIMO DE 0,60M E MAXIMODE 6,50M,SOB A INFLUENCIA DO TREM-TIPO RODOVIARIO,EXCLUSIVEANDAIME.ASSENTAMENTO","M",132.49]
["20.086.0430-0","BUEIRO SIMPLES LENTICULAR,CONSTITUIDO DE CHAPAS GALVANIZADASOU REVESTIDAS COM EPOXY,ESPESSURA DE 3,40MM,PARAFUSOS,PORCAS E FERRAMENTAS NECESSARIAS,COM DIMENSOES EM TORNO DE 5,45MDE VAO E 3,35M DE ALTURA,RECOBRIMENTO MINIMO DE 0,75M E MAXIMO DE 4,40M,SOB A INFLUENCIA DO TREM-TIPO RODOVIARIO,EXCLUSIVE ANDAIME.ASSENTAMENTO","M",1306.57,null,"20.086.0430-A","BUEIRO SIMPLES LENTICULAR,CONSTITUIDO DE CHAPAS GALVANIZADASOU REVESTIDAS COM EPOXY,ESPESSURA DE 3,40MM,PARAFUSOS,PORCAS E FERRAMENTAS NECESSARIAS,COM DIMENSOES EM TORNO DE 5,45MDE VAO E 3,35M DE ALTURA,RECOBRIMENTO MINIMO DE 0,75M E MAXIMO DE 4,40M,SOB A INFLUENCIA DO TREM-TIPO RODOVIARIO,EXCLUSIVE ANDAIME.ASSENTAMENTO","M",1264.9100000000001]
["20.086.0460-0","BUEIRO SIMPLES EM ARCO,CONSTITUIDO DE CHAPAS GALVANIZADAS OUREVESTIDAS COM EPOXY,ESPESSURA DE 3,40MM,PARAFUSOS,PORCAS EFERRAMENTAS NECESSARIAS,COM DIMENSOES EM TORNO DE 6,12M DEVAO E 2,77M DE ALTURA,RECOBRIMENTO MINIMO DE 0,75M E MAXIMODE 4,00M,SOB A INFLUENCIA DO TREM-TIPO RODOVIARIO,EXCLUSIVEANDAIME.ASSENTAMENTO","M",2305.7199999999998,null,"20.086.0460-A","BUEIRO SIMPLES EM ARCO,CONSTITUIDO DE CHAPAS GALVANIZADAS OUREVESTIDAS COM EPOXY,ESPESSURA DE 3,40MM,PARAFUSOS,PORCAS EFERRAMENTAS NECESSARIAS,COM DIMENSOES EM TORNO DE 6,12M DEVAO E 2,77M DE ALTURA,RECOBRIMENTO MINIMO DE 0,75M E MAXIMODE 4,00M,SOB A INFLUENCIA DO TREM-TIPO RODOVIARIO,EXCLUSIVEANDAIME.ASSENTAMENTO","M",2232.1999999999998]
["20.086.0500-0","BUEIRO SIMPLES EM ARCO,CONSTITUIDO DE CHAPAS GALVANIZADAS OUREVESTIDAS COM EPOXY,ESPESSURA DE 3,40MM,PARAFUSOS,PORCAS EFERRAMENTAS NECESSARIAS,COM DIMENSOES EM TORNO DE 7,85M DEVAO E 4,60M DE ALTURA,RECOBRIMENTO MINIMO DE 0,90M E MAXIMODE 3,00M,SOB A INFLUENCIA DO TREM-TIPO RODOVIARIO,EXCLUSIVEANDAIME.ASSENTAMENTO","M",2528.86,null,"20.086.0500-A","BUEIRO SIMPLES EM ARCO,CONSTITUIDO DE CHAPAS GALVANIZADAS OUREVESTIDAS COM EPOXY,ESPESSURA DE 3,40MM,PARAFUSOS,PORCAS EFERRAMENTAS NECESSARIAS,COM DIMENSOES EM TORNO DE 7,85M DEVAO E 4,60M DE ALTURA,RECOBRIMENTO MINIMO DE 0,90M E MAXIMODE 3,00M,SOB A INFLUENCIA DO TREM-TIPO RODOVIARIO,EXCLUSIVEANDAIME.ASSENTAMENTO","M",2448.2199999999998]
["20.086.0550-0","BUEIRO SIMPLES EM ARCO,CONSTITUIDO DE CHAPAS GALVANIZADAS OUREVESTIDAS COM EPOXY,ESPESSURA DE 6,30MM,PARAFUSOS,PORCAS EFERRAMENTAS NECESSARIAS,COM DIMENSOES EM TORNO DE 10,77M DEVAO E 3,48M DE ALTURA,RECOBRIMENTO MINIMO DE 1,20M E MAXIMODE 4,00M,SOB A INFLUENCIA DO TREM-TIPO RODOVIARIO,EXCLUSIVEANDAIME.ASSENTAMENTO","M",2799.81,null,"20.086.0550-A","BUEIRO SIMPLES EM ARCO,CONSTITUIDO DE CHAPAS GALVANIZADAS OUREVESTIDAS COM EPOXY,ESPESSURA DE 6,30MM,PARAFUSOS,PORCAS EFERRAMENTAS NECESSARIAS,COM DIMENSOES EM TORNO DE 10,77M DEVAO E 3,48M DE ALTURA,RECOBRIMENTO MINIMO DE 1,20M E MAXIMODE 4,00M,SOB A INFLUENCIA DO TREM-TIPO RODOVIARIO,EXCLUSIVEANDAIME.ASSENTAMENTO","M",2710.53]
["20.086.0600-0","TUNNEL LINER,PARA PROCESSO NAO DESTRUTIVO,CIRCULAR,CONSTITUIDO DE CHAPAS GALVANIZADAS OU REVESTIDAS COM EPOXY,ESPESSURADE 2,70MM,DIAMETRO DE 1,60M,PARAFUSOS, PORCAS E FERRAMENTASNECESSARIAS,RECOBRIMENTO MINIMO DE 1,20M E MAXIMO DE 9,60M,SOB A INFLUENCIA DO TREM-TIPO RODOVIARIO,EXCLUSIVE ANDAIME EESCAVACAO DENTRO DO TUNEL.ASSENTAMENTO","M",2684.65,null,"20.086.0600-A","TUNNEL LINER,PARA PROCESSO NAO DESTRUTIVO,CIRCULAR,CONSTITUIDO DE CHAPAS GALVANIZADAS OU REVESTIDAS COM EPOXY,ESPESSURADE 2,70MM,DIAMETRO DE 1,60M,PARAFUSOS, PORCAS E FERRAMENTASNECESSARIAS,RECOBRIMENTO MINIMO DE 1,20M E MAXIMO DE 9,60M,SOB A INFLUENCIA DO TREM-TIPO RODOVIARIO,EXCLUSIVE ANDAIME EESCAVACAO DENTRO DO TUNEL.ASSENTAMENTO","M",2554.89]
["20.086.0660-0","TUNNEL LINER,PARA PROCESSO NAO DESTRUTIVO,CIRCULAR,CONSTITUIDO DE CHAPAS GALVANIZADAS OU REVESTIDAS COM EPOXY,ESPESSURADE 3,40MM,DIAMETRO DE 4,00M,PARAFUSOS, PORCAS E FERRAMENTASNECESSARIAS,RECOBRIMENTO MINIMO DE 2,80M E MAXIMO DE 4,60M,SOB A INFLUENCIA DO TREM-TIPO RODOVIARIO,EXCLUSIVE ANDAIME EESCAVACAO DENTRO DO TUNEL.ASSENTAMENTO","M",5369.3,null,"20.086.0660-A","TUNNEL LINER,PARA PROCESSO NAO DESTRUTIVO,CIRCULAR,CONSTITUIDO DE CHAPAS GALVANIZADAS OU REVESTIDAS COM EPOXY,ESPESSURADE 3,40MM,DIAMETRO DE 4,00M,PARAFUSOS, PORCAS E FERRAMENTASNECESSARIAS,RECOBRIMENTO MINIMO DE 2,80M E MAXIMO DE 4,60M,SOB A INFLUENCIA DO TREM-TIPO RODOVIARIO,EXCLUSIVE ANDAIME EESCAVACAO DENTRO DO TUNEL.ASSENTAMENTO","M",5109.78]
["20.086.0670-0","TUNNEL LINER,PARA PROCESSO NAO DESTRUTIVO,CIRCULAR,CONSTITUIDO DE CHAPAS GALVANIZADAS OU REVESTIDAS COM EPOXY,ESPESSURADE 4,70MM,DIAMETRO DE 4,40M,PARAFUSOS, PORCAS E FERRAMENTASNECESSARIAS,RECOBRIMENTO MINIMO DE 3,00M E MAXIMO DE 5,20M,SOB A INFLUENCIA DO TREM-TIPO RODOVIARIO,EXCLUSIVE ANDAIME EESCAVACAO DENTRO DO TUNEL.ASSENTAMENTO","M",11637.91,null,"20.086.0670-A","TUNNEL LINER,PARA PROCESSO NAO DESTRUTIVO,CIRCULAR,CONSTITUIDO DE CHAPAS GALVANIZADAS OU REVESTIDAS COM EPOXY,ESPESSURADE 4,70MM,DIAMETRO DE 4,40M,PARAFUSOS, PORCAS E FERRAMENTASNECESSARIAS,RECOBRIMENTO MINIMO DE 3,00M E MAXIMO DE 5,20M,SOB A INFLUENCIA DO TREM-TIPO RODOVIARIO,EXCLUSIVE ANDAIME EESCAVACAO DENTRO DO TUNEL.ASSENTAMENTO","M",11075.27]
["20.093.0001-0","CIMENTO PORTLAND CP-II-32,INCLUSIVE TRANSPORTE.FORNECIMENTO","KG",0.62,null,"20.093.0001-A","CIMENTO PORTLAND CP-II-32,INCLUSIVE TRANSPORTE.FORNECIMENTO","KG",0.62]
["20.097.0003-0","PEDRA BRITADA Nº3,INCLUSIVE TRANSPORTE,PARA REGIAO METROPOLITANA DO RIO DE JANEIRO.FORNECIMENTO","M3",156.6,null,"20.097.0003-A","PEDRA BRITADA Nº3,INCLUSIVE TRANSPORTE,PARA REGIAO METROPOLITANA DO RIO DE JANEIRO.FORNECIMENTO","M3",156.6]
["20.097.0015-0","AREIA INDUSTRIAL MEDIA,CONFORME ABNT NBR 7211,INCLUSIVE TRANSPORTE,PARA REGIAO METROPOLITANA DO RIO DE JANEIRO.FORNECIMENTO","T",100,null,"20.097.0015-A","AREIA INDUSTRIAL MEDIA,CONFORME ABNT NBR 7211,INCLUSIVE TRANSPORTE,PARA REGIAO METROPOLITANA DO RIO DE JANEIRO.FORNECIMENTO","T",100]
["20.100.0010-0","CONCRETO BETUMINOSO USINADO A QUENTE,EXCLUSIVE FORNECIMENTODO CAP.PREPARO E FORNECIMENTO","M3",566.20000000000005,null,"20.100.0010-A","CONCRETO BETUMINOSO USINADO A QUENTE,EXCLUSIVE FORNECIMENTODO CAP.PREPARO E FORNECIMENTO","M3",561.71]
["20.100.0012-0","CONCRETO BETUMINOSO USINADO A QUENTE,MASSA MUITO FINA.PREPARO E FORNECIMENTO","M3",1103.2,null,"20.100.0012-A","CONCRETO BETUMINOSO USINADO A QUENTE,MASSA MUITO FINA.PREPARO E FORNECIMENTO","M3",1098.71]
["20.100.0050-0","CONCRETO BETUMINOSO USINADO A QUENTE TIPO \"BINDER\",EXCLUSIVEPREPARO,INCLUSIVE TRANSPORTE.CUSTO SOMENTE DOS MATERIAIS.FORNECIMENTO","M3",747.45,null,"20.100.0050-A","CONCRETO BETUMINOSO USINADO A QUENTE TIPO \"BINDER\",EXCLUSIVEPREPARO,INCLUSIVE TRANSPORTE.CUSTO SOMENTE DOS MATERIAIS.FORNECIMENTO","M3",747.45]
["20.100.0070-0","PINTURA DE LIGACAO,INCLUSIVE TRANSPORTE.CUSTO SOMENTE DOS MATERIAIS.FORNECIMENTO","M2",1.74,null,"20.100.0070-A","PINTURA DE LIGACAO,INCLUSIVE TRANSPORTE.CUSTO SOMENTE DOS MATERIAIS.FORNECIMENTO","M2",1.74]
["20.101.0011-0","EMULSAO ASFALTICA CATIONICA,TIPO RR-2C,INCLUSIVE TRANSPORTE.CUSTO SOMENTE DOS MATERIAIS.FORNECIMENTO","T",3489.7,null,"20.101.0011-A","EMULSAO ASFALTICA CATIONICA,TIPO RR-2C,INCLUSIVE TRANSPORTE.CUSTO SOMENTE DOS MATERIAIS.FORNECIMENTO","T",3489.7]
["20.102.0007-0","MATERIAL BETUMINOSO,TIPO CIMENTO ASFALTICO CAP-30/45,INCLUSIVE TRANSPORTE.CUSTO SOMENTE DOS MATERIAIS.FORNECIMENTO","T",4454.6000000000004,null,"20.102.0007-A","MATERIAL BETUMINOSO,TIPO CIMENTO ASFALTICO CAP-30/45,INCLUSIVE TRANSPORTE.CUSTO SOMENTE DOS MATERIAIS.FORNECIMENTO","T",4454.6000000000004]
["20.105.0001-0","PINTURA COM CAL,DE GUARDA-CORPO,GUARDA-RODA E MURETA DE PROTECAO EM PONTES E VIADUTOS,MEDIDA PELO DOBRO DA AREA TOTAL(LARGURA X ALTURA)","M2",7.24,null,"20.105.0001-A","PINTURA COM CAL,DE GUARDA-CORPO,GUARDA-RODA E MURETA DE PROTECAO EM PONTES E VIADUTOS,MEDIDA PELO DOBRO DA AREA TOTAL(LARGURA X ALTURA)","M2",6.79]
["20.108.0005-0","EMULSAO ASFALTICA CATIONICA,TIPO RR-1C,EXCLUSIVE TRANSPORTE.CUSTO SOMENTE DOS MATERIAIS.FORNECIMENTO","T",3185.9,null,"20.108.0005-A","EMULSAO ASFALTICA CATIONICA,TIPO RR-1C,EXCLUSIVE TRANSPORTE.CUSTO SOMENTE DOS MATERIAIS.FORNECIMENTO","T",3185.9]
["20.108.0007-0","EMULSAO ASFALTICA CATIONICA,TIPO RM-1C,EXCLUSIVE TRANSPORTE.CUSTO SOMENTE DOS MATERIAIS.FORNECIMENTO","T",3948.3,null,"20.108.0007-A","EMULSAO ASFALTICA CATIONICA,TIPO RM-1C,EXCLUSIVE TRANSPORTE.CUSTO SOMENTE DOS MATERIAIS.FORNECIMENTO","T",3948.3]
["20.111.0008-0","PO-DE-PEDRA,PARA REGIAO DE CAMPOS,EXCLUSIVE TRANSPORTE,INCLUSIVE CARGA NO CAMINHAO.FORNECIMENTO","M3",72.989999999999995,null,"20.111.0008-A","PO-DE-PEDRA,PARA REGIAO DE CAMPOS,EXCLUSIVE TRANSPORTE,INCLUSIVE CARGA NO CAMINHAO.FORNECIMENTO","M3",72.989999999999995]
["20.112.0011-0","PEDRA BRITADA 1 PARA REGIAO DE ITAPERUNA,EXCLUSIVE TRANSPORTE,INCLUSIVE CARGA NO CAMINHAO.FORNECIMENTO","M3",108.75,null,"20.112.0011-A","PEDRA BRITADA 1 PARA REGIAO DE ITAPERUNA,EXCLUSIVE TRANSPORTE,INCLUSIVE CARGA NO CAMINHAO.FORNECIMENTO","M3",108.75]
["20.113.0011-0","PEDRA BRITADA 1, 2 E 3 PARA REGIAO DE MACAE,EXCLUSIVE TRANSPORTE,INCLUSIVE CARGA NO CAMINHAO.FORNECIMENTO","M3",94.25,null,"20.113.0011-A","PEDRA BRITADA 1, 2 E 3 PARA REGIAO DE MACAE,EXCLUSIVE TRANSPORTE,INCLUSIVE CARGA NO CAMINHAO.FORNECIMENTO","M3",94.25]
["20.114.0010-0","CASCALHINHO (PEDRA ZERO) PARA REGIAO DE NOVA FRIBURGO,EXCLUSIVE TRANSPORTE,INCLUSIVE CARGA NO CAMINHAO.FORNECIMENTO","M3",147.06,null,"20.114.0010-A","CASCALHINHO (PEDRA ZERO) PARA REGIAO DE NOVA FRIBURGO,EXCLUSIVE TRANSPORTE,INCLUSIVE CARGA NO CAMINHAO.FORNECIMENTO","M3",147.06]
["20.114.0012-0","BRITA CORRIDA PARA REGIAO DE NOVA FRIBURGO,EXCLUSIVE TRANSPORTE,INCLUSIVE CARGA NO CAMINHAO.FORNECIMENTO","M3",138.66999999999999,null,"20.114.0012-A","BRITA CORRIDA PARA REGIAO DE NOVA FRIBURGO,EXCLUSIVE TRANSPORTE,INCLUSIVE CARGA NO CAMINHAO.FORNECIMENTO","M3",138.66999999999999]
["20.115.0011-0","PEDRA BRITADA 1, 2 E 3 PARA REGIAO DE BARRA MANSA,EXCLUSIVETRANSPORTE,INCLUSIVE CARGA NO CAMINHAO.FORNECIMENTO","M3",109.45,null,"20.115.0011-A","PEDRA BRITADA 1, 2 E 3 PARA REGIAO DE BARRA MANSA,EXCLUSIVETRANSPORTE,INCLUSIVE CARGA NO CAMINHAO.FORNECIMENTO","M3",109.45]
["20.115.0013-0","PO-DE-PEDRA PARA REGIAO DE BARRA MANSA,EXCLUSIVE TRANSPORTE,INCLUSIVE CARGA NO CAMINHAO.FORNECIMENTO","M3",85.8,null,"20.115.0013-A","PO-DE-PEDRA PARA REGIAO DE BARRA MANSA,EXCLUSIVE TRANSPORTE,INCLUSIVE CARGA NO CAMINHAO.FORNECIMENTO","M3",85.8]
["20.116.0007-0","PEDRA BRITADA Nº1,PARA REGIAO METROPOLITANA DO RIO DE JANEIRO,EXCLUSIVE TRANSPORTE,INCLUSIVE CARGA NO CAMINHAO.FORNECIMENTO","M3",118.33,null,"20.116.0007-A","PEDRA BRITADA Nº1,PARA REGIAO METROPOLITANA DO RIO DE JANEIRO,EXCLUSIVE TRANSPORTE,INCLUSIVE CARGA NO CAMINHAO.FORNECIMENTO","M3",118.33]
["20.116.0020-0","PO-DE-PEDRA PARA REGIAO METROPOLITANA DO RIO DE JANEIRO,EXCLUSIVE TRANSPORTE,INCLUSIVE CARGA NO CAMINHAO.FORNECIMENTO","M3",101.4,null,"20.116.0020-A","PO-DE-PEDRA PARA REGIAO METROPOLITANA DO RIO DE JANEIRO,EXCLUSIVE TRANSPORTE,INCLUSIVE CARGA NO CAMINHAO.FORNECIMENTO","M3",101.4]
["20.170.0002-0","SONORIZADOR DE CONCRETO MOLDADO NO LOCAL,MEDINDO (10,5X5,0)M,INCLUSIVE REJUNTAMENTO,BARRAS DE LIGACAO,ESCAVACAO,IMPRIMACAO","UN",9511.35,null,"20.170.0002-A","SONORIZADOR DE CONCRETO MOLDADO NO LOCAL,MEDINDO (10,5X5,0)M,INCLUSIVE REJUNTAMENTO,BARRAS DE LIGACAO,ESCAVACAO,IMPRIMACAO","UN",9226.42]
["20.175.0006-0","BARREIRA PRE-MOLDADA EXTERNA,EM CONCRETO ARMADO(FCK=25MPA,ACO CA-50),FIXADA EM SOLO,TIPO DER-RJ,MEDINDO 0,25M NO TOPO,0,40M NA BASE E 2,34M DE ALTURA TOTAL(SENDO PARTE ENTERRADA),INCLUINDO VIGOTAS HORIZONTAIS,MONTANTES A CADA 1,00M,TENDO SAPATA LATERAL DE CONCRETO ARMADO,CONCRETADA NO LOCAL,C/0,60MDE LARGURA,INCLUSIVE FORNECIMENTO DOS MATERIAIS,EXCL.BERCOS","M",2049.0500000000002,null,"20.175.0006-A","BARREIRA PRE-MOLDADA EXTERNA,EM CONCRETO ARMADO(FCK=25MPA,ACO CA-50),FIXADA EM SOLO,TIPO DER-RJ,MEDINDO 0,25M NO TOPO,0,40M NA BASE E 2,34M DE ALTURA TOTAL(SENDO PARTE ENTERRADA),INCLUINDO VIGOTAS HORIZONTAIS,MONTANTES A CADA 1,00M,TENDO SAPATA LATERAL DE CONCRETO ARMADO,CONCRETADA NO LOCAL,C/0,60MDE LARGURA,INCLUSIVE FORNECIMENTO DOS MATERIAIS,EXCL.BERCOS","M",1982.23]
["20.175.0007-0","BARREIRA DUPLA PRE-MOLDADA INTERNA(DIVISORIA DE PISTA),EM CONCRETO ARMADO(FCK=25MPA,ACO CA-50),FIXADA EM SOLO,TIPO DER-RJ,MEDINDO 0,15M NO TOPO,0,65M NA BASE E 1,27M DE ALTURA TOTAL(SENDO PARTE ENTERRADA),TENDO SAPATAS LATERIAIS DE CONCRETOARMADO COM 0,50M DE LARGURA,CONCRETADA NO LOCAL,INCLUSIVE FORNECIMENTO DOS MATERIAIS,EXCLUSIVE BERCOS","M",1829.06,null,"20.175.0007-A","BARREIRA DUPLA PRE-MOLDADA INTERNA(DIVISORIA DE PISTA),EM CONCRETO ARMADO(FCK=25MPA,ACO CA-50),FIXADA EM SOLO,TIPO DER-RJ,MEDINDO 0,15M NO TOPO,0,65M NA BASE E 1,27M DE ALTURA TOTAL(SENDO PARTE ENTERRADA),TENDO SAPATAS LATERIAIS DE CONCRETOARMADO COM 0,50M DE LARGURA,CONCRETADA NO LOCAL,INCLUSIVE FORNECIMENTO DOS MATERIAIS,EXCLUSIVE BERCOS","M",1771.43]
["20.180.0002-0","MURETA DIVISORIA DE TRAFEGO,EM CONCRETO SIMPLES,TIPO AVENIDABRASIL,INCLUSIVE FORNECIMENTO DOS MATERIAIS,EXCLUSIVE FORMA","M",352.07,null,"20.180.0002-A","MURETA DIVISORIA DE TRAFEGO,EM CONCRETO SIMPLES,TIPO AVENIDABRASIL,INCLUSIVE FORNECIMENTO DOS MATERIAIS,EXCLUSIVE FORMA","M",343.62]
["21.001.0010-0","ASSENTAMENTO DE POSTE DE CONCRETO,CIRCULAR,RETO DE 9,00M,COMCABECA DE CONCRETO,EXCLUSIVE FORNECIMENTO DO POSTE E DA CABECA","UN",429.35,null,"21.001.0010-A","ASSENTAMENTO DE POSTE DE CONCRETO,CIRCULAR,RETO DE 9,00M,COMCABECA DE CONCRETO,EXCLUSIVE FORNECIMENTO DO POSTE E DA CABECA","UN",404.22]
["21.001.0060-0","ASSENTAMENTO DE POSTE RETO,DE ACO DE 3,50 ATE 6,00M,COM ENGASTAMENTO DA PARTE INFERIOR DA COLUNA DIRETAMENTE NO SOLO,EXCLUSIVE FORNECIMENTO DO POSTE","UN",203.32,null,"21.001.0060-A","ASSENTAMENTO DE POSTE RETO,DE ACO DE 3,50 ATE 6,00M,COM ENGASTAMENTO DA PARTE INFERIOR DA COLUNA DIRETAMENTE NO SOLO,EXCLUSIVE FORNECIMENTO DO POSTE","UN",190.76]
["21.001.0062-0","ASSENTAMENTO DE POSTE RETO,DE ACO DE 7,00 ATE 11,00M,COM ENGASTAMENTO DA PARTE INFERIOR DA COLUNA DIRETAMENTE NO SOLO,EXCLUSIVE FORNECIMENTO DO POSTE","UN",409.75,null,"21.001.0062-A","ASSENTAMENTO DE POSTE RETO,DE ACO DE 7,00 ATE 11,00M,COM ENGASTAMENTO DA PARTE INFERIOR DA COLUNA DIRETAMENTE NO SOLO,EXCLUSIVE FORNECIMENTO DO POSTE","UN",384.62]
["21.001.0155-0","ASSENTAMENTO DE POSTE DE CONCRETO,CIRCULAR RETO DE 33,00M,EMFUNDACAO ESPECIAL,EXCLUSIVE FUNDACAO E FORNECIMENTO DO POSTE","UN",2256.9299999999998,null,"21.001.0155-A","ASSENTAMENTO DE POSTE DE CONCRETO,CIRCULAR RETO DE 33,00M,EMFUNDACAO ESPECIAL,EXCLUSIVE FUNDACAO E FORNECIMENTO DO POSTE","UN",2106.14]
["21.001.0170-0","ASSENTAMENTO DE POSTE RETO,DE ACO DE 13,00 ATE 20,00M,COM FLANGE DE ACO SOLDADO NA SUA BASE,FIXADO POR PARAFUSOS CHUMBADORES ENGASTADOS EM FUNDACAO DE CONCRETO,EXCLUSIVE FUNDACAO EFORNECIMENTO DO POSTE","UN",376.15,null,"21.001.0170-A","ASSENTAMENTO DE POSTE RETO,DE ACO DE 13,00 ATE 20,00M,COM FLANGE DE ACO SOLDADO NA SUA BASE,FIXADO POR PARAFUSOS CHUMBADORES ENGASTADOS EM FUNDACAO DE CONCRETO,EXCLUSIVE FUNDACAO EFORNECIMENTO DO POSTE","UN",351.02]
["21.002.0010-0","POSTE DE CONCRETO COM SECAO CIRCULAR,RETO,COM 9,00M DE COMPRIMENTO,TIPO LEVE,EXCLUSIVE TRANSPORTE.FORNECIMENTO","UN",1365,null,"21.002.0010-A","POSTE DE CONCRETO COM SECAO CIRCULAR,RETO,COM 9,00M DE COMPRIMENTO,TIPO LEVE,EXCLUSIVE TRANSPORTE.FORNECIMENTO","UN",1365]
["21.002.0015-0","POSTE DE CONCRETO COM SECAO CIRCULAR,RETO,COM 11,00M DE COMPRIMENTO,TIPO LEVE,EXCLUSIVE TRANSPORTE.FORNECIMENTO","UN",1972.25,null,"21.002.0015-A","POSTE DE CONCRETO COM SECAO CIRCULAR,RETO,COM 11,00M DE COMPRIMENTO,TIPO LEVE,EXCLUSIVE TRANSPORTE.FORNECIMENTO","UN",1972.25]
["21.002.0045-0","POSTE DE CONCRETO,COM SECAO CIRCULAR,RETO,COM 22,50M DE COMPRIMENTO,CONICIDADE REDUZIDA,EXCLUSIVE TRANSPORTE.FORNECIMENTO","UN",12017.5,null,"21.002.0045-A","POSTE DE CONCRETO,COM SECAO CIRCULAR,RETO,COM 22,50M DE COMPRIMENTO,CONICIDADE REDUZIDA,EXCLUSIVE TRANSPORTE.FORNECIMENTO","UN",12017.5]
["21.003.0056-0","POSTE DE ACO,RETO,CONICO CONTINUO,ALTURA DE 9,00M,SEM SAPATA.FORNECIMENTO","UN",3580,null,"21.003.0056-A","POSTE DE ACO,RETO,CONICO CONTINUO,ALTURA DE 9,00M,SEM SAPATA.FORNECIMENTO","UN",3580]
["21.003.0070-0","POSTE DE ACO,CURVO,CONICO CONTINUO,SIMPLES,ALTURA DE 9M,PROJECAO DO BRACO DE 2,50M,SEM SAPATA.FORNECIMENTO","UN",4450,null,"21.003.0070-A","POSTE DE ACO,CURVO,CONICO CONTINUO,SIMPLES,ALTURA DE 9M,PROJECAO DO BRACO DE 2,50M,SEM SAPATA.FORNECIMENTO","UN",4450]
["21.003.0085-0","POSTE DE ACO,RETO,CONICO CONTINUO OU ESCALONADO,ALTURA DE 7M,SEM SAPATA.FORNECIMENTO","UN",2410,null,"21.003.0085-A","POSTE DE ACO,RETO,CONICO CONTINUO OU ESCALONADO,ALTURA DE 7M,SEM SAPATA.FORNECIMENTO","UN",2410]
["21.004.0105-0","RETIRADA DE CONJUNTO DE CHAVES,FUSIVEIS E FERRAGENS EM LINHADE 13,2KV","UN",37.61,null,"21.004.0105-A","RETIRADA DE CONJUNTO DE CHAVES,FUSIVEIS E FERRAGENS EM LINHADE 13,2KV","UN",35.1]
["21.004.0130-0","RETIRADA DE REDE AEREA DE 13,2KV(LANCE)","UN",75.23,null,"21.004.0130-A","RETIRADA DE REDE AEREA DE 13,2KV(LANCE)","UN",70.2]
["21.004.0144-0","RETIRADA DE LUMINARIA EM ALTURA DE 30,00M","UN",112.84,null,"21.004.0144-A","RETIRADA DE LUMINARIA EM ALTURA DE 30,00M","UN",105.3]
["21.004.0150-0","RETIRADA DE LUMINARIA,INSTALADA EM CORDOALHA,TETO OU PAREDE","UN",37.61,null,"21.004.0150-A","RETIRADA DE LUMINARIA,INSTALADA EM CORDOALHA,TETO OU PAREDE","UN",35.1]
["21.004.0170-0","RETIRADA OU SUBSTITUICAO DE RELE FOTOELETRICO INDIVIDUAL,INSTALADO ATE 12,00M DE ALTURA","UN",9.4,null,"21.004.0170-A","RETIRADA OU SUBSTITUICAO DE RELE FOTOELETRICO INDIVIDUAL,INSTALADO ATE 12,00M DE ALTURA","UN",8.77]
["21.004.0187-0","RETIRADA DE NUCLEO,PARA FIXACAO DE LUMINARIAS,INSTALADO EM TOPO DE POSTE,DE 16,00 ATE 20,00M DE ALTURA","UN",75.23,null,"21.004.0187-A","RETIRADA DE NUCLEO,PARA FIXACAO DE LUMINARIAS,INSTALADO EM TOPO DE POSTE,DE 16,00 ATE 20,00M DE ALTURA","UN",70.2]
["21.005.0011-0","POSTE DE ACO,CONTINUO,CURVO,CONICO,SIMPLES,COM BASE,COM JANELA DE INSPECAO,DE 9,00M.FORNECIMENTO E ASSENTAMENTO","UN",3538.07,null,"21.005.0011-A","POSTE DE ACO,CONTINUO,CURVO,CONICO,SIMPLES,COM BASE,COM JANELA DE INSPECAO,DE 9,00M.FORNECIMENTO E ASSENTAMENTO","UN",3525.51]
["21.009.0010-0","PINTURA DE POSTE RETO DE ACO,DE 3,50 A 6,00M,COM DUAS DEMAOSDE TINTA FENOLICA DE ALTA RESISTENCIA AS INTEMPERIES,DE SECAGEM RAPIDA,NA COR ALUMINIO","UN",50.5,null,"21.009.0010-A","PINTURA DE POSTE RETO DE ACO,DE 3,50 A 6,00M,COM DUAS DEMAOSDE TINTA FENOLICA DE ALTA RESISTENCIA AS INTEMPERIES,DE SECAGEM RAPIDA,NA COR ALUMINIO","UN",48.62]
["21.009.0012-0","PINTURA DE POSTE RETO DE ACO,DE 10,00 ATE 15,00M,COM DUAS DEMAOS DE TINTA FENOLICA DE ALTA RESISTENCIA AS INTEMPERIES,DESECAGEM RAPIDA,NA COR ALUMINIO","UN",183.21,null,"21.009.0012-A","PINTURA DE POSTE RETO DE ACO,DE 10,00 ATE 15,00M,COM DUAS DEMAOS DE TINTA FENOLICA DE ALTA RESISTENCIA AS INTEMPERIES,DESECAGEM RAPIDA,NA COR ALUMINIO","UN",176.93]
["21.009.0041-0","PINTURA DE POSTE CURVO DE ACO,COM 2 BRACOS,DE 11,00 A 15,00M,COM DUAS DEMAOS DE TINTA FENOLICA DE ALTA RESISTENCIA AS INTEMPERIES DE SECAGEM RAPIDA,NA COR ALUMINIO","UN",292.45,null,"21.009.0041-A","PINTURA DE POSTE CURVO DE ACO,COM 2 BRACOS,DE 11,00 A 15,00M,COM DUAS DEMAOS DE TINTA FENOLICA DE ALTA RESISTENCIA AS INTEMPERIES DE SECAGEM RAPIDA,NA COR ALUMINIO","UN",281.14]
["21.009.0100-0","PINTURA DE POSTE RETO,DE ACO,DE 3,50 A 6,00M,COM UMA DEMAO DE TINTA GRAFITE COM PROPRIEDADES DE PRIMER E DE ACABAMENTO,COM ALTO TEOR DE ZARCAO","UN",24.14,null,"21.009.0100-A","PINTURA DE POSTE RETO,DE ACO,DE 3,50 A 6,00M,COM UMA DEMAO DE TINTA GRAFITE COM PROPRIEDADES DE PRIMER E DE ACABAMENTO,COM ALTO TEOR DE ZARCAO","UN",23.16]
["21.009.0106-0","PINTURA DE POSTE CURVO,DE ACO,DE 8,00 A 9,00M,COM 1 BRACO COM UMA DEMAO DE TINTA GRAFITE,COM PROPRIEDADES DE PRIMER E DEACABAMENTO,COM ALTO TEOR DE ZARCAO","UN",53.53,null,"21.009.0106-A","PINTURA DE POSTE CURVO,DE ACO,DE 8,00 A 9,00M,COM 1 BRACO COM UMA DEMAO DE TINTA GRAFITE,COM PROPRIEDADES DE PRIMER E DEACABAMENTO,COM ALTO TEOR DE ZARCAO","UN",51.23]
["21.009.0111-0","PINTURA EM BASE DUPLA PARA LUMINARIA LRJ-16,PROJETO RIOLUZ,COM UMA DEMAO DE TINTA GRAFITE,COM PROPRIEDADES DE PRIMER E DE ACABAMENTO,COM ALTO TEOR DE ZARCAO","UN",14.81,null,"21.009.0111-A","PINTURA EM BASE DUPLA PARA LUMINARIA LRJ-16,PROJETO RIOLUZ,COM UMA DEMAO DE TINTA GRAFITE,COM PROPRIEDADES DE PRIMER E DE ACABAMENTO,COM ALTO TEOR DE ZARCAO","UN",13.97]
["21.009.0116-0","PINTURA EM LUMINARIA LRJ-01,CONFORME PROJETO NºA4-1176-PD,RIOLUZ,COM UMA DEMAO DE TINTA GRAFITE,COM PROPRIEDADES DE PRIMER E DE ACABAMENTO,COM ALTO TEOR DE ZARCAO","UN",16.68,null,"21.009.0116-A","PINTURA EM LUMINARIA LRJ-01,CONFORME PROJETO NºA4-1176-PD,RIOLUZ,COM UMA DEMAO DE TINTA GRAFITE,COM PROPRIEDADES DE PRIMER E DE ACABAMENTO,COM ALTO TEOR DE ZARCAO","UN",15.82]
["21.010.0030-0","PINTURA DE POSTE CURVO,DE ACO,DE 9,00M,COM 2 BRACOS,COM TINTA DE ACABAMENTO GRAFITE SINTETICO A BASE DE RESINA ALQUIDICA,APLICADA SOBRE ZARCAO DE SECAGEM RAPIDA,COR LARANJA,DA MESMA LINHA DO FABRICANTE,INCLUSIVE LIMPEZA,LIXAMENTO,DESENGORDURAMENTO E DUAS DEMAOS DE ACABAMENTO","UN",143.22,null,"21.010.0030-A","PINTURA DE POSTE CURVO,DE ACO,DE 9,00M,COM 2 BRACOS,COM TINTA DE ACABAMENTO GRAFITE SINTETICO A BASE DE RESINA ALQUIDICA,APLICADA SOBRE ZARCAO DE SECAGEM RAPIDA,COR LARANJA,DA MESMA LINHA DO FABRICANTE,INCLUSIVE LIMPEZA,LIXAMENTO,DESENGORDURAMENTO E DUAS DEMAOS DE ACABAMENTO","UN",137.13999999999999]
["21.010.0035-0","PINTURA DE POSTE CURVO,DE ACO,DE 12,00M,COM 1 BRACO,COM TINTA DE ACABAMENTO GRAFITE SINTETICO A BASE DE RESINA ALQUIDICA,APLICADA SOBRE ZARCAO DE SECAGEM RAPIDA,COR LARANJA,DA MESMA LINHA DO FABRICANTE,INCLUSIVE LIMPEZA,LIXAMENTO,DESENGORDURAMENTO E DUAS DEMAOS DE ACABAMENTO","UN",174.1,null,"21.010.0035-A","PINTURA DE POSTE CURVO,DE ACO,DE 12,00M,COM 1 BRACO,COM TINTA DE ACABAMENTO GRAFITE SINTETICO A BASE DE RESINA ALQUIDICA,APLICADA SOBRE ZARCAO DE SECAGEM RAPIDA,COR LARANJA,DA MESMA LINHA DO FABRICANTE,INCLUSIVE LIMPEZA,LIXAMENTO,DESENGORDURAMENTO E DUAS DEMAOS DE ACABAMENTO","UN",166.76]
["21.011.0020-0","FUNDACAO SIMPLES DE CONCRETO PRE-MOLDADO,PROJETO RIOLUZ,COMCHUMBADORES DE ACO,PROVIDO DE ARRUELAS E PORCAS PARA FIXACAODE POSTE CURVO DE ACO,DE 1 BRACO,DE 8,00 ATE 9,00M,EXCLUSIVEO POSTE E CHUMBADORES","UN",265.47000000000003,null,"21.011.0020-A","FUNDACAO SIMPLES DE CONCRETO PRE-MOLDADO,PROJETO RIOLUZ,COMCHUMBADORES DE ACO,PROVIDO DE ARRUELAS E PORCAS PARA FIXACAODE POSTE CURVO DE ACO,DE 1 BRACO,DE 8,00 ATE 9,00M,EXCLUSIVEO POSTE E CHUMBADORES","UN",252.91]
["21.011.0030-0","FUNDACAO ESPECIAL PARA FIXACAO DE POSTE DE CONCRETO,CIRCULAR,RETO,DE 9,00M,EM TERRENO PANTANOSO OU ATERRADO,CONFORME PROJETO NºA4-1651-PD,RIOLUZ,EXCLUSIVE O POSTE","UN",1176.92,null,"21.011.0030-A","FUNDACAO ESPECIAL PARA FIXACAO DE POSTE DE CONCRETO,CIRCULAR,RETO,DE 9,00M,EM TERRENO PANTANOSO OU ATERRADO,CONFORME PROJETO NºA4-1651-PD,RIOLUZ,EXCLUSIVE O POSTE","UN",1139.22]
["21.011.0070-0","FUNDACAO ESPECIAL PARA FIXACAO DE POSTE DE ACO,RETO OU CURVO,COM FLANGE DE 1 OU 2 BRACOS,DE 16,00 ATE 20,00M,EM TERRENOPANTANOSO OU ATERRADO,CONFORME PROJETO Nº A4-1651-PD,RIOLUZ,EXCLUSIVE O POSTE","UN",3157.64,null,"21.011.0070-A","FUNDACAO ESPECIAL PARA FIXACAO DE POSTE DE ACO,RETO OU CURVO,COM FLANGE DE 1 OU 2 BRACOS,DE 16,00 ATE 20,00M,EM TERRENOPANTANOSO OU ATERRADO,CONFORME PROJETO Nº A4-1651-PD,RIOLUZ,EXCLUSIVE O POSTE","UN",3107.38]
["21.011.0095-0","FUNDACAO PARA POSTE DE CONCRETO,CIRCULAR,ATE 12,00M DE ALTURA,EM TERRENO DE AREIA,ARGILA OU PICARRA,INCLUSIVE INSTALACAOE FORNECIMENTO DE TAMPA DE PROTECAO","UN",2443.9499999999998,null,"21.011.0095-A","FUNDACAO PARA POSTE DE CONCRETO,CIRCULAR,ATE 12,00M DE ALTURA,EM TERRENO DE AREIA,ARGILA OU PICARRA,INCLUSIVE INSTALACAOE FORNECIMENTO DE TAMPA DE PROTECAO","UN",2394.94]
["21.011.0100-0","FUNDACAO PARA POSTE DE CONCRETO,CIRCULAR,DE 13,00M DE ALTURA,EM TERRENO DE AREIA,ARGILA OU PICARRA,INCLUSIVE INSTALACAOE FORNECIMENTO DE TAMPA DE PROTECAO","UN",2462.7600000000002,null,"21.011.0100-A","FUNDACAO PARA POSTE DE CONCRETO,CIRCULAR,DE 13,00M DE ALTURA,EM TERRENO DE AREIA,ARGILA OU PICARRA,INCLUSIVE INSTALACAOE FORNECIMENTO DE TAMPA DE PROTECAO","UN",2412.4899999999998]
["21.013.0010-0","CHUMBADORES DE ACO,PARA FIXACAO DE POSTE RETO OU CURVO,DE ACO,DE 7,00 ATE 9,00M,COM FLANGE.FORNECIMENTO E COLOCACAO","UN",1350.46,null,"21.013.0010-A","CHUMBADORES DE ACO,PARA FIXACAO DE POSTE RETO OU CURVO,DE ACO,DE 7,00 ATE 9,00M,COM FLANGE.FORNECIMENTO E COLOCACAO","UN",1340.4]
["21.015.0179-0","ARMACAO SECUNDARIA VERTICAL,COMPLETA,PARA UMA REDE DE B.T.,EXCLUSIVE FORNECIMENTO DA ARMACAO E DAS CINTAS DE FIXACAO.INSTALACAO","UN",18.8,null,"21.015.0179-A","ARMACAO SECUNDARIA VERTICAL,COMPLETA,PARA UMA REDE DE B.T.,EXCLUSIVE FORNECIMENTO DA ARMACAO E DAS CINTAS DE FIXACAO.INSTALACAO","UN",17.55]
["21.015.0181-0","ARMACAO SECUNDARIA VERTICAL,DE 4(QUATRO)ESTRIBOS,COMPLETA,PARA UMA REDE DE B.T.,DE 4(QUATRO)CONDUTORES,PARA ALINHAMENTORETO,ANGULO INFERIOR A 90º E PONTO TERMINAL,EXCLUSIVE FORNECIMENTO DAS CINTAS DE FIXACAO(VER CONJUNTO BTV 1).FORNECIMENTO E INSTALACAO","UN",115.49,null,"21.015.0181-A","ARMACAO SECUNDARIA VERTICAL,DE 4(QUATRO)ESTRIBOS,COMPLETA,PARA UMA REDE DE B.T.,DE 4(QUATRO)CONDUTORES,PARA ALINHAMENTORETO,ANGULO INFERIOR A 90º E PONTO TERMINAL,EXCLUSIVE FORNECIMENTO DAS CINTAS DE FIXACAO(VER CONJUNTO BTV 1).FORNECIMENTO E INSTALACAO","UN",114.24]
["21.015.0182-0","ARMACAO SECUNDARIA VERTICAL,DE 3(TRES)ESTRIBOS,COMPLETA,PARAUMA REDE DE B.T.,DE 3(TRES)CONDUTORES,PARA ALINHAMENTO RETO,ANGULO INFERIOR A 90º E PONTO TERMINAL,EXCLUSIVE FORNECIMENTO DAS CINTAS DE FIXACAO (VER CONJUNTO BTV 1).FORNECIMENTO EINSTALACAO","UN",83.83,null,"21.015.0182-A","ARMACAO SECUNDARIA VERTICAL,DE 3(TRES)ESTRIBOS,COMPLETA,PARAUMA REDE DE B.T.,DE 3(TRES)CONDUTORES,PARA ALINHAMENTO RETO,ANGULO INFERIOR A 90º E PONTO TERMINAL,EXCLUSIVE FORNECIMENTO DAS CINTAS DE FIXACAO (VER CONJUNTO BTV 1).FORNECIMENTO EINSTALACAO","UN",82.58]
["21.015.0184-0","CONJUNTO PARA FIXACAO DE REDE 13,8KV,TRIFASICA,EXCLUSIVE FORNECIMENTO DOS ISOLADORES E FERRAGENS.INSTALACAO","UN",150.46,null,"21.015.0184-A","CONJUNTO PARA FIXACAO DE REDE 13,8KV,TRIFASICA,EXCLUSIVE FORNECIMENTO DOS ISOLADORES E FERRAGENS.INSTALACAO","UN",140.4]
["21.015.0186-0","FERRAGENS SINGELAS,PARA 1 LINHA,DE 13,8KV,BIFASICA TRIANGULAR,POSTE AO CENTRO,PARA ALINHAMENTOS RETOS E ANGULOS ATE 30º(CONJUNTO 13 A1).INSTALACAO","UN",75.23,null,"21.015.0186-A","FERRAGENS SINGELAS,PARA 1 LINHA,DE 13,8KV,BIFASICA TRIANGULAR,POSTE AO CENTRO,PARA ALINHAMENTOS RETOS E ANGULOS ATE 30º(CONJUNTO 13 A1).INSTALACAO","UN",70.2]
["21.015.0188-0","CONJUNTO PARA FIXACAO DE REDE 13,8KV,TRIFASICA,HORIZONTAL,POSTE AO CENTRO,PARA PEQUENOS ANGULOS,PADRAO MADEIRA,MONTAGEMNORMAL,TIPO 13N2.FORNECIMENTO E INSTALACAO","UN",1099.27,null,"21.015.0188-A","CONJUNTO PARA FIXACAO DE REDE 13,8KV,TRIFASICA,HORIZONTAL,POSTE AO CENTRO,PARA PEQUENOS ANGULOS,PADRAO MADEIRA,MONTAGEMNORMAL,TIPO 13N2.FORNECIMENTO E INSTALACAO","UN",1094.24]
["21.015.0190-0","CONJUNTO PARA FIXACAO DE REDE 13,8KV,TRIFASICA,HORIZONTAL,POSTE AO CENTRO,PARA PEQUENOS ANGULOS,PADRAO MADEIRA,PARA FIMDE LINHA,TIPO 13N5.FORNECIMENTO E INSTALACAO","UN",1372.31,null,"21.015.0190-A","CONJUNTO PARA FIXACAO DE REDE 13,8KV,TRIFASICA,HORIZONTAL,POSTE AO CENTRO,PARA PEQUENOS ANGULOS,PADRAO MADEIRA,PARA FIMDE LINHA,TIPO 13N5.FORNECIMENTO E INSTALACAO","UN",1367.28]
["21.015.0192-0","FERRAGENS SINGELAS E 2 CHAVES FUSIVEIS,EM 1 LINHA DE 13,8KV,HORIZONTAL,POSTE AO CENTRO,EXCLUSIVE FORNECIMENTO DAS CHAVESFUSIVEIS,DOS ISOLADORES E FERRAGENS DA LINHA EXISTENTE.INSTALACAO","UN",131.65,null,"21.015.0192-A","FERRAGENS SINGELAS E 2 CHAVES FUSIVEIS,EM 1 LINHA DE 13,8KV,HORIZONTAL,POSTE AO CENTRO,EXCLUSIVE FORNECIMENTO DAS CHAVESFUSIVEIS,DOS ISOLADORES E FERRAGENS DA LINHA EXISTENTE.INSTALACAO","UN",122.85]
["21.015.0194-0","FERRAGENS SINGELAS E 3 CHAVES FUSIVEIS,EM 1 LINHA DE 13,8KV,HORIZONTAL,POSTE AO CENTRO;EXCLUSIVE FORNECIMENTO DAS CHAVESFUSIVEIS,DOS ISOLADORES E FERRAGENS DA LINHA EXISTENTE.INSTALACAO","UN",150.46,null,"21.015.0194-A","FERRAGENS SINGELAS E 3 CHAVES FUSIVEIS,EM 1 LINHA DE 13,8KV,HORIZONTAL,POSTE AO CENTRO;EXCLUSIVE FORNECIMENTO DAS CHAVESFUSIVEIS,DOS ISOLADORES E FERRAGENS DA LINHA EXISTENTE.INSTALACAO","UN",140.4]
["21.015.0196-0","CHAVES FUSIVEIS(TRES),EM 1 LINHA DE 13,8KV,HORIZONTAL,POSTECENTRO,INCLUSIVE SUPORTE DE FIXACAO,PADRAO MADEIRA,MONTAGEMNORMAL,TIPO 13N8,EXCLUSIVE ISOLADORES E FERRAGENS DA LINHA EXISTENTE.FORNECIMENTO E INSTALACAO","UN",3179.04,null,"21.015.0196-A","CHAVES FUSIVEIS(TRES),EM 1 LINHA DE 13,8KV,HORIZONTAL,POSTECENTRO,INCLUSIVE SUPORTE DE FIXACAO,PADRAO MADEIRA,MONTAGEMNORMAL,TIPO 13N8,EXCLUSIVE ISOLADORES E FERRAGENS DA LINHA EXISTENTE.FORNECIMENTO E INSTALACAO","UN",3168.98]
["21.015.0198-0","FERRAGENS SINGELAS,PARA 2 LINHAS,DE 25KV,HORIZONTAIS,POSTE AO CENTRO,PARA ALINHAMENTOS RETOS E ANGULOS ATE 30°(CONJUNTO25 E1).INSTALACAO","UN",150.46,null,"21.015.0198-A","FERRAGENS SINGELAS,PARA 2 LINHAS,DE 25KV,HORIZONTAIS,POSTE AO CENTRO,PARA ALINHAMENTOS RETOS E ANGULOS ATE 30°(CONJUNTO25 E1).INSTALACAO","UN",140.4]
["21.015.0201-0","TRANSFORMADOR DE 5 A 112,5KVA,SOB LINHA DE 13,8KV,EXCLUSIVEFERRAGENS DE SUPORTES,CHAVES FUSIVEIS COM RESPECTIVAS FERRAGENS E TRANSFORMADORES,INCLUSIVE INTERLIGACAO DE AT E BT,SENDO ESTA ULTIMA COM CONECTORES DE LINHA,EXCLUSIVE CONECTORES.INSTALACAO","UN",300.92,null,"21.015.0201-A","TRANSFORMADOR DE 5 A 112,5KVA,SOB LINHA DE 13,8KV,EXCLUSIVEFERRAGENS DE SUPORTES,CHAVES FUSIVEIS COM RESPECTIVAS FERRAGENS E TRANSFORMADORES,INCLUSIVE INTERLIGACAO DE AT E BT,SENDO ESTA ULTIMA COM CONECTORES DE LINHA,EXCLUSIVE CONECTORES.INSTALACAO","UN",280.81]
["21.015.0205-0","SUPORTE PARA MONTAGEM DE TRANSFORMADOR EM POSTE.FORNECIMENTO","UN",226.83,null,"21.015.0205-A","SUPORTE PARA MONTAGEM DE TRANSFORMADOR EM POSTE.FORNECIMENTO","UN",226.83]
["21.015.0207-0","ATERRAMENTO DE CAIXA HAND-HOLE","UN",56.5,null,"21.015.0207-A","ATERRAMENTO DE CAIXA HAND-HOLE","UN",55.25]
["21.015.0208-0","ATERRAMENTO DE POSTE DE ACO,INCLUSIVE FORNECIMENTO DOS MATERIAIS","UN",107.01,null,"21.015.0208-A","ATERRAMENTO DE POSTE DE ACO,INCLUSIVE FORNECIMENTO DOS MATERIAIS","UN",106.38]
["21.015.0209-0","ATERRAMENTO DE TAMPAO,INCLUSIVE FORNECIMENTO DOS MATERIAIS","UN",155.22,null,"21.015.0209-A","ATERRAMENTO DE TAMPAO,INCLUSIVE FORNECIMENTO DOS MATERIAIS","UN",154.6]
["21.015.0210-0","CONJUNTO DE ATERRAMENTO PARA TRANSFORMADOR(VER DESENHO A2-134-CP).FORNECIMENTO E INSTALACAO","UN",955.09,null,"21.015.0210-A","CONJUNTO DE ATERRAMENTO PARA TRANSFORMADOR(VER DESENHO A2-134-CP).FORNECIMENTO E INSTALACAO","UN",943.78]
["21.015.0220-0","CONJUNTO PARA ATERRAMENTO DE REDE DE B.T.(VER DESENHO A2-134-CP).FORNECIMENTO E INSTALACAO","UN",699.92,null,"21.015.0220-A","CONJUNTO PARA ATERRAMENTO DE REDE DE B.T.(VER DESENHO A2-134-CP).FORNECIMENTO E INSTALACAO","UN",692.38]
["21.015.0230-0","HASTE PARA ATERRAMENTO,DE 5/8\"(16MM),COM 2,40M DE COMPRIMENTO.FORNECIMENTO","UN",37.299999999999997,null,"21.015.0230-A","HASTE PARA ATERRAMENTO,DE 5/8\"(16MM),COM 2,40M DE COMPRIMENTO.FORNECIMENTO","UN",37.299999999999997]
["21.015.0231-0","HASTE PARA ATERRAMENTO,DE 5/8\" (16MM),COM 3,00M DE COMPRIMENTO.FORNECIMENTO","UN",47.34,null,"21.015.0231-A","HASTE PARA ATERRAMENTO,DE 5/8\" (16MM),COM 3,00M DE COMPRIMENTO.FORNECIMENTO","UN",47.34]
["21.015.0233-0","HASTE PARA ATERRAMENTO,DE 3/4\" (19MM),COM 2,40M DE COMPRIMENTO.FORNECIMENTO","UN",93.73,null,"21.015.0233-A","HASTE PARA ATERRAMENTO,DE 3/4\" (19MM),COM 2,40M DE COMPRIMENTO.FORNECIMENTO","UN",93.73]
["21.015.0234-0","HASTE PARA ATERRAMENTO,DE 3/4\" (19MM),COM 3,00M DE COMPRIMENTO.FORNECIMENTO","UN",101.96,null,"21.015.0234-A","HASTE PARA ATERRAMENTO,DE 3/4\" (19MM),COM 3,00M DE COMPRIMENTO.FORNECIMENTO","UN",101.96]
["21.015.0235-0","HASTE PARA ATERRAMENTO,COM 2,40M A 3,00M DE COMPRIMENTO.COLOCACAO","UN",5.26,null,"21.015.0235-A","HASTE PARA ATERRAMENTO,COM 2,40M A 3,00M DE COMPRIMENTO.COLOCACAO","UN",4.91]
["21.018.0010-0","REDE DE 13,8KV,AEREA,COM 2(DOIS)CONDUTORES DE COBRE,EXCLUSIVE FORNECIMENTO DOS CONDUTORES(LANCE).INSTALACAO","UN",131.65,null,"21.018.0010-A","REDE DE 13,8KV,AEREA,COM 2(DOIS)CONDUTORES DE COBRE,EXCLUSIVE FORNECIMENTO DOS CONDUTORES(LANCE).INSTALACAO","UN",122.85]
["21.018.0012-0","REDE DE 13,8KV,AEREA,COM 3(TRES)CONDUTORES DE COBRE,EXCLUSIVE FORNECIMENTO DOS CONDUTORES(LANCE).INSTALACAO","UN",188.07,null,"21.018.0012-A","REDE DE 13,8KV,AEREA,COM 3(TRES)CONDUTORES DE COBRE,EXCLUSIVE FORNECIMENTO DOS CONDUTORES(LANCE).INSTALACAO","UN",175.51]
["21.018.0015-0","REDE DE 13,8KV,AEREA,COM 2 CONDUTORES DE ALUMINIO,EXCLUSIVEFORNECIMENTO DOS CONDUTORES(LANCE).INSTALACAO","UN",150.46,null,"21.018.0015-A","REDE DE 13,8KV,AEREA,COM 2 CONDUTORES DE ALUMINIO,EXCLUSIVEFORNECIMENTO DOS CONDUTORES(LANCE).INSTALACAO","UN",140.4]
["21.018.0018-0","REDE DE 13,8KV,AEREA,COM 3 CONDUTORES DE ALUMINIO,EXCLUSIVEFORNECIMENTO DOS CONDUTORES(LANCE).INSTALACAO","UN",225.69,null,"21.018.0018-A","REDE DE 13,8KV,AEREA,COM 3 CONDUTORES DE ALUMINIO,EXCLUSIVEFORNECIMENTO DOS CONDUTORES(LANCE).INSTALACAO","UN",210.61]
["21.018.0020-0","REDE DE B.T.,AEREA,COM 1(UM)CONDUTOR DE COBRE,EXCLUSIVE FORNECIMENTO DO CONDUTOR (LANCE).INSTALACAO","UN",37.61,null,"21.018.0020-A","REDE DE B.T.,AEREA,COM 1(UM)CONDUTOR DE COBRE,EXCLUSIVE FORNECIMENTO DO CONDUTOR (LANCE).INSTALACAO","UN",35.1]
["21.018.0021-0","REDE DE B.T.,AEREA,COM 2(DOIS)CONDUTORES DE COBRE,EXCLUSIVEFORNECIMENTO DOS CONDUTORES(LANCE).INSTALACAO","UN",75.23,null,"21.018.0021-A","REDE DE B.T.,AEREA,COM 2(DOIS)CONDUTORES DE COBRE,EXCLUSIVEFORNECIMENTO DOS CONDUTORES(LANCE).INSTALACAO","UN",70.2]
["21.018.0022-0","REDE DE B.T.,AEREA,COM 3(TRES)CONDUTORES DE COBRE,EXCLUSIVEFORNECIMENTO DOS CONDUTORES(LANCE).INSTALACAO","UN",112.84,null,"21.018.0022-A","REDE DE B.T.,AEREA,COM 3(TRES)CONDUTORES DE COBRE,EXCLUSIVEFORNECIMENTO DOS CONDUTORES(LANCE).INSTALACAO","UN",105.3]
["21.018.0023-0","REDE DE B.T.,AEREA,COM 4(QUATRO)CONDUTORES DE COBRE,EXCLUSIVE FORNECIMENTO DOS CONDUTORES(LANCE).INSTALACAO","UN",150.46,null,"21.018.0023-A","REDE DE B.T.,AEREA,COM 4(QUATRO)CONDUTORES DE COBRE,EXCLUSIVE FORNECIMENTO DOS CONDUTORES(LANCE).INSTALACAO","UN",140.4]
["21.018.0025-0","REDE DE B.T.,AEREA,COM 3(TRES)CONDUTORES DE ALUMINIO,EXCLUSIVE FORNECIMENTO DOS CONDUTORES(LANCE).INSTALACAO","UN",122.25,null,"21.018.0025-A","REDE DE B.T.,AEREA,COM 3(TRES)CONDUTORES DE ALUMINIO,EXCLUSIVE FORNECIMENTO DOS CONDUTORES(LANCE).INSTALACAO","UN",114.08]
["21.018.0030-0","REDE DE B.T.,AEREA,COM 4(QUATRO)CONDUTORES DE ALUMINIO,EXCLUSIVE FORNECIMENTO DOS CONDUTORES(LANCE).INSTALACAO","UN",188.07,null,"21.018.0030-A","REDE DE B.T.,AEREA,COM 4(QUATRO)CONDUTORES DE ALUMINIO,EXCLUSIVE FORNECIMENTO DOS CONDUTORES(LANCE).INSTALACAO","UN",175.51]
["21.018.0031-0","REDE DE B.T.,AEREA,COM 1(UM)CONDUTOR DE ALUMINIO,EXCLUSIVE FORNECIMENTO DO CONDUTOR(LANCE).INSTALACAO","UN",56.42,null,"21.018.0031-A","REDE DE B.T.,AEREA,COM 1(UM)CONDUTOR DE ALUMINIO,EXCLUSIVE FORNECIMENTO DO CONDUTOR(LANCE).INSTALACAO","UN",52.65]
["21.018.0032-0","REDE DE B.T.,AEREA,COM 2(DOIS)CONDUTORES DE ALUMINIO,EXCLUSIVE FORNECIMENTO DO CONDUTOR(LANCE).INSTALACAO","UN",94.03,null,"21.018.0032-A","REDE DE B.T.,AEREA,COM 2(DOIS)CONDUTORES DE ALUMINIO,EXCLUSIVE FORNECIMENTO DO CONDUTOR(LANCE).INSTALACAO","UN",87.75]
["21.018.0035-0","REDE B.T.,AEREA,COM CABO MULTIPLEX OU SIMILAR,DE ALUMINIO,EXCLUSIVE FORNECIMENTO DO CABO.INSTALACAO","UN",10.9,null,"21.018.0035-A","REDE B.T.,AEREA,COM CABO MULTIPLEX OU SIMILAR,DE ALUMINIO,EXCLUSIVE FORNECIMENTO DO CABO.INSTALACAO","UN",10.17]
["21.018.0040-0","ISOLADOR DE BAIXA TENSAO(BT),TIPO CARRETEL,NA COR MARROM,MEDINDO(72X72)MM.FORNECIMENTO","UN",7.6,null,"21.018.0040-A","ISOLADOR DE BAIXA TENSAO(BT),TIPO CARRETEL,NA COR MARROM,MEDINDO(72X72)MM.FORNECIMENTO","UN",7.6]
["21.018.0045-0","ISOLADOR TIPO PINO,13,8KV.FORNECIMENTO","UN",27.2,null,"21.018.0045-A","ISOLADOR TIPO PINO,13,8KV.FORNECIMENTO","UN",27.2]
["21.018.0050-0","MUFLA TERMINAL PARA CABO SINGELO 50MM2,15KV.FORNECIMENTO","UN",280.45,null,"21.018.0050-A","MUFLA TERMINAL PARA CABO SINGELO 50MM2,15KV.FORNECIMENTO","UN",280.45]
["21.019.0150-0","LUMINARIA LED,LEDRJ-01/50V,CORPO ALUM.INJETADO/EXTRUDADO,INST.PONTA BRACO/NUCLEO,POTENCIA MAX.25W,FLUXO MIN.2875LM,TEMPERATURA COR 4000/5500K,IP 66,IK 08,RESISTENCIA UV,TENSAO 50V,EFICIENCIA MIN.100 LM/W,IRC>=70,TEMPERATURA OPERACAO -20/75°C,DEPRECIACAO MAX.20%(L80) 60.000H,TANTO P/FLUXO QUANTO P/CROMATICIDADE.CONF.EM-RIOLUZ-94.GARANTIA EM-RIOLUZ-48.FORN.","UN",537.98,null,"21.019.0150-A","LUMINARIA LED,LEDRJ-01/50V,CORPO ALUM.INJETADO/EXTRUDADO,INST.PONTA BRACO/NUCLEO,POTENCIA MAX.25W,FLUXO MIN.2875LM,TEMPERATURA COR 4000/5500K,IP 66,IK 08,RESISTENCIA UV,TENSAO 50V,EFICIENCIA MIN.100 LM/W,IRC>=70,TEMPERATURA OPERACAO -20/75°C,DEPRECIACAO MAX.20%(L80) 60.000H,TANTO P/FLUXO QUANTO P/CROMATICIDADE.CONF.EM-RIOLUZ-94.GARANTIA EM-RIOLUZ-48.FORN.","UN",537.98]
["21.019.0155-0","LUMINARIA LED,LEDRJ-02,CORPO ALUM.INJETADO/EXTRUDADO,INST.PONTA BRACO/NUCLEO,POTENCIA MAX.55W,FLUXO MIN.6325 LM,TEMPERATURA COR 4000/5500K,IP 66,IK 08,RESISTENCIA UV,TENSAO 100/240V,EFICIENCIA MIN.115LM/W,IRC >=70,TEMPERATURA OPERACAO -20/75°C,DEPRECIACAO MAX.10%(L90) 60.000H,TANTO P/FLUXO QUANTO P/CROMATICIDADE.CONF.EM-RIOLUZ-94.GARANTIA EM-RIOLUZ-48.FORN.","UN",598.84,null,"21.019.0155-A","LUMINARIA LED,LEDRJ-02,CORPO ALUM.INJETADO/EXTRUDADO,INST.PONTA BRACO/NUCLEO,POTENCIA MAX.55W,FLUXO MIN.6325 LM,TEMPERATURA COR 4000/5500K,IP 66,IK 08,RESISTENCIA UV,TENSAO 100/240V,EFICIENCIA MIN.115LM/W,IRC >=70,TEMPERATURA OPERACAO -20/75°C,DEPRECIACAO MAX.10%(L90) 60.000H,TANTO P/FLUXO QUANTO P/CROMATICIDADE.CONF.EM-RIOLUZ-94.GARANTIA EM-RIOLUZ-48.FORN.","UN",598.84]
["21.019.0160-0","LUMINARIA LED,LEDRJ-03,CORPO ALUM.INJETADO/EXTRUDADO,INST.PONTA BRACO/NUCLEO,POTENCIA MAX.85W,FLUXO MIN.8625LM,TEMPERATURA COR 4000/5500K,IP 66,IK 08,RESISTENCIA UV,TENSAO 100/240V,EFICIENCIA MIN.115LM/W,IRC>=70,TEMPERATURA OPERACAO -20/75°C,DEPRECIACAO MAXIMA 10%(L90) 60.000H,TANTO P/FLUXO QUANTO P/CROMATICIDADE.CONF.EM-RIOLUZ-94.GARANTIA EM-RIOLUZ-48.FORN.","UN",896.63,null,"21.019.0160-A","LUMINARIA LED,LEDRJ-03,CORPO ALUM.INJETADO/EXTRUDADO,INST.PONTA BRACO/NUCLEO,POTENCIA MAX.85W,FLUXO MIN.8625LM,TEMPERATURA COR 4000/5500K,IP 66,IK 08,RESISTENCIA UV,TENSAO 100/240V,EFICIENCIA MIN.115LM/W,IRC>=70,TEMPERATURA OPERACAO -20/75°C,DEPRECIACAO MAXIMA 10%(L90) 60.000H,TANTO P/FLUXO QUANTO P/CROMATICIDADE.CONF.EM-RIOLUZ-94.GARANTIA EM-RIOLUZ-48.FORN.","UN",896.63]
["21.019.0165-0","LUMINARIA LED,LEDRJ-04,CORPO ALUM.INJETADO/EXTRUDADO,INST.PONTA BRACO/NUCLEO,POTENCIA MAX.125W,FLUXO MIN.9200LM,TEMPERATURA COR 4000/5500K,IP 66,IK 08,RESISTENCIA UV,TENSAO 100/240V,EFICIENCIA MIN.115LM/W,IRC>=70,TEMPERATURA OPERACAO -20/75°C,DEPRECIACAO MAX.10%(L90) 60.000H,TANTO P/FLUXO QUANTO P/CROMATICIDADE.CONF.EM-RIOLUZ-94.GARANTIA EM-RIOLUZ-48.FORN.","UN",808.33,null,"21.019.0165-A","LUMINARIA LED,LEDRJ-04,CORPO ALUM.INJETADO/EXTRUDADO,INST.PONTA BRACO/NUCLEO,POTENCIA MAX.125W,FLUXO MIN.9200LM,TEMPERATURA COR 4000/5500K,IP 66,IK 08,RESISTENCIA UV,TENSAO 100/240V,EFICIENCIA MIN.115LM/W,IRC>=70,TEMPERATURA OPERACAO -20/75°C,DEPRECIACAO MAX.10%(L90) 60.000H,TANTO P/FLUXO QUANTO P/CROMATICIDADE.CONF.EM-RIOLUZ-94.GARANTIA EM-RIOLUZ-48.FORN.","UN",808.33]
["21.019.0170-0","LUMINARIA LED,LEDRJ-05,CORPO ALUM.INJETADO/EXTRUDADO,P/INST.PONTA BRACO/NUCLEO,POTENCIA MAX.170W,FLUXO MIN.12075LM,TEMPERATURA COR 4000/5500K,IP 66,IK 08,RESISTENCIA UV,TENSAO 100/240V,EFICIENCIA MIN.115LM/W,IRC>=70,TEMPERATURA OPERACAO -20/75°C,DEPRECIACAO MAX.10%(L90)60.000H,TANTO P/FLUXO QUANTO P/CROMATICIDADE.CONF.EM-RIOLUZ-94.GARANTIA EM-RIOLUZ-48.FORN.","UN",1052.19,null,"21.019.0170-A","LUMINARIA LED,LEDRJ-05,CORPO ALUM.INJETADO/EXTRUDADO,P/INST.PONTA BRACO/NUCLEO,POTENCIA MAX.170W,FLUXO MIN.12075LM,TEMPERATURA COR 4000/5500K,IP 66,IK 08,RESISTENCIA UV,TENSAO 100/240V,EFICIENCIA MIN.115LM/W,IRC>=70,TEMPERATURA OPERACAO -20/75°C,DEPRECIACAO MAX.10%(L90)60.000H,TANTO P/FLUXO QUANTO P/CROMATICIDADE.CONF.EM-RIOLUZ-94.GARANTIA EM-RIOLUZ-48.FORN.","UN",1052.19]
["21.019.0175-0","LUMINARIA LED,LEDRJ-06,CORPO ALUM.INJETADO/EXTRUDADO,INST.PONTA BRACO/NUCLEO,POTENCIA MAX.210W,FLUXO MIN.17825LM,TEMPERATURA COR 4000/5500K,IP 66,IK 08,RESISTENCIA UV,TENSAO 100/240V,EFICIENCIA MIN.115LM/W,IRC>=70,TEMPERATURA OPERACAO -20/75°C,DEPRECIACAO MAX.10%(L90) 60.000H,TANTO P/FLUXO QUANTO P/CROMATICIDADE.CONF.EM-RIOLUZ-94.GARANTIA EM-RIOLUZ-48.FORN.","UN",1186.8399999999999,null,"21.019.0175-A","LUMINARIA LED,LEDRJ-06,CORPO ALUM.INJETADO/EXTRUDADO,INST.PONTA BRACO/NUCLEO,POTENCIA MAX.210W,FLUXO MIN.17825LM,TEMPERATURA COR 4000/5500K,IP 66,IK 08,RESISTENCIA UV,TENSAO 100/240V,EFICIENCIA MIN.115LM/W,IRC>=70,TEMPERATURA OPERACAO -20/75°C,DEPRECIACAO MAX.10%(L90) 60.000H,TANTO P/FLUXO QUANTO P/CROMATICIDADE.CONF.EM-RIOLUZ-94.GARANTIA EM-RIOLUZ-48.FORN.","UN",1186.8399999999999]
["21.019.0180-0","LUMINARIA LED,LEDRJ-07,CORPO ALUM.INJETADO/EXTRUDADO,INST.PONTA BRACO/NUCLEO,POTENCIA MAX.250W,FLUXO MIN.24725LM,TEMPERATURA COR 4000/5500K,IP 66,IK 08,RESISTENCIA UV,TENSAO 100/240V,EFICIENCIA MIN.115LM/W,IRC>=70,TEMPERATURA OPERACAO -20/75°C,DEPRECIACAO MAX.10%(L90) 60.000H,TANTO P/FLUXO QUANTO P/CROMATICIDADE.CONF.EM-RIOLUZ-94.GARANTIA EM-RIOLUZ-48.FORN.","UN",1744.32,null,"21.019.0180-A","LUMINARIA LED,LEDRJ-07,CORPO ALUM.INJETADO/EXTRUDADO,INST.PONTA BRACO/NUCLEO,POTENCIA MAX.250W,FLUXO MIN.24725LM,TEMPERATURA COR 4000/5500K,IP 66,IK 08,RESISTENCIA UV,TENSAO 100/240V,EFICIENCIA MIN.115LM/W,IRC>=70,TEMPERATURA OPERACAO -20/75°C,DEPRECIACAO MAX.10%(L90) 60.000H,TANTO P/FLUXO QUANTO P/CROMATICIDADE.CONF.EM-RIOLUZ-94.GARANTIA EM-RIOLUZ-48.FORN.","UN",1744.32]
["21.020.0050-0","BRACO,PADRAO RIOLUZ,COM 0,57M OU 1,77M DE PROJECAO HORIZONTAL,PARA LUMINARIA LRJ-10,EM POSTE DE CONCRETO,COM FORNECIMENTO DAS FERRAGENS DE FIXACAO,EXCLUSIVE FORNECIMENTO DO BRACO.COLOCACAO","UN",135.16,null,"21.020.0050-A","BRACO,PADRAO RIOLUZ,COM 0,57M OU 1,77M DE PROJECAO HORIZONTAL,PARA LUMINARIA LRJ-10,EM POSTE DE CONCRETO,COM FORNECIMENTO DAS FERRAGENS DE FIXACAO,EXCLUSIVE FORNECIMENTO DO BRACO.COLOCACAO","UN",133.91]
["21.020.0055-0","BRACO,PADRAO RIOLUZ,DE 1,50M ATE 2,50M DE PROJECAO HORIZONTAL,EM POSTE RETO DE ACO OU CONCRETO,COM FORNECIMENTO DAS FERRAGENS DE FIXACAO;EXCLUSIVE FORNECIMENTO DO BRACO.COLOCACAO","UN",276.2,null,"21.020.0055-A","BRACO,PADRAO RIOLUZ,DE 1,50M ATE 2,50M DE PROJECAO HORIZONTAL,EM POSTE RETO DE ACO OU CONCRETO,COM FORNECIMENTO DAS FERRAGENS DE FIXACAO;EXCLUSIVE FORNECIMENTO DO BRACO.COLOCACAO","UN",273.69]
["21.020.0060-0","BRACO,PADRAO RIOLUZ,DE 2,60M ATE 3,50M DE PROJECAO HORIZONTAL,EM POSTE RETO DE ACO OU CONCRETO,COM FORNECIMENTO DAS FERRAGENS DE FIXACAO,EXCLUSIVE FORNECIMENTO DO BRACO.COLOCACAO","UN",313.82,null,"21.020.0060-A","BRACO,PADRAO RIOLUZ,DE 2,60M ATE 3,50M DE PROJECAO HORIZONTAL,EM POSTE RETO DE ACO OU CONCRETO,COM FORNECIMENTO DAS FERRAGENS DE FIXACAO,EXCLUSIVE FORNECIMENTO DO BRACO.COLOCACAO","UN",308.79000000000002]
["21.020.0065-0","LUMINARIA COM LAMPADA DE DESCARGA,COM OU SEM REATOR INTEGRADO,EM PONTA DE BRACO OU POSTE RETO(ACO OU CONCRETO)ATE 6M DEALTURA,EXCLUSIVE FORNECIMENTO DA LUMINARIA.COLOCACAO","UN",18.8,null,"21.020.0065-A","LUMINARIA COM LAMPADA DE DESCARGA,COM OU SEM REATOR INTEGRADO,EM PONTA DE BRACO OU POSTE RETO(ACO OU CONCRETO)ATE 6M DEALTURA,EXCLUSIVE FORNECIMENTO DA LUMINARIA.COLOCACAO","UN",17.55]
["21.020.0070-0","LUMINARIA ABERTA COM LAMPADA DE DESCARGA,SEM REATOR INTEGRADO,EM PONTA DE BRACO,ATE 10M DE ALTURA,EXCLUSIVE FORNECIMENTODA LUMINARIA.COLOCACAO","UN",18.8,null,"21.020.0070-A","LUMINARIA ABERTA COM LAMPADA DE DESCARGA,SEM REATOR INTEGRADO,EM PONTA DE BRACO,ATE 10M DE ALTURA,EXCLUSIVE FORNECIMENTODA LUMINARIA.COLOCACAO","UN",17.55]
["21.020.0075-0","LUMINARIA FECHADA COM LAMPADA DE DESCARGA,COM REATOR INTEGRADO,EM PONTA DE BRACO OU POSTE DE ACO CURVO ATE 10,00M DE ALTURA,EXCLUSIVE FORNECIMENTO DA LUMINARIA.COLOCACAO","UN",37.61,null,"21.020.0075-A","LUMINARIA FECHADA COM LAMPADA DE DESCARGA,COM REATOR INTEGRADO,EM PONTA DE BRACO OU POSTE DE ACO CURVO ATE 10,00M DE ALTURA,EXCLUSIVE FORNECIMENTO DA LUMINARIA.COLOCACAO","UN",35.1]
["21.020.0080-0","LUMINARIA FECHADA COM LAMPADA DE DESCARGA,SEM REATOR INTEGRADO,EM PONTA DE BRACO OU POSTE DE ACO CURVO ATE 10,00M DE ALTURA,EXCLUSIVE FORNECIMENTO DA LUMINARIA.COLOCACAO","UN",28.21,null,"21.020.0080-A","LUMINARIA FECHADA COM LAMPADA DE DESCARGA,SEM REATOR INTEGRADO,EM PONTA DE BRACO OU POSTE DE ACO CURVO ATE 10,00M DE ALTURA,EXCLUSIVE FORNECIMENTO DA LUMINARIA.COLOCACAO","UN",26.32]
["21.020.0085-0","LUMINARIA COM LAMPADA DE DESCARGA,COM OU SEM REATOR INTEGRADO,EM PONTA DE BRACO OU POSTE DE ACO CURVO,DE 11,00M ATE 15,00M DE ALTURA,EXCLUSIVE FORNECIMENTO DA LUMINARIA.COLOCACAO","UN",94.03,null,"21.020.0085-A","LUMINARIA COM LAMPADA DE DESCARGA,COM OU SEM REATOR INTEGRADO,EM PONTA DE BRACO OU POSTE DE ACO CURVO,DE 11,00M ATE 15,00M DE ALTURA,EXCLUSIVE FORNECIMENTO DA LUMINARIA.COLOCACAO","UN",87.75]
["21.020.0090-0","BASE PARA TOPO DE POSTE,EM POSTE RETO(ACO OU CONCRETO),PARAALTURAS DE 10,00 ATE 15,00M,PARA LUMINARIA PONTA DE BRACO,EXCLUSIVE LUMINARIAS E BASE.COLOCACAO","UN",56.42,null,"21.020.0090-A","BASE PARA TOPO DE POSTE,EM POSTE RETO(ACO OU CONCRETO),PARAALTURAS DE 10,00 ATE 15,00M,PARA LUMINARIA PONTA DE BRACO,EXCLUSIVE LUMINARIAS E BASE.COLOCACAO","UN",52.65]
["21.020.0095-0","BASE PARA TOPO DE POSTE,EM POSTE RETO(ACO OU CONCRETO),PARAALTURA DE 9,00M,PARA LUMINARIA PONTA DE BRACO,EXCLUSIVE LUMINARIAS E BASE.COLOCACAO","UN",37.61,null,"21.020.0095-A","BASE PARA TOPO DE POSTE,EM POSTE RETO(ACO OU CONCRETO),PARAALTURA DE 9,00M,PARA LUMINARIA PONTA DE BRACO,EXCLUSIVE LUMINARIAS E BASE.COLOCACAO","UN",35.1]
["21.020.0106-0","COMANDO DE CIRCUITO,PADRAO RIOLUZ,EXCLUSIVE O FORNECIMENTO DAS FERRAGENS DE FIXACAO E DO COMANDO.COLOCACAO","UN",131.65,null,"21.020.0106-A","COMANDO DE CIRCUITO,PADRAO RIOLUZ,EXCLUSIVE O FORNECIMENTO DAS FERRAGENS DE FIXACAO E DO COMANDO.COLOCACAO","UN",122.85]
["21.020.0107-0","CONDUITE FLEXIVEL GALVANIZADO,COM DIAMETRO DE 63MM(2.1/2\"),PARA ACABAMENTO.FORNECIMENTO E COLOCACAO","M",51.07,null,"21.020.0107-A","CONDUITE FLEXIVEL GALVANIZADO,COM DIAMETRO DE 63MM(2.1/2\"),PARA ACABAMENTO.FORNECIMENTO E COLOCACAO","M",50.94]
["21.021.0010-0","BASE PARA SUSTENTACAO DE POSTE DE ACO RETO DE ATE 7,00M,MODELO TRAPEZOIDAL EM ACO ZINCADO,COM ALTURA DE 400MM,COM PORTINHOLA DE VISITA,INCLUSIVE CHUMBADORES E PARAFUSOS.FORNECIMENTO","UN",1260,null,"21.021.0010-A","BASE PARA SUSTENTACAO DE POSTE DE ACO RETO DE ATE 7,00M,MODELO TRAPEZOIDAL EM ACO ZINCADO,COM ALTURA DE 400MM,COM PORTINHOLA DE VISITA,INCLUSIVE CHUMBADORES E PARAFUSOS.FORNECIMENTO","UN",1260]
["21.021.0015-0","BASE PARA SUSTENTACAO DE POSTE DE ACO RETO DE 8,00 ATE 12,00M,MODELO TRAPEZOIDAL EM ACO ZINCADO,COM ALTURA DE 400MM,COMPORTINHOLA DE VISITA,INCLUSIVE CHUMBADORES E PARAFUSOS.FORNECIMENTO","UN",2640,null,"21.021.0015-A","BASE PARA SUSTENTACAO DE POSTE DE ACO RETO DE 8,00 ATE 12,00M,MODELO TRAPEZOIDAL EM ACO ZINCADO,COM ALTURA DE 400MM,COMPORTINHOLA DE VISITA,INCLUSIVE CHUMBADORES E PARAFUSOS.FORNECIMENTO","UN",2640]
["21.024.0010-0","UM CONDUTOR SINGELO EM LINHA DE DUTOS,EXCLUSIVE FORNECIMENTODE CONDUTOR E DOS DUTOS.COLOCACAO","M",3.76,null,"21.024.0010-A","UM CONDUTOR SINGELO EM LINHA DE DUTOS,EXCLUSIVE FORNECIMENTODE CONDUTOR E DOS DUTOS.COLOCACAO","M",3.51]
["21.024.0015-0","2(DOIS)CONDUTORES SINGELOS EM LINHA DE DUTOS,EXCLUSIVE FORNECIMENTO DE CONDUTOR E DOS DUTOS.COLOCACAO","M",4.7,null,"21.024.0015-A","2(DOIS)CONDUTORES SINGELOS EM LINHA DE DUTOS,EXCLUSIVE FORNECIMENTO DE CONDUTOR E DOS DUTOS.COLOCACAO","M",4.38]
["21.024.0020-0","3(TRES)CONDUTORES SINGELOS EM LINHA DE DUTOS,EXCLUSIVE FORNECIMENTO DE CONDUTOR E DOS DUTOS.COLOCACAO","M",5.64,null,"21.024.0020-A","3(TRES)CONDUTORES SINGELOS EM LINHA DE DUTOS,EXCLUSIVE FORNECIMENTO DE CONDUTOR E DOS DUTOS.COLOCACAO","M",5.26]
["21.024.0025-0","4(QUATRO)CONDUTORES SINGELOS EM LINHA DE DUTOS,EXCLUSIVE FORNECIMENTO DE CONDUTOR E DOS DUTOS.COLOCACAO","M",7.52,null,"21.024.0025-A","4(QUATRO)CONDUTORES SINGELOS EM LINHA DE DUTOS,EXCLUSIVE FORNECIMENTO DE CONDUTOR E DOS DUTOS.COLOCACAO","M",7.02]
["21.024.0030-0","UM CABO BIFASICO,EM LINHA DE DUTOS,EXCLUSIVE FORNECIMENTO DOS CABOS E DOS DUTOS.COLOCACAO","M",5.64,null,"21.024.0030-A","UM CABO BIFASICO,EM LINHA DE DUTOS,EXCLUSIVE FORNECIMENTO DOS CABOS E DOS DUTOS.COLOCACAO","M",5.26]
["21.024.0035-0","UM CABO TRIFASICO,EM LINHA DE DUTOS,EXCLUSIVE FORNECIMENTO DOS CABOS E DOS DUTOS.COLOCACAO","M",5.64,null,"21.024.0035-A","UM CABO TRIFASICO,EM LINHA DE DUTOS,EXCLUSIVE FORNECIMENTO DOS CABOS E DOS DUTOS.COLOCACAO","M",5.26]
["21.024.0040-0","ARAME DE FERRO GALVANIZADO,SECAO 2MM2(12AWG),EMBUCHADO COM PAPEL,EM LINHA DE DUTOS,EXCLUSIVE DUTOS.FORNECIMENTO E COLOCACAO","M",2.48,null,"21.024.0040-A","ARAME DE FERRO GALVANIZADO,SECAO 2MM2(12AWG),EMBUCHADO COM PAPEL,EM LINHA DE DUTOS,EXCLUSIVE DUTOS.FORNECIMENTO E COLOCACAO","M",2.35]
["21.024.0100-0","ANILHA DE NYLON PARA INDENTIFICACAO DE CONDUTOR XLPE DE 25 A35MM2.FORNECIMENTO","UN",0.12,null,"21.024.0100-A","ANILHA DE NYLON PARA INDENTIFICACAO DE CONDUTOR XLPE DE 25 A35MM2.FORNECIMENTO","UN",0.12]
["21.024.0105-0","ANILHA DE NYLON PARA IDENTIFICACAO DE CONDUTOR XLPE DE 50 A70MM2.FORNECIMENTO","UN",0.22,null,"21.024.0105-A","ANILHA DE NYLON PARA IDENTIFICACAO DE CONDUTOR XLPE DE 50 A70MM2.FORNECIMENTO","UN",0.22]
["21.026.0010-0","CABO DE COBRE FLEXIVEL DE 750V,SECAO DE 1X1,5MM2,PVC/70°C.FORNECIMENTO","M",1.46,null,"21.026.0010-A","CABO DE COBRE FLEXIVEL DE 750V,SECAO DE 1X1,5MM2,PVC/70°C.FORNECIMENTO","M",1.46]
["21.026.0012-0","CABO DE COBRE FLEXIVEL DE 750V,SECAO DE 2X1,5MM2,PVC/70°C.FORNECIMENTO","M",3.78,null,"21.026.0012-A","CABO DE COBRE FLEXIVEL DE 750V,SECAO DE 2X1,5MM2,PVC/70°C.FORNECIMENTO","M",3.78]
["21.026.0015-0","CABO DE COBRE FLEXIVEL DE 750V,SECAO DE 3X1,5MM2,PVC/70ºC.FORNECIMENTO","M",4.8,null,"21.026.0015-A","CABO DE COBRE FLEXIVEL DE 750V,SECAO DE 3X1,5MM2,PVC/70ºC.FORNECIMENTO","M",4.8]
["21.026.0020-0","CABO DE COBRE FLEXIVEL DE 750V,SECAO DE 3X2,5MM2,PVC/70°C.FORNECIMENTO","M",8.93,null,"21.026.0020-A","CABO DE COBRE FLEXIVEL DE 750V,SECAO DE 3X2,5MM2,PVC/70°C.FORNECIMENTO","M",8.93]
["21.026.0030-0","CABO DE COBRE FLEXIVEL DE 750V,SECAO DE 2X4,0MM2,PVC/70°C.FORNECIMENTO","M",9.5500000000000007,null,"21.026.0030-A","CABO DE COBRE FLEXIVEL DE 750V,SECAO DE 2X4,0MM2,PVC/70°C.FORNECIMENTO","M",9.5500000000000007]
["21.026.0035-0","CABO DE COBRE FLEXIVEL DE 750V,SECAO DE 2X6,0MM2,PVC/70°C.FORNECIMENTO","M",15.27,null,"21.026.0035-A","CABO DE COBRE FLEXIVEL DE 750V,SECAO DE 2X6,0MM2,PVC/70°C.FORNECIMENTO","M",15.27]
["21.026.0040-0","CABO DE COBRE FLEXIVEL DE 750V,SECAO DE 3X4,0MM2,PVC/70°C.FORNECIMENTO","M",13.65,null,"21.026.0040-A","CABO DE COBRE FLEXIVEL DE 750V,SECAO DE 3X4,0MM2,PVC/70°C.FORNECIMENTO","M",13.65]
["21.026.0050-0","CABO DE COBRE FLEXIVEL DE 750V,SECAO DE 4X4,0MM2,PVC/70°C.FORNECIMENTO","M",18.45,null,"21.026.0050-A","CABO DE COBRE FLEXIVEL DE 750V,SECAO DE 4X4,0MM2,PVC/70°C.FORNECIMENTO","M",18.45]
["21.026.0055-0","CABO DE COBRE FLEXIVEL DE 750V,SECAO DE 3X6,0MM2,PVC/70°C.FORNECIMENTO","M",19.34,null,"21.026.0055-A","CABO DE COBRE FLEXIVEL DE 750V,SECAO DE 3X6,0MM2,PVC/70°C.FORNECIMENTO","M",19.34]
["21.026.0065-0","CABO DE COBRE FLEXIVEL DE 750V,SECAO DE 3X10,0MM2,PVC/70°C.FORNECIMENTO","M",29.3,null,"21.026.0065-A","CABO DE COBRE FLEXIVEL DE 750V,SECAO DE 3X10,0MM2,PVC/70°C.FORNECIMENTO","M",29.3]
["21.026.0070-0","CABO DE COBRE FLEXIVEL DE 750V,SECAO DE 4X10,0MM2,PVC/70°.FORNECIMENTO","M",61.39,null,"21.026.0070-A","CABO DE COBRE FLEXIVEL DE 750V,SECAO DE 4X10,0MM2,PVC/70°.FORNECIMENTO","M",61.39]
["21.026.0075-0","CABO DE COBRE FLEXIVEL DE 750V,SECAO DE 1X16,0MM2,PVC/70°.FORNECIMENTO","M",14.33,null,"21.026.0075-A","CABO DE COBRE FLEXIVEL DE 750V,SECAO DE 1X16,0MM2,PVC/70°.FORNECIMENTO","M",14.33]
["21.026.0100-0","CABO DE COBRE RIGIDO,DE 1KV,SECAO DE 6,00MM2,PVC/70ºC,CONFORME ABNT NBR 7288.FORNECIMENTO","M",7.23,null,"21.026.0100-A","CABO DE COBRE RIGIDO,DE 1KV,SECAO DE 6,00MM2,PVC/70ºC,CONFORME ABNT NBR 7288.FORNECIMENTO","M",7.23]
["21.026.0105-0","CABO DE COBRE RIGIDO,DE 1KV,SECAO DE 16MM2,PVC/70ºC,CONFORMEABNT NBR 7288.FORNECIMENTO","M",17.28,null,"21.026.0105-A","CABO DE COBRE RIGIDO,DE 1KV,SECAO DE 16MM2,PVC/70ºC,CONFORMEABNT NBR 7288.FORNECIMENTO","M",17.28]
["21.026.0110-0","CABO DE COBRE RIGIDO,DE 1KV,SECAO DE 25MM2,PVC/70ºC,CONFORMEABNT NBR 7288.FORNECIMENTO","M",27.48,null,"21.026.0110-A","CABO DE COBRE RIGIDO,DE 1KV,SECAO DE 25MM2,PVC/70ºC,CONFORMEABNT NBR 7288.FORNECIMENTO","M",27.48]
["21.026.0120-0","CABO DE COBRE RIGIDO,DE 1KV,SECAO DE 35MM2,PVC/70ºC,CONFORMEABNT NBR 7288.FORNECIMENTO","M",38.159999999999997,null,"21.026.0120-A","CABO DE COBRE RIGIDO,DE 1KV,SECAO DE 35MM2,PVC/70ºC,CONFORMEABNT NBR 7288.FORNECIMENTO","M",38.159999999999997]
["21.026.0130-0","CABO DE COBRE RIGIDO,DE 1KV,SECAO DE 50MM2,PVC/70ºC,CONFORMEABNT NBR 7288.FORNECIMENTO","M",52.9,null,"21.026.0130-A","CABO DE COBRE RIGIDO,DE 1KV,SECAO DE 50MM2,PVC/70ºC,CONFORMEABNT NBR 7288.FORNECIMENTO","M",52.9]
["21.026.0200-0","CABO DE COBRE RIGIDO,SECAO DE 10MM2,FORMADO POR CONDUTORES EM FIOS DE COBRE NU,ENCORDOAMENTO CLASSE 2,ISOLAMENTO PARA 1KV,EM POLIETILENO RETICULADO(XLPE) OU ETILENO PROPILENO(EPR),COM CAPA DE COBERTURA EM PVC NA COR PRETA,CONFORME ABNT NBR7286,ABNT NBR 7287 E ESPECIFICACAO EM-RIOLUZ-74.FORNECIMENTO","M",11.25,null,"21.026.0200-A","CABO DE COBRE RIGIDO,SECAO DE 10MM2,FORMADO POR CONDUTORES EM FIOS DE COBRE NU,ENCORDOAMENTO CLASSE 2,ISOLAMENTO PARA 1KV,EM POLIETILENO RETICULADO(XLPE) OU ETILENO PROPILENO(EPR),COM CAPA DE COBERTURA EM PVC NA COR PRETA,CONFORME ABNT NBR7286,ABNT NBR 7287 E ESPECIFICACAO EM-RIOLUZ-74.FORNECIMENTO","M",11.25]
["21.026.0250-0","CABO DE COBRE RIGIDO,SECAO DE 25MM2,FORMADO POR CONDUTORES EM FIOS DE COBRE NU,ENCORDOAMENTO CLASSE 2,ISOLAMENTO PARA 1KV,EM POLIETILENO RETICULADO(XLPE) OU ETILENO PROPILENO(EPR),COM CAPA DE COBERTURA EM PVC NA COR PRETA,CONFORME ABNT NBR7286,ABNT NBR 7287 E ESPECIFICACAO EM-RIOLUZ-74.FORNECIMENTO","M",27.48,null,"21.026.0250-A","CABO DE COBRE RIGIDO,SECAO DE 25MM2,FORMADO POR CONDUTORES EM FIOS DE COBRE NU,ENCORDOAMENTO CLASSE 2,ISOLAMENTO PARA 1KV,EM POLIETILENO RETICULADO(XLPE) OU ETILENO PROPILENO(EPR),COM CAPA DE COBERTURA EM PVC NA COR PRETA,CONFORME ABNT NBR7286,ABNT NBR 7287 E ESPECIFICACAO EM-RIOLUZ-74.FORNECIMENTO","M",27.48]
["21.026.0350-0","CABO DE COBRE RIGIDO,SECAO DE 50MM2,FORMADO POR CONDUTORES EM FIOS DE COBRE NU,ENCORDOAMENTO CLASSE 2,ISOLAMENTO PARA 1KV,EM POLIETILENO RETICULADO(XLPE) OU ETILENO PROPILENO(EPR),COM CAPA DE COBERTURA EM PVC NA COR PRETA,CONFORME ABNT NBR7286,ABNT NBR 7287 E ESPECIFICACAO EM-RIOLUZ-74.FORNECIMENTO","M",52.9,null,"21.026.0350-A","CABO DE COBRE RIGIDO,SECAO DE 50MM2,FORMADO POR CONDUTORES EM FIOS DE COBRE NU,ENCORDOAMENTO CLASSE 2,ISOLAMENTO PARA 1KV,EM POLIETILENO RETICULADO(XLPE) OU ETILENO PROPILENO(EPR),COM CAPA DE COBERTURA EM PVC NA COR PRETA,CONFORME ABNT NBR7286,ABNT NBR 7287 E ESPECIFICACAO EM-RIOLUZ-74.FORNECIMENTO","M",52.9]
["21.026.0450-0","CABO DE COBRE RIGIDO,SECAO DE 70MM2,FORMADO POR CONDUTORES EM FIOS DE COBRE NU,ENCORDOAMENTO CLASSE 2,ISOLAMENTO PARA 1KV,EM POLIETILENO RETICULADO(XLPE) OU ETILENO PROPILENO(EPR),COM CAPA DE COBERTURA EM PVC NA COR PRETA,CONFORME ABNT NBR7286,ABNT NBR 7287 E ESPECIFICACAO EM-RIOLUZ-74.FORNECIMENTO","M",74.62,null,"21.026.0450-A","CABO DE COBRE RIGIDO,SECAO DE 70MM2,FORMADO POR CONDUTORES EM FIOS DE COBRE NU,ENCORDOAMENTO CLASSE 2,ISOLAMENTO PARA 1KV,EM POLIETILENO RETICULADO(XLPE) OU ETILENO PROPILENO(EPR),COM CAPA DE COBERTURA EM PVC NA COR PRETA,CONFORME ABNT NBR7286,ABNT NBR 7287 E ESPECIFICACAO EM-RIOLUZ-74.FORNECIMENTO","M",74.62]
["21.026.0470-0","CABO DE COBRE RIGIDO,SECAO DE 25MM2, 8,7 A 15KV,ISOLADO EPR/XLPE,CONFORME ABNT NBR 7286 OU ABNT NBR 7287.FORNECIMENTO","M",72.61,null,"21.026.0470-A","CABO DE COBRE RIGIDO,SECAO DE 25MM2, 8,7 A 15KV,ISOLADO EPR/XLPE,CONFORME ABNT NBR 7286 OU ABNT NBR 7287.FORNECIMENTO","M",72.61]
["21.026.0475-0","CABO DE COBRE RIGIDO,SECAO DE 3X1X50MM2,TRIPLEXADO,20KV,ISOLADO EPR/XLPE,CONFORME ABNT NBR 7286 OU ABNT NBR 7287.FORNECIMENTO","M",168.12,null,"21.026.0475-A","CABO DE COBRE RIGIDO,SECAO DE 3X1X50MM2,TRIPLEXADO,20KV,ISOLADO EPR/XLPE,CONFORME ABNT NBR 7286 OU ABNT NBR 7287.FORNECIMENTO","M",168.12]
["21.027.0010-0","CABO DE ALUMINIO NU SEM ALMA DE ACO (CA),SECAO 2 AWG (Ø=7,41MM, 92,5KG/KM),CONFORME ABNT NBR 7271.FORNECIMENTO","M",4,null,"21.027.0010-A","CABO DE ALUMINIO NU SEM ALMA DE ACO (CA),SECAO 2 AWG (Ø=7,41MM, 92,5KG/KM),CONFORME ABNT NBR 7271.FORNECIMENTO","M",4]
["21.027.0020-0","CABO DE ALUMINIO NU COM ALMA DE ACO (CAA),SECAO 1/0 AWG(Ø=9,36MM, 147,6KG/KM),CONFORME ABNT NBR 7270.FORNECIMENTO","M",10.91,null,"21.027.0020-A","CABO DE ALUMINIO NU COM ALMA DE ACO (CAA),SECAO 1/0 AWG(Ø=9,36MM, 147,6KG/KM),CONFORME ABNT NBR 7270.FORNECIMENTO","M",10.91]
["21.027.0025-0","CABO DE ALUMINIO,SECAO DE 50MM2,FORMADO POR CONDUTORES EM FIOS DE ALUMINIO NU,ENCORDOAMENTO CLASSE 2,ISOLAMENTO PARA 1KV,EM POLIETILENO RETICULADO(XLPE) OU ETILENO PROPILENO(EPR),COM CAPA DE COBERTURA EM PVC NA COR PRETA,CONFORME ABNT NBR 7286,ABNT NBR 7287 E ESPECIFICACAO EM-RIOLUZ-74.FORNECIMENTO","M",9.17,null,"21.027.0025-A","CABO DE ALUMINIO,SECAO DE 50MM2,FORMADO POR CONDUTORES EM FIOS DE ALUMINIO NU,ENCORDOAMENTO CLASSE 2,ISOLAMENTO PARA 1KV,EM POLIETILENO RETICULADO(XLPE) OU ETILENO PROPILENO(EPR),COM CAPA DE COBERTURA EM PVC NA COR PRETA,CONFORME ABNT NBR 7286,ABNT NBR 7287 E ESPECIFICACAO EM-RIOLUZ-74.FORNECIMENTO","M",9.17]
["21.027.0050-0","CABO DE ALUMINIO,SECAO DE 16MM2,FORMADO POR CONDUTORES EM FIOS DE ALUMINIO NU,ENCORDOAMENTO CLASSE 2,ISOLAMENTO PARA 1KV,EM POLIETILENO RETICULADO(XLPE) OU ETILENO PROPILENO(EPR),COM CAPA DE COBERTURA EM PVC NA COR PRETA,CONFORME ABNT NBR 7286,ABNT NBR 7287 E ESPECIFICACAO EM-RIOLUZ-74.FORNECIMENTO","M",3.25,null,"21.027.0050-A","CABO DE ALUMINIO,SECAO DE 16MM2,FORMADO POR CONDUTORES EM FIOS DE ALUMINIO NU,ENCORDOAMENTO CLASSE 2,ISOLAMENTO PARA 1KV,EM POLIETILENO RETICULADO(XLPE) OU ETILENO PROPILENO(EPR),COM CAPA DE COBERTURA EM PVC NA COR PRETA,CONFORME ABNT NBR 7286,ABNT NBR 7287 E ESPECIFICACAO EM-RIOLUZ-74.FORNECIMENTO","M",3.25]
["21.027.0060-0","CABO DE ALUMINIO,SECAO DE 35MM2,FORMADO POR CONDUTORES EM FIOS DE ALUMINIO NU,ENCORDOAMENTO CLASSE 2,ISOLAMENTO PARA 1KV,EM POLIETILENO RETICULADO(XLPE)OU ETILENO PROPILENO(EPR),COM CAPA DE COBERTURA EM PVC NA COR PRETA,NBR 7286,NBR 7287 EESPECIFICACAO RIOLUZ EM-RIOLUZ-74.FORNECIMENTO","M",7.17,null,"21.027.0060-A","CABO DE ALUMINIO,SECAO DE 35MM2,FORMADO POR CONDUTORES EM FIOS DE ALUMINIO NU,ENCORDOAMENTO CLASSE 2,ISOLAMENTO PARA 1KV,EM POLIETILENO RETICULADO(XLPE)OU ETILENO PROPILENO(EPR),COM CAPA DE COBERTURA EM PVC NA COR PRETA,NBR 7286,NBR 7287 EESPECIFICACAO RIOLUZ EM-RIOLUZ-74.FORNECIMENTO","M",7.17]
["21.028.0010-0","ALCA PRE-FORMADA PARA CABO DE 35MM2.FORNECIMENTO E COLOCACAO","UN",11.21,null,"21.028.0010-A","ALCA PRE-FORMADA PARA CABO DE 35MM2.FORNECIMENTO E COLOCACAO","UN",10.96]
["21.028.0015-0","CONECTOR PARAFUSO FENDIDO COM RABICHO,EM BRONZE,PARA ATERRAMENTO,CONDUTORES DE 6 - 35MM2.FORNECIMENTO E INSTALACAO","UN",29.65,null,"21.028.0015-A","CONECTOR PARAFUSO FENDIDO COM RABICHO,EM BRONZE,PARA ATERRAMENTO,CONDUTORES DE 6 - 35MM2.FORNECIMENTO E INSTALACAO","UN",29.27]
["21.028.0020-0","CONECTOR PARA HASTE DE ATERRAMENTO DE PARA-RAIO,COM UMA DESCIDA DE 5/8\".FORNECIMENTO","UN",5.6,null,"21.028.0020-A","CONECTOR PARA HASTE DE ATERRAMENTO DE PARA-RAIO,COM UMA DESCIDA DE 5/8\".FORNECIMENTO","UN",5.6]
["21.028.0040-0","CONECTOR TIPO ESTRIBO APARAFUSADO,PARA CONDUTOR DE ALUMINIO,1/0AWG.FORNECIMENTO","UN",63.7,null,"21.028.0040-A","CONECTOR TIPO ESTRIBO APARAFUSADO,PARA CONDUTOR DE ALUMINIO,1/0AWG.FORNECIMENTO","UN",63.7]
["21.028.0060-0","CONECTOR TIPO CUNHA,EM LIGA DE COBRE ESTANHADO,PARA A FIXACAO DE CONDUTORES DE ALUMINIO OU COBRE,POR EFEITO DE MOLA.MODELO Nº1,PADRAO RIOLUZ,TIPO G.FORNECIMENTO E INSTALACAO","UN",23.25,null,"21.028.0060-A","CONECTOR TIPO CUNHA,EM LIGA DE COBRE ESTANHADO,PARA A FIXACAO DE CONDUTORES DE ALUMINIO OU COBRE,POR EFEITO DE MOLA.MODELO Nº1,PADRAO RIOLUZ,TIPO G.FORNECIMENTO E INSTALACAO","UN",22.87]
["21.028.0065-0","CONECTOR TIPO CUNHA,EM LIGA DE COBRE ESTANHADO,PARA A FIXACAO DE CONDUTORES DE ALUMINIO OU COBRE,POR EFEITO DE MOLA,MODELO Nº2,PADRAO RIOLUZ,TIPO H.FORNECIMENTO E INSTALACAO","UN",26.88,null,"21.028.0065-A","CONECTOR TIPO CUNHA,EM LIGA DE COBRE ESTANHADO,PARA A FIXACAO DE CONDUTORES DE ALUMINIO OU COBRE,POR EFEITO DE MOLA,MODELO Nº2,PADRAO RIOLUZ,TIPO H.FORNECIMENTO E INSTALACAO","UN",26.5]
["21.028.0070-0","CONECTOR TIPO CUNHA,EM LIGA DE COBRE ESTANHADO,PARA A FIXACAO DE CONDUTORES DE ALUMINIO OU COBRE,POR EFEITO DE MOLA.MODELO Nº3,PADRAO RIOLUZ,TIPO K.FORNECIMENTO E INSTALACAO","UN",26.92,null,"21.028.0070-A","CONECTOR TIPO CUNHA,EM LIGA DE COBRE ESTANHADO,PARA A FIXACAO DE CONDUTORES DE ALUMINIO OU COBRE,POR EFEITO DE MOLA.MODELO Nº3,PADRAO RIOLUZ,TIPO K.FORNECIMENTO E INSTALACAO","UN",26.55]
["21.028.0075-0","CONECTOR TIPO CUNHA,EM LIGA DE COBRE ESTANHADO,PARA A FIXACAO DE CONDUTORES DE ALUMINIO OU COBRE,POR EFEITO DE MOLA.MODELO Nº4,PADRAO RIOLUZ,TIPO V.FORNECIMENTO E INSTALACAO","UN",9.6199999999999992,null,"21.028.0075-A","CONECTOR TIPO CUNHA,EM LIGA DE COBRE ESTANHADO,PARA A FIXACAO DE CONDUTORES DE ALUMINIO OU COBRE,POR EFEITO DE MOLA.MODELO Nº4,PADRAO RIOLUZ,TIPO V.FORNECIMENTO E INSTALACAO","UN",9.24]
["21.028.0080-0","CONECTOR TIPO CUNHA,EM LIGA DE COBRE ESTANHADO,PARA A FIXACAO DE CONDUTORES DE ALUMINIO OU COBRE,POR EFEITO DE MOLA.MODELO Nº5,PADRAO RIOLUZ,TIPO IV.FORNECIMENTO E INSTALACAO","UN",9.6199999999999992,null,"21.028.0080-A","CONECTOR TIPO CUNHA,EM LIGA DE COBRE ESTANHADO,PARA A FIXACAO DE CONDUTORES DE ALUMINIO OU COBRE,POR EFEITO DE MOLA.MODELO Nº5,PADRAO RIOLUZ,TIPO IV.FORNECIMENTO E INSTALACAO","UN",9.24]
["21.028.0085-0","CONECTOR TIPO CUNHA,EM LIGA DE COBRE ESTANHADO,PARA A FIXACAO DE CONDUTORES DE ALUMINIO OU COBRE,POR EFEITO DE MOLA.MODELO Nº6,PADRAO RIOLUZ,TIPO B.FORNECIMENTO E INSTALACAO","UN",16.309999999999999,null,"21.028.0085-A","CONECTOR TIPO CUNHA,EM LIGA DE COBRE ESTANHADO,PARA A FIXACAO DE CONDUTORES DE ALUMINIO OU COBRE,POR EFEITO DE MOLA.MODELO Nº6,PADRAO RIOLUZ,TIPO B.FORNECIMENTO E INSTALACAO","UN",15.93]
["21.028.0090-0","CONECTOR TIPO CUNHA,EM LIGA DE COBRE ESTANHADO,PARA A FIXACAO DE CONDUTORES DE ALUMINIO OU COBRE,POR EFEITO DE MOLA.MODELO Nº7,PADRAO RIOLUZ,TIPO A.FORNECIMENTO E INSTALACAO","UN",15.69,null,"21.028.0090-A","CONECTOR TIPO CUNHA,EM LIGA DE COBRE ESTANHADO,PARA A FIXACAO DE CONDUTORES DE ALUMINIO OU COBRE,POR EFEITO DE MOLA.MODELO Nº7,PADRAO RIOLUZ,TIPO A.FORNECIMENTO E INSTALACAO","UN",15.31]
["21.028.0095-0","CONECTOR TIPO CUNHA,EM LIGA DE COBRE ESTANHADO,PARA A FIXACAO DE CONDUTORES DE ALUMINIO OU COBRE,POR EFEITO DE MOLA.MODELO Nº8,PADRAO RIOLUZ,TIPO C.FORNECIMENTO E INSTALACAO","UN",20.65,null,"21.028.0095-A","CONECTOR TIPO CUNHA,EM LIGA DE COBRE ESTANHADO,PARA A FIXACAO DE CONDUTORES DE ALUMINIO OU COBRE,POR EFEITO DE MOLA.MODELO Nº8,PADRAO RIOLUZ,TIPO C.FORNECIMENTO E INSTALACAO","UN",20.28]
["21.028.0100-0","CONECTOR TIPO CUNHA,EM LIGA DE COBRE ESTANHADO,PARA A FIXACAO DE CONDUTORES DE ALUMINIO OU COBRE,POR EFEITO DE MOLA.MODELO Nº9,PADRAO RIOLUZ,TIPO J.FORNECIMENTO E INSTALACAO","UN",21.64,null,"21.028.0100-A","CONECTOR TIPO CUNHA,EM LIGA DE COBRE ESTANHADO,PARA A FIXACAO DE CONDUTORES DE ALUMINIO OU COBRE,POR EFEITO DE MOLA.MODELO Nº9,PADRAO RIOLUZ,TIPO J.FORNECIMENTO E INSTALACAO","UN",21.26]
["21.028.0105-0","CONECTOR TIPO CUNHA,EM LIGA DE COBRE ESTANHADO,PARA A FIXACAO DE CONDUTORES DE ALUMINIO OU COBRE,POR EFEITO DE MOLA.MODELO Nº10,PADAO RIOLUZ,TIPO F.FORNECIMENTO E INSTALACAO","UN",23.23,null,"21.028.0105-A","CONECTOR TIPO CUNHA,EM LIGA DE COBRE ESTANHADO,PARA A FIXACAO DE CONDUTORES DE ALUMINIO OU COBRE,POR EFEITO DE MOLA.MODELO Nº10,PADAO RIOLUZ,TIPO F.FORNECIMENTO E INSTALACAO","UN",22.85]
["21.028.0110-0","CONECTOR TIPO CUNHA,EM LIGA DE COBRE ESTANHADO,PARA A FIXACAO DE CONDUTORES DE ALUMINIO OU COBRE,POR EFEITO DE MOLA.MODELO Nº11,PADRAO RIOLUZ,TIPO D.FORNECIMENTO E INSTALACAO","UN",25.81,null,"21.028.0110-A","CONECTOR TIPO CUNHA,EM LIGA DE COBRE ESTANHADO,PARA A FIXACAO DE CONDUTORES DE ALUMINIO OU COBRE,POR EFEITO DE MOLA.MODELO Nº11,PADRAO RIOLUZ,TIPO D.FORNECIMENTO E INSTALACAO","UN",25.43]
["21.028.0115-0","CONECTOR TIPO CUNHA,EM LIGA DE COBRE ESTANHADO,PARA A FIXACAO DE CONDUTORES DE ALUMINIO OU COBRE,POR EFEITO DE MOLA.MODELO Nº12,PADRAO RIOLUZ,TIPO I.FORNECIMENTO E INSTALACAO","UN",17.940000000000001,null,"21.028.0115-A","CONECTOR TIPO CUNHA,EM LIGA DE COBRE ESTANHADO,PARA A FIXACAO DE CONDUTORES DE ALUMINIO OU COBRE,POR EFEITO DE MOLA.MODELO Nº12,PADRAO RIOLUZ,TIPO I.FORNECIMENTO E INSTALACAO","UN",17.559999999999999]
["21.028.0120-0","CONECTOR TIPO CUNHA,EM LIGA DE COBRE ESTANHADO,PARA A FIXACAO DE CONDUTORES DE ALUMINIO OU COBRE,POR EFEITO DE MOLA.MODELO Nº13,PADRAO RIOLUZ,TIPO VII.FORNECIMENTO E INSTALACAO","UN",26.33,null,"21.028.0120-A","CONECTOR TIPO CUNHA,EM LIGA DE COBRE ESTANHADO,PARA A FIXACAO DE CONDUTORES DE ALUMINIO OU COBRE,POR EFEITO DE MOLA.MODELO Nº13,PADRAO RIOLUZ,TIPO VII.FORNECIMENTO E INSTALACAO","UN",25.96]
["21.028.0125-0","CONECTOR TIPO CUNHA,EM LIGA DE COBRE ESTANHADO,PARA A FIXACAO DE CONDUTORES DE ALUMINIO OU COBRE,POR EFEITO DE MOLA.MODELO Nº14,PADRAO RIOLUZ,TIPO VI.FORNECIMENTO E INSTALACAO","UN",22.64,null,"21.028.0125-A","CONECTOR TIPO CUNHA,EM LIGA DE COBRE ESTANHADO,PARA A FIXACAO DE CONDUTORES DE ALUMINIO OU COBRE,POR EFEITO DE MOLA.MODELO Nº14,PADRAO RIOLUZ,TIPO VI.FORNECIMENTO E INSTALACAO","UN",22.26]
["21.028.0140-0","CONECTOR PERFURANTE P/REDE SUBTERRANEA,TENSAO DE APLICACAO:0,6/1KV,CORPO ISOLADO RESISTENTE AO AMBIENTE DO SUBSOLO,NAS CORES BRANCA OU BEGE CLARO,CONTATO DENTADO:LIGA DE ALUMINIO ESTANHADO,C/CAMADA DE ESPESSURA MINIMA 8MM E CONDUTIVIDADE ELETRICA MINIMA 98% IACS A 20ºC,GRAU DE PROTECAO:IP-65,P/CABOS:PRINCIPAL:6MM2-185MM2 E DERIVACAO:1,5MM2-10MM2.FORNECIMENTO","UN",6.9,null,"21.028.0140-A","CONECTOR PERFURANTE P/REDE SUBTERRANEA,TENSAO DE APLICACAO:0,6/1KV,CORPO ISOLADO RESISTENTE AO AMBIENTE DO SUBSOLO,NAS CORES BRANCA OU BEGE CLARO,CONTATO DENTADO:LIGA DE ALUMINIO ESTANHADO,C/CAMADA DE ESPESSURA MINIMA 8MM E CONDUTIVIDADE ELETRICA MINIMA 98% IACS A 20ºC,GRAU DE PROTECAO:IP-65,P/CABOS:PRINCIPAL:6MM2-185MM2 E DERIVACAO:1,5MM2-10MM2.FORNECIMENTO","UN",6.9]
["21.028.0145-0","CONECTOR PERFURANTE P/REDE SUBTERRANEA,TENSAO DE APLICACAO:0,6/1KV,CORPO ISOLADO RESISTENTE AO AMBIENTE DO SUBSOLO,NAS CORES BRANCA OU BEGE CLARO,CONTATO DENTADO:LIGA DE ALUMINIO ESTANHADO,C/CAMADA DE ESPESSURA MINIMA 8MM E CONDUTIVIDADE ELETRICA MINIMA 98% IACS A 20ºC,GRAU DE PROTECAO:IP-68,P/CABOS:PRINCIPAL:35MM2-120MM2 E DERIVACAO:25MM2-50MM2.FORNECIMENTO","UN",18.11,null,"21.028.0145-A","CONECTOR PERFURANTE P/REDE SUBTERRANEA,TENSAO DE APLICACAO:0,6/1KV,CORPO ISOLADO RESISTENTE AO AMBIENTE DO SUBSOLO,NAS CORES BRANCA OU BEGE CLARO,CONTATO DENTADO:LIGA DE ALUMINIO ESTANHADO,C/CAMADA DE ESPESSURA MINIMA 8MM E CONDUTIVIDADE ELETRICA MINIMA 98% IACS A 20ºC,GRAU DE PROTECAO:IP-68,P/CABOS:PRINCIPAL:35MM2-120MM2 E DERIVACAO:25MM2-50MM2.FORNECIMENTO","UN",18.11]
["21.028.0150-0","GRAMPO DE LINHA VIVA EM BRONZE FUNDIDO,ACABAMENTO ESTANHADOPARA CABO DE 16 A 240MM2.FORNECIMENTO","UN",57.06,null,"21.028.0150-A","GRAMPO DE LINHA VIVA EM BRONZE FUNDIDO,ACABAMENTO ESTANHADOPARA CABO DE 16 A 240MM2.FORNECIMENTO","UN",57.06]
["21.030.0055-0","CHAVE FUSIVEL,UNIPOLAR,ACIONAMENTO POR COMANDO DE VARA DE MANOBRA DE 15KV-100A,EXCLUSIVE ELOS FUSIVEIS.FORNECIMENTO","UN",556.20000000000005,null,"21.030.0055-A","CHAVE FUSIVEL,UNIPOLAR,ACIONAMENTO POR COMANDO DE VARA DE MANOBRA DE 15KV-100A,EXCLUSIVE ELOS FUSIVEIS.FORNECIMENTO","UN",556.20000000000005]
["21.030.0060-0","ELO-FUSIVEL,TIPO H,DE 1A.FORNECIMENTO","UN",16.149999999999999,null,"21.030.0060-A","ELO-FUSIVEL,TIPO H,DE 1A.FORNECIMENTO","UN",16.149999999999999]
["21.030.0065-0","ELO-FUSIVEL,TIPO K,100A,15KV.FORNECIMENTO","UN",58.28,null,"21.030.0065-A","ELO-FUSIVEL,TIPO K,100A,15KV.FORNECIMENTO","UN",58.28]
["21.030.0070-0","ELO-FUSIVEL,TIPO K,200A,15KV.FORNECIMENTO","UN",142.88999999999999,null,"21.030.0070-A","ELO-FUSIVEL,TIPO K,200A,15KV.FORNECIMENTO","UN",142.88999999999999]
["21.030.0075-0","FUSIVEL NH,TAMANHO 01,CORRENTE NOMINAL DE 36A.FORNECIMENTO","UN",14.48,null,"21.030.0075-A","FUSIVEL NH,TAMANHO 01,CORRENTE NOMINAL DE 36A.FORNECIMENTO","UN",14.48]
["21.030.0080-0","FUSIVEL NH,TAMANHO 00,CORRENTE NOMINAL DE 125A.FORNECIMENTO","UN",20.55,null,"21.030.0080-A","FUSIVEL NH,TAMANHO 00,CORRENTE NOMINAL DE 125A.FORNECIMENTO","UN",20.55]
["21.030.0085-0","FUSIVEL NH,TAMANHO 00,CORRENTE NOMINAL DE 160A.FORNECIMENTO","UN",18.440000000000001,null,"21.030.0085-A","FUSIVEL NH,TAMANHO 00,CORRENTE NOMINAL DE 160A.FORNECIMENTO","UN",18.440000000000001]
["21.030.0090-0","DISJUNTOR TERMOMAGNETICO,BIPOLAR DE 20A.FORNECIMENTO","UN",27.61,null,"21.030.0090-A","DISJUNTOR TERMOMAGNETICO,BIPOLAR DE 20A.FORNECIMENTO","UN",27.61]
["21.030.0100-0","DISJUNTOR TERMOMAGNETICO,TRIPOLAR DE 40A.FORNECIMENTO","UN",38.19,null,"21.030.0100-A","DISJUNTOR TERMOMAGNETICO,TRIPOLAR DE 40A.FORNECIMENTO","UN",38.19]
["21.030.0105-0","DISJUNTOR TERMOMAGNETICO,TRIPOLAR DE 100A.FORNECIMENTO","UN",134.56,null,"21.030.0105-A","DISJUNTOR TERMOMAGNETICO,TRIPOLAR DE 100A.FORNECIMENTO","UN",134.56]
["21.031.0010-0","BASE EXTERNA PARA RELE FOTOELETRICO.FORNECIMENTO","UN",10.09,null,"21.031.0010-A","BASE EXTERNA PARA RELE FOTOELETRICO.FORNECIMENTO","UN",10.09]
["21.031.0015-0","RELE FOTOELETRONICO PARA ILUMINACAO PUBLICA,TIPO FAIL-OFF,TENSAO DE ALIMENTACAO DE 105V E 305V,POTENCIA DA CARGA 1000W OU 1800VA,CORRENTE MAXIMA DA CARGA 10A.CORPO EM POLICARBONATONA COR AZUL,ESTABILIZADO AO UV;PINOS EM LATAO ESTANHADO,DEVENDO ATENDER A ESPECIFICACAO EM-RIOLUZ-66 E ANSI C136.10,NOQUE COUBER.FORNECIMENTO","UN",23.74,null,"21.031.0015-A","RELE FOTOELETRONICO PARA ILUMINACAO PUBLICA,TIPO FAIL-OFF,TENSAO DE ALIMENTACAO DE 105V E 305V,POTENCIA DA CARGA 1000W OU 1800VA,CORRENTE MAXIMA DA CARGA 10A.CORPO EM POLICARBONATONA COR AZUL,ESTABILIZADO AO UV;PINOS EM LATAO ESTANHADO,DEVENDO ATENDER A ESPECIFICACAO EM-RIOLUZ-66 E ANSI C136.10,NOQUE COUBER.FORNECIMENTO","UN",23.74]
["21.031.0020-0","RELE TEMPORIZADO,COEL,TIPO RTQD.FORNECIMENTO","UN",586.12,null,"21.031.0020-A","RELE TEMPORIZADO,COEL,TIPO RTQD.FORNECIMENTO","UN",586.12]
["21.031.0025-0","RELE TEMPORIZADO,TIPO FLT 01/NF.FORNECIMENTO","UN",41.73,null,"21.031.0025-A","RELE TEMPORIZADO,TIPO FLT 01/NF.FORNECIMENTO","UN",41.73]
["21.031.0030-0","RELE FOTOELETRICO INDIVIDUAL,COM BASE EM POSTE (ACO OU CONCRETO) DE ACORDO COM O PADRAO DA RIOLUZ;EXCLUSIVE FORNECIMENTODO RELE E BASE.ASSENTAMENTO","UN",28.21,null,"21.031.0030-A","RELE FOTOELETRICO INDIVIDUAL,COM BASE EM POSTE (ACO OU CONCRETO) DE ACORDO COM O PADRAO DA RIOLUZ;EXCLUSIVE FORNECIMENTODO RELE E BASE.ASSENTAMENTO","UN",26.32]
["21.031.0035-0","RELE FOTOELETRICO INDIVIDUAL,COM BASE,EM PONTA DE BRACO OU POSTE CURVO (ACO OU CONCRETO) DE ACORDO COM O PADRAO DA RIOLUZ,COM FORNECIMENTO DAS FERRAGENS DE FIXACAO;EXCLUSIVE FORNECIMENTO DO RELE E BASE.ASSENTAMENTO","UN",121.85,null,"21.031.0035-A","RELE FOTOELETRICO INDIVIDUAL,COM BASE,EM PONTA DE BRACO OU POSTE CURVO (ACO OU CONCRETO) DE ACORDO COM O PADRAO DA RIOLUZ,COM FORNECIMENTO DAS FERRAGENS DE FIXACAO;EXCLUSIVE FORNECIMENTO DO RELE E BASE.ASSENTAMENTO","UN",119.96]
["21.031.0040-0","RELE FOTOELETRICO INDIVIDUAL,COM BASE EM POSTE(ACO OU CONCRETO)DE ACORDO COM O PADRAO DA RIOLUZ,EXCLUSIVE FORNECIMENTO DAS FERRAGENS DE FIXACAO E DO RELE FOTOELETRICO E BASE.ASSENTAMENTO","UN",28.21,null,"21.031.0040-A","RELE FOTOELETRICO INDIVIDUAL,COM BASE EM POSTE(ACO OU CONCRETO)DE ACORDO COM O PADRAO DA RIOLUZ,EXCLUSIVE FORNECIMENTO DAS FERRAGENS DE FIXACAO E DO RELE FOTOELETRICO E BASE.ASSENTAMENTO","UN",26.32]
["21.035.0007-0","CAIXA HAND-HOLE EM ALVENARIA DE TIJOLOS MACICOS DE 7X10X20CM,PADRAO RIOLUZ,COM DIMENSOES DE 0,40X0,40X0,60M,EXCLUSIVE ESCAVACAO,REATERRO E TAMPAO.FORNECIMENTO E ASSENTAMENTO","UN",317.04000000000002,null,"21.035.0007-A","CAIXA HAND-HOLE EM ALVENARIA DE TIJOLOS MACICOS DE 7X10X20CM,PADRAO RIOLUZ,COM DIMENSOES DE 0,40X0,40X0,60M,EXCLUSIVE ESCAVACAO,REATERRO E TAMPAO.FORNECIMENTO E ASSENTAMENTO","UN",306.74]
["21.035.0008-0","CAIXA HAND-HOLE EM ALVENARIA DE TIJOLOS MACICOS DE 7X10X20CM,PADRAO RIOLUZ,COM DIMENSOES DE 0,40X0,40X0,90M,EXCLUSIVE ESCAVACAO,REATERRO E TAMPAO.FORNECIMENTO E ASSENTAMENTO","UN",409.23,null,"21.035.0008-A","CAIXA HAND-HOLE EM ALVENARIA DE TIJOLOS MACICOS DE 7X10X20CM,PADRAO RIOLUZ,COM DIMENSOES DE 0,40X0,40X0,90M,EXCLUSIVE ESCAVACAO,REATERRO E TAMPAO.FORNECIMENTO E ASSENTAMENTO","UN",396.29]
["21.035.0009-0","CAIXA HAND-HOLE,PRE-MOLDADA,EM ANEL DE CONCRETO,CONFORME PROJETO Nº A4-1683-PD,RIOLUZ,COM DIMENSOES DE 0,60X0,30M,EXCLUSIVE ESCAVACAO,REATERRO E TAMPAO.FORNECIMENTO E ASSENTAMENTO","UN",280.39,null,"21.035.0009-A","CAIXA HAND-HOLE,PRE-MOLDADA,EM ANEL DE CONCRETO,CONFORME PROJETO Nº A4-1683-PD,RIOLUZ,COM DIMENSOES DE 0,60X0,30M,EXCLUSIVE ESCAVACAO,REATERRO E TAMPAO.FORNECIMENTO E ASSENTAMENTO","UN",272.85000000000002]
["21.035.0010-0","CAIXA HAND-HOLE,PRE-MOLDADA,EM ANEL DE CONCRETO,CONFORME PROJETO Nº A4-1683-PD,RIOLUZ,COM DIMENSOES DE 0,60X0,60M,EXCLUSIVE ESCAVACAO,REATERRO E TAMPAO.FORNECIMENTO E ASSENTAMENTO","UN",428.98,null,"21.035.0010-A","CAIXA HAND-HOLE,PRE-MOLDADA,EM ANEL DE CONCRETO,CONFORME PROJETO Nº A4-1683-PD,RIOLUZ,COM DIMENSOES DE 0,60X0,60M,EXCLUSIVE ESCAVACAO,REATERRO E TAMPAO.FORNECIMENTO E ASSENTAMENTO","UN",418.93]
["21.035.0012-0","CAIXA HAND-HOLE,PRE-MOLDADA,EM ANEL DE CONCRETO,CONFORME PROJETO Nº A4-1683-PD,RIOLUZ,COM DIMENSOES DE 0,60X0,90M,EXCLUSIVE ESCAVACAO,REATERRO E TAMPAO.FORNECIMENTO E ASSENTAMENTO","UN",577.57000000000005,null,"21.035.0012-A","CAIXA HAND-HOLE,PRE-MOLDADA,EM ANEL DE CONCRETO,CONFORME PROJETO Nº A4-1683-PD,RIOLUZ,COM DIMENSOES DE 0,60X0,90M,EXCLUSIVE ESCAVACAO,REATERRO E TAMPAO.FORNECIMENTO E ASSENTAMENTO","UN",565]
["21.035.0014-0","CAIXA HAND-HOLE,PRE-MOLDADA,EM ANEL DE CONCRETO,CONFORME PROJETO Nº A4-1683-PD,RIOLUZ,COM DIMENSOES DE 0,30X0,30M,EXCLUSIVE ESCAVACAO,REATERRO E TAMPAO.FORNECIMENTO E ASSENTAMENTO","UN",202.52,null,"21.035.0014-A","CAIXA HAND-HOLE,PRE-MOLDADA,EM ANEL DE CONCRETO,CONFORME PROJETO Nº A4-1683-PD,RIOLUZ,COM DIMENSOES DE 0,30X0,30M,EXCLUSIVE ESCAVACAO,REATERRO E TAMPAO.FORNECIMENTO E ASSENTAMENTO","UN",197.49]
["21.035.0050-0","CAIXA DE CONCRETO PARA FIXACAO DE PROJETOR,COM TAMPA DE TELADE ARAME GALVANIZADO FIO 8 COM MALHA QUADRANGULAR DE (50X50)MM E CADEADO,NAS DIMENSOES (80X80X80)CM,CONFORME DETALHE DOPROJETOR RIOLUZ.FORNECIMENTO E ASSENTAMENTO","UN",434.78,null,"21.035.0050-A","CAIXA DE CONCRETO PARA FIXACAO DE PROJETOR,COM TAMPA DE TELADE ARAME GALVANIZADO FIO 8 COM MALHA QUADRANGULAR DE (50X50)MM E CADEADO,NAS DIMENSOES (80X80X80)CM,CONFORME DETALHE DOPROJETOR RIOLUZ.FORNECIMENTO E ASSENTAMENTO","UN",429.75]
["21.035.0100-0","CAIXA DE ALVENARIA COM BASE DE CONCRETO PARA FIXACAO DE PROJETOR,COM TAMPA DE TELA DE ARAME GALVANIZADO FIO 8 COM MALHAQUADRANGULAR DE (50X50)MM E CADEADO,NAS DIMENSOES (80X80X80)CM.FORNECIMENTO E ASSENTAMENTO","UN",587.22,null,"21.035.0100-A","CAIXA DE ALVENARIA COM BASE DE CONCRETO PARA FIXACAO DE PROJETOR,COM TAMPA DE TELA DE ARAME GALVANIZADO FIO 8 COM MALHAQUADRANGULAR DE (50X50)MM E CADEADO,NAS DIMENSOES (80X80X80)CM.FORNECIMENTO E ASSENTAMENTO","UN",582.19000000000005]
["21.035.0103-0","CAIXA DE ALVENARIA COM BASE DE CONCRETO PARA FIXACAO DE PROJETOR,COM TAMPA DE TELA DE ARAME GALVANIZADO FIO 8 COM MALHAQUADRANGULAR DE (50X50)MM E CADEADO,NAS DIMENSOES (110X80X60)CM.FORNECIMENTO E ASSENTAMENTO","UN",691.39,null,"21.035.0103-A","CAIXA DE ALVENARIA COM BASE DE CONCRETO PARA FIXACAO DE PROJETOR,COM TAMPA DE TELA DE ARAME GALVANIZADO FIO 8 COM MALHAQUADRANGULAR DE (50X50)MM E CADEADO,NAS DIMENSOES (110X80X60)CM.FORNECIMENTO E ASSENTAMENTO","UN",681.34]
["21.035.0105-0","CAIXA DE ALVENARIA COM BASE DE CONCRETO PARA FIXACAO DE PROJETOR,COM TAMPA DE TELA DE ARAME GALVANIZADO FIO 8 COM MALHAQUADRANGULAR DE (50X50)MM E CADEADO,NAS DIMENSOES (110X120X100)CM.FORNECIMENTO E ASSENTAMENTO","UN",947.38,null,"21.035.0105-A","CAIXA DE ALVENARIA COM BASE DE CONCRETO PARA FIXACAO DE PROJETOR,COM TAMPA DE TELA DE ARAME GALVANIZADO FIO 8 COM MALHAQUADRANGULAR DE (50X50)MM E CADEADO,NAS DIMENSOES (110X120X100)CM.FORNECIMENTO E ASSENTAMENTO","UN",937.33]
["21.035.0150-0","CAIXA DE PASSAGEM,RETANGULAR,DE ALVENARIA COM TAMPA DE CONCRETO,DIMENSOES DE(0,80X0,80X1,00)M;EXCLUSIVE FORNECIMENTO DOMATERIAL.ASSENTAMENTO","UN",112.84,null,"21.035.0150-A","CAIXA DE PASSAGEM,RETANGULAR,DE ALVENARIA COM TAMPA DE CONCRETO,DIMENSOES DE(0,80X0,80X1,00)M;EXCLUSIVE FORNECIMENTO DOMATERIAL.ASSENTAMENTO","UN",105.3]
["21.035.0160-0","CAIXA HERMETICA PARA CHAVE FACA TRIFASICA.COLOCACAO","UN",18.8,null,"21.035.0160-A","CAIXA HERMETICA PARA CHAVE FACA TRIFASICA.COLOCACAO","UN",17.55]
["21.035.0205-0","TAMPAO DE FERRO FUNDIDO DUCTIL (NODULAR),ARTICULADO,TIPO ESPECIAL,DN 600MM,CLASSE D400,CONFORME ABNT NBR 10160,DOTADO DEFURACAO PARA FIXACAO DO ARO DE ANEL DE CONCRETO E INSTALACAO DE CONECTORES PARA ATERRAMENTO,COM INSCRICAO RIOLUZ DISCRETA,EM ALTO RELEVO,CONFORME DESENHO EM-RIOLUZ-078 DESENHO: A4-1992-PD.FORNECIMENTO","UN",680,null,"21.035.0205-A","TAMPAO DE FERRO FUNDIDO DUCTIL (NODULAR),ARTICULADO,TIPO ESPECIAL,DN 600MM,CLASSE D400,CONFORME ABNT NBR 10160,DOTADO DEFURACAO PARA FIXACAO DO ARO DE ANEL DE CONCRETO E INSTALACAO DE CONECTORES PARA ATERRAMENTO,COM INSCRICAO RIOLUZ DISCRETA,EM ALTO RELEVO,CONFORME DESENHO EM-RIOLUZ-078 DESENHO: A4-1992-PD.FORNECIMENTO","UN",680]
["21.035.0220-0","TAMPAO DE FERRO FUNDIDO DUCTIL (NODULAR),ARTICULADO,DN 300MM,CLASSE B125,CONFORME ABNT NBR 10160,CONFORME DESENHO A4-1200-PD,ESPECIFICACAO EM RIO LUZ Nº10.FORNECIMENTO","UN",120,null,"21.035.0220-A","TAMPAO DE FERRO FUNDIDO DUCTIL (NODULAR),ARTICULADO,DN 300MM,CLASSE B125,CONFORME ABNT NBR 10160,CONFORME DESENHO A4-1200-PD,ESPECIFICACAO EM RIO LUZ Nº10.FORNECIMENTO","UN",120]
["21.035.0230-0","TAMPAO DE FERRO FUNDIDO DUCTIL (NODULAR),ARTICULADO,DN 300MM,CLASSE B125,CONFORME ABNT NBR 10160,COM TRANCA,DOTADO DE FURACAO ROSQUEADA PARA INSTALACAO DE CONECTORES PARA ATERRAMENTO,COM INSCRICAO RIOLUZ EM ALTO RELEVO,DESENHO A4-1992-PD EM-RIOLUZ-10.FORNECIMENTO","UN",289,null,"21.035.0230-A","TAMPAO DE FERRO FUNDIDO DUCTIL (NODULAR),ARTICULADO,DN 300MM,CLASSE B125,CONFORME ABNT NBR 10160,COM TRANCA,DOTADO DE FURACAO ROSQUEADA PARA INSTALACAO DE CONECTORES PARA ATERRAMENTO,COM INSCRICAO RIOLUZ EM ALTO RELEVO,DESENHO A4-1992-PD EM-RIOLUZ-10.FORNECIMENTO","UN",289]
["21.035.0235-0","TAMPAO DE FERRO FUNDIDO DUCTIL (NODULAR),ARTICULADO,DN 600MM,CLASSE B125,CONFORME ABNT NBR 10160,COM TRANCA,DOTADO DE FURACAO ROSQUEADA PARA INSTALACAO DE CONECTORES PARA ATERRAMENTO,COM INSCRICAO RIOLUZ EM ALTO RELEVO,DESENHO A4-1992-PD EM-RIOLUZ-10.FORNECIMENTO","UN",545.9,null,"21.035.0235-A","TAMPAO DE FERRO FUNDIDO DUCTIL (NODULAR),ARTICULADO,DN 600MM,CLASSE B125,CONFORME ABNT NBR 10160,COM TRANCA,DOTADO DE FURACAO ROSQUEADA PARA INSTALACAO DE CONECTORES PARA ATERRAMENTO,COM INSCRICAO RIOLUZ EM ALTO RELEVO,DESENHO A4-1992-PD EM-RIOLUZ-10.FORNECIMENTO","UN",545.9]
["21.035.0250-0","TAMPAO PARA VEDACAO DE DUTOS ESPIRALADOS FLEXIVEIS EM POLIETILENO DE ALTA DENSIDADE,NA COR PRETA,DIAMETRO NOMINAL DE 125MM,COMPRIMENTO DE 225MM,LOTE 335248-0.FORNECIMENTO","UN",19.88,null,"21.035.0250-A","TAMPAO PARA VEDACAO DE DUTOS ESPIRALADOS FLEXIVEIS EM POLIETILENO DE ALTA DENSIDADE,NA COR PRETA,DIAMETRO NOMINAL DE 125MM,COMPRIMENTO DE 225MM,LOTE 335248-0.FORNECIMENTO","UN",19.88]
["21.036.0010-0","ELETRODUTO DE FERRO GALVANIZADO,TIPO PESADO DIAMETRO DE 25MM(1\").FORNECIMENTO","M",29.95,null,"21.036.0010-A","ELETRODUTO DE FERRO GALVANIZADO,TIPO PESADO DIAMETRO DE 25MM(1\").FORNECIMENTO","M",29.95]
["21.036.0015-0","ELETRODUTO DE FERRO GALVANIZADO,TIPO PESADO,DIAMETRO DE 38MM(1.1/2\").FORNECIMENTO","M",53.15,null,"21.036.0015-A","ELETRODUTO DE FERRO GALVANIZADO,TIPO PESADO,DIAMETRO DE 38MM(1.1/2\").FORNECIMENTO","M",53.15]
["21.036.0020-0","ELETRODUTO DE FERRO GALVANIZADO,TIPO PESADO,DIAMETRO DE 50MM(2\").FORNECIMENTO","M",67.58,null,"21.036.0020-A","ELETRODUTO DE FERRO GALVANIZADO,TIPO PESADO,DIAMETRO DE 50MM(2\").FORNECIMENTO","M",67.58]
["21.036.0025-0","ELETRODUTO DE FERRO GALVANIZADO,TIPO PESADO,DIAMETRO DE 75MM(3\").FORNECIMENTO","M",107.97,null,"21.036.0025-A","ELETRODUTO DE FERRO GALVANIZADO,TIPO PESADO,DIAMETRO DE 75MM(3\").FORNECIMENTO","M",107.97]
["21.036.0050-0","CURVA LONGA DE 90° PARA ELETRODUTO,DE ACO GALVANIZADO,DE 25MM(1\").FORNECIMENTO","UN",4.92,null,"21.036.0050-A","CURVA LONGA DE 90° PARA ELETRODUTO,DE ACO GALVANIZADO,DE 25MM(1\").FORNECIMENTO","UN",4.92]
["21.036.0055-0","CURVA LONGA DE 90° PARA ELETRODUTO,DE ACO GALVANIZADO,DE 50MM(2\").FORNECIMENTO","UN",25.22,null,"21.036.0055-A","CURVA LONGA DE 90° PARA ELETRODUTO,DE ACO GALVANIZADO,DE 50MM(2\").FORNECIMENTO","UN",25.22]
["21.036.0060-0","CURVA LONGA DE 90° PARA ELETRODUTO,DE ACO GALVANIZADO,DE 75MM(3\").FORNECIMENTO","UN",86.42,null,"21.036.0060-A","CURVA LONGA DE 90° PARA ELETRODUTO,DE ACO GALVANIZADO,DE 75MM(3\").FORNECIMENTO","UN",86.42]
["21.036.0065-0","LUVA PARA ELETRODUTO,DE ACO GALVANIZADO,DE 25MM(1\").FORNECIMENTO","UN",1.85,null,"21.036.0065-A","LUVA PARA ELETRODUTO,DE ACO GALVANIZADO,DE 25MM(1\").FORNECIMENTO","UN",1.85]
["21.036.0070-0","LUVA PARA ELETRODUTO,DE ACO GALVANIZADO,DE 38MM(1 1/2\").FORNECIMENTO","UN",4.8099999999999996,null,"21.036.0070-A","LUVA PARA ELETRODUTO,DE ACO GALVANIZADO,DE 38MM(1 1/2\").FORNECIMENTO","UN",4.8099999999999996]
["21.036.0075-0","LUVA PARA ELETRODUTO,DE ACO GALVANIZADO,DE 50MM(2\").FORNECIMENTO","UN",7.47,null,"21.036.0075-A","LUVA PARA ELETRODUTO,DE ACO GALVANIZADO,DE 50MM(2\").FORNECIMENTO","UN",7.47]
["21.036.0080-0","LUVA PARA ELETRODUTO,DE ACO GALVANIZADO,DE 75MM(3\").FORNECIMENTO","UN",21.06,null,"21.036.0080-A","LUVA PARA ELETRODUTO,DE ACO GALVANIZADO,DE 75MM(3\").FORNECIMENTO","UN",21.06]
["21.037.0010-0","ELETRODUTO DE PVC RIGIDO,ROSQUEAVEL,DE 19MM(3/4\").FORNECIMENTO","M",2.67,null,"21.037.0010-A","ELETRODUTO DE PVC RIGIDO,ROSQUEAVEL,DE 19MM(3/4\").FORNECIMENTO","M",2.67]
["21.037.0015-0","ELETRODUTO DE PVC RIGIDO,ROSQUEAVEL,DE 32MM(1 1/4\").FORNECIMENTO","M",5.5,null,"21.037.0015-A","ELETRODUTO DE PVC RIGIDO,ROSQUEAVEL,DE 32MM(1 1/4\").FORNECIMENTO","M",5.5]
["21.037.0020-0","ELETRODUTO DE PVC RIGIDO,ROSQUEAVEL,DE 75MM(3\").FORNECIMENTO","M",17.579999999999998,null,"21.037.0020-A","ELETRODUTO DE PVC RIGIDO,ROSQUEAVEL,DE 75MM(3\").FORNECIMENTO","M",17.579999999999998]
["21.037.0050-0","CURVA LONGA DE 90° PARA ELETRODUTO,DE PVC RIGIDO,ROSQUEAVEL,DE 25MM(1\").FORNECIMENTO","UN",2.2000000000000002,null,"21.037.0050-A","CURVA LONGA DE 90° PARA ELETRODUTO,DE PVC RIGIDO,ROSQUEAVEL,DE 25MM(1\").FORNECIMENTO","UN",2.2000000000000002]
["21.037.0100-0","CURVA LONGA DE 90° PARA ELETRODUTO,DE PVC RIGIDO,ROSQUEAVEL,DE 32MM(1 1/4\").FORNECIMENTO","UN",3.78,null,"21.037.0100-A","CURVA LONGA DE 90° PARA ELETRODUTO,DE PVC RIGIDO,ROSQUEAVEL,DE 32MM(1 1/4\").FORNECIMENTO","UN",3.78]
["21.037.0105-0","CURVA LONGA DE 90° PARA ELETRODUTO,DE PVC RIGIDO,ROSQUEAVEL,DE 50MM(2\").FORNECIMENTO","UN",8.5399999999999991,null,"21.037.0105-A","CURVA LONGA DE 90° PARA ELETRODUTO,DE PVC RIGIDO,ROSQUEAVEL,DE 50MM(2\").FORNECIMENTO","UN",8.5399999999999991]
["21.037.0108-0","CURVA LONGA DE 90° PARA ELETRODUTO,DE PVC RIGIDO,ROSQUEAVEL,DE 75MM(3\").FORNECIMENTO","UN",28.62,null,"21.037.0108-A","CURVA LONGA DE 90° PARA ELETRODUTO,DE PVC RIGIDO,ROSQUEAVEL,DE 75MM(3\").FORNECIMENTO","UN",28.62]
["21.037.0120-0","LUVA PARA ELETRODUTO,DE PVC RIGIDO,ROSQUEAVEL,DE 25MM(1\").FORNECIMENTO","UN",0.95,null,"21.037.0120-A","LUVA PARA ELETRODUTO,DE PVC RIGIDO,ROSQUEAVEL,DE 25MM(1\").FORNECIMENTO","UN",0.95]
["21.037.0125-0","LUVA PARA ELETRODUTO,DE PVC RIGIDO,ROSQUEAVEL,DE 32MM(1 1/4\").FORNECIMENTO","UN",1.48,null,"21.037.0125-A","LUVA PARA ELETRODUTO,DE PVC RIGIDO,ROSQUEAVEL,DE 32MM(1 1/4\").FORNECIMENTO","UN",1.48]
["21.037.0130-0","LUVA PARA ELETRODUTO,DE PVC RIGIDO,ROSQUEAVEL,DE 50MM(2\").FORNECIMENTO","UN",2.38,null,"21.037.0130-A","LUVA PARA ELETRODUTO,DE PVC RIGIDO,ROSQUEAVEL,DE 50MM(2\").FORNECIMENTO","UN",2.38]
["21.037.0135-0","LUVA PARA ELETRODUTO,DE PVC RIGIDO,ROSQUEAVEL,DE 75MM(3\").FORNECIMENTO","UN",10.199999999999999,null,"21.037.0135-A","LUVA PARA ELETRODUTO,DE PVC RIGIDO,ROSQUEAVEL,DE 75MM(3\").FORNECIMENTO","UN",10.199999999999999]
["21.038.0010-0","CONDUITE FLEXIVEL GALVANIZADO,DE 19MM(3/4\").FORNECIMENTO E COLOCACAO","M",18.93,null,"21.038.0010-A","CONDUITE FLEXIVEL GALVANIZADO,DE 19MM(3/4\").FORNECIMENTO E COLOCACAO","M",18.3]
["21.038.0050-0","BOX CURVO DE ALUMINIO DE 38MM(1 1/2\").FORNECIMENTO","UN",23.42,null,"21.038.0050-A","BOX CURVO DE ALUMINIO DE 38MM(1 1/2\").FORNECIMENTO","UN",23.42]
["21.038.0055-0","BOX CURVO DE ALUMINIO COM BUCHA E ARRUELA DE 50MM(2\").FORNECIMENTO","UN",40.17,null,"21.038.0055-A","BOX CURVO DE ALUMINIO COM BUCHA E ARRUELA DE 50MM(2\").FORNECIMENTO","UN",40.17]
["21.038.0060-0","BOX CURVO DE ALUMINIO COM BUCHA E ARRUELA DE 75MM(3\").FORNECIMENTO","UN",241.26,null,"21.038.0060-A","BOX CURVO DE ALUMINIO COM BUCHA E ARRUELA DE 75MM(3\").FORNECIMENTO","UN",241.26]
["21.040.0010-0","CHAPA DE FERRO GALVANIZADO NO 24,DE(1X2)M.FORNECIMENTO","KG",14.79,null,"21.040.0010-A","CHAPA DE FERRO GALVANIZADO NO 24,DE(1X2)M.FORNECIMENTO","KG",14.79]
["21.040.0100-0","EQUIPAMENTOS DE COMANDO DE CIRCUITO,PADRAO RIOLUZ,EXCLUSIVEO FORNECIMENTO DAS FERRAGENS DE FIXACAO E DO COMANDO.ASSENTAMENTO","UN",131.65,null,"21.040.0100-A","EQUIPAMENTOS DE COMANDO DE CIRCUITO,PADRAO RIOLUZ,EXCLUSIVEO FORNECIMENTO DAS FERRAGENS DE FIXACAO E DO COMANDO.ASSENTAMENTO","UN",122.85]
["21.040.0120-0","CONJUNTO PARA MONTAGEM DE INDICADOR VISUAL DE DIRECAO DE VENTO(BIRUTA) ADAPTADO PARA BALIZAMENTO NOTURNO.FORNECIMENTO","UN",2500,null,"21.040.0120-A","CONJUNTO PARA MONTAGEM DE INDICADOR VISUAL DE DIRECAO DE VENTO(BIRUTA) ADAPTADO PARA BALIZAMENTO NOTURNO.FORNECIMENTO","UN",2500]
["21.040.0130-0","FONTE DE EMERGENCIA(NO BREAK),COM POTENCIA DE 2KVA,220V/220V,AUTONOMIA A PLENA CARGA DE 30MIN.FORNECIMENTO","UN",2286.7199999999998,null,"21.040.0130-A","FONTE DE EMERGENCIA(NO BREAK),COM POTENCIA DE 2KVA,220V/220V,AUTONOMIA A PLENA CARGA DE 30MIN.FORNECIMENTO","UN",2286.7199999999998]
["21.045.0050-0","LAMPADA MULTIVAPOR METALICO (MVM) DE 35W,PAR30.FORNECIMENTO","UN",97.84,null,"21.045.0050-A","LAMPADA MULTIVAPOR METALICO (MVM) DE 35W,PAR30.FORNECIMENTO","UN",97.84]
["21.045.0055-0","LAMPADA DE MULTIVAPOR METALICO (MVM) DE 70W,BULBO OVOIDE.FORNECIMENTO","UN",32.24,null,"21.045.0055-A","LAMPADA DE MULTIVAPOR METALICO (MVM) DE 70W,BULBO OVOIDE.FORNECIMENTO","UN",32.24]
["21.045.0070-0","LAMPADA DE MULTIVAPOR METALICO (MVM) DE 150W,BULBO OVOIDE.FORNECIMENTO","UN",30.33,null,"21.045.0070-A","LAMPADA DE MULTIVAPOR METALICO (MVM) DE 150W,BULBO OVOIDE.FORNECIMENTO","UN",30.33]
["21.045.0080-0","LAMPADA DE MULTIVAPOR METALICO (MVM) DE 250W,BULBO OVOIDE.FORNECIMENTO","UN",42.15,null,"21.045.0080-A","LAMPADA DE MULTIVAPOR METALICO (MVM) DE 250W,BULBO OVOIDE.FORNECIMENTO","UN",42.15]
["21.045.0082-0","LAMPADA MULTIVAPOR METALICO (MVM) DE 400W,BULBO OVOIDE.FORNECIMENTO","UN",42.15,null,"21.045.0082-A","LAMPADA MULTIVAPOR METALICO (MVM) DE 400W,BULBO OVOIDE.FORNECIMENTO","UN",42.15]
["21.045.0085-0","LAMPADA DE MULTIVAPOR METALICO (MVM) DE 250W,BULBO TUBULAR.FORNECIMENTO","UN",40.07,null,"21.045.0085-A","LAMPADA DE MULTIVAPOR METALICO (MVM) DE 250W,BULBO TUBULAR.FORNECIMENTO","UN",40.07]
["21.045.0090-0","LAMPADA DE MULTIVAPOR METALICO (MVM) DE 400W,BULBO TUBULAR.FORNECIMENTO","UN",35.450000000000003,null,"21.045.0090-A","LAMPADA DE MULTIVAPOR METALICO (MVM) DE 400W,BULBO TUBULAR.FORNECIMENTO","UN",35.450000000000003]
["21.045.0105-0","LAMPADA A VAPOR DE SODIO,ALTA PRESSAO,POTENCIA DE 70W,BASE E-27,BULBO OVOIDE,POSICAO DE FUNCIONAMENTO UNIVERSAL,CONFORMEABNT NBR IEC 60662 E EM-RIOLUZ Nº 57.FORNECIMENTO","UN",24.62,null,"21.045.0105-A","LAMPADA A VAPOR DE SODIO,ALTA PRESSAO,POTENCIA DE 70W,BASE E-27,BULBO OVOIDE,POSICAO DE FUNCIONAMENTO UNIVERSAL,CONFORMEABNT NBR IEC 60662 E EM-RIOLUZ Nº 57.FORNECIMENTO","UN",24.62]
["21.045.0110-0","LAMPADA A VAPOR DE SODIO,ALTA PRESSAO,POTENCIA DE 100W,BASEE-27,BULBO OVOIDE,POSICAO DE FUNCIONAMENTO UNIVERSAL,CONFORME ABNT NBR IEC 60662 E EM-RIOLUZ Nº57.FORNECIMENTO","UN",28.5,null,"21.045.0110-A","LAMPADA A VAPOR DE SODIO,ALTA PRESSAO,POTENCIA DE 100W,BASEE-27,BULBO OVOIDE,POSICAO DE FUNCIONAMENTO UNIVERSAL,CONFORME ABNT NBR IEC 60662 E EM-RIOLUZ Nº57.FORNECIMENTO","UN",28.5]
["21.045.0125-0","LAMPADA A VAPOR DE SODIO,ALTA PRESSAO,POTENCIA DE 150W,BASEE-27,BULBO OVOIDE,POSICAO DE FUNCIONAMENTO UNIVERSAL,CONFORME ABNT NBR IEC 60662 E EM-RIOLUZ Nº 57.FORNECIMENTO","UN",28.07,null,"21.045.0125-A","LAMPADA A VAPOR DE SODIO,ALTA PRESSAO,POTENCIA DE 150W,BASEE-27,BULBO OVOIDE,POSICAO DE FUNCIONAMENTO UNIVERSAL,CONFORME ABNT NBR IEC 60662 E EM-RIOLUZ Nº 57.FORNECIMENTO","UN",28.07]
["21.045.0135-0","LAMPADA A VAPOR DE SODIO,ALTA PRESSAO,POTENCIA DE 250W,BASEE-27,BULBO OVOIDE,POSICAO DE FUNCIONAMENTO UNIVERSAL,CONFORME ABNT NBR IEC 60662 E EM-RIOLUZ Nº 57.FORNECIMENTO","UN",30.9,null,"21.045.0135-A","LAMPADA A VAPOR DE SODIO,ALTA PRESSAO,POTENCIA DE 250W,BASEE-27,BULBO OVOIDE,POSICAO DE FUNCIONAMENTO UNIVERSAL,CONFORME ABNT NBR IEC 60662 E EM-RIOLUZ Nº 57.FORNECIMENTO","UN",30.9]
["21.045.0140-0","LAMPADA A VAPOR DE SODIO,ALTA PRESSAO,POTENCIA DE 100W,BASEE-40,BULBO TUBULAR,POSICAO DE FUNCIONAMENTO UNIVERSAL,CONFORME ABNT NBR IEC 60662 E EM-RIOLUZ Nº 57.FORNECIMENTO","UN",22.41,null,"21.045.0140-A","LAMPADA A VAPOR DE SODIO,ALTA PRESSAO,POTENCIA DE 100W,BASEE-40,BULBO TUBULAR,POSICAO DE FUNCIONAMENTO UNIVERSAL,CONFORME ABNT NBR IEC 60662 E EM-RIOLUZ Nº 57.FORNECIMENTO","UN",22.41]
["21.045.0145-0","LAMPADA A VAPOR DE SODIO,ALTA PRESSAO,POTENCIA DE 150W,BASEE-40,BULBO TUBULAR,POSICAO DE FUNCIONAMENTO UNIVERSAL,CONFORME ABNT NBR IEC 60662 E EM-RIOLUZ Nº 57.FORNECIMENTO","UN",27.31,null,"21.045.0145-A","LAMPADA A VAPOR DE SODIO,ALTA PRESSAO,POTENCIA DE 150W,BASEE-40,BULBO TUBULAR,POSICAO DE FUNCIONAMENTO UNIVERSAL,CONFORME ABNT NBR IEC 60662 E EM-RIOLUZ Nº 57.FORNECIMENTO","UN",27.31]
["21.045.0150-0","LAMPADA A VAPOR DE SODIO,ALTA PRESSAO,POTENCIA DE 250W,BASEE-40,BULBO TUBULAR,POSICAO DE FUNCIONAMENTO UNIVERSAL,CONFORME ABNT NBR IEC 60662 E EM-RIOLUZ Nº 57.FORNECIMENTO","UN",29.41,null,"21.045.0150-A","LAMPADA A VAPOR DE SODIO,ALTA PRESSAO,POTENCIA DE 250W,BASEE-40,BULBO TUBULAR,POSICAO DE FUNCIONAMENTO UNIVERSAL,CONFORME ABNT NBR IEC 60662 E EM-RIOLUZ Nº 57.FORNECIMENTO","UN",29.41]
["21.045.0160-0","LAMPADA A VAPOR DE SODIO,ALTA PRESSAO,POTENCIA DE 400W,BASEE-40,BULBO TUBULAR,POSICAO DE FUNCIONAMENTO UNIVERSAL,CONFORME ABNT NBR IEC 60662 E EM-RIOLUZ Nº 57.FORNECIMENTO","UN",29.77,null,"21.045.0160-A","LAMPADA A VAPOR DE SODIO,ALTA PRESSAO,POTENCIA DE 400W,BASEE-40,BULBO TUBULAR,POSICAO DE FUNCIONAMENTO UNIVERSAL,CONFORME ABNT NBR IEC 60662 E EM-RIOLUZ Nº 57.FORNECIMENTO","UN",29.77]
["21.046.0010-0","REATOR EXTERNO PARA LAMPADA VAPOR DE SODIO DE 70W,IGNITOR COM PICO DE TENSAO 2,8 A 4KV,FATOR DE POTENCIA MINIMO 0,92,TENSAO DE ALIMENTACAO 220V,CONFORME EM-RIO-LUZ-30,ABNT NBR-13593 E ABNT NBR IEC-60662.FORNECIMENTO","UN",70.180000000000007,null,"21.046.0010-A","REATOR EXTERNO PARA LAMPADA VAPOR DE SODIO DE 70W,IGNITOR COM PICO DE TENSAO 2,8 A 4KV,FATOR DE POTENCIA MINIMO 0,92,TENSAO DE ALIMENTACAO 220V,CONFORME EM-RIO-LUZ-30,ABNT NBR-13593 E ABNT NBR IEC-60662.FORNECIMENTO","UN",70.180000000000007]
["21.046.0020-0","REATOR EXTERNO PARA LAMPADA VAPOR DE SODIO DE 100W,IGNITOR COM PICO DE TENSAO 2,8 A 4KV,FATOR DE POTENCIA MINIMO 0,92,TENSAO DE ALIMENTACAO 220V,CONFORME EM-RIOLUZ-30,ABNT NBR-13593 E ABNT NBR IEC-60662.FORNECIMENTO","UN",102.88,null,"21.046.0020-A","REATOR EXTERNO PARA LAMPADA VAPOR DE SODIO DE 100W,IGNITOR COM PICO DE TENSAO 2,8 A 4KV,FATOR DE POTENCIA MINIMO 0,92,TENSAO DE ALIMENTACAO 220V,CONFORME EM-RIOLUZ-30,ABNT NBR-13593 E ABNT NBR IEC-60662.FORNECIMENTO","UN",102.88]
["21.046.0025-0","REATOR EXTERNO PARA LAMPADA VAPOR DE SODIO DE 150W,IGNITOR COM PICO DE TENSAO 2,8 A 4KV,FATOR DE POTENCIA MINIMO 0,92,TENSAO DE ALIMENTACAO 220V,CONFORME EM-RIOLUZ-30,ABNT NBR-13593 E ABNT NBR IEC-60662.FORNECIMENTO","UN",114.54,null,"21.046.0025-A","REATOR EXTERNO PARA LAMPADA VAPOR DE SODIO DE 150W,IGNITOR COM PICO DE TENSAO 2,8 A 4KV,FATOR DE POTENCIA MINIMO 0,92,TENSAO DE ALIMENTACAO 220V,CONFORME EM-RIOLUZ-30,ABNT NBR-13593 E ABNT NBR IEC-60662.FORNECIMENTO","UN",114.54]
["21.046.0035-0","REATOR EXTERNO PARA LAMPADA VAPOR DE SODIO DE 250W,IGNITOR COM PICO DE TENSAO 2,8 A 4KV,FATOR DE POTENCIA MINIMO 0,92,TENSAO DE ALIMENTACAO 220V,CONFORME EM-RIOLUZ-30,ABNT NBR-13593 E ABNT NBR IEC-60662.FORNECIMENTO","UN",116.81,null,"21.046.0035-A","REATOR EXTERNO PARA LAMPADA VAPOR DE SODIO DE 250W,IGNITOR COM PICO DE TENSAO 2,8 A 4KV,FATOR DE POTENCIA MINIMO 0,92,TENSAO DE ALIMENTACAO 220V,CONFORME EM-RIOLUZ-30,ABNT NBR-13593 E ABNT NBR IEC-60662.FORNECIMENTO","UN",116.81]
["21.046.0040-0","REATOR EXTERNO PARA LAMPADA VAPOR DE SODIO DE 400W,IGNITOR COM PICO DE TENSAO 2,8 A 4KV,FATOR DE POTENCIA MINIMO 0,92,TENSAO DE ALIMENTACAO 220V,CONFORME EM-RIOLUZ-30,ABNT NBR-13593 E ABNT NBR IEC-60662.FORNECIMENTO","UN",133.06,null,"21.046.0040-A","REATOR EXTERNO PARA LAMPADA VAPOR DE SODIO DE 400W,IGNITOR COM PICO DE TENSAO 2,8 A 4KV,FATOR DE POTENCIA MINIMO 0,92,TENSAO DE ALIMENTACAO 220V,CONFORME EM-RIOLUZ-30,ABNT NBR-13593 E ABNT NBR IEC-60662.FORNECIMENTO","UN",133.06]
["21.046.0055-0","REATOR INTERNO/INTEGRADO PARA LAMPADA VAPOR DE SODIO DE 70W,IGNITOR COM PICO DE TENSAO 2,8 A 4KV,FATOR DE POTENCIA MINIMO 0,92,TENSAO NOMINAL DE ALIMENTACAO 220V,CONFORME DESENHO A3-1971-PD,ABNT NBR-13593 E ABNT NBR IEC-60662.FORNECIMENTO","UN",131.83000000000001,null,"21.046.0055-A","REATOR INTERNO/INTEGRADO PARA LAMPADA VAPOR DE SODIO DE 70W,IGNITOR COM PICO DE TENSAO 2,8 A 4KV,FATOR DE POTENCIA MINIMO 0,92,TENSAO NOMINAL DE ALIMENTACAO 220V,CONFORME DESENHO A3-1971-PD,ABNT NBR-13593 E ABNT NBR IEC-60662.FORNECIMENTO","UN",131.83000000000001]
["21.046.0060-0","REATOR INTERNO/INTEGRADO PARA LAMPADA VAPOR DE SODIO DE 150W,IGNITOR COM PICO DE TENSAO 2,8 A 4KV,FATOR DE POTENCIA MINIMO 0,92,TENSAO NOMINAL DE ALIMENTACAO 220V,CONFORME DESENHOA3-1971-PD,ABNT NBR-13593 E ABNT NBR IEC-60662.FORNECIMENTO","UN",102.9,null,"21.046.0060-A","REATOR INTERNO/INTEGRADO PARA LAMPADA VAPOR DE SODIO DE 150W,IGNITOR COM PICO DE TENSAO 2,8 A 4KV,FATOR DE POTENCIA MINIMO 0,92,TENSAO NOMINAL DE ALIMENTACAO 220V,CONFORME DESENHOA3-1971-PD,ABNT NBR-13593 E ABNT NBR IEC-60662.FORNECIMENTO","UN",102.9]
["21.046.0065-0","REATOR INTERNO/INTEGRADO PARA LAMPADA VAPOR DE SODIO DE 250W,IGNITOR COM PICO DE TENSAO 2,8 A 4KV,FATOR DE POTENCIA MINIMO 0,92,TENSAO NOMINAL DE ALIMENTACAO 220V,CONFORME DESENHOA3-1971-PD,ABNT NBR-13593 E ABNT NBR IEC-60662.FORNECIMENTO","UN",99.57,null,"21.046.0065-A","REATOR INTERNO/INTEGRADO PARA LAMPADA VAPOR DE SODIO DE 250W,IGNITOR COM PICO DE TENSAO 2,8 A 4KV,FATOR DE POTENCIA MINIMO 0,92,TENSAO NOMINAL DE ALIMENTACAO 220V,CONFORME DESENHOA3-1971-PD,ABNT NBR-13593 E ABNT NBR IEC-60662.FORNECIMENTO","UN",99.57]
["21.046.0070-0","REATOR INTERNO/INTEGRADO PARA LAMPADA VAPOR DE SODIO DE 400W,IGNITOR COM PICO DE TENSAO 2,8 A 4KV,FATOR DE POTENCIA MINIMO 0,92,TENSAO NOMINAL DE ALIMENTACAO 220V,CONFORME DESENHOA3-1971-PD,ABNT NBR-13593 E ABNT NBR IEC-60662.FORNECIMENTO","UN",139.05000000000001,null,"21.046.0070-A","REATOR INTERNO/INTEGRADO PARA LAMPADA VAPOR DE SODIO DE 400W,IGNITOR COM PICO DE TENSAO 2,8 A 4KV,FATOR DE POTENCIA MINIMO 0,92,TENSAO NOMINAL DE ALIMENTACAO 220V,CONFORME DESENHOA3-1971-PD,ABNT NBR-13593 E ABNT NBR IEC-60662.FORNECIMENTO","UN",139.05000000000001]
["21.046.0080-0","REATOR EXTERNO PARA LAMPADA VAPOR METALICO DE 70W,IGNITOR COM PICO DE TENSAO 2,8 A 4KV,FATOR DE POTENCIA MINIMO 0,92,TENSAO DE ALIMENTACAO 220V,CONFORME EM-RIOLUZ-30,ABNT NBR 14305E ABNT NBR IEC 61167.FORNECIMENTO","UN",70.180000000000007,null,"21.046.0080-A","REATOR EXTERNO PARA LAMPADA VAPOR METALICO DE 70W,IGNITOR COM PICO DE TENSAO 2,8 A 4KV,FATOR DE POTENCIA MINIMO 0,92,TENSAO DE ALIMENTACAO 220V,CONFORME EM-RIOLUZ-30,ABNT NBR 14305E ABNT NBR IEC 61167.FORNECIMENTO","UN",70.180000000000007]
["21.046.0085-0","REATOR EXTERNO PARA LAMPADA VAPOR METALICO DE 100W,IGNITOR COM PICO DE TENSAO 2,8 A 4KV,FATOR DE POTENCIA MINIMO 0,92,TENSAO DE ALIMENTACAO 220V,CONFORME EM-RIOLUZ-30,ABNT NBR-14305 E ABNT NBR IEC-61167.FORNECIMENTO","UN",139.05000000000001,null,"21.046.0085-A","REATOR EXTERNO PARA LAMPADA VAPOR METALICO DE 100W,IGNITOR COM PICO DE TENSAO 2,8 A 4KV,FATOR DE POTENCIA MINIMO 0,92,TENSAO DE ALIMENTACAO 220V,CONFORME EM-RIOLUZ-30,ABNT NBR-14305 E ABNT NBR IEC-61167.FORNECIMENTO","UN",139.05000000000001]
["21.046.0087-0","REATOR EXTERNO PARA LAMPADA VAPOR METALICO DE 150W,IGNITOR COM PICO DE TENSAO 2,8 A 4KV,FATOR DE POTENCIA MINIMO 0,92,TENSAO DE ALIMENTACAO 220V,CONFORME EM-RIOLUZ-30,ABNT NBR-14305 E ABNT NBR IEC-61167.FORNECIMENTO","UN",95.13,null,"21.046.0087-A","REATOR EXTERNO PARA LAMPADA VAPOR METALICO DE 150W,IGNITOR COM PICO DE TENSAO 2,8 A 4KV,FATOR DE POTENCIA MINIMO 0,92,TENSAO DE ALIMENTACAO 220V,CONFORME EM-RIOLUZ-30,ABNT NBR-14305 E ABNT NBR IEC-61167.FORNECIMENTO","UN",95.13]
["21.046.0090-0","REATOR EXTERNO PARA LAMPADA VAPOR METALICO DE 250W,IGNITOR COM PICO DE TENSAO 2,8 A 4KV,FATOR DE POTENCIA MINIMO 0,92,TENSAO DE ALIMENTACAO 220V,CONFORME EM-RIOLUZ-30,ABNT NBR-14305 E ABNT NBR IEC-61167.FORNECIMENTO","UN",116.81,null,"21.046.0090-A","REATOR EXTERNO PARA LAMPADA VAPOR METALICO DE 250W,IGNITOR COM PICO DE TENSAO 2,8 A 4KV,FATOR DE POTENCIA MINIMO 0,92,TENSAO DE ALIMENTACAO 220V,CONFORME EM-RIOLUZ-30,ABNT NBR-14305 E ABNT NBR IEC-61167.FORNECIMENTO","UN",116.81]
["21.046.0092-0","REATOR EXTERNO PARA LAMPADA VAPOR METALICO DE 400W,IGNITOR COM PICO DE TENSAO 2,8 A 4KV,FATOR DE POTENCIA MINIMO 0,92,TENSAO DE ALIMENTACAO 220V,EM-RIOLUZ-30,NBR-14305,IEC-61167.FORNECIMENTO","UN",133.06,null,"21.046.0092-A","REATOR EXTERNO PARA LAMPADA VAPOR METALICO DE 400W,IGNITOR COM PICO DE TENSAO 2,8 A 4KV,FATOR DE POTENCIA MINIMO 0,92,TENSAO DE ALIMENTACAO 220V,EM-RIOLUZ-30,NBR-14305,IEC-61167.FORNECIMENTO","UN",133.06]
["21.046.0100-0","REATOR TIPO INTERNO/INTEGRADO PARA LAMPADA VAPOR METALICO DE70W,IGNITOR COM PICO DE TENSAO 2,8 A 4KV,FATOR DE POTENCIAMINIMO 0,92,TENSAO NOMINAL DE ALIMENTACAO 220V,CONFORME DESENHO A3-1971-PD,ABNT NBR-14305 E ABNT NBR IEC-61167.FORNECIMENTO","UN",57.57,null,"21.046.0100-A","REATOR TIPO INTERNO/INTEGRADO PARA LAMPADA VAPOR METALICO DE70W,IGNITOR COM PICO DE TENSAO 2,8 A 4KV,FATOR DE POTENCIAMINIMO 0,92,TENSAO NOMINAL DE ALIMENTACAO 220V,CONFORME DESENHO A3-1971-PD,ABNT NBR-14305 E ABNT NBR IEC-61167.FORNECIMENTO","UN",57.57]
["21.046.0102-0","REATOR TIPO INTERNO/INTEGRADO PARA LAMPADA VAPOR METALICO DE150W,IGNITOR COM PICO DE TENSAO 2,8 A 4KV,FATOR DE POTENCIAMINIMO 0,92,TENSAO NOMINAL DE ALIMENTACAO 220V,CONFORME DESENHO A3-1971-PD,ABNT NBR-14305 E ABNT NBR IEC-61167.FORNECIMENTO","UN",102.04,null,"21.046.0102-A","REATOR TIPO INTERNO/INTEGRADO PARA LAMPADA VAPOR METALICO DE150W,IGNITOR COM PICO DE TENSAO 2,8 A 4KV,FATOR DE POTENCIAMINIMO 0,92,TENSAO NOMINAL DE ALIMENTACAO 220V,CONFORME DESENHO A3-1971-PD,ABNT NBR-14305 E ABNT NBR IEC-61167.FORNECIMENTO","UN",102.04]
["21.046.0105-0","REATOR TIPO INTERNO/INTEGRADO PARA LAMPADA VAPOR METALICO DE250W,IGNITOR COM PICO DE TENSAO 2,8 A 4KV,FATOR DE POTENCIAMINIMO 0,92,TENSAO NOMINAL DE ALIMENTACAO 220V,CONFORME DESENHO A3-1971-PD,ABNT NBR-14305 E ABNT NBR IEC-61167.FORNECIMENTO","UN",99.57,null,"21.046.0105-A","REATOR TIPO INTERNO/INTEGRADO PARA LAMPADA VAPOR METALICO DE250W,IGNITOR COM PICO DE TENSAO 2,8 A 4KV,FATOR DE POTENCIAMINIMO 0,92,TENSAO NOMINAL DE ALIMENTACAO 220V,CONFORME DESENHO A3-1971-PD,ABNT NBR-14305 E ABNT NBR IEC-61167.FORNECIMENTO","UN",99.57]
["21.046.0107-0","REATOR TIPO INTERNO/INTEGRADO PARA LAMPADA VAPOR METALICO DE400W,IGNITOR COM PICO DE TENSAO 2,8 A 4KV,FATOR DE POTENCIAMINIMO 0,92,TENSAO NOMINAL DE ALIMENTACAO 220V,CONFORME DESENHO A3-1971-PD,ABNT NBR-14305 E ABNT NBR IEC-61167.FORNECIMENTO","UN",121.69,null,"21.046.0107-A","REATOR TIPO INTERNO/INTEGRADO PARA LAMPADA VAPOR METALICO DE400W,IGNITOR COM PICO DE TENSAO 2,8 A 4KV,FATOR DE POTENCIAMINIMO 0,92,TENSAO NOMINAL DE ALIMENTACAO 220V,CONFORME DESENHO A3-1971-PD,ABNT NBR-14305 E ABNT NBR IEC-61167.FORNECIMENTO","UN",121.69]
["21.048.0010-0","LUMINARIA EQUIPADA COM LAMPADA DE DESCARGA E ACESSORIOS,EM CORDOALHA,EXCLUSIVE LUMINARIA,INCLUSIVE FORNECIMENTO DA CORDOALHA.COLOCACAO","UN",560.41999999999996,null,"21.048.0010-A","LUMINARIA EQUIPADA COM LAMPADA DE DESCARGA E ACESSORIOS,EM CORDOALHA,EXCLUSIVE LUMINARIA,INCLUSIVE FORNECIMENTO DA CORDOALHA.COLOCACAO","UN",550.36]
["21.048.0015-0","LUMINARIA EQUIPADA COM LAMPADA DE DESCARGA E ACESSORIOS,EM CORDOALHA,EXCLUSIVE LUMINARIA E O FORNECIMENTO DA CORDOALHA.COLOCACAO","UN",150.46,null,"21.048.0015-A","LUMINARIA EQUIPADA COM LAMPADA DE DESCARGA E ACESSORIOS,EM CORDOALHA,EXCLUSIVE LUMINARIA E O FORNECIMENTO DA CORDOALHA.COLOCACAO","UN",140.4]
["21.048.0020-0","LUMINARIA EQUIPADA COM LAMPADA DE DESCARGA E ACESSORIOS,EM TETO OU PAREDE;EXCLUSIVE LUMINARIA.COLOCACAO","UN",122.9,null,"21.048.0020-A","LUMINARIA EQUIPADA COM LAMPADA DE DESCARGA E ACESSORIOS,EM TETO OU PAREDE;EXCLUSIVE LUMINARIA.COLOCACAO","UN",114.69]
["21.048.0025-0","PROJETORES (DOIS) EQUIPADOS COM LAMPADAS DE DESCARGA,FIXADOSEM POSTE DE ACO OU CONCRETO,INCLUSIVE FERRAGENS DE FIXACAO,EXCLUSIVE PROJETOR.COLOCACAO","UN",280.86,null,"21.048.0025-A","PROJETORES (DOIS) EQUIPADOS COM LAMPADAS DE DESCARGA,FIXADOSEM POSTE DE ACO OU CONCRETO,INCLUSIVE FERRAGENS DE FIXACAO,EXCLUSIVE PROJETOR.COLOCACAO","UN",277.08999999999997]
["21.048.0030-0","PROJETORES (DOIS) EQUIPADOS COM LAMPADA DE DESCARGA,FIXADOSEM CRUZETA Nº1;INCLUSIVE FERRAGENS DE FIXACAO,EXCLUSIVE PROJETOR.COLOCACAO","UN",212.86,null,"21.048.0030-A","PROJETORES (DOIS) EQUIPADOS COM LAMPADA DE DESCARGA,FIXADOSEM CRUZETA Nº1;INCLUSIVE FERRAGENS DE FIXACAO,EXCLUSIVE PROJETOR.COLOCACAO","UN",209.09]
["21.048.0035-0","PROJETORES(TRES)EQUIPADOS COM LAMPADAS DE DESCARGA,FIXADOS EM POSTE DE CONCRETO,INCLUSIVE FERRAGENS DE FIXACAO,EXCLUSIVEPROJETORES.COLOCACAO","UN",544.91999999999996,null,"21.048.0035-A","PROJETORES(TRES)EQUIPADOS COM LAMPADAS DE DESCARGA,FIXADOS EM POSTE DE CONCRETO,INCLUSIVE FERRAGENS DE FIXACAO,EXCLUSIVEPROJETORES.COLOCACAO","UN",538.64]
["21.048.0040-0","PROJETORES(QUATRO)EQUIPADOS COM LAMPADA DE DESCARGA,FIXADOSEM POSTE DE ACO RETO;INCLUSIVE FERRAGENS DE FIXACAO,EXCLUSIVE PROJETORES.COLOCACAO","UN",400.49,null,"21.048.0040-A","PROJETORES(QUATRO)EQUIPADOS COM LAMPADA DE DESCARGA,FIXADOSEM POSTE DE ACO RETO;INCLUSIVE FERRAGENS DE FIXACAO,EXCLUSIVE PROJETORES.COLOCACAO","UN",392.95]
["21.048.0045-0","PROJETOR FIXADO EM BANDEJA ATRAVES DE CHUMBADORES DE ACO INOX,EXCLUSIVE PROJETOR,CHUMBADOR E BANDEJAMENTO.COLOCACAO","UN",4.7,null,"21.048.0045-A","PROJETOR FIXADO EM BANDEJA ATRAVES DE CHUMBADORES DE ACO INOX,EXCLUSIVE PROJETOR,CHUMBADOR E BANDEJAMENTO.COLOCACAO","UN",4.38]
["21.048.0050-0","REATOR,PADRAO RIOLUZ,PARA LAMPADA DE DESCARGA,EM POSTE DE ACO,CONCRETO OU MADEIRA,EXCLUSIVE FORNECIMENTO DO REATOR E FERRAGENS DE FIXACAO.COLOCACAO","UN",37.61,null,"21.048.0050-A","REATOR,PADRAO RIOLUZ,PARA LAMPADA DE DESCARGA,EM POSTE DE ACO,CONCRETO OU MADEIRA,EXCLUSIVE FORNECIMENTO DO REATOR E FERRAGENS DE FIXACAO.COLOCACAO","UN",35.1]
["21.048.0055-0","REATOR,PADRAO RIOLUZ,PARA LAMPADA DE DESCARGA EM POSTE(ACO OU CONCRETO),INCLUINDO INTERLIGACAO NA REDE E NA LUMINARIA EFERRAGENS DE FIXACAO;EXCLUSIVE FORNECIMENTO DO REATOR.COLOCACAO","UN",37.61,null,"21.048.0055-A","REATOR,PADRAO RIOLUZ,PARA LAMPADA DE DESCARGA EM POSTE(ACO OU CONCRETO),INCLUINDO INTERLIGACAO NA REDE E NA LUMINARIA EFERRAGENS DE FIXACAO;EXCLUSIVE FORNECIMENTO DO REATOR.COLOCACAO","UN",35.1]
["21.048.0060-0","REATOR PARA LAMPADA DE DESCARGA EM TETO,PISO OU PAREDE,INCLUSIVE INTERLIGACAO NA REDE E NA LUMINARIA E FERRAGENS DE FIXACAO,EXCLUSIVE FORNECIMENTO DE REATOR.COLOCACAO","UN",56.42,null,"21.048.0060-A","REATOR PARA LAMPADA DE DESCARGA EM TETO,PISO OU PAREDE,INCLUSIVE INTERLIGACAO NA REDE E NA LUMINARIA E FERRAGENS DE FIXACAO,EXCLUSIVE FORNECIMENTO DE REATOR.COLOCACAO","UN",52.65]
["21.048.0065-0","REATOR COM IGNITOR EM BANDEJA,EXCLUSIVE REATOR.COLOCACAO","UN",2.82,null,"21.048.0065-A","REATOR COM IGNITOR EM BANDEJA,EXCLUSIVE REATOR.COLOCACAO","UN",2.63]
["21.050.0010-0","FITA ISOLANTE AUTO-FUSAO,DE 19MMX10M.FORNECIMENTO","UN",20.3,null,"21.050.0010-A","FITA ISOLANTE AUTO-FUSAO,DE 19MMX10M.FORNECIMENTO","UN",20.3]
["21.050.0015-0","FITA ISOLANTE PLASTICA ADESIVA,DE 19MMX20M.FORNECIMENTO","UN",6.84,null,"21.050.0015-A","FITA ISOLANTE PLASTICA ADESIVA,DE 19MMX20M.FORNECIMENTO","UN",6.84]
["21.050.0020-0","ARRUELA EM ALUMINIO DE(13X2)MM.FORNECIMENTO","UN",0.88,null,"21.050.0020-A","ARRUELA EM ALUMINIO DE(13X2)MM.FORNECIMENTO","UN",0.88]
["21.050.0025-0","ARRUELA DE PRESSAO DE(13X2,5)MM.FORNECIMENTO","UN",0.45,null,"21.050.0025-A","ARRUELA DE PRESSAO DE(13X2,5)MM.FORNECIMENTO","UN",0.45]
["21.050.0040-0","CHUMBADOR EM ACO CARBONO,COM DIAMETRO DE 7/8\",COMPRIMENTO DE500MM,GALVANIZADO A QUENTE POR IMERSAO,COM PORCA,ARRUELA LISA E ARRUELA DE PRESSAO.FORNECIMENTO","UN",140,null,"21.050.0040-A","CHUMBADOR EM ACO CARBONO,COM DIAMETRO DE 7/8\",COMPRIMENTO DE500MM,GALVANIZADO A QUENTE POR IMERSAO,COM PORCA,ARRUELA LISA E ARRUELA DE PRESSAO.FORNECIMENTO","UN",140]
["21.050.0045-0","CHUMBADOR DE ACO INOXIDAVEL 304,TEC BOLT,TBM 12.100,COMPRIMENTO DE 96MM E DIAMETRO DE 1/2\",COM ARRUELA LISA E DE PRESSAOE PORCA,TECNART OU SIMILAR.FORNECIMENTO","UN",10.85,null,"21.050.0045-A","CHUMBADOR DE ACO INOXIDAVEL 304,TEC BOLT,TBM 12.100,COMPRIMENTO DE 96MM E DIAMETRO DE 1/2\",COM ARRUELA LISA E DE PRESSAOE PORCA,TECNART OU SIMILAR.FORNECIMENTO","UN",10.85]
["21.050.0050-0","CHUMBADOR DE EXPANSAO DE ACO,COM DIAMETRO DE 1/2\" E COMPRIMENTO DO PARAFUSO DE 3\".FORNECIMENTO","UN",13.74,null,"21.050.0050-A","CHUMBADOR DE EXPANSAO DE ACO,COM DIAMETRO DE 1/2\" E COMPRIMENTO DO PARAFUSO DE 3\".FORNECIMENTO","UN",13.74]
["21.050.0052-0","CINTA CIRCULAR DE ACO GALVANIZADO COM PARAFUSOS,DE APROXIMADAMENTE 90MM.FORNECIMENTO","UN",39.11,null,"21.050.0052-A","CINTA CIRCULAR DE ACO GALVANIZADO COM PARAFUSOS,DE APROXIMADAMENTE 90MM.FORNECIMENTO","UN",39.11]
["21.050.0053-0","CINTA CIRCULAR DE ACO GALVANIZADO COM PARAFUSOS,DE APROXIMADAMENTE 120MM.FORNECIMENTO","UN",39.549999999999997,null,"21.050.0053-A","CINTA CIRCULAR DE ACO GALVANIZADO COM PARAFUSOS,DE APROXIMADAMENTE 120MM.FORNECIMENTO","UN",39.549999999999997]
["21.050.0055-0","CINTA CIRCULAR DE ACO GALVANIZADO COM PARAFUSOS,DE APROXIMADAMENTE 150MM.FORNECIMENTO","UN",38.83,null,"21.050.0055-A","CINTA CIRCULAR DE ACO GALVANIZADO COM PARAFUSOS,DE APROXIMADAMENTE 150MM.FORNECIMENTO","UN",38.83]
["21.050.0057-0","CINTA CIRCULAR DE ACO GALVANIZADO COM PARAFUSOS,DE APROXIMADAMENTE 180MM.FORNECIMENTO","UN",40,null,"21.050.0057-A","CINTA CIRCULAR DE ACO GALVANIZADO COM PARAFUSOS,DE APROXIMADAMENTE 180MM.FORNECIMENTO","UN",40]
["21.050.0060-0","CINTA CIRCULAR DE ACO GALVANIZADO COM PARAFUSOS,DE APROXIMADAMENTE 210MM.FORNECIMENTO","UN",39.24,null,"21.050.0060-A","CINTA CIRCULAR DE ACO GALVANIZADO COM PARAFUSOS,DE APROXIMADAMENTE 210MM.FORNECIMENTO","UN",39.24]
["21.050.0062-0","CINTA CIRCULAR DE ACO GALVANIZADO COM PARAFUSOS,DE APROXIMADAMENTE 240MM.FORNECIMENTO","UN",50.47,null,"21.050.0062-A","CINTA CIRCULAR DE ACO GALVANIZADO COM PARAFUSOS,DE APROXIMADAMENTE 240MM.FORNECIMENTO","UN",50.47]
["21.050.0070-0","CRUZETA Q-3,DE 6 PINOS.FORNECIMENTO","UN",390.89,null,"21.050.0070-A","CRUZETA Q-3,DE 6 PINOS.FORNECIMENTO","UN",390.89]
["21.050.0075-0","GRAMPO TIPO \"U\",DIAMETRO DE 5\" E ROSCA DE 1/2\",INCLUSIVE PORCAS E ARRUELAS.FORNECIMENTO","UN",14.58,null,"21.050.0075-A","GRAMPO TIPO \"U\",DIAMETRO DE 5\" E ROSCA DE 1/2\",INCLUSIVE PORCAS E ARRUELAS.FORNECIMENTO","UN",14.58]
["21.050.0080-0","PARAFUSO COM CABECA SEXTAVADA DE (5/8\"X1.1/2\").FORNECIMENTO","UN",2.33,null,"21.050.0080-A","PARAFUSO COM CABECA SEXTAVADA DE (5/8\"X1.1/2\").FORNECIMENTO","UN",2.33]
["21.050.0085-0","PARAFUSO COM CABECA SEXTAVADA DE(12X1,75X50)MM.FORNECIMENTO","UN",1.85,null,"21.050.0085-A","PARAFUSO COM CABECA SEXTAVADA DE(12X1,75X50)MM.FORNECIMENTO","UN",1.85]
["21.050.0090-0","PARAFUSO FRANCES DE (5/8\"X2.1/2\").FORNECIMENTO","UN",4.74,null,"21.050.0090-A","PARAFUSO FRANCES DE (5/8\"X2.1/2\").FORNECIMENTO","UN",4.74]
["21.050.0095-0","PARAFUSO DE MAQUINA SEXTAVADA DE (1/2\"X1.1/2\").FORNECIMENTO","UN",1.81,null,"21.050.0095-A","PARAFUSO DE MAQUINA SEXTAVADA DE (1/2\"X1.1/2\").FORNECIMENTO","UN",1.81]
["21.050.0100-0","PORCA SEXTAVADA,EM ACO BAIXO CARBONO (1010/1020),UNC,5/8\"(16MM),ACABAMENTO POLIDO OU ZINCADO.FORNECIMENTO","UN",0.97,null,"21.050.0100-A","PORCA SEXTAVADA,EM ACO BAIXO CARBONO (1010/1020),UNC,5/8\"(16MM),ACABAMENTO POLIDO OU ZINCADO.FORNECIMENTO","UN",0.97]
["21.050.0105-0","PORCA SEXTAVADA EM ACO BAIXO CARBONO (1010/1020),UNC,(M12X1,75)MM,ACABAMENTO ZINCADO.FORNECIMENTO","UN",0.65,null,"21.050.0105-A","PORCA SEXTAVADA EM ACO BAIXO CARBONO (1010/1020),UNC,(M12X1,75)MM,ACABAMENTO ZINCADO.FORNECIMENTO","UN",0.65]
["21.050.0110-0","BASE DE ACO PARA SUSTENTACAO DE POSTE FIXADA POR CHUMBADOREM FUNDACAO DE CONCRETO ARMADO.ASSENTAMENTO","UN",115.71,null,"21.050.0110-A","BASE DE ACO PARA SUSTENTACAO DE POSTE FIXADA POR CHUMBADOREM FUNDACAO DE CONCRETO ARMADO.ASSENTAMENTO","UN",114.1]
["21.050.0120-0","CHUMBADOR PARA FIXACAO DE POSTE DE ACO CURVO DE 1 BRACO,DE 8M ATE 9M DE ALTURA,EXCLUSIVE ESTE,DE 7/8\"X600MM,COM PORCA EARRUELA GALVANIZADAS A FOGO,PADRAO RIOLUZ.FORNECIMENTO E INSTALACAO","UN",165.42,null,"21.050.0120-A","CHUMBADOR PARA FIXACAO DE POSTE DE ACO CURVO DE 1 BRACO,DE 8M ATE 9M DE ALTURA,EXCLUSIVE ESTE,DE 7/8\"X600MM,COM PORCA EARRUELA GALVANIZADAS A FOGO,PADRAO RIOLUZ.FORNECIMENTO E INSTALACAO","UN",164.39]
["21.050.0125-0","CRUZETA N°2,DE 2 PINOS.FORNECIMENTO","UN",185,null,"21.050.0125-A","CRUZETA N°2,DE 2 PINOS.FORNECIMENTO","UN",185]
["21.051.0010-0","ARAME DE FERRO GALVANIZADO DE 12BWG, 2,76MM.FORNECIMENTO","KG",12.05,null,"21.051.0010-A","ARAME DE FERRO GALVANIZADO DE 12BWG, 2,76MM.FORNECIMENTO","KG",12.05]
["22.005.0005-0","EXTRACAO E TRANSPORTE DE TERRA PARA SUBSTRATO,PARA ENCHIMENTO DE SACOS PLASTICOS E PRODUCAO DE MUDAS DE ESSENCIAS FLORESTAIS.CUSTO VALIDO PARA CADA 100 UNIDADES","UN",9.66,null,"22.005.0005-A","EXTRACAO E TRANSPORTE DE TERRA PARA SUBSTRATO,PARA ENCHIMENTO DE SACOS PLASTICOS E PRODUCAO DE MUDAS DE ESSENCIAS FLORESTAIS.CUSTO VALIDO PARA CADA 100 UNIDADES","UN",9.02]
["22.005.0015-0","PENEIRAMENTO E MISTURA DE TERRA PARA ENCHIMENTO DE SACOS PLASTICOS E PRODUCAO DE MUDAS DE ESSENCIAS FLORESTAIS.CUSTO VALIDO PARA CADA 100 UNIDADES","UN",14.32,null,"22.005.0015-A","PENEIRAMENTO E MISTURA DE TERRA PARA ENCHIMENTO DE SACOS PLASTICOS E PRODUCAO DE MUDAS DE ESSENCIAS FLORESTAIS.CUSTO VALIDO PARA CADA 100 UNIDADES","UN",13.36]
["22.005.0020-0","DESINFECCAO E ADUBACAO DA TERRA DE SUBSTRATO,PARA ENCHIMENTODE SACOS PLASTICOS E PRODUCAO DE MUDAS DE ESSENCIAS FLORESTAIS.CUSTO VALIDO PARA CADA 100 UNIDADES","UN",4.83,null,"22.005.0020-A","DESINFECCAO E ADUBACAO DA TERRA DE SUBSTRATO,PARA ENCHIMENTODE SACOS PLASTICOS E PRODUCAO DE MUDAS DE ESSENCIAS FLORESTAIS.CUSTO VALIDO PARA CADA 100 UNIDADES","UN",4.51]
["22.005.0025-0","ENCHIMENTO DOS SACOS PLASTICOS,PARA PRODUCAO DE MUDAS DE ESSENCIAS FLORESTAIS.CUSTO VALIDO PARA CADA 100 UNIDADES","UN",34.22,null,"22.005.0025-A","ENCHIMENTO DOS SACOS PLASTICOS,PARA PRODUCAO DE MUDAS DE ESSENCIAS FLORESTAIS.CUSTO VALIDO PARA CADA 100 UNIDADES","UN",32.85]
["22.005.0030-0","PREPARO DOS CANTEIROS,PARA PRODUCAO DE MUDAS DE ESSENCIAS FLORESTAIS.CUSTO VALIDO PARA CADA 100 UNIDADES","UN",4.83,null,"22.005.0030-A","PREPARO DOS CANTEIROS,PARA PRODUCAO DE MUDAS DE ESSENCIAS FLORESTAIS.CUSTO VALIDO PARA CADA 100 UNIDADES","UN",4.51]
["22.005.0035-0","ENCANTEIRAMENTO DOS SACOS PLASTICOS,PARA PRODUCAO DE MUDAS NATIVAS DE ESSENCIAS FLORESTAIS.CUSTO VALIDO PARA CADA 100 UNIDADES","UN",14.32,null,"22.005.0035-A","ENCANTEIRAMENTO DOS SACOS PLASTICOS,PARA PRODUCAO DE MUDAS NATIVAS DE ESSENCIAS FLORESTAIS.CUSTO VALIDO PARA CADA 100 UNIDADES","UN",13.36]
["22.005.0045-0","REPICAGEM E DESBASTE DAS MUDAS DE ESSENCIAS FLORESTAIS.CUSTOVALIDO PARA CADA 100 UNIDADES","UN",9.48,null,"22.005.0045-A","REPICAGEM E DESBASTE DAS MUDAS DE ESSENCIAS FLORESTAIS.CUSTOVALIDO PARA CADA 100 UNIDADES","UN",8.85]
["22.005.0050-0","IRRIGACAO DAS MUDAS DE ESSENCIAS FLORESTAIS COM USO DE MANGUEIRA.CUSTO VALIDO PARA CADA 100 UNIDADES","UN",47.61,null,"22.005.0050-A","IRRIGACAO DAS MUDAS DE ESSENCIAS FLORESTAIS COM USO DE MANGUEIRA.CUSTO VALIDO PARA CADA 100 UNIDADES","UN",44.43]
["22.005.0055-0","CAPINA MANUAL,REMOCAO E SELECAO DAS MUDAS DE ESSENCIAS FLORESTAIS.CUSTO VALIDO PARA CADA 100 UNIDADES","UN",3.04,null,"22.005.0055-A","CAPINA MANUAL,REMOCAO E SELECAO DAS MUDAS DE ESSENCIAS FLORESTAIS.CUSTO VALIDO PARA CADA 100 UNIDADES","UN",2.84]
["22.005.0060-0","APLICACAO DE DEFENSIVOS,EXCLUSIVE ESTE,NAS MUDAS DE ESSENCIAS FLORESTAIS.CUSTO VALIDO PARA CADA 100 UNIDADES","UN",71.599999999999994,null,"22.005.0060-A","APLICACAO DE DEFENSIVOS,EXCLUSIVE ESTE,NAS MUDAS DE ESSENCIAS FLORESTAIS.CUSTO VALIDO PARA CADA 100 UNIDADES","UN",66.819999999999993]
["22.005.0070-0","PREPARO DE ESTACAS PARA PRODUCAO DE MUDAS DE ESSENCIAS FLORESTAIS.CUSTO VALIDO PARA CADA 100 UNIDADES","UN",9.48,null,"22.005.0070-A","PREPARO DE ESTACAS PARA PRODUCAO DE MUDAS DE ESSENCIAS FLORESTAIS.CUSTO VALIDO PARA CADA 100 UNIDADES","UN",8.85]
["22.005.0075-0","SACO PLASTICO PARA PRODUCAO DE MUDAS NA MEDIA DE (15X25)CM X0,15MM.FORNECIMENTO","KG",24.45,null,"22.005.0075-A","SACO PLASTICO PARA PRODUCAO DE MUDAS NA MEDIA DE (15X25)CM X0,15MM.FORNECIMENTO","KG",24.45]
["22.005.0080-0","SACO PLASTICO PARA PRODUCAO DE MUDAS NA MEDIA DE (20X30)CM X0,20MM.FORNECIMENTO","KG",23.6,null,"22.005.0080-A","SACO PLASTICO PARA PRODUCAO DE MUDAS NA MEDIA DE (20X30)CM X0,20MM.FORNECIMENTO","KG",23.6]
["22.005.0085-0","SACO PLASTICO PARA PRODUCAO DE MUDAS NA MEDIA DE (28X35)CM X0,22MM.FORNECIMENTO","KG",23.6,null,"22.005.0085-A","SACO PLASTICO PARA PRODUCAO DE MUDAS NA MEDIA DE (28X35)CM X0,22MM.FORNECIMENTO","KG",23.6]
["22.010.0012-0","MUDAS DE ARVORES NATIVAS,TIPO PAU BRASIL OU SIMILAR,COM APROXIMADAMENTE 1,00M DE ALTURA.FORNECIMENTO","UN",15,null,"22.010.0012-A","MUDAS DE ARVORES NATIVAS,TIPO PAU BRASIL OU SIMILAR,COM APROXIMADAMENTE 1,00M DE ALTURA.FORNECIMENTO","UN",15]
["22.010.0017-0","MUDAS DE ESPECIES VEGETAIS EXOTICAS,TIPO ACACIA,TAMARINDO OUSIMILAR,COM APROXIMADAMENTE 30CM DE ALTURA.FORNECIMENTO","UN",9,null,"22.010.0017-A","MUDAS DE ESPECIES VEGETAIS EXOTICAS,TIPO ACACIA,TAMARINDO OUSIMILAR,COM APROXIMADAMENTE 30CM DE ALTURA.FORNECIMENTO","UN",9]
["22.010.0032-0","MUDAS DE ESPECIES VEGETAIS NATIVAS TIPO PAU BRASIL OU SIMILAR,COM APROXIMADAMENTE 30CM DE ALTURA.FORNECIMENTO","UN",7,null,"22.010.0032-A","MUDAS DE ESPECIES VEGETAIS NATIVAS TIPO PAU BRASIL OU SIMILAR,COM APROXIMADAMENTE 30CM DE ALTURA.FORNECIMENTO","UN",7]
["22.013.0005-0","CONSTRUCAO MANUAL DE ACEIROS E TRILHAS","M2",3.58,null,"22.013.0005-A","CONSTRUCAO MANUAL DE ACEIROS E TRILHAS","M2",3.34]
["22.013.0010-0","ROCADA MANUAL DE VEGETACAO DENSA COM FOICE","HA",2685.21,null,"22.013.0010-A","ROCADA MANUAL DE VEGETACAO DENSA COM FOICE","HA",2505.9899999999998]
["22.013.0015-0","ROCADA MANUAL DE VEGETACAO LEVE COM FOICE","HA",2506.19,null,"22.013.0015-A","ROCADA MANUAL DE VEGETACAO LEVE COM FOICE","HA",2338.92]
["22.013.0020-0","DESTOCA COM ENXADAO","HA",2864.22,null,"22.013.0020-A","DESTOCA COM ENXADAO","HA",2673.05]
["22.016.0005-0","CONSTRUCAO DE ESTRADAS DE CIRCULACAO COM TRATOR DE ESTEIRAS","HA",850.51,null,"22.016.0005-A","CONSTRUCAO DE ESTRADAS DE CIRCULACAO COM TRATOR DE ESTEIRAS","HA",844.98]
["22.016.0010-0","ROCADO DE VEGETACAO COM ROCADEIRA COSTAL MOTORIZADA,INCLUSIVE AJUNTAMENTO DO MATERIAL RESULTANTE","HA",4139.7299999999996,null,"22.016.0010-A","ROCADO DE VEGETACAO COM ROCADEIRA COSTAL MOTORIZADA,INCLUSIVE AJUNTAMENTO DO MATERIAL RESULTANTE","HA",3881.82]
["22.016.0015-0","ROCADO DE VEGETACAO COM TRATOR DE PNEUS E ROCADEIRA","HA",264.86,null,"22.016.0015-A","ROCADO DE VEGETACAO COM TRATOR DE PNEUS E ROCADEIRA","HA",260.44]
["22.016.0020-0","ENLEIRAMENTO MECANICO DE VEGETACAO COM TRATOR DE ESTEIRAS","HA",680.41,null,"22.016.0020-A","ENLEIRAMENTO MECANICO DE VEGETACAO COM TRATOR DE ESTEIRAS","HA",675.99]
["22.016.0025-0","ARACAO DO SOLO A 20CM DE PROFUNDIDADE COM TRATOR DE PNEUS EARADO DE DISCO","HA",399.08,null,"22.016.0025-A","ARACAO DO SOLO A 20CM DE PROFUNDIDADE COM TRATOR DE PNEUS EARADO DE DISCO","HA",392.45]
["22.016.0030-0","GRADEACAO DO SOLO COM TRATOR DE PNEUS E GRADE DE DISCOS","HA",203.88,null,"22.016.0030-A","GRADEACAO DO SOLO COM TRATOR DE PNEUS E GRADE DE DISCOS","HA",200.56]
["22.020.0005-0","PREPARO DE PIQUETES DE BAMBU DE 1,00M DE ALTURA,PARA ALINHAMENTO E MARCACAO DE COVAS.CUSTO VALIDO PARA CADA 100 UNIDADES","UN",11.45,null,"22.020.0005-A","PREPARO DE PIQUETES DE BAMBU DE 1,00M DE ALTURA,PARA ALINHAMENTO E MARCACAO DE COVAS.CUSTO VALIDO PARA CADA 100 UNIDADES","UN",10.69]
["22.020.0010-0","ALINHAMENTO E MARCACAO DE COVAS","HA",429.63,null,"22.020.0010-A","ALINHAMENTO E MARCACAO DE COVAS","HA",400.95]
["22.020.0015-0","ABERTURA OU CAPINA DE FAIXAS DE 1,00M DE LARGURA","M2",1.06,null,"22.020.0015-A","ABERTURA OU CAPINA DE FAIXAS DE 1,00M DE LARGURA","M2",0.99]
["22.020.0030-0","DISTRIBUICAO DE MUDAS EXOTICAS DE ESSENCIAS FLORESTAIS.CUSTOVALIDO PARA CADA 100 UNIDADES","UN",19.09,null,"22.020.0030-A","DISTRIBUICAO DE MUDAS EXOTICAS DE ESSENCIAS FLORESTAIS.CUSTOVALIDO PARA CADA 100 UNIDADES","UN",17.82]
["22.020.0035-0","DISTRIBUICAO DE MUDAS NATIVAS DE ESSENCIAS FLORESTAIS.CUSTOVALIDO PARA CADA 100 UNIDADES","UN",19.09,null,"22.020.0035-A","DISTRIBUICAO DE MUDAS NATIVAS DE ESSENCIAS FLORESTAIS.CUSTOVALIDO PARA CADA 100 UNIDADES","UN",17.82]
["22.020.0040-0","PLANTIO DE MUDAS EXOTICAS DE ESSENCIAS FLORESTAIS ATE 0,30MDE ALTURA,COM TUBETES,EXCLUSIVE AS MUDAS.CUSTO VALIDO PARA CADA 100 UNIDADES","UN",20.45,null,"22.020.0040-A","PLANTIO DE MUDAS EXOTICAS DE ESSENCIAS FLORESTAIS ATE 0,30MDE ALTURA,COM TUBETES,EXCLUSIVE AS MUDAS.CUSTO VALIDO PARA CADA 100 UNIDADES","UN",19.09]
["22.020.0045-0","PLANTIO DE MUDAS EXOTICAS DE ESSENCIAS FLORESTAIS ATE 0,30MDE ALTURA,EM SACOS PLASTICOS,EXCLUSIVE AS MUDAS.CUSTO VALIDOPARA CADA 100 UNIDADES","UN",47.73,null,"22.020.0045-A","PLANTIO DE MUDAS EXOTICAS DE ESSENCIAS FLORESTAIS ATE 0,30MDE ALTURA,EM SACOS PLASTICOS,EXCLUSIVE AS MUDAS.CUSTO VALIDOPARA CADA 100 UNIDADES","UN",44.55]
["22.020.0050-0","PLANTIO DE MUDAS NATIVAS DE ESSENCIAS FLORESTAIS ATE 1,00M DE ALTURA,EXCLUSIVE AS MUDAS.CUSTO VALIDO PARA CADA 100 UNIDADES","UN",190.94,null,"22.020.0050-A","PLANTIO DE MUDAS NATIVAS DE ESSENCIAS FLORESTAIS ATE 1,00M DE ALTURA,EXCLUSIVE AS MUDAS.CUSTO VALIDO PARA CADA 100 UNIDADES","UN",178.2]
["22.020.0055-0","COLOCACAO DE COBERTURA MORTA (MULCH) AO REDOR DAS PLANTAS","HA",286.42,null,"22.020.0055-A","COLOCACAO DE COBERTURA MORTA (MULCH) AO REDOR DAS PLANTAS","HA",267.3]
["22.020.0070-0","ABERTURA DE COVA DE 30X30X30CM,EM BANQUETA,EM ENCOSTA,INCLUSIVE MARCACAO","UN",1.79,null,"22.020.0070-A","ABERTURA DE COVA DE 30X30X30CM,EM BANQUETA,EM ENCOSTA,INCLUSIVE MARCACAO","UN",1.67]
["22.020.0075-0","ABERTURA DE COVA DE 15X15X15CM,INCLUINDO INCORPORACAO DE ESTERCO CURTIDO,PARA PLANTIO DE VEGETACAO REPTANTE EM AREA DERESTINGA PLANA","UN",0.56000000000000005,null,"22.020.0075-A","ABERTURA DE COVA DE 15X15X15CM,INCLUINDO INCORPORACAO DE ESTERCO CURTIDO,PARA PLANTIO DE VEGETACAO REPTANTE EM AREA DERESTINGA PLANA","UN",0.53]
["22.020.0080-0","ABERTURA DE COVA DE 20X20X20CM,INCLUINDO INCORPORACAO DE ESTERCO CURTIDO,PARA PLANTIO DE VEGETACAO CACTACEAS EM AREA DERESTINGA PLANA","UN",0.68,null,"22.020.0080-A","ABERTURA DE COVA DE 20X20X20CM,INCLUINDO INCORPORACAO DE ESTERCO CURTIDO,PARA PLANTIO DE VEGETACAO CACTACEAS EM AREA DERESTINGA PLANA","UN",0.63]
["22.020.0085-0","ABERTURA DE COVA DE 30X30X30CM,INCLUINDO INCORPORACAO DE ESTERCO CURTIDO,PARA PLANTIO DE VEGETACAO ARBUSTIVA EM AREA DERESTINGA PLANA","UN",0.8,null,"22.020.0085-A","ABERTURA DE COVA DE 30X30X30CM,INCLUINDO INCORPORACAO DE ESTERCO CURTIDO,PARA PLANTIO DE VEGETACAO ARBUSTIVA EM AREA DERESTINGA PLANA","UN",0.75]
["22.020.0090-0","ABERTURA DE COVA DE 40X40X40CM,INCLUINDO INCORPORACAO DE ESTERCO CURTIDO,PARA PLANTIO DE VEGETACAO ARBUSTIVA EM AREA DERESTINGA PLANA","UN",0.92,null,"22.020.0090-A","ABERTURA DE COVA DE 40X40X40CM,INCLUINDO INCORPORACAO DE ESTERCO CURTIDO,PARA PLANTIO DE VEGETACAO ARBUSTIVA EM AREA DERESTINGA PLANA","UN",0.86]
["22.020.0095-0","ADUBACAO E CALAGEM,USANDO ADUBO ORGANICO/MINERAL,EM MUDAS PLANTADAS EM ENCOSTAS","UN",4.4800000000000004,null,"22.020.0095-A","ADUBACAO E CALAGEM,USANDO ADUBO ORGANICO/MINERAL,EM MUDAS PLANTADAS EM ENCOSTAS","UN",4.46]
["22.020.0100-0","CAPINA DE ACEIRO EM ENCOSTA EM AREA PREVIAMENTE ROCADA,EM FASE DE IMPLANTACAO","M2",0.79,null,"22.020.0100-A","CAPINA DE ACEIRO EM ENCOSTA EM AREA PREVIAMENTE ROCADA,EM FASE DE IMPLANTACAO","M2",0.74]
["22.020.0105-0","CAPINA DE ACEIRO EM ENCOSTA EM AREA PREVIAMENTE ROCADA,EM FASE DE MANUTENCAO","M2",0.55000000000000004,null,"22.020.0105-A","CAPINA DE ACEIRO EM ENCOSTA EM AREA PREVIAMENTE ROCADA,EM FASE DE MANUTENCAO","M2",0.51]
["22.020.0110-0","CAPINA DE VEGETACAO GRAMINEA EM AREA DE ENCOSTA EM CURVA DENIVEL,INCLUSIVE MARCACAO DE FAIXAS EM CURVA DE NIVEL,EM FASEDE IMPLANTACAO","M2",0.28000000000000003,null,"22.020.0110-A","CAPINA DE VEGETACAO GRAMINEA EM AREA DE ENCOSTA EM CURVA DENIVEL,INCLUSIVE MARCACAO DE FAIXAS EM CURVA DE NIVEL,EM FASEDE IMPLANTACAO","M2",0.26]
["22.020.0115-0","CAPINA DE VEGETACAO GRAMINEA EM AREA DE ENCOSTA EM CURVA DENIVEL,EM FASE DE MANUTENCAO","M2",0.23,null,"22.020.0115-A","CAPINA DE VEGETACAO GRAMINEA EM AREA DE ENCOSTA EM CURVA DENIVEL,EM FASE DE MANUTENCAO","M2",0.22]
["22.020.0120-0","LIMPEZA MANUAL DE MATERIAIS DIVERSOS EM AREA DE MANGUEZAL(LIXO)","M2",0.14000000000000001,null,"22.020.0120-A","LIMPEZA MANUAL DE MATERIAIS DIVERSOS EM AREA DE MANGUEZAL(LIXO)","M2",0.13]
["22.020.0125-0","PLANTIO DE GRAMA EM PLACAS,EM ENCOSTA,TIPO SAO CARLOS,BATATAIS OU LARGA,INCLUSIVE COMPRA E ARRANCAMENTO NO LOCAL DE ORIGEM,CARGA,TRANSPORTE MANUAL ENCOSTA ACIMA,DESCARGA E PREPARODO TERRENO","M2",24.95,null,"22.020.0125-A","PLANTIO DE GRAMA EM PLACAS,EM ENCOSTA,TIPO SAO CARLOS,BATATAIS OU LARGA,INCLUSIVE COMPRA E ARRANCAMENTO NO LOCAL DE ORIGEM,CARGA,TRANSPORTE MANUAL ENCOSTA ACIMA,DESCARGA E PREPARODO TERRENO","M2",24.19]
["22.020.0132-0","PLANTIO E ADUBACAO DE MUDAS EM ENCOSTA,DE APROXIMADAMENTE 30CM DE ALTURA,TIPO PAU BRASIL OU SIMILAR.FORNECIMENTO DA MUDAINCLUSO","UN",10.4,null,"22.020.0132-A","PLANTIO E ADUBACAO DE MUDAS EM ENCOSTA,DE APROXIMADAMENTE 30CM DE ALTURA,TIPO PAU BRASIL OU SIMILAR.FORNECIMENTO DA MUDAINCLUSO","UN",10.32]
["22.020.0135-0","PLANTIO DE MUDAS DE VEGETACAO ARBUSTIVA,EXCLUSIVE O FORNECIMENTO DE MUDA,EM AREA DE RESTINGA PLANA","UN",2.52,null,"22.020.0135-A","PLANTIO DE MUDAS DE VEGETACAO ARBUSTIVA,EXCLUSIVE O FORNECIMENTO DE MUDA,EM AREA DE RESTINGA PLANA","UN",2.46]
["22.020.0140-0","PLANTIO DE MUDAS DE VEGETACAO CACTACEAS,EXCLUSIVE O FORNECIMENTO DE MUDA,EM AREA DE RESTINGA PLANA","UN",0.59,null,"22.020.0140-A","PLANTIO DE MUDAS DE VEGETACAO CACTACEAS,EXCLUSIVE O FORNECIMENTO DE MUDA,EM AREA DE RESTINGA PLANA","UN",0.55000000000000004]
["22.020.0145-0","PLANTIO DE MUDAS DE VEGETACAO REPTANTE,EXCLUSIVE O FORNECIMENTO DE MUDA,EM AREA DE RESTINGA PLANA","UN",0.13,null,"22.020.0145-A","PLANTIO DE MUDAS DE VEGETACAO REPTANTE,EXCLUSIVE O FORNECIMENTO DE MUDA,EM AREA DE RESTINGA PLANA","UN",0.12]
["22.020.0150-0","PLANTIO DE MUDA DE ESPECIE DE MANGUEZAL,DE 50 A 70CM DE ALTURA,E ABERTURA DE COVA DE 10X10X20CM,EXCLUSIVE O FORNECIMENTODA MUDA","UN",2.5499999999999998,null,"22.020.0150-A","PLANTIO DE MUDA DE ESPECIE DE MANGUEZAL,DE 50 A 70CM DE ALTURA,E ABERTURA DE COVA DE 10X10X20CM,EXCLUSIVE O FORNECIMENTODA MUDA","UN",2.38]
["22.025.0005-0","APLICACAO DE FORMICIDA GRANULADA.FORNECIMENTO E APLICACAO","HA",341.01,null,"22.025.0005-A","APLICACAO DE FORMICIDA GRANULADA.FORNECIMENTO E APLICACAO","HA",331.45]
["22.025.0010-0","APLICACAO DE HERBICIDA ROUND UP.FORNECIMENTO E APLICACAO","HA",238.93,null,"22.025.0010-A","APLICACAO DE HERBICIDA ROUND UP.FORNECIMENTO E APLICACAO","HA",228.17]
["22.025.0015-0","CAPINA QUIMICA COM HERBICIDA EM FAIXAS.FORNECIMENTO E APLICACAO","HA",292.63,null,"22.025.0015-A","CAPINA QUIMICA COM HERBICIDA EM FAIXAS.FORNECIMENTO E APLICACAO","HA",278.29000000000002]
["22.026.0010-0","APLICACAO DE CALCARIO DOLOMITICO NO SOLO,POR COVA.FORNECIMENTO E APLICACAO","UN",0.25,null,"22.026.0010-A","APLICACAO DE CALCARIO DOLOMITICO NO SOLO,POR COVA.FORNECIMENTO E APLICACAO","UN",0.23]
["22.028.0005-0","APLICACAO DE ADUBO ORGANICO PARA MUDAS NATIVAS DE ESSENCIASFLORESTAIS,POR COVA.FORNECIMENTO E APLICACAO","UN",3.12,null,"22.028.0005-A","APLICACAO DE ADUBO ORGANICO PARA MUDAS NATIVAS DE ESSENCIASFLORESTAIS,POR COVA.FORNECIMENTO E APLICACAO","UN",3.1]
["22.028.0010-0","APLICACAO DE ADUBO QUIMICO SUPERFOSFATO SIMPLES PARA MUDAS NATIVAS,POR COVA.FORNECIMENTO E APLICACAO","UN",1.21,null,"22.028.0010-A","APLICACAO DE ADUBO QUIMICO SUPERFOSFATO SIMPLES PARA MUDAS NATIVAS,POR COVA.FORNECIMENTO E APLICACAO","UN",1.17]
["22.028.0015-0","APLICACAO DE ADUBO QUIMICO (NPK),6:30:6,PARA MUDAS EXOTICAS,POR COVA.FORNECIMENTO E APLICACAO","UN",0.87,null,"22.028.0015-A","APLICACAO DE ADUBO QUIMICO (NPK),6:30:6,PARA MUDAS EXOTICAS,POR COVA.FORNECIMENTO E APLICACAO","UN",0.83]
["22.028.0025-0","APLICACAO DE ADUBO,EXCLUSIVE O FORNECIMENTO,CUSTO VALIDO PARA 100 COVAS","UN",23.86,null,"22.028.0025-A","APLICACAO DE ADUBO,EXCLUSIVE O FORNECIMENTO,CUSTO VALIDO PARA 100 COVAS","UN",22.27]
["22.028.0035-0","ADUBACAO DIFERENCIADA EM ESPECIES VEGETAIS DE QUALQUER NATUREZA.FORNECIMENTO E APLICACAO","UN",127.88,null,"22.028.0035-A","ADUBACAO DIFERENCIADA EM ESPECIES VEGETAIS DE QUALQUER NATUREZA.FORNECIMENTO E APLICACAO","UN",121.26]
["22.028.0040-0","ADUBACAO QUIMICA COM FORMULA COMPLETA (NPK-10-10-10)EM GOLASDE ARVORE,INCLUSIVE LIMPEZA E REVOLVIMENTO DE SOLO.FORNECIMENTO E APLICACAO","UN",3.13,null,"22.028.0040-A","ADUBACAO QUIMICA COM FORMULA COMPLETA (NPK-10-10-10)EM GOLASDE ARVORE,INCLUSIVE LIMPEZA E REVOLVIMENTO DE SOLO.FORNECIMENTO E APLICACAO","UN",2.93]
["22.028.0050-0","CONTROLE QUIMICO DE ESPECIES VEGETAIS DE QUALQUER NATUREZA.FORNECIMENTO E APLICACAO","UN",438.77,null,"22.028.0050-A","CONTROLE QUIMICO DE ESPECIES VEGETAIS DE QUALQUER NATUREZA.FORNECIMENTO E APLICACAO","UN",416.64]
["22.030.0010-0","COROAMENTO DAS PLANTAS COM 1,00M DE DIAMETRO.CUSTO VALIDO PARA CADA 100 UNIDADES","UN",286.42,null,"22.030.0010-A","COROAMENTO DAS PLANTAS COM 1,00M DE DIAMETRO.CUSTO VALIDO PARA CADA 100 UNIDADES","UN",267.3]
["22.030.0015-0","MANUTENCAO DE ACEIROS","M2",0.55000000000000004,null,"22.030.0015-A","MANUTENCAO DE ACEIROS","M2",0.51]
["22.030.0030-0","ARRANCAMENTO E REPLANTIO DE ARBUSTO COM ATE 2M DE ALTURA","UN",17.899999999999999,null,"22.030.0030-A","ARRANCAMENTO E REPLANTIO DE ARBUSTO COM ATE 2M DE ALTURA","UN",16.7]
["22.030.0035-0","PODA DE ESPECIES VEGETAIS DE BAIXO NIVEL DE DIFICULDADE,EXCLUSIVE TRANSPORTE DE MATERIAL RESULTANTE","UN",147.51,null,"22.030.0035-A","PODA DE ESPECIES VEGETAIS DE BAIXO NIVEL DE DIFICULDADE,EXCLUSIVE TRANSPORTE DE MATERIAL RESULTANTE","UN",142.05000000000001]
["22.030.0040-0","PODA DE ESPECIES VEGETAIS DE MEDIO NIVEL DE DIFICULDADE,EXCLUSIVE TRANSPORTE DO MATERIAL RESULTANTE","UN",313.42,null,"22.030.0040-A","PODA DE ESPECIES VEGETAIS DE MEDIO NIVEL DE DIFICULDADE,EXCLUSIVE TRANSPORTE DO MATERIAL RESULTANTE","UN",301.43]
["22.030.0045-0","PODA DE ESPECIES VEGETAIS DE ALTO NIVEL DE DIFICULDADE,EXCLUSIVE TRANSPORTE DO MATERIAL RESULTANTE","UN",573.53,null,"22.030.0045-A","PODA DE ESPECIES VEGETAIS DE ALTO NIVEL DE DIFICULDADE,EXCLUSIVE TRANSPORTE DO MATERIAL RESULTANTE","UN",550.17999999999995]
["22.030.0050-0","REMOCAO DE ESPECIES VEGETAIS,PORTE MUDA (ATE 2M DE ALTURA),INCLUSIVE CARGA,DESCARGA E TRANSPORTE DO MATERIAL ATE 30KM","UN",30.75,null,"22.030.0050-A","REMOCAO DE ESPECIES VEGETAIS,PORTE MUDA (ATE 2M DE ALTURA),INCLUSIVE CARGA,DESCARGA E TRANSPORTE DO MATERIAL ATE 30KM","UN",29.59]
["22.030.0055-0","REMOCAO DE ESPECIES VEGETAIS,PORTE PEQUENO (ENTRE 2M E 4M DEALTURA),INCLUSIVE CARGA,DESCARGA E TRANSPORTE DO MATERIALATE 30KM","UN",121.59,null,"22.030.0055-A","REMOCAO DE ESPECIES VEGETAIS,PORTE PEQUENO (ENTRE 2M E 4M DEALTURA),INCLUSIVE CARGA,DESCARGA E TRANSPORTE DO MATERIALATE 30KM","UN",117.11]
["22.030.0060-0","REMOCAO DE ESPECIES VEGETAIS,PORTE MEDIO (ENTRE 4M E 6M DEALTURA),INCLUSIVE CARGA,DESCARGA E TRANSPORTE DO MATERIALATE 30KM","UN",313.70999999999998,null,"22.030.0060-A","REMOCAO DE ESPECIES VEGETAIS,PORTE MEDIO (ENTRE 4M E 6M DEALTURA),INCLUSIVE CARGA,DESCARGA E TRANSPORTE DO MATERIALATE 30KM","UN",301.85000000000002]
["22.030.0065-0","REMOCAO DE ESPECIES VEGETAIS,PORTE GRANDE (ACIMA DE 6M DE ALTURA),INCLUSIVE CARGA,DESCARGA E TRANSPORTE DO MATERIAL ATE30KM","UN",640.41999999999996,null,"22.030.0065-A","REMOCAO DE ESPECIES VEGETAIS,PORTE GRANDE (ACIMA DE 6M DE ALTURA),INCLUSIVE CARGA,DESCARGA E TRANSPORTE DO MATERIAL ATE30KM","UN",615.71]
["22.030.0070-0","TRANSPLANTE DE VEGETAIS DE PORTE PEQUENO (ENTRE 2M E 4M DEALTURA),INCLUSIVE CARGA,DESCARGA E TRANSPORTE DO MATERIALATE 30KM","UN",262.66000000000003,null,"22.030.0070-A","TRANSPLANTE DE VEGETAIS DE PORTE PEQUENO (ENTRE 2M E 4M DEALTURA),INCLUSIVE CARGA,DESCARGA E TRANSPORTE DO MATERIALATE 30KM","UN",252.58]
["22.030.0075-0","DENDROCIRURGIA EM ESPECIES VEGETAIS DE QUALQUER NATUREZA","UN",1153.29,null,"22.030.0075-A","DENDROCIRURGIA EM ESPECIES VEGETAIS DE QUALQUER NATUREZA","UN",1102.68]
["22.030.0080-0","PINCELAMENTO EM LESAO DE ESPECIES VEGETAIS DE QUALQUER NATUREZA","UN",109.06,null,"22.030.0080-A","PINCELAMENTO EM LESAO DE ESPECIES VEGETAIS DE QUALQUER NATUREZA","UN",106.84]
["22.030.0085-0","RETUTORAMENTO DE ESPECIES VEGETAIS DE QUALQUER NATUREZA","UN",35.700000000000003,null,"22.030.0085-A","RETUTORAMENTO DE ESPECIES VEGETAIS DE QUALQUER NATUREZA","UN",33.32]
["22.030.0090-0","TRATAMENTO DE ARVORES COM LESOES ACIMA DE 0,50M²,COMPREENDENDO:RASPAGEM DO MATERIAL NECROSADO,APLICACAO DE FUNGICIDAS,INSETICIDAS,HORMONIOS E IMPERMEABILIZANTES,FECHAMENTO DAS CAVIDADES COM ESPUMA DE POLIURETANO COBERTA COM NATA DE CIMENTOE INCORPORACAO DE MATERIAIS PARA ENRIQUECIMENTO DO SOLO,EXCLUSIVE MAO-DE-OBRA","UN",219.03,null,"22.030.0090-A","TRATAMENTO DE ARVORES COM LESOES ACIMA DE 0,50M²,COMPREENDENDO:RASPAGEM DO MATERIAL NECROSADO,APLICACAO DE FUNGICIDAS,INSETICIDAS,HORMONIOS E IMPERMEABILIZANTES,FECHAMENTO DAS CAVIDADES COM ESPUMA DE POLIURETANO COBERTA COM NATA DE CIMENTOE INCORPORACAO DE MATERIAIS PARA ENRIQUECIMENTO DO SOLO,EXCLUSIVE MAO-DE-OBRA","UN",219.03]
["22.030.0095-0","TRATAMENTO DE ARVORES COM LESOES ATE 0.50M2,COMPREENDENDO:RASPAGEM DO MATERIAL NECROSADO,APLICACAO DE FUNGICIDAS,INSETICIDAS,HORMONIOS E IMPERMEABILIZANTES,FECHAMENTO DAS CAVIDADESCOM ESPUMA DE POLIURETANO COBERTA COM NATA DE CIMENTO E INCORPORACAO DE MATERIAIS PARA ENRIQUECIMENTO DO SOLO,EXCLUSIVEMAO-DE-OBRA","UN",182.99,null,"22.030.0095-A","TRATAMENTO DE ARVORES COM LESOES ATE 0.50M2,COMPREENDENDO:RASPAGEM DO MATERIAL NECROSADO,APLICACAO DE FUNGICIDAS,INSETICIDAS,HORMONIOS E IMPERMEABILIZANTES,FECHAMENTO DAS CAVIDADESCOM ESPUMA DE POLIURETANO COBERTA COM NATA DE CIMENTO E INCORPORACAO DE MATERIAIS PARA ENRIQUECIMENTO DO SOLO,EXCLUSIVEMAO-DE-OBRA","UN",182.99]
["22.030.0100-0","TRATAMENTO FITOSSANITARIO EM ARVORES,COMPREENDENDO:EXECUCAODE PEQUENAS PODAS(GALHOS E RAMOS COMPROMETIDOS),RASPAGEM DEMATERIAL NECROSADO,APLICACAO DE FUNGICIDAS,INSETICIDAS,HORMONIOS,IMPERMEABILIZANTES E FERTILIZANTES,ALARGAMENTO DE GOLAS,REVOLVIMENTO DE SOLO,REMOCAO E TRANSPORTE DE MATERIAL,RECOMPOSICAO E PLANTIO DE COBERTURA NAS GOLAS","UN",1987.15,null,"22.030.0100-A","TRATAMENTO FITOSSANITARIO EM ARVORES,COMPREENDENDO:EXECUCAODE PEQUENAS PODAS(GALHOS E RAMOS COMPROMETIDOS),RASPAGEM DEMATERIAL NECROSADO,APLICACAO DE FUNGICIDAS,INSETICIDAS,HORMONIOS,IMPERMEABILIZANTES E FERTILIZANTES,ALARGAMENTO DE GOLAS,REVOLVIMENTO DE SOLO,REMOCAO E TRANSPORTE DE MATERIAL,RECOMPOSICAO E PLANTIO DE COBERTURA NAS GOLAS","UN",1913.71]
["22.030.0105-0","TRATAMENTO FITOSSANITARIO PARA O COMBATE A SECA DE ARVORES,COMPREENDENDO:APLICACAO DE FUNGICIDA E REPELENTE E INCORPORACAO DE MATERIAIS PARA ENRIQUECIMENTO DO SOLO,EXCLUSIVE MAO-DE-OBRA","UN",112.85,null,"22.030.0105-A","TRATAMENTO FITOSSANITARIO PARA O COMBATE A SECA DE ARVORES,COMPREENDENDO:APLICACAO DE FUNGICIDA E REPELENTE E INCORPORACAO DE MATERIAIS PARA ENRIQUECIMENTO DO SOLO,EXCLUSIVE MAO-DE-OBRA","UN",112.85]
["22.040.0005-0","ABATE DE ARVORES COM MACHADO.CUSTO VALIDO PARA CADA 100 UNIDADES","UN",114.56,null,"22.040.0005-A","ABATE DE ARVORES COM MACHADO.CUSTO VALIDO PARA CADA 100 UNIDADES","UN",106.92]
["22.040.0010-0","DESGALHAMENTO COM MACHADO.CUSTO VALIDO PARA CADA 100 UNIDADES","UN",114.56,null,"22.040.0010-A","DESGALHAMENTO COM MACHADO.CUSTO VALIDO PARA CADA 100 UNIDADES","UN",106.92]
["22.040.0015-0","TORAGEM COM MACHADO (TORETE DE 1,20M).CUSTO VALIDO PARA CADA100 UNIDADES","UN",51.14,null,"22.040.0015-A","TORAGEM COM MACHADO (TORETE DE 1,20M).CUSTO VALIDO PARA CADA100 UNIDADES","UN",47.73]
["22.040.0020-0","ABATER,DESGALHAR E TORAR COM MACHADO,SEM EMPILHAR","ST",28.64,null,"22.040.0020-A","ABATER,DESGALHAR E TORAR COM MACHADO,SEM EMPILHAR","ST",26.73]
["22.040.0025-0","ABATER,DESGALHAR E TORAR COM MACHADO,COM EMPILHAMENTO MANUAL","ST",35.799999999999997,null,"22.040.0025-A","ABATER,DESGALHAR E TORAR COM MACHADO,COM EMPILHAMENTO MANUAL","ST",33.409999999999997]
["22.040.0030-0","ABATER,DESGALHAR E DESTOPAR COM MACHADO.CUSTO VALIDO PARA CADA 100 UNIDADES","UN",179.01,null,"22.040.0030-A","ABATER,DESGALHAR E DESTOPAR COM MACHADO.CUSTO VALIDO PARA CADA 100 UNIDADES","UN",167.06]
["22.040.0035-0","DESCASCAMENTO MANUAL COM FACAO","ST",40.909999999999997,null,"22.040.0035-A","DESCASCAMENTO MANUAL COM FACAO","ST",38.18]
["22.040.0040-0","EXTRACAO DE MADEIRA COM ARGOLAO (1 PESSOA),DISTANCIA DE 150,00M","ST",28.64,null,"22.040.0040-A","EXTRACAO DE MADEIRA COM ARGOLAO (1 PESSOA),DISTANCIA DE 150,00M","ST",26.73]
["22.040.0045-0","EXTRACAO DE MADEIRA POR TRANSPORTE PRIMARIO MANUAL (TORETEDE 1,20M),DISTANCIA DE 100,00M","ST",47.73,null,"22.040.0045-A","EXTRACAO DE MADEIRA POR TRANSPORTE PRIMARIO MANUAL (TORETEDE 1,20M),DISTANCIA DE 100,00M","ST",44.55]
["22.040.0050-0","ARRASTE MANUAL DE VAROES,DISTANCIA DE 100,00M","UN",5.72,null,"22.040.0050-A","ARRASTE MANUAL DE VAROES,DISTANCIA DE 100,00M","UN",5.34]
["22.040.0055-0","EMPILHAMENTO MANUAL DE TORETES","ST",3.18,null,"22.040.0055-A","EMPILHAMENTO MANUAL DE TORETES","ST",2.97]
["22.050.0005-0","ABATE DE ARVORES COM MOTOSSERRA.CUSTO VALIDO PARA CADA 100 UNIDADES","UN",75.17,null,"22.050.0005-A","ABATE DE ARVORES COM MOTOSSERRA.CUSTO VALIDO PARA CADA 100 UNIDADES","UN",71.349999999999994]
["22.050.0010-0","DESGALHAMENTO COM MOTOSSERRA.CUSTO VALIDO PARA CADA 100 UNIDADES","UN",125.27,null,"22.050.0010-A","DESGALHAMENTO COM MOTOSSERRA.CUSTO VALIDO PARA CADA 100 UNIDADES","UN",118.9]
["22.050.0015-0","TORAGEM COM MOTOSSERRA (TORETE DE 1,20M).CUSTO VALIDO PARA CADA 100 UNIDADES","UN",32.4,null,"22.050.0015-A","TORAGEM COM MOTOSSERRA (TORETE DE 1,20M).CUSTO VALIDO PARA CADA 100 UNIDADES","UN",30.76]
["22.050.0020-0","ABATER COM MOTOSSERRA,DESGALHAR COM MACHADO E TORAR COM MOTOSSERRA,SEM EMPILHAR","ST",10.41,null,"22.050.0020-A","ABATER COM MOTOSSERRA,DESGALHAR COM MACHADO E TORAR COM MOTOSSERRA,SEM EMPILHAR","ST",9.8800000000000008]
["22.050.0025-0","ABATER COM MOTOSSERRA,DESGALHAR COM MACHADO E TORAR COM MOTOSSERRA,COM EMPILHAMENTO MANUAL","ST",12.51,null,"22.050.0025-A","ABATER COM MOTOSSERRA,DESGALHAR COM MACHADO E TORAR COM MOTOSSERRA,COM EMPILHAMENTO MANUAL","ST",11.87]
["22.050.0030-0","ABATER,DESGALHAR E DESTOCAR COM MOTOSSERRA.CUSTO VALIDO PARACADA 100 UNIDADES","UN",156.58000000000001,null,"22.050.0030-A","ABATER,DESGALHAR E DESTOCAR COM MOTOSSERRA.CUSTO VALIDO PARACADA 100 UNIDADES","UN",148.61000000000001]
["22.050.0035-0","TRANSPORTE PRIMARIO DE MADEIRA COM TRATOR DE PNEUS E GUINCHOCARREGADOR","ST",14.41,null,"22.050.0035-A","TRANSPORTE PRIMARIO DE MADEIRA COM TRATOR DE PNEUS E GUINCHOCARREGADOR","ST",14.17]
["54.001.0007-1","TACO DE CANELA 2,5 X 10 X 10CM","UN",1.9,null,"54.001.0007-B","TACO DE CANELA 2,5 X 10 X 10CM","UN",1.9]
["54.001.0010-1","ACO CA-50,DIAM. DE 5/8\" A 1\" (MEDIA)","KG",5.75,null,"54.001.0010-B","ACO CA-50,DIAM. DE 5/8\" A 1\" (MEDIA)","KG",5.75]
["54.001.0011-1","ACO CA-50,DIAMETRO DE 32MM (1.1/4\"),MEDIA","KG",5.75,null,"54.001.0011-B","ACO CA-50,DIAMETRO DE 32MM (1.1/4\"),MEDIA","KG",5.75]
["54.001.0013-1","ACO CA-50 B, DIAM. DE 1/4\" E 1/2\" (MEDIA)","KG",5.81,null,"54.001.0013-B","ACO CA-50 B, DIAM. DE 1/4\" E 1/2\" (MEDIA)","KG",5.81]
["54.001.0069-1","PREPARO CHAPA ACO 16 P/PLACA SINALIZACAO VERTICAL,INCL.CORTETRATAMENTO DESENGORDURANTE E FORN.DA CHAPA.","M2",120.4,null,"54.001.0069-B","PREPARO CHAPA ACO 16 P/PLACA SINALIZACAO VERTICAL,INCL.CORTETRATAMENTO DESENGORDURANTE E FORN.DA CHAPA.","M2",119.79]
["54.001.0070-1","PINTURA A PISTOLA S/PLACA ACO 16,C/PRIMER SINT.SURFACE SINT.ESMALTE SINT.C/TANTAS DEMAOS NECESSARIAS AO SEU BOM ACAB.","M2",22.69,null,"54.001.0070-B","PINTURA A PISTOLA S/PLACA ACO 16,C/PRIMER SINT.SURFACE SINT.ESMALTE SINT.C/TANTAS DEMAOS NECESSARIAS AO SEU BOM ACAB.","M2",22.55]
["54.001.0071-1","REVESTIMENTO DE PLACAS DE ACO P/SINALIZACAO VERTICAL C/PELICULA REFLETIVA GRAU TECNICO E PELICULA P/LEGENDA.FORN.E COLOC","M2",243.68,null,"54.001.0071-B","REVESTIMENTO DE PLACAS DE ACO P/SINALIZACAO VERTICAL C/PELICULA REFLETIVA GRAU TECNICO E PELICULA P/LEGENDA.FORN.E COLOC","M2",239.46]
["54.001.0073-1","MONTAGEM PLACA ACO P/SINALIZACAO VERTICAL POSTE CONCR.ARMADOINCL.FIX.CASTANHAS DUPLAS,FITA ARQUIAR/PARAFUSOS.FORN.E COLOC.","M2",32.96,null,"54.001.0073-B","MONTAGEM PLACA ACO P/SINALIZACAO VERTICAL POSTE CONCR.ARMADOINCL.FIX.CASTANHAS DUPLAS,FITA ARQUIAR/PARAFUSOS.FORN.E COLOC.","M2",32.6]
["54.001.0074-1","PECA DE MACARAMDUBA DE 3\"X3\" PARA FIX.DAS PLACAS DE SINALIZACAO VERTICAL (1 OU 2 POSTES DE MADEIRA)","M2",111.14,null,"54.001.0074-B","PECA DE MACARAMDUBA DE 3\"X3\" PARA FIX.DAS PLACAS DE SINALIZACAO VERTICAL (1 OU 2 POSTES DE MADEIRA)","M2",110.98]
["54.001.0077-1","FIXACAO DE PLACAS DE SINALIZACAO DE RODOVIAS C/PARAFUSO 5/16\"X4\",FIXADA EM 1 OU 2 POSTES,INCL.PINT.FORN.E COLOC.","M2",48.57,null,"54.001.0077-B","FIXACAO DE PLACAS DE SINALIZACAO DE RODOVIAS C/PARAFUSO 5/16\"X4\",FIXADA EM 1 OU 2 POSTES,INCL.PINT.FORN.E COLOC.","M2",47.26]
["54.001.0081-1","REVESTIMENTOS PLACAS ACO P/SINALIZ.VERT.C/PELICULA REFL.GRAUTECNICO,GRAU ALTA INTENSIDADE/PELICULA P/LEGENDA.FORN.E APLIC.","M2",250.72,null,"54.001.0081-B","REVESTIMENTOS PLACAS ACO P/SINALIZ.VERT.C/PELICULA REFL.GRAUTECNICO,GRAU ALTA INTENSIDADE/PELICULA P/LEGENDA.FORN.E APLIC.","M2",246.51]
["54.001.0082-1","REVESTIMENTOS PLACAS ACO P/SINALIZACAO VERT.C/PELICULA REFL.GRAU TECNICO,GRAU DIAMANTE/PELICULA P/LEGENDA.FORN.E APLIC.","M2",258.33,null,"54.001.0082-B","REVESTIMENTOS PLACAS ACO P/SINALIZACAO VERT.C/PELICULA REFL.GRAU TECNICO,GRAU DIAMANTE/PELICULA P/LEGENDA.FORN.E APLIC.","M2",254.12]
["54.001.0100-1","FORMA DE MAD. P/MOLDAGEM","M2",127.8,null,"54.001.0100-B","FORMA DE MAD. P/MOLDAGEM","M2",122.83]
["54.001.0104-1","VAC-ALL ASPIRADORA MEC.ARMAZENAGEM 8,6M3.","UN",1399653.82,null,"54.001.0104-B","VAC-ALL ASPIRADORA MEC.ARMAZENAGEM 8,6M3.","UN",1399653.82]
["54.001.0117-1","WAGON DRILL.","UN",46068.74,null,"54.001.0117-B","WAGON DRILL.","UN",46068.74]
["54.001.0126-1","USINA DE SOLOS CAPACIDADE 540T/H,MOTOR 100CV.","UN",1240675.4099999999,null,"54.001.0126-B","USINA DE SOLOS CAPACIDADE 540T/H,MOTOR 100CV.","UN",1240675.4099999999]
["54.001.0127-1","ESCAVADEIRA DE ESTEIRA CLAM-SHELL,0,38M3.","UN",1067822.45,null,"54.001.0127-B","ESCAVADEIRA DE ESTEIRA CLAM-SHELL,0,38M3.","UN",1067822.45]
["54.001.0128-1","ESCAVADEIRA DE ESTEIRA CLAM-SHELL, 0,57M3.","UN",1067822.45,null,"54.001.0128-B","ESCAVADEIRA DE ESTEIRA CLAM-SHELL, 0,57M3.","UN",1067822.45]
["54.001.0129-1","ESCAVADEIRA DE ESTEIRA DRAGLINE, 0,76M3.","UN",1352574.53,null,"54.001.0129-B","ESCAVADEIRA DE ESTEIRA DRAGLINE, 0,76M3.","UN",1352574.53]
["54.001.0132-1","ARRUELA BORR.P/FLANGE 350MM.","UN",56.12,null,"54.001.0132-B","ARRUELA BORR.P/FLANGE 350MM.","UN",56.12]
["54.001.0133-1","ARRUELA BORR.P/FLANGE 400MM.","UN",61.65,null,"54.001.0133-B","ARRUELA BORR.P/FLANGE 400MM.","UN",61.65]
["54.001.0134-1","ARRUELA BORR.P/FLANGE 500MM.","UN",64.260000000000005,null,"54.001.0134-B","ARRUELA BORR.P/FLANGE 500MM.","UN",64.260000000000005]
["54.001.0135-1","ARRUELA BORR.P/FLANGE 600MM.","UN",73.67,null,"54.001.0135-B","ARRUELA BORR.P/FLANGE 600MM.","UN",73.67]
["54.001.0136-1","ARRUELA BORR.P/FLANGE 700MM.","UN",75.19,null,"54.001.0136-B","ARRUELA BORR.P/FLANGE 700MM.","UN",75.19]
["54.001.0137-1","ARRUELA BORR.P/FLANGE 800MM.","UN",90.42,null,"54.001.0137-B","ARRUELA BORR.P/FLANGE 800MM.","UN",90.42]
["54.001.0138-1","ARRUELA BORR.P/FLANGE 900MM.","UN",98.51,null,"54.001.0138-B","ARRUELA BORR.P/FLANGE 900MM.","UN",98.51]
["54.001.0139-1","ARRUELA BORR.P/FLANGE 1000MM.","UN",116.12,null,"54.001.0139-B","ARRUELA BORR.P/FLANGE 1000MM.","UN",116.12]
["54.001.0140-1","ARRUELA BORR.P/FLANGE 1200MM.","UN",128.97,null,"54.001.0140-B","ARRUELA BORR.P/FLANGE 1200MM.","UN",128.97]
["54.001.0141-1","PARAFUSO P/FLANGE 24X100MM.","UN",20.91,null,"54.001.0141-B","PARAFUSO P/FLANGE 24X100MM.","UN",20.91]
["54.001.0142-1","PARAFUSO P/FLANGE 27X120MM.","UN",28.41,null,"54.001.0142-B","PARAFUSO P/FLANGE 27X120MM.","UN",28.41]
["54.001.0143-1","PARAFUSO P/FLANGE 30X130MM.","UN",64.319999999999993,null,"54.001.0143-B","PARAFUSO P/FLANGE 30X130MM.","UN",64.319999999999993]
["54.001.0144-1","PARAFUSO P/FLANGE 33X130MM.","UN",74.95,null,"54.001.0144-B","PARAFUSO P/FLANGE 33X130MM.","UN",74.95]
["54.001.0145-1","PARAFUSO P/FLANGE 36X140MM.","UN",96.22,null,"54.001.0145-B","PARAFUSO P/FLANGE 36X140MM.","UN",96.22]
["54.001.0146-1","PARAFUSO P/FLANGE 39X150MM.","UN",117.49,null,"54.001.0146-B","PARAFUSO P/FLANGE 39X150MM.","UN",117.49]
["54.001.0147-1","PARAFUSO P/FLANGE 45X180MM.","UN",202.91,null,"54.001.0147-B","PARAFUSO P/FLANGE 45X180MM.","UN",202.91]
["54.001.0150-1","ARRUELA BORRACHA PARA FLANGE 450MM","UN",62.93,null,"54.001.0150-B","ARRUELA BORRACHA PARA FLANGE 450MM","UN",62.93]
["54.001.0151-1","ARRUELA DE BORRACHA PARA FLANGE 1400MM","UN",143.16,null,"54.001.0151-B","ARRUELA DE BORRACHA PARA FLANGE 1400MM","UN",143.16]
["54.001.0152-1","ARRUELA DE BORRACHA PARA FLANGE 1500MM","UN",158.91,null,"54.001.0152-B","ARRUELA DE BORRACHA PARA FLANGE 1500MM","UN",158.91]
["54.001.0154-1","DESGASTE DE DENTES E PORTA DENTES","UN",5.2,null,"54.001.0154-B","DESGASTE DE DENTES E PORTA DENTES","UN",5.2]
["54.001.0170-1","PINUS EM PECAS DE 3,75 X 22,50CM (1.1/2\"X9\")","M",16.36,null,"54.001.0170-B","PINUS EM PECAS DE 3,75 X 22,50CM (1.1/2\"X9\")","M",16.36]
["54.001.0172-1","PINUS EM PECAS DE 7,50 X 11,25CM (3\"X4.1/2\")","M",14.27,null,"54.001.0172-B","PINUS EM PECAS DE 7,50 X 11,25CM (3\"X4.1/2\")","M",14.27]
["54.001.0174-1","PINUS EM PECAS DE 7,50 X 15,00CM (3\"X6\")","M",23.78,null,"54.001.0174-B","PINUS EM PECAS DE 7,50 X 15,00CM (3\"X6\")","M",23.78]
["54.001.0176-1","PINUS EM PECAS DE 7,50 X 22,50CM (3\"X9\")","M",30.12,null,"54.001.0176-B","PINUS EM PECAS DE 7,50 X 22,50CM (3\"X9\")","M",30.12]
["54.001.0178-1","PINUS EM PECAS DE 2,50X22,50CM, (1\"X9\")","M",8.61,null,"54.001.0178-B","PINUS EM PECAS DE 2,50X22,50CM, (1\"X9\")","M",8.61]
["55.001.0010-1","PINUS,PECA 1 X 7CM","M",1.73,null,"55.001.0010-B","PINUS,PECA 1 X 7CM","M",1.73]
["55.001.0011-1","PINUS,PECA 2,5 X 5CM","M",2.04,null,"55.001.0011-B","PINUS,PECA 2,5 X 5CM","M",2.04]
["55.001.0012-1","PINUS,PECA 2,5 X 10CM.","M",4.17,null,"55.001.0012-B","PINUS,PECA 2,5 X 10CM.","M",4.17]
["55.001.0013-1","PECA DE PINUS,P/M3","M3",1726.22,null,"55.001.0013-B","PECA DE PINUS,P/M3","M3",1726.22]
["55.010.0001-1","CUSTO HORARIO P/ESCAV., CONCRETAGEM E POSICIONAMENTO DA GAIOLA DE PAREDE DIAFRAGMA","H",2478.77,null,"55.010.0001-B","CUSTO HORARIO P/ESCAV., CONCRETAGEM E POSICIONAMENTO DA GAIOLA DE PAREDE DIAFRAGMA","H",2396.37]
["55.010.0003-1","TUBO DE CONCRETO,DIAMETRO DE 500MM,INCLUSIVE FORNECIMENTO","M.",352.23,null,"55.010.0003-B","TUBO DE CONCRETO,DIAMETRO DE 500MM,INCLUSIVE FORNECIMENTO","M.",346.57]
["55.019.0010-1","LIMPEZA MANUAL DE GALERIA CIRCULAR","UN",131.63,null,"55.019.0010-B","LIMPEZA MANUAL DE GALERIA CIRCULAR","UN",122.79]
["55.100.0002-1","COMPOSICAO BASICA - ENSAIO DE LABORATORIO","UN",171.4,null,"55.100.0002-B","COMPOSICAO BASICA - ENSAIO DE LABORATORIO","UN",163.96]
["55.100.0003-1","PERFURACAO MANUAL, PRODUCAO MEDIA BRUTA EM TORNO DE 2,00M/H","H.",131.66,null,"55.100.0003-B","PERFURACAO MANUAL, PRODUCAO MEDIA BRUTA EM TORNO DE 2,00M/H","H.",129.63]
["55.100.0004-1","PERFURACAO MANUAL, PRODUCAO MEDIA BRUTA EM TORNO DE 0,50M/H","H.",130.22999999999999,null,"55.100.0004-B","PERFURACAO MANUAL, PRODUCAO MEDIA BRUTA EM TORNO DE 0,50M/H","H.",128.19999999999999]
["55.100.0005-1","CUSTO HORARIO PRODUTIVO - DIAMANTE","H",580.96,null,"55.100.0005-B","CUSTO HORARIO PRODUTIVO - DIAMANTE","H",548.53]
["55.100.0017-1","FASE DE CAMPO PARA LOCACAO DE ESTRADAS COM OROGRAFIA NAO ACIDENTADA E VEGETACAO LEVE","KM",13469.54,null,"55.100.0017-B","FASE DE CAMPO PARA LOCACAO DE ESTRADAS COM OROGRAFIA NAO ACIDENTADA E VEGETACAO LEVE","KM",12816.29]
["55.100.0019-1","NIVEL DE EIXO-ESTRADA EM TER. DE OROGRAFIA NAO ACIDENTADA EVEG. DENSA","KM",550.46,null,"55.100.0019-B","NIVEL DE EIXO-ESTRADA EM TER. DE OROGRAFIA NAO ACIDENTADA EVEG. DENSA","KM",531.45000000000005]
["55.100.0023-1","NIVEL OFF-SETS EM TERRENO DE OROGRAFIA NAO ACIDENTADA E VEGETACAO LEVE","KM",1310.3399999999999,null,"55.100.0023-B","NIVEL OFF-SETS EM TERRENO DE OROGRAFIA NAO ACIDENTADA E VEGETACAO LEVE","KM",1259.8800000000001]
["55.100.0027-1","LEVANTAMENTO DE SECAO DE ESTRADA EM TERRENO DE OROGRAFIA NAOACIDENTADA E VEGETACAO LEVE","KM",1167.1600000000001,null,"55.100.0027-B","LEVANTAMENTO DE SECAO DE ESTRADA EM TERRENO DE OROGRAFIA NAOACIDENTADA E VEGETACAO LEVE","KM",1119.6099999999999]
["55.100.0029-1","LOCACAO DE OFF-SET EM TERRENO DE OROGRAFIA NAO ACIDENTADA EVEGETACAO DENSA","KM",688.47,null,"55.100.0029-B","LOCACAO DE OFF-SET EM TERRENO DE OROGRAFIA NAO ACIDENTADA EVEGETACAO DENSA","KM",667.38]
["55.100.0031-1","FASE DE ESCRITORIO P/LOCACAO DE ESTRADAS C/OROGRAFIA NAO ACIDENTADA","KM",1884.15,null,"55.100.0031-B","FASE DE ESCRITORIO P/LOCACAO DE ESTRADAS C/OROGRAFIA NAO ACIDENTADA","KM",1758.49]
["55.100.0032-1","CUSTO HORARIO PRODUTIVO - WIDIA SOLO","H",320.27,null,"55.100.0032-B","CUSTO HORARIO PRODUTIVO - WIDIA SOLO","H",306.02999999999997]
["55.100.0033-1","CUSTO HORARIO PRODUTIVO - WIDIA ALT.","H",332.25,null,"55.100.0033-B","CUSTO HORARIO PRODUTIVO - WIDIA ALT.","H",317.39999999999998]
["55.100.0034-1","CUSTO HORARIO PRODUTIVO - WIDIA ROCHA","H",294.52,null,"55.100.0034-B","CUSTO HORARIO PRODUTIVO - WIDIA ROCHA","H",282.73]
["55.100.0035-1","CUSTO HORARIO PRODUTIVO DE PERCUSSAO","H",179.31,null,"55.100.0035-B","CUSTO HORARIO PRODUTIVO DE PERCUSSAO","H",167.86]
["55.100.0036-1","CUSTO HORARIO PRODUTIVO P/PERF. C/EQUIP. TIPO WAGON DRILL, INCL. EQUIPE E MAT.","H",391.35,null,"55.100.0036-B","CUSTO HORARIO PRODUTIVO P/PERF. C/EQUIP. TIPO WAGON DRILL, INCL. EQUIPE E MAT.","H",380.47]
["55.100.0037-1","CUSTO HORARIO IMPRODUTIVO - WAGON DRILL","H",187.26,null,"55.100.0037-B","CUSTO HORARIO IMPRODUTIVO - WAGON DRILL","H",177.38]
["55.100.0038-1","CUSTO HORARIO PRODUTIVO P/PERF. C/EQUIP. TIPO ROC-600, INCL.EQUIPE E MAT.","H",896.78,null,"55.100.0038-B","CUSTO HORARIO PRODUTIVO P/PERF. C/EQUIP. TIPO ROC-600, INCL.EQUIPE E MAT.","H",885.08]
["55.100.0039-1","CUSTO IMPRODUTIVO - WAGON DRILL","H",275.11,null,"55.100.0039-B","CUSTO IMPRODUTIVO - WAGON DRILL","H",265.23]
["55.100.0046-1","JANELAS DE CORRER C/ 2 FOLHAS, DE 150 X 150 X 3,5CM","UN",2322.1,null,"55.100.0046-B","JANELAS DE CORRER C/ 2 FOLHAS, DE 150 X 150 X 3,5CM","UN",2322.1]
["55.100.0047-1","JANELA DE CORRER C/ 4 FOLHAS, DE 200 X 150 X 3,5CM","UN",3067.17,null,"55.100.0047-B","JANELA DE CORRER C/ 4 FOLHAS, DE 200 X 150 X 3,5CM","UN",3067.17]
["55.100.0048-1","JANELA GUILHOTINA DE CEDRO, DE 100 X 150 X 3CM","UN",1415.61,null,"55.100.0048-B","JANELA GUILHOTINA DE CEDRO, DE 100 X 150 X 3CM","UN",1415.61]
["55.100.0049-1","JANELA GUILHOTINA DE CEDRO, DE 120 X 150 X 3CM","UN",1701.22,null,"55.100.0049-B","JANELA GUILHOTINA DE CEDRO, DE 120 X 150 X 3CM","UN",1701.22]
["55.100.0050-1","JANELA GUILHOTINA DE CEDRO, DE 150 X 150 X 3CM","UN",2148.2600000000002,null,"55.100.0050-B","JANELA GUILHOTINA DE CEDRO, DE 150 X 150 X 3CM","UN",2148.2600000000002]
["55.100.0051-1","PORTA DE FRISOS, DE 80 X 210 X 3,5CM","UN",1085.5,null,"55.100.0051-B","PORTA DE FRISOS, DE 80 X 210 X 3,5CM","UN",1085.5]
["55.100.0056-1","CORTE E REMOCAO DO PAV., APICOAMENTO DA LAJE, FORMAS E CONCRETAGEM DOS BERCOS C/CONCR. FCK= 25MPA - 24H, UTILIZ. GRAUTH","M",449.45,null,"55.100.0056-B","CORTE E REMOCAO DO PAV., APICOAMENTO DA LAJE, FORMAS E CONCRETAGEM DOS BERCOS C/CONCR. FCK= 25MPA - 24H, UTILIZ. GRAUTH","M",438.82]
["55.100.0058-1","VALOR P/CUSTO DE MATERIA PRIMA NACIONAL","UN",1006.97,null,"55.100.0058-B","VALOR P/CUSTO DE MATERIA PRIMA NACIONAL","UN",1006.97]
["55.100.0059-1","HORA PRODUTIVA (CP) DE CHASSIS DE CAMINHAO 7,5T, C/MOTORISTA","H",223.97,null,"55.100.0059-B","HORA PRODUTIVA (CP) DE CHASSIS DE CAMINHAO 7,5T, C/MOTORISTA","H",222]
["55.100.0060-1","HORA IMPRODUTIVA C/MOTOR FUNCIONANDO (CF) DE CHASSIS DE CAMINHAO 7,5T, C/MOTORISTA","H",98.04,null,"55.100.0060-B","HORA IMPRODUTIVA C/MOTOR FUNCIONANDO (CF) DE CHASSIS DE CAMINHAO 7,5T, C/MOTORISTA","H",96.07]
["55.100.0061-1","HORA IMPRODUTIVA C/MOTOR PARADO (CI) DE CHASSIS DE CAMINHAO7,5T, C/MOTORISTA","H",82.23,null,"55.100.0061-B","HORA IMPRODUTIVA C/MOTOR PARADO (CI) DE CHASSIS DE CAMINHAO7,5T, C/MOTORISTA","H",80.260000000000005]
["55.100.0063-1","TELA GALVANIZADA 7,5","M2",20.28,null,"55.100.0063-B","TELA GALVANIZADA 7,5","M2",20.28]
["55.100.0064-1","ARAME GALVANIZADO Nº 10","KG",11.36,null,"55.100.0064-B","ARAME GALVANIZADO Nº 10","KG",11.36]
["55.100.0065-1","SISMOGRAFO, CONTROLE DE BARULHO, CONTROLE DE PARTICULAS, CONTROLE DE GASES","UN",3.5,null,"55.100.0065-B","SISMOGRAFO, CONTROLE DE BARULHO, CONTROLE DE PARTICULAS, CONTROLE DE GASES","UN",3.5]
["55.100.0067-1","SINALIZACAO, LIMP. E CONSERVACAO DA AREA ADJACENTE, COMLURB,SEGUROS, TELAS, LONAS, CORDAS, PAIOIS, MANGUEIRAS, ETC.","UN",3094.72,null,"55.100.0067-B","SINALIZACAO, LIMP. E CONSERVACAO DA AREA ADJACENTE, COMLURB,SEGUROS, TELAS, LONAS, CORDAS, PAIOIS, MANGUEIRAS, ETC.","UN",2997.16]
["55.100.0068-1","PERFIL \"H\" DE ACO CARBONO, P/USOS GERAIS, PADRAO AMERICANO,COMPR. USUAL, PRECO DE USINA, DE 6\" X 6\". FORN.","KG",4.5,null,"55.100.0068-B","PERFIL \"H\" DE ACO CARBONO, P/USOS GERAIS, PADRAO AMERICANO,COMPR. USUAL, PRECO DE USINA, DE 6\" X 6\". FORN.","KG",4.5]
["55.100.0069-1","PERFIL \"U\" DE ACO CARBONO, P/USOS GERAIS, PADRAO AMERICANO,COMPR. USUAL, PRECO DE USINA, DE 6\" X 2\". FORN.","KG",4.38,null,"55.100.0069-B","PERFIL \"U\" DE ACO CARBONO, P/USOS GERAIS, PADRAO AMERICANO,COMPR. USUAL, PRECO DE USINA, DE 6\" X 2\". FORN.","KG",4.38]
["55.100.0070-1","BARRA CHATA DE ACO CARBONO, P/USOS GERAIS, PADRAO AMERICANO,FABRICACAO USUAL, PRECO DE USINA, DE 5\" X 1/2\". FORN.","KG",4.0599999999999996,null,"55.100.0070-B","BARRA CHATA DE ACO CARBONO, P/USOS GERAIS, PADRAO AMERICANO,FABRICACAO USUAL, PRECO DE USINA, DE 5\" X 1/2\". FORN.","KG",4.0599999999999996]
["55.100.0071-1","IMPLANTACAO DE PLACAS DE SINALIZACAO VERTICAL EM RODOVIAS,INCL.TRANSP.,C/MOTORISTA,P/DUAS CASTANHAS.","M2",56,null,"55.100.0071-B","IMPLANTACAO DE PLACAS DE SINALIZACAO VERTICAL EM RODOVIAS,INCL.TRANSP.,C/MOTORISTA,P/DUAS CASTANHAS.","M2",54.42]
["55.100.0072-1","IMPLANTACAO DE PLACAS DE SINALIZACAO VERTICAL EM RODOVIAS,INCL.TRANSP.,C/MOTORISTA,P/UM OU DOIS POSTES DE MADEIRA LEI.","M2",79.319999999999993,null,"55.100.0072-B","IMPLANTACAO DE PLACAS DE SINALIZACAO VERTICAL EM RODOVIAS,INCL.TRANSP.,C/MOTORISTA,P/UM OU DOIS POSTES DE MADEIRA LEI.","M2",77.069999999999993]
["58.002.0138-1","USINAGEM DE BRITA PARA OBTENSAO DE BRITA GRADUADA SENDO O PRECO REFERIDO AO M3 BRITA GRAD.COMPARTADA","M3",6.55,null,"58.002.0138-B","USINAGEM DE BRITA PARA OBTENSAO DE BRITA GRADUADA SENDO O PRECO REFERIDO AO M3 BRITA GRAD.COMPARTADA","M3",6.47]
["58.002.0150-1","FORMA METALICA PARA CONCRETO,COM FORNECIMENTO,CONFECCAO,MONTAGEM E DESMONTAGEM COM 25 VEZES UTILIZACAO,EXCLUSIVE ESCORAMENTO","M2",59.02,null,"58.002.0150-B","FORMA METALICA PARA CONCRETO,COM FORNECIMENTO,CONFECCAO,MONTAGEM E DESMONTAGEM COM 25 VEZES UTILIZACAO,EXCLUSIVE ESCORAMENTO","M2",58.01]
["58.002.0155-1","MEIO FIO DE CONC. SIMPLES(FCK=15 MPA), MOLDADO NO LOCAL, TIPO DER-RJ, MED. 0,15M BASE, ALT. 0,30M. FORN., ESCAV E REATER","M",90.93,null,"58.002.0155-B","MEIO FIO DE CONC. SIMPLES(FCK=15 MPA), MOLDADO NO LOCAL, TIPO DER-RJ, MED. 0,15M BASE, ALT. 0,30M. FORN., ESCAV E REATER","M",87.44]
["58.002.0304-1","ALUGUEL HORARIO PRODUTIVO DE LAMA ASFALTICA COMPREENDENDO A-PENAS DEPRECIACAO,JUROS E MANUTENCAO (EXCLUSIVE OPERACAO)","H",167.98,null,"58.002.0304-B","ALUGUEL HORARIO PRODUTIVO DE LAMA ASFALTICA COMPREENDENDO A-PENAS DEPRECIACAO,JUROS E MANUTENCAO (EXCLUSIVE OPERACAO)","H",167.98]
["58.002.0306-1","DISTANCIOMETRO ELETRONICO ACOPLADO A TEODOLITO.","H",2.7,null,"58.002.0306-B","DISTANCIOMETRO ELETRONICO ACOPLADO A TEODOLITO.","H",2.7]
["58.002.0307-1","NIVEL WILD-NA-Z","H",0.28999999999999998,null,"58.002.0307-B","NIVEL WILD-NA-Z","H",0.28999999999999998]
["58.002.0313-1","FORN E COLOC. EM ENCOSTA DE MARCOS TOPOGRAFICOS DE CONCRETOCOM PINO DE REFERENCIA DE LATAO.","UN",96.95,null,"58.002.0313-B","FORN E COLOC. EM ENCOSTA DE MARCOS TOPOGRAFICOS DE CONCRETOCOM PINO DE REFERENCIA DE LATAO.","UN",91.58]
["58.002.0315-1","BASE DE BRITA CORRIDA INCLUSIVE FORNECIMENTO DOS MATERIAISMEDIDA APOS A COMPACTACAO.","M3.",201.37,null,"58.002.0315-B","BASE DE BRITA CORRIDA INCLUSIVE FORNECIMENTO DOS MATERIAISMEDIDA APOS A COMPACTACAO.","M3.",201.09]
["58.002.0316-1","REVESTIMENTO D/CONCRETO BETUMINOSO USINADO A QUENTE COM 5CMDE ESPESSURA EXCLUIDO O TRANSPORTE D/USINA PARA A PISTA.","M2.",56.62,null,"58.002.0316-B","REVESTIMENTO D/CONCRETO BETUMINOSO USINADO A QUENTE COM 5CMDE ESPESSURA EXCLUIDO O TRANSPORTE D/USINA PARA A PISTA.","M2.",56.34]
["58.002.0318-1","REGULARIZACAO DE SUB-LEITO DE ACORDO COM O DER-RJ EXCLUSIVETRANSPORTE E ESCAVACAO DE CORRETIVOS.","M2.",2.2599999999999998,null,"58.002.0318-B","REGULARIZACAO DE SUB-LEITO DE ACORDO COM O DER-RJ EXCLUSIVETRANSPORTE E ESCAVACAO DE CORRETIVOS.","M2.",2.23]
["58.002.0319-1","IMPRIMACAO DE BASE DE PAVIMENTACAO DE ACORDO COM AS INSTRUCOES PARA EXECUCAO DO DER-RJ","M2.",10.67,null,"58.002.0319-B","IMPRIMACAO DE BASE DE PAVIMENTACAO DE ACORDO COM AS INSTRUCOES PARA EXECUCAO DO DER-RJ","M2.",10.66]
["58.002.0323-1","PAVIMENTACAO COM PARALELEPIPEDOS (EXCLUSIVE TRANSPORTE DO PARALELEPIPEDO),SENDO REJUNTAMENTO COM BETUME E CASCALHINHO","M2",146.62,null,"58.002.0323-B","PAVIMENTACAO COM PARALELEPIPEDOS (EXCLUSIVE TRANSPORTE DO PARALELEPIPEDO),SENDO REJUNTAMENTO COM BETUME E CASCALHINHO","M2",143.66999999999999]
["58.002.0325-1","CAPA SELANTE C/APLICACAO ASFALTO NIPROPORCAO 1,1 A 1,4 LITRO/M2,DISTRIBUICAO AGREGADOS (5 A 15KG/M2) COMPACT-ROLO.","M2.",6.42,null,"58.002.0325-B","CAPA SELANTE C/APLICACAO ASFALTO NIPROPORCAO 1,1 A 1,4 LITRO/M2,DISTRIBUICAO AGREGADOS (5 A 15KG/M2) COMPACT-ROLO.","M2.",6.41]
["58.002.0326-1","PINTURA DE LIGACAO DE ACORDO COM AS INSTRUCOES PARA EXECUCAODO DER-RJ","M2.",2.2400000000000002,null,"58.002.0326-B","PINTURA DE LIGACAO DE ACORDO COM AS INSTRUCOES PARA EXECUCAODO DER-RJ","M2.",2.23]
["58.002.0327-1","MEIO-FIO RETO DE CONCRETO SIMPLES(FCK=15MPa)DE 0,15M NA BASEE 0,45M DE ALTURA REJUNT.ARGAM.CIM.AR.1:3,5.","M.",133.41,null,"58.002.0327-B","MEIO-FIO RETO DE CONCRETO SIMPLES(FCK=15MPa)DE 0,15M NA BASEE 0,45M DE ALTURA REJUNT.ARGAM.CIM.AR.1:3,5.","M.",128.30000000000001]
["58.002.0328-1","MEIO-FIO CONCRETO SIMPLES(FCK=13,5MPa)TIPO DER-RJ,0,15M BASE0,30M ALTURA REJUNTAMENTO CIM.AREIA 1:3,5","M.",91.08,null,"58.002.0328-B","MEIO-FIO CONCRETO SIMPLES(FCK=13,5MPa)TIPO DER-RJ,0,15M BASE0,30M ALTURA REJUNTAMENTO CIM.AREIA 1:3,5","M.",87.58]
["58.002.0329-1","CUSTO PRUDUTIVO DE PARALISACAO,DESLOC.OU INST.DE EQUIPAMENTODE SONDAGEM A PERCUSSAO,INC. O EQUIP.E A EQUIPE A DISP.","H",144.94,null,"58.002.0329-B","CUSTO PRUDUTIVO DE PARALISACAO,DESLOC.OU INST.DE EQUIPAMENTODE SONDAGEM A PERCUSSAO,INC. O EQUIP.E A EQUIPE A DISP.","H",135.4]
["58.002.0330-1","CUSTO IMPRODUTIVO PARALISACAO,DESLOCAMENTOS/INSTALACAO DEEQUIPAM.SONDAGEM ROTATIVA C/EQUIPAMENTO/EQUIPE OPERACAO.","H",160.31,null,"58.002.0330-B","CUSTO IMPRODUTIVO PARALISACAO,DESLOCAMENTOS/INSTALACAO DEEQUIPAM.SONDAGEM ROTATIVA C/EQUIPAMENTO/EQUIPE OPERACAO.","H",150.44999999999999]
["58.002.0331-1","MOLDAGEM E COLETA DE CORPO DE PROVA DE CONCRETO,EXEC.POR FIR","UN",77.34,null,"58.002.0331-B","MOLDAGEM E COLETA DE CORPO DE PROVA DE CONCRETO,EXEC.POR FIR","UN",75.03]
["58.002.0332-1","MOLDAGEM E COLETA DE CORPO DE PROVA,CONSIDERANDO O TRANSPORTE PARA UMA DISTANCIA DE ATE 100KM","UN",124.69,null,"58.002.0332-B","MOLDAGEM E COLETA DE CORPO DE PROVA,CONSIDERANDO O TRANSPORTE PARA UMA DISTANCIA DE ATE 100KM","UN",121.69]
["58.002.0333-1","MOLDAGEM E COLETA DE CORPO DE PROVA DE CONCRETO EXECUTADOPOR FIRMA ESPECIALIZADA COM TRANSPORTE ATE 250KM.","UN",268.43,null,"58.002.0333-B","MOLDAGEM E COLETA DE CORPO DE PROVA DE CONCRETO EXECUTADOPOR FIRMA ESPECIALIZADA COM TRANSPORTE ATE 250KM.","UN",263.33]
["58.002.0336-1","CONFECCAO DE RAMPA DE TERRA PARA SUBIDA E DESCIDA DE EQUIPAMENTO PESADO EM CARRETA","UN/T",54.8,null,"58.002.0336-B","CONFECCAO DE RAMPA DE TERRA PARA SUBIDA E DESCIDA DE EQUIPAMENTO PESADO EM CARRETA","UN/T",51.56]
["58.002.0337-1","REVESTIMENTO TIPO LAMA ASFALTICA FINA CONFORME INSTRUCAO DER-RJ,EXCLUSIVE FORNECIMENTO E TRANSPORTE MATERIAIS","M2",4.1399999999999997,null,"58.002.0337-B","REVESTIMENTO TIPO LAMA ASFALTICA FINA CONFORME INSTRUCAO DER-RJ,EXCLUSIVE FORNECIMENTO E TRANSPORTE MATERIAIS","M2",4.0599999999999996]
["58.002.0339-1","BARRA ACO CA-25 REDONDA SEM SALIENCIA OU MOSSA, DIAMETRO DE6,3MM A 8,0MM (1/4 A 5/16).","KG.",6.98,null,"58.002.0339-B","BARRA ACO CA-25 REDONDA SEM SALIENCIA OU MOSSA, DIAMETRO DE6,3MM A 8,0MM (1/4 A 5/16).","KG.",6.98]
["58.002.0343-1","LIMPEZA SUPERFICIE METALICA,EM PONTES,VIADUTOS OU ESTRUTURASEMELHANTE,UTILIZ.LIXADEIRA/RASPADEIRA,PRODUCAO DE 280M2/M.","M2",48.99,null,"58.002.0343-B","LIMPEZA SUPERFICIE METALICA,EM PONTES,VIADUTOS OU ESTRUTURASEMELHANTE,UTILIZ.LIXADEIRA/RASPADEIRA,PRODUCAO DE 280M2/M.","M2",45.7]
["58.002.0350-1","ASSENTAMENTO DE TUBULACAO DE CHAPA DE ACO DE 1/4\" ESPESSURACOM 6,00M DE COMPRIMENTO,400MM DIAMETRO,SOLDA,EXCLUS.TUBOS","M",113.67,null,"58.002.0350-B","ASSENTAMENTO DE TUBULACAO DE CHAPA DE ACO DE 1/4\" ESPESSURACOM 6,00M DE COMPRIMENTO,400MM DIAMETRO,SOLDA,EXCLUS.TUBOS","M",109.16]
["58.002.0352-1","TUBO CA-1 CONC.ARM.P/GALERIAS AGUAS PLUVIAIS COM 1,00M DIAM.FORN.MAT.C/CIM/AREIA 1:4 FORNEC. E ASSENTAM.","M.",1274.56,null,"58.002.0352-B","TUBO CA-1 CONC.ARM.P/GALERIAS AGUAS PLUVIAIS COM 1,00M DIAM.FORN.MAT.C/CIM/AREIA 1:4 FORNEC. E ASSENTAM.","M.",1261.03]
["58.002.0355-1","CRAVACAO DE PERFIL DE ACO I DE 10\" E 12\"","M",134.71,null,"58.002.0355-B","CRAVACAO DE PERFIL DE ACO I DE 10\" E 12\"","M",130.80000000000001]
["58.002.0357-1","CRAVACAO DE ESTACA DE EUCALIPTO COM DIAMETRO 25CM,EXCLUSIVEESTACA","M",115.29,null,"58.002.0357-B","CRAVACAO DE ESTACA DE EUCALIPTO COM DIAMETRO 25CM,EXCLUSIVEESTACA","M",111.2]
["58.002.0376-1","PERFURACAO ROTATIVA COM COROA DE WIDIA EM SOLO, DIAMETRO,NX,HORIZONTAL, INCLUSIVE DESLOCAMENTOS E INSTALACOES","M",201.68,null,"58.002.0376-B","PERFURACAO ROTATIVA COM COROA DE WIDIA EM SOLO, DIAMETRO,NX,HORIZONTAL, INCLUSIVE DESLOCAMENTOS E INSTALACOES","M",192.11]
["58.002.0400-1","TUBO CONCRETO SIMPLES CLASSE C-1 P/COLETOR AGUAS PLUVIAIS DE0,40M DIAMETRO INCLUS.FORN.MAT.CIM/AREIA 1:4,FORN.E ASSEN.","M.",235.48,null,"58.002.0400-B","TUBO CONCRETO SIMPLES CLASSE C-1 P/COLETOR AGUAS PLUVIAIS DE0,40M DIAMETRO INCLUS.FORN.MAT.CIM/AREIA 1:4,FORN.E ASSEN.","M.",230.73]
["58.002.0401-1","TUBO CONCRETO SIMPLES CLASSE C-1 P/AGUAS PLUVIAIS DE 0,60MDIAMETRO C/FORNEC.MATERIAIS P/REJUNTAM.FORN.E ASSENTAM.","M.",410.89,null,"58.002.0401-B","TUBO CONCRETO SIMPLES CLASSE C-1 P/AGUAS PLUVIAIS DE 0,60MDIAMETRO C/FORNEC.MATERIAIS P/REJUNTAM.FORN.E ASSENTAM.","M.",403.89]
["58.002.0402-1","TUBO CA-1 CONC.ARMADO P/GALERIAS AGUAS PLUVIAIS C/0,80M DIAM. FORN.MATERIAIS COM AREIA+CIMENTO 1:4. FORNEC.E ASSENTAM.","M.",808.7,null,"58.002.0402-B","TUBO CA-1 CONC.ARMADO P/GALERIAS AGUAS PLUVIAIS C/0,80M DIAM. FORN.MATERIAIS COM AREIA+CIMENTO 1:4. FORNEC.E ASSENTAM.","M.",799.51]
["58.002.0407-1","CAIBRO 2\"X3\"","M",15.29,null,"58.002.0407-B","CAIBRO 2\"X3\"","M",15.29]
["58.002.0412-1","TACO DE ALVENARIA (2,5X10X20)CM.","UN",3.8,null,"58.002.0412-B","TACO DE ALVENARIA (2,5X10X20)CM.","UN",3.8]
["58.002.0425-1","PINTURA INTERNA/EXTERN.SOBRE FERRO C/TINTA ALQUIDICA ESMALT.BRILH.EQUIV.LAGOLINE, INCL.LIMP.LIXAM.APLIC.ZARCAO 2 DEMAOS","M2",33.01,null,"58.002.0425-B","PINTURA INTERNA/EXTERN.SOBRE FERRO C/TINTA ALQUIDICA ESMALT.BRILH.EQUIV.LAGOLINE, INCL.LIMP.LIXAM.APLIC.ZARCAO 2 DEMAOS","M2",31.6]
["58.002.0428-1","MACARANDUBA APARELHADA DE 3\" X 9\"","M",86.41,null,"58.002.0428-B","MACARANDUBA APARELHADA DE 3\" X 9\"","M",86.41]
["58.002.0429-1","MACARANDUBA APARELHADA 1,5 X 4,0CM","M",4.63,null,"58.002.0429-B","MACARANDUBA APARELHADA 1,5 X 4,0CM","M",4.63]
["58.002.0430-1","MACARANDUBA APARELHADA DE 2,0 X 10,0CM","M",25.4,null,"58.002.0430-B","MACARANDUBA APARELHADA DE 2,0 X 10,0CM","M",25.4]
["58.002.0431-1","MACARANDUBA APARELHADA DE 1 1/2\" x 3\"","M",13.8,null,"58.002.0431-B","MACARANDUBA APARELHADA DE 1 1/2\" x 3\"","M",13.8]
["58.002.0432-1","MACARANDUBA APARELHADA DE 3\" X 12\"","M",114,null,"58.002.0432-B","MACARANDUBA APARELHADA DE 3\" X 12\"","M",114]
["58.002.0433-1","MACARANDUBA APARELHADA DE 3\" X 3\"","M",23.23,null,"58.002.0433-B","MACARANDUBA APARELHADA DE 3\" X 3\"","M",23.23]
["58.002.0434-1","MACARANDUBA APARELHADA DE 3\" X 4 1/2\"","M",39.36,null,"58.002.0434-B","MACARANDUBA APARELHADA DE 3\" X 4 1/2\"","M",39.36]
["58.002.0435-1","MACARANDUBA APARELHADA DE 3\" X 6\"","M",54.98,null,"58.002.0435-B","MACARANDUBA APARELHADA DE 3\" X 6\"","M",54.98]
["58.002.0436-1","MACARANDUBA APARELHADA DE 2\" X 3\"","M",18.350000000000001,null,"58.002.0436-B","MACARANDUBA APARELHADA DE 2\" X 3\"","M",18.350000000000001]
["58.002.0437-1","FABRICACAO DE ESCAMA DE CONCRETO ARMADO PARA SOLO REFORCADOCOM FITA METALICA - 2 A 5 CHUMBADORES","M3",1638.28,null,"58.002.0437-B","FABRICACAO DE ESCAMA DE CONCRETO ARMADO PARA SOLO REFORCADOCOM FITA METALICA - 2 A 5 CHUMBADORES","M3",1600.84]
["58.002.0438-1","MONTAGEM DE ESCAMAS DE CONCRETO","M2",75.33,null,"58.002.0438-B","MONTAGEM DE ESCAMAS DE CONCRETO","M2",73.540000000000006]
["58.002.0439-1","MOLDES METALICOS PARA SOLO REFORCADO COM FITA METALICA","M3",72.16,null,"58.002.0439-B","MOLDES METALICOS PARA SOLO REFORCADO COM FITA METALICA","M3",70.260000000000005]
["58.002.0440-1","TRAVAMENTO E NIVELAMENTO DE ESCAMA DE CONCRETO ARMADO","M2",21.48,null,"58.002.0440-B","TRAVAMENTO E NIVELAMENTO DE ESCAMA DE CONCRETO ARMADO","M2",20.48]
["58.002.0441-1","TRAVADOR DE MADEIRA PARA ESCAMAS DE CONCRETO ARMADO - UTILIZACAO DE 10 VEZES","UN",14.06,null,"58.002.0441-B","TRAVADOR DE MADEIRA PARA ESCAMAS DE CONCRETO ARMADO - UTILIZACAO DE 10 VEZES","UN",13.55]
["58.002.0500-1","FABRICACAO DE CONJUNTO DE MODULO METALICO,COMPRIMENTO DE 3,00M E ALTURA DE 2,40M (ESTRONCAS DE 2,00M)","UN",22477.13,null,"58.002.0500-B","FABRICACAO DE CONJUNTO DE MODULO METALICO,COMPRIMENTO DE 3,00M E ALTURA DE 2,40M (ESTRONCAS DE 2,00M)","UN",22375.439999999999]
["58.002.0505-1","FABRICACAO DE CONJUNTO DE MODULO METALICO,COMPRIMENTO DE 3,60M E ALTURA DE 3,00M (ESTRONCAS DE 2,00M)","UN",31565.81,null,"58.002.0505-B","FABRICACAO DE CONJUNTO DE MODULO METALICO,COMPRIMENTO DE 3,60M E ALTURA DE 3,00M (ESTRONCAS DE 2,00M)","UN",31409.47]
["58.002.0510-1","FORMA METALICA PARA ADUELAS DE BUEIROS CELULARES DE CONCRETOPRE-MOLDADOS - UTILIZACAO DE 100 VEZES - CONFECCAO,INSTALACAO E RETIRADA","M2",15.85,null,"58.002.0510-B","FORMA METALICA PARA ADUELAS DE BUEIROS CELULARES DE CONCRETOPRE-MOLDADOS - UTILIZACAO DE 100 VEZES - CONFECCAO,INSTALACAO E RETIRADA","M2",15.2]
["58.002.0530-1","SOLDA ELETRICA DE PERFIS METALICOS E CHAPAS DE ACO COM ELETRODO","KG",147.08000000000001,null,"58.002.0530-B","SOLDA ELETRICA DE PERFIS METALICOS E CHAPAS DE ACO COM ELETRODO","KG",144.35]
["59.003.0010-1","PINUS,PECA 1\" X 12\" E 1\" X 9\".","M2",40.68,null,"59.003.0010-B","PINUS,PECA 1\" X 12\" E 1\" X 9\".","M2",40.68]
["59.003.0050-1","ESTACA MANGUE","UN",1.94,null,"59.003.0050-B","ESTACA MANGUE","UN",1.94]
["59.003.0060-1","CONCRETO DOSADO RACIONALMENTE PARA UMA RESISTENCIA A COMPRESSAO DE 15MPA,USANDO AGREGADO GRAUDO (BRITA 0),COMPREENDENDOAPENAS O FORNECIMENTO DOS MATERIAIS,INCLUSIVE 5% DE PERDAS.","M3",378.99,null,"59.003.0060-B","CONCRETO DOSADO RACIONALMENTE PARA UMA RESISTENCIA A COMPRESSAO DE 15MPA,USANDO AGREGADO GRAUDO (BRITA 0),COMPREENDENDOAPENAS O FORNECIMENTO DOS MATERIAIS,INCLUSIVE 5% DE PERDAS.","M3",378.99]

{"sheet":"SCO_SERV_CONJ_052025","index":9,"n_rows":4963,"n_cols":9,"rows_kept":4963,"cut":false,"hidden":true,"merged":[[0,5,0,8],[0,0,0,3]]}
["NÃO DESONERADO - SCO",null,null,null,null,"DESONERADO - SCO "]
["CÓDIGO","DESCRIÇÃO","UNID","PREÇOS 05/2025",null,"CÓDIGO","DESCRIÇÃO","UNID","PREÇOS 05/2025"]
["AD 05.05.0050","ANÁLISE GRANULOMÉTRICA SEM SEDIMENTAÇÃO.","UN","   296,04",null,"AD 04.05.0050","ANÁLISE GRANULOMÉTRICA SEM SEDIMENTAÇÃO.(DESONERADO)","UN","   267,45"]
["AD 05.05.0053","ANÁLISE GRANULOMÉTRICA COMPLETA, EM AMOSTRA DE SOLO, DE ACORDO COM A NBR7181 E NBR6457, COMPREENDENDO AS FASES DE PENEIRAMENTO E SEDIMENTAÇÃO, QUANDO CONSTATADA A PRESENÇA DE PARTÍCULAS FINAS EM SUA COMPOSIÇÃO.","UN","   467,26",null,"AD 04.05.0053","ANÁLISE GRANULOMÉTRICA COMPLETA, EM AMOSTRA DE SOLO, DE ACORDO COM A NBR7181 E NBR6457, COMPREENDENDO AS FASES DE PENEIRAMENTO E SEDIMENTAÇÃO, QUANDO CONSTATADA A PRESENÇA DE PARTÍCULAS FINAS EM SUA COMPOSIÇÃO.(DESONERADO)","UN","   422,14"]
["AD 05.05.0100","ENSAIO DE ADENSAMENTO ENDOMÉTRICO EM AMOSTRA DE SOLO, ENVOLVENDO, NO MÍNIMO, 10 ESTÁGIOS DE CARGA, INCLUSIVE UM LAÇO DE DESCARREGAMENTO E RECARREGAMENTO, DE ACORDO COM AS RECOMENDAÇÕES ESTABELECIDAS NA NBR12007.","UN","  2209,88",null,"AD 04.05.0100","ENSAIO DE ADENSAMENTO ENDOMÉTRICO EM AMOSTRA DE SOLO, ENVOLVENDO, NO MÍNIMO, 10 ESTÁGIOS DE CARGA, INCLUSIVE UM LAÇO DE DESCARREGAMENTO E RECARREGAMENTO, DE ACORDO COM AS RECOMENDAÇÕES ESTABELECIDAS NA NBR12007.(DESONERADO)","UN","  1996,51"]
["AD 05.05.0150","ENSAIO DE CIZALHAMENTO DIRETO EM SOLO, COM, NO MÍNIMO, 3 NÍVEIS DE TENSÃO NORMAL APLICADA À AMOSTRA E COM APRESENTAÇÃO DAS CURVAS DE TENSÃO CISALHANTE POR DESLOCAMENTO HORIZONTAL E DESLOCAMENTO VERTICAL POR DESLOCAMENTO HORIZONTAL, EM MM, PARA CADA UM DOS 3 NÍVEIS DE TENSÃO.","UN","  2021,05",null,"AD 04.05.0150","ENSAIO DE CIZALHAMENTO DIRETO EM SOLO, COM, NO MÍNIMO, 3 NÍVEIS DE TENSÃO NORMAL APLICADA À AMOSTRA E COM APRESENTAÇÃO DAS CURVAS DE TENSÃO CISALHANTE POR DESLOCAMENTO HORIZONTAL E DESLOCAMENTO VERTICAL POR DESLOCAMENTO HORIZONTAL, EM MM, PARA CADA UM DOS 3 NÍVEIS DE TENSÃO.(DESONERADO)","UN","  1825,92"]
["AD 05.05.0200","ENSAIO DE LABORATÓRIO, PARA DETERMINAÇÃO DA DENSIDADE REAL DOS GRÃOS DE AMOSTRA DE SOLO, DE ACORDO COM AS RECOMENDAÇÕES DE PREPARO DESCRITAS NA NBR6457.","UN","   246,43",null,"AD 04.05.0200","ENSAIO DE LABORATÓRIO, PARA DETERMINAÇÃO DA DENSIDADE REAL DOS GRÃOS DE AMOSTRA DE SOLO, DE ACORDO COM AS RECOMENDAÇÕES DE PREPARO DESCRITAS NA NBR6457.(DESONERADO)","UN","   222,64"]
["AD 05.05.0250","ENSAIO PARA DETERMINAÇÃO, EM LABORATÓRIO, DO LIMITE DE LIQUIDEZ DE AMOSTRA DE SOLO FINO, DE ACORDO COM AS RECOMENDAÇÕES DA NBR7180 E DA NBR6457.","UN","   179,22",null,"AD 04.05.0250","ENSAIO PARA DETERMINAÇÃO, EM LABORATÓRIO, DO LIMITE DE LIQUIDEZ DE AMOSTRA DE SOLO FINO, DE ACORDO COM AS RECOMENDAÇÕES DA NBR7180 E DA NBR6457.(DESONERADO)","UN","   161,92"]
["AD 05.05.0300","ENSAIO PARA DETERMINAÇÃO, EM LABORATÓRIO, DO LIMITE DE PLASTICIDADE DE AMOSTRA DE SOLO FINO, DE ACORDO COM AS RECOMENDAÇÕES DA NBR7180 E DA NBR6457.","UN","   179,22",null,"AD 04.05.0300","ENSAIO PARA DETERMINAÇÃO, EM LABORATÓRIO, DO LIMITE DE PLASTICIDADE DE AMOSTRA DE SOLO FINO, DE ACORDO COM AS RECOMENDAÇÕES DA NBR7180 E DA NBR6457.(DESONERADO)","UN","   161,92"]
["AD 05.05.0325","ENSAIO PARA DETERMINAÇÃO DE MASSA ESPECÍFICA APARENTE \"IN SITU\" (DPTM-92/64).","UN","    99,21",null,"AD 04.05.0325","ENSAIO PARA DETERMINAÇÃO DE MASSA ESPECÍFICA APARENTE \"IN SITU\" (DPTM-92/64).(DESONERADO)","UN","    89,63"]
["AD 05.05.0350","ENSAIO PARA DETERMINAÇÃO, EM LABORATÓRIO, DO PESO ESPECÍFICO APARENTE DE AMOSTRA DE SOLO, DE ACORDO COM AS RECOMENDAÇÕES DA NBR6457.","UN","    99,21",null,"AD 04.05.0350","ENSAIO PARA DETERMINAÇÃO, EM LABORATÓRIO, DO PESO ESPECÍFICO APARENTE DE AMOSTRA DE SOLO, DE ACORDO COM AS RECOMENDAÇÕES DA NBR6457.(DESONERADO)","UN","    89,63"]
["AD 05.05.0450","ENSAIO PARA DETERMINAÇÃO DO ÍNDICE DE SUPORTE CALIFÓRNIA (CBR) - 3 PONTOS - OBTIDO COM ENERGIA PROCTOR NORMAL, ATRAVÉS DE, NO MÍNIMO, 5 CORPOS DE PROVA, CONFORME RECOMENDAÇÕES DA NBR9895.","UN","  1798,62",null,"AD 04.05.0450","ENSAIO PARA DETERMINAÇÃO DO ÍNDICE DE SUPORTE CALIFÓRNIA (CBR) - 3 PONTOS - OBTIDO COM ENERGIA PROCTOR NORMAL, ATRAVÉS DE, NO MÍNIMO, 5 CORPOS DE PROVA, CONFORME RECOMENDAÇÕES DA NBR9895.(DESONERADO)","UN","  1624,97"]
["AD 05.05.0500","ENSAIO PARA DETERMINAÇÃO, NO CAMPO, DA UMIDADE APARENTE DO SOLO, ATRAVÉS DO MÉTODO \"SPEEDY\".","UN","    62,41",null,"AD 04.05.0500","ENSAIO PARA DETERMINAÇÃO, NO CAMPO, DA UMIDADE APARENTE DO SOLO, ATRAVÉS DO MÉTODO \"SPEEDY\".(DESONERADO)","UN","    56,38"]
["AD 05.05.0550","ENSAIO PARA DETERMINAÇÃO DA UMIDADE NATURAL DE AMOSTRAS DE SOLO, EM LABORATÓRIO.","UN","    92,81",null,"AD 04.05.0550","ENSAIO PARA DETERMINAÇÃO DA UMIDADE NATURAL DE AMOSTRAS DE SOLO, EM LABORATÓRIO.(DESONERADO)","UN","    83,85"]
["AD 05.05.0600","EXTRAÇÃO E ACONDICIONAMENTO DE AMOSTRA INDEFORMADA DE SOLO, COM PISTÃO ESTACIONÁRIO DE 100MM E DE ACORDO COM AS RECOMENDAÇÕES ESTABELECIDAS NA NBR9820.","UN","   467,26",null,"AD 04.05.0600","EXTRAÇÃO E ACONDICIONAMENTO DE AMOSTRA INDEFORMADA DE SOLO, COM PISTÃO ESTACIONÁRIO DE 100MM E DE ACORDO COM AS RECOMENDAÇÕES ESTABELECIDAS NA NBR9820.(DESONERADO)","UN","   422,14"]
["AD 05.05.0650","INSTALAÇÃO DE MEDIDOR DE NÍVEL DE ÁGUA, INCLUSIVE TRANSPORTE DA EQUIPE.","M","   297,44",null,"AD 04.05.0650","INSTALAÇÃO DE MEDIDOR DE NÍVEL DE ÁGUA, INCLUSIVE TRANSPORTE DA EQUIPE.(DESONERADO)","M","   285,00"]
["AD 05.05.0700","SONDAGEM MANUAL COM PÁ E PICARETA, POR METRO LINEAR OU FRAÇÃO.","M","   246,43",null,"AD 04.05.0700","SONDAGEM MANUAL COM PÁ E PICARETA, POR METRO LINEAR OU FRAÇÃO.(DESONERADO)","M","   222,64"]
["AD 05.05.0703","SONDAGEM MANUAL COM TRADO E CAVADEIRA, POR METRO LINEAR OU FRAÇÃO.","M","   209,63",null,"AD 04.05.0703","SONDAGEM MANUAL COM TRADO E CAVADEIRA, POR METRO LINEAR OU FRAÇÃO.(DESONERADO)","M","   189,39"]
["AD 05.05.0706","SONDAGEM DE RECONHECIMENTO, A TRADO MANUAL, COM DIÂMETRO DE 100MM.","M","   183,03",null,"AD 04.05.0706","SONDAGEM DE RECONHECIMENTO, A TRADO MANUAL, COM DIÂMETRO DE 100MM.(DESONERADO)","M","   167,45"]
["AD 05.10.0050","SONDAGEM ROTATIVA VERTICAL, EM ROCHA ALTERADA, COM COROA DE WÍDIA OU SIMILAR, DIÂMETRO B (60MM), INCLUSIVE DESLOCAMENTO E POSICIONAMENTO EM CADA FURO.","M","   370,12",null,"AD 04.10.0050","SONDAGEM ROTATIVA VERTICAL, EM ROCHA ALTERADA, COM COROA DE WÍDIA OU SIMILAR, DIÂMETRO B (60MM), INCLUSIVE DESLOCAMENTO E POSICIONAMENTO EM CADA FURO.(DESONERADO)","M","   349,59"]
["AD 05.10.0100","SONDAGEM ROTATIVA VERTICAL, EM ROCHA ALTERADA, COM COROA DE WÍDIA OU SIMILAR, DIÂMETRO N (75MM), INCLUSIVE DESLOCAMENTO E POSICIONAMENTO EM CADA FURO.","M","   431,92",null,"AD 04.10.0100","SONDAGEM ROTATIVA VERTICAL, EM ROCHA ALTERADA, COM COROA DE WÍDIA OU SIMILAR, DIÂMETRO N (75MM), INCLUSIVE DESLOCAMENTO E POSICIONAMENTO EM CADA FURO.(DESONERADO)","M","   407,97"]
["AD 05.10.0150","SONDAGEM ROTATIVA VERTICAL, EM SOLO, COM COROA DE  WÍDIA OU SIMILAR, DIÂMETRO B (60MM), INCLUSIVE DESLOCAMENTO E POSICIONAMENTO EM CADA FURO.","M","   211,10",null,"AD 04.10.0150","SONDAGEM ROTATIVA VERTICAL, EM SOLO, COM COROA DE  WÍDIA OU SIMILAR, DIÂMETRO B (60MM), INCLUSIVE DESLOCAMENTO E POSICIONAMENTO EM CADA FURO.(DESONERADO)","M","   199,38"]
["AD 05.10.0200","SONDAGEM ROTATIVA VERTICAL, EM SOLO, COM COROA DE  WÍDIA OU SIMILAR, DIÂMETRO N (75MM), INCLUSIVE DESLOCAMENTO E POSICIONAMENTO EM CADA FURO.","M","   228,00",null,"AD 04.10.0200","SONDAGEM ROTATIVA VERTICAL, EM SOLO, COM COROA DE  WÍDIA OU SIMILAR, DIÂMETRO N (75MM), INCLUSIVE DESLOCAMENTO E POSICIONAMENTO EM CADA FURO.(DESONERADO)","M","   215,34"]
["AD 05.15.0050","SONDAGEM ROTATIVA COM COROA DE DIAMANTE, EM ROCHA SÃ, DIÂMETRO HW, INCLINADA (QUALQUER INCLINAÇÃO DIFERENTE DA VERTICAL), INCLUSIVE DESLOCAMENTO DENTRO DO CANTEIRO E INSTALAÇÃO DA SONDA NO FURO.","M","  1621,02",null,"AD 04.15.0050","SONDAGEM ROTATIVA COM COROA DE DIAMANTE, EM ROCHA SÃ, DIÂMETRO HW, INCLINADA (QUALQUER INCLINAÇÃO DIFERENTE DA VERTICAL), INCLUSIVE DESLOCAMENTO DENTRO DO CANTEIRO E INSTALAÇÃO DA SONDA NO FURO.(DESONERADO)","M","  1538,82"]
["AD 05.15.0100","SONDAGEM ROTATIVA COM COROA DE DIAMANTE, EM ROCHA SÃ, DIÂMETRO NW, INCLINADA (QUALQUER INCLINAÇÃO DIFERENTE DA VERTICAL), INCLUSIVE DESLOCAMENTO DENTRO DO CANTEIRO E INSTALAÇÃO DA SONDA NO FURO.","M","  1183,25",null,"AD 04.15.0100","SONDAGEM ROTATIVA COM COROA DE DIAMANTE, EM ROCHA SÃ, DIÂMETRO NW, INCLINADA (QUALQUER INCLINAÇÃO DIFERENTE DA VERTICAL), INCLUSIVE DESLOCAMENTO DENTRO DO CANTEIRO E INSTALAÇÃO DA SONDA NO FURO.(DESONERADO)","M","  1115,98"]
["AD 05.15.0150","SONDAGEM ROTATIVA VERTICAL, EM ROCHA ALTERADA, COM COROA DE DIAMANTE, DIÂMETRO B (60MM), INCLUSIVE DESLOCAMENTO E POSICIONAMENTO EM CADA FURO.","M","   960,10",null,"AD 04.15.0150","SONDAGEM ROTATIVA VERTICAL, EM ROCHA ALTERADA, COM COROA DE DIAMANTE, DIÂMETRO B (60MM), INCLUSIVE DESLOCAMENTO E POSICIONAMENTO EM CADA FURO.(DESONERADO)","M","   904,00"]
["AD 05.15.0200","SONDAGEM ROTATIVA VERTICAL, EM ROCHA ALTERADA, COM COROA DE DIAMANTE, DIÂMETRO H (99MM),  INCLUSIVE DESLOCAMENTO E POSICIONAMENTO EM CADA FURO.","M","  1240,32",null,"AD 04.15.0200","SONDAGEM ROTATIVA VERTICAL, EM ROCHA ALTERADA, COM COROA DE DIAMANTE, DIÂMETRO H (99MM),  INCLUSIVE DESLOCAMENTO E POSICIONAMENTO EM CADA FURO.(DESONERADO)","M","  1180,75"]
["AD 05.15.0250","SONDAGEM ROTATIVA VERTICAL, EM ROCHA SÃ, COM COROA DE DIAMANTE, DIÂMETRO B (60MM), INCLUSIVE DESLOCAMENTO E POSICIONAMENTO EM CADA FURO.","M","   990,90",null,"AD 04.15.0250","SONDAGEM ROTATIVA VERTICAL, EM ROCHA SÃ, COM COROA DE DIAMANTE, DIÂMETRO B (60MM), INCLUSIVE DESLOCAMENTO E POSICIONAMENTO EM CADA FURO.(DESONERADO)","M","   935,76"]
["AD 05.15.0300","SONDAGEM ROTATIVA VERTICAL, EM ROCHA SÃ, COM COROA DE DIAMANTE, DIÂMETRO N (75MM), INCLUSIVE DESLOCAMENTO E POSICIONAMENTO EM CADA FURO.","M","  1034,41",null,"AD 04.15.0300","SONDAGEM ROTATIVA VERTICAL, EM ROCHA SÃ, COM COROA DE DIAMANTE, DIÂMETRO N (75MM), INCLUSIVE DESLOCAMENTO E POSICIONAMENTO EM CADA FURO.(DESONERADO)","M","   975,93"]
["AD 05.15.0400","SONDAGEM ROTATIVA VERTICAL, EM ROCHA SÃ, COM COROA DE DIAMANTE, DIÂMETRO H (99MM), INCLUSIVE DESLOCAMENTO E POSICIONAMENTO EM CADA FURO.","M","  1423,88",null,"AD 04.15.0400","SONDAGEM ROTATIVA VERTICAL, EM ROCHA SÃ, COM COROA DE DIAMANTE, DIÂMETRO H (99MM), INCLUSIVE DESLOCAMENTO E POSICIONAMENTO EM CADA FURO.(DESONERADO)","M","  1352,40"]
["AD 05.20.0050","SONDAGEM À PERCUSSÃO COM DIÂMETRO ATÉ 3\", COM ENSAIO DE PENETRAÇÃO (SPT) A CADA METRO, INCLUINDO RELATÓRIO CONTENDO CLASSIFICAÇÃO TÁTIL VISUAL DAS AMOSTRAS, PERFIS INDIVIDUAIS DOS FUROS, PLANTA DE LOCALIZAÇÃO E RESPECTIVAS COTAS DAS SONDAGENS.  INCLUI DESLOCAMENTO ATÉ 50M DE DISTÂNCIA E INSTALAÇÃO DO TRIPÉ EM CADA FURO DENTRO DO CANTEIRO, EXCLUINDO MOBILIZAÇÃO E DESMOBILIZAÇÃO.","M","    95,00",null,"AD 04.20.0050","SONDAGEM À PERCUSSÃO COM DIÂMETRO ATÉ 3\", COM ENS